{"text_format":"1","workbook":"xlsx","n_sheets":21,"sheets":["Copie SAI","SAI","REP","CTS","SAI copie","CTR","PRS","PRR","BRO","SAR","PRF","BH0","BV0","BV1","BV2","2021","Test Prix","art.","Feuil1","Feuil2","ART-ex"],"not_rendered":{"charts":0,"images":2,"macros":1,"external_links":0,"defined_names":11,"comments":5,"pivot_tables":1},"unopened":[],"bounds":{"document_bytes":16777216,"sheet_cells":100000,"rows_first":2000,"rows_last":500,"rows_between":2000,"halvings":0,"cell_chars":16384,"cell_head_chars":4096},"cells_cut":0,"cells_raw":0,"read":"whole","date_system":"1900"}

{"sheet":"Copie SAI","index":0,"n_rows":35,"n_cols":26,"rows_kept":35,"cut":false,"hidden":true,"merged":[[0,11,0,12],[1,11,1,12]]}
["<","SAISIE",null,null,null,null,null,null,null,"Saisir C5-Date, E5-N° Fiche, F5-Client, I5-Tarif Client, I6-Article, L6-Quantité, P5-Remise, U5-Timbre","P","Payé",null,null,null,"=SI(W5>0;Y5;0)"]
[null,null,"Sheets(\"Feuil2\").Activate\n'Range(\"C12\").Select",null,null,null,null,null,null,"VALIDER avec REPORT","C","Crédit",null,null,null,"=SIERREUR($N6*$O6;\"\")",null,null,null,"REPORT"]
[null,null,null,null,null,null,null,null,null,null,"I","Instance"]
["N° Ordre","Mois","Date","N°  Fiche","N° Fiche","Client","Réf. Art.","N° Art.","Code Article","Désignation Article","Unité","Quantité","Prix Unité HT","Montant HT Brut","Remise %","Remise Montant","Montant HT Net","Taux TVA","Montant TVA ","Montant TTC","Timbre","Montant TTC+Timbre","Total Net recherché","Montant HT ","Remise ","Indice"]
["P",{"$f":"IF(SAI_19[[#This Row],[Date]]<>\"\",MONTH(SAI_19[[#This Row],[Date]]),B4)","v":4},"2019-04-23",null,{"$f":"IF(C5=\"\",\"\",TEXT(B5,\"00\")&\"-\"&TEXT(COUNTIFS(B$5:B5,B5,C$5:C5,\">0\"),\"000\"))","v":"04-001"},"COMPTOIR Prestations","E",null,{"$f":"IFERROR(INDEX(#REF!,MATCH(F:F,#REF!,0)),\"\")","v":""},{"$f":"IF(I5=1,\"Tarif COMPTOIR\",IF(OR(I5=2),\"Tarif CONVENTION\",IF(OR(I5=3),\"Tarif SPECIAL\",\"\")))","v":""},{"$f":"IF(ISNA(INDEX(#REF!,MATCH(I5,#REF!,0))),\"\",INDEX(#REF!,MATCH(I5,#REF!,0)))","v":{"$error":"#REF!"}},null,null,{"$f":"SUMIF($D6:$D$55,$E5,N6:N$55)","v":0},{"$f":"IFERROR(P5/N5,0)","v":0},{"$f":"IF(W5>0,Y5,0)","v":0},{"$f":"N5-P5","v":0},{"$f":"R6","v":{"$error":"#REF!"}},{"$f":"IFERROR(Q5*R5,\"\")","v":""},{"$f":"IFERROR(Q5+S5,\"\")","v":""},{"$f":"IF(G5=\"E\",ROUNDDOWN(T5*0.01,0),\"0.00\")","v":{"$error":"#VALUE!"}},{"$f":"IFERROR(T5+U5,\"\")","v":""},null,{"$f":"SAI_19[[#This Row],[Montant HT Net]]","v":0},{"$f":"N5-W5/1.19","v":0},{"$f":"A5","v":"P"}]
[{"$f":"IF(ISNA(INDEX(#REF!,MATCH(D629,#REF!,0))),\"\",INDEX(#REF!,MATCH(D629,#REF!,0)))","v":{"$error":"#REF!"}},{"$f":"IF(SAI_19[[#This Row],[Date]]<>\"\",MONTH(SAI_19[[#This Row],[Date]]),B5)","v":4},null,{"$f":"IF(E6<>\"\",\"\",IF(D5=\"\",E5,D5))","v":"04-001"},null,null,{"$f":"IF(ISNA(INDEX(#REF!,MATCH(I6,#REF!,0))),\"\",INDEX(#REF!,MATCH(I6,#REF!,0)))","v":{"$error":"#REF!"}},{"$f":"H5+1","v":"1900-01-01"},"tp",{"$f":"IF(ISNA(INDEX(#REF!,MATCH(I6,#REF!,0))),\"\",INDEX(#REF!,MATCH(I6,#REF!,0)))","v":{"$error":"#REF!"}},{"$f":"IF(ISNA(INDEX(#REF!,MATCH(I6,#REF!,0))),\"\",INDEX(#REF!,MATCH(I6,#REF!,0)))","v":{"$error":"#REF!"}},24,{"$f":"IF(ISERROR(VLOOKUP($I6,#REF!,4+OFFSET($D:$D,MATCH($D6,$D:$D,0)-2,8,1,1),FALSE)),\"\",(VLOOKUP($I6,#REF!,4+OFFSET($D:$D,MATCH($D6,$D:$D,0)-2,8,1,1),FALSE)))","v":""},{"$f":"IFERROR(L6*M6,\"\")","v":""},{"$f":"IF(E6<>\"\",\"\",IF(O5=\"\",O5,O5))","v":0},{"$f":"IFERROR($N6*$O6,\"\")","v":""},{"$f":"IF($N6=\"\",\"\",$N6-$P6)","v":""},{"$f":"IF(ISNA(INDEX(#REF!,MATCH(I6,#REF!,0))),\"\",INDEX(#REF!,MATCH(I6,#REF!,0)))","v":{"$error":"#REF!"}},{"$f":"IF($Q6=\"\",\"\",$Q6*$R6)","v":""},{"$f":"IF($Q6=\"\",\"\",$Q6+$S6)","v":""},null,"",null,null,null,{"$f":"D6","v":"04-001"}]
[null,{"$f":"IF(SAI_19[[#This Row],[Date]]<>\"\",MONTH(SAI_19[[#This Row],[Date]]),B6)","v":4},null,{"$f":"IF(E7<>\"\",\"\",IF(D6=\"\",E6,D6))","v":"04-001"},null,null,{"$f":"IF(ISNA(INDEX(#REF!,MATCH(I7,#REF!,0))),\"\",INDEX(#REF!,MATCH(I7,#REF!,0)))","v":{"$error":"#REF!"}},{"$f":"H6+1","v":"1900-01-02"},"i3",{"$f":"IF(ISNA(INDEX(#REF!,MATCH(I7,#REF!,0))),\"\",INDEX(#REF!,MATCH(I7,#REF!,0)))","v":{"$error":"#REF!"}},{"$f":"IF(ISNA(INDEX(#REF!,MATCH(I7,#REF!,0))),\"\",INDEX(#REF!,MATCH(I7,#REF!,0)))","v":{"$error":"#REF!"}},36,{"$f":"IF(ISERROR(VLOOKUP($I7,#REF!,4+OFFSET($D:$D,MATCH($D7,$D:$D,0)-2,8,1,1),FALSE)),\"\",(VLOOKUP($I7,#REF!,4+OFFSET($D:$D,MATCH($D7,$D:$D,0)-2,8,1,1),FALSE)))","v":""},{"$f":"IFERROR(L7*M7,\"\")","v":""},{"$f":"IF(E7<>\"\",\"\",IF(O6=\"\",O6,O6))","v":0},{"$f":"IFERROR($N7*$O7,\"\")","v":""},{"$f":"IF($N7=\"\",\"\",$N7-$P7)","v":""},{"$f":"IF(ISNA(INDEX(#REF!,MATCH(I7,#REF!,0))),\"\",INDEX(#REF!,MATCH(I7,#REF!,0)))","v":{"$error":"#REF!"}},{"$f":"IF($Q7=\"\",\"\",$Q7*$R7)","v":""},{"$f":"IF($Q7=\"\",\"\",$Q7+$S7)","v":""},null,"",null,null,null,{"$f":"D7","v":"04-001"}]
[null,{"$f":"IF(SAI_19[[#This Row],[Date]]<>\"\",MONTH(SAI_19[[#This Row],[Date]]),B7)","v":4},null,{"$f":"IF(E8<>\"\",\"\",IF(D7=\"\",E7,D7))","v":"04-001"},{"$f":"IF(C8=\"\",\"\",TEXT(B8,\"00\")&\"-\"&TEXT(COUNTIFS(B$5:B8,B8,C$5:C8,\">0\"),\"000\"))","v":""},null,{"$f":"IF(ISNA(INDEX(#REF!,MATCH(I8,#REF!,0))),\"\",INDEX(#REF!,MATCH(I8,#REF!,0)))","v":{"$error":"#REF!"}},{"$f":"H7+1","v":"1900-01-03"},"n4",{"$f":"IF(ISNA(INDEX(#REF!,MATCH(I8,#REF!,0))),\"\",INDEX(#REF!,MATCH(I8,#REF!,0)))","v":{"$error":"#REF!"}},{"$f":"IF(ISNA(INDEX(#REF!,MATCH(I8,#REF!,0))),\"\",INDEX(#REF!,MATCH(I8,#REF!,0)))","v":{"$error":"#REF!"}},48,{"$f":"IF(ISERROR(VLOOKUP($I8,#REF!,4+OFFSET($D:$D,MATCH($D8,$D:$D,0)-2,8,1,1),FALSE)),\"\",(VLOOKUP($I8,#REF!,4+OFFSET($D:$D,MATCH($D8,$D:$D,0)-2,8,1,1),FALSE)))","v":""},{"$f":"IFERROR(L8*M8,\"\")","v":""},{"$f":"IF(E8<>\"\",\"\",IF(O7=\"\",O7,O7))","v":0},{"$f":"IFERROR($N8*$O8,\"\")","v":""},{"$f":"IF($N8=\"\",\"\",$N8-$P8)","v":""},{"$f":"IF(ISNA(INDEX(#REF!,MATCH(I8,#REF!,0))),\"\",INDEX(#REF!,MATCH(I8,#REF!,0)))","v":{"$error":"#REF!"}},{"$f":"IF($Q8=\"\",\"\",$Q8*$R8)","v":""},{"$f":"IF($Q8=\"\",\"\",$Q8+$S8)","v":""},null,"",null,null,null,{"$f":"D8","v":"04-001"}]
[null,{"$f":"IF(SAI_19[[#This Row],[Date]]<>\"\",MONTH(SAI_19[[#This Row],[Date]]),B8)","v":4},null,{"$f":"IF(E9<>\"\",\"\",IF(D8=\"\",E8,D8))","v":"04-001"},{"$f":"IF(C9=\"\",\"\",TEXT(B9,\"00\")&\"-\"&TEXT(COUNTIFS(B$5:B9,B9,C$5:C9,\">0\"),\"000\"))","v":""},null,{"$f":"IF(ISNA(INDEX(#REF!,MATCH(I9,#REF!,0))),\"\",INDEX(#REF!,MATCH(I9,#REF!,0)))","v":{"$error":"#REF!"}},{"$f":"H8+1","v":"1900-01-04"},"1-p4xb",{"$f":"IF(ISNA(INDEX(#REF!,MATCH(I9,#REF!,0))),\"\",INDEX(#REF!,MATCH(I9,#REF!,0)))","v":{"$error":"#REF!"}},{"$f":"IF(ISNA(INDEX(#REF!,MATCH(I9,#REF!,0))),\"\",INDEX(#REF!,MATCH(I9,#REF!,0)))","v":{"$error":"#REF!"}},2,{"$f":"IF(ISERROR(VLOOKUP($I9,#REF!,4+OFFSET($D:$D,MATCH($D9,$D:$D,0)-2,8,1,1),FALSE)),\"\",(VLOOKUP($I9,#REF!,4+OFFSET($D:$D,MATCH($D9,$D:$D,0)-2,8,1,1),FALSE)))","v":""},{"$f":"IFERROR(L9*M9,\"\")","v":""},{"$f":"IF(E9<>\"\",\"\",IF(O8=\"\",O8,O8))","v":0},{"$f":"IFERROR($N9*$O9,\"\")","v":""},{"$f":"IF($N9=\"\",\"\",$N9-$P9)","v":""},{"$f":"IF(ISNA(INDEX(#REF!,MATCH(I9,#REF!,0))),\"\",INDEX(#REF!,MATCH(I9,#REF!,0)))","v":{"$error":"#REF!"}},{"$f":"IF($Q9=\"\",\"\",$Q9*$R9)","v":""},{"$f":"IF($Q9=\"\",\"\",$Q9+$S9)","v":""},{"$f":"IFERROR(T9*0.01,\"\")","v":""},"",null,null,null,{"$f":"D9","v":"04-001"}]
["C",{"$f":"IF(#REF!<>\"\",MONTH(#REF!),B9)","v":{"$error":"#REF!"}},"2019-04-24",null,{"$f":"IF(C10=\"\",\"\",TEXT(B10,\"00\")&\"-\"&TEXT(COUNTIFS(B$5:B10,B10,C$5:C10,\">0\"),\"000\"))","v":{"$error":"#REF!"}},"EXCELSA ALGERIA ",null,null,{"$f":"IFERROR(INDEX(#REF!,MATCH(F:F,#REF!,0)),\"\")","v":""},null,null,null,null,{"$f":"SUMIF($D11:$D$51,$E10,N11:N$51)","v":0},{"$f":"IFERROR(P10/N10,0)","v":0},{"$f":"IF(W10>0,Y10,0)","v":0},{"$f":"N10-P10","v":0},{"$f":"R11","v":{"$error":"#REF!"}},{"$f":"IFERROR(Q10*R10,\"\")","v":""},{"$f":"IFERROR(Q10+S10,\"\")","v":""},{"$f":"IF(G10=\"E\",ROUNDDOWN(T10*0.01,0),\"0.00\")","v":"0.00"},"",null,{"$f":"SAI_19[[#This Row],[Montant HT Net]]","v":0},{"$f":"N10-W10/1.19","v":0},"C"]
[{"$f":"SAI_19[[#This Row],[N°  Fiche]]","v":{"$error":"#REF!"}},{"$f":"IF(#REF!<>\"\",MONTH(#REF!),B10)","v":{"$error":"#REF!"}},null,{"$f":"IF(E11<>\"\",\"\",IF(D10=\"\",E10,D10))","v":{"$error":"#REF!"}},null,{"$f":"SUBSTITUTE(F10,\"0\",\" \")","v":"EXCELSA ALGERIA "},{"$f":"IF(ISNA(INDEX(#REF!,MATCH(I11,#REF!,0))),\"\",INDEX(#REF!,MATCH(I11,#REF!,0)))","v":{"$error":"#REF!"}},{"$f":"H10+1","v":"1900-01-01"},"GCD",{"$f":"IF(ISNA(INDEX(#REF!,MATCH(I11,#REF!,0))),\"\",INDEX(#REF!,MATCH(I11,#REF!,0)))","v":{"$error":"#REF!"}},{"$f":"IF(ISNA(INDEX(#REF!,MATCH(I11,#REF!,0))),\"\",INDEX(#REF!,MATCH(I11,#REF!,0)))","v":{"$error":"#REF!"}},1,{"$f":"IF(ISERROR(VLOOKUP($I11,#REF!,3+OFFSET($A:$A,MATCH($A11,$A:$A,0)-2,8,1,1),FALSE)),\"\",(VLOOKUP($I11,#REF!,3+OFFSET($A:$A,MATCH($A11,$A:$A,0)-2,8,1,1),FALSE)))","v":""},{"$f":"IFERROR(L11*M11,\"\")","v":""},{"$f":"IF(E11<>\"\",\"\",IF(O10=\"\",O10,O10))","v":0},{"$f":"IFERROR($N11*$O11,\"\")","v":""},{"$f":"IF($N11=\"\",\"\",$N11-$P11)","v":""},{"$f":"IF(ISNA(INDEX(#REF!,MATCH(I11,#REF!,0))),\"\",INDEX(#REF!,MATCH(I11,#REF!,0)))","v":{"$error":"#REF!"}},{"$f":"IF($Q11=\"\",\"\",$Q11*$R11)","v":""},{"$f":"IF($Q11=\"\",\"\",$Q11+$S11)","v":""},null,"",null,null,null,{"$error":"#REF!"}]
[{"$f":"A11","v":{"$error":"#REF!"}},{"$f":"IF(#REF!<>\"\",MONTH(#REF!),B11)","v":{"$error":"#REF!"}},null,{"$error":"#REF!"},null,{"$f":"SUBSTITUTE(F11,\"0\",\" \")","v":"EXCELSA ALGERIA "},{"$f":"IF(ISNA(INDEX(#REF!,MATCH(I12,#REF!,0))),\"\",INDEX(#REF!,MATCH(I12,#REF!,0)))","v":{"$error":"#REF!"}},"1900-01-02","NP",{"$f":"IF(ISNA(INDEX(#REF!,MATCH(I12,#REF!,0))),\"\",INDEX(#REF!,MATCH(I12,#REF!,0)))","v":{"$error":"#REF!"}},{"$f":"IF(ISNA(INDEX(#REF!,MATCH(I12,#REF!,0))),\"\",INDEX(#REF!,MATCH(I12,#REF!,0)))","v":{"$error":"#REF!"}},15.05,{"$f":"IF(ISERROR(VLOOKUP($I12,#REF!,3+OFFSET($A:$A,MATCH($A12,$A:$A,0)-2,8,1,1),FALSE)),\"\",(VLOOKUP($I12,#REF!,3+OFFSET($A:$A,MATCH($A12,$A:$A,0)-2,8,1,1),FALSE)))","v":""},{"$f":"IFERROR(L12*M12,\"\")","v":""},0,{"$f":"IFERROR($N12*$O12,\"\")","v":""},{"$f":"IF($N12=\"\",\"\",$N12-$P12)","v":""},{"$f":"IF(ISNA(INDEX(#REF!,MATCH(I12,#REF!,0))),\"\",INDEX(#REF!,MATCH(I12,#REF!,0)))","v":{"$error":"#REF!"}},{"$f":"IF($Q12=\"\",\"\",$Q12*$R12)","v":""},{"$f":"IF($Q12=\"\",\"\",$Q12+$S12)","v":""},null,"",null,null,null,{"$error":"#REF!"}]
[{"$f":"A12","v":{"$error":"#REF!"}},{"$f":"IF(SAI_19[[#This Row],[Date]]<>\"\",MONTH(SAI_19[[#This Row],[Date]]),B12)","v":{"$error":"#REF!"}},null,{"$error":"#REF!"},{"$f":"IF(C13=\"\",\"\",TEXT(B13,\"00\")&\"-\"&TEXT(COUNTIFS(B$5:B13,B13,C$5:C13,\">0\"),\"000\"))","v":""},null,{"$f":"IF(ISNA(INDEX(#REF!,MATCH(I13,#REF!,0))),\"\",INDEX(#REF!,MATCH(I13,#REF!,0)))","v":{"$error":"#REF!"}},"1900-01-03",{"$f":"IFERROR(INDEX(#REF!,MATCH(F13,#REF!,0)),\"\")","v":""},{"$f":"IF(ISNA(INDEX(#REF!,MATCH(I13,#REF!,0))),\"\",INDEX(#REF!,MATCH(I13,#REF!,0)))","v":{"$error":"#REF!"}},{"$f":"IF(ISNA(INDEX(#REF!,MATCH(I13,#REF!,0))),\"\",INDEX(#REF!,MATCH(I13,#REF!,0)))","v":{"$error":"#REF!"}},null,{"$f":"IF(ISERROR(VLOOKUP($I13,#REF!,3+OFFSET($A:$A,MATCH($A13,$A:$A,0)-2,8,1,1),FALSE)),\"\",(VLOOKUP($I13,#REF!,3+OFFSET($A:$A,MATCH($A13,$A:$A,0)-2,8,1,1),FALSE)))","v":""},{"$f":"IFERROR(L13*M13,\"\")","v":""},0,{"$f":"IFERROR($N13*$O13,\"\")","v":""},{"$f":"IF($N13=\"\",\"\",$N13-$P13)","v":""},{"$f":"IF(ISNA(INDEX(#REF!,MATCH(I13,#REF!,0))),\"\",INDEX(#REF!,MATCH(I13,#REF!,0)))","v":{"$error":"#REF!"}},{"$f":"IF($Q13=\"\",\"\",$Q13*$R13)","v":""},{"$f":"IF($Q13=\"\",\"\",$Q13+$S13)","v":""},{"$f":"IFERROR(T13*0.01,\"\")","v":""},"",null,{"$f":"SAI_19[[#This Row],[Montant HT Net]]","v":""},null,{"$error":"#REF!"}]
[{"$error":"#REF!"},{"$f":"IF(SAI_19[[#This Row],[Date]]<>\"\",MONTH(SAI_19[[#This Row],[Date]]),B13)","v":{"$error":"#REF!"}},null,{"$error":"#REF!"},{"$f":"IF(C14=\"\",\"\",TEXT(B14,\"00\")&\"-\"&TEXT(COUNTIFS(B$5:B14,B14,C$5:C14,\">0\"),\"000\"))","v":""},null,{"$f":"IF(ISNA(INDEX(#REF!,MATCH(I14,#REF!,0))),\"\",INDEX(#REF!,MATCH(I14,#REF!,0)))","v":{"$error":"#REF!"}},"1900-01-04",{"$f":"IFERROR(INDEX(#REF!,MATCH(F14,#REF!,0)),\"\")","v":""},{"$f":"IF(ISNA(INDEX(#REF!,MATCH(I14,#REF!,0))),\"\",INDEX(#REF!,MATCH(I14,#REF!,0)))","v":{"$error":"#REF!"}},{"$f":"IF(ISNA(INDEX(#REF!,MATCH(I14,#REF!,0))),\"\",INDEX(#REF!,MATCH(I14,#REF!,0)))","v":{"$error":"#REF!"}},null,{"$f":"IF(ISERROR(VLOOKUP($I14,#REF!,3+OFFSET($A:$A,MATCH($A14,$A:$A,0)-2,8,1,1),FALSE)),\"\",(VLOOKUP($I14,#REF!,3+OFFSET($A:$A,MATCH($A14,$A:$A,0)-2,8,1,1),FALSE)))","v":""},"",0,"","",{"$f":"IF(ISNA(INDEX(#REF!,MATCH(I14,#REF!,0))),\"\",INDEX(#REF!,MATCH(I14,#REF!,0)))","v":{"$error":"#REF!"}},"","","","",null,{"$f":"SAI_19[[#This Row],[Montant HT Net]]","v":""},null,{"$error":"#REF!"}]
[{"$error":"#REF!"},{"$f":"IF(SAI_19[[#This Row],[Date]]<>\"\",MONTH(SAI_19[[#This Row],[Date]]),B14)","v":{"$error":"#REF!"}},null,{"$error":"#REF!"},{"$f":"IF(C15=\"\",\"\",TEXT(B15,\"00\")&\"-\"&TEXT(COUNTIFS(B$5:B15,B15,C$5:C15,\">0\"),\"000\"))","v":""},null,{"$f":"IF(ISNA(INDEX(#REF!,MATCH(I15,#REF!,0))),\"\",INDEX(#REF!,MATCH(I15,#REF!,0)))","v":{"$error":"#REF!"}},"1900-01-05",{"$f":"IFERROR(INDEX(#REF!,MATCH(F15,#REF!,0)),\"\")","v":""},{"$f":"IF(ISNA(INDEX(#REF!,MATCH(I15,#REF!,0))),\"\",INDEX(#REF!,MATCH(I15,#REF!,0)))","v":{"$error":"#REF!"}},{"$f":"IF(ISNA(INDEX(#REF!,MATCH(I15,#REF!,0))),\"\",INDEX(#REF!,MATCH(I15,#REF!,0)))","v":{"$error":"#REF!"}},null,{"$f":"IF(ISERROR(VLOOKUP($I15,#REF!,3+OFFSET($A:$A,MATCH($A15,$A:$A,0)-2,8,1,1),FALSE)),\"\",(VLOOKUP($I15,#REF!,3+OFFSET($A:$A,MATCH($A15,$A:$A,0)-2,8,1,1),FALSE)))","v":""},"",0,"","",{"$f":"IF(ISNA(INDEX(#REF!,MATCH(I15,#REF!,0))),\"\",INDEX(#REF!,MATCH(I15,#REF!,0)))","v":{"$error":"#REF!"}},"","","","",null,{"$f":"SAI_19[[#This Row],[Montant HT Net]]","v":""},null,{"$error":"#REF!"}]
[{"$error":"#REF!"},{"$f":"IF(SAI_19[[#This Row],[Date]]<>\"\",MONTH(SAI_19[[#This Row],[Date]]),B15)","v":{"$error":"#REF!"}},null,{"$error":"#REF!"},{"$f":"IF(C16=\"\",\"\",TEXT(B16,\"00\")&\"-\"&TEXT(COUNTIFS(B$5:B16,B16,C$5:C16,\">0\"),\"000\"))","v":""},null,{"$f":"IF(ISNA(INDEX(#REF!,MATCH(I16,#REF!,0))),\"\",INDEX(#REF!,MATCH(I16,#REF!,0)))","v":{"$error":"#REF!"}},"1900-01-06",{"$f":"IFERROR(INDEX(#REF!,MATCH(F16,#REF!,0)),\"\")","v":""},{"$f":"IF(ISNA(INDEX(#REF!,MATCH(I16,#REF!,0))),\"\",INDEX(#REF!,MATCH(I16,#REF!,0)))","v":{"$error":"#REF!"}},{"$f":"IF(ISNA(INDEX(#REF!,MATCH(I16,#REF!,0))),\"\",INDEX(#REF!,MATCH(I16,#REF!,0)))","v":{"$error":"#REF!"}},null,{"$f":"IF(ISERROR(VLOOKUP($I16,#REF!,3+OFFSET($A:$A,MATCH($A16,$A:$A,0)-2,8,1,1),FALSE)),\"\",(VLOOKUP($I16,#REF!,3+OFFSET($A:$A,MATCH($A16,$A:$A,0)-2,8,1,1),FALSE)))","v":""},"",0,"","",{"$f":"IF(ISNA(INDEX(#REF!,MATCH(I16,#REF!,0))),\"\",INDEX(#REF!,MATCH(I16,#REF!,0)))","v":{"$error":"#REF!"}},"","","","",null,{"$f":"SAI_19[[#This Row],[Montant HT Net]]","v":""},null,{"$error":"#REF!"}]
[{"$error":"#REF!"},{"$f":"IF(SAI_19[[#This Row],[Date]]<>\"\",MONTH(SAI_19[[#This Row],[Date]]),B16)","v":{"$error":"#REF!"}},null,{"$error":"#REF!"},{"$f":"IF(C17=\"\",\"\",TEXT(B17,\"00\")&\"-\"&TEXT(COUNTIFS(B$5:B17,B17,C$5:C17,\">0\"),\"000\"))","v":""},null,{"$f":"IF(ISNA(INDEX(#REF!,MATCH(I17,#REF!,0))),\"\",INDEX(#REF!,MATCH(I17,#REF!,0)))","v":{"$error":"#REF!"}},"1900-01-07",{"$f":"IFERROR(INDEX(#REF!,MATCH(F17,#REF!,0)),\"\")","v":""},{"$f":"IF(ISNA(INDEX(#REF!,MATCH(I17,#REF!,0))),\"\",INDEX(#REF!,MATCH(I17,#REF!,0)))","v":{"$error":"#REF!"}},{"$f":"IF(ISNA(INDEX(#REF!,MATCH(I17,#REF!,0))),\"\",INDEX(#REF!,MATCH(I17,#REF!,0)))","v":{"$error":"#REF!"}},null,{"$f":"IF(ISERROR(VLOOKUP($I17,#REF!,3+OFFSET($A:$A,MATCH($A17,$A:$A,0)-2,8,1,1),FALSE)),\"\",(VLOOKUP($I17,#REF!,3+OFFSET($A:$A,MATCH($A17,$A:$A,0)-2,8,1,1),FALSE)))","v":""},"",0,"","",{"$f":"IF(ISNA(INDEX(#REF!,MATCH(I17,#REF!,0))),\"\",INDEX(#REF!,MATCH(I17,#REF!,0)))","v":{"$error":"#REF!"}},"","","","",null,{"$f":"SAI_19[[#This Row],[Montant HT Net]]","v":""},null,{"$error":"#REF!"}]
[{"$error":"#REF!"},{"$f":"IF(SAI_19[[#This Row],[Date]]<>\"\",MONTH(SAI_19[[#This Row],[Date]]),B17)","v":{"$error":"#REF!"}},null,{"$error":"#REF!"},{"$f":"IF(C18=\"\",\"\",TEXT(B18,\"00\")&\"-\"&TEXT(COUNTIFS(B$5:B18,B18,C$5:C18,\">0\"),\"000\"))","v":""},null,{"$f":"IF(ISNA(INDEX(#REF!,MATCH(I18,#REF!,0))),\"\",INDEX(#REF!,MATCH(I18,#REF!,0)))","v":{"$error":"#REF!"}},"1900-01-08",{"$f":"IFERROR(INDEX(#REF!,MATCH(F18,#REF!,0)),\"\")","v":""},{"$f":"IF(ISNA(INDEX(#REF!,MATCH(I18,#REF!,0))),\"\",INDEX(#REF!,MATCH(I18,#REF!,0)))","v":{"$error":"#REF!"}},{"$f":"IF(ISNA(INDEX(#REF!,MATCH(I18,#REF!,0))),\"\",INDEX(#REF!,MATCH(I18,#REF!,0)))","v":{"$error":"#REF!"}},null,{"$f":"IF(ISERROR(VLOOKUP($I18,#REF!,3+OFFSET($A:$A,MATCH($A18,$A:$A,0)-2,8,1,1),FALSE)),\"\",(VLOOKUP($I18,#REF!,3+OFFSET($A:$A,MATCH($A18,$A:$A,0)-2,8,1,1),FALSE)))","v":""},"",0,"","",{"$f":"IF(ISNA(INDEX(#REF!,MATCH(I18,#REF!,0))),\"\",INDEX(#REF!,MATCH(I18,#REF!,0)))","v":{"$error":"#REF!"}},"","","","",null,{"$f":"SAI_19[[#This Row],[Montant HT Net]]","v":""},null,{"$error":"#REF!"}]
[{"$error":"#REF!"},{"$f":"IF(SAI_19[[#This Row],[Date]]<>\"\",MONTH(SAI_19[[#This Row],[Date]]),B18)","v":{"$error":"#REF!"}},null,{"$error":"#REF!"},{"$f":"IF(C19=\"\",\"\",TEXT(B19,\"00\")&\"-\"&TEXT(COUNTIFS(B$5:B19,B19,C$5:C19,\">0\"),\"000\"))","v":""},null,{"$f":"IF(ISNA(INDEX(#REF!,MATCH(I19,#REF!,0))),\"\",INDEX(#REF!,MATCH(I19,#REF!,0)))","v":{"$error":"#REF!"}},"1900-01-09",{"$f":"IFERROR(INDEX(#REF!,MATCH(F19,#REF!,0)),\"\")","v":""},{"$f":"IF(ISNA(INDEX(#REF!,MATCH(I19,#REF!,0))),\"\",INDEX(#REF!,MATCH(I19,#REF!,0)))","v":{"$error":"#REF!"}},{"$f":"IF(ISNA(INDEX(#REF!,MATCH(I19,#REF!,0))),\"\",INDEX(#REF!,MATCH(I19,#REF!,0)))","v":{"$error":"#REF!"}},null,{"$f":"IF(ISERROR(VLOOKUP($I19,#REF!,3+OFFSET($A:$A,MATCH($A19,$A:$A,0)-2,8,1,1),FALSE)),\"\",(VLOOKUP($I19,#REF!,3+OFFSET($A:$A,MATCH($A19,$A:$A,0)-2,8,1,1),FALSE)))","v":""},"",0,"","",{"$f":"IF(ISNA(INDEX(#REF!,MATCH(I19,#REF!,0))),\"\",INDEX(#REF!,MATCH(I19,#REF!,0)))","v":{"$error":"#REF!"}},"","","","",null,{"$f":"SAI_19[[#This Row],[Montant HT Net]]","v":""},null,{"$error":"#REF!"}]
[{"$error":"#REF!"},{"$f":"IF(SAI_19[[#This Row],[Date]]<>\"\",MONTH(SAI_19[[#This Row],[Date]]),B19)","v":{"$error":"#REF!"}},null,{"$error":"#REF!"},{"$f":"IF(C20=\"\",\"\",TEXT(B20,\"00\")&\"-\"&TEXT(COUNTIFS(B$5:B20,B20,C$5:C20,\">0\"),\"000\"))","v":""},null,{"$f":"IF(ISNA(INDEX(#REF!,MATCH(I20,#REF!,0))),\"\",INDEX(#REF!,MATCH(I20,#REF!,0)))","v":{"$error":"#REF!"}},"1900-01-10",{"$f":"IFERROR(INDEX(#REF!,MATCH(F20,#REF!,0)),\"\")","v":""},{"$f":"IF(ISNA(INDEX(#REF!,MATCH(I20,#REF!,0))),\"\",INDEX(#REF!,MATCH(I20,#REF!,0)))","v":{"$error":"#REF!"}},{"$f":"IF(ISNA(INDEX(#REF!,MATCH(I20,#REF!,0))),\"\",INDEX(#REF!,MATCH(I20,#REF!,0)))","v":{"$error":"#REF!"}},null,{"$f":"IF(ISERROR(VLOOKUP($I20,#REF!,3+OFFSET($A:$A,MATCH($A20,$A:$A,0)-2,8,1,1),FALSE)),\"\",(VLOOKUP($I20,#REF!,3+OFFSET($A:$A,MATCH($A20,$A:$A,0)-2,8,1,1),FALSE)))","v":""},"",0,"","",{"$f":"IF(ISNA(INDEX(#REF!,MATCH(I20,#REF!,0))),\"\",INDEX(#REF!,MATCH(I20,#REF!,0)))","v":{"$error":"#REF!"}},"","","","",null,{"$f":"SAI_19[[#This Row],[Montant HT Net]]","v":""},null,{"$error":"#REF!"}]
[{"$error":"#REF!"},{"$f":"IF(SAI_19[[#This Row],[Date]]<>\"\",MONTH(SAI_19[[#This Row],[Date]]),B20)","v":{"$error":"#REF!"}},null,{"$error":"#REF!"},{"$f":"IF(C21=\"\",\"\",TEXT(B21,\"00\")&\"-\"&TEXT(COUNTIFS(B$5:B21,B21,C$5:C21,\">0\"),\"000\"))","v":""},null,{"$f":"IF(ISNA(INDEX(#REF!,MATCH(I21,#REF!,0))),\"\",INDEX(#REF!,MATCH(I21,#REF!,0)))","v":{"$error":"#REF!"}},"1900-01-11",{"$f":"IFERROR(INDEX(#REF!,MATCH(F21,#REF!,0)),\"\")","v":""},{"$f":"IF(ISNA(INDEX(#REF!,MATCH(I21,#REF!,0))),\"\",INDEX(#REF!,MATCH(I21,#REF!,0)))","v":{"$error":"#REF!"}},{"$f":"IF(ISNA(INDEX(#REF!,MATCH(I21,#REF!,0))),\"\",INDEX(#REF!,MATCH(I21,#REF!,0)))","v":{"$error":"#REF!"}},null,{"$f":"IF(ISERROR(VLOOKUP($I21,#REF!,3+OFFSET($A:$A,MATCH($A21,$A:$A,0)-2,8,1,1),FALSE)),\"\",(VLOOKUP($I21,#REF!,3+OFFSET($A:$A,MATCH($A21,$A:$A,0)-2,8,1,1),FALSE)))","v":""},"",0,"","",{"$f":"IF(ISNA(INDEX(#REF!,MATCH(I21,#REF!,0))),\"\",INDEX(#REF!,MATCH(I21,#REF!,0)))","v":{"$error":"#REF!"}},"","","","",null,{"$f":"SAI_19[[#This Row],[Montant HT Net]]","v":""},null,{"$error":"#REF!"}]
[{"$error":"#REF!"},{"$f":"IF(SAI_19[[#This Row],[Date]]<>\"\",MONTH(SAI_19[[#This Row],[Date]]),B21)","v":{"$error":"#REF!"}},null,{"$error":"#REF!"},{"$f":"IF(C22=\"\",\"\",TEXT(B22,\"00\")&\"-\"&TEXT(COUNTIFS(B$5:B22,B22,C$5:C22,\">0\"),\"000\"))","v":""},null,{"$f":"IF(ISNA(INDEX(#REF!,MATCH(I22,#REF!,0))),\"\",INDEX(#REF!,MATCH(I22,#REF!,0)))","v":{"$error":"#REF!"}},"1900-01-12",{"$f":"IFERROR(INDEX(#REF!,MATCH(F22,#REF!,0)),\"\")","v":""},{"$f":"IF(ISNA(INDEX(#REF!,MATCH(I22,#REF!,0))),\"\",INDEX(#REF!,MATCH(I22,#REF!,0)))","v":{"$error":"#REF!"}},{"$f":"IF(ISNA(INDEX(#REF!,MATCH(I22,#REF!,0))),\"\",INDEX(#REF!,MATCH(I22,#REF!,0)))","v":{"$error":"#REF!"}},null,{"$f":"IF(ISERROR(VLOOKUP($I22,#REF!,3+OFFSET($A:$A,MATCH($A22,$A:$A,0)-2,8,1,1),FALSE)),\"\",(VLOOKUP($I22,#REF!,3+OFFSET($A:$A,MATCH($A22,$A:$A,0)-2,8,1,1),FALSE)))","v":""},"",0,"","",{"$f":"IF(ISNA(INDEX(#REF!,MATCH(I22,#REF!,0))),\"\",INDEX(#REF!,MATCH(I22,#REF!,0)))","v":{"$error":"#REF!"}},"","","","",null,{"$f":"SAI_19[[#This Row],[Montant HT Net]]","v":""},null,{"$error":"#REF!"}]
[{"$error":"#REF!"},{"$f":"IF(SAI_19[[#This Row],[Date]]<>\"\",MONTH(SAI_19[[#This Row],[Date]]),B22)","v":{"$error":"#REF!"}},null,{"$error":"#REF!"},{"$f":"IF(C23=\"\",\"\",TEXT(B23,\"00\")&\"-\"&TEXT(COUNTIFS(B$5:B23,B23,C$5:C23,\">0\"),\"000\"))","v":""},null,{"$f":"IF(ISNA(INDEX(#REF!,MATCH(I23,#REF!,0))),\"\",INDEX(#REF!,MATCH(I23,#REF!,0)))","v":{"$error":"#REF!"}},"1900-01-13",{"$f":"IFERROR(INDEX(#REF!,MATCH(F23,#REF!,0)),\"\")","v":""},{"$f":"IF(ISNA(INDEX(#REF!,MATCH(I23,#REF!,0))),\"\",INDEX(#REF!,MATCH(I23,#REF!,0)))","v":{"$error":"#REF!"}},{"$f":"IF(ISNA(INDEX(#REF!,MATCH(I23,#REF!,0))),\"\",INDEX(#REF!,MATCH(I23,#REF!,0)))","v":{"$error":"#REF!"}},null,{"$f":"IF(ISERROR(VLOOKUP($I23,#REF!,3+OFFSET($A:$A,MATCH($A23,$A:$A,0)-2,8,1,1),FALSE)),\"\",(VLOOKUP($I23,#REF!,3+OFFSET($A:$A,MATCH($A23,$A:$A,0)-2,8,1,1),FALSE)))","v":""},"",0,"","",{"$f":"IF(ISNA(INDEX(#REF!,MATCH(I23,#REF!,0))),\"\",INDEX(#REF!,MATCH(I23,#REF!,0)))","v":{"$error":"#REF!"}},"","","","",{"$f":"ROUNDDOWN(T23,0)","v":{"$error":"#VALUE!"}},{"$f":"SAI_19[[#This Row],[Montant HT Net]]","v":""},null,{"$error":"#REF!"}]
[{"$error":"#REF!"},{"$f":"IF(SAI_19[[#This Row],[Date]]<>\"\",MONTH(SAI_19[[#This Row],[Date]]),B23)","v":{"$error":"#REF!"}},null,{"$error":"#REF!"},{"$f":"IF(C24=\"\",\"\",TEXT(B24,\"00\")&\"-\"&TEXT(COUNTIFS(B$5:B24,B24,C$5:C24,\">0\"),\"000\"))","v":""},null,{"$f":"IF(ISNA(INDEX(#REF!,MATCH(I24,#REF!,0))),\"\",INDEX(#REF!,MATCH(I24,#REF!,0)))","v":{"$error":"#REF!"}},"1900-01-14",{"$f":"IFERROR(INDEX(#REF!,MATCH(F24,#REF!,0)),\"\")","v":""},{"$f":"IF(ISNA(INDEX(#REF!,MATCH(I24,#REF!,0))),\"\",INDEX(#REF!,MATCH(I24,#REF!,0)))","v":{"$error":"#REF!"}},{"$f":"IF(ISNA(INDEX(#REF!,MATCH(I24,#REF!,0))),\"\",INDEX(#REF!,MATCH(I24,#REF!,0)))","v":{"$error":"#REF!"}},null,{"$f":"IF(ISERROR(VLOOKUP($I24,#REF!,3+OFFSET($A:$A,MATCH($A24,$A:$A,0)-2,8,1,1),FALSE)),\"\",(VLOOKUP($I24,#REF!,3+OFFSET($A:$A,MATCH($A24,$A:$A,0)-2,8,1,1),FALSE)))","v":""},"",0,"","",{"$f":"IF(ISNA(INDEX(#REF!,MATCH(I24,#REF!,0))),\"\",INDEX(#REF!,MATCH(I24,#REF!,0)))","v":{"$error":"#REF!"}},"","","","",{"$error":"#VALUE!"},{"$f":"SAI_19[[#This Row],[Montant HT Net]]","v":""},null,{"$error":"#REF!"}]
[{"$error":"#REF!"},{"$f":"IF(SAI_19[[#This Row],[Date]]<>\"\",MONTH(SAI_19[[#This Row],[Date]]),B24)","v":{"$error":"#REF!"}},null,{"$error":"#REF!"},{"$f":"IF(C25=\"\",\"\",TEXT(B25,\"00\")&\"-\"&TEXT(COUNTIFS(B$5:B25,B25,C$5:C25,\">0\"),\"000\"))","v":""},null,{"$f":"IF(ISNA(INDEX(#REF!,MATCH(I25,#REF!,0))),\"\",INDEX(#REF!,MATCH(I25,#REF!,0)))","v":{"$error":"#REF!"}},"1900-01-15",{"$f":"IFERROR(INDEX(#REF!,MATCH(F25,#REF!,0)),\"\")","v":""},{"$f":"IF(ISNA(INDEX(#REF!,MATCH(I25,#REF!,0))),\"\",INDEX(#REF!,MATCH(I25,#REF!,0)))","v":{"$error":"#REF!"}},{"$f":"IF(ISNA(INDEX(#REF!,MATCH(I25,#REF!,0))),\"\",INDEX(#REF!,MATCH(I25,#REF!,0)))","v":{"$error":"#REF!"}},null,{"$f":"IF(ISERROR(VLOOKUP($I25,#REF!,3+OFFSET($A:$A,MATCH($A25,$A:$A,0)-2,8,1,1),FALSE)),\"\",(VLOOKUP($I25,#REF!,3+OFFSET($A:$A,MATCH($A25,$A:$A,0)-2,8,1,1),FALSE)))","v":""},"",0,"","",{"$f":"IF(ISNA(INDEX(#REF!,MATCH(I25,#REF!,0))),\"\",INDEX(#REF!,MATCH(I25,#REF!,0)))","v":{"$error":"#REF!"}},"","","","",{"$error":"#VALUE!"},{"$f":"SAI_19[[#This Row],[Montant HT Net]]","v":""},null,{"$error":"#REF!"}]
[{"$error":"#REF!"},{"$f":"IF(SAI_19[[#This Row],[Date]]<>\"\",MONTH(SAI_19[[#This Row],[Date]]),B25)","v":{"$error":"#REF!"}},null,{"$error":"#REF!"},{"$f":"IF(C26=\"\",\"\",TEXT(B26,\"00\")&\"-\"&TEXT(COUNTIFS(B$5:B26,B26,C$5:C26,\">0\"),\"000\"))","v":""},null,{"$f":"IF(ISNA(INDEX(#REF!,MATCH(I26,#REF!,0))),\"\",INDEX(#REF!,MATCH(I26,#REF!,0)))","v":{"$error":"#REF!"}},"1900-01-16",{"$f":"IFERROR(INDEX(#REF!,MATCH(F26,#REF!,0)),\"\")","v":""},{"$f":"IF(ISNA(INDEX(#REF!,MATCH(I26,#REF!,0))),\"\",INDEX(#REF!,MATCH(I26,#REF!,0)))","v":{"$error":"#REF!"}},{"$f":"IF(ISNA(INDEX(#REF!,MATCH(I26,#REF!,0))),\"\",INDEX(#REF!,MATCH(I26,#REF!,0)))","v":{"$error":"#REF!"}},null,{"$f":"IF(ISERROR(VLOOKUP($I26,#REF!,3+OFFSET($A:$A,MATCH($A26,$A:$A,0)-2,8,1,1),FALSE)),\"\",(VLOOKUP($I26,#REF!,3+OFFSET($A:$A,MATCH($A26,$A:$A,0)-2,8,1,1),FALSE)))","v":""},"",0,"","",{"$f":"IF(ISNA(INDEX(#REF!,MATCH(I26,#REF!,0))),\"\",INDEX(#REF!,MATCH(I26,#REF!,0)))","v":{"$error":"#REF!"}},"","","","",{"$error":"#VALUE!"},{"$f":"SAI_19[[#This Row],[Montant HT Net]]","v":""},null,{"$error":"#REF!"}]
[{"$error":"#REF!"},{"$f":"IF(SAI_19[[#This Row],[Date]]<>\"\",MONTH(SAI_19[[#This Row],[Date]]),B26)","v":{"$error":"#REF!"}},null,{"$error":"#REF!"},{"$f":"IF(C27=\"\",\"\",TEXT(B27,\"00\")&\"-\"&TEXT(COUNTIFS(B$5:B27,B27,C$5:C27,\">0\"),\"000\"))","v":""},null,{"$f":"IF(ISNA(INDEX(#REF!,MATCH(I27,#REF!,0))),\"\",INDEX(#REF!,MATCH(I27,#REF!,0)))","v":{"$error":"#REF!"}},"1900-01-17",{"$f":"IFERROR(INDEX(#REF!,MATCH(F27,#REF!,0)),\"\")","v":""},{"$f":"IF(ISNA(INDEX(#REF!,MATCH(I27,#REF!,0))),\"\",INDEX(#REF!,MATCH(I27,#REF!,0)))","v":{"$error":"#REF!"}},{"$f":"IF(ISNA(INDEX(#REF!,MATCH(I27,#REF!,0))),\"\",INDEX(#REF!,MATCH(I27,#REF!,0)))","v":{"$error":"#REF!"}},null,{"$f":"IF(ISERROR(VLOOKUP($I27,#REF!,3+OFFSET($A:$A,MATCH($A27,$A:$A,0)-2,8,1,1),FALSE)),\"\",(VLOOKUP($I27,#REF!,3+OFFSET($A:$A,MATCH($A27,$A:$A,0)-2,8,1,1),FALSE)))","v":""},"",0,"","",{"$f":"IF(ISNA(INDEX(#REF!,MATCH(I27,#REF!,0))),\"\",INDEX(#REF!,MATCH(I27,#REF!,0)))","v":{"$error":"#REF!"}},"","","","",{"$error":"#VALUE!"},{"$f":"SAI_19[[#This Row],[Montant HT Net]]","v":""},null,{"$error":"#REF!"}]
[{"$error":"#REF!"},{"$f":"IF(SAI_19[[#This Row],[Date]]<>\"\",MONTH(SAI_19[[#This Row],[Date]]),B27)","v":{"$error":"#REF!"}},null,{"$error":"#REF!"},{"$f":"IF(C28=\"\",\"\",TEXT(B28,\"00\")&\"-\"&TEXT(COUNTIFS(B$5:B28,B28,C$5:C28,\">0\"),\"000\"))","v":""},null,{"$f":"IF(ISNA(INDEX(#REF!,MATCH(I28,#REF!,0))),\"\",INDEX(#REF!,MATCH(I28,#REF!,0)))","v":{"$error":"#REF!"}},"1900-01-18",{"$f":"IFERROR(INDEX(#REF!,MATCH(F28,#REF!,0)),\"\")","v":""},{"$f":"IF(ISNA(INDEX(#REF!,MATCH(I28,#REF!,0))),\"\",INDEX(#REF!,MATCH(I28,#REF!,0)))","v":{"$error":"#REF!"}},{"$f":"IF(ISNA(INDEX(#REF!,MATCH(I28,#REF!,0))),\"\",INDEX(#REF!,MATCH(I28,#REF!,0)))","v":{"$error":"#REF!"}},null,{"$f":"IF(ISERROR(VLOOKUP($I28,#REF!,3+OFFSET($A:$A,MATCH($A28,$A:$A,0)-2,8,1,1),FALSE)),\"\",(VLOOKUP($I28,#REF!,3+OFFSET($A:$A,MATCH($A28,$A:$A,0)-2,8,1,1),FALSE)))","v":""},"",0,"","",{"$f":"IF(ISNA(INDEX(#REF!,MATCH(I28,#REF!,0))),\"\",INDEX(#REF!,MATCH(I28,#REF!,0)))","v":{"$error":"#REF!"}},"","","","",{"$error":"#VALUE!"},{"$f":"SAI_19[[#This Row],[Montant HT Net]]","v":""},null,{"$error":"#REF!"}]
[{"$error":"#REF!"},{"$f":"IF(SAI_19[[#This Row],[Date]]<>\"\",MONTH(SAI_19[[#This Row],[Date]]),B28)","v":{"$error":"#REF!"}},null,{"$error":"#REF!"},{"$f":"IF(C29=\"\",\"\",TEXT(B29,\"00\")&\"-\"&TEXT(COUNTIFS(B$5:B29,B29,C$5:C29,\">0\"),\"000\"))","v":""},null,{"$f":"IF(ISNA(INDEX(#REF!,MATCH(I29,#REF!,0))),\"\",INDEX(#REF!,MATCH(I29,#REF!,0)))","v":{"$error":"#REF!"}},"1900-01-19",{"$f":"IFERROR(INDEX(#REF!,MATCH(F29,#REF!,0)),\"\")","v":""},{"$f":"IF(ISNA(INDEX(#REF!,MATCH(I29,#REF!,0))),\"\",INDEX(#REF!,MATCH(I29,#REF!,0)))","v":{"$error":"#REF!"}},{"$f":"IF(ISNA(INDEX(#REF!,MATCH(I29,#REF!,0))),\"\",INDEX(#REF!,MATCH(I29,#REF!,0)))","v":{"$error":"#REF!"}},null,{"$f":"IF(ISERROR(VLOOKUP($I29,#REF!,3+OFFSET($A:$A,MATCH($A29,$A:$A,0)-2,8,1,1),FALSE)),\"\",(VLOOKUP($I29,#REF!,3+OFFSET($A:$A,MATCH($A29,$A:$A,0)-2,8,1,1),FALSE)))","v":""},"",0,"","",{"$f":"IF(ISNA(INDEX(#REF!,MATCH(I29,#REF!,0))),\"\",INDEX(#REF!,MATCH(I29,#REF!,0)))","v":{"$error":"#REF!"}},"","","","",{"$error":"#VALUE!"},{"$f":"SAI_19[[#This Row],[Montant HT Net]]","v":""},null,{"$error":"#REF!"}]
[{"$error":"#REF!"},{"$f":"IF(SAI_19[[#This Row],[Date]]<>\"\",MONTH(SAI_19[[#This Row],[Date]]),B29)","v":{"$error":"#REF!"}},null,{"$error":"#REF!"},{"$f":"IF(C30=\"\",\"\",TEXT(B30,\"00\")&\"-\"&TEXT(COUNTIFS(B$5:B30,B30,C$5:C30,\">0\"),\"000\"))","v":""},null,{"$f":"IF(ISNA(INDEX(#REF!,MATCH(I30,#REF!,0))),\"\",INDEX(#REF!,MATCH(I30,#REF!,0)))","v":{"$error":"#REF!"}},"1900-01-20",{"$f":"IFERROR(INDEX(#REF!,MATCH(F30,#REF!,0)),\"\")","v":""},{"$f":"IF(ISNA(INDEX(#REF!,MATCH(I30,#REF!,0))),\"\",INDEX(#REF!,MATCH(I30,#REF!,0)))","v":{"$error":"#REF!"}},{"$f":"IF(ISNA(INDEX(#REF!,MATCH(I30,#REF!,0))),\"\",INDEX(#REF!,MATCH(I30,#REF!,0)))","v":{"$error":"#REF!"}},null,{"$f":"IF(ISERROR(VLOOKUP($I30,#REF!,3+OFFSET($A:$A,MATCH($A30,$A:$A,0)-2,8,1,1),FALSE)),\"\",(VLOOKUP($I30,#REF!,3+OFFSET($A:$A,MATCH($A30,$A:$A,0)-2,8,1,1),FALSE)))","v":""},"",0,"","",{"$f":"IF(ISNA(INDEX(#REF!,MATCH(I30,#REF!,0))),\"\",INDEX(#REF!,MATCH(I30,#REF!,0)))","v":{"$error":"#REF!"}},"","","","",{"$error":"#VALUE!"},{"$f":"SAI_19[[#This Row],[Montant HT Net]]","v":""},null,{"$error":"#REF!"}]
[{"$error":"#REF!"},{"$f":"IF(SAI_19[[#This Row],[Date]]<>\"\",MONTH(SAI_19[[#This Row],[Date]]),B30)","v":{"$error":"#REF!"}},null,{"$error":"#REF!"},{"$f":"IF(C31=\"\",\"\",TEXT(B31,\"00\")&\"-\"&TEXT(COUNTIFS(B$5:B31,B31,C$5:C31,\">0\"),\"000\"))","v":""},null,{"$f":"IF(ISNA(INDEX(#REF!,MATCH(I31,#REF!,0))),\"\",INDEX(#REF!,MATCH(I31,#REF!,0)))","v":{"$error":"#REF!"}},"1900-01-21",{"$f":"IFERROR(INDEX(#REF!,MATCH(F31,#REF!,0)),\"\")","v":""},{"$f":"IF(ISNA(INDEX(#REF!,MATCH(I31,#REF!,0))),\"\",INDEX(#REF!,MATCH(I31,#REF!,0)))","v":{"$error":"#REF!"}},{"$f":"IF(ISNA(INDEX(#REF!,MATCH(I31,#REF!,0))),\"\",INDEX(#REF!,MATCH(I31,#REF!,0)))","v":{"$error":"#REF!"}},null,{"$f":"IF(ISERROR(VLOOKUP($I31,#REF!,3+OFFSET($A:$A,MATCH($A31,$A:$A,0)-2,8,1,1),FALSE)),\"\",(VLOOKUP($I31,#REF!,3+OFFSET($A:$A,MATCH($A31,$A:$A,0)-2,8,1,1),FALSE)))","v":""},"",0,"","",{"$f":"IF(ISNA(INDEX(#REF!,MATCH(I31,#REF!,0))),\"\",INDEX(#REF!,MATCH(I31,#REF!,0)))","v":{"$error":"#REF!"}},"","","","",{"$error":"#VALUE!"},{"$f":"SAI_19[[#This Row],[Montant HT Net]]","v":""},null,{"$error":"#REF!"}]
[{"$error":"#REF!"},{"$f":"IF(SAI_19[[#This Row],[Date]]<>\"\",MONTH(SAI_19[[#This Row],[Date]]),B31)","v":{"$error":"#REF!"}},null,{"$error":"#REF!"},{"$f":"IF(C32=\"\",\"\",TEXT(B32,\"00\")&\"-\"&TEXT(COUNTIFS(B$5:B32,B32,C$5:C32,\">0\"),\"000\"))","v":""},null,{"$f":"IF(ISNA(INDEX(#REF!,MATCH(I32,#REF!,0))),\"\",INDEX(#REF!,MATCH(I32,#REF!,0)))","v":{"$error":"#REF!"}},"1900-01-22",{"$f":"IFERROR(INDEX(#REF!,MATCH(F32,#REF!,0)),\"\")","v":""},{"$f":"IF(ISNA(INDEX(#REF!,MATCH(I32,#REF!,0))),\"\",INDEX(#REF!,MATCH(I32,#REF!,0)))","v":{"$error":"#REF!"}},{"$f":"IF(ISNA(INDEX(#REF!,MATCH(I32,#REF!,0))),\"\",INDEX(#REF!,MATCH(I32,#REF!,0)))","v":{"$error":"#REF!"}},null,{"$f":"IF(ISERROR(VLOOKUP($I32,#REF!,3+OFFSET($A:$A,MATCH($A32,$A:$A,0)-2,8,1,1),FALSE)),\"\",(VLOOKUP($I32,#REF!,3+OFFSET($A:$A,MATCH($A32,$A:$A,0)-2,8,1,1),FALSE)))","v":""},"",0,"","",{"$f":"IF(ISNA(INDEX(#REF!,MATCH(I32,#REF!,0))),\"\",INDEX(#REF!,MATCH(I32,#REF!,0)))","v":{"$error":"#REF!"}},"","","","",{"$error":"#VALUE!"},{"$f":"SAI_19[[#This Row],[Montant HT Net]]","v":""},null,{"$error":"#REF!"}]
[{"$error":"#REF!"},{"$f":"IF(SAI_19[[#This Row],[Date]]<>\"\",MONTH(SAI_19[[#This Row],[Date]]),B32)","v":{"$error":"#REF!"}},null,{"$error":"#REF!"},{"$f":"IF(C33=\"\",\"\",TEXT(B33,\"00\")&\"-\"&TEXT(COUNTIFS(B$5:B33,B33,C$5:C33,\">0\"),\"000\"))","v":""},null,{"$f":"IF(ISNA(INDEX(#REF!,MATCH(I33,#REF!,0))),\"\",INDEX(#REF!,MATCH(I33,#REF!,0)))","v":{"$error":"#REF!"}},"1900-01-23",{"$f":"IFERROR(INDEX(#REF!,MATCH(F33,#REF!,0)),\"\")","v":""},{"$f":"IF(ISNA(INDEX(#REF!,MATCH(I33,#REF!,0))),\"\",INDEX(#REF!,MATCH(I33,#REF!,0)))","v":{"$error":"#REF!"}},{"$f":"IF(ISNA(INDEX(#REF!,MATCH(I33,#REF!,0))),\"\",INDEX(#REF!,MATCH(I33,#REF!,0)))","v":{"$error":"#REF!"}},null,{"$f":"IF(ISERROR(VLOOKUP($I33,#REF!,3+OFFSET($A:$A,MATCH($A33,$A:$A,0)-2,8,1,1),FALSE)),\"\",(VLOOKUP($I33,#REF!,3+OFFSET($A:$A,MATCH($A33,$A:$A,0)-2,8,1,1),FALSE)))","v":""},"",0,"","",{"$f":"IF(ISNA(INDEX(#REF!,MATCH(I33,#REF!,0))),\"\",INDEX(#REF!,MATCH(I33,#REF!,0)))","v":{"$error":"#REF!"}},"","","","",{"$error":"#VALUE!"},{"$f":"SAI_19[[#This Row],[Montant HT Net]]","v":""},null,{"$error":"#REF!"}]
[{"$error":"#REF!"},{"$f":"IF(SAI_19[[#This Row],[Date]]<>\"\",MONTH(SAI_19[[#This Row],[Date]]),B33)","v":{"$error":"#REF!"}},null,{"$error":"#REF!"},{"$f":"IF(C34=\"\",\"\",TEXT(B34,\"00\")&\"-\"&TEXT(COUNTIFS(B$5:B34,B34,C$5:C34,\">0\"),\"000\"))","v":""},null,{"$f":"IF(ISNA(INDEX(#REF!,MATCH(I34,#REF!,0))),\"\",INDEX(#REF!,MATCH(I34,#REF!,0)))","v":{"$error":"#REF!"}},"1900-01-24",{"$f":"IFERROR(INDEX(#REF!,MATCH(F34,#REF!,0)),\"\")","v":""},{"$f":"IF(ISNA(INDEX(#REF!,MATCH(I34,#REF!,0))),\"\",INDEX(#REF!,MATCH(I34,#REF!,0)))","v":{"$error":"#REF!"}},{"$f":"IF(ISNA(INDEX(#REF!,MATCH(I34,#REF!,0))),\"\",INDEX(#REF!,MATCH(I34,#REF!,0)))","v":{"$error":"#REF!"}},null,{"$f":"IF(ISERROR(VLOOKUP($I34,#REF!,3+OFFSET($A:$A,MATCH($A34,$A:$A,0)-2,8,1,1),FALSE)),\"\",(VLOOKUP($I34,#REF!,3+OFFSET($A:$A,MATCH($A34,$A:$A,0)-2,8,1,1),FALSE)))","v":""},"",0,"","",{"$f":"IF(ISNA(INDEX(#REF!,MATCH(I34,#REF!,0))),\"\",INDEX(#REF!,MATCH(I34,#REF!,0)))","v":{"$error":"#REF!"}},"","","","",{"$error":"#VALUE!"},{"$f":"SAI_19[[#This Row],[Montant HT Net]]","v":""},null,{"$error":"#REF!"}]
[{"$error":"#REF!"},{"$f":"IF(SAI_19[[#This Row],[Date]]<>\"\",MONTH(SAI_19[[#This Row],[Date]]),B34)","v":{"$error":"#REF!"}},null,{"$error":"#REF!"},{"$f":"IF(C35=\"\",\"\",TEXT(B35,\"00\")&\"-\"&TEXT(COUNTIFS(B$5:B35,B35,C$5:C35,\">0\"),\"000\"))","v":""},null,{"$f":"IF(ISNA(INDEX(#REF!,MATCH(I35,#REF!,0))),\"\",INDEX(#REF!,MATCH(I35,#REF!,0)))","v":{"$error":"#REF!"}},"1900-01-25",{"$f":"IFERROR(INDEX(#REF!,MATCH(F35,#REF!,0)),\"\")","v":""},{"$f":"IF(ISNA(INDEX(#REF!,MATCH(I35,#REF!,0))),\"\",INDEX(#REF!,MATCH(I35,#REF!,0)))","v":{"$error":"#REF!"}},{"$f":"IF(ISNA(INDEX(#REF!,MATCH(I35,#REF!,0))),\"\",INDEX(#REF!,MATCH(I35,#REF!,0)))","v":{"$error":"#REF!"}},null,{"$f":"IF(ISERROR(VLOOKUP($I35,#REF!,3+OFFSET($A:$A,MATCH($A35,$A:$A,0)-2,8,1,1),FALSE)),\"\",(VLOOKUP($I35,#REF!,3+OFFSET($A:$A,MATCH($A35,$A:$A,0)-2,8,1,1),FALSE)))","v":""},"",0,"","",{"$f":"IF(ISNA(INDEX(#REF!,MATCH(I35,#REF!,0))),\"\",INDEX(#REF!,MATCH(I35,#REF!,0)))","v":{"$error":"#REF!"}},"","","","",{"$error":"#VALUE!"},{"$f":"SAI_19[[#This Row],[Montant HT Net]]","v":""},null,{"$error":"#REF!"}]

{"sheet":"SAI","index":1,"n_rows":46,"n_cols":30,"rows_kept":46,"cut":false,"hidden":false,"merged":[[0,1,0,3],[9,10,9,11],[9,14,9,15],[9,6,9,8],[9,12,9,13],[22,14,22,21],[1,1,1,3]]}
[null,"SAISIE",null,null,null,null,null,"Saisir : Date, Client, Code Article, Quantité et Etat; puis VALIDER"]
[null,null,null,null,null,null,null,null,null,null,null,null,null,null,null,null,null,null,null,null,null,null,null,null,null,null,null,"≥",">","<"]
[null,null,null,null,null,null,null,null,null,null,null,null,null,null,null,null,null,null,null,"RENDU",{"$f":"IFERROR(U5-U4,\"\")","v":-50}]
[null,null,null,null,null,"",null,null,null,null,null,null,null,null,null,{"$f":"IFERROR(L4*N4,\"\")","v":0},null,null,null,"REÇU",50]
[null,null,null,null,null,null,null,null,null,null,null,null,null,null,null,null,null,null,null,"A PAYER",{"$f":"U9","v":0}]
[]
["Etat","Date","Fiche","N° Fiche","CLIENT","Réf.","N°","Code","Désignation Article","Unité","Quantité","P.U. HT","Mt HT Brut","% Remise","Mt Remise","Mt HT Net","%TVA","Mt TVA ","Mt TTC","Arrondi","Mt Payé","P.U. TTC","Observation","Jour","Mois ","Ordre"]
["Payé","2021-03-27",{"$f":"D8","v":"03-326"},{"$f":"LEFT(LOOKUP(\"9\",CTS!E$35:E$100002),2)&TEXT(VALUE(RIGHT(LOOKUP(\"9\",CTS!E$35:E$100002),3))+1,\"-000\")","v":"03-326"},"CLIENT",{"$f":"IF(ISNA(INDEX(#REF!,MATCH(H9,#REF!,0))),\"\",INDEX(#REF!,MATCH(H9,#REF!,0)))","v":{"$error":"#REF!"}}]
[null,null,null,null,null,null,null,null,null,null,null,null,{"$f":"IFERROR(K9*L9,\"\")","v":0},{"$f":"O9/M9","v":{"$error":"#DIV/0!"}},0,{"$f":"IFERROR(M9-O9,\"\")","v":0},0.19,{"$f":"IFERROR(P9*Q9,\"\")","v":0},{"$f":"IFERROR(P9+R9,\"\")","v":0},null,{"$f":"IFERROR(S9-T9,\"\")","v":0},{"$f":"U9/K9","v":{"$error":"#DIV/0!"}},null,{"$f":"TEXT(B8,\"jj\")","v":"27"},{"$f":"TEXT(B8,\"mm\")","v":"03"},1]
[null,null,null,null,{"$f":"IFERROR(INDEX(#REF!,MATCH(E8,#REF!,0)),\"\")","v":""}]
[]
[{"$f":"A8","v":"Payé"},{"$f":"B8","v":"2021-03-27"},null,{"$f":"D8","v":"03-326"},{"$f":"CLIENT","v":"CLIENT"},null,null,null,null,null,null,null,{"$f":"SUM(M13:M9995)","v":36},{"$f":"SUM(N13:N9995)","v":0},{"$f":"SUM(O13:O9995)","v":0},{"$f":"SUM(P13:P9995)","v":36},null,{"$f":"SUM(R13:R9995)","v":6.84},{"$f":"SUM(S13:S9995)","v":42.84},{"$f":"SUM(T13:T9995)","v":2.84},{"$f":"SUM(U13:U9995)","v":40},null,null,{"$f":"TEXT(SAI_32[[#This Row],[Colonne2]],\"jj\")","v":"27"},{"$f":"TEXT(B8,\"mm\")","v":"03"}]
[null,null,{"$f":"D8","v":"03-326"},null,null,null,1,"1-P0T","Papier A0 Tirage","U",3,12,36,0,0,36,0.19,6.84,42.84,2.84,40,13.333333333333334,null,27,{"$f":"Y12","v":"03"},1]
[null,null,{"$f":"C13","v":"03-326"},null,null,null,null,null,null,null,null,null,null,null,null,null,null,null,null,null,null,null,null,{"$f":"X13","v":27},{"$f":"Y13","v":"03"},2]
[null,null,{"$f":"C14","v":"03-326"},null,null,null,null,null,null,null,null,null,null,null,null,null,null,null,null,null,null,null,null,{"$f":"X14","v":27},"03",3]
[null,null,"03-326",null,null,null,null,null,null,null,null,null,null,null,null,null,null,null,null,null,null,null,null,27,"03",4]
[null,null,"03-326",null,null,null,null,null,null,null,null,null,null,null,null,null,null,null,null,null,null,null,null,27,"03",5]
[null,null,"03-326",null,null,null,null,null,null,null,null,null,null,null,null,null,null,null,null,null,null,null,null,27,"03",6]
[null,null,"03-326",null,null,null,null,null,null,null,null,null,null,null,null,null,null,null,null,null,null,null,null,27,"03",7]
[null,null,"03-326",null,null,null,null,null,null,null,null,null,null,null,null,null,null,null,null,null,null,null,null,27,"03",8]
[]
[]
[null,null,null,null,null,null,null,null,null,null,null,null,null,null,"La 1ère facture est ainsi archivée, et je peux retourner à la feuille SAI pour saisir la 2ème facture et ainsi de suite."]
[]
[]
[]
[]
[]
[]
[]
[]
[]
[]
[]
[]
[]
[]
[]
[]
[]
[]
[]
[]
[]
[]
["Etat","Date","Fiche","N° Fiche","Client","Réf. Art.","N° Art.","Code Article","Désignation Article","Unité","Quant.","Prix Unité HT","Mt HT Brut","Remise %","Remise Montant","Montant HT Net","Taux TVA","Montant TVA ","Montant TTC","Arrondi","Montant Payé","Prix U. TTC","Obs.","Jour","Mois","Ordre"]

{"sheet":"REP","index":2,"n_rows":4,"n_cols":26,"rows_kept":4,"cut":false,"hidden":false,"merged":[]}
[]
[]
[]
["Etat","Date","Fiche","N° Fiche","CLIENT","Réf.","N°","Code","Désignation Article","Unité","Quantité","P.U. HT","Mt HT Brut","%  Remise","Mt Remise","Mt HT Net","%TVA","Mt TVA ","Mt TTC","Arrondi","Mt Payé","P.U. TTC","Observation","Jour","Mois ","Ordre"]

{"sheet":"CTS","index":3,"n_rows":4692,"n_cols":98,"rows_kept":2250,"cut":true,"hidden":true,"merged":[[1,1,1,3],[0,1,0,3],[32,7,32,9],[32,11,32,12],[32,13,32,14],[32,15,32,16],[7,13,7,14],[7,15,7,16],[8,7,8,9],[8,11,8,12],[8,13,8,14],[8,15,8,16],[29,11,29,12],[29,13,29,14],[30,13,30,14],[25,13,25,14],[26,13,26,14],[27,13,27,14],[28,13,28,14],[29,15,29,16],[30,15,30,16],[30,7,30,9],[16,7,16,9],[17,7,17,9],[5,6,5,9],[5,11,5,12],[6,11,6,12],[7,7,7,9],[7,11,7,12],[25,11,25,12],[26,11,26,12],[15,7,15,9],[10,11,10,12],[20,7,20,9],[10,7,10,9],[29,7,29,9],[11,7,11,9],[12,7,12,9],[13,7,13,9],[14,7,14,9],[24,7,24,9],[27,11,27,12],[28,11,28,12],[11,11,11,12],[12,11,12,12],[13,11,13,12],[14,11,14,12],[15,11,15,12],[16,11,16,12],[17,11,17,12],[18,11,18,12],[19,11,19,12],[20,11,20,12],[21,11,21,12],[22,11,22,12],[23,11,23,12],[24,11,24,12],[18,7,18,9],[19,7,19,9],[19,15,19,16],[15,13,15,14],[16,13,16,14],[20,15,20,16],[9,13,9,14],[9,15,9,16],[9,11,9,12],[17,13,17,14],[18,13,18,14],[19,13,19,14],[10,13,10,14],[12,13,12,14],[13,13,13,14],[14,13,14,14],[20,13,20,14],[10,15,10,16],[11,15,11,16],[12,15,12,16],[13,15,13,16],[14,15,14,16],[15,15,15,16],[16,15,16,16],[17,15,17,16],[18,15,18,16],[31,7,31,9],[31,11,31,12],[31,13,31,14],[31,15,31,16],[21,15,21,16],[22,15,22,16],[23,15,23,16],[24,15,24,16],[25,15,25,16],[26,15,26,16],[27,15,27,16],[28,15,28,16],[21,7,21,9],[22,7,22,9],[23,7,23,9],[24,13,24,14],[21,13,21,14],[22,13,22,14],[23,13,23,14],[30,11,30,12],[25,7,25,9],[26,7,26,9],[27,7,27,9],[28,7,28,9]],"bounds":{"rows_first":1000,"rows_last":250,"rows_between":1000,"halvings":1}}
["◄","REPORT",null,null,null,null,null,"Saisir uniquement le N° de Fiche en F8 pour avoir le détail enregistré",null,null,null,null,null,null,null,null,"▲","▼","►",null,null,null,null,null,null,null,null,null,"◄",null,null,null,null,null,null,null,null,null,null,"◄"]
["Exit","◄ SAISIE",null,null,null,null,null,null,null,null,null,null,null,null,null,null,"Haut","Bas","Caisse",null,null,null,null,null,null,null,null,null,"Report",null,null,null,null,null,null,null,null,null,null,"Report"]
["Etat","Jour","Date","Fiche","N° Fiche","Client","Réf. Art.","N° Art.","Code Article","Désignation Article","Unité","Quant.","Prix Unité HT","Montant HT Brut","Remise %","Remise Montant","Montant HT Net","Taux TVA","Montant TVA ","Montant TTC","Arrondi","Montant Payé","Prix U. TTC","Obs.","Mois","Ordre"]
[]
["CTS!A1361:A1410"]
[null,null,null,null,null,"CLIENT",{"$f":"IFERROR(VLOOKUP(F10,E:F,2,0),\"\")","v":"NADIA"},null,null,null,{"$f":"IFERROR(INDEX(#REF!,MATCH(G6,#REF!,0)),\"\")","v":""},{"$f":"IF(K6=1,\"Tarif COMPTOIR\",IF(OR(K6=2),\"Tarif CONVENTION\",IF(OR(K6=3),\"Tarif SPECIAL\",\"\")))","v":""},null,null,null,{"$f":"IFERROR(INDEX($A:$A,MATCH(F10,$E:$E,0)),\"\")","v":"P"},{"$f":"+IF(P6=\"P\",\"Payé\",IF(P6=\"C\",\"Crédit\",IF(P6=\"I\",\"Instance\",IF(P6=\"F\",\"Facturé\",\"\"))))","v":"Payé"},null,null,null,null,null,null,null,null,null,null,null,"         Prestations",null,"Quantité","Montant TTC",null,"       Bureautique",null,"Quantité","Montant TTC",null,null,null,"Mois","Total","Payé","Caisse","iCom","Ecart C-i"]
[null,null,null,null,{"$f":"TEXT(F8,\"jj\")","v":"17"},{"$f":"TEXT(F8,\"mmmm\")","v":"mars"},{"$f":"TEXT(F8,\"mm\")","v":"03"},null,null,null,null,"ETAT",null,null,null,null,null,null,null,null,null,null,null,null,null,null,null,null,1,"Copie NB",{"$f":"AD90","v":27467},{"$f":"AE90","v":244310.20730408735},null,1,"Papier",{"$f":"AJ107","v":48},{"$f":"AK107","v":31079.990074390906},null,null,null,1,{"$f":"AD68","v":648259.067600001},{"$f":"AE68","v":535561.8516000011},601263,600179.55000000005,1083.4499999999971]
[null,null,null,null,"Date",{"$f":"IFERROR(INDEX($C37:$C100012,MATCH(F10,$E37:$E100012,0)),\"\")","v":"2021-03-17"},null,"Observations",null,null,null,"Payé",null,"RENDU",null,null,null,null,null,null,null,null,null,null,null,null,null,null,2,"Copie CL",{"$f":"AD116","v":2991},{"$f":"AE116","v":168461.59322601958},null,2,"Encre",{"$f":"AJ134","v":118},{"$f":"AK134","v":7070.2596405409395},null,null,null,2,{"$f":"AI68","v":642339.72430000326},{"$f":"AJ68","v":585337.14000000269},763209,762083,1126,"Montant HT Brut",null,"Remise %","Remise Montant",null,"Montant HT Net","Taux TVA",null,"Montant TVA ","Montant TTC",null,"Timbre","Montant Payé",null,"Prix U. TTC"]
[null,null,null,null,null,null,null,{"$f":"IFERROR(INDEX($X:$X,MATCH(F10,$E:$E,0)),\"\")","v":"Payé 25-03-21"},null,null,null,"Crédit",null,"REÇU",null,null,null,null,null,null,null,null,null,null,null,null,null,null,3,"Impr. NB",{"$f":"AD127","v":3471},{"$f":"AE127","v":65780.266449502073},"Fiche",3,"Reliure",{"$f":"AJ169","v":6},{"$f":"AK169","v":108.82926829268293},null,null,null,3,{"$f":"AN68","v":647483.90229049639},{"$f":"AO68","v":590050.8922904958},640630,641683.80000000005,-1053.8000000000065]
[null,null,null,null,"Fiche","03-224",null,null,null,null,null,"Instance",null,"A PAYER",null,{"$f":"IFERROR(P12-P11,\"\")","v":2540},null,null,null,null,null,null,null,null,null,null,null,null,4,"Impr. CL",{"$f":"AD152","v":1193},{"$f":"AE152","v":99541.322004033311},null,4,"Couverture",{"$f":"AJ187","v":34},{"$f":"AK187","v":4877.0819353122888},null,null,null,4,{"$f":"AS68","v":0},{"$f":"AT68","v":0},0,0,0,"P.U. TTC",null,null,"Montant TTC"]
[null,null,null,null,null,null,null,"Recherche Code",null,null,null,"Facturé",null,"REMISE",null,{"$f":"IFERROR((VLOOKUP(F10,E:P,12,0)*1),\"\")","v":0},null,null,null,null,null,null,null,null,null,null,null,null,5,"Tirage NB",{"$f":"AD160","v":3353.4200000000005},{"$f":"AE160","v":375108.8533814539},null,5,"Classement",{"$f":"AJ253","v":315},{"$f":"AK253","v":33275.270500387778},null,null,null,5,{"$f":"AX68","v":0},{"$f":"AY68","v":0},0,0,0]
[null,null,null,null,null,{"$f":"IF(ISNA(INDEX(#REF!,MATCH(H12,#REF!,0))),\"\",INDEX(#REF!,MATCH(H12,#REF!,0)))","v":{"$error":"#REF!"}},null,"Calque A0 / 90 gr (914 mm x 50 m) Print",null,null,null,null,null,null,null,{"$f":"SUM(P14:Q33)","v":2540},null,null,null,null,null,null,null,null,null,null,null,null,6,"Tirage CL",{"$f":"AD168","v":373.45},{"$f":"AE168","v":225410.0916395995},null,6,"Rangement",{"$f":"AJ284","v":200},{"$f":"AK284","v":8245.009119626031},null,null,null,6,{"$f":"BC68","v":0},{"$f":"BD68","v":0},0,0,0]
["Mois",null,null,null,null,"Article",null,"Désignation Article",null,null,null,"Quantité",null,"P.U. TTC",null,"Montant TTC",null,null,null,null,null,null,null,null,null,null,{"$f":"COUNTIF(D:D,F10)","v":2},null,7,"Print NB",{"$f":"AD175","v":777.00000000000011},{"$f":"AE175","v":172654.40773114286},null,7,"Informatique",{"$f":"AJ296","v":0},{"$f":"AK296","v":0},null,null,null,7,{"$f":"BH68","v":0},{"$f":"BI68","v":0},0,0,0]
["01",null,null,null,1,{"$f":"IFERROR(IF($AA14=\"\",\"\",INDEX($I:$I,MATCH($F$10,D:D,0)+$AA14)),\"\")","v":"I40"},null,{"$f":"IF(ISNA(INDEX(#REF!,MATCH(F14,#REF!,0))),\"\",INDEX(#REF!,MATCH(F14,#REF!,0)))","v":{"$error":"#REF!"}},null,null,null,{"$f":"IFERROR(IF($AA14=\"\",\"\",INDEX($L:$L,MATCH($F$10,D:D,0)+$AA14)),\"\")","v":29},{"$f":"IF($J14=\"\",\"\",INDEX(#REF!,MATCH($AK$11,#REF!,0)+$J14))","v":""},{"$f":"IFERROR(P14/L14,\"\")","v":60},null,{"$f":"IFERROR(IF($AA14=\"\",\"\",INDEX($T:$T,MATCH($F$10,D:D,0)+$AA14)),\"\")","v":1740},null,null,null,null,null,null,null,null,null,null,0,null,8,"Print CL",{"$f":"AD182","v":232.20000000000002},{"$f":"AE182","v":218126.86892815112},null,8,"Divers",{"$f":"AJ350","v":32},{"$f":"AK350","v":3435.1287279799776},null,null,null,8,{"$f":"BM68","v":0},{"$f":"BN68","v":0},0,0,0]
["02",null,null,null,2,"C40",null,"Copie Couleur A4-R /  Papier (aucun aplat)",null,null,null,20,{"$f":"IF($J15=\"\",\"\",INDEX(#REF!,MATCH($AK$11,#REF!,0)+$J15))","v":""},{"$f":"IFERROR(P15/L15,\"\")","v":40},null,800,null,null,null,null,null,null,null,null,null,null,{"$f":"IF(AA14=\"\",\"\",IF(AA14+1>=$AA$13,\"\",AA14+1))","v":1},null,9,"Numér. NB",{"$f":"AD186","v":368.25},{"$f":"AE186","v":21862.422769998189},null,9,"Documents",{"$f":"AJ365+AJ377","v":2},{"$f":"AK365+AK377","v":6000.0000000000009},null,null,null,9,{"$f":"BR68","v":0},{"$f":"BS68","v":0},0,0,0]
["03",null,null,null,3,"",null,"",null,null,null,"",{"$f":"IF($J16=\"\",\"\",INDEX(#REF!,MATCH($AK$11,#REF!,0)+$J16))","v":""},{"$f":"IFERROR(P16/L16,\"\")","v":""},null,"",null,null,null,null,null,null,null,null,null,null,"",null,10,"Numér. CL",{"$f":"AD190","v":429.2},{"$f":"AE190","v":56436.956550906856},null,null,2,"Mois",{"$f":"SUM(AK7:AK15)","v":94091.569266530598},null,null,null,10,{"$f":"BW68","v":0},{"$f":"BX68","v":0},0,0,0]
["04",null,null,null,4,"",null,"",null,null,null,"",{"$f":"IF($J17=\"\",\"\",INDEX(#REF!,MATCH($AK$11,#REF!,0)+$J17))","v":""},{"$f":"IFERROR(P17/L17,\"\")","v":""},null,"",null,null,null,null,null,null,null,null,null,null,"",null,11,"Reliure",{"$f":"AD209","v":168},{"$f":"AE209","v":24598.572901982763},null,null,1,"Mois",{"$f":"AK16/AI16","v":47045.784633265299},null,null,null,11,{"$f":"CB68","v":0},{"$f":"CC68","v":0},0,0,0]
["05",null,null,null,5,"",null,"",null,null,null,"",{"$f":"IF($J18=\"\",\"\",INDEX(#REF!,MATCH($AK$11,#REF!,0)+$J18))","v":""},"",null,"",null,null,null,null,null,null,null,null,null,null,"",null,12,"Façonnage",{"$f":"AD224","v":6960},{"$f":"AE224","v":31508.372357233162},null,null,null,null,null,null,null,null,12,{"$f":"CG68","v":0},{"$f":"CH68","v":0},0,0,0]
["06",null,null,null,6,"",null,"",null,null,null,"",{"$f":"IF($J19=\"\",\"\",INDEX(#REF!,MATCH($AK$11,#REF!,0)+$J19))","v":""},"",null,"",null,null,null,null,null,null,null,null,null,null,"",null,13,"Gravure",{"$f":"AD228","v":13},{"$f":"AE228","v":2432.0641347230512},null,null,null,null,null,null,null,null,null,{"$f":"SUM(AP7:AP18)","v":1938082.6941905008},{"$f":"SUM(AQ7:AQ18)","v":1710949.8838904996},2005102,2003946.35,1155.6499999999905]
["07",null,null,null,7,"",null,"",null,null,null,"",{"$f":"IF($J20=\"\",\"\",INDEX(#REF!,MATCH($AK$11,#REF!,0)+$J20))","v":""},"",null,"",null,null,null,null,null,null,null,null,null,null,"",null,14,"Carte visite",{"$f":"AD232","v":750},{"$f":"AE232","v":21995.238095238099}]
["08",null,null,null,8,"",null,"",null,null,null,"",{"$f":"IF($J21=\"\",\"\",INDEX(#REF!,MATCH($AK$11,#REF!,0)+$J21))","v":""},"",null,"",null,null,null,null,null,null,null,null,null,null,"",null,15,"Manip.",{"$f":"AD237","v":0},{"$f":"AE237","v":0},null,"           TOTAL"]
["09",null,null,null,9,"",null,"",null,null,null,"",{"$f":"IF($J22=\"\",\"\",INDEX(#REF!,MATCH($AK$11,#REF!,0)+$J22))","v":""},"",null,"",null,null,null,null,null,null,null,null,null,null,"",null,16,"Divers",{"$f":"AD247","v":11},{"$f":"AE247","v":0}]
["10",null,null,null,10,"",null,"",null,null,null,"",{"$f":"IF($J23=\"\",\"\",INDEX(#REF!,MATCH($AK$11,#REF!,0)+$J23))","v":""},"",null,"",null,null,null,null,null,null,null,null,null,null,"",null,null,3,"Mois",{"$f":"SUM(AF7:AF22)","v":1728227.237474072},null,null,3,"Mois",{"$f":"AF23+AK16","v":1822318.8067406027}]
["11",null,null,null,11,"",null,"",null,null,null,"",{"$f":"IF($J24=\"\",\"\",INDEX(#REF!,MATCH($AK$11,#REF!,0)+$J24))","v":""},"",null,"",null,null,null,null,null,null,null,null,null,null,"",null,null,1,"Mois",{"$f":"AF23/AD23","v":576075.74582469068},null,null,1,"Mois",{"$f":"AK23/AI23","v":607439.60224686761}]
["12",null,null,null,12,"",null,"",null,null,null,"",{"$f":"IF($J25=\"\",\"\",INDEX(#REF!,MATCH($AK$11,#REF!,0)+$J25))","v":""},"",null,"",null,null,null,null,null,null,null,null,null,null,""]
[null,null,null,null,13,"",null,"",null,null,null,"",{"$f":"IF($J26=\"\",\"\",INDEX(#REF!,MATCH($AK$11,#REF!,0)+$J26))","v":""},"",null,"",null,null,null,null,null,null,null,null,null,null,"",null,null,null,null,null,null,null,null,"Payé",{"$f":"SUMIF($A:$A,\"P\",$T:$T)","v":1710949.8838905001}]
[null,null,null,null,14,"",null,"",null,null,null,"",{"$f":"IF($J27=\"\",\"\",INDEX(#REF!,MATCH($AK$11,#REF!,0)+$J27))","v":""},"",null,"",null,null,null,null,null,null,null,null,null,null,"",null,null,null,null,null,null,null,null,"Crédit",{"$f":"SUMIF($A:$A,\"C\",$T:$T)","v":81790.638000000457}]
[null,null,null,null,15,"",null,"",null,null,null,"",{"$f":"IF($J28=\"\",\"\",INDEX(#REF!,MATCH($AK$11,#REF!,0)+$J28))","v":""},"",null,"",null,null,null,null,null,null,null,null,null,null,"",null,null,null,null,null,null,null,null,"Instance",{"$f":"SUMIF($A:$A,\"I\",$T:$T)","v":91718.399999999994}]
[null,null,null,null,16,"",null,"",null,null,null,"",{"$f":"IF($J29=\"\",\"\",INDEX(#REF!,MATCH($AK$11,#REF!,0)+$J29))","v":""},"",null,"",null,null,null,null,null,null,null,null,null,null,"",null,null,null,null,null,null,null,null,"Facturé",{"$f":"SUMIF($A:$A,\"F\",$T:$T)","v":53623.77230000055}]
[null,null,null,null,17,"",null,"",null,null,null,"",{"$f":"IF($J30=\"\",\"\",INDEX(#REF!,MATCH($AK$11,#REF!,0)+$J30))","v":""},"",null,"",null,null,null,null,null,null,null,null,null,null,"",null,null,null,null,null,null,null,3,"Mois",{"$f":"AK26+AK27+AK28+AK29","v":1938082.694190501}]
[null,null,null,null,18,"",null,"",null,null,null,"",{"$f":"IF($J31=\"\",\"\",INDEX(#REF!,MATCH($AK$11,#REF!,0)+$J31))","v":""},"",null,"",null,null,null,null,null,null,null,null,null,null,"",null,null,null,null,null,null,null,1,"Mois",{"$f":"AK30/AI30","v":646027.56473016704},null,null,null,null,null,null,{"$f":"IFERROR(IF($AA34=\"\",\"\",INDEX($L:$L,MATCH($F$10,#REF!,0)+$AA34)),\"\")","v":""},null,{"$f":"IF($AO31=\"\",\"\",INDEX(#REF!,MATCH($AK$11,#REF!,0)+$AO31))","v":""},{"$f":"IFERROR(AX31/AR31,\"\")","v":""},null,null,{"$f":"IFERROR(IF($AA34=\"\",\"\",INDEX($T:$T,MATCH($F$10,#REF!,0)+$AA34)),\"\")","v":""},null,null,null,null,"OBS.",{"$f":"IFERROR(INDEX($Z2168:$Z11365,MATCH(F10,$E1388:$E11365,0)),\"\")","v":0}]
[null,null,null,null,19,"",null,"",null,null,null,"",{"$f":"IF($J32=\"\",\"\",INDEX(#REF!,MATCH($AK$11,#REF!,0)+$J32))","v":""},"",null,"",null,null,null,null,null,null,null,null,null,null,"",null,null,null,null,null,null,null,{"$f":"IFERROR(IF($AA35=\"\",\"\",INDEX($I:$I,MATCH($F$10,#REF!,0)+$AA35)),\"\")","v":""},null,"",null,null,null,null,null,null,{"$f":"IFERROR(IF($AA35=\"\",\"\",INDEX($L:$L,MATCH($F$10,#REF!,0)+$AA35)),\"\")","v":""},null,{"$f":"IF($AO32=\"\",\"\",INDEX(#REF!,MATCH($AK$11,#REF!,0)+$AO32))","v":""},{"$f":"IFERROR(AX32/AR32,\"\")","v":""},null,null,{"$f":"IFERROR(IF($AA35=\"\",\"\",INDEX($T:$T,MATCH($F$10,#REF!,0)+$AA35)),\"\")","v":""},null,null,null,null,null,null,null,null,null,null,null,null,null,null,null,null,"Facturé"]
[null,null,null,null,20,"",null,"",null,null,null,"",{"$f":"IF($J33=\"\",\"\",INDEX(#REF!,MATCH($AK$11,#REF!,0)+$J33))","v":""},"",null,"",null,null,null,null,null,null,null,null,null,null,"",null,null,null,null,null,null,null,null,null,{"$f":"AK23-AK30","v":-115763.88744989829},null,null,null,null,null,null,null,null,null,null,null,null,null,null,null,null,null,null,null,null,null,null,null,null,null,null,null,null,null,{"$f":"SUM(AD1389:AD1419)","v":0}]
[null,null,null,null,null,null,null,"00:00:00",null,null,null,null,null,"",null,{"$f":"IFERROR(L34*N34,\"\")","v":""},null,null,null,null,null,null,null,null,null,null,""]
[null,null,null,null,null,null,null,null,null,null,null,null,null,null,null,null,null,null,null,{"$f":"SUM(T37:T10006)/2","v":1893691.7504655512},{"$f":"SUM(U37:U10006)","v":16026.031309505834},{"$f":"SUM(V37:V10006)","v":1930832.7843000076},null,null,null,null,null,null,"<>",null,null,"01",null,null,null,null,"02",null,null,null,null,"03",null,null,null,null,"04",null,null,null,null,"05",null,null,null,null,"06",null,null,null,null,"07",null,null,null,null,"08",null,null,null,null,"09",null,null,null,null,"10",null,null,null,null,"11",null,null,null,null,"12",null,null,null,null,"2021"]
["Etat","Jour","Date","Fiche","N° Fiche","Client","Réf. Art.","N° Art.","Code Article","Désignation Article","Unité","Quant.","Prix Unité HT","Montant HT Brut","Remise %","Remise Montant","Montant HT Net","Taux TVA","Montant TVA ","Montant TTC","Arrondi","Montant Payé","Prix U. TTC","Obs.","Mois","Ordre",null,null,null,"Total","Payé","Caisse","iCom","Ecart C-i","Total","Payé","Caisse","iCom","Ecart C-i","Total","Payé","Caisse","iCom","Ecart C-i","Total","Payé","Caisse","iCom","Ecart C-i","Total","Payé","Caisse","iCom","Ecart C-i","Total","Payé","Caisse","iCom","Ecart C-i","Total","Payé","Caisse","iCom","Ecart C-i","Total","Payé","Caisse","iCom","Ecart C-i","Total","Payé","Caisse","iCom","Ecart C-i","Total","Payé","Caisse","iCom","Ecart C-i","Total","Payé","Caisse","iCom","Ecart C-i","Total","Payé","Caisse","iCom","Ecart C-i","Total","Payé","Caisse","iCom","Ecart C-i"]
["P",3,"2021-01-03",null,"01-001","CLIENT",null,null,1,"Tarif COMPTOIR",null,null,null,1411.7647058823529,0,null,1411.7647058823529,0.19,268.23529411764707,1680,{"$f":"IF(CTS_Source[[#This Row],[Montant Payé]]>0,CTS_Source[[#This Row],[Montant TTC]]-CTS_Source[[#This Row],[Montant Payé]],\"\")","v":0},1680,null,0,"01",1,null,null,1,{"$f":"SUMIFS($T:$T,$B:$B,$AC37,$Y:$Y,\"01\")","v":0},{"$f":"SUMIFS($T:$T,$A:$A,\"P\",$B:$B,$AC37,$Y:$Y,\"01\")","v":0},null,null,{"$f":"AF37-AG37","v":0},{"$f":"SUMIFS($T:$T,$B:$B,$AC37,$Y:$Y,\"02\")","v":20870},{"$f":"SUMIFS($T:$T,$A:$A,\"P\",$B:$B,$AC37,$Y:$Y,\"02\")","v":20870},129695,129796,{"$f":"AK37-AL37","v":-101},{"$f":"SUMIFS($T:$T,$B:$B,$AC37,$Y:$Y,\"03\")","v":37532.199999999997},{"$f":"SUMIFS($T:$T,$A:$A,\"P\",$B:$B,$AC37,$Y:$Y,\"03\")","v":37532.199999999997},26510,26497.200000000001,{"$f":"AP37-AQ37","v":12.799999999999272},{"$f":"SUMIFS($T:$T,$B:$B,$AC37,$Y:$Y,\"04\")","v":0},{"$f":"SUMIFS($T:$T,$A:$A,\"P\",$B:$B,$AC37,$Y:$Y,\"04\")","v":0},null,null,{"$f":"AU37-AV37","v":0},{"$f":"SUMIFS($T:$T,$B:$B,$AC37,$Y:$Y,\"04\")","v":0},{"$f":"SUMIFS($T:$T,$A:$A,\"P\",$B:$B,$AC37,$Y:$Y,\"04\")","v":0},null,null,{"$f":"AZ37-BA37","v":0},{"$f":"SUMIFS($T:$T,$B:$B,$AC37,$Y:$Y,\"04\")","v":0},{"$f":"SUMIFS($T:$T,$A:$A,\"P\",$B:$B,$AC37,$Y:$Y,\"04\")","v":0},null,null,{"$f":"BE37-BF37","v":0},{"$f":"SUMIFS($T:$T,$B:$B,$AC37,$Y:$Y,\"04\")","v":0},{"$f":"SUMIFS($T:$T,$A:$A,\"P\",$B:$B,$AC37,$Y:$Y,\"04\")","v":0},null,null,{"$f":"BJ37-BK37","v":0},{"$f":"SUMIFS($T:$T,$B:$B,$AC37,$Y:$Y,\"04\")","v":0},{"$f":"SUMIFS($T:$T,$A:$A,\"P\",$B:$B,$AC37,$Y:$Y,\"04\")","v":0},null,null,{"$f":"BO37-BP37","v":0},{"$f":"SUMIFS($T:$T,$B:$B,$AC37,$Y:$Y,\"04\")","v":0},{"$f":"SUMIFS($T:$T,$A:$A,\"P\",$B:$B,$AC37,$Y:$Y,\"04\")","v":0},null,null,{"$f":"BT37-BU37","v":0},{"$f":"SUMIFS($T:$T,$B:$B,$AC37,$Y:$Y,\"04\")","v":0},{"$f":"SUMIFS($T:$T,$A:$A,\"P\",$B:$B,$AC37,$Y:$Y,\"04\")","v":0},null,null,{"$f":"BY37-BZ37","v":0},{"$f":"SUMIFS($T:$T,$B:$B,$AC37,$Y:$Y,\"04\")","v":0},{"$f":"SUMIFS($T:$T,$A:$A,\"P\",$B:$B,$AC37,$Y:$Y,\"04\")","v":0},null,null,{"$f":"CD37-CE37","v":0},{"$f":"SUMIFS($T:$T,$B:$B,$AC37,$Y:$Y,\"04\")","v":0},{"$f":"SUMIFS($T:$T,$A:$A,\"P\",$B:$B,$AC37,$Y:$Y,\"04\")","v":0},null,null,{"$f":"CI37-CJ37","v":0},{"$f":"AD37+AI37+AN37+AS37+AX37+BC37+BH37+BM37+BR37+BW37+CB37+CG37","v":58402.2},{"$f":"AE37+AJ37+AO37+AT37+AY37+BD37+BI37+BN37+BS37+BX37+CC37+CH37","v":58402.2},{"$f":"AF37+AK37+AP37+AU37+AZ37+BE37+BJ37+BO37+BT37+BY37+CD37+CI37","v":156205},{"$f":"AG37+AL37+AQ37+AV37+BA37+BF37+BK37+BP37+BU37+BZ37+CE37+CJ37","v":156293.20000000001},{"$f":"CN37-CO37","v":-88.200000000011642}]
[null,null,null,"01-001",null,null,"1-PRS",1,"PP0","Traçage Couleur / Papier (aucun aplat)","ML",2,705.88235294117646,1411.7647058823529,-1,0,1411.7647058823529,0.19,268.23529411764707,1680,{"$f":"IF(CTS_Source[[#This Row],[Montant Payé]]>0,CTS_Source[[#This Row],[Montant TTC]]-CTS_Source[[#This Row],[Montant Payé]],\"\")","v":""},null,840,null,null,2,{"$f":"AD37-AE37","v":0},null,2,0,0,null,null,0,19407,15407,17500,17407,{"$f":"AK38-AL38","v":93},0,0,20045,19905,{"$f":"AP38-AQ38","v":140},0,0,null,null,{"$f":"AU38-AV38","v":0},0,0,null,null,{"$f":"AZ38-BA38","v":0},0,0,null,null,{"$f":"BE38-BF38","v":0},0,0,null,null,{"$f":"BJ38-BK38","v":0},0,0,null,null,{"$f":"BO38-BP38","v":0},0,0,null,null,{"$f":"BT38-BU38","v":0},0,0,null,null,{"$f":"BY38-BZ38","v":0},0,0,null,null,{"$f":"CD38-CE38","v":0},0,0,null,null,{"$f":"CI38-CJ38","v":0},19407,15407,37545,{"$f":"AG38+AL38+AQ38+AV38+BA38+BF38+BK38+BP38+BU38+BZ38+CE38+CJ38","v":37312},{"$f":"CN38-CO38","v":233}]
["P",3,"2021-01-03",null,"01-002","CLIENT",null,null,"1","Tarif COMPTOIR",null,null,null,201.68067226890759,0,null,201.68067226890759,0.19,38.319327731092443,240.00000000000003,{"$f":"IF(CTS_Source[[#This Row],[Montant Payé]]>0,CTS_Source[[#This Row],[Montant TTC]]-CTS_Source[[#This Row],[Montant Payé]],\"\")","v":0},240.00000000000003,null,0,"01",3,0,null,3,20864,20864,13972,13844,128,19794.000000000553,19794.000000000553,21794,21794,0,40644.6,25521.599999999999,25570,25521.599999999999,48.400000000001455,0,0,null,null,0,0,0,null,null,0,0,0,null,null,0,0,0,null,null,0,0,0,null,null,0,0,0,null,null,0,0,0,null,null,0,0,0,null,null,0,0,0,null,null,0,81302.600000000559,66179.600000000559,61336,61159.6,176.40000000000146,null,null,null,"²"]
[null,null,null,"01-002",null,null,"1-PRS",1,"C40","Copie Couleur A4-R /  Papier (aucun aplat)","U",6,33.613445378151262,201.68067226890759,-1,0,201.68067226890759,0.19,38.319327731092443,240.00000000000003,{"$f":"IF(CTS_Source[[#This Row],[Montant Payé]]>0,CTS_Source[[#This Row],[Montant TTC]]-CTS_Source[[#This Row],[Montant Payé]],\"\")","v":""},null,40,null,null,4,0,null,4,23744,23744,30665,30605,60,67754.304000000004,58518,56530,56518,12,110564.98042016852,99727.650420168065,107735,107539.6,195.39999999999418,0,0,null,null,0,0,0,null,null,0,0,0,null,null,0,0,0,null,null,0,0,0,null,null,0,0,0,null,null,0,0,0,null,null,0,0,0,null,null,0,0,0,null,null,0,202063.28442016852,181989.65042016807,194930,194662.6,267.39999999999418]
["P",3,"2021-01-03",null,"01-003","CLIENT",null,null,"1","Tarif COMPTOIR",null,null,null,239.49579831932775,0,null,239.49579831932775,0.19,45.504201680672274,285,{"$f":"IF(CTS_Source[[#This Row],[Montant Payé]]>0,CTS_Source[[#This Row],[Montant TTC]]-CTS_Source[[#This Row],[Montant Payé]],\"\")","v":0},285,null,0,"01",5,0,null,5,30602,30602,30507,30507,0,0,0,null,null,0,0,0,null,null,0,0,0,null,null,0,0,0,null,null,0,0,0,null,null,0,0,0,null,null,0,0,0,null,null,0,0,0,null,null,0,0,0,null,null,0,0,0,null,null,0,0,0,null,null,0,30602,30602,30507,30507,0]
[null,null,null,"01-003",null,null,"2-BUR",1,"5-CRPE","Chemise à rabats plastique avec élastiques","U",1,117.64705882352942,117.64705882352942,-1,0,117.64705882352942,0.19,22.352941176470591,140,{"$f":"IF(CTS_Source[[#This Row],[Montant Payé]]>0,CTS_Source[[#This Row],[Montant TTC]]-CTS_Source[[#This Row],[Montant Payé]],\"\")","v":""},null,140,null,null,6,0,null,6,32635,11728,32600,32603,-3,0,0,null,null,0,0,0,null,null,0,0,0,null,null,0,0,0,null,null,0,0,0,null,null,0,0,0,null,null,0,0,0,null,null,0,0,0,null,null,0,0,0,null,null,0,0,0,null,null,0,0,0,null,null,0,32635,11728,32600,32603,-3]
[null,null,null,"01-003",null,null,"2-BUR",2,"2-SF","Stylo à bille Fabs","U",1,21.008403361344538,21.008403361344538,-1,0,21.008403361344538,0.19,3.9915966386554622,25,{"$f":"IF(CTS_Source[[#This Row],[Montant Payé]]>0,CTS_Source[[#This Row],[Montant TTC]]-CTS_Source[[#This Row],[Montant Payé]],\"\")","v":""},null,25,null,null,7,20907,null,7,33436,33436,33440,33426,14,12355,12355,11070,11020,50,34169.000000000553,34169.000000000553,37700,39719,-2019,0,0,null,null,0,0,0,null,null,0,0,0,null,null,0,0,0,null,null,0,0,0,null,null,0,0,0,null,null,0,0,0,null,null,0,0,0,null,null,0,0,0,null,null,0,79960.000000000553,79960.000000000553,82210,84165,-1955]
[null,null,null,"01-003",null,null,"1-PRS",3,"C4","Copie Noir & Blanc A4-R /  Papier","U",12,8.4033613445378155,100.84033613445379,-1,0,100.84033613445379,0.19,19.159663865546221,120.00000000000001,{"$f":"IF(CTS_Source[[#This Row],[Montant Payé]]>0,CTS_Source[[#This Row],[Montant TTC]]-CTS_Source[[#This Row],[Montant Payé]],\"\")","v":""},null,10,null,null,8,0,null,8,0,0,null,0,0,27685.000000000004,27525.000000000004,37600,37525,75,18300,18300,18320,18310,10,0,0,null,null,0,0,0,null,null,0,0,0,null,null,0,0,0,null,null,0,0,0,null,null,0,0,0,null,null,0,0,0,null,null,0,0,0,null,null,0,0,0,null,null,0,45985,45825,55920,55835,85]
["P",3,"2021-01-03",null,"01-004","CLIENT",null,null,"1","Tarif COMPTOIR",null,null,null,252.10084033613447,0,null,252.10084033613447,0.19,47.899159663865547,300,{"$f":"IF(CTS_Source[[#This Row],[Montant Payé]]>0,CTS_Source[[#This Row],[Montant TTC]]-CTS_Source[[#This Row],[Montant Payé]],\"\")","v":0},300,null,0,"01",9,0,null,9,0,0,null,0,0,25617,25617,24590,24584,6,15401,15401,15470,15401,69,0,0,null,null,0,0,0,null,null,0,0,0,null,null,0,0,0,null,null,0,0,0,null,null,0,0,0,null,null,0,0,0,null,null,0,0,0,null,null,0,0,0,null,null,0,41018,41018,40060,39985,75]
[null,null,null,"01-004",null,null,"1-PRS",1,"C3","Copie Noir & Blanc A3-R /  Papier ","U",1,16.806722689075631,16.806722689075631,-1,0,16.806722689075631,0.19,3.1932773109243699,20,{"$f":"IF(CTS_Source[[#This Row],[Montant Payé]]>0,CTS_Source[[#This Row],[Montant TTC]]-CTS_Source[[#This Row],[Montant Payé]],\"\")","v":""},null,20,null,null,10,0,null,10,27016,18254,18127,18127,0,33992.475999999995,31275,28115,27957,158,57438.847999999998,54560,53560,53482,78,0,0,null,null,0,0,0,null,null,0,0,0,null,null,0,0,0,null,null,0,0,0,null,null,0,0,0,null,null,0,0,0,null,null,0,0,0,null,null,0,0,0,null,null,0,118447.32399999999,104089,99802,99566,236]
[null,null,null,"01-004",null,null,"1-PRS",2,"C30","Copie Couleur A3-R /  Papier (aucun aplat)","U",2,67.226890756302524,134.45378151260505,-1,0,134.45378151260505,0.19,25.54621848739496,160,{"$f":"IF(CTS_Source[[#This Row],[Montant Payé]]>0,CTS_Source[[#This Row],[Montant TTC]]-CTS_Source[[#This Row],[Montant Payé]],\"\")","v":""},null,80,null,null,11,8762,null,11,30086.94,26564,36615,36568,47,25104.510000000548,4216,4230,4216,14,27840.400000000001,13161,28840,28840.400000000001,-0.40000000000145519,0,0,null,null,0,0,0,null,null,0,0,0,null,null,0,0,0,null,null,0,0,0,null,null,0,0,0,null,null,0,0,0,null,null,0,0,0,null,null,0,0,0,null,null,0,83031.850000000559,43941,69685,69624.399999999994,60.600000000005821]
[null,null,null,"01-004",null,null,"1-PRS",3,"I30","Impression Couleur A3-R /  Papier (aucun aplat)","U",1,100.84033613445379,100.84033613445379,-1,0,100.84033613445379,0.19,19.159663865546221,120.00000000000001,{"$f":"IF(CTS_Source[[#This Row],[Montant Payé]]>0,CTS_Source[[#This Row],[Montant TTC]]-CTS_Source[[#This Row],[Montant Payé]],\"\")","v":""},null,120,null,null,12,3522.9399999999987,null,12,0,0,null,null,0,0,0,null,null,0,0,0,null,null,0,0,0,null,null,0,0,0,null,null,0,0,0,null,null,0,0,0,null,null,0,0,0,null,null,0,0,0,null,null,0,0,0,null,null,0,0,0,null,null,0,0,0,null,null,0,0,0,0,0,0]
["P",3,"2021-01-03",null,"01-005","CLIENT",null,null,"1","Tarif COMPTOIR",null,null,null,242.0168067226891,0,null,242.0168067226891,0.19,45.983193277310932,288,{"$f":"IF(CTS_Source[[#This Row],[Montant Payé]]>0,CTS_Source[[#This Row],[Montant TTC]]-CTS_Source[[#This Row],[Montant Payé]],\"\")","v":8},280,null,0,"01",13,0,null,13,20236.150000000001,19030.150000000001,24800,24697.15,102.84999999999854,0,0,null,null,0,0,0,null,null,0,0,0,null,null,0,0,0,null,null,0,0,0,null,null,0,0,0,null,null,0,0,0,null,null,0,0,0,null,null,0,0,0,null,null,0,0,0,null,null,0,0,0,null,null,0,20236.150000000001,19030.150000000001,24800,24697.15,102.84999999999854]
[null,null,null,"01-005",null,null,"0-PRS",1,"TC","Tirage Noir & Blanc / Calque ","ML",1.6,151.26050420168067,242.0168067226891,-1,0,242.0168067226891,0.19,45.983193277310932,288,{"$f":"IF(CTS_Source[[#This Row],[Montant Payé]]>0,CTS_Source[[#This Row],[Montant TTC]]-CTS_Source[[#This Row],[Montant Payé]],\"\")","v":""},null,180,null,null,14,1206,null,14,14060.7,14060.7,16315,16064,251,36834,36834,51845,51834,11,89467.432000000001,75553,50110,50103,7,0,0,null,null,0,0,0,null,null,0,0,0,null,null,0,0,0,null,null,0,0,0,null,null,0,0,0,null,null,0,0,0,null,null,0,0,0,null,null,0,0,0,null,null,0,140362.13199999998,126447.7,118270,118001,269]
["P",3,"2021-01-03",null,"01-006","CLIENT",null,null,"1","Tarif COMPTOIR",null,null,null,67.226890756302524,0,null,67.226890756302524,0.19,12.77310924369748,80,{"$f":"IF(CTS_Source[[#This Row],[Montant Payé]]>0,CTS_Source[[#This Row],[Montant TTC]]-CTS_Source[[#This Row],[Montant Payé]],\"\")","v":0},80,null,0,"01",15,0,null,15,0,0,null,0,0,58576.00000000056,58576.00000000056,61955,61151,804,28743.908256880735,28743.908256880735,20200,20200,0,0,0,null,null,0,0,0,null,null,0,0,0,null,null,0,0,0,null,null,0,0,0,null,null,0,0,0,null,null,0,0,0,null,null,0,0,0,null,null,0,0,0,null,null,0,87319.908256881288,87319.908256881288,82155,81351,804]
[null,null,null,"01-006",null,null,"0-PRS",1,"C42","Copie Couleur A4-R /  Papier (tout aplat)","U",1,67.226890756302524,67.226890756302524,-1,0,67.226890756302524,0.19,12.77310924369748,80,{"$f":"IF(CTS_Source[[#This Row],[Montant Payé]]>0,CTS_Source[[#This Row],[Montant TTC]]-CTS_Source[[#This Row],[Montant Payé]],\"\")","v":""},null,80,null,null,16,0,null,16,0,0,null,0,0,81369.240000000005,81136,59140,59136,4,7561,7561,17665,17509,156,0,0,null,null,0,0,0,null,null,0,0,0,null,null,0,0,0,null,null,0,0,0,null,null,0,0,0,null,null,0,0,0,null,null,0,0,0,null,null,0,0,0,null,null,0,88930.240000000005,88697,76805,76645,160]
["P",3,"2021-01-03",null,"01-007","CLIENT",null,null,"1","Tarif COMPTOIR",null,null,null,2988.2352941176473,0,null,2988.2352941176473,0.19,567.76470588235293,3556,{"$f":"IF(CTS_Source[[#This Row],[Montant Payé]]>0,CTS_Source[[#This Row],[Montant TTC]]-CTS_Source[[#This Row],[Montant Payé]],\"\")","v":6},3550,null,0,"01",17,0,null,17,28118,28118,27820,27822,-2,23460.000000000549,23460.000000000549,23510,23510,0,18463.000000000549,18463.000000000549,29000,28883,117,0,0,null,null,0,0,0,null,null,0,0,0,null,null,0,0,0,null,null,0,0,0,null,null,0,0,0,null,null,0,0,0,null,null,0,0,0,null,null,0,0,0,null,null,0,70041.000000001106,70041.000000001106,80330,80215,115]
[null,null,null,"01-007",null,null,"2-BUR",1,"1-P4NR","Papier A4 / 080 gr / 500 f. extra blanc Noram ","U",1,487.39495798319331,487.39495798319331,-1,0,487.39495798319331,0.19,92.605042016806735,580,{"$f":"IF(CTS_Source[[#This Row],[Montant Payé]]>0,CTS_Source[[#This Row],[Montant TTC]]-CTS_Source[[#This Row],[Montant Payé]],\"\")","v":""},null,580,null,null,18,0,null,18,33289.279999999999,28158,36268,36256,12,10737.600000000002,10737.600000000002,10720,10720,0,43417,43417,43315,43427,-112,0,0,null,null,0,0,0,null,null,0,0,0,null,null,0,0,0,null,null,0,0,0,null,null,0,0,0,null,null,0,0,0,null,null,0,0,0,null,null,0,0,0,null,null,0,87443.88,82312.600000000006,90303,90403,-100]
[null,null,null,"01-007",null,null,"1-PRS",2,"PP","Traçage Noir & Blanc / Papier ","ML",6.2,201.68067226890759,1250.420168067227,-1,0,1250.420168067227,0.19,237.57983193277312,1488,{"$f":"IF(CTS_Source[[#This Row],[Montant Payé]]>0,CTS_Source[[#This Row],[Montant TTC]]-CTS_Source[[#This Row],[Montant Payé]],\"\")","v":""},null,240,null,null,19,5131.2799999999988,null,19,32978.005600000004,21378.0016,21635,21261,374,0,0,null,null,0,0,0,null,null,0,0,0,null,null,0,0,0,null,null,0,0,0,null,null,0,0,0,null,null,0,0,0,null,null,0,0,0,null,null,0,0,0,null,null,0,0,0,null,null,0,0,0,null,null,0,32978.005600000004,21378.0016,21635,21261,374]
[null,null,null,"01-007",null,null,"1-PRS",3,"TP","Tirage Noir & Blanc / Papier","ML",12.4,100.84033613445379,1250.420168067227,-1,0,1250.420168067227,0.19,237.57983193277312,1488,{"$f":"IF(CTS_Source[[#This Row],[Montant Payé]]>0,CTS_Source[[#This Row],[Montant TTC]]-CTS_Source[[#This Row],[Montant Payé]],\"\")","v":""},null,120,null,null,20,11600.004000000004,null,20,30612,30612,46515,46720,-205,0,0,null,null,0,0,0,null,null,0,0,0,null,null,0,0,0,null,null,0,0,0,null,null,0,0,0,null,null,0,0,0,null,null,0,0,0,null,null,0,0,0,null,null,0,0,0,null,null,0,0,0,null,null,0,30612,30612,46515,46720,-205]
["P",3,"2021-01-03",null,"01-008","CLIENT",null,null,"1","Tarif COMPTOIR",null,null,null,2909.2436974789921,0,null,2909.2436974789921,0.19,552.75630252100848,3462.0000000000005,{"$f":"IF(CTS_Source[[#This Row],[Montant Payé]]>0,CTS_Source[[#This Row],[Montant TTC]]-CTS_Source[[#This Row],[Montant Payé]],\"\")","v":2},3460.0000000000005,null,0,"01",21,0,null,21,22975,22975,22980,22968,12,11970,11970,21195,21195,0,11980,11980,12045,11976,69,0,0,null,null,0,0,0,null,null,0,0,0,null,null,0,0,0,null,null,0,0,0,null,null,0,0,0,null,null,0,0,0,null,null,0,0,0,null,null,0,0,0,null,null,0,46925,46925,56220,56139,81]
[null,null,null,"01-008",null,null,"1-PRS",1,"TP","Tirage Noir & Blanc / Papier","ML",28.85,100.84033613445379,2909.2436974789921,-1,0,2909.2436974789921,0.19,552.75630252100848,3462.0000000000005,{"$f":"IF(CTS_Source[[#This Row],[Montant Payé]]>0,CTS_Source[[#This Row],[Montant TTC]]-CTS_Source[[#This Row],[Montant Payé]],\"\")","v":""},null,120,null,null,22,0,null,22,0,0,null,0,0,30024.9,30024.9,27485,27485,0,33096.500000000553,33096.500000000553,58730,{"$f":"65546-7000","v":58546},184,0,0,null,null,0,0,0,null,null,0,0,0,null,null,0,0,0,null,null,0,0,0,null,null,0,0,0,null,null,0,0,0,null,null,0,0,0,null,null,0,0,0,null,null,0,63121.400000000554,63121.400000000554,86215,86031,184]
["P",3,"2021-01-03",null,"01-009","CLIENT",null,null,"1","Tarif COMPTOIR",null,null,null,216.80672268907566,0,null,216.80672268907566,0.19,41.193277310924373,258,{"$f":"IF(CTS_Source[[#This Row],[Montant Payé]]>0,CTS_Source[[#This Row],[Montant TTC]]-CTS_Source[[#This Row],[Montant Payé]],\"\")","v":0},258,null,0,"01",23,0,null,23,0,0,null,0,0,25002.800000000552,25002.800000000552,27590,27590,0,19120,19120,37175,37168,7,0,0,null,null,0,0,0,null,null,0,0,0,null,null,0,0,0,null,null,0,0,0,null,null,0,0,0,null,null,0,0,0,null,null,0,0,0,null,null,0,0,0,null,null,0,44122.800000000556,44122.800000000556,64765,64758,7]
[null,null,null,"01-009",null,null,"1-PRS",1,"TP","Tirage Noir & Blanc / Papier","ML",2.15,100.84033613445379,216.80672268907566,-1,0,216.80672268907566,0.19,41.193277310924373,258,{"$f":"IF(CTS_Source[[#This Row],[Montant Payé]]>0,CTS_Source[[#This Row],[Montant TTC]]-CTS_Source[[#This Row],[Montant Payé]],\"\")","v":""},null,120,null,null,24,0,null,24,78498,38658,43700,43645.4,54.599999999998545,51014.998299999999,34678,77020,77020,0,39604.016806722691,39604.016806722691,21280,21326,-46,0,0,null,null,0,0,0,null,null,0,0,0,null,null,0,0,0,null,null,0,0,0,null,null,0,0,0,null,null,0,0,0,null,null,0,0,0,null,null,0,0,0,null,null,0,169117.01510672271,112940.01680672269,142000,141991.4,8.6000000000058208]
["P",3,"2021-01-03",null,"01-010","CLIENT",null,null,"1","Tarif COMPTOIR",null,null,null,466.3865546218488,0,null,466.3865546218488,0.19,88.613445378151269,555,{"$f":"IF(CTS_Source[[#This Row],[Montant Payé]]>0,CTS_Source[[#This Row],[Montant TTC]]-CTS_Source[[#This Row],[Montant Payé]],\"\")","v":0},555,null,0,"01",25,39840,null,25,35345,35345,65260,65197,63,35556.44,35556.44,52205,52205,0,14140.016806722691,14140.016806722691,17360,17330,30,0,0,null,null,0,0,0,null,null,0,0,0,null,null,0,0,0,null,null,0,0,0,null,null,0,0,0,null,null,0,0,0,null,null,0,0,0,null,null,0,0,0,null,null,0,85041.456806722694,85041.456806722694,134825,134732,93]
[null,null,null,"01-010",null,null,"0-PRS",1,"AGP","Agrafage document (agrafes PM) - de 20 f","U",2,8.4033613445378155,16.806722689075631,-1,0,16.806722689075631,0.19,3.1932773109243699,20,{"$f":"IF(CTS_Source[[#This Row],[Montant Payé]]>0,CTS_Source[[#This Row],[Montant TTC]]-CTS_Source[[#This Row],[Montant Payé]],\"\")","v":""},null,10,null,null,26,0,null,26,84648.424000000014,83209.000000000015,46705,46139,566,0,0,null,null,0,0,0,null,null,0,0,0,null,null,0,0,0,null,null,0,0,0,null,null,0,0,0,null,null,0,0,0,null,null,0,0,0,null,null,0,0,0,null,null,0,0,0,null,null,0,0,0,null,null,0,84648.424000000014,83209.000000000015,46705,46139,566]
[null,null,null,"01-010",null,null,"1-PRS",2,"C4","Copie Noir & Blanc A4-R /  Papier","U",51,8.4033613445378155,428.57142857142861,-1,0,428.57142857142861,0.19,81.428571428571431,510.00000000000006,{"$f":"IF(CTS_Source[[#This Row],[Montant Payé]]>0,CTS_Source[[#This Row],[Montant TTC]]-CTS_Source[[#This Row],[Montant Payé]],\"\")","v":""},null,10,null,null,27,1439.4239999999991,null,27,18623,18623,18205,18605,-400,0,0,null,null,0,0,0,null,null,0,0,0,null,null,0,0,0,null,null,0,0,0,null,null,0,0,0,null,null,0,0,0,null,null,0,0,0,null,null,0,0,0,null,null,0,0,0,null,null,0,0,0,null,null,0,18623,18623,18205,18605,-400]
[null,null,null,"01-010",null,null,"2-BUR",3,"2-SF","Stylo à bille Fabs","U",1,21.008403361344538,21.008403361344538,-1,0,21.008403361344538,0.19,3.9915966386554622,25,{"$f":"IF(CTS_Source[[#This Row],[Montant Payé]]>0,CTS_Source[[#This Row],[Montant TTC]]-CTS_Source[[#This Row],[Montant Payé]],\"\")","v":""},null,25,null,null,28,0,null,28,30041.000000001099,13331.0000000011,18329,18329,0,25214.456000000551,21784.400000000551,19420,19420,0,0,0,null,null,0,0,0,null,null,0,0,0,null,null,0,0,0,null,null,0,0,0,null,null,0,0,0,null,null,0,0,0,null,null,0,0,0,null,null,0,0,0,null,null,0,0,0,null,null,0,55255.45600000165,35115.400000001653,37749,37749,0]
["P",3,"2021-01-03",null,"01-011","CLIENT",null,null,"1","Tarif COMPTOIR",null,null,null,554.62184873949582,0,null,554.62184873949582,0.19,105.37815126050421,660.00000000000011,{"$f":"IF(CTS_Source[[#This Row],[Montant Payé]]>0,CTS_Source[[#This Row],[Montant TTC]]-CTS_Source[[#This Row],[Montant Payé]],\"\")","v":0},660.00000000000011,null,0,"01",29,16710,null,29,0,0,null,null,0,0,0,null,null,0,0,0,null,null,0,0,0,null,null,0,0,0,null,null,0,0,0,null,null,0,0,0,null,null,0,0,0,null,null,0,0,0,null,null,0,0,0,null,null,0,0,0,null,null,0,0,0,null,null,0,0,0,0,0,0]
[null,null,null,"01-011",null,null,"1-PRS",1,"C4","Copie Noir & Blanc A4-R /  Papier","U",48,8.4033613445378155,403.36134453781517,-1,0,403.36134453781517,0.19,76.638655462184886,480.00000000000006,{"$f":"IF(CTS_Source[[#This Row],[Montant Payé]]>0,CTS_Source[[#This Row],[Montant TTC]]-CTS_Source[[#This Row],[Montant Payé]],\"\")","v":""},null,10,null,null,30,0,null,30,0,0,null,null,0,0,0,null,null,0,0,0,null,null,0,0,0,null,null,0,0,0,null,null,0,0,0,null,null,0,0,0,null,null,0,0,0,null,null,0,0,0,null,null,0,0,0,null,null,0,0,0,null,null,0,0,0,null,null,0,0,0,0,{"$f":"AG66+AL66+AQ66+AV66+BA66+BF66+BK66+BP66+BU66+BZ66+CE66+CJ66","v":0},{"$f":"CN66-CO66","v":0}]
[null,null,null,"01-011",null,null,"1-PRS",2,"TP","Tirage Noir & Blanc / Papier","ML",1.5,100.84033613445379,151.2605042016807,-1,0,151.2605042016807,0.19,28.739495798319332,180.00000000000003,{"$f":"IF(CTS_Source[[#This Row],[Montant Payé]]>0,CTS_Source[[#This Row],[Montant TTC]]-CTS_Source[[#This Row],[Montant Payé]],\"\")","v":""},null,120,null,null,31,0,null,31,20450.567999999999,16872,16805,16796,9,0,0,null,null,0,0,0,null,null,0,0,0,null,null,0,0,0,null,null,0,0,0,null,null,0,0,0,null,null,0,0,0,null,null,0,0,0,null,null,0,0,0,null,null,0,0,0,null,null,0,0,0,null,null,0,20450.567999999999,16872,16805,16796,9]
["P",3,"2021-01-03",null,"01-012","CLIENT",null,null,"1","Tarif COMPTOIR",null,null,null,1895.7983193277314,0,null,1895.7983193277314,0.19,360.20168067226899,2256.0000000000005,{"$f":"IF(CTS_Source[[#This Row],[Montant Payé]]>0,CTS_Source[[#This Row],[Montant TTC]]-CTS_Source[[#This Row],[Montant Payé]],\"\")","v":6},2250.0000000000005,null,0,"01",32,3578.5679999999993,null,null,{"$f":"SUM(AD37:AD67)","v":648259.067600001},535561.8516000011,{"$f":"SUM(AF37:AF67)","v":601263},{"$f":"SUM(AG37:AG67)","v":600179.55000000005},1083.4499999999971,{"$f":"SUM(AI37:AI67)","v":642339.72430000326},{"$f":"SUM(AJ37:AJ67)","v":585337.14000000269},{"$f":"SUM(AK37:AK67)","v":763209},{"$f":"SUM(AL37:AL67)","v":762083},1126,{"$f":"SUM(AN37:AN67)","v":647483.90229049639},590050.8922904958,640630,641683.80000000005,-1053.8000000000065,0,0,{"$f":"SUM(AU37:AU67)","v":0},0,0,{"$f":"SUM(AX37:AX67)","v":0},0,0,0,0,0,0,0,0,0,0,0,0,0,0,0,0,0,0,0,0,0,0,0,0,0,0,0,0,0,0,0,0,0,0,0,0,0,0,0,1938082.6941905012,1710949.8838904998,{"$f":"SUM(CN37:CN67)","v":2005102},2003946.35,1155.6499999999942]
[null,null,null,"01-012",null,null,"1-PRS",1,"TP","Tirage Noir & Blanc / Papier","ML",18.8,100.84033613445379,1895.7983193277314,-1,0,1895.7983193277314,0.19,360.20168067226899,2256.0000000000005,{"$f":"IF(CTS_Source[[#This Row],[Montant Payé]]>0,CTS_Source[[#This Row],[Montant TTC]]-CTS_Source[[#This Row],[Montant Payé]],\"\")","v":""},null,120,null,null,33,null,null,null,null,null,null,null,null,null,null,{"$f":"AF68+AK68","v":1364472},{"$f":"AG68+AL68","v":1362262.55},{"$f":"AH68+AM68","v":2209.4499999999971},null,null,{"$f":"AF68+AK68+AP68","v":2005102},{"$f":"AG68+AL68+AQ68","v":2003946.35},1155.6499999999905,null,null,{"$f":"AF68+AK68+AP68","v":2005102},{"$f":"AG68+AL68+AQ68","v":2003946.35},1155.6499999999905,null,null,{"$f":"AF68+AK68+AP68+AU68","v":2005102},{"$f":"AG68+AL68+AQ68+AV68","v":2003946.35},1155.6499999999905,null,null,{"$f":"AF68+AK68+AP68+AU68+AZ68","v":2005102},{"$f":"AG68+AL68+AQ68+AV68+BA68","v":2003946.35},1155.6499999999905,null,null,{"$f":"AF68+AK68+AP68+AU68+AZ68+BE68","v":2005102},{"$f":"AG68+AL68+AQ68+AV68+BA68+BF68","v":2003946.35},1155.6499999999905,null,null,{"$f":"AF68+AK68+AP68+AU68+AZ68+BE68+BJ68","v":2005102},{"$f":"AG68+AL68+AQ68+AV68+BA68+BF68+BK68","v":2003946.35},1155.6499999999905,null,null,{"$f":"AF68+AK68+AP68+AU68+AZ68+BE68+BJ68+BO68","v":2005102},{"$f":"AG68+AL68+AQ68+AV68+BA68+BF68+BK68+BP68","v":2003946.35},1155.6499999999905,null,null,{"$f":"AF68+AK68+AP68+AU68+AZ68+BE68+BJ68+BO68+BT68","v":2005102},{"$f":"AG68+AL68+AQ68+AV68+BA68+BF68+BK68+BP68+BU68","v":2003946.35},1155.6499999999905,null,null,{"$f":"AF68+AK68+AP68+AU68+AZ68+BE68+BJ68+BO68+BT68+BY68","v":2005102},{"$f":"AG68+AL68+AQ68+AV68+BA68+BF68+BK68+BP68+BU68+BZ68","v":2003946.35},1155.6499999999905,null,null,{"$f":"AF68+AK68+AP68+AU68+AZ68+BE68+BJ68+BO68+BT68+BY68+CD68","v":2005102},{"$f":"AG68+AL68+AQ68+AV68+BA68+BF68+BK68+BP68+BU68+BZ68+CE68","v":2003946.35},1155.6499999999905,null,null,{"$f":"AF68+AK68+AP68+AU68+AZ68+BE68+BJ68+BO68+BT68+BY68+CD68+CI68","v":2005102},{"$f":"AG68+AL68+AQ68+AV68+BA68+BF68+BK68+BP68+BU68+BZ68+CE68+CJ68","v":2003946.35},1155.6499999999905]
["P",3,"2021-01-03",null,"01-013","CLIENT",null,null,"1","Tarif COMPTOIR",null,null,null,33.613445378151262,0,null,33.613445378151262,0.19,6.3865546218487399,40,{"$f":"IF(CTS_Source[[#This Row],[Montant Payé]]>0,CTS_Source[[#This Row],[Montant TTC]]-CTS_Source[[#This Row],[Montant Payé]],\"\")","v":0},40,null,0,"01",34]
[null,null,null,"01-013",null,null,"0-PRS",1,"N40","Numérisation Couleur A4 à plat","U",1,33.613445378151262,33.613445378151262,-1,0,33.613445378151262,0.19,6.3865546218487399,40,{"$f":"IF(CTS_Source[[#This Row],[Montant Payé]]>0,CTS_Source[[#This Row],[Montant TTC]]-CTS_Source[[#This Row],[Montant Payé]],\"\")","v":""},null,40,null,null,35]
["P",3,"2021-01-03",null,"01-014","CLIENT",null,null,"1","Tarif COMPTOIR",null,null,null,181.51260504201684,0,null,181.51260504201684,0.19,34.487394957983199,216.00000000000006,{"$f":"IF(CTS_Source[[#This Row],[Montant Payé]]>0,CTS_Source[[#This Row],[Montant TTC]]-CTS_Source[[#This Row],[Montant Payé]],\"\")","v":16},200.00000000000006,null,0,"01",36]
[null,null,null,"01-014",null,null,"1-PRS",1,"TP","Tirage Noir & Blanc / Papier","ML",1.8,100.84033613445379,181.51260504201684,-1,0,181.51260504201684,0.19,34.487394957983199,216.00000000000006,{"$f":"IF(CTS_Source[[#This Row],[Montant Payé]]>0,CTS_Source[[#This Row],[Montant TTC]]-CTS_Source[[#This Row],[Montant Payé]],\"\")","v":""},null,120,null,null,37,null,null,"PRESTATIONS","Quantité","Montant TTC",null,null,"BUREAUTIQUE",null,"Quantité","Montant TTC"]
["p",3,"2021-01-03",null,"01-015","CLIENT",null,null,"1","Tarif COMPTOIR",null,null,null,1739.4957983193278,0,null,1739.4957983193278,0.19,330.50420168067234,2070,{"$f":"IF(CTS_Source[[#This Row],[Montant Payé]]>0,CTS_Source[[#This Row],[Montant TTC]]-CTS_Source[[#This Row],[Montant Payé]],\"\")","v":0},2070,null,0,"01",38]
[null,null,null,"01-015",null,null,"0-PRS",1,"R4S1","Reliure  A4 Spirale n° 06 à 18 + Transp. + Bristol","U",1,126.05042016806723,126.05042016806723,-1,0,126.05042016806723,0.19,23.949579831932773,150,{"$f":"IF(CTS_Source[[#This Row],[Montant Payé]]>0,CTS_Source[[#This Row],[Montant TTC]]-CTS_Source[[#This Row],[Montant Payé]],\"\")","v":""},null,150,null,null,39,null,null,"C3",{"$f":"SUMIF($I37:$I$100006,AC75,$L37:$L$100006)","v":514},{"$f":"SUMIF($I37:$I$100006,AC75,$T37:$T$100006)","v":9882.6706415173358},null,null,"1-C0M",null,{"$f":"SUMIF($I37:$I$100006,AH75,$L37:$L$100006)","v":0},{"$f":"SUMIF($I37:$I$100006,AH75,$T37:$T$100006)","v":0}]
[null,null,null,"01-015",null,null,"1-PRS",2,"I40","Impression Couleur A4-R /  Papier (aucun aplat)","U",32,50.420168067226896,1613.4453781512607,-1,0,1613.4453781512607,0.19,306.55462184873954,1920.0000000000002,{"$f":"IF(CTS_Source[[#This Row],[Montant Payé]]>0,CTS_Source[[#This Row],[Montant TTC]]-CTS_Source[[#This Row],[Montant Payé]],\"\")","v":""},null,60,null,null,40,null,null,"C3B",{"$f":"SUMIF($I38:$I$100006,AC76,$L38:$L$100006)","v":17},{"$f":"SUMIF($I38:$I$100006,AC76,$T38:$T$100006)","v":680},null,null,"1-C0P50",null,{"$f":"SUMIF($I38:$I$100006,AH76,$L38:$L$100006)","v":0},{"$f":"SUMIF($I38:$I$100006,AH76,$T38:$T$100006)","v":0}]
["P",3,"2021-01-03",null,"01-016","CLIENT",null,null,"1","Tarif COMPTOIR",null,null,null,504.20168067226899,0,null,504.20168067226899,0.19,95.798319327731107,600.00000000000011,{"$f":"IF(CTS_Source[[#This Row],[Montant Payé]]>0,CTS_Source[[#This Row],[Montant TTC]]-CTS_Source[[#This Row],[Montant Payé]],\"\")","v":0},600.00000000000011,null,0,"01",41,null,null,"C3C",{"$f":"SUMIF($I39:$I$100006,AC77,$L39:$L$100006)","v":0},{"$f":"SUMIF($I39:$I$100006,AC77,$T39:$T$100006)","v":0},null,null,"1-C0T100",null,{"$f":"SUMIF($I39:$I$100006,AH77,$L39:$L$100006)","v":0},{"$f":"SUMIF($I39:$I$100006,AH77,$T39:$T$100006)","v":0}]
[null,null,null,"01-016",null,null,"1-PRS",1,"I30","Impression Couleur A3-R /  Papier (aucun aplat)","U",3,100.84033613445379,302.52100840336141,-1,0,302.52100840336141,0.19,57.478991596638664,360.00000000000006,{"$f":"IF(CTS_Source[[#This Row],[Montant Payé]]>0,CTS_Source[[#This Row],[Montant TTC]]-CTS_Source[[#This Row],[Montant Payé]],\"\")","v":""},null,120,null,null,42,null,null,"C3S",{"$f":"SUMIF($I40:$I$100006,AC78,$L40:$L$100006)","v":2},{"$f":"SUMIF($I40:$I$100006,AC78,$T40:$T$100006)","v":80},null,null,"1-P0F25",null,{"$f":"SUMIF($I40:$I$100006,AH78,$L40:$L$100006)","v":0},{"$f":"SUMIF($I40:$I$100006,AH78,$T40:$T$100006)","v":0}]
[null,null,null,"01-016",null,null,"1-PRS",2,"C30","Copie Couleur A3-R /  Papier (aucun aplat)","U",3,67.226890756302524,201.68067226890759,-1,0,201.68067226890759,0.19,38.319327731092443,240.00000000000003,{"$f":"IF(CTS_Source[[#This Row],[Montant Payé]]>0,CTS_Source[[#This Row],[Montant TTC]]-CTS_Source[[#This Row],[Montant Payé]],\"\")","v":""},null,80,null,null,43,null,null,"C4",{"$f":"SUMIF($I41:$I$100006,AC79,$L41:$L$100006)","v":25143},{"$f":"SUMIF($I41:$I$100006,AC79,$T41:$T$100006)","v":194751.77352528696},null,null,"1-P0F30",null,{"$f":"SUMIF($I41:$I$100006,AH79,$L41:$L$100006)","v":0},{"$f":"SUMIF($I41:$I$100006,AH79,$T41:$T$100006)","v":0}]
["P",3,"2021-01-03",null,"01-017","CLIENT",null,null,"1","Tarif COMPTOIR",null,null,null,100.84033613445379,0,null,100.84033613445379,0.19,19.159663865546221,120,{"$f":"IF(CTS_Source[[#This Row],[Montant Payé]]>0,CTS_Source[[#This Row],[Montant TTC]]-CTS_Source[[#This Row],[Montant Payé]],\"\")","v":0},120,null,0,"01",44,null,null,"C4B",{"$f":"SUMIF($I42:$I$100006,AC80,$L42:$L$100006)","v":8},{"$f":"SUMIF($I42:$I$100006,AC80,$T42:$T$100006)","v":157.09125475285171},null,null,"1-P0M",null,{"$f":"SUMIF($I42:$I$100006,AH80,$L42:$L$100006)","v":0},{"$f":"SUMIF($I42:$I$100006,AH80,$T42:$T$100006)","v":0}]
[null,null,null,"01-017",null,null,"0-PRS",1,"I41","Impression Couleur A4-R /  Papier (avec aplats)","U",1,67.226890756302524,67.226890756302524,-1,0,67.226890756302524,0.19,12.77310924369748,80,{"$f":"IF(CTS_Source[[#This Row],[Montant Payé]]>0,CTS_Source[[#This Row],[Montant TTC]]-CTS_Source[[#This Row],[Montant Payé]],\"\")","v":""},null,80,null,null,45,null,null,"C4C",{"$f":"SUMIF($I43:$I$100006,AC81,$L43:$L$100006)","v":0},{"$f":"SUMIF($I43:$I$100006,AC81,$T43:$T$100006)","v":0},null,null,"1-P0P120",null,{"$f":"SUMIF($I43:$I$100006,AH81,$L43:$L$100006)","v":1},{"$f":"SUMIF($I43:$I$100006,AH81,$T43:$T$100006)","v":3190}]
[null,null,null,"01-017",null,null,"1-PRS",2,"I4","Impression Noir & Blanc A4-R /  Papier","U",2,16.806722689075631,33.613445378151262,-1,0,33.613445378151262,0.19,6.3865546218487399,40,{"$f":"IF(CTS_Source[[#This Row],[Montant Payé]]>0,CTS_Source[[#This Row],[Montant TTC]]-CTS_Source[[#This Row],[Montant Payé]],\"\")","v":""},null,20,null,null,46,null,null,"C4S",{"$f":"SUMIF($I44:$I$100006,AC82,$L44:$L$100006)","v":646},{"$f":"SUMIF($I44:$I$100006,AC82,$T44:$T$100006)","v":11958.863630553889},null,null,"1-P0P50",null,{"$f":"SUMIF($I44:$I$100006,AH82,$L44:$L$100006)","v":0},{"$f":"SUMIF($I44:$I$100006,AH82,$T44:$T$100006)","v":0}]
["P",3,"2021-01-03",null,"01-018","CLIENT",null,null,"1","Tarif COMPTOIR",null,null,null,2470.5882352941176,0,null,2470.5882352941176,0.19,469.41176470588243,2940,{"$f":"IF(CTS_Source[[#This Row],[Montant Payé]]>0,CTS_Source[[#This Row],[Montant TTC]]-CTS_Source[[#This Row],[Montant Payé]],\"\")","v":0},2940,null,0,"01",47,null,null,"C4TC",{"$f":"SUMIF($I45:$I$100006,AC83,$L45:$L$100006)","v":0},{"$f":"SUMIF($I45:$I$100006,AC83,$T45:$T$100006)","v":0},null,null,"1-P0P90",null,{"$f":"SUMIF($I45:$I$100006,AH83,$L45:$L$100006)","v":0},{"$f":"SUMIF($I45:$I$100006,AH83,$T45:$T$100006)","v":0}]
[null,null,null,"01-018",null,null,"0-PRS",1,"C4S","Copie Noir & Blanc A4-R /  Papier / Spéciale","U",132,16.806722689075631,2218.4873949579833,-1,0,2218.4873949579833,0.19,421.51260504201684,2640,{"$f":"IF(CTS_Source[[#This Row],[Montant Payé]]>0,CTS_Source[[#This Row],[Montant TTC]]-CTS_Source[[#This Row],[Montant Payé]],\"\")","v":""},null,20,null,null,48,null,null,"C6",{"$f":"SUMIF($I46:$I$100006,AC84,$L46:$L$100006)","v":213},{"$f":"SUMIF($I46:$I$100006,AC84,$T46:$T$100006)","v":7823.8660301774444},null,null,"1-P0T150",null,{"$f":"SUMIF($I46:$I$100006,AH84,$L46:$L$100006)","v":0},{"$f":"SUMIF($I46:$I$100006,AH84,$T46:$T$100006)","v":0}]
[null,null,null,"01-018",null,null,"1-PRS",2,"C8","Copie Noir & Blanc A4-RV /  Papier","U",1,16.806722689075631,16.806722689075631,-1,0,16.806722689075631,0.19,3.1932773109243699,20,{"$f":"IF(CTS_Source[[#This Row],[Montant Payé]]>0,CTS_Source[[#This Row],[Montant TTC]]-CTS_Source[[#This Row],[Montant Payé]],\"\")","v":""},null,20,null,null,49,null,null,"C6B",{"$f":"SUMIF($I47:$I$100006,AC85,$L47:$L$100006)","v":6},{"$f":"SUMIF($I47:$I$100006,AC85,$T47:$T$100006)","v":360.00000000000006},null,null,"1-P0T175",null,{"$f":"SUMIF($I47:$I$100006,AH85,$L47:$L$100006)","v":0},{"$f":"SUMIF($I47:$I$100006,AH85,$T47:$T$100006)","v":0}]
[null,null,null,"01-018",null,null,"0-PRS",3,"C8S","Copie Noir & Blanc A4-RV /  Papier / Spéciale ","U",1,50.420168067226896,50.420168067226896,-1,0,50.420168067226896,0.19,9.5798319327731107,60.000000000000007,{"$f":"IF(CTS_Source[[#This Row],[Montant Payé]]>0,CTS_Source[[#This Row],[Montant TTC]]-CTS_Source[[#This Row],[Montant Payé]],\"\")","v":""},null,60,null,null,50,null,null,"C6S",{"$f":"SUMIF($I48:$I$100006,AC86,$L48:$L$100006)","v":5},{"$f":"SUMIF($I48:$I$100006,AC86,$T48:$T$100006)","v":400},null,null,"1-P1T150",null,{"$f":"SUMIF($I48:$I$100006,AH86,$L48:$L$100006)","v":1},{"$f":"SUMIF($I48:$I$100006,AH86,$T48:$T$100006)","v":2765.8385093167708}]
[null,null,null,"01-018",null,null,"1-PRS",4,"C4","Copie Noir & Blanc A4-R /  Papier","U",22,8.4033613445378155,184.87394957983193,-1,0,184.87394957983193,0.19,35.12605042016807,220,{"$f":"IF(CTS_Source[[#This Row],[Montant Payé]]>0,CTS_Source[[#This Row],[Montant TTC]]-CTS_Source[[#This Row],[Montant Payé]],\"\")","v":""},null,10,null,null,51,null,null,"C8",{"$f":"SUMIF($I49:$I$100006,AC87,$L49:$L$100006)","v":895},{"$f":"SUMIF($I49:$I$100006,AC87,$T49:$T$100006)","v":17464.58738308922},null,null,"1-P1T175",null,{"$f":"SUMIF($I49:$I$100006,AH87,$L49:$L$100006)","v":0},{"$f":"SUMIF($I49:$I$100006,AH87,$T49:$T$100006)","v":0}]
["P",3,"2021-01-03",null,"01-019","CLIENT",null,null,"1","Tarif COMPTOIR",null,null,null,166.38655462184875,0,null,166.38655462184875,0.19,31.613445378151262,198,{"$f":"IF(CTS_Source[[#This Row],[Montant Payé]]>0,CTS_Source[[#This Row],[Montant TTC]]-CTS_Source[[#This Row],[Montant Payé]],\"\")","v":3},195,null,0,"01",52,null,null,"C8B",{"$f":"SUMIF($I50:$I$100006,AC88,$L50:$L$100006)","v":0},{"$f":"SUMIF($I50:$I$100006,AC88,$T50:$T$100006)","v":0},null,null,"1-P2T150",null,{"$f":"SUMIF($I50:$I$100006,AH88,$L50:$L$100006)","v":0},{"$f":"SUMIF($I50:$I$100006,AH88,$T50:$T$100006)","v":0}]
[null,null,null,"01-019",null,null,"1-PRS",1,"TP","Tirage Noir & Blanc / Papier","ML",1.65,100.84033613445379,166.38655462184875,-1,0,166.38655462184875,0.19,31.613445378151262,198,{"$f":"IF(CTS_Source[[#This Row],[Montant Payé]]>0,CTS_Source[[#This Row],[Montant TTC]]-CTS_Source[[#This Row],[Montant Payé]],\"\")","v":""},null,120,null,null,53,null,null,"C8S",{"$f":"SUMIF($I51:$I$100006,AC89,$L51:$L$100006)","v":18},{"$f":"SUMIF($I51:$I$100006,AC89,$T51:$T$100006)","v":751.35483870967744},null,null,"1-P2T175",null,{"$f":"SUMIF($I51:$I$100006,AH89,$L51:$L$100006)","v":0},{"$f":"SUMIF($I51:$I$100006,AH89,$T51:$T$100006)","v":0}]
["P",3,"2021-01-03",null,"01-020","CLIENT",null,null,"1","Tarif COMPTOIR",null,null,null,579.83193277310932,0,null,579.83193277310932,0.19,110.16806722689077,690.00000000000011,{"$f":"IF(CTS_Source[[#This Row],[Montant Payé]]>0,CTS_Source[[#This Row],[Montant TTC]]-CTS_Source[[#This Row],[Montant Payé]],\"\")","v":0},690.00000000000011,null,0,"01",54,null,null,"-",{"$f":"SUM(AD75:AD89)","v":27467},{"$f":"SUM(AE75:AE89)","v":244310.20730408735},null,null,"1-P3FB",null,{"$f":"SUMIF($I52:$I$100006,AH90,$L52:$L$100006)","v":1},{"$f":"SUMIF($I52:$I$100006,AH90,$T52:$T$100006)","v":1300}]
[null,null,null,"01-020",null,null,"1-PRS",1,"TP","Tirage Noir & Blanc / Papier","ML",5.75,100.84033613445379,579.83193277310932,-1,0,579.83193277310932,0.19,110.16806722689077,690.00000000000011,{"$f":"IF(CTS_Source[[#This Row],[Montant Payé]]>0,CTS_Source[[#This Row],[Montant TTC]]-CTS_Source[[#This Row],[Montant Payé]],\"\")","v":""},null,120,null,null,55,null,null,"C30",{"$f":"SUMIF($I53:$I$100006,AC91,$L53:$L$100006)","v":337},{"$f":"SUMIF($I53:$I$100006,AC91,$T53:$T$100006)","v":26529.966484668214},null,null,"1-P3RG",null,{"$f":"SUMIF($I53:$I$100006,AH91,$L53:$L$100006)","v":0},{"$f":"SUMIF($I53:$I$100006,AH91,$T53:$T$100006)","v":0}]
["P",4,"2021-01-04",null,"01-021","CLIENT",null,null,"1","Tarif COMPTOIR",null,null,null,1230.2521008403362,0,null,1230.2521008403362,0.19,233.74789915966389,1464,{"$f":"IF(CTS_Source[[#This Row],[Montant Payé]]>0,CTS_Source[[#This Row],[Montant TTC]]-CTS_Source[[#This Row],[Montant Payé]],\"\")","v":4},1460,null,0,"01",56,null,null,"C30B",{"$f":"SUMIF($I54:$I$100006,AC92,$L54:$L$100006)","v":5},{"$f":"SUMIF($I54:$I$100006,AC92,$T54:$T$100006)","v":500},null,null,"1-P3XP",null,{"$f":"SUMIF($I54:$I$100006,AH92,$L54:$L$100006)","v":0},{"$f":"SUMIF($I54:$I$100006,AH92,$T54:$T$100006)","v":0}]
[null,null,null,"01-021",null,null,"1-PRS",1,"PP","Traçage Noir & Blanc / Papier ","ML",3.05,201.68067226890759,615.1260504201681,-1,0,615.1260504201681,0.19,116.87394957983194,732,{"$f":"IF(CTS_Source[[#This Row],[Montant Payé]]>0,CTS_Source[[#This Row],[Montant TTC]]-CTS_Source[[#This Row],[Montant Payé]],\"\")","v":""},null,240,null,null,57,null,null,"C31",{"$f":"SUMIF($I55:$I$100006,AC93,$L55:$L$100006)","v":39},{"$f":"SUMIF($I55:$I$100006,AC93,$T55:$T$100006)","v":4447.823708206688},null,null,"1-P4A250",null,{"$f":"SUMIF($I55:$I$100006,AH93,$L55:$L$100006)","v":0},{"$f":"SUMIF($I55:$I$100006,AH93,$T55:$T$100006)","v":0}]
[null,null,null,"01-021",null,null,"1-PRS",2,"TP","Tirage Noir & Blanc / Papier","ML",6.1,100.84033613445379,615.1260504201681,-1,0,615.1260504201681,0.19,116.87394957983194,732,{"$f":"IF(CTS_Source[[#This Row],[Montant Payé]]>0,CTS_Source[[#This Row],[Montant TTC]]-CTS_Source[[#This Row],[Montant Payé]],\"\")","v":""},null,120,null,null,58,null,null,"C31B",{"$f":"SUMIF($I56:$I$100006,AC94,$L56:$L$100006)","v":15},{"$f":"SUMIF($I56:$I$100006,AC94,$T56:$T$100006)","v":2030},null,null,"1-P4AL",null,{"$f":"SUMIF($I56:$I$100006,AH94,$L56:$L$100006)","v":0},{"$f":"SUMIF($I56:$I$100006,AH94,$T56:$T$100006)","v":0}]
["P",4,"2021-01-04",null,"01-022","CLIENT",null,null,"1","Tarif COMPTOIR",null,null,null,1954.621848739496,0,null,1954.621848739496,0.19,371.37815126050424,2326.0000000000005,{"$f":"IF(CTS_Source[[#This Row],[Montant Payé]]>0,CTS_Source[[#This Row],[Montant TTC]]-CTS_Source[[#This Row],[Montant Payé]],\"\")","v":1},2325.0000000000005,null,0,"01",59,null,null,"C32",{"$f":"SUMIF($I57:$I$100006,AC95,$L57:$L$100006)","v":66},{"$f":"SUMIF($I57:$I$100006,AC95,$T57:$T$100006)","v":10526.666666666668},null,null,"1-P4AL250",null,{"$f":"SUMIF($I57:$I$100006,AH95,$L57:$L$100006)","v":0},{"$f":"SUMIF($I57:$I$100006,AH95,$T57:$T$100006)","v":0}]
[null,null,null,"01-022",null,null,"1-PRS",1,"C3","Copie Noir & Blanc A3-R /  Papier ","U",2,16.806722689075631,33.613445378151262,-1,0,33.613445378151262,0.19,6.3865546218487399,40,{"$f":"IF(CTS_Source[[#This Row],[Montant Payé]]>0,CTS_Source[[#This Row],[Montant TTC]]-CTS_Source[[#This Row],[Montant Payé]],\"\")","v":""},null,20,null,null,60,null,null,"C32B",{"$f":"SUMIF($I58:$I$100006,AC96,$L58:$L$100006)","v":3},{"$f":"SUMIF($I58:$I$100006,AC96,$T58:$T$100006)","v":540},null,null,"1-P4C250",null,{"$f":"SUMIF($I58:$I$100006,AH96,$L58:$L$100006)","v":0},{"$f":"SUMIF($I58:$I$100006,AH96,$T58:$T$100006)","v":0}]
[null,null,null,"01-022",null,null,"1-PRS",2,"TP","Tirage Noir & Blanc / Papier","ML",19.05,100.84033613445379,1921.0084033613448,-1,0,1921.0084033613448,0.19,364.99159663865549,2286.0000000000005,{"$f":"IF(CTS_Source[[#This Row],[Montant Payé]]>0,CTS_Source[[#This Row],[Montant TTC]]-CTS_Source[[#This Row],[Montant Payé]],\"\")","v":""},null,120,null,null,61,null,null,"C40",{"$f":"SUMIF($I59:$I$100006,AC97,$L59:$L$100006)","v":1724},{"$f":"SUMIF($I59:$I$100006,AC97,$T59:$T$100006)","v":67007.132063216341},null,null,"1-P4C500",null,{"$f":"SUMIF($I59:$I$100006,AH97,$L59:$L$100006)","v":0},{"$f":"SUMIF($I59:$I$100006,AH97,$T59:$T$100006)","v":0}]
["P",4,"2021-01-04",null,"01-023","CLIENT",null,null,"1","Tarif COMPTOIR",null,null,null,2907.5630252100841,0,null,2907.5630252100841,0.19,552.43697478991601,3460,{"$f":"IF(CTS_Source[[#This Row],[Montant Payé]]>0,CTS_Source[[#This Row],[Montant TTC]]-CTS_Source[[#This Row],[Montant Payé]],\"\")","v":0},3460,null,0,"01",62,null,null,"C40B",{"$f":"SUMIF($I60:$I$100006,AC98,$L60:$L$100006)","v":53},{"$f":"SUMIF($I60:$I$100006,AC98,$T60:$T$100006)","v":2650},null,null,"1-P4F100",null,{"$f":"SUMIF($I60:$I$100006,AH98,$L60:$L$100006)","v":6},{"$f":"SUMIF($I60:$I$100006,AH98,$T60:$T$100006)","v":1080}]
[null,null,null,"01-023",null,null,"2-BUR",1,"5-CCC60","Chemise de classement en carte lustrée D.60","U",1,201.68067226890759,201.68067226890759,-1,0,201.68067226890759,0.19,38.319327731092443,240.00000000000003,{"$f":"IF(CTS_Source[[#This Row],[Montant Payé]]>0,CTS_Source[[#This Row],[Montant TTC]]-CTS_Source[[#This Row],[Montant Payé]],\"\")","v":""},null,240,null,null,63,null,null,"C40S",{"$f":"SUMIF($I61:$I$100006,AC99,$L61:$L$100006)","v":5},{"$f":"SUMIF($I61:$I$100006,AC99,$T61:$T$100006)","v":392},null,null,"1-P4F250",null,{"$f":"SUMIF($I61:$I$100006,AH99,$L61:$L$100006)","v":0},{"$f":"SUMIF($I61:$I$100006,AH99,$T61:$T$100006)","v":0}]
[null,null,null,"01-023",null,null,"2-BUR",2,"5-CCC25","Chemise de classement en carte lustrée D.25","U",1,134.45378151260505,134.45378151260505,-1,0,134.45378151260505,0.19,25.54621848739496,160,{"$f":"IF(CTS_Source[[#This Row],[Montant Payé]]>0,CTS_Source[[#This Row],[Montant TTC]]-CTS_Source[[#This Row],[Montant Payé]],\"\")","v":""},null,160,null,null,64,null,null,"C41",{"$f":"SUMIF($I62:$I$100006,AC100,$L62:$L$100006)","v":239},{"$f":"SUMIF($I62:$I$100006,AC100,$T62:$T$100006)","v":12780.177807281085},null,null,"1-P4FB",null,{"$f":"SUMIF($I62:$I$100006,AH100,$L62:$L$100006)","v":0},{"$f":"SUMIF($I62:$I$100006,AH100,$T62:$T$100006)","v":0}]
[null,null,null,"01-023",null,null,"1-PRS",3,"PP","Traçage Noir & Blanc / Papier ","ML",3.3,201.68067226890759,665.54621848739498,-1,0,665.54621848739498,0.19,126.45378151260505,792,{"$f":"IF(CTS_Source[[#This Row],[Montant Payé]]>0,CTS_Source[[#This Row],[Montant TTC]]-CTS_Source[[#This Row],[Montant Payé]],\"\")","v":""},null,240,null,null,65,null,null,"C41B",{"$f":"SUMIF($I63:$I$100006,AC101,$L63:$L$100006)","v":20},{"$f":"SUMIF($I63:$I$100006,AC101,$T63:$T$100006)","v":1400},null,null,"1-P4NR",null,{"$f":"SUMIF($I63:$I$100006,AH101,$L63:$L$100006)","v":38},{"$f":"SUMIF($I63:$I$100006,AH101,$T63:$T$100006)","v":22040}]
[null,null,null,"01-023",null,null,"1-PRS",4,"TP","Tirage Noir & Blanc / Papier","ML",18.899999999999999,100.84033613445379,1905.8823529411766,-1,0,1905.8823529411766,0.19,362.11764705882354,2268,{"$f":"IF(CTS_Source[[#This Row],[Montant Payé]]>0,CTS_Source[[#This Row],[Montant TTC]]-CTS_Source[[#This Row],[Montant Payé]],\"\")","v":""},null,120,null,null,66,null,null,"C42",{"$f":"SUMIF($I64:$I$100006,AC102,$L64:$L$100006)","v":352},{"$f":"SUMIF($I64:$I$100006,AC102,$T64:$T$100006)","v":27653.296685365665},null,null,"1-P4NV",null,{"$f":"SUMIF($I64:$I$100006,AH102,$L64:$L$100006)","v":1},{"$f":"SUMIF($I64:$I$100006,AH102,$T64:$T$100006)","v":704.15156507413519}]
["P",4,"2021-01-04",null,"01-024","CLIENT",null,null,"1","Tarif COMPTOIR",null,null,null,33.613445378151262,0,null,33.613445378151262,0.19,6.3865546218487399,40,{"$f":"IF(CTS_Source[[#This Row],[Montant Payé]]>0,CTS_Source[[#This Row],[Montant TTC]]-CTS_Source[[#This Row],[Montant Payé]],\"\")","v":0},40,null,0,"01",67,null,null,"C42B",{"$f":"SUMIF($I65:$I$100006,AC103,$L65:$L$100006)","v":50},{"$f":"SUMIF($I65:$I$100006,AC103,$T65:$T$100006)","v":4371.0989010989015},null,null,"1-P4RG",null,{"$f":"SUMIF($I65:$I$100006,AH103,$L65:$L$100006)","v":0},{"$f":"SUMIF($I65:$I$100006,AH103,$T65:$T$100006)","v":0}]
[null,null,null,"01-024",null,null,"1-PRS",1,"N4","Numérisation Noir & Blanc A4 à plat","U",2,16.806722689075631,33.613445378151262,-1,0,33.613445378151262,0.19,6.3865546218487399,40,{"$f":"IF(CTS_Source[[#This Row],[Montant Payé]]>0,CTS_Source[[#This Row],[Montant TTC]]-CTS_Source[[#This Row],[Montant Payé]],\"\")","v":""},null,20,null,null,68,null,null,"C60",{"$f":"SUMIF($I66:$I$100006,AC104,$L66:$L$100006)","v":9},{"$f":"SUMIF($I66:$I$100006,AC104,$T66:$T$100006)","v":1392},null,null,"1-P4TR",null,{"$f":"SUMIF($I66:$I$100006,AH104,$L66:$L$100006)","v":0},{"$f":"SUMIF($I66:$I$100006,AH104,$T66:$T$100006)","v":0}]
["P",4,"2021-01-04",null,"01-025","CLIENT",null,null,"1","Tarif COMPTOIR",null,null,null,1596.6386554621849,0,null,1596.6386554621849,0.19,303.36134453781517,1900,{"$f":"IF(CTS_Source[[#This Row],[Montant Payé]]>0,CTS_Source[[#This Row],[Montant TTC]]-CTS_Source[[#This Row],[Montant Payé]],\"\")","v":0},1900,null,0,"01",69,null,null,"C60B",{"$f":"SUMIF($I67:$I$100006,AC105,$L67:$L$100006)","v":0},{"$f":"SUMIF($I67:$I$100006,AC105,$T67:$T$100006)","v":0},null,null,"1-P4XB",null,{"$f":"SUMIF($I67:$I$100006,AH105,$L67:$L$100006)","v":0},{"$f":"SUMIF($I67:$I$100006,AH105,$T67:$T$100006)","v":0}]
[null,null,null,"01-025",null,null,"1-PRS",1,"PPP","Traçage Couleur / Papier Photo","ML",0.5,2218.4873949579833,1109.2436974789916,-1,0,1109.2436974789916,0.19,210.75630252100842,1320,{"$f":"IF(CTS_Source[[#This Row],[Montant Payé]]>0,CTS_Source[[#This Row],[Montant TTC]]-CTS_Source[[#This Row],[Montant Payé]],\"\")","v":""},null,2640,null,null,70,null,null,"C61",{"$f":"SUMIF($I68:$I$100006,AC106,$L68:$L$100006)","v":2},{"$f":"SUMIF($I68:$I$100006,AC106,$T68:$T$100006)","v":364.83516483516485},null,null,"1-P4XR",null,{"$f":"SUMIF($I68:$I$100006,AH106,$L68:$L$100006)","v":0},{"$f":"SUMIF($I68:$I$100006,AH106,$T68:$T$100006)","v":0}]
[null,null,null,"01-025",null,null,"2-BUR",2,"2-SF","Stylo à bille Fabs","U",2,21.008403361344538,42.016806722689076,-1,0,42.016806722689076,0.19,7.9831932773109244,50,{"$f":"IF(CTS_Source[[#This Row],[Montant Payé]]>0,CTS_Source[[#This Row],[Montant TTC]]-CTS_Source[[#This Row],[Montant Payé]],\"\")","v":""},null,25,null,null,71,null,null,"C61B",{"$f":"SUMIF($I69:$I$100006,AC107,$L69:$L$100006)","v":0},{"$f":"SUMIF($I69:$I$100006,AC107,$T69:$T$100006)","v":0},null,null,"-",null,{"$f":"SUM(AJ75:AJ106)","v":48},{"$f":"SUM(AK75:AK106)","v":31079.990074390906}]
[null,null,null,"01-025",null,null,"2-BUR",3,"5-PPN100","Pochette perforée A4  neutre / 100 u","U",1,445.37815126050424,445.37815126050424,-1,0,445.37815126050424,0.19,84.621848739495803,530,{"$f":"IF(CTS_Source[[#This Row],[Montant Payé]]>0,CTS_Source[[#This Row],[Montant TTC]]-CTS_Source[[#This Row],[Montant Payé]],\"\")","v":""},null,530,null,null,72,null,null,"C62",{"$f":"SUMIF($I70:$I$100006,AC108,$L70:$L$100006)","v":0},{"$f":"SUMIF($I70:$I$100006,AC108,$T70:$T$100006)","v":0},null,null,"2-CN",null,{"$f":"SUMIF($I70:$I$100006,AH108,$L70:$L$100006)","v":15},{"$f":"SUMIF($I70:$I$100006,AH108,$T70:$T$100006)","v":368.90894819466246}]
["P",4,"2021-01-04",null,"01-026","CLIENT",null,null,"1","Tarif COMPTOIR",null,null,null,33.613445378151262,0,null,33.613445378151262,0.19,6.3865546218487399,40,{"$f":"IF(CTS_Source[[#This Row],[Montant Payé]]>0,CTS_Source[[#This Row],[Montant TTC]]-CTS_Source[[#This Row],[Montant Payé]],\"\")","v":0},40,null,0,"01",73,null,null,"C62B",{"$f":"SUMIF($I71:$I$100006,AC109,$L71:$L$100006)","v":0},{"$f":"SUMIF($I71:$I$100006,AC109,$T71:$T$100006)","v":0},null,null,"2-CN12",null,{"$f":"SUMIF($I71:$I$100006,AH109,$L71:$L$100006)","v":0},{"$f":"SUMIF($I71:$I$100006,AH109,$T71:$T$100006)","v":0}]
[null,null,null,"01-026",null,null,"0-PRS",1,"N40","Numérisation Couleur A4 à plat","U",1,33.613445378151262,33.613445378151262,-1,0,33.613445378151262,0.19,6.3865546218487399,40,{"$f":"IF(CTS_Source[[#This Row],[Montant Payé]]>0,CTS_Source[[#This Row],[Montant TTC]]-CTS_Source[[#This Row],[Montant Payé]],\"\")","v":""},null,40,null,null,74,null,null,"C80",{"$f":"SUMIF($I72:$I$100006,AC110,$L72:$L$100006)","v":69},{"$f":"SUMIF($I72:$I$100006,AC110,$T72:$T$100006)","v":5476.5957446808507},null,null,"2-FPCD",null,{"$f":"SUMIF($I72:$I$100006,AH110,$L72:$L$100006)","v":0},{"$f":"SUMIF($I72:$I$100006,AH110,$T72:$T$100006)","v":0}]
["P",4,"2021-01-04",null,"01-027","CLIENT",null,null,"1","Tarif COMPTOIR",null,null,null,65.546218487394967,0,null,65.546218487394967,0.19,12.453781512605044,78.000000000000014,{"$f":"IF(CTS_Source[[#This Row],[Montant Payé]]>0,CTS_Source[[#This Row],[Montant TTC]]-CTS_Source[[#This Row],[Montant Payé]],\"\")","v":2},76.000000000000014,null,0,"01",75,null,null,"C80B",{"$f":"SUMIF($I73:$I$100006,AC111,$L73:$L$100006)","v":0},{"$f":"SUMIF($I73:$I$100006,AC111,$T73:$T$100006)","v":0},null,null,"2-MHBN",null,{"$f":"SUMIF($I73:$I$100006,AH111,$L73:$L$100006)","v":0},{"$f":"SUMIF($I73:$I$100006,AH111,$T73:$T$100006)","v":0}]
[null,null,null,"01-027",null,null,"1-PRS",1,"TP","Tirage Noir & Blanc / Papier","ML",0.65,100.84033613445379,65.546218487394967,-1,0,65.546218487394967,0.19,12.453781512605044,78.000000000000014,{"$f":"IF(CTS_Source[[#This Row],[Montant Payé]]>0,CTS_Source[[#This Row],[Montant TTC]]-CTS_Source[[#This Row],[Montant Payé]],\"\")","v":""},null,120,null,null,76,null,null,"C81",{"$f":"SUMIF($I74:$I$100006,AC112,$L74:$L$100006)","v":2},{"$f":"SUMIF($I74:$I$100006,AC112,$T74:$T$100006)","v":240.00000000000003},null,null,"2-MHS",null,{"$f":"SUMIF($I74:$I$100006,AH112,$L74:$L$100006)","v":0},{"$f":"SUMIF($I74:$I$100006,AH112,$T74:$T$100006)","v":0}]
["P",4,"2021-01-04",null,"01-028","CLIENT",null,null,"1","Tarif COMPTOIR",null,null,null,84.033613445378151,0,null,84.033613445378151,0.19,15.966386554621849,100,{"$f":"IF(CTS_Source[[#This Row],[Montant Payé]]>0,CTS_Source[[#This Row],[Montant TTC]]-CTS_Source[[#This Row],[Montant Payé]],\"\")","v":0},100,null,0,"01",77,null,null,"C81B",{"$f":"SUMIF($I75:$I$100006,AC113,$L75:$L$100006)","v":0},{"$f":"SUMIF($I75:$I$100006,AC113,$T75:$T$100006)","v":0},null,null,"2-MS130",null,{"$f":"SUMIF($I75:$I$100006,AH113,$L75:$L$100006)","v":0},{"$f":"SUMIF($I75:$I$100006,AH113,$T75:$T$100006)","v":0}]
[null,null,null,"01-028",null,null,"0-PRS",1,"I42","Impression Couleur A4-R /  Papier (tout aplat)","U",1,84.033613445378151,84.033613445378151,-1,0,84.033613445378151,0.19,15.966386554621849,100,{"$f":"IF(CTS_Source[[#This Row],[Montant Payé]]>0,CTS_Source[[#This Row],[Montant TTC]]-CTS_Source[[#This Row],[Montant Payé]],\"\")","v":""},null,100,null,null,78,null,null,"C82",{"$f":"SUMIF($I76:$I$100006,AC114,$L76:$L$100006)","v":1},{"$f":"SUMIF($I76:$I$100006,AC114,$T76:$T$100006)","v":160},null,null,"2-MS133",null,{"$f":"SUMIF($I76:$I$100006,AH114,$L76:$L$100006)","v":0},{"$f":"SUMIF($I76:$I$100006,AH114,$T76:$T$100006)","v":0}]
["p",4,"2021-01-04",null,"01-029","CLIENT",null,null,"1","Tarif COMPTOIR",null,null,null,285.71428571428572,0,null,285.71428571428572,0.19,54.285714285714292,340,{"$f":"IF(CTS_Source[[#This Row],[Montant Payé]]>0,CTS_Source[[#This Row],[Montant TTC]]-CTS_Source[[#This Row],[Montant Payé]],\"\")","v":0},340,null,0,"01",79,null,null,"C82B",{"$f":"SUMIF($I77:$I$100006,AC115,$L77:$L$100006)","v":0},{"$f":"SUMIF($I77:$I$100006,AC115,$T77:$T$100006)","v":0},null,null,"2-MTB4",null,{"$f":"SUMIF($I77:$I$100006,AH115,$L77:$L$100006)","v":0},{"$f":"SUMIF($I77:$I$100006,AH115,$T77:$T$100006)","v":0}]
[null,null,null,"01-029",null,null,"2-BUR",1,"5-SCS","Sous chemise simple","U",4,12.605042016806724,50.420168067226896,-1,0,50.420168067226896,0.19,9.5798319327731107,60.000000000000007,{"$f":"IF(CTS_Source[[#This Row],[Montant Payé]]>0,CTS_Source[[#This Row],[Montant TTC]]-CTS_Source[[#This Row],[Montant Payé]],\"\")","v":""},null,15,null,null,80,null,null,"-",{"$f":"SUM(AD91:AD115)","v":2991},{"$f":"SUM(AE91:AE115)","v":168461.59322601958},null,null,"2-PM",null,{"$f":"SUMIF($I78:$I$100006,AH116,$L78:$L$100006)","v":0},{"$f":"SUMIF($I78:$I$100006,AH116,$T78:$T$100006)","v":0}]
[null,null,null,"01-029",null,null,"2-BUR",2,"3-RBP10","Reliure : Baguette plastique n° 10","U",4,16.806722689075631,67.226890756302524,-1,0,67.226890756302524,0.19,12.77310924369748,80,{"$f":"IF(CTS_Source[[#This Row],[Montant Payé]]>0,CTS_Source[[#This Row],[Montant TTC]]-CTS_Source[[#This Row],[Montant Payé]],\"\")","v":""},null,20,null,null,81,null,null,"I3",{"$f":"SUMIF($I79:$I$100006,AC117,$L79:$L$100006)","v":168},{"$f":"SUMIF($I79:$I$100006,AC117,$T79:$T$100006)","v":6497.212759479642},null,null,"2-PMS",null,{"$f":"SUMIF($I79:$I$100006,AH117,$L79:$L$100006)","v":0},{"$f":"SUMIF($I79:$I$100006,AH117,$T79:$T$100006)","v":0}]
[null,null,null,"01-029",null,null,"2-BUR",3,"4-TN3","Transparent A3 neutre (feuille)","U",4,25.210084033613448,100.84033613445379,-1,0,100.84033613445379,0.19,19.159663865546221,120.00000000000001,{"$f":"IF(CTS_Source[[#This Row],[Montant Payé]]>0,CTS_Source[[#This Row],[Montant TTC]]-CTS_Source[[#This Row],[Montant Payé]],\"\")","v":""},null,30,null,null,82,null,null,"I3B",{"$f":"SUMIF($I80:$I$100006,AC118,$L80:$L$100006)","v":5},{"$f":"SUMIF($I80:$I$100006,AC118,$T80:$T$100006)","v":300.00000000000006},null,null,"2-S224",null,{"$f":"SUMIF($I80:$I$100006,AH118,$L80:$L$100006)","v":4},{"$f":"SUMIF($I80:$I$100006,AH118,$T80:$T$100006)","v":588.10572687224669}]
[null,null,null,"01-029",null,null,"2-BUR",4,"4-CB3","Couverture A3 bristol (feuille)","U",4,16.806722689075631,67.226890756302524,-1,0,67.226890756302524,0.19,12.77310924369748,80,{"$f":"IF(CTS_Source[[#This Row],[Montant Payé]]>0,CTS_Source[[#This Row],[Montant TTC]]-CTS_Source[[#This Row],[Montant Payé]],\"\")","v":""},null,20,null,null,83,null,null,"I3C",{"$f":"SUMIF($I81:$I$100006,AC119,$L81:$L$100006)","v":3},{"$f":"SUMIF($I81:$I$100006,AC119,$T81:$T$100006)","v":174},null,null,"2-S621",null,{"$f":"SUMIF($I81:$I$100006,AH119,$L81:$L$100006)","v":9},{"$f":"SUMIF($I81:$I$100006,AH119,$T81:$T$100006)","v":224.94190549961272}]
["p",4,"2021-01-04",null,"01-030","CLIENT",null,null,"1","Tarif COMPTOIR",null,null,null,1047.0588235294119,0,null,1047.0588235294119,0.19,198.94117647058826,1246.0000000000002,{"$f":"IF(CTS_Source[[#This Row],[Montant Payé]]>0,CTS_Source[[#This Row],[Montant TTC]]-CTS_Source[[#This Row],[Montant Payé]],\"\")","v":6},1240.0000000000002,null,0,"01",84,null,null,"I4",{"$f":"SUMIF($I82:$I$100006,AC120,$L82:$L$100006)","v":3275},{"$f":"SUMIF($I82:$I$100006,AC120,$T82:$T$100006)","v":58046.800168895672},null,null,"2-S857",null,{"$f":"SUMIF($I82:$I$100006,AH120,$L82:$L$100006)","v":6},{"$f":"SUMIF($I82:$I$100006,AH120,$T82:$T$100006)","v":827.13294797687865}]
[null,null,null,"01-030",null,null,"0-PRS",1,"AGP","Agrafage document (agrafes PM) - de 20 f","U",8,8.4033613445378155,67.226890756302524,-1,0,67.226890756302524,0.19,12.77310924369748,80,{"$f":"IF(CTS_Source[[#This Row],[Montant Payé]]>0,CTS_Source[[#This Row],[Montant TTC]]-CTS_Source[[#This Row],[Montant Payé]],\"\")","v":""},null,10,null,null,85,null,null,"I4B",{"$f":"SUMIF($I83:$I$100006,AC121,$L83:$L$100006)","v":2},{"$f":"SUMIF($I83:$I$100006,AC121,$T83:$T$100006)","v":60.000000000000007},null,null,"2-S967",null,{"$f":"SUMIF($I83:$I$100006,AH121,$L83:$L$100006)","v":18},{"$f":"SUMIF($I83:$I$100006,AH121,$T83:$T$100006)","v":1759.961250603372}]
[null,null,null,"01-030",null,null,"1-PRS",2,"C4","Copie Noir & Blanc A4-R /  Papier","U",9,8.4033613445378155,75.630252100840337,-1,0,75.630252100840337,0.19,14.369747899159664,90,{"$f":"IF(CTS_Source[[#This Row],[Montant Payé]]>0,CTS_Source[[#This Row],[Montant TTC]]-CTS_Source[[#This Row],[Montant Payé]],\"\")","v":""},null,10,null,null,86,null,null,"I4C",{"$f":"SUMIF($I84:$I$100006,AC122,$L84:$L$100006)","v":4},{"$f":"SUMIF($I84:$I$100006,AC122,$T84:$T$100006)","v":120.00000000000001},null,null,"2-SAM",null,{"$f":"SUMIF($I84:$I$100006,AH122,$L84:$L$100006)","v":0},{"$f":"SUMIF($I84:$I$100006,AH122,$T84:$T$100006)","v":0}]
[null,null,null,"01-030",null,null,"0-PRS",3,"C4S","Copie Noir & Blanc A4-R /  Papier / Spéciale","U",1,16.806722689075631,16.806722689075631,-1,0,16.806722689075631,0.19,3.1932773109243699,20,{"$f":"IF(CTS_Source[[#This Row],[Montant Payé]]>0,CTS_Source[[#This Row],[Montant TTC]]-CTS_Source[[#This Row],[Montant Payé]],\"\")","v":""},null,20,null,null,87,null,null,"I6",{"$f":"SUMIF($I85:$I$100006,AC123,$L85:$L$100006)","v":1},{"$f":"SUMIF($I85:$I$100006,AC123,$T85:$T$100006)","v":80},null,null,"2-SBF",null,{"$f":"SUMIF($I85:$I$100006,AH123,$L85:$L$100006)","v":0},{"$f":"SUMIF($I85:$I$100006,AH123,$T85:$T$100006)","v":0}]
[null,null,null,"01-030",null,null,"1-PRS",4,"TP","Tirage Noir & Blanc / Papier","ML",8.8000000000000007,100.84033613445379,887.39495798319342,-1,0,887.39495798319342,0.19,168.60504201680675,1056.0000000000002,{"$f":"IF(CTS_Source[[#This Row],[Montant Payé]]>0,CTS_Source[[#This Row],[Montant TTC]]-CTS_Source[[#This Row],[Montant Payé]],\"\")","v":""},null,120,null,null,88,null,null,"I6B",{"$f":"SUMIF($I86:$I$100006,AC124,$L86:$L$100006)","v":0},{"$f":"SUMIF($I86:$I$100006,AC124,$T86:$T$100006)","v":0},null,null,"2-SBM",null,{"$f":"SUMIF($I86:$I$100006,AH124,$L86:$L$100006)","v":0},{"$f":"SUMIF($I86:$I$100006,AH124,$T86:$T$100006)","v":0}]
["p",4,"2021-01-04",null,"01-031","CLIENT",null,null,"1","Tarif COMPTOIR",null,null,null,10504.20168067227,0,null,10504.20168067227,0.19,1995.7983193277314,12500,{"$f":"IF(CTS_Source[[#This Row],[Montant Payé]]>0,CTS_Source[[#This Row],[Montant TTC]]-CTS_Source[[#This Row],[Montant Payé]],\"\")","v":0},12500,null,0,"01",89,null,null,"I8",{"$f":"SUMIF($I87:$I$100006,AC125,$L87:$L$100006)","v":13},{"$f":"SUMIF($I87:$I$100006,AC125,$T87:$T$100006)","v":502.25352112676057},null,null,"2-SBT",null,{"$f":"SUMIF($I87:$I$100006,AH125,$L87:$L$100006)","v":0},{"$f":"SUMIF($I87:$I$100006,AH125,$T87:$T$100006)","v":0}]
[null,null,null,"01-031",null,null,"0-PRS",1,"R4S2","Reliure  A4 Spirale n° 22 à 28 + Transp. + Bristol","U",4,168.0672268907563,672.26890756302521,-1,0,672.26890756302521,0.19,127.73109243697479,800,{"$f":"IF(CTS_Source[[#This Row],[Montant Payé]]>0,CTS_Source[[#This Row],[Montant TTC]]-CTS_Source[[#This Row],[Montant Payé]],\"\")","v":""},null,200,null,null,90,null,null,"I8B",{"$f":"SUMIF($I88:$I$100006,AC126,$L88:$L$100006)","v":0},{"$f":"SUMIF($I88:$I$100006,AC126,$T88:$T$100006)","v":0},null,null,"2-SBTT",null,{"$f":"SUMIF($I88:$I$100006,AH126,$L88:$L$100006)","v":5},{"$f":"SUMIF($I88:$I$100006,AH126,$T88:$T$100006)","v":121.4}]
[null,null,null,"01-031",null,null,"1-PRS",2,"C40","Copie Couleur A4-R /  Papier (aucun aplat)","U",195,33.613445378151262,6554.6218487394963,-1,0,6554.6218487394963,0.19,1245.3781512605044,7800.0000000000009,{"$f":"IF(CTS_Source[[#This Row],[Montant Payé]]>0,CTS_Source[[#This Row],[Montant TTC]]-CTS_Source[[#This Row],[Montant Payé]],\"\")","v":""},null,40,null,null,91,null,null,"-",{"$f":"SUM(AD117:AD126)","v":3471},{"$f":"SUM(AE117:AE126)","v":65780.266449502073},null,null,"2-SF",null,{"$f":"SUMIF($I89:$I$100006,AH127,$L89:$L$100006)","v":47},{"$f":"SUMIF($I89:$I$100006,AH127,$T89:$T$100006)","v":1172.9595266449874}]
[null,null,null,"01-031",null,null,"1-PRS",3,"I40","Impression Couleur A4-R /  Papier (aucun aplat)","U",65,50.420168067226896,3277.3109243697481,-1,0,3277.3109243697481,0.19,622.6890756302522,3900.0000000000005,{"$f":"IF(CTS_Source[[#This Row],[Montant Payé]]>0,CTS_Source[[#This Row],[Montant TTC]]-CTS_Source[[#This Row],[Montant Payé]],\"\")","v":""},null,60,null,null,92,null,null,"I30",{"$f":"SUMIF($I90:$I$100006,AC128,$L90:$L$100006)","v":130},{"$f":"SUMIF($I90:$I$100006,AC128,$T90:$T$100006)","v":14969.710166228093},null,null,"2-SF1",null,{"$f":"SUMIF($I90:$I$100006,AH128,$L90:$L$100006)","v":11},{"$f":"SUMIF($I90:$I$100006,AH128,$T90:$T$100006)","v":1164.0942327083626}]
["P",3,"2021-01-03",null,"01-032","CLIENT",null,null,"1","Tarif COMPTOIR",null,null,null,310.92436974789916,0,null,310.92436974789916,0.19,59.075630252100851,370,{"$f":"IF(CTS_Source[[#This Row],[Montant Payé]]>0,CTS_Source[[#This Row],[Montant TTC]]-CTS_Source[[#This Row],[Montant Payé]],\"\")","v":0},370,null,0,"01",93,null,null,"I30B",{"$f":"SUMIF($I91:$I$100006,AC129,$L91:$L$100006)","v":6},{"$f":"SUMIF($I91:$I$100006,AC129,$T91:$T$100006)","v":840},null,null,"2-SFS4",null,{"$f":"SUMIF($I91:$I$100006,AH129,$L91:$L$100006)","v":2},{"$f":"SUMIF($I91:$I$100006,AH129,$T91:$T$100006)","v":820}]
[null,null,null,"01-032",null,null,"0-PRS",1,"N40","Numérisation Couleur A4 à plat","U",4,33.613445378151262,134.45378151260505,-1,0,134.45378151260505,0.19,25.54621848739496,160,{"$f":"IF(CTS_Source[[#This Row],[Montant Payé]]>0,CTS_Source[[#This Row],[Montant TTC]]-CTS_Source[[#This Row],[Montant Payé]],\"\")","v":""},null,40,null,null,94,null,null,"I31",{"$f":"SUMIF($I92:$I$100006,AC130,$L92:$L$100006)","v":15},{"$f":"SUMIF($I92:$I$100006,AC130,$T92:$T$100006)","v":2269.6071428571431},null,null,"2-SG6",null,{"$f":"SUMIF($I92:$I$100006,AH130,$L92:$L$100006)","v":0},{"$f":"SUMIF($I92:$I$100006,AH130,$T92:$T$100006)","v":0}]
[null,null,null,"01-032",null,null,"1-PRS",2,"C4","Copie Noir & Blanc A4-R /  Papier","U",3,8.4033613445378155,25.210084033613448,-1,0,25.210084033613448,0.19,4.7899159663865554,30.000000000000004,{"$f":"IF(CTS_Source[[#This Row],[Montant Payé]]>0,CTS_Source[[#This Row],[Montant TTC]]-CTS_Source[[#This Row],[Montant Payé]],\"\")","v":""},null,10,null,null,95,null,null,"I31B",{"$f":"SUMIF($I93:$I$100006,AC131,$L93:$L$100006)","v":17},{"$f":"SUMIF($I93:$I$100006,AC131,$T93:$T$100006)","v":2970},null,null,"2-SK15",null,{"$f":"SUMIF($I93:$I$100006,AH131,$L93:$L$100006)","v":0},{"$f":"SUMIF($I93:$I$100006,AH131,$T93:$T$100006)","v":0}]
[null,null,null,"01-032",null,null,"1-PRS",3,"I40","Impression Couleur A4-R /  Papier (aucun aplat)","U",3,50.420168067226896,151.2605042016807,-1,0,151.2605042016807,0.19,28.739495798319332,180.00000000000003,{"$f":"IF(CTS_Source[[#This Row],[Montant Payé]]>0,CTS_Source[[#This Row],[Montant TTC]]-CTS_Source[[#This Row],[Montant Payé]],\"\")","v":""},null,60,null,null,96,null,null,"I32",{"$f":"SUMIF($I94:$I$100006,AC132,$L94:$L$100006)","v":73},{"$f":"SUMIF($I94:$I$100006,AC132,$T94:$T$100006)","v":14485.76},null,null,"2-SPG",null,{"$f":"SUMIF($I94:$I$100006,AH132,$L94:$L$100006)","v":1},{"$f":"SUMIF($I94:$I$100006,AH132,$T94:$T$100006)","v":22.755102040816325}]
["p",4,"2021-01-04",null,"01-033","CLIENT",null,null,"1","Tarif COMPTOIR",null,null,null,210.0840336134454,0,null,210.0840336134454,0.19,39.915966386554629,250,{"$f":"IF(CTS_Source[[#This Row],[Montant Payé]]>0,CTS_Source[[#This Row],[Montant TTC]]-CTS_Source[[#This Row],[Montant Payé]],\"\")","v":0},250,null,0,"01",97,null,null,"I32B",{"$f":"SUMIF($I95:$I$100006,AC133,$L95:$L$100006)","v":8},{"$f":"SUMIF($I95:$I$100006,AC133,$T95:$T$100006)","v":1760},null,null,"2-STF",null,{"$f":"SUMIF($I95:$I$100006,AH133,$L95:$L$100006)","v":0},{"$f":"SUMIF($I95:$I$100006,AH133,$T95:$T$100006)","v":0}]
[null,null,null,"01-033",null,null,"1-PRS",1,"C40","Copie Couleur A4-R /  Papier (aucun aplat)","U",2,67.226890756302524,134.45378151260505,-1,0,134.45378151260505,0.19,25.54621848739496,160,{"$f":"IF(CTS_Source[[#This Row],[Montant Payé]]>0,CTS_Source[[#This Row],[Montant TTC]]-CTS_Source[[#This Row],[Montant Payé]],\"\")","v":""},null,80,null,null,98,null,null,"I40",{"$f":"SUMIF($I96:$I$100006,AC134,$L96:$L$100006)","v":585},{"$f":"SUMIF($I96:$I$100006,AC134,$T96:$T$100006)","v":32011.303709837779},null,null,"-",null,{"$f":"SUM(AJ108:AJ133)","v":118},{"$f":"SUM(AK108:AK133)","v":7070.2596405409395}]
[null,null,null,"01-033",null,null,"1-PRS",2,"I40","Impression Couleur A4-R /  Papier (aucun aplat)","U",1,50.420168067226896,50.420168067226896,-1,0,50.420168067226896,0.19,9.5798319327731107,60.000000000000007,{"$f":"IF(CTS_Source[[#This Row],[Montant Payé]]>0,CTS_Source[[#This Row],[Montant TTC]]-CTS_Source[[#This Row],[Montant Payé]],\"\")","v":""},null,60,null,null,99,null,null,"I40B",{"$f":"SUMIF($I97:$I$100006,AC135,$L97:$L$100006)","v":13},{"$f":"SUMIF($I97:$I$100006,AC135,$T97:$T$100006)","v":1040},null,null,"3-RBP03",null,{"$f":"SUMIF($I97:$I$100006,AH135,$L97:$L$100006)","v":0},{"$f":"SUMIF($I97:$I$100006,AH135,$T97:$T$100006)","v":0}]
[null,null,null,"01-033",null,null,"1-PRS",3,"C4","Copie Noir & Blanc A4-R /  Papier","U",1,8.4033613445378155,8.4033613445378155,-1,0,8.4033613445378155,0.19,1.596638655462185,10,{"$f":"IF(CTS_Source[[#This Row],[Montant Payé]]>0,CTS_Source[[#This Row],[Montant TTC]]-CTS_Source[[#This Row],[Montant Payé]],\"\")","v":""},null,10,null,null,100,null,null,"I41",{"$f":"SUMIF($I98:$I$100006,AC136,$L98:$L$100006)","v":225},{"$f":"SUMIF($I98:$I$100006,AC136,$T98:$T$100006)","v":16679.376172597367},null,null,"3-RBP04",null,{"$f":"SUMIF($I98:$I$100006,AH136,$L98:$L$100006)","v":0},{"$f":"SUMIF($I98:$I$100006,AH136,$T98:$T$100006)","v":0}]
[null,null,null,"01-033",null,null,"1-PRS",4,"I4","Impression Noir & Blanc A4-R /  Papier","U",1,16.806722689075631,16.806722689075631,-1,0,16.806722689075631,0.19,3.1932773109243699,20,{"$f":"IF(CTS_Source[[#This Row],[Montant Payé]]>0,CTS_Source[[#This Row],[Montant TTC]]-CTS_Source[[#This Row],[Montant Payé]],\"\")","v":""},null,20,null,null,101,null,null,"I41B",{"$f":"SUMIF($I99:$I$100006,AC137,$L99:$L$100006)","v":22},{"$f":"SUMIF($I99:$I$100006,AC137,$T99:$T$100006)","v":2200},null,null,"3-RBP06",null,{"$f":"SUMIF($I99:$I$100006,AH137,$L99:$L$100006)","v":1},{"$f":"SUMIF($I99:$I$100006,AH137,$T99:$T$100006)","v":15.000000000000002}]
["P",5,"2021-01-05",null,"01-034","CLIENT",null,null,"1","Tarif COMPTOIR",null,null,null,211.76470588235298,0,null,211.76470588235298,0.19,40.235294117647065,252.00000000000006,{"$f":"IF(CTS_Source[[#This Row],[Montant Payé]]>0,CTS_Source[[#This Row],[Montant TTC]]-CTS_Source[[#This Row],[Montant Payé]],\"\")","v":2},250.00000000000006,null,0,"01",102,null,null,"I42",{"$f":"SUMIF($I100:$I$100006,AC138,$L100:$L$100006)","v":65},{"$f":"SUMIF($I100:$I$100006,AC138,$T100:$T$100006)","v":6246.6637136118261},null,null,"3-RBP08",null,{"$f":"SUMIF($I100:$I$100006,AH138,$L100:$L$100006)","v":0},{"$f":"SUMIF($I100:$I$100006,AH138,$T100:$T$100006)","v":0}]
[null,null,null,"01-034",null,null,"1-PRS",1,"TP","Tirage Noir & Blanc / Papier","ML",2.1,100.84033613445379,211.76470588235298,-1,0,211.76470588235298,0.19,40.235294117647065,252.00000000000006,{"$f":"IF(CTS_Source[[#This Row],[Montant Payé]]>0,CTS_Source[[#This Row],[Montant TTC]]-CTS_Source[[#This Row],[Montant Payé]],\"\")","v":""},null,120,null,null,103,null,null,"I42B",{"$f":"SUMIF($I101:$I$100006,AC139,$L101:$L$100006)","v":33},{"$f":"SUMIF($I101:$I$100006,AC139,$T101:$T$100006)","v":3868.901098901099},null,null,"3-RBP10",null,{"$f":"SUMIF($I101:$I$100006,AH139,$L101:$L$100006)","v":4},{"$f":"SUMIF($I101:$I$100006,AH139,$T101:$T$100006)","v":80}]
["P",5,"2021-01-05",null,"01-035","CLIENT",null,null,"1","Tarif COMPTOIR",null,null,null,84.033613445378165,0,null,84.033613445378165,0.19,15.966386554621851,100,{"$f":"IF(CTS_Source[[#This Row],[Montant Payé]]>0,CTS_Source[[#This Row],[Montant TTC]]-CTS_Source[[#This Row],[Montant Payé]],\"\")","v":0},100,null,0,"01",104,null,null,"I60",{"$f":"SUMIF($I102:$I$100006,AC140,$L102:$L$100006)","v":0},{"$f":"SUMIF($I102:$I$100006,AC140,$T102:$T$100006)","v":0},null,null,"3-RBP12",null,{"$f":"SUMIF($I102:$I$100006,AH140,$L102:$L$100006)","v":0},{"$f":"SUMIF($I102:$I$100006,AH140,$T102:$T$100006)","v":0}]
[null,null,null,"01-035",null,null,"1-PRS",1,"I40","Impression Couleur A4-R /  Papier (aucun aplat)","U",1,50.420168067226896,50.420168067226896,-1,0,50.420168067226896,0.19,9.5798319327731107,60.000000000000007,{"$f":"IF(CTS_Source[[#This Row],[Montant Payé]]>0,CTS_Source[[#This Row],[Montant TTC]]-CTS_Source[[#This Row],[Montant Payé]],\"\")","v":""},null,60,null,null,105,null,null,"I60B",{"$f":"SUMIF($I103:$I$100006,AC141,$L103:$L$100006)","v":0},{"$f":"SUMIF($I103:$I$100006,AC141,$T103:$T$100006)","v":0},null,null,"3-RBP14",null,{"$f":"SUMIF($I103:$I$100006,AH141,$L103:$L$100006)","v":0},{"$f":"SUMIF($I103:$I$100006,AH141,$T103:$T$100006)","v":0}]
[null,null,null,"01-035",null,null,"1-PRS",2,"C40","Copie Couleur A4-R /  Papier (aucun aplat)","U",1,33.613445378151262,33.613445378151262,-1,0,33.613445378151262,0.19,6.3865546218487399,40,{"$f":"IF(CTS_Source[[#This Row],[Montant Payé]]>0,CTS_Source[[#This Row],[Montant TTC]]-CTS_Source[[#This Row],[Montant Payé]],\"\")","v":""},null,40,null,null,106,null,null,"I61",{"$f":"SUMIF($I104:$I$100006,AC142,$L104:$L$100006)","v":0},{"$f":"SUMIF($I104:$I$100006,AC142,$T104:$T$100006)","v":0},null,null,"3-RBP16",null,{"$f":"SUMIF($I104:$I$100006,AH142,$L104:$L$100006)","v":0},{"$f":"SUMIF($I104:$I$100006,AH142,$T104:$T$100006)","v":0}]
["P",5,"2021-01-05",null,"01-036","CLIENT",null,null,"1","Tarif COMPTOIR",null,null,null,415.96638655462186,0,null,415.96638655462186,0.19,79.033613445378165,495,{"$f":"IF(CTS_Source[[#This Row],[Montant Payé]]>0,CTS_Source[[#This Row],[Montant TTC]]-CTS_Source[[#This Row],[Montant Payé]],\"\")","v":5.6843418860808015E-14},494.99999999999994,null,0,"01",107,null,null,"I61B",{"$f":"SUMIF($I105:$I$100006,AC143,$L105:$L$100006)","v":0},{"$f":"SUMIF($I105:$I$100006,AC143,$T105:$T$100006)","v":0},null,null,"3-RBP18",null,{"$f":"SUMIF($I105:$I$100006,AH143,$L105:$L$100006)","v":0},{"$f":"SUMIF($I105:$I$100006,AH143,$T105:$T$100006)","v":0}]
[null,null,null,"01-036",null,null,"2-BUR",1,"5-CDS","Chemise dossier simple","U",1,12.605042016806724,12.605042016806724,-1,0,12.605042016806724,0.19,2.3949579831932777,15.000000000000002,{"$f":"IF(CTS_Source[[#This Row],[Montant Payé]]>0,CTS_Source[[#This Row],[Montant TTC]]-CTS_Source[[#This Row],[Montant Payé]],\"\")","v":""},null,15,null,null,108,null,null,"I62",{"$f":"SUMIF($I106:$I$100006,AC144,$L106:$L$100006)","v":0},{"$f":"SUMIF($I106:$I$100006,AC144,$T106:$T$100006)","v":0},null,null,"3-RBP25",null,{"$f":"SUMIF($I106:$I$100006,AH144,$L106:$L$100006)","v":0},{"$f":"SUMIF($I106:$I$100006,AH144,$T106:$T$100006)","v":0}]
[null,null,null,"01-036",null,null,"1-PRS",2,"TP","Tirage Noir & Blanc / Papier","ML",2,100.84033613445379,201.68067226890759,-1,0,201.68067226890759,0.19,38.319327731092443,240.00000000000003,{"$f":"IF(CTS_Source[[#This Row],[Montant Payé]]>0,CTS_Source[[#This Row],[Montant TTC]]-CTS_Source[[#This Row],[Montant Payé]],\"\")","v":""},null,120,null,null,109,null,null,"I62B",{"$f":"SUMIF($I107:$I$100006,AC145,$L107:$L$100006)","v":0},{"$f":"SUMIF($I107:$I$100006,AC145,$T107:$T$100006)","v":0},null,null,"3-RBPR",null,{"$f":"SUMIF($I107:$I$100006,AH145,$L107:$L$100006)","v":0},{"$f":"SUMIF($I107:$I$100006,AH145,$T107:$T$100006)","v":0}]
[null,null,null,"01-036",null,null,"0-PRS",3,"AGP","Agrafage document (agrafes PM) - de 20 f","U",4,8.4033613445378155,33.613445378151262,-1,0,33.613445378151262,0.19,6.3865546218487399,40,{"$f":"IF(CTS_Source[[#This Row],[Montant Payé]]>0,CTS_Source[[#This Row],[Montant TTC]]-CTS_Source[[#This Row],[Montant Payé]],\"\")","v":""},null,10,null,null,110,null,null,"I80",{"$f":"SUMIF($I108:$I$100006,AC146,$L108:$L$100006)","v":0},{"$f":"SUMIF($I108:$I$100006,AC146,$T108:$T$100006)","v":0},null,null,"3-RBR05",null,{"$f":"SUMIF($I108:$I$100006,AH146,$L108:$L$100006)","v":0},{"$f":"SUMIF($I108:$I$100006,AH146,$T108:$T$100006)","v":0}]
[null,null,null,"01-036",null,null,"1-PRS",4,"C4","Copie Noir & Blanc A4-R /  Papier","U",20,8.4033613445378155,168.0672268907563,-1,0,168.0672268907563,0.19,31.932773109243698,200,{"$f":"IF(CTS_Source[[#This Row],[Montant Payé]]>0,CTS_Source[[#This Row],[Montant TTC]]-CTS_Source[[#This Row],[Montant Payé]],\"\")","v":""},null,10,null,null,111,null,null,"I80B",{"$f":"SUMIF($I109:$I$100006,AC147,$L109:$L$100006)","v":0},{"$f":"SUMIF($I109:$I$100006,AC147,$T109:$T$100006)","v":0},null,null,"3-RBR07",null,{"$f":"SUMIF($I109:$I$100006,AH147,$L109:$L$100006)","v":1},{"$f":"SUMIF($I109:$I$100006,AH147,$T109:$T$100006)","v":13.829268292682929}]
["P",5,"2021-01-05",null,"01-037","CLIENT",null,null,"1","Tarif COMPTOIR",null,null,null,100.84033613445379,0,null,100.84033613445379,0.19,19.159663865546221,120.00000000000001,{"$f":"IF(CTS_Source[[#This Row],[Montant Payé]]>0,CTS_Source[[#This Row],[Montant TTC]]-CTS_Source[[#This Row],[Montant Payé]],\"\")","v":0},120.00000000000001,null,0,"01",112,null,null,"I81",{"$f":"SUMIF($I110:$I$100006,AC148,$L110:$L$100006)","v":0},{"$f":"SUMIF($I110:$I$100006,AC148,$T110:$T$100006)","v":0},null,null,"3-RBR10",null,{"$f":"SUMIF($I110:$I$100006,AH148,$L110:$L$100006)","v":0},{"$f":"SUMIF($I110:$I$100006,AH148,$T110:$T$100006)","v":0}]
[null,null,null,"01-037",null,null,"1-PRS",1,"I40","Impression Couleur A4-R /  Papier (aucun aplat)","U",2,50.420168067226896,100.84033613445379,-1,0,100.84033613445379,0.19,19.159663865546221,120.00000000000001,{"$f":"IF(CTS_Source[[#This Row],[Montant Payé]]>0,CTS_Source[[#This Row],[Montant TTC]]-CTS_Source[[#This Row],[Montant Payé]],\"\")","v":""},null,60,null,null,113,null,null,"I81B",{"$f":"SUMIF($I111:$I$100006,AC149,$L111:$L$100006)","v":0},{"$f":"SUMIF($I111:$I$100006,AC149,$T111:$T$100006)","v":0},null,null,"3-RP5",null,{"$f":"SUMIF($I111:$I$100006,AH149,$L111:$L$100006)","v":0},{"$f":"SUMIF($I111:$I$100006,AH149,$T111:$T$100006)","v":0}]
["P",5,"2021-01-05",null,"01-038","CLIENT",null,null,"1","Tarif COMPTOIR",null,null,null,142.85714285714286,0,null,142.85714285714286,0.19,27.142857142857146,170,{"$f":"IF(CTS_Source[[#This Row],[Montant Payé]]>0,CTS_Source[[#This Row],[Montant TTC]]-CTS_Source[[#This Row],[Montant Payé]],\"\")","v":0},170,null,0,"01",114,null,null,"I82",{"$f":"SUMIF($I112:$I$100006,AC150,$L112:$L$100006)","v":1},{"$f":"SUMIF($I112:$I$100006,AC150,$T112:$T$100006)","v":200},null,null,"3-RSM04",null,{"$f":"SUMIF($I112:$I$100006,AH150,$L112:$L$100006)","v":0},{"$f":"SUMIF($I112:$I$100006,AH150,$T112:$T$100006)","v":0}]
[null,null,null,"01-038",null,null,"0-PRS",1,"AGP","Agrafage document (agrafes PM) - de 20 f","U",1,8.4033613445378155,8.4033613445378155,-1,0,8.4033613445378155,0.19,1.596638655462185,10,{"$f":"IF(CTS_Source[[#This Row],[Montant Payé]]>0,CTS_Source[[#This Row],[Montant TTC]]-CTS_Source[[#This Row],[Montant Payé]],\"\")","v":""},null,10,null,null,115,null,null,"I82B",{"$f":"SUMIF($I113:$I$100006,AC151,$L113:$L$100006)","v":0},{"$f":"SUMIF($I113:$I$100006,AC151,$T113:$T$100006)","v":0},null,null,"3-RSM08",null,{"$f":"SUMIF($I113:$I$100006,AH151,$L113:$L$100006)","v":0},{"$f":"SUMIF($I113:$I$100006,AH151,$T113:$T$100006)","v":0}]
[null,null,null,"01-038",null,null,"1-PRS",2,"C4","Copie Noir & Blanc A4-R /  Papier","U",12,8.4033613445378155,100.84033613445379,-1,0,100.84033613445379,0.19,19.159663865546221,120.00000000000001,{"$f":"IF(CTS_Source[[#This Row],[Montant Payé]]>0,CTS_Source[[#This Row],[Montant TTC]]-CTS_Source[[#This Row],[Montant Payé]],\"\")","v":""},null,10,null,null,116,null,null,"-",{"$f":"SUM(AD128:AD151)","v":1193},{"$f":"SUM(AE128:AE151)","v":99541.322004033311},null,null,"3-RSM11",null,{"$f":"SUMIF($I114:$I$100006,AH152,$L114:$L$100006)","v":0},{"$f":"SUMIF($I114:$I$100006,AH152,$T114:$T$100006)","v":0}]
[null,null,null,"01-038",null,null,"0-PRS",3,"C4S","Copie Noir & Blanc A4-R /  Papier / Spéciale","U",2,16.806722689075631,33.613445378151262,-1,0,33.613445378151262,0.19,6.3865546218487399,40,{"$f":"IF(CTS_Source[[#This Row],[Montant Payé]]>0,CTS_Source[[#This Row],[Montant TTC]]-CTS_Source[[#This Row],[Montant Payé]],\"\")","v":""},null,20,null,null,117,null,null,"TC",{"$f":"SUMIF($I115:$I$100006,AC153,$L115:$L$100006)","v":3.65},{"$f":"SUMIF($I115:$I$100006,AC153,$T115:$T$100006)","v":657},null,null,"3-RSM14",null,{"$f":"SUMIF($I115:$I$100006,AH153,$L115:$L$100006)","v":0},{"$f":"SUMIF($I115:$I$100006,AH153,$T115:$T$100006)","v":0}]
["P",5,"2021-01-05",null,"01-039","CLIENT",null,null,"1","Tarif COMPTOIR",null,null,null,622.6890756302522,0,null,622.6890756302522,0.19,118.31092436974792,741.00000000000011,{"$f":"IF(CTS_Source[[#This Row],[Montant Payé]]>0,CTS_Source[[#This Row],[Montant TTC]]-CTS_Source[[#This Row],[Montant Payé]],\"\")","v":1},740.00000000000011,null,0,"01",118,null,null,"TCS",{"$f":"SUMIF($I116:$I$100006,AC154,$L116:$L$100006)","v":0},{"$f":"SUMIF($I116:$I$100006,AC154,$T116:$T$100006)","v":0},null,null,"3-RSP06",null,{"$f":"SUMIF($I116:$I$100006,AH154,$L116:$L$100006)","v":0},{"$f":"SUMIF($I116:$I$100006,AH154,$T116:$T$100006)","v":0}]
[null,null,null,"01-039",null,null,"0-PRS",1,"PP1","Traçage Couleur / Papier (avec aplats)","ML",0.65,957.98319327731099,622.6890756302522,-1,0,622.6890756302522,0.19,118.31092436974792,741.00000000000011,{"$f":"IF(CTS_Source[[#This Row],[Montant Payé]]>0,CTS_Source[[#This Row],[Montant TTC]]-CTS_Source[[#This Row],[Montant Payé]],\"\")","v":""},null,1140,null,null,119,null,null,"TP",{"$f":"SUMIF($I117:$I$100006,AC155,$L117:$L$100006)","v":3345.2500000000005},{"$f":"SUMIF($I117:$I$100006,AC155,$T117:$T$100006)","v":373651.8533814539},null,null,"3-RSP08",null,{"$f":"SUMIF($I117:$I$100006,AH155,$L117:$L$100006)","v":0},{"$f":"SUMIF($I117:$I$100006,AH155,$T117:$T$100006)","v":0}]
["P",5,"2021-01-05",null,"01-040","CLIENT",null,null,"1","Tarif COMPTOIR",null,null,null,181.51260504201684,0,null,181.51260504201684,0.19,34.487394957983199,216.00000000000006,{"$f":"IF(CTS_Source[[#This Row],[Montant Payé]]>0,CTS_Source[[#This Row],[Montant TTC]]-CTS_Source[[#This Row],[Montant Payé]],\"\")","v":6},210.00000000000006,null,0,"01",120,null,null,"TPA0",{"$f":"SUMIF($I118:$I$100006,AC156,$L118:$L$100006)","v":0},{"$f":"SUMIF($I118:$I$100006,AC156,$T118:$T$100006)","v":0},null,null,"3-RSP10",null,{"$f":"SUMIF($I118:$I$100006,AH156,$L118:$L$100006)","v":0},{"$f":"SUMIF($I118:$I$100006,AH156,$T118:$T$100006)","v":0}]
[null,null,null,"01-040",null,null,"1-PRS",1,"TP","Tirage Noir & Blanc / Papier","ML",1.8,100.84033613445379,181.51260504201684,-1,0,181.51260504201684,0.19,34.487394957983199,216.00000000000006,{"$f":"IF(CTS_Source[[#This Row],[Montant Payé]]>0,CTS_Source[[#This Row],[Montant TTC]]-CTS_Source[[#This Row],[Montant Payé]],\"\")","v":""},null,120,null,null,121,null,null,"TPA1",{"$f":"SUMIF($I119:$I$100006,AC157,$L119:$L$100006)","v":0},{"$f":"SUMIF($I119:$I$100006,AC157,$T119:$T$100006)","v":0},null,null,"3-RSP12",null,{"$f":"SUMIF($I119:$I$100006,AH157,$L119:$L$100006)","v":0},{"$f":"SUMIF($I119:$I$100006,AH157,$T119:$T$100006)","v":0}]
["P",5,"2021-01-05",null,"01-041","CLIENT",null,null,"1","Tarif COMPTOIR",null,null,null,2531.0924369747904,0,null,2531.0924369747904,0.19,480.90756302521021,3012.0000000000005,{"$f":"IF(CTS_Source[[#This Row],[Montant Payé]]>0,CTS_Source[[#This Row],[Montant TTC]]-CTS_Source[[#This Row],[Montant Payé]],\"\")","v":12},3000.0000000000005,null,0,"01",122,null,null,"TPRV",{"$f":"SUMIF($I120:$I$100006,AC158,$L120:$L$100006)","v":0},{"$f":"SUMIF($I120:$I$100006,AC158,$T120:$T$100006)","v":0},null,null,"3-RSP14",null,{"$f":"SUMIF($I120:$I$100006,AH158,$L120:$L$100006)","v":0},{"$f":"SUMIF($I120:$I$100006,AH158,$T120:$T$100006)","v":0}]
[null,null,null,"01-041",null,null,"1-PRS",1,"PP","Traçage Noir & Blanc / Papier ","ML",12.55,201.68067226890759,2531.0924369747904,-1,0,2531.0924369747904,0.19,480.90756302521021,3012.0000000000005,{"$f":"IF(CTS_Source[[#This Row],[Montant Payé]]>0,CTS_Source[[#This Row],[Montant TTC]]-CTS_Source[[#This Row],[Montant Payé]],\"\")","v":""},null,240,null,null,123,null,null,"TPS",{"$f":"SUMIF($I121:$I$100006,AC159,$L121:$L$100006)","v":4.5199999999999996},{"$f":"SUMIF($I121:$I$100006,AC159,$T121:$T$100006)","v":799.99999999999989},null,null,"3-RSP16",null,{"$f":"SUMIF($I121:$I$100006,AH159,$L121:$L$100006)","v":0},{"$f":"SUMIF($I121:$I$100006,AH159,$T121:$T$100006)","v":0}]
["P",5,"2021-01-05",null,"01-042","CLIENT",null,null,"1","Tarif COMPTOIR",null,null,null,84.033613445378165,0,null,84.033613445378165,0.19,15.966386554621851,100,{"$f":"IF(CTS_Source[[#This Row],[Montant Payé]]>0,CTS_Source[[#This Row],[Montant TTC]]-CTS_Source[[#This Row],[Montant Payé]],\"\")","v":0},100,null,0,"01",124,null,null,"-",{"$f":"SUM(AD153:AD159)","v":3353.4200000000005},{"$f":"SUM(AE153:AE159)","v":375108.8533814539},null,null,"3-RSP18",null,{"$f":"SUMIF($I122:$I$100006,AH160,$L122:$L$100006)","v":0},{"$f":"SUMIF($I122:$I$100006,AH160,$T122:$T$100006)","v":0}]
[null,null,null,"01-042",null,null,"1-PRS",1,"I40","Impression Couleur A4-R /  Papier (aucun aplat)","U",1,50.420168067226896,50.420168067226896,-1,0,50.420168067226896,0.19,9.5798319327731107,60.000000000000007,{"$f":"IF(CTS_Source[[#This Row],[Montant Payé]]>0,CTS_Source[[#This Row],[Montant TTC]]-CTS_Source[[#This Row],[Montant Payé]],\"\")","v":""},null,60,null,null,125,null,null,"TP0",{"$f":"SUMIF($I123:$I$100006,AC161,$L123:$L$100006)","v":337.95},{"$f":"SUMIF($I123:$I$100006,AC161,$T123:$T$100006)","v":187580.94781429827},null,null,"3-RSP20",null,{"$f":"SUMIF($I123:$I$100006,AH161,$L123:$L$100006)","v":0},{"$f":"SUMIF($I123:$I$100006,AH161,$T123:$T$100006)","v":0}]
[null,null,null,"01-042",null,null,"1-PRS",2,"C40","Copie Couleur A4-R /  Papier (aucun aplat)","U",1,33.613445378151262,33.613445378151262,-1,0,33.613445378151262,0.19,6.3865546218487399,40,{"$f":"IF(CTS_Source[[#This Row],[Montant Payé]]>0,CTS_Source[[#This Row],[Montant TTC]]-CTS_Source[[#This Row],[Montant Payé]],\"\")","v":""},null,40,null,null,126,null,null,"TP0A0",{"$f":"SUMIF($I124:$I$100006,AC162,$L124:$L$100006)","v":0},{"$f":"SUMIF($I124:$I$100006,AC162,$T124:$T$100006)","v":0},null,null,"3-RSP22",null,{"$f":"SUMIF($I124:$I$100006,AH162,$L124:$L$100006)","v":0},{"$f":"SUMIF($I124:$I$100006,AH162,$T124:$T$100006)","v":0}]
["P",5,"2021-01-05",null,"01-043","CLIENT",null,null,"1","Tarif COMPTOIR",null,null,null,974.78991596638662,0,null,974.78991596638662,0.19,185.2100840336135,1160,{"$f":"IF(CTS_Source[[#This Row],[Montant Payé]]>0,CTS_Source[[#This Row],[Montant TTC]]-CTS_Source[[#This Row],[Montant Payé]],\"\")","v":0},1160,null,0,"01",127,null,null,"TP0A1",{"$f":"SUMIF($I125:$I$100006,AC163,$L125:$L$100006)","v":0},{"$f":"SUMIF($I125:$I$100006,AC163,$T125:$T$100006)","v":0},null,null,"3-RSP25",null,{"$f":"SUMIF($I125:$I$100006,AH163,$L125:$L$100006)","v":0},{"$f":"SUMIF($I125:$I$100006,AH163,$T125:$T$100006)","v":0}]
[null,null,null,"01-043",null,null,"1-PRS",1,"C8","Copie Noir & Blanc A4-RV /  Papier","U",3,16.806722689075631,50.420168067226896,-1,0,50.420168067226896,0.19,9.5798319327731107,60.000000000000007,{"$f":"IF(CTS_Source[[#This Row],[Montant Payé]]>0,CTS_Source[[#This Row],[Montant TTC]]-CTS_Source[[#This Row],[Montant Payé]],\"\")","v":""},null,20,20,null,128,null,null,"TP1",{"$f":"SUMIF($I126:$I$100006,AC164,$L126:$L$100006)","v":14.450000000000001},{"$f":"SUMIF($I126:$I$100006,AC164,$T126:$T$100006)","v":12713.143825301206},null,null,"3-RSP28",null,{"$f":"SUMIF($I126:$I$100006,AH164,$L126:$L$100006)","v":0},{"$f":"SUMIF($I126:$I$100006,AH164,$T126:$T$100006)","v":0}]
[null,null,null,"01-043",null,null,"0-PRS",2,"C8S","Copie Noir & Blanc A4-RV /  Papier / Spéciale ","U",1,50.420168067226896,50.420168067226896,-1,0,50.420168067226896,0.19,9.5798319327731107,60.000000000000007,{"$f":"IF(CTS_Source[[#This Row],[Montant Payé]]>0,CTS_Source[[#This Row],[Montant TTC]]-CTS_Source[[#This Row],[Montant Payé]],\"\")","v":""},null,60,60.000000000000007,null,129,null,null,"TP2",{"$f":"SUMIF($I127:$I$100006,AC165,$L127:$L$100006)","v":21.05},{"$f":"SUMIF($I127:$I$100006,AC165,$T127:$T$100006)","v":25116.000000000036},null,null,"3-RSP32",null,{"$f":"SUMIF($I127:$I$100006,AH165,$L127:$L$100006)","v":0},{"$f":"SUMIF($I127:$I$100006,AH165,$T127:$T$100006)","v":0}]
[null,null,null,"01-043",null,null,"0-PRS",3,"C42","Copie Couleur A4-R /  Papier (tout aplat)","U",6,67.226890756302524,403.36134453781517,-1,0,403.36134453781517,0.19,76.638655462184886,480.00000000000006,{"$f":"IF(CTS_Source[[#This Row],[Montant Payé]]>0,CTS_Source[[#This Row],[Montant TTC]]-CTS_Source[[#This Row],[Montant Payé]],\"\")","v":""},null,80,80,null,130,null,null,"TPF",{"$f":"SUMIF($I128:$I$100006,AC166,$L128:$L$100006)","v":0},{"$f":"SUMIF($I128:$I$100006,AC166,$T128:$T$100006)","v":0},null,null,"3-RSP38",null,{"$f":"SUMIF($I128:$I$100006,AH166,$L128:$L$100006)","v":0},{"$f":"SUMIF($I128:$I$100006,AH166,$T128:$T$100006)","v":0}]
[null,null,null,"01-043",null,null,"1-PRS",4,"C30","Copie Couleur A3-R /  Papier (aucun aplat)","U",2,67.226890756302524,134.45378151260505,-1,0,134.45378151260505,0.19,25.54621848739496,160,{"$f":"IF(CTS_Source[[#This Row],[Montant Payé]]>0,CTS_Source[[#This Row],[Montant TTC]]-CTS_Source[[#This Row],[Montant Payé]],\"\")","v":""},null,80,80,null,131,null,null,"TPP",{"$f":"SUMIF($I129:$I$100006,AC167,$L129:$L$100006)","v":0},{"$f":"SUMIF($I129:$I$100006,AC167,$T129:$T$100006)","v":0},null,null,"3-RSP45",null,{"$f":"SUMIF($I129:$I$100006,AH167,$L129:$L$100006)","v":0},{"$f":"SUMIF($I129:$I$100006,AH167,$T129:$T$100006)","v":0}]
[null,null,null,"01-043",null,null,"1-PRS",5,"C6","Copie Noir & Blanc A3-RV /  Papier","U",2,33.613445378151262,67.226890756302524,-1,0,67.226890756302524,0.19,12.77310924369748,80,{"$f":"IF(CTS_Source[[#This Row],[Montant Payé]]>0,CTS_Source[[#This Row],[Montant TTC]]-CTS_Source[[#This Row],[Montant Payé]],\"\")","v":""},null,40,40,null,132,null,null,"-",{"$f":"SUM(AD161:AD167)","v":373.45},{"$f":"SUM(AE161:AE167)","v":225410.0916395995},null,null,"3-RSP51",null,{"$f":"SUMIF($I130:$I$100006,AH168,$L130:$L$100006)","v":0},{"$f":"SUMIF($I130:$I$100006,AH168,$T130:$T$100006)","v":0}]
[null,null,null,"01-043",null,null,"1-PRS",6,"C4","Copie Noir & Blanc A4-R /  Papier","U",32,8.4033613445378155,268.9075630252101,-1,0,268.9075630252101,0.19,51.092436974789919,320,{"$f":"IF(CTS_Source[[#This Row],[Montant Payé]]>0,CTS_Source[[#This Row],[Montant TTC]]-CTS_Source[[#This Row],[Montant Payé]],\"\")","v":""},null,10,10,null,133,null,null,"PC",{"$f":"SUMIF($I131:$I$100006,AC169,$L131:$L$100006)","v":2.5},{"$f":"SUMIF($I131:$I$100006,AC169,$T131:$T$100006)","v":842.82352941176464},null,null,"-",null,{"$f":"SUM(AJ135:AJ168)","v":6},{"$f":"SUM(AK135:AK168)","v":108.82926829268293}]
["P",5,"2021-01-05",null,"01-044","CLIENT",null,null,"1","Tarif COMPTOIR",null,null,null,168.0672268907563,0,null,168.0672268907563,0.19,31.932773109243698,200,{"$f":"IF(CTS_Source[[#This Row],[Montant Payé]]>0,CTS_Source[[#This Row],[Montant TTC]]-CTS_Source[[#This Row],[Montant Payé]],\"\")","v":0},200,null,0,"01",134,null,null,"PCS",{"$f":"SUMIF($I132:$I$100006,AC170,$L132:$L$100006)","v":0},{"$f":"SUMIF($I132:$I$100006,AC170,$T132:$T$100006)","v":0},null,null,"4-C3B180",null,{"$f":"SUMIF($I132:$I$100006,AH170,$L132:$L$100006)","v":0},{"$f":"SUMIF($I132:$I$100006,AH170,$T132:$T$100006)","v":0}]
[null,null,null,"01-044",null,null,"1-PRS",1,"C40","Copie Couleur A4-R /  Papier (aucun aplat)","U",5,33.613445378151262,168.0672268907563,-1,0,168.0672268907563,0.19,31.932773109243698,200,{"$f":"IF(CTS_Source[[#This Row],[Montant Payé]]>0,CTS_Source[[#This Row],[Montant TTC]]-CTS_Source[[#This Row],[Montant Payé]],\"\")","v":""},null,40,null,null,135,null,null,"PP",{"$f":"SUMIF($I133:$I$100006,AC171,$L133:$L$100006)","v":768.10000000000014},{"$f":"SUMIF($I133:$I$100006,AC171,$T133:$T$100006)","v":169509.38420173107},null,null,"4-C3B200",null,{"$f":"SUMIF($I133:$I$100006,AH171,$L133:$L$100006)","v":0},{"$f":"SUMIF($I133:$I$100006,AH171,$T133:$T$100006)","v":0}]
["P",5,"2021-01-05",null,"01-045","CLIENT",null,null,"1","Tarif COMPTOIR",null,null,null,352.94117647058823,0,null,352.94117647058823,0.19,67.058823529411768,420,{"$f":"IF(CTS_Source[[#This Row],[Montant Payé]]>0,CTS_Source[[#This Row],[Montant TTC]]-CTS_Source[[#This Row],[Montant Payé]],\"\")","v":0},420,null,0,"01",136,null,null,"PPA0",{"$f":"SUMIF($I134:$I$100006,AC172,$L134:$L$100006)","v":0},{"$f":"SUMIF($I134:$I$100006,AC172,$T134:$T$100006)","v":0},null,null,"4-C4B180",null,{"$f":"SUMIF($I134:$I$100006,AH172,$L134:$L$100006)","v":3},{"$f":"SUMIF($I134:$I$100006,AH172,$T134:$T$100006)","v":1290}]
[null,null,null,"01-045",null,null,"1-PRS",1,"I4","Impression Noir & Blanc A4-R /  Papier","U",21,16.806722689075631,352.94117647058823,-1,0,352.94117647058823,0.19,67.058823529411768,420,{"$f":"IF(CTS_Source[[#This Row],[Montant Payé]]>0,CTS_Source[[#This Row],[Montant TTC]]-CTS_Source[[#This Row],[Montant Payé]],\"\")","v":""},null,20,null,null,137,null,null,"PPA1",{"$f":"SUMIF($I135:$I$100006,AC173,$L135:$L$100006)","v":0},{"$f":"SUMIF($I135:$I$100006,AC173,$T135:$T$100006)","v":0},null,null,"4-C4B200",null,{"$f":"SUMIF($I135:$I$100006,AH173,$L135:$L$100006)","v":0},{"$f":"SUMIF($I135:$I$100006,AH173,$T135:$T$100006)","v":0}]
["P",5,"2021-01-05",null,"01-046","CLIENT",null,null,"1","Tarif COMPTOIR",null,null,null,33.613445378151262,0,null,33.613445378151262,0.19,6.3865546218487399,40,{"$f":"IF(CTS_Source[[#This Row],[Montant Payé]]>0,CTS_Source[[#This Row],[Montant TTC]]-CTS_Source[[#This Row],[Montant Payé]],\"\")","v":0},40,null,0,"01",138,null,null,"PPS",{"$f":"SUMIF($I136:$I$100006,AC174,$L136:$L$100006)","v":6.4},{"$f":"SUMIF($I136:$I$100006,AC174,$T136:$T$100006)","v":2302.1999999999998},null,null,"4-C4G250",null,{"$f":"SUMIF($I136:$I$100006,AH174,$L136:$L$100006)","v":0},{"$f":"SUMIF($I136:$I$100006,AH174,$T136:$T$100006)","v":0}]
[null,null,null,"01-046",null,null,"1-PRS",1,"I4","Impression Noir & Blanc A4-R /  Papier","U",2,16.806722689075631,33.613445378151262,-1,0,33.613445378151262,0.19,6.3865546218487399,40,{"$f":"IF(CTS_Source[[#This Row],[Montant Payé]]>0,CTS_Source[[#This Row],[Montant TTC]]-CTS_Source[[#This Row],[Montant Payé]],\"\")","v":""},null,20,null,null,139,null,null,"-",{"$f":"SUM(AD169:AD174)","v":777.00000000000011},{"$f":"SUM(AE169:AE174)","v":172654.40773114286},null,null,"4-C4G300",null,{"$f":"SUMIF($I137:$I$100006,AH175,$L137:$L$100006)","v":0},{"$f":"SUMIF($I137:$I$100006,AH175,$T137:$T$100006)","v":0}]
["P",5,"2021-01-05",null,"01-047","CLIENT",null,null,"1","Tarif COMPTOIR",null,null,null,877.31092436974791,0,null,877.31092436974791,0.19,166.68907563025209,1044,{"$f":"IF(CTS_Source[[#This Row],[Montant Payé]]>0,CTS_Source[[#This Row],[Montant TTC]]-CTS_Source[[#This Row],[Montant Payé]],\"\")","v":4},1040,null,0,"01",140,null,null,"PP0",{"$f":"SUMIF($I138:$I$100006,AC176,$L138:$L$100006)","v":203.65},{"$f":"SUMIF($I138:$I$100006,AC176,$T138:$T$100006)","v":161800.71826235831},null,null,"4-CB3",null,{"$f":"SUMIF($I138:$I$100006,AH176,$L138:$L$100006)","v":9},{"$f":"SUMIF($I138:$I$100006,AH176,$T138:$T$100006)","v":180.00000000000003}]
[null,null,null,"01-047",null,null,"1-PRS",1,"TP","Tirage Noir & Blanc / Papier","ML",8.6999999999999993,100.84033613445379,877.31092436974791,-1,0,877.31092436974791,0.19,166.68907563025209,1044,{"$f":"IF(CTS_Source[[#This Row],[Montant Payé]]>0,CTS_Source[[#This Row],[Montant TTC]]-CTS_Source[[#This Row],[Montant Payé]],\"\")","v":""},null,120,null,null,141,null,null,"PP1",{"$f":"SUMIF($I139:$I$100006,AC177,$L139:$L$100006)","v":6.1},{"$f":"SUMIF($I139:$I$100006,AC177,$T139:$T$100006)","v":6830.3140060240967},null,null,"4-CB4",null,{"$f":"SUMIF($I139:$I$100006,AH177,$L139:$L$100006)","v":6},{"$f":"SUMIF($I139:$I$100006,AH177,$T139:$T$100006)","v":79.768803176403878}]
["P",5,"2021-01-05",null,"01-048","CLIENT",null,null,"1","Tarif COMPTOIR",null,null,null,12282.352941176472,0,null,12282.352941176472,0.19,2333.6470588235293,14616,{"$f":"IF(CTS_Source[[#This Row],[Montant Payé]]>0,CTS_Source[[#This Row],[Montant TTC]]-CTS_Source[[#This Row],[Montant Payé]],\"\")","v":16},14600,null,0,"01",142,null,null,"PP2",{"$f":"SUMIF($I140:$I$100006,AC178,$L140:$L$100006)","v":4.8},{"$f":"SUMIF($I140:$I$100006,AC178,$T140:$T$100006)","v":6623.424},null,null,"4-CGC",null,{"$f":"SUMIF($I140:$I$100006,AH178,$L140:$L$100006)","v":0},{"$f":"SUMIF($I140:$I$100006,AH178,$T140:$T$100006)","v":0}]
[null,null,null,"01-048",null,null,"1-PRS",1,"PP0","Traçage Couleur / Papier (aucun aplat)","ML",10.15,705.88235294117646,7164.7058823529414,-1,0,7164.7058823529414,0.19,1361.2941176470588,8526,{"$f":"IF(CTS_Source[[#This Row],[Montant Payé]]>0,CTS_Source[[#This Row],[Montant TTC]]-CTS_Source[[#This Row],[Montant Payé]],\"\")","v":""},null,840,null,null,143,null,null,"PPB",{"$f":"SUMIF($I141:$I$100006,AC179,$L141:$L$100006)","v":0},{"$f":"SUMIF($I141:$I$100006,AC179,$T141:$T$100006)","v":0},null,null,"4-FPA3",null,{"$f":"SUMIF($I141:$I$100006,AH179,$L141:$L$100006)","v":0},{"$f":"SUMIF($I141:$I$100006,AH179,$T141:$T$100006)","v":0}]
[null,null,null,"01-048",null,null,"1-PRS",2,"TP0","Tirage Couleur / Papier (aucun aplat) ","ML",10.15,504.20168067226894,5117.6470588235297,-1,0,5117.6470588235297,0.19,972.35294117647061,6090,{"$f":"IF(CTS_Source[[#This Row],[Montant Payé]]>0,CTS_Source[[#This Row],[Montant TTC]]-CTS_Source[[#This Row],[Montant Payé]],\"\")","v":""},null,600,null,null,144,null,null,"PPF",{"$f":"SUMIF($I142:$I$100006,AC180,$L142:$L$100006)","v":0},{"$f":"SUMIF($I142:$I$100006,AC180,$T142:$T$100006)","v":0},null,null,"4-FPA4",null,{"$f":"SUMIF($I142:$I$100006,AH180,$L142:$L$100006)","v":0},{"$f":"SUMIF($I142:$I$100006,AH180,$T142:$T$100006)","v":0}]
["P",5,"2021-01-05",null,"01-049","CLIENT",null,null,"1","Tarif COMPTOIR",null,null,null,968.06722689075639,0,null,968.06722689075639,0.19,183.93277310924373,1152,{"$f":"IF(CTS_Source[[#This Row],[Montant Payé]]>0,CTS_Source[[#This Row],[Montant TTC]]-CTS_Source[[#This Row],[Montant Payé]],\"\")","v":2},1150,null,0,"01",145,null,null,"PPP",{"$f":"SUMIF($I143:$I$100006,AC181,$L143:$L$100006)","v":17.650000000000002},{"$f":"SUMIF($I143:$I$100006,AC181,$T143:$T$100006)","v":42872.412659768721},null,null,"4-FPA5",null,{"$f":"SUMIF($I143:$I$100006,AH181,$L143:$L$100006)","v":0},{"$f":"SUMIF($I143:$I$100006,AH181,$T143:$T$100006)","v":0}]
[null,null,null,"01-049",null,null,"1-PRS",1,"PP","Traçage Noir & Blanc / Papier ","ML",2.4,201.68067226890759,484.03361344537819,-1,0,484.03361344537819,0.19,91.966386554621863,576,{"$f":"IF(CTS_Source[[#This Row],[Montant Payé]]>0,CTS_Source[[#This Row],[Montant TTC]]-CTS_Source[[#This Row],[Montant Payé]],\"\")","v":""},null,240,null,null,146,null,null,"-",{"$f":"SUM(AD176:AD181)","v":232.20000000000002},{"$f":"SUM(AE176:AE181)","v":218126.86892815112},null,null,"4-T3N100",null,{"$f":"SUMIF($I144:$I$100006,AH182,$L144:$L$100006)","v":0},{"$f":"SUMIF($I144:$I$100006,AH182,$T144:$T$100006)","v":0}]
[null,null,null,"01-049",null,null,"1-PRS",2,"TP","Tirage Noir & Blanc / Papier","ML",4.8,100.84033613445379,484.03361344537819,-1,0,484.03361344537819,0.19,91.966386554621863,576,{"$f":"IF(CTS_Source[[#This Row],[Montant Payé]]>0,CTS_Source[[#This Row],[Montant TTC]]-CTS_Source[[#This Row],[Montant Payé]],\"\")","v":""},null,120,null,null,147,null,null,"N3",{"$f":"SUMIF($I145:$I$100006,AC183,$L145:$L$100006)","v":15},{"$f":"SUMIF($I145:$I$100006,AC183,$T145:$T$100006)","v":523.93067123959099},null,null,"4-T4C100",null,{"$f":"SUMIF($I145:$I$100006,AH183,$L145:$L$100006)","v":0},{"$f":"SUMIF($I145:$I$100006,AH183,$T145:$T$100006)","v":0}]
["P",5,"2021-01-05",null,"01-050","CLIENT",null,null,"1","Tarif COMPTOIR",null,null,null,880.67226890756319,0,null,880.67226890756319,0.19,167.32773109243698,1048,{"$f":"IF(CTS_Source[[#This Row],[Montant Payé]]>0,CTS_Source[[#This Row],[Montant TTC]]-CTS_Source[[#This Row],[Montant Payé]],\"\")","v":3},1045,null,0,"01",148,null,null,"N4",{"$f":"SUMIF($I146:$I$100006,AC184,$L146:$L$100006)","v":280},{"$f":"SUMIF($I146:$I$100006,AC184,$T146:$T$100006)","v":5261.2492307692519},null,null,"4-T4N100",null,{"$f":"SUMIF($I146:$I$100006,AH184,$L146:$L$100006)","v":4},{"$f":"SUMIF($I146:$I$100006,AH184,$T146:$T$100006)","v":3119.3958171959721}]
[null,null,null,"01-050",null,null,"2-BUR",1,"6-BACR","Boite d'archives en carton rigide","U",1,134.45378151260505,134.45378151260505,-1,0,134.45378151260505,0.19,25.54621848739496,160,{"$f":"IF(CTS_Source[[#This Row],[Montant Payé]]>0,CTS_Source[[#This Row],[Montant TTC]]-CTS_Source[[#This Row],[Montant Payé]],\"\")","v":""},null,160,null,null,149,null,null,"NP",{"$f":"SUMIF($I147:$I$100006,AC185,$L147:$L$100006)","v":73.250000000000014},{"$f":"SUMIF($I147:$I$100006,AC185,$T147:$T$100006)","v":16077.242867989347},null,null,"4-TN3",null,{"$f":"SUMIF($I147:$I$100006,AH185,$L147:$L$100006)","v":3},{"$f":"SUMIF($I147:$I$100006,AH185,$T147:$T$100006)","v":90.000000000000014}]
[null,null,null,"01-050",null,null,"2-BUR",2,"2-S857","Stylo Topball 857 ","U",1,117.64705882352942,117.64705882352942,-1,0,117.64705882352942,0.19,22.352941176470591,140,{"$f":"IF(CTS_Source[[#This Row],[Montant Payé]]>0,CTS_Source[[#This Row],[Montant TTC]]-CTS_Source[[#This Row],[Montant Payé]],\"\")","v":""},null,140,null,null,150,null,null,"-",{"$f":"SUM(AD183:AD185)","v":368.25},{"$f":"SUM(AE183:AE185)","v":21862.422769998189},null,null,"4-TN4",null,{"$f":"SUMIF($I148:$I$100006,AH186,$L148:$L$100006)","v":9},{"$f":"SUMIF($I148:$I$100006,AH186,$T148:$T$100006)","v":117.91731493991327}]
[null,null,null,"01-050",null,null,"2-BUR",3,"2-S967","Stylo Topliner 967","U",1,84.033613445378151,84.033613445378151,-1,0,84.033613445378151,0.19,15.966386554621849,100,{"$f":"IF(CTS_Source[[#This Row],[Montant Payé]]>0,CTS_Source[[#This Row],[Montant TTC]]-CTS_Source[[#This Row],[Montant Payé]],\"\")","v":""},null,100,null,null,151,null,null,"N30",{"$f":"SUMIF($I149:$I$100006,AC187,$L149:$L$100006)","v":3},{"$f":"SUMIF($I149:$I$100006,AC187,$T149:$T$100006)","v":225.63265306122449},null,null,"-",null,{"$f":"SUM(AJ170:AJ186)","v":34},{"$f":"SUM(AK170:AK186)","v":4877.0819353122888}]
[null,null,null,"01-050",null,null,"1-PRS",4,"TP","Tirage Noir & Blanc / Papier","ML",5.4,100.84033613445379,544.53781512605053,-1,0,544.53781512605053,0.19,103.4621848739496,648.00000000000011,{"$f":"IF(CTS_Source[[#This Row],[Montant Payé]]>0,CTS_Source[[#This Row],[Montant TTC]]-CTS_Source[[#This Row],[Montant Payé]],\"\")","v":""},null,120,null,null,152,null,null,"N40",{"$f":"SUMIF($I150:$I$100006,AC188,$L150:$L$100006)","v":328},{"$f":"SUMIF($I150:$I$100006,AC188,$T150:$T$100006)","v":12202.617142857209},null,null,"5-AR10",null,{"$f":"SUMIF($I150:$I$100006,AH188,$L150:$L$100006)","v":0},{"$f":"SUMIF($I150:$I$100006,AH188,$T150:$T$100006)","v":0}]
["P",5,"2021-01-05",null,"01-051","DAHMANI Djamel",null,null,"1","Tarif COMPTOIR",null,null,null,2092.4369747899159,0,null,2092.4369747899159,0.19,397.56302521008405,2490,{"$f":"IF(CTS_Source[[#This Row],[Montant Payé]]>0,CTS_Source[[#This Row],[Montant TTC]]-CTS_Source[[#This Row],[Montant Payé]],\"\")","v":0},2490,null,0,"01",153,null,null,"NP0",{"$f":"SUMIF($I151:$I$100006,AC189,$L151:$L$100006)","v":98.2},{"$f":"SUMIF($I151:$I$100006,AC189,$T151:$T$100006)","v":44008.706754988423},null,null,"5-AR100",null,{"$f":"SUMIF($I151:$I$100006,AH189,$L151:$L$100006)","v":0},{"$f":"SUMIF($I151:$I$100006,AH189,$T151:$T$100006)","v":0}]
[null,null,null,"01-051",null,null,"1-PRS",1,"TP","Tirage Noir & Blanc / Papier","ML",24.9,84.033613445378151,2092.4369747899159,-1,0,2092.4369747899159,0.19,397.56302521008405,2490,{"$f":"IF(CTS_Source[[#This Row],[Montant Payé]]>0,CTS_Source[[#This Row],[Montant TTC]]-CTS_Source[[#This Row],[Montant Payé]],\"\")","v":""},null,100,null,null,154,null,null,"-",{"$f":"SUM(AD187:AD189)","v":429.2},{"$f":"SUM(AE187:AE189)","v":56436.956550906856},null,null,"5-AR20",null,{"$f":"SUMIF($I152:$I$100006,AH190,$L152:$L$100006)","v":0},{"$f":"SUMIF($I152:$I$100006,AH190,$T152:$T$100006)","v":0}]
["P",5,"2021-01-05",null,"01-052","CLIENT",null,null,"1","Tarif COMPTOIR",null,null,null,492.43697478991601,0,null,492.43697478991601,0.19,93.563025210084035,586,{"$f":"IF(CTS_Source[[#This Row],[Montant Payé]]>0,CTS_Source[[#This Row],[Montant TTC]]-CTS_Source[[#This Row],[Montant Payé]],\"\")","v":6},580,null,0,"01",155,null,null,"R3B1",{"$f":"SUMIF($I153:$I$100006,AC191,$L153:$L$100006)","v":14},{"$f":"SUMIF($I153:$I$100006,AC191,$T153:$T$100006)","v":2070},null,null,"5-AR30",null,{"$f":"SUMIF($I153:$I$100006,AH191,$L153:$L$100006)","v":0},{"$f":"SUMIF($I153:$I$100006,AH191,$T153:$T$100006)","v":0}]
[null,null,null,"01-052",null,null,"0-PRS",1,"AGP","Agrafage document (agrafes PM) - de 20 f","U",3,8.4033613445378155,25.210084033613448,-1,0,25.210084033613448,0.19,4.7899159663865554,30.000000000000004,{"$f":"IF(CTS_Source[[#This Row],[Montant Payé]]>0,CTS_Source[[#This Row],[Montant TTC]]-CTS_Source[[#This Row],[Montant Payé]],\"\")","v":""},null,10,null,null,156,null,null,"R3B2",{"$f":"SUMIF($I154:$I$100006,AC192,$L154:$L$100006)","v":0},{"$f":"SUMIF($I154:$I$100006,AC192,$T154:$T$100006)","v":0},null,null,"5-AR40",null,{"$f":"SUMIF($I154:$I$100006,AH192,$L154:$L$100006)","v":1},{"$f":"SUMIF($I154:$I$100006,AH192,$T154:$T$100006)","v":520}]
[null,null,null,"01-052",null,null,"1-PRS",2,"C4","Copie Noir & Blanc A4-R /  Papier","U",2,8.4033613445378155,16.806722689075631,-1,0,16.806722689075631,0.19,3.1932773109243699,20,{"$f":"IF(CTS_Source[[#This Row],[Montant Payé]]>0,CTS_Source[[#This Row],[Montant TTC]]-CTS_Source[[#This Row],[Montant Payé]],\"\")","v":""},null,10,null,null,157,null,null,"R3B3",{"$f":"SUMIF($I155:$I$100006,AC193,$L155:$L$100006)","v":0},{"$f":"SUMIF($I155:$I$100006,AC193,$T155:$T$100006)","v":0},null,null,"5-AR60",null,{"$f":"SUMIF($I155:$I$100006,AH193,$L155:$L$100006)","v":0},{"$f":"SUMIF($I155:$I$100006,AH193,$T155:$T$100006)","v":0}]
[null,null,null,"01-052",null,null,"0-PRS",3,"C4S","Copie Noir & Blanc A4-R /  Papier / Spéciale","U",1,16.806722689075631,16.806722689075631,-1,0,16.806722689075631,0.19,3.1932773109243699,20,{"$f":"IF(CTS_Source[[#This Row],[Montant Payé]]>0,CTS_Source[[#This Row],[Montant TTC]]-CTS_Source[[#This Row],[Montant Payé]],\"\")","v":""},null,20,null,null,158,null,null,"R3M",{"$f":"SUMIF($I156:$I$100006,AC194,$L156:$L$100006)","v":0},{"$f":"SUMIF($I156:$I$100006,AC194,$T156:$T$100006)","v":0},null,null,"5-AR80",null,{"$f":"SUMIF($I156:$I$100006,AH194,$L156:$L$100006)","v":0},{"$f":"SUMIF($I156:$I$100006,AH194,$T156:$T$100006)","v":0}]
[null,null,null,"01-052",null,null,"1-PRS",4,"TP","Tirage Noir & Blanc / Papier","ML",4.3,100.84033613445379,433.61344537815131,-1,0,433.61344537815131,0.19,82.386554621848745,516,{"$f":"IF(CTS_Source[[#This Row],[Montant Payé]]>0,CTS_Source[[#This Row],[Montant TTC]]-CTS_Source[[#This Row],[Montant Payé]],\"\")","v":""},null,120,null,null,159,null,null,"R3P",{"$f":"SUMIF($I157:$I$100006,AC195,$L157:$L$100006)","v":0},{"$f":"SUMIF($I157:$I$100006,AC195,$T157:$T$100006)","v":0},null,null,"5-BC35",null,{"$f":"SUMIF($I157:$I$100006,AH195,$L157:$L$100006)","v":8},{"$f":"SUMIF($I157:$I$100006,AH195,$T157:$T$100006)","v":2328.4210526315792}]
["P",5,"2021-01-05",null,"01-053","CLIENT",null,null,"1","Tarif COMPTOIR",null,null,null,2218.4873949579833,0,null,2218.4873949579833,0.19,421.51260504201684,2640,{"$f":"IF(CTS_Source[[#This Row],[Montant Payé]]>0,CTS_Source[[#This Row],[Montant TTC]]-CTS_Source[[#This Row],[Montant Payé]],\"\")","v":0},2640,null,0,"01",160,null,null,"R3S1",{"$f":"SUMIF($I158:$I$100006,AC196,$L158:$L$100006)","v":6},{"$f":"SUMIF($I158:$I$100006,AC196,$T158:$T$100006)","v":1200},null,null,"5-BC55",null,{"$f":"SUMIF($I158:$I$100006,AH196,$L158:$L$100006)","v":0},{"$f":"SUMIF($I158:$I$100006,AH196,$T158:$T$100006)","v":0}]
[null,null,null,"01-053",null,null,"1-PRS",1,"PPP","Traçage Couleur / Papier Photo","ML",1,2218.4873949579833,2218.4873949579833,-1,0,2218.4873949579833,0.19,421.51260504201684,2640,{"$f":"IF(CTS_Source[[#This Row],[Montant Payé]]>0,CTS_Source[[#This Row],[Montant TTC]]-CTS_Source[[#This Row],[Montant Payé]],\"\")","v":""},null,2640,null,null,161,null,null,"R3S2",{"$f":"SUMIF($I159:$I$100006,AC197,$L159:$L$100006)","v":0},{"$f":"SUMIF($I159:$I$100006,AC197,$T159:$T$100006)","v":0},null,null,"5-CCC25",null,{"$f":"SUMIF($I159:$I$100006,AH197,$L159:$L$100006)","v":14},{"$f":"SUMIF($I159:$I$100006,AH197,$T159:$T$100006)","v":2256.6749134092033}]
["P",6,"2021-01-06",null,"01-054","CLIENT",null,null,"1","Tarif COMPTOIR",null,null,null,319.32773109243703,0,null,319.32773109243703,0.19,60.67226890756303,380,{"$f":"IF(CTS_Source[[#This Row],[Montant Payé]]>0,CTS_Source[[#This Row],[Montant TTC]]-CTS_Source[[#This Row],[Montant Payé]],\"\")","v":0},380,null,0,"01",162,null,null,"R3S3",{"$f":"SUMIF($I160:$I$100006,AC198,$L160:$L$100006)","v":0},{"$f":"SUMIF($I160:$I$100006,AC198,$T160:$T$100006)","v":0},null,null,"5-CCC40",null,{"$f":"SUMIF($I160:$I$100006,AH198,$L160:$L$100006)","v":11},{"$f":"SUMIF($I160:$I$100006,AH198,$T160:$T$100006)","v":2281.2446550356858}]
[null,null,null,"01-054",null,null,"1-PRS",1,"I4","Impression Noir & Blanc A4-R /  Papier","U",5,16.806722689075631,84.033613445378151,-1,0,84.033613445378151,0.19,15.966386554621849,100,{"$f":"IF(CTS_Source[[#This Row],[Montant Payé]]>0,CTS_Source[[#This Row],[Montant TTC]]-CTS_Source[[#This Row],[Montant Payé]],\"\")","v":""},null,20,null,null,163,null,null,"R4B",{"$f":"SUMIF($I161:$I$100006,AC199,$L161:$L$100006)","v":0},{"$f":"SUMIF($I161:$I$100006,AC199,$T161:$T$100006)","v":0},null,null,"5-CCC60",null,{"$f":"SUMIF($I161:$I$100006,AH199,$L161:$L$100006)","v":5},{"$f":"SUMIF($I161:$I$100006,AH199,$T161:$T$100006)","v":1237.376705141658}]
[null,null,null,"01-054",null,null,"1-PRS",2,"I40","Impression Couleur A4-R /  Papier (aucun aplat)","U",2,50.420168067226896,100.84033613445379,-1,0,100.84033613445379,0.19,19.159663865546221,120.00000000000001,{"$f":"IF(CTS_Source[[#This Row],[Montant Payé]]>0,CTS_Source[[#This Row],[Montant TTC]]-CTS_Source[[#This Row],[Montant Payé]],\"\")","v":""},null,60,null,null,164,null,null,"R4B1",{"$f":"SUMIF($I162:$I$100006,AC200,$L162:$L$100006)","v":32},{"$f":"SUMIF($I162:$I$100006,AC200,$T162:$T$100006)","v":3167.6048682365204},null,null,"5-CCP25",null,{"$f":"SUMIF($I162:$I$100006,AH200,$L162:$L$100006)","v":0},{"$f":"SUMIF($I162:$I$100006,AH200,$T162:$T$100006)","v":0}]
[null,null,null,"01-054",null,null,"0-PRS",3,"I40B","Impression Couleur A4-R / Bristol (aucun aplat)","U",2,67.226890756302524,134.45378151260505,-1,0,134.45378151260505,0.19,25.54621848739496,160,{"$f":"IF(CTS_Source[[#This Row],[Montant Payé]]>0,CTS_Source[[#This Row],[Montant TTC]]-CTS_Source[[#This Row],[Montant Payé]],\"\")","v":""},null,80,null,null,165,null,null,"R4B2",{"$f":"SUMIF($I163:$I$100006,AC201,$L163:$L$100006)","v":5},{"$f":"SUMIF($I163:$I$100006,AC201,$T163:$T$100006)","v":750},null,null,"5-CCP40",null,{"$f":"SUMIF($I163:$I$100006,AH201,$L163:$L$100006)","v":0},{"$f":"SUMIF($I163:$I$100006,AH201,$T163:$T$100006)","v":0}]
["P",6,"2021-01-06",null,"01-055","CLIENT",null,null,"1","Tarif COMPTOIR",null,null,null,50.420168067226896,0,null,50.420168067226896,0.19,9.5798319327731107,60.000000000000007,{"$f":"IF(CTS_Source[[#This Row],[Montant Payé]]>0,CTS_Source[[#This Row],[Montant TTC]]-CTS_Source[[#This Row],[Montant Payé]],\"\")","v":0},60.000000000000007,null,0,"01",166,null,null,"R4B3",{"$f":"SUMIF($I164:$I$100006,AC202,$L164:$L$100006)","v":5},{"$f":"SUMIF($I164:$I$100006,AC202,$T164:$T$100006)","v":880.32893341190334},null,null,"5-CCU",null,{"$f":"SUMIF($I164:$I$100006,AH202,$L164:$L$100006)","v":0},{"$f":"SUMIF($I164:$I$100006,AH202,$T164:$T$100006)","v":0}]
[null,null,null,"01-055",null,null,"1-PRS",1,"C4","Copie Noir & Blanc A4-R /  Papier","U",6,8.4033613445378155,50.420168067226896,-1,0,50.420168067226896,0.19,9.5798319327731107,60.000000000000007,{"$f":"IF(CTS_Source[[#This Row],[Montant Payé]]>0,CTS_Source[[#This Row],[Montant TTC]]-CTS_Source[[#This Row],[Montant Payé]],\"\")","v":""},null,10,null,null,167,null,null,"R4M",{"$f":"SUMIF($I165:$I$100006,AC203,$L165:$L$100006)","v":0},{"$f":"SUMIF($I165:$I$100006,AC203,$T165:$T$100006)","v":0},null,null,"5-CD100",null,{"$f":"SUMIF($I165:$I$100006,AH203,$L165:$L$100006)","v":1},{"$f":"SUMIF($I165:$I$100006,AH203,$T165:$T$100006)","v":1050}]
["P",6,"2021-01-06",null,"01-056","CLIENT",null,null,"1","Tarif COMPTOIR",null,null,null,983.19327731092437,0,null,983.19327731092437,0.19,186.80672268907563,1170,{"$f":"IF(CTS_Source[[#This Row],[Montant Payé]]>0,CTS_Source[[#This Row],[Montant TTC]]-CTS_Source[[#This Row],[Montant Payé]],\"\")","v":0},1170,null,0,"01",168,null,null,"R4P",{"$f":"SUMIF($I166:$I$100006,AC204,$L166:$L$100006)","v":0},{"$f":"SUMIF($I166:$I$100006,AC204,$T166:$T$100006)","v":0},null,null,"5-CD125",null,{"$f":"SUMIF($I166:$I$100006,AH204,$L166:$L$100006)","v":0},{"$f":"SUMIF($I166:$I$100006,AH204,$T166:$T$100006)","v":0}]
[null,null,null,"01-056",null,null,"0-PRS",1,"TP1","Tirage Couleur / Papier (avec aplats)","ML",1.3,756.30252100840335,983.19327731092437,-1,0,983.19327731092437,0.19,186.80672268907563,1170,{"$f":"IF(CTS_Source[[#This Row],[Montant Payé]]>0,CTS_Source[[#This Row],[Montant TTC]]-CTS_Source[[#This Row],[Montant Payé]],\"\")","v":""},null,900,null,null,169,null,null,"R4S",{"$f":"SUMIF($I167:$I$100006,AC205,$L167:$L$100006)","v":0},{"$f":"SUMIF($I167:$I$100006,AC205,$T167:$T$100006)","v":0},null,null,"5-CD200",null,{"$f":"SUMIF($I167:$I$100006,AH205,$L167:$L$100006)","v":0},{"$f":"SUMIF($I167:$I$100006,AH205,$T167:$T$100006)","v":0}]
["P",6,"2021-01-06",null,"01-057","CLIENT",null,null,"1","Tarif COMPTOIR",null,null,null,5092.4369747899163,0,null,5092.4369747899163,0.19,967.56302521008422,6060,{"$f":"IF(CTS_Source[[#This Row],[Montant Payé]]>0,CTS_Source[[#This Row],[Montant TTC]]-CTS_Source[[#This Row],[Montant Payé]],\"\")","v":0},6060,null,0,"01",170,null,null,"R4S1",{"$f":"SUMIF($I168:$I$100006,AC206,$L168:$L$100006)","v":51},{"$f":"SUMIF($I168:$I$100006,AC206,$T168:$T$100006)","v":7013.2247308607366},null,null,"5-CDP10",null,{"$f":"SUMIF($I168:$I$100006,AH206,$L168:$L$100006)","v":0},{"$f":"SUMIF($I168:$I$100006,AH206,$T168:$T$100006)","v":0}]
[null,null,null,"01-057",null,null,"0-PRS",1,"R4S2","Reliure  A4 Spirale n° 22 à 28 + Transp. + Bristol","U",1,210.0840336134454,210.0840336134454,-1,0,210.0840336134454,0.19,39.915966386554629,250.00000000000003,{"$f":"IF(CTS_Source[[#This Row],[Montant Payé]]>0,CTS_Source[[#This Row],[Montant TTC]]-CTS_Source[[#This Row],[Montant Payé]],\"\")","v":""},null,250,null,null,171,null,null,"R4S2",{"$f":"SUMIF($I169:$I$100006,AC207,$L169:$L$100006)","v":27},{"$f":"SUMIF($I169:$I$100006,AC207,$T169:$T$100006)","v":5263.8395915530291},null,null,"5-CDS",null,{"$f":"SUMIF($I169:$I$100006,AH207,$L169:$L$100006)","v":126},{"$f":"SUMIF($I169:$I$100006,AH207,$T169:$T$100006)","v":1878.5984536561023}]
[null,null,null,"01-057",null,null,"1-PRS",2,"C4","Copie Noir & Blanc A4-R /  Papier","U",105,8.4033613445378155,882.35294117647061,-1,0,882.35294117647061,0.19,167.64705882352942,1050,{"$f":"IF(CTS_Source[[#This Row],[Montant Payé]]>0,CTS_Source[[#This Row],[Montant TTC]]-CTS_Source[[#This Row],[Montant Payé]],\"\")","v":""},null,10,null,null,172,null,null,"R4S3",{"$f":"SUMIF($I170:$I$100006,AC208,$L170:$L$100006)","v":28},{"$f":"SUMIF($I170:$I$100006,AC208,$T170:$T$100006)","v":4253.5747779205758},null,null,"5-CH50C",null,{"$f":"SUMIF($I170:$I$100006,AH208,$L170:$L$100006)","v":0},{"$f":"SUMIF($I170:$I$100006,AH208,$T170:$T$100006)","v":0}]
[null,null,null,"01-057",null,null,"1-PRS",3,"C40","Copie Couleur A4-R /  Papier (aucun aplat)","U",95,33.613445378151262,3193.2773109243699,-1,0,3193.2773109243699,0.19,606.72268907563034,3800,{"$f":"IF(CTS_Source[[#This Row],[Montant Payé]]>0,CTS_Source[[#This Row],[Montant TTC]]-CTS_Source[[#This Row],[Montant Payé]],\"\")","v":""},null,40,null,null,173,null,null,"-",{"$f":"SUM(AD191:AD208)","v":168},{"$f":"SUM(AE191:AE208)","v":24598.572901982763},null,null,"5-CH50F",null,{"$f":"SUMIF($I171:$I$100006,AH209,$L171:$L$100006)","v":0},{"$f":"SUMIF($I171:$I$100006,AH209,$T171:$T$100006)","v":0}]
[null,null,null,"01-057",null,null,"0-PRS",4,"C32","Copie Couleur A3-R /  Papier (tout aplat)","U",6,134.45378151260505,806.72268907563034,-1,0,806.72268907563034,0.19,153.27731092436977,960.00000000000011,{"$f":"IF(CTS_Source[[#This Row],[Montant Payé]]>0,CTS_Source[[#This Row],[Montant TTC]]-CTS_Source[[#This Row],[Montant Payé]],\"\")","v":""},null,160,null,null,174,null,null,"AGG",{"$f":"SUMIF($I172:$I$100006,AC210,$L172:$L$100006)","v":1},{"$f":"SUMIF($I172:$I$100006,AC210,$T172:$T$100006)","v":40},null,null,"5-CHA3",null,{"$f":"SUMIF($I172:$I$100006,AH210,$L172:$L$100006)","v":0},{"$f":"SUMIF($I172:$I$100006,AH210,$T172:$T$100006)","v":0}]
["P",6,"2021-01-06",null,"01-058","CLIENT",null,null,"1","Tarif COMPTOIR",null,null,null,211.76470588235298,0,null,211.76470588235298,0.19,40.235294117647065,252.00000000000006,{"$f":"IF(CTS_Source[[#This Row],[Montant Payé]]>0,CTS_Source[[#This Row],[Montant TTC]]-CTS_Source[[#This Row],[Montant Payé]],\"\")","v":2},250.00000000000006,null,0,"01",175,null,null,"AGM",{"$f":"SUMIF($I173:$I$100006,AC211,$L173:$L$100006)","v":0},{"$f":"SUMIF($I173:$I$100006,AC211,$T173:$T$100006)","v":0},null,null,"5-CHC70",null,{"$f":"SUMIF($I173:$I$100006,AH211,$L173:$L$100006)","v":0},{"$f":"SUMIF($I173:$I$100006,AH211,$T173:$T$100006)","v":0}]
[null,null,null,"01-058",null,null,"1-PRS",1,"TP","Tirage Noir & Blanc / Papier","ML",2.1,100.84033613445379,211.76470588235298,-1,0,211.76470588235298,0.19,40.235294117647065,252.00000000000006,{"$f":"IF(CTS_Source[[#This Row],[Montant Payé]]>0,CTS_Source[[#This Row],[Montant TTC]]-CTS_Source[[#This Row],[Montant Payé]],\"\")","v":""},null,120,null,null,176,null,null,"AGP",{"$f":"SUMIF($I174:$I$100006,AC212,$L174:$L$100006)","v":880},{"$f":"SUMIF($I174:$I$100006,AC212,$T174:$T$100006)","v":7997.1605021238056},null,null,"5-CHP70",null,{"$f":"SUMIF($I174:$I$100006,AH212,$L174:$L$100006)","v":2},{"$f":"SUMIF($I174:$I$100006,AH212,$T174:$T$100006)","v":740}]
["P",6,"2021-01-06",null,"01-059","CLIENT",null,null,"1","Tarif COMPTOIR",null,null,null,131.09243697478993,0,null,131.09243697478993,0.19,24.907563025210088,156.00000000000003,{"$f":"IF(CTS_Source[[#This Row],[Montant Payé]]>0,CTS_Source[[#This Row],[Montant TTC]]-CTS_Source[[#This Row],[Montant Payé]],\"\")","v":6},150.00000000000003,null,0,"01",177,null,null,"DEC",{"$f":"SUMIF($I175:$I$100006,AC213,$L175:$L$100006)","v":0},{"$f":"SUMIF($I175:$I$100006,AC213,$T175:$T$100006)","v":0},null,null,"5-CHP75",null,{"$f":"SUMIF($I175:$I$100006,AH213,$L175:$L$100006)","v":0},{"$f":"SUMIF($I175:$I$100006,AH213,$T175:$T$100006)","v":0}]
[null,null,null,"01-059",null,null,"1-PRS",1,"TP","Tirage Noir & Blanc / Papier","ML",1.3,100.84033613445379,131.09243697478993,-1,0,131.09243697478993,0.19,24.907563025210088,156.00000000000003,{"$f":"IF(CTS_Source[[#This Row],[Montant Payé]]>0,CTS_Source[[#This Row],[Montant TTC]]-CTS_Source[[#This Row],[Montant Payé]],\"\")","v":""},null,120,null,null,178,null,null,"DEG",{"$f":"SUMIF($I176:$I$100006,AC214,$L176:$L$100006)","v":0},{"$f":"SUMIF($I176:$I$100006,AC214,$T176:$T$100006)","v":0},null,null,"5-CHPR",null,{"$f":"SUMIF($I176:$I$100006,AH214,$L176:$L$100006)","v":0},{"$f":"SUMIF($I176:$I$100006,AH214,$T176:$T$100006)","v":0}]
["C",6,"2021-01-06",null,"01-060","PROMOTION IMMOBILIERE MAISON SESAME",null,null,"2","Tarif CONVENTION",null,null,null,17568.907563025212,0,null,17568.907563025212,0.19,3304.29,20907,{"$f":"IF(CTS_Source[[#This Row],[Montant Payé]]>0,CTS_Source[[#This Row],[Montant TTC]]-CTS_Source[[#This Row],[Montant Payé]],\"\")","v":7},20900,null,"F 21.01-001","01",179,null,null,"INS",{"$f":"SUMIF($I177:$I$100006,AC215,$L177:$L$100006)","v":0},{"$f":"SUMIF($I177:$I$100006,AC215,$T177:$T$100006)","v":0},null,null,"5-CP100",null,{"$f":"SUMIF($I177:$I$100006,AH215,$L177:$L$100006)","v":0},{"$f":"SUMIF($I177:$I$100006,AH215,$T177:$T$100006)","v":0}]
[null,null,null,"01-060",null,null,"0-PRS",1,"AGP","Agrafage document (agrafes PM) - de 20 f","U",156,6.7226890756302522,1048.7394957983192,-1,0,1048.7394957983192,0.19,199.26050420168065,1248,{"$f":"IF(CTS_Source[[#This Row],[Montant Payé]]>0,CTS_Source[[#This Row],[Montant TTC]]-CTS_Source[[#This Row],[Montant Payé]],\"\")","v":""},null,8,null,null,180,null,null,"MAN",{"$f":"SUMIF($I178:$I$100006,AC216,$L178:$L$100006)","v":0},{"$f":"SUMIF($I178:$I$100006,AC216,$T178:$T$100006)","v":0},null,null,"5-CP160",null,{"$f":"SUMIF($I178:$I$100006,AH216,$L178:$L$100006)","v":2},{"$f":"SUMIF($I178:$I$100006,AH216,$T178:$T$100006)","v":1235.679442508711}]
[null,null,null,"01-060",null,null,"1-PRS",2,"C4","Copie Noir & Blanc A4-R /  Papier","U",1293,6.7226890756302522,8692.4369747899163,-1,0,8692.4369747899163,0.19,1651.5630252100841,10344,{"$f":"IF(CTS_Source[[#This Row],[Montant Payé]]>0,CTS_Source[[#This Row],[Montant TTC]]-CTS_Source[[#This Row],[Montant Payé]],\"\")","v":""},null,8,null,null,181,null,null,"MEF",{"$f":"SUMIF($I179:$I$100006,AC217,$L179:$L$100006)","v":0},{"$f":"SUMIF($I179:$I$100006,AC217,$T179:$T$100006)","v":0},null,null,"5-CP250",null,{"$f":"SUMIF($I179:$I$100006,AH217,$L179:$L$100006)","v":0},{"$f":"SUMIF($I179:$I$100006,AH217,$T179:$T$100006)","v":0}]
[null,null,null,"01-060",null,null,"1-PRS",3,"C8","Copie Noir & Blanc A4-RV /  Papier","U",393,16.806722689075631,6605.042016806723,-1,0,6605.042016806723,0.19,1254.9579831932774,7860,{"$f":"IF(CTS_Source[[#This Row],[Montant Payé]]>0,CTS_Source[[#This Row],[Montant TTC]]-CTS_Source[[#This Row],[Montant Payé]],\"\")","v":""},null,20,null,null,182,null,null,"PER",{"$f":"SUMIF($I180:$I$100006,AC218,$L180:$L$100006)","v":1611},{"$f":"SUMIF($I180:$I$100006,AC218,$T180:$T$100006)","v":3312.0048137703161},null,null,"5-CP300",null,{"$f":"SUMIF($I180:$I$100006,AH218,$L180:$L$100006)","v":0},{"$f":"SUMIF($I180:$I$100006,AH218,$T180:$T$100006)","v":0}]
[null,null,null,"01-060",null,null,"2-BUR",4,"5-SCS","Sous chemise simple","U",13,12.605042016806724,163.86554621848742,-1,0,163.86554621848742,0.19,31.134453781512612,195.00000000000003,{"$f":"IF(CTS_Source[[#This Row],[Montant Payé]]>0,CTS_Source[[#This Row],[Montant TTC]]-CTS_Source[[#This Row],[Montant Payé]],\"\")","v":""},null,15,null,null,183,null,null,"PIN",{"$f":"SUMIF($I181:$I$100006,AC219,$L181:$L$100006)","v":4468},{"$f":"SUMIF($I181:$I$100006,AC219,$T181:$T$100006)","v":20159.207041339039},null,null,"5-CP400",null,{"$f":"SUMIF($I181:$I$100006,AH219,$L181:$L$100006)","v":7},{"$f":"SUMIF($I181:$I$100006,AH219,$T181:$T$100006)","v":4886.0872075659536}]
[null,null,null,"01-060",null,null,"0-PRS",5,"R4S2","Reliure  A4 Spirale n° 22 à 28 + Transp. + Bristol","U",6,168.0672268907563,1008.4033613445379,-1,0,1008.4033613445379,0.19,191.59663865546219,1200,{"$f":"IF(CTS_Source[[#This Row],[Montant Payé]]>0,CTS_Source[[#This Row],[Montant TTC]]-CTS_Source[[#This Row],[Montant Payé]],\"\")","v":""},null,200,null,null,184,null,null,"PL3",{"$f":"SUMIF($I182:$I$100006,AC220,$L182:$L$100006)","v":0},{"$f":"SUMIF($I182:$I$100006,AC220,$T182:$T$100006)","v":0},null,null,"5-CP500",null,{"$f":"SUMIF($I182:$I$100006,AH220,$L182:$L$100006)","v":0},{"$f":"SUMIF($I182:$I$100006,AH220,$T182:$T$100006)","v":0}]
[null,null,null,"01-060",null,null,"1-PRS",6,"C3","Copie Noir & Blanc A3-R /  Papier ","U",3,16.806722689075631,50.420168067226896,-1,0,50.420168067226896,0.19,9.5798319327731107,60.000000000000007,{"$f":"IF(CTS_Source[[#This Row],[Montant Payé]]>0,CTS_Source[[#This Row],[Montant TTC]]-CTS_Source[[#This Row],[Montant Payé]],\"\")","v":""},null,20,null,null,185,null,null,"PL4",{"$f":"SUMIF($I183:$I$100006,AC221,$L183:$L$100006)","v":0},{"$f":"SUMIF($I183:$I$100006,AC221,$T183:$T$100006)","v":0},null,null,"5-CP650",null,{"$f":"SUMIF($I183:$I$100006,AH221,$L183:$L$100006)","v":5},{"$f":"SUMIF($I183:$I$100006,AH221,$T183:$T$100006)","v":4779.0303907380603}]
["P",6,"2021-01-06",null,"01-061","CLIENT",null,null,"1","Tarif COMPTOIR",null,null,null,275.63025210084038,0,null,275.63025210084038,0.19,52.36974789915967,328,{"$f":"IF(CTS_Source[[#This Row],[Montant Payé]]>0,CTS_Source[[#This Row],[Montant TTC]]-CTS_Source[[#This Row],[Montant Payé]],\"\")","v":2},326,null,0,"01",186,null,null,"PL5",{"$f":"SUMIF($I184:$I$100006,AC222,$L184:$L$100006)","v":0},{"$f":"SUMIF($I184:$I$100006,AC222,$T184:$T$100006)","v":0},null,null,"5-CP760",null,{"$f":"SUMIF($I184:$I$100006,AH222,$L184:$L$100006)","v":0},{"$f":"SUMIF($I184:$I$100006,AH222,$T184:$T$100006)","v":0}]
[null,null,null,"01-061",null,null,"2-BUR",1,"6-EB50219","Enveloppe blanche 229 x 324 (n° 50219) H","U",2,16.806722689075631,33.613445378151262,-1,0,33.613445378151262,0.19,6.3865546218487399,40,{"$f":"IF(CTS_Source[[#This Row],[Montant Payé]]>0,CTS_Source[[#This Row],[Montant TTC]]-CTS_Source[[#This Row],[Montant Payé]],\"\")","v":""},null,20,null,null,187,null,null,"PLI",{"$f":"SUMIF($I185:$I$100006,AC223,$L185:$L$100006)","v":0},{"$f":"SUMIF($I185:$I$100006,AC223,$T185:$T$100006)","v":0},null,null,"5-CPL",null,{"$f":"SUMIF($I185:$I$100006,AH223,$L185:$L$100006)","v":0},{"$f":"SUMIF($I185:$I$100006,AH223,$T185:$T$100006)","v":0}]
[null,null,null,"01-061",null,null,"1-PRS",2,"TP","Tirage Noir & Blanc / Papier","ML",2.4,100.84033613445379,242.0168067226891,-1,0,242.0168067226891,0.19,45.983193277310932,288,{"$f":"IF(CTS_Source[[#This Row],[Montant Payé]]>0,CTS_Source[[#This Row],[Montant TTC]]-CTS_Source[[#This Row],[Montant Payé]],\"\")","v":""},null,120,null,null,188,null,null,"-",{"$f":"SUM(AD210:AD223)","v":6960},{"$f":"SUM(AE210:AE223)","v":31508.372357233162},null,null,"5-CRCE",null,{"$f":"SUMIF($I186:$I$100006,AH224,$L186:$L$100006)","v":47},{"$f":"SUMIF($I186:$I$100006,AH224,$T186:$T$100006)","v":4222.2115384615381}]
["P",6,"2021-01-06",null,"01-062","CLIENT",null,null,"1","Tarif COMPTOIR",null,null,null,564.70588235294122,0,null,564.70588235294122,0.19,107.29411764705883,672,{"$f":"IF(CTS_Source[[#This Row],[Montant Payé]]>0,CTS_Source[[#This Row],[Montant TTC]]-CTS_Source[[#This Row],[Montant Payé]],\"\")","v":2},670,null,0,"01",189,null,null,"GCD",{"$f":"SUMIF($I187:$I$100006,AC225,$L187:$L$100006)","v":0},{"$f":"SUMIF($I187:$I$100006,AC225,$T187:$T$100006)","v":0},null,null,"5-CRPE",null,{"$f":"SUMIF($I187:$I$100006,AH225,$L187:$L$100006)","v":25},{"$f":"SUMIF($I187:$I$100006,AH225,$T187:$T$100006)","v":3461.6779265011141}]
[null,null,null,"01-062",null,null,"1-PRS",1,"PP","Traçage Noir & Blanc / Papier ","ML",1.4,201.68067226890759,282.35294117647061,-1,0,282.35294117647061,0.19,53.647058823529413,336,{"$f":"IF(CTS_Source[[#This Row],[Montant Payé]]>0,CTS_Source[[#This Row],[Montant TTC]]-CTS_Source[[#This Row],[Montant Payé]],\"\")","v":""},null,240,null,null,190,null,null,"GSF",{"$f":"SUMIF($I188:$I$100006,AC226,$L188:$L$100006)","v":0},{"$f":"SUMIF($I188:$I$100006,AC226,$T188:$T$100006)","v":0},null,null,"5-CRR",null,{"$f":"SUMIF($I188:$I$100006,AH226,$L188:$L$100006)","v":0},{"$f":"SUMIF($I188:$I$100006,AH226,$T188:$T$100006)","v":0}]
[null,null,null,"01-062",null,null,"1-PRS",2,"TP","Tirage Noir & Blanc / Papier","ML",2.8,100.84033613445379,282.35294117647061,-1,0,282.35294117647061,0.19,53.647058823529413,336,{"$f":"IF(CTS_Source[[#This Row],[Montant Payé]]>0,CTS_Source[[#This Row],[Montant TTC]]-CTS_Source[[#This Row],[Montant Payé]],\"\")","v":""},null,120,null,null,191,null,null,"GVD",{"$f":"SUMIF($I189:$I$100006,AC227,$L189:$L$100006)","v":13},{"$f":"SUMIF($I189:$I$100006,AC227,$T189:$T$100006)","v":2432.0641347230512},null,null,"5-I312",null,{"$f":"SUMIF($I189:$I$100006,AH227,$L189:$L$100006)","v":0},{"$f":"SUMIF($I189:$I$100006,AH227,$T189:$T$100006)","v":0}]
["P",6,"2021-01-06",null,"01-063","CLIENT",null,null,"1","Tarif COMPTOIR",null,null,null,115.96638655462185,0,null,115.96638655462185,0.19,22.033613445378151,138,{"$f":"IF(CTS_Source[[#This Row],[Montant Payé]]>0,CTS_Source[[#This Row],[Montant TTC]]-CTS_Source[[#This Row],[Montant Payé]],\"\")","v":2},136,null,0,"01",192,null,null,"-",{"$f":"SUM(AD225:AD227)","v":13},{"$f":"SUM(AE225:AE227)","v":2432.0641347230512},null,null,"5-IB12",null,{"$f":"SUMIF($I190:$I$100006,AH228,$L190:$L$100006)","v":0},{"$f":"SUMIF($I190:$I$100006,AH228,$T190:$T$100006)","v":0}]
[null,null,null,"01-063",null,null,"1-PRS",1,"TP","Tirage Noir & Blanc / Papier","ML",1.1499999999999999,100.84033613445379,115.96638655462185,-1,0,115.96638655462185,0.19,22.033613445378151,138,{"$f":"IF(CTS_Source[[#This Row],[Montant Payé]]>0,CTS_Source[[#This Row],[Montant TTC]]-CTS_Source[[#This Row],[Montant Payé]],\"\")","v":""},null,120,null,null,193,null,null,"CVM",{"$f":"SUMIF($I191:$I$100006,AC229,$L191:$L$100006)","v":0},{"$f":"SUMIF($I191:$I$100006,AC229,$T191:$T$100006)","v":0},null,null,"5-IM",null,{"$f":"SUMIF($I191:$I$100006,AH229,$L191:$L$100006)","v":0},{"$f":"SUMIF($I191:$I$100006,AH229,$T191:$T$100006)","v":0}]
["P",6,"2021-01-06",null,"01-064","CLIENT",null,null,"1","Tarif COMPTOIR",null,null,null,285.71428571428572,0,null,285.71428571428572,0.19,54.285714285714292,340,{"$f":"IF(CTS_Source[[#This Row],[Montant Payé]]>0,CTS_Source[[#This Row],[Montant TTC]]-CTS_Source[[#This Row],[Montant Payé]],\"\")","v":0},340,null,0,"01",194,null,null,"CVR",{"$f":"SUMIF($I192:$I$100006,AC230,$L192:$L$100006)","v":200},{"$f":"SUMIF($I192:$I$100006,AC230,$T192:$T$100006)","v":4000.0000000000005},null,null,"5-IN06",null,{"$f":"SUMIF($I192:$I$100006,AH230,$L192:$L$100006)","v":0},{"$f":"SUMIF($I192:$I$100006,AH230,$T192:$T$100006)","v":0}]
[null,null,null,"01-064",null,null,"1-PRS",1,"N4","Numérisation Noir & Blanc A4 à plat","U",1,16.806722689075631,16.806722689075631,-1,0,16.806722689075631,0.19,3.1932773109243699,20,{"$f":"IF(CTS_Source[[#This Row],[Montant Payé]]>0,CTS_Source[[#This Row],[Montant TTC]]-CTS_Source[[#This Row],[Montant Payé]],\"\")","v":""},null,20,null,null,195,null,null,"CVRV",{"$f":"SUMIF($I193:$I$100006,AC231,$L193:$L$100006)","v":550},{"$f":"SUMIF($I193:$I$100006,AC231,$T193:$T$100006)","v":17995.238095238099},null,null,"5-IN12",null,{"$f":"SUMIF($I193:$I$100006,AH231,$L193:$L$100006)","v":0},{"$f":"SUMIF($I193:$I$100006,AH231,$T193:$T$100006)","v":0}]
[null,null,null,"01-064",null,null,"0-PRS",2,"N40","Numérisation Couleur A4 à plat","U",8,33.613445378151262,268.9075630252101,-1,0,268.9075630252101,0.19,51.092436974789919,320,{"$f":"IF(CTS_Source[[#This Row],[Montant Payé]]>0,CTS_Source[[#This Row],[Montant TTC]]-CTS_Source[[#This Row],[Montant Payé]],\"\")","v":""},null,40,null,null,196,null,null,"-",{"$f":"SUM(AD229:AD231)","v":750},{"$f":"SUM(AE229:AE231)","v":21995.238095238099},null,null,"5-IN31",null,{"$f":"SUMIF($I194:$I$100006,AH232,$L194:$L$100006)","v":2},{"$f":"SUMIF($I194:$I$100006,AH232,$T194:$T$100006)","v":738.38237658787591}]
["P",6,"2021-01-06",null,"01-065","CLIENT",null,null,"1","Tarif COMPTOIR",null,null,null,156.30252100840337,0,null,156.30252100840337,0.19,29.697478991596643,186.00000000000003,{"$f":"IF(CTS_Source[[#This Row],[Montant Payé]]>0,CTS_Source[[#This Row],[Montant TTC]]-CTS_Source[[#This Row],[Montant Payé]],\"\")","v":4},182.00000000000003,null,0,"01",197,null,null,"MAND",{"$f":"SUMIF($I195:$I$100006,AC233,$L195:$L$100006)","v":0},{"$f":"SUMIF($I195:$I$100006,AC233,$T195:$T$100006)","v":0},null,null,"5-IP06",null,{"$f":"SUMIF($I195:$I$100006,AH233,$L195:$L$100006)","v":0},{"$f":"SUMIF($I195:$I$100006,AH233,$T195:$T$100006)","v":0}]
[null,null,null,"01-065",null,null,"1-PRS",1,"TP","Tirage Noir & Blanc / Papier","ML",1.3,100.84033613445379,131.09243697478993,-1,0,131.09243697478993,0.19,24.907563025210088,156.00000000000003,{"$f":"IF(CTS_Source[[#This Row],[Montant Payé]]>0,CTS_Source[[#This Row],[Montant TTC]]-CTS_Source[[#This Row],[Montant Payé]],\"\")","v":""},null,120,null,null,198,null,null,"MANF",{"$f":"SUMIF($I196:$I$100006,AC234,$L196:$L$100006)","v":0},{"$f":"SUMIF($I196:$I$100006,AC234,$T196:$T$100006)","v":0},null,null,"5-IP10",null,{"$f":"SUMIF($I196:$I$100006,AH234,$L196:$L$100006)","v":0},{"$f":"SUMIF($I196:$I$100006,AH234,$T196:$T$100006)","v":0}]
[null,null,null,"01-065",null,null,"0-PRS",2,"AGP","Agrafage document (agrafes PM) - de 20 f","U",1,8.4033613445378155,8.4033613445378155,-1,0,8.4033613445378155,0.19,1.596638655462185,10,{"$f":"IF(CTS_Source[[#This Row],[Montant Payé]]>0,CTS_Source[[#This Row],[Montant TTC]]-CTS_Source[[#This Row],[Montant Payé]],\"\")","v":""},null,10,null,null,199,null,null,"MANL",{"$f":"SUMIF($I197:$I$100006,AC235,$L197:$L$100006)","v":0},{"$f":"SUMIF($I197:$I$100006,AC235,$T197:$T$100006)","v":0},null,null,"5-IP12",null,{"$f":"SUMIF($I197:$I$100006,AH235,$L197:$L$100006)","v":0},{"$f":"SUMIF($I197:$I$100006,AH235,$T197:$T$100006)","v":0}]
[null,null,null,"01-065",null,null,"0-PRS",3,"C4S","Copie Noir & Blanc A4-R /  Papier / Spéciale","U",1,16.806722689075631,16.806722689075631,-1,0,16.806722689075631,0.19,3.1932773109243699,20,{"$f":"IF(CTS_Source[[#This Row],[Montant Payé]]>0,CTS_Source[[#This Row],[Montant TTC]]-CTS_Source[[#This Row],[Montant Payé]],\"\")","v":""},null,20,null,null,200,null,null,"MANS",{"$f":"SUMIF($I198:$I$100006,AC236,$L198:$L$100006)","v":0},{"$f":"SUMIF($I198:$I$100006,AC236,$T198:$T$100006)","v":0},null,null,"5-IPAZ",null,{"$f":"SUMIF($I198:$I$100006,AH236,$L198:$L$100006)","v":0},{"$f":"SUMIF($I198:$I$100006,AH236,$T198:$T$100006)","v":0}]
["P",6,"2021-01-06",null,"01-066","CLIENT",null,null,"1","Tarif COMPTOIR",null,null,null,242.0168067226891,0,null,242.0168067226891,0.19,45.983193277310932,288,{"$f":"IF(CTS_Source[[#This Row],[Montant Payé]]>0,CTS_Source[[#This Row],[Montant TTC]]-CTS_Source[[#This Row],[Montant Payé]],\"\")","v":3},285,null,0,"01",201,null,null,"-",{"$f":"SUM(AD233:AD236)","v":0},{"$f":"SUM(AE233:AE236)","v":0},null,null,"5-IPC4",null,{"$f":"SUMIF($I199:$I$100006,AH237,$L199:$L$100006)","v":22},{"$f":"SUMIF($I199:$I$100006,AH237,$T199:$T$100006)","v":316.88583815028903}]
[null,null,null,"01-066",null,null,"1-PRS",1,"TP","Tirage Noir & Blanc / Papier","ML",2.4,100.84033613445379,242.0168067226891,-1,0,242.0168067226891,0.19,45.983193277310932,288,{"$f":"IF(CTS_Source[[#This Row],[Montant Payé]]>0,CTS_Source[[#This Row],[Montant TTC]]-CTS_Source[[#This Row],[Montant Payé]],\"\")","v":""},null,120,null,null,202,null,null,"DOC",{"$f":"SUMIF($I200:$I$100006,AC238,$L200:$L$100006)","v":0},{"$f":"SUMIF($I200:$I$100006,AC238,$T200:$T$100006)","v":0},null,null,"5-PCC",null,{"$f":"SUMIF($I200:$I$100006,AH238,$L200:$L$100006)","v":0},{"$f":"SUMIF($I200:$I$100006,AH238,$T200:$T$100006)","v":0}]
["p",6,"2021-01-06",null,"01-067","CLIENT",null,null,"1","Tarif COMPTOIR",null,null,null,147.05882352941177,0,null,147.05882352941177,0.19,27.941176470588239,175,{"$f":"IF(CTS_Source[[#This Row],[Montant Payé]]>0,CTS_Source[[#This Row],[Montant TTC]]-CTS_Source[[#This Row],[Montant Payé]],\"\")","v":0},175,null,0,"01",203,null,null,"FA4",{"$f":"SUMIF($I201:$I$100006,AC239,$L201:$L$100006)","v":0},{"$f":"SUMIF($I201:$I$100006,AC239,$T201:$T$100006)","v":0},null,null,"5-PCV160",null,{"$f":"SUMIF($I201:$I$100006,AH239,$L201:$L$100006)","v":1},{"$f":"SUMIF($I201:$I$100006,AH239,$T201:$T$100006)","v":240.00000000000003}]
[null,null,null,"01-067",null,null,"1-PRS",1,"I40","Impression Couleur A4-R /  Papier (aucun aplat)","U",1,50.420168067226896,50.420168067226896,-1,0,50.420168067226896,0.19,9.5798319327731107,60.000000000000007,{"$f":"IF(CTS_Source[[#This Row],[Montant Payé]]>0,CTS_Source[[#This Row],[Montant TTC]]-CTS_Source[[#This Row],[Montant Payé]],\"\")","v":""},null,60,null,null,204,null,null,"IB",{"$f":"SUMIF($I202:$I$100006,AC240,$L202:$L$100006)","v":0},{"$f":"SUMIF($I202:$I$100006,AC240,$T202:$T$100006)","v":0},null,null,"5-PCV192",null,{"$f":"SUMIF($I202:$I$100006,AH240,$L202:$L$100006)","v":0},{"$f":"SUMIF($I202:$I$100006,AH240,$T202:$T$100006)","v":0}]
[null,null,null,"01-067",null,null,"1-PRS",2,"C4","Copie Noir & Blanc A4-R /  Papier","U",2,8.4033613445378155,16.806722689075631,-1,0,16.806722689075631,0.19,3.1932773109243699,20,{"$f":"IF(CTS_Source[[#This Row],[Montant Payé]]>0,CTS_Source[[#This Row],[Montant TTC]]-CTS_Source[[#This Row],[Montant Payé]],\"\")","v":""},null,10,null,null,205,null,null,"BC",{"$f":"SUMIF($I203:$I$100006,AC241,$L203:$L$100006)","v":0},{"$f":"SUMIF($I203:$I$100006,AC241,$T203:$T$100006)","v":0},null,null,"5-PCV240",null,{"$f":"SUMIF($I203:$I$100006,AH241,$L203:$L$100006)","v":1},{"$f":"SUMIF($I203:$I$100006,AH241,$T203:$T$100006)","v":580}]
[null,null,null,"01-067",null,null,"1-PRS",3,"I4","Impression Noir & Blanc A4-R /  Papier","U",2,16.806722689075631,33.613445378151262,-1,0,33.613445378151262,0.19,6.3865546218487399,40,{"$f":"IF(CTS_Source[[#This Row],[Montant Payé]]>0,CTS_Source[[#This Row],[Montant TTC]]-CTS_Source[[#This Row],[Montant Payé]],\"\")","v":""},null,20,null,null,206,null,null,"IET",{"$f":"SUMIF($I204:$I$100006,AC242,$L204:$L$100006)","v":0},{"$f":"SUMIF($I204:$I$100006,AC242,$T204:$T$100006)","v":0},null,null,"5-PCV360",null,{"$f":"SUMIF($I204:$I$100006,AH242,$L204:$L$100006)","v":0},{"$f":"SUMIF($I204:$I$100006,AH242,$T204:$T$100006)","v":0}]
[null,null,null,"01-067",null,null,"2-BUR",4,"8-TA31","Trombones Argentés 31 mm / 100 u","U",1,46.218487394957982,46.218487394957982,-1,0,46.218487394957982,0.19,8.7815126050420176,55,{"$f":"IF(CTS_Source[[#This Row],[Montant Payé]]>0,CTS_Source[[#This Row],[Montant TTC]]-CTS_Source[[#This Row],[Montant Payé]],\"\")","v":""},null,55,null,null,207,null,null,"INST",{"$f":"SUMIF($I205:$I$100006,AC243,$L205:$L$100006)","v":11},{"$f":"SUMIF($I205:$I$100006,AC243,$T205:$T$100006)","v":0},null,null,"5-PPC25",null,{"$f":"SUMIF($I205:$I$100006,AH243,$L205:$L$100006)","v":0},{"$f":"SUMIF($I205:$I$100006,AH243,$T205:$T$100006)","v":0}]
["P",6,"2021-01-06",null,"01-068","M.S.PROJECT",null,null,"1","Tarif COMPTOIR",null,null,null,168.0672268907563,0,null,168.0672268907563,0.19,31.932773109243698,200,{"$f":"IF(CTS_Source[[#This Row],[Montant Payé]]>0,CTS_Source[[#This Row],[Montant TTC]]-CTS_Source[[#This Row],[Montant Payé]],\"\")","v":0},200,null,0,"01",208,null,null,"PB",{"$f":"SUMIF($I205:$I$100006,AC244,$L205:$L$100006)","v":0},{"$f":"SUMIF($I205:$I$100006,AC244,$T205:$T$100006)","v":0},null,null,"5-PPCU",null,{"$f":"SUMIF($I206:$I$100006,AH244,$L206:$L$100006)","v":0},{"$f":"SUMIF($I206:$I$100006,AH244,$T206:$T$100006)","v":0}]
[null,null,null,"01-068",null,null,"1-PRS",1,"I3","Impression Noir & Blanc A3-R /  Papier","U",4,27.731092436974791,110.92436974789916,-1,0,110.92436974789916,0.19,21.07563025210084,132,{"$f":"IF(CTS_Source[[#This Row],[Montant Payé]]>0,CTS_Source[[#This Row],[Montant TTC]]-CTS_Source[[#This Row],[Montant Payé]],\"\")","v":""},null,33,null,null,209,null,null,"PBA",{"$f":"SUMIF($I206:$I$100006,AC245,$L206:$L$100006)","v":0},{"$f":"SUMIF($I206:$I$100006,AC245,$T206:$T$100006)","v":0},null,null,"5-PPF",null,{"$f":"SUMIF($I207:$I$100006,AH245,$L207:$L$100006)","v":0},{"$f":"SUMIF($I207:$I$100006,AH245,$T207:$T$100006)","v":0}]
[null,null,null,"01-068",null,null,"1-PRS",2,"C3","Copie Noir & Blanc A3-R /  Papier ","U",4,14.285714285714286,57.142857142857146,-1,0,57.142857142857146,0.19,10.857142857142858,68,{"$f":"IF(CTS_Source[[#This Row],[Montant Payé]]>0,CTS_Source[[#This Row],[Montant TTC]]-CTS_Source[[#This Row],[Montant Payé]],\"\")","v":""},null,17,null,null,210,null,null,"TIG",{"$f":"SUMIF($I207:$I$100006,AC246,$L207:$L$100006)","v":0},{"$f":"SUMIF($I207:$I$100006,AC246,$T207:$T$100006)","v":0},null,null,"5-PPN100",null,{"$f":"SUMIF($I208:$I$100006,AH246,$L208:$L$100006)","v":0},{"$f":"SUMIF($I208:$I$100006,AH246,$T208:$T$100006)","v":0}]
["P",6,"2021-01-06",null,"01-069","CLIENT",null,null,"1","Tarif COMPTOIR",null,null,null,847.05882352941171,0,null,847.05882352941171,0.19,160.94117647058823,1008,{"$f":"IF(CTS_Source[[#This Row],[Montant Payé]]>0,CTS_Source[[#This Row],[Montant TTC]]-CTS_Source[[#This Row],[Montant Payé]],\"\")","v":8},1000,null,0,"01",211,null,null,null,{"$f":"SUM(AD238:AD246)","v":11},{"$f":"SUM(AE238:AE246)","v":0},null,null,"5-PPNU",null,{"$f":"SUMIF($I209:$I$100006,AH247,$L209:$L$100006)","v":1},{"$f":"SUMIF($I209:$I$100006,AH247,$T209:$T$100006)","v":13}]
[null,null,null,"01-069",null,null,"1-PRS",1,"PP0","Traçage Couleur / Papier (aucun aplat)","ML",1.2,705.88235294117646,847.05882352941171,-1,0,847.05882352941171,0.19,160.94117647058823,1008,{"$f":"IF(CTS_Source[[#This Row],[Montant Payé]]>0,CTS_Source[[#This Row],[Montant TTC]]-CTS_Source[[#This Row],[Montant Payé]],\"\")","v":""},null,840,null,null,212,null,null,null,null,null,null,null,"5-PTB",null,{"$f":"SUMIF($I210:$I$100006,AH248,$L210:$L$100006)","v":0},{"$f":"SUMIF($I210:$I$100006,AH248,$T210:$T$100006)","v":0}]
["P",6,"2021-01-06",null,"01-070","CLIENT",null,null,"1","Tarif COMPTOIR",null,null,null,264.70588235294122,0,null,264.70588235294122,0.19,50.294117647058833,315,{"$f":"IF(CTS_Source[[#This Row],[Montant Payé]]>0,CTS_Source[[#This Row],[Montant TTC]]-CTS_Source[[#This Row],[Montant Payé]],\"\")","v":15},300,null,0,"01",213,null,null,null,null,null,null,null,"5-PTS",null,{"$f":"SUMIF($I211:$I$100006,AH249,$L211:$L$100006)","v":0},{"$f":"SUMIF($I211:$I$100006,AH249,$T211:$T$100006)","v":0}]
[null,null,null,"01-070",null,null,"1-PRS",1,"TP","Tirage Noir & Blanc / Papier","ML",2,100.84033613445379,201.68067226890759,-1,0,201.68067226890759,0.19,38.319327731092443,240.00000000000003,{"$f":"IF(CTS_Source[[#This Row],[Montant Payé]]>0,CTS_Source[[#This Row],[Montant TTC]]-CTS_Source[[#This Row],[Montant Payé]],\"\")","v":""},null,120,null,null,214,null,null,null,null,null,null,null,"5-SC250",null,{"$f":"SUMIF($I212:$I$100006,AH250,$L212:$L$100006)","v":0},{"$f":"SUMIF($I212:$I$100006,AH250,$T212:$T$100006)","v":0}]
[null,null,null,"01-070",null,null,"2-BUR",2,"2-S621","Stylo à bille 621 ","U",1,21.008403361344538,21.008403361344538,-1,0,21.008403361344538,0.19,3.9915966386554622,25,{"$f":"IF(CTS_Source[[#This Row],[Montant Payé]]>0,CTS_Source[[#This Row],[Montant TTC]]-CTS_Source[[#This Row],[Montant Payé]],\"\")","v":""},null,25,null,null,215,null,null,null,null,null,null,null,"5-SC500",null,{"$f":"SUMIF($I213:$I$100006,AH251,$L213:$L$100006)","v":0},{"$f":"SUMIF($I213:$I$100006,AH251,$T213:$T$100006)","v":0}]
[null,null,null,"01-070",null,null,"2-BUR",3,"2-SF","Stylo à bille Fabs","U",2,21.008403361344538,42.016806722689076,-1,0,42.016806722689076,0.19,7.9831932773109244,50,{"$f":"IF(CTS_Source[[#This Row],[Montant Payé]]>0,CTS_Source[[#This Row],[Montant TTC]]-CTS_Source[[#This Row],[Montant Payé]],\"\")","v":""},null,25,null,null,216,null,null,null,null,null,null,null,"5-SCS",null,{"$f":"SUMIF($I214:$I$100006,AH252,$L214:$L$100006)","v":34},{"$f":"SUMIF($I214:$I$100006,AH252,$T214:$T$100006)","v":510}]
["P",7,"2021-01-07",null,"01-071","CLIENT",null,null,"1","Tarif COMPTOIR",null,null,null,1978.1512605042024,0,null,1978.1512605042024,0.19,375.84873949579838,2354.0000000000005,{"$f":"IF(CTS_Source[[#This Row],[Montant Payé]]>0,CTS_Source[[#This Row],[Montant TTC]]-CTS_Source[[#This Row],[Montant Payé]],\"\")","v":9},2345.0000000000005,null,0,"01",217,null,null,null,null,null,null,null,"-",null,{"$f":"SUM(AJ188:AJ252)","v":315},{"$f":"SUM(AK188:AK252)","v":33275.270500387778}]
[null,null,null,"01-071",null,null,"1-PRS",1,"NP","Numérisation Noir & Blanc de plan ou carte","ML",8.4,201.68067226890759,1694.1176470588239,-1,0,1694.1176470588239,0.19,321.88235294117652,2016.0000000000005,{"$f":"IF(CTS_Source[[#This Row],[Montant Payé]]>0,CTS_Source[[#This Row],[Montant TTC]]-CTS_Source[[#This Row],[Montant Payé]],\"\")","v":""},null,240,null,null,218,null,null,null,null,null,null,null,"6-BAC15",null,{"$f":"SUMIF($I216:$I$100006,AH254,$L216:$L$100006)","v":0},{"$f":"SUMIF($I216:$I$100006,AH254,$T216:$T$100006)","v":0}]
[null,null,null,"01-071",null,null,"1-PRS",2,"TP","Tirage Noir & Blanc / Papier","ML",2.4,100.84033613445379,242.0168067226891,-1,0,242.0168067226891,0.19,45.983193277310932,288,{"$f":"IF(CTS_Source[[#This Row],[Montant Payé]]>0,CTS_Source[[#This Row],[Montant TTC]]-CTS_Source[[#This Row],[Montant Payé]],\"\")","v":""},null,120,null,null,219,null,null,null,null,null,null,null,"6-BAC20",null,{"$f":"SUMIF($I217:$I$100006,AH255,$L217:$L$100006)","v":2},{"$f":"SUMIF($I217:$I$100006,AH255,$T217:$T$100006)","v":840}]
[null,null,null,"01-071",null,null,"1-PRS",3,"C4","Copie Noir & Blanc A4-R /  Papier","U",1,8.4033613445378155,8.4033613445378155,-1,0,8.4033613445378155,0.19,1.596638655462185,10,{"$f":"IF(CTS_Source[[#This Row],[Montant Payé]]>0,CTS_Source[[#This Row],[Montant TTC]]-CTS_Source[[#This Row],[Montant Payé]],\"\")","v":""},null,10,null,null,220,null,null,null,null,null,null,null,"6-BACC",null,{"$f":"SUMIF($I218:$I$100006,AH256,$L218:$L$100006)","v":0},{"$f":"SUMIF($I218:$I$100006,AH256,$T218:$T$100006)","v":0}]
[null,null,null,"01-071",null,null,"0-PRS",4,"C4S","Copie Noir & Blanc A4-R /  Papier / Spéciale","U",1,16.806722689075631,16.806722689075631,-1,0,16.806722689075631,0.19,3.1932773109243699,20,{"$f":"IF(CTS_Source[[#This Row],[Montant Payé]]>0,CTS_Source[[#This Row],[Montant TTC]]-CTS_Source[[#This Row],[Montant Payé]],\"\")","v":""},null,20,null,null,221,null,null,null,null,null,null,null,"6-BACL",null,{"$f":"SUMIF($I219:$I$100006,AH257,$L219:$L$100006)","v":0},{"$f":"SUMIF($I219:$I$100006,AH257,$T219:$T$100006)","v":0}]
[null,null,null,"01-071",null,null,"0-PRS",5,"AGP","Agrafage document (agrafes PM) - de 20 f","U",1,16.806722689075631,16.806722689075631,-1,0,16.806722689075631,0.19,3.1932773109243699,20,{"$f":"IF(CTS_Source[[#This Row],[Montant Payé]]>0,CTS_Source[[#This Row],[Montant TTC]]-CTS_Source[[#This Row],[Montant Payé]],\"\")","v":""},null,20,null,null,222,null,null,null,null,null,null,null,"6-BACO",null,{"$f":"SUMIF($I220:$I$100006,AH258,$L220:$L$100006)","v":16},{"$f":"SUMIF($I220:$I$100006,AH258,$T220:$T$100006)","v":1315.512964992754}]
["P",7,"2021-01-07",null,"01-072","CLIENT",null,null,"1","Tarif COMPTOIR",null,null,null,67.226890756302524,0,null,67.226890756302524,0.19,12.77310924369748,80,{"$f":"IF(CTS_Source[[#This Row],[Montant Payé]]>0,CTS_Source[[#This Row],[Montant TTC]]-CTS_Source[[#This Row],[Montant Payé]],\"\")","v":0},80,null,0,"01",223,null,null,null,null,null,null,null,"6-BACO15",null,{"$f":"SUMIF($I221:$I$100006,AH259,$L221:$L$100006)","v":0},{"$f":"SUMIF($I221:$I$100006,AH259,$T221:$T$100006)","v":0}]
[null,null,null,"01-072",null,null,"1-PRS",1,"C8","Copie Noir & Blanc A4-RV /  Papier","U",4,16.806722689075631,67.226890756302524,-1,0,67.226890756302524,0.19,12.77310924369748,80,{"$f":"IF(CTS_Source[[#This Row],[Montant Payé]]>0,CTS_Source[[#This Row],[Montant TTC]]-CTS_Source[[#This Row],[Montant Payé]],\"\")","v":""},null,20,null,null,224,null,null,null,null,null,null,null,"6-BACP15",null,{"$f":"SUMIF($I222:$I$100006,AH260,$L222:$L$100006)","v":0},{"$f":"SUMIF($I222:$I$100006,AH260,$T222:$T$100006)","v":0}]
["P",7,"2021-01-07",null,"01-073","CLIENT",null,null,"1","Tarif COMPTOIR",null,null,null,131.09243697478993,0,null,131.09243697478993,0.19,24.907563025210088,156.00000000000003,{"$f":"IF(CTS_Source[[#This Row],[Montant Payé]]>0,CTS_Source[[#This Row],[Montant TTC]]-CTS_Source[[#This Row],[Montant Payé]],\"\")","v":0},156.00000000000003,null,0,"01",225,null,null,null,null,null,null,null,"6-BACR",null,{"$f":"SUMIF($I223:$I$100006,AH261,$L223:$L$100006)","v":12},{"$f":"SUMIF($I223:$I$100006,AH261,$T223:$T$100006)","v":1899.0925491259427}]
[null,null,null,"01-073",null,null,"1-PRS",1,"TP","Tirage Noir & Blanc / Papier","ML",1.3,100.84033613445379,131.09243697478993,-1,0,131.09243697478993,0.19,24.907563025210088,156.00000000000003,{"$f":"IF(CTS_Source[[#This Row],[Montant Payé]]>0,CTS_Source[[#This Row],[Montant TTC]]-CTS_Source[[#This Row],[Montant Payé]],\"\")","v":""},null,120,null,null,226,null,null,null,null,null,null,null,"6-BAD15",null,{"$f":"SUMIF($I224:$I$100006,AH262,$L224:$L$100006)","v":0},{"$f":"SUMIF($I224:$I$100006,AH262,$T224:$T$100006)","v":0}]
["P",7,"2021-01-07",null,"01-074","CLIENT",null,null,"1","Tarif COMPTOIR",null,null,null,235.29411764705884,0,null,235.29411764705884,0.19,44.705882352941174,280,{"$f":"IF(CTS_Source[[#This Row],[Montant Payé]]>0,CTS_Source[[#This Row],[Montant TTC]]-CTS_Source[[#This Row],[Montant Payé]],\"\")","v":0},280,null,0,"01",227,null,null,null,null,null,null,null,"6-BAPA",null,{"$f":"SUMIF($I225:$I$100006,AH263,$L225:$L$100006)","v":0},{"$f":"SUMIF($I225:$I$100006,AH263,$T225:$T$100006)","v":0}]
[null,null,null,"01-074",null,null,"0-PRS",1,"N40","Numérisation Couleur A4 à plat","U",2,33.613445378151262,67.226890756302524,-1,0,67.226890756302524,0.19,12.77310924369748,80,{"$f":"IF(CTS_Source[[#This Row],[Montant Payé]]>0,CTS_Source[[#This Row],[Montant TTC]]-CTS_Source[[#This Row],[Montant Payé]],\"\")","v":""},null,40,null,null,228,null,null,null,null,null,null,null,"6-CCCR",null,{"$f":"SUMIF($I226:$I$100006,AH264,$L226:$L$100006)","v":4},{"$f":"SUMIF($I226:$I$100006,AH264,$T226:$T$100006)","v":1373.1862482471358}]
[null,null,null,"01-074",null,null,"1-PRS",2,"N4","Numérisation Noir & Blanc A4 à plat","U",10,16.806722689075631,168.0672268907563,-1,0,168.0672268907563,0.19,31.932773109243698,200,{"$f":"IF(CTS_Source[[#This Row],[Montant Payé]]>0,CTS_Source[[#This Row],[Montant TTC]]-CTS_Source[[#This Row],[Montant Payé]],\"\")","v":""},null,20,null,null,229,null,null,null,null,null,null,null,"6-CNGM",null,{"$f":"SUMIF($I227:$I$100006,AH265,$L227:$L$100006)","v":0},{"$f":"SUMIF($I227:$I$100006,AH265,$T227:$T$100006)","v":0}]
["P",7,"2021-01-07",null,"01-075","CLIENT",null,null,"1","Tarif COMPTOIR",null,null,null,317.64705882352945,0,null,317.64705882352945,0.19,60.352941176470594,378.00000000000006,{"$f":"IF(CTS_Source[[#This Row],[Montant Payé]]>0,CTS_Source[[#This Row],[Montant TTC]]-CTS_Source[[#This Row],[Montant Payé]],\"\")","v":3},375.00000000000006,null,0,"01",230,null,null,null,null,null,null,null,"6-EB06819",null,{"$f":"SUMIF($I228:$I$100006,AH266,$L228:$L$100006)","v":1},{"$f":"SUMIF($I228:$I$100006,AH266,$T228:$T$100006)","v":15.000000000000002}]
[null,null,null,"01-075",null,null,"1-PRS",1,"TP","Tirage Noir & Blanc / Papier","ML",3.15,100.84033613445379,317.64705882352945,-1,0,317.64705882352945,0.19,60.352941176470594,378.00000000000006,{"$f":"IF(CTS_Source[[#This Row],[Montant Payé]]>0,CTS_Source[[#This Row],[Montant TTC]]-CTS_Source[[#This Row],[Montant Payé]],\"\")","v":""},null,120,null,null,231,null,null,null,null,null,null,null,"6-EB15155",null,{"$f":"SUMIF($I229:$I$100006,AH267,$L229:$L$100006)","v":0},{"$f":"SUMIF($I229:$I$100006,AH267,$T229:$T$100006)","v":0}]
["p",7,"2021-01-07",null,"01-076","CLIENT",null,null,"1","Tarif COMPTOIR",null,null,null,4436.9747899159665,0,null,4436.9747899159665,0.19,843.02521008403357,5280,{"$f":"IF(CTS_Source[[#This Row],[Montant Payé]]>0,CTS_Source[[#This Row],[Montant TTC]]-CTS_Source[[#This Row],[Montant Payé]],\"\")","v":0},5280,null,0,"01",232,null,null,null,null,null,null,null,"6-EB15211",null,{"$f":"SUMIF($I230:$I$100006,AH268,$L230:$L$100006)","v":2},{"$f":"SUMIF($I230:$I$100006,AH268,$T230:$T$100006)","v":30.000000000000004}]
[null,null,null,"01-076",null,null,"2-BUR",1,"6-EKR","Enveloppe kraft radio (n° 3745039) V","U",1,33.613445378151262,33.613445378151262,-1,0,33.613445378151262,0.19,6.3865546218487399,40,{"$f":"IF(CTS_Source[[#This Row],[Montant Payé]]>0,CTS_Source[[#This Row],[Montant TTC]]-CTS_Source[[#This Row],[Montant Payé]],\"\")","v":""},null,40,null,null,233,null,null,null,null,null,null,null,"6-EB16711",null,{"$f":"SUMIF($I231:$I$100006,AH269,$L231:$L$100006)","v":3},{"$f":"SUMIF($I231:$I$100006,AH269,$T231:$T$100006)","v":45.000000000000007}]
[null,null,null,"01-076",null,null,"0-PRS",2,"I32","Impression Couleur A3-R /  Papier (tout aplat)","U",23,168.0672268907563,3865.546218487395,-1,0,3865.546218487395,0.19,734.45378151260502,4600,{"$f":"IF(CTS_Source[[#This Row],[Montant Payé]]>0,CTS_Source[[#This Row],[Montant TTC]]-CTS_Source[[#This Row],[Montant Payé]],\"\")","v":""},null,200,null,null,234,null,null,null,null,null,null,null,"6-EB28218",null,{"$f":"SUMIF($I232:$I$100006,AH270,$L232:$L$100006)","v":81},{"$f":"SUMIF($I232:$I$100006,AH270,$T232:$T$100006)","v":797.62886597938154}]
[null,null,null,"01-076",null,null,"1-PRS",3,"I4","Impression Noir & Blanc A4-R /  Papier","U",32,16.806722689075631,537.81512605042019,-1,0,537.81512605042019,0.19,102.18487394957984,640,{"$f":"IF(CTS_Source[[#This Row],[Montant Payé]]>0,CTS_Source[[#This Row],[Montant TTC]]-CTS_Source[[#This Row],[Montant Payé]],\"\")","v":""},null,20,null,null,235,null,null,null,null,null,null,null,"6-EB43219",null,{"$f":"SUMIF($I233:$I$100006,AH271,$L233:$L$100006)","v":3},{"$f":"SUMIF($I233:$I$100006,AH271,$T233:$T$100006)","v":45.000000000000007}]
["P",7,"2021-01-07",null,"01-077","CLIENT",null,null,"1","Tarif COMPTOIR",null,null,null,484.03361344537819,0,null,484.03361344537819,0.19,91.966386554621863,576,{"$f":"IF(CTS_Source[[#This Row],[Montant Payé]]>0,CTS_Source[[#This Row],[Montant TTC]]-CTS_Source[[#This Row],[Montant Payé]],\"\")","v":0},576,null,0,"01",236,null,null,null,null,null,null,null,"6-EB5",null,{"$f":"SUMIF($I234:$I$100006,AH272,$L234:$L$100006)","v":0},{"$f":"SUMIF($I234:$I$100006,AH272,$T234:$T$100006)","v":0}]
[null,null,null,"01-077",null,null,"1-PRS",1,"TP","Tirage Noir & Blanc / Papier","ML",4.8,100.84033613445379,484.03361344537819,-1,0,484.03361344537819,0.19,91.966386554621863,576,{"$f":"IF(CTS_Source[[#This Row],[Montant Payé]]>0,CTS_Source[[#This Row],[Montant TTC]]-CTS_Source[[#This Row],[Montant Payé]],\"\")","v":""},null,120,null,null,237,null,null,null,null,null,null,null,"6-EB50219",null,{"$f":"SUMIF($I235:$I$100006,AH273,$L235:$L$100006)","v":35},{"$f":"SUMIF($I235:$I$100006,AH273,$T235:$T$100006)","v":699.76190476190482}]
["P",7,"2021-01-07",null,"01-078","CLIENT",null,null,"1","Tarif COMPTOIR",null,null,null,403.36134453781517,0,null,403.36134453781517,0.19,76.638655462184886,480.00000000000006,{"$f":"IF(CTS_Source[[#This Row],[Montant Payé]]>0,CTS_Source[[#This Row],[Montant TTC]]-CTS_Source[[#This Row],[Montant Payé]],\"\")","v":0},480.00000000000006,null,0,"01",238,null,null,null,null,null,null,null,"6-EB52219",null,{"$f":"SUMIF($I236:$I$100006,AH274,$L236:$L$100006)","v":26},{"$f":"SUMIF($I236:$I$100006,AH274,$T236:$T$100006)","v":748.68708379137445}]
[null,null,null,"01-078",null,null,"1-PRS",1,"TP","Tirage Noir & Blanc / Papier","ML",4,100.84033613445379,403.36134453781517,-1,0,403.36134453781517,0.19,76.638655462184886,480.00000000000006,{"$f":"IF(CTS_Source[[#This Row],[Montant Payé]]>0,CTS_Source[[#This Row],[Montant TTC]]-CTS_Source[[#This Row],[Montant Payé]],\"\")","v":""},null,120,null,null,239,null,null,null,null,null,null,null,"6-EB53269",null,{"$f":"SUMIF($I237:$I$100006,AH275,$L237:$L$100006)","v":0},{"$f":"SUMIF($I237:$I$100006,AH275,$T237:$T$100006)","v":0}]
["P",7,"2021-01-07",null,"01-079","CLIENT",null,null,"1","Tarif COMPTOIR",null,null,null,625.2100840336135,0,null,625.2100840336135,0.19,118.78991596638656,744,{"$f":"IF(CTS_Source[[#This Row],[Montant Payé]]>0,CTS_Source[[#This Row],[Montant TTC]]-CTS_Source[[#This Row],[Montant Payé]],\"\")","v":0},744,null,0,"01",240,null,null,null,null,null,null,null,"6-EB53349",null,{"$f":"SUMIF($I238:$I$100006,AH276,$L238:$L$100006)","v":6},{"$f":"SUMIF($I238:$I$100006,AH276,$T238:$T$100006)","v":89.890510948905131}]
[null,null,null,"01-079",null,null,"1-PRS",1,"PP","Traçage Noir & Blanc / Papier ","ML",3.1,201.68067226890759,625.2100840336135,-1,0,625.2100840336135,0.19,118.78991596638656,744,{"$f":"IF(CTS_Source[[#This Row],[Montant Payé]]>0,CTS_Source[[#This Row],[Montant TTC]]-CTS_Source[[#This Row],[Montant Payé]],\"\")","v":""},null,240,null,null,241,null,null,null,null,null,null,null,"6-EBR",null,{"$f":"SUMIF($I239:$I$100006,AH277,$L239:$L$100006)","v":6},{"$f":"SUMIF($I239:$I$100006,AH277,$T239:$T$100006)","v":231.34497781702726}]
["P",7,"2021-01-07",null,"01-080","CLIENT",null,null,"1","Tarif COMPTOIR",null,null,null,12495.798319327732,0,null,12495.798319327732,0.19,2374.201680672269,14870,{"$f":"IF(CTS_Source[[#This Row],[Montant Payé]]>0,CTS_Source[[#This Row],[Montant TTC]]-CTS_Source[[#This Row],[Montant Payé]],\"\")","v":0},14870,null,0,"01",242,null,null,null,null,null,null,null,"6-EKA19142",null,{"$f":"SUMIF($I240:$I$100006,AH278,$L240:$L$100006)","v":0},{"$f":"SUMIF($I240:$I$100006,AH278,$T240:$T$100006)","v":0}]
[null,null,null,"01-080",null,null,"0-PRS",1,"C42","Copie Couleur A4-R /  Papier (tout aplat)","U",110,58.82352941176471,6470.588235294118,-1,0,6470.588235294118,0.19,1229.4117647058824,7700,{"$f":"IF(CTS_Source[[#This Row],[Montant Payé]]>0,CTS_Source[[#This Row],[Montant TTC]]-CTS_Source[[#This Row],[Montant Payé]],\"\")","v":""},null,70,null,null,243,null,null,null,null,null,null,null,"6-EKR",null,{"$f":"SUMIF($I241:$I$100006,AH279,$L241:$L$100006)","v":3},{"$f":"SUMIF($I241:$I$100006,AH279,$T241:$T$100006)","v":114.90401396160559}]
[null,null,null,"01-080",null,null,"0-PRS",2,"R4B1","Reliure  A4 Baguette n° 03 à 08 + Transp. + Bristol","U",2,126.05042016806723,252.10084033613447,-1,0,252.10084033613447,0.19,47.899159663865547,300,{"$f":"IF(CTS_Source[[#This Row],[Montant Payé]]>0,CTS_Source[[#This Row],[Montant TTC]]-CTS_Source[[#This Row],[Montant Payé]],\"\")","v":""},null,150,null,null,244,null,null,null,null,null,null,null,"6-FA16711",null,{"$f":"SUMIF($I242:$I$100006,AH280,$L242:$L$100006)","v":0},{"$f":"SUMIF($I242:$I$100006,AH280,$T242:$T$100006)","v":0}]
[null,null,null,"01-080",null,null,"2-BUR",3,"8-CLF","Colle liquide en flacon","U",1,58.82352941176471,58.82352941176471,-1,0,58.82352941176471,0.19,11.176470588235295,70,{"$f":"IF(CTS_Source[[#This Row],[Montant Payé]]>0,CTS_Source[[#This Row],[Montant TTC]]-CTS_Source[[#This Row],[Montant Payé]],\"\")","v":""},null,70,null,null,245,null,null,null,null,null,null,null,"6-MAP",null,{"$f":"SUMIF($I243:$I$100006,AH281,$L243:$L$100006)","v":0},{"$f":"SUMIF($I243:$I$100006,AH281,$T243:$T$100006)","v":0}]
[null,null,null,"01-080",null,null,"0-PRS",4,"C42","Copie Couleur A4-R /  Papier (tout aplat)","U",10,134.45378151260505,1344.5378151260504,-1,0,1344.5378151260504,0.19,255.46218487394958,1600,{"$f":"IF(CTS_Source[[#This Row],[Montant Payé]]>0,CTS_Source[[#This Row],[Montant TTC]]-CTS_Source[[#This Row],[Montant Payé]],\"\")","v":""},null,160,null,null,246,null,null,null,null,null,null,null,"6-PD30",null,{"$f":"SUMIF($I244:$I$100006,AH282,$L244:$L$100006)","v":0},{"$f":"SUMIF($I244:$I$100006,AH282,$T244:$T$100006)","v":0}]
[null,null,null,"01-080",null,null,"1-PRS",5,"C30","Copie Couleur A3-R /  Papier (aucun aplat)","U",65,67.226890756302524,4369.7478991596645,-1,0,4369.7478991596645,0.19,830.25210084033631,5200.0000000000009,{"$f":"IF(CTS_Source[[#This Row],[Montant Payé]]>0,CTS_Source[[#This Row],[Montant TTC]]-CTS_Source[[#This Row],[Montant Payé]],\"\")","v":""},null,80,null,null,247,null,null,null,null,null,null,null,"6-VAL",null,{"$f":"SUMIF($I245:$I$100006,AH283,$L245:$L$100006)","v":0},{"$f":"SUMIF($I245:$I$100006,AH283,$T245:$T$100006)","v":0}]
["P",7,"2021-01-07",null,"01-081","CLIENT",null,null,"1","Tarif COMPTOIR",null,null,null,67.226890756302524,0,null,67.226890756302524,0.19,12.77310924369748,80,{"$f":"IF(CTS_Source[[#This Row],[Montant Payé]]>0,CTS_Source[[#This Row],[Montant TTC]]-CTS_Source[[#This Row],[Montant Payé]],\"\")","v":0},80,null,0,"01",248,null,null,null,null,null,null,null,"-",null,{"$f":"SUM(AJ254:AJ283)","v":200},{"$f":"SUM(AK254:AK283)","v":8245.009119626031}]
[null,null,null,"01-081",null,null,"0-PRS",1,"N40","Numérisation Couleur A4 à plat","U",2,33.613445378151262,67.226890756302524,-1,0,67.226890756302524,0.19,12.77310924369748,80,{"$f":"IF(CTS_Source[[#This Row],[Montant Payé]]>0,CTS_Source[[#This Row],[Montant TTC]]-CTS_Source[[#This Row],[Montant Payé]],\"\")","v":""},null,40,null,null,249,null,null,null,null,null,null,null,"7-CDV",null,{"$f":"SUMIF($I247:$I$100006,AH285,$L247:$L$100006)","v":0},{"$f":"SUMIF($I247:$I$100006,AH285,$T247:$T$100006)","v":0}]
["P",7,"2021-01-07",null,"01-082","CLIENT",null,null,"1","Tarif COMPTOIR",null,null,null,630.2521008403362,0,null,630.2521008403362,0.19,119.74789915966387,750.00000000000011,{"$f":"IF(CTS_Source[[#This Row],[Montant Payé]]>0,CTS_Source[[#This Row],[Montant TTC]]-CTS_Source[[#This Row],[Montant Payé]],\"\")","v":0},750.00000000000011,null,0,"01",250,null,null,null,null,null,null,null,"7-CM",null,{"$f":"SUMIF($I248:$I$100006,AH286,$L248:$L$100006)","v":0},{"$f":"SUMIF($I248:$I$100006,AH286,$T248:$T$100006)","v":0}]
[null,null,null,"01-082",null,null,"0-PRS",1,"R4S3","Reliure  A4 Spirale n° 32 à 51 + Transp. + Bristol","U",3,210.0840336134454,630.2521008403362,-1,0,630.2521008403362,0.19,119.74789915966387,750.00000000000011,{"$f":"IF(CTS_Source[[#This Row],[Montant Payé]]>0,CTS_Source[[#This Row],[Montant TTC]]-CTS_Source[[#This Row],[Montant Payé]],\"\")","v":""},null,250,null,null,251,null,null,null,null,null,null,null,"7-CS1830",null,{"$f":"SUMIF($I249:$I$100006,AH287,$L249:$L$100006)","v":0},{"$f":"SUMIF($I249:$I$100006,AH287,$T249:$T$100006)","v":0}]
["P",7,"2021-01-07",null,"01-083","CLIENT",null,null,"1","Tarif COMPTOIR",null,null,null,3630.2521008403364,0,null,3630.2521008403364,0.19,689.74789915966392,4320,{"$f":"IF(CTS_Source[[#This Row],[Montant Payé]]>0,CTS_Source[[#This Row],[Montant TTC]]-CTS_Source[[#This Row],[Montant Payé]],\"\")","v":0},4320,null,0,"01",252,null,null,null,null,null,null,null,"7-CS2292",null,{"$f":"SUMIF($I250:$I$100006,AH288,$L250:$L$100006)","v":0},{"$f":"SUMIF($I250:$I$100006,AH288,$T250:$T$100006)","v":0}]
[null,null,null,"01-083",null,null,"1-PRS",1,"PP0","Traçage Couleur / Papier (aucun aplat)","ML",4,705.88235294117646,2823.5294117647059,-1,0,2823.5294117647059,0.19,536.47058823529414,3360,{"$f":"IF(CTS_Source[[#This Row],[Montant Payé]]>0,CTS_Source[[#This Row],[Montant TTC]]-CTS_Source[[#This Row],[Montant Payé]],\"\")","v":""},null,840,null,null,253,null,null,null,null,null,null,null,"7-DVD",null,{"$f":"SUMIF($I251:$I$100006,AH289,$L251:$L$100006)","v":0},{"$f":"SUMIF($I251:$I$100006,AH289,$T251:$T$100006)","v":0}]
[null,null,null,"01-083",null,null,"1-PRS",2,"PP","Traçage Noir & Blanc / Papier ","ML",4,201.68067226890759,806.72268907563034,-1,0,806.72268907563034,0.19,153.27731092436977,960.00000000000011,{"$f":"IF(CTS_Source[[#This Row],[Montant Payé]]>0,CTS_Source[[#This Row],[Montant TTC]]-CTS_Source[[#This Row],[Montant Payé]],\"\")","v":""},null,240,null,null,254,null,null,null,null,null,null,null,"7-DVDv",null,{"$f":"SUMIF($I252:$I$100006,AH290,$L252:$L$100006)","v":0},{"$f":"SUMIF($I252:$I$100006,AH290,$T252:$T$100006)","v":0}]
["P",7,"2021-01-07",null,"01-084","CLIENT",null,null,"1","Tarif COMPTOIR",null,null,null,1445.3781512605042,0,null,1445.3781512605042,0.19,274.62184873949582,1720,{"$f":"IF(CTS_Source[[#This Row],[Montant Payé]]>0,CTS_Source[[#This Row],[Montant TTC]]-CTS_Source[[#This Row],[Montant Payé]],\"\")","v":0},1720,null,0,"01",255,null,null,null,null,null,null,null,"7-DVDV5",null,{"$f":"SUMIF($I253:$I$100006,AH291,$L253:$L$100006)","v":0},{"$f":"SUMIF($I253:$I$100006,AH291,$T253:$T$100006)","v":0}]
[null,null,null,"01-084",null,null,"1-PRS",1,"N4","Numérisation Noir & Blanc A4 à plat","U",86,16.806722689075631,1445.3781512605042,-1,0,1445.3781512605042,0.19,274.62184873949582,1720,{"$f":"IF(CTS_Source[[#This Row],[Montant Payé]]>0,CTS_Source[[#This Row],[Montant TTC]]-CTS_Source[[#This Row],[Montant Payé]],\"\")","v":""},null,20,null,null,256,null,null,null,null,null,null,null,"7-PCD",null,{"$f":"SUMIF($I254:$I$100006,AH292,$L254:$L$100006)","v":0},{"$f":"SUMIF($I254:$I$100006,AH292,$T254:$T$100006)","v":0}]
["p",7,"2021-01-07",null,"01-085","CLIENT",null,null,"1","Tarif COMPTOIR",null,null,null,695.79831932773106,0,null,695.79831932773106,0.19,132.20168067226891,828,{"$f":"IF(CTS_Source[[#This Row],[Montant Payé]]>0,CTS_Source[[#This Row],[Montant TTC]]-CTS_Source[[#This Row],[Montant Payé]],\"\")","v":2},826,null,0,"01",257,null,null,null,null,null,null,null,"7-USBV16",null,{"$f":"SUMIF($I255:$I$100006,AH293,$L255:$L$100006)","v":0},{"$f":"SUMIF($I255:$I$100006,AH293,$T255:$T$100006)","v":0}]
[null,null,null,"01-085",null,null,"1-PRS",1,"PP","Traçage Noir & Blanc / Papier ","ML",2.2999999999999998,201.68067226890759,463.8655462184874,-1,0,463.8655462184874,0.19,88.134453781512605,552,{"$f":"IF(CTS_Source[[#This Row],[Montant Payé]]>0,CTS_Source[[#This Row],[Montant TTC]]-CTS_Source[[#This Row],[Montant Payé]],\"\")","v":""},null,240,null,null,258,null,null,null,null,null,null,null,"7-USBV32",null,{"$f":"SUMIF($I256:$I$100006,AH294,$L256:$L$100006)","v":0},{"$f":"SUMIF($I256:$I$100006,AH294,$T256:$T$100006)","v":0}]
[null,null,null,"01-085",null,null,"1-PRS",2,"TP","Tirage Noir & Blanc / Papier","ML",2.2999999999999998,100.84033613445379,231.9327731092437,-1,0,231.9327731092437,0.19,44.067226890756302,276,{"$f":"IF(CTS_Source[[#This Row],[Montant Payé]]>0,CTS_Source[[#This Row],[Montant TTC]]-CTS_Source[[#This Row],[Montant Payé]],\"\")","v":""},null,120,null,null,259,null,null,null,null,null,null,null,"7-USBV8",null,{"$f":"SUMIF($I257:$I$100006,AH295,$L257:$L$100006)","v":0},{"$f":"SUMIF($I257:$I$100006,AH295,$T257:$T$100006)","v":0}]
["P",7,"2021-01-07",null,"01-086","CLIENT",null,null,"1","Tarif COMPTOIR",null,null,null,453.78151260504211,0,null,453.78151260504211,0.19,86.21848739495799,540.00000000000011,{"$f":"IF(CTS_Source[[#This Row],[Montant Payé]]>0,CTS_Source[[#This Row],[Montant TTC]]-CTS_Source[[#This Row],[Montant Payé]],\"\")","v":0},540.00000000000011,null,0,"01",260,null,null,null,null,null,null,null,"-",null,{"$f":"SUM(AJ285:AJ295)","v":0},{"$f":"SUM(AK285:AK295)","v":0}]
[null,null,null,"01-086",null,null,"1-PRS",1,"PP","Traçage Noir & Blanc / Papier ","ML",1.5,201.68067226890759,302.52100840336141,-1,0,302.52100840336141,0.19,57.478991596638664,360.00000000000006,{"$f":"IF(CTS_Source[[#This Row],[Montant Payé]]>0,CTS_Source[[#This Row],[Montant TTC]]-CTS_Source[[#This Row],[Montant Payé]],\"\")","v":""},null,240,null,null,261,null,null,null,null,null,null,null,"8-ABM",null,{"$f":"SUMIF($I259:$I$100006,AH297,$L259:$L$100006)","v":1},{"$f":"SUMIF($I259:$I$100006,AH297,$T259:$T$100006)","v":200}]
[null,null,null,"01-086",null,null,"1-PRS",2,"TP","Tirage Noir & Blanc / Papier","ML",1.5,100.84033613445379,151.2605042016807,-1,0,151.2605042016807,0.19,28.739495798319332,180.00000000000003,{"$f":"IF(CTS_Source[[#This Row],[Montant Payé]]>0,CTS_Source[[#This Row],[Montant TTC]]-CTS_Source[[#This Row],[Montant Payé]],\"\")","v":""},null,120,null,null,262,null,null,null,null,null,null,null,"8-ABMG",null,{"$f":"SUMIF($I260:$I$100006,AH298,$L260:$L$100006)","v":0},{"$f":"SUMIF($I260:$I$100006,AH298,$T260:$T$100006)","v":0}]
["C",10,"2021-01-10",null,"01-087","NOSOCLEAN",null,null,"2","Tarif CONVENTION",null,null,null,7363.0252100840335,0,null,7363.0252100840335,0.19,1398.9747899159663,8762,{"$f":"IF(CTS_Source[[#This Row],[Montant Payé]]>0,CTS_Source[[#This Row],[Montant TTC]]-CTS_Source[[#This Row],[Montant Payé]],\"\")","v":0},8762,null,"Facture 21.01-002","01",263,null,null,null,null,null,null,null,"8-ABPG",null,{"$f":"SUMIF($I261:$I$100006,AH299,$L261:$L$100006)","v":0},{"$f":"SUMIF($I261:$I$100006,AH299,$T261:$T$100006)","v":0}]
[null,null,null,"01-087",null,null,"0-PRS",1,"R4S3","Reliure  A4 Spirale n° 32 à 51 + Transp. + Bristol","U",3,174.78991596638656,524.36974789915962,-1,0,524.36974789915962,0.19,99.630252100840323,624,{"$f":"IF(CTS_Source[[#This Row],[Montant Payé]]>0,CTS_Source[[#This Row],[Montant TTC]]-CTS_Source[[#This Row],[Montant Payé]],\"\")","v":""},null,208,null,null,264,null,null,null,null,null,null,null,"8-ADP",null,{"$f":"SUMIF($I262:$I$100006,AH300,$L262:$L$100006)","v":0},{"$f":"SUMIF($I262:$I$100006,AH300,$T262:$T$100006)","v":0}]
[null,null,null,"01-087",null,null,"0-PRS",2,"R4B1","Reliure  A4 Baguette n° 03 à 08 + Transp. + Bristol","U",2,69.747899159663874,139.49579831932775,-1,0,139.49579831932775,0.19,26.504201680672271,166.00000000000003,{"$f":"IF(CTS_Source[[#This Row],[Montant Payé]]>0,CTS_Source[[#This Row],[Montant TTC]]-CTS_Source[[#This Row],[Montant Payé]],\"\")","v":""},null,83,null,null,265,null,null,null,null,null,null,null,"8-AGL",null,{"$f":"SUMIF($I263:$I$100006,AH301,$L263:$L$100006)","v":3},{"$f":"SUMIF($I263:$I$100006,AH301,$T263:$T$100006)","v":164.11290322580646}]
[null,null,null,"01-087",null,null,"0-PRS",3,"R4B3","Reliure  A4 Baguette n° 20 à 30 + Transp. + Bristol","U",2,140.33613445378151,280.67226890756302,-1,0,280.67226890756302,0.19,53.327731092436977,334,{"$f":"IF(CTS_Source[[#This Row],[Montant Payé]]>0,CTS_Source[[#This Row],[Montant TTC]]-CTS_Source[[#This Row],[Montant Payé]],\"\")","v":""},null,167,null,null,266,null,null,null,null,null,null,null,"8-AMGM",null,{"$f":"SUMIF($I264:$I$100006,AH302,$L264:$L$100006)","v":0},{"$f":"SUMIF($I264:$I$100006,AH302,$T264:$T$100006)","v":0}]
[null,null,null,"01-087",null,null,"1-PRS",4,"C8","Copie Noir & Blanc A4-RV /  Papier","U",22,14.285714285714286,314.28571428571428,-1,0,314.28571428571428,0.19,59.714285714285715,374,{"$f":"IF(CTS_Source[[#This Row],[Montant Payé]]>0,CTS_Source[[#This Row],[Montant TTC]]-CTS_Source[[#This Row],[Montant Payé]],\"\")","v":""},null,17,null,null,267,null,null,null,null,null,null,null,"8-AMMM",null,{"$f":"SUMIF($I265:$I$100006,AH303,$L265:$L$100006)","v":0},{"$f":"SUMIF($I265:$I$100006,AH303,$T265:$T$100006)","v":0}]
[null,null,null,"01-087",null,null,"1-PRS",5,"C4","Copie Noir & Blanc A4-R /  Papier","U",908,6.7226890756302522,6104.2016806722686,-1,0,6104.2016806722686,0.19,1159.798319327731,7264,{"$f":"IF(CTS_Source[[#This Row],[Montant Payé]]>0,CTS_Source[[#This Row],[Montant TTC]]-CTS_Source[[#This Row],[Montant Payé]],\"\")","v":""},null,8,null,null,268,null,null,null,null,null,null,null,"8-APGM",null,{"$f":"SUMIF($I266:$I$100006,AH304,$L266:$L$100006)","v":0},{"$f":"SUMIF($I266:$I$100006,AH304,$T266:$T$100006)","v":0}]
["P",10,"2021-01-10",null,"01-088","CLIENT",null,null,"1","Tarif COMPTOIR",null,null,null,672.26890756302521,0,null,672.26890756302521,0.19,127.73109243697479,800,{"$f":"IF(CTS_Source[[#This Row],[Montant Payé]]>0,CTS_Source[[#This Row],[Montant TTC]]-CTS_Source[[#This Row],[Montant Payé]],\"\")","v":0},800,null,0,"01",269,null,null,null,null,null,null,null,"8-APMM",null,{"$f":"SUMIF($I267:$I$100006,AH305,$L267:$L$100006)","v":0},{"$f":"SUMIF($I267:$I$100006,AH305,$T267:$T$100006)","v":0}]
[null,null,null,"01-088",null,null,"0-PRS",1,"C8S","Copie Noir & Blanc A4-RV /  Papier / Spéciale ","U",1,50.420168067226896,50.420168067226896,-1,0,50.420168067226896,0.19,9.5798319327731107,60.000000000000007,{"$f":"IF(CTS_Source[[#This Row],[Montant Payé]]>0,CTS_Source[[#This Row],[Montant TTC]]-CTS_Source[[#This Row],[Montant Payé]],\"\")","v":""},null,60,null,null,270,null,null,null,null,null,null,null,"8-BADC",null,{"$f":"SUMIF($I268:$I$100006,AH306,$L268:$L$100006)","v":0},{"$f":"SUMIF($I268:$I$100006,AH306,$T268:$T$100006)","v":0}]
[null,null,null,"01-088",null,null,"0-PRS",2,"C8S","Copie Noir & Blanc A4-RV /  Papier / Spéciale ","U",1,16.806722689075631,16.806722689075631,-1,0,16.806722689075631,0.19,3.1932773109243699,20,{"$f":"IF(CTS_Source[[#This Row],[Montant Payé]]>0,CTS_Source[[#This Row],[Montant TTC]]-CTS_Source[[#This Row],[Montant Payé]],\"\")","v":""},null,20,null,null,271,null,null,null,null,null,null,null,"8-BN50G",null,{"$f":"SUMIF($I269:$I$100006,AH307,$L269:$L$100006)","v":2},{"$f":"SUMIF($I269:$I$100006,AH307,$T269:$T$100006)","v":275.96153846153845}]
[null,null,null,"01-088",null,null,"0-PRS",3,"C42","Copie Couleur A4-R /  Papier (tout aplat)","U",9,67.226890756302524,605.0420168067227,-1,0,605.0420168067227,0.19,114.95798319327731,720,{"$f":"IF(CTS_Source[[#This Row],[Montant Payé]]>0,CTS_Source[[#This Row],[Montant TTC]]-CTS_Source[[#This Row],[Montant Payé]],\"\")","v":""},null,80,null,null,272,null,null,null,null,null,null,null,"8-BN50P",null,{"$f":"SUMIF($I270:$I$100006,AH308,$L270:$L$100006)","v":2},{"$f":"SUMIF($I270:$I$100006,AH308,$T270:$T$100006)","v":150}]
["P",10,"2021-01-10",null,"01-089","CLIENT",null,null,"1","Tarif COMPTOIR",null,null,null,855.46218487394958,0,null,855.46218487394958,0.19,162.53781512605042,1018,{"$f":"IF(CTS_Source[[#This Row],[Montant Payé]]>0,CTS_Source[[#This Row],[Montant TTC]]-CTS_Source[[#This Row],[Montant Payé]],\"\")","v":2},1016,null,0,"01",273,null,null,null,null,null,null,null,"8-BTB",null,{"$f":"SUMIF($I271:$I$100006,AH309,$L271:$L$100006)","v":0},{"$f":"SUMIF($I271:$I$100006,AH309,$T271:$T$100006)","v":0}]
[null,null,null,"01-089",null,null,"1-PRS",1,"TP","Tirage Noir & Blanc / Papier","ML",3.65,100.84033613445379,368.06722689075633,-1,0,368.06722689075633,0.19,69.932773109243698,438,{"$f":"IF(CTS_Source[[#This Row],[Montant Payé]]>0,CTS_Source[[#This Row],[Montant TTC]]-CTS_Source[[#This Row],[Montant Payé]],\"\")","v":""},null,120,null,null,274,null,null,null,null,null,null,null,"8-CC16",null,{"$f":"SUMIF($I272:$I$100006,AH310,$L272:$L$100006)","v":3},{"$f":"SUMIF($I272:$I$100006,AH310,$T272:$T$100006)","v":418.2165605095542}]
[null,null,null,"01-089",null,null,"2-BUR",2,"5-PCV240","Porte cartes de visite / 240 u","U",1,487.39495798319331,487.39495798319331,-1,0,487.39495798319331,0.19,92.605042016806735,580,{"$f":"IF(CTS_Source[[#This Row],[Montant Payé]]>0,CTS_Source[[#This Row],[Montant TTC]]-CTS_Source[[#This Row],[Montant Payé]],\"\")","v":""},null,580,null,null,275,null,null,null,null,null,null,null,"8-CF",null,{"$f":"SUMIF($I273:$I$100006,AH311,$L273:$L$100006)","v":0},{"$f":"SUMIF($I273:$I$100006,AH311,$T273:$T$100006)","v":0}]
["p",10,"2021-01-10",null,"01-090","CLIENT",null,null,"1","Tarif COMPTOIR",null,null,null,16.806722689075631,0,null,16.806722689075631,0.19,3.1932773109243699,20,{"$f":"IF(CTS_Source[[#This Row],[Montant Payé]]>0,CTS_Source[[#This Row],[Montant TTC]]-CTS_Source[[#This Row],[Montant Payé]],\"\")","v":0},20,null,0,"01",276,null,null,null,null,null,null,null,"8-CLF",null,{"$f":"SUMIF($I274:$I$100006,AH312,$L274:$L$100006)","v":1},{"$f":"SUMIF($I274:$I$100006,AH312,$T274:$T$100006)","v":70}]
[null,null,null,"01-090",null,null,"1-PRS",1,"C4","Copie Noir & Blanc A4-R /  Papier","U",2,8.4033613445378155,16.806722689075631,-1,0,16.806722689075631,0.19,3.1932773109243699,20,{"$f":"IF(CTS_Source[[#This Row],[Montant Payé]]>0,CTS_Source[[#This Row],[Montant TTC]]-CTS_Source[[#This Row],[Montant Payé]],\"\")","v":""},null,10,null,null,277,null,null,null,null,null,null,null,"8-CLF70",null,{"$f":"SUMIF($I275:$I$100006,AH313,$L275:$L$100006)","v":0},{"$f":"SUMIF($I275:$I$100006,AH313,$T275:$T$100006)","v":0}]
["P",10,"2021-01-10",null,"01-091","CLIENT",null,null,"1","Tarif COMPTOIR",null,null,null,21.008403361344538,0,null,21.008403361344538,0.19,3.9915966386554622,25,{"$f":"IF(CTS_Source[[#This Row],[Montant Payé]]>0,CTS_Source[[#This Row],[Montant TTC]]-CTS_Source[[#This Row],[Montant Payé]],\"\")","v":0},25,null,0,"01",278,null,null,null,null,null,null,null,"8-CLT",null,{"$f":"SUMIF($I276:$I$100006,AH314,$L276:$L$100006)","v":0},{"$f":"SUMIF($I276:$I$100006,AH314,$T276:$T$100006)","v":0}]
[null,null,null,"01-091",null,null,"2-BUR",1,"2-SF","Stylo à bille Fabs","U",1,21.008403361344538,21.008403361344538,-1,0,21.008403361344538,0.19,3.9915966386554622,25,{"$f":"IF(CTS_Source[[#This Row],[Montant Payé]]>0,CTS_Source[[#This Row],[Montant TTC]]-CTS_Source[[#This Row],[Montant Payé]],\"\")","v":""},null,25,null,null,279,null,null,null,null,null,null,null,"8-CS",null,{"$f":"SUMIF($I277:$I$100006,AH315,$L277:$L$100006)","v":0},{"$f":"SUMIF($I277:$I$100006,AH315,$T277:$T$100006)","v":0}]
["P",10,"2021-01-10",null,"01-092","CLIENT",null,null,"1","Tarif COMPTOIR",null,null,null,33.613445378151262,0,null,33.613445378151262,0.19,6.3865546218487399,40,{"$f":"IF(CTS_Source[[#This Row],[Montant Payé]]>0,CTS_Source[[#This Row],[Montant TTC]]-CTS_Source[[#This Row],[Montant Payé]],\"\")","v":0},40,null,0,"01",280,null,null,null,null,null,null,null,"8-CS08",null,{"$f":"SUMIF($I278:$I$100006,AH316,$L278:$L$100006)","v":0},{"$f":"SUMIF($I278:$I$100006,AH316,$T278:$T$100006)","v":0}]
[null,null,null,"01-092",null,null,"1-PRS",1,"C40","Copie Couleur A4-R /  Papier (aucun aplat)","U",1,33.613445378151262,33.613445378151262,-1,0,33.613445378151262,0.19,6.3865546218487399,40,{"$f":"IF(CTS_Source[[#This Row],[Montant Payé]]>0,CTS_Source[[#This Row],[Montant TTC]]-CTS_Source[[#This Row],[Montant Payé]],\"\")","v":""},null,40,null,null,281,null,null,null,null,null,null,null,"8-CSGM",null,{"$f":"SUMIF($I279:$I$100006,AH317,$L279:$L$100006)","v":7},{"$f":"SUMIF($I279:$I$100006,AH317,$T279:$T$100006)","v":616.83772578307844}]
["P",10,"2021-01-10",null,"01-093","CLIENT",null,null,"1","Tarif COMPTOIR",null,null,null,847.05882352941171,0,null,847.05882352941171,0.19,160.94117647058823,1008,{"$f":"IF(CTS_Source[[#This Row],[Montant Payé]]>0,CTS_Source[[#This Row],[Montant TTC]]-CTS_Source[[#This Row],[Montant Payé]],\"\")","v":8},1000,null,0,"01",282,null,null,null,null,null,null,null,"8-CSPM",null,{"$f":"SUMIF($I280:$I$100006,AH318,$L280:$L$100006)","v":0},{"$f":"SUMIF($I280:$I$100006,AH318,$T280:$T$100006)","v":0}]
[null,null,null,"01-093",null,null,"1-PRS",1,"PP0","Traçage Couleur / Papier (aucun aplat)","ML",1.2,705.88235294117646,847.05882352941171,-1,0,847.05882352941171,0.19,160.94117647058823,1008,{"$f":"IF(CTS_Source[[#This Row],[Montant Payé]]>0,CTS_Source[[#This Row],[Montant TTC]]-CTS_Source[[#This Row],[Montant Payé]],\"\")","v":""},null,840,null,null,283,null,null,null,null,null,null,null,"8-CTTE",null,{"$f":"SUMIF($I281:$I$100006,AH319,$L281:$L$100006)","v":0},{"$f":"SUMIF($I281:$I$100006,AH319,$T281:$T$100006)","v":0}]
["P",10,"2021-01-10",null,"01-094","CLIENT",null,null,"1","Tarif COMPTOIR",null,null,null,67.226890756302524,0,null,67.226890756302524,0.19,12.77310924369748,80,{"$f":"IF(CTS_Source[[#This Row],[Montant Payé]]>0,CTS_Source[[#This Row],[Montant TTC]]-CTS_Source[[#This Row],[Montant Payé]],\"\")","v":0},80,null,0,"01",284,null,null,null,null,null,null,null,"8-CTTR",null,{"$f":"SUMIF($I282:$I$100006,AH320,$L282:$L$100006)","v":0},{"$f":"SUMIF($I282:$I$100006,AH320,$T282:$T$100006)","v":0}]
[null,null,null,"01-094",null,null,"1-PRS",1,"C6","Copie Noir & Blanc A3-RV /  Papier","U",1,33.613445378151262,33.613445378151262,-1,0,33.613445378151262,0.19,6.3865546218487399,40,{"$f":"IF(CTS_Source[[#This Row],[Montant Payé]]>0,CTS_Source[[#This Row],[Montant TTC]]-CTS_Source[[#This Row],[Montant Payé]],\"\")","v":""},null,40,null,null,285,null,null,null,null,null,null,null,"8-CUTM",null,{"$f":"SUMIF($I283:$I$100006,AH321,$L283:$L$100006)","v":0},{"$f":"SUMIF($I283:$I$100006,AH321,$T283:$T$100006)","v":0}]
[null,null,null,"01-094",null,null,"1-PRS",2,"C4","Copie Noir & Blanc A4-R /  Papier","U",4,8.4033613445378155,33.613445378151262,-1,0,33.613445378151262,0.19,6.3865546218487399,40,{"$f":"IF(CTS_Source[[#This Row],[Montant Payé]]>0,CTS_Source[[#This Row],[Montant TTC]]-CTS_Source[[#This Row],[Montant Payé]],\"\")","v":""},null,10,null,null,286,null,null,null,null,null,null,null,"8-CUTP",null,{"$f":"SUMIF($I284:$I$100006,AH322,$L284:$L$100006)","v":8},{"$f":"SUMIF($I284:$I$100006,AH322,$T284:$T$100006)","v":700}]
["P",10,"2021-01-10",null,"01-095","CLIENT",null,null,"1","Tarif COMPTOIR",null,null,null,168.0672268907563,0,null,168.0672268907563,0.19,31.932773109243698,200,{"$f":"IF(CTS_Source[[#This Row],[Montant Payé]]>0,CTS_Source[[#This Row],[Montant TTC]]-CTS_Source[[#This Row],[Montant Payé]],\"\")","v":0},200,null,0,"01",287,null,null,null,null,null,null,null,"8-DST",null,{"$f":"SUMIF($I285:$I$100006,AH323,$L285:$L$100006)","v":0},{"$f":"SUMIF($I285:$I$100006,AH323,$T285:$T$100006)","v":0}]
[null,null,null,"01-095",null,null,"1-PRS",1,"C40","Copie Couleur A4-R /  Papier (aucun aplat)","U",5,33.613445378151262,168.0672268907563,-1,0,168.0672268907563,0.19,31.932773109243698,200,{"$f":"IF(CTS_Source[[#This Row],[Montant Payé]]>0,CTS_Source[[#This Row],[Montant TTC]]-CTS_Source[[#This Row],[Montant Payé]],\"\")","v":""},null,40,null,null,288,null,null,null,null,null,null,null,"8-ELM100",null,{"$f":"SUMIF($I286:$I$100006,AH324,$L286:$L$100006)","v":0},{"$f":"SUMIF($I286:$I$100006,AH324,$T286:$T$100006)","v":0}]
["P",10,"2021-01-10",null,"01-096","CLIENT",null,null,"1","Tarif COMPTOIR",null,null,null,2344.5378151260506,0,null,2344.5378151260506,0.19,445.46218487394964,2790.0000000000005,{"$f":"IF(CTS_Source[[#This Row],[Montant Payé]]>0,CTS_Source[[#This Row],[Montant TTC]]-CTS_Source[[#This Row],[Montant Payé]],\"\")","v":0},2790.0000000000005,null,0,"01",289,null,null,null,null,null,null,null,"8-EPC",null,{"$f":"SUMIF($I287:$I$100006,AH325,$L287:$L$100006)","v":0},{"$f":"SUMIF($I287:$I$100006,AH325,$T287:$T$100006)","v":0}]
[null,null,null,"01-096",null,null,"0-PRS",1,"I32","Impression Couleur A3-R /  Papier (tout aplat)","U",10,168.0672268907563,1680.672268907563,-1,0,1680.672268907563,0.19,319.32773109243698,2000,{"$f":"IF(CTS_Source[[#This Row],[Montant Payé]]>0,CTS_Source[[#This Row],[Montant TTC]]-CTS_Source[[#This Row],[Montant Payé]],\"\")","v":""},null,200,null,null,290,null,null,null,null,null,null,null,"8-GBGM",null,{"$f":"SUMIF($I288:$I$100006,AH326,$L288:$L$100006)","v":0},{"$f":"SUMIF($I288:$I$100006,AH326,$T288:$T$100006)","v":0}]
[null,null,null,"01-096",null,null,"1-PRS",2,"I3","Impression Noir & Blanc A3-R /  Papier","U",1,33.613445378151262,33.613445378151262,-1,0,33.613445378151262,0.19,6.3865546218487399,40,{"$f":"IF(CTS_Source[[#This Row],[Montant Payé]]>0,CTS_Source[[#This Row],[Montant TTC]]-CTS_Source[[#This Row],[Montant Payé]],\"\")","v":""},null,40,null,null,291,null,null,null,null,null,null,null,"8-GBPM",null,{"$f":"SUMIF($I289:$I$100006,AH327,$L289:$L$100006)","v":0},{"$f":"SUMIF($I289:$I$100006,AH327,$T289:$T$100006)","v":0}]
[null,null,null,"01-096",null,null,"1-PRS",3,"I30","Impression Couleur A3-R /  Papier (aucun aplat)","U",5,100.84033613445379,504.20168067226894,-1,0,504.20168067226894,0.19,95.798319327731093,600,{"$f":"IF(CTS_Source[[#This Row],[Montant Payé]]>0,CTS_Source[[#This Row],[Montant TTC]]-CTS_Source[[#This Row],[Montant Payé]],\"\")","v":""},null,120,null,null,292,null,null,null,null,null,null,null,"8-LTB",null,{"$f":"SUMIF($I290:$I$100006,AH328,$L290:$L$100006)","v":0},{"$f":"SUMIF($I290:$I$100006,AH328,$T290:$T$100006)","v":0}]
[null,null,null,"01-096",null,null,"0-PRS",4,"R3B1","Reliure  A3 Baguette n° 03 à 08 + Transp. + Bristol","U",1,126.05042016806723,126.05042016806723,-1,0,126.05042016806723,0.19,23.949579831932773,150,{"$f":"IF(CTS_Source[[#This Row],[Montant Payé]]>0,CTS_Source[[#This Row],[Montant TTC]]-CTS_Source[[#This Row],[Montant Payé]],\"\")","v":""},null,150,null,null,293,null,null,null,null,null,null,null,"8-PA100",null,{"$f":"SUMIF($I291:$I$100006,AH329,$L291:$L$100006)","v":0},{"$f":"SUMIF($I291:$I$100006,AH329,$T291:$T$100006)","v":0}]
["P",10,"2021-01-10",null,"01-097","CLIENT",null,null,"1","Tarif COMPTOIR",null,null,null,2760.5042016806724,0,null,2760.5042016806724,0.19,524.49579831932783,3285,{"$f":"IF(CTS_Source[[#This Row],[Montant Payé]]>0,CTS_Source[[#This Row],[Montant TTC]]-CTS_Source[[#This Row],[Montant Payé]],\"\")","v":0},3285,null,0,"01",294,null,null,null,null,null,null,null,"8-PC100",null,{"$f":"SUMIF($I292:$I$100006,AH330,$L292:$L$100006)","v":0},{"$f":"SUMIF($I292:$I$100006,AH330,$T292:$T$100006)","v":0}]
[null,null,null,"01-097",null,null,"2-BUR",1,"1-P4NR","Papier A4 / 080 gr / 500 f. extra blanc Noram ","U",1,487.39495798319331,487.39495798319331,-1,0,487.39495798319331,0.19,92.605042016806735,580,{"$f":"IF(CTS_Source[[#This Row],[Montant Payé]]>0,CTS_Source[[#This Row],[Montant TTC]]-CTS_Source[[#This Row],[Montant Payé]],\"\")","v":""},null,580,null,null,295,null,null,null,null,null,null,null,"8-PC4",null,{"$f":"SUMIF($I293:$I$100006,AH331,$L293:$L$100006)","v":2},{"$f":"SUMIF($I293:$I$100006,AH331,$T293:$T$100006)","v":560}]
[null,null,null,"01-097",null,null,"2-BUR",2,"4-CB4","Couverture A4 bristol (feuille)","U",1,12.605042016806724,12.605042016806724,-1,0,12.605042016806724,0.19,2.3949579831932777,15.000000000000002,{"$f":"IF(CTS_Source[[#This Row],[Montant Payé]]>0,CTS_Source[[#This Row],[Montant TTC]]-CTS_Source[[#This Row],[Montant Payé]],\"\")","v":""},null,15,null,null,296,null,null,null,null,null,null,null,"8-PC5",null,{"$f":"SUMIF($I294:$I$100006,AH332,$L294:$L$100006)","v":1},{"$f":"SUMIF($I294:$I$100006,AH332,$T294:$T$100006)","v":170}]
[null,null,null,"01-097",null,null,"2-BUR",3,"4-TN4","Transparent A4 neutre (feuille)","U",1,12.605042016806724,12.605042016806724,-1,0,12.605042016806724,0.19,2.3949579831932777,15.000000000000002,{"$f":"IF(CTS_Source[[#This Row],[Montant Payé]]>0,CTS_Source[[#This Row],[Montant TTC]]-CTS_Source[[#This Row],[Montant Payé]],\"\")","v":""},null,15,null,null,297,null,null,null,null,null,null,null,"8-PIF",null,{"$f":"SUMIF($I295:$I$100006,AH333,$L295:$L$100006)","v":0},{"$f":"SUMIF($I295:$I$100006,AH333,$T295:$T$100006)","v":0}]
[null,null,null,"01-097",null,null,"2-BUR",4,"3-RBP06","Reliure : Baguette plastique n° 06","U",1,12.605042016806724,12.605042016806724,-1,0,12.605042016806724,0.19,2.3949579831932777,15.000000000000002,{"$f":"IF(CTS_Source[[#This Row],[Montant Payé]]>0,CTS_Source[[#This Row],[Montant TTC]]-CTS_Source[[#This Row],[Montant Payé]],\"\")","v":""},null,15,null,null,298,null,null,null,null,null,null,null,"8-PIJ50",null,{"$f":"SUMIF($I296:$I$100006,AH334,$L296:$L$100006)","v":0},{"$f":"SUMIF($I296:$I$100006,AH334,$T296:$T$100006)","v":0}]
[null,null,null,"01-097",null,null,"1-PRS",5,"I40","Impression Couleur A4-R /  Papier (aucun aplat)","U",38,42.016806722689076,1596.6386554621849,-1,0,1596.6386554621849,0.19,303.36134453781517,1900,{"$f":"IF(CTS_Source[[#This Row],[Montant Payé]]>0,CTS_Source[[#This Row],[Montant TTC]]-CTS_Source[[#This Row],[Montant Payé]],\"\")","v":""},null,50,null,null,299,null,null,null,null,null,null,null,"8-PIJ75",null,{"$f":"SUMIF($I297:$I$100006,AH335,$L297:$L$100006)","v":0},{"$f":"SUMIF($I297:$I$100006,AH335,$T297:$T$100006)","v":0}]
[null,null,null,"01-097",null,null,"1-PRS",6,"I4","Impression Noir & Blanc A4-R /  Papier","U",38,16.806722689075631,638.65546218487395,-1,0,638.65546218487395,0.19,121.34453781512605,760,{"$f":"IF(CTS_Source[[#This Row],[Montant Payé]]>0,CTS_Source[[#This Row],[Montant TTC]]-CTS_Source[[#This Row],[Montant Payé]],\"\")","v":""},null,20,null,null,300,null,null,null,null,null,null,null,"8-PMB",null,{"$f":"SUMIF($I298:$I$100006,AH336,$L298:$L$100006)","v":0},{"$f":"SUMIF($I298:$I$100006,AH336,$T298:$T$100006)","v":0}]
["p",10,"2021-01-10",null,"01-098","CLIENT",null,null,"1","Tarif COMPTOIR",null,null,null,665.54621848739509,0,null,665.54621848739509,0.19,126.45378151260506,792.00000000000011,{"$f":"IF(CTS_Source[[#This Row],[Montant Payé]]>0,CTS_Source[[#This Row],[Montant TTC]]-CTS_Source[[#This Row],[Montant Payé]],\"\")","v":0},792.00000000000011,null,0,"01",301,null,null,null,null,null,null,null,"8-PUB50",null,{"$f":"SUMIF($I299:$I$100006,AH337,$L299:$L$100006)","v":0},{"$f":"SUMIF($I299:$I$100006,AH337,$T299:$T$100006)","v":0}]
[null,null,null,"01-098",null,null,"1-PRS",1,"PP","Traçage Noir & Blanc / Papier ","ML",1.1000000000000001,201.68067226890759,221.84873949579836,-1,0,221.84873949579836,0.19,42.151260504201687,264.00000000000006,{"$f":"IF(CTS_Source[[#This Row],[Montant Payé]]>0,CTS_Source[[#This Row],[Montant TTC]]-CTS_Source[[#This Row],[Montant Payé]],\"\")","v":""},null,240,null,null,302,null,null,null,null,null,null,null,"8-RK",null,{"$f":"SUMIF($I300:$I$100006,AH338,$L300:$L$100006)","v":0},{"$f":"SUMIF($I300:$I$100006,AH338,$T300:$T$100006)","v":0}]
[null,null,null,"01-098",null,null,"1-PRS",2,"TP","Tirage Noir & Blanc / Papier","ML",4.4000000000000004,100.84033613445379,443.69747899159671,-1,0,443.69747899159671,0.19,84.302521008403374,528.00000000000011,{"$f":"IF(CTS_Source[[#This Row],[Montant Payé]]>0,CTS_Source[[#This Row],[Montant TTC]]-CTS_Source[[#This Row],[Montant Payé]],\"\")","v":""},null,120,null,null,303,null,null,null,null,null,null,null,"8-RP",null,{"$f":"SUMIF($I301:$I$100006,AH339,$L301:$L$100006)","v":0},{"$f":"SUMIF($I301:$I$100006,AH339,$T301:$T$100006)","v":0}]
["P",10,"2021-01-10",null,"01-099","CLIENT",null,null,"1","Tarif COMPTOIR",null,null,null,302.52100840336141,0,null,302.52100840336141,0.19,57.478991596638664,360.00000000000006,{"$f":"IF(CTS_Source[[#This Row],[Montant Payé]]>0,CTS_Source[[#This Row],[Montant TTC]]-CTS_Source[[#This Row],[Montant Payé]],\"\")","v":0},360.00000000000006,null,0,"01",304,null,null,null,null,null,null,null,"8-SCGM",null,{"$f":"SUMIF($I302:$I$100006,AH340,$L302:$L$100006)","v":0},{"$f":"SUMIF($I302:$I$100006,AH340,$T302:$T$100006)","v":0}]
[null,null,null,"01-099",null,null,"1-PRS",1,"TP","Tirage Noir & Blanc / Papier","ML",3,100.84033613445379,302.52100840336141,-1,0,302.52100840336141,0.19,57.478991596638664,360.00000000000006,{"$f":"IF(CTS_Source[[#This Row],[Montant Payé]]>0,CTS_Source[[#This Row],[Montant TTC]]-CTS_Source[[#This Row],[Montant Payé]],\"\")","v":""},null,120,null,null,305,null,null,null,null,null,null,null,"8-SCMM",null,{"$f":"SUMIF($I303:$I$100006,AH341,$L303:$L$100006)","v":0},{"$f":"SUMIF($I303:$I$100006,AH341,$T303:$T$100006)","v":0}]
["P",10,"2021-01-10",null,"01-100","CLIENT",null,null,"1","Tarif COMPTOIR",null,null,null,257.14285714285717,0,null,257.14285714285717,0.19,48.857142857142861,306,{"$f":"IF(CTS_Source[[#This Row],[Montant Payé]]>0,CTS_Source[[#This Row],[Montant TTC]]-CTS_Source[[#This Row],[Montant Payé]],\"\")","v":0},306,null,0,"01",306,null,null,null,null,null,null,null,"8-SCPM",null,{"$f":"SUMIF($I304:$I$100006,AH342,$L304:$L$100006)","v":0},{"$f":"SUMIF($I304:$I$100006,AH342,$T304:$T$100006)","v":0}]
[null,null,null,"01-100",null,null,"1-PRS",1,"TP","Tirage Noir & Blanc / Papier","ML",2.5499999999999998,100.84033613445379,257.14285714285717,-1,0,257.14285714285717,0.19,48.857142857142861,306,{"$f":"IF(CTS_Source[[#This Row],[Montant Payé]]>0,CTS_Source[[#This Row],[Montant TTC]]-CTS_Source[[#This Row],[Montant Payé]],\"\")","v":""},null,120,null,null,307,null,null,null,null,null,null,null,"8-TA28",null,{"$f":"SUMIF($I305:$I$100006,AH343,$L305:$L$100006)","v":0},{"$f":"SUMIF($I305:$I$100006,AH343,$T305:$T$100006)","v":0}]
["P",10,"2021-01-10",null,"01-101","CLIENT",null,null,"1","Tarif COMPTOIR",null,null,null,252.10084033613447,0,null,252.10084033613447,0.19,47.899159663865547,300,{"$f":"IF(CTS_Source[[#This Row],[Montant Payé]]>0,CTS_Source[[#This Row],[Montant TTC]]-CTS_Source[[#This Row],[Montant Payé]],\"\")","v":0},300,null,0,"01",308,null,null,null,null,null,null,null,"8-TA31",null,{"$f":"SUMIF($I306:$I$100006,AH344,$L306:$L$100006)","v":2},{"$f":"SUMIF($I306:$I$100006,AH344,$T306:$T$100006)","v":110}]
[null,null,null,"01-101",null,null,"0-PRS",1,"I42","Impression Couleur A4-R /  Papier (tout aplat)","U",1,84.033613445378151,84.033613445378151,0,0,84.033613445378151,0.19,15.966386554621849,100,{"$f":"IF(CTS_Source[[#This Row],[Montant Payé]]>0,CTS_Source[[#This Row],[Montant TTC]]-CTS_Source[[#This Row],[Montant Payé]],\"\")","v":""},null,100,null,null,309,null,null,null,null,null,null,null,"8-TA50",null,{"$f":"SUMIF($I307:$I$100006,AH345,$L307:$L$100006)","v":0},{"$f":"SUMIF($I307:$I$100006,AH345,$T307:$T$100006)","v":0}]
[null,null,null,"01-101",null,null,"0-PRS",2,"I32","Impression Couleur A3-R /  Papier (tout aplat)","U",1,168.0672268907563,168.0672268907563,0,0,168.0672268907563,0.19,31.932773109243698,200,{"$f":"IF(CTS_Source[[#This Row],[Montant Payé]]>0,CTS_Source[[#This Row],[Montant TTC]]-CTS_Source[[#This Row],[Montant Payé]],\"\")","v":""},null,200,null,null,310,null,null,null,null,null,null,null,"8-TCM1",null,{"$f":"SUMIF($I308:$I$100006,AH346,$L308:$L$100006)","v":0},{"$f":"SUMIF($I308:$I$100006,AH346,$T308:$T$100006)","v":0}]
["P",10,"2021-01-10",null,"01-102","CLIENT",null,null,"1","Tarif COMPTOIR",null,null,null,415.96638655462186,0,null,415.96638655462186,0.19,79.033613445378165,495,{"$f":"IF(CTS_Source[[#This Row],[Montant Payé]]>0,CTS_Source[[#This Row],[Montant TTC]]-CTS_Source[[#This Row],[Montant Payé]],\"\")","v":0},495,null,0,"01",311,null,null,null,null,null,null,null,"8-TCM2",null,{"$f":"SUMIF($I309:$I$100006,AH347,$L309:$L$100006)","v":0},{"$f":"SUMIF($I309:$I$100006,AH347,$T309:$T$100006)","v":0}]
[null,null,null,"01-102",null,null,"2-BUR",1,"6-EB53349","Enveloppe blanche 110 x 220 (n° 53349) H fenêtre ","U",1,12.605042016806724,12.605042016806724,0,0,12.605042016806724,0.19,2.3949579831932777,15.000000000000002,{"$f":"IF(CTS_Source[[#This Row],[Montant Payé]]>0,CTS_Source[[#This Row],[Montant TTC]]-CTS_Source[[#This Row],[Montant Payé]],\"\")","v":""},null,15,null,null,312,null,null,null,null,null,null,null,"8-TCPS",null,{"$f":"SUMIF($I310:$I$100006,AH348,$L310:$L$100006)","v":0},{"$f":"SUMIF($I310:$I$100006,AH348,$T310:$T$100006)","v":0}]
[null,null,null,"01-102",null,null,"1-PRS",2,"C40","Copie Couleur A4-R /  Papier (aucun aplat)","U",6,33.613445378151262,201.68067226890759,0,0,201.68067226890759,0.19,38.319327731092443,240.00000000000003,{"$f":"IF(CTS_Source[[#This Row],[Montant Payé]]>0,CTS_Source[[#This Row],[Montant TTC]]-CTS_Source[[#This Row],[Montant Payé]],\"\")","v":""},null,40,null,null,313,null,null,null,null,null,null,null,"8-TGT31",null,{"$f":"SUMIF($I311:$I$100006,AH349,$L311:$L$100006)","v":0},{"$f":"SUMIF($I311:$I$100006,AH349,$T311:$T$100006)","v":0}]
[null,null,null,"01-102",null,null,"1-PRS",3,"I40","Impression Couleur A4-R /  Papier (aucun aplat)","U",4,50.420168067226896,201.68067226890759,0,0,201.68067226890759,0.19,38.319327731092443,240.00000000000003,{"$f":"IF(CTS_Source[[#This Row],[Montant Payé]]>0,CTS_Source[[#This Row],[Montant TTC]]-CTS_Source[[#This Row],[Montant Payé]],\"\")","v":""},null,60,null,null,314,null,null,null,null,null,null,null,"-",null,{"$f":"SUM(AJ297:AJ349)","v":32},{"$f":"SUM(AK297:AK349)","v":3435.1287279799776}]
["P",10,"2021-01-10",null,"01-103","CLIENT",null,null,"1","Tarif COMPTOIR",null,null,null,2663.0252100840335,0,null,2663.0252100840335,0.19,505.97478991596648,3169,{"$f":"IF(CTS_Source[[#This Row],[Montant Payé]]>0,CTS_Source[[#This Row],[Montant TTC]]-CTS_Source[[#This Row],[Montant Payé]],\"\")","v":9},3160,null,0,"01",315,null,null,null,null,null,null,null,"9-40T1",null,{"$f":"SUMIF($I313:$I$100006,AH351,$L313:$L$100006)","v":0},{"$f":"SUMIF($I313:$I$100006,AH351,$T313:$T$100006)","v":0}]
[null,null,null,"01-103",null,null,"2-BUR",1,"6-BACO","Boite d'archives en carton ondulé","U",1,71.428571428571431,71.428571428571431,0,0,71.428571428571431,0.19,13.571428571428571,85,{"$f":"IF(CTS_Source[[#This Row],[Montant Payé]]>0,CTS_Source[[#This Row],[Montant TTC]]-CTS_Source[[#This Row],[Montant Payé]],\"\")","v":""},null,85,null,null,316,null,null,null,null,null,null,null,"9-AMN2",null,{"$f":"SUMIF($I314:$I$100006,AH352,$L314:$L$100006)","v":0},{"$f":"SUMIF($I314:$I$100006,AH352,$T314:$T$100006)","v":0}]
[null,null,null,"01-103",null,null,"0-PRS",2,"C42","Copie Couleur A4-R /  Papier (tout aplat)","U",16,67.226890756302524,1075.6302521008404,0,0,1075.6302521008404,0.19,204.36974789915968,1280,{"$f":"IF(CTS_Source[[#This Row],[Montant Payé]]>0,CTS_Source[[#This Row],[Montant TTC]]-CTS_Source[[#This Row],[Montant Payé]],\"\")","v":""},null,80,null,null,317,null,null,null,null,null,null,null,"9-AMN3",null,{"$f":"SUMIF($I315:$I$100006,AH353,$L315:$L$100006)","v":0},{"$f":"SUMIF($I315:$I$100006,AH353,$T315:$T$100006)","v":0}]
[null,null,null,"01-103",null,null,"1-PRS",3,"C4","Copie Noir & Blanc A4-R /  Papier","U",12,8.4033613445378155,100.84033613445379,0,0,100.84033613445379,0.19,19.159663865546221,120.00000000000001,{"$f":"IF(CTS_Source[[#This Row],[Montant Payé]]>0,CTS_Source[[#This Row],[Montant TTC]]-CTS_Source[[#This Row],[Montant Payé]],\"\")","v":""},null,10,null,null,318,null,null,null,null,null,null,null,"9-AMN4",null,{"$f":"SUMIF($I316:$I$100006,AH354,$L316:$L$100006)","v":0},{"$f":"SUMIF($I316:$I$100006,AH354,$T316:$T$100006)","v":0}]
[null,null,null,"01-103",null,null,"0-PRS",4,"I42","Impression Couleur A4-R /  Papier (tout aplat)","U",4,84.033613445378151,336.1344537815126,0,0,336.1344537815126,0.19,63.865546218487395,400,{"$f":"IF(CTS_Source[[#This Row],[Montant Payé]]>0,CTS_Source[[#This Row],[Montant TTC]]-CTS_Source[[#This Row],[Montant Payé]],\"\")","v":""},null,100,null,null,319,null,null,null,null,null,null,null,"9-AMN5",null,{"$f":"SUMIF($I317:$I$100006,AH355,$L317:$L$100006)","v":0},{"$f":"SUMIF($I317:$I$100006,AH355,$T317:$T$100006)","v":0}]
[null,null,null,"01-103",null,null,"1-PRS",5,"I4","Impression Noir & Blanc A4-R /  Papier","U",3,16.806722689075631,50.420168067226896,0,0,50.420168067226896,0.19,9.5798319327731107,60.000000000000007,{"$f":"IF(CTS_Source[[#This Row],[Montant Payé]]>0,CTS_Source[[#This Row],[Montant TTC]]-CTS_Source[[#This Row],[Montant Payé]],\"\")","v":""},null,20,null,null,320,null,null,null,null,null,null,null,"9-CRO",null,{"$f":"SUMIF($I318:$I$100006,AH356,$L318:$L$100006)","v":0},{"$f":"SUMIF($I318:$I$100006,AH356,$T318:$T$100006)","v":0}]
[null,null,null,"01-103",null,null,"1-PRS",6,"TP","Tirage Noir & Blanc / Papier","ML",6.8,100.84033613445379,685.71428571428578,0,0,685.71428571428578,0.19,130.28571428571431,816.00000000000011,{"$f":"IF(CTS_Source[[#This Row],[Montant Payé]]>0,CTS_Source[[#This Row],[Montant TTC]]-CTS_Source[[#This Row],[Montant Payé]],\"\")","v":""},null,120,null,null,321,null,null,null,null,null,null,null,"9-FW",null,{"$f":"SUMIF($I319:$I$100006,AH357,$L319:$L$100006)","v":0},{"$f":"SUMIF($I319:$I$100006,AH357,$T319:$T$100006)","v":0}]
[null,null,null,"01-103",null,null,"1-PRS",7,"PP","Traçage Noir & Blanc / Papier ","ML",1.7,201.68067226890759,342.85714285714289,0,0,342.85714285714289,0.19,65.142857142857153,408.00000000000006,{"$f":"IF(CTS_Source[[#This Row],[Montant Payé]]>0,CTS_Source[[#This Row],[Montant TTC]]-CTS_Source[[#This Row],[Montant Payé]],\"\")","v":""},null,240,null,null,322,null,null,null,null,null,null,null,"9-ILAR",null,{"$f":"SUMIF($I320:$I$100006,AH358,$L320:$L$100006)","v":0},{"$f":"SUMIF($I320:$I$100006,AH358,$T320:$T$100006)","v":0}]
["P",10,"2021-01-10",null,"01-104","CLIENT",null,null,"1","Tarif COMPTOIR",null,null,null,393.27731092436977,0,null,393.27731092436977,0.19,74.722689075630257,468,{"$f":"IF(CTS_Source[[#This Row],[Montant Payé]]>0,CTS_Source[[#This Row],[Montant TTC]]-CTS_Source[[#This Row],[Montant Payé]],\"\")","v":3},465,null,0,"01",323,null,null,null,null,null,null,null,"9-LOC",null,{"$f":"SUMIF($I321:$I$100006,AH359,$L321:$L$100006)","v":0},{"$f":"SUMIF($I321:$I$100006,AH359,$T321:$T$100006)","v":0}]
[null,null,null,"01-104",null,null,"1-PRS",1,"TP","Tirage Noir & Blanc / Papier","ML",3.9,100.84033613445379,393.27731092436977,0,0,393.27731092436977,0.19,74.722689075630257,468,{"$f":"IF(CTS_Source[[#This Row],[Montant Payé]]>0,CTS_Source[[#This Row],[Montant TTC]]-CTS_Source[[#This Row],[Montant Payé]],\"\")","v":""},null,120,null,null,324,null,null,null,null,null,null,null,"9-LPM",null,{"$f":"SUMIF($I322:$I$100006,AH360,$L322:$L$100006)","v":0},{"$f":"SUMIF($I322:$I$100006,AH360,$T322:$T$100006)","v":0}]
["P",10,"2021-01-10",null,"01-105","CLIENT",null,null,"1","Tarif COMPTOIR",null,null,null,218.48739495798321,0,null,218.48739495798321,0.19,41.512605042016816,260,{"$f":"IF(CTS_Source[[#This Row],[Montant Payé]]>0,CTS_Source[[#This Row],[Montant TTC]]-CTS_Source[[#This Row],[Montant Payé]],\"\")","v":0},260,null,0,"01",325,null,null,null,null,null,null,null,"9-MSI",null,{"$f":"SUMIF($I323:$I$100006,AH361,$L323:$L$100006)","v":0},{"$f":"SUMIF($I323:$I$100006,AH361,$T323:$T$100006)","v":0}]
[null,null,null,"01-105",null,null,"1-PRS",1,"C4","Copie Noir & Blanc A4-R /  Papier","U",2,8.4033613445378155,16.806722689075631,0,0,16.806722689075631,0.19,3.1932773109243699,20,{"$f":"IF(CTS_Source[[#This Row],[Montant Payé]]>0,CTS_Source[[#This Row],[Montant TTC]]-CTS_Source[[#This Row],[Montant Payé]],\"\")","v":""},null,10,null,null,326,null,null,null,null,null,null,null,"9-PPRO",null,{"$f":"SUMIF($I324:$I$100006,AH362,$L324:$L$100006)","v":0},{"$f":"SUMIF($I324:$I$100006,AH362,$T324:$T$100006)","v":0}]
[null,null,null,"01-105",null,null,"1-PRS",2,"TP","Tirage Noir & Blanc / Papier","ML",2,100.84033613445379,201.68067226890759,0,0,201.68067226890759,0.19,38.319327731092443,240.00000000000003,{"$f":"IF(CTS_Source[[#This Row],[Montant Payé]]>0,CTS_Source[[#This Row],[Montant TTC]]-CTS_Source[[#This Row],[Montant Payé]],\"\")","v":""},null,120,null,null,327,null,null,null,null,null,null,null,"9-PRO",null,{"$f":"SUMIF($I325:$I$100006,AH363,$L325:$L$100006)","v":0},{"$f":"SUMIF($I325:$I$100006,AH363,$T325:$T$100006)","v":0}]
["P",10,"2021-01-10",null,"01-106","CLIENT",null,null,"1","Tarif COMPTOIR",null,null,null,504.20168067226894,0,null,504.20168067226894,0.19,95.798319327731093,600,{"$f":"IF(CTS_Source[[#This Row],[Montant Payé]]>0,CTS_Source[[#This Row],[Montant TTC]]-CTS_Source[[#This Row],[Montant Payé]],\"\")","v":0},600,null,0,"01",328,null,null,null,null,null,null,null,"9-R2B",null,{"$f":"SUMIF($I326:$I$100006,AH364,$L326:$L$100006)","v":0},{"$f":"SUMIF($I326:$I$100006,AH364,$T326:$T$100006)","v":0}]
[null,null,null,"01-106",null,null,"1-PRS",1,"TP0","Tirage Couleur / Papier (aucun aplat) ","ML",1,504.20168067226894,504.20168067226894,0,0,504.20168067226894,0.19,95.798319327731093,600,{"$f":"IF(CTS_Source[[#This Row],[Montant Payé]]>0,CTS_Source[[#This Row],[Montant TTC]]-CTS_Source[[#This Row],[Montant Payé]],\"\")","v":""},null,600,null,null,329,null,null,null,null,null,null,null,"-",null,{"$f":"SUM(AJ351:AJ364)","v":0},{"$f":"SUM(AK351:AK364)","v":0}]
["P",10,"2021-01-10",null,"01-107","CLIENT",null,null,"1","Tarif COMPTOIR",null,null,null,324.36974789915968,0,null,324.36974789915968,0.19,61.630252100840345,386,{"$f":"IF(CTS_Source[[#This Row],[Montant Payé]]>0,CTS_Source[[#This Row],[Montant TTC]]-CTS_Source[[#This Row],[Montant Payé]],\"\")","v":1},385,null,0,"01",330,null,null,null,null,null,null,null,"9-COM",null,{"$f":"SUMIF($I328:$I$100006,AH366,$L328:$L$100006)","v":0},{"$f":"SUMIF($I328:$I$100006,AH366,$T328:$T$100006)","v":0}]
[null,null,null,"01-107",null,null,"1-PRS",1,"C3","Copie Noir & Blanc A3-R /  Papier ","U",1,16.806722689075631,16.806722689075631,0,0,16.806722689075631,0.19,3.1932773109243699,20,{"$f":"IF(CTS_Source[[#This Row],[Montant Payé]]>0,CTS_Source[[#This Row],[Montant TTC]]-CTS_Source[[#This Row],[Montant Payé]],\"\")","v":""},null,20,null,null,331,null,null,null,null,null,null,null,"9-DOR",null,{"$f":"SUMIF($I329:$I$100006,AH367,$L329:$L$100006)","v":1},{"$f":"SUMIF($I329:$I$100006,AH367,$T329:$T$100006)","v":2000.0000000000002}]
[null,null,null,"01-107",null,null,"1-PRS",2,"TP","Tirage Noir & Blanc / Papier","ML",3.05,100.84033613445379,307.56302521008405,0,0,307.56302521008405,0.19,58.436974789915972,366,{"$f":"IF(CTS_Source[[#This Row],[Montant Payé]]>0,CTS_Source[[#This Row],[Montant TTC]]-CTS_Source[[#This Row],[Montant Payé]],\"\")","v":""},null,120,null,null,332,null,null,null,null,null,null,null,"9-JAR",null,{"$f":"SUMIF($I330:$I$100006,AH368,$L330:$L$100006)","v":1},{"$f":"SUMIF($I330:$I$100006,AH368,$T330:$T$100006)","v":4000.0000000000005}]
["P",10,"2021-01-10",null,"01-108","CLIENT",null,null,"1","Tarif COMPTOIR",null,null,null,678.99159663865544,0,null,678.99159663865544,0.19,129.00840336134456,808,{"$f":"IF(CTS_Source[[#This Row],[Montant Payé]]>0,CTS_Source[[#This Row],[Montant TTC]]-CTS_Source[[#This Row],[Montant Payé]],\"\")","v":3},805,null,0,"01",333,null,null,null,null,null,null,null,"9-MRH",null,{"$f":"SUMIF($I331:$I$100006,AH369,$L331:$L$100006)","v":0},{"$f":"SUMIF($I331:$I$100006,AH369,$T331:$T$100006)","v":0}]
[null,null,null,"01-108",null,null,"2-BUR",1,"5-CCC25","Chemise de classement en carte lustrée D.25","U",1,134.45378151260505,134.45378151260505,0,0,134.45378151260505,0.19,25.54621848739496,160,{"$f":"IF(CTS_Source[[#This Row],[Montant Payé]]>0,CTS_Source[[#This Row],[Montant TTC]]-CTS_Source[[#This Row],[Montant Payé]],\"\")","v":""},null,160,null,null,334,null,null,null,null,null,null,null,"9-PRB",null,{"$f":"SUMIF($I332:$I$100006,AH370,$L332:$L$100006)","v":0},{"$f":"SUMIF($I332:$I$100006,AH370,$T332:$T$100006)","v":0}]
[null,null,null,"01-108",null,null,"1-PRS",2,"C4","Copie Noir & Blanc A4-R /  Papier","U",2,8.4033613445378155,16.806722689075631,0,0,16.806722689075631,0.19,3.1932773109243699,20,{"$f":"IF(CTS_Source[[#This Row],[Montant Payé]]>0,CTS_Source[[#This Row],[Montant TTC]]-CTS_Source[[#This Row],[Montant Payé]],\"\")","v":""},null,10,null,null,335,null,null,null,null,null,null,null,"9-PRN",null,{"$f":"SUMIF($I333:$I$100006,AH371,$L333:$L$100006)","v":0},{"$f":"SUMIF($I333:$I$100006,AH371,$T333:$T$100006)","v":0}]
[null,null,null,"01-108",null,null,"1-PRS",3,"I4","Impression Noir & Blanc A4-R /  Papier","U",2,16.806722689075631,33.613445378151262,0,0,33.613445378151262,0.19,6.3865546218487399,40,{"$f":"IF(CTS_Source[[#This Row],[Montant Payé]]>0,CTS_Source[[#This Row],[Montant TTC]]-CTS_Source[[#This Row],[Montant Payé]],\"\")","v":""},null,20,null,null,336,null,null,null,null,null,null,null,"9-RDL",null,{"$f":"SUMIF($I334:$I$100006,AH372,$L334:$L$100006)","v":0},{"$f":"SUMIF($I334:$I$100006,AH372,$T334:$T$100006)","v":0}]
[null,null,null,"01-108",null,null,"1-PRS",4,"I8","Impression Noir & Blanc A4-RV /  Papier","U",2,33.613445378151262,67.226890756302524,0,0,67.226890756302524,0.19,12.77310924369748,80,{"$f":"IF(CTS_Source[[#This Row],[Montant Payé]]>0,CTS_Source[[#This Row],[Montant TTC]]-CTS_Source[[#This Row],[Montant Payé]],\"\")","v":""},null,40,null,null,337,null,null,null,null,null,null,null,"9-URB",null,{"$f":"SUMIF($I335:$I$100006,AH373,$L335:$L$100006)","v":0},{"$f":"SUMIF($I335:$I$100006,AH373,$T335:$T$100006)","v":0}]
[null,null,null,"01-108",null,null,"1-PRS",5,"C8","Copie Noir & Blanc A4-RV /  Papier","U",5,16.806722689075631,84.033613445378151,0,0,84.033613445378151,0.19,15.966386554621849,100,{"$f":"IF(CTS_Source[[#This Row],[Montant Payé]]>0,CTS_Source[[#This Row],[Montant TTC]]-CTS_Source[[#This Row],[Montant Payé]],\"\")","v":""},null,20,null,null,338,null,null,null,null,null,null,null,"9-VDV-1-20",null,{"$f":"SUMIF($I336:$I$100006,AH374,$L336:$L$100006)","v":0},{"$f":"SUMIF($I336:$I$100006,AH374,$T336:$T$100006)","v":0}]
[null,null,null,"01-108",null,null,"1-PRS",6,"TP","Tirage Noir & Blanc / Papier","ML",3.4,100.84033613445379,342.85714285714289,0,0,342.85714285714289,0.19,65.142857142857153,408.00000000000006,{"$f":"IF(CTS_Source[[#This Row],[Montant Payé]]>0,CTS_Source[[#This Row],[Montant TTC]]-CTS_Source[[#This Row],[Montant Payé]],\"\")","v":""},null,120,null,null,339,null,null,null,null,null,null,null,"9-VDV-21+",null,{"$f":"SUMIF($I337:$I$100006,AH375,$L337:$L$100006)","v":0},{"$f":"SUMIF($I337:$I$100006,AH375,$T337:$T$100006)","v":0}]
["P",10,"2021-01-10",null,"01-109","CLIENT",null,null,"1","Tarif COMPTOIR",null,null,null,877.31092436974791,0,null,877.31092436974791,0.19,166.68907563025209,1044,{"$f":"IF(CTS_Source[[#This Row],[Montant Payé]]>0,CTS_Source[[#This Row],[Montant TTC]]-CTS_Source[[#This Row],[Montant Payé]],\"\")","v":0},1044,null,0,"01",340,null,null,null,null,null,null,null,"9-VDV-HS",null,{"$f":"SUMIF($I338:$I$100006,AH376,$L338:$L$100006)","v":0},{"$f":"SUMIF($I338:$I$100006,AH376,$T338:$T$100006)","v":0}]
[null,null,null,"01-109",null,null,"1-PRS",1,"TP","Tirage Noir & Blanc / Papier","ML",8.6999999999999993,100.84033613445379,877.31092436974791,0,0,877.31092436974791,0.19,166.68907563025209,1044,{"$f":"IF(CTS_Source[[#This Row],[Montant Payé]]>0,CTS_Source[[#This Row],[Montant TTC]]-CTS_Source[[#This Row],[Montant Payé]],\"\")","v":""},null,120,null,null,341,null,null,null,null,null,null,null,null,null,{"$f":"SUM(AJ366:AJ376)","v":2},{"$f":"SUM(AK366:AK376)","v":6000.0000000000009}]
["P",11,"2021-01-11",null,"01-110","CLIENT",null,null,"1","Tarif COMPTOIR",null,null,null,403.36134453781517,0,null,403.36134453781517,0.19,76.638655462184886,480.00000000000006,{"$f":"IF(CTS_Source[[#This Row],[Montant Payé]]>0,CTS_Source[[#This Row],[Montant TTC]]-CTS_Source[[#This Row],[Montant Payé]],\"\")","v":0},480.00000000000006,null,0,"01",342]
[null,null,null,"01-110",null,null,"0-PRS",1,"AGP","Agrafage document (agrafes PM) - de 20 f","U",3,8.4033613445378155,25.210084033613448,0,0,25.210084033613448,0.19,4.7899159663865554,30.000000000000004,{"$f":"IF(CTS_Source[[#This Row],[Montant Payé]]>0,CTS_Source[[#This Row],[Montant TTC]]-CTS_Source[[#This Row],[Montant Payé]],\"\")","v":""},null,10,null,null,343]
[null,null,null,"01-110",null,null,"1-PRS",2,"C4","Copie Noir & Blanc A4-R /  Papier","U",1,8.4033613445378155,8.4033613445378155,0,0,8.4033613445378155,0.19,1.596638655462185,10,{"$f":"IF(CTS_Source[[#This Row],[Montant Payé]]>0,CTS_Source[[#This Row],[Montant TTC]]-CTS_Source[[#This Row],[Montant Payé]],\"\")","v":""},null,10,null,null,344]
[null,null,null,"01-110",null,null,"0-PRS",3,"C4S","Copie Noir & Blanc A4-R /  Papier / Spéciale","U",1,16.806722689075631,16.806722689075631,0,0,16.806722689075631,0.19,3.1932773109243699,20,{"$f":"IF(CTS_Source[[#This Row],[Montant Payé]]>0,CTS_Source[[#This Row],[Montant TTC]]-CTS_Source[[#This Row],[Montant Payé]],\"\")","v":""},null,20,null,null,345]
[null,null,null,"01-110",null,null,"1-PRS",4,"TP","Tirage Noir & Blanc / Papier","ML",3.5,100.84033613445379,352.94117647058829,0,0,352.94117647058829,0.19,67.058823529411782,420.00000000000006,{"$f":"IF(CTS_Source[[#This Row],[Montant Payé]]>0,CTS_Source[[#This Row],[Montant TTC]]-CTS_Source[[#This Row],[Montant Payé]],\"\")","v":""},null,120,null,null,346]
["P",11,"2021-01-11",null,"01-111","CLIENT",null,null,"1","Tarif COMPTOIR",null,null,null,33.613445378151262,0,null,33.613445378151262,0.19,6.3865546218487399,40,{"$f":"IF(CTS_Source[[#This Row],[Montant Payé]]>0,CTS_Source[[#This Row],[Montant TTC]]-CTS_Source[[#This Row],[Montant Payé]],\"\")","v":0},40,null,0,"01",347]
[null,null,null,"01-111",null,null,"1-PRS",1,"C40","Copie Couleur A4-R /  Papier (aucun aplat)","U",1,33.613445378151262,33.613445378151262,0,0,33.613445378151262,0.19,6.3865546218487399,40,{"$f":"IF(CTS_Source[[#This Row],[Montant Payé]]>0,CTS_Source[[#This Row],[Montant TTC]]-CTS_Source[[#This Row],[Montant Payé]],\"\")","v":""},null,40,null,null,348]
["P",11,"2021-01-11",null,"01-112","CLIENT",null,null,"1","Tarif COMPTOIR",null,null,null,50.420168067226896,0,null,50.420168067226896,0.19,9.5798319327731107,60.000000000000007,{"$f":"IF(CTS_Source[[#This Row],[Montant Payé]]>0,CTS_Source[[#This Row],[Montant TTC]]-CTS_Source[[#This Row],[Montant Payé]],\"\")","v":0},60.000000000000007,null,0,"01",349]
[null,null,null,"01-112",null,null,"1-PRS",1,"I40","Impression Couleur A4-R /  Papier (aucun aplat)","U",1,50.420168067226896,50.420168067226896,0,0,50.420168067226896,0.19,9.5798319327731107,60.000000000000007,{"$f":"IF(CTS_Source[[#This Row],[Montant Payé]]>0,CTS_Source[[#This Row],[Montant TTC]]-CTS_Source[[#This Row],[Montant Payé]],\"\")","v":""},null,60,null,null,350]
["p",11,"2021-01-11",null,"01-113","CLIENT",null,null,"1","Tarif COMPTOIR",null,null,null,268.9075630252101,0,null,268.9075630252101,0.19,51.092436974789919,320,{"$f":"IF(CTS_Source[[#This Row],[Montant Payé]]>0,CTS_Source[[#This Row],[Montant TTC]]-CTS_Source[[#This Row],[Montant Payé]],\"\")","v":0},320,null,0,"01",351]
[null,null,null,"01-113",null,null,"1-PRS",1,"I40","Impression Couleur A4-R /  Papier (aucun aplat)","U",1,50.420168067226896,50.420168067226896,0,0,50.420168067226896,0.19,9.5798319327731107,60.000000000000007,{"$f":"IF(CTS_Source[[#This Row],[Montant Payé]]>0,CTS_Source[[#This Row],[Montant TTC]]-CTS_Source[[#This Row],[Montant Payé]],\"\")","v":""},null,60,null,null,352]
[null,null,null,"01-113",null,null,"0-PRS",2,"AGP","Agrafage document (agrafes PM) - de 20 f","U",1,8.4033613445378155,8.4033613445378155,0,0,8.4033613445378155,0.19,1.596638655462185,10,{"$f":"IF(CTS_Source[[#This Row],[Montant Payé]]>0,CTS_Source[[#This Row],[Montant TTC]]-CTS_Source[[#This Row],[Montant Payé]],\"\")","v":""},null,10,null,null,353]
[null,null,null,"01-113",null,null,"1-PRS",3,"C4","Copie Noir & Blanc A4-R /  Papier","U",7,8.4033613445378155,58.82352941176471,0,0,58.82352941176471,0.19,11.176470588235295,70,{"$f":"IF(CTS_Source[[#This Row],[Montant Payé]]>0,CTS_Source[[#This Row],[Montant TTC]]-CTS_Source[[#This Row],[Montant Payé]],\"\")","v":""},null,10,null,null,354]
[null,null,null,"01-113",null,null,"2-BUR",4,"1-P4F100","Papier A4 / 080 gr / 100 f. extra blanc Fabs","U",1,151.26050420168067,151.26050420168067,0,0,151.26050420168067,0.19,28.739495798319329,180,{"$f":"IF(CTS_Source[[#This Row],[Montant Payé]]>0,CTS_Source[[#This Row],[Montant TTC]]-CTS_Source[[#This Row],[Montant Payé]],\"\")","v":""},null,180,null,null,355]
["p",11,"2021-01-11",null,"01-114","CLIENT",null,null,"1","Tarif COMPTOIR",null,null,null,126.05042016806723,0,null,126.05042016806723,0.19,23.949579831932777,150,{"$f":"IF(CTS_Source[[#This Row],[Montant Payé]]>0,CTS_Source[[#This Row],[Montant TTC]]-CTS_Source[[#This Row],[Montant Payé]],\"\")","v":0},150,null,0,"01",356]
[null,null,null,"01-114",null,null,"1-PRS",1,"I3","Impression Noir & Blanc A3-R /  Papier","U",3,33.613445378151262,100.84033613445379,0,0,100.84033613445379,0.19,19.159663865546221,120.00000000000001,{"$f":"IF(CTS_Source[[#This Row],[Montant Payé]]>0,CTS_Source[[#This Row],[Montant TTC]]-CTS_Source[[#This Row],[Montant Payé]],\"\")","v":""},null,40,null,null,357]
[null,null,null,"01-114",null,null,"1-PRS",2,"C4","Copie Noir & Blanc A4-R /  Papier","U",3,8.4033613445378155,25.210084033613448,0,0,25.210084033613448,0.19,4.7899159663865554,30.000000000000004,{"$f":"IF(CTS_Source[[#This Row],[Montant Payé]]>0,CTS_Source[[#This Row],[Montant TTC]]-CTS_Source[[#This Row],[Montant Payé]],\"\")","v":""},null,10,null,null,358]
["p",11,"2021-01-11",null,"01-115","CLIENT",null,null,"1","Tarif COMPTOIR",null,null,null,50.420168067226896,0,null,50.420168067226896,0.19,9.5798319327731107,60.000000000000007,{"$f":"IF(CTS_Source[[#This Row],[Montant Payé]]>0,CTS_Source[[#This Row],[Montant TTC]]-CTS_Source[[#This Row],[Montant Payé]],\"\")","v":0},60.000000000000007,null,0,"01",359]
[null,null,null,"01-115",null,null,"1-PRS",1,"I40","Impression Couleur A4-R /  Papier (aucun aplat)","U",1,50.420168067226896,50.420168067226896,0,0,50.420168067226896,0.19,9.5798319327731107,60.000000000000007,{"$f":"IF(CTS_Source[[#This Row],[Montant Payé]]>0,CTS_Source[[#This Row],[Montant TTC]]-CTS_Source[[#This Row],[Montant Payé]],\"\")","v":""},null,60,null,null,360]
["p",11,"2021-01-11",null,"01-116","CLIENT",null,null,"1","Tarif COMPTOIR",null,null,null,5226.8907563025214,0,null,5226.8907563025214,0.19,993.10924369747909,6220,{"$f":"IF(CTS_Source[[#This Row],[Montant Payé]]>0,CTS_Source[[#This Row],[Montant TTC]]-CTS_Source[[#This Row],[Montant Payé]],\"\")","v":0},6220,null,0,"01",361]
[null,null,null,"01-116",null,null,"0-PRS",1,"R4B1","Reliure  A4 Baguette n° 03 à 08 + Transp. + Bristol","U",4,84.033613445378151,336.1344537815126,0,0,336.1344537815126,0.19,63.865546218487395,400,{"$f":"IF(CTS_Source[[#This Row],[Montant Payé]]>0,CTS_Source[[#This Row],[Montant TTC]]-CTS_Source[[#This Row],[Montant Payé]],\"\")","v":""},null,100,null,null,362]
[null,null,null,"01-116",null,null,"0-PRS",2,"TP1","Tirage Couleur / Papier (avec aplats)","ML",2,756.30252100840335,1512.6050420168067,0,0,1512.6050420168067,0.19,287.39495798319325,1800,{"$f":"IF(CTS_Source[[#This Row],[Montant Payé]]>0,CTS_Source[[#This Row],[Montant TTC]]-CTS_Source[[#This Row],[Montant Payé]],\"\")","v":""},null,900,null,null,363]
[null,null,null,"01-116",null,null,"0-PRS",3,"C42","Copie Couleur A4-R /  Papier (tout aplat)","U",24,67.226890756302524,1613.4453781512607,0,0,1613.4453781512607,0.19,306.55462184873954,1920.0000000000002,{"$f":"IF(CTS_Source[[#This Row],[Montant Payé]]>0,CTS_Source[[#This Row],[Montant TTC]]-CTS_Source[[#This Row],[Montant Payé]],\"\")","v":""},null,80,null,null,364]
[null,null,null,"01-116",null,null,"1-PRS",4,"C40","Copie Couleur A4-R /  Papier (aucun aplat)","U",24,33.613445378151262,806.72268907563034,0,0,806.72268907563034,0.19,153.27731092436977,960.00000000000011,{"$f":"IF(CTS_Source[[#This Row],[Montant Payé]]>0,CTS_Source[[#This Row],[Montant TTC]]-CTS_Source[[#This Row],[Montant Payé]],\"\")","v":""},null,40,null,null,365]
[null,null,null,"01-116",null,null,"0-PRS",5,"PP1","Traçage Couleur / Papier (avec aplats)","ML",1,957.98319327731099,957.98319327731099,0,0,957.98319327731099,0.19,182.0168067226891,1140,{"$f":"IF(CTS_Source[[#This Row],[Montant Payé]]>0,CTS_Source[[#This Row],[Montant TTC]]-CTS_Source[[#This Row],[Montant Payé]],\"\")","v":""},null,1140,null,null,366]
["p",11,"2021-01-11",null,"01-117","CLIENT",null,null,"1","Tarif COMPTOIR",null,null,null,262.18487394957987,0,null,262.18487394957987,0.19,49.815126050420176,312.00000000000006,{"$f":"IF(CTS_Source[[#This Row],[Montant Payé]]>0,CTS_Source[[#This Row],[Montant TTC]]-CTS_Source[[#This Row],[Montant Payé]],\"\")","v":0},312.00000000000006,null,0,"01",367]
[null,null,null,"01-117",null,null,"0-PRS",1,"AGP","Agrafage document (agrafes PM) - de 20 f","U",2,8.4033613445378155,16.806722689075631,0,0,16.806722689075631,0.19,3.1932773109243699,20,{"$f":"IF(CTS_Source[[#This Row],[Montant Payé]]>0,CTS_Source[[#This Row],[Montant TTC]]-CTS_Source[[#This Row],[Montant Payé]],\"\")","v":""},null,10,null,null,368]
[null,null,null,"01-117",null,null,"0-PRS",2,"C4S","Copie Noir & Blanc A4-R /  Papier / Spéciale","U",2,16.806722689075631,33.613445378151262,0,0,33.613445378151262,0.19,6.3865546218487399,40,{"$f":"IF(CTS_Source[[#This Row],[Montant Payé]]>0,CTS_Source[[#This Row],[Montant TTC]]-CTS_Source[[#This Row],[Montant Payé]],\"\")","v":""},null,20,null,null,369]
[null,null,null,"01-117",null,null,"1-PRS",3,"TP","Tirage Noir & Blanc / Papier","ML",2.1,100.84033613445379,211.76470588235298,0,0,211.76470588235298,0.19,40.235294117647065,252.00000000000006,{"$f":"IF(CTS_Source[[#This Row],[Montant Payé]]>0,CTS_Source[[#This Row],[Montant TTC]]-CTS_Source[[#This Row],[Montant Payé]],\"\")","v":""},null,120,null,null,370]
["P",11,"2021-01-11",null,"01-118","CLIENT",null,null,"1","Tarif COMPTOIR",null,null,null,33.613445378151262,0,null,33.613445378151262,0.19,6.3865546218487399,40,{"$f":"IF(CTS_Source[[#This Row],[Montant Payé]]>0,CTS_Source[[#This Row],[Montant TTC]]-CTS_Source[[#This Row],[Montant Payé]],\"\")","v":0},40,null,0,"01",371]
[null,null,null,"01-118",null,null,"1-PRS",1,"C40","Copie Couleur A4-R /  Papier (aucun aplat)","U",1,33.613445378151262,33.613445378151262,0,0,33.613445378151262,0.19,6.3865546218487399,40,{"$f":"IF(CTS_Source[[#This Row],[Montant Payé]]>0,CTS_Source[[#This Row],[Montant TTC]]-CTS_Source[[#This Row],[Montant Payé]],\"\")","v":""},null,40,null,null,372]
["P",11,"2021-01-11",null,"01-119","CLIENT",null,null,"1","Tarif COMPTOIR",null,null,null,184.87394957983193,0,null,184.87394957983193,0.19,35.12605042016807,220,{"$f":"IF(CTS_Source[[#This Row],[Montant Payé]]>0,CTS_Source[[#This Row],[Montant TTC]]-CTS_Source[[#This Row],[Montant Payé]],\"\")","v":0},220,null,0,"01",373]
[null,null,null,"01-119",null,null,"1-PRS",1,"I4","Impression Noir & Blanc A4-R /  Papier","U",1,16.806722689075631,16.806722689075631,0,0,16.806722689075631,0.19,3.1932773109243699,20,{"$f":"IF(CTS_Source[[#This Row],[Montant Payé]]>0,CTS_Source[[#This Row],[Montant TTC]]-CTS_Source[[#This Row],[Montant Payé]],\"\")","v":""},null,20,null,null,374]
[null,null,null,"01-119",null,null,"1-PRS",2,"C4","Copie Noir & Blanc A4-R /  Papier","U",20,8.4033613445378155,168.0672268907563,0,0,168.0672268907563,0.19,31.932773109243698,200,{"$f":"IF(CTS_Source[[#This Row],[Montant Payé]]>0,CTS_Source[[#This Row],[Montant TTC]]-CTS_Source[[#This Row],[Montant Payé]],\"\")","v":""},null,10,null,null,375]
["P",11,"2021-01-11",null,"01-120","CLIENT",null,null,"1","Tarif COMPTOIR",null,null,null,95.798319327731093,0,null,95.798319327731093,0.19,18.201680672268907,114,{"$f":"IF(CTS_Source[[#This Row],[Montant Payé]]>0,CTS_Source[[#This Row],[Montant TTC]]-CTS_Source[[#This Row],[Montant Payé]],\"\")","v":0},114,null,0,"01",376]
[null,null,null,"01-120",null,null,"1-PRS",1,"TP","Tirage Noir & Blanc / Papier","ML",0.95,100.84033613445379,95.798319327731093,0,0,95.798319327731093,0.19,18.201680672268907,114,{"$f":"IF(CTS_Source[[#This Row],[Montant Payé]]>0,CTS_Source[[#This Row],[Montant TTC]]-CTS_Source[[#This Row],[Montant Payé]],\"\")","v":""},null,120,null,null,377]
["P",11,"2021-01-11",null,"01-121","CLIENT",null,null,"1","Tarif COMPTOIR",null,null,null,221.84873949579836,0,null,221.84873949579836,0.19,42.151260504201687,264.00000000000006,{"$f":"IF(CTS_Source[[#This Row],[Montant Payé]]>0,CTS_Source[[#This Row],[Montant TTC]]-CTS_Source[[#This Row],[Montant Payé]],\"\")","v":0},264.00000000000006,null,0,"01",378]
[null,null,null,"01-121",null,null,"1-PRS",1,"PP","Traçage Noir & Blanc / Papier ","ML",1.1000000000000001,201.68067226890759,221.84873949579836,0,0,221.84873949579836,0.19,42.151260504201687,264.00000000000006,{"$f":"IF(CTS_Source[[#This Row],[Montant Payé]]>0,CTS_Source[[#This Row],[Montant TTC]]-CTS_Source[[#This Row],[Montant Payé]],\"\")","v":""},null,240,null,null,379]
["C",11,"2021-01-11",null,"01-122","NOSOCLEAN",null,null,"2","Tarif CONVENTION",null,null,null,2826,0,null,2826,0.19,536.93999999999983,3362.9399999999996,{"$f":"IF(CTS_Source[[#This Row],[Montant Payé]]>0,CTS_Source[[#This Row],[Montant TTC]]-CTS_Source[[#This Row],[Montant Payé]],\"\")","v":0},3362.9399999999996,null,"Facture 21.01-003","01",380]
[null,null,null,"01-122",null,null,"1-PRS",1,"C4","Copie Noir & Blanc A4-R /  Papier","U",388,7,2716,0,0,2716,0.19,516.04,3232.04,{"$f":"IF(CTS_Source[[#This Row],[Montant Payé]]>0,CTS_Source[[#This Row],[Montant TTC]]-CTS_Source[[#This Row],[Montant Payé]],\"\")","v":""},null,8.33,null,null,381]
[null,null,null,"01-122",null,null,"2-BUR",2,"4-CB4","Couverture A4 bristol (feuille)","U",2,10,20,0,0,20,0.19,3.8,23.8,{"$f":"IF(CTS_Source[[#This Row],[Montant Payé]]>0,CTS_Source[[#This Row],[Montant TTC]]-CTS_Source[[#This Row],[Montant Payé]],\"\")","v":""},null,11.899999999999999,null,null,382]
[null,null,null,"01-122",null,null,"2-BUR",3,"4-TN4","Transparent A4 neutre (feuille)","U",2,10,20,0,0,20,0.19,3.8,23.8,{"$f":"IF(CTS_Source[[#This Row],[Montant Payé]]>0,CTS_Source[[#This Row],[Montant TTC]]-CTS_Source[[#This Row],[Montant Payé]],\"\")","v":""},null,11.899999999999999,null,null,383]
[null,null,null,"01-122",null,null,"0-PRS",4,"R4B1","Reliure  A4 Baguette n° 03 à 08 + Transp. + Bristol","U",1,70,70,0,0,70,0.19,13.3,83.3,{"$f":"IF(CTS_Source[[#This Row],[Montant Payé]]>0,CTS_Source[[#This Row],[Montant TTC]]-CTS_Source[[#This Row],[Montant Payé]],\"\")","v":""},null,83.3,null,null,384]
["P",11,"2021-01-11",null,"01-123","CLIENT",null,null,"1","Tarif COMPTOIR",null,null,null,16.806722689075631,0,null,16.806722689075631,0.19,3.1932773109243699,20,{"$f":"IF(CTS_Source[[#This Row],[Montant Payé]]>0,CTS_Source[[#This Row],[Montant TTC]]-CTS_Source[[#This Row],[Montant Payé]],\"\")","v":0},20,null,0,"01",385]
[null,null,null,"01-123",null,null,"1-PRS",1,"C3","Copie Noir & Blanc A3-R /  Papier ","U",1,16.806722689075631,16.806722689075631,0,0,16.806722689075631,0.19,3.1932773109243699,20,{"$f":"IF(CTS_Source[[#This Row],[Montant Payé]]>0,CTS_Source[[#This Row],[Montant TTC]]-CTS_Source[[#This Row],[Montant Payé]],\"\")","v":""},null,20,null,null,386]
["P",11,"2021-01-11",null,"01-124","CLIENT",null,null,"1","Tarif COMPTOIR",null,null,null,7344.5378151260511,0,null,7344.5378151260511,0.19,1395.4621848739496,8740,{"$f":"IF(CTS_Source[[#This Row],[Montant Payé]]>0,CTS_Source[[#This Row],[Montant TTC]]-CTS_Source[[#This Row],[Montant Payé]],\"\")","v":0},8740,null,0,"01",387]
[null,null,null,"01-124",null,null,"0-PRS",1,"R3B1","Reliure  A3 Baguette n° 03 à 08 + Transp. + Bristol","U",6,126.05042016806723,756.30252100840335,0,0,756.30252100840335,0.19,143.69747899159663,900,{"$f":"IF(CTS_Source[[#This Row],[Montant Payé]]>0,CTS_Source[[#This Row],[Montant TTC]]-CTS_Source[[#This Row],[Montant Payé]],\"\")","v":""},null,150,null,null,388]
[null,null,null,"01-124",null,null,"1-PRS",2,"C30","Copie Couleur A3-R /  Papier (aucun aplat)","U",34,67.226890756302524,2285.7142857142858,0,0,2285.7142857142858,0.19,434.28571428571428,2720,{"$f":"IF(CTS_Source[[#This Row],[Montant Payé]]>0,CTS_Source[[#This Row],[Montant TTC]]-CTS_Source[[#This Row],[Montant Payé]],\"\")","v":""},null,80,null,null,389]
[null,null,null,"01-124",null,null,"1-PRS",3,"I30","Impression Couleur A3-R /  Papier (aucun aplat)","U",17,100.84033613445379,1714.2857142857144,0,0,1714.2857142857144,0.19,325.71428571428572,2040.0000000000002,{"$f":"IF(CTS_Source[[#This Row],[Montant Payé]]>0,CTS_Source[[#This Row],[Montant TTC]]-CTS_Source[[#This Row],[Montant Payé]],\"\")","v":""},null,120,null,null,390]
[null,null,null,"01-124",null,null,"1-PRS",4,"C3","Copie Noir & Blanc A3-R /  Papier ","U",12,16.806722689075631,201.68067226890759,0,0,201.68067226890759,0.19,38.319327731092443,240.00000000000003,{"$f":"IF(CTS_Source[[#This Row],[Montant Payé]]>0,CTS_Source[[#This Row],[Montant TTC]]-CTS_Source[[#This Row],[Montant Payé]],\"\")","v":""},null,20,null,null,391]
[null,null,null,"01-124",null,null,"1-PRS",5,"I3","Impression Noir & Blanc A3-R /  Papier","U",6,33.613445378151262,201.68067226890759,0,0,201.68067226890759,0.19,38.319327731092443,240.00000000000003,{"$f":"IF(CTS_Source[[#This Row],[Montant Payé]]>0,CTS_Source[[#This Row],[Montant TTC]]-CTS_Source[[#This Row],[Montant Payé]],\"\")","v":""},null,40,null,null,392]
[null,null,null,"01-124",null,null,"0-PRS",6,"I32","Impression Couleur A3-R /  Papier (tout aplat)","U",5,168.0672268907563,840.33613445378148,0,0,840.33613445378148,0.19,159.66386554621849,1000,{"$f":"IF(CTS_Source[[#This Row],[Montant Payé]]>0,CTS_Source[[#This Row],[Montant TTC]]-CTS_Source[[#This Row],[Montant Payé]],\"\")","v":""},null,200,null,null,393]
[null,null,null,"01-124",null,null,"0-PRS",7,"C32","Copie Couleur A3-R /  Papier (tout aplat)","U",10,134.45378151260505,1344.5378151260504,0,0,1344.5378151260504,0.19,255.46218487394958,1600,{"$f":"IF(CTS_Source[[#This Row],[Montant Payé]]>0,CTS_Source[[#This Row],[Montant TTC]]-CTS_Source[[#This Row],[Montant Payé]],\"\")","v":""},null,160,null,null,394]
["P",11,"2021-01-11",null,"01-125","CLIENT",null,null,"1","Tarif COMPTOIR",null,null,null,100.84033613445379,0,null,100.84033613445379,0.19,19.159663865546221,120.00000000000001,{"$f":"IF(CTS_Source[[#This Row],[Montant Payé]]>0,CTS_Source[[#This Row],[Montant TTC]]-CTS_Source[[#This Row],[Montant Payé]],\"\")","v":0},120.00000000000001,null,0,"01",395]
[null,null,null,"01-125",null,null,"1-PRS",1,"TP","Tirage Noir & Blanc / Papier","ML",1,100.84033613445379,100.84033613445379,0,0,100.84033613445379,0.19,19.159663865546221,120.00000000000001,{"$f":"IF(CTS_Source[[#This Row],[Montant Payé]]>0,CTS_Source[[#This Row],[Montant TTC]]-CTS_Source[[#This Row],[Montant Payé]],\"\")","v":""},null,120,null,null,396]
["P",11,"2021-01-11",null,"01-126","CLIENT",null,null,"1","Tarif COMPTOIR",null,null,null,453.78151260504211,0,null,453.78151260504211,0.19,86.218487394958004,540.00000000000011,{"$f":"IF(CTS_Source[[#This Row],[Montant Payé]]>0,CTS_Source[[#This Row],[Montant TTC]]-CTS_Source[[#This Row],[Montant Payé]],\"\")","v":0},540.00000000000011,null,0,"01",397]
[null,null,null,"01-126",null,null,"1-PRS",1,"PP","Traçage Noir & Blanc / Papier ","ML",1.5,201.68067226890759,302.52100840336141,0,0,302.52100840336141,0.19,57.478991596638664,360.00000000000006,{"$f":"IF(CTS_Source[[#This Row],[Montant Payé]]>0,CTS_Source[[#This Row],[Montant TTC]]-CTS_Source[[#This Row],[Montant Payé]],\"\")","v":""},null,240,null,null,398]
[null,null,null,"01-126",null,null,"1-PRS",2,"TP","Tirage Noir & Blanc / Papier","ML",1.5,100.84033613445379,151.2605042016807,0,0,151.2605042016807,0.19,28.739495798319332,180.00000000000003,{"$f":"IF(CTS_Source[[#This Row],[Montant Payé]]>0,CTS_Source[[#This Row],[Montant TTC]]-CTS_Source[[#This Row],[Montant Payé]],\"\")","v":""},null,120,null,null,399]
["P",11,"2021-01-11",null,"01-127","CLIENT",null,null,"1","Tarif COMPTOIR",null,null,null,1482.3529411764707,0,null,1482.3529411764707,0.19,281.64705882352939,1764,{"$f":"IF(CTS_Source[[#This Row],[Montant Payé]]>0,CTS_Source[[#This Row],[Montant TTC]]-CTS_Source[[#This Row],[Montant Payé]],\"\")","v":0},1764,null,0,"01",400]
[null,null,null,"01-127",null,null,"0-PRS",1,"PP1","Traçage Couleur / Papier (avec aplats)","ML",0.6,957.98319327731099,574.78991596638662,0,0,574.78991596638662,0.19,109.21008403361346,684.00000000000011,{"$f":"IF(CTS_Source[[#This Row],[Montant Payé]]>0,CTS_Source[[#This Row],[Montant TTC]]-CTS_Source[[#This Row],[Montant Payé]],\"\")","v":""},null,1140,null,null,401]
[null,null,null,"01-127",null,null,"0-PRS",2,"TP1","Tirage Couleur / Papier (avec aplats)","ML",1.2,756.30252100840335,907.56302521008399,0,0,907.56302521008399,0.19,172.43697478991595,1080,{"$f":"IF(CTS_Source[[#This Row],[Montant Payé]]>0,CTS_Source[[#This Row],[Montant TTC]]-CTS_Source[[#This Row],[Montant Payé]],\"\")","v":""},null,900,null,null,402]
["P",11,"2021-01-11",null,"01-128","CLIENT",null,null,"1","Tarif COMPTOIR",null,null,null,403.36134453781517,0,null,403.36134453781517,0.19,76.638655462184886,480.00000000000006,{"$f":"IF(CTS_Source[[#This Row],[Montant Payé]]>0,CTS_Source[[#This Row],[Montant TTC]]-CTS_Source[[#This Row],[Montant Payé]],\"\")","v":0},480.00000000000006,null,0,"01",403]
[null,null,null,"01-128",null,null,"2-BUR",1,"5-SCS","Sous chemise simple","U",2,12.605042016806724,25.210084033613448,0,0,25.210084033613448,0.19,4.7899159663865554,30.000000000000004,{"$f":"IF(CTS_Source[[#This Row],[Montant Payé]]>0,CTS_Source[[#This Row],[Montant TTC]]-CTS_Source[[#This Row],[Montant Payé]],\"\")","v":""},null,15,null,null,404]
[null,null,null,"01-128",null,null,"0-PRS",2,"AGP","Agrafage document (agrafes PM) - de 20 f","U",8,8.4033613445378155,67.226890756302524,0,0,67.226890756302524,0.19,12.77310924369748,80,{"$f":"IF(CTS_Source[[#This Row],[Montant Payé]]>0,CTS_Source[[#This Row],[Montant TTC]]-CTS_Source[[#This Row],[Montant Payé]],\"\")","v":""},null,10,null,null,405]
[null,null,null,"01-128",null,null,"1-PRS",3,"C4","Copie Noir & Blanc A4-R /  Papier","U",35,8.4033613445378155,294.11764705882354,0,0,294.11764705882354,0.19,55.882352941176471,350,{"$f":"IF(CTS_Source[[#This Row],[Montant Payé]]>0,CTS_Source[[#This Row],[Montant TTC]]-CTS_Source[[#This Row],[Montant Payé]],\"\")","v":""},null,10,null,null,406]
[null,null,null,"01-128",null,null,"0-PRS",4,"C4S","Copie Noir & Blanc A4-R /  Papier / Spéciale","U",1,16.806722689075631,16.806722689075631,0,0,16.806722689075631,0.19,3.1932773109243699,20,{"$f":"IF(CTS_Source[[#This Row],[Montant Payé]]>0,CTS_Source[[#This Row],[Montant TTC]]-CTS_Source[[#This Row],[Montant Payé]],\"\")","v":""},null,20,null,null,407]
["P",11,"2021-01-11",null,"01-129","CLIENT",null,null,"1","Tarif COMPTOIR",null,null,null,67.226890756302524,0,null,67.226890756302524,0.19,12.77310924369748,80,{"$f":"IF(CTS_Source[[#This Row],[Montant Payé]]>0,CTS_Source[[#This Row],[Montant TTC]]-CTS_Source[[#This Row],[Montant Payé]],\"\")","v":0},80,null,0,"01",408]
[null,null,null,"01-129",null,null,"1-PRS",1,"C4","Copie Noir & Blanc A4-R /  Papier","U",7,8.4033613445378155,58.82352941176471,0,0,58.82352941176471,0.19,11.176470588235295,70,{"$f":"IF(CTS_Source[[#This Row],[Montant Payé]]>0,CTS_Source[[#This Row],[Montant TTC]]-CTS_Source[[#This Row],[Montant Payé]],\"\")","v":""},null,10,null,null,409]
[null,null,null,"01-129",null,null,"0-PRS",2,"AGP","Agrafage document (agrafes PM) - de 20 f","U",1,8.4033613445378155,8.4033613445378155,0,0,8.4033613445378155,0.19,1.596638655462185,10,{"$f":"IF(CTS_Source[[#This Row],[Montant Payé]]>0,CTS_Source[[#This Row],[Montant TTC]]-CTS_Source[[#This Row],[Montant Payé]],\"\")","v":""},null,10,null,null,410]
["P",11,"2021-01-11",null,"01-130","CLIENT",null,null,"1","Tarif COMPTOIR",null,null,null,490.75630252100848,0,null,490.75630252100848,0.19,93.243697478991621,584.00000000000011,{"$f":"IF(CTS_Source[[#This Row],[Montant Payé]]>0,CTS_Source[[#This Row],[Montant TTC]]-CTS_Source[[#This Row],[Montant Payé]],\"\")","v":0},584.00000000000011,null,0,"01",411]
[null,null,null,"01-130",null,null,"1-PRS",1,"TP","Tirage Noir & Blanc / Papier","ML",4.2,100.84033613445379,423.52941176470597,0,0,423.52941176470597,0.19,80.47058823529413,504.00000000000011,{"$f":"IF(CTS_Source[[#This Row],[Montant Payé]]>0,CTS_Source[[#This Row],[Montant TTC]]-CTS_Source[[#This Row],[Montant Payé]],\"\")","v":""},null,120,null,null,412]
[null,null,null,"01-130",null,null,"0-PRS",2,"AGP","Agrafage document (agrafes PM) - de 20 f","U",4,8.4033613445378155,33.613445378151262,0,0,33.613445378151262,0.19,6.3865546218487399,40,{"$f":"IF(CTS_Source[[#This Row],[Montant Payé]]>0,CTS_Source[[#This Row],[Montant TTC]]-CTS_Source[[#This Row],[Montant Payé]],\"\")","v":""},null,10,null,null,413]
[null,null,null,"01-130",null,null,"1-PRS",3,"C4","Copie Noir & Blanc A4-R /  Papier","U",4,8.4033613445378155,33.613445378151262,0,0,33.613445378151262,0.19,6.3865546218487399,40,{"$f":"IF(CTS_Source[[#This Row],[Montant Payé]]>0,CTS_Source[[#This Row],[Montant TTC]]-CTS_Source[[#This Row],[Montant Payé]],\"\")","v":""},null,10,null,null,414]
["P",11,"2021-01-11",null,"01-131","CLIENT",null,null,"1","Tarif COMPTOIR",null,null,null,806.72268907563034,0,null,806.72268907563034,0.19,153.27731092436977,960.00000000000011,{"$f":"IF(CTS_Source[[#This Row],[Montant Payé]]>0,CTS_Source[[#This Row],[Montant TTC]]-CTS_Source[[#This Row],[Montant Payé]],\"\")","v":0},960.00000000000011,null,0,"01",415]
[null,null,null,"01-131",null,null,"1-PRS",1,"PP","Traçage Noir & Blanc / Papier ","ML",4,201.68067226890759,806.72268907563034,0,0,806.72268907563034,0.19,153.27731092436977,960.00000000000011,{"$f":"IF(CTS_Source[[#This Row],[Montant Payé]]>0,CTS_Source[[#This Row],[Montant TTC]]-CTS_Source[[#This Row],[Montant Payé]],\"\")","v":""},null,240,null,null,416]
["P",11,"2021-01-11",null,"01-132","CLIENT",null,null,"1","Tarif COMPTOIR",null,null,null,1442.0168067226894,0,null,1442.0168067226894,0.19,273.98319327731099,1716.0000000000005,{"$f":"IF(CTS_Source[[#This Row],[Montant Payé]]>0,CTS_Source[[#This Row],[Montant TTC]]-CTS_Source[[#This Row],[Montant Payé]],\"\")","v":0},1716.0000000000005,null,0,"01",417]
[null,null,null,"01-132",null,null,"1-PRS",1,"PP","Traçage Noir & Blanc / Papier ","ML",7.15,201.68067226890759,1442.0168067226894,0,0,1442.0168067226894,0.19,273.98319327731099,1716.0000000000005,{"$f":"IF(CTS_Source[[#This Row],[Montant Payé]]>0,CTS_Source[[#This Row],[Montant TTC]]-CTS_Source[[#This Row],[Montant Payé]],\"\")","v":""},null,240,null,null,418]
["P",11,"2021-01-11",null,"01-133","CLIENT",null,null,"1","Tarif COMPTOIR",null,null,null,126.05042016806723,0,null,126.05042016806723,0.19,23.949579831932777,150,{"$f":"IF(CTS_Source[[#This Row],[Montant Payé]]>0,CTS_Source[[#This Row],[Montant TTC]]-CTS_Source[[#This Row],[Montant Payé]],\"\")","v":0},150,null,0,"01",419]
[null,null,null,"01-133",null,null,"0-PRS",1,"N40","Numérisation Couleur A4 à plat","U",2,33.613445378151262,67.226890756302524,0,0,67.226890756302524,0.19,12.77310924369748,80,{"$f":"IF(CTS_Source[[#This Row],[Montant Payé]]>0,CTS_Source[[#This Row],[Montant TTC]]-CTS_Source[[#This Row],[Montant Payé]],\"\")","v":""},null,40,null,null,420]
[null,null,null,"01-133",null,null,"1-PRS",2,"I4","Impression Noir & Blanc A4-R /  Papier","U",3,16.806722689075631,50.420168067226896,0,0,50.420168067226896,0.19,9.5798319327731107,60.000000000000007,{"$f":"IF(CTS_Source[[#This Row],[Montant Payé]]>0,CTS_Source[[#This Row],[Montant TTC]]-CTS_Source[[#This Row],[Montant Payé]],\"\")","v":""},null,20,null,null,421]
[null,null,null,"01-133",null,null,"1-PRS",3,"C4","Copie Noir & Blanc A4-R /  Papier","U",1,8.4033613445378155,8.4033613445378155,0,0,8.4033613445378155,0.19,1.596638655462185,10,{"$f":"IF(CTS_Source[[#This Row],[Montant Payé]]>0,CTS_Source[[#This Row],[Montant TTC]]-CTS_Source[[#This Row],[Montant Payé]],\"\")","v":""},null,10,null,null,422]
["F",11,"2021-01-11",null,"01-134","BEA",null,null,"1","Tarif COMPTOIR",null,null,null,134.45378151260505,0,null,134.45378151260505,0.19,25.54621848739496,160,{"$f":"IF(CTS_Source[[#This Row],[Montant Payé]]>0,CTS_Source[[#This Row],[Montant TTC]]-CTS_Source[[#This Row],[Montant Payé]],\"\")","v":10},150,null,"F 21.02-03","01",423]
[null,null,null,"01-134",null,null,"1-PRS",null,"C4","Copie Noir & Blanc A4-R /  Papier","U",3330,8.4,67.226890756302524,0,0,67.226890756302524,0.19,12.77310924369748,80,{"$f":"IF(CTS_Source[[#This Row],[Montant Payé]]>0,CTS_Source[[#This Row],[Montant TTC]]-CTS_Source[[#This Row],[Montant Payé]],\"\")","v":""},null,null,null,null,424]
[null,null,null,"01-134",null,null,"0-PRS",null,"R4S3","Reliure  A4 Spirale n° 32 à 51 + Transp. + Bristol","U",10,210.08,67.226890756302524,0,0,67.226890756302524,0.19,12.77310924369748,80,{"$f":"IF(CTS_Source[[#This Row],[Montant Payé]]>0,CTS_Source[[#This Row],[Montant TTC]]-CTS_Source[[#This Row],[Montant Payé]],\"\")","v":""},null,{"$error":"#REF!"},null,null,425]
["P",11,"2021-01-11",null,"01-135","CLIENT",null,null,"1","Tarif COMPTOIR",null,null,null,1957.9831932773111,0,null,1957.9831932773111,0.19,372.01680672268913,2330,{"$f":"IF(CTS_Source[[#This Row],[Montant Payé]]>0,CTS_Source[[#This Row],[Montant TTC]]-CTS_Source[[#This Row],[Montant Payé]],\"\")","v":0},2330,null,0,"01",426]
[null,null,null,"01-135",null,null,"2-BUR",1,"2-SFS4","Surligneurs Fluo Schneider / 4u","U",1,344.53781512605042,344.53781512605042,0,0,344.53781512605042,0.19,65.462184873949582,410,{"$f":"IF(CTS_Source[[#This Row],[Montant Payé]]>0,CTS_Source[[#This Row],[Montant TTC]]-CTS_Source[[#This Row],[Montant Payé]],\"\")","v":""},null,410,null,null,427]
[null,null,null,"01-135",null,null,"1-PRS",2,"I3","Impression Noir & Blanc A3-R /  Papier","U",48,33.613445378151262,1613.4453781512607,0,0,1613.4453781512607,0.19,306.55462184873954,1920.0000000000002,{"$f":"IF(CTS_Source[[#This Row],[Montant Payé]]>0,CTS_Source[[#This Row],[Montant TTC]]-CTS_Source[[#This Row],[Montant Payé]],\"\")","v":""},null,40,null,null,428]
["P",11,"2021-01-11",null,"01-136","CLIENT",null,null,"1","Tarif COMPTOIR",null,null,null,672.26890756302521,0,null,672.26890756302521,0.19,127.73109243697479,800,{"$f":"IF(CTS_Source[[#This Row],[Montant Payé]]>0,CTS_Source[[#This Row],[Montant TTC]]-CTS_Source[[#This Row],[Montant Payé]],\"\")","v":0},800,null,0,"01",429]
[null,null,null,"01-136",null,null,"0-PRS",1,"N40","Numérisation Couleur A4 à plat","U",20,33.613445378151262,672.26890756302521,0,0,672.26890756302521,0.19,127.73109243697479,800,{"$f":"IF(CTS_Source[[#This Row],[Montant Payé]]>0,CTS_Source[[#This Row],[Montant TTC]]-CTS_Source[[#This Row],[Montant Payé]],\"\")","v":""},null,40,null,null,430]
["P",13,"2021-01-13",null,"01-137","CLIENT",null,null,"1","Tarif COMPTOIR",null,null,null,42.016806722689076,0,null,42.016806722689076,0.19,7.9831932773109244,50,{"$f":"IF(CTS_Source[[#This Row],[Montant Payé]]>0,CTS_Source[[#This Row],[Montant TTC]]-CTS_Source[[#This Row],[Montant Payé]],\"\")","v":0},50,null,0,"01",431]
[null,null,null,"01-137",null,null,"2-BUR",1,"6-EB52219","Enveloppe blanche 260 x 360 (n° 52219) H","U",1,21.008403361344538,21.008403361344538,0,0,21.008403361344538,0.19,3.9915966386554622,25,{"$f":"IF(CTS_Source[[#This Row],[Montant Payé]]>0,CTS_Source[[#This Row],[Montant TTC]]-CTS_Source[[#This Row],[Montant Payé]],\"\")","v":""},null,25,null,null,432]
[null,null,null,"01-137",null,null,"1-PRS",2,"C4","Copie Noir & Blanc A4-R /  Papier","U",1,6.7226890756302522,6.7226890756302522,0,0,6.7226890756302522,0.19,1.277310924369748,8,{"$f":"IF(CTS_Source[[#This Row],[Montant Payé]]>0,CTS_Source[[#This Row],[Montant TTC]]-CTS_Source[[#This Row],[Montant Payé]],\"\")","v":""},null,8,null,null,433]
[null,null,null,"01-137",null,null,"1-PRS",3,"I4","Impression Noir & Blanc A4-R /  Papier","U",1,14.285714285714286,14.285714285714286,0,0,14.285714285714286,0.19,2.7142857142857144,17,{"$f":"IF(CTS_Source[[#This Row],[Montant Payé]]>0,CTS_Source[[#This Row],[Montant TTC]]-CTS_Source[[#This Row],[Montant Payé]],\"\")","v":""},null,17,null,null,434]
["P",13,"2021-01-13",null,"01-138","CLIENT",null,null,"1","Tarif COMPTOIR",null,null,null,92.436974789915979,0,null,92.436974789915979,0.19,17.563025210084035,110.00000000000001,{"$f":"IF(CTS_Source[[#This Row],[Montant Payé]]>0,CTS_Source[[#This Row],[Montant TTC]]-CTS_Source[[#This Row],[Montant Payé]],\"\")","v":0},110.00000000000001,null,0,"01",435]
[null,null,null,"01-138",null,null,"0-PRS",1,"AGP","Agrafage document (agrafes PM) - de 20 f","U",4,8.4033613445378155,33.613445378151262,0,0,33.613445378151262,0.19,6.3865546218487399,40,{"$f":"IF(CTS_Source[[#This Row],[Montant Payé]]>0,CTS_Source[[#This Row],[Montant TTC]]-CTS_Source[[#This Row],[Montant Payé]],\"\")","v":""},null,10,null,null,436]
[null,null,null,"01-138",null,null,"1-PRS",2,"C4","Copie Noir & Blanc A4-R /  Papier","U",7,8.4033613445378155,58.82352941176471,0,0,58.82352941176471,0.19,11.176470588235295,70,{"$f":"IF(CTS_Source[[#This Row],[Montant Payé]]>0,CTS_Source[[#This Row],[Montant TTC]]-CTS_Source[[#This Row],[Montant Payé]],\"\")","v":""},null,10,null,null,437]
["P",13,"2021-01-13",null,"01-139","CLIENT",null,null,"1","Tarif COMPTOIR",null,null,null,2049.705882352941,0,null,2049.705882352941,0.19,389.44411764705882,2439.1499999999996,{"$f":"IF(CTS_Source[[#This Row],[Montant Payé]]>0,CTS_Source[[#This Row],[Montant TTC]]-CTS_Source[[#This Row],[Montant Payé]],\"\")","v":0},2439.1499999999996,null,0,"01",438]
[null,null,null,"01-139",null,null,"1-PRS",1,"TP","Tirage Noir & Blanc / Papier","ML",24.15,84.87394957983193,2049.705882352941,0,0,2049.705882352941,0.19,389.44411764705882,2439.1499999999996,{"$f":"IF(CTS_Source[[#This Row],[Montant Payé]]>0,CTS_Source[[#This Row],[Montant TTC]]-CTS_Source[[#This Row],[Montant Payé]],\"\")","v":""},null,101,null,null,439]
["P",13,"2021-01-13",null,"01-140","CLIENT",null,null,"1","Tarif COMPTOIR",null,null,null,16.806722689075631,0,null,16.806722689075631,0.19,3.1932773109243699,20,{"$f":"IF(CTS_Source[[#This Row],[Montant Payé]]>0,CTS_Source[[#This Row],[Montant TTC]]-CTS_Source[[#This Row],[Montant Payé]],\"\")","v":0},20,null,0,"01",440]
[null,null,null,"01-140",null,null,"1-PRS",1,"I4","Impression Noir & Blanc A4-R /  Papier","U",1,16.806722689075631,16.806722689075631,0,0,16.806722689075631,0.19,3.1932773109243699,20,{"$f":"IF(CTS_Source[[#This Row],[Montant Payé]]>0,CTS_Source[[#This Row],[Montant TTC]]-CTS_Source[[#This Row],[Montant Payé]],\"\")","v":""},null,20,null,null,441]
["P",13,"2021-01-13",null,"01-141","CLIENT",null,null,"1","Tarif COMPTOIR",null,null,null,502.52100840336141,0,null,502.52100840336141,0.19,95.478991596638664,598.00000000000011,{"$f":"IF(CTS_Source[[#This Row],[Montant Payé]]>0,CTS_Source[[#This Row],[Montant TTC]]-CTS_Source[[#This Row],[Montant Payé]],\"\")","v":0},598.00000000000011,null,0,"01",442]
[null,null,null,"01-141",null,null,"1-PRS",1,"I3","Impression Noir & Blanc A3-R /  Papier","U",1,33.613445378151262,33.613445378151262,0,0,33.613445378151262,0.19,6.3865546218487399,40,{"$f":"IF(CTS_Source[[#This Row],[Montant Payé]]>0,CTS_Source[[#This Row],[Montant TTC]]-CTS_Source[[#This Row],[Montant Payé]],\"\")","v":""},null,40,null,null,443]
[null,null,null,"01-141",null,null,"1-PRS",2,"I40","Impression Couleur A4-R /  Papier (aucun aplat)","U",1,50.420168067226896,50.420168067226896,0,0,50.420168067226896,0.19,9.5798319327731107,60.000000000000007,{"$f":"IF(CTS_Source[[#This Row],[Montant Payé]]>0,CTS_Source[[#This Row],[Montant TTC]]-CTS_Source[[#This Row],[Montant Payé]],\"\")","v":""},null,60,null,null,444]
[null,null,null,"01-141",null,null,"1-PRS",3,"C4","Copie Noir & Blanc A4-R /  Papier","U",1,8.4033613445378155,8.4033613445378155,0,0,8.4033613445378155,0.19,1.596638655462185,10,{"$f":"IF(CTS_Source[[#This Row],[Montant Payé]]>0,CTS_Source[[#This Row],[Montant TTC]]-CTS_Source[[#This Row],[Montant Payé]],\"\")","v":""},null,10,null,null,445]
[null,null,null,"01-141",null,null,"1-PRS",4,"I4","Impression Noir & Blanc A4-R /  Papier","U",1,16.806722689075631,16.806722689075631,0,0,16.806722689075631,0.19,3.1932773109243699,20,{"$f":"IF(CTS_Source[[#This Row],[Montant Payé]]>0,CTS_Source[[#This Row],[Montant TTC]]-CTS_Source[[#This Row],[Montant Payé]],\"\")","v":""},null,20,null,null,446]
[null,null,null,"01-141",null,null,"1-PRS",5,"TP0","Tirage Couleur / Papier (aucun aplat) ","ML",0.65,504.20168067226894,327.73109243697479,0,0,327.73109243697479,0.19,62.268907563025209,390,{"$f":"IF(CTS_Source[[#This Row],[Montant Payé]]>0,CTS_Source[[#This Row],[Montant TTC]]-CTS_Source[[#This Row],[Montant Payé]],\"\")","v":""},null,600,null,null,447]
[null,null,null,"01-141",null,null,"1-PRS",6,"TP","Tirage Noir & Blanc / Papier","ML",0.65,100.84033613445379,65.546218487394967,0,0,65.546218487394967,0.19,12.453781512605044,78.000000000000014,{"$f":"IF(CTS_Source[[#This Row],[Montant Payé]]>0,CTS_Source[[#This Row],[Montant TTC]]-CTS_Source[[#This Row],[Montant Payé]],\"\")","v":""},null,120,null,null,448]
["P",13,"2021-01-13",null,"01-142","CLIENT",null,null,"1","Tarif COMPTOIR",null,null,null,50.420168067226896,0,null,50.420168067226896,0.19,9.5798319327731107,60.000000000000007,{"$f":"IF(CTS_Source[[#This Row],[Montant Payé]]>0,CTS_Source[[#This Row],[Montant TTC]]-CTS_Source[[#This Row],[Montant Payé]],\"\")","v":0},60.000000000000007,null,0,"01",449]
[null,null,null,"01-142",null,null,"1-PRS",1,"I4","Impression Noir & Blanc A4-R /  Papier","U",1,16.806722689075631,16.806722689075631,0,0,16.806722689075631,0.19,3.1932773109243699,20,{"$f":"IF(CTS_Source[[#This Row],[Montant Payé]]>0,CTS_Source[[#This Row],[Montant TTC]]-CTS_Source[[#This Row],[Montant Payé]],\"\")","v":""},null,20,null,null,450]
[null,null,null,"01-142",null,null,"1-PRS",2,"I8","Impression Noir & Blanc A4-RV /  Papier","U",1,33.613445378151262,33.613445378151262,0,0,33.613445378151262,0.19,6.3865546218487399,40,{"$f":"IF(CTS_Source[[#This Row],[Montant Payé]]>0,CTS_Source[[#This Row],[Montant TTC]]-CTS_Source[[#This Row],[Montant Payé]],\"\")","v":""},null,40,null,null,451]
["P",13,"2021-01-13",null,"01-143","CLIENT",null,null,"1","Tarif COMPTOIR",null,null,null,1289.0756302521008,0,null,1289.0756302521008,0.19,244.92436974789916,1534,{"$f":"IF(CTS_Source[[#This Row],[Montant Payé]]>0,CTS_Source[[#This Row],[Montant TTC]]-CTS_Source[[#This Row],[Montant Payé]],\"\")","v":0},1534,null,0,"01",452]
[null,null,null,"01-143",null,null,"1-PRS",1,"C40","Copie Couleur A4-R /  Papier (aucun aplat)","U",4,28.571428571428573,114.28571428571429,0,0,114.28571428571429,0.19,21.714285714285715,136,{"$f":"IF(CTS_Source[[#This Row],[Montant Payé]]>0,CTS_Source[[#This Row],[Montant TTC]]-CTS_Source[[#This Row],[Montant Payé]],\"\")","v":""},null,34,null,null,453]
[null,null,null,"01-143",null,null,"1-PRS",2,"C30","Copie Couleur A3-R /  Papier (aucun aplat)","U",2,56.302521008403367,112.60504201680673,0,0,112.60504201680673,0.19,21.394957983193279,134,{"$f":"IF(CTS_Source[[#This Row],[Montant Payé]]>0,CTS_Source[[#This Row],[Montant TTC]]-CTS_Source[[#This Row],[Montant Payé]],\"\")","v":""},null,67,null,null,454]
[null,null,null,"01-143",null,null,"0-PRS",3,"AGP","Agrafage document (agrafes PM) - de 20 f","U",19,6.7226890756302522,127.73109243697479,0,0,127.73109243697479,0.19,24.268907563025209,152,{"$f":"IF(CTS_Source[[#This Row],[Montant Payé]]>0,CTS_Source[[#This Row],[Montant TTC]]-CTS_Source[[#This Row],[Montant Payé]],\"\")","v":""},null,8,null,null,455]
[null,null,null,"01-143",null,null,"1-PRS",4,"C4","Copie Noir & Blanc A4-R /  Papier","U",139,6.7226890756302522,934.45378151260502,0,0,934.45378151260502,0.19,177.54621848739495,1112,{"$f":"IF(CTS_Source[[#This Row],[Montant Payé]]>0,CTS_Source[[#This Row],[Montant TTC]]-CTS_Source[[#This Row],[Montant Payé]],\"\")","v":""},null,8,null,null,456]
["P",13,"2021-01-13",null,"01-144","CLIENT",null,null,"1","Tarif COMPTOIR",null,null,null,54.621848739495803,0,null,54.621848739495803,0.19,10.378151260504202,65,{"$f":"IF(CTS_Source[[#This Row],[Montant Payé]]>0,CTS_Source[[#This Row],[Montant TTC]]-CTS_Source[[#This Row],[Montant Payé]],\"\")","v":0},65,null,0,"01",457]
[null,null,null,"01-144",null,null,"2-BUR",1,"6-EB50219","Enveloppe blanche 229 x 324 (n° 50219) H","U",1,21.008403361344538,21.008403361344538,0,0,21.008403361344538,0.19,3.9915966386554622,25,{"$f":"IF(CTS_Source[[#This Row],[Montant Payé]]>0,CTS_Source[[#This Row],[Montant TTC]]-CTS_Source[[#This Row],[Montant Payé]],\"\")","v":""},null,25,null,null,458]
[null,null,null,"01-144",null,null,"2-BUR",2,"6-EKR","Enveloppe kraft radio (n° 3745039) V","U",1,33.613445378151262,33.613445378151262,0,0,33.613445378151262,0.19,6.3865546218487399,40,{"$f":"IF(CTS_Source[[#This Row],[Montant Payé]]>0,CTS_Source[[#This Row],[Montant TTC]]-CTS_Source[[#This Row],[Montant Payé]],\"\")","v":""},null,40,null,null,459]
["P",13,"2021-01-13",null,"01-145","CLIENT",null,null,"1","Tarif COMPTOIR",null,null,null,336.1344537815126,0,null,336.1344537815126,0.19,63.865546218487395,400,{"$f":"IF(CTS_Source[[#This Row],[Montant Payé]]>0,CTS_Source[[#This Row],[Montant TTC]]-CTS_Source[[#This Row],[Montant Payé]],\"\")","v":0},400,null,0,"01",460]
[null,null,null,"01-145",null,null,"0-PRS",1,"C42","Copie Couleur A4-R /  Papier (tout aplat)","U",5,67.226890756302524,336.1344537815126,0,0,336.1344537815126,0.19,63.865546218487395,400,{"$f":"IF(CTS_Source[[#This Row],[Montant Payé]]>0,CTS_Source[[#This Row],[Montant TTC]]-CTS_Source[[#This Row],[Montant Payé]],\"\")","v":""},null,80,null,null,461]
["P",13,"2021-01-13",null,"01-146","CLIENT",null,null,"1","Tarif COMPTOIR",null,null,null,363.02521008403363,0,null,363.02521008403363,0.19,68.974789915966397,432,{"$f":"IF(CTS_Source[[#This Row],[Montant Payé]]>0,CTS_Source[[#This Row],[Montant TTC]]-CTS_Source[[#This Row],[Montant Payé]],\"\")","v":0},432,null,0,"01",462]
[null,null,null,"01-146",null,null,"1-PRS",1,"PP","Traçage Noir & Blanc / Papier ","ML",1.2,201.68067226890759,242.0168067226891,0,0,242.0168067226891,0.19,45.983193277310932,288,{"$f":"IF(CTS_Source[[#This Row],[Montant Payé]]>0,CTS_Source[[#This Row],[Montant TTC]]-CTS_Source[[#This Row],[Montant Payé]],\"\")","v":""},null,240,null,null,463]
[null,null,null,"01-146",null,null,"1-PRS",2,"TP","Tirage Noir & Blanc / Papier","ML",1.2,100.84033613445379,121.00840336134455,0,0,121.00840336134455,0.19,22.991596638655466,144,{"$f":"IF(CTS_Source[[#This Row],[Montant Payé]]>0,CTS_Source[[#This Row],[Montant TTC]]-CTS_Source[[#This Row],[Montant Payé]],\"\")","v":""},null,120,null,null,464]
["P",13,"2021-01-13",null,"01-147","CLIENT",null,null,"1","Tarif COMPTOIR",null,null,null,403.36134453781517,0,null,403.36134453781517,0.19,76.638655462184886,480.00000000000006,{"$f":"IF(CTS_Source[[#This Row],[Montant Payé]]>0,CTS_Source[[#This Row],[Montant TTC]]-CTS_Source[[#This Row],[Montant Payé]],\"\")","v":0},480.00000000000006,null,0,"01",465]
[null,null,null,"01-147",null,null,"1-PRS",1,"TP","Tirage Noir & Blanc / Papier","ML",4,100.84033613445379,403.36134453781517,0,0,403.36134453781517,0.19,76.638655462184886,480.00000000000006,{"$f":"IF(CTS_Source[[#This Row],[Montant Payé]]>0,CTS_Source[[#This Row],[Montant TTC]]-CTS_Source[[#This Row],[Montant Payé]],\"\")","v":""},null,120,null,null,466]
["P",13,"2021-01-13",null,"01-148","CLIENT",null,null,"1","Tarif COMPTOIR",null,null,null,134.45378151260505,0,null,134.45378151260505,0.19,25.54621848739496,160,{"$f":"IF(CTS_Source[[#This Row],[Montant Payé]]>0,CTS_Source[[#This Row],[Montant TTC]]-CTS_Source[[#This Row],[Montant Payé]],\"\")","v":0},160,null,0,"01",467]
[null,null,null,"01-148",null,null,"1-PRS",1,"C4","Copie Noir & Blanc A4-R /  Papier","U",13,8.4033613445378155,109.24369747899161,0,0,109.24369747899161,0.19,20.756302521008404,130,{"$f":"IF(CTS_Source[[#This Row],[Montant Payé]]>0,CTS_Source[[#This Row],[Montant TTC]]-CTS_Source[[#This Row],[Montant Payé]],\"\")","v":""},null,10,null,null,468]
[null,null,null,"01-148",null,null,"0-PRS",2,"AGP","Agrafage document (agrafes PM) - de 20 f","U",3,8.4033613445378155,25.210084033613448,0,0,25.210084033613448,0.19,4.7899159663865554,30.000000000000004,{"$f":"IF(CTS_Source[[#This Row],[Montant Payé]]>0,CTS_Source[[#This Row],[Montant TTC]]-CTS_Source[[#This Row],[Montant Payé]],\"\")","v":""},null,10,null,null,469]
["P",13,"2021-01-13",null,"01-149","CLIENT",null,null,"1","Tarif COMPTOIR",null,null,null,268.9075630252101,0,null,268.9075630252101,0.19,51.092436974789919,320,{"$f":"IF(CTS_Source[[#This Row],[Montant Payé]]>0,CTS_Source[[#This Row],[Montant TTC]]-CTS_Source[[#This Row],[Montant Payé]],\"\")","v":0},320,null,0,"01",470]
[null,null,null,"01-149",null,null,"0-PRS",1,"C4S","Copie Noir & Blanc A4-R /  Papier / Spéciale","U",4,16.806722689075631,67.226890756302524,0,0,67.226890756302524,0.19,12.77310924369748,80,{"$f":"IF(CTS_Source[[#This Row],[Montant Payé]]>0,CTS_Source[[#This Row],[Montant TTC]]-CTS_Source[[#This Row],[Montant Payé]],\"\")","v":""},null,20,null,null,471]
[null,null,null,"01-149",null,null,"1-PRS",2,"C4","Copie Noir & Blanc A4-R /  Papier","U",8,8.4033613445378155,67.226890756302524,0,0,67.226890756302524,0.19,12.77310924369748,80,{"$f":"IF(CTS_Source[[#This Row],[Montant Payé]]>0,CTS_Source[[#This Row],[Montant TTC]]-CTS_Source[[#This Row],[Montant Payé]],\"\")","v":""},null,10,null,null,472]
[null,null,null,"01-149",null,null,"0-PRS",3,"N40","Numérisation Couleur A4 à plat","U",4,33.613445378151262,134.45378151260505,0,0,134.45378151260505,0.19,25.54621848739496,160,{"$f":"IF(CTS_Source[[#This Row],[Montant Payé]]>0,CTS_Source[[#This Row],[Montant TTC]]-CTS_Source[[#This Row],[Montant Payé]],\"\")","v":""},null,40,null,null,473]
["P",13,"2021-01-13",null,"01-150","CLIENT",null,null,"1","Tarif COMPTOIR",null,null,null,230.25210084033614,0,null,230.25210084033614,0.19,43.747899159663866,274,{"$f":"IF(CTS_Source[[#This Row],[Montant Payé]]>0,CTS_Source[[#This Row],[Montant TTC]]-CTS_Source[[#This Row],[Montant Payé]],\"\")","v":0},274,null,0,"01",474]
[null,null,null,"01-150",null,null,"1-PRS",1,"C4","Copie Noir & Blanc A4-R /  Papier","U",26,6.7226890756302522,174.78991596638656,0,0,174.78991596638656,0.19,33.210084033613448,208,{"$f":"IF(CTS_Source[[#This Row],[Montant Payé]]>0,CTS_Source[[#This Row],[Montant TTC]]-CTS_Source[[#This Row],[Montant Payé]],\"\")","v":""},null,8,null,null,475]
[null,null,null,"01-150",null,null,"0-PRS",2,"N40","Numérisation Couleur A4 à plat","U",2,27.731092436974791,55.462184873949582,0,0,55.462184873949582,0.19,10.53781512605042,66,{"$f":"IF(CTS_Source[[#This Row],[Montant Payé]]>0,CTS_Source[[#This Row],[Montant TTC]]-CTS_Source[[#This Row],[Montant Payé]],\"\")","v":""},null,33,null,null,476]
["P",13,"2021-01-13",null,"01-151","CLIENT",null,null,"1","Tarif COMPTOIR",null,null,null,1815.1260504201682,0,null,1815.1260504201682,0.19,344.87394957983196,2160,{"$f":"IF(CTS_Source[[#This Row],[Montant Payé]]>0,CTS_Source[[#This Row],[Montant TTC]]-CTS_Source[[#This Row],[Montant Payé]],\"\")","v":0},2160,null,0,"01",477]
[null,null,null,"01-151",null,null,"1-PRS",1,"TP0","Tirage Couleur / Papier (aucun aplat) ","ML",3.6,504.20168067226894,1815.1260504201682,0,0,1815.1260504201682,0.19,344.87394957983196,2160,{"$f":"IF(CTS_Source[[#This Row],[Montant Payé]]>0,CTS_Source[[#This Row],[Montant TTC]]-CTS_Source[[#This Row],[Montant Payé]],\"\")","v":""},null,600,null,null,478]
["P",13,"2021-01-13",null,"01-152","CLIENT",null,null,"1","Tarif COMPTOIR",null,null,null,201.68067226890759,0,null,201.68067226890759,0.19,38.319327731092443,240.00000000000003,{"$f":"IF(CTS_Source[[#This Row],[Montant Payé]]>0,CTS_Source[[#This Row],[Montant TTC]]-CTS_Source[[#This Row],[Montant Payé]],\"\")","v":0},240.00000000000003,null,0,"01",479]
[null,null,null,"01-152",null,null,"1-PRS",1,"N4","Numérisation Noir & Blanc A4 à plat","U",4,16.806722689075631,67.226890756302524,0,0,67.226890756302524,0.19,12.77310924369748,80,{"$f":"IF(CTS_Source[[#This Row],[Montant Payé]]>0,CTS_Source[[#This Row],[Montant TTC]]-CTS_Source[[#This Row],[Montant Payé]],\"\")","v":""},null,20,null,null,480]
[null,null,null,"01-152",null,null,"0-PRS",2,"N40","Numérisation Couleur A4 à plat","U",4,33.613445378151262,134.45378151260505,0,0,134.45378151260505,0.19,25.54621848739496,160,{"$f":"IF(CTS_Source[[#This Row],[Montant Payé]]>0,CTS_Source[[#This Row],[Montant TTC]]-CTS_Source[[#This Row],[Montant Payé]],\"\")","v":""},null,40,null,null,481]
["P",13,"2021-01-13",null,"01-153","CLIENT",null,null,"1","Tarif COMPTOIR",null,null,null,151.2605042016807,0,null,151.2605042016807,0.19,28.739495798319332,180.00000000000003,{"$f":"IF(CTS_Source[[#This Row],[Montant Payé]]>0,CTS_Source[[#This Row],[Montant TTC]]-CTS_Source[[#This Row],[Montant Payé]],\"\")","v":0},180.00000000000003,null,0,"01",482]
[null,null,null,"01-153",null,null,"1-PRS",1,"I40","Impression Couleur A4-R /  Papier (aucun aplat)","U",3,50.420168067226896,151.2605042016807,0,0,151.2605042016807,0.19,28.739495798319332,180.00000000000003,{"$f":"IF(CTS_Source[[#This Row],[Montant Payé]]>0,CTS_Source[[#This Row],[Montant TTC]]-CTS_Source[[#This Row],[Montant Payé]],\"\")","v":""},null,60,null,null,483]
["P",13,"2021-01-13",null,"01-154","CLIENT",null,null,"1","Tarif COMPTOIR",null,null,null,242.0168067226891,0,null,242.0168067226891,0.19,45.983193277310932,288,{"$f":"IF(CTS_Source[[#This Row],[Montant Payé]]>0,CTS_Source[[#This Row],[Montant TTC]]-CTS_Source[[#This Row],[Montant Payé]],\"\")","v":0},288,null,0,"01",484]
[null,null,null,"01-154",null,null,"1-PRS",1,"PP","Traçage Noir & Blanc / Papier ","ML",1.2,201.68067226890759,242.0168067226891,0,0,242.0168067226891,0.19,45.983193277310932,288,{"$f":"IF(CTS_Source[[#This Row],[Montant Payé]]>0,CTS_Source[[#This Row],[Montant TTC]]-CTS_Source[[#This Row],[Montant Payé]],\"\")","v":""},null,240,null,null,485]
["P",13,"2021-01-13",null,"01-155","CLIENT",null,null,"1","Tarif COMPTOIR",null,null,null,869.74789915966403,0,null,869.74789915966403,0.19,165.25210084033617,1035.0000000000002,{"$f":"IF(CTS_Source[[#This Row],[Montant Payé]]>0,CTS_Source[[#This Row],[Montant TTC]]-CTS_Source[[#This Row],[Montant Payé]],\"\")","v":0},1035.0000000000002,null,0,"01",486]
[null,null,null,"01-155",null,null,"2-BUR",1,"6-EB16711","Enveloppe blanche 162 x 229 (n° 16711) V","U",1,12.605042016806724,12.605042016806724,0,0,12.605042016806724,0.19,2.3949579831932777,15.000000000000002,{"$f":"IF(CTS_Source[[#This Row],[Montant Payé]]>0,CTS_Source[[#This Row],[Montant TTC]]-CTS_Source[[#This Row],[Montant Payé]],\"\")","v":""},null,15,null,null,487]
[null,null,null,"01-155",null,null,"0-PRS",2,"C41","Copie Couleur A4-R /  Papier (avec aplats)","U",1,50.420168067226896,50.420168067226896,0,0,50.420168067226896,0.19,9.5798319327731107,60.000000000000007,{"$f":"IF(CTS_Source[[#This Row],[Montant Payé]]>0,CTS_Source[[#This Row],[Montant TTC]]-CTS_Source[[#This Row],[Montant Payé]],\"\")","v":""},null,60,null,null,488]
[null,null,null,"01-155",null,null,"0-PRS",3,"I41","Impression Couleur A4-R /  Papier (avec aplats)","U",1,67.226890756302524,67.226890756302524,0,0,67.226890756302524,0.19,12.77310924369748,80,{"$f":"IF(CTS_Source[[#This Row],[Montant Payé]]>0,CTS_Source[[#This Row],[Montant TTC]]-CTS_Source[[#This Row],[Montant Payé]],\"\")","v":""},null,80,null,null,489]
[null,null,null,"01-155",null,null,"0-PRS",4,"C42","Copie Couleur A4-R /  Papier (tout aplat)","U",1,67.226890756302524,67.226890756302524,0,0,67.226890756302524,0.19,12.77310924369748,80,{"$f":"IF(CTS_Source[[#This Row],[Montant Payé]]>0,CTS_Source[[#This Row],[Montant TTC]]-CTS_Source[[#This Row],[Montant Payé]],\"\")","v":""},null,80,null,null,490]
[null,null,null,"01-155",null,null,"0-PRS",5,"I42","Impression Couleur A4-R /  Papier (tout aplat)","U",1,84.033613445378151,84.033613445378151,0,0,84.033613445378151,0.19,15.966386554621849,100,{"$f":"IF(CTS_Source[[#This Row],[Montant Payé]]>0,CTS_Source[[#This Row],[Montant TTC]]-CTS_Source[[#This Row],[Montant Payé]],\"\")","v":""},null,100,null,null,491]
[null,null,null,"01-155",null,null,"1-PRS",6,"C4","Copie Noir & Blanc A4-R /  Papier","U",14,8.4033613445378155,117.64705882352942,0,0,117.64705882352942,0.19,22.352941176470591,140,{"$f":"IF(CTS_Source[[#This Row],[Montant Payé]]>0,CTS_Source[[#This Row],[Montant TTC]]-CTS_Source[[#This Row],[Montant Payé]],\"\")","v":""},null,10,null,null,492]
[null,null,null,"01-155",null,null,"1-PRS",7,"I4","Impression Noir & Blanc A4-R /  Papier","U",13,16.806722689075631,218.48739495798321,0,0,218.48739495798321,0.19,41.512605042016808,260,{"$f":"IF(CTS_Source[[#This Row],[Montant Payé]]>0,CTS_Source[[#This Row],[Montant TTC]]-CTS_Source[[#This Row],[Montant Payé]],\"\")","v":""},null,20,null,null,493]
[null,null,null,"01-155",null,null,"1-PRS",8,"C40","Copie Couleur A4-R /  Papier (aucun aplat)","U",3,33.613445378151262,100.84033613445379,0,0,100.84033613445379,0.19,19.159663865546221,120.00000000000001,{"$f":"IF(CTS_Source[[#This Row],[Montant Payé]]>0,CTS_Source[[#This Row],[Montant TTC]]-CTS_Source[[#This Row],[Montant Payé]],\"\")","v":""},null,40,null,null,494]
[null,null,null,"01-155",null,null,"1-PRS",9,"I40","Impression Couleur A4-R /  Papier (aucun aplat)","U",3,50.420168067226896,151.2605042016807,0,0,151.2605042016807,0.19,28.739495798319332,180.00000000000003,{"$f":"IF(CTS_Source[[#This Row],[Montant Payé]]>0,CTS_Source[[#This Row],[Montant TTC]]-CTS_Source[[#This Row],[Montant Payé]],\"\")","v":""},null,60,null,null,495]
["P",13,"2021-01-13",null,"01-156","CLIENT",null,null,"1","Tarif COMPTOIR",null,null,null,322.68907563025215,0,null,322.68907563025215,0.19,61.310924369747909,384.00000000000006,{"$f":"IF(CTS_Source[[#This Row],[Montant Payé]]>0,CTS_Source[[#This Row],[Montant TTC]]-CTS_Source[[#This Row],[Montant Payé]],\"\")","v":0},384.00000000000006,null,0,"01",496]
[null,null,null,"01-156",null,null,"0-PRS",1,"AGP","Agrafage document (agrafes PM) - de 20 f","U",3,8.4033613445378155,25.210084033613448,0,0,25.210084033613448,0.19,4.7899159663865554,30.000000000000004,{"$f":"IF(CTS_Source[[#This Row],[Montant Payé]]>0,CTS_Source[[#This Row],[Montant TTC]]-CTS_Source[[#This Row],[Montant Payé]],\"\")","v":""},null,10,null,null,497]
[null,null,null,"01-156",null,null,"1-PRS",2,"C4","Copie Noir & Blanc A4-R /  Papier","U",3,8.4033613445378155,25.210084033613448,0,0,25.210084033613448,0.19,4.7899159663865554,30.000000000000004,{"$f":"IF(CTS_Source[[#This Row],[Montant Payé]]>0,CTS_Source[[#This Row],[Montant TTC]]-CTS_Source[[#This Row],[Montant Payé]],\"\")","v":""},null,10,null,null,498]
[null,null,null,"01-156",null,null,"1-PRS",3,"TP","Tirage Noir & Blanc / Papier","ML",2.7,100.84033613445379,272.26890756302527,0,0,272.26890756302527,0.19,51.731092436974798,324.00000000000006,{"$f":"IF(CTS_Source[[#This Row],[Montant Payé]]>0,CTS_Source[[#This Row],[Montant TTC]]-CTS_Source[[#This Row],[Montant Payé]],\"\")","v":""},null,120,null,null,499]
["P",13,"2021-01-13",null,"01-157","CLIENT",null,null,"1","Tarif COMPTOIR",null,null,null,131.09243697478993,0,null,131.09243697478993,0.19,24.907563025210088,156.00000000000003,{"$f":"IF(CTS_Source[[#This Row],[Montant Payé]]>0,CTS_Source[[#This Row],[Montant TTC]]-CTS_Source[[#This Row],[Montant Payé]],\"\")","v":0},156.00000000000003,null,0,"01",500]
[null,null,null,"01-157",null,null,"1-PRS",1,"TP","Tirage Noir & Blanc / Papier","ML",1.3,100.84033613445379,131.09243697478993,0,0,131.09243697478993,0.19,24.907563025210088,156.00000000000003,{"$f":"IF(CTS_Source[[#This Row],[Montant Payé]]>0,CTS_Source[[#This Row],[Montant TTC]]-CTS_Source[[#This Row],[Montant Payé]],\"\")","v":""},null,120,null,null,501]
["I",13,"2021-01-13",null,"01-158","CLIENT",null,null,"1","Tarif COMPTOIR",null,null,null,1013.4453781512606,0,null,1013.4453781512606,0.19,192.55462184873952,1206,{"$f":"IF(CTS_Source[[#This Row],[Montant Payé]]>0,CTS_Source[[#This Row],[Montant TTC]]-CTS_Source[[#This Row],[Montant Payé]],\"\")","v":0},1206,null,0,"01",502]
[null,null,null,"01-158",null,null,"2-BUR",1,"1-P4NR","Papier A4 / 080 gr / 500 f. extra blanc Noram ","U",1,487.39495798319331,487.39495798319331,0,0,487.39495798319331,0.19,92.605042016806735,580,{"$f":"IF(CTS_Source[[#This Row],[Montant Payé]]>0,CTS_Source[[#This Row],[Montant TTC]]-CTS_Source[[#This Row],[Montant Payé]],\"\")","v":""},null,580,null,null,503]
[null,null,null,"01-158",null,null,"0-PRS",2,"N40","Numérisation Couleur A4 à plat","U",2,33.613445378151262,67.226890756302524,0,0,67.226890756302524,0.19,12.77310924369748,80,{"$f":"IF(CTS_Source[[#This Row],[Montant Payé]]>0,CTS_Source[[#This Row],[Montant TTC]]-CTS_Source[[#This Row],[Montant Payé]],\"\")","v":""},null,40,null,null,504]
[null,null,null,"01-158",null,null,"1-PRS",3,"TP","Tirage Noir & Blanc / Papier","ML",1.3,100.84033613445379,131.09243697478993,0,0,131.09243697478993,0.19,24.907563025210088,156.00000000000003,{"$f":"IF(CTS_Source[[#This Row],[Montant Payé]]>0,CTS_Source[[#This Row],[Montant TTC]]-CTS_Source[[#This Row],[Montant Payé]],\"\")","v":""},null,120,null,null,505]
[null,null,null,"01-158",null,null,"1-PRS",4,"TP0","Tirage Couleur / Papier (aucun aplat) ","ML",0.65,504.20168067226894,327.73109243697479,0,0,327.73109243697479,0.19,62.268907563025209,390,{"$f":"IF(CTS_Source[[#This Row],[Montant Payé]]>0,CTS_Source[[#This Row],[Montant TTC]]-CTS_Source[[#This Row],[Montant Payé]],\"\")","v":""},null,600,null,null,506]
["P",13,"2021-01-13",null,"01-159","CLIENT",null,null,"1","Tarif COMPTOIR",null,null,null,235.29411764705884,0,null,235.29411764705884,0.19,44.705882352941181,280,{"$f":"IF(CTS_Source[[#This Row],[Montant Payé]]>0,CTS_Source[[#This Row],[Montant TTC]]-CTS_Source[[#This Row],[Montant Payé]],\"\")","v":0},280,null,0,"01",507]
[null,null,null,"01-159",null,null,"0-PRS",1,"I31","Impression Couleur A3-R /  Papier (avec aplats)","U",1,134.45378151260505,134.45378151260505,0,0,134.45378151260505,0.19,25.54621848739496,160,{"$f":"IF(CTS_Source[[#This Row],[Montant Payé]]>0,CTS_Source[[#This Row],[Montant TTC]]-CTS_Source[[#This Row],[Montant Payé]],\"\")","v":""},null,160,null,null,508]
[null,null,null,"01-159",null,null,"0-PRS",2,"C31","Copie Couleur A3-R /  Papier (avec aplats)","U",1,100.84033613445379,100.84033613445379,0,0,100.84033613445379,0.19,19.159663865546221,120.00000000000001,{"$f":"IF(CTS_Source[[#This Row],[Montant Payé]]>0,CTS_Source[[#This Row],[Montant TTC]]-CTS_Source[[#This Row],[Montant Payé]],\"\")","v":""},null,120,null,null,509]
["P",13,"2021-01-13",null,"01-160","CLIENT",null,null,"1","Tarif COMPTOIR",null,null,null,1210.0840336134456,0,null,1210.0840336134456,0.19,229.91596638655466,1440.0000000000002,{"$f":"IF(CTS_Source[[#This Row],[Montant Payé]]>0,CTS_Source[[#This Row],[Montant TTC]]-CTS_Source[[#This Row],[Montant Payé]],\"\")","v":0},1440.0000000000002,null,0,"01",510]
[null,null,null,"01-160",null,null,"1-PRS",1,"TP","Tirage Noir & Blanc / Papier","ML",6,100.84033613445379,605.04201680672281,0,0,605.04201680672281,0.19,114.95798319327733,720.00000000000011,{"$f":"IF(CTS_Source[[#This Row],[Montant Payé]]>0,CTS_Source[[#This Row],[Montant TTC]]-CTS_Source[[#This Row],[Montant Payé]],\"\")","v":""},null,120,null,null,511]
[null,null,null,"01-160",null,null,"1-PRS",2,"PP","Traçage Noir & Blanc / Papier ","ML",3,201.68067226890759,605.04201680672281,0,0,605.04201680672281,0.19,114.95798319327733,720.00000000000011,{"$f":"IF(CTS_Source[[#This Row],[Montant Payé]]>0,CTS_Source[[#This Row],[Montant TTC]]-CTS_Source[[#This Row],[Montant Payé]],\"\")","v":""},null,240,null,null,512]
["P",13,"2021-01-13",null,"01-161","CLIENT",null,null,"1","Tarif COMPTOIR",null,null,null,4978.9915966386552,0,null,4978.9915966386552,0.19,946.00840336134456,5925,{"$f":"IF(CTS_Source[[#This Row],[Montant Payé]]>0,CTS_Source[[#This Row],[Montant TTC]]-CTS_Source[[#This Row],[Montant Payé]],\"\")","v":0},5925,null,0,"01",513]
[null,null,null,"01-161",null,null,"1-PRS",1,"C4","Copie Noir & Blanc A4-R /  Papier","U",690,6.7226890756302522,4638.6554621848736,0,0,4638.6554621848736,0.19,881.34453781512605,5520,{"$f":"IF(CTS_Source[[#This Row],[Montant Payé]]>0,CTS_Source[[#This Row],[Montant TTC]]-CTS_Source[[#This Row],[Montant Payé]],\"\")","v":""},null,8,null,null,514]
[null,null,null,"01-161",null,null,"2-BUR",2,"2-S967","Stylo Topliner 967","U",2,84.033613445378151,168.0672268907563,0,0,168.0672268907563,0.19,31.932773109243698,200,{"$f":"IF(CTS_Source[[#This Row],[Montant Payé]]>0,CTS_Source[[#This Row],[Montant TTC]]-CTS_Source[[#This Row],[Montant Payé]],\"\")","v":""},null,100,null,null,515]
[null,null,null,"01-161",null,null,"2-BUR",3,"2-SF","Stylo à bille Fabs","U",6,21.008403361344538,126.05042016806723,0,0,126.05042016806723,0.19,23.949579831932773,150,{"$f":"IF(CTS_Source[[#This Row],[Montant Payé]]>0,CTS_Source[[#This Row],[Montant TTC]]-CTS_Source[[#This Row],[Montant Payé]],\"\")","v":""},null,25,null,null,516]
[null,null,null,"01-161",null,null,"2-BUR",4,"8-TA31","Trombones Argentés 31 mm / 100 u","U",1,46.218487394957982,46.218487394957982,0,0,46.218487394957982,0.19,8.7815126050420176,55,{"$f":"IF(CTS_Source[[#This Row],[Montant Payé]]>0,CTS_Source[[#This Row],[Montant TTC]]-CTS_Source[[#This Row],[Montant Payé]],\"\")","v":""},null,55,null,null,517]
["P",14,"2021-01-14",null,"01-162","CLIENT",null,null,"1","Tarif COMPTOIR",null,null,null,195.54621848739498,0,null,195.54621848739498,0.19,37.153781512605043,232.70000000000002,{"$f":"IF(CTS_Source[[#This Row],[Montant Payé]]>0,CTS_Source[[#This Row],[Montant TTC]]-CTS_Source[[#This Row],[Montant Payé]],\"\")","v":0},232.70000000000002,null,0,"01",518]
[null,null,null,"01-162",null,null,"1-PRS",1,"PP","Traçage Noir & Blanc / Papier ","ML",0.65,200,130,0,0,130,0.19,24.7,154.69999999999999,{"$f":"IF(CTS_Source[[#This Row],[Montant Payé]]>0,CTS_Source[[#This Row],[Montant TTC]]-CTS_Source[[#This Row],[Montant Payé]],\"\")","v":""},null,238,null,null,519]
[null,null,null,"01-162",null,null,"1-PRS",2,"TP","Tirage Noir & Blanc / Papier","ML",0.65,100.84033613445379,65.546218487394967,0,0,65.546218487394967,0.19,12.453781512605044,78.000000000000014,{"$f":"IF(CTS_Source[[#This Row],[Montant Payé]]>0,CTS_Source[[#This Row],[Montant TTC]]-CTS_Source[[#This Row],[Montant Payé]],\"\")","v":""},null,120,null,null,520]
["P",14,"2021-01-14",null,"01-163","CLIENT",null,null,"1","Tarif COMPTOIR",null,null,null,691.59663865546236,0,null,691.59663865546236,0.19,131.40336134453784,823.00000000000023,{"$f":"IF(CTS_Source[[#This Row],[Montant Payé]]>0,CTS_Source[[#This Row],[Montant TTC]]-CTS_Source[[#This Row],[Montant Payé]],\"\")","v":0},823.00000000000023,null,0,"01",521]
[null,null,null,"01-163",null,null,"2-BUR",1,"5-PPNU","Pochette perforée A4 neutre ","U",1,10.92436974789916,10.92436974789916,0,0,10.92436974789916,0.19,2.0756302521008405,13,{"$f":"IF(CTS_Source[[#This Row],[Montant Payé]]>0,CTS_Source[[#This Row],[Montant TTC]]-CTS_Source[[#This Row],[Montant Payé]],\"\")","v":""},null,13,null,null,522]
[null,null,null,"01-163",null,null,"2-BUR",2,"5-CRCE","Chemise à rabats cartonnée avec élastiques","U",1,75.630252100840337,75.630252100840337,0,0,75.630252100840337,0.19,14.369747899159664,90,{"$f":"IF(CTS_Source[[#This Row],[Montant Payé]]>0,CTS_Source[[#This Row],[Montant TTC]]-CTS_Source[[#This Row],[Montant Payé]],\"\")","v":""},null,90,null,null,523]
[null,null,null,"01-163",null,null,"1-PRS",3,"TP","Tirage Noir & Blanc / Papier","ML",6,100.84033613445379,605.04201680672281,0,0,605.04201680672281,0.19,114.95798319327733,720.00000000000011,{"$f":"IF(CTS_Source[[#This Row],[Montant Payé]]>0,CTS_Source[[#This Row],[Montant TTC]]-CTS_Source[[#This Row],[Montant Payé]],\"\")","v":""},null,120,null,null,524]
["P",14,"2021-01-14",null,"01-164","CLIENT",null,null,"1","Tarif COMPTOIR",null,null,null,672.26890756302532,0,null,672.26890756302532,0.19,127.73109243697481,800.00000000000011,{"$f":"IF(CTS_Source[[#This Row],[Montant Payé]]>0,CTS_Source[[#This Row],[Montant TTC]]-CTS_Source[[#This Row],[Montant Payé]],\"\")","v":0},800.00000000000011,null,0,"01",525]
[null,null,null,"01-164",null,null,"1-PRS",1,"I30","Impression Couleur A3-R /  Papier (aucun aplat)","U",4,100.84033613445379,403.36134453781517,0,0,403.36134453781517,0.19,76.638655462184886,480.00000000000006,{"$f":"IF(CTS_Source[[#This Row],[Montant Payé]]>0,CTS_Source[[#This Row],[Montant TTC]]-CTS_Source[[#This Row],[Montant Payé]],\"\")","v":""},null,120,null,null,526]
[null,null,null,"01-164",null,null,"1-PRS",2,"C30","Copie Couleur A3-R /  Papier (aucun aplat)","U",4,67.226890756302524,268.9075630252101,0,0,268.9075630252101,0.19,51.092436974789919,320,{"$f":"IF(CTS_Source[[#This Row],[Montant Payé]]>0,CTS_Source[[#This Row],[Montant TTC]]-CTS_Source[[#This Row],[Montant Payé]],\"\")","v":""},null,80,null,null,527]
["P",14,"2021-01-14",null,"01-165","CLIENT",null,null,"1","Tarif COMPTOIR",null,null,null,12.605042016806724,0,null,12.605042016806724,0.19,2.3949579831932777,15.000000000000002,{"$f":"IF(CTS_Source[[#This Row],[Montant Payé]]>0,CTS_Source[[#This Row],[Montant TTC]]-CTS_Source[[#This Row],[Montant Payé]],\"\")","v":0},15.000000000000002,null,0,"01",528]
[null,null,null,"01-165",null,null,"2-BUR",1,"6-EB16711","Enveloppe blanche 162 x 229 (n° 16711) V","U",1,12.605042016806724,12.605042016806724,0,0,12.605042016806724,0.19,2.3949579831932777,15.000000000000002,{"$f":"IF(CTS_Source[[#This Row],[Montant Payé]]>0,CTS_Source[[#This Row],[Montant TTC]]-CTS_Source[[#This Row],[Montant Payé]],\"\")","v":""},null,15,null,null,529]
["P",14,"2021-01-14",null,"01-166","CLIENT",null,null,"1","Tarif COMPTOIR",null,null,null,16.806722689075631,0,null,16.806722689075631,0.19,3.1932773109243699,20,{"$f":"IF(CTS_Source[[#This Row],[Montant Payé]]>0,CTS_Source[[#This Row],[Montant TTC]]-CTS_Source[[#This Row],[Montant Payé]],\"\")","v":0},20,null,0,"01",530]
[null,null,null,"01-166",null,null,"0-PRS",1,"C4S","Copie Noir & Blanc A4-R /  Papier / Spéciale","U",1,16.806722689075631,16.806722689075631,0,0,16.806722689075631,0.19,3.1932773109243699,20,{"$f":"IF(CTS_Source[[#This Row],[Montant Payé]]>0,CTS_Source[[#This Row],[Montant TTC]]-CTS_Source[[#This Row],[Montant Payé]],\"\")","v":""},null,20,null,null,531]
["P",14,"2021-01-14",null,"01-167","CLIENT",null,null,"1","Tarif COMPTOIR",null,null,null,100.84033613445379,0,null,100.84033613445379,0.19,19.159663865546221,120.00000000000001,{"$f":"IF(CTS_Source[[#This Row],[Montant Payé]]>0,CTS_Source[[#This Row],[Montant TTC]]-CTS_Source[[#This Row],[Montant Payé]],\"\")","v":0},120.00000000000001,null,0,"01",532]
[null,null,null,"01-167",null,null,"0-PRS",1,"C8S","Copie Noir & Blanc A4-RV /  Papier / Spéciale ","U",1,33.613445378151262,33.613445378151262,0,0,33.613445378151262,0.19,6.3865546218487399,40,{"$f":"IF(CTS_Source[[#This Row],[Montant Payé]]>0,CTS_Source[[#This Row],[Montant TTC]]-CTS_Source[[#This Row],[Montant Payé]],\"\")","v":""},null,40,null,null,533]
[null,null,null,"01-167",null,null,"0-PRS",2,"C4S","Copie Noir & Blanc A4-R /  Papier / Spéciale","U",1,16.806722689075631,16.806722689075631,0,0,16.806722689075631,0.19,3.1932773109243699,20,{"$f":"IF(CTS_Source[[#This Row],[Montant Payé]]>0,CTS_Source[[#This Row],[Montant TTC]]-CTS_Source[[#This Row],[Montant Payé]],\"\")","v":""},null,20,null,null,534]
[null,null,null,"01-167",null,null,"1-PRS",3,"C4","Copie Noir & Blanc A4-R /  Papier","U",6,8.4033613445378155,50.420168067226896,0,0,50.420168067226896,0.19,9.5798319327731107,60.000000000000007,{"$f":"IF(CTS_Source[[#This Row],[Montant Payé]]>0,CTS_Source[[#This Row],[Montant TTC]]-CTS_Source[[#This Row],[Montant Payé]],\"\")","v":""},null,10,null,null,535]
["P",14,"2021-01-14",null,"01-168","CLIENT",null,null,"1","Tarif COMPTOIR",null,null,null,873.94957983193285,0,null,873.94957983193285,0.19,166.05042016806723,1040,{"$f":"IF(CTS_Source[[#This Row],[Montant Payé]]>0,CTS_Source[[#This Row],[Montant TTC]]-CTS_Source[[#This Row],[Montant Payé]],\"\")","v":0},1040,null,0,"01",536]
[null,null,null,"01-168",null,null,"1-PRS",1,"C40","Copie Couleur A4-R /  Papier (aucun aplat)","U",26,33.613445378151262,873.94957983193285,0,0,873.94957983193285,0.19,166.05042016806723,1040,{"$f":"IF(CTS_Source[[#This Row],[Montant Payé]]>0,CTS_Source[[#This Row],[Montant TTC]]-CTS_Source[[#This Row],[Montant Payé]],\"\")","v":""},null,40,null,null,537]
["P",14,"2021-01-14",null,"01-169","CLIENT",null,null,"1","Tarif COMPTOIR",null,null,null,16.806722689075631,0,null,16.806722689075631,0.19,3.1932773109243699,20,{"$f":"IF(CTS_Source[[#This Row],[Montant Payé]]>0,CTS_Source[[#This Row],[Montant TTC]]-CTS_Source[[#This Row],[Montant Payé]],\"\")","v":0},20,null,0,"01",538]
[null,null,null,"01-169",null,null,"1-PRS",1,"C4","Copie Noir & Blanc A4-R /  Papier","U",2,8.4033613445378155,16.806722689075631,0,0,16.806722689075631,0.19,3.1932773109243699,20,{"$f":"IF(CTS_Source[[#This Row],[Montant Payé]]>0,CTS_Source[[#This Row],[Montant TTC]]-CTS_Source[[#This Row],[Montant Payé]],\"\")","v":""},null,10,null,null,539]
["P",17,"2021-01-17",null,"01-170","CLIENT",null,null,"1","Tarif COMPTOIR","",null,null,8576.4705882352955,0,null,8576.4705882352955,0.19,1629.5294117647063,10206.000000000002,{"$f":"IF(CTS_Source[[#This Row],[Montant Payé]]>0,CTS_Source[[#This Row],[Montant TTC]]-CTS_Source[[#This Row],[Montant Payé]],\"\")","v":0},10206.000000000002,null,44213,"01",540]
[null,null,null,"01-170",null,null,"0-PRS",1,"R4B2","Reliure  A4 Baguette n° 10 à 18 + Transp. + Bristol","U",1,126.05042016806723,126.05042016806723,0,0,126.05042016806723,0.19,23.949579831932773,150,{"$f":"IF(CTS_Source[[#This Row],[Montant Payé]]>0,CTS_Source[[#This Row],[Montant TTC]]-CTS_Source[[#This Row],[Montant Payé]],\"\")","v":""},null,150,null,null,541]
[null,null,null,"01-170",null,null,"1-PRS",2,"C4","Copie Noir & Blanc A4-R /  Papier","U",57,8.4033613445378155,478.99159663865549,0,0,478.99159663865549,0.19,91.008403361344548,570,{"$f":"IF(CTS_Source[[#This Row],[Montant Payé]]>0,CTS_Source[[#This Row],[Montant TTC]]-CTS_Source[[#This Row],[Montant Payé]],\"\")","v":""},null,10,null,null,542]
[null,null,null,"01-170",null,null,"1-PRS",3,"TP","Tirage Noir & Blanc / Papier","ML",79.05,100.84033613445379,7971.4285714285725,0,0,7971.4285714285725,0.19,1514.5714285714289,9486.0000000000018,{"$f":"IF(CTS_Source[[#This Row],[Montant Payé]]>0,CTS_Source[[#This Row],[Montant TTC]]-CTS_Source[[#This Row],[Montant Payé]],\"\")","v":""},null,120,null,null,543]
["P",14,"2021-01-14",null,"01-171","CLIENT",null,null,"1","Tarif COMPTOIR",null,null,null,16.806722689075631,0,null,16.806722689075631,0.19,3.1932773109243699,20,{"$f":"IF(CTS_Source[[#This Row],[Montant Payé]]>0,CTS_Source[[#This Row],[Montant TTC]]-CTS_Source[[#This Row],[Montant Payé]],\"\")","v":0},20,null,0,"01",544]
[null,null,null,"01-171",null,null,"1-PRS",1,"C8","Copie Noir & Blanc A4-RV /  Papier","U",1,16.806722689075631,16.806722689075631,0,0,16.806722689075631,0.19,3.1932773109243699,20,{"$f":"IF(CTS_Source[[#This Row],[Montant Payé]]>0,CTS_Source[[#This Row],[Montant TTC]]-CTS_Source[[#This Row],[Montant Payé]],\"\")","v":""},null,20,null,null,545]
["P",14,"2021-01-14",null,"01-172","CLIENT",null,null,"1","Tarif COMPTOIR",null,null,null,142.85714285714286,0,null,142.85714285714286,0.19,27.142857142857142,170,{"$f":"IF(CTS_Source[[#This Row],[Montant Payé]]>0,CTS_Source[[#This Row],[Montant TTC]]-CTS_Source[[#This Row],[Montant Payé]],\"\")","v":0},170,null,0,"01",546]
[null,null,null,"01-172",null,null,"1-PRS",1,"C4","Copie Noir & Blanc A4-R /  Papier","U",17,8.4033613445378155,142.85714285714286,0,0,142.85714285714286,0.19,27.142857142857142,170,{"$f":"IF(CTS_Source[[#This Row],[Montant Payé]]>0,CTS_Source[[#This Row],[Montant TTC]]-CTS_Source[[#This Row],[Montant Payé]],\"\")","v":""},null,10,null,null,547]
["P",14,"2021-01-14",null,"01-173","CLIENT",null,null,"1","Tarif COMPTOIR",null,null,null,9075.6302521008402,0,null,9075.6302521008402,0.19,1724.3697478991598,10800,{"$f":"IF(CTS_Source[[#This Row],[Montant Payé]]>0,CTS_Source[[#This Row],[Montant TTC]]-CTS_Source[[#This Row],[Montant Payé]],\"\")","v":0},10800,null,0,"01",548]
[null,null,null,"01-173",null,null,"1-PRS",1,"PP0","Traçage Couleur / Papier (aucun aplat)","ML",10,705.88235294117646,7058.8235294117649,0,0,7058.8235294117649,0.19,1341.1764705882354,8400,{"$f":"IF(CTS_Source[[#This Row],[Montant Payé]]>0,CTS_Source[[#This Row],[Montant TTC]]-CTS_Source[[#This Row],[Montant Payé]],\"\")","v":""},null,840,null,null,549]
[null,null,null,"01-173",null,null,"1-PRS",2,"TP","Tirage Noir & Blanc / Papier","ML",20,100.84033613445379,2016.8067226890757,0,0,2016.8067226890757,0.19,383.19327731092437,2400,{"$f":"IF(CTS_Source[[#This Row],[Montant Payé]]>0,CTS_Source[[#This Row],[Montant TTC]]-CTS_Source[[#This Row],[Montant Payé]],\"\")","v":""},null,120,null,null,550]
["P",17,"2021-01-17",null,"01-174","CLIENT",null,null,"1","Tarif COMPTOIR",null,null,null,209.24369747899161,0,null,209.24369747899161,0.19,39.756302521008408,249,{"$f":"IF(CTS_Source[[#This Row],[Montant Payé]]>0,CTS_Source[[#This Row],[Montant TTC]]-CTS_Source[[#This Row],[Montant Payé]],\"\")","v":0},249,null,0,"01",551]
[null,null,null,"01-174",null,null,"2-BUR",1,"6-EB16711","Enveloppe blanche 162 x 229 (n° 16711) V","U",1,12.605042016806724,12.605042016806724,0,0,12.605042016806724,0.19,2.3949579831932777,15.000000000000002,{"$f":"IF(CTS_Source[[#This Row],[Montant Payé]]>0,CTS_Source[[#This Row],[Montant TTC]]-CTS_Source[[#This Row],[Montant Payé]],\"\")","v":""},null,15,null,null,552]
[null,null,null,"01-174",null,null,"1-PRS",2,"TP","Tirage Noir & Blanc / Papier","ML",1.95,100.84033613445379,196.63865546218489,0,0,196.63865546218489,0.19,37.361344537815128,234,{"$f":"IF(CTS_Source[[#This Row],[Montant Payé]]>0,CTS_Source[[#This Row],[Montant TTC]]-CTS_Source[[#This Row],[Montant Payé]],\"\")","v":""},null,120,null,null,553]
["P",17,"2021-01-17",null,"01-175","CLIENT",null,null,"1","Tarif COMPTOIR",null,null,null,58.82352941176471,0,null,58.82352941176471,0.19,11.176470588235295,70,{"$f":"IF(CTS_Source[[#This Row],[Montant Payé]]>0,CTS_Source[[#This Row],[Montant TTC]]-CTS_Source[[#This Row],[Montant Payé]],\"\")","v":0},70,null,0,"01",554]
[null,null,null,"01-175",null,null,"1-PRS",1,"C4","Copie Noir & Blanc A4-R /  Papier","U",1,8.4033613445378155,8.4033613445378155,0,0,8.4033613445378155,0.19,1.596638655462185,10,{"$f":"IF(CTS_Source[[#This Row],[Montant Payé]]>0,CTS_Source[[#This Row],[Montant TTC]]-CTS_Source[[#This Row],[Montant Payé]],\"\")","v":""},null,10,null,null,555]
[null,null,null,"01-175",null,null,"1-PRS",2,"I40","Impression Couleur A4-R /  Papier (aucun aplat)","U",1,50.420168067226896,50.420168067226896,0,0,50.420168067226896,0.19,9.5798319327731107,60.000000000000007,{"$f":"IF(CTS_Source[[#This Row],[Montant Payé]]>0,CTS_Source[[#This Row],[Montant TTC]]-CTS_Source[[#This Row],[Montant Payé]],\"\")","v":""},null,60,null,null,556]
["P",17,"2021-01-17",null,"01-176","CLIENT",null,null,"1","Tarif COMPTOIR",null,null,null,100.84033613445379,0,null,100.84033613445379,0.19,19.159663865546221,120.00000000000001,{"$f":"IF(CTS_Source[[#This Row],[Montant Payé]]>0,CTS_Source[[#This Row],[Montant TTC]]-CTS_Source[[#This Row],[Montant Payé]],\"\")","v":0},120.00000000000001,null,0,"01",557]
[null,null,null,"01-176",null,null,"1-PRS",1,"TP","Tirage Noir & Blanc / Papier","ML",1,100.84033613445379,100.84033613445379,0,0,100.84033613445379,0.19,19.159663865546221,120.00000000000001,{"$f":"IF(CTS_Source[[#This Row],[Montant Payé]]>0,CTS_Source[[#This Row],[Montant TTC]]-CTS_Source[[#This Row],[Montant Payé]],\"\")","v":""},null,120,null,null,558]
["P",17,"2021-01-17",null,"01-177","CLIENT",null,null,"1","Tarif COMPTOIR",null,null,null,109.24369747899161,0,null,109.24369747899161,0.19,20.756302521008404,130,{"$f":"IF(CTS_Source[[#This Row],[Montant Payé]]>0,CTS_Source[[#This Row],[Montant TTC]]-CTS_Source[[#This Row],[Montant Payé]],\"\")","v":0},130,null,0,"01",559]
[null,null,null,"01-177",null,null,"0-PRS",1,"AGP","Agrafage document (agrafes PM) - de 20 f","U",1,8.4033613445378155,8.4033613445378155,0,0,8.4033613445378155,0.19,1.596638655462185,10,{"$f":"IF(CTS_Source[[#This Row],[Montant Payé]]>0,CTS_Source[[#This Row],[Montant TTC]]-CTS_Source[[#This Row],[Montant Payé]],\"\")","v":""},null,10,null,null,560]
[null,null,null,"01-177",null,null,"1-PRS",2,"C4","Copie Noir & Blanc A4-R /  Papier","U",4,8.4033613445378155,33.613445378151262,0,0,33.613445378151262,0.19,6.3865546218487399,40,{"$f":"IF(CTS_Source[[#This Row],[Montant Payé]]>0,CTS_Source[[#This Row],[Montant TTC]]-CTS_Source[[#This Row],[Montant Payé]],\"\")","v":""},null,10,null,null,561]
[null,null,null,"01-177",null,null,"1-PRS",3,"C6","Copie Noir & Blanc A3-RV /  Papier","U",2,33.613445378151262,67.226890756302524,0,0,67.226890756302524,0.19,12.77310924369748,80,{"$f":"IF(CTS_Source[[#This Row],[Montant Payé]]>0,CTS_Source[[#This Row],[Montant TTC]]-CTS_Source[[#This Row],[Montant Payé]],\"\")","v":""},null,40,null,null,562]
["P",17,"2021-01-17",null,"01-178","CLIENT",null,null,"1","Tarif COMPTOIR",null,null,null,2621.8487394957983,0,null,2621.8487394957983,0.19,498.15126050420167,3120,{"$f":"IF(CTS_Source[[#This Row],[Montant Payé]]>0,CTS_Source[[#This Row],[Montant TTC]]-CTS_Source[[#This Row],[Montant Payé]],\"\")","v":0},3120,null,0,"01",563]
[null,null,null,"01-178",null,null,"1-PRS",1,"TP","Tirage Noir & Blanc / Papier","ML",3.9,100.84033613445379,393.27731092436977,0,0,393.27731092436977,0.19,74.722689075630257,468,{"$f":"IF(CTS_Source[[#This Row],[Montant Payé]]>0,CTS_Source[[#This Row],[Montant TTC]]-CTS_Source[[#This Row],[Montant Payé]],\"\")","v":""},null,120,null,null,564]
[null,null,null,"01-178",null,null,"1-PRS",2,"TP0","Tirage Couleur / Papier (aucun aplat) ","ML",2.6,504.20168067226894,1310.9243697478992,0,0,1310.9243697478992,0.19,249.07563025210084,1560,{"$f":"IF(CTS_Source[[#This Row],[Montant Payé]]>0,CTS_Source[[#This Row],[Montant TTC]]-CTS_Source[[#This Row],[Montant Payé]],\"\")","v":""},null,600,null,null,565]
[null,null,null,"01-178",null,null,"1-PRS",3,"PP0","Traçage Couleur / Papier (aucun aplat)","ML",1.3,705.88235294117646,917.64705882352939,0,0,917.64705882352939,0.19,174.35294117647058,1092,{"$f":"IF(CTS_Source[[#This Row],[Montant Payé]]>0,CTS_Source[[#This Row],[Montant TTC]]-CTS_Source[[#This Row],[Montant Payé]],\"\")","v":""},null,840,null,null,566]
["P",17,"2021-01-17",null,"01-179","CLIENT",null,null,"1","Tarif COMPTOIR",null,null,null,542.85714285714289,0,null,542.85714285714289,0.19,103.14285714285717,646,{"$f":"IF(CTS_Source[[#This Row],[Montant Payé]]>0,CTS_Source[[#This Row],[Montant TTC]]-CTS_Source[[#This Row],[Montant Payé]],\"\")","v":0},646,null,0,"01",567]
[null,null,null,"01-179",null,null,"2-BUR",1,"6-EB50219","Enveloppe blanche 229 x 324 (n° 50219) H","U",2,21.008403361344538,42.016806722689076,0,0,42.016806722689076,0.19,7.9831932773109244,50,{"$f":"IF(CTS_Source[[#This Row],[Montant Payé]]>0,CTS_Source[[#This Row],[Montant TTC]]-CTS_Source[[#This Row],[Montant Payé]],\"\")","v":""},null,25,null,null,568]
[null,null,null,"01-179",null,null,"0-PRS",2,"AGP","Agrafage document (agrafes PM) - de 20 f","U",2,8.4033613445378155,16.806722689075631,0,0,16.806722689075631,0.19,3.1932773109243699,20,{"$f":"IF(CTS_Source[[#This Row],[Montant Payé]]>0,CTS_Source[[#This Row],[Montant TTC]]-CTS_Source[[#This Row],[Montant Payé]],\"\")","v":""},null,10,null,null,569]
[null,null,null,"01-179",null,null,"1-PRS",3,"TP","Tirage Noir & Blanc / Papier","ML",1.8,100.84033613445379,181.51260504201684,0,0,181.51260504201684,0.19,34.487394957983199,216.00000000000006,{"$f":"IF(CTS_Source[[#This Row],[Montant Payé]]>0,CTS_Source[[#This Row],[Montant TTC]]-CTS_Source[[#This Row],[Montant Payé]],\"\")","v":""},null,120,null,null,570]
[null,null,null,"01-179",null,null,"1-PRS",4,"C4","Copie Noir & Blanc A4-R /  Papier","U",26,8.4033613445378155,218.48739495798321,0,0,218.48739495798321,0.19,41.512605042016808,260,{"$f":"IF(CTS_Source[[#This Row],[Montant Payé]]>0,CTS_Source[[#This Row],[Montant TTC]]-CTS_Source[[#This Row],[Montant Payé]],\"\")","v":""},null,10,null,null,571]
[null,null,null,"01-179",null,null,"1-PRS",5,"C3","Copie Noir & Blanc A3-R /  Papier ","U",3,16.806722689075631,50.420168067226896,0,0,50.420168067226896,0.19,9.5798319327731107,60.000000000000007,{"$f":"IF(CTS_Source[[#This Row],[Montant Payé]]>0,CTS_Source[[#This Row],[Montant TTC]]-CTS_Source[[#This Row],[Montant Payé]],\"\")","v":""},null,20,null,null,572]
[null,null,null,"01-179",null,null,"1-PRS",6,"C40","Copie Couleur A4-R /  Papier (aucun aplat)","U",1,33.613445378151262,33.613445378151262,0,0,33.613445378151262,0.19,6.3865546218487399,40,{"$f":"IF(CTS_Source[[#This Row],[Montant Payé]]>0,CTS_Source[[#This Row],[Montant TTC]]-CTS_Source[[#This Row],[Montant Payé]],\"\")","v":""},null,40,null,null,573]
["P",17,"2021-01-17",null,"01-180","CLIENT",null,null,"1","Tarif COMPTOIR",null,null,null,773.10924369747897,0,null,773.10924369747897,0.19,146.890756302521,920,{"$f":"IF(CTS_Source[[#This Row],[Montant Payé]]>0,CTS_Source[[#This Row],[Montant TTC]]-CTS_Source[[#This Row],[Montant Payé]],\"\")","v":0},920,null,0,"01",574]
[null,null,null,"01-180",null,null,"1-PRS",1,"I3","Impression Noir & Blanc A3-R /  Papier","U",23,33.613445378151262,773.10924369747897,0,0,773.10924369747897,0.19,146.890756302521,920,{"$f":"IF(CTS_Source[[#This Row],[Montant Payé]]>0,CTS_Source[[#This Row],[Montant TTC]]-CTS_Source[[#This Row],[Montant Payé]],\"\")","v":""},null,40,null,null,575]
["P",17,"2021-01-17",null,"01-181","CLIENT",null,null,"1","Tarif COMPTOIR",null,null,null,670.58823529411779,0,null,670.58823529411779,0.19,127.41176470588238,798.00000000000023,{"$f":"IF(CTS_Source[[#This Row],[Montant Payé]]>0,CTS_Source[[#This Row],[Montant TTC]]-CTS_Source[[#This Row],[Montant Payé]],\"\")","v":0},798.00000000000023,null,0,"01",576]
[null,null,null,"01-181",null,null,"1-PRS",1,"TP","Tirage Noir & Blanc / Papier","ML",6.65,100.84033613445379,670.58823529411779,0,0,670.58823529411779,0.19,127.41176470588238,798.00000000000023,{"$f":"IF(CTS_Source[[#This Row],[Montant Payé]]>0,CTS_Source[[#This Row],[Montant TTC]]-CTS_Source[[#This Row],[Montant Payé]],\"\")","v":""},null,120,null,null,577]
["P",17,"2021-01-17",null,"01-182","CLIENT",null,null,"1","Tarif COMPTOIR",null,null,null,310.92436974789916,0,null,310.92436974789916,0.19,59.075630252100844,370,{"$f":"IF(CTS_Source[[#This Row],[Montant Payé]]>0,CTS_Source[[#This Row],[Montant TTC]]-CTS_Source[[#This Row],[Montant Payé]],\"\")","v":0},370,null,0,"01",578]
[null,null,null,"01-182",null,null,"2-BUR",1,"5-CHP70","Chrono en PVC D.70","U",1,310.92436974789916,310.92436974789916,0,0,310.92436974789916,0.19,59.075630252100844,370,{"$f":"IF(CTS_Source[[#This Row],[Montant Payé]]>0,CTS_Source[[#This Row],[Montant TTC]]-CTS_Source[[#This Row],[Montant Payé]],\"\")","v":""},null,370,null,null,579]
["P",17,"2021-01-17",null,"01-183","CLIENT",null,null,"1","Tarif COMPTOIR",null,null,null,1654.621848739496,0,null,1654.621848739496,0.19,314.37815126050424,1969.0000000000002,{"$f":"IF(CTS_Source[[#This Row],[Montant Payé]]>0,CTS_Source[[#This Row],[Montant TTC]]-CTS_Source[[#This Row],[Montant Payé]],\"\")","v":0},1969.0000000000002,null,0,"01",580]
[null,null,null,"01-183",null,null,"2-BUR",1,"5-CCC60","Chemise de classement en carte lustrée D.60","U",1,201.68067226890759,201.68067226890759,0,0,201.68067226890759,0.19,38.319327731092443,240.00000000000003,{"$f":"IF(CTS_Source[[#This Row],[Montant Payé]]>0,CTS_Source[[#This Row],[Montant TTC]]-CTS_Source[[#This Row],[Montant Payé]],\"\")","v":""},null,240,null,null,581]
[null,null,null,"01-183",null,null,"2-BUR",2,"2-S967","Stylo Topliner 967","U",1,84.033613445378151,84.033613445378151,0,0,84.033613445378151,0.19,15.966386554621849,100,{"$f":"IF(CTS_Source[[#This Row],[Montant Payé]]>0,CTS_Source[[#This Row],[Montant TTC]]-CTS_Source[[#This Row],[Montant Payé]],\"\")","v":""},null,100,null,null,582]
[null,null,null,"01-183",null,null,"2-BUR",3,"2-CN","Crayon Noir avec gomme","U",3,21.008403361344538,63.025210084033617,0,0,63.025210084033617,0.19,11.974789915966387,75,{"$f":"IF(CTS_Source[[#This Row],[Montant Payé]]>0,CTS_Source[[#This Row],[Montant TTC]]-CTS_Source[[#This Row],[Montant Payé]],\"\")","v":""},null,25,null,null,583]
[null,null,null,"01-183",null,null,"1-PRS",4,"TP","Tirage Noir & Blanc / Papier","ML",11.95,100.84033613445379,1205.0420168067228,0,0,1205.0420168067228,0.19,228.95798319327733,1434.0000000000002,{"$f":"IF(CTS_Source[[#This Row],[Montant Payé]]>0,CTS_Source[[#This Row],[Montant TTC]]-CTS_Source[[#This Row],[Montant Payé]],\"\")","v":""},null,120,null,null,584]
[null,null,null,"01-183",null,null,"1-PRS",5,"C8","Copie Noir & Blanc A4-RV /  Papier","U",6,16.806722689075631,100.84033613445379,0,0,100.84033613445379,0.19,19.159663865546221,120.00000000000001,{"$f":"IF(CTS_Source[[#This Row],[Montant Payé]]>0,CTS_Source[[#This Row],[Montant TTC]]-CTS_Source[[#This Row],[Montant Payé]],\"\")","v":""},null,20,null,null,585]
["P",17,"2021-01-17",null,"01-184","CLIENT",null,null,"1","Tarif COMPTOIR",null,null,null,310.92436974789916,0,null,310.92436974789916,0.19,59.075630252100844,370,{"$f":"IF(CTS_Source[[#This Row],[Montant Payé]]>0,CTS_Source[[#This Row],[Montant TTC]]-CTS_Source[[#This Row],[Montant Payé]],\"\")","v":0},370,null,0,"01",586]
[null,null,null,"01-184",null,null,"2-BUR",1,"5-CCC40","Chemise de classement en carte lustrée D.40","U",1,176.47058823529412,176.47058823529412,0,0,176.47058823529412,0.19,33.529411764705884,210,{"$f":"IF(CTS_Source[[#This Row],[Montant Payé]]>0,CTS_Source[[#This Row],[Montant TTC]]-CTS_Source[[#This Row],[Montant Payé]],\"\")","v":""},null,210,null,null,587]
[null,null,null,"01-184",null,null,"2-BUR",2,"5-CCC25","Chemise de classement en carte lustrée D.25","U",1,134.45378151260505,134.45378151260505,0,0,134.45378151260505,0.19,25.54621848739496,160,{"$f":"IF(CTS_Source[[#This Row],[Montant Payé]]>0,CTS_Source[[#This Row],[Montant TTC]]-CTS_Source[[#This Row],[Montant Payé]],\"\")","v":""},null,160,null,null,588]
["P",17,"2021-01-17",null,"01-185","CLIENT",null,null,"1","Tarif COMPTOIR",null,null,null,5109.2436974789925,0,null,5109.2436974789925,0.19,970.75630252100859,6080.0000000000009,{"$f":"IF(CTS_Source[[#This Row],[Montant Payé]]>0,CTS_Source[[#This Row],[Montant TTC]]-CTS_Source[[#This Row],[Montant Payé]],\"\")","v":0},6080.0000000000009,null,0,"01",589]
[null,null,null,"01-185",null,null,"2-BUR",1,"5-CCC60","Chemise de classement en carte lustrée D.60","U",1,210.0840336134454,210.0840336134454,0,0,210.0840336134454,0.19,39.915966386554629,250.00000000000003,{"$f":"IF(CTS_Source[[#This Row],[Montant Payé]]>0,CTS_Source[[#This Row],[Montant TTC]]-CTS_Source[[#This Row],[Montant Payé]],\"\")","v":""},null,250,null,null,590]
[null,null,null,"01-185",null,null,"2-BUR",2,"5-CCC40","Chemise de classement en carte lustrée D.40","U",1,176.47058823529412,176.47058823529412,0,0,176.47058823529412,0.19,33.529411764705884,210,{"$f":"IF(CTS_Source[[#This Row],[Montant Payé]]>0,CTS_Source[[#This Row],[Montant TTC]]-CTS_Source[[#This Row],[Montant Payé]],\"\")","v":""},null,210,null,null,591]
[null,null,null,"01-185",null,null,"2-BUR",3,"5-CCC25","Chemise de classement en carte lustrée D.25","U",1,134.45378151260505,134.45378151260505,0,0,134.45378151260505,0.19,25.54621848739496,160,{"$f":"IF(CTS_Source[[#This Row],[Montant Payé]]>0,CTS_Source[[#This Row],[Montant TTC]]-CTS_Source[[#This Row],[Montant Payé]],\"\")","v":""},null,160,null,null,592]
[null,null,null,"01-185",null,null,"1-PRS",4,"TP","Tirage Noir & Blanc / Papier","ML",32.5,100.84033613445379,3277.3109243697481,0,0,3277.3109243697481,0.19,622.6890756302522,3900.0000000000005,{"$f":"IF(CTS_Source[[#This Row],[Montant Payé]]>0,CTS_Source[[#This Row],[Montant TTC]]-CTS_Source[[#This Row],[Montant Payé]],\"\")","v":""},null,120,null,null,593]
[null,null,null,"01-185",null,null,"1-PRS",5,"PP","Traçage Noir & Blanc / Papier ","ML",6.5,201.68067226890759,1310.9243697478994,0,0,1310.9243697478994,0.19,249.07563025210089,1560.0000000000002,{"$f":"IF(CTS_Source[[#This Row],[Montant Payé]]>0,CTS_Source[[#This Row],[Montant TTC]]-CTS_Source[[#This Row],[Montant Payé]],\"\")","v":""},null,240,null,null,594]
["P",17,"2021-01-17",null,"01-186","CLIENT",null,null,"1","Tarif COMPTOIR",null,null,null,126.05042016806723,0,null,126.05042016806723,0.19,23.949579831932773,150,{"$f":"IF(CTS_Source[[#This Row],[Montant Payé]]>0,CTS_Source[[#This Row],[Montant TTC]]-CTS_Source[[#This Row],[Montant Payé]],\"\")","v":0},150,null,0,"01",595]
[null,null,null,"01-186",null,null,"1-PRS",1,"C4","Copie Noir & Blanc A4-R /  Papier","U",9,8.4033613445378155,75.630252100840337,0,0,75.630252100840337,0.19,14.369747899159664,90,{"$f":"IF(CTS_Source[[#This Row],[Montant Payé]]>0,CTS_Source[[#This Row],[Montant TTC]]-CTS_Source[[#This Row],[Montant Payé]],\"\")","v":""},null,10,null,null,596]
[null,null,null,"01-186",null,null,"1-PRS",2,"C8","Copie Noir & Blanc A4-RV /  Papier","U",3,16.806722689075631,50.420168067226896,0,0,50.420168067226896,0.19,9.5798319327731107,60.000000000000007,{"$f":"IF(CTS_Source[[#This Row],[Montant Payé]]>0,CTS_Source[[#This Row],[Montant TTC]]-CTS_Source[[#This Row],[Montant Payé]],\"\")","v":""},null,20,null,null,597]
["P",17,"2021-01-17",null,"01-187","CLIENT",null,null,"1","Tarif COMPTOIR",null,null,null,302.52100840336141,0,null,302.52100840336141,0.19,57.478991596638664,360.00000000000006,{"$f":"IF(CTS_Source[[#This Row],[Montant Payé]]>0,CTS_Source[[#This Row],[Montant TTC]]-CTS_Source[[#This Row],[Montant Payé]],\"\")","v":0},360.00000000000006,null,0,"01",598]
[null,null,null,"01-187",null,null,"1-PRS",1,"C40","Copie Couleur A4-R /  Papier (aucun aplat)","U",6,33.613445378151262,201.68067226890759,0,0,201.68067226890759,0.19,38.319327731092443,240.00000000000003,{"$f":"IF(CTS_Source[[#This Row],[Montant Payé]]>0,CTS_Source[[#This Row],[Montant TTC]]-CTS_Source[[#This Row],[Montant Payé]],\"\")","v":""},null,40,null,null,599]
[null,null,null,"01-187",null,null,"1-PRS",2,"I40","Impression Couleur A4-R /  Papier (aucun aplat)","U",2,50.420168067226896,100.84033613445379,0,0,100.84033613445379,0.19,19.159663865546221,120.00000000000001,{"$f":"IF(CTS_Source[[#This Row],[Montant Payé]]>0,CTS_Source[[#This Row],[Montant TTC]]-CTS_Source[[#This Row],[Montant Payé]],\"\")","v":""},null,60,null,null,600]
["P",17,"2021-01-17",null,"01-188","CLIENT",null,null,"1","Tarif COMPTOIR",null,null,null,336.13445378151266,0,null,336.13445378151266,0.19,63.865546218487403,400.00000000000006,{"$f":"IF(CTS_Source[[#This Row],[Montant Payé]]>0,CTS_Source[[#This Row],[Montant TTC]]-CTS_Source[[#This Row],[Montant Payé]],\"\")","v":0},400.00000000000006,null,0,"01",601]
[null,null,null,"01-188",null,null,"0-PRS",1,"AGP","Agrafage document (agrafes PM) - de 20 f","U",2,8.4033613445378155,16.806722689075631,0,0,16.806722689075631,0.19,3.1932773109243699,20,{"$f":"IF(CTS_Source[[#This Row],[Montant Payé]]>0,CTS_Source[[#This Row],[Montant TTC]]-CTS_Source[[#This Row],[Montant Payé]],\"\")","v":""},null,10,null,null,602]
[null,null,null,"01-188",null,null,"1-PRS",2,"C4","Copie Noir & Blanc A4-R /  Papier","U",2,8.4033613445378155,16.806722689075631,0,0,16.806722689075631,0.19,3.1932773109243699,20,{"$f":"IF(CTS_Source[[#This Row],[Montant Payé]]>0,CTS_Source[[#This Row],[Montant TTC]]-CTS_Source[[#This Row],[Montant Payé]],\"\")","v":""},null,10,null,null,603]
[null,null,null,"01-188",null,null,"1-PRS",3,"TP","Tirage Noir & Blanc / Papier","ML",3,100.84033613445379,302.52100840336141,0,0,302.52100840336141,0.19,57.478991596638664,360.00000000000006,{"$f":"IF(CTS_Source[[#This Row],[Montant Payé]]>0,CTS_Source[[#This Row],[Montant TTC]]-CTS_Source[[#This Row],[Montant Payé]],\"\")","v":""},null,120,null,null,604]
["P",17,"2021-01-17",null,"01-189","CLIENT",null,null,"1","Tarif COMPTOIR",null,null,null,1815.1260504201684,0,null,1815.1260504201684,0.19,344.87394957983201,2160.0000000000005,{"$f":"IF(CTS_Source[[#This Row],[Montant Payé]]>0,CTS_Source[[#This Row],[Montant TTC]]-CTS_Source[[#This Row],[Montant Payé]],\"\")","v":0},2160.0000000000005,null,0,"01",605]
[null,null,null,"01-189",null,null,"1-PRS",1,"TP","Tirage Noir & Blanc / Papier","ML",6,100.84033613445379,605.04201680672281,0,0,605.04201680672281,0.19,114.95798319327733,720.00000000000011,{"$f":"IF(CTS_Source[[#This Row],[Montant Payé]]>0,CTS_Source[[#This Row],[Montant TTC]]-CTS_Source[[#This Row],[Montant Payé]],\"\")","v":""},null,120,null,null,606]
[null,null,null,"01-189",null,null,"1-PRS",2,"PP","Traçage Noir & Blanc / Papier ","ML",6,201.68067226890759,1210.0840336134456,0,0,1210.0840336134456,0.19,229.91596638655466,1440.0000000000002,{"$f":"IF(CTS_Source[[#This Row],[Montant Payé]]>0,CTS_Source[[#This Row],[Montant TTC]]-CTS_Source[[#This Row],[Montant Payé]],\"\")","v":""},null,240,null,null,607]
["P",18,"2021-01-18",null,"01-190","CLIENT",null,null,"1","Tarif COMPTOIR",null,null,null,33.613445378151262,0,null,33.613445378151262,0.19,6.3865546218487399,40,{"$f":"IF(CTS_Source[[#This Row],[Montant Payé]]>0,CTS_Source[[#This Row],[Montant TTC]]-CTS_Source[[#This Row],[Montant Payé]],\"\")","v":0},40,null,0,"01",608]
[null,null,null,"01-190",null,null,"1-PRS",1,"C4","Copie Noir & Blanc A4-R /  Papier","U",4,8.4033613445378155,33.613445378151262,0,0,33.613445378151262,0.19,6.3865546218487399,40,{"$f":"IF(CTS_Source[[#This Row],[Montant Payé]]>0,CTS_Source[[#This Row],[Montant TTC]]-CTS_Source[[#This Row],[Montant Payé]],\"\")","v":""},null,10,null,null,609]
["P",18,"2021-01-18",null,"01-191","CLIENT",null,null,"1","Tarif COMPTOIR",null,null,null,448.73949579831935,0,null,448.73949579831935,0.19,85.260504201680689,534,{"$f":"IF(CTS_Source[[#This Row],[Montant Payé]]>0,CTS_Source[[#This Row],[Montant TTC]]-CTS_Source[[#This Row],[Montant Payé]],\"\")","v":0},534,null,0,"01",610]
[null,null,null,"01-191",null,null,"2-BUR",1,"5-CRPE","Chemise à rabats plastique avec élastiques","U",1,117.64705882352942,117.64705882352942,0,0,117.64705882352942,0.19,22.352941176470591,140,{"$f":"IF(CTS_Source[[#This Row],[Montant Payé]]>0,CTS_Source[[#This Row],[Montant TTC]]-CTS_Source[[#This Row],[Montant Payé]],\"\")","v":""},null,140,null,null,611]
[null,null,null,"01-191",null,null,"0-PRS",2,"C6S","Copie Noir & Blanc A3-RV /  Papier / Spéciale ","U",1,67.226890756302524,67.226890756302524,0,0,67.226890756302524,0.19,12.77310924369748,80,{"$f":"IF(CTS_Source[[#This Row],[Montant Payé]]>0,CTS_Source[[#This Row],[Montant TTC]]-CTS_Source[[#This Row],[Montant Payé]],\"\")","v":""},null,80,null,null,612]
[null,null,null,"01-191",null,null,"0-PRS",3,"AGP","Agrafage document (agrafes PM) - de 20 f","U",2,8.4033613445378155,16.806722689075631,0,0,16.806722689075631,0.19,3.1932773109243699,20,{"$f":"IF(CTS_Source[[#This Row],[Montant Payé]]>0,CTS_Source[[#This Row],[Montant TTC]]-CTS_Source[[#This Row],[Montant Payé]],\"\")","v":""},null,10,null,null,613]
[null,null,null,"01-191",null,null,"1-PRS",4,"C4","Copie Noir & Blanc A4-R /  Papier","U",1,8.4033613445378155,8.4033613445378155,0,0,8.4033613445378155,0.19,1.596638655462185,10,{"$f":"IF(CTS_Source[[#This Row],[Montant Payé]]>0,CTS_Source[[#This Row],[Montant TTC]]-CTS_Source[[#This Row],[Montant Payé]],\"\")","v":""},null,10,null,null,614]
[null,null,null,"01-191",null,null,"0-PRS",5,"C4S","Copie Noir & Blanc A4-R /  Papier / Spéciale","U",1,16.806722689075631,16.806722689075631,0,0,16.806722689075631,0.19,3.1932773109243699,20,{"$f":"IF(CTS_Source[[#This Row],[Montant Payé]]>0,CTS_Source[[#This Row],[Montant TTC]]-CTS_Source[[#This Row],[Montant Payé]],\"\")","v":""},null,20,null,null,615]
[null,null,null,"01-191",null,null,"1-PRS",6,"TP","Tirage Noir & Blanc / Papier","ML",2.2000000000000002,100.84033613445379,221.84873949579836,0,0,221.84873949579836,0.19,42.151260504201687,264.00000000000006,{"$f":"IF(CTS_Source[[#This Row],[Montant Payé]]>0,CTS_Source[[#This Row],[Montant TTC]]-CTS_Source[[#This Row],[Montant Payé]],\"\")","v":""},null,120,null,null,616]
["P",18,"2021-01-18",null,"01-192","CLIENT",null,null,"1","Tarif COMPTOIR",null,null,null,252.10084033613447,0,null,252.10084033613447,0.19,47.899159663865554,300,{"$f":"IF(CTS_Source[[#This Row],[Montant Payé]]>0,CTS_Source[[#This Row],[Montant TTC]]-CTS_Source[[#This Row],[Montant Payé]],\"\")","v":0},300,null,0,"01",617]
[null,null,null,"01-192",null,null,"1-PRS",1,"C8","Copie Noir & Blanc A4-RV /  Papier","U",1,16.806722689075631,16.806722689075631,0,0,16.806722689075631,0.19,3.1932773109243699,20,{"$f":"IF(CTS_Source[[#This Row],[Montant Payé]]>0,CTS_Source[[#This Row],[Montant TTC]]-CTS_Source[[#This Row],[Montant Payé]],\"\")","v":""},null,20,null,null,618]
[null,null,null,"01-192",null,null,"0-PRS",2,"AGP","Agrafage document (agrafes PM) - de 20 f","U",3,8.4033613445378155,25.210084033613448,0,0,25.210084033613448,0.19,4.7899159663865554,30.000000000000004,{"$f":"IF(CTS_Source[[#This Row],[Montant Payé]]>0,CTS_Source[[#This Row],[Montant TTC]]-CTS_Source[[#This Row],[Montant Payé]],\"\")","v":""},null,10,null,null,619]
[null,null,null,"01-192",null,null,"1-PRS",3,"C4","Copie Noir & Blanc A4-R /  Papier","U",25,8.4033613445378155,210.0840336134454,0,0,210.0840336134454,0.19,39.915966386554629,250.00000000000003,{"$f":"IF(CTS_Source[[#This Row],[Montant Payé]]>0,CTS_Source[[#This Row],[Montant TTC]]-CTS_Source[[#This Row],[Montant Payé]],\"\")","v":""},null,10,null,null,620]
["P",18,"2021-01-18",null,"01-193","CLIENT",null,null,"1","Tarif COMPTOIR",null,null,null,314.28571428571433,0,null,314.28571428571433,0.19,59.714285714285722,374.00000000000006,{"$f":"IF(CTS_Source[[#This Row],[Montant Payé]]>0,CTS_Source[[#This Row],[Montant TTC]]-CTS_Source[[#This Row],[Montant Payé]],\"\")","v":0},374.00000000000006,null,0,"01",621]
[null,null,null,"01-193",null,null,"0-PRS",1,"C6S","Copie Noir & Blanc A3-RV /  Papier / Spéciale ","U",1,67.226890756302524,67.226890756302524,0,0,67.226890756302524,0.19,12.77310924369748,80,{"$f":"IF(CTS_Source[[#This Row],[Montant Payé]]>0,CTS_Source[[#This Row],[Montant TTC]]-CTS_Source[[#This Row],[Montant Payé]],\"\")","v":""},null,80,null,null,622]
[null,null,null,"01-193",null,null,"1-PRS",2,"C4","Copie Noir & Blanc A4-R /  Papier","U",1,8.4033613445378155,8.4033613445378155,0,0,8.4033613445378155,0.19,1.596638655462185,10,{"$f":"IF(CTS_Source[[#This Row],[Montant Payé]]>0,CTS_Source[[#This Row],[Montant TTC]]-CTS_Source[[#This Row],[Montant Payé]],\"\")","v":""},null,10,null,null,623]
[null,null,null,"01-193",null,null,"0-PRS",3,"C4S","Copie Noir & Blanc A4-R /  Papier / Spéciale","U",1,16.806722689075631,16.806722689075631,0,0,16.806722689075631,0.19,3.1932773109243699,20,{"$f":"IF(CTS_Source[[#This Row],[Montant Payé]]>0,CTS_Source[[#This Row],[Montant TTC]]-CTS_Source[[#This Row],[Montant Payé]],\"\")","v":""},null,20,null,null,624]
[null,null,null,"01-193",null,null,"1-PRS",4,"TP","Tirage Noir & Blanc / Papier","ML",2.2000000000000002,100.84033613445379,221.84873949579836,0,0,221.84873949579836,0.19,42.151260504201687,264.00000000000006,{"$f":"IF(CTS_Source[[#This Row],[Montant Payé]]>0,CTS_Source[[#This Row],[Montant TTC]]-CTS_Source[[#This Row],[Montant Payé]],\"\")","v":""},null,120,null,null,625]
["P",18,"2021-01-18",null,"01-194","CLIENT",null,null,"1","Tarif COMPTOIR",null,null,null,67.226890756302524,0,null,67.226890756302524,0.19,12.77310924369748,80,{"$f":"IF(CTS_Source[[#This Row],[Montant Payé]]>0,CTS_Source[[#This Row],[Montant TTC]]-CTS_Source[[#This Row],[Montant Payé]],\"\")","v":0},80,null,0,"01",626]
[null,null,null,"01-194",null,null,"0-PRS",1,"C8S","Copie Noir & Blanc A4-RV /  Papier / Spéciale ","U",1,33.613445378151262,33.613445378151262,0,0,33.613445378151262,0.19,6.3865546218487399,40,{"$f":"IF(CTS_Source[[#This Row],[Montant Payé]]>0,CTS_Source[[#This Row],[Montant TTC]]-CTS_Source[[#This Row],[Montant Payé]],\"\")","v":""},null,40,null,null,627]
[null,null,null,"01-194",null,null,"0-PRS",2,"C8S","Copie Noir & Blanc A4-RV /  Papier / Spéciale ","U",1,33.613445378151262,33.613445378151262,0,0,33.613445378151262,0.19,6.3865546218487399,40,{"$f":"IF(CTS_Source[[#This Row],[Montant Payé]]>0,CTS_Source[[#This Row],[Montant TTC]]-CTS_Source[[#This Row],[Montant Payé]],\"\")","v":""},null,40,null,null,628]
["P",18,"2021-01-18",null,"01-195","CLIENT",null,null,"1","Tarif COMPTOIR",null,null,null,490.75630252100848,0,null,490.75630252100848,0.19,93.243697478991606,584.00000000000011,{"$f":"IF(CTS_Source[[#This Row],[Montant Payé]]>0,CTS_Source[[#This Row],[Montant TTC]]-CTS_Source[[#This Row],[Montant Payé]],\"\")","v":0},584.00000000000011,null,0,"01",629]
[null,null,null,"01-195",null,null,"1-PRS",1,"TP","Tirage Noir & Blanc / Papier","ML",4.45,100.84033613445379,448.73949579831941,0,0,448.73949579831941,0.19,85.260504201680689,534.00000000000011,{"$f":"IF(CTS_Source[[#This Row],[Montant Payé]]>0,CTS_Source[[#This Row],[Montant TTC]]-CTS_Source[[#This Row],[Montant Payé]],\"\")","v":""},null,120,null,null,630]
[null,null,null,"01-195",null,null,"1-PRS",2,"C4","Copie Noir & Blanc A4-R /  Papier","U",5,8.4033613445378155,42.016806722689076,0,0,42.016806722689076,0.19,7.9831932773109244,50,{"$f":"IF(CTS_Source[[#This Row],[Montant Payé]]>0,CTS_Source[[#This Row],[Montant TTC]]-CTS_Source[[#This Row],[Montant Payé]],\"\")","v":""},null,10,null,null,631]
["P",18,"2021-01-18",null,"01-196","CLIENT",null,null,"1","Tarif COMPTOIR",null,null,null,3267.2268907563025,0,null,3267.2268907563025,0.19,620.77310924369749,3888,{"$f":"IF(CTS_Source[[#This Row],[Montant Payé]]>0,CTS_Source[[#This Row],[Montant TTC]]-CTS_Source[[#This Row],[Montant Payé]],\"\")","v":0},3888,null,0,"01",632]
[null,null,null,"01-196",null,null,"1-PRS",1,"TP0","Tirage Couleur / Papier (aucun aplat) ","ML",4.8,504.20168067226894,2420.1680672268908,0,0,2420.1680672268908,0.19,459.83193277310926,2880,{"$f":"IF(CTS_Source[[#This Row],[Montant Payé]]>0,CTS_Source[[#This Row],[Montant TTC]]-CTS_Source[[#This Row],[Montant Payé]],\"\")","v":""},null,600,null,null,633]
[null,null,null,"01-196",null,null,"1-PRS",2,"PP0","Traçage Couleur / Papier (aucun aplat)","ML",1.2,705.88235294117646,847.05882352941171,0,0,847.05882352941171,0.19,160.94117647058823,1008,{"$f":"IF(CTS_Source[[#This Row],[Montant Payé]]>0,CTS_Source[[#This Row],[Montant TTC]]-CTS_Source[[#This Row],[Montant Payé]],\"\")","v":""},null,840,null,null,634]
["P",18,"2021-01-18",null,"01-197","CLIENT",null,null,"1","Tarif COMPTOIR",null,null,null,7058.8235294117649,0,null,7058.8235294117649,0.19,1341.1764705882354,8400,{"$f":"IF(CTS_Source[[#This Row],[Montant Payé]]>0,CTS_Source[[#This Row],[Montant TTC]]-CTS_Source[[#This Row],[Montant Payé]],\"\")","v":0},8400,null,0,"01",635]
[null,null,null,"01-197",null,null,"0-PRS",1,"R4S1","Reliure  A4 Spirale n° 06 à 18 + Transp. + Bristol","U",2,126.05042016806723,252.10084033613447,0,0,252.10084033613447,0.19,47.899159663865547,300,{"$f":"IF(CTS_Source[[#This Row],[Montant Payé]]>0,CTS_Source[[#This Row],[Montant TTC]]-CTS_Source[[#This Row],[Montant Payé]],\"\")","v":""},null,150,null,null,636]
[null,null,null,"01-197",null,null,"0-PRS",2,"AGP","Agrafage document (agrafes PM) - de 20 f","U",6,8.4033613445378155,50.420168067226896,0,0,50.420168067226896,0.19,9.5798319327731107,60.000000000000007,{"$f":"IF(CTS_Source[[#This Row],[Montant Payé]]>0,CTS_Source[[#This Row],[Montant TTC]]-CTS_Source[[#This Row],[Montant Payé]],\"\")","v":""},null,10,null,null,637]
[null,null,null,"01-197",null,null,"1-PRS",3,"C4","Copie Noir & Blanc A4-R /  Papier","U",60,8.4033613445378155,504.20168067226894,0,0,504.20168067226894,0.19,95.798319327731093,600,{"$f":"IF(CTS_Source[[#This Row],[Montant Payé]]>0,CTS_Source[[#This Row],[Montant TTC]]-CTS_Source[[#This Row],[Montant Payé]],\"\")","v":""},null,10,null,null,638]
[null,null,null,"01-197",null,null,"0-PRS",4,"C42","Copie Couleur A4-R /  Papier (tout aplat)","U",93,67.226890756302524,6252.1008403361348,0,0,6252.1008403361348,0.19,1187.8991596638657,7440,{"$f":"IF(CTS_Source[[#This Row],[Montant Payé]]>0,CTS_Source[[#This Row],[Montant TTC]]-CTS_Source[[#This Row],[Montant Payé]],\"\")","v":""},null,80,null,null,639]
["P",18,"2021-01-18",null,"01-198","CLIENT",null,null,"1","Tarif COMPTOIR",null,null,null,1109.2436974789916,0,null,1109.2436974789916,0.19,210.75630252100842,1320,{"$f":"IF(CTS_Source[[#This Row],[Montant Payé]]>0,CTS_Source[[#This Row],[Montant TTC]]-CTS_Source[[#This Row],[Montant Payé]],\"\")","v":0},1320,null,0,"01",640]
[null,null,null,"01-198",null,null,"1-PRS",1,"C30","Copie Couleur A3-R /  Papier (aucun aplat)","U",2,67.226890756302524,134.45378151260505,0,0,134.45378151260505,0.19,25.54621848739496,160,{"$f":"IF(CTS_Source[[#This Row],[Montant Payé]]>0,CTS_Source[[#This Row],[Montant TTC]]-CTS_Source[[#This Row],[Montant Payé]],\"\")","v":""},null,80,null,null,641]
[null,null,null,"01-198",null,null,"0-PRS",2,"C60","Copie Couleur A3-RV /  Papier (aucun aplat) ","U",4,134.45378151260505,537.81512605042019,0,0,537.81512605042019,0.19,102.18487394957984,640,{"$f":"IF(CTS_Source[[#This Row],[Montant Payé]]>0,CTS_Source[[#This Row],[Montant TTC]]-CTS_Source[[#This Row],[Montant Payé]],\"\")","v":""},null,160,null,null,642]
[null,null,null,"01-198",null,null,"0-PRS",3,"C41","Copie Couleur A4-R /  Papier (avec aplats)","U",4,50.420168067226896,201.68067226890759,0,0,201.68067226890759,0.19,38.319327731092443,240.00000000000003,{"$f":"IF(CTS_Source[[#This Row],[Montant Payé]]>0,CTS_Source[[#This Row],[Montant TTC]]-CTS_Source[[#This Row],[Montant Payé]],\"\")","v":""},null,60,null,null,643]
[null,null,null,"01-198",null,null,"1-PRS",4,"C4","Copie Noir & Blanc A4-R /  Papier","U",8,8.4033613445378155,67.226890756302524,0,0,67.226890756302524,0.19,12.77310924369748,80,{"$f":"IF(CTS_Source[[#This Row],[Montant Payé]]>0,CTS_Source[[#This Row],[Montant TTC]]-CTS_Source[[#This Row],[Montant Payé]],\"\")","v":""},null,10,null,null,644]
[null,null,null,"01-198",null,null,"0-PRS",5,"R4B1","Reliure  A4 Baguette n° 03 à 08 + Transp. + Bristol","U",2,84.033613445378151,168.0672268907563,0,0,168.0672268907563,0.19,31.932773109243698,200,{"$f":"IF(CTS_Source[[#This Row],[Montant Payé]]>0,CTS_Source[[#This Row],[Montant TTC]]-CTS_Source[[#This Row],[Montant Payé]],\"\")","v":""},null,100,null,null,645]
["P",18,"2021-01-18",null,"01-199","CLIENT",null,null,"1","Tarif COMPTOIR",null,null,null,1277.3109243697479,0,null,1277.3109243697479,0.19,242.68907563025212,1520,{"$f":"IF(CTS_Source[[#This Row],[Montant Payé]]>0,CTS_Source[[#This Row],[Montant TTC]]-CTS_Source[[#This Row],[Montant Payé]],\"\")","v":0},1520,null,0,"01",646]
[null,null,null,"01-199",null,null,"0-PRS",1,"R3S1","Reliure  A3 Spirale n° 06 à 18 + Transp. + Bristol","U",3,168.0672268907563,504.20168067226894,0,0,504.20168067226894,0.19,95.798319327731093,600,{"$f":"IF(CTS_Source[[#This Row],[Montant Payé]]>0,CTS_Source[[#This Row],[Montant TTC]]-CTS_Source[[#This Row],[Montant Payé]],\"\")","v":""},null,200,null,null,647]
[null,null,null,"01-199",null,null,"0-PRS",2,"C30B","Copie Couleur A3-R / Bristol (aucun aplat)","U",4,84.033613445378151,336.1344537815126,0,0,336.1344537815126,0.19,63.865546218487395,400,{"$f":"IF(CTS_Source[[#This Row],[Montant Payé]]>0,CTS_Source[[#This Row],[Montant TTC]]-CTS_Source[[#This Row],[Montant Payé]],\"\")","v":""},null,100,null,null,648]
[null,null,null,"01-199",null,null,"0-PRS",3,"I30B","Impression Couleur A3-R / Bristol (aucun aplat)","U",2,117.64705882352942,235.29411764705884,0,0,235.29411764705884,0.19,44.705882352941181,280,{"$f":"IF(CTS_Source[[#This Row],[Montant Payé]]>0,CTS_Source[[#This Row],[Montant TTC]]-CTS_Source[[#This Row],[Montant Payé]],\"\")","v":""},null,140,null,null,649]
[null,null,null,"01-199",null,null,"0-PRS",4,"NP0","Numérisation Couleur de plan ou carte","ML",0.5,403.36134453781517,201.68067226890759,0,0,201.68067226890759,0.19,38.319327731092443,240.00000000000003,{"$f":"IF(CTS_Source[[#This Row],[Montant Payé]]>0,CTS_Source[[#This Row],[Montant TTC]]-CTS_Source[[#This Row],[Montant Payé]],\"\")","v":""},null,480,null,null,650]
["P",18,"2021-01-18",null,"01-200","CLIENT",null,null,"1","Tarif COMPTOIR",null,null,null,436.97478991596643,0,null,436.97478991596643,0.19,83.025210084033617,520,{"$f":"IF(CTS_Source[[#This Row],[Montant Payé]]>0,CTS_Source[[#This Row],[Montant TTC]]-CTS_Source[[#This Row],[Montant Payé]],\"\")","v":0},520,null,0,"01",651]
[null,null,null,"01-200",null,null,"0-PRS",1,"N40","Numérisation Couleur A4 à plat","U",10,33.613445378151262,336.1344537815126,0,0,336.1344537815126,0.19,63.865546218487395,400,{"$f":"IF(CTS_Source[[#This Row],[Montant Payé]]>0,CTS_Source[[#This Row],[Montant TTC]]-CTS_Source[[#This Row],[Montant Payé]],\"\")","v":""},null,40,null,null,652]
[null,null,null,"01-200",null,null,"1-PRS",2,"I40","Impression Couleur A4-R /  Papier (aucun aplat)","U",2,50.420168067226896,100.84033613445379,0,0,100.84033613445379,0.19,19.159663865546221,120.00000000000001,{"$f":"IF(CTS_Source[[#This Row],[Montant Payé]]>0,CTS_Source[[#This Row],[Montant TTC]]-CTS_Source[[#This Row],[Montant Payé]],\"\")","v":""},null,60,null,null,653]
["P",18,"2021-01-18",null,"01-201","CLIENT",null,null,"1","Tarif COMPTOIR",null,null,null,6050.4201680672268,0,null,6050.4201680672268,0.19,1149.579831932773,7200,{"$f":"IF(CTS_Source[[#This Row],[Montant Payé]]>0,CTS_Source[[#This Row],[Montant TTC]]-CTS_Source[[#This Row],[Montant Payé]],\"\")","v":0},7200,null,0,"01",654]
[null,null,null,"01-201",null,null,"1-PRS",1,"TP0","Tirage Couleur / Papier (aucun aplat) ","ML",12,504.20168067226894,6050.4201680672268,0,0,6050.4201680672268,0.19,1149.579831932773,7200,{"$f":"IF(CTS_Source[[#This Row],[Montant Payé]]>0,CTS_Source[[#This Row],[Montant TTC]]-CTS_Source[[#This Row],[Montant Payé]],\"\")","v":""},null,600,null,null,655]
["C",18,"2021-01-18",null,"01-202","NOSOCLEAN",null,null,"2","Tarif CONVENTION",null,null,null,4312,0,null,4312,0.19,819.28,5131.28,{"$f":"IF(CTS_Source[[#This Row],[Montant Payé]]>0,CTS_Source[[#This Row],[Montant TTC]]-CTS_Source[[#This Row],[Montant Payé]],\"\")","v":0},5131.28,null,0,"01",656]
[null,null,null,"01-202",null,null,"1-PRS",1,"C6","Copie Noir & Blanc A3-RV /  Papier","U",9,28,252,0,0,252,0.19,47.88,299.88,{"$f":"IF(CTS_Source[[#This Row],[Montant Payé]]>0,CTS_Source[[#This Row],[Montant TTC]]-CTS_Source[[#This Row],[Montant Payé]],\"\")","v":""},null,33.32,null,null,657]
[null,null,null,"01-202",null,null,"1-PRS",2,"C4","Copie Noir & Blanc A4-R /  Papier","U",510,7,3570,0,0,3570,0.19,678.3,4248.3,{"$f":"IF(CTS_Source[[#This Row],[Montant Payé]]>0,CTS_Source[[#This Row],[Montant TTC]]-CTS_Source[[#This Row],[Montant Payé]],\"\")","v":""},null,8.33,null,null,658]
[null,null,null,"01-202",null,null,"0-PRS",3,"R4B3","Reliure  A4 Baguette n° 20 à 30 + Transp. + Bristol","U",1,140,140,0,0,140,0.19,26.6,166.6,{"$f":"IF(CTS_Source[[#This Row],[Montant Payé]]>0,CTS_Source[[#This Row],[Montant TTC]]-CTS_Source[[#This Row],[Montant Payé]],\"\")","v":""},null,166.6,null,null,659]
[null,null,null,"01-202",null,null,"0-PRS",4,"R4S3","Reliure  A4 Spirale n° 32 à 51 + Transp. + Bristol","U",2,175,350,0,0,350,0.19,66.5,416.5,{"$f":"IF(CTS_Source[[#This Row],[Montant Payé]]>0,CTS_Source[[#This Row],[Montant TTC]]-CTS_Source[[#This Row],[Montant Payé]],\"\")","v":""},null,208.25,null,null,660]
["P",18,"2021-01-18",null,"01-203","CLIENT",null,null,"1","Tarif COMPTOIR",null,null,null,168.0672268907563,0,null,168.0672268907563,0.19,31.932773109243698,200,{"$f":"IF(CTS_Source[[#This Row],[Montant Payé]]>0,CTS_Source[[#This Row],[Montant TTC]]-CTS_Source[[#This Row],[Montant Payé]],\"\")","v":0},200,null,0,"01",661]
[null,null,null,"01-203",null,null,"1-PRS",1,"C40","Copie Couleur A4-R /  Papier (aucun aplat)","U",5,33.613445378151262,168.0672268907563,0,0,168.0672268907563,0.19,31.932773109243698,200,{"$f":"IF(CTS_Source[[#This Row],[Montant Payé]]>0,CTS_Source[[#This Row],[Montant TTC]]-CTS_Source[[#This Row],[Montant Payé]],\"\")","v":""},null,40,null,null,662]
["P",18,"2021-01-18",null,"01-204","CLIENT",null,null,"1","Tarif COMPTOIR",null,null,null,2393.2773109243694,0,null,2393.2773109243694,0.19,454.72268907563023,2847.9999999999995,{"$f":"IF(CTS_Source[[#This Row],[Montant Payé]]>0,CTS_Source[[#This Row],[Montant TTC]]-CTS_Source[[#This Row],[Montant Payé]],\"\")","v":0},2847.9999999999995,null,0,"01",663]
[null,null,null,"01-204",null,null,"1-PRS",1,"C4","Copie Noir & Blanc A4-R /  Papier","U",55,8.4033613445378155,462.18487394957987,0,0,462.18487394957987,0.19,87.815126050420176,550,{"$f":"IF(CTS_Source[[#This Row],[Montant Payé]]>0,CTS_Source[[#This Row],[Montant TTC]]-CTS_Source[[#This Row],[Montant Payé]],\"\")","v":""},null,10,null,null,664]
[null,null,null,"01-204",null,null,"0-PRS",2,"AGP","Agrafage document (agrafes PM) - de 20 f","U",5,8.4033613445378155,42.016806722689076,0,0,42.016806722689076,0.19,7.9831932773109244,50,{"$f":"IF(CTS_Source[[#This Row],[Montant Payé]]>0,CTS_Source[[#This Row],[Montant TTC]]-CTS_Source[[#This Row],[Montant Payé]],\"\")","v":""},null,10,null,null,665]
[null,null,null,"01-204",null,null,"1-PRS",3,"I4","Impression Noir & Blanc A4-R /  Papier","U",6,16.806722689075631,100.84033613445379,0,0,100.84033613445379,0.19,19.159663865546221,120.00000000000001,{"$f":"IF(CTS_Source[[#This Row],[Montant Payé]]>0,CTS_Source[[#This Row],[Montant TTC]]-CTS_Source[[#This Row],[Montant Payé]],\"\")","v":""},null,20,null,null,666]
[null,null,null,"01-204",null,null,"1-PRS",4,"TP","Tirage Noir & Blanc / Papier","ML",15.15,100.84033613445379,1527.7310924369749,0,0,1527.7310924369749,0.19,290.26890756302521,1818,{"$f":"IF(CTS_Source[[#This Row],[Montant Payé]]>0,CTS_Source[[#This Row],[Montant TTC]]-CTS_Source[[#This Row],[Montant Payé]],\"\")","v":""},null,120,null,null,667]
[null,null,null,"01-204",null,null,"2-BUR",5,"6-BACR","Boite d'archives en carton rigide","U",1,134.45378151260505,134.45378151260505,0,0,134.45378151260505,0.19,25.54621848739496,160,{"$f":"IF(CTS_Source[[#This Row],[Montant Payé]]>0,CTS_Source[[#This Row],[Montant TTC]]-CTS_Source[[#This Row],[Montant Payé]],\"\")","v":""},null,160,null,null,668]
[null,null,null,"01-204",null,null,"2-BUR",6,"5-SCS","Sous chemise simple","U",5,12.605042016806724,63.025210084033617,0,0,63.025210084033617,0.19,11.974789915966387,75,{"$f":"IF(CTS_Source[[#This Row],[Montant Payé]]>0,CTS_Source[[#This Row],[Montant TTC]]-CTS_Source[[#This Row],[Montant Payé]],\"\")","v":""},null,15,null,null,669]
[null,null,null,"01-204",null,null,"2-BUR",7,"5-CDS","Chemise dossier simple","U",5,12.605042016806724,63.025210084033617,0,0,63.025210084033617,0.19,11.974789915966387,75,{"$f":"IF(CTS_Source[[#This Row],[Montant Payé]]>0,CTS_Source[[#This Row],[Montant TTC]]-CTS_Source[[#This Row],[Montant Payé]],\"\")","v":""},null,15,null,null,670]
["P",18,"2021-01-18",null,"01-205","CLIENT",null,null,"1","Tarif COMPTOIR",null,null,null,294.11764705882354,0,null,294.11764705882354,0.19,55.882352941176478,350,{"$f":"IF(CTS_Source[[#This Row],[Montant Payé]]>0,CTS_Source[[#This Row],[Montant TTC]]-CTS_Source[[#This Row],[Montant Payé]],\"\")","v":0},350,null,0,"01",671]
[null,null,null,"01-205",null,null,"0-PRS",1,"R4B1","Reliure  A4 Baguette n° 03 à 08 + Transp. + Bristol","U",1,84.033613445378151,84.033613445378151,0,0,84.033613445378151,0.19,15.966386554621849,100,{"$f":"IF(CTS_Source[[#This Row],[Montant Payé]]>0,CTS_Source[[#This Row],[Montant TTC]]-CTS_Source[[#This Row],[Montant Payé]],\"\")","v":""},null,100,null,null,672]
[null,null,null,"01-205",null,null,"1-PRS",2,"C40","Copie Couleur A4-R /  Papier (aucun aplat)","U",2,33.613445378151262,67.226890756302524,0,0,67.226890756302524,0.19,12.77310924369748,80,{"$f":"IF(CTS_Source[[#This Row],[Montant Payé]]>0,CTS_Source[[#This Row],[Montant TTC]]-CTS_Source[[#This Row],[Montant Payé]],\"\")","v":""},null,40,null,null,673]
[null,null,null,"01-205",null,null,"1-PRS",3,"I40","Impression Couleur A4-R /  Papier (aucun aplat)","U",1,50.420168067226896,50.420168067226896,0,0,50.420168067226896,0.19,9.5798319327731107,60.000000000000007,{"$f":"IF(CTS_Source[[#This Row],[Montant Payé]]>0,CTS_Source[[#This Row],[Montant TTC]]-CTS_Source[[#This Row],[Montant Payé]],\"\")","v":""},null,60,null,null,674]
[null,null,null,"01-205",null,null,"2-BUR",4,"8-TA31","Trombones Argentés 31 mm / 100 u","U",1,46.218487394957982,46.218487394957982,0,0,46.218487394957982,0.19,8.7815126050420176,55,{"$f":"IF(CTS_Source[[#This Row],[Montant Payé]]>0,CTS_Source[[#This Row],[Montant TTC]]-CTS_Source[[#This Row],[Montant Payé]],\"\")","v":""},null,55,null,null,675]
[null,null,null,"01-205",null,null,"2-BUR",5,"8-AGL","Agrafes galvanisées 24/06","U",1,46.218487394957982,46.218487394957982,0,0,46.218487394957982,0.19,8.7815126050420176,55,{"$f":"IF(CTS_Source[[#This Row],[Montant Payé]]>0,CTS_Source[[#This Row],[Montant TTC]]-CTS_Source[[#This Row],[Montant Payé]],\"\")","v":""},null,55,null,null,676]
["P",19,"2021-01-19",null,"01-206","CLIENT",null,null,"1","Tarif COMPTOIR",null,null,null,453.78151260504205,0,null,453.78151260504205,0.19,86.21848739495799,540,{"$f":"IF(CTS_Source[[#This Row],[Montant Payé]]>0,CTS_Source[[#This Row],[Montant TTC]]-CTS_Source[[#This Row],[Montant Payé]],\"\")","v":0},540,null,0,"01",677]
[null,null,null,"01-206",null,null,"1-PRS",1,"TP","Tirage Noir & Blanc / Papier","ML",4.5,100.84033613445379,453.78151260504205,0,0,453.78151260504205,0.19,86.21848739495799,540,{"$f":"IF(CTS_Source[[#This Row],[Montant Payé]]>0,CTS_Source[[#This Row],[Montant TTC]]-CTS_Source[[#This Row],[Montant Payé]],\"\")","v":""},null,120,null,null,678]
["P",19,"2021-01-19",null,"01-207","CLIENT",null,null,"1","Tarif COMPTOIR",null,null,null,221.84873949579836,0,null,221.84873949579836,0.19,42.151260504201687,264.00000000000006,{"$f":"IF(CTS_Source[[#This Row],[Montant Payé]]>0,CTS_Source[[#This Row],[Montant TTC]]-CTS_Source[[#This Row],[Montant Payé]],\"\")","v":0},264.00000000000006,null,0,"01",679]
[null,null,null,"01-207",null,null,"1-PRS",1,"TP","Tirage Noir & Blanc / Papier","ML",2.2000000000000002,100.84033613445379,221.84873949579836,0,0,221.84873949579836,0.19,42.151260504201687,264.00000000000006,{"$f":"IF(CTS_Source[[#This Row],[Montant Payé]]>0,CTS_Source[[#This Row],[Montant TTC]]-CTS_Source[[#This Row],[Montant Payé]],\"\")","v":""},null,120,null,null,680]
["P",19,"2021-01-19",null,"01-208","CLIENT",null,null,"1","Tarif COMPTOIR",null,null,null,168.0672268907563,0,null,168.0672268907563,0.19,31.932773109243698,200,{"$f":"IF(CTS_Source[[#This Row],[Montant Payé]]>0,CTS_Source[[#This Row],[Montant TTC]]-CTS_Source[[#This Row],[Montant Payé]],\"\")","v":0},200,null,0,"01",681]
[null,null,null,"01-208",null,null,"0-PRS",1,"I42","Impression Couleur A4-R /  Papier (tout aplat)","U",2,84.033613445378151,168.0672268907563,0,0,168.0672268907563,0.19,31.932773109243698,200,{"$f":"IF(CTS_Source[[#This Row],[Montant Payé]]>0,CTS_Source[[#This Row],[Montant TTC]]-CTS_Source[[#This Row],[Montant Payé]],\"\")","v":""},null,100,null,null,682]
["P",19,"2021-01-19",null,"01-209","CLIENT",null,null,"1","Tarif COMPTOIR",null,null,null,50.420168067226896,0,null,50.420168067226896,0.19,9.5798319327731107,60.000000000000007,{"$f":"IF(CTS_Source[[#This Row],[Montant Payé]]>0,CTS_Source[[#This Row],[Montant TTC]]-CTS_Source[[#This Row],[Montant Payé]],\"\")","v":0},60.000000000000007,null,0,"01",683]
[null,null,null,"01-209",null,null,"1-PRS",1,"TP","Tirage Noir & Blanc / Papier","ML",0.5,100.84033613445379,50.420168067226896,0,0,50.420168067226896,0.19,9.5798319327731107,60.000000000000007,{"$f":"IF(CTS_Source[[#This Row],[Montant Payé]]>0,CTS_Source[[#This Row],[Montant TTC]]-CTS_Source[[#This Row],[Montant Payé]],\"\")","v":""},null,120,null,null,684]
["P",19,"2021-01-19",null,"01-210","CLIENT",null,null,"1","Tarif COMPTOIR",null,null,null,436.97478991596643,0,null,436.97478991596643,0.19,83.025210084033631,520,{"$f":"IF(CTS_Source[[#This Row],[Montant Payé]]>0,CTS_Source[[#This Row],[Montant TTC]]-CTS_Source[[#This Row],[Montant Payé]],\"\")","v":20},500,null,0,"01",685]
[null,null,null,"01-210",null,null,"1-PRS",1,"C40","Copie Couleur A4-R /  Papier (aucun aplat)","U",1,33.613445378151262,33.613445378151262,0,0,33.613445378151262,0.19,6.3865546218487399,40,{"$f":"IF(CTS_Source[[#This Row],[Montant Payé]]>0,CTS_Source[[#This Row],[Montant TTC]]-CTS_Source[[#This Row],[Montant Payé]],\"\")","v":""},null,40,null,null,686]
[null,null,null,"01-210",null,null,"0-PRS",2,"C80","Copie Couleur A4-RV /  Papier (aucun aplat)","U",6,67.226890756302524,403.36134453781517,0,0,403.36134453781517,0.19,76.638655462184886,480.00000000000006,{"$f":"IF(CTS_Source[[#This Row],[Montant Payé]]>0,CTS_Source[[#This Row],[Montant TTC]]-CTS_Source[[#This Row],[Montant Payé]],\"\")","v":""},null,80,null,null,687]
["p",19,"2021-01-19",null,"01-211","CLIENT",null,null,"1","Tarif COMPTOIR",null,null,null,260.50420168067228,0,null,260.50420168067228,0.19,49.495798319327733,310,{"$f":"IF(CTS_Source[[#This Row],[Montant Payé]]>0,CTS_Source[[#This Row],[Montant TTC]]-CTS_Source[[#This Row],[Montant Payé]],\"\")","v":10},300,null,0,"01",688]
[null,null,null,"01-211",null,null,"0-PRS",1,"AGP","Agrafage document (agrafes PM) - de 20 f","U",2,8.4033613445378155,16.806722689075631,0,0,16.806722689075631,0.19,3.1932773109243699,20,{"$f":"IF(CTS_Source[[#This Row],[Montant Payé]]>0,CTS_Source[[#This Row],[Montant TTC]]-CTS_Source[[#This Row],[Montant Payé]],\"\")","v":""},null,10,null,null,689]
[null,null,null,"01-211",null,null,"1-PRS",2,"C4","Copie Noir & Blanc A4-R /  Papier","U",15,8.4033613445378155,126.05042016806723,0,0,126.05042016806723,0.19,23.949579831932773,150,{"$f":"IF(CTS_Source[[#This Row],[Montant Payé]]>0,CTS_Source[[#This Row],[Montant TTC]]-CTS_Source[[#This Row],[Montant Payé]],\"\")","v":""},null,10,null,null,690]
[null,null,null,"01-211",null,null,"0-PRS",3,"C6S","Copie Noir & Blanc A3-RV /  Papier / Spéciale ","U",1,67.226890756302524,67.226890756302524,0,0,67.226890756302524,0.19,12.77310924369748,80,{"$f":"IF(CTS_Source[[#This Row],[Montant Payé]]>0,CTS_Source[[#This Row],[Montant TTC]]-CTS_Source[[#This Row],[Montant Payé]],\"\")","v":""},null,80,null,null,691]
[null,null,null,"01-211",null,null,"0-PRS",4,"C4S","Copie Noir & Blanc A4-R /  Papier / Spéciale","U",3,16.806722689075631,50.420168067226896,0,0,50.420168067226896,0.19,9.5798319327731107,60.000000000000007,{"$f":"IF(CTS_Source[[#This Row],[Montant Payé]]>0,CTS_Source[[#This Row],[Montant TTC]]-CTS_Source[[#This Row],[Montant Payé]],\"\")","v":""},null,20,null,null,692]
["p",19,"2021-01-19",null,"01-212","CLIENT",null,null,"1","Tarif COMPTOIR",null,null,null,50.420168067226896,0,null,50.420168067226896,0.19,9.5798319327731107,60.000000000000007,{"$f":"IF(CTS_Source[[#This Row],[Montant Payé]]>0,CTS_Source[[#This Row],[Montant TTC]]-CTS_Source[[#This Row],[Montant Payé]],\"\")","v":0},60.000000000000007,null,0,"01",693]
[null,null,null,"01-212",null,null,"1-PRS",1,"C6","Copie Noir & Blanc A3-RV /  Papier","U",1,33.613445378151262,33.613445378151262,0,0,33.613445378151262,0.19,6.3865546218487399,40,{"$f":"IF(CTS_Source[[#This Row],[Montant Payé]]>0,CTS_Source[[#This Row],[Montant TTC]]-CTS_Source[[#This Row],[Montant Payé]],\"\")","v":""},null,40,null,null,694]
[null,null,null,"01-212",null,null,"1-PRS",2,"C8","Copie Noir & Blanc A4-RV /  Papier","U",1,16.806722689075631,16.806722689075631,0,0,16.806722689075631,0.19,3.1932773109243699,20,{"$f":"IF(CTS_Source[[#This Row],[Montant Payé]]>0,CTS_Source[[#This Row],[Montant TTC]]-CTS_Source[[#This Row],[Montant Payé]],\"\")","v":""},null,20,null,null,695]
["p",19,"2021-01-19",null,"01-213","CLIENT",null,null,"1","Tarif COMPTOIR",null,null,null,75.630252100840352,0,null,75.630252100840352,0.19,14.369747899159666,90.000000000000014,{"$f":"IF(CTS_Source[[#This Row],[Montant Payé]]>0,CTS_Source[[#This Row],[Montant TTC]]-CTS_Source[[#This Row],[Montant Payé]],\"\")","v":0},90.000000000000014,null,0,"01",696]
[null,null,null,"01-213",null,null,"1-PRS",1,"I4","Impression Noir & Blanc A4-R /  Papier","U",3,16.806722689075631,50.420168067226896,0,0,50.420168067226896,0.19,9.5798319327731107,60.000000000000007,{"$f":"IF(CTS_Source[[#This Row],[Montant Payé]]>0,CTS_Source[[#This Row],[Montant TTC]]-CTS_Source[[#This Row],[Montant Payé]],\"\")","v":""},null,20,null,null,697]
[null,null,null,"01-213",null,null,"1-PRS",2,"C4","Copie Noir & Blanc A4-R /  Papier","U",3,8.4033613445378155,25.210084033613448,0,0,25.210084033613448,0.19,4.7899159663865554,30.000000000000004,{"$f":"IF(CTS_Source[[#This Row],[Montant Payé]]>0,CTS_Source[[#This Row],[Montant TTC]]-CTS_Source[[#This Row],[Montant Payé]],\"\")","v":""},null,10,null,null,698]
["P",19,"2021-01-19",null,"01-214","CLIENT",null,null,"1","Tarif COMPTOIR",null,null,null,1344.5378151260504,0,null,1344.5378151260504,0.19,255.46218487394961,1600,{"$f":"IF(CTS_Source[[#This Row],[Montant Payé]]>0,CTS_Source[[#This Row],[Montant TTC]]-CTS_Source[[#This Row],[Montant Payé]],\"\")","v":0},1600,null,0,"01",699]
[null,null,null,"01-214",null,null,"1-PRS",1,"C4","Copie Noir & Blanc A4-R /  Papier","U",84,8.4033613445378155,705.88235294117646,0,0,705.88235294117646,0.19,134.11764705882354,840,{"$f":"IF(CTS_Source[[#This Row],[Montant Payé]]>0,CTS_Source[[#This Row],[Montant TTC]]-CTS_Source[[#This Row],[Montant Payé]],\"\")","v":""},null,10,null,null,700]
[null,null,null,"01-214",null,null,"0-PRS",2,"C41","Copie Couleur A4-R /  Papier (avec aplats)","U",2,50.420168067226896,100.84033613445379,0,0,100.84033613445379,0.19,19.159663865546221,120.00000000000001,{"$f":"IF(CTS_Source[[#This Row],[Montant Payé]]>0,CTS_Source[[#This Row],[Montant TTC]]-CTS_Source[[#This Row],[Montant Payé]],\"\")","v":""},null,60,null,null,701]
[null,null,null,"01-214",null,null,"0-PRS",3,"C42","Copie Couleur A4-R /  Papier (tout aplat)","U",4,67.226890756302524,268.9075630252101,0,0,268.9075630252101,0.19,51.092436974789919,320,{"$f":"IF(CTS_Source[[#This Row],[Montant Payé]]>0,CTS_Source[[#This Row],[Montant TTC]]-CTS_Source[[#This Row],[Montant Payé]],\"\")","v":""},null,80,null,null,702]
[null,null,null,"01-214",null,null,"1-PRS",4,"C3","Copie Noir & Blanc A3-R /  Papier ","U",6,16.806722689075631,100.84033613445379,0,0,100.84033613445379,0.19,19.159663865546221,120.00000000000001,{"$f":"IF(CTS_Source[[#This Row],[Montant Payé]]>0,CTS_Source[[#This Row],[Montant TTC]]-CTS_Source[[#This Row],[Montant Payé]],\"\")","v":""},null,20,null,null,703]
[null,null,null,"01-214",null,null,"0-PRS",5,"R4B1","Reliure  A4 Baguette n° 03 à 08 + Transp. + Bristol","U",2,84.033613445378151,168.0672268907563,0,0,168.0672268907563,0.19,31.932773109243698,200,{"$f":"IF(CTS_Source[[#This Row],[Montant Payé]]>0,CTS_Source[[#This Row],[Montant TTC]]-CTS_Source[[#This Row],[Montant Payé]],\"\")","v":""},null,100,null,null,704]
["P",19,"2021-01-19",null,"01-215","CLIENT",null,null,"1","Tarif COMPTOIR",null,null,null,294.11764705882354,0,null,294.11764705882354,0.19,55.882352941176471,350,{"$f":"IF(CTS_Source[[#This Row],[Montant Payé]]>0,CTS_Source[[#This Row],[Montant TTC]]-CTS_Source[[#This Row],[Montant Payé]],\"\")","v":0},350,null,0,"01",705]
[null,null,null,"01-215",null,null,"0-PRS",1,"AGP","Agrafage document (agrafes PM) - de 20 f","U",5,8.4033613445378155,42.016806722689076,0,0,42.016806722689076,0.19,7.9831932773109244,50,{"$f":"IF(CTS_Source[[#This Row],[Montant Payé]]>0,CTS_Source[[#This Row],[Montant TTC]]-CTS_Source[[#This Row],[Montant Payé]],\"\")","v":""},null,10,null,null,706]
[null,null,null,"01-215",null,null,"1-PRS",2,"C4","Copie Noir & Blanc A4-R /  Papier","U",30,8.4033613445378155,252.10084033613447,0,0,252.10084033613447,0.19,47.899159663865547,300,{"$f":"IF(CTS_Source[[#This Row],[Montant Payé]]>0,CTS_Source[[#This Row],[Montant TTC]]-CTS_Source[[#This Row],[Montant Payé]],\"\")","v":""},null,10,null,null,707]
["P",19,"2021-01-19",null,"01-216","CLIENT",null,null,"1","Tarif COMPTOIR",null,null,null,134.45378151260505,0,null,134.45378151260505,0.19,25.54621848739496,160,{"$f":"IF(CTS_Source[[#This Row],[Montant Payé]]>0,CTS_Source[[#This Row],[Montant TTC]]-CTS_Source[[#This Row],[Montant Payé]],\"\")","v":0},160,null,0,"01",708]
[null,null,null,"01-216",null,null,"1-PRS",1,"I3","Impression Noir & Blanc A3-R /  Papier","U",4,33.613445378151262,134.45378151260505,0,0,134.45378151260505,0.19,25.54621848739496,160,{"$f":"IF(CTS_Source[[#This Row],[Montant Payé]]>0,CTS_Source[[#This Row],[Montant TTC]]-CTS_Source[[#This Row],[Montant Payé]],\"\")","v":""},null,40,null,null,709]
["P",19,"2021-01-19",null,"01-217","CLIENT",null,null,"1","Tarif COMPTOIR",null,null,null,921.00840336134456,0,null,921.00840336134456,0.19,174.99159663865549,1096,{"$f":"IF(CTS_Source[[#This Row],[Montant Payé]]>0,CTS_Source[[#This Row],[Montant TTC]]-CTS_Source[[#This Row],[Montant Payé]],\"\")","v":66},1030,null,0,"01",710]
[null,null,null,"01-217",null,null,"1-PRS",1,"TP","Tirage Noir & Blanc / Papier","ML",7.8,100.84033613445379,786.55462184873954,0,0,786.55462184873954,0.19,149.44537815126051,936,{"$f":"IF(CTS_Source[[#This Row],[Montant Payé]]>0,CTS_Source[[#This Row],[Montant TTC]]-CTS_Source[[#This Row],[Montant Payé]],\"\")","v":""},null,120,null,null,711]
[null,null,null,"01-217",null,null,"1-PRS",2,"C4","Copie Noir & Blanc A4-R /  Papier","U",2,8.4033613445378155,16.806722689075631,0,0,16.806722689075631,0.19,3.1932773109243699,20,{"$f":"IF(CTS_Source[[#This Row],[Montant Payé]]>0,CTS_Source[[#This Row],[Montant TTC]]-CTS_Source[[#This Row],[Montant Payé]],\"\")","v":""},null,10,null,null,712]
[null,null,null,"01-217",null,null,"0-PRS",3,"C4S","Copie Noir & Blanc A4-R /  Papier / Spéciale","U",1,16.806722689075631,16.806722689075631,0,0,16.806722689075631,0.19,3.1932773109243699,20,{"$f":"IF(CTS_Source[[#This Row],[Montant Payé]]>0,CTS_Source[[#This Row],[Montant TTC]]-CTS_Source[[#This Row],[Montant Payé]],\"\")","v":""},null,20,null,null,713]
[null,null,null,"01-217",null,null,"1-PRS",4,"PP","Traçage Noir & Blanc / Papier ","ML",0.5,201.68067226890759,100.84033613445379,0,0,100.84033613445379,0.19,19.159663865546221,120.00000000000001,{"$f":"IF(CTS_Source[[#This Row],[Montant Payé]]>0,CTS_Source[[#This Row],[Montant TTC]]-CTS_Source[[#This Row],[Montant Payé]],\"\")","v":""},null,240,null,null,714]
["P",19,"2021-01-19",null,"01-218","CLIENT",null,null,"1","Tarif COMPTOIR",null,null,null,277.31092436974791,0,null,277.31092436974791,0.19,52.689075630252105,330,{"$f":"IF(CTS_Source[[#This Row],[Montant Payé]]>0,CTS_Source[[#This Row],[Montant TTC]]-CTS_Source[[#This Row],[Montant Payé]],\"\")","v":0},330,null,0,"01",715]
[null,null,null,"01-218",null,null,"1-PRS",1,"I4","Impression Noir & Blanc A4-R /  Papier","U",1,16.806722689075631,16.806722689075631,0,0,16.806722689075631,0.19,3.1932773109243699,20,{"$f":"IF(CTS_Source[[#This Row],[Montant Payé]]>0,CTS_Source[[#This Row],[Montant TTC]]-CTS_Source[[#This Row],[Montant Payé]],\"\")","v":""},null,20,null,null,716]
[null,null,null,"01-218",null,null,"1-PRS",2,"C4","Copie Noir & Blanc A4-R /  Papier","U",1,8.4033613445378155,8.4033613445378155,0,0,8.4033613445378155,0.19,1.596638655462185,10,{"$f":"IF(CTS_Source[[#This Row],[Montant Payé]]>0,CTS_Source[[#This Row],[Montant TTC]]-CTS_Source[[#This Row],[Montant Payé]],\"\")","v":""},null,10,null,null,717]
[null,null,null,"01-218",null,null,"1-PRS",3,"C40","Copie Couleur A4-R /  Papier (aucun aplat)","U",1,33.613445378151262,33.613445378151262,0,0,33.613445378151262,0.19,6.3865546218487399,40,{"$f":"IF(CTS_Source[[#This Row],[Montant Payé]]>0,CTS_Source[[#This Row],[Montant TTC]]-CTS_Source[[#This Row],[Montant Payé]],\"\")","v":""},null,40,null,null,718]
[null,null,null,"01-218",null,null,"1-PRS",4,"I40","Impression Couleur A4-R /  Papier (aucun aplat)","U",1,50.420168067226896,50.420168067226896,0,0,50.420168067226896,0.19,9.5798319327731107,60.000000000000007,{"$f":"IF(CTS_Source[[#This Row],[Montant Payé]]>0,CTS_Source[[#This Row],[Montant TTC]]-CTS_Source[[#This Row],[Montant Payé]],\"\")","v":""},null,60,null,null,719]
[null,null,null,"01-218",null,null,"0-PRS",5,"I42","Impression Couleur A4-R /  Papier (tout aplat)","U",2,84.033613445378151,168.0672268907563,0,0,168.0672268907563,0.19,31.932773109243698,200,{"$f":"IF(CTS_Source[[#This Row],[Montant Payé]]>0,CTS_Source[[#This Row],[Montant TTC]]-CTS_Source[[#This Row],[Montant Payé]],\"\")","v":""},null,100,null,null,720]
["P",19,"2021-01-19",null,"01-219","CLIENT",null,null,"1","Tarif COMPTOIR",null,null,null,4991.5966386554628,0,null,4991.5966386554628,0.19,948.40336134453776,5940.0000000000009,{"$f":"IF(CTS_Source[[#This Row],[Montant Payé]]>0,CTS_Source[[#This Row],[Montant TTC]]-CTS_Source[[#This Row],[Montant Payé]],\"\")","v":0},5940.0000000000009,null,0,"01",721]
[null,null,null,"01-219",null,null,"0-PRS",1,"C42","Copie Couleur A4-R /  Papier (tout aplat)","U",10,67.226890756302524,672.26890756302521,0,0,672.26890756302521,0.19,127.73109243697479,800,{"$f":"IF(CTS_Source[[#This Row],[Montant Payé]]>0,CTS_Source[[#This Row],[Montant TTC]]-CTS_Source[[#This Row],[Montant Payé]],\"\")","v":""},null,80,null,null,722]
[null,null,null,"01-219",null,null,"0-PRS",2,"C31","Copie Couleur A3-R /  Papier (avec aplats)","U",15,100.84033613445379,1512.6050420168069,0,0,1512.6050420168069,0.19,287.39495798319331,1800.0000000000002,{"$f":"IF(CTS_Source[[#This Row],[Montant Payé]]>0,CTS_Source[[#This Row],[Montant TTC]]-CTS_Source[[#This Row],[Montant Payé]],\"\")","v":""},null,120,null,null,723]
[null,null,null,"01-219",null,null,"1-PRS",3,"C40","Copie Couleur A4-R /  Papier (aucun aplat)","U",5,33.613445378151262,168.0672268907563,0,0,168.0672268907563,0.19,31.932773109243698,200,{"$f":"IF(CTS_Source[[#This Row],[Montant Payé]]>0,CTS_Source[[#This Row],[Montant TTC]]-CTS_Source[[#This Row],[Montant Payé]],\"\")","v":""},null,40,null,null,724]
[null,null,null,"01-219",null,null,"0-PRS",4,"AGP","Agrafage document (agrafes PM) - de 20 f","U",30,8.4033613445378155,252.10084033613447,0,0,252.10084033613447,0.19,47.899159663865547,300,{"$f":"IF(CTS_Source[[#This Row],[Montant Payé]]>0,CTS_Source[[#This Row],[Montant TTC]]-CTS_Source[[#This Row],[Montant Payé]],\"\")","v":""},null,10,null,null,725]
[null,null,null,"01-219",null,null,"0-PRS",5,"C32","Copie Couleur A3-R /  Papier (tout aplat)","U",5,134.45378151260505,672.26890756302521,0,0,672.26890756302521,0.19,127.73109243697479,800,{"$f":"IF(CTS_Source[[#This Row],[Montant Payé]]>0,CTS_Source[[#This Row],[Montant TTC]]-CTS_Source[[#This Row],[Montant Payé]],\"\")","v":""},null,160,null,null,726]
[null,null,null,"01-219",null,null,"1-PRS",6,"C4","Copie Noir & Blanc A4-R /  Papier","U",150,8.4033613445378155,1260.5042016806724,0,0,1260.5042016806724,0.19,239.49579831932775,1500.0000000000002,{"$f":"IF(CTS_Source[[#This Row],[Montant Payé]]>0,CTS_Source[[#This Row],[Montant TTC]]-CTS_Source[[#This Row],[Montant Payé]],\"\")","v":""},null,10,null,null,727]
[null,null,null,"01-219",null,null,"0-PRS",7,"C80","Copie Couleur A4-RV /  Papier (aucun aplat)","U",5,67.226890756302524,336.1344537815126,0,0,336.1344537815126,0.19,63.865546218487395,400,{"$f":"IF(CTS_Source[[#This Row],[Montant Payé]]>0,CTS_Source[[#This Row],[Montant TTC]]-CTS_Source[[#This Row],[Montant Payé]],\"\")","v":""},null,80,null,null,728]
[null,null,null,"01-219",null,null,"2-BUR",8,"5-CRPE","Chemise à rabats plastique avec élastiques","U",1,117.64705882352942,117.64705882352942,0,0,117.64705882352942,0.19,22.352941176470591,140,{"$f":"IF(CTS_Source[[#This Row],[Montant Payé]]>0,CTS_Source[[#This Row],[Montant TTC]]-CTS_Source[[#This Row],[Montant Payé]],\"\")","v":""},null,140,null,null,729]
["P",19,"2021-01-19",null,"01-220","CLIENT",null,null,"1","Tarif COMPTOIR",null,null,null,504.20168067226894,0,null,504.20168067226894,0.19,95.798319327731093,600,{"$f":"IF(CTS_Source[[#This Row],[Montant Payé]]>0,CTS_Source[[#This Row],[Montant TTC]]-CTS_Source[[#This Row],[Montant Payé]],\"\")","v":0},600,null,0,"01",730]
[null,null,null,"01-220",null,null,"0-PRS",1,"R4S2","Reliure  A4 Spirale n° 22 à 28 + Transp. + Bristol","U",3,168.0672268907563,504.20168067226894,0,0,504.20168067226894,0.19,95.798319327731093,600,{"$f":"IF(CTS_Source[[#This Row],[Montant Payé]]>0,CTS_Source[[#This Row],[Montant TTC]]-CTS_Source[[#This Row],[Montant Payé]],\"\")","v":""},null,200,null,null,731]
["p",19,"2021-01-19",null,"01-221","CLIENT",null,null,"1","Tarif COMPTOIR",null,null,null,2616.8067226890762,0,null,2616.8067226890762,0.19,497.19327731092437,3114.0000000000005,{"$f":"IF(CTS_Source[[#This Row],[Montant Payé]]>0,CTS_Source[[#This Row],[Montant TTC]]-CTS_Source[[#This Row],[Montant Payé]],\"\")","v":14},3100.0000000000005,null,0,"01",732]
[null,null,null,"01-221",null,null,"1-PRS",1,"C4","Copie Noir & Blanc A4-R /  Papier","U",1,8.4033613445378155,8.4033613445378155,0,0,8.4033613445378155,0.19,1.596638655462185,10,{"$f":"IF(CTS_Source[[#This Row],[Montant Payé]]>0,CTS_Source[[#This Row],[Montant TTC]]-CTS_Source[[#This Row],[Montant Payé]],\"\")","v":""},null,10,null,null,733]
[null,null,null,"01-221",null,null,"1-PRS",2,"I4","Impression Noir & Blanc A4-R /  Papier","U",1,16.806722689075631,16.806722689075631,0,0,16.806722689075631,0.19,3.1932773109243699,20,{"$f":"IF(CTS_Source[[#This Row],[Montant Payé]]>0,CTS_Source[[#This Row],[Montant TTC]]-CTS_Source[[#This Row],[Montant Payé]],\"\")","v":""},null,20,null,null,734]
[null,null,null,"01-221",null,null,"1-PRS",3,"TP","Tirage Noir & Blanc / Papier","ML",1.2,100.84033613445379,121.00840336134455,0,0,121.00840336134455,0.19,22.991596638655466,144,{"$f":"IF(CTS_Source[[#This Row],[Montant Payé]]>0,CTS_Source[[#This Row],[Montant TTC]]-CTS_Source[[#This Row],[Montant Payé]],\"\")","v":""},null,120,null,null,735]
[null,null,null,"01-221",null,null,"2-BUR",4,"5-CDS","Chemise dossier simple","U",50,12.605042016806724,630.2521008403362,0,0,630.2521008403362,0.19,119.74789915966387,750.00000000000011,{"$f":"IF(CTS_Source[[#This Row],[Montant Payé]]>0,CTS_Source[[#This Row],[Montant TTC]]-CTS_Source[[#This Row],[Montant Payé]],\"\")","v":""},null,15,null,null,736]
[null,null,null,"01-221",null,null,"2-BUR",5,"1-P4NR","Papier A4 / 080 gr / 500 f. extra blanc Noram ","U",1,487.39495798319331,487.39495798319331,0,0,487.39495798319331,0.19,92.605042016806735,580,{"$f":"IF(CTS_Source[[#This Row],[Montant Payé]]>0,CTS_Source[[#This Row],[Montant TTC]]-CTS_Source[[#This Row],[Montant Payé]],\"\")","v":""},null,580,null,null,737]
[null,null,null,"01-221",null,null,"2-BUR",6,"2-SF","Stylo à bille Fabs","U",4,21.008403361344538,84.033613445378151,0,0,84.033613445378151,0.19,15.966386554621849,100,{"$f":"IF(CTS_Source[[#This Row],[Montant Payé]]>0,CTS_Source[[#This Row],[Montant TTC]]-CTS_Source[[#This Row],[Montant Payé]],\"\")","v":""},null,25,null,null,738]
[null,null,null,"01-221",null,null,"2-BUR",7,"2-S621","Stylo à bille 621 ","U",2,21.008403361344538,42.016806722689076,0,0,42.016806722689076,0.19,7.9831932773109244,50,{"$f":"IF(CTS_Source[[#This Row],[Montant Payé]]>0,CTS_Source[[#This Row],[Montant TTC]]-CTS_Source[[#This Row],[Montant Payé]],\"\")","v":""},null,25,null,null,739]
[null,null,null,"01-221",null,null,"2-BUR",8,"2-S967","Stylo Topliner 967","U",3,84.033613445378151,252.10084033613447,0,0,252.10084033613447,0.19,47.899159663865547,300,{"$f":"IF(CTS_Source[[#This Row],[Montant Payé]]>0,CTS_Source[[#This Row],[Montant TTC]]-CTS_Source[[#This Row],[Montant Payé]],\"\")","v":""},null,100,null,null,740]
[null,null,null,"01-221",null,null,"2-BUR",9,"5-PCV160","Porte cartes de visite / 160 u","U",1,201.68067226890759,201.68067226890759,0,0,201.68067226890759,0.19,38.319327731092443,240.00000000000003,{"$f":"IF(CTS_Source[[#This Row],[Montant Payé]]>0,CTS_Source[[#This Row],[Montant TTC]]-CTS_Source[[#This Row],[Montant Payé]],\"\")","v":""},null,240,null,null,741]
[null,null,null,"01-221",null,null,"2-BUR",10,"8-CUTP","Cutter Plastique","U",1,75.630252100840337,75.630252100840337,0,0,75.630252100840337,0.19,14.369747899159664,90,{"$f":"IF(CTS_Source[[#This Row],[Montant Payé]]>0,CTS_Source[[#This Row],[Montant TTC]]-CTS_Source[[#This Row],[Montant Payé]],\"\")","v":""},null,90,null,null,742]
[null,null,null,"01-221",null,null,"2-BUR",11,"8-PC4","Planchette à clip A4","U",1,235.29411764705884,235.29411764705884,0,0,235.29411764705884,0.19,44.705882352941181,280,{"$f":"IF(CTS_Source[[#This Row],[Montant Payé]]>0,CTS_Source[[#This Row],[Montant TTC]]-CTS_Source[[#This Row],[Montant Payé]],\"\")","v":""},null,280,null,null,743]
[null,null,null,"01-221",null,null,"2-BUR",12,"8-CC16","Ciseaux 16cm","U",1,117.64705882352942,117.64705882352942,0,0,117.64705882352942,0.19,22.352941176470591,140,{"$f":"IF(CTS_Source[[#This Row],[Montant Payé]]>0,CTS_Source[[#This Row],[Montant TTC]]-CTS_Source[[#This Row],[Montant Payé]],\"\")","v":""},null,140,null,null,744]
[null,null,null,"01-221",null,null,"2-BUR",13,"2-SFS4","Surligneurs Fluo Schneider / 4u","U",1,344.53781512605042,344.53781512605042,0,0,344.53781512605042,0.19,65.462184873949582,410,{"$f":"IF(CTS_Source[[#This Row],[Montant Payé]]>0,CTS_Source[[#This Row],[Montant TTC]]-CTS_Source[[#This Row],[Montant Payé]],\"\")","v":""},null,410,null,null,745]
["P",19,"2021-01-19",null,"01-222","CLIENT",null,null,"1","Tarif COMPTOIR",null,null,null,589.9159663865546,0,null,589.9159663865546,0.19,112.08403361344537,702,{"$f":"IF(CTS_Source[[#This Row],[Montant Payé]]>0,CTS_Source[[#This Row],[Montant TTC]]-CTS_Source[[#This Row],[Montant Payé]],\"\")","v":2},700,null,0,"01",746]
[null,null,null,"01-222",null,null,"1-PRS",1,"PP0","Traçage Couleur / Papier (aucun aplat)","ML",0.65,705.88235294117646,458.8235294117647,0,0,458.8235294117647,0.19,87.17647058823529,546,{"$f":"IF(CTS_Source[[#This Row],[Montant Payé]]>0,CTS_Source[[#This Row],[Montant TTC]]-CTS_Source[[#This Row],[Montant Payé]],\"\")","v":""},null,840,null,null,747]
[null,null,null,"01-222",null,null,"1-PRS",2,"TP","Tirage Noir & Blanc / Papier","ML",1.3,100.84033613445379,131.09243697478993,0,0,131.09243697478993,0.19,24.907563025210088,156.00000000000003,{"$f":"IF(CTS_Source[[#This Row],[Montant Payé]]>0,CTS_Source[[#This Row],[Montant TTC]]-CTS_Source[[#This Row],[Montant Payé]],\"\")","v":""},null,120,null,null,748]
["P",19,"2021-01-19",null,"01-223","CLIENT",null,null,"1","Tarif COMPTOIR",null,null,null,25.210084033613448,0,null,25.210084033613448,0.19,4.7899159663865554,30.000000000000004,{"$f":"IF(CTS_Source[[#This Row],[Montant Payé]]>0,CTS_Source[[#This Row],[Montant TTC]]-CTS_Source[[#This Row],[Montant Payé]],\"\")","v":0},30.000000000000004,null,0,"01",749]
[null,null,null,"01-223",null,null,"0-PRS",1,"I4B","Impression Noir & Blanc A4-R / Bristol","U",1,25.210084033613448,25.210084033613448,0,0,25.210084033613448,0.19,4.7899159663865554,30.000000000000004,{"$f":"IF(CTS_Source[[#This Row],[Montant Payé]]>0,CTS_Source[[#This Row],[Montant TTC]]-CTS_Source[[#This Row],[Montant Payé]],\"\")","v":""},null,30,null,null,750]
["P",19,"2021-01-19",null,"01-224","CLIENT",null,null,"1","Tarif COMPTOIR",null,null,null,1210.0840336134454,0,null,1210.0840336134454,0.19,229.91596638655463,1440,{"$f":"IF(CTS_Source[[#This Row],[Montant Payé]]>0,CTS_Source[[#This Row],[Montant TTC]]-CTS_Source[[#This Row],[Montant Payé]],\"\")","v":0},1440,null,0,"01",751]
[null,null,null,"01-224",null,null,"1-PRS",1,"C4","Copie Noir & Blanc A4-R /  Papier","U",180,6.7226890756302522,1210.0840336134454,0,0,1210.0840336134454,0.19,229.91596638655463,1440,{"$f":"IF(CTS_Source[[#This Row],[Montant Payé]]>0,CTS_Source[[#This Row],[Montant TTC]]-CTS_Source[[#This Row],[Montant Payé]],\"\")","v":""},null,8,null,null,752]
["P",19,"2021-01-19",null,"01-225","CLIENT",null,null,"1","Tarif COMPTOIR",null,null,null,235.29411764705884,0,null,235.29411764705884,0.19,44.705882352941181,280,{"$f":"IF(CTS_Source[[#This Row],[Montant Payé]]>0,CTS_Source[[#This Row],[Montant TTC]]-CTS_Source[[#This Row],[Montant Payé]],\"\")","v":0},280,null,0,"01",753]
[null,null,null,"01-225",null,null,"1-PRS",1,"C40","Copie Couleur A4-R /  Papier (aucun aplat)","U",7,33.613445378151262,235.29411764705884,0,0,235.29411764705884,0.19,44.705882352941181,280,{"$f":"IF(CTS_Source[[#This Row],[Montant Payé]]>0,CTS_Source[[#This Row],[Montant TTC]]-CTS_Source[[#This Row],[Montant Payé]],\"\")","v":""},null,40,null,null,754]
["P",19,"2021-01-19",null,"01-226","CLIENT",null,null,"1","Tarif COMPTOIR",null,null,null,159.66386554621849,0,null,159.66386554621849,0.19,30.336134453781511,190,{"$f":"IF(CTS_Source[[#This Row],[Montant Payé]]>0,CTS_Source[[#This Row],[Montant TTC]]-CTS_Source[[#This Row],[Montant Payé]],\"\")","v":0},190,null,0,"01",755]
[null,null,null,"01-226",null,null,"1-PRS",1,"C4","Copie Noir & Blanc A4-R /  Papier","U",19,8.4033613445378155,159.66386554621849,0,0,159.66386554621849,0.19,30.336134453781511,190,{"$f":"IF(CTS_Source[[#This Row],[Montant Payé]]>0,CTS_Source[[#This Row],[Montant TTC]]-CTS_Source[[#This Row],[Montant Payé]],\"\")","v":""},null,10,null,null,756]
["P",19,"2021-01-19",null,"01-227","CLIENT",null,null,"1","Tarif COMPTOIR",null,null,null,117.64705882352942,0,null,117.64705882352942,0.19,22.352941176470591,140,{"$f":"IF(CTS_Source[[#This Row],[Montant Payé]]>0,CTS_Source[[#This Row],[Montant TTC]]-CTS_Source[[#This Row],[Montant Payé]],\"\")","v":0},140,null,0,"01",757]
[null,null,null,"01-227",null,null,"1-PRS",1,"I40","Impression Couleur A4-R /  Papier (aucun aplat)","U",1,50.420168067226896,50.420168067226896,0,0,50.420168067226896,0.19,9.5798319327731107,60.000000000000007,{"$f":"IF(CTS_Source[[#This Row],[Montant Payé]]>0,CTS_Source[[#This Row],[Montant TTC]]-CTS_Source[[#This Row],[Montant Payé]],\"\")","v":""},null,60,null,null,758]
[null,null,null,"01-227",null,null,"1-PRS",2,"C40","Copie Couleur A4-R /  Papier (aucun aplat)","U",2,33.613445378151262,67.226890756302524,0,0,67.226890756302524,0.19,12.77310924369748,80,{"$f":"IF(CTS_Source[[#This Row],[Montant Payé]]>0,CTS_Source[[#This Row],[Montant TTC]]-CTS_Source[[#This Row],[Montant Payé]],\"\")","v":""},null,40,null,null,759]
["C",19,"2021-01-19",null,"01-228","TAAMIR EL DJAZAIR",null,null,"2","Tarif CONVENTION",null,null,null,10057.6,{"$f":"CTS_Source[[#This Row],[Remise Montant]]/CTS_Source[[#This Row],[Montant HT Brut]]","v":3.0792383768652228E-2},{"$f":"368.54/1.19","v":309.69747899159665},{"$f":"CTS_Source[[#This Row],[Montant HT Brut]]-CTS_Source[[#This Row],[Remise Montant]]","v":9747.9025210084037},0.19,{"$f":"CTS_Source[[#This Row],[Montant HT Net]]*CTS_Source[[#This Row],[Taux TVA]]","v":1852.1014789915967},{"$f":"CTS_Source[[#This Row],[Montant HT Net]]+CTS_Source[[#This Row],[Montant TVA ]]","v":11600.004000000001},{"$f":"IF(CTS_Source[[#This Row],[Montant Payé]]>0,CTS_Source[[#This Row],[Montant TTC]]-CTS_Source[[#This Row],[Montant Payé]],\"\")","v":1.8189894035458565E-12},11600.003999999999,null,0,"01",760]
[null,null,null,"01-228",null,null,"1-PRS",1,"C4","Copie Noir & Blanc A4-R /  Papier","U",122,7,854,3.0791700000000002E-2,{"$f":"CTS_Source[[#This Row],[Montant HT Brut]]*CTS_Source[[#This Row],[Remise %]]","v":26.296111800000002},{"$f":"CTS_Source[[#This Row],[Montant HT Brut]]-CTS_Source[[#This Row],[Remise Montant]]","v":827.70388820000005},0.19,{"$f":"CTS_Source[[#This Row],[Montant HT Net]]*CTS_Source[[#This Row],[Taux TVA]]","v":157.26373875800002},{"$f":"CTS_Source[[#This Row],[Montant HT Net]]+CTS_Source[[#This Row],[Montant TVA ]]","v":984.9676269580001},{"$f":"IF(CTS_Source[[#This Row],[Montant Payé]]>0,CTS_Source[[#This Row],[Montant TTC]]-CTS_Source[[#This Row],[Montant Payé]],\"\")","v":""},null,8.33,null,null,761]
[null,null,null,"01-228",null,null,"0-PRS",2,"AGP","Agrafage document (agrafes PM) - de 20 f","U",122,7,854,3.0791700000000002E-2,{"$f":"CTS_Source[[#This Row],[Montant HT Brut]]*CTS_Source[[#This Row],[Remise %]]","v":26.296111800000002},{"$f":"CTS_Source[[#This Row],[Montant HT Brut]]-CTS_Source[[#This Row],[Remise Montant]]","v":827.70388820000005},0.19,{"$f":"CTS_Source[[#This Row],[Montant HT Net]]*CTS_Source[[#This Row],[Taux TVA]]","v":157.26373875800002},{"$f":"CTS_Source[[#This Row],[Montant HT Net]]+CTS_Source[[#This Row],[Montant TVA ]]","v":984.9676269580001},{"$f":"IF(CTS_Source[[#This Row],[Montant Payé]]>0,CTS_Source[[#This Row],[Montant TTC]]-CTS_Source[[#This Row],[Montant Payé]],\"\")","v":""},null,8.33,null,null,762]
[null,null,null,"01-228",null,null,"1-PRS",3,"TP","Tirage Noir & Blanc / Papier","ML",99.4,84,8349.6,3.0791700000000002E-2,{"$f":"CTS_Source[[#This Row],[Montant HT Brut]]*CTS_Source[[#This Row],[Remise %]]","v":257.09837832000005},{"$f":"CTS_Source[[#This Row],[Montant HT Brut]]-CTS_Source[[#This Row],[Remise Montant]]","v":8092.5016216800004},0.19,{"$f":"CTS_Source[[#This Row],[Montant HT Net]]*CTS_Source[[#This Row],[Taux TVA]]","v":1537.5753081192001},{"$f":"CTS_Source[[#This Row],[Montant HT Net]]+CTS_Source[[#This Row],[Montant TVA ]]-0.01","v":9630.0669297992008},{"$f":"IF(CTS_Source[[#This Row],[Montant Payé]]>0,CTS_Source[[#This Row],[Montant TTC]]-CTS_Source[[#This Row],[Montant Payé]],\"\")","v":""},null,99.96,null,null,763]
["P",19,"2021-01-19",null,"01-229","CLIENT",null,null,"1","Tarif COMPTOIR",null,null,null,445.37815126050418,0,null,445.37815126050418,0.19,84.621848739495817,530,{"$f":"IF(CTS_Source[[#This Row],[Montant Payé]]>0,CTS_Source[[#This Row],[Montant TTC]]-CTS_Source[[#This Row],[Montant Payé]],\"\")","v":0},530,null,0,"01",764]
[null,null,null,"01-229",null,null,"0-PRS",1,"AGP","Agrafage document (agrafes PM) - de 20 f","U",9,8.4033613445378155,75.630252100840337,0,0,75.630252100840337,0.19,14.369747899159664,90,{"$f":"IF(CTS_Source[[#This Row],[Montant Payé]]>0,CTS_Source[[#This Row],[Montant TTC]]-CTS_Source[[#This Row],[Montant Payé]],\"\")","v":""},null,10,null,null,765]
[null,null,null,"01-229",null,null,"1-PRS",2,"C4","Copie Noir & Blanc A4-R /  Papier","U",36,8.4033613445378155,302.52100840336135,0,0,302.52100840336135,0.19,57.478991596638657,360,{"$f":"IF(CTS_Source[[#This Row],[Montant Payé]]>0,CTS_Source[[#This Row],[Montant TTC]]-CTS_Source[[#This Row],[Montant Payé]],\"\")","v":""},null,10,null,null,766]
[null,null,null,"01-229",null,null,"1-PRS",3,"C8","Copie Noir & Blanc A4-RV /  Papier","U",3,16.806722689075631,50.420168067226896,0,0,50.420168067226896,0.19,9.5798319327731107,60.000000000000007,{"$f":"IF(CTS_Source[[#This Row],[Montant Payé]]>0,CTS_Source[[#This Row],[Montant TTC]]-CTS_Source[[#This Row],[Montant Payé]],\"\")","v":""},null,20,null,null,767]
[null,null,null,"01-229",null,null,"0-PRS",4,"C4S","Copie Noir & Blanc A4-R /  Papier / Spéciale","U",1,16.806722689075631,16.806722689075631,0,0,16.806722689075631,0.19,3.1932773109243699,20,{"$f":"IF(CTS_Source[[#This Row],[Montant Payé]]>0,CTS_Source[[#This Row],[Montant TTC]]-CTS_Source[[#This Row],[Montant Payé]],\"\")","v":""},null,20,null,null,768]
["P",19,"2021-01-19",null,"01-230","CLIENT",null,null,"1","Tarif COMPTOIR",null,null,null,1573.1092436974791,0,null,1573.1092436974791,0.19,298.89075630252103,1872,{"$f":"IF(CTS_Source[[#This Row],[Montant Payé]]>0,CTS_Source[[#This Row],[Montant TTC]]-CTS_Source[[#This Row],[Montant Payé]],\"\")","v":2},1870,null,0,"01",769]
[null,null,null,"01-230",null,null,"1-PRS",1,"TP","Tirage Noir & Blanc / Papier","ML",15.6,100.84033613445379,1573.1092436974791,0,0,1573.1092436974791,0.19,298.89075630252103,1872,{"$f":"IF(CTS_Source[[#This Row],[Montant Payé]]>0,CTS_Source[[#This Row],[Montant TTC]]-CTS_Source[[#This Row],[Montant Payé]],\"\")","v":""},null,120,null,null,770]
["P",19,"2021-01-19",null,"01-231","CLIENT",null,null,"1","Tarif COMPTOIR",null,null,null,369.74789915966386,0,null,369.74789915966386,0.19,70.252100840336141,440,{"$f":"IF(CTS_Source[[#This Row],[Montant Payé]]>0,CTS_Source[[#This Row],[Montant TTC]]-CTS_Source[[#This Row],[Montant Payé]],\"\")","v":0},440,null,0,"01",771]
[null,null,null,"01-231",null,null,"1-PRS",1,"I4","Impression Noir & Blanc A4-R /  Papier","U",2,16.806722689075631,33.613445378151262,0,0,33.613445378151262,0.19,6.3865546218487399,40,{"$f":"IF(CTS_Source[[#This Row],[Montant Payé]]>0,CTS_Source[[#This Row],[Montant TTC]]-CTS_Source[[#This Row],[Montant Payé]],\"\")","v":""},null,20,null,null,772]
[null,null,null,"01-231",null,null,"0-PRS",2,"I42","Impression Couleur A4-R /  Papier (tout aplat)","U",4,84.033613445378151,336.1344537815126,0,0,336.1344537815126,0.19,63.865546218487395,400,{"$f":"IF(CTS_Source[[#This Row],[Montant Payé]]>0,CTS_Source[[#This Row],[Montant TTC]]-CTS_Source[[#This Row],[Montant Payé]],\"\")","v":""},null,100,null,null,773]
["P",19,"2021-01-19",null,"01-232","CLIENT",null,null,"1","Tarif COMPTOIR",null,null,null,{"$f":"SUM(N811:N814)","v":840.3361344537816},{"$f":"CTS_Source[[#This Row],[Remise Montant]]/CTS_Source[[#This Row],[Montant HT Brut]]","v":0.47999839999999999},403.36,{"$f":"CTS_Source[[#This Row],[Montant HT Brut]]-CTS_Source[[#This Row],[Remise Montant]]","v":436.97613445378158},0.19,{"$f":"CTS_Source[[#This Row],[Montant HT Net]]*CTS_Source[[#This Row],[Taux TVA]]","v":83.025465546218499},{"$f":"CTS_Source[[#This Row],[Montant HT Net]]+CTS_Source[[#This Row],[Montant TVA ]]","v":520.00160000000005},{"$f":"IF(CTS_Source[[#This Row],[Montant Payé]]>0,CTS_Source[[#This Row],[Montant TTC]]-CTS_Source[[#This Row],[Montant Payé]],\"\")","v":1.6000000000531145E-3},520,null,0,"01",774]
[null,null,null,"01-232",null,null,"1-PRS",1,"I3","Impression Noir & Blanc A3-R /  Papier","U",3,33.613445378151262,100.84033613445379,0.57119999999999993,{"$f":"CTS_Source[[#This Row],[Montant HT Brut]]*CTS_Source[[#This Row],[Remise %]]","v":57.6},{"$f":"CTS_Source[[#This Row],[Montant HT Brut]]-CTS_Source[[#This Row],[Remise Montant]]","v":43.240336134453791},0.19,{"$f":"CTS_Source[[#This Row],[Montant HT Net]]*CTS_Source[[#This Row],[Taux TVA]]","v":8.2156638655462206},{"$f":"CTS_Source[[#This Row],[Montant HT Net]]+CTS_Source[[#This Row],[Montant TVA ]]","v":51.45600000000001},{"$f":"IF(CTS_Source[[#This Row],[Montant Payé]]>0,CTS_Source[[#This Row],[Montant TTC]]-CTS_Source[[#This Row],[Montant Payé]],\"\")","v":""},null,40,null,null,775]
[null,null,null,"01-232",null,null,"0-PRS",2,"I32","Impression Couleur A3-R /  Papier (tout aplat)","U",1,168.0672268907563,168.0672268907563,0.57119999999999993,{"$f":"CTS_Source[[#This Row],[Montant HT Brut]]*CTS_Source[[#This Row],[Remise %]]","v":95.999999999999986},{"$f":"CTS_Source[[#This Row],[Montant HT Brut]]-CTS_Source[[#This Row],[Remise Montant]]","v":72.067226890756316},0.19,{"$f":"CTS_Source[[#This Row],[Montant HT Net]]*CTS_Source[[#This Row],[Taux TVA]]","v":13.692773109243701},{"$f":"CTS_Source[[#This Row],[Montant HT Net]]+CTS_Source[[#This Row],[Montant TVA ]]","v":85.760000000000019},{"$f":"IF(CTS_Source[[#This Row],[Montant Payé]]>0,CTS_Source[[#This Row],[Montant TTC]]-CTS_Source[[#This Row],[Montant Payé]],\"\")","v":""},null,200,null,null,776]
[null,null,null,"01-232",null,null,"0-PRS",3,"I42","Impression Couleur A4-R /  Papier (tout aplat)","U",2,84.033613445378151,168.0672268907563,0.57119999999999993,{"$f":"CTS_Source[[#This Row],[Montant HT Brut]]*CTS_Source[[#This Row],[Remise %]]","v":95.999999999999986},{"$f":"CTS_Source[[#This Row],[Montant HT Brut]]-CTS_Source[[#This Row],[Remise Montant]]","v":72.067226890756316},0.19,{"$f":"CTS_Source[[#This Row],[Montant HT Net]]*CTS_Source[[#This Row],[Taux TVA]]","v":13.692773109243701},{"$f":"CTS_Source[[#This Row],[Montant HT Net]]+CTS_Source[[#This Row],[Montant TVA ]]","v":85.760000000000019},{"$f":"IF(CTS_Source[[#This Row],[Montant Payé]]>0,CTS_Source[[#This Row],[Montant TTC]]-CTS_Source[[#This Row],[Montant Payé]],\"\")","v":""},null,100,null,null,777]
[null,null,null,"01-233",null,null,"1-PRS",1,"PP","Traçage Noir & Blanc / Papier ","ML",2,201.68067226890759,403.36134453781517,0.57119999999999993,{"$f":"CTS_Source[[#This Row],[Montant HT Brut]]*CTS_Source[[#This Row],[Remise %]]","v":230.4},{"$f":"CTS_Source[[#This Row],[Montant HT Brut]]-CTS_Source[[#This Row],[Remise Montant]]","v":172.96134453781517},0.19,{"$f":"CTS_Source[[#This Row],[Montant HT Net]]*CTS_Source[[#This Row],[Taux TVA]]","v":32.862655462184883},{"$f":"CTS_Source[[#This Row],[Montant HT Net]]+CTS_Source[[#This Row],[Montant TVA ]]","v":205.82400000000004},{"$f":"IF(CTS_Source[[#This Row],[Montant Payé]]>0,CTS_Source[[#This Row],[Montant TTC]]-CTS_Source[[#This Row],[Montant Payé]],\"\")","v":""},null,240,null,null,778]
["P",20,"2021-01-20",null,"01-233","CLIENT",null,null,"1","Tarif COMPTOIR",null,null,null,156.30252100840337,0,null,156.30252100840337,0.19,29.69747899159664,186,{"$f":"IF(CTS_Source[[#This Row],[Montant Payé]]>0,CTS_Source[[#This Row],[Montant TTC]]-CTS_Source[[#This Row],[Montant Payé]],\"\")","v":1},185,null,"RAS","01",779]
[null,null,null,"01-233",null,null,"1-PRS",1,"TP","Tirage Noir & Blanc / Papier","ML",1.55,100.84033613445379,156.30252100840337,0,0,156.30252100840337,0.19,29.69747899159664,186,{"$f":"IF(CTS_Source[[#This Row],[Montant Payé]]>0,CTS_Source[[#This Row],[Montant TTC]]-CTS_Source[[#This Row],[Montant Payé]],\"\")","v":""},null,120,null,null,780]
["P",20,"2021-01-20",null,"01-234","CLIENT",null,null,"1","Tarif COMPTOIR",null,null,null,2529.4117647058824,0,null,2529.4117647058824,0.19,480.58823529411762,3010,{"$f":"IF(CTS_Source[[#This Row],[Montant Payé]]>0,CTS_Source[[#This Row],[Montant TTC]]-CTS_Source[[#This Row],[Montant Payé]],\"\")","v":10},3000,null,"RAS","01",781]
[null,null,null,"01-234",null,null,"0-PRS",1,"C4S","Copie Noir & Blanc A4-R /  Papier / Spéciale","U",1,16.806722689075631,16.806722689075631,0,0,16.806722689075631,0.19,3.1932773109243699,20,{"$f":"IF(CTS_Source[[#This Row],[Montant Payé]]>0,CTS_Source[[#This Row],[Montant TTC]]-CTS_Source[[#This Row],[Montant Payé]],\"\")","v":""},null,20,null,null,782]
[null,null,null,"01-234",null,null,"0-PRS",2,"R4B1","Reliure  A4 Baguette n° 03 à 08 + Transp. + Bristol","U",2,84.033613445378151,168.0672268907563,0,0,168.0672268907563,0.19,31.932773109243698,200,{"$f":"IF(CTS_Source[[#This Row],[Montant Payé]]>0,CTS_Source[[#This Row],[Montant TTC]]-CTS_Source[[#This Row],[Montant Payé]],\"\")","v":""},null,100,null,null,783]
[null,null,null,"01-234",null,null,"1-PRS",3,"C3","Copie Noir & Blanc A3-R /  Papier ","U",51,16.806722689075631,857.14285714285722,0,0,857.14285714285722,0.19,162.85714285714286,1020.0000000000001,{"$f":"IF(CTS_Source[[#This Row],[Montant Payé]]>0,CTS_Source[[#This Row],[Montant TTC]]-CTS_Source[[#This Row],[Montant Payé]],\"\")","v":""},null,20,null,null,784]
[null,null,null,"01-234",null,null,"1-PRS",4,"C8","Copie Noir & Blanc A4-RV /  Papier","U",38,16.806722689075631,638.65546218487395,0,0,638.65546218487395,0.19,121.34453781512605,760,{"$f":"IF(CTS_Source[[#This Row],[Montant Payé]]>0,CTS_Source[[#This Row],[Montant TTC]]-CTS_Source[[#This Row],[Montant Payé]],\"\")","v":""},null,20,null,null,785]
[null,null,null,"01-234",null,null,"0-PRS",5,"C4S","Copie Noir & Blanc A4-R /  Papier / Spéciale","U",92,8.4033613445378155,773.10924369747897,0,0,773.10924369747897,0.19,146.890756302521,920,{"$f":"IF(CTS_Source[[#This Row],[Montant Payé]]>0,CTS_Source[[#This Row],[Montant TTC]]-CTS_Source[[#This Row],[Montant Payé]],\"\")","v":""},null,10,null,null,786]
[null,null,null,"01-234",null,null,"2-BUR",6,"5-CRCE","Chemise à rabats cartonnée avec élastiques","U",1,75.630252100840337,75.630252100840337,0,0,75.630252100840337,0.19,14.369747899159664,90,{"$f":"IF(CTS_Source[[#This Row],[Montant Payé]]>0,CTS_Source[[#This Row],[Montant TTC]]-CTS_Source[[#This Row],[Montant Payé]],\"\")","v":""},null,90,null,null,787]
["P",20,"1900-01-20",null,"01-235","CLIENT",null,null,"1","Tarif COMPTOIR",null,null,null,2813.4453781512607,0,null,2813.4453781512607,0.19,534.55462184873954,3348,{"$f":"IF(CTS_Source[[#This Row],[Montant Payé]]>0,CTS_Source[[#This Row],[Montant TTC]]-CTS_Source[[#This Row],[Montant Payé]],\"\")","v":8},3340,null,0,"01",788]
[null,null,null,"01-235",null,null,"1-PRS",1,"TP","Tirage Noir & Blanc / Papier","ML",27.9,100.84033613445379,2813.4453781512607,0,0,2813.4453781512607,0.19,534.55462184873954,3348,{"$f":"IF(CTS_Source[[#This Row],[Montant Payé]]>0,CTS_Source[[#This Row],[Montant TTC]]-CTS_Source[[#This Row],[Montant Payé]],\"\")","v":""},null,120,null,null,789]
["P",20,"1900-01-20",null,"01-236","CLIENT",null,null,"1","Tarif COMPTOIR",null,null,null,16.806722689075631,0,null,16.806722689075631,0.19,3.1932773109243699,20,{"$f":"IF(CTS_Source[[#This Row],[Montant Payé]]>0,CTS_Source[[#This Row],[Montant TTC]]-CTS_Source[[#This Row],[Montant Payé]],\"\")","v":0},20,null,0,"01",790]
[null,null,null,"01-236",null,null,"0-PRS",1,"C4S","Copie Noir & Blanc A4-R /  Papier / Spéciale","U",1,16.806722689075631,16.806722689075631,0,0,16.806722689075631,0.19,3.1932773109243699,20,{"$f":"IF(CTS_Source[[#This Row],[Montant Payé]]>0,CTS_Source[[#This Row],[Montant TTC]]-CTS_Source[[#This Row],[Montant Payé]],\"\")","v":""},null,20,null,null,791]
["P",20,"1900-01-20",null,"01-237","CLIENT",null,null,"1","Tarif COMPTOIR",null,null,null,168.0672268907563,0,null,168.0672268907563,0.19,31.932773109243698,200,{"$f":"IF(CTS_Source[[#This Row],[Montant Payé]]>0,CTS_Source[[#This Row],[Montant TTC]]-CTS_Source[[#This Row],[Montant Payé]],\"\")","v":0},200,null,0,"01",792]
[null,null,null,"01-237",null,null,"0-PRS",1,"I32","Impression Couleur A3-R /  Papier (tout aplat)","U",1,168.0672268907563,168.0672268907563,0,0,168.0672268907563,0.19,31.932773109243698,200,{"$f":"IF(CTS_Source[[#This Row],[Montant Payé]]>0,CTS_Source[[#This Row],[Montant TTC]]-CTS_Source[[#This Row],[Montant Payé]],\"\")","v":""},null,200,null,null,793]
["P",20,"1900-01-20",null,"01-238","CLIENT",null,null,"1","Tarif COMPTOIR",null,null,null,168.0672268907563,0,null,168.0672268907563,0.19,31.932773109243698,200,{"$f":"IF(CTS_Source[[#This Row],[Montant Payé]]>0,CTS_Source[[#This Row],[Montant TTC]]-CTS_Source[[#This Row],[Montant Payé]],\"\")","v":0},200,null,0,"01",794]
[null,null,null,"01-238",null,null,"0-PRS",1,"I32","Impression Couleur A3-R /  Papier (tout aplat)","U",1,168.0672268907563,168.0672268907563,0,0,168.0672268907563,0.19,31.932773109243698,200,{"$f":"IF(CTS_Source[[#This Row],[Montant Payé]]>0,CTS_Source[[#This Row],[Montant TTC]]-CTS_Source[[#This Row],[Montant Payé]],\"\")","v":""},null,200,null,null,795]
["P",20,"1900-01-20",null,"01-239","CLIENT",null,null,"1","Tarif COMPTOIR",null,null,null,75.630252100840352,0,null,75.630252100840352,0.19,14.369747899159666,90.000000000000014,{"$f":"IF(CTS_Source[[#This Row],[Montant Payé]]>0,CTS_Source[[#This Row],[Montant TTC]]-CTS_Source[[#This Row],[Montant Payé]],\"\")","v":0},90.000000000000014,null,0,"01",796]
[null,null,null,"01-239",null,null,"1-PRS",1,"C4","Copie Noir & Blanc A4-R /  Papier","U",3,8.4033613445378155,25.210084033613448,0,0,25.210084033613448,0.19,4.7899159663865554,30.000000000000004,{"$f":"IF(CTS_Source[[#This Row],[Montant Payé]]>0,CTS_Source[[#This Row],[Montant TTC]]-CTS_Source[[#This Row],[Montant Payé]],\"\")","v":""},null,10,null,null,797]
[null,null,null,"01-239",null,null,"1-PRS",2,"I4","Impression Noir & Blanc A4-R /  Papier","U",3,16.806722689075631,50.420168067226896,0,0,50.420168067226896,0.19,9.5798319327731107,60.000000000000007,{"$f":"IF(CTS_Source[[#This Row],[Montant Payé]]>0,CTS_Source[[#This Row],[Montant TTC]]-CTS_Source[[#This Row],[Montant Payé]],\"\")","v":""},null,20,null,null,798]
["P",20,"1900-01-20",null,"01-240","CLIENT",null,null,"1","Tarif COMPTOIR",null,null,null,529.41176470588232,0,null,529.41176470588232,0.19,100.58823529411765,630,{"$f":"IF(CTS_Source[[#This Row],[Montant Payé]]>0,CTS_Source[[#This Row],[Montant TTC]]-CTS_Source[[#This Row],[Montant Payé]],\"\")","v":0},630,null,0,"01",799]
[null,null,null,"01-240",null,null,"1-PRS",1,"C4","Copie Noir & Blanc A4-R /  Papier","U",21,8.4033613445378155,176.47058823529412,0,0,176.47058823529412,0.19,33.529411764705884,210,{"$f":"IF(CTS_Source[[#This Row],[Montant Payé]]>0,CTS_Source[[#This Row],[Montant TTC]]-CTS_Source[[#This Row],[Montant Payé]],\"\")","v":""},null,10,null,null,800]
[null,null,null,"01-240",null,null,"1-PRS",2,"I4","Impression Noir & Blanc A4-R /  Papier","U",21,16.806722689075631,352.94117647058823,0,0,352.94117647058823,0.19,67.058823529411768,420,{"$f":"IF(CTS_Source[[#This Row],[Montant Payé]]>0,CTS_Source[[#This Row],[Montant TTC]]-CTS_Source[[#This Row],[Montant Payé]],\"\")","v":""},null,20,null,null,801]
["P",20,"1900-01-20",null,"01-241","CLIENT",null,null,"1","Tarif COMPTOIR",null,null,null,436.97478991596643,0,null,436.97478991596643,0.19,83.025210084033617,520,{"$f":"IF(CTS_Source[[#This Row],[Montant Payé]]>0,CTS_Source[[#This Row],[Montant TTC]]-CTS_Source[[#This Row],[Montant Payé]],\"\")","v":20},500,null,0,"01",802]
[null,null,null,"01-241",null,null,"1-PRS",1,"C4","Copie Noir & Blanc A4-R /  Papier","U",28,8.4033613445378155,235.29411764705884,0,0,235.29411764705884,0.19,44.705882352941181,280,{"$f":"IF(CTS_Source[[#This Row],[Montant Payé]]>0,CTS_Source[[#This Row],[Montant TTC]]-CTS_Source[[#This Row],[Montant Payé]],\"\")","v":""},null,10,null,null,803]
[null,null,null,"01-241",null,null,"1-PRS",2,"C3","Copie Noir & Blanc A3-R /  Papier ","U",2,16.806722689075631,33.613445378151262,0,0,33.613445378151262,0.19,6.3865546218487399,40,{"$f":"IF(CTS_Source[[#This Row],[Montant Payé]]>0,CTS_Source[[#This Row],[Montant TTC]]-CTS_Source[[#This Row],[Montant Payé]],\"\")","v":""},null,20,null,null,804]
[null,null,null,"01-241",null,null,"0-PRS",3,"R4B1","Reliure  A4 Baguette n° 03 à 08 + Transp. + Bristol","U",2,84.033613445378151,168.0672268907563,0,0,168.0672268907563,0.19,31.932773109243698,200,{"$f":"IF(CTS_Source[[#This Row],[Montant Payé]]>0,CTS_Source[[#This Row],[Montant TTC]]-CTS_Source[[#This Row],[Montant Payé]],\"\")","v":""},null,100,null,null,805]
["P",20,"1900-01-20",null,"01-242","CLIENT",null,null,"1","Tarif COMPTOIR",null,null,null,4142.8571428571431,0,null,4142.8571428571431,0.19,787.14285714285711,4930,{"$f":"IF(CTS_Source[[#This Row],[Montant Payé]]>0,CTS_Source[[#This Row],[Montant TTC]]-CTS_Source[[#This Row],[Montant Payé]],\"\")","v":40},4890,null,0,"01",806]
[null,null,null,"01-242",null,null,"0-PRS",1,"AGP","Agrafage document (agrafes PM) - de 20 f","U",6,8.4033613445378155,50.420168067226896,0,0,50.420168067226896,0.19,9.5798319327731107,60.000000000000007,{"$f":"IF(CTS_Source[[#This Row],[Montant Payé]]>0,CTS_Source[[#This Row],[Montant TTC]]-CTS_Source[[#This Row],[Montant Payé]],\"\")","v":""},null,10,null,null,807]
[null,null,null,"01-242",null,null,"1-PRS",2,"C4","Copie Noir & Blanc A4-R /  Papier","U",2,8.4033613445378155,16.806722689075631,0,0,16.806722689075631,0.19,3.1932773109243699,20,{"$f":"IF(CTS_Source[[#This Row],[Montant Payé]]>0,CTS_Source[[#This Row],[Montant TTC]]-CTS_Source[[#This Row],[Montant Payé]],\"\")","v":""},null,10,null,null,808]
[null,null,null,"01-242",null,null,"1-PRS",3,"TP0","Tirage Couleur / Papier (aucun aplat) ","ML",2.4,504.20168067226894,1210.0840336134454,0,0,1210.0840336134454,0.19,229.91596638655463,1440,{"$f":"IF(CTS_Source[[#This Row],[Montant Payé]]>0,CTS_Source[[#This Row],[Montant TTC]]-CTS_Source[[#This Row],[Montant Payé]],\"\")","v":""},null,600,null,null,809]
[null,null,null,"01-242",null,null,"1-PRS",4,"TP","Tirage Noir & Blanc / Papier","ML",8,100.84033613445379,806.72268907563034,0,0,806.72268907563034,0.19,153.27731092436977,960.00000000000011,{"$f":"IF(CTS_Source[[#This Row],[Montant Payé]]>0,CTS_Source[[#This Row],[Montant TTC]]-CTS_Source[[#This Row],[Montant Payé]],\"\")","v":""},null,120,null,null,810]
[null,null,null,"01-242",null,null,"0-PRS",5,"C80","Copie Couleur A4-RV /  Papier (aucun aplat)","U",26,67.226890756302524,1747.8991596638657,0,0,1747.8991596638657,0.19,332.10084033613447,2080,{"$f":"IF(CTS_Source[[#This Row],[Montant Payé]]>0,CTS_Source[[#This Row],[Montant TTC]]-CTS_Source[[#This Row],[Montant Payé]],\"\")","v":""},null,80,null,null,811]
[null,null,null,"01-242",null,null,"2-BUR",6,"5-CCC40","Chemise de classement en carte lustrée D.40","U",1,176.47058823529412,176.47058823529412,0,0,176.47058823529412,0.19,33.529411764705884,210,{"$f":"IF(CTS_Source[[#This Row],[Montant Payé]]>0,CTS_Source[[#This Row],[Montant TTC]]-CTS_Source[[#This Row],[Montant Payé]],\"\")","v":""},null,210,null,null,812]
[null,null,null,"01-242",null,null,"2-BUR",7,"5-CCC25","Chemise de classement en carte lustrée D.25","U",1,134.45378151260505,134.45378151260505,0,0,134.45378151260505,0.19,25.54621848739496,160,{"$f":"IF(CTS_Source[[#This Row],[Montant Payé]]>0,CTS_Source[[#This Row],[Montant TTC]]-CTS_Source[[#This Row],[Montant Payé]],\"\")","v":""},null,160,null,null,813]
["P",20,"1900-01-20",null,"01-243","CLIENT",null,null,"1","Tarif COMPTOIR",null,null,null,168.0672268907563,0,null,168.0672268907563,0.19,31.932773109243698,200,{"$f":"IF(CTS_Source[[#This Row],[Montant Payé]]>0,CTS_Source[[#This Row],[Montant TTC]]-CTS_Source[[#This Row],[Montant Payé]],\"\")","v":0},200,null,0,"01",814]
[null,null,null,"01-243",null,null,"1-PRS",1,"I3","Impression Noir & Blanc A3-R /  Papier","U",5,33.613445378151262,168.0672268907563,0,0,168.0672268907563,0.19,31.932773109243698,200,{"$f":"IF(CTS_Source[[#This Row],[Montant Payé]]>0,CTS_Source[[#This Row],[Montant TTC]]-CTS_Source[[#This Row],[Montant Payé]],\"\")","v":""},null,40,null,null,815]
["P",20,"1900-01-20",null,"01-244","CLIENT",null,null,"1","Tarif COMPTOIR",null,null,null,260.50420168067228,0,null,260.50420168067228,0.19,49.495798319327733,310,{"$f":"IF(CTS_Source[[#This Row],[Montant Payé]]>0,CTS_Source[[#This Row],[Montant TTC]]-CTS_Source[[#This Row],[Montant Payé]],\"\")","v":10},300,null,0,"01",816]
[null,null,null,"01-244",null,null,"2-BUR",1,"2-SF","Stylo à bille Fabs","U",4,21.008403361344538,84.033613445378151,0,0,84.033613445378151,0.19,15.966386554621849,100,{"$f":"IF(CTS_Source[[#This Row],[Montant Payé]]>0,CTS_Source[[#This Row],[Montant TTC]]-CTS_Source[[#This Row],[Montant Payé]],\"\")","v":""},null,25,null,null,817]
[null,null,null,"01-244",null,null,"2-BUR",2,"2-S621","Stylo à bille 621 ","U",2,21.008403361344538,42.016806722689076,0,0,42.016806722689076,0.19,7.9831932773109244,50,{"$f":"IF(CTS_Source[[#This Row],[Montant Payé]]>0,CTS_Source[[#This Row],[Montant TTC]]-CTS_Source[[#This Row],[Montant Payé]],\"\")","v":""},null,25,null,null,818]
[null,null,null,"01-244",null,null,"2-BUR",3,"2-SBTT","Stylo à bille Techno Transparent","U",2,21.008403361344538,42.016806722689076,0,0,42.016806722689076,0.19,7.9831932773109244,50,{"$f":"IF(CTS_Source[[#This Row],[Montant Payé]]>0,CTS_Source[[#This Row],[Montant TTC]]-CTS_Source[[#This Row],[Montant Payé]],\"\")","v":""},null,25,null,null,819]
[null,null,null,"01-244",null,null,"2-BUR",4,"2-CN","Crayon Noir avec gomme","U",2,21.008403361344538,42.016806722689076,0,0,42.016806722689076,0.19,7.9831932773109244,50,{"$f":"IF(CTS_Source[[#This Row],[Montant Payé]]>0,CTS_Source[[#This Row],[Montant TTC]]-CTS_Source[[#This Row],[Montant Payé]],\"\")","v":""},null,25,null,null,820]
[null,null,null,"01-244",null,null,"1-PRS",5,"C8","Copie Noir & Blanc A4-RV /  Papier","U",3,16.806722689075631,50.420168067226896,0,0,50.420168067226896,0.19,9.5798319327731107,60.000000000000007,{"$f":"IF(CTS_Source[[#This Row],[Montant Payé]]>0,CTS_Source[[#This Row],[Montant TTC]]-CTS_Source[[#This Row],[Montant Payé]],\"\")","v":""},null,20,null,null,821]
["P",20,"1900-01-20",null,"01-245","CLIENT",null,null,"1","Tarif COMPTOIR",null,null,null,252.10084033613447,0,null,252.10084033613447,0.19,47.899159663865547,300,{"$f":"IF(CTS_Source[[#This Row],[Montant Payé]]>0,CTS_Source[[#This Row],[Montant TTC]]-CTS_Source[[#This Row],[Montant Payé]],\"\")","v":0},300,null,0,"01",822]
[null,null,null,"01-245",null,null,"1-PRS",1,"I40","Impression Couleur A4-R /  Papier (aucun aplat)","U",5,50.420168067226896,252.10084033613447,0,0,252.10084033613447,0.19,47.899159663865547,300,{"$f":"IF(CTS_Source[[#This Row],[Montant Payé]]>0,CTS_Source[[#This Row],[Montant TTC]]-CTS_Source[[#This Row],[Montant Payé]],\"\")","v":""},null,60,null,null,823]
["P",20,"1900-01-20",null,"01-246","CLIENT",null,null,"1","Tarif COMPTOIR",null,null,null,71.428571428571431,0,null,71.428571428571431,0.19,13.571428571428573,85,{"$f":"IF(CTS_Source[[#This Row],[Montant Payé]]>0,CTS_Source[[#This Row],[Montant TTC]]-CTS_Source[[#This Row],[Montant Payé]],\"\")","v":0},85,null,0,"01",824]
[null,null,null,"01-246",null,null,"1-PRS",1,"I40","Impression Couleur A4-R /  Papier (aucun aplat)","U",1,50.420168067226896,50.420168067226896,0,0,50.420168067226896,0.19,9.5798319327731107,60.000000000000007,{"$f":"IF(CTS_Source[[#This Row],[Montant Payé]]>0,CTS_Source[[#This Row],[Montant TTC]]-CTS_Source[[#This Row],[Montant Payé]],\"\")","v":""},null,60,null,null,825]
[null,null,null,"01-246",null,null,"2-BUR",2,"2-SF","Stylo à bille Fabs","U",1,21.008403361344538,21.008403361344538,0,0,21.008403361344538,0.19,3.9915966386554622,25,{"$f":"IF(CTS_Source[[#This Row],[Montant Payé]]>0,CTS_Source[[#This Row],[Montant TTC]]-CTS_Source[[#This Row],[Montant Payé]],\"\")","v":""},null,25,null,null,826]
["P",20,"1900-01-20",null,"01-247","CLIENT",null,null,"1","Tarif COMPTOIR",null,null,null,504.20168067226894,0,null,504.20168067226894,0.19,95.798319327731093,600,{"$f":"IF(CTS_Source[[#This Row],[Montant Payé]]>0,CTS_Source[[#This Row],[Montant TTC]]-CTS_Source[[#This Row],[Montant Payé]],\"\")","v":0},600,null,0,"01",827]
[null,null,null,"01-247",null,null,"1-PRS",1,"I30","Impression Couleur A3-R /  Papier (aucun aplat)","U",5,100.84033613445379,504.20168067226894,0,0,504.20168067226894,0.19,95.798319327731093,600,{"$f":"IF(CTS_Source[[#This Row],[Montant Payé]]>0,CTS_Source[[#This Row],[Montant TTC]]-CTS_Source[[#This Row],[Montant Payé]],\"\")","v":""},null,120,null,null,828]
["P",20,"1900-01-20",null,"01-248","CLIENT",null,null,"1","Tarif COMPTOIR",null,null,null,842.01680672268913,0,null,842.01680672268913,0.19,159.98319327731093,1002,{"$f":"IF(CTS_Source[[#This Row],[Montant Payé]]>0,CTS_Source[[#This Row],[Montant TTC]]-CTS_Source[[#This Row],[Montant Payé]],\"\")","v":2},1000,null,0,"01",829]
[null,null,null,"01-248",null,null,"1-PRS",1,"TP","Tirage Noir & Blanc / Papier","ML",8.35,100.84033613445379,842.01680672268913,0,0,842.01680672268913,0.19,159.98319327731093,1002,{"$f":"IF(CTS_Source[[#This Row],[Montant Payé]]>0,CTS_Source[[#This Row],[Montant TTC]]-CTS_Source[[#This Row],[Montant Payé]],\"\")","v":""},null,120,null,null,830]
["P",20,"1900-01-20",null,"01-249","CLIENT",null,null,"1","Tarif COMPTOIR",null,null,null,3323.5294117647063,0,null,3323.5294117647063,0.19,631.47058823529414,3955.0000000000005,{"$f":"IF(CTS_Source[[#This Row],[Montant Payé]]>0,CTS_Source[[#This Row],[Montant TTC]]-CTS_Source[[#This Row],[Montant Payé]],\"\")","v":10},3945.0000000000005,null,0,"01",831]
[null,null,null,"01-249",null,null,"1-PRS",1,"TP","Tirage Noir & Blanc / Papier","ML",17.45,84.033613445378151,1466.3865546218487,0,0,1466.3865546218487,0.19,278.61344537815125,1745,{"$f":"IF(CTS_Source[[#This Row],[Montant Payé]]>0,CTS_Source[[#This Row],[Montant TTC]]-CTS_Source[[#This Row],[Montant Payé]],\"\")","v":""},null,100,null,null,832]
[null,null,null,"01-249",null,null,"1-PRS",2,"C3","Copie Noir & Blanc A3-R /  Papier ","U",6,16.806722689075631,100.84033613445379,0,0,100.84033613445379,0.19,19.159663865546221,120.00000000000001,{"$f":"IF(CTS_Source[[#This Row],[Montant Payé]]>0,CTS_Source[[#This Row],[Montant TTC]]-CTS_Source[[#This Row],[Montant Payé]],\"\")","v":""},null,20,null,null,833]
[null,null,null,"01-249",null,null,"1-PRS",3,"I3","Impression Noir & Blanc A3-R /  Papier","U",6,33.613445378151262,201.68067226890759,0,0,201.68067226890759,0.19,38.319327731092443,240.00000000000003,{"$f":"IF(CTS_Source[[#This Row],[Montant Payé]]>0,CTS_Source[[#This Row],[Montant TTC]]-CTS_Source[[#This Row],[Montant Payé]],\"\")","v":""},null,40,null,null,834]
[null,null,null,"01-249",null,null,"2-BUR",4,"5-CCC60","Chemise de classement en carte lustrée D.60","U",1,210.0840336134454,210.0840336134454,0,0,210.0840336134454,0.19,39.915966386554629,250.00000000000003,{"$f":"IF(CTS_Source[[#This Row],[Montant Payé]]>0,CTS_Source[[#This Row],[Montant TTC]]-CTS_Source[[#This Row],[Montant Payé]],\"\")","v":""},null,250,null,null,835]
[null,null,null,"01-249",null,null,"2-BUR",5,"5-CCC25","Chemise de classement en carte lustrée D.25","U",1,134.45378151260505,134.45378151260505,0,0,134.45378151260505,0.19,25.54621848739496,160,{"$f":"IF(CTS_Source[[#This Row],[Montant Payé]]>0,CTS_Source[[#This Row],[Montant TTC]]-CTS_Source[[#This Row],[Montant Payé]],\"\")","v":""},null,160,null,null,836]
[null,null,null,"01-249",null,null,"1-PRS",6,"PP","Traçage Noir & Blanc / Papier ","ML",6,201.68067226890759,1210.0840336134456,0,0,1210.0840336134456,0.19,229.91596638655466,1440.0000000000002,{"$f":"IF(CTS_Source[[#This Row],[Montant Payé]]>0,CTS_Source[[#This Row],[Montant TTC]]-CTS_Source[[#This Row],[Montant Payé]],\"\")","v":""},null,240,null,null,837]
["P",20,"1900-01-20",null,"01-250","CLIENT",null,null,"1","Tarif COMPTOIR",null,null,null,134.45378151260505,0,null,134.45378151260505,0.19,25.54621848739496,160,{"$f":"IF(CTS_Source[[#This Row],[Montant Payé]]>0,CTS_Source[[#This Row],[Montant TTC]]-CTS_Source[[#This Row],[Montant Payé]],\"\")","v":0},160,null,0,"01",838]
[null,null,null,"01-250",null,null,"1-PRS",1,"C30","Copie Couleur A3-R /  Papier (aucun aplat)","U",2,67.226890756302524,134.45378151260505,0,0,134.45378151260505,0.19,25.54621848739496,160,{"$f":"IF(CTS_Source[[#This Row],[Montant Payé]]>0,CTS_Source[[#This Row],[Montant TTC]]-CTS_Source[[#This Row],[Montant Payé]],\"\")","v":""},null,80,null,null,839]
["P",20,"1900-01-20",null,"01-251","CLIENT",null,null,"1","Tarif COMPTOIR",null,null,null,1378.1512605042017,0,null,1378.1512605042017,0.19,261.84873949579833,1640,{"$f":"IF(CTS_Source[[#This Row],[Montant Payé]]>0,CTS_Source[[#This Row],[Montant TTC]]-CTS_Source[[#This Row],[Montant Payé]],\"\")","v":0},1640,null,0,"01",840]
[null,null,null,"01-251",null,null,"2-BUR",1,"6-EBR","Enveloppe blanche radio (n° 3745110) V","U",1,33.613445378151262,33.613445378151262,0,0,33.613445378151262,0.19,6.3865546218487399,40,{"$f":"IF(CTS_Source[[#This Row],[Montant Payé]]>0,CTS_Source[[#This Row],[Montant TTC]]-CTS_Source[[#This Row],[Montant Payé]],\"\")","v":""},null,40,null,null,841]
[null,null,null,"01-251",null,null,"0-PRS",2,"I32","Impression Couleur A3-R /  Papier (tout aplat)","U",8,168.0672268907563,1344.5378151260504,0,0,1344.5378151260504,0.19,255.46218487394958,1600,{"$f":"IF(CTS_Source[[#This Row],[Montant Payé]]>0,CTS_Source[[#This Row],[Montant TTC]]-CTS_Source[[#This Row],[Montant Payé]],\"\")","v":""},null,200,null,null,842]
["P",20,"1900-01-20",null,"01-252","CLIENT",null,null,"1","Tarif COMPTOIR",null,null,null,168.0672268907563,0,null,168.0672268907563,0.19,31.932773109243698,200,{"$f":"IF(CTS_Source[[#This Row],[Montant Payé]]>0,CTS_Source[[#This Row],[Montant TTC]]-CTS_Source[[#This Row],[Montant Payé]],\"\")","v":0},200,null,0,"01",843]
[null,null,null,"01-252",null,null,"0-PRS",1,"I32","Impression Couleur A3-R /  Papier (tout aplat)","U",1,168.0672268907563,168.0672268907563,0,0,168.0672268907563,0.19,31.932773109243698,200,{"$f":"IF(CTS_Source[[#This Row],[Montant Payé]]>0,CTS_Source[[#This Row],[Montant TTC]]-CTS_Source[[#This Row],[Montant Payé]],\"\")","v":""},null,200,null,null,844]
["P",20,"1900-01-20",null,"01-253","CLIENT",null,null,"1","Tarif COMPTOIR",null,null,null,184.87394957983196,0,null,184.87394957983196,0.19,35.12605042016807,220.00000000000003,{"$f":"IF(CTS_Source[[#This Row],[Montant Payé]]>0,CTS_Source[[#This Row],[Montant TTC]]-CTS_Source[[#This Row],[Montant Payé]],\"\")","v":0},220.00000000000003,null,0,"01",845]
[null,null,null,"01-253",null,null,"1-PRS",1,"I40","Impression Couleur A4-R /  Papier (aucun aplat)","U",2,50.420168067226896,100.84033613445379,0,0,100.84033613445379,0.19,19.159663865546221,120.00000000000001,{"$f":"IF(CTS_Source[[#This Row],[Montant Payé]]>0,CTS_Source[[#This Row],[Montant TTC]]-CTS_Source[[#This Row],[Montant Payé]],\"\")","v":""},null,60,null,null,846]
[null,null,null,"01-253",null,null,"1-PRS",2,"C4","Copie Noir & Blanc A4-R /  Papier","U",6,8.4033613445378155,50.420168067226896,0,0,50.420168067226896,0.19,9.5798319327731107,60.000000000000007,{"$f":"IF(CTS_Source[[#This Row],[Montant Payé]]>0,CTS_Source[[#This Row],[Montant TTC]]-CTS_Source[[#This Row],[Montant Payé]],\"\")","v":""},null,10,null,null,847]
[null,null,null,"01-253",null,null,"1-PRS",3,"C8","Copie Noir & Blanc A4-RV /  Papier","U",2,16.806722689075631,33.613445378151262,0,0,33.613445378151262,0.19,6.3865546218487399,40,{"$f":"IF(CTS_Source[[#This Row],[Montant Payé]]>0,CTS_Source[[#This Row],[Montant TTC]]-CTS_Source[[#This Row],[Montant Payé]],\"\")","v":""},null,20,null,null,848]
["P",20,"1900-01-20",null,"01-254","CLIENT",null,null,"1","Tarif COMPTOIR",null,null,null,33.613445378151262,0,null,33.613445378151262,0.19,6.3865546218487399,40,{"$f":"IF(CTS_Source[[#This Row],[Montant Payé]]>0,CTS_Source[[#This Row],[Montant TTC]]-CTS_Source[[#This Row],[Montant Payé]],\"\")","v":0},40,null,0,"01",849]
[null,null,null,"01-254",null,null,"1-PRS",1,"I4","Impression Noir & Blanc A4-R /  Papier","U",2,16.806722689075631,33.613445378151262,0,0,33.613445378151262,0.19,6.3865546218487399,40,{"$f":"IF(CTS_Source[[#This Row],[Montant Payé]]>0,CTS_Source[[#This Row],[Montant TTC]]-CTS_Source[[#This Row],[Montant Payé]],\"\")","v":""},null,20,null,null,850]
["P",20,"1900-01-20",null,"01-255","CLIENT",null,null,"1","Tarif COMPTOIR",null,null,null,42.016806722689083,0,null,42.016806722689083,0.19,7.9831932773109253,50.000000000000007,{"$f":"IF(CTS_Source[[#This Row],[Montant Payé]]>0,CTS_Source[[#This Row],[Montant TTC]]-CTS_Source[[#This Row],[Montant Payé]],\"\")","v":0},50.000000000000007,null,0,"01",851]
[null,null,null,"01-255",null,null,"1-PRS",1,"C4","Copie Noir & Blanc A4-R /  Papier","U",3,8.4033613445378155,25.210084033613448,0,0,25.210084033613448,0.19,4.7899159663865554,30.000000000000004,{"$f":"IF(CTS_Source[[#This Row],[Montant Payé]]>0,CTS_Source[[#This Row],[Montant TTC]]-CTS_Source[[#This Row],[Montant Payé]],\"\")","v":""},null,10,null,null,852]
[null,null,null,"01-255",null,null,"1-PRS",2,"I4","Impression Noir & Blanc A4-R /  Papier","U",1,16.806722689075631,16.806722689075631,0,0,16.806722689075631,0.19,3.1932773109243699,20,{"$f":"IF(CTS_Source[[#This Row],[Montant Payé]]>0,CTS_Source[[#This Row],[Montant TTC]]-CTS_Source[[#This Row],[Montant Payé]],\"\")","v":""},null,20,null,null,853]
["P",20,"1900-01-20",null,"01-256","CLIENT",null,null,"1","Tarif COMPTOIR",null,null,null,840.33613445378148,0,null,840.33613445378148,0.19,159.66386554621849,1000,{"$f":"IF(CTS_Source[[#This Row],[Montant Payé]]>0,CTS_Source[[#This Row],[Montant TTC]]-CTS_Source[[#This Row],[Montant Payé]],\"\")","v":0},1000,null,0,"01",854]
[null,null,null,"01-256",null,null,"0-PRS",1,"I32","Impression Couleur A3-R /  Papier (tout aplat)","U",5,168.0672268907563,840.33613445378148,0,0,840.33613445378148,0.19,159.66386554621849,1000,{"$f":"IF(CTS_Source[[#This Row],[Montant Payé]]>0,CTS_Source[[#This Row],[Montant TTC]]-CTS_Source[[#This Row],[Montant Payé]],\"\")","v":""},null,200,null,null,855]
["P",20,"1900-01-20",null,"01-257","CLIENT",null,null,"1","Tarif COMPTOIR",null,null,null,168.0672268907563,0,null,168.0672268907563,0.19,31.932773109243698,200,{"$f":"IF(CTS_Source[[#This Row],[Montant Payé]]>0,CTS_Source[[#This Row],[Montant TTC]]-CTS_Source[[#This Row],[Montant Payé]],\"\")","v":0},200,null,0,"01",856]
[null,null,null,"01-257",null,null,"0-PRS",1,"I32","Impression Couleur A3-R /  Papier (tout aplat)","U",1,168.0672268907563,168.0672268907563,0,0,168.0672268907563,0.19,31.932773109243698,200,{"$f":"IF(CTS_Source[[#This Row],[Montant Payé]]>0,CTS_Source[[#This Row],[Montant TTC]]-CTS_Source[[#This Row],[Montant Payé]],\"\")","v":""},null,200,null,null,857]
["P",20,"1900-01-20",null,"01-258","CLIENT",null,null,"1","Tarif COMPTOIR",null,null,null,1260.5042016806724,0,null,1260.5042016806724,0.19,239.49579831932775,1500.0000000000002,{"$f":"IF(CTS_Source[[#This Row],[Montant Payé]]>0,CTS_Source[[#This Row],[Montant TTC]]-CTS_Source[[#This Row],[Montant Payé]],\"\")","v":0},1500.0000000000002,null,0,"01",858]
[null,null,null,"01-258",null,null,"2-BUR",1,"6-EB50219","Enveloppe blanche 229 x 324 (n° 50219) H","U",2,21.008403361344538,42.016806722689076,0,0,42.016806722689076,0.19,7.9831932773109244,50,{"$f":"IF(CTS_Source[[#This Row],[Montant Payé]]>0,CTS_Source[[#This Row],[Montant TTC]]-CTS_Source[[#This Row],[Montant Payé]],\"\")","v":""},null,25,null,null,859]
[null,null,null,"01-258",null,null,"2-BUR",2,"2-SF","Stylo à bille Fabs","U",2,21.008403361344538,42.016806722689076,0,0,42.016806722689076,0.19,7.9831932773109244,50,{"$f":"IF(CTS_Source[[#This Row],[Montant Payé]]>0,CTS_Source[[#This Row],[Montant TTC]]-CTS_Source[[#This Row],[Montant Payé]],\"\")","v":""},null,25,null,null,860]
[null,null,null,"01-258",null,null,"1-PRS",3,"C40","Copie Couleur A4-R /  Papier (aucun aplat)","U",1,33.613445378151262,33.613445378151262,0,0,33.613445378151262,0.19,6.3865546218487399,40,{"$f":"IF(CTS_Source[[#This Row],[Montant Payé]]>0,CTS_Source[[#This Row],[Montant TTC]]-CTS_Source[[#This Row],[Montant Payé]],\"\")","v":""},null,40,null,null,861]
[null,null,null,"01-258",null,null,"0-PRS",4,"C42","Copie Couleur A4-R /  Papier (tout aplat)","U",1,67.226890756302524,67.226890756302524,0,0,67.226890756302524,0.19,12.77310924369748,80,{"$f":"IF(CTS_Source[[#This Row],[Montant Payé]]>0,CTS_Source[[#This Row],[Montant TTC]]-CTS_Source[[#This Row],[Montant Payé]],\"\")","v":""},null,80,null,null,862]
[null,null,null,"01-258",null,null,"0-PRS",5,"N40","Numérisation Couleur A4 à plat","U",32,33.613445378151262,1075.6302521008404,0,0,1075.6302521008404,0.19,204.36974789915968,1280,{"$f":"IF(CTS_Source[[#This Row],[Montant Payé]]>0,CTS_Source[[#This Row],[Montant TTC]]-CTS_Source[[#This Row],[Montant Payé]],\"\")","v":""},null,40,null,null,863]
["P",20,"1900-01-20",null,"01-259","CLIENT",null,null,"1","Tarif COMPTOIR",null,null,null,184.87394957983193,0,null,184.87394957983193,0.19,35.12605042016807,220,{"$f":"IF(CTS_Source[[#This Row],[Montant Payé]]>0,CTS_Source[[#This Row],[Montant TTC]]-CTS_Source[[#This Row],[Montant Payé]],\"\")","v":0},220,null,0,"01",864]
[null,null,null,"01-259",null,null,"0-PRS",1,"AGP","Agrafage document (agrafes PM) - de 20 f","U",3,8.4033613445378155,25.210084033613448,0,0,25.210084033613448,0.19,4.7899159663865554,30.000000000000004,{"$f":"IF(CTS_Source[[#This Row],[Montant Payé]]>0,CTS_Source[[#This Row],[Montant TTC]]-CTS_Source[[#This Row],[Montant Payé]],\"\")","v":""},null,10,null,null,865]
[null,null,null,"01-259",null,null,"1-PRS",2,"C4","Copie Noir & Blanc A4-R /  Papier","U",19,8.4033613445378155,159.66386554621849,0,0,159.66386554621849,0.19,30.336134453781511,190,{"$f":"IF(CTS_Source[[#This Row],[Montant Payé]]>0,CTS_Source[[#This Row],[Montant TTC]]-CTS_Source[[#This Row],[Montant Payé]],\"\")","v":""},null,10,null,null,866]
["P",20,"1900-01-20",null,"01-260","CLIENT",null,null,"1","Tarif COMPTOIR",null,null,null,3176.4705882352946,0,null,3176.4705882352946,0.19,603.52941176470597,3780.0000000000005,{"$f":"IF(CTS_Source[[#This Row],[Montant Payé]]>0,CTS_Source[[#This Row],[Montant TTC]]-CTS_Source[[#This Row],[Montant Payé]],\"\")","v":0},3780.0000000000005,null,0,"01",867]
[null,null,null,"01-260",null,null,"1-PRS",1,"C40","Copie Couleur A4-R /  Papier (aucun aplat)","U",84,29.411764705882355,2470.588235294118,0,0,2470.588235294118,0.19,469.41176470588243,2940.0000000000005,{"$f":"IF(CTS_Source[[#This Row],[Montant Payé]]>0,CTS_Source[[#This Row],[Montant TTC]]-CTS_Source[[#This Row],[Montant Payé]],\"\")","v":""},null,35,null,null,868]
[null,null,null,"01-260",null,null,"1-PRS",2,"C4","Copie Noir & Blanc A4-R /  Papier","U",84,8.4033613445378155,705.88235294117646,0,0,705.88235294117646,0.19,134.11764705882354,840,{"$f":"IF(CTS_Source[[#This Row],[Montant Payé]]>0,CTS_Source[[#This Row],[Montant TTC]]-CTS_Source[[#This Row],[Montant Payé]],\"\")","v":""},null,10,null,null,869]
["P",20,"1900-01-20",null,"01-261","CLIENT",null,null,"1","Tarif COMPTOIR",null,null,null,100.84033613445379,0,null,100.84033613445379,0.19,19.159663865546221,120.00000000000001,{"$f":"IF(CTS_Source[[#This Row],[Montant Payé]]>0,CTS_Source[[#This Row],[Montant TTC]]-CTS_Source[[#This Row],[Montant Payé]],\"\")","v":0},120.00000000000001,null,0,"01",870]
[null,null,null,"01-261",null,null,"1-PRS",1,"C4","Copie Noir & Blanc A4-R /  Papier","U",6,8.4033613445378155,50.420168067226896,0,0,50.420168067226896,0.19,9.5798319327731107,60.000000000000007,{"$f":"IF(CTS_Source[[#This Row],[Montant Payé]]>0,CTS_Source[[#This Row],[Montant TTC]]-CTS_Source[[#This Row],[Montant Payé]],\"\")","v":""},null,10,null,null,871]
[null,null,null,"01-261",null,null,"1-PRS",2,"I4","Impression Noir & Blanc A4-R /  Papier","U",3,16.806722689075631,50.420168067226896,0,0,50.420168067226896,0.19,9.5798319327731107,60.000000000000007,{"$f":"IF(CTS_Source[[#This Row],[Montant Payé]]>0,CTS_Source[[#This Row],[Montant TTC]]-CTS_Source[[#This Row],[Montant Payé]],\"\")","v":""},null,20,null,null,872]
["P",20,"1900-01-20",null,"01-262","CLIENT",null,null,"1","Tarif COMPTOIR",null,null,null,1089.0756302521008,0,null,1089.0756302521008,0.19,206.92436974789916,1296,{"$f":"IF(CTS_Source[[#This Row],[Montant Payé]]>0,CTS_Source[[#This Row],[Montant TTC]]-CTS_Source[[#This Row],[Montant Payé]],\"\")","v":0},1296,null,0,"01",873]
[null,null,null,"01-262",null,null,"1-PRS",1,"TP","Tirage Noir & Blanc / Papier","ML",2.4,100.84033613445379,242.0168067226891,0,0,242.0168067226891,0.19,45.983193277310932,288,{"$f":"IF(CTS_Source[[#This Row],[Montant Payé]]>0,CTS_Source[[#This Row],[Montant TTC]]-CTS_Source[[#This Row],[Montant Payé]],\"\")","v":""},null,120,null,null,874]
[null,null,null,"01-262",null,null,"1-PRS",2,"PP0","Traçage Couleur / Papier (aucun aplat)","ML",1.2,705.88235294117646,847.05882352941171,0,0,847.05882352941171,0.19,160.94117647058823,1008,{"$f":"IF(CTS_Source[[#This Row],[Montant Payé]]>0,CTS_Source[[#This Row],[Montant TTC]]-CTS_Source[[#This Row],[Montant Payé]],\"\")","v":""},null,840,null,null,875]
["P",20,"1900-01-20",null,"01-263","CLIENT",null,null,"1","Tarif COMPTOIR",null,null,null,453.78151260504205,0,null,453.78151260504205,0.19,86.21848739495799,540,{"$f":"IF(CTS_Source[[#This Row],[Montant Payé]]>0,CTS_Source[[#This Row],[Montant TTC]]-CTS_Source[[#This Row],[Montant Payé]],\"\")","v":0},540,null,0,"01",876]
[null,null,null,"01-263",null,null,"1-PRS",1,"TP","Tirage Noir & Blanc / Papier","ML",4.5,100.84033613445379,453.78151260504205,0,0,453.78151260504205,0.19,86.21848739495799,540,{"$f":"IF(CTS_Source[[#This Row],[Montant Payé]]>0,CTS_Source[[#This Row],[Montant TTC]]-CTS_Source[[#This Row],[Montant Payé]],\"\")","v":""},null,120,null,null,877]
["P",20,"1900-01-20",null,"01-264","CLIENT",null,null,"1","Tarif COMPTOIR",null,null,null,50.420168067226896,0,null,50.420168067226896,0.19,9.5798319327731107,60.000000000000007,{"$f":"IF(CTS_Source[[#This Row],[Montant Payé]]>0,CTS_Source[[#This Row],[Montant TTC]]-CTS_Source[[#This Row],[Montant Payé]],\"\")","v":0},60.000000000000007,null,0,"01",878]
[null,null,null,"01-264",null,null,"1-PRS",1,"C4","Copie Noir & Blanc A4-R /  Papier","U",6,8.4033613445378155,50.420168067226896,0,0,50.420168067226896,0.19,9.5798319327731107,60.000000000000007,{"$f":"IF(CTS_Source[[#This Row],[Montant Payé]]>0,CTS_Source[[#This Row],[Montant TTC]]-CTS_Source[[#This Row],[Montant Payé]],\"\")","v":""},null,10,null,null,879]
["P",21,"2021-01-21",null,"01-265","CLIENT",null,null,"1","Tarif COMPTOIR",null,null,null,840.33613445378148,0,null,840.33613445378148,0.19,159.66386554621849,1000,{"$f":"IF(CTS_Source[[#This Row],[Montant Payé]]>0,CTS_Source[[#This Row],[Montant TTC]]-CTS_Source[[#This Row],[Montant Payé]],\"\")","v":0},1000,null,0,"01",880]
[null,null,null,"01-265",null,null,"1-PRS",1,"I40","Impression Couleur A4-R /  Papier (aucun aplat)","U",20,42.016806722689076,840.33613445378148,0,0,840.33613445378148,0.19,159.66386554621849,1000,{"$f":"IF(CTS_Source[[#This Row],[Montant Payé]]>0,CTS_Source[[#This Row],[Montant TTC]]-CTS_Source[[#This Row],[Montant Payé]],\"\")","v":""},null,50,null,null,881]
["P",21,"2021-01-21",null,"01-266","CLIENT",null,null,"1","Tarif COMPTOIR",null,null,null,569.74789915966392,0,null,569.74789915966392,0.19,108.25210084033614,678,{"$f":"IF(CTS_Source[[#This Row],[Montant Payé]]>0,CTS_Source[[#This Row],[Montant TTC]]-CTS_Source[[#This Row],[Montant Payé]],\"\")","v":-2},680,null,0,"01",882]
[null,null,null,"01-266",null,null,"1-PRS",1,"TP","Tirage Noir & Blanc / Papier","ML",5.65,100.84033613445379,569.74789915966392,0,0,569.74789915966392,0.19,108.25210084033614,678,{"$f":"IF(CTS_Source[[#This Row],[Montant Payé]]>0,CTS_Source[[#This Row],[Montant TTC]]-CTS_Source[[#This Row],[Montant Payé]],\"\")","v":""},null,120,null,null,883]
["P",21,"2021-01-21",null,"01-267","CLIENT",null,null,"1","Tarif COMPTOIR",null,null,null,100.84033613445379,0,null,100.84033613445379,0.19,19.159663865546221,120.00000000000001,{"$f":"IF(CTS_Source[[#This Row],[Montant Payé]]>0,CTS_Source[[#This Row],[Montant TTC]]-CTS_Source[[#This Row],[Montant Payé]],\"\")","v":0},120.00000000000001,null,0,"01",884]
[null,null,null,"01-267",null,null,"1-PRS",1,"I4","Impression Noir & Blanc A4-R /  Papier","U",6,16.806722689075631,100.84033613445379,0,0,100.84033613445379,0.19,19.159663865546221,120.00000000000001,{"$f":"IF(CTS_Source[[#This Row],[Montant Payé]]>0,CTS_Source[[#This Row],[Montant TTC]]-CTS_Source[[#This Row],[Montant Payé]],\"\")","v":""},null,20,null,null,885]
["P",21,"2021-01-21",null,"01-268","CLIENT",null,null,"1","Tarif COMPTOIR",null,null,null,33.613445378151262,0,null,33.613445378151262,0.19,6.3865546218487399,40,{"$f":"IF(CTS_Source[[#This Row],[Montant Payé]]>0,CTS_Source[[#This Row],[Montant TTC]]-CTS_Source[[#This Row],[Montant Payé]],\"\")","v":0},40,null,0,"01",886]
[null,null,null,"01-268",null,null,"1-PRS",1,"I4","Impression Noir & Blanc A4-R /  Papier","U",2,16.806722689075631,33.613445378151262,0,0,33.613445378151262,0.19,6.3865546218487399,40,{"$f":"IF(CTS_Source[[#This Row],[Montant Payé]]>0,CTS_Source[[#This Row],[Montant TTC]]-CTS_Source[[#This Row],[Montant Payé]],\"\")","v":""},null,20,null,null,887]
["P",21,"2021-01-21",null,"01-269","CLIENT",null,null,"1","Tarif COMPTOIR",null,null,null,16.806722689075631,0,null,16.806722689075631,0.19,3.1932773109243699,20,{"$f":"IF(CTS_Source[[#This Row],[Montant Payé]]>0,CTS_Source[[#This Row],[Montant TTC]]-CTS_Source[[#This Row],[Montant Payé]],\"\")","v":0},20,null,0,"01",888]
[null,null,null,"01-269",null,null,"1-PRS",1,"C4","Copie Noir & Blanc A4-R /  Papier","U",2,8.4033613445378155,16.806722689075631,0,0,16.806722689075631,0.19,3.1932773109243699,20,{"$f":"IF(CTS_Source[[#This Row],[Montant Payé]]>0,CTS_Source[[#This Row],[Montant TTC]]-CTS_Source[[#This Row],[Montant Payé]],\"\")","v":""},null,10,null,null,889]
["P",21,"2021-01-21",null,"01-270","CLIENT",null,null,"1","Tarif COMPTOIR",null,null,null,489.07563025210084,0,null,489.07563025210084,0.19,92.924369747899163,582,{"$f":"IF(CTS_Source[[#This Row],[Montant Payé]]>0,CTS_Source[[#This Row],[Montant TTC]]-CTS_Source[[#This Row],[Montant Payé]],\"\")","v":2},580,null,0,"01",890]
[null,null,null,"01-270",null,null,"1-PRS",1,"TP","Tirage Noir & Blanc / Papier","ML",4.8499999999999996,100.84033613445379,489.07563025210084,0,0,489.07563025210084,0.19,92.924369747899163,582,{"$f":"IF(CTS_Source[[#This Row],[Montant Payé]]>0,CTS_Source[[#This Row],[Montant TTC]]-CTS_Source[[#This Row],[Montant Payé]],\"\")","v":""},null,120,null,null,891]
["P",21,"2021-01-21",null,"01-271","CLIENT",null,null,"1","Tarif COMPTOIR",null,null,null,840.33613445378148,0,null,840.33613445378148,0.19,159.66386554621849,1000,{"$f":"IF(CTS_Source[[#This Row],[Montant Payé]]>0,CTS_Source[[#This Row],[Montant TTC]]-CTS_Source[[#This Row],[Montant Payé]],\"\")","v":0},1000,null,0,"01",892]
[null,null,null,"01-271",null,null,"0-PRS",1,"AGP","Agrafage document (agrafes PM) - de 20 f","U",10,8.4033613445378155,84.033613445378151,0,0,84.033613445378151,0.19,15.966386554621849,100,{"$f":"IF(CTS_Source[[#This Row],[Montant Payé]]>0,CTS_Source[[#This Row],[Montant TTC]]-CTS_Source[[#This Row],[Montant Payé]],\"\")","v":""},null,10,null,null,893]
[null,null,null,"01-271",null,null,"1-PRS",2,"C4","Copie Noir & Blanc A4-R /  Papier","U",10,8.4033613445378155,84.033613445378151,0,0,84.033613445378151,0.19,15.966386554621849,100,{"$f":"IF(CTS_Source[[#This Row],[Montant Payé]]>0,CTS_Source[[#This Row],[Montant TTC]]-CTS_Source[[#This Row],[Montant Payé]],\"\")","v":""},null,10,null,null,894]
[null,null,null,"01-271",null,null,"1-PRS",3,"C40","Copie Couleur A4-R /  Papier (aucun aplat)","U",20,33.613445378151262,672.26890756302521,0,0,672.26890756302521,0.19,127.73109243697479,800,{"$f":"IF(CTS_Source[[#This Row],[Montant Payé]]>0,CTS_Source[[#This Row],[Montant TTC]]-CTS_Source[[#This Row],[Montant Payé]],\"\")","v":""},null,40,null,null,895]
["P",21,"2021-01-21",null,"01-272","CLIENT",null,null,"1","Tarif COMPTOIR",null,null,null,50.420168067226896,0,null,50.420168067226896,0.19,9.5798319327731107,60.000000000000007,{"$f":"IF(CTS_Source[[#This Row],[Montant Payé]]>0,CTS_Source[[#This Row],[Montant TTC]]-CTS_Source[[#This Row],[Montant Payé]],\"\")","v":0},60.000000000000007,null,0,"01",896]
[null,null,null,"01-272",null,null,"1-PRS",1,"I4","Impression Noir & Blanc A4-R /  Papier","U",1,16.806722689075631,16.806722689075631,0,0,16.806722689075631,0.19,3.1932773109243699,20,{"$f":"IF(CTS_Source[[#This Row],[Montant Payé]]>0,CTS_Source[[#This Row],[Montant TTC]]-CTS_Source[[#This Row],[Montant Payé]],\"\")","v":""},null,20,null,null,897]
[null,null,null,"01-272",null,null,"1-PRS",2,"C4","Copie Noir & Blanc A4-R /  Papier","U",4,8.4033613445378155,33.613445378151262,0,0,33.613445378151262,0.19,6.3865546218487399,40,{"$f":"IF(CTS_Source[[#This Row],[Montant Payé]]>0,CTS_Source[[#This Row],[Montant TTC]]-CTS_Source[[#This Row],[Montant Payé]],\"\")","v":""},null,10,null,null,898]
["P",21,"2021-01-21",null,"01-273","CLIENT",null,null,"1","Tarif COMPTOIR",null,null,null,1848.7394957983192,0,null,1848.7394957983192,0.19,351.26050420168065,2200,{"$f":"IF(CTS_Source[[#This Row],[Montant Payé]]>0,CTS_Source[[#This Row],[Montant TTC]]-CTS_Source[[#This Row],[Montant Payé]],\"\")","v":0},2200,null,0,"01",899]
[null,null,null,"01-273",null,null,"0-PRS",1,"I32","Impression Couleur A3-R /  Papier (tout aplat)","U",1,168.0672268907563,168.0672268907563,0,0,168.0672268907563,0.19,31.932773109243698,200,{"$f":"IF(CTS_Source[[#This Row],[Montant Payé]]>0,CTS_Source[[#This Row],[Montant TTC]]-CTS_Source[[#This Row],[Montant Payé]],\"\")","v":""},null,200,null,null,900]
[null,null,null,"01-273",null,null,"1-PRS",2,"I3","Impression Noir & Blanc A3-R /  Papier","U",1,33.613445378151262,33.613445378151262,0,0,33.613445378151262,0.19,6.3865546218487399,40,{"$f":"IF(CTS_Source[[#This Row],[Montant Payé]]>0,CTS_Source[[#This Row],[Montant TTC]]-CTS_Source[[#This Row],[Montant Payé]],\"\")","v":""},null,40,null,null,901]
[null,null,null,"01-273",null,null,"1-PRS",3,"I4","Impression Noir & Blanc A4-R /  Papier","U",2,16.806722689075631,33.613445378151262,0,0,33.613445378151262,0.19,6.3865546218487399,40,{"$f":"IF(CTS_Source[[#This Row],[Montant Payé]]>0,CTS_Source[[#This Row],[Montant TTC]]-CTS_Source[[#This Row],[Montant Payé]],\"\")","v":""},null,20,null,null,902]
[null,null,null,"01-273",null,null,"1-PRS",4,"I40","Impression Couleur A4-R /  Papier (aucun aplat)","U",2,50.420168067226896,100.84033613445379,0,0,100.84033613445379,0.19,19.159663865546221,120.00000000000001,{"$f":"IF(CTS_Source[[#This Row],[Montant Payé]]>0,CTS_Source[[#This Row],[Montant TTC]]-CTS_Source[[#This Row],[Montant Payé]],\"\")","v":""},null,60,null,null,903]
[null,null,null,"01-273",null,null,"0-PRS",5,"I42","Impression Couleur A4-R /  Papier (tout aplat)","U",18,84.033613445378151,1512.6050420168067,0,0,1512.6050420168067,0.19,287.39495798319325,1800,{"$f":"IF(CTS_Source[[#This Row],[Montant Payé]]>0,CTS_Source[[#This Row],[Montant TTC]]-CTS_Source[[#This Row],[Montant Payé]],\"\")","v":""},null,100,null,null,904]
["P",21,"2021-01-21",null,"01-274","CLIENT",null,null,"1","Tarif COMPTOIR",null,null,null,84.033613445378151,0,null,84.033613445378151,0.19,15.966386554621849,100,{"$f":"IF(CTS_Source[[#This Row],[Montant Payé]]>0,CTS_Source[[#This Row],[Montant TTC]]-CTS_Source[[#This Row],[Montant Payé]],\"\")","v":0},100,null,0,"01",905]
[null,null,null,"01-274",null,null,"0-PRS",1,"I42","Impression Couleur A4-R /  Papier (tout aplat)","U",1,84.033613445378151,84.033613445378151,0,0,84.033613445378151,0.19,15.966386554621849,100,{"$f":"IF(CTS_Source[[#This Row],[Montant Payé]]>0,CTS_Source[[#This Row],[Montant TTC]]-CTS_Source[[#This Row],[Montant Payé]],\"\")","v":""},null,100,null,null,906]
["P",21,"2021-01-21",null,"01-275","CLIENT",null,null,"1","Tarif COMPTOIR",null,null,null,8228.5714285714294,0,null,8228.5714285714294,0.19,1563.4285714285716,9792,{"$f":"IF(CTS_Source[[#This Row],[Montant Payé]]>0,CTS_Source[[#This Row],[Montant TTC]]-CTS_Source[[#This Row],[Montant Payé]],\"\")","v":2},9790,null,0,"01",907]
[null,null,null,"01-275",null,null,"1-PRS",1,"PP0","Traçage Couleur / Papier (aucun aplat)","ML",6.8,705.88235294117646,4800,0,0,4800,0.19,912,5712,{"$f":"IF(CTS_Source[[#This Row],[Montant Payé]]>0,CTS_Source[[#This Row],[Montant TTC]]-CTS_Source[[#This Row],[Montant Payé]],\"\")","v":""},null,840,null,null,908]
[null,null,null,"01-275",null,null,"1-PRS",2,"TP0","Tirage Couleur / Papier (aucun aplat) ","ML",6.8,504.20168067226894,3428.5714285714289,0,0,3428.5714285714289,0.19,651.42857142857144,4080.0000000000005,{"$f":"IF(CTS_Source[[#This Row],[Montant Payé]]>0,CTS_Source[[#This Row],[Montant TTC]]-CTS_Source[[#This Row],[Montant Payé]],\"\")","v":""},null,600,null,null,909]
["P",21,"2021-01-21",null,"01-276","CLIENT",null,null,"1","Tarif COMPTOIR",null,null,null,3729.4117647058833,0,null,3729.4117647058833,0.19,708.58823529411779,4438.0000000000009,{"$f":"IF(CTS_Source[[#This Row],[Montant Payé]]>0,CTS_Source[[#This Row],[Montant TTC]]-CTS_Source[[#This Row],[Montant Payé]],\"\")","v":-2},4440.0000000000009,null,0,"01",910]
[null,null,null,"01-276",null,null,"3-DOC",1,"9-JAR","Doc. L'art des jardins","U",1,3361.3445378151264,3361.3445378151264,0,0,3361.3445378151264,0.19,638.65546218487407,4000.0000000000005,{"$f":"IF(CTS_Source[[#This Row],[Montant Payé]]>0,CTS_Source[[#This Row],[Montant TTC]]-CTS_Source[[#This Row],[Montant Payé]],\"\")","v":""},null,4000,null,null,911]
[null,null,null,"01-276",null,null,"0-PRS",2,"C8S","Copie Noir & Blanc A4-RV /  Papier / Spéciale ","U",1,33.613445378151262,33.613445378151262,0,0,33.613445378151262,0.19,6.3865546218487399,40,{"$f":"IF(CTS_Source[[#This Row],[Montant Payé]]>0,CTS_Source[[#This Row],[Montant TTC]]-CTS_Source[[#This Row],[Montant Payé]],\"\")","v":""},null,40,null,null,912]
[null,null,null,"01-276",null,null,"0-PRS",3,"C3S","Copie Noir & Blanc A3-R /  Papier / Spéciale ","U",1,33.613445378151262,33.613445378151262,0,0,33.613445378151262,0.19,6.3865546218487399,40,{"$f":"IF(CTS_Source[[#This Row],[Montant Payé]]>0,CTS_Source[[#This Row],[Montant TTC]]-CTS_Source[[#This Row],[Montant Payé]],\"\")","v":""},null,40,null,null,913]
[null,null,null,"01-276",null,null,"1-PRS",4,"TP","Tirage Noir & Blanc / Papier","ML",0.65,100.84033613445379,65.546218487394967,0,0,65.546218487394967,0.19,12.453781512605044,78.000000000000014,{"$f":"IF(CTS_Source[[#This Row],[Montant Payé]]>0,CTS_Source[[#This Row],[Montant TTC]]-CTS_Source[[#This Row],[Montant Payé]],\"\")","v":""},null,120,null,null,914]
[null,null,null,"01-276",null,null,"0-PRS",5,"C4S","Copie Noir & Blanc A4-R /  Papier / Spéciale","U",13,16.806722689075631,218.48739495798321,0,0,218.48739495798321,0.19,41.512605042016808,260,{"$f":"IF(CTS_Source[[#This Row],[Montant Payé]]>0,CTS_Source[[#This Row],[Montant TTC]]-CTS_Source[[#This Row],[Montant Payé]],\"\")","v":""},null,20,null,null,915]
[null,null,null,"01-276",null,null,"0-PRS",6,"AGP","Agrafage document (agrafes PM) - de 20 f","U",2,8.4033613445378155,16.806722689075631,0,0,16.806722689075631,0.19,3.1932773109243699,20,{"$f":"IF(CTS_Source[[#This Row],[Montant Payé]]>0,CTS_Source[[#This Row],[Montant TTC]]-CTS_Source[[#This Row],[Montant Payé]],\"\")","v":""},null,10,null,null,916]
["P",21,"2021-01-21",null,"01-277","CLIENT",null,null,"1","Tarif COMPTOIR",null,null,null,1378.1512605042017,0,null,1378.1512605042017,0.19,261.84873949579833,1640,{"$f":"IF(CTS_Source[[#This Row],[Montant Payé]]>0,CTS_Source[[#This Row],[Montant TTC]]-CTS_Source[[#This Row],[Montant Payé]],\"\")","v":0},1640,null,0,"01",917]
[null,null,null,"01-277",null,null,"1-PRS",1,"C40","Copie Couleur A4-R /  Papier (aucun aplat)","U",41,33.613445378151262,1378.1512605042017,0,0,1378.1512605042017,0.19,261.84873949579833,1640,{"$f":"IF(CTS_Source[[#This Row],[Montant Payé]]>0,CTS_Source[[#This Row],[Montant TTC]]-CTS_Source[[#This Row],[Montant Payé]],\"\")","v":""},null,40,null,null,918]
["P",21,"2021-01-21",null,"01-278","CLIENT",null,null,"1","Tarif COMPTOIR",null,null,null,676.47058823529414,0,null,676.47058823529414,0.19,128.52941176470588,805,{"$f":"IF(CTS_Source[[#This Row],[Montant Payé]]>0,CTS_Source[[#This Row],[Montant TTC]]-CTS_Source[[#This Row],[Montant Payé]],\"\")","v":5},800,null,0,"01",919]
[null,null,null,"01-278",null,null,"0-PRS",1,"N40","Numérisation Couleur A4 à plat","U",19,33.613445378151262,638.65546218487395,0,0,638.65546218487395,0.19,121.34453781512605,760,{"$f":"IF(CTS_Source[[#This Row],[Montant Payé]]>0,CTS_Source[[#This Row],[Montant TTC]]-CTS_Source[[#This Row],[Montant Payé]],\"\")","v":""},null,40,null,null,920]
[null,null,null,"01-278",null,null,"2-BUR",2,"6-EB53349","Enveloppe blanche 110 x 220 (n° 53349) H fenêtre ","U",3,12.605042016806724,37.815126050420176,0,0,37.815126050420176,0.19,7.1848739495798331,45.000000000000007,{"$f":"IF(CTS_Source[[#This Row],[Montant Payé]]>0,CTS_Source[[#This Row],[Montant TTC]]-CTS_Source[[#This Row],[Montant Payé]],\"\")","v":""},null,15,null,null,921]
["P",21,"2021-01-21",null,"01-279","CLIENT",null,null,"1","Tarif COMPTOIR",null,null,null,252.10084033613447,0,null,252.10084033613447,0.19,47.899159663865554,300,{"$f":"IF(CTS_Source[[#This Row],[Montant Payé]]>0,CTS_Source[[#This Row],[Montant TTC]]-CTS_Source[[#This Row],[Montant Payé]],\"\")","v":0},300,null,0,"01",922]
[null,null,null,"01-279",null,null,"0-PRS",1,"C4S","Copie Noir & Blanc A4-R /  Papier / Spéciale","U",2,16.806722689075631,33.613445378151262,0,0,33.613445378151262,0.19,6.3865546218487399,40,{"$f":"IF(CTS_Source[[#This Row],[Montant Payé]]>0,CTS_Source[[#This Row],[Montant TTC]]-CTS_Source[[#This Row],[Montant Payé]],\"\")","v":""},null,20,null,null,923]
[null,null,null,"01-279",null,null,"1-PRS",2,"C4","Copie Noir & Blanc A4-R /  Papier","U",24,8.4033613445378155,201.68067226890759,0,0,201.68067226890759,0.19,38.319327731092443,240.00000000000003,{"$f":"IF(CTS_Source[[#This Row],[Montant Payé]]>0,CTS_Source[[#This Row],[Montant TTC]]-CTS_Source[[#This Row],[Montant Payé]],\"\")","v":""},null,10,null,null,924]
[null,null,null,"01-279",null,null,"0-PRS",3,"AGP","Agrafage document (agrafes PM) - de 20 f","U",2,8.4033613445378155,16.806722689075631,0,0,16.806722689075631,0.19,3.1932773109243699,20,{"$f":"IF(CTS_Source[[#This Row],[Montant Payé]]>0,CTS_Source[[#This Row],[Montant TTC]]-CTS_Source[[#This Row],[Montant Payé]],\"\")","v":""},null,10,null,null,925]
["P",21,"2021-01-21",null,"01-280","CLIENT",null,null,"1","Tarif COMPTOIR",null,null,null,168.06722689075633,0,null,168.06722689075633,0.19,31.932773109243701,200.00000000000003,{"$f":"IF(CTS_Source[[#This Row],[Montant Payé]]>0,CTS_Source[[#This Row],[Montant TTC]]-CTS_Source[[#This Row],[Montant Payé]],\"\")","v":0},200.00000000000003,null,0,"01",926]
[null,null,null,"01-280",null,null,"1-PRS",1,"I30","Impression Couleur A3-R /  Papier (aucun aplat)","U",1,100.84033613445379,100.84033613445379,0,0,100.84033613445379,0.19,19.159663865546221,120.00000000000001,{"$f":"IF(CTS_Source[[#This Row],[Montant Payé]]>0,CTS_Source[[#This Row],[Montant TTC]]-CTS_Source[[#This Row],[Montant Payé]],\"\")","v":""},null,120,null,null,927]
[null,null,null,"01-280",null,null,"1-PRS",2,"C30","Copie Couleur A3-R /  Papier (aucun aplat)","U",1,67.226890756302524,67.226890756302524,0,0,67.226890756302524,0.19,12.77310924369748,80,{"$f":"IF(CTS_Source[[#This Row],[Montant Payé]]>0,CTS_Source[[#This Row],[Montant TTC]]-CTS_Source[[#This Row],[Montant Payé]],\"\")","v":""},null,80,null,null,928]
["P",24,"2021-01-24",null,"01-281","CLIENT",null,null,"1","Tarif COMPTOIR",null,null,null,783.19327731092437,0,null,783.19327731092437,0.19,148.80672268907566,932,{"$f":"IF(CTS_Source[[#This Row],[Montant Payé]]>0,CTS_Source[[#This Row],[Montant TTC]]-CTS_Source[[#This Row],[Montant Payé]],\"\")","v":2},930,null,0,"01",929]
[null,null,null,"01-281",null,null,"1-PRS",1,"TP","Tirage Noir & Blanc / Papier","ML",6.1,100.84033613445379,615.1260504201681,0,0,615.1260504201681,0.19,116.87394957983194,732,{"$f":"IF(CTS_Source[[#This Row],[Montant Payé]]>0,CTS_Source[[#This Row],[Montant TTC]]-CTS_Source[[#This Row],[Montant Payé]],\"\")","v":""},null,120,null,null,930]
[null,null,null,"01-281",null,null,"1-PRS",2,"C3","Copie Noir & Blanc A3-R /  Papier ","U",1,16.806722689075631,16.806722689075631,0,0,16.806722689075631,0.19,3.1932773109243699,20,{"$f":"IF(CTS_Source[[#This Row],[Montant Payé]]>0,CTS_Source[[#This Row],[Montant TTC]]-CTS_Source[[#This Row],[Montant Payé]],\"\")","v":""},null,20,null,null,931]
[null,null,null,"01-281",null,null,"1-PRS",3,"C4","Copie Noir & Blanc A4-R /  Papier","U",18,8.4033613445378155,151.26050420168067,0,0,151.26050420168067,0.19,28.739495798319329,180,{"$f":"IF(CTS_Source[[#This Row],[Montant Payé]]>0,CTS_Source[[#This Row],[Montant TTC]]-CTS_Source[[#This Row],[Montant Payé]],\"\")","v":""},null,10,null,null,932]
["P",24,"2021-01-24",null,"01-282","CLIENT",null,null,"1","Tarif COMPTOIR",null,null,null,645.3781512605043,0,null,645.3781512605043,0.19,122.62184873949582,768.00000000000011,{"$f":"IF(CTS_Source[[#This Row],[Montant Payé]]>0,CTS_Source[[#This Row],[Montant TTC]]-CTS_Source[[#This Row],[Montant Payé]],\"\")","v":8},760.00000000000011,null,0,"01",933]
[null,null,null,"01-282",null,null,"1-PRS",1,"PP","Traçage Noir & Blanc / Papier ","ML",3.2,201.68067226890759,645.3781512605043,0,0,645.3781512605043,0.19,122.62184873949582,768.00000000000011,{"$f":"IF(CTS_Source[[#This Row],[Montant Payé]]>0,CTS_Source[[#This Row],[Montant TTC]]-CTS_Source[[#This Row],[Montant Payé]],\"\")","v":""},null,240,null,null,934]
["P",24,"2021-01-24",null,"01-283","CLIENT",null,null,"1","Tarif COMPTOIR",null,null,null,605.04201680672281,0,null,605.04201680672281,0.19,114.95798319327733,720.00000000000011,{"$f":"IF(CTS_Source[[#This Row],[Montant Payé]]>0,CTS_Source[[#This Row],[Montant TTC]]-CTS_Source[[#This Row],[Montant Payé]],\"\")","v":0},720.00000000000011,null,0,"01",935]
[null,null,null,"01-283",null,null,"1-PRS",1,"TP","Tirage Noir & Blanc / Papier","ML",3,100.84033613445379,302.52100840336141,0,0,302.52100840336141,0.19,57.478991596638664,360.00000000000006,{"$f":"IF(CTS_Source[[#This Row],[Montant Payé]]>0,CTS_Source[[#This Row],[Montant TTC]]-CTS_Source[[#This Row],[Montant Payé]],\"\")","v":""},null,120,null,null,936]
[null,null,null,"01-283",null,null,"0-PRS",2,"C6B","Copie Noir & Blanc A3-RV / Bristol","U",6,50.420168067226896,302.52100840336141,0,0,302.52100840336141,0.19,57.478991596638664,360.00000000000006,{"$f":"IF(CTS_Source[[#This Row],[Montant Payé]]>0,CTS_Source[[#This Row],[Montant TTC]]-CTS_Source[[#This Row],[Montant Payé]],\"\")","v":""},null,60,null,null,937]
["P",24,"2021-01-24",null,"01-284","CLIENT",null,null,"1","Tarif COMPTOIR",null,null,null,105.88235294117649,0,null,105.88235294117649,0.19,20.117647058823533,126.00000000000003,{"$f":"IF(CTS_Source[[#This Row],[Montant Payé]]>0,CTS_Source[[#This Row],[Montant TTC]]-CTS_Source[[#This Row],[Montant Payé]],\"\")","v":1},125.00000000000003,null,0,"01",938]
[null,null,null,"01-284",null,null,"1-PRS",1,"TP","Tirage Noir & Blanc / Papier","ML",1.05,100.84033613445379,105.88235294117649,0,0,105.88235294117649,0.19,20.117647058823533,126.00000000000003,{"$f":"IF(CTS_Source[[#This Row],[Montant Payé]]>0,CTS_Source[[#This Row],[Montant TTC]]-CTS_Source[[#This Row],[Montant Payé]],\"\")","v":""},null,120,null,null,939]
["P",24,"2021-01-24",null,"01-285","CLIENT",null,null,"1","Tarif COMPTOIR",null,null,null,141.1764705882353,0,null,141.1764705882353,0.19,26.823529411764707,168,{"$f":"IF(CTS_Source[[#This Row],[Montant Payé]]>0,CTS_Source[[#This Row],[Montant TTC]]-CTS_Source[[#This Row],[Montant Payé]],\"\")","v":-2},170,null,0,"01",940]
[null,null,null,"01-285",null,null,"0-PRS",1,"AGP","Agrafage document (agrafes PM) - de 20 f","U",1,8.4033613445378155,8.4033613445378155,0,0,8.4033613445378155,0.19,1.596638655462185,10,{"$f":"IF(CTS_Source[[#This Row],[Montant Payé]]>0,CTS_Source[[#This Row],[Montant TTC]]-CTS_Source[[#This Row],[Montant Payé]],\"\")","v":""},null,10,null,null,941]
[null,null,null,"01-285",null,null,"0-PRS",2,"C4S","Copie Noir & Blanc A4-R /  Papier / Spéciale","U",1,16.806722689075631,16.806722689075631,0,0,16.806722689075631,0.19,3.1932773109243699,20,{"$f":"IF(CTS_Source[[#This Row],[Montant Payé]]>0,CTS_Source[[#This Row],[Montant TTC]]-CTS_Source[[#This Row],[Montant Payé]],\"\")","v":""},null,20,null,null,942]
[null,null,null,"01-285",null,null,"1-PRS",3,"TP","Tirage Noir & Blanc / Papier","ML",1.1499999999999999,100.84033613445379,115.96638655462185,0,0,115.96638655462185,0.19,22.033613445378151,138,{"$f":"IF(CTS_Source[[#This Row],[Montant Payé]]>0,CTS_Source[[#This Row],[Montant TTC]]-CTS_Source[[#This Row],[Montant Payé]],\"\")","v":""},null,120,null,null,943]
["P",24,"2021-01-24",null,"01-286","CLIENT",null,null,"1","Tarif COMPTOIR",null,null,null,484.03361344537819,0,null,484.03361344537819,0.19,91.966386554621863,576,{"$f":"IF(CTS_Source[[#This Row],[Montant Payé]]>0,CTS_Source[[#This Row],[Montant TTC]]-CTS_Source[[#This Row],[Montant Payé]],\"\")","v":1},575,null,0,"01",944]
[null,null,null,"01-286",null,null,"1-PRS",1,"TP","Tirage Noir & Blanc / Papier","ML",4.8,100.84033613445379,484.03361344537819,0,0,484.03361344537819,0.19,91.966386554621863,576,{"$f":"IF(CTS_Source[[#This Row],[Montant Payé]]>0,CTS_Source[[#This Row],[Montant TTC]]-CTS_Source[[#This Row],[Montant Payé]],\"\")","v":""},null,120,null,null,945]
["P",24,"2021-01-24",null,"01-287","CLIENT",null,null,"1","Tarif COMPTOIR",null,null,null,168.06722689075633,0,null,168.06722689075633,0.19,31.932773109243701,200.00000000000003,{"$f":"IF(CTS_Source[[#This Row],[Montant Payé]]>0,CTS_Source[[#This Row],[Montant TTC]]-CTS_Source[[#This Row],[Montant Payé]],\"\")","v":0},200.00000000000003,null,0,"01",946]
[null,null,null,"01-287",null,null,"1-PRS",1,"I40","Impression Couleur A4-R /  Papier (aucun aplat)","U",2,50.420168067226896,100.84033613445379,0,0,100.84033613445379,0.19,19.159663865546221,120.00000000000001,{"$f":"IF(CTS_Source[[#This Row],[Montant Payé]]>0,CTS_Source[[#This Row],[Montant TTC]]-CTS_Source[[#This Row],[Montant Payé]],\"\")","v":""},null,60,null,null,947]
[null,null,null,"01-287",null,null,"1-PRS",2,"C40","Copie Couleur A4-R /  Papier (aucun aplat)","U",2,33.613445378151262,67.226890756302524,0,0,67.226890756302524,0.19,12.77310924369748,80,{"$f":"IF(CTS_Source[[#This Row],[Montant Payé]]>0,CTS_Source[[#This Row],[Montant TTC]]-CTS_Source[[#This Row],[Montant Payé]],\"\")","v":""},null,40,null,null,948]
["P",24,"2021-01-24",null,"01-288","CLIENT",null,null,"1","Tarif COMPTOIR",null,null,null,4184.8739495798327,0,null,4184.8739495798327,0.19,795.1260504201681,4980.0000000000009,{"$f":"IF(CTS_Source[[#This Row],[Montant Payé]]>0,CTS_Source[[#This Row],[Montant TTC]]-CTS_Source[[#This Row],[Montant Payé]],\"\")","v":0},4980.0000000000009,null,0,"01",949]
[null,null,null,"01-288",null,null,"2-BUR",1,"6-EB50219","Enveloppe blanche 229 x 324 (n° 50219) H","U",2,21.008403361344538,42.016806722689076,0,0,42.016806722689076,0.19,7.9831932773109244,50,{"$f":"IF(CTS_Source[[#This Row],[Montant Payé]]>0,CTS_Source[[#This Row],[Montant TTC]]-CTS_Source[[#This Row],[Montant Payé]],\"\")","v":""},null,25,null,null,950]
[null,null,null,"01-288",null,null,"2-BUR",2,"6-EB43219","Enveloppe blanche 162 x 219 (n° 43219) H","U",2,12.605042016806724,25.210084033613448,0,0,25.210084033613448,0.19,4.7899159663865554,30.000000000000004,{"$f":"IF(CTS_Source[[#This Row],[Montant Payé]]>0,CTS_Source[[#This Row],[Montant TTC]]-CTS_Source[[#This Row],[Montant Payé]],\"\")","v":""},null,15,null,null,951]
[null,null,null,"01-288",null,null,"1-PRS",3,"C40","Copie Couleur A4-R /  Papier (aucun aplat)","U",3,33.613445378151262,100.84033613445379,0,0,100.84033613445379,0.19,19.159663865546221,120.00000000000001,{"$f":"IF(CTS_Source[[#This Row],[Montant Payé]]>0,CTS_Source[[#This Row],[Montant TTC]]-CTS_Source[[#This Row],[Montant Payé]],\"\")","v":""},null,40,null,null,952]
[null,null,null,"01-288",null,null,"1-PRS",4,"I40","Impression Couleur A4-R /  Papier (aucun aplat)","U",3,50.420168067226896,151.2605042016807,0,0,151.2605042016807,0.19,28.739495798319332,180.00000000000003,{"$f":"IF(CTS_Source[[#This Row],[Montant Payé]]>0,CTS_Source[[#This Row],[Montant TTC]]-CTS_Source[[#This Row],[Montant Payé]],\"\")","v":""},null,60,null,null,953]
[null,null,null,"01-288",null,null,"1-PRS",5,"C30","Copie Couleur A3-R /  Papier (aucun aplat)","U",23,67.226890756302524,1546.2184873949579,0,0,1546.2184873949579,0.19,293.781512605042,1840,{"$f":"IF(CTS_Source[[#This Row],[Montant Payé]]>0,CTS_Source[[#This Row],[Montant TTC]]-CTS_Source[[#This Row],[Montant Payé]],\"\")","v":""},null,80,null,null,954]
[null,null,null,"01-288",null,null,"1-PRS",6,"I30","Impression Couleur A3-R /  Papier (aucun aplat)","U",23,100.84033613445379,2319.3277310924373,0,0,2319.3277310924373,0.19,440.67226890756308,2760.0000000000005,{"$f":"IF(CTS_Source[[#This Row],[Montant Payé]]>0,CTS_Source[[#This Row],[Montant TTC]]-CTS_Source[[#This Row],[Montant Payé]],\"\")","v":""},null,120,null,null,955]
["P",24,"2021-01-24",null,"01-289","CLIENT",null,null,"1","Tarif COMPTOIR",null,null,null,5808.4033613445381,0,null,5808.4033613445381,0.19,1103.5966386554624,6912,{"$f":"IF(CTS_Source[[#This Row],[Montant Payé]]>0,CTS_Source[[#This Row],[Montant TTC]]-CTS_Source[[#This Row],[Montant Payé]],\"\")","v":12},6900,null,0,"01",956]
[null,null,null,"01-289",null,null,"1-PRS",1,"PP","Traçage Noir & Blanc / Papier ","ML",9.6,201.68067226890759,1936.1344537815128,0,0,1936.1344537815128,0.19,367.86554621848745,2304,{"$f":"IF(CTS_Source[[#This Row],[Montant Payé]]>0,CTS_Source[[#This Row],[Montant TTC]]-CTS_Source[[#This Row],[Montant Payé]],\"\")","v":""},null,240,null,null,957]
[null,null,null,"01-289",null,null,"1-PRS",2,"TP","Tirage Noir & Blanc / Papier","ML",38.4,100.84033613445379,3872.2689075630256,0,0,3872.2689075630256,0.19,735.7310924369749,4608,{"$f":"IF(CTS_Source[[#This Row],[Montant Payé]]>0,CTS_Source[[#This Row],[Montant TTC]]-CTS_Source[[#This Row],[Montant Payé]],\"\")","v":""},null,120,null,null,958]
["P",24,"2021-01-24",null,"01-290","CLIENT",null,null,"1","Tarif COMPTOIR",null,null,null,2151.2605042016808,0,null,2151.2605042016808,0.19,408.73949579831935,2560,{"$f":"IF(CTS_Source[[#This Row],[Montant Payé]]>0,CTS_Source[[#This Row],[Montant TTC]]-CTS_Source[[#This Row],[Montant Payé]],\"\")","v":0},2560,null,0,"01",959]
[null,null,null,"01-290",null,null,"1-PRS",1,"I4","Impression Noir & Blanc A4-R /  Papier","U",64,16.806722689075631,1075.6302521008404,0,0,1075.6302521008404,0.19,204.36974789915968,1280,{"$f":"IF(CTS_Source[[#This Row],[Montant Payé]]>0,CTS_Source[[#This Row],[Montant TTC]]-CTS_Source[[#This Row],[Montant Payé]],\"\")","v":""},null,20,null,null,960]
[null,null,null,"01-290",null,null,"1-PRS",2,"C4","Copie Noir & Blanc A4-R /  Papier","U",128,8.4033613445378155,1075.6302521008404,0,0,1075.6302521008404,0.19,204.36974789915968,1280,{"$f":"IF(CTS_Source[[#This Row],[Montant Payé]]>0,CTS_Source[[#This Row],[Montant TTC]]-CTS_Source[[#This Row],[Montant Payé]],\"\")","v":""},null,10,null,null,961]
["P",24,"2021-01-24",null,"01-291","CLIENT",null,null,"1","Tarif COMPTOIR",null,null,null,176.47058823529412,0,null,176.47058823529412,0.19,33.529411764705884,210,{"$f":"IF(CTS_Source[[#This Row],[Montant Payé]]>0,CTS_Source[[#This Row],[Montant TTC]]-CTS_Source[[#This Row],[Montant Payé]],\"\")","v":0},210,null,0,"01",962]
[null,null,null,"01-291",null,null,"1-PRS",1,"C4","Copie Noir & Blanc A4-R /  Papier","U",21,8.4033613445378155,176.47058823529412,0,0,176.47058823529412,0.19,33.529411764705884,210,{"$f":"IF(CTS_Source[[#This Row],[Montant Payé]]>0,CTS_Source[[#This Row],[Montant TTC]]-CTS_Source[[#This Row],[Montant Payé]],\"\")","v":""},null,10,null,null,963]
["P",24,"2021-01-24",null,"01-292","CLIENT",null,null,"1","Tarif COMPTOIR",null,null,null,184.87394957983193,0,null,184.87394957983193,0.19,35.12605042016807,220,{"$f":"IF(CTS_Source[[#This Row],[Montant Payé]]>0,CTS_Source[[#This Row],[Montant TTC]]-CTS_Source[[#This Row],[Montant Payé]],\"\")","v":0},220,null,0,"01",964]
[null,null,null,"01-292",null,null,"0-PRS",1,"I82","Impression Couleur A4-RV /  Papier (tout aplat)","U",1,168.0672268907563,168.0672268907563,0,0,168.0672268907563,0.19,31.932773109243698,200,{"$f":"IF(CTS_Source[[#This Row],[Montant Payé]]>0,CTS_Source[[#This Row],[Montant TTC]]-CTS_Source[[#This Row],[Montant Payé]],\"\")","v":""},null,200,null,null,965]
["P",24,"2021-01-24",null,"01-294","CLIENT",null,null,"1","Tarif COMPTOIR",null,null,null,237.81512605042019,0,null,237.81512605042019,0.19,45.184873949579838,283,{"$f":"IF(CTS_Source[[#This Row],[Montant Payé]]>0,CTS_Source[[#This Row],[Montant TTC]]-CTS_Source[[#This Row],[Montant Payé]],\"\")","v":3},280,null,0,"01",969]
[null,null,null,"01-295",null,null,"0-PRS",2,"AGP","Agrafage document (agrafes PM) - de 20 f","U",3,8.4033613445378155,25.210084033613448,0,0,25.210084033613448,0.19,4.7899159663865554,30.000000000000004,{"$f":"IF(CTS_Source[[#This Row],[Montant Payé]]>0,CTS_Source[[#This Row],[Montant TTC]]-CTS_Source[[#This Row],[Montant Payé]],\"\")","v":""},null,10,null,null,974]
["P",24,"2021-01-24",null,"01-296","CLIENT",null,null,"1","Tarif COMPTOIR",null,null,null,67.226890756302524,0,null,67.226890756302524,0.19,12.77310924369748,80,{"$f":"IF(CTS_Source[[#This Row],[Montant Payé]]>0,CTS_Source[[#This Row],[Montant TTC]]-CTS_Source[[#This Row],[Montant Payé]],\"\")","v":0},80,null,0,"01",977]
["I",24,"2021-01-24",null,"01-297","CLIENT",null,null,"1","Tarif COMPTOIR",null,null,null,40174.789915966387,{"$f":"CTS_Source[[#This Row],[Remise Montant]]/CTS_Source[[#This Row],[Montant HT Brut]]","v":0.16666666666666669},{"$f":"7968/1.19","v":6695.7983193277314},{"$f":"CTS_Source[[#This Row],[Montant HT Brut]]-CTS_Source[[#This Row],[Remise Montant]]","v":33478.991596638654},0.19,{"$f":"CTS_Source[[#This Row],[Montant HT Net]]*CTS_Source[[#This Row],[Taux TVA]]","v":6361.0084033613448},{"$f":"CTS_Source[[#This Row],[Montant HT Net]]+CTS_Source[[#This Row],[Montant TVA ]]","v":39840},{"$f":"IF(CTS_Source[[#This Row],[Montant Payé]]>0,CTS_Source[[#This Row],[Montant TTC]]-CTS_Source[[#This Row],[Montant Payé]],\"\")","v":2.0000000004074536E-3},39839.998,null,null,"01",979]
[null,null,null,"01-298",null,null,"1-PRS",2,"TP","Tirage Noir & Blanc / Papier","ML",0.95,100.84033613445379,95.798319327731093,0,0,95.798319327731093,0.19,18.201680672268907,114,{"$f":"IF(CTS_Source[[#This Row],[Montant Payé]]>0,CTS_Source[[#This Row],[Montant TTC]]-CTS_Source[[#This Row],[Montant Payé]],\"\")","v":""},null,120,null,null,984]
[null,null,null,"01-300",null,null,"1-PRS",1,"C40","Copie Couleur A4-R /  Papier (aucun aplat)","U",8,42.016806722689076,336.1344537815126,0,0,336.1344537815126,0.19,63.865546218487395,400,{"$f":"IF(CTS_Source[[#This Row],[Montant Payé]]>0,CTS_Source[[#This Row],[Montant TTC]]-CTS_Source[[#This Row],[Montant Payé]],\"\")","v":""},null,50,null,null,988]
["P",24,"2021-01-24",null,"01-301","CLIENT",null,null,"1","Tarif COMPTOIR",null,null,null,1210.0840336134456,0,null,1210.0840336134456,0.19,229.91596638655466,1440.0000000000002,{"$f":"IF(CTS_Source[[#This Row],[Montant Payé]]>0,CTS_Source[[#This Row],[Montant TTC]]-CTS_Source[[#This Row],[Montant Payé]],\"\")","v":0},1440.0000000000002,null,null,"01",989]
[null,null,null,"01-302",null,null,"0-PRS",1,"NP0","Numérisation Couleur de plan ou carte","ML",38.450000000000003,403.36134453781517,15509.243697478994,0.1,{"$f":"CTS_Source[[#This Row],[Montant HT Brut]]*CTS_Source[[#This Row],[Remise %]]","v":1550.9243697478996},{"$f":"CTS_Source[[#This Row],[Montant HT Brut]]-CTS_Source[[#This Row],[Remise Montant]]","v":13958.319327731095},0.19,{"$f":"CTS_Source[[#This Row],[Montant HT Net]]*CTS_Source[[#This Row],[Taux TVA]]","v":2652.0806722689081},{"$f":"CTS_Source[[#This Row],[Montant HT Net]]+CTS_Source[[#This Row],[Montant TVA ]]","v":16610.400000000001},{"$f":"IF(CTS_Source[[#This Row],[Montant Payé]]>0,CTS_Source[[#This Row],[Montant TTC]]-CTS_Source[[#This Row],[Montant Payé]],\"\")","v":""},null,480,null,null,993]
["P",25,"2021-01-25",null,"01-304","CLIENT",null,null,"1","Tarif COMPTOIR",null,null,null,1571.4285714285716,0,null,1571.4285714285716,0.19,298.57142857142856,1870,{"$f":"IF(CTS_Source[[#This Row],[Montant Payé]]>0,CTS_Source[[#This Row],[Montant TTC]]-CTS_Source[[#This Row],[Montant Payé]],\"\")","v":0},1870,null,0,"01",997]
[null,null,null,"01-304",null,null,"0-PRS",3,"I32","Impression Couleur A3-R /  Papier (tout aplat)","U",8,168.0672268907563,1344.5378151260504,0,0,1344.5378151260504,0.19,255.46218487394958,1600,{"$f":"IF(CTS_Source[[#This Row],[Montant Payé]]>0,CTS_Source[[#This Row],[Montant TTC]]-CTS_Source[[#This Row],[Montant Payé]],\"\")","v":""},null,200,null,null,1000]
[null,null,null,"01-305",null,null,"1-PRS",1,"PP","Traçage Noir & Blanc / Papier ","ML",1,201.68067226890759,201.68067226890759,0,0,201.68067226890759,0.19,38.319327731092443,240.00000000000003,{"$f":"IF(CTS_Source[[#This Row],[Montant Payé]]>0,CTS_Source[[#This Row],[Montant TTC]]-CTS_Source[[#This Row],[Montant Payé]],\"\")","v":""},null,240,null,null,1002]
[null,null,null,"01-307",null,null,"0-PRS",3,"C4S","Copie Noir & Blanc A4-R /  Papier / Spéciale","U",1,16.806722689075631,16.806722689075631,0,0,16.806722689075631,0.19,3.1932773109243699,20,{"$f":"IF(CTS_Source[[#This Row],[Montant Payé]]>0,CTS_Source[[#This Row],[Montant TTC]]-CTS_Source[[#This Row],[Montant Payé]],\"\")","v":""},null,20,null,null,1008]
[null,null,null,"01-308",null,null,"1-PRS",1,"TP","Tirage Noir & Blanc / Papier","ML",34.6,100.84033613445379,3489.0756302521013,0,0,3489.0756302521013,0.19,662.92436974789928,4152.0000000000009,{"$f":"IF(CTS_Source[[#This Row],[Montant Payé]]>0,CTS_Source[[#This Row],[Montant TTC]]-CTS_Source[[#This Row],[Montant Payé]],\"\")","v":""},null,120,null,null,1011]
[null,null,null,"01-309",null,null,"1-PRS",1,"C8","Copie Noir & Blanc A4-RV /  Papier","U",10,16.806722689075631,168.0672268907563,0,0,168.0672268907563,0.19,31.932773109243698,200,{"$f":"IF(CTS_Source[[#This Row],[Montant Payé]]>0,CTS_Source[[#This Row],[Montant TTC]]-CTS_Source[[#This Row],[Montant Payé]],\"\")","v":""},null,20,null,null,1013]
["P",25,"2021-01-25",null,"01-310","CLIENT",null,null,"1","Tarif COMPTOIR",null,null,null,1936.1344537815125,0,null,1936.1344537815125,0.19,367.8655462184874,2304,{"$f":"IF(CTS_Source[[#This Row],[Montant Payé]]>0,CTS_Source[[#This Row],[Montant TTC]]-CTS_Source[[#This Row],[Montant Payé]],\"\")","v":4},2300,null,0,"01",1016]
[null,null,null,"01-311",null,null,"0-PRS",2,"R4S2","Reliure  A4 Spirale n° 22 à 28 + Transp. + Bristol","U",1,168.0672268907563,168.0672268907563,0,0,168.0672268907563,0.19,31.932773109243698,200,{"$f":"IF(CTS_Source[[#This Row],[Montant Payé]]>0,CTS_Source[[#This Row],[Montant TTC]]-CTS_Source[[#This Row],[Montant Payé]],\"\")","v":""},null,200,null,null,1021]
["P",25,"2021-01-25",null,"01-313","CLIENT",null,null,"1","Tarif COMPTOIR",null,null,null,352.94117647058823,0,null,352.94117647058823,0.19,67.058823529411768,420,{"$f":"IF(CTS_Source[[#This Row],[Montant Payé]]>0,CTS_Source[[#This Row],[Montant TTC]]-CTS_Source[[#This Row],[Montant Payé]],\"\")","v":0},420,null,0,"01",1024]
["P",25,"2021-01-25",null,"01-314","CLIENT",null,null,"1","Tarif COMPTOIR",null,null,null,37.815126050420169,0,null,37.815126050420169,0.19,7.1848739495798322,45,{"$f":"IF(CTS_Source[[#This Row],[Montant Payé]]>0,CTS_Source[[#This Row],[Montant TTC]]-CTS_Source[[#This Row],[Montant Payé]],\"\")","v":0},45,null,0,"01",1029]
["P",25,"2021-01-25",null,"01-315","CLIENT",null,null,"1","Tarif COMPTOIR",null,null,null,4006.7226890756301,0,null,4006.7226890756301,0.19,761.27731092436989,4768,{"$f":"IF(CTS_Source[[#This Row],[Montant Payé]]>0,CTS_Source[[#This Row],[Montant TTC]]-CTS_Source[[#This Row],[Montant Payé]],\"\")","v":8},4760,null,0,"01",1032]
[null,null,null,"01-315",null,null,"1-PRS",2,"I30","Impression Couleur A3-R /  Papier (aucun aplat)","U",2,100.84033613445379,201.68067226890759,0,0,201.68067226890759,0.19,38.319327731092443,240.00000000000003,{"$f":"IF(CTS_Source[[#This Row],[Montant Payé]]>0,CTS_Source[[#This Row],[Montant TTC]]-CTS_Source[[#This Row],[Montant Payé]],\"\")","v":""},null,120,null,null,1034]
["P",25,"2021-01-25",null,"01-316","CLIENT",null,null,"1","Tarif COMPTOIR",null,null,null,1936.134453781513,0,null,1936.134453781513,0.19,367.86554621848745,2304.0000000000005,{"$f":"IF(CTS_Source[[#This Row],[Montant Payé]]>0,CTS_Source[[#This Row],[Montant TTC]]-CTS_Source[[#This Row],[Montant Payé]],\"\")","v":4},2300.0000000000005,null,0,"01",1037]
[null,null,null,"01-317",null,null,"1-PRS",3,"TP","Tirage Noir & Blanc / Papier","ML",0.75,100.84033613445379,75.630252100840352,0,0,75.630252100840352,0.19,14.369747899159666,90.000000000000014,{"$f":"IF(CTS_Source[[#This Row],[Montant Payé]]>0,CTS_Source[[#This Row],[Montant TTC]]-CTS_Source[[#This Row],[Montant Payé]],\"\")","v":""},null,120,null,null,1043]
[null,null,null,"01-317",null,null,"0-PRS",4,"NP0","Numérisation Couleur de plan ou carte","ML",1.5,403.36134453781517,605.04201680672281,0,0,605.04201680672281,0.19,114.95798319327733,720.00000000000011,{"$f":"IF(CTS_Source[[#This Row],[Montant Payé]]>0,CTS_Source[[#This Row],[Montant TTC]]-CTS_Source[[#This Row],[Montant Payé]],\"\")","v":""},null,480,null,null,1044]
["P",25,"2021-01-25",null,"01-318","CLIENT",null,null,"1","Tarif COMPTOIR",null,null,null,352.94117647058829,0,null,352.94117647058829,0.19,67.058823529411768,420.00000000000006,{"$f":"IF(CTS_Source[[#This Row],[Montant Payé]]>0,CTS_Source[[#This Row],[Montant TTC]]-CTS_Source[[#This Row],[Montant Payé]],\"\")","v":0},420.00000000000006,null,0,"01",1048]
["P",25,"2021-01-25",null,"01-319","CLIENT",null,null,"1","Tarif COMPTOIR",null,null,null,16.806722689075631,0,null,16.806722689075631,0.19,3.1932773109243699,20,{"$f":"IF(CTS_Source[[#This Row],[Montant Payé]]>0,CTS_Source[[#This Row],[Montant TTC]]-CTS_Source[[#This Row],[Montant Payé]],\"\")","v":0},20,null,0,"01",1052]
[null,null,null,"01-320",null,null,"1-PRS",1,"C4","Copie Noir & Blanc A4-R /  Papier","U",57,8.4033613445378155,478.99159663865549,null,null,478.99159663865549,0.19,91.008403361344548,{"$f":"CTS_Source[[#This Row],[Montant HT Net]]+CTS_Source[[#This Row],[Montant TVA ]]","v":570},{"$f":"IF(CTS_Source[[#This Row],[Montant Payé]]>0,CTS_Source[[#This Row],[Montant TTC]]-CTS_Source[[#This Row],[Montant Payé]],\"\")","v":""},null,10,null,null,1055]
["P",25,"2021-01-25",null,"01-321","CLIENT",null,null,"1","Tarif COMPTOIR",null,null,null,134.45378151260505,0,null,134.45378151260505,0.19,25.54621848739496,160,{"$f":"IF(CTS_Source[[#This Row],[Montant Payé]]>0,CTS_Source[[#This Row],[Montant TTC]]-CTS_Source[[#This Row],[Montant Payé]],\"\")","v":0},160,null,0,"01",1057]
["P",25,"2021-01-25",null,"01-323","CLIENT",null,null,"1","Tarif COMPTOIR",null,null,null,768.06722689075639,0,null,768.06722689075639,0.19,145.9327731092437,914.00000000000011,{"$f":"IF(CTS_Source[[#This Row],[Montant Payé]]>0,CTS_Source[[#This Row],[Montant TTC]]-CTS_Source[[#This Row],[Montant Payé]],\"\")","v":14},900.00000000000011,null,0,"01",1063]
[null,null,null,"01-323",null,null,"1-PRS",3,"C4","Copie Noir & Blanc A4-R /  Papier","U",4,8.4033613445378155,33.613445378151262,0,0,33.613445378151262,0.19,6.3865546218487399,40,{"$f":"IF(CTS_Source[[#This Row],[Montant Payé]]>0,CTS_Source[[#This Row],[Montant TTC]]-CTS_Source[[#This Row],[Montant Payé]],\"\")","v":""},null,10,null,null,1066]
["P",25,"2021-01-25",null,"01-324","CLIENT",null,null,"1","Tarif COMPTOIR",null,null,null,411.76470588235293,0,null,411.76470588235293,0.19,78.235294117647072,490,{"$f":"IF(CTS_Source[[#This Row],[Montant Payé]]>0,CTS_Source[[#This Row],[Montant TTC]]-CTS_Source[[#This Row],[Montant Payé]],\"\")","v":0},490,null,0,"01",1068]
[null,null,null,"01-324",null,null,"0-PRS",3,"C4S","Copie Noir & Blanc A4-R /  Papier / Spéciale","U",1,16.806722689075631,16.806722689075631,0,0,16.806722689075631,0.19,3.1932773109243699,20,{"$f":"IF(CTS_Source[[#This Row],[Montant Payé]]>0,CTS_Source[[#This Row],[Montant TTC]]-CTS_Source[[#This Row],[Montant Payé]],\"\")","v":""},null,20,null,null,1071]
[null,null,null,"01-326",null,null,"1-PRS",2,"C4","Copie Noir & Blanc A4-R /  Papier","U",6,8.4033613445378155,50.420168067226896,0,0,50.420168067226896,0.19,9.5798319327731107,60.000000000000007,{"$f":"IF(CTS_Source[[#This Row],[Montant Payé]]>0,CTS_Source[[#This Row],[Montant TTC]]-CTS_Source[[#This Row],[Montant Payé]],\"\")","v":""},null,10,null,null,1076]
[null,null,null,"01-327",null,null,"1-PRS",2,"PP","Traçage Noir & Blanc / Papier ","ML",1.25,201.68067226890759,252.10084033613447,0,0,252.10084033613447,0.19,47.899159663865547,300,{"$f":"IF(CTS_Source[[#This Row],[Montant Payé]]>0,CTS_Source[[#This Row],[Montant TTC]]-CTS_Source[[#This Row],[Montant Payé]],\"\")","v":""},null,240,null,null,1080]
[null,null,null,"01-328",null,null,"1-PRS",2,"C8","Copie Noir & Blanc A4-RV /  Papier","U",1,16.806722689075631,16.806722689075631,0,0,16.806722689075631,0.19,3.1932773109243699,20,{"$f":"IF(CTS_Source[[#This Row],[Montant Payé]]>0,CTS_Source[[#This Row],[Montant TTC]]-CTS_Source[[#This Row],[Montant Payé]],\"\")","v":""},null,20,null,null,1083]
[null,null,null,"01-329",null,null,"1-PRS",3,"PP","Traçage Noir & Blanc / Papier ","ML",1.95,201.68067226890759,393.27731092436977,0,0,393.27731092436977,0.19,74.722689075630257,468,{"$f":"IF(CTS_Source[[#This Row],[Montant Payé]]>0,CTS_Source[[#This Row],[Montant TTC]]-CTS_Source[[#This Row],[Montant Payé]],\"\")","v":""},null,240,null,null,1087]
[null,null,null,"01-330",null,null,"1-PRS",1,"C3","Copie Noir & Blanc A3-R /  Papier ","U",2,16.806722689075631,33.613445378151262,0,0,33.613445378151262,0.19,6.3865546218487399,40,{"$f":"IF(CTS_Source[[#This Row],[Montant Payé]]>0,CTS_Source[[#This Row],[Montant TTC]]-CTS_Source[[#This Row],[Montant Payé]],\"\")","v":""},null,20,null,null,1089]
["P",26,"2021-01-26",null,"01-332","CLIENT",null,null,"1","Tarif COMPTOIR",null,null,null,134.45378151260505,0,null,134.45378151260505,0.19,25.54621848739496,160,{"$f":"IF(CTS_Source[[#This Row],[Montant Payé]]>0,CTS_Source[[#This Row],[Montant TTC]]-CTS_Source[[#This Row],[Montant Payé]],\"\")","v":0},160,null,0,"01",1092]
[null,null,null,"01-334",null,null,"1-PRS",1,"TP","Tirage Noir & Blanc / Papier","ML",2.4,100.84033613445379,242.0168067226891,0,0,242.0168067226891,0.19,45.983193277310932,288,{"$f":"IF(CTS_Source[[#This Row],[Montant Payé]]>0,CTS_Source[[#This Row],[Montant TTC]]-CTS_Source[[#This Row],[Montant Payé]],\"\")","v":""},null,120,null,null,1098]
["P",26,"2021-01-26",null,"01-335","CLIENT",null,null,"1","Tarif COMPTOIR",null,null,null,428.57142857142861,0,null,428.57142857142861,0.19,81.428571428571431,510.00000000000006,{"$f":"IF(CTS_Source[[#This Row],[Montant Payé]]>0,CTS_Source[[#This Row],[Montant TTC]]-CTS_Source[[#This Row],[Montant Payé]],\"\")","v":10},500.00000000000006,null,0,"01",1099]
["P",26,"2021-01-26",null,"01-336","CLIENT",null,null,"1","Tarif COMPTOIR",null,null,null,5732.773109243697,0,null,5732.773109243697,0.19,1089.2268907563025,6822,{"$f":"IF(CTS_Source[[#This Row],[Montant Payé]]>0,CTS_Source[[#This Row],[Montant TTC]]-CTS_Source[[#This Row],[Montant Payé]],\"\")","v":22},6800,null,0,"01",1103]
[null,null,null,"01-337",null,null,"1-PRS",1,"TP","Tirage Noir & Blanc / Papier","ML",2.5,100.84033613445379,252.10084033613447,0,0,252.10084033613447,0.19,47.899159663865547,300,{"$f":"IF(CTS_Source[[#This Row],[Montant Payé]]>0,CTS_Source[[#This Row],[Montant TTC]]-CTS_Source[[#This Row],[Montant Payé]],\"\")","v":""},null,120,null,null,1107]
[null,null,null,"01-339",null,null,"2-BUR",1,"6-EB06819","Enveloppe blanche 162 x 229 (n° 06819) H","U",1,12.605042016806724,12.605042016806724,0,0,12.605042016806724,0.19,2.3949579831932777,15.000000000000002,{"$f":"IF(CTS_Source[[#This Row],[Montant Payé]]>0,CTS_Source[[#This Row],[Montant TTC]]-CTS_Source[[#This Row],[Montant Payé]],\"\")","v":""},null,15,null,null,1112]
[null,null,null,"01-339",null,null,"0-PRS",4,"C4S","Copie Noir & Blanc A4-R /  Papier / Spéciale","U",1,16.806722689075631,16.806722689075631,0,0,16.806722689075631,0.19,3.1932773109243699,20,{"$f":"IF(CTS_Source[[#This Row],[Montant Payé]]>0,CTS_Source[[#This Row],[Montant TTC]]-CTS_Source[[#This Row],[Montant Payé]],\"\")","v":""},null,20,null,null,1115]
[null,null,null,"01-340",null,null,"0-PRS",1,"AGP","Agrafage document (agrafes PM) - de 20 f","U",7,8.4033613445378155,58.82352941176471,0,0,58.82352941176471,0.19,11.176470588235295,70,{"$f":"IF(CTS_Source[[#This Row],[Montant Payé]]>0,CTS_Source[[#This Row],[Montant TTC]]-CTS_Source[[#This Row],[Montant Payé]],\"\")","v":""},null,10,null,null,1118]
[null,null,null,"01-340",null,null,"1-PRS",4,"TP","Tirage Noir & Blanc / Papier","ML",2,100.84033613445379,201.68067226890759,0,0,201.68067226890759,0.19,38.319327731092443,240.00000000000003,{"$f":"IF(CTS_Source[[#This Row],[Montant Payé]]>0,CTS_Source[[#This Row],[Montant TTC]]-CTS_Source[[#This Row],[Montant Payé]],\"\")","v":""},null,120,null,null,1121]
[null,null,null,"01-341",null,null,"1-PRS",1,"C40","Copie Couleur A4-R /  Papier (aucun aplat)","U",18,33.613445378151262,605.0420168067227,0,0,605.0420168067227,0.19,114.95798319327731,720,{"$f":"IF(CTS_Source[[#This Row],[Montant Payé]]>0,CTS_Source[[#This Row],[Montant TTC]]-CTS_Source[[#This Row],[Montant Payé]],\"\")","v":""},null,40,null,null,1123]
[null,null,null,"01-342",null,null,"1-PRS",2,"I40","Impression Couleur A4-R /  Papier (aucun aplat)","U",1,50.420168067226896,50.420168067226896,0,0,50.420168067226896,0.19,9.5798319327731107,60.000000000000007,{"$f":"IF(CTS_Source[[#This Row],[Montant Payé]]>0,CTS_Source[[#This Row],[Montant TTC]]-CTS_Source[[#This Row],[Montant Payé]],\"\")","v":""},null,60,null,null,1126]
[null,null,null,"01-344",null,null,"2-BUR",1,"2-SF","Stylo à bille Fabs","U",2,21.008403361344538,42.016806722689076,0,0,42.016806722689076,0.19,7.9831932773109244,50,{"$f":"IF(CTS_Source[[#This Row],[Montant Payé]]>0,CTS_Source[[#This Row],[Montant TTC]]-CTS_Source[[#This Row],[Montant Payé]],\"\")","v":""},null,25,null,null,1131]
["P",26,"2021-01-26",null,"01-345","CLIENT",null,null,"1","Tarif COMPTOIR",null,null,null,1680.6722689075632,0,null,1680.6722689075632,0.19,319.32773109243703,2000.0000000000002,{"$f":"IF(CTS_Source[[#This Row],[Montant Payé]]>0,CTS_Source[[#This Row],[Montant TTC]]-CTS_Source[[#This Row],[Montant Payé]],\"\")","v":0},2000.0000000000002,null,0,"01",1135]
[null,null,null,"01-346",null,null,"2-BUR",2,"2-SF","Stylo à bille Fabs","U",4,21.008403361344538,84.033613445378151,0,0,84.033613445378151,0.19,15.966386554621849,100,{"$f":"IF(CTS_Source[[#This Row],[Montant Payé]]>0,CTS_Source[[#This Row],[Montant TTC]]-CTS_Source[[#This Row],[Montant Payé]],\"\")","v":""},null,25,null,null,1139]
["P",26,"2021-01-26",null,"01-347","CLIENT",null,null,"1","Tarif COMPTOIR",null,null,null,336.1344537815126,0,null,336.1344537815126,0.19,63.865546218487395,400,{"$f":"IF(CTS_Source[[#This Row],[Montant Payé]]>0,CTS_Source[[#This Row],[Montant TTC]]-CTS_Source[[#This Row],[Montant Payé]],\"\")","v":0},400,null,0,"01",1142]
[null,null,null,"01-347",null,null,"1-PRS",2,"I4","Impression Noir & Blanc A4-R /  Papier","U",15,16.806722689075631,252.10084033613447,0,0,252.10084033613447,0.19,47.899159663865547,300,{"$f":"IF(CTS_Source[[#This Row],[Montant Payé]]>0,CTS_Source[[#This Row],[Montant TTC]]-CTS_Source[[#This Row],[Montant Payé]],\"\")","v":""},null,20,null,null,1144]
["P",26,"2021-01-26",null,"01-349","CLIENT",null,null,"1","Tarif COMPTOIR",null,null,null,151.26050420168067,0,null,151.26050420168067,0.19,28.739495798319329,180,{"$f":"IF(CTS_Source[[#This Row],[Montant Payé]]>0,CTS_Source[[#This Row],[Montant TTC]]-CTS_Source[[#This Row],[Montant Payé]],\"\")","v":0},180,null,0,"01",1147]
["P",26,"2021-01-26",null,"01-351","SUN",null,null,"1","Tarif COMPTOIR",null,null,null,{"$f":"SUM(N1190:N1192)","v":54806.722689075643},{"$f":"CTS_Source[[#This Row],[Remise Montant]]/CTS_Source[[#This Row],[Montant HT Brut]]","v":0.16007359705611773},{"$f":"5220/1.19*2","v":8773.1092436974795},{"$f":"CTS_Source[[#This Row],[Montant HT Brut]]-CTS_Source[[#This Row],[Remise Montant]]","v":46033.613445378163},0.19,{"$f":"CTS_Source[[#This Row],[Montant HT Net]]*CTS_Source[[#This Row],[Taux TVA]]","v":8746.3865546218512},{"$f":"CTS_Source[[#This Row],[Montant HT Net]]+CTS_Source[[#This Row],[Montant TVA ]]","v":54780.000000000015},{"$f":"IF(CTS_Source[[#This Row],[Montant Payé]]>0,CTS_Source[[#This Row],[Montant TTC]]-CTS_Source[[#This Row],[Montant Payé]],\"\")","v":1.4551915228366852E-11},54780,null,"Payé 16-02-21","01",1153]
[null,null,null,"01-351",null,null,"1-PRS",2,"PP","Traçage Noir & Blanc / Papier ","ML",106.7,{"$f":"240/1.19","v":201.68067226890759},{"$f":"CTS_Source[[#This Row],[Quant.]]*CTS_Source[[#This Row],[Prix Unité HT]]","v":21519.327731092439},0.16007359705611773,{"$f":"CTS_Source[[#This Row],[Montant HT Brut]]*CTS_Source[[#This Row],[Remise %]]","v":3444.6761961454313},{"$f":"CTS_Source[[#This Row],[Montant HT Brut]]-CTS_Source[[#This Row],[Remise Montant]]","v":18074.651534947006},0.19,{"$f":"CTS_Source[[#This Row],[Montant HT Net]]*CTS_Source[[#This Row],[Taux TVA]]","v":3434.1837916399313},{"$f":"CTS_Source[[#This Row],[Montant HT Net]]+CTS_Source[[#This Row],[Montant TVA ]]","v":21508.835326586937},{"$f":"IF(CTS_Source[[#This Row],[Montant Payé]]>0,CTS_Source[[#This Row],[Montant TTC]]-CTS_Source[[#This Row],[Montant Payé]],\"\")","v":""},null,null,null,null,1155]
[null,null,null,"01-352",null,null,"0-PRS",1,"R4S3","Reliure  A4 Spirale n° 32 à 51 + Transp. + Bristol","U",1,210.0840336134454,210.0840336134454,0,0,210.0840336134454,0.19,39.915966386554629,250.00000000000003,{"$f":"IF(CTS_Source[[#This Row],[Montant Payé]]>0,CTS_Source[[#This Row],[Montant TTC]]-CTS_Source[[#This Row],[Montant Payé]],\"\")","v":""},null,250,null,null,1158]
[null,null,null,"01-352",null,null,"1-PRS",5,"C40","Copie Couleur A4-R /  Papier (aucun aplat)","U",7,33.613445378151262,235.29411764705884,0,0,235.29411764705884,0.19,44.705882352941181,280,{"$f":"IF(CTS_Source[[#This Row],[Montant Payé]]>0,CTS_Source[[#This Row],[Montant TTC]]-CTS_Source[[#This Row],[Montant Payé]],\"\")","v":""},null,40,null,null,1162]
["P","27","2021-01-27",null,"01-354","CLIENT",null,null,"1","Tarif COMPTOIR",null,null,null,84.033613445378151,0,null,84.033613445378151,0.19,15.966386554621849,100,{"$f":"IF(CTS_Source[[#This Row],[Montant Payé]]>0,CTS_Source[[#This Row],[Montant TTC]]-CTS_Source[[#This Row],[Montant Payé]],\"\")","v":0},100,null,0,"01",1167]
[null,null,null,"01-355",null,null,"0-PRS",1,"AGP","Agrafage document (agrafes PM) - de 20 f","U",2,8.4033613445378155,16.806722689075631,0,0,16.806722689075631,0.19,3.1932773109243699,20,{"$f":"IF(CTS_Source[[#This Row],[Montant Payé]]>0,CTS_Source[[#This Row],[Montant TTC]]-CTS_Source[[#This Row],[Montant Payé]],\"\")","v":""},null,10,null,null,1170]
[null,null,null,"01-355",null,null,"1-PRS",4,"TP","Tirage Noir & Blanc / Papier","ML",2.4,100.84033613445379,242.0168067226891,0,0,242.0168067226891,0.19,45.983193277310932,288,{"$f":"IF(CTS_Source[[#This Row],[Montant Payé]]>0,CTS_Source[[#This Row],[Montant TTC]]-CTS_Source[[#This Row],[Montant Payé]],\"\")","v":""},null,120,null,null,1173]
["P","27","2021-01-27",null,"01-357","CLIENT",null,null,"1","Tarif COMPTOIR",null,null,null,134.45378151260505,0,null,134.45378151260505,0.19,25.54621848739496,160,{"$f":"IF(CTS_Source[[#This Row],[Montant Payé]]>0,CTS_Source[[#This Row],[Montant TTC]]-CTS_Source[[#This Row],[Montant Payé]],\"\")","v":0},160,null,0,"01",1176]
[null,null,null,"01-357",null,null,"1-PRS",2,"C4","Copie Noir & Blanc A4-R /  Papier","U",2,8.4033613445378155,16.806722689075631,0,0,16.806722689075631,0.19,3.1932773109243699,20,{"$f":"IF(CTS_Source[[#This Row],[Montant Payé]]>0,CTS_Source[[#This Row],[Montant TTC]]-CTS_Source[[#This Row],[Montant Payé]],\"\")","v":""},null,10,null,null,1178]
[null,null,null,"01-358",null,null,"2-BUR",2,"2-S967","Stylo Topliner 967","U",2,84.033613445378151,168.0672268907563,0,0,168.0672268907563,0.19,31.932773109243698,200,{"$f":"IF(CTS_Source[[#This Row],[Montant Payé]]>0,CTS_Source[[#This Row],[Montant TTC]]-CTS_Source[[#This Row],[Montant Payé]],\"\")","v":""},null,100,null,null,1181]
[null,null,null,"01-359",null,null,"1-PRS",1,"C4","Copie Noir & Blanc A4-R /  Papier","U",20,8.4033613445378155,168.0672268907563,0,0,168.0672268907563,0.19,31.932773109243698,200,{"$f":"IF(CTS_Source[[#This Row],[Montant Payé]]>0,CTS_Source[[#This Row],[Montant TTC]]-CTS_Source[[#This Row],[Montant Payé]],\"\")","v":""},null,10,null,null,1186]
[null,null,null,"01-361",null,null,"0-PRS",1,"AGP","Agrafage document (agrafes PM) - de 20 f","U",2,8.4033613445378155,16.806722689075631,0,0,16.806722689075631,0.19,3.1932773109243699,20,{"$f":"IF(CTS_Source[[#This Row],[Montant Payé]]>0,CTS_Source[[#This Row],[Montant TTC]]-CTS_Source[[#This Row],[Montant Payé]],\"\")","v":""},null,10,null,null,1190]
["P","27","2021-01-27",null,"01-363","CLIENT",null,null,"1","Tarif COMPTOIR",null,null,null,168.0672268907563,0,null,168.0672268907563,0.19,31.932773109243698,200,{"$f":"IF(CTS_Source[[#This Row],[Montant Payé]]>0,CTS_Source[[#This Row],[Montant TTC]]-CTS_Source[[#This Row],[Montant Payé]],\"\")","v":0},200,null,0,"01",1194]
[null,null,null,"01-363",null,null,"1-PRS",1,"C4","Copie Noir & Blanc A4-R /  Papier","U",20,8.4033613445378155,168.0672268907563,0,0,168.0672268907563,0.19,31.932773109243698,200,{"$f":"IF(CTS_Source[[#This Row],[Montant Payé]]>0,CTS_Source[[#This Row],[Montant TTC]]-CTS_Source[[#This Row],[Montant Payé]],\"\")","v":""},null,10,null,null,1195]
[null,null,null,"01-365",null,null,"1-PRS",2,"I4","Impression Noir & Blanc A4-R /  Papier","U",1,16.806722689075631,16.806722689075631,0,0,16.806722689075631,0.19,3.1932773109243699,20,{"$f":"IF(CTS_Source[[#This Row],[Montant Payé]]>0,CTS_Source[[#This Row],[Montant TTC]]-CTS_Source[[#This Row],[Montant Payé]],\"\")","v":""},null,20,null,null,1201]
["P","27","2021-01-27",null,"01-366","CLIENT",null,null,"1","Tarif COMPTOIR",null,null,null,373.10924369747903,0,null,373.10924369747903,0.19,70.890756302521012,444.00000000000006,{"$f":"IF(CTS_Source[[#This Row],[Montant Payé]]>0,CTS_Source[[#This Row],[Montant TTC]]-CTS_Source[[#This Row],[Montant Payé]],\"\")","v":-1},445.00000000000006,null,0,"01",1202]
[null,null,null,"01-368",null,null,"1-PRS",2,"PP","Traçage Noir & Blanc / Papier ","ML",0.85,201.68067226890759,171.42857142857144,0,0,171.42857142857144,0.19,32.571428571428577,204.00000000000003,{"$f":"IF(CTS_Source[[#This Row],[Montant Payé]]>0,CTS_Source[[#This Row],[Montant TTC]]-CTS_Source[[#This Row],[Montant Payé]],\"\")","v":""},null,240,null,null,1208]
[null,null,null,"01-369",null,null,"0-PRS",1,"R3B1","Reliure  A3 Baguette n° 03 à 08 + Transp. + Bristol","U",1,126.05042016806723,126.05042016806723,0,0,126.05042016806723,0.19,23.949579831932773,150,{"$f":"IF(CTS_Source[[#This Row],[Montant Payé]]>0,CTS_Source[[#This Row],[Montant TTC]]-CTS_Source[[#This Row],[Montant Payé]],\"\")","v":""},null,150,null,null,1210]
[null,null,null,"01-369",null,null,"1-PRS",4,"PP0","Traçage Couleur / Papier (aucun aplat)","ML",1.95,705.88235294117646,1376.4705882352941,0,0,1376.4705882352941,0.19,261.52941176470591,1638,{"$f":"IF(CTS_Source[[#This Row],[Montant Payé]]>0,CTS_Source[[#This Row],[Montant TTC]]-CTS_Source[[#This Row],[Montant Payé]],\"\")","v":""},null,840,null,null,1213]
["P","28","2021-01-28",null,"01-371","CLIENT",null,null,"1","Tarif COMPTOIR",null,null,null,33.613445378151262,0,null,33.613445378151262,0.19,6.3865546218487399,40,{"$f":"IF(CTS_Source[[#This Row],[Montant Payé]]>0,CTS_Source[[#This Row],[Montant TTC]]-CTS_Source[[#This Row],[Montant Payé]],\"\")","v":0},40,null,0,"01",1217]
[null,null,null,"01-372",null,null,"1-PRS",3,"I40","Impression Couleur A4-R /  Papier (aucun aplat)","U",2,50.420168067226896,100.84033613445379,0,0,100.84033613445379,0.19,19.159663865546221,120.00000000000001,{"$f":"IF(CTS_Source[[#This Row],[Montant Payé]]>0,CTS_Source[[#This Row],[Montant TTC]]-CTS_Source[[#This Row],[Montant Payé]],\"\")","v":""},null,60,null,null,1222]
["P","28","2021-01-28",null,"01-374","CLIENT",null,null,"1","Tarif COMPTOIR",null,null,null,50.420168067226896,0,null,50.420168067226896,0.19,9.5798319327731107,60.000000000000007,{"$f":"IF(CTS_Source[[#This Row],[Montant Payé]]>0,CTS_Source[[#This Row],[Montant TTC]]-CTS_Source[[#This Row],[Montant Payé]],\"\")","v":0},60.000000000000007,null,0,"01",1225]
[null,null,null,"01-374",null,null,"1-PRS",2,"C3","Copie Noir & Blanc A3-R /  Papier ","U",2,16.806722689075631,33.613445378151262,0,0,33.613445378151262,0.19,6.3865546218487399,40,{"$f":"IF(CTS_Source[[#This Row],[Montant Payé]]>0,CTS_Source[[#This Row],[Montant TTC]]-CTS_Source[[#This Row],[Montant Payé]],\"\")","v":""},null,20,null,null,1227]
[null,null,null,"01-375",null,null,"1-PRS",2,"TP","Tirage Noir & Blanc / Papier","ML",1.55,100.84033613445379,156.30252100840337,0,0,156.30252100840337,0.19,29.69747899159664,186,{"$f":"IF(CTS_Source[[#This Row],[Montant Payé]]>0,CTS_Source[[#This Row],[Montant TTC]]-CTS_Source[[#This Row],[Montant Payé]],\"\")","v":""},null,120,null,null,1230]
["I","28","2021-01-28",null,"01-377","PROMOLIFE",null,null,"1","Tarif COMPTOIR",null,null,null,14042.01680672269,0,null,14042.01680672269,0.19,2667.9831932773113,16710,{"$f":"IF(CTS_Source[[#This Row],[Montant Payé]]>0,CTS_Source[[#This Row],[Montant TTC]]-CTS_Source[[#This Row],[Montant Payé]],\"\")","v":0},16710,null,"PROMOLIFE","01",1233]
["P","28","2021-01-28",null,"01-378","CLIENT",null,null,"1","Tarif COMPTOIR",null,null,null,6497.4789915966394,0,null,6497.4789915966394,0.19,1234.5210084033615,7732.0000000000009,{"$f":"IF(CTS_Source[[#This Row],[Montant Payé]]>0,CTS_Source[[#This Row],[Montant TTC]]-CTS_Source[[#This Row],[Montant Payé]],\"\")","v":2},7730.0000000000009,null,0,"01",1236]
[null,null,null,"01-379",null,null,"1-PRS",1,"C40","Copie Couleur A4-R /  Papier (aucun aplat)","U",10,33.613445378151262,336.1344537815126,0,0,336.1344537815126,0.19,63.865546218487395,400,{"$f":"IF(CTS_Source[[#This Row],[Montant Payé]]>0,CTS_Source[[#This Row],[Montant TTC]]-CTS_Source[[#This Row],[Montant Payé]],\"\")","v":""},null,40,null,null,1241]
[null,null,null,"01-380",null,null,"1-PRS",3,"TP0","Tirage Couleur / Papier (aucun aplat) ","ML",2.9,504.20168067226894,1462.1848739495799,0,0,1462.1848739495799,0.19,277.81512605042019,1740,{"$f":"IF(CTS_Source[[#This Row],[Montant Payé]]>0,CTS_Source[[#This Row],[Montant TTC]]-CTS_Source[[#This Row],[Montant Payé]],\"\")","v":""},null,600,null,null,1245]
[null,null,null,"01-381",null,null,"1-PRS",2,"PP","Traçage Noir & Blanc / Papier ","ML",1.2,201.68067226890759,242.0168067226891,0,0,242.0168067226891,0.19,45.983193277310932,288,{"$f":"IF(CTS_Source[[#This Row],[Montant Payé]]>0,CTS_Source[[#This Row],[Montant TTC]]-CTS_Source[[#This Row],[Montant Payé]],\"\")","v":""},null,240,null,null,1249]
["P","31","2021-01-31",null,"01-382","CLIENT",null,null,"1","Tarif COMPTOIR",null,null,null,67.226890756302524,0,null,67.226890756302524,0.19,12.77310924369748,80,{"$f":"IF(CTS_Source[[#This Row],[Montant Payé]]>0,CTS_Source[[#This Row],[Montant TTC]]-CTS_Source[[#This Row],[Montant Payé]],\"\")","v":0},80,null,0,"01",1250]
[null,null,null,"01-383",null,null,"1-PRS",2,"C4","Copie Noir & Blanc A4-R /  Papier","U",32,8.4033613445378155,268.9075630252101,0,0,268.9075630252101,0.19,51.092436974789919,320,{"$f":"IF(CTS_Source[[#This Row],[Montant Payé]]>0,CTS_Source[[#This Row],[Montant TTC]]-CTS_Source[[#This Row],[Montant Payé]],\"\")","v":""},null,10,null,null,1254]
[null,null,null,"01-384",null,null,"0-PRS",1,"AGP","Agrafage document (agrafes PM) - de 20 f","U",2,8.4033613445378155,16.806722689075631,0,0,16.806722689075631,0.19,3.1932773109243699,20,{"$f":"IF(CTS_Source[[#This Row],[Montant Payé]]>0,CTS_Source[[#This Row],[Montant TTC]]-CTS_Source[[#This Row],[Montant Payé]],\"\")","v":""},null,10,null,null,1259]
[null,null,null,"01-384",null,null,"0-PRS",3,"C4S","Copie Noir & Blanc A4-R /  Papier / Spéciale","U",1,16.806722689075631,16.806722689075631,0,0,16.806722689075631,0.19,3.1932773109243699,20,{"$f":"IF(CTS_Source[[#This Row],[Montant Payé]]>0,CTS_Source[[#This Row],[Montant TTC]]-CTS_Source[[#This Row],[Montant Payé]],\"\")","v":""},null,20,null,null,1261]
[null,null,null,"01-385",null,null,"1-PRS",1,"TP","Tirage Noir & Blanc / Papier","ML",2.2000000000000002,100.84033613445379,221.84873949579836,0,0,221.84873949579836,0.19,42.151260504201687,264.00000000000006,{"$f":"IF(CTS_Source[[#This Row],[Montant Payé]]>0,CTS_Source[[#This Row],[Montant TTC]]-CTS_Source[[#This Row],[Montant Payé]],\"\")","v":""},null,120,null,null,1265]
[null,null,null,"01-386",null,null,"1-PRS",2,"PP","Traçage Noir & Blanc / Papier ","ML",0.85,168,142.79999999999998,0,0,142.79999999999998,0.19,27.131999999999998,169.93199999999999,{"$f":"IF(CTS_Source[[#This Row],[Montant Payé]]>0,CTS_Source[[#This Row],[Montant TTC]]-CTS_Source[[#This Row],[Montant Payé]],\"\")","v":""},null,199.92,null,null,1268]
[null,null,null,"01-387",null,null,"1-PRS",1,"TP","Tirage Noir & Blanc / Papier","ML",1.7,100.84033613445379,171.42857142857144,0,0,171.42857142857144,0.19,32.571428571428577,204.00000000000003,{"$f":"IF(CTS_Source[[#This Row],[Montant Payé]]>0,CTS_Source[[#This Row],[Montant TTC]]-CTS_Source[[#This Row],[Montant Payé]],\"\")","v":""},null,120,null,null,1272]
["P","31","2021-01-31",null,"01-389","CLIENT",null,null,"1","Tarif COMPTOIR",null,null,null,8.4033613445378155,0,null,8.4033613445378155,0.19,1.596638655462185,10,{"$f":"IF(CTS_Source[[#This Row],[Montant Payé]]>0,CTS_Source[[#This Row],[Montant TTC]]-CTS_Source[[#This Row],[Montant Payé]],\"\")","v":0},10,null,0,"01",1277]
[null,null,null,"01-390",null,null,"1-PRS",1,"TP","Tirage Noir & Blanc / Papier","ML",1.3,100.84033613445379,131.09243697478993,0,0,131.09243697478993,0.19,24.907563025210088,156.00000000000003,{"$f":"IF(CTS_Source[[#This Row],[Montant Payé]]>0,CTS_Source[[#This Row],[Montant TTC]]-CTS_Source[[#This Row],[Montant Payé]],\"\")","v":""},null,120,null,null,1280]
[null,null,null,"01-391",null,null,"0-PRS",1,"AGP","Agrafage document (agrafes PM) - de 20 f","U",4,8.4033613445378155,33.613445378151262,0,0,33.613445378151262,0.19,6.3865546218487399,40,{"$f":"IF(CTS_Source[[#This Row],[Montant Payé]]>0,CTS_Source[[#This Row],[Montant TTC]]-CTS_Source[[#This Row],[Montant Payé]],\"\")","v":""},null,10,null,null,1282]
[null,null,null,"01-392",null,null,"1-PRS",1,"I3","Impression Noir & Blanc A3-R /  Papier","U",1,33.613445378151262,33.613445378151262,0,0,33.613445378151262,0.19,6.3865546218487399,40,{"$f":"IF(CTS_Source[[#This Row],[Montant Payé]]>0,CTS_Source[[#This Row],[Montant TTC]]-CTS_Source[[#This Row],[Montant Payé]],\"\")","v":""},null,40,null,null,1285]
["P","31","2021-01-31",null,"01-393","CLIENT",null,null,"1","Tarif COMPTOIR",null,null,null,168.0672268907563,0,null,168.0672268907563,0.19,31.932773109243698,200,{"$f":"IF(CTS_Source[[#This Row],[Montant Payé]]>0,CTS_Source[[#This Row],[Montant TTC]]-CTS_Source[[#This Row],[Montant Payé]],\"\")","v":0},200,null,0,"01",1288]
[null,null,null,"01-394",null,null,"1-PRS",1,"TP","Tirage Noir & Blanc / Papier","ML",1,100.84033613445379,100.84033613445379,0,0,100.84033613445379,0.19,19.159663865546221,120.00000000000001,{"$f":"IF(CTS_Source[[#This Row],[Montant Payé]]>0,CTS_Source[[#This Row],[Montant TTC]]-CTS_Source[[#This Row],[Montant Payé]],\"\")","v":""},null,120,null,null,1291]
["P","31","2021-01-31",null,"01-396","CLIENT",null,null,"1","Tarif COMPTOIR",null,null,null,67.226890756302524,0,null,67.226890756302524,0.19,12.77310924369748,80,{"$f":"IF(CTS_Source[[#This Row],[Montant Payé]]>0,CTS_Source[[#This Row],[Montant TTC]]-CTS_Source[[#This Row],[Montant Payé]],\"\")","v":0},80,null,0,"01",1296]
["P","31","2021-01-31",null,"01-398","CLIENT",null,null,"1","Tarif COMPTOIR",null,null,null,221.84873949579836,0,null,221.84873949579836,0.19,42.151260504201687,264.00000000000006,{"$f":"IF(CTS_Source[[#This Row],[Montant Payé]]>0,CTS_Source[[#This Row],[Montant TTC]]-CTS_Source[[#This Row],[Montant Payé]],\"\")","v":-1},265.00000000000006,null,0,"01",1300]
[null,null,null,"01-399",null,null,"0-PRS",2,"C3S","Copie Noir & Blanc A3-R /  Papier / Spéciale ","U",1,33.613445378151262,33.613445378151262,0,0,33.613445378151262,0.19,6.3865546218487399,40,{"$f":"IF(CTS_Source[[#This Row],[Montant Payé]]>0,CTS_Source[[#This Row],[Montant TTC]]-CTS_Source[[#This Row],[Montant Payé]],\"\")","v":""},null,40,null,null,1304]
["P","31","2021-01-31",null,"01-400","CLIENT",null,null,"1","Tarif COMPTOIR",null,null,null,443.69747899159671,0,null,443.69747899159671,0.19,84.302521008403374,528.00000000000011,{"$f":"IF(CTS_Source[[#This Row],[Montant Payé]]>0,CTS_Source[[#This Row],[Montant TTC]]-CTS_Source[[#This Row],[Montant Payé]],\"\")","v":-2},530.00000000000011,null,0,"01",1305]
["P","31","2021-01-31",null,"01-402","CLIENT",null,null,"1","Tarif COMPTOIR",null,null,null,268.9075630252101,0,null,268.9075630252101,0.19,51.092436974789919,320,{"$f":"IF(CTS_Source[[#This Row],[Montant Payé]]>0,CTS_Source[[#This Row],[Montant TTC]]-CTS_Source[[#This Row],[Montant Payé]],\"\")","v":0},320,null,0,"01",1309]
[null,null,null,"01-404",null,null,"1-PRS",1,"TP","Tirage Noir & Blanc / Papier","ML",0.65,100.84033613445379,65.546218487394967,0,0,65.546218487394967,0.19,12.453781512605044,78.000000000000014,{"$f":"IF(CTS_Source[[#This Row],[Montant Payé]]>0,CTS_Source[[#This Row],[Montant TTC]]-CTS_Source[[#This Row],[Montant Payé]],\"\")","v":""},null,120,null,null,1314]
[null,null,null,"01-405",null,null,0,1,"INST","Instance","U",1,0,0,0,0,0,0.19,0,0,{"$f":"IF(CTS_Source[[#This Row],[Montant Payé]]>0,CTS_Source[[#This Row],[Montant TTC]]-CTS_Source[[#This Row],[Montant Payé]],\"\")","v":""},null,0,null,null,1316]
[null,null,null,"01-407",null,null,"1-PRS",1,"TP","Tirage Noir & Blanc / Papier","ML",3.25,100.84033613445379,327.73109243697485,0,0,327.73109243697485,0.19,62.268907563025223,390.00000000000006,{"$f":"IF(CTS_Source[[#This Row],[Montant Payé]]>0,CTS_Source[[#This Row],[Montant TTC]]-CTS_Source[[#This Row],[Montant Payé]],\"\")","v":""},null,120,null,null,1320]
["P","31","2021-01-31",null,"01-409","CLIENT",null,null,"1","Tarif COMPTOIR",null,null,null,302.52100840336135,0,null,302.52100840336135,0.19,57.478991596638657,360,{"$f":"IF(CTS_Source[[#This Row],[Montant Payé]]>0,CTS_Source[[#This Row],[Montant TTC]]-CTS_Source[[#This Row],[Montant Payé]],\"\")","v":0},360,null,0,"01",1323]
[null,null,null,"02-001",null,null,"1-PRS",3,"I3","Impression Noir & Blanc A3-R /  Papier","U",3,33.613445378151262,100.84033613445379,0,0,100.84033613445379,0.19,19.159663865546221,120.00000000000001,{"$f":"IF(CTS_Source[[#This Row],[Montant Payé]]>0,CTS_Source[[#This Row],[Montant TTC]]-CTS_Source[[#This Row],[Montant Payé]],\"\")","v":""},null,40,null,null,1328]
[null,null,null,"02-003",null,null,"0-PRS",1,"AGP","Agrafage document (agrafes PM) - de 20 f","U",2,8.4033613445378155,16.806722689075631,0,0,16.806722689075631,0.19,3.1932773109243699,20,{"$f":"IF(CTS_Source[[#This Row],[Montant Payé]]>0,CTS_Source[[#This Row],[Montant TTC]]-CTS_Source[[#This Row],[Montant Payé]],\"\")","v":""},null,10,null,null,1332]
[null,null,null,"02-004",null,null,0,1,"INST","Instance","U",1,0,0,0,0,0,0.19,0,0,{"$f":"IF(CTS_Source[[#This Row],[Montant Payé]]>0,CTS_Source[[#This Row],[Montant TTC]]-CTS_Source[[#This Row],[Montant Payé]],\"\")","v":""},null,0,null,null,1335]
[null,null,null,"02-005",null,null,"1-PRS",1,"C4","Copie Noir & Blanc A4-R /  Papier","U",3,8.4033613445378155,25.210084033613448,0,0,25.210084033613448,0.19,4.7899159663865554,30.000000000000004,{"$f":"IF(CTS_Source[[#This Row],[Montant Payé]]>0,CTS_Source[[#This Row],[Montant TTC]]-CTS_Source[[#This Row],[Montant Payé]],\"\")","v":""},null,10,null,null,1337]
[null,null,null,"02-006",null,null,"1-PRS",1,"TP","Tirage Noir & Blanc / Papier","ML",3.2,100.84033613445379,322.68907563025215,1.0416666666666666E-2,3.3613445378151265,319.32773109243703,0.19,60.672268907563037,380.00000000000006,{"$f":"IF(CTS_Source[[#This Row],[Montant Payé]]>0,CTS_Source[[#This Row],[Montant TTC]]-CTS_Source[[#This Row],[Montant Payé]],\"\")","v":""},null,118.75000000000001,null,null,1340]
[null,null,null,"02-008",null,null,"1-PRS",2,"TP","Tirage Noir & Blanc / Papier","ML",7.55,100.84033613445379,761.34453781512616,0,0,761.34453781512616,0.19,144.65546218487398,906.00000000000011,{"$f":"IF(CTS_Source[[#This Row],[Montant Payé]]>0,CTS_Source[[#This Row],[Montant TTC]]-CTS_Source[[#This Row],[Montant Payé]],\"\")","v":""},null,120.00000000000001,null,null,1346]
[null,null,null,"02-009",null,null,"1-PRS",1,"I4","Impression Noir & Blanc A4-R /  Papier","U",12,16.806722689075631,201.68067226890759,0,0,201.68067226890759,0.19,38.319327731092443,240.00000000000003,{"$f":"IF(CTS_Source[[#This Row],[Montant Payé]]>0,CTS_Source[[#This Row],[Montant TTC]]-CTS_Source[[#This Row],[Montant Payé]],\"\")","v":""},null,20,null,null,1348]
["P",1,"2021-02-01",null,"02-011","CLIENT",null,null,"1","Tarif COMPTOIR",null,null,null,105.88235294117649,0,0,105.88235294117649,0.19,20.117647058823533,126.00000000000003,{"$f":"IF(CTS_Source[[#This Row],[Montant Payé]]>0,CTS_Source[[#This Row],[Montant TTC]]-CTS_Source[[#This Row],[Montant Payé]],\"\")","v":0},126.00000000000003,null,0,"02",1351]
["P",1,"2021-02-01",null,"02-013","CLIENT",null,null,"1","Tarif COMPTOIR",null,null,null,42.016806722689076,0,0,42.016806722689076,0.19,7.9831932773109244,50,{"$f":"IF(CTS_Source[[#This Row],[Montant Payé]]>0,CTS_Source[[#This Row],[Montant TTC]]-CTS_Source[[#This Row],[Montant Payé]],\"\")","v":0},50,null,0,"02",1355]
[null,null,null,"02-014",null,null,"0-PRS",2,"C4S","Copie Noir & Blanc A4-R /  Papier / Spéciale","U",1,16.806722689075631,16.806722689075631,5.9852670349907905E-3,0.10059272327715614,16.706129965798475,0.19,3.17416469350171,19.880294659300183,{"$f":"IF(CTS_Source[[#This Row],[Montant Payé]]>0,CTS_Source[[#This Row],[Montant TTC]]-CTS_Source[[#This Row],[Montant Payé]],\"\")","v":""},null,19.880294659300183,null,null,1359]
[null,null,null,"02-014",null,null,"1-PRS",3,"C4","Copie Noir & Blanc A4-R /  Papier","U",12,8.4033613445378155,100.84033613445379,5.9852670349907905E-3,0.60355633966293687,100.23677979479086,0.19,19.044988161010263,119.28176795580113,{"$f":"IF(CTS_Source[[#This Row],[Montant Payé]]>0,CTS_Source[[#This Row],[Montant TTC]]-CTS_Source[[#This Row],[Montant Payé]],\"\")","v":""},null,9.9401473296500935,null,null,1360]
[null,null,null,"02-015",null,null,"0-PRS",2,"C4S","Copie Noir & Blanc A4-R /  Papier / Spéciale","U",1,16.806722689075631,16.806722689075631,0,0,16.806722689075631,0.19,3.1932773109243699,20,{"$f":"IF(CTS_Source[[#This Row],[Montant Payé]]>0,CTS_Source[[#This Row],[Montant TTC]]-CTS_Source[[#This Row],[Montant Payé]],\"\")","v":""},null,20,null,null,1364]
[null,null,null,"02-016",null,null,"1-PRS",2,"I40","Impression Couleur A4-R /  Papier (aucun aplat)","U",1,50.420168067226896,50.420168067226896,0,0,50.420168067226896,0.19,9.5798319327731107,60.000000000000007,{"$f":"IF(CTS_Source[[#This Row],[Montant Payé]]>0,CTS_Source[[#This Row],[Montant TTC]]-CTS_Source[[#This Row],[Montant Payé]],\"\")","v":""},null,60.000000000000007,null,null,1369]
["P","02","2021-02-02",null,"02-018","CLIENT",null,null,"1","Tarif COMPTOIR",null,null,null,484.03361344537819,0,0,484.03361344537819,0.19,91.966386554621863,576,{"$f":"IF(CTS_Source[[#This Row],[Montant Payé]]>0,CTS_Source[[#This Row],[Montant TTC]]-CTS_Source[[#This Row],[Montant Payé]],\"\")","v":0},576,null,0,"02",1372]
["P","02","2021-02-02",null,"02-019","CLIENT",null,null,"1","Tarif COMPTOIR",null,null,null,210.0840336134454,0,0,210.0840336134454,0.19,39.915966386554629,250.00000000000003,{"$f":"IF(CTS_Source[[#This Row],[Montant Payé]]>0,CTS_Source[[#This Row],[Montant TTC]]-CTS_Source[[#This Row],[Montant Payé]],\"\")","v":0},250.00000000000003,null,0,"02",1374]
[null,null,null,"02-020",null,null,"2-BUR",1,"6-EBR","Enveloppe blanche radio (n° 3745110) V","U",1,33.613445378151262,33.613445378151262,0,0,33.613445378151262,0.19,6.3865546218487399,40,{"$f":"IF(CTS_Source[[#This Row],[Montant Payé]]>0,CTS_Source[[#This Row],[Montant TTC]]-CTS_Source[[#This Row],[Montant Payé]],\"\")","v":""},null,40,null,null,1379]
[null,null,null,"02-021",null,null,"1-PRS",2,"I40","Impression Couleur A4-R /  Papier (aucun aplat)","U",1,50.420168067226896,50.420168067226896,0,0,50.420168067226896,0.19,9.5798319327731107,60.000000000000007,{"$f":"IF(CTS_Source[[#This Row],[Montant Payé]]>0,CTS_Source[[#This Row],[Montant TTC]]-CTS_Source[[#This Row],[Montant Payé]],\"\")","v":""},null,60.000000000000007,null,null,1383]
[null,null,null,"02-022",null,null,"1-PRS",1,"I4","Impression Noir & Blanc A4-R /  Papier","U",4,16.806722689075631,67.226890756302524,0,0,67.226890756302524,0.19,12.77310924369748,80,{"$f":"IF(CTS_Source[[#This Row],[Montant Payé]]>0,CTS_Source[[#This Row],[Montant TTC]]-CTS_Source[[#This Row],[Montant Payé]],\"\")","v":""},null,20,null,null,1387]
["P","02","2021-02-02",null,"02-024","CLIENT",null,null,"1","Tarif COMPTOIR",null,null,null,369.74789915966386,0,0,369.74789915966386,0.19,70.252100840336141,440,{"$f":"IF(CTS_Source[[#This Row],[Montant Payé]]>0,CTS_Source[[#This Row],[Montant TTC]]-CTS_Source[[#This Row],[Montant Payé]],\"\")","v":0},440,null,0,"02",1390]
[null,null,null,"02-024",null,null,"0-PRS",2,"PPS","Traçage Noir & Blanc Spécial /  Papier (avec aplats)","ML",1,302.52100840336135,302.52100840336135,0,0,302.52100840336135,0.19,57.478991596638657,360,{"$f":"IF(CTS_Source[[#This Row],[Montant Payé]]>0,CTS_Source[[#This Row],[Montant TTC]]-CTS_Source[[#This Row],[Montant Payé]],\"\")","v":""},null,360,null,null,1392]
[null,null,null,"02-025",null,null,"2-BUR",2,"8-CSGM","Colle stick GM","U",1,75.630252100840337,75.630252100840337,1.408450704225352E-2,1.0652148183216947,74.565037282518645,0.19,14.167357083678542,88.732394366197184,{"$f":"IF(CTS_Source[[#This Row],[Montant Payé]]>0,CTS_Source[[#This Row],[Montant TTC]]-CTS_Source[[#This Row],[Montant Payé]],\"\")","v":""},null,88.732394366197184,null,null,1395]
[null,null,null,"02-027",null,null,"2-BUR",1,"8-AGL","Agrafes galvanisées 24/06","U",1,46.218487394957982,46.218487394957982,1.6129032258064519E-2,0.74545947411222568,45.473027920845759,0.19,8.6398753049606949,54.112903225806456,{"$f":"IF(CTS_Source[[#This Row],[Montant Payé]]>0,CTS_Source[[#This Row],[Montant TTC]]-CTS_Source[[#This Row],[Montant Payé]],\"\")","v":""},null,54.112903225806448,null,null,1401]
[null,null,null,"02-027",null,null,"2-BUR",3,"5-CDS","Chemise dossier simple","U",5,12.605042016806724,63.025210084033617,1.6129032258064519E-2,1.0165356465166715,62.008674437516945,0.19,11.781648143128219,73.790322580645167,{"$f":"IF(CTS_Source[[#This Row],[Montant Payé]]>0,CTS_Source[[#This Row],[Montant TTC]]-CTS_Source[[#This Row],[Montant Payé]],\"\")","v":""},null,14.758064516129032,null,null,1403]
[null,null,null,"02-027",null,null,"0-PRS",6,"C4S","Copie Noir & Blanc A4-R /  Papier / Spéciale","U",2,16.806722689075631,33.613445378151262,1.6129032258064519E-2,0.54215234480889141,33.071293033342371,0.19,6.2835456763350503,39.354838709677423,{"$f":"IF(CTS_Source[[#This Row],[Montant Payé]]>0,CTS_Source[[#This Row],[Montant TTC]]-CTS_Source[[#This Row],[Montant Payé]],\"\")","v":""},null,19.677419354838712,null,null,1406]
[null,null,null,"02-029",null,null,"1-PRS",1,"PP","Traçage Noir & Blanc / Papier ","ML",6,201.68067226890759,1210.0840336134456,2.7777777777777773E-2,33.613445378151262,1176.4705882352944,0.19,223.52941176470594,1400.0000000000002,{"$f":"IF(CTS_Source[[#This Row],[Montant Payé]]>0,CTS_Source[[#This Row],[Montant TTC]]-CTS_Source[[#This Row],[Montant Payé]],\"\")","v":""},null,233.33333333333337,null,null,1411]
["P","02","2021-02-02",null,"02-031","CLIENT",null,null,"1","Tarif COMPTOIR",null,null,null,33.613445378151262,0,0,33.613445378151262,0.19,6.3865546218487399,40,{"$f":"IF(CTS_Source[[#This Row],[Montant Payé]]>0,CTS_Source[[#This Row],[Montant TTC]]-CTS_Source[[#This Row],[Montant Payé]],\"\")","v":0},40,null,0,"02",1414]
[null,null,null,"02-031",null,null,"1-PRS",1,"C6","Copie Noir & Blanc A3-RV /  Papier","U",1,33.613445378151262,33.613445378151262,0,0,33.613445378151262,0.19,6.3865546218487399,40,{"$f":"IF(CTS_Source[[#This Row],[Montant Payé]]>0,CTS_Source[[#This Row],[Montant TTC]]-CTS_Source[[#This Row],[Montant Payé]],\"\")","v":""},null,40,null,null,1415]
[null,null,null,"02-032",null,null,"2-BUR",3,"5-CRCE","Chemise à rabats cartonnée avec élastiques","U",40,75.630252100840337,3025.2100840336134,0,0,3025.2100840336134,0.19,574.7899159663865,3600,{"$f":"IF(CTS_Source[[#This Row],[Montant Payé]]>0,CTS_Source[[#This Row],[Montant TTC]]-CTS_Source[[#This Row],[Montant Payé]],\"\")","v":""},null,90,null,null,1419]
[null,null,null,"02-034",null,null,"2-BUR",2,"2-S857","Stylo Topball 857 ","U",1,117.64705882352942,117.64705882352942,0,0,117.64705882352942,0.19,22.352941176470591,140,{"$f":"IF(CTS_Source[[#This Row],[Montant Payé]]>0,CTS_Source[[#This Row],[Montant TTC]]-CTS_Source[[#This Row],[Montant Payé]],\"\")","v":""},null,140,null,null,1424]
[null,null,null,"02-035",null,null,0,1,"INST","Instance","U",1,0,0,0,0,0,0.19,0,0,{"$f":"IF(CTS_Source[[#This Row],[Montant Payé]]>0,CTS_Source[[#This Row],[Montant TTC]]-CTS_Source[[#This Row],[Montant Payé]],\"\")","v":""},null,0,null,null,1427]
[null,null,null,"02-036",null,null,"1-PRS",1,"TP","Tirage Noir & Blanc / Papier","ML",38.200000000000003,100.84033613445379,3852.1008403361352,7.6423385555980108E-4,2.9439058772152342,3849.1569344589197,0.19,731.3398175471948,4580.4967520061145,{"$f":"IF(CTS_Source[[#This Row],[Montant Payé]]>0,CTS_Source[[#This Row],[Montant TTC]]-CTS_Source[[#This Row],[Montant Payé]],\"\")","v":""},null,119.90829193733283,null,null,1429]
[null,null,null,"02-037",null,null,"0-PRS",2,"PIN","Perforation feuilles et insertion classeur","U",233,4.2016806722689077,978.99159663865555,0,0,978.99159663865555,0.19,186.00840336134456,1165,{"$f":"IF(CTS_Source[[#This Row],[Montant Payé]]>0,CTS_Source[[#This Row],[Montant TTC]]-CTS_Source[[#This Row],[Montant Payé]],\"\")","v":""},null,5,null,null,1434]
[null,null,null,"02-038",null,null,"1-PRS",1,"TP","Tirage Noir & Blanc / Papier","ML",4.6500000000000004,100.84033613445379,468.90756302521015,0,0,468.90756302521015,0.19,89.092436974789933,558.00000000000011,{"$f":"IF(CTS_Source[[#This Row],[Montant Payé]]>0,CTS_Source[[#This Row],[Montant TTC]]-CTS_Source[[#This Row],[Montant Payé]],\"\")","v":""},null,120.00000000000001,null,null,1438]
[null,null,null,"02-040",null,null,"1-PRS",1,"C30","Copie Couleur A3-R /  Papier (aucun aplat)","U",2,67.226890756302524,134.45378151260505,0,0,134.45378151260505,0.19,25.54621848739496,160,{"$f":"IF(CTS_Source[[#This Row],[Montant Payé]]>0,CTS_Source[[#This Row],[Montant TTC]]-CTS_Source[[#This Row],[Montant Payé]],\"\")","v":""},null,80,null,null,1442]
[null,null,null,"02-040",null,null,"1-PRS",2,"C4","Copie Noir & Blanc A4-R /  Papier","U",6,8.4033613445378155,50.420168067226896,0,0,50.420168067226896,0.19,9.5798319327731107,60.000000000000007,{"$f":"IF(CTS_Source[[#This Row],[Montant Payé]]>0,CTS_Source[[#This Row],[Montant TTC]]-CTS_Source[[#This Row],[Montant Payé]],\"\")","v":""},null,10,null,null,1443]
[null,null,null,"02-041",null,null,"1-PRS",3,"I4","Impression Noir & Blanc A4-R /  Papier","U",18,16.806722689075631,302.52100840336135,1.0292953285827394E-2,3.1138346074771945,299.40717379588415,0.19,56.887363021217986,356.29453681710214,{"$f":"IF(CTS_Source[[#This Row],[Montant Payé]]>0,CTS_Source[[#This Row],[Montant TTC]]-CTS_Source[[#This Row],[Montant Payé]],\"\")","v":""},null,19.794140934283451,null,null,1447]
["P","03","2021-02-03",null,"02-042","CLIENT",null,null,"1","Tarif COMPTOIR",null,null,null,191.59663865546219,3.5087719298245612E-2,6.7226890756302522,184.87394957983193,0.19,35.12605042016807,220,{"$f":"IF(CTS_Source[[#This Row],[Montant Payé]]>0,CTS_Source[[#This Row],[Montant TTC]]-CTS_Source[[#This Row],[Montant Payé]],\"\")","v":0},220,null,0,"02",1450]
["P","03","2021-02-03",null,"02-044","CLIENT",null,null,"1","Tarif COMPTOIR",null,null,null,33.613445378151262,0,0,33.613445378151262,0.19,6.3865546218487399,40,{"$f":"IF(CTS_Source[[#This Row],[Montant Payé]]>0,CTS_Source[[#This Row],[Montant TTC]]-CTS_Source[[#This Row],[Montant Payé]],\"\")","v":0},40,null,0,"02",1456]
["P","03","2021-02-03",null,"02-045","CLIENT",null,null,"1","Tarif COMPTOIR",null,null,null,596.63865546218494,0,0,596.63865546218494,0.19,113.36134453781514,710.00000000000011,{"$f":"IF(CTS_Source[[#This Row],[Montant Payé]]>0,CTS_Source[[#This Row],[Montant TTC]]-CTS_Source[[#This Row],[Montant Payé]],\"\")","v":0},710.00000000000011,null,0,"02",1458]
[null,null,null,"02-045",null,null,"2-BUR",3,"8-CUTP","Cutter Plastique","U",1,75.630252100840337,75.630252100840337,0,0,75.630252100840337,0.19,14.369747899159664,90,{"$f":"IF(CTS_Source[[#This Row],[Montant Payé]]>0,CTS_Source[[#This Row],[Montant TTC]]-CTS_Source[[#This Row],[Montant Payé]],\"\")","v":""},null,90,null,null,1461]
["P","03","2021-02-03",null,"02-047","CLIENT",null,null,"1","Tarif COMPTOIR",null,null,null,262.18487394957987,0,0,262.18487394957987,0.19,49.815126050420176,312.00000000000006,{"$f":"IF(CTS_Source[[#This Row],[Montant Payé]]>0,CTS_Source[[#This Row],[Montant TTC]]-CTS_Source[[#This Row],[Montant Payé]],\"\")","v":0},312.00000000000006,null,0,"02",1466]
[null,null,null,"02-048",null,null,"1-PRS",1,"C4","Copie Noir & Blanc A4-R /  Papier","U",23,8.4033613445378155,193.27731092436974,0,0,193.27731092436974,0.19,36.72268907563025,230,{"$f":"IF(CTS_Source[[#This Row],[Montant Payé]]>0,CTS_Source[[#This Row],[Montant TTC]]-CTS_Source[[#This Row],[Montant Payé]],\"\")","v":""},null,10,null,null,1469]
["P","03","2021-02-03",null,"02-049","CLIENT",null,null,"1","Tarif COMPTOIR",null,null,null,42.016806722689076,0,0,42.016806722689076,0.19,7.9831932773109244,50,{"$f":"IF(CTS_Source[[#This Row],[Montant Payé]]>0,CTS_Source[[#This Row],[Montant TTC]]-CTS_Source[[#This Row],[Montant Payé]],\"\")","v":0},50,null,0,"02",1470]
[null,null,null,"02-050",null,null,"2-BUR",2,"6-EB52219","Enveloppe blanche 260 x 360 (n° 52219) H","U",2,25.210084033613448,50.420168067226896,0,0,50.420168067226896,0.19,9.5798319327731107,60.000000000000007,{"$f":"IF(CTS_Source[[#This Row],[Montant Payé]]>0,CTS_Source[[#This Row],[Montant TTC]]-CTS_Source[[#This Row],[Montant Payé]],\"\")","v":""},null,30.000000000000004,null,null,1474]
[null,null,null,"02-052",null,null,"1-PRS",1,"C4","Copie Noir & Blanc A4-R /  Papier","U",6,8.4033613445378155,50.420168067226896,0,0,50.420168067226896,0.19,9.5798319327731107,60.000000000000007,{"$f":"IF(CTS_Source[[#This Row],[Montant Payé]]>0,CTS_Source[[#This Row],[Montant TTC]]-CTS_Source[[#This Row],[Montant Payé]],\"\")","v":""},null,10,null,null,1479]
[null,null,null,"02-053",null,null,"1-PRS",2,"NP","Numérisation Noir & Blanc de plan ou carte","ML",5.45,201.68067226890759,1099.1596638655465,2.4937655860340574E-3,2.741046543304662,1096.4186173222417,0.19,208.31953729122594,1304.7381546134677,{"$f":"IF(CTS_Source[[#This Row],[Montant Payé]]>0,CTS_Source[[#This Row],[Montant TTC]]-CTS_Source[[#This Row],[Montant Payé]],\"\")","v":""},null,239.40149625935186,null,null,1482]
["P","03","2021-02-03",null,"02-054","CLIENT",null,null,"1","Tarif COMPTOIR",null,null,null,176.47058823529412,0,0,176.47058823529412,0.19,33.529411764705884,210,{"$f":"IF(CTS_Source[[#This Row],[Montant Payé]]>0,CTS_Source[[#This Row],[Montant TTC]]-CTS_Source[[#This Row],[Montant Payé]],\"\")","v":0},210,null,0,"02",1484]
[null,null,null,"02-056",null,null,"2-BUR",1,"5-IPC4","Intercalaire Papier Couleur A4 ","U",22,12.605042016806724,277.31092436974791,3.9739884393063585E-2,11.020304075387381,266.29062029436051,0.19,50.595217855928496,316.88583815028903,{"$f":"IF(CTS_Source[[#This Row],[Montant Payé]]>0,CTS_Source[[#This Row],[Montant TTC]]-CTS_Source[[#This Row],[Montant Payé]],\"\")","v":""},null,14.403901734104045,null,null,1490]
["F",4,"2021-02-04",null,"02-057","ENG",null,null,"2","Tarif COMPTOIR",null,null,null,{"$f":"SUM(N1530:N1532)","v":7761.6},null,0,{"$f":"SUM(Q1530:Q1532)","v":7761.6},0.19,{"$f":"SUM(S1530:S1532)","v":1474.7040000000002},{"$f":"SUM(T1530:T1532)","v":9236.3040000000001},{"$f":"IF(CTS_Source[[#This Row],[Montant Payé]]>0,CTS_Source[[#This Row],[Montant TTC]]-CTS_Source[[#This Row],[Montant Payé]],\"\")","v":""},null,null,0,"02",1493]
["P",4,"2021-02-04",null,"02-058","CLIENT",null,null,"1","Tarif COMPTOIR",null,null,null,504.20168067226894,0,0,504.20168067226894,0.19,95.798319327731093,600,{"$f":"IF(CTS_Source[[#This Row],[Montant Payé]]>0,CTS_Source[[#This Row],[Montant TTC]]-CTS_Source[[#This Row],[Montant Payé]],\"\")","v":0},600,null,0,"02",1497]
[null,null,null,"02-058",null,null,"1-PRS",1,"PP","Traçage Noir & Blanc / Papier ","ML",2.5,201.68067226890759,504.20168067226894,0,0,504.20168067226894,0.19,95.798319327731093,600,{"$f":"IF(CTS_Source[[#This Row],[Montant Payé]]>0,CTS_Source[[#This Row],[Montant TTC]]-CTS_Source[[#This Row],[Montant Payé]],\"\")","v":""},null,240.00000000000003,null,null,1498]
[null,null,null,"02-060",null,null,"1-PRS",1,"C4","Copie Noir & Blanc A4-R /  Papier","U",141,8.4033613445378155,1184.873949579832,0,0,1184.873949579832,0.19,225.1260504201681,1410,{"$f":"IF(CTS_Source[[#This Row],[Montant Payé]]>0,CTS_Source[[#This Row],[Montant TTC]]-CTS_Source[[#This Row],[Montant Payé]],\"\")","v":""},null,10,null,null,1502]
["P",4,"2021-02-04",null,"02-062","CLIENT",null,null,"1","Tarif COMPTOIR",null,null,null,100.84033613445379,0,0,100.84033613445379,0.19,19.159663865546221,120.00000000000001,{"$f":"IF(CTS_Source[[#This Row],[Montant Payé]]>0,CTS_Source[[#This Row],[Montant TTC]]-CTS_Source[[#This Row],[Montant Payé]],\"\")","v":0},120.00000000000001,null,0,"02",1505]
[null,null,null,"02-064",null,null,"2-BUR",1,"5-CDS","Chemise dossier simple","U",38,12.605042016806724,478.99159663865549,7.7459333849728886E-4,0.37102369995248291,478.62057293870299,0.19,90.937908858353566,569.55848179705652,{"$f":"IF(CTS_Source[[#This Row],[Montant Payé]]>0,CTS_Source[[#This Row],[Montant TTC]]-CTS_Source[[#This Row],[Montant Payé]],\"\")","v":""},null,14.98838109992254,null,null,1511]
[null,null,null,"02-064",null,null,"2-BUR",3,"2-S621","Stylo à bille 621 ","U",3,21.008403361344538,63.025210084033617,7.7459333849728886E-4,4.8818907888484593E-2,62.976391176145135,0.19,11.965514323467575,74.941905499612716,{"$f":"IF(CTS_Source[[#This Row],[Montant Payé]]>0,CTS_Source[[#This Row],[Montant TTC]]-CTS_Source[[#This Row],[Montant Payé]],\"\")","v":""},null,24.980635166537567,null,null,1513]
[null,null,null,"02-064",null,null,"2-BUR",6,"6-BACR","Boite d'archives en carton rigide","U",4,134.45378151260505,537.81512605042019,7.7459333849728886E-4,0.41658801398173523,537.39853803643848,0.19,102.10572222692332,639.50426026336186,{"$f":"IF(CTS_Source[[#This Row],[Montant Payé]]>0,CTS_Source[[#This Row],[Montant TTC]]-CTS_Source[[#This Row],[Montant Payé]],\"\")","v":""},null,159.87606506584044,null,null,1516]
["P",4,"2021-02-04",null,"02-065","CLIENT",null,null,"1","Tarif COMPTOIR",null,null,null,2411.7647058823532,3.4843205574912892E-3,8.4033613445378155,2403.3613445378155,0.19,456.63865546218489,2860.0000000000005,{"$f":"IF(CTS_Source[[#This Row],[Montant Payé]]>0,CTS_Source[[#This Row],[Montant TTC]]-CTS_Source[[#This Row],[Montant Payé]],\"\")","v":0},2860.0000000000005,null,0,"02",1521]
["P",4,"2021-02-04",null,"02-066","CLIENT",null,null,"1","Tarif COMPTOIR",null,null,null,268.90756302521015,0,0,268.90756302521015,0.19,51.092436974789919,320.00000000000006,{"$f":"IF(CTS_Source[[#This Row],[Montant Payé]]>0,CTS_Source[[#This Row],[Montant TTC]]-CTS_Source[[#This Row],[Montant Payé]],\"\")","v":0},320.00000000000006,null,0,"02",1525]
[null,null,null,"02-066",null,null,"1-PRS",1,"I4","Impression Noir & Blanc A4-R /  Papier","U",1,16.806722689075631,16.806722689075631,0,0,16.806722689075631,0.19,3.1932773109243699,20,{"$f":"IF(CTS_Source[[#This Row],[Montant Payé]]>0,CTS_Source[[#This Row],[Montant TTC]]-CTS_Source[[#This Row],[Montant Payé]],\"\")","v":""},null,20,null,null,1526]
[null,null,null,"02-066",null,null,"1-PRS",4,"C30","Copie Couleur A3-R /  Papier (aucun aplat)","U",1,67.226890756302524,67.226890756302524,0,0,67.226890756302524,0.19,12.77310924369748,80,{"$f":"IF(CTS_Source[[#This Row],[Montant Payé]]>0,CTS_Source[[#This Row],[Montant TTC]]-CTS_Source[[#This Row],[Montant Payé]],\"\")","v":""},null,80,null,null,1529]
[null,null,null,"02-067",null,null,"1-PRS",3,"PP0","Traçage Couleur / Papier (aucun aplat)","ML",1.2,705.88235294117646,847.05882352941171,1.004016064257028E-3,0.85046066619418836,846.20836286321753,0.19,160.77958894401132,1006.9879518072289,{"$f":"IF(CTS_Source[[#This Row],[Montant Payé]]>0,CTS_Source[[#This Row],[Montant TTC]]-CTS_Source[[#This Row],[Montant Payé]],\"\")","v":""},null,839.15662650602405,null,null,1534]
[null,null,null,"02-068",null,null,"1-PRS",1,"TP","Tirage Noir & Blanc / Papier","ML",38.5,100.84033613445379,3882.3529411764712,0,0,3882.3529411764712,0.19,737.64705882352951,4620.0000000000009,{"$f":"IF(CTS_Source[[#This Row],[Montant Payé]]>0,CTS_Source[[#This Row],[Montant TTC]]-CTS_Source[[#This Row],[Montant Payé]],\"\")","v":""},null,120.00000000000001,null,null,1537]
["P",4,"2021-02-04",null,"02-069","CLIENT",null,null,"1","Tarif COMPTOIR",null,null,null,5823.5294117647063,0,0,5823.5294117647063,0.19,1106.4705882352941,6930,{"$f":"IF(CTS_Source[[#This Row],[Montant Payé]]>0,CTS_Source[[#This Row],[Montant TTC]]-CTS_Source[[#This Row],[Montant Payé]],\"\")","v":0},6930,null,0,"02",1539]
["P",7,"2021-02-07",null,"02-072","CLIENT",null,null,"1","Tarif COMPTOIR",null,null,null,297.47899159663871,1.1299435028248586E-2,3.3613445378151261,294.11764705882359,0.19,55.882352941176478,350.00000000000006,{"$f":"IF(CTS_Source[[#This Row],[Montant Payé]]>0,CTS_Source[[#This Row],[Montant TTC]]-CTS_Source[[#This Row],[Montant Payé]],\"\")","v":0},350.00000000000006,null,0,2,1545]
["P",7,"2021-02-07",null,"02-073","CLIENT",null,null,"1","Tarif COMPTOIR",null,null,null,205.0420168067227,1.6393442622950821E-2,3.3613445378151261,201.68067226890759,0.19,38.319327731092443,240.00000000000003,{"$f":"IF(CTS_Source[[#This Row],[Montant Payé]]>0,CTS_Source[[#This Row],[Montant TTC]]-CTS_Source[[#This Row],[Montant Payé]],\"\")","v":0},240.00000000000003,null,0,2,1548]
["P",7,"2021-02-07",null,"02-074","CLIENT",null,null,"1","Tarif COMPTOIR",null,null,null,2178.1512605042021,3.5493827160493825E-2,77.310924369747909,2100.8403361344544,0.19,399.15966386554635,2500.0000000000009,{"$f":"IF(CTS_Source[[#This Row],[Montant Payé]]>0,CTS_Source[[#This Row],[Montant TTC]]-CTS_Source[[#This Row],[Montant Payé]],\"\")","v":0},2500.0000000000009,null,0,2,1552]
[null,null,null,"02-074",null,null,"1-PRS",1,"PP","Traçage Noir & Blanc / Papier ","ML",10.8,201.68067226890759,2178.1512605042021,3.5493827160493825E-2,77.310924369747909,2100.8403361344544,0.19,399.15966386554635,2500.0000000000009,{"$f":"IF(CTS_Source[[#This Row],[Montant Payé]]>0,CTS_Source[[#This Row],[Montant TTC]]-CTS_Source[[#This Row],[Montant Payé]],\"\")","v":""},null,231.48148148148155,null,null,1553]
[null,null,null,"02-075",null,null,"1-PRS",3,"I30","Impression Couleur A3-R /  Papier (aucun aplat)","U",1,100.84033613445379,100.84033613445379,0,0,100.84033613445379,0.19,19.159663865546221,120.00000000000001,{"$f":"IF(CTS_Source[[#This Row],[Montant Payé]]>0,CTS_Source[[#This Row],[Montant TTC]]-CTS_Source[[#This Row],[Montant Payé]],\"\")","v":""},null,120.00000000000001,null,null,1557]
[null,null,null,"02-076",null,null,"0-PRS",1,"AGP","Agrafage document (agrafes PM) - de 20 f","U",8,8.4033613445378155,67.226890756302524,1.2180267965895251E-3,8.1884154392573127E-2,67.145006601909955,0.19,12.757551254362891,79.90255785627285,{"$f":"IF(CTS_Source[[#This Row],[Montant Payé]]>0,CTS_Source[[#This Row],[Montant TTC]]-CTS_Source[[#This Row],[Montant Payé]],\"\")","v":""},null,9.9878197320341062,null,null,1561]
[null,null,null,"02-077",null,null,"0-PRS",2,"C4S","Copie Noir & Blanc A4-R /  Papier / Spéciale","U",1,16.806722689075631,16.806722689075631,0,0,16.806722689075631,0.19,3.1932773109243699,20,{"$f":"IF(CTS_Source[[#This Row],[Montant Payé]]>0,CTS_Source[[#This Row],[Montant TTC]]-CTS_Source[[#This Row],[Montant Payé]],\"\")","v":""},null,20,null,null,1566]
["P",7,"2021-02-07",null,"02-078","CLIENT",null,null,"1","Tarif COMPTOIR",null,null,null,268.9075630252101,0,0,268.9075630252101,0.19,51.092436974789919,320,{"$f":"IF(CTS_Source[[#This Row],[Montant Payé]]>0,CTS_Source[[#This Row],[Montant TTC]]-CTS_Source[[#This Row],[Montant Payé]],\"\")","v":0},320,null,0,2,1568]
[null,null,null,"02-079",null,null,"1-PRS",1,"C4","Copie Noir & Blanc A4-R /  Papier","U",13,8.4033613445378155,109.24369747899161,0,0,109.24369747899161,0.19,20.756302521008404,130,{"$f":"IF(CTS_Source[[#This Row],[Montant Payé]]>0,CTS_Source[[#This Row],[Montant TTC]]-CTS_Source[[#This Row],[Montant Payé]],\"\")","v":""},null,10,null,null,1571]
[null,null,null,"02-081",null,null,"1-PRS",1,"C3","Copie Noir & Blanc A3-R /  Papier ","U",10,16.806722689075631,168.0672268907563,0,0,168.0672268907563,0.19,31.932773109243698,200,{"$f":"IF(CTS_Source[[#This Row],[Montant Payé]]>0,CTS_Source[[#This Row],[Montant TTC]]-CTS_Source[[#This Row],[Montant Payé]],\"\")","v":""},null,20,null,null,1576]
["P",7,"2021-02-07",null,"02-083","CLIENT",null,null,"1","Tarif COMPTOIR",null,null,null,806.72268907563034,0,0,806.72268907563034,0.19,153.27731092436977,960.00000000000011,{"$f":"IF(CTS_Source[[#This Row],[Montant Payé]]>0,CTS_Source[[#This Row],[Montant TTC]]-CTS_Source[[#This Row],[Montant Payé]],\"\")","v":0},960.00000000000011,null,0,2,1580]
[null,null,null,"02-083",null,null,"2-BUR",1,"2-SF","Stylo à bille Fabs","U",8,21.008403361344538,168.0672268907563,0,0,168.0672268907563,0.19,31.932773109243698,200,{"$f":"IF(CTS_Source[[#This Row],[Montant Payé]]>0,CTS_Source[[#This Row],[Montant TTC]]-CTS_Source[[#This Row],[Montant Payé]],\"\")","v":""},null,25,null,null,1581]
[null,null,null,"02-083",null,null,"1-PRS",5,"I4","Impression Noir & Blanc A4-R /  Papier","U",2,16.806722689075631,33.613445378151262,0,0,33.613445378151262,0.19,6.3865546218487399,40,{"$f":"IF(CTS_Source[[#This Row],[Montant Payé]]>0,CTS_Source[[#This Row],[Montant TTC]]-CTS_Source[[#This Row],[Montant Payé]],\"\")","v":""},null,20,null,null,1585]
[null,null,null,"02-085",null,null,"0-PRS",1,"AGP","Agrafage document (agrafes PM) - de 20 f","U",11,8.4033613445378155,92.436974789915965,3.9568345323741004E-2,3.6575781391693365,88.779396650746634,0.19,16.86808536364186,105.64748201438849,{"$f":"IF(CTS_Source[[#This Row],[Montant Payé]]>0,CTS_Source[[#This Row],[Montant TTC]]-CTS_Source[[#This Row],[Montant Payé]],\"\")","v":""},null,9.6043165467625897,null,null,1589]
[null,null,null,"02-085",null,null,"1-PRS",4,"I4","Impression Noir & Blanc A4-R /  Papier","U",9,16.806722689075631,151.26050420168067,3.9568345323741004E-2,5.9851278640952783,145.27537633758539,0.19,27.602321504141223,172.87769784172662,{"$f":"IF(CTS_Source[[#This Row],[Montant Payé]]>0,CTS_Source[[#This Row],[Montant TTC]]-CTS_Source[[#This Row],[Montant Payé]],\"\")","v":""},null,19.208633093525176,null,null,1592]
[null,null,null,"02-086",null,null,"1-PRS",1,"C3","Copie Noir & Blanc A3-R /  Papier ","U",2,16.806722689075631,33.613445378151262,0,0,33.613445378151262,0.19,6.3865546218487399,40,{"$f":"IF(CTS_Source[[#This Row],[Montant Payé]]>0,CTS_Source[[#This Row],[Montant TTC]]-CTS_Source[[#This Row],[Montant Payé]],\"\")","v":""},null,20,null,null,1594]
[null,null,null,"02-087",null,null,"0-PRS",5,"I32B","Impression Couleur A3-R / Bristol (tout aplat)","U",1,184.87394957983193,184.87394957983193,0,0,184.87394957983193,0.19,35.12605042016807,220,{"$f":"IF(CTS_Source[[#This Row],[Montant Payé]]>0,CTS_Source[[#This Row],[Montant TTC]]-CTS_Source[[#This Row],[Montant Payé]],\"\")","v":""},null,220,null,null,1600]
["P",8,"2021-02-08",null,"02-089","CLIENT",null,null,"1","Tarif COMPTOIR",null,null,null,16.806722689075631,0,0,16.806722689075631,0.19,3.1932773109243699,20,{"$f":"IF(CTS_Source[[#This Row],[Montant Payé]]>0,CTS_Source[[#This Row],[Montant TTC]]-CTS_Source[[#This Row],[Montant Payé]],\"\")","v":0},20,null,0,2,1603]
["P",8,"2021-02-08",null,"02-090","CLIENT",null,null,"1","Tarif COMPTOIR",null,null,null,1729.4117647058824,2.8182701652089408E-2,48.739495798319332,1680.6722689075632,0.19,319.32773109243703,2000.0000000000002,{"$f":"IF(CTS_Source[[#This Row],[Montant Payé]]>0,CTS_Source[[#This Row],[Montant TTC]]-CTS_Source[[#This Row],[Montant Payé]],\"\")","v":0},2000.0000000000002,null,0,2,1605]
[null,null,null,"02-091",null,null,"1-PRS",1,"TP","Tirage Noir & Blanc / Papier","ML",0.9,100.84033613445379,90.756302521008422,0,0,90.756302521008422,0.19,17.243697478991599,108.00000000000003,{"$f":"IF(CTS_Source[[#This Row],[Montant Payé]]>0,CTS_Source[[#This Row],[Montant TTC]]-CTS_Source[[#This Row],[Montant Payé]],\"\")","v":""},null,120.00000000000001,null,null,1608]
[null,null,null,"02-093",null,null,"1-PRS",1,"C4","Copie Noir & Blanc A4-R /  Papier","U",2,8.4033613445378155,16.806722689075631,1.5013648771610554E-2,0.2523302314556396,16.55439245761999,0.19,3.1453345669477981,19.699727024567789,{"$f":"IF(CTS_Source[[#This Row],[Montant Payé]]>0,CTS_Source[[#This Row],[Montant TTC]]-CTS_Source[[#This Row],[Montant Payé]],\"\")","v":""},null,9.8498635122838927,null,null,1612]
["P",8,"2021-02-08",null,"02-095","CLIENT",null,null,"1","Tarif COMPTOIR",null,null,null,354.62184873949582,4.7393364928909948E-3,1.680672268907563,352.94117647058823,0.19,67.058823529411768,420,{"$f":"IF(CTS_Source[[#This Row],[Montant Payé]]>0,CTS_Source[[#This Row],[Montant TTC]]-CTS_Source[[#This Row],[Montant Payé]],\"\")","v":0},420,null,0,2,1616]
[null,null,null,"02-096",null,null,"1-PRS",1,"C3","Copie Noir & Blanc A3-R /  Papier ","U",4,16.806722689075631,67.226890756302524,0.13563829787234041,9.1185410334346493,58.108349722867871,0.19,11.040586447344896,69.148936170212764,{"$f":"IF(CTS_Source[[#This Row],[Montant Payé]]>0,CTS_Source[[#This Row],[Montant TTC]]-CTS_Source[[#This Row],[Montant Payé]],\"\")","v":""},null,17.287234042553191,null,null,1621]
[null,null,null,"02-096",null,null,"0-PRS",3,"C80","Copie Couleur A4-RV /  Papier (aucun aplat)","U",4,67.226890756302524,268.9075630252101,0.13563829787234041,36.474164133738597,232.43339889147148,0.19,44.162345789379586,276.59574468085106,{"$f":"IF(CTS_Source[[#This Row],[Montant Payé]]>0,CTS_Source[[#This Row],[Montant TTC]]-CTS_Source[[#This Row],[Montant Payé]],\"\")","v":""},null,69.148936170212764,null,null,1623]
[null,null,null,"02-096",null,null,"1-PRS",6,"C4","Copie Noir & Blanc A4-R /  Papier","U",452,8.4033613445378155,3798.3193277310925,0.13563829787234041,515.19756838905766,3283.1217593420347,0.19,623.79313427498664,3906.9148936170213,{"$f":"IF(CTS_Source[[#This Row],[Montant Payé]]>0,CTS_Source[[#This Row],[Montant TTC]]-CTS_Source[[#This Row],[Montant Payé]],\"\")","v":""},null,8.6436170212765955,null,null,1626]
["P",8,"2021-02-08",null,"02-098","CLIENT",null,null,"1","Tarif COMPTOIR",null,null,null,1714.2857142857144,0,0,1714.2857142857144,0.19,325.71428571428572,2040.0000000000002,{"$f":"IF(CTS_Source[[#This Row],[Montant Payé]]>0,CTS_Source[[#This Row],[Montant TTC]]-CTS_Source[[#This Row],[Montant Payé]],\"\")","v":0},2040.0000000000002,null,0,2,1631]
["P",8,"2021-02-08",null,"02-100","CLIENT",null,null,"1","Tarif COMPTOIR",null,null,null,1327.7310924369749,0.10759493670886075,142.85714285714286,1184.873949579832,0.19,225.1260504201681,1410,{"$f":"IF(CTS_Source[[#This Row],[Montant Payé]]>0,CTS_Source[[#This Row],[Montant TTC]]-CTS_Source[[#This Row],[Montant Payé]],\"\")","v":0},1410,null,0,2,1635]
[null,null,null,"02-100",null,null,"0-PRS",1,"AGP","Agrafage document (agrafes PM) - de 20 f","U",34,8.4033613445378155,285.71428571428572,0.10759493670886075,30.741410488245929,254.9728752260398,0.19,48.444846292947567,303.41772151898738,{"$f":"IF(CTS_Source[[#This Row],[Montant Payé]]>0,CTS_Source[[#This Row],[Montant TTC]]-CTS_Source[[#This Row],[Montant Payé]],\"\")","v":""},null,8.9240506329113938,null,null,1636]
["P",8,"2021-02-08",null,"02-102","CLIENT",null,null,"1","Tarif COMPTOIR",null,null,null,2541.1764705882351,0,0,2541.1764705882351,0.19,482.82352941176475,3024,{"$f":"IF(CTS_Source[[#This Row],[Montant Payé]]>0,CTS_Source[[#This Row],[Montant TTC]]-CTS_Source[[#This Row],[Montant Payé]],\"\")","v":0},3024,null,0,2,1640]
["I",8,"2021-02-08",null,"02-103","CLIENT",null,null,"1","Tarif COMPTOIR",null,null,null,{"$f":"N1681","v":134.45378151260505},0,0,{"$f":"Q1681","v":134.45378151260505},0.19,{"$f":"S1681","v":25.54621848739496},{"$f":"T1681","v":160},{"$f":"IF(CTS_Source[[#This Row],[Montant Payé]]>0,CTS_Source[[#This Row],[Montant TTC]]-CTS_Source[[#This Row],[Montant Payé]],\"\")","v":0},160,null,0,2,1644]
[null,null,null,"02-104",null,null,"2-BUR",1,"5-CHP70","Chrono en PVC D.70","U",1,310.92436974789916,310.92436974789916,0,0,310.92436974789916,0.19,59.075630252100844,370,{"$f":"IF(CTS_Source[[#This Row],[Montant Payé]]>0,CTS_Source[[#This Row],[Montant TTC]]-CTS_Source[[#This Row],[Montant Payé]],\"\")","v":""},null,370,null,null,1647]
[null,null,null,"02-105",null,null,"1-PRS",1,"I40","Impression Couleur A4-R /  Papier (aucun aplat)","U",9,50.420168067226896,453.78151260504205,0,0,453.78151260504205,0.19,86.21848739495799,540,{"$f":"IF(CTS_Source[[#This Row],[Montant Payé]]>0,CTS_Source[[#This Row],[Montant TTC]]-CTS_Source[[#This Row],[Montant Payé]],\"\")","v":""},null,60.000000000000007,null,null,1649]
[null,null,null,"02-107",null,null,"1-PRS",1,"C4","Copie Noir & Blanc A4-R /  Papier","U",2,8.4033613445378155,16.806722689075631,0,0,16.806722689075631,0.19,3.1932773109243699,20,{"$f":"IF(CTS_Source[[#This Row],[Montant Payé]]>0,CTS_Source[[#This Row],[Montant TTC]]-CTS_Source[[#This Row],[Montant Payé]],\"\")","v":""},null,10,null,null,1655]
[null,null,null,"02-108",null,null,"0-PRS",1,"NP0","Numérisation Couleur de plan ou carte","ML",1.65,403.36134453781517,665.54621848739498,0,0,665.54621848739498,0.19,126.45378151260505,792,{"$f":"IF(CTS_Source[[#This Row],[Montant Payé]]>0,CTS_Source[[#This Row],[Montant TTC]]-CTS_Source[[#This Row],[Montant Payé]],\"\")","v":""},null,480.00000000000006,null,null,1658]
[null,null,null,"02-108",null,null,"0-PRS",3,"R4S2","Reliure  A4 Spirale n° 22 à 28 + Transp. + Bristol","U",1,168.0672268907563,168.0672268907563,0,0,168.0672268907563,0.19,31.932773109243698,200,{"$f":"IF(CTS_Source[[#This Row],[Montant Payé]]>0,CTS_Source[[#This Row],[Montant TTC]]-CTS_Source[[#This Row],[Montant Payé]],\"\")","v":""},null,200,null,null,1660]
[null,null,null,"02-109",null,null,"1-PRS",1,"C4","Copie Noir & Blanc A4-R /  Papier","U",8,8.4033613445378155,67.226890756302524,0,0,67.226890756302524,0.19,12.77310924369748,80,{"$f":"IF(CTS_Source[[#This Row],[Montant Payé]]>0,CTS_Source[[#This Row],[Montant TTC]]-CTS_Source[[#This Row],[Montant Payé]],\"\")","v":""},null,10,null,null,1663]
[null,null,null,"02-110",null,null,"1-PRS",1,"C6","Copie Noir & Blanc A3-RV /  Papier","U",5,33.613445378151262,168.0672268907563,0,0,168.0672268907563,0.19,31.932773109243698,200,{"$f":"IF(CTS_Source[[#This Row],[Montant Payé]]>0,CTS_Source[[#This Row],[Montant TTC]]-CTS_Source[[#This Row],[Montant Payé]],\"\")","v":""},null,40,null,null,1667]
[null,null,null,"02-112",null,null,"0-PRS",1,"PPS","Traçage Noir & Blanc Spécial /  Papier (avec aplats)","ML",1.1000000000000001,302.52100840336135,332.77310924369749,0,0,332.77310924369749,0.19,63.226890756302524,396,{"$f":"IF(CTS_Source[[#This Row],[Montant Payé]]>0,CTS_Source[[#This Row],[Montant TTC]]-CTS_Source[[#This Row],[Montant Payé]],\"\")","v":""},null,360,null,null,1672]
["P",9,"2021-02-09",null,"02-114","CLIENT",null,null,"1","Tarif COMPTOIR",null,null,null,497.47899159663871,3.3783783783783781E-3,1.680672268907563,495.79831932773112,0.19,94.201680672268907,590,{"$f":"IF(CTS_Source[[#This Row],[Montant Payé]]>0,CTS_Source[[#This Row],[Montant TTC]]-CTS_Source[[#This Row],[Montant Payé]],\"\")","v":0},590,null,0,2,1675]
["P",9,"2021-02-09",null,"02-115","LILA",null,null,"1","Tarif COMPTOIR",null,null,null,{"$f":"SUM(N1716:N1721)","v":12632.773109243697},0,0,{"$f":"SUM(Q1716:Q1721)","v":12632.773109243697},0.19,{"$f":"SUM(S1716:S1721)","v":2400.2268907563025},{"$f":"SUM(T1716:T1721)","v":15033},{"$f":"IF(CTS_Source[[#This Row],[Montant Payé]]>0,CTS_Source[[#This Row],[Montant TTC]]-CTS_Source[[#This Row],[Montant Payé]],\"\")","v":33},15000,null,0,2,1679]
[null,null,null,"02-115",null,null,"0-PRS",null,"R4B1","Reliure  A4 Baguette n° 03 à 08 + Transp. + Bristol","U",1,{"$f":"100/1.19","v":84.033613445378151},{"$f":"CTS_Source[[#This Row],[Quant.]]*CTS_Source[[#This Row],[Prix Unité HT]]","v":84.033613445378151},null,null,{"$f":"CTS_Source[[#This Row],[Montant HT Brut]]-CTS_Source[[#This Row],[Remise Montant]]","v":84.033613445378151},0.19,{"$f":"CTS_Source[[#This Row],[Montant HT Net]]*CTS_Source[[#This Row],[Taux TVA]]","v":15.966386554621849},{"$f":"CTS_Source[[#This Row],[Montant HT Net]]+CTS_Source[[#This Row],[Montant TVA ]]","v":100},{"$f":"IF(CTS_Source[[#This Row],[Montant Payé]]>0,CTS_Source[[#This Row],[Montant TTC]]-CTS_Source[[#This Row],[Montant Payé]],\"\")","v":""},null,null,null,null,1681]
["P",9,"2021-02-09",null,"02-116","CLIENT",null,null,"1","Tarif COMPTOIR",null,null,null,268.9075630252101,0,0,268.9075630252101,0.19,51.092436974789919,320,{"$f":"IF(CTS_Source[[#This Row],[Montant Payé]]>0,CTS_Source[[#This Row],[Montant TTC]]-CTS_Source[[#This Row],[Montant Payé]],\"\")","v":0},320,null,0,2,1686]
[null,null,null,"02-116",null,null,"1-PRS",4,"TP","Tirage Noir & Blanc / Papier","ML",2.25,100.84033613445379,226.89075630252103,0,0,226.89075630252103,0.19,43.109243697478995,270,{"$f":"IF(CTS_Source[[#This Row],[Montant Payé]]>0,CTS_Source[[#This Row],[Montant TTC]]-CTS_Source[[#This Row],[Montant Payé]],\"\")","v":""},null,120.00000000000001,null,null,1690]
["P",9,"2021-02-09",null,"02-117","CLIENT",null,null,"1","Tarif COMPTOIR",null,null,null,100.84033613445379,0,0,100.84033613445379,0.19,19.159663865546221,120.00000000000001,{"$f":"IF(CTS_Source[[#This Row],[Montant Payé]]>0,CTS_Source[[#This Row],[Montant TTC]]-CTS_Source[[#This Row],[Montant Payé]],\"\")","v":0},120.00000000000001,null,0,2,1691]
[null,null,null,"02-118",null,null,"0-PRS",2,"I4B","Impression Noir & Blanc A4-R / Bristol","U",1,25.210084033613448,25.210084033613448,0,0,25.210084033613448,0.19,4.7899159663865554,30.000000000000004,{"$f":"IF(CTS_Source[[#This Row],[Montant Payé]]>0,CTS_Source[[#This Row],[Montant TTC]]-CTS_Source[[#This Row],[Montant Payé]],\"\")","v":""},null,30.000000000000004,null,null,1695]
[null,null,null,"02-119",null,null,"1-PRS",1,"I4","Impression Noir & Blanc A4-R /  Papier","U",65,16.806722689075631,1092.4369747899161,0,0,1092.4369747899161,0.19,207.56302521008408,1300.0000000000002,{"$f":"IF(CTS_Source[[#This Row],[Montant Payé]]>0,CTS_Source[[#This Row],[Montant TTC]]-CTS_Source[[#This Row],[Montant Payé]],\"\")","v":""},null,20,null,null,1699]
[null,null,null,"02-121",null,null,"1-PRS",2,"C6","Copie Noir & Blanc A3-RV /  Papier","U",4,33.613445378151262,134.45378151260505,1.3761467889908256E-2,1.8502813969624547,132.60350011564259,0.19,25.194665021972092,157.79816513761469,{"$f":"IF(CTS_Source[[#This Row],[Montant Payé]]>0,CTS_Source[[#This Row],[Montant TTC]]-CTS_Source[[#This Row],[Montant Payé]],\"\")","v":""},null,39.449541284403665,null,null,1704]
[null,null,null,"02-122",null,null,"0-PRS",2,"C4S","Copie Noir & Blanc A4-R /  Papier / Spéciale","U",27,16.806722689075631,453.78151260504205,0,0,453.78151260504205,0.19,86.21848739495799,540,{"$f":"IF(CTS_Source[[#This Row],[Montant Payé]]>0,CTS_Source[[#This Row],[Montant TTC]]-CTS_Source[[#This Row],[Montant Payé]],\"\")","v":""},null,20,null,null,1707]
[null,null,null,"02-123",null,null,"1-PRS",1,"PP","Traçage Noir & Blanc / Papier ","ML",2.5,201.68067226890759,504.20168067226894,0,0,504.20168067226894,0.19,95.798319327731093,600,{"$f":"IF(CTS_Source[[#This Row],[Montant Payé]]>0,CTS_Source[[#This Row],[Montant TTC]]-CTS_Source[[#This Row],[Montant Payé]],\"\")","v":""},null,240.00000000000003,null,null,1710]
["P",10,"2021-02-10",null,"02-125","CLIENT",null,null,"1","Tarif COMPTOIR",null,null,null,1217.6470588235295,0,0,1217.6470588235295,0.19,231.35294117647064,1449.0000000000002,{"$f":"IF(CTS_Source[[#This Row],[Montant Payé]]>0,CTS_Source[[#This Row],[Montant TTC]]-CTS_Source[[#This Row],[Montant Payé]],\"\")","v":0},1449.0000000000002,null,0,2,1713]
[null,null,null,"02-125",null,null,"0-PRS",2,"TP2","Tirage Couleur / Papier (tout aplat)","ML",1.05,1008.4033613445379,1058.8235294117649,0,0,1058.8235294117649,0.19,201.17647058823533,1260.0000000000002,{"$f":"IF(CTS_Source[[#This Row],[Montant Payé]]>0,CTS_Source[[#This Row],[Montant TTC]]-CTS_Source[[#This Row],[Montant Payé]],\"\")","v":""},null,1200,null,null,1715]
["F",10,"2021-02-10",null,"02-127","HANAFIA Ben Saad ",null,null,"2","Tarif CONVENTION",null,null,null,1792,3.0387154861944779E-3,0,{"$f":"CTS_Source[[#This Row],[Montant HT Brut]]-CTS_Source[[#This Row],[Remise Montant]]","v":1792},0.19,{"$f":"CTS_Source[[#This Row],[Montant HT Net]]*CTS_Source[[#This Row],[Taux TVA]]","v":340.48},{"$f":"CTS_Source[[#This Row],[Montant HT Net]]+CTS_Source[[#This Row],[Montant TVA ]]","v":2132.48},null,null,null,"F 21.02-05",2,1718]
["P",10,"2021-02-10",null,"02-128","CLIENT",null,null,"1","Tarif COMPTOIR",null,null,null,184.87394957983196,0,0,184.87394957983196,0.19,35.12605042016807,220.00000000000003,{"$f":"IF(CTS_Source[[#This Row],[Montant Payé]]>0,CTS_Source[[#This Row],[Montant TTC]]-CTS_Source[[#This Row],[Montant Payé]],\"\")","v":0},220.00000000000003,null,0,2,1723]
[null,null,null,"02-129",null,null,"2-BUR",1,"6-EB52219","Enveloppe blanche 260 x 360 (n° 52219) H","U",1,25.210084033613448,25.210084033613448,0,0,25.210084033613448,0.19,4.7899159663865554,30.000000000000004,{"$f":"IF(CTS_Source[[#This Row],[Montant Payé]]>0,CTS_Source[[#This Row],[Montant TTC]]-CTS_Source[[#This Row],[Montant Payé]],\"\")","v":""},null,30.000000000000004,null,null,1727]
["C",10,"2021-02-10",null,"02-130","ICARA",null,null,"2","Tarif CONVENTION",null,null,null,491.4,-3.9331972105081351E-4,-0.19327731092436976,491.59327731092435,0.19,93.402722689075631,584.99599999999998,{"$f":"IF(CTS_Source[[#This Row],[Montant Payé]]>0,CTS_Source[[#This Row],[Montant TTC]]-CTS_Source[[#This Row],[Montant Payé]],\"\")","v":0},584.99599999999998,null,0,2,1730]
[null,null,null,"02-130",null,null,"1-PRS",2,"PP","Traçage Noir & Blanc / Papier ","ML",1.95,168,327.59999999999997,-3.9331972105081351E-4,-0.12885154061624648,327.72885154061623,0.19,62.268481792717083,389.9973333333333,{"$f":"IF(CTS_Source[[#This Row],[Montant Payé]]>0,CTS_Source[[#This Row],[Montant TTC]]-CTS_Source[[#This Row],[Montant Payé]],\"\")","v":""},null,199.99863247863246,null,null,1732]
["P",10,"2021-02-10",null,"02-132","CLIENT",null,null,"1","Tarif COMPTOIR",null,null,null,608.40336134453787,0,0,608.40336134453787,0.19,115.59663865546219,724,{"$f":"IF(CTS_Source[[#This Row],[Montant Payé]]>0,CTS_Source[[#This Row],[Montant TTC]]-CTS_Source[[#This Row],[Montant Payé]],\"\")","v":0},724,null,0,2,1738]
[null,null,null,"02-132",null,null,"1-PRS",3,"PP0","Traçage Couleur / Papier (aucun aplat)","ML",0.5,705.88235294117646,352.94117647058823,0,0,352.94117647058823,0.19,67.058823529411768,420,{"$f":"IF(CTS_Source[[#This Row],[Montant Payé]]>0,CTS_Source[[#This Row],[Montant TTC]]-CTS_Source[[#This Row],[Montant Payé]],\"\")","v":""},null,840,null,null,1741]
[null,null,null,"02-134",null,null,"1-PRS",1,"PP","Traçage Noir & Blanc / Papier ","ML",18.5,201.68067226890759,3731.0924369747904,0,0,3731.0924369747904,0.19,708.90756302521015,4440.0000000000009,{"$f":"IF(CTS_Source[[#This Row],[Montant Payé]]>0,CTS_Source[[#This Row],[Montant TTC]]-CTS_Source[[#This Row],[Montant Payé]],\"\")","v":""},null,240.00000000000003,null,null,1745]
[null,null,null,"02-134",null,null,"1-PRS",2,"C4","Copie Noir & Blanc A4-R /  Papier","U",4,8.4033613445378155,33.613445378151262,0,0,33.613445378151262,0.19,6.3865546218487399,40,{"$f":"IF(CTS_Source[[#This Row],[Montant Payé]]>0,CTS_Source[[#This Row],[Montant TTC]]-CTS_Source[[#This Row],[Montant Payé]],\"\")","v":""},null,10,null,null,1746]
[null,null,null,"02-135",null,null,"0-PRS",2,"R3S1","Reliure  A3 Spirale n° 06 à 18 + Transp. + Bristol","U",2,168.0672268907563,336.1344537815126,0,0,336.1344537815126,0.19,63.865546218487395,400,{"$f":"IF(CTS_Source[[#This Row],[Montant Payé]]>0,CTS_Source[[#This Row],[Montant TTC]]-CTS_Source[[#This Row],[Montant Payé]],\"\")","v":""},null,200,null,null,1750]
[null,null,null,"02-135",null,null,"0-PRS",6,"I31B","Impression Couleur A3-R / Bristol (avec aplats)","U",10,151.26050420168067,1512.6050420168067,0,0,1512.6050420168067,0.19,287.39495798319325,1800,{"$f":"IF(CTS_Source[[#This Row],[Montant Payé]]>0,CTS_Source[[#This Row],[Montant TTC]]-CTS_Source[[#This Row],[Montant Payé]],\"\")","v":""},null,180,null,null,1754]
["P",10,"2021-02-10",null,"02-138","CLIENT",null,null,"1","Tarif COMPTOIR",null,null,null,90.756302521008422,7.4074074074074056E-2,6.7226890756302522,84.033613445378165,0.19,15.966386554621852,100.00000000000001,{"$f":"IF(CTS_Source[[#This Row],[Montant Payé]]>0,CTS_Source[[#This Row],[Montant TTC]]-CTS_Source[[#This Row],[Montant Payé]],\"\")","v":0},100.00000000000001,null,0,2,1759]
[null,null,null,"02-139",null,null,"1-PRS",1,"C6","Copie Noir & Blanc A3-RV /  Papier","U",5,33.613445378151262,168.0672268907563,0,0,168.0672268907563,0.19,31.932773109243698,200,{"$f":"IF(CTS_Source[[#This Row],[Montant Payé]]>0,CTS_Source[[#This Row],[Montant TTC]]-CTS_Source[[#This Row],[Montant Payé]],\"\")","v":""},null,40,null,null,1762]
["P",10,"2021-02-10",null,"02-140","CLIENT",null,null,"1","Tarif COMPTOIR",null,null,null,131.09243697478993,0,0,131.09243697478993,0.19,24.907563025210088,156.00000000000003,{"$f":"IF(CTS_Source[[#This Row],[Montant Payé]]>0,CTS_Source[[#This Row],[Montant TTC]]-CTS_Source[[#This Row],[Montant Payé]],\"\")","v":0},156.00000000000003,null,0,2,1765]
[null,null,null,"02-141",null,null,"1-PRS",1,"C30","Copie Couleur A3-R /  Papier (aucun aplat)","U",3,67.226890756302524,201.68067226890759,0,0,201.68067226890759,0.19,38.319327731092443,240.00000000000003,{"$f":"IF(CTS_Source[[#This Row],[Montant Payé]]>0,CTS_Source[[#This Row],[Montant TTC]]-CTS_Source[[#This Row],[Montant Payé]],\"\")","v":""},null,80,null,null,1768]
["P",10,"2021-02-10",null,"02-142","CLIENT",null,null,"1","Tarif COMPTOIR",null,null,null,33.613445378151262,0,0,33.613445378151262,0.19,6.3865546218487399,40,{"$f":"IF(CTS_Source[[#This Row],[Montant Payé]]>0,CTS_Source[[#This Row],[Montant TTC]]-CTS_Source[[#This Row],[Montant Payé]],\"\")","v":0},40,null,0,2,1770]
[null,null,null,"02-143",null,null,"1-PRS",1,"I4","Impression Noir & Blanc A4-R /  Papier","U",1,16.806722689075631,16.806722689075631,0,0,16.806722689075631,0.19,3.1932773109243699,20,{"$f":"IF(CTS_Source[[#This Row],[Montant Payé]]>0,CTS_Source[[#This Row],[Montant TTC]]-CTS_Source[[#This Row],[Montant Payé]],\"\")","v":""},null,20,null,null,1773]
[null,null,null,"02-144",null,null,"1-PRS",1,"C4","Copie Noir & Blanc A4-R /  Papier","U",2,8.4033613445378155,16.806722689075631,0,0,16.806722689075631,0.19,3.1932773109243699,20,{"$f":"IF(CTS_Source[[#This Row],[Montant Payé]]>0,CTS_Source[[#This Row],[Montant TTC]]-CTS_Source[[#This Row],[Montant Payé]],\"\")","v":""},null,10,null,null,1778]
[null,null,null,"02-145",null,null,"0-PRS",2,"C41","Copie Couleur A4-R /  Papier (avec aplats)","U",3,50.420168067226896,151.2605042016807,0,0,151.2605042016807,0.19,28.739495798319332,180.00000000000003,{"$f":"IF(CTS_Source[[#This Row],[Montant Payé]]>0,CTS_Source[[#This Row],[Montant TTC]]-CTS_Source[[#This Row],[Montant Payé]],\"\")","v":""},null,60.000000000000014,null,null,1782]
[null,null,null,"02-146",null,null,"2-BUR",2,"5-CRPE","Chemise à rabats plastique avec élastiques","U",2,117.64705882352942,235.29411764705884,7.2992700729927005E-3,1.7174753112924002,233.57664233576645,0.19,44.379562043795623,277.95620437956205,{"$f":"IF(CTS_Source[[#This Row],[Montant Payé]]>0,CTS_Source[[#This Row],[Montant TTC]]-CTS_Source[[#This Row],[Montant Payé]],\"\")","v":""},null,138.97810218978103,null,null,1785]
[null,null,null,"02-146",null,null,"0-PRS",4,"AGP","Agrafage document (agrafes PM) - de 20 f","U",3,8.4033613445378155,25.210084033613448,7.2992700729927005E-3,0.18401521192418574,25.026068821689261,0.19,4.7549530761209597,29.78102189781022,{"$f":"IF(CTS_Source[[#This Row],[Montant Payé]]>0,CTS_Source[[#This Row],[Montant TTC]]-CTS_Source[[#This Row],[Montant Payé]],\"\")","v":""},null,9.9270072992700733,null,null,1787]
["P",11,"2021-02-11",null,"02-149","CLIENT",null,null,"1","Tarif COMPTOIR",null,null,null,16.806722689075631,0,0,16.806722689075631,0.19,3.1932773109243699,20,{"$f":"IF(CTS_Source[[#This Row],[Montant Payé]]>0,CTS_Source[[#This Row],[Montant TTC]]-CTS_Source[[#This Row],[Montant Payé]],\"\")","v":0},20,null,0,2,1793]
[null,null,null,"02-149",null,null,"1-PRS",1,"C8","Copie Noir & Blanc A4-RV /  Papier","U",1,16.806722689075631,16.806722689075631,0,0,16.806722689075631,0.19,3.1932773109243699,20,{"$f":"IF(CTS_Source[[#This Row],[Montant Payé]]>0,CTS_Source[[#This Row],[Montant TTC]]-CTS_Source[[#This Row],[Montant Payé]],\"\")","v":""},null,20,null,null,1794]
[null,null,null,"02-151",null,null,"1-PRS",3,"TP","Tirage Noir & Blanc / Papier","ML",30.6,100.84033613445379,3085.7142857142862,2.8110047846888794E-2,86.739576213256868,2998.9747095010293,0.19,569.80519480519558,3568.779904306225,{"$f":"IF(CTS_Source[[#This Row],[Montant Payé]]>0,CTS_Source[[#This Row],[Montant TTC]]-CTS_Source[[#This Row],[Montant Payé]],\"\")","v":""},null,116.62679425837337,null,null,1800]
[null,null,null,"02-151",null,null,"1-PRS",4,"GVD","Gravure de fichiers sur DVD","U",1,168.0672268912185,168.0672268912185,2.8110047846888794E-2,4.7243777894060672,163.34284910181242,0.19,31.035141329344359,194.37799043115677,{"$f":"IF(CTS_Source[[#This Row],[Montant Payé]]>0,CTS_Source[[#This Row],[Montant TTC]]-CTS_Source[[#This Row],[Montant Payé]],\"\")","v":""},null,194.37799043115677,null,null,1801]
["P",11,"2021-02-11",null,"02-153","CLIENT",null,null,"1","Tarif COMPTOIR",null,null,null,84.033613445378165,0,0,84.033613445378165,0.19,15.966386554621851,100.00000000000001,{"$f":"IF(CTS_Source[[#This Row],[Montant Payé]]>0,CTS_Source[[#This Row],[Montant TTC]]-CTS_Source[[#This Row],[Montant Payé]],\"\")","v":0},100.00000000000001,null,0,2,1805]
[null,null,null,"02-154",null,null,"1-PRS",1,"NP","Numérisation Noir & Blanc de plan ou carte","ML",0.5,201.68067226890759,100.84033613445379,0,0,100.84033613445379,0.19,19.159663865546221,120.00000000000001,{"$f":"IF(CTS_Source[[#This Row],[Montant Payé]]>0,CTS_Source[[#This Row],[Montant TTC]]-CTS_Source[[#This Row],[Montant Payé]],\"\")","v":""},null,240.00000000000003,null,null,1809]
["F",11,"2021-02-11",null,"02-157","SOMENTIC SYSTEMS",null,null,"2","Tarif CONVENTION",null,null,null,6629,0,0,6629,0.19,1259.51,7888.51,null,null,null,"F 21.02-06",2,1814]
[null,null,null,"02-157",null,null,"0-PRS",3,"R4S1","Reliure  A4 Spirale n° 06 à 18 + Transp. + Bristol","U",20,105,2100,0,0,2100,0.19,399,2499,{"$f":"IF(CTS_Source[[#This Row],[Montant Payé]]>0,CTS_Source[[#This Row],[Montant TTC]]-CTS_Source[[#This Row],[Montant Payé]],\"\")","v":""},null,124.94999999999999,null,null,1817]
[null,null,null,"02-157",null,null,"0-PRS",5,"I41","Impression Couleur A4-R /  Papier (avec aplats)","U",1,56,56,0,0,56,0.19,10.64,66.64,{"$f":"IF(CTS_Source[[#This Row],[Montant Payé]]>0,CTS_Source[[#This Row],[Montant TTC]]-CTS_Source[[#This Row],[Montant Payé]],\"\")","v":""},null,66.64,null,null,1819]
[null,null,null,"02-158",null,null,"1-PRS",2,"I3","Impression Noir & Blanc A3-R /  Papier","U",3,33.613445378151262,100.84033613445379,0,0,100.84033613445379,0.19,19.159663865546221,120.00000000000001,{"$f":"IF(CTS_Source[[#This Row],[Montant Payé]]>0,CTS_Source[[#This Row],[Montant TTC]]-CTS_Source[[#This Row],[Montant Payé]],\"\")","v":""},null,40,null,null,1822]
[null,null,null,"02-159",null,null,"1-PRS",2,"C4","Copie Noir & Blanc A4-R /  Papier","U",18,8.4033613445378155,151.26050420168067,0,0,151.26050420168067,0.19,28.739495798319329,180,{"$f":"IF(CTS_Source[[#This Row],[Montant Payé]]>0,CTS_Source[[#This Row],[Montant TTC]]-CTS_Source[[#This Row],[Montant Payé]],\"\")","v":""},null,10,null,null,1825]
[null,null,null,"02-160",null,null,"1-PRS",1,"I3","Impression Noir & Blanc A3-R /  Papier","U",6,33.613445378151262,201.68067226890759,0.17499999999999999,35.294117647058826,166.38655462184875,0.19,31.613445378151262,198,{"$f":"IF(CTS_Source[[#This Row],[Montant Payé]]>0,CTS_Source[[#This Row],[Montant TTC]]-CTS_Source[[#This Row],[Montant Payé]],\"\")","v":""},null,33,null,null,1828]
[null,null,null,"02-162",null,null,"2-BUR",1,"5-CCC60","Chemise de classement en carte lustrée D.60","U",2,210.0840336134454,420.1680672268908,5.2465897166841559E-3,2.2044494607916625,417.96361776609916,0.19,79.413087375558845,497.37670514165802,{"$f":"IF(CTS_Source[[#This Row],[Montant Payé]]>0,CTS_Source[[#This Row],[Montant TTC]]-CTS_Source[[#This Row],[Montant Payé]],\"\")","v":""},null,248.68835257082898,null,null,1833]
[null,null,null,"02-163",null,null,"1-PRS",1,"I40","Impression Couleur A4-R /  Papier (aucun aplat)","U",1,50.420168067226896,50.420168067226896,0,0,50.420168067226896,0.19,9.5798319327731107,60.000000000000007,{"$f":"IF(CTS_Source[[#This Row],[Montant Payé]]>0,CTS_Source[[#This Row],[Montant TTC]]-CTS_Source[[#This Row],[Montant Payé]],\"\")","v":""},null,60.000000000000007,null,null,1837]
["P",14,"2021-02-14",null,"02-165","CLIENT",null,null,"1","Tarif COMPTOIR",null,null,null,134.45378151260505,0,0,134.45378151260505,0.19,25.54621848739496,160,{"$f":"IF(CTS_Source[[#This Row],[Montant Payé]]>0,CTS_Source[[#This Row],[Montant TTC]]-CTS_Source[[#This Row],[Montant Payé]],\"\")","v":0},160,null,0,2,1841]
[null,null,null,"02-165",null,null,"2-BUR",1,"5-CCC25","Chemise de classement en carte lustrée D.25","U",1,134.45378151260505,134.45378151260505,0,0,134.45378151260505,0.19,25.54621848739496,160,{"$f":"IF(CTS_Source[[#This Row],[Montant Payé]]>0,CTS_Source[[#This Row],[Montant TTC]]-CTS_Source[[#This Row],[Montant Payé]],\"\")","v":""},null,160,null,null,1842]
["P",14,"2021-02-14",null,"02-168","SARL EG",null,null,"2","Tarif CONVENTION",null,null,null,12438,3.0485324858356276E-2,379.17647058823536,12058.823529411764,0.19,2291.1764705882351,14350,{"$f":"IF(CTS_Source[[#This Row],[Montant Payé]]>0,CTS_Source[[#This Row],[Montant TTC]]-CTS_Source[[#This Row],[Montant Payé]],\"\")","v":0},14350,null,0,2,1848]
[null,null,null,"02-168",null,null,"0-PRS",3,"PIN","Perforation feuilles et insertion classeur","U",968,3.5,3388,3.0485324858356276E-2,103.28428062011106,3284.7157193798889,0.19,624.09598668217893,3908.811706062068,{"$f":"IF(CTS_Source[[#This Row],[Montant Payé]]>0,CTS_Source[[#This Row],[Montant TTC]]-CTS_Source[[#This Row],[Montant Payé]],\"\")","v":""},null,4.0380286219649459,null,null,1851]
["P",14,"2021-02-14",null,"02-169","CLIENT",null,null,"1","Tarif COMPTOIR",null,null,null,470.58823529411768,0,0,470.58823529411768,0.19,89.411764705882348,560,{"$f":"IF(CTS_Source[[#This Row],[Montant Payé]]>0,CTS_Source[[#This Row],[Montant TTC]]-CTS_Source[[#This Row],[Montant Payé]],\"\")","v":0},560,null,0,2,1853]
[null,null,null,"02-169",null,null,"0-PRS",3,"C42B","Copie Couleur A4-R / Bristol (tout aplat)","U",2,75.630252100840337,151.26050420168067,0,0,151.26050420168067,0.19,28.739495798319329,180,{"$f":"IF(CTS_Source[[#This Row],[Montant Payé]]>0,CTS_Source[[#This Row],[Montant TTC]]-CTS_Source[[#This Row],[Montant Payé]],\"\")","v":""},null,90,null,null,1856]
[null,null,null,"02-171",null,null,"1-PRS",1,"TP","Tirage Noir & Blanc / Papier","ML",1,100.84033613445379,100.84033613445379,0,0,100.84033613445379,0.19,19.159663865546221,120.00000000000001,{"$f":"IF(CTS_Source[[#This Row],[Montant Payé]]>0,CTS_Source[[#This Row],[Montant TTC]]-CTS_Source[[#This Row],[Montant Payé]],\"\")","v":""},null,120.00000000000001,null,null,1860]
["P",14,"2021-02-14",null,"02-173","CLIENT",null,null,"1","Tarif COMPTOIR",null,null,null,168.0672268907563,0,0,168.0672268907563,0.19,31.932773109243698,200,{"$f":"IF(CTS_Source[[#This Row],[Montant Payé]]>0,CTS_Source[[#This Row],[Montant TTC]]-CTS_Source[[#This Row],[Montant Payé]],\"\")","v":0},200,null,0,2,1864]
[null,null,null,"02-175",null,null,"1-PRS",1,"C4","Copie Noir & Blanc A4-R /  Papier","U",24,8.4033613445378155,201.68067226890759,0,0,201.68067226890759,0.19,38.319327731092443,240.00000000000003,{"$f":"IF(CTS_Source[[#This Row],[Montant Payé]]>0,CTS_Source[[#This Row],[Montant TTC]]-CTS_Source[[#This Row],[Montant Payé]],\"\")","v":""},null,10,null,null,1869]
[null,null,null,"02-176",null,null,"1-PRS",2,"PP","Traçage Noir & Blanc / Papier ","ML",1.7,201.68067226890759,342.85714285714289,0,0,342.85714285714289,0.19,65.142857142857153,408.00000000000006,{"$f":"IF(CTS_Source[[#This Row],[Montant Payé]]>0,CTS_Source[[#This Row],[Montant TTC]]-CTS_Source[[#This Row],[Montant Payé]],\"\")","v":""},null,240.00000000000003,null,null,1872]
[null,null,null,"02-177",null,null,"1-PRS",1,"C8","Copie Noir & Blanc A4-RV /  Papier","U",17,16.806722689075631,285.71428571428572,0,0,285.71428571428572,0.19,54.285714285714285,340,{"$f":"IF(CTS_Source[[#This Row],[Montant Payé]]>0,CTS_Source[[#This Row],[Montant TTC]]-CTS_Source[[#This Row],[Montant Payé]],\"\")","v":""},null,20,null,null,1874]
["P",14,"2021-02-14",null,"02-179","CLIENT",null,null,"1","Tarif COMPTOIR",null,null,null,33.613445378151262,0,0,33.613445378151262,0.19,6.3865546218487399,40,{"$f":"IF(CTS_Source[[#This Row],[Montant Payé]]>0,CTS_Source[[#This Row],[Montant TTC]]-CTS_Source[[#This Row],[Montant Payé]],\"\")","v":0},40,null,0,2,1877]
["P",15,"2021-02-15",null,"02-182","CLIENT",null,null,"1","Tarif COMPTOIR",null,null,null,974.7899159663865,0,0,974.7899159663865,0.19,185.21008403361344,1160,{"$f":"IF(CTS_Source[[#This Row],[Montant Payé]]>0,CTS_Source[[#This Row],[Montant TTC]]-CTS_Source[[#This Row],[Montant Payé]],\"\")","v":0},1160,null,0,2,1883]
[null,null,null,"02-182",null,null,"0-PRS",1,"C32","Copie Couleur A3-R /  Papier (tout aplat)","U",1,134.45378151260505,134.45378151260505,0,0,134.45378151260505,0.19,25.54621848739496,160,{"$f":"IF(CTS_Source[[#This Row],[Montant Payé]]>0,CTS_Source[[#This Row],[Montant TTC]]-CTS_Source[[#This Row],[Montant Payé]],\"\")","v":""},null,160,null,null,1884]
["P",15,"2021-02-15",null,"02-184","CLIENT",null,null,"1","Tarif COMPTOIR",null,null,null,168.0672268907563,0,0,168.0672268907563,0.19,31.932773109243698,200,{"$f":"IF(CTS_Source[[#This Row],[Montant Payé]]>0,CTS_Source[[#This Row],[Montant TTC]]-CTS_Source[[#This Row],[Montant Payé]],\"\")","v":0},200,null,0,2,1888]
[null,null,null,"02-185",null,null,"1-PRS",1,"TP0","Tirage Couleur / Papier (aucun aplat) ","ML",2.4,504.20168067226894,1210.0840336134454,0,0,1210.0840336134454,0.19,229.91596638655463,1440,{"$f":"IF(CTS_Source[[#This Row],[Montant Payé]]>0,CTS_Source[[#This Row],[Montant TTC]]-CTS_Source[[#This Row],[Montant Payé]],\"\")","v":""},null,600,null,null,1892]
["P",15,"2021-02-15",null,"02-187","CLIENT",null,null,"1","Tarif COMPTOIR",null,null,null,1294.1176470588236,0,0,1294.1176470588236,0.19,245.88235294117652,1540.0000000000002,{"$f":"IF(CTS_Source[[#This Row],[Montant Payé]]>0,CTS_Source[[#This Row],[Montant TTC]]-CTS_Source[[#This Row],[Montant Payé]],\"\")","v":0},1540.0000000000002,null,0,2,1896]
[null,null,null,"02-187",null,null,"1-PRS",1,"C40","Copie Couleur A4-R /  Papier (aucun aplat)","U",12,33.613445378151262,403.36134453781517,0,0,403.36134453781517,0.19,76.638655462184886,480.00000000000006,{"$f":"IF(CTS_Source[[#This Row],[Montant Payé]]>0,CTS_Source[[#This Row],[Montant TTC]]-CTS_Source[[#This Row],[Montant Payé]],\"\")","v":""},null,40,null,null,1897]
[null,null,null,"02-188",null,null,"0-PRS",3,"R4B1","Reliure  A4 Baguette n° 03 à 08 + Transp. + Bristol","U",2,84.033613445378151,168.0672268907563,0.11239602353418543,18.890087988938728,149.17713890181759,0.19,28.343656391345341,177.52079529316293,{"$f":"IF(CTS_Source[[#This Row],[Montant Payé]]>0,CTS_Source[[#This Row],[Montant TTC]]-CTS_Source[[#This Row],[Montant Payé]],\"\")","v":""},null,88.760397646581453,null,null,1903]
[null,null,null,"02-189",null,null,"1-PRS",1,"TP","Tirage Noir & Blanc / Papier","ML",59.25,100.84033613445379,5974.7899159663875,0.16666666666666666,995.79831932773118,4978.9915966386561,0.19,946.00840336134468,5925.0000000000009,{"$f":"IF(CTS_Source[[#This Row],[Montant Payé]]>0,CTS_Source[[#This Row],[Montant TTC]]-CTS_Source[[#This Row],[Montant Payé]],\"\")","v":""},null,100.00000000000001,null,null,1906]
[null,null,null,"02-190",null,null,"1-PRS",1,"TP","Tirage Noir & Blanc / Papier","ML",7.3,100.84033613445379,736.13445378151266,1.1415525114155251E-3,0.84033613445378152,735.2941176470589,0.19,139.70588235294119,875.00000000000011,{"$f":"IF(CTS_Source[[#This Row],[Montant Payé]]>0,CTS_Source[[#This Row],[Montant TTC]]-CTS_Source[[#This Row],[Montant Payé]],\"\")","v":""},null,119.86301369863016,null,null,1908]
[null,null,null,"02-191",null,null,"1-PRS",2,"TP","Tirage Noir & Blanc / Papier","ML",4.75,100.84033613445379,478.99159663865549,0.16666666666666666,79.831932773109244,399.15966386554624,0.19,75.840336134453793,475,{"$f":"IF(CTS_Source[[#This Row],[Montant Payé]]>0,CTS_Source[[#This Row],[Montant TTC]]-CTS_Source[[#This Row],[Montant Payé]],\"\")","v":""},null,100,null,null,1912]
[null,null,null,"02-192",null,null,"1-PRS",2,"PP","Traçage Noir & Blanc / Papier ","ML",1,201.68067226890759,201.68067226890759,0,0,201.68067226890759,0.19,38.319327731092443,240.00000000000003,{"$f":"IF(CTS_Source[[#This Row],[Montant Payé]]>0,CTS_Source[[#This Row],[Montant TTC]]-CTS_Source[[#This Row],[Montant Payé]],\"\")","v":""},null,240.00000000000003,null,null,1915]
["P",15,"2021-02-15",null,"02-194","CLIENT",null,null,"1","Tarif COMPTOIR",null,null,null,151.26050420168067,0,0,151.26050420168067,0.19,28.739495798319329,180,{"$f":"IF(CTS_Source[[#This Row],[Montant Payé]]>0,CTS_Source[[#This Row],[Montant TTC]]-CTS_Source[[#This Row],[Montant Payé]],\"\")","v":0},180,null,0,2,1919]
["P",15,"2021-02-15",null,"02-196","CLIENT",null,null,"1","Tarif COMPTOIR",null,null,null,294.11764705928573,0,0,294.11764705928573,0.19,55.882352941264287,350.00000000055002,{"$f":"IF(CTS_Source[[#This Row],[Montant Payé]]>0,CTS_Source[[#This Row],[Montant TTC]]-CTS_Source[[#This Row],[Montant Payé]],\"\")","v":0},350.00000000055002,null,0,2,1924]
[null,null,null,"02-196",null,null,"1-PRS",3,"GVD","Gravure de fichiers sur DVD","U",1,168.0672268912185,168.0672268912185,0,0,168.0672268912185,0.19,31.932773109331514,200.00000000055002,{"$f":"IF(CTS_Source[[#This Row],[Montant Payé]]>0,CTS_Source[[#This Row],[Montant TTC]]-CTS_Source[[#This Row],[Montant Payé]],\"\")","v":""},null,200.00000000054999,null,null,1927]
[null,null,null,"02-197",null,null,"0-PRS",1,"TP2","Tirage Couleur / Papier (tout aplat)","ML",10.5,1008.4033613445379,10588.235294117647,0,0,10588.235294117647,0.19,2011.7647058823529,12600,{"$f":"IF(CTS_Source[[#This Row],[Montant Payé]]>0,CTS_Source[[#This Row],[Montant TTC]]-CTS_Source[[#This Row],[Montant Payé]],\"\")","v":""},null,1199.9999999999998,null,null,1929]
[null,null,null,"02-198",null,null,"1-PRS",1,"TP","Tirage Noir & Blanc / Papier","ML",0.9,100.84033613445379,90.756302521008422,0,0,90.756302521008422,0.19,17.243697478991599,108.00000000000003,{"$f":"IF(CTS_Source[[#This Row],[Montant Payé]]>0,CTS_Source[[#This Row],[Montant TTC]]-CTS_Source[[#This Row],[Montant Payé]],\"\")","v":""},null,120.00000000000001,null,null,1932]
[null,null,null,"02-200",null,null,"2-BUR",1,"8-CUTP","Cutter Plastique","U",2,75.630252100840337,151.26050420168067,0,0,151.26050420168067,0.19,28.739495798319329,180,{"$f":"IF(CTS_Source[[#This Row],[Montant Payé]]>0,CTS_Source[[#This Row],[Montant TTC]]-CTS_Source[[#This Row],[Montant Payé]],\"\")","v":""},null,90,null,null,1938]
[null,null,null,"02-200",null,null,"1-PRS",3,"PP0","Traçage Couleur / Papier (aucun aplat)","ML",0.65,705.88235294117646,458.8235294117647,0,0,458.8235294117647,0.19,87.17647058823529,546,{"$f":"IF(CTS_Source[[#This Row],[Montant Payé]]>0,CTS_Source[[#This Row],[Montant TTC]]-CTS_Source[[#This Row],[Montant Payé]],\"\")","v":""},null,840,null,null,1940]
["P",15,"2021-02-15",null,"02-202","CLIENT",null,null,"1","Tarif COMPTOIR",null,null,null,319.32773109243698,0,0,319.32773109243698,0.19,60.67226890756303,380,{"$f":"IF(CTS_Source[[#This Row],[Montant Payé]]>0,CTS_Source[[#This Row],[Montant TTC]]-CTS_Source[[#This Row],[Montant Payé]],\"\")","v":0},380,null,0,2,1943]
[null,null,null,"02-202",null,null,"1-PRS",4,"C4","Copie Noir & Blanc A4-R /  Papier","U",22,8.4033613445378155,184.87394957983193,0,0,184.87394957983193,0.19,35.12605042016807,220,{"$f":"IF(CTS_Source[[#This Row],[Montant Payé]]>0,CTS_Source[[#This Row],[Montant TTC]]-CTS_Source[[#This Row],[Montant Payé]],\"\")","v":""},null,10,null,null,1947]
[null,null,null,"02-204",null,null,"2-BUR",1,"2-SF1","Surligneurs Fluo Schneider / 1u","U",1,92.436974789915965,92.436974789915965,0,0,92.436974789915965,0.19,17.563025210084035,110,{"$f":"IF(CTS_Source[[#This Row],[Montant Payé]]>0,CTS_Source[[#This Row],[Montant TTC]]-CTS_Source[[#This Row],[Montant Payé]],\"\")","v":""},null,110,null,null,1951]
[null,null,null,"02-204",null,null,"1-PRS",2,"C4","Copie Noir & Blanc A4-R /  Papier","U",169,8.4033613445378155,1420.1680672268908,0,0,1420.1680672268908,0.19,269.83193277310926,1690,{"$f":"IF(CTS_Source[[#This Row],[Montant Payé]]>0,CTS_Source[[#This Row],[Montant TTC]]-CTS_Source[[#This Row],[Montant Payé]],\"\")","v":""},null,10,null,null,1952]
[null,null,null,"02-206",null,null,"2-BUR",1,"1-P4F100","Papier A4 / 080 gr / 100 f. extra blanc Fabs","U",1,151.26050420168067,151.26050420168067,0,0,151.26050420168067,0.19,28.739495798319329,180,{"$f":"IF(CTS_Source[[#This Row],[Montant Payé]]>0,CTS_Source[[#This Row],[Montant TTC]]-CTS_Source[[#This Row],[Montant Payé]],\"\")","v":""},null,180,null,null,1956]
["P",15,"2021-02-15",null,"02-208","CLIENT",null,null,"1","Tarif COMPTOIR",null,null,null,201.68067226890756,0,0,201.68067226890756,0.19,38.319327731092443,240,{"$f":"IF(CTS_Source[[#This Row],[Montant Payé]]>0,CTS_Source[[#This Row],[Montant TTC]]-CTS_Source[[#This Row],[Montant Payé]],\"\")","v":0},240,null,0,2,1961]
[null,null,null,"02-208",null,null,"0-PRS",2,"I32B","Impression Couleur A3-R / Bristol (tout aplat)","U",1,184.87394957983193,184.87394957983193,0,0,184.87394957983193,0.19,35.12605042016807,220,{"$f":"IF(CTS_Source[[#This Row],[Montant Payé]]>0,CTS_Source[[#This Row],[Montant TTC]]-CTS_Source[[#This Row],[Montant Payé]],\"\")","v":""},null,220,null,null,1963]
[null,null,null,"02-209",null,null,"1-PRS",2,"I40","Impression Couleur A4-R /  Papier (aucun aplat)","U",2,50.420168067226896,100.84033613445379,0,0,100.84033613445379,0.19,19.159663865546221,120.00000000000001,{"$f":"IF(CTS_Source[[#This Row],[Montant Payé]]>0,CTS_Source[[#This Row],[Montant TTC]]-CTS_Source[[#This Row],[Montant Payé]],\"\")","v":""},null,60.000000000000007,null,null,1966]
["P",16,"2021-02-16",null,"02-212","CLIENT",null,null,"1","Tarif COMPTOIR",null,null,null,50.420168067226896,0,0,50.420168067226896,0.19,9.5798319327731107,60.000000000000007,{"$f":"IF(CTS_Source[[#This Row],[Montant Payé]]>0,CTS_Source[[#This Row],[Montant TTC]]-CTS_Source[[#This Row],[Montant Payé]],\"\")","v":0},60.000000000000007,null,0,2,1971]
["P",16,"2021-02-16",null,"02-213","CLIENT",null,null,"1","Tarif COMPTOIR",null,null,null,721.00840336134468,0,0,721.00840336134468,0.19,136.99159663865549,858.00000000000023,{"$f":"IF(CTS_Source[[#This Row],[Montant Payé]]>0,CTS_Source[[#This Row],[Montant TTC]]-CTS_Source[[#This Row],[Montant Payé]],\"\")","v":0},858.00000000000023,null,0,2,1974]
[null,null,null,"02-214",null,null,"1-PRS",3,"I4","Impression Noir & Blanc A4-R /  Papier","U",6,16.806722689075631,100.84033613445379,9.0909090909090898E-2,9.1673032849503429,91.673032849503443,0.19,17.417876241405654,109.09090909090909,{"$f":"IF(CTS_Source[[#This Row],[Montant Payé]]>0,CTS_Source[[#This Row],[Montant TTC]]-CTS_Source[[#This Row],[Montant Payé]],\"\")","v":""},null,18.181818181818183,null,null,1979]
["P",16,"2021-02-16",null,"02-216","CLIENT",null,null,"1","Tarif COMPTOIR",null,null,null,67.226890756302524,0,0,67.226890756302524,0.19,12.77310924369748,80,{"$f":"IF(CTS_Source[[#This Row],[Montant Payé]]>0,CTS_Source[[#This Row],[Montant TTC]]-CTS_Source[[#This Row],[Montant Payé]],\"\")","v":0},80,null,0,2,1982]
["P",16,"2021-02-16",null,"02-217","CLIENT",null,null,"1","Tarif COMPTOIR",null,null,null,4013.4453781512607,0.16666666666666669,668.90756302521015,3344.5378151260506,0.19,635.46218487394958,3980,{"$f":"IF(CTS_Source[[#This Row],[Montant Payé]]>0,CTS_Source[[#This Row],[Montant TTC]]-CTS_Source[[#This Row],[Montant Payé]],\"\")","v":0},3980,null,0,2,1984]
[null,null,null,"02-218",null,null,"1-PRS",1,"C30","Copie Couleur A3-R /  Papier (aucun aplat)","U",6,67.226890756302524,403.36134453781517,5.1401094345879623E-3,2.0733214526069093,401.28802308520824,0.19,76.24472438618956,477.53274747139778,{"$f":"IF(CTS_Source[[#This Row],[Montant Payé]]>0,CTS_Source[[#This Row],[Montant TTC]]-CTS_Source[[#This Row],[Montant Payé]],\"\")","v":""},null,79.588791245232969,null,null,1987]
[null,null,null,"02-320",null,null,"1-PRS",2,"TP0","Tirage Couleur / Papier (aucun aplat) ","ML",54.45,504.20168067226894,27453.781512605045,8.6813588213807372E-2,2383.3612831471319,25070.420229457912,0.19,4763.3798435970029,29833.800073054914,{"$f":"IF(CTS_Source[[#This Row],[Montant Payé]]>0,CTS_Source[[#This Row],[Montant TTC]]-CTS_Source[[#This Row],[Montant Payé]],\"\")","v":""},null,547.91184707171556,null,null,1993]
[null,null,null,"02-320",null,null,"1-PRS",4,"TP","Tirage Noir & Blanc / Papier","ML",144.9,100.84033613445379,14611.764705882355,8.6813588213807372E-2,1268.4997242535148,13343.264981628839,0.19,2535.2203465094794,15878.485328138318,{"$f":"IF(CTS_Source[[#This Row],[Montant Payé]]>0,CTS_Source[[#This Row],[Montant TTC]]-CTS_Source[[#This Row],[Montant Payé]],\"\")","v":""},null,109.58236941434312,null,null,1995]
["P",16,"2021-02-16",null,"02-221","CLIENT",null,null,1,"Tarif COMPTOIR",null,null,null,67.226890756302524,0,0,67.226890756302524,0.19,12.77310924369748,80,{"$f":"IF(CTS_Source[[#This Row],[Montant Payé]]>0,CTS_Source[[#This Row],[Montant TTC]]-CTS_Source[[#This Row],[Montant Payé]],\"\")","v":0},80,null,0,2,1998]
["P",16,"2021-02-16",null,"02-223","CLIENT",null,null,1,"Tarif COMPTOIR",null,null,null,1630.252100840336,1.54639175257732E-2,25.210084033613448,1605.0420168067226,0.19,304.9579831932773,1910,{"$f":"IF(CTS_Source[[#This Row],[Montant Payé]]>0,CTS_Source[[#This Row],[Montant TTC]]-CTS_Source[[#This Row],[Montant Payé]],\"\")","v":0},1910,null,0,2,2002]
["P",16,"2021-02-16",null,"02-224","CLIENT",null,null,1,"Tarif COMPTOIR",null,null,null,882.35294117647061,0,0,882.35294117647061,0.19,167.64705882352942,1050,{"$f":"IF(CTS_Source[[#This Row],[Montant Payé]]>0,CTS_Source[[#This Row],[Montant TTC]]-CTS_Source[[#This Row],[Montant Payé]],\"\")","v":0},1050,null,0,2,2006]
[null,null,null,"02-224",null,null,"2-BUR",1,"5-CD100","Chemise dossier 180 grs / 100 u","U",1,882.35294117647061,882.35294117647061,0,0,882.35294117647061,0.19,167.64705882352942,1050,{"$f":"IF(CTS_Source[[#This Row],[Montant Payé]]>0,CTS_Source[[#This Row],[Montant TTC]]-CTS_Source[[#This Row],[Montant Payé]],\"\")","v":""},null,1050,null,null,2007]
["P",16,"2021-02-16",null,"02-226","CLIENT",null,null,1,"Tarif COMPTOIR",null,null,null,191.59663865546219,0,0,191.59663865546219,0.19,36.403361344537814,228,{"$f":"IF(CTS_Source[[#This Row],[Montant Payé]]>0,CTS_Source[[#This Row],[Montant TTC]]-CTS_Source[[#This Row],[Montant Payé]],\"\")","v":0},228,null,0,2,2011]
["P",16,"2021-02-16",null,"02-228","CLIENT",null,null,"1","Tarif COMPTOIR",null,null,null,1810.0840336134454,7.1494893221912714E-2,129.41176470588235,1680.672268907563,0.19,319.32773109243698,2000,{"$f":"IF(CTS_Source[[#This Row],[Montant Payé]]>0,CTS_Source[[#This Row],[Montant TTC]]-CTS_Source[[#This Row],[Montant Payé]],\"\")","v":0},2000,null,0,2,2016]
["P",16,"2021-02-16",null,"02-229","CLIENT",null,null,"1","Tarif COMPTOIR",null,null,null,823.52941176470586,0,0,823.52941176470586,0.19,156.47058823529414,980,{"$f":"IF(CTS_Source[[#This Row],[Montant Payé]]>0,CTS_Source[[#This Row],[Montant TTC]]-CTS_Source[[#This Row],[Montant Payé]],\"\")","v":0},980,null,0,2,2018]
[null,null,null,"02-229",null,null,"1-PRS",3,"I4","Impression Noir & Blanc A4-R /  Papier","U",5,16.806722689075631,84.033613445378151,0,0,84.033613445378151,0.19,15.966386554621849,100,{"$f":"IF(CTS_Source[[#This Row],[Montant Payé]]>0,CTS_Source[[#This Row],[Montant TTC]]-CTS_Source[[#This Row],[Montant Payé]],\"\")","v":""},null,20,null,null,2021]
["P",17,"2021-02-17",null,"02-231","CLIENT",null,null,"1","Tarif COMPTOIR",null,null,null,786.55462184873954,0,0,786.55462184873954,0.19,149.44537815126051,936,{"$f":"IF(CTS_Source[[#This Row],[Montant Payé]]>0,CTS_Source[[#This Row],[Montant TTC]]-CTS_Source[[#This Row],[Montant Payé]],\"\")","v":0},936,null,0,2,2026]
[null,null,null,"02-232",null,null,"1-PRS",1,"C8","Copie Noir & Blanc A4-RV /  Papier","U",3,16.806722689075631,50.420168067226896,0,0,50.420168067226896,0.19,9.5798319327731107,60.000000000000007,{"$f":"IF(CTS_Source[[#This Row],[Montant Payé]]>0,CTS_Source[[#This Row],[Montant TTC]]-CTS_Source[[#This Row],[Montant Payé]],\"\")","v":""},null,20,null,null,2030]
["P",17,"2021-02-17",null,"02-234","CLIENT",null,null,"1","Tarif COMPTOIR",null,null,null,6117.6470588239918,0.16442307692306449,1005.8823529411765,5111.7647058828152,0.19,971.23529411773507,6083.0000000005502,{"$f":"IF(CTS_Source[[#This Row],[Montant Payé]]>0,CTS_Source[[#This Row],[Montant TTC]]-CTS_Source[[#This Row],[Montant Payé]],\"\")","v":0},6083.0000000005502,null,0,2,2034]
[null,null,null,"02-234",null,null,"1-PRS",3,"N4","Numérisation Noir & Blanc A4 à plat","U",84,16.806722689075631,1411.7647058823529,0.16442307692306449,232.12669683256163,1179.6380090497912,0.19,224.13122171946034,1403.7692307692516,{"$f":"IF(CTS_Source[[#This Row],[Montant Payé]]>0,CTS_Source[[#This Row],[Montant TTC]]-CTS_Source[[#This Row],[Montant Payé]],\"\")","v":""},null,16.711538461538709,null,null,2037]
["P",17,"2021-02-17",null,"02-235","CLIENT",null,null,"1","Tarif COMPTOIR",null,null,null,176.47058823529414,4.7619047619047616E-2,8.4033613445378155,168.06722689075633,0.19,31.932773109243701,200.00000000000003,{"$f":"IF(CTS_Source[[#This Row],[Montant Payé]]>0,CTS_Source[[#This Row],[Montant TTC]]-CTS_Source[[#This Row],[Montant Payé]],\"\")","v":0},200.00000000000003,null,0,2,2039]
["P",17,"2021-02-17",null,"02-236","CLIENT",null,null,"1","Tarif COMPTOIR",null,null,null,292.43697478991601,0,0,292.43697478991601,0.19,55.563025210084042,348.00000000000006,{"$f":"IF(CTS_Source[[#This Row],[Montant Payé]]>0,CTS_Source[[#This Row],[Montant TTC]]-CTS_Source[[#This Row],[Montant Payé]],\"\")","v":0},348.00000000000006,null,0,2,2042]
[null,null,null,"02-237",null,null,"1-PRS",4,"I30","Impression Couleur A3-R /  Papier (aucun aplat)","U",2,100.84033613445379,201.68067226890759,0.16666666666666669,33.613445378151269,168.06722689075633,0.19,31.932773109243705,200.00000000000003,{"$f":"IF(CTS_Source[[#This Row],[Montant Payé]]>0,CTS_Source[[#This Row],[Montant TTC]]-CTS_Source[[#This Row],[Montant Payé]],\"\")","v":""},null,100.00000000000001,null,null,2048]
[null,null,null,"02-237",null,null,"1-PRS",6,"TP","Tirage Noir & Blanc / Papier","ML",2,100.84033613445379,201.68067226890759,0.16666666666666669,33.613445378151269,168.06722689075633,0.19,31.932773109243705,200.00000000000003,{"$f":"IF(CTS_Source[[#This Row],[Montant Payé]]>0,CTS_Source[[#This Row],[Montant TTC]]-CTS_Source[[#This Row],[Montant Payé]],\"\")","v":""},null,100.00000000000001,null,null,2050]
[null,null,null,"02-238",null,null,"1-PRS",2,"I4","Impression Noir & Blanc A4-R /  Papier","U",2,16.806722689075631,33.613445378151262,0,0,33.613445378151262,0.19,6.3865546218487399,40,{"$f":"IF(CTS_Source[[#This Row],[Montant Payé]]>0,CTS_Source[[#This Row],[Montant TTC]]-CTS_Source[[#This Row],[Montant Payé]],\"\")","v":""},null,20,null,null,2053]
[null,null,null,"02-240",null,null,"1-PRS",1,"TP","Tirage Noir & Blanc / Papier","ML",3.25,100.84033613445379,327.73109243697485,0,0,327.73109243697485,0.19,62.268907563025223,390.00000000000006,{"$f":"IF(CTS_Source[[#This Row],[Montant Payé]]>0,CTS_Source[[#This Row],[Montant TTC]]-CTS_Source[[#This Row],[Montant Payé]],\"\")","v":""},null,120.00000000000001,null,null,2058]
[null,null,null,"02-241",null,null,"0-PRS",2,"C32B","Copie Couleur A3-R / Bristol (tout aplat)","U",2,151.26050420168067,302.52100840336135,0,0,302.52100840336135,0.19,57.478991596638657,360,{"$f":"IF(CTS_Source[[#This Row],[Montant Payé]]>0,CTS_Source[[#This Row],[Montant TTC]]-CTS_Source[[#This Row],[Montant Payé]],\"\")","v":""},null,180,null,null,2061]
["P",17,"2021-02-17",null,"02-242","CLIENT",null,null,"1","Tarif COMPTOIR",null,null,null,2168.0672268907565,0,0,2168.0672268907565,0.19,411.93277310924373,2580,{"$f":"IF(CTS_Source[[#This Row],[Montant Payé]]>0,CTS_Source[[#This Row],[Montant TTC]]-CTS_Source[[#This Row],[Montant Payé]],\"\")","v":0},2580,null,0,2,2062]
[null,null,null,"02-243",null,null,"1-PRS",1,"C4","Copie Noir & Blanc A4-R /  Papier","U",144,8.4033613445378155,1210.0840336134454,0.2013888888888889,243.69747899159665,966.38655462184875,0.19,183.61344537815125,1150,{"$f":"IF(CTS_Source[[#This Row],[Montant Payé]]>0,CTS_Source[[#This Row],[Montant TTC]]-CTS_Source[[#This Row],[Montant Payé]],\"\")","v":""},null,7.9861111111111107,null,null,2066]
[null,null,null,"02-245",null,null,"1-PRS",2,"C3","Copie Noir & Blanc A3-R /  Papier ","U",8,16.806722689075631,134.45378151260505,0,0,134.45378151260505,0.19,25.54621848739496,160,{"$f":"IF(CTS_Source[[#This Row],[Montant Payé]]>0,CTS_Source[[#This Row],[Montant TTC]]-CTS_Source[[#This Row],[Montant Payé]],\"\")","v":""},null,20,null,null,2071]
["P",17,"2021-02-17",null,"02-246","CLIENT",null,null,"1","Tarif COMPTOIR",null,null,null,1680.6722689075632,0,0,1680.6722689075632,0.19,319.32773109243703,2000.0000000000002,{"$f":"IF(CTS_Source[[#This Row],[Montant Payé]]>0,CTS_Source[[#This Row],[Montant TTC]]-CTS_Source[[#This Row],[Montant Payé]],\"\")","v":0},2000.0000000000002,null,0,2,2073]
[null,null,null,"02-246",null,null,"1-PRS",3,"C40","Copie Couleur A4-R /  Papier (aucun aplat)","U",19,33.613445378151262,638.65546218487395,0,0,638.65546218487395,0.19,121.34453781512605,760,{"$f":"IF(CTS_Source[[#This Row],[Montant Payé]]>0,CTS_Source[[#This Row],[Montant TTC]]-CTS_Source[[#This Row],[Montant Payé]],\"\")","v":""},null,40,null,null,2076]
[null,null,null,"02-247",null,null,"1-PRS",4,"TP0","Tirage Couleur / Papier (aucun aplat) ","ML",1.4,504.20168067226894,705.88235294117646,7.9295154185022018E-2,55.973050012956719,649.90930292821974,0.19,123.48276755636175,773.3920704845815,{"$f":"IF(CTS_Source[[#This Row],[Montant Payé]]>0,CTS_Source[[#This Row],[Montant TTC]]-CTS_Source[[#This Row],[Montant Payé]],\"\")","v":""},null,552.42290748898677,null,null,2081]
[null,null,null,"02-249",null,null,"2-BUR",1,"6-EB28218","Enveloppe blanche 114 x 162 (n° 28218) H","U",1,8.4033613445378155,8.4033613445378155,0,0,8.4033613445378155,0.19,1.596638655462185,10,{"$f":"IF(CTS_Source[[#This Row],[Montant Payé]]>0,CTS_Source[[#This Row],[Montant TTC]]-CTS_Source[[#This Row],[Montant Payé]],\"\")","v":""},null,10,null,null,2085]
[null,null,null,"02-250",null,null,"2-BUR",2,"8-PC4","Planchette à clip A4","U",1,235.29411764705884,235.29411764705884,0,0,235.29411764705884,0.19,44.705882352941181,280,{"$f":"IF(CTS_Source[[#This Row],[Montant Payé]]>0,CTS_Source[[#This Row],[Montant TTC]]-CTS_Source[[#This Row],[Montant Payé]],\"\")","v":""},null,280,null,null,2089]
[null,null,null,"02-251",null,null,"1-PRS",2,"I3","Impression Noir & Blanc A3-R /  Papier","U",1,33.613445378151262,33.613445378151262,0,0,33.613445378151262,0.19,6.3865546218487399,40,{"$f":"IF(CTS_Source[[#This Row],[Montant Payé]]>0,CTS_Source[[#This Row],[Montant TTC]]-CTS_Source[[#This Row],[Montant Payé]],\"\")","v":""},null,40,null,null,2092]
[null,null,null,"02-252",null,null,"1-PRS",1,"TP","Tirage Noir & Blanc / Papier","ML",12.9,100.84033613445379,1300.840336134454,0.1,130.0840336134454,1170.7563025210086,0.19,222.44369747899162,1393.2000000000003,{"$f":"IF(CTS_Source[[#This Row],[Montant Payé]]>0,CTS_Source[[#This Row],[Montant TTC]]-CTS_Source[[#This Row],[Montant Payé]],\"\")","v":""},null,108.00000000000001,null,null,2094]
[null,null,null,"02-253",null,null,"2-BUR",2,"5-CRCE","Chemise à rabats cartonnée avec élastiques","U",3,75.630252100840337,226.89075630252103,2.8846153846153851E-2,6.544925662572723,220.3458306399483,0.19,41.865707821590178,262.21153846153845,{"$f":"IF(CTS_Source[[#This Row],[Montant Payé]]>0,CTS_Source[[#This Row],[Montant TTC]]-CTS_Source[[#This Row],[Montant Payé]],\"\")","v":""},null,87.40384615384616,null,null,2097]
[null,null,null,"02-254",null,null,"1-PRS",4,"C4","Copie Noir & Blanc A4-R /  Papier","U",11,8.4033613445378155,92.436974789915965,9.9999999999999992E-2,9.2436974789915958,83.193277310924373,0.19,15.806722689075631,99,{"$f":"IF(CTS_Source[[#This Row],[Montant Payé]]>0,CTS_Source[[#This Row],[Montant TTC]]-CTS_Source[[#This Row],[Montant Payé]],\"\")","v":""},null,9,null,null,2103]
[null,null,null,"02-254",null,null,"0-PRS",6,"C60","Copie Couleur A3-RV /  Papier (aucun aplat) ","U",3,134.45378151260505,403.36134453781517,9.9999999999999992E-2,40.336134453781511,363.02521008403369,0.19,68.974789915966397,432.00000000000011,{"$f":"IF(CTS_Source[[#This Row],[Montant Payé]]>0,CTS_Source[[#This Row],[Montant TTC]]-CTS_Source[[#This Row],[Montant Payé]],\"\")","v":""},null,144.00000000000003,null,null,2105]
[null,null,null,"02-255",null,null,"2-BUR",2,"5-CRPE","Chemise à rabats plastique avec élastiques","U",1,117.64705882352942,117.64705882352942,0.11032028469750887,12.978857023236339,104.66820180029308,0.19,19.886958342055685,124.55516014234877,{"$f":"IF(CTS_Source[[#This Row],[Montant Payé]]>0,CTS_Source[[#This Row],[Montant TTC]]-CTS_Source[[#This Row],[Montant Payé]],\"\")","v":""},null,124.55516014234875,null,null,2108]
["P",18,"2021-02-18",null,"02-257","CLIENT",null,null,"1","Tarif COMPTOIR",null,null,null,952.94117647058829,9.9999999999999992E-2,95.294117647058826,857.64705882352951,0.19,162.95294117647063,1020.6000000000001,{"$f":"IF(CTS_Source[[#This Row],[Montant Payé]]>0,CTS_Source[[#This Row],[Montant TTC]]-CTS_Source[[#This Row],[Montant Payé]],\"\")","v":0},1020.6000000000001,null,0,2,2113]
[null,null,null,"02-258",null,null,"1-PRS",1,"PC","Traçage Noir & Blanc / Calque ","ML",1,302.52100840336135,302.52100840336135,0.1,30.252100840336137,272.26890756302521,0.19,51.731092436974791,324,{"$f":"IF(CTS_Source[[#This Row],[Montant Payé]]>0,CTS_Source[[#This Row],[Montant TTC]]-CTS_Source[[#This Row],[Montant Payé]],\"\")","v":""},null,324,null,null,2117]
[null,null,null,"02-259",null,null,"2-BUR",2,"4-TN4","Transparent A4 neutre (feuille)","U",1,12.605042016806724,12.605042016806724,7.8048780487804878E-2,0.98380815740930527,11.621233859397419,0.19,2.2080344332855097,13.829268292682929,{"$f":"IF(CTS_Source[[#This Row],[Montant Payé]]>0,CTS_Source[[#This Row],[Montant TTC]]-CTS_Source[[#This Row],[Montant Payé]],\"\")","v":""},null,13.829268292682928,null,null,2120]
[null,null,null,"02-259",null,null,"2-BUR",3,"4-CB4","Couverture A4 bristol (feuille)","U",1,12.605042016806724,12.605042016806724,7.8048780487804878E-2,0.98380815740930527,11.621233859397419,0.19,2.2080344332855097,13.829268292682929,{"$f":"IF(CTS_Source[[#This Row],[Montant Payé]]>0,CTS_Source[[#This Row],[Montant TTC]]-CTS_Source[[#This Row],[Montant Payé]],\"\")","v":""},null,13.829268292682928,null,null,2121]
[null,null,null,"02-260",null,null,"1-PRS",2,"C40","Copie Couleur A4-R /  Papier (aucun aplat)","U",40,33.613445378151262,1344.5378151260504,0.3021105527638191,406.19906253958868,938.33875258646174,0.19,178.28436299142774,1116.6231155778894,{"$f":"IF(CTS_Source[[#This Row],[Montant Payé]]>0,CTS_Source[[#This Row],[Montant TTC]]-CTS_Source[[#This Row],[Montant Payé]],\"\")","v":""},null,27.915577889447235,null,null,2126]
[null,null,null,"02-261",null,null,"1-PRS",1,"I30","Impression Couleur A3-R /  Papier (aucun aplat)","U",4,100.84033613445379,403.36134453781517,0.1015625,40.966386554621856,362.39495798319331,0.19,68.855042016806735,431.25000000000006,{"$f":"IF(CTS_Source[[#This Row],[Montant Payé]]>0,CTS_Source[[#This Row],[Montant TTC]]-CTS_Source[[#This Row],[Montant Payé]],\"\")","v":""},null,107.8125,null,null,2129]
["P",18,"2021-02-18",null,"02-262","CLIENT",null,null,"1","Tarif COMPTOIR",null,null,null,1270.5882352941178,9.9999999999999978E-2,127.05882352941175,1143.5294117647061,0.19,217.27058823529416,1360.8000000000002,{"$f":"IF(CTS_Source[[#This Row],[Montant Payé]]>0,CTS_Source[[#This Row],[Montant TTC]]-CTS_Source[[#This Row],[Montant Payé]],\"\")","v":0},1360.8000000000002,null,0,2,2131]
[null,null,null,"02-263",null,null,"1-PRS",2,"TP","Tirage Noir & Blanc / Papier","ML",1,100.84033613445379,100.84033613445379,9.9999999999999992E-2,10.084033613445378,90.756302521008422,0.19,17.243697478991599,108.00000000000003,{"$f":"IF(CTS_Source[[#This Row],[Montant Payé]]>0,CTS_Source[[#This Row],[Montant TTC]]-CTS_Source[[#This Row],[Montant Payé]],\"\")","v":""},null,108.00000000000001,null,null,2136]
["P",18,"2021-02-18",null,"02-265","CLIENT",null,null,"1","Tarif COMPTOIR",null,null,null,750.420168067227,5.2407614781634936E-2,39.327731092436977,711.09243697478996,0.19,135.10756302521008,846.2,{"$f":"IF(CTS_Source[[#This Row],[Montant Payé]]>0,CTS_Source[[#This Row],[Montant TTC]]-CTS_Source[[#This Row],[Montant Payé]],\"\")","v":0},846.2,null,0,2,2140]
["P",21,"2021-02-21",null,"02-266","CLIENT",null,null,"1","Tarif COMPTOIR",null,null,null,847.05882352941171,0.10714285714285715,90.756302521008408,756.30252100840335,0.19,143.69747899159663,900,{"$f":"IF(CTS_Source[[#This Row],[Montant Payé]]>0,CTS_Source[[#This Row],[Montant TTC]]-CTS_Source[[#This Row],[Montant Payé]],\"\")","v":0},900,null,0,2,2144]
[null,null,null,"02-266",null,null,"1-PRS",1,"PP0","Traçage Couleur / Papier (aucun aplat)","ML",0.7,705.88235294117646,494.11764705882348,0.10714285714285715,52.941176470588232,441.17647058823525,0.19,83.823529411764696,525,{"$f":"IF(CTS_Source[[#This Row],[Montant Payé]]>0,CTS_Source[[#This Row],[Montant TTC]]-CTS_Source[[#This Row],[Montant Payé]],\"\")","v":""},null,749.99999999999989,null,null,2145]
[null,null,null,"02-267",null,null,"1-PRS",2,"PP","Traçage Noir & Blanc / Papier ","ML",2.25,201.68067226890759,453.78151260504205,9.9999999999999992E-2,45.378151260504204,408.40336134453787,0.19,77.596638655462201,486.00000000000006,{"$f":"IF(CTS_Source[[#This Row],[Montant Payé]]>0,CTS_Source[[#This Row],[Montant TTC]]-CTS_Source[[#This Row],[Montant Payé]],\"\")","v":""},null,216.00000000000003,null,null,2149]
[null,null,null,"02-268",null,null,"0-PRS",2,"AGP","Agrafage document (agrafes PM) - de 20 f","U",9,8.4033613445378155,75.630252100840337,9.7721518987341785E-2,7.390703116689715,68.239548984150616,0.19,12.965514306988617,81.205063291139226,{"$f":"IF(CTS_Source[[#This Row],[Montant Payé]]>0,CTS_Source[[#This Row],[Montant TTC]]-CTS_Source[[#This Row],[Montant Payé]],\"\")","v":""},null,9.0227848101265806,null,null,2152]
[null,null,null,"02-269",null,null,"2-BUR",2,"2-S967","Stylo Topliner 967","U",3,84.033613445378151,252.10084033613447,3.0635838150289016E-2,7.7233205420896685,244.37751979404479,0.19,46.431728760868509,290.80924855491332,{"$f":"IF(CTS_Source[[#This Row],[Montant Payé]]>0,CTS_Source[[#This Row],[Montant TTC]]-CTS_Source[[#This Row],[Montant Payé]],\"\")","v":""},null,96.936416184971094,null,null,2158]
[null,null,null,"02-269",null,null,"0-PRS",4,"C4S","Copie Noir & Blanc A4-R /  Papier / Spéciale","U",1,16.806722689075631,16.806722689075631,3.0635838150289016E-2,0.51488803613931122,16.29183465293632,0.19,3.0954485840579009,19.387283236994222,{"$f":"IF(CTS_Source[[#This Row],[Montant Payé]]>0,CTS_Source[[#This Row],[Montant TTC]]-CTS_Source[[#This Row],[Montant Payé]],\"\")","v":""},null,19.387283236994218,null,null,2160]
[null,null,null,"02-270",null,null,"2-BUR",1,"2-CN","Crayon Noir avec gomme","U",5,21.008403361344538,105.04201680672269,3.0769230769230767E-2,3.232062055591467,101.80995475113122,0.19,19.343891402714931,121.15384615384615,{"$f":"IF(CTS_Source[[#This Row],[Montant Payé]]>0,CTS_Source[[#This Row],[Montant TTC]]-CTS_Source[[#This Row],[Montant Payé]],\"\")","v":""},null,24.230769230769226,null,null,2163]
[null,null,null,"02-271",null,null,"0-PRS",1,"C8S","Copie Noir & Blanc A4-RV /  Papier / Spéciale ","U",1,33.613445378151262,33.613445378151262,9.9999999999999992E-2,3.3613445378151261,30.252100840336137,0.19,5.7478991596638664,36,{"$f":"IF(CTS_Source[[#This Row],[Montant Payé]]>0,CTS_Source[[#This Row],[Montant TTC]]-CTS_Source[[#This Row],[Montant Payé]],\"\")","v":""},null,36,null,null,2168]
[null,null,null,"02-272",null,null,"1-PRS",2,"I4","Impression Noir & Blanc A4-R /  Papier","U",2,16.806722689075631,33.613445378151262,0.125,4.2016806722689077,29.411764705882355,0.19,5.5882352941176476,35,{"$f":"IF(CTS_Source[[#This Row],[Montant Payé]]>0,CTS_Source[[#This Row],[Montant TTC]]-CTS_Source[[#This Row],[Montant Payé]],\"\")","v":""},null,17.5,null,null,2172]
["P",21,"2021-02-21",null,"02-273","CLIENT",null,null,"1","Tarif COMPTOIR",null,null,null,33.613445378151262,0.25,8.4033613445378155,25.210084033613448,0.19,4.7899159663865554,30.000000000000004,{"$f":"IF(CTS_Source[[#This Row],[Montant Payé]]>0,CTS_Source[[#This Row],[Montant TTC]]-CTS_Source[[#This Row],[Montant Payé]],\"\")","v":0},30.000000000000004,null,0,2,2173]
["P",21,"2021-02-21",null,"02-275","CLIENT",null,null,"1","Tarif COMPTOIR",null,null,null,262.18487394957987,0.10256410256410255,26.890756302521009,235.29411764705887,0.19,44.705882352941188,280.00000000000006,{"$f":"IF(CTS_Source[[#This Row],[Montant Payé]]>0,CTS_Source[[#This Row],[Montant TTC]]-CTS_Source[[#This Row],[Montant Payé]],\"\")","v":0},280.00000000000006,null,0,2,2177]
[null,null,null,"02-276",null,null,"1-PRS",1,"PP","Traçage Noir & Blanc / Papier ","ML",1.4,201.68067226890759,282.35294117647061,9.9999999999999992E-2,28.235294117647058,254.11764705882354,0.19,48.28235294117647,302.39999999999998,{"$f":"IF(CTS_Source[[#This Row],[Montant Payé]]>0,CTS_Source[[#This Row],[Montant TTC]]-CTS_Source[[#This Row],[Montant Payé]],\"\")","v":""},null,216,null,null,2180]
["P",21,"2021-02-21",null,"02-278","CLIENT",null,null,"1","Tarif COMPTOIR",null,null,null,33.613445378151262,9.9999999999999992E-2,3.3613445378151261,30.252100840336137,0.19,5.7478991596638664,36,{"$f":"IF(CTS_Source[[#This Row],[Montant Payé]]>0,CTS_Source[[#This Row],[Montant TTC]]-CTS_Source[[#This Row],[Montant Payé]],\"\")","v":0},36,null,0,2,2184]
["P",22,"2021-02-22",null,"02-279","CLIENT",null,null,"1","Tarif COMPTOIR",null,null,null,352.94117647058823,0.1,35.294117647058826,317.64705882352939,0.19,60.352941176470594,378,{"$f":"IF(CTS_Source[[#This Row],[Montant Payé]]>0,CTS_Source[[#This Row],[Montant TTC]]-CTS_Source[[#This Row],[Montant Payé]],\"\")","v":0},378,null,0,2,2186]
[null,null,null,"02-295",null,null,"1-PRS",2,"PP0","Traçage Couleur / Papier (aucun aplat)","ML",1,705.88235294117646,705.88235294117646,9.9999999999999992E-2,70.588235294117638,635.29411764705878,0.19,120.70588235294117,756,{"$f":"IF(CTS_Source[[#This Row],[Montant Payé]]>0,CTS_Source[[#This Row],[Montant TTC]]-CTS_Source[[#This Row],[Montant Payé]],\"\")","v":""},null,755.99999999999989,null,null,2191]
[null,null,null,"02-295",null,null,"0-PRS",6,"I42","Impression Couleur A4-R /  Papier (tout aplat)","U",6,84.033613445378151,504.20168067226894,9.9999999999999992E-2,50.420168067226889,453.78151260504205,0.19,86.21848739495799,540,{"$f":"IF(CTS_Source[[#This Row],[Montant Payé]]>0,CTS_Source[[#This Row],[Montant TTC]]-CTS_Source[[#This Row],[Montant Payé]],\"\")","v":""},null,90,null,null,2195]
[null,null,null,"02-281",null,null,"1-PRS",1,"I30","Impression Couleur A3-R /  Papier (aucun aplat)","U",8,100.84033613445379,806.72268907563034,0.16666666666666666,134.45378151260505,672.26890756302532,0.19,127.73109243697482,800.00000000000011,{"$f":"IF(CTS_Source[[#This Row],[Montant Payé]]>0,CTS_Source[[#This Row],[Montant TTC]]-CTS_Source[[#This Row],[Montant Payé]],\"\")","v":""},null,100.00000000000001,null,null,2199]
["P",22,"2021-02-22",null,"02-282","IBERDROLA",null,null,"2","Tarif CONVENTION",null,null,null,10500,-3.6014405762304922E-3,-37.815126050420169,10537.81512605042,0.19,2002.1848739495797,12540,{"$f":"IF(CTS_Source[[#This Row],[Montant Payé]]>0,CTS_Source[[#This Row],[Montant TTC]]-CTS_Source[[#This Row],[Montant Payé]],\"\")","v":0},12540,null,0,2,2200]
[null,null,null,"02-282",null,null,"1-PRS",4,"N4","Numérisation Noir & Blanc A4 à plat","U",19,14,266,-3.6014405762304922E-3,-0.95798319327731096,266.9579831932773,0.19,50.722016806722685,317.68,{"$f":"IF(CTS_Source[[#This Row],[Montant Payé]]>0,CTS_Source[[#This Row],[Montant TTC]]-CTS_Source[[#This Row],[Montant Payé]],\"\")","v":""},null,16.72,null,null,2204]
["P",22,"2021-02-22",null,"02-284","CLIENT",null,null,"1","Tarif COMPTOIR",null,null,null,700.84033613445388,0,0,700.84033613445388,0.19,133.15966386554624,834.00000000000011,{"$f":"IF(CTS_Source[[#This Row],[Montant Payé]]>0,CTS_Source[[#This Row],[Montant TTC]]-CTS_Source[[#This Row],[Montant Payé]],\"\")","v":0},834.00000000000011,null,0,2,2209]
[null,null,null,"02-284",null,null,"1-PRS",3,"C4","Copie Noir & Blanc A4-R /  Papier","U",12,8.4033613445378155,100.84033613445379,0,0,100.84033613445379,0.19,19.159663865546221,120.00000000000001,{"$f":"IF(CTS_Source[[#This Row],[Montant Payé]]>0,CTS_Source[[#This Row],[Montant TTC]]-CTS_Source[[#This Row],[Montant Payé]],\"\")","v":""},null,10,null,null,2212]
[null,null,null,"02-285",null,null,"2-BUR",1,"4-CB3","Couverture A3 bristol (feuille)","U",6,16.806722689075631,100.84033613445379,0,0,100.84033613445379,0.19,19.159663865546221,120.00000000000001,{"$f":"IF(CTS_Source[[#This Row],[Montant Payé]]>0,CTS_Source[[#This Row],[Montant TTC]]-CTS_Source[[#This Row],[Montant Payé]],\"\")","v":""},null,20,null,null,2215]
["P",22,"2021-02-22",null,"02-287","CLIENT",null,null,"1","Tarif COMPTOIR",null,null,null,1310.9243697478992,0.11538461538461539,151.26050420168067,1159.6638655462184,0.19,220.33613445378154,1380,{"$f":"IF(CTS_Source[[#This Row],[Montant Payé]]>0,CTS_Source[[#This Row],[Montant TTC]]-CTS_Source[[#This Row],[Montant Payé]],\"\")","v":0},1380,null,0,2,2218]
["P",22,"2021-02-22",null,"02-289","CLIENT",null,null,"1","Tarif COMPTOIR",null,null,null,512.60504201680681,9.9999999999999992E-2,51.260504201680675,461.34453781512616,0.19,87.655462184873954,549.00000000000011,{"$f":"IF(CTS_Source[[#This Row],[Montant Payé]]>0,CTS_Source[[#This Row],[Montant TTC]]-CTS_Source[[#This Row],[Montant Payé]],\"\")","v":0},549.00000000000011,null,0,2,2223]
[null,null,null,"02-290",null,null,"1-PRS",1,"TP","Tirage Noir & Blanc / Papier","ML",2.65,100.84033613445379,267.22689075630257,9.9999999999999992E-2,26.722689075630253,240.50420168067231,0.19,45.695798319327743,286.20000000000005,{"$f":"IF(CTS_Source[[#This Row],[Montant Payé]]>0,CTS_Source[[#This Row],[Montant TTC]]-CTS_Source[[#This Row],[Montant Payé]],\"\")","v":""},null,108.00000000000001,null,null,2227]
["P",22,"2021-02-22",null,"02-291","CLIENT",null,null,"1","Tarif COMPTOIR",null,null,null,6423.5294117647072,9.9999999999999978E-2,642.35294117647061,5781.176470588237,0.19,1098.423529411765,6879.6000000000022,{"$f":"IF(CTS_Source[[#This Row],[Montant Payé]]>0,CTS_Source[[#This Row],[Montant TTC]]-CTS_Source[[#This Row],[Montant Payé]],\"\")","v":0},6879.6000000000022,null,0,2,2228]
["P",22,"2021-02-22",null,"02-293","CLIENT",null,null,"1","Tarif COMPTOIR",null,null,null,1193.2773109243699,0.23499999999999996,280.42016806722688,912.857142857143,0.19,173.44285714285718,1086.3000000000002,{"$f":"IF(CTS_Source[[#This Row],[Montant Payé]]>0,CTS_Source[[#This Row],[Montant TTC]]-CTS_Source[[#This Row],[Montant Payé]],\"\")","v":0},1086.3000000000002,null,0,2,2232]
[null,null,null,"02-294",null,null,"1-PRS",1,"PP","Traçage Noir & Blanc / Papier ","ML",1.8,201.68067226890759,363.02521008403369,9.9999999999999992E-2,36.302521008403367,326.72268907563034,0.19,62.077310924369769,388.80000000000013,{"$f":"IF(CTS_Source[[#This Row],[Montant Payé]]>0,CTS_Source[[#This Row],[Montant TTC]]-CTS_Source[[#This Row],[Montant Payé]],\"\")","v":""},null,216.00000000000003,null,null,2235]
["P",23,"2021-02-23",null,"02-296","CLIENT",null,null,"1","Tarif COMPTOIR",null,null,null,210.0840336134454,4.3999999999999997E-2,9.2436974789915975,200.84033613445379,0.19,38.159663865546221,239,{"$f":"IF(CTS_Source[[#This Row],[Montant Payé]]>0,CTS_Source[[#This Row],[Montant TTC]]-CTS_Source[[#This Row],[Montant Payé]],\"\")","v":0},239,null,0,2,2239]
[null,null,null,"02-296",null,null,"1-PRS",2,"I4","Impression Noir & Blanc A4-R /  Papier","U",3,16.806722689075631,50.420168067226896,4.3999999999999997E-2,2.2184873949579833,48.201680672268914,0.19,9.1583193277310944,57.360000000000007,{"$f":"IF(CTS_Source[[#This Row],[Montant Payé]]>0,CTS_Source[[#This Row],[Montant TTC]]-CTS_Source[[#This Row],[Montant Payé]],\"\")","v":""},null,19.120000000000005,null,null,2241]
["P",23,"2021-02-23",null,"02-299","CLIENT",null,null,"1","Tarif COMPTOIR",null,null,null,726.05042016806726,0.1,72.605042016806735,653.44537815126057,0.19,124.1546218487395,777.6,{"$f":"IF(CTS_Source[[#This Row],[Montant Payé]]>0,CTS_Source[[#This Row],[Montant TTC]]-CTS_Source[[#This Row],[Montant Payé]],\"\")","v":0},777.6,null,0,2,2247]
["P",23,"2021-02-23",null,"02-300","CLIENT",null,null,"1","Tarif COMPTOIR",null,null,null,411.76470588235293,8.9795918367346947E-2,36.97478991596639,374.78991596638656,0.19,71.210084033613441,446,{"$f":"IF(CTS_Source[[#This Row],[Montant Payé]]>0,CTS_Source[[#This Row],[Montant TTC]]-CTS_Source[[#This Row],[Montant Payé]],\"\")","v":0},446,null,0,2,2250]
[null,null,null,"02-300",null,null,"0-PRS",4,"N40","Numérisation Couleur A4 à plat","U",7,33.613445378151262,235.29411764705884,8.9795918367346947E-2,21.128451380552224,214.16566626650661,0.19,40.691476590636256,254.85714285714286,{"$f":"IF(CTS_Source[[#This Row],[Montant Payé]]>0,CTS_Source[[#This Row],[Montant TTC]]-CTS_Source[[#This Row],[Montant Payé]],\"\")","v":""},null,36.408163265306122,null,null,2254]
["P",23,"2021-02-23",null,"02-301","CLIENT",null,null,"1","Tarif COMPTOIR",null,null,null,968.06722689075639,0.1,96.806722689075642,871.26050420168076,0.19,165.53949579831934,1036.8000000000002,{"$f":"IF(CTS_Source[[#This Row],[Montant Payé]]>0,CTS_Source[[#This Row],[Montant TTC]]-CTS_Source[[#This Row],[Montant Payé]],\"\")","v":0},1036.8000000000002,null,0,2,2255]
[null,null,null,"02-302",null,null,"1-PRS",1,"TP","Tirage Noir & Blanc / Papier","ML",1,100.84033613445379,100.84033613445379,0,0,100.84033613445379,0.19,19.159663865546221,120.00000000000001,{"$f":"IF(CTS_Source[[#This Row],[Montant Payé]]>0,CTS_Source[[#This Row],[Montant TTC]]-CTS_Source[[#This Row],[Montant Payé]],\"\")","v":""},null,120.00000000000001,null,null,2259]
["P",23,"2021-02-23",null,"02-305","CLIENT",null,null,"1","Tarif COMPTOIR",null,null,null,914.28571428571433,9.9999999999999992E-2,91.428571428571431,822.85714285714289,0.19,156.34285714285716,979.2,{"$f":"IF(CTS_Source[[#This Row],[Montant Payé]]>0,CTS_Source[[#This Row],[Montant TTC]]-CTS_Source[[#This Row],[Montant Payé]],\"\")","v":0},979.2,null,0,2,2264]
[null,null,null,"02-305",null,null,"1-PRS",3,"C4","Copie Noir & Blanc A4-R /  Papier","U",22,8.4033613445378155,184.87394957983193,9.9999999999999992E-2,18.487394957983192,166.38655462184875,0.19,31.613445378151262,198,{"$f":"IF(CTS_Source[[#This Row],[Montant Payé]]>0,CTS_Source[[#This Row],[Montant TTC]]-CTS_Source[[#This Row],[Montant Payé]],\"\")","v":""},null,9,null,null,2267]
["P",23,"2021-02-23",null,"02-306","CLIENT",null,null,"1","Tarif COMPTOIR",null,null,null,3964.7058823534044,9.999999999998832E-2,396.47058823529414,3568.2352941181102,0.19,677.96470588244085,4246.200000000551,{"$f":"IF(CTS_Source[[#This Row],[Montant Payé]]>0,CTS_Source[[#This Row],[Montant TTC]]-CTS_Source[[#This Row],[Montant Payé]],\"\")","v":0},4246.200000000551,null,0,2,2270]
[null,null,null,"02-306",null,null,"1-PRS",3,"GVD","Gravure de fichiers sur DVD","U",1,168.0672268912185,168.0672268912185,9.999999999998832E-2,16.806722689119887,151.26050420209862,0.19,28.739495798398739,180.00000000049735,{"$f":"IF(CTS_Source[[#This Row],[Montant Payé]]>0,CTS_Source[[#This Row],[Montant TTC]]-CTS_Source[[#This Row],[Montant Payé]],\"\")","v":""},null,180.00000000049735,null,null,2273]
[null,null,null,"02-308",null,null,"1-PRS",1,"TP0","Tirage Couleur / Papier (aucun aplat) ","ML",0.5,504.20168067226894,252.10084033613447,0.1,25.210084033613448,226.89075630252103,0.19,43.109243697478995,270,{"$f":"IF(CTS_Source[[#This Row],[Montant Payé]]>0,CTS_Source[[#This Row],[Montant TTC]]-CTS_Source[[#This Row],[Montant Payé]],\"\")","v":""},null,540,null,null,2278]
["P",23,"2021-02-23",null,"02-310","CLIENT",null,null,"1","Tarif COMPTOIR",null,null,null,403.36134453781517,0.10416666666666666,42.016806722689076,361.3445378151261,0.19,68.655462184873954,430.00000000000006,{"$f":"IF(CTS_Source[[#This Row],[Montant Payé]]>0,CTS_Source[[#This Row],[Montant TTC]]-CTS_Source[[#This Row],[Montant Payé]],\"\")","v":0},430.00000000000006,null,0,2,2282]
[null,null,null,"02-310",null,null,"0-PRS",1,"C32","Copie Couleur A3-R /  Papier (tout aplat)","U",2,134.45378151260505,268.9075630252101,0.10416666666666666,28.011204481792717,240.89635854341736,0.19,45.770308123249301,286.66666666666669,{"$f":"IF(CTS_Source[[#This Row],[Montant Payé]]>0,CTS_Source[[#This Row],[Montant TTC]]-CTS_Source[[#This Row],[Montant Payé]],\"\")","v":""},null,143.33333333333331,null,null,2283]
["P",23,"2021-02-23",null,"02-312","CLIENT",null,null,"1","Tarif COMPTOIR",null,null,null,1310.9243697478992,0.10256410256410257,134.45378151260505,1176.4705882352941,0.19,223.52941176470591,1400,{"$f":"IF(CTS_Source[[#This Row],[Montant Payé]]>0,CTS_Source[[#This Row],[Montant TTC]]-CTS_Source[[#This Row],[Montant Payé]],\"\")","v":0},1400,null,0,2,2287]
[null,null,null,"02-313",null,null,"1-PRS",1,"PP","Traçage Noir & Blanc / Papier ","ML",0.5,201.68067226890759,100.84033613445379,9.9999999999999992E-2,10.084033613445378,90.756302521008422,0.19,17.243697478991599,108.00000000000003,{"$f":"IF(CTS_Source[[#This Row],[Montant Payé]]>0,CTS_Source[[#This Row],[Montant TTC]]-CTS_Source[[#This Row],[Montant Payé]],\"\")","v":""},null,216.00000000000003,null,null,2291]
[null,null,null,"02-315",null,null,"0-PRS",1,"C4S","Copie Noir & Blanc A4-R /  Papier / Spéciale","U",4,16.806722689075631,67.226890756302524,0,0,67.226890756302524,0.19,12.77310924369748,80,{"$f":"IF(CTS_Source[[#This Row],[Montant Payé]]>0,CTS_Source[[#This Row],[Montant TTC]]-CTS_Source[[#This Row],[Montant Payé]],\"\")","v":""},null,20,null,null,2296]
[null,null,null,"02-316",null,null,"1-PRS",1,"C3","Copie Noir & Blanc A3-R /  Papier ","U",1,16.806722689075631,16.806722689075631,9.9999999999999992E-2,1.680672268907563,15.126050420168069,0.19,2.8739495798319332,18,{"$f":"IF(CTS_Source[[#This Row],[Montant Payé]]>0,CTS_Source[[#This Row],[Montant TTC]]-CTS_Source[[#This Row],[Montant Payé]],\"\")","v":""},null,18,null,null,2298]
[null,null,null,"02-317",null,null,"1-PRS",2,"TP","Tirage Noir & Blanc / Papier","ML",3.9,100.84033613445379,393.27731092436977,5.0632911392405056E-2,19.912775236676946,373.36453568769281,0.19,70.939261780661639,444.30379746835445,{"$f":"IF(CTS_Source[[#This Row],[Montant Payé]]>0,CTS_Source[[#This Row],[Montant TTC]]-CTS_Source[[#This Row],[Montant Payé]],\"\")","v":""},null,113.9240506329114,null,null,2302]
["P",23,"2021-02-23",null,"02-319","CLIENT",null,null,"1","Tarif COMPTOIR",null,null,null,134.45378151260505,9.9999999999999992E-2,13.445378151260504,121.00840336134455,0.19,22.991596638655466,144,{"$f":"IF(CTS_Source[[#This Row],[Montant Payé]]>0,CTS_Source[[#This Row],[Montant TTC]]-CTS_Source[[#This Row],[Montant Payé]],\"\")","v":0},144,null,0,2,2305]
[null,null,null,"02-320",null,null,"1-PRS",1,"I4","Impression Noir & Blanc A4-R /  Papier","U",32,16.806722689075631,537.81512605042019,0.18032786885245899,96.983055517288875,440.83207053313129,0.19,83.758093401294943,524.59016393442619,{"$f":"IF(CTS_Source[[#This Row],[Montant Payé]]>0,CTS_Source[[#This Row],[Montant TTC]]-CTS_Source[[#This Row],[Montant Payé]],\"\")","v":""},null,16.393442622950818,null,null,2309]
[null,null,null,"02-320",null,null,"1-PRS",2,"I40","Impression Couleur A4-R /  Papier (aucun aplat)","U",30,50.420168067226896,1512.6050420168069,0.18032786885245899,272.76484364237501,1239.840198374432,0.19,235.56963769114208,1475.4098360655742,{"$f":"IF(CTS_Source[[#This Row],[Montant Payé]]>0,CTS_Source[[#This Row],[Montant TTC]]-CTS_Source[[#This Row],[Montant Payé]],\"\")","v":""},null,49.180327868852473,null,null,2310]
[null,null,null,"02-322",null,null,"1-PRS",1,"I4","Impression Noir & Blanc A4-R /  Papier","U",2,16.806722689075631,33.613445378151262,0,0,33.613445378151262,0.19,6.3865546218487399,40,{"$f":"IF(CTS_Source[[#This Row],[Montant Payé]]>0,CTS_Source[[#This Row],[Montant TTC]]-CTS_Source[[#This Row],[Montant Payé]],\"\")","v":""},null,20,null,null,2314]
[null,null,null,"02-323",null,null,"1-PRS",3,"TP","Tirage Noir & Blanc / Papier","ML",2.8,100.84033613445379,282.35294117647061,0.10000000000000002,28.235294117647065,254.11764705882354,0.19,48.28235294117647,302.39999999999998,{"$f":"IF(CTS_Source[[#This Row],[Montant Payé]]>0,CTS_Source[[#This Row],[Montant TTC]]-CTS_Source[[#This Row],[Montant Payé]],\"\")","v":""},null,108,null,null,2319]
[null,null,null,"02-324",null,null,"1-PRS",1,"TP","Tirage Noir & Blanc / Papier","ML",13.2,100.84033613445379,1331.09243697479,0.16666666666666666,221.84873949579833,1109.2436974789916,0.19,210.75630252100842,1320,{"$f":"IF(CTS_Source[[#This Row],[Montant Payé]]>0,CTS_Source[[#This Row],[Montant TTC]]-CTS_Source[[#This Row],[Montant Payé]],\"\")","v":""},null,100.00000000000001,null,null,2322]
[null,null,null,"02-325",null,null,"1-PRS",1,"C4","Copie Noir & Blanc A4-R /  Papier","U",139,8.4033613445378155,1168.0672268907563,9.1515151515151494E-2,106.8958492487904,1061.1713776419658,0.19,201.62256175197351,1262.7939393939394,{"$f":"IF(CTS_Source[[#This Row],[Montant Payé]]>0,CTS_Source[[#This Row],[Montant TTC]]-CTS_Source[[#This Row],[Montant Payé]],\"\")","v":""},null,9.0848484848484841,null,null,2324]
[null,null,null,"02-326",null,null,"1-PRS",2,"TP0","Tirage Couleur / Papier (aucun aplat) ","ML",9.6,504.20168067226894,4840.3361344537816,0.10130718954248367,490.36085022244202,4349.9752842313392,0.19,826.4953040039544,5176.4705882352937,{"$f":"IF(CTS_Source[[#This Row],[Montant Payé]]>0,CTS_Source[[#This Row],[Montant TTC]]-CTS_Source[[#This Row],[Montant Payé]],\"\")","v":""},null,539.21568627450972,null,null,2330]
["P",24,"2021-02-24",null,"02-328","CLIENT",null,null,"1","Tarif COMPTOIR",null,null,null,672.26890756302532,9.9999999999999992E-2,67.226890756302524,605.04201680672281,0.19,114.95798319327733,720.00000000000011,{"$f":"IF(CTS_Source[[#This Row],[Montant Payé]]>0,CTS_Source[[#This Row],[Montant TTC]]-CTS_Source[[#This Row],[Montant Payé]],\"\")","v":0},720.00000000000011,null,0,2,2333]
[null,null,null,"02-329",null,null,"0-PRS",1,"R4S3","Reliure  A4 Spirale n° 32 à 51 + Transp. + Bristol","U",2,210.08,{"$f":"CTS_Source[[#This Row],[Quant.]]*CTS_Source[[#This Row],[Prix Unité HT]]","v":420.16},0.11329727593084421,{"$f":"CTS_Source[[#This Row],[Montant HT Brut]]*CTS_Source[[#This Row],[Remise %]]","v":47.602983455103505},{"$f":"CTS_Source[[#This Row],[Montant HT Brut]]-CTS_Source[[#This Row],[Remise Montant]]","v":372.5570165448965},0.19,{"$f":"CTS_Source[[#This Row],[Montant HT Net]]*CTS_Source[[#This Row],[Taux TVA]]","v":70.78583314353034},{"$f":"CTS_Source[[#This Row],[Montant HT Net]]+CTS_Source[[#This Row],[Montant TVA ]]","v":443.34284968842684},{"$f":"IF(CTS_Source[[#This Row],[Montant Payé]]>0,CTS_Source[[#This Row],[Montant TTC]]-CTS_Source[[#This Row],[Montant Payé]],\"\")","v":""},null,208.25,null,null,2337]
[null,null,null,"02-329",null,null,"1-PRS",2,"I4","Impression Noir & Blanc A4-R /  Papier","U",831,14,{"$f":"CTS_Source[[#This Row],[Quant.]]*CTS_Source[[#This Row],[Prix Unité HT]]","v":11634},0.11329727593084421,{"$f":"CTS_Source[[#This Row],[Montant HT Brut]]*CTS_Source[[#This Row],[Remise %]]","v":1318.1005081794415},{"$f":"CTS_Source[[#This Row],[Montant HT Brut]]-CTS_Source[[#This Row],[Remise Montant]]","v":10315.899491820559},0.19,{"$f":"CTS_Source[[#This Row],[Montant HT Net]]*CTS_Source[[#This Row],[Taux TVA]]","v":1960.0209034459062},{"$f":"CTS_Source[[#This Row],[Montant HT Net]]+CTS_Source[[#This Row],[Montant TVA ]]","v":12275.920395266465},{"$f":"IF(CTS_Source[[#This Row],[Montant Payé]]>0,CTS_Source[[#This Row],[Montant TTC]]-CTS_Source[[#This Row],[Montant Payé]],\"\")","v":""},null,16.66,null,null,2338]
["P",24,"2021-02-24",null,"02-331","CLIENT",null,null,"1","Tarif COMPTOIR",null,null,null,615.1260504201681,9.9999999999999992E-2,61.512605042016808,553.61344537815125,0.19,105.18655462184874,658.8,{"$f":"IF(CTS_Source[[#This Row],[Montant Payé]]>0,CTS_Source[[#This Row],[Montant TTC]]-CTS_Source[[#This Row],[Montant Payé]],\"\")","v":0},658.8,null,0,2,2342]
[null,null,null,"02-332",null,null,"2-BUR",2,"1-P4NR","Papier A4 / 080 gr / 500 f. extra blanc Noram ","U",1,487.39495798319331,487.39495798319331,0,0,487.39495798319331,0.19,92.605042016806735,580,{"$f":"IF(CTS_Source[[#This Row],[Montant Payé]]>0,CTS_Source[[#This Row],[Montant TTC]]-CTS_Source[[#This Row],[Montant Payé]],\"\")","v":""},null,580,null,null,2346]
["P",24,"2021-02-24",null,"02-335","CLIENT",null,null,"1","Tarif COMPTOIR",null,null,null,50.420168067226896,9.9999999999999992E-2,5.0420168067226889,45.378151260504211,0.19,8.6218487394957997,54.000000000000014,{"$f":"IF(CTS_Source[[#This Row],[Montant Payé]]>0,CTS_Source[[#This Row],[Montant TTC]]-CTS_Source[[#This Row],[Montant Payé]],\"\")","v":0},54.000000000000014,null,0,2,2351]
[null,null,null,"02-335",null,null,"1-PRS",2,"I4","Impression Noir & Blanc A4-R /  Papier","U",1,16.806722689075631,16.806722689075631,9.9999999999999992E-2,1.680672268907563,15.126050420168069,0.19,2.8739495798319332,18,{"$f":"IF(CTS_Source[[#This Row],[Montant Payé]]>0,CTS_Source[[#This Row],[Montant TTC]]-CTS_Source[[#This Row],[Montant Payé]],\"\")","v":""},null,18,null,null,2353]
[null,null,null,"02-336",null,null,"1-PRS",2,"PP","Traçage Noir & Blanc / Papier ","ML",1.95,201.68067226890759,393.27731092436977,0.14529914529914531,57.142857142857153,336.1344537815126,0.19,63.865546218487395,400,{"$f":"IF(CTS_Source[[#This Row],[Montant Payé]]>0,CTS_Source[[#This Row],[Montant TTC]]-CTS_Source[[#This Row],[Montant Payé]],\"\")","v":""},null,205.12820512820514,null,null,2356]
[null,null,null,"02-338",null,null,"1-PRS",1,"TP","Tirage Noir & Blanc / Papier","ML",1,100.84033613445379,100.84033613445379,9.9999999999999992E-2,10.084033613445378,90.756302521008422,0.19,17.243697478991599,108.00000000000003,{"$f":"IF(CTS_Source[[#This Row],[Montant Payé]]>0,CTS_Source[[#This Row],[Montant TTC]]-CTS_Source[[#This Row],[Montant Payé]],\"\")","v":""},null,108.00000000000001,null,null,2361]
["P",24,"2021-02-24",null,"02-339","CLIENT",null,null,"1","Tarif COMPTOIR",null,null,null,1949.5798319327735,0.13793103448275859,268.9075630252101,1680.6722689075634,0.19,319.32773109243703,2000.0000000000005,{"$f":"IF(CTS_Source[[#This Row],[Montant Payé]]>0,CTS_Source[[#This Row],[Montant TTC]]-CTS_Source[[#This Row],[Montant Payé]],\"\")","v":0},2000.0000000000005,null,0,2,2362]
[null,null,null,"02-339",null,null,"0-PRS",3,"C4S","Copie Noir & Blanc A4-R /  Papier / Spéciale","U",1,16.806722689075631,16.806722689075631,0.13793103448275859,2.3181686467690521,14.488554042306578,0.19,2.7528252680382499,17.241379310344829,{"$f":"IF(CTS_Source[[#This Row],[Montant Payé]]>0,CTS_Source[[#This Row],[Montant TTC]]-CTS_Source[[#This Row],[Montant Payé]],\"\")","v":""},null,17.241379310344829,null,null,2365]
["P",24,"2021-02-24",null,"02-341","CLIENT",null,null,"1","Tarif COMPTOIR",null,null,null,4003.361344537816,9.9999999999999992E-2,400.33613445378154,3603.0252100840344,0.19,684.57478991596656,4287.6000000000013,{"$f":"IF(CTS_Source[[#This Row],[Montant Payé]]>0,CTS_Source[[#This Row],[Montant TTC]]-CTS_Source[[#This Row],[Montant Payé]],\"\")","v":0},4287.6000000000013,null,0,2,2369]
[null,null,null,"02-343",null,null,"1-PRS",1,"TP","Tirage Noir & Blanc / Papier","ML",1.6,100.84033613445379,161.34453781512607,0.16666666666666666,26.890756302521012,134.45378151260508,0.19,25.546218487394963,160.00000000000003,{"$f":"IF(CTS_Source[[#This Row],[Montant Payé]]>0,CTS_Source[[#This Row],[Montant TTC]]-CTS_Source[[#This Row],[Montant Payé]],\"\")","v":""},null,100.00000000000001,null,null,2374]
[null,null,null,"02-344",null,null,"0-PRS",2,"AGP","Agrafage document (agrafes PM) - de 20 f","U",7,8.4033613445378155,58.82352941176471,0.10179640718562874,5.9880239520958085,52.835505459668902,0.19,10.038746037337091,62.874251497005993,{"$f":"IF(CTS_Source[[#This Row],[Montant Payé]]>0,CTS_Source[[#This Row],[Montant TTC]]-CTS_Source[[#This Row],[Montant Payé]],\"\")","v":""},null,8.9820359281437128,null,null,2377]
["P",24,"2021-02-24",null,"02-345","CLIENT",null,null,"1","Tarif COMPTOIR",null,null,null,2008.4033613445379,0.10041841004184102,201.68067226890759,1806.7226890756303,0.19,343.27731092436977,2150,{"$f":"IF(CTS_Source[[#This Row],[Montant Payé]]>0,CTS_Source[[#This Row],[Montant TTC]]-CTS_Source[[#This Row],[Montant Payé]],\"\")","v":0},2150,null,0,2,2379]
[null,null,null,"02-345",null,null,"1-PRS",6,"I4","Impression Noir & Blanc A4-R /  Papier","U",29,16.806722689075631,487.39495798319331,0.10041841004184102,48.943426743082178,438.45153124011114,0.19,83.305790935621118,521.75732217573227,{"$f":"IF(CTS_Source[[#This Row],[Montant Payé]]>0,CTS_Source[[#This Row],[Montant TTC]]-CTS_Source[[#This Row],[Montant Payé]],\"\")","v":""},null,17.99163179916318,null,null,2385]
[null,null,null,"02-346",null,null,"0-PRS",1,"I42","Impression Couleur A4-R /  Papier (tout aplat)","U",1,84.033613445378151,84.033613445378151,0.1,8.4033613445378155,75.630252100840337,0.19,14.369747899159664,90,{"$f":"IF(CTS_Source[[#This Row],[Montant Payé]]>0,CTS_Source[[#This Row],[Montant TTC]]-CTS_Source[[#This Row],[Montant Payé]],\"\")","v":""},null,90,null,null,2388]
["P",10,"2021-03-10",null,"02-348","CLIENT",null,null,"1","Tarif COMPTOIR",null,null,null,2873.9495798319331,2.9824561403508771E-2,85.714285714285722,2788.2352941176473,0.19,529.76470588235293,3318,{"$f":"IF(CTS_Source[[#This Row],[Montant Payé]]>0,CTS_Source[[#This Row],[Montant TTC]]-CTS_Source[[#This Row],[Montant Payé]],\"\")","v":0},{"$f":"CTS_Source[[#This Row],[Montant TTC]]","v":3318},null,"LADJOUZI",2,2392]
[null,null,null,"02-348",null,null,"2-BUR",1,"5-BC35","Boite de classement en PP D.35","U",8,252.10084033613447,2016.8067226890757,2.9824561403508771E-2,60.150375939849624,1956.656346749226,0.19,371.76470588235293,2328.4210526315792,{"$f":"IF(CTS_Source[[#This Row],[Montant Payé]]>0,CTS_Source[[#This Row],[Montant TTC]]-CTS_Source[[#This Row],[Montant Payé]],\"\")","v":""},null,291.05263157894734,null,null,2393]
[null,null,null,"02-349",null,null,"1-PRS",1,"I4","Impression Noir & Blanc A4-R /  Papier","U",4,16.806722689075631,67.226890756302524,0.12739965095986039,8.5646824174696068,58.662208338832919,0.19,11.145819584378255,69.808027923211171,{"$f":"IF(CTS_Source[[#This Row],[Montant Payé]]>0,CTS_Source[[#This Row],[Montant TTC]]-CTS_Source[[#This Row],[Montant Payé]],\"\")","v":""},null,17.452006980802793,null,null,2397]
[null,null,null,"02-349",null,null,"0-PRS",5,"R4S1","Reliure  A4 Spirale n° 06 à 18 + Transp. + Bristol","U",4,126.05042016806723,504.20168067226894,0.12739965095986039,64.235118131022048,439.9665625412469,0.19,83.593646882836907,523.56020942408384,{"$f":"IF(CTS_Source[[#This Row],[Montant Payé]]>0,CTS_Source[[#This Row],[Montant TTC]]-CTS_Source[[#This Row],[Montant Payé]],\"\")","v":""},null,130.89005235602096,null,null,2401]
[null,null,null,"02-350",null,null,"1-PRS",3,"PP","Traçage Noir & Blanc / Papier ","ML",0.85,201.68067226890759,171.42857142857144,0.15306358381502891,26.239471511147816,145.18909991742362,0.19,27.585928984310488,172.77502890173412,{"$f":"IF(CTS_Source[[#This Row],[Montant Payé]]>0,CTS_Source[[#This Row],[Montant TTC]]-CTS_Source[[#This Row],[Montant Payé]],\"\")","v":""},null,203.26473988439304,null,null,2406]
["P",25,"2021-02-25",null,"02-352","CLIENT",null,null,"1","Tarif COMPTOIR",null,null,null,1327.7310924369749,0.1,132.77310924369749,1194.9579831932774,0.19,227.0420168067227,1422,{"$f":"IF(CTS_Source[[#This Row],[Montant Payé]]>0,CTS_Source[[#This Row],[Montant TTC]]-CTS_Source[[#This Row],[Montant Payé]],\"\")","v":0},1422,null,0,2,2409]
[null,null,null,"02-352",null,null,"1-PRS",2,"C3","Copie Noir & Blanc A3-R /  Papier ","U",66,16.806722689075631,1109.2436974789916,0.1,110.92436974789916,998.31932773109247,0.19,189.68067226890759,1188,{"$f":"IF(CTS_Source[[#This Row],[Montant Payé]]>0,CTS_Source[[#This Row],[Montant TTC]]-CTS_Source[[#This Row],[Montant Payé]],\"\")","v":""},null,18,null,null,2411]
["P",25,"2021-02-25",null,"02-355","CLIENT",null,null,"1","Tarif COMPTOIR",null,null,null,50.420168067226896,0,0,50.420168067226896,0.19,9.5798319327731107,60.000000000000007,{"$f":"IF(CTS_Source[[#This Row],[Montant Payé]]>0,CTS_Source[[#This Row],[Montant TTC]]-CTS_Source[[#This Row],[Montant Payé]],\"\")","v":0},60.000000000000007,null,0,2,2416]
[null,null,null,"02-355",null,null,"1-PRS",1,"I4","Impression Noir & Blanc A4-R /  Papier","U",3,16.806722689075631,50.420168067226896,0,0,50.420168067226896,0.19,9.5798319327731107,60.000000000000007,{"$f":"IF(CTS_Source[[#This Row],[Montant Payé]]>0,CTS_Source[[#This Row],[Montant TTC]]-CTS_Source[[#This Row],[Montant Payé]],\"\")","v":""},null,20,null,null,2417]
[null,null,null,"02-356",null,null,"0-PRS",2,"C31B","Copie Couleur A3-R / Bristol (avec aplats)","U",5,117.64705882352942,588.23529411764707,9.9999999999999992E-2,58.823529411764703,529.41176470588232,0.19,100.58823529411764,630,{"$f":"IF(CTS_Source[[#This Row],[Montant Payé]]>0,CTS_Source[[#This Row],[Montant TTC]]-CTS_Source[[#This Row],[Montant Payé]],\"\")","v":""},null,125.99999999999999,null,null,2420]
["P",25,"2021-02-25",null,"02-358","CLIENT",null,null,"1","Tarif COMPTOIR",null,null,null,3146.2184873949582,0.1,314.62184873949582,2831.5966386554624,0.19,538.00336134453789,3369.6000000000004,{"$f":"IF(CTS_Source[[#This Row],[Montant Payé]]>0,CTS_Source[[#This Row],[Montant TTC]]-CTS_Source[[#This Row],[Montant Payé]],\"\")","v":0},3369.6000000000004,null,0,2,2424]
[null,null,null,"02-360",null,null,"2-BUR",1,"1-P4NR","Papier A4 / 080 gr / 500 f. extra blanc Noram ","U",34,487.39495798319331,16571.428571428572,0,0,16571.428571428572,0.19,3148.5714285714289,19720,{"$f":"IF(CTS_Source[[#This Row],[Montant Payé]]>0,CTS_Source[[#This Row],[Montant TTC]]-CTS_Source[[#This Row],[Montant Payé]],\"\")","v":""},null,580,null,null,2429]
["P",25,"2021-02-25",null,"02-362","CLIENT",null,null,"1","Tarif COMPTOIR",null,null,null,453.78151260504211,0.1111111111111111,50.420168067226896,403.36134453781523,0.19,76.638655462184886,480.00000000000011,{"$f":"IF(CTS_Source[[#This Row],[Montant Payé]]>0,CTS_Source[[#This Row],[Montant TTC]]-CTS_Source[[#This Row],[Montant Payé]],\"\")","v":0},480.00000000000011,null,0,2,2432]
[null,null,null,"02-362",null,null,"1-PRS",2,"PP","Traçage Noir & Blanc / Papier ","ML",1.5,201.68067226890759,302.52100840336141,0.1111111111111111,33.613445378151269,268.90756302521015,0.19,51.092436974789926,320.00000000000006,{"$f":"IF(CTS_Source[[#This Row],[Montant Payé]]>0,CTS_Source[[#This Row],[Montant TTC]]-CTS_Source[[#This Row],[Montant Payé]],\"\")","v":""},null,213.33333333333337,null,null,2434]
["P",28,"2021-02-28",null,"02-365","CLIENT",null,null,1,"Tarif COMPTOIR",null,null,null,151.2605042016807,0,0,151.2605042016807,0.19,28.739495798319332,180.00000000000003,0,180,null,0,2,2440]
["P",28,"2021-02-28",null,"02-366","CLIENT",null,null,1,"Tarif COMPTOIR",null,null,null,403.36134453781517,0,0,403.36134453781517,0.19,76.638655462184886,480.00000000000006,0,480,null,0,2,2443]
["P",28,"2021-02-28",null,"02-367","CLIENT",null,null,1,"Tarif COMPTOIR",null,null,null,151.2605042016807,0.11111111111111109,16.806722689075631,134.45378151260508,0.19,25.546218487394963,160.00000000000003,0,160,null,0,2,2445]
[null,null,null,"02-368",null,null,"1-PRS",1,"TP","Tirage Noir & Blanc / Papier","ML",9.6,100.84033613445379,968.06722689075639,0.1,96.806722689075642,871.26050420168076,0.19,165.53949579831934,1036.8000000000002,null,null,108.00000000000001,null,null,2448]
["P",28,"2021-02-28",null,"02-370","CLIENT",null,null,1,"Tarif COMPTOIR",null,null,null,1109.2436974789916,0.16666666666666666,184.87394957983193,924.36974789915973,0.19,175.63025210084035,1100,0,1100,null,0,2,2452]
[null,null,null,"02-371",null,null,"1-PRS",2,"I4","Impression Noir & Blanc A4-R /  Papier","U",5,16.806722689075631,84.033613445378151,9.9999999999999992E-2,8.4033613445378137,75.630252100840337,0.19,14.369747899159664,90,null,null,18,null,null,2456]
[null,null,null,"02-373",null,null,"0-PRS",1,"C42","Copie Couleur A4-R /  Papier (tout aplat)","U",3,67.226890756302524,201.68067226890759,0,0,201.68067226890759,0.19,38.319327731092443,240.00000000000003,null,null,80,null,null,2461]
["P",28,"2021-02-28",null,"02-375","CLIENT",null,null,1,"Tarif COMPTOIR",null,null,null,927.7310924369749,2.3913043478260867E-2,22.184873949579831,905.54621848739509,0.19,172.05378151260507,1077.6000000000001,0,1077.5999999999999,null,0,2,2464]
[null,null,null,"02-375",null,null,"1-PRS",2,"TP","Tirage Noir & Blanc / Papier","ML",2.2000000000000002,100.84033613445379,221.84873949579836,2.3913043478260867E-2,5.3050785531603948,216.54366094263796,0.19,41.143295579101213,257.68695652173915,null,null,117.1304347826087,null,null,2466]
[null,null,null,"02-377",null,null,"1-PRS",1,"TP","Tirage Noir & Blanc / Papier","ML",16.5,100.84033613445379,1663.8655462184877,9.9999999999999992E-2,166.38655462184875,1497.4789915966389,0.19,284.52100840336141,1782.0000000000005,null,null,108.00000000000001,null,null,2471]
["F",28,"2021-02-28",null,"02-378","HANAFIA Ben Saad",null,null,2,"Tarif CONVENTION",null,null,null,{"$f":"SUM(N2512:N2514)","v":2882.3999999999996},0,0,{"$f":"SUM(Q2512:Q2514)","v":2882.3999999999996},0.19,{"$f":"SUM(S2512:S2514)","v":547.65599999999995},{"$f":"SUM(T2512:T2514)","v":3430.056},null,{"$f":"CTS_Source[[#This Row],[Montant TTC]]","v":3430.056},null,"F 21.02-11",2,2475]
[null,null,null,"02-378",null,null,"1-PRS",1,"TP","Tirage Noir & Blanc / Papier","ML",25.2,84,{"$f":"CTS_Source[[#This Row],[Quant.]]*CTS_Source[[#This Row],[Prix Unité HT]]","v":2116.7999999999997},0,0,{"$f":"CTS_Source[[#This Row],[Montant HT Brut]]-CTS_Source[[#This Row],[Remise Montant]]","v":2116.7999999999997},0.19,{"$f":"CTS_Source[[#This Row],[Montant HT Net]]*CTS_Source[[#This Row],[Taux TVA]]","v":402.19199999999995},{"$f":"CTS_Source[[#This Row],[Montant HT Net]]+CTS_Source[[#This Row],[Montant TVA ]]","v":2518.9919999999997},null,null,99.95999999999998,null,null,2476]
[null,null,null,"02-379",null,null,"1-PRS",1,"PP","Traçage Noir & Blanc / Papier ","ML",6.6,201.68067226890759,1331.09243697479,0.10037878787878787,133.61344537815125,1197.4789915966387,0.19,227.52100840336135,1425,null,null,215.90909090909091,null,null,2480]
["P",28,"2021-02-28",null,"02-381","CLIENT",null,null,1,"Tarif COMPTOIR",null,null,null,927.73109243697479,0.10326086956521739,95.798319327731093,831.93277310924373,0.19,158.0672268907563,990,0,990,null,0,2,2484]
[null,null,null,"02-382",null,null,"1-PRS",1,"C4","Copie Noir & Blanc A4-R /  Papier","U",273,8.4033613445378155,2294.1176470588234,0.10067114093959734,230.95144097907624,2063.1662060797471,0.19,392.00157915515194,2455.1677852348989,null,null,8.9932885906040259,null,null,2487]
["P",28,"2021-02-28",null,"02-383","CLIENT",null,null,1,"Tarif COMPTOIR",null,null,null,727.7310924369749,9.9999999999999978E-2,72.773109243697476,654.95798319327741,0.19,124.44201680672271,779.40000000000009,0,779.4,null,0,2,2489]
[null,null,null,"02-383",null,null,"1-PRS",6,"C4","Copie Noir & Blanc A4-R /  Papier","U",19,8.4033613445378155,159.66386554621849,9.9999999999999978E-2,15.966386554621845,143.69747899159665,0.19,27.302521008403364,171.00000000000003,null,null,9,null,null,2495]
["P",28,"2021-02-28",null,"02-384","CLIENT",null,null,1,"Tarif COMPTOIR",null,null,null,67.226890756302524,0,0,67.226890756302524,0.19,12.77310924369748,80,0,80,null,0,2,2498]
["P",28,"2021-02-28",null,"02-385","CLIENT",null,null,1,"Tarif COMPTOIR",null,null,null,121.00840336134455,0,0,121.00840336134455,0.19,22.991596638655466,144,0,144,null,0,2,2500]
[null,null,null,"03-001",null,null,"1-PRS",1,"TP","Tirage Noir & Blanc / Papier","ML",2.1,100.84033613445379,211.76470588235298,7.9365079365079343E-3,1.6806722689075628,210.08403361344543,0.19,39.915966386554629,250.00000000000006,null,null,119.04761904761907,null,null,2503]
[null,null,null,"03-003",null,null,"1-PRS",2,"I4","Impression Noir & Blanc A4-R /  Papier","U",1,16.806722689075631,16.806722689075631,0,0,16.806722689075631,0.19,3.1932773109243699,20,null,null,20,null,null,2508]
["P",1,"2021-03-01",null,"03-005","CLIENT",null,null,1,"Tarif COMPTOIR",null,null,null,973.10924369747909,0.10189982728842832,99.159663865546221,873.94957983193285,0.19,166.05042016806723,1040,0,1040,null,0,3,2511]
["P",1,"2021-03-01",null,"03-007","CLIENT",null,null,1,"Tarif COMPTOIR",null,null,null,1319.327731092437,6.369426751592357E-3,8.4033613445378155,1310.9243697478992,0.19,249.07563025210084,1560,0,1560,null,0,3,2516]
[null,null,null,"03-007",null,null,"2-BUR",3,"5-CDS","Chemise dossier simple","U",10,12.605042016806724,126.05042016806723,6.369426751592357E-3,0.80286891826794415,125.24755124979929,0.19,23.797034737461864,149.04458598726114,null,null,14.904458598726116,null,null,2519]
[null,null,null,"03-007",null,null,"2-BUR",5,"8-CC16","Ciseaux 16cm","U",2,117.64705882352942,235.29411764705884,6.369426751592357E-3,1.4986886474334959,233.79542899962536,0.19,44.42113150992882,278.2165605095542,null,null,139.10828025477707,null,null,2521]
[null,null,null,"03-007",null,null,"2-BUR",8,"2-S967","Stylo Topliner 967","U",1,84.033613445378151,84.033613445378151,6.369426751592357E-3,0.53524594551196281,83.498367499866191,0.19,15.864689824974576,99.363057324840767,null,null,99.363057324840767,null,null,2524]
[null,null,null,"03-010",null,null,"2-BUR",1,"AGP",null,"U",12,{"$f":"CTS_Source[[#This Row],[Prix U. TTC]]/1.19","v":8.4033613445378155},{"$f":"CTS_Source[[#This Row],[Quant.]]*CTS_Source[[#This Row],[Prix Unité HT]]","v":100.84033613445379},0,0,{"$f":"CTS_Source[[#This Row],[Montant HT Brut]]-CTS_Source[[#This Row],[Remise Montant]]","v":100.84033613445379},0.19,{"$f":"CTS_Source[[#This Row],[Montant HT Net]]*CTS_Source[[#This Row],[Taux TVA]]","v":19.159663865546221},{"$f":"CTS_Source[[#This Row],[Montant HT Net]]+CTS_Source[[#This Row],[Montant TVA ]]","v":120.00000000000001},null,null,10,null,null,2530]
[null,null,null,null,null,null,"1-PRS",2,"C8",null,"U",13,{"$f":"CTS_Source[[#This Row],[Prix U. TTC]]/1.19","v":16.806722689075631},{"$f":"CTS_Source[[#This Row],[Quant.]]*CTS_Source[[#This Row],[Prix Unité HT]]","v":218.48739495798321},null,0,{"$f":"CTS_Source[[#This Row],[Montant HT Brut]]-CTS_Source[[#This Row],[Remise Montant]]","v":218.48739495798321},0.19,{"$f":"CTS_Source[[#This Row],[Montant HT Net]]*CTS_Source[[#This Row],[Taux TVA]]","v":41.512605042016808},{"$f":"CTS_Source[[#This Row],[Montant HT Net]]+CTS_Source[[#This Row],[Montant TVA ]]","v":260},null,null,20,null,null,2531]
[null,null,null,"03-011",null,null,"1-PRS",2,"I4","Impression Noir & Blanc A4-R /  Papier","U",2,16.806722689075631,33.613445378151262,0,0,33.613445378151262,0.19,6.3865546218487399,40,null,null,20,null,null,2535]
[null,null,null,"03-012",null,null,"1-PRS",3,"C4","Copie Noir & Blanc A4-R /  Papier","U",4,8.4033613445378155,33.613445378151262,0,0,33.613445378151262,0.19,6.3865546218487399,40,null,null,10,null,null,2539]
[null,null,null,"03-013",null,null,"2-BUR",1,"2-SF1","Surligneurs Fluo Schneider / 1u","U",2,92.436974789915965,184.87394957983193,0.13043478260869565,24.113993423456339,160.75995615637558,0.19,30.544391669711359,191.30434782608694,null,null,95.65217391304347,null,null,2542]
[null,null,null,"03-013",null,null,"1-PRS",3,"I4","Impression Noir & Blanc A4-R /  Papier","U",3,16.806722689075631,50.420168067226896,0.13043478260869565,6.5765436609426384,43.843624406284256,0.19,8.330288637194009,52.173913043478265,null,null,17.391304347826086,null,null,2544]
[null,null,null,"03-016",null,null,"1-PRS",1,"TP","Tirage Noir & Blanc / Papier","ML",3.6,100.84033613445379,363.02521008403369,9.9999999999999992E-2,36.302521008403367,326.72268907563034,0.19,62.077310924369769,388.80000000000013,null,null,108.00000000000001,null,null,2550]
["P",1,"2021-03-01",null,"03-018","CLIENT",null,null,1,"Tarif COMPTOIR",null,null,null,4490.7563025210093,0.17664670658682632,793.27731092436977,3697.4789915966394,0.19,702.52100840336152,4400.0000000000009,0,4400,null,0,3,2553]
[null,null,null,"03-018",null,null,"1-PRS",2,"PP","Traçage Noir & Blanc / Papier ","ML",21.85,201.68067226890759,4406.722689075631,0.17664670658682632,778.43304986665328,3628.2896392089779,0.19,689.37503144970583,4317.6646706586835,null,null,197.6047904191617,null,null,2555]
[null,null,null,"03-019",null,null,"0-PRS",2,"C41","Copie Couleur A4-R /  Papier (avec aplats)","U",6,50.420168067226896,302.52100840336141,9.5348837209302317E-2,28.845026382646086,273.67598202071531,0.19,51.998436583935913,325.67441860465124,null,null,54.279069767441868,null,null,2558]
[null,null,null,"03-019",null,null,"0-PRS",7,"C42","Copie Couleur A4-R /  Papier (tout aplat)","U",2,67.226890756302524,134.45378151260505,9.5348837209302317E-2,12.82001172562048,121.63376978698457,0.19,23.110416259527071,144.74418604651163,null,null,72.372093023255815,null,null,2563]
[null,null,null,"03-020",null,null,"1-PRS",1,"C6","Copie Noir & Blanc A3-RV /  Papier","U",90,33.613445378151262,3025.2100840336134,0.17500000000000002,529.41176470588243,2495.798319327731,0.19,474.20168067226888,2970,null,null,32.999999999999993,null,null,2566]
[null,null,null,"03-022",null,null,"1-PRS",2,"C30","Copie Couleur A3-R /  Papier (aucun aplat)","U",1,67.226890756302524,67.226890756302524,0,0,67.226890756302524,0.19,12.77310924369748,80,null,null,80,null,null,2571]
[null,null,null,"03-023",null,null,"1-PRS",1,"TP0","Tirage Couleur / Papier (aucun aplat) ","ML",1.8,504.20168067226894,907.56302521008411,0,0,907.56302521008411,0.19,172.43697478991598,1080,null,null,600,null,null,2574]
["P",1,"2021-03-02",null,"03-024","CLIENT",null,null,1,"Tarif COMPTOIR",null,null,null,168.0672268907563,0,0,168.0672268907563,0.19,31.932773109243698,200,0,200,null,0,3,2576]
[null,null,null,"03-025",null,null,"1-PRS",1,"PP","Traçage Noir & Blanc / Papier ","ML",0.5,201.68067226890759,100.84033613445379,0,0,100.84033613445379,0.19,19.159663865546221,120.00000000000001,null,null,240.00000000000003,null,null,2579]
["P",1,"2021-03-02",null,"03-028","CLIENT",null,null,1,"Tarif COMPTOIR",null,null,null,917.64705882352939,0.23992673992673993,220.16806722689077,697.47899159663859,0.19,132.52100840336135,830,0,830,null,0,3,2585]
[null,null,null,"03-028",null,null,"2-BUR",1,"6-EB52219","Enveloppe blanche 260 x 360 (n° 52219) H","U",1,25.210084033613448,25.210084033613448,0.23992673992673993,6.0485732754640322,19.161510758149415,0.19,3.6406870440483887,22.802197802197803,null,null,22.802197802197803,null,null,2586]
[null,null,null,"03-028",null,null,"0-PRS",5,"C4S","Copie Noir & Blanc A4-R /  Papier / Spéciale","U",1,16.806722689075631,16.806722689075631,0.23992673992673993,4.0323821836426879,12.774340505432942,0.19,2.427124696032259,15.201465201465201,null,null,15.201465201465201,null,null,2590]
["P",1,"2021-03-02",null,"03-029","CLIENT",null,null,1,"Tarif COMPTOIR",null,null,null,285.71428571428572,0.11764705882352941,33.613445378151262,252.10084033613447,0.19,47.899159663865547,300,0,300,null,0,3,2594]
["P",1,"2021-03-02",null,"03-030","CLIENT",null,null,1,"Tarif COMPTOIR",null,null,null,605.0420168067227,0,0,605.0420168067227,0.19,114.95798319327731,720,0,720,null,0,3,2598]
[null,null,null,"03-030",null,null,"0-PRS",1,"C32","Copie Couleur A3-R /  Papier (tout aplat)","U",2,134.45378151260505,268.9075630252101,0,0,268.9075630252101,0.19,51.092436974789919,320,null,null,160,null,null,2599]
["P",1,"2021-03-02",null,"03-033","CLIENT",null,null,1,"Tarif COMPTOIR",null,null,null,272.26890756302527,9.9999999999999978E-2,27.22689075630252,245.04201680672276,0.19,46.557983193277323,291.60000000000008,0,291.60000000000002,null,0,3,2605]
[null,null,null,"03-034",null,null,"1-PRS",1,"PP","Traçage Noir & Blanc / Papier ","ML",8.15,201.68067226890759,1643.6974789915969,0.10020449897750511,164.70588235294119,1478.9915966386557,0.19,281.00840336134456,1760.0000000000002,null,null,215.95092024539878,null,null,2608]
[null,null,null,"03-035",null,null,"1-PRS",1,"C8","Copie Noir & Blanc A4-RV /  Papier","U",30,16.806722689075631,504.20168067226894,0,0,504.20168067226894,0.19,95.798319327731093,600,null,null,20,null,null,2610]
[null,null,null,"03-036",null,null,"0-PRS",2,"N3","Numérisation Noir & Blanc A3 à plat","U",10,33.613445378151262,336.1344537815126,0.10796178343949045,36.289675105711076,299.84477867580154,0.19,56.970507948402293,356.81528662420385,null,null,35.681528662420384,null,null,2613]
[null,null,null,"03-038",null,null,"0-PRS",1,"I31B","Impression Couleur A3-R / Bristol (avec aplats)","U",1,151.26050420168067,151.26050420168067,0,0,151.26050420168067,0.19,28.739495798319329,180,null,null,180,null,null,2618]
[null,null,null,"03-039",null,null,"0-PRS",2,"R4B1","Reliure  A4 Baguette n° 03 à 08 + Transp. + Bristol","U",1,84.033613445378151,84.033613445378151,3.8461538461538464E-2,3.2320620555914674,80.801551389786681,0.19,15.35229476405947,96.153846153846146,null,null,96.153846153846146,null,null,2622]
[null,null,null,"03-041",null,null,"1-PRS",1,"PP","Traçage Noir & Blanc / Papier ","ML",2.7,201.68067226890759,544.53781512605053,9.9999999999999978E-2,54.45378151260504,490.08403361344551,0.19,93.115966386554646,583.20000000000016,null,null,216.00000000000003,null,null,2626]
[null,null,null,"03-042",null,null,"1-PRS",2,"TP","Tirage Noir & Blanc / Papier","ML",1.1000000000000001,100.84033613445379,110.92436974789918,0,0,110.92436974789918,0.19,21.075630252100844,132.00000000000003,null,null,120.00000000000001,null,null,2629]
[null,null,null,"03-043",null,null,"1-PRS",1,"I4","Impression Noir & Blanc A4-R /  Papier","U",9,16.806722689075631,151.26050420168067,0,0,151.26050420168067,0.19,28.739495798319329,180,null,null,20,null,null,2631]
["I",3,"2021-03-03",null,"03-045","CLIENT",null,null,1,"Tarif COMPTOIR",null,null,null,13949.579831932773,8.8975903614457841E-2,1241.1764705882354,12708.403361344537,0.19,2414.5966386554619,15123,0,15123,null,0,3,2634]
[null,null,null,"03-045",null,null,"2-BUR",6,"8-CSGM","Colle stick GM","U",1,75.630252100840337,75.630252100840337,8.8975903614457841E-2,6.7292700212615175,68.900982079578824,0.19,13.091186595119977,81.992168674698803,null,null,81.992168674698803,null,null,2640]
["P",3,"2021-03-03",null,"03-046","CLIENT",null,null,1,"Tarif COMPTOIR",null,null,null,647.05882352941182,0.10389610389610389,67.226890756302524,579.83193277310932,0.19,110.16806722689076,690.00000000000011,0,690,null,0,3,2642]
[null,null,null,"03-046",null,null,"0-PRS",3,"C4S","Copie Noir & Blanc A4-R /  Papier / Spéciale","U",1,16.806722689075631,16.806722689075631,0.10389610389610389,1.7461530066572082,15.060569682418423,0.19,2.8615082396595004,17.922077922077925,null,null,17.922077922077921,null,null,2645]
["P",3,"2021-03-03",null,"03-048","CLIENT",null,null,1,"Tarif COMPTOIR",null,null,null,134.45378151260505,9.9999999999999992E-2,13.445378151260504,121.00840336134455,0.19,22.991596638655466,144,0,144,null,0,3,2649]
[null,null,null,"03-049",null,null,"1-PRS",3,"TP","Tirage Noir & Blanc / Papier","ML",2.4,100.84033613445379,242.0168067226891,9.9999999999999992E-2,24.201680672268907,217.81512605042019,0.19,41.384873949579834,259.20000000000005,null,null,108.00000000000001,null,null,2654]
[null,null,null,"03-050",null,null,"1-PRS",1,"C4","Copie Noir & Blanc A4-R /  Papier","U",4,8.4033613445378155,33.613445378151262,0.1,3.3613445378151265,30.252100840336134,0.19,5.7478991596638656,36,null,null,9,null,null,2657]
[null,null,null,"03-051",null,null,"1-PRS",1,"C4","Copie Noir & Blanc A4-R /  Papier","U",5,8.4033613445378155,42.016806722689076,0.1,4.2016806722689077,37.815126050420169,0.19,7.1848739495798322,45,null,null,9,null,null,2660]
[null,null,null,"03-052",null,null,"2-BUR",1,"6-BACR","Boite d'archives en carton rigide","U",1,134.45378151260505,134.45378151260505,0.10067446043165468,13.5360619067771,120.91771960582795,0.19,22.974366725107313,143.89208633093526,null,null,143.89208633093526,null,null,2663]
["P",3,"2021-03-03",null,"03-053","CLIENT",null,null,1,"Tarif COMPTOIR",null,null,null,302.52100840336141,0,0,302.52100840336141,0.19,57.478991596638664,360.00000000000006,0,360,null,0,3,2665]
[null,null,null,"03-054",null,null,"1-PRS",1,"I4","Impression Noir & Blanc A4-R /  Papier","U",51,16.806722689075631,857.14285714285722,0.1,85.714285714285722,771.42857142857156,0.19,146.57142857142861,918.00000000000023,null,null,18.000000000000004,null,null,2668]
[null,null,null,"03-056",null,null,"1-PRS",2,"C4","Copie Noir & Blanc A4-R /  Papier","U",54,8.4033613445378155,453.78151260504205,0.1013553329404832,45.993176292320108,407.78833631272192,0.19,77.479783899417171,485.26812021213908,null,null,8.9864466705951678,null,null,2673]
[null,null,null,"03-057",null,null,"1-PRS",2,"TP0","Tirage Couleur / Papier (aucun aplat) ","ML",1.2,504.20168067226894,605.0420168067227,0.1,60.504201680672274,544.53781512605042,0.19,103.46218487394958,648,null,null,540,null,null,2677]
["P",3,"2021-03-03",null,"03-059","CLIENT",null,null,1,"Tarif COMPTOIR",null,null,null,453.78151260504205,7.407407407407407E-2,33.613445378151262,420.1680672268908,0.19,79.831932773109259,500.00000000000006,0,500,null,0,3,2681]
[null,null,null,"03-059",null,null,"1-PRS",1,"NP","Numérisation Noir & Blanc de plan ou carte","ML",2.25,201.68067226890759,453.78151260504205,7.407407407407407E-2,33.613445378151262,420.1680672268908,0.19,79.831932773109259,500.00000000000006,null,null,222.22222222222223,null,null,2682]
["P",3,"2021-03-03",null,"03-062","CLIENT",null,null,1,"Tarif COMPTOIR",null,null,null,96.638655462184872,0,0,96.638655462184872,0.19,18.361344537815128,115,0,115,null,0,3,2688]
[null,null,null,"03-062",null,null,"2-BUR",1,"8-CUTP","Cutter Plastique","U",1,75.630252100840337,75.630252100840337,0,0,75.630252100840337,0.19,14.369747899159664,90,null,null,90,null,null,2689]
["P",3,"2021-03-03",null,"03-065","CLIENT",null,null,1,"Tarif COMPTOIR",null,null,null,1633.6134453781515,9.9999999999999992E-2,163.36134453781514,1470.2521008403364,0.19,279.34789915966394,1749.6000000000004,0,1749.6,null,0,3,2695]
[null,null,null,"03-065",null,null,"1-PRS",2,"PP","Traçage Noir & Blanc / Papier ","ML",2.7,201.68067226890759,544.53781512605053,9.9999999999999992E-2,54.453781512605048,490.08403361344551,0.19,93.115966386554646,583.20000000000016,null,null,216.00000000000003,null,null,2697]
[null,null,null,"03-066",null,null,"1-PRS",2,"TP0","Tirage Couleur / Papier (aucun aplat) ","ML",13.85,504.20168067226894,6983.1932773109247,0.1,698.31932773109247,6284.8739495798327,0.19,1194.1260504201682,7479.0000000000009,null,null,540.00000000000011,null,null,2700]
[null,null,null,"03-067",null,null,"1-PRS",3,"NP","Numérisation Noir & Blanc de plan ou carte","ML",21,168,3528,0,0,3528,0.19,670.32,4198.32,null,null,199.92,null,null,2704]
["P",4,"2021-03-04",null,"03-070","CLIENT",null,null,1,"Tarif COMPTOIR",null,null,null,378.15126050420167,0.11111111111111112,42.016806722689076,336.1344537815126,0.19,63.865546218487395,400,0,400,null,0,3,2709]
[null,null,null,"03-071",null,null,"1-PRS",1,"TP","Tirage Noir & Blanc / Papier","ML",1.9,100.84033613445379,191.59663865546219,0.12280701754385966,23.529411764705884,168.0672268907563,0.19,31.932773109243698,200,null,null,105.26315789473685,null,null,2712]
["P",4,"2021-03-04",null,"03-072","CLIENT",null,null,1,"Tarif COMPTOIR",null,null,null,5865.5462184873959,0.14040114613180515,823.52941176470597,5042.0168067226896,0.19,957.98319327731099,6000.0000000000009,0,6000,null,0,3,2713]
["P",4,"2021-03-04",null,"03-073","CLIENT",null,null,1,"Tarif COMPTOIR",null,null,null,268.9075630252101,0,0,268.9075630252101,0.19,51.092436974789919,320,0,320,null,0,3,2718]
["P",4,"2021-03-04",null,"03-074","CLIENT",null,null,1,"Tarif COMPTOIR",null,null,null,33.613445378151262,0,0,33.613445378151262,0.19,6.3865546218487399,40,0,40,null,0,3,2720]
[null,null,null,"03-075",null,null,"1-PRS",1,"TP","Tirage Noir & Blanc / Papier","ML",1,100.84033613445379,100.84033613445379,0.16666666666666666,16.806722689075631,84.033613445378165,0.19,15.966386554621852,100.00000000000001,null,null,100.00000000000001,null,null,2723]
[null,null,null,"03-077",null,null,"0-PRS",2,"AGP","Agrafage document (agrafes PM) - de 20 f","U",5,8.4033613445378155,42.016806722689076,5.2795031055900624E-2,2.2182786157941439,39.798528106894935,0.19,7.5617203403100373,47.360248447204974,null,null,9.4720496894409933,null,null,2728]
["P",4,"2021-03-04",null,"03-079","CLIENT",null,null,1,"Tarif COMPTOIR",null,null,null,0,0,-65126.050420168067,65126.050420168067,0.19,0,65126.050420168067,12373.949579831933,77500,null,"FARES",3,2732]
[null,null,null,"03-080",null,null,"1-PRS",2,"PP","Traçage Noir & Blanc / Papier ","ML",1.7,201.68067226890759,342.85714285714289,0,0,342.85714285714289,0.19,65.142857142857153,408.00000000000006,null,null,240.00000000000003,null,null,2736]
["P",4,"2021-03-07",null,"03-081","CLIENT",null,null,1,"Tarif COMPTOIR",null,null,null,2016.8067226890757,0,0,2016.8067226890757,0.19,383.19327731092437,2400,0,2400,null,0,3,2737]
[null,null,null,"03-082",null,null,"2-BUR",2,"5-CRPE","Chemise à rabats plastique avec élastiques","U",1,117.64705882352942,117.64705882352942,4.0000000000000001E-3,0.4705882352941177,117.1764705882353,0.19,22.263529411764708,139.44,null,null,139.44,null,null,2741]
["P",4,"2021-03-07",null,"03-083","CLIENT",null,null,1,"Tarif COMPTOIR",null,null,null,50.420168067226896,0,0,50.420168067226896,0.19,9.5798319327731107,60.000000000000007,0,60,null,0,3,2744]
[null,null,null,"03-085",null,null,"1-PRS",2,"I3","Impression Noir & Blanc A3-R /  Papier","U",8,33.613445378151262,268.9075630252101,0,0,268.9075630252101,0.19,51.092436974789919,320,null,null,40,null,null,2750]
[null,null,null,"03-086",null,null,"1-PRS",1,"TP","Tirage Noir & Blanc / Papier","ML",5.0999999999999996,100.84033613445379,514.28571428571433,9.9999999999999992E-2,51.428571428571431,462.85714285714289,0.19,87.94285714285715,550.80000000000007,null,null,108.00000000000001,null,null,2752]
[null,null,null,"03-087",null,null,"0-PRS",2,"NP0","Numérisation Couleur de plan ou carte","ML",1.2,403.36134453781517,484.03361344537819,9.9999999999975178E-2,48.403361344525806,435.63025210085237,0.19,82.769747899161956,518.4000000000143,null,null,432.00000000001188,null,null,2755]
["P",7,"2021-03-07",null,"03-089","CLIENT",null,null,1,"Tarif COMPTOIR",null,null,null,262.18487394957987,3.8461538461538457E-2,10.084033613445378,252.1008403361345,0.19,47.899159663865554,300.00000000000006,0,300,null,0,3,2760]
[null,null,null,"03-090",null,null,"1-PRS",2,"C4","Copie Noir & Blanc A4-R /  Papier","U",126,8.4033613445378155,1058.8235294117646,0.19779411764705881,209.42906574394462,849.39446366781999,0.19,161.38494809688581,1010.7794117647059,null,null,8.0220588235294112,null,null,2764]
[null,null,null,"03-091",null,null,"1-PRS",2,"PP","Traçage Noir & Blanc / Papier ","ML",3.9,201.68067226890759,786.55462184873954,0.1,78.655462184873954,707.89915966386559,0.19,134.50084033613447,842.40000000000009,null,null,216,null,null,2767]
[null,null,null,"03-092",null,null,"0-PRS",1,"C40B","Copie Couleur A4-R / Bristol (aucun aplat)","U",13,42.016806722689076,546.21848739495795,0,0,546.21848739495795,0.19,103.78151260504201,650,null,null,50,null,null,2769]
["P",7,"2021-03-07",null,"03-094","CLIENT",null,null,1,"Tarif COMPTOIR",null,null,null,33.613445378151262,0,0,33.613445378151262,0.19,6.3865546218487399,40,0,40,null,0,3,2772]
[null,null,null,"03-095",null,null,"1-PRS",1,"PP0","Traçage Couleur / Papier (aucun aplat)","ML",4.8,705.88235294117646,3388.2352941176468,0.10694444444444445,362.35294117647061,3025.8823529411761,0.19,574.91764705882349,3600.7999999999997,null,null,750.16666666666663,null,null,2775]
["P",7,"2021-03-07",null,"03-097","CLIENT",null,null,1,"Tarif COMPTOIR",null,null,null,252.10084033613447,0,0,252.10084033613447,0.19,47.899159663865547,300,0,300,null,0,3,2778]
[null,null,null,"03-098",null,null,"0-PRS",3,"C4B","Copie Noir & Blanc A4-R / Bristol","U",6,16.806722689075631,100.84033613445379,2.423954372623574E-2,2.4443237370994026,98.396012397354383,0.19,18.695242355497331,117.09125475285171,null,null,19.515209125475284,null,null,2783]
["P",7,"2021-03-07",null,"03-099","CLIENT",null,null,1,"Tarif COMPTOIR",null,null,null,1443.6974789915969,9.7788125727590214E-2,141.1764705882353,1302.5210084033615,0.19,247.47899159663871,1550.0000000000002,0,1550,null,0,3,2787]
[null,null,null,"03-100",null,null,"1-PRS",1,"C40","Copie Couleur A4-R /  Papier (aucun aplat)","U",2,33.613445378151262,67.226890756302524,0,0,67.226890756302524,0.19,12.77310924369748,80,null,null,40,null,null,2791]
[null,null,null,"03-100",null,null,"0-PRS",2,"C82","Copie Couleur A4-RV /  Papier (tout aplat)","U",1,134.45378151260505,134.45378151260505,0,0,134.45378151260505,0.19,25.54621848739496,160,null,null,160,null,null,2792]
[null,null,null,"03-102",null,null,"1-PRS",1,"TP","Tirage Noir & Blanc / Papier","ML",35.049999999999997,{"$f":"CTS_Source[[#This Row],[Prix U. TTC]]/1.19","v":100.84033613445379},{"$f":"CTS_Source[[#This Row],[Quant.]]*CTS_Source[[#This Row],[Prix Unité HT]]","v":3534.453781512605},0,0,{"$f":"CTS_Source[[#This Row],[Montant HT Brut]]-CTS_Source[[#This Row],[Remise Montant]]","v":3534.453781512605},0.19,{"$f":"CTS_Source[[#This Row],[Montant HT Net]]*CTS_Source[[#This Row],[Taux TVA]]","v":671.54621848739498},{"$f":"CTS_Source[[#This Row],[Montant HT Net]]+CTS_Source[[#This Row],[Montant TVA ]]","v":4206},null,null,120,null,null,2796]
["P",8,"2021-03-08",null,"03-105","CLIENT",null,null,1,"Tarif COMPTOIR",null,null,null,84.033613445378165,0,0,84.033613445378165,0.19,15.966386554621851,100.00000000000001,0,100,null,0,3,2801]
[null,null,null,"03-105",null,null,"2-BUR",2,"6-EB15211","Enveloppe blanche 110 x 220 (n° 15211)","U",1,12.605042016806724,12.605042016806724,0,0,12.605042016806724,0.19,2.3949579831932777,15.000000000000002,null,null,15.000000000000002,null,null,2803]
["P",8,"2021-03-08",null,"03-107","CLIENT",null,null,1,"Tarif COMPTOIR",null,null,null,201.68067226890759,0,0,201.68067226890759,0.19,38.319327731092443,240.00000000000003,0,240,null,0,3,2807]
[null,null,null,"03-108",null,null,"1-PRS",1,"I4","Impression Noir & Blanc A4-R /  Papier","U",1,16.806722689075631,16.806722689075631,0,0,16.806722689075631,0.19,3.1932773109243699,20,null,null,20,null,null,2810]
[null,null,null,"03-110",null,null,"1-PRS",1,"C30","Copie Couleur A3-R /  Papier (aucun aplat)","U",6,67.226890756302524,403.36134453781517,0.10310734463276834,41.589517162797321,361.77182737501784,0.19,68.73664720125339,430.50847457627123,null,null,71.751412429378533,null,null,2815]
["P",9,"2021-03-09",null,"03-111","CLIENT",null,null,1,"Tarif COMPTOIR",null,null,null,8.4033613445378155,0,0,8.4033613445378155,0.19,1.596638655462185,10,0,10,null,0,3,2819]
[null,null,null,"03-112",null,null,"1-PRS",1,"PP0","Traçage Couleur / Papier (aucun aplat)","ML",2.9,705.88235294117646,2047.0588235294117,0,0,2047.0588235294117,0.19,388.94117647058823,2436,null,null,840,null,null,2822]
[null,null,null,"03-113",null,null,"1-PRS",1,"C30","Copie Couleur A3-R /  Papier (aucun aplat)","U",1,67.226890756302524,67.226890756302524,0,0,67.226890756302524,0.19,12.77310924369748,80,null,null,80,null,null,2824]
["P",9,"2021-03-09",null,"03-115","CLIENT",null,null,1,"Tarif COMPTOIR",null,null,null,8.4033613445378155,0,0,8.4033613445378155,0.19,1.596638655462185,10,0,10,null,0,3,2827]
[null,null,null,"03-117",null,null,"0-PRS",1,"AGP","Agrafage document (agrafes PM) - de 20 f","U",2,8.4033613445378155,16.806722689075631,0,0,16.806722689075631,0.19,3.1932773109243699,20,null,null,10,null,null,2833]
[null,null,null,"03-117",null,null,"0-PRS",3,"R4S1","Reliure  A4 Spirale n° 06 à 18 + Transp. + Bristol","U",2,126.05042016806723,252.10084033613447,0,0,252.10084033613447,0.19,47.899159663865547,300,null,null,150,null,null,2835]
[null,null,null,"03-118",null,null,"1-PRS",1,"TP","Tirage Noir & Blanc / Papier","ML",1.3,100.84033613445379,131.09243697478993,6.4102564102564092E-3,0.84033613445378152,130.25210084033614,0.19,24.747899159663866,155,null,null,119.23076923076923,null,null,2838]
[null,null,null,"03-119",null,null,"1-PRS",3,"I40","Impression Couleur A4-R /  Papier (aucun aplat)","U",3,50.420168067226896,151.2605042016807,3.3333333333333326E-2,5.0420168067226889,146.218487394958,0.19,27.781512605042021,174.00000000000003,null,null,58,null,null,2842]
[null,null,null,"03-121",null,null,"1-PRS",1,"TP","Tirage Noir & Blanc / Papier","ML",17,{"$f":"CTS_Source[[#This Row],[Prix U. TTC]]/1.19","v":84.033613445378151},{"$f":"CTS_Source[[#This Row],[Quant.]]*CTS_Source[[#This Row],[Prix Unité HT]]","v":1428.5714285714287},0,0,{"$f":"CTS_Source[[#This Row],[Montant HT Brut]]-CTS_Source[[#This Row],[Remise Montant]]","v":1428.5714285714287},0.19,{"$f":"CTS_Source[[#This Row],[Montant HT Net]]*CTS_Source[[#This Row],[Taux TVA]]","v":271.42857142857144},{"$f":"CTS_Source[[#This Row],[Montant HT Net]]+CTS_Source[[#This Row],[Montant TVA ]]","v":1700},null,null,100,null,null,2846]
[null,null,null,"03-121",null,null,"1-PRS",1,"PP","Traçage Noir & Blanc / Papier ","ML",17,{"$f":"CTS_Source[[#This Row],[Prix U. TTC]]/1.19","v":168.0672268907563},{"$f":"CTS_Source[[#This Row],[Quant.]]*CTS_Source[[#This Row],[Prix Unité HT]]","v":2857.1428571428573},0,0,{"$f":"CTS_Source[[#This Row],[Montant HT Brut]]-CTS_Source[[#This Row],[Remise Montant]]","v":2857.1428571428573},0.19,{"$f":"CTS_Source[[#This Row],[Montant HT Net]]*CTS_Source[[#This Row],[Taux TVA]]","v":542.85714285714289},{"$f":"CTS_Source[[#This Row],[Montant HT Net]]+CTS_Source[[#This Row],[Montant TVA ]]","v":3400},null,null,200,null,null,2847]
["P",9,"2021-03-09",null,"03-123","CLIENT",null,null,1,"Tarif COMPTOIR",null,null,null,2218.4873949579833,0.1,221.84873949579833,1996.6386554621849,0.19,379.36134453781517,2376,0,2376,null,0,3,2851]
[null,null,null,"03-124",null,null,"0-PRS",2,"N40","Numérisation Couleur A4 à plat","U",11,33.613445378151262,369.74789915966386,0,0,369.74789915966386,0.19,70.252100840336141,440,null,null,40,null,null,2856]
[null,null,null,"03-125",null,null,"0-PRS",2,"I42","Impression Couleur A4-R /  Papier (tout aplat)","U",6,84.033613445378151,504.20168067226894,0,0,504.20168067226894,0.19,95.798319327731093,600,null,null,100,null,null,2859]
["P",9,"2021-03-09",null,"03-126","CLIENT",null,null,1,"Tarif COMPTOIR",null,null,null,221.84873949579836,0.24242424242424238,53.781512605042018,168.06722689075633,0.19,31.932773109243705,200.00000000000003,0,200,null,0,3,2862]
[null,null,null,"03-127",null,null,"1-PRS",1,"I30","Impression Couleur A3-R /  Papier (aucun aplat)","U",1,100.84033613445379,100.84033613445379,0.10256410256410259,10.3425985778927,90.497737556561091,0.19,17.194570135746609,107.69230769230771,null,null,107.69230769230769,null,null,2865]
["P",10,"2021-03-10",null,"03-129","CLIENT",null,null,1,"Tarif COMPTOIR",null,null,null,28823.529411764703,0.16186588921282802,4665.546218487395,24157.983193277309,0.19,4590.0168067226896,28748,0,28748,null,0,3,2870]
[null,null,null,"03-129",null,null,"1-PRS",4,"C3","Copie Noir & Blanc A3-R /  Papier ","U",4,16.806722689075631,67.226890756302524,0.16186588921282802,10.881740451282557,56.34515030501997,0.19,10.705578557953794,67.05072886297377,null,null,16.762682215743439,null,null,2874]
[null,null,null,"03-129",null,null,"1-PRS",7,"TP0","Tirage Couleur / Papier (aucun aplat) ","ML",3.6,504.20168067226894,1815.1260504201682,0.16186588921282802,293.80699218462905,1521.3190582355392,0.19,289.05062106475242,1810.3696793002916,null,null,502.88046647230317,null,null,2877]
[null,null,null,"03-130",null,null,"2-BUR",1,"5-CRPE","Chemise à rabats plastique avec élastiques","U",1,117.64705882352942,117.64705882352942,0,0,117.64705882352942,0.19,22.352941176470591,140,null,null,140,null,null,2879]
["P",10,"2021-03-10",null,"03-131","CLIENT",null,null,1,"Tarif COMPTOIR",null,null,null,25.210084033613448,0,0,25.210084033613448,0.19,4.7899159663865554,30.000000000000004,0,30,null,0,3,2882]
["P",10,"2021-03-10",null,"03-134","CLIENT",null,null,1,"Tarif COMPTOIR",null,null,null,280.67226890756302,0.10179640718562875,28.571428571428573,252.10084033613444,0.19,47.899159663865547,300,0,300,null,0,3,2888]
[null,null,null,"03-134",null,null,"1-PRS",2,"C8","Copie Noir & Blanc A4-RV /  Papier","U",4,16.806722689075631,67.226890756302524,0.10179640718562875,6.8434559452523533,60.383434811050172,0.19,11.472852614099533,71.856287425149702,null,null,17.964071856287426,null,null,2890]
[null,null,null,"03-135",null,null,"1-PRS",1,"C40","Copie Couleur A4-R /  Papier (aucun aplat)","U",3,33.613445378151262,100.84033613445379,0,0,100.84033613445379,0.19,19.159663865546221,120.00000000000001,null,null,40,null,null,2893]
[null,null,null,"03-136",null,null,"1-PRS",3,"I3","Impression Noir & Blanc A3-R /  Papier","U",6,33.613445378151262,201.68067226890759,0,0,201.68067226890759,0.19,38.319327731092443,240.00000000000003,null,null,40,null,null,2897]
["P",10,"2021-03-10",null,"03-138","CLIENT",null,null,1,"Tarif COMPTOIR",null,null,null,242.0168067226891,0,0,242.0168067226891,0.19,45.983193277310932,288,0,288,null,0,3,2901]
[null,null,null,"03-138",null,null,"1-PRS",1,"TP","Tirage Noir & Blanc / Papier","ML",2.4,100.84033613445379,242.0168067226891,0,0,242.0168067226891,0.19,45.983193277310932,288,null,null,120.00000000000001,null,null,2902]
["P",10,"2021-03-10",null,"03-140","CLIENT",null,null,1,"Tarif COMPTOIR",null,null,null,5788.2352941176468,1.277584204413473E-2,73.94957983193278,5714.2857142857138,0.19,1085.7142857142856,6799.9999999999991,0,6799.9999999999991,null,0,3,2906]
[null,null,null,"03-142",null,null,"2-BUR",1,"6-BACO","Boite d'archives en carton ondulé","U",2,71.428571428571431,142.85714285714286,0,0,142.85714285714286,0.19,27.142857142857142,170,null,null,85,null,null,2911]
["P",10,"2021-03-10",null,"03-144","CLIENT",null,null,1,"Tarif COMPTOIR",null,null,null,302.52100840336135,0,0,302.52100840336135,0.19,57.478991596638657,360,0,360,null,0,3,2914]
[null,null,null,"03-144",null,null,"0-PRS",2,"N30","Numérisation Couleur A3 à plat","U",1,67.226890756302524,67.226890756302524,0,0,67.226890756302524,0.19,12.77310924369748,80,null,null,80,null,null,2916]
[null,null,null,"03-145",null,null,"1-PRS",2,"PP0","Traçage Couleur / Papier (aucun aplat)","ML",2.4,588,1411.2,0,0,1411.2,0.19,268.12799999999999,1679.328,null,null,699.71999999999991,null,null,2921]
["P",11,"2021-03-11",null,"03-147","CLIENT",null,null,1,"Tarif COMPTOIR",null,null,null,42.016806722689076,0,0,42.016806722689076,0.19,7.9831932773109244,50,0,50,null,0,3,2925]
[null,null,null,"03-148",null,null,"1-PRS",1,"C4","Copie Noir & Blanc A4-R /  Papier","U",15,8.4033613445378155,126.05042016806723,0,0,126.05042016806723,0.19,23.949579831932773,150,null,null,10,null,null,2929]
[null,null,null,"03-148",null,null,"2-BUR",2,"5-CRPE","Chemise à rabats plastique avec élastiques","U",1,117.64705882352942,117.64705882352942,0,0,117.64705882352942,0.19,22.352941176470591,140,null,null,140,null,null,2930]
[null,null,null,"03-150",null,null,"2-BUR",1,"6-EB50219","Enveloppe blanche 229 x 324 (n° 50219) H","U",20,21.008403361344538,420.16806722689074,0.34047619047619049,143.05722288915567,277.1108443377351,0.19,52.651060424169671,329.76190476190476,null,null,16.488095238095237,null,null,2934]
["P",11,"2021-03-11",null,"03-151","CLIENT",null,null,1,"Tarif COMPTOIR",null,null,null,33.613445378151262,0,0,33.613445378151262,0.19,6.3865546218487399,40,0,40,null,0,3,2937]
["P",11,"2021-03-11",null,"03-154","CLIENT",null,null,1,"Tarif COMPTOIR",null,null,null,363.02521008403363,4.6296296296296294E-3,1.680672268907563,361.34453781512605,0.19,68.655462184873954,430,0,430,null,0,3,2943]
[null,null,null,"03-154",null,null,"1-PRS",2,"PP","Traçage Noir & Blanc / Papier ","ML",1.2,201.68067226890759,242.0168067226891,4.6296296296296294E-3,1.1204481792717087,240.89635854341739,0.19,45.770308123249308,286.66666666666669,null,null,238.88888888888891,null,null,2945]
[null,null,null,"03-155",null,null,"1-PRS",2,"TP0","Tirage Couleur / Papier (aucun aplat) ","ML",14.6,504.20168067226894,7361.3445378151264,5.000000000000001E-2,368.06722689075639,6993.2773109243699,0.19,1328.7226890756303,8322,null,null,570,null,null,2948]
[null,null,null,"03-156",null,null,"0-PRS",2,"C4B","Copie Noir & Blanc A4-R / Bristol","U",2,16.806722689075631,33.613445378151262,0,0,33.613445378151262,0.19,6.3865546218487399,40,null,null,20,null,null,2953]
[null,null,null,"03-157",null,null,"0-PRS",1,"I40B","Impression Couleur A4-R / Bristol (aucun aplat)","U",1,67.226890756302524,67.226890756302524,0,0,67.226890756302524,0.19,12.77310924369748,80,null,null,80,null,null,2956]
[null,null,null,"03-157",null,null,"0-PRS",2,"I42B","Impression Couleur A4-R / Bristol (tout aplat)","U",2,100.84033613445379,201.68067226890759,0,0,201.68067226890759,0.19,38.319327731092443,240.00000000000003,null,null,120.00000000000001,null,null,2957]
[null,null,null,"03-159",null,null,"1-PRS",1,"PP","Traçage Noir & Blanc / Papier ","ML",0.5,201.68067226890759,100.84033613445379,0,0,100.84033613445379,0.19,19.159663865546221,120.00000000000001,null,null,240.00000000000003,null,null,2961]
[null,null,null,"03-161",null,null,"1-PRS",2,"PP","Traçage Noir & Blanc / Papier ","ML",3.4,201.68067226890759,685.71428571428578,0,0,685.71428571428578,0.19,130.28571428571431,816.00000000000011,null,null,240.00000000000003,null,null,2966]
["P",14,"2021-03-14",null,"03-163","SUN",null,null,1,"Tarif COMPTOIR",null,null,null,{"$f":"N3006+N3007","v":27268.907563025212},0,0,{"$f":"Q3006+Q3007","v":27268.907563025212},0.19,{"$f":"S3006+S3007","v":5181.09243697479},{"$f":"T3006+T3007","v":32450},0,{"$f":"CTS_Source[[#This Row],[Montant TTC]]","v":32450},null,"Payé le 22-03",3,2969]
[null,null,null,"03-163",null,null,"1-PRS",1,"TP","Tirage Noir & Blanc / Papier","ML",194.7,{"$f":"CTS_Source[[#This Row],[Prix U. TTC]]/1.19","v":84.033613445378151},{"$f":"CTS_Source[[#This Row],[Quant.]]*CTS_Source[[#This Row],[Prix Unité HT]]","v":16361.344537815125},0,0,{"$f":"CTS_Source[[#This Row],[Montant HT Brut]]-CTS_Source[[#This Row],[Remise Montant]]","v":16361.344537815125},0.19,{"$f":"CTS_Source[[#This Row],[Montant HT Net]]*CTS_Source[[#This Row],[Taux TVA]]","v":3108.6554621848736},{"$f":"CTS_Source[[#This Row],[Montant HT Net]]+CTS_Source[[#This Row],[Montant TVA ]]","v":19470},null,null,100,null,null,2971]
[null,null,null,"03-165",null,null,"0-PRS",1,"C42","Copie Couleur A4-R /  Papier (tout aplat)","U",4,67.226890756302524,268.9075630252101,0,0,268.9075630252101,0.19,51.092436974789919,320,null,null,80,null,null,2977]
["P",14,"2021-03-14",null,"03-166","CLIENT",null,null,1,"Tarif COMPTOIR",null,null,null,168.0672268907563,0,0,168.0672268907563,0.19,31.932773109243698,200,0,200,null,0,3,2980]
[null,null,null,"03-167",null,null,"1-PRS",2,"C3","Copie Noir & Blanc A3-R /  Papier ","U",2,16.806722689075631,33.613445378151262,0.16500000000000001,5.5462184873949587,28.067226890756302,0.19,5.3327731092436972,33.4,null,null,16.7,null,null,2984]
[null,null,null,"03-167",null,null,"1-PRS",3,"I3","Impression Noir & Blanc A3-R /  Papier","U",1,33.613445378151262,33.613445378151262,0.16500000000000001,5.5462184873949587,28.067226890756302,0.19,5.3327731092436972,33.4,null,null,33.4,null,null,2985]
[null,null,null,"03-168",null,null,"1-PRS",3,"I30","Impression Couleur A3-R /  Papier (aucun aplat)","U",3,100.84033613445379,302.52100840336141,1.1299435028248586E-2,3.4183164791340266,299.10269192422737,0.19,56.829511465603204,355.93220338983059,null,null,118.64406779661019,null,null,2989]
["P",14,"2021-03-14",null,"03-170","CLIENT",null,null,1,"Tarif COMPTOIR",null,null,null,67.226890756302524,0,0,67.226890756302524,0.19,12.77310924369748,80,0,80,null,0,3,2992]
["P",14,"2021-03-14",null,"03-172","CLIENT",null,null,1,"Tarif COMPTOIR",null,null,null,1210.0840336134454,0,0,1210.0840336134454,0.19,229.91596638655463,1440,0,1440,null,0,3,2998]
[null,null,null,"03-172",null,null,"1-PRS",2,"C8","Copie Noir & Blanc A4-RV /  Papier","U",4,16.806722689075631,67.226890756302524,0,0,67.226890756302524,0.19,12.77310924369748,80,null,null,20,null,null,3000]
[null,null,null,"03-173",null,null,"1-PRS",2,"PP","Traçage Noir & Blanc / Papier ","ML",6.45,201.68067226890759,1300.840336134454,1.0684606252473286E-2,13.898966788931638,1286.9413693455224,0.19,244.51886017564925,1531.4602295211716,null,null,237.43569449940642,null,null,3003]
[null,null,null,"03-174",null,null,"1-PRS",1,"N4","Numérisation Noir & Blanc A4 à plat","U",8,16.806722689075631,134.45378151260505,0,0,134.45378151260505,0.19,25.54621848739496,160,null,null,20,null,null,3008]
["P",14,"2021-03-14",null,"03-175","CLIENT",null,null,1,"Tarif COMPTOIR",null,null,null,5213.4453781512602,5.0612508059316573E-2,263.8655462184874,4949.5798319327732,0.19,940.42016806722688,5890,0,5890,null,0,3,3011]
[null,null,null,"03-175",null,null,"1-PRS",1,"PP0","Traçage Couleur / Papier (aucun aplat)","ML",2.35,705.88235294117646,1658.8235294117649,5.0612508059316573E-2,83.957219251336909,1574.8663101604279,0.19,299.22459893048131,1874.0909090909092,null,null,797.48549323017414,null,null,3012]
["P",14,"2021-03-14",null,"03-177","CLIENT",null,null,1,"Tarif COMPTOIR",null,null,null,117.64705882352942,0,0,117.64705882352942,0.19,22.352941176470591,140,0,140,null,0,3,3016]
["P",14,"2021-03-14",null,"03-179","CLIENT",null,null,1,"Tarif COMPTOIR",null,null,null,2813.4453781512607,0,0,2813.4453781512607,0.19,534.55462184873954,3348,0,3348,null,0,3,3021]
[null,null,null,"03-180",null,null,"2-BUR",1,"2-CN","Crayon Noir avec gomme","U",2,21.008403361344538,42.016806722689076,0,0,42.016806722689076,0.19,7.9831932773109244,50,null,null,25,null,null,3024]
[null,null,null,"03-180",null,null,"1-PRS",3,"TP","Tirage Noir & Blanc / Papier","ML",2,100.84033613445379,201.68067226890759,0,0,201.68067226890759,0.19,38.319327731092443,240.00000000000003,null,null,120.00000000000001,null,null,3026]
["P",14,"2021-03-14",null,"03-183","CLIENT",null,null,1,"Tarif COMPTOIR",null,null,null,741.17647058823536,2.2675736961451243E-3,1.680672268907563,739.49579831932783,0.19,140.50420168067228,880.00000000000011,0,880,null,0,3,3032]
["P",14,"2021-03-14",null,"03-184","CLIENT",null,null,1,"Tarif COMPTOIR",null,null,null,4200,0,0,4200,0.19,798,4998,0,4998,null,0,3,3035]
["P",14,"2021-03-14",null,"03-186","CLIENT",null,null,1,"Tarif COMPTOIR",null,null,null,100.84033613445379,0,0,100.84033613445379,0.19,19.159663865546221,120.00000000000001,0,120,null,0,3,3039]
[null,null,null,"03-186",null,null,"0-PRS",1,"I3B","Impression Noir & Blanc A3-R / Bristol","U",2,50.420168067226896,100.84033613445379,0,0,100.84033613445379,0.19,19.159663865546221,120.00000000000001,null,null,60.000000000000007,null,null,3040]
[null,null,null,"03-188",null,null,"1-PRS",1,"TP0","Tirage Couleur / Papier (aucun aplat) ","ML",21.75,420,9135,0,0,9135,0.19,1735.65,10870.65,null,null,499.79999999999995,null,null,3044]
[null,null,null,"03-189",null,null,"1-PRS",2,"pp","Traçage Noir & Blanc / Papier ","ML",16.8,{"$f":"240/1.09","v":220.18348623853208},{"$f":"+CTS_Source[[#This Row],[Quant.]]*CTS_Source[[#This Row],[Prix Unité HT]]","v":3699.0825688073392},null,0,{"$f":"+CTS_Source[[#This Row],[Montant HT Brut]]-CTS_Source[[#This Row],[Remise Montant]]","v":3699.0825688073392},0.19,{"$f":"+CTS_Source[[#This Row],[Montant HT Net]]*CTS_Source[[#This Row],[Taux TVA]]","v":702.82568807339442},{"$f":"+CTS_Source[[#This Row],[Montant HT Net]]+CTS_Source[[#This Row],[Montant TVA ]]","v":4401.9082568807335},null,null,null,null,null,3048]
["P",15,"2021-03-15",null,"03-192","CLIENT",null,null,1,"Tarif COMPTOIR",null,null,null,1210.0840336134454,0,0,1210.0840336134454,0.19,229.91596638655463,1440,0,1440,null,0,3,3053]
[null,null,null,"03-192",null,null,"1-PRS",2,"PP0","Traçage Couleur / Papier (aucun aplat)","ML",1,705.88235294117646,705.88235294117646,0,0,705.88235294117646,0.19,134.11764705882354,840,null,null,840,null,null,3055]
[null,null,null,"03-193",null,null,"1-PRS",2,"PP","Traçage Noir & Blanc / Papier ","ML",2.6,201.68067226890759,524.36974789915973,1.2254901960784314E-3,0.64260998517053891,523.72713791398917,0.19,99.508156203657947,623.23529411764707,null,null,239.70588235294119,null,null,3058]
[null,null,null,"03-195",null,null,"1-PRS",2,"TP","Tirage Noir & Blanc / Papier","ML",1.6,100.84033613445379,161.34453781512607,5.2356020942408371E-3,0.84473580007919402,160.49980201504687,0.19,30.494962382858905,190.99476439790578,null,null,119.3717277486911,null,null,3063]
[null,null,null,"03-196",null,null,"1-PRS",3,"C4","Copie Noir & Blanc A4-R /  Papier","U",24,8.4033613445378155,201.68067226890759,1.3806706114398421E-2,2.7845457709711106,198.89612649793648,0.19,37.790264034607929,236.68639053254441,null,null,9.8619329388560164,null,null,3067]
[null,null,null,"03-196",null,null,"0-PRS",4,"C42","Copie Couleur A4-R /  Papier (tout aplat)","U",3,67.226890756302524,201.68067226890759,1.3806706114398421E-2,2.7845457709711106,198.89612649793648,0.19,37.790264034607929,236.68639053254441,null,null,78.895463510848131,null,null,3068]
[null,null,null,"03-197",null,null,"1-PRS",1,"C6","Copie Noir & Blanc A3-RV /  Papier","U",12,33.613445378151262,403.36134453781517,0,0,403.36134453781517,0.19,76.638655462184886,480.00000000000006,null,null,40,null,null,3071]
[null,null,null,"03-198",null,null,"1-PRS",4,"TP0","Tirage Couleur / Papier (aucun aplat) ","ML",3.45,504.20168067226894,1739.4957983193278,0,0,1739.4957983193278,0.19,330.50420168067228,2070,null,null,600,null,null,3076]
[null,null,null,"03-199",null,null,"1-PRS",2,"I40","Impression Couleur A4-R /  Papier (aucun aplat)","U",2,50.420168067226896,100.84033613445379,0,0,100.84033613445379,0.19,19.159663865546221,120.00000000000001,null,null,60.000000000000007,null,null,3079]
[null,null,null,"03-200",null,null,"1-PRS",1,"C40","Copie Couleur A4-R /  Papier (aucun aplat)","U",1,33.613445378151262,33.613445378151262,0,0,33.613445378151262,0.19,6.3865546218487399,40,null,null,40,null,null,3081]
[null,null,null,"03-202",null,null,"1-PRS",2,"I40","Impression Couleur A4-R /  Papier (aucun aplat)","U",1,50.420168067226896,50.420168067226896,0,0,50.420168067226896,0.19,9.5798319327731107,60.000000000000007,null,null,60.000000000000007,null,null,3087]
[null,null,null,"03-203",null,null,"0-PRS",2,"C4S","Copie Noir & Blanc A4-R /  Papier / Spéciale","U",2,16.806722689075631,33.613445378151262,2.2004889975550123E-2,0.73966016724538231,32.873785210905879,0.19,6.2460191900721167,39.119804400977998,null,null,19.559902200488999,null,null,3090]
[null,null,null,"03-203",null,null,"0-PRS",4,"AGP","Agrafage document (agrafes PM) - de 20 f","U",5,8.4033613445378155,42.016806722689076,2.2004889975550123E-2,0.92457520905672785,41.092231513632349,0.19,7.8075239875901463,48.899755501222494,null,null,9.7799511002444994,null,null,3092]
[null,null,null,"03-204",null,null,"1-PRS",1,"PP","Traçage Noir & Blanc / Papier ","ML",0.65,201.68067226890759,131.09243697478993,0,0,131.09243697478993,0.19,24.907563025210088,156.00000000000003,null,null,240.00000000000003,null,null,3095]
[null,null,null,"03-206",null,null,"0-PRS",1,"TP1","Tirage Couleur / Papier (avec aplats)","ML",0.65,756.30252100840335,491.59663865546219,0,0,491.59663865546219,0.19,93.403361344537814,585,null,null,899.99999999999989,null,null,3099]
[null,null,null,"03-207",null,null,"1-PRS",3,"C4","Copie Noir & Blanc A4-R /  Papier","U",54,8.4033613445378155,453.78151260504205,0,0,453.78151260504205,0.19,86.21848739495799,540,null,null,10,null,null,3103]
["P",16,"2021-03-16",null,"03-209","CLIENT",null,null,1,"Tarif COMPTOIR",null,null,null,336.1344537815126,0,0,336.1344537815126,0.19,63.865546218487395,400,0,400,null,0,3,3108]
["P",16,"2021-03-16",null,"03-210","CLIENT",null,null,1,"Tarif COMPTOIR",null,null,null,683.69747899159654,1.6715830875122913E-2,11.428571428571429,672.2689075630251,0.19,127.73109243697478,799.99999999999989,0,799.99999999999989,null,0,3,3110]
[null,null,null,"03-211",null,null,"1-PRS",1,"I4","Impression Noir & Blanc A4-R /  Papier","U",1,16.806722689075631,16.806722689075631,0,0,16.806722689075631,0.19,3.1932773109243699,20,null,null,20,null,null,3113]
["P",17,"2021-03-17",null,"03-214","CLIENT",null,null,1,"Tarif COMPTOIR",null,null,null,449.57983193323537,0,0,449.57983193323537,0.19,85.420168067314705,535.00000000055002,0,535.00000000055002,null,0,3,3118]
[null,null,null,"03-214",null,null,"0-PRS",4,"GVD","Gravure de fichiers sur DVD","U",1,168.0672268912185,168.0672268912185,0,0,168.0672268912185,0.19,31.932773109331514,200.00000000055002,null,null,200.00000000054999,null,null,3122]
["P",17,"2021-03-17",null,"03-215","CLIENT",null,null,1,"Tarif COMPTOIR",null,null,null,408.40336134453787,1.2345679012345677E-2,5.0420168067226889,403.36134453781517,0.19,76.638655462184886,480.00000000000006,0,480,null,0,3,3123]
["P",17,"2021-03-17",null,"03-217","CLIENT",null,null,1,"Tarif COMPTOIR",null,null,null,242.0168067226891,0,0,242.0168067226891,0.19,45.983193277310932,288,0,288,null,0,3,3127]
["P",17,"2021-03-17",null,"03-219","CLIENT",null,null,1,"Tarif COMPTOIR",null,null,null,16.806722689075631,0,0,16.806722689075631,0.19,3.1932773109243699,20,0,20,null,0,3,3131]
[null,null,null,"03-220",null,null,"0-PRS",1,"C4S","Copie Noir & Blanc A4-R /  Papier / Spéciale","U",48,16.806722689075631,806.72268907563034,0,0,806.72268907563034,0.19,153.27731092436977,960.00000000000011,null,null,20,null,null,3134]
[null,null,null,"03-220",null,null,"0-PRS",3,"R4S1","Reliure  A4 Spirale n° 06 à 18 + Transp. + Bristol","U",7,126.05042016806723,882.35294117647061,0,0,882.35294117647061,0.19,167.64705882352942,1050,null,null,150,null,null,3136]
["P",17,"2021-03-17",null,"03-223","CLIENT",null,null,1,"Tarif COMPTOIR",null,null,null,726.05042016806726,0,0,726.05042016806726,0.19,137.94957983193279,864,0,864,null,0,3,3142]
[null,null,null,"03-224",null,null,"1-PRS",1,"I40","Impression Couleur A4-R /  Papier (aucun aplat)","U",29,50.420168067226896,1462.1848739495799,0,0,1462.1848739495799,0.19,277.81512605042019,1740,null,null,60.000000000000007,null,null,3145]
["P",17,"2021-03-17",null,"03-225","CLIENT",null,null,1,"Tarif COMPTOIR",null,null,null,1008.4033613445379,0,0,1008.4033613445379,0.19,191.59663865546219,1200,0,1200,null,0,3,3147]
[null,null,null,"03-226",null,null,"1-PRS",1,"PP0","Traçage Couleur / Papier (aucun aplat)","ML",2.5,705.88235294117646,1764.7058823529412,0,0,1764.7058823529412,0.19,335.29411764705884,2100,null,null,840,null,null,3150]
["P",17,"2021-03-17",null,"03-228","CLIENT",null,null,1,"Tarif COMPTOIR",null,null,null,33.613445378151262,0,0,33.613445378151262,0.19,6.3865546218487399,40,0,40,null,0,3,3154]
["P",17,"2021-03-17",null,"03-230","CLIENT",null,null,1,"Tarif COMPTOIR",null,null,null,310.92436974789916,2.7027027027027029E-2,8.4033613445378155,302.52100840336135,0.19,57.478991596638664,360,0,360,null,0,3,3158]
[null,null,null,"03-231",null,null,"1-PRS",1,"PP0","Traçage Couleur / Papier (aucun aplat)","ML",1.05,705.88235294117646,741.17647058823536,2.2675736961451243E-3,1.6806722689075628,739.49579831932783,0.19,140.50420168067228,880.00000000000011,null,null,838.09523809523819,null,null,3163]
["P",18,"2021-03-18",null,"03-233","CLIENT",null,null,1,"Tarif COMPTOIR",null,null,null,1109.2436974789916,0,0,1109.2436974789916,0.19,210.75630252100842,1320,0,1320,null,0,3,3166]
["P",18,"2021-03-18",null,"03-234","CLIENT",null,null,1,"Tarif COMPTOIR",null,null,null,2109.2436974789916,0,0,2109.2436974789916,0.19,400.75630252100842,2510,0,2510,null,0,3,3168]
[null,null,null,"03-235",null,null,"1-PRS",1,"TP","Tirage Noir & Blanc / Papier","ML",13.2,100.84033613445379,1331.09243697479,0,0,1331.09243697479,0.19,252.9075630252101,1584,null,null,120.00000000000001,null,null,3173]
[null,null,null,"03-236",null,null,"1-PRS",3,"TP","Tirage Noir & Blanc / Papier","ML",2,100.84033613445379,201.68067226890759,0,0,201.68067226890759,0.19,38.319327731092443,240.00000000000003,null,null,120.00000000000001,null,null,3177]
[null,null,null,"03-236",null,null,"0-PRS",4,"R4B2","Reliure  A4 Baguette n° 10 à 18 + Transp. + Bristol","U",2,126.05042016806723,252.10084033613447,0,0,252.10084033613447,0.19,47.899159663865547,300,null,null,150,null,null,3178]
[null,null,null,"03-237",null,null,"1-PRS",3,"I40","Impression Couleur A4-R /  Papier (aucun aplat)","U",1,50.420168067226896,50.420168067226896,0,0,50.420168067226896,0.19,9.5798319327731107,60.000000000000007,null,null,60.000000000000007,null,null,3182]
[null,null,null,"03-238",null,null,"0-PRS",3,"C4S","Copie Noir & Blanc A4-R /  Papier / Spéciale","U",6,16.806722689075631,100.84033613445379,0,0,100.84033613445379,0.19,19.159663865546221,120.00000000000001,null,null,20,null,null,3186]
[null,null,null,"03-238",null,null,"1-PRS",6,"C40","Copie Couleur A4-R /  Papier (aucun aplat)","U",2,33.613445378151262,67.226890756302524,0,0,67.226890756302524,0.19,12.77310924369748,80,null,null,40,null,null,3189]
["P",18,"2021-03-18",null,"03-239","CLIENT",null,null,1,"Tarif COMPTOIR",null,null,null,1075.6302521008404,0,0,1075.6302521008404,0.19,204.36974789915968,1280,0,1280,null,0,3,3191]
["P",18,"2021-03-18",null,"03-241","CLIENT",null,null,1,"Tarif COMPTOIR",null,null,null,50.420168067226896,0,0,50.420168067226896,0.19,9.5798319327731107,60.000000000000007,0,60,null,0,3,3197]
[null,null,null,"03-242",null,null,"0-PRS",1,"TP1","Tirage Couleur / Papier (avec aplats)","ML",5.4,756.30252100840335,4084.0336134453783,5.9606481481481483E-2,243.43487394957984,3840.5987394957983,0.19,729.71376050420167,4570.3125,null,null,846.35416666666663,null,null,3200]
["P",18,"2021-03-18",null,"03-243","CLIENT",null,null,1,"Tarif COMPTOIR",null,null,null,3857.1428571428578,0,0,3857.1428571428578,0.19,732.857142857143,4590.0000000000009,0,4590,null,0,3,3202]
[null,null,null,"03-243",null,null,"1-PRS",3,"TP","Tirage Noir & Blanc / Papier","ML",6.25,100.84033613445379,630.2521008403362,0,0,630.2521008403362,0.19,119.74789915966387,750.00000000000011,null,null,120.00000000000001,null,null,3205]
[null,null,null,"03-245",null,null,"1-PRS",1,"PPP","Traçage Couleur / Papier Photo","ML",6.05,2218.4873949579833,13421.848739495799,0.10030052592036062,1346.2184873949579,12075.630252100842,0.19,2294.3697478991598,14370.000000000002,null,null,2375.2066115702482,null,null,3210]
[null,null,null,"03-247",null,null,"1-PRS",1,"TP","Tirage Noir & Blanc / Papier","ML",0.85,100.84033613445379,85.714285714285722,1.2345679012345677E-2,1.0582010582010581,84.656084656084658,0.19,16.084656084656086,100.74074074074075,null,null,118.51851851851852,null,null,3214]
[null,null,null,"03-247",null,null,"1-PRS",4,"I3","Impression Noir & Blanc A3-R /  Papier","U",3,33.613445378151262,100.84033613445379,1.2345679012345677E-2,1.2449424214130096,99.595393713040778,0.19,18.923124805477748,118.51851851851853,null,null,39.506172839506178,null,null,3217]
[null,null,null,"03-249",null,null,"1-PRS",1,"PP","Traçage Noir & Blanc / Papier ","ML",1.7,201.68067226890759,342.85714285714289,1.9607843137254902E-2,6.7226890756302531,336.13445378151266,0.19,63.86554621848741,400.00000000000006,null,null,235.29411764705884,null,null,3221]
[null,null,null,"03-250",null,null,"1-PRS",1,"C4","Copie Noir & Blanc A4-R /  Papier","U",254,8.4033613445378155,2134.453781512605,0.2125984251968504,453.78151260504205,1680.672268907563,0.19,319.32773109243698,2000,null,null,7.8740157480314954,null,null,3223]
[null,null,null,"03-252",null,null,"1-PRS",2,"C4","Copie Noir & Blanc A4-R /  Papier","U",9,8.4033613445378155,75.630252100840337,0,0,75.630252100840337,0.19,14.369747899159664,90,null,null,10,null,null,3228]
[null,null,null,"03-253",null,null,"1-PRS",1,"PP","Traçage Noir & Blanc / Papier ","ML",8.0500000000000007,201.68067226890759,1623.5294117647063,0,0,1623.5294117647063,0.19,308.4705882352942,1932.0000000000005,null,null,240.00000000000003,null,null,3232]
["P",21,"2021-03-21",null,"03-254","CLIENT",null,null,1,"Tarif COMPTOIR",null,null,null,571.42857142857144,0,0,571.42857142857144,0.19,108.57142857142858,680,0,680,null,0,3,3233]
[null,null,null,"03-254",null,null,"0-PRS",4,"AGP","Agrafage document (agrafes PM) - de 20 f","U",6,8.4033613445378155,50.420168067226896,0,0,50.420168067226896,0.19,9.5798319327731107,60.000000000000007,null,null,10,null,null,3237]
[null,null,null,"03-256",null,null,"1-PRS",1,"I40","Impression Couleur A4-R /  Papier (aucun aplat)","U",1,50.420168067226896,50.420168067226896,0,0,50.420168067226896,0.19,9.5798319327731107,60.000000000000007,null,null,60.000000000000007,null,null,3241]
["P",21,"2021-03-21",null,"03-258","CLIENT",null,null,1,"Tarif COMPTOIR",null,null,null,907.56302521008411,0,0,907.56302521008411,0.19,172.43697478991598,1080,0,1080,null,0,3,3246]
[null,null,null,"03-259",null,null,"2-BUR",1,"5-CCC25","Chemise de classement en carte lustrée D.25","U",1,134.45378151260505,134.45378151260505,0,0,134.45378151260505,0.19,25.54621848739496,160,null,null,160,null,null,3249]
["P",21,"2021-03-21",null,"03-260","CLIENT",null,null,1,"Tarif COMPTOIR",null,null,null,134.45378151260505,0,0,134.45378151260505,0.19,25.54621848739496,160,0,160,null,0,3,3252]
[null,null,null,"03-261",null,null,"1-PRS",1,"C8","Copie Noir & Blanc A4-RV /  Papier","U",4,16.806722689075631,67.226890756302524,0,0,67.226890756302524,0.19,12.77310924369748,80,null,null,20,null,null,3255]
["P",22,"2021-03-22",null,"03-262","CLIENT",null,null,1,"Tarif COMPTOIR",null,null,null,21602.941176471049,0.17765243605951192,3837.8151260504205,17765.126050420629,0.19,3375.3739495799196,21140.500000000549,0,21140.500000000549,null,0,3,3257]
[null,null,null,"03-262",null,null,"1-PRS",3,"I4","Impression Noir & Blanc A4-R /  Papier","U",537,16.806722689075631,9025.2100840336134,0.17765243605951192,1603.3505573774437,7421.8595266561697,0.19,1410.1533100646723,8832.0128367208417,null,null,16.44695127880976,null,null,3260]
["P",22,"2021-03-22",null,"03-264","CLIENT",null,null,1,"Tarif COMPTOIR",null,null,null,336.13445378151266,0,0,336.13445378151266,0.19,63.865546218487403,400.00000000000006,0,400,null,0,3,3265]
[null,null,null,"03-265",null,null,"1-PRS",1,"PP","Traçage Noir & Blanc / Papier ","ML",1.2,201.68067226890759,242.0168067226891,0,0,242.0168067226891,0.19,45.983193277310932,288,null,null,240.00000000000003,null,null,3269]
[null,null,null,"03-266",null,null,"1-PRS",2,"PP","Traçage Noir & Blanc / Papier ","ML",1.2,201.68067226890759,242.0168067226891,0,0,242.0168067226891,0.19,45.983193277310932,288,null,null,240.00000000000003,null,null,3272]
["P",22,"2021-03-22",null,"03-267","CLIENT",null,null,1,"Tarif COMPTOIR",null,null,null,25.210084033613448,0,0,25.210084033613448,0.19,4.7899159663865554,30.000000000000004,0,30,null,0,3,3274]
[null,null,null,"03-269",null,null,"0-PRS",1,"AGG","Agrafage document (agrafes GM) 101 f et +","U",1,33.613445378151262,33.613445378151262,0,0,33.613445378151262,0.19,6.3865546218487399,40,null,null,40,null,null,3280]
[null,null,null,"03-269",null,null,"1-PRS",2,"C4","Copie Noir & Blanc A4-R /  Papier","U",2,8.4033613445378155,16.806722689075631,0,0,16.806722689075631,0.19,3.1932773109243699,20,null,null,10,null,null,3281]
["P",22,"2021-03-22",null,"03-271","CLIENT",null,null,1,"Tarif COMPTOIR",null,null,null,300.84033613445376,0,0,300.84033613445376,0.19,57.159663865546221,358,0,358,null,0,3,3287]
[null,null,null,"03-271",null,null,"1-PRS",1,"C4","Copie Noir & Blanc A4-R /  Papier","U",8,8.4033613445378155,67.226890756302524,0,0,67.226890756302524,0.19,12.77310924369748,80,null,null,10,null,null,3288]
[null,null,null,"03-272",null,null,"1-PRS",1,"TP","Tirage Noir & Blanc / Papier","ML",3.3,100.84033613445379,332.77310924369749,0,0,332.77310924369749,0.19,63.226890756302524,396,null,null,120.00000000000001,null,null,3292]
[null,null,null,"03-273",null,null,"1-PRS",2,"C4","Copie Noir & Blanc A4-R /  Papier","U",6,8.4033613445378155,50.420168067226896,0,0,50.420168067226896,0.19,9.5798319327731107,60.000000000000007,null,null,10,null,null,3296]
[null,null,null,"03-274",null,null,"0-PRS",3,"N40","Numérisation Couleur A4 à plat","U",1,33.613445378151262,33.613445378151262,0,0,33.613445378151262,0.19,6.3865546218487399,40,null,null,40,null,null,3301]
[null,null,null,"03-275",null,null,"1-PRS",2,"PP0","Traçage Couleur / Papier (aucun aplat)","ML",1.2,705.88235294117646,847.05882352941171,0,0,847.05882352941171,0.19,160.94117647058823,1008,null,null,840,null,null,3304]
[null,null,null,"03-276",null,null,"1-PRS",1,"TP","Tirage Noir & Blanc / Papier","ML",1.2,100.84033613445379,121.00840336134455,0,0,121.00840336134455,0.19,22.991596638655466,144,null,null,120.00000000000001,null,null,3306]
[null,null,null,"03-277",null,null,"0-PRS",1,"C4S","Copie Noir & Blanc A4-R /  Papier / Spéciale","U",1,16.806722689075631,16.806722689075631,0,0,16.806722689075631,0.19,3.1932773109243699,20,null,null,20,null,null,3309]
["P",22,"2021-03-22",null,"03-278","CLIENT",null,null,1,"Tarif COMPTOIR",null,null,null,201.68067226890759,0,0,201.68067226890759,0.19,38.319327731092443,240.00000000000003,0,240,null,0,3,3312]
[null,null,null,"03-279",null,null,"1-PRS",1,"I4","Impression Noir & Blanc A4-R /  Papier","U",1,16.806722689075631,16.806722689075631,0,0,16.806722689075631,0.19,3.1932773109243699,20,null,null,20,null,null,3315]
[null,null,null,"03-280",null,null,"0-PRS",4,"C4S","Copie Noir & Blanc A4-R /  Papier / Spéciale","U",79,16.806722689075631,1327.7310924369749,0,0,1327.7310924369749,0.19,252.26890756302524,1580.0000000000002,null,null,20,null,null,3320]
[null,null,null,"03-280",null,null,"2-BUR",8,"6-EB52219","Enveloppe blanche 260 x 360 (n° 52219) H","U",2,25.210084033613448,50.420168067226896,0,0,50.420168067226896,0.19,9.5798319327731107,60.000000000000007,null,null,30.000000000000004,null,null,3324]
["P",23,"2021-03-23",null,"03-282","CLIENT",null,null,1,"Tarif COMPTOIR",null,null,null,277.31092436974791,0,0,277.31092436974791,0.19,52.689075630252105,330,0,330,null,0,3,3328]
[null,null,null,"03-282",null,null,"2-BUR",1,"2-S224","Stylo Schneider 224","U",1,126.05042016806723,126.05042016806723,0,0,126.05042016806723,0.19,23.949579831932773,150,null,null,150,null,null,3329]
[null,null,null,"03-284",null,null,"1-PRS",1,"C40","Copie Couleur A4-R /  Papier (aucun aplat)","U",2,33.613445378151262,67.226890756302524,0,0,67.226890756302524,0.19,12.77310924369748,80,null,null,40,null,null,3335]
[null,null,null,"03-284",null,null,"1-PRS",2,"I40","Impression Couleur A4-R /  Papier (aucun aplat)","U",1,50.420168067226896,50.420168067226896,0,0,50.420168067226896,0.19,9.5798319327731107,60.000000000000007,null,null,60.000000000000007,null,null,3336]
[null,null,null,"03-287",null,null,"2-BUR",1,"6-BACO","Boite d'archives en carton ondulé","U",1,71.428571428571431,71.428571428571431,0.16341519394078491,11.672513852913209,59.756057575658218,0.19,11.353650939375061,71.109708515033276,null,null,71.109708515033276,null,null,3342]
[null,null,null,"03-287",null,null,"1-PRS",2,"PP","Traçage Noir & Blanc / Papier ","ML",17.8,201.68067226890759,3589.9159663865553,0.16341519394078491,586.64681387817916,3003.269152508376,0.19,570.6211389765914,3573.8902914849673,null,null,200.78035345421165,null,null,3343]
[null,null,null,"03-288",null,null,"0-PRS",3,"C4S","Copie Noir & Blanc A4-R /  Papier / Spéciale","U",6,16.806722689075631,100.84033613445379,0,0,100.84033613445379,0.19,19.159663865546221,120.00000000000001,null,null,20,null,null,3347]
["P",23,"2021-03-23",null,"03-290","CLIENT",null,null,1,"Tarif COMPTOIR",null,null,null,889.9159663865546,0,0,889.9159663865546,0.19,169.0840336134454,1059,0,1059,null,0,3,3351]
[null,null,null,"03-290",null,null,"1-PRS",5,"TP","Tirage Noir & Blanc / Papier","ML",1.2,100.84033613445379,121.00840336134455,0,0,121.00840336134455,0.19,22.991596638655466,144,null,null,120.00000000000001,null,null,3356]
[null,null,null,"03-291",null,null,"1-PRS",1,"I4","Impression Noir & Blanc A4-R /  Papier","U",4,16.806722689075631,67.226890756302524,0,0,67.226890756302524,0.19,12.77310924369748,80,null,null,20,null,null,3359]
[null,null,null,"03-291",null,null,"2-BUR",3,"5-CCC25","Chemise de classement en carte lustrée D.25","U",2,142.85714285714286,285.71428571428572,0,0,285.71428571428572,0.19,54.285714285714285,340,null,null,170,null,null,3361]
["P",23,"2021-03-23",null,"03-293","CLIENT",null,null,1,"Tarif COMPTOIR",null,null,null,941.17647058823536,0,0,941.17647058823536,0.19,178.8235294117647,1120,0,1120,null,0,3,3364]
["P",23,"2021-03-23",null,"03-294","CLIENT",null,null,1,"Tarif COMPTOIR",null,null,null,3635.294117647059,0,0,3635.294117647059,0.19,690.70588235294122,4326,0,4326,null,0,3,3367]
[null,null,null,"03-295",null,null,"2-BUR",1,"2-S967","Stylo Topliner 967","U",1,84.033613445378151,84.033613445378151,0,0,84.033613445378151,0.19,15.966386554621849,100,null,null,100,null,null,3370]
["P",24,"2021-03-24",null,"03-297","CLIENT",null,null,1,"Tarif COMPTOIR",null,null,null,126.05042016806723,0,0,126.05042016806723,0.19,23.949579831932773,150,0,150,null,0,3,3357]
[null,null,null,"03-298",null,null,"1-PRS",1,"TP","Tirage Noir & Blanc / Papier","ML",14.4,100.84033613445379,1452.1008403361348,7.7160493827160479E-4,1.1204481792717087,1450.980392156863,0.19,275.68627450980398,1726.666666666667,null,null,119.90740740740742,null,null,3360]
[null,null,null,"03-299",null,null,"1-PRS",2,"C8","Copie Noir & Blanc A4-RV /  Papier","U",6,16.806722689075631,100.84033613445379,0,0,100.84033613445379,0.19,19.159663865546221,120.00000000000001,null,null,20,null,null,3362]
[null,null,null,"03-299",null,null,"1-PRS",3,"TP","Tirage Noir & Blanc / Papier","ML",6.4,100.84033613445379,645.3781512605043,0,0,645.3781512605043,0.19,122.62184873949582,768.00000000000011,null,null,120.00000000000001,null,null,3362]
[null,null,null,"03-300",null,null,"1-PRS",5,"C6","Copie Noir & Blanc A3-RV /  Papier","U",2,33.613445378151262,67.226890756302524,0,0,67.226890756302524,0.19,12.77310924369748,80,null,null,40,null,null,3364]
["P",24,"2021-03-24",null,"03-301","CLIENT",null,null,1,"Tarif COMPTOIR",null,null,null,640.33613445378148,0,0,640.33613445378148,0.19,121.66386554621849,762,0,762,null,0,3,3365]
[null,null,null,"03-301",null,null,"1-PRS",2,"C4","Copie Noir & Blanc A4-R /  Papier","U",15,8.4033613445378155,126.05042016806723,0,0,126.05042016806723,0.19,23.949579831932773,150,null,null,10,null,null,3366]
[null,null,null,"03-302",null,null,"1-PRS",2,"I4","Impression Noir & Blanc A4-R /  Papier","U",1,16.806722689075631,16.806722689075631,0,0,16.806722689075631,0.19,3.1932773109243699,20,null,null,20,null,null,3368]
[null,null,null,"03-303",null,null,0,2,"AV","Avance","U",1,0,0,0,0,0,0.19,0,0,null,null,0,null,null,3370]
[null,null,null,"03-305",null,null,"1-PRS",1,"TP0","Tirage Couleur / Papier (aucun aplat) ","ML",1,504.20168067226894,504.20168067226894,0,0,504.20168067226894,0.19,95.798319327731093,600,null,null,600,null,null,3374]
[null,null,null,"03-307",null,null,"0-PRS",1,"R4S2","Reliure  A4 Spirale n° 22 à 28 + Transp. + Bristol","U",3,168.0672268907563,504.20168067226894,0,0,504.20168067226894,0.19,95.798319327731093,600,null,null,200,null,null,3378]
["P",24,"2021-03-24",null,"03-309","CLIENT",null,null,1,"Tarif COMPTOIR",null,null,null,90.756302521008422,0,0,90.756302521008422,0.19,17.243697478991599,108.00000000000003,0,108,null,0,3,3381]
["P",24,"2021-03-24",null,"03-310","CLIENT",null,null,1,"Tarif COMPTOIR",null,null,null,1210.0840336134454,0,0,1210.0840336134454,0.19,229.91596638655463,1440,0,1440,null,0,3,3383]
[null,null,null,"03-311",null,null,"0-PRS",1,"C42B","Copie Couleur A4-R / Bristol (tout aplat)","U",2,75.630252100840337,151.26050420168067,0,0,151.26050420168067,0.19,28.739495798319329,180,null,null,90,null,null,3386]
[null,null,null,"03-313",null,null,"1-PRS",1,"TP","Tirage Noir & Blanc / Papier","ML",2.1,100.84033613445379,211.76470588235298,0,0,211.76470588235298,0.19,40.235294117647065,252.00000000000006,null,null,120.00000000000001,null,null,3390]
[null,null,null,"03-314",null,null,"1-PRS",1,"C40","Copie Couleur A4-R /  Papier (aucun aplat)","U",6,33.613445378151262,201.68067226890759,0,0,201.68067226890759,0.19,38.319327731092443,240.00000000000003,null,null,40,null,null,3392]
[null,null,null,"03-315",null,null,"1-PRS",1,"PP","Traçage Noir & Blanc / Papier ","ML",2.4,201.68067226890759,484.03361344537819,0,0,484.03361344537819,0.19,91.966386554621863,576,null,null,240.00000000000003,null,null,3394]
[null,null,null,"03-317",null,null,"00:00:00",1,"AV","Avance","U",1,0,0,0,0,0,0.19,0,0,null,null,0,null,null,3398]
["P",25,"2021-03-25",null,"03-319","CLIENT",null,null,1,"Tarif COMPTOIR",null,null,null,67.226890756302524,0,0,67.226890756302524,0.19,12.77310924369748,80,0,80,null,0,3,3401]
[null,null,null,"03-319",null,null,"1-PRS",1,"C30","Copie Couleur A3-R /  Papier (aucun aplat)","U",1,67.226890756302524,67.226890756302524,0,0,67.226890756302524,0.19,12.77310924369748,80,null,null,80,null,null,3402]
[null,null,null,"03-321",null,null,"0-PRS",1,"I31B","Impression Couleur A3-R / Bristol (avec aplats)","U",1,151.26050420168067,151.26050420168067,0,0,151.26050420168067,0.19,28.739495798319329,180,null,null,180,null,null,3406]
[null,null,null,"03-322",null,null,"1-PRS",3,"TP","Tirage Noir & Blanc / Papier","ML",1.05,100.84033613445379,105.88235294117649,0,0,105.88235294117649,0.19,20.117647058823533,126.00000000000003,null,null,120.00000000000001,null,null,3408]
[null,null,null,"03-323",null,null,"1-PRS",1,"TP0","Tirage Couleur / Papier (aucun aplat) ","ML",7.5,504.20168067226894,3781.5126050420172,0,0,3781.5126050420172,0.19,718.48739495798327,4500,null,null,600,null,null,3410]
[null,null,null,"03-323",null,null,"1-PRS",4,"C4","Copie Noir & Blanc A4-R /  Papier","U",24,8.4033613445378155,201.68067226890759,0,0,201.68067226890759,0.19,38.319327731092443,240.00000000000003,null,null,10,null,null,3410]
[null,null,null,"03-325",null,null,"1-PRS",2,"C4","Copie Noir & Blanc A4-R /  Papier","U",20,8.4033613445378155,168.0672268907563,0,0,168.0672268907563,0.19,31.932773109243698,200,null,null,10,null,null,3414]
[null,null,null,null,null,null,null,null,"",null,null,null,null,null,null,null,null,null,null,null,{"$f":"IF(CTS_Source[[#This Row],[Montant Payé]]>0,CTS_Source[[#This Row],[Montant TTC]]-CTS_Source[[#This Row],[Montant Payé]],\"\")","v":""}]
[null,null,null,null,null,null,null,null,"",null,null,null,null,null,null,null,null,null,null,null,{"$f":"IF(CTS_Source[[#This Row],[Montant Payé]]>0,CTS_Source[[#This Row],[Montant TTC]]-CTS_Source[[#This Row],[Montant Payé]],\"\")","v":""}]
[null,null,null,null,null,null,null,null,"",null,null,null,null,null,null,null,null,null,null,null,{"$f":"IF(CTS_Source[[#This Row],[Montant Payé]]>0,CTS_Source[[#This Row],[Montant TTC]]-CTS_Source[[#This Row],[Montant Payé]],\"\")","v":""}]
[null,null,null,null,null,null,null,null,"",null,null,null,null,null,null,null,null,null,null,null,{"$f":"IF(CTS_Source[[#This Row],[Montant Payé]]>0,CTS_Source[[#This Row],[Montant TTC]]-CTS_Source[[#This Row],[Montant Payé]],\"\")","v":""}]
[null,null,null,null,null,null,null,null,"",null,null,null,null,null,null,null,null,null,null,null,{"$f":"IF(CTS_Source[[#This Row],[Montant Payé]]>0,CTS_Source[[#This Row],[Montant TTC]]-CTS_Source[[#This Row],[Montant Payé]],\"\")","v":""}]
[null,null,null,null,null,null,null,null,"",null,null,null,null,null,null,null,null,null,null,null,{"$f":"IF(CTS_Source[[#This Row],[Montant Payé]]>0,CTS_Source[[#This Row],[Montant TTC]]-CTS_Source[[#This Row],[Montant Payé]],\"\")","v":""}]
[null,null,null,null,null,null,null,null,"",null,null,null,null,null,null,null,null,null,null,null,{"$f":"IF(CTS_Source[[#This Row],[Montant Payé]]>0,CTS_Source[[#This Row],[Montant TTC]]-CTS_Source[[#This Row],[Montant Payé]],\"\")","v":""}]
[null,null,null,null,null,null,null,null,"",null,null,null,null,null,null,null,null,null,null,null,{"$f":"IF(CTS_Source[[#This Row],[Montant Payé]]>0,CTS_Source[[#This Row],[Montant TTC]]-CTS_Source[[#This Row],[Montant Payé]],\"\")","v":""}]
[null,null,null,null,null,null,null,null,"",null,null,null,null,null,null,null,null,null,null,null,{"$f":"IF(CTS_Source[[#This Row],[Montant Payé]]>0,CTS_Source[[#This Row],[Montant TTC]]-CTS_Source[[#This Row],[Montant Payé]],\"\")","v":""}]
[null,null,null,null,null,null,null,null,"",null,null,null,null,null,null,null,null,null,null,null,{"$f":"IF(CTS_Source[[#This Row],[Montant Payé]]>0,CTS_Source[[#This Row],[Montant TTC]]-CTS_Source[[#This Row],[Montant Payé]],\"\")","v":""}]
[null,null,null,null,null,null,null,null,"",null,null,null,null,null,null,null,null,null,null,null,{"$f":"IF(CTS_Source[[#This Row],[Montant Payé]]>0,CTS_Source[[#This Row],[Montant TTC]]-CTS_Source[[#This Row],[Montant Payé]],\"\")","v":""}]
[null,null,null,null,null,null,null,null,"",null,null,null,null,null,null,null,null,null,null,null,{"$f":"IF(CTS_Source[[#This Row],[Montant Payé]]>0,CTS_Source[[#This Row],[Montant TTC]]-CTS_Source[[#This Row],[Montant Payé]],\"\")","v":""}]
[null,null,null,null,null,null,null,null,"",null,null,null,null,null,null,null,null,null,null,null,{"$f":"IF(CTS_Source[[#This Row],[Montant Payé]]>0,CTS_Source[[#This Row],[Montant TTC]]-CTS_Source[[#This Row],[Montant Payé]],\"\")","v":""}]
[null,null,null,null,null,null,null,null,"",null,null,null,null,null,null,null,null,null,null,null,{"$f":"IF(CTS_Source[[#This Row],[Montant Payé]]>0,CTS_Source[[#This Row],[Montant TTC]]-CTS_Source[[#This Row],[Montant Payé]],\"\")","v":""}]
[null,null,null,null,null,null,null,null,"",null,null,null,null,null,null,null,null,null,null,null,{"$f":"IF(CTS_Source[[#This Row],[Montant Payé]]>0,CTS_Source[[#This Row],[Montant TTC]]-CTS_Source[[#This Row],[Montant Payé]],\"\")","v":""}]
[null,null,null,null,null,null,null,null,"",null,null,null,null,null,null,null,null,null,null,null,{"$f":"IF(CTS_Source[[#This Row],[Montant Payé]]>0,CTS_Source[[#This Row],[Montant TTC]]-CTS_Source[[#This Row],[Montant Payé]],\"\")","v":""}]
[null,null,null,null,null,null,null,null,"",null,null,null,null,null,null,null,null,null,null,null,{"$f":"IF(CTS_Source[[#This Row],[Montant Payé]]>0,CTS_Source[[#This Row],[Montant TTC]]-CTS_Source[[#This Row],[Montant Payé]],\"\")","v":""}]
[null,null,null,null,null,null,null,null,"",null,null,null,null,null,null,null,null,null,null,null,{"$f":"IF(CTS_Source[[#This Row],[Montant Payé]]>0,CTS_Source[[#This Row],[Montant TTC]]-CTS_Source[[#This Row],[Montant Payé]],\"\")","v":""}]
[null,null,null,null,null,null,null,null,"",null,null,null,null,null,null,null,null,null,null,null,{"$f":"IF(CTS_Source[[#This Row],[Montant Payé]]>0,CTS_Source[[#This Row],[Montant TTC]]-CTS_Source[[#This Row],[Montant Payé]],\"\")","v":""}]
[null,null,null,null,null,null,null,null,"",null,null,null,null,null,null,null,null,null,null,null,{"$f":"IF(CTS_Source[[#This Row],[Montant Payé]]>0,CTS_Source[[#This Row],[Montant TTC]]-CTS_Source[[#This Row],[Montant Payé]],\"\")","v":""}]
[null,null,null,null,null,null,null,null,"",null,null,null,null,null,null,null,null,null,null,null,{"$f":"IF(CTS_Source[[#This Row],[Montant Payé]]>0,CTS_Source[[#This Row],[Montant TTC]]-CTS_Source[[#This Row],[Montant Payé]],\"\")","v":""}]
[null,null,null,null,null,null,null,null,"",null,null,null,null,null,null,null,null,null,null,null,{"$f":"IF(CTS_Source[[#This Row],[Montant Payé]]>0,CTS_Source[[#This Row],[Montant TTC]]-CTS_Source[[#This Row],[Montant Payé]],\"\")","v":""}]
[null,null,null,null,null,null,null,null,"",null,null,null,null,null,null,null,null,null,null,null,{"$f":"IF(CTS_Source[[#This Row],[Montant Payé]]>0,CTS_Source[[#This Row],[Montant TTC]]-CTS_Source[[#This Row],[Montant Payé]],\"\")","v":""}]
[null,null,null,null,null,null,null,null,"",null,null,null,null,null,null,null,null,null,null,null,{"$f":"IF(CTS_Source[[#This Row],[Montant Payé]]>0,CTS_Source[[#This Row],[Montant TTC]]-CTS_Source[[#This Row],[Montant Payé]],\"\")","v":""}]
[null,null,null,null,null,null,null,null,"",null,null,null,null,null,null,null,null,null,null,null,{"$f":"IF(CTS_Source[[#This Row],[Montant Payé]]>0,CTS_Source[[#This Row],[Montant TTC]]-CTS_Source[[#This Row],[Montant Payé]],\"\")","v":""}]
[null,null,null,null,null,null,null,null,"",null,null,null,null,null,null,null,null,null,null,null,{"$f":"IF(CTS_Source[[#This Row],[Montant Payé]]>0,CTS_Source[[#This Row],[Montant TTC]]-CTS_Source[[#This Row],[Montant Payé]],\"\")","v":""}]
[null,null,null,null,null,null,null,null,"",null,null,null,null,null,null,null,null,null,null,null,{"$f":"IF(CTS_Source[[#This Row],[Montant Payé]]>0,CTS_Source[[#This Row],[Montant TTC]]-CTS_Source[[#This Row],[Montant Payé]],\"\")","v":""}]
[null,null,null,null,null,null,null,null,"",null,null,null,null,null,null,null,null,null,null,null,{"$f":"IF(CTS_Source[[#This Row],[Montant Payé]]>0,CTS_Source[[#This Row],[Montant TTC]]-CTS_Source[[#This Row],[Montant Payé]],\"\")","v":""}]
[null,null,null,null,null,null,null,null,"",null,null,null,null,null,null,null,null,null,null,null,{"$f":"IF(CTS_Source[[#This Row],[Montant Payé]]>0,CTS_Source[[#This Row],[Montant TTC]]-CTS_Source[[#This Row],[Montant Payé]],\"\")","v":""}]
[null,null,null,null,null,null,null,null,"",null,null,null,null,null,null,null,null,null,null,null,{"$f":"IF(CTS_Source[[#This Row],[Montant Payé]]>0,CTS_Source[[#This Row],[Montant TTC]]-CTS_Source[[#This Row],[Montant Payé]],\"\")","v":""}]
[null,null,null,null,null,null,null,null,"",null,null,null,null,null,null,null,null,null,null,null,{"$f":"IF(CTS_Source[[#This Row],[Montant Payé]]>0,CTS_Source[[#This Row],[Montant TTC]]-CTS_Source[[#This Row],[Montant Payé]],\"\")","v":""}]
[null,null,null,null,null,null,null,null,"",null,null,null,null,null,null,null,null,null,null,null,{"$f":"IF(CTS_Source[[#This Row],[Montant Payé]]>0,CTS_Source[[#This Row],[Montant TTC]]-CTS_Source[[#This Row],[Montant Payé]],\"\")","v":""}]
[null,null,null,null,null,null,null,null,"",null,null,null,null,null,null,null,null,null,null,null,{"$f":"IF(CTS_Source[[#This Row],[Montant Payé]]>0,CTS_Source[[#This Row],[Montant TTC]]-CTS_Source[[#This Row],[Montant Payé]],\"\")","v":""}]
[null,null,null,null,null,null,null,null,"",null,null,null,null,null,null,null,null,null,null,null,{"$f":"IF(CTS_Source[[#This Row],[Montant Payé]]>0,CTS_Source[[#This Row],[Montant TTC]]-CTS_Source[[#This Row],[Montant Payé]],\"\")","v":""}]
[null,null,null,null,null,null,null,null,"",null,null,null,null,null,null,null,null,null,null,null,{"$f":"IF(CTS_Source[[#This Row],[Montant Payé]]>0,CTS_Source[[#This Row],[Montant TTC]]-CTS_Source[[#This Row],[Montant Payé]],\"\")","v":""}]
[null,null,null,null,null,null,null,null,"",null,null,null,null,null,null,null,null,null,null,null,{"$f":"IF(CTS_Source[[#This Row],[Montant Payé]]>0,CTS_Source[[#This Row],[Montant TTC]]-CTS_Source[[#This Row],[Montant Payé]],\"\")","v":""}]
[null,null,null,null,null,null,null,null,"",null,null,null,null,null,null,null,null,null,null,null,{"$f":"IF(CTS_Source[[#This Row],[Montant Payé]]>0,CTS_Source[[#This Row],[Montant TTC]]-CTS_Source[[#This Row],[Montant Payé]],\"\")","v":""}]
[null,null,null,null,null,null,null,null,"",null,null,null,null,null,null,null,null,null,null,null,{"$f":"IF(CTS_Source[[#This Row],[Montant Payé]]>0,CTS_Source[[#This Row],[Montant TTC]]-CTS_Source[[#This Row],[Montant Payé]],\"\")","v":""}]
[null,null,null,null,null,null,null,null,"",null,null,null,null,null,null,null,null,null,null,null,{"$f":"IF(CTS_Source[[#This Row],[Montant Payé]]>0,CTS_Source[[#This Row],[Montant TTC]]-CTS_Source[[#This Row],[Montant Payé]],\"\")","v":""}]
[null,null,null,null,null,null,null,null,"",null,null,null,null,null,null,null,null,null,null,null,{"$f":"IF(CTS_Source[[#This Row],[Montant Payé]]>0,CTS_Source[[#This Row],[Montant TTC]]-CTS_Source[[#This Row],[Montant Payé]],\"\")","v":""}]
[null,null,null,null,null,null,null,null,"",null,null,null,null,null,null,null,null,null,null,null,{"$f":"IF(CTS_Source[[#This Row],[Montant Payé]]>0,CTS_Source[[#This Row],[Montant TTC]]-CTS_Source[[#This Row],[Montant Payé]],\"\")","v":""}]
[null,null,null,null,null,null,null,null,"",null,null,null,null,null,null,null,null,null,null,null,{"$f":"IF(CTS_Source[[#This Row],[Montant Payé]]>0,CTS_Source[[#This Row],[Montant TTC]]-CTS_Source[[#This Row],[Montant Payé]],\"\")","v":""}]
[null,null,null,null,null,null,null,null,"",null,null,null,null,null,null,null,null,null,null,null,{"$f":"IF(CTS_Source[[#This Row],[Montant Payé]]>0,CTS_Source[[#This Row],[Montant TTC]]-CTS_Source[[#This Row],[Montant Payé]],\"\")","v":""}]
[null,null,null,null,null,null,null,null,"",null,null,null,null,null,null,null,null,null,null,null,{"$f":"IF(CTS_Source[[#This Row],[Montant Payé]]>0,CTS_Source[[#This Row],[Montant TTC]]-CTS_Source[[#This Row],[Montant Payé]],\"\")","v":""}]
[null,null,null,null,null,null,null,null,"",null,null,null,null,null,null,null,null,null,null,null,{"$f":"IF(CTS_Source[[#This Row],[Montant Payé]]>0,CTS_Source[[#This Row],[Montant TTC]]-CTS_Source[[#This Row],[Montant Payé]],\"\")","v":""}]
[null,null,null,null,null,null,null,null,"",null,null,null,null,null,null,null,null,null,null,null,{"$f":"IF(CTS_Source[[#This Row],[Montant Payé]]>0,CTS_Source[[#This Row],[Montant TTC]]-CTS_Source[[#This Row],[Montant Payé]],\"\")","v":""}]
[null,null,null,null,null,null,null,null,"",null,null,null,null,null,null,null,null,null,null,null,{"$f":"IF(CTS_Source[[#This Row],[Montant Payé]]>0,CTS_Source[[#This Row],[Montant TTC]]-CTS_Source[[#This Row],[Montant Payé]],\"\")","v":""}]
[null,null,null,null,null,null,null,null,"",null,null,null,null,null,null,null,null,null,null,null,{"$f":"IF(CTS_Source[[#This Row],[Montant Payé]]>0,CTS_Source[[#This Row],[Montant TTC]]-CTS_Source[[#This Row],[Montant Payé]],\"\")","v":""}]
[null,null,null,null,null,null,null,null,"",null,null,null,null,null,null,null,null,null,null,null,{"$f":"IF(CTS_Source[[#This Row],[Montant Payé]]>0,CTS_Source[[#This Row],[Montant TTC]]-CTS_Source[[#This Row],[Montant Payé]],\"\")","v":""}]
[null,null,null,null,null,null,null,null,"",null,null,null,null,null,null,null,null,null,null,null,{"$f":"IF(CTS_Source[[#This Row],[Montant Payé]]>0,CTS_Source[[#This Row],[Montant TTC]]-CTS_Source[[#This Row],[Montant Payé]],\"\")","v":""}]
[null,null,null,null,null,null,null,null,"",null,null,null,null,null,null,null,null,null,null,null,{"$f":"IF(CTS_Source[[#This Row],[Montant Payé]]>0,CTS_Source[[#This Row],[Montant TTC]]-CTS_Source[[#This Row],[Montant Payé]],\"\")","v":""}]
[null,null,null,null,null,null,null,null,"",null,null,null,null,null,null,null,null,null,null,null,{"$f":"IF(CTS_Source[[#This Row],[Montant Payé]]>0,CTS_Source[[#This Row],[Montant TTC]]-CTS_Source[[#This Row],[Montant Payé]],\"\")","v":""}]
[null,null,null,null,null,null,null,null,"",null,null,null,null,null,null,null,null,null,null,null,{"$f":"IF(CTS_Source[[#This Row],[Montant Payé]]>0,CTS_Source[[#This Row],[Montant TTC]]-CTS_Source[[#This Row],[Montant Payé]],\"\")","v":""}]
[null,null,null,null,null,null,null,null,"",null,null,null,null,null,null,null,null,null,null,null,{"$f":"IF(CTS_Source[[#This Row],[Montant Payé]]>0,CTS_Source[[#This Row],[Montant TTC]]-CTS_Source[[#This Row],[Montant Payé]],\"\")","v":""}]
[null,null,null,null,null,null,null,null,"",null,null,null,null,null,null,null,null,null,null,null,{"$f":"IF(CTS_Source[[#This Row],[Montant Payé]]>0,CTS_Source[[#This Row],[Montant TTC]]-CTS_Source[[#This Row],[Montant Payé]],\"\")","v":""}]
[null,null,null,null,null,null,null,null,"",null,null,null,null,null,null,null,null,null,null,null,{"$f":"IF(CTS_Source[[#This Row],[Montant Payé]]>0,CTS_Source[[#This Row],[Montant TTC]]-CTS_Source[[#This Row],[Montant Payé]],\"\")","v":""}]
[null,null,null,null,null,null,null,null,"",null,null,null,null,null,null,null,null,null,null,null,{"$f":"IF(CTS_Source[[#This Row],[Montant Payé]]>0,CTS_Source[[#This Row],[Montant TTC]]-CTS_Source[[#This Row],[Montant Payé]],\"\")","v":""}]
[null,null,null,null,null,null,null,null,"",null,null,null,null,null,null,null,null,null,null,null,{"$f":"IF(CTS_Source[[#This Row],[Montant Payé]]>0,CTS_Source[[#This Row],[Montant TTC]]-CTS_Source[[#This Row],[Montant Payé]],\"\")","v":""}]
[null,null,null,null,null,null,null,null,"",null,null,null,null,null,null,null,null,null,null,null,{"$f":"IF(CTS_Source[[#This Row],[Montant Payé]]>0,CTS_Source[[#This Row],[Montant TTC]]-CTS_Source[[#This Row],[Montant Payé]],\"\")","v":""}]
[null,null,null,null,null,null,null,null,"",null,null,null,null,null,null,null,null,null,null,null,{"$f":"IF(CTS_Source[[#This Row],[Montant Payé]]>0,CTS_Source[[#This Row],[Montant TTC]]-CTS_Source[[#This Row],[Montant Payé]],\"\")","v":""}]
[null,null,null,null,null,null,null,null,"",null,null,null,null,null,null,null,null,null,null,null,{"$f":"IF(CTS_Source[[#This Row],[Montant Payé]]>0,CTS_Source[[#This Row],[Montant TTC]]-CTS_Source[[#This Row],[Montant Payé]],\"\")","v":""}]
[null,null,null,null,null,null,null,null,"",null,null,null,null,null,null,null,null,null,null,null,{"$f":"IF(CTS_Source[[#This Row],[Montant Payé]]>0,CTS_Source[[#This Row],[Montant TTC]]-CTS_Source[[#This Row],[Montant Payé]],\"\")","v":""}]
[null,null,null,null,null,null,null,null,"",null,null,null,null,null,null,null,null,null,null,null,{"$f":"IF(CTS_Source[[#This Row],[Montant Payé]]>0,CTS_Source[[#This Row],[Montant TTC]]-CTS_Source[[#This Row],[Montant Payé]],\"\")","v":""}]
[null,null,null,null,null,null,null,null,"",null,null,null,null,null,null,null,null,null,null,null,{"$f":"IF(CTS_Source[[#This Row],[Montant Payé]]>0,CTS_Source[[#This Row],[Montant TTC]]-CTS_Source[[#This Row],[Montant Payé]],\"\")","v":""}]
[null,null,null,null,null,null,null,null,"",null,null,null,null,null,null,null,null,null,null,null,{"$f":"IF(CTS_Source[[#This Row],[Montant Payé]]>0,CTS_Source[[#This Row],[Montant TTC]]-CTS_Source[[#This Row],[Montant Payé]],\"\")","v":""}]
[null,null,null,null,null,null,null,null,"",null,null,null,null,null,null,null,null,null,null,null,{"$f":"IF(CTS_Source[[#This Row],[Montant Payé]]>0,CTS_Source[[#This Row],[Montant TTC]]-CTS_Source[[#This Row],[Montant Payé]],\"\")","v":""}]
[null,null,null,null,null,null,null,null,"",null,null,null,null,null,null,null,null,null,null,null,{"$f":"IF(CTS_Source[[#This Row],[Montant Payé]]>0,CTS_Source[[#This Row],[Montant TTC]]-CTS_Source[[#This Row],[Montant Payé]],\"\")","v":""}]
[null,null,null,null,null,null,null,null,"",null,null,null,null,null,null,null,null,null,null,null,{"$f":"IF(CTS_Source[[#This Row],[Montant Payé]]>0,CTS_Source[[#This Row],[Montant TTC]]-CTS_Source[[#This Row],[Montant Payé]],\"\")","v":""}]
[null,null,null,null,null,null,null,null,"",null,null,null,null,null,null,null,null,null,null,null,{"$f":"IF(CTS_Source[[#This Row],[Montant Payé]]>0,CTS_Source[[#This Row],[Montant TTC]]-CTS_Source[[#This Row],[Montant Payé]],\"\")","v":""}]
[null,null,null,null,null,null,null,null,"",null,null,null,null,null,null,null,null,null,null,null,{"$f":"IF(CTS_Source[[#This Row],[Montant Payé]]>0,CTS_Source[[#This Row],[Montant TTC]]-CTS_Source[[#This Row],[Montant Payé]],\"\")","v":""}]
[null,null,null,null,null,null,null,null,"",null,null,null,null,null,null,null,null,null,null,null,{"$f":"IF(CTS_Source[[#This Row],[Montant Payé]]>0,CTS_Source[[#This Row],[Montant TTC]]-CTS_Source[[#This Row],[Montant Payé]],\"\")","v":""}]
[null,null,null,null,null,null,null,null,"",null,null,null,null,null,null,null,null,null,null,null,{"$f":"IF(CTS_Source[[#This Row],[Montant Payé]]>0,CTS_Source[[#This Row],[Montant TTC]]-CTS_Source[[#This Row],[Montant Payé]],\"\")","v":""}]
[null,null,null,null,null,null,null,null,"",null,null,null,null,null,null,null,null,null,null,null,{"$f":"IF(CTS_Source[[#This Row],[Montant Payé]]>0,CTS_Source[[#This Row],[Montant TTC]]-CTS_Source[[#This Row],[Montant Payé]],\"\")","v":""}]
[null,null,null,null,null,null,null,null,"",null,null,null,null,null,null,null,null,null,null,null,{"$f":"IF(CTS_Source[[#This Row],[Montant Payé]]>0,CTS_Source[[#This Row],[Montant TTC]]-CTS_Source[[#This Row],[Montant Payé]],\"\")","v":""}]
[null,null,null,null,null,null,null,null,"",null,null,null,null,null,null,null,null,null,null,null,{"$f":"IF(CTS_Source[[#This Row],[Montant Payé]]>0,CTS_Source[[#This Row],[Montant TTC]]-CTS_Source[[#This Row],[Montant Payé]],\"\")","v":""}]
[null,null,null,null,null,null,null,null,"",null,null,null,null,null,null,null,null,null,null,null,{"$f":"IF(CTS_Source[[#This Row],[Montant Payé]]>0,CTS_Source[[#This Row],[Montant TTC]]-CTS_Source[[#This Row],[Montant Payé]],\"\")","v":""}]
[null,null,null,null,null,null,null,null,"",null,null,null,null,null,null,null,null,null,null,null,{"$f":"IF(CTS_Source[[#This Row],[Montant Payé]]>0,CTS_Source[[#This Row],[Montant TTC]]-CTS_Source[[#This Row],[Montant Payé]],\"\")","v":""}]
[null,null,null,null,null,null,null,null,"",null,null,null,null,null,null,null,null,null,null,null,{"$f":"IF(CTS_Source[[#This Row],[Montant Payé]]>0,CTS_Source[[#This Row],[Montant TTC]]-CTS_Source[[#This Row],[Montant Payé]],\"\")","v":""}]
[null,null,null,null,null,null,null,null,"",null,null,null,null,null,null,null,null,null,null,null,{"$f":"IF(CTS_Source[[#This Row],[Montant Payé]]>0,CTS_Source[[#This Row],[Montant TTC]]-CTS_Source[[#This Row],[Montant Payé]],\"\")","v":""}]
[null,null,null,null,null,null,null,null,"",null,null,null,null,null,null,null,null,null,null,null,{"$f":"IF(CTS_Source[[#This Row],[Montant Payé]]>0,CTS_Source[[#This Row],[Montant TTC]]-CTS_Source[[#This Row],[Montant Payé]],\"\")","v":""}]
[null,null,null,null,null,null,null,null,"",null,null,null,null,null,null,null,null,null,null,null,{"$f":"IF(CTS_Source[[#This Row],[Montant Payé]]>0,CTS_Source[[#This Row],[Montant TTC]]-CTS_Source[[#This Row],[Montant Payé]],\"\")","v":""}]
[null,null,null,null,null,null,null,null,"",null,null,null,null,null,null,null,null,null,null,null,{"$f":"IF(CTS_Source[[#This Row],[Montant Payé]]>0,CTS_Source[[#This Row],[Montant TTC]]-CTS_Source[[#This Row],[Montant Payé]],\"\")","v":""}]
[null,null,null,null,null,null,null,null,"",null,null,null,null,null,null,null,null,null,null,null,{"$f":"IF(CTS_Source[[#This Row],[Montant Payé]]>0,CTS_Source[[#This Row],[Montant TTC]]-CTS_Source[[#This Row],[Montant Payé]],\"\")","v":""}]
[null,null,null,null,null,null,null,null,"",null,null,null,null,null,null,null,null,null,null,null,{"$f":"IF(CTS_Source[[#This Row],[Montant Payé]]>0,CTS_Source[[#This Row],[Montant TTC]]-CTS_Source[[#This Row],[Montant Payé]],\"\")","v":""}]
[null,null,null,null,null,null,null,null,"",null,null,null,null,null,null,null,null,null,null,null,{"$f":"IF(CTS_Source[[#This Row],[Montant Payé]]>0,CTS_Source[[#This Row],[Montant TTC]]-CTS_Source[[#This Row],[Montant Payé]],\"\")","v":""}]
[null,null,null,null,null,null,null,null,"",null,null,null,null,null,null,null,null,null,null,null,{"$f":"IF(CTS_Source[[#This Row],[Montant Payé]]>0,CTS_Source[[#This Row],[Montant TTC]]-CTS_Source[[#This Row],[Montant Payé]],\"\")","v":""}]
[null,null,null,null,null,null,null,null,"",null,null,null,null,null,null,null,null,null,null,null,{"$f":"IF(CTS_Source[[#This Row],[Montant Payé]]>0,CTS_Source[[#This Row],[Montant TTC]]-CTS_Source[[#This Row],[Montant Payé]],\"\")","v":""}]
[null,null,null,null,null,null,null,null,"",null,null,null,null,null,null,null,null,null,null,null,{"$f":"IF(CTS_Source[[#This Row],[Montant Payé]]>0,CTS_Source[[#This Row],[Montant TTC]]-CTS_Source[[#This Row],[Montant Payé]],\"\")","v":""}]
[null,null,null,null,null,null,null,null,"",null,null,null,null,null,null,null,null,null,null,null,{"$f":"IF(CTS_Source[[#This Row],[Montant Payé]]>0,CTS_Source[[#This Row],[Montant TTC]]-CTS_Source[[#This Row],[Montant Payé]],\"\")","v":""}]
[null,null,null,null,null,null,null,null,"",null,null,null,null,null,null,null,null,null,null,null,{"$f":"IF(CTS_Source[[#This Row],[Montant Payé]]>0,CTS_Source[[#This Row],[Montant TTC]]-CTS_Source[[#This Row],[Montant Payé]],\"\")","v":""}]
[null,null,null,null,null,null,null,null,"",null,null,null,null,null,null,null,null,null,null,null,{"$f":"IF(CTS_Source[[#This Row],[Montant Payé]]>0,CTS_Source[[#This Row],[Montant TTC]]-CTS_Source[[#This Row],[Montant Payé]],\"\")","v":""}]
[null,null,null,null,null,null,null,null,"",null,null,null,null,null,null,null,null,null,null,null,{"$f":"IF(CTS_Source[[#This Row],[Montant Payé]]>0,CTS_Source[[#This Row],[Montant TTC]]-CTS_Source[[#This Row],[Montant Payé]],\"\")","v":""}]
[null,null,null,null,null,null,null,null,"",null,null,null,null,null,null,null,null,null,null,null,{"$f":"IF(CTS_Source[[#This Row],[Montant Payé]]>0,CTS_Source[[#This Row],[Montant TTC]]-CTS_Source[[#This Row],[Montant Payé]],\"\")","v":""}]
[null,null,null,null,null,null,null,null,"",null,null,null,null,null,null,null,null,null,null,null,{"$f":"IF(CTS_Source[[#This Row],[Montant Payé]]>0,CTS_Source[[#This Row],[Montant TTC]]-CTS_Source[[#This Row],[Montant Payé]],\"\")","v":""}]
[null,null,null,null,null,null,null,null,"",null,null,null,null,null,null,null,null,null,null,null,{"$f":"IF(CTS_Source[[#This Row],[Montant Payé]]>0,CTS_Source[[#This Row],[Montant TTC]]-CTS_Source[[#This Row],[Montant Payé]],\"\")","v":""}]
[null,null,null,null,null,null,null,null,"",null,null,null,null,null,null,null,null,null,null,null,{"$f":"IF(CTS_Source[[#This Row],[Montant Payé]]>0,CTS_Source[[#This Row],[Montant TTC]]-CTS_Source[[#This Row],[Montant Payé]],\"\")","v":""}]
[null,null,null,null,null,null,null,null,"",null,null,null,null,null,null,null,null,null,null,null,{"$f":"IF(CTS_Source[[#This Row],[Montant Payé]]>0,CTS_Source[[#This Row],[Montant TTC]]-CTS_Source[[#This Row],[Montant Payé]],\"\")","v":""}]
[null,null,null,null,null,null,null,null,"",null,null,null,null,null,null,null,null,null,null,null,{"$f":"IF(CTS_Source[[#This Row],[Montant Payé]]>0,CTS_Source[[#This Row],[Montant TTC]]-CTS_Source[[#This Row],[Montant Payé]],\"\")","v":""}]
[null,null,null,null,null,null,null,null,"",null,null,null,null,null,null,null,null,null,null,null,{"$f":"IF(CTS_Source[[#This Row],[Montant Payé]]>0,CTS_Source[[#This Row],[Montant TTC]]-CTS_Source[[#This Row],[Montant Payé]],\"\")","v":""}]
[null,null,null,null,null,null,null,null,"",null,null,null,null,null,null,null,null,null,null,null,{"$f":"IF(CTS_Source[[#This Row],[Montant Payé]]>0,CTS_Source[[#This Row],[Montant TTC]]-CTS_Source[[#This Row],[Montant Payé]],\"\")","v":""}]
[null,null,null,null,null,null,null,null,"",null,null,null,null,null,null,null,null,null,null,null,{"$f":"IF(CTS_Source[[#This Row],[Montant Payé]]>0,CTS_Source[[#This Row],[Montant TTC]]-CTS_Source[[#This Row],[Montant Payé]],\"\")","v":""}]
[null,null,null,null,null,null,null,null,"",null,null,null,null,null,null,null,null,null,null,null,{"$f":"IF(CTS_Source[[#This Row],[Montant Payé]]>0,CTS_Source[[#This Row],[Montant TTC]]-CTS_Source[[#This Row],[Montant Payé]],\"\")","v":""}]
[null,null,null,null,null,null,null,null,"",null,null,null,null,null,null,null,null,null,null,null,{"$f":"IF(CTS_Source[[#This Row],[Montant Payé]]>0,CTS_Source[[#This Row],[Montant TTC]]-CTS_Source[[#This Row],[Montant Payé]],\"\")","v":""}]
[null,null,null,null,null,null,null,null,"",null,null,null,null,null,null,null,null,null,null,null,{"$f":"IF(CTS_Source[[#This Row],[Montant Payé]]>0,CTS_Source[[#This Row],[Montant TTC]]-CTS_Source[[#This Row],[Montant Payé]],\"\")","v":""}]
[null,null,null,null,null,null,null,null,"",null,null,null,null,null,null,null,null,null,null,null,{"$f":"IF(CTS_Source[[#This Row],[Montant Payé]]>0,CTS_Source[[#This Row],[Montant TTC]]-CTS_Source[[#This Row],[Montant Payé]],\"\")","v":""}]
[null,null,null,null,null,null,null,null,"",null,null,null,null,null,null,null,null,null,null,null,{"$f":"IF(CTS_Source[[#This Row],[Montant Payé]]>0,CTS_Source[[#This Row],[Montant TTC]]-CTS_Source[[#This Row],[Montant Payé]],\"\")","v":""}]
[null,null,null,null,null,null,null,null,"",null,null,null,null,null,null,null,null,null,null,null,{"$f":"IF(CTS_Source[[#This Row],[Montant Payé]]>0,CTS_Source[[#This Row],[Montant TTC]]-CTS_Source[[#This Row],[Montant Payé]],\"\")","v":""}]
[null,null,null,null,null,null,null,null,"",null,null,null,null,null,null,null,null,null,null,null,{"$f":"IF(CTS_Source[[#This Row],[Montant Payé]]>0,CTS_Source[[#This Row],[Montant TTC]]-CTS_Source[[#This Row],[Montant Payé]],\"\")","v":""}]
[null,null,null,null,null,null,null,null,"",null,null,null,null,null,null,null,null,null,null,null,{"$f":"IF(CTS_Source[[#This Row],[Montant Payé]]>0,CTS_Source[[#This Row],[Montant TTC]]-CTS_Source[[#This Row],[Montant Payé]],\"\")","v":""}]
[null,null,null,null,null,null,null,null,"",null,null,null,null,null,null,null,null,null,null,null,{"$f":"IF(CTS_Source[[#This Row],[Montant Payé]]>0,CTS_Source[[#This Row],[Montant TTC]]-CTS_Source[[#This Row],[Montant Payé]],\"\")","v":""}]
[null,null,null,null,null,null,null,null,"",null,null,null,null,null,null,null,null,null,null,null,{"$f":"IF(CTS_Source[[#This Row],[Montant Payé]]>0,CTS_Source[[#This Row],[Montant TTC]]-CTS_Source[[#This Row],[Montant Payé]],\"\")","v":""}]
[null,null,null,null,null,null,null,null,"",null,null,null,null,null,null,null,null,null,null,null,{"$f":"IF(CTS_Source[[#This Row],[Montant Payé]]>0,CTS_Source[[#This Row],[Montant TTC]]-CTS_Source[[#This Row],[Montant Payé]],\"\")","v":""}]
[null,null,null,null,null,null,null,null,"",null,null,null,null,null,null,null,null,null,null,null,{"$f":"IF(CTS_Source[[#This Row],[Montant Payé]]>0,CTS_Source[[#This Row],[Montant TTC]]-CTS_Source[[#This Row],[Montant Payé]],\"\")","v":""}]
[null,null,null,null,null,null,null,null,"",null,null,null,null,null,null,null,null,null,null,null,{"$f":"IF(CTS_Source[[#This Row],[Montant Payé]]>0,CTS_Source[[#This Row],[Montant TTC]]-CTS_Source[[#This Row],[Montant Payé]],\"\")","v":""}]
[null,null,null,null,null,null,null,null,"",null,null,null,null,null,null,null,null,null,null,null,{"$f":"IF(CTS_Source[[#This Row],[Montant Payé]]>0,CTS_Source[[#This Row],[Montant TTC]]-CTS_Source[[#This Row],[Montant Payé]],\"\")","v":""}]
[null,null,null,null,null,null,null,null,"",null,null,null,null,null,null,null,null,null,null,null,{"$f":"IF(CTS_Source[[#This Row],[Montant Payé]]>0,CTS_Source[[#This Row],[Montant TTC]]-CTS_Source[[#This Row],[Montant Payé]],\"\")","v":""}]
[null,null,null,null,null,null,null,null,"",null,null,null,null,null,null,null,null,null,null,null,{"$f":"IF(CTS_Source[[#This Row],[Montant Payé]]>0,CTS_Source[[#This Row],[Montant TTC]]-CTS_Source[[#This Row],[Montant Payé]],\"\")","v":""}]
[null,null,null,null,null,null,null,null,"",null,null,null,null,null,null,null,null,null,null,null,{"$f":"IF(CTS_Source[[#This Row],[Montant Payé]]>0,CTS_Source[[#This Row],[Montant TTC]]-CTS_Source[[#This Row],[Montant Payé]],\"\")","v":""}]
[null,null,null,null,null,null,null,null,"",null,null,null,null,null,null,null,null,null,null,null,{"$f":"IF(CTS_Source[[#This Row],[Montant Payé]]>0,CTS_Source[[#This Row],[Montant TTC]]-CTS_Source[[#This Row],[Montant Payé]],\"\")","v":""}]
[null,null,null,null,null,null,null,null,"",null,null,null,null,null,null,null,null,null,null,null,{"$f":"IF(CTS_Source[[#This Row],[Montant Payé]]>0,CTS_Source[[#This Row],[Montant TTC]]-CTS_Source[[#This Row],[Montant Payé]],\"\")","v":""}]
[null,null,null,null,null,null,null,null,"",null,null,null,null,null,null,null,null,null,null,null,{"$f":"IF(CTS_Source[[#This Row],[Montant Payé]]>0,CTS_Source[[#This Row],[Montant TTC]]-CTS_Source[[#This Row],[Montant Payé]],\"\")","v":""}]
[null,null,null,null,null,null,null,null,"",null,null,null,null,null,null,null,null,null,null,null,{"$f":"IF(CTS_Source[[#This Row],[Montant Payé]]>0,CTS_Source[[#This Row],[Montant TTC]]-CTS_Source[[#This Row],[Montant Payé]],\"\")","v":""}]
[null,null,null,null,null,null,null,null,"",null,null,null,null,null,null,null,null,null,null,null,{"$f":"IF(CTS_Source[[#This Row],[Montant Payé]]>0,CTS_Source[[#This Row],[Montant TTC]]-CTS_Source[[#This Row],[Montant Payé]],\"\")","v":""}]
[null,null,null,null,null,null,null,null,"",null,null,null,null,null,null,null,null,null,null,null,{"$f":"IF(CTS_Source[[#This Row],[Montant Payé]]>0,CTS_Source[[#This Row],[Montant TTC]]-CTS_Source[[#This Row],[Montant Payé]],\"\")","v":""}]
[null,null,null,null,null,null,null,null,"",null,null,null,null,null,null,null,null,null,null,null,{"$f":"IF(CTS_Source[[#This Row],[Montant Payé]]>0,CTS_Source[[#This Row],[Montant TTC]]-CTS_Source[[#This Row],[Montant Payé]],\"\")","v":""}]
[null,null,null,null,null,null,null,null,"",null,null,null,null,null,null,null,null,null,null,null,{"$f":"IF(CTS_Source[[#This Row],[Montant Payé]]>0,CTS_Source[[#This Row],[Montant TTC]]-CTS_Source[[#This Row],[Montant Payé]],\"\")","v":""}]
[null,null,null,null,null,null,null,null,"",null,null,null,null,null,null,null,null,null,null,null,{"$f":"IF(CTS_Source[[#This Row],[Montant Payé]]>0,CTS_Source[[#This Row],[Montant TTC]]-CTS_Source[[#This Row],[Montant Payé]],\"\")","v":""}]
[null,null,null,null,null,null,null,null,"",null,null,null,null,null,null,null,null,null,null,null,{"$f":"IF(CTS_Source[[#This Row],[Montant Payé]]>0,CTS_Source[[#This Row],[Montant TTC]]-CTS_Source[[#This Row],[Montant Payé]],\"\")","v":""}]
[null,null,null,null,null,null,null,null,"",null,null,null,null,null,null,null,null,null,null,null,{"$f":"IF(CTS_Source[[#This Row],[Montant Payé]]>0,CTS_Source[[#This Row],[Montant TTC]]-CTS_Source[[#This Row],[Montant Payé]],\"\")","v":""}]
[null,null,null,null,null,null,null,null,"",null,null,null,null,null,null,null,null,null,null,null,{"$f":"IF(CTS_Source[[#This Row],[Montant Payé]]>0,CTS_Source[[#This Row],[Montant TTC]]-CTS_Source[[#This Row],[Montant Payé]],\"\")","v":""}]
[null,null,null,null,null,null,null,null,"",null,null,null,null,null,null,null,null,null,null,null,{"$f":"IF(CTS_Source[[#This Row],[Montant Payé]]>0,CTS_Source[[#This Row],[Montant TTC]]-CTS_Source[[#This Row],[Montant Payé]],\"\")","v":""}]
[null,null,null,null,null,null,null,null,"",null,null,null,null,null,null,null,null,null,null,null,{"$f":"IF(CTS_Source[[#This Row],[Montant Payé]]>0,CTS_Source[[#This Row],[Montant TTC]]-CTS_Source[[#This Row],[Montant Payé]],\"\")","v":""}]
[null,null,null,null,null,null,null,null,"",null,null,null,null,null,null,null,null,null,null,null,{"$f":"IF(CTS_Source[[#This Row],[Montant Payé]]>0,CTS_Source[[#This Row],[Montant TTC]]-CTS_Source[[#This Row],[Montant Payé]],\"\")","v":""}]
[null,null,null,null,null,null,null,null,"",null,null,null,null,null,null,null,null,null,null,null,{"$f":"IF(CTS_Source[[#This Row],[Montant Payé]]>0,CTS_Source[[#This Row],[Montant TTC]]-CTS_Source[[#This Row],[Montant Payé]],\"\")","v":""}]
[null,null,null,null,null,null,null,null,"",null,null,null,null,null,null,null,null,null,null,null,{"$f":"IF(CTS_Source[[#This Row],[Montant Payé]]>0,CTS_Source[[#This Row],[Montant TTC]]-CTS_Source[[#This Row],[Montant Payé]],\"\")","v":""}]
[null,null,null,null,null,null,null,null,"",null,null,null,null,null,null,null,null,null,null,null,{"$f":"IF(CTS_Source[[#This Row],[Montant Payé]]>0,CTS_Source[[#This Row],[Montant TTC]]-CTS_Source[[#This Row],[Montant Payé]],\"\")","v":""}]
[null,null,null,null,null,null,null,null,"",null,null,null,null,null,null,null,null,null,null,null,{"$f":"IF(CTS_Source[[#This Row],[Montant Payé]]>0,CTS_Source[[#This Row],[Montant TTC]]-CTS_Source[[#This Row],[Montant Payé]],\"\")","v":""}]
[null,null,null,null,null,null,null,null,"",null,null,null,null,null,null,null,null,null,null,null,{"$f":"IF(CTS_Source[[#This Row],[Montant Payé]]>0,CTS_Source[[#This Row],[Montant TTC]]-CTS_Source[[#This Row],[Montant Payé]],\"\")","v":""}]
[null,null,null,null,null,null,null,null,"",null,null,null,null,null,null,null,null,null,null,null,{"$f":"IF(CTS_Source[[#This Row],[Montant Payé]]>0,CTS_Source[[#This Row],[Montant TTC]]-CTS_Source[[#This Row],[Montant Payé]],\"\")","v":""}]
[null,null,null,null,null,null,null,null,"",null,null,null,null,null,null,null,null,null,null,null,{"$f":"IF(CTS_Source[[#This Row],[Montant Payé]]>0,CTS_Source[[#This Row],[Montant TTC]]-CTS_Source[[#This Row],[Montant Payé]],\"\")","v":""}]
[null,null,null,null,null,null,null,null,"",null,null,null,null,null,null,null,null,null,null,null,{"$f":"IF(CTS_Source[[#This Row],[Montant Payé]]>0,CTS_Source[[#This Row],[Montant TTC]]-CTS_Source[[#This Row],[Montant Payé]],\"\")","v":""}]
[null,null,null,null,null,null,null,null,"",null,null,null,null,null,null,null,null,null,null,null,{"$f":"IF(CTS_Source[[#This Row],[Montant Payé]]>0,CTS_Source[[#This Row],[Montant TTC]]-CTS_Source[[#This Row],[Montant Payé]],\"\")","v":""}]
[null,null,null,null,null,null,null,null,"",null,null,null,null,null,null,null,null,null,null,null,{"$f":"IF(CTS_Source[[#This Row],[Montant Payé]]>0,CTS_Source[[#This Row],[Montant TTC]]-CTS_Source[[#This Row],[Montant Payé]],\"\")","v":""}]
[null,null,null,null,null,null,null,null,"",null,null,null,null,null,null,null,null,null,null,null,{"$f":"IF(CTS_Source[[#This Row],[Montant Payé]]>0,CTS_Source[[#This Row],[Montant TTC]]-CTS_Source[[#This Row],[Montant Payé]],\"\")","v":""}]
[null,null,null,null,null,null,null,null,"",null,null,null,null,null,null,null,null,null,null,null,{"$f":"IF(CTS_Source[[#This Row],[Montant Payé]]>0,CTS_Source[[#This Row],[Montant TTC]]-CTS_Source[[#This Row],[Montant Payé]],\"\")","v":""}]
[null,null,null,null,null,null,null,null,"",null,null,null,null,null,null,null,null,null,null,null,{"$f":"IF(CTS_Source[[#This Row],[Montant Payé]]>0,CTS_Source[[#This Row],[Montant TTC]]-CTS_Source[[#This Row],[Montant Payé]],\"\")","v":""}]
[null,null,null,null,null,null,null,null,"",null,null,null,null,null,null,null,null,null,null,null,{"$f":"IF(CTS_Source[[#This Row],[Montant Payé]]>0,CTS_Source[[#This Row],[Montant TTC]]-CTS_Source[[#This Row],[Montant Payé]],\"\")","v":""}]
[null,null,null,null,null,null,null,null,"",null,null,null,null,null,null,null,null,null,null,null,{"$f":"IF(CTS_Source[[#This Row],[Montant Payé]]>0,CTS_Source[[#This Row],[Montant TTC]]-CTS_Source[[#This Row],[Montant Payé]],\"\")","v":""}]
[null,null,null,null,null,null,null,null,"",null,null,null,null,null,null,null,null,null,null,null,{"$f":"IF(CTS_Source[[#This Row],[Montant Payé]]>0,CTS_Source[[#This Row],[Montant TTC]]-CTS_Source[[#This Row],[Montant Payé]],\"\")","v":""}]
[null,null,null,null,null,null,null,null,null,null,null,null,null,null,null,null,null,null,null,null,{"$f":"IF(CTS_Source[[#This Row],[Montant Payé]]>0,CTS_Source[[#This Row],[Montant TTC]]-CTS_Source[[#This Row],[Montant Payé]],\"\")","v":""}]
[null,null,null,null,null,null,null,null,null,null,null,null,null,null,null,null,null,null,null,null,{"$f":"IF(CTS_Source[[#This Row],[Montant Payé]]>0,CTS_Source[[#This Row],[Montant TTC]]-CTS_Source[[#This Row],[Montant Payé]],\"\")","v":""}]
[null,null,null,null,null,null,null,null,null,null,null,null,null,null,null,null,null,null,null,null,{"$f":"IF(CTS_Source[[#This Row],[Montant Payé]]>0,CTS_Source[[#This Row],[Montant TTC]]-CTS_Source[[#This Row],[Montant Payé]],\"\")","v":""}]
[null,null,null,null,null,null,null,null,null,null,null,null,null,null,null,null,null,null,null,null,{"$f":"IF(CTS_Source[[#This Row],[Montant Payé]]>0,CTS_Source[[#This Row],[Montant TTC]]-CTS_Source[[#This Row],[Montant Payé]],\"\")","v":""}]
[null,null,null,null,null,null,null,null,null,null,null,null,null,null,null,null,null,null,null,null,{"$f":"IF(CTS_Source[[#This Row],[Montant Payé]]>0,CTS_Source[[#This Row],[Montant TTC]]-CTS_Source[[#This Row],[Montant Payé]],\"\")","v":""}]
[null,null,null,null,null,null,null,null,null,null,null,null,null,null,null,null,null,null,null,null,{"$f":"IF(CTS_Source[[#This Row],[Montant Payé]]>0,CTS_Source[[#This Row],[Montant TTC]]-CTS_Source[[#This Row],[Montant Payé]],\"\")","v":""}]
[null,null,null,null,null,null,null,null,null,null,null,null,null,null,null,null,null,null,null,null,{"$f":"IF(CTS_Source[[#This Row],[Montant Payé]]>0,CTS_Source[[#This Row],[Montant TTC]]-CTS_Source[[#This Row],[Montant Payé]],\"\")","v":""}]
[null,null,null,null,null,null,null,null,null,null,null,null,null,null,null,null,null,null,null,null,{"$f":"IF(CTS_Source[[#This Row],[Montant Payé]]>0,CTS_Source[[#This Row],[Montant TTC]]-CTS_Source[[#This Row],[Montant Payé]],\"\")","v":""}]
[null,null,null,null,null,null,null,null,null,null,null,null,null,null,null,null,null,null,null,null,{"$f":"IF(CTS_Source[[#This Row],[Montant Payé]]>0,CTS_Source[[#This Row],[Montant TTC]]-CTS_Source[[#This Row],[Montant Payé]],\"\")","v":""}]
[null,null,null,null,null,null,null,null,null,null,null,null,null,null,null,null,null,null,null,null,{"$f":"IF(CTS_Source[[#This Row],[Montant Payé]]>0,CTS_Source[[#This Row],[Montant TTC]]-CTS_Source[[#This Row],[Montant Payé]],\"\")","v":""}]
[null,null,null,null,null,null,null,null,null,null,null,null,null,null,null,null,null,null,null,null,{"$f":"IF(CTS_Source[[#This Row],[Montant Payé]]>0,CTS_Source[[#This Row],[Montant TTC]]-CTS_Source[[#This Row],[Montant Payé]],\"\")","v":""}]
[null,null,null,null,null,null,null,null,null,null,null,null,null,null,null,null,null,null,null,null,{"$f":"IF(CTS_Source[[#This Row],[Montant Payé]]>0,CTS_Source[[#This Row],[Montant TTC]]-CTS_Source[[#This Row],[Montant Payé]],\"\")","v":""}]
[null,null,null,null,null,null,null,null,null,null,null,null,null,null,null,null,null,null,null,null,{"$f":"IF(CTS_Source[[#This Row],[Montant Payé]]>0,CTS_Source[[#This Row],[Montant TTC]]-CTS_Source[[#This Row],[Montant Payé]],\"\")","v":""}]
[null,null,null,null,null,null,null,null,null,null,null,null,null,null,null,null,null,null,null,null,{"$f":"IF(CTS_Source[[#This Row],[Montant Payé]]>0,CTS_Source[[#This Row],[Montant TTC]]-CTS_Source[[#This Row],[Montant Payé]],\"\")","v":""}]
[null,null,null,null,null,null,null,null,null,null,null,null,null,null,null,null,null,null,null,null,{"$f":"IF(CTS_Source[[#This Row],[Montant Payé]]>0,CTS_Source[[#This Row],[Montant TTC]]-CTS_Source[[#This Row],[Montant Payé]],\"\")","v":""}]
[null,null,null,null,null,null,null,null,null,null,null,null,null,null,null,null,null,null,null,null,{"$f":"IF(CTS_Source[[#This Row],[Montant Payé]]>0,CTS_Source[[#This Row],[Montant TTC]]-CTS_Source[[#This Row],[Montant Payé]],\"\")","v":""}]
[null,null,null,null,null,null,null,null,null,null,null,null,null,null,null,null,null,null,null,null,{"$f":"IF(CTS_Source[[#This Row],[Montant Payé]]>0,CTS_Source[[#This Row],[Montant TTC]]-CTS_Source[[#This Row],[Montant Payé]],\"\")","v":""}]
[null,null,null,null,null,null,null,null,null,null,null,null,null,null,null,null,null,null,null,null,{"$f":"IF(CTS_Source[[#This Row],[Montant Payé]]>0,CTS_Source[[#This Row],[Montant TTC]]-CTS_Source[[#This Row],[Montant Payé]],\"\")","v":""}]
[null,null,null,null,null,null,null,null,null,null,null,null,null,null,null,null,null,null,null,null,{"$f":"IF(CTS_Source[[#This Row],[Montant Payé]]>0,CTS_Source[[#This Row],[Montant TTC]]-CTS_Source[[#This Row],[Montant Payé]],\"\")","v":""}]
[null,null,null,null,null,null,null,null,null,null,null,null,null,null,null,null,null,null,null,null,{"$f":"IF(CTS_Source[[#This Row],[Montant Payé]]>0,CTS_Source[[#This Row],[Montant TTC]]-CTS_Source[[#This Row],[Montant Payé]],\"\")","v":""}]
[null,null,null,null,null,null,null,null,null,null,null,null,null,null,null,null,null,null,null,null,{"$f":"IF(CTS_Source[[#This Row],[Montant Payé]]>0,CTS_Source[[#This Row],[Montant TTC]]-CTS_Source[[#This Row],[Montant Payé]],\"\")","v":""}]
[null,null,null,null,null,null,null,null,null,null,null,null,null,null,null,null,null,null,null,null,{"$f":"IF(CTS_Source[[#This Row],[Montant Payé]]>0,CTS_Source[[#This Row],[Montant TTC]]-CTS_Source[[#This Row],[Montant Payé]],\"\")","v":""}]
[null,null,null,null,null,null,null,null,null,null,null,null,null,null,null,null,null,null,null,null,{"$f":"IF(CTS_Source[[#This Row],[Montant Payé]]>0,CTS_Source[[#This Row],[Montant TTC]]-CTS_Source[[#This Row],[Montant Payé]],\"\")","v":""}]
[null,null,null,null,null,null,null,null,null,null,null,null,null,null,null,null,null,null,null,null,{"$f":"IF(CTS_Source[[#This Row],[Montant Payé]]>0,CTS_Source[[#This Row],[Montant TTC]]-CTS_Source[[#This Row],[Montant Payé]],\"\")","v":""}]
[null,null,null,null,null,null,null,null,null,null,null,null,null,null,null,null,null,null,null,null,{"$f":"IF(CTS_Source[[#This Row],[Montant Payé]]>0,CTS_Source[[#This Row],[Montant TTC]]-CTS_Source[[#This Row],[Montant Payé]],\"\")","v":""}]
[null,null,null,null,null,null,null,null,null,null,null,null,null,null,null,null,null,null,null,null,{"$f":"IF(CTS_Source[[#This Row],[Montant Payé]]>0,CTS_Source[[#This Row],[Montant TTC]]-CTS_Source[[#This Row],[Montant Payé]],\"\")","v":""}]
[null,null,null,null,null,null,null,null,null,null,null,null,null,null,null,null,null,null,null,null,{"$f":"IF(CTS_Source[[#This Row],[Montant Payé]]>0,CTS_Source[[#This Row],[Montant TTC]]-CTS_Source[[#This Row],[Montant Payé]],\"\")","v":""}]
[null,null,null,null,null,null,null,null,null,null,null,null,null,null,null,null,null,null,null,null,{"$f":"IF(CTS_Source[[#This Row],[Montant Payé]]>0,CTS_Source[[#This Row],[Montant TTC]]-CTS_Source[[#This Row],[Montant Payé]],\"\")","v":""}]
[null,null,null,null,null,null,null,null,null,null,null,null,null,null,null,null,null,null,null,null,{"$f":"IF(CTS_Source[[#This Row],[Montant Payé]]>0,CTS_Source[[#This Row],[Montant TTC]]-CTS_Source[[#This Row],[Montant Payé]],\"\")","v":""}]
[null,null,null,null,null,null,null,null,null,null,null,null,null,null,null,null,null,null,null,null,{"$f":"IF(CTS_Source[[#This Row],[Montant Payé]]>0,CTS_Source[[#This Row],[Montant TTC]]-CTS_Source[[#This Row],[Montant Payé]],\"\")","v":""}]
[null,null,null,null,null,null,null,null,null,null,null,null,null,null,null,null,null,null,null,null,{"$f":"IF(CTS_Source[[#This Row],[Montant Payé]]>0,CTS_Source[[#This Row],[Montant TTC]]-CTS_Source[[#This Row],[Montant Payé]],\"\")","v":""}]
[null,null,null,null,null,null,null,null,null,null,null,null,null,null,null,null,null,null,null,null,{"$f":"IF(CTS_Source[[#This Row],[Montant Payé]]>0,CTS_Source[[#This Row],[Montant TTC]]-CTS_Source[[#This Row],[Montant Payé]],\"\")","v":""}]
[null,null,null,null,null,null,null,null,null,null,null,null,null,null,null,null,null,null,null,null,{"$f":"IF(CTS_Source[[#This Row],[Montant Payé]]>0,CTS_Source[[#This Row],[Montant TTC]]-CTS_Source[[#This Row],[Montant Payé]],\"\")","v":""}]
[null,null,null,null,null,null,null,null,null,null,null,null,null,null,null,null,null,null,null,null,{"$f":"IF(CTS_Source[[#This Row],[Montant Payé]]>0,CTS_Source[[#This Row],[Montant TTC]]-CTS_Source[[#This Row],[Montant Payé]],\"\")","v":""}]
[null,null,null,null,null,null,null,null,null,null,null,null,null,null,null,null,null,null,null,null,{"$f":"IF(CTS_Source[[#This Row],[Montant Payé]]>0,CTS_Source[[#This Row],[Montant TTC]]-CTS_Source[[#This Row],[Montant Payé]],\"\")","v":""}]
[null,null,null,null,null,null,null,null,null,null,null,null,null,null,null,null,null,null,null,null,{"$f":"IF(CTS_Source[[#This Row],[Montant Payé]]>0,CTS_Source[[#This Row],[Montant TTC]]-CTS_Source[[#This Row],[Montant Payé]],\"\")","v":""}]
[null,null,null,null,null,null,null,null,null,null,null,null,null,null,null,null,null,null,null,null,{"$f":"IF(CTS_Source[[#This Row],[Montant Payé]]>0,CTS_Source[[#This Row],[Montant TTC]]-CTS_Source[[#This Row],[Montant Payé]],\"\")","v":""}]
[null,null,null,null,null,null,null,null,null,null,null,null,null,null,null,null,null,null,null,null,{"$f":"IF(CTS_Source[[#This Row],[Montant Payé]]>0,CTS_Source[[#This Row],[Montant TTC]]-CTS_Source[[#This Row],[Montant Payé]],\"\")","v":""}]
[null,null,null,null,null,null,null,null,null,null,null,null,null,null,null,null,null,null,null,null,{"$f":"IF(CTS_Source[[#This Row],[Montant Payé]]>0,CTS_Source[[#This Row],[Montant TTC]]-CTS_Source[[#This Row],[Montant Payé]],\"\")","v":""}]
[null,null,null,null,null,null,null,null,null,null,null,null,null,null,null,null,null,null,null,null,{"$f":"IF(CTS_Source[[#This Row],[Montant Payé]]>0,CTS_Source[[#This Row],[Montant TTC]]-CTS_Source[[#This Row],[Montant Payé]],\"\")","v":""}]
[null,null,null,null,null,null,null,null,null,null,null,null,null,null,null,null,null,null,null,null,{"$f":"IF(CTS_Source[[#This Row],[Montant Payé]]>0,CTS_Source[[#This Row],[Montant TTC]]-CTS_Source[[#This Row],[Montant Payé]],\"\")","v":""}]
[null,null,null,null,null,null,null,null,null,null,null,null,null,null,null,null,null,null,null,null,{"$f":"IF(CTS_Source[[#This Row],[Montant Payé]]>0,CTS_Source[[#This Row],[Montant TTC]]-CTS_Source[[#This Row],[Montant Payé]],\"\")","v":""}]
[null,null,null,null,null,null,null,null,null,null,null,null,null,null,null,null,null,null,null,null,{"$f":"IF(CTS_Source[[#This Row],[Montant Payé]]>0,CTS_Source[[#This Row],[Montant TTC]]-CTS_Source[[#This Row],[Montant Payé]],\"\")","v":""}]
[null,null,null,null,null,null,null,null,null,null,null,null,null,null,null,null,null,null,null,null,{"$f":"IF(CTS_Source[[#This Row],[Montant Payé]]>0,CTS_Source[[#This Row],[Montant TTC]]-CTS_Source[[#This Row],[Montant Payé]],\"\")","v":""}]
[null,null,null,null,null,null,null,null,null,null,null,null,null,null,null,null,null,null,null,null,{"$f":"IF(CTS_Source[[#This Row],[Montant Payé]]>0,CTS_Source[[#This Row],[Montant TTC]]-CTS_Source[[#This Row],[Montant Payé]],\"\")","v":""}]
[null,null,null,null,null,null,null,null,null,null,null,null,null,null,null,null,null,null,null,null,{"$f":"IF(CTS_Source[[#This Row],[Montant Payé]]>0,CTS_Source[[#This Row],[Montant TTC]]-CTS_Source[[#This Row],[Montant Payé]],\"\")","v":""}]
[null,null,null,null,null,null,null,null,null,null,null,null,null,null,null,null,null,null,null,null,{"$f":"IF(CTS_Source[[#This Row],[Montant Payé]]>0,CTS_Source[[#This Row],[Montant TTC]]-CTS_Source[[#This Row],[Montant Payé]],\"\")","v":""}]
[null,null,null,null,null,null,null,null,null,null,null,null,null,null,null,null,null,null,null,null,{"$f":"IF(CTS_Source[[#This Row],[Montant Payé]]>0,CTS_Source[[#This Row],[Montant TTC]]-CTS_Source[[#This Row],[Montant Payé]],\"\")","v":""}]
[null,null,null,null,null,null,null,null,null,null,null,null,null,null,null,null,null,null,null,null,{"$f":"IF(CTS_Source[[#This Row],[Montant Payé]]>0,CTS_Source[[#This Row],[Montant TTC]]-CTS_Source[[#This Row],[Montant Payé]],\"\")","v":""}]
[null,null,null,null,null,null,null,null,null,null,null,null,null,null,null,null,null,null,null,null,{"$f":"IF(CTS_Source[[#This Row],[Montant Payé]]>0,CTS_Source[[#This Row],[Montant TTC]]-CTS_Source[[#This Row],[Montant Payé]],\"\")","v":""}]
[null,null,null,null,null,null,null,null,null,null,null,null,null,null,null,null,null,null,null,null,{"$f":"IF(CTS_Source[[#This Row],[Montant Payé]]>0,CTS_Source[[#This Row],[Montant TTC]]-CTS_Source[[#This Row],[Montant Payé]],\"\")","v":""}]
[null,null,null,null,null,null,null,null,null,null,null,null,null,null,null,null,null,null,null,null,{"$f":"IF(CTS_Source[[#This Row],[Montant Payé]]>0,CTS_Source[[#This Row],[Montant TTC]]-CTS_Source[[#This Row],[Montant Payé]],\"\")","v":""}]
[null,null,null,null,null,null,null,null,null,null,null,null,null,null,null,null,null,null,null,null,{"$f":"IF(CTS_Source[[#This Row],[Montant Payé]]>0,CTS_Source[[#This Row],[Montant TTC]]-CTS_Source[[#This Row],[Montant Payé]],\"\")","v":""}]
[null,null,null,null,null,null,null,null,null,null,null,null,null,null,null,null,null,null,null,null,{"$f":"IF(CTS_Source[[#This Row],[Montant Payé]]>0,CTS_Source[[#This Row],[Montant TTC]]-CTS_Source[[#This Row],[Montant Payé]],\"\")","v":""}]
[null,null,null,null,null,null,null,null,null,null,null,null,null,null,null,null,null,null,null,null,{"$f":"IF(CTS_Source[[#This Row],[Montant Payé]]>0,CTS_Source[[#This Row],[Montant TTC]]-CTS_Source[[#This Row],[Montant Payé]],\"\")","v":""}]
[null,null,null,null,null,null,null,null,null,null,null,null,null,null,null,null,null,null,null,null,{"$f":"IF(CTS_Source[[#This Row],[Montant Payé]]>0,CTS_Source[[#This Row],[Montant TTC]]-CTS_Source[[#This Row],[Montant Payé]],\"\")","v":""}]
[null,null,null,null,null,null,null,null,null,null,null,null,null,null,null,null,null,null,null,null,{"$f":"IF(CTS_Source[[#This Row],[Montant Payé]]>0,CTS_Source[[#This Row],[Montant TTC]]-CTS_Source[[#This Row],[Montant Payé]],\"\")","v":""}]
[null,null,null,null,null,null,null,null,null,null,null,null,null,null,null,null,null,null,null,null,{"$f":"IF(CTS_Source[[#This Row],[Montant Payé]]>0,CTS_Source[[#This Row],[Montant TTC]]-CTS_Source[[#This Row],[Montant Payé]],\"\")","v":""}]
[null,null,null,null,null,null,null,null,null,null,null,null,null,null,null,null,null,null,null,null,{"$f":"IF(CTS_Source[[#This Row],[Montant Payé]]>0,CTS_Source[[#This Row],[Montant TTC]]-CTS_Source[[#This Row],[Montant Payé]],\"\")","v":""}]
[null,null,null,null,null,null,null,null,null,null,null,null,null,null,null,null,null,null,null,null,{"$f":"IF(CTS_Source[[#This Row],[Montant Payé]]>0,CTS_Source[[#This Row],[Montant TTC]]-CTS_Source[[#This Row],[Montant Payé]],\"\")","v":""}]
[null,null,null,null,null,null,null,null,null,null,null,null,null,null,null,null,null,null,null,null,{"$f":"IF(CTS_Source[[#This Row],[Montant Payé]]>0,CTS_Source[[#This Row],[Montant TTC]]-CTS_Source[[#This Row],[Montant Payé]],\"\")","v":""}]
[null,null,null,null,null,null,null,null,null,null,null,null,null,null,null,null,null,null,null,null,{"$f":"IF(CTS_Source[[#This Row],[Montant Payé]]>0,CTS_Source[[#This Row],[Montant TTC]]-CTS_Source[[#This Row],[Montant Payé]],\"\")","v":""}]
[null,null,null,null,null,null,null,null,null,null,null,null,null,null,null,null,null,null,null,null,{"$f":"IF(CTS_Source[[#This Row],[Montant Payé]]>0,CTS_Source[[#This Row],[Montant TTC]]-CTS_Source[[#This Row],[Montant Payé]],\"\")","v":""}]
[null,null,null,null,null,null,null,null,null,null,null,null,null,null,null,null,null,null,null,null,{"$f":"IF(CTS_Source[[#This Row],[Montant Payé]]>0,CTS_Source[[#This Row],[Montant TTC]]-CTS_Source[[#This Row],[Montant Payé]],\"\")","v":""}]
[null,null,null,null,null,null,null,null,null,null,null,null,null,null,null,null,null,null,null,null,{"$f":"IF(CTS_Source[[#This Row],[Montant Payé]]>0,CTS_Source[[#This Row],[Montant TTC]]-CTS_Source[[#This Row],[Montant Payé]],\"\")","v":""}]
[null,null,null,null,null,null,null,null,null,null,null,null,null,null,null,null,null,null,null,null,{"$f":"IF(CTS_Source[[#This Row],[Montant Payé]]>0,CTS_Source[[#This Row],[Montant TTC]]-CTS_Source[[#This Row],[Montant Payé]],\"\")","v":""}]
[null,null,null,null,null,null,null,null,null,null,null,null,null,null,null,null,null,null,null,null,{"$f":"IF(CTS_Source[[#This Row],[Montant Payé]]>0,CTS_Source[[#This Row],[Montant TTC]]-CTS_Source[[#This Row],[Montant Payé]],\"\")","v":""}]
[null,null,null,null,null,null,null,null,null,null,null,null,null,null,null,null,null,null,null,null,{"$f":"IF(CTS_Source[[#This Row],[Montant Payé]]>0,CTS_Source[[#This Row],[Montant TTC]]-CTS_Source[[#This Row],[Montant Payé]],\"\")","v":""}]
[null,null,null,null,null,null,null,null,null,null,null,null,null,null,null,null,null,null,null,null,{"$f":"IF(CTS_Source[[#This Row],[Montant Payé]]>0,CTS_Source[[#This Row],[Montant TTC]]-CTS_Source[[#This Row],[Montant Payé]],\"\")","v":""}]
[null,null,null,null,null,null,null,null,null,null,null,null,null,null,null,null,null,null,null,null,{"$f":"IF(CTS_Source[[#This Row],[Montant Payé]]>0,CTS_Source[[#This Row],[Montant TTC]]-CTS_Source[[#This Row],[Montant Payé]],\"\")","v":""}]
[null,null,null,null,null,null,null,null,null,null,null,null,null,null,null,null,null,null,null,null,{"$f":"IF(CTS_Source[[#This Row],[Montant Payé]]>0,CTS_Source[[#This Row],[Montant TTC]]-CTS_Source[[#This Row],[Montant Payé]],\"\")","v":""}]
[null,null,null,null,null,null,null,null,null,null,null,null,null,null,null,null,null,null,null,null,{"$f":"IF(CTS_Source[[#This Row],[Montant Payé]]>0,CTS_Source[[#This Row],[Montant TTC]]-CTS_Source[[#This Row],[Montant Payé]],\"\")","v":""}]
[null,null,null,null,null,null,null,null,null,null,null,null,null,null,null,null,null,null,null,null,{"$f":"IF(CTS_Source[[#This Row],[Montant Payé]]>0,CTS_Source[[#This Row],[Montant TTC]]-CTS_Source[[#This Row],[Montant Payé]],\"\")","v":""}]
[null,null,null,null,null,null,null,null,null,null,null,null,null,null,null,null,null,null,null,null,{"$f":"IF(CTS_Source[[#This Row],[Montant Payé]]>0,CTS_Source[[#This Row],[Montant TTC]]-CTS_Source[[#This Row],[Montant Payé]],\"\")","v":""}]
[null,null,null,null,null,null,null,null,null,null,null,null,null,null,null,null,null,null,null,null,{"$f":"IF(CTS_Source[[#This Row],[Montant Payé]]>0,CTS_Source[[#This Row],[Montant TTC]]-CTS_Source[[#This Row],[Montant Payé]],\"\")","v":""}]
[null,null,null,null,null,null,null,null,null,null,null,null,null,null,null,null,null,null,null,null,{"$f":"IF(CTS_Source[[#This Row],[Montant Payé]]>0,CTS_Source[[#This Row],[Montant TTC]]-CTS_Source[[#This Row],[Montant Payé]],\"\")","v":""}]
[null,null,null,null,null,null,null,null,null,null,null,null,null,null,null,null,null,null,null,null,{"$f":"IF(CTS_Source[[#This Row],[Montant Payé]]>0,CTS_Source[[#This Row],[Montant TTC]]-CTS_Source[[#This Row],[Montant Payé]],\"\")","v":""}]
[null,null,null,null,null,null,null,null,null,null,null,null,null,null,null,null,null,null,null,null,{"$f":"IF(CTS_Source[[#This Row],[Montant Payé]]>0,CTS_Source[[#This Row],[Montant TTC]]-CTS_Source[[#This Row],[Montant Payé]],\"\")","v":""}]
[null,null,null,null,null,null,null,null,null,null,null,null,null,null,null,null,null,null,null,null,{"$f":"IF(CTS_Source[[#This Row],[Montant Payé]]>0,CTS_Source[[#This Row],[Montant TTC]]-CTS_Source[[#This Row],[Montant Payé]],\"\")","v":""}]
[null,null,null,null,null,null,null,null,null,null,null,null,null,null,null,null,null,null,null,null,{"$f":"IF(CTS_Source[[#This Row],[Montant Payé]]>0,CTS_Source[[#This Row],[Montant TTC]]-CTS_Source[[#This Row],[Montant Payé]],\"\")","v":""}]
[null,null,null,null,null,null,null,null,null,null,null,null,null,null,null,null,null,null,null,null,{"$f":"IF(CTS_Source[[#This Row],[Montant Payé]]>0,CTS_Source[[#This Row],[Montant TTC]]-CTS_Source[[#This Row],[Montant Payé]],\"\")","v":""}]
[null,null,null,null,null,null,null,null,null,null,null,null,null,null,null,null,null,null,null,null,{"$f":"IF(CTS_Source[[#This Row],[Montant Payé]]>0,CTS_Source[[#This Row],[Montant TTC]]-CTS_Source[[#This Row],[Montant Payé]],\"\")","v":""}]
[null,null,null,null,null,null,null,null,null,null,null,null,null,null,null,null,null,null,null,null,{"$f":"IF(CTS_Source[[#This Row],[Montant Payé]]>0,CTS_Source[[#This Row],[Montant TTC]]-CTS_Source[[#This Row],[Montant Payé]],\"\")","v":""}]
[null,null,null,null,null,null,null,null,null,null,null,null,null,null,null,null,null,null,null,null,{"$f":"IF(CTS_Source[[#This Row],[Montant Payé]]>0,CTS_Source[[#This Row],[Montant TTC]]-CTS_Source[[#This Row],[Montant Payé]],\"\")","v":""}]
[null,null,null,null,null,null,null,null,null,null,null,null,null,null,null,null,null,null,null,null,{"$f":"IF(CTS_Source[[#This Row],[Montant Payé]]>0,CTS_Source[[#This Row],[Montant TTC]]-CTS_Source[[#This Row],[Montant Payé]],\"\")","v":""}]
[null,null,null,null,null,null,null,null,null,null,null,null,null,null,null,null,null,null,null,null,{"$f":"IF(CTS_Source[[#This Row],[Montant Payé]]>0,CTS_Source[[#This Row],[Montant TTC]]-CTS_Source[[#This Row],[Montant Payé]],\"\")","v":""}]
[null,null,null,null,null,null,null,null,null,null,null,null,null,null,null,null,null,null,null,null,{"$f":"IF(CTS_Source[[#This Row],[Montant Payé]]>0,CTS_Source[[#This Row],[Montant TTC]]-CTS_Source[[#This Row],[Montant Payé]],\"\")","v":""}]
[null,null,null,null,null,null,null,null,null,null,null,null,null,null,null,null,null,null,null,null,{"$f":"IF(CTS_Source[[#This Row],[Montant Payé]]>0,CTS_Source[[#This Row],[Montant TTC]]-CTS_Source[[#This Row],[Montant Payé]],\"\")","v":""}]
[null,null,null,null,null,null,null,null,null,null,null,null,null,null,null,null,null,null,null,null,{"$f":"IF(CTS_Source[[#This Row],[Montant Payé]]>0,CTS_Source[[#This Row],[Montant TTC]]-CTS_Source[[#This Row],[Montant Payé]],\"\")","v":""}]
[null,null,null,null,null,null,null,null,null,null,null,null,null,null,null,null,null,null,null,null,{"$f":"IF(CTS_Source[[#This Row],[Montant Payé]]>0,CTS_Source[[#This Row],[Montant TTC]]-CTS_Source[[#This Row],[Montant Payé]],\"\")","v":""}]
[null,null,null,null,null,null,null,null,null,null,null,null,null,null,null,null,null,null,null,null,{"$f":"IF(CTS_Source[[#This Row],[Montant Payé]]>0,CTS_Source[[#This Row],[Montant TTC]]-CTS_Source[[#This Row],[Montant Payé]],\"\")","v":""}]
[null,null,null,null,null,null,null,null,null,null,null,null,null,null,null,null,null,null,null,null,{"$f":"IF(CTS_Source[[#This Row],[Montant Payé]]>0,CTS_Source[[#This Row],[Montant TTC]]-CTS_Source[[#This Row],[Montant Payé]],\"\")","v":""}]
[null,null,null,null,null,null,null,null,null,null,null,null,null,null,null,null,null,null,null,null,{"$f":"IF(CTS_Source[[#This Row],[Montant Payé]]>0,CTS_Source[[#This Row],[Montant TTC]]-CTS_Source[[#This Row],[Montant Payé]],\"\")","v":""}]
[null,null,null,null,null,null,null,null,null,null,null,null,null,null,null,null,null,null,null,null,{"$f":"IF(CTS_Source[[#This Row],[Montant Payé]]>0,CTS_Source[[#This Row],[Montant TTC]]-CTS_Source[[#This Row],[Montant Payé]],\"\")","v":""}]
[null,null,null,null,null,null,null,null,null,null,null,null,null,null,null,null,null,null,null,null,{"$f":"IF(CTS_Source[[#This Row],[Montant Payé]]>0,CTS_Source[[#This Row],[Montant TTC]]-CTS_Source[[#This Row],[Montant Payé]],\"\")","v":""}]
[null,null,null,null,null,null,null,null,null,null,null,null,null,null,null,null,null,null,null,null,{"$f":"IF(CTS_Source[[#This Row],[Montant Payé]]>0,CTS_Source[[#This Row],[Montant TTC]]-CTS_Source[[#This Row],[Montant Payé]],\"\")","v":""}]
[null,null,null,null,null,null,null,null,null,null,null,null,null,null,null,null,null,null,null,null,{"$f":"IF(CTS_Source[[#This Row],[Montant Payé]]>0,CTS_Source[[#This Row],[Montant TTC]]-CTS_Source[[#This Row],[Montant Payé]],\"\")","v":""}]
[null,null,null,null,null,null,null,null,null,null,null,null,null,null,null,null,null,null,null,null,{"$f":"IF(CTS_Source[[#This Row],[Montant Payé]]>0,CTS_Source[[#This Row],[Montant TTC]]-CTS_Source[[#This Row],[Montant Payé]],\"\")","v":""}]
[null,null,null,null,null,null,null,null,null,null,null,null,null,null,null,null,null,null,null,null,{"$f":"IF(CTS_Source[[#This Row],[Montant Payé]]>0,CTS_Source[[#This Row],[Montant TTC]]-CTS_Source[[#This Row],[Montant Payé]],\"\")","v":""}]
[null,null,null,null,null,null,null,null,null,null,null,null,null,null,null,null,null,null,null,null,{"$f":"IF(CTS_Source[[#This Row],[Montant Payé]]>0,CTS_Source[[#This Row],[Montant TTC]]-CTS_Source[[#This Row],[Montant Payé]],\"\")","v":""}]
[null,null,null,null,null,null,null,null,null,null,null,null,null,null,null,null,null,null,null,null,{"$f":"IF(CTS_Source[[#This Row],[Montant Payé]]>0,CTS_Source[[#This Row],[Montant TTC]]-CTS_Source[[#This Row],[Montant Payé]],\"\")","v":""}]
[null,null,null,null,null,null,null,null,null,null,null,null,null,null,null,null,null,null,null,null,{"$f":"IF(CTS_Source[[#This Row],[Montant Payé]]>0,CTS_Source[[#This Row],[Montant TTC]]-CTS_Source[[#This Row],[Montant Payé]],\"\")","v":""}]
[null,null,null,null,null,null,null,null,null,null,null,null,null,null,null,null,null,null,null,null,{"$f":"IF(CTS_Source[[#This Row],[Montant Payé]]>0,CTS_Source[[#This Row],[Montant TTC]]-CTS_Source[[#This Row],[Montant Payé]],\"\")","v":""}]
[null,null,null,null,null,null,null,null,null,null,null,null,null,null,null,null,null,null,null,null,{"$f":"IF(CTS_Source[[#This Row],[Montant Payé]]>0,CTS_Source[[#This Row],[Montant TTC]]-CTS_Source[[#This Row],[Montant Payé]],\"\")","v":""}]
[null,null,null,null,null,null,null,null,null,null,null,null,null,null,null,null,null,null,null,null,{"$f":"IF(CTS_Source[[#This Row],[Montant Payé]]>0,CTS_Source[[#This Row],[Montant TTC]]-CTS_Source[[#This Row],[Montant Payé]],\"\")","v":""}]
[null,null,null,null,null,null,null,null,null,null,null,null,null,null,null,null,null,null,null,null,{"$f":"IF(CTS_Source[[#This Row],[Montant Payé]]>0,CTS_Source[[#This Row],[Montant TTC]]-CTS_Source[[#This Row],[Montant Payé]],\"\")","v":""}]
[null,null,null,null,null,null,null,null,null,null,null,null,null,null,null,null,null,null,null,null,{"$f":"IF(CTS_Source[[#This Row],[Montant Payé]]>0,CTS_Source[[#This Row],[Montant TTC]]-CTS_Source[[#This Row],[Montant Payé]],\"\")","v":""}]
[null,null,null,null,null,null,null,null,null,null,null,null,null,null,null,null,null,null,null,null,{"$f":"IF(CTS_Source[[#This Row],[Montant Payé]]>0,CTS_Source[[#This Row],[Montant TTC]]-CTS_Source[[#This Row],[Montant Payé]],\"\")","v":""}]
[null,null,null,null,null,null,null,null,null,null,null,null,null,null,null,null,null,null,null,null,{"$f":"IF(CTS_Source[[#This Row],[Montant Payé]]>0,CTS_Source[[#This Row],[Montant TTC]]-CTS_Source[[#This Row],[Montant Payé]],\"\")","v":""}]
[null,null,null,null,null,null,null,null,null,null,null,null,null,null,null,null,null,null,null,null,{"$f":"IF(CTS_Source[[#This Row],[Montant Payé]]>0,CTS_Source[[#This Row],[Montant TTC]]-CTS_Source[[#This Row],[Montant Payé]],\"\")","v":""}]
[null,null,null,null,null,null,null,null,null,null,null,null,null,null,null,null,null,null,null,null,{"$f":"IF(CTS_Source[[#This Row],[Montant Payé]]>0,CTS_Source[[#This Row],[Montant TTC]]-CTS_Source[[#This Row],[Montant Payé]],\"\")","v":""}]
[null,null,null,null,null,null,null,null,null,null,null,null,null,null,null,null,null,null,null,null,{"$f":"IF(CTS_Source[[#This Row],[Montant Payé]]>0,CTS_Source[[#This Row],[Montant TTC]]-CTS_Source[[#This Row],[Montant Payé]],\"\")","v":""}]
[null,null,null,null,null,null,null,null,null,null,null,null,null,null,null,null,null,null,null,null,{"$f":"IF(CTS_Source[[#This Row],[Montant Payé]]>0,CTS_Source[[#This Row],[Montant TTC]]-CTS_Source[[#This Row],[Montant Payé]],\"\")","v":""}]
[null,null,null,null,null,null,null,null,null,null,null,null,null,null,null,null,null,null,null,null,{"$f":"IF(CTS_Source[[#This Row],[Montant Payé]]>0,CTS_Source[[#This Row],[Montant TTC]]-CTS_Source[[#This Row],[Montant Payé]],\"\")","v":""}]
[null,null,null,null,null,null,null,null,null,null,null,null,null,null,null,null,null,null,null,null,{"$f":"IF(CTS_Source[[#This Row],[Montant Payé]]>0,CTS_Source[[#This Row],[Montant TTC]]-CTS_Source[[#This Row],[Montant Payé]],\"\")","v":""}]
[null,null,null,null,null,null,null,null,null,null,null,null,null,null,null,null,null,null,null,null,{"$f":"IF(CTS_Source[[#This Row],[Montant Payé]]>0,CTS_Source[[#This Row],[Montant TTC]]-CTS_Source[[#This Row],[Montant Payé]],\"\")","v":""}]
[null,null,null,null,null,null,null,null,null,null,null,null,null,null,null,null,null,null,null,null,{"$f":"IF(CTS_Source[[#This Row],[Montant Payé]]>0,CTS_Source[[#This Row],[Montant TTC]]-CTS_Source[[#This Row],[Montant Payé]],\"\")","v":""}]
[null,null,null,null,null,null,null,null,null,null,null,null,null,null,null,null,null,null,null,null,{"$f":"IF(CTS_Source[[#This Row],[Montant Payé]]>0,CTS_Source[[#This Row],[Montant TTC]]-CTS_Source[[#This Row],[Montant Payé]],\"\")","v":""}]
[null,null,null,null,null,null,null,null,null,null,null,null,null,null,null,null,null,null,null,null,{"$f":"IF(CTS_Source[[#This Row],[Montant Payé]]>0,CTS_Source[[#This Row],[Montant TTC]]-CTS_Source[[#This Row],[Montant Payé]],\"\")","v":""}]
[null,null,null,null,null,null,null,null,null,null,null,null,null,null,null,null,null,null,null,null,{"$f":"IF(CTS_Source[[#This Row],[Montant Payé]]>0,CTS_Source[[#This Row],[Montant TTC]]-CTS_Source[[#This Row],[Montant Payé]],\"\")","v":""}]
[null,null,null,null,null,null,null,null,null,null,null,null,null,null,null,null,null,null,null,null,{"$f":"IF(CTS_Source[[#This Row],[Montant Payé]]>0,CTS_Source[[#This Row],[Montant TTC]]-CTS_Source[[#This Row],[Montant Payé]],\"\")","v":""}]
[null,null,null,null,null,null,null,null,null,null,null,null,null,null,null,null,null,null,null,null,{"$f":"IF(CTS_Source[[#This Row],[Montant Payé]]>0,CTS_Source[[#This Row],[Montant TTC]]-CTS_Source[[#This Row],[Montant Payé]],\"\")","v":""}]
[null,null,null,null,null,null,null,null,null,null,null,null,null,null,null,null,null,null,null,null,{"$f":"IF(CTS_Source[[#This Row],[Montant Payé]]>0,CTS_Source[[#This Row],[Montant TTC]]-CTS_Source[[#This Row],[Montant Payé]],\"\")","v":""}]
[null,null,null,null,null,null,null,null,null,null,null,null,null,null,null,null,null,null,null,null,{"$f":"IF(CTS_Source[[#This Row],[Montant Payé]]>0,CTS_Source[[#This Row],[Montant TTC]]-CTS_Source[[#This Row],[Montant Payé]],\"\")","v":""}]
[null,null,null,null,null,null,null,null,null,null,null,null,null,null,null,null,null,null,null,null,{"$f":"IF(CTS_Source[[#This Row],[Montant Payé]]>0,CTS_Source[[#This Row],[Montant TTC]]-CTS_Source[[#This Row],[Montant Payé]],\"\")","v":""}]
[null,null,null,null,null,null,null,null,null,null,null,null,null,null,null,null,null,null,null,null,{"$f":"IF(CTS_Source[[#This Row],[Montant Payé]]>0,CTS_Source[[#This Row],[Montant TTC]]-CTS_Source[[#This Row],[Montant Payé]],\"\")","v":""}]
[null,null,null,null,null,null,null,null,null,null,null,null,null,null,null,null,null,null,null,null,{"$f":"IF(CTS_Source[[#This Row],[Montant Payé]]>0,CTS_Source[[#This Row],[Montant TTC]]-CTS_Source[[#This Row],[Montant Payé]],\"\")","v":""}]
[null,null,null,null,null,null,null,null,null,null,null,null,null,null,null,null,null,null,null,null,{"$f":"IF(CTS_Source[[#This Row],[Montant Payé]]>0,CTS_Source[[#This Row],[Montant TTC]]-CTS_Source[[#This Row],[Montant Payé]],\"\")","v":""}]
[null,null,null,null,null,null,null,null,null,null,null,null,null,null,null,null,null,null,null,null,{"$f":"IF(CTS_Source[[#This Row],[Montant Payé]]>0,CTS_Source[[#This Row],[Montant TTC]]-CTS_Source[[#This Row],[Montant Payé]],\"\")","v":""}]
[null,null,null,null,null,null,null,null,null,null,null,null,null,null,null,null,null,null,null,null,{"$f":"IF(CTS_Source[[#This Row],[Montant Payé]]>0,CTS_Source[[#This Row],[Montant TTC]]-CTS_Source[[#This Row],[Montant Payé]],\"\")","v":""}]
[null,null,null,null,null,null,null,null,null,null,null,null,null,null,null,null,null,null,null,null,{"$f":"IF(CTS_Source[[#This Row],[Montant Payé]]>0,CTS_Source[[#This Row],[Montant TTC]]-CTS_Source[[#This Row],[Montant Payé]],\"\")","v":""}]
[null,null,null,null,null,null,null,null,null,null,null,null,null,null,null,null,null,null,null,null,{"$f":"IF(CTS_Source[[#This Row],[Montant Payé]]>0,CTS_Source[[#This Row],[Montant TTC]]-CTS_Source[[#This Row],[Montant Payé]],\"\")","v":""}]
[null,null,null,null,null,null,null,null,null,null,null,null,null,null,null,null,null,null,null,null,{"$f":"IF(CTS_Source[[#This Row],[Montant Payé]]>0,CTS_Source[[#This Row],[Montant TTC]]-CTS_Source[[#This Row],[Montant Payé]],\"\")","v":""}]
[null,null,null,null,null,null,null,null,null,null,null,null,null,null,null,null,null,null,null,null,{"$f":"IF(CTS_Source[[#This Row],[Montant Payé]]>0,CTS_Source[[#This Row],[Montant TTC]]-CTS_Source[[#This Row],[Montant Payé]],\"\")","v":""}]
[null,null,null,null,null,null,null,null,null,null,null,null,null,null,null,null,null,null,null,null,{"$f":"IF(CTS_Source[[#This Row],[Montant Payé]]>0,CTS_Source[[#This Row],[Montant TTC]]-CTS_Source[[#This Row],[Montant Payé]],\"\")","v":""}]
[null,null,null,null,null,null,null,null,null,null,null,null,null,null,null,null,null,null,null,null,{"$f":"IF(CTS_Source[[#This Row],[Montant Payé]]>0,CTS_Source[[#This Row],[Montant TTC]]-CTS_Source[[#This Row],[Montant Payé]],\"\")","v":""}]
[null,null,null,null,null,null,null,null,null,null,null,null,null,null,null,null,null,null,null,null,{"$f":"IF(CTS_Source[[#This Row],[Montant Payé]]>0,CTS_Source[[#This Row],[Montant TTC]]-CTS_Source[[#This Row],[Montant Payé]],\"\")","v":""}]
[null,null,null,null,null,null,null,null,null,null,null,null,null,null,null,null,null,null,null,null,{"$f":"IF(CTS_Source[[#This Row],[Montant Payé]]>0,CTS_Source[[#This Row],[Montant TTC]]-CTS_Source[[#This Row],[Montant Payé]],\"\")","v":""}]
[null,null,null,null,null,null,null,null,null,null,null,null,null,null,null,null,null,null,null,null,{"$f":"IF(CTS_Source[[#This Row],[Montant Payé]]>0,CTS_Source[[#This Row],[Montant TTC]]-CTS_Source[[#This Row],[Montant Payé]],\"\")","v":""}]
[null,null,null,null,null,null,null,null,null,null,null,null,null,null,null,null,null,null,null,null,{"$f":"IF(CTS_Source[[#This Row],[Montant Payé]]>0,CTS_Source[[#This Row],[Montant TTC]]-CTS_Source[[#This Row],[Montant Payé]],\"\")","v":""}]
[null,null,null,null,null,null,null,null,null,null,null,null,null,null,null,null,null,null,null,null,{"$f":"IF(CTS_Source[[#This Row],[Montant Payé]]>0,CTS_Source[[#This Row],[Montant TTC]]-CTS_Source[[#This Row],[Montant Payé]],\"\")","v":""}]
[null,null,null,null,null,null,null,null,null,null,null,null,null,null,null,null,null,null,null,null,{"$f":"IF(CTS_Source[[#This Row],[Montant Payé]]>0,CTS_Source[[#This Row],[Montant TTC]]-CTS_Source[[#This Row],[Montant Payé]],\"\")","v":""}]
[null,null,null,null,null,null,null,null,null,null,null,null,null,null,null,null,null,null,null,null,{"$f":"IF(CTS_Source[[#This Row],[Montant Payé]]>0,CTS_Source[[#This Row],[Montant TTC]]-CTS_Source[[#This Row],[Montant Payé]],\"\")","v":""}]
[null,null,null,null,null,null,null,null,null,null,null,null,null,null,null,null,null,null,null,null,{"$f":"IF(CTS_Source[[#This Row],[Montant Payé]]>0,CTS_Source[[#This Row],[Montant TTC]]-CTS_Source[[#This Row],[Montant Payé]],\"\")","v":""}]
[null,null,null,null,null,null,null,null,null,null,null,null,null,null,null,null,null,null,null,null,{"$f":"IF(CTS_Source[[#This Row],[Montant Payé]]>0,CTS_Source[[#This Row],[Montant TTC]]-CTS_Source[[#This Row],[Montant Payé]],\"\")","v":""}]
[null,null,null,null,null,null,null,null,null,null,null,null,null,null,null,null,null,null,null,null,{"$f":"IF(CTS_Source[[#This Row],[Montant Payé]]>0,CTS_Source[[#This Row],[Montant TTC]]-CTS_Source[[#This Row],[Montant Payé]],\"\")","v":""}]
[null,null,null,null,null,null,null,null,null,null,null,null,null,null,null,null,null,null,null,null,{"$f":"IF(CTS_Source[[#This Row],[Montant Payé]]>0,CTS_Source[[#This Row],[Montant TTC]]-CTS_Source[[#This Row],[Montant Payé]],\"\")","v":""}]
[null,null,null,null,null,null,null,null,null,null,null,null,null,null,null,null,null,null,null,null,{"$f":"IF(CTS_Source[[#This Row],[Montant Payé]]>0,CTS_Source[[#This Row],[Montant TTC]]-CTS_Source[[#This Row],[Montant Payé]],\"\")","v":""}]
[null,null,null,null,null,null,null,null,null,null,null,null,null,null,null,null,null,null,null,null,{"$f":"IF(CTS_Source[[#This Row],[Montant Payé]]>0,CTS_Source[[#This Row],[Montant TTC]]-CTS_Source[[#This Row],[Montant Payé]],\"\")","v":""}]
[null,null,null,null,null,null,null,null,null,null,null,null,null,null,null,null,null,null,null,null,{"$f":"IF(CTS_Source[[#This Row],[Montant Payé]]>0,CTS_Source[[#This Row],[Montant TTC]]-CTS_Source[[#This Row],[Montant Payé]],\"\")","v":""}]
[null,null,null,null,null,null,null,null,null,null,null,null,null,null,null,null,null,null,null,null,{"$f":"IF(CTS_Source[[#This Row],[Montant Payé]]>0,CTS_Source[[#This Row],[Montant TTC]]-CTS_Source[[#This Row],[Montant Payé]],\"\")","v":""}]
[null,null,null,null,null,null,null,null,null,null,null,null,null,null,null,null,null,null,null,null,{"$f":"IF(CTS_Source[[#This Row],[Montant Payé]]>0,CTS_Source[[#This Row],[Montant TTC]]-CTS_Source[[#This Row],[Montant Payé]],\"\")","v":""}]
[null,null,null,null,null,null,null,null,null,null,null,null,null,null,null,null,null,null,null,null,{"$f":"IF(CTS_Source[[#This Row],[Montant Payé]]>0,CTS_Source[[#This Row],[Montant TTC]]-CTS_Source[[#This Row],[Montant Payé]],\"\")","v":""}]
[null,null,null,null,null,null,null,null,null,null,null,null,null,null,null,null,null,null,null,null,{"$f":"IF(CTS_Source[[#This Row],[Montant Payé]]>0,CTS_Source[[#This Row],[Montant TTC]]-CTS_Source[[#This Row],[Montant Payé]],\"\")","v":""}]
[null,null,null,null,null,null,null,null,null,null,null,null,null,null,null,null,null,null,null,null,{"$f":"IF(CTS_Source[[#This Row],[Montant Payé]]>0,CTS_Source[[#This Row],[Montant TTC]]-CTS_Source[[#This Row],[Montant Payé]],\"\")","v":""}]
[null,null,null,null,null,null,null,null,null,null,null,null,null,null,null,null,null,null,null,null,{"$f":"IF(CTS_Source[[#This Row],[Montant Payé]]>0,CTS_Source[[#This Row],[Montant TTC]]-CTS_Source[[#This Row],[Montant Payé]],\"\")","v":""}]
[null,null,null,null,null,null,null,null,null,null,null,null,null,null,null,null,null,null,null,null,{"$f":"IF(CTS_Source[[#This Row],[Montant Payé]]>0,CTS_Source[[#This Row],[Montant TTC]]-CTS_Source[[#This Row],[Montant Payé]],\"\")","v":""}]
[null,null,null,null,null,null,null,null,null,null,null,null,null,null,null,null,null,null,null,null,{"$f":"IF(CTS_Source[[#This Row],[Montant Payé]]>0,CTS_Source[[#This Row],[Montant TTC]]-CTS_Source[[#This Row],[Montant Payé]],\"\")","v":""}]
[null,null,null,null,null,null,null,null,null,null,null,null,null,null,null,null,null,null,null,null,{"$f":"IF(CTS_Source[[#This Row],[Montant Payé]]>0,CTS_Source[[#This Row],[Montant TTC]]-CTS_Source[[#This Row],[Montant Payé]],\"\")","v":""}]
[null,null,null,null,null,null,null,null,null,null,null,null,null,null,null,null,null,null,null,null,{"$f":"IF(CTS_Source[[#This Row],[Montant Payé]]>0,CTS_Source[[#This Row],[Montant TTC]]-CTS_Source[[#This Row],[Montant Payé]],\"\")","v":""}]
[null,null,null,null,null,null,null,null,null,null,null,null,null,null,null,null,null,null,null,null,{"$f":"IF(CTS_Source[[#This Row],[Montant Payé]]>0,CTS_Source[[#This Row],[Montant TTC]]-CTS_Source[[#This Row],[Montant Payé]],\"\")","v":""}]
[null,null,null,null,null,null,null,null,null,null,null,null,null,null,null,null,null,null,null,null,{"$f":"IF(CTS_Source[[#This Row],[Montant Payé]]>0,CTS_Source[[#This Row],[Montant TTC]]-CTS_Source[[#This Row],[Montant Payé]],\"\")","v":""}]
[null,null,null,null,null,null,null,null,null,null,null,null,null,null,null,null,null,null,null,null,{"$f":"IF(CTS_Source[[#This Row],[Montant Payé]]>0,CTS_Source[[#This Row],[Montant TTC]]-CTS_Source[[#This Row],[Montant Payé]],\"\")","v":""}]
[null,null,null,null,null,null,null,null,null,null,null,null,null,null,null,null,null,null,null,null,{"$f":"IF(CTS_Source[[#This Row],[Montant Payé]]>0,CTS_Source[[#This Row],[Montant TTC]]-CTS_Source[[#This Row],[Montant Payé]],\"\")","v":""}]
[null,null,null,null,null,null,null,null,null,null,null,null,null,null,null,null,null,null,null,null,{"$f":"IF(CTS_Source[[#This Row],[Montant Payé]]>0,CTS_Source[[#This Row],[Montant TTC]]-CTS_Source[[#This Row],[Montant Payé]],\"\")","v":""}]
[null,null,null,null,null,null,null,null,null,null,null,null,null,null,null,null,null,null,null,null,{"$f":"IF(CTS_Source[[#This Row],[Montant Payé]]>0,CTS_Source[[#This Row],[Montant TTC]]-CTS_Source[[#This Row],[Montant Payé]],\"\")","v":""}]
[null,null,null,null,null,null,null,null,null,null,null,null,null,null,null,null,null,null,null,null,{"$f":"IF(CTS_Source[[#This Row],[Montant Payé]]>0,CTS_Source[[#This Row],[Montant TTC]]-CTS_Source[[#This Row],[Montant Payé]],\"\")","v":""}]
[null,null,null,null,null,null,null,null,null,null,null,null,null,null,null,null,null,null,null,null,{"$f":"IF(CTS_Source[[#This Row],[Montant Payé]]>0,CTS_Source[[#This Row],[Montant TTC]]-CTS_Source[[#This Row],[Montant Payé]],\"\")","v":""}]
[null,null,null,null,null,null,null,null,null,null,null,null,null,null,null,null,null,null,null,null,{"$f":"IF(CTS_Source[[#This Row],[Montant Payé]]>0,CTS_Source[[#This Row],[Montant TTC]]-CTS_Source[[#This Row],[Montant Payé]],\"\")","v":""}]
[null,null,null,null,null,null,null,null,null,null,null,null,null,null,null,null,null,null,null,null,{"$f":"IF(CTS_Source[[#This Row],[Montant Payé]]>0,CTS_Source[[#This Row],[Montant TTC]]-CTS_Source[[#This Row],[Montant Payé]],\"\")","v":""}]
[null,null,null,null,null,null,null,null,null,null,null,null,null,null,null,null,null,null,null,null,{"$f":"IF(CTS_Source[[#This Row],[Montant Payé]]>0,CTS_Source[[#This Row],[Montant TTC]]-CTS_Source[[#This Row],[Montant Payé]],\"\")","v":""}]
[null,null,null,null,null,null,null,null,null,null,null,null,null,null,null,null,null,null,null,null,{"$f":"IF(CTS_Source[[#This Row],[Montant Payé]]>0,CTS_Source[[#This Row],[Montant TTC]]-CTS_Source[[#This Row],[Montant Payé]],\"\")","v":""}]
[null,null,null,null,null,null,null,null,null,null,null,null,null,null,null,null,null,null,null,null,{"$f":"IF(CTS_Source[[#This Row],[Montant Payé]]>0,CTS_Source[[#This Row],[Montant TTC]]-CTS_Source[[#This Row],[Montant Payé]],\"\")","v":""}]
[null,null,null,null,null,null,null,null,null,null,null,null,null,null,null,null,null,null,null,null,{"$f":"IF(CTS_Source[[#This Row],[Montant Payé]]>0,CTS_Source[[#This Row],[Montant TTC]]-CTS_Source[[#This Row],[Montant Payé]],\"\")","v":""}]
[null,null,null,null,null,null,null,null,null,null,null,null,null,null,null,null,null,null,null,null,{"$f":"IF(CTS_Source[[#This Row],[Montant Payé]]>0,CTS_Source[[#This Row],[Montant TTC]]-CTS_Source[[#This Row],[Montant Payé]],\"\")","v":""}]
[null,null,null,null,null,null,null,null,null,null,null,null,null,null,null,null,null,null,null,null,{"$f":"IF(CTS_Source[[#This Row],[Montant Payé]]>0,CTS_Source[[#This Row],[Montant TTC]]-CTS_Source[[#This Row],[Montant Payé]],\"\")","v":""}]
[null,null,null,null,null,null,null,null,null,null,null,null,null,null,null,null,null,null,null,null,{"$f":"IF(CTS_Source[[#This Row],[Montant Payé]]>0,CTS_Source[[#This Row],[Montant TTC]]-CTS_Source[[#This Row],[Montant Payé]],\"\")","v":""}]
[null,null,null,null,null,null,null,null,null,null,null,null,null,null,null,null,null,null,null,null,{"$f":"IF(CTS_Source[[#This Row],[Montant Payé]]>0,CTS_Source[[#This Row],[Montant TTC]]-CTS_Source[[#This Row],[Montant Payé]],\"\")","v":""}]
[null,null,null,null,null,null,null,null,null,null,null,null,null,null,null,null,null,null,null,null,{"$f":"IF(CTS_Source[[#This Row],[Montant Payé]]>0,CTS_Source[[#This Row],[Montant TTC]]-CTS_Source[[#This Row],[Montant Payé]],\"\")","v":""}]
[null,null,null,null,null,null,null,null,null,null,null,null,null,null,null,null,null,null,null,null,{"$f":"IF(CTS_Source[[#This Row],[Montant Payé]]>0,CTS_Source[[#This Row],[Montant TTC]]-CTS_Source[[#This Row],[Montant Payé]],\"\")","v":""}]
[null,null,null,null,null,null,null,null,null,null,null,null,null,null,null,null,null,null,null,null,{"$f":"IF(CTS_Source[[#This Row],[Montant Payé]]>0,CTS_Source[[#This Row],[Montant TTC]]-CTS_Source[[#This Row],[Montant Payé]],\"\")","v":""}]
[null,null,null,null,null,null,null,null,null,null,null,null,null,null,null,null,null,null,null,null,{"$f":"IF(CTS_Source[[#This Row],[Montant Payé]]>0,CTS_Source[[#This Row],[Montant TTC]]-CTS_Source[[#This Row],[Montant Payé]],\"\")","v":""}]
[null,null,null,null,null,null,null,null,null,null,null,null,null,null,null,null,null,null,null,null,{"$f":"IF(CTS_Source[[#This Row],[Montant Payé]]>0,CTS_Source[[#This Row],[Montant TTC]]-CTS_Source[[#This Row],[Montant Payé]],\"\")","v":""}]
[null,null,null,null,null,null,null,null,null,null,null,null,null,null,null,null,null,null,null,null,{"$f":"IF(CTS_Source[[#This Row],[Montant Payé]]>0,CTS_Source[[#This Row],[Montant TTC]]-CTS_Source[[#This Row],[Montant Payé]],\"\")","v":""}]
[null,null,null,null,null,null,null,null,null,null,null,null,null,null,null,null,null,null,null,null,{"$f":"IF(CTS_Source[[#This Row],[Montant Payé]]>0,CTS_Source[[#This Row],[Montant TTC]]-CTS_Source[[#This Row],[Montant Payé]],\"\")","v":""}]
[null,null,null,null,null,null,null,null,null,null,null,null,null,null,null,null,null,null,null,null,{"$f":"IF(CTS_Source[[#This Row],[Montant Payé]]>0,CTS_Source[[#This Row],[Montant TTC]]-CTS_Source[[#This Row],[Montant Payé]],\"\")","v":""}]
[null,null,null,null,null,null,null,null,null,null,null,null,null,null,null,null,null,null,null,null,{"$f":"IF(CTS_Source[[#This Row],[Montant Payé]]>0,CTS_Source[[#This Row],[Montant TTC]]-CTS_Source[[#This Row],[Montant Payé]],\"\")","v":""}]
[null,null,null,null,null,null,null,null,null,null,null,null,null,null,null,null,null,null,null,null,{"$f":"IF(CTS_Source[[#This Row],[Montant Payé]]>0,CTS_Source[[#This Row],[Montant TTC]]-CTS_Source[[#This Row],[Montant Payé]],\"\")","v":""}]
[null,null,null,null,null,null,null,null,null,null,null,null,null,null,null,null,null,null,null,null,{"$f":"IF(CTS_Source[[#This Row],[Montant Payé]]>0,CTS_Source[[#This Row],[Montant TTC]]-CTS_Source[[#This Row],[Montant Payé]],\"\")","v":""}]
[null,null,null,null,null,null,null,null,null,null,null,null,null,null,null,null,null,null,null,null,{"$f":"IF(CTS_Source[[#This Row],[Montant Payé]]>0,CTS_Source[[#This Row],[Montant TTC]]-CTS_Source[[#This Row],[Montant Payé]],\"\")","v":""}]
[null,null,null,null,null,null,null,null,null,null,null,null,null,null,null,null,null,null,null,null,{"$f":"IF(CTS_Source[[#This Row],[Montant Payé]]>0,CTS_Source[[#This Row],[Montant TTC]]-CTS_Source[[#This Row],[Montant Payé]],\"\")","v":""}]
[null,null,null,null,null,null,null,null,null,null,null,null,null,null,null,null,null,null,null,null,{"$f":"IF(CTS_Source[[#This Row],[Montant Payé]]>0,CTS_Source[[#This Row],[Montant TTC]]-CTS_Source[[#This Row],[Montant Payé]],\"\")","v":""}]
[null,null,null,null,null,null,null,null,null,null,null,null,null,null,null,null,null,null,null,null,{"$f":"IF(CTS_Source[[#This Row],[Montant Payé]]>0,CTS_Source[[#This Row],[Montant TTC]]-CTS_Source[[#This Row],[Montant Payé]],\"\")","v":""}]
[null,null,null,null,null,null,null,null,null,null,null,null,null,null,null,null,null,null,null,null,{"$f":"IF(CTS_Source[[#This Row],[Montant Payé]]>0,CTS_Source[[#This Row],[Montant TTC]]-CTS_Source[[#This Row],[Montant Payé]],\"\")","v":""}]
[null,null,null,null,null,null,null,null,null,null,null,null,null,null,null,null,null,null,null,null,{"$f":"IF(CTS_Source[[#This Row],[Montant Payé]]>0,CTS_Source[[#This Row],[Montant TTC]]-CTS_Source[[#This Row],[Montant Payé]],\"\")","v":""}]
[null,null,null,null,null,null,null,null,null,null,null,null,null,null,null,null,null,null,null,null,{"$f":"IF(CTS_Source[[#This Row],[Montant Payé]]>0,CTS_Source[[#This Row],[Montant TTC]]-CTS_Source[[#This Row],[Montant Payé]],\"\")","v":""}]
[null,null,null,null,null,null,null,null,null,null,null,null,null,null,null,null,null,null,null,null,{"$f":"IF(CTS_Source[[#This Row],[Montant Payé]]>0,CTS_Source[[#This Row],[Montant TTC]]-CTS_Source[[#This Row],[Montant Payé]],\"\")","v":""}]
[null,null,null,null,null,null,null,null,null,null,null,null,null,null,null,null,null,null,null,null,{"$f":"IF(CTS_Source[[#This Row],[Montant Payé]]>0,CTS_Source[[#This Row],[Montant TTC]]-CTS_Source[[#This Row],[Montant Payé]],\"\")","v":""}]
[null,null,null,null,null,null,null,null,null,null,null,null,null,null,null,null,null,null,null,null,{"$f":"IF(CTS_Source[[#This Row],[Montant Payé]]>0,CTS_Source[[#This Row],[Montant TTC]]-CTS_Source[[#This Row],[Montant Payé]],\"\")","v":""}]
[null,null,null,null,null,null,null,null,null,null,null,null,null,null,null,null,null,null,null,null,{"$f":"IF(CTS_Source[[#This Row],[Montant Payé]]>0,CTS_Source[[#This Row],[Montant TTC]]-CTS_Source[[#This Row],[Montant Payé]],\"\")","v":""}]
[null,null,null,null,null,null,null,null,null,null,null,null,null,null,null,null,null,null,null,null,{"$f":"IF(CTS_Source[[#This Row],[Montant Payé]]>0,CTS_Source[[#This Row],[Montant TTC]]-CTS_Source[[#This Row],[Montant Payé]],\"\")","v":""}]
[null,null,null,null,null,null,null,null,null,null,null,null,null,null,null,null,null,null,null,null,{"$f":"IF(CTS_Source[[#This Row],[Montant Payé]]>0,CTS_Source[[#This Row],[Montant TTC]]-CTS_Source[[#This Row],[Montant Payé]],\"\")","v":""}]
[null,null,null,null,null,null,null,null,null,null,null,null,null,null,null,null,null,null,null,null,{"$f":"IF(CTS_Source[[#This Row],[Montant Payé]]>0,CTS_Source[[#This Row],[Montant TTC]]-CTS_Source[[#This Row],[Montant Payé]],\"\")","v":""}]
[null,null,null,null,null,null,null,null,null,null,null,null,null,null,null,null,null,null,null,null,{"$f":"IF(CTS_Source[[#This Row],[Montant Payé]]>0,CTS_Source[[#This Row],[Montant TTC]]-CTS_Source[[#This Row],[Montant Payé]],\"\")","v":""}]
[null,null,null,null,null,null,null,null,null,null,null,null,null,null,null,null,null,null,null,null,{"$f":"IF(CTS_Source[[#This Row],[Montant Payé]]>0,CTS_Source[[#This Row],[Montant TTC]]-CTS_Source[[#This Row],[Montant Payé]],\"\")","v":""}]
[null,null,null,null,null,null,null,null,null,null,null,null,null,null,null,null,null,null,null,null,{"$f":"IF(CTS_Source[[#This Row],[Montant Payé]]>0,CTS_Source[[#This Row],[Montant TTC]]-CTS_Source[[#This Row],[Montant Payé]],\"\")","v":""}]
[null,null,null,null,null,null,null,null,null,null,null,null,null,null,null,null,null,null,null,null,{"$f":"IF(CTS_Source[[#This Row],[Montant Payé]]>0,CTS_Source[[#This Row],[Montant TTC]]-CTS_Source[[#This Row],[Montant Payé]],\"\")","v":""}]
[null,null,null,null,null,null,null,null,null,null,null,null,null,null,null,null,null,null,null,null,{"$f":"IF(CTS_Source[[#This Row],[Montant Payé]]>0,CTS_Source[[#This Row],[Montant TTC]]-CTS_Source[[#This Row],[Montant Payé]],\"\")","v":""}]
[null,null,null,null,null,null,null,null,null,null,null,null,null,null,null,null,null,null,null,null,{"$f":"IF(CTS_Source[[#This Row],[Montant Payé]]>0,CTS_Source[[#This Row],[Montant TTC]]-CTS_Source[[#This Row],[Montant Payé]],\"\")","v":""}]
[null,null,null,null,null,null,null,null,null,null,null,null,null,null,null,null,null,null,null,null,{"$f":"IF(CTS_Source[[#This Row],[Montant Payé]]>0,CTS_Source[[#This Row],[Montant TTC]]-CTS_Source[[#This Row],[Montant Payé]],\"\")","v":""}]
[null,null,null,null,null,null,null,null,null,null,null,null,null,null,null,null,null,null,null,null,{"$f":"IF(CTS_Source[[#This Row],[Montant Payé]]>0,CTS_Source[[#This Row],[Montant TTC]]-CTS_Source[[#This Row],[Montant Payé]],\"\")","v":""}]
[null,null,null,null,null,null,null,null,null,null,null,null,null,null,null,null,null,null,null,null,{"$f":"IF(CTS_Source[[#This Row],[Montant Payé]]>0,CTS_Source[[#This Row],[Montant TTC]]-CTS_Source[[#This Row],[Montant Payé]],\"\")","v":""}]
[null,null,null,null,null,null,null,null,null,null,null,null,null,null,null,null,null,null,null,null,{"$f":"IF(CTS_Source[[#This Row],[Montant Payé]]>0,CTS_Source[[#This Row],[Montant TTC]]-CTS_Source[[#This Row],[Montant Payé]],\"\")","v":""}]
[null,null,null,null,null,null,null,null,null,null,null,null,null,null,null,null,null,null,null,null,{"$f":"IF(CTS_Source[[#This Row],[Montant Payé]]>0,CTS_Source[[#This Row],[Montant TTC]]-CTS_Source[[#This Row],[Montant Payé]],\"\")","v":""}]
[null,null,null,null,null,null,null,null,null,null,null,null,null,null,null,null,null,null,null,null,{"$f":"IF(CTS_Source[[#This Row],[Montant Payé]]>0,CTS_Source[[#This Row],[Montant TTC]]-CTS_Source[[#This Row],[Montant Payé]],\"\")","v":""}]
[null,null,null,null,null,null,null,null,null,null,null,null,null,null,null,null,null,null,null,null,{"$f":"IF(CTS_Source[[#This Row],[Montant Payé]]>0,CTS_Source[[#This Row],[Montant TTC]]-CTS_Source[[#This Row],[Montant Payé]],\"\")","v":""}]
[null,null,null,null,null,null,null,null,null,null,null,null,null,null,null,null,null,null,null,null,{"$f":"IF(CTS_Source[[#This Row],[Montant Payé]]>0,CTS_Source[[#This Row],[Montant TTC]]-CTS_Source[[#This Row],[Montant Payé]],\"\")","v":""}]
[null,null,null,null,null,null,null,null,null,null,null,null,null,null,null,null,null,null,null,null,{"$f":"IF(CTS_Source[[#This Row],[Montant Payé]]>0,CTS_Source[[#This Row],[Montant TTC]]-CTS_Source[[#This Row],[Montant Payé]],\"\")","v":""}]
[null,null,null,null,null,null,null,null,null,null,null,null,null,null,null,null,null,null,null,null,{"$f":"IF(CTS_Source[[#This Row],[Montant Payé]]>0,CTS_Source[[#This Row],[Montant TTC]]-CTS_Source[[#This Row],[Montant Payé]],\"\")","v":""}]
[null,null,null,null,null,null,null,null,null,null,null,null,null,null,null,null,null,null,null,null,{"$f":"IF(CTS_Source[[#This Row],[Montant Payé]]>0,CTS_Source[[#This Row],[Montant TTC]]-CTS_Source[[#This Row],[Montant Payé]],\"\")","v":""}]
[null,null,null,null,null,null,null,null,null,null,null,null,null,null,null,null,null,null,null,null,{"$f":"IF(CTS_Source[[#This Row],[Montant Payé]]>0,CTS_Source[[#This Row],[Montant TTC]]-CTS_Source[[#This Row],[Montant Payé]],\"\")","v":""}]
[null,null,null,null,null,null,null,null,null,null,null,null,null,null,null,null,null,null,null,null,{"$f":"IF(CTS_Source[[#This Row],[Montant Payé]]>0,CTS_Source[[#This Row],[Montant TTC]]-CTS_Source[[#This Row],[Montant Payé]],\"\")","v":""}]
[null,null,null,null,null,null,null,null,null,null,null,null,null,null,null,null,null,null,null,null,{"$f":"IF(CTS_Source[[#This Row],[Montant Payé]]>0,CTS_Source[[#This Row],[Montant TTC]]-CTS_Source[[#This Row],[Montant Payé]],\"\")","v":""}]
[null,null,null,null,null,null,null,null,null,null,null,null,null,null,null,null,null,null,null,null,{"$f":"IF(CTS_Source[[#This Row],[Montant Payé]]>0,CTS_Source[[#This Row],[Montant TTC]]-CTS_Source[[#This Row],[Montant Payé]],\"\")","v":""}]
[null,null,null,null,null,null,null,null,null,null,null,null,null,null,null,null,null,null,null,null,{"$f":"IF(CTS_Source[[#This Row],[Montant Payé]]>0,CTS_Source[[#This Row],[Montant TTC]]-CTS_Source[[#This Row],[Montant Payé]],\"\")","v":""}]
[null,null,null,null,null,null,null,null,null,null,null,null,null,null,null,null,null,null,null,null,{"$f":"IF(CTS_Source[[#This Row],[Montant Payé]]>0,CTS_Source[[#This Row],[Montant TTC]]-CTS_Source[[#This Row],[Montant Payé]],\"\")","v":""}]
[null,null,null,null,null,null,null,null,null,null,null,null,null,null,null,null,null,null,null,null,{"$f":"IF(CTS_Source[[#This Row],[Montant Payé]]>0,CTS_Source[[#This Row],[Montant TTC]]-CTS_Source[[#This Row],[Montant Payé]],\"\")","v":""}]
[null,null,null,null,null,null,null,null,null,null,null,null,null,null,null,null,null,null,null,null,{"$f":"IF(CTS_Source[[#This Row],[Montant Payé]]>0,CTS_Source[[#This Row],[Montant TTC]]-CTS_Source[[#This Row],[Montant Payé]],\"\")","v":""}]
[null,null,null,null,null,null,null,null,null,null,null,null,null,null,null,null,null,null,null,null,{"$f":"IF(CTS_Source[[#This Row],[Montant Payé]]>0,CTS_Source[[#This Row],[Montant TTC]]-CTS_Source[[#This Row],[Montant Payé]],\"\")","v":""}]
[null,null,null,null,null,null,null,null,null,null,null,null,null,null,null,null,null,null,null,null,{"$f":"IF(CTS_Source[[#This Row],[Montant Payé]]>0,CTS_Source[[#This Row],[Montant TTC]]-CTS_Source[[#This Row],[Montant Payé]],\"\")","v":""}]
[null,null,null,null,null,null,null,null,null,null,null,null,null,null,null,null,null,null,null,null,{"$f":"IF(CTS_Source[[#This Row],[Montant Payé]]>0,CTS_Source[[#This Row],[Montant TTC]]-CTS_Source[[#This Row],[Montant Payé]],\"\")","v":""}]
[null,null,null,null,null,null,null,null,null,null,null,null,null,null,null,null,null,null,null,null,{"$f":"IF(CTS_Source[[#This Row],[Montant Payé]]>0,CTS_Source[[#This Row],[Montant TTC]]-CTS_Source[[#This Row],[Montant Payé]],\"\")","v":""}]
[null,null,null,null,null,null,null,null,null,null,null,null,null,null,null,null,null,null,null,null,{"$f":"IF(CTS_Source[[#This Row],[Montant Payé]]>0,CTS_Source[[#This Row],[Montant TTC]]-CTS_Source[[#This Row],[Montant Payé]],\"\")","v":""}]
[null,null,null,null,null,null,null,null,null,null,null,null,null,null,null,null,null,null,null,null,{"$f":"IF(CTS_Source[[#This Row],[Montant Payé]]>0,CTS_Source[[#This Row],[Montant TTC]]-CTS_Source[[#This Row],[Montant Payé]],\"\")","v":""}]
[null,null,null,null,null,null,null,null,null,null,null,null,null,null,null,null,null,null,null,null,{"$f":"IF(CTS_Source[[#This Row],[Montant Payé]]>0,CTS_Source[[#This Row],[Montant TTC]]-CTS_Source[[#This Row],[Montant Payé]],\"\")","v":""}]
[null,null,null,null,null,null,null,null,null,null,null,null,null,null,null,null,null,null,null,null,{"$f":"IF(CTS_Source[[#This Row],[Montant Payé]]>0,CTS_Source[[#This Row],[Montant TTC]]-CTS_Source[[#This Row],[Montant Payé]],\"\")","v":""}]
[null,null,null,null,null,null,null,null,null,null,null,null,null,null,null,null,null,null,null,null,{"$f":"IF(CTS_Source[[#This Row],[Montant Payé]]>0,CTS_Source[[#This Row],[Montant TTC]]-CTS_Source[[#This Row],[Montant Payé]],\"\")","v":""}]
[null,null,null,null,null,null,null,null,null,null,null,null,null,null,null,null,null,null,null,null,{"$f":"IF(CTS_Source[[#This Row],[Montant Payé]]>0,CTS_Source[[#This Row],[Montant TTC]]-CTS_Source[[#This Row],[Montant Payé]],\"\")","v":""}]
[null,null,null,null,null,null,null,null,null,null,null,null,null,null,null,null,null,null,null,null,{"$f":"IF(CTS_Source[[#This Row],[Montant Payé]]>0,CTS_Source[[#This Row],[Montant TTC]]-CTS_Source[[#This Row],[Montant Payé]],\"\")","v":""}]
[null,null,null,null,null,null,null,null,null,null,null,null,null,null,null,null,null,null,null,null,{"$f":"IF(CTS_Source[[#This Row],[Montant Payé]]>0,CTS_Source[[#This Row],[Montant TTC]]-CTS_Source[[#This Row],[Montant Payé]],\"\")","v":""}]
[null,null,null,null,null,null,null,null,null,null,null,null,null,null,null,null,null,null,null,null,{"$f":"IF(CTS_Source[[#This Row],[Montant Payé]]>0,CTS_Source[[#This Row],[Montant TTC]]-CTS_Source[[#This Row],[Montant Payé]],\"\")","v":""}]
[null,null,null,null,null,null,null,null,null,null,null,null,null,null,null,null,null,null,null,null,{"$f":"IF(CTS_Source[[#This Row],[Montant Payé]]>0,CTS_Source[[#This Row],[Montant TTC]]-CTS_Source[[#This Row],[Montant Payé]],\"\")","v":""}]
[null,null,null,null,null,null,null,null,null,null,null,null,null,null,null,null,null,null,null,null,{"$f":"IF(CTS_Source[[#This Row],[Montant Payé]]>0,CTS_Source[[#This Row],[Montant TTC]]-CTS_Source[[#This Row],[Montant Payé]],\"\")","v":""}]
[null,null,null,null,null,null,null,null,null,null,null,null,null,null,null,null,null,null,null,null,{"$f":"IF(CTS_Source[[#This Row],[Montant Payé]]>0,CTS_Source[[#This Row],[Montant TTC]]-CTS_Source[[#This Row],[Montant Payé]],\"\")","v":""}]
[null,null,null,null,null,null,null,null,null,null,null,null,null,null,null,null,null,null,null,null,{"$f":"IF(CTS_Source[[#This Row],[Montant Payé]]>0,CTS_Source[[#This Row],[Montant TTC]]-CTS_Source[[#This Row],[Montant Payé]],\"\")","v":""}]
[null,null,null,null,null,null,null,null,null,null,null,null,null,null,null,null,null,null,null,null,{"$f":"IF(CTS_Source[[#This Row],[Montant Payé]]>0,CTS_Source[[#This Row],[Montant TTC]]-CTS_Source[[#This Row],[Montant Payé]],\"\")","v":""}]
[null,null,null,null,null,null,null,null,null,null,null,null,null,null,null,null,null,null,null,null,{"$f":"IF(CTS_Source[[#This Row],[Montant Payé]]>0,CTS_Source[[#This Row],[Montant TTC]]-CTS_Source[[#This Row],[Montant Payé]],\"\")","v":""}]
[null,null,null,null,null,null,null,null,null,null,null,null,null,null,null,null,null,null,null,null,{"$f":"IF(CTS_Source[[#This Row],[Montant Payé]]>0,CTS_Source[[#This Row],[Montant TTC]]-CTS_Source[[#This Row],[Montant Payé]],\"\")","v":""}]
[null,null,null,null,null,null,null,null,null,null,null,null,null,null,null,null,null,null,null,null,{"$f":"IF(CTS_Source[[#This Row],[Montant Payé]]>0,CTS_Source[[#This Row],[Montant TTC]]-CTS_Source[[#This Row],[Montant Payé]],\"\")","v":""}]
[null,null,null,null,null,null,null,null,null,null,null,null,null,null,null,null,null,null,null,null,{"$f":"IF(CTS_Source[[#This Row],[Montant Payé]]>0,CTS_Source[[#This Row],[Montant TTC]]-CTS_Source[[#This Row],[Montant Payé]],\"\")","v":""}]
[null,null,null,null,null,null,null,null,null,null,null,null,null,null,null,null,null,null,null,null,{"$f":"IF(CTS_Source[[#This Row],[Montant Payé]]>0,CTS_Source[[#This Row],[Montant TTC]]-CTS_Source[[#This Row],[Montant Payé]],\"\")","v":""}]
[null,null,null,null,null,null,null,null,null,null,null,null,null,null,null,null,null,null,null,null,{"$f":"IF(CTS_Source[[#This Row],[Montant Payé]]>0,CTS_Source[[#This Row],[Montant TTC]]-CTS_Source[[#This Row],[Montant Payé]],\"\")","v":""}]
[null,null,null,null,null,null,null,null,null,null,null,null,null,null,null,null,null,null,null,null,{"$f":"IF(CTS_Source[[#This Row],[Montant Payé]]>0,CTS_Source[[#This Row],[Montant TTC]]-CTS_Source[[#This Row],[Montant Payé]],\"\")","v":""}]
[null,null,null,null,null,null,null,null,null,null,null,null,null,null,null,null,null,null,null,null,{"$f":"IF(CTS_Source[[#This Row],[Montant Payé]]>0,CTS_Source[[#This Row],[Montant TTC]]-CTS_Source[[#This Row],[Montant Payé]],\"\")","v":""}]
[null,null,null,null,null,null,null,null,null,null,null,null,null,null,null,null,null,null,null,null,{"$f":"IF(CTS_Source[[#This Row],[Montant Payé]]>0,CTS_Source[[#This Row],[Montant TTC]]-CTS_Source[[#This Row],[Montant Payé]],\"\")","v":""}]
[null,null,null,null,null,null,null,null,null,null,null,null,null,null,null,null,null,null,null,null,{"$f":"IF(CTS_Source[[#This Row],[Montant Payé]]>0,CTS_Source[[#This Row],[Montant TTC]]-CTS_Source[[#This Row],[Montant Payé]],\"\")","v":""}]
[null,null,null,null,null,null,null,null,null,null,null,null,null,null,null,null,null,null,null,null,{"$f":"IF(CTS_Source[[#This Row],[Montant Payé]]>0,CTS_Source[[#This Row],[Montant TTC]]-CTS_Source[[#This Row],[Montant Payé]],\"\")","v":""}]
[null,null,null,null,null,null,null,null,null,null,null,null,null,null,null,null,null,null,null,null,{"$f":"IF(CTS_Source[[#This Row],[Montant Payé]]>0,CTS_Source[[#This Row],[Montant TTC]]-CTS_Source[[#This Row],[Montant Payé]],\"\")","v":""}]
[null,null,null,null,null,null,null,null,null,null,null,null,null,null,null,null,null,null,null,null,{"$f":"IF(CTS_Source[[#This Row],[Montant Payé]]>0,CTS_Source[[#This Row],[Montant TTC]]-CTS_Source[[#This Row],[Montant Payé]],\"\")","v":""}]
[null,null,null,null,null,null,null,null,null,null,null,null,null,null,null,null,null,null,null,null,{"$f":"IF(CTS_Source[[#This Row],[Montant Payé]]>0,CTS_Source[[#This Row],[Montant TTC]]-CTS_Source[[#This Row],[Montant Payé]],\"\")","v":""}]
[null,null,null,null,null,null,null,null,null,null,null,null,null,null,null,null,null,null,null,null,{"$f":"IF(CTS_Source[[#This Row],[Montant Payé]]>0,CTS_Source[[#This Row],[Montant TTC]]-CTS_Source[[#This Row],[Montant Payé]],\"\")","v":""}]
[null,null,null,null,null,null,null,null,null,null,null,null,null,null,null,null,null,null,null,null,{"$f":"IF(CTS_Source[[#This Row],[Montant Payé]]>0,CTS_Source[[#This Row],[Montant TTC]]-CTS_Source[[#This Row],[Montant Payé]],\"\")","v":""}]
[null,null,null,null,null,null,null,null,null,null,null,null,null,null,null,null,null,null,null,null,{"$f":"IF(CTS_Source[[#This Row],[Montant Payé]]>0,CTS_Source[[#This Row],[Montant TTC]]-CTS_Source[[#This Row],[Montant Payé]],\"\")","v":""}]
[null,null,null,null,null,null,null,null,null,null,null,null,null,null,null,null,null,null,null,null,{"$f":"IF(CTS_Source[[#This Row],[Montant Payé]]>0,CTS_Source[[#This Row],[Montant TTC]]-CTS_Source[[#This Row],[Montant Payé]],\"\")","v":""}]
[null,null,null,null,null,null,null,null,null,null,null,null,null,null,null,null,null,null,null,null,{"$f":"IF(CTS_Source[[#This Row],[Montant Payé]]>0,CTS_Source[[#This Row],[Montant TTC]]-CTS_Source[[#This Row],[Montant Payé]],\"\")","v":""}]
[null,null,null,null,null,null,null,null,null,null,null,null,null,null,null,null,null,null,null,null,{"$f":"IF(CTS_Source[[#This Row],[Montant Payé]]>0,CTS_Source[[#This Row],[Montant TTC]]-CTS_Source[[#This Row],[Montant Payé]],\"\")","v":""}]
[null,null,null,null,null,null,null,null,null,null,null,null,null,null,null,null,null,null,null,null,{"$f":"IF(CTS_Source[[#This Row],[Montant Payé]]>0,CTS_Source[[#This Row],[Montant TTC]]-CTS_Source[[#This Row],[Montant Payé]],\"\")","v":""}]
[null,null,null,null,null,null,null,null,null,null,null,null,null,null,null,null,null,null,null,null,{"$f":"IF(CTS_Source[[#This Row],[Montant Payé]]>0,CTS_Source[[#This Row],[Montant TTC]]-CTS_Source[[#This Row],[Montant Payé]],\"\")","v":""}]
[null,null,null,null,null,null,null,null,null,null,null,null,null,null,null,null,null,null,null,null,{"$f":"IF(CTS_Source[[#This Row],[Montant Payé]]>0,CTS_Source[[#This Row],[Montant TTC]]-CTS_Source[[#This Row],[Montant Payé]],\"\")","v":""}]
[null,null,null,null,null,null,null,null,null,null,null,null,null,null,null,null,null,null,null,null,{"$f":"IF(CTS_Source[[#This Row],[Montant Payé]]>0,CTS_Source[[#This Row],[Montant TTC]]-CTS_Source[[#This Row],[Montant Payé]],\"\")","v":""}]
[null,null,null,null,null,null,null,null,null,null,null,null,null,null,null,null,null,null,null,null,{"$f":"IF(CTS_Source[[#This Row],[Montant Payé]]>0,CTS_Source[[#This Row],[Montant TTC]]-CTS_Source[[#This Row],[Montant Payé]],\"\")","v":""}]
[null,null,null,null,null,null,null,null,null,null,null,null,null,null,null,null,null,null,null,null,{"$f":"IF(CTS_Source[[#This Row],[Montant Payé]]>0,CTS_Source[[#This Row],[Montant TTC]]-CTS_Source[[#This Row],[Montant Payé]],\"\")","v":""}]
[null,null,null,null,null,null,null,null,null,null,null,null,null,null,null,null,null,null,null,null,{"$f":"IF(CTS_Source[[#This Row],[Montant Payé]]>0,CTS_Source[[#This Row],[Montant TTC]]-CTS_Source[[#This Row],[Montant Payé]],\"\")","v":""}]
[null,null,null,null,null,null,null,null,null,null,null,null,null,null,null,null,null,null,null,null,{"$f":"IF(CTS_Source[[#This Row],[Montant Payé]]>0,CTS_Source[[#This Row],[Montant TTC]]-CTS_Source[[#This Row],[Montant Payé]],\"\")","v":""}]
[null,null,null,null,null,null,null,null,null,null,null,null,null,null,null,null,null,null,null,null,{"$f":"IF(CTS_Source[[#This Row],[Montant Payé]]>0,CTS_Source[[#This Row],[Montant TTC]]-CTS_Source[[#This Row],[Montant Payé]],\"\")","v":""}]
[null,null,null,null,null,null,null,null,null,null,null,null,null,null,null,null,null,null,null,null,{"$f":"IF(CTS_Source[[#This Row],[Montant Payé]]>0,CTS_Source[[#This Row],[Montant TTC]]-CTS_Source[[#This Row],[Montant Payé]],\"\")","v":""}]
[null,null,null,null,null,null,null,null,null,null,null,null,null,null,null,null,null,null,null,null,{"$f":"IF(CTS_Source[[#This Row],[Montant Payé]]>0,CTS_Source[[#This Row],[Montant TTC]]-CTS_Source[[#This Row],[Montant Payé]],\"\")","v":""}]
[null,null,null,null,null,null,null,null,null,null,null,null,null,null,null,null,null,null,null,null,{"$f":"IF(CTS_Source[[#This Row],[Montant Payé]]>0,CTS_Source[[#This Row],[Montant TTC]]-CTS_Source[[#This Row],[Montant Payé]],\"\")","v":""}]
[null,null,null,null,null,null,null,null,null,null,null,null,null,null,null,null,null,null,null,null,{"$f":"IF(CTS_Source[[#This Row],[Montant Payé]]>0,CTS_Source[[#This Row],[Montant TTC]]-CTS_Source[[#This Row],[Montant Payé]],\"\")","v":""}]
[null,null,null,null,null,null,null,null,null,null,null,null,null,null,null,null,null,null,null,null,{"$f":"IF(CTS_Source[[#This Row],[Montant Payé]]>0,CTS_Source[[#This Row],[Montant TTC]]-CTS_Source[[#This Row],[Montant Payé]],\"\")","v":""}]
[null,null,null,null,null,null,null,null,null,null,null,null,null,null,null,null,null,null,null,null,{"$f":"IF(CTS_Source[[#This Row],[Montant Payé]]>0,CTS_Source[[#This Row],[Montant TTC]]-CTS_Source[[#This Row],[Montant Payé]],\"\")","v":""}]
[null,null,null,null,null,null,null,null,null,null,null,null,null,null,null,null,null,null,null,null,{"$f":"IF(CTS_Source[[#This Row],[Montant Payé]]>0,CTS_Source[[#This Row],[Montant TTC]]-CTS_Source[[#This Row],[Montant Payé]],\"\")","v":""}]
[null,null,null,null,null,null,null,null,null,null,null,null,null,null,null,null,null,null,null,null,{"$f":"IF(CTS_Source[[#This Row],[Montant Payé]]>0,CTS_Source[[#This Row],[Montant TTC]]-CTS_Source[[#This Row],[Montant Payé]],\"\")","v":""}]
[null,null,null,null,null,null,null,null,null,null,null,null,null,null,null,null,null,null,null,null,{"$f":"IF(CTS_Source[[#This Row],[Montant Payé]]>0,CTS_Source[[#This Row],[Montant TTC]]-CTS_Source[[#This Row],[Montant Payé]],\"\")","v":""}]
[null,null,null,null,null,null,null,null,null,null,null,null,null,null,null,null,null,null,null,null,{"$f":"IF(CTS_Source[[#This Row],[Montant Payé]]>0,CTS_Source[[#This Row],[Montant TTC]]-CTS_Source[[#This Row],[Montant Payé]],\"\")","v":""}]
[null,null,null,null,null,null,null,null,null,null,null,null,null,null,null,null,null,null,null,null,{"$f":"IF(CTS_Source[[#This Row],[Montant Payé]]>0,CTS_Source[[#This Row],[Montant TTC]]-CTS_Source[[#This Row],[Montant Payé]],\"\")","v":""}]
[null,null,null,null,null,null,null,null,null,null,null,null,null,null,null,null,null,null,null,null,{"$f":"IF(CTS_Source[[#This Row],[Montant Payé]]>0,CTS_Source[[#This Row],[Montant TTC]]-CTS_Source[[#This Row],[Montant Payé]],\"\")","v":""}]
[null,null,null,null,null,null,null,null,null,null,null,null,null,null,null,null,null,null,null,null,{"$f":"IF(CTS_Source[[#This Row],[Montant Payé]]>0,CTS_Source[[#This Row],[Montant TTC]]-CTS_Source[[#This Row],[Montant Payé]],\"\")","v":""}]
[null,null,null,null,null,null,null,null,null,null,null,null,null,null,null,null,null,null,null,null,{"$f":"IF(CTS_Source[[#This Row],[Montant Payé]]>0,CTS_Source[[#This Row],[Montant TTC]]-CTS_Source[[#This Row],[Montant Payé]],\"\")","v":""}]
[null,null,null,null,null,null,null,null,null,null,null,null,null,null,null,null,null,null,null,null,{"$f":"IF(CTS_Source[[#This Row],[Montant Payé]]>0,CTS_Source[[#This Row],[Montant TTC]]-CTS_Source[[#This Row],[Montant Payé]],\"\")","v":""}]
[null,null,null,null,null,null,null,null,null,null,null,null,null,null,null,null,null,null,null,null,{"$f":"IF(CTS_Source[[#This Row],[Montant Payé]]>0,CTS_Source[[#This Row],[Montant TTC]]-CTS_Source[[#This Row],[Montant Payé]],\"\")","v":""}]
[null,null,null,null,null,null,null,null,null,null,null,null,null,null,null,null,null,null,null,null,{"$f":"IF(CTS_Source[[#This Row],[Montant Payé]]>0,CTS_Source[[#This Row],[Montant TTC]]-CTS_Source[[#This Row],[Montant Payé]],\"\")","v":""}]
[null,null,null,null,null,null,null,null,null,null,null,null,null,null,null,null,null,null,null,null,{"$f":"IF(CTS_Source[[#This Row],[Montant Payé]]>0,CTS_Source[[#This Row],[Montant TTC]]-CTS_Source[[#This Row],[Montant Payé]],\"\")","v":""}]
[null,null,null,null,null,null,null,null,null,null,null,null,null,null,null,null,null,null,null,null,{"$f":"IF(CTS_Source[[#This Row],[Montant Payé]]>0,CTS_Source[[#This Row],[Montant TTC]]-CTS_Source[[#This Row],[Montant Payé]],\"\")","v":""}]
[null,null,null,null,null,null,null,null,null,null,null,null,null,null,null,null,null,null,null,null,{"$f":"IF(CTS_Source[[#This Row],[Montant Payé]]>0,CTS_Source[[#This Row],[Montant TTC]]-CTS_Source[[#This Row],[Montant Payé]],\"\")","v":""}]
[null,null,null,null,null,null,null,null,null,null,null,null,null,null,null,null,null,null,null,null,{"$f":"IF(CTS_Source[[#This Row],[Montant Payé]]>0,CTS_Source[[#This Row],[Montant TTC]]-CTS_Source[[#This Row],[Montant Payé]],\"\")","v":""}]
[null,null,null,null,null,null,null,null,null,null,null,null,null,null,null,null,null,null,null,null,{"$f":"IF(CTS_Source[[#This Row],[Montant Payé]]>0,CTS_Source[[#This Row],[Montant TTC]]-CTS_Source[[#This Row],[Montant Payé]],\"\")","v":""}]
[null,null,null,null,null,null,null,null,null,null,null,null,null,null,null,null,null,null,null,null,{"$f":"IF(CTS_Source[[#This Row],[Montant Payé]]>0,CTS_Source[[#This Row],[Montant TTC]]-CTS_Source[[#This Row],[Montant Payé]],\"\")","v":""}]
[null,null,null,null,null,null,null,null,null,null,null,null,null,null,null,null,null,null,null,null,{"$f":"IF(CTS_Source[[#This Row],[Montant Payé]]>0,CTS_Source[[#This Row],[Montant TTC]]-CTS_Source[[#This Row],[Montant Payé]],\"\")","v":""}]
[null,null,null,null,null,null,null,null,null,null,null,null,null,null,null,null,null,null,null,null,{"$f":"IF(CTS_Source[[#This Row],[Montant Payé]]>0,CTS_Source[[#This Row],[Montant TTC]]-CTS_Source[[#This Row],[Montant Payé]],\"\")","v":""}]
[null,null,null,null,null,null,null,null,null,null,null,null,null,null,null,null,null,null,null,null,{"$f":"IF(CTS_Source[[#This Row],[Montant Payé]]>0,CTS_Source[[#This Row],[Montant TTC]]-CTS_Source[[#This Row],[Montant Payé]],\"\")","v":""}]
[null,null,null,null,null,null,null,null,null,null,null,null,null,null,null,null,null,null,null,null,{"$f":"IF(CTS_Source[[#This Row],[Montant Payé]]>0,CTS_Source[[#This Row],[Montant TTC]]-CTS_Source[[#This Row],[Montant Payé]],\"\")","v":""}]
[null,null,null,null,null,null,null,null,null,null,null,null,null,null,null,null,null,null,null,null,{"$f":"IF(CTS_Source[[#This Row],[Montant Payé]]>0,CTS_Source[[#This Row],[Montant TTC]]-CTS_Source[[#This Row],[Montant Payé]],\"\")","v":""}]
[null,null,null,null,null,null,null,null,null,null,null,null,null,null,null,null,null,null,null,null,{"$f":"IF(CTS_Source[[#This Row],[Montant Payé]]>0,CTS_Source[[#This Row],[Montant TTC]]-CTS_Source[[#This Row],[Montant Payé]],\"\")","v":""}]
[null,null,null,null,null,null,null,null,null,null,null,null,null,null,null,null,null,null,null,null,{"$f":"IF(CTS_Source[[#This Row],[Montant Payé]]>0,CTS_Source[[#This Row],[Montant TTC]]-CTS_Source[[#This Row],[Montant Payé]],\"\")","v":""}]
[null,null,null,null,null,null,null,null,null,null,null,null,null,null,null,null,null,null,null,null,{"$f":"IF(CTS_Source[[#This Row],[Montant Payé]]>0,CTS_Source[[#This Row],[Montant TTC]]-CTS_Source[[#This Row],[Montant Payé]],\"\")","v":""}]
[null,null,null,null,null,null,null,null,null,null,null,null,null,null,null,null,null,null,null,null,{"$f":"IF(CTS_Source[[#This Row],[Montant Payé]]>0,CTS_Source[[#This Row],[Montant TTC]]-CTS_Source[[#This Row],[Montant Payé]],\"\")","v":""}]
[null,null,null,null,null,null,null,null,null,null,null,null,null,null,null,null,null,null,null,null,{"$f":"IF(CTS_Source[[#This Row],[Montant Payé]]>0,CTS_Source[[#This Row],[Montant TTC]]-CTS_Source[[#This Row],[Montant Payé]],\"\")","v":""}]
[null,null,null,null,null,null,null,null,null,null,null,null,null,null,null,null,null,null,null,null,{"$f":"IF(CTS_Source[[#This Row],[Montant Payé]]>0,CTS_Source[[#This Row],[Montant TTC]]-CTS_Source[[#This Row],[Montant Payé]],\"\")","v":""}]
[null,null,null,null,null,null,null,null,null,null,null,null,null,null,null,null,null,null,null,null,{"$f":"IF(CTS_Source[[#This Row],[Montant Payé]]>0,CTS_Source[[#This Row],[Montant TTC]]-CTS_Source[[#This Row],[Montant Payé]],\"\")","v":""}]
[null,null,null,null,null,null,null,null,null,null,null,null,null,null,null,null,null,null,null,null,{"$f":"IF(CTS_Source[[#This Row],[Montant Payé]]>0,CTS_Source[[#This Row],[Montant TTC]]-CTS_Source[[#This Row],[Montant Payé]],\"\")","v":""}]
[null,null,null,null,null,null,null,null,null,null,null,null,null,null,null,null,null,null,null,null,{"$f":"IF(CTS_Source[[#This Row],[Montant Payé]]>0,CTS_Source[[#This Row],[Montant TTC]]-CTS_Source[[#This Row],[Montant Payé]],\"\")","v":""}]
[null,null,null,null,null,null,null,null,null,null,null,null,null,null,null,null,null,null,null,null,{"$f":"IF(CTS_Source[[#This Row],[Montant Payé]]>0,CTS_Source[[#This Row],[Montant TTC]]-CTS_Source[[#This Row],[Montant Payé]],\"\")","v":""}]
[null,null,null,null,null,null,null,null,null,null,null,null,null,null,null,null,null,null,null,null,{"$f":"IF(CTS_Source[[#This Row],[Montant Payé]]>0,CTS_Source[[#This Row],[Montant TTC]]-CTS_Source[[#This Row],[Montant Payé]],\"\")","v":""}]
[null,null,null,null,null,null,null,null,null,null,null,null,null,null,null,null,null,null,null,null,{"$f":"IF(CTS_Source[[#This Row],[Montant Payé]]>0,CTS_Source[[#This Row],[Montant TTC]]-CTS_Source[[#This Row],[Montant Payé]],\"\")","v":""}]
[null,null,null,null,null,null,null,null,null,null,null,null,null,null,null,null,null,null,null,null,{"$f":"IF(CTS_Source[[#This Row],[Montant Payé]]>0,CTS_Source[[#This Row],[Montant TTC]]-CTS_Source[[#This Row],[Montant Payé]],\"\")","v":""}]
[null,null,null,null,null,null,null,null,null,null,null,null,null,null,null,null,null,null,null,null,{"$f":"IF(CTS_Source[[#This Row],[Montant Payé]]>0,CTS_Source[[#This Row],[Montant TTC]]-CTS_Source[[#This Row],[Montant Payé]],\"\")","v":""}]
[null,null,null,null,null,null,null,null,null,null,null,null,null,null,null,null,null,null,null,null,{"$f":"IF(CTS_Source[[#This Row],[Montant Payé]]>0,CTS_Source[[#This Row],[Montant TTC]]-CTS_Source[[#This Row],[Montant Payé]],\"\")","v":""}]
[null,null,null,null,null,null,null,null,null,null,null,null,null,null,null,null,null,null,null,null,{"$f":"IF(CTS_Source[[#This Row],[Montant Payé]]>0,CTS_Source[[#This Row],[Montant TTC]]-CTS_Source[[#This Row],[Montant Payé]],\"\")","v":""}]
[null,null,null,null,null,null,null,null,null,null,null,null,null,null,null,null,null,null,null,null,{"$f":"IF(CTS_Source[[#This Row],[Montant Payé]]>0,CTS_Source[[#This Row],[Montant TTC]]-CTS_Source[[#This Row],[Montant Payé]],\"\")","v":""}]
[null,null,null,null,null,null,null,null,null,null,null,null,null,null,null,null,null,null,null,null,{"$f":"IF(CTS_Source[[#This Row],[Montant Payé]]>0,CTS_Source[[#This Row],[Montant TTC]]-CTS_Source[[#This Row],[Montant Payé]],\"\")","v":""}]
[null,null,null,null,null,null,null,null,null,null,null,null,null,null,null,null,null,null,null,null,{"$f":"IF(CTS_Source[[#This Row],[Montant Payé]]>0,CTS_Source[[#This Row],[Montant TTC]]-CTS_Source[[#This Row],[Montant Payé]],\"\")","v":""}]
[null,null,null,null,null,null,null,null,null,null,null,null,null,null,null,null,null,null,null,null,{"$f":"IF(CTS_Source[[#This Row],[Montant Payé]]>0,CTS_Source[[#This Row],[Montant TTC]]-CTS_Source[[#This Row],[Montant Payé]],\"\")","v":""}]
[null,null,null,null,null,null,null,null,null,null,null,null,null,null,null,null,null,null,null,null,{"$f":"IF(CTS_Source[[#This Row],[Montant Payé]]>0,CTS_Source[[#This Row],[Montant TTC]]-CTS_Source[[#This Row],[Montant Payé]],\"\")","v":""}]
[null,null,null,null,null,null,null,null,null,null,null,null,null,null,null,null,null,null,null,null,{"$f":"IF(CTS_Source[[#This Row],[Montant Payé]]>0,CTS_Source[[#This Row],[Montant TTC]]-CTS_Source[[#This Row],[Montant Payé]],\"\")","v":""}]
[null,null,null,null,null,null,null,null,null,null,null,null,null,null,null,null,null,null,null,null,{"$f":"IF(CTS_Source[[#This Row],[Montant Payé]]>0,CTS_Source[[#This Row],[Montant TTC]]-CTS_Source[[#This Row],[Montant Payé]],\"\")","v":""}]
[null,null,null,null,null,null,null,null,null,null,null,null,null,null,null,null,null,null,null,null,{"$f":"IF(CTS_Source[[#This Row],[Montant Payé]]>0,CTS_Source[[#This Row],[Montant TTC]]-CTS_Source[[#This Row],[Montant Payé]],\"\")","v":""}]
[null,null,null,null,null,null,null,null,null,null,null,null,null,null,null,null,null,null,null,null,{"$f":"IF(CTS_Source[[#This Row],[Montant Payé]]>0,CTS_Source[[#This Row],[Montant TTC]]-CTS_Source[[#This Row],[Montant Payé]],\"\")","v":""}]
[null,null,null,null,null,null,null,null,null,null,null,null,null,null,null,null,null,null,null,null,{"$f":"IF(CTS_Source[[#This Row],[Montant Payé]]>0,CTS_Source[[#This Row],[Montant TTC]]-CTS_Source[[#This Row],[Montant Payé]],\"\")","v":""}]
[null,null,null,null,null,null,null,null,null,null,null,null,null,null,null,null,null,null,null,null,{"$f":"IF(CTS_Source[[#This Row],[Montant Payé]]>0,CTS_Source[[#This Row],[Montant TTC]]-CTS_Source[[#This Row],[Montant Payé]],\"\")","v":""}]
[null,null,null,null,null,null,null,null,null,null,null,null,null,null,null,null,null,null,null,null,{"$f":"IF(CTS_Source[[#This Row],[Montant Payé]]>0,CTS_Source[[#This Row],[Montant TTC]]-CTS_Source[[#This Row],[Montant Payé]],\"\")","v":""}]
[null,null,null,null,null,null,null,null,null,null,null,null,null,null,null,null,null,null,null,null,{"$f":"IF(CTS_Source[[#This Row],[Montant Payé]]>0,CTS_Source[[#This Row],[Montant TTC]]-CTS_Source[[#This Row],[Montant Payé]],\"\")","v":""}]
[null,null,null,null,null,null,null,null,null,null,null,null,null,null,null,null,null,null,null,null,{"$f":"IF(CTS_Source[[#This Row],[Montant Payé]]>0,CTS_Source[[#This Row],[Montant TTC]]-CTS_Source[[#This Row],[Montant Payé]],\"\")","v":""}]
[null,null,null,null,null,null,null,null,null,null,null,null,null,null,null,null,null,null,null,null,{"$f":"IF(CTS_Source[[#This Row],[Montant Payé]]>0,CTS_Source[[#This Row],[Montant TTC]]-CTS_Source[[#This Row],[Montant Payé]],\"\")","v":""}]
[null,null,null,null,null,null,null,null,null,null,null,null,null,null,null,null,null,null,null,null,{"$f":"IF(CTS_Source[[#This Row],[Montant Payé]]>0,CTS_Source[[#This Row],[Montant TTC]]-CTS_Source[[#This Row],[Montant Payé]],\"\")","v":""}]
[null,null,null,null,null,null,null,null,null,null,null,null,null,null,null,null,null,null,null,null,{"$f":"IF(CTS_Source[[#This Row],[Montant Payé]]>0,CTS_Source[[#This Row],[Montant TTC]]-CTS_Source[[#This Row],[Montant Payé]],\"\")","v":""}]
[null,null,null,null,null,null,null,null,null,null,null,null,null,null,null,null,null,null,null,null,{"$f":"IF(CTS_Source[[#This Row],[Montant Payé]]>0,CTS_Source[[#This Row],[Montant TTC]]-CTS_Source[[#This Row],[Montant Payé]],\"\")","v":""}]
[null,null,null,null,null,null,null,null,null,null,null,null,null,null,null,null,null,null,null,null,{"$f":"IF(CTS_Source[[#This Row],[Montant Payé]]>0,CTS_Source[[#This Row],[Montant TTC]]-CTS_Source[[#This Row],[Montant Payé]],\"\")","v":""}]
[null,null,null,null,null,null,null,null,null,null,null,null,null,null,null,null,null,null,null,null,{"$f":"IF(CTS_Source[[#This Row],[Montant Payé]]>0,CTS_Source[[#This Row],[Montant TTC]]-CTS_Source[[#This Row],[Montant Payé]],\"\")","v":""}]
[null,null,null,null,null,null,null,null,null,null,null,null,null,null,null,null,null,null,null,null,{"$f":"IF(CTS_Source[[#This Row],[Montant Payé]]>0,CTS_Source[[#This Row],[Montant TTC]]-CTS_Source[[#This Row],[Montant Payé]],\"\")","v":""}]
[null,null,null,null,null,null,null,null,null,null,null,null,null,null,null,null,null,null,null,null,{"$f":"IF(CTS_Source[[#This Row],[Montant Payé]]>0,CTS_Source[[#This Row],[Montant TTC]]-CTS_Source[[#This Row],[Montant Payé]],\"\")","v":""}]
[null,null,null,null,null,null,null,null,null,null,null,null,null,null,null,null,null,null,null,null,{"$f":"IF(CTS_Source[[#This Row],[Montant Payé]]>0,CTS_Source[[#This Row],[Montant TTC]]-CTS_Source[[#This Row],[Montant Payé]],\"\")","v":""}]
[null,null,null,null,null,null,null,null,null,null,null,null,null,null,null,null,null,null,null,null,{"$f":"IF(CTS_Source[[#This Row],[Montant Payé]]>0,CTS_Source[[#This Row],[Montant TTC]]-CTS_Source[[#This Row],[Montant Payé]],\"\")","v":""}]
[null,null,null,null,null,null,null,null,null,null,null,null,null,null,null,null,null,null,null,null,{"$f":"IF(CTS_Source[[#This Row],[Montant Payé]]>0,CTS_Source[[#This Row],[Montant TTC]]-CTS_Source[[#This Row],[Montant Payé]],\"\")","v":""}]
[null,null,null,null,null,null,null,null,null,null,null,null,null,null,null,null,null,null,null,null,{"$f":"IF(CTS_Source[[#This Row],[Montant Payé]]>0,CTS_Source[[#This Row],[Montant TTC]]-CTS_Source[[#This Row],[Montant Payé]],\"\")","v":""}]
[null,null,null,null,null,null,null,null,null,null,null,null,null,null,null,null,null,null,null,null,{"$f":"IF(CTS_Source[[#This Row],[Montant Payé]]>0,CTS_Source[[#This Row],[Montant TTC]]-CTS_Source[[#This Row],[Montant Payé]],\"\")","v":""}]
[null,null,null,null,null,null,null,null,null,null,null,null,null,null,null,null,null,null,null,null,{"$f":"IF(CTS_Source[[#This Row],[Montant Payé]]>0,CTS_Source[[#This Row],[Montant TTC]]-CTS_Source[[#This Row],[Montant Payé]],\"\")","v":""}]
[null,null,null,null,null,null,null,null,null,null,null,null,null,null,null,null,null,null,null,null,{"$f":"IF(CTS_Source[[#This Row],[Montant Payé]]>0,CTS_Source[[#This Row],[Montant TTC]]-CTS_Source[[#This Row],[Montant Payé]],\"\")","v":""}]
[null,null,null,null,null,null,null,null,null,null,null,null,null,null,null,null,null,null,null,null,{"$f":"IF(CTS_Source[[#This Row],[Montant Payé]]>0,CTS_Source[[#This Row],[Montant TTC]]-CTS_Source[[#This Row],[Montant Payé]],\"\")","v":""}]
[null,null,null,null,null,null,null,null,null,null,null,null,null,null,null,null,null,null,null,null,{"$f":"IF(CTS_Source[[#This Row],[Montant Payé]]>0,CTS_Source[[#This Row],[Montant TTC]]-CTS_Source[[#This Row],[Montant Payé]],\"\")","v":""}]
[null,null,null,null,null,null,null,null,null,null,null,null,null,null,null,null,null,null,null,null,{"$f":"IF(CTS_Source[[#This Row],[Montant Payé]]>0,CTS_Source[[#This Row],[Montant TTC]]-CTS_Source[[#This Row],[Montant Payé]],\"\")","v":""}]
[null,null,null,null,null,null,null,null,null,null,null,null,null,null,null,null,null,null,null,null,{"$f":"IF(CTS_Source[[#This Row],[Montant Payé]]>0,CTS_Source[[#This Row],[Montant TTC]]-CTS_Source[[#This Row],[Montant Payé]],\"\")","v":""}]
[null,null,null,null,null,null,null,null,null,null,null,null,null,null,null,null,null,null,null,null,{"$f":"IF(CTS_Source[[#This Row],[Montant Payé]]>0,CTS_Source[[#This Row],[Montant TTC]]-CTS_Source[[#This Row],[Montant Payé]],\"\")","v":""}]
[null,null,null,null,null,null,null,null,null,null,null,null,null,null,null,null,null,null,null,null,{"$f":"IF(CTS_Source[[#This Row],[Montant Payé]]>0,CTS_Source[[#This Row],[Montant TTC]]-CTS_Source[[#This Row],[Montant Payé]],\"\")","v":""}]
[null,null,null,null,null,null,null,null,null,null,null,null,null,null,null,null,null,null,null,null,{"$f":"IF(CTS_Source[[#This Row],[Montant Payé]]>0,CTS_Source[[#This Row],[Montant TTC]]-CTS_Source[[#This Row],[Montant Payé]],\"\")","v":""}]
[null,null,null,null,null,null,null,null,null,null,null,null,null,null,null,null,null,null,null,null,{"$f":"IF(CTS_Source[[#This Row],[Montant Payé]]>0,CTS_Source[[#This Row],[Montant TTC]]-CTS_Source[[#This Row],[Montant Payé]],\"\")","v":""}]
[null,null,null,null,null,null,null,null,null,null,null,null,null,null,null,null,null,null,null,null,{"$f":"IF(CTS_Source[[#This Row],[Montant Payé]]>0,CTS_Source[[#This Row],[Montant TTC]]-CTS_Source[[#This Row],[Montant Payé]],\"\")","v":""}]
[null,null,null,null,null,null,null,null,null,null,null,null,null,null,null,null,null,null,null,null,{"$f":"IF(CTS_Source[[#This Row],[Montant Payé]]>0,CTS_Source[[#This Row],[Montant TTC]]-CTS_Source[[#This Row],[Montant Payé]],\"\")","v":""}]
[null,null,null,null,null,null,null,null,null,null,null,null,null,null,null,null,null,null,null,null,{"$f":"IF(CTS_Source[[#This Row],[Montant Payé]]>0,CTS_Source[[#This Row],[Montant TTC]]-CTS_Source[[#This Row],[Montant Payé]],\"\")","v":""}]
[null,null,null,null,null,null,null,null,null,null,null,null,null,null,null,null,null,null,null,null,{"$f":"IF(CTS_Source[[#This Row],[Montant Payé]]>0,CTS_Source[[#This Row],[Montant TTC]]-CTS_Source[[#This Row],[Montant Payé]],\"\")","v":""}]
[null,null,null,null,null,null,null,null,null,null,null,null,null,null,null,null,null,null,null,null,{"$f":"IF(CTS_Source[[#This Row],[Montant Payé]]>0,CTS_Source[[#This Row],[Montant TTC]]-CTS_Source[[#This Row],[Montant Payé]],\"\")","v":""}]
[null,null,null,null,null,null,null,null,null,null,null,null,null,null,null,null,null,null,null,null,{"$f":"IF(CTS_Source[[#This Row],[Montant Payé]]>0,CTS_Source[[#This Row],[Montant TTC]]-CTS_Source[[#This Row],[Montant Payé]],\"\")","v":""}]
[null,null,null,null,null,null,null,null,null,null,null,null,null,null,null,null,null,null,null,null,{"$f":"IF(CTS_Source[[#This Row],[Montant Payé]]>0,CTS_Source[[#This Row],[Montant TTC]]-CTS_Source[[#This Row],[Montant Payé]],\"\")","v":""}]
[null,null,null,null,null,null,null,null,null,null,null,null,null,null,null,null,null,null,null,null,{"$f":"IF(CTS_Source[[#This Row],[Montant Payé]]>0,CTS_Source[[#This Row],[Montant TTC]]-CTS_Source[[#This Row],[Montant Payé]],\"\")","v":""}]
[null,null,null,null,null,null,null,null,null,null,null,null,null,null,null,null,null,null,null,null,{"$f":"IF(CTS_Source[[#This Row],[Montant Payé]]>0,CTS_Source[[#This Row],[Montant TTC]]-CTS_Source[[#This Row],[Montant Payé]],\"\")","v":""}]
[null,null,null,null,null,null,null,null,null,null,null,null,null,null,null,null,null,null,null,null,{"$f":"IF(CTS_Source[[#This Row],[Montant Payé]]>0,CTS_Source[[#This Row],[Montant TTC]]-CTS_Source[[#This Row],[Montant Payé]],\"\")","v":""}]
[null,null,null,null,null,null,null,null,null,null,null,null,null,null,null,null,null,null,null,null,{"$f":"IF(CTS_Source[[#This Row],[Montant Payé]]>0,CTS_Source[[#This Row],[Montant TTC]]-CTS_Source[[#This Row],[Montant Payé]],\"\")","v":""}]
[null,null,null,null,null,null,null,null,null,null,null,null,null,null,null,null,null,null,null,null,{"$f":"IF(CTS_Source[[#This Row],[Montant Payé]]>0,CTS_Source[[#This Row],[Montant TTC]]-CTS_Source[[#This Row],[Montant Payé]],\"\")","v":""}]
[null,null,null,null,null,null,null,null,null,null,null,null,null,null,null,null,null,null,null,null,{"$f":"IF(CTS_Source[[#This Row],[Montant Payé]]>0,CTS_Source[[#This Row],[Montant TTC]]-CTS_Source[[#This Row],[Montant Payé]],\"\")","v":""}]
[null,null,null,null,null,null,null,null,null,null,null,null,null,null,null,null,null,null,null,null,{"$f":"IF(CTS_Source[[#This Row],[Montant Payé]]>0,CTS_Source[[#This Row],[Montant TTC]]-CTS_Source[[#This Row],[Montant Payé]],\"\")","v":""}]
[null,null,null,null,null,null,null,null,null,null,null,null,null,null,null,null,null,null,null,null,{"$f":"IF(CTS_Source[[#This Row],[Montant Payé]]>0,CTS_Source[[#This Row],[Montant TTC]]-CTS_Source[[#This Row],[Montant Payé]],\"\")","v":""}]
[null,null,null,null,null,null,null,null,null,null,null,null,null,null,null,null,null,null,null,null,{"$f":"IF(CTS_Source[[#This Row],[Montant Payé]]>0,CTS_Source[[#This Row],[Montant TTC]]-CTS_Source[[#This Row],[Montant Payé]],\"\")","v":""}]
[null,null,null,null,null,null,null,null,null,null,null,null,null,null,null,null,null,null,null,null,{"$f":"IF(CTS_Source[[#This Row],[Montant Payé]]>0,CTS_Source[[#This Row],[Montant TTC]]-CTS_Source[[#This Row],[Montant Payé]],\"\")","v":""}]
[null,null,null,null,null,null,null,null,null,null,null,null,null,null,null,null,null,null,null,null,{"$f":"IF(CTS_Source[[#This Row],[Montant Payé]]>0,CTS_Source[[#This Row],[Montant TTC]]-CTS_Source[[#This Row],[Montant Payé]],\"\")","v":""}]
[null,null,null,null,null,null,null,null,null,null,null,null,null,null,null,null,null,null,null,null,{"$f":"IF(CTS_Source[[#This Row],[Montant Payé]]>0,CTS_Source[[#This Row],[Montant TTC]]-CTS_Source[[#This Row],[Montant Payé]],\"\")","v":""}]
[null,null,null,null,null,null,null,null,null,null,null,null,null,null,null,null,null,null,null,null,{"$f":"IF(CTS_Source[[#This Row],[Montant Payé]]>0,CTS_Source[[#This Row],[Montant TTC]]-CTS_Source[[#This Row],[Montant Payé]],\"\")","v":""}]

{"sheet":"SAI copie","index":4,"n_rows":48,"n_cols":26,"rows_kept":48,"cut":false,"hidden":true,"merged":[[15,8,15,9],[16,8,16,9],[16,17,18,17],[17,8,17,9],[18,8,18,9],[11,8,11,9],[12,8,12,9],[12,16,12,17],[13,8,13,9],[14,8,14,9],[14,16,14,17],[7,8,7,9],[8,8,8,9],[8,16,8,17],[9,8,9,9],[10,8,10,9],[10,16,10,17],[2,5,2,7],[4,8,4,9],[4,16,4,17],[5,8,5,9],[6,8,6,9],[6,16,6,17]]}
["<","SAISIE",null,"VALIDER",null,null,null,null,null,"Saisir C5-Date, E5-N° Fiche, F5-Client, I5-Tarif Client, I6-Article, L6-Quantité, P5-Remise, U5-Timbre"]
[null,null,null,null,null,null,null,null,null,null,null,null,null,null,null,null,null,null,null,"REPORT"]
[null,null,"Date","2019-04-23","Client"]
[null,null,null,null,null,null,null,null,null,null,null,"Quant. ","P.U. TTC","Mont. TTC"]
[null,null,"N° Fiche","03-002",null,"PP",null,null,{"$f":"IF(ISNA(INDEX(#REF!,MATCH(F5,#REF!,0))),\"\",INDEX(#REF!,MATCH(F5,#REF!,0)))","v":{"$error":"#REF!"}},null,null,12,{"$f":"IF(ISERROR(VLOOKUP($F5,#REF!,8+OFFSET($Z:$Z,MATCH($Z23,$Z:$Z,0)-2,8,1,1),FALSE)),\"\",(VLOOKUP($F5,#REF!,8+OFFSET($Z:$Z,MATCH($Z23,$Z:$Z,0)-2,8,1,1),FALSE)))","v":""},{"$f":"IFERROR(L5*M5,\"\")","v":""},null,"TOTAL",{"$f":"Q22","v":-84.033613445378151},null,"HT"]
[null,null,null,null,null,"PC",null,null,{"$f":"IF(ISNA(INDEX(#REF!,MATCH(F6,#REF!,0))),\"\",INDEX(#REF!,MATCH(F6,#REF!,0)))","v":{"$error":"#REF!"}},null,null,6,{"$f":"IF(ISERROR(VLOOKUP($F6,#REF!,8+OFFSET($Z:$Z,MATCH($Z24,$Z:$Z,0)-2,8,1,1),FALSE)),\"\",(VLOOKUP($F6,#REF!,8+OFFSET($Z:$Z,MATCH($Z24,$Z:$Z,0)-2,8,1,1),FALSE)))","v":""},{"$f":"IFERROR(L6*M6,\"\")","v":""}]
[null,null,{"$f":"IF(D7=1,\"Tarif COMPTOIR\",IF(OR(D7=2),\"Tarif CONVENTION\",IF(OR(D7=3),\"Tarif SPECIAL\",\"\")))","v":""},{"$f":"IFERROR(INDEX(#REF!,MATCH(F3,#REF!,0)),\"\")","v":""},null,"I3",null,null,{"$f":"IF(ISNA(INDEX(#REF!,MATCH(F7,#REF!,0))),\"\",INDEX(#REF!,MATCH(F7,#REF!,0)))","v":{"$error":"#REF!"}},null,null,24,{"$f":"IF(ISERROR(VLOOKUP($F7,#REF!,8+OFFSET($Z:$Z,MATCH($Z25,$Z:$Z,0)-2,8,1,1),FALSE)),\"\",(VLOOKUP($F7,#REF!,8+OFFSET($Z:$Z,MATCH($Z25,$Z:$Z,0)-2,8,1,1),FALSE)))","v":""},"",null,"TOTAL",{"$f":"SUM(N5:N19)","v":0},null,"TTC"]
[null,null,null,null,null,"N4",null,null,{"$f":"IF(ISNA(INDEX(#REF!,MATCH(F8,#REF!,0))),\"\",INDEX(#REF!,MATCH(F8,#REF!,0)))","v":{"$error":"#REF!"}},null,null,36,{"$f":"IF(ISERROR(VLOOKUP($F8,#REF!,8+OFFSET($Z:$Z,MATCH($Z26,$Z:$Z,0)-2,8,1,1),FALSE)),\"\",(VLOOKUP($F8,#REF!,8+OFFSET($Z:$Z,MATCH($Z26,$Z:$Z,0)-2,8,1,1),FALSE)))","v":""},""]
[null,null,null,null,null,"C8",null,null,{"$f":"IF(ISNA(INDEX(#REF!,MATCH(F9,#REF!,0))),\"\",INDEX(#REF!,MATCH(F9,#REF!,0)))","v":{"$error":"#REF!"}},null,null,12,{"$f":"IF(ISERROR(VLOOKUP($F9,#REF!,8+OFFSET($Z:$Z,MATCH($Z27,$Z:$Z,0)-2,8,1,1),FALSE)),\"\",(VLOOKUP($F9,#REF!,8+OFFSET($Z:$Z,MATCH($Z27,$Z:$Z,0)-2,8,1,1),FALSE)))","v":""},"",null,"REMISE",100,null,"DA"]
[null,null,null,null,null,null,null,null,{"$f":"IF(ISNA(INDEX(#REF!,MATCH(F10,#REF!,0))),\"\",INDEX(#REF!,MATCH(F10,#REF!,0)))","v":{"$error":"#REF!"}},null,null,null,{"$f":"IF(ISERROR(VLOOKUP($F10,#REF!,8+OFFSET($Z:$Z,MATCH($Z28,$Z:$Z,0)-2,8,1,1),FALSE)),\"\",(VLOOKUP($F10,#REF!,8+OFFSET($Z:$Z,MATCH($Z28,$Z:$Z,0)-2,8,1,1),FALSE)))","v":""},""]
[null,null,null,null,null,null,null,null,{"$f":"IF(ISNA(INDEX(#REF!,MATCH(F11,#REF!,0))),\"\",INDEX(#REF!,MATCH(F11,#REF!,0)))","v":{"$error":"#REF!"}},null,null,null,{"$f":"IF(ISERROR(VLOOKUP($F11,#REF!,8+OFFSET($Z:$Z,MATCH($Z29,$Z:$Z,0)-2,8,1,1),FALSE)),\"\",(VLOOKUP($F11,#REF!,8+OFFSET($Z:$Z,MATCH($Z29,$Z:$Z,0)-2,8,1,1),FALSE)))","v":""},"",null,"A PAYER",{"$f":"+Q7-Q9","v":-100},null,"DA"]
[null,null,null,null,null,null,null,null,{"$f":"IF(ISNA(INDEX(#REF!,MATCH(F12,#REF!,0))),\"\",INDEX(#REF!,MATCH(F12,#REF!,0)))","v":{"$error":"#REF!"}},null,null,null,{"$f":"IF(ISERROR(VLOOKUP($F12,#REF!,8+OFFSET($Z:$Z,MATCH($Z30,$Z:$Z,0)-2,8,1,1),FALSE)),\"\",(VLOOKUP($F12,#REF!,8+OFFSET($Z:$Z,MATCH($Z30,$Z:$Z,0)-2,8,1,1),FALSE)))","v":""},""]
[null,null,null,null,null,null,null,null,{"$f":"IF(ISNA(INDEX(#REF!,MATCH(F13,#REF!,0))),\"\",INDEX(#REF!,MATCH(F13,#REF!,0)))","v":{"$error":"#REF!"}},null,null,null,{"$f":"IF(ISERROR(VLOOKUP($F13,#REF!,8+OFFSET($Z:$Z,MATCH($Z31,$Z:$Z,0)-2,8,1,1),FALSE)),\"\",(VLOOKUP($F13,#REF!,8+OFFSET($Z:$Z,MATCH($Z31,$Z:$Z,0)-2,8,1,1),FALSE)))","v":""},"",null,"RECU",7000,null,"DA"]
[null,null,null,null,null,null,null,null,{"$f":"IF(ISNA(INDEX(#REF!,MATCH(F14,#REF!,0))),\"\",INDEX(#REF!,MATCH(F14,#REF!,0)))","v":{"$error":"#REF!"}},null,null,null,{"$f":"IF(ISERROR(VLOOKUP($F14,#REF!,8+OFFSET($Z:$Z,MATCH($Z32,$Z:$Z,0)-2,8,1,1),FALSE)),\"\",(VLOOKUP($F14,#REF!,8+OFFSET($Z:$Z,MATCH($Z32,$Z:$Z,0)-2,8,1,1),FALSE)))","v":""},""]
[null,null,null,null,null,null,null,null,{"$f":"IF(ISNA(INDEX(#REF!,MATCH(F15,#REF!,0))),\"\",INDEX(#REF!,MATCH(F15,#REF!,0)))","v":{"$error":"#REF!"}},null,null,null,{"$f":"IF(ISERROR(VLOOKUP($F15,#REF!,8+OFFSET($Z:$Z,MATCH($Z33,$Z:$Z,0)-2,8,1,1),FALSE)),\"\",(VLOOKUP($F15,#REF!,8+OFFSET($Z:$Z,MATCH($Z33,$Z:$Z,0)-2,8,1,1),FALSE)))","v":""},"",null,"REDUE MONNAIE",{"$f":"Q13-Q11","v":7100},null,"DA"]
[null,null,null,null,null,null,null,null,{"$f":"IF(ISNA(INDEX(#REF!,MATCH(F16,#REF!,0))),\"\",INDEX(#REF!,MATCH(F16,#REF!,0)))","v":{"$error":"#REF!"}},null,null,null,{"$f":"IF(ISERROR(VLOOKUP($F16,#REF!,8+OFFSET($Z:$Z,MATCH($Z34,$Z:$Z,0)-2,8,1,1),FALSE)),\"\",(VLOOKUP($F16,#REF!,8+OFFSET($Z:$Z,MATCH($Z34,$Z:$Z,0)-2,8,1,1),FALSE)))","v":""},""]
[null,null,null,null,null,null,null,null,{"$f":"IF(ISNA(INDEX(#REF!,MATCH(F17,#REF!,0))),\"\",INDEX(#REF!,MATCH(F17,#REF!,0)))","v":{"$error":"#REF!"}},null,null,null,{"$f":"IF(ISERROR(VLOOKUP($F17,#REF!,8+OFFSET($Z:$Z,MATCH($Z35,$Z:$Z,0)-2,8,1,1),FALSE)),\"\",(VLOOKUP($F17,#REF!,8+OFFSET($Z:$Z,MATCH($Z35,$Z:$Z,0)-2,8,1,1),FALSE)))","v":""},"",null,null,null,"P"]
[null,null,null,null,null,null,null,null,{"$f":"IF(ISNA(INDEX(#REF!,MATCH(F18,#REF!,0))),\"\",INDEX(#REF!,MATCH(F18,#REF!,0)))","v":{"$error":"#REF!"}},null,null,null,{"$f":"IF(ISERROR(VLOOKUP($F18,#REF!,8+OFFSET($Z:$Z,MATCH($Z36,$Z:$Z,0)-2,8,1,1),FALSE)),\"\",(VLOOKUP($F18,#REF!,8+OFFSET($Z:$Z,MATCH($Z36,$Z:$Z,0)-2,8,1,1),FALSE)))","v":""},""]
[null,null,null,null,null,null,null,null,{"$f":"IF(ISNA(INDEX(#REF!,MATCH(F19,#REF!,0))),\"\",INDEX(#REF!,MATCH(F19,#REF!,0)))","v":{"$error":"#REF!"}},null,null,null,{"$f":"IF(ISERROR(VLOOKUP($F19,#REF!,8+OFFSET($Z:$Z,MATCH($Z37,$Z:$Z,0)-2,8,1,1),FALSE)),\"\",(VLOOKUP($F19,#REF!,8+OFFSET($Z:$Z,MATCH($Z37,$Z:$Z,0)-2,8,1,1),FALSE)))","v":""},""]
[]
["N° Ordre","Mois","Date","Colonne1","N° Fiche","Colonne3","Colonne4","Colonne5","Code Article","Désignation Article","Unité","Colonne2","Prix Unité HT","Montant HT Brut","Remise %","Remise Montant","Montant HT Net","Taux TVA","Montant TVA ","Montant TTC","Timbre","Montant TTC+Timbre","Total Net recherché","Montant HT ","Remise TTC","Indice"]
["P",{"$f":"IF(SAI_20[[#This Row],[Date]]<>\"\",MONTH(SAI_20[[#This Row],[Date]]),B21)","v":4},{"$f":"D3","v":"2019-04-23"},null,{"$f":"D5","v":"03-002"},null,null,null,{"$f":"IFERROR(INDEX(#REF!,MATCH(F:F,#REF!,0)),\"\")","v":""},{"$f":"IF(I22=1,\"Tarif COMPTOIR\",IF(OR(I22=2),\"Tarif CONVENTION\",IF(OR(I22=3),\"Tarif SPECIAL\",\"\")))","v":""},{"$f":"IF(ISNA(INDEX(#REF!,MATCH(I22,#REF!,0))),\"\",INDEX(#REF!,MATCH(I22,#REF!,0)))","v":{"$error":"#REF!"}},{"$f":"L4","v":"Quant. "},null,{"$f":"SUMIF($D23:$D$68,$E22,N23:N$68)","v":0},{"$f":"IFERROR(P22/N22,0)","v":0},{"$f":"Q9/1.19","v":84.033613445378151},{"$f":"IF($N22=\"\",\"\",$N22-$P22)","v":-84.033613445378151},0.19,{"$f":"IFERROR(Q22*R22,\"\")","v":-15.966386554621849},{"$f":"IFERROR(Q22+S22,\"\")","v":-100},{"$f":"T22*0.01","v":-1},{"$f":"IFERROR(T22+U22,\"\")","v":-101},{"$f":"Q11","v":-100},{"$f":"SAI_20[[#This Row],[Montant HT Net]]","v":-84.033613445378151},{"$f":"Q9","v":100},{"$f":"+R17","v":"P"}]
[null,{"$f":"IF(SAI_20[[#This Row],[Date]]<>\"\",MONTH(SAI_20[[#This Row],[Date]]),B22)","v":4},null,{"$f":"IF(E23<>\"\",\"\",IF(D22=\"\",E22,D22))","v":"03-002"},null,null,null,null,{"$f":"F5","v":"PP"},{"$f":"IF(ISNA(INDEX(#REF!,MATCH(I23,#REF!,0))),\"\",INDEX(#REF!,MATCH(I23,#REF!,0)))","v":{"$error":"#REF!"}},{"$f":"IF(ISNA(INDEX(#REF!,MATCH(I23,#REF!,0))),\"\",INDEX(#REF!,MATCH(I23,#REF!,0)))","v":{"$error":"#REF!"}},12,{"$f":"M5/(1+R23)","v":{"$error":"#VALUE!"}},{"$f":"IFERROR(L23*M23,\"\")","v":""},{"$f":"IF(E23<>\"\",\"\",IF(O22=\"\",O22,O22))","v":0},{"$f":"IFERROR($N23*$O23,\"\")","v":""},"",{"$f":"IF(ISNA(INDEX(#REF!,MATCH(I23,#REF!,0))),\"\",INDEX(#REF!,MATCH(I23,#REF!,0)))","v":{"$error":"#REF!"}},{"$f":"IF($Q23=\"\",\"\",$Q23*$R23)","v":""},{"$f":"IF($Q23=\"\",\"\",$Q23+$S23)","v":""},null,"",null,null,null,{"$f":"D23","v":"03-002"}]
[null,{"$f":"IF(SAI_20[[#This Row],[Date]]<>\"\",MONTH(SAI_20[[#This Row],[Date]]),B23)","v":4},null,{"$f":"IF(E24<>\"\",\"\",IF(D23=\"\",E23,D23))","v":"03-002"},null,null,null,null,{"$f":"F6","v":"PC"},{"$f":"IF(ISNA(INDEX(#REF!,MATCH(I24,#REF!,0))),\"\",INDEX(#REF!,MATCH(I24,#REF!,0)))","v":{"$error":"#REF!"}},{"$f":"IF(ISNA(INDEX(#REF!,MATCH(I24,#REF!,0))),\"\",INDEX(#REF!,MATCH(I24,#REF!,0)))","v":{"$error":"#REF!"}},6,{"$f":"M6/(1+R24)","v":{"$error":"#VALUE!"}},{"$f":"IFERROR(L24*M24,\"\")","v":""},{"$f":"IF(E24<>\"\",\"\",IF(O23=\"\",O23,O23))","v":0},{"$f":"IFERROR($N24*$O24,\"\")","v":""},"",{"$f":"IF(ISNA(INDEX(#REF!,MATCH(I24,#REF!,0))),\"\",INDEX(#REF!,MATCH(I24,#REF!,0)))","v":{"$error":"#REF!"}},{"$f":"IF($Q24=\"\",\"\",$Q24*$R24)","v":""},{"$f":"IF($Q24=\"\",\"\",$Q24+$S24)","v":""},null,"",null,null,null,{"$f":"D24","v":"03-002"}]
[null,{"$f":"IF(SAI_20[[#This Row],[Date]]<>\"\",MONTH(SAI_20[[#This Row],[Date]]),B24)","v":4},null,{"$f":"IF(E25<>\"\",\"\",IF(D24=\"\",E24,D24))","v":"03-002"},null,null,null,null,{"$f":"F7","v":"I3"},{"$f":"IF(ISNA(INDEX(#REF!,MATCH(I25,#REF!,0))),\"\",INDEX(#REF!,MATCH(I25,#REF!,0)))","v":{"$error":"#REF!"}},{"$f":"IF(ISNA(INDEX(#REF!,MATCH(I25,#REF!,0))),\"\",INDEX(#REF!,MATCH(I25,#REF!,0)))","v":{"$error":"#REF!"}},24,{"$f":"M7/(1+R25)","v":{"$error":"#VALUE!"}},{"$f":"IFERROR(L25*M25,\"\")","v":""},{"$f":"IF(E25<>\"\",\"\",IF(O24=\"\",O24,O24))","v":0},{"$f":"IFERROR($N25*$O25,\"\")","v":""},"",{"$f":"IF(ISNA(INDEX(#REF!,MATCH(I25,#REF!,0))),\"\",INDEX(#REF!,MATCH(I25,#REF!,0)))","v":{"$error":"#REF!"}},{"$f":"IF($Q25=\"\",\"\",$Q25*$R25)","v":""},{"$f":"IF($Q25=\"\",\"\",$Q25+$S25)","v":""},null,"",null,null,null,{"$f":"D25","v":"03-002"}]
[null,{"$f":"IF(SAI_20[[#This Row],[Date]]<>\"\",MONTH(SAI_20[[#This Row],[Date]]),B25)","v":4},null,{"$f":"IF(E26<>\"\",\"\",IF(D25=\"\",E25,D25))","v":"03-002"},null,null,null,null,{"$f":"F8","v":"N4"},{"$f":"IF(ISNA(INDEX(#REF!,MATCH(I26,#REF!,0))),\"\",INDEX(#REF!,MATCH(I26,#REF!,0)))","v":{"$error":"#REF!"}},{"$f":"IF(ISNA(INDEX(#REF!,MATCH(I26,#REF!,0))),\"\",INDEX(#REF!,MATCH(I26,#REF!,0)))","v":{"$error":"#REF!"}},36,{"$f":"M8/(1+R26)","v":{"$error":"#VALUE!"}},{"$f":"IFERROR(L26*M26,\"\")","v":""},{"$f":"IF(E26<>\"\",\"\",IF(O25=\"\",O25,O25))","v":0},{"$f":"IFERROR($N26*$O26,\"\")","v":""},"",{"$f":"IF(ISNA(INDEX(#REF!,MATCH(I26,#REF!,0))),\"\",INDEX(#REF!,MATCH(I26,#REF!,0)))","v":{"$error":"#REF!"}},{"$f":"IF($Q26=\"\",\"\",$Q26*$R26)","v":""},{"$f":"IF($Q26=\"\",\"\",$Q26+$S26)","v":""},null,"",null,null,null,{"$f":"D26","v":"03-002"}]
[null,{"$f":"IF(SAI_20[[#This Row],[Date]]<>\"\",MONTH(SAI_20[[#This Row],[Date]]),B26)","v":4},null,{"$f":"IF(E27<>\"\",\"\",IF(D26=\"\",E26,D26))","v":"03-002"},null,null,null,null,{"$f":"F9","v":"C8"},{"$f":"IF(ISNA(INDEX(#REF!,MATCH(I27,#REF!,0))),\"\",INDEX(#REF!,MATCH(I27,#REF!,0)))","v":{"$error":"#REF!"}},{"$f":"IF(ISNA(INDEX(#REF!,MATCH(I27,#REF!,0))),\"\",INDEX(#REF!,MATCH(I27,#REF!,0)))","v":{"$error":"#REF!"}},12,{"$f":"M9/(1+R27)","v":{"$error":"#VALUE!"}},{"$f":"IFERROR(L27*M27,\"\")","v":""},{"$f":"IF(E27<>\"\",\"\",IF(O26=\"\",O26,O26))","v":0},{"$f":"IFERROR($N27*$O27,\"\")","v":""},"",{"$f":"IF(ISNA(INDEX(#REF!,MATCH(I27,#REF!,0))),\"\",INDEX(#REF!,MATCH(I27,#REF!,0)))","v":{"$error":"#REF!"}},{"$f":"IF($Q27=\"\",\"\",$Q27*$R27)","v":""},{"$f":"IF($Q27=\"\",\"\",$Q27+$S27)","v":""},null,"",null,null,null,{"$f":"D27","v":"03-002"}]
[null,null,null,null,null,null,null,null,null,null,null,null,null,null,null,null,"",{"$f":"IF(ISNA(INDEX(#REF!,MATCH(I28,#REF!,0))),\"\",INDEX(#REF!,MATCH(I28,#REF!,0)))","v":{"$error":"#REF!"}}]
[null,null,null,null,null,null,null,null,null,null,null,null,null,null,null,null,"",{"$f":"IF(ISNA(INDEX(#REF!,MATCH(I29,#REF!,0))),\"\",INDEX(#REF!,MATCH(I29,#REF!,0)))","v":{"$error":"#REF!"}}]
[null,null,null,null,null,null,null,null,null,null,null,null,null,null,null,null,"",{"$f":"IF(ISNA(INDEX(#REF!,MATCH(I30,#REF!,0))),\"\",INDEX(#REF!,MATCH(I30,#REF!,0)))","v":{"$error":"#REF!"}}]
[null,null,null,null,null,null,null,null,null,null,null,null,null,null,null,null,"",{"$f":"IF(ISNA(INDEX(#REF!,MATCH(I31,#REF!,0))),\"\",INDEX(#REF!,MATCH(I31,#REF!,0)))","v":{"$error":"#REF!"}}]
[null,null,null,null,null,null,null,null,null,null,null,null,null,null,null,null,"",{"$f":"IF(ISNA(INDEX(#REF!,MATCH(I32,#REF!,0))),\"\",INDEX(#REF!,MATCH(I32,#REF!,0)))","v":{"$error":"#REF!"}}]
[null,null,null,null,null,null,null,null,null,null,null,null,null,null,null,null,"",{"$f":"IF(ISNA(INDEX(#REF!,MATCH(I33,#REF!,0))),\"\",INDEX(#REF!,MATCH(I33,#REF!,0)))","v":{"$error":"#REF!"}}]
[null,null,null,null,null,null,null,null,null,null,null,null,null,null,null,null,"",{"$f":"IF(ISNA(INDEX(#REF!,MATCH(I34,#REF!,0))),\"\",INDEX(#REF!,MATCH(I34,#REF!,0)))","v":{"$error":"#REF!"}}]
[null,null,null,null,null,null,null,null,null,null,null,null,null,null,null,null,"",{"$f":"IF(ISNA(INDEX(#REF!,MATCH(I35,#REF!,0))),\"\",INDEX(#REF!,MATCH(I35,#REF!,0)))","v":{"$error":"#REF!"}}]
[null,null,null,null,null,null,null,null,null,null,null,null,null,null,null,null,"",{"$f":"IF(ISNA(INDEX(#REF!,MATCH(I36,#REF!,0))),\"\",INDEX(#REF!,MATCH(I36,#REF!,0)))","v":{"$error":"#REF!"}}]
[null,null,null,null,null,null,null,null,null,null,null,null,null,null,null,null,"",{"$f":"IF(ISNA(INDEX(#REF!,MATCH(I37,#REF!,0))),\"\",INDEX(#REF!,MATCH(I37,#REF!,0)))","v":{"$error":"#REF!"}}]
[null,null,null,null,null,null,null,null,null,null,null,null,null,null,null,null,"",{"$f":"IF(ISNA(INDEX(#REF!,MATCH(I38,#REF!,0))),\"\",INDEX(#REF!,MATCH(I38,#REF!,0)))","v":{"$error":"#REF!"}}]
[null,null,null,null,null,null,null,null,null,null,null,null,null,null,null,null,"",{"$f":"IF(ISNA(INDEX(#REF!,MATCH(I39,#REF!,0))),\"\",INDEX(#REF!,MATCH(I39,#REF!,0)))","v":{"$error":"#REF!"}}]
[null,null,null,null,null,null,null,null,null,null,null,null,null,null,null,null,"",{"$f":"IF(ISNA(INDEX(#REF!,MATCH(I40,#REF!,0))),\"\",INDEX(#REF!,MATCH(I40,#REF!,0)))","v":{"$error":"#REF!"}}]
[null,null,null,null,null,null,null,null,null,null,null,null,null,null,null,null,"",{"$f":"IF(ISNA(INDEX(#REF!,MATCH(I41,#REF!,0))),\"\",INDEX(#REF!,MATCH(I41,#REF!,0)))","v":{"$error":"#REF!"}}]
[null,null,null,null,null,null,null,null,null,null,null,null,null,null,null,null,"",{"$f":"IF(ISNA(INDEX(#REF!,MATCH(I42,#REF!,0))),\"\",INDEX(#REF!,MATCH(I42,#REF!,0)))","v":{"$error":"#REF!"}}]
[null,null,null,null,null,null,null,null,null,null,null,null,null,null,null,null,"",{"$f":"IF(ISNA(INDEX(#REF!,MATCH(I43,#REF!,0))),\"\",INDEX(#REF!,MATCH(I43,#REF!,0)))","v":{"$error":"#REF!"}}]
[null,null,null,null,null,null,null,null,null,null,null,null,null,null,null,null,"",{"$f":"IF(ISNA(INDEX(#REF!,MATCH(I44,#REF!,0))),\"\",INDEX(#REF!,MATCH(I44,#REF!,0)))","v":{"$error":"#REF!"}}]
[null,null,null,null,null,null,null,null,null,null,null,null,null,null,null,null,"",{"$f":"IF(ISNA(INDEX(#REF!,MATCH(I45,#REF!,0))),\"\",INDEX(#REF!,MATCH(I45,#REF!,0)))","v":{"$error":"#REF!"}}]
[null,null,null,null,null,null,null,null,null,null,null,null,null,null,null,null,"",{"$f":"IF(ISNA(INDEX(#REF!,MATCH(I46,#REF!,0))),\"\",INDEX(#REF!,MATCH(I46,#REF!,0)))","v":{"$error":"#REF!"}}]
[null,null,null,null,null,null,null,null,null,null,null,null,null,null,null,null,"",{"$f":"IF(ISNA(INDEX(#REF!,MATCH(I47,#REF!,0))),\"\",INDEX(#REF!,MATCH(I47,#REF!,0)))","v":{"$error":"#REF!"}}]
[null,null,null,null,null,null,null,null,null,null,null,null,null,null,null,null,"",{"$f":"IF(ISNA(INDEX(#REF!,MATCH(I48,#REF!,0))),\"\",INDEX(#REF!,MATCH(I48,#REF!,0)))","v":{"$error":"#REF!"}},null,null,null,null,{"$f":"Q37","v":""}]

{"sheet":"CTR","index":5,"n_rows":1408,"n_cols":33,"rows_kept":1408,"cut":false,"hidden":true,"merged":[]}
["◄","▼","▲",null,null,null,{"$f":"SUM(G6:G99999)","v":1622346.417694865},{"$f":"SUM(H6:H99999)","v":24.727509667016719},381.19907563020206,1629321.521140242,295247.370613284,1938082.6941905017,16026.031309505834,1930761.3843000077,"P",{"$f":"SUMIF(O:O,\"P\",N:N)-N1","v":1722739.2900000049}]
[null,null,null,null,null,null,"01","02","03","04","05","06",null,null,"C",{"$f":"SUMIF(O:O,\"C\",N:N)","v":81783.638000000457}]
[null,"RECAP.",null,null,null,null,"07","08","09","10","11","12",null,null,"I",{"$f":"SUMIF(O:O,\"I\",N:N)","v":91718.397999999986}]
[null,null,null,null,null,null,null,null,null,null,null,null,null,null,"F",{"$f":"SUMIF(O:O,\"F\",N:N)","v":34520.05830000055}]
["N° Ordre","Jour","Mois","Date","N° Fiche","Client","Montant     HT Brut","Taux   Remise      ","Montant Remise ","Montant     HT Net","TVA    ","Montant    TTC","Remise","Montant      Payé","Etat","Obs.","Colonne1","Colonne2","Colonne3",null,null,1,2,3,4,5,6,7,8,9,10,11,12]
[1,{"$f":"IFERROR(DAY(CTR[[#This Row],[Date]]),\"\")","v":3},{"$f":"IFERROR(MONTH(CTR[[#This Row],[Date]]),\"\")","v":1},{"$f":"IF(ISNA(INDEX(CTS!C:C,MATCH(E6,CTS!$E:$E,0))),\"\",(INDEX(CTS!C:C,MATCH(E6,CTS!$E:$E,0))))","v":44199},"01-001",{"$f":"IF(ISNA(INDEX(CTS!$F:$F,MATCH(E6,CTS!$E:$E,0))),\"\",(INDEX(CTS!$F:$F,MATCH(E6,CTS!$E:$E,0))))","v":"CLIENT"},{"$f":"IF(ISNA(INDEX(CTS!$N:$N,MATCH(E6,CTS!$E:$E,0))),\"\",(INDEX(CTS!$N:$N,MATCH(E6,CTS!$E:$E,0))))","v":1411.7647058823529},{"$f":"IF(ISNA(INDEX(CTS!$O:$O,MATCH(E6,CTS!$E:$E,0))),\"\",(INDEX(CTS!$O:$O,MATCH(E6,CTS!$E:$E,0))))","v":0},{"$f":"IF(ISNA(INDEX(CTS!$P:$P,MATCH(E6,CTS!$E:$E,0))),\"\",(INDEX(CTS!$P:$P,MATCH(E6,CTS!$E:$E,0))))","v":0},{"$f":"IF(ISNA(INDEX(CTS!$Q:$Q,MATCH(E6,CTS!$E:$E,0))),\"\",(INDEX(CTS!$Q:$Q,MATCH(E6,CTS!$E:$E,0))))","v":1411.7647058823529},{"$f":"IF(ISNA(INDEX(CTS!$S:$S,MATCH(E6,CTS!$E:$E,0))),\"\",(INDEX(CTS!$S:$S,MATCH(E6,CTS!$E:$E,0))))","v":268.23529411764707},{"$f":"IF(ISNA(INDEX(CTS!$T:$T,MATCH(E6,CTS!$E:$E,0))),\"\",(INDEX(CTS!$T:$T,MATCH(E6,CTS!$E:$E,0))))","v":1680},{"$f":"IF(ISNA(INDEX(CTS!$U:$U,MATCH(E6,CTS!$E:$E,0))),\"\",(INDEX(CTS!$U:$U,MATCH(E6,CTS!$E:$E,0))))","v":0},{"$f":"IF(ISNA(INDEX(CTS!$V:$V,MATCH(E6,CTS!$E:$E,0))),\"\",(INDEX(CTS!$V:$V,MATCH(E6,CTS!$E:$E,0))))","v":1680},{"$f":"IFERROR(INDEX(CTS!$A:$A,MATCH(E6,CTS!$E:$E,0)),\".\")","v":"P"},{"$f":"IFERROR(IFERROR(INDEX(#REF!,MATCH(E6,#REF!,0)),IFERROR(INDEX(#REF!,MATCH(E6,#REF!,0)),INDEX(#REF!,MATCH(E6,#REF!,0)) )),\".\")","v":"."},null,{"$f":"IFERROR(VLOOKUP(E6,#REF!,8,FALSE),IFERROR(VLOOKUP(E6,#REF!,8,FALSE),IFERROR(VLOOKUP(E6,#REF!,8,FALSE),\"\")))","v":""},{"$f":"IFERROR(TEXT(P6,\"mm\") & \"-\" & TEXT(P6,\"aaaa\"),\"\")","v":".-."},null,1,{"$f":"SUMIFS($L6:$L$99999,$B6:$B$99999,$U6,$C6:$C$99999,V$5)","v":0},{"$f":"SUMIFS($L6:$L$99999,$B6:$B$99999,$U6,$C6:$C$99999,W$5)","v":20870}]
[2,{"$f":"IFERROR(DAY(CTR[[#This Row],[Date]]),\"\")","v":3},{"$f":"IFERROR(MONTH(CTR[[#This Row],[Date]]),\"\")","v":1},{"$f":"IF(ISNA(INDEX(CTS!C:C,MATCH(E7,CTS!$E:$E,0))),\"\",(INDEX(CTS!C:C,MATCH(E7,CTS!$E:$E,0))))","v":44199},"01-002",{"$f":"IF(ISNA(INDEX(CTS!$F:$F,MATCH(E7,CTS!$E:$E,0))),\"\",(INDEX(CTS!$F:$F,MATCH(E7,CTS!$E:$E,0))))","v":"CLIENT"},{"$f":"IF(ISNA(INDEX(CTS!$N:$N,MATCH(E7,CTS!$E:$E,0))),\"\",(INDEX(CTS!$N:$N,MATCH(E7,CTS!$E:$E,0))))","v":201.68067226890759},{"$f":"IF(ISNA(INDEX(CTS!$O:$O,MATCH(E7,CTS!$E:$E,0))),\"\",(INDEX(CTS!$O:$O,MATCH(E7,CTS!$E:$E,0))))","v":0},{"$f":"IF(ISNA(INDEX(CTS!$P:$P,MATCH(E7,CTS!$E:$E,0))),\"\",(INDEX(CTS!$P:$P,MATCH(E7,CTS!$E:$E,0))))","v":0},{"$f":"IF(ISNA(INDEX(CTS!$Q:$Q,MATCH(E7,CTS!$E:$E,0))),\"\",(INDEX(CTS!$Q:$Q,MATCH(E7,CTS!$E:$E,0))))","v":201.68067226890759},{"$f":"IF(ISNA(INDEX(CTS!$S:$S,MATCH(E7,CTS!$E:$E,0))),\"\",(INDEX(CTS!$S:$S,MATCH(E7,CTS!$E:$E,0))))","v":38.319327731092443},{"$f":"IF(ISNA(INDEX(CTS!$T:$T,MATCH(E7,CTS!$E:$E,0))),\"\",(INDEX(CTS!$T:$T,MATCH(E7,CTS!$E:$E,0))))","v":240.00000000000003},{"$f":"IF(ISNA(INDEX(CTS!$U:$U,MATCH(E7,CTS!$E:$E,0))),\"\",(INDEX(CTS!$U:$U,MATCH(E7,CTS!$E:$E,0))))","v":0},{"$f":"IF(ISNA(INDEX(CTS!$V:$V,MATCH(E7,CTS!$E:$E,0))),\"\",(INDEX(CTS!$V:$V,MATCH(E7,CTS!$E:$E,0))))","v":240.00000000000003},{"$f":"IFERROR(INDEX(CTS!$A:$A,MATCH(E7,CTS!$E:$E,0)),\".\")","v":"P"},{"$f":"IFERROR(IFERROR(INDEX(#REF!,MATCH(E7,#REF!,0)),IFERROR(INDEX(#REF!,MATCH(E7,#REF!,0)),INDEX(#REF!,MATCH(E7,#REF!,0)) )),\".\")","v":"."},null,{"$f":"IFERROR(VLOOKUP(E7,#REF!,8,FALSE),IFERROR(VLOOKUP(E7,#REF!,8,FALSE),IFERROR(VLOOKUP(E7,#REF!,8,FALSE),\"\")))","v":""},".-.",null,2,{"$f":"SUMIFS($L7:$L$99999,$B7:$B$99999,$U7,$C7:$C$99999,V$5)","v":0},{"$f":"SUMIFS($L7:$L$99999,$B7:$B$99999,$U7,$C7:$C$99999,W$5)","v":19407}]
[3,{"$f":"IFERROR(DAY(CTR[[#This Row],[Date]]),\"\")","v":3},{"$f":"IFERROR(MONTH(CTR[[#This Row],[Date]]),\"\")","v":1},{"$f":"IF(ISNA(INDEX(CTS!C:C,MATCH(E8,CTS!$E:$E,0))),\"\",(INDEX(CTS!C:C,MATCH(E8,CTS!$E:$E,0))))","v":44199},"01-003",{"$f":"IF(ISNA(INDEX(CTS!$F:$F,MATCH(E8,CTS!$E:$E,0))),\"\",(INDEX(CTS!$F:$F,MATCH(E8,CTS!$E:$E,0))))","v":"CLIENT"},{"$f":"IF(ISNA(INDEX(CTS!$N:$N,MATCH(E8,CTS!$E:$E,0))),\"\",(INDEX(CTS!$N:$N,MATCH(E8,CTS!$E:$E,0))))","v":239.49579831932775},{"$f":"IF(ISNA(INDEX(CTS!$O:$O,MATCH(E8,CTS!$E:$E,0))),\"\",(INDEX(CTS!$O:$O,MATCH(E8,CTS!$E:$E,0))))","v":0},{"$f":"IF(ISNA(INDEX(CTS!$P:$P,MATCH(E8,CTS!$E:$E,0))),\"\",(INDEX(CTS!$P:$P,MATCH(E8,CTS!$E:$E,0))))","v":0},{"$f":"IF(ISNA(INDEX(CTS!$Q:$Q,MATCH(E8,CTS!$E:$E,0))),\"\",(INDEX(CTS!$Q:$Q,MATCH(E8,CTS!$E:$E,0))))","v":239.49579831932775},{"$f":"IF(ISNA(INDEX(CTS!$S:$S,MATCH(E8,CTS!$E:$E,0))),\"\",(INDEX(CTS!$S:$S,MATCH(E8,CTS!$E:$E,0))))","v":45.504201680672274},{"$f":"IF(ISNA(INDEX(CTS!$T:$T,MATCH(E8,CTS!$E:$E,0))),\"\",(INDEX(CTS!$T:$T,MATCH(E8,CTS!$E:$E,0))))","v":285},{"$f":"IF(ISNA(INDEX(CTS!$U:$U,MATCH(E8,CTS!$E:$E,0))),\"\",(INDEX(CTS!$U:$U,MATCH(E8,CTS!$E:$E,0))))","v":0},{"$f":"IF(ISNA(INDEX(CTS!$V:$V,MATCH(E8,CTS!$E:$E,0))),\"\",(INDEX(CTS!$V:$V,MATCH(E8,CTS!$E:$E,0))))","v":285},{"$f":"IFERROR(INDEX(CTS!$A:$A,MATCH(E8,CTS!$E:$E,0)),\".\")","v":"P"},{"$f":"IFERROR(IFERROR(INDEX(#REF!,MATCH(E8,#REF!,0)),IFERROR(INDEX(#REF!,MATCH(E8,#REF!,0)),INDEX(#REF!,MATCH(E8,#REF!,0)) )),\".\")","v":"."},null,{"$f":"IFERROR(VLOOKUP(E8,#REF!,8,FALSE),IFERROR(VLOOKUP(E8,#REF!,8,FALSE),IFERROR(VLOOKUP(E8,#REF!,8,FALSE),\"\")))","v":""},".-.",null,3,{"$f":"SUMIFS($L8:$L$99999,$B8:$B$99999,$U8,$C8:$C$99999,V$5)","v":18944},{"$f":"SUMIFS($L8:$L$99999,$B8:$B$99999,$U8,$C8:$C$99999,W$5)","v":19794.000000000553}]
[4,{"$f":"IFERROR(DAY(CTR[[#This Row],[Date]]),\"\")","v":3},{"$f":"IFERROR(MONTH(CTR[[#This Row],[Date]]),\"\")","v":1},{"$f":"IF(ISNA(INDEX(CTS!C:C,MATCH(E9,CTS!$E:$E,0))),\"\",(INDEX(CTS!C:C,MATCH(E9,CTS!$E:$E,0))))","v":44199},"01-004",{"$f":"IF(ISNA(INDEX(CTS!$F:$F,MATCH(E9,CTS!$E:$E,0))),\"\",(INDEX(CTS!$F:$F,MATCH(E9,CTS!$E:$E,0))))","v":"CLIENT"},{"$f":"IF(ISNA(INDEX(CTS!$N:$N,MATCH(E9,CTS!$E:$E,0))),\"\",(INDEX(CTS!$N:$N,MATCH(E9,CTS!$E:$E,0))))","v":252.10084033613447},{"$f":"IF(ISNA(INDEX(CTS!$O:$O,MATCH(E9,CTS!$E:$E,0))),\"\",(INDEX(CTS!$O:$O,MATCH(E9,CTS!$E:$E,0))))","v":0},{"$f":"IF(ISNA(INDEX(CTS!$P:$P,MATCH(E9,CTS!$E:$E,0))),\"\",(INDEX(CTS!$P:$P,MATCH(E9,CTS!$E:$E,0))))","v":0},{"$f":"IF(ISNA(INDEX(CTS!$Q:$Q,MATCH(E9,CTS!$E:$E,0))),\"\",(INDEX(CTS!$Q:$Q,MATCH(E9,CTS!$E:$E,0))))","v":252.10084033613447},{"$f":"IF(ISNA(INDEX(CTS!$S:$S,MATCH(E9,CTS!$E:$E,0))),\"\",(INDEX(CTS!$S:$S,MATCH(E9,CTS!$E:$E,0))))","v":47.899159663865547},{"$f":"IF(ISNA(INDEX(CTS!$T:$T,MATCH(E9,CTS!$E:$E,0))),\"\",(INDEX(CTS!$T:$T,MATCH(E9,CTS!$E:$E,0))))","v":300},{"$f":"IF(ISNA(INDEX(CTS!$U:$U,MATCH(E9,CTS!$E:$E,0))),\"\",(INDEX(CTS!$U:$U,MATCH(E9,CTS!$E:$E,0))))","v":0},{"$f":"IF(ISNA(INDEX(CTS!$V:$V,MATCH(E9,CTS!$E:$E,0))),\"\",(INDEX(CTS!$V:$V,MATCH(E9,CTS!$E:$E,0))))","v":300},{"$f":"IFERROR(INDEX(CTS!$A:$A,MATCH(E9,CTS!$E:$E,0)),\".\")","v":"P"},{"$f":"IFERROR(IFERROR(INDEX(#REF!,MATCH(E9,#REF!,0)),IFERROR(INDEX(#REF!,MATCH(E9,#REF!,0)),INDEX(#REF!,MATCH(E9,#REF!,0)) )),\".\")","v":"."},null,{"$f":"IFERROR(VLOOKUP(E9,#REF!,8,FALSE),IFERROR(VLOOKUP(E9,#REF!,8,FALSE),IFERROR(VLOOKUP(E9,#REF!,8,FALSE),\"\")))","v":""},".-.",null,4,{"$f":"SUMIFS($L9:$L$99999,$B9:$B$99999,$U9,$C9:$C$99999,V$5)","v":23744},{"$f":"SUMIFS($L9:$L$99999,$B9:$B$99999,$U9,$C9:$C$99999,W$5)","v":67754.304000000004}]
[5,{"$f":"IFERROR(DAY(CTR[[#This Row],[Date]]),\"\")","v":3},{"$f":"IFERROR(MONTH(CTR[[#This Row],[Date]]),\"\")","v":1},{"$f":"IF(ISNA(INDEX(CTS!C:C,MATCH(E10,CTS!$E:$E,0))),\"\",(INDEX(CTS!C:C,MATCH(E10,CTS!$E:$E,0))))","v":44199},"01-005",{"$f":"IF(ISNA(INDEX(CTS!$F:$F,MATCH(E10,CTS!$E:$E,0))),\"\",(INDEX(CTS!$F:$F,MATCH(E10,CTS!$E:$E,0))))","v":"CLIENT"},{"$f":"IF(ISNA(INDEX(CTS!$N:$N,MATCH(E10,CTS!$E:$E,0))),\"\",(INDEX(CTS!$N:$N,MATCH(E10,CTS!$E:$E,0))))","v":242.0168067226891},{"$f":"IF(ISNA(INDEX(CTS!$O:$O,MATCH(E10,CTS!$E:$E,0))),\"\",(INDEX(CTS!$O:$O,MATCH(E10,CTS!$E:$E,0))))","v":0},{"$f":"IF(ISNA(INDEX(CTS!$P:$P,MATCH(E10,CTS!$E:$E,0))),\"\",(INDEX(CTS!$P:$P,MATCH(E10,CTS!$E:$E,0))))","v":0},{"$f":"IF(ISNA(INDEX(CTS!$Q:$Q,MATCH(E10,CTS!$E:$E,0))),\"\",(INDEX(CTS!$Q:$Q,MATCH(E10,CTS!$E:$E,0))))","v":242.0168067226891},{"$f":"IF(ISNA(INDEX(CTS!$S:$S,MATCH(E10,CTS!$E:$E,0))),\"\",(INDEX(CTS!$S:$S,MATCH(E10,CTS!$E:$E,0))))","v":45.983193277310932},{"$f":"IF(ISNA(INDEX(CTS!$T:$T,MATCH(E10,CTS!$E:$E,0))),\"\",(INDEX(CTS!$T:$T,MATCH(E10,CTS!$E:$E,0))))","v":288},{"$f":"IF(ISNA(INDEX(CTS!$U:$U,MATCH(E10,CTS!$E:$E,0))),\"\",(INDEX(CTS!$U:$U,MATCH(E10,CTS!$E:$E,0))))","v":8},{"$f":"IF(ISNA(INDEX(CTS!$V:$V,MATCH(E10,CTS!$E:$E,0))),\"\",(INDEX(CTS!$V:$V,MATCH(E10,CTS!$E:$E,0))))","v":280},{"$f":"IFERROR(INDEX(CTS!$A:$A,MATCH(E10,CTS!$E:$E,0)),\".\")","v":"P"},{"$f":"IFERROR(IFERROR(INDEX(#REF!,MATCH(E10,#REF!,0)),IFERROR(INDEX(#REF!,MATCH(E10,#REF!,0)),INDEX(#REF!,MATCH(E10,#REF!,0)) )),\".\")","v":"."},null,{"$f":"IFERROR(VLOOKUP(E10,#REF!,8,FALSE),IFERROR(VLOOKUP(E10,#REF!,8,FALSE),IFERROR(VLOOKUP(E10,#REF!,8,FALSE),\"\")))","v":""},".-.",null,5,{"$f":"SUMIFS($L10:$L$99999,$B10:$B$99999,$U10,$C10:$C$99999,V$5)","v":30602},{"$f":"SUMIFS($L10:$L$99999,$B10:$B$99999,$U10,$C10:$C$99999,W$5)","v":0}]
[6,{"$f":"IFERROR(DAY(CTR[[#This Row],[Date]]),\"\")","v":3},{"$f":"IFERROR(MONTH(CTR[[#This Row],[Date]]),\"\")","v":1},{"$f":"IF(ISNA(INDEX(CTS!C:C,MATCH(E11,CTS!$E:$E,0))),\"\",(INDEX(CTS!C:C,MATCH(E11,CTS!$E:$E,0))))","v":44199},"01-006",{"$f":"IF(ISNA(INDEX(CTS!$F:$F,MATCH(E11,CTS!$E:$E,0))),\"\",(INDEX(CTS!$F:$F,MATCH(E11,CTS!$E:$E,0))))","v":"CLIENT"},{"$f":"IF(ISNA(INDEX(CTS!$N:$N,MATCH(E11,CTS!$E:$E,0))),\"\",(INDEX(CTS!$N:$N,MATCH(E11,CTS!$E:$E,0))))","v":67.226890756302524},{"$f":"IF(ISNA(INDEX(CTS!$O:$O,MATCH(E11,CTS!$E:$E,0))),\"\",(INDEX(CTS!$O:$O,MATCH(E11,CTS!$E:$E,0))))","v":0},{"$f":"IF(ISNA(INDEX(CTS!$P:$P,MATCH(E11,CTS!$E:$E,0))),\"\",(INDEX(CTS!$P:$P,MATCH(E11,CTS!$E:$E,0))))","v":0},{"$f":"IF(ISNA(INDEX(CTS!$Q:$Q,MATCH(E11,CTS!$E:$E,0))),\"\",(INDEX(CTS!$Q:$Q,MATCH(E11,CTS!$E:$E,0))))","v":67.226890756302524},{"$f":"IF(ISNA(INDEX(CTS!$S:$S,MATCH(E11,CTS!$E:$E,0))),\"\",(INDEX(CTS!$S:$S,MATCH(E11,CTS!$E:$E,0))))","v":12.77310924369748},{"$f":"IF(ISNA(INDEX(CTS!$T:$T,MATCH(E11,CTS!$E:$E,0))),\"\",(INDEX(CTS!$T:$T,MATCH(E11,CTS!$E:$E,0))))","v":80},{"$f":"IF(ISNA(INDEX(CTS!$U:$U,MATCH(E11,CTS!$E:$E,0))),\"\",(INDEX(CTS!$U:$U,MATCH(E11,CTS!$E:$E,0))))","v":0},{"$f":"IF(ISNA(INDEX(CTS!$V:$V,MATCH(E11,CTS!$E:$E,0))),\"\",(INDEX(CTS!$V:$V,MATCH(E11,CTS!$E:$E,0))))","v":80},{"$f":"IFERROR(INDEX(CTS!$A:$A,MATCH(E11,CTS!$E:$E,0)),\".\")","v":"P"},{"$f":"IFERROR(IFERROR(INDEX(#REF!,MATCH(E11,#REF!,0)),IFERROR(INDEX(#REF!,MATCH(E11,#REF!,0)),INDEX(#REF!,MATCH(E11,#REF!,0)) )),\".\")","v":"."},null,{"$f":"IFERROR(VLOOKUP(E11,#REF!,8,FALSE),IFERROR(VLOOKUP(E11,#REF!,8,FALSE),IFERROR(VLOOKUP(E11,#REF!,8,FALSE),\"\")))","v":""},".-.",null,6,{"$f":"SUMIFS($L11:$L$99999,$B11:$B$99999,$U11,$C11:$C$99999,V$5)","v":32635},{"$f":"SUMIFS($L11:$L$99999,$B11:$B$99999,$U11,$C11:$C$99999,W$5)","v":0}]
[7,{"$f":"IFERROR(DAY(CTR[[#This Row],[Date]]),\"\")","v":3},{"$f":"IFERROR(MONTH(CTR[[#This Row],[Date]]),\"\")","v":1},{"$f":"IF(ISNA(INDEX(CTS!C:C,MATCH(E12,CTS!$E:$E,0))),\"\",(INDEX(CTS!C:C,MATCH(E12,CTS!$E:$E,0))))","v":44199},"01-007",{"$f":"IF(ISNA(INDEX(CTS!$F:$F,MATCH(E12,CTS!$E:$E,0))),\"\",(INDEX(CTS!$F:$F,MATCH(E12,CTS!$E:$E,0))))","v":"CLIENT"},{"$f":"IF(ISNA(INDEX(CTS!$N:$N,MATCH(E12,CTS!$E:$E,0))),\"\",(INDEX(CTS!$N:$N,MATCH(E12,CTS!$E:$E,0))))","v":2988.2352941176473},{"$f":"IF(ISNA(INDEX(CTS!$O:$O,MATCH(E12,CTS!$E:$E,0))),\"\",(INDEX(CTS!$O:$O,MATCH(E12,CTS!$E:$E,0))))","v":0},{"$f":"IF(ISNA(INDEX(CTS!$P:$P,MATCH(E12,CTS!$E:$E,0))),\"\",(INDEX(CTS!$P:$P,MATCH(E12,CTS!$E:$E,0))))","v":0},{"$f":"IF(ISNA(INDEX(CTS!$Q:$Q,MATCH(E12,CTS!$E:$E,0))),\"\",(INDEX(CTS!$Q:$Q,MATCH(E12,CTS!$E:$E,0))))","v":2988.2352941176473},{"$f":"IF(ISNA(INDEX(CTS!$S:$S,MATCH(E12,CTS!$E:$E,0))),\"\",(INDEX(CTS!$S:$S,MATCH(E12,CTS!$E:$E,0))))","v":567.76470588235293},{"$f":"IF(ISNA(INDEX(CTS!$T:$T,MATCH(E12,CTS!$E:$E,0))),\"\",(INDEX(CTS!$T:$T,MATCH(E12,CTS!$E:$E,0))))","v":3556},{"$f":"IF(ISNA(INDEX(CTS!$U:$U,MATCH(E12,CTS!$E:$E,0))),\"\",(INDEX(CTS!$U:$U,MATCH(E12,CTS!$E:$E,0))))","v":6},{"$f":"IF(ISNA(INDEX(CTS!$V:$V,MATCH(E12,CTS!$E:$E,0))),\"\",(INDEX(CTS!$V:$V,MATCH(E12,CTS!$E:$E,0))))","v":3550},{"$f":"IFERROR(INDEX(CTS!$A:$A,MATCH(E12,CTS!$E:$E,0)),\".\")","v":"P"},{"$f":"IFERROR(IFERROR(INDEX(#REF!,MATCH(E12,#REF!,0)),IFERROR(INDEX(#REF!,MATCH(E12,#REF!,0)),INDEX(#REF!,MATCH(E12,#REF!,0)) )),\".\")","v":"."},null,{"$f":"IFERROR(VLOOKUP(E12,#REF!,8,FALSE),IFERROR(VLOOKUP(E12,#REF!,8,FALSE),IFERROR(VLOOKUP(E12,#REF!,8,FALSE),\"\")))","v":""},".-.",null,7,{"$f":"SUMIFS($L12:$L$99999,$B12:$B$99999,$U12,$C12:$C$99999,V$5)","v":33436},{"$f":"SUMIFS($L12:$L$99999,$B12:$B$99999,$U12,$C12:$C$99999,W$5)","v":12355}]
[8,{"$f":"IFERROR(DAY(CTR[[#This Row],[Date]]),\"\")","v":3},{"$f":"IFERROR(MONTH(CTR[[#This Row],[Date]]),\"\")","v":1},{"$f":"IF(ISNA(INDEX(CTS!C:C,MATCH(E13,CTS!$E:$E,0))),\"\",(INDEX(CTS!C:C,MATCH(E13,CTS!$E:$E,0))))","v":44199},"01-008",{"$f":"IF(ISNA(INDEX(CTS!$F:$F,MATCH(E13,CTS!$E:$E,0))),\"\",(INDEX(CTS!$F:$F,MATCH(E13,CTS!$E:$E,0))))","v":"CLIENT"},{"$f":"IF(ISNA(INDEX(CTS!$N:$N,MATCH(E13,CTS!$E:$E,0))),\"\",(INDEX(CTS!$N:$N,MATCH(E13,CTS!$E:$E,0))))","v":2909.2436974789921},{"$f":"IF(ISNA(INDEX(CTS!$O:$O,MATCH(E13,CTS!$E:$E,0))),\"\",(INDEX(CTS!$O:$O,MATCH(E13,CTS!$E:$E,0))))","v":0},{"$f":"IF(ISNA(INDEX(CTS!$P:$P,MATCH(E13,CTS!$E:$E,0))),\"\",(INDEX(CTS!$P:$P,MATCH(E13,CTS!$E:$E,0))))","v":0},{"$f":"IF(ISNA(INDEX(CTS!$Q:$Q,MATCH(E13,CTS!$E:$E,0))),\"\",(INDEX(CTS!$Q:$Q,MATCH(E13,CTS!$E:$E,0))))","v":2909.2436974789921},{"$f":"IF(ISNA(INDEX(CTS!$S:$S,MATCH(E13,CTS!$E:$E,0))),\"\",(INDEX(CTS!$S:$S,MATCH(E13,CTS!$E:$E,0))))","v":552.75630252100848},{"$f":"IF(ISNA(INDEX(CTS!$T:$T,MATCH(E13,CTS!$E:$E,0))),\"\",(INDEX(CTS!$T:$T,MATCH(E13,CTS!$E:$E,0))))","v":3462.0000000000005},{"$f":"IF(ISNA(INDEX(CTS!$U:$U,MATCH(E13,CTS!$E:$E,0))),\"\",(INDEX(CTS!$U:$U,MATCH(E13,CTS!$E:$E,0))))","v":2},{"$f":"IF(ISNA(INDEX(CTS!$V:$V,MATCH(E13,CTS!$E:$E,0))),\"\",(INDEX(CTS!$V:$V,MATCH(E13,CTS!$E:$E,0))))","v":3460.0000000000005},{"$f":"IFERROR(INDEX(CTS!$A:$A,MATCH(E13,CTS!$E:$E,0)),\".\")","v":"P"},{"$f":"IFERROR(IFERROR(INDEX(#REF!,MATCH(E13,#REF!,0)),IFERROR(INDEX(#REF!,MATCH(E13,#REF!,0)),INDEX(#REF!,MATCH(E13,#REF!,0)) )),\".\")","v":"."},null,{"$f":"IFERROR(VLOOKUP(E13,#REF!,8,FALSE),IFERROR(VLOOKUP(E13,#REF!,8,FALSE),IFERROR(VLOOKUP(E13,#REF!,8,FALSE),\"\")))","v":""},".-.",null,8,{"$f":"SUMIFS($L13:$L$99999,$B13:$B$99999,$U13,$C13:$C$99999,V$5)","v":0},{"$f":"SUMIFS($L13:$L$99999,$B13:$B$99999,$U13,$C13:$C$99999,W$5)","v":27685.000000000004}]
[9,{"$f":"IFERROR(DAY(CTR[[#This Row],[Date]]),\"\")","v":3},{"$f":"IFERROR(MONTH(CTR[[#This Row],[Date]]),\"\")","v":1},{"$f":"IF(ISNA(INDEX(CTS!C:C,MATCH(E14,CTS!$E:$E,0))),\"\",(INDEX(CTS!C:C,MATCH(E14,CTS!$E:$E,0))))","v":44199},"01-009",{"$f":"IF(ISNA(INDEX(CTS!$F:$F,MATCH(E14,CTS!$E:$E,0))),\"\",(INDEX(CTS!$F:$F,MATCH(E14,CTS!$E:$E,0))))","v":"CLIENT"},{"$f":"IF(ISNA(INDEX(CTS!$N:$N,MATCH(E14,CTS!$E:$E,0))),\"\",(INDEX(CTS!$N:$N,MATCH(E14,CTS!$E:$E,0))))","v":216.80672268907566},{"$f":"IF(ISNA(INDEX(CTS!$O:$O,MATCH(E14,CTS!$E:$E,0))),\"\",(INDEX(CTS!$O:$O,MATCH(E14,CTS!$E:$E,0))))","v":0},{"$f":"IF(ISNA(INDEX(CTS!$P:$P,MATCH(E14,CTS!$E:$E,0))),\"\",(INDEX(CTS!$P:$P,MATCH(E14,CTS!$E:$E,0))))","v":0},{"$f":"IF(ISNA(INDEX(CTS!$Q:$Q,MATCH(E14,CTS!$E:$E,0))),\"\",(INDEX(CTS!$Q:$Q,MATCH(E14,CTS!$E:$E,0))))","v":216.80672268907566},{"$f":"IF(ISNA(INDEX(CTS!$S:$S,MATCH(E14,CTS!$E:$E,0))),\"\",(INDEX(CTS!$S:$S,MATCH(E14,CTS!$E:$E,0))))","v":41.193277310924373},{"$f":"IF(ISNA(INDEX(CTS!$T:$T,MATCH(E14,CTS!$E:$E,0))),\"\",(INDEX(CTS!$T:$T,MATCH(E14,CTS!$E:$E,0))))","v":258},{"$f":"IF(ISNA(INDEX(CTS!$U:$U,MATCH(E14,CTS!$E:$E,0))),\"\",(INDEX(CTS!$U:$U,MATCH(E14,CTS!$E:$E,0))))","v":0},{"$f":"IF(ISNA(INDEX(CTS!$V:$V,MATCH(E14,CTS!$E:$E,0))),\"\",(INDEX(CTS!$V:$V,MATCH(E14,CTS!$E:$E,0))))","v":258},{"$f":"IFERROR(INDEX(CTS!$A:$A,MATCH(E14,CTS!$E:$E,0)),\".\")","v":"P"},{"$f":"IFERROR(IFERROR(INDEX(#REF!,MATCH(E14,#REF!,0)),IFERROR(INDEX(#REF!,MATCH(E14,#REF!,0)),INDEX(#REF!,MATCH(E14,#REF!,0)) )),\".\")","v":"."},null,{"$f":"IFERROR(VLOOKUP(E14,#REF!,8,FALSE),IFERROR(VLOOKUP(E14,#REF!,8,FALSE),IFERROR(VLOOKUP(E14,#REF!,8,FALSE),\"\")))","v":""},".-.",null,9,{"$f":"SUMIFS($L14:$L$99999,$B14:$B$99999,$U14,$C14:$C$99999,V$5)","v":0},{"$f":"SUMIFS($L14:$L$99999,$B14:$B$99999,$U14,$C14:$C$99999,W$5)","v":25617}]
[10,{"$f":"IFERROR(DAY(CTR[[#This Row],[Date]]),\"\")","v":3},{"$f":"IFERROR(MONTH(CTR[[#This Row],[Date]]),\"\")","v":1},{"$f":"IF(ISNA(INDEX(CTS!C:C,MATCH(E15,CTS!$E:$E,0))),\"\",(INDEX(CTS!C:C,MATCH(E15,CTS!$E:$E,0))))","v":44199},"01-010",{"$f":"IF(ISNA(INDEX(CTS!$F:$F,MATCH(E15,CTS!$E:$E,0))),\"\",(INDEX(CTS!$F:$F,MATCH(E15,CTS!$E:$E,0))))","v":"CLIENT"},{"$f":"IF(ISNA(INDEX(CTS!$N:$N,MATCH(E15,CTS!$E:$E,0))),\"\",(INDEX(CTS!$N:$N,MATCH(E15,CTS!$E:$E,0))))","v":466.3865546218488},{"$f":"IF(ISNA(INDEX(CTS!$O:$O,MATCH(E15,CTS!$E:$E,0))),\"\",(INDEX(CTS!$O:$O,MATCH(E15,CTS!$E:$E,0))))","v":0},{"$f":"IF(ISNA(INDEX(CTS!$P:$P,MATCH(E15,CTS!$E:$E,0))),\"\",(INDEX(CTS!$P:$P,MATCH(E15,CTS!$E:$E,0))))","v":0},{"$f":"IF(ISNA(INDEX(CTS!$Q:$Q,MATCH(E15,CTS!$E:$E,0))),\"\",(INDEX(CTS!$Q:$Q,MATCH(E15,CTS!$E:$E,0))))","v":466.3865546218488},{"$f":"IF(ISNA(INDEX(CTS!$S:$S,MATCH(E15,CTS!$E:$E,0))),\"\",(INDEX(CTS!$S:$S,MATCH(E15,CTS!$E:$E,0))))","v":88.613445378151269},{"$f":"IF(ISNA(INDEX(CTS!$T:$T,MATCH(E15,CTS!$E:$E,0))),\"\",(INDEX(CTS!$T:$T,MATCH(E15,CTS!$E:$E,0))))","v":555},{"$f":"IF(ISNA(INDEX(CTS!$U:$U,MATCH(E15,CTS!$E:$E,0))),\"\",(INDEX(CTS!$U:$U,MATCH(E15,CTS!$E:$E,0))))","v":0},{"$f":"IF(ISNA(INDEX(CTS!$V:$V,MATCH(E15,CTS!$E:$E,0))),\"\",(INDEX(CTS!$V:$V,MATCH(E15,CTS!$E:$E,0))))","v":555},{"$f":"IFERROR(INDEX(CTS!$A:$A,MATCH(E15,CTS!$E:$E,0)),\".\")","v":"P"},{"$f":"IFERROR(IFERROR(INDEX(#REF!,MATCH(E15,#REF!,0)),IFERROR(INDEX(#REF!,MATCH(E15,#REF!,0)),INDEX(#REF!,MATCH(E15,#REF!,0)) )),\".\")","v":"."},null,{"$f":"IFERROR(VLOOKUP(E15,#REF!,8,FALSE),IFERROR(VLOOKUP(E15,#REF!,8,FALSE),IFERROR(VLOOKUP(E15,#REF!,8,FALSE),\"\")))","v":""},".-.",null,10,{"$f":"SUMIFS($L15:$L$99999,$B15:$B$99999,$U15,$C15:$C$99999,V$5)","v":27016},{"$f":"SUMIFS($L15:$L$99999,$B15:$B$99999,$U15,$C15:$C$99999,W$5)","v":30674.475999999999}]
[11,{"$f":"IFERROR(DAY(CTR[[#This Row],[Date]]),\"\")","v":3},{"$f":"IFERROR(MONTH(CTR[[#This Row],[Date]]),\"\")","v":1},{"$f":"IF(ISNA(INDEX(CTS!C:C,MATCH(E16,CTS!$E:$E,0))),\"\",(INDEX(CTS!C:C,MATCH(E16,CTS!$E:$E,0))))","v":44199},"01-011",{"$f":"IF(ISNA(INDEX(CTS!$F:$F,MATCH(E16,CTS!$E:$E,0))),\"\",(INDEX(CTS!$F:$F,MATCH(E16,CTS!$E:$E,0))))","v":"CLIENT"},{"$f":"IF(ISNA(INDEX(CTS!$N:$N,MATCH(E16,CTS!$E:$E,0))),\"\",(INDEX(CTS!$N:$N,MATCH(E16,CTS!$E:$E,0))))","v":554.62184873949582},{"$f":"IF(ISNA(INDEX(CTS!$O:$O,MATCH(E16,CTS!$E:$E,0))),\"\",(INDEX(CTS!$O:$O,MATCH(E16,CTS!$E:$E,0))))","v":0},{"$f":"IF(ISNA(INDEX(CTS!$P:$P,MATCH(E16,CTS!$E:$E,0))),\"\",(INDEX(CTS!$P:$P,MATCH(E16,CTS!$E:$E,0))))","v":0},{"$f":"IF(ISNA(INDEX(CTS!$Q:$Q,MATCH(E16,CTS!$E:$E,0))),\"\",(INDEX(CTS!$Q:$Q,MATCH(E16,CTS!$E:$E,0))))","v":554.62184873949582},{"$f":"IF(ISNA(INDEX(CTS!$S:$S,MATCH(E16,CTS!$E:$E,0))),\"\",(INDEX(CTS!$S:$S,MATCH(E16,CTS!$E:$E,0))))","v":105.37815126050421},{"$f":"IF(ISNA(INDEX(CTS!$T:$T,MATCH(E16,CTS!$E:$E,0))),\"\",(INDEX(CTS!$T:$T,MATCH(E16,CTS!$E:$E,0))))","v":660.00000000000011},{"$f":"IF(ISNA(INDEX(CTS!$U:$U,MATCH(E16,CTS!$E:$E,0))),\"\",(INDEX(CTS!$U:$U,MATCH(E16,CTS!$E:$E,0))))","v":0},{"$f":"IF(ISNA(INDEX(CTS!$V:$V,MATCH(E16,CTS!$E:$E,0))),\"\",(INDEX(CTS!$V:$V,MATCH(E16,CTS!$E:$E,0))))","v":660.00000000000011},{"$f":"IFERROR(INDEX(CTS!$A:$A,MATCH(E16,CTS!$E:$E,0)),\".\")","v":"P"},{"$f":"IFERROR(IFERROR(INDEX(#REF!,MATCH(E16,#REF!,0)),IFERROR(INDEX(#REF!,MATCH(E16,#REF!,0)),INDEX(#REF!,MATCH(E16,#REF!,0)) )),\".\")","v":"."},null,{"$f":"IFERROR(VLOOKUP(E16,#REF!,8,FALSE),IFERROR(VLOOKUP(E16,#REF!,8,FALSE),IFERROR(VLOOKUP(E16,#REF!,8,FALSE),\"\")))","v":""},".-.",null,11,{"$f":"SUMIFS($L16:$L$99999,$B16:$B$99999,$U16,$C16:$C$99999,V$5)","v":30086.94},{"$f":"SUMIFS($L16:$L$99999,$B16:$B$99999,$U16,$C16:$C$99999,W$5)","v":25104.510000000548}]
[12,{"$f":"IFERROR(DAY(CTR[[#This Row],[Date]]),\"\")","v":3},{"$f":"IFERROR(MONTH(CTR[[#This Row],[Date]]),\"\")","v":1},{"$f":"IF(ISNA(INDEX(CTS!C:C,MATCH(E17,CTS!$E:$E,0))),\"\",(INDEX(CTS!C:C,MATCH(E17,CTS!$E:$E,0))))","v":44199},"01-012",{"$f":"IF(ISNA(INDEX(CTS!$F:$F,MATCH(E17,CTS!$E:$E,0))),\"\",(INDEX(CTS!$F:$F,MATCH(E17,CTS!$E:$E,0))))","v":"CLIENT"},{"$f":"IF(ISNA(INDEX(CTS!$N:$N,MATCH(E17,CTS!$E:$E,0))),\"\",(INDEX(CTS!$N:$N,MATCH(E17,CTS!$E:$E,0))))","v":1895.7983193277314},{"$f":"IF(ISNA(INDEX(CTS!$O:$O,MATCH(E17,CTS!$E:$E,0))),\"\",(INDEX(CTS!$O:$O,MATCH(E17,CTS!$E:$E,0))))","v":0},{"$f":"IF(ISNA(INDEX(CTS!$P:$P,MATCH(E17,CTS!$E:$E,0))),\"\",(INDEX(CTS!$P:$P,MATCH(E17,CTS!$E:$E,0))))","v":0},{"$f":"IF(ISNA(INDEX(CTS!$Q:$Q,MATCH(E17,CTS!$E:$E,0))),\"\",(INDEX(CTS!$Q:$Q,MATCH(E17,CTS!$E:$E,0))))","v":1895.7983193277314},{"$f":"IF(ISNA(INDEX(CTS!$S:$S,MATCH(E17,CTS!$E:$E,0))),\"\",(INDEX(CTS!$S:$S,MATCH(E17,CTS!$E:$E,0))))","v":360.20168067226899},{"$f":"IF(ISNA(INDEX(CTS!$T:$T,MATCH(E17,CTS!$E:$E,0))),\"\",(INDEX(CTS!$T:$T,MATCH(E17,CTS!$E:$E,0))))","v":2256.0000000000005},{"$f":"IF(ISNA(INDEX(CTS!$U:$U,MATCH(E17,CTS!$E:$E,0))),\"\",(INDEX(CTS!$U:$U,MATCH(E17,CTS!$E:$E,0))))","v":6},{"$f":"IF(ISNA(INDEX(CTS!$V:$V,MATCH(E17,CTS!$E:$E,0))),\"\",(INDEX(CTS!$V:$V,MATCH(E17,CTS!$E:$E,0))))","v":2250.0000000000005},{"$f":"IFERROR(INDEX(CTS!$A:$A,MATCH(E17,CTS!$E:$E,0)),\".\")","v":"P"},{"$f":"IFERROR(IFERROR(INDEX(#REF!,MATCH(E17,#REF!,0)),IFERROR(INDEX(#REF!,MATCH(E17,#REF!,0)),INDEX(#REF!,MATCH(E17,#REF!,0)) )),\".\")","v":"."},null,{"$f":"IFERROR(VLOOKUP(E17,#REF!,8,FALSE),IFERROR(VLOOKUP(E17,#REF!,8,FALSE),IFERROR(VLOOKUP(E17,#REF!,8,FALSE),\"\")))","v":""},".-.",null,12,{"$f":"SUMIFS($L17:$L$99999,$B17:$B$99999,$U17,$C17:$C$99999,V$5)","v":0},{"$f":"SUMIFS($L17:$L$99999,$B17:$B$99999,$U17,$C17:$C$99999,W$5)","v":0}]
[13,{"$f":"IFERROR(DAY(CTR[[#This Row],[Date]]),\"\")","v":3},{"$f":"IFERROR(MONTH(CTR[[#This Row],[Date]]),\"\")","v":1},{"$f":"IF(ISNA(INDEX(CTS!C:C,MATCH(E18,CTS!$E:$E,0))),\"\",(INDEX(CTS!C:C,MATCH(E18,CTS!$E:$E,0))))","v":44199},"01-013",{"$f":"IF(ISNA(INDEX(CTS!$F:$F,MATCH(E18,CTS!$E:$E,0))),\"\",(INDEX(CTS!$F:$F,MATCH(E18,CTS!$E:$E,0))))","v":"CLIENT"},{"$f":"IF(ISNA(INDEX(CTS!$N:$N,MATCH(E18,CTS!$E:$E,0))),\"\",(INDEX(CTS!$N:$N,MATCH(E18,CTS!$E:$E,0))))","v":33.613445378151262},{"$f":"IF(ISNA(INDEX(CTS!$O:$O,MATCH(E18,CTS!$E:$E,0))),\"\",(INDEX(CTS!$O:$O,MATCH(E18,CTS!$E:$E,0))))","v":0},{"$f":"IF(ISNA(INDEX(CTS!$P:$P,MATCH(E18,CTS!$E:$E,0))),\"\",(INDEX(CTS!$P:$P,MATCH(E18,CTS!$E:$E,0))))","v":0},{"$f":"IF(ISNA(INDEX(CTS!$Q:$Q,MATCH(E18,CTS!$E:$E,0))),\"\",(INDEX(CTS!$Q:$Q,MATCH(E18,CTS!$E:$E,0))))","v":33.613445378151262},{"$f":"IF(ISNA(INDEX(CTS!$S:$S,MATCH(E18,CTS!$E:$E,0))),\"\",(INDEX(CTS!$S:$S,MATCH(E18,CTS!$E:$E,0))))","v":6.3865546218487399},{"$f":"IF(ISNA(INDEX(CTS!$T:$T,MATCH(E18,CTS!$E:$E,0))),\"\",(INDEX(CTS!$T:$T,MATCH(E18,CTS!$E:$E,0))))","v":40},{"$f":"IF(ISNA(INDEX(CTS!$U:$U,MATCH(E18,CTS!$E:$E,0))),\"\",(INDEX(CTS!$U:$U,MATCH(E18,CTS!$E:$E,0))))","v":0},{"$f":"IF(ISNA(INDEX(CTS!$V:$V,MATCH(E18,CTS!$E:$E,0))),\"\",(INDEX(CTS!$V:$V,MATCH(E18,CTS!$E:$E,0))))","v":40},{"$f":"IFERROR(INDEX(CTS!$A:$A,MATCH(E18,CTS!$E:$E,0)),\".\")","v":"P"},{"$f":"IFERROR(IFERROR(INDEX(#REF!,MATCH(E18,#REF!,0)),IFERROR(INDEX(#REF!,MATCH(E18,#REF!,0)),INDEX(#REF!,MATCH(E18,#REF!,0)) )),\".\")","v":"."},null,{"$f":"IFERROR(VLOOKUP(E18,#REF!,8,FALSE),IFERROR(VLOOKUP(E18,#REF!,8,FALSE),IFERROR(VLOOKUP(E18,#REF!,8,FALSE),\"\")))","v":""},".-.",null,13,{"$f":"SUMIFS($L18:$L$99999,$B18:$B$99999,$U18,$C18:$C$99999,V$5)","v":20236.150000000001},{"$f":"SUMIFS($L18:$L$99999,$B18:$B$99999,$U18,$C18:$C$99999,W$5)","v":0}]
[14,{"$f":"IFERROR(DAY(CTR[[#This Row],[Date]]),\"\")","v":3},{"$f":"IFERROR(MONTH(CTR[[#This Row],[Date]]),\"\")","v":1},{"$f":"IF(ISNA(INDEX(CTS!C:C,MATCH(E19,CTS!$E:$E,0))),\"\",(INDEX(CTS!C:C,MATCH(E19,CTS!$E:$E,0))))","v":44199},"01-014",{"$f":"IF(ISNA(INDEX(CTS!$F:$F,MATCH(E19,CTS!$E:$E,0))),\"\",(INDEX(CTS!$F:$F,MATCH(E19,CTS!$E:$E,0))))","v":"CLIENT"},{"$f":"IF(ISNA(INDEX(CTS!$N:$N,MATCH(E19,CTS!$E:$E,0))),\"\",(INDEX(CTS!$N:$N,MATCH(E19,CTS!$E:$E,0))))","v":181.51260504201684},{"$f":"IF(ISNA(INDEX(CTS!$O:$O,MATCH(E19,CTS!$E:$E,0))),\"\",(INDEX(CTS!$O:$O,MATCH(E19,CTS!$E:$E,0))))","v":0},{"$f":"IF(ISNA(INDEX(CTS!$P:$P,MATCH(E19,CTS!$E:$E,0))),\"\",(INDEX(CTS!$P:$P,MATCH(E19,CTS!$E:$E,0))))","v":0},{"$f":"IF(ISNA(INDEX(CTS!$Q:$Q,MATCH(E19,CTS!$E:$E,0))),\"\",(INDEX(CTS!$Q:$Q,MATCH(E19,CTS!$E:$E,0))))","v":181.51260504201684},{"$f":"IF(ISNA(INDEX(CTS!$S:$S,MATCH(E19,CTS!$E:$E,0))),\"\",(INDEX(CTS!$S:$S,MATCH(E19,CTS!$E:$E,0))))","v":34.487394957983199},{"$f":"IF(ISNA(INDEX(CTS!$T:$T,MATCH(E19,CTS!$E:$E,0))),\"\",(INDEX(CTS!$T:$T,MATCH(E19,CTS!$E:$E,0))))","v":216.00000000000006},{"$f":"IF(ISNA(INDEX(CTS!$U:$U,MATCH(E19,CTS!$E:$E,0))),\"\",(INDEX(CTS!$U:$U,MATCH(E19,CTS!$E:$E,0))))","v":16},{"$f":"IF(ISNA(INDEX(CTS!$V:$V,MATCH(E19,CTS!$E:$E,0))),\"\",(INDEX(CTS!$V:$V,MATCH(E19,CTS!$E:$E,0))))","v":200.00000000000006},{"$f":"IFERROR(INDEX(CTS!$A:$A,MATCH(E19,CTS!$E:$E,0)),\".\")","v":"P"},{"$f":"IFERROR(IFERROR(INDEX(#REF!,MATCH(E19,#REF!,0)),IFERROR(INDEX(#REF!,MATCH(E19,#REF!,0)),INDEX(#REF!,MATCH(E19,#REF!,0)) )),\".\")","v":"."},null,{"$f":"IFERROR(VLOOKUP(E19,#REF!,8,FALSE),IFERROR(VLOOKUP(E19,#REF!,8,FALSE),IFERROR(VLOOKUP(E19,#REF!,8,FALSE),\"\")))","v":""},".-.",null,14,{"$f":"SUMIFS($L19:$L$99999,$B19:$B$99999,$U19,$C19:$C$99999,V$5)","v":14060.7},{"$f":"SUMIFS($L19:$L$99999,$B19:$B$99999,$U19,$C19:$C$99999,W$5)","v":36834}]
[15,{"$f":"IFERROR(DAY(CTR[[#This Row],[Date]]),\"\")","v":3},{"$f":"IFERROR(MONTH(CTR[[#This Row],[Date]]),\"\")","v":1},{"$f":"IF(ISNA(INDEX(CTS!C:C,MATCH(E20,CTS!$E:$E,0))),\"\",(INDEX(CTS!C:C,MATCH(E20,CTS!$E:$E,0))))","v":44199},"01-015",{"$f":"IF(ISNA(INDEX(CTS!$F:$F,MATCH(E20,CTS!$E:$E,0))),\"\",(INDEX(CTS!$F:$F,MATCH(E20,CTS!$E:$E,0))))","v":"CLIENT"},{"$f":"IF(ISNA(INDEX(CTS!$N:$N,MATCH(E20,CTS!$E:$E,0))),\"\",(INDEX(CTS!$N:$N,MATCH(E20,CTS!$E:$E,0))))","v":1739.4957983193278},{"$f":"IF(ISNA(INDEX(CTS!$O:$O,MATCH(E20,CTS!$E:$E,0))),\"\",(INDEX(CTS!$O:$O,MATCH(E20,CTS!$E:$E,0))))","v":0},{"$f":"IF(ISNA(INDEX(CTS!$P:$P,MATCH(E20,CTS!$E:$E,0))),\"\",(INDEX(CTS!$P:$P,MATCH(E20,CTS!$E:$E,0))))","v":0},{"$f":"IF(ISNA(INDEX(CTS!$Q:$Q,MATCH(E20,CTS!$E:$E,0))),\"\",(INDEX(CTS!$Q:$Q,MATCH(E20,CTS!$E:$E,0))))","v":1739.4957983193278},{"$f":"IF(ISNA(INDEX(CTS!$S:$S,MATCH(E20,CTS!$E:$E,0))),\"\",(INDEX(CTS!$S:$S,MATCH(E20,CTS!$E:$E,0))))","v":330.50420168067234},{"$f":"IF(ISNA(INDEX(CTS!$T:$T,MATCH(E20,CTS!$E:$E,0))),\"\",(INDEX(CTS!$T:$T,MATCH(E20,CTS!$E:$E,0))))","v":2070},{"$f":"IF(ISNA(INDEX(CTS!$U:$U,MATCH(E20,CTS!$E:$E,0))),\"\",(INDEX(CTS!$U:$U,MATCH(E20,CTS!$E:$E,0))))","v":0},{"$f":"IF(ISNA(INDEX(CTS!$V:$V,MATCH(E20,CTS!$E:$E,0))),\"\",(INDEX(CTS!$V:$V,MATCH(E20,CTS!$E:$E,0))))","v":2070},{"$f":"IFERROR(INDEX(CTS!$A:$A,MATCH(E20,CTS!$E:$E,0)),\".\")","v":"p"},{"$f":"IFERROR(IFERROR(INDEX(#REF!,MATCH(E20,#REF!,0)),IFERROR(INDEX(#REF!,MATCH(E20,#REF!,0)),INDEX(#REF!,MATCH(E20,#REF!,0)) )),\".\")","v":"."},null,{"$f":"IFERROR(VLOOKUP(E20,#REF!,8,FALSE),IFERROR(VLOOKUP(E20,#REF!,8,FALSE),IFERROR(VLOOKUP(E20,#REF!,8,FALSE),\"\")))","v":""},".-.",null,15,{"$f":"SUMIFS($L20:$L$99999,$B20:$B$99999,$U20,$C20:$C$99999,V$5)","v":0},{"$f":"SUMIFS($L20:$L$99999,$B20:$B$99999,$U20,$C20:$C$99999,W$5)","v":58576.00000000056}]
[16,{"$f":"IFERROR(DAY(CTR[[#This Row],[Date]]),\"\")","v":3},{"$f":"IFERROR(MONTH(CTR[[#This Row],[Date]]),\"\")","v":1},{"$f":"IF(ISNA(INDEX(CTS!C:C,MATCH(E21,CTS!$E:$E,0))),\"\",(INDEX(CTS!C:C,MATCH(E21,CTS!$E:$E,0))))","v":44199},"01-016",{"$f":"IF(ISNA(INDEX(CTS!$F:$F,MATCH(E21,CTS!$E:$E,0))),\"\",(INDEX(CTS!$F:$F,MATCH(E21,CTS!$E:$E,0))))","v":"CLIENT"},{"$f":"IF(ISNA(INDEX(CTS!$N:$N,MATCH(E21,CTS!$E:$E,0))),\"\",(INDEX(CTS!$N:$N,MATCH(E21,CTS!$E:$E,0))))","v":504.20168067226899},{"$f":"IF(ISNA(INDEX(CTS!$O:$O,MATCH(E21,CTS!$E:$E,0))),\"\",(INDEX(CTS!$O:$O,MATCH(E21,CTS!$E:$E,0))))","v":0},{"$f":"IF(ISNA(INDEX(CTS!$P:$P,MATCH(E21,CTS!$E:$E,0))),\"\",(INDEX(CTS!$P:$P,MATCH(E21,CTS!$E:$E,0))))","v":0},{"$f":"IF(ISNA(INDEX(CTS!$Q:$Q,MATCH(E21,CTS!$E:$E,0))),\"\",(INDEX(CTS!$Q:$Q,MATCH(E21,CTS!$E:$E,0))))","v":504.20168067226899},{"$f":"IF(ISNA(INDEX(CTS!$S:$S,MATCH(E21,CTS!$E:$E,0))),\"\",(INDEX(CTS!$S:$S,MATCH(E21,CTS!$E:$E,0))))","v":95.798319327731107},{"$f":"IF(ISNA(INDEX(CTS!$T:$T,MATCH(E21,CTS!$E:$E,0))),\"\",(INDEX(CTS!$T:$T,MATCH(E21,CTS!$E:$E,0))))","v":600.00000000000011},{"$f":"IF(ISNA(INDEX(CTS!$U:$U,MATCH(E21,CTS!$E:$E,0))),\"\",(INDEX(CTS!$U:$U,MATCH(E21,CTS!$E:$E,0))))","v":0},{"$f":"IF(ISNA(INDEX(CTS!$V:$V,MATCH(E21,CTS!$E:$E,0))),\"\",(INDEX(CTS!$V:$V,MATCH(E21,CTS!$E:$E,0))))","v":600.00000000000011},{"$f":"IFERROR(INDEX(CTS!$A:$A,MATCH(E21,CTS!$E:$E,0)),\".\")","v":"P"},{"$f":"IFERROR(IFERROR(INDEX(#REF!,MATCH(E21,#REF!,0)),IFERROR(INDEX(#REF!,MATCH(E21,#REF!,0)),INDEX(#REF!,MATCH(E21,#REF!,0)) )),\".\")","v":"."},null,{"$f":"IFERROR(VLOOKUP(E21,#REF!,8,FALSE),IFERROR(VLOOKUP(E21,#REF!,8,FALSE),IFERROR(VLOOKUP(E21,#REF!,8,FALSE),\"\")))","v":""},".-.",null,16,{"$f":"SUMIFS($L21:$L$99999,$B21:$B$99999,$U21,$C21:$C$99999,V$5)","v":0},{"$f":"SUMIFS($L21:$L$99999,$B21:$B$99999,$U21,$C21:$C$99999,W$5)","v":81369.240000000005}]
[17,{"$f":"IFERROR(DAY(CTR[[#This Row],[Date]]),\"\")","v":3},{"$f":"IFERROR(MONTH(CTR[[#This Row],[Date]]),\"\")","v":1},{"$f":"IF(ISNA(INDEX(CTS!C:C,MATCH(E22,CTS!$E:$E,0))),\"\",(INDEX(CTS!C:C,MATCH(E22,CTS!$E:$E,0))))","v":44199},"01-017",{"$f":"IF(ISNA(INDEX(CTS!$F:$F,MATCH(E22,CTS!$E:$E,0))),\"\",(INDEX(CTS!$F:$F,MATCH(E22,CTS!$E:$E,0))))","v":"CLIENT"},{"$f":"IF(ISNA(INDEX(CTS!$N:$N,MATCH(E22,CTS!$E:$E,0))),\"\",(INDEX(CTS!$N:$N,MATCH(E22,CTS!$E:$E,0))))","v":100.84033613445379},{"$f":"IF(ISNA(INDEX(CTS!$O:$O,MATCH(E22,CTS!$E:$E,0))),\"\",(INDEX(CTS!$O:$O,MATCH(E22,CTS!$E:$E,0))))","v":0},{"$f":"IF(ISNA(INDEX(CTS!$P:$P,MATCH(E22,CTS!$E:$E,0))),\"\",(INDEX(CTS!$P:$P,MATCH(E22,CTS!$E:$E,0))))","v":0},{"$f":"IF(ISNA(INDEX(CTS!$Q:$Q,MATCH(E22,CTS!$E:$E,0))),\"\",(INDEX(CTS!$Q:$Q,MATCH(E22,CTS!$E:$E,0))))","v":100.84033613445379},{"$f":"IF(ISNA(INDEX(CTS!$S:$S,MATCH(E22,CTS!$E:$E,0))),\"\",(INDEX(CTS!$S:$S,MATCH(E22,CTS!$E:$E,0))))","v":19.159663865546221},{"$f":"IF(ISNA(INDEX(CTS!$T:$T,MATCH(E22,CTS!$E:$E,0))),\"\",(INDEX(CTS!$T:$T,MATCH(E22,CTS!$E:$E,0))))","v":120},{"$f":"IF(ISNA(INDEX(CTS!$U:$U,MATCH(E22,CTS!$E:$E,0))),\"\",(INDEX(CTS!$U:$U,MATCH(E22,CTS!$E:$E,0))))","v":0},{"$f":"IF(ISNA(INDEX(CTS!$V:$V,MATCH(E22,CTS!$E:$E,0))),\"\",(INDEX(CTS!$V:$V,MATCH(E22,CTS!$E:$E,0))))","v":120},{"$f":"IFERROR(INDEX(CTS!$A:$A,MATCH(E22,CTS!$E:$E,0)),\".\")","v":"P"},{"$f":"IFERROR(IFERROR(INDEX(#REF!,MATCH(E22,#REF!,0)),IFERROR(INDEX(#REF!,MATCH(E22,#REF!,0)),INDEX(#REF!,MATCH(E22,#REF!,0)) )),\".\")","v":"."},null,{"$f":"IFERROR(VLOOKUP(E22,#REF!,8,FALSE),IFERROR(VLOOKUP(E22,#REF!,8,FALSE),IFERROR(VLOOKUP(E22,#REF!,8,FALSE),\"\")))","v":""},".-.",null,17,{"$f":"SUMIFS($L22:$L$99999,$B22:$B$99999,$U22,$C22:$C$99999,V$5)","v":28118},{"$f":"SUMIFS($L22:$L$99999,$B22:$B$99999,$U22,$C22:$C$99999,W$5)","v":23460.000000000549}]
[18,{"$f":"IFERROR(DAY(CTR[[#This Row],[Date]]),\"\")","v":3},{"$f":"IFERROR(MONTH(CTR[[#This Row],[Date]]),\"\")","v":1},{"$f":"IF(ISNA(INDEX(CTS!C:C,MATCH(E23,CTS!$E:$E,0))),\"\",(INDEX(CTS!C:C,MATCH(E23,CTS!$E:$E,0))))","v":44199},"01-018",{"$f":"IF(ISNA(INDEX(CTS!$F:$F,MATCH(E23,CTS!$E:$E,0))),\"\",(INDEX(CTS!$F:$F,MATCH(E23,CTS!$E:$E,0))))","v":"CLIENT"},{"$f":"IF(ISNA(INDEX(CTS!$N:$N,MATCH(E23,CTS!$E:$E,0))),\"\",(INDEX(CTS!$N:$N,MATCH(E23,CTS!$E:$E,0))))","v":2470.5882352941176},{"$f":"IF(ISNA(INDEX(CTS!$O:$O,MATCH(E23,CTS!$E:$E,0))),\"\",(INDEX(CTS!$O:$O,MATCH(E23,CTS!$E:$E,0))))","v":0},{"$f":"IF(ISNA(INDEX(CTS!$P:$P,MATCH(E23,CTS!$E:$E,0))),\"\",(INDEX(CTS!$P:$P,MATCH(E23,CTS!$E:$E,0))))","v":0},{"$f":"IF(ISNA(INDEX(CTS!$Q:$Q,MATCH(E23,CTS!$E:$E,0))),\"\",(INDEX(CTS!$Q:$Q,MATCH(E23,CTS!$E:$E,0))))","v":2470.5882352941176},{"$f":"IF(ISNA(INDEX(CTS!$S:$S,MATCH(E23,CTS!$E:$E,0))),\"\",(INDEX(CTS!$S:$S,MATCH(E23,CTS!$E:$E,0))))","v":469.41176470588243},{"$f":"IF(ISNA(INDEX(CTS!$T:$T,MATCH(E23,CTS!$E:$E,0))),\"\",(INDEX(CTS!$T:$T,MATCH(E23,CTS!$E:$E,0))))","v":2940},{"$f":"IF(ISNA(INDEX(CTS!$U:$U,MATCH(E23,CTS!$E:$E,0))),\"\",(INDEX(CTS!$U:$U,MATCH(E23,CTS!$E:$E,0))))","v":0},{"$f":"IF(ISNA(INDEX(CTS!$V:$V,MATCH(E23,CTS!$E:$E,0))),\"\",(INDEX(CTS!$V:$V,MATCH(E23,CTS!$E:$E,0))))","v":2940},{"$f":"IFERROR(INDEX(CTS!$A:$A,MATCH(E23,CTS!$E:$E,0)),\".\")","v":"P"},{"$f":"IFERROR(IFERROR(INDEX(#REF!,MATCH(E23,#REF!,0)),IFERROR(INDEX(#REF!,MATCH(E23,#REF!,0)),INDEX(#REF!,MATCH(E23,#REF!,0)) )),\".\")","v":"."},null,{"$f":"IFERROR(VLOOKUP(E23,#REF!,8,FALSE),IFERROR(VLOOKUP(E23,#REF!,8,FALSE),IFERROR(VLOOKUP(E23,#REF!,8,FALSE),\"\")))","v":""},".-.",null,18,{"$f":"SUMIFS($L23:$L$99999,$B23:$B$99999,$U23,$C23:$C$99999,V$5)","v":33289.279999999999},{"$f":"SUMIFS($L23:$L$99999,$B23:$B$99999,$U23,$C23:$C$99999,W$5)","v":10737.600000000002}]
[19,{"$f":"IFERROR(DAY(CTR[[#This Row],[Date]]),\"\")","v":3},{"$f":"IFERROR(MONTH(CTR[[#This Row],[Date]]),\"\")","v":1},{"$f":"IF(ISNA(INDEX(CTS!C:C,MATCH(E24,CTS!$E:$E,0))),\"\",(INDEX(CTS!C:C,MATCH(E24,CTS!$E:$E,0))))","v":44199},"01-019",{"$f":"IF(ISNA(INDEX(CTS!$F:$F,MATCH(E24,CTS!$E:$E,0))),\"\",(INDEX(CTS!$F:$F,MATCH(E24,CTS!$E:$E,0))))","v":"CLIENT"},{"$f":"IF(ISNA(INDEX(CTS!$N:$N,MATCH(E24,CTS!$E:$E,0))),\"\",(INDEX(CTS!$N:$N,MATCH(E24,CTS!$E:$E,0))))","v":166.38655462184875},{"$f":"IF(ISNA(INDEX(CTS!$O:$O,MATCH(E24,CTS!$E:$E,0))),\"\",(INDEX(CTS!$O:$O,MATCH(E24,CTS!$E:$E,0))))","v":0},{"$f":"IF(ISNA(INDEX(CTS!$P:$P,MATCH(E24,CTS!$E:$E,0))),\"\",(INDEX(CTS!$P:$P,MATCH(E24,CTS!$E:$E,0))))","v":0},{"$f":"IF(ISNA(INDEX(CTS!$Q:$Q,MATCH(E24,CTS!$E:$E,0))),\"\",(INDEX(CTS!$Q:$Q,MATCH(E24,CTS!$E:$E,0))))","v":166.38655462184875},{"$f":"IF(ISNA(INDEX(CTS!$S:$S,MATCH(E24,CTS!$E:$E,0))),\"\",(INDEX(CTS!$S:$S,MATCH(E24,CTS!$E:$E,0))))","v":31.613445378151262},{"$f":"IF(ISNA(INDEX(CTS!$T:$T,MATCH(E24,CTS!$E:$E,0))),\"\",(INDEX(CTS!$T:$T,MATCH(E24,CTS!$E:$E,0))))","v":198},{"$f":"IF(ISNA(INDEX(CTS!$U:$U,MATCH(E24,CTS!$E:$E,0))),\"\",(INDEX(CTS!$U:$U,MATCH(E24,CTS!$E:$E,0))))","v":3},{"$f":"IF(ISNA(INDEX(CTS!$V:$V,MATCH(E24,CTS!$E:$E,0))),\"\",(INDEX(CTS!$V:$V,MATCH(E24,CTS!$E:$E,0))))","v":195},{"$f":"IFERROR(INDEX(CTS!$A:$A,MATCH(E24,CTS!$E:$E,0)),\".\")","v":"P"},{"$f":"IFERROR(IFERROR(INDEX(#REF!,MATCH(E24,#REF!,0)),IFERROR(INDEX(#REF!,MATCH(E24,#REF!,0)),INDEX(#REF!,MATCH(E24,#REF!,0)) )),\".\")","v":"."},null,{"$f":"IFERROR(VLOOKUP(E24,#REF!,8,FALSE),IFERROR(VLOOKUP(E24,#REF!,8,FALSE),IFERROR(VLOOKUP(E24,#REF!,8,FALSE),\"\")))","v":""},".-.",null,19,{"$f":"SUMIFS($L24:$L$99999,$B24:$B$99999,$U24,$C24:$C$99999,V$5)","v":32978.005600000004},{"$f":"SUMIFS($L24:$L$99999,$B24:$B$99999,$U24,$C24:$C$99999,W$5)","v":0}]
[20,{"$f":"IFERROR(DAY(CTR[[#This Row],[Date]]),\"\")","v":3},{"$f":"IFERROR(MONTH(CTR[[#This Row],[Date]]),\"\")","v":1},{"$f":"IF(ISNA(INDEX(CTS!C:C,MATCH(E25,CTS!$E:$E,0))),\"\",(INDEX(CTS!C:C,MATCH(E25,CTS!$E:$E,0))))","v":44199},"01-020",{"$f":"IF(ISNA(INDEX(CTS!$F:$F,MATCH(E25,CTS!$E:$E,0))),\"\",(INDEX(CTS!$F:$F,MATCH(E25,CTS!$E:$E,0))))","v":"CLIENT"},{"$f":"IF(ISNA(INDEX(CTS!$N:$N,MATCH(E25,CTS!$E:$E,0))),\"\",(INDEX(CTS!$N:$N,MATCH(E25,CTS!$E:$E,0))))","v":579.83193277310932},{"$f":"IF(ISNA(INDEX(CTS!$O:$O,MATCH(E25,CTS!$E:$E,0))),\"\",(INDEX(CTS!$O:$O,MATCH(E25,CTS!$E:$E,0))))","v":0},{"$f":"IF(ISNA(INDEX(CTS!$P:$P,MATCH(E25,CTS!$E:$E,0))),\"\",(INDEX(CTS!$P:$P,MATCH(E25,CTS!$E:$E,0))))","v":0},{"$f":"IF(ISNA(INDEX(CTS!$Q:$Q,MATCH(E25,CTS!$E:$E,0))),\"\",(INDEX(CTS!$Q:$Q,MATCH(E25,CTS!$E:$E,0))))","v":579.83193277310932},{"$f":"IF(ISNA(INDEX(CTS!$S:$S,MATCH(E25,CTS!$E:$E,0))),\"\",(INDEX(CTS!$S:$S,MATCH(E25,CTS!$E:$E,0))))","v":110.16806722689077},{"$f":"IF(ISNA(INDEX(CTS!$T:$T,MATCH(E25,CTS!$E:$E,0))),\"\",(INDEX(CTS!$T:$T,MATCH(E25,CTS!$E:$E,0))))","v":690.00000000000011},{"$f":"IF(ISNA(INDEX(CTS!$U:$U,MATCH(E25,CTS!$E:$E,0))),\"\",(INDEX(CTS!$U:$U,MATCH(E25,CTS!$E:$E,0))))","v":0},{"$f":"IF(ISNA(INDEX(CTS!$V:$V,MATCH(E25,CTS!$E:$E,0))),\"\",(INDEX(CTS!$V:$V,MATCH(E25,CTS!$E:$E,0))))","v":690.00000000000011},{"$f":"IFERROR(INDEX(CTS!$A:$A,MATCH(E25,CTS!$E:$E,0)),\".\")","v":"P"},{"$f":"IFERROR(IFERROR(INDEX(#REF!,MATCH(E25,#REF!,0)),IFERROR(INDEX(#REF!,MATCH(E25,#REF!,0)),INDEX(#REF!,MATCH(E25,#REF!,0)) )),\".\")","v":"."},null,{"$f":"IFERROR(VLOOKUP(E25,#REF!,8,FALSE),IFERROR(VLOOKUP(E25,#REF!,8,FALSE),IFERROR(VLOOKUP(E25,#REF!,8,FALSE),\"\")))","v":""},".-.",null,20,{"$f":"SUMIFS($L25:$L$99999,$B25:$B$99999,$U25,$C25:$C$99999,V$5)","v":30612},{"$f":"SUMIFS($L25:$L$99999,$B25:$B$99999,$U25,$C25:$C$99999,W$5)","v":0}]
[21,{"$f":"IFERROR(DAY(CTR[[#This Row],[Date]]),\"\")","v":4},{"$f":"IFERROR(MONTH(CTR[[#This Row],[Date]]),\"\")","v":1},{"$f":"IF(ISNA(INDEX(CTS!C:C,MATCH(E26,CTS!$E:$E,0))),\"\",(INDEX(CTS!C:C,MATCH(E26,CTS!$E:$E,0))))","v":44200},"01-021",{"$f":"IF(ISNA(INDEX(CTS!$F:$F,MATCH(E26,CTS!$E:$E,0))),\"\",(INDEX(CTS!$F:$F,MATCH(E26,CTS!$E:$E,0))))","v":"CLIENT"},{"$f":"IF(ISNA(INDEX(CTS!$N:$N,MATCH(E26,CTS!$E:$E,0))),\"\",(INDEX(CTS!$N:$N,MATCH(E26,CTS!$E:$E,0))))","v":1230.2521008403362},{"$f":"IF(ISNA(INDEX(CTS!$O:$O,MATCH(E26,CTS!$E:$E,0))),\"\",(INDEX(CTS!$O:$O,MATCH(E26,CTS!$E:$E,0))))","v":0},{"$f":"IF(ISNA(INDEX(CTS!$P:$P,MATCH(E26,CTS!$E:$E,0))),\"\",(INDEX(CTS!$P:$P,MATCH(E26,CTS!$E:$E,0))))","v":0},{"$f":"IF(ISNA(INDEX(CTS!$Q:$Q,MATCH(E26,CTS!$E:$E,0))),\"\",(INDEX(CTS!$Q:$Q,MATCH(E26,CTS!$E:$E,0))))","v":1230.2521008403362},{"$f":"IF(ISNA(INDEX(CTS!$S:$S,MATCH(E26,CTS!$E:$E,0))),\"\",(INDEX(CTS!$S:$S,MATCH(E26,CTS!$E:$E,0))))","v":233.74789915966389},{"$f":"IF(ISNA(INDEX(CTS!$T:$T,MATCH(E26,CTS!$E:$E,0))),\"\",(INDEX(CTS!$T:$T,MATCH(E26,CTS!$E:$E,0))))","v":1464},{"$f":"IF(ISNA(INDEX(CTS!$U:$U,MATCH(E26,CTS!$E:$E,0))),\"\",(INDEX(CTS!$U:$U,MATCH(E26,CTS!$E:$E,0))))","v":4},{"$f":"IF(ISNA(INDEX(CTS!$V:$V,MATCH(E26,CTS!$E:$E,0))),\"\",(INDEX(CTS!$V:$V,MATCH(E26,CTS!$E:$E,0))))","v":1460},{"$f":"IFERROR(INDEX(CTS!$A:$A,MATCH(E26,CTS!$E:$E,0)),\".\")","v":"P"},{"$f":"IFERROR(IFERROR(INDEX(#REF!,MATCH(E26,#REF!,0)),IFERROR(INDEX(#REF!,MATCH(E26,#REF!,0)),INDEX(#REF!,MATCH(E26,#REF!,0)) )),\".\")","v":"."},null,{"$f":"IFERROR(VLOOKUP(E26,#REF!,8,FALSE),IFERROR(VLOOKUP(E26,#REF!,8,FALSE),IFERROR(VLOOKUP(E26,#REF!,8,FALSE),\"\")))","v":""},".-.",null,21,{"$f":"SUMIFS($L26:$L$99999,$B26:$B$99999,$U26,$C26:$C$99999,V$5)","v":22975},{"$f":"SUMIFS($L26:$L$99999,$B26:$B$99999,$U26,$C26:$C$99999,W$5)","v":11970}]
[22,{"$f":"IFERROR(DAY(CTR[[#This Row],[Date]]),\"\")","v":4},{"$f":"IFERROR(MONTH(CTR[[#This Row],[Date]]),\"\")","v":1},{"$f":"IF(ISNA(INDEX(CTS!C:C,MATCH(E27,CTS!$E:$E,0))),\"\",(INDEX(CTS!C:C,MATCH(E27,CTS!$E:$E,0))))","v":44200},"01-022",{"$f":"IF(ISNA(INDEX(CTS!$F:$F,MATCH(E27,CTS!$E:$E,0))),\"\",(INDEX(CTS!$F:$F,MATCH(E27,CTS!$E:$E,0))))","v":"CLIENT"},{"$f":"IF(ISNA(INDEX(CTS!$N:$N,MATCH(E27,CTS!$E:$E,0))),\"\",(INDEX(CTS!$N:$N,MATCH(E27,CTS!$E:$E,0))))","v":1954.621848739496},{"$f":"IF(ISNA(INDEX(CTS!$O:$O,MATCH(E27,CTS!$E:$E,0))),\"\",(INDEX(CTS!$O:$O,MATCH(E27,CTS!$E:$E,0))))","v":0},{"$f":"IF(ISNA(INDEX(CTS!$P:$P,MATCH(E27,CTS!$E:$E,0))),\"\",(INDEX(CTS!$P:$P,MATCH(E27,CTS!$E:$E,0))))","v":0},{"$f":"IF(ISNA(INDEX(CTS!$Q:$Q,MATCH(E27,CTS!$E:$E,0))),\"\",(INDEX(CTS!$Q:$Q,MATCH(E27,CTS!$E:$E,0))))","v":1954.621848739496},{"$f":"IF(ISNA(INDEX(CTS!$S:$S,MATCH(E27,CTS!$E:$E,0))),\"\",(INDEX(CTS!$S:$S,MATCH(E27,CTS!$E:$E,0))))","v":371.37815126050424},{"$f":"IF(ISNA(INDEX(CTS!$T:$T,MATCH(E27,CTS!$E:$E,0))),\"\",(INDEX(CTS!$T:$T,MATCH(E27,CTS!$E:$E,0))))","v":2326.0000000000005},{"$f":"IF(ISNA(INDEX(CTS!$U:$U,MATCH(E27,CTS!$E:$E,0))),\"\",(INDEX(CTS!$U:$U,MATCH(E27,CTS!$E:$E,0))))","v":1},{"$f":"IF(ISNA(INDEX(CTS!$V:$V,MATCH(E27,CTS!$E:$E,0))),\"\",(INDEX(CTS!$V:$V,MATCH(E27,CTS!$E:$E,0))))","v":2325.0000000000005},{"$f":"IFERROR(INDEX(CTS!$A:$A,MATCH(E27,CTS!$E:$E,0)),\".\")","v":"P"},{"$f":"IFERROR(IFERROR(INDEX(#REF!,MATCH(E27,#REF!,0)),IFERROR(INDEX(#REF!,MATCH(E27,#REF!,0)),INDEX(#REF!,MATCH(E27,#REF!,0)) )),\".\")","v":"."},null,{"$f":"IFERROR(VLOOKUP(E27,#REF!,8,FALSE),IFERROR(VLOOKUP(E27,#REF!,8,FALSE),IFERROR(VLOOKUP(E27,#REF!,8,FALSE),\"\")))","v":""},".-.",null,22,{"$f":"SUMIFS($L27:$L$99999,$B27:$B$99999,$U27,$C27:$C$99999,V$5)","v":0},{"$f":"SUMIFS($L27:$L$99999,$B27:$B$99999,$U27,$C27:$C$99999,W$5)","v":30024.9}]
[23,{"$f":"IFERROR(DAY(CTR[[#This Row],[Date]]),\"\")","v":4},{"$f":"IFERROR(MONTH(CTR[[#This Row],[Date]]),\"\")","v":1},{"$f":"IF(ISNA(INDEX(CTS!C:C,MATCH(E28,CTS!$E:$E,0))),\"\",(INDEX(CTS!C:C,MATCH(E28,CTS!$E:$E,0))))","v":44200},"01-023",{"$f":"IF(ISNA(INDEX(CTS!$F:$F,MATCH(E28,CTS!$E:$E,0))),\"\",(INDEX(CTS!$F:$F,MATCH(E28,CTS!$E:$E,0))))","v":"CLIENT"},{"$f":"IF(ISNA(INDEX(CTS!$N:$N,MATCH(E28,CTS!$E:$E,0))),\"\",(INDEX(CTS!$N:$N,MATCH(E28,CTS!$E:$E,0))))","v":2907.5630252100841},{"$f":"IF(ISNA(INDEX(CTS!$O:$O,MATCH(E28,CTS!$E:$E,0))),\"\",(INDEX(CTS!$O:$O,MATCH(E28,CTS!$E:$E,0))))","v":0},{"$f":"IF(ISNA(INDEX(CTS!$P:$P,MATCH(E28,CTS!$E:$E,0))),\"\",(INDEX(CTS!$P:$P,MATCH(E28,CTS!$E:$E,0))))","v":0},{"$f":"IF(ISNA(INDEX(CTS!$Q:$Q,MATCH(E28,CTS!$E:$E,0))),\"\",(INDEX(CTS!$Q:$Q,MATCH(E28,CTS!$E:$E,0))))","v":2907.5630252100841},{"$f":"IF(ISNA(INDEX(CTS!$S:$S,MATCH(E28,CTS!$E:$E,0))),\"\",(INDEX(CTS!$S:$S,MATCH(E28,CTS!$E:$E,0))))","v":552.43697478991601},{"$f":"IF(ISNA(INDEX(CTS!$T:$T,MATCH(E28,CTS!$E:$E,0))),\"\",(INDEX(CTS!$T:$T,MATCH(E28,CTS!$E:$E,0))))","v":3460},{"$f":"IF(ISNA(INDEX(CTS!$U:$U,MATCH(E28,CTS!$E:$E,0))),\"\",(INDEX(CTS!$U:$U,MATCH(E28,CTS!$E:$E,0))))","v":0},{"$f":"IF(ISNA(INDEX(CTS!$V:$V,MATCH(E28,CTS!$E:$E,0))),\"\",(INDEX(CTS!$V:$V,MATCH(E28,CTS!$E:$E,0))))","v":3460},{"$f":"IFERROR(INDEX(CTS!$A:$A,MATCH(E28,CTS!$E:$E,0)),\".\")","v":"P"},{"$f":"IFERROR(IFERROR(INDEX(#REF!,MATCH(E28,#REF!,0)),IFERROR(INDEX(#REF!,MATCH(E28,#REF!,0)),INDEX(#REF!,MATCH(E28,#REF!,0)) )),\".\")","v":"."},null,{"$f":"IFERROR(VLOOKUP(E28,#REF!,8,FALSE),IFERROR(VLOOKUP(E28,#REF!,8,FALSE),IFERROR(VLOOKUP(E28,#REF!,8,FALSE),\"\")))","v":""},".-.",null,23,{"$f":"SUMIFS($L28:$L$99999,$B28:$B$99999,$U28,$C28:$C$99999,V$5)","v":0},{"$f":"SUMIFS($L28:$L$99999,$B28:$B$99999,$U28,$C28:$C$99999,W$5)","v":25002.800000000552}]
[24,{"$f":"IFERROR(DAY(CTR[[#This Row],[Date]]),\"\")","v":4},{"$f":"IFERROR(MONTH(CTR[[#This Row],[Date]]),\"\")","v":1},{"$f":"IF(ISNA(INDEX(CTS!C:C,MATCH(E29,CTS!$E:$E,0))),\"\",(INDEX(CTS!C:C,MATCH(E29,CTS!$E:$E,0))))","v":44200},"01-024",{"$f":"IF(ISNA(INDEX(CTS!$F:$F,MATCH(E29,CTS!$E:$E,0))),\"\",(INDEX(CTS!$F:$F,MATCH(E29,CTS!$E:$E,0))))","v":"CLIENT"},{"$f":"IF(ISNA(INDEX(CTS!$N:$N,MATCH(E29,CTS!$E:$E,0))),\"\",(INDEX(CTS!$N:$N,MATCH(E29,CTS!$E:$E,0))))","v":33.613445378151262},{"$f":"IF(ISNA(INDEX(CTS!$O:$O,MATCH(E29,CTS!$E:$E,0))),\"\",(INDEX(CTS!$O:$O,MATCH(E29,CTS!$E:$E,0))))","v":0},{"$f":"IF(ISNA(INDEX(CTS!$P:$P,MATCH(E29,CTS!$E:$E,0))),\"\",(INDEX(CTS!$P:$P,MATCH(E29,CTS!$E:$E,0))))","v":0},{"$f":"IF(ISNA(INDEX(CTS!$Q:$Q,MATCH(E29,CTS!$E:$E,0))),\"\",(INDEX(CTS!$Q:$Q,MATCH(E29,CTS!$E:$E,0))))","v":33.613445378151262},{"$f":"IF(ISNA(INDEX(CTS!$S:$S,MATCH(E29,CTS!$E:$E,0))),\"\",(INDEX(CTS!$S:$S,MATCH(E29,CTS!$E:$E,0))))","v":6.3865546218487399},{"$f":"IF(ISNA(INDEX(CTS!$T:$T,MATCH(E29,CTS!$E:$E,0))),\"\",(INDEX(CTS!$T:$T,MATCH(E29,CTS!$E:$E,0))))","v":40},{"$f":"IF(ISNA(INDEX(CTS!$U:$U,MATCH(E29,CTS!$E:$E,0))),\"\",(INDEX(CTS!$U:$U,MATCH(E29,CTS!$E:$E,0))))","v":0},{"$f":"IF(ISNA(INDEX(CTS!$V:$V,MATCH(E29,CTS!$E:$E,0))),\"\",(INDEX(CTS!$V:$V,MATCH(E29,CTS!$E:$E,0))))","v":40},{"$f":"IFERROR(INDEX(CTS!$A:$A,MATCH(E29,CTS!$E:$E,0)),\".\")","v":"P"},{"$f":"IFERROR(IFERROR(INDEX(#REF!,MATCH(E29,#REF!,0)),IFERROR(INDEX(#REF!,MATCH(E29,#REF!,0)),INDEX(#REF!,MATCH(E29,#REF!,0)) )),\".\")","v":"."},null,{"$f":"IFERROR(VLOOKUP(E29,#REF!,8,FALSE),IFERROR(VLOOKUP(E29,#REF!,8,FALSE),IFERROR(VLOOKUP(E29,#REF!,8,FALSE),\"\")))","v":""},".-.",null,24,{"$f":"SUMIFS($L29:$L$99999,$B29:$B$99999,$U29,$C29:$C$99999,V$5)","v":78498},{"$f":"SUMIFS($L29:$L$99999,$B29:$B$99999,$U29,$C29:$C$99999,W$5)","v":51014.998299999999}]
[25,{"$f":"IFERROR(DAY(CTR[[#This Row],[Date]]),\"\")","v":4},{"$f":"IFERROR(MONTH(CTR[[#This Row],[Date]]),\"\")","v":1},{"$f":"IF(ISNA(INDEX(CTS!C:C,MATCH(E30,CTS!$E:$E,0))),\"\",(INDEX(CTS!C:C,MATCH(E30,CTS!$E:$E,0))))","v":44200},"01-025",{"$f":"IF(ISNA(INDEX(CTS!$F:$F,MATCH(E30,CTS!$E:$E,0))),\"\",(INDEX(CTS!$F:$F,MATCH(E30,CTS!$E:$E,0))))","v":"CLIENT"},{"$f":"IF(ISNA(INDEX(CTS!$N:$N,MATCH(E30,CTS!$E:$E,0))),\"\",(INDEX(CTS!$N:$N,MATCH(E30,CTS!$E:$E,0))))","v":1596.6386554621849},{"$f":"IF(ISNA(INDEX(CTS!$O:$O,MATCH(E30,CTS!$E:$E,0))),\"\",(INDEX(CTS!$O:$O,MATCH(E30,CTS!$E:$E,0))))","v":0},{"$f":"IF(ISNA(INDEX(CTS!$P:$P,MATCH(E30,CTS!$E:$E,0))),\"\",(INDEX(CTS!$P:$P,MATCH(E30,CTS!$E:$E,0))))","v":0},{"$f":"IF(ISNA(INDEX(CTS!$Q:$Q,MATCH(E30,CTS!$E:$E,0))),\"\",(INDEX(CTS!$Q:$Q,MATCH(E30,CTS!$E:$E,0))))","v":1596.6386554621849},{"$f":"IF(ISNA(INDEX(CTS!$S:$S,MATCH(E30,CTS!$E:$E,0))),\"\",(INDEX(CTS!$S:$S,MATCH(E30,CTS!$E:$E,0))))","v":303.36134453781517},{"$f":"IF(ISNA(INDEX(CTS!$T:$T,MATCH(E30,CTS!$E:$E,0))),\"\",(INDEX(CTS!$T:$T,MATCH(E30,CTS!$E:$E,0))))","v":1900},{"$f":"IF(ISNA(INDEX(CTS!$U:$U,MATCH(E30,CTS!$E:$E,0))),\"\",(INDEX(CTS!$U:$U,MATCH(E30,CTS!$E:$E,0))))","v":0},{"$f":"IF(ISNA(INDEX(CTS!$V:$V,MATCH(E30,CTS!$E:$E,0))),\"\",(INDEX(CTS!$V:$V,MATCH(E30,CTS!$E:$E,0))))","v":1900},{"$f":"IFERROR(INDEX(CTS!$A:$A,MATCH(E30,CTS!$E:$E,0)),\".\")","v":"P"},{"$f":"IFERROR(IFERROR(INDEX(#REF!,MATCH(E30,#REF!,0)),IFERROR(INDEX(#REF!,MATCH(E30,#REF!,0)),INDEX(#REF!,MATCH(E30,#REF!,0)) )),\".\")","v":"."},null,{"$f":"IFERROR(VLOOKUP(E30,#REF!,8,FALSE),IFERROR(VLOOKUP(E30,#REF!,8,FALSE),IFERROR(VLOOKUP(E30,#REF!,8,FALSE),\"\")))","v":""},".-.",null,25,{"$f":"SUMIFS($L30:$L$99999,$B30:$B$99999,$U30,$C30:$C$99999,V$5)","v":35345},{"$f":"SUMIFS($L30:$L$99999,$B30:$B$99999,$U30,$C30:$C$99999,W$5)","v":35556.44}]
[26,{"$f":"IFERROR(DAY(CTR[[#This Row],[Date]]),\"\")","v":4},{"$f":"IFERROR(MONTH(CTR[[#This Row],[Date]]),\"\")","v":1},{"$f":"IF(ISNA(INDEX(CTS!C:C,MATCH(E31,CTS!$E:$E,0))),\"\",(INDEX(CTS!C:C,MATCH(E31,CTS!$E:$E,0))))","v":44200},"01-026",{"$f":"IF(ISNA(INDEX(CTS!$F:$F,MATCH(E31,CTS!$E:$E,0))),\"\",(INDEX(CTS!$F:$F,MATCH(E31,CTS!$E:$E,0))))","v":"CLIENT"},{"$f":"IF(ISNA(INDEX(CTS!$N:$N,MATCH(E31,CTS!$E:$E,0))),\"\",(INDEX(CTS!$N:$N,MATCH(E31,CTS!$E:$E,0))))","v":33.613445378151262},{"$f":"IF(ISNA(INDEX(CTS!$O:$O,MATCH(E31,CTS!$E:$E,0))),\"\",(INDEX(CTS!$O:$O,MATCH(E31,CTS!$E:$E,0))))","v":0},{"$f":"IF(ISNA(INDEX(CTS!$P:$P,MATCH(E31,CTS!$E:$E,0))),\"\",(INDEX(CTS!$P:$P,MATCH(E31,CTS!$E:$E,0))))","v":0},{"$f":"IF(ISNA(INDEX(CTS!$Q:$Q,MATCH(E31,CTS!$E:$E,0))),\"\",(INDEX(CTS!$Q:$Q,MATCH(E31,CTS!$E:$E,0))))","v":33.613445378151262},{"$f":"IF(ISNA(INDEX(CTS!$S:$S,MATCH(E31,CTS!$E:$E,0))),\"\",(INDEX(CTS!$S:$S,MATCH(E31,CTS!$E:$E,0))))","v":6.3865546218487399},{"$f":"IF(ISNA(INDEX(CTS!$T:$T,MATCH(E31,CTS!$E:$E,0))),\"\",(INDEX(CTS!$T:$T,MATCH(E31,CTS!$E:$E,0))))","v":40},{"$f":"IF(ISNA(INDEX(CTS!$U:$U,MATCH(E31,CTS!$E:$E,0))),\"\",(INDEX(CTS!$U:$U,MATCH(E31,CTS!$E:$E,0))))","v":0},{"$f":"IF(ISNA(INDEX(CTS!$V:$V,MATCH(E31,CTS!$E:$E,0))),\"\",(INDEX(CTS!$V:$V,MATCH(E31,CTS!$E:$E,0))))","v":40},{"$f":"IFERROR(INDEX(CTS!$A:$A,MATCH(E31,CTS!$E:$E,0)),\".\")","v":"P"},{"$f":"IFERROR(IFERROR(INDEX(#REF!,MATCH(E31,#REF!,0)),IFERROR(INDEX(#REF!,MATCH(E31,#REF!,0)),INDEX(#REF!,MATCH(E31,#REF!,0)) )),\".\")","v":"."},null,{"$f":"IFERROR(VLOOKUP(E31,#REF!,8,FALSE),IFERROR(VLOOKUP(E31,#REF!,8,FALSE),IFERROR(VLOOKUP(E31,#REF!,8,FALSE),\"\")))","v":""},".-.",null,26,{"$f":"SUMIFS($L31:$L$99999,$B31:$B$99999,$U31,$C31:$C$99999,V$5)","v":84648.424000000014},{"$f":"SUMIFS($L31:$L$99999,$B31:$B$99999,$U31,$C31:$C$99999,W$5)","v":0}]
[27,{"$f":"IFERROR(DAY(CTR[[#This Row],[Date]]),\"\")","v":4},{"$f":"IFERROR(MONTH(CTR[[#This Row],[Date]]),\"\")","v":1},{"$f":"IF(ISNA(INDEX(CTS!C:C,MATCH(E32,CTS!$E:$E,0))),\"\",(INDEX(CTS!C:C,MATCH(E32,CTS!$E:$E,0))))","v":44200},"01-027",{"$f":"IF(ISNA(INDEX(CTS!$F:$F,MATCH(E32,CTS!$E:$E,0))),\"\",(INDEX(CTS!$F:$F,MATCH(E32,CTS!$E:$E,0))))","v":"CLIENT"},{"$f":"IF(ISNA(INDEX(CTS!$N:$N,MATCH(E32,CTS!$E:$E,0))),\"\",(INDEX(CTS!$N:$N,MATCH(E32,CTS!$E:$E,0))))","v":65.546218487394967},{"$f":"IF(ISNA(INDEX(CTS!$O:$O,MATCH(E32,CTS!$E:$E,0))),\"\",(INDEX(CTS!$O:$O,MATCH(E32,CTS!$E:$E,0))))","v":0},{"$f":"IF(ISNA(INDEX(CTS!$P:$P,MATCH(E32,CTS!$E:$E,0))),\"\",(INDEX(CTS!$P:$P,MATCH(E32,CTS!$E:$E,0))))","v":0},{"$f":"IF(ISNA(INDEX(CTS!$Q:$Q,MATCH(E32,CTS!$E:$E,0))),\"\",(INDEX(CTS!$Q:$Q,MATCH(E32,CTS!$E:$E,0))))","v":65.546218487394967},{"$f":"IF(ISNA(INDEX(CTS!$S:$S,MATCH(E32,CTS!$E:$E,0))),\"\",(INDEX(CTS!$S:$S,MATCH(E32,CTS!$E:$E,0))))","v":12.453781512605044},{"$f":"IF(ISNA(INDEX(CTS!$T:$T,MATCH(E32,CTS!$E:$E,0))),\"\",(INDEX(CTS!$T:$T,MATCH(E32,CTS!$E:$E,0))))","v":78.000000000000014},{"$f":"IF(ISNA(INDEX(CTS!$U:$U,MATCH(E32,CTS!$E:$E,0))),\"\",(INDEX(CTS!$U:$U,MATCH(E32,CTS!$E:$E,0))))","v":2},{"$f":"IF(ISNA(INDEX(CTS!$V:$V,MATCH(E32,CTS!$E:$E,0))),\"\",(INDEX(CTS!$V:$V,MATCH(E32,CTS!$E:$E,0))))","v":76.000000000000014},{"$f":"IFERROR(INDEX(CTS!$A:$A,MATCH(E32,CTS!$E:$E,0)),\".\")","v":"P"},{"$f":"IFERROR(IFERROR(INDEX(#REF!,MATCH(E32,#REF!,0)),IFERROR(INDEX(#REF!,MATCH(E32,#REF!,0)),INDEX(#REF!,MATCH(E32,#REF!,0)) )),\".\")","v":"."},null,{"$f":"IFERROR(VLOOKUP(E32,#REF!,8,FALSE),IFERROR(VLOOKUP(E32,#REF!,8,FALSE),IFERROR(VLOOKUP(E32,#REF!,8,FALSE),\"\")))","v":""},".-.",null,27,{"$f":"SUMIFS($L32:$L$99999,$B32:$B$99999,$U32,$C32:$C$99999,V$5)","v":18623},{"$f":"SUMIFS($L32:$L$99999,$B32:$B$99999,$U32,$C32:$C$99999,W$5)","v":0}]
[28,{"$f":"IFERROR(DAY(CTR[[#This Row],[Date]]),\"\")","v":4},{"$f":"IFERROR(MONTH(CTR[[#This Row],[Date]]),\"\")","v":1},{"$f":"IF(ISNA(INDEX(CTS!C:C,MATCH(E33,CTS!$E:$E,0))),\"\",(INDEX(CTS!C:C,MATCH(E33,CTS!$E:$E,0))))","v":44200},"01-028",{"$f":"IF(ISNA(INDEX(CTS!$F:$F,MATCH(E33,CTS!$E:$E,0))),\"\",(INDEX(CTS!$F:$F,MATCH(E33,CTS!$E:$E,0))))","v":"CLIENT"},{"$f":"IF(ISNA(INDEX(CTS!$N:$N,MATCH(E33,CTS!$E:$E,0))),\"\",(INDEX(CTS!$N:$N,MATCH(E33,CTS!$E:$E,0))))","v":84.033613445378151},{"$f":"IF(ISNA(INDEX(CTS!$O:$O,MATCH(E33,CTS!$E:$E,0))),\"\",(INDEX(CTS!$O:$O,MATCH(E33,CTS!$E:$E,0))))","v":0},{"$f":"IF(ISNA(INDEX(CTS!$P:$P,MATCH(E33,CTS!$E:$E,0))),\"\",(INDEX(CTS!$P:$P,MATCH(E33,CTS!$E:$E,0))))","v":0},{"$f":"IF(ISNA(INDEX(CTS!$Q:$Q,MATCH(E33,CTS!$E:$E,0))),\"\",(INDEX(CTS!$Q:$Q,MATCH(E33,CTS!$E:$E,0))))","v":84.033613445378151},{"$f":"IF(ISNA(INDEX(CTS!$S:$S,MATCH(E33,CTS!$E:$E,0))),\"\",(INDEX(CTS!$S:$S,MATCH(E33,CTS!$E:$E,0))))","v":15.966386554621849},{"$f":"IF(ISNA(INDEX(CTS!$T:$T,MATCH(E33,CTS!$E:$E,0))),\"\",(INDEX(CTS!$T:$T,MATCH(E33,CTS!$E:$E,0))))","v":100},{"$f":"IF(ISNA(INDEX(CTS!$U:$U,MATCH(E33,CTS!$E:$E,0))),\"\",(INDEX(CTS!$U:$U,MATCH(E33,CTS!$E:$E,0))))","v":0},{"$f":"IF(ISNA(INDEX(CTS!$V:$V,MATCH(E33,CTS!$E:$E,0))),\"\",(INDEX(CTS!$V:$V,MATCH(E33,CTS!$E:$E,0))))","v":100},{"$f":"IFERROR(INDEX(CTS!$A:$A,MATCH(E33,CTS!$E:$E,0)),\".\")","v":"P"},{"$f":"IFERROR(IFERROR(INDEX(#REF!,MATCH(E33,#REF!,0)),IFERROR(INDEX(#REF!,MATCH(E33,#REF!,0)),INDEX(#REF!,MATCH(E33,#REF!,0)) )),\".\")","v":"."},null,{"$f":"IFERROR(VLOOKUP(E33,#REF!,8,FALSE),IFERROR(VLOOKUP(E33,#REF!,8,FALSE),IFERROR(VLOOKUP(E33,#REF!,8,FALSE),\"\")))","v":""},".-.",null,28,{"$f":"SUMIFS($L33:$L$99999,$B33:$B$99999,$U33,$C33:$C$99999,V$5)","v":30041.000000001099},{"$f":"SUMIFS($L33:$L$99999,$B33:$B$99999,$U33,$C33:$C$99999,W$5)","v":25214.456000000551}]
[29,{"$f":"IFERROR(DAY(CTR[[#This Row],[Date]]),\"\")","v":4},{"$f":"IFERROR(MONTH(CTR[[#This Row],[Date]]),\"\")","v":1},{"$f":"IF(ISNA(INDEX(CTS!C:C,MATCH(E34,CTS!$E:$E,0))),\"\",(INDEX(CTS!C:C,MATCH(E34,CTS!$E:$E,0))))","v":44200},"01-029",{"$f":"IF(ISNA(INDEX(CTS!$F:$F,MATCH(E34,CTS!$E:$E,0))),\"\",(INDEX(CTS!$F:$F,MATCH(E34,CTS!$E:$E,0))))","v":"CLIENT"},{"$f":"IF(ISNA(INDEX(CTS!$N:$N,MATCH(E34,CTS!$E:$E,0))),\"\",(INDEX(CTS!$N:$N,MATCH(E34,CTS!$E:$E,0))))","v":285.71428571428572},{"$f":"IF(ISNA(INDEX(CTS!$O:$O,MATCH(E34,CTS!$E:$E,0))),\"\",(INDEX(CTS!$O:$O,MATCH(E34,CTS!$E:$E,0))))","v":0},{"$f":"IF(ISNA(INDEX(CTS!$P:$P,MATCH(E34,CTS!$E:$E,0))),\"\",(INDEX(CTS!$P:$P,MATCH(E34,CTS!$E:$E,0))))","v":0},{"$f":"IF(ISNA(INDEX(CTS!$Q:$Q,MATCH(E34,CTS!$E:$E,0))),\"\",(INDEX(CTS!$Q:$Q,MATCH(E34,CTS!$E:$E,0))))","v":285.71428571428572},{"$f":"IF(ISNA(INDEX(CTS!$S:$S,MATCH(E34,CTS!$E:$E,0))),\"\",(INDEX(CTS!$S:$S,MATCH(E34,CTS!$E:$E,0))))","v":54.285714285714292},{"$f":"IF(ISNA(INDEX(CTS!$T:$T,MATCH(E34,CTS!$E:$E,0))),\"\",(INDEX(CTS!$T:$T,MATCH(E34,CTS!$E:$E,0))))","v":340},{"$f":"IF(ISNA(INDEX(CTS!$U:$U,MATCH(E34,CTS!$E:$E,0))),\"\",(INDEX(CTS!$U:$U,MATCH(E34,CTS!$E:$E,0))))","v":0},{"$f":"IF(ISNA(INDEX(CTS!$V:$V,MATCH(E34,CTS!$E:$E,0))),\"\",(INDEX(CTS!$V:$V,MATCH(E34,CTS!$E:$E,0))))","v":340},{"$f":"IFERROR(INDEX(CTS!$A:$A,MATCH(E34,CTS!$E:$E,0)),\".\")","v":"p"},{"$f":"IFERROR(IFERROR(INDEX(#REF!,MATCH(E34,#REF!,0)),IFERROR(INDEX(#REF!,MATCH(E34,#REF!,0)),INDEX(#REF!,MATCH(E34,#REF!,0)) )),\".\")","v":"."},null,{"$f":"IFERROR(VLOOKUP(E34,#REF!,8,FALSE),IFERROR(VLOOKUP(E34,#REF!,8,FALSE),IFERROR(VLOOKUP(E34,#REF!,8,FALSE),\"\")))","v":""},".-.",null,29,{"$f":"SUMIFS($L34:$L$99999,$B34:$B$99999,$U34,$C34:$C$99999,V$5)","v":0},{"$f":"SUMIFS($L34:$L$99999,$B34:$B$99999,$U34,$C34:$C$99999,W$5)","v":0}]
[30,{"$f":"IFERROR(DAY(CTR[[#This Row],[Date]]),\"\")","v":4},{"$f":"IFERROR(MONTH(CTR[[#This Row],[Date]]),\"\")","v":1},{"$f":"IF(ISNA(INDEX(CTS!C:C,MATCH(E35,CTS!$E:$E,0))),\"\",(INDEX(CTS!C:C,MATCH(E35,CTS!$E:$E,0))))","v":44200},"01-030",{"$f":"IF(ISNA(INDEX(CTS!$F:$F,MATCH(E35,CTS!$E:$E,0))),\"\",(INDEX(CTS!$F:$F,MATCH(E35,CTS!$E:$E,0))))","v":"CLIENT"},{"$f":"IF(ISNA(INDEX(CTS!$N:$N,MATCH(E35,CTS!$E:$E,0))),\"\",(INDEX(CTS!$N:$N,MATCH(E35,CTS!$E:$E,0))))","v":1047.0588235294119},{"$f":"IF(ISNA(INDEX(CTS!$O:$O,MATCH(E35,CTS!$E:$E,0))),\"\",(INDEX(CTS!$O:$O,MATCH(E35,CTS!$E:$E,0))))","v":0},{"$f":"IF(ISNA(INDEX(CTS!$P:$P,MATCH(E35,CTS!$E:$E,0))),\"\",(INDEX(CTS!$P:$P,MATCH(E35,CTS!$E:$E,0))))","v":0},{"$f":"IF(ISNA(INDEX(CTS!$Q:$Q,MATCH(E35,CTS!$E:$E,0))),\"\",(INDEX(CTS!$Q:$Q,MATCH(E35,CTS!$E:$E,0))))","v":1047.0588235294119},{"$f":"IF(ISNA(INDEX(CTS!$S:$S,MATCH(E35,CTS!$E:$E,0))),\"\",(INDEX(CTS!$S:$S,MATCH(E35,CTS!$E:$E,0))))","v":198.94117647058826},{"$f":"IF(ISNA(INDEX(CTS!$T:$T,MATCH(E35,CTS!$E:$E,0))),\"\",(INDEX(CTS!$T:$T,MATCH(E35,CTS!$E:$E,0))))","v":1246.0000000000002},{"$f":"IF(ISNA(INDEX(CTS!$U:$U,MATCH(E35,CTS!$E:$E,0))),\"\",(INDEX(CTS!$U:$U,MATCH(E35,CTS!$E:$E,0))))","v":6},{"$f":"IF(ISNA(INDEX(CTS!$V:$V,MATCH(E35,CTS!$E:$E,0))),\"\",(INDEX(CTS!$V:$V,MATCH(E35,CTS!$E:$E,0))))","v":1240.0000000000002},{"$f":"IFERROR(INDEX(CTS!$A:$A,MATCH(E35,CTS!$E:$E,0)),\".\")","v":"p"},{"$f":"IFERROR(IFERROR(INDEX(#REF!,MATCH(E35,#REF!,0)),IFERROR(INDEX(#REF!,MATCH(E35,#REF!,0)),INDEX(#REF!,MATCH(E35,#REF!,0)) )),\".\")","v":"."},null,{"$f":"IFERROR(VLOOKUP(E35,#REF!,8,FALSE),IFERROR(VLOOKUP(E35,#REF!,8,FALSE),IFERROR(VLOOKUP(E35,#REF!,8,FALSE),\"\")))","v":""},".-.",null,30,{"$f":"SUMIFS($L35:$L$99999,$B35:$B$99999,$U35,$C35:$C$99999,V$5)","v":0},{"$f":"SUMIFS($L35:$L$99999,$B35:$B$99999,$U35,$C35:$C$99999,W$5)","v":0}]
[31,{"$f":"IFERROR(DAY(CTR[[#This Row],[Date]]),\"\")","v":4},{"$f":"IFERROR(MONTH(CTR[[#This Row],[Date]]),\"\")","v":1},{"$f":"IF(ISNA(INDEX(CTS!C:C,MATCH(E36,CTS!$E:$E,0))),\"\",(INDEX(CTS!C:C,MATCH(E36,CTS!$E:$E,0))))","v":44200},"01-031",{"$f":"IF(ISNA(INDEX(CTS!$F:$F,MATCH(E36,CTS!$E:$E,0))),\"\",(INDEX(CTS!$F:$F,MATCH(E36,CTS!$E:$E,0))))","v":"CLIENT"},{"$f":"IF(ISNA(INDEX(CTS!$N:$N,MATCH(E36,CTS!$E:$E,0))),\"\",(INDEX(CTS!$N:$N,MATCH(E36,CTS!$E:$E,0))))","v":10504.20168067227},{"$f":"IF(ISNA(INDEX(CTS!$O:$O,MATCH(E36,CTS!$E:$E,0))),\"\",(INDEX(CTS!$O:$O,MATCH(E36,CTS!$E:$E,0))))","v":0},{"$f":"IF(ISNA(INDEX(CTS!$P:$P,MATCH(E36,CTS!$E:$E,0))),\"\",(INDEX(CTS!$P:$P,MATCH(E36,CTS!$E:$E,0))))","v":0},{"$f":"IF(ISNA(INDEX(CTS!$Q:$Q,MATCH(E36,CTS!$E:$E,0))),\"\",(INDEX(CTS!$Q:$Q,MATCH(E36,CTS!$E:$E,0))))","v":10504.20168067227},{"$f":"IF(ISNA(INDEX(CTS!$S:$S,MATCH(E36,CTS!$E:$E,0))),\"\",(INDEX(CTS!$S:$S,MATCH(E36,CTS!$E:$E,0))))","v":1995.7983193277314},{"$f":"IF(ISNA(INDEX(CTS!$T:$T,MATCH(E36,CTS!$E:$E,0))),\"\",(INDEX(CTS!$T:$T,MATCH(E36,CTS!$E:$E,0))))","v":12500},{"$f":"IF(ISNA(INDEX(CTS!$U:$U,MATCH(E36,CTS!$E:$E,0))),\"\",(INDEX(CTS!$U:$U,MATCH(E36,CTS!$E:$E,0))))","v":0},{"$f":"IF(ISNA(INDEX(CTS!$V:$V,MATCH(E36,CTS!$E:$E,0))),\"\",(INDEX(CTS!$V:$V,MATCH(E36,CTS!$E:$E,0))))","v":12500},{"$f":"IFERROR(INDEX(CTS!$A:$A,MATCH(E36,CTS!$E:$E,0)),\".\")","v":"p"},{"$f":"IFERROR(IFERROR(INDEX(#REF!,MATCH(E36,#REF!,0)),IFERROR(INDEX(#REF!,MATCH(E36,#REF!,0)),INDEX(#REF!,MATCH(E36,#REF!,0)) )),\".\")","v":"."},null,{"$f":"IFERROR(VLOOKUP(E36,#REF!,8,FALSE),IFERROR(VLOOKUP(E36,#REF!,8,FALSE),IFERROR(VLOOKUP(E36,#REF!,8,FALSE),\"\")))","v":""},".-.",null,31,{"$f":"SUMIFS($L36:$L$99999,$B36:$B$99999,$U36,$C36:$C$99999,V$5)","v":20450.567999999999},{"$f":"SUMIFS($L36:$L$99999,$B36:$B$99999,$U36,$C36:$C$99999,W$5)","v":0}]
[32,{"$f":"IFERROR(DAY(CTR[[#This Row],[Date]]),\"\")","v":3},{"$f":"IFERROR(MONTH(CTR[[#This Row],[Date]]),\"\")","v":1},{"$f":"IF(ISNA(INDEX(CTS!C:C,MATCH(E37,CTS!$E:$E,0))),\"\",(INDEX(CTS!C:C,MATCH(E37,CTS!$E:$E,0))))","v":44199},"01-032",{"$f":"IF(ISNA(INDEX(CTS!$F:$F,MATCH(E37,CTS!$E:$E,0))),\"\",(INDEX(CTS!$F:$F,MATCH(E37,CTS!$E:$E,0))))","v":"CLIENT"},{"$f":"IF(ISNA(INDEX(CTS!$N:$N,MATCH(E37,CTS!$E:$E,0))),\"\",(INDEX(CTS!$N:$N,MATCH(E37,CTS!$E:$E,0))))","v":310.92436974789916},{"$f":"IF(ISNA(INDEX(CTS!$O:$O,MATCH(E37,CTS!$E:$E,0))),\"\",(INDEX(CTS!$O:$O,MATCH(E37,CTS!$E:$E,0))))","v":0},{"$f":"IF(ISNA(INDEX(CTS!$P:$P,MATCH(E37,CTS!$E:$E,0))),\"\",(INDEX(CTS!$P:$P,MATCH(E37,CTS!$E:$E,0))))","v":0},{"$f":"IF(ISNA(INDEX(CTS!$Q:$Q,MATCH(E37,CTS!$E:$E,0))),\"\",(INDEX(CTS!$Q:$Q,MATCH(E37,CTS!$E:$E,0))))","v":310.92436974789916},{"$f":"IF(ISNA(INDEX(CTS!$S:$S,MATCH(E37,CTS!$E:$E,0))),\"\",(INDEX(CTS!$S:$S,MATCH(E37,CTS!$E:$E,0))))","v":59.075630252100851},{"$f":"IF(ISNA(INDEX(CTS!$T:$T,MATCH(E37,CTS!$E:$E,0))),\"\",(INDEX(CTS!$T:$T,MATCH(E37,CTS!$E:$E,0))))","v":370},{"$f":"IF(ISNA(INDEX(CTS!$U:$U,MATCH(E37,CTS!$E:$E,0))),\"\",(INDEX(CTS!$U:$U,MATCH(E37,CTS!$E:$E,0))))","v":0},{"$f":"IF(ISNA(INDEX(CTS!$V:$V,MATCH(E37,CTS!$E:$E,0))),\"\",(INDEX(CTS!$V:$V,MATCH(E37,CTS!$E:$E,0))))","v":370},{"$f":"IFERROR(INDEX(CTS!$A:$A,MATCH(E37,CTS!$E:$E,0)),\".\")","v":"P"},{"$f":"IFERROR(IFERROR(INDEX(#REF!,MATCH(E37,#REF!,0)),IFERROR(INDEX(#REF!,MATCH(E37,#REF!,0)),INDEX(#REF!,MATCH(E37,#REF!,0)) )),\".\")","v":"."},null,{"$f":"IFERROR(VLOOKUP(E37,#REF!,8,FALSE),IFERROR(VLOOKUP(E37,#REF!,8,FALSE),IFERROR(VLOOKUP(E37,#REF!,8,FALSE),\"\")))","v":""},".-.",null,null,{"$f":"SUM(V6:V36)","v":646339.067600001},{"$f":"SUM(W6:W36)","v":639021.72430000326}]
[33,{"$f":"IFERROR(DAY(CTR[[#This Row],[Date]]),\"\")","v":4},{"$f":"IFERROR(MONTH(CTR[[#This Row],[Date]]),\"\")","v":1},{"$f":"IF(ISNA(INDEX(CTS!C:C,MATCH(E38,CTS!$E:$E,0))),\"\",(INDEX(CTS!C:C,MATCH(E38,CTS!$E:$E,0))))","v":44200},"01-033",{"$f":"IF(ISNA(INDEX(CTS!$F:$F,MATCH(E38,CTS!$E:$E,0))),\"\",(INDEX(CTS!$F:$F,MATCH(E38,CTS!$E:$E,0))))","v":"CLIENT"},{"$f":"IF(ISNA(INDEX(CTS!$N:$N,MATCH(E38,CTS!$E:$E,0))),\"\",(INDEX(CTS!$N:$N,MATCH(E38,CTS!$E:$E,0))))","v":210.0840336134454},{"$f":"IF(ISNA(INDEX(CTS!$O:$O,MATCH(E38,CTS!$E:$E,0))),\"\",(INDEX(CTS!$O:$O,MATCH(E38,CTS!$E:$E,0))))","v":0},{"$f":"IF(ISNA(INDEX(CTS!$P:$P,MATCH(E38,CTS!$E:$E,0))),\"\",(INDEX(CTS!$P:$P,MATCH(E38,CTS!$E:$E,0))))","v":0},{"$f":"IF(ISNA(INDEX(CTS!$Q:$Q,MATCH(E38,CTS!$E:$E,0))),\"\",(INDEX(CTS!$Q:$Q,MATCH(E38,CTS!$E:$E,0))))","v":210.0840336134454},{"$f":"IF(ISNA(INDEX(CTS!$S:$S,MATCH(E38,CTS!$E:$E,0))),\"\",(INDEX(CTS!$S:$S,MATCH(E38,CTS!$E:$E,0))))","v":39.915966386554629},{"$f":"IF(ISNA(INDEX(CTS!$T:$T,MATCH(E38,CTS!$E:$E,0))),\"\",(INDEX(CTS!$T:$T,MATCH(E38,CTS!$E:$E,0))))","v":250},{"$f":"IF(ISNA(INDEX(CTS!$U:$U,MATCH(E38,CTS!$E:$E,0))),\"\",(INDEX(CTS!$U:$U,MATCH(E38,CTS!$E:$E,0))))","v":0},{"$f":"IF(ISNA(INDEX(CTS!$V:$V,MATCH(E38,CTS!$E:$E,0))),\"\",(INDEX(CTS!$V:$V,MATCH(E38,CTS!$E:$E,0))))","v":250},{"$f":"IFERROR(INDEX(CTS!$A:$A,MATCH(E38,CTS!$E:$E,0)),\".\")","v":"p"},{"$f":"IFERROR(IFERROR(INDEX(#REF!,MATCH(E38,#REF!,0)),IFERROR(INDEX(#REF!,MATCH(E38,#REF!,0)),INDEX(#REF!,MATCH(E38,#REF!,0)) )),\".\")","v":"."},null,{"$f":"IFERROR(VLOOKUP(E38,#REF!,8,FALSE),IFERROR(VLOOKUP(E38,#REF!,8,FALSE),IFERROR(VLOOKUP(E38,#REF!,8,FALSE),\"\")))","v":""},".-.",null,null,null,{"$f":"V37+W37","v":1285360.7919000043}]
[34,{"$f":"IFERROR(DAY(CTR[[#This Row],[Date]]),\"\")","v":5},{"$f":"IFERROR(MONTH(CTR[[#This Row],[Date]]),\"\")","v":1},{"$f":"IF(ISNA(INDEX(CTS!C:C,MATCH(E39,CTS!$E:$E,0))),\"\",(INDEX(CTS!C:C,MATCH(E39,CTS!$E:$E,0))))","v":44201},"01-034",{"$f":"IF(ISNA(INDEX(CTS!$F:$F,MATCH(E39,CTS!$E:$E,0))),\"\",(INDEX(CTS!$F:$F,MATCH(E39,CTS!$E:$E,0))))","v":"CLIENT"},{"$f":"IF(ISNA(INDEX(CTS!$N:$N,MATCH(E39,CTS!$E:$E,0))),\"\",(INDEX(CTS!$N:$N,MATCH(E39,CTS!$E:$E,0))))","v":211.76470588235298},{"$f":"IF(ISNA(INDEX(CTS!$O:$O,MATCH(E39,CTS!$E:$E,0))),\"\",(INDEX(CTS!$O:$O,MATCH(E39,CTS!$E:$E,0))))","v":0},{"$f":"IF(ISNA(INDEX(CTS!$P:$P,MATCH(E39,CTS!$E:$E,0))),\"\",(INDEX(CTS!$P:$P,MATCH(E39,CTS!$E:$E,0))))","v":0},{"$f":"IF(ISNA(INDEX(CTS!$Q:$Q,MATCH(E39,CTS!$E:$E,0))),\"\",(INDEX(CTS!$Q:$Q,MATCH(E39,CTS!$E:$E,0))))","v":211.76470588235298},{"$f":"IF(ISNA(INDEX(CTS!$S:$S,MATCH(E39,CTS!$E:$E,0))),\"\",(INDEX(CTS!$S:$S,MATCH(E39,CTS!$E:$E,0))))","v":40.235294117647065},{"$f":"IF(ISNA(INDEX(CTS!$T:$T,MATCH(E39,CTS!$E:$E,0))),\"\",(INDEX(CTS!$T:$T,MATCH(E39,CTS!$E:$E,0))))","v":252.00000000000006},{"$f":"IF(ISNA(INDEX(CTS!$U:$U,MATCH(E39,CTS!$E:$E,0))),\"\",(INDEX(CTS!$U:$U,MATCH(E39,CTS!$E:$E,0))))","v":2},{"$f":"IF(ISNA(INDEX(CTS!$V:$V,MATCH(E39,CTS!$E:$E,0))),\"\",(INDEX(CTS!$V:$V,MATCH(E39,CTS!$E:$E,0))))","v":250.00000000000006},{"$f":"IFERROR(INDEX(CTS!$A:$A,MATCH(E39,CTS!$E:$E,0)),\".\")","v":"P"},{"$f":"IFERROR(IFERROR(INDEX(#REF!,MATCH(E39,#REF!,0)),IFERROR(INDEX(#REF!,MATCH(E39,#REF!,0)),INDEX(#REF!,MATCH(E39,#REF!,0)) )),\".\")","v":"."},null,{"$f":"IFERROR(VLOOKUP(E39,#REF!,8,FALSE),IFERROR(VLOOKUP(E39,#REF!,8,FALSE),IFERROR(VLOOKUP(E39,#REF!,8,FALSE),\"\")))","v":""},".-."]
[35,{"$f":"IFERROR(DAY(CTR[[#This Row],[Date]]),\"\")","v":5},{"$f":"IFERROR(MONTH(CTR[[#This Row],[Date]]),\"\")","v":1},{"$f":"IF(ISNA(INDEX(CTS!C:C,MATCH(E40,CTS!$E:$E,0))),\"\",(INDEX(CTS!C:C,MATCH(E40,CTS!$E:$E,0))))","v":44201},"01-035",{"$f":"IF(ISNA(INDEX(CTS!$F:$F,MATCH(E40,CTS!$E:$E,0))),\"\",(INDEX(CTS!$F:$F,MATCH(E40,CTS!$E:$E,0))))","v":"CLIENT"},{"$f":"IF(ISNA(INDEX(CTS!$N:$N,MATCH(E40,CTS!$E:$E,0))),\"\",(INDEX(CTS!$N:$N,MATCH(E40,CTS!$E:$E,0))))","v":84.033613445378165},{"$f":"IF(ISNA(INDEX(CTS!$O:$O,MATCH(E40,CTS!$E:$E,0))),\"\",(INDEX(CTS!$O:$O,MATCH(E40,CTS!$E:$E,0))))","v":0},{"$f":"IF(ISNA(INDEX(CTS!$P:$P,MATCH(E40,CTS!$E:$E,0))),\"\",(INDEX(CTS!$P:$P,MATCH(E40,CTS!$E:$E,0))))","v":0},{"$f":"IF(ISNA(INDEX(CTS!$Q:$Q,MATCH(E40,CTS!$E:$E,0))),\"\",(INDEX(CTS!$Q:$Q,MATCH(E40,CTS!$E:$E,0))))","v":84.033613445378165},{"$f":"IF(ISNA(INDEX(CTS!$S:$S,MATCH(E40,CTS!$E:$E,0))),\"\",(INDEX(CTS!$S:$S,MATCH(E40,CTS!$E:$E,0))))","v":15.966386554621851},{"$f":"IF(ISNA(INDEX(CTS!$T:$T,MATCH(E40,CTS!$E:$E,0))),\"\",(INDEX(CTS!$T:$T,MATCH(E40,CTS!$E:$E,0))))","v":100},{"$f":"IF(ISNA(INDEX(CTS!$U:$U,MATCH(E40,CTS!$E:$E,0))),\"\",(INDEX(CTS!$U:$U,MATCH(E40,CTS!$E:$E,0))))","v":0},{"$f":"IF(ISNA(INDEX(CTS!$V:$V,MATCH(E40,CTS!$E:$E,0))),\"\",(INDEX(CTS!$V:$V,MATCH(E40,CTS!$E:$E,0))))","v":100},{"$f":"IFERROR(INDEX(CTS!$A:$A,MATCH(E40,CTS!$E:$E,0)),\".\")","v":"P"},{"$f":"IFERROR(IFERROR(INDEX(#REF!,MATCH(E40,#REF!,0)),IFERROR(INDEX(#REF!,MATCH(E40,#REF!,0)),INDEX(#REF!,MATCH(E40,#REF!,0)) )),\".\")","v":"."},null,{"$f":"IFERROR(VLOOKUP(E40,#REF!,8,FALSE),IFERROR(VLOOKUP(E40,#REF!,8,FALSE),IFERROR(VLOOKUP(E40,#REF!,8,FALSE),\"\")))","v":""},".-."]
[36,{"$f":"IFERROR(DAY(CTR[[#This Row],[Date]]),\"\")","v":5},{"$f":"IFERROR(MONTH(CTR[[#This Row],[Date]]),\"\")","v":1},{"$f":"IF(ISNA(INDEX(CTS!C:C,MATCH(E41,CTS!$E:$E,0))),\"\",(INDEX(CTS!C:C,MATCH(E41,CTS!$E:$E,0))))","v":44201},"01-036",{"$f":"IF(ISNA(INDEX(CTS!$F:$F,MATCH(E41,CTS!$E:$E,0))),\"\",(INDEX(CTS!$F:$F,MATCH(E41,CTS!$E:$E,0))))","v":"CLIENT"},{"$f":"IF(ISNA(INDEX(CTS!$N:$N,MATCH(E41,CTS!$E:$E,0))),\"\",(INDEX(CTS!$N:$N,MATCH(E41,CTS!$E:$E,0))))","v":415.96638655462186},{"$f":"IF(ISNA(INDEX(CTS!$O:$O,MATCH(E41,CTS!$E:$E,0))),\"\",(INDEX(CTS!$O:$O,MATCH(E41,CTS!$E:$E,0))))","v":0},{"$f":"IF(ISNA(INDEX(CTS!$P:$P,MATCH(E41,CTS!$E:$E,0))),\"\",(INDEX(CTS!$P:$P,MATCH(E41,CTS!$E:$E,0))))","v":0},{"$f":"IF(ISNA(INDEX(CTS!$Q:$Q,MATCH(E41,CTS!$E:$E,0))),\"\",(INDEX(CTS!$Q:$Q,MATCH(E41,CTS!$E:$E,0))))","v":415.96638655462186},{"$f":"IF(ISNA(INDEX(CTS!$S:$S,MATCH(E41,CTS!$E:$E,0))),\"\",(INDEX(CTS!$S:$S,MATCH(E41,CTS!$E:$E,0))))","v":79.033613445378165},{"$f":"IF(ISNA(INDEX(CTS!$T:$T,MATCH(E41,CTS!$E:$E,0))),\"\",(INDEX(CTS!$T:$T,MATCH(E41,CTS!$E:$E,0))))","v":495},{"$f":"IF(ISNA(INDEX(CTS!$U:$U,MATCH(E41,CTS!$E:$E,0))),\"\",(INDEX(CTS!$U:$U,MATCH(E41,CTS!$E:$E,0))))","v":5.6843418860808015E-14},{"$f":"IF(ISNA(INDEX(CTS!$V:$V,MATCH(E41,CTS!$E:$E,0))),\"\",(INDEX(CTS!$V:$V,MATCH(E41,CTS!$E:$E,0))))","v":494.99999999999994},{"$f":"IFERROR(INDEX(CTS!$A:$A,MATCH(E41,CTS!$E:$E,0)),\".\")","v":"P"},{"$f":"IFERROR(IFERROR(INDEX(#REF!,MATCH(E41,#REF!,0)),IFERROR(INDEX(#REF!,MATCH(E41,#REF!,0)),INDEX(#REF!,MATCH(E41,#REF!,0)) )),\".\")","v":"."},null,{"$f":"IFERROR(VLOOKUP(E41,#REF!,8,FALSE),IFERROR(VLOOKUP(E41,#REF!,8,FALSE),IFERROR(VLOOKUP(E41,#REF!,8,FALSE),\"\")))","v":""},".-."]
[37,{"$f":"IFERROR(DAY(CTR[[#This Row],[Date]]),\"\")","v":5},{"$f":"IFERROR(MONTH(CTR[[#This Row],[Date]]),\"\")","v":1},{"$f":"IF(ISNA(INDEX(CTS!C:C,MATCH(E42,CTS!$E:$E,0))),\"\",(INDEX(CTS!C:C,MATCH(E42,CTS!$E:$E,0))))","v":44201},"01-037",{"$f":"IF(ISNA(INDEX(CTS!$F:$F,MATCH(E42,CTS!$E:$E,0))),\"\",(INDEX(CTS!$F:$F,MATCH(E42,CTS!$E:$E,0))))","v":"CLIENT"},{"$f":"IF(ISNA(INDEX(CTS!$N:$N,MATCH(E42,CTS!$E:$E,0))),\"\",(INDEX(CTS!$N:$N,MATCH(E42,CTS!$E:$E,0))))","v":100.84033613445379},{"$f":"IF(ISNA(INDEX(CTS!$O:$O,MATCH(E42,CTS!$E:$E,0))),\"\",(INDEX(CTS!$O:$O,MATCH(E42,CTS!$E:$E,0))))","v":0},{"$f":"IF(ISNA(INDEX(CTS!$P:$P,MATCH(E42,CTS!$E:$E,0))),\"\",(INDEX(CTS!$P:$P,MATCH(E42,CTS!$E:$E,0))))","v":0},{"$f":"IF(ISNA(INDEX(CTS!$Q:$Q,MATCH(E42,CTS!$E:$E,0))),\"\",(INDEX(CTS!$Q:$Q,MATCH(E42,CTS!$E:$E,0))))","v":100.84033613445379},{"$f":"IF(ISNA(INDEX(CTS!$S:$S,MATCH(E42,CTS!$E:$E,0))),\"\",(INDEX(CTS!$S:$S,MATCH(E42,CTS!$E:$E,0))))","v":19.159663865546221},{"$f":"IF(ISNA(INDEX(CTS!$T:$T,MATCH(E42,CTS!$E:$E,0))),\"\",(INDEX(CTS!$T:$T,MATCH(E42,CTS!$E:$E,0))))","v":120.00000000000001},{"$f":"IF(ISNA(INDEX(CTS!$U:$U,MATCH(E42,CTS!$E:$E,0))),\"\",(INDEX(CTS!$U:$U,MATCH(E42,CTS!$E:$E,0))))","v":0},{"$f":"IF(ISNA(INDEX(CTS!$V:$V,MATCH(E42,CTS!$E:$E,0))),\"\",(INDEX(CTS!$V:$V,MATCH(E42,CTS!$E:$E,0))))","v":120.00000000000001},{"$f":"IFERROR(INDEX(CTS!$A:$A,MATCH(E42,CTS!$E:$E,0)),\".\")","v":"P"},{"$f":"IFERROR(IFERROR(INDEX(#REF!,MATCH(E42,#REF!,0)),IFERROR(INDEX(#REF!,MATCH(E42,#REF!,0)),INDEX(#REF!,MATCH(E42,#REF!,0)) )),\".\")","v":"."},null,{"$f":"IFERROR(VLOOKUP(E42,#REF!,8,FALSE),IFERROR(VLOOKUP(E42,#REF!,8,FALSE),IFERROR(VLOOKUP(E42,#REF!,8,FALSE),\"\")))","v":""},".-."]
[38,{"$f":"IFERROR(DAY(CTR[[#This Row],[Date]]),\"\")","v":5},{"$f":"IFERROR(MONTH(CTR[[#This Row],[Date]]),\"\")","v":1},{"$f":"IF(ISNA(INDEX(CTS!C:C,MATCH(E43,CTS!$E:$E,0))),\"\",(INDEX(CTS!C:C,MATCH(E43,CTS!$E:$E,0))))","v":44201},"01-038",{"$f":"IF(ISNA(INDEX(CTS!$F:$F,MATCH(E43,CTS!$E:$E,0))),\"\",(INDEX(CTS!$F:$F,MATCH(E43,CTS!$E:$E,0))))","v":"CLIENT"},{"$f":"IF(ISNA(INDEX(CTS!$N:$N,MATCH(E43,CTS!$E:$E,0))),\"\",(INDEX(CTS!$N:$N,MATCH(E43,CTS!$E:$E,0))))","v":142.85714285714286},{"$f":"IF(ISNA(INDEX(CTS!$O:$O,MATCH(E43,CTS!$E:$E,0))),\"\",(INDEX(CTS!$O:$O,MATCH(E43,CTS!$E:$E,0))))","v":0},{"$f":"IF(ISNA(INDEX(CTS!$P:$P,MATCH(E43,CTS!$E:$E,0))),\"\",(INDEX(CTS!$P:$P,MATCH(E43,CTS!$E:$E,0))))","v":0},{"$f":"IF(ISNA(INDEX(CTS!$Q:$Q,MATCH(E43,CTS!$E:$E,0))),\"\",(INDEX(CTS!$Q:$Q,MATCH(E43,CTS!$E:$E,0))))","v":142.85714285714286},{"$f":"IF(ISNA(INDEX(CTS!$S:$S,MATCH(E43,CTS!$E:$E,0))),\"\",(INDEX(CTS!$S:$S,MATCH(E43,CTS!$E:$E,0))))","v":27.142857142857146},{"$f":"IF(ISNA(INDEX(CTS!$T:$T,MATCH(E43,CTS!$E:$E,0))),\"\",(INDEX(CTS!$T:$T,MATCH(E43,CTS!$E:$E,0))))","v":170},{"$f":"IF(ISNA(INDEX(CTS!$U:$U,MATCH(E43,CTS!$E:$E,0))),\"\",(INDEX(CTS!$U:$U,MATCH(E43,CTS!$E:$E,0))))","v":0},{"$f":"IF(ISNA(INDEX(CTS!$V:$V,MATCH(E43,CTS!$E:$E,0))),\"\",(INDEX(CTS!$V:$V,MATCH(E43,CTS!$E:$E,0))))","v":170},{"$f":"IFERROR(INDEX(CTS!$A:$A,MATCH(E43,CTS!$E:$E,0)),\".\")","v":"P"},{"$f":"IFERROR(IFERROR(INDEX(#REF!,MATCH(E43,#REF!,0)),IFERROR(INDEX(#REF!,MATCH(E43,#REF!,0)),INDEX(#REF!,MATCH(E43,#REF!,0)) )),\".\")","v":"."},null,{"$f":"IFERROR(VLOOKUP(E43,#REF!,8,FALSE),IFERROR(VLOOKUP(E43,#REF!,8,FALSE),IFERROR(VLOOKUP(E43,#REF!,8,FALSE),\"\")))","v":""},".-."]
[39,{"$f":"IFERROR(DAY(CTR[[#This Row],[Date]]),\"\")","v":5},{"$f":"IFERROR(MONTH(CTR[[#This Row],[Date]]),\"\")","v":1},{"$f":"IF(ISNA(INDEX(CTS!C:C,MATCH(E44,CTS!$E:$E,0))),\"\",(INDEX(CTS!C:C,MATCH(E44,CTS!$E:$E,0))))","v":44201},"01-039",{"$f":"IF(ISNA(INDEX(CTS!$F:$F,MATCH(E44,CTS!$E:$E,0))),\"\",(INDEX(CTS!$F:$F,MATCH(E44,CTS!$E:$E,0))))","v":"CLIENT"},{"$f":"IF(ISNA(INDEX(CTS!$N:$N,MATCH(E44,CTS!$E:$E,0))),\"\",(INDEX(CTS!$N:$N,MATCH(E44,CTS!$E:$E,0))))","v":622.6890756302522},{"$f":"IF(ISNA(INDEX(CTS!$O:$O,MATCH(E44,CTS!$E:$E,0))),\"\",(INDEX(CTS!$O:$O,MATCH(E44,CTS!$E:$E,0))))","v":0},{"$f":"IF(ISNA(INDEX(CTS!$P:$P,MATCH(E44,CTS!$E:$E,0))),\"\",(INDEX(CTS!$P:$P,MATCH(E44,CTS!$E:$E,0))))","v":0},{"$f":"IF(ISNA(INDEX(CTS!$Q:$Q,MATCH(E44,CTS!$E:$E,0))),\"\",(INDEX(CTS!$Q:$Q,MATCH(E44,CTS!$E:$E,0))))","v":622.6890756302522},{"$f":"IF(ISNA(INDEX(CTS!$S:$S,MATCH(E44,CTS!$E:$E,0))),\"\",(INDEX(CTS!$S:$S,MATCH(E44,CTS!$E:$E,0))))","v":118.31092436974792},{"$f":"IF(ISNA(INDEX(CTS!$T:$T,MATCH(E44,CTS!$E:$E,0))),\"\",(INDEX(CTS!$T:$T,MATCH(E44,CTS!$E:$E,0))))","v":741.00000000000011},{"$f":"IF(ISNA(INDEX(CTS!$U:$U,MATCH(E44,CTS!$E:$E,0))),\"\",(INDEX(CTS!$U:$U,MATCH(E44,CTS!$E:$E,0))))","v":1},{"$f":"IF(ISNA(INDEX(CTS!$V:$V,MATCH(E44,CTS!$E:$E,0))),\"\",(INDEX(CTS!$V:$V,MATCH(E44,CTS!$E:$E,0))))","v":740.00000000000011},{"$f":"IFERROR(INDEX(CTS!$A:$A,MATCH(E44,CTS!$E:$E,0)),\".\")","v":"P"},{"$f":"IFERROR(IFERROR(INDEX(#REF!,MATCH(E44,#REF!,0)),IFERROR(INDEX(#REF!,MATCH(E44,#REF!,0)),INDEX(#REF!,MATCH(E44,#REF!,0)) )),\".\")","v":"."},null,{"$f":"IFERROR(VLOOKUP(E44,#REF!,8,FALSE),IFERROR(VLOOKUP(E44,#REF!,8,FALSE),IFERROR(VLOOKUP(E44,#REF!,8,FALSE),\"\")))","v":""},".-."]
[40,{"$f":"IFERROR(DAY(CTR[[#This Row],[Date]]),\"\")","v":5},{"$f":"IFERROR(MONTH(CTR[[#This Row],[Date]]),\"\")","v":1},{"$f":"IF(ISNA(INDEX(CTS!C:C,MATCH(E45,CTS!$E:$E,0))),\"\",(INDEX(CTS!C:C,MATCH(E45,CTS!$E:$E,0))))","v":44201},"01-040",{"$f":"IF(ISNA(INDEX(CTS!$F:$F,MATCH(E45,CTS!$E:$E,0))),\"\",(INDEX(CTS!$F:$F,MATCH(E45,CTS!$E:$E,0))))","v":"CLIENT"},{"$f":"IF(ISNA(INDEX(CTS!$N:$N,MATCH(E45,CTS!$E:$E,0))),\"\",(INDEX(CTS!$N:$N,MATCH(E45,CTS!$E:$E,0))))","v":181.51260504201684},{"$f":"IF(ISNA(INDEX(CTS!$O:$O,MATCH(E45,CTS!$E:$E,0))),\"\",(INDEX(CTS!$O:$O,MATCH(E45,CTS!$E:$E,0))))","v":0},{"$f":"IF(ISNA(INDEX(CTS!$P:$P,MATCH(E45,CTS!$E:$E,0))),\"\",(INDEX(CTS!$P:$P,MATCH(E45,CTS!$E:$E,0))))","v":0},{"$f":"IF(ISNA(INDEX(CTS!$Q:$Q,MATCH(E45,CTS!$E:$E,0))),\"\",(INDEX(CTS!$Q:$Q,MATCH(E45,CTS!$E:$E,0))))","v":181.51260504201684},{"$f":"IF(ISNA(INDEX(CTS!$S:$S,MATCH(E45,CTS!$E:$E,0))),\"\",(INDEX(CTS!$S:$S,MATCH(E45,CTS!$E:$E,0))))","v":34.487394957983199},{"$f":"IF(ISNA(INDEX(CTS!$T:$T,MATCH(E45,CTS!$E:$E,0))),\"\",(INDEX(CTS!$T:$T,MATCH(E45,CTS!$E:$E,0))))","v":216.00000000000006},{"$f":"IF(ISNA(INDEX(CTS!$U:$U,MATCH(E45,CTS!$E:$E,0))),\"\",(INDEX(CTS!$U:$U,MATCH(E45,CTS!$E:$E,0))))","v":6},{"$f":"IF(ISNA(INDEX(CTS!$V:$V,MATCH(E45,CTS!$E:$E,0))),\"\",(INDEX(CTS!$V:$V,MATCH(E45,CTS!$E:$E,0))))","v":210.00000000000006},{"$f":"IFERROR(INDEX(CTS!$A:$A,MATCH(E45,CTS!$E:$E,0)),\".\")","v":"P"},{"$f":"IFERROR(IFERROR(INDEX(#REF!,MATCH(E45,#REF!,0)),IFERROR(INDEX(#REF!,MATCH(E45,#REF!,0)),INDEX(#REF!,MATCH(E45,#REF!,0)) )),\".\")","v":"."},null,{"$f":"IFERROR(VLOOKUP(E45,#REF!,8,FALSE),IFERROR(VLOOKUP(E45,#REF!,8,FALSE),IFERROR(VLOOKUP(E45,#REF!,8,FALSE),\"\")))","v":""},".-."]
[41,{"$f":"IFERROR(DAY(CTR[[#This Row],[Date]]),\"\")","v":5},{"$f":"IFERROR(MONTH(CTR[[#This Row],[Date]]),\"\")","v":1},{"$f":"IF(ISNA(INDEX(CTS!C:C,MATCH(E46,CTS!$E:$E,0))),\"\",(INDEX(CTS!C:C,MATCH(E46,CTS!$E:$E,0))))","v":44201},"01-041",{"$f":"IF(ISNA(INDEX(CTS!$F:$F,MATCH(E46,CTS!$E:$E,0))),\"\",(INDEX(CTS!$F:$F,MATCH(E46,CTS!$E:$E,0))))","v":"CLIENT"},{"$f":"IF(ISNA(INDEX(CTS!$N:$N,MATCH(E46,CTS!$E:$E,0))),\"\",(INDEX(CTS!$N:$N,MATCH(E46,CTS!$E:$E,0))))","v":2531.0924369747904},{"$f":"IF(ISNA(INDEX(CTS!$O:$O,MATCH(E46,CTS!$E:$E,0))),\"\",(INDEX(CTS!$O:$O,MATCH(E46,CTS!$E:$E,0))))","v":0},{"$f":"IF(ISNA(INDEX(CTS!$P:$P,MATCH(E46,CTS!$E:$E,0))),\"\",(INDEX(CTS!$P:$P,MATCH(E46,CTS!$E:$E,0))))","v":0},{"$f":"IF(ISNA(INDEX(CTS!$Q:$Q,MATCH(E46,CTS!$E:$E,0))),\"\",(INDEX(CTS!$Q:$Q,MATCH(E46,CTS!$E:$E,0))))","v":2531.0924369747904},{"$f":"IF(ISNA(INDEX(CTS!$S:$S,MATCH(E46,CTS!$E:$E,0))),\"\",(INDEX(CTS!$S:$S,MATCH(E46,CTS!$E:$E,0))))","v":480.90756302521021},{"$f":"IF(ISNA(INDEX(CTS!$T:$T,MATCH(E46,CTS!$E:$E,0))),\"\",(INDEX(CTS!$T:$T,MATCH(E46,CTS!$E:$E,0))))","v":3012.0000000000005},{"$f":"IF(ISNA(INDEX(CTS!$U:$U,MATCH(E46,CTS!$E:$E,0))),\"\",(INDEX(CTS!$U:$U,MATCH(E46,CTS!$E:$E,0))))","v":12},{"$f":"IF(ISNA(INDEX(CTS!$V:$V,MATCH(E46,CTS!$E:$E,0))),\"\",(INDEX(CTS!$V:$V,MATCH(E46,CTS!$E:$E,0))))","v":3000.0000000000005},{"$f":"IFERROR(INDEX(CTS!$A:$A,MATCH(E46,CTS!$E:$E,0)),\".\")","v":"P"},{"$f":"IFERROR(IFERROR(INDEX(#REF!,MATCH(E46,#REF!,0)),IFERROR(INDEX(#REF!,MATCH(E46,#REF!,0)),INDEX(#REF!,MATCH(E46,#REF!,0)) )),\".\")","v":"."},null,{"$f":"IFERROR(VLOOKUP(E46,#REF!,8,FALSE),IFERROR(VLOOKUP(E46,#REF!,8,FALSE),IFERROR(VLOOKUP(E46,#REF!,8,FALSE),\"\")))","v":""},".-."]
[42,{"$f":"IFERROR(DAY(CTR[[#This Row],[Date]]),\"\")","v":5},{"$f":"IFERROR(MONTH(CTR[[#This Row],[Date]]),\"\")","v":1},{"$f":"IF(ISNA(INDEX(CTS!C:C,MATCH(E47,CTS!$E:$E,0))),\"\",(INDEX(CTS!C:C,MATCH(E47,CTS!$E:$E,0))))","v":44201},"01-042",{"$f":"IF(ISNA(INDEX(CTS!$F:$F,MATCH(E47,CTS!$E:$E,0))),\"\",(INDEX(CTS!$F:$F,MATCH(E47,CTS!$E:$E,0))))","v":"CLIENT"},{"$f":"IF(ISNA(INDEX(CTS!$N:$N,MATCH(E47,CTS!$E:$E,0))),\"\",(INDEX(CTS!$N:$N,MATCH(E47,CTS!$E:$E,0))))","v":84.033613445378165},{"$f":"IF(ISNA(INDEX(CTS!$O:$O,MATCH(E47,CTS!$E:$E,0))),\"\",(INDEX(CTS!$O:$O,MATCH(E47,CTS!$E:$E,0))))","v":0},{"$f":"IF(ISNA(INDEX(CTS!$P:$P,MATCH(E47,CTS!$E:$E,0))),\"\",(INDEX(CTS!$P:$P,MATCH(E47,CTS!$E:$E,0))))","v":0},{"$f":"IF(ISNA(INDEX(CTS!$Q:$Q,MATCH(E47,CTS!$E:$E,0))),\"\",(INDEX(CTS!$Q:$Q,MATCH(E47,CTS!$E:$E,0))))","v":84.033613445378165},{"$f":"IF(ISNA(INDEX(CTS!$S:$S,MATCH(E47,CTS!$E:$E,0))),\"\",(INDEX(CTS!$S:$S,MATCH(E47,CTS!$E:$E,0))))","v":15.966386554621851},{"$f":"IF(ISNA(INDEX(CTS!$T:$T,MATCH(E47,CTS!$E:$E,0))),\"\",(INDEX(CTS!$T:$T,MATCH(E47,CTS!$E:$E,0))))","v":100},{"$f":"IF(ISNA(INDEX(CTS!$U:$U,MATCH(E47,CTS!$E:$E,0))),\"\",(INDEX(CTS!$U:$U,MATCH(E47,CTS!$E:$E,0))))","v":0},{"$f":"IF(ISNA(INDEX(CTS!$V:$V,MATCH(E47,CTS!$E:$E,0))),\"\",(INDEX(CTS!$V:$V,MATCH(E47,CTS!$E:$E,0))))","v":100},{"$f":"IFERROR(INDEX(CTS!$A:$A,MATCH(E47,CTS!$E:$E,0)),\".\")","v":"P"},{"$f":"IFERROR(IFERROR(INDEX(#REF!,MATCH(E47,#REF!,0)),IFERROR(INDEX(#REF!,MATCH(E47,#REF!,0)),INDEX(#REF!,MATCH(E47,#REF!,0)) )),\".\")","v":"."},null,{"$f":"IFERROR(VLOOKUP(E47,#REF!,8,FALSE),IFERROR(VLOOKUP(E47,#REF!,8,FALSE),IFERROR(VLOOKUP(E47,#REF!,8,FALSE),\"\")))","v":""},".-."]
[43,{"$f":"IFERROR(DAY(CTR[[#This Row],[Date]]),\"\")","v":5},{"$f":"IFERROR(MONTH(CTR[[#This Row],[Date]]),\"\")","v":1},{"$f":"IF(ISNA(INDEX(CTS!C:C,MATCH(E48,CTS!$E:$E,0))),\"\",(INDEX(CTS!C:C,MATCH(E48,CTS!$E:$E,0))))","v":44201},"01-043",{"$f":"IF(ISNA(INDEX(CTS!$F:$F,MATCH(E48,CTS!$E:$E,0))),\"\",(INDEX(CTS!$F:$F,MATCH(E48,CTS!$E:$E,0))))","v":"CLIENT"},{"$f":"IF(ISNA(INDEX(CTS!$N:$N,MATCH(E48,CTS!$E:$E,0))),\"\",(INDEX(CTS!$N:$N,MATCH(E48,CTS!$E:$E,0))))","v":974.78991596638662},{"$f":"IF(ISNA(INDEX(CTS!$O:$O,MATCH(E48,CTS!$E:$E,0))),\"\",(INDEX(CTS!$O:$O,MATCH(E48,CTS!$E:$E,0))))","v":0},{"$f":"IF(ISNA(INDEX(CTS!$P:$P,MATCH(E48,CTS!$E:$E,0))),\"\",(INDEX(CTS!$P:$P,MATCH(E48,CTS!$E:$E,0))))","v":0},{"$f":"IF(ISNA(INDEX(CTS!$Q:$Q,MATCH(E48,CTS!$E:$E,0))),\"\",(INDEX(CTS!$Q:$Q,MATCH(E48,CTS!$E:$E,0))))","v":974.78991596638662},{"$f":"IF(ISNA(INDEX(CTS!$S:$S,MATCH(E48,CTS!$E:$E,0))),\"\",(INDEX(CTS!$S:$S,MATCH(E48,CTS!$E:$E,0))))","v":185.2100840336135},{"$f":"IF(ISNA(INDEX(CTS!$T:$T,MATCH(E48,CTS!$E:$E,0))),\"\",(INDEX(CTS!$T:$T,MATCH(E48,CTS!$E:$E,0))))","v":1160},{"$f":"IF(ISNA(INDEX(CTS!$U:$U,MATCH(E48,CTS!$E:$E,0))),\"\",(INDEX(CTS!$U:$U,MATCH(E48,CTS!$E:$E,0))))","v":0},{"$f":"IF(ISNA(INDEX(CTS!$V:$V,MATCH(E48,CTS!$E:$E,0))),\"\",(INDEX(CTS!$V:$V,MATCH(E48,CTS!$E:$E,0))))","v":1160},{"$f":"IFERROR(INDEX(CTS!$A:$A,MATCH(E48,CTS!$E:$E,0)),\".\")","v":"P"},{"$f":"IFERROR(IFERROR(INDEX(#REF!,MATCH(E48,#REF!,0)),IFERROR(INDEX(#REF!,MATCH(E48,#REF!,0)),INDEX(#REF!,MATCH(E48,#REF!,0)) )),\".\")","v":"."},null,{"$f":"IFERROR(VLOOKUP(E48,#REF!,8,FALSE),IFERROR(VLOOKUP(E48,#REF!,8,FALSE),IFERROR(VLOOKUP(E48,#REF!,8,FALSE),\"\")))","v":""},".-."]
[44,{"$f":"IFERROR(DAY(CTR[[#This Row],[Date]]),\"\")","v":5},{"$f":"IFERROR(MONTH(CTR[[#This Row],[Date]]),\"\")","v":1},{"$f":"IF(ISNA(INDEX(CTS!C:C,MATCH(E49,CTS!$E:$E,0))),\"\",(INDEX(CTS!C:C,MATCH(E49,CTS!$E:$E,0))))","v":44201},"01-044",{"$f":"IF(ISNA(INDEX(CTS!$F:$F,MATCH(E49,CTS!$E:$E,0))),\"\",(INDEX(CTS!$F:$F,MATCH(E49,CTS!$E:$E,0))))","v":"CLIENT"},{"$f":"IF(ISNA(INDEX(CTS!$N:$N,MATCH(E49,CTS!$E:$E,0))),\"\",(INDEX(CTS!$N:$N,MATCH(E49,CTS!$E:$E,0))))","v":168.0672268907563},{"$f":"IF(ISNA(INDEX(CTS!$O:$O,MATCH(E49,CTS!$E:$E,0))),\"\",(INDEX(CTS!$O:$O,MATCH(E49,CTS!$E:$E,0))))","v":0},{"$f":"IF(ISNA(INDEX(CTS!$P:$P,MATCH(E49,CTS!$E:$E,0))),\"\",(INDEX(CTS!$P:$P,MATCH(E49,CTS!$E:$E,0))))","v":0},{"$f":"IF(ISNA(INDEX(CTS!$Q:$Q,MATCH(E49,CTS!$E:$E,0))),\"\",(INDEX(CTS!$Q:$Q,MATCH(E49,CTS!$E:$E,0))))","v":168.0672268907563},{"$f":"IF(ISNA(INDEX(CTS!$S:$S,MATCH(E49,CTS!$E:$E,0))),\"\",(INDEX(CTS!$S:$S,MATCH(E49,CTS!$E:$E,0))))","v":31.932773109243698},{"$f":"IF(ISNA(INDEX(CTS!$T:$T,MATCH(E49,CTS!$E:$E,0))),\"\",(INDEX(CTS!$T:$T,MATCH(E49,CTS!$E:$E,0))))","v":200},{"$f":"IF(ISNA(INDEX(CTS!$U:$U,MATCH(E49,CTS!$E:$E,0))),\"\",(INDEX(CTS!$U:$U,MATCH(E49,CTS!$E:$E,0))))","v":0},{"$f":"IF(ISNA(INDEX(CTS!$V:$V,MATCH(E49,CTS!$E:$E,0))),\"\",(INDEX(CTS!$V:$V,MATCH(E49,CTS!$E:$E,0))))","v":200},{"$f":"IFERROR(INDEX(CTS!$A:$A,MATCH(E49,CTS!$E:$E,0)),\".\")","v":"P"},{"$f":"IFERROR(IFERROR(INDEX(#REF!,MATCH(E49,#REF!,0)),IFERROR(INDEX(#REF!,MATCH(E49,#REF!,0)),INDEX(#REF!,MATCH(E49,#REF!,0)) )),\".\")","v":"."},null,{"$f":"IFERROR(VLOOKUP(E49,#REF!,8,FALSE),IFERROR(VLOOKUP(E49,#REF!,8,FALSE),IFERROR(VLOOKUP(E49,#REF!,8,FALSE),\"\")))","v":""},".-."]
[45,{"$f":"IFERROR(DAY(CTR[[#This Row],[Date]]),\"\")","v":5},{"$f":"IFERROR(MONTH(CTR[[#This Row],[Date]]),\"\")","v":1},{"$f":"IF(ISNA(INDEX(CTS!C:C,MATCH(E50,CTS!$E:$E,0))),\"\",(INDEX(CTS!C:C,MATCH(E50,CTS!$E:$E,0))))","v":44201},"01-045",{"$f":"IF(ISNA(INDEX(CTS!$F:$F,MATCH(E50,CTS!$E:$E,0))),\"\",(INDEX(CTS!$F:$F,MATCH(E50,CTS!$E:$E,0))))","v":"CLIENT"},{"$f":"IF(ISNA(INDEX(CTS!$N:$N,MATCH(E50,CTS!$E:$E,0))),\"\",(INDEX(CTS!$N:$N,MATCH(E50,CTS!$E:$E,0))))","v":352.94117647058823},{"$f":"IF(ISNA(INDEX(CTS!$O:$O,MATCH(E50,CTS!$E:$E,0))),\"\",(INDEX(CTS!$O:$O,MATCH(E50,CTS!$E:$E,0))))","v":0},{"$f":"IF(ISNA(INDEX(CTS!$P:$P,MATCH(E50,CTS!$E:$E,0))),\"\",(INDEX(CTS!$P:$P,MATCH(E50,CTS!$E:$E,0))))","v":0},{"$f":"IF(ISNA(INDEX(CTS!$Q:$Q,MATCH(E50,CTS!$E:$E,0))),\"\",(INDEX(CTS!$Q:$Q,MATCH(E50,CTS!$E:$E,0))))","v":352.94117647058823},{"$f":"IF(ISNA(INDEX(CTS!$S:$S,MATCH(E50,CTS!$E:$E,0))),\"\",(INDEX(CTS!$S:$S,MATCH(E50,CTS!$E:$E,0))))","v":67.058823529411768},{"$f":"IF(ISNA(INDEX(CTS!$T:$T,MATCH(E50,CTS!$E:$E,0))),\"\",(INDEX(CTS!$T:$T,MATCH(E50,CTS!$E:$E,0))))","v":420},{"$f":"IF(ISNA(INDEX(CTS!$U:$U,MATCH(E50,CTS!$E:$E,0))),\"\",(INDEX(CTS!$U:$U,MATCH(E50,CTS!$E:$E,0))))","v":0},{"$f":"IF(ISNA(INDEX(CTS!$V:$V,MATCH(E50,CTS!$E:$E,0))),\"\",(INDEX(CTS!$V:$V,MATCH(E50,CTS!$E:$E,0))))","v":420},{"$f":"IFERROR(INDEX(CTS!$A:$A,MATCH(E50,CTS!$E:$E,0)),\".\")","v":"P"},{"$f":"IFERROR(IFERROR(INDEX(#REF!,MATCH(E50,#REF!,0)),IFERROR(INDEX(#REF!,MATCH(E50,#REF!,0)),INDEX(#REF!,MATCH(E50,#REF!,0)) )),\".\")","v":"."},null,{"$f":"IFERROR(VLOOKUP(E50,#REF!,8,FALSE),IFERROR(VLOOKUP(E50,#REF!,8,FALSE),IFERROR(VLOOKUP(E50,#REF!,8,FALSE),\"\")))","v":""},".-."]
[46,{"$f":"IFERROR(DAY(CTR[[#This Row],[Date]]),\"\")","v":5},{"$f":"IFERROR(MONTH(CTR[[#This Row],[Date]]),\"\")","v":1},{"$f":"IF(ISNA(INDEX(CTS!C:C,MATCH(E51,CTS!$E:$E,0))),\"\",(INDEX(CTS!C:C,MATCH(E51,CTS!$E:$E,0))))","v":44201},"01-046",{"$f":"IF(ISNA(INDEX(CTS!$F:$F,MATCH(E51,CTS!$E:$E,0))),\"\",(INDEX(CTS!$F:$F,MATCH(E51,CTS!$E:$E,0))))","v":"CLIENT"},{"$f":"IF(ISNA(INDEX(CTS!$N:$N,MATCH(E51,CTS!$E:$E,0))),\"\",(INDEX(CTS!$N:$N,MATCH(E51,CTS!$E:$E,0))))","v":33.613445378151262},{"$f":"IF(ISNA(INDEX(CTS!$O:$O,MATCH(E51,CTS!$E:$E,0))),\"\",(INDEX(CTS!$O:$O,MATCH(E51,CTS!$E:$E,0))))","v":0},{"$f":"IF(ISNA(INDEX(CTS!$P:$P,MATCH(E51,CTS!$E:$E,0))),\"\",(INDEX(CTS!$P:$P,MATCH(E51,CTS!$E:$E,0))))","v":0},{"$f":"IF(ISNA(INDEX(CTS!$Q:$Q,MATCH(E51,CTS!$E:$E,0))),\"\",(INDEX(CTS!$Q:$Q,MATCH(E51,CTS!$E:$E,0))))","v":33.613445378151262},{"$f":"IF(ISNA(INDEX(CTS!$S:$S,MATCH(E51,CTS!$E:$E,0))),\"\",(INDEX(CTS!$S:$S,MATCH(E51,CTS!$E:$E,0))))","v":6.3865546218487399},{"$f":"IF(ISNA(INDEX(CTS!$T:$T,MATCH(E51,CTS!$E:$E,0))),\"\",(INDEX(CTS!$T:$T,MATCH(E51,CTS!$E:$E,0))))","v":40},{"$f":"IF(ISNA(INDEX(CTS!$U:$U,MATCH(E51,CTS!$E:$E,0))),\"\",(INDEX(CTS!$U:$U,MATCH(E51,CTS!$E:$E,0))))","v":0},{"$f":"IF(ISNA(INDEX(CTS!$V:$V,MATCH(E51,CTS!$E:$E,0))),\"\",(INDEX(CTS!$V:$V,MATCH(E51,CTS!$E:$E,0))))","v":40},{"$f":"IFERROR(INDEX(CTS!$A:$A,MATCH(E51,CTS!$E:$E,0)),\".\")","v":"P"},{"$f":"IFERROR(IFERROR(INDEX(#REF!,MATCH(E51,#REF!,0)),IFERROR(INDEX(#REF!,MATCH(E51,#REF!,0)),INDEX(#REF!,MATCH(E51,#REF!,0)) )),\".\")","v":"."},null,{"$f":"IFERROR(VLOOKUP(E51,#REF!,8,FALSE),IFERROR(VLOOKUP(E51,#REF!,8,FALSE),IFERROR(VLOOKUP(E51,#REF!,8,FALSE),\"\")))","v":""},".-."]
[47,{"$f":"IFERROR(DAY(CTR[[#This Row],[Date]]),\"\")","v":5},{"$f":"IFERROR(MONTH(CTR[[#This Row],[Date]]),\"\")","v":1},{"$f":"IF(ISNA(INDEX(CTS!C:C,MATCH(E52,CTS!$E:$E,0))),\"\",(INDEX(CTS!C:C,MATCH(E52,CTS!$E:$E,0))))","v":44201},"01-047",{"$f":"IF(ISNA(INDEX(CTS!$F:$F,MATCH(E52,CTS!$E:$E,0))),\"\",(INDEX(CTS!$F:$F,MATCH(E52,CTS!$E:$E,0))))","v":"CLIENT"},{"$f":"IF(ISNA(INDEX(CTS!$N:$N,MATCH(E52,CTS!$E:$E,0))),\"\",(INDEX(CTS!$N:$N,MATCH(E52,CTS!$E:$E,0))))","v":877.31092436974791},{"$f":"IF(ISNA(INDEX(CTS!$O:$O,MATCH(E52,CTS!$E:$E,0))),\"\",(INDEX(CTS!$O:$O,MATCH(E52,CTS!$E:$E,0))))","v":0},{"$f":"IF(ISNA(INDEX(CTS!$P:$P,MATCH(E52,CTS!$E:$E,0))),\"\",(INDEX(CTS!$P:$P,MATCH(E52,CTS!$E:$E,0))))","v":0},{"$f":"IF(ISNA(INDEX(CTS!$Q:$Q,MATCH(E52,CTS!$E:$E,0))),\"\",(INDEX(CTS!$Q:$Q,MATCH(E52,CTS!$E:$E,0))))","v":877.31092436974791},{"$f":"IF(ISNA(INDEX(CTS!$S:$S,MATCH(E52,CTS!$E:$E,0))),\"\",(INDEX(CTS!$S:$S,MATCH(E52,CTS!$E:$E,0))))","v":166.68907563025209},{"$f":"IF(ISNA(INDEX(CTS!$T:$T,MATCH(E52,CTS!$E:$E,0))),\"\",(INDEX(CTS!$T:$T,MATCH(E52,CTS!$E:$E,0))))","v":1044},{"$f":"IF(ISNA(INDEX(CTS!$U:$U,MATCH(E52,CTS!$E:$E,0))),\"\",(INDEX(CTS!$U:$U,MATCH(E52,CTS!$E:$E,0))))","v":4},{"$f":"IF(ISNA(INDEX(CTS!$V:$V,MATCH(E52,CTS!$E:$E,0))),\"\",(INDEX(CTS!$V:$V,MATCH(E52,CTS!$E:$E,0))))","v":1040},{"$f":"IFERROR(INDEX(CTS!$A:$A,MATCH(E52,CTS!$E:$E,0)),\".\")","v":"P"},{"$f":"IFERROR(IFERROR(INDEX(#REF!,MATCH(E52,#REF!,0)),IFERROR(INDEX(#REF!,MATCH(E52,#REF!,0)),INDEX(#REF!,MATCH(E52,#REF!,0)) )),\".\")","v":"."},null,{"$f":"IFERROR(VLOOKUP(E52,#REF!,8,FALSE),IFERROR(VLOOKUP(E52,#REF!,8,FALSE),IFERROR(VLOOKUP(E52,#REF!,8,FALSE),\"\")))","v":""},".-."]
[48,{"$f":"IFERROR(DAY(CTR[[#This Row],[Date]]),\"\")","v":5},{"$f":"IFERROR(MONTH(CTR[[#This Row],[Date]]),\"\")","v":1},{"$f":"IF(ISNA(INDEX(CTS!C:C,MATCH(E53,CTS!$E:$E,0))),\"\",(INDEX(CTS!C:C,MATCH(E53,CTS!$E:$E,0))))","v":44201},"01-048",{"$f":"IF(ISNA(INDEX(CTS!$F:$F,MATCH(E53,CTS!$E:$E,0))),\"\",(INDEX(CTS!$F:$F,MATCH(E53,CTS!$E:$E,0))))","v":"CLIENT"},{"$f":"IF(ISNA(INDEX(CTS!$N:$N,MATCH(E53,CTS!$E:$E,0))),\"\",(INDEX(CTS!$N:$N,MATCH(E53,CTS!$E:$E,0))))","v":12282.352941176472},{"$f":"IF(ISNA(INDEX(CTS!$O:$O,MATCH(E53,CTS!$E:$E,0))),\"\",(INDEX(CTS!$O:$O,MATCH(E53,CTS!$E:$E,0))))","v":0},{"$f":"IF(ISNA(INDEX(CTS!$P:$P,MATCH(E53,CTS!$E:$E,0))),\"\",(INDEX(CTS!$P:$P,MATCH(E53,CTS!$E:$E,0))))","v":0},{"$f":"IF(ISNA(INDEX(CTS!$Q:$Q,MATCH(E53,CTS!$E:$E,0))),\"\",(INDEX(CTS!$Q:$Q,MATCH(E53,CTS!$E:$E,0))))","v":12282.352941176472},{"$f":"IF(ISNA(INDEX(CTS!$S:$S,MATCH(E53,CTS!$E:$E,0))),\"\",(INDEX(CTS!$S:$S,MATCH(E53,CTS!$E:$E,0))))","v":2333.6470588235293},{"$f":"IF(ISNA(INDEX(CTS!$T:$T,MATCH(E53,CTS!$E:$E,0))),\"\",(INDEX(CTS!$T:$T,MATCH(E53,CTS!$E:$E,0))))","v":14616},{"$f":"IF(ISNA(INDEX(CTS!$U:$U,MATCH(E53,CTS!$E:$E,0))),\"\",(INDEX(CTS!$U:$U,MATCH(E53,CTS!$E:$E,0))))","v":16},{"$f":"IF(ISNA(INDEX(CTS!$V:$V,MATCH(E53,CTS!$E:$E,0))),\"\",(INDEX(CTS!$V:$V,MATCH(E53,CTS!$E:$E,0))))","v":14600},{"$f":"IFERROR(INDEX(CTS!$A:$A,MATCH(E53,CTS!$E:$E,0)),\".\")","v":"P"},{"$f":"IFERROR(IFERROR(INDEX(#REF!,MATCH(E53,#REF!,0)),IFERROR(INDEX(#REF!,MATCH(E53,#REF!,0)),INDEX(#REF!,MATCH(E53,#REF!,0)) )),\".\")","v":"."},null,{"$f":"IFERROR(VLOOKUP(E53,#REF!,8,FALSE),IFERROR(VLOOKUP(E53,#REF!,8,FALSE),IFERROR(VLOOKUP(E53,#REF!,8,FALSE),\"\")))","v":""},".-."]
[49,{"$f":"IFERROR(DAY(CTR[[#This Row],[Date]]),\"\")","v":5},{"$f":"IFERROR(MONTH(CTR[[#This Row],[Date]]),\"\")","v":1},{"$f":"IF(ISNA(INDEX(CTS!C:C,MATCH(E54,CTS!$E:$E,0))),\"\",(INDEX(CTS!C:C,MATCH(E54,CTS!$E:$E,0))))","v":44201},"01-049",{"$f":"IF(ISNA(INDEX(CTS!$F:$F,MATCH(E54,CTS!$E:$E,0))),\"\",(INDEX(CTS!$F:$F,MATCH(E54,CTS!$E:$E,0))))","v":"CLIENT"},{"$f":"IF(ISNA(INDEX(CTS!$N:$N,MATCH(E54,CTS!$E:$E,0))),\"\",(INDEX(CTS!$N:$N,MATCH(E54,CTS!$E:$E,0))))","v":968.06722689075639},{"$f":"IF(ISNA(INDEX(CTS!$O:$O,MATCH(E54,CTS!$E:$E,0))),\"\",(INDEX(CTS!$O:$O,MATCH(E54,CTS!$E:$E,0))))","v":0},{"$f":"IF(ISNA(INDEX(CTS!$P:$P,MATCH(E54,CTS!$E:$E,0))),\"\",(INDEX(CTS!$P:$P,MATCH(E54,CTS!$E:$E,0))))","v":0},{"$f":"IF(ISNA(INDEX(CTS!$Q:$Q,MATCH(E54,CTS!$E:$E,0))),\"\",(INDEX(CTS!$Q:$Q,MATCH(E54,CTS!$E:$E,0))))","v":968.06722689075639},{"$f":"IF(ISNA(INDEX(CTS!$S:$S,MATCH(E54,CTS!$E:$E,0))),\"\",(INDEX(CTS!$S:$S,MATCH(E54,CTS!$E:$E,0))))","v":183.93277310924373},{"$f":"IF(ISNA(INDEX(CTS!$T:$T,MATCH(E54,CTS!$E:$E,0))),\"\",(INDEX(CTS!$T:$T,MATCH(E54,CTS!$E:$E,0))))","v":1152},{"$f":"IF(ISNA(INDEX(CTS!$U:$U,MATCH(E54,CTS!$E:$E,0))),\"\",(INDEX(CTS!$U:$U,MATCH(E54,CTS!$E:$E,0))))","v":2},{"$f":"IF(ISNA(INDEX(CTS!$V:$V,MATCH(E54,CTS!$E:$E,0))),\"\",(INDEX(CTS!$V:$V,MATCH(E54,CTS!$E:$E,0))))","v":1150},{"$f":"IFERROR(INDEX(CTS!$A:$A,MATCH(E54,CTS!$E:$E,0)),\".\")","v":"P"},{"$f":"IFERROR(IFERROR(INDEX(#REF!,MATCH(E54,#REF!,0)),IFERROR(INDEX(#REF!,MATCH(E54,#REF!,0)),INDEX(#REF!,MATCH(E54,#REF!,0)) )),\".\")","v":"."},null,{"$f":"IFERROR(VLOOKUP(E54,#REF!,8,FALSE),IFERROR(VLOOKUP(E54,#REF!,8,FALSE),IFERROR(VLOOKUP(E54,#REF!,8,FALSE),\"\")))","v":""},".-."]
[50,{"$f":"IFERROR(DAY(CTR[[#This Row],[Date]]),\"\")","v":5},{"$f":"IFERROR(MONTH(CTR[[#This Row],[Date]]),\"\")","v":1},{"$f":"IF(ISNA(INDEX(CTS!C:C,MATCH(E55,CTS!$E:$E,0))),\"\",(INDEX(CTS!C:C,MATCH(E55,CTS!$E:$E,0))))","v":44201},"01-050",{"$f":"IF(ISNA(INDEX(CTS!$F:$F,MATCH(E55,CTS!$E:$E,0))),\"\",(INDEX(CTS!$F:$F,MATCH(E55,CTS!$E:$E,0))))","v":"CLIENT"},{"$f":"IF(ISNA(INDEX(CTS!$N:$N,MATCH(E55,CTS!$E:$E,0))),\"\",(INDEX(CTS!$N:$N,MATCH(E55,CTS!$E:$E,0))))","v":880.67226890756319},{"$f":"IF(ISNA(INDEX(CTS!$O:$O,MATCH(E55,CTS!$E:$E,0))),\"\",(INDEX(CTS!$O:$O,MATCH(E55,CTS!$E:$E,0))))","v":0},{"$f":"IF(ISNA(INDEX(CTS!$P:$P,MATCH(E55,CTS!$E:$E,0))),\"\",(INDEX(CTS!$P:$P,MATCH(E55,CTS!$E:$E,0))))","v":0},{"$f":"IF(ISNA(INDEX(CTS!$Q:$Q,MATCH(E55,CTS!$E:$E,0))),\"\",(INDEX(CTS!$Q:$Q,MATCH(E55,CTS!$E:$E,0))))","v":880.67226890756319},{"$f":"IF(ISNA(INDEX(CTS!$S:$S,MATCH(E55,CTS!$E:$E,0))),\"\",(INDEX(CTS!$S:$S,MATCH(E55,CTS!$E:$E,0))))","v":167.32773109243698},{"$f":"IF(ISNA(INDEX(CTS!$T:$T,MATCH(E55,CTS!$E:$E,0))),\"\",(INDEX(CTS!$T:$T,MATCH(E55,CTS!$E:$E,0))))","v":1048},{"$f":"IF(ISNA(INDEX(CTS!$U:$U,MATCH(E55,CTS!$E:$E,0))),\"\",(INDEX(CTS!$U:$U,MATCH(E55,CTS!$E:$E,0))))","v":3},{"$f":"IF(ISNA(INDEX(CTS!$V:$V,MATCH(E55,CTS!$E:$E,0))),\"\",(INDEX(CTS!$V:$V,MATCH(E55,CTS!$E:$E,0))))","v":1045},{"$f":"IFERROR(INDEX(CTS!$A:$A,MATCH(E55,CTS!$E:$E,0)),\".\")","v":"P"},{"$f":"IFERROR(IFERROR(INDEX(#REF!,MATCH(E55,#REF!,0)),IFERROR(INDEX(#REF!,MATCH(E55,#REF!,0)),INDEX(#REF!,MATCH(E55,#REF!,0)) )),\".\")","v":"."},null,{"$f":"IFERROR(VLOOKUP(E55,#REF!,8,FALSE),IFERROR(VLOOKUP(E55,#REF!,8,FALSE),IFERROR(VLOOKUP(E55,#REF!,8,FALSE),\"\")))","v":""},".-."]
[51,{"$f":"IFERROR(DAY(CTR[[#This Row],[Date]]),\"\")","v":5},{"$f":"IFERROR(MONTH(CTR[[#This Row],[Date]]),\"\")","v":1},{"$f":"IF(ISNA(INDEX(CTS!C:C,MATCH(E56,CTS!$E:$E,0))),\"\",(INDEX(CTS!C:C,MATCH(E56,CTS!$E:$E,0))))","v":44201},"01-051",{"$f":"IF(ISNA(INDEX(CTS!$F:$F,MATCH(E56,CTS!$E:$E,0))),\"\",(INDEX(CTS!$F:$F,MATCH(E56,CTS!$E:$E,0))))","v":"DAHMANI Djamel"},{"$f":"IF(ISNA(INDEX(CTS!$N:$N,MATCH(E56,CTS!$E:$E,0))),\"\",(INDEX(CTS!$N:$N,MATCH(E56,CTS!$E:$E,0))))","v":2092.4369747899159},{"$f":"IF(ISNA(INDEX(CTS!$O:$O,MATCH(E56,CTS!$E:$E,0))),\"\",(INDEX(CTS!$O:$O,MATCH(E56,CTS!$E:$E,0))))","v":0},{"$f":"IF(ISNA(INDEX(CTS!$P:$P,MATCH(E56,CTS!$E:$E,0))),\"\",(INDEX(CTS!$P:$P,MATCH(E56,CTS!$E:$E,0))))","v":0},{"$f":"IF(ISNA(INDEX(CTS!$Q:$Q,MATCH(E56,CTS!$E:$E,0))),\"\",(INDEX(CTS!$Q:$Q,MATCH(E56,CTS!$E:$E,0))))","v":2092.4369747899159},{"$f":"IF(ISNA(INDEX(CTS!$S:$S,MATCH(E56,CTS!$E:$E,0))),\"\",(INDEX(CTS!$S:$S,MATCH(E56,CTS!$E:$E,0))))","v":397.56302521008405},{"$f":"IF(ISNA(INDEX(CTS!$T:$T,MATCH(E56,CTS!$E:$E,0))),\"\",(INDEX(CTS!$T:$T,MATCH(E56,CTS!$E:$E,0))))","v":2490},{"$f":"IF(ISNA(INDEX(CTS!$U:$U,MATCH(E56,CTS!$E:$E,0))),\"\",(INDEX(CTS!$U:$U,MATCH(E56,CTS!$E:$E,0))))","v":0},{"$f":"IF(ISNA(INDEX(CTS!$V:$V,MATCH(E56,CTS!$E:$E,0))),\"\",(INDEX(CTS!$V:$V,MATCH(E56,CTS!$E:$E,0))))","v":2490},{"$f":"IFERROR(INDEX(CTS!$A:$A,MATCH(E56,CTS!$E:$E,0)),\".\")","v":"P"},{"$f":"IFERROR(IFERROR(INDEX(#REF!,MATCH(E56,#REF!,0)),IFERROR(INDEX(#REF!,MATCH(E56,#REF!,0)),INDEX(#REF!,MATCH(E56,#REF!,0)) )),\".\")","v":"."},null,{"$f":"IFERROR(VLOOKUP(E56,#REF!,8,FALSE),IFERROR(VLOOKUP(E56,#REF!,8,FALSE),IFERROR(VLOOKUP(E56,#REF!,8,FALSE),\"\")))","v":""},".-."]
[52,{"$f":"IFERROR(DAY(CTR[[#This Row],[Date]]),\"\")","v":5},{"$f":"IFERROR(MONTH(CTR[[#This Row],[Date]]),\"\")","v":1},{"$f":"IF(ISNA(INDEX(CTS!C:C,MATCH(E57,CTS!$E:$E,0))),\"\",(INDEX(CTS!C:C,MATCH(E57,CTS!$E:$E,0))))","v":44201},"01-052",{"$f":"IF(ISNA(INDEX(CTS!$F:$F,MATCH(E57,CTS!$E:$E,0))),\"\",(INDEX(CTS!$F:$F,MATCH(E57,CTS!$E:$E,0))))","v":"CLIENT"},{"$f":"IF(ISNA(INDEX(CTS!$N:$N,MATCH(E57,CTS!$E:$E,0))),\"\",(INDEX(CTS!$N:$N,MATCH(E57,CTS!$E:$E,0))))","v":492.43697478991601},{"$f":"IF(ISNA(INDEX(CTS!$O:$O,MATCH(E57,CTS!$E:$E,0))),\"\",(INDEX(CTS!$O:$O,MATCH(E57,CTS!$E:$E,0))))","v":0},{"$f":"IF(ISNA(INDEX(CTS!$P:$P,MATCH(E57,CTS!$E:$E,0))),\"\",(INDEX(CTS!$P:$P,MATCH(E57,CTS!$E:$E,0))))","v":0},{"$f":"IF(ISNA(INDEX(CTS!$Q:$Q,MATCH(E57,CTS!$E:$E,0))),\"\",(INDEX(CTS!$Q:$Q,MATCH(E57,CTS!$E:$E,0))))","v":492.43697478991601},{"$f":"IF(ISNA(INDEX(CTS!$S:$S,MATCH(E57,CTS!$E:$E,0))),\"\",(INDEX(CTS!$S:$S,MATCH(E57,CTS!$E:$E,0))))","v":93.563025210084035},{"$f":"IF(ISNA(INDEX(CTS!$T:$T,MATCH(E57,CTS!$E:$E,0))),\"\",(INDEX(CTS!$T:$T,MATCH(E57,CTS!$E:$E,0))))","v":586},{"$f":"IF(ISNA(INDEX(CTS!$U:$U,MATCH(E57,CTS!$E:$E,0))),\"\",(INDEX(CTS!$U:$U,MATCH(E57,CTS!$E:$E,0))))","v":6},{"$f":"IF(ISNA(INDEX(CTS!$V:$V,MATCH(E57,CTS!$E:$E,0))),\"\",(INDEX(CTS!$V:$V,MATCH(E57,CTS!$E:$E,0))))","v":580},{"$f":"IFERROR(INDEX(CTS!$A:$A,MATCH(E57,CTS!$E:$E,0)),\".\")","v":"P"},{"$f":"IFERROR(IFERROR(INDEX(#REF!,MATCH(E57,#REF!,0)),IFERROR(INDEX(#REF!,MATCH(E57,#REF!,0)),INDEX(#REF!,MATCH(E57,#REF!,0)) )),\".\")","v":"."},null,{"$f":"IFERROR(VLOOKUP(E57,#REF!,8,FALSE),IFERROR(VLOOKUP(E57,#REF!,8,FALSE),IFERROR(VLOOKUP(E57,#REF!,8,FALSE),\"\")))","v":""},".-."]
[53,{"$f":"IFERROR(DAY(CTR[[#This Row],[Date]]),\"\")","v":5},{"$f":"IFERROR(MONTH(CTR[[#This Row],[Date]]),\"\")","v":1},{"$f":"IF(ISNA(INDEX(CTS!C:C,MATCH(E58,CTS!$E:$E,0))),\"\",(INDEX(CTS!C:C,MATCH(E58,CTS!$E:$E,0))))","v":44201},"01-053",{"$f":"IF(ISNA(INDEX(CTS!$F:$F,MATCH(E58,CTS!$E:$E,0))),\"\",(INDEX(CTS!$F:$F,MATCH(E58,CTS!$E:$E,0))))","v":"CLIENT"},{"$f":"IF(ISNA(INDEX(CTS!$N:$N,MATCH(E58,CTS!$E:$E,0))),\"\",(INDEX(CTS!$N:$N,MATCH(E58,CTS!$E:$E,0))))","v":2218.4873949579833},{"$f":"IF(ISNA(INDEX(CTS!$O:$O,MATCH(E58,CTS!$E:$E,0))),\"\",(INDEX(CTS!$O:$O,MATCH(E58,CTS!$E:$E,0))))","v":0},{"$f":"IF(ISNA(INDEX(CTS!$P:$P,MATCH(E58,CTS!$E:$E,0))),\"\",(INDEX(CTS!$P:$P,MATCH(E58,CTS!$E:$E,0))))","v":0},{"$f":"IF(ISNA(INDEX(CTS!$Q:$Q,MATCH(E58,CTS!$E:$E,0))),\"\",(INDEX(CTS!$Q:$Q,MATCH(E58,CTS!$E:$E,0))))","v":2218.4873949579833},{"$f":"IF(ISNA(INDEX(CTS!$S:$S,MATCH(E58,CTS!$E:$E,0))),\"\",(INDEX(CTS!$S:$S,MATCH(E58,CTS!$E:$E,0))))","v":421.51260504201684},{"$f":"IF(ISNA(INDEX(CTS!$T:$T,MATCH(E58,CTS!$E:$E,0))),\"\",(INDEX(CTS!$T:$T,MATCH(E58,CTS!$E:$E,0))))","v":2640},{"$f":"IF(ISNA(INDEX(CTS!$U:$U,MATCH(E58,CTS!$E:$E,0))),\"\",(INDEX(CTS!$U:$U,MATCH(E58,CTS!$E:$E,0))))","v":0},{"$f":"IF(ISNA(INDEX(CTS!$V:$V,MATCH(E58,CTS!$E:$E,0))),\"\",(INDEX(CTS!$V:$V,MATCH(E58,CTS!$E:$E,0))))","v":2640},{"$f":"IFERROR(INDEX(CTS!$A:$A,MATCH(E58,CTS!$E:$E,0)),\".\")","v":"P"},{"$f":"IFERROR(IFERROR(INDEX(#REF!,MATCH(E58,#REF!,0)),IFERROR(INDEX(#REF!,MATCH(E58,#REF!,0)),INDEX(#REF!,MATCH(E58,#REF!,0)) )),\".\")","v":"."},null,{"$f":"IFERROR(VLOOKUP(E58,#REF!,8,FALSE),IFERROR(VLOOKUP(E58,#REF!,8,FALSE),IFERROR(VLOOKUP(E58,#REF!,8,FALSE),\"\")))","v":""},".-."]
[54,{"$f":"IFERROR(DAY(CTR[[#This Row],[Date]]),\"\")","v":6},{"$f":"IFERROR(MONTH(CTR[[#This Row],[Date]]),\"\")","v":1},{"$f":"IF(ISNA(INDEX(CTS!C:C,MATCH(E59,CTS!$E:$E,0))),\"\",(INDEX(CTS!C:C,MATCH(E59,CTS!$E:$E,0))))","v":44202},"01-054",{"$f":"IF(ISNA(INDEX(CTS!$F:$F,MATCH(E59,CTS!$E:$E,0))),\"\",(INDEX(CTS!$F:$F,MATCH(E59,CTS!$E:$E,0))))","v":"CLIENT"},{"$f":"IF(ISNA(INDEX(CTS!$N:$N,MATCH(E59,CTS!$E:$E,0))),\"\",(INDEX(CTS!$N:$N,MATCH(E59,CTS!$E:$E,0))))","v":319.32773109243703},{"$f":"IF(ISNA(INDEX(CTS!$O:$O,MATCH(E59,CTS!$E:$E,0))),\"\",(INDEX(CTS!$O:$O,MATCH(E59,CTS!$E:$E,0))))","v":0},{"$f":"IF(ISNA(INDEX(CTS!$P:$P,MATCH(E59,CTS!$E:$E,0))),\"\",(INDEX(CTS!$P:$P,MATCH(E59,CTS!$E:$E,0))))","v":0},{"$f":"IF(ISNA(INDEX(CTS!$Q:$Q,MATCH(E59,CTS!$E:$E,0))),\"\",(INDEX(CTS!$Q:$Q,MATCH(E59,CTS!$E:$E,0))))","v":319.32773109243703},{"$f":"IF(ISNA(INDEX(CTS!$S:$S,MATCH(E59,CTS!$E:$E,0))),\"\",(INDEX(CTS!$S:$S,MATCH(E59,CTS!$E:$E,0))))","v":60.67226890756303},{"$f":"IF(ISNA(INDEX(CTS!$T:$T,MATCH(E59,CTS!$E:$E,0))),\"\",(INDEX(CTS!$T:$T,MATCH(E59,CTS!$E:$E,0))))","v":380},{"$f":"IF(ISNA(INDEX(CTS!$U:$U,MATCH(E59,CTS!$E:$E,0))),\"\",(INDEX(CTS!$U:$U,MATCH(E59,CTS!$E:$E,0))))","v":0},{"$f":"IF(ISNA(INDEX(CTS!$V:$V,MATCH(E59,CTS!$E:$E,0))),\"\",(INDEX(CTS!$V:$V,MATCH(E59,CTS!$E:$E,0))))","v":380},{"$f":"IFERROR(INDEX(CTS!$A:$A,MATCH(E59,CTS!$E:$E,0)),\".\")","v":"P"},{"$f":"IFERROR(IFERROR(INDEX(#REF!,MATCH(E59,#REF!,0)),IFERROR(INDEX(#REF!,MATCH(E59,#REF!,0)),INDEX(#REF!,MATCH(E59,#REF!,0)) )),\".\")","v":"."},null,{"$f":"IFERROR(VLOOKUP(E59,#REF!,8,FALSE),IFERROR(VLOOKUP(E59,#REF!,8,FALSE),IFERROR(VLOOKUP(E59,#REF!,8,FALSE),\"\")))","v":""},".-."]
[55,{"$f":"IFERROR(DAY(CTR[[#This Row],[Date]]),\"\")","v":6},{"$f":"IFERROR(MONTH(CTR[[#This Row],[Date]]),\"\")","v":1},{"$f":"IF(ISNA(INDEX(CTS!C:C,MATCH(E60,CTS!$E:$E,0))),\"\",(INDEX(CTS!C:C,MATCH(E60,CTS!$E:$E,0))))","v":44202},"01-055",{"$f":"IF(ISNA(INDEX(CTS!$F:$F,MATCH(E60,CTS!$E:$E,0))),\"\",(INDEX(CTS!$F:$F,MATCH(E60,CTS!$E:$E,0))))","v":"CLIENT"},{"$f":"IF(ISNA(INDEX(CTS!$N:$N,MATCH(E60,CTS!$E:$E,0))),\"\",(INDEX(CTS!$N:$N,MATCH(E60,CTS!$E:$E,0))))","v":50.420168067226896},{"$f":"IF(ISNA(INDEX(CTS!$O:$O,MATCH(E60,CTS!$E:$E,0))),\"\",(INDEX(CTS!$O:$O,MATCH(E60,CTS!$E:$E,0))))","v":0},{"$f":"IF(ISNA(INDEX(CTS!$P:$P,MATCH(E60,CTS!$E:$E,0))),\"\",(INDEX(CTS!$P:$P,MATCH(E60,CTS!$E:$E,0))))","v":0},{"$f":"IF(ISNA(INDEX(CTS!$Q:$Q,MATCH(E60,CTS!$E:$E,0))),\"\",(INDEX(CTS!$Q:$Q,MATCH(E60,CTS!$E:$E,0))))","v":50.420168067226896},{"$f":"IF(ISNA(INDEX(CTS!$S:$S,MATCH(E60,CTS!$E:$E,0))),\"\",(INDEX(CTS!$S:$S,MATCH(E60,CTS!$E:$E,0))))","v":9.5798319327731107},{"$f":"IF(ISNA(INDEX(CTS!$T:$T,MATCH(E60,CTS!$E:$E,0))),\"\",(INDEX(CTS!$T:$T,MATCH(E60,CTS!$E:$E,0))))","v":60.000000000000007},{"$f":"IF(ISNA(INDEX(CTS!$U:$U,MATCH(E60,CTS!$E:$E,0))),\"\",(INDEX(CTS!$U:$U,MATCH(E60,CTS!$E:$E,0))))","v":0},{"$f":"IF(ISNA(INDEX(CTS!$V:$V,MATCH(E60,CTS!$E:$E,0))),\"\",(INDEX(CTS!$V:$V,MATCH(E60,CTS!$E:$E,0))))","v":60.000000000000007},{"$f":"IFERROR(INDEX(CTS!$A:$A,MATCH(E60,CTS!$E:$E,0)),\".\")","v":"P"},{"$f":"IFERROR(IFERROR(INDEX(#REF!,MATCH(E60,#REF!,0)),IFERROR(INDEX(#REF!,MATCH(E60,#REF!,0)),INDEX(#REF!,MATCH(E60,#REF!,0)) )),\".\")","v":"."},null,{"$f":"IFERROR(VLOOKUP(E60,#REF!,8,FALSE),IFERROR(VLOOKUP(E60,#REF!,8,FALSE),IFERROR(VLOOKUP(E60,#REF!,8,FALSE),\"\")))","v":""},".-."]
[56,{"$f":"IFERROR(DAY(CTR[[#This Row],[Date]]),\"\")","v":6},{"$f":"IFERROR(MONTH(CTR[[#This Row],[Date]]),\"\")","v":1},{"$f":"IF(ISNA(INDEX(CTS!C:C,MATCH(E61,CTS!$E:$E,0))),\"\",(INDEX(CTS!C:C,MATCH(E61,CTS!$E:$E,0))))","v":44202},"01-056",{"$f":"IF(ISNA(INDEX(CTS!$F:$F,MATCH(E61,CTS!$E:$E,0))),\"\",(INDEX(CTS!$F:$F,MATCH(E61,CTS!$E:$E,0))))","v":"CLIENT"},{"$f":"IF(ISNA(INDEX(CTS!$N:$N,MATCH(E61,CTS!$E:$E,0))),\"\",(INDEX(CTS!$N:$N,MATCH(E61,CTS!$E:$E,0))))","v":983.19327731092437},{"$f":"IF(ISNA(INDEX(CTS!$O:$O,MATCH(E61,CTS!$E:$E,0))),\"\",(INDEX(CTS!$O:$O,MATCH(E61,CTS!$E:$E,0))))","v":0},{"$f":"IF(ISNA(INDEX(CTS!$P:$P,MATCH(E61,CTS!$E:$E,0))),\"\",(INDEX(CTS!$P:$P,MATCH(E61,CTS!$E:$E,0))))","v":0},{"$f":"IF(ISNA(INDEX(CTS!$Q:$Q,MATCH(E61,CTS!$E:$E,0))),\"\",(INDEX(CTS!$Q:$Q,MATCH(E61,CTS!$E:$E,0))))","v":983.19327731092437},{"$f":"IF(ISNA(INDEX(CTS!$S:$S,MATCH(E61,CTS!$E:$E,0))),\"\",(INDEX(CTS!$S:$S,MATCH(E61,CTS!$E:$E,0))))","v":186.80672268907563},{"$f":"IF(ISNA(INDEX(CTS!$T:$T,MATCH(E61,CTS!$E:$E,0))),\"\",(INDEX(CTS!$T:$T,MATCH(E61,CTS!$E:$E,0))))","v":1170},{"$f":"IF(ISNA(INDEX(CTS!$U:$U,MATCH(E61,CTS!$E:$E,0))),\"\",(INDEX(CTS!$U:$U,MATCH(E61,CTS!$E:$E,0))))","v":0},{"$f":"IF(ISNA(INDEX(CTS!$V:$V,MATCH(E61,CTS!$E:$E,0))),\"\",(INDEX(CTS!$V:$V,MATCH(E61,CTS!$E:$E,0))))","v":1170},{"$f":"IFERROR(INDEX(CTS!$A:$A,MATCH(E61,CTS!$E:$E,0)),\".\")","v":"P"},{"$f":"IFERROR(IFERROR(INDEX(#REF!,MATCH(E61,#REF!,0)),IFERROR(INDEX(#REF!,MATCH(E61,#REF!,0)),INDEX(#REF!,MATCH(E61,#REF!,0)) )),\".\")","v":"."},null,{"$f":"IFERROR(VLOOKUP(E61,#REF!,8,FALSE),IFERROR(VLOOKUP(E61,#REF!,8,FALSE),IFERROR(VLOOKUP(E61,#REF!,8,FALSE),\"\")))","v":""},".-."]
[57,{"$f":"IFERROR(DAY(CTR[[#This Row],[Date]]),\"\")","v":6},{"$f":"IFERROR(MONTH(CTR[[#This Row],[Date]]),\"\")","v":1},{"$f":"IF(ISNA(INDEX(CTS!C:C,MATCH(E62,CTS!$E:$E,0))),\"\",(INDEX(CTS!C:C,MATCH(E62,CTS!$E:$E,0))))","v":44202},"01-057",{"$f":"IF(ISNA(INDEX(CTS!$F:$F,MATCH(E62,CTS!$E:$E,0))),\"\",(INDEX(CTS!$F:$F,MATCH(E62,CTS!$E:$E,0))))","v":"CLIENT"},{"$f":"IF(ISNA(INDEX(CTS!$N:$N,MATCH(E62,CTS!$E:$E,0))),\"\",(INDEX(CTS!$N:$N,MATCH(E62,CTS!$E:$E,0))))","v":5092.4369747899163},{"$f":"IF(ISNA(INDEX(CTS!$O:$O,MATCH(E62,CTS!$E:$E,0))),\"\",(INDEX(CTS!$O:$O,MATCH(E62,CTS!$E:$E,0))))","v":0},{"$f":"IF(ISNA(INDEX(CTS!$P:$P,MATCH(E62,CTS!$E:$E,0))),\"\",(INDEX(CTS!$P:$P,MATCH(E62,CTS!$E:$E,0))))","v":0},{"$f":"IF(ISNA(INDEX(CTS!$Q:$Q,MATCH(E62,CTS!$E:$E,0))),\"\",(INDEX(CTS!$Q:$Q,MATCH(E62,CTS!$E:$E,0))))","v":5092.4369747899163},{"$f":"IF(ISNA(INDEX(CTS!$S:$S,MATCH(E62,CTS!$E:$E,0))),\"\",(INDEX(CTS!$S:$S,MATCH(E62,CTS!$E:$E,0))))","v":967.56302521008422},{"$f":"IF(ISNA(INDEX(CTS!$T:$T,MATCH(E62,CTS!$E:$E,0))),\"\",(INDEX(CTS!$T:$T,MATCH(E62,CTS!$E:$E,0))))","v":6060},{"$f":"IF(ISNA(INDEX(CTS!$U:$U,MATCH(E62,CTS!$E:$E,0))),\"\",(INDEX(CTS!$U:$U,MATCH(E62,CTS!$E:$E,0))))","v":0},{"$f":"IF(ISNA(INDEX(CTS!$V:$V,MATCH(E62,CTS!$E:$E,0))),\"\",(INDEX(CTS!$V:$V,MATCH(E62,CTS!$E:$E,0))))","v":6060},{"$f":"IFERROR(INDEX(CTS!$A:$A,MATCH(E62,CTS!$E:$E,0)),\".\")","v":"P"},{"$f":"IFERROR(IFERROR(INDEX(#REF!,MATCH(E62,#REF!,0)),IFERROR(INDEX(#REF!,MATCH(E62,#REF!,0)),INDEX(#REF!,MATCH(E62,#REF!,0)) )),\".\")","v":"."},null,{"$f":"IFERROR(VLOOKUP(E62,#REF!,8,FALSE),IFERROR(VLOOKUP(E62,#REF!,8,FALSE),IFERROR(VLOOKUP(E62,#REF!,8,FALSE),\"\")))","v":""},".-."]
[58,{"$f":"IFERROR(DAY(CTR[[#This Row],[Date]]),\"\")","v":6},{"$f":"IFERROR(MONTH(CTR[[#This Row],[Date]]),\"\")","v":1},{"$f":"IF(ISNA(INDEX(CTS!C:C,MATCH(E63,CTS!$E:$E,0))),\"\",(INDEX(CTS!C:C,MATCH(E63,CTS!$E:$E,0))))","v":44202},"01-058",{"$f":"IF(ISNA(INDEX(CTS!$F:$F,MATCH(E63,CTS!$E:$E,0))),\"\",(INDEX(CTS!$F:$F,MATCH(E63,CTS!$E:$E,0))))","v":"CLIENT"},{"$f":"IF(ISNA(INDEX(CTS!$N:$N,MATCH(E63,CTS!$E:$E,0))),\"\",(INDEX(CTS!$N:$N,MATCH(E63,CTS!$E:$E,0))))","v":211.76470588235298},{"$f":"IF(ISNA(INDEX(CTS!$O:$O,MATCH(E63,CTS!$E:$E,0))),\"\",(INDEX(CTS!$O:$O,MATCH(E63,CTS!$E:$E,0))))","v":0},{"$f":"IF(ISNA(INDEX(CTS!$P:$P,MATCH(E63,CTS!$E:$E,0))),\"\",(INDEX(CTS!$P:$P,MATCH(E63,CTS!$E:$E,0))))","v":0},{"$f":"IF(ISNA(INDEX(CTS!$Q:$Q,MATCH(E63,CTS!$E:$E,0))),\"\",(INDEX(CTS!$Q:$Q,MATCH(E63,CTS!$E:$E,0))))","v":211.76470588235298},{"$f":"IF(ISNA(INDEX(CTS!$S:$S,MATCH(E63,CTS!$E:$E,0))),\"\",(INDEX(CTS!$S:$S,MATCH(E63,CTS!$E:$E,0))))","v":40.235294117647065},{"$f":"IF(ISNA(INDEX(CTS!$T:$T,MATCH(E63,CTS!$E:$E,0))),\"\",(INDEX(CTS!$T:$T,MATCH(E63,CTS!$E:$E,0))))","v":252.00000000000006},{"$f":"IF(ISNA(INDEX(CTS!$U:$U,MATCH(E63,CTS!$E:$E,0))),\"\",(INDEX(CTS!$U:$U,MATCH(E63,CTS!$E:$E,0))))","v":2},{"$f":"IF(ISNA(INDEX(CTS!$V:$V,MATCH(E63,CTS!$E:$E,0))),\"\",(INDEX(CTS!$V:$V,MATCH(E63,CTS!$E:$E,0))))","v":250.00000000000006},{"$f":"IFERROR(INDEX(CTS!$A:$A,MATCH(E63,CTS!$E:$E,0)),\".\")","v":"P"},{"$f":"IFERROR(IFERROR(INDEX(#REF!,MATCH(E63,#REF!,0)),IFERROR(INDEX(#REF!,MATCH(E63,#REF!,0)),INDEX(#REF!,MATCH(E63,#REF!,0)) )),\".\")","v":"."},null,{"$f":"IFERROR(VLOOKUP(E63,#REF!,8,FALSE),IFERROR(VLOOKUP(E63,#REF!,8,FALSE),IFERROR(VLOOKUP(E63,#REF!,8,FALSE),\"\")))","v":""},".-."]
[59,{"$f":"IFERROR(DAY(CTR[[#This Row],[Date]]),\"\")","v":6},{"$f":"IFERROR(MONTH(CTR[[#This Row],[Date]]),\"\")","v":1},{"$f":"IF(ISNA(INDEX(CTS!C:C,MATCH(E64,CTS!$E:$E,0))),\"\",(INDEX(CTS!C:C,MATCH(E64,CTS!$E:$E,0))))","v":44202},"01-059",{"$f":"IF(ISNA(INDEX(CTS!$F:$F,MATCH(E64,CTS!$E:$E,0))),\"\",(INDEX(CTS!$F:$F,MATCH(E64,CTS!$E:$E,0))))","v":"CLIENT"},{"$f":"IF(ISNA(INDEX(CTS!$N:$N,MATCH(E64,CTS!$E:$E,0))),\"\",(INDEX(CTS!$N:$N,MATCH(E64,CTS!$E:$E,0))))","v":131.09243697478993},{"$f":"IF(ISNA(INDEX(CTS!$O:$O,MATCH(E64,CTS!$E:$E,0))),\"\",(INDEX(CTS!$O:$O,MATCH(E64,CTS!$E:$E,0))))","v":0},{"$f":"IF(ISNA(INDEX(CTS!$P:$P,MATCH(E64,CTS!$E:$E,0))),\"\",(INDEX(CTS!$P:$P,MATCH(E64,CTS!$E:$E,0))))","v":0},{"$f":"IF(ISNA(INDEX(CTS!$Q:$Q,MATCH(E64,CTS!$E:$E,0))),\"\",(INDEX(CTS!$Q:$Q,MATCH(E64,CTS!$E:$E,0))))","v":131.09243697478993},{"$f":"IF(ISNA(INDEX(CTS!$S:$S,MATCH(E64,CTS!$E:$E,0))),\"\",(INDEX(CTS!$S:$S,MATCH(E64,CTS!$E:$E,0))))","v":24.907563025210088},{"$f":"IF(ISNA(INDEX(CTS!$T:$T,MATCH(E64,CTS!$E:$E,0))),\"\",(INDEX(CTS!$T:$T,MATCH(E64,CTS!$E:$E,0))))","v":156.00000000000003},{"$f":"IF(ISNA(INDEX(CTS!$U:$U,MATCH(E64,CTS!$E:$E,0))),\"\",(INDEX(CTS!$U:$U,MATCH(E64,CTS!$E:$E,0))))","v":6},{"$f":"IF(ISNA(INDEX(CTS!$V:$V,MATCH(E64,CTS!$E:$E,0))),\"\",(INDEX(CTS!$V:$V,MATCH(E64,CTS!$E:$E,0))))","v":150.00000000000003},{"$f":"IFERROR(INDEX(CTS!$A:$A,MATCH(E64,CTS!$E:$E,0)),\".\")","v":"P"},{"$f":"IFERROR(IFERROR(INDEX(#REF!,MATCH(E64,#REF!,0)),IFERROR(INDEX(#REF!,MATCH(E64,#REF!,0)),INDEX(#REF!,MATCH(E64,#REF!,0)) )),\".\")","v":"."},null,{"$f":"IFERROR(VLOOKUP(E64,#REF!,8,FALSE),IFERROR(VLOOKUP(E64,#REF!,8,FALSE),IFERROR(VLOOKUP(E64,#REF!,8,FALSE),\"\")))","v":""},".-."]
[60,{"$f":"IFERROR(DAY(CTR[[#This Row],[Date]]),\"\")","v":6},{"$f":"IFERROR(MONTH(CTR[[#This Row],[Date]]),\"\")","v":1},{"$f":"IF(ISNA(INDEX(CTS!C:C,MATCH(E65,CTS!$E:$E,0))),\"\",(INDEX(CTS!C:C,MATCH(E65,CTS!$E:$E,0))))","v":44202},"01-060",{"$f":"IF(ISNA(INDEX(CTS!$F:$F,MATCH(E65,CTS!$E:$E,0))),\"\",(INDEX(CTS!$F:$F,MATCH(E65,CTS!$E:$E,0))))","v":"PROMOTION IMMOBILIERE MAISON SESAME"},{"$f":"IF(ISNA(INDEX(CTS!$N:$N,MATCH(E65,CTS!$E:$E,0))),\"\",(INDEX(CTS!$N:$N,MATCH(E65,CTS!$E:$E,0))))","v":17568.907563025212},{"$f":"IF(ISNA(INDEX(CTS!$O:$O,MATCH(E65,CTS!$E:$E,0))),\"\",(INDEX(CTS!$O:$O,MATCH(E65,CTS!$E:$E,0))))","v":0},{"$f":"IF(ISNA(INDEX(CTS!$P:$P,MATCH(E65,CTS!$E:$E,0))),\"\",(INDEX(CTS!$P:$P,MATCH(E65,CTS!$E:$E,0))))","v":0},{"$f":"IF(ISNA(INDEX(CTS!$Q:$Q,MATCH(E65,CTS!$E:$E,0))),\"\",(INDEX(CTS!$Q:$Q,MATCH(E65,CTS!$E:$E,0))))","v":17568.907563025212},{"$f":"IF(ISNA(INDEX(CTS!$S:$S,MATCH(E65,CTS!$E:$E,0))),\"\",(INDEX(CTS!$S:$S,MATCH(E65,CTS!$E:$E,0))))","v":3304.29},{"$f":"IF(ISNA(INDEX(CTS!$T:$T,MATCH(E65,CTS!$E:$E,0))),\"\",(INDEX(CTS!$T:$T,MATCH(E65,CTS!$E:$E,0))))","v":20907},{"$f":"IF(ISNA(INDEX(CTS!$U:$U,MATCH(E65,CTS!$E:$E,0))),\"\",(INDEX(CTS!$U:$U,MATCH(E65,CTS!$E:$E,0))))","v":7},{"$f":"IF(ISNA(INDEX(CTS!$V:$V,MATCH(E65,CTS!$E:$E,0))),\"\",(INDEX(CTS!$V:$V,MATCH(E65,CTS!$E:$E,0))))","v":20900},{"$f":"IFERROR(INDEX(CTS!$A:$A,MATCH(E65,CTS!$E:$E,0)),\".\")","v":"C"},{"$f":"IFERROR(IFERROR(INDEX(#REF!,MATCH(E65,#REF!,0)),IFERROR(INDEX(#REF!,MATCH(E65,#REF!,0)),INDEX(#REF!,MATCH(E65,#REF!,0)) )),\".\")","v":"."},null,{"$f":"IFERROR(VLOOKUP(E65,#REF!,8,FALSE),IFERROR(VLOOKUP(E65,#REF!,8,FALSE),IFERROR(VLOOKUP(E65,#REF!,8,FALSE),\"\")))","v":""},".-."]
[61,{"$f":"IFERROR(DAY(CTR[[#This Row],[Date]]),\"\")","v":6},{"$f":"IFERROR(MONTH(CTR[[#This Row],[Date]]),\"\")","v":1},{"$f":"IF(ISNA(INDEX(CTS!C:C,MATCH(E66,CTS!$E:$E,0))),\"\",(INDEX(CTS!C:C,MATCH(E66,CTS!$E:$E,0))))","v":44202},"01-061",{"$f":"IF(ISNA(INDEX(CTS!$F:$F,MATCH(E66,CTS!$E:$E,0))),\"\",(INDEX(CTS!$F:$F,MATCH(E66,CTS!$E:$E,0))))","v":"CLIENT"},{"$f":"IF(ISNA(INDEX(CTS!$N:$N,MATCH(E66,CTS!$E:$E,0))),\"\",(INDEX(CTS!$N:$N,MATCH(E66,CTS!$E:$E,0))))","v":275.63025210084038},{"$f":"IF(ISNA(INDEX(CTS!$O:$O,MATCH(E66,CTS!$E:$E,0))),\"\",(INDEX(CTS!$O:$O,MATCH(E66,CTS!$E:$E,0))))","v":0},{"$f":"IF(ISNA(INDEX(CTS!$P:$P,MATCH(E66,CTS!$E:$E,0))),\"\",(INDEX(CTS!$P:$P,MATCH(E66,CTS!$E:$E,0))))","v":0},{"$f":"IF(ISNA(INDEX(CTS!$Q:$Q,MATCH(E66,CTS!$E:$E,0))),\"\",(INDEX(CTS!$Q:$Q,MATCH(E66,CTS!$E:$E,0))))","v":275.63025210084038},{"$f":"IF(ISNA(INDEX(CTS!$S:$S,MATCH(E66,CTS!$E:$E,0))),\"\",(INDEX(CTS!$S:$S,MATCH(E66,CTS!$E:$E,0))))","v":52.36974789915967},{"$f":"IF(ISNA(INDEX(CTS!$T:$T,MATCH(E66,CTS!$E:$E,0))),\"\",(INDEX(CTS!$T:$T,MATCH(E66,CTS!$E:$E,0))))","v":328},{"$f":"IF(ISNA(INDEX(CTS!$U:$U,MATCH(E66,CTS!$E:$E,0))),\"\",(INDEX(CTS!$U:$U,MATCH(E66,CTS!$E:$E,0))))","v":2},{"$f":"IF(ISNA(INDEX(CTS!$V:$V,MATCH(E66,CTS!$E:$E,0))),\"\",(INDEX(CTS!$V:$V,MATCH(E66,CTS!$E:$E,0))))","v":326},{"$f":"IFERROR(INDEX(CTS!$A:$A,MATCH(E66,CTS!$E:$E,0)),\".\")","v":"P"},{"$f":"IFERROR(IFERROR(INDEX(#REF!,MATCH(E66,#REF!,0)),IFERROR(INDEX(#REF!,MATCH(E66,#REF!,0)),INDEX(#REF!,MATCH(E66,#REF!,0)) )),\".\")","v":"."},null,{"$f":"IFERROR(VLOOKUP(E66,#REF!,8,FALSE),IFERROR(VLOOKUP(E66,#REF!,8,FALSE),IFERROR(VLOOKUP(E66,#REF!,8,FALSE),\"\")))","v":""},".-."]
[62,{"$f":"IFERROR(DAY(CTR[[#This Row],[Date]]),\"\")","v":6},{"$f":"IFERROR(MONTH(CTR[[#This Row],[Date]]),\"\")","v":1},{"$f":"IF(ISNA(INDEX(CTS!C:C,MATCH(E67,CTS!$E:$E,0))),\"\",(INDEX(CTS!C:C,MATCH(E67,CTS!$E:$E,0))))","v":44202},"01-062",{"$f":"IF(ISNA(INDEX(CTS!$F:$F,MATCH(E67,CTS!$E:$E,0))),\"\",(INDEX(CTS!$F:$F,MATCH(E67,CTS!$E:$E,0))))","v":"CLIENT"},{"$f":"IF(ISNA(INDEX(CTS!$N:$N,MATCH(E67,CTS!$E:$E,0))),\"\",(INDEX(CTS!$N:$N,MATCH(E67,CTS!$E:$E,0))))","v":564.70588235294122},{"$f":"IF(ISNA(INDEX(CTS!$O:$O,MATCH(E67,CTS!$E:$E,0))),\"\",(INDEX(CTS!$O:$O,MATCH(E67,CTS!$E:$E,0))))","v":0},{"$f":"IF(ISNA(INDEX(CTS!$P:$P,MATCH(E67,CTS!$E:$E,0))),\"\",(INDEX(CTS!$P:$P,MATCH(E67,CTS!$E:$E,0))))","v":0},{"$f":"IF(ISNA(INDEX(CTS!$Q:$Q,MATCH(E67,CTS!$E:$E,0))),\"\",(INDEX(CTS!$Q:$Q,MATCH(E67,CTS!$E:$E,0))))","v":564.70588235294122},{"$f":"IF(ISNA(INDEX(CTS!$S:$S,MATCH(E67,CTS!$E:$E,0))),\"\",(INDEX(CTS!$S:$S,MATCH(E67,CTS!$E:$E,0))))","v":107.29411764705883},{"$f":"IF(ISNA(INDEX(CTS!$T:$T,MATCH(E67,CTS!$E:$E,0))),\"\",(INDEX(CTS!$T:$T,MATCH(E67,CTS!$E:$E,0))))","v":672},{"$f":"IF(ISNA(INDEX(CTS!$U:$U,MATCH(E67,CTS!$E:$E,0))),\"\",(INDEX(CTS!$U:$U,MATCH(E67,CTS!$E:$E,0))))","v":2},{"$f":"IF(ISNA(INDEX(CTS!$V:$V,MATCH(E67,CTS!$E:$E,0))),\"\",(INDEX(CTS!$V:$V,MATCH(E67,CTS!$E:$E,0))))","v":670},{"$f":"IFERROR(INDEX(CTS!$A:$A,MATCH(E67,CTS!$E:$E,0)),\".\")","v":"P"},{"$f":"IFERROR(IFERROR(INDEX(#REF!,MATCH(E67,#REF!,0)),IFERROR(INDEX(#REF!,MATCH(E67,#REF!,0)),INDEX(#REF!,MATCH(E67,#REF!,0)) )),\".\")","v":"."},null,{"$f":"IFERROR(VLOOKUP(E67,#REF!,8,FALSE),IFERROR(VLOOKUP(E67,#REF!,8,FALSE),IFERROR(VLOOKUP(E67,#REF!,8,FALSE),\"\")))","v":""},".-."]
[63,{"$f":"IFERROR(DAY(CTR[[#This Row],[Date]]),\"\")","v":6},{"$f":"IFERROR(MONTH(CTR[[#This Row],[Date]]),\"\")","v":1},{"$f":"IF(ISNA(INDEX(CTS!C:C,MATCH(E68,CTS!$E:$E,0))),\"\",(INDEX(CTS!C:C,MATCH(E68,CTS!$E:$E,0))))","v":44202},"01-063",{"$f":"IF(ISNA(INDEX(CTS!$F:$F,MATCH(E68,CTS!$E:$E,0))),\"\",(INDEX(CTS!$F:$F,MATCH(E68,CTS!$E:$E,0))))","v":"CLIENT"},{"$f":"IF(ISNA(INDEX(CTS!$N:$N,MATCH(E68,CTS!$E:$E,0))),\"\",(INDEX(CTS!$N:$N,MATCH(E68,CTS!$E:$E,0))))","v":115.96638655462185},{"$f":"IF(ISNA(INDEX(CTS!$O:$O,MATCH(E68,CTS!$E:$E,0))),\"\",(INDEX(CTS!$O:$O,MATCH(E68,CTS!$E:$E,0))))","v":0},{"$f":"IF(ISNA(INDEX(CTS!$P:$P,MATCH(E68,CTS!$E:$E,0))),\"\",(INDEX(CTS!$P:$P,MATCH(E68,CTS!$E:$E,0))))","v":0},{"$f":"IF(ISNA(INDEX(CTS!$Q:$Q,MATCH(E68,CTS!$E:$E,0))),\"\",(INDEX(CTS!$Q:$Q,MATCH(E68,CTS!$E:$E,0))))","v":115.96638655462185},{"$f":"IF(ISNA(INDEX(CTS!$S:$S,MATCH(E68,CTS!$E:$E,0))),\"\",(INDEX(CTS!$S:$S,MATCH(E68,CTS!$E:$E,0))))","v":22.033613445378151},{"$f":"IF(ISNA(INDEX(CTS!$T:$T,MATCH(E68,CTS!$E:$E,0))),\"\",(INDEX(CTS!$T:$T,MATCH(E68,CTS!$E:$E,0))))","v":138},{"$f":"IF(ISNA(INDEX(CTS!$U:$U,MATCH(E68,CTS!$E:$E,0))),\"\",(INDEX(CTS!$U:$U,MATCH(E68,CTS!$E:$E,0))))","v":2},{"$f":"IF(ISNA(INDEX(CTS!$V:$V,MATCH(E68,CTS!$E:$E,0))),\"\",(INDEX(CTS!$V:$V,MATCH(E68,CTS!$E:$E,0))))","v":136},{"$f":"IFERROR(INDEX(CTS!$A:$A,MATCH(E68,CTS!$E:$E,0)),\".\")","v":"P"},{"$f":"IFERROR(IFERROR(INDEX(#REF!,MATCH(E68,#REF!,0)),IFERROR(INDEX(#REF!,MATCH(E68,#REF!,0)),INDEX(#REF!,MATCH(E68,#REF!,0)) )),\".\")","v":"."},null,{"$f":"IFERROR(VLOOKUP(E68,#REF!,8,FALSE),IFERROR(VLOOKUP(E68,#REF!,8,FALSE),IFERROR(VLOOKUP(E68,#REF!,8,FALSE),\"\")))","v":""},".-."]
[64,{"$f":"IFERROR(DAY(CTR[[#This Row],[Date]]),\"\")","v":6},{"$f":"IFERROR(MONTH(CTR[[#This Row],[Date]]),\"\")","v":1},{"$f":"IF(ISNA(INDEX(CTS!C:C,MATCH(E69,CTS!$E:$E,0))),\"\",(INDEX(CTS!C:C,MATCH(E69,CTS!$E:$E,0))))","v":44202},"01-064",{"$f":"IF(ISNA(INDEX(CTS!$F:$F,MATCH(E69,CTS!$E:$E,0))),\"\",(INDEX(CTS!$F:$F,MATCH(E69,CTS!$E:$E,0))))","v":"CLIENT"},{"$f":"IF(ISNA(INDEX(CTS!$N:$N,MATCH(E69,CTS!$E:$E,0))),\"\",(INDEX(CTS!$N:$N,MATCH(E69,CTS!$E:$E,0))))","v":285.71428571428572},{"$f":"IF(ISNA(INDEX(CTS!$O:$O,MATCH(E69,CTS!$E:$E,0))),\"\",(INDEX(CTS!$O:$O,MATCH(E69,CTS!$E:$E,0))))","v":0},{"$f":"IF(ISNA(INDEX(CTS!$P:$P,MATCH(E69,CTS!$E:$E,0))),\"\",(INDEX(CTS!$P:$P,MATCH(E69,CTS!$E:$E,0))))","v":0},{"$f":"IF(ISNA(INDEX(CTS!$Q:$Q,MATCH(E69,CTS!$E:$E,0))),\"\",(INDEX(CTS!$Q:$Q,MATCH(E69,CTS!$E:$E,0))))","v":285.71428571428572},{"$f":"IF(ISNA(INDEX(CTS!$S:$S,MATCH(E69,CTS!$E:$E,0))),\"\",(INDEX(CTS!$S:$S,MATCH(E69,CTS!$E:$E,0))))","v":54.285714285714292},{"$f":"IF(ISNA(INDEX(CTS!$T:$T,MATCH(E69,CTS!$E:$E,0))),\"\",(INDEX(CTS!$T:$T,MATCH(E69,CTS!$E:$E,0))))","v":340},{"$f":"IF(ISNA(INDEX(CTS!$U:$U,MATCH(E69,CTS!$E:$E,0))),\"\",(INDEX(CTS!$U:$U,MATCH(E69,CTS!$E:$E,0))))","v":0},{"$f":"IF(ISNA(INDEX(CTS!$V:$V,MATCH(E69,CTS!$E:$E,0))),\"\",(INDEX(CTS!$V:$V,MATCH(E69,CTS!$E:$E,0))))","v":340},{"$f":"IFERROR(INDEX(CTS!$A:$A,MATCH(E69,CTS!$E:$E,0)),\".\")","v":"P"},{"$f":"IFERROR(IFERROR(INDEX(#REF!,MATCH(E69,#REF!,0)),IFERROR(INDEX(#REF!,MATCH(E69,#REF!,0)),INDEX(#REF!,MATCH(E69,#REF!,0)) )),\".\")","v":"."},null,{"$f":"IFERROR(VLOOKUP(E69,#REF!,8,FALSE),IFERROR(VLOOKUP(E69,#REF!,8,FALSE),IFERROR(VLOOKUP(E69,#REF!,8,FALSE),\"\")))","v":""},".-."]
[65,{"$f":"IFERROR(DAY(CTR[[#This Row],[Date]]),\"\")","v":6},{"$f":"IFERROR(MONTH(CTR[[#This Row],[Date]]),\"\")","v":1},{"$f":"IF(ISNA(INDEX(CTS!C:C,MATCH(E70,CTS!$E:$E,0))),\"\",(INDEX(CTS!C:C,MATCH(E70,CTS!$E:$E,0))))","v":44202},"01-065",{"$f":"IF(ISNA(INDEX(CTS!$F:$F,MATCH(E70,CTS!$E:$E,0))),\"\",(INDEX(CTS!$F:$F,MATCH(E70,CTS!$E:$E,0))))","v":"CLIENT"},{"$f":"IF(ISNA(INDEX(CTS!$N:$N,MATCH(E70,CTS!$E:$E,0))),\"\",(INDEX(CTS!$N:$N,MATCH(E70,CTS!$E:$E,0))))","v":156.30252100840337},{"$f":"IF(ISNA(INDEX(CTS!$O:$O,MATCH(E70,CTS!$E:$E,0))),\"\",(INDEX(CTS!$O:$O,MATCH(E70,CTS!$E:$E,0))))","v":0},{"$f":"IF(ISNA(INDEX(CTS!$P:$P,MATCH(E70,CTS!$E:$E,0))),\"\",(INDEX(CTS!$P:$P,MATCH(E70,CTS!$E:$E,0))))","v":0},{"$f":"IF(ISNA(INDEX(CTS!$Q:$Q,MATCH(E70,CTS!$E:$E,0))),\"\",(INDEX(CTS!$Q:$Q,MATCH(E70,CTS!$E:$E,0))))","v":156.30252100840337},{"$f":"IF(ISNA(INDEX(CTS!$S:$S,MATCH(E70,CTS!$E:$E,0))),\"\",(INDEX(CTS!$S:$S,MATCH(E70,CTS!$E:$E,0))))","v":29.697478991596643},{"$f":"IF(ISNA(INDEX(CTS!$T:$T,MATCH(E70,CTS!$E:$E,0))),\"\",(INDEX(CTS!$T:$T,MATCH(E70,CTS!$E:$E,0))))","v":186.00000000000003},{"$f":"IF(ISNA(INDEX(CTS!$U:$U,MATCH(E70,CTS!$E:$E,0))),\"\",(INDEX(CTS!$U:$U,MATCH(E70,CTS!$E:$E,0))))","v":4},{"$f":"IF(ISNA(INDEX(CTS!$V:$V,MATCH(E70,CTS!$E:$E,0))),\"\",(INDEX(CTS!$V:$V,MATCH(E70,CTS!$E:$E,0))))","v":182.00000000000003},{"$f":"IFERROR(INDEX(CTS!$A:$A,MATCH(E70,CTS!$E:$E,0)),\".\")","v":"P"},{"$f":"IFERROR(IFERROR(INDEX(#REF!,MATCH(E70,#REF!,0)),IFERROR(INDEX(#REF!,MATCH(E70,#REF!,0)),INDEX(#REF!,MATCH(E70,#REF!,0)) )),\".\")","v":"."},null,{"$f":"IFERROR(VLOOKUP(E70,#REF!,8,FALSE),IFERROR(VLOOKUP(E70,#REF!,8,FALSE),IFERROR(VLOOKUP(E70,#REF!,8,FALSE),\"\")))","v":""},{"$f":"IFERROR(TEXT(P70,\"mm\") & \"-\" & TEXT(P70,\"aaaa\"),\"\")","v":".-."}]
[66,{"$f":"IFERROR(DAY(CTR[[#This Row],[Date]]),\"\")","v":6},{"$f":"IFERROR(MONTH(CTR[[#This Row],[Date]]),\"\")","v":1},{"$f":"IF(ISNA(INDEX(CTS!C:C,MATCH(E71,CTS!$E:$E,0))),\"\",(INDEX(CTS!C:C,MATCH(E71,CTS!$E:$E,0))))","v":44202},"01-066",{"$f":"IF(ISNA(INDEX(CTS!$F:$F,MATCH(E71,CTS!$E:$E,0))),\"\",(INDEX(CTS!$F:$F,MATCH(E71,CTS!$E:$E,0))))","v":"CLIENT"},{"$f":"IF(ISNA(INDEX(CTS!$N:$N,MATCH(E71,CTS!$E:$E,0))),\"\",(INDEX(CTS!$N:$N,MATCH(E71,CTS!$E:$E,0))))","v":242.0168067226891},{"$f":"IF(ISNA(INDEX(CTS!$O:$O,MATCH(E71,CTS!$E:$E,0))),\"\",(INDEX(CTS!$O:$O,MATCH(E71,CTS!$E:$E,0))))","v":0},{"$f":"IF(ISNA(INDEX(CTS!$P:$P,MATCH(E71,CTS!$E:$E,0))),\"\",(INDEX(CTS!$P:$P,MATCH(E71,CTS!$E:$E,0))))","v":0},{"$f":"IF(ISNA(INDEX(CTS!$Q:$Q,MATCH(E71,CTS!$E:$E,0))),\"\",(INDEX(CTS!$Q:$Q,MATCH(E71,CTS!$E:$E,0))))","v":242.0168067226891},{"$f":"IF(ISNA(INDEX(CTS!$S:$S,MATCH(E71,CTS!$E:$E,0))),\"\",(INDEX(CTS!$S:$S,MATCH(E71,CTS!$E:$E,0))))","v":45.983193277310932},{"$f":"IF(ISNA(INDEX(CTS!$T:$T,MATCH(E71,CTS!$E:$E,0))),\"\",(INDEX(CTS!$T:$T,MATCH(E71,CTS!$E:$E,0))))","v":288},{"$f":"IF(ISNA(INDEX(CTS!$U:$U,MATCH(E71,CTS!$E:$E,0))),\"\",(INDEX(CTS!$U:$U,MATCH(E71,CTS!$E:$E,0))))","v":3},{"$f":"IF(ISNA(INDEX(CTS!$V:$V,MATCH(E71,CTS!$E:$E,0))),\"\",(INDEX(CTS!$V:$V,MATCH(E71,CTS!$E:$E,0))))","v":285},{"$f":"IFERROR(INDEX(CTS!$A:$A,MATCH(E71,CTS!$E:$E,0)),\".\")","v":"P"},{"$f":"IFERROR(IFERROR(INDEX(#REF!,MATCH(E71,#REF!,0)),IFERROR(INDEX(#REF!,MATCH(E71,#REF!,0)),INDEX(#REF!,MATCH(E71,#REF!,0)) )),\".\")","v":"."},null,{"$f":"IFERROR(VLOOKUP(E71,#REF!,8,FALSE),IFERROR(VLOOKUP(E71,#REF!,8,FALSE),IFERROR(VLOOKUP(E71,#REF!,8,FALSE),\"\")))","v":""},".-."]
[67,{"$f":"IFERROR(DAY(CTR[[#This Row],[Date]]),\"\")","v":6},{"$f":"IFERROR(MONTH(CTR[[#This Row],[Date]]),\"\")","v":1},{"$f":"IF(ISNA(INDEX(CTS!C:C,MATCH(E72,CTS!$E:$E,0))),\"\",(INDEX(CTS!C:C,MATCH(E72,CTS!$E:$E,0))))","v":44202},"01-067",{"$f":"IF(ISNA(INDEX(CTS!$F:$F,MATCH(E72,CTS!$E:$E,0))),\"\",(INDEX(CTS!$F:$F,MATCH(E72,CTS!$E:$E,0))))","v":"CLIENT"},{"$f":"IF(ISNA(INDEX(CTS!$N:$N,MATCH(E72,CTS!$E:$E,0))),\"\",(INDEX(CTS!$N:$N,MATCH(E72,CTS!$E:$E,0))))","v":147.05882352941177},{"$f":"IF(ISNA(INDEX(CTS!$O:$O,MATCH(E72,CTS!$E:$E,0))),\"\",(INDEX(CTS!$O:$O,MATCH(E72,CTS!$E:$E,0))))","v":0},{"$f":"IF(ISNA(INDEX(CTS!$P:$P,MATCH(E72,CTS!$E:$E,0))),\"\",(INDEX(CTS!$P:$P,MATCH(E72,CTS!$E:$E,0))))","v":0},{"$f":"IF(ISNA(INDEX(CTS!$Q:$Q,MATCH(E72,CTS!$E:$E,0))),\"\",(INDEX(CTS!$Q:$Q,MATCH(E72,CTS!$E:$E,0))))","v":147.05882352941177},{"$f":"IF(ISNA(INDEX(CTS!$S:$S,MATCH(E72,CTS!$E:$E,0))),\"\",(INDEX(CTS!$S:$S,MATCH(E72,CTS!$E:$E,0))))","v":27.941176470588239},{"$f":"IF(ISNA(INDEX(CTS!$T:$T,MATCH(E72,CTS!$E:$E,0))),\"\",(INDEX(CTS!$T:$T,MATCH(E72,CTS!$E:$E,0))))","v":175},{"$f":"IF(ISNA(INDEX(CTS!$U:$U,MATCH(E72,CTS!$E:$E,0))),\"\",(INDEX(CTS!$U:$U,MATCH(E72,CTS!$E:$E,0))))","v":0},{"$f":"IF(ISNA(INDEX(CTS!$V:$V,MATCH(E72,CTS!$E:$E,0))),\"\",(INDEX(CTS!$V:$V,MATCH(E72,CTS!$E:$E,0))))","v":175},{"$f":"IFERROR(INDEX(CTS!$A:$A,MATCH(E72,CTS!$E:$E,0)),\".\")","v":"p"},{"$f":"IFERROR(IFERROR(INDEX(#REF!,MATCH(E72,#REF!,0)),IFERROR(INDEX(#REF!,MATCH(E72,#REF!,0)),INDEX(#REF!,MATCH(E72,#REF!,0)) )),\".\")","v":"."},null,{"$f":"IFERROR(VLOOKUP(E72,#REF!,8,FALSE),IFERROR(VLOOKUP(E72,#REF!,8,FALSE),IFERROR(VLOOKUP(E72,#REF!,8,FALSE),\"\")))","v":""},".-."]
[68,{"$f":"IFERROR(DAY(CTR[[#This Row],[Date]]),\"\")","v":6},{"$f":"IFERROR(MONTH(CTR[[#This Row],[Date]]),\"\")","v":1},{"$f":"IF(ISNA(INDEX(CTS!C:C,MATCH(E73,CTS!$E:$E,0))),\"\",(INDEX(CTS!C:C,MATCH(E73,CTS!$E:$E,0))))","v":44202},"01-068",{"$f":"IF(ISNA(INDEX(CTS!$F:$F,MATCH(E73,CTS!$E:$E,0))),\"\",(INDEX(CTS!$F:$F,MATCH(E73,CTS!$E:$E,0))))","v":"M.S.PROJECT"},{"$f":"IF(ISNA(INDEX(CTS!$N:$N,MATCH(E73,CTS!$E:$E,0))),\"\",(INDEX(CTS!$N:$N,MATCH(E73,CTS!$E:$E,0))))","v":168.0672268907563},{"$f":"IF(ISNA(INDEX(CTS!$O:$O,MATCH(E73,CTS!$E:$E,0))),\"\",(INDEX(CTS!$O:$O,MATCH(E73,CTS!$E:$E,0))))","v":0},{"$f":"IF(ISNA(INDEX(CTS!$P:$P,MATCH(E73,CTS!$E:$E,0))),\"\",(INDEX(CTS!$P:$P,MATCH(E73,CTS!$E:$E,0))))","v":0},{"$f":"IF(ISNA(INDEX(CTS!$Q:$Q,MATCH(E73,CTS!$E:$E,0))),\"\",(INDEX(CTS!$Q:$Q,MATCH(E73,CTS!$E:$E,0))))","v":168.0672268907563},{"$f":"IF(ISNA(INDEX(CTS!$S:$S,MATCH(E73,CTS!$E:$E,0))),\"\",(INDEX(CTS!$S:$S,MATCH(E73,CTS!$E:$E,0))))","v":31.932773109243698},{"$f":"IF(ISNA(INDEX(CTS!$T:$T,MATCH(E73,CTS!$E:$E,0))),\"\",(INDEX(CTS!$T:$T,MATCH(E73,CTS!$E:$E,0))))","v":200},{"$f":"IF(ISNA(INDEX(CTS!$U:$U,MATCH(E73,CTS!$E:$E,0))),\"\",(INDEX(CTS!$U:$U,MATCH(E73,CTS!$E:$E,0))))","v":0},{"$f":"IF(ISNA(INDEX(CTS!$V:$V,MATCH(E73,CTS!$E:$E,0))),\"\",(INDEX(CTS!$V:$V,MATCH(E73,CTS!$E:$E,0))))","v":200},{"$f":"IFERROR(INDEX(CTS!$A:$A,MATCH(E73,CTS!$E:$E,0)),\".\")","v":"P"},{"$f":"IFERROR(IFERROR(INDEX(#REF!,MATCH(E73,#REF!,0)),IFERROR(INDEX(#REF!,MATCH(E73,#REF!,0)),INDEX(#REF!,MATCH(E73,#REF!,0)) )),\".\")","v":"."},null,{"$f":"IFERROR(VLOOKUP(E73,#REF!,8,FALSE),IFERROR(VLOOKUP(E73,#REF!,8,FALSE),IFERROR(VLOOKUP(E73,#REF!,8,FALSE),\"\")))","v":""},".-."]
[69,{"$f":"IFERROR(DAY(CTR[[#This Row],[Date]]),\"\")","v":6},{"$f":"IFERROR(MONTH(CTR[[#This Row],[Date]]),\"\")","v":1},{"$f":"IF(ISNA(INDEX(CTS!C:C,MATCH(E74,CTS!$E:$E,0))),\"\",(INDEX(CTS!C:C,MATCH(E74,CTS!$E:$E,0))))","v":44202},"01-069",{"$f":"IF(ISNA(INDEX(CTS!$F:$F,MATCH(E74,CTS!$E:$E,0))),\"\",(INDEX(CTS!$F:$F,MATCH(E74,CTS!$E:$E,0))))","v":"CLIENT"},{"$f":"IF(ISNA(INDEX(CTS!$N:$N,MATCH(E74,CTS!$E:$E,0))),\"\",(INDEX(CTS!$N:$N,MATCH(E74,CTS!$E:$E,0))))","v":847.05882352941171},{"$f":"IF(ISNA(INDEX(CTS!$O:$O,MATCH(E74,CTS!$E:$E,0))),\"\",(INDEX(CTS!$O:$O,MATCH(E74,CTS!$E:$E,0))))","v":0},{"$f":"IF(ISNA(INDEX(CTS!$P:$P,MATCH(E74,CTS!$E:$E,0))),\"\",(INDEX(CTS!$P:$P,MATCH(E74,CTS!$E:$E,0))))","v":0},{"$f":"IF(ISNA(INDEX(CTS!$Q:$Q,MATCH(E74,CTS!$E:$E,0))),\"\",(INDEX(CTS!$Q:$Q,MATCH(E74,CTS!$E:$E,0))))","v":847.05882352941171},{"$f":"IF(ISNA(INDEX(CTS!$S:$S,MATCH(E74,CTS!$E:$E,0))),\"\",(INDEX(CTS!$S:$S,MATCH(E74,CTS!$E:$E,0))))","v":160.94117647058823},{"$f":"IF(ISNA(INDEX(CTS!$T:$T,MATCH(E74,CTS!$E:$E,0))),\"\",(INDEX(CTS!$T:$T,MATCH(E74,CTS!$E:$E,0))))","v":1008},{"$f":"IF(ISNA(INDEX(CTS!$U:$U,MATCH(E74,CTS!$E:$E,0))),\"\",(INDEX(CTS!$U:$U,MATCH(E74,CTS!$E:$E,0))))","v":8},{"$f":"IF(ISNA(INDEX(CTS!$V:$V,MATCH(E74,CTS!$E:$E,0))),\"\",(INDEX(CTS!$V:$V,MATCH(E74,CTS!$E:$E,0))))","v":1000},{"$f":"IFERROR(INDEX(CTS!$A:$A,MATCH(E74,CTS!$E:$E,0)),\".\")","v":"P"},{"$f":"IFERROR(IFERROR(INDEX(#REF!,MATCH(E74,#REF!,0)),IFERROR(INDEX(#REF!,MATCH(E74,#REF!,0)),INDEX(#REF!,MATCH(E74,#REF!,0)) )),\".\")","v":"."},null,{"$f":"IFERROR(VLOOKUP(E74,#REF!,8,FALSE),IFERROR(VLOOKUP(E74,#REF!,8,FALSE),IFERROR(VLOOKUP(E74,#REF!,8,FALSE),\"\")))","v":""},".-."]
[70,{"$f":"IFERROR(DAY(CTR[[#This Row],[Date]]),\"\")","v":6},{"$f":"IFERROR(MONTH(CTR[[#This Row],[Date]]),\"\")","v":1},{"$f":"IF(ISNA(INDEX(CTS!C:C,MATCH(E75,CTS!$E:$E,0))),\"\",(INDEX(CTS!C:C,MATCH(E75,CTS!$E:$E,0))))","v":44202},"01-070",{"$f":"IF(ISNA(INDEX(CTS!$F:$F,MATCH(E75,CTS!$E:$E,0))),\"\",(INDEX(CTS!$F:$F,MATCH(E75,CTS!$E:$E,0))))","v":"CLIENT"},{"$f":"IF(ISNA(INDEX(CTS!$N:$N,MATCH(E75,CTS!$E:$E,0))),\"\",(INDEX(CTS!$N:$N,MATCH(E75,CTS!$E:$E,0))))","v":264.70588235294122},{"$f":"IF(ISNA(INDEX(CTS!$O:$O,MATCH(E75,CTS!$E:$E,0))),\"\",(INDEX(CTS!$O:$O,MATCH(E75,CTS!$E:$E,0))))","v":0},{"$f":"IF(ISNA(INDEX(CTS!$P:$P,MATCH(E75,CTS!$E:$E,0))),\"\",(INDEX(CTS!$P:$P,MATCH(E75,CTS!$E:$E,0))))","v":0},{"$f":"IF(ISNA(INDEX(CTS!$Q:$Q,MATCH(E75,CTS!$E:$E,0))),\"\",(INDEX(CTS!$Q:$Q,MATCH(E75,CTS!$E:$E,0))))","v":264.70588235294122},{"$f":"IF(ISNA(INDEX(CTS!$S:$S,MATCH(E75,CTS!$E:$E,0))),\"\",(INDEX(CTS!$S:$S,MATCH(E75,CTS!$E:$E,0))))","v":50.294117647058833},{"$f":"IF(ISNA(INDEX(CTS!$T:$T,MATCH(E75,CTS!$E:$E,0))),\"\",(INDEX(CTS!$T:$T,MATCH(E75,CTS!$E:$E,0))))","v":315},{"$f":"IF(ISNA(INDEX(CTS!$U:$U,MATCH(E75,CTS!$E:$E,0))),\"\",(INDEX(CTS!$U:$U,MATCH(E75,CTS!$E:$E,0))))","v":15},{"$f":"IF(ISNA(INDEX(CTS!$V:$V,MATCH(E75,CTS!$E:$E,0))),\"\",(INDEX(CTS!$V:$V,MATCH(E75,CTS!$E:$E,0))))","v":300},{"$f":"IFERROR(INDEX(CTS!$A:$A,MATCH(E75,CTS!$E:$E,0)),\".\")","v":"P"},{"$f":"IFERROR(IFERROR(INDEX(#REF!,MATCH(E75,#REF!,0)),IFERROR(INDEX(#REF!,MATCH(E75,#REF!,0)),INDEX(#REF!,MATCH(E75,#REF!,0)) )),\".\")","v":"."},null,{"$f":"IFERROR(VLOOKUP(E75,#REF!,8,FALSE),IFERROR(VLOOKUP(E75,#REF!,8,FALSE),IFERROR(VLOOKUP(E75,#REF!,8,FALSE),\"\")))","v":""},".-."]
[71,{"$f":"IFERROR(DAY(CTR[[#This Row],[Date]]),\"\")","v":7},{"$f":"IFERROR(MONTH(CTR[[#This Row],[Date]]),\"\")","v":1},{"$f":"IF(ISNA(INDEX(CTS!C:C,MATCH(E76,CTS!$E:$E,0))),\"\",(INDEX(CTS!C:C,MATCH(E76,CTS!$E:$E,0))))","v":44203},"01-071",{"$f":"IF(ISNA(INDEX(CTS!$F:$F,MATCH(E76,CTS!$E:$E,0))),\"\",(INDEX(CTS!$F:$F,MATCH(E76,CTS!$E:$E,0))))","v":"CLIENT"},{"$f":"IF(ISNA(INDEX(CTS!$N:$N,MATCH(E76,CTS!$E:$E,0))),\"\",(INDEX(CTS!$N:$N,MATCH(E76,CTS!$E:$E,0))))","v":1978.1512605042024},{"$f":"IF(ISNA(INDEX(CTS!$O:$O,MATCH(E76,CTS!$E:$E,0))),\"\",(INDEX(CTS!$O:$O,MATCH(E76,CTS!$E:$E,0))))","v":0},{"$f":"IF(ISNA(INDEX(CTS!$P:$P,MATCH(E76,CTS!$E:$E,0))),\"\",(INDEX(CTS!$P:$P,MATCH(E76,CTS!$E:$E,0))))","v":0},{"$f":"IF(ISNA(INDEX(CTS!$Q:$Q,MATCH(E76,CTS!$E:$E,0))),\"\",(INDEX(CTS!$Q:$Q,MATCH(E76,CTS!$E:$E,0))))","v":1978.1512605042024},{"$f":"IF(ISNA(INDEX(CTS!$S:$S,MATCH(E76,CTS!$E:$E,0))),\"\",(INDEX(CTS!$S:$S,MATCH(E76,CTS!$E:$E,0))))","v":375.84873949579838},{"$f":"IF(ISNA(INDEX(CTS!$T:$T,MATCH(E76,CTS!$E:$E,0))),\"\",(INDEX(CTS!$T:$T,MATCH(E76,CTS!$E:$E,0))))","v":2354.0000000000005},{"$f":"IF(ISNA(INDEX(CTS!$U:$U,MATCH(E76,CTS!$E:$E,0))),\"\",(INDEX(CTS!$U:$U,MATCH(E76,CTS!$E:$E,0))))","v":9},{"$f":"IF(ISNA(INDEX(CTS!$V:$V,MATCH(E76,CTS!$E:$E,0))),\"\",(INDEX(CTS!$V:$V,MATCH(E76,CTS!$E:$E,0))))","v":2345.0000000000005},{"$f":"IFERROR(INDEX(CTS!$A:$A,MATCH(E76,CTS!$E:$E,0)),\".\")","v":"P"},{"$f":"IFERROR(IFERROR(INDEX(#REF!,MATCH(E76,#REF!,0)),IFERROR(INDEX(#REF!,MATCH(E76,#REF!,0)),INDEX(#REF!,MATCH(E76,#REF!,0)) )),\".\")","v":"."},null,{"$f":"IFERROR(VLOOKUP(E76,#REF!,8,FALSE),IFERROR(VLOOKUP(E76,#REF!,8,FALSE),IFERROR(VLOOKUP(E76,#REF!,8,FALSE),\"\")))","v":""},".-."]
[72,{"$f":"IFERROR(DAY(CTR[[#This Row],[Date]]),\"\")","v":7},{"$f":"IFERROR(MONTH(CTR[[#This Row],[Date]]),\"\")","v":1},{"$f":"IF(ISNA(INDEX(CTS!C:C,MATCH(E77,CTS!$E:$E,0))),\"\",(INDEX(CTS!C:C,MATCH(E77,CTS!$E:$E,0))))","v":44203},"01-072",{"$f":"IF(ISNA(INDEX(CTS!$F:$F,MATCH(E77,CTS!$E:$E,0))),\"\",(INDEX(CTS!$F:$F,MATCH(E77,CTS!$E:$E,0))))","v":"CLIENT"},{"$f":"IF(ISNA(INDEX(CTS!$N:$N,MATCH(E77,CTS!$E:$E,0))),\"\",(INDEX(CTS!$N:$N,MATCH(E77,CTS!$E:$E,0))))","v":67.226890756302524},{"$f":"IF(ISNA(INDEX(CTS!$O:$O,MATCH(E77,CTS!$E:$E,0))),\"\",(INDEX(CTS!$O:$O,MATCH(E77,CTS!$E:$E,0))))","v":0},{"$f":"IF(ISNA(INDEX(CTS!$P:$P,MATCH(E77,CTS!$E:$E,0))),\"\",(INDEX(CTS!$P:$P,MATCH(E77,CTS!$E:$E,0))))","v":0},{"$f":"IF(ISNA(INDEX(CTS!$Q:$Q,MATCH(E77,CTS!$E:$E,0))),\"\",(INDEX(CTS!$Q:$Q,MATCH(E77,CTS!$E:$E,0))))","v":67.226890756302524},{"$f":"IF(ISNA(INDEX(CTS!$S:$S,MATCH(E77,CTS!$E:$E,0))),\"\",(INDEX(CTS!$S:$S,MATCH(E77,CTS!$E:$E,0))))","v":12.77310924369748},{"$f":"IF(ISNA(INDEX(CTS!$T:$T,MATCH(E77,CTS!$E:$E,0))),\"\",(INDEX(CTS!$T:$T,MATCH(E77,CTS!$E:$E,0))))","v":80},{"$f":"IF(ISNA(INDEX(CTS!$U:$U,MATCH(E77,CTS!$E:$E,0))),\"\",(INDEX(CTS!$U:$U,MATCH(E77,CTS!$E:$E,0))))","v":0},{"$f":"IF(ISNA(INDEX(CTS!$V:$V,MATCH(E77,CTS!$E:$E,0))),\"\",(INDEX(CTS!$V:$V,MATCH(E77,CTS!$E:$E,0))))","v":80},{"$f":"IFERROR(INDEX(CTS!$A:$A,MATCH(E77,CTS!$E:$E,0)),\".\")","v":"P"},{"$f":"IFERROR(IFERROR(INDEX(#REF!,MATCH(E77,#REF!,0)),IFERROR(INDEX(#REF!,MATCH(E77,#REF!,0)),INDEX(#REF!,MATCH(E77,#REF!,0)) )),\".\")","v":"."},null,{"$f":"IFERROR(VLOOKUP(E77,#REF!,8,FALSE),IFERROR(VLOOKUP(E77,#REF!,8,FALSE),IFERROR(VLOOKUP(E77,#REF!,8,FALSE),\"\")))","v":""},".-."]
[73,{"$f":"IFERROR(DAY(CTR[[#This Row],[Date]]),\"\")","v":7},{"$f":"IFERROR(MONTH(CTR[[#This Row],[Date]]),\"\")","v":1},{"$f":"IF(ISNA(INDEX(CTS!C:C,MATCH(E78,CTS!$E:$E,0))),\"\",(INDEX(CTS!C:C,MATCH(E78,CTS!$E:$E,0))))","v":44203},"01-073",{"$f":"IF(ISNA(INDEX(CTS!$F:$F,MATCH(E78,CTS!$E:$E,0))),\"\",(INDEX(CTS!$F:$F,MATCH(E78,CTS!$E:$E,0))))","v":"CLIENT"},{"$f":"IF(ISNA(INDEX(CTS!$N:$N,MATCH(E78,CTS!$E:$E,0))),\"\",(INDEX(CTS!$N:$N,MATCH(E78,CTS!$E:$E,0))))","v":131.09243697478993},{"$f":"IF(ISNA(INDEX(CTS!$O:$O,MATCH(E78,CTS!$E:$E,0))),\"\",(INDEX(CTS!$O:$O,MATCH(E78,CTS!$E:$E,0))))","v":0},{"$f":"IF(ISNA(INDEX(CTS!$P:$P,MATCH(E78,CTS!$E:$E,0))),\"\",(INDEX(CTS!$P:$P,MATCH(E78,CTS!$E:$E,0))))","v":0},{"$f":"IF(ISNA(INDEX(CTS!$Q:$Q,MATCH(E78,CTS!$E:$E,0))),\"\",(INDEX(CTS!$Q:$Q,MATCH(E78,CTS!$E:$E,0))))","v":131.09243697478993},{"$f":"IF(ISNA(INDEX(CTS!$S:$S,MATCH(E78,CTS!$E:$E,0))),\"\",(INDEX(CTS!$S:$S,MATCH(E78,CTS!$E:$E,0))))","v":24.907563025210088},{"$f":"IF(ISNA(INDEX(CTS!$T:$T,MATCH(E78,CTS!$E:$E,0))),\"\",(INDEX(CTS!$T:$T,MATCH(E78,CTS!$E:$E,0))))","v":156.00000000000003},{"$f":"IF(ISNA(INDEX(CTS!$U:$U,MATCH(E78,CTS!$E:$E,0))),\"\",(INDEX(CTS!$U:$U,MATCH(E78,CTS!$E:$E,0))))","v":0},{"$f":"IF(ISNA(INDEX(CTS!$V:$V,MATCH(E78,CTS!$E:$E,0))),\"\",(INDEX(CTS!$V:$V,MATCH(E78,CTS!$E:$E,0))))","v":156.00000000000003},{"$f":"IFERROR(INDEX(CTS!$A:$A,MATCH(E78,CTS!$E:$E,0)),\".\")","v":"P"},{"$f":"IFERROR(IFERROR(INDEX(#REF!,MATCH(E78,#REF!,0)),IFERROR(INDEX(#REF!,MATCH(E78,#REF!,0)),INDEX(#REF!,MATCH(E78,#REF!,0)) )),\".\")","v":"."},null,{"$f":"IFERROR(VLOOKUP(E78,#REF!,8,FALSE),IFERROR(VLOOKUP(E78,#REF!,8,FALSE),IFERROR(VLOOKUP(E78,#REF!,8,FALSE),\"\")))","v":""},".-."]
[74,{"$f":"IFERROR(DAY(CTR[[#This Row],[Date]]),\"\")","v":7},{"$f":"IFERROR(MONTH(CTR[[#This Row],[Date]]),\"\")","v":1},{"$f":"IF(ISNA(INDEX(CTS!C:C,MATCH(E79,CTS!$E:$E,0))),\"\",(INDEX(CTS!C:C,MATCH(E79,CTS!$E:$E,0))))","v":44203},"01-074",{"$f":"IF(ISNA(INDEX(CTS!$F:$F,MATCH(E79,CTS!$E:$E,0))),\"\",(INDEX(CTS!$F:$F,MATCH(E79,CTS!$E:$E,0))))","v":"CLIENT"},{"$f":"IF(ISNA(INDEX(CTS!$N:$N,MATCH(E79,CTS!$E:$E,0))),\"\",(INDEX(CTS!$N:$N,MATCH(E79,CTS!$E:$E,0))))","v":235.29411764705884},{"$f":"IF(ISNA(INDEX(CTS!$O:$O,MATCH(E79,CTS!$E:$E,0))),\"\",(INDEX(CTS!$O:$O,MATCH(E79,CTS!$E:$E,0))))","v":0},{"$f":"IF(ISNA(INDEX(CTS!$P:$P,MATCH(E79,CTS!$E:$E,0))),\"\",(INDEX(CTS!$P:$P,MATCH(E79,CTS!$E:$E,0))))","v":0},{"$f":"IF(ISNA(INDEX(CTS!$Q:$Q,MATCH(E79,CTS!$E:$E,0))),\"\",(INDEX(CTS!$Q:$Q,MATCH(E79,CTS!$E:$E,0))))","v":235.29411764705884},{"$f":"IF(ISNA(INDEX(CTS!$S:$S,MATCH(E79,CTS!$E:$E,0))),\"\",(INDEX(CTS!$S:$S,MATCH(E79,CTS!$E:$E,0))))","v":44.705882352941174},{"$f":"IF(ISNA(INDEX(CTS!$T:$T,MATCH(E79,CTS!$E:$E,0))),\"\",(INDEX(CTS!$T:$T,MATCH(E79,CTS!$E:$E,0))))","v":280},{"$f":"IF(ISNA(INDEX(CTS!$U:$U,MATCH(E79,CTS!$E:$E,0))),\"\",(INDEX(CTS!$U:$U,MATCH(E79,CTS!$E:$E,0))))","v":0},{"$f":"IF(ISNA(INDEX(CTS!$V:$V,MATCH(E79,CTS!$E:$E,0))),\"\",(INDEX(CTS!$V:$V,MATCH(E79,CTS!$E:$E,0))))","v":280},{"$f":"IFERROR(INDEX(CTS!$A:$A,MATCH(E79,CTS!$E:$E,0)),\".\")","v":"P"},{"$f":"IFERROR(IFERROR(INDEX(#REF!,MATCH(E79,#REF!,0)),IFERROR(INDEX(#REF!,MATCH(E79,#REF!,0)),INDEX(#REF!,MATCH(E79,#REF!,0)) )),\".\")","v":"."},null,{"$f":"IFERROR(VLOOKUP(E79,#REF!,8,FALSE),IFERROR(VLOOKUP(E79,#REF!,8,FALSE),IFERROR(VLOOKUP(E79,#REF!,8,FALSE),\"\")))","v":""},".-."]
[75,{"$f":"IFERROR(DAY(CTR[[#This Row],[Date]]),\"\")","v":7},{"$f":"IFERROR(MONTH(CTR[[#This Row],[Date]]),\"\")","v":1},{"$f":"IF(ISNA(INDEX(CTS!C:C,MATCH(E80,CTS!$E:$E,0))),\"\",(INDEX(CTS!C:C,MATCH(E80,CTS!$E:$E,0))))","v":44203},"01-075",{"$f":"IF(ISNA(INDEX(CTS!$F:$F,MATCH(E80,CTS!$E:$E,0))),\"\",(INDEX(CTS!$F:$F,MATCH(E80,CTS!$E:$E,0))))","v":"CLIENT"},{"$f":"IF(ISNA(INDEX(CTS!$N:$N,MATCH(E80,CTS!$E:$E,0))),\"\",(INDEX(CTS!$N:$N,MATCH(E80,CTS!$E:$E,0))))","v":317.64705882352945},{"$f":"IF(ISNA(INDEX(CTS!$O:$O,MATCH(E80,CTS!$E:$E,0))),\"\",(INDEX(CTS!$O:$O,MATCH(E80,CTS!$E:$E,0))))","v":0},{"$f":"IF(ISNA(INDEX(CTS!$P:$P,MATCH(E80,CTS!$E:$E,0))),\"\",(INDEX(CTS!$P:$P,MATCH(E80,CTS!$E:$E,0))))","v":0},{"$f":"IF(ISNA(INDEX(CTS!$Q:$Q,MATCH(E80,CTS!$E:$E,0))),\"\",(INDEX(CTS!$Q:$Q,MATCH(E80,CTS!$E:$E,0))))","v":317.64705882352945},{"$f":"IF(ISNA(INDEX(CTS!$S:$S,MATCH(E80,CTS!$E:$E,0))),\"\",(INDEX(CTS!$S:$S,MATCH(E80,CTS!$E:$E,0))))","v":60.352941176470594},{"$f":"IF(ISNA(INDEX(CTS!$T:$T,MATCH(E80,CTS!$E:$E,0))),\"\",(INDEX(CTS!$T:$T,MATCH(E80,CTS!$E:$E,0))))","v":378.00000000000006},{"$f":"IF(ISNA(INDEX(CTS!$U:$U,MATCH(E80,CTS!$E:$E,0))),\"\",(INDEX(CTS!$U:$U,MATCH(E80,CTS!$E:$E,0))))","v":3},{"$f":"IF(ISNA(INDEX(CTS!$V:$V,MATCH(E80,CTS!$E:$E,0))),\"\",(INDEX(CTS!$V:$V,MATCH(E80,CTS!$E:$E,0))))","v":375.00000000000006},{"$f":"IFERROR(INDEX(CTS!$A:$A,MATCH(E80,CTS!$E:$E,0)),\".\")","v":"P"},{"$f":"IFERROR(IFERROR(INDEX(#REF!,MATCH(E80,#REF!,0)),IFERROR(INDEX(#REF!,MATCH(E80,#REF!,0)),INDEX(#REF!,MATCH(E80,#REF!,0)) )),\".\")","v":"."},null,{"$f":"IFERROR(VLOOKUP(E80,#REF!,8,FALSE),IFERROR(VLOOKUP(E80,#REF!,8,FALSE),IFERROR(VLOOKUP(E80,#REF!,8,FALSE),\"\")))","v":""},".-."]
[76,{"$f":"IFERROR(DAY(CTR[[#This Row],[Date]]),\"\")","v":7},{"$f":"IFERROR(MONTH(CTR[[#This Row],[Date]]),\"\")","v":1},{"$f":"IF(ISNA(INDEX(CTS!C:C,MATCH(E81,CTS!$E:$E,0))),\"\",(INDEX(CTS!C:C,MATCH(E81,CTS!$E:$E,0))))","v":44203},"01-076",{"$f":"IF(ISNA(INDEX(CTS!$F:$F,MATCH(E81,CTS!$E:$E,0))),\"\",(INDEX(CTS!$F:$F,MATCH(E81,CTS!$E:$E,0))))","v":"CLIENT"},{"$f":"IF(ISNA(INDEX(CTS!$N:$N,MATCH(E81,CTS!$E:$E,0))),\"\",(INDEX(CTS!$N:$N,MATCH(E81,CTS!$E:$E,0))))","v":4436.9747899159665},{"$f":"IF(ISNA(INDEX(CTS!$O:$O,MATCH(E81,CTS!$E:$E,0))),\"\",(INDEX(CTS!$O:$O,MATCH(E81,CTS!$E:$E,0))))","v":0},{"$f":"IF(ISNA(INDEX(CTS!$P:$P,MATCH(E81,CTS!$E:$E,0))),\"\",(INDEX(CTS!$P:$P,MATCH(E81,CTS!$E:$E,0))))","v":0},{"$f":"IF(ISNA(INDEX(CTS!$Q:$Q,MATCH(E81,CTS!$E:$E,0))),\"\",(INDEX(CTS!$Q:$Q,MATCH(E81,CTS!$E:$E,0))))","v":4436.9747899159665},{"$f":"IF(ISNA(INDEX(CTS!$S:$S,MATCH(E81,CTS!$E:$E,0))),\"\",(INDEX(CTS!$S:$S,MATCH(E81,CTS!$E:$E,0))))","v":843.02521008403357},{"$f":"IF(ISNA(INDEX(CTS!$T:$T,MATCH(E81,CTS!$E:$E,0))),\"\",(INDEX(CTS!$T:$T,MATCH(E81,CTS!$E:$E,0))))","v":5280},{"$f":"IF(ISNA(INDEX(CTS!$U:$U,MATCH(E81,CTS!$E:$E,0))),\"\",(INDEX(CTS!$U:$U,MATCH(E81,CTS!$E:$E,0))))","v":0},{"$f":"IF(ISNA(INDEX(CTS!$V:$V,MATCH(E81,CTS!$E:$E,0))),\"\",(INDEX(CTS!$V:$V,MATCH(E81,CTS!$E:$E,0))))","v":5280},{"$f":"IFERROR(INDEX(CTS!$A:$A,MATCH(E81,CTS!$E:$E,0)),\".\")","v":"p"},{"$f":"IFERROR(IFERROR(INDEX(#REF!,MATCH(E81,#REF!,0)),IFERROR(INDEX(#REF!,MATCH(E81,#REF!,0)),INDEX(#REF!,MATCH(E81,#REF!,0)) )),\".\")","v":"."},null,{"$f":"IFERROR(VLOOKUP(E81,#REF!,8,FALSE),IFERROR(VLOOKUP(E81,#REF!,8,FALSE),IFERROR(VLOOKUP(E81,#REF!,8,FALSE),\"\")))","v":""},".-."]
[77,{"$f":"IFERROR(DAY(CTR[[#This Row],[Date]]),\"\")","v":7},{"$f":"IFERROR(MONTH(CTR[[#This Row],[Date]]),\"\")","v":1},{"$f":"IF(ISNA(INDEX(CTS!C:C,MATCH(E82,CTS!$E:$E,0))),\"\",(INDEX(CTS!C:C,MATCH(E82,CTS!$E:$E,0))))","v":44203},"01-077",{"$f":"IF(ISNA(INDEX(CTS!$F:$F,MATCH(E82,CTS!$E:$E,0))),\"\",(INDEX(CTS!$F:$F,MATCH(E82,CTS!$E:$E,0))))","v":"CLIENT"},{"$f":"IF(ISNA(INDEX(CTS!$N:$N,MATCH(E82,CTS!$E:$E,0))),\"\",(INDEX(CTS!$N:$N,MATCH(E82,CTS!$E:$E,0))))","v":484.03361344537819},{"$f":"IF(ISNA(INDEX(CTS!$O:$O,MATCH(E82,CTS!$E:$E,0))),\"\",(INDEX(CTS!$O:$O,MATCH(E82,CTS!$E:$E,0))))","v":0},{"$f":"IF(ISNA(INDEX(CTS!$P:$P,MATCH(E82,CTS!$E:$E,0))),\"\",(INDEX(CTS!$P:$P,MATCH(E82,CTS!$E:$E,0))))","v":0},{"$f":"IF(ISNA(INDEX(CTS!$Q:$Q,MATCH(E82,CTS!$E:$E,0))),\"\",(INDEX(CTS!$Q:$Q,MATCH(E82,CTS!$E:$E,0))))","v":484.03361344537819},{"$f":"IF(ISNA(INDEX(CTS!$S:$S,MATCH(E82,CTS!$E:$E,0))),\"\",(INDEX(CTS!$S:$S,MATCH(E82,CTS!$E:$E,0))))","v":91.966386554621863},{"$f":"IF(ISNA(INDEX(CTS!$T:$T,MATCH(E82,CTS!$E:$E,0))),\"\",(INDEX(CTS!$T:$T,MATCH(E82,CTS!$E:$E,0))))","v":576},{"$f":"IF(ISNA(INDEX(CTS!$U:$U,MATCH(E82,CTS!$E:$E,0))),\"\",(INDEX(CTS!$U:$U,MATCH(E82,CTS!$E:$E,0))))","v":0},{"$f":"IF(ISNA(INDEX(CTS!$V:$V,MATCH(E82,CTS!$E:$E,0))),\"\",(INDEX(CTS!$V:$V,MATCH(E82,CTS!$E:$E,0))))","v":576},{"$f":"IFERROR(INDEX(CTS!$A:$A,MATCH(E82,CTS!$E:$E,0)),\".\")","v":"P"},{"$f":"IFERROR(IFERROR(INDEX(#REF!,MATCH(E82,#REF!,0)),IFERROR(INDEX(#REF!,MATCH(E82,#REF!,0)),INDEX(#REF!,MATCH(E82,#REF!,0)) )),\".\")","v":"."},null,{"$f":"IFERROR(VLOOKUP(E82,#REF!,8,FALSE),IFERROR(VLOOKUP(E82,#REF!,8,FALSE),IFERROR(VLOOKUP(E82,#REF!,8,FALSE),\"\")))","v":""},".-."]
[78,{"$f":"IFERROR(DAY(CTR[[#This Row],[Date]]),\"\")","v":7},{"$f":"IFERROR(MONTH(CTR[[#This Row],[Date]]),\"\")","v":1},{"$f":"IF(ISNA(INDEX(CTS!C:C,MATCH(E83,CTS!$E:$E,0))),\"\",(INDEX(CTS!C:C,MATCH(E83,CTS!$E:$E,0))))","v":44203},"01-078",{"$f":"IF(ISNA(INDEX(CTS!$F:$F,MATCH(E83,CTS!$E:$E,0))),\"\",(INDEX(CTS!$F:$F,MATCH(E83,CTS!$E:$E,0))))","v":"CLIENT"},{"$f":"IF(ISNA(INDEX(CTS!$N:$N,MATCH(E83,CTS!$E:$E,0))),\"\",(INDEX(CTS!$N:$N,MATCH(E83,CTS!$E:$E,0))))","v":403.36134453781517},{"$f":"IF(ISNA(INDEX(CTS!$O:$O,MATCH(E83,CTS!$E:$E,0))),\"\",(INDEX(CTS!$O:$O,MATCH(E83,CTS!$E:$E,0))))","v":0},{"$f":"IF(ISNA(INDEX(CTS!$P:$P,MATCH(E83,CTS!$E:$E,0))),\"\",(INDEX(CTS!$P:$P,MATCH(E83,CTS!$E:$E,0))))","v":0},{"$f":"IF(ISNA(INDEX(CTS!$Q:$Q,MATCH(E83,CTS!$E:$E,0))),\"\",(INDEX(CTS!$Q:$Q,MATCH(E83,CTS!$E:$E,0))))","v":403.36134453781517},{"$f":"IF(ISNA(INDEX(CTS!$S:$S,MATCH(E83,CTS!$E:$E,0))),\"\",(INDEX(CTS!$S:$S,MATCH(E83,CTS!$E:$E,0))))","v":76.638655462184886},{"$f":"IF(ISNA(INDEX(CTS!$T:$T,MATCH(E83,CTS!$E:$E,0))),\"\",(INDEX(CTS!$T:$T,MATCH(E83,CTS!$E:$E,0))))","v":480.00000000000006},{"$f":"IF(ISNA(INDEX(CTS!$U:$U,MATCH(E83,CTS!$E:$E,0))),\"\",(INDEX(CTS!$U:$U,MATCH(E83,CTS!$E:$E,0))))","v":0},{"$f":"IF(ISNA(INDEX(CTS!$V:$V,MATCH(E83,CTS!$E:$E,0))),\"\",(INDEX(CTS!$V:$V,MATCH(E83,CTS!$E:$E,0))))","v":480.00000000000006},{"$f":"IFERROR(INDEX(CTS!$A:$A,MATCH(E83,CTS!$E:$E,0)),\".\")","v":"P"},{"$f":"IFERROR(IFERROR(INDEX(#REF!,MATCH(E83,#REF!,0)),IFERROR(INDEX(#REF!,MATCH(E83,#REF!,0)),INDEX(#REF!,MATCH(E83,#REF!,0)) )),\".\")","v":"."},null,{"$f":"IFERROR(VLOOKUP(E83,#REF!,8,FALSE),IFERROR(VLOOKUP(E83,#REF!,8,FALSE),IFERROR(VLOOKUP(E83,#REF!,8,FALSE),\"\")))","v":""},".-."]
[79,{"$f":"IFERROR(DAY(CTR[[#This Row],[Date]]),\"\")","v":7},{"$f":"IFERROR(MONTH(CTR[[#This Row],[Date]]),\"\")","v":1},{"$f":"IF(ISNA(INDEX(CTS!C:C,MATCH(E84,CTS!$E:$E,0))),\"\",(INDEX(CTS!C:C,MATCH(E84,CTS!$E:$E,0))))","v":44203},"01-079",{"$f":"IF(ISNA(INDEX(CTS!$F:$F,MATCH(E84,CTS!$E:$E,0))),\"\",(INDEX(CTS!$F:$F,MATCH(E84,CTS!$E:$E,0))))","v":"CLIENT"},{"$f":"IF(ISNA(INDEX(CTS!$N:$N,MATCH(E84,CTS!$E:$E,0))),\"\",(INDEX(CTS!$N:$N,MATCH(E84,CTS!$E:$E,0))))","v":625.2100840336135},{"$f":"IF(ISNA(INDEX(CTS!$O:$O,MATCH(E84,CTS!$E:$E,0))),\"\",(INDEX(CTS!$O:$O,MATCH(E84,CTS!$E:$E,0))))","v":0},{"$f":"IF(ISNA(INDEX(CTS!$P:$P,MATCH(E84,CTS!$E:$E,0))),\"\",(INDEX(CTS!$P:$P,MATCH(E84,CTS!$E:$E,0))))","v":0},{"$f":"IF(ISNA(INDEX(CTS!$Q:$Q,MATCH(E84,CTS!$E:$E,0))),\"\",(INDEX(CTS!$Q:$Q,MATCH(E84,CTS!$E:$E,0))))","v":625.2100840336135},{"$f":"IF(ISNA(INDEX(CTS!$S:$S,MATCH(E84,CTS!$E:$E,0))),\"\",(INDEX(CTS!$S:$S,MATCH(E84,CTS!$E:$E,0))))","v":118.78991596638656},{"$f":"IF(ISNA(INDEX(CTS!$T:$T,MATCH(E84,CTS!$E:$E,0))),\"\",(INDEX(CTS!$T:$T,MATCH(E84,CTS!$E:$E,0))))","v":744},{"$f":"IF(ISNA(INDEX(CTS!$U:$U,MATCH(E84,CTS!$E:$E,0))),\"\",(INDEX(CTS!$U:$U,MATCH(E84,CTS!$E:$E,0))))","v":0},{"$f":"IF(ISNA(INDEX(CTS!$V:$V,MATCH(E84,CTS!$E:$E,0))),\"\",(INDEX(CTS!$V:$V,MATCH(E84,CTS!$E:$E,0))))","v":744},{"$f":"IFERROR(INDEX(CTS!$A:$A,MATCH(E84,CTS!$E:$E,0)),\".\")","v":"P"},{"$f":"IFERROR(IFERROR(INDEX(#REF!,MATCH(E84,#REF!,0)),IFERROR(INDEX(#REF!,MATCH(E84,#REF!,0)),INDEX(#REF!,MATCH(E84,#REF!,0)) )),\".\")","v":"."},null,{"$f":"IFERROR(VLOOKUP(E84,#REF!,8,FALSE),IFERROR(VLOOKUP(E84,#REF!,8,FALSE),IFERROR(VLOOKUP(E84,#REF!,8,FALSE),\"\")))","v":""},".-."]
[80,{"$f":"IFERROR(DAY(CTR[[#This Row],[Date]]),\"\")","v":7},{"$f":"IFERROR(MONTH(CTR[[#This Row],[Date]]),\"\")","v":1},{"$f":"IF(ISNA(INDEX(CTS!C:C,MATCH(E85,CTS!$E:$E,0))),\"\",(INDEX(CTS!C:C,MATCH(E85,CTS!$E:$E,0))))","v":44203},"01-080",{"$f":"IF(ISNA(INDEX(CTS!$F:$F,MATCH(E85,CTS!$E:$E,0))),\"\",(INDEX(CTS!$F:$F,MATCH(E85,CTS!$E:$E,0))))","v":"CLIENT"},{"$f":"IF(ISNA(INDEX(CTS!$N:$N,MATCH(E85,CTS!$E:$E,0))),\"\",(INDEX(CTS!$N:$N,MATCH(E85,CTS!$E:$E,0))))","v":12495.798319327732},{"$f":"IF(ISNA(INDEX(CTS!$O:$O,MATCH(E85,CTS!$E:$E,0))),\"\",(INDEX(CTS!$O:$O,MATCH(E85,CTS!$E:$E,0))))","v":0},{"$f":"IF(ISNA(INDEX(CTS!$P:$P,MATCH(E85,CTS!$E:$E,0))),\"\",(INDEX(CTS!$P:$P,MATCH(E85,CTS!$E:$E,0))))","v":0},{"$f":"IF(ISNA(INDEX(CTS!$Q:$Q,MATCH(E85,CTS!$E:$E,0))),\"\",(INDEX(CTS!$Q:$Q,MATCH(E85,CTS!$E:$E,0))))","v":12495.798319327732},{"$f":"IF(ISNA(INDEX(CTS!$S:$S,MATCH(E85,CTS!$E:$E,0))),\"\",(INDEX(CTS!$S:$S,MATCH(E85,CTS!$E:$E,0))))","v":2374.201680672269},{"$f":"IF(ISNA(INDEX(CTS!$T:$T,MATCH(E85,CTS!$E:$E,0))),\"\",(INDEX(CTS!$T:$T,MATCH(E85,CTS!$E:$E,0))))","v":14870},{"$f":"IF(ISNA(INDEX(CTS!$U:$U,MATCH(E85,CTS!$E:$E,0))),\"\",(INDEX(CTS!$U:$U,MATCH(E85,CTS!$E:$E,0))))","v":0},{"$f":"IF(ISNA(INDEX(CTS!$V:$V,MATCH(E85,CTS!$E:$E,0))),\"\",(INDEX(CTS!$V:$V,MATCH(E85,CTS!$E:$E,0))))","v":14870},{"$f":"IFERROR(INDEX(CTS!$A:$A,MATCH(E85,CTS!$E:$E,0)),\".\")","v":"P"},{"$f":"IFERROR(IFERROR(INDEX(#REF!,MATCH(E85,#REF!,0)),IFERROR(INDEX(#REF!,MATCH(E85,#REF!,0)),INDEX(#REF!,MATCH(E85,#REF!,0)) )),\".\")","v":"."},null,{"$f":"IFERROR(VLOOKUP(E85,#REF!,8,FALSE),IFERROR(VLOOKUP(E85,#REF!,8,FALSE),IFERROR(VLOOKUP(E85,#REF!,8,FALSE),\"\")))","v":""},".-."]
[81,{"$f":"IFERROR(DAY(CTR[[#This Row],[Date]]),\"\")","v":7},{"$f":"IFERROR(MONTH(CTR[[#This Row],[Date]]),\"\")","v":1},{"$f":"IF(ISNA(INDEX(CTS!C:C,MATCH(E86,CTS!$E:$E,0))),\"\",(INDEX(CTS!C:C,MATCH(E86,CTS!$E:$E,0))))","v":44203},"01-081",{"$f":"IF(ISNA(INDEX(CTS!$F:$F,MATCH(E86,CTS!$E:$E,0))),\"\",(INDEX(CTS!$F:$F,MATCH(E86,CTS!$E:$E,0))))","v":"CLIENT"},{"$f":"IF(ISNA(INDEX(CTS!$N:$N,MATCH(E86,CTS!$E:$E,0))),\"\",(INDEX(CTS!$N:$N,MATCH(E86,CTS!$E:$E,0))))","v":67.226890756302524},{"$f":"IF(ISNA(INDEX(CTS!$O:$O,MATCH(E86,CTS!$E:$E,0))),\"\",(INDEX(CTS!$O:$O,MATCH(E86,CTS!$E:$E,0))))","v":0},{"$f":"IF(ISNA(INDEX(CTS!$P:$P,MATCH(E86,CTS!$E:$E,0))),\"\",(INDEX(CTS!$P:$P,MATCH(E86,CTS!$E:$E,0))))","v":0},{"$f":"IF(ISNA(INDEX(CTS!$Q:$Q,MATCH(E86,CTS!$E:$E,0))),\"\",(INDEX(CTS!$Q:$Q,MATCH(E86,CTS!$E:$E,0))))","v":67.226890756302524},{"$f":"IF(ISNA(INDEX(CTS!$S:$S,MATCH(E86,CTS!$E:$E,0))),\"\",(INDEX(CTS!$S:$S,MATCH(E86,CTS!$E:$E,0))))","v":12.77310924369748},{"$f":"IF(ISNA(INDEX(CTS!$T:$T,MATCH(E86,CTS!$E:$E,0))),\"\",(INDEX(CTS!$T:$T,MATCH(E86,CTS!$E:$E,0))))","v":80},{"$f":"IF(ISNA(INDEX(CTS!$U:$U,MATCH(E86,CTS!$E:$E,0))),\"\",(INDEX(CTS!$U:$U,MATCH(E86,CTS!$E:$E,0))))","v":0},{"$f":"IF(ISNA(INDEX(CTS!$V:$V,MATCH(E86,CTS!$E:$E,0))),\"\",(INDEX(CTS!$V:$V,MATCH(E86,CTS!$E:$E,0))))","v":80},{"$f":"IFERROR(INDEX(CTS!$A:$A,MATCH(E86,CTS!$E:$E,0)),\".\")","v":"P"},{"$f":"IFERROR(IFERROR(INDEX(#REF!,MATCH(E86,#REF!,0)),IFERROR(INDEX(#REF!,MATCH(E86,#REF!,0)),INDEX(#REF!,MATCH(E86,#REF!,0)) )),\".\")","v":"."},null,{"$f":"IFERROR(VLOOKUP(E86,#REF!,8,FALSE),IFERROR(VLOOKUP(E86,#REF!,8,FALSE),IFERROR(VLOOKUP(E86,#REF!,8,FALSE),\"\")))","v":""},".-."]
[82,{"$f":"IFERROR(DAY(CTR[[#This Row],[Date]]),\"\")","v":7},{"$f":"IFERROR(MONTH(CTR[[#This Row],[Date]]),\"\")","v":1},{"$f":"IF(ISNA(INDEX(CTS!C:C,MATCH(E87,CTS!$E:$E,0))),\"\",(INDEX(CTS!C:C,MATCH(E87,CTS!$E:$E,0))))","v":44203},"01-082",{"$f":"IF(ISNA(INDEX(CTS!$F:$F,MATCH(E87,CTS!$E:$E,0))),\"\",(INDEX(CTS!$F:$F,MATCH(E87,CTS!$E:$E,0))))","v":"CLIENT"},{"$f":"IF(ISNA(INDEX(CTS!$N:$N,MATCH(E87,CTS!$E:$E,0))),\"\",(INDEX(CTS!$N:$N,MATCH(E87,CTS!$E:$E,0))))","v":630.2521008403362},{"$f":"IF(ISNA(INDEX(CTS!$O:$O,MATCH(E87,CTS!$E:$E,0))),\"\",(INDEX(CTS!$O:$O,MATCH(E87,CTS!$E:$E,0))))","v":0},{"$f":"IF(ISNA(INDEX(CTS!$P:$P,MATCH(E87,CTS!$E:$E,0))),\"\",(INDEX(CTS!$P:$P,MATCH(E87,CTS!$E:$E,0))))","v":0},{"$f":"IF(ISNA(INDEX(CTS!$Q:$Q,MATCH(E87,CTS!$E:$E,0))),\"\",(INDEX(CTS!$Q:$Q,MATCH(E87,CTS!$E:$E,0))))","v":630.2521008403362},{"$f":"IF(ISNA(INDEX(CTS!$S:$S,MATCH(E87,CTS!$E:$E,0))),\"\",(INDEX(CTS!$S:$S,MATCH(E87,CTS!$E:$E,0))))","v":119.74789915966387},{"$f":"IF(ISNA(INDEX(CTS!$T:$T,MATCH(E87,CTS!$E:$E,0))),\"\",(INDEX(CTS!$T:$T,MATCH(E87,CTS!$E:$E,0))))","v":750.00000000000011},{"$f":"IF(ISNA(INDEX(CTS!$U:$U,MATCH(E87,CTS!$E:$E,0))),\"\",(INDEX(CTS!$U:$U,MATCH(E87,CTS!$E:$E,0))))","v":0},{"$f":"IF(ISNA(INDEX(CTS!$V:$V,MATCH(E87,CTS!$E:$E,0))),\"\",(INDEX(CTS!$V:$V,MATCH(E87,CTS!$E:$E,0))))","v":750.00000000000011},{"$f":"IFERROR(INDEX(CTS!$A:$A,MATCH(E87,CTS!$E:$E,0)),\".\")","v":"P"},{"$f":"IFERROR(IFERROR(INDEX(#REF!,MATCH(E87,#REF!,0)),IFERROR(INDEX(#REF!,MATCH(E87,#REF!,0)),INDEX(#REF!,MATCH(E87,#REF!,0)) )),\".\")","v":"."},null,{"$f":"IFERROR(VLOOKUP(E87,#REF!,8,FALSE),IFERROR(VLOOKUP(E87,#REF!,8,FALSE),IFERROR(VLOOKUP(E87,#REF!,8,FALSE),\"\")))","v":""},".-."]
[83,{"$f":"IFERROR(DAY(CTR[[#This Row],[Date]]),\"\")","v":7},{"$f":"IFERROR(MONTH(CTR[[#This Row],[Date]]),\"\")","v":1},{"$f":"IF(ISNA(INDEX(CTS!C:C,MATCH(E88,CTS!$E:$E,0))),\"\",(INDEX(CTS!C:C,MATCH(E88,CTS!$E:$E,0))))","v":44203},"01-083",{"$f":"IF(ISNA(INDEX(CTS!$F:$F,MATCH(E88,CTS!$E:$E,0))),\"\",(INDEX(CTS!$F:$F,MATCH(E88,CTS!$E:$E,0))))","v":"CLIENT"},{"$f":"IF(ISNA(INDEX(CTS!$N:$N,MATCH(E88,CTS!$E:$E,0))),\"\",(INDEX(CTS!$N:$N,MATCH(E88,CTS!$E:$E,0))))","v":3630.2521008403364},{"$f":"IF(ISNA(INDEX(CTS!$O:$O,MATCH(E88,CTS!$E:$E,0))),\"\",(INDEX(CTS!$O:$O,MATCH(E88,CTS!$E:$E,0))))","v":0},{"$f":"IF(ISNA(INDEX(CTS!$P:$P,MATCH(E88,CTS!$E:$E,0))),\"\",(INDEX(CTS!$P:$P,MATCH(E88,CTS!$E:$E,0))))","v":0},{"$f":"IF(ISNA(INDEX(CTS!$Q:$Q,MATCH(E88,CTS!$E:$E,0))),\"\",(INDEX(CTS!$Q:$Q,MATCH(E88,CTS!$E:$E,0))))","v":3630.2521008403364},{"$f":"IF(ISNA(INDEX(CTS!$S:$S,MATCH(E88,CTS!$E:$E,0))),\"\",(INDEX(CTS!$S:$S,MATCH(E88,CTS!$E:$E,0))))","v":689.74789915966392},{"$f":"IF(ISNA(INDEX(CTS!$T:$T,MATCH(E88,CTS!$E:$E,0))),\"\",(INDEX(CTS!$T:$T,MATCH(E88,CTS!$E:$E,0))))","v":4320},{"$f":"IF(ISNA(INDEX(CTS!$U:$U,MATCH(E88,CTS!$E:$E,0))),\"\",(INDEX(CTS!$U:$U,MATCH(E88,CTS!$E:$E,0))))","v":0},{"$f":"IF(ISNA(INDEX(CTS!$V:$V,MATCH(E88,CTS!$E:$E,0))),\"\",(INDEX(CTS!$V:$V,MATCH(E88,CTS!$E:$E,0))))","v":4320},{"$f":"IFERROR(INDEX(CTS!$A:$A,MATCH(E88,CTS!$E:$E,0)),\".\")","v":"P"},{"$f":"IFERROR(IFERROR(INDEX(#REF!,MATCH(E88,#REF!,0)),IFERROR(INDEX(#REF!,MATCH(E88,#REF!,0)),INDEX(#REF!,MATCH(E88,#REF!,0)) )),\".\")","v":"."},null,{"$f":"IFERROR(VLOOKUP(E88,#REF!,8,FALSE),IFERROR(VLOOKUP(E88,#REF!,8,FALSE),IFERROR(VLOOKUP(E88,#REF!,8,FALSE),\"\")))","v":""},".-."]
[84,{"$f":"IFERROR(DAY(CTR[[#This Row],[Date]]),\"\")","v":7},{"$f":"IFERROR(MONTH(CTR[[#This Row],[Date]]),\"\")","v":1},{"$f":"IF(ISNA(INDEX(CTS!C:C,MATCH(E89,CTS!$E:$E,0))),\"\",(INDEX(CTS!C:C,MATCH(E89,CTS!$E:$E,0))))","v":44203},"01-084",{"$f":"IF(ISNA(INDEX(CTS!$F:$F,MATCH(E89,CTS!$E:$E,0))),\"\",(INDEX(CTS!$F:$F,MATCH(E89,CTS!$E:$E,0))))","v":"CLIENT"},{"$f":"IF(ISNA(INDEX(CTS!$N:$N,MATCH(E89,CTS!$E:$E,0))),\"\",(INDEX(CTS!$N:$N,MATCH(E89,CTS!$E:$E,0))))","v":1445.3781512605042},{"$f":"IF(ISNA(INDEX(CTS!$O:$O,MATCH(E89,CTS!$E:$E,0))),\"\",(INDEX(CTS!$O:$O,MATCH(E89,CTS!$E:$E,0))))","v":0},{"$f":"IF(ISNA(INDEX(CTS!$P:$P,MATCH(E89,CTS!$E:$E,0))),\"\",(INDEX(CTS!$P:$P,MATCH(E89,CTS!$E:$E,0))))","v":0},{"$f":"IF(ISNA(INDEX(CTS!$Q:$Q,MATCH(E89,CTS!$E:$E,0))),\"\",(INDEX(CTS!$Q:$Q,MATCH(E89,CTS!$E:$E,0))))","v":1445.3781512605042},{"$f":"IF(ISNA(INDEX(CTS!$S:$S,MATCH(E89,CTS!$E:$E,0))),\"\",(INDEX(CTS!$S:$S,MATCH(E89,CTS!$E:$E,0))))","v":274.62184873949582},{"$f":"IF(ISNA(INDEX(CTS!$T:$T,MATCH(E89,CTS!$E:$E,0))),\"\",(INDEX(CTS!$T:$T,MATCH(E89,CTS!$E:$E,0))))","v":1720},{"$f":"IF(ISNA(INDEX(CTS!$U:$U,MATCH(E89,CTS!$E:$E,0))),\"\",(INDEX(CTS!$U:$U,MATCH(E89,CTS!$E:$E,0))))","v":0},{"$f":"IF(ISNA(INDEX(CTS!$V:$V,MATCH(E89,CTS!$E:$E,0))),\"\",(INDEX(CTS!$V:$V,MATCH(E89,CTS!$E:$E,0))))","v":1720},{"$f":"IFERROR(INDEX(CTS!$A:$A,MATCH(E89,CTS!$E:$E,0)),\".\")","v":"P"},{"$f":"IFERROR(IFERROR(INDEX(#REF!,MATCH(E89,#REF!,0)),IFERROR(INDEX(#REF!,MATCH(E89,#REF!,0)),INDEX(#REF!,MATCH(E89,#REF!,0)) )),\".\")","v":"."},null,{"$f":"IFERROR(VLOOKUP(E89,#REF!,8,FALSE),IFERROR(VLOOKUP(E89,#REF!,8,FALSE),IFERROR(VLOOKUP(E89,#REF!,8,FALSE),\"\")))","v":""},".-."]
[85,{"$f":"IFERROR(DAY(CTR[[#This Row],[Date]]),\"\")","v":7},{"$f":"IFERROR(MONTH(CTR[[#This Row],[Date]]),\"\")","v":1},{"$f":"IF(ISNA(INDEX(CTS!C:C,MATCH(E90,CTS!$E:$E,0))),\"\",(INDEX(CTS!C:C,MATCH(E90,CTS!$E:$E,0))))","v":44203},"01-085",{"$f":"IF(ISNA(INDEX(CTS!$F:$F,MATCH(E90,CTS!$E:$E,0))),\"\",(INDEX(CTS!$F:$F,MATCH(E90,CTS!$E:$E,0))))","v":"CLIENT"},{"$f":"IF(ISNA(INDEX(CTS!$N:$N,MATCH(E90,CTS!$E:$E,0))),\"\",(INDEX(CTS!$N:$N,MATCH(E90,CTS!$E:$E,0))))","v":695.79831932773106},{"$f":"IF(ISNA(INDEX(CTS!$O:$O,MATCH(E90,CTS!$E:$E,0))),\"\",(INDEX(CTS!$O:$O,MATCH(E90,CTS!$E:$E,0))))","v":0},{"$f":"IF(ISNA(INDEX(CTS!$P:$P,MATCH(E90,CTS!$E:$E,0))),\"\",(INDEX(CTS!$P:$P,MATCH(E90,CTS!$E:$E,0))))","v":0},{"$f":"IF(ISNA(INDEX(CTS!$Q:$Q,MATCH(E90,CTS!$E:$E,0))),\"\",(INDEX(CTS!$Q:$Q,MATCH(E90,CTS!$E:$E,0))))","v":695.79831932773106},{"$f":"IF(ISNA(INDEX(CTS!$S:$S,MATCH(E90,CTS!$E:$E,0))),\"\",(INDEX(CTS!$S:$S,MATCH(E90,CTS!$E:$E,0))))","v":132.20168067226891},{"$f":"IF(ISNA(INDEX(CTS!$T:$T,MATCH(E90,CTS!$E:$E,0))),\"\",(INDEX(CTS!$T:$T,MATCH(E90,CTS!$E:$E,0))))","v":828},{"$f":"IF(ISNA(INDEX(CTS!$U:$U,MATCH(E90,CTS!$E:$E,0))),\"\",(INDEX(CTS!$U:$U,MATCH(E90,CTS!$E:$E,0))))","v":2},{"$f":"IF(ISNA(INDEX(CTS!$V:$V,MATCH(E90,CTS!$E:$E,0))),\"\",(INDEX(CTS!$V:$V,MATCH(E90,CTS!$E:$E,0))))","v":826},{"$f":"IFERROR(INDEX(CTS!$A:$A,MATCH(E90,CTS!$E:$E,0)),\".\")","v":"p"},{"$f":"IFERROR(IFERROR(INDEX(#REF!,MATCH(E90,#REF!,0)),IFERROR(INDEX(#REF!,MATCH(E90,#REF!,0)),INDEX(#REF!,MATCH(E90,#REF!,0)) )),\".\")","v":"."},null,{"$f":"IFERROR(VLOOKUP(E90,#REF!,8,FALSE),IFERROR(VLOOKUP(E90,#REF!,8,FALSE),IFERROR(VLOOKUP(E90,#REF!,8,FALSE),\"\")))","v":""},".-."]
[86,{"$f":"IFERROR(DAY(CTR[[#This Row],[Date]]),\"\")","v":7},{"$f":"IFERROR(MONTH(CTR[[#This Row],[Date]]),\"\")","v":1},{"$f":"IF(ISNA(INDEX(CTS!C:C,MATCH(E91,CTS!$E:$E,0))),\"\",(INDEX(CTS!C:C,MATCH(E91,CTS!$E:$E,0))))","v":44203},"01-086",{"$f":"IF(ISNA(INDEX(CTS!$F:$F,MATCH(E91,CTS!$E:$E,0))),\"\",(INDEX(CTS!$F:$F,MATCH(E91,CTS!$E:$E,0))))","v":"CLIENT"},{"$f":"IF(ISNA(INDEX(CTS!$N:$N,MATCH(E91,CTS!$E:$E,0))),\"\",(INDEX(CTS!$N:$N,MATCH(E91,CTS!$E:$E,0))))","v":453.78151260504211},{"$f":"IF(ISNA(INDEX(CTS!$O:$O,MATCH(E91,CTS!$E:$E,0))),\"\",(INDEX(CTS!$O:$O,MATCH(E91,CTS!$E:$E,0))))","v":0},{"$f":"IF(ISNA(INDEX(CTS!$P:$P,MATCH(E91,CTS!$E:$E,0))),\"\",(INDEX(CTS!$P:$P,MATCH(E91,CTS!$E:$E,0))))","v":0},{"$f":"IF(ISNA(INDEX(CTS!$Q:$Q,MATCH(E91,CTS!$E:$E,0))),\"\",(INDEX(CTS!$Q:$Q,MATCH(E91,CTS!$E:$E,0))))","v":453.78151260504211},{"$f":"IF(ISNA(INDEX(CTS!$S:$S,MATCH(E91,CTS!$E:$E,0))),\"\",(INDEX(CTS!$S:$S,MATCH(E91,CTS!$E:$E,0))))","v":86.21848739495799},{"$f":"IF(ISNA(INDEX(CTS!$T:$T,MATCH(E91,CTS!$E:$E,0))),\"\",(INDEX(CTS!$T:$T,MATCH(E91,CTS!$E:$E,0))))","v":540.00000000000011},{"$f":"IF(ISNA(INDEX(CTS!$U:$U,MATCH(E91,CTS!$E:$E,0))),\"\",(INDEX(CTS!$U:$U,MATCH(E91,CTS!$E:$E,0))))","v":0},{"$f":"IF(ISNA(INDEX(CTS!$V:$V,MATCH(E91,CTS!$E:$E,0))),\"\",(INDEX(CTS!$V:$V,MATCH(E91,CTS!$E:$E,0))))","v":540.00000000000011},{"$f":"IFERROR(INDEX(CTS!$A:$A,MATCH(E91,CTS!$E:$E,0)),\".\")","v":"P"},{"$f":"IFERROR(IFERROR(INDEX(#REF!,MATCH(E91,#REF!,0)),IFERROR(INDEX(#REF!,MATCH(E91,#REF!,0)),INDEX(#REF!,MATCH(E91,#REF!,0)) )),\".\")","v":"."},null,{"$f":"IFERROR(VLOOKUP(E91,#REF!,8,FALSE),IFERROR(VLOOKUP(E91,#REF!,8,FALSE),IFERROR(VLOOKUP(E91,#REF!,8,FALSE),\"\")))","v":""},".-."]
[87,{"$f":"IFERROR(DAY(CTR[[#This Row],[Date]]),\"\")","v":10},{"$f":"IFERROR(MONTH(CTR[[#This Row],[Date]]),\"\")","v":1},{"$f":"IF(ISNA(INDEX(CTS!C:C,MATCH(E92,CTS!$E:$E,0))),\"\",(INDEX(CTS!C:C,MATCH(E92,CTS!$E:$E,0))))","v":44206},"01-087",{"$f":"IF(ISNA(INDEX(CTS!$F:$F,MATCH(E92,CTS!$E:$E,0))),\"\",(INDEX(CTS!$F:$F,MATCH(E92,CTS!$E:$E,0))))","v":"NOSOCLEAN"},{"$f":"IF(ISNA(INDEX(CTS!$N:$N,MATCH(E92,CTS!$E:$E,0))),\"\",(INDEX(CTS!$N:$N,MATCH(E92,CTS!$E:$E,0))))","v":7363.0252100840335},{"$f":"IF(ISNA(INDEX(CTS!$O:$O,MATCH(E92,CTS!$E:$E,0))),\"\",(INDEX(CTS!$O:$O,MATCH(E92,CTS!$E:$E,0))))","v":0},{"$f":"IF(ISNA(INDEX(CTS!$P:$P,MATCH(E92,CTS!$E:$E,0))),\"\",(INDEX(CTS!$P:$P,MATCH(E92,CTS!$E:$E,0))))","v":0},{"$f":"IF(ISNA(INDEX(CTS!$Q:$Q,MATCH(E92,CTS!$E:$E,0))),\"\",(INDEX(CTS!$Q:$Q,MATCH(E92,CTS!$E:$E,0))))","v":7363.0252100840335},{"$f":"IF(ISNA(INDEX(CTS!$S:$S,MATCH(E92,CTS!$E:$E,0))),\"\",(INDEX(CTS!$S:$S,MATCH(E92,CTS!$E:$E,0))))","v":1398.9747899159663},{"$f":"IF(ISNA(INDEX(CTS!$T:$T,MATCH(E92,CTS!$E:$E,0))),\"\",(INDEX(CTS!$T:$T,MATCH(E92,CTS!$E:$E,0))))","v":8762},{"$f":"IF(ISNA(INDEX(CTS!$U:$U,MATCH(E92,CTS!$E:$E,0))),\"\",(INDEX(CTS!$U:$U,MATCH(E92,CTS!$E:$E,0))))","v":0},{"$f":"IF(ISNA(INDEX(CTS!$V:$V,MATCH(E92,CTS!$E:$E,0))),\"\",(INDEX(CTS!$V:$V,MATCH(E92,CTS!$E:$E,0))))","v":8762},{"$f":"IFERROR(INDEX(CTS!$A:$A,MATCH(E92,CTS!$E:$E,0)),\".\")","v":"C"},{"$f":"IFERROR(IFERROR(INDEX(#REF!,MATCH(E92,#REF!,0)),IFERROR(INDEX(#REF!,MATCH(E92,#REF!,0)),INDEX(#REF!,MATCH(E92,#REF!,0)) )),\".\")","v":"."},null,{"$f":"IFERROR(VLOOKUP(E92,#REF!,8,FALSE),IFERROR(VLOOKUP(E92,#REF!,8,FALSE),IFERROR(VLOOKUP(E92,#REF!,8,FALSE),\"\")))","v":""},".-."]
[88,{"$f":"IFERROR(DAY(CTR[[#This Row],[Date]]),\"\")","v":10},{"$f":"IFERROR(MONTH(CTR[[#This Row],[Date]]),\"\")","v":1},{"$f":"IF(ISNA(INDEX(CTS!C:C,MATCH(E93,CTS!$E:$E,0))),\"\",(INDEX(CTS!C:C,MATCH(E93,CTS!$E:$E,0))))","v":44206},"01-088",{"$f":"IF(ISNA(INDEX(CTS!$F:$F,MATCH(E93,CTS!$E:$E,0))),\"\",(INDEX(CTS!$F:$F,MATCH(E93,CTS!$E:$E,0))))","v":"CLIENT"},{"$f":"IF(ISNA(INDEX(CTS!$N:$N,MATCH(E93,CTS!$E:$E,0))),\"\",(INDEX(CTS!$N:$N,MATCH(E93,CTS!$E:$E,0))))","v":672.26890756302521},{"$f":"IF(ISNA(INDEX(CTS!$O:$O,MATCH(E93,CTS!$E:$E,0))),\"\",(INDEX(CTS!$O:$O,MATCH(E93,CTS!$E:$E,0))))","v":0},{"$f":"IF(ISNA(INDEX(CTS!$P:$P,MATCH(E93,CTS!$E:$E,0))),\"\",(INDEX(CTS!$P:$P,MATCH(E93,CTS!$E:$E,0))))","v":0},{"$f":"IF(ISNA(INDEX(CTS!$Q:$Q,MATCH(E93,CTS!$E:$E,0))),\"\",(INDEX(CTS!$Q:$Q,MATCH(E93,CTS!$E:$E,0))))","v":672.26890756302521},{"$f":"IF(ISNA(INDEX(CTS!$S:$S,MATCH(E93,CTS!$E:$E,0))),\"\",(INDEX(CTS!$S:$S,MATCH(E93,CTS!$E:$E,0))))","v":127.73109243697479},{"$f":"IF(ISNA(INDEX(CTS!$T:$T,MATCH(E93,CTS!$E:$E,0))),\"\",(INDEX(CTS!$T:$T,MATCH(E93,CTS!$E:$E,0))))","v":800},{"$f":"IF(ISNA(INDEX(CTS!$U:$U,MATCH(E93,CTS!$E:$E,0))),\"\",(INDEX(CTS!$U:$U,MATCH(E93,CTS!$E:$E,0))))","v":0},{"$f":"IF(ISNA(INDEX(CTS!$V:$V,MATCH(E93,CTS!$E:$E,0))),\"\",(INDEX(CTS!$V:$V,MATCH(E93,CTS!$E:$E,0))))","v":800},{"$f":"IFERROR(INDEX(CTS!$A:$A,MATCH(E93,CTS!$E:$E,0)),\".\")","v":"P"},{"$f":"IFERROR(IFERROR(INDEX(#REF!,MATCH(E93,#REF!,0)),IFERROR(INDEX(#REF!,MATCH(E93,#REF!,0)),INDEX(#REF!,MATCH(E93,#REF!,0)) )),\".\")","v":"."},null,{"$f":"IFERROR(VLOOKUP(E93,#REF!,8,FALSE),IFERROR(VLOOKUP(E93,#REF!,8,FALSE),IFERROR(VLOOKUP(E93,#REF!,8,FALSE),\"\")))","v":""},".-."]
[89,{"$f":"IFERROR(DAY(CTR[[#This Row],[Date]]),\"\")","v":10},{"$f":"IFERROR(MONTH(CTR[[#This Row],[Date]]),\"\")","v":1},{"$f":"IF(ISNA(INDEX(CTS!C:C,MATCH(E94,CTS!$E:$E,0))),\"\",(INDEX(CTS!C:C,MATCH(E94,CTS!$E:$E,0))))","v":44206},"01-089",{"$f":"IF(ISNA(INDEX(CTS!$F:$F,MATCH(E94,CTS!$E:$E,0))),\"\",(INDEX(CTS!$F:$F,MATCH(E94,CTS!$E:$E,0))))","v":"CLIENT"},{"$f":"IF(ISNA(INDEX(CTS!$N:$N,MATCH(E94,CTS!$E:$E,0))),\"\",(INDEX(CTS!$N:$N,MATCH(E94,CTS!$E:$E,0))))","v":855.46218487394958},{"$f":"IF(ISNA(INDEX(CTS!$O:$O,MATCH(E94,CTS!$E:$E,0))),\"\",(INDEX(CTS!$O:$O,MATCH(E94,CTS!$E:$E,0))))","v":0},{"$f":"IF(ISNA(INDEX(CTS!$P:$P,MATCH(E94,CTS!$E:$E,0))),\"\",(INDEX(CTS!$P:$P,MATCH(E94,CTS!$E:$E,0))))","v":0},{"$f":"IF(ISNA(INDEX(CTS!$Q:$Q,MATCH(E94,CTS!$E:$E,0))),\"\",(INDEX(CTS!$Q:$Q,MATCH(E94,CTS!$E:$E,0))))","v":855.46218487394958},{"$f":"IF(ISNA(INDEX(CTS!$S:$S,MATCH(E94,CTS!$E:$E,0))),\"\",(INDEX(CTS!$S:$S,MATCH(E94,CTS!$E:$E,0))))","v":162.53781512605042},{"$f":"IF(ISNA(INDEX(CTS!$T:$T,MATCH(E94,CTS!$E:$E,0))),\"\",(INDEX(CTS!$T:$T,MATCH(E94,CTS!$E:$E,0))))","v":1018},{"$f":"IF(ISNA(INDEX(CTS!$U:$U,MATCH(E94,CTS!$E:$E,0))),\"\",(INDEX(CTS!$U:$U,MATCH(E94,CTS!$E:$E,0))))","v":2},{"$f":"IF(ISNA(INDEX(CTS!$V:$V,MATCH(E94,CTS!$E:$E,0))),\"\",(INDEX(CTS!$V:$V,MATCH(E94,CTS!$E:$E,0))))","v":1016},{"$f":"IFERROR(INDEX(CTS!$A:$A,MATCH(E94,CTS!$E:$E,0)),\".\")","v":"P"},{"$f":"IFERROR(IFERROR(INDEX(#REF!,MATCH(E94,#REF!,0)),IFERROR(INDEX(#REF!,MATCH(E94,#REF!,0)),INDEX(#REF!,MATCH(E94,#REF!,0)) )),\".\")","v":"."},null,{"$f":"IFERROR(VLOOKUP(E94,#REF!,8,FALSE),IFERROR(VLOOKUP(E94,#REF!,8,FALSE),IFERROR(VLOOKUP(E94,#REF!,8,FALSE),\"\")))","v":""},".-."]
[90,{"$f":"IFERROR(DAY(CTR[[#This Row],[Date]]),\"\")","v":10},{"$f":"IFERROR(MONTH(CTR[[#This Row],[Date]]),\"\")","v":1},{"$f":"IF(ISNA(INDEX(CTS!C:C,MATCH(E95,CTS!$E:$E,0))),\"\",(INDEX(CTS!C:C,MATCH(E95,CTS!$E:$E,0))))","v":44206},"01-090",{"$f":"IF(ISNA(INDEX(CTS!$F:$F,MATCH(E95,CTS!$E:$E,0))),\"\",(INDEX(CTS!$F:$F,MATCH(E95,CTS!$E:$E,0))))","v":"CLIENT"},{"$f":"IF(ISNA(INDEX(CTS!$N:$N,MATCH(E95,CTS!$E:$E,0))),\"\",(INDEX(CTS!$N:$N,MATCH(E95,CTS!$E:$E,0))))","v":16.806722689075631},{"$f":"IF(ISNA(INDEX(CTS!$O:$O,MATCH(E95,CTS!$E:$E,0))),\"\",(INDEX(CTS!$O:$O,MATCH(E95,CTS!$E:$E,0))))","v":0},{"$f":"IF(ISNA(INDEX(CTS!$P:$P,MATCH(E95,CTS!$E:$E,0))),\"\",(INDEX(CTS!$P:$P,MATCH(E95,CTS!$E:$E,0))))","v":0},{"$f":"IF(ISNA(INDEX(CTS!$Q:$Q,MATCH(E95,CTS!$E:$E,0))),\"\",(INDEX(CTS!$Q:$Q,MATCH(E95,CTS!$E:$E,0))))","v":16.806722689075631},{"$f":"IF(ISNA(INDEX(CTS!$S:$S,MATCH(E95,CTS!$E:$E,0))),\"\",(INDEX(CTS!$S:$S,MATCH(E95,CTS!$E:$E,0))))","v":3.1932773109243699},{"$f":"IF(ISNA(INDEX(CTS!$T:$T,MATCH(E95,CTS!$E:$E,0))),\"\",(INDEX(CTS!$T:$T,MATCH(E95,CTS!$E:$E,0))))","v":20},{"$f":"IF(ISNA(INDEX(CTS!$U:$U,MATCH(E95,CTS!$E:$E,0))),\"\",(INDEX(CTS!$U:$U,MATCH(E95,CTS!$E:$E,0))))","v":0},{"$f":"IF(ISNA(INDEX(CTS!$V:$V,MATCH(E95,CTS!$E:$E,0))),\"\",(INDEX(CTS!$V:$V,MATCH(E95,CTS!$E:$E,0))))","v":20},{"$f":"IFERROR(INDEX(CTS!$A:$A,MATCH(E95,CTS!$E:$E,0)),\".\")","v":"p"},{"$f":"IFERROR(IFERROR(INDEX(#REF!,MATCH(E95,#REF!,0)),IFERROR(INDEX(#REF!,MATCH(E95,#REF!,0)),INDEX(#REF!,MATCH(E95,#REF!,0)) )),\".\")","v":"."},null,{"$f":"IFERROR(VLOOKUP(E95,#REF!,8,FALSE),IFERROR(VLOOKUP(E95,#REF!,8,FALSE),IFERROR(VLOOKUP(E95,#REF!,8,FALSE),\"\")))","v":""},".-."]
[91,{"$f":"IFERROR(DAY(CTR[[#This Row],[Date]]),\"\")","v":10},{"$f":"IFERROR(MONTH(CTR[[#This Row],[Date]]),\"\")","v":1},{"$f":"IF(ISNA(INDEX(CTS!C:C,MATCH(E96,CTS!$E:$E,0))),\"\",(INDEX(CTS!C:C,MATCH(E96,CTS!$E:$E,0))))","v":44206},"01-091",{"$f":"IF(ISNA(INDEX(CTS!$F:$F,MATCH(E96,CTS!$E:$E,0))),\"\",(INDEX(CTS!$F:$F,MATCH(E96,CTS!$E:$E,0))))","v":"CLIENT"},{"$f":"IF(ISNA(INDEX(CTS!$N:$N,MATCH(E96,CTS!$E:$E,0))),\"\",(INDEX(CTS!$N:$N,MATCH(E96,CTS!$E:$E,0))))","v":21.008403361344538},{"$f":"IF(ISNA(INDEX(CTS!$O:$O,MATCH(E96,CTS!$E:$E,0))),\"\",(INDEX(CTS!$O:$O,MATCH(E96,CTS!$E:$E,0))))","v":0},{"$f":"IF(ISNA(INDEX(CTS!$P:$P,MATCH(E96,CTS!$E:$E,0))),\"\",(INDEX(CTS!$P:$P,MATCH(E96,CTS!$E:$E,0))))","v":0},{"$f":"IF(ISNA(INDEX(CTS!$Q:$Q,MATCH(E96,CTS!$E:$E,0))),\"\",(INDEX(CTS!$Q:$Q,MATCH(E96,CTS!$E:$E,0))))","v":21.008403361344538},{"$f":"IF(ISNA(INDEX(CTS!$S:$S,MATCH(E96,CTS!$E:$E,0))),\"\",(INDEX(CTS!$S:$S,MATCH(E96,CTS!$E:$E,0))))","v":3.9915966386554622},{"$f":"IF(ISNA(INDEX(CTS!$T:$T,MATCH(E96,CTS!$E:$E,0))),\"\",(INDEX(CTS!$T:$T,MATCH(E96,CTS!$E:$E,0))))","v":25},{"$f":"IF(ISNA(INDEX(CTS!$U:$U,MATCH(E96,CTS!$E:$E,0))),\"\",(INDEX(CTS!$U:$U,MATCH(E96,CTS!$E:$E,0))))","v":0},{"$f":"IF(ISNA(INDEX(CTS!$V:$V,MATCH(E96,CTS!$E:$E,0))),\"\",(INDEX(CTS!$V:$V,MATCH(E96,CTS!$E:$E,0))))","v":25},{"$f":"IFERROR(INDEX(CTS!$A:$A,MATCH(E96,CTS!$E:$E,0)),\".\")","v":"P"},{"$f":"IFERROR(IFERROR(INDEX(#REF!,MATCH(E96,#REF!,0)),IFERROR(INDEX(#REF!,MATCH(E96,#REF!,0)),INDEX(#REF!,MATCH(E96,#REF!,0)) )),\".\")","v":"."},null,{"$f":"IFERROR(VLOOKUP(E96,#REF!,8,FALSE),IFERROR(VLOOKUP(E96,#REF!,8,FALSE),IFERROR(VLOOKUP(E96,#REF!,8,FALSE),\"\")))","v":""},".-."]
[92,{"$f":"IFERROR(DAY(CTR[[#This Row],[Date]]),\"\")","v":10},{"$f":"IFERROR(MONTH(CTR[[#This Row],[Date]]),\"\")","v":1},{"$f":"IF(ISNA(INDEX(CTS!C:C,MATCH(E97,CTS!$E:$E,0))),\"\",(INDEX(CTS!C:C,MATCH(E97,CTS!$E:$E,0))))","v":44206},"01-092",{"$f":"IF(ISNA(INDEX(CTS!$F:$F,MATCH(E97,CTS!$E:$E,0))),\"\",(INDEX(CTS!$F:$F,MATCH(E97,CTS!$E:$E,0))))","v":"CLIENT"},{"$f":"IF(ISNA(INDEX(CTS!$N:$N,MATCH(E97,CTS!$E:$E,0))),\"\",(INDEX(CTS!$N:$N,MATCH(E97,CTS!$E:$E,0))))","v":33.613445378151262},{"$f":"IF(ISNA(INDEX(CTS!$O:$O,MATCH(E97,CTS!$E:$E,0))),\"\",(INDEX(CTS!$O:$O,MATCH(E97,CTS!$E:$E,0))))","v":0},{"$f":"IF(ISNA(INDEX(CTS!$P:$P,MATCH(E97,CTS!$E:$E,0))),\"\",(INDEX(CTS!$P:$P,MATCH(E97,CTS!$E:$E,0))))","v":0},{"$f":"IF(ISNA(INDEX(CTS!$Q:$Q,MATCH(E97,CTS!$E:$E,0))),\"\",(INDEX(CTS!$Q:$Q,MATCH(E97,CTS!$E:$E,0))))","v":33.613445378151262},{"$f":"IF(ISNA(INDEX(CTS!$S:$S,MATCH(E97,CTS!$E:$E,0))),\"\",(INDEX(CTS!$S:$S,MATCH(E97,CTS!$E:$E,0))))","v":6.3865546218487399},{"$f":"IF(ISNA(INDEX(CTS!$T:$T,MATCH(E97,CTS!$E:$E,0))),\"\",(INDEX(CTS!$T:$T,MATCH(E97,CTS!$E:$E,0))))","v":40},{"$f":"IF(ISNA(INDEX(CTS!$U:$U,MATCH(E97,CTS!$E:$E,0))),\"\",(INDEX(CTS!$U:$U,MATCH(E97,CTS!$E:$E,0))))","v":0},{"$f":"IF(ISNA(INDEX(CTS!$V:$V,MATCH(E97,CTS!$E:$E,0))),\"\",(INDEX(CTS!$V:$V,MATCH(E97,CTS!$E:$E,0))))","v":40},{"$f":"IFERROR(INDEX(CTS!$A:$A,MATCH(E97,CTS!$E:$E,0)),\".\")","v":"P"},{"$f":"IFERROR(IFERROR(INDEX(#REF!,MATCH(E97,#REF!,0)),IFERROR(INDEX(#REF!,MATCH(E97,#REF!,0)),INDEX(#REF!,MATCH(E97,#REF!,0)) )),\".\")","v":"."},null,{"$f":"IFERROR(VLOOKUP(E97,#REF!,8,FALSE),IFERROR(VLOOKUP(E97,#REF!,8,FALSE),IFERROR(VLOOKUP(E97,#REF!,8,FALSE),\"\")))","v":""},".-."]
[93,{"$f":"IFERROR(DAY(CTR[[#This Row],[Date]]),\"\")","v":10},{"$f":"IFERROR(MONTH(CTR[[#This Row],[Date]]),\"\")","v":1},{"$f":"IF(ISNA(INDEX(CTS!C:C,MATCH(E98,CTS!$E:$E,0))),\"\",(INDEX(CTS!C:C,MATCH(E98,CTS!$E:$E,0))))","v":44206},"01-093",{"$f":"IF(ISNA(INDEX(CTS!$F:$F,MATCH(E98,CTS!$E:$E,0))),\"\",(INDEX(CTS!$F:$F,MATCH(E98,CTS!$E:$E,0))))","v":"CLIENT"},{"$f":"IF(ISNA(INDEX(CTS!$N:$N,MATCH(E98,CTS!$E:$E,0))),\"\",(INDEX(CTS!$N:$N,MATCH(E98,CTS!$E:$E,0))))","v":847.05882352941171},{"$f":"IF(ISNA(INDEX(CTS!$O:$O,MATCH(E98,CTS!$E:$E,0))),\"\",(INDEX(CTS!$O:$O,MATCH(E98,CTS!$E:$E,0))))","v":0},{"$f":"IF(ISNA(INDEX(CTS!$P:$P,MATCH(E98,CTS!$E:$E,0))),\"\",(INDEX(CTS!$P:$P,MATCH(E98,CTS!$E:$E,0))))","v":0},{"$f":"IF(ISNA(INDEX(CTS!$Q:$Q,MATCH(E98,CTS!$E:$E,0))),\"\",(INDEX(CTS!$Q:$Q,MATCH(E98,CTS!$E:$E,0))))","v":847.05882352941171},{"$f":"IF(ISNA(INDEX(CTS!$S:$S,MATCH(E98,CTS!$E:$E,0))),\"\",(INDEX(CTS!$S:$S,MATCH(E98,CTS!$E:$E,0))))","v":160.94117647058823},{"$f":"IF(ISNA(INDEX(CTS!$T:$T,MATCH(E98,CTS!$E:$E,0))),\"\",(INDEX(CTS!$T:$T,MATCH(E98,CTS!$E:$E,0))))","v":1008},{"$f":"IF(ISNA(INDEX(CTS!$U:$U,MATCH(E98,CTS!$E:$E,0))),\"\",(INDEX(CTS!$U:$U,MATCH(E98,CTS!$E:$E,0))))","v":8},{"$f":"IF(ISNA(INDEX(CTS!$V:$V,MATCH(E98,CTS!$E:$E,0))),\"\",(INDEX(CTS!$V:$V,MATCH(E98,CTS!$E:$E,0))))","v":1000},{"$f":"IFERROR(INDEX(CTS!$A:$A,MATCH(E98,CTS!$E:$E,0)),\".\")","v":"P"},{"$f":"IFERROR(IFERROR(INDEX(#REF!,MATCH(E98,#REF!,0)),IFERROR(INDEX(#REF!,MATCH(E98,#REF!,0)),INDEX(#REF!,MATCH(E98,#REF!,0)) )),\".\")","v":"."},null,{"$f":"IFERROR(VLOOKUP(E98,#REF!,8,FALSE),IFERROR(VLOOKUP(E98,#REF!,8,FALSE),IFERROR(VLOOKUP(E98,#REF!,8,FALSE),\"\")))","v":""},".-."]
[94,{"$f":"IFERROR(DAY(CTR[[#This Row],[Date]]),\"\")","v":10},{"$f":"IFERROR(MONTH(CTR[[#This Row],[Date]]),\"\")","v":1},{"$f":"IF(ISNA(INDEX(CTS!C:C,MATCH(E99,CTS!$E:$E,0))),\"\",(INDEX(CTS!C:C,MATCH(E99,CTS!$E:$E,0))))","v":44206},"01-094",{"$f":"IF(ISNA(INDEX(CTS!$F:$F,MATCH(E99,CTS!$E:$E,0))),\"\",(INDEX(CTS!$F:$F,MATCH(E99,CTS!$E:$E,0))))","v":"CLIENT"},{"$f":"IF(ISNA(INDEX(CTS!$N:$N,MATCH(E99,CTS!$E:$E,0))),\"\",(INDEX(CTS!$N:$N,MATCH(E99,CTS!$E:$E,0))))","v":67.226890756302524},{"$f":"IF(ISNA(INDEX(CTS!$O:$O,MATCH(E99,CTS!$E:$E,0))),\"\",(INDEX(CTS!$O:$O,MATCH(E99,CTS!$E:$E,0))))","v":0},{"$f":"IF(ISNA(INDEX(CTS!$P:$P,MATCH(E99,CTS!$E:$E,0))),\"\",(INDEX(CTS!$P:$P,MATCH(E99,CTS!$E:$E,0))))","v":0},{"$f":"IF(ISNA(INDEX(CTS!$Q:$Q,MATCH(E99,CTS!$E:$E,0))),\"\",(INDEX(CTS!$Q:$Q,MATCH(E99,CTS!$E:$E,0))))","v":67.226890756302524},{"$f":"IF(ISNA(INDEX(CTS!$S:$S,MATCH(E99,CTS!$E:$E,0))),\"\",(INDEX(CTS!$S:$S,MATCH(E99,CTS!$E:$E,0))))","v":12.77310924369748},{"$f":"IF(ISNA(INDEX(CTS!$T:$T,MATCH(E99,CTS!$E:$E,0))),\"\",(INDEX(CTS!$T:$T,MATCH(E99,CTS!$E:$E,0))))","v":80},{"$f":"IF(ISNA(INDEX(CTS!$U:$U,MATCH(E99,CTS!$E:$E,0))),\"\",(INDEX(CTS!$U:$U,MATCH(E99,CTS!$E:$E,0))))","v":0},{"$f":"IF(ISNA(INDEX(CTS!$V:$V,MATCH(E99,CTS!$E:$E,0))),\"\",(INDEX(CTS!$V:$V,MATCH(E99,CTS!$E:$E,0))))","v":80},{"$f":"IFERROR(INDEX(CTS!$A:$A,MATCH(E99,CTS!$E:$E,0)),\".\")","v":"P"},{"$f":"IFERROR(IFERROR(INDEX(#REF!,MATCH(E99,#REF!,0)),IFERROR(INDEX(#REF!,MATCH(E99,#REF!,0)),INDEX(#REF!,MATCH(E99,#REF!,0)) )),\".\")","v":"."},null,{"$f":"IFERROR(VLOOKUP(E99,#REF!,8,FALSE),IFERROR(VLOOKUP(E99,#REF!,8,FALSE),IFERROR(VLOOKUP(E99,#REF!,8,FALSE),\"\")))","v":""},".-."]
[95,{"$f":"IFERROR(DAY(CTR[[#This Row],[Date]]),\"\")","v":10},{"$f":"IFERROR(MONTH(CTR[[#This Row],[Date]]),\"\")","v":1},{"$f":"IF(ISNA(INDEX(CTS!C:C,MATCH(E100,CTS!$E:$E,0))),\"\",(INDEX(CTS!C:C,MATCH(E100,CTS!$E:$E,0))))","v":44206},"01-095",{"$f":"IF(ISNA(INDEX(CTS!$F:$F,MATCH(E100,CTS!$E:$E,0))),\"\",(INDEX(CTS!$F:$F,MATCH(E100,CTS!$E:$E,0))))","v":"CLIENT"},{"$f":"IF(ISNA(INDEX(CTS!$N:$N,MATCH(E100,CTS!$E:$E,0))),\"\",(INDEX(CTS!$N:$N,MATCH(E100,CTS!$E:$E,0))))","v":168.0672268907563},{"$f":"IF(ISNA(INDEX(CTS!$O:$O,MATCH(E100,CTS!$E:$E,0))),\"\",(INDEX(CTS!$O:$O,MATCH(E100,CTS!$E:$E,0))))","v":0},{"$f":"IF(ISNA(INDEX(CTS!$P:$P,MATCH(E100,CTS!$E:$E,0))),\"\",(INDEX(CTS!$P:$P,MATCH(E100,CTS!$E:$E,0))))","v":0},{"$f":"IF(ISNA(INDEX(CTS!$Q:$Q,MATCH(E100,CTS!$E:$E,0))),\"\",(INDEX(CTS!$Q:$Q,MATCH(E100,CTS!$E:$E,0))))","v":168.0672268907563},{"$f":"IF(ISNA(INDEX(CTS!$S:$S,MATCH(E100,CTS!$E:$E,0))),\"\",(INDEX(CTS!$S:$S,MATCH(E100,CTS!$E:$E,0))))","v":31.932773109243698},{"$f":"IF(ISNA(INDEX(CTS!$T:$T,MATCH(E100,CTS!$E:$E,0))),\"\",(INDEX(CTS!$T:$T,MATCH(E100,CTS!$E:$E,0))))","v":200},{"$f":"IF(ISNA(INDEX(CTS!$U:$U,MATCH(E100,CTS!$E:$E,0))),\"\",(INDEX(CTS!$U:$U,MATCH(E100,CTS!$E:$E,0))))","v":0},{"$f":"IF(ISNA(INDEX(CTS!$V:$V,MATCH(E100,CTS!$E:$E,0))),\"\",(INDEX(CTS!$V:$V,MATCH(E100,CTS!$E:$E,0))))","v":200},{"$f":"IFERROR(INDEX(CTS!$A:$A,MATCH(E100,CTS!$E:$E,0)),\".\")","v":"P"},{"$f":"IFERROR(IFERROR(INDEX(#REF!,MATCH(E100,#REF!,0)),IFERROR(INDEX(#REF!,MATCH(E100,#REF!,0)),INDEX(#REF!,MATCH(E100,#REF!,0)) )),\".\")","v":"."},null,{"$f":"IFERROR(VLOOKUP(E100,#REF!,8,FALSE),IFERROR(VLOOKUP(E100,#REF!,8,FALSE),IFERROR(VLOOKUP(E100,#REF!,8,FALSE),\"\")))","v":""},".-."]
[96,{"$f":"IFERROR(DAY(CTR[[#This Row],[Date]]),\"\")","v":10},{"$f":"IFERROR(MONTH(CTR[[#This Row],[Date]]),\"\")","v":1},{"$f":"IF(ISNA(INDEX(CTS!C:C,MATCH(E101,CTS!$E:$E,0))),\"\",(INDEX(CTS!C:C,MATCH(E101,CTS!$E:$E,0))))","v":44206},"01-096",{"$f":"IF(ISNA(INDEX(CTS!$F:$F,MATCH(E101,CTS!$E:$E,0))),\"\",(INDEX(CTS!$F:$F,MATCH(E101,CTS!$E:$E,0))))","v":"CLIENT"},{"$f":"IF(ISNA(INDEX(CTS!$N:$N,MATCH(E101,CTS!$E:$E,0))),\"\",(INDEX(CTS!$N:$N,MATCH(E101,CTS!$E:$E,0))))","v":2344.5378151260506},{"$f":"IF(ISNA(INDEX(CTS!$O:$O,MATCH(E101,CTS!$E:$E,0))),\"\",(INDEX(CTS!$O:$O,MATCH(E101,CTS!$E:$E,0))))","v":0},{"$f":"IF(ISNA(INDEX(CTS!$P:$P,MATCH(E101,CTS!$E:$E,0))),\"\",(INDEX(CTS!$P:$P,MATCH(E101,CTS!$E:$E,0))))","v":0},{"$f":"IF(ISNA(INDEX(CTS!$Q:$Q,MATCH(E101,CTS!$E:$E,0))),\"\",(INDEX(CTS!$Q:$Q,MATCH(E101,CTS!$E:$E,0))))","v":2344.5378151260506},{"$f":"IF(ISNA(INDEX(CTS!$S:$S,MATCH(E101,CTS!$E:$E,0))),\"\",(INDEX(CTS!$S:$S,MATCH(E101,CTS!$E:$E,0))))","v":445.46218487394964},{"$f":"IF(ISNA(INDEX(CTS!$T:$T,MATCH(E101,CTS!$E:$E,0))),\"\",(INDEX(CTS!$T:$T,MATCH(E101,CTS!$E:$E,0))))","v":2790.0000000000005},{"$f":"IF(ISNA(INDEX(CTS!$U:$U,MATCH(E101,CTS!$E:$E,0))),\"\",(INDEX(CTS!$U:$U,MATCH(E101,CTS!$E:$E,0))))","v":0},{"$f":"IF(ISNA(INDEX(CTS!$V:$V,MATCH(E101,CTS!$E:$E,0))),\"\",(INDEX(CTS!$V:$V,MATCH(E101,CTS!$E:$E,0))))","v":2790.0000000000005},{"$f":"IFERROR(INDEX(CTS!$A:$A,MATCH(E101,CTS!$E:$E,0)),\".\")","v":"P"},{"$f":"IFERROR(IFERROR(INDEX(#REF!,MATCH(E101,#REF!,0)),IFERROR(INDEX(#REF!,MATCH(E101,#REF!,0)),INDEX(#REF!,MATCH(E101,#REF!,0)) )),\".\")","v":"."},null,{"$f":"IFERROR(VLOOKUP(E101,#REF!,8,FALSE),IFERROR(VLOOKUP(E101,#REF!,8,FALSE),IFERROR(VLOOKUP(E101,#REF!,8,FALSE),\"\")))","v":""},".-."]
[97,{"$f":"IFERROR(DAY(CTR[[#This Row],[Date]]),\"\")","v":10},{"$f":"IFERROR(MONTH(CTR[[#This Row],[Date]]),\"\")","v":1},{"$f":"IF(ISNA(INDEX(CTS!C:C,MATCH(E102,CTS!$E:$E,0))),\"\",(INDEX(CTS!C:C,MATCH(E102,CTS!$E:$E,0))))","v":44206},"01-097",{"$f":"IF(ISNA(INDEX(CTS!$F:$F,MATCH(E102,CTS!$E:$E,0))),\"\",(INDEX(CTS!$F:$F,MATCH(E102,CTS!$E:$E,0))))","v":"CLIENT"},{"$f":"IF(ISNA(INDEX(CTS!$N:$N,MATCH(E102,CTS!$E:$E,0))),\"\",(INDEX(CTS!$N:$N,MATCH(E102,CTS!$E:$E,0))))","v":2760.5042016806724},{"$f":"IF(ISNA(INDEX(CTS!$O:$O,MATCH(E102,CTS!$E:$E,0))),\"\",(INDEX(CTS!$O:$O,MATCH(E102,CTS!$E:$E,0))))","v":0},{"$f":"IF(ISNA(INDEX(CTS!$P:$P,MATCH(E102,CTS!$E:$E,0))),\"\",(INDEX(CTS!$P:$P,MATCH(E102,CTS!$E:$E,0))))","v":0},{"$f":"IF(ISNA(INDEX(CTS!$Q:$Q,MATCH(E102,CTS!$E:$E,0))),\"\",(INDEX(CTS!$Q:$Q,MATCH(E102,CTS!$E:$E,0))))","v":2760.5042016806724},{"$f":"IF(ISNA(INDEX(CTS!$S:$S,MATCH(E102,CTS!$E:$E,0))),\"\",(INDEX(CTS!$S:$S,MATCH(E102,CTS!$E:$E,0))))","v":524.49579831932783},{"$f":"IF(ISNA(INDEX(CTS!$T:$T,MATCH(E102,CTS!$E:$E,0))),\"\",(INDEX(CTS!$T:$T,MATCH(E102,CTS!$E:$E,0))))","v":3285},{"$f":"IF(ISNA(INDEX(CTS!$U:$U,MATCH(E102,CTS!$E:$E,0))),\"\",(INDEX(CTS!$U:$U,MATCH(E102,CTS!$E:$E,0))))","v":0},{"$f":"IF(ISNA(INDEX(CTS!$V:$V,MATCH(E102,CTS!$E:$E,0))),\"\",(INDEX(CTS!$V:$V,MATCH(E102,CTS!$E:$E,0))))","v":3285},{"$f":"IFERROR(INDEX(CTS!$A:$A,MATCH(E102,CTS!$E:$E,0)),\".\")","v":"P"},{"$f":"IFERROR(IFERROR(INDEX(#REF!,MATCH(E102,#REF!,0)),IFERROR(INDEX(#REF!,MATCH(E102,#REF!,0)),INDEX(#REF!,MATCH(E102,#REF!,0)) )),\".\")","v":"."},null,{"$f":"IFERROR(VLOOKUP(E102,#REF!,8,FALSE),IFERROR(VLOOKUP(E102,#REF!,8,FALSE),IFERROR(VLOOKUP(E102,#REF!,8,FALSE),\"\")))","v":""},".-."]
[98,{"$f":"IFERROR(DAY(CTR[[#This Row],[Date]]),\"\")","v":10},{"$f":"IFERROR(MONTH(CTR[[#This Row],[Date]]),\"\")","v":1},{"$f":"IF(ISNA(INDEX(CTS!C:C,MATCH(E103,CTS!$E:$E,0))),\"\",(INDEX(CTS!C:C,MATCH(E103,CTS!$E:$E,0))))","v":44206},"01-098",{"$f":"IF(ISNA(INDEX(CTS!$F:$F,MATCH(E103,CTS!$E:$E,0))),\"\",(INDEX(CTS!$F:$F,MATCH(E103,CTS!$E:$E,0))))","v":"CLIENT"},{"$f":"IF(ISNA(INDEX(CTS!$N:$N,MATCH(E103,CTS!$E:$E,0))),\"\",(INDEX(CTS!$N:$N,MATCH(E103,CTS!$E:$E,0))))","v":665.54621848739509},{"$f":"IF(ISNA(INDEX(CTS!$O:$O,MATCH(E103,CTS!$E:$E,0))),\"\",(INDEX(CTS!$O:$O,MATCH(E103,CTS!$E:$E,0))))","v":0},{"$f":"IF(ISNA(INDEX(CTS!$P:$P,MATCH(E103,CTS!$E:$E,0))),\"\",(INDEX(CTS!$P:$P,MATCH(E103,CTS!$E:$E,0))))","v":0},{"$f":"IF(ISNA(INDEX(CTS!$Q:$Q,MATCH(E103,CTS!$E:$E,0))),\"\",(INDEX(CTS!$Q:$Q,MATCH(E103,CTS!$E:$E,0))))","v":665.54621848739509},{"$f":"IF(ISNA(INDEX(CTS!$S:$S,MATCH(E103,CTS!$E:$E,0))),\"\",(INDEX(CTS!$S:$S,MATCH(E103,CTS!$E:$E,0))))","v":126.45378151260506},{"$f":"IF(ISNA(INDEX(CTS!$T:$T,MATCH(E103,CTS!$E:$E,0))),\"\",(INDEX(CTS!$T:$T,MATCH(E103,CTS!$E:$E,0))))","v":792.00000000000011},{"$f":"IF(ISNA(INDEX(CTS!$U:$U,MATCH(E103,CTS!$E:$E,0))),\"\",(INDEX(CTS!$U:$U,MATCH(E103,CTS!$E:$E,0))))","v":0},{"$f":"IF(ISNA(INDEX(CTS!$V:$V,MATCH(E103,CTS!$E:$E,0))),\"\",(INDEX(CTS!$V:$V,MATCH(E103,CTS!$E:$E,0))))","v":792.00000000000011},{"$f":"IFERROR(INDEX(CTS!$A:$A,MATCH(E103,CTS!$E:$E,0)),\".\")","v":"p"},{"$f":"IFERROR(IFERROR(INDEX(#REF!,MATCH(E103,#REF!,0)),IFERROR(INDEX(#REF!,MATCH(E103,#REF!,0)),INDEX(#REF!,MATCH(E103,#REF!,0)) )),\".\")","v":"."},null,{"$f":"IFERROR(VLOOKUP(E103,#REF!,8,FALSE),IFERROR(VLOOKUP(E103,#REF!,8,FALSE),IFERROR(VLOOKUP(E103,#REF!,8,FALSE),\"\")))","v":""},".-."]
[99,{"$f":"IFERROR(DAY(CTR[[#This Row],[Date]]),\"\")","v":10},{"$f":"IFERROR(MONTH(CTR[[#This Row],[Date]]),\"\")","v":1},{"$f":"IF(ISNA(INDEX(CTS!C:C,MATCH(E104,CTS!$E:$E,0))),\"\",(INDEX(CTS!C:C,MATCH(E104,CTS!$E:$E,0))))","v":44206},"01-099",{"$f":"IF(ISNA(INDEX(CTS!$F:$F,MATCH(E104,CTS!$E:$E,0))),\"\",(INDEX(CTS!$F:$F,MATCH(E104,CTS!$E:$E,0))))","v":"CLIENT"},{"$f":"IF(ISNA(INDEX(CTS!$N:$N,MATCH(E104,CTS!$E:$E,0))),\"\",(INDEX(CTS!$N:$N,MATCH(E104,CTS!$E:$E,0))))","v":302.52100840336141},{"$f":"IF(ISNA(INDEX(CTS!$O:$O,MATCH(E104,CTS!$E:$E,0))),\"\",(INDEX(CTS!$O:$O,MATCH(E104,CTS!$E:$E,0))))","v":0},{"$f":"IF(ISNA(INDEX(CTS!$P:$P,MATCH(E104,CTS!$E:$E,0))),\"\",(INDEX(CTS!$P:$P,MATCH(E104,CTS!$E:$E,0))))","v":0},{"$f":"IF(ISNA(INDEX(CTS!$Q:$Q,MATCH(E104,CTS!$E:$E,0))),\"\",(INDEX(CTS!$Q:$Q,MATCH(E104,CTS!$E:$E,0))))","v":302.52100840336141},{"$f":"IF(ISNA(INDEX(CTS!$S:$S,MATCH(E104,CTS!$E:$E,0))),\"\",(INDEX(CTS!$S:$S,MATCH(E104,CTS!$E:$E,0))))","v":57.478991596638664},{"$f":"IF(ISNA(INDEX(CTS!$T:$T,MATCH(E104,CTS!$E:$E,0))),\"\",(INDEX(CTS!$T:$T,MATCH(E104,CTS!$E:$E,0))))","v":360.00000000000006},{"$f":"IF(ISNA(INDEX(CTS!$U:$U,MATCH(E104,CTS!$E:$E,0))),\"\",(INDEX(CTS!$U:$U,MATCH(E104,CTS!$E:$E,0))))","v":0},{"$f":"IF(ISNA(INDEX(CTS!$V:$V,MATCH(E104,CTS!$E:$E,0))),\"\",(INDEX(CTS!$V:$V,MATCH(E104,CTS!$E:$E,0))))","v":360.00000000000006},{"$f":"IFERROR(INDEX(CTS!$A:$A,MATCH(E104,CTS!$E:$E,0)),\".\")","v":"P"},{"$f":"IFERROR(IFERROR(INDEX(#REF!,MATCH(E104,#REF!,0)),IFERROR(INDEX(#REF!,MATCH(E104,#REF!,0)),INDEX(#REF!,MATCH(E104,#REF!,0)) )),\".\")","v":"."},null,{"$f":"IFERROR(VLOOKUP(E104,#REF!,8,FALSE),IFERROR(VLOOKUP(E104,#REF!,8,FALSE),IFERROR(VLOOKUP(E104,#REF!,8,FALSE),\"\")))","v":""},".-."]
[100,{"$f":"IFERROR(DAY(CTR[[#This Row],[Date]]),\"\")","v":10},{"$f":"IFERROR(MONTH(CTR[[#This Row],[Date]]),\"\")","v":1},{"$f":"IF(ISNA(INDEX(CTS!C:C,MATCH(E105,CTS!$E:$E,0))),\"\",(INDEX(CTS!C:C,MATCH(E105,CTS!$E:$E,0))))","v":44206},"01-100",{"$f":"IF(ISNA(INDEX(CTS!$F:$F,MATCH(E105,CTS!$E:$E,0))),\"\",(INDEX(CTS!$F:$F,MATCH(E105,CTS!$E:$E,0))))","v":"CLIENT"},{"$f":"IF(ISNA(INDEX(CTS!$N:$N,MATCH(E105,CTS!$E:$E,0))),\"\",(INDEX(CTS!$N:$N,MATCH(E105,CTS!$E:$E,0))))","v":257.14285714285717},{"$f":"IF(ISNA(INDEX(CTS!$O:$O,MATCH(E105,CTS!$E:$E,0))),\"\",(INDEX(CTS!$O:$O,MATCH(E105,CTS!$E:$E,0))))","v":0},{"$f":"IF(ISNA(INDEX(CTS!$P:$P,MATCH(E105,CTS!$E:$E,0))),\"\",(INDEX(CTS!$P:$P,MATCH(E105,CTS!$E:$E,0))))","v":0},{"$f":"IF(ISNA(INDEX(CTS!$Q:$Q,MATCH(E105,CTS!$E:$E,0))),\"\",(INDEX(CTS!$Q:$Q,MATCH(E105,CTS!$E:$E,0))))","v":257.14285714285717},{"$f":"IF(ISNA(INDEX(CTS!$S:$S,MATCH(E105,CTS!$E:$E,0))),\"\",(INDEX(CTS!$S:$S,MATCH(E105,CTS!$E:$E,0))))","v":48.857142857142861},{"$f":"IF(ISNA(INDEX(CTS!$T:$T,MATCH(E105,CTS!$E:$E,0))),\"\",(INDEX(CTS!$T:$T,MATCH(E105,CTS!$E:$E,0))))","v":306},{"$f":"IF(ISNA(INDEX(CTS!$U:$U,MATCH(E105,CTS!$E:$E,0))),\"\",(INDEX(CTS!$U:$U,MATCH(E105,CTS!$E:$E,0))))","v":0},{"$f":"IF(ISNA(INDEX(CTS!$V:$V,MATCH(E105,CTS!$E:$E,0))),\"\",(INDEX(CTS!$V:$V,MATCH(E105,CTS!$E:$E,0))))","v":306},{"$f":"IFERROR(INDEX(CTS!$A:$A,MATCH(E105,CTS!$E:$E,0)),\".\")","v":"P"},{"$f":"IFERROR(IFERROR(INDEX(#REF!,MATCH(E105,#REF!,0)),IFERROR(INDEX(#REF!,MATCH(E105,#REF!,0)),INDEX(#REF!,MATCH(E105,#REF!,0)) )),\".\")","v":"."},null,{"$f":"IFERROR(VLOOKUP(E105,#REF!,8,FALSE),IFERROR(VLOOKUP(E105,#REF!,8,FALSE),IFERROR(VLOOKUP(E105,#REF!,8,FALSE),\"\")))","v":""},".-."]
[101,{"$f":"IFERROR(DAY(CTR[[#This Row],[Date]]),\"\")","v":10},{"$f":"IFERROR(MONTH(CTR[[#This Row],[Date]]),\"\")","v":1},{"$f":"IF(ISNA(INDEX(CTS!C:C,MATCH(E106,CTS!$E:$E,0))),\"\",(INDEX(CTS!C:C,MATCH(E106,CTS!$E:$E,0))))","v":44206},"01-101",{"$f":"IF(ISNA(INDEX(CTS!$F:$F,MATCH(E106,CTS!$E:$E,0))),\"\",(INDEX(CTS!$F:$F,MATCH(E106,CTS!$E:$E,0))))","v":"CLIENT"},{"$f":"IF(ISNA(INDEX(CTS!$N:$N,MATCH(E106,CTS!$E:$E,0))),\"\",(INDEX(CTS!$N:$N,MATCH(E106,CTS!$E:$E,0))))","v":252.10084033613447},{"$f":"IF(ISNA(INDEX(CTS!$O:$O,MATCH(E106,CTS!$E:$E,0))),\"\",(INDEX(CTS!$O:$O,MATCH(E106,CTS!$E:$E,0))))","v":0},{"$f":"IF(ISNA(INDEX(CTS!$P:$P,MATCH(E106,CTS!$E:$E,0))),\"\",(INDEX(CTS!$P:$P,MATCH(E106,CTS!$E:$E,0))))","v":0},{"$f":"IF(ISNA(INDEX(CTS!$Q:$Q,MATCH(E106,CTS!$E:$E,0))),\"\",(INDEX(CTS!$Q:$Q,MATCH(E106,CTS!$E:$E,0))))","v":252.10084033613447},{"$f":"IF(ISNA(INDEX(CTS!$S:$S,MATCH(E106,CTS!$E:$E,0))),\"\",(INDEX(CTS!$S:$S,MATCH(E106,CTS!$E:$E,0))))","v":47.899159663865547},{"$f":"IF(ISNA(INDEX(CTS!$T:$T,MATCH(E106,CTS!$E:$E,0))),\"\",(INDEX(CTS!$T:$T,MATCH(E106,CTS!$E:$E,0))))","v":300},{"$f":"IF(ISNA(INDEX(CTS!$U:$U,MATCH(E106,CTS!$E:$E,0))),\"\",(INDEX(CTS!$U:$U,MATCH(E106,CTS!$E:$E,0))))","v":0},{"$f":"IF(ISNA(INDEX(CTS!$V:$V,MATCH(E106,CTS!$E:$E,0))),\"\",(INDEX(CTS!$V:$V,MATCH(E106,CTS!$E:$E,0))))","v":300},{"$f":"IFERROR(INDEX(CTS!$A:$A,MATCH(E106,CTS!$E:$E,0)),\".\")","v":"P"},{"$f":"IFERROR(IFERROR(INDEX(#REF!,MATCH(E106,#REF!,0)),IFERROR(INDEX(#REF!,MATCH(E106,#REF!,0)),INDEX(#REF!,MATCH(E106,#REF!,0)) )),\".\")","v":"."},null,{"$f":"IFERROR(VLOOKUP(E106,#REF!,8,FALSE),IFERROR(VLOOKUP(E106,#REF!,8,FALSE),IFERROR(VLOOKUP(E106,#REF!,8,FALSE),\"\")))","v":""},".-."]
[102,{"$f":"IFERROR(DAY(CTR[[#This Row],[Date]]),\"\")","v":10},{"$f":"IFERROR(MONTH(CTR[[#This Row],[Date]]),\"\")","v":1},{"$f":"IF(ISNA(INDEX(CTS!C:C,MATCH(E107,CTS!$E:$E,0))),\"\",(INDEX(CTS!C:C,MATCH(E107,CTS!$E:$E,0))))","v":44206},"01-102",{"$f":"IF(ISNA(INDEX(CTS!$F:$F,MATCH(E107,CTS!$E:$E,0))),\"\",(INDEX(CTS!$F:$F,MATCH(E107,CTS!$E:$E,0))))","v":"CLIENT"},{"$f":"IF(ISNA(INDEX(CTS!$N:$N,MATCH(E107,CTS!$E:$E,0))),\"\",(INDEX(CTS!$N:$N,MATCH(E107,CTS!$E:$E,0))))","v":415.96638655462186},{"$f":"IF(ISNA(INDEX(CTS!$O:$O,MATCH(E107,CTS!$E:$E,0))),\"\",(INDEX(CTS!$O:$O,MATCH(E107,CTS!$E:$E,0))))","v":0},{"$f":"IF(ISNA(INDEX(CTS!$P:$P,MATCH(E107,CTS!$E:$E,0))),\"\",(INDEX(CTS!$P:$P,MATCH(E107,CTS!$E:$E,0))))","v":0},{"$f":"IF(ISNA(INDEX(CTS!$Q:$Q,MATCH(E107,CTS!$E:$E,0))),\"\",(INDEX(CTS!$Q:$Q,MATCH(E107,CTS!$E:$E,0))))","v":415.96638655462186},{"$f":"IF(ISNA(INDEX(CTS!$S:$S,MATCH(E107,CTS!$E:$E,0))),\"\",(INDEX(CTS!$S:$S,MATCH(E107,CTS!$E:$E,0))))","v":79.033613445378165},{"$f":"IF(ISNA(INDEX(CTS!$T:$T,MATCH(E107,CTS!$E:$E,0))),\"\",(INDEX(CTS!$T:$T,MATCH(E107,CTS!$E:$E,0))))","v":495},{"$f":"IF(ISNA(INDEX(CTS!$U:$U,MATCH(E107,CTS!$E:$E,0))),\"\",(INDEX(CTS!$U:$U,MATCH(E107,CTS!$E:$E,0))))","v":0},{"$f":"IF(ISNA(INDEX(CTS!$V:$V,MATCH(E107,CTS!$E:$E,0))),\"\",(INDEX(CTS!$V:$V,MATCH(E107,CTS!$E:$E,0))))","v":495},{"$f":"IFERROR(INDEX(CTS!$A:$A,MATCH(E107,CTS!$E:$E,0)),\".\")","v":"P"},{"$f":"IFERROR(IFERROR(INDEX(#REF!,MATCH(E107,#REF!,0)),IFERROR(INDEX(#REF!,MATCH(E107,#REF!,0)),INDEX(#REF!,MATCH(E107,#REF!,0)) )),\".\")","v":"."},null,{"$f":"IFERROR(VLOOKUP(E107,#REF!,8,FALSE),IFERROR(VLOOKUP(E107,#REF!,8,FALSE),IFERROR(VLOOKUP(E107,#REF!,8,FALSE),\"\")))","v":""},".-."]
[103,{"$f":"IFERROR(DAY(CTR[[#This Row],[Date]]),\"\")","v":10},{"$f":"IFERROR(MONTH(CTR[[#This Row],[Date]]),\"\")","v":1},{"$f":"IF(ISNA(INDEX(CTS!C:C,MATCH(E108,CTS!$E:$E,0))),\"\",(INDEX(CTS!C:C,MATCH(E108,CTS!$E:$E,0))))","v":44206},"01-103",{"$f":"IF(ISNA(INDEX(CTS!$F:$F,MATCH(E108,CTS!$E:$E,0))),\"\",(INDEX(CTS!$F:$F,MATCH(E108,CTS!$E:$E,0))))","v":"CLIENT"},{"$f":"IF(ISNA(INDEX(CTS!$N:$N,MATCH(E108,CTS!$E:$E,0))),\"\",(INDEX(CTS!$N:$N,MATCH(E108,CTS!$E:$E,0))))","v":2663.0252100840335},{"$f":"IF(ISNA(INDEX(CTS!$O:$O,MATCH(E108,CTS!$E:$E,0))),\"\",(INDEX(CTS!$O:$O,MATCH(E108,CTS!$E:$E,0))))","v":0},{"$f":"IF(ISNA(INDEX(CTS!$P:$P,MATCH(E108,CTS!$E:$E,0))),\"\",(INDEX(CTS!$P:$P,MATCH(E108,CTS!$E:$E,0))))","v":0},{"$f":"IF(ISNA(INDEX(CTS!$Q:$Q,MATCH(E108,CTS!$E:$E,0))),\"\",(INDEX(CTS!$Q:$Q,MATCH(E108,CTS!$E:$E,0))))","v":2663.0252100840335},{"$f":"IF(ISNA(INDEX(CTS!$S:$S,MATCH(E108,CTS!$E:$E,0))),\"\",(INDEX(CTS!$S:$S,MATCH(E108,CTS!$E:$E,0))))","v":505.97478991596648},{"$f":"IF(ISNA(INDEX(CTS!$T:$T,MATCH(E108,CTS!$E:$E,0))),\"\",(INDEX(CTS!$T:$T,MATCH(E108,CTS!$E:$E,0))))","v":3169},{"$f":"IF(ISNA(INDEX(CTS!$U:$U,MATCH(E108,CTS!$E:$E,0))),\"\",(INDEX(CTS!$U:$U,MATCH(E108,CTS!$E:$E,0))))","v":9},{"$f":"IF(ISNA(INDEX(CTS!$V:$V,MATCH(E108,CTS!$E:$E,0))),\"\",(INDEX(CTS!$V:$V,MATCH(E108,CTS!$E:$E,0))))","v":3160},{"$f":"IFERROR(INDEX(CTS!$A:$A,MATCH(E108,CTS!$E:$E,0)),\".\")","v":"P"},{"$f":"IFERROR(IFERROR(INDEX(#REF!,MATCH(E108,#REF!,0)),IFERROR(INDEX(#REF!,MATCH(E108,#REF!,0)),INDEX(#REF!,MATCH(E108,#REF!,0)) )),\".\")","v":"."},null,{"$f":"IFERROR(VLOOKUP(E108,#REF!,8,FALSE),IFERROR(VLOOKUP(E108,#REF!,8,FALSE),IFERROR(VLOOKUP(E108,#REF!,8,FALSE),\"\")))","v":""},".-."]
[104,{"$f":"IFERROR(DAY(CTR[[#This Row],[Date]]),\"\")","v":10},{"$f":"IFERROR(MONTH(CTR[[#This Row],[Date]]),\"\")","v":1},{"$f":"IF(ISNA(INDEX(CTS!C:C,MATCH(E109,CTS!$E:$E,0))),\"\",(INDEX(CTS!C:C,MATCH(E109,CTS!$E:$E,0))))","v":44206},"01-104",{"$f":"IF(ISNA(INDEX(CTS!$F:$F,MATCH(E109,CTS!$E:$E,0))),\"\",(INDEX(CTS!$F:$F,MATCH(E109,CTS!$E:$E,0))))","v":"CLIENT"},{"$f":"IF(ISNA(INDEX(CTS!$N:$N,MATCH(E109,CTS!$E:$E,0))),\"\",(INDEX(CTS!$N:$N,MATCH(E109,CTS!$E:$E,0))))","v":393.27731092436977},{"$f":"IF(ISNA(INDEX(CTS!$O:$O,MATCH(E109,CTS!$E:$E,0))),\"\",(INDEX(CTS!$O:$O,MATCH(E109,CTS!$E:$E,0))))","v":0},{"$f":"IF(ISNA(INDEX(CTS!$P:$P,MATCH(E109,CTS!$E:$E,0))),\"\",(INDEX(CTS!$P:$P,MATCH(E109,CTS!$E:$E,0))))","v":0},{"$f":"IF(ISNA(INDEX(CTS!$Q:$Q,MATCH(E109,CTS!$E:$E,0))),\"\",(INDEX(CTS!$Q:$Q,MATCH(E109,CTS!$E:$E,0))))","v":393.27731092436977},{"$f":"IF(ISNA(INDEX(CTS!$S:$S,MATCH(E109,CTS!$E:$E,0))),\"\",(INDEX(CTS!$S:$S,MATCH(E109,CTS!$E:$E,0))))","v":74.722689075630257},{"$f":"IF(ISNA(INDEX(CTS!$T:$T,MATCH(E109,CTS!$E:$E,0))),\"\",(INDEX(CTS!$T:$T,MATCH(E109,CTS!$E:$E,0))))","v":468},{"$f":"IF(ISNA(INDEX(CTS!$U:$U,MATCH(E109,CTS!$E:$E,0))),\"\",(INDEX(CTS!$U:$U,MATCH(E109,CTS!$E:$E,0))))","v":3},{"$f":"IF(ISNA(INDEX(CTS!$V:$V,MATCH(E109,CTS!$E:$E,0))),\"\",(INDEX(CTS!$V:$V,MATCH(E109,CTS!$E:$E,0))))","v":465},{"$f":"IFERROR(INDEX(CTS!$A:$A,MATCH(E109,CTS!$E:$E,0)),\".\")","v":"P"},{"$f":"IFERROR(IFERROR(INDEX(#REF!,MATCH(E109,#REF!,0)),IFERROR(INDEX(#REF!,MATCH(E109,#REF!,0)),INDEX(#REF!,MATCH(E109,#REF!,0)) )),\".\")","v":"."},null,{"$f":"IFERROR(VLOOKUP(E109,#REF!,8,FALSE),IFERROR(VLOOKUP(E109,#REF!,8,FALSE),IFERROR(VLOOKUP(E109,#REF!,8,FALSE),\"\")))","v":""},".-."]
[105,{"$f":"IFERROR(DAY(CTR[[#This Row],[Date]]),\"\")","v":10},{"$f":"IFERROR(MONTH(CTR[[#This Row],[Date]]),\"\")","v":1},{"$f":"IF(ISNA(INDEX(CTS!C:C,MATCH(E110,CTS!$E:$E,0))),\"\",(INDEX(CTS!C:C,MATCH(E110,CTS!$E:$E,0))))","v":44206},"01-105",{"$f":"IF(ISNA(INDEX(CTS!$F:$F,MATCH(E110,CTS!$E:$E,0))),\"\",(INDEX(CTS!$F:$F,MATCH(E110,CTS!$E:$E,0))))","v":"CLIENT"},{"$f":"IF(ISNA(INDEX(CTS!$N:$N,MATCH(E110,CTS!$E:$E,0))),\"\",(INDEX(CTS!$N:$N,MATCH(E110,CTS!$E:$E,0))))","v":218.48739495798321},{"$f":"IF(ISNA(INDEX(CTS!$O:$O,MATCH(E110,CTS!$E:$E,0))),\"\",(INDEX(CTS!$O:$O,MATCH(E110,CTS!$E:$E,0))))","v":0},{"$f":"IF(ISNA(INDEX(CTS!$P:$P,MATCH(E110,CTS!$E:$E,0))),\"\",(INDEX(CTS!$P:$P,MATCH(E110,CTS!$E:$E,0))))","v":0},{"$f":"IF(ISNA(INDEX(CTS!$Q:$Q,MATCH(E110,CTS!$E:$E,0))),\"\",(INDEX(CTS!$Q:$Q,MATCH(E110,CTS!$E:$E,0))))","v":218.48739495798321},{"$f":"IF(ISNA(INDEX(CTS!$S:$S,MATCH(E110,CTS!$E:$E,0))),\"\",(INDEX(CTS!$S:$S,MATCH(E110,CTS!$E:$E,0))))","v":41.512605042016816},{"$f":"IF(ISNA(INDEX(CTS!$T:$T,MATCH(E110,CTS!$E:$E,0))),\"\",(INDEX(CTS!$T:$T,MATCH(E110,CTS!$E:$E,0))))","v":260},{"$f":"IF(ISNA(INDEX(CTS!$U:$U,MATCH(E110,CTS!$E:$E,0))),\"\",(INDEX(CTS!$U:$U,MATCH(E110,CTS!$E:$E,0))))","v":0},{"$f":"IF(ISNA(INDEX(CTS!$V:$V,MATCH(E110,CTS!$E:$E,0))),\"\",(INDEX(CTS!$V:$V,MATCH(E110,CTS!$E:$E,0))))","v":260},{"$f":"IFERROR(INDEX(CTS!$A:$A,MATCH(E110,CTS!$E:$E,0)),\".\")","v":"P"},{"$f":"IFERROR(IFERROR(INDEX(#REF!,MATCH(E110,#REF!,0)),IFERROR(INDEX(#REF!,MATCH(E110,#REF!,0)),INDEX(#REF!,MATCH(E110,#REF!,0)) )),\".\")","v":"."},null,{"$f":"IFERROR(VLOOKUP(E110,#REF!,8,FALSE),IFERROR(VLOOKUP(E110,#REF!,8,FALSE),IFERROR(VLOOKUP(E110,#REF!,8,FALSE),\"\")))","v":""},".-."]
[106,{"$f":"IFERROR(DAY(CTR[[#This Row],[Date]]),\"\")","v":10},{"$f":"IFERROR(MONTH(CTR[[#This Row],[Date]]),\"\")","v":1},{"$f":"IF(ISNA(INDEX(CTS!C:C,MATCH(E111,CTS!$E:$E,0))),\"\",(INDEX(CTS!C:C,MATCH(E111,CTS!$E:$E,0))))","v":44206},"01-106",{"$f":"IF(ISNA(INDEX(CTS!$F:$F,MATCH(E111,CTS!$E:$E,0))),\"\",(INDEX(CTS!$F:$F,MATCH(E111,CTS!$E:$E,0))))","v":"CLIENT"},{"$f":"IF(ISNA(INDEX(CTS!$N:$N,MATCH(E111,CTS!$E:$E,0))),\"\",(INDEX(CTS!$N:$N,MATCH(E111,CTS!$E:$E,0))))","v":504.20168067226894},{"$f":"IF(ISNA(INDEX(CTS!$O:$O,MATCH(E111,CTS!$E:$E,0))),\"\",(INDEX(CTS!$O:$O,MATCH(E111,CTS!$E:$E,0))))","v":0},{"$f":"IF(ISNA(INDEX(CTS!$P:$P,MATCH(E111,CTS!$E:$E,0))),\"\",(INDEX(CTS!$P:$P,MATCH(E111,CTS!$E:$E,0))))","v":0},{"$f":"IF(ISNA(INDEX(CTS!$Q:$Q,MATCH(E111,CTS!$E:$E,0))),\"\",(INDEX(CTS!$Q:$Q,MATCH(E111,CTS!$E:$E,0))))","v":504.20168067226894},{"$f":"IF(ISNA(INDEX(CTS!$S:$S,MATCH(E111,CTS!$E:$E,0))),\"\",(INDEX(CTS!$S:$S,MATCH(E111,CTS!$E:$E,0))))","v":95.798319327731093},{"$f":"IF(ISNA(INDEX(CTS!$T:$T,MATCH(E111,CTS!$E:$E,0))),\"\",(INDEX(CTS!$T:$T,MATCH(E111,CTS!$E:$E,0))))","v":600},{"$f":"IF(ISNA(INDEX(CTS!$U:$U,MATCH(E111,CTS!$E:$E,0))),\"\",(INDEX(CTS!$U:$U,MATCH(E111,CTS!$E:$E,0))))","v":0},{"$f":"IF(ISNA(INDEX(CTS!$V:$V,MATCH(E111,CTS!$E:$E,0))),\"\",(INDEX(CTS!$V:$V,MATCH(E111,CTS!$E:$E,0))))","v":600},{"$f":"IFERROR(INDEX(CTS!$A:$A,MATCH(E111,CTS!$E:$E,0)),\".\")","v":"P"},{"$f":"IFERROR(IFERROR(INDEX(#REF!,MATCH(E111,#REF!,0)),IFERROR(INDEX(#REF!,MATCH(E111,#REF!,0)),INDEX(#REF!,MATCH(E111,#REF!,0)) )),\".\")","v":"."},null,{"$f":"IFERROR(VLOOKUP(E111,#REF!,8,FALSE),IFERROR(VLOOKUP(E111,#REF!,8,FALSE),IFERROR(VLOOKUP(E111,#REF!,8,FALSE),\"\")))","v":""},".-."]
[107,{"$f":"IFERROR(DAY(CTR[[#This Row],[Date]]),\"\")","v":10},{"$f":"IFERROR(MONTH(CTR[[#This Row],[Date]]),\"\")","v":1},{"$f":"IF(ISNA(INDEX(CTS!C:C,MATCH(E112,CTS!$E:$E,0))),\"\",(INDEX(CTS!C:C,MATCH(E112,CTS!$E:$E,0))))","v":44206},"01-107",{"$f":"IF(ISNA(INDEX(CTS!$F:$F,MATCH(E112,CTS!$E:$E,0))),\"\",(INDEX(CTS!$F:$F,MATCH(E112,CTS!$E:$E,0))))","v":"CLIENT"},{"$f":"IF(ISNA(INDEX(CTS!$N:$N,MATCH(E112,CTS!$E:$E,0))),\"\",(INDEX(CTS!$N:$N,MATCH(E112,CTS!$E:$E,0))))","v":324.36974789915968},{"$f":"IF(ISNA(INDEX(CTS!$O:$O,MATCH(E112,CTS!$E:$E,0))),\"\",(INDEX(CTS!$O:$O,MATCH(E112,CTS!$E:$E,0))))","v":0},{"$f":"IF(ISNA(INDEX(CTS!$P:$P,MATCH(E112,CTS!$E:$E,0))),\"\",(INDEX(CTS!$P:$P,MATCH(E112,CTS!$E:$E,0))))","v":0},{"$f":"IF(ISNA(INDEX(CTS!$Q:$Q,MATCH(E112,CTS!$E:$E,0))),\"\",(INDEX(CTS!$Q:$Q,MATCH(E112,CTS!$E:$E,0))))","v":324.36974789915968},{"$f":"IF(ISNA(INDEX(CTS!$S:$S,MATCH(E112,CTS!$E:$E,0))),\"\",(INDEX(CTS!$S:$S,MATCH(E112,CTS!$E:$E,0))))","v":61.630252100840345},{"$f":"IF(ISNA(INDEX(CTS!$T:$T,MATCH(E112,CTS!$E:$E,0))),\"\",(INDEX(CTS!$T:$T,MATCH(E112,CTS!$E:$E,0))))","v":386},{"$f":"IF(ISNA(INDEX(CTS!$U:$U,MATCH(E112,CTS!$E:$E,0))),\"\",(INDEX(CTS!$U:$U,MATCH(E112,CTS!$E:$E,0))))","v":1},{"$f":"IF(ISNA(INDEX(CTS!$V:$V,MATCH(E112,CTS!$E:$E,0))),\"\",(INDEX(CTS!$V:$V,MATCH(E112,CTS!$E:$E,0))))","v":385},{"$f":"IFERROR(INDEX(CTS!$A:$A,MATCH(E112,CTS!$E:$E,0)),\".\")","v":"P"},{"$f":"IFERROR(IFERROR(INDEX(#REF!,MATCH(E112,#REF!,0)),IFERROR(INDEX(#REF!,MATCH(E112,#REF!,0)),INDEX(#REF!,MATCH(E112,#REF!,0)) )),\".\")","v":"."},null,{"$f":"IFERROR(VLOOKUP(E112,#REF!,8,FALSE),IFERROR(VLOOKUP(E112,#REF!,8,FALSE),IFERROR(VLOOKUP(E112,#REF!,8,FALSE),\"\")))","v":""},".-."]
[108,{"$f":"IFERROR(DAY(CTR[[#This Row],[Date]]),\"\")","v":10},{"$f":"IFERROR(MONTH(CTR[[#This Row],[Date]]),\"\")","v":1},{"$f":"IF(ISNA(INDEX(CTS!C:C,MATCH(E113,CTS!$E:$E,0))),\"\",(INDEX(CTS!C:C,MATCH(E113,CTS!$E:$E,0))))","v":44206},"01-108",{"$f":"IF(ISNA(INDEX(CTS!$F:$F,MATCH(E113,CTS!$E:$E,0))),\"\",(INDEX(CTS!$F:$F,MATCH(E113,CTS!$E:$E,0))))","v":"CLIENT"},{"$f":"IF(ISNA(INDEX(CTS!$N:$N,MATCH(E113,CTS!$E:$E,0))),\"\",(INDEX(CTS!$N:$N,MATCH(E113,CTS!$E:$E,0))))","v":678.99159663865544},{"$f":"IF(ISNA(INDEX(CTS!$O:$O,MATCH(E113,CTS!$E:$E,0))),\"\",(INDEX(CTS!$O:$O,MATCH(E113,CTS!$E:$E,0))))","v":0},{"$f":"IF(ISNA(INDEX(CTS!$P:$P,MATCH(E113,CTS!$E:$E,0))),\"\",(INDEX(CTS!$P:$P,MATCH(E113,CTS!$E:$E,0))))","v":0},{"$f":"IF(ISNA(INDEX(CTS!$Q:$Q,MATCH(E113,CTS!$E:$E,0))),\"\",(INDEX(CTS!$Q:$Q,MATCH(E113,CTS!$E:$E,0))))","v":678.99159663865544},{"$f":"IF(ISNA(INDEX(CTS!$S:$S,MATCH(E113,CTS!$E:$E,0))),\"\",(INDEX(CTS!$S:$S,MATCH(E113,CTS!$E:$E,0))))","v":129.00840336134456},{"$f":"IF(ISNA(INDEX(CTS!$T:$T,MATCH(E113,CTS!$E:$E,0))),\"\",(INDEX(CTS!$T:$T,MATCH(E113,CTS!$E:$E,0))))","v":808},{"$f":"IF(ISNA(INDEX(CTS!$U:$U,MATCH(E113,CTS!$E:$E,0))),\"\",(INDEX(CTS!$U:$U,MATCH(E113,CTS!$E:$E,0))))","v":3},{"$f":"IF(ISNA(INDEX(CTS!$V:$V,MATCH(E113,CTS!$E:$E,0))),\"\",(INDEX(CTS!$V:$V,MATCH(E113,CTS!$E:$E,0))))","v":805},{"$f":"IFERROR(INDEX(CTS!$A:$A,MATCH(E113,CTS!$E:$E,0)),\".\")","v":"P"},{"$f":"IFERROR(IFERROR(INDEX(#REF!,MATCH(E113,#REF!,0)),IFERROR(INDEX(#REF!,MATCH(E113,#REF!,0)),INDEX(#REF!,MATCH(E113,#REF!,0)) )),\".\")","v":"."},null,{"$f":"IFERROR(VLOOKUP(E113,#REF!,8,FALSE),IFERROR(VLOOKUP(E113,#REF!,8,FALSE),IFERROR(VLOOKUP(E113,#REF!,8,FALSE),\"\")))","v":""},".-."]
[109,{"$f":"IFERROR(DAY(CTR[[#This Row],[Date]]),\"\")","v":10},{"$f":"IFERROR(MONTH(CTR[[#This Row],[Date]]),\"\")","v":1},{"$f":"IF(ISNA(INDEX(CTS!C:C,MATCH(E114,CTS!$E:$E,0))),\"\",(INDEX(CTS!C:C,MATCH(E114,CTS!$E:$E,0))))","v":44206},"01-109",{"$f":"IF(ISNA(INDEX(CTS!$F:$F,MATCH(E114,CTS!$E:$E,0))),\"\",(INDEX(CTS!$F:$F,MATCH(E114,CTS!$E:$E,0))))","v":"CLIENT"},{"$f":"IF(ISNA(INDEX(CTS!$N:$N,MATCH(E114,CTS!$E:$E,0))),\"\",(INDEX(CTS!$N:$N,MATCH(E114,CTS!$E:$E,0))))","v":877.31092436974791},{"$f":"IF(ISNA(INDEX(CTS!$O:$O,MATCH(E114,CTS!$E:$E,0))),\"\",(INDEX(CTS!$O:$O,MATCH(E114,CTS!$E:$E,0))))","v":0},{"$f":"IF(ISNA(INDEX(CTS!$P:$P,MATCH(E114,CTS!$E:$E,0))),\"\",(INDEX(CTS!$P:$P,MATCH(E114,CTS!$E:$E,0))))","v":0},{"$f":"IF(ISNA(INDEX(CTS!$Q:$Q,MATCH(E114,CTS!$E:$E,0))),\"\",(INDEX(CTS!$Q:$Q,MATCH(E114,CTS!$E:$E,0))))","v":877.31092436974791},{"$f":"IF(ISNA(INDEX(CTS!$S:$S,MATCH(E114,CTS!$E:$E,0))),\"\",(INDEX(CTS!$S:$S,MATCH(E114,CTS!$E:$E,0))))","v":166.68907563025209},{"$f":"IF(ISNA(INDEX(CTS!$T:$T,MATCH(E114,CTS!$E:$E,0))),\"\",(INDEX(CTS!$T:$T,MATCH(E114,CTS!$E:$E,0))))","v":1044},{"$f":"IF(ISNA(INDEX(CTS!$U:$U,MATCH(E114,CTS!$E:$E,0))),\"\",(INDEX(CTS!$U:$U,MATCH(E114,CTS!$E:$E,0))))","v":0},{"$f":"IF(ISNA(INDEX(CTS!$V:$V,MATCH(E114,CTS!$E:$E,0))),\"\",(INDEX(CTS!$V:$V,MATCH(E114,CTS!$E:$E,0))))","v":1044},{"$f":"IFERROR(INDEX(CTS!$A:$A,MATCH(E114,CTS!$E:$E,0)),\".\")","v":"P"},{"$f":"IFERROR(IFERROR(INDEX(#REF!,MATCH(E114,#REF!,0)),IFERROR(INDEX(#REF!,MATCH(E114,#REF!,0)),INDEX(#REF!,MATCH(E114,#REF!,0)) )),\".\")","v":"."},null,{"$f":"IFERROR(VLOOKUP(E114,#REF!,8,FALSE),IFERROR(VLOOKUP(E114,#REF!,8,FALSE),IFERROR(VLOOKUP(E114,#REF!,8,FALSE),\"\")))","v":""},".-."]
[110,{"$f":"IFERROR(DAY(CTR[[#This Row],[Date]]),\"\")","v":11},{"$f":"IFERROR(MONTH(CTR[[#This Row],[Date]]),\"\")","v":1},{"$f":"IF(ISNA(INDEX(CTS!C:C,MATCH(E115,CTS!$E:$E,0))),\"\",(INDEX(CTS!C:C,MATCH(E115,CTS!$E:$E,0))))","v":44207},"01-110",{"$f":"IF(ISNA(INDEX(CTS!$F:$F,MATCH(E115,CTS!$E:$E,0))),\"\",(INDEX(CTS!$F:$F,MATCH(E115,CTS!$E:$E,0))))","v":"CLIENT"},{"$f":"IF(ISNA(INDEX(CTS!$N:$N,MATCH(E115,CTS!$E:$E,0))),\"\",(INDEX(CTS!$N:$N,MATCH(E115,CTS!$E:$E,0))))","v":403.36134453781517},{"$f":"IF(ISNA(INDEX(CTS!$O:$O,MATCH(E115,CTS!$E:$E,0))),\"\",(INDEX(CTS!$O:$O,MATCH(E115,CTS!$E:$E,0))))","v":0},{"$f":"IF(ISNA(INDEX(CTS!$P:$P,MATCH(E115,CTS!$E:$E,0))),\"\",(INDEX(CTS!$P:$P,MATCH(E115,CTS!$E:$E,0))))","v":0},{"$f":"IF(ISNA(INDEX(CTS!$Q:$Q,MATCH(E115,CTS!$E:$E,0))),\"\",(INDEX(CTS!$Q:$Q,MATCH(E115,CTS!$E:$E,0))))","v":403.36134453781517},{"$f":"IF(ISNA(INDEX(CTS!$S:$S,MATCH(E115,CTS!$E:$E,0))),\"\",(INDEX(CTS!$S:$S,MATCH(E115,CTS!$E:$E,0))))","v":76.638655462184886},{"$f":"IF(ISNA(INDEX(CTS!$T:$T,MATCH(E115,CTS!$E:$E,0))),\"\",(INDEX(CTS!$T:$T,MATCH(E115,CTS!$E:$E,0))))","v":480.00000000000006},{"$f":"IF(ISNA(INDEX(CTS!$U:$U,MATCH(E115,CTS!$E:$E,0))),\"\",(INDEX(CTS!$U:$U,MATCH(E115,CTS!$E:$E,0))))","v":0},{"$f":"IF(ISNA(INDEX(CTS!$V:$V,MATCH(E115,CTS!$E:$E,0))),\"\",(INDEX(CTS!$V:$V,MATCH(E115,CTS!$E:$E,0))))","v":480.00000000000006},{"$f":"IFERROR(INDEX(CTS!$A:$A,MATCH(E115,CTS!$E:$E,0)),\".\")","v":"P"},{"$f":"IFERROR(IFERROR(INDEX(#REF!,MATCH(E115,#REF!,0)),IFERROR(INDEX(#REF!,MATCH(E115,#REF!,0)),INDEX(#REF!,MATCH(E115,#REF!,0)) )),\".\")","v":"."},null,{"$f":"IFERROR(VLOOKUP(E115,#REF!,8,FALSE),IFERROR(VLOOKUP(E115,#REF!,8,FALSE),IFERROR(VLOOKUP(E115,#REF!,8,FALSE),\"\")))","v":""},".-."]
[111,{"$f":"IFERROR(DAY(CTR[[#This Row],[Date]]),\"\")","v":11},{"$f":"IFERROR(MONTH(CTR[[#This Row],[Date]]),\"\")","v":1},{"$f":"IF(ISNA(INDEX(CTS!C:C,MATCH(E116,CTS!$E:$E,0))),\"\",(INDEX(CTS!C:C,MATCH(E116,CTS!$E:$E,0))))","v":44207},"01-111",{"$f":"IF(ISNA(INDEX(CTS!$F:$F,MATCH(E116,CTS!$E:$E,0))),\"\",(INDEX(CTS!$F:$F,MATCH(E116,CTS!$E:$E,0))))","v":"CLIENT"},{"$f":"IF(ISNA(INDEX(CTS!$N:$N,MATCH(E116,CTS!$E:$E,0))),\"\",(INDEX(CTS!$N:$N,MATCH(E116,CTS!$E:$E,0))))","v":33.613445378151262},{"$f":"IF(ISNA(INDEX(CTS!$O:$O,MATCH(E116,CTS!$E:$E,0))),\"\",(INDEX(CTS!$O:$O,MATCH(E116,CTS!$E:$E,0))))","v":0},{"$f":"IF(ISNA(INDEX(CTS!$P:$P,MATCH(E116,CTS!$E:$E,0))),\"\",(INDEX(CTS!$P:$P,MATCH(E116,CTS!$E:$E,0))))","v":0},{"$f":"IF(ISNA(INDEX(CTS!$Q:$Q,MATCH(E116,CTS!$E:$E,0))),\"\",(INDEX(CTS!$Q:$Q,MATCH(E116,CTS!$E:$E,0))))","v":33.613445378151262},{"$f":"IF(ISNA(INDEX(CTS!$S:$S,MATCH(E116,CTS!$E:$E,0))),\"\",(INDEX(CTS!$S:$S,MATCH(E116,CTS!$E:$E,0))))","v":6.3865546218487399},{"$f":"IF(ISNA(INDEX(CTS!$T:$T,MATCH(E116,CTS!$E:$E,0))),\"\",(INDEX(CTS!$T:$T,MATCH(E116,CTS!$E:$E,0))))","v":40},{"$f":"IF(ISNA(INDEX(CTS!$U:$U,MATCH(E116,CTS!$E:$E,0))),\"\",(INDEX(CTS!$U:$U,MATCH(E116,CTS!$E:$E,0))))","v":0},{"$f":"IF(ISNA(INDEX(CTS!$V:$V,MATCH(E116,CTS!$E:$E,0))),\"\",(INDEX(CTS!$V:$V,MATCH(E116,CTS!$E:$E,0))))","v":40},{"$f":"IFERROR(INDEX(CTS!$A:$A,MATCH(E116,CTS!$E:$E,0)),\".\")","v":"P"},{"$f":"IFERROR(IFERROR(INDEX(#REF!,MATCH(E116,#REF!,0)),IFERROR(INDEX(#REF!,MATCH(E116,#REF!,0)),INDEX(#REF!,MATCH(E116,#REF!,0)) )),\".\")","v":"."},null,{"$f":"IFERROR(VLOOKUP(E116,#REF!,8,FALSE),IFERROR(VLOOKUP(E116,#REF!,8,FALSE),IFERROR(VLOOKUP(E116,#REF!,8,FALSE),\"\")))","v":""},".-."]
[112,{"$f":"IFERROR(DAY(CTR[[#This Row],[Date]]),\"\")","v":11},{"$f":"IFERROR(MONTH(CTR[[#This Row],[Date]]),\"\")","v":1},{"$f":"IF(ISNA(INDEX(CTS!C:C,MATCH(E117,CTS!$E:$E,0))),\"\",(INDEX(CTS!C:C,MATCH(E117,CTS!$E:$E,0))))","v":44207},"01-112",{"$f":"IF(ISNA(INDEX(CTS!$F:$F,MATCH(E117,CTS!$E:$E,0))),\"\",(INDEX(CTS!$F:$F,MATCH(E117,CTS!$E:$E,0))))","v":"CLIENT"},{"$f":"IF(ISNA(INDEX(CTS!$N:$N,MATCH(E117,CTS!$E:$E,0))),\"\",(INDEX(CTS!$N:$N,MATCH(E117,CTS!$E:$E,0))))","v":50.420168067226896},{"$f":"IF(ISNA(INDEX(CTS!$O:$O,MATCH(E117,CTS!$E:$E,0))),\"\",(INDEX(CTS!$O:$O,MATCH(E117,CTS!$E:$E,0))))","v":0},{"$f":"IF(ISNA(INDEX(CTS!$P:$P,MATCH(E117,CTS!$E:$E,0))),\"\",(INDEX(CTS!$P:$P,MATCH(E117,CTS!$E:$E,0))))","v":0},{"$f":"IF(ISNA(INDEX(CTS!$Q:$Q,MATCH(E117,CTS!$E:$E,0))),\"\",(INDEX(CTS!$Q:$Q,MATCH(E117,CTS!$E:$E,0))))","v":50.420168067226896},{"$f":"IF(ISNA(INDEX(CTS!$S:$S,MATCH(E117,CTS!$E:$E,0))),\"\",(INDEX(CTS!$S:$S,MATCH(E117,CTS!$E:$E,0))))","v":9.5798319327731107},{"$f":"IF(ISNA(INDEX(CTS!$T:$T,MATCH(E117,CTS!$E:$E,0))),\"\",(INDEX(CTS!$T:$T,MATCH(E117,CTS!$E:$E,0))))","v":60.000000000000007},{"$f":"IF(ISNA(INDEX(CTS!$U:$U,MATCH(E117,CTS!$E:$E,0))),\"\",(INDEX(CTS!$U:$U,MATCH(E117,CTS!$E:$E,0))))","v":0},{"$f":"IF(ISNA(INDEX(CTS!$V:$V,MATCH(E117,CTS!$E:$E,0))),\"\",(INDEX(CTS!$V:$V,MATCH(E117,CTS!$E:$E,0))))","v":60.000000000000007},{"$f":"IFERROR(INDEX(CTS!$A:$A,MATCH(E117,CTS!$E:$E,0)),\".\")","v":"P"},{"$f":"IFERROR(IFERROR(INDEX(#REF!,MATCH(E117,#REF!,0)),IFERROR(INDEX(#REF!,MATCH(E117,#REF!,0)),INDEX(#REF!,MATCH(E117,#REF!,0)) )),\".\")","v":"."},null,{"$f":"IFERROR(VLOOKUP(E117,#REF!,8,FALSE),IFERROR(VLOOKUP(E117,#REF!,8,FALSE),IFERROR(VLOOKUP(E117,#REF!,8,FALSE),\"\")))","v":""},".-."]
[113,{"$f":"IFERROR(DAY(CTR[[#This Row],[Date]]),\"\")","v":11},{"$f":"IFERROR(MONTH(CTR[[#This Row],[Date]]),\"\")","v":1},{"$f":"IF(ISNA(INDEX(CTS!C:C,MATCH(E118,CTS!$E:$E,0))),\"\",(INDEX(CTS!C:C,MATCH(E118,CTS!$E:$E,0))))","v":44207},"01-113",{"$f":"IF(ISNA(INDEX(CTS!$F:$F,MATCH(E118,CTS!$E:$E,0))),\"\",(INDEX(CTS!$F:$F,MATCH(E118,CTS!$E:$E,0))))","v":"CLIENT"},{"$f":"IF(ISNA(INDEX(CTS!$N:$N,MATCH(E118,CTS!$E:$E,0))),\"\",(INDEX(CTS!$N:$N,MATCH(E118,CTS!$E:$E,0))))","v":268.9075630252101},{"$f":"IF(ISNA(INDEX(CTS!$O:$O,MATCH(E118,CTS!$E:$E,0))),\"\",(INDEX(CTS!$O:$O,MATCH(E118,CTS!$E:$E,0))))","v":0},{"$f":"IF(ISNA(INDEX(CTS!$P:$P,MATCH(E118,CTS!$E:$E,0))),\"\",(INDEX(CTS!$P:$P,MATCH(E118,CTS!$E:$E,0))))","v":0},{"$f":"IF(ISNA(INDEX(CTS!$Q:$Q,MATCH(E118,CTS!$E:$E,0))),\"\",(INDEX(CTS!$Q:$Q,MATCH(E118,CTS!$E:$E,0))))","v":268.9075630252101},{"$f":"IF(ISNA(INDEX(CTS!$S:$S,MATCH(E118,CTS!$E:$E,0))),\"\",(INDEX(CTS!$S:$S,MATCH(E118,CTS!$E:$E,0))))","v":51.092436974789919},{"$f":"IF(ISNA(INDEX(CTS!$T:$T,MATCH(E118,CTS!$E:$E,0))),\"\",(INDEX(CTS!$T:$T,MATCH(E118,CTS!$E:$E,0))))","v":320},{"$f":"IF(ISNA(INDEX(CTS!$U:$U,MATCH(E118,CTS!$E:$E,0))),\"\",(INDEX(CTS!$U:$U,MATCH(E118,CTS!$E:$E,0))))","v":0},{"$f":"IF(ISNA(INDEX(CTS!$V:$V,MATCH(E118,CTS!$E:$E,0))),\"\",(INDEX(CTS!$V:$V,MATCH(E118,CTS!$E:$E,0))))","v":320},{"$f":"IFERROR(INDEX(CTS!$A:$A,MATCH(E118,CTS!$E:$E,0)),\".\")","v":"p"},{"$f":"IFERROR(IFERROR(INDEX(#REF!,MATCH(E118,#REF!,0)),IFERROR(INDEX(#REF!,MATCH(E118,#REF!,0)),INDEX(#REF!,MATCH(E118,#REF!,0)) )),\".\")","v":"."},null,{"$f":"IFERROR(VLOOKUP(E118,#REF!,8,FALSE),IFERROR(VLOOKUP(E118,#REF!,8,FALSE),IFERROR(VLOOKUP(E118,#REF!,8,FALSE),\"\")))","v":""},".-."]
[114,{"$f":"IFERROR(DAY(CTR[[#This Row],[Date]]),\"\")","v":11},{"$f":"IFERROR(MONTH(CTR[[#This Row],[Date]]),\"\")","v":1},{"$f":"IF(ISNA(INDEX(CTS!C:C,MATCH(E119,CTS!$E:$E,0))),\"\",(INDEX(CTS!C:C,MATCH(E119,CTS!$E:$E,0))))","v":44207},"01-114",{"$f":"IF(ISNA(INDEX(CTS!$F:$F,MATCH(E119,CTS!$E:$E,0))),\"\",(INDEX(CTS!$F:$F,MATCH(E119,CTS!$E:$E,0))))","v":"CLIENT"},{"$f":"IF(ISNA(INDEX(CTS!$N:$N,MATCH(E119,CTS!$E:$E,0))),\"\",(INDEX(CTS!$N:$N,MATCH(E119,CTS!$E:$E,0))))","v":126.05042016806723},{"$f":"IF(ISNA(INDEX(CTS!$O:$O,MATCH(E119,CTS!$E:$E,0))),\"\",(INDEX(CTS!$O:$O,MATCH(E119,CTS!$E:$E,0))))","v":0},{"$f":"IF(ISNA(INDEX(CTS!$P:$P,MATCH(E119,CTS!$E:$E,0))),\"\",(INDEX(CTS!$P:$P,MATCH(E119,CTS!$E:$E,0))))","v":0},{"$f":"IF(ISNA(INDEX(CTS!$Q:$Q,MATCH(E119,CTS!$E:$E,0))),\"\",(INDEX(CTS!$Q:$Q,MATCH(E119,CTS!$E:$E,0))))","v":126.05042016806723},{"$f":"IF(ISNA(INDEX(CTS!$S:$S,MATCH(E119,CTS!$E:$E,0))),\"\",(INDEX(CTS!$S:$S,MATCH(E119,CTS!$E:$E,0))))","v":23.949579831932777},{"$f":"IF(ISNA(INDEX(CTS!$T:$T,MATCH(E119,CTS!$E:$E,0))),\"\",(INDEX(CTS!$T:$T,MATCH(E119,CTS!$E:$E,0))))","v":150},{"$f":"IF(ISNA(INDEX(CTS!$U:$U,MATCH(E119,CTS!$E:$E,0))),\"\",(INDEX(CTS!$U:$U,MATCH(E119,CTS!$E:$E,0))))","v":0},{"$f":"IF(ISNA(INDEX(CTS!$V:$V,MATCH(E119,CTS!$E:$E,0))),\"\",(INDEX(CTS!$V:$V,MATCH(E119,CTS!$E:$E,0))))","v":150},{"$f":"IFERROR(INDEX(CTS!$A:$A,MATCH(E119,CTS!$E:$E,0)),\".\")","v":"p"},{"$f":"IFERROR(IFERROR(INDEX(#REF!,MATCH(E119,#REF!,0)),IFERROR(INDEX(#REF!,MATCH(E119,#REF!,0)),INDEX(#REF!,MATCH(E119,#REF!,0)) )),\".\")","v":"."},null,{"$f":"IFERROR(VLOOKUP(E119,#REF!,8,FALSE),IFERROR(VLOOKUP(E119,#REF!,8,FALSE),IFERROR(VLOOKUP(E119,#REF!,8,FALSE),\"\")))","v":""},".-."]
[115,{"$f":"IFERROR(DAY(CTR[[#This Row],[Date]]),\"\")","v":11},{"$f":"IFERROR(MONTH(CTR[[#This Row],[Date]]),\"\")","v":1},{"$f":"IF(ISNA(INDEX(CTS!C:C,MATCH(E120,CTS!$E:$E,0))),\"\",(INDEX(CTS!C:C,MATCH(E120,CTS!$E:$E,0))))","v":44207},"01-115",{"$f":"IF(ISNA(INDEX(CTS!$F:$F,MATCH(E120,CTS!$E:$E,0))),\"\",(INDEX(CTS!$F:$F,MATCH(E120,CTS!$E:$E,0))))","v":"CLIENT"},{"$f":"IF(ISNA(INDEX(CTS!$N:$N,MATCH(E120,CTS!$E:$E,0))),\"\",(INDEX(CTS!$N:$N,MATCH(E120,CTS!$E:$E,0))))","v":50.420168067226896},{"$f":"IF(ISNA(INDEX(CTS!$O:$O,MATCH(E120,CTS!$E:$E,0))),\"\",(INDEX(CTS!$O:$O,MATCH(E120,CTS!$E:$E,0))))","v":0},{"$f":"IF(ISNA(INDEX(CTS!$P:$P,MATCH(E120,CTS!$E:$E,0))),\"\",(INDEX(CTS!$P:$P,MATCH(E120,CTS!$E:$E,0))))","v":0},{"$f":"IF(ISNA(INDEX(CTS!$Q:$Q,MATCH(E120,CTS!$E:$E,0))),\"\",(INDEX(CTS!$Q:$Q,MATCH(E120,CTS!$E:$E,0))))","v":50.420168067226896},{"$f":"IF(ISNA(INDEX(CTS!$S:$S,MATCH(E120,CTS!$E:$E,0))),\"\",(INDEX(CTS!$S:$S,MATCH(E120,CTS!$E:$E,0))))","v":9.5798319327731107},{"$f":"IF(ISNA(INDEX(CTS!$T:$T,MATCH(E120,CTS!$E:$E,0))),\"\",(INDEX(CTS!$T:$T,MATCH(E120,CTS!$E:$E,0))))","v":60.000000000000007},{"$f":"IF(ISNA(INDEX(CTS!$U:$U,MATCH(E120,CTS!$E:$E,0))),\"\",(INDEX(CTS!$U:$U,MATCH(E120,CTS!$E:$E,0))))","v":0},{"$f":"IF(ISNA(INDEX(CTS!$V:$V,MATCH(E120,CTS!$E:$E,0))),\"\",(INDEX(CTS!$V:$V,MATCH(E120,CTS!$E:$E,0))))","v":60.000000000000007},{"$f":"IFERROR(INDEX(CTS!$A:$A,MATCH(E120,CTS!$E:$E,0)),\".\")","v":"p"},{"$f":"IFERROR(IFERROR(INDEX(#REF!,MATCH(E120,#REF!,0)),IFERROR(INDEX(#REF!,MATCH(E120,#REF!,0)),INDEX(#REF!,MATCH(E120,#REF!,0)) )),\".\")","v":"."},null,{"$f":"IFERROR(VLOOKUP(E120,#REF!,8,FALSE),IFERROR(VLOOKUP(E120,#REF!,8,FALSE),IFERROR(VLOOKUP(E120,#REF!,8,FALSE),\"\")))","v":""},".-."]
[116,{"$f":"IFERROR(DAY(CTR[[#This Row],[Date]]),\"\")","v":11},{"$f":"IFERROR(MONTH(CTR[[#This Row],[Date]]),\"\")","v":1},{"$f":"IF(ISNA(INDEX(CTS!C:C,MATCH(E121,CTS!$E:$E,0))),\"\",(INDEX(CTS!C:C,MATCH(E121,CTS!$E:$E,0))))","v":44207},"01-116",{"$f":"IF(ISNA(INDEX(CTS!$F:$F,MATCH(E121,CTS!$E:$E,0))),\"\",(INDEX(CTS!$F:$F,MATCH(E121,CTS!$E:$E,0))))","v":"CLIENT"},{"$f":"IF(ISNA(INDEX(CTS!$N:$N,MATCH(E121,CTS!$E:$E,0))),\"\",(INDEX(CTS!$N:$N,MATCH(E121,CTS!$E:$E,0))))","v":5226.8907563025214},{"$f":"IF(ISNA(INDEX(CTS!$O:$O,MATCH(E121,CTS!$E:$E,0))),\"\",(INDEX(CTS!$O:$O,MATCH(E121,CTS!$E:$E,0))))","v":0},{"$f":"IF(ISNA(INDEX(CTS!$P:$P,MATCH(E121,CTS!$E:$E,0))),\"\",(INDEX(CTS!$P:$P,MATCH(E121,CTS!$E:$E,0))))","v":0},{"$f":"IF(ISNA(INDEX(CTS!$Q:$Q,MATCH(E121,CTS!$E:$E,0))),\"\",(INDEX(CTS!$Q:$Q,MATCH(E121,CTS!$E:$E,0))))","v":5226.8907563025214},{"$f":"IF(ISNA(INDEX(CTS!$S:$S,MATCH(E121,CTS!$E:$E,0))),\"\",(INDEX(CTS!$S:$S,MATCH(E121,CTS!$E:$E,0))))","v":993.10924369747909},{"$f":"IF(ISNA(INDEX(CTS!$T:$T,MATCH(E121,CTS!$E:$E,0))),\"\",(INDEX(CTS!$T:$T,MATCH(E121,CTS!$E:$E,0))))","v":6220},{"$f":"IF(ISNA(INDEX(CTS!$U:$U,MATCH(E121,CTS!$E:$E,0))),\"\",(INDEX(CTS!$U:$U,MATCH(E121,CTS!$E:$E,0))))","v":0},{"$f":"IF(ISNA(INDEX(CTS!$V:$V,MATCH(E121,CTS!$E:$E,0))),\"\",(INDEX(CTS!$V:$V,MATCH(E121,CTS!$E:$E,0))))","v":6220},{"$f":"IFERROR(INDEX(CTS!$A:$A,MATCH(E121,CTS!$E:$E,0)),\".\")","v":"p"},{"$f":"IFERROR(IFERROR(INDEX(#REF!,MATCH(E121,#REF!,0)),IFERROR(INDEX(#REF!,MATCH(E121,#REF!,0)),INDEX(#REF!,MATCH(E121,#REF!,0)) )),\".\")","v":"."},null,{"$f":"IFERROR(VLOOKUP(E121,#REF!,8,FALSE),IFERROR(VLOOKUP(E121,#REF!,8,FALSE),IFERROR(VLOOKUP(E121,#REF!,8,FALSE),\"\")))","v":""},".-."]
[117,{"$f":"IFERROR(DAY(CTR[[#This Row],[Date]]),\"\")","v":11},{"$f":"IFERROR(MONTH(CTR[[#This Row],[Date]]),\"\")","v":1},{"$f":"IF(ISNA(INDEX(CTS!C:C,MATCH(E122,CTS!$E:$E,0))),\"\",(INDEX(CTS!C:C,MATCH(E122,CTS!$E:$E,0))))","v":44207},"01-117",{"$f":"IF(ISNA(INDEX(CTS!$F:$F,MATCH(E122,CTS!$E:$E,0))),\"\",(INDEX(CTS!$F:$F,MATCH(E122,CTS!$E:$E,0))))","v":"CLIENT"},{"$f":"IF(ISNA(INDEX(CTS!$N:$N,MATCH(E122,CTS!$E:$E,0))),\"\",(INDEX(CTS!$N:$N,MATCH(E122,CTS!$E:$E,0))))","v":262.18487394957987},{"$f":"IF(ISNA(INDEX(CTS!$O:$O,MATCH(E122,CTS!$E:$E,0))),\"\",(INDEX(CTS!$O:$O,MATCH(E122,CTS!$E:$E,0))))","v":0},{"$f":"IF(ISNA(INDEX(CTS!$P:$P,MATCH(E122,CTS!$E:$E,0))),\"\",(INDEX(CTS!$P:$P,MATCH(E122,CTS!$E:$E,0))))","v":0},{"$f":"IF(ISNA(INDEX(CTS!$Q:$Q,MATCH(E122,CTS!$E:$E,0))),\"\",(INDEX(CTS!$Q:$Q,MATCH(E122,CTS!$E:$E,0))))","v":262.18487394957987},{"$f":"IF(ISNA(INDEX(CTS!$S:$S,MATCH(E122,CTS!$E:$E,0))),\"\",(INDEX(CTS!$S:$S,MATCH(E122,CTS!$E:$E,0))))","v":49.815126050420176},{"$f":"IF(ISNA(INDEX(CTS!$T:$T,MATCH(E122,CTS!$E:$E,0))),\"\",(INDEX(CTS!$T:$T,MATCH(E122,CTS!$E:$E,0))))","v":312.00000000000006},{"$f":"IF(ISNA(INDEX(CTS!$U:$U,MATCH(E122,CTS!$E:$E,0))),\"\",(INDEX(CTS!$U:$U,MATCH(E122,CTS!$E:$E,0))))","v":0},{"$f":"IF(ISNA(INDEX(CTS!$V:$V,MATCH(E122,CTS!$E:$E,0))),\"\",(INDEX(CTS!$V:$V,MATCH(E122,CTS!$E:$E,0))))","v":312.00000000000006},{"$f":"IFERROR(INDEX(CTS!$A:$A,MATCH(E122,CTS!$E:$E,0)),\".\")","v":"p"},{"$f":"IFERROR(IFERROR(INDEX(#REF!,MATCH(E122,#REF!,0)),IFERROR(INDEX(#REF!,MATCH(E122,#REF!,0)),INDEX(#REF!,MATCH(E122,#REF!,0)) )),\".\")","v":"."},null,{"$f":"IFERROR(VLOOKUP(E122,#REF!,8,FALSE),IFERROR(VLOOKUP(E122,#REF!,8,FALSE),IFERROR(VLOOKUP(E122,#REF!,8,FALSE),\"\")))","v":""},".-."]
[118,{"$f":"IFERROR(DAY(CTR[[#This Row],[Date]]),\"\")","v":11},{"$f":"IFERROR(MONTH(CTR[[#This Row],[Date]]),\"\")","v":1},{"$f":"IF(ISNA(INDEX(CTS!C:C,MATCH(E123,CTS!$E:$E,0))),\"\",(INDEX(CTS!C:C,MATCH(E123,CTS!$E:$E,0))))","v":44207},"01-118",{"$f":"IF(ISNA(INDEX(CTS!$F:$F,MATCH(E123,CTS!$E:$E,0))),\"\",(INDEX(CTS!$F:$F,MATCH(E123,CTS!$E:$E,0))))","v":"CLIENT"},{"$f":"IF(ISNA(INDEX(CTS!$N:$N,MATCH(E123,CTS!$E:$E,0))),\"\",(INDEX(CTS!$N:$N,MATCH(E123,CTS!$E:$E,0))))","v":33.613445378151262},{"$f":"IF(ISNA(INDEX(CTS!$O:$O,MATCH(E123,CTS!$E:$E,0))),\"\",(INDEX(CTS!$O:$O,MATCH(E123,CTS!$E:$E,0))))","v":0},{"$f":"IF(ISNA(INDEX(CTS!$P:$P,MATCH(E123,CTS!$E:$E,0))),\"\",(INDEX(CTS!$P:$P,MATCH(E123,CTS!$E:$E,0))))","v":0},{"$f":"IF(ISNA(INDEX(CTS!$Q:$Q,MATCH(E123,CTS!$E:$E,0))),\"\",(INDEX(CTS!$Q:$Q,MATCH(E123,CTS!$E:$E,0))))","v":33.613445378151262},{"$f":"IF(ISNA(INDEX(CTS!$S:$S,MATCH(E123,CTS!$E:$E,0))),\"\",(INDEX(CTS!$S:$S,MATCH(E123,CTS!$E:$E,0))))","v":6.3865546218487399},{"$f":"IF(ISNA(INDEX(CTS!$T:$T,MATCH(E123,CTS!$E:$E,0))),\"\",(INDEX(CTS!$T:$T,MATCH(E123,CTS!$E:$E,0))))","v":40},{"$f":"IF(ISNA(INDEX(CTS!$U:$U,MATCH(E123,CTS!$E:$E,0))),\"\",(INDEX(CTS!$U:$U,MATCH(E123,CTS!$E:$E,0))))","v":0},{"$f":"IF(ISNA(INDEX(CTS!$V:$V,MATCH(E123,CTS!$E:$E,0))),\"\",(INDEX(CTS!$V:$V,MATCH(E123,CTS!$E:$E,0))))","v":40},{"$f":"IFERROR(INDEX(CTS!$A:$A,MATCH(E123,CTS!$E:$E,0)),\".\")","v":"P"},{"$f":"IFERROR(IFERROR(INDEX(#REF!,MATCH(E123,#REF!,0)),IFERROR(INDEX(#REF!,MATCH(E123,#REF!,0)),INDEX(#REF!,MATCH(E123,#REF!,0)) )),\".\")","v":"."},null,{"$f":"IFERROR(VLOOKUP(E123,#REF!,8,FALSE),IFERROR(VLOOKUP(E123,#REF!,8,FALSE),IFERROR(VLOOKUP(E123,#REF!,8,FALSE),\"\")))","v":""},".-."]
[119,{"$f":"IFERROR(DAY(CTR[[#This Row],[Date]]),\"\")","v":11},{"$f":"IFERROR(MONTH(CTR[[#This Row],[Date]]),\"\")","v":1},{"$f":"IF(ISNA(INDEX(CTS!C:C,MATCH(E124,CTS!$E:$E,0))),\"\",(INDEX(CTS!C:C,MATCH(E124,CTS!$E:$E,0))))","v":44207},"01-119",{"$f":"IF(ISNA(INDEX(CTS!$F:$F,MATCH(E124,CTS!$E:$E,0))),\"\",(INDEX(CTS!$F:$F,MATCH(E124,CTS!$E:$E,0))))","v":"CLIENT"},{"$f":"IF(ISNA(INDEX(CTS!$N:$N,MATCH(E124,CTS!$E:$E,0))),\"\",(INDEX(CTS!$N:$N,MATCH(E124,CTS!$E:$E,0))))","v":184.87394957983193},{"$f":"IF(ISNA(INDEX(CTS!$O:$O,MATCH(E124,CTS!$E:$E,0))),\"\",(INDEX(CTS!$O:$O,MATCH(E124,CTS!$E:$E,0))))","v":0},{"$f":"IF(ISNA(INDEX(CTS!$P:$P,MATCH(E124,CTS!$E:$E,0))),\"\",(INDEX(CTS!$P:$P,MATCH(E124,CTS!$E:$E,0))))","v":0},{"$f":"IF(ISNA(INDEX(CTS!$Q:$Q,MATCH(E124,CTS!$E:$E,0))),\"\",(INDEX(CTS!$Q:$Q,MATCH(E124,CTS!$E:$E,0))))","v":184.87394957983193},{"$f":"IF(ISNA(INDEX(CTS!$S:$S,MATCH(E124,CTS!$E:$E,0))),\"\",(INDEX(CTS!$S:$S,MATCH(E124,CTS!$E:$E,0))))","v":35.12605042016807},{"$f":"IF(ISNA(INDEX(CTS!$T:$T,MATCH(E124,CTS!$E:$E,0))),\"\",(INDEX(CTS!$T:$T,MATCH(E124,CTS!$E:$E,0))))","v":220},{"$f":"IF(ISNA(INDEX(CTS!$U:$U,MATCH(E124,CTS!$E:$E,0))),\"\",(INDEX(CTS!$U:$U,MATCH(E124,CTS!$E:$E,0))))","v":0},{"$f":"IF(ISNA(INDEX(CTS!$V:$V,MATCH(E124,CTS!$E:$E,0))),\"\",(INDEX(CTS!$V:$V,MATCH(E124,CTS!$E:$E,0))))","v":220},{"$f":"IFERROR(INDEX(CTS!$A:$A,MATCH(E124,CTS!$E:$E,0)),\".\")","v":"P"},{"$f":"IFERROR(IFERROR(INDEX(#REF!,MATCH(E124,#REF!,0)),IFERROR(INDEX(#REF!,MATCH(E124,#REF!,0)),INDEX(#REF!,MATCH(E124,#REF!,0)) )),\".\")","v":"."},null,{"$f":"IFERROR(VLOOKUP(E124,#REF!,8,FALSE),IFERROR(VLOOKUP(E124,#REF!,8,FALSE),IFERROR(VLOOKUP(E124,#REF!,8,FALSE),\"\")))","v":""},".-."]
[120,{"$f":"IFERROR(DAY(CTR[[#This Row],[Date]]),\"\")","v":11},{"$f":"IFERROR(MONTH(CTR[[#This Row],[Date]]),\"\")","v":1},{"$f":"IF(ISNA(INDEX(CTS!C:C,MATCH(E125,CTS!$E:$E,0))),\"\",(INDEX(CTS!C:C,MATCH(E125,CTS!$E:$E,0))))","v":44207},"01-120",{"$f":"IF(ISNA(INDEX(CTS!$F:$F,MATCH(E125,CTS!$E:$E,0))),\"\",(INDEX(CTS!$F:$F,MATCH(E125,CTS!$E:$E,0))))","v":"CLIENT"},{"$f":"IF(ISNA(INDEX(CTS!$N:$N,MATCH(E125,CTS!$E:$E,0))),\"\",(INDEX(CTS!$N:$N,MATCH(E125,CTS!$E:$E,0))))","v":95.798319327731093},{"$f":"IF(ISNA(INDEX(CTS!$O:$O,MATCH(E125,CTS!$E:$E,0))),\"\",(INDEX(CTS!$O:$O,MATCH(E125,CTS!$E:$E,0))))","v":0},{"$f":"IF(ISNA(INDEX(CTS!$P:$P,MATCH(E125,CTS!$E:$E,0))),\"\",(INDEX(CTS!$P:$P,MATCH(E125,CTS!$E:$E,0))))","v":0},{"$f":"IF(ISNA(INDEX(CTS!$Q:$Q,MATCH(E125,CTS!$E:$E,0))),\"\",(INDEX(CTS!$Q:$Q,MATCH(E125,CTS!$E:$E,0))))","v":95.798319327731093},{"$f":"IF(ISNA(INDEX(CTS!$S:$S,MATCH(E125,CTS!$E:$E,0))),\"\",(INDEX(CTS!$S:$S,MATCH(E125,CTS!$E:$E,0))))","v":18.201680672268907},{"$f":"IF(ISNA(INDEX(CTS!$T:$T,MATCH(E125,CTS!$E:$E,0))),\"\",(INDEX(CTS!$T:$T,MATCH(E125,CTS!$E:$E,0))))","v":114},{"$f":"IF(ISNA(INDEX(CTS!$U:$U,MATCH(E125,CTS!$E:$E,0))),\"\",(INDEX(CTS!$U:$U,MATCH(E125,CTS!$E:$E,0))))","v":0},{"$f":"IF(ISNA(INDEX(CTS!$V:$V,MATCH(E125,CTS!$E:$E,0))),\"\",(INDEX(CTS!$V:$V,MATCH(E125,CTS!$E:$E,0))))","v":114},{"$f":"IFERROR(INDEX(CTS!$A:$A,MATCH(E125,CTS!$E:$E,0)),\".\")","v":"P"},{"$f":"IFERROR(IFERROR(INDEX(#REF!,MATCH(E125,#REF!,0)),IFERROR(INDEX(#REF!,MATCH(E125,#REF!,0)),INDEX(#REF!,MATCH(E125,#REF!,0)) )),\".\")","v":"."},null,{"$f":"IFERROR(VLOOKUP(E125,#REF!,8,FALSE),IFERROR(VLOOKUP(E125,#REF!,8,FALSE),IFERROR(VLOOKUP(E125,#REF!,8,FALSE),\"\")))","v":""},".-."]
[121,{"$f":"IFERROR(DAY(CTR[[#This Row],[Date]]),\"\")","v":11},{"$f":"IFERROR(MONTH(CTR[[#This Row],[Date]]),\"\")","v":1},{"$f":"IF(ISNA(INDEX(CTS!C:C,MATCH(E126,CTS!$E:$E,0))),\"\",(INDEX(CTS!C:C,MATCH(E126,CTS!$E:$E,0))))","v":44207},"01-121",{"$f":"IF(ISNA(INDEX(CTS!$F:$F,MATCH(E126,CTS!$E:$E,0))),\"\",(INDEX(CTS!$F:$F,MATCH(E126,CTS!$E:$E,0))))","v":"CLIENT"},{"$f":"IF(ISNA(INDEX(CTS!$N:$N,MATCH(E126,CTS!$E:$E,0))),\"\",(INDEX(CTS!$N:$N,MATCH(E126,CTS!$E:$E,0))))","v":221.84873949579836},{"$f":"IF(ISNA(INDEX(CTS!$O:$O,MATCH(E126,CTS!$E:$E,0))),\"\",(INDEX(CTS!$O:$O,MATCH(E126,CTS!$E:$E,0))))","v":0},{"$f":"IF(ISNA(INDEX(CTS!$P:$P,MATCH(E126,CTS!$E:$E,0))),\"\",(INDEX(CTS!$P:$P,MATCH(E126,CTS!$E:$E,0))))","v":0},{"$f":"IF(ISNA(INDEX(CTS!$Q:$Q,MATCH(E126,CTS!$E:$E,0))),\"\",(INDEX(CTS!$Q:$Q,MATCH(E126,CTS!$E:$E,0))))","v":221.84873949579836},{"$f":"IF(ISNA(INDEX(CTS!$S:$S,MATCH(E126,CTS!$E:$E,0))),\"\",(INDEX(CTS!$S:$S,MATCH(E126,CTS!$E:$E,0))))","v":42.151260504201687},{"$f":"IF(ISNA(INDEX(CTS!$T:$T,MATCH(E126,CTS!$E:$E,0))),\"\",(INDEX(CTS!$T:$T,MATCH(E126,CTS!$E:$E,0))))","v":264.00000000000006},{"$f":"IF(ISNA(INDEX(CTS!$U:$U,MATCH(E126,CTS!$E:$E,0))),\"\",(INDEX(CTS!$U:$U,MATCH(E126,CTS!$E:$E,0))))","v":0},{"$f":"IF(ISNA(INDEX(CTS!$V:$V,MATCH(E126,CTS!$E:$E,0))),\"\",(INDEX(CTS!$V:$V,MATCH(E126,CTS!$E:$E,0))))","v":264.00000000000006},{"$f":"IFERROR(INDEX(CTS!$A:$A,MATCH(E126,CTS!$E:$E,0)),\".\")","v":"P"},{"$f":"IFERROR(IFERROR(INDEX(#REF!,MATCH(E126,#REF!,0)),IFERROR(INDEX(#REF!,MATCH(E126,#REF!,0)),INDEX(#REF!,MATCH(E126,#REF!,0)) )),\".\")","v":"."},null,{"$f":"IFERROR(VLOOKUP(E126,#REF!,8,FALSE),IFERROR(VLOOKUP(E126,#REF!,8,FALSE),IFERROR(VLOOKUP(E126,#REF!,8,FALSE),\"\")))","v":""},".-."]
[122,{"$f":"IFERROR(DAY(CTR[[#This Row],[Date]]),\"\")","v":11},{"$f":"IFERROR(MONTH(CTR[[#This Row],[Date]]),\"\")","v":1},{"$f":"IF(ISNA(INDEX(CTS!C:C,MATCH(E127,CTS!$E:$E,0))),\"\",(INDEX(CTS!C:C,MATCH(E127,CTS!$E:$E,0))))","v":44207},"01-122",{"$f":"IF(ISNA(INDEX(CTS!$F:$F,MATCH(E127,CTS!$E:$E,0))),\"\",(INDEX(CTS!$F:$F,MATCH(E127,CTS!$E:$E,0))))","v":"NOSOCLEAN"},{"$f":"IF(ISNA(INDEX(CTS!$N:$N,MATCH(E127,CTS!$E:$E,0))),\"\",(INDEX(CTS!$N:$N,MATCH(E127,CTS!$E:$E,0))))","v":2826},{"$f":"IF(ISNA(INDEX(CTS!$O:$O,MATCH(E127,CTS!$E:$E,0))),\"\",(INDEX(CTS!$O:$O,MATCH(E127,CTS!$E:$E,0))))","v":0},{"$f":"IF(ISNA(INDEX(CTS!$P:$P,MATCH(E127,CTS!$E:$E,0))),\"\",(INDEX(CTS!$P:$P,MATCH(E127,CTS!$E:$E,0))))","v":0},{"$f":"IF(ISNA(INDEX(CTS!$Q:$Q,MATCH(E127,CTS!$E:$E,0))),\"\",(INDEX(CTS!$Q:$Q,MATCH(E127,CTS!$E:$E,0))))","v":2826},{"$f":"IF(ISNA(INDEX(CTS!$S:$S,MATCH(E127,CTS!$E:$E,0))),\"\",(INDEX(CTS!$S:$S,MATCH(E127,CTS!$E:$E,0))))","v":536.93999999999983},{"$f":"IF(ISNA(INDEX(CTS!$T:$T,MATCH(E127,CTS!$E:$E,0))),\"\",(INDEX(CTS!$T:$T,MATCH(E127,CTS!$E:$E,0))))","v":3362.9399999999996},{"$f":"IF(ISNA(INDEX(CTS!$U:$U,MATCH(E127,CTS!$E:$E,0))),\"\",(INDEX(CTS!$U:$U,MATCH(E127,CTS!$E:$E,0))))","v":0},{"$f":"IF(ISNA(INDEX(CTS!$V:$V,MATCH(E127,CTS!$E:$E,0))),\"\",(INDEX(CTS!$V:$V,MATCH(E127,CTS!$E:$E,0))))","v":3362.9399999999996},{"$f":"IFERROR(INDEX(CTS!$A:$A,MATCH(E127,CTS!$E:$E,0)),\".\")","v":"C"},{"$f":"IFERROR(IFERROR(INDEX(#REF!,MATCH(E127,#REF!,0)),IFERROR(INDEX(#REF!,MATCH(E127,#REF!,0)),INDEX(#REF!,MATCH(E127,#REF!,0)) )),\".\")","v":"."},null,{"$f":"IFERROR(VLOOKUP(E127,#REF!,8,FALSE),IFERROR(VLOOKUP(E127,#REF!,8,FALSE),IFERROR(VLOOKUP(E127,#REF!,8,FALSE),\"\")))","v":""},".-."]
[123,{"$f":"IFERROR(DAY(CTR[[#This Row],[Date]]),\"\")","v":11},{"$f":"IFERROR(MONTH(CTR[[#This Row],[Date]]),\"\")","v":1},{"$f":"IF(ISNA(INDEX(CTS!C:C,MATCH(E128,CTS!$E:$E,0))),\"\",(INDEX(CTS!C:C,MATCH(E128,CTS!$E:$E,0))))","v":44207},"01-123",{"$f":"IF(ISNA(INDEX(CTS!$F:$F,MATCH(E128,CTS!$E:$E,0))),\"\",(INDEX(CTS!$F:$F,MATCH(E128,CTS!$E:$E,0))))","v":"CLIENT"},{"$f":"IF(ISNA(INDEX(CTS!$N:$N,MATCH(E128,CTS!$E:$E,0))),\"\",(INDEX(CTS!$N:$N,MATCH(E128,CTS!$E:$E,0))))","v":16.806722689075631},{"$f":"IF(ISNA(INDEX(CTS!$O:$O,MATCH(E128,CTS!$E:$E,0))),\"\",(INDEX(CTS!$O:$O,MATCH(E128,CTS!$E:$E,0))))","v":0},{"$f":"IF(ISNA(INDEX(CTS!$P:$P,MATCH(E128,CTS!$E:$E,0))),\"\",(INDEX(CTS!$P:$P,MATCH(E128,CTS!$E:$E,0))))","v":0},{"$f":"IF(ISNA(INDEX(CTS!$Q:$Q,MATCH(E128,CTS!$E:$E,0))),\"\",(INDEX(CTS!$Q:$Q,MATCH(E128,CTS!$E:$E,0))))","v":16.806722689075631},{"$f":"IF(ISNA(INDEX(CTS!$S:$S,MATCH(E128,CTS!$E:$E,0))),\"\",(INDEX(CTS!$S:$S,MATCH(E128,CTS!$E:$E,0))))","v":3.1932773109243699},{"$f":"IF(ISNA(INDEX(CTS!$T:$T,MATCH(E128,CTS!$E:$E,0))),\"\",(INDEX(CTS!$T:$T,MATCH(E128,CTS!$E:$E,0))))","v":20},{"$f":"IF(ISNA(INDEX(CTS!$U:$U,MATCH(E128,CTS!$E:$E,0))),\"\",(INDEX(CTS!$U:$U,MATCH(E128,CTS!$E:$E,0))))","v":0},{"$f":"IF(ISNA(INDEX(CTS!$V:$V,MATCH(E128,CTS!$E:$E,0))),\"\",(INDEX(CTS!$V:$V,MATCH(E128,CTS!$E:$E,0))))","v":20},{"$f":"IFERROR(INDEX(CTS!$A:$A,MATCH(E128,CTS!$E:$E,0)),\".\")","v":"P"},{"$f":"IFERROR(IFERROR(INDEX(#REF!,MATCH(E128,#REF!,0)),IFERROR(INDEX(#REF!,MATCH(E128,#REF!,0)),INDEX(#REF!,MATCH(E128,#REF!,0)) )),\".\")","v":"."},null,{"$f":"IFERROR(VLOOKUP(E128,#REF!,8,FALSE),IFERROR(VLOOKUP(E128,#REF!,8,FALSE),IFERROR(VLOOKUP(E128,#REF!,8,FALSE),\"\")))","v":""},".-."]
[124,{"$f":"IFERROR(DAY(CTR[[#This Row],[Date]]),\"\")","v":11},{"$f":"IFERROR(MONTH(CTR[[#This Row],[Date]]),\"\")","v":1},{"$f":"IF(ISNA(INDEX(CTS!C:C,MATCH(E129,CTS!$E:$E,0))),\"\",(INDEX(CTS!C:C,MATCH(E129,CTS!$E:$E,0))))","v":44207},"01-124",{"$f":"IF(ISNA(INDEX(CTS!$F:$F,MATCH(E129,CTS!$E:$E,0))),\"\",(INDEX(CTS!$F:$F,MATCH(E129,CTS!$E:$E,0))))","v":"CLIENT"},{"$f":"IF(ISNA(INDEX(CTS!$N:$N,MATCH(E129,CTS!$E:$E,0))),\"\",(INDEX(CTS!$N:$N,MATCH(E129,CTS!$E:$E,0))))","v":7344.5378151260511},{"$f":"IF(ISNA(INDEX(CTS!$O:$O,MATCH(E129,CTS!$E:$E,0))),\"\",(INDEX(CTS!$O:$O,MATCH(E129,CTS!$E:$E,0))))","v":0},{"$f":"IF(ISNA(INDEX(CTS!$P:$P,MATCH(E129,CTS!$E:$E,0))),\"\",(INDEX(CTS!$P:$P,MATCH(E129,CTS!$E:$E,0))))","v":0},{"$f":"IF(ISNA(INDEX(CTS!$Q:$Q,MATCH(E129,CTS!$E:$E,0))),\"\",(INDEX(CTS!$Q:$Q,MATCH(E129,CTS!$E:$E,0))))","v":7344.5378151260511},{"$f":"IF(ISNA(INDEX(CTS!$S:$S,MATCH(E129,CTS!$E:$E,0))),\"\",(INDEX(CTS!$S:$S,MATCH(E129,CTS!$E:$E,0))))","v":1395.4621848739496},{"$f":"IF(ISNA(INDEX(CTS!$T:$T,MATCH(E129,CTS!$E:$E,0))),\"\",(INDEX(CTS!$T:$T,MATCH(E129,CTS!$E:$E,0))))","v":8740},{"$f":"IF(ISNA(INDEX(CTS!$U:$U,MATCH(E129,CTS!$E:$E,0))),\"\",(INDEX(CTS!$U:$U,MATCH(E129,CTS!$E:$E,0))))","v":0},{"$f":"IF(ISNA(INDEX(CTS!$V:$V,MATCH(E129,CTS!$E:$E,0))),\"\",(INDEX(CTS!$V:$V,MATCH(E129,CTS!$E:$E,0))))","v":8740},{"$f":"IFERROR(INDEX(CTS!$A:$A,MATCH(E129,CTS!$E:$E,0)),\".\")","v":"P"},{"$f":"IFERROR(IFERROR(INDEX(#REF!,MATCH(E129,#REF!,0)),IFERROR(INDEX(#REF!,MATCH(E129,#REF!,0)),INDEX(#REF!,MATCH(E129,#REF!,0)) )),\".\")","v":"."},null,{"$f":"IFERROR(VLOOKUP(E129,#REF!,8,FALSE),IFERROR(VLOOKUP(E129,#REF!,8,FALSE),IFERROR(VLOOKUP(E129,#REF!,8,FALSE),\"\")))","v":""},".-."]
[125,{"$f":"IFERROR(DAY(CTR[[#This Row],[Date]]),\"\")","v":11},{"$f":"IFERROR(MONTH(CTR[[#This Row],[Date]]),\"\")","v":1},{"$f":"IF(ISNA(INDEX(CTS!C:C,MATCH(E130,CTS!$E:$E,0))),\"\",(INDEX(CTS!C:C,MATCH(E130,CTS!$E:$E,0))))","v":44207},"01-125",{"$f":"IF(ISNA(INDEX(CTS!$F:$F,MATCH(E130,CTS!$E:$E,0))),\"\",(INDEX(CTS!$F:$F,MATCH(E130,CTS!$E:$E,0))))","v":"CLIENT"},{"$f":"IF(ISNA(INDEX(CTS!$N:$N,MATCH(E130,CTS!$E:$E,0))),\"\",(INDEX(CTS!$N:$N,MATCH(E130,CTS!$E:$E,0))))","v":100.84033613445379},{"$f":"IF(ISNA(INDEX(CTS!$O:$O,MATCH(E130,CTS!$E:$E,0))),\"\",(INDEX(CTS!$O:$O,MATCH(E130,CTS!$E:$E,0))))","v":0},{"$f":"IF(ISNA(INDEX(CTS!$P:$P,MATCH(E130,CTS!$E:$E,0))),\"\",(INDEX(CTS!$P:$P,MATCH(E130,CTS!$E:$E,0))))","v":0},{"$f":"IF(ISNA(INDEX(CTS!$Q:$Q,MATCH(E130,CTS!$E:$E,0))),\"\",(INDEX(CTS!$Q:$Q,MATCH(E130,CTS!$E:$E,0))))","v":100.84033613445379},{"$f":"IF(ISNA(INDEX(CTS!$S:$S,MATCH(E130,CTS!$E:$E,0))),\"\",(INDEX(CTS!$S:$S,MATCH(E130,CTS!$E:$E,0))))","v":19.159663865546221},{"$f":"IF(ISNA(INDEX(CTS!$T:$T,MATCH(E130,CTS!$E:$E,0))),\"\",(INDEX(CTS!$T:$T,MATCH(E130,CTS!$E:$E,0))))","v":120.00000000000001},{"$f":"IF(ISNA(INDEX(CTS!$U:$U,MATCH(E130,CTS!$E:$E,0))),\"\",(INDEX(CTS!$U:$U,MATCH(E130,CTS!$E:$E,0))))","v":0},{"$f":"IF(ISNA(INDEX(CTS!$V:$V,MATCH(E130,CTS!$E:$E,0))),\"\",(INDEX(CTS!$V:$V,MATCH(E130,CTS!$E:$E,0))))","v":120.00000000000001},{"$f":"IFERROR(INDEX(CTS!$A:$A,MATCH(E130,CTS!$E:$E,0)),\".\")","v":"P"},{"$f":"IFERROR(IFERROR(INDEX(#REF!,MATCH(E130,#REF!,0)),IFERROR(INDEX(#REF!,MATCH(E130,#REF!,0)),INDEX(#REF!,MATCH(E130,#REF!,0)) )),\".\")","v":"."},null,{"$f":"IFERROR(VLOOKUP(E130,#REF!,8,FALSE),IFERROR(VLOOKUP(E130,#REF!,8,FALSE),IFERROR(VLOOKUP(E130,#REF!,8,FALSE),\"\")))","v":""},".-."]
[126,{"$f":"IFERROR(DAY(CTR[[#This Row],[Date]]),\"\")","v":11},{"$f":"IFERROR(MONTH(CTR[[#This Row],[Date]]),\"\")","v":1},{"$f":"IF(ISNA(INDEX(CTS!C:C,MATCH(E131,CTS!$E:$E,0))),\"\",(INDEX(CTS!C:C,MATCH(E131,CTS!$E:$E,0))))","v":44207},"01-126",{"$f":"IF(ISNA(INDEX(CTS!$F:$F,MATCH(E131,CTS!$E:$E,0))),\"\",(INDEX(CTS!$F:$F,MATCH(E131,CTS!$E:$E,0))))","v":"CLIENT"},{"$f":"IF(ISNA(INDEX(CTS!$N:$N,MATCH(E131,CTS!$E:$E,0))),\"\",(INDEX(CTS!$N:$N,MATCH(E131,CTS!$E:$E,0))))","v":453.78151260504211},{"$f":"IF(ISNA(INDEX(CTS!$O:$O,MATCH(E131,CTS!$E:$E,0))),\"\",(INDEX(CTS!$O:$O,MATCH(E131,CTS!$E:$E,0))))","v":0},{"$f":"IF(ISNA(INDEX(CTS!$P:$P,MATCH(E131,CTS!$E:$E,0))),\"\",(INDEX(CTS!$P:$P,MATCH(E131,CTS!$E:$E,0))))","v":0},{"$f":"IF(ISNA(INDEX(CTS!$Q:$Q,MATCH(E131,CTS!$E:$E,0))),\"\",(INDEX(CTS!$Q:$Q,MATCH(E131,CTS!$E:$E,0))))","v":453.78151260504211},{"$f":"IF(ISNA(INDEX(CTS!$S:$S,MATCH(E131,CTS!$E:$E,0))),\"\",(INDEX(CTS!$S:$S,MATCH(E131,CTS!$E:$E,0))))","v":86.218487394958004},{"$f":"IF(ISNA(INDEX(CTS!$T:$T,MATCH(E131,CTS!$E:$E,0))),\"\",(INDEX(CTS!$T:$T,MATCH(E131,CTS!$E:$E,0))))","v":540.00000000000011},{"$f":"IF(ISNA(INDEX(CTS!$U:$U,MATCH(E131,CTS!$E:$E,0))),\"\",(INDEX(CTS!$U:$U,MATCH(E131,CTS!$E:$E,0))))","v":0},{"$f":"IF(ISNA(INDEX(CTS!$V:$V,MATCH(E131,CTS!$E:$E,0))),\"\",(INDEX(CTS!$V:$V,MATCH(E131,CTS!$E:$E,0))))","v":540.00000000000011},{"$f":"IFERROR(INDEX(CTS!$A:$A,MATCH(E131,CTS!$E:$E,0)),\".\")","v":"P"},{"$f":"IFERROR(IFERROR(INDEX(#REF!,MATCH(E131,#REF!,0)),IFERROR(INDEX(#REF!,MATCH(E131,#REF!,0)),INDEX(#REF!,MATCH(E131,#REF!,0)) )),\".\")","v":"."},null,{"$f":"IFERROR(VLOOKUP(E131,#REF!,8,FALSE),IFERROR(VLOOKUP(E131,#REF!,8,FALSE),IFERROR(VLOOKUP(E131,#REF!,8,FALSE),\"\")))","v":""},".-."]
[127,{"$f":"IFERROR(DAY(CTR[[#This Row],[Date]]),\"\")","v":11},{"$f":"IFERROR(MONTH(CTR[[#This Row],[Date]]),\"\")","v":1},{"$f":"IF(ISNA(INDEX(CTS!C:C,MATCH(E132,CTS!$E:$E,0))),\"\",(INDEX(CTS!C:C,MATCH(E132,CTS!$E:$E,0))))","v":44207},"01-127",{"$f":"IF(ISNA(INDEX(CTS!$F:$F,MATCH(E132,CTS!$E:$E,0))),\"\",(INDEX(CTS!$F:$F,MATCH(E132,CTS!$E:$E,0))))","v":"CLIENT"},{"$f":"IF(ISNA(INDEX(CTS!$N:$N,MATCH(E132,CTS!$E:$E,0))),\"\",(INDEX(CTS!$N:$N,MATCH(E132,CTS!$E:$E,0))))","v":1482.3529411764707},{"$f":"IF(ISNA(INDEX(CTS!$O:$O,MATCH(E132,CTS!$E:$E,0))),\"\",(INDEX(CTS!$O:$O,MATCH(E132,CTS!$E:$E,0))))","v":0},{"$f":"IF(ISNA(INDEX(CTS!$P:$P,MATCH(E132,CTS!$E:$E,0))),\"\",(INDEX(CTS!$P:$P,MATCH(E132,CTS!$E:$E,0))))","v":0},{"$f":"IF(ISNA(INDEX(CTS!$Q:$Q,MATCH(E132,CTS!$E:$E,0))),\"\",(INDEX(CTS!$Q:$Q,MATCH(E132,CTS!$E:$E,0))))","v":1482.3529411764707},{"$f":"IF(ISNA(INDEX(CTS!$S:$S,MATCH(E132,CTS!$E:$E,0))),\"\",(INDEX(CTS!$S:$S,MATCH(E132,CTS!$E:$E,0))))","v":281.64705882352939},{"$f":"IF(ISNA(INDEX(CTS!$T:$T,MATCH(E132,CTS!$E:$E,0))),\"\",(INDEX(CTS!$T:$T,MATCH(E132,CTS!$E:$E,0))))","v":1764},{"$f":"IF(ISNA(INDEX(CTS!$U:$U,MATCH(E132,CTS!$E:$E,0))),\"\",(INDEX(CTS!$U:$U,MATCH(E132,CTS!$E:$E,0))))","v":0},{"$f":"IF(ISNA(INDEX(CTS!$V:$V,MATCH(E132,CTS!$E:$E,0))),\"\",(INDEX(CTS!$V:$V,MATCH(E132,CTS!$E:$E,0))))","v":1764},{"$f":"IFERROR(INDEX(CTS!$A:$A,MATCH(E132,CTS!$E:$E,0)),\".\")","v":"P"},{"$f":"IFERROR(IFERROR(INDEX(#REF!,MATCH(E132,#REF!,0)),IFERROR(INDEX(#REF!,MATCH(E132,#REF!,0)),INDEX(#REF!,MATCH(E132,#REF!,0)) )),\".\")","v":"."},null,{"$f":"IFERROR(VLOOKUP(E132,#REF!,8,FALSE),IFERROR(VLOOKUP(E132,#REF!,8,FALSE),IFERROR(VLOOKUP(E132,#REF!,8,FALSE),\"\")))","v":""},".-."]
[128,{"$f":"IFERROR(DAY(CTR[[#This Row],[Date]]),\"\")","v":11},{"$f":"IFERROR(MONTH(CTR[[#This Row],[Date]]),\"\")","v":1},{"$f":"IF(ISNA(INDEX(CTS!C:C,MATCH(E133,CTS!$E:$E,0))),\"\",(INDEX(CTS!C:C,MATCH(E133,CTS!$E:$E,0))))","v":44207},"01-128",{"$f":"IF(ISNA(INDEX(CTS!$F:$F,MATCH(E133,CTS!$E:$E,0))),\"\",(INDEX(CTS!$F:$F,MATCH(E133,CTS!$E:$E,0))))","v":"CLIENT"},{"$f":"IF(ISNA(INDEX(CTS!$N:$N,MATCH(E133,CTS!$E:$E,0))),\"\",(INDEX(CTS!$N:$N,MATCH(E133,CTS!$E:$E,0))))","v":403.36134453781517},{"$f":"IF(ISNA(INDEX(CTS!$O:$O,MATCH(E133,CTS!$E:$E,0))),\"\",(INDEX(CTS!$O:$O,MATCH(E133,CTS!$E:$E,0))))","v":0},{"$f":"IF(ISNA(INDEX(CTS!$P:$P,MATCH(E133,CTS!$E:$E,0))),\"\",(INDEX(CTS!$P:$P,MATCH(E133,CTS!$E:$E,0))))","v":0},{"$f":"IF(ISNA(INDEX(CTS!$Q:$Q,MATCH(E133,CTS!$E:$E,0))),\"\",(INDEX(CTS!$Q:$Q,MATCH(E133,CTS!$E:$E,0))))","v":403.36134453781517},{"$f":"IF(ISNA(INDEX(CTS!$S:$S,MATCH(E133,CTS!$E:$E,0))),\"\",(INDEX(CTS!$S:$S,MATCH(E133,CTS!$E:$E,0))))","v":76.638655462184886},{"$f":"IF(ISNA(INDEX(CTS!$T:$T,MATCH(E133,CTS!$E:$E,0))),\"\",(INDEX(CTS!$T:$T,MATCH(E133,CTS!$E:$E,0))))","v":480.00000000000006},{"$f":"IF(ISNA(INDEX(CTS!$U:$U,MATCH(E133,CTS!$E:$E,0))),\"\",(INDEX(CTS!$U:$U,MATCH(E133,CTS!$E:$E,0))))","v":0},{"$f":"IF(ISNA(INDEX(CTS!$V:$V,MATCH(E133,CTS!$E:$E,0))),\"\",(INDEX(CTS!$V:$V,MATCH(E133,CTS!$E:$E,0))))","v":480.00000000000006},{"$f":"IFERROR(INDEX(CTS!$A:$A,MATCH(E133,CTS!$E:$E,0)),\".\")","v":"P"},{"$f":"IFERROR(IFERROR(INDEX(#REF!,MATCH(E133,#REF!,0)),IFERROR(INDEX(#REF!,MATCH(E133,#REF!,0)),INDEX(#REF!,MATCH(E133,#REF!,0)) )),\".\")","v":"."},null,{"$f":"IFERROR(VLOOKUP(E133,#REF!,8,FALSE),IFERROR(VLOOKUP(E133,#REF!,8,FALSE),IFERROR(VLOOKUP(E133,#REF!,8,FALSE),\"\")))","v":""},".-."]
[129,{"$f":"IFERROR(DAY(CTR[[#This Row],[Date]]),\"\")","v":11},{"$f":"IFERROR(MONTH(CTR[[#This Row],[Date]]),\"\")","v":1},{"$f":"IF(ISNA(INDEX(CTS!C:C,MATCH(E134,CTS!$E:$E,0))),\"\",(INDEX(CTS!C:C,MATCH(E134,CTS!$E:$E,0))))","v":44207},"01-129",{"$f":"IF(ISNA(INDEX(CTS!$F:$F,MATCH(E134,CTS!$E:$E,0))),\"\",(INDEX(CTS!$F:$F,MATCH(E134,CTS!$E:$E,0))))","v":"CLIENT"},{"$f":"IF(ISNA(INDEX(CTS!$N:$N,MATCH(E134,CTS!$E:$E,0))),\"\",(INDEX(CTS!$N:$N,MATCH(E134,CTS!$E:$E,0))))","v":67.226890756302524},{"$f":"IF(ISNA(INDEX(CTS!$O:$O,MATCH(E134,CTS!$E:$E,0))),\"\",(INDEX(CTS!$O:$O,MATCH(E134,CTS!$E:$E,0))))","v":0},{"$f":"IF(ISNA(INDEX(CTS!$P:$P,MATCH(E134,CTS!$E:$E,0))),\"\",(INDEX(CTS!$P:$P,MATCH(E134,CTS!$E:$E,0))))","v":0},{"$f":"IF(ISNA(INDEX(CTS!$Q:$Q,MATCH(E134,CTS!$E:$E,0))),\"\",(INDEX(CTS!$Q:$Q,MATCH(E134,CTS!$E:$E,0))))","v":67.226890756302524},{"$f":"IF(ISNA(INDEX(CTS!$S:$S,MATCH(E134,CTS!$E:$E,0))),\"\",(INDEX(CTS!$S:$S,MATCH(E134,CTS!$E:$E,0))))","v":12.77310924369748},{"$f":"IF(ISNA(INDEX(CTS!$T:$T,MATCH(E134,CTS!$E:$E,0))),\"\",(INDEX(CTS!$T:$T,MATCH(E134,CTS!$E:$E,0))))","v":80},{"$f":"IF(ISNA(INDEX(CTS!$U:$U,MATCH(E134,CTS!$E:$E,0))),\"\",(INDEX(CTS!$U:$U,MATCH(E134,CTS!$E:$E,0))))","v":0},{"$f":"IF(ISNA(INDEX(CTS!$V:$V,MATCH(E134,CTS!$E:$E,0))),\"\",(INDEX(CTS!$V:$V,MATCH(E134,CTS!$E:$E,0))))","v":80},{"$f":"IFERROR(INDEX(CTS!$A:$A,MATCH(E134,CTS!$E:$E,0)),\".\")","v":"P"},{"$f":"IFERROR(IFERROR(INDEX(#REF!,MATCH(E134,#REF!,0)),IFERROR(INDEX(#REF!,MATCH(E134,#REF!,0)),INDEX(#REF!,MATCH(E134,#REF!,0)) )),\".\")","v":"."},null,{"$f":"IFERROR(VLOOKUP(E134,#REF!,8,FALSE),IFERROR(VLOOKUP(E134,#REF!,8,FALSE),IFERROR(VLOOKUP(E134,#REF!,8,FALSE),\"\")))","v":""},{"$f":"IFERROR(TEXT(P134,\"mm\") & \"-\" & TEXT(P134,\"aaaa\"),\"\")","v":".-."}]
[130,{"$f":"IFERROR(DAY(CTR[[#This Row],[Date]]),\"\")","v":11},{"$f":"IFERROR(MONTH(CTR[[#This Row],[Date]]),\"\")","v":1},{"$f":"IF(ISNA(INDEX(CTS!C:C,MATCH(E135,CTS!$E:$E,0))),\"\",(INDEX(CTS!C:C,MATCH(E135,CTS!$E:$E,0))))","v":44207},"01-130",{"$f":"IF(ISNA(INDEX(CTS!$F:$F,MATCH(E135,CTS!$E:$E,0))),\"\",(INDEX(CTS!$F:$F,MATCH(E135,CTS!$E:$E,0))))","v":"CLIENT"},{"$f":"IF(ISNA(INDEX(CTS!$N:$N,MATCH(E135,CTS!$E:$E,0))),\"\",(INDEX(CTS!$N:$N,MATCH(E135,CTS!$E:$E,0))))","v":490.75630252100848},{"$f":"IF(ISNA(INDEX(CTS!$O:$O,MATCH(E135,CTS!$E:$E,0))),\"\",(INDEX(CTS!$O:$O,MATCH(E135,CTS!$E:$E,0))))","v":0},{"$f":"IF(ISNA(INDEX(CTS!$P:$P,MATCH(E135,CTS!$E:$E,0))),\"\",(INDEX(CTS!$P:$P,MATCH(E135,CTS!$E:$E,0))))","v":0},{"$f":"IF(ISNA(INDEX(CTS!$Q:$Q,MATCH(E135,CTS!$E:$E,0))),\"\",(INDEX(CTS!$Q:$Q,MATCH(E135,CTS!$E:$E,0))))","v":490.75630252100848},{"$f":"IF(ISNA(INDEX(CTS!$S:$S,MATCH(E135,CTS!$E:$E,0))),\"\",(INDEX(CTS!$S:$S,MATCH(E135,CTS!$E:$E,0))))","v":93.243697478991621},{"$f":"IF(ISNA(INDEX(CTS!$T:$T,MATCH(E135,CTS!$E:$E,0))),\"\",(INDEX(CTS!$T:$T,MATCH(E135,CTS!$E:$E,0))))","v":584.00000000000011},{"$f":"IF(ISNA(INDEX(CTS!$U:$U,MATCH(E135,CTS!$E:$E,0))),\"\",(INDEX(CTS!$U:$U,MATCH(E135,CTS!$E:$E,0))))","v":0},{"$f":"IF(ISNA(INDEX(CTS!$V:$V,MATCH(E135,CTS!$E:$E,0))),\"\",(INDEX(CTS!$V:$V,MATCH(E135,CTS!$E:$E,0))))","v":584.00000000000011},{"$f":"IFERROR(INDEX(CTS!$A:$A,MATCH(E135,CTS!$E:$E,0)),\".\")","v":"P"},{"$f":"IFERROR(IFERROR(INDEX(#REF!,MATCH(E135,#REF!,0)),IFERROR(INDEX(#REF!,MATCH(E135,#REF!,0)),INDEX(#REF!,MATCH(E135,#REF!,0)) )),\".\")","v":"."},null,{"$f":"IFERROR(VLOOKUP(E135,#REF!,8,FALSE),IFERROR(VLOOKUP(E135,#REF!,8,FALSE),IFERROR(VLOOKUP(E135,#REF!,8,FALSE),\"\")))","v":""},".-."]
[131,{"$f":"IFERROR(DAY(CTR[[#This Row],[Date]]),\"\")","v":11},{"$f":"IFERROR(MONTH(CTR[[#This Row],[Date]]),\"\")","v":1},{"$f":"IF(ISNA(INDEX(CTS!C:C,MATCH(E136,CTS!$E:$E,0))),\"\",(INDEX(CTS!C:C,MATCH(E136,CTS!$E:$E,0))))","v":44207},"01-131",{"$f":"IF(ISNA(INDEX(CTS!$F:$F,MATCH(E136,CTS!$E:$E,0))),\"\",(INDEX(CTS!$F:$F,MATCH(E136,CTS!$E:$E,0))))","v":"CLIENT"},{"$f":"IF(ISNA(INDEX(CTS!$N:$N,MATCH(E136,CTS!$E:$E,0))),\"\",(INDEX(CTS!$N:$N,MATCH(E136,CTS!$E:$E,0))))","v":806.72268907563034},{"$f":"IF(ISNA(INDEX(CTS!$O:$O,MATCH(E136,CTS!$E:$E,0))),\"\",(INDEX(CTS!$O:$O,MATCH(E136,CTS!$E:$E,0))))","v":0},{"$f":"IF(ISNA(INDEX(CTS!$P:$P,MATCH(E136,CTS!$E:$E,0))),\"\",(INDEX(CTS!$P:$P,MATCH(E136,CTS!$E:$E,0))))","v":0},{"$f":"IF(ISNA(INDEX(CTS!$Q:$Q,MATCH(E136,CTS!$E:$E,0))),\"\",(INDEX(CTS!$Q:$Q,MATCH(E136,CTS!$E:$E,0))))","v":806.72268907563034},{"$f":"IF(ISNA(INDEX(CTS!$S:$S,MATCH(E136,CTS!$E:$E,0))),\"\",(INDEX(CTS!$S:$S,MATCH(E136,CTS!$E:$E,0))))","v":153.27731092436977},{"$f":"IF(ISNA(INDEX(CTS!$T:$T,MATCH(E136,CTS!$E:$E,0))),\"\",(INDEX(CTS!$T:$T,MATCH(E136,CTS!$E:$E,0))))","v":960.00000000000011},{"$f":"IF(ISNA(INDEX(CTS!$U:$U,MATCH(E136,CTS!$E:$E,0))),\"\",(INDEX(CTS!$U:$U,MATCH(E136,CTS!$E:$E,0))))","v":0},{"$f":"IF(ISNA(INDEX(CTS!$V:$V,MATCH(E136,CTS!$E:$E,0))),\"\",(INDEX(CTS!$V:$V,MATCH(E136,CTS!$E:$E,0))))","v":960.00000000000011},{"$f":"IFERROR(INDEX(CTS!$A:$A,MATCH(E136,CTS!$E:$E,0)),\".\")","v":"P"},{"$f":"IFERROR(IFERROR(INDEX(#REF!,MATCH(E136,#REF!,0)),IFERROR(INDEX(#REF!,MATCH(E136,#REF!,0)),INDEX(#REF!,MATCH(E136,#REF!,0)) )),\".\")","v":"."},null,{"$f":"IFERROR(VLOOKUP(E136,#REF!,8,FALSE),IFERROR(VLOOKUP(E136,#REF!,8,FALSE),IFERROR(VLOOKUP(E136,#REF!,8,FALSE),\"\")))","v":""},".-."]
[132,{"$f":"IFERROR(DAY(CTR[[#This Row],[Date]]),\"\")","v":11},{"$f":"IFERROR(MONTH(CTR[[#This Row],[Date]]),\"\")","v":1},{"$f":"IF(ISNA(INDEX(CTS!C:C,MATCH(E137,CTS!$E:$E,0))),\"\",(INDEX(CTS!C:C,MATCH(E137,CTS!$E:$E,0))))","v":44207},"01-132",{"$f":"IF(ISNA(INDEX(CTS!$F:$F,MATCH(E137,CTS!$E:$E,0))),\"\",(INDEX(CTS!$F:$F,MATCH(E137,CTS!$E:$E,0))))","v":"CLIENT"},{"$f":"IF(ISNA(INDEX(CTS!$N:$N,MATCH(E137,CTS!$E:$E,0))),\"\",(INDEX(CTS!$N:$N,MATCH(E137,CTS!$E:$E,0))))","v":1442.0168067226894},{"$f":"IF(ISNA(INDEX(CTS!$O:$O,MATCH(E137,CTS!$E:$E,0))),\"\",(INDEX(CTS!$O:$O,MATCH(E137,CTS!$E:$E,0))))","v":0},{"$f":"IF(ISNA(INDEX(CTS!$P:$P,MATCH(E137,CTS!$E:$E,0))),\"\",(INDEX(CTS!$P:$P,MATCH(E137,CTS!$E:$E,0))))","v":0},{"$f":"IF(ISNA(INDEX(CTS!$Q:$Q,MATCH(E137,CTS!$E:$E,0))),\"\",(INDEX(CTS!$Q:$Q,MATCH(E137,CTS!$E:$E,0))))","v":1442.0168067226894},{"$f":"IF(ISNA(INDEX(CTS!$S:$S,MATCH(E137,CTS!$E:$E,0))),\"\",(INDEX(CTS!$S:$S,MATCH(E137,CTS!$E:$E,0))))","v":273.98319327731099},{"$f":"IF(ISNA(INDEX(CTS!$T:$T,MATCH(E137,CTS!$E:$E,0))),\"\",(INDEX(CTS!$T:$T,MATCH(E137,CTS!$E:$E,0))))","v":1716.0000000000005},{"$f":"IF(ISNA(INDEX(CTS!$U:$U,MATCH(E137,CTS!$E:$E,0))),\"\",(INDEX(CTS!$U:$U,MATCH(E137,CTS!$E:$E,0))))","v":0},{"$f":"IF(ISNA(INDEX(CTS!$V:$V,MATCH(E137,CTS!$E:$E,0))),\"\",(INDEX(CTS!$V:$V,MATCH(E137,CTS!$E:$E,0))))","v":1716.0000000000005},{"$f":"IFERROR(INDEX(CTS!$A:$A,MATCH(E137,CTS!$E:$E,0)),\".\")","v":"P"},{"$f":"IFERROR(IFERROR(INDEX(#REF!,MATCH(E137,#REF!,0)),IFERROR(INDEX(#REF!,MATCH(E137,#REF!,0)),INDEX(#REF!,MATCH(E137,#REF!,0)) )),\".\")","v":"."},null,{"$f":"IFERROR(VLOOKUP(E137,#REF!,8,FALSE),IFERROR(VLOOKUP(E137,#REF!,8,FALSE),IFERROR(VLOOKUP(E137,#REF!,8,FALSE),\"\")))","v":""},".-."]
[133,{"$f":"IFERROR(DAY(CTR[[#This Row],[Date]]),\"\")","v":11},{"$f":"IFERROR(MONTH(CTR[[#This Row],[Date]]),\"\")","v":1},{"$f":"IF(ISNA(INDEX(CTS!C:C,MATCH(E138,CTS!$E:$E,0))),\"\",(INDEX(CTS!C:C,MATCH(E138,CTS!$E:$E,0))))","v":44207},"01-133",{"$f":"IF(ISNA(INDEX(CTS!$F:$F,MATCH(E138,CTS!$E:$E,0))),\"\",(INDEX(CTS!$F:$F,MATCH(E138,CTS!$E:$E,0))))","v":"CLIENT"},{"$f":"IF(ISNA(INDEX(CTS!$N:$N,MATCH(E138,CTS!$E:$E,0))),\"\",(INDEX(CTS!$N:$N,MATCH(E138,CTS!$E:$E,0))))","v":126.05042016806723},{"$f":"IF(ISNA(INDEX(CTS!$O:$O,MATCH(E138,CTS!$E:$E,0))),\"\",(INDEX(CTS!$O:$O,MATCH(E138,CTS!$E:$E,0))))","v":0},{"$f":"IF(ISNA(INDEX(CTS!$P:$P,MATCH(E138,CTS!$E:$E,0))),\"\",(INDEX(CTS!$P:$P,MATCH(E138,CTS!$E:$E,0))))","v":0},{"$f":"IF(ISNA(INDEX(CTS!$Q:$Q,MATCH(E138,CTS!$E:$E,0))),\"\",(INDEX(CTS!$Q:$Q,MATCH(E138,CTS!$E:$E,0))))","v":126.05042016806723},{"$f":"IF(ISNA(INDEX(CTS!$S:$S,MATCH(E138,CTS!$E:$E,0))),\"\",(INDEX(CTS!$S:$S,MATCH(E138,CTS!$E:$E,0))))","v":23.949579831932777},{"$f":"IF(ISNA(INDEX(CTS!$T:$T,MATCH(E138,CTS!$E:$E,0))),\"\",(INDEX(CTS!$T:$T,MATCH(E138,CTS!$E:$E,0))))","v":150},{"$f":"IF(ISNA(INDEX(CTS!$U:$U,MATCH(E138,CTS!$E:$E,0))),\"\",(INDEX(CTS!$U:$U,MATCH(E138,CTS!$E:$E,0))))","v":0},{"$f":"IF(ISNA(INDEX(CTS!$V:$V,MATCH(E138,CTS!$E:$E,0))),\"\",(INDEX(CTS!$V:$V,MATCH(E138,CTS!$E:$E,0))))","v":150},{"$f":"IFERROR(INDEX(CTS!$A:$A,MATCH(E138,CTS!$E:$E,0)),\".\")","v":"P"},{"$f":"IFERROR(IFERROR(INDEX(#REF!,MATCH(E138,#REF!,0)),IFERROR(INDEX(#REF!,MATCH(E138,#REF!,0)),INDEX(#REF!,MATCH(E138,#REF!,0)) )),\".\")","v":"."},null,{"$f":"IFERROR(VLOOKUP(E138,#REF!,8,FALSE),IFERROR(VLOOKUP(E138,#REF!,8,FALSE),IFERROR(VLOOKUP(E138,#REF!,8,FALSE),\"\")))","v":""},".-."]
[134,{"$f":"IFERROR(DAY(CTR[[#This Row],[Date]]),\"\")","v":11},{"$f":"IFERROR(MONTH(CTR[[#This Row],[Date]]),\"\")","v":1},{"$f":"IF(ISNA(INDEX(CTS!C:C,MATCH(E139,CTS!$E:$E,0))),\"\",(INDEX(CTS!C:C,MATCH(E139,CTS!$E:$E,0))))","v":44207},"01-134",{"$f":"IF(ISNA(INDEX(CTS!$F:$F,MATCH(E139,CTS!$E:$E,0))),\"\",(INDEX(CTS!$F:$F,MATCH(E139,CTS!$E:$E,0))))","v":"BEA"},{"$f":"IF(ISNA(INDEX(CTS!$N:$N,MATCH(E139,CTS!$E:$E,0))),\"\",(INDEX(CTS!$N:$N,MATCH(E139,CTS!$E:$E,0))))","v":134.45378151260505},{"$f":"IF(ISNA(INDEX(CTS!$O:$O,MATCH(E139,CTS!$E:$E,0))),\"\",(INDEX(CTS!$O:$O,MATCH(E139,CTS!$E:$E,0))))","v":0},{"$f":"IF(ISNA(INDEX(CTS!$P:$P,MATCH(E139,CTS!$E:$E,0))),\"\",(INDEX(CTS!$P:$P,MATCH(E139,CTS!$E:$E,0))))","v":0},{"$f":"IF(ISNA(INDEX(CTS!$Q:$Q,MATCH(E139,CTS!$E:$E,0))),\"\",(INDEX(CTS!$Q:$Q,MATCH(E139,CTS!$E:$E,0))))","v":134.45378151260505},{"$f":"IF(ISNA(INDEX(CTS!$S:$S,MATCH(E139,CTS!$E:$E,0))),\"\",(INDEX(CTS!$S:$S,MATCH(E139,CTS!$E:$E,0))))","v":25.54621848739496},{"$f":"IF(ISNA(INDEX(CTS!$T:$T,MATCH(E139,CTS!$E:$E,0))),\"\",(INDEX(CTS!$T:$T,MATCH(E139,CTS!$E:$E,0))))","v":160},{"$f":"IF(ISNA(INDEX(CTS!$U:$U,MATCH(E139,CTS!$E:$E,0))),\"\",(INDEX(CTS!$U:$U,MATCH(E139,CTS!$E:$E,0))))","v":10},{"$f":"IF(ISNA(INDEX(CTS!$V:$V,MATCH(E139,CTS!$E:$E,0))),\"\",(INDEX(CTS!$V:$V,MATCH(E139,CTS!$E:$E,0))))","v":150},{"$f":"IFERROR(INDEX(CTS!$A:$A,MATCH(E139,CTS!$E:$E,0)),\".\")","v":"F"},{"$f":"IFERROR(IFERROR(INDEX(#REF!,MATCH(E139,#REF!,0)),IFERROR(INDEX(#REF!,MATCH(E139,#REF!,0)),INDEX(#REF!,MATCH(E139,#REF!,0)) )),\".\")","v":"."},null,{"$f":"IFERROR(VLOOKUP(E139,#REF!,8,FALSE),IFERROR(VLOOKUP(E139,#REF!,8,FALSE),IFERROR(VLOOKUP(E139,#REF!,8,FALSE),\"\")))","v":""},".-."]
[135,{"$f":"IFERROR(DAY(CTR[[#This Row],[Date]]),\"\")","v":11},{"$f":"IFERROR(MONTH(CTR[[#This Row],[Date]]),\"\")","v":1},{"$f":"IF(ISNA(INDEX(CTS!C:C,MATCH(E140,CTS!$E:$E,0))),\"\",(INDEX(CTS!C:C,MATCH(E140,CTS!$E:$E,0))))","v":44207},"01-135",{"$f":"IF(ISNA(INDEX(CTS!$F:$F,MATCH(E140,CTS!$E:$E,0))),\"\",(INDEX(CTS!$F:$F,MATCH(E140,CTS!$E:$E,0))))","v":"CLIENT"},{"$f":"IF(ISNA(INDEX(CTS!$N:$N,MATCH(E140,CTS!$E:$E,0))),\"\",(INDEX(CTS!$N:$N,MATCH(E140,CTS!$E:$E,0))))","v":1957.9831932773111},{"$f":"IF(ISNA(INDEX(CTS!$O:$O,MATCH(E140,CTS!$E:$E,0))),\"\",(INDEX(CTS!$O:$O,MATCH(E140,CTS!$E:$E,0))))","v":0},{"$f":"IF(ISNA(INDEX(CTS!$P:$P,MATCH(E140,CTS!$E:$E,0))),\"\",(INDEX(CTS!$P:$P,MATCH(E140,CTS!$E:$E,0))))","v":0},{"$f":"IF(ISNA(INDEX(CTS!$Q:$Q,MATCH(E140,CTS!$E:$E,0))),\"\",(INDEX(CTS!$Q:$Q,MATCH(E140,CTS!$E:$E,0))))","v":1957.9831932773111},{"$f":"IF(ISNA(INDEX(CTS!$S:$S,MATCH(E140,CTS!$E:$E,0))),\"\",(INDEX(CTS!$S:$S,MATCH(E140,CTS!$E:$E,0))))","v":372.01680672268913},{"$f":"IF(ISNA(INDEX(CTS!$T:$T,MATCH(E140,CTS!$E:$E,0))),\"\",(INDEX(CTS!$T:$T,MATCH(E140,CTS!$E:$E,0))))","v":2330},{"$f":"IF(ISNA(INDEX(CTS!$U:$U,MATCH(E140,CTS!$E:$E,0))),\"\",(INDEX(CTS!$U:$U,MATCH(E140,CTS!$E:$E,0))))","v":0},{"$f":"IF(ISNA(INDEX(CTS!$V:$V,MATCH(E140,CTS!$E:$E,0))),\"\",(INDEX(CTS!$V:$V,MATCH(E140,CTS!$E:$E,0))))","v":2330},{"$f":"IFERROR(INDEX(CTS!$A:$A,MATCH(E140,CTS!$E:$E,0)),\".\")","v":"P"},{"$f":"IFERROR(IFERROR(INDEX(#REF!,MATCH(E140,#REF!,0)),IFERROR(INDEX(#REF!,MATCH(E140,#REF!,0)),INDEX(#REF!,MATCH(E140,#REF!,0)) )),\".\")","v":"."},null,{"$f":"IFERROR(VLOOKUP(E140,#REF!,8,FALSE),IFERROR(VLOOKUP(E140,#REF!,8,FALSE),IFERROR(VLOOKUP(E140,#REF!,8,FALSE),\"\")))","v":""},".-."]
[136,{"$f":"IFERROR(DAY(CTR[[#This Row],[Date]]),\"\")","v":11},{"$f":"IFERROR(MONTH(CTR[[#This Row],[Date]]),\"\")","v":1},{"$f":"IF(ISNA(INDEX(CTS!C:C,MATCH(E141,CTS!$E:$E,0))),\"\",(INDEX(CTS!C:C,MATCH(E141,CTS!$E:$E,0))))","v":44207},"01-136",{"$f":"IF(ISNA(INDEX(CTS!$F:$F,MATCH(E141,CTS!$E:$E,0))),\"\",(INDEX(CTS!$F:$F,MATCH(E141,CTS!$E:$E,0))))","v":"CLIENT"},{"$f":"IF(ISNA(INDEX(CTS!$N:$N,MATCH(E141,CTS!$E:$E,0))),\"\",(INDEX(CTS!$N:$N,MATCH(E141,CTS!$E:$E,0))))","v":672.26890756302521},{"$f":"IF(ISNA(INDEX(CTS!$O:$O,MATCH(E141,CTS!$E:$E,0))),\"\",(INDEX(CTS!$O:$O,MATCH(E141,CTS!$E:$E,0))))","v":0},{"$f":"IF(ISNA(INDEX(CTS!$P:$P,MATCH(E141,CTS!$E:$E,0))),\"\",(INDEX(CTS!$P:$P,MATCH(E141,CTS!$E:$E,0))))","v":0},{"$f":"IF(ISNA(INDEX(CTS!$Q:$Q,MATCH(E141,CTS!$E:$E,0))),\"\",(INDEX(CTS!$Q:$Q,MATCH(E141,CTS!$E:$E,0))))","v":672.26890756302521},{"$f":"IF(ISNA(INDEX(CTS!$S:$S,MATCH(E141,CTS!$E:$E,0))),\"\",(INDEX(CTS!$S:$S,MATCH(E141,CTS!$E:$E,0))))","v":127.73109243697479},{"$f":"IF(ISNA(INDEX(CTS!$T:$T,MATCH(E141,CTS!$E:$E,0))),\"\",(INDEX(CTS!$T:$T,MATCH(E141,CTS!$E:$E,0))))","v":800},{"$f":"IF(ISNA(INDEX(CTS!$U:$U,MATCH(E141,CTS!$E:$E,0))),\"\",(INDEX(CTS!$U:$U,MATCH(E141,CTS!$E:$E,0))))","v":0},{"$f":"IF(ISNA(INDEX(CTS!$V:$V,MATCH(E141,CTS!$E:$E,0))),\"\",(INDEX(CTS!$V:$V,MATCH(E141,CTS!$E:$E,0))))","v":800},{"$f":"IFERROR(INDEX(CTS!$A:$A,MATCH(E141,CTS!$E:$E,0)),\".\")","v":"P"},{"$f":"IFERROR(IFERROR(INDEX(#REF!,MATCH(E141,#REF!,0)),IFERROR(INDEX(#REF!,MATCH(E141,#REF!,0)),INDEX(#REF!,MATCH(E141,#REF!,0)) )),\".\")","v":"."},null,{"$f":"IFERROR(VLOOKUP(E141,#REF!,8,FALSE),IFERROR(VLOOKUP(E141,#REF!,8,FALSE),IFERROR(VLOOKUP(E141,#REF!,8,FALSE),\"\")))","v":""},".-."]
[137,{"$f":"IFERROR(DAY(CTR[[#This Row],[Date]]),\"\")","v":13},{"$f":"IFERROR(MONTH(CTR[[#This Row],[Date]]),\"\")","v":1},{"$f":"IF(ISNA(INDEX(CTS!C:C,MATCH(E142,CTS!$E:$E,0))),\"\",(INDEX(CTS!C:C,MATCH(E142,CTS!$E:$E,0))))","v":44209},"01-137",{"$f":"IF(ISNA(INDEX(CTS!$F:$F,MATCH(E142,CTS!$E:$E,0))),\"\",(INDEX(CTS!$F:$F,MATCH(E142,CTS!$E:$E,0))))","v":"CLIENT"},{"$f":"IF(ISNA(INDEX(CTS!$N:$N,MATCH(E142,CTS!$E:$E,0))),\"\",(INDEX(CTS!$N:$N,MATCH(E142,CTS!$E:$E,0))))","v":42.016806722689076},{"$f":"IF(ISNA(INDEX(CTS!$O:$O,MATCH(E142,CTS!$E:$E,0))),\"\",(INDEX(CTS!$O:$O,MATCH(E142,CTS!$E:$E,0))))","v":0},{"$f":"IF(ISNA(INDEX(CTS!$P:$P,MATCH(E142,CTS!$E:$E,0))),\"\",(INDEX(CTS!$P:$P,MATCH(E142,CTS!$E:$E,0))))","v":0},{"$f":"IF(ISNA(INDEX(CTS!$Q:$Q,MATCH(E142,CTS!$E:$E,0))),\"\",(INDEX(CTS!$Q:$Q,MATCH(E142,CTS!$E:$E,0))))","v":42.016806722689076},{"$f":"IF(ISNA(INDEX(CTS!$S:$S,MATCH(E142,CTS!$E:$E,0))),\"\",(INDEX(CTS!$S:$S,MATCH(E142,CTS!$E:$E,0))))","v":7.9831932773109244},{"$f":"IF(ISNA(INDEX(CTS!$T:$T,MATCH(E142,CTS!$E:$E,0))),\"\",(INDEX(CTS!$T:$T,MATCH(E142,CTS!$E:$E,0))))","v":50},{"$f":"IF(ISNA(INDEX(CTS!$U:$U,MATCH(E142,CTS!$E:$E,0))),\"\",(INDEX(CTS!$U:$U,MATCH(E142,CTS!$E:$E,0))))","v":0},{"$f":"IF(ISNA(INDEX(CTS!$V:$V,MATCH(E142,CTS!$E:$E,0))),\"\",(INDEX(CTS!$V:$V,MATCH(E142,CTS!$E:$E,0))))","v":50},{"$f":"IFERROR(INDEX(CTS!$A:$A,MATCH(E142,CTS!$E:$E,0)),\".\")","v":"P"},{"$f":"IFERROR(IFERROR(INDEX(#REF!,MATCH(E142,#REF!,0)),IFERROR(INDEX(#REF!,MATCH(E142,#REF!,0)),INDEX(#REF!,MATCH(E142,#REF!,0)) )),\".\")","v":"."},null,{"$f":"IFERROR(VLOOKUP(E142,#REF!,8,FALSE),IFERROR(VLOOKUP(E142,#REF!,8,FALSE),IFERROR(VLOOKUP(E142,#REF!,8,FALSE),\"\")))","v":""},".-."]
[138,{"$f":"IFERROR(DAY(CTR[[#This Row],[Date]]),\"\")","v":13},{"$f":"IFERROR(MONTH(CTR[[#This Row],[Date]]),\"\")","v":1},{"$f":"IF(ISNA(INDEX(CTS!C:C,MATCH(E143,CTS!$E:$E,0))),\"\",(INDEX(CTS!C:C,MATCH(E143,CTS!$E:$E,0))))","v":44209},"01-138",{"$f":"IF(ISNA(INDEX(CTS!$F:$F,MATCH(E143,CTS!$E:$E,0))),\"\",(INDEX(CTS!$F:$F,MATCH(E143,CTS!$E:$E,0))))","v":"CLIENT"},{"$f":"IF(ISNA(INDEX(CTS!$N:$N,MATCH(E143,CTS!$E:$E,0))),\"\",(INDEX(CTS!$N:$N,MATCH(E143,CTS!$E:$E,0))))","v":92.436974789915979},{"$f":"IF(ISNA(INDEX(CTS!$O:$O,MATCH(E143,CTS!$E:$E,0))),\"\",(INDEX(CTS!$O:$O,MATCH(E143,CTS!$E:$E,0))))","v":0},{"$f":"IF(ISNA(INDEX(CTS!$P:$P,MATCH(E143,CTS!$E:$E,0))),\"\",(INDEX(CTS!$P:$P,MATCH(E143,CTS!$E:$E,0))))","v":0},{"$f":"IF(ISNA(INDEX(CTS!$Q:$Q,MATCH(E143,CTS!$E:$E,0))),\"\",(INDEX(CTS!$Q:$Q,MATCH(E143,CTS!$E:$E,0))))","v":92.436974789915979},{"$f":"IF(ISNA(INDEX(CTS!$S:$S,MATCH(E143,CTS!$E:$E,0))),\"\",(INDEX(CTS!$S:$S,MATCH(E143,CTS!$E:$E,0))))","v":17.563025210084035},{"$f":"IF(ISNA(INDEX(CTS!$T:$T,MATCH(E143,CTS!$E:$E,0))),\"\",(INDEX(CTS!$T:$T,MATCH(E143,CTS!$E:$E,0))))","v":110.00000000000001},{"$f":"IF(ISNA(INDEX(CTS!$U:$U,MATCH(E143,CTS!$E:$E,0))),\"\",(INDEX(CTS!$U:$U,MATCH(E143,CTS!$E:$E,0))))","v":0},{"$f":"IF(ISNA(INDEX(CTS!$V:$V,MATCH(E143,CTS!$E:$E,0))),\"\",(INDEX(CTS!$V:$V,MATCH(E143,CTS!$E:$E,0))))","v":110.00000000000001},{"$f":"IFERROR(INDEX(CTS!$A:$A,MATCH(E143,CTS!$E:$E,0)),\".\")","v":"P"},{"$f":"IFERROR(IFERROR(INDEX(#REF!,MATCH(E143,#REF!,0)),IFERROR(INDEX(#REF!,MATCH(E143,#REF!,0)),INDEX(#REF!,MATCH(E143,#REF!,0)) )),\".\")","v":"."},null,{"$f":"IFERROR(VLOOKUP(E143,#REF!,8,FALSE),IFERROR(VLOOKUP(E143,#REF!,8,FALSE),IFERROR(VLOOKUP(E143,#REF!,8,FALSE),\"\")))","v":""},".-."]
[139,{"$f":"IFERROR(DAY(CTR[[#This Row],[Date]]),\"\")","v":13},{"$f":"IFERROR(MONTH(CTR[[#This Row],[Date]]),\"\")","v":1},{"$f":"IF(ISNA(INDEX(CTS!C:C,MATCH(E144,CTS!$E:$E,0))),\"\",(INDEX(CTS!C:C,MATCH(E144,CTS!$E:$E,0))))","v":44209},"01-139",{"$f":"IF(ISNA(INDEX(CTS!$F:$F,MATCH(E144,CTS!$E:$E,0))),\"\",(INDEX(CTS!$F:$F,MATCH(E144,CTS!$E:$E,0))))","v":"CLIENT"},{"$f":"IF(ISNA(INDEX(CTS!$N:$N,MATCH(E144,CTS!$E:$E,0))),\"\",(INDEX(CTS!$N:$N,MATCH(E144,CTS!$E:$E,0))))","v":2049.705882352941},{"$f":"IF(ISNA(INDEX(CTS!$O:$O,MATCH(E144,CTS!$E:$E,0))),\"\",(INDEX(CTS!$O:$O,MATCH(E144,CTS!$E:$E,0))))","v":0},{"$f":"IF(ISNA(INDEX(CTS!$P:$P,MATCH(E144,CTS!$E:$E,0))),\"\",(INDEX(CTS!$P:$P,MATCH(E144,CTS!$E:$E,0))))","v":0},{"$f":"IF(ISNA(INDEX(CTS!$Q:$Q,MATCH(E144,CTS!$E:$E,0))),\"\",(INDEX(CTS!$Q:$Q,MATCH(E144,CTS!$E:$E,0))))","v":2049.705882352941},{"$f":"IF(ISNA(INDEX(CTS!$S:$S,MATCH(E144,CTS!$E:$E,0))),\"\",(INDEX(CTS!$S:$S,MATCH(E144,CTS!$E:$E,0))))","v":389.44411764705882},{"$f":"IF(ISNA(INDEX(CTS!$T:$T,MATCH(E144,CTS!$E:$E,0))),\"\",(INDEX(CTS!$T:$T,MATCH(E144,CTS!$E:$E,0))))","v":2439.1499999999996},{"$f":"IF(ISNA(INDEX(CTS!$U:$U,MATCH(E144,CTS!$E:$E,0))),\"\",(INDEX(CTS!$U:$U,MATCH(E144,CTS!$E:$E,0))))","v":0},{"$f":"IF(ISNA(INDEX(CTS!$V:$V,MATCH(E144,CTS!$E:$E,0))),\"\",(INDEX(CTS!$V:$V,MATCH(E144,CTS!$E:$E,0))))","v":2439.1499999999996},{"$f":"IFERROR(INDEX(CTS!$A:$A,MATCH(E144,CTS!$E:$E,0)),\".\")","v":"P"},{"$f":"IFERROR(IFERROR(INDEX(#REF!,MATCH(E144,#REF!,0)),IFERROR(INDEX(#REF!,MATCH(E144,#REF!,0)),INDEX(#REF!,MATCH(E144,#REF!,0)) )),\".\")","v":"."},null,{"$f":"IFERROR(VLOOKUP(E144,#REF!,8,FALSE),IFERROR(VLOOKUP(E144,#REF!,8,FALSE),IFERROR(VLOOKUP(E144,#REF!,8,FALSE),\"\")))","v":""},".-."]
[140,{"$f":"IFERROR(DAY(CTR[[#This Row],[Date]]),\"\")","v":13},{"$f":"IFERROR(MONTH(CTR[[#This Row],[Date]]),\"\")","v":1},{"$f":"IF(ISNA(INDEX(CTS!C:C,MATCH(E145,CTS!$E:$E,0))),\"\",(INDEX(CTS!C:C,MATCH(E145,CTS!$E:$E,0))))","v":44209},"01-140",{"$f":"IF(ISNA(INDEX(CTS!$F:$F,MATCH(E145,CTS!$E:$E,0))),\"\",(INDEX(CTS!$F:$F,MATCH(E145,CTS!$E:$E,0))))","v":"CLIENT"},{"$f":"IF(ISNA(INDEX(CTS!$N:$N,MATCH(E145,CTS!$E:$E,0))),\"\",(INDEX(CTS!$N:$N,MATCH(E145,CTS!$E:$E,0))))","v":16.806722689075631},{"$f":"IF(ISNA(INDEX(CTS!$O:$O,MATCH(E145,CTS!$E:$E,0))),\"\",(INDEX(CTS!$O:$O,MATCH(E145,CTS!$E:$E,0))))","v":0},{"$f":"IF(ISNA(INDEX(CTS!$P:$P,MATCH(E145,CTS!$E:$E,0))),\"\",(INDEX(CTS!$P:$P,MATCH(E145,CTS!$E:$E,0))))","v":0},{"$f":"IF(ISNA(INDEX(CTS!$Q:$Q,MATCH(E145,CTS!$E:$E,0))),\"\",(INDEX(CTS!$Q:$Q,MATCH(E145,CTS!$E:$E,0))))","v":16.806722689075631},{"$f":"IF(ISNA(INDEX(CTS!$S:$S,MATCH(E145,CTS!$E:$E,0))),\"\",(INDEX(CTS!$S:$S,MATCH(E145,CTS!$E:$E,0))))","v":3.1932773109243699},{"$f":"IF(ISNA(INDEX(CTS!$T:$T,MATCH(E145,CTS!$E:$E,0))),\"\",(INDEX(CTS!$T:$T,MATCH(E145,CTS!$E:$E,0))))","v":20},{"$f":"IF(ISNA(INDEX(CTS!$U:$U,MATCH(E145,CTS!$E:$E,0))),\"\",(INDEX(CTS!$U:$U,MATCH(E145,CTS!$E:$E,0))))","v":0},{"$f":"IF(ISNA(INDEX(CTS!$V:$V,MATCH(E145,CTS!$E:$E,0))),\"\",(INDEX(CTS!$V:$V,MATCH(E145,CTS!$E:$E,0))))","v":20},{"$f":"IFERROR(INDEX(CTS!$A:$A,MATCH(E145,CTS!$E:$E,0)),\".\")","v":"P"},{"$f":"IFERROR(IFERROR(INDEX(#REF!,MATCH(E145,#REF!,0)),IFERROR(INDEX(#REF!,MATCH(E145,#REF!,0)),INDEX(#REF!,MATCH(E145,#REF!,0)) )),\".\")","v":"."},null,{"$f":"IFERROR(VLOOKUP(E145,#REF!,8,FALSE),IFERROR(VLOOKUP(E145,#REF!,8,FALSE),IFERROR(VLOOKUP(E145,#REF!,8,FALSE),\"\")))","v":""},".-."]
[141,{"$f":"IFERROR(DAY(CTR[[#This Row],[Date]]),\"\")","v":13},{"$f":"IFERROR(MONTH(CTR[[#This Row],[Date]]),\"\")","v":1},{"$f":"IF(ISNA(INDEX(CTS!C:C,MATCH(E146,CTS!$E:$E,0))),\"\",(INDEX(CTS!C:C,MATCH(E146,CTS!$E:$E,0))))","v":44209},"01-141",{"$f":"IF(ISNA(INDEX(CTS!$F:$F,MATCH(E146,CTS!$E:$E,0))),\"\",(INDEX(CTS!$F:$F,MATCH(E146,CTS!$E:$E,0))))","v":"CLIENT"},{"$f":"IF(ISNA(INDEX(CTS!$N:$N,MATCH(E146,CTS!$E:$E,0))),\"\",(INDEX(CTS!$N:$N,MATCH(E146,CTS!$E:$E,0))))","v":502.52100840336141},{"$f":"IF(ISNA(INDEX(CTS!$O:$O,MATCH(E146,CTS!$E:$E,0))),\"\",(INDEX(CTS!$O:$O,MATCH(E146,CTS!$E:$E,0))))","v":0},{"$f":"IF(ISNA(INDEX(CTS!$P:$P,MATCH(E146,CTS!$E:$E,0))),\"\",(INDEX(CTS!$P:$P,MATCH(E146,CTS!$E:$E,0))))","v":0},{"$f":"IF(ISNA(INDEX(CTS!$Q:$Q,MATCH(E146,CTS!$E:$E,0))),\"\",(INDEX(CTS!$Q:$Q,MATCH(E146,CTS!$E:$E,0))))","v":502.52100840336141},{"$f":"IF(ISNA(INDEX(CTS!$S:$S,MATCH(E146,CTS!$E:$E,0))),\"\",(INDEX(CTS!$S:$S,MATCH(E146,CTS!$E:$E,0))))","v":95.478991596638664},{"$f":"IF(ISNA(INDEX(CTS!$T:$T,MATCH(E146,CTS!$E:$E,0))),\"\",(INDEX(CTS!$T:$T,MATCH(E146,CTS!$E:$E,0))))","v":598.00000000000011},{"$f":"IF(ISNA(INDEX(CTS!$U:$U,MATCH(E146,CTS!$E:$E,0))),\"\",(INDEX(CTS!$U:$U,MATCH(E146,CTS!$E:$E,0))))","v":0},{"$f":"IF(ISNA(INDEX(CTS!$V:$V,MATCH(E146,CTS!$E:$E,0))),\"\",(INDEX(CTS!$V:$V,MATCH(E146,CTS!$E:$E,0))))","v":598.00000000000011},{"$f":"IFERROR(INDEX(CTS!$A:$A,MATCH(E146,CTS!$E:$E,0)),\".\")","v":"P"},{"$f":"IFERROR(IFERROR(INDEX(#REF!,MATCH(E146,#REF!,0)),IFERROR(INDEX(#REF!,MATCH(E146,#REF!,0)),INDEX(#REF!,MATCH(E146,#REF!,0)) )),\".\")","v":"."},null,{"$f":"IFERROR(VLOOKUP(E146,#REF!,8,FALSE),IFERROR(VLOOKUP(E146,#REF!,8,FALSE),IFERROR(VLOOKUP(E146,#REF!,8,FALSE),\"\")))","v":""},".-."]
[142,{"$f":"IFERROR(DAY(CTR[[#This Row],[Date]]),\"\")","v":13},{"$f":"IFERROR(MONTH(CTR[[#This Row],[Date]]),\"\")","v":1},{"$f":"IF(ISNA(INDEX(CTS!C:C,MATCH(E147,CTS!$E:$E,0))),\"\",(INDEX(CTS!C:C,MATCH(E147,CTS!$E:$E,0))))","v":44209},"01-142",{"$f":"IF(ISNA(INDEX(CTS!$F:$F,MATCH(E147,CTS!$E:$E,0))),\"\",(INDEX(CTS!$F:$F,MATCH(E147,CTS!$E:$E,0))))","v":"CLIENT"},{"$f":"IF(ISNA(INDEX(CTS!$N:$N,MATCH(E147,CTS!$E:$E,0))),\"\",(INDEX(CTS!$N:$N,MATCH(E147,CTS!$E:$E,0))))","v":50.420168067226896},{"$f":"IF(ISNA(INDEX(CTS!$O:$O,MATCH(E147,CTS!$E:$E,0))),\"\",(INDEX(CTS!$O:$O,MATCH(E147,CTS!$E:$E,0))))","v":0},{"$f":"IF(ISNA(INDEX(CTS!$P:$P,MATCH(E147,CTS!$E:$E,0))),\"\",(INDEX(CTS!$P:$P,MATCH(E147,CTS!$E:$E,0))))","v":0},{"$f":"IF(ISNA(INDEX(CTS!$Q:$Q,MATCH(E147,CTS!$E:$E,0))),\"\",(INDEX(CTS!$Q:$Q,MATCH(E147,CTS!$E:$E,0))))","v":50.420168067226896},{"$f":"IF(ISNA(INDEX(CTS!$S:$S,MATCH(E147,CTS!$E:$E,0))),\"\",(INDEX(CTS!$S:$S,MATCH(E147,CTS!$E:$E,0))))","v":9.5798319327731107},{"$f":"IF(ISNA(INDEX(CTS!$T:$T,MATCH(E147,CTS!$E:$E,0))),\"\",(INDEX(CTS!$T:$T,MATCH(E147,CTS!$E:$E,0))))","v":60.000000000000007},{"$f":"IF(ISNA(INDEX(CTS!$U:$U,MATCH(E147,CTS!$E:$E,0))),\"\",(INDEX(CTS!$U:$U,MATCH(E147,CTS!$E:$E,0))))","v":0},{"$f":"IF(ISNA(INDEX(CTS!$V:$V,MATCH(E147,CTS!$E:$E,0))),\"\",(INDEX(CTS!$V:$V,MATCH(E147,CTS!$E:$E,0))))","v":60.000000000000007},{"$f":"IFERROR(INDEX(CTS!$A:$A,MATCH(E147,CTS!$E:$E,0)),\".\")","v":"P"},{"$f":"IFERROR(IFERROR(INDEX(#REF!,MATCH(E147,#REF!,0)),IFERROR(INDEX(#REF!,MATCH(E147,#REF!,0)),INDEX(#REF!,MATCH(E147,#REF!,0)) )),\".\")","v":"."},null,{"$f":"IFERROR(VLOOKUP(E147,#REF!,8,FALSE),IFERROR(VLOOKUP(E147,#REF!,8,FALSE),IFERROR(VLOOKUP(E147,#REF!,8,FALSE),\"\")))","v":""},".-."]
[143,{"$f":"IFERROR(DAY(CTR[[#This Row],[Date]]),\"\")","v":13},{"$f":"IFERROR(MONTH(CTR[[#This Row],[Date]]),\"\")","v":1},{"$f":"IF(ISNA(INDEX(CTS!C:C,MATCH(E148,CTS!$E:$E,0))),\"\",(INDEX(CTS!C:C,MATCH(E148,CTS!$E:$E,0))))","v":44209},"01-143",{"$f":"IF(ISNA(INDEX(CTS!$F:$F,MATCH(E148,CTS!$E:$E,0))),\"\",(INDEX(CTS!$F:$F,MATCH(E148,CTS!$E:$E,0))))","v":"CLIENT"},{"$f":"IF(ISNA(INDEX(CTS!$N:$N,MATCH(E148,CTS!$E:$E,0))),\"\",(INDEX(CTS!$N:$N,MATCH(E148,CTS!$E:$E,0))))","v":1289.0756302521008},{"$f":"IF(ISNA(INDEX(CTS!$O:$O,MATCH(E148,CTS!$E:$E,0))),\"\",(INDEX(CTS!$O:$O,MATCH(E148,CTS!$E:$E,0))))","v":0},{"$f":"IF(ISNA(INDEX(CTS!$P:$P,MATCH(E148,CTS!$E:$E,0))),\"\",(INDEX(CTS!$P:$P,MATCH(E148,CTS!$E:$E,0))))","v":0},{"$f":"IF(ISNA(INDEX(CTS!$Q:$Q,MATCH(E148,CTS!$E:$E,0))),\"\",(INDEX(CTS!$Q:$Q,MATCH(E148,CTS!$E:$E,0))))","v":1289.0756302521008},{"$f":"IF(ISNA(INDEX(CTS!$S:$S,MATCH(E148,CTS!$E:$E,0))),\"\",(INDEX(CTS!$S:$S,MATCH(E148,CTS!$E:$E,0))))","v":244.92436974789916},{"$f":"IF(ISNA(INDEX(CTS!$T:$T,MATCH(E148,CTS!$E:$E,0))),\"\",(INDEX(CTS!$T:$T,MATCH(E148,CTS!$E:$E,0))))","v":1534},{"$f":"IF(ISNA(INDEX(CTS!$U:$U,MATCH(E148,CTS!$E:$E,0))),\"\",(INDEX(CTS!$U:$U,MATCH(E148,CTS!$E:$E,0))))","v":0},{"$f":"IF(ISNA(INDEX(CTS!$V:$V,MATCH(E148,CTS!$E:$E,0))),\"\",(INDEX(CTS!$V:$V,MATCH(E148,CTS!$E:$E,0))))","v":1534},{"$f":"IFERROR(INDEX(CTS!$A:$A,MATCH(E148,CTS!$E:$E,0)),\".\")","v":"P"},{"$f":"IFERROR(IFERROR(INDEX(#REF!,MATCH(E148,#REF!,0)),IFERROR(INDEX(#REF!,MATCH(E148,#REF!,0)),INDEX(#REF!,MATCH(E148,#REF!,0)) )),\".\")","v":"."},null,{"$f":"IFERROR(VLOOKUP(E148,#REF!,8,FALSE),IFERROR(VLOOKUP(E148,#REF!,8,FALSE),IFERROR(VLOOKUP(E148,#REF!,8,FALSE),\"\")))","v":""},".-."]
[144,{"$f":"IFERROR(DAY(CTR[[#This Row],[Date]]),\"\")","v":13},{"$f":"IFERROR(MONTH(CTR[[#This Row],[Date]]),\"\")","v":1},{"$f":"IF(ISNA(INDEX(CTS!C:C,MATCH(E149,CTS!$E:$E,0))),\"\",(INDEX(CTS!C:C,MATCH(E149,CTS!$E:$E,0))))","v":44209},"01-144",{"$f":"IF(ISNA(INDEX(CTS!$F:$F,MATCH(E149,CTS!$E:$E,0))),\"\",(INDEX(CTS!$F:$F,MATCH(E149,CTS!$E:$E,0))))","v":"CLIENT"},{"$f":"IF(ISNA(INDEX(CTS!$N:$N,MATCH(E149,CTS!$E:$E,0))),\"\",(INDEX(CTS!$N:$N,MATCH(E149,CTS!$E:$E,0))))","v":54.621848739495803},{"$f":"IF(ISNA(INDEX(CTS!$O:$O,MATCH(E149,CTS!$E:$E,0))),\"\",(INDEX(CTS!$O:$O,MATCH(E149,CTS!$E:$E,0))))","v":0},{"$f":"IF(ISNA(INDEX(CTS!$P:$P,MATCH(E149,CTS!$E:$E,0))),\"\",(INDEX(CTS!$P:$P,MATCH(E149,CTS!$E:$E,0))))","v":0},{"$f":"IF(ISNA(INDEX(CTS!$Q:$Q,MATCH(E149,CTS!$E:$E,0))),\"\",(INDEX(CTS!$Q:$Q,MATCH(E149,CTS!$E:$E,0))))","v":54.621848739495803},{"$f":"IF(ISNA(INDEX(CTS!$S:$S,MATCH(E149,CTS!$E:$E,0))),\"\",(INDEX(CTS!$S:$S,MATCH(E149,CTS!$E:$E,0))))","v":10.378151260504202},{"$f":"IF(ISNA(INDEX(CTS!$T:$T,MATCH(E149,CTS!$E:$E,0))),\"\",(INDEX(CTS!$T:$T,MATCH(E149,CTS!$E:$E,0))))","v":65},{"$f":"IF(ISNA(INDEX(CTS!$U:$U,MATCH(E149,CTS!$E:$E,0))),\"\",(INDEX(CTS!$U:$U,MATCH(E149,CTS!$E:$E,0))))","v":0},{"$f":"IF(ISNA(INDEX(CTS!$V:$V,MATCH(E149,CTS!$E:$E,0))),\"\",(INDEX(CTS!$V:$V,MATCH(E149,CTS!$E:$E,0))))","v":65},{"$f":"IFERROR(INDEX(CTS!$A:$A,MATCH(E149,CTS!$E:$E,0)),\".\")","v":"P"},{"$f":"IFERROR(IFERROR(INDEX(#REF!,MATCH(E149,#REF!,0)),IFERROR(INDEX(#REF!,MATCH(E149,#REF!,0)),INDEX(#REF!,MATCH(E149,#REF!,0)) )),\".\")","v":"."},null,{"$f":"IFERROR(VLOOKUP(E149,#REF!,8,FALSE),IFERROR(VLOOKUP(E149,#REF!,8,FALSE),IFERROR(VLOOKUP(E149,#REF!,8,FALSE),\"\")))","v":""},".-."]
[145,{"$f":"IFERROR(DAY(CTR[[#This Row],[Date]]),\"\")","v":13},{"$f":"IFERROR(MONTH(CTR[[#This Row],[Date]]),\"\")","v":1},{"$f":"IF(ISNA(INDEX(CTS!C:C,MATCH(E150,CTS!$E:$E,0))),\"\",(INDEX(CTS!C:C,MATCH(E150,CTS!$E:$E,0))))","v":44209},"01-145",{"$f":"IF(ISNA(INDEX(CTS!$F:$F,MATCH(E150,CTS!$E:$E,0))),\"\",(INDEX(CTS!$F:$F,MATCH(E150,CTS!$E:$E,0))))","v":"CLIENT"},{"$f":"IF(ISNA(INDEX(CTS!$N:$N,MATCH(E150,CTS!$E:$E,0))),\"\",(INDEX(CTS!$N:$N,MATCH(E150,CTS!$E:$E,0))))","v":336.1344537815126},{"$f":"IF(ISNA(INDEX(CTS!$O:$O,MATCH(E150,CTS!$E:$E,0))),\"\",(INDEX(CTS!$O:$O,MATCH(E150,CTS!$E:$E,0))))","v":0},{"$f":"IF(ISNA(INDEX(CTS!$P:$P,MATCH(E150,CTS!$E:$E,0))),\"\",(INDEX(CTS!$P:$P,MATCH(E150,CTS!$E:$E,0))))","v":0},{"$f":"IF(ISNA(INDEX(CTS!$Q:$Q,MATCH(E150,CTS!$E:$E,0))),\"\",(INDEX(CTS!$Q:$Q,MATCH(E150,CTS!$E:$E,0))))","v":336.1344537815126},{"$f":"IF(ISNA(INDEX(CTS!$S:$S,MATCH(E150,CTS!$E:$E,0))),\"\",(INDEX(CTS!$S:$S,MATCH(E150,CTS!$E:$E,0))))","v":63.865546218487395},{"$f":"IF(ISNA(INDEX(CTS!$T:$T,MATCH(E150,CTS!$E:$E,0))),\"\",(INDEX(CTS!$T:$T,MATCH(E150,CTS!$E:$E,0))))","v":400},{"$f":"IF(ISNA(INDEX(CTS!$U:$U,MATCH(E150,CTS!$E:$E,0))),\"\",(INDEX(CTS!$U:$U,MATCH(E150,CTS!$E:$E,0))))","v":0},{"$f":"IF(ISNA(INDEX(CTS!$V:$V,MATCH(E150,CTS!$E:$E,0))),\"\",(INDEX(CTS!$V:$V,MATCH(E150,CTS!$E:$E,0))))","v":400},{"$f":"IFERROR(INDEX(CTS!$A:$A,MATCH(E150,CTS!$E:$E,0)),\".\")","v":"P"},{"$f":"IFERROR(IFERROR(INDEX(#REF!,MATCH(E150,#REF!,0)),IFERROR(INDEX(#REF!,MATCH(E150,#REF!,0)),INDEX(#REF!,MATCH(E150,#REF!,0)) )),\".\")","v":"."},null,{"$f":"IFERROR(VLOOKUP(E150,#REF!,8,FALSE),IFERROR(VLOOKUP(E150,#REF!,8,FALSE),IFERROR(VLOOKUP(E150,#REF!,8,FALSE),\"\")))","v":""},".-."]
[146,{"$f":"IFERROR(DAY(CTR[[#This Row],[Date]]),\"\")","v":13},{"$f":"IFERROR(MONTH(CTR[[#This Row],[Date]]),\"\")","v":1},{"$f":"IF(ISNA(INDEX(CTS!C:C,MATCH(E151,CTS!$E:$E,0))),\"\",(INDEX(CTS!C:C,MATCH(E151,CTS!$E:$E,0))))","v":44209},"01-146",{"$f":"IF(ISNA(INDEX(CTS!$F:$F,MATCH(E151,CTS!$E:$E,0))),\"\",(INDEX(CTS!$F:$F,MATCH(E151,CTS!$E:$E,0))))","v":"CLIENT"},{"$f":"IF(ISNA(INDEX(CTS!$N:$N,MATCH(E151,CTS!$E:$E,0))),\"\",(INDEX(CTS!$N:$N,MATCH(E151,CTS!$E:$E,0))))","v":363.02521008403363},{"$f":"IF(ISNA(INDEX(CTS!$O:$O,MATCH(E151,CTS!$E:$E,0))),\"\",(INDEX(CTS!$O:$O,MATCH(E151,CTS!$E:$E,0))))","v":0},{"$f":"IF(ISNA(INDEX(CTS!$P:$P,MATCH(E151,CTS!$E:$E,0))),\"\",(INDEX(CTS!$P:$P,MATCH(E151,CTS!$E:$E,0))))","v":0},{"$f":"IF(ISNA(INDEX(CTS!$Q:$Q,MATCH(E151,CTS!$E:$E,0))),\"\",(INDEX(CTS!$Q:$Q,MATCH(E151,CTS!$E:$E,0))))","v":363.02521008403363},{"$f":"IF(ISNA(INDEX(CTS!$S:$S,MATCH(E151,CTS!$E:$E,0))),\"\",(INDEX(CTS!$S:$S,MATCH(E151,CTS!$E:$E,0))))","v":68.974789915966397},{"$f":"IF(ISNA(INDEX(CTS!$T:$T,MATCH(E151,CTS!$E:$E,0))),\"\",(INDEX(CTS!$T:$T,MATCH(E151,CTS!$E:$E,0))))","v":432},{"$f":"IF(ISNA(INDEX(CTS!$U:$U,MATCH(E151,CTS!$E:$E,0))),\"\",(INDEX(CTS!$U:$U,MATCH(E151,CTS!$E:$E,0))))","v":0},{"$f":"IF(ISNA(INDEX(CTS!$V:$V,MATCH(E151,CTS!$E:$E,0))),\"\",(INDEX(CTS!$V:$V,MATCH(E151,CTS!$E:$E,0))))","v":432},{"$f":"IFERROR(INDEX(CTS!$A:$A,MATCH(E151,CTS!$E:$E,0)),\".\")","v":"P"},{"$f":"IFERROR(IFERROR(INDEX(#REF!,MATCH(E151,#REF!,0)),IFERROR(INDEX(#REF!,MATCH(E151,#REF!,0)),INDEX(#REF!,MATCH(E151,#REF!,0)) )),\".\")","v":"."},null,{"$f":"IFERROR(VLOOKUP(E151,#REF!,8,FALSE),IFERROR(VLOOKUP(E151,#REF!,8,FALSE),IFERROR(VLOOKUP(E151,#REF!,8,FALSE),\"\")))","v":""},".-."]
[147,{"$f":"IFERROR(DAY(CTR[[#This Row],[Date]]),\"\")","v":13},{"$f":"IFERROR(MONTH(CTR[[#This Row],[Date]]),\"\")","v":1},{"$f":"IF(ISNA(INDEX(CTS!C:C,MATCH(E152,CTS!$E:$E,0))),\"\",(INDEX(CTS!C:C,MATCH(E152,CTS!$E:$E,0))))","v":44209},"01-147",{"$f":"IF(ISNA(INDEX(CTS!$F:$F,MATCH(E152,CTS!$E:$E,0))),\"\",(INDEX(CTS!$F:$F,MATCH(E152,CTS!$E:$E,0))))","v":"CLIENT"},{"$f":"IF(ISNA(INDEX(CTS!$N:$N,MATCH(E152,CTS!$E:$E,0))),\"\",(INDEX(CTS!$N:$N,MATCH(E152,CTS!$E:$E,0))))","v":403.36134453781517},{"$f":"IF(ISNA(INDEX(CTS!$O:$O,MATCH(E152,CTS!$E:$E,0))),\"\",(INDEX(CTS!$O:$O,MATCH(E152,CTS!$E:$E,0))))","v":0},{"$f":"IF(ISNA(INDEX(CTS!$P:$P,MATCH(E152,CTS!$E:$E,0))),\"\",(INDEX(CTS!$P:$P,MATCH(E152,CTS!$E:$E,0))))","v":0},{"$f":"IF(ISNA(INDEX(CTS!$Q:$Q,MATCH(E152,CTS!$E:$E,0))),\"\",(INDEX(CTS!$Q:$Q,MATCH(E152,CTS!$E:$E,0))))","v":403.36134453781517},{"$f":"IF(ISNA(INDEX(CTS!$S:$S,MATCH(E152,CTS!$E:$E,0))),\"\",(INDEX(CTS!$S:$S,MATCH(E152,CTS!$E:$E,0))))","v":76.638655462184886},{"$f":"IF(ISNA(INDEX(CTS!$T:$T,MATCH(E152,CTS!$E:$E,0))),\"\",(INDEX(CTS!$T:$T,MATCH(E152,CTS!$E:$E,0))))","v":480.00000000000006},{"$f":"IF(ISNA(INDEX(CTS!$U:$U,MATCH(E152,CTS!$E:$E,0))),\"\",(INDEX(CTS!$U:$U,MATCH(E152,CTS!$E:$E,0))))","v":0},{"$f":"IF(ISNA(INDEX(CTS!$V:$V,MATCH(E152,CTS!$E:$E,0))),\"\",(INDEX(CTS!$V:$V,MATCH(E152,CTS!$E:$E,0))))","v":480.00000000000006},{"$f":"IFERROR(INDEX(CTS!$A:$A,MATCH(E152,CTS!$E:$E,0)),\".\")","v":"P"},{"$f":"IFERROR(IFERROR(INDEX(#REF!,MATCH(E152,#REF!,0)),IFERROR(INDEX(#REF!,MATCH(E152,#REF!,0)),INDEX(#REF!,MATCH(E152,#REF!,0)) )),\".\")","v":"."},null,{"$f":"IFERROR(VLOOKUP(E152,#REF!,8,FALSE),IFERROR(VLOOKUP(E152,#REF!,8,FALSE),IFERROR(VLOOKUP(E152,#REF!,8,FALSE),\"\")))","v":""},".-."]
[148,{"$f":"IFERROR(DAY(CTR[[#This Row],[Date]]),\"\")","v":13},{"$f":"IFERROR(MONTH(CTR[[#This Row],[Date]]),\"\")","v":1},{"$f":"IF(ISNA(INDEX(CTS!C:C,MATCH(E153,CTS!$E:$E,0))),\"\",(INDEX(CTS!C:C,MATCH(E153,CTS!$E:$E,0))))","v":44209},"01-148",{"$f":"IF(ISNA(INDEX(CTS!$F:$F,MATCH(E153,CTS!$E:$E,0))),\"\",(INDEX(CTS!$F:$F,MATCH(E153,CTS!$E:$E,0))))","v":"CLIENT"},{"$f":"IF(ISNA(INDEX(CTS!$N:$N,MATCH(E153,CTS!$E:$E,0))),\"\",(INDEX(CTS!$N:$N,MATCH(E153,CTS!$E:$E,0))))","v":134.45378151260505},{"$f":"IF(ISNA(INDEX(CTS!$O:$O,MATCH(E153,CTS!$E:$E,0))),\"\",(INDEX(CTS!$O:$O,MATCH(E153,CTS!$E:$E,0))))","v":0},{"$f":"IF(ISNA(INDEX(CTS!$P:$P,MATCH(E153,CTS!$E:$E,0))),\"\",(INDEX(CTS!$P:$P,MATCH(E153,CTS!$E:$E,0))))","v":0},{"$f":"IF(ISNA(INDEX(CTS!$Q:$Q,MATCH(E153,CTS!$E:$E,0))),\"\",(INDEX(CTS!$Q:$Q,MATCH(E153,CTS!$E:$E,0))))","v":134.45378151260505},{"$f":"IF(ISNA(INDEX(CTS!$S:$S,MATCH(E153,CTS!$E:$E,0))),\"\",(INDEX(CTS!$S:$S,MATCH(E153,CTS!$E:$E,0))))","v":25.54621848739496},{"$f":"IF(ISNA(INDEX(CTS!$T:$T,MATCH(E153,CTS!$E:$E,0))),\"\",(INDEX(CTS!$T:$T,MATCH(E153,CTS!$E:$E,0))))","v":160},{"$f":"IF(ISNA(INDEX(CTS!$U:$U,MATCH(E153,CTS!$E:$E,0))),\"\",(INDEX(CTS!$U:$U,MATCH(E153,CTS!$E:$E,0))))","v":0},{"$f":"IF(ISNA(INDEX(CTS!$V:$V,MATCH(E153,CTS!$E:$E,0))),\"\",(INDEX(CTS!$V:$V,MATCH(E153,CTS!$E:$E,0))))","v":160},{"$f":"IFERROR(INDEX(CTS!$A:$A,MATCH(E153,CTS!$E:$E,0)),\".\")","v":"P"},{"$f":"IFERROR(IFERROR(INDEX(#REF!,MATCH(E153,#REF!,0)),IFERROR(INDEX(#REF!,MATCH(E153,#REF!,0)),INDEX(#REF!,MATCH(E153,#REF!,0)) )),\".\")","v":"."},null,{"$f":"IFERROR(VLOOKUP(E153,#REF!,8,FALSE),IFERROR(VLOOKUP(E153,#REF!,8,FALSE),IFERROR(VLOOKUP(E153,#REF!,8,FALSE),\"\")))","v":""},".-."]
[149,{"$f":"IFERROR(DAY(CTR[[#This Row],[Date]]),\"\")","v":13},{"$f":"IFERROR(MONTH(CTR[[#This Row],[Date]]),\"\")","v":1},{"$f":"IF(ISNA(INDEX(CTS!C:C,MATCH(E154,CTS!$E:$E,0))),\"\",(INDEX(CTS!C:C,MATCH(E154,CTS!$E:$E,0))))","v":44209},"01-149",{"$f":"IF(ISNA(INDEX(CTS!$F:$F,MATCH(E154,CTS!$E:$E,0))),\"\",(INDEX(CTS!$F:$F,MATCH(E154,CTS!$E:$E,0))))","v":"CLIENT"},{"$f":"IF(ISNA(INDEX(CTS!$N:$N,MATCH(E154,CTS!$E:$E,0))),\"\",(INDEX(CTS!$N:$N,MATCH(E154,CTS!$E:$E,0))))","v":268.9075630252101},{"$f":"IF(ISNA(INDEX(CTS!$O:$O,MATCH(E154,CTS!$E:$E,0))),\"\",(INDEX(CTS!$O:$O,MATCH(E154,CTS!$E:$E,0))))","v":0},{"$f":"IF(ISNA(INDEX(CTS!$P:$P,MATCH(E154,CTS!$E:$E,0))),\"\",(INDEX(CTS!$P:$P,MATCH(E154,CTS!$E:$E,0))))","v":0},{"$f":"IF(ISNA(INDEX(CTS!$Q:$Q,MATCH(E154,CTS!$E:$E,0))),\"\",(INDEX(CTS!$Q:$Q,MATCH(E154,CTS!$E:$E,0))))","v":268.9075630252101},{"$f":"IF(ISNA(INDEX(CTS!$S:$S,MATCH(E154,CTS!$E:$E,0))),\"\",(INDEX(CTS!$S:$S,MATCH(E154,CTS!$E:$E,0))))","v":51.092436974789919},{"$f":"IF(ISNA(INDEX(CTS!$T:$T,MATCH(E154,CTS!$E:$E,0))),\"\",(INDEX(CTS!$T:$T,MATCH(E154,CTS!$E:$E,0))))","v":320},{"$f":"IF(ISNA(INDEX(CTS!$U:$U,MATCH(E154,CTS!$E:$E,0))),\"\",(INDEX(CTS!$U:$U,MATCH(E154,CTS!$E:$E,0))))","v":0},{"$f":"IF(ISNA(INDEX(CTS!$V:$V,MATCH(E154,CTS!$E:$E,0))),\"\",(INDEX(CTS!$V:$V,MATCH(E154,CTS!$E:$E,0))))","v":320},{"$f":"IFERROR(INDEX(CTS!$A:$A,MATCH(E154,CTS!$E:$E,0)),\".\")","v":"P"},{"$f":"IFERROR(IFERROR(INDEX(#REF!,MATCH(E154,#REF!,0)),IFERROR(INDEX(#REF!,MATCH(E154,#REF!,0)),INDEX(#REF!,MATCH(E154,#REF!,0)) )),\".\")","v":"."},null,{"$f":"IFERROR(VLOOKUP(E154,#REF!,8,FALSE),IFERROR(VLOOKUP(E154,#REF!,8,FALSE),IFERROR(VLOOKUP(E154,#REF!,8,FALSE),\"\")))","v":""},".-."]
[150,{"$f":"IFERROR(DAY(CTR[[#This Row],[Date]]),\"\")","v":13},{"$f":"IFERROR(MONTH(CTR[[#This Row],[Date]]),\"\")","v":1},{"$f":"IF(ISNA(INDEX(CTS!C:C,MATCH(E155,CTS!$E:$E,0))),\"\",(INDEX(CTS!C:C,MATCH(E155,CTS!$E:$E,0))))","v":44209},"01-150",{"$f":"IF(ISNA(INDEX(CTS!$F:$F,MATCH(E155,CTS!$E:$E,0))),\"\",(INDEX(CTS!$F:$F,MATCH(E155,CTS!$E:$E,0))))","v":"CLIENT"},{"$f":"IF(ISNA(INDEX(CTS!$N:$N,MATCH(E155,CTS!$E:$E,0))),\"\",(INDEX(CTS!$N:$N,MATCH(E155,CTS!$E:$E,0))))","v":230.25210084033614},{"$f":"IF(ISNA(INDEX(CTS!$O:$O,MATCH(E155,CTS!$E:$E,0))),\"\",(INDEX(CTS!$O:$O,MATCH(E155,CTS!$E:$E,0))))","v":0},{"$f":"IF(ISNA(INDEX(CTS!$P:$P,MATCH(E155,CTS!$E:$E,0))),\"\",(INDEX(CTS!$P:$P,MATCH(E155,CTS!$E:$E,0))))","v":0},{"$f":"IF(ISNA(INDEX(CTS!$Q:$Q,MATCH(E155,CTS!$E:$E,0))),\"\",(INDEX(CTS!$Q:$Q,MATCH(E155,CTS!$E:$E,0))))","v":230.25210084033614},{"$f":"IF(ISNA(INDEX(CTS!$S:$S,MATCH(E155,CTS!$E:$E,0))),\"\",(INDEX(CTS!$S:$S,MATCH(E155,CTS!$E:$E,0))))","v":43.747899159663866},{"$f":"IF(ISNA(INDEX(CTS!$T:$T,MATCH(E155,CTS!$E:$E,0))),\"\",(INDEX(CTS!$T:$T,MATCH(E155,CTS!$E:$E,0))))","v":274},{"$f":"IF(ISNA(INDEX(CTS!$U:$U,MATCH(E155,CTS!$E:$E,0))),\"\",(INDEX(CTS!$U:$U,MATCH(E155,CTS!$E:$E,0))))","v":0},{"$f":"IF(ISNA(INDEX(CTS!$V:$V,MATCH(E155,CTS!$E:$E,0))),\"\",(INDEX(CTS!$V:$V,MATCH(E155,CTS!$E:$E,0))))","v":274},{"$f":"IFERROR(INDEX(CTS!$A:$A,MATCH(E155,CTS!$E:$E,0)),\".\")","v":"P"},{"$f":"IFERROR(IFERROR(INDEX(#REF!,MATCH(E155,#REF!,0)),IFERROR(INDEX(#REF!,MATCH(E155,#REF!,0)),INDEX(#REF!,MATCH(E155,#REF!,0)) )),\".\")","v":"."},null,{"$f":"IFERROR(VLOOKUP(E155,#REF!,8,FALSE),IFERROR(VLOOKUP(E155,#REF!,8,FALSE),IFERROR(VLOOKUP(E155,#REF!,8,FALSE),\"\")))","v":""},".-."]
[151,{"$f":"IFERROR(DAY(CTR[[#This Row],[Date]]),\"\")","v":13},{"$f":"IFERROR(MONTH(CTR[[#This Row],[Date]]),\"\")","v":1},{"$f":"IF(ISNA(INDEX(CTS!C:C,MATCH(E156,CTS!$E:$E,0))),\"\",(INDEX(CTS!C:C,MATCH(E156,CTS!$E:$E,0))))","v":44209},"01-151",{"$f":"IF(ISNA(INDEX(CTS!$F:$F,MATCH(E156,CTS!$E:$E,0))),\"\",(INDEX(CTS!$F:$F,MATCH(E156,CTS!$E:$E,0))))","v":"CLIENT"},{"$f":"IF(ISNA(INDEX(CTS!$N:$N,MATCH(E156,CTS!$E:$E,0))),\"\",(INDEX(CTS!$N:$N,MATCH(E156,CTS!$E:$E,0))))","v":1815.1260504201682},{"$f":"IF(ISNA(INDEX(CTS!$O:$O,MATCH(E156,CTS!$E:$E,0))),\"\",(INDEX(CTS!$O:$O,MATCH(E156,CTS!$E:$E,0))))","v":0},{"$f":"IF(ISNA(INDEX(CTS!$P:$P,MATCH(E156,CTS!$E:$E,0))),\"\",(INDEX(CTS!$P:$P,MATCH(E156,CTS!$E:$E,0))))","v":0},{"$f":"IF(ISNA(INDEX(CTS!$Q:$Q,MATCH(E156,CTS!$E:$E,0))),\"\",(INDEX(CTS!$Q:$Q,MATCH(E156,CTS!$E:$E,0))))","v":1815.1260504201682},{"$f":"IF(ISNA(INDEX(CTS!$S:$S,MATCH(E156,CTS!$E:$E,0))),\"\",(INDEX(CTS!$S:$S,MATCH(E156,CTS!$E:$E,0))))","v":344.87394957983196},{"$f":"IF(ISNA(INDEX(CTS!$T:$T,MATCH(E156,CTS!$E:$E,0))),\"\",(INDEX(CTS!$T:$T,MATCH(E156,CTS!$E:$E,0))))","v":2160},{"$f":"IF(ISNA(INDEX(CTS!$U:$U,MATCH(E156,CTS!$E:$E,0))),\"\",(INDEX(CTS!$U:$U,MATCH(E156,CTS!$E:$E,0))))","v":0},{"$f":"IF(ISNA(INDEX(CTS!$V:$V,MATCH(E156,CTS!$E:$E,0))),\"\",(INDEX(CTS!$V:$V,MATCH(E156,CTS!$E:$E,0))))","v":2160},{"$f":"IFERROR(INDEX(CTS!$A:$A,MATCH(E156,CTS!$E:$E,0)),\".\")","v":"P"},{"$f":"IFERROR(IFERROR(INDEX(#REF!,MATCH(E156,#REF!,0)),IFERROR(INDEX(#REF!,MATCH(E156,#REF!,0)),INDEX(#REF!,MATCH(E156,#REF!,0)) )),\".\")","v":"."},null,{"$f":"IFERROR(VLOOKUP(E156,#REF!,8,FALSE),IFERROR(VLOOKUP(E156,#REF!,8,FALSE),IFERROR(VLOOKUP(E156,#REF!,8,FALSE),\"\")))","v":""},".-."]
[152,{"$f":"IFERROR(DAY(CTR[[#This Row],[Date]]),\"\")","v":13},{"$f":"IFERROR(MONTH(CTR[[#This Row],[Date]]),\"\")","v":1},{"$f":"IF(ISNA(INDEX(CTS!C:C,MATCH(E157,CTS!$E:$E,0))),\"\",(INDEX(CTS!C:C,MATCH(E157,CTS!$E:$E,0))))","v":44209},"01-152",{"$f":"IF(ISNA(INDEX(CTS!$F:$F,MATCH(E157,CTS!$E:$E,0))),\"\",(INDEX(CTS!$F:$F,MATCH(E157,CTS!$E:$E,0))))","v":"CLIENT"},{"$f":"IF(ISNA(INDEX(CTS!$N:$N,MATCH(E157,CTS!$E:$E,0))),\"\",(INDEX(CTS!$N:$N,MATCH(E157,CTS!$E:$E,0))))","v":201.68067226890759},{"$f":"IF(ISNA(INDEX(CTS!$O:$O,MATCH(E157,CTS!$E:$E,0))),\"\",(INDEX(CTS!$O:$O,MATCH(E157,CTS!$E:$E,0))))","v":0},{"$f":"IF(ISNA(INDEX(CTS!$P:$P,MATCH(E157,CTS!$E:$E,0))),\"\",(INDEX(CTS!$P:$P,MATCH(E157,CTS!$E:$E,0))))","v":0},{"$f":"IF(ISNA(INDEX(CTS!$Q:$Q,MATCH(E157,CTS!$E:$E,0))),\"\",(INDEX(CTS!$Q:$Q,MATCH(E157,CTS!$E:$E,0))))","v":201.68067226890759},{"$f":"IF(ISNA(INDEX(CTS!$S:$S,MATCH(E157,CTS!$E:$E,0))),\"\",(INDEX(CTS!$S:$S,MATCH(E157,CTS!$E:$E,0))))","v":38.319327731092443},{"$f":"IF(ISNA(INDEX(CTS!$T:$T,MATCH(E157,CTS!$E:$E,0))),\"\",(INDEX(CTS!$T:$T,MATCH(E157,CTS!$E:$E,0))))","v":240.00000000000003},{"$f":"IF(ISNA(INDEX(CTS!$U:$U,MATCH(E157,CTS!$E:$E,0))),\"\",(INDEX(CTS!$U:$U,MATCH(E157,CTS!$E:$E,0))))","v":0},{"$f":"IF(ISNA(INDEX(CTS!$V:$V,MATCH(E157,CTS!$E:$E,0))),\"\",(INDEX(CTS!$V:$V,MATCH(E157,CTS!$E:$E,0))))","v":240.00000000000003},{"$f":"IFERROR(INDEX(CTS!$A:$A,MATCH(E157,CTS!$E:$E,0)),\".\")","v":"P"},{"$f":"IFERROR(IFERROR(INDEX(#REF!,MATCH(E157,#REF!,0)),IFERROR(INDEX(#REF!,MATCH(E157,#REF!,0)),INDEX(#REF!,MATCH(E157,#REF!,0)) )),\".\")","v":"."},null,{"$f":"IFERROR(VLOOKUP(E157,#REF!,8,FALSE),IFERROR(VLOOKUP(E157,#REF!,8,FALSE),IFERROR(VLOOKUP(E157,#REF!,8,FALSE),\"\")))","v":""},".-."]
[153,{"$f":"IFERROR(DAY(CTR[[#This Row],[Date]]),\"\")","v":13},{"$f":"IFERROR(MONTH(CTR[[#This Row],[Date]]),\"\")","v":1},{"$f":"IF(ISNA(INDEX(CTS!C:C,MATCH(E158,CTS!$E:$E,0))),\"\",(INDEX(CTS!C:C,MATCH(E158,CTS!$E:$E,0))))","v":44209},"01-153",{"$f":"IF(ISNA(INDEX(CTS!$F:$F,MATCH(E158,CTS!$E:$E,0))),\"\",(INDEX(CTS!$F:$F,MATCH(E158,CTS!$E:$E,0))))","v":"CLIENT"},{"$f":"IF(ISNA(INDEX(CTS!$N:$N,MATCH(E158,CTS!$E:$E,0))),\"\",(INDEX(CTS!$N:$N,MATCH(E158,CTS!$E:$E,0))))","v":151.2605042016807},{"$f":"IF(ISNA(INDEX(CTS!$O:$O,MATCH(E158,CTS!$E:$E,0))),\"\",(INDEX(CTS!$O:$O,MATCH(E158,CTS!$E:$E,0))))","v":0},{"$f":"IF(ISNA(INDEX(CTS!$P:$P,MATCH(E158,CTS!$E:$E,0))),\"\",(INDEX(CTS!$P:$P,MATCH(E158,CTS!$E:$E,0))))","v":0},{"$f":"IF(ISNA(INDEX(CTS!$Q:$Q,MATCH(E158,CTS!$E:$E,0))),\"\",(INDEX(CTS!$Q:$Q,MATCH(E158,CTS!$E:$E,0))))","v":151.2605042016807},{"$f":"IF(ISNA(INDEX(CTS!$S:$S,MATCH(E158,CTS!$E:$E,0))),\"\",(INDEX(CTS!$S:$S,MATCH(E158,CTS!$E:$E,0))))","v":28.739495798319332},{"$f":"IF(ISNA(INDEX(CTS!$T:$T,MATCH(E158,CTS!$E:$E,0))),\"\",(INDEX(CTS!$T:$T,MATCH(E158,CTS!$E:$E,0))))","v":180.00000000000003},{"$f":"IF(ISNA(INDEX(CTS!$U:$U,MATCH(E158,CTS!$E:$E,0))),\"\",(INDEX(CTS!$U:$U,MATCH(E158,CTS!$E:$E,0))))","v":0},{"$f":"IF(ISNA(INDEX(CTS!$V:$V,MATCH(E158,CTS!$E:$E,0))),\"\",(INDEX(CTS!$V:$V,MATCH(E158,CTS!$E:$E,0))))","v":180.00000000000003},{"$f":"IFERROR(INDEX(CTS!$A:$A,MATCH(E158,CTS!$E:$E,0)),\".\")","v":"P"},{"$f":"IFERROR(IFERROR(INDEX(#REF!,MATCH(E158,#REF!,0)),IFERROR(INDEX(#REF!,MATCH(E158,#REF!,0)),INDEX(#REF!,MATCH(E158,#REF!,0)) )),\".\")","v":"."},null,{"$f":"IFERROR(VLOOKUP(E158,#REF!,8,FALSE),IFERROR(VLOOKUP(E158,#REF!,8,FALSE),IFERROR(VLOOKUP(E158,#REF!,8,FALSE),\"\")))","v":""},".-."]
[154,{"$f":"IFERROR(DAY(CTR[[#This Row],[Date]]),\"\")","v":13},{"$f":"IFERROR(MONTH(CTR[[#This Row],[Date]]),\"\")","v":1},{"$f":"IF(ISNA(INDEX(CTS!C:C,MATCH(E159,CTS!$E:$E,0))),\"\",(INDEX(CTS!C:C,MATCH(E159,CTS!$E:$E,0))))","v":44209},"01-154",{"$f":"IF(ISNA(INDEX(CTS!$F:$F,MATCH(E159,CTS!$E:$E,0))),\"\",(INDEX(CTS!$F:$F,MATCH(E159,CTS!$E:$E,0))))","v":"CLIENT"},{"$f":"IF(ISNA(INDEX(CTS!$N:$N,MATCH(E159,CTS!$E:$E,0))),\"\",(INDEX(CTS!$N:$N,MATCH(E159,CTS!$E:$E,0))))","v":242.0168067226891},{"$f":"IF(ISNA(INDEX(CTS!$O:$O,MATCH(E159,CTS!$E:$E,0))),\"\",(INDEX(CTS!$O:$O,MATCH(E159,CTS!$E:$E,0))))","v":0},{"$f":"IF(ISNA(INDEX(CTS!$P:$P,MATCH(E159,CTS!$E:$E,0))),\"\",(INDEX(CTS!$P:$P,MATCH(E159,CTS!$E:$E,0))))","v":0},{"$f":"IF(ISNA(INDEX(CTS!$Q:$Q,MATCH(E159,CTS!$E:$E,0))),\"\",(INDEX(CTS!$Q:$Q,MATCH(E159,CTS!$E:$E,0))))","v":242.0168067226891},{"$f":"IF(ISNA(INDEX(CTS!$S:$S,MATCH(E159,CTS!$E:$E,0))),\"\",(INDEX(CTS!$S:$S,MATCH(E159,CTS!$E:$E,0))))","v":45.983193277310932},{"$f":"IF(ISNA(INDEX(CTS!$T:$T,MATCH(E159,CTS!$E:$E,0))),\"\",(INDEX(CTS!$T:$T,MATCH(E159,CTS!$E:$E,0))))","v":288},{"$f":"IF(ISNA(INDEX(CTS!$U:$U,MATCH(E159,CTS!$E:$E,0))),\"\",(INDEX(CTS!$U:$U,MATCH(E159,CTS!$E:$E,0))))","v":0},{"$f":"IF(ISNA(INDEX(CTS!$V:$V,MATCH(E159,CTS!$E:$E,0))),\"\",(INDEX(CTS!$V:$V,MATCH(E159,CTS!$E:$E,0))))","v":288},{"$f":"IFERROR(INDEX(CTS!$A:$A,MATCH(E159,CTS!$E:$E,0)),\".\")","v":"P"},{"$f":"IFERROR(IFERROR(INDEX(#REF!,MATCH(E159,#REF!,0)),IFERROR(INDEX(#REF!,MATCH(E159,#REF!,0)),INDEX(#REF!,MATCH(E159,#REF!,0)) )),\".\")","v":"."},null,{"$f":"IFERROR(VLOOKUP(E159,#REF!,8,FALSE),IFERROR(VLOOKUP(E159,#REF!,8,FALSE),IFERROR(VLOOKUP(E159,#REF!,8,FALSE),\"\")))","v":""},".-."]
[155,{"$f":"IFERROR(DAY(CTR[[#This Row],[Date]]),\"\")","v":13},{"$f":"IFERROR(MONTH(CTR[[#This Row],[Date]]),\"\")","v":1},{"$f":"IF(ISNA(INDEX(CTS!C:C,MATCH(E160,CTS!$E:$E,0))),\"\",(INDEX(CTS!C:C,MATCH(E160,CTS!$E:$E,0))))","v":44209},"01-155",{"$f":"IF(ISNA(INDEX(CTS!$F:$F,MATCH(E160,CTS!$E:$E,0))),\"\",(INDEX(CTS!$F:$F,MATCH(E160,CTS!$E:$E,0))))","v":"CLIENT"},{"$f":"IF(ISNA(INDEX(CTS!$N:$N,MATCH(E160,CTS!$E:$E,0))),\"\",(INDEX(CTS!$N:$N,MATCH(E160,CTS!$E:$E,0))))","v":869.74789915966403},{"$f":"IF(ISNA(INDEX(CTS!$O:$O,MATCH(E160,CTS!$E:$E,0))),\"\",(INDEX(CTS!$O:$O,MATCH(E160,CTS!$E:$E,0))))","v":0},{"$f":"IF(ISNA(INDEX(CTS!$P:$P,MATCH(E160,CTS!$E:$E,0))),\"\",(INDEX(CTS!$P:$P,MATCH(E160,CTS!$E:$E,0))))","v":0},{"$f":"IF(ISNA(INDEX(CTS!$Q:$Q,MATCH(E160,CTS!$E:$E,0))),\"\",(INDEX(CTS!$Q:$Q,MATCH(E160,CTS!$E:$E,0))))","v":869.74789915966403},{"$f":"IF(ISNA(INDEX(CTS!$S:$S,MATCH(E160,CTS!$E:$E,0))),\"\",(INDEX(CTS!$S:$S,MATCH(E160,CTS!$E:$E,0))))","v":165.25210084033617},{"$f":"IF(ISNA(INDEX(CTS!$T:$T,MATCH(E160,CTS!$E:$E,0))),\"\",(INDEX(CTS!$T:$T,MATCH(E160,CTS!$E:$E,0))))","v":1035.0000000000002},{"$f":"IF(ISNA(INDEX(CTS!$U:$U,MATCH(E160,CTS!$E:$E,0))),\"\",(INDEX(CTS!$U:$U,MATCH(E160,CTS!$E:$E,0))))","v":0},{"$f":"IF(ISNA(INDEX(CTS!$V:$V,MATCH(E160,CTS!$E:$E,0))),\"\",(INDEX(CTS!$V:$V,MATCH(E160,CTS!$E:$E,0))))","v":1035.0000000000002},{"$f":"IFERROR(INDEX(CTS!$A:$A,MATCH(E160,CTS!$E:$E,0)),\".\")","v":"P"},{"$f":"IFERROR(IFERROR(INDEX(#REF!,MATCH(E160,#REF!,0)),IFERROR(INDEX(#REF!,MATCH(E160,#REF!,0)),INDEX(#REF!,MATCH(E160,#REF!,0)) )),\".\")","v":"."},null,{"$f":"IFERROR(VLOOKUP(E160,#REF!,8,FALSE),IFERROR(VLOOKUP(E160,#REF!,8,FALSE),IFERROR(VLOOKUP(E160,#REF!,8,FALSE),\"\")))","v":""},".-."]
[156,{"$f":"IFERROR(DAY(CTR[[#This Row],[Date]]),\"\")","v":13},{"$f":"IFERROR(MONTH(CTR[[#This Row],[Date]]),\"\")","v":1},{"$f":"IF(ISNA(INDEX(CTS!C:C,MATCH(E161,CTS!$E:$E,0))),\"\",(INDEX(CTS!C:C,MATCH(E161,CTS!$E:$E,0))))","v":44209},"01-156",{"$f":"IF(ISNA(INDEX(CTS!$F:$F,MATCH(E161,CTS!$E:$E,0))),\"\",(INDEX(CTS!$F:$F,MATCH(E161,CTS!$E:$E,0))))","v":"CLIENT"},{"$f":"IF(ISNA(INDEX(CTS!$N:$N,MATCH(E161,CTS!$E:$E,0))),\"\",(INDEX(CTS!$N:$N,MATCH(E161,CTS!$E:$E,0))))","v":322.68907563025215},{"$f":"IF(ISNA(INDEX(CTS!$O:$O,MATCH(E161,CTS!$E:$E,0))),\"\",(INDEX(CTS!$O:$O,MATCH(E161,CTS!$E:$E,0))))","v":0},{"$f":"IF(ISNA(INDEX(CTS!$P:$P,MATCH(E161,CTS!$E:$E,0))),\"\",(INDEX(CTS!$P:$P,MATCH(E161,CTS!$E:$E,0))))","v":0},{"$f":"IF(ISNA(INDEX(CTS!$Q:$Q,MATCH(E161,CTS!$E:$E,0))),\"\",(INDEX(CTS!$Q:$Q,MATCH(E161,CTS!$E:$E,0))))","v":322.68907563025215},{"$f":"IF(ISNA(INDEX(CTS!$S:$S,MATCH(E161,CTS!$E:$E,0))),\"\",(INDEX(CTS!$S:$S,MATCH(E161,CTS!$E:$E,0))))","v":61.310924369747909},{"$f":"IF(ISNA(INDEX(CTS!$T:$T,MATCH(E161,CTS!$E:$E,0))),\"\",(INDEX(CTS!$T:$T,MATCH(E161,CTS!$E:$E,0))))","v":384.00000000000006},{"$f":"IF(ISNA(INDEX(CTS!$U:$U,MATCH(E161,CTS!$E:$E,0))),\"\",(INDEX(CTS!$U:$U,MATCH(E161,CTS!$E:$E,0))))","v":0},{"$f":"IF(ISNA(INDEX(CTS!$V:$V,MATCH(E161,CTS!$E:$E,0))),\"\",(INDEX(CTS!$V:$V,MATCH(E161,CTS!$E:$E,0))))","v":384.00000000000006},{"$f":"IFERROR(INDEX(CTS!$A:$A,MATCH(E161,CTS!$E:$E,0)),\".\")","v":"P"},{"$f":"IFERROR(IFERROR(INDEX(#REF!,MATCH(E161,#REF!,0)),IFERROR(INDEX(#REF!,MATCH(E161,#REF!,0)),INDEX(#REF!,MATCH(E161,#REF!,0)) )),\".\")","v":"."},null,{"$f":"IFERROR(VLOOKUP(E161,#REF!,8,FALSE),IFERROR(VLOOKUP(E161,#REF!,8,FALSE),IFERROR(VLOOKUP(E161,#REF!,8,FALSE),\"\")))","v":""},".-."]
[157,{"$f":"IFERROR(DAY(CTR[[#This Row],[Date]]),\"\")","v":13},{"$f":"IFERROR(MONTH(CTR[[#This Row],[Date]]),\"\")","v":1},{"$f":"IF(ISNA(INDEX(CTS!C:C,MATCH(E162,CTS!$E:$E,0))),\"\",(INDEX(CTS!C:C,MATCH(E162,CTS!$E:$E,0))))","v":44209},"01-157",{"$f":"IF(ISNA(INDEX(CTS!$F:$F,MATCH(E162,CTS!$E:$E,0))),\"\",(INDEX(CTS!$F:$F,MATCH(E162,CTS!$E:$E,0))))","v":"CLIENT"},{"$f":"IF(ISNA(INDEX(CTS!$N:$N,MATCH(E162,CTS!$E:$E,0))),\"\",(INDEX(CTS!$N:$N,MATCH(E162,CTS!$E:$E,0))))","v":131.09243697478993},{"$f":"IF(ISNA(INDEX(CTS!$O:$O,MATCH(E162,CTS!$E:$E,0))),\"\",(INDEX(CTS!$O:$O,MATCH(E162,CTS!$E:$E,0))))","v":0},{"$f":"IF(ISNA(INDEX(CTS!$P:$P,MATCH(E162,CTS!$E:$E,0))),\"\",(INDEX(CTS!$P:$P,MATCH(E162,CTS!$E:$E,0))))","v":0},{"$f":"IF(ISNA(INDEX(CTS!$Q:$Q,MATCH(E162,CTS!$E:$E,0))),\"\",(INDEX(CTS!$Q:$Q,MATCH(E162,CTS!$E:$E,0))))","v":131.09243697478993},{"$f":"IF(ISNA(INDEX(CTS!$S:$S,MATCH(E162,CTS!$E:$E,0))),\"\",(INDEX(CTS!$S:$S,MATCH(E162,CTS!$E:$E,0))))","v":24.907563025210088},{"$f":"IF(ISNA(INDEX(CTS!$T:$T,MATCH(E162,CTS!$E:$E,0))),\"\",(INDEX(CTS!$T:$T,MATCH(E162,CTS!$E:$E,0))))","v":156.00000000000003},{"$f":"IF(ISNA(INDEX(CTS!$U:$U,MATCH(E162,CTS!$E:$E,0))),\"\",(INDEX(CTS!$U:$U,MATCH(E162,CTS!$E:$E,0))))","v":0},{"$f":"IF(ISNA(INDEX(CTS!$V:$V,MATCH(E162,CTS!$E:$E,0))),\"\",(INDEX(CTS!$V:$V,MATCH(E162,CTS!$E:$E,0))))","v":156.00000000000003},{"$f":"IFERROR(INDEX(CTS!$A:$A,MATCH(E162,CTS!$E:$E,0)),\".\")","v":"P"},{"$f":"IFERROR(IFERROR(INDEX(#REF!,MATCH(E162,#REF!,0)),IFERROR(INDEX(#REF!,MATCH(E162,#REF!,0)),INDEX(#REF!,MATCH(E162,#REF!,0)) )),\".\")","v":"."},null,{"$f":"IFERROR(VLOOKUP(E162,#REF!,8,FALSE),IFERROR(VLOOKUP(E162,#REF!,8,FALSE),IFERROR(VLOOKUP(E162,#REF!,8,FALSE),\"\")))","v":""},".-."]
[158,{"$f":"IFERROR(DAY(CTR[[#This Row],[Date]]),\"\")","v":13},{"$f":"IFERROR(MONTH(CTR[[#This Row],[Date]]),\"\")","v":1},{"$f":"IF(ISNA(INDEX(CTS!C:C,MATCH(E163,CTS!$E:$E,0))),\"\",(INDEX(CTS!C:C,MATCH(E163,CTS!$E:$E,0))))","v":44209},"01-158",{"$f":"IF(ISNA(INDEX(CTS!$F:$F,MATCH(E163,CTS!$E:$E,0))),\"\",(INDEX(CTS!$F:$F,MATCH(E163,CTS!$E:$E,0))))","v":"CLIENT"},{"$f":"IF(ISNA(INDEX(CTS!$N:$N,MATCH(E163,CTS!$E:$E,0))),\"\",(INDEX(CTS!$N:$N,MATCH(E163,CTS!$E:$E,0))))","v":1013.4453781512606},{"$f":"IF(ISNA(INDEX(CTS!$O:$O,MATCH(E163,CTS!$E:$E,0))),\"\",(INDEX(CTS!$O:$O,MATCH(E163,CTS!$E:$E,0))))","v":0},{"$f":"IF(ISNA(INDEX(CTS!$P:$P,MATCH(E163,CTS!$E:$E,0))),\"\",(INDEX(CTS!$P:$P,MATCH(E163,CTS!$E:$E,0))))","v":0},{"$f":"IF(ISNA(INDEX(CTS!$Q:$Q,MATCH(E163,CTS!$E:$E,0))),\"\",(INDEX(CTS!$Q:$Q,MATCH(E163,CTS!$E:$E,0))))","v":1013.4453781512606},{"$f":"IF(ISNA(INDEX(CTS!$S:$S,MATCH(E163,CTS!$E:$E,0))),\"\",(INDEX(CTS!$S:$S,MATCH(E163,CTS!$E:$E,0))))","v":192.55462184873952},{"$f":"IF(ISNA(INDEX(CTS!$T:$T,MATCH(E163,CTS!$E:$E,0))),\"\",(INDEX(CTS!$T:$T,MATCH(E163,CTS!$E:$E,0))))","v":1206},{"$f":"IF(ISNA(INDEX(CTS!$U:$U,MATCH(E163,CTS!$E:$E,0))),\"\",(INDEX(CTS!$U:$U,MATCH(E163,CTS!$E:$E,0))))","v":0},{"$f":"IF(ISNA(INDEX(CTS!$V:$V,MATCH(E163,CTS!$E:$E,0))),\"\",(INDEX(CTS!$V:$V,MATCH(E163,CTS!$E:$E,0))))","v":1206},{"$f":"IFERROR(INDEX(CTS!$A:$A,MATCH(E163,CTS!$E:$E,0)),\".\")","v":"I"},{"$f":"IFERROR(IFERROR(INDEX(#REF!,MATCH(E163,#REF!,0)),IFERROR(INDEX(#REF!,MATCH(E163,#REF!,0)),INDEX(#REF!,MATCH(E163,#REF!,0)) )),\".\")","v":"."},null,{"$f":"IFERROR(VLOOKUP(E163,#REF!,8,FALSE),IFERROR(VLOOKUP(E163,#REF!,8,FALSE),IFERROR(VLOOKUP(E163,#REF!,8,FALSE),\"\")))","v":""},".-."]
[159,{"$f":"IFERROR(DAY(CTR[[#This Row],[Date]]),\"\")","v":13},{"$f":"IFERROR(MONTH(CTR[[#This Row],[Date]]),\"\")","v":1},{"$f":"IF(ISNA(INDEX(CTS!C:C,MATCH(E164,CTS!$E:$E,0))),\"\",(INDEX(CTS!C:C,MATCH(E164,CTS!$E:$E,0))))","v":44209},"01-159",{"$f":"IF(ISNA(INDEX(CTS!$F:$F,MATCH(E164,CTS!$E:$E,0))),\"\",(INDEX(CTS!$F:$F,MATCH(E164,CTS!$E:$E,0))))","v":"CLIENT"},{"$f":"IF(ISNA(INDEX(CTS!$N:$N,MATCH(E164,CTS!$E:$E,0))),\"\",(INDEX(CTS!$N:$N,MATCH(E164,CTS!$E:$E,0))))","v":235.29411764705884},{"$f":"IF(ISNA(INDEX(CTS!$O:$O,MATCH(E164,CTS!$E:$E,0))),\"\",(INDEX(CTS!$O:$O,MATCH(E164,CTS!$E:$E,0))))","v":0},{"$f":"IF(ISNA(INDEX(CTS!$P:$P,MATCH(E164,CTS!$E:$E,0))),\"\",(INDEX(CTS!$P:$P,MATCH(E164,CTS!$E:$E,0))))","v":0},{"$f":"IF(ISNA(INDEX(CTS!$Q:$Q,MATCH(E164,CTS!$E:$E,0))),\"\",(INDEX(CTS!$Q:$Q,MATCH(E164,CTS!$E:$E,0))))","v":235.29411764705884},{"$f":"IF(ISNA(INDEX(CTS!$S:$S,MATCH(E164,CTS!$E:$E,0))),\"\",(INDEX(CTS!$S:$S,MATCH(E164,CTS!$E:$E,0))))","v":44.705882352941181},{"$f":"IF(ISNA(INDEX(CTS!$T:$T,MATCH(E164,CTS!$E:$E,0))),\"\",(INDEX(CTS!$T:$T,MATCH(E164,CTS!$E:$E,0))))","v":280},{"$f":"IF(ISNA(INDEX(CTS!$U:$U,MATCH(E164,CTS!$E:$E,0))),\"\",(INDEX(CTS!$U:$U,MATCH(E164,CTS!$E:$E,0))))","v":0},{"$f":"IF(ISNA(INDEX(CTS!$V:$V,MATCH(E164,CTS!$E:$E,0))),\"\",(INDEX(CTS!$V:$V,MATCH(E164,CTS!$E:$E,0))))","v":280},{"$f":"IFERROR(INDEX(CTS!$A:$A,MATCH(E164,CTS!$E:$E,0)),\".\")","v":"P"},{"$f":"IFERROR(IFERROR(INDEX(#REF!,MATCH(E164,#REF!,0)),IFERROR(INDEX(#REF!,MATCH(E164,#REF!,0)),INDEX(#REF!,MATCH(E164,#REF!,0)) )),\".\")","v":"."},null,{"$f":"IFERROR(VLOOKUP(E164,#REF!,8,FALSE),IFERROR(VLOOKUP(E164,#REF!,8,FALSE),IFERROR(VLOOKUP(E164,#REF!,8,FALSE),\"\")))","v":""},".-."]
[160,{"$f":"IFERROR(DAY(CTR[[#This Row],[Date]]),\"\")","v":13},{"$f":"IFERROR(MONTH(CTR[[#This Row],[Date]]),\"\")","v":1},{"$f":"IF(ISNA(INDEX(CTS!C:C,MATCH(E165,CTS!$E:$E,0))),\"\",(INDEX(CTS!C:C,MATCH(E165,CTS!$E:$E,0))))","v":44209},"01-160",{"$f":"IF(ISNA(INDEX(CTS!$F:$F,MATCH(E165,CTS!$E:$E,0))),\"\",(INDEX(CTS!$F:$F,MATCH(E165,CTS!$E:$E,0))))","v":"CLIENT"},{"$f":"IF(ISNA(INDEX(CTS!$N:$N,MATCH(E165,CTS!$E:$E,0))),\"\",(INDEX(CTS!$N:$N,MATCH(E165,CTS!$E:$E,0))))","v":1210.0840336134456},{"$f":"IF(ISNA(INDEX(CTS!$O:$O,MATCH(E165,CTS!$E:$E,0))),\"\",(INDEX(CTS!$O:$O,MATCH(E165,CTS!$E:$E,0))))","v":0},{"$f":"IF(ISNA(INDEX(CTS!$P:$P,MATCH(E165,CTS!$E:$E,0))),\"\",(INDEX(CTS!$P:$P,MATCH(E165,CTS!$E:$E,0))))","v":0},{"$f":"IF(ISNA(INDEX(CTS!$Q:$Q,MATCH(E165,CTS!$E:$E,0))),\"\",(INDEX(CTS!$Q:$Q,MATCH(E165,CTS!$E:$E,0))))","v":1210.0840336134456},{"$f":"IF(ISNA(INDEX(CTS!$S:$S,MATCH(E165,CTS!$E:$E,0))),\"\",(INDEX(CTS!$S:$S,MATCH(E165,CTS!$E:$E,0))))","v":229.91596638655466},{"$f":"IF(ISNA(INDEX(CTS!$T:$T,MATCH(E165,CTS!$E:$E,0))),\"\",(INDEX(CTS!$T:$T,MATCH(E165,CTS!$E:$E,0))))","v":1440.0000000000002},{"$f":"IF(ISNA(INDEX(CTS!$U:$U,MATCH(E165,CTS!$E:$E,0))),\"\",(INDEX(CTS!$U:$U,MATCH(E165,CTS!$E:$E,0))))","v":0},{"$f":"IF(ISNA(INDEX(CTS!$V:$V,MATCH(E165,CTS!$E:$E,0))),\"\",(INDEX(CTS!$V:$V,MATCH(E165,CTS!$E:$E,0))))","v":1440.0000000000002},{"$f":"IFERROR(INDEX(CTS!$A:$A,MATCH(E165,CTS!$E:$E,0)),\".\")","v":"P"},{"$f":"IFERROR(IFERROR(INDEX(#REF!,MATCH(E165,#REF!,0)),IFERROR(INDEX(#REF!,MATCH(E165,#REF!,0)),INDEX(#REF!,MATCH(E165,#REF!,0)) )),\".\")","v":"."},null,{"$f":"IFERROR(VLOOKUP(E165,#REF!,8,FALSE),IFERROR(VLOOKUP(E165,#REF!,8,FALSE),IFERROR(VLOOKUP(E165,#REF!,8,FALSE),\"\")))","v":""},".-."]
[161,{"$f":"IFERROR(DAY(CTR[[#This Row],[Date]]),\"\")","v":13},{"$f":"IFERROR(MONTH(CTR[[#This Row],[Date]]),\"\")","v":1},{"$f":"IF(ISNA(INDEX(CTS!C:C,MATCH(E166,CTS!$E:$E,0))),\"\",(INDEX(CTS!C:C,MATCH(E166,CTS!$E:$E,0))))","v":44209},"01-161",{"$f":"IF(ISNA(INDEX(CTS!$F:$F,MATCH(E166,CTS!$E:$E,0))),\"\",(INDEX(CTS!$F:$F,MATCH(E166,CTS!$E:$E,0))))","v":"CLIENT"},{"$f":"IF(ISNA(INDEX(CTS!$N:$N,MATCH(E166,CTS!$E:$E,0))),\"\",(INDEX(CTS!$N:$N,MATCH(E166,CTS!$E:$E,0))))","v":4978.9915966386552},{"$f":"IF(ISNA(INDEX(CTS!$O:$O,MATCH(E166,CTS!$E:$E,0))),\"\",(INDEX(CTS!$O:$O,MATCH(E166,CTS!$E:$E,0))))","v":0},{"$f":"IF(ISNA(INDEX(CTS!$P:$P,MATCH(E166,CTS!$E:$E,0))),\"\",(INDEX(CTS!$P:$P,MATCH(E166,CTS!$E:$E,0))))","v":0},{"$f":"IF(ISNA(INDEX(CTS!$Q:$Q,MATCH(E166,CTS!$E:$E,0))),\"\",(INDEX(CTS!$Q:$Q,MATCH(E166,CTS!$E:$E,0))))","v":4978.9915966386552},{"$f":"IF(ISNA(INDEX(CTS!$S:$S,MATCH(E166,CTS!$E:$E,0))),\"\",(INDEX(CTS!$S:$S,MATCH(E166,CTS!$E:$E,0))))","v":946.00840336134456},{"$f":"IF(ISNA(INDEX(CTS!$T:$T,MATCH(E166,CTS!$E:$E,0))),\"\",(INDEX(CTS!$T:$T,MATCH(E166,CTS!$E:$E,0))))","v":5925},{"$f":"IF(ISNA(INDEX(CTS!$U:$U,MATCH(E166,CTS!$E:$E,0))),\"\",(INDEX(CTS!$U:$U,MATCH(E166,CTS!$E:$E,0))))","v":0},{"$f":"IF(ISNA(INDEX(CTS!$V:$V,MATCH(E166,CTS!$E:$E,0))),\"\",(INDEX(CTS!$V:$V,MATCH(E166,CTS!$E:$E,0))))","v":5925},{"$f":"IFERROR(INDEX(CTS!$A:$A,MATCH(E166,CTS!$E:$E,0)),\".\")","v":"P"},{"$f":"IFERROR(IFERROR(INDEX(#REF!,MATCH(E166,#REF!,0)),IFERROR(INDEX(#REF!,MATCH(E166,#REF!,0)),INDEX(#REF!,MATCH(E166,#REF!,0)) )),\".\")","v":"."},null,{"$f":"IFERROR(VLOOKUP(E166,#REF!,8,FALSE),IFERROR(VLOOKUP(E166,#REF!,8,FALSE),IFERROR(VLOOKUP(E166,#REF!,8,FALSE),\"\")))","v":""},".-."]
[162,{"$f":"IFERROR(DAY(CTR[[#This Row],[Date]]),\"\")","v":14},{"$f":"IFERROR(MONTH(CTR[[#This Row],[Date]]),\"\")","v":1},{"$f":"IF(ISNA(INDEX(CTS!C:C,MATCH(E167,CTS!$E:$E,0))),\"\",(INDEX(CTS!C:C,MATCH(E167,CTS!$E:$E,0))))","v":44210},"01-162",{"$f":"IF(ISNA(INDEX(CTS!$F:$F,MATCH(E167,CTS!$E:$E,0))),\"\",(INDEX(CTS!$F:$F,MATCH(E167,CTS!$E:$E,0))))","v":"CLIENT"},{"$f":"IF(ISNA(INDEX(CTS!$N:$N,MATCH(E167,CTS!$E:$E,0))),\"\",(INDEX(CTS!$N:$N,MATCH(E167,CTS!$E:$E,0))))","v":195.54621848739498},{"$f":"IF(ISNA(INDEX(CTS!$O:$O,MATCH(E167,CTS!$E:$E,0))),\"\",(INDEX(CTS!$O:$O,MATCH(E167,CTS!$E:$E,0))))","v":0},{"$f":"IF(ISNA(INDEX(CTS!$P:$P,MATCH(E167,CTS!$E:$E,0))),\"\",(INDEX(CTS!$P:$P,MATCH(E167,CTS!$E:$E,0))))","v":0},{"$f":"IF(ISNA(INDEX(CTS!$Q:$Q,MATCH(E167,CTS!$E:$E,0))),\"\",(INDEX(CTS!$Q:$Q,MATCH(E167,CTS!$E:$E,0))))","v":195.54621848739498},{"$f":"IF(ISNA(INDEX(CTS!$S:$S,MATCH(E167,CTS!$E:$E,0))),\"\",(INDEX(CTS!$S:$S,MATCH(E167,CTS!$E:$E,0))))","v":37.153781512605043},{"$f":"IF(ISNA(INDEX(CTS!$T:$T,MATCH(E167,CTS!$E:$E,0))),\"\",(INDEX(CTS!$T:$T,MATCH(E167,CTS!$E:$E,0))))","v":232.70000000000002},{"$f":"IF(ISNA(INDEX(CTS!$U:$U,MATCH(E167,CTS!$E:$E,0))),\"\",(INDEX(CTS!$U:$U,MATCH(E167,CTS!$E:$E,0))))","v":0},{"$f":"IF(ISNA(INDEX(CTS!$V:$V,MATCH(E167,CTS!$E:$E,0))),\"\",(INDEX(CTS!$V:$V,MATCH(E167,CTS!$E:$E,0))))","v":232.70000000000002},{"$f":"IFERROR(INDEX(CTS!$A:$A,MATCH(E167,CTS!$E:$E,0)),\".\")","v":"P"},{"$f":"IFERROR(IFERROR(INDEX(#REF!,MATCH(E167,#REF!,0)),IFERROR(INDEX(#REF!,MATCH(E167,#REF!,0)),INDEX(#REF!,MATCH(E167,#REF!,0)) )),\".\")","v":"."},null,{"$f":"IFERROR(VLOOKUP(E167,#REF!,8,FALSE),IFERROR(VLOOKUP(E167,#REF!,8,FALSE),IFERROR(VLOOKUP(E167,#REF!,8,FALSE),\"\")))","v":""},".-."]
[163,{"$f":"IFERROR(DAY(CTR[[#This Row],[Date]]),\"\")","v":14},{"$f":"IFERROR(MONTH(CTR[[#This Row],[Date]]),\"\")","v":1},{"$f":"IF(ISNA(INDEX(CTS!C:C,MATCH(E168,CTS!$E:$E,0))),\"\",(INDEX(CTS!C:C,MATCH(E168,CTS!$E:$E,0))))","v":44210},"01-163",{"$f":"IF(ISNA(INDEX(CTS!$F:$F,MATCH(E168,CTS!$E:$E,0))),\"\",(INDEX(CTS!$F:$F,MATCH(E168,CTS!$E:$E,0))))","v":"CLIENT"},{"$f":"IF(ISNA(INDEX(CTS!$N:$N,MATCH(E168,CTS!$E:$E,0))),\"\",(INDEX(CTS!$N:$N,MATCH(E168,CTS!$E:$E,0))))","v":691.59663865546236},{"$f":"IF(ISNA(INDEX(CTS!$O:$O,MATCH(E168,CTS!$E:$E,0))),\"\",(INDEX(CTS!$O:$O,MATCH(E168,CTS!$E:$E,0))))","v":0},{"$f":"IF(ISNA(INDEX(CTS!$P:$P,MATCH(E168,CTS!$E:$E,0))),\"\",(INDEX(CTS!$P:$P,MATCH(E168,CTS!$E:$E,0))))","v":0},{"$f":"IF(ISNA(INDEX(CTS!$Q:$Q,MATCH(E168,CTS!$E:$E,0))),\"\",(INDEX(CTS!$Q:$Q,MATCH(E168,CTS!$E:$E,0))))","v":691.59663865546236},{"$f":"IF(ISNA(INDEX(CTS!$S:$S,MATCH(E168,CTS!$E:$E,0))),\"\",(INDEX(CTS!$S:$S,MATCH(E168,CTS!$E:$E,0))))","v":131.40336134453784},{"$f":"IF(ISNA(INDEX(CTS!$T:$T,MATCH(E168,CTS!$E:$E,0))),\"\",(INDEX(CTS!$T:$T,MATCH(E168,CTS!$E:$E,0))))","v":823.00000000000023},{"$f":"IF(ISNA(INDEX(CTS!$U:$U,MATCH(E168,CTS!$E:$E,0))),\"\",(INDEX(CTS!$U:$U,MATCH(E168,CTS!$E:$E,0))))","v":0},{"$f":"IF(ISNA(INDEX(CTS!$V:$V,MATCH(E168,CTS!$E:$E,0))),\"\",(INDEX(CTS!$V:$V,MATCH(E168,CTS!$E:$E,0))))","v":823.00000000000023},{"$f":"IFERROR(INDEX(CTS!$A:$A,MATCH(E168,CTS!$E:$E,0)),\".\")","v":"P"},{"$f":"IFERROR(IFERROR(INDEX(#REF!,MATCH(E168,#REF!,0)),IFERROR(INDEX(#REF!,MATCH(E168,#REF!,0)),INDEX(#REF!,MATCH(E168,#REF!,0)) )),\".\")","v":"."},null,{"$f":"IFERROR(VLOOKUP(E168,#REF!,8,FALSE),IFERROR(VLOOKUP(E168,#REF!,8,FALSE),IFERROR(VLOOKUP(E168,#REF!,8,FALSE),\"\")))","v":""},".-."]
[164,{"$f":"IFERROR(DAY(CTR[[#This Row],[Date]]),\"\")","v":14},{"$f":"IFERROR(MONTH(CTR[[#This Row],[Date]]),\"\")","v":1},{"$f":"IF(ISNA(INDEX(CTS!C:C,MATCH(E169,CTS!$E:$E,0))),\"\",(INDEX(CTS!C:C,MATCH(E169,CTS!$E:$E,0))))","v":44210},"01-164",{"$f":"IF(ISNA(INDEX(CTS!$F:$F,MATCH(E169,CTS!$E:$E,0))),\"\",(INDEX(CTS!$F:$F,MATCH(E169,CTS!$E:$E,0))))","v":"CLIENT"},{"$f":"IF(ISNA(INDEX(CTS!$N:$N,MATCH(E169,CTS!$E:$E,0))),\"\",(INDEX(CTS!$N:$N,MATCH(E169,CTS!$E:$E,0))))","v":672.26890756302532},{"$f":"IF(ISNA(INDEX(CTS!$O:$O,MATCH(E169,CTS!$E:$E,0))),\"\",(INDEX(CTS!$O:$O,MATCH(E169,CTS!$E:$E,0))))","v":0},{"$f":"IF(ISNA(INDEX(CTS!$P:$P,MATCH(E169,CTS!$E:$E,0))),\"\",(INDEX(CTS!$P:$P,MATCH(E169,CTS!$E:$E,0))))","v":0},{"$f":"IF(ISNA(INDEX(CTS!$Q:$Q,MATCH(E169,CTS!$E:$E,0))),\"\",(INDEX(CTS!$Q:$Q,MATCH(E169,CTS!$E:$E,0))))","v":672.26890756302532},{"$f":"IF(ISNA(INDEX(CTS!$S:$S,MATCH(E169,CTS!$E:$E,0))),\"\",(INDEX(CTS!$S:$S,MATCH(E169,CTS!$E:$E,0))))","v":127.73109243697481},{"$f":"IF(ISNA(INDEX(CTS!$T:$T,MATCH(E169,CTS!$E:$E,0))),\"\",(INDEX(CTS!$T:$T,MATCH(E169,CTS!$E:$E,0))))","v":800.00000000000011},{"$f":"IF(ISNA(INDEX(CTS!$U:$U,MATCH(E169,CTS!$E:$E,0))),\"\",(INDEX(CTS!$U:$U,MATCH(E169,CTS!$E:$E,0))))","v":0},{"$f":"IF(ISNA(INDEX(CTS!$V:$V,MATCH(E169,CTS!$E:$E,0))),\"\",(INDEX(CTS!$V:$V,MATCH(E169,CTS!$E:$E,0))))","v":800.00000000000011},{"$f":"IFERROR(INDEX(CTS!$A:$A,MATCH(E169,CTS!$E:$E,0)),\".\")","v":"P"},{"$f":"IFERROR(IFERROR(INDEX(#REF!,MATCH(E169,#REF!,0)),IFERROR(INDEX(#REF!,MATCH(E169,#REF!,0)),INDEX(#REF!,MATCH(E169,#REF!,0)) )),\".\")","v":"."},null,{"$f":"IFERROR(VLOOKUP(E169,#REF!,8,FALSE),IFERROR(VLOOKUP(E169,#REF!,8,FALSE),IFERROR(VLOOKUP(E169,#REF!,8,FALSE),\"\")))","v":""},".-."]
[165,{"$f":"IFERROR(DAY(CTR[[#This Row],[Date]]),\"\")","v":14},{"$f":"IFERROR(MONTH(CTR[[#This Row],[Date]]),\"\")","v":1},{"$f":"IF(ISNA(INDEX(CTS!C:C,MATCH(E170,CTS!$E:$E,0))),\"\",(INDEX(CTS!C:C,MATCH(E170,CTS!$E:$E,0))))","v":44210},"01-165",{"$f":"IF(ISNA(INDEX(CTS!$F:$F,MATCH(E170,CTS!$E:$E,0))),\"\",(INDEX(CTS!$F:$F,MATCH(E170,CTS!$E:$E,0))))","v":"CLIENT"},{"$f":"IF(ISNA(INDEX(CTS!$N:$N,MATCH(E170,CTS!$E:$E,0))),\"\",(INDEX(CTS!$N:$N,MATCH(E170,CTS!$E:$E,0))))","v":12.605042016806724},{"$f":"IF(ISNA(INDEX(CTS!$O:$O,MATCH(E170,CTS!$E:$E,0))),\"\",(INDEX(CTS!$O:$O,MATCH(E170,CTS!$E:$E,0))))","v":0},{"$f":"IF(ISNA(INDEX(CTS!$P:$P,MATCH(E170,CTS!$E:$E,0))),\"\",(INDEX(CTS!$P:$P,MATCH(E170,CTS!$E:$E,0))))","v":0},{"$f":"IF(ISNA(INDEX(CTS!$Q:$Q,MATCH(E170,CTS!$E:$E,0))),\"\",(INDEX(CTS!$Q:$Q,MATCH(E170,CTS!$E:$E,0))))","v":12.605042016806724},{"$f":"IF(ISNA(INDEX(CTS!$S:$S,MATCH(E170,CTS!$E:$E,0))),\"\",(INDEX(CTS!$S:$S,MATCH(E170,CTS!$E:$E,0))))","v":2.3949579831932777},{"$f":"IF(ISNA(INDEX(CTS!$T:$T,MATCH(E170,CTS!$E:$E,0))),\"\",(INDEX(CTS!$T:$T,MATCH(E170,CTS!$E:$E,0))))","v":15.000000000000002},{"$f":"IF(ISNA(INDEX(CTS!$U:$U,MATCH(E170,CTS!$E:$E,0))),\"\",(INDEX(CTS!$U:$U,MATCH(E170,CTS!$E:$E,0))))","v":0},{"$f":"IF(ISNA(INDEX(CTS!$V:$V,MATCH(E170,CTS!$E:$E,0))),\"\",(INDEX(CTS!$V:$V,MATCH(E170,CTS!$E:$E,0))))","v":15.000000000000002},{"$f":"IFERROR(INDEX(CTS!$A:$A,MATCH(E170,CTS!$E:$E,0)),\".\")","v":"P"},{"$f":"IFERROR(IFERROR(INDEX(#REF!,MATCH(E170,#REF!,0)),IFERROR(INDEX(#REF!,MATCH(E170,#REF!,0)),INDEX(#REF!,MATCH(E170,#REF!,0)) )),\".\")","v":"."},null,{"$f":"IFERROR(VLOOKUP(E170,#REF!,8,FALSE),IFERROR(VLOOKUP(E170,#REF!,8,FALSE),IFERROR(VLOOKUP(E170,#REF!,8,FALSE),\"\")))","v":""},".-."]
[166,{"$f":"IFERROR(DAY(CTR[[#This Row],[Date]]),\"\")","v":14},{"$f":"IFERROR(MONTH(CTR[[#This Row],[Date]]),\"\")","v":1},{"$f":"IF(ISNA(INDEX(CTS!C:C,MATCH(E171,CTS!$E:$E,0))),\"\",(INDEX(CTS!C:C,MATCH(E171,CTS!$E:$E,0))))","v":44210},"01-166",{"$f":"IF(ISNA(INDEX(CTS!$F:$F,MATCH(E171,CTS!$E:$E,0))),\"\",(INDEX(CTS!$F:$F,MATCH(E171,CTS!$E:$E,0))))","v":"CLIENT"},{"$f":"IF(ISNA(INDEX(CTS!$N:$N,MATCH(E171,CTS!$E:$E,0))),\"\",(INDEX(CTS!$N:$N,MATCH(E171,CTS!$E:$E,0))))","v":16.806722689075631},{"$f":"IF(ISNA(INDEX(CTS!$O:$O,MATCH(E171,CTS!$E:$E,0))),\"\",(INDEX(CTS!$O:$O,MATCH(E171,CTS!$E:$E,0))))","v":0},{"$f":"IF(ISNA(INDEX(CTS!$P:$P,MATCH(E171,CTS!$E:$E,0))),\"\",(INDEX(CTS!$P:$P,MATCH(E171,CTS!$E:$E,0))))","v":0},{"$f":"IF(ISNA(INDEX(CTS!$Q:$Q,MATCH(E171,CTS!$E:$E,0))),\"\",(INDEX(CTS!$Q:$Q,MATCH(E171,CTS!$E:$E,0))))","v":16.806722689075631},{"$f":"IF(ISNA(INDEX(CTS!$S:$S,MATCH(E171,CTS!$E:$E,0))),\"\",(INDEX(CTS!$S:$S,MATCH(E171,CTS!$E:$E,0))))","v":3.1932773109243699},{"$f":"IF(ISNA(INDEX(CTS!$T:$T,MATCH(E171,CTS!$E:$E,0))),\"\",(INDEX(CTS!$T:$T,MATCH(E171,CTS!$E:$E,0))))","v":20},{"$f":"IF(ISNA(INDEX(CTS!$U:$U,MATCH(E171,CTS!$E:$E,0))),\"\",(INDEX(CTS!$U:$U,MATCH(E171,CTS!$E:$E,0))))","v":0},{"$f":"IF(ISNA(INDEX(CTS!$V:$V,MATCH(E171,CTS!$E:$E,0))),\"\",(INDEX(CTS!$V:$V,MATCH(E171,CTS!$E:$E,0))))","v":20},{"$f":"IFERROR(INDEX(CTS!$A:$A,MATCH(E171,CTS!$E:$E,0)),\".\")","v":"P"},{"$f":"IFERROR(IFERROR(INDEX(#REF!,MATCH(E171,#REF!,0)),IFERROR(INDEX(#REF!,MATCH(E171,#REF!,0)),INDEX(#REF!,MATCH(E171,#REF!,0)) )),\".\")","v":"."},null,{"$f":"IFERROR(VLOOKUP(E171,#REF!,8,FALSE),IFERROR(VLOOKUP(E171,#REF!,8,FALSE),IFERROR(VLOOKUP(E171,#REF!,8,FALSE),\"\")))","v":""},".-."]
[167,{"$f":"IFERROR(DAY(CTR[[#This Row],[Date]]),\"\")","v":14},{"$f":"IFERROR(MONTH(CTR[[#This Row],[Date]]),\"\")","v":1},{"$f":"IF(ISNA(INDEX(CTS!C:C,MATCH(E172,CTS!$E:$E,0))),\"\",(INDEX(CTS!C:C,MATCH(E172,CTS!$E:$E,0))))","v":44210},"01-167",{"$f":"IF(ISNA(INDEX(CTS!$F:$F,MATCH(E172,CTS!$E:$E,0))),\"\",(INDEX(CTS!$F:$F,MATCH(E172,CTS!$E:$E,0))))","v":"CLIENT"},{"$f":"IF(ISNA(INDEX(CTS!$N:$N,MATCH(E172,CTS!$E:$E,0))),\"\",(INDEX(CTS!$N:$N,MATCH(E172,CTS!$E:$E,0))))","v":100.84033613445379},{"$f":"IF(ISNA(INDEX(CTS!$O:$O,MATCH(E172,CTS!$E:$E,0))),\"\",(INDEX(CTS!$O:$O,MATCH(E172,CTS!$E:$E,0))))","v":0},{"$f":"IF(ISNA(INDEX(CTS!$P:$P,MATCH(E172,CTS!$E:$E,0))),\"\",(INDEX(CTS!$P:$P,MATCH(E172,CTS!$E:$E,0))))","v":0},{"$f":"IF(ISNA(INDEX(CTS!$Q:$Q,MATCH(E172,CTS!$E:$E,0))),\"\",(INDEX(CTS!$Q:$Q,MATCH(E172,CTS!$E:$E,0))))","v":100.84033613445379},{"$f":"IF(ISNA(INDEX(CTS!$S:$S,MATCH(E172,CTS!$E:$E,0))),\"\",(INDEX(CTS!$S:$S,MATCH(E172,CTS!$E:$E,0))))","v":19.159663865546221},{"$f":"IF(ISNA(INDEX(CTS!$T:$T,MATCH(E172,CTS!$E:$E,0))),\"\",(INDEX(CTS!$T:$T,MATCH(E172,CTS!$E:$E,0))))","v":120.00000000000001},{"$f":"IF(ISNA(INDEX(CTS!$U:$U,MATCH(E172,CTS!$E:$E,0))),\"\",(INDEX(CTS!$U:$U,MATCH(E172,CTS!$E:$E,0))))","v":0},{"$f":"IF(ISNA(INDEX(CTS!$V:$V,MATCH(E172,CTS!$E:$E,0))),\"\",(INDEX(CTS!$V:$V,MATCH(E172,CTS!$E:$E,0))))","v":120.00000000000001},{"$f":"IFERROR(INDEX(CTS!$A:$A,MATCH(E172,CTS!$E:$E,0)),\".\")","v":"P"},{"$f":"IFERROR(IFERROR(INDEX(#REF!,MATCH(E172,#REF!,0)),IFERROR(INDEX(#REF!,MATCH(E172,#REF!,0)),INDEX(#REF!,MATCH(E172,#REF!,0)) )),\".\")","v":"."},null,{"$f":"IFERROR(VLOOKUP(E172,#REF!,8,FALSE),IFERROR(VLOOKUP(E172,#REF!,8,FALSE),IFERROR(VLOOKUP(E172,#REF!,8,FALSE),\"\")))","v":""},".-."]
[168,{"$f":"IFERROR(DAY(CTR[[#This Row],[Date]]),\"\")","v":14},{"$f":"IFERROR(MONTH(CTR[[#This Row],[Date]]),\"\")","v":1},{"$f":"IF(ISNA(INDEX(CTS!C:C,MATCH(E173,CTS!$E:$E,0))),\"\",(INDEX(CTS!C:C,MATCH(E173,CTS!$E:$E,0))))","v":44210},"01-168",{"$f":"IF(ISNA(INDEX(CTS!$F:$F,MATCH(E173,CTS!$E:$E,0))),\"\",(INDEX(CTS!$F:$F,MATCH(E173,CTS!$E:$E,0))))","v":"CLIENT"},{"$f":"IF(ISNA(INDEX(CTS!$N:$N,MATCH(E173,CTS!$E:$E,0))),\"\",(INDEX(CTS!$N:$N,MATCH(E173,CTS!$E:$E,0))))","v":873.94957983193285},{"$f":"IF(ISNA(INDEX(CTS!$O:$O,MATCH(E173,CTS!$E:$E,0))),\"\",(INDEX(CTS!$O:$O,MATCH(E173,CTS!$E:$E,0))))","v":0},{"$f":"IF(ISNA(INDEX(CTS!$P:$P,MATCH(E173,CTS!$E:$E,0))),\"\",(INDEX(CTS!$P:$P,MATCH(E173,CTS!$E:$E,0))))","v":0},{"$f":"IF(ISNA(INDEX(CTS!$Q:$Q,MATCH(E173,CTS!$E:$E,0))),\"\",(INDEX(CTS!$Q:$Q,MATCH(E173,CTS!$E:$E,0))))","v":873.94957983193285},{"$f":"IF(ISNA(INDEX(CTS!$S:$S,MATCH(E173,CTS!$E:$E,0))),\"\",(INDEX(CTS!$S:$S,MATCH(E173,CTS!$E:$E,0))))","v":166.05042016806723},{"$f":"IF(ISNA(INDEX(CTS!$T:$T,MATCH(E173,CTS!$E:$E,0))),\"\",(INDEX(CTS!$T:$T,MATCH(E173,CTS!$E:$E,0))))","v":1040},{"$f":"IF(ISNA(INDEX(CTS!$U:$U,MATCH(E173,CTS!$E:$E,0))),\"\",(INDEX(CTS!$U:$U,MATCH(E173,CTS!$E:$E,0))))","v":0},{"$f":"IF(ISNA(INDEX(CTS!$V:$V,MATCH(E173,CTS!$E:$E,0))),\"\",(INDEX(CTS!$V:$V,MATCH(E173,CTS!$E:$E,0))))","v":1040},{"$f":"IFERROR(INDEX(CTS!$A:$A,MATCH(E173,CTS!$E:$E,0)),\".\")","v":"P"},{"$f":"IFERROR(IFERROR(INDEX(#REF!,MATCH(E173,#REF!,0)),IFERROR(INDEX(#REF!,MATCH(E173,#REF!,0)),INDEX(#REF!,MATCH(E173,#REF!,0)) )),\".\")","v":"."},null,{"$f":"IFERROR(VLOOKUP(E173,#REF!,8,FALSE),IFERROR(VLOOKUP(E173,#REF!,8,FALSE),IFERROR(VLOOKUP(E173,#REF!,8,FALSE),\"\")))","v":""},".-."]
[169,{"$f":"IFERROR(DAY(CTR[[#This Row],[Date]]),\"\")","v":14},{"$f":"IFERROR(MONTH(CTR[[#This Row],[Date]]),\"\")","v":1},{"$f":"IF(ISNA(INDEX(CTS!C:C,MATCH(E174,CTS!$E:$E,0))),\"\",(INDEX(CTS!C:C,MATCH(E174,CTS!$E:$E,0))))","v":44210},"01-169",{"$f":"IF(ISNA(INDEX(CTS!$F:$F,MATCH(E174,CTS!$E:$E,0))),\"\",(INDEX(CTS!$F:$F,MATCH(E174,CTS!$E:$E,0))))","v":"CLIENT"},{"$f":"IF(ISNA(INDEX(CTS!$N:$N,MATCH(E174,CTS!$E:$E,0))),\"\",(INDEX(CTS!$N:$N,MATCH(E174,CTS!$E:$E,0))))","v":16.806722689075631},{"$f":"IF(ISNA(INDEX(CTS!$O:$O,MATCH(E174,CTS!$E:$E,0))),\"\",(INDEX(CTS!$O:$O,MATCH(E174,CTS!$E:$E,0))))","v":0},{"$f":"IF(ISNA(INDEX(CTS!$P:$P,MATCH(E174,CTS!$E:$E,0))),\"\",(INDEX(CTS!$P:$P,MATCH(E174,CTS!$E:$E,0))))","v":0},{"$f":"IF(ISNA(INDEX(CTS!$Q:$Q,MATCH(E174,CTS!$E:$E,0))),\"\",(INDEX(CTS!$Q:$Q,MATCH(E174,CTS!$E:$E,0))))","v":16.806722689075631},{"$f":"IF(ISNA(INDEX(CTS!$S:$S,MATCH(E174,CTS!$E:$E,0))),\"\",(INDEX(CTS!$S:$S,MATCH(E174,CTS!$E:$E,0))))","v":3.1932773109243699},{"$f":"IF(ISNA(INDEX(CTS!$T:$T,MATCH(E174,CTS!$E:$E,0))),\"\",(INDEX(CTS!$T:$T,MATCH(E174,CTS!$E:$E,0))))","v":20},{"$f":"IF(ISNA(INDEX(CTS!$U:$U,MATCH(E174,CTS!$E:$E,0))),\"\",(INDEX(CTS!$U:$U,MATCH(E174,CTS!$E:$E,0))))","v":0},{"$f":"IF(ISNA(INDEX(CTS!$V:$V,MATCH(E174,CTS!$E:$E,0))),\"\",(INDEX(CTS!$V:$V,MATCH(E174,CTS!$E:$E,0))))","v":20},{"$f":"IFERROR(INDEX(CTS!$A:$A,MATCH(E174,CTS!$E:$E,0)),\".\")","v":"P"},{"$f":"IFERROR(IFERROR(INDEX(#REF!,MATCH(E174,#REF!,0)),IFERROR(INDEX(#REF!,MATCH(E174,#REF!,0)),INDEX(#REF!,MATCH(E174,#REF!,0)) )),\".\")","v":"."},null,{"$f":"IFERROR(VLOOKUP(E174,#REF!,8,FALSE),IFERROR(VLOOKUP(E174,#REF!,8,FALSE),IFERROR(VLOOKUP(E174,#REF!,8,FALSE),\"\")))","v":""},".-."]
[170,{"$f":"IFERROR(DAY(CTR[[#This Row],[Date]]),\"\")","v":17},{"$f":"IFERROR(MONTH(CTR[[#This Row],[Date]]),\"\")","v":1},{"$f":"IF(ISNA(INDEX(CTS!C:C,MATCH(E175,CTS!$E:$E,0))),\"\",(INDEX(CTS!C:C,MATCH(E175,CTS!$E:$E,0))))","v":44213},"01-170",{"$f":"IF(ISNA(INDEX(CTS!$F:$F,MATCH(E175,CTS!$E:$E,0))),\"\",(INDEX(CTS!$F:$F,MATCH(E175,CTS!$E:$E,0))))","v":"CLIENT"},{"$f":"IF(ISNA(INDEX(CTS!$N:$N,MATCH(E175,CTS!$E:$E,0))),\"\",(INDEX(CTS!$N:$N,MATCH(E175,CTS!$E:$E,0))))","v":8576.4705882352955},{"$f":"IF(ISNA(INDEX(CTS!$O:$O,MATCH(E175,CTS!$E:$E,0))),\"\",(INDEX(CTS!$O:$O,MATCH(E175,CTS!$E:$E,0))))","v":0},{"$f":"IF(ISNA(INDEX(CTS!$P:$P,MATCH(E175,CTS!$E:$E,0))),\"\",(INDEX(CTS!$P:$P,MATCH(E175,CTS!$E:$E,0))))","v":0},{"$f":"IF(ISNA(INDEX(CTS!$Q:$Q,MATCH(E175,CTS!$E:$E,0))),\"\",(INDEX(CTS!$Q:$Q,MATCH(E175,CTS!$E:$E,0))))","v":8576.4705882352955},{"$f":"IF(ISNA(INDEX(CTS!$S:$S,MATCH(E175,CTS!$E:$E,0))),\"\",(INDEX(CTS!$S:$S,MATCH(E175,CTS!$E:$E,0))))","v":1629.5294117647063},{"$f":"IF(ISNA(INDEX(CTS!$T:$T,MATCH(E175,CTS!$E:$E,0))),\"\",(INDEX(CTS!$T:$T,MATCH(E175,CTS!$E:$E,0))))","v":10206.000000000002},{"$f":"IF(ISNA(INDEX(CTS!$U:$U,MATCH(E175,CTS!$E:$E,0))),\"\",(INDEX(CTS!$U:$U,MATCH(E175,CTS!$E:$E,0))))","v":0},{"$f":"IF(ISNA(INDEX(CTS!$V:$V,MATCH(E175,CTS!$E:$E,0))),\"\",(INDEX(CTS!$V:$V,MATCH(E175,CTS!$E:$E,0))))","v":10206.000000000002},{"$f":"IFERROR(INDEX(CTS!$A:$A,MATCH(E175,CTS!$E:$E,0)),\".\")","v":"P"},{"$f":"IFERROR(IFERROR(INDEX(#REF!,MATCH(E175,#REF!,0)),IFERROR(INDEX(#REF!,MATCH(E175,#REF!,0)),INDEX(#REF!,MATCH(E175,#REF!,0)) )),\".\")","v":"."},null,{"$f":"IFERROR(VLOOKUP(E175,#REF!,8,FALSE),IFERROR(VLOOKUP(E175,#REF!,8,FALSE),IFERROR(VLOOKUP(E175,#REF!,8,FALSE),\"\")))","v":""},".-."]
[171,{"$f":"IFERROR(DAY(CTR[[#This Row],[Date]]),\"\")","v":14},{"$f":"IFERROR(MONTH(CTR[[#This Row],[Date]]),\"\")","v":1},{"$f":"IF(ISNA(INDEX(CTS!C:C,MATCH(E176,CTS!$E:$E,0))),\"\",(INDEX(CTS!C:C,MATCH(E176,CTS!$E:$E,0))))","v":44210},"01-171",{"$f":"IF(ISNA(INDEX(CTS!$F:$F,MATCH(E176,CTS!$E:$E,0))),\"\",(INDEX(CTS!$F:$F,MATCH(E176,CTS!$E:$E,0))))","v":"CLIENT"},{"$f":"IF(ISNA(INDEX(CTS!$N:$N,MATCH(E176,CTS!$E:$E,0))),\"\",(INDEX(CTS!$N:$N,MATCH(E176,CTS!$E:$E,0))))","v":16.806722689075631},{"$f":"IF(ISNA(INDEX(CTS!$O:$O,MATCH(E176,CTS!$E:$E,0))),\"\",(INDEX(CTS!$O:$O,MATCH(E176,CTS!$E:$E,0))))","v":0},{"$f":"IF(ISNA(INDEX(CTS!$P:$P,MATCH(E176,CTS!$E:$E,0))),\"\",(INDEX(CTS!$P:$P,MATCH(E176,CTS!$E:$E,0))))","v":0},{"$f":"IF(ISNA(INDEX(CTS!$Q:$Q,MATCH(E176,CTS!$E:$E,0))),\"\",(INDEX(CTS!$Q:$Q,MATCH(E176,CTS!$E:$E,0))))","v":16.806722689075631},{"$f":"IF(ISNA(INDEX(CTS!$S:$S,MATCH(E176,CTS!$E:$E,0))),\"\",(INDEX(CTS!$S:$S,MATCH(E176,CTS!$E:$E,0))))","v":3.1932773109243699},{"$f":"IF(ISNA(INDEX(CTS!$T:$T,MATCH(E176,CTS!$E:$E,0))),\"\",(INDEX(CTS!$T:$T,MATCH(E176,CTS!$E:$E,0))))","v":20},{"$f":"IF(ISNA(INDEX(CTS!$U:$U,MATCH(E176,CTS!$E:$E,0))),\"\",(INDEX(CTS!$U:$U,MATCH(E176,CTS!$E:$E,0))))","v":0},{"$f":"IF(ISNA(INDEX(CTS!$V:$V,MATCH(E176,CTS!$E:$E,0))),\"\",(INDEX(CTS!$V:$V,MATCH(E176,CTS!$E:$E,0))))","v":20},{"$f":"IFERROR(INDEX(CTS!$A:$A,MATCH(E176,CTS!$E:$E,0)),\".\")","v":"P"},{"$f":"IFERROR(IFERROR(INDEX(#REF!,MATCH(E176,#REF!,0)),IFERROR(INDEX(#REF!,MATCH(E176,#REF!,0)),INDEX(#REF!,MATCH(E176,#REF!,0)) )),\".\")","v":"."},null,{"$f":"IFERROR(VLOOKUP(E176,#REF!,8,FALSE),IFERROR(VLOOKUP(E176,#REF!,8,FALSE),IFERROR(VLOOKUP(E176,#REF!,8,FALSE),\"\")))","v":""},".-."]
[172,{"$f":"IFERROR(DAY(CTR[[#This Row],[Date]]),\"\")","v":14},{"$f":"IFERROR(MONTH(CTR[[#This Row],[Date]]),\"\")","v":1},{"$f":"IF(ISNA(INDEX(CTS!C:C,MATCH(E177,CTS!$E:$E,0))),\"\",(INDEX(CTS!C:C,MATCH(E177,CTS!$E:$E,0))))","v":44210},"01-172",{"$f":"IF(ISNA(INDEX(CTS!$F:$F,MATCH(E177,CTS!$E:$E,0))),\"\",(INDEX(CTS!$F:$F,MATCH(E177,CTS!$E:$E,0))))","v":"CLIENT"},{"$f":"IF(ISNA(INDEX(CTS!$N:$N,MATCH(E177,CTS!$E:$E,0))),\"\",(INDEX(CTS!$N:$N,MATCH(E177,CTS!$E:$E,0))))","v":142.85714285714286},{"$f":"IF(ISNA(INDEX(CTS!$O:$O,MATCH(E177,CTS!$E:$E,0))),\"\",(INDEX(CTS!$O:$O,MATCH(E177,CTS!$E:$E,0))))","v":0},{"$f":"IF(ISNA(INDEX(CTS!$P:$P,MATCH(E177,CTS!$E:$E,0))),\"\",(INDEX(CTS!$P:$P,MATCH(E177,CTS!$E:$E,0))))","v":0},{"$f":"IF(ISNA(INDEX(CTS!$Q:$Q,MATCH(E177,CTS!$E:$E,0))),\"\",(INDEX(CTS!$Q:$Q,MATCH(E177,CTS!$E:$E,0))))","v":142.85714285714286},{"$f":"IF(ISNA(INDEX(CTS!$S:$S,MATCH(E177,CTS!$E:$E,0))),\"\",(INDEX(CTS!$S:$S,MATCH(E177,CTS!$E:$E,0))))","v":27.142857142857142},{"$f":"IF(ISNA(INDEX(CTS!$T:$T,MATCH(E177,CTS!$E:$E,0))),\"\",(INDEX(CTS!$T:$T,MATCH(E177,CTS!$E:$E,0))))","v":170},{"$f":"IF(ISNA(INDEX(CTS!$U:$U,MATCH(E177,CTS!$E:$E,0))),\"\",(INDEX(CTS!$U:$U,MATCH(E177,CTS!$E:$E,0))))","v":0},{"$f":"IF(ISNA(INDEX(CTS!$V:$V,MATCH(E177,CTS!$E:$E,0))),\"\",(INDEX(CTS!$V:$V,MATCH(E177,CTS!$E:$E,0))))","v":170},{"$f":"IFERROR(INDEX(CTS!$A:$A,MATCH(E177,CTS!$E:$E,0)),\".\")","v":"P"},{"$f":"IFERROR(IFERROR(INDEX(#REF!,MATCH(E177,#REF!,0)),IFERROR(INDEX(#REF!,MATCH(E177,#REF!,0)),INDEX(#REF!,MATCH(E177,#REF!,0)) )),\".\")","v":"."},null,{"$f":"IFERROR(VLOOKUP(E177,#REF!,8,FALSE),IFERROR(VLOOKUP(E177,#REF!,8,FALSE),IFERROR(VLOOKUP(E177,#REF!,8,FALSE),\"\")))","v":""},".-."]
[173,{"$f":"IFERROR(DAY(CTR[[#This Row],[Date]]),\"\")","v":14},{"$f":"IFERROR(MONTH(CTR[[#This Row],[Date]]),\"\")","v":1},{"$f":"IF(ISNA(INDEX(CTS!C:C,MATCH(E178,CTS!$E:$E,0))),\"\",(INDEX(CTS!C:C,MATCH(E178,CTS!$E:$E,0))))","v":44210},"01-173",{"$f":"IF(ISNA(INDEX(CTS!$F:$F,MATCH(E178,CTS!$E:$E,0))),\"\",(INDEX(CTS!$F:$F,MATCH(E178,CTS!$E:$E,0))))","v":"CLIENT"},{"$f":"IF(ISNA(INDEX(CTS!$N:$N,MATCH(E178,CTS!$E:$E,0))),\"\",(INDEX(CTS!$N:$N,MATCH(E178,CTS!$E:$E,0))))","v":9075.6302521008402},{"$f":"IF(ISNA(INDEX(CTS!$O:$O,MATCH(E178,CTS!$E:$E,0))),\"\",(INDEX(CTS!$O:$O,MATCH(E178,CTS!$E:$E,0))))","v":0},{"$f":"IF(ISNA(INDEX(CTS!$P:$P,MATCH(E178,CTS!$E:$E,0))),\"\",(INDEX(CTS!$P:$P,MATCH(E178,CTS!$E:$E,0))))","v":0},{"$f":"IF(ISNA(INDEX(CTS!$Q:$Q,MATCH(E178,CTS!$E:$E,0))),\"\",(INDEX(CTS!$Q:$Q,MATCH(E178,CTS!$E:$E,0))))","v":9075.6302521008402},{"$f":"IF(ISNA(INDEX(CTS!$S:$S,MATCH(E178,CTS!$E:$E,0))),\"\",(INDEX(CTS!$S:$S,MATCH(E178,CTS!$E:$E,0))))","v":1724.3697478991598},{"$f":"IF(ISNA(INDEX(CTS!$T:$T,MATCH(E178,CTS!$E:$E,0))),\"\",(INDEX(CTS!$T:$T,MATCH(E178,CTS!$E:$E,0))))","v":10800},{"$f":"IF(ISNA(INDEX(CTS!$U:$U,MATCH(E178,CTS!$E:$E,0))),\"\",(INDEX(CTS!$U:$U,MATCH(E178,CTS!$E:$E,0))))","v":0},{"$f":"IF(ISNA(INDEX(CTS!$V:$V,MATCH(E178,CTS!$E:$E,0))),\"\",(INDEX(CTS!$V:$V,MATCH(E178,CTS!$E:$E,0))))","v":10800},{"$f":"IFERROR(INDEX(CTS!$A:$A,MATCH(E178,CTS!$E:$E,0)),\".\")","v":"P"},{"$f":"IFERROR(IFERROR(INDEX(#REF!,MATCH(E178,#REF!,0)),IFERROR(INDEX(#REF!,MATCH(E178,#REF!,0)),INDEX(#REF!,MATCH(E178,#REF!,0)) )),\".\")","v":"."},null,{"$f":"IFERROR(VLOOKUP(E178,#REF!,8,FALSE),IFERROR(VLOOKUP(E178,#REF!,8,FALSE),IFERROR(VLOOKUP(E178,#REF!,8,FALSE),\"\")))","v":""},".-."]
[174,{"$f":"IFERROR(DAY(CTR[[#This Row],[Date]]),\"\")","v":17},{"$f":"IFERROR(MONTH(CTR[[#This Row],[Date]]),\"\")","v":1},{"$f":"IF(ISNA(INDEX(CTS!C:C,MATCH(E179,CTS!$E:$E,0))),\"\",(INDEX(CTS!C:C,MATCH(E179,CTS!$E:$E,0))))","v":44213},"01-174",{"$f":"IF(ISNA(INDEX(CTS!$F:$F,MATCH(E179,CTS!$E:$E,0))),\"\",(INDEX(CTS!$F:$F,MATCH(E179,CTS!$E:$E,0))))","v":"CLIENT"},{"$f":"IF(ISNA(INDEX(CTS!$N:$N,MATCH(E179,CTS!$E:$E,0))),\"\",(INDEX(CTS!$N:$N,MATCH(E179,CTS!$E:$E,0))))","v":209.24369747899161},{"$f":"IF(ISNA(INDEX(CTS!$O:$O,MATCH(E179,CTS!$E:$E,0))),\"\",(INDEX(CTS!$O:$O,MATCH(E179,CTS!$E:$E,0))))","v":0},{"$f":"IF(ISNA(INDEX(CTS!$P:$P,MATCH(E179,CTS!$E:$E,0))),\"\",(INDEX(CTS!$P:$P,MATCH(E179,CTS!$E:$E,0))))","v":0},{"$f":"IF(ISNA(INDEX(CTS!$Q:$Q,MATCH(E179,CTS!$E:$E,0))),\"\",(INDEX(CTS!$Q:$Q,MATCH(E179,CTS!$E:$E,0))))","v":209.24369747899161},{"$f":"IF(ISNA(INDEX(CTS!$S:$S,MATCH(E179,CTS!$E:$E,0))),\"\",(INDEX(CTS!$S:$S,MATCH(E179,CTS!$E:$E,0))))","v":39.756302521008408},{"$f":"IF(ISNA(INDEX(CTS!$T:$T,MATCH(E179,CTS!$E:$E,0))),\"\",(INDEX(CTS!$T:$T,MATCH(E179,CTS!$E:$E,0))))","v":249},{"$f":"IF(ISNA(INDEX(CTS!$U:$U,MATCH(E179,CTS!$E:$E,0))),\"\",(INDEX(CTS!$U:$U,MATCH(E179,CTS!$E:$E,0))))","v":0},{"$f":"IF(ISNA(INDEX(CTS!$V:$V,MATCH(E179,CTS!$E:$E,0))),\"\",(INDEX(CTS!$V:$V,MATCH(E179,CTS!$E:$E,0))))","v":249},{"$f":"IFERROR(INDEX(CTS!$A:$A,MATCH(E179,CTS!$E:$E,0)),\".\")","v":"P"},{"$f":"IFERROR(IFERROR(INDEX(#REF!,MATCH(E179,#REF!,0)),IFERROR(INDEX(#REF!,MATCH(E179,#REF!,0)),INDEX(#REF!,MATCH(E179,#REF!,0)) )),\".\")","v":"."},null,{"$f":"IFERROR(VLOOKUP(E179,#REF!,8,FALSE),IFERROR(VLOOKUP(E179,#REF!,8,FALSE),IFERROR(VLOOKUP(E179,#REF!,8,FALSE),\"\")))","v":""},".-."]
[175,{"$f":"IFERROR(DAY(CTR[[#This Row],[Date]]),\"\")","v":17},{"$f":"IFERROR(MONTH(CTR[[#This Row],[Date]]),\"\")","v":1},{"$f":"IF(ISNA(INDEX(CTS!C:C,MATCH(E180,CTS!$E:$E,0))),\"\",(INDEX(CTS!C:C,MATCH(E180,CTS!$E:$E,0))))","v":44213},"01-175",{"$f":"IF(ISNA(INDEX(CTS!$F:$F,MATCH(E180,CTS!$E:$E,0))),\"\",(INDEX(CTS!$F:$F,MATCH(E180,CTS!$E:$E,0))))","v":"CLIENT"},{"$f":"IF(ISNA(INDEX(CTS!$N:$N,MATCH(E180,CTS!$E:$E,0))),\"\",(INDEX(CTS!$N:$N,MATCH(E180,CTS!$E:$E,0))))","v":58.82352941176471},{"$f":"IF(ISNA(INDEX(CTS!$O:$O,MATCH(E180,CTS!$E:$E,0))),\"\",(INDEX(CTS!$O:$O,MATCH(E180,CTS!$E:$E,0))))","v":0},{"$f":"IF(ISNA(INDEX(CTS!$P:$P,MATCH(E180,CTS!$E:$E,0))),\"\",(INDEX(CTS!$P:$P,MATCH(E180,CTS!$E:$E,0))))","v":0},{"$f":"IF(ISNA(INDEX(CTS!$Q:$Q,MATCH(E180,CTS!$E:$E,0))),\"\",(INDEX(CTS!$Q:$Q,MATCH(E180,CTS!$E:$E,0))))","v":58.82352941176471},{"$f":"IF(ISNA(INDEX(CTS!$S:$S,MATCH(E180,CTS!$E:$E,0))),\"\",(INDEX(CTS!$S:$S,MATCH(E180,CTS!$E:$E,0))))","v":11.176470588235295},{"$f":"IF(ISNA(INDEX(CTS!$T:$T,MATCH(E180,CTS!$E:$E,0))),\"\",(INDEX(CTS!$T:$T,MATCH(E180,CTS!$E:$E,0))))","v":70},{"$f":"IF(ISNA(INDEX(CTS!$U:$U,MATCH(E180,CTS!$E:$E,0))),\"\",(INDEX(CTS!$U:$U,MATCH(E180,CTS!$E:$E,0))))","v":0},{"$f":"IF(ISNA(INDEX(CTS!$V:$V,MATCH(E180,CTS!$E:$E,0))),\"\",(INDEX(CTS!$V:$V,MATCH(E180,CTS!$E:$E,0))))","v":70},{"$f":"IFERROR(INDEX(CTS!$A:$A,MATCH(E180,CTS!$E:$E,0)),\".\")","v":"P"},{"$f":"IFERROR(IFERROR(INDEX(#REF!,MATCH(E180,#REF!,0)),IFERROR(INDEX(#REF!,MATCH(E180,#REF!,0)),INDEX(#REF!,MATCH(E180,#REF!,0)) )),\".\")","v":"."},null,{"$f":"IFERROR(VLOOKUP(E180,#REF!,8,FALSE),IFERROR(VLOOKUP(E180,#REF!,8,FALSE),IFERROR(VLOOKUP(E180,#REF!,8,FALSE),\"\")))","v":""},".-."]
[176,{"$f":"IFERROR(DAY(CTR[[#This Row],[Date]]),\"\")","v":17},{"$f":"IFERROR(MONTH(CTR[[#This Row],[Date]]),\"\")","v":1},{"$f":"IF(ISNA(INDEX(CTS!C:C,MATCH(E181,CTS!$E:$E,0))),\"\",(INDEX(CTS!C:C,MATCH(E181,CTS!$E:$E,0))))","v":44213},"01-176",{"$f":"IF(ISNA(INDEX(CTS!$F:$F,MATCH(E181,CTS!$E:$E,0))),\"\",(INDEX(CTS!$F:$F,MATCH(E181,CTS!$E:$E,0))))","v":"CLIENT"},{"$f":"IF(ISNA(INDEX(CTS!$N:$N,MATCH(E181,CTS!$E:$E,0))),\"\",(INDEX(CTS!$N:$N,MATCH(E181,CTS!$E:$E,0))))","v":100.84033613445379},{"$f":"IF(ISNA(INDEX(CTS!$O:$O,MATCH(E181,CTS!$E:$E,0))),\"\",(INDEX(CTS!$O:$O,MATCH(E181,CTS!$E:$E,0))))","v":0},{"$f":"IF(ISNA(INDEX(CTS!$P:$P,MATCH(E181,CTS!$E:$E,0))),\"\",(INDEX(CTS!$P:$P,MATCH(E181,CTS!$E:$E,0))))","v":0},{"$f":"IF(ISNA(INDEX(CTS!$Q:$Q,MATCH(E181,CTS!$E:$E,0))),\"\",(INDEX(CTS!$Q:$Q,MATCH(E181,CTS!$E:$E,0))))","v":100.84033613445379},{"$f":"IF(ISNA(INDEX(CTS!$S:$S,MATCH(E181,CTS!$E:$E,0))),\"\",(INDEX(CTS!$S:$S,MATCH(E181,CTS!$E:$E,0))))","v":19.159663865546221},{"$f":"IF(ISNA(INDEX(CTS!$T:$T,MATCH(E181,CTS!$E:$E,0))),\"\",(INDEX(CTS!$T:$T,MATCH(E181,CTS!$E:$E,0))))","v":120.00000000000001},{"$f":"IF(ISNA(INDEX(CTS!$U:$U,MATCH(E181,CTS!$E:$E,0))),\"\",(INDEX(CTS!$U:$U,MATCH(E181,CTS!$E:$E,0))))","v":0},{"$f":"IF(ISNA(INDEX(CTS!$V:$V,MATCH(E181,CTS!$E:$E,0))),\"\",(INDEX(CTS!$V:$V,MATCH(E181,CTS!$E:$E,0))))","v":120.00000000000001},{"$f":"IFERROR(INDEX(CTS!$A:$A,MATCH(E181,CTS!$E:$E,0)),\".\")","v":"P"},{"$f":"IFERROR(IFERROR(INDEX(#REF!,MATCH(E181,#REF!,0)),IFERROR(INDEX(#REF!,MATCH(E181,#REF!,0)),INDEX(#REF!,MATCH(E181,#REF!,0)) )),\".\")","v":"."},null,{"$f":"IFERROR(VLOOKUP(E181,#REF!,8,FALSE),IFERROR(VLOOKUP(E181,#REF!,8,FALSE),IFERROR(VLOOKUP(E181,#REF!,8,FALSE),\"\")))","v":""},".-."]
[177,{"$f":"IFERROR(DAY(CTR[[#This Row],[Date]]),\"\")","v":17},{"$f":"IFERROR(MONTH(CTR[[#This Row],[Date]]),\"\")","v":1},{"$f":"IF(ISNA(INDEX(CTS!C:C,MATCH(E182,CTS!$E:$E,0))),\"\",(INDEX(CTS!C:C,MATCH(E182,CTS!$E:$E,0))))","v":44213},"01-177",{"$f":"IF(ISNA(INDEX(CTS!$F:$F,MATCH(E182,CTS!$E:$E,0))),\"\",(INDEX(CTS!$F:$F,MATCH(E182,CTS!$E:$E,0))))","v":"CLIENT"},{"$f":"IF(ISNA(INDEX(CTS!$N:$N,MATCH(E182,CTS!$E:$E,0))),\"\",(INDEX(CTS!$N:$N,MATCH(E182,CTS!$E:$E,0))))","v":109.24369747899161},{"$f":"IF(ISNA(INDEX(CTS!$O:$O,MATCH(E182,CTS!$E:$E,0))),\"\",(INDEX(CTS!$O:$O,MATCH(E182,CTS!$E:$E,0))))","v":0},{"$f":"IF(ISNA(INDEX(CTS!$P:$P,MATCH(E182,CTS!$E:$E,0))),\"\",(INDEX(CTS!$P:$P,MATCH(E182,CTS!$E:$E,0))))","v":0},{"$f":"IF(ISNA(INDEX(CTS!$Q:$Q,MATCH(E182,CTS!$E:$E,0))),\"\",(INDEX(CTS!$Q:$Q,MATCH(E182,CTS!$E:$E,0))))","v":109.24369747899161},{"$f":"IF(ISNA(INDEX(CTS!$S:$S,MATCH(E182,CTS!$E:$E,0))),\"\",(INDEX(CTS!$S:$S,MATCH(E182,CTS!$E:$E,0))))","v":20.756302521008404},{"$f":"IF(ISNA(INDEX(CTS!$T:$T,MATCH(E182,CTS!$E:$E,0))),\"\",(INDEX(CTS!$T:$T,MATCH(E182,CTS!$E:$E,0))))","v":130},{"$f":"IF(ISNA(INDEX(CTS!$U:$U,MATCH(E182,CTS!$E:$E,0))),\"\",(INDEX(CTS!$U:$U,MATCH(E182,CTS!$E:$E,0))))","v":0},{"$f":"IF(ISNA(INDEX(CTS!$V:$V,MATCH(E182,CTS!$E:$E,0))),\"\",(INDEX(CTS!$V:$V,MATCH(E182,CTS!$E:$E,0))))","v":130},{"$f":"IFERROR(INDEX(CTS!$A:$A,MATCH(E182,CTS!$E:$E,0)),\".\")","v":"P"},{"$f":"IFERROR(IFERROR(INDEX(#REF!,MATCH(E182,#REF!,0)),IFERROR(INDEX(#REF!,MATCH(E182,#REF!,0)),INDEX(#REF!,MATCH(E182,#REF!,0)) )),\".\")","v":"."},null,{"$f":"IFERROR(VLOOKUP(E182,#REF!,8,FALSE),IFERROR(VLOOKUP(E182,#REF!,8,FALSE),IFERROR(VLOOKUP(E182,#REF!,8,FALSE),\"\")))","v":""},".-."]
[178,{"$f":"IFERROR(DAY(CTR[[#This Row],[Date]]),\"\")","v":17},{"$f":"IFERROR(MONTH(CTR[[#This Row],[Date]]),\"\")","v":1},{"$f":"IF(ISNA(INDEX(CTS!C:C,MATCH(E183,CTS!$E:$E,0))),\"\",(INDEX(CTS!C:C,MATCH(E183,CTS!$E:$E,0))))","v":44213},"01-178",{"$f":"IF(ISNA(INDEX(CTS!$F:$F,MATCH(E183,CTS!$E:$E,0))),\"\",(INDEX(CTS!$F:$F,MATCH(E183,CTS!$E:$E,0))))","v":"CLIENT"},{"$f":"IF(ISNA(INDEX(CTS!$N:$N,MATCH(E183,CTS!$E:$E,0))),\"\",(INDEX(CTS!$N:$N,MATCH(E183,CTS!$E:$E,0))))","v":2621.8487394957983},{"$f":"IF(ISNA(INDEX(CTS!$O:$O,MATCH(E183,CTS!$E:$E,0))),\"\",(INDEX(CTS!$O:$O,MATCH(E183,CTS!$E:$E,0))))","v":0},{"$f":"IF(ISNA(INDEX(CTS!$P:$P,MATCH(E183,CTS!$E:$E,0))),\"\",(INDEX(CTS!$P:$P,MATCH(E183,CTS!$E:$E,0))))","v":0},{"$f":"IF(ISNA(INDEX(CTS!$Q:$Q,MATCH(E183,CTS!$E:$E,0))),\"\",(INDEX(CTS!$Q:$Q,MATCH(E183,CTS!$E:$E,0))))","v":2621.8487394957983},{"$f":"IF(ISNA(INDEX(CTS!$S:$S,MATCH(E183,CTS!$E:$E,0))),\"\",(INDEX(CTS!$S:$S,MATCH(E183,CTS!$E:$E,0))))","v":498.15126050420167},{"$f":"IF(ISNA(INDEX(CTS!$T:$T,MATCH(E183,CTS!$E:$E,0))),\"\",(INDEX(CTS!$T:$T,MATCH(E183,CTS!$E:$E,0))))","v":3120},{"$f":"IF(ISNA(INDEX(CTS!$U:$U,MATCH(E183,CTS!$E:$E,0))),\"\",(INDEX(CTS!$U:$U,MATCH(E183,CTS!$E:$E,0))))","v":0},{"$f":"IF(ISNA(INDEX(CTS!$V:$V,MATCH(E183,CTS!$E:$E,0))),\"\",(INDEX(CTS!$V:$V,MATCH(E183,CTS!$E:$E,0))))","v":3120},{"$f":"IFERROR(INDEX(CTS!$A:$A,MATCH(E183,CTS!$E:$E,0)),\".\")","v":"P"},{"$f":"IFERROR(IFERROR(INDEX(#REF!,MATCH(E183,#REF!,0)),IFERROR(INDEX(#REF!,MATCH(E183,#REF!,0)),INDEX(#REF!,MATCH(E183,#REF!,0)) )),\".\")","v":"."},null,{"$f":"IFERROR(VLOOKUP(E183,#REF!,8,FALSE),IFERROR(VLOOKUP(E183,#REF!,8,FALSE),IFERROR(VLOOKUP(E183,#REF!,8,FALSE),\"\")))","v":""},".-."]
[179,{"$f":"IFERROR(DAY(CTR[[#This Row],[Date]]),\"\")","v":17},{"$f":"IFERROR(MONTH(CTR[[#This Row],[Date]]),\"\")","v":1},{"$f":"IF(ISNA(INDEX(CTS!C:C,MATCH(E184,CTS!$E:$E,0))),\"\",(INDEX(CTS!C:C,MATCH(E184,CTS!$E:$E,0))))","v":44213},"01-179",{"$f":"IF(ISNA(INDEX(CTS!$F:$F,MATCH(E184,CTS!$E:$E,0))),\"\",(INDEX(CTS!$F:$F,MATCH(E184,CTS!$E:$E,0))))","v":"CLIENT"},{"$f":"IF(ISNA(INDEX(CTS!$N:$N,MATCH(E184,CTS!$E:$E,0))),\"\",(INDEX(CTS!$N:$N,MATCH(E184,CTS!$E:$E,0))))","v":542.85714285714289},{"$f":"IF(ISNA(INDEX(CTS!$O:$O,MATCH(E184,CTS!$E:$E,0))),\"\",(INDEX(CTS!$O:$O,MATCH(E184,CTS!$E:$E,0))))","v":0},{"$f":"IF(ISNA(INDEX(CTS!$P:$P,MATCH(E184,CTS!$E:$E,0))),\"\",(INDEX(CTS!$P:$P,MATCH(E184,CTS!$E:$E,0))))","v":0},{"$f":"IF(ISNA(INDEX(CTS!$Q:$Q,MATCH(E184,CTS!$E:$E,0))),\"\",(INDEX(CTS!$Q:$Q,MATCH(E184,CTS!$E:$E,0))))","v":542.85714285714289},{"$f":"IF(ISNA(INDEX(CTS!$S:$S,MATCH(E184,CTS!$E:$E,0))),\"\",(INDEX(CTS!$S:$S,MATCH(E184,CTS!$E:$E,0))))","v":103.14285714285717},{"$f":"IF(ISNA(INDEX(CTS!$T:$T,MATCH(E184,CTS!$E:$E,0))),\"\",(INDEX(CTS!$T:$T,MATCH(E184,CTS!$E:$E,0))))","v":646},{"$f":"IF(ISNA(INDEX(CTS!$U:$U,MATCH(E184,CTS!$E:$E,0))),\"\",(INDEX(CTS!$U:$U,MATCH(E184,CTS!$E:$E,0))))","v":0},{"$f":"IF(ISNA(INDEX(CTS!$V:$V,MATCH(E184,CTS!$E:$E,0))),\"\",(INDEX(CTS!$V:$V,MATCH(E184,CTS!$E:$E,0))))","v":646},{"$f":"IFERROR(INDEX(CTS!$A:$A,MATCH(E184,CTS!$E:$E,0)),\".\")","v":"P"},{"$f":"IFERROR(IFERROR(INDEX(#REF!,MATCH(E184,#REF!,0)),IFERROR(INDEX(#REF!,MATCH(E184,#REF!,0)),INDEX(#REF!,MATCH(E184,#REF!,0)) )),\".\")","v":"."},null,{"$f":"IFERROR(VLOOKUP(E184,#REF!,8,FALSE),IFERROR(VLOOKUP(E184,#REF!,8,FALSE),IFERROR(VLOOKUP(E184,#REF!,8,FALSE),\"\")))","v":""},".-."]
[180,{"$f":"IFERROR(DAY(CTR[[#This Row],[Date]]),\"\")","v":17},{"$f":"IFERROR(MONTH(CTR[[#This Row],[Date]]),\"\")","v":1},{"$f":"IF(ISNA(INDEX(CTS!C:C,MATCH(E185,CTS!$E:$E,0))),\"\",(INDEX(CTS!C:C,MATCH(E185,CTS!$E:$E,0))))","v":44213},"01-180",{"$f":"IF(ISNA(INDEX(CTS!$F:$F,MATCH(E185,CTS!$E:$E,0))),\"\",(INDEX(CTS!$F:$F,MATCH(E185,CTS!$E:$E,0))))","v":"CLIENT"},{"$f":"IF(ISNA(INDEX(CTS!$N:$N,MATCH(E185,CTS!$E:$E,0))),\"\",(INDEX(CTS!$N:$N,MATCH(E185,CTS!$E:$E,0))))","v":773.10924369747897},{"$f":"IF(ISNA(INDEX(CTS!$O:$O,MATCH(E185,CTS!$E:$E,0))),\"\",(INDEX(CTS!$O:$O,MATCH(E185,CTS!$E:$E,0))))","v":0},{"$f":"IF(ISNA(INDEX(CTS!$P:$P,MATCH(E185,CTS!$E:$E,0))),\"\",(INDEX(CTS!$P:$P,MATCH(E185,CTS!$E:$E,0))))","v":0},{"$f":"IF(ISNA(INDEX(CTS!$Q:$Q,MATCH(E185,CTS!$E:$E,0))),\"\",(INDEX(CTS!$Q:$Q,MATCH(E185,CTS!$E:$E,0))))","v":773.10924369747897},{"$f":"IF(ISNA(INDEX(CTS!$S:$S,MATCH(E185,CTS!$E:$E,0))),\"\",(INDEX(CTS!$S:$S,MATCH(E185,CTS!$E:$E,0))))","v":146.890756302521},{"$f":"IF(ISNA(INDEX(CTS!$T:$T,MATCH(E185,CTS!$E:$E,0))),\"\",(INDEX(CTS!$T:$T,MATCH(E185,CTS!$E:$E,0))))","v":920},{"$f":"IF(ISNA(INDEX(CTS!$U:$U,MATCH(E185,CTS!$E:$E,0))),\"\",(INDEX(CTS!$U:$U,MATCH(E185,CTS!$E:$E,0))))","v":0},{"$f":"IF(ISNA(INDEX(CTS!$V:$V,MATCH(E185,CTS!$E:$E,0))),\"\",(INDEX(CTS!$V:$V,MATCH(E185,CTS!$E:$E,0))))","v":920},{"$f":"IFERROR(INDEX(CTS!$A:$A,MATCH(E185,CTS!$E:$E,0)),\".\")","v":"P"},{"$f":"IFERROR(IFERROR(INDEX(#REF!,MATCH(E185,#REF!,0)),IFERROR(INDEX(#REF!,MATCH(E185,#REF!,0)),INDEX(#REF!,MATCH(E185,#REF!,0)) )),\".\")","v":"."},null,{"$f":"IFERROR(VLOOKUP(E185,#REF!,8,FALSE),IFERROR(VLOOKUP(E185,#REF!,8,FALSE),IFERROR(VLOOKUP(E185,#REF!,8,FALSE),\"\")))","v":""},".-."]
[181,{"$f":"IFERROR(DAY(CTR[[#This Row],[Date]]),\"\")","v":17},{"$f":"IFERROR(MONTH(CTR[[#This Row],[Date]]),\"\")","v":1},{"$f":"IF(ISNA(INDEX(CTS!C:C,MATCH(E186,CTS!$E:$E,0))),\"\",(INDEX(CTS!C:C,MATCH(E186,CTS!$E:$E,0))))","v":44213},"01-181",{"$f":"IF(ISNA(INDEX(CTS!$F:$F,MATCH(E186,CTS!$E:$E,0))),\"\",(INDEX(CTS!$F:$F,MATCH(E186,CTS!$E:$E,0))))","v":"CLIENT"},{"$f":"IF(ISNA(INDEX(CTS!$N:$N,MATCH(E186,CTS!$E:$E,0))),\"\",(INDEX(CTS!$N:$N,MATCH(E186,CTS!$E:$E,0))))","v":670.58823529411779},{"$f":"IF(ISNA(INDEX(CTS!$O:$O,MATCH(E186,CTS!$E:$E,0))),\"\",(INDEX(CTS!$O:$O,MATCH(E186,CTS!$E:$E,0))))","v":0},{"$f":"IF(ISNA(INDEX(CTS!$P:$P,MATCH(E186,CTS!$E:$E,0))),\"\",(INDEX(CTS!$P:$P,MATCH(E186,CTS!$E:$E,0))))","v":0},{"$f":"IF(ISNA(INDEX(CTS!$Q:$Q,MATCH(E186,CTS!$E:$E,0))),\"\",(INDEX(CTS!$Q:$Q,MATCH(E186,CTS!$E:$E,0))))","v":670.58823529411779},{"$f":"IF(ISNA(INDEX(CTS!$S:$S,MATCH(E186,CTS!$E:$E,0))),\"\",(INDEX(CTS!$S:$S,MATCH(E186,CTS!$E:$E,0))))","v":127.41176470588238},{"$f":"IF(ISNA(INDEX(CTS!$T:$T,MATCH(E186,CTS!$E:$E,0))),\"\",(INDEX(CTS!$T:$T,MATCH(E186,CTS!$E:$E,0))))","v":798.00000000000023},{"$f":"IF(ISNA(INDEX(CTS!$U:$U,MATCH(E186,CTS!$E:$E,0))),\"\",(INDEX(CTS!$U:$U,MATCH(E186,CTS!$E:$E,0))))","v":0},{"$f":"IF(ISNA(INDEX(CTS!$V:$V,MATCH(E186,CTS!$E:$E,0))),\"\",(INDEX(CTS!$V:$V,MATCH(E186,CTS!$E:$E,0))))","v":798.00000000000023},{"$f":"IFERROR(INDEX(CTS!$A:$A,MATCH(E186,CTS!$E:$E,0)),\".\")","v":"P"},{"$f":"IFERROR(IFERROR(INDEX(#REF!,MATCH(E186,#REF!,0)),IFERROR(INDEX(#REF!,MATCH(E186,#REF!,0)),INDEX(#REF!,MATCH(E186,#REF!,0)) )),\".\")","v":"."},null,{"$f":"IFERROR(VLOOKUP(E186,#REF!,8,FALSE),IFERROR(VLOOKUP(E186,#REF!,8,FALSE),IFERROR(VLOOKUP(E186,#REF!,8,FALSE),\"\")))","v":""},".-."]
[182,{"$f":"IFERROR(DAY(CTR[[#This Row],[Date]]),\"\")","v":17},{"$f":"IFERROR(MONTH(CTR[[#This Row],[Date]]),\"\")","v":1},{"$f":"IF(ISNA(INDEX(CTS!C:C,MATCH(E187,CTS!$E:$E,0))),\"\",(INDEX(CTS!C:C,MATCH(E187,CTS!$E:$E,0))))","v":44213},"01-182",{"$f":"IF(ISNA(INDEX(CTS!$F:$F,MATCH(E187,CTS!$E:$E,0))),\"\",(INDEX(CTS!$F:$F,MATCH(E187,CTS!$E:$E,0))))","v":"CLIENT"},{"$f":"IF(ISNA(INDEX(CTS!$N:$N,MATCH(E187,CTS!$E:$E,0))),\"\",(INDEX(CTS!$N:$N,MATCH(E187,CTS!$E:$E,0))))","v":310.92436974789916},{"$f":"IF(ISNA(INDEX(CTS!$O:$O,MATCH(E187,CTS!$E:$E,0))),\"\",(INDEX(CTS!$O:$O,MATCH(E187,CTS!$E:$E,0))))","v":0},{"$f":"IF(ISNA(INDEX(CTS!$P:$P,MATCH(E187,CTS!$E:$E,0))),\"\",(INDEX(CTS!$P:$P,MATCH(E187,CTS!$E:$E,0))))","v":0},{"$f":"IF(ISNA(INDEX(CTS!$Q:$Q,MATCH(E187,CTS!$E:$E,0))),\"\",(INDEX(CTS!$Q:$Q,MATCH(E187,CTS!$E:$E,0))))","v":310.92436974789916},{"$f":"IF(ISNA(INDEX(CTS!$S:$S,MATCH(E187,CTS!$E:$E,0))),\"\",(INDEX(CTS!$S:$S,MATCH(E187,CTS!$E:$E,0))))","v":59.075630252100844},{"$f":"IF(ISNA(INDEX(CTS!$T:$T,MATCH(E187,CTS!$E:$E,0))),\"\",(INDEX(CTS!$T:$T,MATCH(E187,CTS!$E:$E,0))))","v":370},{"$f":"IF(ISNA(INDEX(CTS!$U:$U,MATCH(E187,CTS!$E:$E,0))),\"\",(INDEX(CTS!$U:$U,MATCH(E187,CTS!$E:$E,0))))","v":0},{"$f":"IF(ISNA(INDEX(CTS!$V:$V,MATCH(E187,CTS!$E:$E,0))),\"\",(INDEX(CTS!$V:$V,MATCH(E187,CTS!$E:$E,0))))","v":370},{"$f":"IFERROR(INDEX(CTS!$A:$A,MATCH(E187,CTS!$E:$E,0)),\".\")","v":"P"},{"$f":"IFERROR(IFERROR(INDEX(#REF!,MATCH(E187,#REF!,0)),IFERROR(INDEX(#REF!,MATCH(E187,#REF!,0)),INDEX(#REF!,MATCH(E187,#REF!,0)) )),\".\")","v":"."},null,{"$f":"IFERROR(VLOOKUP(E187,#REF!,8,FALSE),IFERROR(VLOOKUP(E187,#REF!,8,FALSE),IFERROR(VLOOKUP(E187,#REF!,8,FALSE),\"\")))","v":""},".-."]
[183,{"$f":"IFERROR(DAY(CTR[[#This Row],[Date]]),\"\")","v":17},{"$f":"IFERROR(MONTH(CTR[[#This Row],[Date]]),\"\")","v":1},{"$f":"IF(ISNA(INDEX(CTS!C:C,MATCH(E188,CTS!$E:$E,0))),\"\",(INDEX(CTS!C:C,MATCH(E188,CTS!$E:$E,0))))","v":44213},"01-183",{"$f":"IF(ISNA(INDEX(CTS!$F:$F,MATCH(E188,CTS!$E:$E,0))),\"\",(INDEX(CTS!$F:$F,MATCH(E188,CTS!$E:$E,0))))","v":"CLIENT"},{"$f":"IF(ISNA(INDEX(CTS!$N:$N,MATCH(E188,CTS!$E:$E,0))),\"\",(INDEX(CTS!$N:$N,MATCH(E188,CTS!$E:$E,0))))","v":1654.621848739496},{"$f":"IF(ISNA(INDEX(CTS!$O:$O,MATCH(E188,CTS!$E:$E,0))),\"\",(INDEX(CTS!$O:$O,MATCH(E188,CTS!$E:$E,0))))","v":0},{"$f":"IF(ISNA(INDEX(CTS!$P:$P,MATCH(E188,CTS!$E:$E,0))),\"\",(INDEX(CTS!$P:$P,MATCH(E188,CTS!$E:$E,0))))","v":0},{"$f":"IF(ISNA(INDEX(CTS!$Q:$Q,MATCH(E188,CTS!$E:$E,0))),\"\",(INDEX(CTS!$Q:$Q,MATCH(E188,CTS!$E:$E,0))))","v":1654.621848739496},{"$f":"IF(ISNA(INDEX(CTS!$S:$S,MATCH(E188,CTS!$E:$E,0))),\"\",(INDEX(CTS!$S:$S,MATCH(E188,CTS!$E:$E,0))))","v":314.37815126050424},{"$f":"IF(ISNA(INDEX(CTS!$T:$T,MATCH(E188,CTS!$E:$E,0))),\"\",(INDEX(CTS!$T:$T,MATCH(E188,CTS!$E:$E,0))))","v":1969.0000000000002},{"$f":"IF(ISNA(INDEX(CTS!$U:$U,MATCH(E188,CTS!$E:$E,0))),\"\",(INDEX(CTS!$U:$U,MATCH(E188,CTS!$E:$E,0))))","v":0},{"$f":"IF(ISNA(INDEX(CTS!$V:$V,MATCH(E188,CTS!$E:$E,0))),\"\",(INDEX(CTS!$V:$V,MATCH(E188,CTS!$E:$E,0))))","v":1969.0000000000002},{"$f":"IFERROR(INDEX(CTS!$A:$A,MATCH(E188,CTS!$E:$E,0)),\".\")","v":"P"},{"$f":"IFERROR(IFERROR(INDEX(#REF!,MATCH(E188,#REF!,0)),IFERROR(INDEX(#REF!,MATCH(E188,#REF!,0)),INDEX(#REF!,MATCH(E188,#REF!,0)) )),\".\")","v":"."},null,{"$f":"IFERROR(VLOOKUP(E188,#REF!,8,FALSE),IFERROR(VLOOKUP(E188,#REF!,8,FALSE),IFERROR(VLOOKUP(E188,#REF!,8,FALSE),\"\")))","v":""},".-."]
[184,{"$f":"IFERROR(DAY(CTR[[#This Row],[Date]]),\"\")","v":17},{"$f":"IFERROR(MONTH(CTR[[#This Row],[Date]]),\"\")","v":1},{"$f":"IF(ISNA(INDEX(CTS!C:C,MATCH(E189,CTS!$E:$E,0))),\"\",(INDEX(CTS!C:C,MATCH(E189,CTS!$E:$E,0))))","v":44213},"01-184",{"$f":"IF(ISNA(INDEX(CTS!$F:$F,MATCH(E189,CTS!$E:$E,0))),\"\",(INDEX(CTS!$F:$F,MATCH(E189,CTS!$E:$E,0))))","v":"CLIENT"},{"$f":"IF(ISNA(INDEX(CTS!$N:$N,MATCH(E189,CTS!$E:$E,0))),\"\",(INDEX(CTS!$N:$N,MATCH(E189,CTS!$E:$E,0))))","v":310.92436974789916},{"$f":"IF(ISNA(INDEX(CTS!$O:$O,MATCH(E189,CTS!$E:$E,0))),\"\",(INDEX(CTS!$O:$O,MATCH(E189,CTS!$E:$E,0))))","v":0},{"$f":"IF(ISNA(INDEX(CTS!$P:$P,MATCH(E189,CTS!$E:$E,0))),\"\",(INDEX(CTS!$P:$P,MATCH(E189,CTS!$E:$E,0))))","v":0},{"$f":"IF(ISNA(INDEX(CTS!$Q:$Q,MATCH(E189,CTS!$E:$E,0))),\"\",(INDEX(CTS!$Q:$Q,MATCH(E189,CTS!$E:$E,0))))","v":310.92436974789916},{"$f":"IF(ISNA(INDEX(CTS!$S:$S,MATCH(E189,CTS!$E:$E,0))),\"\",(INDEX(CTS!$S:$S,MATCH(E189,CTS!$E:$E,0))))","v":59.075630252100844},{"$f":"IF(ISNA(INDEX(CTS!$T:$T,MATCH(E189,CTS!$E:$E,0))),\"\",(INDEX(CTS!$T:$T,MATCH(E189,CTS!$E:$E,0))))","v":370},{"$f":"IF(ISNA(INDEX(CTS!$U:$U,MATCH(E189,CTS!$E:$E,0))),\"\",(INDEX(CTS!$U:$U,MATCH(E189,CTS!$E:$E,0))))","v":0},{"$f":"IF(ISNA(INDEX(CTS!$V:$V,MATCH(E189,CTS!$E:$E,0))),\"\",(INDEX(CTS!$V:$V,MATCH(E189,CTS!$E:$E,0))))","v":370},{"$f":"IFERROR(INDEX(CTS!$A:$A,MATCH(E189,CTS!$E:$E,0)),\".\")","v":"P"},{"$f":"IFERROR(IFERROR(INDEX(#REF!,MATCH(E189,#REF!,0)),IFERROR(INDEX(#REF!,MATCH(E189,#REF!,0)),INDEX(#REF!,MATCH(E189,#REF!,0)) )),\".\")","v":"."},null,{"$f":"IFERROR(VLOOKUP(E189,#REF!,8,FALSE),IFERROR(VLOOKUP(E189,#REF!,8,FALSE),IFERROR(VLOOKUP(E189,#REF!,8,FALSE),\"\")))","v":""},".-."]
[185,{"$f":"IFERROR(DAY(CTR[[#This Row],[Date]]),\"\")","v":17},{"$f":"IFERROR(MONTH(CTR[[#This Row],[Date]]),\"\")","v":1},{"$f":"IF(ISNA(INDEX(CTS!C:C,MATCH(E190,CTS!$E:$E,0))),\"\",(INDEX(CTS!C:C,MATCH(E190,CTS!$E:$E,0))))","v":44213},"01-185",{"$f":"IF(ISNA(INDEX(CTS!$F:$F,MATCH(E190,CTS!$E:$E,0))),\"\",(INDEX(CTS!$F:$F,MATCH(E190,CTS!$E:$E,0))))","v":"CLIENT"},{"$f":"IF(ISNA(INDEX(CTS!$N:$N,MATCH(E190,CTS!$E:$E,0))),\"\",(INDEX(CTS!$N:$N,MATCH(E190,CTS!$E:$E,0))))","v":5109.2436974789925},{"$f":"IF(ISNA(INDEX(CTS!$O:$O,MATCH(E190,CTS!$E:$E,0))),\"\",(INDEX(CTS!$O:$O,MATCH(E190,CTS!$E:$E,0))))","v":0},{"$f":"IF(ISNA(INDEX(CTS!$P:$P,MATCH(E190,CTS!$E:$E,0))),\"\",(INDEX(CTS!$P:$P,MATCH(E190,CTS!$E:$E,0))))","v":0},{"$f":"IF(ISNA(INDEX(CTS!$Q:$Q,MATCH(E190,CTS!$E:$E,0))),\"\",(INDEX(CTS!$Q:$Q,MATCH(E190,CTS!$E:$E,0))))","v":5109.2436974789925},{"$f":"IF(ISNA(INDEX(CTS!$S:$S,MATCH(E190,CTS!$E:$E,0))),\"\",(INDEX(CTS!$S:$S,MATCH(E190,CTS!$E:$E,0))))","v":970.75630252100859},{"$f":"IF(ISNA(INDEX(CTS!$T:$T,MATCH(E190,CTS!$E:$E,0))),\"\",(INDEX(CTS!$T:$T,MATCH(E190,CTS!$E:$E,0))))","v":6080.0000000000009},{"$f":"IF(ISNA(INDEX(CTS!$U:$U,MATCH(E190,CTS!$E:$E,0))),\"\",(INDEX(CTS!$U:$U,MATCH(E190,CTS!$E:$E,0))))","v":0},{"$f":"IF(ISNA(INDEX(CTS!$V:$V,MATCH(E190,CTS!$E:$E,0))),\"\",(INDEX(CTS!$V:$V,MATCH(E190,CTS!$E:$E,0))))","v":6080.0000000000009},{"$f":"IFERROR(INDEX(CTS!$A:$A,MATCH(E190,CTS!$E:$E,0)),\".\")","v":"P"},{"$f":"IFERROR(IFERROR(INDEX(#REF!,MATCH(E190,#REF!,0)),IFERROR(INDEX(#REF!,MATCH(E190,#REF!,0)),INDEX(#REF!,MATCH(E190,#REF!,0)) )),\".\")","v":"."},null,{"$f":"IFERROR(VLOOKUP(E190,#REF!,8,FALSE),IFERROR(VLOOKUP(E190,#REF!,8,FALSE),IFERROR(VLOOKUP(E190,#REF!,8,FALSE),\"\")))","v":""},".-."]
[186,{"$f":"IFERROR(DAY(CTR[[#This Row],[Date]]),\"\")","v":17},{"$f":"IFERROR(MONTH(CTR[[#This Row],[Date]]),\"\")","v":1},{"$f":"IF(ISNA(INDEX(CTS!C:C,MATCH(E191,CTS!$E:$E,0))),\"\",(INDEX(CTS!C:C,MATCH(E191,CTS!$E:$E,0))))","v":44213},"01-186",{"$f":"IF(ISNA(INDEX(CTS!$F:$F,MATCH(E191,CTS!$E:$E,0))),\"\",(INDEX(CTS!$F:$F,MATCH(E191,CTS!$E:$E,0))))","v":"CLIENT"},{"$f":"IF(ISNA(INDEX(CTS!$N:$N,MATCH(E191,CTS!$E:$E,0))),\"\",(INDEX(CTS!$N:$N,MATCH(E191,CTS!$E:$E,0))))","v":126.05042016806723},{"$f":"IF(ISNA(INDEX(CTS!$O:$O,MATCH(E191,CTS!$E:$E,0))),\"\",(INDEX(CTS!$O:$O,MATCH(E191,CTS!$E:$E,0))))","v":0},{"$f":"IF(ISNA(INDEX(CTS!$P:$P,MATCH(E191,CTS!$E:$E,0))),\"\",(INDEX(CTS!$P:$P,MATCH(E191,CTS!$E:$E,0))))","v":0},{"$f":"IF(ISNA(INDEX(CTS!$Q:$Q,MATCH(E191,CTS!$E:$E,0))),\"\",(INDEX(CTS!$Q:$Q,MATCH(E191,CTS!$E:$E,0))))","v":126.05042016806723},{"$f":"IF(ISNA(INDEX(CTS!$S:$S,MATCH(E191,CTS!$E:$E,0))),\"\",(INDEX(CTS!$S:$S,MATCH(E191,CTS!$E:$E,0))))","v":23.949579831932773},{"$f":"IF(ISNA(INDEX(CTS!$T:$T,MATCH(E191,CTS!$E:$E,0))),\"\",(INDEX(CTS!$T:$T,MATCH(E191,CTS!$E:$E,0))))","v":150},{"$f":"IF(ISNA(INDEX(CTS!$U:$U,MATCH(E191,CTS!$E:$E,0))),\"\",(INDEX(CTS!$U:$U,MATCH(E191,CTS!$E:$E,0))))","v":0},{"$f":"IF(ISNA(INDEX(CTS!$V:$V,MATCH(E191,CTS!$E:$E,0))),\"\",(INDEX(CTS!$V:$V,MATCH(E191,CTS!$E:$E,0))))","v":150},{"$f":"IFERROR(INDEX(CTS!$A:$A,MATCH(E191,CTS!$E:$E,0)),\".\")","v":"P"},{"$f":"IFERROR(IFERROR(INDEX(#REF!,MATCH(E191,#REF!,0)),IFERROR(INDEX(#REF!,MATCH(E191,#REF!,0)),INDEX(#REF!,MATCH(E191,#REF!,0)) )),\".\")","v":"."},null,{"$f":"IFERROR(VLOOKUP(E191,#REF!,8,FALSE),IFERROR(VLOOKUP(E191,#REF!,8,FALSE),IFERROR(VLOOKUP(E191,#REF!,8,FALSE),\"\")))","v":""},".-."]
[187,{"$f":"IFERROR(DAY(CTR[[#This Row],[Date]]),\"\")","v":17},{"$f":"IFERROR(MONTH(CTR[[#This Row],[Date]]),\"\")","v":1},{"$f":"IF(ISNA(INDEX(CTS!C:C,MATCH(E192,CTS!$E:$E,0))),\"\",(INDEX(CTS!C:C,MATCH(E192,CTS!$E:$E,0))))","v":44213},"01-187",{"$f":"IF(ISNA(INDEX(CTS!$F:$F,MATCH(E192,CTS!$E:$E,0))),\"\",(INDEX(CTS!$F:$F,MATCH(E192,CTS!$E:$E,0))))","v":"CLIENT"},{"$f":"IF(ISNA(INDEX(CTS!$N:$N,MATCH(E192,CTS!$E:$E,0))),\"\",(INDEX(CTS!$N:$N,MATCH(E192,CTS!$E:$E,0))))","v":302.52100840336141},{"$f":"IF(ISNA(INDEX(CTS!$O:$O,MATCH(E192,CTS!$E:$E,0))),\"\",(INDEX(CTS!$O:$O,MATCH(E192,CTS!$E:$E,0))))","v":0},{"$f":"IF(ISNA(INDEX(CTS!$P:$P,MATCH(E192,CTS!$E:$E,0))),\"\",(INDEX(CTS!$P:$P,MATCH(E192,CTS!$E:$E,0))))","v":0},{"$f":"IF(ISNA(INDEX(CTS!$Q:$Q,MATCH(E192,CTS!$E:$E,0))),\"\",(INDEX(CTS!$Q:$Q,MATCH(E192,CTS!$E:$E,0))))","v":302.52100840336141},{"$f":"IF(ISNA(INDEX(CTS!$S:$S,MATCH(E192,CTS!$E:$E,0))),\"\",(INDEX(CTS!$S:$S,MATCH(E192,CTS!$E:$E,0))))","v":57.478991596638664},{"$f":"IF(ISNA(INDEX(CTS!$T:$T,MATCH(E192,CTS!$E:$E,0))),\"\",(INDEX(CTS!$T:$T,MATCH(E192,CTS!$E:$E,0))))","v":360.00000000000006},{"$f":"IF(ISNA(INDEX(CTS!$U:$U,MATCH(E192,CTS!$E:$E,0))),\"\",(INDEX(CTS!$U:$U,MATCH(E192,CTS!$E:$E,0))))","v":0},{"$f":"IF(ISNA(INDEX(CTS!$V:$V,MATCH(E192,CTS!$E:$E,0))),\"\",(INDEX(CTS!$V:$V,MATCH(E192,CTS!$E:$E,0))))","v":360.00000000000006},{"$f":"IFERROR(INDEX(CTS!$A:$A,MATCH(E192,CTS!$E:$E,0)),\".\")","v":"P"},{"$f":"IFERROR(IFERROR(INDEX(#REF!,MATCH(E192,#REF!,0)),IFERROR(INDEX(#REF!,MATCH(E192,#REF!,0)),INDEX(#REF!,MATCH(E192,#REF!,0)) )),\".\")","v":"."},null,{"$f":"IFERROR(VLOOKUP(E192,#REF!,8,FALSE),IFERROR(VLOOKUP(E192,#REF!,8,FALSE),IFERROR(VLOOKUP(E192,#REF!,8,FALSE),\"\")))","v":""},".-."]
[188,{"$f":"IFERROR(DAY(CTR[[#This Row],[Date]]),\"\")","v":17},{"$f":"IFERROR(MONTH(CTR[[#This Row],[Date]]),\"\")","v":1},{"$f":"IF(ISNA(INDEX(CTS!C:C,MATCH(E193,CTS!$E:$E,0))),\"\",(INDEX(CTS!C:C,MATCH(E193,CTS!$E:$E,0))))","v":44213},"01-188",{"$f":"IF(ISNA(INDEX(CTS!$F:$F,MATCH(E193,CTS!$E:$E,0))),\"\",(INDEX(CTS!$F:$F,MATCH(E193,CTS!$E:$E,0))))","v":"CLIENT"},{"$f":"IF(ISNA(INDEX(CTS!$N:$N,MATCH(E193,CTS!$E:$E,0))),\"\",(INDEX(CTS!$N:$N,MATCH(E193,CTS!$E:$E,0))))","v":336.13445378151266},{"$f":"IF(ISNA(INDEX(CTS!$O:$O,MATCH(E193,CTS!$E:$E,0))),\"\",(INDEX(CTS!$O:$O,MATCH(E193,CTS!$E:$E,0))))","v":0},{"$f":"IF(ISNA(INDEX(CTS!$P:$P,MATCH(E193,CTS!$E:$E,0))),\"\",(INDEX(CTS!$P:$P,MATCH(E193,CTS!$E:$E,0))))","v":0},{"$f":"IF(ISNA(INDEX(CTS!$Q:$Q,MATCH(E193,CTS!$E:$E,0))),\"\",(INDEX(CTS!$Q:$Q,MATCH(E193,CTS!$E:$E,0))))","v":336.13445378151266},{"$f":"IF(ISNA(INDEX(CTS!$S:$S,MATCH(E193,CTS!$E:$E,0))),\"\",(INDEX(CTS!$S:$S,MATCH(E193,CTS!$E:$E,0))))","v":63.865546218487403},{"$f":"IF(ISNA(INDEX(CTS!$T:$T,MATCH(E193,CTS!$E:$E,0))),\"\",(INDEX(CTS!$T:$T,MATCH(E193,CTS!$E:$E,0))))","v":400.00000000000006},{"$f":"IF(ISNA(INDEX(CTS!$U:$U,MATCH(E193,CTS!$E:$E,0))),\"\",(INDEX(CTS!$U:$U,MATCH(E193,CTS!$E:$E,0))))","v":0},{"$f":"IF(ISNA(INDEX(CTS!$V:$V,MATCH(E193,CTS!$E:$E,0))),\"\",(INDEX(CTS!$V:$V,MATCH(E193,CTS!$E:$E,0))))","v":400.00000000000006},{"$f":"IFERROR(INDEX(CTS!$A:$A,MATCH(E193,CTS!$E:$E,0)),\".\")","v":"P"},{"$f":"IFERROR(IFERROR(INDEX(#REF!,MATCH(E193,#REF!,0)),IFERROR(INDEX(#REF!,MATCH(E193,#REF!,0)),INDEX(#REF!,MATCH(E193,#REF!,0)) )),\".\")","v":"."},null,{"$f":"IFERROR(VLOOKUP(E193,#REF!,8,FALSE),IFERROR(VLOOKUP(E193,#REF!,8,FALSE),IFERROR(VLOOKUP(E193,#REF!,8,FALSE),\"\")))","v":""},".-."]
[189,{"$f":"IFERROR(DAY(CTR[[#This Row],[Date]]),\"\")","v":17},{"$f":"IFERROR(MONTH(CTR[[#This Row],[Date]]),\"\")","v":1},{"$f":"IF(ISNA(INDEX(CTS!C:C,MATCH(E194,CTS!$E:$E,0))),\"\",(INDEX(CTS!C:C,MATCH(E194,CTS!$E:$E,0))))","v":44213},"01-189",{"$f":"IF(ISNA(INDEX(CTS!$F:$F,MATCH(E194,CTS!$E:$E,0))),\"\",(INDEX(CTS!$F:$F,MATCH(E194,CTS!$E:$E,0))))","v":"CLIENT"},{"$f":"IF(ISNA(INDEX(CTS!$N:$N,MATCH(E194,CTS!$E:$E,0))),\"\",(INDEX(CTS!$N:$N,MATCH(E194,CTS!$E:$E,0))))","v":1815.1260504201684},{"$f":"IF(ISNA(INDEX(CTS!$O:$O,MATCH(E194,CTS!$E:$E,0))),\"\",(INDEX(CTS!$O:$O,MATCH(E194,CTS!$E:$E,0))))","v":0},{"$f":"IF(ISNA(INDEX(CTS!$P:$P,MATCH(E194,CTS!$E:$E,0))),\"\",(INDEX(CTS!$P:$P,MATCH(E194,CTS!$E:$E,0))))","v":0},{"$f":"IF(ISNA(INDEX(CTS!$Q:$Q,MATCH(E194,CTS!$E:$E,0))),\"\",(INDEX(CTS!$Q:$Q,MATCH(E194,CTS!$E:$E,0))))","v":1815.1260504201684},{"$f":"IF(ISNA(INDEX(CTS!$S:$S,MATCH(E194,CTS!$E:$E,0))),\"\",(INDEX(CTS!$S:$S,MATCH(E194,CTS!$E:$E,0))))","v":344.87394957983201},{"$f":"IF(ISNA(INDEX(CTS!$T:$T,MATCH(E194,CTS!$E:$E,0))),\"\",(INDEX(CTS!$T:$T,MATCH(E194,CTS!$E:$E,0))))","v":2160.0000000000005},{"$f":"IF(ISNA(INDEX(CTS!$U:$U,MATCH(E194,CTS!$E:$E,0))),\"\",(INDEX(CTS!$U:$U,MATCH(E194,CTS!$E:$E,0))))","v":0},{"$f":"IF(ISNA(INDEX(CTS!$V:$V,MATCH(E194,CTS!$E:$E,0))),\"\",(INDEX(CTS!$V:$V,MATCH(E194,CTS!$E:$E,0))))","v":2160.0000000000005},{"$f":"IFERROR(INDEX(CTS!$A:$A,MATCH(E194,CTS!$E:$E,0)),\".\")","v":"P"},{"$f":"IFERROR(IFERROR(INDEX(#REF!,MATCH(E194,#REF!,0)),IFERROR(INDEX(#REF!,MATCH(E194,#REF!,0)),INDEX(#REF!,MATCH(E194,#REF!,0)) )),\".\")","v":"."},null,{"$f":"IFERROR(VLOOKUP(E194,#REF!,8,FALSE),IFERROR(VLOOKUP(E194,#REF!,8,FALSE),IFERROR(VLOOKUP(E194,#REF!,8,FALSE),\"\")))","v":""},".-."]
[190,{"$f":"IFERROR(DAY(CTR[[#This Row],[Date]]),\"\")","v":18},{"$f":"IFERROR(MONTH(CTR[[#This Row],[Date]]),\"\")","v":1},{"$f":"IF(ISNA(INDEX(CTS!C:C,MATCH(E195,CTS!$E:$E,0))),\"\",(INDEX(CTS!C:C,MATCH(E195,CTS!$E:$E,0))))","v":44214},"01-190",{"$f":"IF(ISNA(INDEX(CTS!$F:$F,MATCH(E195,CTS!$E:$E,0))),\"\",(INDEX(CTS!$F:$F,MATCH(E195,CTS!$E:$E,0))))","v":"CLIENT"},{"$f":"IF(ISNA(INDEX(CTS!$N:$N,MATCH(E195,CTS!$E:$E,0))),\"\",(INDEX(CTS!$N:$N,MATCH(E195,CTS!$E:$E,0))))","v":33.613445378151262},{"$f":"IF(ISNA(INDEX(CTS!$O:$O,MATCH(E195,CTS!$E:$E,0))),\"\",(INDEX(CTS!$O:$O,MATCH(E195,CTS!$E:$E,0))))","v":0},{"$f":"IF(ISNA(INDEX(CTS!$P:$P,MATCH(E195,CTS!$E:$E,0))),\"\",(INDEX(CTS!$P:$P,MATCH(E195,CTS!$E:$E,0))))","v":0},{"$f":"IF(ISNA(INDEX(CTS!$Q:$Q,MATCH(E195,CTS!$E:$E,0))),\"\",(INDEX(CTS!$Q:$Q,MATCH(E195,CTS!$E:$E,0))))","v":33.613445378151262},{"$f":"IF(ISNA(INDEX(CTS!$S:$S,MATCH(E195,CTS!$E:$E,0))),\"\",(INDEX(CTS!$S:$S,MATCH(E195,CTS!$E:$E,0))))","v":6.3865546218487399},{"$f":"IF(ISNA(INDEX(CTS!$T:$T,MATCH(E195,CTS!$E:$E,0))),\"\",(INDEX(CTS!$T:$T,MATCH(E195,CTS!$E:$E,0))))","v":40},{"$f":"IF(ISNA(INDEX(CTS!$U:$U,MATCH(E195,CTS!$E:$E,0))),\"\",(INDEX(CTS!$U:$U,MATCH(E195,CTS!$E:$E,0))))","v":0},{"$f":"IF(ISNA(INDEX(CTS!$V:$V,MATCH(E195,CTS!$E:$E,0))),\"\",(INDEX(CTS!$V:$V,MATCH(E195,CTS!$E:$E,0))))","v":40},{"$f":"IFERROR(INDEX(CTS!$A:$A,MATCH(E195,CTS!$E:$E,0)),\".\")","v":"P"},{"$f":"IFERROR(IFERROR(INDEX(#REF!,MATCH(E195,#REF!,0)),IFERROR(INDEX(#REF!,MATCH(E195,#REF!,0)),INDEX(#REF!,MATCH(E195,#REF!,0)) )),\".\")","v":"."},null,{"$f":"IFERROR(VLOOKUP(E195,#REF!,8,FALSE),IFERROR(VLOOKUP(E195,#REF!,8,FALSE),IFERROR(VLOOKUP(E195,#REF!,8,FALSE),\"\")))","v":""},".-."]
[191,{"$f":"IFERROR(DAY(CTR[[#This Row],[Date]]),\"\")","v":18},{"$f":"IFERROR(MONTH(CTR[[#This Row],[Date]]),\"\")","v":1},{"$f":"IF(ISNA(INDEX(CTS!C:C,MATCH(E196,CTS!$E:$E,0))),\"\",(INDEX(CTS!C:C,MATCH(E196,CTS!$E:$E,0))))","v":44214},"01-191",{"$f":"IF(ISNA(INDEX(CTS!$F:$F,MATCH(E196,CTS!$E:$E,0))),\"\",(INDEX(CTS!$F:$F,MATCH(E196,CTS!$E:$E,0))))","v":"CLIENT"},{"$f":"IF(ISNA(INDEX(CTS!$N:$N,MATCH(E196,CTS!$E:$E,0))),\"\",(INDEX(CTS!$N:$N,MATCH(E196,CTS!$E:$E,0))))","v":448.73949579831935},{"$f":"IF(ISNA(INDEX(CTS!$O:$O,MATCH(E196,CTS!$E:$E,0))),\"\",(INDEX(CTS!$O:$O,MATCH(E196,CTS!$E:$E,0))))","v":0},{"$f":"IF(ISNA(INDEX(CTS!$P:$P,MATCH(E196,CTS!$E:$E,0))),\"\",(INDEX(CTS!$P:$P,MATCH(E196,CTS!$E:$E,0))))","v":0},{"$f":"IF(ISNA(INDEX(CTS!$Q:$Q,MATCH(E196,CTS!$E:$E,0))),\"\",(INDEX(CTS!$Q:$Q,MATCH(E196,CTS!$E:$E,0))))","v":448.73949579831935},{"$f":"IF(ISNA(INDEX(CTS!$S:$S,MATCH(E196,CTS!$E:$E,0))),\"\",(INDEX(CTS!$S:$S,MATCH(E196,CTS!$E:$E,0))))","v":85.260504201680689},{"$f":"IF(ISNA(INDEX(CTS!$T:$T,MATCH(E196,CTS!$E:$E,0))),\"\",(INDEX(CTS!$T:$T,MATCH(E196,CTS!$E:$E,0))))","v":534},{"$f":"IF(ISNA(INDEX(CTS!$U:$U,MATCH(E196,CTS!$E:$E,0))),\"\",(INDEX(CTS!$U:$U,MATCH(E196,CTS!$E:$E,0))))","v":0},{"$f":"IF(ISNA(INDEX(CTS!$V:$V,MATCH(E196,CTS!$E:$E,0))),\"\",(INDEX(CTS!$V:$V,MATCH(E196,CTS!$E:$E,0))))","v":534},{"$f":"IFERROR(INDEX(CTS!$A:$A,MATCH(E196,CTS!$E:$E,0)),\".\")","v":"P"},{"$f":"IFERROR(IFERROR(INDEX(#REF!,MATCH(E196,#REF!,0)),IFERROR(INDEX(#REF!,MATCH(E196,#REF!,0)),INDEX(#REF!,MATCH(E196,#REF!,0)) )),\".\")","v":"."},null,{"$f":"IFERROR(VLOOKUP(E196,#REF!,8,FALSE),IFERROR(VLOOKUP(E196,#REF!,8,FALSE),IFERROR(VLOOKUP(E196,#REF!,8,FALSE),\"\")))","v":""},".-."]
[192,{"$f":"IFERROR(DAY(CTR[[#This Row],[Date]]),\"\")","v":18},{"$f":"IFERROR(MONTH(CTR[[#This Row],[Date]]),\"\")","v":1},{"$f":"IF(ISNA(INDEX(CTS!C:C,MATCH(E197,CTS!$E:$E,0))),\"\",(INDEX(CTS!C:C,MATCH(E197,CTS!$E:$E,0))))","v":44214},"01-192",{"$f":"IF(ISNA(INDEX(CTS!$F:$F,MATCH(E197,CTS!$E:$E,0))),\"\",(INDEX(CTS!$F:$F,MATCH(E197,CTS!$E:$E,0))))","v":"CLIENT"},{"$f":"IF(ISNA(INDEX(CTS!$N:$N,MATCH(E197,CTS!$E:$E,0))),\"\",(INDEX(CTS!$N:$N,MATCH(E197,CTS!$E:$E,0))))","v":252.10084033613447},{"$f":"IF(ISNA(INDEX(CTS!$O:$O,MATCH(E197,CTS!$E:$E,0))),\"\",(INDEX(CTS!$O:$O,MATCH(E197,CTS!$E:$E,0))))","v":0},{"$f":"IF(ISNA(INDEX(CTS!$P:$P,MATCH(E197,CTS!$E:$E,0))),\"\",(INDEX(CTS!$P:$P,MATCH(E197,CTS!$E:$E,0))))","v":0},{"$f":"IF(ISNA(INDEX(CTS!$Q:$Q,MATCH(E197,CTS!$E:$E,0))),\"\",(INDEX(CTS!$Q:$Q,MATCH(E197,CTS!$E:$E,0))))","v":252.10084033613447},{"$f":"IF(ISNA(INDEX(CTS!$S:$S,MATCH(E197,CTS!$E:$E,0))),\"\",(INDEX(CTS!$S:$S,MATCH(E197,CTS!$E:$E,0))))","v":47.899159663865554},{"$f":"IF(ISNA(INDEX(CTS!$T:$T,MATCH(E197,CTS!$E:$E,0))),\"\",(INDEX(CTS!$T:$T,MATCH(E197,CTS!$E:$E,0))))","v":300},{"$f":"IF(ISNA(INDEX(CTS!$U:$U,MATCH(E197,CTS!$E:$E,0))),\"\",(INDEX(CTS!$U:$U,MATCH(E197,CTS!$E:$E,0))))","v":0},{"$f":"IF(ISNA(INDEX(CTS!$V:$V,MATCH(E197,CTS!$E:$E,0))),\"\",(INDEX(CTS!$V:$V,MATCH(E197,CTS!$E:$E,0))))","v":300},{"$f":"IFERROR(INDEX(CTS!$A:$A,MATCH(E197,CTS!$E:$E,0)),\".\")","v":"P"},{"$f":"IFERROR(IFERROR(INDEX(#REF!,MATCH(E197,#REF!,0)),IFERROR(INDEX(#REF!,MATCH(E197,#REF!,0)),INDEX(#REF!,MATCH(E197,#REF!,0)) )),\".\")","v":"."},null,{"$f":"IFERROR(VLOOKUP(E197,#REF!,8,FALSE),IFERROR(VLOOKUP(E197,#REF!,8,FALSE),IFERROR(VLOOKUP(E197,#REF!,8,FALSE),\"\")))","v":""},".-."]
[193,{"$f":"IFERROR(DAY(CTR[[#This Row],[Date]]),\"\")","v":18},{"$f":"IFERROR(MONTH(CTR[[#This Row],[Date]]),\"\")","v":1},{"$f":"IF(ISNA(INDEX(CTS!C:C,MATCH(E198,CTS!$E:$E,0))),\"\",(INDEX(CTS!C:C,MATCH(E198,CTS!$E:$E,0))))","v":44214},"01-193",{"$f":"IF(ISNA(INDEX(CTS!$F:$F,MATCH(E198,CTS!$E:$E,0))),\"\",(INDEX(CTS!$F:$F,MATCH(E198,CTS!$E:$E,0))))","v":"CLIENT"},{"$f":"IF(ISNA(INDEX(CTS!$N:$N,MATCH(E198,CTS!$E:$E,0))),\"\",(INDEX(CTS!$N:$N,MATCH(E198,CTS!$E:$E,0))))","v":314.28571428571433},{"$f":"IF(ISNA(INDEX(CTS!$O:$O,MATCH(E198,CTS!$E:$E,0))),\"\",(INDEX(CTS!$O:$O,MATCH(E198,CTS!$E:$E,0))))","v":0},{"$f":"IF(ISNA(INDEX(CTS!$P:$P,MATCH(E198,CTS!$E:$E,0))),\"\",(INDEX(CTS!$P:$P,MATCH(E198,CTS!$E:$E,0))))","v":0},{"$f":"IF(ISNA(INDEX(CTS!$Q:$Q,MATCH(E198,CTS!$E:$E,0))),\"\",(INDEX(CTS!$Q:$Q,MATCH(E198,CTS!$E:$E,0))))","v":314.28571428571433},{"$f":"IF(ISNA(INDEX(CTS!$S:$S,MATCH(E198,CTS!$E:$E,0))),\"\",(INDEX(CTS!$S:$S,MATCH(E198,CTS!$E:$E,0))))","v":59.714285714285722},{"$f":"IF(ISNA(INDEX(CTS!$T:$T,MATCH(E198,CTS!$E:$E,0))),\"\",(INDEX(CTS!$T:$T,MATCH(E198,CTS!$E:$E,0))))","v":374.00000000000006},{"$f":"IF(ISNA(INDEX(CTS!$U:$U,MATCH(E198,CTS!$E:$E,0))),\"\",(INDEX(CTS!$U:$U,MATCH(E198,CTS!$E:$E,0))))","v":0},{"$f":"IF(ISNA(INDEX(CTS!$V:$V,MATCH(E198,CTS!$E:$E,0))),\"\",(INDEX(CTS!$V:$V,MATCH(E198,CTS!$E:$E,0))))","v":374.00000000000006},{"$f":"IFERROR(INDEX(CTS!$A:$A,MATCH(E198,CTS!$E:$E,0)),\".\")","v":"P"},{"$f":"IFERROR(IFERROR(INDEX(#REF!,MATCH(E198,#REF!,0)),IFERROR(INDEX(#REF!,MATCH(E198,#REF!,0)),INDEX(#REF!,MATCH(E198,#REF!,0)) )),\".\")","v":"."},null,{"$f":"IFERROR(VLOOKUP(E198,#REF!,8,FALSE),IFERROR(VLOOKUP(E198,#REF!,8,FALSE),IFERROR(VLOOKUP(E198,#REF!,8,FALSE),\"\")))","v":""},{"$f":"IFERROR(TEXT(P198,\"mm\") & \"-\" & TEXT(P198,\"aaaa\"),\"\")","v":".-."}]
[194,{"$f":"IFERROR(DAY(CTR[[#This Row],[Date]]),\"\")","v":18},{"$f":"IFERROR(MONTH(CTR[[#This Row],[Date]]),\"\")","v":1},{"$f":"IF(ISNA(INDEX(CTS!C:C,MATCH(E199,CTS!$E:$E,0))),\"\",(INDEX(CTS!C:C,MATCH(E199,CTS!$E:$E,0))))","v":44214},"01-194",{"$f":"IF(ISNA(INDEX(CTS!$F:$F,MATCH(E199,CTS!$E:$E,0))),\"\",(INDEX(CTS!$F:$F,MATCH(E199,CTS!$E:$E,0))))","v":"CLIENT"},{"$f":"IF(ISNA(INDEX(CTS!$N:$N,MATCH(E199,CTS!$E:$E,0))),\"\",(INDEX(CTS!$N:$N,MATCH(E199,CTS!$E:$E,0))))","v":67.226890756302524},{"$f":"IF(ISNA(INDEX(CTS!$O:$O,MATCH(E199,CTS!$E:$E,0))),\"\",(INDEX(CTS!$O:$O,MATCH(E199,CTS!$E:$E,0))))","v":0},{"$f":"IF(ISNA(INDEX(CTS!$P:$P,MATCH(E199,CTS!$E:$E,0))),\"\",(INDEX(CTS!$P:$P,MATCH(E199,CTS!$E:$E,0))))","v":0},{"$f":"IF(ISNA(INDEX(CTS!$Q:$Q,MATCH(E199,CTS!$E:$E,0))),\"\",(INDEX(CTS!$Q:$Q,MATCH(E199,CTS!$E:$E,0))))","v":67.226890756302524},{"$f":"IF(ISNA(INDEX(CTS!$S:$S,MATCH(E199,CTS!$E:$E,0))),\"\",(INDEX(CTS!$S:$S,MATCH(E199,CTS!$E:$E,0))))","v":12.77310924369748},{"$f":"IF(ISNA(INDEX(CTS!$T:$T,MATCH(E199,CTS!$E:$E,0))),\"\",(INDEX(CTS!$T:$T,MATCH(E199,CTS!$E:$E,0))))","v":80},{"$f":"IF(ISNA(INDEX(CTS!$U:$U,MATCH(E199,CTS!$E:$E,0))),\"\",(INDEX(CTS!$U:$U,MATCH(E199,CTS!$E:$E,0))))","v":0},{"$f":"IF(ISNA(INDEX(CTS!$V:$V,MATCH(E199,CTS!$E:$E,0))),\"\",(INDEX(CTS!$V:$V,MATCH(E199,CTS!$E:$E,0))))","v":80},{"$f":"IFERROR(INDEX(CTS!$A:$A,MATCH(E199,CTS!$E:$E,0)),\".\")","v":"P"},{"$f":"IFERROR(IFERROR(INDEX(#REF!,MATCH(E199,#REF!,0)),IFERROR(INDEX(#REF!,MATCH(E199,#REF!,0)),INDEX(#REF!,MATCH(E199,#REF!,0)) )),\".\")","v":"."},null,{"$f":"IFERROR(VLOOKUP(E199,#REF!,8,FALSE),IFERROR(VLOOKUP(E199,#REF!,8,FALSE),IFERROR(VLOOKUP(E199,#REF!,8,FALSE),\"\")))","v":""},".-."]
[195,{"$f":"IFERROR(DAY(CTR[[#This Row],[Date]]),\"\")","v":18},{"$f":"IFERROR(MONTH(CTR[[#This Row],[Date]]),\"\")","v":1},{"$f":"IF(ISNA(INDEX(CTS!C:C,MATCH(E200,CTS!$E:$E,0))),\"\",(INDEX(CTS!C:C,MATCH(E200,CTS!$E:$E,0))))","v":44214},"01-195",{"$f":"IF(ISNA(INDEX(CTS!$F:$F,MATCH(E200,CTS!$E:$E,0))),\"\",(INDEX(CTS!$F:$F,MATCH(E200,CTS!$E:$E,0))))","v":"CLIENT"},{"$f":"IF(ISNA(INDEX(CTS!$N:$N,MATCH(E200,CTS!$E:$E,0))),\"\",(INDEX(CTS!$N:$N,MATCH(E200,CTS!$E:$E,0))))","v":490.75630252100848},{"$f":"IF(ISNA(INDEX(CTS!$O:$O,MATCH(E200,CTS!$E:$E,0))),\"\",(INDEX(CTS!$O:$O,MATCH(E200,CTS!$E:$E,0))))","v":0},{"$f":"IF(ISNA(INDEX(CTS!$P:$P,MATCH(E200,CTS!$E:$E,0))),\"\",(INDEX(CTS!$P:$P,MATCH(E200,CTS!$E:$E,0))))","v":0},{"$f":"IF(ISNA(INDEX(CTS!$Q:$Q,MATCH(E200,CTS!$E:$E,0))),\"\",(INDEX(CTS!$Q:$Q,MATCH(E200,CTS!$E:$E,0))))","v":490.75630252100848},{"$f":"IF(ISNA(INDEX(CTS!$S:$S,MATCH(E200,CTS!$E:$E,0))),\"\",(INDEX(CTS!$S:$S,MATCH(E200,CTS!$E:$E,0))))","v":93.243697478991606},{"$f":"IF(ISNA(INDEX(CTS!$T:$T,MATCH(E200,CTS!$E:$E,0))),\"\",(INDEX(CTS!$T:$T,MATCH(E200,CTS!$E:$E,0))))","v":584.00000000000011},{"$f":"IF(ISNA(INDEX(CTS!$U:$U,MATCH(E200,CTS!$E:$E,0))),\"\",(INDEX(CTS!$U:$U,MATCH(E200,CTS!$E:$E,0))))","v":0},{"$f":"IF(ISNA(INDEX(CTS!$V:$V,MATCH(E200,CTS!$E:$E,0))),\"\",(INDEX(CTS!$V:$V,MATCH(E200,CTS!$E:$E,0))))","v":584.00000000000011},{"$f":"IFERROR(INDEX(CTS!$A:$A,MATCH(E200,CTS!$E:$E,0)),\".\")","v":"P"},{"$f":"IFERROR(IFERROR(INDEX(#REF!,MATCH(E200,#REF!,0)),IFERROR(INDEX(#REF!,MATCH(E200,#REF!,0)),INDEX(#REF!,MATCH(E200,#REF!,0)) )),\".\")","v":"."},null,{"$f":"IFERROR(VLOOKUP(E200,#REF!,8,FALSE),IFERROR(VLOOKUP(E200,#REF!,8,FALSE),IFERROR(VLOOKUP(E200,#REF!,8,FALSE),\"\")))","v":""},".-."]
[196,{"$f":"IFERROR(DAY(CTR[[#This Row],[Date]]),\"\")","v":18},{"$f":"IFERROR(MONTH(CTR[[#This Row],[Date]]),\"\")","v":1},{"$f":"IF(ISNA(INDEX(CTS!C:C,MATCH(E201,CTS!$E:$E,0))),\"\",(INDEX(CTS!C:C,MATCH(E201,CTS!$E:$E,0))))","v":44214},"01-196",{"$f":"IF(ISNA(INDEX(CTS!$F:$F,MATCH(E201,CTS!$E:$E,0))),\"\",(INDEX(CTS!$F:$F,MATCH(E201,CTS!$E:$E,0))))","v":"CLIENT"},{"$f":"IF(ISNA(INDEX(CTS!$N:$N,MATCH(E201,CTS!$E:$E,0))),\"\",(INDEX(CTS!$N:$N,MATCH(E201,CTS!$E:$E,0))))","v":3267.2268907563025},{"$f":"IF(ISNA(INDEX(CTS!$O:$O,MATCH(E201,CTS!$E:$E,0))),\"\",(INDEX(CTS!$O:$O,MATCH(E201,CTS!$E:$E,0))))","v":0},{"$f":"IF(ISNA(INDEX(CTS!$P:$P,MATCH(E201,CTS!$E:$E,0))),\"\",(INDEX(CTS!$P:$P,MATCH(E201,CTS!$E:$E,0))))","v":0},{"$f":"IF(ISNA(INDEX(CTS!$Q:$Q,MATCH(E201,CTS!$E:$E,0))),\"\",(INDEX(CTS!$Q:$Q,MATCH(E201,CTS!$E:$E,0))))","v":3267.2268907563025},{"$f":"IF(ISNA(INDEX(CTS!$S:$S,MATCH(E201,CTS!$E:$E,0))),\"\",(INDEX(CTS!$S:$S,MATCH(E201,CTS!$E:$E,0))))","v":620.77310924369749},{"$f":"IF(ISNA(INDEX(CTS!$T:$T,MATCH(E201,CTS!$E:$E,0))),\"\",(INDEX(CTS!$T:$T,MATCH(E201,CTS!$E:$E,0))))","v":3888},{"$f":"IF(ISNA(INDEX(CTS!$U:$U,MATCH(E201,CTS!$E:$E,0))),\"\",(INDEX(CTS!$U:$U,MATCH(E201,CTS!$E:$E,0))))","v":0},{"$f":"IF(ISNA(INDEX(CTS!$V:$V,MATCH(E201,CTS!$E:$E,0))),\"\",(INDEX(CTS!$V:$V,MATCH(E201,CTS!$E:$E,0))))","v":3888},{"$f":"IFERROR(INDEX(CTS!$A:$A,MATCH(E201,CTS!$E:$E,0)),\".\")","v":"P"},{"$f":"IFERROR(IFERROR(INDEX(#REF!,MATCH(E201,#REF!,0)),IFERROR(INDEX(#REF!,MATCH(E201,#REF!,0)),INDEX(#REF!,MATCH(E201,#REF!,0)) )),\".\")","v":"."},null,{"$f":"IFERROR(VLOOKUP(E201,#REF!,8,FALSE),IFERROR(VLOOKUP(E201,#REF!,8,FALSE),IFERROR(VLOOKUP(E201,#REF!,8,FALSE),\"\")))","v":""},".-."]
[197,{"$f":"IFERROR(DAY(CTR[[#This Row],[Date]]),\"\")","v":18},{"$f":"IFERROR(MONTH(CTR[[#This Row],[Date]]),\"\")","v":1},{"$f":"IF(ISNA(INDEX(CTS!C:C,MATCH(E202,CTS!$E:$E,0))),\"\",(INDEX(CTS!C:C,MATCH(E202,CTS!$E:$E,0))))","v":44214},"01-197",{"$f":"IF(ISNA(INDEX(CTS!$F:$F,MATCH(E202,CTS!$E:$E,0))),\"\",(INDEX(CTS!$F:$F,MATCH(E202,CTS!$E:$E,0))))","v":"CLIENT"},{"$f":"IF(ISNA(INDEX(CTS!$N:$N,MATCH(E202,CTS!$E:$E,0))),\"\",(INDEX(CTS!$N:$N,MATCH(E202,CTS!$E:$E,0))))","v":7058.8235294117649},{"$f":"IF(ISNA(INDEX(CTS!$O:$O,MATCH(E202,CTS!$E:$E,0))),\"\",(INDEX(CTS!$O:$O,MATCH(E202,CTS!$E:$E,0))))","v":0},{"$f":"IF(ISNA(INDEX(CTS!$P:$P,MATCH(E202,CTS!$E:$E,0))),\"\",(INDEX(CTS!$P:$P,MATCH(E202,CTS!$E:$E,0))))","v":0},{"$f":"IF(ISNA(INDEX(CTS!$Q:$Q,MATCH(E202,CTS!$E:$E,0))),\"\",(INDEX(CTS!$Q:$Q,MATCH(E202,CTS!$E:$E,0))))","v":7058.8235294117649},{"$f":"IF(ISNA(INDEX(CTS!$S:$S,MATCH(E202,CTS!$E:$E,0))),\"\",(INDEX(CTS!$S:$S,MATCH(E202,CTS!$E:$E,0))))","v":1341.1764705882354},{"$f":"IF(ISNA(INDEX(CTS!$T:$T,MATCH(E202,CTS!$E:$E,0))),\"\",(INDEX(CTS!$T:$T,MATCH(E202,CTS!$E:$E,0))))","v":8400},{"$f":"IF(ISNA(INDEX(CTS!$U:$U,MATCH(E202,CTS!$E:$E,0))),\"\",(INDEX(CTS!$U:$U,MATCH(E202,CTS!$E:$E,0))))","v":0},{"$f":"IF(ISNA(INDEX(CTS!$V:$V,MATCH(E202,CTS!$E:$E,0))),\"\",(INDEX(CTS!$V:$V,MATCH(E202,CTS!$E:$E,0))))","v":8400},{"$f":"IFERROR(INDEX(CTS!$A:$A,MATCH(E202,CTS!$E:$E,0)),\".\")","v":"P"},{"$f":"IFERROR(IFERROR(INDEX(#REF!,MATCH(E202,#REF!,0)),IFERROR(INDEX(#REF!,MATCH(E202,#REF!,0)),INDEX(#REF!,MATCH(E202,#REF!,0)) )),\".\")","v":"."},null,{"$f":"IFERROR(VLOOKUP(E202,#REF!,8,FALSE),IFERROR(VLOOKUP(E202,#REF!,8,FALSE),IFERROR(VLOOKUP(E202,#REF!,8,FALSE),\"\")))","v":""},".-."]
[198,{"$f":"IFERROR(DAY(CTR[[#This Row],[Date]]),\"\")","v":18},{"$f":"IFERROR(MONTH(CTR[[#This Row],[Date]]),\"\")","v":1},{"$f":"IF(ISNA(INDEX(CTS!C:C,MATCH(E203,CTS!$E:$E,0))),\"\",(INDEX(CTS!C:C,MATCH(E203,CTS!$E:$E,0))))","v":44214},"01-198",{"$f":"IF(ISNA(INDEX(CTS!$F:$F,MATCH(E203,CTS!$E:$E,0))),\"\",(INDEX(CTS!$F:$F,MATCH(E203,CTS!$E:$E,0))))","v":"CLIENT"},{"$f":"IF(ISNA(INDEX(CTS!$N:$N,MATCH(E203,CTS!$E:$E,0))),\"\",(INDEX(CTS!$N:$N,MATCH(E203,CTS!$E:$E,0))))","v":1109.2436974789916},{"$f":"IF(ISNA(INDEX(CTS!$O:$O,MATCH(E203,CTS!$E:$E,0))),\"\",(INDEX(CTS!$O:$O,MATCH(E203,CTS!$E:$E,0))))","v":0},{"$f":"IF(ISNA(INDEX(CTS!$P:$P,MATCH(E203,CTS!$E:$E,0))),\"\",(INDEX(CTS!$P:$P,MATCH(E203,CTS!$E:$E,0))))","v":0},{"$f":"IF(ISNA(INDEX(CTS!$Q:$Q,MATCH(E203,CTS!$E:$E,0))),\"\",(INDEX(CTS!$Q:$Q,MATCH(E203,CTS!$E:$E,0))))","v":1109.2436974789916},{"$f":"IF(ISNA(INDEX(CTS!$S:$S,MATCH(E203,CTS!$E:$E,0))),\"\",(INDEX(CTS!$S:$S,MATCH(E203,CTS!$E:$E,0))))","v":210.75630252100842},{"$f":"IF(ISNA(INDEX(CTS!$T:$T,MATCH(E203,CTS!$E:$E,0))),\"\",(INDEX(CTS!$T:$T,MATCH(E203,CTS!$E:$E,0))))","v":1320},{"$f":"IF(ISNA(INDEX(CTS!$U:$U,MATCH(E203,CTS!$E:$E,0))),\"\",(INDEX(CTS!$U:$U,MATCH(E203,CTS!$E:$E,0))))","v":0},{"$f":"IF(ISNA(INDEX(CTS!$V:$V,MATCH(E203,CTS!$E:$E,0))),\"\",(INDEX(CTS!$V:$V,MATCH(E203,CTS!$E:$E,0))))","v":1320},{"$f":"IFERROR(INDEX(CTS!$A:$A,MATCH(E203,CTS!$E:$E,0)),\".\")","v":"P"},{"$f":"IFERROR(IFERROR(INDEX(#REF!,MATCH(E203,#REF!,0)),IFERROR(INDEX(#REF!,MATCH(E203,#REF!,0)),INDEX(#REF!,MATCH(E203,#REF!,0)) )),\".\")","v":"."},null,{"$f":"IFERROR(VLOOKUP(E203,#REF!,8,FALSE),IFERROR(VLOOKUP(E203,#REF!,8,FALSE),IFERROR(VLOOKUP(E203,#REF!,8,FALSE),\"\")))","v":""},".-."]
[199,{"$f":"IFERROR(DAY(CTR[[#This Row],[Date]]),\"\")","v":18},{"$f":"IFERROR(MONTH(CTR[[#This Row],[Date]]),\"\")","v":1},{"$f":"IF(ISNA(INDEX(CTS!C:C,MATCH(E204,CTS!$E:$E,0))),\"\",(INDEX(CTS!C:C,MATCH(E204,CTS!$E:$E,0))))","v":44214},"01-199",{"$f":"IF(ISNA(INDEX(CTS!$F:$F,MATCH(E204,CTS!$E:$E,0))),\"\",(INDEX(CTS!$F:$F,MATCH(E204,CTS!$E:$E,0))))","v":"CLIENT"},{"$f":"IF(ISNA(INDEX(CTS!$N:$N,MATCH(E204,CTS!$E:$E,0))),\"\",(INDEX(CTS!$N:$N,MATCH(E204,CTS!$E:$E,0))))","v":1277.3109243697479},{"$f":"IF(ISNA(INDEX(CTS!$O:$O,MATCH(E204,CTS!$E:$E,0))),\"\",(INDEX(CTS!$O:$O,MATCH(E204,CTS!$E:$E,0))))","v":0},{"$f":"IF(ISNA(INDEX(CTS!$P:$P,MATCH(E204,CTS!$E:$E,0))),\"\",(INDEX(CTS!$P:$P,MATCH(E204,CTS!$E:$E,0))))","v":0},{"$f":"IF(ISNA(INDEX(CTS!$Q:$Q,MATCH(E204,CTS!$E:$E,0))),\"\",(INDEX(CTS!$Q:$Q,MATCH(E204,CTS!$E:$E,0))))","v":1277.3109243697479},{"$f":"IF(ISNA(INDEX(CTS!$S:$S,MATCH(E204,CTS!$E:$E,0))),\"\",(INDEX(CTS!$S:$S,MATCH(E204,CTS!$E:$E,0))))","v":242.68907563025212},{"$f":"IF(ISNA(INDEX(CTS!$T:$T,MATCH(E204,CTS!$E:$E,0))),\"\",(INDEX(CTS!$T:$T,MATCH(E204,CTS!$E:$E,0))))","v":1520},{"$f":"IF(ISNA(INDEX(CTS!$U:$U,MATCH(E204,CTS!$E:$E,0))),\"\",(INDEX(CTS!$U:$U,MATCH(E204,CTS!$E:$E,0))))","v":0},{"$f":"IF(ISNA(INDEX(CTS!$V:$V,MATCH(E204,CTS!$E:$E,0))),\"\",(INDEX(CTS!$V:$V,MATCH(E204,CTS!$E:$E,0))))","v":1520},{"$f":"IFERROR(INDEX(CTS!$A:$A,MATCH(E204,CTS!$E:$E,0)),\".\")","v":"P"},{"$f":"IFERROR(IFERROR(INDEX(#REF!,MATCH(E204,#REF!,0)),IFERROR(INDEX(#REF!,MATCH(E204,#REF!,0)),INDEX(#REF!,MATCH(E204,#REF!,0)) )),\".\")","v":"."},null,{"$f":"IFERROR(VLOOKUP(E204,#REF!,8,FALSE),IFERROR(VLOOKUP(E204,#REF!,8,FALSE),IFERROR(VLOOKUP(E204,#REF!,8,FALSE),\"\")))","v":""},".-."]
[200,{"$f":"IFERROR(DAY(CTR[[#This Row],[Date]]),\"\")","v":18},{"$f":"IFERROR(MONTH(CTR[[#This Row],[Date]]),\"\")","v":1},{"$f":"IF(ISNA(INDEX(CTS!C:C,MATCH(E205,CTS!$E:$E,0))),\"\",(INDEX(CTS!C:C,MATCH(E205,CTS!$E:$E,0))))","v":44214},"01-200",{"$f":"IF(ISNA(INDEX(CTS!$F:$F,MATCH(E205,CTS!$E:$E,0))),\"\",(INDEX(CTS!$F:$F,MATCH(E205,CTS!$E:$E,0))))","v":"CLIENT"},{"$f":"IF(ISNA(INDEX(CTS!$N:$N,MATCH(E205,CTS!$E:$E,0))),\"\",(INDEX(CTS!$N:$N,MATCH(E205,CTS!$E:$E,0))))","v":436.97478991596643},{"$f":"IF(ISNA(INDEX(CTS!$O:$O,MATCH(E205,CTS!$E:$E,0))),\"\",(INDEX(CTS!$O:$O,MATCH(E205,CTS!$E:$E,0))))","v":0},{"$f":"IF(ISNA(INDEX(CTS!$P:$P,MATCH(E205,CTS!$E:$E,0))),\"\",(INDEX(CTS!$P:$P,MATCH(E205,CTS!$E:$E,0))))","v":0},{"$f":"IF(ISNA(INDEX(CTS!$Q:$Q,MATCH(E205,CTS!$E:$E,0))),\"\",(INDEX(CTS!$Q:$Q,MATCH(E205,CTS!$E:$E,0))))","v":436.97478991596643},{"$f":"IF(ISNA(INDEX(CTS!$S:$S,MATCH(E205,CTS!$E:$E,0))),\"\",(INDEX(CTS!$S:$S,MATCH(E205,CTS!$E:$E,0))))","v":83.025210084033617},{"$f":"IF(ISNA(INDEX(CTS!$T:$T,MATCH(E205,CTS!$E:$E,0))),\"\",(INDEX(CTS!$T:$T,MATCH(E205,CTS!$E:$E,0))))","v":520},{"$f":"IF(ISNA(INDEX(CTS!$U:$U,MATCH(E205,CTS!$E:$E,0))),\"\",(INDEX(CTS!$U:$U,MATCH(E205,CTS!$E:$E,0))))","v":0},{"$f":"IF(ISNA(INDEX(CTS!$V:$V,MATCH(E205,CTS!$E:$E,0))),\"\",(INDEX(CTS!$V:$V,MATCH(E205,CTS!$E:$E,0))))","v":520},{"$f":"IFERROR(INDEX(CTS!$A:$A,MATCH(E205,CTS!$E:$E,0)),\".\")","v":"P"},{"$f":"IFERROR(IFERROR(INDEX(#REF!,MATCH(E205,#REF!,0)),IFERROR(INDEX(#REF!,MATCH(E205,#REF!,0)),INDEX(#REF!,MATCH(E205,#REF!,0)) )),\".\")","v":"."},null,{"$f":"IFERROR(VLOOKUP(E205,#REF!,8,FALSE),IFERROR(VLOOKUP(E205,#REF!,8,FALSE),IFERROR(VLOOKUP(E205,#REF!,8,FALSE),\"\")))","v":""},".-."]
[201,{"$f":"IFERROR(DAY(CTR[[#This Row],[Date]]),\"\")","v":18},{"$f":"IFERROR(MONTH(CTR[[#This Row],[Date]]),\"\")","v":1},{"$f":"IF(ISNA(INDEX(CTS!C:C,MATCH(E206,CTS!$E:$E,0))),\"\",(INDEX(CTS!C:C,MATCH(E206,CTS!$E:$E,0))))","v":44214},"01-201",{"$f":"IF(ISNA(INDEX(CTS!$F:$F,MATCH(E206,CTS!$E:$E,0))),\"\",(INDEX(CTS!$F:$F,MATCH(E206,CTS!$E:$E,0))))","v":"CLIENT"},{"$f":"IF(ISNA(INDEX(CTS!$N:$N,MATCH(E206,CTS!$E:$E,0))),\"\",(INDEX(CTS!$N:$N,MATCH(E206,CTS!$E:$E,0))))","v":6050.4201680672268},{"$f":"IF(ISNA(INDEX(CTS!$O:$O,MATCH(E206,CTS!$E:$E,0))),\"\",(INDEX(CTS!$O:$O,MATCH(E206,CTS!$E:$E,0))))","v":0},{"$f":"IF(ISNA(INDEX(CTS!$P:$P,MATCH(E206,CTS!$E:$E,0))),\"\",(INDEX(CTS!$P:$P,MATCH(E206,CTS!$E:$E,0))))","v":0},{"$f":"IF(ISNA(INDEX(CTS!$Q:$Q,MATCH(E206,CTS!$E:$E,0))),\"\",(INDEX(CTS!$Q:$Q,MATCH(E206,CTS!$E:$E,0))))","v":6050.4201680672268},{"$f":"IF(ISNA(INDEX(CTS!$S:$S,MATCH(E206,CTS!$E:$E,0))),\"\",(INDEX(CTS!$S:$S,MATCH(E206,CTS!$E:$E,0))))","v":1149.579831932773},{"$f":"IF(ISNA(INDEX(CTS!$T:$T,MATCH(E206,CTS!$E:$E,0))),\"\",(INDEX(CTS!$T:$T,MATCH(E206,CTS!$E:$E,0))))","v":7200},{"$f":"IF(ISNA(INDEX(CTS!$U:$U,MATCH(E206,CTS!$E:$E,0))),\"\",(INDEX(CTS!$U:$U,MATCH(E206,CTS!$E:$E,0))))","v":0},{"$f":"IF(ISNA(INDEX(CTS!$V:$V,MATCH(E206,CTS!$E:$E,0))),\"\",(INDEX(CTS!$V:$V,MATCH(E206,CTS!$E:$E,0))))","v":7200},{"$f":"IFERROR(INDEX(CTS!$A:$A,MATCH(E206,CTS!$E:$E,0)),\".\")","v":"P"},{"$f":"IFERROR(IFERROR(INDEX(#REF!,MATCH(E206,#REF!,0)),IFERROR(INDEX(#REF!,MATCH(E206,#REF!,0)),INDEX(#REF!,MATCH(E206,#REF!,0)) )),\".\")","v":"."},null,{"$f":"IFERROR(VLOOKUP(E206,#REF!,8,FALSE),IFERROR(VLOOKUP(E206,#REF!,8,FALSE),IFERROR(VLOOKUP(E206,#REF!,8,FALSE),\"\")))","v":""},".-."]
[202,{"$f":"IFERROR(DAY(CTR[[#This Row],[Date]]),\"\")","v":18},{"$f":"IFERROR(MONTH(CTR[[#This Row],[Date]]),\"\")","v":1},{"$f":"IF(ISNA(INDEX(CTS!C:C,MATCH(E207,CTS!$E:$E,0))),\"\",(INDEX(CTS!C:C,MATCH(E207,CTS!$E:$E,0))))","v":44214},"01-202",{"$f":"IF(ISNA(INDEX(CTS!$F:$F,MATCH(E207,CTS!$E:$E,0))),\"\",(INDEX(CTS!$F:$F,MATCH(E207,CTS!$E:$E,0))))","v":"NOSOCLEAN"},{"$f":"IF(ISNA(INDEX(CTS!$N:$N,MATCH(E207,CTS!$E:$E,0))),\"\",(INDEX(CTS!$N:$N,MATCH(E207,CTS!$E:$E,0))))","v":4312},{"$f":"IF(ISNA(INDEX(CTS!$O:$O,MATCH(E207,CTS!$E:$E,0))),\"\",(INDEX(CTS!$O:$O,MATCH(E207,CTS!$E:$E,0))))","v":0},{"$f":"IF(ISNA(INDEX(CTS!$P:$P,MATCH(E207,CTS!$E:$E,0))),\"\",(INDEX(CTS!$P:$P,MATCH(E207,CTS!$E:$E,0))))","v":0},{"$f":"IF(ISNA(INDEX(CTS!$Q:$Q,MATCH(E207,CTS!$E:$E,0))),\"\",(INDEX(CTS!$Q:$Q,MATCH(E207,CTS!$E:$E,0))))","v":4312},{"$f":"IF(ISNA(INDEX(CTS!$S:$S,MATCH(E207,CTS!$E:$E,0))),\"\",(INDEX(CTS!$S:$S,MATCH(E207,CTS!$E:$E,0))))","v":819.28},{"$f":"IF(ISNA(INDEX(CTS!$T:$T,MATCH(E207,CTS!$E:$E,0))),\"\",(INDEX(CTS!$T:$T,MATCH(E207,CTS!$E:$E,0))))","v":5131.28},{"$f":"IF(ISNA(INDEX(CTS!$U:$U,MATCH(E207,CTS!$E:$E,0))),\"\",(INDEX(CTS!$U:$U,MATCH(E207,CTS!$E:$E,0))))","v":0},{"$f":"IF(ISNA(INDEX(CTS!$V:$V,MATCH(E207,CTS!$E:$E,0))),\"\",(INDEX(CTS!$V:$V,MATCH(E207,CTS!$E:$E,0))))","v":5131.28},{"$f":"IFERROR(INDEX(CTS!$A:$A,MATCH(E207,CTS!$E:$E,0)),\".\")","v":"C"},{"$f":"IFERROR(IFERROR(INDEX(#REF!,MATCH(E207,#REF!,0)),IFERROR(INDEX(#REF!,MATCH(E207,#REF!,0)),INDEX(#REF!,MATCH(E207,#REF!,0)) )),\".\")","v":"."},null,{"$f":"IFERROR(VLOOKUP(E207,#REF!,8,FALSE),IFERROR(VLOOKUP(E207,#REF!,8,FALSE),IFERROR(VLOOKUP(E207,#REF!,8,FALSE),\"\")))","v":""},".-."]
[203,{"$f":"IFERROR(DAY(CTR[[#This Row],[Date]]),\"\")","v":18},{"$f":"IFERROR(MONTH(CTR[[#This Row],[Date]]),\"\")","v":1},{"$f":"IF(ISNA(INDEX(CTS!C:C,MATCH(E208,CTS!$E:$E,0))),\"\",(INDEX(CTS!C:C,MATCH(E208,CTS!$E:$E,0))))","v":44214},"01-203",{"$f":"IF(ISNA(INDEX(CTS!$F:$F,MATCH(E208,CTS!$E:$E,0))),\"\",(INDEX(CTS!$F:$F,MATCH(E208,CTS!$E:$E,0))))","v":"CLIENT"},{"$f":"IF(ISNA(INDEX(CTS!$N:$N,MATCH(E208,CTS!$E:$E,0))),\"\",(INDEX(CTS!$N:$N,MATCH(E208,CTS!$E:$E,0))))","v":168.0672268907563},{"$f":"IF(ISNA(INDEX(CTS!$O:$O,MATCH(E208,CTS!$E:$E,0))),\"\",(INDEX(CTS!$O:$O,MATCH(E208,CTS!$E:$E,0))))","v":0},{"$f":"IF(ISNA(INDEX(CTS!$P:$P,MATCH(E208,CTS!$E:$E,0))),\"\",(INDEX(CTS!$P:$P,MATCH(E208,CTS!$E:$E,0))))","v":0},{"$f":"IF(ISNA(INDEX(CTS!$Q:$Q,MATCH(E208,CTS!$E:$E,0))),\"\",(INDEX(CTS!$Q:$Q,MATCH(E208,CTS!$E:$E,0))))","v":168.0672268907563},{"$f":"IF(ISNA(INDEX(CTS!$S:$S,MATCH(E208,CTS!$E:$E,0))),\"\",(INDEX(CTS!$S:$S,MATCH(E208,CTS!$E:$E,0))))","v":31.932773109243698},{"$f":"IF(ISNA(INDEX(CTS!$T:$T,MATCH(E208,CTS!$E:$E,0))),\"\",(INDEX(CTS!$T:$T,MATCH(E208,CTS!$E:$E,0))))","v":200},{"$f":"IF(ISNA(INDEX(CTS!$U:$U,MATCH(E208,CTS!$E:$E,0))),\"\",(INDEX(CTS!$U:$U,MATCH(E208,CTS!$E:$E,0))))","v":0},{"$f":"IF(ISNA(INDEX(CTS!$V:$V,MATCH(E208,CTS!$E:$E,0))),\"\",(INDEX(CTS!$V:$V,MATCH(E208,CTS!$E:$E,0))))","v":200},{"$f":"IFERROR(INDEX(CTS!$A:$A,MATCH(E208,CTS!$E:$E,0)),\".\")","v":"P"},{"$f":"IFERROR(IFERROR(INDEX(#REF!,MATCH(E208,#REF!,0)),IFERROR(INDEX(#REF!,MATCH(E208,#REF!,0)),INDEX(#REF!,MATCH(E208,#REF!,0)) )),\".\")","v":"."},null,{"$f":"IFERROR(VLOOKUP(E208,#REF!,8,FALSE),IFERROR(VLOOKUP(E208,#REF!,8,FALSE),IFERROR(VLOOKUP(E208,#REF!,8,FALSE),\"\")))","v":""},".-."]
[204,{"$f":"IFERROR(DAY(CTR[[#This Row],[Date]]),\"\")","v":18},{"$f":"IFERROR(MONTH(CTR[[#This Row],[Date]]),\"\")","v":1},{"$f":"IF(ISNA(INDEX(CTS!C:C,MATCH(E209,CTS!$E:$E,0))),\"\",(INDEX(CTS!C:C,MATCH(E209,CTS!$E:$E,0))))","v":44214},"01-204",{"$f":"IF(ISNA(INDEX(CTS!$F:$F,MATCH(E209,CTS!$E:$E,0))),\"\",(INDEX(CTS!$F:$F,MATCH(E209,CTS!$E:$E,0))))","v":"CLIENT"},{"$f":"IF(ISNA(INDEX(CTS!$N:$N,MATCH(E209,CTS!$E:$E,0))),\"\",(INDEX(CTS!$N:$N,MATCH(E209,CTS!$E:$E,0))))","v":2393.2773109243694},{"$f":"IF(ISNA(INDEX(CTS!$O:$O,MATCH(E209,CTS!$E:$E,0))),\"\",(INDEX(CTS!$O:$O,MATCH(E209,CTS!$E:$E,0))))","v":0},{"$f":"IF(ISNA(INDEX(CTS!$P:$P,MATCH(E209,CTS!$E:$E,0))),\"\",(INDEX(CTS!$P:$P,MATCH(E209,CTS!$E:$E,0))))","v":0},{"$f":"IF(ISNA(INDEX(CTS!$Q:$Q,MATCH(E209,CTS!$E:$E,0))),\"\",(INDEX(CTS!$Q:$Q,MATCH(E209,CTS!$E:$E,0))))","v":2393.2773109243694},{"$f":"IF(ISNA(INDEX(CTS!$S:$S,MATCH(E209,CTS!$E:$E,0))),\"\",(INDEX(CTS!$S:$S,MATCH(E209,CTS!$E:$E,0))))","v":454.72268907563023},{"$f":"IF(ISNA(INDEX(CTS!$T:$T,MATCH(E209,CTS!$E:$E,0))),\"\",(INDEX(CTS!$T:$T,MATCH(E209,CTS!$E:$E,0))))","v":2847.9999999999995},{"$f":"IF(ISNA(INDEX(CTS!$U:$U,MATCH(E209,CTS!$E:$E,0))),\"\",(INDEX(CTS!$U:$U,MATCH(E209,CTS!$E:$E,0))))","v":0},{"$f":"IF(ISNA(INDEX(CTS!$V:$V,MATCH(E209,CTS!$E:$E,0))),\"\",(INDEX(CTS!$V:$V,MATCH(E209,CTS!$E:$E,0))))","v":2847.9999999999995},{"$f":"IFERROR(INDEX(CTS!$A:$A,MATCH(E209,CTS!$E:$E,0)),\".\")","v":"P"},{"$f":"IFERROR(IFERROR(INDEX(#REF!,MATCH(E209,#REF!,0)),IFERROR(INDEX(#REF!,MATCH(E209,#REF!,0)),INDEX(#REF!,MATCH(E209,#REF!,0)) )),\".\")","v":"."},null,{"$f":"IFERROR(VLOOKUP(E209,#REF!,8,FALSE),IFERROR(VLOOKUP(E209,#REF!,8,FALSE),IFERROR(VLOOKUP(E209,#REF!,8,FALSE),\"\")))","v":""},".-."]
[205,{"$f":"IFERROR(DAY(CTR[[#This Row],[Date]]),\"\")","v":18},{"$f":"IFERROR(MONTH(CTR[[#This Row],[Date]]),\"\")","v":1},{"$f":"IF(ISNA(INDEX(CTS!C:C,MATCH(E210,CTS!$E:$E,0))),\"\",(INDEX(CTS!C:C,MATCH(E210,CTS!$E:$E,0))))","v":44214},"01-205",{"$f":"IF(ISNA(INDEX(CTS!$F:$F,MATCH(E210,CTS!$E:$E,0))),\"\",(INDEX(CTS!$F:$F,MATCH(E210,CTS!$E:$E,0))))","v":"CLIENT"},{"$f":"IF(ISNA(INDEX(CTS!$N:$N,MATCH(E210,CTS!$E:$E,0))),\"\",(INDEX(CTS!$N:$N,MATCH(E210,CTS!$E:$E,0))))","v":294.11764705882354},{"$f":"IF(ISNA(INDEX(CTS!$O:$O,MATCH(E210,CTS!$E:$E,0))),\"\",(INDEX(CTS!$O:$O,MATCH(E210,CTS!$E:$E,0))))","v":0},{"$f":"IF(ISNA(INDEX(CTS!$P:$P,MATCH(E210,CTS!$E:$E,0))),\"\",(INDEX(CTS!$P:$P,MATCH(E210,CTS!$E:$E,0))))","v":0},{"$f":"IF(ISNA(INDEX(CTS!$Q:$Q,MATCH(E210,CTS!$E:$E,0))),\"\",(INDEX(CTS!$Q:$Q,MATCH(E210,CTS!$E:$E,0))))","v":294.11764705882354},{"$f":"IF(ISNA(INDEX(CTS!$S:$S,MATCH(E210,CTS!$E:$E,0))),\"\",(INDEX(CTS!$S:$S,MATCH(E210,CTS!$E:$E,0))))","v":55.882352941176478},{"$f":"IF(ISNA(INDEX(CTS!$T:$T,MATCH(E210,CTS!$E:$E,0))),\"\",(INDEX(CTS!$T:$T,MATCH(E210,CTS!$E:$E,0))))","v":350},{"$f":"IF(ISNA(INDEX(CTS!$U:$U,MATCH(E210,CTS!$E:$E,0))),\"\",(INDEX(CTS!$U:$U,MATCH(E210,CTS!$E:$E,0))))","v":0},{"$f":"IF(ISNA(INDEX(CTS!$V:$V,MATCH(E210,CTS!$E:$E,0))),\"\",(INDEX(CTS!$V:$V,MATCH(E210,CTS!$E:$E,0))))","v":350},{"$f":"IFERROR(INDEX(CTS!$A:$A,MATCH(E210,CTS!$E:$E,0)),\".\")","v":"P"},{"$f":"IFERROR(IFERROR(INDEX(#REF!,MATCH(E210,#REF!,0)),IFERROR(INDEX(#REF!,MATCH(E210,#REF!,0)),INDEX(#REF!,MATCH(E210,#REF!,0)) )),\".\")","v":"."},null,{"$f":"IFERROR(VLOOKUP(E210,#REF!,8,FALSE),IFERROR(VLOOKUP(E210,#REF!,8,FALSE),IFERROR(VLOOKUP(E210,#REF!,8,FALSE),\"\")))","v":""},".-."]
[206,{"$f":"IFERROR(DAY(CTR[[#This Row],[Date]]),\"\")","v":19},{"$f":"IFERROR(MONTH(CTR[[#This Row],[Date]]),\"\")","v":1},{"$f":"IF(ISNA(INDEX(CTS!C:C,MATCH(E211,CTS!$E:$E,0))),\"\",(INDEX(CTS!C:C,MATCH(E211,CTS!$E:$E,0))))","v":44215},"01-206",{"$f":"IF(ISNA(INDEX(CTS!$F:$F,MATCH(E211,CTS!$E:$E,0))),\"\",(INDEX(CTS!$F:$F,MATCH(E211,CTS!$E:$E,0))))","v":"CLIENT"},{"$f":"IF(ISNA(INDEX(CTS!$N:$N,MATCH(E211,CTS!$E:$E,0))),\"\",(INDEX(CTS!$N:$N,MATCH(E211,CTS!$E:$E,0))))","v":453.78151260504205},{"$f":"IF(ISNA(INDEX(CTS!$O:$O,MATCH(E211,CTS!$E:$E,0))),\"\",(INDEX(CTS!$O:$O,MATCH(E211,CTS!$E:$E,0))))","v":0},{"$f":"IF(ISNA(INDEX(CTS!$P:$P,MATCH(E211,CTS!$E:$E,0))),\"\",(INDEX(CTS!$P:$P,MATCH(E211,CTS!$E:$E,0))))","v":0},{"$f":"IF(ISNA(INDEX(CTS!$Q:$Q,MATCH(E211,CTS!$E:$E,0))),\"\",(INDEX(CTS!$Q:$Q,MATCH(E211,CTS!$E:$E,0))))","v":453.78151260504205},{"$f":"IF(ISNA(INDEX(CTS!$S:$S,MATCH(E211,CTS!$E:$E,0))),\"\",(INDEX(CTS!$S:$S,MATCH(E211,CTS!$E:$E,0))))","v":86.21848739495799},{"$f":"IF(ISNA(INDEX(CTS!$T:$T,MATCH(E211,CTS!$E:$E,0))),\"\",(INDEX(CTS!$T:$T,MATCH(E211,CTS!$E:$E,0))))","v":540},{"$f":"IF(ISNA(INDEX(CTS!$U:$U,MATCH(E211,CTS!$E:$E,0))),\"\",(INDEX(CTS!$U:$U,MATCH(E211,CTS!$E:$E,0))))","v":0},{"$f":"IF(ISNA(INDEX(CTS!$V:$V,MATCH(E211,CTS!$E:$E,0))),\"\",(INDEX(CTS!$V:$V,MATCH(E211,CTS!$E:$E,0))))","v":540},{"$f":"IFERROR(INDEX(CTS!$A:$A,MATCH(E211,CTS!$E:$E,0)),\".\")","v":"P"},{"$f":"IFERROR(IFERROR(INDEX(#REF!,MATCH(E211,#REF!,0)),IFERROR(INDEX(#REF!,MATCH(E211,#REF!,0)),INDEX(#REF!,MATCH(E211,#REF!,0)) )),\".\")","v":"."},null,{"$f":"IFERROR(VLOOKUP(E211,#REF!,8,FALSE),IFERROR(VLOOKUP(E211,#REF!,8,FALSE),IFERROR(VLOOKUP(E211,#REF!,8,FALSE),\"\")))","v":""},".-."]
[207,{"$f":"IFERROR(DAY(CTR[[#This Row],[Date]]),\"\")","v":19},{"$f":"IFERROR(MONTH(CTR[[#This Row],[Date]]),\"\")","v":1},{"$f":"IF(ISNA(INDEX(CTS!C:C,MATCH(E212,CTS!$E:$E,0))),\"\",(INDEX(CTS!C:C,MATCH(E212,CTS!$E:$E,0))))","v":44215},"01-207",{"$f":"IF(ISNA(INDEX(CTS!$F:$F,MATCH(E212,CTS!$E:$E,0))),\"\",(INDEX(CTS!$F:$F,MATCH(E212,CTS!$E:$E,0))))","v":"CLIENT"},{"$f":"IF(ISNA(INDEX(CTS!$N:$N,MATCH(E212,CTS!$E:$E,0))),\"\",(INDEX(CTS!$N:$N,MATCH(E212,CTS!$E:$E,0))))","v":221.84873949579836},{"$f":"IF(ISNA(INDEX(CTS!$O:$O,MATCH(E212,CTS!$E:$E,0))),\"\",(INDEX(CTS!$O:$O,MATCH(E212,CTS!$E:$E,0))))","v":0},{"$f":"IF(ISNA(INDEX(CTS!$P:$P,MATCH(E212,CTS!$E:$E,0))),\"\",(INDEX(CTS!$P:$P,MATCH(E212,CTS!$E:$E,0))))","v":0},{"$f":"IF(ISNA(INDEX(CTS!$Q:$Q,MATCH(E212,CTS!$E:$E,0))),\"\",(INDEX(CTS!$Q:$Q,MATCH(E212,CTS!$E:$E,0))))","v":221.84873949579836},{"$f":"IF(ISNA(INDEX(CTS!$S:$S,MATCH(E212,CTS!$E:$E,0))),\"\",(INDEX(CTS!$S:$S,MATCH(E212,CTS!$E:$E,0))))","v":42.151260504201687},{"$f":"IF(ISNA(INDEX(CTS!$T:$T,MATCH(E212,CTS!$E:$E,0))),\"\",(INDEX(CTS!$T:$T,MATCH(E212,CTS!$E:$E,0))))","v":264.00000000000006},{"$f":"IF(ISNA(INDEX(CTS!$U:$U,MATCH(E212,CTS!$E:$E,0))),\"\",(INDEX(CTS!$U:$U,MATCH(E212,CTS!$E:$E,0))))","v":0},{"$f":"IF(ISNA(INDEX(CTS!$V:$V,MATCH(E212,CTS!$E:$E,0))),\"\",(INDEX(CTS!$V:$V,MATCH(E212,CTS!$E:$E,0))))","v":264.00000000000006},{"$f":"IFERROR(INDEX(CTS!$A:$A,MATCH(E212,CTS!$E:$E,0)),\".\")","v":"P"},{"$f":"IFERROR(IFERROR(INDEX(#REF!,MATCH(E212,#REF!,0)),IFERROR(INDEX(#REF!,MATCH(E212,#REF!,0)),INDEX(#REF!,MATCH(E212,#REF!,0)) )),\".\")","v":"."},null,{"$f":"IFERROR(VLOOKUP(E212,#REF!,8,FALSE),IFERROR(VLOOKUP(E212,#REF!,8,FALSE),IFERROR(VLOOKUP(E212,#REF!,8,FALSE),\"\")))","v":""},".-."]
[208,{"$f":"IFERROR(DAY(CTR[[#This Row],[Date]]),\"\")","v":19},{"$f":"IFERROR(MONTH(CTR[[#This Row],[Date]]),\"\")","v":1},{"$f":"IF(ISNA(INDEX(CTS!C:C,MATCH(E213,CTS!$E:$E,0))),\"\",(INDEX(CTS!C:C,MATCH(E213,CTS!$E:$E,0))))","v":44215},"01-208",{"$f":"IF(ISNA(INDEX(CTS!$F:$F,MATCH(E213,CTS!$E:$E,0))),\"\",(INDEX(CTS!$F:$F,MATCH(E213,CTS!$E:$E,0))))","v":"CLIENT"},{"$f":"IF(ISNA(INDEX(CTS!$N:$N,MATCH(E213,CTS!$E:$E,0))),\"\",(INDEX(CTS!$N:$N,MATCH(E213,CTS!$E:$E,0))))","v":168.0672268907563},{"$f":"IF(ISNA(INDEX(CTS!$O:$O,MATCH(E213,CTS!$E:$E,0))),\"\",(INDEX(CTS!$O:$O,MATCH(E213,CTS!$E:$E,0))))","v":0},{"$f":"IF(ISNA(INDEX(CTS!$P:$P,MATCH(E213,CTS!$E:$E,0))),\"\",(INDEX(CTS!$P:$P,MATCH(E213,CTS!$E:$E,0))))","v":0},{"$f":"IF(ISNA(INDEX(CTS!$Q:$Q,MATCH(E213,CTS!$E:$E,0))),\"\",(INDEX(CTS!$Q:$Q,MATCH(E213,CTS!$E:$E,0))))","v":168.0672268907563},{"$f":"IF(ISNA(INDEX(CTS!$S:$S,MATCH(E213,CTS!$E:$E,0))),\"\",(INDEX(CTS!$S:$S,MATCH(E213,CTS!$E:$E,0))))","v":31.932773109243698},{"$f":"IF(ISNA(INDEX(CTS!$T:$T,MATCH(E213,CTS!$E:$E,0))),\"\",(INDEX(CTS!$T:$T,MATCH(E213,CTS!$E:$E,0))))","v":200},{"$f":"IF(ISNA(INDEX(CTS!$U:$U,MATCH(E213,CTS!$E:$E,0))),\"\",(INDEX(CTS!$U:$U,MATCH(E213,CTS!$E:$E,0))))","v":0},{"$f":"IF(ISNA(INDEX(CTS!$V:$V,MATCH(E213,CTS!$E:$E,0))),\"\",(INDEX(CTS!$V:$V,MATCH(E213,CTS!$E:$E,0))))","v":200},{"$f":"IFERROR(INDEX(CTS!$A:$A,MATCH(E213,CTS!$E:$E,0)),\".\")","v":"P"},{"$f":"IFERROR(IFERROR(INDEX(#REF!,MATCH(E213,#REF!,0)),IFERROR(INDEX(#REF!,MATCH(E213,#REF!,0)),INDEX(#REF!,MATCH(E213,#REF!,0)) )),\".\")","v":"."},null,{"$f":"IFERROR(VLOOKUP(E213,#REF!,8,FALSE),IFERROR(VLOOKUP(E213,#REF!,8,FALSE),IFERROR(VLOOKUP(E213,#REF!,8,FALSE),\"\")))","v":""},".-."]
[209,{"$f":"IFERROR(DAY(CTR[[#This Row],[Date]]),\"\")","v":19},{"$f":"IFERROR(MONTH(CTR[[#This Row],[Date]]),\"\")","v":1},{"$f":"IF(ISNA(INDEX(CTS!C:C,MATCH(E214,CTS!$E:$E,0))),\"\",(INDEX(CTS!C:C,MATCH(E214,CTS!$E:$E,0))))","v":44215},"01-209",{"$f":"IF(ISNA(INDEX(CTS!$F:$F,MATCH(E214,CTS!$E:$E,0))),\"\",(INDEX(CTS!$F:$F,MATCH(E214,CTS!$E:$E,0))))","v":"CLIENT"},{"$f":"IF(ISNA(INDEX(CTS!$N:$N,MATCH(E214,CTS!$E:$E,0))),\"\",(INDEX(CTS!$N:$N,MATCH(E214,CTS!$E:$E,0))))","v":50.420168067226896},{"$f":"IF(ISNA(INDEX(CTS!$O:$O,MATCH(E214,CTS!$E:$E,0))),\"\",(INDEX(CTS!$O:$O,MATCH(E214,CTS!$E:$E,0))))","v":0},{"$f":"IF(ISNA(INDEX(CTS!$P:$P,MATCH(E214,CTS!$E:$E,0))),\"\",(INDEX(CTS!$P:$P,MATCH(E214,CTS!$E:$E,0))))","v":0},{"$f":"IF(ISNA(INDEX(CTS!$Q:$Q,MATCH(E214,CTS!$E:$E,0))),\"\",(INDEX(CTS!$Q:$Q,MATCH(E214,CTS!$E:$E,0))))","v":50.420168067226896},{"$f":"IF(ISNA(INDEX(CTS!$S:$S,MATCH(E214,CTS!$E:$E,0))),\"\",(INDEX(CTS!$S:$S,MATCH(E214,CTS!$E:$E,0))))","v":9.5798319327731107},{"$f":"IF(ISNA(INDEX(CTS!$T:$T,MATCH(E214,CTS!$E:$E,0))),\"\",(INDEX(CTS!$T:$T,MATCH(E214,CTS!$E:$E,0))))","v":60.000000000000007},{"$f":"IF(ISNA(INDEX(CTS!$U:$U,MATCH(E214,CTS!$E:$E,0))),\"\",(INDEX(CTS!$U:$U,MATCH(E214,CTS!$E:$E,0))))","v":0},{"$f":"IF(ISNA(INDEX(CTS!$V:$V,MATCH(E214,CTS!$E:$E,0))),\"\",(INDEX(CTS!$V:$V,MATCH(E214,CTS!$E:$E,0))))","v":60.000000000000007},{"$f":"IFERROR(INDEX(CTS!$A:$A,MATCH(E214,CTS!$E:$E,0)),\".\")","v":"P"},{"$f":"IFERROR(IFERROR(INDEX(#REF!,MATCH(E214,#REF!,0)),IFERROR(INDEX(#REF!,MATCH(E214,#REF!,0)),INDEX(#REF!,MATCH(E214,#REF!,0)) )),\".\")","v":"."},null,{"$f":"IFERROR(VLOOKUP(E214,#REF!,8,FALSE),IFERROR(VLOOKUP(E214,#REF!,8,FALSE),IFERROR(VLOOKUP(E214,#REF!,8,FALSE),\"\")))","v":""},".-."]
[210,{"$f":"IFERROR(DAY(CTR[[#This Row],[Date]]),\"\")","v":19},{"$f":"IFERROR(MONTH(CTR[[#This Row],[Date]]),\"\")","v":1},{"$f":"IF(ISNA(INDEX(CTS!C:C,MATCH(E215,CTS!$E:$E,0))),\"\",(INDEX(CTS!C:C,MATCH(E215,CTS!$E:$E,0))))","v":44215},"01-210",{"$f":"IF(ISNA(INDEX(CTS!$F:$F,MATCH(E215,CTS!$E:$E,0))),\"\",(INDEX(CTS!$F:$F,MATCH(E215,CTS!$E:$E,0))))","v":"CLIENT"},{"$f":"IF(ISNA(INDEX(CTS!$N:$N,MATCH(E215,CTS!$E:$E,0))),\"\",(INDEX(CTS!$N:$N,MATCH(E215,CTS!$E:$E,0))))","v":436.97478991596643},{"$f":"IF(ISNA(INDEX(CTS!$O:$O,MATCH(E215,CTS!$E:$E,0))),\"\",(INDEX(CTS!$O:$O,MATCH(E215,CTS!$E:$E,0))))","v":0},{"$f":"IF(ISNA(INDEX(CTS!$P:$P,MATCH(E215,CTS!$E:$E,0))),\"\",(INDEX(CTS!$P:$P,MATCH(E215,CTS!$E:$E,0))))","v":0},{"$f":"IF(ISNA(INDEX(CTS!$Q:$Q,MATCH(E215,CTS!$E:$E,0))),\"\",(INDEX(CTS!$Q:$Q,MATCH(E215,CTS!$E:$E,0))))","v":436.97478991596643},{"$f":"IF(ISNA(INDEX(CTS!$S:$S,MATCH(E215,CTS!$E:$E,0))),\"\",(INDEX(CTS!$S:$S,MATCH(E215,CTS!$E:$E,0))))","v":83.025210084033631},{"$f":"IF(ISNA(INDEX(CTS!$T:$T,MATCH(E215,CTS!$E:$E,0))),\"\",(INDEX(CTS!$T:$T,MATCH(E215,CTS!$E:$E,0))))","v":520},{"$f":"IF(ISNA(INDEX(CTS!$U:$U,MATCH(E215,CTS!$E:$E,0))),\"\",(INDEX(CTS!$U:$U,MATCH(E215,CTS!$E:$E,0))))","v":20},{"$f":"IF(ISNA(INDEX(CTS!$V:$V,MATCH(E215,CTS!$E:$E,0))),\"\",(INDEX(CTS!$V:$V,MATCH(E215,CTS!$E:$E,0))))","v":500},{"$f":"IFERROR(INDEX(CTS!$A:$A,MATCH(E215,CTS!$E:$E,0)),\".\")","v":"P"},{"$f":"IFERROR(IFERROR(INDEX(#REF!,MATCH(E215,#REF!,0)),IFERROR(INDEX(#REF!,MATCH(E215,#REF!,0)),INDEX(#REF!,MATCH(E215,#REF!,0)) )),\".\")","v":"."},null,{"$f":"IFERROR(VLOOKUP(E215,#REF!,8,FALSE),IFERROR(VLOOKUP(E215,#REF!,8,FALSE),IFERROR(VLOOKUP(E215,#REF!,8,FALSE),\"\")))","v":""},".-."]
[211,{"$f":"IFERROR(DAY(CTR[[#This Row],[Date]]),\"\")","v":19},{"$f":"IFERROR(MONTH(CTR[[#This Row],[Date]]),\"\")","v":1},{"$f":"IF(ISNA(INDEX(CTS!C:C,MATCH(E216,CTS!$E:$E,0))),\"\",(INDEX(CTS!C:C,MATCH(E216,CTS!$E:$E,0))))","v":44215},"01-211",{"$f":"IF(ISNA(INDEX(CTS!$F:$F,MATCH(E216,CTS!$E:$E,0))),\"\",(INDEX(CTS!$F:$F,MATCH(E216,CTS!$E:$E,0))))","v":"CLIENT"},{"$f":"IF(ISNA(INDEX(CTS!$N:$N,MATCH(E216,CTS!$E:$E,0))),\"\",(INDEX(CTS!$N:$N,MATCH(E216,CTS!$E:$E,0))))","v":260.50420168067228},{"$f":"IF(ISNA(INDEX(CTS!$O:$O,MATCH(E216,CTS!$E:$E,0))),\"\",(INDEX(CTS!$O:$O,MATCH(E216,CTS!$E:$E,0))))","v":0},{"$f":"IF(ISNA(INDEX(CTS!$P:$P,MATCH(E216,CTS!$E:$E,0))),\"\",(INDEX(CTS!$P:$P,MATCH(E216,CTS!$E:$E,0))))","v":0},{"$f":"IF(ISNA(INDEX(CTS!$Q:$Q,MATCH(E216,CTS!$E:$E,0))),\"\",(INDEX(CTS!$Q:$Q,MATCH(E216,CTS!$E:$E,0))))","v":260.50420168067228},{"$f":"IF(ISNA(INDEX(CTS!$S:$S,MATCH(E216,CTS!$E:$E,0))),\"\",(INDEX(CTS!$S:$S,MATCH(E216,CTS!$E:$E,0))))","v":49.495798319327733},{"$f":"IF(ISNA(INDEX(CTS!$T:$T,MATCH(E216,CTS!$E:$E,0))),\"\",(INDEX(CTS!$T:$T,MATCH(E216,CTS!$E:$E,0))))","v":310},{"$f":"IF(ISNA(INDEX(CTS!$U:$U,MATCH(E216,CTS!$E:$E,0))),\"\",(INDEX(CTS!$U:$U,MATCH(E216,CTS!$E:$E,0))))","v":10},{"$f":"IF(ISNA(INDEX(CTS!$V:$V,MATCH(E216,CTS!$E:$E,0))),\"\",(INDEX(CTS!$V:$V,MATCH(E216,CTS!$E:$E,0))))","v":300},{"$f":"IFERROR(INDEX(CTS!$A:$A,MATCH(E216,CTS!$E:$E,0)),\".\")","v":"p"},{"$f":"IFERROR(IFERROR(INDEX(#REF!,MATCH(E216,#REF!,0)),IFERROR(INDEX(#REF!,MATCH(E216,#REF!,0)),INDEX(#REF!,MATCH(E216,#REF!,0)) )),\".\")","v":"."},null,{"$f":"IFERROR(VLOOKUP(E216,#REF!,8,FALSE),IFERROR(VLOOKUP(E216,#REF!,8,FALSE),IFERROR(VLOOKUP(E216,#REF!,8,FALSE),\"\")))","v":""},".-."]
[212,{"$f":"IFERROR(DAY(CTR[[#This Row],[Date]]),\"\")","v":19},{"$f":"IFERROR(MONTH(CTR[[#This Row],[Date]]),\"\")","v":1},{"$f":"IF(ISNA(INDEX(CTS!C:C,MATCH(E217,CTS!$E:$E,0))),\"\",(INDEX(CTS!C:C,MATCH(E217,CTS!$E:$E,0))))","v":44215},"01-212",{"$f":"IF(ISNA(INDEX(CTS!$F:$F,MATCH(E217,CTS!$E:$E,0))),\"\",(INDEX(CTS!$F:$F,MATCH(E217,CTS!$E:$E,0))))","v":"CLIENT"},{"$f":"IF(ISNA(INDEX(CTS!$N:$N,MATCH(E217,CTS!$E:$E,0))),\"\",(INDEX(CTS!$N:$N,MATCH(E217,CTS!$E:$E,0))))","v":50.420168067226896},{"$f":"IF(ISNA(INDEX(CTS!$O:$O,MATCH(E217,CTS!$E:$E,0))),\"\",(INDEX(CTS!$O:$O,MATCH(E217,CTS!$E:$E,0))))","v":0},{"$f":"IF(ISNA(INDEX(CTS!$P:$P,MATCH(E217,CTS!$E:$E,0))),\"\",(INDEX(CTS!$P:$P,MATCH(E217,CTS!$E:$E,0))))","v":0},{"$f":"IF(ISNA(INDEX(CTS!$Q:$Q,MATCH(E217,CTS!$E:$E,0))),\"\",(INDEX(CTS!$Q:$Q,MATCH(E217,CTS!$E:$E,0))))","v":50.420168067226896},{"$f":"IF(ISNA(INDEX(CTS!$S:$S,MATCH(E217,CTS!$E:$E,0))),\"\",(INDEX(CTS!$S:$S,MATCH(E217,CTS!$E:$E,0))))","v":9.5798319327731107},{"$f":"IF(ISNA(INDEX(CTS!$T:$T,MATCH(E217,CTS!$E:$E,0))),\"\",(INDEX(CTS!$T:$T,MATCH(E217,CTS!$E:$E,0))))","v":60.000000000000007},{"$f":"IF(ISNA(INDEX(CTS!$U:$U,MATCH(E217,CTS!$E:$E,0))),\"\",(INDEX(CTS!$U:$U,MATCH(E217,CTS!$E:$E,0))))","v":0},{"$f":"IF(ISNA(INDEX(CTS!$V:$V,MATCH(E217,CTS!$E:$E,0))),\"\",(INDEX(CTS!$V:$V,MATCH(E217,CTS!$E:$E,0))))","v":60.000000000000007},{"$f":"IFERROR(INDEX(CTS!$A:$A,MATCH(E217,CTS!$E:$E,0)),\".\")","v":"p"},{"$f":"IFERROR(IFERROR(INDEX(#REF!,MATCH(E217,#REF!,0)),IFERROR(INDEX(#REF!,MATCH(E217,#REF!,0)),INDEX(#REF!,MATCH(E217,#REF!,0)) )),\".\")","v":"."},null,{"$f":"IFERROR(VLOOKUP(E217,#REF!,8,FALSE),IFERROR(VLOOKUP(E217,#REF!,8,FALSE),IFERROR(VLOOKUP(E217,#REF!,8,FALSE),\"\")))","v":""},".-."]
[213,{"$f":"IFERROR(DAY(CTR[[#This Row],[Date]]),\"\")","v":19},{"$f":"IFERROR(MONTH(CTR[[#This Row],[Date]]),\"\")","v":1},{"$f":"IF(ISNA(INDEX(CTS!C:C,MATCH(E218,CTS!$E:$E,0))),\"\",(INDEX(CTS!C:C,MATCH(E218,CTS!$E:$E,0))))","v":44215},"01-213",{"$f":"IF(ISNA(INDEX(CTS!$F:$F,MATCH(E218,CTS!$E:$E,0))),\"\",(INDEX(CTS!$F:$F,MATCH(E218,CTS!$E:$E,0))))","v":"CLIENT"},{"$f":"IF(ISNA(INDEX(CTS!$N:$N,MATCH(E218,CTS!$E:$E,0))),\"\",(INDEX(CTS!$N:$N,MATCH(E218,CTS!$E:$E,0))))","v":75.630252100840352},{"$f":"IF(ISNA(INDEX(CTS!$O:$O,MATCH(E218,CTS!$E:$E,0))),\"\",(INDEX(CTS!$O:$O,MATCH(E218,CTS!$E:$E,0))))","v":0},{"$f":"IF(ISNA(INDEX(CTS!$P:$P,MATCH(E218,CTS!$E:$E,0))),\"\",(INDEX(CTS!$P:$P,MATCH(E218,CTS!$E:$E,0))))","v":0},{"$f":"IF(ISNA(INDEX(CTS!$Q:$Q,MATCH(E218,CTS!$E:$E,0))),\"\",(INDEX(CTS!$Q:$Q,MATCH(E218,CTS!$E:$E,0))))","v":75.630252100840352},{"$f":"IF(ISNA(INDEX(CTS!$S:$S,MATCH(E218,CTS!$E:$E,0))),\"\",(INDEX(CTS!$S:$S,MATCH(E218,CTS!$E:$E,0))))","v":14.369747899159666},{"$f":"IF(ISNA(INDEX(CTS!$T:$T,MATCH(E218,CTS!$E:$E,0))),\"\",(INDEX(CTS!$T:$T,MATCH(E218,CTS!$E:$E,0))))","v":90.000000000000014},{"$f":"IF(ISNA(INDEX(CTS!$U:$U,MATCH(E218,CTS!$E:$E,0))),\"\",(INDEX(CTS!$U:$U,MATCH(E218,CTS!$E:$E,0))))","v":0},{"$f":"IF(ISNA(INDEX(CTS!$V:$V,MATCH(E218,CTS!$E:$E,0))),\"\",(INDEX(CTS!$V:$V,MATCH(E218,CTS!$E:$E,0))))","v":90.000000000000014},{"$f":"IFERROR(INDEX(CTS!$A:$A,MATCH(E218,CTS!$E:$E,0)),\".\")","v":"p"},{"$f":"IFERROR(IFERROR(INDEX(#REF!,MATCH(E218,#REF!,0)),IFERROR(INDEX(#REF!,MATCH(E218,#REF!,0)),INDEX(#REF!,MATCH(E218,#REF!,0)) )),\".\")","v":"."},null,{"$f":"IFERROR(VLOOKUP(E218,#REF!,8,FALSE),IFERROR(VLOOKUP(E218,#REF!,8,FALSE),IFERROR(VLOOKUP(E218,#REF!,8,FALSE),\"\")))","v":""},".-."]
[214,{"$f":"IFERROR(DAY(CTR[[#This Row],[Date]]),\"\")","v":19},{"$f":"IFERROR(MONTH(CTR[[#This Row],[Date]]),\"\")","v":1},{"$f":"IF(ISNA(INDEX(CTS!C:C,MATCH(E219,CTS!$E:$E,0))),\"\",(INDEX(CTS!C:C,MATCH(E219,CTS!$E:$E,0))))","v":44215},"01-214",{"$f":"IF(ISNA(INDEX(CTS!$F:$F,MATCH(E219,CTS!$E:$E,0))),\"\",(INDEX(CTS!$F:$F,MATCH(E219,CTS!$E:$E,0))))","v":"CLIENT"},{"$f":"IF(ISNA(INDEX(CTS!$N:$N,MATCH(E219,CTS!$E:$E,0))),\"\",(INDEX(CTS!$N:$N,MATCH(E219,CTS!$E:$E,0))))","v":1344.5378151260504},{"$f":"IF(ISNA(INDEX(CTS!$O:$O,MATCH(E219,CTS!$E:$E,0))),\"\",(INDEX(CTS!$O:$O,MATCH(E219,CTS!$E:$E,0))))","v":0},{"$f":"IF(ISNA(INDEX(CTS!$P:$P,MATCH(E219,CTS!$E:$E,0))),\"\",(INDEX(CTS!$P:$P,MATCH(E219,CTS!$E:$E,0))))","v":0},{"$f":"IF(ISNA(INDEX(CTS!$Q:$Q,MATCH(E219,CTS!$E:$E,0))),\"\",(INDEX(CTS!$Q:$Q,MATCH(E219,CTS!$E:$E,0))))","v":1344.5378151260504},{"$f":"IF(ISNA(INDEX(CTS!$S:$S,MATCH(E219,CTS!$E:$E,0))),\"\",(INDEX(CTS!$S:$S,MATCH(E219,CTS!$E:$E,0))))","v":255.46218487394961},{"$f":"IF(ISNA(INDEX(CTS!$T:$T,MATCH(E219,CTS!$E:$E,0))),\"\",(INDEX(CTS!$T:$T,MATCH(E219,CTS!$E:$E,0))))","v":1600},{"$f":"IF(ISNA(INDEX(CTS!$U:$U,MATCH(E219,CTS!$E:$E,0))),\"\",(INDEX(CTS!$U:$U,MATCH(E219,CTS!$E:$E,0))))","v":0},{"$f":"IF(ISNA(INDEX(CTS!$V:$V,MATCH(E219,CTS!$E:$E,0))),\"\",(INDEX(CTS!$V:$V,MATCH(E219,CTS!$E:$E,0))))","v":1600},{"$f":"IFERROR(INDEX(CTS!$A:$A,MATCH(E219,CTS!$E:$E,0)),\".\")","v":"P"},{"$f":"IFERROR(IFERROR(INDEX(#REF!,MATCH(E219,#REF!,0)),IFERROR(INDEX(#REF!,MATCH(E219,#REF!,0)),INDEX(#REF!,MATCH(E219,#REF!,0)) )),\".\")","v":"."},null,{"$f":"IFERROR(VLOOKUP(E219,#REF!,8,FALSE),IFERROR(VLOOKUP(E219,#REF!,8,FALSE),IFERROR(VLOOKUP(E219,#REF!,8,FALSE),\"\")))","v":""},".-."]
[215,{"$f":"IFERROR(DAY(CTR[[#This Row],[Date]]),\"\")","v":19},{"$f":"IFERROR(MONTH(CTR[[#This Row],[Date]]),\"\")","v":1},{"$f":"IF(ISNA(INDEX(CTS!C:C,MATCH(E220,CTS!$E:$E,0))),\"\",(INDEX(CTS!C:C,MATCH(E220,CTS!$E:$E,0))))","v":44215},"01-215",{"$f":"IF(ISNA(INDEX(CTS!$F:$F,MATCH(E220,CTS!$E:$E,0))),\"\",(INDEX(CTS!$F:$F,MATCH(E220,CTS!$E:$E,0))))","v":"CLIENT"},{"$f":"IF(ISNA(INDEX(CTS!$N:$N,MATCH(E220,CTS!$E:$E,0))),\"\",(INDEX(CTS!$N:$N,MATCH(E220,CTS!$E:$E,0))))","v":294.11764705882354},{"$f":"IF(ISNA(INDEX(CTS!$O:$O,MATCH(E220,CTS!$E:$E,0))),\"\",(INDEX(CTS!$O:$O,MATCH(E220,CTS!$E:$E,0))))","v":0},{"$f":"IF(ISNA(INDEX(CTS!$P:$P,MATCH(E220,CTS!$E:$E,0))),\"\",(INDEX(CTS!$P:$P,MATCH(E220,CTS!$E:$E,0))))","v":0},{"$f":"IF(ISNA(INDEX(CTS!$Q:$Q,MATCH(E220,CTS!$E:$E,0))),\"\",(INDEX(CTS!$Q:$Q,MATCH(E220,CTS!$E:$E,0))))","v":294.11764705882354},{"$f":"IF(ISNA(INDEX(CTS!$S:$S,MATCH(E220,CTS!$E:$E,0))),\"\",(INDEX(CTS!$S:$S,MATCH(E220,CTS!$E:$E,0))))","v":55.882352941176471},{"$f":"IF(ISNA(INDEX(CTS!$T:$T,MATCH(E220,CTS!$E:$E,0))),\"\",(INDEX(CTS!$T:$T,MATCH(E220,CTS!$E:$E,0))))","v":350},{"$f":"IF(ISNA(INDEX(CTS!$U:$U,MATCH(E220,CTS!$E:$E,0))),\"\",(INDEX(CTS!$U:$U,MATCH(E220,CTS!$E:$E,0))))","v":0},{"$f":"IF(ISNA(INDEX(CTS!$V:$V,MATCH(E220,CTS!$E:$E,0))),\"\",(INDEX(CTS!$V:$V,MATCH(E220,CTS!$E:$E,0))))","v":350},{"$f":"IFERROR(INDEX(CTS!$A:$A,MATCH(E220,CTS!$E:$E,0)),\".\")","v":"P"},{"$f":"IFERROR(IFERROR(INDEX(#REF!,MATCH(E220,#REF!,0)),IFERROR(INDEX(#REF!,MATCH(E220,#REF!,0)),INDEX(#REF!,MATCH(E220,#REF!,0)) )),\".\")","v":"."},null,{"$f":"IFERROR(VLOOKUP(E220,#REF!,8,FALSE),IFERROR(VLOOKUP(E220,#REF!,8,FALSE),IFERROR(VLOOKUP(E220,#REF!,8,FALSE),\"\")))","v":""},".-."]
[216,{"$f":"IFERROR(DAY(CTR[[#This Row],[Date]]),\"\")","v":19},{"$f":"IFERROR(MONTH(CTR[[#This Row],[Date]]),\"\")","v":1},{"$f":"IF(ISNA(INDEX(CTS!C:C,MATCH(E221,CTS!$E:$E,0))),\"\",(INDEX(CTS!C:C,MATCH(E221,CTS!$E:$E,0))))","v":44215},"01-216",{"$f":"IF(ISNA(INDEX(CTS!$F:$F,MATCH(E221,CTS!$E:$E,0))),\"\",(INDEX(CTS!$F:$F,MATCH(E221,CTS!$E:$E,0))))","v":"CLIENT"},{"$f":"IF(ISNA(INDEX(CTS!$N:$N,MATCH(E221,CTS!$E:$E,0))),\"\",(INDEX(CTS!$N:$N,MATCH(E221,CTS!$E:$E,0))))","v":134.45378151260505},{"$f":"IF(ISNA(INDEX(CTS!$O:$O,MATCH(E221,CTS!$E:$E,0))),\"\",(INDEX(CTS!$O:$O,MATCH(E221,CTS!$E:$E,0))))","v":0},{"$f":"IF(ISNA(INDEX(CTS!$P:$P,MATCH(E221,CTS!$E:$E,0))),\"\",(INDEX(CTS!$P:$P,MATCH(E221,CTS!$E:$E,0))))","v":0},{"$f":"IF(ISNA(INDEX(CTS!$Q:$Q,MATCH(E221,CTS!$E:$E,0))),\"\",(INDEX(CTS!$Q:$Q,MATCH(E221,CTS!$E:$E,0))))","v":134.45378151260505},{"$f":"IF(ISNA(INDEX(CTS!$S:$S,MATCH(E221,CTS!$E:$E,0))),\"\",(INDEX(CTS!$S:$S,MATCH(E221,CTS!$E:$E,0))))","v":25.54621848739496},{"$f":"IF(ISNA(INDEX(CTS!$T:$T,MATCH(E221,CTS!$E:$E,0))),\"\",(INDEX(CTS!$T:$T,MATCH(E221,CTS!$E:$E,0))))","v":160},{"$f":"IF(ISNA(INDEX(CTS!$U:$U,MATCH(E221,CTS!$E:$E,0))),\"\",(INDEX(CTS!$U:$U,MATCH(E221,CTS!$E:$E,0))))","v":0},{"$f":"IF(ISNA(INDEX(CTS!$V:$V,MATCH(E221,CTS!$E:$E,0))),\"\",(INDEX(CTS!$V:$V,MATCH(E221,CTS!$E:$E,0))))","v":160},{"$f":"IFERROR(INDEX(CTS!$A:$A,MATCH(E221,CTS!$E:$E,0)),\".\")","v":"P"},{"$f":"IFERROR(IFERROR(INDEX(#REF!,MATCH(E221,#REF!,0)),IFERROR(INDEX(#REF!,MATCH(E221,#REF!,0)),INDEX(#REF!,MATCH(E221,#REF!,0)) )),\".\")","v":"."},null,{"$f":"IFERROR(VLOOKUP(E221,#REF!,8,FALSE),IFERROR(VLOOKUP(E221,#REF!,8,FALSE),IFERROR(VLOOKUP(E221,#REF!,8,FALSE),\"\")))","v":""},".-."]
[217,{"$f":"IFERROR(DAY(CTR[[#This Row],[Date]]),\"\")","v":19},{"$f":"IFERROR(MONTH(CTR[[#This Row],[Date]]),\"\")","v":1},{"$f":"IF(ISNA(INDEX(CTS!C:C,MATCH(E222,CTS!$E:$E,0))),\"\",(INDEX(CTS!C:C,MATCH(E222,CTS!$E:$E,0))))","v":44215},"01-217",{"$f":"IF(ISNA(INDEX(CTS!$F:$F,MATCH(E222,CTS!$E:$E,0))),\"\",(INDEX(CTS!$F:$F,MATCH(E222,CTS!$E:$E,0))))","v":"CLIENT"},{"$f":"IF(ISNA(INDEX(CTS!$N:$N,MATCH(E222,CTS!$E:$E,0))),\"\",(INDEX(CTS!$N:$N,MATCH(E222,CTS!$E:$E,0))))","v":921.00840336134456},{"$f":"IF(ISNA(INDEX(CTS!$O:$O,MATCH(E222,CTS!$E:$E,0))),\"\",(INDEX(CTS!$O:$O,MATCH(E222,CTS!$E:$E,0))))","v":0},{"$f":"IF(ISNA(INDEX(CTS!$P:$P,MATCH(E222,CTS!$E:$E,0))),\"\",(INDEX(CTS!$P:$P,MATCH(E222,CTS!$E:$E,0))))","v":0},{"$f":"IF(ISNA(INDEX(CTS!$Q:$Q,MATCH(E222,CTS!$E:$E,0))),\"\",(INDEX(CTS!$Q:$Q,MATCH(E222,CTS!$E:$E,0))))","v":921.00840336134456},{"$f":"IF(ISNA(INDEX(CTS!$S:$S,MATCH(E222,CTS!$E:$E,0))),\"\",(INDEX(CTS!$S:$S,MATCH(E222,CTS!$E:$E,0))))","v":174.99159663865549},{"$f":"IF(ISNA(INDEX(CTS!$T:$T,MATCH(E222,CTS!$E:$E,0))),\"\",(INDEX(CTS!$T:$T,MATCH(E222,CTS!$E:$E,0))))","v":1096},{"$f":"IF(ISNA(INDEX(CTS!$U:$U,MATCH(E222,CTS!$E:$E,0))),\"\",(INDEX(CTS!$U:$U,MATCH(E222,CTS!$E:$E,0))))","v":66},{"$f":"IF(ISNA(INDEX(CTS!$V:$V,MATCH(E222,CTS!$E:$E,0))),\"\",(INDEX(CTS!$V:$V,MATCH(E222,CTS!$E:$E,0))))","v":1030},{"$f":"IFERROR(INDEX(CTS!$A:$A,MATCH(E222,CTS!$E:$E,0)),\".\")","v":"P"},{"$f":"IFERROR(IFERROR(INDEX(#REF!,MATCH(E222,#REF!,0)),IFERROR(INDEX(#REF!,MATCH(E222,#REF!,0)),INDEX(#REF!,MATCH(E222,#REF!,0)) )),\".\")","v":"."},null,{"$f":"IFERROR(VLOOKUP(E222,#REF!,8,FALSE),IFERROR(VLOOKUP(E222,#REF!,8,FALSE),IFERROR(VLOOKUP(E222,#REF!,8,FALSE),\"\")))","v":""},".-."]
[218,{"$f":"IFERROR(DAY(CTR[[#This Row],[Date]]),\"\")","v":19},{"$f":"IFERROR(MONTH(CTR[[#This Row],[Date]]),\"\")","v":1},{"$f":"IF(ISNA(INDEX(CTS!C:C,MATCH(E223,CTS!$E:$E,0))),\"\",(INDEX(CTS!C:C,MATCH(E223,CTS!$E:$E,0))))","v":44215},"01-218",{"$f":"IF(ISNA(INDEX(CTS!$F:$F,MATCH(E223,CTS!$E:$E,0))),\"\",(INDEX(CTS!$F:$F,MATCH(E223,CTS!$E:$E,0))))","v":"CLIENT"},{"$f":"IF(ISNA(INDEX(CTS!$N:$N,MATCH(E223,CTS!$E:$E,0))),\"\",(INDEX(CTS!$N:$N,MATCH(E223,CTS!$E:$E,0))))","v":277.31092436974791},{"$f":"IF(ISNA(INDEX(CTS!$O:$O,MATCH(E223,CTS!$E:$E,0))),\"\",(INDEX(CTS!$O:$O,MATCH(E223,CTS!$E:$E,0))))","v":0},{"$f":"IF(ISNA(INDEX(CTS!$P:$P,MATCH(E223,CTS!$E:$E,0))),\"\",(INDEX(CTS!$P:$P,MATCH(E223,CTS!$E:$E,0))))","v":0},{"$f":"IF(ISNA(INDEX(CTS!$Q:$Q,MATCH(E223,CTS!$E:$E,0))),\"\",(INDEX(CTS!$Q:$Q,MATCH(E223,CTS!$E:$E,0))))","v":277.31092436974791},{"$f":"IF(ISNA(INDEX(CTS!$S:$S,MATCH(E223,CTS!$E:$E,0))),\"\",(INDEX(CTS!$S:$S,MATCH(E223,CTS!$E:$E,0))))","v":52.689075630252105},{"$f":"IF(ISNA(INDEX(CTS!$T:$T,MATCH(E223,CTS!$E:$E,0))),\"\",(INDEX(CTS!$T:$T,MATCH(E223,CTS!$E:$E,0))))","v":330},{"$f":"IF(ISNA(INDEX(CTS!$U:$U,MATCH(E223,CTS!$E:$E,0))),\"\",(INDEX(CTS!$U:$U,MATCH(E223,CTS!$E:$E,0))))","v":0},{"$f":"IF(ISNA(INDEX(CTS!$V:$V,MATCH(E223,CTS!$E:$E,0))),\"\",(INDEX(CTS!$V:$V,MATCH(E223,CTS!$E:$E,0))))","v":330},{"$f":"IFERROR(INDEX(CTS!$A:$A,MATCH(E223,CTS!$E:$E,0)),\".\")","v":"P"},{"$f":"IFERROR(IFERROR(INDEX(#REF!,MATCH(E223,#REF!,0)),IFERROR(INDEX(#REF!,MATCH(E223,#REF!,0)),INDEX(#REF!,MATCH(E223,#REF!,0)) )),\".\")","v":"."},null,{"$f":"IFERROR(VLOOKUP(E223,#REF!,8,FALSE),IFERROR(VLOOKUP(E223,#REF!,8,FALSE),IFERROR(VLOOKUP(E223,#REF!,8,FALSE),\"\")))","v":""},".-."]
[219,{"$f":"IFERROR(DAY(CTR[[#This Row],[Date]]),\"\")","v":19},{"$f":"IFERROR(MONTH(CTR[[#This Row],[Date]]),\"\")","v":1},{"$f":"IF(ISNA(INDEX(CTS!C:C,MATCH(E224,CTS!$E:$E,0))),\"\",(INDEX(CTS!C:C,MATCH(E224,CTS!$E:$E,0))))","v":44215},"01-219",{"$f":"IF(ISNA(INDEX(CTS!$F:$F,MATCH(E224,CTS!$E:$E,0))),\"\",(INDEX(CTS!$F:$F,MATCH(E224,CTS!$E:$E,0))))","v":"CLIENT"},{"$f":"IF(ISNA(INDEX(CTS!$N:$N,MATCH(E224,CTS!$E:$E,0))),\"\",(INDEX(CTS!$N:$N,MATCH(E224,CTS!$E:$E,0))))","v":4991.5966386554628},{"$f":"IF(ISNA(INDEX(CTS!$O:$O,MATCH(E224,CTS!$E:$E,0))),\"\",(INDEX(CTS!$O:$O,MATCH(E224,CTS!$E:$E,0))))","v":0},{"$f":"IF(ISNA(INDEX(CTS!$P:$P,MATCH(E224,CTS!$E:$E,0))),\"\",(INDEX(CTS!$P:$P,MATCH(E224,CTS!$E:$E,0))))","v":0},{"$f":"IF(ISNA(INDEX(CTS!$Q:$Q,MATCH(E224,CTS!$E:$E,0))),\"\",(INDEX(CTS!$Q:$Q,MATCH(E224,CTS!$E:$E,0))))","v":4991.5966386554628},{"$f":"IF(ISNA(INDEX(CTS!$S:$S,MATCH(E224,CTS!$E:$E,0))),\"\",(INDEX(CTS!$S:$S,MATCH(E224,CTS!$E:$E,0))))","v":948.40336134453776},{"$f":"IF(ISNA(INDEX(CTS!$T:$T,MATCH(E224,CTS!$E:$E,0))),\"\",(INDEX(CTS!$T:$T,MATCH(E224,CTS!$E:$E,0))))","v":5940.0000000000009},{"$f":"IF(ISNA(INDEX(CTS!$U:$U,MATCH(E224,CTS!$E:$E,0))),\"\",(INDEX(CTS!$U:$U,MATCH(E224,CTS!$E:$E,0))))","v":0},{"$f":"IF(ISNA(INDEX(CTS!$V:$V,MATCH(E224,CTS!$E:$E,0))),\"\",(INDEX(CTS!$V:$V,MATCH(E224,CTS!$E:$E,0))))","v":5940.0000000000009},{"$f":"IFERROR(INDEX(CTS!$A:$A,MATCH(E224,CTS!$E:$E,0)),\".\")","v":"P"},{"$f":"IFERROR(IFERROR(INDEX(#REF!,MATCH(E224,#REF!,0)),IFERROR(INDEX(#REF!,MATCH(E224,#REF!,0)),INDEX(#REF!,MATCH(E224,#REF!,0)) )),\".\")","v":"."},null,{"$f":"IFERROR(VLOOKUP(E224,#REF!,8,FALSE),IFERROR(VLOOKUP(E224,#REF!,8,FALSE),IFERROR(VLOOKUP(E224,#REF!,8,FALSE),\"\")))","v":""},".-."]
[220,{"$f":"IFERROR(DAY(CTR[[#This Row],[Date]]),\"\")","v":19},{"$f":"IFERROR(MONTH(CTR[[#This Row],[Date]]),\"\")","v":1},{"$f":"IF(ISNA(INDEX(CTS!C:C,MATCH(E225,CTS!$E:$E,0))),\"\",(INDEX(CTS!C:C,MATCH(E225,CTS!$E:$E,0))))","v":44215},"01-220",{"$f":"IF(ISNA(INDEX(CTS!$F:$F,MATCH(E225,CTS!$E:$E,0))),\"\",(INDEX(CTS!$F:$F,MATCH(E225,CTS!$E:$E,0))))","v":"CLIENT"},{"$f":"IF(ISNA(INDEX(CTS!$N:$N,MATCH(E225,CTS!$E:$E,0))),\"\",(INDEX(CTS!$N:$N,MATCH(E225,CTS!$E:$E,0))))","v":504.20168067226894},{"$f":"IF(ISNA(INDEX(CTS!$O:$O,MATCH(E225,CTS!$E:$E,0))),\"\",(INDEX(CTS!$O:$O,MATCH(E225,CTS!$E:$E,0))))","v":0},{"$f":"IF(ISNA(INDEX(CTS!$P:$P,MATCH(E225,CTS!$E:$E,0))),\"\",(INDEX(CTS!$P:$P,MATCH(E225,CTS!$E:$E,0))))","v":0},{"$f":"IF(ISNA(INDEX(CTS!$Q:$Q,MATCH(E225,CTS!$E:$E,0))),\"\",(INDEX(CTS!$Q:$Q,MATCH(E225,CTS!$E:$E,0))))","v":504.20168067226894},{"$f":"IF(ISNA(INDEX(CTS!$S:$S,MATCH(E225,CTS!$E:$E,0))),\"\",(INDEX(CTS!$S:$S,MATCH(E225,CTS!$E:$E,0))))","v":95.798319327731093},{"$f":"IF(ISNA(INDEX(CTS!$T:$T,MATCH(E225,CTS!$E:$E,0))),\"\",(INDEX(CTS!$T:$T,MATCH(E225,CTS!$E:$E,0))))","v":600},{"$f":"IF(ISNA(INDEX(CTS!$U:$U,MATCH(E225,CTS!$E:$E,0))),\"\",(INDEX(CTS!$U:$U,MATCH(E225,CTS!$E:$E,0))))","v":0},{"$f":"IF(ISNA(INDEX(CTS!$V:$V,MATCH(E225,CTS!$E:$E,0))),\"\",(INDEX(CTS!$V:$V,MATCH(E225,CTS!$E:$E,0))))","v":600},{"$f":"IFERROR(INDEX(CTS!$A:$A,MATCH(E225,CTS!$E:$E,0)),\".\")","v":"P"},{"$f":"IFERROR(IFERROR(INDEX(#REF!,MATCH(E225,#REF!,0)),IFERROR(INDEX(#REF!,MATCH(E225,#REF!,0)),INDEX(#REF!,MATCH(E225,#REF!,0)) )),\".\")","v":"."},null,{"$f":"IFERROR(VLOOKUP(E225,#REF!,8,FALSE),IFERROR(VLOOKUP(E225,#REF!,8,FALSE),IFERROR(VLOOKUP(E225,#REF!,8,FALSE),\"\")))","v":""},".-."]
[221,{"$f":"IFERROR(DAY(CTR[[#This Row],[Date]]),\"\")","v":19},{"$f":"IFERROR(MONTH(CTR[[#This Row],[Date]]),\"\")","v":1},{"$f":"IF(ISNA(INDEX(CTS!C:C,MATCH(E226,CTS!$E:$E,0))),\"\",(INDEX(CTS!C:C,MATCH(E226,CTS!$E:$E,0))))","v":44215},"01-221",{"$f":"IF(ISNA(INDEX(CTS!$F:$F,MATCH(E226,CTS!$E:$E,0))),\"\",(INDEX(CTS!$F:$F,MATCH(E226,CTS!$E:$E,0))))","v":"CLIENT"},{"$f":"IF(ISNA(INDEX(CTS!$N:$N,MATCH(E226,CTS!$E:$E,0))),\"\",(INDEX(CTS!$N:$N,MATCH(E226,CTS!$E:$E,0))))","v":2616.8067226890762},{"$f":"IF(ISNA(INDEX(CTS!$O:$O,MATCH(E226,CTS!$E:$E,0))),\"\",(INDEX(CTS!$O:$O,MATCH(E226,CTS!$E:$E,0))))","v":0},{"$f":"IF(ISNA(INDEX(CTS!$P:$P,MATCH(E226,CTS!$E:$E,0))),\"\",(INDEX(CTS!$P:$P,MATCH(E226,CTS!$E:$E,0))))","v":0},{"$f":"IF(ISNA(INDEX(CTS!$Q:$Q,MATCH(E226,CTS!$E:$E,0))),\"\",(INDEX(CTS!$Q:$Q,MATCH(E226,CTS!$E:$E,0))))","v":2616.8067226890762},{"$f":"IF(ISNA(INDEX(CTS!$S:$S,MATCH(E226,CTS!$E:$E,0))),\"\",(INDEX(CTS!$S:$S,MATCH(E226,CTS!$E:$E,0))))","v":497.19327731092437},{"$f":"IF(ISNA(INDEX(CTS!$T:$T,MATCH(E226,CTS!$E:$E,0))),\"\",(INDEX(CTS!$T:$T,MATCH(E226,CTS!$E:$E,0))))","v":3114.0000000000005},{"$f":"IF(ISNA(INDEX(CTS!$U:$U,MATCH(E226,CTS!$E:$E,0))),\"\",(INDEX(CTS!$U:$U,MATCH(E226,CTS!$E:$E,0))))","v":14},{"$f":"IF(ISNA(INDEX(CTS!$V:$V,MATCH(E226,CTS!$E:$E,0))),\"\",(INDEX(CTS!$V:$V,MATCH(E226,CTS!$E:$E,0))))","v":3100.0000000000005},{"$f":"IFERROR(INDEX(CTS!$A:$A,MATCH(E226,CTS!$E:$E,0)),\".\")","v":"p"},{"$f":"IFERROR(IFERROR(INDEX(#REF!,MATCH(E226,#REF!,0)),IFERROR(INDEX(#REF!,MATCH(E226,#REF!,0)),INDEX(#REF!,MATCH(E226,#REF!,0)) )),\".\")","v":"."},null,{"$f":"IFERROR(VLOOKUP(E226,#REF!,8,FALSE),IFERROR(VLOOKUP(E226,#REF!,8,FALSE),IFERROR(VLOOKUP(E226,#REF!,8,FALSE),\"\")))","v":""},".-."]
[222,{"$f":"IFERROR(DAY(CTR[[#This Row],[Date]]),\"\")","v":19},{"$f":"IFERROR(MONTH(CTR[[#This Row],[Date]]),\"\")","v":1},{"$f":"IF(ISNA(INDEX(CTS!C:C,MATCH(E227,CTS!$E:$E,0))),\"\",(INDEX(CTS!C:C,MATCH(E227,CTS!$E:$E,0))))","v":44215},"01-222",{"$f":"IF(ISNA(INDEX(CTS!$F:$F,MATCH(E227,CTS!$E:$E,0))),\"\",(INDEX(CTS!$F:$F,MATCH(E227,CTS!$E:$E,0))))","v":"CLIENT"},{"$f":"IF(ISNA(INDEX(CTS!$N:$N,MATCH(E227,CTS!$E:$E,0))),\"\",(INDEX(CTS!$N:$N,MATCH(E227,CTS!$E:$E,0))))","v":589.9159663865546},{"$f":"IF(ISNA(INDEX(CTS!$O:$O,MATCH(E227,CTS!$E:$E,0))),\"\",(INDEX(CTS!$O:$O,MATCH(E227,CTS!$E:$E,0))))","v":0},{"$f":"IF(ISNA(INDEX(CTS!$P:$P,MATCH(E227,CTS!$E:$E,0))),\"\",(INDEX(CTS!$P:$P,MATCH(E227,CTS!$E:$E,0))))","v":0},{"$f":"IF(ISNA(INDEX(CTS!$Q:$Q,MATCH(E227,CTS!$E:$E,0))),\"\",(INDEX(CTS!$Q:$Q,MATCH(E227,CTS!$E:$E,0))))","v":589.9159663865546},{"$f":"IF(ISNA(INDEX(CTS!$S:$S,MATCH(E227,CTS!$E:$E,0))),\"\",(INDEX(CTS!$S:$S,MATCH(E227,CTS!$E:$E,0))))","v":112.08403361344537},{"$f":"IF(ISNA(INDEX(CTS!$T:$T,MATCH(E227,CTS!$E:$E,0))),\"\",(INDEX(CTS!$T:$T,MATCH(E227,CTS!$E:$E,0))))","v":702},{"$f":"IF(ISNA(INDEX(CTS!$U:$U,MATCH(E227,CTS!$E:$E,0))),\"\",(INDEX(CTS!$U:$U,MATCH(E227,CTS!$E:$E,0))))","v":2},{"$f":"IF(ISNA(INDEX(CTS!$V:$V,MATCH(E227,CTS!$E:$E,0))),\"\",(INDEX(CTS!$V:$V,MATCH(E227,CTS!$E:$E,0))))","v":700},{"$f":"IFERROR(INDEX(CTS!$A:$A,MATCH(E227,CTS!$E:$E,0)),\".\")","v":"P"},{"$f":"IFERROR(IFERROR(INDEX(#REF!,MATCH(E227,#REF!,0)),IFERROR(INDEX(#REF!,MATCH(E227,#REF!,0)),INDEX(#REF!,MATCH(E227,#REF!,0)) )),\".\")","v":"."},null,{"$f":"IFERROR(VLOOKUP(E227,#REF!,8,FALSE),IFERROR(VLOOKUP(E227,#REF!,8,FALSE),IFERROR(VLOOKUP(E227,#REF!,8,FALSE),\"\")))","v":""},".-."]
[223,{"$f":"IFERROR(DAY(CTR[[#This Row],[Date]]),\"\")","v":19},{"$f":"IFERROR(MONTH(CTR[[#This Row],[Date]]),\"\")","v":1},{"$f":"IF(ISNA(INDEX(CTS!C:C,MATCH(E228,CTS!$E:$E,0))),\"\",(INDEX(CTS!C:C,MATCH(E228,CTS!$E:$E,0))))","v":44215},"01-223",{"$f":"IF(ISNA(INDEX(CTS!$F:$F,MATCH(E228,CTS!$E:$E,0))),\"\",(INDEX(CTS!$F:$F,MATCH(E228,CTS!$E:$E,0))))","v":"CLIENT"},{"$f":"IF(ISNA(INDEX(CTS!$N:$N,MATCH(E228,CTS!$E:$E,0))),\"\",(INDEX(CTS!$N:$N,MATCH(E228,CTS!$E:$E,0))))","v":25.210084033613448},{"$f":"IF(ISNA(INDEX(CTS!$O:$O,MATCH(E228,CTS!$E:$E,0))),\"\",(INDEX(CTS!$O:$O,MATCH(E228,CTS!$E:$E,0))))","v":0},{"$f":"IF(ISNA(INDEX(CTS!$P:$P,MATCH(E228,CTS!$E:$E,0))),\"\",(INDEX(CTS!$P:$P,MATCH(E228,CTS!$E:$E,0))))","v":0},{"$f":"IF(ISNA(INDEX(CTS!$Q:$Q,MATCH(E228,CTS!$E:$E,0))),\"\",(INDEX(CTS!$Q:$Q,MATCH(E228,CTS!$E:$E,0))))","v":25.210084033613448},{"$f":"IF(ISNA(INDEX(CTS!$S:$S,MATCH(E228,CTS!$E:$E,0))),\"\",(INDEX(CTS!$S:$S,MATCH(E228,CTS!$E:$E,0))))","v":4.7899159663865554},{"$f":"IF(ISNA(INDEX(CTS!$T:$T,MATCH(E228,CTS!$E:$E,0))),\"\",(INDEX(CTS!$T:$T,MATCH(E228,CTS!$E:$E,0))))","v":30.000000000000004},{"$f":"IF(ISNA(INDEX(CTS!$U:$U,MATCH(E228,CTS!$E:$E,0))),\"\",(INDEX(CTS!$U:$U,MATCH(E228,CTS!$E:$E,0))))","v":0},{"$f":"IF(ISNA(INDEX(CTS!$V:$V,MATCH(E228,CTS!$E:$E,0))),\"\",(INDEX(CTS!$V:$V,MATCH(E228,CTS!$E:$E,0))))","v":30.000000000000004},{"$f":"IFERROR(INDEX(CTS!$A:$A,MATCH(E228,CTS!$E:$E,0)),\".\")","v":"P"},{"$f":"IFERROR(IFERROR(INDEX(#REF!,MATCH(E228,#REF!,0)),IFERROR(INDEX(#REF!,MATCH(E228,#REF!,0)),INDEX(#REF!,MATCH(E228,#REF!,0)) )),\".\")","v":"."},null,{"$f":"IFERROR(VLOOKUP(E228,#REF!,8,FALSE),IFERROR(VLOOKUP(E228,#REF!,8,FALSE),IFERROR(VLOOKUP(E228,#REF!,8,FALSE),\"\")))","v":""},".-."]
[224,{"$f":"IFERROR(DAY(CTR[[#This Row],[Date]]),\"\")","v":19},{"$f":"IFERROR(MONTH(CTR[[#This Row],[Date]]),\"\")","v":1},{"$f":"IF(ISNA(INDEX(CTS!C:C,MATCH(E229,CTS!$E:$E,0))),\"\",(INDEX(CTS!C:C,MATCH(E229,CTS!$E:$E,0))))","v":44215},"01-224",{"$f":"IF(ISNA(INDEX(CTS!$F:$F,MATCH(E229,CTS!$E:$E,0))),\"\",(INDEX(CTS!$F:$F,MATCH(E229,CTS!$E:$E,0))))","v":"CLIENT"},{"$f":"IF(ISNA(INDEX(CTS!$N:$N,MATCH(E229,CTS!$E:$E,0))),\"\",(INDEX(CTS!$N:$N,MATCH(E229,CTS!$E:$E,0))))","v":1210.0840336134454},{"$f":"IF(ISNA(INDEX(CTS!$O:$O,MATCH(E229,CTS!$E:$E,0))),\"\",(INDEX(CTS!$O:$O,MATCH(E229,CTS!$E:$E,0))))","v":0},{"$f":"IF(ISNA(INDEX(CTS!$P:$P,MATCH(E229,CTS!$E:$E,0))),\"\",(INDEX(CTS!$P:$P,MATCH(E229,CTS!$E:$E,0))))","v":0},{"$f":"IF(ISNA(INDEX(CTS!$Q:$Q,MATCH(E229,CTS!$E:$E,0))),\"\",(INDEX(CTS!$Q:$Q,MATCH(E229,CTS!$E:$E,0))))","v":1210.0840336134454},{"$f":"IF(ISNA(INDEX(CTS!$S:$S,MATCH(E229,CTS!$E:$E,0))),\"\",(INDEX(CTS!$S:$S,MATCH(E229,CTS!$E:$E,0))))","v":229.91596638655463},{"$f":"IF(ISNA(INDEX(CTS!$T:$T,MATCH(E229,CTS!$E:$E,0))),\"\",(INDEX(CTS!$T:$T,MATCH(E229,CTS!$E:$E,0))))","v":1440},{"$f":"IF(ISNA(INDEX(CTS!$U:$U,MATCH(E229,CTS!$E:$E,0))),\"\",(INDEX(CTS!$U:$U,MATCH(E229,CTS!$E:$E,0))))","v":0},{"$f":"IF(ISNA(INDEX(CTS!$V:$V,MATCH(E229,CTS!$E:$E,0))),\"\",(INDEX(CTS!$V:$V,MATCH(E229,CTS!$E:$E,0))))","v":1440},{"$f":"IFERROR(INDEX(CTS!$A:$A,MATCH(E229,CTS!$E:$E,0)),\".\")","v":"P"},{"$f":"IFERROR(IFERROR(INDEX(#REF!,MATCH(E229,#REF!,0)),IFERROR(INDEX(#REF!,MATCH(E229,#REF!,0)),INDEX(#REF!,MATCH(E229,#REF!,0)) )),\".\")","v":"."},null,{"$f":"IFERROR(VLOOKUP(E229,#REF!,8,FALSE),IFERROR(VLOOKUP(E229,#REF!,8,FALSE),IFERROR(VLOOKUP(E229,#REF!,8,FALSE),\"\")))","v":""},".-."]
[225,{"$f":"IFERROR(DAY(CTR[[#This Row],[Date]]),\"\")","v":19},{"$f":"IFERROR(MONTH(CTR[[#This Row],[Date]]),\"\")","v":1},{"$f":"IF(ISNA(INDEX(CTS!C:C,MATCH(E230,CTS!$E:$E,0))),\"\",(INDEX(CTS!C:C,MATCH(E230,CTS!$E:$E,0))))","v":44215},"01-225",{"$f":"IF(ISNA(INDEX(CTS!$F:$F,MATCH(E230,CTS!$E:$E,0))),\"\",(INDEX(CTS!$F:$F,MATCH(E230,CTS!$E:$E,0))))","v":"CLIENT"},{"$f":"IF(ISNA(INDEX(CTS!$N:$N,MATCH(E230,CTS!$E:$E,0))),\"\",(INDEX(CTS!$N:$N,MATCH(E230,CTS!$E:$E,0))))","v":235.29411764705884},{"$f":"IF(ISNA(INDEX(CTS!$O:$O,MATCH(E230,CTS!$E:$E,0))),\"\",(INDEX(CTS!$O:$O,MATCH(E230,CTS!$E:$E,0))))","v":0},{"$f":"IF(ISNA(INDEX(CTS!$P:$P,MATCH(E230,CTS!$E:$E,0))),\"\",(INDEX(CTS!$P:$P,MATCH(E230,CTS!$E:$E,0))))","v":0},{"$f":"IF(ISNA(INDEX(CTS!$Q:$Q,MATCH(E230,CTS!$E:$E,0))),\"\",(INDEX(CTS!$Q:$Q,MATCH(E230,CTS!$E:$E,0))))","v":235.29411764705884},{"$f":"IF(ISNA(INDEX(CTS!$S:$S,MATCH(E230,CTS!$E:$E,0))),\"\",(INDEX(CTS!$S:$S,MATCH(E230,CTS!$E:$E,0))))","v":44.705882352941181},{"$f":"IF(ISNA(INDEX(CTS!$T:$T,MATCH(E230,CTS!$E:$E,0))),\"\",(INDEX(CTS!$T:$T,MATCH(E230,CTS!$E:$E,0))))","v":280},{"$f":"IF(ISNA(INDEX(CTS!$U:$U,MATCH(E230,CTS!$E:$E,0))),\"\",(INDEX(CTS!$U:$U,MATCH(E230,CTS!$E:$E,0))))","v":0},{"$f":"IF(ISNA(INDEX(CTS!$V:$V,MATCH(E230,CTS!$E:$E,0))),\"\",(INDEX(CTS!$V:$V,MATCH(E230,CTS!$E:$E,0))))","v":280},{"$f":"IFERROR(INDEX(CTS!$A:$A,MATCH(E230,CTS!$E:$E,0)),\".\")","v":"P"},{"$f":"IFERROR(IFERROR(INDEX(#REF!,MATCH(E230,#REF!,0)),IFERROR(INDEX(#REF!,MATCH(E230,#REF!,0)),INDEX(#REF!,MATCH(E230,#REF!,0)) )),\".\")","v":"."},null,{"$f":"IFERROR(VLOOKUP(E230,#REF!,8,FALSE),IFERROR(VLOOKUP(E230,#REF!,8,FALSE),IFERROR(VLOOKUP(E230,#REF!,8,FALSE),\"\")))","v":""},".-."]
[226,{"$f":"IFERROR(DAY(CTR[[#This Row],[Date]]),\"\")","v":19},{"$f":"IFERROR(MONTH(CTR[[#This Row],[Date]]),\"\")","v":1},{"$f":"IF(ISNA(INDEX(CTS!C:C,MATCH(E231,CTS!$E:$E,0))),\"\",(INDEX(CTS!C:C,MATCH(E231,CTS!$E:$E,0))))","v":44215},"01-226",{"$f":"IF(ISNA(INDEX(CTS!$F:$F,MATCH(E231,CTS!$E:$E,0))),\"\",(INDEX(CTS!$F:$F,MATCH(E231,CTS!$E:$E,0))))","v":"CLIENT"},{"$f":"IF(ISNA(INDEX(CTS!$N:$N,MATCH(E231,CTS!$E:$E,0))),\"\",(INDEX(CTS!$N:$N,MATCH(E231,CTS!$E:$E,0))))","v":159.66386554621849},{"$f":"IF(ISNA(INDEX(CTS!$O:$O,MATCH(E231,CTS!$E:$E,0))),\"\",(INDEX(CTS!$O:$O,MATCH(E231,CTS!$E:$E,0))))","v":0},{"$f":"IF(ISNA(INDEX(CTS!$P:$P,MATCH(E231,CTS!$E:$E,0))),\"\",(INDEX(CTS!$P:$P,MATCH(E231,CTS!$E:$E,0))))","v":0},{"$f":"IF(ISNA(INDEX(CTS!$Q:$Q,MATCH(E231,CTS!$E:$E,0))),\"\",(INDEX(CTS!$Q:$Q,MATCH(E231,CTS!$E:$E,0))))","v":159.66386554621849},{"$f":"IF(ISNA(INDEX(CTS!$S:$S,MATCH(E231,CTS!$E:$E,0))),\"\",(INDEX(CTS!$S:$S,MATCH(E231,CTS!$E:$E,0))))","v":30.336134453781511},{"$f":"IF(ISNA(INDEX(CTS!$T:$T,MATCH(E231,CTS!$E:$E,0))),\"\",(INDEX(CTS!$T:$T,MATCH(E231,CTS!$E:$E,0))))","v":190},{"$f":"IF(ISNA(INDEX(CTS!$U:$U,MATCH(E231,CTS!$E:$E,0))),\"\",(INDEX(CTS!$U:$U,MATCH(E231,CTS!$E:$E,0))))","v":0},{"$f":"IF(ISNA(INDEX(CTS!$V:$V,MATCH(E231,CTS!$E:$E,0))),\"\",(INDEX(CTS!$V:$V,MATCH(E231,CTS!$E:$E,0))))","v":190},{"$f":"IFERROR(INDEX(CTS!$A:$A,MATCH(E231,CTS!$E:$E,0)),\".\")","v":"P"},{"$f":"IFERROR(IFERROR(INDEX(#REF!,MATCH(E231,#REF!,0)),IFERROR(INDEX(#REF!,MATCH(E231,#REF!,0)),INDEX(#REF!,MATCH(E231,#REF!,0)) )),\".\")","v":"."},null,{"$f":"IFERROR(VLOOKUP(E231,#REF!,8,FALSE),IFERROR(VLOOKUP(E231,#REF!,8,FALSE),IFERROR(VLOOKUP(E231,#REF!,8,FALSE),\"\")))","v":""},".-."]
[227,{"$f":"IFERROR(DAY(CTR[[#This Row],[Date]]),\"\")","v":19},{"$f":"IFERROR(MONTH(CTR[[#This Row],[Date]]),\"\")","v":1},{"$f":"IF(ISNA(INDEX(CTS!C:C,MATCH(E232,CTS!$E:$E,0))),\"\",(INDEX(CTS!C:C,MATCH(E232,CTS!$E:$E,0))))","v":44215},"01-227",{"$f":"IF(ISNA(INDEX(CTS!$F:$F,MATCH(E232,CTS!$E:$E,0))),\"\",(INDEX(CTS!$F:$F,MATCH(E232,CTS!$E:$E,0))))","v":"CLIENT"},{"$f":"IF(ISNA(INDEX(CTS!$N:$N,MATCH(E232,CTS!$E:$E,0))),\"\",(INDEX(CTS!$N:$N,MATCH(E232,CTS!$E:$E,0))))","v":117.64705882352942},{"$f":"IF(ISNA(INDEX(CTS!$O:$O,MATCH(E232,CTS!$E:$E,0))),\"\",(INDEX(CTS!$O:$O,MATCH(E232,CTS!$E:$E,0))))","v":0},{"$f":"IF(ISNA(INDEX(CTS!$P:$P,MATCH(E232,CTS!$E:$E,0))),\"\",(INDEX(CTS!$P:$P,MATCH(E232,CTS!$E:$E,0))))","v":0},{"$f":"IF(ISNA(INDEX(CTS!$Q:$Q,MATCH(E232,CTS!$E:$E,0))),\"\",(INDEX(CTS!$Q:$Q,MATCH(E232,CTS!$E:$E,0))))","v":117.64705882352942},{"$f":"IF(ISNA(INDEX(CTS!$S:$S,MATCH(E232,CTS!$E:$E,0))),\"\",(INDEX(CTS!$S:$S,MATCH(E232,CTS!$E:$E,0))))","v":22.352941176470591},{"$f":"IF(ISNA(INDEX(CTS!$T:$T,MATCH(E232,CTS!$E:$E,0))),\"\",(INDEX(CTS!$T:$T,MATCH(E232,CTS!$E:$E,0))))","v":140},{"$f":"IF(ISNA(INDEX(CTS!$U:$U,MATCH(E232,CTS!$E:$E,0))),\"\",(INDEX(CTS!$U:$U,MATCH(E232,CTS!$E:$E,0))))","v":0},{"$f":"IF(ISNA(INDEX(CTS!$V:$V,MATCH(E232,CTS!$E:$E,0))),\"\",(INDEX(CTS!$V:$V,MATCH(E232,CTS!$E:$E,0))))","v":140},{"$f":"IFERROR(INDEX(CTS!$A:$A,MATCH(E232,CTS!$E:$E,0)),\".\")","v":"P"},{"$f":"IFERROR(IFERROR(INDEX(#REF!,MATCH(E232,#REF!,0)),IFERROR(INDEX(#REF!,MATCH(E232,#REF!,0)),INDEX(#REF!,MATCH(E232,#REF!,0)) )),\".\")","v":"."},null,{"$f":"IFERROR(VLOOKUP(E232,#REF!,8,FALSE),IFERROR(VLOOKUP(E232,#REF!,8,FALSE),IFERROR(VLOOKUP(E232,#REF!,8,FALSE),\"\")))","v":""},".-."]
[228,{"$f":"IFERROR(DAY(CTR[[#This Row],[Date]]),\"\")","v":19},{"$f":"IFERROR(MONTH(CTR[[#This Row],[Date]]),\"\")","v":1},{"$f":"IF(ISNA(INDEX(CTS!C:C,MATCH(E233,CTS!$E:$E,0))),\"\",(INDEX(CTS!C:C,MATCH(E233,CTS!$E:$E,0))))","v":44215},"01-228",{"$f":"IF(ISNA(INDEX(CTS!$F:$F,MATCH(E233,CTS!$E:$E,0))),\"\",(INDEX(CTS!$F:$F,MATCH(E233,CTS!$E:$E,0))))","v":"TAAMIR EL DJAZAIR"},{"$f":"IF(ISNA(INDEX(CTS!$N:$N,MATCH(E233,CTS!$E:$E,0))),\"\",(INDEX(CTS!$N:$N,MATCH(E233,CTS!$E:$E,0))))","v":10057.6},{"$f":"IF(ISNA(INDEX(CTS!$O:$O,MATCH(E233,CTS!$E:$E,0))),\"\",(INDEX(CTS!$O:$O,MATCH(E233,CTS!$E:$E,0))))","v":3.0792383768652228E-2},{"$f":"IF(ISNA(INDEX(CTS!$P:$P,MATCH(E233,CTS!$E:$E,0))),\"\",(INDEX(CTS!$P:$P,MATCH(E233,CTS!$E:$E,0))))","v":309.69747899159665},{"$f":"IF(ISNA(INDEX(CTS!$Q:$Q,MATCH(E233,CTS!$E:$E,0))),\"\",(INDEX(CTS!$Q:$Q,MATCH(E233,CTS!$E:$E,0))))","v":9747.9025210084037},{"$f":"IF(ISNA(INDEX(CTS!$S:$S,MATCH(E233,CTS!$E:$E,0))),\"\",(INDEX(CTS!$S:$S,MATCH(E233,CTS!$E:$E,0))))","v":1852.1014789915967},{"$f":"IF(ISNA(INDEX(CTS!$T:$T,MATCH(E233,CTS!$E:$E,0))),\"\",(INDEX(CTS!$T:$T,MATCH(E233,CTS!$E:$E,0))))","v":11600.004000000001},{"$f":"IF(ISNA(INDEX(CTS!$U:$U,MATCH(E233,CTS!$E:$E,0))),\"\",(INDEX(CTS!$U:$U,MATCH(E233,CTS!$E:$E,0))))","v":1.8189894035458565E-12},{"$f":"IF(ISNA(INDEX(CTS!$V:$V,MATCH(E233,CTS!$E:$E,0))),\"\",(INDEX(CTS!$V:$V,MATCH(E233,CTS!$E:$E,0))))","v":11600.003999999999},{"$f":"IFERROR(INDEX(CTS!$A:$A,MATCH(E233,CTS!$E:$E,0)),\".\")","v":"C"},{"$f":"IFERROR(IFERROR(INDEX(#REF!,MATCH(E233,#REF!,0)),IFERROR(INDEX(#REF!,MATCH(E233,#REF!,0)),INDEX(#REF!,MATCH(E233,#REF!,0)) )),\".\")","v":"."},null,{"$f":"IFERROR(VLOOKUP(E233,#REF!,8,FALSE),IFERROR(VLOOKUP(E233,#REF!,8,FALSE),IFERROR(VLOOKUP(E233,#REF!,8,FALSE),\"\")))","v":""},".-."]
[229,{"$f":"IFERROR(DAY(CTR[[#This Row],[Date]]),\"\")","v":19},{"$f":"IFERROR(MONTH(CTR[[#This Row],[Date]]),\"\")","v":1},{"$f":"IF(ISNA(INDEX(CTS!C:C,MATCH(E234,CTS!$E:$E,0))),\"\",(INDEX(CTS!C:C,MATCH(E234,CTS!$E:$E,0))))","v":44215},"01-229",{"$f":"IF(ISNA(INDEX(CTS!$F:$F,MATCH(E234,CTS!$E:$E,0))),\"\",(INDEX(CTS!$F:$F,MATCH(E234,CTS!$E:$E,0))))","v":"CLIENT"},{"$f":"IF(ISNA(INDEX(CTS!$N:$N,MATCH(E234,CTS!$E:$E,0))),\"\",(INDEX(CTS!$N:$N,MATCH(E234,CTS!$E:$E,0))))","v":445.37815126050418},{"$f":"IF(ISNA(INDEX(CTS!$O:$O,MATCH(E234,CTS!$E:$E,0))),\"\",(INDEX(CTS!$O:$O,MATCH(E234,CTS!$E:$E,0))))","v":0},{"$f":"IF(ISNA(INDEX(CTS!$P:$P,MATCH(E234,CTS!$E:$E,0))),\"\",(INDEX(CTS!$P:$P,MATCH(E234,CTS!$E:$E,0))))","v":0},{"$f":"IF(ISNA(INDEX(CTS!$Q:$Q,MATCH(E234,CTS!$E:$E,0))),\"\",(INDEX(CTS!$Q:$Q,MATCH(E234,CTS!$E:$E,0))))","v":445.37815126050418},{"$f":"IF(ISNA(INDEX(CTS!$S:$S,MATCH(E234,CTS!$E:$E,0))),\"\",(INDEX(CTS!$S:$S,MATCH(E234,CTS!$E:$E,0))))","v":84.621848739495817},{"$f":"IF(ISNA(INDEX(CTS!$T:$T,MATCH(E234,CTS!$E:$E,0))),\"\",(INDEX(CTS!$T:$T,MATCH(E234,CTS!$E:$E,0))))","v":530},{"$f":"IF(ISNA(INDEX(CTS!$U:$U,MATCH(E234,CTS!$E:$E,0))),\"\",(INDEX(CTS!$U:$U,MATCH(E234,CTS!$E:$E,0))))","v":0},{"$f":"IF(ISNA(INDEX(CTS!$V:$V,MATCH(E234,CTS!$E:$E,0))),\"\",(INDEX(CTS!$V:$V,MATCH(E234,CTS!$E:$E,0))))","v":530},{"$f":"IFERROR(INDEX(CTS!$A:$A,MATCH(E234,CTS!$E:$E,0)),\".\")","v":"P"},{"$f":"IFERROR(IFERROR(INDEX(#REF!,MATCH(E234,#REF!,0)),IFERROR(INDEX(#REF!,MATCH(E234,#REF!,0)),INDEX(#REF!,MATCH(E234,#REF!,0)) )),\".\")","v":"."},null,{"$f":"IFERROR(VLOOKUP(E234,#REF!,8,FALSE),IFERROR(VLOOKUP(E234,#REF!,8,FALSE),IFERROR(VLOOKUP(E234,#REF!,8,FALSE),\"\")))","v":""},".-."]
[230,{"$f":"IFERROR(DAY(CTR[[#This Row],[Date]]),\"\")","v":19},{"$f":"IFERROR(MONTH(CTR[[#This Row],[Date]]),\"\")","v":1},{"$f":"IF(ISNA(INDEX(CTS!C:C,MATCH(E235,CTS!$E:$E,0))),\"\",(INDEX(CTS!C:C,MATCH(E235,CTS!$E:$E,0))))","v":44215},"01-230",{"$f":"IF(ISNA(INDEX(CTS!$F:$F,MATCH(E235,CTS!$E:$E,0))),\"\",(INDEX(CTS!$F:$F,MATCH(E235,CTS!$E:$E,0))))","v":"CLIENT"},{"$f":"IF(ISNA(INDEX(CTS!$N:$N,MATCH(E235,CTS!$E:$E,0))),\"\",(INDEX(CTS!$N:$N,MATCH(E235,CTS!$E:$E,0))))","v":1573.1092436974791},{"$f":"IF(ISNA(INDEX(CTS!$O:$O,MATCH(E235,CTS!$E:$E,0))),\"\",(INDEX(CTS!$O:$O,MATCH(E235,CTS!$E:$E,0))))","v":0},{"$f":"IF(ISNA(INDEX(CTS!$P:$P,MATCH(E235,CTS!$E:$E,0))),\"\",(INDEX(CTS!$P:$P,MATCH(E235,CTS!$E:$E,0))))","v":0},{"$f":"IF(ISNA(INDEX(CTS!$Q:$Q,MATCH(E235,CTS!$E:$E,0))),\"\",(INDEX(CTS!$Q:$Q,MATCH(E235,CTS!$E:$E,0))))","v":1573.1092436974791},{"$f":"IF(ISNA(INDEX(CTS!$S:$S,MATCH(E235,CTS!$E:$E,0))),\"\",(INDEX(CTS!$S:$S,MATCH(E235,CTS!$E:$E,0))))","v":298.89075630252103},{"$f":"IF(ISNA(INDEX(CTS!$T:$T,MATCH(E235,CTS!$E:$E,0))),\"\",(INDEX(CTS!$T:$T,MATCH(E235,CTS!$E:$E,0))))","v":1872},{"$f":"IF(ISNA(INDEX(CTS!$U:$U,MATCH(E235,CTS!$E:$E,0))),\"\",(INDEX(CTS!$U:$U,MATCH(E235,CTS!$E:$E,0))))","v":2},{"$f":"IF(ISNA(INDEX(CTS!$V:$V,MATCH(E235,CTS!$E:$E,0))),\"\",(INDEX(CTS!$V:$V,MATCH(E235,CTS!$E:$E,0))))","v":1870},{"$f":"IFERROR(INDEX(CTS!$A:$A,MATCH(E235,CTS!$E:$E,0)),\".\")","v":"P"},{"$f":"IFERROR(IFERROR(INDEX(#REF!,MATCH(E235,#REF!,0)),IFERROR(INDEX(#REF!,MATCH(E235,#REF!,0)),INDEX(#REF!,MATCH(E235,#REF!,0)) )),\".\")","v":"."},null,{"$f":"IFERROR(VLOOKUP(E235,#REF!,8,FALSE),IFERROR(VLOOKUP(E235,#REF!,8,FALSE),IFERROR(VLOOKUP(E235,#REF!,8,FALSE),\"\")))","v":""},".-."]
[231,{"$f":"IFERROR(DAY(CTR[[#This Row],[Date]]),\"\")","v":19},{"$f":"IFERROR(MONTH(CTR[[#This Row],[Date]]),\"\")","v":1},{"$f":"IF(ISNA(INDEX(CTS!C:C,MATCH(E236,CTS!$E:$E,0))),\"\",(INDEX(CTS!C:C,MATCH(E236,CTS!$E:$E,0))))","v":44215},"01-231",{"$f":"IF(ISNA(INDEX(CTS!$F:$F,MATCH(E236,CTS!$E:$E,0))),\"\",(INDEX(CTS!$F:$F,MATCH(E236,CTS!$E:$E,0))))","v":"CLIENT"},{"$f":"IF(ISNA(INDEX(CTS!$N:$N,MATCH(E236,CTS!$E:$E,0))),\"\",(INDEX(CTS!$N:$N,MATCH(E236,CTS!$E:$E,0))))","v":369.74789915966386},{"$f":"IF(ISNA(INDEX(CTS!$O:$O,MATCH(E236,CTS!$E:$E,0))),\"\",(INDEX(CTS!$O:$O,MATCH(E236,CTS!$E:$E,0))))","v":0},{"$f":"IF(ISNA(INDEX(CTS!$P:$P,MATCH(E236,CTS!$E:$E,0))),\"\",(INDEX(CTS!$P:$P,MATCH(E236,CTS!$E:$E,0))))","v":0},{"$f":"IF(ISNA(INDEX(CTS!$Q:$Q,MATCH(E236,CTS!$E:$E,0))),\"\",(INDEX(CTS!$Q:$Q,MATCH(E236,CTS!$E:$E,0))))","v":369.74789915966386},{"$f":"IF(ISNA(INDEX(CTS!$S:$S,MATCH(E236,CTS!$E:$E,0))),\"\",(INDEX(CTS!$S:$S,MATCH(E236,CTS!$E:$E,0))))","v":70.252100840336141},{"$f":"IF(ISNA(INDEX(CTS!$T:$T,MATCH(E236,CTS!$E:$E,0))),\"\",(INDEX(CTS!$T:$T,MATCH(E236,CTS!$E:$E,0))))","v":440},{"$f":"IF(ISNA(INDEX(CTS!$U:$U,MATCH(E236,CTS!$E:$E,0))),\"\",(INDEX(CTS!$U:$U,MATCH(E236,CTS!$E:$E,0))))","v":0},{"$f":"IF(ISNA(INDEX(CTS!$V:$V,MATCH(E236,CTS!$E:$E,0))),\"\",(INDEX(CTS!$V:$V,MATCH(E236,CTS!$E:$E,0))))","v":440},{"$f":"IFERROR(INDEX(CTS!$A:$A,MATCH(E236,CTS!$E:$E,0)),\".\")","v":"P"},{"$f":"IFERROR(IFERROR(INDEX(#REF!,MATCH(E236,#REF!,0)),IFERROR(INDEX(#REF!,MATCH(E236,#REF!,0)),INDEX(#REF!,MATCH(E236,#REF!,0)) )),\".\")","v":"."},null,{"$f":"IFERROR(VLOOKUP(E236,#REF!,8,FALSE),IFERROR(VLOOKUP(E236,#REF!,8,FALSE),IFERROR(VLOOKUP(E236,#REF!,8,FALSE),\"\")))","v":""},".-."]
[232,{"$f":"IFERROR(DAY(CTR[[#This Row],[Date]]),\"\")","v":19},{"$f":"IFERROR(MONTH(CTR[[#This Row],[Date]]),\"\")","v":1},{"$f":"IF(ISNA(INDEX(CTS!C:C,MATCH(E237,CTS!$E:$E,0))),\"\",(INDEX(CTS!C:C,MATCH(E237,CTS!$E:$E,0))))","v":44215},"01-232",{"$f":"IF(ISNA(INDEX(CTS!$F:$F,MATCH(E237,CTS!$E:$E,0))),\"\",(INDEX(CTS!$F:$F,MATCH(E237,CTS!$E:$E,0))))","v":"CLIENT"},{"$f":"IF(ISNA(INDEX(CTS!$N:$N,MATCH(E237,CTS!$E:$E,0))),\"\",(INDEX(CTS!$N:$N,MATCH(E237,CTS!$E:$E,0))))","v":840.3361344537816},{"$f":"IF(ISNA(INDEX(CTS!$O:$O,MATCH(E237,CTS!$E:$E,0))),\"\",(INDEX(CTS!$O:$O,MATCH(E237,CTS!$E:$E,0))))","v":0.47999839999999999},{"$f":"IF(ISNA(INDEX(CTS!$P:$P,MATCH(E237,CTS!$E:$E,0))),\"\",(INDEX(CTS!$P:$P,MATCH(E237,CTS!$E:$E,0))))","v":403.36},{"$f":"IF(ISNA(INDEX(CTS!$Q:$Q,MATCH(E237,CTS!$E:$E,0))),\"\",(INDEX(CTS!$Q:$Q,MATCH(E237,CTS!$E:$E,0))))","v":436.97613445378158},{"$f":"IF(ISNA(INDEX(CTS!$S:$S,MATCH(E237,CTS!$E:$E,0))),\"\",(INDEX(CTS!$S:$S,MATCH(E237,CTS!$E:$E,0))))","v":83.025465546218499},{"$f":"IF(ISNA(INDEX(CTS!$T:$T,MATCH(E237,CTS!$E:$E,0))),\"\",(INDEX(CTS!$T:$T,MATCH(E237,CTS!$E:$E,0))))","v":520.00160000000005},{"$f":"IF(ISNA(INDEX(CTS!$U:$U,MATCH(E237,CTS!$E:$E,0))),\"\",(INDEX(CTS!$U:$U,MATCH(E237,CTS!$E:$E,0))))","v":1.6000000000531145E-3},{"$f":"IF(ISNA(INDEX(CTS!$V:$V,MATCH(E237,CTS!$E:$E,0))),\"\",(INDEX(CTS!$V:$V,MATCH(E237,CTS!$E:$E,0))))","v":520},{"$f":"IFERROR(INDEX(CTS!$A:$A,MATCH(E237,CTS!$E:$E,0)),\".\")","v":"P"},{"$f":"IFERROR(IFERROR(INDEX(#REF!,MATCH(E237,#REF!,0)),IFERROR(INDEX(#REF!,MATCH(E237,#REF!,0)),INDEX(#REF!,MATCH(E237,#REF!,0)) )),\".\")","v":"."},null,{"$f":"IFERROR(VLOOKUP(E237,#REF!,8,FALSE),IFERROR(VLOOKUP(E237,#REF!,8,FALSE),IFERROR(VLOOKUP(E237,#REF!,8,FALSE),\"\")))","v":""},".-."]
[233,{"$f":"IFERROR(DAY(CTR[[#This Row],[Date]]),\"\")","v":20},{"$f":"IFERROR(MONTH(CTR[[#This Row],[Date]]),\"\")","v":1},{"$f":"IF(ISNA(INDEX(CTS!C:C,MATCH(E238,CTS!$E:$E,0))),\"\",(INDEX(CTS!C:C,MATCH(E238,CTS!$E:$E,0))))","v":44216},"01-233",{"$f":"IF(ISNA(INDEX(CTS!$F:$F,MATCH(E238,CTS!$E:$E,0))),\"\",(INDEX(CTS!$F:$F,MATCH(E238,CTS!$E:$E,0))))","v":"CLIENT"},{"$f":"IF(ISNA(INDEX(CTS!$N:$N,MATCH(E238,CTS!$E:$E,0))),\"\",(INDEX(CTS!$N:$N,MATCH(E238,CTS!$E:$E,0))))","v":156.30252100840337},{"$f":"IF(ISNA(INDEX(CTS!$O:$O,MATCH(E238,CTS!$E:$E,0))),\"\",(INDEX(CTS!$O:$O,MATCH(E238,CTS!$E:$E,0))))","v":0},{"$f":"IF(ISNA(INDEX(CTS!$P:$P,MATCH(E238,CTS!$E:$E,0))),\"\",(INDEX(CTS!$P:$P,MATCH(E238,CTS!$E:$E,0))))","v":0},{"$f":"IF(ISNA(INDEX(CTS!$Q:$Q,MATCH(E238,CTS!$E:$E,0))),\"\",(INDEX(CTS!$Q:$Q,MATCH(E238,CTS!$E:$E,0))))","v":156.30252100840337},{"$f":"IF(ISNA(INDEX(CTS!$S:$S,MATCH(E238,CTS!$E:$E,0))),\"\",(INDEX(CTS!$S:$S,MATCH(E238,CTS!$E:$E,0))))","v":29.69747899159664},{"$f":"IF(ISNA(INDEX(CTS!$T:$T,MATCH(E238,CTS!$E:$E,0))),\"\",(INDEX(CTS!$T:$T,MATCH(E238,CTS!$E:$E,0))))","v":186},{"$f":"IF(ISNA(INDEX(CTS!$U:$U,MATCH(E238,CTS!$E:$E,0))),\"\",(INDEX(CTS!$U:$U,MATCH(E238,CTS!$E:$E,0))))","v":1},{"$f":"IF(ISNA(INDEX(CTS!$V:$V,MATCH(E238,CTS!$E:$E,0))),\"\",(INDEX(CTS!$V:$V,MATCH(E238,CTS!$E:$E,0))))","v":185},{"$f":"IFERROR(INDEX(CTS!$A:$A,MATCH(E238,CTS!$E:$E,0)),\".\")","v":"P"},{"$f":"IFERROR(IFERROR(INDEX(#REF!,MATCH(E238,#REF!,0)),IFERROR(INDEX(#REF!,MATCH(E238,#REF!,0)),INDEX(#REF!,MATCH(E238,#REF!,0)) )),\".\")","v":"."},null,{"$f":"IFERROR(VLOOKUP(E238,#REF!,8,FALSE),IFERROR(VLOOKUP(E238,#REF!,8,FALSE),IFERROR(VLOOKUP(E238,#REF!,8,FALSE),\"\")))","v":""},".-."]
[234,{"$f":"IFERROR(DAY(CTR[[#This Row],[Date]]),\"\")","v":20},{"$f":"IFERROR(MONTH(CTR[[#This Row],[Date]]),\"\")","v":1},{"$f":"IF(ISNA(INDEX(CTS!C:C,MATCH(E239,CTS!$E:$E,0))),\"\",(INDEX(CTS!C:C,MATCH(E239,CTS!$E:$E,0))))","v":44216},"01-234",{"$f":"IF(ISNA(INDEX(CTS!$F:$F,MATCH(E239,CTS!$E:$E,0))),\"\",(INDEX(CTS!$F:$F,MATCH(E239,CTS!$E:$E,0))))","v":"CLIENT"},{"$f":"IF(ISNA(INDEX(CTS!$N:$N,MATCH(E239,CTS!$E:$E,0))),\"\",(INDEX(CTS!$N:$N,MATCH(E239,CTS!$E:$E,0))))","v":2529.4117647058824},{"$f":"IF(ISNA(INDEX(CTS!$O:$O,MATCH(E239,CTS!$E:$E,0))),\"\",(INDEX(CTS!$O:$O,MATCH(E239,CTS!$E:$E,0))))","v":0},{"$f":"IF(ISNA(INDEX(CTS!$P:$P,MATCH(E239,CTS!$E:$E,0))),\"\",(INDEX(CTS!$P:$P,MATCH(E239,CTS!$E:$E,0))))","v":0},{"$f":"IF(ISNA(INDEX(CTS!$Q:$Q,MATCH(E239,CTS!$E:$E,0))),\"\",(INDEX(CTS!$Q:$Q,MATCH(E239,CTS!$E:$E,0))))","v":2529.4117647058824},{"$f":"IF(ISNA(INDEX(CTS!$S:$S,MATCH(E239,CTS!$E:$E,0))),\"\",(INDEX(CTS!$S:$S,MATCH(E239,CTS!$E:$E,0))))","v":480.58823529411762},{"$f":"IF(ISNA(INDEX(CTS!$T:$T,MATCH(E239,CTS!$E:$E,0))),\"\",(INDEX(CTS!$T:$T,MATCH(E239,CTS!$E:$E,0))))","v":3010},{"$f":"IF(ISNA(INDEX(CTS!$U:$U,MATCH(E239,CTS!$E:$E,0))),\"\",(INDEX(CTS!$U:$U,MATCH(E239,CTS!$E:$E,0))))","v":10},{"$f":"IF(ISNA(INDEX(CTS!$V:$V,MATCH(E239,CTS!$E:$E,0))),\"\",(INDEX(CTS!$V:$V,MATCH(E239,CTS!$E:$E,0))))","v":3000},{"$f":"IFERROR(INDEX(CTS!$A:$A,MATCH(E239,CTS!$E:$E,0)),\".\")","v":"P"},{"$f":"IFERROR(IFERROR(INDEX(#REF!,MATCH(E239,#REF!,0)),IFERROR(INDEX(#REF!,MATCH(E239,#REF!,0)),INDEX(#REF!,MATCH(E239,#REF!,0)) )),\".\")","v":"."},null,{"$f":"IFERROR(VLOOKUP(E239,#REF!,8,FALSE),IFERROR(VLOOKUP(E239,#REF!,8,FALSE),IFERROR(VLOOKUP(E239,#REF!,8,FALSE),\"\")))","v":""},".-."]
[235,{"$f":"IFERROR(DAY(CTR[[#This Row],[Date]]),\"\")","v":20},{"$f":"IFERROR(MONTH(CTR[[#This Row],[Date]]),\"\")","v":1},{"$f":"IF(ISNA(INDEX(CTS!C:C,MATCH(E240,CTS!$E:$E,0))),\"\",(INDEX(CTS!C:C,MATCH(E240,CTS!$E:$E,0))))","v":20},"01-235",{"$f":"IF(ISNA(INDEX(CTS!$F:$F,MATCH(E240,CTS!$E:$E,0))),\"\",(INDEX(CTS!$F:$F,MATCH(E240,CTS!$E:$E,0))))","v":"CLIENT"},{"$f":"IF(ISNA(INDEX(CTS!$N:$N,MATCH(E240,CTS!$E:$E,0))),\"\",(INDEX(CTS!$N:$N,MATCH(E240,CTS!$E:$E,0))))","v":2813.4453781512607},{"$f":"IF(ISNA(INDEX(CTS!$O:$O,MATCH(E240,CTS!$E:$E,0))),\"\",(INDEX(CTS!$O:$O,MATCH(E240,CTS!$E:$E,0))))","v":0},{"$f":"IF(ISNA(INDEX(CTS!$P:$P,MATCH(E240,CTS!$E:$E,0))),\"\",(INDEX(CTS!$P:$P,MATCH(E240,CTS!$E:$E,0))))","v":0},{"$f":"IF(ISNA(INDEX(CTS!$Q:$Q,MATCH(E240,CTS!$E:$E,0))),\"\",(INDEX(CTS!$Q:$Q,MATCH(E240,CTS!$E:$E,0))))","v":2813.4453781512607},{"$f":"IF(ISNA(INDEX(CTS!$S:$S,MATCH(E240,CTS!$E:$E,0))),\"\",(INDEX(CTS!$S:$S,MATCH(E240,CTS!$E:$E,0))))","v":534.55462184873954},{"$f":"IF(ISNA(INDEX(CTS!$T:$T,MATCH(E240,CTS!$E:$E,0))),\"\",(INDEX(CTS!$T:$T,MATCH(E240,CTS!$E:$E,0))))","v":3348},{"$f":"IF(ISNA(INDEX(CTS!$U:$U,MATCH(E240,CTS!$E:$E,0))),\"\",(INDEX(CTS!$U:$U,MATCH(E240,CTS!$E:$E,0))))","v":8},{"$f":"IF(ISNA(INDEX(CTS!$V:$V,MATCH(E240,CTS!$E:$E,0))),\"\",(INDEX(CTS!$V:$V,MATCH(E240,CTS!$E:$E,0))))","v":3340},{"$f":"IFERROR(INDEX(CTS!$A:$A,MATCH(E240,CTS!$E:$E,0)),\".\")","v":"P"},{"$f":"IFERROR(IFERROR(INDEX(#REF!,MATCH(E240,#REF!,0)),IFERROR(INDEX(#REF!,MATCH(E240,#REF!,0)),INDEX(#REF!,MATCH(E240,#REF!,0)) )),\".\")","v":"."},null,{"$f":"IFERROR(VLOOKUP(E240,#REF!,8,FALSE),IFERROR(VLOOKUP(E240,#REF!,8,FALSE),IFERROR(VLOOKUP(E240,#REF!,8,FALSE),\"\")))","v":""},".-."]
[236,{"$f":"IFERROR(DAY(CTR[[#This Row],[Date]]),\"\")","v":20},{"$f":"IFERROR(MONTH(CTR[[#This Row],[Date]]),\"\")","v":1},{"$f":"IF(ISNA(INDEX(CTS!C:C,MATCH(E241,CTS!$E:$E,0))),\"\",(INDEX(CTS!C:C,MATCH(E241,CTS!$E:$E,0))))","v":20},"01-236",{"$f":"IF(ISNA(INDEX(CTS!$F:$F,MATCH(E241,CTS!$E:$E,0))),\"\",(INDEX(CTS!$F:$F,MATCH(E241,CTS!$E:$E,0))))","v":"CLIENT"},{"$f":"IF(ISNA(INDEX(CTS!$N:$N,MATCH(E241,CTS!$E:$E,0))),\"\",(INDEX(CTS!$N:$N,MATCH(E241,CTS!$E:$E,0))))","v":16.806722689075631},{"$f":"IF(ISNA(INDEX(CTS!$O:$O,MATCH(E241,CTS!$E:$E,0))),\"\",(INDEX(CTS!$O:$O,MATCH(E241,CTS!$E:$E,0))))","v":0},{"$f":"IF(ISNA(INDEX(CTS!$P:$P,MATCH(E241,CTS!$E:$E,0))),\"\",(INDEX(CTS!$P:$P,MATCH(E241,CTS!$E:$E,0))))","v":0},{"$f":"IF(ISNA(INDEX(CTS!$Q:$Q,MATCH(E241,CTS!$E:$E,0))),\"\",(INDEX(CTS!$Q:$Q,MATCH(E241,CTS!$E:$E,0))))","v":16.806722689075631},{"$f":"IF(ISNA(INDEX(CTS!$S:$S,MATCH(E241,CTS!$E:$E,0))),\"\",(INDEX(CTS!$S:$S,MATCH(E241,CTS!$E:$E,0))))","v":3.1932773109243699},{"$f":"IF(ISNA(INDEX(CTS!$T:$T,MATCH(E241,CTS!$E:$E,0))),\"\",(INDEX(CTS!$T:$T,MATCH(E241,CTS!$E:$E,0))))","v":20},{"$f":"IF(ISNA(INDEX(CTS!$U:$U,MATCH(E241,CTS!$E:$E,0))),\"\",(INDEX(CTS!$U:$U,MATCH(E241,CTS!$E:$E,0))))","v":0},{"$f":"IF(ISNA(INDEX(CTS!$V:$V,MATCH(E241,CTS!$E:$E,0))),\"\",(INDEX(CTS!$V:$V,MATCH(E241,CTS!$E:$E,0))))","v":20},{"$f":"IFERROR(INDEX(CTS!$A:$A,MATCH(E241,CTS!$E:$E,0)),\".\")","v":"P"},{"$f":"IFERROR(IFERROR(INDEX(#REF!,MATCH(E241,#REF!,0)),IFERROR(INDEX(#REF!,MATCH(E241,#REF!,0)),INDEX(#REF!,MATCH(E241,#REF!,0)) )),\".\")","v":"."},null,{"$f":"IFERROR(VLOOKUP(E241,#REF!,8,FALSE),IFERROR(VLOOKUP(E241,#REF!,8,FALSE),IFERROR(VLOOKUP(E241,#REF!,8,FALSE),\"\")))","v":""},".-."]
[237,{"$f":"IFERROR(DAY(CTR[[#This Row],[Date]]),\"\")","v":20},{"$f":"IFERROR(MONTH(CTR[[#This Row],[Date]]),\"\")","v":1},{"$f":"IF(ISNA(INDEX(CTS!C:C,MATCH(E242,CTS!$E:$E,0))),\"\",(INDEX(CTS!C:C,MATCH(E242,CTS!$E:$E,0))))","v":20},"01-237",{"$f":"IF(ISNA(INDEX(CTS!$F:$F,MATCH(E242,CTS!$E:$E,0))),\"\",(INDEX(CTS!$F:$F,MATCH(E242,CTS!$E:$E,0))))","v":"CLIENT"},{"$f":"IF(ISNA(INDEX(CTS!$N:$N,MATCH(E242,CTS!$E:$E,0))),\"\",(INDEX(CTS!$N:$N,MATCH(E242,CTS!$E:$E,0))))","v":168.0672268907563},{"$f":"IF(ISNA(INDEX(CTS!$O:$O,MATCH(E242,CTS!$E:$E,0))),\"\",(INDEX(CTS!$O:$O,MATCH(E242,CTS!$E:$E,0))))","v":0},{"$f":"IF(ISNA(INDEX(CTS!$P:$P,MATCH(E242,CTS!$E:$E,0))),\"\",(INDEX(CTS!$P:$P,MATCH(E242,CTS!$E:$E,0))))","v":0},{"$f":"IF(ISNA(INDEX(CTS!$Q:$Q,MATCH(E242,CTS!$E:$E,0))),\"\",(INDEX(CTS!$Q:$Q,MATCH(E242,CTS!$E:$E,0))))","v":168.0672268907563},{"$f":"IF(ISNA(INDEX(CTS!$S:$S,MATCH(E242,CTS!$E:$E,0))),\"\",(INDEX(CTS!$S:$S,MATCH(E242,CTS!$E:$E,0))))","v":31.932773109243698},{"$f":"IF(ISNA(INDEX(CTS!$T:$T,MATCH(E242,CTS!$E:$E,0))),\"\",(INDEX(CTS!$T:$T,MATCH(E242,CTS!$E:$E,0))))","v":200},{"$f":"IF(ISNA(INDEX(CTS!$U:$U,MATCH(E242,CTS!$E:$E,0))),\"\",(INDEX(CTS!$U:$U,MATCH(E242,CTS!$E:$E,0))))","v":0},{"$f":"IF(ISNA(INDEX(CTS!$V:$V,MATCH(E242,CTS!$E:$E,0))),\"\",(INDEX(CTS!$V:$V,MATCH(E242,CTS!$E:$E,0))))","v":200},{"$f":"IFERROR(INDEX(CTS!$A:$A,MATCH(E242,CTS!$E:$E,0)),\".\")","v":"P"},{"$f":"IFERROR(IFERROR(INDEX(#REF!,MATCH(E242,#REF!,0)),IFERROR(INDEX(#REF!,MATCH(E242,#REF!,0)),INDEX(#REF!,MATCH(E242,#REF!,0)) )),\".\")","v":"."},null,{"$f":"IFERROR(VLOOKUP(E242,#REF!,8,FALSE),IFERROR(VLOOKUP(E242,#REF!,8,FALSE),IFERROR(VLOOKUP(E242,#REF!,8,FALSE),\"\")))","v":""},".-."]
[238,{"$f":"IFERROR(DAY(CTR[[#This Row],[Date]]),\"\")","v":20},{"$f":"IFERROR(MONTH(CTR[[#This Row],[Date]]),\"\")","v":1},{"$f":"IF(ISNA(INDEX(CTS!C:C,MATCH(E243,CTS!$E:$E,0))),\"\",(INDEX(CTS!C:C,MATCH(E243,CTS!$E:$E,0))))","v":20},"01-238",{"$f":"IF(ISNA(INDEX(CTS!$F:$F,MATCH(E243,CTS!$E:$E,0))),\"\",(INDEX(CTS!$F:$F,MATCH(E243,CTS!$E:$E,0))))","v":"CLIENT"},{"$f":"IF(ISNA(INDEX(CTS!$N:$N,MATCH(E243,CTS!$E:$E,0))),\"\",(INDEX(CTS!$N:$N,MATCH(E243,CTS!$E:$E,0))))","v":168.0672268907563},{"$f":"IF(ISNA(INDEX(CTS!$O:$O,MATCH(E243,CTS!$E:$E,0))),\"\",(INDEX(CTS!$O:$O,MATCH(E243,CTS!$E:$E,0))))","v":0},{"$f":"IF(ISNA(INDEX(CTS!$P:$P,MATCH(E243,CTS!$E:$E,0))),\"\",(INDEX(CTS!$P:$P,MATCH(E243,CTS!$E:$E,0))))","v":0},{"$f":"IF(ISNA(INDEX(CTS!$Q:$Q,MATCH(E243,CTS!$E:$E,0))),\"\",(INDEX(CTS!$Q:$Q,MATCH(E243,CTS!$E:$E,0))))","v":168.0672268907563},{"$f":"IF(ISNA(INDEX(CTS!$S:$S,MATCH(E243,CTS!$E:$E,0))),\"\",(INDEX(CTS!$S:$S,MATCH(E243,CTS!$E:$E,0))))","v":31.932773109243698},{"$f":"IF(ISNA(INDEX(CTS!$T:$T,MATCH(E243,CTS!$E:$E,0))),\"\",(INDEX(CTS!$T:$T,MATCH(E243,CTS!$E:$E,0))))","v":200},{"$f":"IF(ISNA(INDEX(CTS!$U:$U,MATCH(E243,CTS!$E:$E,0))),\"\",(INDEX(CTS!$U:$U,MATCH(E243,CTS!$E:$E,0))))","v":0},{"$f":"IF(ISNA(INDEX(CTS!$V:$V,MATCH(E243,CTS!$E:$E,0))),\"\",(INDEX(CTS!$V:$V,MATCH(E243,CTS!$E:$E,0))))","v":200},{"$f":"IFERROR(INDEX(CTS!$A:$A,MATCH(E243,CTS!$E:$E,0)),\".\")","v":"P"},{"$f":"IFERROR(IFERROR(INDEX(#REF!,MATCH(E243,#REF!,0)),IFERROR(INDEX(#REF!,MATCH(E243,#REF!,0)),INDEX(#REF!,MATCH(E243,#REF!,0)) )),\".\")","v":"."},null,{"$f":"IFERROR(VLOOKUP(E243,#REF!,8,FALSE),IFERROR(VLOOKUP(E243,#REF!,8,FALSE),IFERROR(VLOOKUP(E243,#REF!,8,FALSE),\"\")))","v":""},".-."]
[239,{"$f":"IFERROR(DAY(CTR[[#This Row],[Date]]),\"\")","v":20},{"$f":"IFERROR(MONTH(CTR[[#This Row],[Date]]),\"\")","v":1},{"$f":"IF(ISNA(INDEX(CTS!C:C,MATCH(E244,CTS!$E:$E,0))),\"\",(INDEX(CTS!C:C,MATCH(E244,CTS!$E:$E,0))))","v":20},"01-239",{"$f":"IF(ISNA(INDEX(CTS!$F:$F,MATCH(E244,CTS!$E:$E,0))),\"\",(INDEX(CTS!$F:$F,MATCH(E244,CTS!$E:$E,0))))","v":"CLIENT"},{"$f":"IF(ISNA(INDEX(CTS!$N:$N,MATCH(E244,CTS!$E:$E,0))),\"\",(INDEX(CTS!$N:$N,MATCH(E244,CTS!$E:$E,0))))","v":75.630252100840352},{"$f":"IF(ISNA(INDEX(CTS!$O:$O,MATCH(E244,CTS!$E:$E,0))),\"\",(INDEX(CTS!$O:$O,MATCH(E244,CTS!$E:$E,0))))","v":0},{"$f":"IF(ISNA(INDEX(CTS!$P:$P,MATCH(E244,CTS!$E:$E,0))),\"\",(INDEX(CTS!$P:$P,MATCH(E244,CTS!$E:$E,0))))","v":0},{"$f":"IF(ISNA(INDEX(CTS!$Q:$Q,MATCH(E244,CTS!$E:$E,0))),\"\",(INDEX(CTS!$Q:$Q,MATCH(E244,CTS!$E:$E,0))))","v":75.630252100840352},{"$f":"IF(ISNA(INDEX(CTS!$S:$S,MATCH(E244,CTS!$E:$E,0))),\"\",(INDEX(CTS!$S:$S,MATCH(E244,CTS!$E:$E,0))))","v":14.369747899159666},{"$f":"IF(ISNA(INDEX(CTS!$T:$T,MATCH(E244,CTS!$E:$E,0))),\"\",(INDEX(CTS!$T:$T,MATCH(E244,CTS!$E:$E,0))))","v":90.000000000000014},{"$f":"IF(ISNA(INDEX(CTS!$U:$U,MATCH(E244,CTS!$E:$E,0))),\"\",(INDEX(CTS!$U:$U,MATCH(E244,CTS!$E:$E,0))))","v":0},{"$f":"IF(ISNA(INDEX(CTS!$V:$V,MATCH(E244,CTS!$E:$E,0))),\"\",(INDEX(CTS!$V:$V,MATCH(E244,CTS!$E:$E,0))))","v":90.000000000000014},{"$f":"IFERROR(INDEX(CTS!$A:$A,MATCH(E244,CTS!$E:$E,0)),\".\")","v":"P"},{"$f":"IFERROR(IFERROR(INDEX(#REF!,MATCH(E244,#REF!,0)),IFERROR(INDEX(#REF!,MATCH(E244,#REF!,0)),INDEX(#REF!,MATCH(E244,#REF!,0)) )),\".\")","v":"."},null,{"$f":"IFERROR(VLOOKUP(E244,#REF!,8,FALSE),IFERROR(VLOOKUP(E244,#REF!,8,FALSE),IFERROR(VLOOKUP(E244,#REF!,8,FALSE),\"\")))","v":""},".-."]
[240,{"$f":"IFERROR(DAY(CTR[[#This Row],[Date]]),\"\")","v":20},{"$f":"IFERROR(MONTH(CTR[[#This Row],[Date]]),\"\")","v":1},{"$f":"IF(ISNA(INDEX(CTS!C:C,MATCH(E245,CTS!$E:$E,0))),\"\",(INDEX(CTS!C:C,MATCH(E245,CTS!$E:$E,0))))","v":20},"01-240",{"$f":"IF(ISNA(INDEX(CTS!$F:$F,MATCH(E245,CTS!$E:$E,0))),\"\",(INDEX(CTS!$F:$F,MATCH(E245,CTS!$E:$E,0))))","v":"CLIENT"},{"$f":"IF(ISNA(INDEX(CTS!$N:$N,MATCH(E245,CTS!$E:$E,0))),\"\",(INDEX(CTS!$N:$N,MATCH(E245,CTS!$E:$E,0))))","v":529.41176470588232},{"$f":"IF(ISNA(INDEX(CTS!$O:$O,MATCH(E245,CTS!$E:$E,0))),\"\",(INDEX(CTS!$O:$O,MATCH(E245,CTS!$E:$E,0))))","v":0},{"$f":"IF(ISNA(INDEX(CTS!$P:$P,MATCH(E245,CTS!$E:$E,0))),\"\",(INDEX(CTS!$P:$P,MATCH(E245,CTS!$E:$E,0))))","v":0},{"$f":"IF(ISNA(INDEX(CTS!$Q:$Q,MATCH(E245,CTS!$E:$E,0))),\"\",(INDEX(CTS!$Q:$Q,MATCH(E245,CTS!$E:$E,0))))","v":529.41176470588232},{"$f":"IF(ISNA(INDEX(CTS!$S:$S,MATCH(E245,CTS!$E:$E,0))),\"\",(INDEX(CTS!$S:$S,MATCH(E245,CTS!$E:$E,0))))","v":100.58823529411765},{"$f":"IF(ISNA(INDEX(CTS!$T:$T,MATCH(E245,CTS!$E:$E,0))),\"\",(INDEX(CTS!$T:$T,MATCH(E245,CTS!$E:$E,0))))","v":630},{"$f":"IF(ISNA(INDEX(CTS!$U:$U,MATCH(E245,CTS!$E:$E,0))),\"\",(INDEX(CTS!$U:$U,MATCH(E245,CTS!$E:$E,0))))","v":0},{"$f":"IF(ISNA(INDEX(CTS!$V:$V,MATCH(E245,CTS!$E:$E,0))),\"\",(INDEX(CTS!$V:$V,MATCH(E245,CTS!$E:$E,0))))","v":630},{"$f":"IFERROR(INDEX(CTS!$A:$A,MATCH(E245,CTS!$E:$E,0)),\".\")","v":"P"},{"$f":"IFERROR(IFERROR(INDEX(#REF!,MATCH(E245,#REF!,0)),IFERROR(INDEX(#REF!,MATCH(E245,#REF!,0)),INDEX(#REF!,MATCH(E245,#REF!,0)) )),\".\")","v":"."},null,{"$f":"IFERROR(VLOOKUP(E245,#REF!,8,FALSE),IFERROR(VLOOKUP(E245,#REF!,8,FALSE),IFERROR(VLOOKUP(E245,#REF!,8,FALSE),\"\")))","v":""},".-."]
[241,{"$f":"IFERROR(DAY(CTR[[#This Row],[Date]]),\"\")","v":20},{"$f":"IFERROR(MONTH(CTR[[#This Row],[Date]]),\"\")","v":1},{"$f":"IF(ISNA(INDEX(CTS!C:C,MATCH(E246,CTS!$E:$E,0))),\"\",(INDEX(CTS!C:C,MATCH(E246,CTS!$E:$E,0))))","v":20},"01-241",{"$f":"IF(ISNA(INDEX(CTS!$F:$F,MATCH(E246,CTS!$E:$E,0))),\"\",(INDEX(CTS!$F:$F,MATCH(E246,CTS!$E:$E,0))))","v":"CLIENT"},{"$f":"IF(ISNA(INDEX(CTS!$N:$N,MATCH(E246,CTS!$E:$E,0))),\"\",(INDEX(CTS!$N:$N,MATCH(E246,CTS!$E:$E,0))))","v":436.97478991596643},{"$f":"IF(ISNA(INDEX(CTS!$O:$O,MATCH(E246,CTS!$E:$E,0))),\"\",(INDEX(CTS!$O:$O,MATCH(E246,CTS!$E:$E,0))))","v":0},{"$f":"IF(ISNA(INDEX(CTS!$P:$P,MATCH(E246,CTS!$E:$E,0))),\"\",(INDEX(CTS!$P:$P,MATCH(E246,CTS!$E:$E,0))))","v":0},{"$f":"IF(ISNA(INDEX(CTS!$Q:$Q,MATCH(E246,CTS!$E:$E,0))),\"\",(INDEX(CTS!$Q:$Q,MATCH(E246,CTS!$E:$E,0))))","v":436.97478991596643},{"$f":"IF(ISNA(INDEX(CTS!$S:$S,MATCH(E246,CTS!$E:$E,0))),\"\",(INDEX(CTS!$S:$S,MATCH(E246,CTS!$E:$E,0))))","v":83.025210084033617},{"$f":"IF(ISNA(INDEX(CTS!$T:$T,MATCH(E246,CTS!$E:$E,0))),\"\",(INDEX(CTS!$T:$T,MATCH(E246,CTS!$E:$E,0))))","v":520},{"$f":"IF(ISNA(INDEX(CTS!$U:$U,MATCH(E246,CTS!$E:$E,0))),\"\",(INDEX(CTS!$U:$U,MATCH(E246,CTS!$E:$E,0))))","v":20},{"$f":"IF(ISNA(INDEX(CTS!$V:$V,MATCH(E246,CTS!$E:$E,0))),\"\",(INDEX(CTS!$V:$V,MATCH(E246,CTS!$E:$E,0))))","v":500},{"$f":"IFERROR(INDEX(CTS!$A:$A,MATCH(E246,CTS!$E:$E,0)),\".\")","v":"P"},{"$f":"IFERROR(IFERROR(INDEX(#REF!,MATCH(E246,#REF!,0)),IFERROR(INDEX(#REF!,MATCH(E246,#REF!,0)),INDEX(#REF!,MATCH(E246,#REF!,0)) )),\".\")","v":"."},null,{"$f":"IFERROR(VLOOKUP(E246,#REF!,8,FALSE),IFERROR(VLOOKUP(E246,#REF!,8,FALSE),IFERROR(VLOOKUP(E246,#REF!,8,FALSE),\"\")))","v":""},".-."]
[242,{"$f":"IFERROR(DAY(CTR[[#This Row],[Date]]),\"\")","v":20},{"$f":"IFERROR(MONTH(CTR[[#This Row],[Date]]),\"\")","v":1},{"$f":"IF(ISNA(INDEX(CTS!C:C,MATCH(E247,CTS!$E:$E,0))),\"\",(INDEX(CTS!C:C,MATCH(E247,CTS!$E:$E,0))))","v":20},"01-242",{"$f":"IF(ISNA(INDEX(CTS!$F:$F,MATCH(E247,CTS!$E:$E,0))),\"\",(INDEX(CTS!$F:$F,MATCH(E247,CTS!$E:$E,0))))","v":"CLIENT"},{"$f":"IF(ISNA(INDEX(CTS!$N:$N,MATCH(E247,CTS!$E:$E,0))),\"\",(INDEX(CTS!$N:$N,MATCH(E247,CTS!$E:$E,0))))","v":4142.8571428571431},{"$f":"IF(ISNA(INDEX(CTS!$O:$O,MATCH(E247,CTS!$E:$E,0))),\"\",(INDEX(CTS!$O:$O,MATCH(E247,CTS!$E:$E,0))))","v":0},{"$f":"IF(ISNA(INDEX(CTS!$P:$P,MATCH(E247,CTS!$E:$E,0))),\"\",(INDEX(CTS!$P:$P,MATCH(E247,CTS!$E:$E,0))))","v":0},{"$f":"IF(ISNA(INDEX(CTS!$Q:$Q,MATCH(E247,CTS!$E:$E,0))),\"\",(INDEX(CTS!$Q:$Q,MATCH(E247,CTS!$E:$E,0))))","v":4142.8571428571431},{"$f":"IF(ISNA(INDEX(CTS!$S:$S,MATCH(E247,CTS!$E:$E,0))),\"\",(INDEX(CTS!$S:$S,MATCH(E247,CTS!$E:$E,0))))","v":787.14285714285711},{"$f":"IF(ISNA(INDEX(CTS!$T:$T,MATCH(E247,CTS!$E:$E,0))),\"\",(INDEX(CTS!$T:$T,MATCH(E247,CTS!$E:$E,0))))","v":4930},{"$f":"IF(ISNA(INDEX(CTS!$U:$U,MATCH(E247,CTS!$E:$E,0))),\"\",(INDEX(CTS!$U:$U,MATCH(E247,CTS!$E:$E,0))))","v":40},{"$f":"IF(ISNA(INDEX(CTS!$V:$V,MATCH(E247,CTS!$E:$E,0))),\"\",(INDEX(CTS!$V:$V,MATCH(E247,CTS!$E:$E,0))))","v":4890},{"$f":"IFERROR(INDEX(CTS!$A:$A,MATCH(E247,CTS!$E:$E,0)),\".\")","v":"P"},{"$f":"IFERROR(IFERROR(INDEX(#REF!,MATCH(E247,#REF!,0)),IFERROR(INDEX(#REF!,MATCH(E247,#REF!,0)),INDEX(#REF!,MATCH(E247,#REF!,0)) )),\".\")","v":"."},null,{"$f":"IFERROR(VLOOKUP(E247,#REF!,8,FALSE),IFERROR(VLOOKUP(E247,#REF!,8,FALSE),IFERROR(VLOOKUP(E247,#REF!,8,FALSE),\"\")))","v":""},".-."]
[243,{"$f":"IFERROR(DAY(CTR[[#This Row],[Date]]),\"\")","v":20},{"$f":"IFERROR(MONTH(CTR[[#This Row],[Date]]),\"\")","v":1},{"$f":"IF(ISNA(INDEX(CTS!C:C,MATCH(E248,CTS!$E:$E,0))),\"\",(INDEX(CTS!C:C,MATCH(E248,CTS!$E:$E,0))))","v":20},"01-243",{"$f":"IF(ISNA(INDEX(CTS!$F:$F,MATCH(E248,CTS!$E:$E,0))),\"\",(INDEX(CTS!$F:$F,MATCH(E248,CTS!$E:$E,0))))","v":"CLIENT"},{"$f":"IF(ISNA(INDEX(CTS!$N:$N,MATCH(E248,CTS!$E:$E,0))),\"\",(INDEX(CTS!$N:$N,MATCH(E248,CTS!$E:$E,0))))","v":168.0672268907563},{"$f":"IF(ISNA(INDEX(CTS!$O:$O,MATCH(E248,CTS!$E:$E,0))),\"\",(INDEX(CTS!$O:$O,MATCH(E248,CTS!$E:$E,0))))","v":0},{"$f":"IF(ISNA(INDEX(CTS!$P:$P,MATCH(E248,CTS!$E:$E,0))),\"\",(INDEX(CTS!$P:$P,MATCH(E248,CTS!$E:$E,0))))","v":0},{"$f":"IF(ISNA(INDEX(CTS!$Q:$Q,MATCH(E248,CTS!$E:$E,0))),\"\",(INDEX(CTS!$Q:$Q,MATCH(E248,CTS!$E:$E,0))))","v":168.0672268907563},{"$f":"IF(ISNA(INDEX(CTS!$S:$S,MATCH(E248,CTS!$E:$E,0))),\"\",(INDEX(CTS!$S:$S,MATCH(E248,CTS!$E:$E,0))))","v":31.932773109243698},{"$f":"IF(ISNA(INDEX(CTS!$T:$T,MATCH(E248,CTS!$E:$E,0))),\"\",(INDEX(CTS!$T:$T,MATCH(E248,CTS!$E:$E,0))))","v":200},{"$f":"IF(ISNA(INDEX(CTS!$U:$U,MATCH(E248,CTS!$E:$E,0))),\"\",(INDEX(CTS!$U:$U,MATCH(E248,CTS!$E:$E,0))))","v":0},{"$f":"IF(ISNA(INDEX(CTS!$V:$V,MATCH(E248,CTS!$E:$E,0))),\"\",(INDEX(CTS!$V:$V,MATCH(E248,CTS!$E:$E,0))))","v":200},{"$f":"IFERROR(INDEX(CTS!$A:$A,MATCH(E248,CTS!$E:$E,0)),\".\")","v":"P"},{"$f":"IFERROR(IFERROR(INDEX(#REF!,MATCH(E248,#REF!,0)),IFERROR(INDEX(#REF!,MATCH(E248,#REF!,0)),INDEX(#REF!,MATCH(E248,#REF!,0)) )),\".\")","v":"."},null,{"$f":"IFERROR(VLOOKUP(E248,#REF!,8,FALSE),IFERROR(VLOOKUP(E248,#REF!,8,FALSE),IFERROR(VLOOKUP(E248,#REF!,8,FALSE),\"\")))","v":""},".-."]
[244,{"$f":"IFERROR(DAY(CTR[[#This Row],[Date]]),\"\")","v":20},{"$f":"IFERROR(MONTH(CTR[[#This Row],[Date]]),\"\")","v":1},{"$f":"IF(ISNA(INDEX(CTS!C:C,MATCH(E249,CTS!$E:$E,0))),\"\",(INDEX(CTS!C:C,MATCH(E249,CTS!$E:$E,0))))","v":20},"01-244",{"$f":"IF(ISNA(INDEX(CTS!$F:$F,MATCH(E249,CTS!$E:$E,0))),\"\",(INDEX(CTS!$F:$F,MATCH(E249,CTS!$E:$E,0))))","v":"CLIENT"},{"$f":"IF(ISNA(INDEX(CTS!$N:$N,MATCH(E249,CTS!$E:$E,0))),\"\",(INDEX(CTS!$N:$N,MATCH(E249,CTS!$E:$E,0))))","v":260.50420168067228},{"$f":"IF(ISNA(INDEX(CTS!$O:$O,MATCH(E249,CTS!$E:$E,0))),\"\",(INDEX(CTS!$O:$O,MATCH(E249,CTS!$E:$E,0))))","v":0},{"$f":"IF(ISNA(INDEX(CTS!$P:$P,MATCH(E249,CTS!$E:$E,0))),\"\",(INDEX(CTS!$P:$P,MATCH(E249,CTS!$E:$E,0))))","v":0},{"$f":"IF(ISNA(INDEX(CTS!$Q:$Q,MATCH(E249,CTS!$E:$E,0))),\"\",(INDEX(CTS!$Q:$Q,MATCH(E249,CTS!$E:$E,0))))","v":260.50420168067228},{"$f":"IF(ISNA(INDEX(CTS!$S:$S,MATCH(E249,CTS!$E:$E,0))),\"\",(INDEX(CTS!$S:$S,MATCH(E249,CTS!$E:$E,0))))","v":49.495798319327733},{"$f":"IF(ISNA(INDEX(CTS!$T:$T,MATCH(E249,CTS!$E:$E,0))),\"\",(INDEX(CTS!$T:$T,MATCH(E249,CTS!$E:$E,0))))","v":310},{"$f":"IF(ISNA(INDEX(CTS!$U:$U,MATCH(E249,CTS!$E:$E,0))),\"\",(INDEX(CTS!$U:$U,MATCH(E249,CTS!$E:$E,0))))","v":10},{"$f":"IF(ISNA(INDEX(CTS!$V:$V,MATCH(E249,CTS!$E:$E,0))),\"\",(INDEX(CTS!$V:$V,MATCH(E249,CTS!$E:$E,0))))","v":300},{"$f":"IFERROR(INDEX(CTS!$A:$A,MATCH(E249,CTS!$E:$E,0)),\".\")","v":"P"},{"$f":"IFERROR(IFERROR(INDEX(#REF!,MATCH(E249,#REF!,0)),IFERROR(INDEX(#REF!,MATCH(E249,#REF!,0)),INDEX(#REF!,MATCH(E249,#REF!,0)) )),\".\")","v":"."},null,{"$f":"IFERROR(VLOOKUP(E249,#REF!,8,FALSE),IFERROR(VLOOKUP(E249,#REF!,8,FALSE),IFERROR(VLOOKUP(E249,#REF!,8,FALSE),\"\")))","v":""},".-."]
[245,{"$f":"IFERROR(DAY(CTR[[#This Row],[Date]]),\"\")","v":20},{"$f":"IFERROR(MONTH(CTR[[#This Row],[Date]]),\"\")","v":1},{"$f":"IF(ISNA(INDEX(CTS!C:C,MATCH(E250,CTS!$E:$E,0))),\"\",(INDEX(CTS!C:C,MATCH(E250,CTS!$E:$E,0))))","v":20},"01-245",{"$f":"IF(ISNA(INDEX(CTS!$F:$F,MATCH(E250,CTS!$E:$E,0))),\"\",(INDEX(CTS!$F:$F,MATCH(E250,CTS!$E:$E,0))))","v":"CLIENT"},{"$f":"IF(ISNA(INDEX(CTS!$N:$N,MATCH(E250,CTS!$E:$E,0))),\"\",(INDEX(CTS!$N:$N,MATCH(E250,CTS!$E:$E,0))))","v":252.10084033613447},{"$f":"IF(ISNA(INDEX(CTS!$O:$O,MATCH(E250,CTS!$E:$E,0))),\"\",(INDEX(CTS!$O:$O,MATCH(E250,CTS!$E:$E,0))))","v":0},{"$f":"IF(ISNA(INDEX(CTS!$P:$P,MATCH(E250,CTS!$E:$E,0))),\"\",(INDEX(CTS!$P:$P,MATCH(E250,CTS!$E:$E,0))))","v":0},{"$f":"IF(ISNA(INDEX(CTS!$Q:$Q,MATCH(E250,CTS!$E:$E,0))),\"\",(INDEX(CTS!$Q:$Q,MATCH(E250,CTS!$E:$E,0))))","v":252.10084033613447},{"$f":"IF(ISNA(INDEX(CTS!$S:$S,MATCH(E250,CTS!$E:$E,0))),\"\",(INDEX(CTS!$S:$S,MATCH(E250,CTS!$E:$E,0))))","v":47.899159663865547},{"$f":"IF(ISNA(INDEX(CTS!$T:$T,MATCH(E250,CTS!$E:$E,0))),\"\",(INDEX(CTS!$T:$T,MATCH(E250,CTS!$E:$E,0))))","v":300},{"$f":"IF(ISNA(INDEX(CTS!$U:$U,MATCH(E250,CTS!$E:$E,0))),\"\",(INDEX(CTS!$U:$U,MATCH(E250,CTS!$E:$E,0))))","v":0},{"$f":"IF(ISNA(INDEX(CTS!$V:$V,MATCH(E250,CTS!$E:$E,0))),\"\",(INDEX(CTS!$V:$V,MATCH(E250,CTS!$E:$E,0))))","v":300},{"$f":"IFERROR(INDEX(CTS!$A:$A,MATCH(E250,CTS!$E:$E,0)),\".\")","v":"P"},{"$f":"IFERROR(IFERROR(INDEX(#REF!,MATCH(E250,#REF!,0)),IFERROR(INDEX(#REF!,MATCH(E250,#REF!,0)),INDEX(#REF!,MATCH(E250,#REF!,0)) )),\".\")","v":"."},null,{"$f":"IFERROR(VLOOKUP(E250,#REF!,8,FALSE),IFERROR(VLOOKUP(E250,#REF!,8,FALSE),IFERROR(VLOOKUP(E250,#REF!,8,FALSE),\"\")))","v":""},".-."]
[246,{"$f":"IFERROR(DAY(CTR[[#This Row],[Date]]),\"\")","v":20},{"$f":"IFERROR(MONTH(CTR[[#This Row],[Date]]),\"\")","v":1},{"$f":"IF(ISNA(INDEX(CTS!C:C,MATCH(E251,CTS!$E:$E,0))),\"\",(INDEX(CTS!C:C,MATCH(E251,CTS!$E:$E,0))))","v":20},"01-246",{"$f":"IF(ISNA(INDEX(CTS!$F:$F,MATCH(E251,CTS!$E:$E,0))),\"\",(INDEX(CTS!$F:$F,MATCH(E251,CTS!$E:$E,0))))","v":"CLIENT"},{"$f":"IF(ISNA(INDEX(CTS!$N:$N,MATCH(E251,CTS!$E:$E,0))),\"\",(INDEX(CTS!$N:$N,MATCH(E251,CTS!$E:$E,0))))","v":71.428571428571431},{"$f":"IF(ISNA(INDEX(CTS!$O:$O,MATCH(E251,CTS!$E:$E,0))),\"\",(INDEX(CTS!$O:$O,MATCH(E251,CTS!$E:$E,0))))","v":0},{"$f":"IF(ISNA(INDEX(CTS!$P:$P,MATCH(E251,CTS!$E:$E,0))),\"\",(INDEX(CTS!$P:$P,MATCH(E251,CTS!$E:$E,0))))","v":0},{"$f":"IF(ISNA(INDEX(CTS!$Q:$Q,MATCH(E251,CTS!$E:$E,0))),\"\",(INDEX(CTS!$Q:$Q,MATCH(E251,CTS!$E:$E,0))))","v":71.428571428571431},{"$f":"IF(ISNA(INDEX(CTS!$S:$S,MATCH(E251,CTS!$E:$E,0))),\"\",(INDEX(CTS!$S:$S,MATCH(E251,CTS!$E:$E,0))))","v":13.571428571428573},{"$f":"IF(ISNA(INDEX(CTS!$T:$T,MATCH(E251,CTS!$E:$E,0))),\"\",(INDEX(CTS!$T:$T,MATCH(E251,CTS!$E:$E,0))))","v":85},{"$f":"IF(ISNA(INDEX(CTS!$U:$U,MATCH(E251,CTS!$E:$E,0))),\"\",(INDEX(CTS!$U:$U,MATCH(E251,CTS!$E:$E,0))))","v":0},{"$f":"IF(ISNA(INDEX(CTS!$V:$V,MATCH(E251,CTS!$E:$E,0))),\"\",(INDEX(CTS!$V:$V,MATCH(E251,CTS!$E:$E,0))))","v":85},{"$f":"IFERROR(INDEX(CTS!$A:$A,MATCH(E251,CTS!$E:$E,0)),\".\")","v":"P"},{"$f":"IFERROR(IFERROR(INDEX(#REF!,MATCH(E251,#REF!,0)),IFERROR(INDEX(#REF!,MATCH(E251,#REF!,0)),INDEX(#REF!,MATCH(E251,#REF!,0)) )),\".\")","v":"."},null,{"$f":"IFERROR(VLOOKUP(E251,#REF!,8,FALSE),IFERROR(VLOOKUP(E251,#REF!,8,FALSE),IFERROR(VLOOKUP(E251,#REF!,8,FALSE),\"\")))","v":""},".-."]
[247,{"$f":"IFERROR(DAY(CTR[[#This Row],[Date]]),\"\")","v":20},{"$f":"IFERROR(MONTH(CTR[[#This Row],[Date]]),\"\")","v":1},{"$f":"IF(ISNA(INDEX(CTS!C:C,MATCH(E252,CTS!$E:$E,0))),\"\",(INDEX(CTS!C:C,MATCH(E252,CTS!$E:$E,0))))","v":20},"01-247",{"$f":"IF(ISNA(INDEX(CTS!$F:$F,MATCH(E252,CTS!$E:$E,0))),\"\",(INDEX(CTS!$F:$F,MATCH(E252,CTS!$E:$E,0))))","v":"CLIENT"},{"$f":"IF(ISNA(INDEX(CTS!$N:$N,MATCH(E252,CTS!$E:$E,0))),\"\",(INDEX(CTS!$N:$N,MATCH(E252,CTS!$E:$E,0))))","v":504.20168067226894},{"$f":"IF(ISNA(INDEX(CTS!$O:$O,MATCH(E252,CTS!$E:$E,0))),\"\",(INDEX(CTS!$O:$O,MATCH(E252,CTS!$E:$E,0))))","v":0},{"$f":"IF(ISNA(INDEX(CTS!$P:$P,MATCH(E252,CTS!$E:$E,0))),\"\",(INDEX(CTS!$P:$P,MATCH(E252,CTS!$E:$E,0))))","v":0},{"$f":"IF(ISNA(INDEX(CTS!$Q:$Q,MATCH(E252,CTS!$E:$E,0))),\"\",(INDEX(CTS!$Q:$Q,MATCH(E252,CTS!$E:$E,0))))","v":504.20168067226894},{"$f":"IF(ISNA(INDEX(CTS!$S:$S,MATCH(E252,CTS!$E:$E,0))),\"\",(INDEX(CTS!$S:$S,MATCH(E252,CTS!$E:$E,0))))","v":95.798319327731093},{"$f":"IF(ISNA(INDEX(CTS!$T:$T,MATCH(E252,CTS!$E:$E,0))),\"\",(INDEX(CTS!$T:$T,MATCH(E252,CTS!$E:$E,0))))","v":600},{"$f":"IF(ISNA(INDEX(CTS!$U:$U,MATCH(E252,CTS!$E:$E,0))),\"\",(INDEX(CTS!$U:$U,MATCH(E252,CTS!$E:$E,0))))","v":0},{"$f":"IF(ISNA(INDEX(CTS!$V:$V,MATCH(E252,CTS!$E:$E,0))),\"\",(INDEX(CTS!$V:$V,MATCH(E252,CTS!$E:$E,0))))","v":600},{"$f":"IFERROR(INDEX(CTS!$A:$A,MATCH(E252,CTS!$E:$E,0)),\".\")","v":"P"},{"$f":"IFERROR(IFERROR(INDEX(#REF!,MATCH(E252,#REF!,0)),IFERROR(INDEX(#REF!,MATCH(E252,#REF!,0)),INDEX(#REF!,MATCH(E252,#REF!,0)) )),\".\")","v":"."},null,{"$f":"IFERROR(VLOOKUP(E252,#REF!,8,FALSE),IFERROR(VLOOKUP(E252,#REF!,8,FALSE),IFERROR(VLOOKUP(E252,#REF!,8,FALSE),\"\")))","v":""},".-."]
[248,{"$f":"IFERROR(DAY(CTR[[#This Row],[Date]]),\"\")","v":20},{"$f":"IFERROR(MONTH(CTR[[#This Row],[Date]]),\"\")","v":1},{"$f":"IF(ISNA(INDEX(CTS!C:C,MATCH(E253,CTS!$E:$E,0))),\"\",(INDEX(CTS!C:C,MATCH(E253,CTS!$E:$E,0))))","v":20},"01-248",{"$f":"IF(ISNA(INDEX(CTS!$F:$F,MATCH(E253,CTS!$E:$E,0))),\"\",(INDEX(CTS!$F:$F,MATCH(E253,CTS!$E:$E,0))))","v":"CLIENT"},{"$f":"IF(ISNA(INDEX(CTS!$N:$N,MATCH(E253,CTS!$E:$E,0))),\"\",(INDEX(CTS!$N:$N,MATCH(E253,CTS!$E:$E,0))))","v":842.01680672268913},{"$f":"IF(ISNA(INDEX(CTS!$O:$O,MATCH(E253,CTS!$E:$E,0))),\"\",(INDEX(CTS!$O:$O,MATCH(E253,CTS!$E:$E,0))))","v":0},{"$f":"IF(ISNA(INDEX(CTS!$P:$P,MATCH(E253,CTS!$E:$E,0))),\"\",(INDEX(CTS!$P:$P,MATCH(E253,CTS!$E:$E,0))))","v":0},{"$f":"IF(ISNA(INDEX(CTS!$Q:$Q,MATCH(E253,CTS!$E:$E,0))),\"\",(INDEX(CTS!$Q:$Q,MATCH(E253,CTS!$E:$E,0))))","v":842.01680672268913},{"$f":"IF(ISNA(INDEX(CTS!$S:$S,MATCH(E253,CTS!$E:$E,0))),\"\",(INDEX(CTS!$S:$S,MATCH(E253,CTS!$E:$E,0))))","v":159.98319327731093},{"$f":"IF(ISNA(INDEX(CTS!$T:$T,MATCH(E253,CTS!$E:$E,0))),\"\",(INDEX(CTS!$T:$T,MATCH(E253,CTS!$E:$E,0))))","v":1002},{"$f":"IF(ISNA(INDEX(CTS!$U:$U,MATCH(E253,CTS!$E:$E,0))),\"\",(INDEX(CTS!$U:$U,MATCH(E253,CTS!$E:$E,0))))","v":2},{"$f":"IF(ISNA(INDEX(CTS!$V:$V,MATCH(E253,CTS!$E:$E,0))),\"\",(INDEX(CTS!$V:$V,MATCH(E253,CTS!$E:$E,0))))","v":1000},{"$f":"IFERROR(INDEX(CTS!$A:$A,MATCH(E253,CTS!$E:$E,0)),\".\")","v":"P"},{"$f":"IFERROR(IFERROR(INDEX(#REF!,MATCH(E253,#REF!,0)),IFERROR(INDEX(#REF!,MATCH(E253,#REF!,0)),INDEX(#REF!,MATCH(E253,#REF!,0)) )),\".\")","v":"."},null,{"$f":"IFERROR(VLOOKUP(E253,#REF!,8,FALSE),IFERROR(VLOOKUP(E253,#REF!,8,FALSE),IFERROR(VLOOKUP(E253,#REF!,8,FALSE),\"\")))","v":""},".-."]
[249,{"$f":"IFERROR(DAY(CTR[[#This Row],[Date]]),\"\")","v":20},{"$f":"IFERROR(MONTH(CTR[[#This Row],[Date]]),\"\")","v":1},{"$f":"IF(ISNA(INDEX(CTS!C:C,MATCH(E254,CTS!$E:$E,0))),\"\",(INDEX(CTS!C:C,MATCH(E254,CTS!$E:$E,0))))","v":20},"01-249",{"$f":"IF(ISNA(INDEX(CTS!$F:$F,MATCH(E254,CTS!$E:$E,0))),\"\",(INDEX(CTS!$F:$F,MATCH(E254,CTS!$E:$E,0))))","v":"CLIENT"},{"$f":"IF(ISNA(INDEX(CTS!$N:$N,MATCH(E254,CTS!$E:$E,0))),\"\",(INDEX(CTS!$N:$N,MATCH(E254,CTS!$E:$E,0))))","v":3323.5294117647063},{"$f":"IF(ISNA(INDEX(CTS!$O:$O,MATCH(E254,CTS!$E:$E,0))),\"\",(INDEX(CTS!$O:$O,MATCH(E254,CTS!$E:$E,0))))","v":0},{"$f":"IF(ISNA(INDEX(CTS!$P:$P,MATCH(E254,CTS!$E:$E,0))),\"\",(INDEX(CTS!$P:$P,MATCH(E254,CTS!$E:$E,0))))","v":0},{"$f":"IF(ISNA(INDEX(CTS!$Q:$Q,MATCH(E254,CTS!$E:$E,0))),\"\",(INDEX(CTS!$Q:$Q,MATCH(E254,CTS!$E:$E,0))))","v":3323.5294117647063},{"$f":"IF(ISNA(INDEX(CTS!$S:$S,MATCH(E254,CTS!$E:$E,0))),\"\",(INDEX(CTS!$S:$S,MATCH(E254,CTS!$E:$E,0))))","v":631.47058823529414},{"$f":"IF(ISNA(INDEX(CTS!$T:$T,MATCH(E254,CTS!$E:$E,0))),\"\",(INDEX(CTS!$T:$T,MATCH(E254,CTS!$E:$E,0))))","v":3955.0000000000005},{"$f":"IF(ISNA(INDEX(CTS!$U:$U,MATCH(E254,CTS!$E:$E,0))),\"\",(INDEX(CTS!$U:$U,MATCH(E254,CTS!$E:$E,0))))","v":10},{"$f":"IF(ISNA(INDEX(CTS!$V:$V,MATCH(E254,CTS!$E:$E,0))),\"\",(INDEX(CTS!$V:$V,MATCH(E254,CTS!$E:$E,0))))","v":3945.0000000000005},{"$f":"IFERROR(INDEX(CTS!$A:$A,MATCH(E254,CTS!$E:$E,0)),\".\")","v":"P"},{"$f":"IFERROR(IFERROR(INDEX(#REF!,MATCH(E254,#REF!,0)),IFERROR(INDEX(#REF!,MATCH(E254,#REF!,0)),INDEX(#REF!,MATCH(E254,#REF!,0)) )),\".\")","v":"."},null,{"$f":"IFERROR(VLOOKUP(E254,#REF!,8,FALSE),IFERROR(VLOOKUP(E254,#REF!,8,FALSE),IFERROR(VLOOKUP(E254,#REF!,8,FALSE),\"\")))","v":""},".-."]
[250,{"$f":"IFERROR(DAY(CTR[[#This Row],[Date]]),\"\")","v":20},{"$f":"IFERROR(MONTH(CTR[[#This Row],[Date]]),\"\")","v":1},{"$f":"IF(ISNA(INDEX(CTS!C:C,MATCH(E255,CTS!$E:$E,0))),\"\",(INDEX(CTS!C:C,MATCH(E255,CTS!$E:$E,0))))","v":20},"01-250",{"$f":"IF(ISNA(INDEX(CTS!$F:$F,MATCH(E255,CTS!$E:$E,0))),\"\",(INDEX(CTS!$F:$F,MATCH(E255,CTS!$E:$E,0))))","v":"CLIENT"},{"$f":"IF(ISNA(INDEX(CTS!$N:$N,MATCH(E255,CTS!$E:$E,0))),\"\",(INDEX(CTS!$N:$N,MATCH(E255,CTS!$E:$E,0))))","v":134.45378151260505},{"$f":"IF(ISNA(INDEX(CTS!$O:$O,MATCH(E255,CTS!$E:$E,0))),\"\",(INDEX(CTS!$O:$O,MATCH(E255,CTS!$E:$E,0))))","v":0},{"$f":"IF(ISNA(INDEX(CTS!$P:$P,MATCH(E255,CTS!$E:$E,0))),\"\",(INDEX(CTS!$P:$P,MATCH(E255,CTS!$E:$E,0))))","v":0},{"$f":"IF(ISNA(INDEX(CTS!$Q:$Q,MATCH(E255,CTS!$E:$E,0))),\"\",(INDEX(CTS!$Q:$Q,MATCH(E255,CTS!$E:$E,0))))","v":134.45378151260505},{"$f":"IF(ISNA(INDEX(CTS!$S:$S,MATCH(E255,CTS!$E:$E,0))),\"\",(INDEX(CTS!$S:$S,MATCH(E255,CTS!$E:$E,0))))","v":25.54621848739496},{"$f":"IF(ISNA(INDEX(CTS!$T:$T,MATCH(E255,CTS!$E:$E,0))),\"\",(INDEX(CTS!$T:$T,MATCH(E255,CTS!$E:$E,0))))","v":160},{"$f":"IF(ISNA(INDEX(CTS!$U:$U,MATCH(E255,CTS!$E:$E,0))),\"\",(INDEX(CTS!$U:$U,MATCH(E255,CTS!$E:$E,0))))","v":0},{"$f":"IF(ISNA(INDEX(CTS!$V:$V,MATCH(E255,CTS!$E:$E,0))),\"\",(INDEX(CTS!$V:$V,MATCH(E255,CTS!$E:$E,0))))","v":160},{"$f":"IFERROR(INDEX(CTS!$A:$A,MATCH(E255,CTS!$E:$E,0)),\".\")","v":"P"},{"$f":"IFERROR(IFERROR(INDEX(#REF!,MATCH(E255,#REF!,0)),IFERROR(INDEX(#REF!,MATCH(E255,#REF!,0)),INDEX(#REF!,MATCH(E255,#REF!,0)) )),\".\")","v":"."},null,{"$f":"IFERROR(VLOOKUP(E255,#REF!,8,FALSE),IFERROR(VLOOKUP(E255,#REF!,8,FALSE),IFERROR(VLOOKUP(E255,#REF!,8,FALSE),\"\")))","v":""},".-."]
[251,{"$f":"IFERROR(DAY(CTR[[#This Row],[Date]]),\"\")","v":20},{"$f":"IFERROR(MONTH(CTR[[#This Row],[Date]]),\"\")","v":1},{"$f":"IF(ISNA(INDEX(CTS!C:C,MATCH(E256,CTS!$E:$E,0))),\"\",(INDEX(CTS!C:C,MATCH(E256,CTS!$E:$E,0))))","v":20},"01-251",{"$f":"IF(ISNA(INDEX(CTS!$F:$F,MATCH(E256,CTS!$E:$E,0))),\"\",(INDEX(CTS!$F:$F,MATCH(E256,CTS!$E:$E,0))))","v":"CLIENT"},{"$f":"IF(ISNA(INDEX(CTS!$N:$N,MATCH(E256,CTS!$E:$E,0))),\"\",(INDEX(CTS!$N:$N,MATCH(E256,CTS!$E:$E,0))))","v":1378.1512605042017},{"$f":"IF(ISNA(INDEX(CTS!$O:$O,MATCH(E256,CTS!$E:$E,0))),\"\",(INDEX(CTS!$O:$O,MATCH(E256,CTS!$E:$E,0))))","v":0},{"$f":"IF(ISNA(INDEX(CTS!$P:$P,MATCH(E256,CTS!$E:$E,0))),\"\",(INDEX(CTS!$P:$P,MATCH(E256,CTS!$E:$E,0))))","v":0},{"$f":"IF(ISNA(INDEX(CTS!$Q:$Q,MATCH(E256,CTS!$E:$E,0))),\"\",(INDEX(CTS!$Q:$Q,MATCH(E256,CTS!$E:$E,0))))","v":1378.1512605042017},{"$f":"IF(ISNA(INDEX(CTS!$S:$S,MATCH(E256,CTS!$E:$E,0))),\"\",(INDEX(CTS!$S:$S,MATCH(E256,CTS!$E:$E,0))))","v":261.84873949579833},{"$f":"IF(ISNA(INDEX(CTS!$T:$T,MATCH(E256,CTS!$E:$E,0))),\"\",(INDEX(CTS!$T:$T,MATCH(E256,CTS!$E:$E,0))))","v":1640},{"$f":"IF(ISNA(INDEX(CTS!$U:$U,MATCH(E256,CTS!$E:$E,0))),\"\",(INDEX(CTS!$U:$U,MATCH(E256,CTS!$E:$E,0))))","v":0},{"$f":"IF(ISNA(INDEX(CTS!$V:$V,MATCH(E256,CTS!$E:$E,0))),\"\",(INDEX(CTS!$V:$V,MATCH(E256,CTS!$E:$E,0))))","v":1640},{"$f":"IFERROR(INDEX(CTS!$A:$A,MATCH(E256,CTS!$E:$E,0)),\".\")","v":"P"},{"$f":"IFERROR(IFERROR(INDEX(#REF!,MATCH(E256,#REF!,0)),IFERROR(INDEX(#REF!,MATCH(E256,#REF!,0)),INDEX(#REF!,MATCH(E256,#REF!,0)) )),\".\")","v":"."},null,{"$f":"IFERROR(VLOOKUP(E256,#REF!,8,FALSE),IFERROR(VLOOKUP(E256,#REF!,8,FALSE),IFERROR(VLOOKUP(E256,#REF!,8,FALSE),\"\")))","v":""},".-."]
[252,{"$f":"IFERROR(DAY(CTR[[#This Row],[Date]]),\"\")","v":20},{"$f":"IFERROR(MONTH(CTR[[#This Row],[Date]]),\"\")","v":1},{"$f":"IF(ISNA(INDEX(CTS!C:C,MATCH(E257,CTS!$E:$E,0))),\"\",(INDEX(CTS!C:C,MATCH(E257,CTS!$E:$E,0))))","v":20},"01-252",{"$f":"IF(ISNA(INDEX(CTS!$F:$F,MATCH(E257,CTS!$E:$E,0))),\"\",(INDEX(CTS!$F:$F,MATCH(E257,CTS!$E:$E,0))))","v":"CLIENT"},{"$f":"IF(ISNA(INDEX(CTS!$N:$N,MATCH(E257,CTS!$E:$E,0))),\"\",(INDEX(CTS!$N:$N,MATCH(E257,CTS!$E:$E,0))))","v":168.0672268907563},{"$f":"IF(ISNA(INDEX(CTS!$O:$O,MATCH(E257,CTS!$E:$E,0))),\"\",(INDEX(CTS!$O:$O,MATCH(E257,CTS!$E:$E,0))))","v":0},{"$f":"IF(ISNA(INDEX(CTS!$P:$P,MATCH(E257,CTS!$E:$E,0))),\"\",(INDEX(CTS!$P:$P,MATCH(E257,CTS!$E:$E,0))))","v":0},{"$f":"IF(ISNA(INDEX(CTS!$Q:$Q,MATCH(E257,CTS!$E:$E,0))),\"\",(INDEX(CTS!$Q:$Q,MATCH(E257,CTS!$E:$E,0))))","v":168.0672268907563},{"$f":"IF(ISNA(INDEX(CTS!$S:$S,MATCH(E257,CTS!$E:$E,0))),\"\",(INDEX(CTS!$S:$S,MATCH(E257,CTS!$E:$E,0))))","v":31.932773109243698},{"$f":"IF(ISNA(INDEX(CTS!$T:$T,MATCH(E257,CTS!$E:$E,0))),\"\",(INDEX(CTS!$T:$T,MATCH(E257,CTS!$E:$E,0))))","v":200},{"$f":"IF(ISNA(INDEX(CTS!$U:$U,MATCH(E257,CTS!$E:$E,0))),\"\",(INDEX(CTS!$U:$U,MATCH(E257,CTS!$E:$E,0))))","v":0},{"$f":"IF(ISNA(INDEX(CTS!$V:$V,MATCH(E257,CTS!$E:$E,0))),\"\",(INDEX(CTS!$V:$V,MATCH(E257,CTS!$E:$E,0))))","v":200},{"$f":"IFERROR(INDEX(CTS!$A:$A,MATCH(E257,CTS!$E:$E,0)),\".\")","v":"P"},{"$f":"IFERROR(IFERROR(INDEX(#REF!,MATCH(E257,#REF!,0)),IFERROR(INDEX(#REF!,MATCH(E257,#REF!,0)),INDEX(#REF!,MATCH(E257,#REF!,0)) )),\".\")","v":"."},null,{"$f":"IFERROR(VLOOKUP(E257,#REF!,8,FALSE),IFERROR(VLOOKUP(E257,#REF!,8,FALSE),IFERROR(VLOOKUP(E257,#REF!,8,FALSE),\"\")))","v":""},".-."]
[253,{"$f":"IFERROR(DAY(CTR[[#This Row],[Date]]),\"\")","v":20},{"$f":"IFERROR(MONTH(CTR[[#This Row],[Date]]),\"\")","v":1},{"$f":"IF(ISNA(INDEX(CTS!C:C,MATCH(E258,CTS!$E:$E,0))),\"\",(INDEX(CTS!C:C,MATCH(E258,CTS!$E:$E,0))))","v":20},"01-253",{"$f":"IF(ISNA(INDEX(CTS!$F:$F,MATCH(E258,CTS!$E:$E,0))),\"\",(INDEX(CTS!$F:$F,MATCH(E258,CTS!$E:$E,0))))","v":"CLIENT"},{"$f":"IF(ISNA(INDEX(CTS!$N:$N,MATCH(E258,CTS!$E:$E,0))),\"\",(INDEX(CTS!$N:$N,MATCH(E258,CTS!$E:$E,0))))","v":184.87394957983196},{"$f":"IF(ISNA(INDEX(CTS!$O:$O,MATCH(E258,CTS!$E:$E,0))),\"\",(INDEX(CTS!$O:$O,MATCH(E258,CTS!$E:$E,0))))","v":0},{"$f":"IF(ISNA(INDEX(CTS!$P:$P,MATCH(E258,CTS!$E:$E,0))),\"\",(INDEX(CTS!$P:$P,MATCH(E258,CTS!$E:$E,0))))","v":0},{"$f":"IF(ISNA(INDEX(CTS!$Q:$Q,MATCH(E258,CTS!$E:$E,0))),\"\",(INDEX(CTS!$Q:$Q,MATCH(E258,CTS!$E:$E,0))))","v":184.87394957983196},{"$f":"IF(ISNA(INDEX(CTS!$S:$S,MATCH(E258,CTS!$E:$E,0))),\"\",(INDEX(CTS!$S:$S,MATCH(E258,CTS!$E:$E,0))))","v":35.12605042016807},{"$f":"IF(ISNA(INDEX(CTS!$T:$T,MATCH(E258,CTS!$E:$E,0))),\"\",(INDEX(CTS!$T:$T,MATCH(E258,CTS!$E:$E,0))))","v":220.00000000000003},{"$f":"IF(ISNA(INDEX(CTS!$U:$U,MATCH(E258,CTS!$E:$E,0))),\"\",(INDEX(CTS!$U:$U,MATCH(E258,CTS!$E:$E,0))))","v":0},{"$f":"IF(ISNA(INDEX(CTS!$V:$V,MATCH(E258,CTS!$E:$E,0))),\"\",(INDEX(CTS!$V:$V,MATCH(E258,CTS!$E:$E,0))))","v":220.00000000000003},{"$f":"IFERROR(INDEX(CTS!$A:$A,MATCH(E258,CTS!$E:$E,0)),\".\")","v":"P"},{"$f":"IFERROR(IFERROR(INDEX(#REF!,MATCH(E258,#REF!,0)),IFERROR(INDEX(#REF!,MATCH(E258,#REF!,0)),INDEX(#REF!,MATCH(E258,#REF!,0)) )),\".\")","v":"."},null,{"$f":"IFERROR(VLOOKUP(E258,#REF!,8,FALSE),IFERROR(VLOOKUP(E258,#REF!,8,FALSE),IFERROR(VLOOKUP(E258,#REF!,8,FALSE),\"\")))","v":""},".-."]
[254,{"$f":"IFERROR(DAY(CTR[[#This Row],[Date]]),\"\")","v":20},{"$f":"IFERROR(MONTH(CTR[[#This Row],[Date]]),\"\")","v":1},{"$f":"IF(ISNA(INDEX(CTS!C:C,MATCH(E259,CTS!$E:$E,0))),\"\",(INDEX(CTS!C:C,MATCH(E259,CTS!$E:$E,0))))","v":20},"01-254",{"$f":"IF(ISNA(INDEX(CTS!$F:$F,MATCH(E259,CTS!$E:$E,0))),\"\",(INDEX(CTS!$F:$F,MATCH(E259,CTS!$E:$E,0))))","v":"CLIENT"},{"$f":"IF(ISNA(INDEX(CTS!$N:$N,MATCH(E259,CTS!$E:$E,0))),\"\",(INDEX(CTS!$N:$N,MATCH(E259,CTS!$E:$E,0))))","v":33.613445378151262},{"$f":"IF(ISNA(INDEX(CTS!$O:$O,MATCH(E259,CTS!$E:$E,0))),\"\",(INDEX(CTS!$O:$O,MATCH(E259,CTS!$E:$E,0))))","v":0},{"$f":"IF(ISNA(INDEX(CTS!$P:$P,MATCH(E259,CTS!$E:$E,0))),\"\",(INDEX(CTS!$P:$P,MATCH(E259,CTS!$E:$E,0))))","v":0},{"$f":"IF(ISNA(INDEX(CTS!$Q:$Q,MATCH(E259,CTS!$E:$E,0))),\"\",(INDEX(CTS!$Q:$Q,MATCH(E259,CTS!$E:$E,0))))","v":33.613445378151262},{"$f":"IF(ISNA(INDEX(CTS!$S:$S,MATCH(E259,CTS!$E:$E,0))),\"\",(INDEX(CTS!$S:$S,MATCH(E259,CTS!$E:$E,0))))","v":6.3865546218487399},{"$f":"IF(ISNA(INDEX(CTS!$T:$T,MATCH(E259,CTS!$E:$E,0))),\"\",(INDEX(CTS!$T:$T,MATCH(E259,CTS!$E:$E,0))))","v":40},{"$f":"IF(ISNA(INDEX(CTS!$U:$U,MATCH(E259,CTS!$E:$E,0))),\"\",(INDEX(CTS!$U:$U,MATCH(E259,CTS!$E:$E,0))))","v":0},{"$f":"IF(ISNA(INDEX(CTS!$V:$V,MATCH(E259,CTS!$E:$E,0))),\"\",(INDEX(CTS!$V:$V,MATCH(E259,CTS!$E:$E,0))))","v":40},{"$f":"IFERROR(INDEX(CTS!$A:$A,MATCH(E259,CTS!$E:$E,0)),\".\")","v":"P"},{"$f":"IFERROR(IFERROR(INDEX(#REF!,MATCH(E259,#REF!,0)),IFERROR(INDEX(#REF!,MATCH(E259,#REF!,0)),INDEX(#REF!,MATCH(E259,#REF!,0)) )),\".\")","v":"."},null,{"$f":"IFERROR(VLOOKUP(E259,#REF!,8,FALSE),IFERROR(VLOOKUP(E259,#REF!,8,FALSE),IFERROR(VLOOKUP(E259,#REF!,8,FALSE),\"\")))","v":""},".-."]
[255,{"$f":"IFERROR(DAY(CTR[[#This Row],[Date]]),\"\")","v":20},{"$f":"IFERROR(MONTH(CTR[[#This Row],[Date]]),\"\")","v":1},{"$f":"IF(ISNA(INDEX(CTS!C:C,MATCH(E260,CTS!$E:$E,0))),\"\",(INDEX(CTS!C:C,MATCH(E260,CTS!$E:$E,0))))","v":20},"01-255",{"$f":"IF(ISNA(INDEX(CTS!$F:$F,MATCH(E260,CTS!$E:$E,0))),\"\",(INDEX(CTS!$F:$F,MATCH(E260,CTS!$E:$E,0))))","v":"CLIENT"},{"$f":"IF(ISNA(INDEX(CTS!$N:$N,MATCH(E260,CTS!$E:$E,0))),\"\",(INDEX(CTS!$N:$N,MATCH(E260,CTS!$E:$E,0))))","v":42.016806722689083},{"$f":"IF(ISNA(INDEX(CTS!$O:$O,MATCH(E260,CTS!$E:$E,0))),\"\",(INDEX(CTS!$O:$O,MATCH(E260,CTS!$E:$E,0))))","v":0},{"$f":"IF(ISNA(INDEX(CTS!$P:$P,MATCH(E260,CTS!$E:$E,0))),\"\",(INDEX(CTS!$P:$P,MATCH(E260,CTS!$E:$E,0))))","v":0},{"$f":"IF(ISNA(INDEX(CTS!$Q:$Q,MATCH(E260,CTS!$E:$E,0))),\"\",(INDEX(CTS!$Q:$Q,MATCH(E260,CTS!$E:$E,0))))","v":42.016806722689083},{"$f":"IF(ISNA(INDEX(CTS!$S:$S,MATCH(E260,CTS!$E:$E,0))),\"\",(INDEX(CTS!$S:$S,MATCH(E260,CTS!$E:$E,0))))","v":7.9831932773109253},{"$f":"IF(ISNA(INDEX(CTS!$T:$T,MATCH(E260,CTS!$E:$E,0))),\"\",(INDEX(CTS!$T:$T,MATCH(E260,CTS!$E:$E,0))))","v":50.000000000000007},{"$f":"IF(ISNA(INDEX(CTS!$U:$U,MATCH(E260,CTS!$E:$E,0))),\"\",(INDEX(CTS!$U:$U,MATCH(E260,CTS!$E:$E,0))))","v":0},{"$f":"IF(ISNA(INDEX(CTS!$V:$V,MATCH(E260,CTS!$E:$E,0))),\"\",(INDEX(CTS!$V:$V,MATCH(E260,CTS!$E:$E,0))))","v":50.000000000000007},{"$f":"IFERROR(INDEX(CTS!$A:$A,MATCH(E260,CTS!$E:$E,0)),\".\")","v":"P"},{"$f":"IFERROR(IFERROR(INDEX(#REF!,MATCH(E260,#REF!,0)),IFERROR(INDEX(#REF!,MATCH(E260,#REF!,0)),INDEX(#REF!,MATCH(E260,#REF!,0)) )),\".\")","v":"."},null,{"$f":"IFERROR(VLOOKUP(E260,#REF!,8,FALSE),IFERROR(VLOOKUP(E260,#REF!,8,FALSE),IFERROR(VLOOKUP(E260,#REF!,8,FALSE),\"\")))","v":""},".-."]
[256,{"$f":"IFERROR(DAY(CTR[[#This Row],[Date]]),\"\")","v":20},{"$f":"IFERROR(MONTH(CTR[[#This Row],[Date]]),\"\")","v":1},{"$f":"IF(ISNA(INDEX(CTS!C:C,MATCH(E261,CTS!$E:$E,0))),\"\",(INDEX(CTS!C:C,MATCH(E261,CTS!$E:$E,0))))","v":20},"01-256",{"$f":"IF(ISNA(INDEX(CTS!$F:$F,MATCH(E261,CTS!$E:$E,0))),\"\",(INDEX(CTS!$F:$F,MATCH(E261,CTS!$E:$E,0))))","v":"CLIENT"},{"$f":"IF(ISNA(INDEX(CTS!$N:$N,MATCH(E261,CTS!$E:$E,0))),\"\",(INDEX(CTS!$N:$N,MATCH(E261,CTS!$E:$E,0))))","v":840.33613445378148},{"$f":"IF(ISNA(INDEX(CTS!$O:$O,MATCH(E261,CTS!$E:$E,0))),\"\",(INDEX(CTS!$O:$O,MATCH(E261,CTS!$E:$E,0))))","v":0},{"$f":"IF(ISNA(INDEX(CTS!$P:$P,MATCH(E261,CTS!$E:$E,0))),\"\",(INDEX(CTS!$P:$P,MATCH(E261,CTS!$E:$E,0))))","v":0},{"$f":"IF(ISNA(INDEX(CTS!$Q:$Q,MATCH(E261,CTS!$E:$E,0))),\"\",(INDEX(CTS!$Q:$Q,MATCH(E261,CTS!$E:$E,0))))","v":840.33613445378148},{"$f":"IF(ISNA(INDEX(CTS!$S:$S,MATCH(E261,CTS!$E:$E,0))),\"\",(INDEX(CTS!$S:$S,MATCH(E261,CTS!$E:$E,0))))","v":159.66386554621849},{"$f":"IF(ISNA(INDEX(CTS!$T:$T,MATCH(E261,CTS!$E:$E,0))),\"\",(INDEX(CTS!$T:$T,MATCH(E261,CTS!$E:$E,0))))","v":1000},{"$f":"IF(ISNA(INDEX(CTS!$U:$U,MATCH(E261,CTS!$E:$E,0))),\"\",(INDEX(CTS!$U:$U,MATCH(E261,CTS!$E:$E,0))))","v":0},{"$f":"IF(ISNA(INDEX(CTS!$V:$V,MATCH(E261,CTS!$E:$E,0))),\"\",(INDEX(CTS!$V:$V,MATCH(E261,CTS!$E:$E,0))))","v":1000},{"$f":"IFERROR(INDEX(CTS!$A:$A,MATCH(E261,CTS!$E:$E,0)),\".\")","v":"P"},{"$f":"IFERROR(IFERROR(INDEX(#REF!,MATCH(E261,#REF!,0)),IFERROR(INDEX(#REF!,MATCH(E261,#REF!,0)),INDEX(#REF!,MATCH(E261,#REF!,0)) )),\".\")","v":"."},null,{"$f":"IFERROR(VLOOKUP(E261,#REF!,8,FALSE),IFERROR(VLOOKUP(E261,#REF!,8,FALSE),IFERROR(VLOOKUP(E261,#REF!,8,FALSE),\"\")))","v":""},".-."]
[257,{"$f":"IFERROR(DAY(CTR[[#This Row],[Date]]),\"\")","v":20},{"$f":"IFERROR(MONTH(CTR[[#This Row],[Date]]),\"\")","v":1},{"$f":"IF(ISNA(INDEX(CTS!C:C,MATCH(E262,CTS!$E:$E,0))),\"\",(INDEX(CTS!C:C,MATCH(E262,CTS!$E:$E,0))))","v":20},"01-257",{"$f":"IF(ISNA(INDEX(CTS!$F:$F,MATCH(E262,CTS!$E:$E,0))),\"\",(INDEX(CTS!$F:$F,MATCH(E262,CTS!$E:$E,0))))","v":"CLIENT"},{"$f":"IF(ISNA(INDEX(CTS!$N:$N,MATCH(E262,CTS!$E:$E,0))),\"\",(INDEX(CTS!$N:$N,MATCH(E262,CTS!$E:$E,0))))","v":168.0672268907563},{"$f":"IF(ISNA(INDEX(CTS!$O:$O,MATCH(E262,CTS!$E:$E,0))),\"\",(INDEX(CTS!$O:$O,MATCH(E262,CTS!$E:$E,0))))","v":0},{"$f":"IF(ISNA(INDEX(CTS!$P:$P,MATCH(E262,CTS!$E:$E,0))),\"\",(INDEX(CTS!$P:$P,MATCH(E262,CTS!$E:$E,0))))","v":0},{"$f":"IF(ISNA(INDEX(CTS!$Q:$Q,MATCH(E262,CTS!$E:$E,0))),\"\",(INDEX(CTS!$Q:$Q,MATCH(E262,CTS!$E:$E,0))))","v":168.0672268907563},{"$f":"IF(ISNA(INDEX(CTS!$S:$S,MATCH(E262,CTS!$E:$E,0))),\"\",(INDEX(CTS!$S:$S,MATCH(E262,CTS!$E:$E,0))))","v":31.932773109243698},{"$f":"IF(ISNA(INDEX(CTS!$T:$T,MATCH(E262,CTS!$E:$E,0))),\"\",(INDEX(CTS!$T:$T,MATCH(E262,CTS!$E:$E,0))))","v":200},{"$f":"IF(ISNA(INDEX(CTS!$U:$U,MATCH(E262,CTS!$E:$E,0))),\"\",(INDEX(CTS!$U:$U,MATCH(E262,CTS!$E:$E,0))))","v":0},{"$f":"IF(ISNA(INDEX(CTS!$V:$V,MATCH(E262,CTS!$E:$E,0))),\"\",(INDEX(CTS!$V:$V,MATCH(E262,CTS!$E:$E,0))))","v":200},{"$f":"IFERROR(INDEX(CTS!$A:$A,MATCH(E262,CTS!$E:$E,0)),\".\")","v":"P"},{"$f":"IFERROR(IFERROR(INDEX(#REF!,MATCH(E262,#REF!,0)),IFERROR(INDEX(#REF!,MATCH(E262,#REF!,0)),INDEX(#REF!,MATCH(E262,#REF!,0)) )),\".\")","v":"."},null,{"$f":"IFERROR(VLOOKUP(E262,#REF!,8,FALSE),IFERROR(VLOOKUP(E262,#REF!,8,FALSE),IFERROR(VLOOKUP(E262,#REF!,8,FALSE),\"\")))","v":""},{"$f":"IFERROR(TEXT(P262,\"mm\") & \"-\" & TEXT(P262,\"aaaa\"),\"\")","v":".-."}]
[258,{"$f":"IFERROR(DAY(CTR[[#This Row],[Date]]),\"\")","v":20},{"$f":"IFERROR(MONTH(CTR[[#This Row],[Date]]),\"\")","v":1},{"$f":"IF(ISNA(INDEX(CTS!C:C,MATCH(E263,CTS!$E:$E,0))),\"\",(INDEX(CTS!C:C,MATCH(E263,CTS!$E:$E,0))))","v":20},"01-258",{"$f":"IF(ISNA(INDEX(CTS!$F:$F,MATCH(E263,CTS!$E:$E,0))),\"\",(INDEX(CTS!$F:$F,MATCH(E263,CTS!$E:$E,0))))","v":"CLIENT"},{"$f":"IF(ISNA(INDEX(CTS!$N:$N,MATCH(E263,CTS!$E:$E,0))),\"\",(INDEX(CTS!$N:$N,MATCH(E263,CTS!$E:$E,0))))","v":1260.5042016806724},{"$f":"IF(ISNA(INDEX(CTS!$O:$O,MATCH(E263,CTS!$E:$E,0))),\"\",(INDEX(CTS!$O:$O,MATCH(E263,CTS!$E:$E,0))))","v":0},{"$f":"IF(ISNA(INDEX(CTS!$P:$P,MATCH(E263,CTS!$E:$E,0))),\"\",(INDEX(CTS!$P:$P,MATCH(E263,CTS!$E:$E,0))))","v":0},{"$f":"IF(ISNA(INDEX(CTS!$Q:$Q,MATCH(E263,CTS!$E:$E,0))),\"\",(INDEX(CTS!$Q:$Q,MATCH(E263,CTS!$E:$E,0))))","v":1260.5042016806724},{"$f":"IF(ISNA(INDEX(CTS!$S:$S,MATCH(E263,CTS!$E:$E,0))),\"\",(INDEX(CTS!$S:$S,MATCH(E263,CTS!$E:$E,0))))","v":239.49579831932775},{"$f":"IF(ISNA(INDEX(CTS!$T:$T,MATCH(E263,CTS!$E:$E,0))),\"\",(INDEX(CTS!$T:$T,MATCH(E263,CTS!$E:$E,0))))","v":1500.0000000000002},{"$f":"IF(ISNA(INDEX(CTS!$U:$U,MATCH(E263,CTS!$E:$E,0))),\"\",(INDEX(CTS!$U:$U,MATCH(E263,CTS!$E:$E,0))))","v":0},{"$f":"IF(ISNA(INDEX(CTS!$V:$V,MATCH(E263,CTS!$E:$E,0))),\"\",(INDEX(CTS!$V:$V,MATCH(E263,CTS!$E:$E,0))))","v":1500.0000000000002},{"$f":"IFERROR(INDEX(CTS!$A:$A,MATCH(E263,CTS!$E:$E,0)),\".\")","v":"P"},{"$f":"IFERROR(IFERROR(INDEX(#REF!,MATCH(E263,#REF!,0)),IFERROR(INDEX(#REF!,MATCH(E263,#REF!,0)),INDEX(#REF!,MATCH(E263,#REF!,0)) )),\".\")","v":"."},null,{"$f":"IFERROR(VLOOKUP(E263,#REF!,8,FALSE),IFERROR(VLOOKUP(E263,#REF!,8,FALSE),IFERROR(VLOOKUP(E263,#REF!,8,FALSE),\"\")))","v":""},".-."]
[259,{"$f":"IFERROR(DAY(CTR[[#This Row],[Date]]),\"\")","v":20},{"$f":"IFERROR(MONTH(CTR[[#This Row],[Date]]),\"\")","v":1},{"$f":"IF(ISNA(INDEX(CTS!C:C,MATCH(E264,CTS!$E:$E,0))),\"\",(INDEX(CTS!C:C,MATCH(E264,CTS!$E:$E,0))))","v":20},"01-259",{"$f":"IF(ISNA(INDEX(CTS!$F:$F,MATCH(E264,CTS!$E:$E,0))),\"\",(INDEX(CTS!$F:$F,MATCH(E264,CTS!$E:$E,0))))","v":"CLIENT"},{"$f":"IF(ISNA(INDEX(CTS!$N:$N,MATCH(E264,CTS!$E:$E,0))),\"\",(INDEX(CTS!$N:$N,MATCH(E264,CTS!$E:$E,0))))","v":184.87394957983193},{"$f":"IF(ISNA(INDEX(CTS!$O:$O,MATCH(E264,CTS!$E:$E,0))),\"\",(INDEX(CTS!$O:$O,MATCH(E264,CTS!$E:$E,0))))","v":0},{"$f":"IF(ISNA(INDEX(CTS!$P:$P,MATCH(E264,CTS!$E:$E,0))),\"\",(INDEX(CTS!$P:$P,MATCH(E264,CTS!$E:$E,0))))","v":0},{"$f":"IF(ISNA(INDEX(CTS!$Q:$Q,MATCH(E264,CTS!$E:$E,0))),\"\",(INDEX(CTS!$Q:$Q,MATCH(E264,CTS!$E:$E,0))))","v":184.87394957983193},{"$f":"IF(ISNA(INDEX(CTS!$S:$S,MATCH(E264,CTS!$E:$E,0))),\"\",(INDEX(CTS!$S:$S,MATCH(E264,CTS!$E:$E,0))))","v":35.12605042016807},{"$f":"IF(ISNA(INDEX(CTS!$T:$T,MATCH(E264,CTS!$E:$E,0))),\"\",(INDEX(CTS!$T:$T,MATCH(E264,CTS!$E:$E,0))))","v":220},{"$f":"IF(ISNA(INDEX(CTS!$U:$U,MATCH(E264,CTS!$E:$E,0))),\"\",(INDEX(CTS!$U:$U,MATCH(E264,CTS!$E:$E,0))))","v":0},{"$f":"IF(ISNA(INDEX(CTS!$V:$V,MATCH(E264,CTS!$E:$E,0))),\"\",(INDEX(CTS!$V:$V,MATCH(E264,CTS!$E:$E,0))))","v":220},{"$f":"IFERROR(INDEX(CTS!$A:$A,MATCH(E264,CTS!$E:$E,0)),\".\")","v":"P"},{"$f":"IFERROR(IFERROR(INDEX(#REF!,MATCH(E264,#REF!,0)),IFERROR(INDEX(#REF!,MATCH(E264,#REF!,0)),INDEX(#REF!,MATCH(E264,#REF!,0)) )),\".\")","v":"."},null,{"$f":"IFERROR(VLOOKUP(E264,#REF!,8,FALSE),IFERROR(VLOOKUP(E264,#REF!,8,FALSE),IFERROR(VLOOKUP(E264,#REF!,8,FALSE),\"\")))","v":""},".-."]
[260,{"$f":"IFERROR(DAY(CTR[[#This Row],[Date]]),\"\")","v":20},{"$f":"IFERROR(MONTH(CTR[[#This Row],[Date]]),\"\")","v":1},{"$f":"IF(ISNA(INDEX(CTS!C:C,MATCH(E265,CTS!$E:$E,0))),\"\",(INDEX(CTS!C:C,MATCH(E265,CTS!$E:$E,0))))","v":20},"01-260",{"$f":"IF(ISNA(INDEX(CTS!$F:$F,MATCH(E265,CTS!$E:$E,0))),\"\",(INDEX(CTS!$F:$F,MATCH(E265,CTS!$E:$E,0))))","v":"CLIENT"},{"$f":"IF(ISNA(INDEX(CTS!$N:$N,MATCH(E265,CTS!$E:$E,0))),\"\",(INDEX(CTS!$N:$N,MATCH(E265,CTS!$E:$E,0))))","v":3176.4705882352946},{"$f":"IF(ISNA(INDEX(CTS!$O:$O,MATCH(E265,CTS!$E:$E,0))),\"\",(INDEX(CTS!$O:$O,MATCH(E265,CTS!$E:$E,0))))","v":0},{"$f":"IF(ISNA(INDEX(CTS!$P:$P,MATCH(E265,CTS!$E:$E,0))),\"\",(INDEX(CTS!$P:$P,MATCH(E265,CTS!$E:$E,0))))","v":0},{"$f":"IF(ISNA(INDEX(CTS!$Q:$Q,MATCH(E265,CTS!$E:$E,0))),\"\",(INDEX(CTS!$Q:$Q,MATCH(E265,CTS!$E:$E,0))))","v":3176.4705882352946},{"$f":"IF(ISNA(INDEX(CTS!$S:$S,MATCH(E265,CTS!$E:$E,0))),\"\",(INDEX(CTS!$S:$S,MATCH(E265,CTS!$E:$E,0))))","v":603.52941176470597},{"$f":"IF(ISNA(INDEX(CTS!$T:$T,MATCH(E265,CTS!$E:$E,0))),\"\",(INDEX(CTS!$T:$T,MATCH(E265,CTS!$E:$E,0))))","v":3780.0000000000005},{"$f":"IF(ISNA(INDEX(CTS!$U:$U,MATCH(E265,CTS!$E:$E,0))),\"\",(INDEX(CTS!$U:$U,MATCH(E265,CTS!$E:$E,0))))","v":0},{"$f":"IF(ISNA(INDEX(CTS!$V:$V,MATCH(E265,CTS!$E:$E,0))),\"\",(INDEX(CTS!$V:$V,MATCH(E265,CTS!$E:$E,0))))","v":3780.0000000000005},{"$f":"IFERROR(INDEX(CTS!$A:$A,MATCH(E265,CTS!$E:$E,0)),\".\")","v":"P"},{"$f":"IFERROR(IFERROR(INDEX(#REF!,MATCH(E265,#REF!,0)),IFERROR(INDEX(#REF!,MATCH(E265,#REF!,0)),INDEX(#REF!,MATCH(E265,#REF!,0)) )),\".\")","v":"."},null,{"$f":"IFERROR(VLOOKUP(E265,#REF!,8,FALSE),IFERROR(VLOOKUP(E265,#REF!,8,FALSE),IFERROR(VLOOKUP(E265,#REF!,8,FALSE),\"\")))","v":""},".-."]
[261,{"$f":"IFERROR(DAY(CTR[[#This Row],[Date]]),\"\")","v":20},{"$f":"IFERROR(MONTH(CTR[[#This Row],[Date]]),\"\")","v":1},{"$f":"IF(ISNA(INDEX(CTS!C:C,MATCH(E266,CTS!$E:$E,0))),\"\",(INDEX(CTS!C:C,MATCH(E266,CTS!$E:$E,0))))","v":20},"01-261",{"$f":"IF(ISNA(INDEX(CTS!$F:$F,MATCH(E266,CTS!$E:$E,0))),\"\",(INDEX(CTS!$F:$F,MATCH(E266,CTS!$E:$E,0))))","v":"CLIENT"},{"$f":"IF(ISNA(INDEX(CTS!$N:$N,MATCH(E266,CTS!$E:$E,0))),\"\",(INDEX(CTS!$N:$N,MATCH(E266,CTS!$E:$E,0))))","v":100.84033613445379},{"$f":"IF(ISNA(INDEX(CTS!$O:$O,MATCH(E266,CTS!$E:$E,0))),\"\",(INDEX(CTS!$O:$O,MATCH(E266,CTS!$E:$E,0))))","v":0},{"$f":"IF(ISNA(INDEX(CTS!$P:$P,MATCH(E266,CTS!$E:$E,0))),\"\",(INDEX(CTS!$P:$P,MATCH(E266,CTS!$E:$E,0))))","v":0},{"$f":"IF(ISNA(INDEX(CTS!$Q:$Q,MATCH(E266,CTS!$E:$E,0))),\"\",(INDEX(CTS!$Q:$Q,MATCH(E266,CTS!$E:$E,0))))","v":100.84033613445379},{"$f":"IF(ISNA(INDEX(CTS!$S:$S,MATCH(E266,CTS!$E:$E,0))),\"\",(INDEX(CTS!$S:$S,MATCH(E266,CTS!$E:$E,0))))","v":19.159663865546221},{"$f":"IF(ISNA(INDEX(CTS!$T:$T,MATCH(E266,CTS!$E:$E,0))),\"\",(INDEX(CTS!$T:$T,MATCH(E266,CTS!$E:$E,0))))","v":120.00000000000001},{"$f":"IF(ISNA(INDEX(CTS!$U:$U,MATCH(E266,CTS!$E:$E,0))),\"\",(INDEX(CTS!$U:$U,MATCH(E266,CTS!$E:$E,0))))","v":0},{"$f":"IF(ISNA(INDEX(CTS!$V:$V,MATCH(E266,CTS!$E:$E,0))),\"\",(INDEX(CTS!$V:$V,MATCH(E266,CTS!$E:$E,0))))","v":120.00000000000001},{"$f":"IFERROR(INDEX(CTS!$A:$A,MATCH(E266,CTS!$E:$E,0)),\".\")","v":"P"},{"$f":"IFERROR(IFERROR(INDEX(#REF!,MATCH(E266,#REF!,0)),IFERROR(INDEX(#REF!,MATCH(E266,#REF!,0)),INDEX(#REF!,MATCH(E266,#REF!,0)) )),\".\")","v":"."},null,{"$f":"IFERROR(VLOOKUP(E266,#REF!,8,FALSE),IFERROR(VLOOKUP(E266,#REF!,8,FALSE),IFERROR(VLOOKUP(E266,#REF!,8,FALSE),\"\")))","v":""},".-."]
[262,{"$f":"IFERROR(DAY(CTR[[#This Row],[Date]]),\"\")","v":20},{"$f":"IFERROR(MONTH(CTR[[#This Row],[Date]]),\"\")","v":1},{"$f":"IF(ISNA(INDEX(CTS!C:C,MATCH(E267,CTS!$E:$E,0))),\"\",(INDEX(CTS!C:C,MATCH(E267,CTS!$E:$E,0))))","v":20},"01-262",{"$f":"IF(ISNA(INDEX(CTS!$F:$F,MATCH(E267,CTS!$E:$E,0))),\"\",(INDEX(CTS!$F:$F,MATCH(E267,CTS!$E:$E,0))))","v":"CLIENT"},{"$f":"IF(ISNA(INDEX(CTS!$N:$N,MATCH(E267,CTS!$E:$E,0))),\"\",(INDEX(CTS!$N:$N,MATCH(E267,CTS!$E:$E,0))))","v":1089.0756302521008},{"$f":"IF(ISNA(INDEX(CTS!$O:$O,MATCH(E267,CTS!$E:$E,0))),\"\",(INDEX(CTS!$O:$O,MATCH(E267,CTS!$E:$E,0))))","v":0},{"$f":"IF(ISNA(INDEX(CTS!$P:$P,MATCH(E267,CTS!$E:$E,0))),\"\",(INDEX(CTS!$P:$P,MATCH(E267,CTS!$E:$E,0))))","v":0},{"$f":"IF(ISNA(INDEX(CTS!$Q:$Q,MATCH(E267,CTS!$E:$E,0))),\"\",(INDEX(CTS!$Q:$Q,MATCH(E267,CTS!$E:$E,0))))","v":1089.0756302521008},{"$f":"IF(ISNA(INDEX(CTS!$S:$S,MATCH(E267,CTS!$E:$E,0))),\"\",(INDEX(CTS!$S:$S,MATCH(E267,CTS!$E:$E,0))))","v":206.92436974789916},{"$f":"IF(ISNA(INDEX(CTS!$T:$T,MATCH(E267,CTS!$E:$E,0))),\"\",(INDEX(CTS!$T:$T,MATCH(E267,CTS!$E:$E,0))))","v":1296},{"$f":"IF(ISNA(INDEX(CTS!$U:$U,MATCH(E267,CTS!$E:$E,0))),\"\",(INDEX(CTS!$U:$U,MATCH(E267,CTS!$E:$E,0))))","v":0},{"$f":"IF(ISNA(INDEX(CTS!$V:$V,MATCH(E267,CTS!$E:$E,0))),\"\",(INDEX(CTS!$V:$V,MATCH(E267,CTS!$E:$E,0))))","v":1296},{"$f":"IFERROR(INDEX(CTS!$A:$A,MATCH(E267,CTS!$E:$E,0)),\".\")","v":"P"},{"$f":"IFERROR(IFERROR(INDEX(#REF!,MATCH(E267,#REF!,0)),IFERROR(INDEX(#REF!,MATCH(E267,#REF!,0)),INDEX(#REF!,MATCH(E267,#REF!,0)) )),\".\")","v":"."},null,{"$f":"IFERROR(VLOOKUP(E267,#REF!,8,FALSE),IFERROR(VLOOKUP(E267,#REF!,8,FALSE),IFERROR(VLOOKUP(E267,#REF!,8,FALSE),\"\")))","v":""},".-."]
[263,{"$f":"IFERROR(DAY(CTR[[#This Row],[Date]]),\"\")","v":20},{"$f":"IFERROR(MONTH(CTR[[#This Row],[Date]]),\"\")","v":1},{"$f":"IF(ISNA(INDEX(CTS!C:C,MATCH(E268,CTS!$E:$E,0))),\"\",(INDEX(CTS!C:C,MATCH(E268,CTS!$E:$E,0))))","v":20},"01-263",{"$f":"IF(ISNA(INDEX(CTS!$F:$F,MATCH(E268,CTS!$E:$E,0))),\"\",(INDEX(CTS!$F:$F,MATCH(E268,CTS!$E:$E,0))))","v":"CLIENT"},{"$f":"IF(ISNA(INDEX(CTS!$N:$N,MATCH(E268,CTS!$E:$E,0))),\"\",(INDEX(CTS!$N:$N,MATCH(E268,CTS!$E:$E,0))))","v":453.78151260504205},{"$f":"IF(ISNA(INDEX(CTS!$O:$O,MATCH(E268,CTS!$E:$E,0))),\"\",(INDEX(CTS!$O:$O,MATCH(E268,CTS!$E:$E,0))))","v":0},{"$f":"IF(ISNA(INDEX(CTS!$P:$P,MATCH(E268,CTS!$E:$E,0))),\"\",(INDEX(CTS!$P:$P,MATCH(E268,CTS!$E:$E,0))))","v":0},{"$f":"IF(ISNA(INDEX(CTS!$Q:$Q,MATCH(E268,CTS!$E:$E,0))),\"\",(INDEX(CTS!$Q:$Q,MATCH(E268,CTS!$E:$E,0))))","v":453.78151260504205},{"$f":"IF(ISNA(INDEX(CTS!$S:$S,MATCH(E268,CTS!$E:$E,0))),\"\",(INDEX(CTS!$S:$S,MATCH(E268,CTS!$E:$E,0))))","v":86.21848739495799},{"$f":"IF(ISNA(INDEX(CTS!$T:$T,MATCH(E268,CTS!$E:$E,0))),\"\",(INDEX(CTS!$T:$T,MATCH(E268,CTS!$E:$E,0))))","v":540},{"$f":"IF(ISNA(INDEX(CTS!$U:$U,MATCH(E268,CTS!$E:$E,0))),\"\",(INDEX(CTS!$U:$U,MATCH(E268,CTS!$E:$E,0))))","v":0},{"$f":"IF(ISNA(INDEX(CTS!$V:$V,MATCH(E268,CTS!$E:$E,0))),\"\",(INDEX(CTS!$V:$V,MATCH(E268,CTS!$E:$E,0))))","v":540},{"$f":"IFERROR(INDEX(CTS!$A:$A,MATCH(E268,CTS!$E:$E,0)),\".\")","v":"P"},{"$f":"IFERROR(IFERROR(INDEX(#REF!,MATCH(E268,#REF!,0)),IFERROR(INDEX(#REF!,MATCH(E268,#REF!,0)),INDEX(#REF!,MATCH(E268,#REF!,0)) )),\".\")","v":"."},null,{"$f":"IFERROR(VLOOKUP(E268,#REF!,8,FALSE),IFERROR(VLOOKUP(E268,#REF!,8,FALSE),IFERROR(VLOOKUP(E268,#REF!,8,FALSE),\"\")))","v":""},".-."]
[264,{"$f":"IFERROR(DAY(CTR[[#This Row],[Date]]),\"\")","v":20},{"$f":"IFERROR(MONTH(CTR[[#This Row],[Date]]),\"\")","v":1},{"$f":"IF(ISNA(INDEX(CTS!C:C,MATCH(E269,CTS!$E:$E,0))),\"\",(INDEX(CTS!C:C,MATCH(E269,CTS!$E:$E,0))))","v":20},"01-264",{"$f":"IF(ISNA(INDEX(CTS!$F:$F,MATCH(E269,CTS!$E:$E,0))),\"\",(INDEX(CTS!$F:$F,MATCH(E269,CTS!$E:$E,0))))","v":"CLIENT"},{"$f":"IF(ISNA(INDEX(CTS!$N:$N,MATCH(E269,CTS!$E:$E,0))),\"\",(INDEX(CTS!$N:$N,MATCH(E269,CTS!$E:$E,0))))","v":50.420168067226896},{"$f":"IF(ISNA(INDEX(CTS!$O:$O,MATCH(E269,CTS!$E:$E,0))),\"\",(INDEX(CTS!$O:$O,MATCH(E269,CTS!$E:$E,0))))","v":0},{"$f":"IF(ISNA(INDEX(CTS!$P:$P,MATCH(E269,CTS!$E:$E,0))),\"\",(INDEX(CTS!$P:$P,MATCH(E269,CTS!$E:$E,0))))","v":0},{"$f":"IF(ISNA(INDEX(CTS!$Q:$Q,MATCH(E269,CTS!$E:$E,0))),\"\",(INDEX(CTS!$Q:$Q,MATCH(E269,CTS!$E:$E,0))))","v":50.420168067226896},{"$f":"IF(ISNA(INDEX(CTS!$S:$S,MATCH(E269,CTS!$E:$E,0))),\"\",(INDEX(CTS!$S:$S,MATCH(E269,CTS!$E:$E,0))))","v":9.5798319327731107},{"$f":"IF(ISNA(INDEX(CTS!$T:$T,MATCH(E269,CTS!$E:$E,0))),\"\",(INDEX(CTS!$T:$T,MATCH(E269,CTS!$E:$E,0))))","v":60.000000000000007},{"$f":"IF(ISNA(INDEX(CTS!$U:$U,MATCH(E269,CTS!$E:$E,0))),\"\",(INDEX(CTS!$U:$U,MATCH(E269,CTS!$E:$E,0))))","v":0},{"$f":"IF(ISNA(INDEX(CTS!$V:$V,MATCH(E269,CTS!$E:$E,0))),\"\",(INDEX(CTS!$V:$V,MATCH(E269,CTS!$E:$E,0))))","v":60.000000000000007},{"$f":"IFERROR(INDEX(CTS!$A:$A,MATCH(E269,CTS!$E:$E,0)),\".\")","v":"P"},{"$f":"IFERROR(IFERROR(INDEX(#REF!,MATCH(E269,#REF!,0)),IFERROR(INDEX(#REF!,MATCH(E269,#REF!,0)),INDEX(#REF!,MATCH(E269,#REF!,0)) )),\".\")","v":"."},null,{"$f":"IFERROR(VLOOKUP(E269,#REF!,8,FALSE),IFERROR(VLOOKUP(E269,#REF!,8,FALSE),IFERROR(VLOOKUP(E269,#REF!,8,FALSE),\"\")))","v":""},".-."]
[265,{"$f":"IFERROR(DAY(CTR[[#This Row],[Date]]),\"\")","v":21},{"$f":"IFERROR(MONTH(CTR[[#This Row],[Date]]),\"\")","v":1},{"$f":"IF(ISNA(INDEX(CTS!C:C,MATCH(E270,CTS!$E:$E,0))),\"\",(INDEX(CTS!C:C,MATCH(E270,CTS!$E:$E,0))))","v":44217},"01-265",{"$f":"IF(ISNA(INDEX(CTS!$F:$F,MATCH(E270,CTS!$E:$E,0))),\"\",(INDEX(CTS!$F:$F,MATCH(E270,CTS!$E:$E,0))))","v":"CLIENT"},{"$f":"IF(ISNA(INDEX(CTS!$N:$N,MATCH(E270,CTS!$E:$E,0))),\"\",(INDEX(CTS!$N:$N,MATCH(E270,CTS!$E:$E,0))))","v":840.33613445378148},{"$f":"IF(ISNA(INDEX(CTS!$O:$O,MATCH(E270,CTS!$E:$E,0))),\"\",(INDEX(CTS!$O:$O,MATCH(E270,CTS!$E:$E,0))))","v":0},{"$f":"IF(ISNA(INDEX(CTS!$P:$P,MATCH(E270,CTS!$E:$E,0))),\"\",(INDEX(CTS!$P:$P,MATCH(E270,CTS!$E:$E,0))))","v":0},{"$f":"IF(ISNA(INDEX(CTS!$Q:$Q,MATCH(E270,CTS!$E:$E,0))),\"\",(INDEX(CTS!$Q:$Q,MATCH(E270,CTS!$E:$E,0))))","v":840.33613445378148},{"$f":"IF(ISNA(INDEX(CTS!$S:$S,MATCH(E270,CTS!$E:$E,0))),\"\",(INDEX(CTS!$S:$S,MATCH(E270,CTS!$E:$E,0))))","v":159.66386554621849},{"$f":"IF(ISNA(INDEX(CTS!$T:$T,MATCH(E270,CTS!$E:$E,0))),\"\",(INDEX(CTS!$T:$T,MATCH(E270,CTS!$E:$E,0))))","v":1000},{"$f":"IF(ISNA(INDEX(CTS!$U:$U,MATCH(E270,CTS!$E:$E,0))),\"\",(INDEX(CTS!$U:$U,MATCH(E270,CTS!$E:$E,0))))","v":0},{"$f":"IF(ISNA(INDEX(CTS!$V:$V,MATCH(E270,CTS!$E:$E,0))),\"\",(INDEX(CTS!$V:$V,MATCH(E270,CTS!$E:$E,0))))","v":1000},{"$f":"IFERROR(INDEX(CTS!$A:$A,MATCH(E270,CTS!$E:$E,0)),\".\")","v":"P"},{"$f":"IFERROR(IFERROR(INDEX(#REF!,MATCH(E270,#REF!,0)),IFERROR(INDEX(#REF!,MATCH(E270,#REF!,0)),INDEX(#REF!,MATCH(E270,#REF!,0)) )),\".\")","v":"."},null,{"$f":"IFERROR(VLOOKUP(E270,#REF!,8,FALSE),IFERROR(VLOOKUP(E270,#REF!,8,FALSE),IFERROR(VLOOKUP(E270,#REF!,8,FALSE),\"\")))","v":""},".-."]
[266,{"$f":"IFERROR(DAY(CTR[[#This Row],[Date]]),\"\")","v":21},{"$f":"IFERROR(MONTH(CTR[[#This Row],[Date]]),\"\")","v":1},{"$f":"IF(ISNA(INDEX(CTS!C:C,MATCH(E271,CTS!$E:$E,0))),\"\",(INDEX(CTS!C:C,MATCH(E271,CTS!$E:$E,0))))","v":44217},"01-266",{"$f":"IF(ISNA(INDEX(CTS!$F:$F,MATCH(E271,CTS!$E:$E,0))),\"\",(INDEX(CTS!$F:$F,MATCH(E271,CTS!$E:$E,0))))","v":"CLIENT"},{"$f":"IF(ISNA(INDEX(CTS!$N:$N,MATCH(E271,CTS!$E:$E,0))),\"\",(INDEX(CTS!$N:$N,MATCH(E271,CTS!$E:$E,0))))","v":569.74789915966392},{"$f":"IF(ISNA(INDEX(CTS!$O:$O,MATCH(E271,CTS!$E:$E,0))),\"\",(INDEX(CTS!$O:$O,MATCH(E271,CTS!$E:$E,0))))","v":0},{"$f":"IF(ISNA(INDEX(CTS!$P:$P,MATCH(E271,CTS!$E:$E,0))),\"\",(INDEX(CTS!$P:$P,MATCH(E271,CTS!$E:$E,0))))","v":0},{"$f":"IF(ISNA(INDEX(CTS!$Q:$Q,MATCH(E271,CTS!$E:$E,0))),\"\",(INDEX(CTS!$Q:$Q,MATCH(E271,CTS!$E:$E,0))))","v":569.74789915966392},{"$f":"IF(ISNA(INDEX(CTS!$S:$S,MATCH(E271,CTS!$E:$E,0))),\"\",(INDEX(CTS!$S:$S,MATCH(E271,CTS!$E:$E,0))))","v":108.25210084033614},{"$f":"IF(ISNA(INDEX(CTS!$T:$T,MATCH(E271,CTS!$E:$E,0))),\"\",(INDEX(CTS!$T:$T,MATCH(E271,CTS!$E:$E,0))))","v":678},{"$f":"IF(ISNA(INDEX(CTS!$U:$U,MATCH(E271,CTS!$E:$E,0))),\"\",(INDEX(CTS!$U:$U,MATCH(E271,CTS!$E:$E,0))))","v":-2},{"$f":"IF(ISNA(INDEX(CTS!$V:$V,MATCH(E271,CTS!$E:$E,0))),\"\",(INDEX(CTS!$V:$V,MATCH(E271,CTS!$E:$E,0))))","v":680},{"$f":"IFERROR(INDEX(CTS!$A:$A,MATCH(E271,CTS!$E:$E,0)),\".\")","v":"P"},{"$f":"IFERROR(IFERROR(INDEX(#REF!,MATCH(E271,#REF!,0)),IFERROR(INDEX(#REF!,MATCH(E271,#REF!,0)),INDEX(#REF!,MATCH(E271,#REF!,0)) )),\".\")","v":"."},null,{"$f":"IFERROR(VLOOKUP(E271,#REF!,8,FALSE),IFERROR(VLOOKUP(E271,#REF!,8,FALSE),IFERROR(VLOOKUP(E271,#REF!,8,FALSE),\"\")))","v":""},".-."]
[267,{"$f":"IFERROR(DAY(CTR[[#This Row],[Date]]),\"\")","v":21},{"$f":"IFERROR(MONTH(CTR[[#This Row],[Date]]),\"\")","v":1},{"$f":"IF(ISNA(INDEX(CTS!C:C,MATCH(E272,CTS!$E:$E,0))),\"\",(INDEX(CTS!C:C,MATCH(E272,CTS!$E:$E,0))))","v":44217},"01-267",{"$f":"IF(ISNA(INDEX(CTS!$F:$F,MATCH(E272,CTS!$E:$E,0))),\"\",(INDEX(CTS!$F:$F,MATCH(E272,CTS!$E:$E,0))))","v":"CLIENT"},{"$f":"IF(ISNA(INDEX(CTS!$N:$N,MATCH(E272,CTS!$E:$E,0))),\"\",(INDEX(CTS!$N:$N,MATCH(E272,CTS!$E:$E,0))))","v":100.84033613445379},{"$f":"IF(ISNA(INDEX(CTS!$O:$O,MATCH(E272,CTS!$E:$E,0))),\"\",(INDEX(CTS!$O:$O,MATCH(E272,CTS!$E:$E,0))))","v":0},{"$f":"IF(ISNA(INDEX(CTS!$P:$P,MATCH(E272,CTS!$E:$E,0))),\"\",(INDEX(CTS!$P:$P,MATCH(E272,CTS!$E:$E,0))))","v":0},{"$f":"IF(ISNA(INDEX(CTS!$Q:$Q,MATCH(E272,CTS!$E:$E,0))),\"\",(INDEX(CTS!$Q:$Q,MATCH(E272,CTS!$E:$E,0))))","v":100.84033613445379},{"$f":"IF(ISNA(INDEX(CTS!$S:$S,MATCH(E272,CTS!$E:$E,0))),\"\",(INDEX(CTS!$S:$S,MATCH(E272,CTS!$E:$E,0))))","v":19.159663865546221},{"$f":"IF(ISNA(INDEX(CTS!$T:$T,MATCH(E272,CTS!$E:$E,0))),\"\",(INDEX(CTS!$T:$T,MATCH(E272,CTS!$E:$E,0))))","v":120.00000000000001},{"$f":"IF(ISNA(INDEX(CTS!$U:$U,MATCH(E272,CTS!$E:$E,0))),\"\",(INDEX(CTS!$U:$U,MATCH(E272,CTS!$E:$E,0))))","v":0},{"$f":"IF(ISNA(INDEX(CTS!$V:$V,MATCH(E272,CTS!$E:$E,0))),\"\",(INDEX(CTS!$V:$V,MATCH(E272,CTS!$E:$E,0))))","v":120.00000000000001},{"$f":"IFERROR(INDEX(CTS!$A:$A,MATCH(E272,CTS!$E:$E,0)),\".\")","v":"P"},{"$f":"IFERROR(IFERROR(INDEX(#REF!,MATCH(E272,#REF!,0)),IFERROR(INDEX(#REF!,MATCH(E272,#REF!,0)),INDEX(#REF!,MATCH(E272,#REF!,0)) )),\".\")","v":"."},null,{"$f":"IFERROR(VLOOKUP(E272,#REF!,8,FALSE),IFERROR(VLOOKUP(E272,#REF!,8,FALSE),IFERROR(VLOOKUP(E272,#REF!,8,FALSE),\"\")))","v":""},".-."]
[268,{"$f":"IFERROR(DAY(CTR[[#This Row],[Date]]),\"\")","v":21},{"$f":"IFERROR(MONTH(CTR[[#This Row],[Date]]),\"\")","v":1},{"$f":"IF(ISNA(INDEX(CTS!C:C,MATCH(E273,CTS!$E:$E,0))),\"\",(INDEX(CTS!C:C,MATCH(E273,CTS!$E:$E,0))))","v":44217},"01-268",{"$f":"IF(ISNA(INDEX(CTS!$F:$F,MATCH(E273,CTS!$E:$E,0))),\"\",(INDEX(CTS!$F:$F,MATCH(E273,CTS!$E:$E,0))))","v":"CLIENT"},{"$f":"IF(ISNA(INDEX(CTS!$N:$N,MATCH(E273,CTS!$E:$E,0))),\"\",(INDEX(CTS!$N:$N,MATCH(E273,CTS!$E:$E,0))))","v":33.613445378151262},{"$f":"IF(ISNA(INDEX(CTS!$O:$O,MATCH(E273,CTS!$E:$E,0))),\"\",(INDEX(CTS!$O:$O,MATCH(E273,CTS!$E:$E,0))))","v":0},{"$f":"IF(ISNA(INDEX(CTS!$P:$P,MATCH(E273,CTS!$E:$E,0))),\"\",(INDEX(CTS!$P:$P,MATCH(E273,CTS!$E:$E,0))))","v":0},{"$f":"IF(ISNA(INDEX(CTS!$Q:$Q,MATCH(E273,CTS!$E:$E,0))),\"\",(INDEX(CTS!$Q:$Q,MATCH(E273,CTS!$E:$E,0))))","v":33.613445378151262},{"$f":"IF(ISNA(INDEX(CTS!$S:$S,MATCH(E273,CTS!$E:$E,0))),\"\",(INDEX(CTS!$S:$S,MATCH(E273,CTS!$E:$E,0))))","v":6.3865546218487399},{"$f":"IF(ISNA(INDEX(CTS!$T:$T,MATCH(E273,CTS!$E:$E,0))),\"\",(INDEX(CTS!$T:$T,MATCH(E273,CTS!$E:$E,0))))","v":40},{"$f":"IF(ISNA(INDEX(CTS!$U:$U,MATCH(E273,CTS!$E:$E,0))),\"\",(INDEX(CTS!$U:$U,MATCH(E273,CTS!$E:$E,0))))","v":0},{"$f":"IF(ISNA(INDEX(CTS!$V:$V,MATCH(E273,CTS!$E:$E,0))),\"\",(INDEX(CTS!$V:$V,MATCH(E273,CTS!$E:$E,0))))","v":40},{"$f":"IFERROR(INDEX(CTS!$A:$A,MATCH(E273,CTS!$E:$E,0)),\".\")","v":"P"},{"$f":"IFERROR(IFERROR(INDEX(#REF!,MATCH(E273,#REF!,0)),IFERROR(INDEX(#REF!,MATCH(E273,#REF!,0)),INDEX(#REF!,MATCH(E273,#REF!,0)) )),\".\")","v":"."},null,{"$f":"IFERROR(VLOOKUP(E273,#REF!,8,FALSE),IFERROR(VLOOKUP(E273,#REF!,8,FALSE),IFERROR(VLOOKUP(E273,#REF!,8,FALSE),\"\")))","v":""},".-."]
[269,{"$f":"IFERROR(DAY(CTR[[#This Row],[Date]]),\"\")","v":21},{"$f":"IFERROR(MONTH(CTR[[#This Row],[Date]]),\"\")","v":1},{"$f":"IF(ISNA(INDEX(CTS!C:C,MATCH(E274,CTS!$E:$E,0))),\"\",(INDEX(CTS!C:C,MATCH(E274,CTS!$E:$E,0))))","v":44217},"01-269",{"$f":"IF(ISNA(INDEX(CTS!$F:$F,MATCH(E274,CTS!$E:$E,0))),\"\",(INDEX(CTS!$F:$F,MATCH(E274,CTS!$E:$E,0))))","v":"CLIENT"},{"$f":"IF(ISNA(INDEX(CTS!$N:$N,MATCH(E274,CTS!$E:$E,0))),\"\",(INDEX(CTS!$N:$N,MATCH(E274,CTS!$E:$E,0))))","v":16.806722689075631},{"$f":"IF(ISNA(INDEX(CTS!$O:$O,MATCH(E274,CTS!$E:$E,0))),\"\",(INDEX(CTS!$O:$O,MATCH(E274,CTS!$E:$E,0))))","v":0},{"$f":"IF(ISNA(INDEX(CTS!$P:$P,MATCH(E274,CTS!$E:$E,0))),\"\",(INDEX(CTS!$P:$P,MATCH(E274,CTS!$E:$E,0))))","v":0},{"$f":"IF(ISNA(INDEX(CTS!$Q:$Q,MATCH(E274,CTS!$E:$E,0))),\"\",(INDEX(CTS!$Q:$Q,MATCH(E274,CTS!$E:$E,0))))","v":16.806722689075631},{"$f":"IF(ISNA(INDEX(CTS!$S:$S,MATCH(E274,CTS!$E:$E,0))),\"\",(INDEX(CTS!$S:$S,MATCH(E274,CTS!$E:$E,0))))","v":3.1932773109243699},{"$f":"IF(ISNA(INDEX(CTS!$T:$T,MATCH(E274,CTS!$E:$E,0))),\"\",(INDEX(CTS!$T:$T,MATCH(E274,CTS!$E:$E,0))))","v":20},{"$f":"IF(ISNA(INDEX(CTS!$U:$U,MATCH(E274,CTS!$E:$E,0))),\"\",(INDEX(CTS!$U:$U,MATCH(E274,CTS!$E:$E,0))))","v":0},{"$f":"IF(ISNA(INDEX(CTS!$V:$V,MATCH(E274,CTS!$E:$E,0))),\"\",(INDEX(CTS!$V:$V,MATCH(E274,CTS!$E:$E,0))))","v":20},{"$f":"IFERROR(INDEX(CTS!$A:$A,MATCH(E274,CTS!$E:$E,0)),\".\")","v":"P"},{"$f":"IFERROR(IFERROR(INDEX(#REF!,MATCH(E274,#REF!,0)),IFERROR(INDEX(#REF!,MATCH(E274,#REF!,0)),INDEX(#REF!,MATCH(E274,#REF!,0)) )),\".\")","v":"."},null,{"$f":"IFERROR(VLOOKUP(E274,#REF!,8,FALSE),IFERROR(VLOOKUP(E274,#REF!,8,FALSE),IFERROR(VLOOKUP(E274,#REF!,8,FALSE),\"\")))","v":""},".-."]
[270,{"$f":"IFERROR(DAY(CTR[[#This Row],[Date]]),\"\")","v":21},{"$f":"IFERROR(MONTH(CTR[[#This Row],[Date]]),\"\")","v":1},{"$f":"IF(ISNA(INDEX(CTS!C:C,MATCH(E275,CTS!$E:$E,0))),\"\",(INDEX(CTS!C:C,MATCH(E275,CTS!$E:$E,0))))","v":44217},"01-270",{"$f":"IF(ISNA(INDEX(CTS!$F:$F,MATCH(E275,CTS!$E:$E,0))),\"\",(INDEX(CTS!$F:$F,MATCH(E275,CTS!$E:$E,0))))","v":"CLIENT"},{"$f":"IF(ISNA(INDEX(CTS!$N:$N,MATCH(E275,CTS!$E:$E,0))),\"\",(INDEX(CTS!$N:$N,MATCH(E275,CTS!$E:$E,0))))","v":489.07563025210084},{"$f":"IF(ISNA(INDEX(CTS!$O:$O,MATCH(E275,CTS!$E:$E,0))),\"\",(INDEX(CTS!$O:$O,MATCH(E275,CTS!$E:$E,0))))","v":0},{"$f":"IF(ISNA(INDEX(CTS!$P:$P,MATCH(E275,CTS!$E:$E,0))),\"\",(INDEX(CTS!$P:$P,MATCH(E275,CTS!$E:$E,0))))","v":0},{"$f":"IF(ISNA(INDEX(CTS!$Q:$Q,MATCH(E275,CTS!$E:$E,0))),\"\",(INDEX(CTS!$Q:$Q,MATCH(E275,CTS!$E:$E,0))))","v":489.07563025210084},{"$f":"IF(ISNA(INDEX(CTS!$S:$S,MATCH(E275,CTS!$E:$E,0))),\"\",(INDEX(CTS!$S:$S,MATCH(E275,CTS!$E:$E,0))))","v":92.924369747899163},{"$f":"IF(ISNA(INDEX(CTS!$T:$T,MATCH(E275,CTS!$E:$E,0))),\"\",(INDEX(CTS!$T:$T,MATCH(E275,CTS!$E:$E,0))))","v":582},{"$f":"IF(ISNA(INDEX(CTS!$U:$U,MATCH(E275,CTS!$E:$E,0))),\"\",(INDEX(CTS!$U:$U,MATCH(E275,CTS!$E:$E,0))))","v":2},{"$f":"IF(ISNA(INDEX(CTS!$V:$V,MATCH(E275,CTS!$E:$E,0))),\"\",(INDEX(CTS!$V:$V,MATCH(E275,CTS!$E:$E,0))))","v":580},{"$f":"IFERROR(INDEX(CTS!$A:$A,MATCH(E275,CTS!$E:$E,0)),\".\")","v":"P"},{"$f":"IFERROR(IFERROR(INDEX(#REF!,MATCH(E275,#REF!,0)),IFERROR(INDEX(#REF!,MATCH(E275,#REF!,0)),INDEX(#REF!,MATCH(E275,#REF!,0)) )),\".\")","v":"."},null,{"$f":"IFERROR(VLOOKUP(E275,#REF!,8,FALSE),IFERROR(VLOOKUP(E275,#REF!,8,FALSE),IFERROR(VLOOKUP(E275,#REF!,8,FALSE),\"\")))","v":""},".-."]
[271,{"$f":"IFERROR(DAY(CTR[[#This Row],[Date]]),\"\")","v":21},{"$f":"IFERROR(MONTH(CTR[[#This Row],[Date]]),\"\")","v":1},{"$f":"IF(ISNA(INDEX(CTS!C:C,MATCH(E276,CTS!$E:$E,0))),\"\",(INDEX(CTS!C:C,MATCH(E276,CTS!$E:$E,0))))","v":44217},"01-271",{"$f":"IF(ISNA(INDEX(CTS!$F:$F,MATCH(E276,CTS!$E:$E,0))),\"\",(INDEX(CTS!$F:$F,MATCH(E276,CTS!$E:$E,0))))","v":"CLIENT"},{"$f":"IF(ISNA(INDEX(CTS!$N:$N,MATCH(E276,CTS!$E:$E,0))),\"\",(INDEX(CTS!$N:$N,MATCH(E276,CTS!$E:$E,0))))","v":840.33613445378148},{"$f":"IF(ISNA(INDEX(CTS!$O:$O,MATCH(E276,CTS!$E:$E,0))),\"\",(INDEX(CTS!$O:$O,MATCH(E276,CTS!$E:$E,0))))","v":0},{"$f":"IF(ISNA(INDEX(CTS!$P:$P,MATCH(E276,CTS!$E:$E,0))),\"\",(INDEX(CTS!$P:$P,MATCH(E276,CTS!$E:$E,0))))","v":0},{"$f":"IF(ISNA(INDEX(CTS!$Q:$Q,MATCH(E276,CTS!$E:$E,0))),\"\",(INDEX(CTS!$Q:$Q,MATCH(E276,CTS!$E:$E,0))))","v":840.33613445378148},{"$f":"IF(ISNA(INDEX(CTS!$S:$S,MATCH(E276,CTS!$E:$E,0))),\"\",(INDEX(CTS!$S:$S,MATCH(E276,CTS!$E:$E,0))))","v":159.66386554621849},{"$f":"IF(ISNA(INDEX(CTS!$T:$T,MATCH(E276,CTS!$E:$E,0))),\"\",(INDEX(CTS!$T:$T,MATCH(E276,CTS!$E:$E,0))))","v":1000},{"$f":"IF(ISNA(INDEX(CTS!$U:$U,MATCH(E276,CTS!$E:$E,0))),\"\",(INDEX(CTS!$U:$U,MATCH(E276,CTS!$E:$E,0))))","v":0},{"$f":"IF(ISNA(INDEX(CTS!$V:$V,MATCH(E276,CTS!$E:$E,0))),\"\",(INDEX(CTS!$V:$V,MATCH(E276,CTS!$E:$E,0))))","v":1000},{"$f":"IFERROR(INDEX(CTS!$A:$A,MATCH(E276,CTS!$E:$E,0)),\".\")","v":"P"},{"$f":"IFERROR(IFERROR(INDEX(#REF!,MATCH(E276,#REF!,0)),IFERROR(INDEX(#REF!,MATCH(E276,#REF!,0)),INDEX(#REF!,MATCH(E276,#REF!,0)) )),\".\")","v":"."},null,{"$f":"IFERROR(VLOOKUP(E276,#REF!,8,FALSE),IFERROR(VLOOKUP(E276,#REF!,8,FALSE),IFERROR(VLOOKUP(E276,#REF!,8,FALSE),\"\")))","v":""},".-."]
[272,{"$f":"IFERROR(DAY(CTR[[#This Row],[Date]]),\"\")","v":21},{"$f":"IFERROR(MONTH(CTR[[#This Row],[Date]]),\"\")","v":1},{"$f":"IF(ISNA(INDEX(CTS!C:C,MATCH(E277,CTS!$E:$E,0))),\"\",(INDEX(CTS!C:C,MATCH(E277,CTS!$E:$E,0))))","v":44217},"01-272",{"$f":"IF(ISNA(INDEX(CTS!$F:$F,MATCH(E277,CTS!$E:$E,0))),\"\",(INDEX(CTS!$F:$F,MATCH(E277,CTS!$E:$E,0))))","v":"CLIENT"},{"$f":"IF(ISNA(INDEX(CTS!$N:$N,MATCH(E277,CTS!$E:$E,0))),\"\",(INDEX(CTS!$N:$N,MATCH(E277,CTS!$E:$E,0))))","v":50.420168067226896},{"$f":"IF(ISNA(INDEX(CTS!$O:$O,MATCH(E277,CTS!$E:$E,0))),\"\",(INDEX(CTS!$O:$O,MATCH(E277,CTS!$E:$E,0))))","v":0},{"$f":"IF(ISNA(INDEX(CTS!$P:$P,MATCH(E277,CTS!$E:$E,0))),\"\",(INDEX(CTS!$P:$P,MATCH(E277,CTS!$E:$E,0))))","v":0},{"$f":"IF(ISNA(INDEX(CTS!$Q:$Q,MATCH(E277,CTS!$E:$E,0))),\"\",(INDEX(CTS!$Q:$Q,MATCH(E277,CTS!$E:$E,0))))","v":50.420168067226896},{"$f":"IF(ISNA(INDEX(CTS!$S:$S,MATCH(E277,CTS!$E:$E,0))),\"\",(INDEX(CTS!$S:$S,MATCH(E277,CTS!$E:$E,0))))","v":9.5798319327731107},{"$f":"IF(ISNA(INDEX(CTS!$T:$T,MATCH(E277,CTS!$E:$E,0))),\"\",(INDEX(CTS!$T:$T,MATCH(E277,CTS!$E:$E,0))))","v":60.000000000000007},{"$f":"IF(ISNA(INDEX(CTS!$U:$U,MATCH(E277,CTS!$E:$E,0))),\"\",(INDEX(CTS!$U:$U,MATCH(E277,CTS!$E:$E,0))))","v":0},{"$f":"IF(ISNA(INDEX(CTS!$V:$V,MATCH(E277,CTS!$E:$E,0))),\"\",(INDEX(CTS!$V:$V,MATCH(E277,CTS!$E:$E,0))))","v":60.000000000000007},{"$f":"IFERROR(INDEX(CTS!$A:$A,MATCH(E277,CTS!$E:$E,0)),\".\")","v":"P"},{"$f":"IFERROR(IFERROR(INDEX(#REF!,MATCH(E277,#REF!,0)),IFERROR(INDEX(#REF!,MATCH(E277,#REF!,0)),INDEX(#REF!,MATCH(E277,#REF!,0)) )),\".\")","v":"."},null,{"$f":"IFERROR(VLOOKUP(E277,#REF!,8,FALSE),IFERROR(VLOOKUP(E277,#REF!,8,FALSE),IFERROR(VLOOKUP(E277,#REF!,8,FALSE),\"\")))","v":""},".-."]
[273,{"$f":"IFERROR(DAY(CTR[[#This Row],[Date]]),\"\")","v":21},{"$f":"IFERROR(MONTH(CTR[[#This Row],[Date]]),\"\")","v":1},{"$f":"IF(ISNA(INDEX(CTS!C:C,MATCH(E278,CTS!$E:$E,0))),\"\",(INDEX(CTS!C:C,MATCH(E278,CTS!$E:$E,0))))","v":44217},"01-273",{"$f":"IF(ISNA(INDEX(CTS!$F:$F,MATCH(E278,CTS!$E:$E,0))),\"\",(INDEX(CTS!$F:$F,MATCH(E278,CTS!$E:$E,0))))","v":"CLIENT"},{"$f":"IF(ISNA(INDEX(CTS!$N:$N,MATCH(E278,CTS!$E:$E,0))),\"\",(INDEX(CTS!$N:$N,MATCH(E278,CTS!$E:$E,0))))","v":1848.7394957983192},{"$f":"IF(ISNA(INDEX(CTS!$O:$O,MATCH(E278,CTS!$E:$E,0))),\"\",(INDEX(CTS!$O:$O,MATCH(E278,CTS!$E:$E,0))))","v":0},{"$f":"IF(ISNA(INDEX(CTS!$P:$P,MATCH(E278,CTS!$E:$E,0))),\"\",(INDEX(CTS!$P:$P,MATCH(E278,CTS!$E:$E,0))))","v":0},{"$f":"IF(ISNA(INDEX(CTS!$Q:$Q,MATCH(E278,CTS!$E:$E,0))),\"\",(INDEX(CTS!$Q:$Q,MATCH(E278,CTS!$E:$E,0))))","v":1848.7394957983192},{"$f":"IF(ISNA(INDEX(CTS!$S:$S,MATCH(E278,CTS!$E:$E,0))),\"\",(INDEX(CTS!$S:$S,MATCH(E278,CTS!$E:$E,0))))","v":351.26050420168065},{"$f":"IF(ISNA(INDEX(CTS!$T:$T,MATCH(E278,CTS!$E:$E,0))),\"\",(INDEX(CTS!$T:$T,MATCH(E278,CTS!$E:$E,0))))","v":2200},{"$f":"IF(ISNA(INDEX(CTS!$U:$U,MATCH(E278,CTS!$E:$E,0))),\"\",(INDEX(CTS!$U:$U,MATCH(E278,CTS!$E:$E,0))))","v":0},{"$f":"IF(ISNA(INDEX(CTS!$V:$V,MATCH(E278,CTS!$E:$E,0))),\"\",(INDEX(CTS!$V:$V,MATCH(E278,CTS!$E:$E,0))))","v":2200},{"$f":"IFERROR(INDEX(CTS!$A:$A,MATCH(E278,CTS!$E:$E,0)),\".\")","v":"P"},{"$f":"IFERROR(IFERROR(INDEX(#REF!,MATCH(E278,#REF!,0)),IFERROR(INDEX(#REF!,MATCH(E278,#REF!,0)),INDEX(#REF!,MATCH(E278,#REF!,0)) )),\".\")","v":"."},null,{"$f":"IFERROR(VLOOKUP(E278,#REF!,8,FALSE),IFERROR(VLOOKUP(E278,#REF!,8,FALSE),IFERROR(VLOOKUP(E278,#REF!,8,FALSE),\"\")))","v":""},".-."]
[274,{"$f":"IFERROR(DAY(CTR[[#This Row],[Date]]),\"\")","v":21},{"$f":"IFERROR(MONTH(CTR[[#This Row],[Date]]),\"\")","v":1},{"$f":"IF(ISNA(INDEX(CTS!C:C,MATCH(E279,CTS!$E:$E,0))),\"\",(INDEX(CTS!C:C,MATCH(E279,CTS!$E:$E,0))))","v":44217},"01-274",{"$f":"IF(ISNA(INDEX(CTS!$F:$F,MATCH(E279,CTS!$E:$E,0))),\"\",(INDEX(CTS!$F:$F,MATCH(E279,CTS!$E:$E,0))))","v":"CLIENT"},{"$f":"IF(ISNA(INDEX(CTS!$N:$N,MATCH(E279,CTS!$E:$E,0))),\"\",(INDEX(CTS!$N:$N,MATCH(E279,CTS!$E:$E,0))))","v":84.033613445378151},{"$f":"IF(ISNA(INDEX(CTS!$O:$O,MATCH(E279,CTS!$E:$E,0))),\"\",(INDEX(CTS!$O:$O,MATCH(E279,CTS!$E:$E,0))))","v":0},{"$f":"IF(ISNA(INDEX(CTS!$P:$P,MATCH(E279,CTS!$E:$E,0))),\"\",(INDEX(CTS!$P:$P,MATCH(E279,CTS!$E:$E,0))))","v":0},{"$f":"IF(ISNA(INDEX(CTS!$Q:$Q,MATCH(E279,CTS!$E:$E,0))),\"\",(INDEX(CTS!$Q:$Q,MATCH(E279,CTS!$E:$E,0))))","v":84.033613445378151},{"$f":"IF(ISNA(INDEX(CTS!$S:$S,MATCH(E279,CTS!$E:$E,0))),\"\",(INDEX(CTS!$S:$S,MATCH(E279,CTS!$E:$E,0))))","v":15.966386554621849},{"$f":"IF(ISNA(INDEX(CTS!$T:$T,MATCH(E279,CTS!$E:$E,0))),\"\",(INDEX(CTS!$T:$T,MATCH(E279,CTS!$E:$E,0))))","v":100},{"$f":"IF(ISNA(INDEX(CTS!$U:$U,MATCH(E279,CTS!$E:$E,0))),\"\",(INDEX(CTS!$U:$U,MATCH(E279,CTS!$E:$E,0))))","v":0},{"$f":"IF(ISNA(INDEX(CTS!$V:$V,MATCH(E279,CTS!$E:$E,0))),\"\",(INDEX(CTS!$V:$V,MATCH(E279,CTS!$E:$E,0))))","v":100},{"$f":"IFERROR(INDEX(CTS!$A:$A,MATCH(E279,CTS!$E:$E,0)),\".\")","v":"P"},{"$f":"IFERROR(IFERROR(INDEX(#REF!,MATCH(E279,#REF!,0)),IFERROR(INDEX(#REF!,MATCH(E279,#REF!,0)),INDEX(#REF!,MATCH(E279,#REF!,0)) )),\".\")","v":"."},null,{"$f":"IFERROR(VLOOKUP(E279,#REF!,8,FALSE),IFERROR(VLOOKUP(E279,#REF!,8,FALSE),IFERROR(VLOOKUP(E279,#REF!,8,FALSE),\"\")))","v":""},".-."]
[275,{"$f":"IFERROR(DAY(CTR[[#This Row],[Date]]),\"\")","v":21},{"$f":"IFERROR(MONTH(CTR[[#This Row],[Date]]),\"\")","v":1},{"$f":"IF(ISNA(INDEX(CTS!C:C,MATCH(E280,CTS!$E:$E,0))),\"\",(INDEX(CTS!C:C,MATCH(E280,CTS!$E:$E,0))))","v":44217},"01-275",{"$f":"IF(ISNA(INDEX(CTS!$F:$F,MATCH(E280,CTS!$E:$E,0))),\"\",(INDEX(CTS!$F:$F,MATCH(E280,CTS!$E:$E,0))))","v":"CLIENT"},{"$f":"IF(ISNA(INDEX(CTS!$N:$N,MATCH(E280,CTS!$E:$E,0))),\"\",(INDEX(CTS!$N:$N,MATCH(E280,CTS!$E:$E,0))))","v":8228.5714285714294},{"$f":"IF(ISNA(INDEX(CTS!$O:$O,MATCH(E280,CTS!$E:$E,0))),\"\",(INDEX(CTS!$O:$O,MATCH(E280,CTS!$E:$E,0))))","v":0},{"$f":"IF(ISNA(INDEX(CTS!$P:$P,MATCH(E280,CTS!$E:$E,0))),\"\",(INDEX(CTS!$P:$P,MATCH(E280,CTS!$E:$E,0))))","v":0},{"$f":"IF(ISNA(INDEX(CTS!$Q:$Q,MATCH(E280,CTS!$E:$E,0))),\"\",(INDEX(CTS!$Q:$Q,MATCH(E280,CTS!$E:$E,0))))","v":8228.5714285714294},{"$f":"IF(ISNA(INDEX(CTS!$S:$S,MATCH(E280,CTS!$E:$E,0))),\"\",(INDEX(CTS!$S:$S,MATCH(E280,CTS!$E:$E,0))))","v":1563.4285714285716},{"$f":"IF(ISNA(INDEX(CTS!$T:$T,MATCH(E280,CTS!$E:$E,0))),\"\",(INDEX(CTS!$T:$T,MATCH(E280,CTS!$E:$E,0))))","v":9792},{"$f":"IF(ISNA(INDEX(CTS!$U:$U,MATCH(E280,CTS!$E:$E,0))),\"\",(INDEX(CTS!$U:$U,MATCH(E280,CTS!$E:$E,0))))","v":2},{"$f":"IF(ISNA(INDEX(CTS!$V:$V,MATCH(E280,CTS!$E:$E,0))),\"\",(INDEX(CTS!$V:$V,MATCH(E280,CTS!$E:$E,0))))","v":9790},{"$f":"IFERROR(INDEX(CTS!$A:$A,MATCH(E280,CTS!$E:$E,0)),\".\")","v":"P"},{"$f":"IFERROR(IFERROR(INDEX(#REF!,MATCH(E280,#REF!,0)),IFERROR(INDEX(#REF!,MATCH(E280,#REF!,0)),INDEX(#REF!,MATCH(E280,#REF!,0)) )),\".\")","v":"."},null,{"$f":"IFERROR(VLOOKUP(E280,#REF!,8,FALSE),IFERROR(VLOOKUP(E280,#REF!,8,FALSE),IFERROR(VLOOKUP(E280,#REF!,8,FALSE),\"\")))","v":""},".-."]
[276,{"$f":"IFERROR(DAY(CTR[[#This Row],[Date]]),\"\")","v":21},{"$f":"IFERROR(MONTH(CTR[[#This Row],[Date]]),\"\")","v":1},{"$f":"IF(ISNA(INDEX(CTS!C:C,MATCH(E281,CTS!$E:$E,0))),\"\",(INDEX(CTS!C:C,MATCH(E281,CTS!$E:$E,0))))","v":44217},"01-276",{"$f":"IF(ISNA(INDEX(CTS!$F:$F,MATCH(E281,CTS!$E:$E,0))),\"\",(INDEX(CTS!$F:$F,MATCH(E281,CTS!$E:$E,0))))","v":"CLIENT"},{"$f":"IF(ISNA(INDEX(CTS!$N:$N,MATCH(E281,CTS!$E:$E,0))),\"\",(INDEX(CTS!$N:$N,MATCH(E281,CTS!$E:$E,0))))","v":3729.4117647058833},{"$f":"IF(ISNA(INDEX(CTS!$O:$O,MATCH(E281,CTS!$E:$E,0))),\"\",(INDEX(CTS!$O:$O,MATCH(E281,CTS!$E:$E,0))))","v":0},{"$f":"IF(ISNA(INDEX(CTS!$P:$P,MATCH(E281,CTS!$E:$E,0))),\"\",(INDEX(CTS!$P:$P,MATCH(E281,CTS!$E:$E,0))))","v":0},{"$f":"IF(ISNA(INDEX(CTS!$Q:$Q,MATCH(E281,CTS!$E:$E,0))),\"\",(INDEX(CTS!$Q:$Q,MATCH(E281,CTS!$E:$E,0))))","v":3729.4117647058833},{"$f":"IF(ISNA(INDEX(CTS!$S:$S,MATCH(E281,CTS!$E:$E,0))),\"\",(INDEX(CTS!$S:$S,MATCH(E281,CTS!$E:$E,0))))","v":708.58823529411779},{"$f":"IF(ISNA(INDEX(CTS!$T:$T,MATCH(E281,CTS!$E:$E,0))),\"\",(INDEX(CTS!$T:$T,MATCH(E281,CTS!$E:$E,0))))","v":4438.0000000000009},{"$f":"IF(ISNA(INDEX(CTS!$U:$U,MATCH(E281,CTS!$E:$E,0))),\"\",(INDEX(CTS!$U:$U,MATCH(E281,CTS!$E:$E,0))))","v":-2},{"$f":"IF(ISNA(INDEX(CTS!$V:$V,MATCH(E281,CTS!$E:$E,0))),\"\",(INDEX(CTS!$V:$V,MATCH(E281,CTS!$E:$E,0))))","v":4440.0000000000009},{"$f":"IFERROR(INDEX(CTS!$A:$A,MATCH(E281,CTS!$E:$E,0)),\".\")","v":"P"},{"$f":"IFERROR(IFERROR(INDEX(#REF!,MATCH(E281,#REF!,0)),IFERROR(INDEX(#REF!,MATCH(E281,#REF!,0)),INDEX(#REF!,MATCH(E281,#REF!,0)) )),\".\")","v":"."},null,{"$f":"IFERROR(VLOOKUP(E281,#REF!,8,FALSE),IFERROR(VLOOKUP(E281,#REF!,8,FALSE),IFERROR(VLOOKUP(E281,#REF!,8,FALSE),\"\")))","v":""},".-."]
[277,{"$f":"IFERROR(DAY(CTR[[#This Row],[Date]]),\"\")","v":21},{"$f":"IFERROR(MONTH(CTR[[#This Row],[Date]]),\"\")","v":1},{"$f":"IF(ISNA(INDEX(CTS!C:C,MATCH(E282,CTS!$E:$E,0))),\"\",(INDEX(CTS!C:C,MATCH(E282,CTS!$E:$E,0))))","v":44217},"01-277",{"$f":"IF(ISNA(INDEX(CTS!$F:$F,MATCH(E282,CTS!$E:$E,0))),\"\",(INDEX(CTS!$F:$F,MATCH(E282,CTS!$E:$E,0))))","v":"CLIENT"},{"$f":"IF(ISNA(INDEX(CTS!$N:$N,MATCH(E282,CTS!$E:$E,0))),\"\",(INDEX(CTS!$N:$N,MATCH(E282,CTS!$E:$E,0))))","v":1378.1512605042017},{"$f":"IF(ISNA(INDEX(CTS!$O:$O,MATCH(E282,CTS!$E:$E,0))),\"\",(INDEX(CTS!$O:$O,MATCH(E282,CTS!$E:$E,0))))","v":0},{"$f":"IF(ISNA(INDEX(CTS!$P:$P,MATCH(E282,CTS!$E:$E,0))),\"\",(INDEX(CTS!$P:$P,MATCH(E282,CTS!$E:$E,0))))","v":0},{"$f":"IF(ISNA(INDEX(CTS!$Q:$Q,MATCH(E282,CTS!$E:$E,0))),\"\",(INDEX(CTS!$Q:$Q,MATCH(E282,CTS!$E:$E,0))))","v":1378.1512605042017},{"$f":"IF(ISNA(INDEX(CTS!$S:$S,MATCH(E282,CTS!$E:$E,0))),\"\",(INDEX(CTS!$S:$S,MATCH(E282,CTS!$E:$E,0))))","v":261.84873949579833},{"$f":"IF(ISNA(INDEX(CTS!$T:$T,MATCH(E282,CTS!$E:$E,0))),\"\",(INDEX(CTS!$T:$T,MATCH(E282,CTS!$E:$E,0))))","v":1640},{"$f":"IF(ISNA(INDEX(CTS!$U:$U,MATCH(E282,CTS!$E:$E,0))),\"\",(INDEX(CTS!$U:$U,MATCH(E282,CTS!$E:$E,0))))","v":0},{"$f":"IF(ISNA(INDEX(CTS!$V:$V,MATCH(E282,CTS!$E:$E,0))),\"\",(INDEX(CTS!$V:$V,MATCH(E282,CTS!$E:$E,0))))","v":1640},{"$f":"IFERROR(INDEX(CTS!$A:$A,MATCH(E282,CTS!$E:$E,0)),\".\")","v":"P"},{"$f":"IFERROR(IFERROR(INDEX(#REF!,MATCH(E282,#REF!,0)),IFERROR(INDEX(#REF!,MATCH(E282,#REF!,0)),INDEX(#REF!,MATCH(E282,#REF!,0)) )),\".\")","v":"."},null,{"$f":"IFERROR(VLOOKUP(E282,#REF!,8,FALSE),IFERROR(VLOOKUP(E282,#REF!,8,FALSE),IFERROR(VLOOKUP(E282,#REF!,8,FALSE),\"\")))","v":""},".-."]
[278,{"$f":"IFERROR(DAY(CTR[[#This Row],[Date]]),\"\")","v":21},{"$f":"IFERROR(MONTH(CTR[[#This Row],[Date]]),\"\")","v":1},{"$f":"IF(ISNA(INDEX(CTS!C:C,MATCH(E283,CTS!$E:$E,0))),\"\",(INDEX(CTS!C:C,MATCH(E283,CTS!$E:$E,0))))","v":44217},"01-278",{"$f":"IF(ISNA(INDEX(CTS!$F:$F,MATCH(E283,CTS!$E:$E,0))),\"\",(INDEX(CTS!$F:$F,MATCH(E283,CTS!$E:$E,0))))","v":"CLIENT"},{"$f":"IF(ISNA(INDEX(CTS!$N:$N,MATCH(E283,CTS!$E:$E,0))),\"\",(INDEX(CTS!$N:$N,MATCH(E283,CTS!$E:$E,0))))","v":676.47058823529414},{"$f":"IF(ISNA(INDEX(CTS!$O:$O,MATCH(E283,CTS!$E:$E,0))),\"\",(INDEX(CTS!$O:$O,MATCH(E283,CTS!$E:$E,0))))","v":0},{"$f":"IF(ISNA(INDEX(CTS!$P:$P,MATCH(E283,CTS!$E:$E,0))),\"\",(INDEX(CTS!$P:$P,MATCH(E283,CTS!$E:$E,0))))","v":0},{"$f":"IF(ISNA(INDEX(CTS!$Q:$Q,MATCH(E283,CTS!$E:$E,0))),\"\",(INDEX(CTS!$Q:$Q,MATCH(E283,CTS!$E:$E,0))))","v":676.47058823529414},{"$f":"IF(ISNA(INDEX(CTS!$S:$S,MATCH(E283,CTS!$E:$E,0))),\"\",(INDEX(CTS!$S:$S,MATCH(E283,CTS!$E:$E,0))))","v":128.52941176470588},{"$f":"IF(ISNA(INDEX(CTS!$T:$T,MATCH(E283,CTS!$E:$E,0))),\"\",(INDEX(CTS!$T:$T,MATCH(E283,CTS!$E:$E,0))))","v":805},{"$f":"IF(ISNA(INDEX(CTS!$U:$U,MATCH(E283,CTS!$E:$E,0))),\"\",(INDEX(CTS!$U:$U,MATCH(E283,CTS!$E:$E,0))))","v":5},{"$f":"IF(ISNA(INDEX(CTS!$V:$V,MATCH(E283,CTS!$E:$E,0))),\"\",(INDEX(CTS!$V:$V,MATCH(E283,CTS!$E:$E,0))))","v":800},{"$f":"IFERROR(INDEX(CTS!$A:$A,MATCH(E283,CTS!$E:$E,0)),\".\")","v":"P"},{"$f":"IFERROR(IFERROR(INDEX(#REF!,MATCH(E283,#REF!,0)),IFERROR(INDEX(#REF!,MATCH(E283,#REF!,0)),INDEX(#REF!,MATCH(E283,#REF!,0)) )),\".\")","v":"."},null,{"$f":"IFERROR(VLOOKUP(E283,#REF!,8,FALSE),IFERROR(VLOOKUP(E283,#REF!,8,FALSE),IFERROR(VLOOKUP(E283,#REF!,8,FALSE),\"\")))","v":""},".-."]
[279,{"$f":"IFERROR(DAY(CTR[[#This Row],[Date]]),\"\")","v":21},{"$f":"IFERROR(MONTH(CTR[[#This Row],[Date]]),\"\")","v":1},{"$f":"IF(ISNA(INDEX(CTS!C:C,MATCH(E284,CTS!$E:$E,0))),\"\",(INDEX(CTS!C:C,MATCH(E284,CTS!$E:$E,0))))","v":44217},"01-279",{"$f":"IF(ISNA(INDEX(CTS!$F:$F,MATCH(E284,CTS!$E:$E,0))),\"\",(INDEX(CTS!$F:$F,MATCH(E284,CTS!$E:$E,0))))","v":"CLIENT"},{"$f":"IF(ISNA(INDEX(CTS!$N:$N,MATCH(E284,CTS!$E:$E,0))),\"\",(INDEX(CTS!$N:$N,MATCH(E284,CTS!$E:$E,0))))","v":252.10084033613447},{"$f":"IF(ISNA(INDEX(CTS!$O:$O,MATCH(E284,CTS!$E:$E,0))),\"\",(INDEX(CTS!$O:$O,MATCH(E284,CTS!$E:$E,0))))","v":0},{"$f":"IF(ISNA(INDEX(CTS!$P:$P,MATCH(E284,CTS!$E:$E,0))),\"\",(INDEX(CTS!$P:$P,MATCH(E284,CTS!$E:$E,0))))","v":0},{"$f":"IF(ISNA(INDEX(CTS!$Q:$Q,MATCH(E284,CTS!$E:$E,0))),\"\",(INDEX(CTS!$Q:$Q,MATCH(E284,CTS!$E:$E,0))))","v":252.10084033613447},{"$f":"IF(ISNA(INDEX(CTS!$S:$S,MATCH(E284,CTS!$E:$E,0))),\"\",(INDEX(CTS!$S:$S,MATCH(E284,CTS!$E:$E,0))))","v":47.899159663865554},{"$f":"IF(ISNA(INDEX(CTS!$T:$T,MATCH(E284,CTS!$E:$E,0))),\"\",(INDEX(CTS!$T:$T,MATCH(E284,CTS!$E:$E,0))))","v":300},{"$f":"IF(ISNA(INDEX(CTS!$U:$U,MATCH(E284,CTS!$E:$E,0))),\"\",(INDEX(CTS!$U:$U,MATCH(E284,CTS!$E:$E,0))))","v":0},{"$f":"IF(ISNA(INDEX(CTS!$V:$V,MATCH(E284,CTS!$E:$E,0))),\"\",(INDEX(CTS!$V:$V,MATCH(E284,CTS!$E:$E,0))))","v":300},{"$f":"IFERROR(INDEX(CTS!$A:$A,MATCH(E284,CTS!$E:$E,0)),\".\")","v":"P"},{"$f":"IFERROR(IFERROR(INDEX(#REF!,MATCH(E284,#REF!,0)),IFERROR(INDEX(#REF!,MATCH(E284,#REF!,0)),INDEX(#REF!,MATCH(E284,#REF!,0)) )),\".\")","v":"."},null,{"$f":"IFERROR(VLOOKUP(E284,#REF!,8,FALSE),IFERROR(VLOOKUP(E284,#REF!,8,FALSE),IFERROR(VLOOKUP(E284,#REF!,8,FALSE),\"\")))","v":""},".-."]
[280,{"$f":"IFERROR(DAY(CTR[[#This Row],[Date]]),\"\")","v":21},{"$f":"IFERROR(MONTH(CTR[[#This Row],[Date]]),\"\")","v":1},{"$f":"IF(ISNA(INDEX(CTS!C:C,MATCH(E285,CTS!$E:$E,0))),\"\",(INDEX(CTS!C:C,MATCH(E285,CTS!$E:$E,0))))","v":44217},"01-280",{"$f":"IF(ISNA(INDEX(CTS!$F:$F,MATCH(E285,CTS!$E:$E,0))),\"\",(INDEX(CTS!$F:$F,MATCH(E285,CTS!$E:$E,0))))","v":"CLIENT"},{"$f":"IF(ISNA(INDEX(CTS!$N:$N,MATCH(E285,CTS!$E:$E,0))),\"\",(INDEX(CTS!$N:$N,MATCH(E285,CTS!$E:$E,0))))","v":168.06722689075633},{"$f":"IF(ISNA(INDEX(CTS!$O:$O,MATCH(E285,CTS!$E:$E,0))),\"\",(INDEX(CTS!$O:$O,MATCH(E285,CTS!$E:$E,0))))","v":0},{"$f":"IF(ISNA(INDEX(CTS!$P:$P,MATCH(E285,CTS!$E:$E,0))),\"\",(INDEX(CTS!$P:$P,MATCH(E285,CTS!$E:$E,0))))","v":0},{"$f":"IF(ISNA(INDEX(CTS!$Q:$Q,MATCH(E285,CTS!$E:$E,0))),\"\",(INDEX(CTS!$Q:$Q,MATCH(E285,CTS!$E:$E,0))))","v":168.06722689075633},{"$f":"IF(ISNA(INDEX(CTS!$S:$S,MATCH(E285,CTS!$E:$E,0))),\"\",(INDEX(CTS!$S:$S,MATCH(E285,CTS!$E:$E,0))))","v":31.932773109243701},{"$f":"IF(ISNA(INDEX(CTS!$T:$T,MATCH(E285,CTS!$E:$E,0))),\"\",(INDEX(CTS!$T:$T,MATCH(E285,CTS!$E:$E,0))))","v":200.00000000000003},{"$f":"IF(ISNA(INDEX(CTS!$U:$U,MATCH(E285,CTS!$E:$E,0))),\"\",(INDEX(CTS!$U:$U,MATCH(E285,CTS!$E:$E,0))))","v":0},{"$f":"IF(ISNA(INDEX(CTS!$V:$V,MATCH(E285,CTS!$E:$E,0))),\"\",(INDEX(CTS!$V:$V,MATCH(E285,CTS!$E:$E,0))))","v":200.00000000000003},{"$f":"IFERROR(INDEX(CTS!$A:$A,MATCH(E285,CTS!$E:$E,0)),\".\")","v":"P"},{"$f":"IFERROR(IFERROR(INDEX(#REF!,MATCH(E285,#REF!,0)),IFERROR(INDEX(#REF!,MATCH(E285,#REF!,0)),INDEX(#REF!,MATCH(E285,#REF!,0)) )),\".\")","v":"."},null,{"$f":"IFERROR(VLOOKUP(E285,#REF!,8,FALSE),IFERROR(VLOOKUP(E285,#REF!,8,FALSE),IFERROR(VLOOKUP(E285,#REF!,8,FALSE),\"\")))","v":""},".-."]
[281,{"$f":"IFERROR(DAY(CTR[[#This Row],[Date]]),\"\")","v":24},{"$f":"IFERROR(MONTH(CTR[[#This Row],[Date]]),\"\")","v":1},{"$f":"IF(ISNA(INDEX(CTS!C:C,MATCH(E286,CTS!$E:$E,0))),\"\",(INDEX(CTS!C:C,MATCH(E286,CTS!$E:$E,0))))","v":44220},"01-281",{"$f":"IF(ISNA(INDEX(CTS!$F:$F,MATCH(E286,CTS!$E:$E,0))),\"\",(INDEX(CTS!$F:$F,MATCH(E286,CTS!$E:$E,0))))","v":"CLIENT"},{"$f":"IF(ISNA(INDEX(CTS!$N:$N,MATCH(E286,CTS!$E:$E,0))),\"\",(INDEX(CTS!$N:$N,MATCH(E286,CTS!$E:$E,0))))","v":783.19327731092437},{"$f":"IF(ISNA(INDEX(CTS!$O:$O,MATCH(E286,CTS!$E:$E,0))),\"\",(INDEX(CTS!$O:$O,MATCH(E286,CTS!$E:$E,0))))","v":0},{"$f":"IF(ISNA(INDEX(CTS!$P:$P,MATCH(E286,CTS!$E:$E,0))),\"\",(INDEX(CTS!$P:$P,MATCH(E286,CTS!$E:$E,0))))","v":0},{"$f":"IF(ISNA(INDEX(CTS!$Q:$Q,MATCH(E286,CTS!$E:$E,0))),\"\",(INDEX(CTS!$Q:$Q,MATCH(E286,CTS!$E:$E,0))))","v":783.19327731092437},{"$f":"IF(ISNA(INDEX(CTS!$S:$S,MATCH(E286,CTS!$E:$E,0))),\"\",(INDEX(CTS!$S:$S,MATCH(E286,CTS!$E:$E,0))))","v":148.80672268907566},{"$f":"IF(ISNA(INDEX(CTS!$T:$T,MATCH(E286,CTS!$E:$E,0))),\"\",(INDEX(CTS!$T:$T,MATCH(E286,CTS!$E:$E,0))))","v":932},{"$f":"IF(ISNA(INDEX(CTS!$U:$U,MATCH(E286,CTS!$E:$E,0))),\"\",(INDEX(CTS!$U:$U,MATCH(E286,CTS!$E:$E,0))))","v":2},{"$f":"IF(ISNA(INDEX(CTS!$V:$V,MATCH(E286,CTS!$E:$E,0))),\"\",(INDEX(CTS!$V:$V,MATCH(E286,CTS!$E:$E,0))))","v":930},{"$f":"IFERROR(INDEX(CTS!$A:$A,MATCH(E286,CTS!$E:$E,0)),\".\")","v":"P"},{"$f":"IFERROR(IFERROR(INDEX(#REF!,MATCH(E286,#REF!,0)),IFERROR(INDEX(#REF!,MATCH(E286,#REF!,0)),INDEX(#REF!,MATCH(E286,#REF!,0)) )),\".\")","v":"."},null,{"$f":"IFERROR(VLOOKUP(E286,#REF!,8,FALSE),IFERROR(VLOOKUP(E286,#REF!,8,FALSE),IFERROR(VLOOKUP(E286,#REF!,8,FALSE),\"\")))","v":""},".-."]
[282,{"$f":"IFERROR(DAY(CTR[[#This Row],[Date]]),\"\")","v":24},{"$f":"IFERROR(MONTH(CTR[[#This Row],[Date]]),\"\")","v":1},{"$f":"IF(ISNA(INDEX(CTS!C:C,MATCH(E287,CTS!$E:$E,0))),\"\",(INDEX(CTS!C:C,MATCH(E287,CTS!$E:$E,0))))","v":44220},"01-282",{"$f":"IF(ISNA(INDEX(CTS!$F:$F,MATCH(E287,CTS!$E:$E,0))),\"\",(INDEX(CTS!$F:$F,MATCH(E287,CTS!$E:$E,0))))","v":"CLIENT"},{"$f":"IF(ISNA(INDEX(CTS!$N:$N,MATCH(E287,CTS!$E:$E,0))),\"\",(INDEX(CTS!$N:$N,MATCH(E287,CTS!$E:$E,0))))","v":645.3781512605043},{"$f":"IF(ISNA(INDEX(CTS!$O:$O,MATCH(E287,CTS!$E:$E,0))),\"\",(INDEX(CTS!$O:$O,MATCH(E287,CTS!$E:$E,0))))","v":0},{"$f":"IF(ISNA(INDEX(CTS!$P:$P,MATCH(E287,CTS!$E:$E,0))),\"\",(INDEX(CTS!$P:$P,MATCH(E287,CTS!$E:$E,0))))","v":0},{"$f":"IF(ISNA(INDEX(CTS!$Q:$Q,MATCH(E287,CTS!$E:$E,0))),\"\",(INDEX(CTS!$Q:$Q,MATCH(E287,CTS!$E:$E,0))))","v":645.3781512605043},{"$f":"IF(ISNA(INDEX(CTS!$S:$S,MATCH(E287,CTS!$E:$E,0))),\"\",(INDEX(CTS!$S:$S,MATCH(E287,CTS!$E:$E,0))))","v":122.62184873949582},{"$f":"IF(ISNA(INDEX(CTS!$T:$T,MATCH(E287,CTS!$E:$E,0))),\"\",(INDEX(CTS!$T:$T,MATCH(E287,CTS!$E:$E,0))))","v":768.00000000000011},{"$f":"IF(ISNA(INDEX(CTS!$U:$U,MATCH(E287,CTS!$E:$E,0))),\"\",(INDEX(CTS!$U:$U,MATCH(E287,CTS!$E:$E,0))))","v":8},{"$f":"IF(ISNA(INDEX(CTS!$V:$V,MATCH(E287,CTS!$E:$E,0))),\"\",(INDEX(CTS!$V:$V,MATCH(E287,CTS!$E:$E,0))))","v":760.00000000000011},{"$f":"IFERROR(INDEX(CTS!$A:$A,MATCH(E287,CTS!$E:$E,0)),\".\")","v":"P"},{"$f":"IFERROR(IFERROR(INDEX(#REF!,MATCH(E287,#REF!,0)),IFERROR(INDEX(#REF!,MATCH(E287,#REF!,0)),INDEX(#REF!,MATCH(E287,#REF!,0)) )),\".\")","v":"."},null,{"$f":"IFERROR(VLOOKUP(E287,#REF!,8,FALSE),IFERROR(VLOOKUP(E287,#REF!,8,FALSE),IFERROR(VLOOKUP(E287,#REF!,8,FALSE),\"\")))","v":""},".-."]
[283,{"$f":"IFERROR(DAY(CTR[[#This Row],[Date]]),\"\")","v":24},{"$f":"IFERROR(MONTH(CTR[[#This Row],[Date]]),\"\")","v":1},{"$f":"IF(ISNA(INDEX(CTS!C:C,MATCH(E288,CTS!$E:$E,0))),\"\",(INDEX(CTS!C:C,MATCH(E288,CTS!$E:$E,0))))","v":44220},"01-283",{"$f":"IF(ISNA(INDEX(CTS!$F:$F,MATCH(E288,CTS!$E:$E,0))),\"\",(INDEX(CTS!$F:$F,MATCH(E288,CTS!$E:$E,0))))","v":"CLIENT"},{"$f":"IF(ISNA(INDEX(CTS!$N:$N,MATCH(E288,CTS!$E:$E,0))),\"\",(INDEX(CTS!$N:$N,MATCH(E288,CTS!$E:$E,0))))","v":605.04201680672281},{"$f":"IF(ISNA(INDEX(CTS!$O:$O,MATCH(E288,CTS!$E:$E,0))),\"\",(INDEX(CTS!$O:$O,MATCH(E288,CTS!$E:$E,0))))","v":0},{"$f":"IF(ISNA(INDEX(CTS!$P:$P,MATCH(E288,CTS!$E:$E,0))),\"\",(INDEX(CTS!$P:$P,MATCH(E288,CTS!$E:$E,0))))","v":0},{"$f":"IF(ISNA(INDEX(CTS!$Q:$Q,MATCH(E288,CTS!$E:$E,0))),\"\",(INDEX(CTS!$Q:$Q,MATCH(E288,CTS!$E:$E,0))))","v":605.04201680672281},{"$f":"IF(ISNA(INDEX(CTS!$S:$S,MATCH(E288,CTS!$E:$E,0))),\"\",(INDEX(CTS!$S:$S,MATCH(E288,CTS!$E:$E,0))))","v":114.95798319327733},{"$f":"IF(ISNA(INDEX(CTS!$T:$T,MATCH(E288,CTS!$E:$E,0))),\"\",(INDEX(CTS!$T:$T,MATCH(E288,CTS!$E:$E,0))))","v":720.00000000000011},{"$f":"IF(ISNA(INDEX(CTS!$U:$U,MATCH(E288,CTS!$E:$E,0))),\"\",(INDEX(CTS!$U:$U,MATCH(E288,CTS!$E:$E,0))))","v":0},{"$f":"IF(ISNA(INDEX(CTS!$V:$V,MATCH(E288,CTS!$E:$E,0))),\"\",(INDEX(CTS!$V:$V,MATCH(E288,CTS!$E:$E,0))))","v":720.00000000000011},{"$f":"IFERROR(INDEX(CTS!$A:$A,MATCH(E288,CTS!$E:$E,0)),\".\")","v":"P"},{"$f":"IFERROR(IFERROR(INDEX(#REF!,MATCH(E288,#REF!,0)),IFERROR(INDEX(#REF!,MATCH(E288,#REF!,0)),INDEX(#REF!,MATCH(E288,#REF!,0)) )),\".\")","v":"."},null,{"$f":"IFERROR(VLOOKUP(E288,#REF!,8,FALSE),IFERROR(VLOOKUP(E288,#REF!,8,FALSE),IFERROR(VLOOKUP(E288,#REF!,8,FALSE),\"\")))","v":""},".-."]
[284,{"$f":"IFERROR(DAY(CTR[[#This Row],[Date]]),\"\")","v":24},{"$f":"IFERROR(MONTH(CTR[[#This Row],[Date]]),\"\")","v":1},{"$f":"IF(ISNA(INDEX(CTS!C:C,MATCH(E289,CTS!$E:$E,0))),\"\",(INDEX(CTS!C:C,MATCH(E289,CTS!$E:$E,0))))","v":44220},"01-284",{"$f":"IF(ISNA(INDEX(CTS!$F:$F,MATCH(E289,CTS!$E:$E,0))),\"\",(INDEX(CTS!$F:$F,MATCH(E289,CTS!$E:$E,0))))","v":"CLIENT"},{"$f":"IF(ISNA(INDEX(CTS!$N:$N,MATCH(E289,CTS!$E:$E,0))),\"\",(INDEX(CTS!$N:$N,MATCH(E289,CTS!$E:$E,0))))","v":105.88235294117649},{"$f":"IF(ISNA(INDEX(CTS!$O:$O,MATCH(E289,CTS!$E:$E,0))),\"\",(INDEX(CTS!$O:$O,MATCH(E289,CTS!$E:$E,0))))","v":0},{"$f":"IF(ISNA(INDEX(CTS!$P:$P,MATCH(E289,CTS!$E:$E,0))),\"\",(INDEX(CTS!$P:$P,MATCH(E289,CTS!$E:$E,0))))","v":0},{"$f":"IF(ISNA(INDEX(CTS!$Q:$Q,MATCH(E289,CTS!$E:$E,0))),\"\",(INDEX(CTS!$Q:$Q,MATCH(E289,CTS!$E:$E,0))))","v":105.88235294117649},{"$f":"IF(ISNA(INDEX(CTS!$S:$S,MATCH(E289,CTS!$E:$E,0))),\"\",(INDEX(CTS!$S:$S,MATCH(E289,CTS!$E:$E,0))))","v":20.117647058823533},{"$f":"IF(ISNA(INDEX(CTS!$T:$T,MATCH(E289,CTS!$E:$E,0))),\"\",(INDEX(CTS!$T:$T,MATCH(E289,CTS!$E:$E,0))))","v":126.00000000000003},{"$f":"IF(ISNA(INDEX(CTS!$U:$U,MATCH(E289,CTS!$E:$E,0))),\"\",(INDEX(CTS!$U:$U,MATCH(E289,CTS!$E:$E,0))))","v":1},{"$f":"IF(ISNA(INDEX(CTS!$V:$V,MATCH(E289,CTS!$E:$E,0))),\"\",(INDEX(CTS!$V:$V,MATCH(E289,CTS!$E:$E,0))))","v":125.00000000000003},{"$f":"IFERROR(INDEX(CTS!$A:$A,MATCH(E289,CTS!$E:$E,0)),\".\")","v":"P"},{"$f":"IFERROR(IFERROR(INDEX(#REF!,MATCH(E289,#REF!,0)),IFERROR(INDEX(#REF!,MATCH(E289,#REF!,0)),INDEX(#REF!,MATCH(E289,#REF!,0)) )),\".\")","v":"."},null,{"$f":"IFERROR(VLOOKUP(E289,#REF!,8,FALSE),IFERROR(VLOOKUP(E289,#REF!,8,FALSE),IFERROR(VLOOKUP(E289,#REF!,8,FALSE),\"\")))","v":""},".-."]
[285,{"$f":"IFERROR(DAY(CTR[[#This Row],[Date]]),\"\")","v":24},{"$f":"IFERROR(MONTH(CTR[[#This Row],[Date]]),\"\")","v":1},{"$f":"IF(ISNA(INDEX(CTS!C:C,MATCH(E290,CTS!$E:$E,0))),\"\",(INDEX(CTS!C:C,MATCH(E290,CTS!$E:$E,0))))","v":44220},"01-285",{"$f":"IF(ISNA(INDEX(CTS!$F:$F,MATCH(E290,CTS!$E:$E,0))),\"\",(INDEX(CTS!$F:$F,MATCH(E290,CTS!$E:$E,0))))","v":"CLIENT"},{"$f":"IF(ISNA(INDEX(CTS!$N:$N,MATCH(E290,CTS!$E:$E,0))),\"\",(INDEX(CTS!$N:$N,MATCH(E290,CTS!$E:$E,0))))","v":141.1764705882353},{"$f":"IF(ISNA(INDEX(CTS!$O:$O,MATCH(E290,CTS!$E:$E,0))),\"\",(INDEX(CTS!$O:$O,MATCH(E290,CTS!$E:$E,0))))","v":0},{"$f":"IF(ISNA(INDEX(CTS!$P:$P,MATCH(E290,CTS!$E:$E,0))),\"\",(INDEX(CTS!$P:$P,MATCH(E290,CTS!$E:$E,0))))","v":0},{"$f":"IF(ISNA(INDEX(CTS!$Q:$Q,MATCH(E290,CTS!$E:$E,0))),\"\",(INDEX(CTS!$Q:$Q,MATCH(E290,CTS!$E:$E,0))))","v":141.1764705882353},{"$f":"IF(ISNA(INDEX(CTS!$S:$S,MATCH(E290,CTS!$E:$E,0))),\"\",(INDEX(CTS!$S:$S,MATCH(E290,CTS!$E:$E,0))))","v":26.823529411764707},{"$f":"IF(ISNA(INDEX(CTS!$T:$T,MATCH(E290,CTS!$E:$E,0))),\"\",(INDEX(CTS!$T:$T,MATCH(E290,CTS!$E:$E,0))))","v":168},{"$f":"IF(ISNA(INDEX(CTS!$U:$U,MATCH(E290,CTS!$E:$E,0))),\"\",(INDEX(CTS!$U:$U,MATCH(E290,CTS!$E:$E,0))))","v":-2},{"$f":"IF(ISNA(INDEX(CTS!$V:$V,MATCH(E290,CTS!$E:$E,0))),\"\",(INDEX(CTS!$V:$V,MATCH(E290,CTS!$E:$E,0))))","v":170},{"$f":"IFERROR(INDEX(CTS!$A:$A,MATCH(E290,CTS!$E:$E,0)),\".\")","v":"P"},{"$f":"IFERROR(IFERROR(INDEX(#REF!,MATCH(E290,#REF!,0)),IFERROR(INDEX(#REF!,MATCH(E290,#REF!,0)),INDEX(#REF!,MATCH(E290,#REF!,0)) )),\".\")","v":"."},null,{"$f":"IFERROR(VLOOKUP(E290,#REF!,8,FALSE),IFERROR(VLOOKUP(E290,#REF!,8,FALSE),IFERROR(VLOOKUP(E290,#REF!,8,FALSE),\"\")))","v":""},".-."]
[286,{"$f":"IFERROR(DAY(CTR[[#This Row],[Date]]),\"\")","v":24},{"$f":"IFERROR(MONTH(CTR[[#This Row],[Date]]),\"\")","v":1},{"$f":"IF(ISNA(INDEX(CTS!C:C,MATCH(E291,CTS!$E:$E,0))),\"\",(INDEX(CTS!C:C,MATCH(E291,CTS!$E:$E,0))))","v":44220},"01-286",{"$f":"IF(ISNA(INDEX(CTS!$F:$F,MATCH(E291,CTS!$E:$E,0))),\"\",(INDEX(CTS!$F:$F,MATCH(E291,CTS!$E:$E,0))))","v":"CLIENT"},{"$f":"IF(ISNA(INDEX(CTS!$N:$N,MATCH(E291,CTS!$E:$E,0))),\"\",(INDEX(CTS!$N:$N,MATCH(E291,CTS!$E:$E,0))))","v":484.03361344537819},{"$f":"IF(ISNA(INDEX(CTS!$O:$O,MATCH(E291,CTS!$E:$E,0))),\"\",(INDEX(CTS!$O:$O,MATCH(E291,CTS!$E:$E,0))))","v":0},{"$f":"IF(ISNA(INDEX(CTS!$P:$P,MATCH(E291,CTS!$E:$E,0))),\"\",(INDEX(CTS!$P:$P,MATCH(E291,CTS!$E:$E,0))))","v":0},{"$f":"IF(ISNA(INDEX(CTS!$Q:$Q,MATCH(E291,CTS!$E:$E,0))),\"\",(INDEX(CTS!$Q:$Q,MATCH(E291,CTS!$E:$E,0))))","v":484.03361344537819},{"$f":"IF(ISNA(INDEX(CTS!$S:$S,MATCH(E291,CTS!$E:$E,0))),\"\",(INDEX(CTS!$S:$S,MATCH(E291,CTS!$E:$E,0))))","v":91.966386554621863},{"$f":"IF(ISNA(INDEX(CTS!$T:$T,MATCH(E291,CTS!$E:$E,0))),\"\",(INDEX(CTS!$T:$T,MATCH(E291,CTS!$E:$E,0))))","v":576},{"$f":"IF(ISNA(INDEX(CTS!$U:$U,MATCH(E291,CTS!$E:$E,0))),\"\",(INDEX(CTS!$U:$U,MATCH(E291,CTS!$E:$E,0))))","v":1},{"$f":"IF(ISNA(INDEX(CTS!$V:$V,MATCH(E291,CTS!$E:$E,0))),\"\",(INDEX(CTS!$V:$V,MATCH(E291,CTS!$E:$E,0))))","v":575},{"$f":"IFERROR(INDEX(CTS!$A:$A,MATCH(E291,CTS!$E:$E,0)),\".\")","v":"P"},{"$f":"IFERROR(IFERROR(INDEX(#REF!,MATCH(E291,#REF!,0)),IFERROR(INDEX(#REF!,MATCH(E291,#REF!,0)),INDEX(#REF!,MATCH(E291,#REF!,0)) )),\".\")","v":"."},null,{"$f":"IFERROR(VLOOKUP(E291,#REF!,8,FALSE),IFERROR(VLOOKUP(E291,#REF!,8,FALSE),IFERROR(VLOOKUP(E291,#REF!,8,FALSE),\"\")))","v":""},".-."]
[287,{"$f":"IFERROR(DAY(CTR[[#This Row],[Date]]),\"\")","v":24},{"$f":"IFERROR(MONTH(CTR[[#This Row],[Date]]),\"\")","v":1},{"$f":"IF(ISNA(INDEX(CTS!C:C,MATCH(E292,CTS!$E:$E,0))),\"\",(INDEX(CTS!C:C,MATCH(E292,CTS!$E:$E,0))))","v":44220},"01-287",{"$f":"IF(ISNA(INDEX(CTS!$F:$F,MATCH(E292,CTS!$E:$E,0))),\"\",(INDEX(CTS!$F:$F,MATCH(E292,CTS!$E:$E,0))))","v":"CLIENT"},{"$f":"IF(ISNA(INDEX(CTS!$N:$N,MATCH(E292,CTS!$E:$E,0))),\"\",(INDEX(CTS!$N:$N,MATCH(E292,CTS!$E:$E,0))))","v":168.06722689075633},{"$f":"IF(ISNA(INDEX(CTS!$O:$O,MATCH(E292,CTS!$E:$E,0))),\"\",(INDEX(CTS!$O:$O,MATCH(E292,CTS!$E:$E,0))))","v":0},{"$f":"IF(ISNA(INDEX(CTS!$P:$P,MATCH(E292,CTS!$E:$E,0))),\"\",(INDEX(CTS!$P:$P,MATCH(E292,CTS!$E:$E,0))))","v":0},{"$f":"IF(ISNA(INDEX(CTS!$Q:$Q,MATCH(E292,CTS!$E:$E,0))),\"\",(INDEX(CTS!$Q:$Q,MATCH(E292,CTS!$E:$E,0))))","v":168.06722689075633},{"$f":"IF(ISNA(INDEX(CTS!$S:$S,MATCH(E292,CTS!$E:$E,0))),\"\",(INDEX(CTS!$S:$S,MATCH(E292,CTS!$E:$E,0))))","v":31.932773109243701},{"$f":"IF(ISNA(INDEX(CTS!$T:$T,MATCH(E292,CTS!$E:$E,0))),\"\",(INDEX(CTS!$T:$T,MATCH(E292,CTS!$E:$E,0))))","v":200.00000000000003},{"$f":"IF(ISNA(INDEX(CTS!$U:$U,MATCH(E292,CTS!$E:$E,0))),\"\",(INDEX(CTS!$U:$U,MATCH(E292,CTS!$E:$E,0))))","v":0},{"$f":"IF(ISNA(INDEX(CTS!$V:$V,MATCH(E292,CTS!$E:$E,0))),\"\",(INDEX(CTS!$V:$V,MATCH(E292,CTS!$E:$E,0))))","v":200.00000000000003},{"$f":"IFERROR(INDEX(CTS!$A:$A,MATCH(E292,CTS!$E:$E,0)),\".\")","v":"P"},{"$f":"IFERROR(IFERROR(INDEX(#REF!,MATCH(E292,#REF!,0)),IFERROR(INDEX(#REF!,MATCH(E292,#REF!,0)),INDEX(#REF!,MATCH(E292,#REF!,0)) )),\".\")","v":"."},null,{"$f":"IFERROR(VLOOKUP(E292,#REF!,8,FALSE),IFERROR(VLOOKUP(E292,#REF!,8,FALSE),IFERROR(VLOOKUP(E292,#REF!,8,FALSE),\"\")))","v":""},".-."]
[288,{"$f":"IFERROR(DAY(CTR[[#This Row],[Date]]),\"\")","v":24},{"$f":"IFERROR(MONTH(CTR[[#This Row],[Date]]),\"\")","v":1},{"$f":"IF(ISNA(INDEX(CTS!C:C,MATCH(E293,CTS!$E:$E,0))),\"\",(INDEX(CTS!C:C,MATCH(E293,CTS!$E:$E,0))))","v":44220},"01-288",{"$f":"IF(ISNA(INDEX(CTS!$F:$F,MATCH(E293,CTS!$E:$E,0))),\"\",(INDEX(CTS!$F:$F,MATCH(E293,CTS!$E:$E,0))))","v":"CLIENT"},{"$f":"IF(ISNA(INDEX(CTS!$N:$N,MATCH(E293,CTS!$E:$E,0))),\"\",(INDEX(CTS!$N:$N,MATCH(E293,CTS!$E:$E,0))))","v":4184.8739495798327},{"$f":"IF(ISNA(INDEX(CTS!$O:$O,MATCH(E293,CTS!$E:$E,0))),\"\",(INDEX(CTS!$O:$O,MATCH(E293,CTS!$E:$E,0))))","v":0},{"$f":"IF(ISNA(INDEX(CTS!$P:$P,MATCH(E293,CTS!$E:$E,0))),\"\",(INDEX(CTS!$P:$P,MATCH(E293,CTS!$E:$E,0))))","v":0},{"$f":"IF(ISNA(INDEX(CTS!$Q:$Q,MATCH(E293,CTS!$E:$E,0))),\"\",(INDEX(CTS!$Q:$Q,MATCH(E293,CTS!$E:$E,0))))","v":4184.8739495798327},{"$f":"IF(ISNA(INDEX(CTS!$S:$S,MATCH(E293,CTS!$E:$E,0))),\"\",(INDEX(CTS!$S:$S,MATCH(E293,CTS!$E:$E,0))))","v":795.1260504201681},{"$f":"IF(ISNA(INDEX(CTS!$T:$T,MATCH(E293,CTS!$E:$E,0))),\"\",(INDEX(CTS!$T:$T,MATCH(E293,CTS!$E:$E,0))))","v":4980.0000000000009},{"$f":"IF(ISNA(INDEX(CTS!$U:$U,MATCH(E293,CTS!$E:$E,0))),\"\",(INDEX(CTS!$U:$U,MATCH(E293,CTS!$E:$E,0))))","v":0},{"$f":"IF(ISNA(INDEX(CTS!$V:$V,MATCH(E293,CTS!$E:$E,0))),\"\",(INDEX(CTS!$V:$V,MATCH(E293,CTS!$E:$E,0))))","v":4980.0000000000009},{"$f":"IFERROR(INDEX(CTS!$A:$A,MATCH(E293,CTS!$E:$E,0)),\".\")","v":"P"},{"$f":"IFERROR(IFERROR(INDEX(#REF!,MATCH(E293,#REF!,0)),IFERROR(INDEX(#REF!,MATCH(E293,#REF!,0)),INDEX(#REF!,MATCH(E293,#REF!,0)) )),\".\")","v":"."},null,{"$f":"IFERROR(VLOOKUP(E293,#REF!,8,FALSE),IFERROR(VLOOKUP(E293,#REF!,8,FALSE),IFERROR(VLOOKUP(E293,#REF!,8,FALSE),\"\")))","v":""},".-."]
[289,{"$f":"IFERROR(DAY(CTR[[#This Row],[Date]]),\"\")","v":24},{"$f":"IFERROR(MONTH(CTR[[#This Row],[Date]]),\"\")","v":1},{"$f":"IF(ISNA(INDEX(CTS!C:C,MATCH(E294,CTS!$E:$E,0))),\"\",(INDEX(CTS!C:C,MATCH(E294,CTS!$E:$E,0))))","v":44220},"01-289",{"$f":"IF(ISNA(INDEX(CTS!$F:$F,MATCH(E294,CTS!$E:$E,0))),\"\",(INDEX(CTS!$F:$F,MATCH(E294,CTS!$E:$E,0))))","v":"CLIENT"},{"$f":"IF(ISNA(INDEX(CTS!$N:$N,MATCH(E294,CTS!$E:$E,0))),\"\",(INDEX(CTS!$N:$N,MATCH(E294,CTS!$E:$E,0))))","v":5808.4033613445381},{"$f":"IF(ISNA(INDEX(CTS!$O:$O,MATCH(E294,CTS!$E:$E,0))),\"\",(INDEX(CTS!$O:$O,MATCH(E294,CTS!$E:$E,0))))","v":0},{"$f":"IF(ISNA(INDEX(CTS!$P:$P,MATCH(E294,CTS!$E:$E,0))),\"\",(INDEX(CTS!$P:$P,MATCH(E294,CTS!$E:$E,0))))","v":0},{"$f":"IF(ISNA(INDEX(CTS!$Q:$Q,MATCH(E294,CTS!$E:$E,0))),\"\",(INDEX(CTS!$Q:$Q,MATCH(E294,CTS!$E:$E,0))))","v":5808.4033613445381},{"$f":"IF(ISNA(INDEX(CTS!$S:$S,MATCH(E294,CTS!$E:$E,0))),\"\",(INDEX(CTS!$S:$S,MATCH(E294,CTS!$E:$E,0))))","v":1103.5966386554624},{"$f":"IF(ISNA(INDEX(CTS!$T:$T,MATCH(E294,CTS!$E:$E,0))),\"\",(INDEX(CTS!$T:$T,MATCH(E294,CTS!$E:$E,0))))","v":6912},{"$f":"IF(ISNA(INDEX(CTS!$U:$U,MATCH(E294,CTS!$E:$E,0))),\"\",(INDEX(CTS!$U:$U,MATCH(E294,CTS!$E:$E,0))))","v":12},{"$f":"IF(ISNA(INDEX(CTS!$V:$V,MATCH(E294,CTS!$E:$E,0))),\"\",(INDEX(CTS!$V:$V,MATCH(E294,CTS!$E:$E,0))))","v":6900},{"$f":"IFERROR(INDEX(CTS!$A:$A,MATCH(E294,CTS!$E:$E,0)),\".\")","v":"P"},{"$f":"IFERROR(IFERROR(INDEX(#REF!,MATCH(E294,#REF!,0)),IFERROR(INDEX(#REF!,MATCH(E294,#REF!,0)),INDEX(#REF!,MATCH(E294,#REF!,0)) )),\".\")","v":"."},null,{"$f":"IFERROR(VLOOKUP(E294,#REF!,8,FALSE),IFERROR(VLOOKUP(E294,#REF!,8,FALSE),IFERROR(VLOOKUP(E294,#REF!,8,FALSE),\"\")))","v":""},".-."]
[290,{"$f":"IFERROR(DAY(CTR[[#This Row],[Date]]),\"\")","v":24},{"$f":"IFERROR(MONTH(CTR[[#This Row],[Date]]),\"\")","v":1},{"$f":"IF(ISNA(INDEX(CTS!C:C,MATCH(E295,CTS!$E:$E,0))),\"\",(INDEX(CTS!C:C,MATCH(E295,CTS!$E:$E,0))))","v":44220},"01-290",{"$f":"IF(ISNA(INDEX(CTS!$F:$F,MATCH(E295,CTS!$E:$E,0))),\"\",(INDEX(CTS!$F:$F,MATCH(E295,CTS!$E:$E,0))))","v":"CLIENT"},{"$f":"IF(ISNA(INDEX(CTS!$N:$N,MATCH(E295,CTS!$E:$E,0))),\"\",(INDEX(CTS!$N:$N,MATCH(E295,CTS!$E:$E,0))))","v":2151.2605042016808},{"$f":"IF(ISNA(INDEX(CTS!$O:$O,MATCH(E295,CTS!$E:$E,0))),\"\",(INDEX(CTS!$O:$O,MATCH(E295,CTS!$E:$E,0))))","v":0},{"$f":"IF(ISNA(INDEX(CTS!$P:$P,MATCH(E295,CTS!$E:$E,0))),\"\",(INDEX(CTS!$P:$P,MATCH(E295,CTS!$E:$E,0))))","v":0},{"$f":"IF(ISNA(INDEX(CTS!$Q:$Q,MATCH(E295,CTS!$E:$E,0))),\"\",(INDEX(CTS!$Q:$Q,MATCH(E295,CTS!$E:$E,0))))","v":2151.2605042016808},{"$f":"IF(ISNA(INDEX(CTS!$S:$S,MATCH(E295,CTS!$E:$E,0))),\"\",(INDEX(CTS!$S:$S,MATCH(E295,CTS!$E:$E,0))))","v":408.73949579831935},{"$f":"IF(ISNA(INDEX(CTS!$T:$T,MATCH(E295,CTS!$E:$E,0))),\"\",(INDEX(CTS!$T:$T,MATCH(E295,CTS!$E:$E,0))))","v":2560},{"$f":"IF(ISNA(INDEX(CTS!$U:$U,MATCH(E295,CTS!$E:$E,0))),\"\",(INDEX(CTS!$U:$U,MATCH(E295,CTS!$E:$E,0))))","v":0},{"$f":"IF(ISNA(INDEX(CTS!$V:$V,MATCH(E295,CTS!$E:$E,0))),\"\",(INDEX(CTS!$V:$V,MATCH(E295,CTS!$E:$E,0))))","v":2560},{"$f":"IFERROR(INDEX(CTS!$A:$A,MATCH(E295,CTS!$E:$E,0)),\".\")","v":"P"},{"$f":"IFERROR(IFERROR(INDEX(#REF!,MATCH(E295,#REF!,0)),IFERROR(INDEX(#REF!,MATCH(E295,#REF!,0)),INDEX(#REF!,MATCH(E295,#REF!,0)) )),\".\")","v":"."},null,{"$f":"IFERROR(VLOOKUP(E295,#REF!,8,FALSE),IFERROR(VLOOKUP(E295,#REF!,8,FALSE),IFERROR(VLOOKUP(E295,#REF!,8,FALSE),\"\")))","v":""},".-."]
[291,{"$f":"IFERROR(DAY(CTR[[#This Row],[Date]]),\"\")","v":24},{"$f":"IFERROR(MONTH(CTR[[#This Row],[Date]]),\"\")","v":1},{"$f":"IF(ISNA(INDEX(CTS!C:C,MATCH(E296,CTS!$E:$E,0))),\"\",(INDEX(CTS!C:C,MATCH(E296,CTS!$E:$E,0))))","v":44220},"01-291",{"$f":"IF(ISNA(INDEX(CTS!$F:$F,MATCH(E296,CTS!$E:$E,0))),\"\",(INDEX(CTS!$F:$F,MATCH(E296,CTS!$E:$E,0))))","v":"CLIENT"},{"$f":"IF(ISNA(INDEX(CTS!$N:$N,MATCH(E296,CTS!$E:$E,0))),\"\",(INDEX(CTS!$N:$N,MATCH(E296,CTS!$E:$E,0))))","v":176.47058823529412},{"$f":"IF(ISNA(INDEX(CTS!$O:$O,MATCH(E296,CTS!$E:$E,0))),\"\",(INDEX(CTS!$O:$O,MATCH(E296,CTS!$E:$E,0))))","v":0},{"$f":"IF(ISNA(INDEX(CTS!$P:$P,MATCH(E296,CTS!$E:$E,0))),\"\",(INDEX(CTS!$P:$P,MATCH(E296,CTS!$E:$E,0))))","v":0},{"$f":"IF(ISNA(INDEX(CTS!$Q:$Q,MATCH(E296,CTS!$E:$E,0))),\"\",(INDEX(CTS!$Q:$Q,MATCH(E296,CTS!$E:$E,0))))","v":176.47058823529412},{"$f":"IF(ISNA(INDEX(CTS!$S:$S,MATCH(E296,CTS!$E:$E,0))),\"\",(INDEX(CTS!$S:$S,MATCH(E296,CTS!$E:$E,0))))","v":33.529411764705884},{"$f":"IF(ISNA(INDEX(CTS!$T:$T,MATCH(E296,CTS!$E:$E,0))),\"\",(INDEX(CTS!$T:$T,MATCH(E296,CTS!$E:$E,0))))","v":210},{"$f":"IF(ISNA(INDEX(CTS!$U:$U,MATCH(E296,CTS!$E:$E,0))),\"\",(INDEX(CTS!$U:$U,MATCH(E296,CTS!$E:$E,0))))","v":0},{"$f":"IF(ISNA(INDEX(CTS!$V:$V,MATCH(E296,CTS!$E:$E,0))),\"\",(INDEX(CTS!$V:$V,MATCH(E296,CTS!$E:$E,0))))","v":210},{"$f":"IFERROR(INDEX(CTS!$A:$A,MATCH(E296,CTS!$E:$E,0)),\".\")","v":"P"},{"$f":"IFERROR(IFERROR(INDEX(#REF!,MATCH(E296,#REF!,0)),IFERROR(INDEX(#REF!,MATCH(E296,#REF!,0)),INDEX(#REF!,MATCH(E296,#REF!,0)) )),\".\")","v":"."},null,{"$f":"IFERROR(VLOOKUP(E296,#REF!,8,FALSE),IFERROR(VLOOKUP(E296,#REF!,8,FALSE),IFERROR(VLOOKUP(E296,#REF!,8,FALSE),\"\")))","v":""},".-."]
[292,{"$f":"IFERROR(DAY(CTR[[#This Row],[Date]]),\"\")","v":24},{"$f":"IFERROR(MONTH(CTR[[#This Row],[Date]]),\"\")","v":1},{"$f":"IF(ISNA(INDEX(CTS!C:C,MATCH(E297,CTS!$E:$E,0))),\"\",(INDEX(CTS!C:C,MATCH(E297,CTS!$E:$E,0))))","v":44220},"01-292",{"$f":"IF(ISNA(INDEX(CTS!$F:$F,MATCH(E297,CTS!$E:$E,0))),\"\",(INDEX(CTS!$F:$F,MATCH(E297,CTS!$E:$E,0))))","v":"CLIENT"},{"$f":"IF(ISNA(INDEX(CTS!$N:$N,MATCH(E297,CTS!$E:$E,0))),\"\",(INDEX(CTS!$N:$N,MATCH(E297,CTS!$E:$E,0))))","v":184.87394957983193},{"$f":"IF(ISNA(INDEX(CTS!$O:$O,MATCH(E297,CTS!$E:$E,0))),\"\",(INDEX(CTS!$O:$O,MATCH(E297,CTS!$E:$E,0))))","v":0},{"$f":"IF(ISNA(INDEX(CTS!$P:$P,MATCH(E297,CTS!$E:$E,0))),\"\",(INDEX(CTS!$P:$P,MATCH(E297,CTS!$E:$E,0))))","v":0},{"$f":"IF(ISNA(INDEX(CTS!$Q:$Q,MATCH(E297,CTS!$E:$E,0))),\"\",(INDEX(CTS!$Q:$Q,MATCH(E297,CTS!$E:$E,0))))","v":184.87394957983193},{"$f":"IF(ISNA(INDEX(CTS!$S:$S,MATCH(E297,CTS!$E:$E,0))),\"\",(INDEX(CTS!$S:$S,MATCH(E297,CTS!$E:$E,0))))","v":35.12605042016807},{"$f":"IF(ISNA(INDEX(CTS!$T:$T,MATCH(E297,CTS!$E:$E,0))),\"\",(INDEX(CTS!$T:$T,MATCH(E297,CTS!$E:$E,0))))","v":220},{"$f":"IF(ISNA(INDEX(CTS!$U:$U,MATCH(E297,CTS!$E:$E,0))),\"\",(INDEX(CTS!$U:$U,MATCH(E297,CTS!$E:$E,0))))","v":0},{"$f":"IF(ISNA(INDEX(CTS!$V:$V,MATCH(E297,CTS!$E:$E,0))),\"\",(INDEX(CTS!$V:$V,MATCH(E297,CTS!$E:$E,0))))","v":220},{"$f":"IFERROR(INDEX(CTS!$A:$A,MATCH(E297,CTS!$E:$E,0)),\".\")","v":"P"},{"$f":"IFERROR(IFERROR(INDEX(#REF!,MATCH(E297,#REF!,0)),IFERROR(INDEX(#REF!,MATCH(E297,#REF!,0)),INDEX(#REF!,MATCH(E297,#REF!,0)) )),\".\")","v":"."},null,{"$f":"IFERROR(VLOOKUP(E297,#REF!,8,FALSE),IFERROR(VLOOKUP(E297,#REF!,8,FALSE),IFERROR(VLOOKUP(E297,#REF!,8,FALSE),\"\")))","v":""},".-."]
[293,{"$f":"IFERROR(DAY(CTR[[#This Row],[Date]]),\"\")","v":24},{"$f":"IFERROR(MONTH(CTR[[#This Row],[Date]]),\"\")","v":1},{"$f":"IF(ISNA(INDEX(CTS!C:C,MATCH(E298,CTS!$E:$E,0))),\"\",(INDEX(CTS!C:C,MATCH(E298,CTS!$E:$E,0))))","v":44220},"01-293",{"$f":"IF(ISNA(INDEX(CTS!$F:$F,MATCH(E298,CTS!$E:$E,0))),\"\",(INDEX(CTS!$F:$F,MATCH(E298,CTS!$E:$E,0))))","v":"CLIENT"},{"$f":"IF(ISNA(INDEX(CTS!$N:$N,MATCH(E298,CTS!$E:$E,0))),\"\",(INDEX(CTS!$N:$N,MATCH(E298,CTS!$E:$E,0))))","v":655.46218487394958},{"$f":"IF(ISNA(INDEX(CTS!$O:$O,MATCH(E298,CTS!$E:$E,0))),\"\",(INDEX(CTS!$O:$O,MATCH(E298,CTS!$E:$E,0))))","v":0},{"$f":"IF(ISNA(INDEX(CTS!$P:$P,MATCH(E298,CTS!$E:$E,0))),\"\",(INDEX(CTS!$P:$P,MATCH(E298,CTS!$E:$E,0))))","v":0},{"$f":"IF(ISNA(INDEX(CTS!$Q:$Q,MATCH(E298,CTS!$E:$E,0))),\"\",(INDEX(CTS!$Q:$Q,MATCH(E298,CTS!$E:$E,0))))","v":655.46218487394958},{"$f":"IF(ISNA(INDEX(CTS!$S:$S,MATCH(E298,CTS!$E:$E,0))),\"\",(INDEX(CTS!$S:$S,MATCH(E298,CTS!$E:$E,0))))","v":124.53781512605042},{"$f":"IF(ISNA(INDEX(CTS!$T:$T,MATCH(E298,CTS!$E:$E,0))),\"\",(INDEX(CTS!$T:$T,MATCH(E298,CTS!$E:$E,0))))","v":780},{"$f":"IF(ISNA(INDEX(CTS!$U:$U,MATCH(E298,CTS!$E:$E,0))),\"\",(INDEX(CTS!$U:$U,MATCH(E298,CTS!$E:$E,0))))","v":0},{"$f":"IF(ISNA(INDEX(CTS!$V:$V,MATCH(E298,CTS!$E:$E,0))),\"\",(INDEX(CTS!$V:$V,MATCH(E298,CTS!$E:$E,0))))","v":780},{"$f":"IFERROR(INDEX(CTS!$A:$A,MATCH(E298,CTS!$E:$E,0)),\".\")","v":"P"},{"$f":"IFERROR(IFERROR(INDEX(#REF!,MATCH(E298,#REF!,0)),IFERROR(INDEX(#REF!,MATCH(E298,#REF!,0)),INDEX(#REF!,MATCH(E298,#REF!,0)) )),\".\")","v":"."},null,{"$f":"IFERROR(VLOOKUP(E298,#REF!,8,FALSE),IFERROR(VLOOKUP(E298,#REF!,8,FALSE),IFERROR(VLOOKUP(E298,#REF!,8,FALSE),\"\")))","v":""},".-."]
[294,{"$f":"IFERROR(DAY(CTR[[#This Row],[Date]]),\"\")","v":24},{"$f":"IFERROR(MONTH(CTR[[#This Row],[Date]]),\"\")","v":1},{"$f":"IF(ISNA(INDEX(CTS!C:C,MATCH(E299,CTS!$E:$E,0))),\"\",(INDEX(CTS!C:C,MATCH(E299,CTS!$E:$E,0))))","v":44220},"01-294",{"$f":"IF(ISNA(INDEX(CTS!$F:$F,MATCH(E299,CTS!$E:$E,0))),\"\",(INDEX(CTS!$F:$F,MATCH(E299,CTS!$E:$E,0))))","v":"CLIENT"},{"$f":"IF(ISNA(INDEX(CTS!$N:$N,MATCH(E299,CTS!$E:$E,0))),\"\",(INDEX(CTS!$N:$N,MATCH(E299,CTS!$E:$E,0))))","v":237.81512605042019},{"$f":"IF(ISNA(INDEX(CTS!$O:$O,MATCH(E299,CTS!$E:$E,0))),\"\",(INDEX(CTS!$O:$O,MATCH(E299,CTS!$E:$E,0))))","v":0},{"$f":"IF(ISNA(INDEX(CTS!$P:$P,MATCH(E299,CTS!$E:$E,0))),\"\",(INDEX(CTS!$P:$P,MATCH(E299,CTS!$E:$E,0))))","v":0},{"$f":"IF(ISNA(INDEX(CTS!$Q:$Q,MATCH(E299,CTS!$E:$E,0))),\"\",(INDEX(CTS!$Q:$Q,MATCH(E299,CTS!$E:$E,0))))","v":237.81512605042019},{"$f":"IF(ISNA(INDEX(CTS!$S:$S,MATCH(E299,CTS!$E:$E,0))),\"\",(INDEX(CTS!$S:$S,MATCH(E299,CTS!$E:$E,0))))","v":45.184873949579838},{"$f":"IF(ISNA(INDEX(CTS!$T:$T,MATCH(E299,CTS!$E:$E,0))),\"\",(INDEX(CTS!$T:$T,MATCH(E299,CTS!$E:$E,0))))","v":283},{"$f":"IF(ISNA(INDEX(CTS!$U:$U,MATCH(E299,CTS!$E:$E,0))),\"\",(INDEX(CTS!$U:$U,MATCH(E299,CTS!$E:$E,0))))","v":3},{"$f":"IF(ISNA(INDEX(CTS!$V:$V,MATCH(E299,CTS!$E:$E,0))),\"\",(INDEX(CTS!$V:$V,MATCH(E299,CTS!$E:$E,0))))","v":280},{"$f":"IFERROR(INDEX(CTS!$A:$A,MATCH(E299,CTS!$E:$E,0)),\".\")","v":"P"},{"$f":"IFERROR(IFERROR(INDEX(#REF!,MATCH(E299,#REF!,0)),IFERROR(INDEX(#REF!,MATCH(E299,#REF!,0)),INDEX(#REF!,MATCH(E299,#REF!,0)) )),\".\")","v":"."},null,{"$f":"IFERROR(VLOOKUP(E299,#REF!,8,FALSE),IFERROR(VLOOKUP(E299,#REF!,8,FALSE),IFERROR(VLOOKUP(E299,#REF!,8,FALSE),\"\")))","v":""},".-."]
[295,{"$f":"IFERROR(DAY(CTR[[#This Row],[Date]]),\"\")","v":24},{"$f":"IFERROR(MONTH(CTR[[#This Row],[Date]]),\"\")","v":1},{"$f":"IF(ISNA(INDEX(CTS!C:C,MATCH(E300,CTS!$E:$E,0))),\"\",(INDEX(CTS!C:C,MATCH(E300,CTS!$E:$E,0))))","v":44220},"01-295",{"$f":"IF(ISNA(INDEX(CTS!$F:$F,MATCH(E300,CTS!$E:$E,0))),\"\",(INDEX(CTS!$F:$F,MATCH(E300,CTS!$E:$E,0))))","v":"CLIENT"},{"$f":"IF(ISNA(INDEX(CTS!$N:$N,MATCH(E300,CTS!$E:$E,0))),\"\",(INDEX(CTS!$N:$N,MATCH(E300,CTS!$E:$E,0))))","v":452.10084033613447},{"$f":"IF(ISNA(INDEX(CTS!$O:$O,MATCH(E300,CTS!$E:$E,0))),\"\",(INDEX(CTS!$O:$O,MATCH(E300,CTS!$E:$E,0))))","v":0},{"$f":"IF(ISNA(INDEX(CTS!$P:$P,MATCH(E300,CTS!$E:$E,0))),\"\",(INDEX(CTS!$P:$P,MATCH(E300,CTS!$E:$E,0))))","v":0},{"$f":"IF(ISNA(INDEX(CTS!$Q:$Q,MATCH(E300,CTS!$E:$E,0))),\"\",(INDEX(CTS!$Q:$Q,MATCH(E300,CTS!$E:$E,0))))","v":452.10084033613447},{"$f":"IF(ISNA(INDEX(CTS!$S:$S,MATCH(E300,CTS!$E:$E,0))),\"\",(INDEX(CTS!$S:$S,MATCH(E300,CTS!$E:$E,0))))","v":85.899159663865561},{"$f":"IF(ISNA(INDEX(CTS!$T:$T,MATCH(E300,CTS!$E:$E,0))),\"\",(INDEX(CTS!$T:$T,MATCH(E300,CTS!$E:$E,0))))","v":538},{"$f":"IF(ISNA(INDEX(CTS!$U:$U,MATCH(E300,CTS!$E:$E,0))),\"\",(INDEX(CTS!$U:$U,MATCH(E300,CTS!$E:$E,0))))","v":8},{"$f":"IF(ISNA(INDEX(CTS!$V:$V,MATCH(E300,CTS!$E:$E,0))),\"\",(INDEX(CTS!$V:$V,MATCH(E300,CTS!$E:$E,0))))","v":530},{"$f":"IFERROR(INDEX(CTS!$A:$A,MATCH(E300,CTS!$E:$E,0)),\".\")","v":"P"},{"$f":"IFERROR(IFERROR(INDEX(#REF!,MATCH(E300,#REF!,0)),IFERROR(INDEX(#REF!,MATCH(E300,#REF!,0)),INDEX(#REF!,MATCH(E300,#REF!,0)) )),\".\")","v":"."},null,{"$f":"IFERROR(VLOOKUP(E300,#REF!,8,FALSE),IFERROR(VLOOKUP(E300,#REF!,8,FALSE),IFERROR(VLOOKUP(E300,#REF!,8,FALSE),\"\")))","v":""},".-."]
[296,{"$f":"IFERROR(DAY(CTR[[#This Row],[Date]]),\"\")","v":24},{"$f":"IFERROR(MONTH(CTR[[#This Row],[Date]]),\"\")","v":1},{"$f":"IF(ISNA(INDEX(CTS!C:C,MATCH(E301,CTS!$E:$E,0))),\"\",(INDEX(CTS!C:C,MATCH(E301,CTS!$E:$E,0))))","v":44220},"01-296",{"$f":"IF(ISNA(INDEX(CTS!$F:$F,MATCH(E301,CTS!$E:$E,0))),\"\",(INDEX(CTS!$F:$F,MATCH(E301,CTS!$E:$E,0))))","v":"CLIENT"},{"$f":"IF(ISNA(INDEX(CTS!$N:$N,MATCH(E301,CTS!$E:$E,0))),\"\",(INDEX(CTS!$N:$N,MATCH(E301,CTS!$E:$E,0))))","v":67.226890756302524},{"$f":"IF(ISNA(INDEX(CTS!$O:$O,MATCH(E301,CTS!$E:$E,0))),\"\",(INDEX(CTS!$O:$O,MATCH(E301,CTS!$E:$E,0))))","v":0},{"$f":"IF(ISNA(INDEX(CTS!$P:$P,MATCH(E301,CTS!$E:$E,0))),\"\",(INDEX(CTS!$P:$P,MATCH(E301,CTS!$E:$E,0))))","v":0},{"$f":"IF(ISNA(INDEX(CTS!$Q:$Q,MATCH(E301,CTS!$E:$E,0))),\"\",(INDEX(CTS!$Q:$Q,MATCH(E301,CTS!$E:$E,0))))","v":67.226890756302524},{"$f":"IF(ISNA(INDEX(CTS!$S:$S,MATCH(E301,CTS!$E:$E,0))),\"\",(INDEX(CTS!$S:$S,MATCH(E301,CTS!$E:$E,0))))","v":12.77310924369748},{"$f":"IF(ISNA(INDEX(CTS!$T:$T,MATCH(E301,CTS!$E:$E,0))),\"\",(INDEX(CTS!$T:$T,MATCH(E301,CTS!$E:$E,0))))","v":80},{"$f":"IF(ISNA(INDEX(CTS!$U:$U,MATCH(E301,CTS!$E:$E,0))),\"\",(INDEX(CTS!$U:$U,MATCH(E301,CTS!$E:$E,0))))","v":0},{"$f":"IF(ISNA(INDEX(CTS!$V:$V,MATCH(E301,CTS!$E:$E,0))),\"\",(INDEX(CTS!$V:$V,MATCH(E301,CTS!$E:$E,0))))","v":80},{"$f":"IFERROR(INDEX(CTS!$A:$A,MATCH(E301,CTS!$E:$E,0)),\".\")","v":"P"},{"$f":"IFERROR(IFERROR(INDEX(#REF!,MATCH(E301,#REF!,0)),IFERROR(INDEX(#REF!,MATCH(E301,#REF!,0)),INDEX(#REF!,MATCH(E301,#REF!,0)) )),\".\")","v":"."},null,{"$f":"IFERROR(VLOOKUP(E301,#REF!,8,FALSE),IFERROR(VLOOKUP(E301,#REF!,8,FALSE),IFERROR(VLOOKUP(E301,#REF!,8,FALSE),\"\")))","v":""},".-."]
[297,{"$f":"IFERROR(DAY(CTR[[#This Row],[Date]]),\"\")","v":24},{"$f":"IFERROR(MONTH(CTR[[#This Row],[Date]]),\"\")","v":1},{"$f":"IF(ISNA(INDEX(CTS!C:C,MATCH(E302,CTS!$E:$E,0))),\"\",(INDEX(CTS!C:C,MATCH(E302,CTS!$E:$E,0))))","v":44220},"01-297",{"$f":"IF(ISNA(INDEX(CTS!$F:$F,MATCH(E302,CTS!$E:$E,0))),\"\",(INDEX(CTS!$F:$F,MATCH(E302,CTS!$E:$E,0))))","v":"CLIENT"},{"$f":"IF(ISNA(INDEX(CTS!$N:$N,MATCH(E302,CTS!$E:$E,0))),\"\",(INDEX(CTS!$N:$N,MATCH(E302,CTS!$E:$E,0))))","v":40174.789915966387},{"$f":"IF(ISNA(INDEX(CTS!$O:$O,MATCH(E302,CTS!$E:$E,0))),\"\",(INDEX(CTS!$O:$O,MATCH(E302,CTS!$E:$E,0))))","v":0.16666666666666669},{"$f":"IF(ISNA(INDEX(CTS!$P:$P,MATCH(E302,CTS!$E:$E,0))),\"\",(INDEX(CTS!$P:$P,MATCH(E302,CTS!$E:$E,0))))","v":6695.7983193277314},{"$f":"IF(ISNA(INDEX(CTS!$Q:$Q,MATCH(E302,CTS!$E:$E,0))),\"\",(INDEX(CTS!$Q:$Q,MATCH(E302,CTS!$E:$E,0))))","v":33478.991596638654},{"$f":"IF(ISNA(INDEX(CTS!$S:$S,MATCH(E302,CTS!$E:$E,0))),\"\",(INDEX(CTS!$S:$S,MATCH(E302,CTS!$E:$E,0))))","v":6361.0084033613448},{"$f":"IF(ISNA(INDEX(CTS!$T:$T,MATCH(E302,CTS!$E:$E,0))),\"\",(INDEX(CTS!$T:$T,MATCH(E302,CTS!$E:$E,0))))","v":39840},{"$f":"IF(ISNA(INDEX(CTS!$U:$U,MATCH(E302,CTS!$E:$E,0))),\"\",(INDEX(CTS!$U:$U,MATCH(E302,CTS!$E:$E,0))))","v":2.0000000004074536E-3},{"$f":"IF(ISNA(INDEX(CTS!$V:$V,MATCH(E302,CTS!$E:$E,0))),\"\",(INDEX(CTS!$V:$V,MATCH(E302,CTS!$E:$E,0))))","v":39839.998},{"$f":"IFERROR(INDEX(CTS!$A:$A,MATCH(E302,CTS!$E:$E,0)),\".\")","v":"I"},{"$f":"IFERROR(IFERROR(INDEX(#REF!,MATCH(E302,#REF!,0)),IFERROR(INDEX(#REF!,MATCH(E302,#REF!,0)),INDEX(#REF!,MATCH(E302,#REF!,0)) )),\".\")","v":"."},null,{"$f":"IFERROR(VLOOKUP(E302,#REF!,8,FALSE),IFERROR(VLOOKUP(E302,#REF!,8,FALSE),IFERROR(VLOOKUP(E302,#REF!,8,FALSE),\"\")))","v":""},".-."]
[298,{"$f":"IFERROR(DAY(CTR[[#This Row],[Date]]),\"\")","v":24},{"$f":"IFERROR(MONTH(CTR[[#This Row],[Date]]),\"\")","v":1},{"$f":"IF(ISNA(INDEX(CTS!C:C,MATCH(E303,CTS!$E:$E,0))),\"\",(INDEX(CTS!C:C,MATCH(E303,CTS!$E:$E,0))))","v":44220},"01-298",{"$f":"IF(ISNA(INDEX(CTS!$F:$F,MATCH(E303,CTS!$E:$E,0))),\"\",(INDEX(CTS!$F:$F,MATCH(E303,CTS!$E:$E,0))))","v":"CLIENT"},{"$f":"IF(ISNA(INDEX(CTS!$N:$N,MATCH(E303,CTS!$E:$E,0))),\"\",(INDEX(CTS!$N:$N,MATCH(E303,CTS!$E:$E,0))))","v":129.41176470588235},{"$f":"IF(ISNA(INDEX(CTS!$O:$O,MATCH(E303,CTS!$E:$E,0))),\"\",(INDEX(CTS!$O:$O,MATCH(E303,CTS!$E:$E,0))))","v":0},{"$f":"IF(ISNA(INDEX(CTS!$P:$P,MATCH(E303,CTS!$E:$E,0))),\"\",(INDEX(CTS!$P:$P,MATCH(E303,CTS!$E:$E,0))))","v":0},{"$f":"IF(ISNA(INDEX(CTS!$Q:$Q,MATCH(E303,CTS!$E:$E,0))),\"\",(INDEX(CTS!$Q:$Q,MATCH(E303,CTS!$E:$E,0))))","v":129.41176470588235},{"$f":"IF(ISNA(INDEX(CTS!$S:$S,MATCH(E303,CTS!$E:$E,0))),\"\",(INDEX(CTS!$S:$S,MATCH(E303,CTS!$E:$E,0))))","v":24.588235294117645},{"$f":"IF(ISNA(INDEX(CTS!$T:$T,MATCH(E303,CTS!$E:$E,0))),\"\",(INDEX(CTS!$T:$T,MATCH(E303,CTS!$E:$E,0))))","v":154},{"$f":"IF(ISNA(INDEX(CTS!$U:$U,MATCH(E303,CTS!$E:$E,0))),\"\",(INDEX(CTS!$U:$U,MATCH(E303,CTS!$E:$E,0))))","v":4},{"$f":"IF(ISNA(INDEX(CTS!$V:$V,MATCH(E303,CTS!$E:$E,0))),\"\",(INDEX(CTS!$V:$V,MATCH(E303,CTS!$E:$E,0))))","v":150},{"$f":"IFERROR(INDEX(CTS!$A:$A,MATCH(E303,CTS!$E:$E,0)),\".\")","v":"P"},{"$f":"IFERROR(IFERROR(INDEX(#REF!,MATCH(E303,#REF!,0)),IFERROR(INDEX(#REF!,MATCH(E303,#REF!,0)),INDEX(#REF!,MATCH(E303,#REF!,0)) )),\".\")","v":"."},null,{"$f":"IFERROR(VLOOKUP(E303,#REF!,8,FALSE),IFERROR(VLOOKUP(E303,#REF!,8,FALSE),IFERROR(VLOOKUP(E303,#REF!,8,FALSE),\"\")))","v":""},".-."]
[299,{"$f":"IFERROR(DAY(CTR[[#This Row],[Date]]),\"\")","v":24},{"$f":"IFERROR(MONTH(CTR[[#This Row],[Date]]),\"\")","v":1},{"$f":"IF(ISNA(INDEX(CTS!C:C,MATCH(E304,CTS!$E:$E,0))),\"\",(INDEX(CTS!C:C,MATCH(E304,CTS!$E:$E,0))))","v":44220},"01-299",{"$f":"IF(ISNA(INDEX(CTS!$F:$F,MATCH(E304,CTS!$E:$E,0))),\"\",(INDEX(CTS!$F:$F,MATCH(E304,CTS!$E:$E,0))))","v":"CLIENT"},{"$f":"IF(ISNA(INDEX(CTS!$N:$N,MATCH(E304,CTS!$E:$E,0))),\"\",(INDEX(CTS!$N:$N,MATCH(E304,CTS!$E:$E,0))))","v":0},{"$f":"IF(ISNA(INDEX(CTS!$O:$O,MATCH(E304,CTS!$E:$E,0))),\"\",(INDEX(CTS!$O:$O,MATCH(E304,CTS!$E:$E,0))))","v":0},{"$f":"IF(ISNA(INDEX(CTS!$P:$P,MATCH(E304,CTS!$E:$E,0))),\"\",(INDEX(CTS!$P:$P,MATCH(E304,CTS!$E:$E,0))))","v":0},{"$f":"IF(ISNA(INDEX(CTS!$Q:$Q,MATCH(E304,CTS!$E:$E,0))),\"\",(INDEX(CTS!$Q:$Q,MATCH(E304,CTS!$E:$E,0))))","v":0},{"$f":"IF(ISNA(INDEX(CTS!$S:$S,MATCH(E304,CTS!$E:$E,0))),\"\",(INDEX(CTS!$S:$S,MATCH(E304,CTS!$E:$E,0))))","v":0},{"$f":"IF(ISNA(INDEX(CTS!$T:$T,MATCH(E304,CTS!$E:$E,0))),\"\",(INDEX(CTS!$T:$T,MATCH(E304,CTS!$E:$E,0))))","v":0},{"$f":"IF(ISNA(INDEX(CTS!$U:$U,MATCH(E304,CTS!$E:$E,0))),\"\",(INDEX(CTS!$U:$U,MATCH(E304,CTS!$E:$E,0))))","v":""},{"$f":"IF(ISNA(INDEX(CTS!$V:$V,MATCH(E304,CTS!$E:$E,0))),\"\",(INDEX(CTS!$V:$V,MATCH(E304,CTS!$E:$E,0))))","v":0},{"$f":"IFERROR(INDEX(CTS!$A:$A,MATCH(E304,CTS!$E:$E,0)),\".\")","v":"I"},{"$f":"IFERROR(IFERROR(INDEX(#REF!,MATCH(E304,#REF!,0)),IFERROR(INDEX(#REF!,MATCH(E304,#REF!,0)),INDEX(#REF!,MATCH(E304,#REF!,0)) )),\".\")","v":"."},null,{"$f":"IFERROR(VLOOKUP(E304,#REF!,8,FALSE),IFERROR(VLOOKUP(E304,#REF!,8,FALSE),IFERROR(VLOOKUP(E304,#REF!,8,FALSE),\"\")))","v":""},".-."]
[300,{"$f":"IFERROR(DAY(CTR[[#This Row],[Date]]),\"\")","v":24},{"$f":"IFERROR(MONTH(CTR[[#This Row],[Date]]),\"\")","v":1},{"$f":"IF(ISNA(INDEX(CTS!C:C,MATCH(E305,CTS!$E:$E,0))),\"\",(INDEX(CTS!C:C,MATCH(E305,CTS!$E:$E,0))))","v":44220},"01-300",{"$f":"IF(ISNA(INDEX(CTS!$F:$F,MATCH(E305,CTS!$E:$E,0))),\"\",(INDEX(CTS!$F:$F,MATCH(E305,CTS!$E:$E,0))))","v":"CLIENT"},{"$f":"IF(ISNA(INDEX(CTS!$N:$N,MATCH(E305,CTS!$E:$E,0))),\"\",(INDEX(CTS!$N:$N,MATCH(E305,CTS!$E:$E,0))))","v":336.1344537815126},{"$f":"IF(ISNA(INDEX(CTS!$O:$O,MATCH(E305,CTS!$E:$E,0))),\"\",(INDEX(CTS!$O:$O,MATCH(E305,CTS!$E:$E,0))))","v":0},{"$f":"IF(ISNA(INDEX(CTS!$P:$P,MATCH(E305,CTS!$E:$E,0))),\"\",(INDEX(CTS!$P:$P,MATCH(E305,CTS!$E:$E,0))))","v":0},{"$f":"IF(ISNA(INDEX(CTS!$Q:$Q,MATCH(E305,CTS!$E:$E,0))),\"\",(INDEX(CTS!$Q:$Q,MATCH(E305,CTS!$E:$E,0))))","v":336.1344537815126},{"$f":"IF(ISNA(INDEX(CTS!$S:$S,MATCH(E305,CTS!$E:$E,0))),\"\",(INDEX(CTS!$S:$S,MATCH(E305,CTS!$E:$E,0))))","v":63.865546218487395},{"$f":"IF(ISNA(INDEX(CTS!$T:$T,MATCH(E305,CTS!$E:$E,0))),\"\",(INDEX(CTS!$T:$T,MATCH(E305,CTS!$E:$E,0))))","v":400},{"$f":"IF(ISNA(INDEX(CTS!$U:$U,MATCH(E305,CTS!$E:$E,0))),\"\",(INDEX(CTS!$U:$U,MATCH(E305,CTS!$E:$E,0))))","v":0},{"$f":"IF(ISNA(INDEX(CTS!$V:$V,MATCH(E305,CTS!$E:$E,0))),\"\",(INDEX(CTS!$V:$V,MATCH(E305,CTS!$E:$E,0))))","v":400},{"$f":"IFERROR(INDEX(CTS!$A:$A,MATCH(E305,CTS!$E:$E,0)),\".\")","v":"P"},{"$f":"IFERROR(IFERROR(INDEX(#REF!,MATCH(E305,#REF!,0)),IFERROR(INDEX(#REF!,MATCH(E305,#REF!,0)),INDEX(#REF!,MATCH(E305,#REF!,0)) )),\".\")","v":"."},null,{"$f":"IFERROR(VLOOKUP(E305,#REF!,8,FALSE),IFERROR(VLOOKUP(E305,#REF!,8,FALSE),IFERROR(VLOOKUP(E305,#REF!,8,FALSE),\"\")))","v":""},".-."]
[301,{"$f":"IFERROR(DAY(CTR[[#This Row],[Date]]),\"\")","v":24},{"$f":"IFERROR(MONTH(CTR[[#This Row],[Date]]),\"\")","v":1},{"$f":"IF(ISNA(INDEX(CTS!C:C,MATCH(E306,CTS!$E:$E,0))),\"\",(INDEX(CTS!C:C,MATCH(E306,CTS!$E:$E,0))))","v":44220},"01-301",{"$f":"IF(ISNA(INDEX(CTS!$F:$F,MATCH(E306,CTS!$E:$E,0))),\"\",(INDEX(CTS!$F:$F,MATCH(E306,CTS!$E:$E,0))))","v":"CLIENT"},{"$f":"IF(ISNA(INDEX(CTS!$N:$N,MATCH(E306,CTS!$E:$E,0))),\"\",(INDEX(CTS!$N:$N,MATCH(E306,CTS!$E:$E,0))))","v":1210.0840336134456},{"$f":"IF(ISNA(INDEX(CTS!$O:$O,MATCH(E306,CTS!$E:$E,0))),\"\",(INDEX(CTS!$O:$O,MATCH(E306,CTS!$E:$E,0))))","v":0},{"$f":"IF(ISNA(INDEX(CTS!$P:$P,MATCH(E306,CTS!$E:$E,0))),\"\",(INDEX(CTS!$P:$P,MATCH(E306,CTS!$E:$E,0))))","v":0},{"$f":"IF(ISNA(INDEX(CTS!$Q:$Q,MATCH(E306,CTS!$E:$E,0))),\"\",(INDEX(CTS!$Q:$Q,MATCH(E306,CTS!$E:$E,0))))","v":1210.0840336134456},{"$f":"IF(ISNA(INDEX(CTS!$S:$S,MATCH(E306,CTS!$E:$E,0))),\"\",(INDEX(CTS!$S:$S,MATCH(E306,CTS!$E:$E,0))))","v":229.91596638655466},{"$f":"IF(ISNA(INDEX(CTS!$T:$T,MATCH(E306,CTS!$E:$E,0))),\"\",(INDEX(CTS!$T:$T,MATCH(E306,CTS!$E:$E,0))))","v":1440.0000000000002},{"$f":"IF(ISNA(INDEX(CTS!$U:$U,MATCH(E306,CTS!$E:$E,0))),\"\",(INDEX(CTS!$U:$U,MATCH(E306,CTS!$E:$E,0))))","v":0},{"$f":"IF(ISNA(INDEX(CTS!$V:$V,MATCH(E306,CTS!$E:$E,0))),\"\",(INDEX(CTS!$V:$V,MATCH(E306,CTS!$E:$E,0))))","v":1440.0000000000002},{"$f":"IFERROR(INDEX(CTS!$A:$A,MATCH(E306,CTS!$E:$E,0)),\".\")","v":"P"},{"$f":"IFERROR(IFERROR(INDEX(#REF!,MATCH(E306,#REF!,0)),IFERROR(INDEX(#REF!,MATCH(E306,#REF!,0)),INDEX(#REF!,MATCH(E306,#REF!,0)) )),\".\")","v":"."},null,{"$f":"IFERROR(VLOOKUP(E306,#REF!,8,FALSE),IFERROR(VLOOKUP(E306,#REF!,8,FALSE),IFERROR(VLOOKUP(E306,#REF!,8,FALSE),\"\")))","v":""},".-."]
[302,{"$f":"IFERROR(DAY(CTR[[#This Row],[Date]]),\"\")","v":24},{"$f":"IFERROR(MONTH(CTR[[#This Row],[Date]]),\"\")","v":1},{"$f":"IF(ISNA(INDEX(CTS!C:C,MATCH(E307,CTS!$E:$E,0))),\"\",(INDEX(CTS!C:C,MATCH(E307,CTS!$E:$E,0))))","v":44220},"01-302",{"$f":"IF(ISNA(INDEX(CTS!$F:$F,MATCH(E307,CTS!$E:$E,0))),\"\",(INDEX(CTS!$F:$F,MATCH(E307,CTS!$E:$E,0))))","v":"CLIENT"},{"$f":"IF(ISNA(INDEX(CTS!$N:$N,MATCH(E307,CTS!$E:$E,0))),\"\",(INDEX(CTS!$N:$N,MATCH(E307,CTS!$E:$E,0))))","v":15509.243697478994},{"$f":"IF(ISNA(INDEX(CTS!$O:$O,MATCH(E307,CTS!$E:$E,0))),\"\",(INDEX(CTS!$O:$O,MATCH(E307,CTS!$E:$E,0))))","v":9.9967490247074117E-2},{"$f":"IF(ISNA(INDEX(CTS!$P:$P,MATCH(E307,CTS!$E:$E,0))),\"\",(INDEX(CTS!$P:$P,MATCH(E307,CTS!$E:$E,0))))","v":1550.420168067227},{"$f":"IF(ISNA(INDEX(CTS!$Q:$Q,MATCH(E307,CTS!$E:$E,0))),\"\",(INDEX(CTS!$Q:$Q,MATCH(E307,CTS!$E:$E,0))))","v":13958.823529411768},{"$f":"IF(ISNA(INDEX(CTS!$S:$S,MATCH(E307,CTS!$E:$E,0))),\"\",(INDEX(CTS!$S:$S,MATCH(E307,CTS!$E:$E,0))))","v":2652.176470588236},{"$f":"IF(ISNA(INDEX(CTS!$T:$T,MATCH(E307,CTS!$E:$E,0))),\"\",(INDEX(CTS!$T:$T,MATCH(E307,CTS!$E:$E,0))))","v":16611.000000000004},{"$f":"IF(ISNA(INDEX(CTS!$U:$U,MATCH(E307,CTS!$E:$E,0))),\"\",(INDEX(CTS!$U:$U,MATCH(E307,CTS!$E:$E,0))))","v":0.59999999999854481},{"$f":"IF(ISNA(INDEX(CTS!$V:$V,MATCH(E307,CTS!$E:$E,0))),\"\",(INDEX(CTS!$V:$V,MATCH(E307,CTS!$E:$E,0))))","v":16610.400000000005},{"$f":"IFERROR(INDEX(CTS!$A:$A,MATCH(E307,CTS!$E:$E,0)),\".\")","v":"P"},{"$f":"IFERROR(IFERROR(INDEX(#REF!,MATCH(E307,#REF!,0)),IFERROR(INDEX(#REF!,MATCH(E307,#REF!,0)),INDEX(#REF!,MATCH(E307,#REF!,0)) )),\".\")","v":"."},null,{"$f":"IFERROR(VLOOKUP(E307,#REF!,8,FALSE),IFERROR(VLOOKUP(E307,#REF!,8,FALSE),IFERROR(VLOOKUP(E307,#REF!,8,FALSE),\"\")))","v":""},".-."]
[303,{"$f":"IFERROR(DAY(CTR[[#This Row],[Date]]),\"\")","v":25},{"$f":"IFERROR(MONTH(CTR[[#This Row],[Date]]),\"\")","v":1},{"$f":"IF(ISNA(INDEX(CTS!C:C,MATCH(E308,CTS!$E:$E,0))),\"\",(INDEX(CTS!C:C,MATCH(E308,CTS!$E:$E,0))))","v":44221},"01-303",{"$f":"IF(ISNA(INDEX(CTS!$F:$F,MATCH(E308,CTS!$E:$E,0))),\"\",(INDEX(CTS!$F:$F,MATCH(E308,CTS!$E:$E,0))))","v":"CLIENT"},{"$f":"IF(ISNA(INDEX(CTS!$N:$N,MATCH(E308,CTS!$E:$E,0))),\"\",(INDEX(CTS!$N:$N,MATCH(E308,CTS!$E:$E,0))))","v":1371.4285714285716},{"$f":"IF(ISNA(INDEX(CTS!$O:$O,MATCH(E308,CTS!$E:$E,0))),\"\",(INDEX(CTS!$O:$O,MATCH(E308,CTS!$E:$E,0))))","v":0},{"$f":"IF(ISNA(INDEX(CTS!$P:$P,MATCH(E308,CTS!$E:$E,0))),\"\",(INDEX(CTS!$P:$P,MATCH(E308,CTS!$E:$E,0))))","v":0},{"$f":"IF(ISNA(INDEX(CTS!$Q:$Q,MATCH(E308,CTS!$E:$E,0))),\"\",(INDEX(CTS!$Q:$Q,MATCH(E308,CTS!$E:$E,0))))","v":1371.4285714285716},{"$f":"IF(ISNA(INDEX(CTS!$S:$S,MATCH(E308,CTS!$E:$E,0))),\"\",(INDEX(CTS!$S:$S,MATCH(E308,CTS!$E:$E,0))))","v":260.57142857142861},{"$f":"IF(ISNA(INDEX(CTS!$T:$T,MATCH(E308,CTS!$E:$E,0))),\"\",(INDEX(CTS!$T:$T,MATCH(E308,CTS!$E:$E,0))))","v":1632.0000000000002},{"$f":"IF(ISNA(INDEX(CTS!$U:$U,MATCH(E308,CTS!$E:$E,0))),\"\",(INDEX(CTS!$U:$U,MATCH(E308,CTS!$E:$E,0))))","v":2},{"$f":"IF(ISNA(INDEX(CTS!$V:$V,MATCH(E308,CTS!$E:$E,0))),\"\",(INDEX(CTS!$V:$V,MATCH(E308,CTS!$E:$E,0))))","v":1630.0000000000002},{"$f":"IFERROR(INDEX(CTS!$A:$A,MATCH(E308,CTS!$E:$E,0)),\".\")","v":"P"},{"$f":"IFERROR(IFERROR(INDEX(#REF!,MATCH(E308,#REF!,0)),IFERROR(INDEX(#REF!,MATCH(E308,#REF!,0)),INDEX(#REF!,MATCH(E308,#REF!,0)) )),\".\")","v":"."},null,{"$f":"IFERROR(VLOOKUP(E308,#REF!,8,FALSE),IFERROR(VLOOKUP(E308,#REF!,8,FALSE),IFERROR(VLOOKUP(E308,#REF!,8,FALSE),\"\")))","v":""},".-."]
[304,{"$f":"IFERROR(DAY(CTR[[#This Row],[Date]]),\"\")","v":25},{"$f":"IFERROR(MONTH(CTR[[#This Row],[Date]]),\"\")","v":1},{"$f":"IF(ISNA(INDEX(CTS!C:C,MATCH(E309,CTS!$E:$E,0))),\"\",(INDEX(CTS!C:C,MATCH(E309,CTS!$E:$E,0))))","v":44221},"01-304",{"$f":"IF(ISNA(INDEX(CTS!$F:$F,MATCH(E309,CTS!$E:$E,0))),\"\",(INDEX(CTS!$F:$F,MATCH(E309,CTS!$E:$E,0))))","v":"CLIENT"},{"$f":"IF(ISNA(INDEX(CTS!$N:$N,MATCH(E309,CTS!$E:$E,0))),\"\",(INDEX(CTS!$N:$N,MATCH(E309,CTS!$E:$E,0))))","v":1571.4285714285716},{"$f":"IF(ISNA(INDEX(CTS!$O:$O,MATCH(E309,CTS!$E:$E,0))),\"\",(INDEX(CTS!$O:$O,MATCH(E309,CTS!$E:$E,0))))","v":0},{"$f":"IF(ISNA(INDEX(CTS!$P:$P,MATCH(E309,CTS!$E:$E,0))),\"\",(INDEX(CTS!$P:$P,MATCH(E309,CTS!$E:$E,0))))","v":0},{"$f":"IF(ISNA(INDEX(CTS!$Q:$Q,MATCH(E309,CTS!$E:$E,0))),\"\",(INDEX(CTS!$Q:$Q,MATCH(E309,CTS!$E:$E,0))))","v":1571.4285714285716},{"$f":"IF(ISNA(INDEX(CTS!$S:$S,MATCH(E309,CTS!$E:$E,0))),\"\",(INDEX(CTS!$S:$S,MATCH(E309,CTS!$E:$E,0))))","v":298.57142857142856},{"$f":"IF(ISNA(INDEX(CTS!$T:$T,MATCH(E309,CTS!$E:$E,0))),\"\",(INDEX(CTS!$T:$T,MATCH(E309,CTS!$E:$E,0))))","v":1870},{"$f":"IF(ISNA(INDEX(CTS!$U:$U,MATCH(E309,CTS!$E:$E,0))),\"\",(INDEX(CTS!$U:$U,MATCH(E309,CTS!$E:$E,0))))","v":0},{"$f":"IF(ISNA(INDEX(CTS!$V:$V,MATCH(E309,CTS!$E:$E,0))),\"\",(INDEX(CTS!$V:$V,MATCH(E309,CTS!$E:$E,0))))","v":1870},{"$f":"IFERROR(INDEX(CTS!$A:$A,MATCH(E309,CTS!$E:$E,0)),\".\")","v":"P"},{"$f":"IFERROR(IFERROR(INDEX(#REF!,MATCH(E309,#REF!,0)),IFERROR(INDEX(#REF!,MATCH(E309,#REF!,0)),INDEX(#REF!,MATCH(E309,#REF!,0)) )),\".\")","v":"."},null,{"$f":"IFERROR(VLOOKUP(E309,#REF!,8,FALSE),IFERROR(VLOOKUP(E309,#REF!,8,FALSE),IFERROR(VLOOKUP(E309,#REF!,8,FALSE),\"\")))","v":""},".-."]
[305,{"$f":"IFERROR(DAY(CTR[[#This Row],[Date]]),\"\")","v":25},{"$f":"IFERROR(MONTH(CTR[[#This Row],[Date]]),\"\")","v":1},{"$f":"IF(ISNA(INDEX(CTS!C:C,MATCH(E310,CTS!$E:$E,0))),\"\",(INDEX(CTS!C:C,MATCH(E310,CTS!$E:$E,0))))","v":44221},"01-305",{"$f":"IF(ISNA(INDEX(CTS!$F:$F,MATCH(E310,CTS!$E:$E,0))),\"\",(INDEX(CTS!$F:$F,MATCH(E310,CTS!$E:$E,0))))","v":"CLIENT"},{"$f":"IF(ISNA(INDEX(CTS!$N:$N,MATCH(E310,CTS!$E:$E,0))),\"\",(INDEX(CTS!$N:$N,MATCH(E310,CTS!$E:$E,0))))","v":201.68067226890759},{"$f":"IF(ISNA(INDEX(CTS!$O:$O,MATCH(E310,CTS!$E:$E,0))),\"\",(INDEX(CTS!$O:$O,MATCH(E310,CTS!$E:$E,0))))","v":0},{"$f":"IF(ISNA(INDEX(CTS!$P:$P,MATCH(E310,CTS!$E:$E,0))),\"\",(INDEX(CTS!$P:$P,MATCH(E310,CTS!$E:$E,0))))","v":0},{"$f":"IF(ISNA(INDEX(CTS!$Q:$Q,MATCH(E310,CTS!$E:$E,0))),\"\",(INDEX(CTS!$Q:$Q,MATCH(E310,CTS!$E:$E,0))))","v":201.68067226890759},{"$f":"IF(ISNA(INDEX(CTS!$S:$S,MATCH(E310,CTS!$E:$E,0))),\"\",(INDEX(CTS!$S:$S,MATCH(E310,CTS!$E:$E,0))))","v":38.319327731092443},{"$f":"IF(ISNA(INDEX(CTS!$T:$T,MATCH(E310,CTS!$E:$E,0))),\"\",(INDEX(CTS!$T:$T,MATCH(E310,CTS!$E:$E,0))))","v":240.00000000000003},{"$f":"IF(ISNA(INDEX(CTS!$U:$U,MATCH(E310,CTS!$E:$E,0))),\"\",(INDEX(CTS!$U:$U,MATCH(E310,CTS!$E:$E,0))))","v":0},{"$f":"IF(ISNA(INDEX(CTS!$V:$V,MATCH(E310,CTS!$E:$E,0))),\"\",(INDEX(CTS!$V:$V,MATCH(E310,CTS!$E:$E,0))))","v":240.00000000000003},{"$f":"IFERROR(INDEX(CTS!$A:$A,MATCH(E310,CTS!$E:$E,0)),\".\")","v":"P"},{"$f":"IFERROR(IFERROR(INDEX(#REF!,MATCH(E310,#REF!,0)),IFERROR(INDEX(#REF!,MATCH(E310,#REF!,0)),INDEX(#REF!,MATCH(E310,#REF!,0)) )),\".\")","v":"."},null,{"$f":"IFERROR(VLOOKUP(E310,#REF!,8,FALSE),IFERROR(VLOOKUP(E310,#REF!,8,FALSE),IFERROR(VLOOKUP(E310,#REF!,8,FALSE),\"\")))","v":""},".-."]
[306,{"$f":"IFERROR(DAY(CTR[[#This Row],[Date]]),\"\")","v":25},{"$f":"IFERROR(MONTH(CTR[[#This Row],[Date]]),\"\")","v":1},{"$f":"IF(ISNA(INDEX(CTS!C:C,MATCH(E311,CTS!$E:$E,0))),\"\",(INDEX(CTS!C:C,MATCH(E311,CTS!$E:$E,0))))","v":44221},"01-306",{"$f":"IF(ISNA(INDEX(CTS!$F:$F,MATCH(E311,CTS!$E:$E,0))),\"\",(INDEX(CTS!$F:$F,MATCH(E311,CTS!$E:$E,0))))","v":"CLIENT"},{"$f":"IF(ISNA(INDEX(CTS!$N:$N,MATCH(E311,CTS!$E:$E,0))),\"\",(INDEX(CTS!$N:$N,MATCH(E311,CTS!$E:$E,0))))","v":65.546218487394967},{"$f":"IF(ISNA(INDEX(CTS!$O:$O,MATCH(E311,CTS!$E:$E,0))),\"\",(INDEX(CTS!$O:$O,MATCH(E311,CTS!$E:$E,0))))","v":0},{"$f":"IF(ISNA(INDEX(CTS!$P:$P,MATCH(E311,CTS!$E:$E,0))),\"\",(INDEX(CTS!$P:$P,MATCH(E311,CTS!$E:$E,0))))","v":0},{"$f":"IF(ISNA(INDEX(CTS!$Q:$Q,MATCH(E311,CTS!$E:$E,0))),\"\",(INDEX(CTS!$Q:$Q,MATCH(E311,CTS!$E:$E,0))))","v":65.546218487394967},{"$f":"IF(ISNA(INDEX(CTS!$S:$S,MATCH(E311,CTS!$E:$E,0))),\"\",(INDEX(CTS!$S:$S,MATCH(E311,CTS!$E:$E,0))))","v":12.453781512605044},{"$f":"IF(ISNA(INDEX(CTS!$T:$T,MATCH(E311,CTS!$E:$E,0))),\"\",(INDEX(CTS!$T:$T,MATCH(E311,CTS!$E:$E,0))))","v":78.000000000000014},{"$f":"IF(ISNA(INDEX(CTS!$U:$U,MATCH(E311,CTS!$E:$E,0))),\"\",(INDEX(CTS!$U:$U,MATCH(E311,CTS!$E:$E,0))))","v":-2},{"$f":"IF(ISNA(INDEX(CTS!$V:$V,MATCH(E311,CTS!$E:$E,0))),\"\",(INDEX(CTS!$V:$V,MATCH(E311,CTS!$E:$E,0))))","v":80.000000000000014},{"$f":"IFERROR(INDEX(CTS!$A:$A,MATCH(E311,CTS!$E:$E,0)),\".\")","v":"P"},{"$f":"IFERROR(IFERROR(INDEX(#REF!,MATCH(E311,#REF!,0)),IFERROR(INDEX(#REF!,MATCH(E311,#REF!,0)),INDEX(#REF!,MATCH(E311,#REF!,0)) )),\".\")","v":"."},null,{"$f":"IFERROR(VLOOKUP(E311,#REF!,8,FALSE),IFERROR(VLOOKUP(E311,#REF!,8,FALSE),IFERROR(VLOOKUP(E311,#REF!,8,FALSE),\"\")))","v":""},".-."]
[307,{"$f":"IFERROR(DAY(CTR[[#This Row],[Date]]),\"\")","v":25},{"$f":"IFERROR(MONTH(CTR[[#This Row],[Date]]),\"\")","v":1},{"$f":"IF(ISNA(INDEX(CTS!C:C,MATCH(E312,CTS!$E:$E,0))),\"\",(INDEX(CTS!C:C,MATCH(E312,CTS!$E:$E,0))))","v":44221},"01-307",{"$f":"IF(ISNA(INDEX(CTS!$F:$F,MATCH(E312,CTS!$E:$E,0))),\"\",(INDEX(CTS!$F:$F,MATCH(E312,CTS!$E:$E,0))))","v":"CLIENT"},{"$f":"IF(ISNA(INDEX(CTS!$N:$N,MATCH(E312,CTS!$E:$E,0))),\"\",(INDEX(CTS!$N:$N,MATCH(E312,CTS!$E:$E,0))))","v":75.630252100840352},{"$f":"IF(ISNA(INDEX(CTS!$O:$O,MATCH(E312,CTS!$E:$E,0))),\"\",(INDEX(CTS!$O:$O,MATCH(E312,CTS!$E:$E,0))))","v":0},{"$f":"IF(ISNA(INDEX(CTS!$P:$P,MATCH(E312,CTS!$E:$E,0))),\"\",(INDEX(CTS!$P:$P,MATCH(E312,CTS!$E:$E,0))))","v":0},{"$f":"IF(ISNA(INDEX(CTS!$Q:$Q,MATCH(E312,CTS!$E:$E,0))),\"\",(INDEX(CTS!$Q:$Q,MATCH(E312,CTS!$E:$E,0))))","v":75.630252100840352},{"$f":"IF(ISNA(INDEX(CTS!$S:$S,MATCH(E312,CTS!$E:$E,0))),\"\",(INDEX(CTS!$S:$S,MATCH(E312,CTS!$E:$E,0))))","v":14.369747899159666},{"$f":"IF(ISNA(INDEX(CTS!$T:$T,MATCH(E312,CTS!$E:$E,0))),\"\",(INDEX(CTS!$T:$T,MATCH(E312,CTS!$E:$E,0))))","v":90.000000000000014},{"$f":"IF(ISNA(INDEX(CTS!$U:$U,MATCH(E312,CTS!$E:$E,0))),\"\",(INDEX(CTS!$U:$U,MATCH(E312,CTS!$E:$E,0))))","v":0},{"$f":"IF(ISNA(INDEX(CTS!$V:$V,MATCH(E312,CTS!$E:$E,0))),\"\",(INDEX(CTS!$V:$V,MATCH(E312,CTS!$E:$E,0))))","v":90.000000000000014},{"$f":"IFERROR(INDEX(CTS!$A:$A,MATCH(E312,CTS!$E:$E,0)),\".\")","v":"P"},{"$f":"IFERROR(IFERROR(INDEX(#REF!,MATCH(E312,#REF!,0)),IFERROR(INDEX(#REF!,MATCH(E312,#REF!,0)),INDEX(#REF!,MATCH(E312,#REF!,0)) )),\".\")","v":"."},null,{"$f":"IFERROR(VLOOKUP(E312,#REF!,8,FALSE),IFERROR(VLOOKUP(E312,#REF!,8,FALSE),IFERROR(VLOOKUP(E312,#REF!,8,FALSE),\"\")))","v":""},".-."]
[308,{"$f":"IFERROR(DAY(CTR[[#This Row],[Date]]),\"\")","v":25},{"$f":"IFERROR(MONTH(CTR[[#This Row],[Date]]),\"\")","v":1},{"$f":"IF(ISNA(INDEX(CTS!C:C,MATCH(E313,CTS!$E:$E,0))),\"\",(INDEX(CTS!C:C,MATCH(E313,CTS!$E:$E,0))))","v":44221},"01-308",{"$f":"IF(ISNA(INDEX(CTS!$F:$F,MATCH(E313,CTS!$E:$E,0))),\"\",(INDEX(CTS!$F:$F,MATCH(E313,CTS!$E:$E,0))))","v":"CLIENT"},{"$f":"IF(ISNA(INDEX(CTS!$N:$N,MATCH(E313,CTS!$E:$E,0))),\"\",(INDEX(CTS!$N:$N,MATCH(E313,CTS!$E:$E,0))))","v":3489.0756302521013},{"$f":"IF(ISNA(INDEX(CTS!$O:$O,MATCH(E313,CTS!$E:$E,0))),\"\",(INDEX(CTS!$O:$O,MATCH(E313,CTS!$E:$E,0))))","v":0},{"$f":"IF(ISNA(INDEX(CTS!$P:$P,MATCH(E313,CTS!$E:$E,0))),\"\",(INDEX(CTS!$P:$P,MATCH(E313,CTS!$E:$E,0))))","v":0},{"$f":"IF(ISNA(INDEX(CTS!$Q:$Q,MATCH(E313,CTS!$E:$E,0))),\"\",(INDEX(CTS!$Q:$Q,MATCH(E313,CTS!$E:$E,0))))","v":3489.0756302521013},{"$f":"IF(ISNA(INDEX(CTS!$S:$S,MATCH(E313,CTS!$E:$E,0))),\"\",(INDEX(CTS!$S:$S,MATCH(E313,CTS!$E:$E,0))))","v":662.92436974789928},{"$f":"IF(ISNA(INDEX(CTS!$T:$T,MATCH(E313,CTS!$E:$E,0))),\"\",(INDEX(CTS!$T:$T,MATCH(E313,CTS!$E:$E,0))))","v":4152.0000000000009},{"$f":"IF(ISNA(INDEX(CTS!$U:$U,MATCH(E313,CTS!$E:$E,0))),\"\",(INDEX(CTS!$U:$U,MATCH(E313,CTS!$E:$E,0))))","v":2},{"$f":"IF(ISNA(INDEX(CTS!$V:$V,MATCH(E313,CTS!$E:$E,0))),\"\",(INDEX(CTS!$V:$V,MATCH(E313,CTS!$E:$E,0))))","v":4150.0000000000009},{"$f":"IFERROR(INDEX(CTS!$A:$A,MATCH(E313,CTS!$E:$E,0)),\".\")","v":"P"},{"$f":"IFERROR(IFERROR(INDEX(#REF!,MATCH(E313,#REF!,0)),IFERROR(INDEX(#REF!,MATCH(E313,#REF!,0)),INDEX(#REF!,MATCH(E313,#REF!,0)) )),\".\")","v":"."},null,{"$f":"IFERROR(VLOOKUP(E313,#REF!,8,FALSE),IFERROR(VLOOKUP(E313,#REF!,8,FALSE),IFERROR(VLOOKUP(E313,#REF!,8,FALSE),\"\")))","v":""},".-."]
[309,{"$f":"IFERROR(DAY(CTR[[#This Row],[Date]]),\"\")","v":25},{"$f":"IFERROR(MONTH(CTR[[#This Row],[Date]]),\"\")","v":1},{"$f":"IF(ISNA(INDEX(CTS!C:C,MATCH(E314,CTS!$E:$E,0))),\"\",(INDEX(CTS!C:C,MATCH(E314,CTS!$E:$E,0))))","v":44221},"01-309",{"$f":"IF(ISNA(INDEX(CTS!$F:$F,MATCH(E314,CTS!$E:$E,0))),\"\",(INDEX(CTS!$F:$F,MATCH(E314,CTS!$E:$E,0))))","v":"CLIENT"},{"$f":"IF(ISNA(INDEX(CTS!$N:$N,MATCH(E314,CTS!$E:$E,0))),\"\",(INDEX(CTS!$N:$N,MATCH(E314,CTS!$E:$E,0))))","v":319.32773109243703},{"$f":"IF(ISNA(INDEX(CTS!$O:$O,MATCH(E314,CTS!$E:$E,0))),\"\",(INDEX(CTS!$O:$O,MATCH(E314,CTS!$E:$E,0))))","v":0},{"$f":"IF(ISNA(INDEX(CTS!$P:$P,MATCH(E314,CTS!$E:$E,0))),\"\",(INDEX(CTS!$P:$P,MATCH(E314,CTS!$E:$E,0))))","v":0},{"$f":"IF(ISNA(INDEX(CTS!$Q:$Q,MATCH(E314,CTS!$E:$E,0))),\"\",(INDEX(CTS!$Q:$Q,MATCH(E314,CTS!$E:$E,0))))","v":319.32773109243703},{"$f":"IF(ISNA(INDEX(CTS!$S:$S,MATCH(E314,CTS!$E:$E,0))),\"\",(INDEX(CTS!$S:$S,MATCH(E314,CTS!$E:$E,0))))","v":60.67226890756303},{"$f":"IF(ISNA(INDEX(CTS!$T:$T,MATCH(E314,CTS!$E:$E,0))),\"\",(INDEX(CTS!$T:$T,MATCH(E314,CTS!$E:$E,0))))","v":380.00000000000006},{"$f":"IF(ISNA(INDEX(CTS!$U:$U,MATCH(E314,CTS!$E:$E,0))),\"\",(INDEX(CTS!$U:$U,MATCH(E314,CTS!$E:$E,0))))","v":0},{"$f":"IF(ISNA(INDEX(CTS!$V:$V,MATCH(E314,CTS!$E:$E,0))),\"\",(INDEX(CTS!$V:$V,MATCH(E314,CTS!$E:$E,0))))","v":380.00000000000006},{"$f":"IFERROR(INDEX(CTS!$A:$A,MATCH(E314,CTS!$E:$E,0)),\".\")","v":"P"},{"$f":"IFERROR(IFERROR(INDEX(#REF!,MATCH(E314,#REF!,0)),IFERROR(INDEX(#REF!,MATCH(E314,#REF!,0)),INDEX(#REF!,MATCH(E314,#REF!,0)) )),\".\")","v":"."},null,{"$f":"IFERROR(VLOOKUP(E314,#REF!,8,FALSE),IFERROR(VLOOKUP(E314,#REF!,8,FALSE),IFERROR(VLOOKUP(E314,#REF!,8,FALSE),\"\")))","v":""},".-."]
[310,{"$f":"IFERROR(DAY(CTR[[#This Row],[Date]]),\"\")","v":25},{"$f":"IFERROR(MONTH(CTR[[#This Row],[Date]]),\"\")","v":1},{"$f":"IF(ISNA(INDEX(CTS!C:C,MATCH(E315,CTS!$E:$E,0))),\"\",(INDEX(CTS!C:C,MATCH(E315,CTS!$E:$E,0))))","v":44221},"01-310",{"$f":"IF(ISNA(INDEX(CTS!$F:$F,MATCH(E315,CTS!$E:$E,0))),\"\",(INDEX(CTS!$F:$F,MATCH(E315,CTS!$E:$E,0))))","v":"CLIENT"},{"$f":"IF(ISNA(INDEX(CTS!$N:$N,MATCH(E315,CTS!$E:$E,0))),\"\",(INDEX(CTS!$N:$N,MATCH(E315,CTS!$E:$E,0))))","v":1936.1344537815125},{"$f":"IF(ISNA(INDEX(CTS!$O:$O,MATCH(E315,CTS!$E:$E,0))),\"\",(INDEX(CTS!$O:$O,MATCH(E315,CTS!$E:$E,0))))","v":0},{"$f":"IF(ISNA(INDEX(CTS!$P:$P,MATCH(E315,CTS!$E:$E,0))),\"\",(INDEX(CTS!$P:$P,MATCH(E315,CTS!$E:$E,0))))","v":0},{"$f":"IF(ISNA(INDEX(CTS!$Q:$Q,MATCH(E315,CTS!$E:$E,0))),\"\",(INDEX(CTS!$Q:$Q,MATCH(E315,CTS!$E:$E,0))))","v":1936.1344537815125},{"$f":"IF(ISNA(INDEX(CTS!$S:$S,MATCH(E315,CTS!$E:$E,0))),\"\",(INDEX(CTS!$S:$S,MATCH(E315,CTS!$E:$E,0))))","v":367.8655462184874},{"$f":"IF(ISNA(INDEX(CTS!$T:$T,MATCH(E315,CTS!$E:$E,0))),\"\",(INDEX(CTS!$T:$T,MATCH(E315,CTS!$E:$E,0))))","v":2304},{"$f":"IF(ISNA(INDEX(CTS!$U:$U,MATCH(E315,CTS!$E:$E,0))),\"\",(INDEX(CTS!$U:$U,MATCH(E315,CTS!$E:$E,0))))","v":4},{"$f":"IF(ISNA(INDEX(CTS!$V:$V,MATCH(E315,CTS!$E:$E,0))),\"\",(INDEX(CTS!$V:$V,MATCH(E315,CTS!$E:$E,0))))","v":2300},{"$f":"IFERROR(INDEX(CTS!$A:$A,MATCH(E315,CTS!$E:$E,0)),\".\")","v":"P"},{"$f":"IFERROR(IFERROR(INDEX(#REF!,MATCH(E315,#REF!,0)),IFERROR(INDEX(#REF!,MATCH(E315,#REF!,0)),INDEX(#REF!,MATCH(E315,#REF!,0)) )),\".\")","v":"."},null,{"$f":"IFERROR(VLOOKUP(E315,#REF!,8,FALSE),IFERROR(VLOOKUP(E315,#REF!,8,FALSE),IFERROR(VLOOKUP(E315,#REF!,8,FALSE),\"\")))","v":""},".-."]
[311,{"$f":"IFERROR(DAY(CTR[[#This Row],[Date]]),\"\")","v":25},{"$f":"IFERROR(MONTH(CTR[[#This Row],[Date]]),\"\")","v":1},{"$f":"IF(ISNA(INDEX(CTS!C:C,MATCH(E316,CTS!$E:$E,0))),\"\",(INDEX(CTS!C:C,MATCH(E316,CTS!$E:$E,0))))","v":44221},"01-311",{"$f":"IF(ISNA(INDEX(CTS!$F:$F,MATCH(E316,CTS!$E:$E,0))),\"\",(INDEX(CTS!$F:$F,MATCH(E316,CTS!$E:$E,0))))","v":"CLIENT"},{"$f":"IF(ISNA(INDEX(CTS!$N:$N,MATCH(E316,CTS!$E:$E,0))),\"\",(INDEX(CTS!$N:$N,MATCH(E316,CTS!$E:$E,0))))","v":319.32773109243698},{"$f":"IF(ISNA(INDEX(CTS!$O:$O,MATCH(E316,CTS!$E:$E,0))),\"\",(INDEX(CTS!$O:$O,MATCH(E316,CTS!$E:$E,0))))","v":0},{"$f":"IF(ISNA(INDEX(CTS!$P:$P,MATCH(E316,CTS!$E:$E,0))),\"\",(INDEX(CTS!$P:$P,MATCH(E316,CTS!$E:$E,0))))","v":0},{"$f":"IF(ISNA(INDEX(CTS!$Q:$Q,MATCH(E316,CTS!$E:$E,0))),\"\",(INDEX(CTS!$Q:$Q,MATCH(E316,CTS!$E:$E,0))))","v":319.32773109243698},{"$f":"IF(ISNA(INDEX(CTS!$S:$S,MATCH(E316,CTS!$E:$E,0))),\"\",(INDEX(CTS!$S:$S,MATCH(E316,CTS!$E:$E,0))))","v":60.672268907563023},{"$f":"IF(ISNA(INDEX(CTS!$T:$T,MATCH(E316,CTS!$E:$E,0))),\"\",(INDEX(CTS!$T:$T,MATCH(E316,CTS!$E:$E,0))))","v":380},{"$f":"IF(ISNA(INDEX(CTS!$U:$U,MATCH(E316,CTS!$E:$E,0))),\"\",(INDEX(CTS!$U:$U,MATCH(E316,CTS!$E:$E,0))))","v":0},{"$f":"IF(ISNA(INDEX(CTS!$V:$V,MATCH(E316,CTS!$E:$E,0))),\"\",(INDEX(CTS!$V:$V,MATCH(E316,CTS!$E:$E,0))))","v":380},{"$f":"IFERROR(INDEX(CTS!$A:$A,MATCH(E316,CTS!$E:$E,0)),\".\")","v":"P"},{"$f":"IFERROR(IFERROR(INDEX(#REF!,MATCH(E316,#REF!,0)),IFERROR(INDEX(#REF!,MATCH(E316,#REF!,0)),INDEX(#REF!,MATCH(E316,#REF!,0)) )),\".\")","v":"."},null,{"$f":"IFERROR(VLOOKUP(E316,#REF!,8,FALSE),IFERROR(VLOOKUP(E316,#REF!,8,FALSE),IFERROR(VLOOKUP(E316,#REF!,8,FALSE),\"\")))","v":""},".-."]
[312,{"$f":"IFERROR(DAY(CTR[[#This Row],[Date]]),\"\")","v":25},{"$f":"IFERROR(MONTH(CTR[[#This Row],[Date]]),\"\")","v":1},{"$f":"IF(ISNA(INDEX(CTS!C:C,MATCH(E317,CTS!$E:$E,0))),\"\",(INDEX(CTS!C:C,MATCH(E317,CTS!$E:$E,0))))","v":44221},"01-312",{"$f":"IF(ISNA(INDEX(CTS!$F:$F,MATCH(E317,CTS!$E:$E,0))),\"\",(INDEX(CTS!$F:$F,MATCH(E317,CTS!$E:$E,0))))","v":"CLIENT"},{"$f":"IF(ISNA(INDEX(CTS!$N:$N,MATCH(E317,CTS!$E:$E,0))),\"\",(INDEX(CTS!$N:$N,MATCH(E317,CTS!$E:$E,0))))","v":549.57983193277323},{"$f":"IF(ISNA(INDEX(CTS!$O:$O,MATCH(E317,CTS!$E:$E,0))),\"\",(INDEX(CTS!$O:$O,MATCH(E317,CTS!$E:$E,0))))","v":0},{"$f":"IF(ISNA(INDEX(CTS!$P:$P,MATCH(E317,CTS!$E:$E,0))),\"\",(INDEX(CTS!$P:$P,MATCH(E317,CTS!$E:$E,0))))","v":0},{"$f":"IF(ISNA(INDEX(CTS!$Q:$Q,MATCH(E317,CTS!$E:$E,0))),\"\",(INDEX(CTS!$Q:$Q,MATCH(E317,CTS!$E:$E,0))))","v":549.57983193277323},{"$f":"IF(ISNA(INDEX(CTS!$S:$S,MATCH(E317,CTS!$E:$E,0))),\"\",(INDEX(CTS!$S:$S,MATCH(E317,CTS!$E:$E,0))))","v":104.42016806722691},{"$f":"IF(ISNA(INDEX(CTS!$T:$T,MATCH(E317,CTS!$E:$E,0))),\"\",(INDEX(CTS!$T:$T,MATCH(E317,CTS!$E:$E,0))))","v":654.00000000000011},{"$f":"IF(ISNA(INDEX(CTS!$U:$U,MATCH(E317,CTS!$E:$E,0))),\"\",(INDEX(CTS!$U:$U,MATCH(E317,CTS!$E:$E,0))))","v":4},{"$f":"IF(ISNA(INDEX(CTS!$V:$V,MATCH(E317,CTS!$E:$E,0))),\"\",(INDEX(CTS!$V:$V,MATCH(E317,CTS!$E:$E,0))))","v":650.00000000000011},{"$f":"IFERROR(INDEX(CTS!$A:$A,MATCH(E317,CTS!$E:$E,0)),\".\")","v":"P"},{"$f":"IFERROR(IFERROR(INDEX(#REF!,MATCH(E317,#REF!,0)),IFERROR(INDEX(#REF!,MATCH(E317,#REF!,0)),INDEX(#REF!,MATCH(E317,#REF!,0)) )),\".\")","v":"."},null,{"$f":"IFERROR(VLOOKUP(E317,#REF!,8,FALSE),IFERROR(VLOOKUP(E317,#REF!,8,FALSE),IFERROR(VLOOKUP(E317,#REF!,8,FALSE),\"\")))","v":""},".-."]
[313,{"$f":"IFERROR(DAY(CTR[[#This Row],[Date]]),\"\")","v":25},{"$f":"IFERROR(MONTH(CTR[[#This Row],[Date]]),\"\")","v":1},{"$f":"IF(ISNA(INDEX(CTS!C:C,MATCH(E318,CTS!$E:$E,0))),\"\",(INDEX(CTS!C:C,MATCH(E318,CTS!$E:$E,0))))","v":44221},"01-313",{"$f":"IF(ISNA(INDEX(CTS!$F:$F,MATCH(E318,CTS!$E:$E,0))),\"\",(INDEX(CTS!$F:$F,MATCH(E318,CTS!$E:$E,0))))","v":"CLIENT"},{"$f":"IF(ISNA(INDEX(CTS!$N:$N,MATCH(E318,CTS!$E:$E,0))),\"\",(INDEX(CTS!$N:$N,MATCH(E318,CTS!$E:$E,0))))","v":352.94117647058823},{"$f":"IF(ISNA(INDEX(CTS!$O:$O,MATCH(E318,CTS!$E:$E,0))),\"\",(INDEX(CTS!$O:$O,MATCH(E318,CTS!$E:$E,0))))","v":0},{"$f":"IF(ISNA(INDEX(CTS!$P:$P,MATCH(E318,CTS!$E:$E,0))),\"\",(INDEX(CTS!$P:$P,MATCH(E318,CTS!$E:$E,0))))","v":0},{"$f":"IF(ISNA(INDEX(CTS!$Q:$Q,MATCH(E318,CTS!$E:$E,0))),\"\",(INDEX(CTS!$Q:$Q,MATCH(E318,CTS!$E:$E,0))))","v":352.94117647058823},{"$f":"IF(ISNA(INDEX(CTS!$S:$S,MATCH(E318,CTS!$E:$E,0))),\"\",(INDEX(CTS!$S:$S,MATCH(E318,CTS!$E:$E,0))))","v":67.058823529411768},{"$f":"IF(ISNA(INDEX(CTS!$T:$T,MATCH(E318,CTS!$E:$E,0))),\"\",(INDEX(CTS!$T:$T,MATCH(E318,CTS!$E:$E,0))))","v":420},{"$f":"IF(ISNA(INDEX(CTS!$U:$U,MATCH(E318,CTS!$E:$E,0))),\"\",(INDEX(CTS!$U:$U,MATCH(E318,CTS!$E:$E,0))))","v":0},{"$f":"IF(ISNA(INDEX(CTS!$V:$V,MATCH(E318,CTS!$E:$E,0))),\"\",(INDEX(CTS!$V:$V,MATCH(E318,CTS!$E:$E,0))))","v":420},{"$f":"IFERROR(INDEX(CTS!$A:$A,MATCH(E318,CTS!$E:$E,0)),\".\")","v":"P"},{"$f":"IFERROR(IFERROR(INDEX(#REF!,MATCH(E318,#REF!,0)),IFERROR(INDEX(#REF!,MATCH(E318,#REF!,0)),INDEX(#REF!,MATCH(E318,#REF!,0)) )),\".\")","v":"."},null,{"$f":"IFERROR(VLOOKUP(E318,#REF!,8,FALSE),IFERROR(VLOOKUP(E318,#REF!,8,FALSE),IFERROR(VLOOKUP(E318,#REF!,8,FALSE),\"\")))","v":""},".-."]
[314,{"$f":"IFERROR(DAY(CTR[[#This Row],[Date]]),\"\")","v":25},{"$f":"IFERROR(MONTH(CTR[[#This Row],[Date]]),\"\")","v":1},{"$f":"IF(ISNA(INDEX(CTS!C:C,MATCH(E319,CTS!$E:$E,0))),\"\",(INDEX(CTS!C:C,MATCH(E319,CTS!$E:$E,0))))","v":44221},"01-314",{"$f":"IF(ISNA(INDEX(CTS!$F:$F,MATCH(E319,CTS!$E:$E,0))),\"\",(INDEX(CTS!$F:$F,MATCH(E319,CTS!$E:$E,0))))","v":"CLIENT"},{"$f":"IF(ISNA(INDEX(CTS!$N:$N,MATCH(E319,CTS!$E:$E,0))),\"\",(INDEX(CTS!$N:$N,MATCH(E319,CTS!$E:$E,0))))","v":37.815126050420169},{"$f":"IF(ISNA(INDEX(CTS!$O:$O,MATCH(E319,CTS!$E:$E,0))),\"\",(INDEX(CTS!$O:$O,MATCH(E319,CTS!$E:$E,0))))","v":0},{"$f":"IF(ISNA(INDEX(CTS!$P:$P,MATCH(E319,CTS!$E:$E,0))),\"\",(INDEX(CTS!$P:$P,MATCH(E319,CTS!$E:$E,0))))","v":0},{"$f":"IF(ISNA(INDEX(CTS!$Q:$Q,MATCH(E319,CTS!$E:$E,0))),\"\",(INDEX(CTS!$Q:$Q,MATCH(E319,CTS!$E:$E,0))))","v":37.815126050420169},{"$f":"IF(ISNA(INDEX(CTS!$S:$S,MATCH(E319,CTS!$E:$E,0))),\"\",(INDEX(CTS!$S:$S,MATCH(E319,CTS!$E:$E,0))))","v":7.1848739495798322},{"$f":"IF(ISNA(INDEX(CTS!$T:$T,MATCH(E319,CTS!$E:$E,0))),\"\",(INDEX(CTS!$T:$T,MATCH(E319,CTS!$E:$E,0))))","v":45},{"$f":"IF(ISNA(INDEX(CTS!$U:$U,MATCH(E319,CTS!$E:$E,0))),\"\",(INDEX(CTS!$U:$U,MATCH(E319,CTS!$E:$E,0))))","v":0},{"$f":"IF(ISNA(INDEX(CTS!$V:$V,MATCH(E319,CTS!$E:$E,0))),\"\",(INDEX(CTS!$V:$V,MATCH(E319,CTS!$E:$E,0))))","v":45},{"$f":"IFERROR(INDEX(CTS!$A:$A,MATCH(E319,CTS!$E:$E,0)),\".\")","v":"P"},{"$f":"IFERROR(IFERROR(INDEX(#REF!,MATCH(E319,#REF!,0)),IFERROR(INDEX(#REF!,MATCH(E319,#REF!,0)),INDEX(#REF!,MATCH(E319,#REF!,0)) )),\".\")","v":"."},null,{"$f":"IFERROR(VLOOKUP(E319,#REF!,8,FALSE),IFERROR(VLOOKUP(E319,#REF!,8,FALSE),IFERROR(VLOOKUP(E319,#REF!,8,FALSE),\"\")))","v":""},".-."]
[315,{"$f":"IFERROR(DAY(CTR[[#This Row],[Date]]),\"\")","v":25},{"$f":"IFERROR(MONTH(CTR[[#This Row],[Date]]),\"\")","v":1},{"$f":"IF(ISNA(INDEX(CTS!C:C,MATCH(E320,CTS!$E:$E,0))),\"\",(INDEX(CTS!C:C,MATCH(E320,CTS!$E:$E,0))))","v":44221},"01-315",{"$f":"IF(ISNA(INDEX(CTS!$F:$F,MATCH(E320,CTS!$E:$E,0))),\"\",(INDEX(CTS!$F:$F,MATCH(E320,CTS!$E:$E,0))))","v":"CLIENT"},{"$f":"IF(ISNA(INDEX(CTS!$N:$N,MATCH(E320,CTS!$E:$E,0))),\"\",(INDEX(CTS!$N:$N,MATCH(E320,CTS!$E:$E,0))))","v":4006.7226890756301},{"$f":"IF(ISNA(INDEX(CTS!$O:$O,MATCH(E320,CTS!$E:$E,0))),\"\",(INDEX(CTS!$O:$O,MATCH(E320,CTS!$E:$E,0))))","v":0},{"$f":"IF(ISNA(INDEX(CTS!$P:$P,MATCH(E320,CTS!$E:$E,0))),\"\",(INDEX(CTS!$P:$P,MATCH(E320,CTS!$E:$E,0))))","v":0},{"$f":"IF(ISNA(INDEX(CTS!$Q:$Q,MATCH(E320,CTS!$E:$E,0))),\"\",(INDEX(CTS!$Q:$Q,MATCH(E320,CTS!$E:$E,0))))","v":4006.7226890756301},{"$f":"IF(ISNA(INDEX(CTS!$S:$S,MATCH(E320,CTS!$E:$E,0))),\"\",(INDEX(CTS!$S:$S,MATCH(E320,CTS!$E:$E,0))))","v":761.27731092436989},{"$f":"IF(ISNA(INDEX(CTS!$T:$T,MATCH(E320,CTS!$E:$E,0))),\"\",(INDEX(CTS!$T:$T,MATCH(E320,CTS!$E:$E,0))))","v":4768},{"$f":"IF(ISNA(INDEX(CTS!$U:$U,MATCH(E320,CTS!$E:$E,0))),\"\",(INDEX(CTS!$U:$U,MATCH(E320,CTS!$E:$E,0))))","v":8},{"$f":"IF(ISNA(INDEX(CTS!$V:$V,MATCH(E320,CTS!$E:$E,0))),\"\",(INDEX(CTS!$V:$V,MATCH(E320,CTS!$E:$E,0))))","v":4760},{"$f":"IFERROR(INDEX(CTS!$A:$A,MATCH(E320,CTS!$E:$E,0)),\".\")","v":"P"},{"$f":"IFERROR(IFERROR(INDEX(#REF!,MATCH(E320,#REF!,0)),IFERROR(INDEX(#REF!,MATCH(E320,#REF!,0)),INDEX(#REF!,MATCH(E320,#REF!,0)) )),\".\")","v":"."},null,{"$f":"IFERROR(VLOOKUP(E320,#REF!,8,FALSE),IFERROR(VLOOKUP(E320,#REF!,8,FALSE),IFERROR(VLOOKUP(E320,#REF!,8,FALSE),\"\")))","v":""},".-."]
[316,{"$f":"IFERROR(DAY(CTR[[#This Row],[Date]]),\"\")","v":25},{"$f":"IFERROR(MONTH(CTR[[#This Row],[Date]]),\"\")","v":1},{"$f":"IF(ISNA(INDEX(CTS!C:C,MATCH(E321,CTS!$E:$E,0))),\"\",(INDEX(CTS!C:C,MATCH(E321,CTS!$E:$E,0))))","v":44221},"01-316",{"$f":"IF(ISNA(INDEX(CTS!$F:$F,MATCH(E321,CTS!$E:$E,0))),\"\",(INDEX(CTS!$F:$F,MATCH(E321,CTS!$E:$E,0))))","v":"CLIENT"},{"$f":"IF(ISNA(INDEX(CTS!$N:$N,MATCH(E321,CTS!$E:$E,0))),\"\",(INDEX(CTS!$N:$N,MATCH(E321,CTS!$E:$E,0))))","v":1936.134453781513},{"$f":"IF(ISNA(INDEX(CTS!$O:$O,MATCH(E321,CTS!$E:$E,0))),\"\",(INDEX(CTS!$O:$O,MATCH(E321,CTS!$E:$E,0))))","v":0},{"$f":"IF(ISNA(INDEX(CTS!$P:$P,MATCH(E321,CTS!$E:$E,0))),\"\",(INDEX(CTS!$P:$P,MATCH(E321,CTS!$E:$E,0))))","v":0},{"$f":"IF(ISNA(INDEX(CTS!$Q:$Q,MATCH(E321,CTS!$E:$E,0))),\"\",(INDEX(CTS!$Q:$Q,MATCH(E321,CTS!$E:$E,0))))","v":1936.134453781513},{"$f":"IF(ISNA(INDEX(CTS!$S:$S,MATCH(E321,CTS!$E:$E,0))),\"\",(INDEX(CTS!$S:$S,MATCH(E321,CTS!$E:$E,0))))","v":367.86554621848745},{"$f":"IF(ISNA(INDEX(CTS!$T:$T,MATCH(E321,CTS!$E:$E,0))),\"\",(INDEX(CTS!$T:$T,MATCH(E321,CTS!$E:$E,0))))","v":2304.0000000000005},{"$f":"IF(ISNA(INDEX(CTS!$U:$U,MATCH(E321,CTS!$E:$E,0))),\"\",(INDEX(CTS!$U:$U,MATCH(E321,CTS!$E:$E,0))))","v":4},{"$f":"IF(ISNA(INDEX(CTS!$V:$V,MATCH(E321,CTS!$E:$E,0))),\"\",(INDEX(CTS!$V:$V,MATCH(E321,CTS!$E:$E,0))))","v":2300.0000000000005},{"$f":"IFERROR(INDEX(CTS!$A:$A,MATCH(E321,CTS!$E:$E,0)),\".\")","v":"P"},{"$f":"IFERROR(IFERROR(INDEX(#REF!,MATCH(E321,#REF!,0)),IFERROR(INDEX(#REF!,MATCH(E321,#REF!,0)),INDEX(#REF!,MATCH(E321,#REF!,0)) )),\".\")","v":"."},null,{"$f":"IFERROR(VLOOKUP(E321,#REF!,8,FALSE),IFERROR(VLOOKUP(E321,#REF!,8,FALSE),IFERROR(VLOOKUP(E321,#REF!,8,FALSE),\"\")))","v":""},".-."]
[317,{"$f":"IFERROR(DAY(CTR[[#This Row],[Date]]),\"\")","v":25},{"$f":"IFERROR(MONTH(CTR[[#This Row],[Date]]),\"\")","v":1},{"$f":"IF(ISNA(INDEX(CTS!C:C,MATCH(E322,CTS!$E:$E,0))),\"\",(INDEX(CTS!C:C,MATCH(E322,CTS!$E:$E,0))))","v":44221},"01-317",{"$f":"IF(ISNA(INDEX(CTS!$F:$F,MATCH(E322,CTS!$E:$E,0))),\"\",(INDEX(CTS!$F:$F,MATCH(E322,CTS!$E:$E,0))))","v":"CLIENT"},{"$f":"IF(ISNA(INDEX(CTS!$N:$N,MATCH(E322,CTS!$E:$E,0))),\"\",(INDEX(CTS!$N:$N,MATCH(E322,CTS!$E:$E,0))))","v":2058.8235294117653},{"$f":"IF(ISNA(INDEX(CTS!$O:$O,MATCH(E322,CTS!$E:$E,0))),\"\",(INDEX(CTS!$O:$O,MATCH(E322,CTS!$E:$E,0))))","v":0},{"$f":"IF(ISNA(INDEX(CTS!$P:$P,MATCH(E322,CTS!$E:$E,0))),\"\",(INDEX(CTS!$P:$P,MATCH(E322,CTS!$E:$E,0))))","v":0},{"$f":"IF(ISNA(INDEX(CTS!$Q:$Q,MATCH(E322,CTS!$E:$E,0))),\"\",(INDEX(CTS!$Q:$Q,MATCH(E322,CTS!$E:$E,0))))","v":2058.8235294117653},{"$f":"IF(ISNA(INDEX(CTS!$S:$S,MATCH(E322,CTS!$E:$E,0))),\"\",(INDEX(CTS!$S:$S,MATCH(E322,CTS!$E:$E,0))))","v":391.1764705882353},{"$f":"IF(ISNA(INDEX(CTS!$T:$T,MATCH(E322,CTS!$E:$E,0))),\"\",(INDEX(CTS!$T:$T,MATCH(E322,CTS!$E:$E,0))))","v":2450.0000000000005},{"$f":"IF(ISNA(INDEX(CTS!$U:$U,MATCH(E322,CTS!$E:$E,0))),\"\",(INDEX(CTS!$U:$U,MATCH(E322,CTS!$E:$E,0))))","v":0},{"$f":"IF(ISNA(INDEX(CTS!$V:$V,MATCH(E322,CTS!$E:$E,0))),\"\",(INDEX(CTS!$V:$V,MATCH(E322,CTS!$E:$E,0))))","v":2450.0000000000005},{"$f":"IFERROR(INDEX(CTS!$A:$A,MATCH(E322,CTS!$E:$E,0)),\".\")","v":"P"},{"$f":"IFERROR(IFERROR(INDEX(#REF!,MATCH(E322,#REF!,0)),IFERROR(INDEX(#REF!,MATCH(E322,#REF!,0)),INDEX(#REF!,MATCH(E322,#REF!,0)) )),\".\")","v":"."},null,{"$f":"IFERROR(VLOOKUP(E322,#REF!,8,FALSE),IFERROR(VLOOKUP(E322,#REF!,8,FALSE),IFERROR(VLOOKUP(E322,#REF!,8,FALSE),\"\")))","v":""},".-."]
[318,{"$f":"IFERROR(DAY(CTR[[#This Row],[Date]]),\"\")","v":25},{"$f":"IFERROR(MONTH(CTR[[#This Row],[Date]]),\"\")","v":1},{"$f":"IF(ISNA(INDEX(CTS!C:C,MATCH(E323,CTS!$E:$E,0))),\"\",(INDEX(CTS!C:C,MATCH(E323,CTS!$E:$E,0))))","v":44221},"01-318",{"$f":"IF(ISNA(INDEX(CTS!$F:$F,MATCH(E323,CTS!$E:$E,0))),\"\",(INDEX(CTS!$F:$F,MATCH(E323,CTS!$E:$E,0))))","v":"CLIENT"},{"$f":"IF(ISNA(INDEX(CTS!$N:$N,MATCH(E323,CTS!$E:$E,0))),\"\",(INDEX(CTS!$N:$N,MATCH(E323,CTS!$E:$E,0))))","v":352.94117647058829},{"$f":"IF(ISNA(INDEX(CTS!$O:$O,MATCH(E323,CTS!$E:$E,0))),\"\",(INDEX(CTS!$O:$O,MATCH(E323,CTS!$E:$E,0))))","v":0},{"$f":"IF(ISNA(INDEX(CTS!$P:$P,MATCH(E323,CTS!$E:$E,0))),\"\",(INDEX(CTS!$P:$P,MATCH(E323,CTS!$E:$E,0))))","v":0},{"$f":"IF(ISNA(INDEX(CTS!$Q:$Q,MATCH(E323,CTS!$E:$E,0))),\"\",(INDEX(CTS!$Q:$Q,MATCH(E323,CTS!$E:$E,0))))","v":352.94117647058829},{"$f":"IF(ISNA(INDEX(CTS!$S:$S,MATCH(E323,CTS!$E:$E,0))),\"\",(INDEX(CTS!$S:$S,MATCH(E323,CTS!$E:$E,0))))","v":67.058823529411768},{"$f":"IF(ISNA(INDEX(CTS!$T:$T,MATCH(E323,CTS!$E:$E,0))),\"\",(INDEX(CTS!$T:$T,MATCH(E323,CTS!$E:$E,0))))","v":420.00000000000006},{"$f":"IF(ISNA(INDEX(CTS!$U:$U,MATCH(E323,CTS!$E:$E,0))),\"\",(INDEX(CTS!$U:$U,MATCH(E323,CTS!$E:$E,0))))","v":0},{"$f":"IF(ISNA(INDEX(CTS!$V:$V,MATCH(E323,CTS!$E:$E,0))),\"\",(INDEX(CTS!$V:$V,MATCH(E323,CTS!$E:$E,0))))","v":420.00000000000006},{"$f":"IFERROR(INDEX(CTS!$A:$A,MATCH(E323,CTS!$E:$E,0)),\".\")","v":"P"},{"$f":"IFERROR(IFERROR(INDEX(#REF!,MATCH(E323,#REF!,0)),IFERROR(INDEX(#REF!,MATCH(E323,#REF!,0)),INDEX(#REF!,MATCH(E323,#REF!,0)) )),\".\")","v":"."},null,{"$f":"IFERROR(VLOOKUP(E323,#REF!,8,FALSE),IFERROR(VLOOKUP(E323,#REF!,8,FALSE),IFERROR(VLOOKUP(E323,#REF!,8,FALSE),\"\")))","v":""},".-."]
[319,{"$f":"IFERROR(DAY(CTR[[#This Row],[Date]]),\"\")","v":25},{"$f":"IFERROR(MONTH(CTR[[#This Row],[Date]]),\"\")","v":1},{"$f":"IF(ISNA(INDEX(CTS!C:C,MATCH(E324,CTS!$E:$E,0))),\"\",(INDEX(CTS!C:C,MATCH(E324,CTS!$E:$E,0))))","v":44221},"01-319",{"$f":"IF(ISNA(INDEX(CTS!$F:$F,MATCH(E324,CTS!$E:$E,0))),\"\",(INDEX(CTS!$F:$F,MATCH(E324,CTS!$E:$E,0))))","v":"CLIENT"},{"$f":"IF(ISNA(INDEX(CTS!$N:$N,MATCH(E324,CTS!$E:$E,0))),\"\",(INDEX(CTS!$N:$N,MATCH(E324,CTS!$E:$E,0))))","v":16.806722689075631},{"$f":"IF(ISNA(INDEX(CTS!$O:$O,MATCH(E324,CTS!$E:$E,0))),\"\",(INDEX(CTS!$O:$O,MATCH(E324,CTS!$E:$E,0))))","v":0},{"$f":"IF(ISNA(INDEX(CTS!$P:$P,MATCH(E324,CTS!$E:$E,0))),\"\",(INDEX(CTS!$P:$P,MATCH(E324,CTS!$E:$E,0))))","v":0},{"$f":"IF(ISNA(INDEX(CTS!$Q:$Q,MATCH(E324,CTS!$E:$E,0))),\"\",(INDEX(CTS!$Q:$Q,MATCH(E324,CTS!$E:$E,0))))","v":16.806722689075631},{"$f":"IF(ISNA(INDEX(CTS!$S:$S,MATCH(E324,CTS!$E:$E,0))),\"\",(INDEX(CTS!$S:$S,MATCH(E324,CTS!$E:$E,0))))","v":3.1932773109243699},{"$f":"IF(ISNA(INDEX(CTS!$T:$T,MATCH(E324,CTS!$E:$E,0))),\"\",(INDEX(CTS!$T:$T,MATCH(E324,CTS!$E:$E,0))))","v":20},{"$f":"IF(ISNA(INDEX(CTS!$U:$U,MATCH(E324,CTS!$E:$E,0))),\"\",(INDEX(CTS!$U:$U,MATCH(E324,CTS!$E:$E,0))))","v":0},{"$f":"IF(ISNA(INDEX(CTS!$V:$V,MATCH(E324,CTS!$E:$E,0))),\"\",(INDEX(CTS!$V:$V,MATCH(E324,CTS!$E:$E,0))))","v":20},{"$f":"IFERROR(INDEX(CTS!$A:$A,MATCH(E324,CTS!$E:$E,0)),\".\")","v":"P"},{"$f":"IFERROR(IFERROR(INDEX(#REF!,MATCH(E324,#REF!,0)),IFERROR(INDEX(#REF!,MATCH(E324,#REF!,0)),INDEX(#REF!,MATCH(E324,#REF!,0)) )),\".\")","v":"."},null,{"$f":"IFERROR(VLOOKUP(E324,#REF!,8,FALSE),IFERROR(VLOOKUP(E324,#REF!,8,FALSE),IFERROR(VLOOKUP(E324,#REF!,8,FALSE),\"\")))","v":""},".-."]
[320,{"$f":"IFERROR(DAY(CTR[[#This Row],[Date]]),\"\")","v":25},{"$f":"IFERROR(MONTH(CTR[[#This Row],[Date]]),\"\")","v":1},{"$f":"IF(ISNA(INDEX(CTS!C:C,MATCH(E325,CTS!$E:$E,0))),\"\",(INDEX(CTS!C:C,MATCH(E325,CTS!$E:$E,0))))","v":44221},"01-320",{"$f":"IF(ISNA(INDEX(CTS!$F:$F,MATCH(E325,CTS!$E:$E,0))),\"\",(INDEX(CTS!$F:$F,MATCH(E325,CTS!$E:$E,0))))","v":"TOUCHI"},{"$f":"IF(ISNA(INDEX(CTS!$N:$N,MATCH(E325,CTS!$E:$E,0))),\"\",(INDEX(CTS!$N:$N,MATCH(E325,CTS!$E:$E,0))))","v":0},{"$f":"IF(ISNA(INDEX(CTS!$O:$O,MATCH(E325,CTS!$E:$E,0))),\"\",(INDEX(CTS!$O:$O,MATCH(E325,CTS!$E:$E,0))))","v":0},{"$f":"IF(ISNA(INDEX(CTS!$P:$P,MATCH(E325,CTS!$E:$E,0))),\"\",(INDEX(CTS!$P:$P,MATCH(E325,CTS!$E:$E,0))))","v":0},{"$f":"IF(ISNA(INDEX(CTS!$Q:$Q,MATCH(E325,CTS!$E:$E,0))),\"\",(INDEX(CTS!$Q:$Q,MATCH(E325,CTS!$E:$E,0))))","v":7356.3025210084043},{"$f":"IF(ISNA(INDEX(CTS!$S:$S,MATCH(E325,CTS!$E:$E,0))),\"\",(INDEX(CTS!$S:$S,MATCH(E325,CTS!$E:$E,0))))","v":1397.6974789915969},{"$f":"IF(ISNA(INDEX(CTS!$T:$T,MATCH(E325,CTS!$E:$E,0))),\"\",(INDEX(CTS!$T:$T,MATCH(E325,CTS!$E:$E,0))))","v":8754.0000000000018},{"$f":"IF(ISNA(INDEX(CTS!$U:$U,MATCH(E325,CTS!$E:$E,0))),\"\",(INDEX(CTS!$U:$U,MATCH(E325,CTS!$E:$E,0))))","v":4},{"$f":"IF(ISNA(INDEX(CTS!$V:$V,MATCH(E325,CTS!$E:$E,0))),\"\",(INDEX(CTS!$V:$V,MATCH(E325,CTS!$E:$E,0))))","v":8750.0000000000018},{"$f":"IFERROR(INDEX(CTS!$A:$A,MATCH(E325,CTS!$E:$E,0)),\".\")","v":"P"},{"$f":"IFERROR(IFERROR(INDEX(#REF!,MATCH(E325,#REF!,0)),IFERROR(INDEX(#REF!,MATCH(E325,#REF!,0)),INDEX(#REF!,MATCH(E325,#REF!,0)) )),\".\")","v":"."},null,{"$f":"IFERROR(VLOOKUP(E325,#REF!,8,FALSE),IFERROR(VLOOKUP(E325,#REF!,8,FALSE),IFERROR(VLOOKUP(E325,#REF!,8,FALSE),\"\")))","v":""},".-."]
[321,{"$f":"IFERROR(DAY(CTR[[#This Row],[Date]]),\"\")","v":25},{"$f":"IFERROR(MONTH(CTR[[#This Row],[Date]]),\"\")","v":1},{"$f":"IF(ISNA(INDEX(CTS!C:C,MATCH(E326,CTS!$E:$E,0))),\"\",(INDEX(CTS!C:C,MATCH(E326,CTS!$E:$E,0))))","v":44221},"01-321",{"$f":"IF(ISNA(INDEX(CTS!$F:$F,MATCH(E326,CTS!$E:$E,0))),\"\",(INDEX(CTS!$F:$F,MATCH(E326,CTS!$E:$E,0))))","v":"CLIENT"},{"$f":"IF(ISNA(INDEX(CTS!$N:$N,MATCH(E326,CTS!$E:$E,0))),\"\",(INDEX(CTS!$N:$N,MATCH(E326,CTS!$E:$E,0))))","v":134.45378151260505},{"$f":"IF(ISNA(INDEX(CTS!$O:$O,MATCH(E326,CTS!$E:$E,0))),\"\",(INDEX(CTS!$O:$O,MATCH(E326,CTS!$E:$E,0))))","v":0},{"$f":"IF(ISNA(INDEX(CTS!$P:$P,MATCH(E326,CTS!$E:$E,0))),\"\",(INDEX(CTS!$P:$P,MATCH(E326,CTS!$E:$E,0))))","v":0},{"$f":"IF(ISNA(INDEX(CTS!$Q:$Q,MATCH(E326,CTS!$E:$E,0))),\"\",(INDEX(CTS!$Q:$Q,MATCH(E326,CTS!$E:$E,0))))","v":134.45378151260505},{"$f":"IF(ISNA(INDEX(CTS!$S:$S,MATCH(E326,CTS!$E:$E,0))),\"\",(INDEX(CTS!$S:$S,MATCH(E326,CTS!$E:$E,0))))","v":25.54621848739496},{"$f":"IF(ISNA(INDEX(CTS!$T:$T,MATCH(E326,CTS!$E:$E,0))),\"\",(INDEX(CTS!$T:$T,MATCH(E326,CTS!$E:$E,0))))","v":160},{"$f":"IF(ISNA(INDEX(CTS!$U:$U,MATCH(E326,CTS!$E:$E,0))),\"\",(INDEX(CTS!$U:$U,MATCH(E326,CTS!$E:$E,0))))","v":0},{"$f":"IF(ISNA(INDEX(CTS!$V:$V,MATCH(E326,CTS!$E:$E,0))),\"\",(INDEX(CTS!$V:$V,MATCH(E326,CTS!$E:$E,0))))","v":160},{"$f":"IFERROR(INDEX(CTS!$A:$A,MATCH(E326,CTS!$E:$E,0)),\".\")","v":"P"},{"$f":"IFERROR(IFERROR(INDEX(#REF!,MATCH(E326,#REF!,0)),IFERROR(INDEX(#REF!,MATCH(E326,#REF!,0)),INDEX(#REF!,MATCH(E326,#REF!,0)) )),\".\")","v":"."},null,{"$f":"IFERROR(VLOOKUP(E326,#REF!,8,FALSE),IFERROR(VLOOKUP(E326,#REF!,8,FALSE),IFERROR(VLOOKUP(E326,#REF!,8,FALSE),\"\")))","v":""},{"$f":"IFERROR(TEXT(P326,\"mm\") & \"-\" & TEXT(P326,\"aaaa\"),\"\")","v":".-."}]
[322,{"$f":"IFERROR(DAY(CTR[[#This Row],[Date]]),\"\")","v":25},{"$f":"IFERROR(MONTH(CTR[[#This Row],[Date]]),\"\")","v":1},{"$f":"IF(ISNA(INDEX(CTS!C:C,MATCH(E327,CTS!$E:$E,0))),\"\",(INDEX(CTS!C:C,MATCH(E327,CTS!$E:$E,0))))","v":44221},"01-322",{"$f":"IF(ISNA(INDEX(CTS!$F:$F,MATCH(E327,CTS!$E:$E,0))),\"\",(INDEX(CTS!$F:$F,MATCH(E327,CTS!$E:$E,0))))","v":"CLIENT"},{"$f":"IF(ISNA(INDEX(CTS!$N:$N,MATCH(E327,CTS!$E:$E,0))),\"\",(INDEX(CTS!$N:$N,MATCH(E327,CTS!$E:$E,0))))","v":110.92436974789916},{"$f":"IF(ISNA(INDEX(CTS!$O:$O,MATCH(E327,CTS!$E:$E,0))),\"\",(INDEX(CTS!$O:$O,MATCH(E327,CTS!$E:$E,0))))","v":0},{"$f":"IF(ISNA(INDEX(CTS!$P:$P,MATCH(E327,CTS!$E:$E,0))),\"\",(INDEX(CTS!$P:$P,MATCH(E327,CTS!$E:$E,0))))","v":0},{"$f":"IF(ISNA(INDEX(CTS!$Q:$Q,MATCH(E327,CTS!$E:$E,0))),\"\",(INDEX(CTS!$Q:$Q,MATCH(E327,CTS!$E:$E,0))))","v":110.92436974789916},{"$f":"IF(ISNA(INDEX(CTS!$S:$S,MATCH(E327,CTS!$E:$E,0))),\"\",(INDEX(CTS!$S:$S,MATCH(E327,CTS!$E:$E,0))))","v":21.075630252100844},{"$f":"IF(ISNA(INDEX(CTS!$T:$T,MATCH(E327,CTS!$E:$E,0))),\"\",(INDEX(CTS!$T:$T,MATCH(E327,CTS!$E:$E,0))))","v":132},{"$f":"IF(ISNA(INDEX(CTS!$U:$U,MATCH(E327,CTS!$E:$E,0))),\"\",(INDEX(CTS!$U:$U,MATCH(E327,CTS!$E:$E,0))))","v":2},{"$f":"IF(ISNA(INDEX(CTS!$V:$V,MATCH(E327,CTS!$E:$E,0))),\"\",(INDEX(CTS!$V:$V,MATCH(E327,CTS!$E:$E,0))))","v":130},{"$f":"IFERROR(INDEX(CTS!$A:$A,MATCH(E327,CTS!$E:$E,0)),\".\")","v":"P"},{"$f":"IFERROR(IFERROR(INDEX(#REF!,MATCH(E327,#REF!,0)),IFERROR(INDEX(#REF!,MATCH(E327,#REF!,0)),INDEX(#REF!,MATCH(E327,#REF!,0)) )),\".\")","v":"."},null,{"$f":"IFERROR(VLOOKUP(E327,#REF!,8,FALSE),IFERROR(VLOOKUP(E327,#REF!,8,FALSE),IFERROR(VLOOKUP(E327,#REF!,8,FALSE),\"\")))","v":""},".-."]
[323,{"$f":"IFERROR(DAY(CTR[[#This Row],[Date]]),\"\")","v":25},{"$f":"IFERROR(MONTH(CTR[[#This Row],[Date]]),\"\")","v":1},{"$f":"IF(ISNA(INDEX(CTS!C:C,MATCH(E328,CTS!$E:$E,0))),\"\",(INDEX(CTS!C:C,MATCH(E328,CTS!$E:$E,0))))","v":44221},"01-323",{"$f":"IF(ISNA(INDEX(CTS!$F:$F,MATCH(E328,CTS!$E:$E,0))),\"\",(INDEX(CTS!$F:$F,MATCH(E328,CTS!$E:$E,0))))","v":"CLIENT"},{"$f":"IF(ISNA(INDEX(CTS!$N:$N,MATCH(E328,CTS!$E:$E,0))),\"\",(INDEX(CTS!$N:$N,MATCH(E328,CTS!$E:$E,0))))","v":768.06722689075639},{"$f":"IF(ISNA(INDEX(CTS!$O:$O,MATCH(E328,CTS!$E:$E,0))),\"\",(INDEX(CTS!$O:$O,MATCH(E328,CTS!$E:$E,0))))","v":0},{"$f":"IF(ISNA(INDEX(CTS!$P:$P,MATCH(E328,CTS!$E:$E,0))),\"\",(INDEX(CTS!$P:$P,MATCH(E328,CTS!$E:$E,0))))","v":0},{"$f":"IF(ISNA(INDEX(CTS!$Q:$Q,MATCH(E328,CTS!$E:$E,0))),\"\",(INDEX(CTS!$Q:$Q,MATCH(E328,CTS!$E:$E,0))))","v":768.06722689075639},{"$f":"IF(ISNA(INDEX(CTS!$S:$S,MATCH(E328,CTS!$E:$E,0))),\"\",(INDEX(CTS!$S:$S,MATCH(E328,CTS!$E:$E,0))))","v":145.9327731092437},{"$f":"IF(ISNA(INDEX(CTS!$T:$T,MATCH(E328,CTS!$E:$E,0))),\"\",(INDEX(CTS!$T:$T,MATCH(E328,CTS!$E:$E,0))))","v":914.00000000000011},{"$f":"IF(ISNA(INDEX(CTS!$U:$U,MATCH(E328,CTS!$E:$E,0))),\"\",(INDEX(CTS!$U:$U,MATCH(E328,CTS!$E:$E,0))))","v":14},{"$f":"IF(ISNA(INDEX(CTS!$V:$V,MATCH(E328,CTS!$E:$E,0))),\"\",(INDEX(CTS!$V:$V,MATCH(E328,CTS!$E:$E,0))))","v":900.00000000000011},{"$f":"IFERROR(INDEX(CTS!$A:$A,MATCH(E328,CTS!$E:$E,0)),\".\")","v":"P"},{"$f":"IFERROR(IFERROR(INDEX(#REF!,MATCH(E328,#REF!,0)),IFERROR(INDEX(#REF!,MATCH(E328,#REF!,0)),INDEX(#REF!,MATCH(E328,#REF!,0)) )),\".\")","v":"."},null,{"$f":"IFERROR(VLOOKUP(E328,#REF!,8,FALSE),IFERROR(VLOOKUP(E328,#REF!,8,FALSE),IFERROR(VLOOKUP(E328,#REF!,8,FALSE),\"\")))","v":""},".-."]
[324,{"$f":"IFERROR(DAY(CTR[[#This Row],[Date]]),\"\")","v":25},{"$f":"IFERROR(MONTH(CTR[[#This Row],[Date]]),\"\")","v":1},{"$f":"IF(ISNA(INDEX(CTS!C:C,MATCH(E329,CTS!$E:$E,0))),\"\",(INDEX(CTS!C:C,MATCH(E329,CTS!$E:$E,0))))","v":44221},"01-324",{"$f":"IF(ISNA(INDEX(CTS!$F:$F,MATCH(E329,CTS!$E:$E,0))),\"\",(INDEX(CTS!$F:$F,MATCH(E329,CTS!$E:$E,0))))","v":"CLIENT"},{"$f":"IF(ISNA(INDEX(CTS!$N:$N,MATCH(E329,CTS!$E:$E,0))),\"\",(INDEX(CTS!$N:$N,MATCH(E329,CTS!$E:$E,0))))","v":411.76470588235293},{"$f":"IF(ISNA(INDEX(CTS!$O:$O,MATCH(E329,CTS!$E:$E,0))),\"\",(INDEX(CTS!$O:$O,MATCH(E329,CTS!$E:$E,0))))","v":0},{"$f":"IF(ISNA(INDEX(CTS!$P:$P,MATCH(E329,CTS!$E:$E,0))),\"\",(INDEX(CTS!$P:$P,MATCH(E329,CTS!$E:$E,0))))","v":0},{"$f":"IF(ISNA(INDEX(CTS!$Q:$Q,MATCH(E329,CTS!$E:$E,0))),\"\",(INDEX(CTS!$Q:$Q,MATCH(E329,CTS!$E:$E,0))))","v":411.76470588235293},{"$f":"IF(ISNA(INDEX(CTS!$S:$S,MATCH(E329,CTS!$E:$E,0))),\"\",(INDEX(CTS!$S:$S,MATCH(E329,CTS!$E:$E,0))))","v":78.235294117647072},{"$f":"IF(ISNA(INDEX(CTS!$T:$T,MATCH(E329,CTS!$E:$E,0))),\"\",(INDEX(CTS!$T:$T,MATCH(E329,CTS!$E:$E,0))))","v":490},{"$f":"IF(ISNA(INDEX(CTS!$U:$U,MATCH(E329,CTS!$E:$E,0))),\"\",(INDEX(CTS!$U:$U,MATCH(E329,CTS!$E:$E,0))))","v":0},{"$f":"IF(ISNA(INDEX(CTS!$V:$V,MATCH(E329,CTS!$E:$E,0))),\"\",(INDEX(CTS!$V:$V,MATCH(E329,CTS!$E:$E,0))))","v":490},{"$f":"IFERROR(INDEX(CTS!$A:$A,MATCH(E329,CTS!$E:$E,0)),\".\")","v":"P"},{"$f":"IFERROR(IFERROR(INDEX(#REF!,MATCH(E329,#REF!,0)),IFERROR(INDEX(#REF!,MATCH(E329,#REF!,0)),INDEX(#REF!,MATCH(E329,#REF!,0)) )),\".\")","v":"."},null,{"$f":"IFERROR(VLOOKUP(E329,#REF!,8,FALSE),IFERROR(VLOOKUP(E329,#REF!,8,FALSE),IFERROR(VLOOKUP(E329,#REF!,8,FALSE),\"\")))","v":""},".-."]
[325,{"$f":"IFERROR(DAY(CTR[[#This Row],[Date]]),\"\")","v":25},{"$f":"IFERROR(MONTH(CTR[[#This Row],[Date]]),\"\")","v":1},{"$f":"IF(ISNA(INDEX(CTS!C:C,MATCH(E330,CTS!$E:$E,0))),\"\",(INDEX(CTS!C:C,MATCH(E330,CTS!$E:$E,0))))","v":44221},"01-325",{"$f":"IF(ISNA(INDEX(CTS!$F:$F,MATCH(E330,CTS!$E:$E,0))),\"\",(INDEX(CTS!$F:$F,MATCH(E330,CTS!$E:$E,0))))","v":"CLIENT"},{"$f":"IF(ISNA(INDEX(CTS!$N:$N,MATCH(E330,CTS!$E:$E,0))),\"\",(INDEX(CTS!$N:$N,MATCH(E330,CTS!$E:$E,0))))","v":2258.8235294117649},{"$f":"IF(ISNA(INDEX(CTS!$O:$O,MATCH(E330,CTS!$E:$E,0))),\"\",(INDEX(CTS!$O:$O,MATCH(E330,CTS!$E:$E,0))))","v":0},{"$f":"IF(ISNA(INDEX(CTS!$P:$P,MATCH(E330,CTS!$E:$E,0))),\"\",(INDEX(CTS!$P:$P,MATCH(E330,CTS!$E:$E,0))))","v":0},{"$f":"IF(ISNA(INDEX(CTS!$Q:$Q,MATCH(E330,CTS!$E:$E,0))),\"\",(INDEX(CTS!$Q:$Q,MATCH(E330,CTS!$E:$E,0))))","v":2258.8235294117649},{"$f":"IF(ISNA(INDEX(CTS!$S:$S,MATCH(E330,CTS!$E:$E,0))),\"\",(INDEX(CTS!$S:$S,MATCH(E330,CTS!$E:$E,0))))","v":429.1764705882353},{"$f":"IF(ISNA(INDEX(CTS!$T:$T,MATCH(E330,CTS!$E:$E,0))),\"\",(INDEX(CTS!$T:$T,MATCH(E330,CTS!$E:$E,0))))","v":2688},{"$f":"IF(ISNA(INDEX(CTS!$U:$U,MATCH(E330,CTS!$E:$E,0))),\"\",(INDEX(CTS!$U:$U,MATCH(E330,CTS!$E:$E,0))))","v":188},{"$f":"IF(ISNA(INDEX(CTS!$V:$V,MATCH(E330,CTS!$E:$E,0))),\"\",(INDEX(CTS!$V:$V,MATCH(E330,CTS!$E:$E,0))))","v":2500},{"$f":"IFERROR(INDEX(CTS!$A:$A,MATCH(E330,CTS!$E:$E,0)),\".\")","v":"P"},{"$f":"IFERROR(IFERROR(INDEX(#REF!,MATCH(E330,#REF!,0)),IFERROR(INDEX(#REF!,MATCH(E330,#REF!,0)),INDEX(#REF!,MATCH(E330,#REF!,0)) )),\".\")","v":"."},null,{"$f":"IFERROR(VLOOKUP(E330,#REF!,8,FALSE),IFERROR(VLOOKUP(E330,#REF!,8,FALSE),IFERROR(VLOOKUP(E330,#REF!,8,FALSE),\"\")))","v":""},".-."]
[326,{"$f":"IFERROR(DAY(CTR[[#This Row],[Date]]),\"\")","v":26},{"$f":"IFERROR(MONTH(CTR[[#This Row],[Date]]),\"\")","v":1},{"$f":"IF(ISNA(INDEX(CTS!C:C,MATCH(E331,CTS!$E:$E,0))),\"\",(INDEX(CTS!C:C,MATCH(E331,CTS!$E:$E,0))))","v":44222},"01-326",{"$f":"IF(ISNA(INDEX(CTS!$F:$F,MATCH(E331,CTS!$E:$E,0))),\"\",(INDEX(CTS!$F:$F,MATCH(E331,CTS!$E:$E,0))))","v":"CLIENT"},{"$f":"IF(ISNA(INDEX(CTS!$N:$N,MATCH(E331,CTS!$E:$E,0))),\"\",(INDEX(CTS!$N:$N,MATCH(E331,CTS!$E:$E,0))))","v":130.25210084033614},{"$f":"IF(ISNA(INDEX(CTS!$O:$O,MATCH(E331,CTS!$E:$E,0))),\"\",(INDEX(CTS!$O:$O,MATCH(E331,CTS!$E:$E,0))))","v":0},{"$f":"IF(ISNA(INDEX(CTS!$P:$P,MATCH(E331,CTS!$E:$E,0))),\"\",(INDEX(CTS!$P:$P,MATCH(E331,CTS!$E:$E,0))))","v":0},{"$f":"IF(ISNA(INDEX(CTS!$Q:$Q,MATCH(E331,CTS!$E:$E,0))),\"\",(INDEX(CTS!$Q:$Q,MATCH(E331,CTS!$E:$E,0))))","v":130.25210084033614},{"$f":"IF(ISNA(INDEX(CTS!$S:$S,MATCH(E331,CTS!$E:$E,0))),\"\",(INDEX(CTS!$S:$S,MATCH(E331,CTS!$E:$E,0))))","v":24.747899159663866},{"$f":"IF(ISNA(INDEX(CTS!$T:$T,MATCH(E331,CTS!$E:$E,0))),\"\",(INDEX(CTS!$T:$T,MATCH(E331,CTS!$E:$E,0))))","v":155},{"$f":"IF(ISNA(INDEX(CTS!$U:$U,MATCH(E331,CTS!$E:$E,0))),\"\",(INDEX(CTS!$U:$U,MATCH(E331,CTS!$E:$E,0))))","v":0},{"$f":"IF(ISNA(INDEX(CTS!$V:$V,MATCH(E331,CTS!$E:$E,0))),\"\",(INDEX(CTS!$V:$V,MATCH(E331,CTS!$E:$E,0))))","v":155},{"$f":"IFERROR(INDEX(CTS!$A:$A,MATCH(E331,CTS!$E:$E,0)),\".\")","v":"P"},{"$f":"IFERROR(IFERROR(INDEX(#REF!,MATCH(E331,#REF!,0)),IFERROR(INDEX(#REF!,MATCH(E331,#REF!,0)),INDEX(#REF!,MATCH(E331,#REF!,0)) )),\".\")","v":"."},null,{"$f":"IFERROR(VLOOKUP(E331,#REF!,8,FALSE),IFERROR(VLOOKUP(E331,#REF!,8,FALSE),IFERROR(VLOOKUP(E331,#REF!,8,FALSE),\"\")))","v":""},".-."]
[327,{"$f":"IFERROR(DAY(CTR[[#This Row],[Date]]),\"\")","v":26},{"$f":"IFERROR(MONTH(CTR[[#This Row],[Date]]),\"\")","v":1},{"$f":"IF(ISNA(INDEX(CTS!C:C,MATCH(E332,CTS!$E:$E,0))),\"\",(INDEX(CTS!C:C,MATCH(E332,CTS!$E:$E,0))))","v":44222},"01-327",{"$f":"IF(ISNA(INDEX(CTS!$F:$F,MATCH(E332,CTS!$E:$E,0))),\"\",(INDEX(CTS!$F:$F,MATCH(E332,CTS!$E:$E,0))))","v":"CLIENT"},{"$f":"IF(ISNA(INDEX(CTS!$N:$N,MATCH(E332,CTS!$E:$E,0))),\"\",(INDEX(CTS!$N:$N,MATCH(E332,CTS!$E:$E,0))))","v":756.30252100840335},{"$f":"IF(ISNA(INDEX(CTS!$O:$O,MATCH(E332,CTS!$E:$E,0))),\"\",(INDEX(CTS!$O:$O,MATCH(E332,CTS!$E:$E,0))))","v":0},{"$f":"IF(ISNA(INDEX(CTS!$P:$P,MATCH(E332,CTS!$E:$E,0))),\"\",(INDEX(CTS!$P:$P,MATCH(E332,CTS!$E:$E,0))))","v":0},{"$f":"IF(ISNA(INDEX(CTS!$Q:$Q,MATCH(E332,CTS!$E:$E,0))),\"\",(INDEX(CTS!$Q:$Q,MATCH(E332,CTS!$E:$E,0))))","v":756.30252100840335},{"$f":"IF(ISNA(INDEX(CTS!$S:$S,MATCH(E332,CTS!$E:$E,0))),\"\",(INDEX(CTS!$S:$S,MATCH(E332,CTS!$E:$E,0))))","v":143.69747899159665},{"$f":"IF(ISNA(INDEX(CTS!$T:$T,MATCH(E332,CTS!$E:$E,0))),\"\",(INDEX(CTS!$T:$T,MATCH(E332,CTS!$E:$E,0))))","v":900},{"$f":"IF(ISNA(INDEX(CTS!$U:$U,MATCH(E332,CTS!$E:$E,0))),\"\",(INDEX(CTS!$U:$U,MATCH(E332,CTS!$E:$E,0))))","v":0},{"$f":"IF(ISNA(INDEX(CTS!$V:$V,MATCH(E332,CTS!$E:$E,0))),\"\",(INDEX(CTS!$V:$V,MATCH(E332,CTS!$E:$E,0))))","v":900},{"$f":"IFERROR(INDEX(CTS!$A:$A,MATCH(E332,CTS!$E:$E,0)),\".\")","v":"P"},{"$f":"IFERROR(IFERROR(INDEX(#REF!,MATCH(E332,#REF!,0)),IFERROR(INDEX(#REF!,MATCH(E332,#REF!,0)),INDEX(#REF!,MATCH(E332,#REF!,0)) )),\".\")","v":"."},null,{"$f":"IFERROR(VLOOKUP(E332,#REF!,8,FALSE),IFERROR(VLOOKUP(E332,#REF!,8,FALSE),IFERROR(VLOOKUP(E332,#REF!,8,FALSE),\"\")))","v":""},".-."]
[328,{"$f":"IFERROR(DAY(CTR[[#This Row],[Date]]),\"\")","v":26},{"$f":"IFERROR(MONTH(CTR[[#This Row],[Date]]),\"\")","v":1},{"$f":"IF(ISNA(INDEX(CTS!C:C,MATCH(E333,CTS!$E:$E,0))),\"\",(INDEX(CTS!C:C,MATCH(E333,CTS!$E:$E,0))))","v":44222},"01-328",{"$f":"IF(ISNA(INDEX(CTS!$F:$F,MATCH(E333,CTS!$E:$E,0))),\"\",(INDEX(CTS!$F:$F,MATCH(E333,CTS!$E:$E,0))))","v":"CLIENT"},{"$f":"IF(ISNA(INDEX(CTS!$N:$N,MATCH(E333,CTS!$E:$E,0))),\"\",(INDEX(CTS!$N:$N,MATCH(E333,CTS!$E:$E,0))))","v":42.016806722689083},{"$f":"IF(ISNA(INDEX(CTS!$O:$O,MATCH(E333,CTS!$E:$E,0))),\"\",(INDEX(CTS!$O:$O,MATCH(E333,CTS!$E:$E,0))))","v":0},{"$f":"IF(ISNA(INDEX(CTS!$P:$P,MATCH(E333,CTS!$E:$E,0))),\"\",(INDEX(CTS!$P:$P,MATCH(E333,CTS!$E:$E,0))))","v":0},{"$f":"IF(ISNA(INDEX(CTS!$Q:$Q,MATCH(E333,CTS!$E:$E,0))),\"\",(INDEX(CTS!$Q:$Q,MATCH(E333,CTS!$E:$E,0))))","v":42.016806722689083},{"$f":"IF(ISNA(INDEX(CTS!$S:$S,MATCH(E333,CTS!$E:$E,0))),\"\",(INDEX(CTS!$S:$S,MATCH(E333,CTS!$E:$E,0))))","v":7.9831932773109253},{"$f":"IF(ISNA(INDEX(CTS!$T:$T,MATCH(E333,CTS!$E:$E,0))),\"\",(INDEX(CTS!$T:$T,MATCH(E333,CTS!$E:$E,0))))","v":50.000000000000007},{"$f":"IF(ISNA(INDEX(CTS!$U:$U,MATCH(E333,CTS!$E:$E,0))),\"\",(INDEX(CTS!$U:$U,MATCH(E333,CTS!$E:$E,0))))","v":0},{"$f":"IF(ISNA(INDEX(CTS!$V:$V,MATCH(E333,CTS!$E:$E,0))),\"\",(INDEX(CTS!$V:$V,MATCH(E333,CTS!$E:$E,0))))","v":50.000000000000007},{"$f":"IFERROR(INDEX(CTS!$A:$A,MATCH(E333,CTS!$E:$E,0)),\".\")","v":"P"},{"$f":"IFERROR(IFERROR(INDEX(#REF!,MATCH(E333,#REF!,0)),IFERROR(INDEX(#REF!,MATCH(E333,#REF!,0)),INDEX(#REF!,MATCH(E333,#REF!,0)) )),\".\")","v":"."},null,{"$f":"IFERROR(VLOOKUP(E333,#REF!,8,FALSE),IFERROR(VLOOKUP(E333,#REF!,8,FALSE),IFERROR(VLOOKUP(E333,#REF!,8,FALSE),\"\")))","v":""},".-."]
[329,{"$f":"IFERROR(DAY(CTR[[#This Row],[Date]]),\"\")","v":26},{"$f":"IFERROR(MONTH(CTR[[#This Row],[Date]]),\"\")","v":1},{"$f":"IF(ISNA(INDEX(CTS!C:C,MATCH(E334,CTS!$E:$E,0))),\"\",(INDEX(CTS!C:C,MATCH(E334,CTS!$E:$E,0))))","v":44222},"01-329",{"$f":"IF(ISNA(INDEX(CTS!$F:$F,MATCH(E334,CTS!$E:$E,0))),\"\",(INDEX(CTS!$F:$F,MATCH(E334,CTS!$E:$E,0))))","v":"CLIENT"},{"$f":"IF(ISNA(INDEX(CTS!$N:$N,MATCH(E334,CTS!$E:$E,0))),\"\",(INDEX(CTS!$N:$N,MATCH(E334,CTS!$E:$E,0))))","v":662.18487394957992},{"$f":"IF(ISNA(INDEX(CTS!$O:$O,MATCH(E334,CTS!$E:$E,0))),\"\",(INDEX(CTS!$O:$O,MATCH(E334,CTS!$E:$E,0))))","v":0},{"$f":"IF(ISNA(INDEX(CTS!$P:$P,MATCH(E334,CTS!$E:$E,0))),\"\",(INDEX(CTS!$P:$P,MATCH(E334,CTS!$E:$E,0))))","v":0},{"$f":"IF(ISNA(INDEX(CTS!$Q:$Q,MATCH(E334,CTS!$E:$E,0))),\"\",(INDEX(CTS!$Q:$Q,MATCH(E334,CTS!$E:$E,0))))","v":662.18487394957992},{"$f":"IF(ISNA(INDEX(CTS!$S:$S,MATCH(E334,CTS!$E:$E,0))),\"\",(INDEX(CTS!$S:$S,MATCH(E334,CTS!$E:$E,0))))","v":125.81512605042018},{"$f":"IF(ISNA(INDEX(CTS!$T:$T,MATCH(E334,CTS!$E:$E,0))),\"\",(INDEX(CTS!$T:$T,MATCH(E334,CTS!$E:$E,0))))","v":788.00000000000011},{"$f":"IF(ISNA(INDEX(CTS!$U:$U,MATCH(E334,CTS!$E:$E,0))),\"\",(INDEX(CTS!$U:$U,MATCH(E334,CTS!$E:$E,0))))","v":-2},{"$f":"IF(ISNA(INDEX(CTS!$V:$V,MATCH(E334,CTS!$E:$E,0))),\"\",(INDEX(CTS!$V:$V,MATCH(E334,CTS!$E:$E,0))))","v":790.00000000000011},{"$f":"IFERROR(INDEX(CTS!$A:$A,MATCH(E334,CTS!$E:$E,0)),\".\")","v":"P"},{"$f":"IFERROR(IFERROR(INDEX(#REF!,MATCH(E334,#REF!,0)),IFERROR(INDEX(#REF!,MATCH(E334,#REF!,0)),INDEX(#REF!,MATCH(E334,#REF!,0)) )),\".\")","v":"."},null,{"$f":"IFERROR(VLOOKUP(E334,#REF!,8,FALSE),IFERROR(VLOOKUP(E334,#REF!,8,FALSE),IFERROR(VLOOKUP(E334,#REF!,8,FALSE),\"\")))","v":""},".-."]
[330,{"$f":"IFERROR(DAY(CTR[[#This Row],[Date]]),\"\")","v":26},{"$f":"IFERROR(MONTH(CTR[[#This Row],[Date]]),\"\")","v":1},{"$f":"IF(ISNA(INDEX(CTS!C:C,MATCH(E335,CTS!$E:$E,0))),\"\",(INDEX(CTS!C:C,MATCH(E335,CTS!$E:$E,0))))","v":44222},"01-330",{"$f":"IF(ISNA(INDEX(CTS!$F:$F,MATCH(E335,CTS!$E:$E,0))),\"\",(INDEX(CTS!$F:$F,MATCH(E335,CTS!$E:$E,0))))","v":"CLIENT"},{"$f":"IF(ISNA(INDEX(CTS!$N:$N,MATCH(E335,CTS!$E:$E,0))),\"\",(INDEX(CTS!$N:$N,MATCH(E335,CTS!$E:$E,0))))","v":33.613445378151262},{"$f":"IF(ISNA(INDEX(CTS!$O:$O,MATCH(E335,CTS!$E:$E,0))),\"\",(INDEX(CTS!$O:$O,MATCH(E335,CTS!$E:$E,0))))","v":0},{"$f":"IF(ISNA(INDEX(CTS!$P:$P,MATCH(E335,CTS!$E:$E,0))),\"\",(INDEX(CTS!$P:$P,MATCH(E335,CTS!$E:$E,0))))","v":0},{"$f":"IF(ISNA(INDEX(CTS!$Q:$Q,MATCH(E335,CTS!$E:$E,0))),\"\",(INDEX(CTS!$Q:$Q,MATCH(E335,CTS!$E:$E,0))))","v":33.613445378151262},{"$f":"IF(ISNA(INDEX(CTS!$S:$S,MATCH(E335,CTS!$E:$E,0))),\"\",(INDEX(CTS!$S:$S,MATCH(E335,CTS!$E:$E,0))))","v":6.3865546218487399},{"$f":"IF(ISNA(INDEX(CTS!$T:$T,MATCH(E335,CTS!$E:$E,0))),\"\",(INDEX(CTS!$T:$T,MATCH(E335,CTS!$E:$E,0))))","v":40},{"$f":"IF(ISNA(INDEX(CTS!$U:$U,MATCH(E335,CTS!$E:$E,0))),\"\",(INDEX(CTS!$U:$U,MATCH(E335,CTS!$E:$E,0))))","v":0},{"$f":"IF(ISNA(INDEX(CTS!$V:$V,MATCH(E335,CTS!$E:$E,0))),\"\",(INDEX(CTS!$V:$V,MATCH(E335,CTS!$E:$E,0))))","v":40},{"$f":"IFERROR(INDEX(CTS!$A:$A,MATCH(E335,CTS!$E:$E,0)),\".\")","v":"P"},{"$f":"IFERROR(IFERROR(INDEX(#REF!,MATCH(E335,#REF!,0)),IFERROR(INDEX(#REF!,MATCH(E335,#REF!,0)),INDEX(#REF!,MATCH(E335,#REF!,0)) )),\".\")","v":"."},null,{"$f":"IFERROR(VLOOKUP(E335,#REF!,8,FALSE),IFERROR(VLOOKUP(E335,#REF!,8,FALSE),IFERROR(VLOOKUP(E335,#REF!,8,FALSE),\"\")))","v":""},".-."]
[331,{"$f":"IFERROR(DAY(CTR[[#This Row],[Date]]),\"\")","v":26},{"$f":"IFERROR(MONTH(CTR[[#This Row],[Date]]),\"\")","v":1},{"$f":"IF(ISNA(INDEX(CTS!C:C,MATCH(E336,CTS!$E:$E,0))),\"\",(INDEX(CTS!C:C,MATCH(E336,CTS!$E:$E,0))))","v":44222},"01-331",{"$f":"IF(ISNA(INDEX(CTS!$F:$F,MATCH(E336,CTS!$E:$E,0))),\"\",(INDEX(CTS!$F:$F,MATCH(E336,CTS!$E:$E,0))))","v":"CLIENT"},{"$f":"IF(ISNA(INDEX(CTS!$N:$N,MATCH(E336,CTS!$E:$E,0))),\"\",(INDEX(CTS!$N:$N,MATCH(E336,CTS!$E:$E,0))))","v":252.10084033613447},{"$f":"IF(ISNA(INDEX(CTS!$O:$O,MATCH(E336,CTS!$E:$E,0))),\"\",(INDEX(CTS!$O:$O,MATCH(E336,CTS!$E:$E,0))))","v":0},{"$f":"IF(ISNA(INDEX(CTS!$P:$P,MATCH(E336,CTS!$E:$E,0))),\"\",(INDEX(CTS!$P:$P,MATCH(E336,CTS!$E:$E,0))))","v":0},{"$f":"IF(ISNA(INDEX(CTS!$Q:$Q,MATCH(E336,CTS!$E:$E,0))),\"\",(INDEX(CTS!$Q:$Q,MATCH(E336,CTS!$E:$E,0))))","v":252.10084033613447},{"$f":"IF(ISNA(INDEX(CTS!$S:$S,MATCH(E336,CTS!$E:$E,0))),\"\",(INDEX(CTS!$S:$S,MATCH(E336,CTS!$E:$E,0))))","v":47.899159663865547},{"$f":"IF(ISNA(INDEX(CTS!$T:$T,MATCH(E336,CTS!$E:$E,0))),\"\",(INDEX(CTS!$T:$T,MATCH(E336,CTS!$E:$E,0))))","v":300},{"$f":"IF(ISNA(INDEX(CTS!$U:$U,MATCH(E336,CTS!$E:$E,0))),\"\",(INDEX(CTS!$U:$U,MATCH(E336,CTS!$E:$E,0))))","v":0},{"$f":"IF(ISNA(INDEX(CTS!$V:$V,MATCH(E336,CTS!$E:$E,0))),\"\",(INDEX(CTS!$V:$V,MATCH(E336,CTS!$E:$E,0))))","v":300},{"$f":"IFERROR(INDEX(CTS!$A:$A,MATCH(E336,CTS!$E:$E,0)),\".\")","v":"P"},{"$f":"IFERROR(IFERROR(INDEX(#REF!,MATCH(E336,#REF!,0)),IFERROR(INDEX(#REF!,MATCH(E336,#REF!,0)),INDEX(#REF!,MATCH(E336,#REF!,0)) )),\".\")","v":"."},null,{"$f":"IFERROR(VLOOKUP(E336,#REF!,8,FALSE),IFERROR(VLOOKUP(E336,#REF!,8,FALSE),IFERROR(VLOOKUP(E336,#REF!,8,FALSE),\"\")))","v":""},".-."]
[332,{"$f":"IFERROR(DAY(CTR[[#This Row],[Date]]),\"\")","v":26},{"$f":"IFERROR(MONTH(CTR[[#This Row],[Date]]),\"\")","v":1},{"$f":"IF(ISNA(INDEX(CTS!C:C,MATCH(E337,CTS!$E:$E,0))),\"\",(INDEX(CTS!C:C,MATCH(E337,CTS!$E:$E,0))))","v":44222},"01-332",{"$f":"IF(ISNA(INDEX(CTS!$F:$F,MATCH(E337,CTS!$E:$E,0))),\"\",(INDEX(CTS!$F:$F,MATCH(E337,CTS!$E:$E,0))))","v":"CLIENT"},{"$f":"IF(ISNA(INDEX(CTS!$N:$N,MATCH(E337,CTS!$E:$E,0))),\"\",(INDEX(CTS!$N:$N,MATCH(E337,CTS!$E:$E,0))))","v":134.45378151260505},{"$f":"IF(ISNA(INDEX(CTS!$O:$O,MATCH(E337,CTS!$E:$E,0))),\"\",(INDEX(CTS!$O:$O,MATCH(E337,CTS!$E:$E,0))))","v":0},{"$f":"IF(ISNA(INDEX(CTS!$P:$P,MATCH(E337,CTS!$E:$E,0))),\"\",(INDEX(CTS!$P:$P,MATCH(E337,CTS!$E:$E,0))))","v":0},{"$f":"IF(ISNA(INDEX(CTS!$Q:$Q,MATCH(E337,CTS!$E:$E,0))),\"\",(INDEX(CTS!$Q:$Q,MATCH(E337,CTS!$E:$E,0))))","v":134.45378151260505},{"$f":"IF(ISNA(INDEX(CTS!$S:$S,MATCH(E337,CTS!$E:$E,0))),\"\",(INDEX(CTS!$S:$S,MATCH(E337,CTS!$E:$E,0))))","v":25.54621848739496},{"$f":"IF(ISNA(INDEX(CTS!$T:$T,MATCH(E337,CTS!$E:$E,0))),\"\",(INDEX(CTS!$T:$T,MATCH(E337,CTS!$E:$E,0))))","v":160},{"$f":"IF(ISNA(INDEX(CTS!$U:$U,MATCH(E337,CTS!$E:$E,0))),\"\",(INDEX(CTS!$U:$U,MATCH(E337,CTS!$E:$E,0))))","v":0},{"$f":"IF(ISNA(INDEX(CTS!$V:$V,MATCH(E337,CTS!$E:$E,0))),\"\",(INDEX(CTS!$V:$V,MATCH(E337,CTS!$E:$E,0))))","v":160},{"$f":"IFERROR(INDEX(CTS!$A:$A,MATCH(E337,CTS!$E:$E,0)),\".\")","v":"P"},{"$f":"IFERROR(IFERROR(INDEX(#REF!,MATCH(E337,#REF!,0)),IFERROR(INDEX(#REF!,MATCH(E337,#REF!,0)),INDEX(#REF!,MATCH(E337,#REF!,0)) )),\".\")","v":"."},null,{"$f":"IFERROR(VLOOKUP(E337,#REF!,8,FALSE),IFERROR(VLOOKUP(E337,#REF!,8,FALSE),IFERROR(VLOOKUP(E337,#REF!,8,FALSE),\"\")))","v":""},".-."]
[333,{"$f":"IFERROR(DAY(CTR[[#This Row],[Date]]),\"\")","v":26},{"$f":"IFERROR(MONTH(CTR[[#This Row],[Date]]),\"\")","v":1},{"$f":"IF(ISNA(INDEX(CTS!C:C,MATCH(E338,CTS!$E:$E,0))),\"\",(INDEX(CTS!C:C,MATCH(E338,CTS!$E:$E,0))))","v":44222},"01-333",{"$f":"IF(ISNA(INDEX(CTS!$F:$F,MATCH(E338,CTS!$E:$E,0))),\"\",(INDEX(CTS!$F:$F,MATCH(E338,CTS!$E:$E,0))))","v":"CLIENT"},{"$f":"IF(ISNA(INDEX(CTS!$N:$N,MATCH(E338,CTS!$E:$E,0))),\"\",(INDEX(CTS!$N:$N,MATCH(E338,CTS!$E:$E,0))))","v":7966.3865546218494},{"$f":"IF(ISNA(INDEX(CTS!$O:$O,MATCH(E338,CTS!$E:$E,0))),\"\",(INDEX(CTS!$O:$O,MATCH(E338,CTS!$E:$E,0))))","v":0},{"$f":"IF(ISNA(INDEX(CTS!$P:$P,MATCH(E338,CTS!$E:$E,0))),\"\",(INDEX(CTS!$P:$P,MATCH(E338,CTS!$E:$E,0))))","v":0},{"$f":"IF(ISNA(INDEX(CTS!$Q:$Q,MATCH(E338,CTS!$E:$E,0))),\"\",(INDEX(CTS!$Q:$Q,MATCH(E338,CTS!$E:$E,0))))","v":7966.3865546218494},{"$f":"IF(ISNA(INDEX(CTS!$S:$S,MATCH(E338,CTS!$E:$E,0))),\"\",(INDEX(CTS!$S:$S,MATCH(E338,CTS!$E:$E,0))))","v":1513.6134453781515},{"$f":"IF(ISNA(INDEX(CTS!$T:$T,MATCH(E338,CTS!$E:$E,0))),\"\",(INDEX(CTS!$T:$T,MATCH(E338,CTS!$E:$E,0))))","v":9480},{"$f":"IF(ISNA(INDEX(CTS!$U:$U,MATCH(E338,CTS!$E:$E,0))),\"\",(INDEX(CTS!$U:$U,MATCH(E338,CTS!$E:$E,0))))","v":0},{"$f":"IF(ISNA(INDEX(CTS!$V:$V,MATCH(E338,CTS!$E:$E,0))),\"\",(INDEX(CTS!$V:$V,MATCH(E338,CTS!$E:$E,0))))","v":9480},{"$f":"IFERROR(INDEX(CTS!$A:$A,MATCH(E338,CTS!$E:$E,0)),\".\")","v":"P"},{"$f":"IFERROR(IFERROR(INDEX(#REF!,MATCH(E338,#REF!,0)),IFERROR(INDEX(#REF!,MATCH(E338,#REF!,0)),INDEX(#REF!,MATCH(E338,#REF!,0)) )),\".\")","v":"."},null,{"$f":"IFERROR(VLOOKUP(E338,#REF!,8,FALSE),IFERROR(VLOOKUP(E338,#REF!,8,FALSE),IFERROR(VLOOKUP(E338,#REF!,8,FALSE),\"\")))","v":""},".-."]
[334,{"$f":"IFERROR(DAY(CTR[[#This Row],[Date]]),\"\")","v":26},{"$f":"IFERROR(MONTH(CTR[[#This Row],[Date]]),\"\")","v":1},{"$f":"IF(ISNA(INDEX(CTS!C:C,MATCH(E339,CTS!$E:$E,0))),\"\",(INDEX(CTS!C:C,MATCH(E339,CTS!$E:$E,0))))","v":44222},"01-334",{"$f":"IF(ISNA(INDEX(CTS!$F:$F,MATCH(E339,CTS!$E:$E,0))),\"\",(INDEX(CTS!$F:$F,MATCH(E339,CTS!$E:$E,0))))","v":"CLIENT"},{"$f":"IF(ISNA(INDEX(CTS!$N:$N,MATCH(E339,CTS!$E:$E,0))),\"\",(INDEX(CTS!$N:$N,MATCH(E339,CTS!$E:$E,0))))","v":242.0168067226891},{"$f":"IF(ISNA(INDEX(CTS!$O:$O,MATCH(E339,CTS!$E:$E,0))),\"\",(INDEX(CTS!$O:$O,MATCH(E339,CTS!$E:$E,0))))","v":0},{"$f":"IF(ISNA(INDEX(CTS!$P:$P,MATCH(E339,CTS!$E:$E,0))),\"\",(INDEX(CTS!$P:$P,MATCH(E339,CTS!$E:$E,0))))","v":0},{"$f":"IF(ISNA(INDEX(CTS!$Q:$Q,MATCH(E339,CTS!$E:$E,0))),\"\",(INDEX(CTS!$Q:$Q,MATCH(E339,CTS!$E:$E,0))))","v":242.0168067226891},{"$f":"IF(ISNA(INDEX(CTS!$S:$S,MATCH(E339,CTS!$E:$E,0))),\"\",(INDEX(CTS!$S:$S,MATCH(E339,CTS!$E:$E,0))))","v":45.983193277310932},{"$f":"IF(ISNA(INDEX(CTS!$T:$T,MATCH(E339,CTS!$E:$E,0))),\"\",(INDEX(CTS!$T:$T,MATCH(E339,CTS!$E:$E,0))))","v":288},{"$f":"IF(ISNA(INDEX(CTS!$U:$U,MATCH(E339,CTS!$E:$E,0))),\"\",(INDEX(CTS!$U:$U,MATCH(E339,CTS!$E:$E,0))))","v":8},{"$f":"IF(ISNA(INDEX(CTS!$V:$V,MATCH(E339,CTS!$E:$E,0))),\"\",(INDEX(CTS!$V:$V,MATCH(E339,CTS!$E:$E,0))))","v":280},{"$f":"IFERROR(INDEX(CTS!$A:$A,MATCH(E339,CTS!$E:$E,0)),\".\")","v":"P"},{"$f":"IFERROR(IFERROR(INDEX(#REF!,MATCH(E339,#REF!,0)),IFERROR(INDEX(#REF!,MATCH(E339,#REF!,0)),INDEX(#REF!,MATCH(E339,#REF!,0)) )),\".\")","v":"."},null,{"$f":"IFERROR(VLOOKUP(E339,#REF!,8,FALSE),IFERROR(VLOOKUP(E339,#REF!,8,FALSE),IFERROR(VLOOKUP(E339,#REF!,8,FALSE),\"\")))","v":""},".-."]
[335,{"$f":"IFERROR(DAY(CTR[[#This Row],[Date]]),\"\")","v":26},{"$f":"IFERROR(MONTH(CTR[[#This Row],[Date]]),\"\")","v":1},{"$f":"IF(ISNA(INDEX(CTS!C:C,MATCH(E340,CTS!$E:$E,0))),\"\",(INDEX(CTS!C:C,MATCH(E340,CTS!$E:$E,0))))","v":44222},"01-335",{"$f":"IF(ISNA(INDEX(CTS!$F:$F,MATCH(E340,CTS!$E:$E,0))),\"\",(INDEX(CTS!$F:$F,MATCH(E340,CTS!$E:$E,0))))","v":"CLIENT"},{"$f":"IF(ISNA(INDEX(CTS!$N:$N,MATCH(E340,CTS!$E:$E,0))),\"\",(INDEX(CTS!$N:$N,MATCH(E340,CTS!$E:$E,0))))","v":428.57142857142861},{"$f":"IF(ISNA(INDEX(CTS!$O:$O,MATCH(E340,CTS!$E:$E,0))),\"\",(INDEX(CTS!$O:$O,MATCH(E340,CTS!$E:$E,0))))","v":0},{"$f":"IF(ISNA(INDEX(CTS!$P:$P,MATCH(E340,CTS!$E:$E,0))),\"\",(INDEX(CTS!$P:$P,MATCH(E340,CTS!$E:$E,0))))","v":0},{"$f":"IF(ISNA(INDEX(CTS!$Q:$Q,MATCH(E340,CTS!$E:$E,0))),\"\",(INDEX(CTS!$Q:$Q,MATCH(E340,CTS!$E:$E,0))))","v":428.57142857142861},{"$f":"IF(ISNA(INDEX(CTS!$S:$S,MATCH(E340,CTS!$E:$E,0))),\"\",(INDEX(CTS!$S:$S,MATCH(E340,CTS!$E:$E,0))))","v":81.428571428571431},{"$f":"IF(ISNA(INDEX(CTS!$T:$T,MATCH(E340,CTS!$E:$E,0))),\"\",(INDEX(CTS!$T:$T,MATCH(E340,CTS!$E:$E,0))))","v":510.00000000000006},{"$f":"IF(ISNA(INDEX(CTS!$U:$U,MATCH(E340,CTS!$E:$E,0))),\"\",(INDEX(CTS!$U:$U,MATCH(E340,CTS!$E:$E,0))))","v":10},{"$f":"IF(ISNA(INDEX(CTS!$V:$V,MATCH(E340,CTS!$E:$E,0))),\"\",(INDEX(CTS!$V:$V,MATCH(E340,CTS!$E:$E,0))))","v":500.00000000000006},{"$f":"IFERROR(INDEX(CTS!$A:$A,MATCH(E340,CTS!$E:$E,0)),\".\")","v":"P"},{"$f":"IFERROR(IFERROR(INDEX(#REF!,MATCH(E340,#REF!,0)),IFERROR(INDEX(#REF!,MATCH(E340,#REF!,0)),INDEX(#REF!,MATCH(E340,#REF!,0)) )),\".\")","v":"."},null,{"$f":"IFERROR(VLOOKUP(E340,#REF!,8,FALSE),IFERROR(VLOOKUP(E340,#REF!,8,FALSE),IFERROR(VLOOKUP(E340,#REF!,8,FALSE),\"\")))","v":""},".-."]
[336,{"$f":"IFERROR(DAY(CTR[[#This Row],[Date]]),\"\")","v":26},{"$f":"IFERROR(MONTH(CTR[[#This Row],[Date]]),\"\")","v":1},{"$f":"IF(ISNA(INDEX(CTS!C:C,MATCH(E341,CTS!$E:$E,0))),\"\",(INDEX(CTS!C:C,MATCH(E341,CTS!$E:$E,0))))","v":44222},"01-336",{"$f":"IF(ISNA(INDEX(CTS!$F:$F,MATCH(E341,CTS!$E:$E,0))),\"\",(INDEX(CTS!$F:$F,MATCH(E341,CTS!$E:$E,0))))","v":"CLIENT"},{"$f":"IF(ISNA(INDEX(CTS!$N:$N,MATCH(E341,CTS!$E:$E,0))),\"\",(INDEX(CTS!$N:$N,MATCH(E341,CTS!$E:$E,0))))","v":5732.773109243697},{"$f":"IF(ISNA(INDEX(CTS!$O:$O,MATCH(E341,CTS!$E:$E,0))),\"\",(INDEX(CTS!$O:$O,MATCH(E341,CTS!$E:$E,0))))","v":0},{"$f":"IF(ISNA(INDEX(CTS!$P:$P,MATCH(E341,CTS!$E:$E,0))),\"\",(INDEX(CTS!$P:$P,MATCH(E341,CTS!$E:$E,0))))","v":0},{"$f":"IF(ISNA(INDEX(CTS!$Q:$Q,MATCH(E341,CTS!$E:$E,0))),\"\",(INDEX(CTS!$Q:$Q,MATCH(E341,CTS!$E:$E,0))))","v":5732.773109243697},{"$f":"IF(ISNA(INDEX(CTS!$S:$S,MATCH(E341,CTS!$E:$E,0))),\"\",(INDEX(CTS!$S:$S,MATCH(E341,CTS!$E:$E,0))))","v":1089.2268907563025},{"$f":"IF(ISNA(INDEX(CTS!$T:$T,MATCH(E341,CTS!$E:$E,0))),\"\",(INDEX(CTS!$T:$T,MATCH(E341,CTS!$E:$E,0))))","v":6822},{"$f":"IF(ISNA(INDEX(CTS!$U:$U,MATCH(E341,CTS!$E:$E,0))),\"\",(INDEX(CTS!$U:$U,MATCH(E341,CTS!$E:$E,0))))","v":22},{"$f":"IF(ISNA(INDEX(CTS!$V:$V,MATCH(E341,CTS!$E:$E,0))),\"\",(INDEX(CTS!$V:$V,MATCH(E341,CTS!$E:$E,0))))","v":6800},{"$f":"IFERROR(INDEX(CTS!$A:$A,MATCH(E341,CTS!$E:$E,0)),\".\")","v":"P"},{"$f":"IFERROR(IFERROR(INDEX(#REF!,MATCH(E341,#REF!,0)),IFERROR(INDEX(#REF!,MATCH(E341,#REF!,0)),INDEX(#REF!,MATCH(E341,#REF!,0)) )),\".\")","v":"."},null,{"$f":"IFERROR(VLOOKUP(E341,#REF!,8,FALSE),IFERROR(VLOOKUP(E341,#REF!,8,FALSE),IFERROR(VLOOKUP(E341,#REF!,8,FALSE),\"\")))","v":""},".-."]
[337,{"$f":"IFERROR(DAY(CTR[[#This Row],[Date]]),\"\")","v":26},{"$f":"IFERROR(MONTH(CTR[[#This Row],[Date]]),\"\")","v":1},{"$f":"IF(ISNA(INDEX(CTS!C:C,MATCH(E342,CTS!$E:$E,0))),\"\",(INDEX(CTS!C:C,MATCH(E342,CTS!$E:$E,0))))","v":44222},"01-337",{"$f":"IF(ISNA(INDEX(CTS!$F:$F,MATCH(E342,CTS!$E:$E,0))),\"\",(INDEX(CTS!$F:$F,MATCH(E342,CTS!$E:$E,0))))","v":"CLIENT"},{"$f":"IF(ISNA(INDEX(CTS!$N:$N,MATCH(E342,CTS!$E:$E,0))),\"\",(INDEX(CTS!$N:$N,MATCH(E342,CTS!$E:$E,0))))","v":504.20168067226894},{"$f":"IF(ISNA(INDEX(CTS!$O:$O,MATCH(E342,CTS!$E:$E,0))),\"\",(INDEX(CTS!$O:$O,MATCH(E342,CTS!$E:$E,0))))","v":0},{"$f":"IF(ISNA(INDEX(CTS!$P:$P,MATCH(E342,CTS!$E:$E,0))),\"\",(INDEX(CTS!$P:$P,MATCH(E342,CTS!$E:$E,0))))","v":0},{"$f":"IF(ISNA(INDEX(CTS!$Q:$Q,MATCH(E342,CTS!$E:$E,0))),\"\",(INDEX(CTS!$Q:$Q,MATCH(E342,CTS!$E:$E,0))))","v":504.20168067226894},{"$f":"IF(ISNA(INDEX(CTS!$S:$S,MATCH(E342,CTS!$E:$E,0))),\"\",(INDEX(CTS!$S:$S,MATCH(E342,CTS!$E:$E,0))))","v":95.798319327731093},{"$f":"IF(ISNA(INDEX(CTS!$T:$T,MATCH(E342,CTS!$E:$E,0))),\"\",(INDEX(CTS!$T:$T,MATCH(E342,CTS!$E:$E,0))))","v":600},{"$f":"IF(ISNA(INDEX(CTS!$U:$U,MATCH(E342,CTS!$E:$E,0))),\"\",(INDEX(CTS!$U:$U,MATCH(E342,CTS!$E:$E,0))))","v":0},{"$f":"IF(ISNA(INDEX(CTS!$V:$V,MATCH(E342,CTS!$E:$E,0))),\"\",(INDEX(CTS!$V:$V,MATCH(E342,CTS!$E:$E,0))))","v":600},{"$f":"IFERROR(INDEX(CTS!$A:$A,MATCH(E342,CTS!$E:$E,0)),\".\")","v":"P"},{"$f":"IFERROR(IFERROR(INDEX(#REF!,MATCH(E342,#REF!,0)),IFERROR(INDEX(#REF!,MATCH(E342,#REF!,0)),INDEX(#REF!,MATCH(E342,#REF!,0)) )),\".\")","v":"."},null,{"$f":"IFERROR(VLOOKUP(E342,#REF!,8,FALSE),IFERROR(VLOOKUP(E342,#REF!,8,FALSE),IFERROR(VLOOKUP(E342,#REF!,8,FALSE),\"\")))","v":""},".-."]
[338,{"$f":"IFERROR(DAY(CTR[[#This Row],[Date]]),\"\")","v":26},{"$f":"IFERROR(MONTH(CTR[[#This Row],[Date]]),\"\")","v":1},{"$f":"IF(ISNA(INDEX(CTS!C:C,MATCH(E343,CTS!$E:$E,0))),\"\",(INDEX(CTS!C:C,MATCH(E343,CTS!$E:$E,0))))","v":44222},"01-338",{"$f":"IF(ISNA(INDEX(CTS!$F:$F,MATCH(E343,CTS!$E:$E,0))),\"\",(INDEX(CTS!$F:$F,MATCH(E343,CTS!$E:$E,0))))","v":"CLIENT"},{"$f":"IF(ISNA(INDEX(CTS!$N:$N,MATCH(E343,CTS!$E:$E,0))),\"\",(INDEX(CTS!$N:$N,MATCH(E343,CTS!$E:$E,0))))","v":50.420168067226896},{"$f":"IF(ISNA(INDEX(CTS!$O:$O,MATCH(E343,CTS!$E:$E,0))),\"\",(INDEX(CTS!$O:$O,MATCH(E343,CTS!$E:$E,0))))","v":0},{"$f":"IF(ISNA(INDEX(CTS!$P:$P,MATCH(E343,CTS!$E:$E,0))),\"\",(INDEX(CTS!$P:$P,MATCH(E343,CTS!$E:$E,0))))","v":0},{"$f":"IF(ISNA(INDEX(CTS!$Q:$Q,MATCH(E343,CTS!$E:$E,0))),\"\",(INDEX(CTS!$Q:$Q,MATCH(E343,CTS!$E:$E,0))))","v":50.420168067226896},{"$f":"IF(ISNA(INDEX(CTS!$S:$S,MATCH(E343,CTS!$E:$E,0))),\"\",(INDEX(CTS!$S:$S,MATCH(E343,CTS!$E:$E,0))))","v":9.5798319327731107},{"$f":"IF(ISNA(INDEX(CTS!$T:$T,MATCH(E343,CTS!$E:$E,0))),\"\",(INDEX(CTS!$T:$T,MATCH(E343,CTS!$E:$E,0))))","v":60.000000000000007},{"$f":"IF(ISNA(INDEX(CTS!$U:$U,MATCH(E343,CTS!$E:$E,0))),\"\",(INDEX(CTS!$U:$U,MATCH(E343,CTS!$E:$E,0))))","v":0},{"$f":"IF(ISNA(INDEX(CTS!$V:$V,MATCH(E343,CTS!$E:$E,0))),\"\",(INDEX(CTS!$V:$V,MATCH(E343,CTS!$E:$E,0))))","v":60.000000000000007},{"$f":"IFERROR(INDEX(CTS!$A:$A,MATCH(E343,CTS!$E:$E,0)),\".\")","v":"P"},{"$f":"IFERROR(IFERROR(INDEX(#REF!,MATCH(E343,#REF!,0)),IFERROR(INDEX(#REF!,MATCH(E343,#REF!,0)),INDEX(#REF!,MATCH(E343,#REF!,0)) )),\".\")","v":"."},null,{"$f":"IFERROR(VLOOKUP(E343,#REF!,8,FALSE),IFERROR(VLOOKUP(E343,#REF!,8,FALSE),IFERROR(VLOOKUP(E343,#REF!,8,FALSE),\"\")))","v":""},".-."]
[339,{"$f":"IFERROR(DAY(CTR[[#This Row],[Date]]),\"\")","v":26},{"$f":"IFERROR(MONTH(CTR[[#This Row],[Date]]),\"\")","v":1},{"$f":"IF(ISNA(INDEX(CTS!C:C,MATCH(E344,CTS!$E:$E,0))),\"\",(INDEX(CTS!C:C,MATCH(E344,CTS!$E:$E,0))))","v":44222},"01-339",{"$f":"IF(ISNA(INDEX(CTS!$F:$F,MATCH(E344,CTS!$E:$E,0))),\"\",(INDEX(CTS!$F:$F,MATCH(E344,CTS!$E:$E,0))))","v":"CLIENT"},{"$f":"IF(ISNA(INDEX(CTS!$N:$N,MATCH(E344,CTS!$E:$E,0))),\"\",(INDEX(CTS!$N:$N,MATCH(E344,CTS!$E:$E,0))))","v":419.32773109243703},{"$f":"IF(ISNA(INDEX(CTS!$O:$O,MATCH(E344,CTS!$E:$E,0))),\"\",(INDEX(CTS!$O:$O,MATCH(E344,CTS!$E:$E,0))))","v":0},{"$f":"IF(ISNA(INDEX(CTS!$P:$P,MATCH(E344,CTS!$E:$E,0))),\"\",(INDEX(CTS!$P:$P,MATCH(E344,CTS!$E:$E,0))))","v":0},{"$f":"IF(ISNA(INDEX(CTS!$Q:$Q,MATCH(E344,CTS!$E:$E,0))),\"\",(INDEX(CTS!$Q:$Q,MATCH(E344,CTS!$E:$E,0))))","v":419.32773109243703},{"$f":"IF(ISNA(INDEX(CTS!$S:$S,MATCH(E344,CTS!$E:$E,0))),\"\",(INDEX(CTS!$S:$S,MATCH(E344,CTS!$E:$E,0))))","v":79.672268907563037},{"$f":"IF(ISNA(INDEX(CTS!$T:$T,MATCH(E344,CTS!$E:$E,0))),\"\",(INDEX(CTS!$T:$T,MATCH(E344,CTS!$E:$E,0))))","v":499.00000000000006},{"$f":"IF(ISNA(INDEX(CTS!$U:$U,MATCH(E344,CTS!$E:$E,0))),\"\",(INDEX(CTS!$U:$U,MATCH(E344,CTS!$E:$E,0))))","v":-1},{"$f":"IF(ISNA(INDEX(CTS!$V:$V,MATCH(E344,CTS!$E:$E,0))),\"\",(INDEX(CTS!$V:$V,MATCH(E344,CTS!$E:$E,0))))","v":500.00000000000006},{"$f":"IFERROR(INDEX(CTS!$A:$A,MATCH(E344,CTS!$E:$E,0)),\".\")","v":"P"},{"$f":"IFERROR(IFERROR(INDEX(#REF!,MATCH(E344,#REF!,0)),IFERROR(INDEX(#REF!,MATCH(E344,#REF!,0)),INDEX(#REF!,MATCH(E344,#REF!,0)) )),\".\")","v":"."},null,{"$f":"IFERROR(VLOOKUP(E344,#REF!,8,FALSE),IFERROR(VLOOKUP(E344,#REF!,8,FALSE),IFERROR(VLOOKUP(E344,#REF!,8,FALSE),\"\")))","v":""},".-."]
[340,{"$f":"IFERROR(DAY(CTR[[#This Row],[Date]]),\"\")","v":26},{"$f":"IFERROR(MONTH(CTR[[#This Row],[Date]]),\"\")","v":1},{"$f":"IF(ISNA(INDEX(CTS!C:C,MATCH(E345,CTS!$E:$E,0))),\"\",(INDEX(CTS!C:C,MATCH(E345,CTS!$E:$E,0))))","v":44222},"01-340",{"$f":"IF(ISNA(INDEX(CTS!$F:$F,MATCH(E345,CTS!$E:$E,0))),\"\",(INDEX(CTS!$F:$F,MATCH(E345,CTS!$E:$E,0))))","v":"CLIENT"},{"$f":"IF(ISNA(INDEX(CTS!$N:$N,MATCH(E345,CTS!$E:$E,0))),\"\",(INDEX(CTS!$N:$N,MATCH(E345,CTS!$E:$E,0))))","v":731.09243697478996},{"$f":"IF(ISNA(INDEX(CTS!$O:$O,MATCH(E345,CTS!$E:$E,0))),\"\",(INDEX(CTS!$O:$O,MATCH(E345,CTS!$E:$E,0))))","v":0},{"$f":"IF(ISNA(INDEX(CTS!$P:$P,MATCH(E345,CTS!$E:$E,0))),\"\",(INDEX(CTS!$P:$P,MATCH(E345,CTS!$E:$E,0))))","v":0},{"$f":"IF(ISNA(INDEX(CTS!$Q:$Q,MATCH(E345,CTS!$E:$E,0))),\"\",(INDEX(CTS!$Q:$Q,MATCH(E345,CTS!$E:$E,0))))","v":731.09243697478996},{"$f":"IF(ISNA(INDEX(CTS!$S:$S,MATCH(E345,CTS!$E:$E,0))),\"\",(INDEX(CTS!$S:$S,MATCH(E345,CTS!$E:$E,0))))","v":138.9075630252101},{"$f":"IF(ISNA(INDEX(CTS!$T:$T,MATCH(E345,CTS!$E:$E,0))),\"\",(INDEX(CTS!$T:$T,MATCH(E345,CTS!$E:$E,0))))","v":870},{"$f":"IF(ISNA(INDEX(CTS!$U:$U,MATCH(E345,CTS!$E:$E,0))),\"\",(INDEX(CTS!$U:$U,MATCH(E345,CTS!$E:$E,0))))","v":0},{"$f":"IF(ISNA(INDEX(CTS!$V:$V,MATCH(E345,CTS!$E:$E,0))),\"\",(INDEX(CTS!$V:$V,MATCH(E345,CTS!$E:$E,0))))","v":870},{"$f":"IFERROR(INDEX(CTS!$A:$A,MATCH(E345,CTS!$E:$E,0)),\".\")","v":"P"},{"$f":"IFERROR(IFERROR(INDEX(#REF!,MATCH(E345,#REF!,0)),IFERROR(INDEX(#REF!,MATCH(E345,#REF!,0)),INDEX(#REF!,MATCH(E345,#REF!,0)) )),\".\")","v":"."},null,{"$f":"IFERROR(VLOOKUP(E345,#REF!,8,FALSE),IFERROR(VLOOKUP(E345,#REF!,8,FALSE),IFERROR(VLOOKUP(E345,#REF!,8,FALSE),\"\")))","v":""},".-."]
[341,{"$f":"IFERROR(DAY(CTR[[#This Row],[Date]]),\"\")","v":26},{"$f":"IFERROR(MONTH(CTR[[#This Row],[Date]]),\"\")","v":1},{"$f":"IF(ISNA(INDEX(CTS!C:C,MATCH(E346,CTS!$E:$E,0))),\"\",(INDEX(CTS!C:C,MATCH(E346,CTS!$E:$E,0))))","v":44222},"01-341",{"$f":"IF(ISNA(INDEX(CTS!$F:$F,MATCH(E346,CTS!$E:$E,0))),\"\",(INDEX(CTS!$F:$F,MATCH(E346,CTS!$E:$E,0))))","v":"CLIENT"},{"$f":"IF(ISNA(INDEX(CTS!$N:$N,MATCH(E346,CTS!$E:$E,0))),\"\",(INDEX(CTS!$N:$N,MATCH(E346,CTS!$E:$E,0))))","v":605.0420168067227},{"$f":"IF(ISNA(INDEX(CTS!$O:$O,MATCH(E346,CTS!$E:$E,0))),\"\",(INDEX(CTS!$O:$O,MATCH(E346,CTS!$E:$E,0))))","v":0},{"$f":"IF(ISNA(INDEX(CTS!$P:$P,MATCH(E346,CTS!$E:$E,0))),\"\",(INDEX(CTS!$P:$P,MATCH(E346,CTS!$E:$E,0))))","v":0},{"$f":"IF(ISNA(INDEX(CTS!$Q:$Q,MATCH(E346,CTS!$E:$E,0))),\"\",(INDEX(CTS!$Q:$Q,MATCH(E346,CTS!$E:$E,0))))","v":605.0420168067227},{"$f":"IF(ISNA(INDEX(CTS!$S:$S,MATCH(E346,CTS!$E:$E,0))),\"\",(INDEX(CTS!$S:$S,MATCH(E346,CTS!$E:$E,0))))","v":114.95798319327731},{"$f":"IF(ISNA(INDEX(CTS!$T:$T,MATCH(E346,CTS!$E:$E,0))),\"\",(INDEX(CTS!$T:$T,MATCH(E346,CTS!$E:$E,0))))","v":720},{"$f":"IF(ISNA(INDEX(CTS!$U:$U,MATCH(E346,CTS!$E:$E,0))),\"\",(INDEX(CTS!$U:$U,MATCH(E346,CTS!$E:$E,0))))","v":0},{"$f":"IF(ISNA(INDEX(CTS!$V:$V,MATCH(E346,CTS!$E:$E,0))),\"\",(INDEX(CTS!$V:$V,MATCH(E346,CTS!$E:$E,0))))","v":720},{"$f":"IFERROR(INDEX(CTS!$A:$A,MATCH(E346,CTS!$E:$E,0)),\".\")","v":"P"},{"$f":"IFERROR(IFERROR(INDEX(#REF!,MATCH(E346,#REF!,0)),IFERROR(INDEX(#REF!,MATCH(E346,#REF!,0)),INDEX(#REF!,MATCH(E346,#REF!,0)) )),\".\")","v":"."},null,{"$f":"IFERROR(VLOOKUP(E346,#REF!,8,FALSE),IFERROR(VLOOKUP(E346,#REF!,8,FALSE),IFERROR(VLOOKUP(E346,#REF!,8,FALSE),\"\")))","v":""},".-."]
[342,{"$f":"IFERROR(DAY(CTR[[#This Row],[Date]]),\"\")","v":26},{"$f":"IFERROR(MONTH(CTR[[#This Row],[Date]]),\"\")","v":1},{"$f":"IF(ISNA(INDEX(CTS!C:C,MATCH(E347,CTS!$E:$E,0))),\"\",(INDEX(CTS!C:C,MATCH(E347,CTS!$E:$E,0))))","v":44222},"01-342",{"$f":"IF(ISNA(INDEX(CTS!$F:$F,MATCH(E347,CTS!$E:$E,0))),\"\",(INDEX(CTS!$F:$F,MATCH(E347,CTS!$E:$E,0))))","v":"CLIENT"},{"$f":"IF(ISNA(INDEX(CTS!$N:$N,MATCH(E347,CTS!$E:$E,0))),\"\",(INDEX(CTS!$N:$N,MATCH(E347,CTS!$E:$E,0))))","v":252.10084033613447},{"$f":"IF(ISNA(INDEX(CTS!$O:$O,MATCH(E347,CTS!$E:$E,0))),\"\",(INDEX(CTS!$O:$O,MATCH(E347,CTS!$E:$E,0))))","v":0},{"$f":"IF(ISNA(INDEX(CTS!$P:$P,MATCH(E347,CTS!$E:$E,0))),\"\",(INDEX(CTS!$P:$P,MATCH(E347,CTS!$E:$E,0))))","v":0},{"$f":"IF(ISNA(INDEX(CTS!$Q:$Q,MATCH(E347,CTS!$E:$E,0))),\"\",(INDEX(CTS!$Q:$Q,MATCH(E347,CTS!$E:$E,0))))","v":252.10084033613447},{"$f":"IF(ISNA(INDEX(CTS!$S:$S,MATCH(E347,CTS!$E:$E,0))),\"\",(INDEX(CTS!$S:$S,MATCH(E347,CTS!$E:$E,0))))","v":47.899159663865554},{"$f":"IF(ISNA(INDEX(CTS!$T:$T,MATCH(E347,CTS!$E:$E,0))),\"\",(INDEX(CTS!$T:$T,MATCH(E347,CTS!$E:$E,0))))","v":300},{"$f":"IF(ISNA(INDEX(CTS!$U:$U,MATCH(E347,CTS!$E:$E,0))),\"\",(INDEX(CTS!$U:$U,MATCH(E347,CTS!$E:$E,0))))","v":0},{"$f":"IF(ISNA(INDEX(CTS!$V:$V,MATCH(E347,CTS!$E:$E,0))),\"\",(INDEX(CTS!$V:$V,MATCH(E347,CTS!$E:$E,0))))","v":300},{"$f":"IFERROR(INDEX(CTS!$A:$A,MATCH(E347,CTS!$E:$E,0)),\".\")","v":"P"},{"$f":"IFERROR(IFERROR(INDEX(#REF!,MATCH(E347,#REF!,0)),IFERROR(INDEX(#REF!,MATCH(E347,#REF!,0)),INDEX(#REF!,MATCH(E347,#REF!,0)) )),\".\")","v":"."},null,{"$f":"IFERROR(VLOOKUP(E347,#REF!,8,FALSE),IFERROR(VLOOKUP(E347,#REF!,8,FALSE),IFERROR(VLOOKUP(E347,#REF!,8,FALSE),\"\")))","v":""},".-."]
[343,{"$f":"IFERROR(DAY(CTR[[#This Row],[Date]]),\"\")","v":26},{"$f":"IFERROR(MONTH(CTR[[#This Row],[Date]]),\"\")","v":1},{"$f":"IF(ISNA(INDEX(CTS!C:C,MATCH(E348,CTS!$E:$E,0))),\"\",(INDEX(CTS!C:C,MATCH(E348,CTS!$E:$E,0))))","v":44222},"01-343",{"$f":"IF(ISNA(INDEX(CTS!$F:$F,MATCH(E348,CTS!$E:$E,0))),\"\",(INDEX(CTS!$F:$F,MATCH(E348,CTS!$E:$E,0))))","v":"CLIENT"},{"$f":"IF(ISNA(INDEX(CTS!$N:$N,MATCH(E348,CTS!$E:$E,0))),\"\",(INDEX(CTS!$N:$N,MATCH(E348,CTS!$E:$E,0))))","v":1578.1512605042017},{"$f":"IF(ISNA(INDEX(CTS!$O:$O,MATCH(E348,CTS!$E:$E,0))),\"\",(INDEX(CTS!$O:$O,MATCH(E348,CTS!$E:$E,0))))","v":0},{"$f":"IF(ISNA(INDEX(CTS!$P:$P,MATCH(E348,CTS!$E:$E,0))),\"\",(INDEX(CTS!$P:$P,MATCH(E348,CTS!$E:$E,0))))","v":0},{"$f":"IF(ISNA(INDEX(CTS!$Q:$Q,MATCH(E348,CTS!$E:$E,0))),\"\",(INDEX(CTS!$Q:$Q,MATCH(E348,CTS!$E:$E,0))))","v":1578.1512605042017},{"$f":"IF(ISNA(INDEX(CTS!$S:$S,MATCH(E348,CTS!$E:$E,0))),\"\",(INDEX(CTS!$S:$S,MATCH(E348,CTS!$E:$E,0))))","v":299.84873949579833},{"$f":"IF(ISNA(INDEX(CTS!$T:$T,MATCH(E348,CTS!$E:$E,0))),\"\",(INDEX(CTS!$T:$T,MATCH(E348,CTS!$E:$E,0))))","v":1878},{"$f":"IF(ISNA(INDEX(CTS!$U:$U,MATCH(E348,CTS!$E:$E,0))),\"\",(INDEX(CTS!$U:$U,MATCH(E348,CTS!$E:$E,0))))","v":-2},{"$f":"IF(ISNA(INDEX(CTS!$V:$V,MATCH(E348,CTS!$E:$E,0))),\"\",(INDEX(CTS!$V:$V,MATCH(E348,CTS!$E:$E,0))))","v":1880},{"$f":"IFERROR(INDEX(CTS!$A:$A,MATCH(E348,CTS!$E:$E,0)),\".\")","v":"P"},{"$f":"IFERROR(IFERROR(INDEX(#REF!,MATCH(E348,#REF!,0)),IFERROR(INDEX(#REF!,MATCH(E348,#REF!,0)),INDEX(#REF!,MATCH(E348,#REF!,0)) )),\".\")","v":"."},null,{"$f":"IFERROR(VLOOKUP(E348,#REF!,8,FALSE),IFERROR(VLOOKUP(E348,#REF!,8,FALSE),IFERROR(VLOOKUP(E348,#REF!,8,FALSE),\"\")))","v":""},".-."]
[344,{"$f":"IFERROR(DAY(CTR[[#This Row],[Date]]),\"\")","v":26},{"$f":"IFERROR(MONTH(CTR[[#This Row],[Date]]),\"\")","v":1},{"$f":"IF(ISNA(INDEX(CTS!C:C,MATCH(E349,CTS!$E:$E,0))),\"\",(INDEX(CTS!C:C,MATCH(E349,CTS!$E:$E,0))))","v":44222},"01-344",{"$f":"IF(ISNA(INDEX(CTS!$F:$F,MATCH(E349,CTS!$E:$E,0))),\"\",(INDEX(CTS!$F:$F,MATCH(E349,CTS!$E:$E,0))))","v":"CLIENT"},{"$f":"IF(ISNA(INDEX(CTS!$N:$N,MATCH(E349,CTS!$E:$E,0))),\"\",(INDEX(CTS!$N:$N,MATCH(E349,CTS!$E:$E,0))))","v":168.0672268907563},{"$f":"IF(ISNA(INDEX(CTS!$O:$O,MATCH(E349,CTS!$E:$E,0))),\"\",(INDEX(CTS!$O:$O,MATCH(E349,CTS!$E:$E,0))))","v":0},{"$f":"IF(ISNA(INDEX(CTS!$P:$P,MATCH(E349,CTS!$E:$E,0))),\"\",(INDEX(CTS!$P:$P,MATCH(E349,CTS!$E:$E,0))))","v":0},{"$f":"IF(ISNA(INDEX(CTS!$Q:$Q,MATCH(E349,CTS!$E:$E,0))),\"\",(INDEX(CTS!$Q:$Q,MATCH(E349,CTS!$E:$E,0))))","v":168.0672268907563},{"$f":"IF(ISNA(INDEX(CTS!$S:$S,MATCH(E349,CTS!$E:$E,0))),\"\",(INDEX(CTS!$S:$S,MATCH(E349,CTS!$E:$E,0))))","v":31.932773109243698},{"$f":"IF(ISNA(INDEX(CTS!$T:$T,MATCH(E349,CTS!$E:$E,0))),\"\",(INDEX(CTS!$T:$T,MATCH(E349,CTS!$E:$E,0))))","v":200},{"$f":"IF(ISNA(INDEX(CTS!$U:$U,MATCH(E349,CTS!$E:$E,0))),\"\",(INDEX(CTS!$U:$U,MATCH(E349,CTS!$E:$E,0))))","v":0},{"$f":"IF(ISNA(INDEX(CTS!$V:$V,MATCH(E349,CTS!$E:$E,0))),\"\",(INDEX(CTS!$V:$V,MATCH(E349,CTS!$E:$E,0))))","v":200},{"$f":"IFERROR(INDEX(CTS!$A:$A,MATCH(E349,CTS!$E:$E,0)),\".\")","v":"P"},{"$f":"IFERROR(IFERROR(INDEX(#REF!,MATCH(E349,#REF!,0)),IFERROR(INDEX(#REF!,MATCH(E349,#REF!,0)),INDEX(#REF!,MATCH(E349,#REF!,0)) )),\".\")","v":"."},null,{"$f":"IFERROR(VLOOKUP(E349,#REF!,8,FALSE),IFERROR(VLOOKUP(E349,#REF!,8,FALSE),IFERROR(VLOOKUP(E349,#REF!,8,FALSE),\"\")))","v":""},".-."]
[345,{"$f":"IFERROR(DAY(CTR[[#This Row],[Date]]),\"\")","v":26},{"$f":"IFERROR(MONTH(CTR[[#This Row],[Date]]),\"\")","v":1},{"$f":"IF(ISNA(INDEX(CTS!C:C,MATCH(E350,CTS!$E:$E,0))),\"\",(INDEX(CTS!C:C,MATCH(E350,CTS!$E:$E,0))))","v":44222},"01-345",{"$f":"IF(ISNA(INDEX(CTS!$F:$F,MATCH(E350,CTS!$E:$E,0))),\"\",(INDEX(CTS!$F:$F,MATCH(E350,CTS!$E:$E,0))))","v":"CLIENT"},{"$f":"IF(ISNA(INDEX(CTS!$N:$N,MATCH(E350,CTS!$E:$E,0))),\"\",(INDEX(CTS!$N:$N,MATCH(E350,CTS!$E:$E,0))))","v":1680.6722689075632},{"$f":"IF(ISNA(INDEX(CTS!$O:$O,MATCH(E350,CTS!$E:$E,0))),\"\",(INDEX(CTS!$O:$O,MATCH(E350,CTS!$E:$E,0))))","v":0},{"$f":"IF(ISNA(INDEX(CTS!$P:$P,MATCH(E350,CTS!$E:$E,0))),\"\",(INDEX(CTS!$P:$P,MATCH(E350,CTS!$E:$E,0))))","v":0},{"$f":"IF(ISNA(INDEX(CTS!$Q:$Q,MATCH(E350,CTS!$E:$E,0))),\"\",(INDEX(CTS!$Q:$Q,MATCH(E350,CTS!$E:$E,0))))","v":1680.6722689075632},{"$f":"IF(ISNA(INDEX(CTS!$S:$S,MATCH(E350,CTS!$E:$E,0))),\"\",(INDEX(CTS!$S:$S,MATCH(E350,CTS!$E:$E,0))))","v":319.32773109243703},{"$f":"IF(ISNA(INDEX(CTS!$T:$T,MATCH(E350,CTS!$E:$E,0))),\"\",(INDEX(CTS!$T:$T,MATCH(E350,CTS!$E:$E,0))))","v":2000.0000000000002},{"$f":"IF(ISNA(INDEX(CTS!$U:$U,MATCH(E350,CTS!$E:$E,0))),\"\",(INDEX(CTS!$U:$U,MATCH(E350,CTS!$E:$E,0))))","v":0},{"$f":"IF(ISNA(INDEX(CTS!$V:$V,MATCH(E350,CTS!$E:$E,0))),\"\",(INDEX(CTS!$V:$V,MATCH(E350,CTS!$E:$E,0))))","v":2000.0000000000002},{"$f":"IFERROR(INDEX(CTS!$A:$A,MATCH(E350,CTS!$E:$E,0)),\".\")","v":"P"},{"$f":"IFERROR(IFERROR(INDEX(#REF!,MATCH(E350,#REF!,0)),IFERROR(INDEX(#REF!,MATCH(E350,#REF!,0)),INDEX(#REF!,MATCH(E350,#REF!,0)) )),\".\")","v":"."},null,{"$f":"IFERROR(VLOOKUP(E350,#REF!,8,FALSE),IFERROR(VLOOKUP(E350,#REF!,8,FALSE),IFERROR(VLOOKUP(E350,#REF!,8,FALSE),\"\")))","v":""},".-."]
[346,{"$f":"IFERROR(DAY(CTR[[#This Row],[Date]]),\"\")","v":26},{"$f":"IFERROR(MONTH(CTR[[#This Row],[Date]]),\"\")","v":1},{"$f":"IF(ISNA(INDEX(CTS!C:C,MATCH(E351,CTS!$E:$E,0))),\"\",(INDEX(CTS!C:C,MATCH(E351,CTS!$E:$E,0))))","v":44222},"01-346",{"$f":"IF(ISNA(INDEX(CTS!$F:$F,MATCH(E351,CTS!$E:$E,0))),\"\",(INDEX(CTS!$F:$F,MATCH(E351,CTS!$E:$E,0))))","v":"CLIENT"},{"$f":"IF(ISNA(INDEX(CTS!$N:$N,MATCH(E351,CTS!$E:$E,0))),\"\",(INDEX(CTS!$N:$N,MATCH(E351,CTS!$E:$E,0))))","v":696.63865546218494},{"$f":"IF(ISNA(INDEX(CTS!$O:$O,MATCH(E351,CTS!$E:$E,0))),\"\",(INDEX(CTS!$O:$O,MATCH(E351,CTS!$E:$E,0))))","v":0},{"$f":"IF(ISNA(INDEX(CTS!$P:$P,MATCH(E351,CTS!$E:$E,0))),\"\",(INDEX(CTS!$P:$P,MATCH(E351,CTS!$E:$E,0))))","v":0},{"$f":"IF(ISNA(INDEX(CTS!$Q:$Q,MATCH(E351,CTS!$E:$E,0))),\"\",(INDEX(CTS!$Q:$Q,MATCH(E351,CTS!$E:$E,0))))","v":696.63865546218494},{"$f":"IF(ISNA(INDEX(CTS!$S:$S,MATCH(E351,CTS!$E:$E,0))),\"\",(INDEX(CTS!$S:$S,MATCH(E351,CTS!$E:$E,0))))","v":132.36134453781514},{"$f":"IF(ISNA(INDEX(CTS!$T:$T,MATCH(E351,CTS!$E:$E,0))),\"\",(INDEX(CTS!$T:$T,MATCH(E351,CTS!$E:$E,0))))","v":829.00000000000011},{"$f":"IF(ISNA(INDEX(CTS!$U:$U,MATCH(E351,CTS!$E:$E,0))),\"\",(INDEX(CTS!$U:$U,MATCH(E351,CTS!$E:$E,0))))","v":-1},{"$f":"IF(ISNA(INDEX(CTS!$V:$V,MATCH(E351,CTS!$E:$E,0))),\"\",(INDEX(CTS!$V:$V,MATCH(E351,CTS!$E:$E,0))))","v":830.00000000000011},{"$f":"IFERROR(INDEX(CTS!$A:$A,MATCH(E351,CTS!$E:$E,0)),\".\")","v":"P"},{"$f":"IFERROR(IFERROR(INDEX(#REF!,MATCH(E351,#REF!,0)),IFERROR(INDEX(#REF!,MATCH(E351,#REF!,0)),INDEX(#REF!,MATCH(E351,#REF!,0)) )),\".\")","v":"."},null,{"$f":"IFERROR(VLOOKUP(E351,#REF!,8,FALSE),IFERROR(VLOOKUP(E351,#REF!,8,FALSE),IFERROR(VLOOKUP(E351,#REF!,8,FALSE),\"\")))","v":""},".-."]
[347,{"$f":"IFERROR(DAY(CTR[[#This Row],[Date]]),\"\")","v":26},{"$f":"IFERROR(MONTH(CTR[[#This Row],[Date]]),\"\")","v":1},{"$f":"IF(ISNA(INDEX(CTS!C:C,MATCH(E352,CTS!$E:$E,0))),\"\",(INDEX(CTS!C:C,MATCH(E352,CTS!$E:$E,0))))","v":44222},"01-347",{"$f":"IF(ISNA(INDEX(CTS!$F:$F,MATCH(E352,CTS!$E:$E,0))),\"\",(INDEX(CTS!$F:$F,MATCH(E352,CTS!$E:$E,0))))","v":"CLIENT"},{"$f":"IF(ISNA(INDEX(CTS!$N:$N,MATCH(E352,CTS!$E:$E,0))),\"\",(INDEX(CTS!$N:$N,MATCH(E352,CTS!$E:$E,0))))","v":336.1344537815126},{"$f":"IF(ISNA(INDEX(CTS!$O:$O,MATCH(E352,CTS!$E:$E,0))),\"\",(INDEX(CTS!$O:$O,MATCH(E352,CTS!$E:$E,0))))","v":0},{"$f":"IF(ISNA(INDEX(CTS!$P:$P,MATCH(E352,CTS!$E:$E,0))),\"\",(INDEX(CTS!$P:$P,MATCH(E352,CTS!$E:$E,0))))","v":0},{"$f":"IF(ISNA(INDEX(CTS!$Q:$Q,MATCH(E352,CTS!$E:$E,0))),\"\",(INDEX(CTS!$Q:$Q,MATCH(E352,CTS!$E:$E,0))))","v":336.1344537815126},{"$f":"IF(ISNA(INDEX(CTS!$S:$S,MATCH(E352,CTS!$E:$E,0))),\"\",(INDEX(CTS!$S:$S,MATCH(E352,CTS!$E:$E,0))))","v":63.865546218487395},{"$f":"IF(ISNA(INDEX(CTS!$T:$T,MATCH(E352,CTS!$E:$E,0))),\"\",(INDEX(CTS!$T:$T,MATCH(E352,CTS!$E:$E,0))))","v":400},{"$f":"IF(ISNA(INDEX(CTS!$U:$U,MATCH(E352,CTS!$E:$E,0))),\"\",(INDEX(CTS!$U:$U,MATCH(E352,CTS!$E:$E,0))))","v":0},{"$f":"IF(ISNA(INDEX(CTS!$V:$V,MATCH(E352,CTS!$E:$E,0))),\"\",(INDEX(CTS!$V:$V,MATCH(E352,CTS!$E:$E,0))))","v":400},{"$f":"IFERROR(INDEX(CTS!$A:$A,MATCH(E352,CTS!$E:$E,0)),\".\")","v":"P"},{"$f":"IFERROR(IFERROR(INDEX(#REF!,MATCH(E352,#REF!,0)),IFERROR(INDEX(#REF!,MATCH(E352,#REF!,0)),INDEX(#REF!,MATCH(E352,#REF!,0)) )),\".\")","v":"."},null,{"$f":"IFERROR(VLOOKUP(E352,#REF!,8,FALSE),IFERROR(VLOOKUP(E352,#REF!,8,FALSE),IFERROR(VLOOKUP(E352,#REF!,8,FALSE),\"\")))","v":""},".-."]
[348,{"$f":"IFERROR(DAY(CTR[[#This Row],[Date]]),\"\")","v":26},{"$f":"IFERROR(MONTH(CTR[[#This Row],[Date]]),\"\")","v":1},{"$f":"IF(ISNA(INDEX(CTS!C:C,MATCH(E353,CTS!$E:$E,0))),\"\",(INDEX(CTS!C:C,MATCH(E353,CTS!$E:$E,0))))","v":44222},"01-348",{"$f":"IF(ISNA(INDEX(CTS!$F:$F,MATCH(E353,CTS!$E:$E,0))),\"\",(INDEX(CTS!$F:$F,MATCH(E353,CTS!$E:$E,0))))","v":"LARSEN & TOUBRO LTD"},{"$f":"IF(ISNA(INDEX(CTS!$N:$N,MATCH(E353,CTS!$E:$E,0))),\"\",(INDEX(CTS!$N:$N,MATCH(E353,CTS!$E:$E,0))))","v":1209.6000000000001},{"$f":"IF(ISNA(INDEX(CTS!$O:$O,MATCH(E353,CTS!$E:$E,0))),\"\",(INDEX(CTS!$O:$O,MATCH(E353,CTS!$E:$E,0))))","v":0},{"$f":"IF(ISNA(INDEX(CTS!$P:$P,MATCH(E353,CTS!$E:$E,0))),\"\",(INDEX(CTS!$P:$P,MATCH(E353,CTS!$E:$E,0))))","v":0},{"$f":"IF(ISNA(INDEX(CTS!$Q:$Q,MATCH(E353,CTS!$E:$E,0))),\"\",(INDEX(CTS!$Q:$Q,MATCH(E353,CTS!$E:$E,0))))","v":1209.6000000000001},{"$f":"IF(ISNA(INDEX(CTS!$S:$S,MATCH(E353,CTS!$E:$E,0))),\"\",(INDEX(CTS!$S:$S,MATCH(E353,CTS!$E:$E,0))))","v":229.82400000000004},{"$f":"IF(ISNA(INDEX(CTS!$T:$T,MATCH(E353,CTS!$E:$E,0))),\"\",(INDEX(CTS!$T:$T,MATCH(E353,CTS!$E:$E,0))))","v":1439.4240000000002},{"$f":"IF(ISNA(INDEX(CTS!$U:$U,MATCH(E353,CTS!$E:$E,0))),\"\",(INDEX(CTS!$U:$U,MATCH(E353,CTS!$E:$E,0))))","v":-0.57999999999992724},{"$f":"IF(ISNA(INDEX(CTS!$V:$V,MATCH(E353,CTS!$E:$E,0))),\"\",(INDEX(CTS!$V:$V,MATCH(E353,CTS!$E:$E,0))))","v":1440.0040000000001},{"$f":"IFERROR(INDEX(CTS!$A:$A,MATCH(E353,CTS!$E:$E,0)),\".\")","v":"F"},{"$f":"IFERROR(IFERROR(INDEX(#REF!,MATCH(E353,#REF!,0)),IFERROR(INDEX(#REF!,MATCH(E353,#REF!,0)),INDEX(#REF!,MATCH(E353,#REF!,0)) )),\".\")","v":"."},null,{"$f":"IFERROR(VLOOKUP(E353,#REF!,8,FALSE),IFERROR(VLOOKUP(E353,#REF!,8,FALSE),IFERROR(VLOOKUP(E353,#REF!,8,FALSE),\"\")))","v":""},".-."]
[349,{"$f":"IFERROR(DAY(CTR[[#This Row],[Date]]),\"\")","v":26},{"$f":"IFERROR(MONTH(CTR[[#This Row],[Date]]),\"\")","v":1},{"$f":"IF(ISNA(INDEX(CTS!C:C,MATCH(E354,CTS!$E:$E,0))),\"\",(INDEX(CTS!C:C,MATCH(E354,CTS!$E:$E,0))))","v":44222},"01-349",{"$f":"IF(ISNA(INDEX(CTS!$F:$F,MATCH(E354,CTS!$E:$E,0))),\"\",(INDEX(CTS!$F:$F,MATCH(E354,CTS!$E:$E,0))))","v":"CLIENT"},{"$f":"IF(ISNA(INDEX(CTS!$N:$N,MATCH(E354,CTS!$E:$E,0))),\"\",(INDEX(CTS!$N:$N,MATCH(E354,CTS!$E:$E,0))))","v":151.26050420168067},{"$f":"IF(ISNA(INDEX(CTS!$O:$O,MATCH(E354,CTS!$E:$E,0))),\"\",(INDEX(CTS!$O:$O,MATCH(E354,CTS!$E:$E,0))))","v":0},{"$f":"IF(ISNA(INDEX(CTS!$P:$P,MATCH(E354,CTS!$E:$E,0))),\"\",(INDEX(CTS!$P:$P,MATCH(E354,CTS!$E:$E,0))))","v":0},{"$f":"IF(ISNA(INDEX(CTS!$Q:$Q,MATCH(E354,CTS!$E:$E,0))),\"\",(INDEX(CTS!$Q:$Q,MATCH(E354,CTS!$E:$E,0))))","v":151.26050420168067},{"$f":"IF(ISNA(INDEX(CTS!$S:$S,MATCH(E354,CTS!$E:$E,0))),\"\",(INDEX(CTS!$S:$S,MATCH(E354,CTS!$E:$E,0))))","v":28.739495798319329},{"$f":"IF(ISNA(INDEX(CTS!$T:$T,MATCH(E354,CTS!$E:$E,0))),\"\",(INDEX(CTS!$T:$T,MATCH(E354,CTS!$E:$E,0))))","v":180},{"$f":"IF(ISNA(INDEX(CTS!$U:$U,MATCH(E354,CTS!$E:$E,0))),\"\",(INDEX(CTS!$U:$U,MATCH(E354,CTS!$E:$E,0))))","v":0},{"$f":"IF(ISNA(INDEX(CTS!$V:$V,MATCH(E354,CTS!$E:$E,0))),\"\",(INDEX(CTS!$V:$V,MATCH(E354,CTS!$E:$E,0))))","v":180},{"$f":"IFERROR(INDEX(CTS!$A:$A,MATCH(E354,CTS!$E:$E,0)),\".\")","v":"P"},{"$f":"IFERROR(IFERROR(INDEX(#REF!,MATCH(E354,#REF!,0)),IFERROR(INDEX(#REF!,MATCH(E354,#REF!,0)),INDEX(#REF!,MATCH(E354,#REF!,0)) )),\".\")","v":"."},null,{"$f":"IFERROR(VLOOKUP(E354,#REF!,8,FALSE),IFERROR(VLOOKUP(E354,#REF!,8,FALSE),IFERROR(VLOOKUP(E354,#REF!,8,FALSE),\"\")))","v":""},".-."]
[350,{"$f":"IFERROR(DAY(CTR[[#This Row],[Date]]),\"\")","v":26},{"$f":"IFERROR(MONTH(CTR[[#This Row],[Date]]),\"\")","v":1},{"$f":"IF(ISNA(INDEX(CTS!C:C,MATCH(E355,CTS!$E:$E,0))),\"\",(INDEX(CTS!C:C,MATCH(E355,CTS!$E:$E,0))))","v":44222},"01-350",{"$f":"IF(ISNA(INDEX(CTS!$F:$F,MATCH(E355,CTS!$E:$E,0))),\"\",(INDEX(CTS!$F:$F,MATCH(E355,CTS!$E:$E,0))))","v":"CLIENT"},{"$f":"IF(ISNA(INDEX(CTS!$N:$N,MATCH(E355,CTS!$E:$E,0))),\"\",(INDEX(CTS!$N:$N,MATCH(E355,CTS!$E:$E,0))))","v":336.1344537815126},{"$f":"IF(ISNA(INDEX(CTS!$O:$O,MATCH(E355,CTS!$E:$E,0))),\"\",(INDEX(CTS!$O:$O,MATCH(E355,CTS!$E:$E,0))))","v":0},{"$f":"IF(ISNA(INDEX(CTS!$P:$P,MATCH(E355,CTS!$E:$E,0))),\"\",(INDEX(CTS!$P:$P,MATCH(E355,CTS!$E:$E,0))))","v":0},{"$f":"IF(ISNA(INDEX(CTS!$Q:$Q,MATCH(E355,CTS!$E:$E,0))),\"\",(INDEX(CTS!$Q:$Q,MATCH(E355,CTS!$E:$E,0))))","v":336.1344537815126},{"$f":"IF(ISNA(INDEX(CTS!$S:$S,MATCH(E355,CTS!$E:$E,0))),\"\",(INDEX(CTS!$S:$S,MATCH(E355,CTS!$E:$E,0))))","v":63.865546218487395},{"$f":"IF(ISNA(INDEX(CTS!$T:$T,MATCH(E355,CTS!$E:$E,0))),\"\",(INDEX(CTS!$T:$T,MATCH(E355,CTS!$E:$E,0))))","v":400},{"$f":"IF(ISNA(INDEX(CTS!$U:$U,MATCH(E355,CTS!$E:$E,0))),\"\",(INDEX(CTS!$U:$U,MATCH(E355,CTS!$E:$E,0))))","v":0},{"$f":"IF(ISNA(INDEX(CTS!$V:$V,MATCH(E355,CTS!$E:$E,0))),\"\",(INDEX(CTS!$V:$V,MATCH(E355,CTS!$E:$E,0))))","v":400},{"$f":"IFERROR(INDEX(CTS!$A:$A,MATCH(E355,CTS!$E:$E,0)),\".\")","v":"P"},{"$f":"IFERROR(IFERROR(INDEX(#REF!,MATCH(E355,#REF!,0)),IFERROR(INDEX(#REF!,MATCH(E355,#REF!,0)),INDEX(#REF!,MATCH(E355,#REF!,0)) )),\".\")","v":"."},null,{"$f":"IFERROR(VLOOKUP(E355,#REF!,8,FALSE),IFERROR(VLOOKUP(E355,#REF!,8,FALSE),IFERROR(VLOOKUP(E355,#REF!,8,FALSE),\"\")))","v":""},".-."]
[351,{"$f":"IFERROR(DAY(CTR[[#This Row],[Date]]),\"\")","v":26},{"$f":"IFERROR(MONTH(CTR[[#This Row],[Date]]),\"\")","v":1},{"$f":"IF(ISNA(INDEX(CTS!C:C,MATCH(E356,CTS!$E:$E,0))),\"\",(INDEX(CTS!C:C,MATCH(E356,CTS!$E:$E,0))))","v":44222},"01-351",{"$f":"IF(ISNA(INDEX(CTS!$F:$F,MATCH(E356,CTS!$E:$E,0))),\"\",(INDEX(CTS!$F:$F,MATCH(E356,CTS!$E:$E,0))))","v":"SUN"},{"$f":"IF(ISNA(INDEX(CTS!$N:$N,MATCH(E356,CTS!$E:$E,0))),\"\",(INDEX(CTS!$N:$N,MATCH(E356,CTS!$E:$E,0))))","v":54806.722689075643},{"$f":"IF(ISNA(INDEX(CTS!$O:$O,MATCH(E356,CTS!$E:$E,0))),\"\",(INDEX(CTS!$O:$O,MATCH(E356,CTS!$E:$E,0))))","v":0.16007359705611773},{"$f":"IF(ISNA(INDEX(CTS!$P:$P,MATCH(E356,CTS!$E:$E,0))),\"\",(INDEX(CTS!$P:$P,MATCH(E356,CTS!$E:$E,0))))","v":8773.1092436974795},{"$f":"IF(ISNA(INDEX(CTS!$Q:$Q,MATCH(E356,CTS!$E:$E,0))),\"\",(INDEX(CTS!$Q:$Q,MATCH(E356,CTS!$E:$E,0))))","v":46033.613445378163},{"$f":"IF(ISNA(INDEX(CTS!$S:$S,MATCH(E356,CTS!$E:$E,0))),\"\",(INDEX(CTS!$S:$S,MATCH(E356,CTS!$E:$E,0))))","v":8746.3865546218512},{"$f":"IF(ISNA(INDEX(CTS!$T:$T,MATCH(E356,CTS!$E:$E,0))),\"\",(INDEX(CTS!$T:$T,MATCH(E356,CTS!$E:$E,0))))","v":54780.000000000015},{"$f":"IF(ISNA(INDEX(CTS!$U:$U,MATCH(E356,CTS!$E:$E,0))),\"\",(INDEX(CTS!$U:$U,MATCH(E356,CTS!$E:$E,0))))","v":1.4551915228366852E-11},{"$f":"IF(ISNA(INDEX(CTS!$V:$V,MATCH(E356,CTS!$E:$E,0))),\"\",(INDEX(CTS!$V:$V,MATCH(E356,CTS!$E:$E,0))))","v":54780},{"$f":"IFERROR(INDEX(CTS!$A:$A,MATCH(E356,CTS!$E:$E,0)),\".\")","v":"P"},{"$f":"IFERROR(IFERROR(INDEX(#REF!,MATCH(E356,#REF!,0)),IFERROR(INDEX(#REF!,MATCH(E356,#REF!,0)),INDEX(#REF!,MATCH(E356,#REF!,0)) )),\".\")","v":"."},null,{"$f":"IFERROR(VLOOKUP(E356,#REF!,8,FALSE),IFERROR(VLOOKUP(E356,#REF!,8,FALSE),IFERROR(VLOOKUP(E356,#REF!,8,FALSE),\"\")))","v":""},".-."]
[352,{"$f":"IFERROR(DAY(CTR[[#This Row],[Date]]),\"\")","v":27},{"$f":"IFERROR(MONTH(CTR[[#This Row],[Date]]),\"\")","v":1},{"$f":"IF(ISNA(INDEX(CTS!C:C,MATCH(E357,CTS!$E:$E,0))),\"\",(INDEX(CTS!C:C,MATCH(E357,CTS!$E:$E,0))))","v":44223},"01-352",{"$f":"IF(ISNA(INDEX(CTS!$F:$F,MATCH(E357,CTS!$E:$E,0))),\"\",(INDEX(CTS!$F:$F,MATCH(E357,CTS!$E:$E,0))))","v":"CLIENT"},{"$f":"IF(ISNA(INDEX(CTS!$N:$N,MATCH(E357,CTS!$E:$E,0))),\"\",(INDEX(CTS!$N:$N,MATCH(E357,CTS!$E:$E,0))))","v":4621.8487394957983},{"$f":"IF(ISNA(INDEX(CTS!$O:$O,MATCH(E357,CTS!$E:$E,0))),\"\",(INDEX(CTS!$O:$O,MATCH(E357,CTS!$E:$E,0))))","v":0},{"$f":"IF(ISNA(INDEX(CTS!$P:$P,MATCH(E357,CTS!$E:$E,0))),\"\",(INDEX(CTS!$P:$P,MATCH(E357,CTS!$E:$E,0))))","v":0},{"$f":"IF(ISNA(INDEX(CTS!$Q:$Q,MATCH(E357,CTS!$E:$E,0))),\"\",(INDEX(CTS!$Q:$Q,MATCH(E357,CTS!$E:$E,0))))","v":4621.8487394957983},{"$f":"IF(ISNA(INDEX(CTS!$S:$S,MATCH(E357,CTS!$E:$E,0))),\"\",(INDEX(CTS!$S:$S,MATCH(E357,CTS!$E:$E,0))))","v":878.15126050420167},{"$f":"IF(ISNA(INDEX(CTS!$T:$T,MATCH(E357,CTS!$E:$E,0))),\"\",(INDEX(CTS!$T:$T,MATCH(E357,CTS!$E:$E,0))))","v":5500},{"$f":"IF(ISNA(INDEX(CTS!$U:$U,MATCH(E357,CTS!$E:$E,0))),\"\",(INDEX(CTS!$U:$U,MATCH(E357,CTS!$E:$E,0))))","v":0},{"$f":"IF(ISNA(INDEX(CTS!$V:$V,MATCH(E357,CTS!$E:$E,0))),\"\",(INDEX(CTS!$V:$V,MATCH(E357,CTS!$E:$E,0))))","v":5500},{"$f":"IFERROR(INDEX(CTS!$A:$A,MATCH(E357,CTS!$E:$E,0)),\".\")","v":"P"},{"$f":"IFERROR(IFERROR(INDEX(#REF!,MATCH(E357,#REF!,0)),IFERROR(INDEX(#REF!,MATCH(E357,#REF!,0)),INDEX(#REF!,MATCH(E357,#REF!,0)) )),\".\")","v":"."},null,{"$f":"IFERROR(VLOOKUP(E357,#REF!,8,FALSE),IFERROR(VLOOKUP(E357,#REF!,8,FALSE),IFERROR(VLOOKUP(E357,#REF!,8,FALSE),\"\")))","v":""},".-."]
[353,{"$f":"IFERROR(DAY(CTR[[#This Row],[Date]]),\"\")","v":27},{"$f":"IFERROR(MONTH(CTR[[#This Row],[Date]]),\"\")","v":1},{"$f":"IF(ISNA(INDEX(CTS!C:C,MATCH(E358,CTS!$E:$E,0))),\"\",(INDEX(CTS!C:C,MATCH(E358,CTS!$E:$E,0))))","v":44223},"01-353",{"$f":"IF(ISNA(INDEX(CTS!$F:$F,MATCH(E358,CTS!$E:$E,0))),\"\",(INDEX(CTS!$F:$F,MATCH(E358,CTS!$E:$E,0))))","v":"CLIENT"},{"$f":"IF(ISNA(INDEX(CTS!$N:$N,MATCH(E358,CTS!$E:$E,0))),\"\",(INDEX(CTS!$N:$N,MATCH(E358,CTS!$E:$E,0))))","v":272.26890756302527},{"$f":"IF(ISNA(INDEX(CTS!$O:$O,MATCH(E358,CTS!$E:$E,0))),\"\",(INDEX(CTS!$O:$O,MATCH(E358,CTS!$E:$E,0))))","v":0},{"$f":"IF(ISNA(INDEX(CTS!$P:$P,MATCH(E358,CTS!$E:$E,0))),\"\",(INDEX(CTS!$P:$P,MATCH(E358,CTS!$E:$E,0))))","v":0},{"$f":"IF(ISNA(INDEX(CTS!$Q:$Q,MATCH(E358,CTS!$E:$E,0))),\"\",(INDEX(CTS!$Q:$Q,MATCH(E358,CTS!$E:$E,0))))","v":272.26890756302527},{"$f":"IF(ISNA(INDEX(CTS!$S:$S,MATCH(E358,CTS!$E:$E,0))),\"\",(INDEX(CTS!$S:$S,MATCH(E358,CTS!$E:$E,0))))","v":51.731092436974798},{"$f":"IF(ISNA(INDEX(CTS!$T:$T,MATCH(E358,CTS!$E:$E,0))),\"\",(INDEX(CTS!$T:$T,MATCH(E358,CTS!$E:$E,0))))","v":324.00000000000006},{"$f":"IF(ISNA(INDEX(CTS!$U:$U,MATCH(E358,CTS!$E:$E,0))),\"\",(INDEX(CTS!$U:$U,MATCH(E358,CTS!$E:$E,0))))","v":4},{"$f":"IF(ISNA(INDEX(CTS!$V:$V,MATCH(E358,CTS!$E:$E,0))),\"\",(INDEX(CTS!$V:$V,MATCH(E358,CTS!$E:$E,0))))","v":320.00000000000006},{"$f":"IFERROR(INDEX(CTS!$A:$A,MATCH(E358,CTS!$E:$E,0)),\".\")","v":"P"},{"$f":"IFERROR(IFERROR(INDEX(#REF!,MATCH(E358,#REF!,0)),IFERROR(INDEX(#REF!,MATCH(E358,#REF!,0)),INDEX(#REF!,MATCH(E358,#REF!,0)) )),\".\")","v":"."},null,{"$f":"IFERROR(VLOOKUP(E358,#REF!,8,FALSE),IFERROR(VLOOKUP(E358,#REF!,8,FALSE),IFERROR(VLOOKUP(E358,#REF!,8,FALSE),\"\")))","v":""},".-."]
[354,{"$f":"IFERROR(DAY(CTR[[#This Row],[Date]]),\"\")","v":27},{"$f":"IFERROR(MONTH(CTR[[#This Row],[Date]]),\"\")","v":1},{"$f":"IF(ISNA(INDEX(CTS!C:C,MATCH(E359,CTS!$E:$E,0))),\"\",(INDEX(CTS!C:C,MATCH(E359,CTS!$E:$E,0))))","v":44223},"01-354",{"$f":"IF(ISNA(INDEX(CTS!$F:$F,MATCH(E359,CTS!$E:$E,0))),\"\",(INDEX(CTS!$F:$F,MATCH(E359,CTS!$E:$E,0))))","v":"CLIENT"},{"$f":"IF(ISNA(INDEX(CTS!$N:$N,MATCH(E359,CTS!$E:$E,0))),\"\",(INDEX(CTS!$N:$N,MATCH(E359,CTS!$E:$E,0))))","v":84.033613445378151},{"$f":"IF(ISNA(INDEX(CTS!$O:$O,MATCH(E359,CTS!$E:$E,0))),\"\",(INDEX(CTS!$O:$O,MATCH(E359,CTS!$E:$E,0))))","v":0},{"$f":"IF(ISNA(INDEX(CTS!$P:$P,MATCH(E359,CTS!$E:$E,0))),\"\",(INDEX(CTS!$P:$P,MATCH(E359,CTS!$E:$E,0))))","v":0},{"$f":"IF(ISNA(INDEX(CTS!$Q:$Q,MATCH(E359,CTS!$E:$E,0))),\"\",(INDEX(CTS!$Q:$Q,MATCH(E359,CTS!$E:$E,0))))","v":84.033613445378151},{"$f":"IF(ISNA(INDEX(CTS!$S:$S,MATCH(E359,CTS!$E:$E,0))),\"\",(INDEX(CTS!$S:$S,MATCH(E359,CTS!$E:$E,0))))","v":15.966386554621849},{"$f":"IF(ISNA(INDEX(CTS!$T:$T,MATCH(E359,CTS!$E:$E,0))),\"\",(INDEX(CTS!$T:$T,MATCH(E359,CTS!$E:$E,0))))","v":100},{"$f":"IF(ISNA(INDEX(CTS!$U:$U,MATCH(E359,CTS!$E:$E,0))),\"\",(INDEX(CTS!$U:$U,MATCH(E359,CTS!$E:$E,0))))","v":0},{"$f":"IF(ISNA(INDEX(CTS!$V:$V,MATCH(E359,CTS!$E:$E,0))),\"\",(INDEX(CTS!$V:$V,MATCH(E359,CTS!$E:$E,0))))","v":100},{"$f":"IFERROR(INDEX(CTS!$A:$A,MATCH(E359,CTS!$E:$E,0)),\".\")","v":"P"},{"$f":"IFERROR(IFERROR(INDEX(#REF!,MATCH(E359,#REF!,0)),IFERROR(INDEX(#REF!,MATCH(E359,#REF!,0)),INDEX(#REF!,MATCH(E359,#REF!,0)) )),\".\")","v":"."},null,{"$f":"IFERROR(VLOOKUP(E359,#REF!,8,FALSE),IFERROR(VLOOKUP(E359,#REF!,8,FALSE),IFERROR(VLOOKUP(E359,#REF!,8,FALSE),\"\")))","v":""},".-."]
[355,{"$f":"IFERROR(DAY(CTR[[#This Row],[Date]]),\"\")","v":27},{"$f":"IFERROR(MONTH(CTR[[#This Row],[Date]]),\"\")","v":1},{"$f":"IF(ISNA(INDEX(CTS!C:C,MATCH(E360,CTS!$E:$E,0))),\"\",(INDEX(CTS!C:C,MATCH(E360,CTS!$E:$E,0))))","v":44223},"01-355",{"$f":"IF(ISNA(INDEX(CTS!$F:$F,MATCH(E360,CTS!$E:$E,0))),\"\",(INDEX(CTS!$F:$F,MATCH(E360,CTS!$E:$E,0))))","v":"CLIENT"},{"$f":"IF(ISNA(INDEX(CTS!$N:$N,MATCH(E360,CTS!$E:$E,0))),\"\",(INDEX(CTS!$N:$N,MATCH(E360,CTS!$E:$E,0))))","v":284.03361344537819},{"$f":"IF(ISNA(INDEX(CTS!$O:$O,MATCH(E360,CTS!$E:$E,0))),\"\",(INDEX(CTS!$O:$O,MATCH(E360,CTS!$E:$E,0))))","v":0},{"$f":"IF(ISNA(INDEX(CTS!$P:$P,MATCH(E360,CTS!$E:$E,0))),\"\",(INDEX(CTS!$P:$P,MATCH(E360,CTS!$E:$E,0))))","v":0},{"$f":"IF(ISNA(INDEX(CTS!$Q:$Q,MATCH(E360,CTS!$E:$E,0))),\"\",(INDEX(CTS!$Q:$Q,MATCH(E360,CTS!$E:$E,0))))","v":284.03361344537819},{"$f":"IF(ISNA(INDEX(CTS!$S:$S,MATCH(E360,CTS!$E:$E,0))),\"\",(INDEX(CTS!$S:$S,MATCH(E360,CTS!$E:$E,0))))","v":53.966386554621856},{"$f":"IF(ISNA(INDEX(CTS!$T:$T,MATCH(E360,CTS!$E:$E,0))),\"\",(INDEX(CTS!$T:$T,MATCH(E360,CTS!$E:$E,0))))","v":338.00000000000006},{"$f":"IF(ISNA(INDEX(CTS!$U:$U,MATCH(E360,CTS!$E:$E,0))),\"\",(INDEX(CTS!$U:$U,MATCH(E360,CTS!$E:$E,0))))","v":-2},{"$f":"IF(ISNA(INDEX(CTS!$V:$V,MATCH(E360,CTS!$E:$E,0))),\"\",(INDEX(CTS!$V:$V,MATCH(E360,CTS!$E:$E,0))))","v":340.00000000000006},{"$f":"IFERROR(INDEX(CTS!$A:$A,MATCH(E360,CTS!$E:$E,0)),\".\")","v":"P"},{"$f":"IFERROR(IFERROR(INDEX(#REF!,MATCH(E360,#REF!,0)),IFERROR(INDEX(#REF!,MATCH(E360,#REF!,0)),INDEX(#REF!,MATCH(E360,#REF!,0)) )),\".\")","v":"."},null,{"$f":"IFERROR(VLOOKUP(E360,#REF!,8,FALSE),IFERROR(VLOOKUP(E360,#REF!,8,FALSE),IFERROR(VLOOKUP(E360,#REF!,8,FALSE),\"\")))","v":""},".-."]
[356,{"$f":"IFERROR(DAY(CTR[[#This Row],[Date]]),\"\")","v":27},{"$f":"IFERROR(MONTH(CTR[[#This Row],[Date]]),\"\")","v":1},{"$f":"IF(ISNA(INDEX(CTS!C:C,MATCH(E361,CTS!$E:$E,0))),\"\",(INDEX(CTS!C:C,MATCH(E361,CTS!$E:$E,0))))","v":44223},"01-356",{"$f":"IF(ISNA(INDEX(CTS!$F:$F,MATCH(E361,CTS!$E:$E,0))),\"\",(INDEX(CTS!$F:$F,MATCH(E361,CTS!$E:$E,0))))","v":"CLIENT"},{"$f":"IF(ISNA(INDEX(CTS!$N:$N,MATCH(E361,CTS!$E:$E,0))),\"\",(INDEX(CTS!$N:$N,MATCH(E361,CTS!$E:$E,0))))","v":110.92436974789918},{"$f":"IF(ISNA(INDEX(CTS!$O:$O,MATCH(E361,CTS!$E:$E,0))),\"\",(INDEX(CTS!$O:$O,MATCH(E361,CTS!$E:$E,0))))","v":0},{"$f":"IF(ISNA(INDEX(CTS!$P:$P,MATCH(E361,CTS!$E:$E,0))),\"\",(INDEX(CTS!$P:$P,MATCH(E361,CTS!$E:$E,0))))","v":0},{"$f":"IF(ISNA(INDEX(CTS!$Q:$Q,MATCH(E361,CTS!$E:$E,0))),\"\",(INDEX(CTS!$Q:$Q,MATCH(E361,CTS!$E:$E,0))))","v":110.92436974789918},{"$f":"IF(ISNA(INDEX(CTS!$S:$S,MATCH(E361,CTS!$E:$E,0))),\"\",(INDEX(CTS!$S:$S,MATCH(E361,CTS!$E:$E,0))))","v":21.075630252100844},{"$f":"IF(ISNA(INDEX(CTS!$T:$T,MATCH(E361,CTS!$E:$E,0))),\"\",(INDEX(CTS!$T:$T,MATCH(E361,CTS!$E:$E,0))))","v":132.00000000000003},{"$f":"IF(ISNA(INDEX(CTS!$U:$U,MATCH(E361,CTS!$E:$E,0))),\"\",(INDEX(CTS!$U:$U,MATCH(E361,CTS!$E:$E,0))))","v":2},{"$f":"IF(ISNA(INDEX(CTS!$V:$V,MATCH(E361,CTS!$E:$E,0))),\"\",(INDEX(CTS!$V:$V,MATCH(E361,CTS!$E:$E,0))))","v":130.00000000000003},{"$f":"IFERROR(INDEX(CTS!$A:$A,MATCH(E361,CTS!$E:$E,0)),\".\")","v":"P"},{"$f":"IFERROR(IFERROR(INDEX(#REF!,MATCH(E361,#REF!,0)),IFERROR(INDEX(#REF!,MATCH(E361,#REF!,0)),INDEX(#REF!,MATCH(E361,#REF!,0)) )),\".\")","v":"."},null,{"$f":"IFERROR(VLOOKUP(E361,#REF!,8,FALSE),IFERROR(VLOOKUP(E361,#REF!,8,FALSE),IFERROR(VLOOKUP(E361,#REF!,8,FALSE),\"\")))","v":""},".-."]
[357,{"$f":"IFERROR(DAY(CTR[[#This Row],[Date]]),\"\")","v":27},{"$f":"IFERROR(MONTH(CTR[[#This Row],[Date]]),\"\")","v":1},{"$f":"IF(ISNA(INDEX(CTS!C:C,MATCH(E362,CTS!$E:$E,0))),\"\",(INDEX(CTS!C:C,MATCH(E362,CTS!$E:$E,0))))","v":44223},"01-357",{"$f":"IF(ISNA(INDEX(CTS!$F:$F,MATCH(E362,CTS!$E:$E,0))),\"\",(INDEX(CTS!$F:$F,MATCH(E362,CTS!$E:$E,0))))","v":"CLIENT"},{"$f":"IF(ISNA(INDEX(CTS!$N:$N,MATCH(E362,CTS!$E:$E,0))),\"\",(INDEX(CTS!$N:$N,MATCH(E362,CTS!$E:$E,0))))","v":134.45378151260505},{"$f":"IF(ISNA(INDEX(CTS!$O:$O,MATCH(E362,CTS!$E:$E,0))),\"\",(INDEX(CTS!$O:$O,MATCH(E362,CTS!$E:$E,0))))","v":0},{"$f":"IF(ISNA(INDEX(CTS!$P:$P,MATCH(E362,CTS!$E:$E,0))),\"\",(INDEX(CTS!$P:$P,MATCH(E362,CTS!$E:$E,0))))","v":0},{"$f":"IF(ISNA(INDEX(CTS!$Q:$Q,MATCH(E362,CTS!$E:$E,0))),\"\",(INDEX(CTS!$Q:$Q,MATCH(E362,CTS!$E:$E,0))))","v":134.45378151260505},{"$f":"IF(ISNA(INDEX(CTS!$S:$S,MATCH(E362,CTS!$E:$E,0))),\"\",(INDEX(CTS!$S:$S,MATCH(E362,CTS!$E:$E,0))))","v":25.54621848739496},{"$f":"IF(ISNA(INDEX(CTS!$T:$T,MATCH(E362,CTS!$E:$E,0))),\"\",(INDEX(CTS!$T:$T,MATCH(E362,CTS!$E:$E,0))))","v":160},{"$f":"IF(ISNA(INDEX(CTS!$U:$U,MATCH(E362,CTS!$E:$E,0))),\"\",(INDEX(CTS!$U:$U,MATCH(E362,CTS!$E:$E,0))))","v":0},{"$f":"IF(ISNA(INDEX(CTS!$V:$V,MATCH(E362,CTS!$E:$E,0))),\"\",(INDEX(CTS!$V:$V,MATCH(E362,CTS!$E:$E,0))))","v":160},{"$f":"IFERROR(INDEX(CTS!$A:$A,MATCH(E362,CTS!$E:$E,0)),\".\")","v":"P"},{"$f":"IFERROR(IFERROR(INDEX(#REF!,MATCH(E362,#REF!,0)),IFERROR(INDEX(#REF!,MATCH(E362,#REF!,0)),INDEX(#REF!,MATCH(E362,#REF!,0)) )),\".\")","v":"."},null,{"$f":"IFERROR(VLOOKUP(E362,#REF!,8,FALSE),IFERROR(VLOOKUP(E362,#REF!,8,FALSE),IFERROR(VLOOKUP(E362,#REF!,8,FALSE),\"\")))","v":""},".-."]
[358,{"$f":"IFERROR(DAY(CTR[[#This Row],[Date]]),\"\")","v":27},{"$f":"IFERROR(MONTH(CTR[[#This Row],[Date]]),\"\")","v":1},{"$f":"IF(ISNA(INDEX(CTS!C:C,MATCH(E363,CTS!$E:$E,0))),\"\",(INDEX(CTS!C:C,MATCH(E363,CTS!$E:$E,0))))","v":44223},"01-358",{"$f":"IF(ISNA(INDEX(CTS!$F:$F,MATCH(E363,CTS!$E:$E,0))),\"\",(INDEX(CTS!$F:$F,MATCH(E363,CTS!$E:$E,0))))","v":"CLIENT"},{"$f":"IF(ISNA(INDEX(CTS!$N:$N,MATCH(E363,CTS!$E:$E,0))),\"\",(INDEX(CTS!$N:$N,MATCH(E363,CTS!$E:$E,0))))","v":382.35294117647055},{"$f":"IF(ISNA(INDEX(CTS!$O:$O,MATCH(E363,CTS!$E:$E,0))),\"\",(INDEX(CTS!$O:$O,MATCH(E363,CTS!$E:$E,0))))","v":0},{"$f":"IF(ISNA(INDEX(CTS!$P:$P,MATCH(E363,CTS!$E:$E,0))),\"\",(INDEX(CTS!$P:$P,MATCH(E363,CTS!$E:$E,0))))","v":0},{"$f":"IF(ISNA(INDEX(CTS!$Q:$Q,MATCH(E363,CTS!$E:$E,0))),\"\",(INDEX(CTS!$Q:$Q,MATCH(E363,CTS!$E:$E,0))))","v":382.35294117647055},{"$f":"IF(ISNA(INDEX(CTS!$S:$S,MATCH(E363,CTS!$E:$E,0))),\"\",(INDEX(CTS!$S:$S,MATCH(E363,CTS!$E:$E,0))))","v":72.64705882352942},{"$f":"IF(ISNA(INDEX(CTS!$T:$T,MATCH(E363,CTS!$E:$E,0))),\"\",(INDEX(CTS!$T:$T,MATCH(E363,CTS!$E:$E,0))))","v":455},{"$f":"IF(ISNA(INDEX(CTS!$U:$U,MATCH(E363,CTS!$E:$E,0))),\"\",(INDEX(CTS!$U:$U,MATCH(E363,CTS!$E:$E,0))))","v":0},{"$f":"IF(ISNA(INDEX(CTS!$V:$V,MATCH(E363,CTS!$E:$E,0))),\"\",(INDEX(CTS!$V:$V,MATCH(E363,CTS!$E:$E,0))))","v":455},{"$f":"IFERROR(INDEX(CTS!$A:$A,MATCH(E363,CTS!$E:$E,0)),\".\")","v":"P"},{"$f":"IFERROR(IFERROR(INDEX(#REF!,MATCH(E363,#REF!,0)),IFERROR(INDEX(#REF!,MATCH(E363,#REF!,0)),INDEX(#REF!,MATCH(E363,#REF!,0)) )),\".\")","v":"."},null,{"$f":"IFERROR(VLOOKUP(E363,#REF!,8,FALSE),IFERROR(VLOOKUP(E363,#REF!,8,FALSE),IFERROR(VLOOKUP(E363,#REF!,8,FALSE),\"\")))","v":""},".-."]
[359,{"$f":"IFERROR(DAY(CTR[[#This Row],[Date]]),\"\")","v":27},{"$f":"IFERROR(MONTH(CTR[[#This Row],[Date]]),\"\")","v":1},{"$f":"IF(ISNA(INDEX(CTS!C:C,MATCH(E364,CTS!$E:$E,0))),\"\",(INDEX(CTS!C:C,MATCH(E364,CTS!$E:$E,0))))","v":44223},"01-359",{"$f":"IF(ISNA(INDEX(CTS!$F:$F,MATCH(E364,CTS!$E:$E,0))),\"\",(INDEX(CTS!$F:$F,MATCH(E364,CTS!$E:$E,0))))","v":"CLIENT"},{"$f":"IF(ISNA(INDEX(CTS!$N:$N,MATCH(E364,CTS!$E:$E,0))),\"\",(INDEX(CTS!$N:$N,MATCH(E364,CTS!$E:$E,0))))","v":168.0672268907563},{"$f":"IF(ISNA(INDEX(CTS!$O:$O,MATCH(E364,CTS!$E:$E,0))),\"\",(INDEX(CTS!$O:$O,MATCH(E364,CTS!$E:$E,0))))","v":0},{"$f":"IF(ISNA(INDEX(CTS!$P:$P,MATCH(E364,CTS!$E:$E,0))),\"\",(INDEX(CTS!$P:$P,MATCH(E364,CTS!$E:$E,0))))","v":0},{"$f":"IF(ISNA(INDEX(CTS!$Q:$Q,MATCH(E364,CTS!$E:$E,0))),\"\",(INDEX(CTS!$Q:$Q,MATCH(E364,CTS!$E:$E,0))))","v":168.0672268907563},{"$f":"IF(ISNA(INDEX(CTS!$S:$S,MATCH(E364,CTS!$E:$E,0))),\"\",(INDEX(CTS!$S:$S,MATCH(E364,CTS!$E:$E,0))))","v":31.932773109243698},{"$f":"IF(ISNA(INDEX(CTS!$T:$T,MATCH(E364,CTS!$E:$E,0))),\"\",(INDEX(CTS!$T:$T,MATCH(E364,CTS!$E:$E,0))))","v":200},{"$f":"IF(ISNA(INDEX(CTS!$U:$U,MATCH(E364,CTS!$E:$E,0))),\"\",(INDEX(CTS!$U:$U,MATCH(E364,CTS!$E:$E,0))))","v":0},{"$f":"IF(ISNA(INDEX(CTS!$V:$V,MATCH(E364,CTS!$E:$E,0))),\"\",(INDEX(CTS!$V:$V,MATCH(E364,CTS!$E:$E,0))))","v":200},{"$f":"IFERROR(INDEX(CTS!$A:$A,MATCH(E364,CTS!$E:$E,0)),\".\")","v":"P"},{"$f":"IFERROR(IFERROR(INDEX(#REF!,MATCH(E364,#REF!,0)),IFERROR(INDEX(#REF!,MATCH(E364,#REF!,0)),INDEX(#REF!,MATCH(E364,#REF!,0)) )),\".\")","v":"."},null,{"$f":"IFERROR(VLOOKUP(E364,#REF!,8,FALSE),IFERROR(VLOOKUP(E364,#REF!,8,FALSE),IFERROR(VLOOKUP(E364,#REF!,8,FALSE),\"\")))","v":""},".-."]
[360,{"$f":"IFERROR(DAY(CTR[[#This Row],[Date]]),\"\")","v":27},{"$f":"IFERROR(MONTH(CTR[[#This Row],[Date]]),\"\")","v":1},{"$f":"IF(ISNA(INDEX(CTS!C:C,MATCH(E365,CTS!$E:$E,0))),\"\",(INDEX(CTS!C:C,MATCH(E365,CTS!$E:$E,0))))","v":44223},"01-360",{"$f":"IF(ISNA(INDEX(CTS!$F:$F,MATCH(E365,CTS!$E:$E,0))),\"\",(INDEX(CTS!$F:$F,MATCH(E365,CTS!$E:$E,0))))","v":"CLIENT"},{"$f":"IF(ISNA(INDEX(CTS!$N:$N,MATCH(E365,CTS!$E:$E,0))),\"\",(INDEX(CTS!$N:$N,MATCH(E365,CTS!$E:$E,0))))","v":67.226890756302524},{"$f":"IF(ISNA(INDEX(CTS!$O:$O,MATCH(E365,CTS!$E:$E,0))),\"\",(INDEX(CTS!$O:$O,MATCH(E365,CTS!$E:$E,0))))","v":0},{"$f":"IF(ISNA(INDEX(CTS!$P:$P,MATCH(E365,CTS!$E:$E,0))),\"\",(INDEX(CTS!$P:$P,MATCH(E365,CTS!$E:$E,0))))","v":0},{"$f":"IF(ISNA(INDEX(CTS!$Q:$Q,MATCH(E365,CTS!$E:$E,0))),\"\",(INDEX(CTS!$Q:$Q,MATCH(E365,CTS!$E:$E,0))))","v":67.226890756302524},{"$f":"IF(ISNA(INDEX(CTS!$S:$S,MATCH(E365,CTS!$E:$E,0))),\"\",(INDEX(CTS!$S:$S,MATCH(E365,CTS!$E:$E,0))))","v":12.77310924369748},{"$f":"IF(ISNA(INDEX(CTS!$T:$T,MATCH(E365,CTS!$E:$E,0))),\"\",(INDEX(CTS!$T:$T,MATCH(E365,CTS!$E:$E,0))))","v":80},{"$f":"IF(ISNA(INDEX(CTS!$U:$U,MATCH(E365,CTS!$E:$E,0))),\"\",(INDEX(CTS!$U:$U,MATCH(E365,CTS!$E:$E,0))))","v":0},{"$f":"IF(ISNA(INDEX(CTS!$V:$V,MATCH(E365,CTS!$E:$E,0))),\"\",(INDEX(CTS!$V:$V,MATCH(E365,CTS!$E:$E,0))))","v":80},{"$f":"IFERROR(INDEX(CTS!$A:$A,MATCH(E365,CTS!$E:$E,0)),\".\")","v":"P"},{"$f":"IFERROR(IFERROR(INDEX(#REF!,MATCH(E365,#REF!,0)),IFERROR(INDEX(#REF!,MATCH(E365,#REF!,0)),INDEX(#REF!,MATCH(E365,#REF!,0)) )),\".\")","v":"."},null,{"$f":"IFERROR(VLOOKUP(E365,#REF!,8,FALSE),IFERROR(VLOOKUP(E365,#REF!,8,FALSE),IFERROR(VLOOKUP(E365,#REF!,8,FALSE),\"\")))","v":""},".-."]
[361,{"$f":"IFERROR(DAY(CTR[[#This Row],[Date]]),\"\")","v":27},{"$f":"IFERROR(MONTH(CTR[[#This Row],[Date]]),\"\")","v":1},{"$f":"IF(ISNA(INDEX(CTS!C:C,MATCH(E366,CTS!$E:$E,0))),\"\",(INDEX(CTS!C:C,MATCH(E366,CTS!$E:$E,0))))","v":44223},"01-361",{"$f":"IF(ISNA(INDEX(CTS!$F:$F,MATCH(E366,CTS!$E:$E,0))),\"\",(INDEX(CTS!$F:$F,MATCH(E366,CTS!$E:$E,0))))","v":"CLIENT"},{"$f":"IF(ISNA(INDEX(CTS!$N:$N,MATCH(E366,CTS!$E:$E,0))),\"\",(INDEX(CTS!$N:$N,MATCH(E366,CTS!$E:$E,0))))","v":201.68067226890756},{"$f":"IF(ISNA(INDEX(CTS!$O:$O,MATCH(E366,CTS!$E:$E,0))),\"\",(INDEX(CTS!$O:$O,MATCH(E366,CTS!$E:$E,0))))","v":0},{"$f":"IF(ISNA(INDEX(CTS!$P:$P,MATCH(E366,CTS!$E:$E,0))),\"\",(INDEX(CTS!$P:$P,MATCH(E366,CTS!$E:$E,0))))","v":0},{"$f":"IF(ISNA(INDEX(CTS!$Q:$Q,MATCH(E366,CTS!$E:$E,0))),\"\",(INDEX(CTS!$Q:$Q,MATCH(E366,CTS!$E:$E,0))))","v":201.68067226890756},{"$f":"IF(ISNA(INDEX(CTS!$S:$S,MATCH(E366,CTS!$E:$E,0))),\"\",(INDEX(CTS!$S:$S,MATCH(E366,CTS!$E:$E,0))))","v":38.319327731092443},{"$f":"IF(ISNA(INDEX(CTS!$T:$T,MATCH(E366,CTS!$E:$E,0))),\"\",(INDEX(CTS!$T:$T,MATCH(E366,CTS!$E:$E,0))))","v":240},{"$f":"IF(ISNA(INDEX(CTS!$U:$U,MATCH(E366,CTS!$E:$E,0))),\"\",(INDEX(CTS!$U:$U,MATCH(E366,CTS!$E:$E,0))))","v":0},{"$f":"IF(ISNA(INDEX(CTS!$V:$V,MATCH(E366,CTS!$E:$E,0))),\"\",(INDEX(CTS!$V:$V,MATCH(E366,CTS!$E:$E,0))))","v":240},{"$f":"IFERROR(INDEX(CTS!$A:$A,MATCH(E366,CTS!$E:$E,0)),\".\")","v":"P"},{"$f":"IFERROR(IFERROR(INDEX(#REF!,MATCH(E366,#REF!,0)),IFERROR(INDEX(#REF!,MATCH(E366,#REF!,0)),INDEX(#REF!,MATCH(E366,#REF!,0)) )),\".\")","v":"."},null,{"$f":"IFERROR(VLOOKUP(E366,#REF!,8,FALSE),IFERROR(VLOOKUP(E366,#REF!,8,FALSE),IFERROR(VLOOKUP(E366,#REF!,8,FALSE),\"\")))","v":""},".-."]
[362,{"$f":"IFERROR(DAY(CTR[[#This Row],[Date]]),\"\")","v":27},{"$f":"IFERROR(MONTH(CTR[[#This Row],[Date]]),\"\")","v":1},{"$f":"IF(ISNA(INDEX(CTS!C:C,MATCH(E367,CTS!$E:$E,0))),\"\",(INDEX(CTS!C:C,MATCH(E367,CTS!$E:$E,0))))","v":44223},"01-362",{"$f":"IF(ISNA(INDEX(CTS!$F:$F,MATCH(E367,CTS!$E:$E,0))),\"\",(INDEX(CTS!$F:$F,MATCH(E367,CTS!$E:$E,0))))","v":"CLIENT"},{"$f":"IF(ISNA(INDEX(CTS!$N:$N,MATCH(E367,CTS!$E:$E,0))),\"\",(INDEX(CTS!$N:$N,MATCH(E367,CTS!$E:$E,0))))","v":168.0672268907563},{"$f":"IF(ISNA(INDEX(CTS!$O:$O,MATCH(E367,CTS!$E:$E,0))),\"\",(INDEX(CTS!$O:$O,MATCH(E367,CTS!$E:$E,0))))","v":0},{"$f":"IF(ISNA(INDEX(CTS!$P:$P,MATCH(E367,CTS!$E:$E,0))),\"\",(INDEX(CTS!$P:$P,MATCH(E367,CTS!$E:$E,0))))","v":0},{"$f":"IF(ISNA(INDEX(CTS!$Q:$Q,MATCH(E367,CTS!$E:$E,0))),\"\",(INDEX(CTS!$Q:$Q,MATCH(E367,CTS!$E:$E,0))))","v":168.0672268907563},{"$f":"IF(ISNA(INDEX(CTS!$S:$S,MATCH(E367,CTS!$E:$E,0))),\"\",(INDEX(CTS!$S:$S,MATCH(E367,CTS!$E:$E,0))))","v":31.932773109243698},{"$f":"IF(ISNA(INDEX(CTS!$T:$T,MATCH(E367,CTS!$E:$E,0))),\"\",(INDEX(CTS!$T:$T,MATCH(E367,CTS!$E:$E,0))))","v":200},{"$f":"IF(ISNA(INDEX(CTS!$U:$U,MATCH(E367,CTS!$E:$E,0))),\"\",(INDEX(CTS!$U:$U,MATCH(E367,CTS!$E:$E,0))))","v":0},{"$f":"IF(ISNA(INDEX(CTS!$V:$V,MATCH(E367,CTS!$E:$E,0))),\"\",(INDEX(CTS!$V:$V,MATCH(E367,CTS!$E:$E,0))))","v":200},{"$f":"IFERROR(INDEX(CTS!$A:$A,MATCH(E367,CTS!$E:$E,0)),\".\")","v":"P"},{"$f":"IFERROR(IFERROR(INDEX(#REF!,MATCH(E367,#REF!,0)),IFERROR(INDEX(#REF!,MATCH(E367,#REF!,0)),INDEX(#REF!,MATCH(E367,#REF!,0)) )),\".\")","v":"."},null,{"$f":"IFERROR(VLOOKUP(E367,#REF!,8,FALSE),IFERROR(VLOOKUP(E367,#REF!,8,FALSE),IFERROR(VLOOKUP(E367,#REF!,8,FALSE),\"\")))","v":""},".-."]
[363,{"$f":"IFERROR(DAY(CTR[[#This Row],[Date]]),\"\")","v":27},{"$f":"IFERROR(MONTH(CTR[[#This Row],[Date]]),\"\")","v":1},{"$f":"IF(ISNA(INDEX(CTS!C:C,MATCH(E368,CTS!$E:$E,0))),\"\",(INDEX(CTS!C:C,MATCH(E368,CTS!$E:$E,0))))","v":44223},"01-363",{"$f":"IF(ISNA(INDEX(CTS!$F:$F,MATCH(E368,CTS!$E:$E,0))),\"\",(INDEX(CTS!$F:$F,MATCH(E368,CTS!$E:$E,0))))","v":"CLIENT"},{"$f":"IF(ISNA(INDEX(CTS!$N:$N,MATCH(E368,CTS!$E:$E,0))),\"\",(INDEX(CTS!$N:$N,MATCH(E368,CTS!$E:$E,0))))","v":168.0672268907563},{"$f":"IF(ISNA(INDEX(CTS!$O:$O,MATCH(E368,CTS!$E:$E,0))),\"\",(INDEX(CTS!$O:$O,MATCH(E368,CTS!$E:$E,0))))","v":0},{"$f":"IF(ISNA(INDEX(CTS!$P:$P,MATCH(E368,CTS!$E:$E,0))),\"\",(INDEX(CTS!$P:$P,MATCH(E368,CTS!$E:$E,0))))","v":0},{"$f":"IF(ISNA(INDEX(CTS!$Q:$Q,MATCH(E368,CTS!$E:$E,0))),\"\",(INDEX(CTS!$Q:$Q,MATCH(E368,CTS!$E:$E,0))))","v":168.0672268907563},{"$f":"IF(ISNA(INDEX(CTS!$S:$S,MATCH(E368,CTS!$E:$E,0))),\"\",(INDEX(CTS!$S:$S,MATCH(E368,CTS!$E:$E,0))))","v":31.932773109243698},{"$f":"IF(ISNA(INDEX(CTS!$T:$T,MATCH(E368,CTS!$E:$E,0))),\"\",(INDEX(CTS!$T:$T,MATCH(E368,CTS!$E:$E,0))))","v":200},{"$f":"IF(ISNA(INDEX(CTS!$U:$U,MATCH(E368,CTS!$E:$E,0))),\"\",(INDEX(CTS!$U:$U,MATCH(E368,CTS!$E:$E,0))))","v":0},{"$f":"IF(ISNA(INDEX(CTS!$V:$V,MATCH(E368,CTS!$E:$E,0))),\"\",(INDEX(CTS!$V:$V,MATCH(E368,CTS!$E:$E,0))))","v":200},{"$f":"IFERROR(INDEX(CTS!$A:$A,MATCH(E368,CTS!$E:$E,0)),\".\")","v":"P"},{"$f":"IFERROR(IFERROR(INDEX(#REF!,MATCH(E368,#REF!,0)),IFERROR(INDEX(#REF!,MATCH(E368,#REF!,0)),INDEX(#REF!,MATCH(E368,#REF!,0)) )),\".\")","v":"."},null,{"$f":"IFERROR(VLOOKUP(E368,#REF!,8,FALSE),IFERROR(VLOOKUP(E368,#REF!,8,FALSE),IFERROR(VLOOKUP(E368,#REF!,8,FALSE),\"\")))","v":""},".-."]
[364,{"$f":"IFERROR(DAY(CTR[[#This Row],[Date]]),\"\")","v":27},{"$f":"IFERROR(MONTH(CTR[[#This Row],[Date]]),\"\")","v":1},{"$f":"IF(ISNA(INDEX(CTS!C:C,MATCH(E369,CTS!$E:$E,0))),\"\",(INDEX(CTS!C:C,MATCH(E369,CTS!$E:$E,0))))","v":44223},"01-364",{"$f":"IF(ISNA(INDEX(CTS!$F:$F,MATCH(E369,CTS!$E:$E,0))),\"\",(INDEX(CTS!$F:$F,MATCH(E369,CTS!$E:$E,0))))","v":"CLIENT"},{"$f":"IF(ISNA(INDEX(CTS!$N:$N,MATCH(E369,CTS!$E:$E,0))),\"\",(INDEX(CTS!$N:$N,MATCH(E369,CTS!$E:$E,0))))","v":952.94117647058829},{"$f":"IF(ISNA(INDEX(CTS!$O:$O,MATCH(E369,CTS!$E:$E,0))),\"\",(INDEX(CTS!$O:$O,MATCH(E369,CTS!$E:$E,0))))","v":0},{"$f":"IF(ISNA(INDEX(CTS!$P:$P,MATCH(E369,CTS!$E:$E,0))),\"\",(INDEX(CTS!$P:$P,MATCH(E369,CTS!$E:$E,0))))","v":0},{"$f":"IF(ISNA(INDEX(CTS!$Q:$Q,MATCH(E369,CTS!$E:$E,0))),\"\",(INDEX(CTS!$Q:$Q,MATCH(E369,CTS!$E:$E,0))))","v":952.94117647058829},{"$f":"IF(ISNA(INDEX(CTS!$S:$S,MATCH(E369,CTS!$E:$E,0))),\"\",(INDEX(CTS!$S:$S,MATCH(E369,CTS!$E:$E,0))))","v":181.05882352941177},{"$f":"IF(ISNA(INDEX(CTS!$T:$T,MATCH(E369,CTS!$E:$E,0))),\"\",(INDEX(CTS!$T:$T,MATCH(E369,CTS!$E:$E,0))))","v":1134},{"$f":"IF(ISNA(INDEX(CTS!$U:$U,MATCH(E369,CTS!$E:$E,0))),\"\",(INDEX(CTS!$U:$U,MATCH(E369,CTS!$E:$E,0))))","v":-1},{"$f":"IF(ISNA(INDEX(CTS!$V:$V,MATCH(E369,CTS!$E:$E,0))),\"\",(INDEX(CTS!$V:$V,MATCH(E369,CTS!$E:$E,0))))","v":1135},{"$f":"IFERROR(INDEX(CTS!$A:$A,MATCH(E369,CTS!$E:$E,0)),\".\")","v":"P"},{"$f":"IFERROR(IFERROR(INDEX(#REF!,MATCH(E369,#REF!,0)),IFERROR(INDEX(#REF!,MATCH(E369,#REF!,0)),INDEX(#REF!,MATCH(E369,#REF!,0)) )),\".\")","v":"."},null,{"$f":"IFERROR(VLOOKUP(E369,#REF!,8,FALSE),IFERROR(VLOOKUP(E369,#REF!,8,FALSE),IFERROR(VLOOKUP(E369,#REF!,8,FALSE),\"\")))","v":""},".-."]
[365,{"$f":"IFERROR(DAY(CTR[[#This Row],[Date]]),\"\")","v":27},{"$f":"IFERROR(MONTH(CTR[[#This Row],[Date]]),\"\")","v":1},{"$f":"IF(ISNA(INDEX(CTS!C:C,MATCH(E370,CTS!$E:$E,0))),\"\",(INDEX(CTS!C:C,MATCH(E370,CTS!$E:$E,0))))","v":44223},"01-365",{"$f":"IF(ISNA(INDEX(CTS!$F:$F,MATCH(E370,CTS!$E:$E,0))),\"\",(INDEX(CTS!$F:$F,MATCH(E370,CTS!$E:$E,0))))","v":"CLIENT"},{"$f":"IF(ISNA(INDEX(CTS!$N:$N,MATCH(E370,CTS!$E:$E,0))),\"\",(INDEX(CTS!$N:$N,MATCH(E370,CTS!$E:$E,0))))","v":218.48739495798321},{"$f":"IF(ISNA(INDEX(CTS!$O:$O,MATCH(E370,CTS!$E:$E,0))),\"\",(INDEX(CTS!$O:$O,MATCH(E370,CTS!$E:$E,0))))","v":0},{"$f":"IF(ISNA(INDEX(CTS!$P:$P,MATCH(E370,CTS!$E:$E,0))),\"\",(INDEX(CTS!$P:$P,MATCH(E370,CTS!$E:$E,0))))","v":0},{"$f":"IF(ISNA(INDEX(CTS!$Q:$Q,MATCH(E370,CTS!$E:$E,0))),\"\",(INDEX(CTS!$Q:$Q,MATCH(E370,CTS!$E:$E,0))))","v":218.48739495798321},{"$f":"IF(ISNA(INDEX(CTS!$S:$S,MATCH(E370,CTS!$E:$E,0))),\"\",(INDEX(CTS!$S:$S,MATCH(E370,CTS!$E:$E,0))))","v":41.512605042016816},{"$f":"IF(ISNA(INDEX(CTS!$T:$T,MATCH(E370,CTS!$E:$E,0))),\"\",(INDEX(CTS!$T:$T,MATCH(E370,CTS!$E:$E,0))))","v":260},{"$f":"IF(ISNA(INDEX(CTS!$U:$U,MATCH(E370,CTS!$E:$E,0))),\"\",(INDEX(CTS!$U:$U,MATCH(E370,CTS!$E:$E,0))))","v":0},{"$f":"IF(ISNA(INDEX(CTS!$V:$V,MATCH(E370,CTS!$E:$E,0))),\"\",(INDEX(CTS!$V:$V,MATCH(E370,CTS!$E:$E,0))))","v":260},{"$f":"IFERROR(INDEX(CTS!$A:$A,MATCH(E370,CTS!$E:$E,0)),\".\")","v":"P"},{"$f":"IFERROR(IFERROR(INDEX(#REF!,MATCH(E370,#REF!,0)),IFERROR(INDEX(#REF!,MATCH(E370,#REF!,0)),INDEX(#REF!,MATCH(E370,#REF!,0)) )),\".\")","v":"."},null,{"$f":"IFERROR(VLOOKUP(E370,#REF!,8,FALSE),IFERROR(VLOOKUP(E370,#REF!,8,FALSE),IFERROR(VLOOKUP(E370,#REF!,8,FALSE),\"\")))","v":""},".-."]
[366,{"$f":"IFERROR(DAY(CTR[[#This Row],[Date]]),\"\")","v":27},{"$f":"IFERROR(MONTH(CTR[[#This Row],[Date]]),\"\")","v":1},{"$f":"IF(ISNA(INDEX(CTS!C:C,MATCH(E371,CTS!$E:$E,0))),\"\",(INDEX(CTS!C:C,MATCH(E371,CTS!$E:$E,0))))","v":44223},"01-366",{"$f":"IF(ISNA(INDEX(CTS!$F:$F,MATCH(E371,CTS!$E:$E,0))),\"\",(INDEX(CTS!$F:$F,MATCH(E371,CTS!$E:$E,0))))","v":"CLIENT"},{"$f":"IF(ISNA(INDEX(CTS!$N:$N,MATCH(E371,CTS!$E:$E,0))),\"\",(INDEX(CTS!$N:$N,MATCH(E371,CTS!$E:$E,0))))","v":373.10924369747903},{"$f":"IF(ISNA(INDEX(CTS!$O:$O,MATCH(E371,CTS!$E:$E,0))),\"\",(INDEX(CTS!$O:$O,MATCH(E371,CTS!$E:$E,0))))","v":0},{"$f":"IF(ISNA(INDEX(CTS!$P:$P,MATCH(E371,CTS!$E:$E,0))),\"\",(INDEX(CTS!$P:$P,MATCH(E371,CTS!$E:$E,0))))","v":0},{"$f":"IF(ISNA(INDEX(CTS!$Q:$Q,MATCH(E371,CTS!$E:$E,0))),\"\",(INDEX(CTS!$Q:$Q,MATCH(E371,CTS!$E:$E,0))))","v":373.10924369747903},{"$f":"IF(ISNA(INDEX(CTS!$S:$S,MATCH(E371,CTS!$E:$E,0))),\"\",(INDEX(CTS!$S:$S,MATCH(E371,CTS!$E:$E,0))))","v":70.890756302521012},{"$f":"IF(ISNA(INDEX(CTS!$T:$T,MATCH(E371,CTS!$E:$E,0))),\"\",(INDEX(CTS!$T:$T,MATCH(E371,CTS!$E:$E,0))))","v":444.00000000000006},{"$f":"IF(ISNA(INDEX(CTS!$U:$U,MATCH(E371,CTS!$E:$E,0))),\"\",(INDEX(CTS!$U:$U,MATCH(E371,CTS!$E:$E,0))))","v":-1},{"$f":"IF(ISNA(INDEX(CTS!$V:$V,MATCH(E371,CTS!$E:$E,0))),\"\",(INDEX(CTS!$V:$V,MATCH(E371,CTS!$E:$E,0))))","v":445.00000000000006},{"$f":"IFERROR(INDEX(CTS!$A:$A,MATCH(E371,CTS!$E:$E,0)),\".\")","v":"P"},{"$f":"IFERROR(IFERROR(INDEX(#REF!,MATCH(E371,#REF!,0)),IFERROR(INDEX(#REF!,MATCH(E371,#REF!,0)),INDEX(#REF!,MATCH(E371,#REF!,0)) )),\".\")","v":"."},null,{"$f":"IFERROR(VLOOKUP(E371,#REF!,8,FALSE),IFERROR(VLOOKUP(E371,#REF!,8,FALSE),IFERROR(VLOOKUP(E371,#REF!,8,FALSE),\"\")))","v":""},".-."]
[367,{"$f":"IFERROR(DAY(CTR[[#This Row],[Date]]),\"\")","v":27},{"$f":"IFERROR(MONTH(CTR[[#This Row],[Date]]),\"\")","v":1},{"$f":"IF(ISNA(INDEX(CTS!C:C,MATCH(E372,CTS!$E:$E,0))),\"\",(INDEX(CTS!C:C,MATCH(E372,CTS!$E:$E,0))))","v":44223},"01-367",{"$f":"IF(ISNA(INDEX(CTS!$F:$F,MATCH(E372,CTS!$E:$E,0))),\"\",(INDEX(CTS!$F:$F,MATCH(E372,CTS!$E:$E,0))))","v":"CLIENT"},{"$f":"IF(ISNA(INDEX(CTS!$N:$N,MATCH(E372,CTS!$E:$E,0))),\"\",(INDEX(CTS!$N:$N,MATCH(E372,CTS!$E:$E,0))))","v":403.36134453781517},{"$f":"IF(ISNA(INDEX(CTS!$O:$O,MATCH(E372,CTS!$E:$E,0))),\"\",(INDEX(CTS!$O:$O,MATCH(E372,CTS!$E:$E,0))))","v":0},{"$f":"IF(ISNA(INDEX(CTS!$P:$P,MATCH(E372,CTS!$E:$E,0))),\"\",(INDEX(CTS!$P:$P,MATCH(E372,CTS!$E:$E,0))))","v":0},{"$f":"IF(ISNA(INDEX(CTS!$Q:$Q,MATCH(E372,CTS!$E:$E,0))),\"\",(INDEX(CTS!$Q:$Q,MATCH(E372,CTS!$E:$E,0))))","v":403.36134453781517},{"$f":"IF(ISNA(INDEX(CTS!$S:$S,MATCH(E372,CTS!$E:$E,0))),\"\",(INDEX(CTS!$S:$S,MATCH(E372,CTS!$E:$E,0))))","v":76.638655462184886},{"$f":"IF(ISNA(INDEX(CTS!$T:$T,MATCH(E372,CTS!$E:$E,0))),\"\",(INDEX(CTS!$T:$T,MATCH(E372,CTS!$E:$E,0))))","v":480.00000000000006},{"$f":"IF(ISNA(INDEX(CTS!$U:$U,MATCH(E372,CTS!$E:$E,0))),\"\",(INDEX(CTS!$U:$U,MATCH(E372,CTS!$E:$E,0))))","v":0},{"$f":"IF(ISNA(INDEX(CTS!$V:$V,MATCH(E372,CTS!$E:$E,0))),\"\",(INDEX(CTS!$V:$V,MATCH(E372,CTS!$E:$E,0))))","v":480.00000000000006},{"$f":"IFERROR(INDEX(CTS!$A:$A,MATCH(E372,CTS!$E:$E,0)),\".\")","v":"P"},{"$f":"IFERROR(IFERROR(INDEX(#REF!,MATCH(E372,#REF!,0)),IFERROR(INDEX(#REF!,MATCH(E372,#REF!,0)),INDEX(#REF!,MATCH(E372,#REF!,0)) )),\".\")","v":"."},null,{"$f":"IFERROR(VLOOKUP(E372,#REF!,8,FALSE),IFERROR(VLOOKUP(E372,#REF!,8,FALSE),IFERROR(VLOOKUP(E372,#REF!,8,FALSE),\"\")))","v":""},".-."]
[368,{"$f":"IFERROR(DAY(CTR[[#This Row],[Date]]),\"\")","v":27},{"$f":"IFERROR(MONTH(CTR[[#This Row],[Date]]),\"\")","v":1},{"$f":"IF(ISNA(INDEX(CTS!C:C,MATCH(E373,CTS!$E:$E,0))),\"\",(INDEX(CTS!C:C,MATCH(E373,CTS!$E:$E,0))))","v":44223},"01-368",{"$f":"IF(ISNA(INDEX(CTS!$F:$F,MATCH(E373,CTS!$E:$E,0))),\"\",(INDEX(CTS!$F:$F,MATCH(E373,CTS!$E:$E,0))))","v":"CLIENT"},{"$f":"IF(ISNA(INDEX(CTS!$N:$N,MATCH(E373,CTS!$E:$E,0))),\"\",(INDEX(CTS!$N:$N,MATCH(E373,CTS!$E:$E,0))))","v":302.52100840336141},{"$f":"IF(ISNA(INDEX(CTS!$O:$O,MATCH(E373,CTS!$E:$E,0))),\"\",(INDEX(CTS!$O:$O,MATCH(E373,CTS!$E:$E,0))))","v":0},{"$f":"IF(ISNA(INDEX(CTS!$P:$P,MATCH(E373,CTS!$E:$E,0))),\"\",(INDEX(CTS!$P:$P,MATCH(E373,CTS!$E:$E,0))))","v":0},{"$f":"IF(ISNA(INDEX(CTS!$Q:$Q,MATCH(E373,CTS!$E:$E,0))),\"\",(INDEX(CTS!$Q:$Q,MATCH(E373,CTS!$E:$E,0))))","v":302.52100840336141},{"$f":"IF(ISNA(INDEX(CTS!$S:$S,MATCH(E373,CTS!$E:$E,0))),\"\",(INDEX(CTS!$S:$S,MATCH(E373,CTS!$E:$E,0))))","v":57.478991596638664},{"$f":"IF(ISNA(INDEX(CTS!$T:$T,MATCH(E373,CTS!$E:$E,0))),\"\",(INDEX(CTS!$T:$T,MATCH(E373,CTS!$E:$E,0))))","v":360.00000000000006},{"$f":"IF(ISNA(INDEX(CTS!$U:$U,MATCH(E373,CTS!$E:$E,0))),\"\",(INDEX(CTS!$U:$U,MATCH(E373,CTS!$E:$E,0))))","v":0},{"$f":"IF(ISNA(INDEX(CTS!$V:$V,MATCH(E373,CTS!$E:$E,0))),\"\",(INDEX(CTS!$V:$V,MATCH(E373,CTS!$E:$E,0))))","v":360.00000000000006},{"$f":"IFERROR(INDEX(CTS!$A:$A,MATCH(E373,CTS!$E:$E,0)),\".\")","v":"P"},{"$f":"IFERROR(IFERROR(INDEX(#REF!,MATCH(E373,#REF!,0)),IFERROR(INDEX(#REF!,MATCH(E373,#REF!,0)),INDEX(#REF!,MATCH(E373,#REF!,0)) )),\".\")","v":"."},null,{"$f":"IFERROR(VLOOKUP(E373,#REF!,8,FALSE),IFERROR(VLOOKUP(E373,#REF!,8,FALSE),IFERROR(VLOOKUP(E373,#REF!,8,FALSE),\"\")))","v":""},".-."]
[369,{"$f":"IFERROR(DAY(CTR[[#This Row],[Date]]),\"\")","v":27},{"$f":"IFERROR(MONTH(CTR[[#This Row],[Date]]),\"\")","v":1},{"$f":"IF(ISNA(INDEX(CTS!C:C,MATCH(E374,CTS!$E:$E,0))),\"\",(INDEX(CTS!C:C,MATCH(E374,CTS!$E:$E,0))))","v":44223},"01-369",{"$f":"IF(ISNA(INDEX(CTS!$F:$F,MATCH(E374,CTS!$E:$E,0))),\"\",(INDEX(CTS!$F:$F,MATCH(E374,CTS!$E:$E,0))))","v":"CLIENT"},{"$f":"IF(ISNA(INDEX(CTS!$N:$N,MATCH(E374,CTS!$E:$E,0))),\"\",(INDEX(CTS!$N:$N,MATCH(E374,CTS!$E:$E,0))))","v":6736.134453781513},{"$f":"IF(ISNA(INDEX(CTS!$O:$O,MATCH(E374,CTS!$E:$E,0))),\"\",(INDEX(CTS!$O:$O,MATCH(E374,CTS!$E:$E,0))))","v":0},{"$f":"IF(ISNA(INDEX(CTS!$P:$P,MATCH(E374,CTS!$E:$E,0))),\"\",(INDEX(CTS!$P:$P,MATCH(E374,CTS!$E:$E,0))))","v":0},{"$f":"IF(ISNA(INDEX(CTS!$Q:$Q,MATCH(E374,CTS!$E:$E,0))),\"\",(INDEX(CTS!$Q:$Q,MATCH(E374,CTS!$E:$E,0))))","v":6736.134453781513},{"$f":"IF(ISNA(INDEX(CTS!$S:$S,MATCH(E374,CTS!$E:$E,0))),\"\",(INDEX(CTS!$S:$S,MATCH(E374,CTS!$E:$E,0))))","v":1279.8655462184875},{"$f":"IF(ISNA(INDEX(CTS!$T:$T,MATCH(E374,CTS!$E:$E,0))),\"\",(INDEX(CTS!$T:$T,MATCH(E374,CTS!$E:$E,0))))","v":8016},{"$f":"IF(ISNA(INDEX(CTS!$U:$U,MATCH(E374,CTS!$E:$E,0))),\"\",(INDEX(CTS!$U:$U,MATCH(E374,CTS!$E:$E,0))))","v":16},{"$f":"IF(ISNA(INDEX(CTS!$V:$V,MATCH(E374,CTS!$E:$E,0))),\"\",(INDEX(CTS!$V:$V,MATCH(E374,CTS!$E:$E,0))))","v":8000},{"$f":"IFERROR(INDEX(CTS!$A:$A,MATCH(E374,CTS!$E:$E,0)),\".\")","v":"P"},{"$f":"IFERROR(IFERROR(INDEX(#REF!,MATCH(E374,#REF!,0)),IFERROR(INDEX(#REF!,MATCH(E374,#REF!,0)),INDEX(#REF!,MATCH(E374,#REF!,0)) )),\".\")","v":"."},null,{"$f":"IFERROR(VLOOKUP(E374,#REF!,8,FALSE),IFERROR(VLOOKUP(E374,#REF!,8,FALSE),IFERROR(VLOOKUP(E374,#REF!,8,FALSE),\"\")))","v":""},".-."]
[370,{"$f":"IFERROR(DAY(CTR[[#This Row],[Date]]),\"\")","v":28},{"$f":"IFERROR(MONTH(CTR[[#This Row],[Date]]),\"\")","v":1},{"$f":"IF(ISNA(INDEX(CTS!C:C,MATCH(E375,CTS!$E:$E,0))),\"\",(INDEX(CTS!C:C,MATCH(E375,CTS!$E:$E,0))))","v":44224},"01-370",{"$f":"IF(ISNA(INDEX(CTS!$F:$F,MATCH(E375,CTS!$E:$E,0))),\"\",(INDEX(CTS!$F:$F,MATCH(E375,CTS!$E:$E,0))))","v":"CLIENT"},{"$f":"IF(ISNA(INDEX(CTS!$N:$N,MATCH(E375,CTS!$E:$E,0))),\"\",(INDEX(CTS!$N:$N,MATCH(E375,CTS!$E:$E,0))))","v":151.26050420168067},{"$f":"IF(ISNA(INDEX(CTS!$O:$O,MATCH(E375,CTS!$E:$E,0))),\"\",(INDEX(CTS!$O:$O,MATCH(E375,CTS!$E:$E,0))))","v":0},{"$f":"IF(ISNA(INDEX(CTS!$P:$P,MATCH(E375,CTS!$E:$E,0))),\"\",(INDEX(CTS!$P:$P,MATCH(E375,CTS!$E:$E,0))))","v":0},{"$f":"IF(ISNA(INDEX(CTS!$Q:$Q,MATCH(E375,CTS!$E:$E,0))),\"\",(INDEX(CTS!$Q:$Q,MATCH(E375,CTS!$E:$E,0))))","v":151.26050420168067},{"$f":"IF(ISNA(INDEX(CTS!$S:$S,MATCH(E375,CTS!$E:$E,0))),\"\",(INDEX(CTS!$S:$S,MATCH(E375,CTS!$E:$E,0))))","v":28.739495798319329},{"$f":"IF(ISNA(INDEX(CTS!$T:$T,MATCH(E375,CTS!$E:$E,0))),\"\",(INDEX(CTS!$T:$T,MATCH(E375,CTS!$E:$E,0))))","v":180},{"$f":"IF(ISNA(INDEX(CTS!$U:$U,MATCH(E375,CTS!$E:$E,0))),\"\",(INDEX(CTS!$U:$U,MATCH(E375,CTS!$E:$E,0))))","v":0},{"$f":"IF(ISNA(INDEX(CTS!$V:$V,MATCH(E375,CTS!$E:$E,0))),\"\",(INDEX(CTS!$V:$V,MATCH(E375,CTS!$E:$E,0))))","v":180},{"$f":"IFERROR(INDEX(CTS!$A:$A,MATCH(E375,CTS!$E:$E,0)),\".\")","v":"P"},{"$f":"IFERROR(IFERROR(INDEX(#REF!,MATCH(E375,#REF!,0)),IFERROR(INDEX(#REF!,MATCH(E375,#REF!,0)),INDEX(#REF!,MATCH(E375,#REF!,0)) )),\".\")","v":"."},null,{"$f":"IFERROR(VLOOKUP(E375,#REF!,8,FALSE),IFERROR(VLOOKUP(E375,#REF!,8,FALSE),IFERROR(VLOOKUP(E375,#REF!,8,FALSE),\"\")))","v":""},".-."]
[371,{"$f":"IFERROR(DAY(CTR[[#This Row],[Date]]),\"\")","v":28},{"$f":"IFERROR(MONTH(CTR[[#This Row],[Date]]),\"\")","v":1},{"$f":"IF(ISNA(INDEX(CTS!C:C,MATCH(E376,CTS!$E:$E,0))),\"\",(INDEX(CTS!C:C,MATCH(E376,CTS!$E:$E,0))))","v":44224},"01-371",{"$f":"IF(ISNA(INDEX(CTS!$F:$F,MATCH(E376,CTS!$E:$E,0))),\"\",(INDEX(CTS!$F:$F,MATCH(E376,CTS!$E:$E,0))))","v":"CLIENT"},{"$f":"IF(ISNA(INDEX(CTS!$N:$N,MATCH(E376,CTS!$E:$E,0))),\"\",(INDEX(CTS!$N:$N,MATCH(E376,CTS!$E:$E,0))))","v":33.613445378151262},{"$f":"IF(ISNA(INDEX(CTS!$O:$O,MATCH(E376,CTS!$E:$E,0))),\"\",(INDEX(CTS!$O:$O,MATCH(E376,CTS!$E:$E,0))))","v":0},{"$f":"IF(ISNA(INDEX(CTS!$P:$P,MATCH(E376,CTS!$E:$E,0))),\"\",(INDEX(CTS!$P:$P,MATCH(E376,CTS!$E:$E,0))))","v":0},{"$f":"IF(ISNA(INDEX(CTS!$Q:$Q,MATCH(E376,CTS!$E:$E,0))),\"\",(INDEX(CTS!$Q:$Q,MATCH(E376,CTS!$E:$E,0))))","v":33.613445378151262},{"$f":"IF(ISNA(INDEX(CTS!$S:$S,MATCH(E376,CTS!$E:$E,0))),\"\",(INDEX(CTS!$S:$S,MATCH(E376,CTS!$E:$E,0))))","v":6.3865546218487399},{"$f":"IF(ISNA(INDEX(CTS!$T:$T,MATCH(E376,CTS!$E:$E,0))),\"\",(INDEX(CTS!$T:$T,MATCH(E376,CTS!$E:$E,0))))","v":40},{"$f":"IF(ISNA(INDEX(CTS!$U:$U,MATCH(E376,CTS!$E:$E,0))),\"\",(INDEX(CTS!$U:$U,MATCH(E376,CTS!$E:$E,0))))","v":0},{"$f":"IF(ISNA(INDEX(CTS!$V:$V,MATCH(E376,CTS!$E:$E,0))),\"\",(INDEX(CTS!$V:$V,MATCH(E376,CTS!$E:$E,0))))","v":40},{"$f":"IFERROR(INDEX(CTS!$A:$A,MATCH(E376,CTS!$E:$E,0)),\".\")","v":"P"},{"$f":"IFERROR(IFERROR(INDEX(#REF!,MATCH(E376,#REF!,0)),IFERROR(INDEX(#REF!,MATCH(E376,#REF!,0)),INDEX(#REF!,MATCH(E376,#REF!,0)) )),\".\")","v":"."},null,{"$f":"IFERROR(VLOOKUP(E376,#REF!,8,FALSE),IFERROR(VLOOKUP(E376,#REF!,8,FALSE),IFERROR(VLOOKUP(E376,#REF!,8,FALSE),\"\")))","v":""},".-."]
[372,{"$f":"IFERROR(DAY(CTR[[#This Row],[Date]]),\"\")","v":28},{"$f":"IFERROR(MONTH(CTR[[#This Row],[Date]]),\"\")","v":1},{"$f":"IF(ISNA(INDEX(CTS!C:C,MATCH(E377,CTS!$E:$E,0))),\"\",(INDEX(CTS!C:C,MATCH(E377,CTS!$E:$E,0))))","v":44224},"01-372",{"$f":"IF(ISNA(INDEX(CTS!$F:$F,MATCH(E377,CTS!$E:$E,0))),\"\",(INDEX(CTS!$F:$F,MATCH(E377,CTS!$E:$E,0))))","v":"CLIENT"},{"$f":"IF(ISNA(INDEX(CTS!$N:$N,MATCH(E377,CTS!$E:$E,0))),\"\",(INDEX(CTS!$N:$N,MATCH(E377,CTS!$E:$E,0))))","v":180.67226890756302},{"$f":"IF(ISNA(INDEX(CTS!$O:$O,MATCH(E377,CTS!$E:$E,0))),\"\",(INDEX(CTS!$O:$O,MATCH(E377,CTS!$E:$E,0))))","v":0},{"$f":"IF(ISNA(INDEX(CTS!$P:$P,MATCH(E377,CTS!$E:$E,0))),\"\",(INDEX(CTS!$P:$P,MATCH(E377,CTS!$E:$E,0))))","v":0},{"$f":"IF(ISNA(INDEX(CTS!$Q:$Q,MATCH(E377,CTS!$E:$E,0))),\"\",(INDEX(CTS!$Q:$Q,MATCH(E377,CTS!$E:$E,0))))","v":180.67226890756302},{"$f":"IF(ISNA(INDEX(CTS!$S:$S,MATCH(E377,CTS!$E:$E,0))),\"\",(INDEX(CTS!$S:$S,MATCH(E377,CTS!$E:$E,0))))","v":34.327731092436977},{"$f":"IF(ISNA(INDEX(CTS!$T:$T,MATCH(E377,CTS!$E:$E,0))),\"\",(INDEX(CTS!$T:$T,MATCH(E377,CTS!$E:$E,0))))","v":215},{"$f":"IF(ISNA(INDEX(CTS!$U:$U,MATCH(E377,CTS!$E:$E,0))),\"\",(INDEX(CTS!$U:$U,MATCH(E377,CTS!$E:$E,0))))","v":0},{"$f":"IF(ISNA(INDEX(CTS!$V:$V,MATCH(E377,CTS!$E:$E,0))),\"\",(INDEX(CTS!$V:$V,MATCH(E377,CTS!$E:$E,0))))","v":215},{"$f":"IFERROR(INDEX(CTS!$A:$A,MATCH(E377,CTS!$E:$E,0)),\".\")","v":"P"},{"$f":"IFERROR(IFERROR(INDEX(#REF!,MATCH(E377,#REF!,0)),IFERROR(INDEX(#REF!,MATCH(E377,#REF!,0)),INDEX(#REF!,MATCH(E377,#REF!,0)) )),\".\")","v":"."},null,{"$f":"IFERROR(VLOOKUP(E377,#REF!,8,FALSE),IFERROR(VLOOKUP(E377,#REF!,8,FALSE),IFERROR(VLOOKUP(E377,#REF!,8,FALSE),\"\")))","v":""},".-."]
[373,{"$f":"IFERROR(DAY(CTR[[#This Row],[Date]]),\"\")","v":28},{"$f":"IFERROR(MONTH(CTR[[#This Row],[Date]]),\"\")","v":1},{"$f":"IF(ISNA(INDEX(CTS!C:C,MATCH(E378,CTS!$E:$E,0))),\"\",(INDEX(CTS!C:C,MATCH(E378,CTS!$E:$E,0))))","v":44224},"01-373",{"$f":"IF(ISNA(INDEX(CTS!$F:$F,MATCH(E378,CTS!$E:$E,0))),\"\",(INDEX(CTS!$F:$F,MATCH(E378,CTS!$E:$E,0))))","v":"CLIENT"},{"$f":"IF(ISNA(INDEX(CTS!$N:$N,MATCH(E378,CTS!$E:$E,0))),\"\",(INDEX(CTS!$N:$N,MATCH(E378,CTS!$E:$E,0))))","v":267.22689075630257},{"$f":"IF(ISNA(INDEX(CTS!$O:$O,MATCH(E378,CTS!$E:$E,0))),\"\",(INDEX(CTS!$O:$O,MATCH(E378,CTS!$E:$E,0))))","v":0},{"$f":"IF(ISNA(INDEX(CTS!$P:$P,MATCH(E378,CTS!$E:$E,0))),\"\",(INDEX(CTS!$P:$P,MATCH(E378,CTS!$E:$E,0))))","v":0},{"$f":"IF(ISNA(INDEX(CTS!$Q:$Q,MATCH(E378,CTS!$E:$E,0))),\"\",(INDEX(CTS!$Q:$Q,MATCH(E378,CTS!$E:$E,0))))","v":267.22689075630257},{"$f":"IF(ISNA(INDEX(CTS!$S:$S,MATCH(E378,CTS!$E:$E,0))),\"\",(INDEX(CTS!$S:$S,MATCH(E378,CTS!$E:$E,0))))","v":50.77310924369749},{"$f":"IF(ISNA(INDEX(CTS!$T:$T,MATCH(E378,CTS!$E:$E,0))),\"\",(INDEX(CTS!$T:$T,MATCH(E378,CTS!$E:$E,0))))","v":318.00000000000006},{"$f":"IF(ISNA(INDEX(CTS!$U:$U,MATCH(E378,CTS!$E:$E,0))),\"\",(INDEX(CTS!$U:$U,MATCH(E378,CTS!$E:$E,0))))","v":0},{"$f":"IF(ISNA(INDEX(CTS!$V:$V,MATCH(E378,CTS!$E:$E,0))),\"\",(INDEX(CTS!$V:$V,MATCH(E378,CTS!$E:$E,0))))","v":318.00000000000006},{"$f":"IFERROR(INDEX(CTS!$A:$A,MATCH(E378,CTS!$E:$E,0)),\".\")","v":"P"},{"$f":"IFERROR(IFERROR(INDEX(#REF!,MATCH(E378,#REF!,0)),IFERROR(INDEX(#REF!,MATCH(E378,#REF!,0)),INDEX(#REF!,MATCH(E378,#REF!,0)) )),\".\")","v":"."},null,{"$f":"IFERROR(VLOOKUP(E378,#REF!,8,FALSE),IFERROR(VLOOKUP(E378,#REF!,8,FALSE),IFERROR(VLOOKUP(E378,#REF!,8,FALSE),\"\")))","v":""},".-."]
[374,{"$f":"IFERROR(DAY(CTR[[#This Row],[Date]]),\"\")","v":28},{"$f":"IFERROR(MONTH(CTR[[#This Row],[Date]]),\"\")","v":1},{"$f":"IF(ISNA(INDEX(CTS!C:C,MATCH(E379,CTS!$E:$E,0))),\"\",(INDEX(CTS!C:C,MATCH(E379,CTS!$E:$E,0))))","v":44224},"01-374",{"$f":"IF(ISNA(INDEX(CTS!$F:$F,MATCH(E379,CTS!$E:$E,0))),\"\",(INDEX(CTS!$F:$F,MATCH(E379,CTS!$E:$E,0))))","v":"CLIENT"},{"$f":"IF(ISNA(INDEX(CTS!$N:$N,MATCH(E379,CTS!$E:$E,0))),\"\",(INDEX(CTS!$N:$N,MATCH(E379,CTS!$E:$E,0))))","v":50.420168067226896},{"$f":"IF(ISNA(INDEX(CTS!$O:$O,MATCH(E379,CTS!$E:$E,0))),\"\",(INDEX(CTS!$O:$O,MATCH(E379,CTS!$E:$E,0))))","v":0},{"$f":"IF(ISNA(INDEX(CTS!$P:$P,MATCH(E379,CTS!$E:$E,0))),\"\",(INDEX(CTS!$P:$P,MATCH(E379,CTS!$E:$E,0))))","v":0},{"$f":"IF(ISNA(INDEX(CTS!$Q:$Q,MATCH(E379,CTS!$E:$E,0))),\"\",(INDEX(CTS!$Q:$Q,MATCH(E379,CTS!$E:$E,0))))","v":50.420168067226896},{"$f":"IF(ISNA(INDEX(CTS!$S:$S,MATCH(E379,CTS!$E:$E,0))),\"\",(INDEX(CTS!$S:$S,MATCH(E379,CTS!$E:$E,0))))","v":9.5798319327731107},{"$f":"IF(ISNA(INDEX(CTS!$T:$T,MATCH(E379,CTS!$E:$E,0))),\"\",(INDEX(CTS!$T:$T,MATCH(E379,CTS!$E:$E,0))))","v":60.000000000000007},{"$f":"IF(ISNA(INDEX(CTS!$U:$U,MATCH(E379,CTS!$E:$E,0))),\"\",(INDEX(CTS!$U:$U,MATCH(E379,CTS!$E:$E,0))))","v":0},{"$f":"IF(ISNA(INDEX(CTS!$V:$V,MATCH(E379,CTS!$E:$E,0))),\"\",(INDEX(CTS!$V:$V,MATCH(E379,CTS!$E:$E,0))))","v":60.000000000000007},{"$f":"IFERROR(INDEX(CTS!$A:$A,MATCH(E379,CTS!$E:$E,0)),\".\")","v":"P"},{"$f":"IFERROR(IFERROR(INDEX(#REF!,MATCH(E379,#REF!,0)),IFERROR(INDEX(#REF!,MATCH(E379,#REF!,0)),INDEX(#REF!,MATCH(E379,#REF!,0)) )),\".\")","v":"."},null,{"$f":"IFERROR(VLOOKUP(E379,#REF!,8,FALSE),IFERROR(VLOOKUP(E379,#REF!,8,FALSE),IFERROR(VLOOKUP(E379,#REF!,8,FALSE),\"\")))","v":""},".-."]
[375,{"$f":"IFERROR(DAY(CTR[[#This Row],[Date]]),\"\")","v":28},{"$f":"IFERROR(MONTH(CTR[[#This Row],[Date]]),\"\")","v":1},{"$f":"IF(ISNA(INDEX(CTS!C:C,MATCH(E380,CTS!$E:$E,0))),\"\",(INDEX(CTS!C:C,MATCH(E380,CTS!$E:$E,0))))","v":44224},"01-375",{"$f":"IF(ISNA(INDEX(CTS!$F:$F,MATCH(E380,CTS!$E:$E,0))),\"\",(INDEX(CTS!$F:$F,MATCH(E380,CTS!$E:$E,0))))","v":"CLIENT"},{"$f":"IF(ISNA(INDEX(CTS!$N:$N,MATCH(E380,CTS!$E:$E,0))),\"\",(INDEX(CTS!$N:$N,MATCH(E380,CTS!$E:$E,0))))","v":265.54621848739498},{"$f":"IF(ISNA(INDEX(CTS!$O:$O,MATCH(E380,CTS!$E:$E,0))),\"\",(INDEX(CTS!$O:$O,MATCH(E380,CTS!$E:$E,0))))","v":0},{"$f":"IF(ISNA(INDEX(CTS!$P:$P,MATCH(E380,CTS!$E:$E,0))),\"\",(INDEX(CTS!$P:$P,MATCH(E380,CTS!$E:$E,0))))","v":0},{"$f":"IF(ISNA(INDEX(CTS!$Q:$Q,MATCH(E380,CTS!$E:$E,0))),\"\",(INDEX(CTS!$Q:$Q,MATCH(E380,CTS!$E:$E,0))))","v":265.54621848739498},{"$f":"IF(ISNA(INDEX(CTS!$S:$S,MATCH(E380,CTS!$E:$E,0))),\"\",(INDEX(CTS!$S:$S,MATCH(E380,CTS!$E:$E,0))))","v":50.453781512605048},{"$f":"IF(ISNA(INDEX(CTS!$T:$T,MATCH(E380,CTS!$E:$E,0))),\"\",(INDEX(CTS!$T:$T,MATCH(E380,CTS!$E:$E,0))))","v":316},{"$f":"IF(ISNA(INDEX(CTS!$U:$U,MATCH(E380,CTS!$E:$E,0))),\"\",(INDEX(CTS!$U:$U,MATCH(E380,CTS!$E:$E,0))))","v":1},{"$f":"IF(ISNA(INDEX(CTS!$V:$V,MATCH(E380,CTS!$E:$E,0))),\"\",(INDEX(CTS!$V:$V,MATCH(E380,CTS!$E:$E,0))))","v":315},{"$f":"IFERROR(INDEX(CTS!$A:$A,MATCH(E380,CTS!$E:$E,0)),\".\")","v":"P"},{"$f":"IFERROR(IFERROR(INDEX(#REF!,MATCH(E380,#REF!,0)),IFERROR(INDEX(#REF!,MATCH(E380,#REF!,0)),INDEX(#REF!,MATCH(E380,#REF!,0)) )),\".\")","v":"."},null,{"$f":"IFERROR(VLOOKUP(E380,#REF!,8,FALSE),IFERROR(VLOOKUP(E380,#REF!,8,FALSE),IFERROR(VLOOKUP(E380,#REF!,8,FALSE),\"\")))","v":""},".-."]
[376,{"$f":"IFERROR(DAY(CTR[[#This Row],[Date]]),\"\")","v":28},{"$f":"IFERROR(MONTH(CTR[[#This Row],[Date]]),\"\")","v":1},{"$f":"IF(ISNA(INDEX(CTS!C:C,MATCH(E381,CTS!$E:$E,0))),\"\",(INDEX(CTS!C:C,MATCH(E381,CTS!$E:$E,0))))","v":44224},"01-376",{"$f":"IF(ISNA(INDEX(CTS!$F:$F,MATCH(E381,CTS!$E:$E,0))),\"\",(INDEX(CTS!$F:$F,MATCH(E381,CTS!$E:$E,0))))","v":"EB SANTE Algérie"},{"$f":"IF(ISNA(INDEX(CTS!$N:$N,MATCH(E381,CTS!$E:$E,0))),\"\",(INDEX(CTS!$N:$N,MATCH(E381,CTS!$E:$E,0))))","v":0},{"$f":"IF(ISNA(INDEX(CTS!$O:$O,MATCH(E381,CTS!$E:$E,0))),\"\",(INDEX(CTS!$O:$O,MATCH(E381,CTS!$E:$E,0))))","v":0},{"$f":"IF(ISNA(INDEX(CTS!$P:$P,MATCH(E381,CTS!$E:$E,0))),\"\",(INDEX(CTS!$P:$P,MATCH(E381,CTS!$E:$E,0))))","v":0},{"$f":"IF(ISNA(INDEX(CTS!$Q:$Q,MATCH(E381,CTS!$E:$E,0))),\"\",(INDEX(CTS!$Q:$Q,MATCH(E381,CTS!$E:$E,0))))","v":0},{"$f":"IF(ISNA(INDEX(CTS!$S:$S,MATCH(E381,CTS!$E:$E,0))),\"\",(INDEX(CTS!$S:$S,MATCH(E381,CTS!$E:$E,0))))","v":0},{"$f":"IF(ISNA(INDEX(CTS!$T:$T,MATCH(E381,CTS!$E:$E,0))),\"\",(INDEX(CTS!$T:$T,MATCH(E381,CTS!$E:$E,0))))","v":0},{"$f":"IF(ISNA(INDEX(CTS!$U:$U,MATCH(E381,CTS!$E:$E,0))),\"\",(INDEX(CTS!$U:$U,MATCH(E381,CTS!$E:$E,0))))","v":""},{"$f":"IF(ISNA(INDEX(CTS!$V:$V,MATCH(E381,CTS!$E:$E,0))),\"\",(INDEX(CTS!$V:$V,MATCH(E381,CTS!$E:$E,0))))","v":0},{"$f":"IFERROR(INDEX(CTS!$A:$A,MATCH(E381,CTS!$E:$E,0)),\".\")","v":"I"},{"$f":"IFERROR(IFERROR(INDEX(#REF!,MATCH(E381,#REF!,0)),IFERROR(INDEX(#REF!,MATCH(E381,#REF!,0)),INDEX(#REF!,MATCH(E381,#REF!,0)) )),\".\")","v":"."},null,{"$f":"IFERROR(VLOOKUP(E381,#REF!,8,FALSE),IFERROR(VLOOKUP(E381,#REF!,8,FALSE),IFERROR(VLOOKUP(E381,#REF!,8,FALSE),\"\")))","v":""},".-."]
[377,{"$f":"IFERROR(DAY(CTR[[#This Row],[Date]]),\"\")","v":28},{"$f":"IFERROR(MONTH(CTR[[#This Row],[Date]]),\"\")","v":1},{"$f":"IF(ISNA(INDEX(CTS!C:C,MATCH(E382,CTS!$E:$E,0))),\"\",(INDEX(CTS!C:C,MATCH(E382,CTS!$E:$E,0))))","v":44224},"01-377",{"$f":"IF(ISNA(INDEX(CTS!$F:$F,MATCH(E382,CTS!$E:$E,0))),\"\",(INDEX(CTS!$F:$F,MATCH(E382,CTS!$E:$E,0))))","v":"PROMOLIFE"},{"$f":"IF(ISNA(INDEX(CTS!$N:$N,MATCH(E382,CTS!$E:$E,0))),\"\",(INDEX(CTS!$N:$N,MATCH(E382,CTS!$E:$E,0))))","v":14042.01680672269},{"$f":"IF(ISNA(INDEX(CTS!$O:$O,MATCH(E382,CTS!$E:$E,0))),\"\",(INDEX(CTS!$O:$O,MATCH(E382,CTS!$E:$E,0))))","v":0},{"$f":"IF(ISNA(INDEX(CTS!$P:$P,MATCH(E382,CTS!$E:$E,0))),\"\",(INDEX(CTS!$P:$P,MATCH(E382,CTS!$E:$E,0))))","v":0},{"$f":"IF(ISNA(INDEX(CTS!$Q:$Q,MATCH(E382,CTS!$E:$E,0))),\"\",(INDEX(CTS!$Q:$Q,MATCH(E382,CTS!$E:$E,0))))","v":14042.01680672269},{"$f":"IF(ISNA(INDEX(CTS!$S:$S,MATCH(E382,CTS!$E:$E,0))),\"\",(INDEX(CTS!$S:$S,MATCH(E382,CTS!$E:$E,0))))","v":2667.9831932773113},{"$f":"IF(ISNA(INDEX(CTS!$T:$T,MATCH(E382,CTS!$E:$E,0))),\"\",(INDEX(CTS!$T:$T,MATCH(E382,CTS!$E:$E,0))))","v":16710},{"$f":"IF(ISNA(INDEX(CTS!$U:$U,MATCH(E382,CTS!$E:$E,0))),\"\",(INDEX(CTS!$U:$U,MATCH(E382,CTS!$E:$E,0))))","v":0},{"$f":"IF(ISNA(INDEX(CTS!$V:$V,MATCH(E382,CTS!$E:$E,0))),\"\",(INDEX(CTS!$V:$V,MATCH(E382,CTS!$E:$E,0))))","v":16710},{"$f":"IFERROR(INDEX(CTS!$A:$A,MATCH(E382,CTS!$E:$E,0)),\".\")","v":"I"},{"$f":"IFERROR(IFERROR(INDEX(#REF!,MATCH(E382,#REF!,0)),IFERROR(INDEX(#REF!,MATCH(E382,#REF!,0)),INDEX(#REF!,MATCH(E382,#REF!,0)) )),\".\")","v":"."},null,{"$f":"IFERROR(VLOOKUP(E382,#REF!,8,FALSE),IFERROR(VLOOKUP(E382,#REF!,8,FALSE),IFERROR(VLOOKUP(E382,#REF!,8,FALSE),\"\")))","v":""},".-."]
[378,{"$f":"IFERROR(DAY(CTR[[#This Row],[Date]]),\"\")","v":28},{"$f":"IFERROR(MONTH(CTR[[#This Row],[Date]]),\"\")","v":1},{"$f":"IF(ISNA(INDEX(CTS!C:C,MATCH(E383,CTS!$E:$E,0))),\"\",(INDEX(CTS!C:C,MATCH(E383,CTS!$E:$E,0))))","v":44224},"01-378",{"$f":"IF(ISNA(INDEX(CTS!$F:$F,MATCH(E383,CTS!$E:$E,0))),\"\",(INDEX(CTS!$F:$F,MATCH(E383,CTS!$E:$E,0))))","v":"CLIENT"},{"$f":"IF(ISNA(INDEX(CTS!$N:$N,MATCH(E383,CTS!$E:$E,0))),\"\",(INDEX(CTS!$N:$N,MATCH(E383,CTS!$E:$E,0))))","v":6497.4789915966394},{"$f":"IF(ISNA(INDEX(CTS!$O:$O,MATCH(E383,CTS!$E:$E,0))),\"\",(INDEX(CTS!$O:$O,MATCH(E383,CTS!$E:$E,0))))","v":0},{"$f":"IF(ISNA(INDEX(CTS!$P:$P,MATCH(E383,CTS!$E:$E,0))),\"\",(INDEX(CTS!$P:$P,MATCH(E383,CTS!$E:$E,0))))","v":0},{"$f":"IF(ISNA(INDEX(CTS!$Q:$Q,MATCH(E383,CTS!$E:$E,0))),\"\",(INDEX(CTS!$Q:$Q,MATCH(E383,CTS!$E:$E,0))))","v":6497.4789915966394},{"$f":"IF(ISNA(INDEX(CTS!$S:$S,MATCH(E383,CTS!$E:$E,0))),\"\",(INDEX(CTS!$S:$S,MATCH(E383,CTS!$E:$E,0))))","v":1234.5210084033615},{"$f":"IF(ISNA(INDEX(CTS!$T:$T,MATCH(E383,CTS!$E:$E,0))),\"\",(INDEX(CTS!$T:$T,MATCH(E383,CTS!$E:$E,0))))","v":7732.0000000000009},{"$f":"IF(ISNA(INDEX(CTS!$U:$U,MATCH(E383,CTS!$E:$E,0))),\"\",(INDEX(CTS!$U:$U,MATCH(E383,CTS!$E:$E,0))))","v":2},{"$f":"IF(ISNA(INDEX(CTS!$V:$V,MATCH(E383,CTS!$E:$E,0))),\"\",(INDEX(CTS!$V:$V,MATCH(E383,CTS!$E:$E,0))))","v":7730.0000000000009},{"$f":"IFERROR(INDEX(CTS!$A:$A,MATCH(E383,CTS!$E:$E,0)),\".\")","v":"P"},{"$f":"IFERROR(IFERROR(INDEX(#REF!,MATCH(E383,#REF!,0)),IFERROR(INDEX(#REF!,MATCH(E383,#REF!,0)),INDEX(#REF!,MATCH(E383,#REF!,0)) )),\".\")","v":"."},null,{"$f":"IFERROR(VLOOKUP(E383,#REF!,8,FALSE),IFERROR(VLOOKUP(E383,#REF!,8,FALSE),IFERROR(VLOOKUP(E383,#REF!,8,FALSE),\"\")))","v":""},".-."]
[379,{"$f":"IFERROR(DAY(CTR[[#This Row],[Date]]),\"\")","v":28},{"$f":"IFERROR(MONTH(CTR[[#This Row],[Date]]),\"\")","v":1},{"$f":"IF(ISNA(INDEX(CTS!C:C,MATCH(E384,CTS!$E:$E,0))),\"\",(INDEX(CTS!C:C,MATCH(E384,CTS!$E:$E,0))))","v":44224},"01-379",{"$f":"IF(ISNA(INDEX(CTS!$F:$F,MATCH(E384,CTS!$E:$E,0))),\"\",(INDEX(CTS!$F:$F,MATCH(E384,CTS!$E:$E,0))))","v":"CLIENT"},{"$f":"IF(ISNA(INDEX(CTS!$N:$N,MATCH(E384,CTS!$E:$E,0))),\"\",(INDEX(CTS!$N:$N,MATCH(E384,CTS!$E:$E,0))))","v":336.1344537815126},{"$f":"IF(ISNA(INDEX(CTS!$O:$O,MATCH(E384,CTS!$E:$E,0))),\"\",(INDEX(CTS!$O:$O,MATCH(E384,CTS!$E:$E,0))))","v":0},{"$f":"IF(ISNA(INDEX(CTS!$P:$P,MATCH(E384,CTS!$E:$E,0))),\"\",(INDEX(CTS!$P:$P,MATCH(E384,CTS!$E:$E,0))))","v":0},{"$f":"IF(ISNA(INDEX(CTS!$Q:$Q,MATCH(E384,CTS!$E:$E,0))),\"\",(INDEX(CTS!$Q:$Q,MATCH(E384,CTS!$E:$E,0))))","v":336.1344537815126},{"$f":"IF(ISNA(INDEX(CTS!$S:$S,MATCH(E384,CTS!$E:$E,0))),\"\",(INDEX(CTS!$S:$S,MATCH(E384,CTS!$E:$E,0))))","v":63.865546218487395},{"$f":"IF(ISNA(INDEX(CTS!$T:$T,MATCH(E384,CTS!$E:$E,0))),\"\",(INDEX(CTS!$T:$T,MATCH(E384,CTS!$E:$E,0))))","v":400},{"$f":"IF(ISNA(INDEX(CTS!$U:$U,MATCH(E384,CTS!$E:$E,0))),\"\",(INDEX(CTS!$U:$U,MATCH(E384,CTS!$E:$E,0))))","v":0},{"$f":"IF(ISNA(INDEX(CTS!$V:$V,MATCH(E384,CTS!$E:$E,0))),\"\",(INDEX(CTS!$V:$V,MATCH(E384,CTS!$E:$E,0))))","v":400},{"$f":"IFERROR(INDEX(CTS!$A:$A,MATCH(E384,CTS!$E:$E,0)),\".\")","v":"P"},{"$f":"IFERROR(IFERROR(INDEX(#REF!,MATCH(E384,#REF!,0)),IFERROR(INDEX(#REF!,MATCH(E384,#REF!,0)),INDEX(#REF!,MATCH(E384,#REF!,0)) )),\".\")","v":"."},null,{"$f":"IFERROR(VLOOKUP(E384,#REF!,8,FALSE),IFERROR(VLOOKUP(E384,#REF!,8,FALSE),IFERROR(VLOOKUP(E384,#REF!,8,FALSE),\"\")))","v":""},".-."]
[380,{"$f":"IFERROR(DAY(CTR[[#This Row],[Date]]),\"\")","v":28},{"$f":"IFERROR(MONTH(CTR[[#This Row],[Date]]),\"\")","v":1},{"$f":"IF(ISNA(INDEX(CTS!C:C,MATCH(E385,CTS!$E:$E,0))),\"\",(INDEX(CTS!C:C,MATCH(E385,CTS!$E:$E,0))))","v":44224},"01-380",{"$f":"IF(ISNA(INDEX(CTS!$F:$F,MATCH(E385,CTS!$E:$E,0))),\"\",(INDEX(CTS!$F:$F,MATCH(E385,CTS!$E:$E,0))))","v":"CLIENT"},{"$f":"IF(ISNA(INDEX(CTS!$N:$N,MATCH(E385,CTS!$E:$E,0))),\"\",(INDEX(CTS!$N:$N,MATCH(E385,CTS!$E:$E,0))))","v":3057.1428571437818},{"$f":"IF(ISNA(INDEX(CTS!$O:$O,MATCH(E385,CTS!$E:$E,0))),\"\",(INDEX(CTS!$O:$O,MATCH(E385,CTS!$E:$E,0))))","v":0},{"$f":"IF(ISNA(INDEX(CTS!$P:$P,MATCH(E385,CTS!$E:$E,0))),\"\",(INDEX(CTS!$P:$P,MATCH(E385,CTS!$E:$E,0))))","v":0},{"$f":"IF(ISNA(INDEX(CTS!$Q:$Q,MATCH(E385,CTS!$E:$E,0))),\"\",(INDEX(CTS!$Q:$Q,MATCH(E385,CTS!$E:$E,0))))","v":3057.1428571437818},{"$f":"IF(ISNA(INDEX(CTS!$S:$S,MATCH(E385,CTS!$E:$E,0))),\"\",(INDEX(CTS!$S:$S,MATCH(E385,CTS!$E:$E,0))))","v":580.85714285731854},{"$f":"IF(ISNA(INDEX(CTS!$T:$T,MATCH(E385,CTS!$E:$E,0))),\"\",(INDEX(CTS!$T:$T,MATCH(E385,CTS!$E:$E,0))))","v":3638.0000000011005},{"$f":"IF(ISNA(INDEX(CTS!$U:$U,MATCH(E385,CTS!$E:$E,0))),\"\",(INDEX(CTS!$U:$U,MATCH(E385,CTS!$E:$E,0))))","v":8},{"$f":"IF(ISNA(INDEX(CTS!$V:$V,MATCH(E385,CTS!$E:$E,0))),\"\",(INDEX(CTS!$V:$V,MATCH(E385,CTS!$E:$E,0))))","v":3630.0000000011005},{"$f":"IFERROR(INDEX(CTS!$A:$A,MATCH(E385,CTS!$E:$E,0)),\".\")","v":"P"},{"$f":"IFERROR(IFERROR(INDEX(#REF!,MATCH(E385,#REF!,0)),IFERROR(INDEX(#REF!,MATCH(E385,#REF!,0)),INDEX(#REF!,MATCH(E385,#REF!,0)) )),\".\")","v":"."},null,{"$f":"IFERROR(VLOOKUP(E385,#REF!,8,FALSE),IFERROR(VLOOKUP(E385,#REF!,8,FALSE),IFERROR(VLOOKUP(E385,#REF!,8,FALSE),\"\")))","v":""},".-."]
[381,{"$f":"IFERROR(DAY(CTR[[#This Row],[Date]]),\"\")","v":28},{"$f":"IFERROR(MONTH(CTR[[#This Row],[Date]]),\"\")","v":1},{"$f":"IF(ISNA(INDEX(CTS!C:C,MATCH(E386,CTS!$E:$E,0))),\"\",(INDEX(CTS!C:C,MATCH(E386,CTS!$E:$E,0))))","v":44224},"01-381",{"$f":"IF(ISNA(INDEX(CTS!$F:$F,MATCH(E386,CTS!$E:$E,0))),\"\",(INDEX(CTS!$F:$F,MATCH(E386,CTS!$E:$E,0))))","v":"CLIENT"},{"$f":"IF(ISNA(INDEX(CTS!$N:$N,MATCH(E386,CTS!$E:$E,0))),\"\",(INDEX(CTS!$N:$N,MATCH(E386,CTS!$E:$E,0))))","v":363.02521008403363},{"$f":"IF(ISNA(INDEX(CTS!$O:$O,MATCH(E386,CTS!$E:$E,0))),\"\",(INDEX(CTS!$O:$O,MATCH(E386,CTS!$E:$E,0))))","v":0},{"$f":"IF(ISNA(INDEX(CTS!$P:$P,MATCH(E386,CTS!$E:$E,0))),\"\",(INDEX(CTS!$P:$P,MATCH(E386,CTS!$E:$E,0))))","v":0},{"$f":"IF(ISNA(INDEX(CTS!$Q:$Q,MATCH(E386,CTS!$E:$E,0))),\"\",(INDEX(CTS!$Q:$Q,MATCH(E386,CTS!$E:$E,0))))","v":363.02521008403363},{"$f":"IF(ISNA(INDEX(CTS!$S:$S,MATCH(E386,CTS!$E:$E,0))),\"\",(INDEX(CTS!$S:$S,MATCH(E386,CTS!$E:$E,0))))","v":68.974789915966397},{"$f":"IF(ISNA(INDEX(CTS!$T:$T,MATCH(E386,CTS!$E:$E,0))),\"\",(INDEX(CTS!$T:$T,MATCH(E386,CTS!$E:$E,0))))","v":432},{"$f":"IF(ISNA(INDEX(CTS!$U:$U,MATCH(E386,CTS!$E:$E,0))),\"\",(INDEX(CTS!$U:$U,MATCH(E386,CTS!$E:$E,0))))","v":2},{"$f":"IF(ISNA(INDEX(CTS!$V:$V,MATCH(E386,CTS!$E:$E,0))),\"\",(INDEX(CTS!$V:$V,MATCH(E386,CTS!$E:$E,0))))","v":430},{"$f":"IFERROR(INDEX(CTS!$A:$A,MATCH(E386,CTS!$E:$E,0)),\".\")","v":"P"},{"$f":"IFERROR(IFERROR(INDEX(#REF!,MATCH(E386,#REF!,0)),IFERROR(INDEX(#REF!,MATCH(E386,#REF!,0)),INDEX(#REF!,MATCH(E386,#REF!,0)) )),\".\")","v":"."},null,{"$f":"IFERROR(VLOOKUP(E386,#REF!,8,FALSE),IFERROR(VLOOKUP(E386,#REF!,8,FALSE),IFERROR(VLOOKUP(E386,#REF!,8,FALSE),\"\")))","v":""},".-."]
[382,{"$f":"IFERROR(DAY(CTR[[#This Row],[Date]]),\"\")","v":31},{"$f":"IFERROR(MONTH(CTR[[#This Row],[Date]]),\"\")","v":1},{"$f":"IF(ISNA(INDEX(CTS!C:C,MATCH(E387,CTS!$E:$E,0))),\"\",(INDEX(CTS!C:C,MATCH(E387,CTS!$E:$E,0))))","v":44227},"01-382",{"$f":"IF(ISNA(INDEX(CTS!$F:$F,MATCH(E387,CTS!$E:$E,0))),\"\",(INDEX(CTS!$F:$F,MATCH(E387,CTS!$E:$E,0))))","v":"CLIENT"},{"$f":"IF(ISNA(INDEX(CTS!$N:$N,MATCH(E387,CTS!$E:$E,0))),\"\",(INDEX(CTS!$N:$N,MATCH(E387,CTS!$E:$E,0))))","v":67.226890756302524},{"$f":"IF(ISNA(INDEX(CTS!$O:$O,MATCH(E387,CTS!$E:$E,0))),\"\",(INDEX(CTS!$O:$O,MATCH(E387,CTS!$E:$E,0))))","v":0},{"$f":"IF(ISNA(INDEX(CTS!$P:$P,MATCH(E387,CTS!$E:$E,0))),\"\",(INDEX(CTS!$P:$P,MATCH(E387,CTS!$E:$E,0))))","v":0},{"$f":"IF(ISNA(INDEX(CTS!$Q:$Q,MATCH(E387,CTS!$E:$E,0))),\"\",(INDEX(CTS!$Q:$Q,MATCH(E387,CTS!$E:$E,0))))","v":67.226890756302524},{"$f":"IF(ISNA(INDEX(CTS!$S:$S,MATCH(E387,CTS!$E:$E,0))),\"\",(INDEX(CTS!$S:$S,MATCH(E387,CTS!$E:$E,0))))","v":12.77310924369748},{"$f":"IF(ISNA(INDEX(CTS!$T:$T,MATCH(E387,CTS!$E:$E,0))),\"\",(INDEX(CTS!$T:$T,MATCH(E387,CTS!$E:$E,0))))","v":80},{"$f":"IF(ISNA(INDEX(CTS!$U:$U,MATCH(E387,CTS!$E:$E,0))),\"\",(INDEX(CTS!$U:$U,MATCH(E387,CTS!$E:$E,0))))","v":0},{"$f":"IF(ISNA(INDEX(CTS!$V:$V,MATCH(E387,CTS!$E:$E,0))),\"\",(INDEX(CTS!$V:$V,MATCH(E387,CTS!$E:$E,0))))","v":80},{"$f":"IFERROR(INDEX(CTS!$A:$A,MATCH(E387,CTS!$E:$E,0)),\".\")","v":"P"},{"$f":"IFERROR(IFERROR(INDEX(#REF!,MATCH(E387,#REF!,0)),IFERROR(INDEX(#REF!,MATCH(E387,#REF!,0)),INDEX(#REF!,MATCH(E387,#REF!,0)) )),\".\")","v":"."},null,{"$f":"IFERROR(VLOOKUP(E387,#REF!,8,FALSE),IFERROR(VLOOKUP(E387,#REF!,8,FALSE),IFERROR(VLOOKUP(E387,#REF!,8,FALSE),\"\")))","v":""},".-."]
[383,{"$f":"IFERROR(DAY(CTR[[#This Row],[Date]]),\"\")","v":31},{"$f":"IFERROR(MONTH(CTR[[#This Row],[Date]]),\"\")","v":1},{"$f":"IF(ISNA(INDEX(CTS!C:C,MATCH(E388,CTS!$E:$E,0))),\"\",(INDEX(CTS!C:C,MATCH(E388,CTS!$E:$E,0))))","v":44227},"01-383",{"$f":"IF(ISNA(INDEX(CTS!$F:$F,MATCH(E388,CTS!$E:$E,0))),\"\",(INDEX(CTS!$F:$F,MATCH(E388,CTS!$E:$E,0))))","v":"CLIENT"},{"$f":"IF(ISNA(INDEX(CTS!$N:$N,MATCH(E388,CTS!$E:$E,0))),\"\",(INDEX(CTS!$N:$N,MATCH(E388,CTS!$E:$E,0))))","v":2194.9579831932774},{"$f":"IF(ISNA(INDEX(CTS!$O:$O,MATCH(E388,CTS!$E:$E,0))),\"\",(INDEX(CTS!$O:$O,MATCH(E388,CTS!$E:$E,0))))","v":0},{"$f":"IF(ISNA(INDEX(CTS!$P:$P,MATCH(E388,CTS!$E:$E,0))),\"\",(INDEX(CTS!$P:$P,MATCH(E388,CTS!$E:$E,0))))","v":0},{"$f":"IF(ISNA(INDEX(CTS!$Q:$Q,MATCH(E388,CTS!$E:$E,0))),\"\",(INDEX(CTS!$Q:$Q,MATCH(E388,CTS!$E:$E,0))))","v":2194.9579831932774},{"$f":"IF(ISNA(INDEX(CTS!$S:$S,MATCH(E388,CTS!$E:$E,0))),\"\",(INDEX(CTS!$S:$S,MATCH(E388,CTS!$E:$E,0))))","v":417.0420168067227},{"$f":"IF(ISNA(INDEX(CTS!$T:$T,MATCH(E388,CTS!$E:$E,0))),\"\",(INDEX(CTS!$T:$T,MATCH(E388,CTS!$E:$E,0))))","v":2612},{"$f":"IF(ISNA(INDEX(CTS!$U:$U,MATCH(E388,CTS!$E:$E,0))),\"\",(INDEX(CTS!$U:$U,MATCH(E388,CTS!$E:$E,0))))","v":42},{"$f":"IF(ISNA(INDEX(CTS!$V:$V,MATCH(E388,CTS!$E:$E,0))),\"\",(INDEX(CTS!$V:$V,MATCH(E388,CTS!$E:$E,0))))","v":2570},{"$f":"IFERROR(INDEX(CTS!$A:$A,MATCH(E388,CTS!$E:$E,0)),\".\")","v":"P"},{"$f":"IFERROR(IFERROR(INDEX(#REF!,MATCH(E388,#REF!,0)),IFERROR(INDEX(#REF!,MATCH(E388,#REF!,0)),INDEX(#REF!,MATCH(E388,#REF!,0)) )),\".\")","v":"."},null,{"$f":"IFERROR(VLOOKUP(E388,#REF!,8,FALSE),IFERROR(VLOOKUP(E388,#REF!,8,FALSE),IFERROR(VLOOKUP(E388,#REF!,8,FALSE),\"\")))","v":""},".-."]
[384,{"$f":"IFERROR(DAY(CTR[[#This Row],[Date]]),\"\")","v":31},{"$f":"IFERROR(MONTH(CTR[[#This Row],[Date]]),\"\")","v":1},{"$f":"IF(ISNA(INDEX(CTS!C:C,MATCH(E389,CTS!$E:$E,0))),\"\",(INDEX(CTS!C:C,MATCH(E389,CTS!$E:$E,0))))","v":44227},"01-384",{"$f":"IF(ISNA(INDEX(CTS!$F:$F,MATCH(E389,CTS!$E:$E,0))),\"\",(INDEX(CTS!$F:$F,MATCH(E389,CTS!$E:$E,0))))","v":"CLIENT"},{"$f":"IF(ISNA(INDEX(CTS!$N:$N,MATCH(E389,CTS!$E:$E,0))),\"\",(INDEX(CTS!$N:$N,MATCH(E389,CTS!$E:$E,0))))","v":210.08403361344537},{"$f":"IF(ISNA(INDEX(CTS!$O:$O,MATCH(E389,CTS!$E:$E,0))),\"\",(INDEX(CTS!$O:$O,MATCH(E389,CTS!$E:$E,0))))","v":0},{"$f":"IF(ISNA(INDEX(CTS!$P:$P,MATCH(E389,CTS!$E:$E,0))),\"\",(INDEX(CTS!$P:$P,MATCH(E389,CTS!$E:$E,0))))","v":0},{"$f":"IF(ISNA(INDEX(CTS!$Q:$Q,MATCH(E389,CTS!$E:$E,0))),\"\",(INDEX(CTS!$Q:$Q,MATCH(E389,CTS!$E:$E,0))))","v":210.08403361344537},{"$f":"IF(ISNA(INDEX(CTS!$S:$S,MATCH(E389,CTS!$E:$E,0))),\"\",(INDEX(CTS!$S:$S,MATCH(E389,CTS!$E:$E,0))))","v":39.915966386554622},{"$f":"IF(ISNA(INDEX(CTS!$T:$T,MATCH(E389,CTS!$E:$E,0))),\"\",(INDEX(CTS!$T:$T,MATCH(E389,CTS!$E:$E,0))))","v":250},{"$f":"IF(ISNA(INDEX(CTS!$U:$U,MATCH(E389,CTS!$E:$E,0))),\"\",(INDEX(CTS!$U:$U,MATCH(E389,CTS!$E:$E,0))))","v":0},{"$f":"IF(ISNA(INDEX(CTS!$V:$V,MATCH(E389,CTS!$E:$E,0))),\"\",(INDEX(CTS!$V:$V,MATCH(E389,CTS!$E:$E,0))))","v":250},{"$f":"IFERROR(INDEX(CTS!$A:$A,MATCH(E389,CTS!$E:$E,0)),\".\")","v":"P"},{"$f":"IFERROR(IFERROR(INDEX(#REF!,MATCH(E389,#REF!,0)),IFERROR(INDEX(#REF!,MATCH(E389,#REF!,0)),INDEX(#REF!,MATCH(E389,#REF!,0)) )),\".\")","v":"."},null,{"$f":"IFERROR(VLOOKUP(E389,#REF!,8,FALSE),IFERROR(VLOOKUP(E389,#REF!,8,FALSE),IFERROR(VLOOKUP(E389,#REF!,8,FALSE),\"\")))","v":""},".-."]
[385,{"$f":"IFERROR(DAY(CTR[[#This Row],[Date]]),\"\")","v":31},{"$f":"IFERROR(MONTH(CTR[[#This Row],[Date]]),\"\")","v":1},{"$f":"IF(ISNA(INDEX(CTS!C:C,MATCH(E390,CTS!$E:$E,0))),\"\",(INDEX(CTS!C:C,MATCH(E390,CTS!$E:$E,0))))","v":44227},"01-385",{"$f":"IF(ISNA(INDEX(CTS!$F:$F,MATCH(E390,CTS!$E:$E,0))),\"\",(INDEX(CTS!$F:$F,MATCH(E390,CTS!$E:$E,0))))","v":"CLIENT"},{"$f":"IF(ISNA(INDEX(CTS!$N:$N,MATCH(E390,CTS!$E:$E,0))),\"\",(INDEX(CTS!$N:$N,MATCH(E390,CTS!$E:$E,0))))","v":221.84873949579836},{"$f":"IF(ISNA(INDEX(CTS!$O:$O,MATCH(E390,CTS!$E:$E,0))),\"\",(INDEX(CTS!$O:$O,MATCH(E390,CTS!$E:$E,0))))","v":0},{"$f":"IF(ISNA(INDEX(CTS!$P:$P,MATCH(E390,CTS!$E:$E,0))),\"\",(INDEX(CTS!$P:$P,MATCH(E390,CTS!$E:$E,0))))","v":0},{"$f":"IF(ISNA(INDEX(CTS!$Q:$Q,MATCH(E390,CTS!$E:$E,0))),\"\",(INDEX(CTS!$Q:$Q,MATCH(E390,CTS!$E:$E,0))))","v":221.84873949579836},{"$f":"IF(ISNA(INDEX(CTS!$S:$S,MATCH(E390,CTS!$E:$E,0))),\"\",(INDEX(CTS!$S:$S,MATCH(E390,CTS!$E:$E,0))))","v":42.151260504201687},{"$f":"IF(ISNA(INDEX(CTS!$T:$T,MATCH(E390,CTS!$E:$E,0))),\"\",(INDEX(CTS!$T:$T,MATCH(E390,CTS!$E:$E,0))))","v":264.00000000000006},{"$f":"IF(ISNA(INDEX(CTS!$U:$U,MATCH(E390,CTS!$E:$E,0))),\"\",(INDEX(CTS!$U:$U,MATCH(E390,CTS!$E:$E,0))))","v":-1},{"$f":"IF(ISNA(INDEX(CTS!$V:$V,MATCH(E390,CTS!$E:$E,0))),\"\",(INDEX(CTS!$V:$V,MATCH(E390,CTS!$E:$E,0))))","v":265.00000000000006},{"$f":"IFERROR(INDEX(CTS!$A:$A,MATCH(E390,CTS!$E:$E,0)),\".\")","v":"P"},{"$f":"IFERROR(IFERROR(INDEX(#REF!,MATCH(E390,#REF!,0)),IFERROR(INDEX(#REF!,MATCH(E390,#REF!,0)),INDEX(#REF!,MATCH(E390,#REF!,0)) )),\".\")","v":"."},null,{"$f":"IFERROR(VLOOKUP(E390,#REF!,8,FALSE),IFERROR(VLOOKUP(E390,#REF!,8,FALSE),IFERROR(VLOOKUP(E390,#REF!,8,FALSE),\"\")))","v":""},{"$f":"IFERROR(TEXT(P390,\"mm\") & \"-\" & TEXT(P390,\"aaaa\"),\"\")","v":".-."}]
[386,{"$f":"IFERROR(DAY(CTR[[#This Row],[Date]]),\"\")","v":31},{"$f":"IFERROR(MONTH(CTR[[#This Row],[Date]]),\"\")","v":1},{"$f":"IF(ISNA(INDEX(CTS!C:C,MATCH(E391,CTS!$E:$E,0))),\"\",(INDEX(CTS!C:C,MATCH(E391,CTS!$E:$E,0))))","v":44227},"01-386",{"$f":"IF(ISNA(INDEX(CTS!$F:$F,MATCH(E391,CTS!$E:$E,0))),\"\",(INDEX(CTS!$F:$F,MATCH(E391,CTS!$E:$E,0))))","v":"LARSEN & TOUBRO LTD"},{"$f":"IF(ISNA(INDEX(CTS!$N:$N,MATCH(E391,CTS!$E:$E,0))),\"\",(INDEX(CTS!$N:$N,MATCH(E391,CTS!$E:$E,0))))","v":3007.2},{"$f":"IF(ISNA(INDEX(CTS!$O:$O,MATCH(E391,CTS!$E:$E,0))),\"\",(INDEX(CTS!$O:$O,MATCH(E391,CTS!$E:$E,0))))","v":0},{"$f":"IF(ISNA(INDEX(CTS!$P:$P,MATCH(E391,CTS!$E:$E,0))),\"\",(INDEX(CTS!$P:$P,MATCH(E391,CTS!$E:$E,0))))","v":0},{"$f":"IF(ISNA(INDEX(CTS!$Q:$Q,MATCH(E391,CTS!$E:$E,0))),\"\",(INDEX(CTS!$Q:$Q,MATCH(E391,CTS!$E:$E,0))))","v":3007.2},{"$f":"IF(ISNA(INDEX(CTS!$S:$S,MATCH(E391,CTS!$E:$E,0))),\"\",(INDEX(CTS!$S:$S,MATCH(E391,CTS!$E:$E,0))))","v":571.36799999999994},{"$f":"IF(ISNA(INDEX(CTS!$T:$T,MATCH(E391,CTS!$E:$E,0))),\"\",(INDEX(CTS!$T:$T,MATCH(E391,CTS!$E:$E,0))))","v":3578.5679999999998},{"$f":"IF(ISNA(INDEX(CTS!$U:$U,MATCH(E391,CTS!$E:$E,0))),\"\",(INDEX(CTS!$U:$U,MATCH(E391,CTS!$E:$E,0))))","v":0},{"$f":"IF(ISNA(INDEX(CTS!$V:$V,MATCH(E391,CTS!$E:$E,0))),\"\",(INDEX(CTS!$V:$V,MATCH(E391,CTS!$E:$E,0))))","v":3578.5679999999998},{"$f":"IFERROR(INDEX(CTS!$A:$A,MATCH(E391,CTS!$E:$E,0)),\".\")","v":"C"},{"$f":"IFERROR(IFERROR(INDEX(#REF!,MATCH(E391,#REF!,0)),IFERROR(INDEX(#REF!,MATCH(E391,#REF!,0)),INDEX(#REF!,MATCH(E391,#REF!,0)) )),\".\")","v":"."},null,{"$f":"IFERROR(VLOOKUP(E391,#REF!,8,FALSE),IFERROR(VLOOKUP(E391,#REF!,8,FALSE),IFERROR(VLOOKUP(E391,#REF!,8,FALSE),\"\")))","v":""},".-."]
[387,{"$f":"IFERROR(DAY(CTR[[#This Row],[Date]]),\"\")","v":31},{"$f":"IFERROR(MONTH(CTR[[#This Row],[Date]]),\"\")","v":1},{"$f":"IF(ISNA(INDEX(CTS!C:C,MATCH(E392,CTS!$E:$E,0))),\"\",(INDEX(CTS!C:C,MATCH(E392,CTS!$E:$E,0))))","v":44227},"01-387",{"$f":"IF(ISNA(INDEX(CTS!$F:$F,MATCH(E392,CTS!$E:$E,0))),\"\",(INDEX(CTS!$F:$F,MATCH(E392,CTS!$E:$E,0))))","v":"CLIENT"},{"$f":"IF(ISNA(INDEX(CTS!$N:$N,MATCH(E392,CTS!$E:$E,0))),\"\",(INDEX(CTS!$N:$N,MATCH(E392,CTS!$E:$E,0))))","v":171.42857142857144},{"$f":"IF(ISNA(INDEX(CTS!$O:$O,MATCH(E392,CTS!$E:$E,0))),\"\",(INDEX(CTS!$O:$O,MATCH(E392,CTS!$E:$E,0))))","v":0},{"$f":"IF(ISNA(INDEX(CTS!$P:$P,MATCH(E392,CTS!$E:$E,0))),\"\",(INDEX(CTS!$P:$P,MATCH(E392,CTS!$E:$E,0))))","v":0},{"$f":"IF(ISNA(INDEX(CTS!$Q:$Q,MATCH(E392,CTS!$E:$E,0))),\"\",(INDEX(CTS!$Q:$Q,MATCH(E392,CTS!$E:$E,0))))","v":171.42857142857144},{"$f":"IF(ISNA(INDEX(CTS!$S:$S,MATCH(E392,CTS!$E:$E,0))),\"\",(INDEX(CTS!$S:$S,MATCH(E392,CTS!$E:$E,0))))","v":32.571428571428577},{"$f":"IF(ISNA(INDEX(CTS!$T:$T,MATCH(E392,CTS!$E:$E,0))),\"\",(INDEX(CTS!$T:$T,MATCH(E392,CTS!$E:$E,0))))","v":204.00000000000003},{"$f":"IF(ISNA(INDEX(CTS!$U:$U,MATCH(E392,CTS!$E:$E,0))),\"\",(INDEX(CTS!$U:$U,MATCH(E392,CTS!$E:$E,0))))","v":4},{"$f":"IF(ISNA(INDEX(CTS!$V:$V,MATCH(E392,CTS!$E:$E,0))),\"\",(INDEX(CTS!$V:$V,MATCH(E392,CTS!$E:$E,0))))","v":200.00000000000003},{"$f":"IFERROR(INDEX(CTS!$A:$A,MATCH(E392,CTS!$E:$E,0)),\".\")","v":"P"},{"$f":"IFERROR(IFERROR(INDEX(#REF!,MATCH(E392,#REF!,0)),IFERROR(INDEX(#REF!,MATCH(E392,#REF!,0)),INDEX(#REF!,MATCH(E392,#REF!,0)) )),\".\")","v":"."},null,{"$f":"IFERROR(VLOOKUP(E392,#REF!,8,FALSE),IFERROR(VLOOKUP(E392,#REF!,8,FALSE),IFERROR(VLOOKUP(E392,#REF!,8,FALSE),\"\")))","v":""},".-."]
[388,{"$f":"IFERROR(DAY(CTR[[#This Row],[Date]]),\"\")","v":31},{"$f":"IFERROR(MONTH(CTR[[#This Row],[Date]]),\"\")","v":1},{"$f":"IF(ISNA(INDEX(CTS!C:C,MATCH(E393,CTS!$E:$E,0))),\"\",(INDEX(CTS!C:C,MATCH(E393,CTS!$E:$E,0))))","v":44227},"01-388",{"$f":"IF(ISNA(INDEX(CTS!$F:$F,MATCH(E393,CTS!$E:$E,0))),\"\",(INDEX(CTS!$F:$F,MATCH(E393,CTS!$E:$E,0))))","v":"CLIENT"},{"$f":"IF(ISNA(INDEX(CTS!$N:$N,MATCH(E393,CTS!$E:$E,0))),\"\",(INDEX(CTS!$N:$N,MATCH(E393,CTS!$E:$E,0))))","v":356.30252100840335},{"$f":"IF(ISNA(INDEX(CTS!$O:$O,MATCH(E393,CTS!$E:$E,0))),\"\",(INDEX(CTS!$O:$O,MATCH(E393,CTS!$E:$E,0))))","v":0},{"$f":"IF(ISNA(INDEX(CTS!$P:$P,MATCH(E393,CTS!$E:$E,0))),\"\",(INDEX(CTS!$P:$P,MATCH(E393,CTS!$E:$E,0))))","v":0},{"$f":"IF(ISNA(INDEX(CTS!$Q:$Q,MATCH(E393,CTS!$E:$E,0))),\"\",(INDEX(CTS!$Q:$Q,MATCH(E393,CTS!$E:$E,0))))","v":356.30252100840335},{"$f":"IF(ISNA(INDEX(CTS!$S:$S,MATCH(E393,CTS!$E:$E,0))),\"\",(INDEX(CTS!$S:$S,MATCH(E393,CTS!$E:$E,0))))","v":67.69747899159664},{"$f":"IF(ISNA(INDEX(CTS!$T:$T,MATCH(E393,CTS!$E:$E,0))),\"\",(INDEX(CTS!$T:$T,MATCH(E393,CTS!$E:$E,0))))","v":424},{"$f":"IF(ISNA(INDEX(CTS!$U:$U,MATCH(E393,CTS!$E:$E,0))),\"\",(INDEX(CTS!$U:$U,MATCH(E393,CTS!$E:$E,0))))","v":-1},{"$f":"IF(ISNA(INDEX(CTS!$V:$V,MATCH(E393,CTS!$E:$E,0))),\"\",(INDEX(CTS!$V:$V,MATCH(E393,CTS!$E:$E,0))))","v":425},{"$f":"IFERROR(INDEX(CTS!$A:$A,MATCH(E393,CTS!$E:$E,0)),\".\")","v":"P"},{"$f":"IFERROR(IFERROR(INDEX(#REF!,MATCH(E393,#REF!,0)),IFERROR(INDEX(#REF!,MATCH(E393,#REF!,0)),INDEX(#REF!,MATCH(E393,#REF!,0)) )),\".\")","v":"."},null,{"$f":"IFERROR(VLOOKUP(E393,#REF!,8,FALSE),IFERROR(VLOOKUP(E393,#REF!,8,FALSE),IFERROR(VLOOKUP(E393,#REF!,8,FALSE),\"\")))","v":""},".-."]
[389,{"$f":"IFERROR(DAY(CTR[[#This Row],[Date]]),\"\")","v":31},{"$f":"IFERROR(MONTH(CTR[[#This Row],[Date]]),\"\")","v":1},{"$f":"IF(ISNA(INDEX(CTS!C:C,MATCH(E394,CTS!$E:$E,0))),\"\",(INDEX(CTS!C:C,MATCH(E394,CTS!$E:$E,0))))","v":44227},"01-389",{"$f":"IF(ISNA(INDEX(CTS!$F:$F,MATCH(E394,CTS!$E:$E,0))),\"\",(INDEX(CTS!$F:$F,MATCH(E394,CTS!$E:$E,0))))","v":"CLIENT"},{"$f":"IF(ISNA(INDEX(CTS!$N:$N,MATCH(E394,CTS!$E:$E,0))),\"\",(INDEX(CTS!$N:$N,MATCH(E394,CTS!$E:$E,0))))","v":8.4033613445378155},{"$f":"IF(ISNA(INDEX(CTS!$O:$O,MATCH(E394,CTS!$E:$E,0))),\"\",(INDEX(CTS!$O:$O,MATCH(E394,CTS!$E:$E,0))))","v":0},{"$f":"IF(ISNA(INDEX(CTS!$P:$P,MATCH(E394,CTS!$E:$E,0))),\"\",(INDEX(CTS!$P:$P,MATCH(E394,CTS!$E:$E,0))))","v":0},{"$f":"IF(ISNA(INDEX(CTS!$Q:$Q,MATCH(E394,CTS!$E:$E,0))),\"\",(INDEX(CTS!$Q:$Q,MATCH(E394,CTS!$E:$E,0))))","v":8.4033613445378155},{"$f":"IF(ISNA(INDEX(CTS!$S:$S,MATCH(E394,CTS!$E:$E,0))),\"\",(INDEX(CTS!$S:$S,MATCH(E394,CTS!$E:$E,0))))","v":1.596638655462185},{"$f":"IF(ISNA(INDEX(CTS!$T:$T,MATCH(E394,CTS!$E:$E,0))),\"\",(INDEX(CTS!$T:$T,MATCH(E394,CTS!$E:$E,0))))","v":10},{"$f":"IF(ISNA(INDEX(CTS!$U:$U,MATCH(E394,CTS!$E:$E,0))),\"\",(INDEX(CTS!$U:$U,MATCH(E394,CTS!$E:$E,0))))","v":0},{"$f":"IF(ISNA(INDEX(CTS!$V:$V,MATCH(E394,CTS!$E:$E,0))),\"\",(INDEX(CTS!$V:$V,MATCH(E394,CTS!$E:$E,0))))","v":10},{"$f":"IFERROR(INDEX(CTS!$A:$A,MATCH(E394,CTS!$E:$E,0)),\".\")","v":"P"},{"$f":"IFERROR(IFERROR(INDEX(#REF!,MATCH(E394,#REF!,0)),IFERROR(INDEX(#REF!,MATCH(E394,#REF!,0)),INDEX(#REF!,MATCH(E394,#REF!,0)) )),\".\")","v":"."},null,{"$f":"IFERROR(VLOOKUP(E394,#REF!,8,FALSE),IFERROR(VLOOKUP(E394,#REF!,8,FALSE),IFERROR(VLOOKUP(E394,#REF!,8,FALSE),\"\")))","v":""},".-."]
[390,{"$f":"IFERROR(DAY(CTR[[#This Row],[Date]]),\"\")","v":31},{"$f":"IFERROR(MONTH(CTR[[#This Row],[Date]]),\"\")","v":1},{"$f":"IF(ISNA(INDEX(CTS!C:C,MATCH(E395,CTS!$E:$E,0))),\"\",(INDEX(CTS!C:C,MATCH(E395,CTS!$E:$E,0))))","v":44227},"01-390",{"$f":"IF(ISNA(INDEX(CTS!$F:$F,MATCH(E395,CTS!$E:$E,0))),\"\",(INDEX(CTS!$F:$F,MATCH(E395,CTS!$E:$E,0))))","v":"CLIENT"},{"$f":"IF(ISNA(INDEX(CTS!$N:$N,MATCH(E395,CTS!$E:$E,0))),\"\",(INDEX(CTS!$N:$N,MATCH(E395,CTS!$E:$E,0))))","v":131.09243697478993},{"$f":"IF(ISNA(INDEX(CTS!$O:$O,MATCH(E395,CTS!$E:$E,0))),\"\",(INDEX(CTS!$O:$O,MATCH(E395,CTS!$E:$E,0))))","v":0},{"$f":"IF(ISNA(INDEX(CTS!$P:$P,MATCH(E395,CTS!$E:$E,0))),\"\",(INDEX(CTS!$P:$P,MATCH(E395,CTS!$E:$E,0))))","v":0},{"$f":"IF(ISNA(INDEX(CTS!$Q:$Q,MATCH(E395,CTS!$E:$E,0))),\"\",(INDEX(CTS!$Q:$Q,MATCH(E395,CTS!$E:$E,0))))","v":131.09243697478993},{"$f":"IF(ISNA(INDEX(CTS!$S:$S,MATCH(E395,CTS!$E:$E,0))),\"\",(INDEX(CTS!$S:$S,MATCH(E395,CTS!$E:$E,0))))","v":24.907563025210088},{"$f":"IF(ISNA(INDEX(CTS!$T:$T,MATCH(E395,CTS!$E:$E,0))),\"\",(INDEX(CTS!$T:$T,MATCH(E395,CTS!$E:$E,0))))","v":156.00000000000003},{"$f":"IF(ISNA(INDEX(CTS!$U:$U,MATCH(E395,CTS!$E:$E,0))),\"\",(INDEX(CTS!$U:$U,MATCH(E395,CTS!$E:$E,0))))","v":6},{"$f":"IF(ISNA(INDEX(CTS!$V:$V,MATCH(E395,CTS!$E:$E,0))),\"\",(INDEX(CTS!$V:$V,MATCH(E395,CTS!$E:$E,0))))","v":150.00000000000003},{"$f":"IFERROR(INDEX(CTS!$A:$A,MATCH(E395,CTS!$E:$E,0)),\".\")","v":"P"},{"$f":"IFERROR(IFERROR(INDEX(#REF!,MATCH(E395,#REF!,0)),IFERROR(INDEX(#REF!,MATCH(E395,#REF!,0)),INDEX(#REF!,MATCH(E395,#REF!,0)) )),\".\")","v":"."},null,{"$f":"IFERROR(VLOOKUP(E395,#REF!,8,FALSE),IFERROR(VLOOKUP(E395,#REF!,8,FALSE),IFERROR(VLOOKUP(E395,#REF!,8,FALSE),\"\")))","v":""},".-."]
[391,{"$f":"IFERROR(DAY(CTR[[#This Row],[Date]]),\"\")","v":31},{"$f":"IFERROR(MONTH(CTR[[#This Row],[Date]]),\"\")","v":1},{"$f":"IF(ISNA(INDEX(CTS!C:C,MATCH(E396,CTS!$E:$E,0))),\"\",(INDEX(CTS!C:C,MATCH(E396,CTS!$E:$E,0))))","v":44227},"01-391",{"$f":"IF(ISNA(INDEX(CTS!$F:$F,MATCH(E396,CTS!$E:$E,0))),\"\",(INDEX(CTS!$F:$F,MATCH(E396,CTS!$E:$E,0))))","v":"CLIENT"},{"$f":"IF(ISNA(INDEX(CTS!$N:$N,MATCH(E396,CTS!$E:$E,0))),\"\",(INDEX(CTS!$N:$N,MATCH(E396,CTS!$E:$E,0))))","v":302.52100840336135},{"$f":"IF(ISNA(INDEX(CTS!$O:$O,MATCH(E396,CTS!$E:$E,0))),\"\",(INDEX(CTS!$O:$O,MATCH(E396,CTS!$E:$E,0))))","v":0},{"$f":"IF(ISNA(INDEX(CTS!$P:$P,MATCH(E396,CTS!$E:$E,0))),\"\",(INDEX(CTS!$P:$P,MATCH(E396,CTS!$E:$E,0))))","v":0},{"$f":"IF(ISNA(INDEX(CTS!$Q:$Q,MATCH(E396,CTS!$E:$E,0))),\"\",(INDEX(CTS!$Q:$Q,MATCH(E396,CTS!$E:$E,0))))","v":302.52100840336135},{"$f":"IF(ISNA(INDEX(CTS!$S:$S,MATCH(E396,CTS!$E:$E,0))),\"\",(INDEX(CTS!$S:$S,MATCH(E396,CTS!$E:$E,0))))","v":57.478991596638657},{"$f":"IF(ISNA(INDEX(CTS!$T:$T,MATCH(E396,CTS!$E:$E,0))),\"\",(INDEX(CTS!$T:$T,MATCH(E396,CTS!$E:$E,0))))","v":360},{"$f":"IF(ISNA(INDEX(CTS!$U:$U,MATCH(E396,CTS!$E:$E,0))),\"\",(INDEX(CTS!$U:$U,MATCH(E396,CTS!$E:$E,0))))","v":20},{"$f":"IF(ISNA(INDEX(CTS!$V:$V,MATCH(E396,CTS!$E:$E,0))),\"\",(INDEX(CTS!$V:$V,MATCH(E396,CTS!$E:$E,0))))","v":340},{"$f":"IFERROR(INDEX(CTS!$A:$A,MATCH(E396,CTS!$E:$E,0)),\".\")","v":"P"},{"$f":"IFERROR(IFERROR(INDEX(#REF!,MATCH(E396,#REF!,0)),IFERROR(INDEX(#REF!,MATCH(E396,#REF!,0)),INDEX(#REF!,MATCH(E396,#REF!,0)) )),\".\")","v":"."},null,{"$f":"IFERROR(VLOOKUP(E396,#REF!,8,FALSE),IFERROR(VLOOKUP(E396,#REF!,8,FALSE),IFERROR(VLOOKUP(E396,#REF!,8,FALSE),\"\")))","v":""},".-."]
[392,{"$f":"IFERROR(DAY(CTR[[#This Row],[Date]]),\"\")","v":31},{"$f":"IFERROR(MONTH(CTR[[#This Row],[Date]]),\"\")","v":1},{"$f":"IF(ISNA(INDEX(CTS!C:C,MATCH(E397,CTS!$E:$E,0))),\"\",(INDEX(CTS!C:C,MATCH(E397,CTS!$E:$E,0))))","v":44227},"01-392",{"$f":"IF(ISNA(INDEX(CTS!$F:$F,MATCH(E397,CTS!$E:$E,0))),\"\",(INDEX(CTS!$F:$F,MATCH(E397,CTS!$E:$E,0))))","v":"CLIENT"},{"$f":"IF(ISNA(INDEX(CTS!$N:$N,MATCH(E397,CTS!$E:$E,0))),\"\",(INDEX(CTS!$N:$N,MATCH(E397,CTS!$E:$E,0))))","v":5418.4873949579833},{"$f":"IF(ISNA(INDEX(CTS!$O:$O,MATCH(E397,CTS!$E:$E,0))),\"\",(INDEX(CTS!$O:$O,MATCH(E397,CTS!$E:$E,0))))","v":0},{"$f":"IF(ISNA(INDEX(CTS!$P:$P,MATCH(E397,CTS!$E:$E,0))),\"\",(INDEX(CTS!$P:$P,MATCH(E397,CTS!$E:$E,0))))","v":0},{"$f":"IF(ISNA(INDEX(CTS!$Q:$Q,MATCH(E397,CTS!$E:$E,0))),\"\",(INDEX(CTS!$Q:$Q,MATCH(E397,CTS!$E:$E,0))))","v":5418.4873949579833},{"$f":"IF(ISNA(INDEX(CTS!$S:$S,MATCH(E397,CTS!$E:$E,0))),\"\",(INDEX(CTS!$S:$S,MATCH(E397,CTS!$E:$E,0))))","v":1029.5126050420167},{"$f":"IF(ISNA(INDEX(CTS!$T:$T,MATCH(E397,CTS!$E:$E,0))),\"\",(INDEX(CTS!$T:$T,MATCH(E397,CTS!$E:$E,0))))","v":6448},{"$f":"IF(ISNA(INDEX(CTS!$U:$U,MATCH(E397,CTS!$E:$E,0))),\"\",(INDEX(CTS!$U:$U,MATCH(E397,CTS!$E:$E,0))))","v":-2},{"$f":"IF(ISNA(INDEX(CTS!$V:$V,MATCH(E397,CTS!$E:$E,0))),\"\",(INDEX(CTS!$V:$V,MATCH(E397,CTS!$E:$E,0))))","v":6450},{"$f":"IFERROR(INDEX(CTS!$A:$A,MATCH(E397,CTS!$E:$E,0)),\".\")","v":"P"},{"$f":"IFERROR(IFERROR(INDEX(#REF!,MATCH(E397,#REF!,0)),IFERROR(INDEX(#REF!,MATCH(E397,#REF!,0)),INDEX(#REF!,MATCH(E397,#REF!,0)) )),\".\")","v":"."},null,{"$f":"IFERROR(VLOOKUP(E397,#REF!,8,FALSE),IFERROR(VLOOKUP(E397,#REF!,8,FALSE),IFERROR(VLOOKUP(E397,#REF!,8,FALSE),\"\")))","v":""},".-."]
[393,{"$f":"IFERROR(DAY(CTR[[#This Row],[Date]]),\"\")","v":31},{"$f":"IFERROR(MONTH(CTR[[#This Row],[Date]]),\"\")","v":1},{"$f":"IF(ISNA(INDEX(CTS!C:C,MATCH(E398,CTS!$E:$E,0))),\"\",(INDEX(CTS!C:C,MATCH(E398,CTS!$E:$E,0))))","v":44227},"01-393",{"$f":"IF(ISNA(INDEX(CTS!$F:$F,MATCH(E398,CTS!$E:$E,0))),\"\",(INDEX(CTS!$F:$F,MATCH(E398,CTS!$E:$E,0))))","v":"CLIENT"},{"$f":"IF(ISNA(INDEX(CTS!$N:$N,MATCH(E398,CTS!$E:$E,0))),\"\",(INDEX(CTS!$N:$N,MATCH(E398,CTS!$E:$E,0))))","v":168.0672268907563},{"$f":"IF(ISNA(INDEX(CTS!$O:$O,MATCH(E398,CTS!$E:$E,0))),\"\",(INDEX(CTS!$O:$O,MATCH(E398,CTS!$E:$E,0))))","v":0},{"$f":"IF(ISNA(INDEX(CTS!$P:$P,MATCH(E398,CTS!$E:$E,0))),\"\",(INDEX(CTS!$P:$P,MATCH(E398,CTS!$E:$E,0))))","v":0},{"$f":"IF(ISNA(INDEX(CTS!$Q:$Q,MATCH(E398,CTS!$E:$E,0))),\"\",(INDEX(CTS!$Q:$Q,MATCH(E398,CTS!$E:$E,0))))","v":168.0672268907563},{"$f":"IF(ISNA(INDEX(CTS!$S:$S,MATCH(E398,CTS!$E:$E,0))),\"\",(INDEX(CTS!$S:$S,MATCH(E398,CTS!$E:$E,0))))","v":31.932773109243698},{"$f":"IF(ISNA(INDEX(CTS!$T:$T,MATCH(E398,CTS!$E:$E,0))),\"\",(INDEX(CTS!$T:$T,MATCH(E398,CTS!$E:$E,0))))","v":200},{"$f":"IF(ISNA(INDEX(CTS!$U:$U,MATCH(E398,CTS!$E:$E,0))),\"\",(INDEX(CTS!$U:$U,MATCH(E398,CTS!$E:$E,0))))","v":0},{"$f":"IF(ISNA(INDEX(CTS!$V:$V,MATCH(E398,CTS!$E:$E,0))),\"\",(INDEX(CTS!$V:$V,MATCH(E398,CTS!$E:$E,0))))","v":200},{"$f":"IFERROR(INDEX(CTS!$A:$A,MATCH(E398,CTS!$E:$E,0)),\".\")","v":"P"},{"$f":"IFERROR(IFERROR(INDEX(#REF!,MATCH(E398,#REF!,0)),IFERROR(INDEX(#REF!,MATCH(E398,#REF!,0)),INDEX(#REF!,MATCH(E398,#REF!,0)) )),\".\")","v":"."},null,{"$f":"IFERROR(VLOOKUP(E398,#REF!,8,FALSE),IFERROR(VLOOKUP(E398,#REF!,8,FALSE),IFERROR(VLOOKUP(E398,#REF!,8,FALSE),\"\")))","v":""},".-."]
[394,{"$f":"IFERROR(DAY(CTR[[#This Row],[Date]]),\"\")","v":31},{"$f":"IFERROR(MONTH(CTR[[#This Row],[Date]]),\"\")","v":1},{"$f":"IF(ISNA(INDEX(CTS!C:C,MATCH(E399,CTS!$E:$E,0))),\"\",(INDEX(CTS!C:C,MATCH(E399,CTS!$E:$E,0))))","v":44227},"01-394",{"$f":"IF(ISNA(INDEX(CTS!$F:$F,MATCH(E399,CTS!$E:$E,0))),\"\",(INDEX(CTS!$F:$F,MATCH(E399,CTS!$E:$E,0))))","v":"CLIENT"},{"$f":"IF(ISNA(INDEX(CTS!$N:$N,MATCH(E399,CTS!$E:$E,0))),\"\",(INDEX(CTS!$N:$N,MATCH(E399,CTS!$E:$E,0))))","v":453.78151260504205},{"$f":"IF(ISNA(INDEX(CTS!$O:$O,MATCH(E399,CTS!$E:$E,0))),\"\",(INDEX(CTS!$O:$O,MATCH(E399,CTS!$E:$E,0))))","v":0},{"$f":"IF(ISNA(INDEX(CTS!$P:$P,MATCH(E399,CTS!$E:$E,0))),\"\",(INDEX(CTS!$P:$P,MATCH(E399,CTS!$E:$E,0))))","v":0},{"$f":"IF(ISNA(INDEX(CTS!$Q:$Q,MATCH(E399,CTS!$E:$E,0))),\"\",(INDEX(CTS!$Q:$Q,MATCH(E399,CTS!$E:$E,0))))","v":453.78151260504205},{"$f":"IF(ISNA(INDEX(CTS!$S:$S,MATCH(E399,CTS!$E:$E,0))),\"\",(INDEX(CTS!$S:$S,MATCH(E399,CTS!$E:$E,0))))","v":86.21848739495799},{"$f":"IF(ISNA(INDEX(CTS!$T:$T,MATCH(E399,CTS!$E:$E,0))),\"\",(INDEX(CTS!$T:$T,MATCH(E399,CTS!$E:$E,0))))","v":540},{"$f":"IF(ISNA(INDEX(CTS!$U:$U,MATCH(E399,CTS!$E:$E,0))),\"\",(INDEX(CTS!$U:$U,MATCH(E399,CTS!$E:$E,0))))","v":0},{"$f":"IF(ISNA(INDEX(CTS!$V:$V,MATCH(E399,CTS!$E:$E,0))),\"\",(INDEX(CTS!$V:$V,MATCH(E399,CTS!$E:$E,0))))","v":540},{"$f":"IFERROR(INDEX(CTS!$A:$A,MATCH(E399,CTS!$E:$E,0)),\".\")","v":"P"},{"$f":"IFERROR(IFERROR(INDEX(#REF!,MATCH(E399,#REF!,0)),IFERROR(INDEX(#REF!,MATCH(E399,#REF!,0)),INDEX(#REF!,MATCH(E399,#REF!,0)) )),\".\")","v":"."},null,{"$f":"IFERROR(VLOOKUP(E399,#REF!,8,FALSE),IFERROR(VLOOKUP(E399,#REF!,8,FALSE),IFERROR(VLOOKUP(E399,#REF!,8,FALSE),\"\")))","v":""},".-."]
[395,{"$f":"IFERROR(DAY(CTR[[#This Row],[Date]]),\"\")","v":31},{"$f":"IFERROR(MONTH(CTR[[#This Row],[Date]]),\"\")","v":1},{"$f":"IF(ISNA(INDEX(CTS!C:C,MATCH(E400,CTS!$E:$E,0))),\"\",(INDEX(CTS!C:C,MATCH(E400,CTS!$E:$E,0))))","v":44227},"01-395",{"$f":"IF(ISNA(INDEX(CTS!$F:$F,MATCH(E400,CTS!$E:$E,0))),\"\",(INDEX(CTS!$F:$F,MATCH(E400,CTS!$E:$E,0))))","v":"CLIENT"},{"$f":"IF(ISNA(INDEX(CTS!$N:$N,MATCH(E400,CTS!$E:$E,0))),\"\",(INDEX(CTS!$N:$N,MATCH(E400,CTS!$E:$E,0))))","v":33.613445378151262},{"$f":"IF(ISNA(INDEX(CTS!$O:$O,MATCH(E400,CTS!$E:$E,0))),\"\",(INDEX(CTS!$O:$O,MATCH(E400,CTS!$E:$E,0))))","v":0},{"$f":"IF(ISNA(INDEX(CTS!$P:$P,MATCH(E400,CTS!$E:$E,0))),\"\",(INDEX(CTS!$P:$P,MATCH(E400,CTS!$E:$E,0))))","v":0},{"$f":"IF(ISNA(INDEX(CTS!$Q:$Q,MATCH(E400,CTS!$E:$E,0))),\"\",(INDEX(CTS!$Q:$Q,MATCH(E400,CTS!$E:$E,0))))","v":33.613445378151262},{"$f":"IF(ISNA(INDEX(CTS!$S:$S,MATCH(E400,CTS!$E:$E,0))),\"\",(INDEX(CTS!$S:$S,MATCH(E400,CTS!$E:$E,0))))","v":6.3865546218487399},{"$f":"IF(ISNA(INDEX(CTS!$T:$T,MATCH(E400,CTS!$E:$E,0))),\"\",(INDEX(CTS!$T:$T,MATCH(E400,CTS!$E:$E,0))))","v":40},{"$f":"IF(ISNA(INDEX(CTS!$U:$U,MATCH(E400,CTS!$E:$E,0))),\"\",(INDEX(CTS!$U:$U,MATCH(E400,CTS!$E:$E,0))))","v":0},{"$f":"IF(ISNA(INDEX(CTS!$V:$V,MATCH(E400,CTS!$E:$E,0))),\"\",(INDEX(CTS!$V:$V,MATCH(E400,CTS!$E:$E,0))))","v":40},{"$f":"IFERROR(INDEX(CTS!$A:$A,MATCH(E400,CTS!$E:$E,0)),\".\")","v":"P"},{"$f":"IFERROR(IFERROR(INDEX(#REF!,MATCH(E400,#REF!,0)),IFERROR(INDEX(#REF!,MATCH(E400,#REF!,0)),INDEX(#REF!,MATCH(E400,#REF!,0)) )),\".\")","v":"."},null,{"$f":"IFERROR(VLOOKUP(E400,#REF!,8,FALSE),IFERROR(VLOOKUP(E400,#REF!,8,FALSE),IFERROR(VLOOKUP(E400,#REF!,8,FALSE),\"\")))","v":""},".-."]
[396,{"$f":"IFERROR(DAY(CTR[[#This Row],[Date]]),\"\")","v":31},{"$f":"IFERROR(MONTH(CTR[[#This Row],[Date]]),\"\")","v":1},{"$f":"IF(ISNA(INDEX(CTS!C:C,MATCH(E401,CTS!$E:$E,0))),\"\",(INDEX(CTS!C:C,MATCH(E401,CTS!$E:$E,0))))","v":44227},"01-396",{"$f":"IF(ISNA(INDEX(CTS!$F:$F,MATCH(E401,CTS!$E:$E,0))),\"\",(INDEX(CTS!$F:$F,MATCH(E401,CTS!$E:$E,0))))","v":"CLIENT"},{"$f":"IF(ISNA(INDEX(CTS!$N:$N,MATCH(E401,CTS!$E:$E,0))),\"\",(INDEX(CTS!$N:$N,MATCH(E401,CTS!$E:$E,0))))","v":67.226890756302524},{"$f":"IF(ISNA(INDEX(CTS!$O:$O,MATCH(E401,CTS!$E:$E,0))),\"\",(INDEX(CTS!$O:$O,MATCH(E401,CTS!$E:$E,0))))","v":0},{"$f":"IF(ISNA(INDEX(CTS!$P:$P,MATCH(E401,CTS!$E:$E,0))),\"\",(INDEX(CTS!$P:$P,MATCH(E401,CTS!$E:$E,0))))","v":0},{"$f":"IF(ISNA(INDEX(CTS!$Q:$Q,MATCH(E401,CTS!$E:$E,0))),\"\",(INDEX(CTS!$Q:$Q,MATCH(E401,CTS!$E:$E,0))))","v":67.226890756302524},{"$f":"IF(ISNA(INDEX(CTS!$S:$S,MATCH(E401,CTS!$E:$E,0))),\"\",(INDEX(CTS!$S:$S,MATCH(E401,CTS!$E:$E,0))))","v":12.77310924369748},{"$f":"IF(ISNA(INDEX(CTS!$T:$T,MATCH(E401,CTS!$E:$E,0))),\"\",(INDEX(CTS!$T:$T,MATCH(E401,CTS!$E:$E,0))))","v":80},{"$f":"IF(ISNA(INDEX(CTS!$U:$U,MATCH(E401,CTS!$E:$E,0))),\"\",(INDEX(CTS!$U:$U,MATCH(E401,CTS!$E:$E,0))))","v":0},{"$f":"IF(ISNA(INDEX(CTS!$V:$V,MATCH(E401,CTS!$E:$E,0))),\"\",(INDEX(CTS!$V:$V,MATCH(E401,CTS!$E:$E,0))))","v":80},{"$f":"IFERROR(INDEX(CTS!$A:$A,MATCH(E401,CTS!$E:$E,0)),\".\")","v":"P"},{"$f":"IFERROR(IFERROR(INDEX(#REF!,MATCH(E401,#REF!,0)),IFERROR(INDEX(#REF!,MATCH(E401,#REF!,0)),INDEX(#REF!,MATCH(E401,#REF!,0)) )),\".\")","v":"."},null,{"$f":"IFERROR(VLOOKUP(E401,#REF!,8,FALSE),IFERROR(VLOOKUP(E401,#REF!,8,FALSE),IFERROR(VLOOKUP(E401,#REF!,8,FALSE),\"\")))","v":""},".-."]
[397,{"$f":"IFERROR(DAY(CTR[[#This Row],[Date]]),\"\")","v":31},{"$f":"IFERROR(MONTH(CTR[[#This Row],[Date]]),\"\")","v":1},{"$f":"IF(ISNA(INDEX(CTS!C:C,MATCH(E402,CTS!$E:$E,0))),\"\",(INDEX(CTS!C:C,MATCH(E402,CTS!$E:$E,0))))","v":44227},"01-397",{"$f":"IF(ISNA(INDEX(CTS!$F:$F,MATCH(E402,CTS!$E:$E,0))),\"\",(INDEX(CTS!$F:$F,MATCH(E402,CTS!$E:$E,0))))","v":"CLIENT"},{"$f":"IF(ISNA(INDEX(CTS!$N:$N,MATCH(E402,CTS!$E:$E,0))),\"\",(INDEX(CTS!$N:$N,MATCH(E402,CTS!$E:$E,0))))","v":131.09243697478993},{"$f":"IF(ISNA(INDEX(CTS!$O:$O,MATCH(E402,CTS!$E:$E,0))),\"\",(INDEX(CTS!$O:$O,MATCH(E402,CTS!$E:$E,0))))","v":0},{"$f":"IF(ISNA(INDEX(CTS!$P:$P,MATCH(E402,CTS!$E:$E,0))),\"\",(INDEX(CTS!$P:$P,MATCH(E402,CTS!$E:$E,0))))","v":0},{"$f":"IF(ISNA(INDEX(CTS!$Q:$Q,MATCH(E402,CTS!$E:$E,0))),\"\",(INDEX(CTS!$Q:$Q,MATCH(E402,CTS!$E:$E,0))))","v":131.09243697478993},{"$f":"IF(ISNA(INDEX(CTS!$S:$S,MATCH(E402,CTS!$E:$E,0))),\"\",(INDEX(CTS!$S:$S,MATCH(E402,CTS!$E:$E,0))))","v":24.907563025210088},{"$f":"IF(ISNA(INDEX(CTS!$T:$T,MATCH(E402,CTS!$E:$E,0))),\"\",(INDEX(CTS!$T:$T,MATCH(E402,CTS!$E:$E,0))))","v":156.00000000000003},{"$f":"IF(ISNA(INDEX(CTS!$U:$U,MATCH(E402,CTS!$E:$E,0))),\"\",(INDEX(CTS!$U:$U,MATCH(E402,CTS!$E:$E,0))))","v":6},{"$f":"IF(ISNA(INDEX(CTS!$V:$V,MATCH(E402,CTS!$E:$E,0))),\"\",(INDEX(CTS!$V:$V,MATCH(E402,CTS!$E:$E,0))))","v":150.00000000000003},{"$f":"IFERROR(INDEX(CTS!$A:$A,MATCH(E402,CTS!$E:$E,0)),\".\")","v":"P"},{"$f":"IFERROR(IFERROR(INDEX(#REF!,MATCH(E402,#REF!,0)),IFERROR(INDEX(#REF!,MATCH(E402,#REF!,0)),INDEX(#REF!,MATCH(E402,#REF!,0)) )),\".\")","v":"."},null,{"$f":"IFERROR(VLOOKUP(E402,#REF!,8,FALSE),IFERROR(VLOOKUP(E402,#REF!,8,FALSE),IFERROR(VLOOKUP(E402,#REF!,8,FALSE),\"\")))","v":""},".-."]
[398,{"$f":"IFERROR(DAY(CTR[[#This Row],[Date]]),\"\")","v":31},{"$f":"IFERROR(MONTH(CTR[[#This Row],[Date]]),\"\")","v":1},{"$f":"IF(ISNA(INDEX(CTS!C:C,MATCH(E403,CTS!$E:$E,0))),\"\",(INDEX(CTS!C:C,MATCH(E403,CTS!$E:$E,0))))","v":44227},"01-398",{"$f":"IF(ISNA(INDEX(CTS!$F:$F,MATCH(E403,CTS!$E:$E,0))),\"\",(INDEX(CTS!$F:$F,MATCH(E403,CTS!$E:$E,0))))","v":"CLIENT"},{"$f":"IF(ISNA(INDEX(CTS!$N:$N,MATCH(E403,CTS!$E:$E,0))),\"\",(INDEX(CTS!$N:$N,MATCH(E403,CTS!$E:$E,0))))","v":221.84873949579836},{"$f":"IF(ISNA(INDEX(CTS!$O:$O,MATCH(E403,CTS!$E:$E,0))),\"\",(INDEX(CTS!$O:$O,MATCH(E403,CTS!$E:$E,0))))","v":0},{"$f":"IF(ISNA(INDEX(CTS!$P:$P,MATCH(E403,CTS!$E:$E,0))),\"\",(INDEX(CTS!$P:$P,MATCH(E403,CTS!$E:$E,0))))","v":0},{"$f":"IF(ISNA(INDEX(CTS!$Q:$Q,MATCH(E403,CTS!$E:$E,0))),\"\",(INDEX(CTS!$Q:$Q,MATCH(E403,CTS!$E:$E,0))))","v":221.84873949579836},{"$f":"IF(ISNA(INDEX(CTS!$S:$S,MATCH(E403,CTS!$E:$E,0))),\"\",(INDEX(CTS!$S:$S,MATCH(E403,CTS!$E:$E,0))))","v":42.151260504201687},{"$f":"IF(ISNA(INDEX(CTS!$T:$T,MATCH(E403,CTS!$E:$E,0))),\"\",(INDEX(CTS!$T:$T,MATCH(E403,CTS!$E:$E,0))))","v":264.00000000000006},{"$f":"IF(ISNA(INDEX(CTS!$U:$U,MATCH(E403,CTS!$E:$E,0))),\"\",(INDEX(CTS!$U:$U,MATCH(E403,CTS!$E:$E,0))))","v":-1},{"$f":"IF(ISNA(INDEX(CTS!$V:$V,MATCH(E403,CTS!$E:$E,0))),\"\",(INDEX(CTS!$V:$V,MATCH(E403,CTS!$E:$E,0))))","v":265.00000000000006},{"$f":"IFERROR(INDEX(CTS!$A:$A,MATCH(E403,CTS!$E:$E,0)),\".\")","v":"P"},{"$f":"IFERROR(IFERROR(INDEX(#REF!,MATCH(E403,#REF!,0)),IFERROR(INDEX(#REF!,MATCH(E403,#REF!,0)),INDEX(#REF!,MATCH(E403,#REF!,0)) )),\".\")","v":"."},null,{"$f":"IFERROR(VLOOKUP(E403,#REF!,8,FALSE),IFERROR(VLOOKUP(E403,#REF!,8,FALSE),IFERROR(VLOOKUP(E403,#REF!,8,FALSE),\"\")))","v":""},".-."]
[399,{"$f":"IFERROR(DAY(CTR[[#This Row],[Date]]),\"\")","v":31},{"$f":"IFERROR(MONTH(CTR[[#This Row],[Date]]),\"\")","v":1},{"$f":"IF(ISNA(INDEX(CTS!C:C,MATCH(E404,CTS!$E:$E,0))),\"\",(INDEX(CTS!C:C,MATCH(E404,CTS!$E:$E,0))))","v":44227},"01-399",{"$f":"IF(ISNA(INDEX(CTS!$F:$F,MATCH(E404,CTS!$E:$E,0))),\"\",(INDEX(CTS!$F:$F,MATCH(E404,CTS!$E:$E,0))))","v":"CLIENT"},{"$f":"IF(ISNA(INDEX(CTS!$N:$N,MATCH(E404,CTS!$E:$E,0))),\"\",(INDEX(CTS!$N:$N,MATCH(E404,CTS!$E:$E,0))))","v":84.033613445378165},{"$f":"IF(ISNA(INDEX(CTS!$O:$O,MATCH(E404,CTS!$E:$E,0))),\"\",(INDEX(CTS!$O:$O,MATCH(E404,CTS!$E:$E,0))))","v":0},{"$f":"IF(ISNA(INDEX(CTS!$P:$P,MATCH(E404,CTS!$E:$E,0))),\"\",(INDEX(CTS!$P:$P,MATCH(E404,CTS!$E:$E,0))))","v":0},{"$f":"IF(ISNA(INDEX(CTS!$Q:$Q,MATCH(E404,CTS!$E:$E,0))),\"\",(INDEX(CTS!$Q:$Q,MATCH(E404,CTS!$E:$E,0))))","v":84.033613445378165},{"$f":"IF(ISNA(INDEX(CTS!$S:$S,MATCH(E404,CTS!$E:$E,0))),\"\",(INDEX(CTS!$S:$S,MATCH(E404,CTS!$E:$E,0))))","v":15.966386554621851},{"$f":"IF(ISNA(INDEX(CTS!$T:$T,MATCH(E404,CTS!$E:$E,0))),\"\",(INDEX(CTS!$T:$T,MATCH(E404,CTS!$E:$E,0))))","v":100.00000000000001},{"$f":"IF(ISNA(INDEX(CTS!$U:$U,MATCH(E404,CTS!$E:$E,0))),\"\",(INDEX(CTS!$U:$U,MATCH(E404,CTS!$E:$E,0))))","v":0},{"$f":"IF(ISNA(INDEX(CTS!$V:$V,MATCH(E404,CTS!$E:$E,0))),\"\",(INDEX(CTS!$V:$V,MATCH(E404,CTS!$E:$E,0))))","v":100.00000000000001},{"$f":"IFERROR(INDEX(CTS!$A:$A,MATCH(E404,CTS!$E:$E,0)),\".\")","v":"P"},{"$f":"IFERROR(IFERROR(INDEX(#REF!,MATCH(E404,#REF!,0)),IFERROR(INDEX(#REF!,MATCH(E404,#REF!,0)),INDEX(#REF!,MATCH(E404,#REF!,0)) )),\".\")","v":"."},null,{"$f":"IFERROR(VLOOKUP(E404,#REF!,8,FALSE),IFERROR(VLOOKUP(E404,#REF!,8,FALSE),IFERROR(VLOOKUP(E404,#REF!,8,FALSE),\"\")))","v":""},".-."]
[400,{"$f":"IFERROR(DAY(CTR[[#This Row],[Date]]),\"\")","v":31},{"$f":"IFERROR(MONTH(CTR[[#This Row],[Date]]),\"\")","v":1},{"$f":"IF(ISNA(INDEX(CTS!C:C,MATCH(E405,CTS!$E:$E,0))),\"\",(INDEX(CTS!C:C,MATCH(E405,CTS!$E:$E,0))))","v":44227},"01-400",{"$f":"IF(ISNA(INDEX(CTS!$F:$F,MATCH(E405,CTS!$E:$E,0))),\"\",(INDEX(CTS!$F:$F,MATCH(E405,CTS!$E:$E,0))))","v":"CLIENT"},{"$f":"IF(ISNA(INDEX(CTS!$N:$N,MATCH(E405,CTS!$E:$E,0))),\"\",(INDEX(CTS!$N:$N,MATCH(E405,CTS!$E:$E,0))))","v":443.69747899159671},{"$f":"IF(ISNA(INDEX(CTS!$O:$O,MATCH(E405,CTS!$E:$E,0))),\"\",(INDEX(CTS!$O:$O,MATCH(E405,CTS!$E:$E,0))))","v":0},{"$f":"IF(ISNA(INDEX(CTS!$P:$P,MATCH(E405,CTS!$E:$E,0))),\"\",(INDEX(CTS!$P:$P,MATCH(E405,CTS!$E:$E,0))))","v":0},{"$f":"IF(ISNA(INDEX(CTS!$Q:$Q,MATCH(E405,CTS!$E:$E,0))),\"\",(INDEX(CTS!$Q:$Q,MATCH(E405,CTS!$E:$E,0))))","v":443.69747899159671},{"$f":"IF(ISNA(INDEX(CTS!$S:$S,MATCH(E405,CTS!$E:$E,0))),\"\",(INDEX(CTS!$S:$S,MATCH(E405,CTS!$E:$E,0))))","v":84.302521008403374},{"$f":"IF(ISNA(INDEX(CTS!$T:$T,MATCH(E405,CTS!$E:$E,0))),\"\",(INDEX(CTS!$T:$T,MATCH(E405,CTS!$E:$E,0))))","v":528.00000000000011},{"$f":"IF(ISNA(INDEX(CTS!$U:$U,MATCH(E405,CTS!$E:$E,0))),\"\",(INDEX(CTS!$U:$U,MATCH(E405,CTS!$E:$E,0))))","v":-2},{"$f":"IF(ISNA(INDEX(CTS!$V:$V,MATCH(E405,CTS!$E:$E,0))),\"\",(INDEX(CTS!$V:$V,MATCH(E405,CTS!$E:$E,0))))","v":530.00000000000011},{"$f":"IFERROR(INDEX(CTS!$A:$A,MATCH(E405,CTS!$E:$E,0)),\".\")","v":"P"},{"$f":"IFERROR(IFERROR(INDEX(#REF!,MATCH(E405,#REF!,0)),IFERROR(INDEX(#REF!,MATCH(E405,#REF!,0)),INDEX(#REF!,MATCH(E405,#REF!,0)) )),\".\")","v":"."},null,{"$f":"IFERROR(VLOOKUP(E405,#REF!,8,FALSE),IFERROR(VLOOKUP(E405,#REF!,8,FALSE),IFERROR(VLOOKUP(E405,#REF!,8,FALSE),\"\")))","v":""},".-."]
[401,{"$f":"IFERROR(DAY(CTR[[#This Row],[Date]]),\"\")","v":31},{"$f":"IFERROR(MONTH(CTR[[#This Row],[Date]]),\"\")","v":1},{"$f":"IF(ISNA(INDEX(CTS!C:C,MATCH(E406,CTS!$E:$E,0))),\"\",(INDEX(CTS!C:C,MATCH(E406,CTS!$E:$E,0))))","v":44227},"01-401",{"$f":"IF(ISNA(INDEX(CTS!$F:$F,MATCH(E406,CTS!$E:$E,0))),\"\",(INDEX(CTS!$F:$F,MATCH(E406,CTS!$E:$E,0))))","v":"CLIENT"},{"$f":"IF(ISNA(INDEX(CTS!$N:$N,MATCH(E406,CTS!$E:$E,0))),\"\",(INDEX(CTS!$N:$N,MATCH(E406,CTS!$E:$E,0))))","v":1680.6722689075632},{"$f":"IF(ISNA(INDEX(CTS!$O:$O,MATCH(E406,CTS!$E:$E,0))),\"\",(INDEX(CTS!$O:$O,MATCH(E406,CTS!$E:$E,0))))","v":0},{"$f":"IF(ISNA(INDEX(CTS!$P:$P,MATCH(E406,CTS!$E:$E,0))),\"\",(INDEX(CTS!$P:$P,MATCH(E406,CTS!$E:$E,0))))","v":0},{"$f":"IF(ISNA(INDEX(CTS!$Q:$Q,MATCH(E406,CTS!$E:$E,0))),\"\",(INDEX(CTS!$Q:$Q,MATCH(E406,CTS!$E:$E,0))))","v":1680.6722689075632},{"$f":"IF(ISNA(INDEX(CTS!$S:$S,MATCH(E406,CTS!$E:$E,0))),\"\",(INDEX(CTS!$S:$S,MATCH(E406,CTS!$E:$E,0))))","v":319.32773109243703},{"$f":"IF(ISNA(INDEX(CTS!$T:$T,MATCH(E406,CTS!$E:$E,0))),\"\",(INDEX(CTS!$T:$T,MATCH(E406,CTS!$E:$E,0))))","v":2000.0000000000002},{"$f":"IF(ISNA(INDEX(CTS!$U:$U,MATCH(E406,CTS!$E:$E,0))),\"\",(INDEX(CTS!$U:$U,MATCH(E406,CTS!$E:$E,0))))","v":0},{"$f":"IF(ISNA(INDEX(CTS!$V:$V,MATCH(E406,CTS!$E:$E,0))),\"\",(INDEX(CTS!$V:$V,MATCH(E406,CTS!$E:$E,0))))","v":2000.0000000000002},{"$f":"IFERROR(INDEX(CTS!$A:$A,MATCH(E406,CTS!$E:$E,0)),\".\")","v":"P"},{"$f":"IFERROR(IFERROR(INDEX(#REF!,MATCH(E406,#REF!,0)),IFERROR(INDEX(#REF!,MATCH(E406,#REF!,0)),INDEX(#REF!,MATCH(E406,#REF!,0)) )),\".\")","v":"."},null,{"$f":"IFERROR(VLOOKUP(E406,#REF!,8,FALSE),IFERROR(VLOOKUP(E406,#REF!,8,FALSE),IFERROR(VLOOKUP(E406,#REF!,8,FALSE),\"\")))","v":""},".-."]
[402,{"$f":"IFERROR(DAY(CTR[[#This Row],[Date]]),\"\")","v":31},{"$f":"IFERROR(MONTH(CTR[[#This Row],[Date]]),\"\")","v":1},{"$f":"IF(ISNA(INDEX(CTS!C:C,MATCH(E407,CTS!$E:$E,0))),\"\",(INDEX(CTS!C:C,MATCH(E407,CTS!$E:$E,0))))","v":44227},"01-402",{"$f":"IF(ISNA(INDEX(CTS!$F:$F,MATCH(E407,CTS!$E:$E,0))),\"\",(INDEX(CTS!$F:$F,MATCH(E407,CTS!$E:$E,0))))","v":"CLIENT"},{"$f":"IF(ISNA(INDEX(CTS!$N:$N,MATCH(E407,CTS!$E:$E,0))),\"\",(INDEX(CTS!$N:$N,MATCH(E407,CTS!$E:$E,0))))","v":268.9075630252101},{"$f":"IF(ISNA(INDEX(CTS!$O:$O,MATCH(E407,CTS!$E:$E,0))),\"\",(INDEX(CTS!$O:$O,MATCH(E407,CTS!$E:$E,0))))","v":0},{"$f":"IF(ISNA(INDEX(CTS!$P:$P,MATCH(E407,CTS!$E:$E,0))),\"\",(INDEX(CTS!$P:$P,MATCH(E407,CTS!$E:$E,0))))","v":0},{"$f":"IF(ISNA(INDEX(CTS!$Q:$Q,MATCH(E407,CTS!$E:$E,0))),\"\",(INDEX(CTS!$Q:$Q,MATCH(E407,CTS!$E:$E,0))))","v":268.9075630252101},{"$f":"IF(ISNA(INDEX(CTS!$S:$S,MATCH(E407,CTS!$E:$E,0))),\"\",(INDEX(CTS!$S:$S,MATCH(E407,CTS!$E:$E,0))))","v":51.092436974789919},{"$f":"IF(ISNA(INDEX(CTS!$T:$T,MATCH(E407,CTS!$E:$E,0))),\"\",(INDEX(CTS!$T:$T,MATCH(E407,CTS!$E:$E,0))))","v":320},{"$f":"IF(ISNA(INDEX(CTS!$U:$U,MATCH(E407,CTS!$E:$E,0))),\"\",(INDEX(CTS!$U:$U,MATCH(E407,CTS!$E:$E,0))))","v":0},{"$f":"IF(ISNA(INDEX(CTS!$V:$V,MATCH(E407,CTS!$E:$E,0))),\"\",(INDEX(CTS!$V:$V,MATCH(E407,CTS!$E:$E,0))))","v":320},{"$f":"IFERROR(INDEX(CTS!$A:$A,MATCH(E407,CTS!$E:$E,0)),\".\")","v":"P"},{"$f":"IFERROR(IFERROR(INDEX(#REF!,MATCH(E407,#REF!,0)),IFERROR(INDEX(#REF!,MATCH(E407,#REF!,0)),INDEX(#REF!,MATCH(E407,#REF!,0)) )),\".\")","v":"."},null,{"$f":"IFERROR(VLOOKUP(E407,#REF!,8,FALSE),IFERROR(VLOOKUP(E407,#REF!,8,FALSE),IFERROR(VLOOKUP(E407,#REF!,8,FALSE),\"\")))","v":""},".-."]
[403,{"$f":"IFERROR(DAY(CTR[[#This Row],[Date]]),\"\")","v":31},{"$f":"IFERROR(MONTH(CTR[[#This Row],[Date]]),\"\")","v":1},{"$f":"IF(ISNA(INDEX(CTS!C:C,MATCH(E408,CTS!$E:$E,0))),\"\",(INDEX(CTS!C:C,MATCH(E408,CTS!$E:$E,0))))","v":44227},"01-403",{"$f":"IF(ISNA(INDEX(CTS!$F:$F,MATCH(E408,CTS!$E:$E,0))),\"\",(INDEX(CTS!$F:$F,MATCH(E408,CTS!$E:$E,0))))","v":"CLIENT"},{"$f":"IF(ISNA(INDEX(CTS!$N:$N,MATCH(E408,CTS!$E:$E,0))),\"\",(INDEX(CTS!$N:$N,MATCH(E408,CTS!$E:$E,0))))","v":645.3781512605043},{"$f":"IF(ISNA(INDEX(CTS!$O:$O,MATCH(E408,CTS!$E:$E,0))),\"\",(INDEX(CTS!$O:$O,MATCH(E408,CTS!$E:$E,0))))","v":0},{"$f":"IF(ISNA(INDEX(CTS!$P:$P,MATCH(E408,CTS!$E:$E,0))),\"\",(INDEX(CTS!$P:$P,MATCH(E408,CTS!$E:$E,0))))","v":0},{"$f":"IF(ISNA(INDEX(CTS!$Q:$Q,MATCH(E408,CTS!$E:$E,0))),\"\",(INDEX(CTS!$Q:$Q,MATCH(E408,CTS!$E:$E,0))))","v":645.3781512605043},{"$f":"IF(ISNA(INDEX(CTS!$S:$S,MATCH(E408,CTS!$E:$E,0))),\"\",(INDEX(CTS!$S:$S,MATCH(E408,CTS!$E:$E,0))))","v":122.62184873949582},{"$f":"IF(ISNA(INDEX(CTS!$T:$T,MATCH(E408,CTS!$E:$E,0))),\"\",(INDEX(CTS!$T:$T,MATCH(E408,CTS!$E:$E,0))))","v":768.00000000000011},{"$f":"IF(ISNA(INDEX(CTS!$U:$U,MATCH(E408,CTS!$E:$E,0))),\"\",(INDEX(CTS!$U:$U,MATCH(E408,CTS!$E:$E,0))))","v":-2},{"$f":"IF(ISNA(INDEX(CTS!$V:$V,MATCH(E408,CTS!$E:$E,0))),\"\",(INDEX(CTS!$V:$V,MATCH(E408,CTS!$E:$E,0))))","v":770.00000000000011},{"$f":"IFERROR(INDEX(CTS!$A:$A,MATCH(E408,CTS!$E:$E,0)),\".\")","v":"P"},{"$f":"IFERROR(IFERROR(INDEX(#REF!,MATCH(E408,#REF!,0)),IFERROR(INDEX(#REF!,MATCH(E408,#REF!,0)),INDEX(#REF!,MATCH(E408,#REF!,0)) )),\".\")","v":"."},null,{"$f":"IFERROR(VLOOKUP(E408,#REF!,8,FALSE),IFERROR(VLOOKUP(E408,#REF!,8,FALSE),IFERROR(VLOOKUP(E408,#REF!,8,FALSE),\"\")))","v":""},".-."]
[404,{"$f":"IFERROR(DAY(CTR[[#This Row],[Date]]),\"\")","v":31},{"$f":"IFERROR(MONTH(CTR[[#This Row],[Date]]),\"\")","v":1},{"$f":"IF(ISNA(INDEX(CTS!C:C,MATCH(E409,CTS!$E:$E,0))),\"\",(INDEX(CTS!C:C,MATCH(E409,CTS!$E:$E,0))))","v":44227},"01-404",{"$f":"IF(ISNA(INDEX(CTS!$F:$F,MATCH(E409,CTS!$E:$E,0))),\"\",(INDEX(CTS!$F:$F,MATCH(E409,CTS!$E:$E,0))))","v":"CLIENT"},{"$f":"IF(ISNA(INDEX(CTS!$N:$N,MATCH(E409,CTS!$E:$E,0))),\"\",(INDEX(CTS!$N:$N,MATCH(E409,CTS!$E:$E,0))))","v":65.546218487394967},{"$f":"IF(ISNA(INDEX(CTS!$O:$O,MATCH(E409,CTS!$E:$E,0))),\"\",(INDEX(CTS!$O:$O,MATCH(E409,CTS!$E:$E,0))))","v":0},{"$f":"IF(ISNA(INDEX(CTS!$P:$P,MATCH(E409,CTS!$E:$E,0))),\"\",(INDEX(CTS!$P:$P,MATCH(E409,CTS!$E:$E,0))))","v":0},{"$f":"IF(ISNA(INDEX(CTS!$Q:$Q,MATCH(E409,CTS!$E:$E,0))),\"\",(INDEX(CTS!$Q:$Q,MATCH(E409,CTS!$E:$E,0))))","v":65.546218487394967},{"$f":"IF(ISNA(INDEX(CTS!$S:$S,MATCH(E409,CTS!$E:$E,0))),\"\",(INDEX(CTS!$S:$S,MATCH(E409,CTS!$E:$E,0))))","v":12.453781512605044},{"$f":"IF(ISNA(INDEX(CTS!$T:$T,MATCH(E409,CTS!$E:$E,0))),\"\",(INDEX(CTS!$T:$T,MATCH(E409,CTS!$E:$E,0))))","v":78.000000000000014},{"$f":"IF(ISNA(INDEX(CTS!$U:$U,MATCH(E409,CTS!$E:$E,0))),\"\",(INDEX(CTS!$U:$U,MATCH(E409,CTS!$E:$E,0))))","v":-2},{"$f":"IF(ISNA(INDEX(CTS!$V:$V,MATCH(E409,CTS!$E:$E,0))),\"\",(INDEX(CTS!$V:$V,MATCH(E409,CTS!$E:$E,0))))","v":80.000000000000014},{"$f":"IFERROR(INDEX(CTS!$A:$A,MATCH(E409,CTS!$E:$E,0)),\".\")","v":"P"},{"$f":"IFERROR(IFERROR(INDEX(#REF!,MATCH(E409,#REF!,0)),IFERROR(INDEX(#REF!,MATCH(E409,#REF!,0)),INDEX(#REF!,MATCH(E409,#REF!,0)) )),\".\")","v":"."},null,{"$f":"IFERROR(VLOOKUP(E409,#REF!,8,FALSE),IFERROR(VLOOKUP(E409,#REF!,8,FALSE),IFERROR(VLOOKUP(E409,#REF!,8,FALSE),\"\")))","v":""},".-."]
[405,{"$f":"IFERROR(DAY(CTR[[#This Row],[Date]]),\"\")","v":31},{"$f":"IFERROR(MONTH(CTR[[#This Row],[Date]]),\"\")","v":1},{"$f":"IF(ISNA(INDEX(CTS!C:C,MATCH(E410,CTS!$E:$E,0))),\"\",(INDEX(CTS!C:C,MATCH(E410,CTS!$E:$E,0))))","v":44227},"01-405",{"$f":"IF(ISNA(INDEX(CTS!$F:$F,MATCH(E410,CTS!$E:$E,0))),\"\",(INDEX(CTS!$F:$F,MATCH(E410,CTS!$E:$E,0))))","v":"ICARA"},{"$f":"IF(ISNA(INDEX(CTS!$N:$N,MATCH(E410,CTS!$E:$E,0))),\"\",(INDEX(CTS!$N:$N,MATCH(E410,CTS!$E:$E,0))))","v":0},{"$f":"IF(ISNA(INDEX(CTS!$O:$O,MATCH(E410,CTS!$E:$E,0))),\"\",(INDEX(CTS!$O:$O,MATCH(E410,CTS!$E:$E,0))))","v":0},{"$f":"IF(ISNA(INDEX(CTS!$P:$P,MATCH(E410,CTS!$E:$E,0))),\"\",(INDEX(CTS!$P:$P,MATCH(E410,CTS!$E:$E,0))))","v":0},{"$f":"IF(ISNA(INDEX(CTS!$Q:$Q,MATCH(E410,CTS!$E:$E,0))),\"\",(INDEX(CTS!$Q:$Q,MATCH(E410,CTS!$E:$E,0))))","v":0},{"$f":"IF(ISNA(INDEX(CTS!$S:$S,MATCH(E410,CTS!$E:$E,0))),\"\",(INDEX(CTS!$S:$S,MATCH(E410,CTS!$E:$E,0))))","v":0},{"$f":"IF(ISNA(INDEX(CTS!$T:$T,MATCH(E410,CTS!$E:$E,0))),\"\",(INDEX(CTS!$T:$T,MATCH(E410,CTS!$E:$E,0))))","v":0},{"$f":"IF(ISNA(INDEX(CTS!$U:$U,MATCH(E410,CTS!$E:$E,0))),\"\",(INDEX(CTS!$U:$U,MATCH(E410,CTS!$E:$E,0))))","v":""},{"$f":"IF(ISNA(INDEX(CTS!$V:$V,MATCH(E410,CTS!$E:$E,0))),\"\",(INDEX(CTS!$V:$V,MATCH(E410,CTS!$E:$E,0))))","v":0},{"$f":"IFERROR(INDEX(CTS!$A:$A,MATCH(E410,CTS!$E:$E,0)),\".\")","v":"I"},{"$f":"IFERROR(IFERROR(INDEX(#REF!,MATCH(E410,#REF!,0)),IFERROR(INDEX(#REF!,MATCH(E410,#REF!,0)),INDEX(#REF!,MATCH(E410,#REF!,0)) )),\".\")","v":"."},null,{"$f":"IFERROR(VLOOKUP(E410,#REF!,8,FALSE),IFERROR(VLOOKUP(E410,#REF!,8,FALSE),IFERROR(VLOOKUP(E410,#REF!,8,FALSE),\"\")))","v":""},".-."]
[406,{"$f":"IFERROR(DAY(CTR[[#This Row],[Date]]),\"\")","v":31},{"$f":"IFERROR(MONTH(CTR[[#This Row],[Date]]),\"\")","v":1},{"$f":"IF(ISNA(INDEX(CTS!C:C,MATCH(E411,CTS!$E:$E,0))),\"\",(INDEX(CTS!C:C,MATCH(E411,CTS!$E:$E,0))))","v":44227},"01-406",{"$f":"IF(ISNA(INDEX(CTS!$F:$F,MATCH(E411,CTS!$E:$E,0))),\"\",(INDEX(CTS!$F:$F,MATCH(E411,CTS!$E:$E,0))))","v":"CLIENT"},{"$f":"IF(ISNA(INDEX(CTS!$N:$N,MATCH(E411,CTS!$E:$E,0))),\"\",(INDEX(CTS!$N:$N,MATCH(E411,CTS!$E:$E,0))))","v":201.68067226890759},{"$f":"IF(ISNA(INDEX(CTS!$O:$O,MATCH(E411,CTS!$E:$E,0))),\"\",(INDEX(CTS!$O:$O,MATCH(E411,CTS!$E:$E,0))))","v":0},{"$f":"IF(ISNA(INDEX(CTS!$P:$P,MATCH(E411,CTS!$E:$E,0))),\"\",(INDEX(CTS!$P:$P,MATCH(E411,CTS!$E:$E,0))))","v":0},{"$f":"IF(ISNA(INDEX(CTS!$Q:$Q,MATCH(E411,CTS!$E:$E,0))),\"\",(INDEX(CTS!$Q:$Q,MATCH(E411,CTS!$E:$E,0))))","v":201.68067226890759},{"$f":"IF(ISNA(INDEX(CTS!$S:$S,MATCH(E411,CTS!$E:$E,0))),\"\",(INDEX(CTS!$S:$S,MATCH(E411,CTS!$E:$E,0))))","v":38.319327731092443},{"$f":"IF(ISNA(INDEX(CTS!$T:$T,MATCH(E411,CTS!$E:$E,0))),\"\",(INDEX(CTS!$T:$T,MATCH(E411,CTS!$E:$E,0))))","v":240.00000000000003},{"$f":"IF(ISNA(INDEX(CTS!$U:$U,MATCH(E411,CTS!$E:$E,0))),\"\",(INDEX(CTS!$U:$U,MATCH(E411,CTS!$E:$E,0))))","v":0},{"$f":"IF(ISNA(INDEX(CTS!$V:$V,MATCH(E411,CTS!$E:$E,0))),\"\",(INDEX(CTS!$V:$V,MATCH(E411,CTS!$E:$E,0))))","v":240.00000000000003},{"$f":"IFERROR(INDEX(CTS!$A:$A,MATCH(E411,CTS!$E:$E,0)),\".\")","v":"P"},{"$f":"IFERROR(IFERROR(INDEX(#REF!,MATCH(E411,#REF!,0)),IFERROR(INDEX(#REF!,MATCH(E411,#REF!,0)),INDEX(#REF!,MATCH(E411,#REF!,0)) )),\".\")","v":"."},null,{"$f":"IFERROR(VLOOKUP(E411,#REF!,8,FALSE),IFERROR(VLOOKUP(E411,#REF!,8,FALSE),IFERROR(VLOOKUP(E411,#REF!,8,FALSE),\"\")))","v":""},".-."]
[407,{"$f":"IFERROR(DAY(CTR[[#This Row],[Date]]),\"\")","v":31},{"$f":"IFERROR(MONTH(CTR[[#This Row],[Date]]),\"\")","v":1},{"$f":"IF(ISNA(INDEX(CTS!C:C,MATCH(E412,CTS!$E:$E,0))),\"\",(INDEX(CTS!C:C,MATCH(E412,CTS!$E:$E,0))))","v":44227},"01-407",{"$f":"IF(ISNA(INDEX(CTS!$F:$F,MATCH(E412,CTS!$E:$E,0))),\"\",(INDEX(CTS!$F:$F,MATCH(E412,CTS!$E:$E,0))))","v":"CLIENT"},{"$f":"IF(ISNA(INDEX(CTS!$N:$N,MATCH(E412,CTS!$E:$E,0))),\"\",(INDEX(CTS!$N:$N,MATCH(E412,CTS!$E:$E,0))))","v":327.73109243697485},{"$f":"IF(ISNA(INDEX(CTS!$O:$O,MATCH(E412,CTS!$E:$E,0))),\"\",(INDEX(CTS!$O:$O,MATCH(E412,CTS!$E:$E,0))))","v":0},{"$f":"IF(ISNA(INDEX(CTS!$P:$P,MATCH(E412,CTS!$E:$E,0))),\"\",(INDEX(CTS!$P:$P,MATCH(E412,CTS!$E:$E,0))))","v":0},{"$f":"IF(ISNA(INDEX(CTS!$Q:$Q,MATCH(E412,CTS!$E:$E,0))),\"\",(INDEX(CTS!$Q:$Q,MATCH(E412,CTS!$E:$E,0))))","v":327.73109243697485},{"$f":"IF(ISNA(INDEX(CTS!$S:$S,MATCH(E412,CTS!$E:$E,0))),\"\",(INDEX(CTS!$S:$S,MATCH(E412,CTS!$E:$E,0))))","v":62.268907563025223},{"$f":"IF(ISNA(INDEX(CTS!$T:$T,MATCH(E412,CTS!$E:$E,0))),\"\",(INDEX(CTS!$T:$T,MATCH(E412,CTS!$E:$E,0))))","v":390.00000000000006},{"$f":"IF(ISNA(INDEX(CTS!$U:$U,MATCH(E412,CTS!$E:$E,0))),\"\",(INDEX(CTS!$U:$U,MATCH(E412,CTS!$E:$E,0))))","v":0},{"$f":"IF(ISNA(INDEX(CTS!$V:$V,MATCH(E412,CTS!$E:$E,0))),\"\",(INDEX(CTS!$V:$V,MATCH(E412,CTS!$E:$E,0))))","v":390.00000000000006},{"$f":"IFERROR(INDEX(CTS!$A:$A,MATCH(E412,CTS!$E:$E,0)),\".\")","v":"P"},{"$f":"IFERROR(IFERROR(INDEX(#REF!,MATCH(E412,#REF!,0)),IFERROR(INDEX(#REF!,MATCH(E412,#REF!,0)),INDEX(#REF!,MATCH(E412,#REF!,0)) )),\".\")","v":"."},null,{"$f":"IFERROR(VLOOKUP(E412,#REF!,8,FALSE),IFERROR(VLOOKUP(E412,#REF!,8,FALSE),IFERROR(VLOOKUP(E412,#REF!,8,FALSE),\"\")))","v":""},".-."]
[408,{"$f":"IFERROR(DAY(CTR[[#This Row],[Date]]),\"\")","v":31},{"$f":"IFERROR(MONTH(CTR[[#This Row],[Date]]),\"\")","v":1},{"$f":"IF(ISNA(INDEX(CTS!C:C,MATCH(E413,CTS!$E:$E,0))),\"\",(INDEX(CTS!C:C,MATCH(E413,CTS!$E:$E,0))))","v":44227},"01-408",{"$f":"IF(ISNA(INDEX(CTS!$F:$F,MATCH(E413,CTS!$E:$E,0))),\"\",(INDEX(CTS!$F:$F,MATCH(E413,CTS!$E:$E,0))))","v":"REGA"},{"$f":"IF(ISNA(INDEX(CTS!$N:$N,MATCH(E413,CTS!$E:$E,0))),\"\",(INDEX(CTS!$N:$N,MATCH(E413,CTS!$E:$E,0))))","v":0},{"$f":"IF(ISNA(INDEX(CTS!$O:$O,MATCH(E413,CTS!$E:$E,0))),\"\",(INDEX(CTS!$O:$O,MATCH(E413,CTS!$E:$E,0))))","v":0},{"$f":"IF(ISNA(INDEX(CTS!$P:$P,MATCH(E413,CTS!$E:$E,0))),\"\",(INDEX(CTS!$P:$P,MATCH(E413,CTS!$E:$E,0))))","v":0},{"$f":"IF(ISNA(INDEX(CTS!$Q:$Q,MATCH(E413,CTS!$E:$E,0))),\"\",(INDEX(CTS!$Q:$Q,MATCH(E413,CTS!$E:$E,0))))","v":0},{"$f":"IF(ISNA(INDEX(CTS!$S:$S,MATCH(E413,CTS!$E:$E,0))),\"\",(INDEX(CTS!$S:$S,MATCH(E413,CTS!$E:$E,0))))","v":0},{"$f":"IF(ISNA(INDEX(CTS!$T:$T,MATCH(E413,CTS!$E:$E,0))),\"\",(INDEX(CTS!$T:$T,MATCH(E413,CTS!$E:$E,0))))","v":0},{"$f":"IF(ISNA(INDEX(CTS!$U:$U,MATCH(E413,CTS!$E:$E,0))),\"\",(INDEX(CTS!$U:$U,MATCH(E413,CTS!$E:$E,0))))","v":""},{"$f":"IF(ISNA(INDEX(CTS!$V:$V,MATCH(E413,CTS!$E:$E,0))),\"\",(INDEX(CTS!$V:$V,MATCH(E413,CTS!$E:$E,0))))","v":0},{"$f":"IFERROR(INDEX(CTS!$A:$A,MATCH(E413,CTS!$E:$E,0)),\".\")","v":"I"},{"$f":"IFERROR(IFERROR(INDEX(#REF!,MATCH(E413,#REF!,0)),IFERROR(INDEX(#REF!,MATCH(E413,#REF!,0)),INDEX(#REF!,MATCH(E413,#REF!,0)) )),\".\")","v":"."},null,{"$f":"IFERROR(VLOOKUP(E413,#REF!,8,FALSE),IFERROR(VLOOKUP(E413,#REF!,8,FALSE),IFERROR(VLOOKUP(E413,#REF!,8,FALSE),\"\")))","v":""},".-."]
[409,{"$f":"IFERROR(DAY(CTR[[#This Row],[Date]]),\"\")","v":31},{"$f":"IFERROR(MONTH(CTR[[#This Row],[Date]]),\"\")","v":1},{"$f":"IF(ISNA(INDEX(CTS!C:C,MATCH(E414,CTS!$E:$E,0))),\"\",(INDEX(CTS!C:C,MATCH(E414,CTS!$E:$E,0))))","v":44227},"01-409",{"$f":"IF(ISNA(INDEX(CTS!$F:$F,MATCH(E414,CTS!$E:$E,0))),\"\",(INDEX(CTS!$F:$F,MATCH(E414,CTS!$E:$E,0))))","v":"CLIENT"},{"$f":"IF(ISNA(INDEX(CTS!$N:$N,MATCH(E414,CTS!$E:$E,0))),\"\",(INDEX(CTS!$N:$N,MATCH(E414,CTS!$E:$E,0))))","v":302.52100840336135},{"$f":"IF(ISNA(INDEX(CTS!$O:$O,MATCH(E414,CTS!$E:$E,0))),\"\",(INDEX(CTS!$O:$O,MATCH(E414,CTS!$E:$E,0))))","v":0},{"$f":"IF(ISNA(INDEX(CTS!$P:$P,MATCH(E414,CTS!$E:$E,0))),\"\",(INDEX(CTS!$P:$P,MATCH(E414,CTS!$E:$E,0))))","v":0},{"$f":"IF(ISNA(INDEX(CTS!$Q:$Q,MATCH(E414,CTS!$E:$E,0))),\"\",(INDEX(CTS!$Q:$Q,MATCH(E414,CTS!$E:$E,0))))","v":302.52100840336135},{"$f":"IF(ISNA(INDEX(CTS!$S:$S,MATCH(E414,CTS!$E:$E,0))),\"\",(INDEX(CTS!$S:$S,MATCH(E414,CTS!$E:$E,0))))","v":57.478991596638657},{"$f":"IF(ISNA(INDEX(CTS!$T:$T,MATCH(E414,CTS!$E:$E,0))),\"\",(INDEX(CTS!$T:$T,MATCH(E414,CTS!$E:$E,0))))","v":360},{"$f":"IF(ISNA(INDEX(CTS!$U:$U,MATCH(E414,CTS!$E:$E,0))),\"\",(INDEX(CTS!$U:$U,MATCH(E414,CTS!$E:$E,0))))","v":0},{"$f":"IF(ISNA(INDEX(CTS!$V:$V,MATCH(E414,CTS!$E:$E,0))),\"\",(INDEX(CTS!$V:$V,MATCH(E414,CTS!$E:$E,0))))","v":360},{"$f":"IFERROR(INDEX(CTS!$A:$A,MATCH(E414,CTS!$E:$E,0)),\".\")","v":"P"},{"$f":"IFERROR(IFERROR(INDEX(#REF!,MATCH(E414,#REF!,0)),IFERROR(INDEX(#REF!,MATCH(E414,#REF!,0)),INDEX(#REF!,MATCH(E414,#REF!,0)) )),\".\")","v":"."},null,{"$f":"IFERROR(VLOOKUP(E414,#REF!,8,FALSE),IFERROR(VLOOKUP(E414,#REF!,8,FALSE),IFERROR(VLOOKUP(E414,#REF!,8,FALSE),\"\")))","v":""},".-."]
[{"$f":"A414+1","v":410},{"$f":"IFERROR(DAY(CTR[[#This Row],[Date]]),\"\")","v":1},{"$f":"IFERROR(MONTH(CTR[[#This Row],[Date]]),\"\")","v":2},{"$f":"IF(ISNA(INDEX(CTS!C:C,MATCH(E415,CTS!$E:$E,0))),\"\",(INDEX(CTS!C:C,MATCH(E415,CTS!$E:$E,0))))","v":44228},"02-001",{"$f":"IF(ISNA(INDEX(CTS!$F:$F,MATCH(E415,CTS!$E:$E,0))),\"\",(INDEX(CTS!$F:$F,MATCH(E415,CTS!$E:$E,0))))","v":"CLIENT"},{"$f":"IF(ISNA(INDEX(CTS!$N:$N,MATCH(E415,CTS!$E:$E,0))),\"\",(INDEX(CTS!$N:$N,MATCH(E415,CTS!$E:$E,0))))","v":403.36134453781517},{"$f":"IF(ISNA(INDEX(CTS!$O:$O,MATCH(E415,CTS!$E:$E,0))),\"\",(INDEX(CTS!$O:$O,MATCH(E415,CTS!$E:$E,0))))","v":0},{"$f":"IF(ISNA(INDEX(CTS!$P:$P,MATCH(E415,CTS!$E:$E,0))),\"\",(INDEX(CTS!$P:$P,MATCH(E415,CTS!$E:$E,0))))","v":0},{"$f":"IF(ISNA(INDEX(CTS!$Q:$Q,MATCH(E415,CTS!$E:$E,0))),\"\",(INDEX(CTS!$Q:$Q,MATCH(E415,CTS!$E:$E,0))))","v":403.36134453781517},{"$f":"IF(ISNA(INDEX(CTS!$S:$S,MATCH(E415,CTS!$E:$E,0))),\"\",(INDEX(CTS!$S:$S,MATCH(E415,CTS!$E:$E,0))))","v":76.638655462184886},{"$f":"IF(ISNA(INDEX(CTS!$T:$T,MATCH(E415,CTS!$E:$E,0))),\"\",(INDEX(CTS!$T:$T,MATCH(E415,CTS!$E:$E,0))))","v":480.00000000000006},{"$f":"IF(ISNA(INDEX(CTS!$U:$U,MATCH(E415,CTS!$E:$E,0))),\"\",(INDEX(CTS!$U:$U,MATCH(E415,CTS!$E:$E,0))))","v":0},{"$f":"IF(ISNA(INDEX(CTS!$V:$V,MATCH(E415,CTS!$E:$E,0))),\"\",(INDEX(CTS!$V:$V,MATCH(E415,CTS!$E:$E,0))))","v":480.00000000000006},{"$f":"IFERROR(INDEX(CTS!$A:$A,MATCH(E415,CTS!$E:$E,0)),\".\")","v":"P"},{"$f":"IFERROR(IFERROR(INDEX(#REF!,MATCH(E415,#REF!,0)),IFERROR(INDEX(#REF!,MATCH(E415,#REF!,0)),INDEX(#REF!,MATCH(E415,#REF!,0)) )),\".\")","v":"."},null,{"$f":"IFERROR(VLOOKUP(E415,#REF!,8,FALSE),IFERROR(VLOOKUP(E415,#REF!,8,FALSE),IFERROR(VLOOKUP(E415,#REF!,8,FALSE),\"\")))","v":""},{"$f":"IFERROR(TEXT(P415,\"mm\") & \"-\" & TEXT(P415,\"aaaa\"),\"\")","v":".-."}]
[{"$f":"A415+1","v":411},{"$f":"IFERROR(DAY(CTR[[#This Row],[Date]]),\"\")","v":1},{"$f":"IFERROR(MONTH(CTR[[#This Row],[Date]]),\"\")","v":2},{"$f":"IF(ISNA(INDEX(CTS!C:C,MATCH(E416,CTS!$E:$E,0))),\"\",(INDEX(CTS!C:C,MATCH(E416,CTS!$E:$E,0))))","v":44228},"02-002",{"$f":"IF(ISNA(INDEX(CTS!$F:$F,MATCH(E416,CTS!$E:$E,0))),\"\",(INDEX(CTS!$F:$F,MATCH(E416,CTS!$E:$E,0))))","v":"CLIENT"},{"$f":"IF(ISNA(INDEX(CTS!$N:$N,MATCH(E416,CTS!$E:$E,0))),\"\",(INDEX(CTS!$N:$N,MATCH(E416,CTS!$E:$E,0))))","v":736.13445378151266},{"$f":"IF(ISNA(INDEX(CTS!$O:$O,MATCH(E416,CTS!$E:$E,0))),\"\",(INDEX(CTS!$O:$O,MATCH(E416,CTS!$E:$E,0))))","v":0},{"$f":"IF(ISNA(INDEX(CTS!$P:$P,MATCH(E416,CTS!$E:$E,0))),\"\",(INDEX(CTS!$P:$P,MATCH(E416,CTS!$E:$E,0))))","v":0},{"$f":"IF(ISNA(INDEX(CTS!$Q:$Q,MATCH(E416,CTS!$E:$E,0))),\"\",(INDEX(CTS!$Q:$Q,MATCH(E416,CTS!$E:$E,0))))","v":736.13445378151266},{"$f":"IF(ISNA(INDEX(CTS!$S:$S,MATCH(E416,CTS!$E:$E,0))),\"\",(INDEX(CTS!$S:$S,MATCH(E416,CTS!$E:$E,0))))","v":139.8655462184874},{"$f":"IF(ISNA(INDEX(CTS!$T:$T,MATCH(E416,CTS!$E:$E,0))),\"\",(INDEX(CTS!$T:$T,MATCH(E416,CTS!$E:$E,0))))","v":876},{"$f":"IF(ISNA(INDEX(CTS!$U:$U,MATCH(E416,CTS!$E:$E,0))),\"\",(INDEX(CTS!$U:$U,MATCH(E416,CTS!$E:$E,0))))","v":0},{"$f":"IF(ISNA(INDEX(CTS!$V:$V,MATCH(E416,CTS!$E:$E,0))),\"\",(INDEX(CTS!$V:$V,MATCH(E416,CTS!$E:$E,0))))","v":876},{"$f":"IFERROR(INDEX(CTS!$A:$A,MATCH(E416,CTS!$E:$E,0)),\".\")","v":"P"},{"$f":"IFERROR(IFERROR(INDEX(#REF!,MATCH(E416,#REF!,0)),IFERROR(INDEX(#REF!,MATCH(E416,#REF!,0)),INDEX(#REF!,MATCH(E416,#REF!,0)) )),\".\")","v":"."},null,{"$f":"IFERROR(VLOOKUP(E416,#REF!,8,FALSE),IFERROR(VLOOKUP(E416,#REF!,8,FALSE),IFERROR(VLOOKUP(E416,#REF!,8,FALSE),\"\")))","v":""},{"$f":"IFERROR(TEXT(P416,\"mm\") & \"-\" & TEXT(P416,\"aaaa\"),\"\")","v":".-."}]
[{"$f":"A416+1","v":412},{"$f":"IFERROR(DAY(CTR[[#This Row],[Date]]),\"\")","v":1},{"$f":"IFERROR(MONTH(CTR[[#This Row],[Date]]),\"\")","v":2},{"$f":"IF(ISNA(INDEX(CTS!C:C,MATCH(E417,CTS!$E:$E,0))),\"\",(INDEX(CTS!C:C,MATCH(E417,CTS!$E:$E,0))))","v":44228},"02-003",{"$f":"IF(ISNA(INDEX(CTS!$F:$F,MATCH(E417,CTS!$E:$E,0))),\"\",(INDEX(CTS!$F:$F,MATCH(E417,CTS!$E:$E,0))))","v":"CLIENT"},{"$f":"IF(ISNA(INDEX(CTS!$N:$N,MATCH(E417,CTS!$E:$E,0))),\"\",(INDEX(CTS!$N:$N,MATCH(E417,CTS!$E:$E,0))))","v":386.55462184873949},{"$f":"IF(ISNA(INDEX(CTS!$O:$O,MATCH(E417,CTS!$E:$E,0))),\"\",(INDEX(CTS!$O:$O,MATCH(E417,CTS!$E:$E,0))))","v":0},{"$f":"IF(ISNA(INDEX(CTS!$P:$P,MATCH(E417,CTS!$E:$E,0))),\"\",(INDEX(CTS!$P:$P,MATCH(E417,CTS!$E:$E,0))))","v":0},{"$f":"IF(ISNA(INDEX(CTS!$Q:$Q,MATCH(E417,CTS!$E:$E,0))),\"\",(INDEX(CTS!$Q:$Q,MATCH(E417,CTS!$E:$E,0))))","v":386.55462184873949},{"$f":"IF(ISNA(INDEX(CTS!$S:$S,MATCH(E417,CTS!$E:$E,0))),\"\",(INDEX(CTS!$S:$S,MATCH(E417,CTS!$E:$E,0))))","v":73.445378151260513},{"$f":"IF(ISNA(INDEX(CTS!$T:$T,MATCH(E417,CTS!$E:$E,0))),\"\",(INDEX(CTS!$T:$T,MATCH(E417,CTS!$E:$E,0))))","v":460},{"$f":"IF(ISNA(INDEX(CTS!$U:$U,MATCH(E417,CTS!$E:$E,0))),\"\",(INDEX(CTS!$U:$U,MATCH(E417,CTS!$E:$E,0))))","v":0},{"$f":"IF(ISNA(INDEX(CTS!$V:$V,MATCH(E417,CTS!$E:$E,0))),\"\",(INDEX(CTS!$V:$V,MATCH(E417,CTS!$E:$E,0))))","v":460},{"$f":"IFERROR(INDEX(CTS!$A:$A,MATCH(E417,CTS!$E:$E,0)),\".\")","v":"P"},{"$f":"IFERROR(IFERROR(INDEX(#REF!,MATCH(E417,#REF!,0)),IFERROR(INDEX(#REF!,MATCH(E417,#REF!,0)),INDEX(#REF!,MATCH(E417,#REF!,0)) )),\".\")","v":"."},null,{"$f":"IFERROR(VLOOKUP(E417,#REF!,8,FALSE),IFERROR(VLOOKUP(E417,#REF!,8,FALSE),IFERROR(VLOOKUP(E417,#REF!,8,FALSE),\"\")))","v":""},".-."]
[413,{"$f":"IFERROR(DAY(CTR[[#This Row],[Date]]),\"\")","v":1},{"$f":"IFERROR(MONTH(CTR[[#This Row],[Date]]),\"\")","v":2},{"$f":"IF(ISNA(INDEX(CTS!C:C,MATCH(E418,CTS!$E:$E,0))),\"\",(INDEX(CTS!C:C,MATCH(E418,CTS!$E:$E,0))))","v":44228},"02-004",{"$f":"IF(ISNA(INDEX(CTS!$F:$F,MATCH(E418,CTS!$E:$E,0))),\"\",(INDEX(CTS!$F:$F,MATCH(E418,CTS!$E:$E,0))))","v":"CLIENT"},{"$f":"IF(ISNA(INDEX(CTS!$N:$N,MATCH(E418,CTS!$E:$E,0))),\"\",(INDEX(CTS!$N:$N,MATCH(E418,CTS!$E:$E,0))))","v":0},{"$f":"IF(ISNA(INDEX(CTS!$O:$O,MATCH(E418,CTS!$E:$E,0))),\"\",(INDEX(CTS!$O:$O,MATCH(E418,CTS!$E:$E,0))))","v":0},{"$f":"IF(ISNA(INDEX(CTS!$P:$P,MATCH(E418,CTS!$E:$E,0))),\"\",(INDEX(CTS!$P:$P,MATCH(E418,CTS!$E:$E,0))))","v":0},{"$f":"IF(ISNA(INDEX(CTS!$Q:$Q,MATCH(E418,CTS!$E:$E,0))),\"\",(INDEX(CTS!$Q:$Q,MATCH(E418,CTS!$E:$E,0))))","v":0},{"$f":"IF(ISNA(INDEX(CTS!$S:$S,MATCH(E418,CTS!$E:$E,0))),\"\",(INDEX(CTS!$S:$S,MATCH(E418,CTS!$E:$E,0))))","v":0},{"$f":"IF(ISNA(INDEX(CTS!$T:$T,MATCH(E418,CTS!$E:$E,0))),\"\",(INDEX(CTS!$T:$T,MATCH(E418,CTS!$E:$E,0))))","v":0},{"$f":"IF(ISNA(INDEX(CTS!$U:$U,MATCH(E418,CTS!$E:$E,0))),\"\",(INDEX(CTS!$U:$U,MATCH(E418,CTS!$E:$E,0))))","v":""},{"$f":"IF(ISNA(INDEX(CTS!$V:$V,MATCH(E418,CTS!$E:$E,0))),\"\",(INDEX(CTS!$V:$V,MATCH(E418,CTS!$E:$E,0))))","v":0},{"$f":"IFERROR(INDEX(CTS!$A:$A,MATCH(E418,CTS!$E:$E,0)),\".\")","v":"I"},{"$f":"IFERROR(IFERROR(INDEX(#REF!,MATCH(E418,#REF!,0)),IFERROR(INDEX(#REF!,MATCH(E418,#REF!,0)),INDEX(#REF!,MATCH(E418,#REF!,0)) )),\".\")","v":"."},null,{"$f":"IFERROR(VLOOKUP(E418,#REF!,8,FALSE),IFERROR(VLOOKUP(E418,#REF!,8,FALSE),IFERROR(VLOOKUP(E418,#REF!,8,FALSE),\"\")))","v":""},".-."]
[414,{"$f":"IFERROR(DAY(CTR[[#This Row],[Date]]),\"\")","v":1},{"$f":"IFERROR(MONTH(CTR[[#This Row],[Date]]),\"\")","v":2},{"$f":"IF(ISNA(INDEX(CTS!C:C,MATCH(E419,CTS!$E:$E,0))),\"\",(INDEX(CTS!C:C,MATCH(E419,CTS!$E:$E,0))))","v":44228},"02-005",{"$f":"IF(ISNA(INDEX(CTS!$F:$F,MATCH(E419,CTS!$E:$E,0))),\"\",(INDEX(CTS!$F:$F,MATCH(E419,CTS!$E:$E,0))))","v":"CLIENT"},{"$f":"IF(ISNA(INDEX(CTS!$N:$N,MATCH(E419,CTS!$E:$E,0))),\"\",(INDEX(CTS!$N:$N,MATCH(E419,CTS!$E:$E,0))))","v":42.016806722689083},{"$f":"IF(ISNA(INDEX(CTS!$O:$O,MATCH(E419,CTS!$E:$E,0))),\"\",(INDEX(CTS!$O:$O,MATCH(E419,CTS!$E:$E,0))))","v":0},{"$f":"IF(ISNA(INDEX(CTS!$P:$P,MATCH(E419,CTS!$E:$E,0))),\"\",(INDEX(CTS!$P:$P,MATCH(E419,CTS!$E:$E,0))))","v":0},{"$f":"IF(ISNA(INDEX(CTS!$Q:$Q,MATCH(E419,CTS!$E:$E,0))),\"\",(INDEX(CTS!$Q:$Q,MATCH(E419,CTS!$E:$E,0))))","v":42.016806722689083},{"$f":"IF(ISNA(INDEX(CTS!$S:$S,MATCH(E419,CTS!$E:$E,0))),\"\",(INDEX(CTS!$S:$S,MATCH(E419,CTS!$E:$E,0))))","v":7.9831932773109253},{"$f":"IF(ISNA(INDEX(CTS!$T:$T,MATCH(E419,CTS!$E:$E,0))),\"\",(INDEX(CTS!$T:$T,MATCH(E419,CTS!$E:$E,0))))","v":50.000000000000007},{"$f":"IF(ISNA(INDEX(CTS!$U:$U,MATCH(E419,CTS!$E:$E,0))),\"\",(INDEX(CTS!$U:$U,MATCH(E419,CTS!$E:$E,0))))","v":0},{"$f":"IF(ISNA(INDEX(CTS!$V:$V,MATCH(E419,CTS!$E:$E,0))),\"\",(INDEX(CTS!$V:$V,MATCH(E419,CTS!$E:$E,0))))","v":50.000000000000007},{"$f":"IFERROR(INDEX(CTS!$A:$A,MATCH(E419,CTS!$E:$E,0)),\".\")","v":"P"},{"$f":"IFERROR(IFERROR(INDEX(#REF!,MATCH(E419,#REF!,0)),IFERROR(INDEX(#REF!,MATCH(E419,#REF!,0)),INDEX(#REF!,MATCH(E419,#REF!,0)) )),\".\")","v":"."},null,{"$f":"IFERROR(VLOOKUP(E419,#REF!,8,FALSE),IFERROR(VLOOKUP(E419,#REF!,8,FALSE),IFERROR(VLOOKUP(E419,#REF!,8,FALSE),\"\")))","v":""},".-."]
[415,{"$f":"IFERROR(DAY(CTR[[#This Row],[Date]]),\"\")","v":1},{"$f":"IFERROR(MONTH(CTR[[#This Row],[Date]]),\"\")","v":2},{"$f":"IF(ISNA(INDEX(CTS!C:C,MATCH(E420,CTS!$E:$E,0))),\"\",(INDEX(CTS!C:C,MATCH(E420,CTS!$E:$E,0))))","v":44228},"02-006",{"$f":"IF(ISNA(INDEX(CTS!$F:$F,MATCH(E420,CTS!$E:$E,0))),\"\",(INDEX(CTS!$F:$F,MATCH(E420,CTS!$E:$E,0))))","v":"CLIENT"},{"$f":"IF(ISNA(INDEX(CTS!$N:$N,MATCH(E420,CTS!$E:$E,0))),\"\",(INDEX(CTS!$N:$N,MATCH(E420,CTS!$E:$E,0))))","v":322.68907563025215},{"$f":"IF(ISNA(INDEX(CTS!$O:$O,MATCH(E420,CTS!$E:$E,0))),\"\",(INDEX(CTS!$O:$O,MATCH(E420,CTS!$E:$E,0))))","v":1.0416666666666666E-2},{"$f":"IF(ISNA(INDEX(CTS!$P:$P,MATCH(E420,CTS!$E:$E,0))),\"\",(INDEX(CTS!$P:$P,MATCH(E420,CTS!$E:$E,0))))","v":3.3613445378151261},{"$f":"IF(ISNA(INDEX(CTS!$Q:$Q,MATCH(E420,CTS!$E:$E,0))),\"\",(INDEX(CTS!$Q:$Q,MATCH(E420,CTS!$E:$E,0))))","v":319.32773109243703},{"$f":"IF(ISNA(INDEX(CTS!$S:$S,MATCH(E420,CTS!$E:$E,0))),\"\",(INDEX(CTS!$S:$S,MATCH(E420,CTS!$E:$E,0))))","v":60.672268907563037},{"$f":"IF(ISNA(INDEX(CTS!$T:$T,MATCH(E420,CTS!$E:$E,0))),\"\",(INDEX(CTS!$T:$T,MATCH(E420,CTS!$E:$E,0))))","v":380.00000000000006},{"$f":"IF(ISNA(INDEX(CTS!$U:$U,MATCH(E420,CTS!$E:$E,0))),\"\",(INDEX(CTS!$U:$U,MATCH(E420,CTS!$E:$E,0))))","v":0},{"$f":"IF(ISNA(INDEX(CTS!$V:$V,MATCH(E420,CTS!$E:$E,0))),\"\",(INDEX(CTS!$V:$V,MATCH(E420,CTS!$E:$E,0))))","v":380.00000000000006},{"$f":"IFERROR(INDEX(CTS!$A:$A,MATCH(E420,CTS!$E:$E,0)),\".\")","v":"P"},{"$f":"IFERROR(IFERROR(INDEX(#REF!,MATCH(E420,#REF!,0)),IFERROR(INDEX(#REF!,MATCH(E420,#REF!,0)),INDEX(#REF!,MATCH(E420,#REF!,0)) )),\".\")","v":"."},null,{"$f":"IFERROR(VLOOKUP(E420,#REF!,8,FALSE),IFERROR(VLOOKUP(E420,#REF!,8,FALSE),IFERROR(VLOOKUP(E420,#REF!,8,FALSE),\"\")))","v":""},".-."]
[416,{"$f":"IFERROR(DAY(CTR[[#This Row],[Date]]),\"\")","v":1},{"$f":"IFERROR(MONTH(CTR[[#This Row],[Date]]),\"\")","v":2},{"$f":"IF(ISNA(INDEX(CTS!C:C,MATCH(E421,CTS!$E:$E,0))),\"\",(INDEX(CTS!C:C,MATCH(E421,CTS!$E:$E,0))))","v":44228},"02-007",{"$f":"IF(ISNA(INDEX(CTS!$F:$F,MATCH(E421,CTS!$E:$E,0))),\"\",(INDEX(CTS!$F:$F,MATCH(E421,CTS!$E:$E,0))))","v":"CLIENT"},{"$f":"IF(ISNA(INDEX(CTS!$N:$N,MATCH(E421,CTS!$E:$E,0))),\"\",(INDEX(CTS!$N:$N,MATCH(E421,CTS!$E:$E,0))))","v":6672.268907563026},{"$f":"IF(ISNA(INDEX(CTS!$O:$O,MATCH(E421,CTS!$E:$E,0))),\"\",(INDEX(CTS!$O:$O,MATCH(E421,CTS!$E:$E,0))))","v":0},{"$f":"IF(ISNA(INDEX(CTS!$P:$P,MATCH(E421,CTS!$E:$E,0))),\"\",(INDEX(CTS!$P:$P,MATCH(E421,CTS!$E:$E,0))))","v":0},{"$f":"IF(ISNA(INDEX(CTS!$Q:$Q,MATCH(E421,CTS!$E:$E,0))),\"\",(INDEX(CTS!$Q:$Q,MATCH(E421,CTS!$E:$E,0))))","v":6672.268907563026},{"$f":"IF(ISNA(INDEX(CTS!$S:$S,MATCH(E421,CTS!$E:$E,0))),\"\",(INDEX(CTS!$S:$S,MATCH(E421,CTS!$E:$E,0))))","v":1267.7310924369749},{"$f":"IF(ISNA(INDEX(CTS!$T:$T,MATCH(E421,CTS!$E:$E,0))),\"\",(INDEX(CTS!$T:$T,MATCH(E421,CTS!$E:$E,0))))","v":7940.0000000000009},{"$f":"IF(ISNA(INDEX(CTS!$U:$U,MATCH(E421,CTS!$E:$E,0))),\"\",(INDEX(CTS!$U:$U,MATCH(E421,CTS!$E:$E,0))))","v":0},{"$f":"IF(ISNA(INDEX(CTS!$V:$V,MATCH(E421,CTS!$E:$E,0))),\"\",(INDEX(CTS!$V:$V,MATCH(E421,CTS!$E:$E,0))))","v":7940.0000000000009},{"$f":"IFERROR(INDEX(CTS!$A:$A,MATCH(E421,CTS!$E:$E,0)),\".\")","v":"P"},{"$f":"IFERROR(IFERROR(INDEX(#REF!,MATCH(E421,#REF!,0)),IFERROR(INDEX(#REF!,MATCH(E421,#REF!,0)),INDEX(#REF!,MATCH(E421,#REF!,0)) )),\".\")","v":"."},null,{"$f":"IFERROR(VLOOKUP(E421,#REF!,8,FALSE),IFERROR(VLOOKUP(E421,#REF!,8,FALSE),IFERROR(VLOOKUP(E421,#REF!,8,FALSE),\"\")))","v":""},".-."]
[417,{"$f":"IFERROR(DAY(CTR[[#This Row],[Date]]),\"\")","v":1},{"$f":"IFERROR(MONTH(CTR[[#This Row],[Date]]),\"\")","v":2},{"$f":"IF(ISNA(INDEX(CTS!C:C,MATCH(E422,CTS!$E:$E,0))),\"\",(INDEX(CTS!C:C,MATCH(E422,CTS!$E:$E,0))))","v":44228},"02-008",{"$f":"IF(ISNA(INDEX(CTS!$F:$F,MATCH(E422,CTS!$E:$E,0))),\"\",(INDEX(CTS!$F:$F,MATCH(E422,CTS!$E:$E,0))))","v":"CLIENT"},{"$f":"IF(ISNA(INDEX(CTS!$N:$N,MATCH(E422,CTS!$E:$E,0))),\"\",(INDEX(CTS!$N:$N,MATCH(E422,CTS!$E:$E,0))))","v":794.95798319327741},{"$f":"IF(ISNA(INDEX(CTS!$O:$O,MATCH(E422,CTS!$E:$E,0))),\"\",(INDEX(CTS!$O:$O,MATCH(E422,CTS!$E:$E,0))))","v":0},{"$f":"IF(ISNA(INDEX(CTS!$P:$P,MATCH(E422,CTS!$E:$E,0))),\"\",(INDEX(CTS!$P:$P,MATCH(E422,CTS!$E:$E,0))))","v":0},{"$f":"IF(ISNA(INDEX(CTS!$Q:$Q,MATCH(E422,CTS!$E:$E,0))),\"\",(INDEX(CTS!$Q:$Q,MATCH(E422,CTS!$E:$E,0))))","v":794.95798319327741},{"$f":"IF(ISNA(INDEX(CTS!$S:$S,MATCH(E422,CTS!$E:$E,0))),\"\",(INDEX(CTS!$S:$S,MATCH(E422,CTS!$E:$E,0))))","v":151.04201680672273},{"$f":"IF(ISNA(INDEX(CTS!$T:$T,MATCH(E422,CTS!$E:$E,0))),\"\",(INDEX(CTS!$T:$T,MATCH(E422,CTS!$E:$E,0))))","v":946.00000000000011},{"$f":"IF(ISNA(INDEX(CTS!$U:$U,MATCH(E422,CTS!$E:$E,0))),\"\",(INDEX(CTS!$U:$U,MATCH(E422,CTS!$E:$E,0))))","v":0},{"$f":"IF(ISNA(INDEX(CTS!$V:$V,MATCH(E422,CTS!$E:$E,0))),\"\",(INDEX(CTS!$V:$V,MATCH(E422,CTS!$E:$E,0))))","v":946.00000000000011},{"$f":"IFERROR(INDEX(CTS!$A:$A,MATCH(E422,CTS!$E:$E,0)),\".\")","v":"P"},{"$f":"IFERROR(IFERROR(INDEX(#REF!,MATCH(E422,#REF!,0)),IFERROR(INDEX(#REF!,MATCH(E422,#REF!,0)),INDEX(#REF!,MATCH(E422,#REF!,0)) )),\".\")","v":"."},null,{"$f":"IFERROR(VLOOKUP(E422,#REF!,8,FALSE),IFERROR(VLOOKUP(E422,#REF!,8,FALSE),IFERROR(VLOOKUP(E422,#REF!,8,FALSE),\"\")))","v":""},".-."]
[418,{"$f":"IFERROR(DAY(CTR[[#This Row],[Date]]),\"\")","v":1},{"$f":"IFERROR(MONTH(CTR[[#This Row],[Date]]),\"\")","v":2},{"$f":"IF(ISNA(INDEX(CTS!C:C,MATCH(E423,CTS!$E:$E,0))),\"\",(INDEX(CTS!C:C,MATCH(E423,CTS!$E:$E,0))))","v":44228},"02-009",{"$f":"IF(ISNA(INDEX(CTS!$F:$F,MATCH(E423,CTS!$E:$E,0))),\"\",(INDEX(CTS!$F:$F,MATCH(E423,CTS!$E:$E,0))))","v":"CLIENT"},{"$f":"IF(ISNA(INDEX(CTS!$N:$N,MATCH(E423,CTS!$E:$E,0))),\"\",(INDEX(CTS!$N:$N,MATCH(E423,CTS!$E:$E,0))))","v":201.68067226890759},{"$f":"IF(ISNA(INDEX(CTS!$O:$O,MATCH(E423,CTS!$E:$E,0))),\"\",(INDEX(CTS!$O:$O,MATCH(E423,CTS!$E:$E,0))))","v":0},{"$f":"IF(ISNA(INDEX(CTS!$P:$P,MATCH(E423,CTS!$E:$E,0))),\"\",(INDEX(CTS!$P:$P,MATCH(E423,CTS!$E:$E,0))))","v":0},{"$f":"IF(ISNA(INDEX(CTS!$Q:$Q,MATCH(E423,CTS!$E:$E,0))),\"\",(INDEX(CTS!$Q:$Q,MATCH(E423,CTS!$E:$E,0))))","v":201.68067226890759},{"$f":"IF(ISNA(INDEX(CTS!$S:$S,MATCH(E423,CTS!$E:$E,0))),\"\",(INDEX(CTS!$S:$S,MATCH(E423,CTS!$E:$E,0))))","v":38.319327731092443},{"$f":"IF(ISNA(INDEX(CTS!$T:$T,MATCH(E423,CTS!$E:$E,0))),\"\",(INDEX(CTS!$T:$T,MATCH(E423,CTS!$E:$E,0))))","v":240.00000000000003},{"$f":"IF(ISNA(INDEX(CTS!$U:$U,MATCH(E423,CTS!$E:$E,0))),\"\",(INDEX(CTS!$U:$U,MATCH(E423,CTS!$E:$E,0))))","v":0},{"$f":"IF(ISNA(INDEX(CTS!$V:$V,MATCH(E423,CTS!$E:$E,0))),\"\",(INDEX(CTS!$V:$V,MATCH(E423,CTS!$E:$E,0))))","v":240.00000000000003},{"$f":"IFERROR(INDEX(CTS!$A:$A,MATCH(E423,CTS!$E:$E,0)),\".\")","v":"P"},{"$f":"IFERROR(IFERROR(INDEX(#REF!,MATCH(E423,#REF!,0)),IFERROR(INDEX(#REF!,MATCH(E423,#REF!,0)),INDEX(#REF!,MATCH(E423,#REF!,0)) )),\".\")","v":"."},null,{"$f":"IFERROR(VLOOKUP(E423,#REF!,8,FALSE),IFERROR(VLOOKUP(E423,#REF!,8,FALSE),IFERROR(VLOOKUP(E423,#REF!,8,FALSE),\"\")))","v":""},".-."]
[419,{"$f":"IFERROR(DAY(CTR[[#This Row],[Date]]),\"\")","v":1},{"$f":"IFERROR(MONTH(CTR[[#This Row],[Date]]),\"\")","v":2},{"$f":"IF(ISNA(INDEX(CTS!C:C,MATCH(E424,CTS!$E:$E,0))),\"\",(INDEX(CTS!C:C,MATCH(E424,CTS!$E:$E,0))))","v":44228},"02-010",{"$f":"IF(ISNA(INDEX(CTS!$F:$F,MATCH(E424,CTS!$E:$E,0))),\"\",(INDEX(CTS!$F:$F,MATCH(E424,CTS!$E:$E,0))))","v":"CLIENT"},{"$f":"IF(ISNA(INDEX(CTS!$N:$N,MATCH(E424,CTS!$E:$E,0))),\"\",(INDEX(CTS!$N:$N,MATCH(E424,CTS!$E:$E,0))))","v":50.420168067226896},{"$f":"IF(ISNA(INDEX(CTS!$O:$O,MATCH(E424,CTS!$E:$E,0))),\"\",(INDEX(CTS!$O:$O,MATCH(E424,CTS!$E:$E,0))))","v":0},{"$f":"IF(ISNA(INDEX(CTS!$P:$P,MATCH(E424,CTS!$E:$E,0))),\"\",(INDEX(CTS!$P:$P,MATCH(E424,CTS!$E:$E,0))))","v":0},{"$f":"IF(ISNA(INDEX(CTS!$Q:$Q,MATCH(E424,CTS!$E:$E,0))),\"\",(INDEX(CTS!$Q:$Q,MATCH(E424,CTS!$E:$E,0))))","v":50.420168067226896},{"$f":"IF(ISNA(INDEX(CTS!$S:$S,MATCH(E424,CTS!$E:$E,0))),\"\",(INDEX(CTS!$S:$S,MATCH(E424,CTS!$E:$E,0))))","v":9.5798319327731107},{"$f":"IF(ISNA(INDEX(CTS!$T:$T,MATCH(E424,CTS!$E:$E,0))),\"\",(INDEX(CTS!$T:$T,MATCH(E424,CTS!$E:$E,0))))","v":60.000000000000007},{"$f":"IF(ISNA(INDEX(CTS!$U:$U,MATCH(E424,CTS!$E:$E,0))),\"\",(INDEX(CTS!$U:$U,MATCH(E424,CTS!$E:$E,0))))","v":0},{"$f":"IF(ISNA(INDEX(CTS!$V:$V,MATCH(E424,CTS!$E:$E,0))),\"\",(INDEX(CTS!$V:$V,MATCH(E424,CTS!$E:$E,0))))","v":60.000000000000007},{"$f":"IFERROR(INDEX(CTS!$A:$A,MATCH(E424,CTS!$E:$E,0)),\".\")","v":"P"},{"$f":"IFERROR(IFERROR(INDEX(#REF!,MATCH(E424,#REF!,0)),IFERROR(INDEX(#REF!,MATCH(E424,#REF!,0)),INDEX(#REF!,MATCH(E424,#REF!,0)) )),\".\")","v":"."},null,{"$f":"IFERROR(VLOOKUP(E424,#REF!,8,FALSE),IFERROR(VLOOKUP(E424,#REF!,8,FALSE),IFERROR(VLOOKUP(E424,#REF!,8,FALSE),\"\")))","v":""},{"$f":"IFERROR(TEXT(P424,\"mm\") & \"-\" & TEXT(P424,\"aaaa\"),\"\")","v":".-."}]
[420,{"$f":"IFERROR(DAY(CTR[[#This Row],[Date]]),\"\")","v":1},{"$f":"IFERROR(MONTH(CTR[[#This Row],[Date]]),\"\")","v":2},{"$f":"IF(ISNA(INDEX(CTS!C:C,MATCH(E425,CTS!$E:$E,0))),\"\",(INDEX(CTS!C:C,MATCH(E425,CTS!$E:$E,0))))","v":44228},"02-011",{"$f":"IF(ISNA(INDEX(CTS!$F:$F,MATCH(E425,CTS!$E:$E,0))),\"\",(INDEX(CTS!$F:$F,MATCH(E425,CTS!$E:$E,0))))","v":"CLIENT"},{"$f":"IF(ISNA(INDEX(CTS!$N:$N,MATCH(E425,CTS!$E:$E,0))),\"\",(INDEX(CTS!$N:$N,MATCH(E425,CTS!$E:$E,0))))","v":105.88235294117649},{"$f":"IF(ISNA(INDEX(CTS!$O:$O,MATCH(E425,CTS!$E:$E,0))),\"\",(INDEX(CTS!$O:$O,MATCH(E425,CTS!$E:$E,0))))","v":0},{"$f":"IF(ISNA(INDEX(CTS!$P:$P,MATCH(E425,CTS!$E:$E,0))),\"\",(INDEX(CTS!$P:$P,MATCH(E425,CTS!$E:$E,0))))","v":0},{"$f":"IF(ISNA(INDEX(CTS!$Q:$Q,MATCH(E425,CTS!$E:$E,0))),\"\",(INDEX(CTS!$Q:$Q,MATCH(E425,CTS!$E:$E,0))))","v":105.88235294117649},{"$f":"IF(ISNA(INDEX(CTS!$S:$S,MATCH(E425,CTS!$E:$E,0))),\"\",(INDEX(CTS!$S:$S,MATCH(E425,CTS!$E:$E,0))))","v":20.117647058823533},{"$f":"IF(ISNA(INDEX(CTS!$T:$T,MATCH(E425,CTS!$E:$E,0))),\"\",(INDEX(CTS!$T:$T,MATCH(E425,CTS!$E:$E,0))))","v":126.00000000000003},{"$f":"IF(ISNA(INDEX(CTS!$U:$U,MATCH(E425,CTS!$E:$E,0))),\"\",(INDEX(CTS!$U:$U,MATCH(E425,CTS!$E:$E,0))))","v":0},{"$f":"IF(ISNA(INDEX(CTS!$V:$V,MATCH(E425,CTS!$E:$E,0))),\"\",(INDEX(CTS!$V:$V,MATCH(E425,CTS!$E:$E,0))))","v":126.00000000000003},{"$f":"IFERROR(INDEX(CTS!$A:$A,MATCH(E425,CTS!$E:$E,0)),\".\")","v":"P"},{"$f":"IFERROR(IFERROR(INDEX(#REF!,MATCH(E425,#REF!,0)),IFERROR(INDEX(#REF!,MATCH(E425,#REF!,0)),INDEX(#REF!,MATCH(E425,#REF!,0)) )),\".\")","v":"."},null,{"$f":"IFERROR(VLOOKUP(E425,#REF!,8,FALSE),IFERROR(VLOOKUP(E425,#REF!,8,FALSE),IFERROR(VLOOKUP(E425,#REF!,8,FALSE),\"\")))","v":""},{"$f":"IFERROR(TEXT(P425,\"mm\") & \"-\" & TEXT(P425,\"aaaa\"),\"\")","v":".-."}]
[421,{"$f":"IFERROR(DAY(CTR[[#This Row],[Date]]),\"\")","v":1},{"$f":"IFERROR(MONTH(CTR[[#This Row],[Date]]),\"\")","v":2},{"$f":"IF(ISNA(INDEX(CTS!C:C,MATCH(E426,CTS!$E:$E,0))),\"\",(INDEX(CTS!C:C,MATCH(E426,CTS!$E:$E,0))))","v":44228},"02-012",{"$f":"IF(ISNA(INDEX(CTS!$F:$F,MATCH(E426,CTS!$E:$E,0))),\"\",(INDEX(CTS!$F:$F,MATCH(E426,CTS!$E:$E,0))))","v":"CLIENT"},{"$f":"IF(ISNA(INDEX(CTS!$N:$N,MATCH(E426,CTS!$E:$E,0))),\"\",(INDEX(CTS!$N:$N,MATCH(E426,CTS!$E:$E,0))))","v":242.0168067226891},{"$f":"IF(ISNA(INDEX(CTS!$O:$O,MATCH(E426,CTS!$E:$E,0))),\"\",(INDEX(CTS!$O:$O,MATCH(E426,CTS!$E:$E,0))))","v":6.25E-2},{"$f":"IF(ISNA(INDEX(CTS!$P:$P,MATCH(E426,CTS!$E:$E,0))),\"\",(INDEX(CTS!$P:$P,MATCH(E426,CTS!$E:$E,0))))","v":15.126050420168069},{"$f":"IF(ISNA(INDEX(CTS!$Q:$Q,MATCH(E426,CTS!$E:$E,0))),\"\",(INDEX(CTS!$Q:$Q,MATCH(E426,CTS!$E:$E,0))))","v":226.89075630252103},{"$f":"IF(ISNA(INDEX(CTS!$S:$S,MATCH(E426,CTS!$E:$E,0))),\"\",(INDEX(CTS!$S:$S,MATCH(E426,CTS!$E:$E,0))))","v":43.109243697478995},{"$f":"IF(ISNA(INDEX(CTS!$T:$T,MATCH(E426,CTS!$E:$E,0))),\"\",(INDEX(CTS!$T:$T,MATCH(E426,CTS!$E:$E,0))))","v":270},{"$f":"IF(ISNA(INDEX(CTS!$U:$U,MATCH(E426,CTS!$E:$E,0))),\"\",(INDEX(CTS!$U:$U,MATCH(E426,CTS!$E:$E,0))))","v":0},{"$f":"IF(ISNA(INDEX(CTS!$V:$V,MATCH(E426,CTS!$E:$E,0))),\"\",(INDEX(CTS!$V:$V,MATCH(E426,CTS!$E:$E,0))))","v":270},{"$f":"IFERROR(INDEX(CTS!$A:$A,MATCH(E426,CTS!$E:$E,0)),\".\")","v":"P"},{"$f":"IFERROR(IFERROR(INDEX(#REF!,MATCH(E426,#REF!,0)),IFERROR(INDEX(#REF!,MATCH(E426,#REF!,0)),INDEX(#REF!,MATCH(E426,#REF!,0)) )),\".\")","v":"."},null,{"$f":"IFERROR(VLOOKUP(E426,#REF!,8,FALSE),IFERROR(VLOOKUP(E426,#REF!,8,FALSE),IFERROR(VLOOKUP(E426,#REF!,8,FALSE),\"\")))","v":""},{"$f":"IFERROR(TEXT(P426,\"mm\") & \"-\" & TEXT(P426,\"aaaa\"),\"\")","v":".-."}]
[422,{"$f":"IFERROR(DAY(CTR[[#This Row],[Date]]),\"\")","v":1},{"$f":"IFERROR(MONTH(CTR[[#This Row],[Date]]),\"\")","v":2},{"$f":"IF(ISNA(INDEX(CTS!C:C,MATCH(E427,CTS!$E:$E,0))),\"\",(INDEX(CTS!C:C,MATCH(E427,CTS!$E:$E,0))))","v":44228},"02-013",{"$f":"IF(ISNA(INDEX(CTS!$F:$F,MATCH(E427,CTS!$E:$E,0))),\"\",(INDEX(CTS!$F:$F,MATCH(E427,CTS!$E:$E,0))))","v":"CLIENT"},{"$f":"IF(ISNA(INDEX(CTS!$N:$N,MATCH(E427,CTS!$E:$E,0))),\"\",(INDEX(CTS!$N:$N,MATCH(E427,CTS!$E:$E,0))))","v":42.016806722689076},{"$f":"IF(ISNA(INDEX(CTS!$O:$O,MATCH(E427,CTS!$E:$E,0))),\"\",(INDEX(CTS!$O:$O,MATCH(E427,CTS!$E:$E,0))))","v":0},{"$f":"IF(ISNA(INDEX(CTS!$P:$P,MATCH(E427,CTS!$E:$E,0))),\"\",(INDEX(CTS!$P:$P,MATCH(E427,CTS!$E:$E,0))))","v":0},{"$f":"IF(ISNA(INDEX(CTS!$Q:$Q,MATCH(E427,CTS!$E:$E,0))),\"\",(INDEX(CTS!$Q:$Q,MATCH(E427,CTS!$E:$E,0))))","v":42.016806722689076},{"$f":"IF(ISNA(INDEX(CTS!$S:$S,MATCH(E427,CTS!$E:$E,0))),\"\",(INDEX(CTS!$S:$S,MATCH(E427,CTS!$E:$E,0))))","v":7.9831932773109244},{"$f":"IF(ISNA(INDEX(CTS!$T:$T,MATCH(E427,CTS!$E:$E,0))),\"\",(INDEX(CTS!$T:$T,MATCH(E427,CTS!$E:$E,0))))","v":50},{"$f":"IF(ISNA(INDEX(CTS!$U:$U,MATCH(E427,CTS!$E:$E,0))),\"\",(INDEX(CTS!$U:$U,MATCH(E427,CTS!$E:$E,0))))","v":0},{"$f":"IF(ISNA(INDEX(CTS!$V:$V,MATCH(E427,CTS!$E:$E,0))),\"\",(INDEX(CTS!$V:$V,MATCH(E427,CTS!$E:$E,0))))","v":50},{"$f":"IFERROR(INDEX(CTS!$A:$A,MATCH(E427,CTS!$E:$E,0)),\".\")","v":"P"},{"$f":"IFERROR(IFERROR(INDEX(#REF!,MATCH(E427,#REF!,0)),IFERROR(INDEX(#REF!,MATCH(E427,#REF!,0)),INDEX(#REF!,MATCH(E427,#REF!,0)) )),\".\")","v":"."},null,{"$f":"IFERROR(VLOOKUP(E427,#REF!,8,FALSE),IFERROR(VLOOKUP(E427,#REF!,8,FALSE),IFERROR(VLOOKUP(E427,#REF!,8,FALSE),\"\")))","v":""},{"$f":"IFERROR(TEXT(P427,\"mm\") & \"-\" & TEXT(P427,\"aaaa\"),\"\")","v":".-."}]
[423,{"$f":"IFERROR(DAY(CTR[[#This Row],[Date]]),\"\")","v":1},{"$f":"IFERROR(MONTH(CTR[[#This Row],[Date]]),\"\")","v":2},{"$f":"IF(ISNA(INDEX(CTS!C:C,MATCH(E428,CTS!$E:$E,0))),\"\",(INDEX(CTS!C:C,MATCH(E428,CTS!$E:$E,0))))","v":44228},"02-014",{"$f":"IF(ISNA(INDEX(CTS!$F:$F,MATCH(E428,CTS!$E:$E,0))),\"\",(INDEX(CTS!$F:$F,MATCH(E428,CTS!$E:$E,0))))","v":"CLIENT"},{"$f":"IF(ISNA(INDEX(CTS!$N:$N,MATCH(E428,CTS!$E:$E,0))),\"\",(INDEX(CTS!$N:$N,MATCH(E428,CTS!$E:$E,0))))","v":3650.4201680672277},{"$f":"IF(ISNA(INDEX(CTS!$O:$O,MATCH(E428,CTS!$E:$E,0))),\"\",(INDEX(CTS!$O:$O,MATCH(E428,CTS!$E:$E,0))))","v":5.9852670349907905E-3},{"$f":"IF(ISNA(INDEX(CTS!$P:$P,MATCH(E428,CTS!$E:$E,0))),\"\",(INDEX(CTS!$P:$P,MATCH(E428,CTS!$E:$E,0))))","v":21.84873949579832},{"$f":"IF(ISNA(INDEX(CTS!$Q:$Q,MATCH(E428,CTS!$E:$E,0))),\"\",(INDEX(CTS!$Q:$Q,MATCH(E428,CTS!$E:$E,0))))","v":3628.5714285714294},{"$f":"IF(ISNA(INDEX(CTS!$S:$S,MATCH(E428,CTS!$E:$E,0))),\"\",(INDEX(CTS!$S:$S,MATCH(E428,CTS!$E:$E,0))))","v":689.42857142857167},{"$f":"IF(ISNA(INDEX(CTS!$T:$T,MATCH(E428,CTS!$E:$E,0))),\"\",(INDEX(CTS!$T:$T,MATCH(E428,CTS!$E:$E,0))))","v":4318.0000000000009},{"$f":"IF(ISNA(INDEX(CTS!$U:$U,MATCH(E428,CTS!$E:$E,0))),\"\",(INDEX(CTS!$U:$U,MATCH(E428,CTS!$E:$E,0))))","v":0},{"$f":"IF(ISNA(INDEX(CTS!$V:$V,MATCH(E428,CTS!$E:$E,0))),\"\",(INDEX(CTS!$V:$V,MATCH(E428,CTS!$E:$E,0))))","v":4318.0000000000009},{"$f":"IFERROR(INDEX(CTS!$A:$A,MATCH(E428,CTS!$E:$E,0)),\".\")","v":"P"},{"$f":"IFERROR(IFERROR(INDEX(#REF!,MATCH(E428,#REF!,0)),IFERROR(INDEX(#REF!,MATCH(E428,#REF!,0)),INDEX(#REF!,MATCH(E428,#REF!,0)) )),\".\")","v":"."},null,{"$f":"IFERROR(VLOOKUP(E428,#REF!,8,FALSE),IFERROR(VLOOKUP(E428,#REF!,8,FALSE),IFERROR(VLOOKUP(E428,#REF!,8,FALSE),\"\")))","v":""},{"$f":"IFERROR(TEXT(P428,\"mm\") & \"-\" & TEXT(P428,\"aaaa\"),\"\")","v":".-."}]
[424,{"$f":"IFERROR(DAY(CTR[[#This Row],[Date]]),\"\")","v":1},{"$f":"IFERROR(MONTH(CTR[[#This Row],[Date]]),\"\")","v":2},{"$f":"IF(ISNA(INDEX(CTS!C:C,MATCH(E429,CTS!$E:$E,0))),\"\",(INDEX(CTS!C:C,MATCH(E429,CTS!$E:$E,0))))","v":44228},"02-015",{"$f":"IF(ISNA(INDEX(CTS!$F:$F,MATCH(E429,CTS!$E:$E,0))),\"\",(INDEX(CTS!$F:$F,MATCH(E429,CTS!$E:$E,0))))","v":"CLIENT"},{"$f":"IF(ISNA(INDEX(CTS!$N:$N,MATCH(E429,CTS!$E:$E,0))),\"\",(INDEX(CTS!$N:$N,MATCH(E429,CTS!$E:$E,0))))","v":3843.6974789915976},{"$f":"IF(ISNA(INDEX(CTS!$O:$O,MATCH(E429,CTS!$E:$E,0))),\"\",(INDEX(CTS!$O:$O,MATCH(E429,CTS!$E:$E,0))))","v":0},{"$f":"IF(ISNA(INDEX(CTS!$P:$P,MATCH(E429,CTS!$E:$E,0))),\"\",(INDEX(CTS!$P:$P,MATCH(E429,CTS!$E:$E,0))))","v":0},{"$f":"IF(ISNA(INDEX(CTS!$Q:$Q,MATCH(E429,CTS!$E:$E,0))),\"\",(INDEX(CTS!$Q:$Q,MATCH(E429,CTS!$E:$E,0))))","v":3843.6974789915976},{"$f":"IF(ISNA(INDEX(CTS!$S:$S,MATCH(E429,CTS!$E:$E,0))),\"\",(INDEX(CTS!$S:$S,MATCH(E429,CTS!$E:$E,0))))","v":730.30252100840357},{"$f":"IF(ISNA(INDEX(CTS!$T:$T,MATCH(E429,CTS!$E:$E,0))),\"\",(INDEX(CTS!$T:$T,MATCH(E429,CTS!$E:$E,0))))","v":4574.0000000000009},{"$f":"IF(ISNA(INDEX(CTS!$U:$U,MATCH(E429,CTS!$E:$E,0))),\"\",(INDEX(CTS!$U:$U,MATCH(E429,CTS!$E:$E,0))))","v":0},{"$f":"IF(ISNA(INDEX(CTS!$V:$V,MATCH(E429,CTS!$E:$E,0))),\"\",(INDEX(CTS!$V:$V,MATCH(E429,CTS!$E:$E,0))))","v":4574.0000000000009},{"$f":"IFERROR(INDEX(CTS!$A:$A,MATCH(E429,CTS!$E:$E,0)),\".\")","v":"P"},{"$f":"IFERROR(IFERROR(INDEX(#REF!,MATCH(E429,#REF!,0)),IFERROR(INDEX(#REF!,MATCH(E429,#REF!,0)),INDEX(#REF!,MATCH(E429,#REF!,0)) )),\".\")","v":"."},null,{"$f":"IFERROR(VLOOKUP(E429,#REF!,8,FALSE),IFERROR(VLOOKUP(E429,#REF!,8,FALSE),IFERROR(VLOOKUP(E429,#REF!,8,FALSE),\"\")))","v":""},".-."]
[425,{"$f":"IFERROR(DAY(CTR[[#This Row],[Date]]),\"\")","v":1},{"$f":"IFERROR(MONTH(CTR[[#This Row],[Date]]),\"\")","v":2},{"$f":"IF(ISNA(INDEX(CTS!C:C,MATCH(E430,CTS!$E:$E,0))),\"\",(INDEX(CTS!C:C,MATCH(E430,CTS!$E:$E,0))))","v":44228},"02-016",{"$f":"IF(ISNA(INDEX(CTS!$F:$F,MATCH(E430,CTS!$E:$E,0))),\"\",(INDEX(CTS!$F:$F,MATCH(E430,CTS!$E:$E,0))))","v":"CLIENT"},{"$f":"IF(ISNA(INDEX(CTS!$N:$N,MATCH(E430,CTS!$E:$E,0))),\"\",(INDEX(CTS!$N:$N,MATCH(E430,CTS!$E:$E,0))))","v":84.033613445378165},{"$f":"IF(ISNA(INDEX(CTS!$O:$O,MATCH(E430,CTS!$E:$E,0))),\"\",(INDEX(CTS!$O:$O,MATCH(E430,CTS!$E:$E,0))))","v":0},{"$f":"IF(ISNA(INDEX(CTS!$P:$P,MATCH(E430,CTS!$E:$E,0))),\"\",(INDEX(CTS!$P:$P,MATCH(E430,CTS!$E:$E,0))))","v":0},{"$f":"IF(ISNA(INDEX(CTS!$Q:$Q,MATCH(E430,CTS!$E:$E,0))),\"\",(INDEX(CTS!$Q:$Q,MATCH(E430,CTS!$E:$E,0))))","v":84.033613445378165},{"$f":"IF(ISNA(INDEX(CTS!$S:$S,MATCH(E430,CTS!$E:$E,0))),\"\",(INDEX(CTS!$S:$S,MATCH(E430,CTS!$E:$E,0))))","v":15.966386554621851},{"$f":"IF(ISNA(INDEX(CTS!$T:$T,MATCH(E430,CTS!$E:$E,0))),\"\",(INDEX(CTS!$T:$T,MATCH(E430,CTS!$E:$E,0))))","v":100.00000000000001},{"$f":"IF(ISNA(INDEX(CTS!$U:$U,MATCH(E430,CTS!$E:$E,0))),\"\",(INDEX(CTS!$U:$U,MATCH(E430,CTS!$E:$E,0))))","v":0},{"$f":"IF(ISNA(INDEX(CTS!$V:$V,MATCH(E430,CTS!$E:$E,0))),\"\",(INDEX(CTS!$V:$V,MATCH(E430,CTS!$E:$E,0))))","v":100.00000000000001},{"$f":"IFERROR(INDEX(CTS!$A:$A,MATCH(E430,CTS!$E:$E,0)),\".\")","v":"P"},{"$f":"IFERROR(IFERROR(INDEX(#REF!,MATCH(E430,#REF!,0)),IFERROR(INDEX(#REF!,MATCH(E430,#REF!,0)),INDEX(#REF!,MATCH(E430,#REF!,0)) )),\".\")","v":"."},null,{"$f":"IFERROR(VLOOKUP(E430,#REF!,8,FALSE),IFERROR(VLOOKUP(E430,#REF!,8,FALSE),IFERROR(VLOOKUP(E430,#REF!,8,FALSE),\"\")))","v":""},".-."]
[426,{"$f":"IFERROR(DAY(CTR[[#This Row],[Date]]),\"\")","v":2},{"$f":"IFERROR(MONTH(CTR[[#This Row],[Date]]),\"\")","v":2},{"$f":"IF(ISNA(INDEX(CTS!C:C,MATCH(E431,CTS!$E:$E,0))),\"\",(INDEX(CTS!C:C,MATCH(E431,CTS!$E:$E,0))))","v":44229},"02-017",{"$f":"IF(ISNA(INDEX(CTS!$F:$F,MATCH(E431,CTS!$E:$E,0))),\"\",(INDEX(CTS!$F:$F,MATCH(E431,CTS!$E:$E,0))))","v":"CLIENT"},{"$f":"IF(ISNA(INDEX(CTS!$N:$N,MATCH(E431,CTS!$E:$E,0))),\"\",(INDEX(CTS!$N:$N,MATCH(E431,CTS!$E:$E,0))))","v":131.09243697478993},{"$f":"IF(ISNA(INDEX(CTS!$O:$O,MATCH(E431,CTS!$E:$E,0))),\"\",(INDEX(CTS!$O:$O,MATCH(E431,CTS!$E:$E,0))))","v":0},{"$f":"IF(ISNA(INDEX(CTS!$P:$P,MATCH(E431,CTS!$E:$E,0))),\"\",(INDEX(CTS!$P:$P,MATCH(E431,CTS!$E:$E,0))))","v":0},{"$f":"IF(ISNA(INDEX(CTS!$Q:$Q,MATCH(E431,CTS!$E:$E,0))),\"\",(INDEX(CTS!$Q:$Q,MATCH(E431,CTS!$E:$E,0))))","v":131.09243697478993},{"$f":"IF(ISNA(INDEX(CTS!$S:$S,MATCH(E431,CTS!$E:$E,0))),\"\",(INDEX(CTS!$S:$S,MATCH(E431,CTS!$E:$E,0))))","v":24.907563025210088},{"$f":"IF(ISNA(INDEX(CTS!$T:$T,MATCH(E431,CTS!$E:$E,0))),\"\",(INDEX(CTS!$T:$T,MATCH(E431,CTS!$E:$E,0))))","v":156.00000000000003},{"$f":"IF(ISNA(INDEX(CTS!$U:$U,MATCH(E431,CTS!$E:$E,0))),\"\",(INDEX(CTS!$U:$U,MATCH(E431,CTS!$E:$E,0))))","v":0},{"$f":"IF(ISNA(INDEX(CTS!$V:$V,MATCH(E431,CTS!$E:$E,0))),\"\",(INDEX(CTS!$V:$V,MATCH(E431,CTS!$E:$E,0))))","v":156.00000000000003},{"$f":"IFERROR(INDEX(CTS!$A:$A,MATCH(E431,CTS!$E:$E,0)),\".\")","v":"P"},{"$f":"IFERROR(IFERROR(INDEX(#REF!,MATCH(E431,#REF!,0)),IFERROR(INDEX(#REF!,MATCH(E431,#REF!,0)),INDEX(#REF!,MATCH(E431,#REF!,0)) )),\".\")","v":"."},null,{"$f":"IFERROR(VLOOKUP(E431,#REF!,8,FALSE),IFERROR(VLOOKUP(E431,#REF!,8,FALSE),IFERROR(VLOOKUP(E431,#REF!,8,FALSE),\"\")))","v":""},".-."]
[427,{"$f":"IFERROR(DAY(CTR[[#This Row],[Date]]),\"\")","v":2},{"$f":"IFERROR(MONTH(CTR[[#This Row],[Date]]),\"\")","v":2},{"$f":"IF(ISNA(INDEX(CTS!C:C,MATCH(E432,CTS!$E:$E,0))),\"\",(INDEX(CTS!C:C,MATCH(E432,CTS!$E:$E,0))))","v":44229},"02-018",{"$f":"IF(ISNA(INDEX(CTS!$F:$F,MATCH(E432,CTS!$E:$E,0))),\"\",(INDEX(CTS!$F:$F,MATCH(E432,CTS!$E:$E,0))))","v":"CLIENT"},{"$f":"IF(ISNA(INDEX(CTS!$N:$N,MATCH(E432,CTS!$E:$E,0))),\"\",(INDEX(CTS!$N:$N,MATCH(E432,CTS!$E:$E,0))))","v":484.03361344537819},{"$f":"IF(ISNA(INDEX(CTS!$O:$O,MATCH(E432,CTS!$E:$E,0))),\"\",(INDEX(CTS!$O:$O,MATCH(E432,CTS!$E:$E,0))))","v":0},{"$f":"IF(ISNA(INDEX(CTS!$P:$P,MATCH(E432,CTS!$E:$E,0))),\"\",(INDEX(CTS!$P:$P,MATCH(E432,CTS!$E:$E,0))))","v":0},{"$f":"IF(ISNA(INDEX(CTS!$Q:$Q,MATCH(E432,CTS!$E:$E,0))),\"\",(INDEX(CTS!$Q:$Q,MATCH(E432,CTS!$E:$E,0))))","v":484.03361344537819},{"$f":"IF(ISNA(INDEX(CTS!$S:$S,MATCH(E432,CTS!$E:$E,0))),\"\",(INDEX(CTS!$S:$S,MATCH(E432,CTS!$E:$E,0))))","v":91.966386554621863},{"$f":"IF(ISNA(INDEX(CTS!$T:$T,MATCH(E432,CTS!$E:$E,0))),\"\",(INDEX(CTS!$T:$T,MATCH(E432,CTS!$E:$E,0))))","v":576},{"$f":"IF(ISNA(INDEX(CTS!$U:$U,MATCH(E432,CTS!$E:$E,0))),\"\",(INDEX(CTS!$U:$U,MATCH(E432,CTS!$E:$E,0))))","v":0},{"$f":"IF(ISNA(INDEX(CTS!$V:$V,MATCH(E432,CTS!$E:$E,0))),\"\",(INDEX(CTS!$V:$V,MATCH(E432,CTS!$E:$E,0))))","v":576},{"$f":"IFERROR(INDEX(CTS!$A:$A,MATCH(E432,CTS!$E:$E,0)),\".\")","v":"P"},{"$f":"IFERROR(IFERROR(INDEX(#REF!,MATCH(E432,#REF!,0)),IFERROR(INDEX(#REF!,MATCH(E432,#REF!,0)),INDEX(#REF!,MATCH(E432,#REF!,0)) )),\".\")","v":"."},null,{"$f":"IFERROR(VLOOKUP(E432,#REF!,8,FALSE),IFERROR(VLOOKUP(E432,#REF!,8,FALSE),IFERROR(VLOOKUP(E432,#REF!,8,FALSE),\"\")))","v":""},".-."]
[428,{"$f":"IFERROR(DAY(CTR[[#This Row],[Date]]),\"\")","v":2},{"$f":"IFERROR(MONTH(CTR[[#This Row],[Date]]),\"\")","v":2},{"$f":"IF(ISNA(INDEX(CTS!C:C,MATCH(E433,CTS!$E:$E,0))),\"\",(INDEX(CTS!C:C,MATCH(E433,CTS!$E:$E,0))))","v":44229},"02-019",{"$f":"IF(ISNA(INDEX(CTS!$F:$F,MATCH(E433,CTS!$E:$E,0))),\"\",(INDEX(CTS!$F:$F,MATCH(E433,CTS!$E:$E,0))))","v":"CLIENT"},{"$f":"IF(ISNA(INDEX(CTS!$N:$N,MATCH(E433,CTS!$E:$E,0))),\"\",(INDEX(CTS!$N:$N,MATCH(E433,CTS!$E:$E,0))))","v":210.0840336134454},{"$f":"IF(ISNA(INDEX(CTS!$O:$O,MATCH(E433,CTS!$E:$E,0))),\"\",(INDEX(CTS!$O:$O,MATCH(E433,CTS!$E:$E,0))))","v":0},{"$f":"IF(ISNA(INDEX(CTS!$P:$P,MATCH(E433,CTS!$E:$E,0))),\"\",(INDEX(CTS!$P:$P,MATCH(E433,CTS!$E:$E,0))))","v":0},{"$f":"IF(ISNA(INDEX(CTS!$Q:$Q,MATCH(E433,CTS!$E:$E,0))),\"\",(INDEX(CTS!$Q:$Q,MATCH(E433,CTS!$E:$E,0))))","v":210.0840336134454},{"$f":"IF(ISNA(INDEX(CTS!$S:$S,MATCH(E433,CTS!$E:$E,0))),\"\",(INDEX(CTS!$S:$S,MATCH(E433,CTS!$E:$E,0))))","v":39.915966386554629},{"$f":"IF(ISNA(INDEX(CTS!$T:$T,MATCH(E433,CTS!$E:$E,0))),\"\",(INDEX(CTS!$T:$T,MATCH(E433,CTS!$E:$E,0))))","v":250.00000000000003},{"$f":"IF(ISNA(INDEX(CTS!$U:$U,MATCH(E433,CTS!$E:$E,0))),\"\",(INDEX(CTS!$U:$U,MATCH(E433,CTS!$E:$E,0))))","v":0},{"$f":"IF(ISNA(INDEX(CTS!$V:$V,MATCH(E433,CTS!$E:$E,0))),\"\",(INDEX(CTS!$V:$V,MATCH(E433,CTS!$E:$E,0))))","v":250.00000000000003},{"$f":"IFERROR(INDEX(CTS!$A:$A,MATCH(E433,CTS!$E:$E,0)),\".\")","v":"P"},{"$f":"IFERROR(IFERROR(INDEX(#REF!,MATCH(E433,#REF!,0)),IFERROR(INDEX(#REF!,MATCH(E433,#REF!,0)),INDEX(#REF!,MATCH(E433,#REF!,0)) )),\".\")","v":"."},null,{"$f":"IFERROR(VLOOKUP(E433,#REF!,8,FALSE),IFERROR(VLOOKUP(E433,#REF!,8,FALSE),IFERROR(VLOOKUP(E433,#REF!,8,FALSE),\"\")))","v":""},".-."]
[429,{"$f":"IFERROR(DAY(CTR[[#This Row],[Date]]),\"\")","v":2},{"$f":"IFERROR(MONTH(CTR[[#This Row],[Date]]),\"\")","v":2},{"$f":"IF(ISNA(INDEX(CTS!C:C,MATCH(E434,CTS!$E:$E,0))),\"\",(INDEX(CTS!C:C,MATCH(E434,CTS!$E:$E,0))))","v":44229},"02-020",{"$f":"IF(ISNA(INDEX(CTS!$F:$F,MATCH(E434,CTS!$E:$E,0))),\"\",(INDEX(CTS!$F:$F,MATCH(E434,CTS!$E:$E,0))))","v":"CLIENT"},{"$f":"IF(ISNA(INDEX(CTS!$N:$N,MATCH(E434,CTS!$E:$E,0))),\"\",(INDEX(CTS!$N:$N,MATCH(E434,CTS!$E:$E,0))))","v":336.13445378151266},{"$f":"IF(ISNA(INDEX(CTS!$O:$O,MATCH(E434,CTS!$E:$E,0))),\"\",(INDEX(CTS!$O:$O,MATCH(E434,CTS!$E:$E,0))))","v":0},{"$f":"IF(ISNA(INDEX(CTS!$P:$P,MATCH(E434,CTS!$E:$E,0))),\"\",(INDEX(CTS!$P:$P,MATCH(E434,CTS!$E:$E,0))))","v":0},{"$f":"IF(ISNA(INDEX(CTS!$Q:$Q,MATCH(E434,CTS!$E:$E,0))),\"\",(INDEX(CTS!$Q:$Q,MATCH(E434,CTS!$E:$E,0))))","v":336.13445378151266},{"$f":"IF(ISNA(INDEX(CTS!$S:$S,MATCH(E434,CTS!$E:$E,0))),\"\",(INDEX(CTS!$S:$S,MATCH(E434,CTS!$E:$E,0))))","v":63.865546218487403},{"$f":"IF(ISNA(INDEX(CTS!$T:$T,MATCH(E434,CTS!$E:$E,0))),\"\",(INDEX(CTS!$T:$T,MATCH(E434,CTS!$E:$E,0))))","v":400.00000000000006},{"$f":"IF(ISNA(INDEX(CTS!$U:$U,MATCH(E434,CTS!$E:$E,0))),\"\",(INDEX(CTS!$U:$U,MATCH(E434,CTS!$E:$E,0))))","v":0},{"$f":"IF(ISNA(INDEX(CTS!$V:$V,MATCH(E434,CTS!$E:$E,0))),\"\",(INDEX(CTS!$V:$V,MATCH(E434,CTS!$E:$E,0))))","v":400.00000000000006},{"$f":"IFERROR(INDEX(CTS!$A:$A,MATCH(E434,CTS!$E:$E,0)),\".\")","v":"P"},{"$f":"IFERROR(IFERROR(INDEX(#REF!,MATCH(E434,#REF!,0)),IFERROR(INDEX(#REF!,MATCH(E434,#REF!,0)),INDEX(#REF!,MATCH(E434,#REF!,0)) )),\".\")","v":"."},null,{"$f":"IFERROR(VLOOKUP(E434,#REF!,8,FALSE),IFERROR(VLOOKUP(E434,#REF!,8,FALSE),IFERROR(VLOOKUP(E434,#REF!,8,FALSE),\"\")))","v":""},".-."]
[430,{"$f":"IFERROR(DAY(CTR[[#This Row],[Date]]),\"\")","v":2},{"$f":"IFERROR(MONTH(CTR[[#This Row],[Date]]),\"\")","v":2},{"$f":"IF(ISNA(INDEX(CTS!C:C,MATCH(E435,CTS!$E:$E,0))),\"\",(INDEX(CTS!C:C,MATCH(E435,CTS!$E:$E,0))))","v":44229},"02-021",{"$f":"IF(ISNA(INDEX(CTS!$F:$F,MATCH(E435,CTS!$E:$E,0))),\"\",(INDEX(CTS!$F:$F,MATCH(E435,CTS!$E:$E,0))))","v":"CLIENT"},{"$f":"IF(ISNA(INDEX(CTS!$N:$N,MATCH(E435,CTS!$E:$E,0))),\"\",(INDEX(CTS!$N:$N,MATCH(E435,CTS!$E:$E,0))))","v":3050.4201680672272},{"$f":"IF(ISNA(INDEX(CTS!$O:$O,MATCH(E435,CTS!$E:$E,0))),\"\",(INDEX(CTS!$O:$O,MATCH(E435,CTS!$E:$E,0))))","v":0},{"$f":"IF(ISNA(INDEX(CTS!$P:$P,MATCH(E435,CTS!$E:$E,0))),\"\",(INDEX(CTS!$P:$P,MATCH(E435,CTS!$E:$E,0))))","v":0},{"$f":"IF(ISNA(INDEX(CTS!$Q:$Q,MATCH(E435,CTS!$E:$E,0))),\"\",(INDEX(CTS!$Q:$Q,MATCH(E435,CTS!$E:$E,0))))","v":3050.4201680672272},{"$f":"IF(ISNA(INDEX(CTS!$S:$S,MATCH(E435,CTS!$E:$E,0))),\"\",(INDEX(CTS!$S:$S,MATCH(E435,CTS!$E:$E,0))))","v":579.57983193277312},{"$f":"IF(ISNA(INDEX(CTS!$T:$T,MATCH(E435,CTS!$E:$E,0))),\"\",(INDEX(CTS!$T:$T,MATCH(E435,CTS!$E:$E,0))))","v":3630.0000000000005},{"$f":"IF(ISNA(INDEX(CTS!$U:$U,MATCH(E435,CTS!$E:$E,0))),\"\",(INDEX(CTS!$U:$U,MATCH(E435,CTS!$E:$E,0))))","v":0},{"$f":"IF(ISNA(INDEX(CTS!$V:$V,MATCH(E435,CTS!$E:$E,0))),\"\",(INDEX(CTS!$V:$V,MATCH(E435,CTS!$E:$E,0))))","v":3630.0000000000005},{"$f":"IFERROR(INDEX(CTS!$A:$A,MATCH(E435,CTS!$E:$E,0)),\".\")","v":"P"},{"$f":"IFERROR(IFERROR(INDEX(#REF!,MATCH(E435,#REF!,0)),IFERROR(INDEX(#REF!,MATCH(E435,#REF!,0)),INDEX(#REF!,MATCH(E435,#REF!,0)) )),\".\")","v":"."},null,{"$f":"IFERROR(VLOOKUP(E435,#REF!,8,FALSE),IFERROR(VLOOKUP(E435,#REF!,8,FALSE),IFERROR(VLOOKUP(E435,#REF!,8,FALSE),\"\")))","v":""},".-."]
[431,{"$f":"IFERROR(DAY(CTR[[#This Row],[Date]]),\"\")","v":2},{"$f":"IFERROR(MONTH(CTR[[#This Row],[Date]]),\"\")","v":2},{"$f":"IF(ISNA(INDEX(CTS!C:C,MATCH(E436,CTS!$E:$E,0))),\"\",(INDEX(CTS!C:C,MATCH(E436,CTS!$E:$E,0))))","v":44229},"02-022",{"$f":"IF(ISNA(INDEX(CTS!$F:$F,MATCH(E436,CTS!$E:$E,0))),\"\",(INDEX(CTS!$F:$F,MATCH(E436,CTS!$E:$E,0))))","v":"CLIENT"},{"$f":"IF(ISNA(INDEX(CTS!$N:$N,MATCH(E436,CTS!$E:$E,0))),\"\",(INDEX(CTS!$N:$N,MATCH(E436,CTS!$E:$E,0))))","v":67.226890756302524},{"$f":"IF(ISNA(INDEX(CTS!$O:$O,MATCH(E436,CTS!$E:$E,0))),\"\",(INDEX(CTS!$O:$O,MATCH(E436,CTS!$E:$E,0))))","v":0},{"$f":"IF(ISNA(INDEX(CTS!$P:$P,MATCH(E436,CTS!$E:$E,0))),\"\",(INDEX(CTS!$P:$P,MATCH(E436,CTS!$E:$E,0))))","v":0},{"$f":"IF(ISNA(INDEX(CTS!$Q:$Q,MATCH(E436,CTS!$E:$E,0))),\"\",(INDEX(CTS!$Q:$Q,MATCH(E436,CTS!$E:$E,0))))","v":67.226890756302524},{"$f":"IF(ISNA(INDEX(CTS!$S:$S,MATCH(E436,CTS!$E:$E,0))),\"\",(INDEX(CTS!$S:$S,MATCH(E436,CTS!$E:$E,0))))","v":12.77310924369748},{"$f":"IF(ISNA(INDEX(CTS!$T:$T,MATCH(E436,CTS!$E:$E,0))),\"\",(INDEX(CTS!$T:$T,MATCH(E436,CTS!$E:$E,0))))","v":80},{"$f":"IF(ISNA(INDEX(CTS!$U:$U,MATCH(E436,CTS!$E:$E,0))),\"\",(INDEX(CTS!$U:$U,MATCH(E436,CTS!$E:$E,0))))","v":0},{"$f":"IF(ISNA(INDEX(CTS!$V:$V,MATCH(E436,CTS!$E:$E,0))),\"\",(INDEX(CTS!$V:$V,MATCH(E436,CTS!$E:$E,0))))","v":80},{"$f":"IFERROR(INDEX(CTS!$A:$A,MATCH(E436,CTS!$E:$E,0)),\".\")","v":"P"},{"$f":"IFERROR(IFERROR(INDEX(#REF!,MATCH(E436,#REF!,0)),IFERROR(INDEX(#REF!,MATCH(E436,#REF!,0)),INDEX(#REF!,MATCH(E436,#REF!,0)) )),\".\")","v":"."},null,{"$f":"IFERROR(VLOOKUP(E436,#REF!,8,FALSE),IFERROR(VLOOKUP(E436,#REF!,8,FALSE),IFERROR(VLOOKUP(E436,#REF!,8,FALSE),\"\")))","v":""},".-."]
[432,{"$f":"IFERROR(DAY(CTR[[#This Row],[Date]]),\"\")","v":2},{"$f":"IFERROR(MONTH(CTR[[#This Row],[Date]]),\"\")","v":2},{"$f":"IF(ISNA(INDEX(CTS!C:C,MATCH(E437,CTS!$E:$E,0))),\"\",(INDEX(CTS!C:C,MATCH(E437,CTS!$E:$E,0))))","v":44229},"02-023",{"$f":"IF(ISNA(INDEX(CTS!$F:$F,MATCH(E437,CTS!$E:$E,0))),\"\",(INDEX(CTS!$F:$F,MATCH(E437,CTS!$E:$E,0))))","v":"CLIENT"},{"$f":"IF(ISNA(INDEX(CTS!$N:$N,MATCH(E437,CTS!$E:$E,0))),\"\",(INDEX(CTS!$N:$N,MATCH(E437,CTS!$E:$E,0))))","v":3361.3445378151264},{"$f":"IF(ISNA(INDEX(CTS!$O:$O,MATCH(E437,CTS!$E:$E,0))),\"\",(INDEX(CTS!$O:$O,MATCH(E437,CTS!$E:$E,0))))","v":0},{"$f":"IF(ISNA(INDEX(CTS!$P:$P,MATCH(E437,CTS!$E:$E,0))),\"\",(INDEX(CTS!$P:$P,MATCH(E437,CTS!$E:$E,0))))","v":0},{"$f":"IF(ISNA(INDEX(CTS!$Q:$Q,MATCH(E437,CTS!$E:$E,0))),\"\",(INDEX(CTS!$Q:$Q,MATCH(E437,CTS!$E:$E,0))))","v":3361.3445378151264},{"$f":"IF(ISNA(INDEX(CTS!$S:$S,MATCH(E437,CTS!$E:$E,0))),\"\",(INDEX(CTS!$S:$S,MATCH(E437,CTS!$E:$E,0))))","v":638.65546218487407},{"$f":"IF(ISNA(INDEX(CTS!$T:$T,MATCH(E437,CTS!$E:$E,0))),\"\",(INDEX(CTS!$T:$T,MATCH(E437,CTS!$E:$E,0))))","v":4000.0000000000005},{"$f":"IF(ISNA(INDEX(CTS!$U:$U,MATCH(E437,CTS!$E:$E,0))),\"\",(INDEX(CTS!$U:$U,MATCH(E437,CTS!$E:$E,0))))","v":0},{"$f":"IF(ISNA(INDEX(CTS!$V:$V,MATCH(E437,CTS!$E:$E,0))),\"\",(INDEX(CTS!$V:$V,MATCH(E437,CTS!$E:$E,0))))","v":4000.0000000000005},{"$f":"IFERROR(INDEX(CTS!$A:$A,MATCH(E437,CTS!$E:$E,0)),\".\")","v":"I"},{"$f":"IFERROR(IFERROR(INDEX(#REF!,MATCH(E437,#REF!,0)),IFERROR(INDEX(#REF!,MATCH(E437,#REF!,0)),INDEX(#REF!,MATCH(E437,#REF!,0)) )),\".\")","v":"."},null,{"$f":"IFERROR(VLOOKUP(E437,#REF!,8,FALSE),IFERROR(VLOOKUP(E437,#REF!,8,FALSE),IFERROR(VLOOKUP(E437,#REF!,8,FALSE),\"\")))","v":""},".-."]
[433,{"$f":"IFERROR(DAY(CTR[[#This Row],[Date]]),\"\")","v":2},{"$f":"IFERROR(MONTH(CTR[[#This Row],[Date]]),\"\")","v":2},{"$f":"IF(ISNA(INDEX(CTS!C:C,MATCH(E438,CTS!$E:$E,0))),\"\",(INDEX(CTS!C:C,MATCH(E438,CTS!$E:$E,0))))","v":44229},"02-024",{"$f":"IF(ISNA(INDEX(CTS!$F:$F,MATCH(E438,CTS!$E:$E,0))),\"\",(INDEX(CTS!$F:$F,MATCH(E438,CTS!$E:$E,0))))","v":"CLIENT"},{"$f":"IF(ISNA(INDEX(CTS!$N:$N,MATCH(E438,CTS!$E:$E,0))),\"\",(INDEX(CTS!$N:$N,MATCH(E438,CTS!$E:$E,0))))","v":369.74789915966386},{"$f":"IF(ISNA(INDEX(CTS!$O:$O,MATCH(E438,CTS!$E:$E,0))),\"\",(INDEX(CTS!$O:$O,MATCH(E438,CTS!$E:$E,0))))","v":0},{"$f":"IF(ISNA(INDEX(CTS!$P:$P,MATCH(E438,CTS!$E:$E,0))),\"\",(INDEX(CTS!$P:$P,MATCH(E438,CTS!$E:$E,0))))","v":0},{"$f":"IF(ISNA(INDEX(CTS!$Q:$Q,MATCH(E438,CTS!$E:$E,0))),\"\",(INDEX(CTS!$Q:$Q,MATCH(E438,CTS!$E:$E,0))))","v":369.74789915966386},{"$f":"IF(ISNA(INDEX(CTS!$S:$S,MATCH(E438,CTS!$E:$E,0))),\"\",(INDEX(CTS!$S:$S,MATCH(E438,CTS!$E:$E,0))))","v":70.252100840336141},{"$f":"IF(ISNA(INDEX(CTS!$T:$T,MATCH(E438,CTS!$E:$E,0))),\"\",(INDEX(CTS!$T:$T,MATCH(E438,CTS!$E:$E,0))))","v":440},{"$f":"IF(ISNA(INDEX(CTS!$U:$U,MATCH(E438,CTS!$E:$E,0))),\"\",(INDEX(CTS!$U:$U,MATCH(E438,CTS!$E:$E,0))))","v":0},{"$f":"IF(ISNA(INDEX(CTS!$V:$V,MATCH(E438,CTS!$E:$E,0))),\"\",(INDEX(CTS!$V:$V,MATCH(E438,CTS!$E:$E,0))))","v":440},{"$f":"IFERROR(INDEX(CTS!$A:$A,MATCH(E438,CTS!$E:$E,0)),\".\")","v":"P"},{"$f":"IFERROR(IFERROR(INDEX(#REF!,MATCH(E438,#REF!,0)),IFERROR(INDEX(#REF!,MATCH(E438,#REF!,0)),INDEX(#REF!,MATCH(E438,#REF!,0)) )),\".\")","v":"."},null,{"$f":"IFERROR(VLOOKUP(E438,#REF!,8,FALSE),IFERROR(VLOOKUP(E438,#REF!,8,FALSE),IFERROR(VLOOKUP(E438,#REF!,8,FALSE),\"\")))","v":""},".-."]
[434,{"$f":"IFERROR(DAY(CTR[[#This Row],[Date]]),\"\")","v":2},{"$f":"IFERROR(MONTH(CTR[[#This Row],[Date]]),\"\")","v":2},{"$f":"IF(ISNA(INDEX(CTS!C:C,MATCH(E439,CTS!$E:$E,0))),\"\",(INDEX(CTS!C:C,MATCH(E439,CTS!$E:$E,0))))","v":44229},"02-025",{"$f":"IF(ISNA(INDEX(CTS!$F:$F,MATCH(E439,CTS!$E:$E,0))),\"\",(INDEX(CTS!$F:$F,MATCH(E439,CTS!$E:$E,0))))","v":"CLIENT"},{"$f":"IF(ISNA(INDEX(CTS!$N:$N,MATCH(E439,CTS!$E:$E,0))),\"\",(INDEX(CTS!$N:$N,MATCH(E439,CTS!$E:$E,0))))","v":596.63865546218494},{"$f":"IF(ISNA(INDEX(CTS!$O:$O,MATCH(E439,CTS!$E:$E,0))),\"\",(INDEX(CTS!$O:$O,MATCH(E439,CTS!$E:$E,0))))","v":1.408450704225352E-2},{"$f":"IF(ISNA(INDEX(CTS!$P:$P,MATCH(E439,CTS!$E:$E,0))),\"\",(INDEX(CTS!$P:$P,MATCH(E439,CTS!$E:$E,0))))","v":8.4033613445378155},{"$f":"IF(ISNA(INDEX(CTS!$Q:$Q,MATCH(E439,CTS!$E:$E,0))),\"\",(INDEX(CTS!$Q:$Q,MATCH(E439,CTS!$E:$E,0))))","v":588.23529411764707},{"$f":"IF(ISNA(INDEX(CTS!$S:$S,MATCH(E439,CTS!$E:$E,0))),\"\",(INDEX(CTS!$S:$S,MATCH(E439,CTS!$E:$E,0))))","v":111.76470588235296},{"$f":"IF(ISNA(INDEX(CTS!$T:$T,MATCH(E439,CTS!$E:$E,0))),\"\",(INDEX(CTS!$T:$T,MATCH(E439,CTS!$E:$E,0))))","v":700},{"$f":"IF(ISNA(INDEX(CTS!$U:$U,MATCH(E439,CTS!$E:$E,0))),\"\",(INDEX(CTS!$U:$U,MATCH(E439,CTS!$E:$E,0))))","v":0},{"$f":"IF(ISNA(INDEX(CTS!$V:$V,MATCH(E439,CTS!$E:$E,0))),\"\",(INDEX(CTS!$V:$V,MATCH(E439,CTS!$E:$E,0))))","v":700},{"$f":"IFERROR(INDEX(CTS!$A:$A,MATCH(E439,CTS!$E:$E,0)),\".\")","v":"P"},{"$f":"IFERROR(IFERROR(INDEX(#REF!,MATCH(E439,#REF!,0)),IFERROR(INDEX(#REF!,MATCH(E439,#REF!,0)),INDEX(#REF!,MATCH(E439,#REF!,0)) )),\".\")","v":"."},null,{"$f":"IFERROR(VLOOKUP(E439,#REF!,8,FALSE),IFERROR(VLOOKUP(E439,#REF!,8,FALSE),IFERROR(VLOOKUP(E439,#REF!,8,FALSE),\"\")))","v":""},".-."]
[435,{"$f":"IFERROR(DAY(CTR[[#This Row],[Date]]),\"\")","v":2},{"$f":"IFERROR(MONTH(CTR[[#This Row],[Date]]),\"\")","v":2},{"$f":"IF(ISNA(INDEX(CTS!C:C,MATCH(E440,CTS!$E:$E,0))),\"\",(INDEX(CTS!C:C,MATCH(E440,CTS!$E:$E,0))))","v":44229},"02-026",{"$f":"IF(ISNA(INDEX(CTS!$F:$F,MATCH(E440,CTS!$E:$E,0))),\"\",(INDEX(CTS!$F:$F,MATCH(E440,CTS!$E:$E,0))))","v":"CLIENT"},{"$f":"IF(ISNA(INDEX(CTS!$N:$N,MATCH(E440,CTS!$E:$E,0))),\"\",(INDEX(CTS!$N:$N,MATCH(E440,CTS!$E:$E,0))))","v":168.0672268907563},{"$f":"IF(ISNA(INDEX(CTS!$O:$O,MATCH(E440,CTS!$E:$E,0))),\"\",(INDEX(CTS!$O:$O,MATCH(E440,CTS!$E:$E,0))))","v":0.1},{"$f":"IF(ISNA(INDEX(CTS!$P:$P,MATCH(E440,CTS!$E:$E,0))),\"\",(INDEX(CTS!$P:$P,MATCH(E440,CTS!$E:$E,0))))","v":16.806722689075631},{"$f":"IF(ISNA(INDEX(CTS!$Q:$Q,MATCH(E440,CTS!$E:$E,0))),\"\",(INDEX(CTS!$Q:$Q,MATCH(E440,CTS!$E:$E,0))))","v":151.26050420168067},{"$f":"IF(ISNA(INDEX(CTS!$S:$S,MATCH(E440,CTS!$E:$E,0))),\"\",(INDEX(CTS!$S:$S,MATCH(E440,CTS!$E:$E,0))))","v":28.739495798319329},{"$f":"IF(ISNA(INDEX(CTS!$T:$T,MATCH(E440,CTS!$E:$E,0))),\"\",(INDEX(CTS!$T:$T,MATCH(E440,CTS!$E:$E,0))))","v":180},{"$f":"IF(ISNA(INDEX(CTS!$U:$U,MATCH(E440,CTS!$E:$E,0))),\"\",(INDEX(CTS!$U:$U,MATCH(E440,CTS!$E:$E,0))))","v":0},{"$f":"IF(ISNA(INDEX(CTS!$V:$V,MATCH(E440,CTS!$E:$E,0))),\"\",(INDEX(CTS!$V:$V,MATCH(E440,CTS!$E:$E,0))))","v":180},{"$f":"IFERROR(INDEX(CTS!$A:$A,MATCH(E440,CTS!$E:$E,0)),\".\")","v":"P"},{"$f":"IFERROR(IFERROR(INDEX(#REF!,MATCH(E440,#REF!,0)),IFERROR(INDEX(#REF!,MATCH(E440,#REF!,0)),INDEX(#REF!,MATCH(E440,#REF!,0)) )),\".\")","v":"."},null,{"$f":"IFERROR(VLOOKUP(E440,#REF!,8,FALSE),IFERROR(VLOOKUP(E440,#REF!,8,FALSE),IFERROR(VLOOKUP(E440,#REF!,8,FALSE),\"\")))","v":""},".-."]
[436,{"$f":"IFERROR(DAY(CTR[[#This Row],[Date]]),\"\")","v":2},{"$f":"IFERROR(MONTH(CTR[[#This Row],[Date]]),\"\")","v":2},{"$f":"IF(ISNA(INDEX(CTS!C:C,MATCH(E441,CTS!$E:$E,0))),\"\",(INDEX(CTS!C:C,MATCH(E441,CTS!$E:$E,0))))","v":44229},"02-027",{"$f":"IF(ISNA(INDEX(CTS!$F:$F,MATCH(E441,CTS!$E:$E,0))),\"\",(INDEX(CTS!$F:$F,MATCH(E441,CTS!$E:$E,0))))","v":"CLIENT"},{"$f":"IF(ISNA(INDEX(CTS!$N:$N,MATCH(E441,CTS!$E:$E,0))),\"\",(INDEX(CTS!$N:$N,MATCH(E441,CTS!$E:$E,0))))","v":781.51260504201673},{"$f":"IF(ISNA(INDEX(CTS!$O:$O,MATCH(E441,CTS!$E:$E,0))),\"\",(INDEX(CTS!$O:$O,MATCH(E441,CTS!$E:$E,0))))","v":1.6129032258064519E-2},{"$f":"IF(ISNA(INDEX(CTS!$P:$P,MATCH(E441,CTS!$E:$E,0))),\"\",(INDEX(CTS!$P:$P,MATCH(E441,CTS!$E:$E,0))))","v":12.605042016806724},{"$f":"IF(ISNA(INDEX(CTS!$Q:$Q,MATCH(E441,CTS!$E:$E,0))),\"\",(INDEX(CTS!$Q:$Q,MATCH(E441,CTS!$E:$E,0))))","v":768.90756302521004},{"$f":"IF(ISNA(INDEX(CTS!$S:$S,MATCH(E441,CTS!$E:$E,0))),\"\",(INDEX(CTS!$S:$S,MATCH(E441,CTS!$E:$E,0))))","v":146.09243697478993},{"$f":"IF(ISNA(INDEX(CTS!$T:$T,MATCH(E441,CTS!$E:$E,0))),\"\",(INDEX(CTS!$T:$T,MATCH(E441,CTS!$E:$E,0))))","v":915},{"$f":"IF(ISNA(INDEX(CTS!$U:$U,MATCH(E441,CTS!$E:$E,0))),\"\",(INDEX(CTS!$U:$U,MATCH(E441,CTS!$E:$E,0))))","v":0},{"$f":"IF(ISNA(INDEX(CTS!$V:$V,MATCH(E441,CTS!$E:$E,0))),\"\",(INDEX(CTS!$V:$V,MATCH(E441,CTS!$E:$E,0))))","v":915},{"$f":"IFERROR(INDEX(CTS!$A:$A,MATCH(E441,CTS!$E:$E,0)),\".\")","v":"P"},{"$f":"IFERROR(IFERROR(INDEX(#REF!,MATCH(E441,#REF!,0)),IFERROR(INDEX(#REF!,MATCH(E441,#REF!,0)),INDEX(#REF!,MATCH(E441,#REF!,0)) )),\".\")","v":"."},null,{"$f":"IFERROR(VLOOKUP(E441,#REF!,8,FALSE),IFERROR(VLOOKUP(E441,#REF!,8,FALSE),IFERROR(VLOOKUP(E441,#REF!,8,FALSE),\"\")))","v":""},".-."]
[437,{"$f":"IFERROR(DAY(CTR[[#This Row],[Date]]),\"\")","v":2},{"$f":"IFERROR(MONTH(CTR[[#This Row],[Date]]),\"\")","v":2},{"$f":"IF(ISNA(INDEX(CTS!C:C,MATCH(E442,CTS!$E:$E,0))),\"\",(INDEX(CTS!C:C,MATCH(E442,CTS!$E:$E,0))))","v":44229},"02-028",{"$f":"IF(ISNA(INDEX(CTS!$F:$F,MATCH(E442,CTS!$E:$E,0))),\"\",(INDEX(CTS!$F:$F,MATCH(E442,CTS!$E:$E,0))))","v":"CLIENT"},{"$f":"IF(ISNA(INDEX(CTS!$N:$N,MATCH(E442,CTS!$E:$E,0))),\"\",(INDEX(CTS!$N:$N,MATCH(E442,CTS!$E:$E,0))))","v":436.97478991596643},{"$f":"IF(ISNA(INDEX(CTS!$O:$O,MATCH(E442,CTS!$E:$E,0))),\"\",(INDEX(CTS!$O:$O,MATCH(E442,CTS!$E:$E,0))))","v":0},{"$f":"IF(ISNA(INDEX(CTS!$P:$P,MATCH(E442,CTS!$E:$E,0))),\"\",(INDEX(CTS!$P:$P,MATCH(E442,CTS!$E:$E,0))))","v":0},{"$f":"IF(ISNA(INDEX(CTS!$Q:$Q,MATCH(E442,CTS!$E:$E,0))),\"\",(INDEX(CTS!$Q:$Q,MATCH(E442,CTS!$E:$E,0))))","v":436.97478991596643},{"$f":"IF(ISNA(INDEX(CTS!$S:$S,MATCH(E442,CTS!$E:$E,0))),\"\",(INDEX(CTS!$S:$S,MATCH(E442,CTS!$E:$E,0))))","v":83.025210084033617},{"$f":"IF(ISNA(INDEX(CTS!$T:$T,MATCH(E442,CTS!$E:$E,0))),\"\",(INDEX(CTS!$T:$T,MATCH(E442,CTS!$E:$E,0))))","v":520},{"$f":"IF(ISNA(INDEX(CTS!$U:$U,MATCH(E442,CTS!$E:$E,0))),\"\",(INDEX(CTS!$U:$U,MATCH(E442,CTS!$E:$E,0))))","v":0},{"$f":"IF(ISNA(INDEX(CTS!$V:$V,MATCH(E442,CTS!$E:$E,0))),\"\",(INDEX(CTS!$V:$V,MATCH(E442,CTS!$E:$E,0))))","v":520},{"$f":"IFERROR(INDEX(CTS!$A:$A,MATCH(E442,CTS!$E:$E,0)),\".\")","v":"P"},{"$f":"IFERROR(IFERROR(INDEX(#REF!,MATCH(E442,#REF!,0)),IFERROR(INDEX(#REF!,MATCH(E442,#REF!,0)),INDEX(#REF!,MATCH(E442,#REF!,0)) )),\".\")","v":"."},null,{"$f":"IFERROR(VLOOKUP(E442,#REF!,8,FALSE),IFERROR(VLOOKUP(E442,#REF!,8,FALSE),IFERROR(VLOOKUP(E442,#REF!,8,FALSE),\"\")))","v":""},".-."]
[438,{"$f":"IFERROR(DAY(CTR[[#This Row],[Date]]),\"\")","v":2},{"$f":"IFERROR(MONTH(CTR[[#This Row],[Date]]),\"\")","v":2},{"$f":"IF(ISNA(INDEX(CTS!C:C,MATCH(E443,CTS!$E:$E,0))),\"\",(INDEX(CTS!C:C,MATCH(E443,CTS!$E:$E,0))))","v":44229},"02-029",{"$f":"IF(ISNA(INDEX(CTS!$F:$F,MATCH(E443,CTS!$E:$E,0))),\"\",(INDEX(CTS!$F:$F,MATCH(E443,CTS!$E:$E,0))))","v":"CLIENT"},{"$f":"IF(ISNA(INDEX(CTS!$N:$N,MATCH(E443,CTS!$E:$E,0))),\"\",(INDEX(CTS!$N:$N,MATCH(E443,CTS!$E:$E,0))))","v":1210.0840336134456},{"$f":"IF(ISNA(INDEX(CTS!$O:$O,MATCH(E443,CTS!$E:$E,0))),\"\",(INDEX(CTS!$O:$O,MATCH(E443,CTS!$E:$E,0))))","v":2.7777777777777773E-2},{"$f":"IF(ISNA(INDEX(CTS!$P:$P,MATCH(E443,CTS!$E:$E,0))),\"\",(INDEX(CTS!$P:$P,MATCH(E443,CTS!$E:$E,0))))","v":33.613445378151262},{"$f":"IF(ISNA(INDEX(CTS!$Q:$Q,MATCH(E443,CTS!$E:$E,0))),\"\",(INDEX(CTS!$Q:$Q,MATCH(E443,CTS!$E:$E,0))))","v":1176.4705882352944},{"$f":"IF(ISNA(INDEX(CTS!$S:$S,MATCH(E443,CTS!$E:$E,0))),\"\",(INDEX(CTS!$S:$S,MATCH(E443,CTS!$E:$E,0))))","v":223.52941176470594},{"$f":"IF(ISNA(INDEX(CTS!$T:$T,MATCH(E443,CTS!$E:$E,0))),\"\",(INDEX(CTS!$T:$T,MATCH(E443,CTS!$E:$E,0))))","v":1400.0000000000002},{"$f":"IF(ISNA(INDEX(CTS!$U:$U,MATCH(E443,CTS!$E:$E,0))),\"\",(INDEX(CTS!$U:$U,MATCH(E443,CTS!$E:$E,0))))","v":0},{"$f":"IF(ISNA(INDEX(CTS!$V:$V,MATCH(E443,CTS!$E:$E,0))),\"\",(INDEX(CTS!$V:$V,MATCH(E443,CTS!$E:$E,0))))","v":1400.0000000000002},{"$f":"IFERROR(INDEX(CTS!$A:$A,MATCH(E443,CTS!$E:$E,0)),\".\")","v":"P"},{"$f":"IFERROR(IFERROR(INDEX(#REF!,MATCH(E443,#REF!,0)),IFERROR(INDEX(#REF!,MATCH(E443,#REF!,0)),INDEX(#REF!,MATCH(E443,#REF!,0)) )),\".\")","v":"."},null,{"$f":"IFERROR(VLOOKUP(E443,#REF!,8,FALSE),IFERROR(VLOOKUP(E443,#REF!,8,FALSE),IFERROR(VLOOKUP(E443,#REF!,8,FALSE),\"\")))","v":""},".-."]
[439,{"$f":"IFERROR(DAY(CTR[[#This Row],[Date]]),\"\")","v":2},{"$f":"IFERROR(MONTH(CTR[[#This Row],[Date]]),\"\")","v":2},{"$f":"IF(ISNA(INDEX(CTS!C:C,MATCH(E444,CTS!$E:$E,0))),\"\",(INDEX(CTS!C:C,MATCH(E444,CTS!$E:$E,0))))","v":44229},"02-030",{"$f":"IF(ISNA(INDEX(CTS!$F:$F,MATCH(E444,CTS!$E:$E,0))),\"\",(INDEX(CTS!$F:$F,MATCH(E444,CTS!$E:$E,0))))","v":"CLIENT"},{"$f":"IF(ISNA(INDEX(CTS!$N:$N,MATCH(E444,CTS!$E:$E,0))),\"\",(INDEX(CTS!$N:$N,MATCH(E444,CTS!$E:$E,0))))","v":705.88235294117658},{"$f":"IF(ISNA(INDEX(CTS!$O:$O,MATCH(E444,CTS!$E:$E,0))),\"\",(INDEX(CTS!$O:$O,MATCH(E444,CTS!$E:$E,0))))","v":0},{"$f":"IF(ISNA(INDEX(CTS!$P:$P,MATCH(E444,CTS!$E:$E,0))),\"\",(INDEX(CTS!$P:$P,MATCH(E444,CTS!$E:$E,0))))","v":0},{"$f":"IF(ISNA(INDEX(CTS!$Q:$Q,MATCH(E444,CTS!$E:$E,0))),\"\",(INDEX(CTS!$Q:$Q,MATCH(E444,CTS!$E:$E,0))))","v":705.88235294117658},{"$f":"IF(ISNA(INDEX(CTS!$S:$S,MATCH(E444,CTS!$E:$E,0))),\"\",(INDEX(CTS!$S:$S,MATCH(E444,CTS!$E:$E,0))))","v":134.11764705882356},{"$f":"IF(ISNA(INDEX(CTS!$T:$T,MATCH(E444,CTS!$E:$E,0))),\"\",(INDEX(CTS!$T:$T,MATCH(E444,CTS!$E:$E,0))))","v":840.00000000000011},{"$f":"IF(ISNA(INDEX(CTS!$U:$U,MATCH(E444,CTS!$E:$E,0))),\"\",(INDEX(CTS!$U:$U,MATCH(E444,CTS!$E:$E,0))))","v":0},{"$f":"IF(ISNA(INDEX(CTS!$V:$V,MATCH(E444,CTS!$E:$E,0))),\"\",(INDEX(CTS!$V:$V,MATCH(E444,CTS!$E:$E,0))))","v":840.00000000000011},{"$f":"IFERROR(INDEX(CTS!$A:$A,MATCH(E444,CTS!$E:$E,0)),\".\")","v":"P"},{"$f":"IFERROR(IFERROR(INDEX(#REF!,MATCH(E444,#REF!,0)),IFERROR(INDEX(#REF!,MATCH(E444,#REF!,0)),INDEX(#REF!,MATCH(E444,#REF!,0)) )),\".\")","v":"."},null,{"$f":"IFERROR(VLOOKUP(E444,#REF!,8,FALSE),IFERROR(VLOOKUP(E444,#REF!,8,FALSE),IFERROR(VLOOKUP(E444,#REF!,8,FALSE),\"\")))","v":""},".-."]
[440,{"$f":"IFERROR(DAY(CTR[[#This Row],[Date]]),\"\")","v":2},{"$f":"IFERROR(MONTH(CTR[[#This Row],[Date]]),\"\")","v":2},{"$f":"IF(ISNA(INDEX(CTS!C:C,MATCH(E445,CTS!$E:$E,0))),\"\",(INDEX(CTS!C:C,MATCH(E445,CTS!$E:$E,0))))","v":44229},"02-031",{"$f":"IF(ISNA(INDEX(CTS!$F:$F,MATCH(E445,CTS!$E:$E,0))),\"\",(INDEX(CTS!$F:$F,MATCH(E445,CTS!$E:$E,0))))","v":"CLIENT"},{"$f":"IF(ISNA(INDEX(CTS!$N:$N,MATCH(E445,CTS!$E:$E,0))),\"\",(INDEX(CTS!$N:$N,MATCH(E445,CTS!$E:$E,0))))","v":33.613445378151262},{"$f":"IF(ISNA(INDEX(CTS!$O:$O,MATCH(E445,CTS!$E:$E,0))),\"\",(INDEX(CTS!$O:$O,MATCH(E445,CTS!$E:$E,0))))","v":0},{"$f":"IF(ISNA(INDEX(CTS!$P:$P,MATCH(E445,CTS!$E:$E,0))),\"\",(INDEX(CTS!$P:$P,MATCH(E445,CTS!$E:$E,0))))","v":0},{"$f":"IF(ISNA(INDEX(CTS!$Q:$Q,MATCH(E445,CTS!$E:$E,0))),\"\",(INDEX(CTS!$Q:$Q,MATCH(E445,CTS!$E:$E,0))))","v":33.613445378151262},{"$f":"IF(ISNA(INDEX(CTS!$S:$S,MATCH(E445,CTS!$E:$E,0))),\"\",(INDEX(CTS!$S:$S,MATCH(E445,CTS!$E:$E,0))))","v":6.3865546218487399},{"$f":"IF(ISNA(INDEX(CTS!$T:$T,MATCH(E445,CTS!$E:$E,0))),\"\",(INDEX(CTS!$T:$T,MATCH(E445,CTS!$E:$E,0))))","v":40},{"$f":"IF(ISNA(INDEX(CTS!$U:$U,MATCH(E445,CTS!$E:$E,0))),\"\",(INDEX(CTS!$U:$U,MATCH(E445,CTS!$E:$E,0))))","v":0},{"$f":"IF(ISNA(INDEX(CTS!$V:$V,MATCH(E445,CTS!$E:$E,0))),\"\",(INDEX(CTS!$V:$V,MATCH(E445,CTS!$E:$E,0))))","v":40},{"$f":"IFERROR(INDEX(CTS!$A:$A,MATCH(E445,CTS!$E:$E,0)),\".\")","v":"P"},{"$f":"IFERROR(IFERROR(INDEX(#REF!,MATCH(E445,#REF!,0)),IFERROR(INDEX(#REF!,MATCH(E445,#REF!,0)),INDEX(#REF!,MATCH(E445,#REF!,0)) )),\".\")","v":"."},null,{"$f":"IFERROR(VLOOKUP(E445,#REF!,8,FALSE),IFERROR(VLOOKUP(E445,#REF!,8,FALSE),IFERROR(VLOOKUP(E445,#REF!,8,FALSE),\"\")))","v":""},".-."]
[441,{"$f":"IFERROR(DAY(CTR[[#This Row],[Date]]),\"\")","v":2},{"$f":"IFERROR(MONTH(CTR[[#This Row],[Date]]),\"\")","v":2},{"$f":"IF(ISNA(INDEX(CTS!C:C,MATCH(E446,CTS!$E:$E,0))),\"\",(INDEX(CTS!C:C,MATCH(E446,CTS!$E:$E,0))))","v":44229},"02-032",{"$f":"IF(ISNA(INDEX(CTS!$F:$F,MATCH(E446,CTS!$E:$E,0))),\"\",(INDEX(CTS!$F:$F,MATCH(E446,CTS!$E:$E,0))))","v":"CLIENT"},{"$f":"IF(ISNA(INDEX(CTS!$N:$N,MATCH(E446,CTS!$E:$E,0))),\"\",(INDEX(CTS!$N:$N,MATCH(E446,CTS!$E:$E,0))))","v":4050.4201680672268},{"$f":"IF(ISNA(INDEX(CTS!$O:$O,MATCH(E446,CTS!$E:$E,0))),\"\",(INDEX(CTS!$O:$O,MATCH(E446,CTS!$E:$E,0))))","v":0},{"$f":"IF(ISNA(INDEX(CTS!$P:$P,MATCH(E446,CTS!$E:$E,0))),\"\",(INDEX(CTS!$P:$P,MATCH(E446,CTS!$E:$E,0))))","v":0},{"$f":"IF(ISNA(INDEX(CTS!$Q:$Q,MATCH(E446,CTS!$E:$E,0))),\"\",(INDEX(CTS!$Q:$Q,MATCH(E446,CTS!$E:$E,0))))","v":4050.4201680672268},{"$f":"IF(ISNA(INDEX(CTS!$S:$S,MATCH(E446,CTS!$E:$E,0))),\"\",(INDEX(CTS!$S:$S,MATCH(E446,CTS!$E:$E,0))))","v":769.579831932773},{"$f":"IF(ISNA(INDEX(CTS!$T:$T,MATCH(E446,CTS!$E:$E,0))),\"\",(INDEX(CTS!$T:$T,MATCH(E446,CTS!$E:$E,0))))","v":4820},{"$f":"IF(ISNA(INDEX(CTS!$U:$U,MATCH(E446,CTS!$E:$E,0))),\"\",(INDEX(CTS!$U:$U,MATCH(E446,CTS!$E:$E,0))))","v":0},{"$f":"IF(ISNA(INDEX(CTS!$V:$V,MATCH(E446,CTS!$E:$E,0))),\"\",(INDEX(CTS!$V:$V,MATCH(E446,CTS!$E:$E,0))))","v":4820},{"$f":"IFERROR(INDEX(CTS!$A:$A,MATCH(E446,CTS!$E:$E,0)),\".\")","v":"P"},{"$f":"IFERROR(IFERROR(INDEX(#REF!,MATCH(E446,#REF!,0)),IFERROR(INDEX(#REF!,MATCH(E446,#REF!,0)),INDEX(#REF!,MATCH(E446,#REF!,0)) )),\".\")","v":"."},null,{"$f":"IFERROR(VLOOKUP(E446,#REF!,8,FALSE),IFERROR(VLOOKUP(E446,#REF!,8,FALSE),IFERROR(VLOOKUP(E446,#REF!,8,FALSE),\"\")))","v":""},".-."]
[442,{"$f":"IFERROR(DAY(CTR[[#This Row],[Date]]),\"\")","v":2},{"$f":"IFERROR(MONTH(CTR[[#This Row],[Date]]),\"\")","v":2},{"$f":"IF(ISNA(INDEX(CTS!C:C,MATCH(E447,CTS!$E:$E,0))),\"\",(INDEX(CTS!C:C,MATCH(E447,CTS!$E:$E,0))))","v":44229},"02-033",{"$f":"IF(ISNA(INDEX(CTS!$F:$F,MATCH(E447,CTS!$E:$E,0))),\"\",(INDEX(CTS!$F:$F,MATCH(E447,CTS!$E:$E,0))))","v":"CLIENT"},{"$f":"IF(ISNA(INDEX(CTS!$N:$N,MATCH(E447,CTS!$E:$E,0))),\"\",(INDEX(CTS!$N:$N,MATCH(E447,CTS!$E:$E,0))))","v":100.84033613445379},{"$f":"IF(ISNA(INDEX(CTS!$O:$O,MATCH(E447,CTS!$E:$E,0))),\"\",(INDEX(CTS!$O:$O,MATCH(E447,CTS!$E:$E,0))))","v":0},{"$f":"IF(ISNA(INDEX(CTS!$P:$P,MATCH(E447,CTS!$E:$E,0))),\"\",(INDEX(CTS!$P:$P,MATCH(E447,CTS!$E:$E,0))))","v":0},{"$f":"IF(ISNA(INDEX(CTS!$Q:$Q,MATCH(E447,CTS!$E:$E,0))),\"\",(INDEX(CTS!$Q:$Q,MATCH(E447,CTS!$E:$E,0))))","v":100.84033613445379},{"$f":"IF(ISNA(INDEX(CTS!$S:$S,MATCH(E447,CTS!$E:$E,0))),\"\",(INDEX(CTS!$S:$S,MATCH(E447,CTS!$E:$E,0))))","v":19.159663865546221},{"$f":"IF(ISNA(INDEX(CTS!$T:$T,MATCH(E447,CTS!$E:$E,0))),\"\",(INDEX(CTS!$T:$T,MATCH(E447,CTS!$E:$E,0))))","v":120.00000000000001},{"$f":"IF(ISNA(INDEX(CTS!$U:$U,MATCH(E447,CTS!$E:$E,0))),\"\",(INDEX(CTS!$U:$U,MATCH(E447,CTS!$E:$E,0))))","v":0},{"$f":"IF(ISNA(INDEX(CTS!$V:$V,MATCH(E447,CTS!$E:$E,0))),\"\",(INDEX(CTS!$V:$V,MATCH(E447,CTS!$E:$E,0))))","v":120.00000000000001},{"$f":"IFERROR(INDEX(CTS!$A:$A,MATCH(E447,CTS!$E:$E,0)),\".\")","v":"P"},{"$f":"IFERROR(IFERROR(INDEX(#REF!,MATCH(E447,#REF!,0)),IFERROR(INDEX(#REF!,MATCH(E447,#REF!,0)),INDEX(#REF!,MATCH(E447,#REF!,0)) )),\".\")","v":"."},null,{"$f":"IFERROR(VLOOKUP(E447,#REF!,8,FALSE),IFERROR(VLOOKUP(E447,#REF!,8,FALSE),IFERROR(VLOOKUP(E447,#REF!,8,FALSE),\"\")))","v":""},".-."]
[443,{"$f":"IFERROR(DAY(CTR[[#This Row],[Date]]),\"\")","v":2},{"$f":"IFERROR(MONTH(CTR[[#This Row],[Date]]),\"\")","v":2},{"$f":"IF(ISNA(INDEX(CTS!C:C,MATCH(E448,CTS!$E:$E,0))),\"\",(INDEX(CTS!C:C,MATCH(E448,CTS!$E:$E,0))))","v":44229},"02-034",{"$f":"IF(ISNA(INDEX(CTS!$F:$F,MATCH(E448,CTS!$E:$E,0))),\"\",(INDEX(CTS!$F:$F,MATCH(E448,CTS!$E:$E,0))))","v":"CLIENT"},{"$f":"IF(ISNA(INDEX(CTS!$N:$N,MATCH(E448,CTS!$E:$E,0))),\"\",(INDEX(CTS!$N:$N,MATCH(E448,CTS!$E:$E,0))))","v":285.71428571428578},{"$f":"IF(ISNA(INDEX(CTS!$O:$O,MATCH(E448,CTS!$E:$E,0))),\"\",(INDEX(CTS!$O:$O,MATCH(E448,CTS!$E:$E,0))))","v":0},{"$f":"IF(ISNA(INDEX(CTS!$P:$P,MATCH(E448,CTS!$E:$E,0))),\"\",(INDEX(CTS!$P:$P,MATCH(E448,CTS!$E:$E,0))))","v":0},{"$f":"IF(ISNA(INDEX(CTS!$Q:$Q,MATCH(E448,CTS!$E:$E,0))),\"\",(INDEX(CTS!$Q:$Q,MATCH(E448,CTS!$E:$E,0))))","v":285.71428571428578},{"$f":"IF(ISNA(INDEX(CTS!$S:$S,MATCH(E448,CTS!$E:$E,0))),\"\",(INDEX(CTS!$S:$S,MATCH(E448,CTS!$E:$E,0))))","v":54.285714285714292},{"$f":"IF(ISNA(INDEX(CTS!$T:$T,MATCH(E448,CTS!$E:$E,0))),\"\",(INDEX(CTS!$T:$T,MATCH(E448,CTS!$E:$E,0))))","v":340.00000000000006},{"$f":"IF(ISNA(INDEX(CTS!$U:$U,MATCH(E448,CTS!$E:$E,0))),\"\",(INDEX(CTS!$U:$U,MATCH(E448,CTS!$E:$E,0))))","v":0},{"$f":"IF(ISNA(INDEX(CTS!$V:$V,MATCH(E448,CTS!$E:$E,0))),\"\",(INDEX(CTS!$V:$V,MATCH(E448,CTS!$E:$E,0))))","v":340.00000000000006},{"$f":"IFERROR(INDEX(CTS!$A:$A,MATCH(E448,CTS!$E:$E,0)),\".\")","v":"P"},{"$f":"IFERROR(IFERROR(INDEX(#REF!,MATCH(E448,#REF!,0)),IFERROR(INDEX(#REF!,MATCH(E448,#REF!,0)),INDEX(#REF!,MATCH(E448,#REF!,0)) )),\".\")","v":"."},null,{"$f":"IFERROR(VLOOKUP(E448,#REF!,8,FALSE),IFERROR(VLOOKUP(E448,#REF!,8,FALSE),IFERROR(VLOOKUP(E448,#REF!,8,FALSE),\"\")))","v":""},".-."]
[444,{"$f":"IFERROR(DAY(CTR[[#This Row],[Date]]),\"\")","v":3},{"$f":"IFERROR(MONTH(CTR[[#This Row],[Date]]),\"\")","v":2},{"$f":"IF(ISNA(INDEX(CTS!C:C,MATCH(E449,CTS!$E:$E,0))),\"\",(INDEX(CTS!C:C,MATCH(E449,CTS!$E:$E,0))))","v":44230},"02-035",{"$f":"IF(ISNA(INDEX(CTS!$F:$F,MATCH(E449,CTS!$E:$E,0))),\"\",(INDEX(CTS!$F:$F,MATCH(E449,CTS!$E:$E,0))))","v":"MELECINTERNATIONAL"},{"$f":"IF(ISNA(INDEX(CTS!$N:$N,MATCH(E449,CTS!$E:$E,0))),\"\",(INDEX(CTS!$N:$N,MATCH(E449,CTS!$E:$E,0))))","v":0},{"$f":"IF(ISNA(INDEX(CTS!$O:$O,MATCH(E449,CTS!$E:$E,0))),\"\",(INDEX(CTS!$O:$O,MATCH(E449,CTS!$E:$E,0))))","v":0},{"$f":"IF(ISNA(INDEX(CTS!$P:$P,MATCH(E449,CTS!$E:$E,0))),\"\",(INDEX(CTS!$P:$P,MATCH(E449,CTS!$E:$E,0))))","v":0},{"$f":"IF(ISNA(INDEX(CTS!$Q:$Q,MATCH(E449,CTS!$E:$E,0))),\"\",(INDEX(CTS!$Q:$Q,MATCH(E449,CTS!$E:$E,0))))","v":0},{"$f":"IF(ISNA(INDEX(CTS!$S:$S,MATCH(E449,CTS!$E:$E,0))),\"\",(INDEX(CTS!$S:$S,MATCH(E449,CTS!$E:$E,0))))","v":0},{"$f":"IF(ISNA(INDEX(CTS!$T:$T,MATCH(E449,CTS!$E:$E,0))),\"\",(INDEX(CTS!$T:$T,MATCH(E449,CTS!$E:$E,0))))","v":0},{"$f":"IF(ISNA(INDEX(CTS!$U:$U,MATCH(E449,CTS!$E:$E,0))),\"\",(INDEX(CTS!$U:$U,MATCH(E449,CTS!$E:$E,0))))","v":""},{"$f":"IF(ISNA(INDEX(CTS!$V:$V,MATCH(E449,CTS!$E:$E,0))),\"\",(INDEX(CTS!$V:$V,MATCH(E449,CTS!$E:$E,0))))","v":0},{"$f":"IFERROR(INDEX(CTS!$A:$A,MATCH(E449,CTS!$E:$E,0)),\".\")","v":"I"},{"$f":"IFERROR(IFERROR(INDEX(#REF!,MATCH(E449,#REF!,0)),IFERROR(INDEX(#REF!,MATCH(E449,#REF!,0)),INDEX(#REF!,MATCH(E449,#REF!,0)) )),\".\")","v":"."},null,{"$f":"IFERROR(VLOOKUP(E449,#REF!,8,FALSE),IFERROR(VLOOKUP(E449,#REF!,8,FALSE),IFERROR(VLOOKUP(E449,#REF!,8,FALSE),\"\")))","v":""},".-."]
[445,{"$f":"IFERROR(DAY(CTR[[#This Row],[Date]]),\"\")","v":3},{"$f":"IFERROR(MONTH(CTR[[#This Row],[Date]]),\"\")","v":2},{"$f":"IF(ISNA(INDEX(CTS!C:C,MATCH(E450,CTS!$E:$E,0))),\"\",(INDEX(CTS!C:C,MATCH(E450,CTS!$E:$E,0))))","v":44230},"02-036",{"$f":"IF(ISNA(INDEX(CTS!$F:$F,MATCH(E450,CTS!$E:$E,0))),\"\",(INDEX(CTS!$F:$F,MATCH(E450,CTS!$E:$E,0))))","v":"CLIENT"},{"$f":"IF(ISNA(INDEX(CTS!$N:$N,MATCH(E450,CTS!$E:$E,0))),\"\",(INDEX(CTS!$N:$N,MATCH(E450,CTS!$E:$E,0))))","v":4398.3193277310938},{"$f":"IF(ISNA(INDEX(CTS!$O:$O,MATCH(E450,CTS!$E:$E,0))),\"\",(INDEX(CTS!$O:$O,MATCH(E450,CTS!$E:$E,0))))","v":7.6423385555980108E-4},{"$f":"IF(ISNA(INDEX(CTS!$P:$P,MATCH(E450,CTS!$E:$E,0))),\"\",(INDEX(CTS!$P:$P,MATCH(E450,CTS!$E:$E,0))))","v":3.3613445378151261},{"$f":"IF(ISNA(INDEX(CTS!$Q:$Q,MATCH(E450,CTS!$E:$E,0))),\"\",(INDEX(CTS!$Q:$Q,MATCH(E450,CTS!$E:$E,0))))","v":4394.9579831932788},{"$f":"IF(ISNA(INDEX(CTS!$S:$S,MATCH(E450,CTS!$E:$E,0))),\"\",(INDEX(CTS!$S:$S,MATCH(E450,CTS!$E:$E,0))))","v":835.04201680672281},{"$f":"IF(ISNA(INDEX(CTS!$T:$T,MATCH(E450,CTS!$E:$E,0))),\"\",(INDEX(CTS!$T:$T,MATCH(E450,CTS!$E:$E,0))))","v":5230.0000000000018},{"$f":"IF(ISNA(INDEX(CTS!$U:$U,MATCH(E450,CTS!$E:$E,0))),\"\",(INDEX(CTS!$U:$U,MATCH(E450,CTS!$E:$E,0))))","v":0},{"$f":"IF(ISNA(INDEX(CTS!$V:$V,MATCH(E450,CTS!$E:$E,0))),\"\",(INDEX(CTS!$V:$V,MATCH(E450,CTS!$E:$E,0))))","v":5230.0000000000018},{"$f":"IFERROR(INDEX(CTS!$A:$A,MATCH(E450,CTS!$E:$E,0)),\".\")","v":"P"},{"$f":"IFERROR(IFERROR(INDEX(#REF!,MATCH(E450,#REF!,0)),IFERROR(INDEX(#REF!,MATCH(E450,#REF!,0)),INDEX(#REF!,MATCH(E450,#REF!,0)) )),\".\")","v":"."},null,{"$f":"IFERROR(VLOOKUP(E450,#REF!,8,FALSE),IFERROR(VLOOKUP(E450,#REF!,8,FALSE),IFERROR(VLOOKUP(E450,#REF!,8,FALSE),\"\")))","v":""},".-."]
[446,{"$f":"IFERROR(DAY(CTR[[#This Row],[Date]]),\"\")","v":3},{"$f":"IFERROR(MONTH(CTR[[#This Row],[Date]]),\"\")","v":2},{"$f":"IF(ISNA(INDEX(CTS!C:C,MATCH(E451,CTS!$E:$E,0))),\"\",(INDEX(CTS!C:C,MATCH(E451,CTS!$E:$E,0))))","v":44230},"02-037",{"$f":"IF(ISNA(INDEX(CTS!$F:$F,MATCH(E451,CTS!$E:$E,0))),\"\",(INDEX(CTS!$F:$F,MATCH(E451,CTS!$E:$E,0))))","v":"CLIENT"},{"$f":"IF(ISNA(INDEX(CTS!$N:$N,MATCH(E451,CTS!$E:$E,0))),\"\",(INDEX(CTS!$N:$N,MATCH(E451,CTS!$E:$E,0))))","v":3596.6386554621849},{"$f":"IF(ISNA(INDEX(CTS!$O:$O,MATCH(E451,CTS!$E:$E,0))),\"\",(INDEX(CTS!$O:$O,MATCH(E451,CTS!$E:$E,0))))","v":0},{"$f":"IF(ISNA(INDEX(CTS!$P:$P,MATCH(E451,CTS!$E:$E,0))),\"\",(INDEX(CTS!$P:$P,MATCH(E451,CTS!$E:$E,0))))","v":0},{"$f":"IF(ISNA(INDEX(CTS!$Q:$Q,MATCH(E451,CTS!$E:$E,0))),\"\",(INDEX(CTS!$Q:$Q,MATCH(E451,CTS!$E:$E,0))))","v":3596.6386554621849},{"$f":"IF(ISNA(INDEX(CTS!$S:$S,MATCH(E451,CTS!$E:$E,0))),\"\",(INDEX(CTS!$S:$S,MATCH(E451,CTS!$E:$E,0))))","v":683.36134453781528},{"$f":"IF(ISNA(INDEX(CTS!$T:$T,MATCH(E451,CTS!$E:$E,0))),\"\",(INDEX(CTS!$T:$T,MATCH(E451,CTS!$E:$E,0))))","v":4280},{"$f":"IF(ISNA(INDEX(CTS!$U:$U,MATCH(E451,CTS!$E:$E,0))),\"\",(INDEX(CTS!$U:$U,MATCH(E451,CTS!$E:$E,0))))","v":0},{"$f":"IF(ISNA(INDEX(CTS!$V:$V,MATCH(E451,CTS!$E:$E,0))),\"\",(INDEX(CTS!$V:$V,MATCH(E451,CTS!$E:$E,0))))","v":4280},{"$f":"IFERROR(INDEX(CTS!$A:$A,MATCH(E451,CTS!$E:$E,0)),\".\")","v":"P"},{"$f":"IFERROR(IFERROR(INDEX(#REF!,MATCH(E451,#REF!,0)),IFERROR(INDEX(#REF!,MATCH(E451,#REF!,0)),INDEX(#REF!,MATCH(E451,#REF!,0)) )),\".\")","v":"."},null,{"$f":"IFERROR(VLOOKUP(E451,#REF!,8,FALSE),IFERROR(VLOOKUP(E451,#REF!,8,FALSE),IFERROR(VLOOKUP(E451,#REF!,8,FALSE),\"\")))","v":""},".-."]
[447,{"$f":"IFERROR(DAY(CTR[[#This Row],[Date]]),\"\")","v":3},{"$f":"IFERROR(MONTH(CTR[[#This Row],[Date]]),\"\")","v":2},{"$f":"IF(ISNA(INDEX(CTS!C:C,MATCH(E452,CTS!$E:$E,0))),\"\",(INDEX(CTS!C:C,MATCH(E452,CTS!$E:$E,0))))","v":44230},"02-038",{"$f":"IF(ISNA(INDEX(CTS!$F:$F,MATCH(E452,CTS!$E:$E,0))),\"\",(INDEX(CTS!$F:$F,MATCH(E452,CTS!$E:$E,0))))","v":"CLIENT"},{"$f":"IF(ISNA(INDEX(CTS!$N:$N,MATCH(E452,CTS!$E:$E,0))),\"\",(INDEX(CTS!$N:$N,MATCH(E452,CTS!$E:$E,0))))","v":468.90756302521015},{"$f":"IF(ISNA(INDEX(CTS!$O:$O,MATCH(E452,CTS!$E:$E,0))),\"\",(INDEX(CTS!$O:$O,MATCH(E452,CTS!$E:$E,0))))","v":0},{"$f":"IF(ISNA(INDEX(CTS!$P:$P,MATCH(E452,CTS!$E:$E,0))),\"\",(INDEX(CTS!$P:$P,MATCH(E452,CTS!$E:$E,0))))","v":0},{"$f":"IF(ISNA(INDEX(CTS!$Q:$Q,MATCH(E452,CTS!$E:$E,0))),\"\",(INDEX(CTS!$Q:$Q,MATCH(E452,CTS!$E:$E,0))))","v":468.90756302521015},{"$f":"IF(ISNA(INDEX(CTS!$S:$S,MATCH(E452,CTS!$E:$E,0))),\"\",(INDEX(CTS!$S:$S,MATCH(E452,CTS!$E:$E,0))))","v":89.092436974789933},{"$f":"IF(ISNA(INDEX(CTS!$T:$T,MATCH(E452,CTS!$E:$E,0))),\"\",(INDEX(CTS!$T:$T,MATCH(E452,CTS!$E:$E,0))))","v":558.00000000000011},{"$f":"IF(ISNA(INDEX(CTS!$U:$U,MATCH(E452,CTS!$E:$E,0))),\"\",(INDEX(CTS!$U:$U,MATCH(E452,CTS!$E:$E,0))))","v":0},{"$f":"IF(ISNA(INDEX(CTS!$V:$V,MATCH(E452,CTS!$E:$E,0))),\"\",(INDEX(CTS!$V:$V,MATCH(E452,CTS!$E:$E,0))))","v":558.00000000000011},{"$f":"IFERROR(INDEX(CTS!$A:$A,MATCH(E452,CTS!$E:$E,0)),\".\")","v":"P"},{"$f":"IFERROR(IFERROR(INDEX(#REF!,MATCH(E452,#REF!,0)),IFERROR(INDEX(#REF!,MATCH(E452,#REF!,0)),INDEX(#REF!,MATCH(E452,#REF!,0)) )),\".\")","v":"."},null,{"$f":"IFERROR(VLOOKUP(E452,#REF!,8,FALSE),IFERROR(VLOOKUP(E452,#REF!,8,FALSE),IFERROR(VLOOKUP(E452,#REF!,8,FALSE),\"\")))","v":""},".-."]
[448,{"$f":"IFERROR(DAY(CTR[[#This Row],[Date]]),\"\")","v":3},{"$f":"IFERROR(MONTH(CTR[[#This Row],[Date]]),\"\")","v":2},{"$f":"IF(ISNA(INDEX(CTS!C:C,MATCH(E453,CTS!$E:$E,0))),\"\",(INDEX(CTS!C:C,MATCH(E453,CTS!$E:$E,0))))","v":44230},"02-039",{"$f":"IF(ISNA(INDEX(CTS!$F:$F,MATCH(E453,CTS!$E:$E,0))),\"\",(INDEX(CTS!$F:$F,MATCH(E453,CTS!$E:$E,0))))","v":"CLIENT"},{"$f":"IF(ISNA(INDEX(CTS!$N:$N,MATCH(E453,CTS!$E:$E,0))),\"\",(INDEX(CTS!$N:$N,MATCH(E453,CTS!$E:$E,0))))","v":16.806722689075631},{"$f":"IF(ISNA(INDEX(CTS!$O:$O,MATCH(E453,CTS!$E:$E,0))),\"\",(INDEX(CTS!$O:$O,MATCH(E453,CTS!$E:$E,0))))","v":0},{"$f":"IF(ISNA(INDEX(CTS!$P:$P,MATCH(E453,CTS!$E:$E,0))),\"\",(INDEX(CTS!$P:$P,MATCH(E453,CTS!$E:$E,0))))","v":0},{"$f":"IF(ISNA(INDEX(CTS!$Q:$Q,MATCH(E453,CTS!$E:$E,0))),\"\",(INDEX(CTS!$Q:$Q,MATCH(E453,CTS!$E:$E,0))))","v":16.806722689075631},{"$f":"IF(ISNA(INDEX(CTS!$S:$S,MATCH(E453,CTS!$E:$E,0))),\"\",(INDEX(CTS!$S:$S,MATCH(E453,CTS!$E:$E,0))))","v":3.1932773109243699},{"$f":"IF(ISNA(INDEX(CTS!$T:$T,MATCH(E453,CTS!$E:$E,0))),\"\",(INDEX(CTS!$T:$T,MATCH(E453,CTS!$E:$E,0))))","v":20},{"$f":"IF(ISNA(INDEX(CTS!$U:$U,MATCH(E453,CTS!$E:$E,0))),\"\",(INDEX(CTS!$U:$U,MATCH(E453,CTS!$E:$E,0))))","v":0},{"$f":"IF(ISNA(INDEX(CTS!$V:$V,MATCH(E453,CTS!$E:$E,0))),\"\",(INDEX(CTS!$V:$V,MATCH(E453,CTS!$E:$E,0))))","v":20},{"$f":"IFERROR(INDEX(CTS!$A:$A,MATCH(E453,CTS!$E:$E,0)),\".\")","v":"P"},{"$f":"IFERROR(IFERROR(INDEX(#REF!,MATCH(E453,#REF!,0)),IFERROR(INDEX(#REF!,MATCH(E453,#REF!,0)),INDEX(#REF!,MATCH(E453,#REF!,0)) )),\".\")","v":"."},null,{"$f":"IFERROR(VLOOKUP(E453,#REF!,8,FALSE),IFERROR(VLOOKUP(E453,#REF!,8,FALSE),IFERROR(VLOOKUP(E453,#REF!,8,FALSE),\"\")))","v":""},".-."]
[449,{"$f":"IFERROR(DAY(CTR[[#This Row],[Date]]),\"\")","v":3},{"$f":"IFERROR(MONTH(CTR[[#This Row],[Date]]),\"\")","v":2},{"$f":"IF(ISNA(INDEX(CTS!C:C,MATCH(E454,CTS!$E:$E,0))),\"\",(INDEX(CTS!C:C,MATCH(E454,CTS!$E:$E,0))))","v":44230},"02-040",{"$f":"IF(ISNA(INDEX(CTS!$F:$F,MATCH(E454,CTS!$E:$E,0))),\"\",(INDEX(CTS!$F:$F,MATCH(E454,CTS!$E:$E,0))))","v":"CLIENT"},{"$f":"IF(ISNA(INDEX(CTS!$N:$N,MATCH(E454,CTS!$E:$E,0))),\"\",(INDEX(CTS!$N:$N,MATCH(E454,CTS!$E:$E,0))))","v":184.87394957983196},{"$f":"IF(ISNA(INDEX(CTS!$O:$O,MATCH(E454,CTS!$E:$E,0))),\"\",(INDEX(CTS!$O:$O,MATCH(E454,CTS!$E:$E,0))))","v":0},{"$f":"IF(ISNA(INDEX(CTS!$P:$P,MATCH(E454,CTS!$E:$E,0))),\"\",(INDEX(CTS!$P:$P,MATCH(E454,CTS!$E:$E,0))))","v":0},{"$f":"IF(ISNA(INDEX(CTS!$Q:$Q,MATCH(E454,CTS!$E:$E,0))),\"\",(INDEX(CTS!$Q:$Q,MATCH(E454,CTS!$E:$E,0))))","v":184.87394957983196},{"$f":"IF(ISNA(INDEX(CTS!$S:$S,MATCH(E454,CTS!$E:$E,0))),\"\",(INDEX(CTS!$S:$S,MATCH(E454,CTS!$E:$E,0))))","v":35.12605042016807},{"$f":"IF(ISNA(INDEX(CTS!$T:$T,MATCH(E454,CTS!$E:$E,0))),\"\",(INDEX(CTS!$T:$T,MATCH(E454,CTS!$E:$E,0))))","v":220.00000000000003},{"$f":"IF(ISNA(INDEX(CTS!$U:$U,MATCH(E454,CTS!$E:$E,0))),\"\",(INDEX(CTS!$U:$U,MATCH(E454,CTS!$E:$E,0))))","v":0},{"$f":"IF(ISNA(INDEX(CTS!$V:$V,MATCH(E454,CTS!$E:$E,0))),\"\",(INDEX(CTS!$V:$V,MATCH(E454,CTS!$E:$E,0))))","v":220.00000000000003},{"$f":"IFERROR(INDEX(CTS!$A:$A,MATCH(E454,CTS!$E:$E,0)),\".\")","v":"P"},{"$f":"IFERROR(IFERROR(INDEX(#REF!,MATCH(E454,#REF!,0)),IFERROR(INDEX(#REF!,MATCH(E454,#REF!,0)),INDEX(#REF!,MATCH(E454,#REF!,0)) )),\".\")","v":"."},null,{"$f":"IFERROR(VLOOKUP(E454,#REF!,8,FALSE),IFERROR(VLOOKUP(E454,#REF!,8,FALSE),IFERROR(VLOOKUP(E454,#REF!,8,FALSE),\"\")))","v":""},".-."]
[450,{"$f":"IFERROR(DAY(CTR[[#This Row],[Date]]),\"\")","v":3},{"$f":"IFERROR(MONTH(CTR[[#This Row],[Date]]),\"\")","v":2},{"$f":"IF(ISNA(INDEX(CTS!C:C,MATCH(E455,CTS!$E:$E,0))),\"\",(INDEX(CTS!C:C,MATCH(E455,CTS!$E:$E,0))))","v":44230},"02-041",{"$f":"IF(ISNA(INDEX(CTS!$F:$F,MATCH(E455,CTS!$E:$E,0))),\"\",(INDEX(CTS!$F:$F,MATCH(E455,CTS!$E:$E,0))))","v":"CLIENT"},{"$f":"IF(ISNA(INDEX(CTS!$N:$N,MATCH(E455,CTS!$E:$E,0))),\"\",(INDEX(CTS!$N:$N,MATCH(E455,CTS!$E:$E,0))))","v":2122.6890756302523},{"$f":"IF(ISNA(INDEX(CTS!$O:$O,MATCH(E455,CTS!$E:$E,0))),\"\",(INDEX(CTS!$O:$O,MATCH(E455,CTS!$E:$E,0))))","v":1.0292953285827394E-2},{"$f":"IF(ISNA(INDEX(CTS!$P:$P,MATCH(E455,CTS!$E:$E,0))),\"\",(INDEX(CTS!$P:$P,MATCH(E455,CTS!$E:$E,0))))","v":21.84873949579832},{"$f":"IF(ISNA(INDEX(CTS!$Q:$Q,MATCH(E455,CTS!$E:$E,0))),\"\",(INDEX(CTS!$Q:$Q,MATCH(E455,CTS!$E:$E,0))))","v":2100.840336134454},{"$f":"IF(ISNA(INDEX(CTS!$S:$S,MATCH(E455,CTS!$E:$E,0))),\"\",(INDEX(CTS!$S:$S,MATCH(E455,CTS!$E:$E,0))))","v":399.15966386554624},{"$f":"IF(ISNA(INDEX(CTS!$T:$T,MATCH(E455,CTS!$E:$E,0))),\"\",(INDEX(CTS!$T:$T,MATCH(E455,CTS!$E:$E,0))))","v":2500},{"$f":"IF(ISNA(INDEX(CTS!$U:$U,MATCH(E455,CTS!$E:$E,0))),\"\",(INDEX(CTS!$U:$U,MATCH(E455,CTS!$E:$E,0))))","v":0},{"$f":"IF(ISNA(INDEX(CTS!$V:$V,MATCH(E455,CTS!$E:$E,0))),\"\",(INDEX(CTS!$V:$V,MATCH(E455,CTS!$E:$E,0))))","v":2500},{"$f":"IFERROR(INDEX(CTS!$A:$A,MATCH(E455,CTS!$E:$E,0)),\".\")","v":"P"},{"$f":"IFERROR(IFERROR(INDEX(#REF!,MATCH(E455,#REF!,0)),IFERROR(INDEX(#REF!,MATCH(E455,#REF!,0)),INDEX(#REF!,MATCH(E455,#REF!,0)) )),\".\")","v":"."},null,{"$f":"IFERROR(VLOOKUP(E455,#REF!,8,FALSE),IFERROR(VLOOKUP(E455,#REF!,8,FALSE),IFERROR(VLOOKUP(E455,#REF!,8,FALSE),\"\")))","v":""},".-."]
[451,{"$f":"IFERROR(DAY(CTR[[#This Row],[Date]]),\"\")","v":3},{"$f":"IFERROR(MONTH(CTR[[#This Row],[Date]]),\"\")","v":2},{"$f":"IF(ISNA(INDEX(CTS!C:C,MATCH(E456,CTS!$E:$E,0))),\"\",(INDEX(CTS!C:C,MATCH(E456,CTS!$E:$E,0))))","v":44230},"02-042",{"$f":"IF(ISNA(INDEX(CTS!$F:$F,MATCH(E456,CTS!$E:$E,0))),\"\",(INDEX(CTS!$F:$F,MATCH(E456,CTS!$E:$E,0))))","v":"CLIENT"},{"$f":"IF(ISNA(INDEX(CTS!$N:$N,MATCH(E456,CTS!$E:$E,0))),\"\",(INDEX(CTS!$N:$N,MATCH(E456,CTS!$E:$E,0))))","v":191.59663865546219},{"$f":"IF(ISNA(INDEX(CTS!$O:$O,MATCH(E456,CTS!$E:$E,0))),\"\",(INDEX(CTS!$O:$O,MATCH(E456,CTS!$E:$E,0))))","v":3.5087719298245612E-2},{"$f":"IF(ISNA(INDEX(CTS!$P:$P,MATCH(E456,CTS!$E:$E,0))),\"\",(INDEX(CTS!$P:$P,MATCH(E456,CTS!$E:$E,0))))","v":6.7226890756302522},{"$f":"IF(ISNA(INDEX(CTS!$Q:$Q,MATCH(E456,CTS!$E:$E,0))),\"\",(INDEX(CTS!$Q:$Q,MATCH(E456,CTS!$E:$E,0))))","v":184.87394957983193},{"$f":"IF(ISNA(INDEX(CTS!$S:$S,MATCH(E456,CTS!$E:$E,0))),\"\",(INDEX(CTS!$S:$S,MATCH(E456,CTS!$E:$E,0))))","v":35.12605042016807},{"$f":"IF(ISNA(INDEX(CTS!$T:$T,MATCH(E456,CTS!$E:$E,0))),\"\",(INDEX(CTS!$T:$T,MATCH(E456,CTS!$E:$E,0))))","v":220},{"$f":"IF(ISNA(INDEX(CTS!$U:$U,MATCH(E456,CTS!$E:$E,0))),\"\",(INDEX(CTS!$U:$U,MATCH(E456,CTS!$E:$E,0))))","v":0},{"$f":"IF(ISNA(INDEX(CTS!$V:$V,MATCH(E456,CTS!$E:$E,0))),\"\",(INDEX(CTS!$V:$V,MATCH(E456,CTS!$E:$E,0))))","v":220},{"$f":"IFERROR(INDEX(CTS!$A:$A,MATCH(E456,CTS!$E:$E,0)),\".\")","v":"P"},{"$f":"IFERROR(IFERROR(INDEX(#REF!,MATCH(E456,#REF!,0)),IFERROR(INDEX(#REF!,MATCH(E456,#REF!,0)),INDEX(#REF!,MATCH(E456,#REF!,0)) )),\".\")","v":"."},null,{"$f":"IFERROR(VLOOKUP(E456,#REF!,8,FALSE),IFERROR(VLOOKUP(E456,#REF!,8,FALSE),IFERROR(VLOOKUP(E456,#REF!,8,FALSE),\"\")))","v":""},".-."]
[452,{"$f":"IFERROR(DAY(CTR[[#This Row],[Date]]),\"\")","v":3},{"$f":"IFERROR(MONTH(CTR[[#This Row],[Date]]),\"\")","v":2},{"$f":"IF(ISNA(INDEX(CTS!C:C,MATCH(E457,CTS!$E:$E,0))),\"\",(INDEX(CTS!C:C,MATCH(E457,CTS!$E:$E,0))))","v":44230},"02-043",{"$f":"IF(ISNA(INDEX(CTS!$F:$F,MATCH(E457,CTS!$E:$E,0))),\"\",(INDEX(CTS!$F:$F,MATCH(E457,CTS!$E:$E,0))))","v":"CLIENT"},{"$f":"IF(ISNA(INDEX(CTS!$N:$N,MATCH(E457,CTS!$E:$E,0))),\"\",(INDEX(CTS!$N:$N,MATCH(E457,CTS!$E:$E,0))))","v":403.36134453781517},{"$f":"IF(ISNA(INDEX(CTS!$O:$O,MATCH(E457,CTS!$E:$E,0))),\"\",(INDEX(CTS!$O:$O,MATCH(E457,CTS!$E:$E,0))))","v":0},{"$f":"IF(ISNA(INDEX(CTS!$P:$P,MATCH(E457,CTS!$E:$E,0))),\"\",(INDEX(CTS!$P:$P,MATCH(E457,CTS!$E:$E,0))))","v":0},{"$f":"IF(ISNA(INDEX(CTS!$Q:$Q,MATCH(E457,CTS!$E:$E,0))),\"\",(INDEX(CTS!$Q:$Q,MATCH(E457,CTS!$E:$E,0))))","v":403.36134453781517},{"$f":"IF(ISNA(INDEX(CTS!$S:$S,MATCH(E457,CTS!$E:$E,0))),\"\",(INDEX(CTS!$S:$S,MATCH(E457,CTS!$E:$E,0))))","v":76.638655462184886},{"$f":"IF(ISNA(INDEX(CTS!$T:$T,MATCH(E457,CTS!$E:$E,0))),\"\",(INDEX(CTS!$T:$T,MATCH(E457,CTS!$E:$E,0))))","v":480.00000000000006},{"$f":"IF(ISNA(INDEX(CTS!$U:$U,MATCH(E457,CTS!$E:$E,0))),\"\",(INDEX(CTS!$U:$U,MATCH(E457,CTS!$E:$E,0))))","v":0},{"$f":"IF(ISNA(INDEX(CTS!$V:$V,MATCH(E457,CTS!$E:$E,0))),\"\",(INDEX(CTS!$V:$V,MATCH(E457,CTS!$E:$E,0))))","v":480.00000000000006},{"$f":"IFERROR(INDEX(CTS!$A:$A,MATCH(E457,CTS!$E:$E,0)),\".\")","v":"P"},{"$f":"IFERROR(IFERROR(INDEX(#REF!,MATCH(E457,#REF!,0)),IFERROR(INDEX(#REF!,MATCH(E457,#REF!,0)),INDEX(#REF!,MATCH(E457,#REF!,0)) )),\".\")","v":"."},null,{"$f":"IFERROR(VLOOKUP(E457,#REF!,8,FALSE),IFERROR(VLOOKUP(E457,#REF!,8,FALSE),IFERROR(VLOOKUP(E457,#REF!,8,FALSE),\"\")))","v":""},{"$f":"IFERROR(TEXT(P457,\"mm\") & \"-\" & TEXT(P457,\"aaaa\"),\"\")","v":".-."}]
[453,{"$f":"IFERROR(DAY(CTR[[#This Row],[Date]]),\"\")","v":3},{"$f":"IFERROR(MONTH(CTR[[#This Row],[Date]]),\"\")","v":2},{"$f":"IF(ISNA(INDEX(CTS!C:C,MATCH(E458,CTS!$E:$E,0))),\"\",(INDEX(CTS!C:C,MATCH(E458,CTS!$E:$E,0))))","v":44230},"02-044",{"$f":"IF(ISNA(INDEX(CTS!$F:$F,MATCH(E458,CTS!$E:$E,0))),\"\",(INDEX(CTS!$F:$F,MATCH(E458,CTS!$E:$E,0))))","v":"CLIENT"},{"$f":"IF(ISNA(INDEX(CTS!$N:$N,MATCH(E458,CTS!$E:$E,0))),\"\",(INDEX(CTS!$N:$N,MATCH(E458,CTS!$E:$E,0))))","v":33.613445378151262},{"$f":"IF(ISNA(INDEX(CTS!$O:$O,MATCH(E458,CTS!$E:$E,0))),\"\",(INDEX(CTS!$O:$O,MATCH(E458,CTS!$E:$E,0))))","v":0},{"$f":"IF(ISNA(INDEX(CTS!$P:$P,MATCH(E458,CTS!$E:$E,0))),\"\",(INDEX(CTS!$P:$P,MATCH(E458,CTS!$E:$E,0))))","v":0},{"$f":"IF(ISNA(INDEX(CTS!$Q:$Q,MATCH(E458,CTS!$E:$E,0))),\"\",(INDEX(CTS!$Q:$Q,MATCH(E458,CTS!$E:$E,0))))","v":33.613445378151262},{"$f":"IF(ISNA(INDEX(CTS!$S:$S,MATCH(E458,CTS!$E:$E,0))),\"\",(INDEX(CTS!$S:$S,MATCH(E458,CTS!$E:$E,0))))","v":6.3865546218487399},{"$f":"IF(ISNA(INDEX(CTS!$T:$T,MATCH(E458,CTS!$E:$E,0))),\"\",(INDEX(CTS!$T:$T,MATCH(E458,CTS!$E:$E,0))))","v":40},{"$f":"IF(ISNA(INDEX(CTS!$U:$U,MATCH(E458,CTS!$E:$E,0))),\"\",(INDEX(CTS!$U:$U,MATCH(E458,CTS!$E:$E,0))))","v":0},{"$f":"IF(ISNA(INDEX(CTS!$V:$V,MATCH(E458,CTS!$E:$E,0))),\"\",(INDEX(CTS!$V:$V,MATCH(E458,CTS!$E:$E,0))))","v":40},{"$f":"IFERROR(INDEX(CTS!$A:$A,MATCH(E458,CTS!$E:$E,0)),\".\")","v":"P"},{"$f":"IFERROR(IFERROR(INDEX(#REF!,MATCH(E458,#REF!,0)),IFERROR(INDEX(#REF!,MATCH(E458,#REF!,0)),INDEX(#REF!,MATCH(E458,#REF!,0)) )),\".\")","v":"."},null,{"$f":"IFERROR(VLOOKUP(E458,#REF!,8,FALSE),IFERROR(VLOOKUP(E458,#REF!,8,FALSE),IFERROR(VLOOKUP(E458,#REF!,8,FALSE),\"\")))","v":""},{"$f":"IFERROR(TEXT(P458,\"mm\") & \"-\" & TEXT(P458,\"aaaa\"),\"\")","v":".-."}]
[454,{"$f":"IFERROR(DAY(CTR[[#This Row],[Date]]),\"\")","v":3},{"$f":"IFERROR(MONTH(CTR[[#This Row],[Date]]),\"\")","v":2},{"$f":"IF(ISNA(INDEX(CTS!C:C,MATCH(E459,CTS!$E:$E,0))),\"\",(INDEX(CTS!C:C,MATCH(E459,CTS!$E:$E,0))))","v":44230},"02-045",{"$f":"IF(ISNA(INDEX(CTS!$F:$F,MATCH(E459,CTS!$E:$E,0))),\"\",(INDEX(CTS!$F:$F,MATCH(E459,CTS!$E:$E,0))))","v":"CLIENT"},{"$f":"IF(ISNA(INDEX(CTS!$N:$N,MATCH(E459,CTS!$E:$E,0))),\"\",(INDEX(CTS!$N:$N,MATCH(E459,CTS!$E:$E,0))))","v":596.63865546218494},{"$f":"IF(ISNA(INDEX(CTS!$O:$O,MATCH(E459,CTS!$E:$E,0))),\"\",(INDEX(CTS!$O:$O,MATCH(E459,CTS!$E:$E,0))))","v":0},{"$f":"IF(ISNA(INDEX(CTS!$P:$P,MATCH(E459,CTS!$E:$E,0))),\"\",(INDEX(CTS!$P:$P,MATCH(E459,CTS!$E:$E,0))))","v":0},{"$f":"IF(ISNA(INDEX(CTS!$Q:$Q,MATCH(E459,CTS!$E:$E,0))),\"\",(INDEX(CTS!$Q:$Q,MATCH(E459,CTS!$E:$E,0))))","v":596.63865546218494},{"$f":"IF(ISNA(INDEX(CTS!$S:$S,MATCH(E459,CTS!$E:$E,0))),\"\",(INDEX(CTS!$S:$S,MATCH(E459,CTS!$E:$E,0))))","v":113.36134453781514},{"$f":"IF(ISNA(INDEX(CTS!$T:$T,MATCH(E459,CTS!$E:$E,0))),\"\",(INDEX(CTS!$T:$T,MATCH(E459,CTS!$E:$E,0))))","v":710.00000000000011},{"$f":"IF(ISNA(INDEX(CTS!$U:$U,MATCH(E459,CTS!$E:$E,0))),\"\",(INDEX(CTS!$U:$U,MATCH(E459,CTS!$E:$E,0))))","v":0},{"$f":"IF(ISNA(INDEX(CTS!$V:$V,MATCH(E459,CTS!$E:$E,0))),\"\",(INDEX(CTS!$V:$V,MATCH(E459,CTS!$E:$E,0))))","v":710.00000000000011},{"$f":"IFERROR(INDEX(CTS!$A:$A,MATCH(E459,CTS!$E:$E,0)),\".\")","v":"P"},{"$f":"IFERROR(IFERROR(INDEX(#REF!,MATCH(E459,#REF!,0)),IFERROR(INDEX(#REF!,MATCH(E459,#REF!,0)),INDEX(#REF!,MATCH(E459,#REF!,0)) )),\".\")","v":"."},null,{"$f":"IFERROR(VLOOKUP(E459,#REF!,8,FALSE),IFERROR(VLOOKUP(E459,#REF!,8,FALSE),IFERROR(VLOOKUP(E459,#REF!,8,FALSE),\"\")))","v":""},".-."]
[455,{"$f":"IFERROR(DAY(CTR[[#This Row],[Date]]),\"\")","v":3},{"$f":"IFERROR(MONTH(CTR[[#This Row],[Date]]),\"\")","v":2},{"$f":"IF(ISNA(INDEX(CTS!C:C,MATCH(E460,CTS!$E:$E,0))),\"\",(INDEX(CTS!C:C,MATCH(E460,CTS!$E:$E,0))))","v":44230},"02-046",{"$f":"IF(ISNA(INDEX(CTS!$F:$F,MATCH(E460,CTS!$E:$E,0))),\"\",(INDEX(CTS!$F:$F,MATCH(E460,CTS!$E:$E,0))))","v":"CLIENT"},{"$f":"IF(ISNA(INDEX(CTS!$N:$N,MATCH(E460,CTS!$E:$E,0))),\"\",(INDEX(CTS!$N:$N,MATCH(E460,CTS!$E:$E,0))))","v":831.93277310924373},{"$f":"IF(ISNA(INDEX(CTS!$O:$O,MATCH(E460,CTS!$E:$E,0))),\"\",(INDEX(CTS!$O:$O,MATCH(E460,CTS!$E:$E,0))))","v":0},{"$f":"IF(ISNA(INDEX(CTS!$P:$P,MATCH(E460,CTS!$E:$E,0))),\"\",(INDEX(CTS!$P:$P,MATCH(E460,CTS!$E:$E,0))))","v":0},{"$f":"IF(ISNA(INDEX(CTS!$Q:$Q,MATCH(E460,CTS!$E:$E,0))),\"\",(INDEX(CTS!$Q:$Q,MATCH(E460,CTS!$E:$E,0))))","v":831.93277310924373},{"$f":"IF(ISNA(INDEX(CTS!$S:$S,MATCH(E460,CTS!$E:$E,0))),\"\",(INDEX(CTS!$S:$S,MATCH(E460,CTS!$E:$E,0))))","v":158.06722689075633},{"$f":"IF(ISNA(INDEX(CTS!$T:$T,MATCH(E460,CTS!$E:$E,0))),\"\",(INDEX(CTS!$T:$T,MATCH(E460,CTS!$E:$E,0))))","v":990},{"$f":"IF(ISNA(INDEX(CTS!$U:$U,MATCH(E460,CTS!$E:$E,0))),\"\",(INDEX(CTS!$U:$U,MATCH(E460,CTS!$E:$E,0))))","v":0},{"$f":"IF(ISNA(INDEX(CTS!$V:$V,MATCH(E460,CTS!$E:$E,0))),\"\",(INDEX(CTS!$V:$V,MATCH(E460,CTS!$E:$E,0))))","v":990},{"$f":"IFERROR(INDEX(CTS!$A:$A,MATCH(E460,CTS!$E:$E,0)),\".\")","v":"P"},{"$f":"IFERROR(IFERROR(INDEX(#REF!,MATCH(E460,#REF!,0)),IFERROR(INDEX(#REF!,MATCH(E460,#REF!,0)),INDEX(#REF!,MATCH(E460,#REF!,0)) )),\".\")","v":"."},null,{"$f":"IFERROR(VLOOKUP(E460,#REF!,8,FALSE),IFERROR(VLOOKUP(E460,#REF!,8,FALSE),IFERROR(VLOOKUP(E460,#REF!,8,FALSE),\"\")))","v":""},".-."]
[456,{"$f":"IFERROR(DAY(CTR[[#This Row],[Date]]),\"\")","v":3},{"$f":"IFERROR(MONTH(CTR[[#This Row],[Date]]),\"\")","v":2},{"$f":"IF(ISNA(INDEX(CTS!C:C,MATCH(E461,CTS!$E:$E,0))),\"\",(INDEX(CTS!C:C,MATCH(E461,CTS!$E:$E,0))))","v":44230},"02-047",{"$f":"IF(ISNA(INDEX(CTS!$F:$F,MATCH(E461,CTS!$E:$E,0))),\"\",(INDEX(CTS!$F:$F,MATCH(E461,CTS!$E:$E,0))))","v":"CLIENT"},{"$f":"IF(ISNA(INDEX(CTS!$N:$N,MATCH(E461,CTS!$E:$E,0))),\"\",(INDEX(CTS!$N:$N,MATCH(E461,CTS!$E:$E,0))))","v":262.18487394957987},{"$f":"IF(ISNA(INDEX(CTS!$O:$O,MATCH(E461,CTS!$E:$E,0))),\"\",(INDEX(CTS!$O:$O,MATCH(E461,CTS!$E:$E,0))))","v":0},{"$f":"IF(ISNA(INDEX(CTS!$P:$P,MATCH(E461,CTS!$E:$E,0))),\"\",(INDEX(CTS!$P:$P,MATCH(E461,CTS!$E:$E,0))))","v":0},{"$f":"IF(ISNA(INDEX(CTS!$Q:$Q,MATCH(E461,CTS!$E:$E,0))),\"\",(INDEX(CTS!$Q:$Q,MATCH(E461,CTS!$E:$E,0))))","v":262.18487394957987},{"$f":"IF(ISNA(INDEX(CTS!$S:$S,MATCH(E461,CTS!$E:$E,0))),\"\",(INDEX(CTS!$S:$S,MATCH(E461,CTS!$E:$E,0))))","v":49.815126050420176},{"$f":"IF(ISNA(INDEX(CTS!$T:$T,MATCH(E461,CTS!$E:$E,0))),\"\",(INDEX(CTS!$T:$T,MATCH(E461,CTS!$E:$E,0))))","v":312.00000000000006},{"$f":"IF(ISNA(INDEX(CTS!$U:$U,MATCH(E461,CTS!$E:$E,0))),\"\",(INDEX(CTS!$U:$U,MATCH(E461,CTS!$E:$E,0))))","v":0},{"$f":"IF(ISNA(INDEX(CTS!$V:$V,MATCH(E461,CTS!$E:$E,0))),\"\",(INDEX(CTS!$V:$V,MATCH(E461,CTS!$E:$E,0))))","v":312.00000000000006},{"$f":"IFERROR(INDEX(CTS!$A:$A,MATCH(E461,CTS!$E:$E,0)),\".\")","v":"P"},{"$f":"IFERROR(IFERROR(INDEX(#REF!,MATCH(E461,#REF!,0)),IFERROR(INDEX(#REF!,MATCH(E461,#REF!,0)),INDEX(#REF!,MATCH(E461,#REF!,0)) )),\".\")","v":"."},null,{"$f":"IFERROR(VLOOKUP(E461,#REF!,8,FALSE),IFERROR(VLOOKUP(E461,#REF!,8,FALSE),IFERROR(VLOOKUP(E461,#REF!,8,FALSE),\"\")))","v":""},".-."]
[457,{"$f":"IFERROR(DAY(CTR[[#This Row],[Date]]),\"\")","v":3},{"$f":"IFERROR(MONTH(CTR[[#This Row],[Date]]),\"\")","v":2},{"$f":"IF(ISNA(INDEX(CTS!C:C,MATCH(E462,CTS!$E:$E,0))),\"\",(INDEX(CTS!C:C,MATCH(E462,CTS!$E:$E,0))))","v":44230},"02-048",{"$f":"IF(ISNA(INDEX(CTS!$F:$F,MATCH(E462,CTS!$E:$E,0))),\"\",(INDEX(CTS!$F:$F,MATCH(E462,CTS!$E:$E,0))))","v":"CLIENT"},{"$f":"IF(ISNA(INDEX(CTS!$N:$N,MATCH(E462,CTS!$E:$E,0))),\"\",(INDEX(CTS!$N:$N,MATCH(E462,CTS!$E:$E,0))))","v":193.27731092436974},{"$f":"IF(ISNA(INDEX(CTS!$O:$O,MATCH(E462,CTS!$E:$E,0))),\"\",(INDEX(CTS!$O:$O,MATCH(E462,CTS!$E:$E,0))))","v":0},{"$f":"IF(ISNA(INDEX(CTS!$P:$P,MATCH(E462,CTS!$E:$E,0))),\"\",(INDEX(CTS!$P:$P,MATCH(E462,CTS!$E:$E,0))))","v":0},{"$f":"IF(ISNA(INDEX(CTS!$Q:$Q,MATCH(E462,CTS!$E:$E,0))),\"\",(INDEX(CTS!$Q:$Q,MATCH(E462,CTS!$E:$E,0))))","v":193.27731092436974},{"$f":"IF(ISNA(INDEX(CTS!$S:$S,MATCH(E462,CTS!$E:$E,0))),\"\",(INDEX(CTS!$S:$S,MATCH(E462,CTS!$E:$E,0))))","v":36.72268907563025},{"$f":"IF(ISNA(INDEX(CTS!$T:$T,MATCH(E462,CTS!$E:$E,0))),\"\",(INDEX(CTS!$T:$T,MATCH(E462,CTS!$E:$E,0))))","v":230},{"$f":"IF(ISNA(INDEX(CTS!$U:$U,MATCH(E462,CTS!$E:$E,0))),\"\",(INDEX(CTS!$U:$U,MATCH(E462,CTS!$E:$E,0))))","v":0},{"$f":"IF(ISNA(INDEX(CTS!$V:$V,MATCH(E462,CTS!$E:$E,0))),\"\",(INDEX(CTS!$V:$V,MATCH(E462,CTS!$E:$E,0))))","v":230},{"$f":"IFERROR(INDEX(CTS!$A:$A,MATCH(E462,CTS!$E:$E,0)),\".\")","v":"P"},{"$f":"IFERROR(IFERROR(INDEX(#REF!,MATCH(E462,#REF!,0)),IFERROR(INDEX(#REF!,MATCH(E462,#REF!,0)),INDEX(#REF!,MATCH(E462,#REF!,0)) )),\".\")","v":"."},null,{"$f":"IFERROR(VLOOKUP(E462,#REF!,8,FALSE),IFERROR(VLOOKUP(E462,#REF!,8,FALSE),IFERROR(VLOOKUP(E462,#REF!,8,FALSE),\"\")))","v":""},".-."]
[458,{"$f":"IFERROR(DAY(CTR[[#This Row],[Date]]),\"\")","v":3},{"$f":"IFERROR(MONTH(CTR[[#This Row],[Date]]),\"\")","v":2},{"$f":"IF(ISNA(INDEX(CTS!C:C,MATCH(E463,CTS!$E:$E,0))),\"\",(INDEX(CTS!C:C,MATCH(E463,CTS!$E:$E,0))))","v":44230},"02-049",{"$f":"IF(ISNA(INDEX(CTS!$F:$F,MATCH(E463,CTS!$E:$E,0))),\"\",(INDEX(CTS!$F:$F,MATCH(E463,CTS!$E:$E,0))))","v":"CLIENT"},{"$f":"IF(ISNA(INDEX(CTS!$N:$N,MATCH(E463,CTS!$E:$E,0))),\"\",(INDEX(CTS!$N:$N,MATCH(E463,CTS!$E:$E,0))))","v":42.016806722689076},{"$f":"IF(ISNA(INDEX(CTS!$O:$O,MATCH(E463,CTS!$E:$E,0))),\"\",(INDEX(CTS!$O:$O,MATCH(E463,CTS!$E:$E,0))))","v":0},{"$f":"IF(ISNA(INDEX(CTS!$P:$P,MATCH(E463,CTS!$E:$E,0))),\"\",(INDEX(CTS!$P:$P,MATCH(E463,CTS!$E:$E,0))))","v":0},{"$f":"IF(ISNA(INDEX(CTS!$Q:$Q,MATCH(E463,CTS!$E:$E,0))),\"\",(INDEX(CTS!$Q:$Q,MATCH(E463,CTS!$E:$E,0))))","v":42.016806722689076},{"$f":"IF(ISNA(INDEX(CTS!$S:$S,MATCH(E463,CTS!$E:$E,0))),\"\",(INDEX(CTS!$S:$S,MATCH(E463,CTS!$E:$E,0))))","v":7.9831932773109244},{"$f":"IF(ISNA(INDEX(CTS!$T:$T,MATCH(E463,CTS!$E:$E,0))),\"\",(INDEX(CTS!$T:$T,MATCH(E463,CTS!$E:$E,0))))","v":50},{"$f":"IF(ISNA(INDEX(CTS!$U:$U,MATCH(E463,CTS!$E:$E,0))),\"\",(INDEX(CTS!$U:$U,MATCH(E463,CTS!$E:$E,0))))","v":0},{"$f":"IF(ISNA(INDEX(CTS!$V:$V,MATCH(E463,CTS!$E:$E,0))),\"\",(INDEX(CTS!$V:$V,MATCH(E463,CTS!$E:$E,0))))","v":50},{"$f":"IFERROR(INDEX(CTS!$A:$A,MATCH(E463,CTS!$E:$E,0)),\".\")","v":"P"},{"$f":"IFERROR(IFERROR(INDEX(#REF!,MATCH(E463,#REF!,0)),IFERROR(INDEX(#REF!,MATCH(E463,#REF!,0)),INDEX(#REF!,MATCH(E463,#REF!,0)) )),\".\")","v":"."},null,{"$f":"IFERROR(VLOOKUP(E463,#REF!,8,FALSE),IFERROR(VLOOKUP(E463,#REF!,8,FALSE),IFERROR(VLOOKUP(E463,#REF!,8,FALSE),\"\")))","v":""},".-."]
[459,{"$f":"IFERROR(DAY(CTR[[#This Row],[Date]]),\"\")","v":3},{"$f":"IFERROR(MONTH(CTR[[#This Row],[Date]]),\"\")","v":2},{"$f":"IF(ISNA(INDEX(CTS!C:C,MATCH(E464,CTS!$E:$E,0))),\"\",(INDEX(CTS!C:C,MATCH(E464,CTS!$E:$E,0))))","v":44230},"02-050",{"$f":"IF(ISNA(INDEX(CTS!$F:$F,MATCH(E464,CTS!$E:$E,0))),\"\",(INDEX(CTS!$F:$F,MATCH(E464,CTS!$E:$E,0))))","v":"CLIENT"},{"$f":"IF(ISNA(INDEX(CTS!$N:$N,MATCH(E464,CTS!$E:$E,0))),\"\",(INDEX(CTS!$N:$N,MATCH(E464,CTS!$E:$E,0))))","v":899.15966386554635},{"$f":"IF(ISNA(INDEX(CTS!$O:$O,MATCH(E464,CTS!$E:$E,0))),\"\",(INDEX(CTS!$O:$O,MATCH(E464,CTS!$E:$E,0))))","v":0},{"$f":"IF(ISNA(INDEX(CTS!$P:$P,MATCH(E464,CTS!$E:$E,0))),\"\",(INDEX(CTS!$P:$P,MATCH(E464,CTS!$E:$E,0))))","v":0},{"$f":"IF(ISNA(INDEX(CTS!$Q:$Q,MATCH(E464,CTS!$E:$E,0))),\"\",(INDEX(CTS!$Q:$Q,MATCH(E464,CTS!$E:$E,0))))","v":899.15966386554635},{"$f":"IF(ISNA(INDEX(CTS!$S:$S,MATCH(E464,CTS!$E:$E,0))),\"\",(INDEX(CTS!$S:$S,MATCH(E464,CTS!$E:$E,0))))","v":170.84033613445382},{"$f":"IF(ISNA(INDEX(CTS!$T:$T,MATCH(E464,CTS!$E:$E,0))),\"\",(INDEX(CTS!$T:$T,MATCH(E464,CTS!$E:$E,0))))","v":1070.0000000000002},{"$f":"IF(ISNA(INDEX(CTS!$U:$U,MATCH(E464,CTS!$E:$E,0))),\"\",(INDEX(CTS!$U:$U,MATCH(E464,CTS!$E:$E,0))))","v":0},{"$f":"IF(ISNA(INDEX(CTS!$V:$V,MATCH(E464,CTS!$E:$E,0))),\"\",(INDEX(CTS!$V:$V,MATCH(E464,CTS!$E:$E,0))))","v":1070.0000000000002},{"$f":"IFERROR(INDEX(CTS!$A:$A,MATCH(E464,CTS!$E:$E,0)),\".\")","v":"P"},{"$f":"IFERROR(IFERROR(INDEX(#REF!,MATCH(E464,#REF!,0)),IFERROR(INDEX(#REF!,MATCH(E464,#REF!,0)),INDEX(#REF!,MATCH(E464,#REF!,0)) )),\".\")","v":"."},null,{"$f":"IFERROR(VLOOKUP(E464,#REF!,8,FALSE),IFERROR(VLOOKUP(E464,#REF!,8,FALSE),IFERROR(VLOOKUP(E464,#REF!,8,FALSE),\"\")))","v":""},".-."]
[460,{"$f":"IFERROR(DAY(CTR[[#This Row],[Date]]),\"\")","v":3},{"$f":"IFERROR(MONTH(CTR[[#This Row],[Date]]),\"\")","v":2},{"$f":"IF(ISNA(INDEX(CTS!C:C,MATCH(E465,CTS!$E:$E,0))),\"\",(INDEX(CTS!C:C,MATCH(E465,CTS!$E:$E,0))))","v":44230},"02-051",{"$f":"IF(ISNA(INDEX(CTS!$F:$F,MATCH(E465,CTS!$E:$E,0))),\"\",(INDEX(CTS!$F:$F,MATCH(E465,CTS!$E:$E,0))))","v":"CLIENT"},{"$f":"IF(ISNA(INDEX(CTS!$N:$N,MATCH(E465,CTS!$E:$E,0))),\"\",(INDEX(CTS!$N:$N,MATCH(E465,CTS!$E:$E,0))))","v":736.13445378151266},{"$f":"IF(ISNA(INDEX(CTS!$O:$O,MATCH(E465,CTS!$E:$E,0))),\"\",(INDEX(CTS!$O:$O,MATCH(E465,CTS!$E:$E,0))))","v":0},{"$f":"IF(ISNA(INDEX(CTS!$P:$P,MATCH(E465,CTS!$E:$E,0))),\"\",(INDEX(CTS!$P:$P,MATCH(E465,CTS!$E:$E,0))))","v":0},{"$f":"IF(ISNA(INDEX(CTS!$Q:$Q,MATCH(E465,CTS!$E:$E,0))),\"\",(INDEX(CTS!$Q:$Q,MATCH(E465,CTS!$E:$E,0))))","v":736.13445378151266},{"$f":"IF(ISNA(INDEX(CTS!$S:$S,MATCH(E465,CTS!$E:$E,0))),\"\",(INDEX(CTS!$S:$S,MATCH(E465,CTS!$E:$E,0))))","v":139.8655462184874},{"$f":"IF(ISNA(INDEX(CTS!$T:$T,MATCH(E465,CTS!$E:$E,0))),\"\",(INDEX(CTS!$T:$T,MATCH(E465,CTS!$E:$E,0))))","v":876},{"$f":"IF(ISNA(INDEX(CTS!$U:$U,MATCH(E465,CTS!$E:$E,0))),\"\",(INDEX(CTS!$U:$U,MATCH(E465,CTS!$E:$E,0))))","v":0},{"$f":"IF(ISNA(INDEX(CTS!$V:$V,MATCH(E465,CTS!$E:$E,0))),\"\",(INDEX(CTS!$V:$V,MATCH(E465,CTS!$E:$E,0))))","v":876},{"$f":"IFERROR(INDEX(CTS!$A:$A,MATCH(E465,CTS!$E:$E,0)),\".\")","v":"P"},{"$f":"IFERROR(IFERROR(INDEX(#REF!,MATCH(E465,#REF!,0)),IFERROR(INDEX(#REF!,MATCH(E465,#REF!,0)),INDEX(#REF!,MATCH(E465,#REF!,0)) )),\".\")","v":"."},null,{"$f":"IFERROR(VLOOKUP(E465,#REF!,8,FALSE),IFERROR(VLOOKUP(E465,#REF!,8,FALSE),IFERROR(VLOOKUP(E465,#REF!,8,FALSE),\"\")))","v":""},".-."]
[461,{"$f":"IFERROR(DAY(CTR[[#This Row],[Date]]),\"\")","v":3},{"$f":"IFERROR(MONTH(CTR[[#This Row],[Date]]),\"\")","v":2},{"$f":"IF(ISNA(INDEX(CTS!C:C,MATCH(E466,CTS!$E:$E,0))),\"\",(INDEX(CTS!C:C,MATCH(E466,CTS!$E:$E,0))))","v":44230},"02-052",{"$f":"IF(ISNA(INDEX(CTS!$F:$F,MATCH(E466,CTS!$E:$E,0))),\"\",(INDEX(CTS!$F:$F,MATCH(E466,CTS!$E:$E,0))))","v":"CLIENT"},{"$f":"IF(ISNA(INDEX(CTS!$N:$N,MATCH(E466,CTS!$E:$E,0))),\"\",(INDEX(CTS!$N:$N,MATCH(E466,CTS!$E:$E,0))))","v":50.420168067226896},{"$f":"IF(ISNA(INDEX(CTS!$O:$O,MATCH(E466,CTS!$E:$E,0))),\"\",(INDEX(CTS!$O:$O,MATCH(E466,CTS!$E:$E,0))))","v":0},{"$f":"IF(ISNA(INDEX(CTS!$P:$P,MATCH(E466,CTS!$E:$E,0))),\"\",(INDEX(CTS!$P:$P,MATCH(E466,CTS!$E:$E,0))))","v":0},{"$f":"IF(ISNA(INDEX(CTS!$Q:$Q,MATCH(E466,CTS!$E:$E,0))),\"\",(INDEX(CTS!$Q:$Q,MATCH(E466,CTS!$E:$E,0))))","v":50.420168067226896},{"$f":"IF(ISNA(INDEX(CTS!$S:$S,MATCH(E466,CTS!$E:$E,0))),\"\",(INDEX(CTS!$S:$S,MATCH(E466,CTS!$E:$E,0))))","v":9.5798319327731107},{"$f":"IF(ISNA(INDEX(CTS!$T:$T,MATCH(E466,CTS!$E:$E,0))),\"\",(INDEX(CTS!$T:$T,MATCH(E466,CTS!$E:$E,0))))","v":60.000000000000007},{"$f":"IF(ISNA(INDEX(CTS!$U:$U,MATCH(E466,CTS!$E:$E,0))),\"\",(INDEX(CTS!$U:$U,MATCH(E466,CTS!$E:$E,0))))","v":0},{"$f":"IF(ISNA(INDEX(CTS!$V:$V,MATCH(E466,CTS!$E:$E,0))),\"\",(INDEX(CTS!$V:$V,MATCH(E466,CTS!$E:$E,0))))","v":60.000000000000007},{"$f":"IFERROR(INDEX(CTS!$A:$A,MATCH(E466,CTS!$E:$E,0)),\".\")","v":"P"},{"$f":"IFERROR(IFERROR(INDEX(#REF!,MATCH(E466,#REF!,0)),IFERROR(INDEX(#REF!,MATCH(E466,#REF!,0)),INDEX(#REF!,MATCH(E466,#REF!,0)) )),\".\")","v":"."},null,{"$f":"IFERROR(VLOOKUP(E466,#REF!,8,FALSE),IFERROR(VLOOKUP(E466,#REF!,8,FALSE),IFERROR(VLOOKUP(E466,#REF!,8,FALSE),\"\")))","v":""},".-."]
[462,{"$f":"IFERROR(DAY(CTR[[#This Row],[Date]]),\"\")","v":3},{"$f":"IFERROR(MONTH(CTR[[#This Row],[Date]]),\"\")","v":2},{"$f":"IF(ISNA(INDEX(CTS!C:C,MATCH(E467,CTS!$E:$E,0))),\"\",(INDEX(CTS!C:C,MATCH(E467,CTS!$E:$E,0))))","v":44230},"02-053",{"$f":"IF(ISNA(INDEX(CTS!$F:$F,MATCH(E467,CTS!$E:$E,0))),\"\",(INDEX(CTS!$F:$F,MATCH(E467,CTS!$E:$E,0))))","v":"CLIENT"},{"$f":"IF(ISNA(INDEX(CTS!$N:$N,MATCH(E467,CTS!$E:$E,0))),\"\",(INDEX(CTS!$N:$N,MATCH(E467,CTS!$E:$E,0))))","v":1347.899159664328},{"$f":"IF(ISNA(INDEX(CTS!$O:$O,MATCH(E467,CTS!$E:$E,0))),\"\",(INDEX(CTS!$O:$O,MATCH(E467,CTS!$E:$E,0))))","v":2.4937655860340574E-3},{"$f":"IF(ISNA(INDEX(CTS!$P:$P,MATCH(E467,CTS!$E:$E,0))),\"\",(INDEX(CTS!$P:$P,MATCH(E467,CTS!$E:$E,0))))","v":3.3613445378151261},{"$f":"IF(ISNA(INDEX(CTS!$Q:$Q,MATCH(E467,CTS!$E:$E,0))),\"\",(INDEX(CTS!$Q:$Q,MATCH(E467,CTS!$E:$E,0))))","v":1344.5378151265129},{"$f":"IF(ISNA(INDEX(CTS!$S:$S,MATCH(E467,CTS!$E:$E,0))),\"\",(INDEX(CTS!$S:$S,MATCH(E467,CTS!$E:$E,0))))","v":255.46218487403746},{"$f":"IF(ISNA(INDEX(CTS!$T:$T,MATCH(E467,CTS!$E:$E,0))),\"\",(INDEX(CTS!$T:$T,MATCH(E467,CTS!$E:$E,0))))","v":1600.0000000005502},{"$f":"IF(ISNA(INDEX(CTS!$U:$U,MATCH(E467,CTS!$E:$E,0))),\"\",(INDEX(CTS!$U:$U,MATCH(E467,CTS!$E:$E,0))))","v":0},{"$f":"IF(ISNA(INDEX(CTS!$V:$V,MATCH(E467,CTS!$E:$E,0))),\"\",(INDEX(CTS!$V:$V,MATCH(E467,CTS!$E:$E,0))))","v":1600.0000000005502},{"$f":"IFERROR(INDEX(CTS!$A:$A,MATCH(E467,CTS!$E:$E,0)),\".\")","v":"P"},{"$f":"IFERROR(IFERROR(INDEX(#REF!,MATCH(E467,#REF!,0)),IFERROR(INDEX(#REF!,MATCH(E467,#REF!,0)),INDEX(#REF!,MATCH(E467,#REF!,0)) )),\".\")","v":"."},null,{"$f":"IFERROR(VLOOKUP(E467,#REF!,8,FALSE),IFERROR(VLOOKUP(E467,#REF!,8,FALSE),IFERROR(VLOOKUP(E467,#REF!,8,FALSE),\"\")))","v":""},".-."]
[463,{"$f":"IFERROR(DAY(CTR[[#This Row],[Date]]),\"\")","v":3},{"$f":"IFERROR(MONTH(CTR[[#This Row],[Date]]),\"\")","v":2},{"$f":"IF(ISNA(INDEX(CTS!C:C,MATCH(E468,CTS!$E:$E,0))),\"\",(INDEX(CTS!C:C,MATCH(E468,CTS!$E:$E,0))))","v":44230},"02-054",{"$f":"IF(ISNA(INDEX(CTS!$F:$F,MATCH(E468,CTS!$E:$E,0))),\"\",(INDEX(CTS!$F:$F,MATCH(E468,CTS!$E:$E,0))))","v":"CLIENT"},{"$f":"IF(ISNA(INDEX(CTS!$N:$N,MATCH(E468,CTS!$E:$E,0))),\"\",(INDEX(CTS!$N:$N,MATCH(E468,CTS!$E:$E,0))))","v":176.47058823529412},{"$f":"IF(ISNA(INDEX(CTS!$O:$O,MATCH(E468,CTS!$E:$E,0))),\"\",(INDEX(CTS!$O:$O,MATCH(E468,CTS!$E:$E,0))))","v":0},{"$f":"IF(ISNA(INDEX(CTS!$P:$P,MATCH(E468,CTS!$E:$E,0))),\"\",(INDEX(CTS!$P:$P,MATCH(E468,CTS!$E:$E,0))))","v":0},{"$f":"IF(ISNA(INDEX(CTS!$Q:$Q,MATCH(E468,CTS!$E:$E,0))),\"\",(INDEX(CTS!$Q:$Q,MATCH(E468,CTS!$E:$E,0))))","v":176.47058823529412},{"$f":"IF(ISNA(INDEX(CTS!$S:$S,MATCH(E468,CTS!$E:$E,0))),\"\",(INDEX(CTS!$S:$S,MATCH(E468,CTS!$E:$E,0))))","v":33.529411764705884},{"$f":"IF(ISNA(INDEX(CTS!$T:$T,MATCH(E468,CTS!$E:$E,0))),\"\",(INDEX(CTS!$T:$T,MATCH(E468,CTS!$E:$E,0))))","v":210},{"$f":"IF(ISNA(INDEX(CTS!$U:$U,MATCH(E468,CTS!$E:$E,0))),\"\",(INDEX(CTS!$U:$U,MATCH(E468,CTS!$E:$E,0))))","v":0},{"$f":"IF(ISNA(INDEX(CTS!$V:$V,MATCH(E468,CTS!$E:$E,0))),\"\",(INDEX(CTS!$V:$V,MATCH(E468,CTS!$E:$E,0))))","v":210},{"$f":"IFERROR(INDEX(CTS!$A:$A,MATCH(E468,CTS!$E:$E,0)),\".\")","v":"P"},{"$f":"IFERROR(IFERROR(INDEX(#REF!,MATCH(E468,#REF!,0)),IFERROR(INDEX(#REF!,MATCH(E468,#REF!,0)),INDEX(#REF!,MATCH(E468,#REF!,0)) )),\".\")","v":"."},null,{"$f":"IFERROR(VLOOKUP(E468,#REF!,8,FALSE),IFERROR(VLOOKUP(E468,#REF!,8,FALSE),IFERROR(VLOOKUP(E468,#REF!,8,FALSE),\"\")))","v":""},".-."]
[464,{"$f":"IFERROR(DAY(CTR[[#This Row],[Date]]),\"\")","v":3},{"$f":"IFERROR(MONTH(CTR[[#This Row],[Date]]),\"\")","v":2},{"$f":"IF(ISNA(INDEX(CTS!C:C,MATCH(E469,CTS!$E:$E,0))),\"\",(INDEX(CTS!C:C,MATCH(E469,CTS!$E:$E,0))))","v":44230},"02-055",{"$f":"IF(ISNA(INDEX(CTS!$F:$F,MATCH(E469,CTS!$E:$E,0))),\"\",(INDEX(CTS!$F:$F,MATCH(E469,CTS!$E:$E,0))))","v":"CLIENT"},{"$f":"IF(ISNA(INDEX(CTS!$N:$N,MATCH(E469,CTS!$E:$E,0))),\"\",(INDEX(CTS!$N:$N,MATCH(E469,CTS!$E:$E,0))))","v":115.96638655462185},{"$f":"IF(ISNA(INDEX(CTS!$O:$O,MATCH(E469,CTS!$E:$E,0))),\"\",(INDEX(CTS!$O:$O,MATCH(E469,CTS!$E:$E,0))))","v":0},{"$f":"IF(ISNA(INDEX(CTS!$P:$P,MATCH(E469,CTS!$E:$E,0))),\"\",(INDEX(CTS!$P:$P,MATCH(E469,CTS!$E:$E,0))))","v":0},{"$f":"IF(ISNA(INDEX(CTS!$Q:$Q,MATCH(E469,CTS!$E:$E,0))),\"\",(INDEX(CTS!$Q:$Q,MATCH(E469,CTS!$E:$E,0))))","v":115.96638655462185},{"$f":"IF(ISNA(INDEX(CTS!$S:$S,MATCH(E469,CTS!$E:$E,0))),\"\",(INDEX(CTS!$S:$S,MATCH(E469,CTS!$E:$E,0))))","v":22.033613445378151},{"$f":"IF(ISNA(INDEX(CTS!$T:$T,MATCH(E469,CTS!$E:$E,0))),\"\",(INDEX(CTS!$T:$T,MATCH(E469,CTS!$E:$E,0))))","v":138},{"$f":"IF(ISNA(INDEX(CTS!$U:$U,MATCH(E469,CTS!$E:$E,0))),\"\",(INDEX(CTS!$U:$U,MATCH(E469,CTS!$E:$E,0))))","v":0},{"$f":"IF(ISNA(INDEX(CTS!$V:$V,MATCH(E469,CTS!$E:$E,0))),\"\",(INDEX(CTS!$V:$V,MATCH(E469,CTS!$E:$E,0))))","v":138},{"$f":"IFERROR(INDEX(CTS!$A:$A,MATCH(E469,CTS!$E:$E,0)),\".\")","v":"P"},{"$f":"IFERROR(IFERROR(INDEX(#REF!,MATCH(E469,#REF!,0)),IFERROR(INDEX(#REF!,MATCH(E469,#REF!,0)),INDEX(#REF!,MATCH(E469,#REF!,0)) )),\".\")","v":"."},null,{"$f":"IFERROR(VLOOKUP(E469,#REF!,8,FALSE),IFERROR(VLOOKUP(E469,#REF!,8,FALSE),IFERROR(VLOOKUP(E469,#REF!,8,FALSE),\"\")))","v":""},".-."]
[465,{"$f":"IFERROR(DAY(CTR[[#This Row],[Date]]),\"\")","v":4},{"$f":"IFERROR(MONTH(CTR[[#This Row],[Date]]),\"\")","v":2},{"$f":"IF(ISNA(INDEX(CTS!C:C,MATCH(E470,CTS!$E:$E,0))),\"\",(INDEX(CTS!C:C,MATCH(E470,CTS!$E:$E,0))))","v":44231},"02-056",{"$f":"IF(ISNA(INDEX(CTS!$F:$F,MATCH(E470,CTS!$E:$E,0))),\"\",(INDEX(CTS!$F:$F,MATCH(E470,CTS!$E:$E,0))))","v":"CLIENT"},{"$f":"IF(ISNA(INDEX(CTS!$N:$N,MATCH(E470,CTS!$E:$E,0))),\"\",(INDEX(CTS!$N:$N,MATCH(E470,CTS!$E:$E,0))))","v":23260.504201680673},{"$f":"IF(ISNA(INDEX(CTS!$O:$O,MATCH(E470,CTS!$E:$E,0))),\"\",(INDEX(CTS!$O:$O,MATCH(E470,CTS!$E:$E,0))))","v":3.9739884393063585E-2},{"$f":"IF(ISNA(INDEX(CTS!$P:$P,MATCH(E470,CTS!$E:$E,0))),\"\",(INDEX(CTS!$P:$P,MATCH(E470,CTS!$E:$E,0))))","v":924.36974789915973},{"$f":"IF(ISNA(INDEX(CTS!$Q:$Q,MATCH(E470,CTS!$E:$E,0))),\"\",(INDEX(CTS!$Q:$Q,MATCH(E470,CTS!$E:$E,0))))","v":22336.134453781513},{"$f":"IF(ISNA(INDEX(CTS!$S:$S,MATCH(E470,CTS!$E:$E,0))),\"\",(INDEX(CTS!$S:$S,MATCH(E470,CTS!$E:$E,0))))","v":4243.8655462184879},{"$f":"IF(ISNA(INDEX(CTS!$T:$T,MATCH(E470,CTS!$E:$E,0))),\"\",(INDEX(CTS!$T:$T,MATCH(E470,CTS!$E:$E,0))))","v":26580},{"$f":"IF(ISNA(INDEX(CTS!$U:$U,MATCH(E470,CTS!$E:$E,0))),\"\",(INDEX(CTS!$U:$U,MATCH(E470,CTS!$E:$E,0))))","v":0},{"$f":"IF(ISNA(INDEX(CTS!$V:$V,MATCH(E470,CTS!$E:$E,0))),\"\",(INDEX(CTS!$V:$V,MATCH(E470,CTS!$E:$E,0))))","v":26580},{"$f":"IFERROR(INDEX(CTS!$A:$A,MATCH(E470,CTS!$E:$E,0)),\".\")","v":"P"},{"$f":"IFERROR(IFERROR(INDEX(#REF!,MATCH(E470,#REF!,0)),IFERROR(INDEX(#REF!,MATCH(E470,#REF!,0)),INDEX(#REF!,MATCH(E470,#REF!,0)) )),\".\")","v":"."},null,{"$f":"IFERROR(VLOOKUP(E470,#REF!,8,FALSE),IFERROR(VLOOKUP(E470,#REF!,8,FALSE),IFERROR(VLOOKUP(E470,#REF!,8,FALSE),\"\")))","v":""},".-."]
[466,{"$f":"IFERROR(DAY(CTR[[#This Row],[Date]]),\"\")","v":4},{"$f":"IFERROR(MONTH(CTR[[#This Row],[Date]]),\"\")","v":2},{"$f":"IF(ISNA(INDEX(CTS!C:C,MATCH(E471,CTS!$E:$E,0))),\"\",(INDEX(CTS!C:C,MATCH(E471,CTS!$E:$E,0))))","v":44231},"02-057",{"$f":"IF(ISNA(INDEX(CTS!$F:$F,MATCH(E471,CTS!$E:$E,0))),\"\",(INDEX(CTS!$F:$F,MATCH(E471,CTS!$E:$E,0))))","v":"ENG"},{"$f":"IF(ISNA(INDEX(CTS!$N:$N,MATCH(E471,CTS!$E:$E,0))),\"\",(INDEX(CTS!$N:$N,MATCH(E471,CTS!$E:$E,0))))","v":7761.6},{"$f":"IF(ISNA(INDEX(CTS!$O:$O,MATCH(E471,CTS!$E:$E,0))),\"\",(INDEX(CTS!$O:$O,MATCH(E471,CTS!$E:$E,0))))","v":0},{"$f":"IF(ISNA(INDEX(CTS!$P:$P,MATCH(E471,CTS!$E:$E,0))),\"\",(INDEX(CTS!$P:$P,MATCH(E471,CTS!$E:$E,0))))","v":0},{"$f":"IF(ISNA(INDEX(CTS!$Q:$Q,MATCH(E471,CTS!$E:$E,0))),\"\",(INDEX(CTS!$Q:$Q,MATCH(E471,CTS!$E:$E,0))))","v":7761.6},{"$f":"IF(ISNA(INDEX(CTS!$S:$S,MATCH(E471,CTS!$E:$E,0))),\"\",(INDEX(CTS!$S:$S,MATCH(E471,CTS!$E:$E,0))))","v":1474.7040000000002},{"$f":"IF(ISNA(INDEX(CTS!$T:$T,MATCH(E471,CTS!$E:$E,0))),\"\",(INDEX(CTS!$T:$T,MATCH(E471,CTS!$E:$E,0))))","v":9236.3040000000001},{"$f":"IF(ISNA(INDEX(CTS!$U:$U,MATCH(E471,CTS!$E:$E,0))),\"\",(INDEX(CTS!$U:$U,MATCH(E471,CTS!$E:$E,0))))","v":""},{"$f":"IF(ISNA(INDEX(CTS!$V:$V,MATCH(E471,CTS!$E:$E,0))),\"\",(INDEX(CTS!$V:$V,MATCH(E471,CTS!$E:$E,0))))","v":0},{"$f":"IFERROR(INDEX(CTS!$A:$A,MATCH(E471,CTS!$E:$E,0)),\".\")","v":"F"},{"$f":"IFERROR(IFERROR(INDEX(#REF!,MATCH(E471,#REF!,0)),IFERROR(INDEX(#REF!,MATCH(E471,#REF!,0)),INDEX(#REF!,MATCH(E471,#REF!,0)) )),\".\")","v":"."},null,{"$f":"IFERROR(VLOOKUP(E471,#REF!,8,FALSE),IFERROR(VLOOKUP(E471,#REF!,8,FALSE),IFERROR(VLOOKUP(E471,#REF!,8,FALSE),\"\")))","v":""},".-."]
[467,{"$f":"IFERROR(DAY(CTR[[#This Row],[Date]]),\"\")","v":4},{"$f":"IFERROR(MONTH(CTR[[#This Row],[Date]]),\"\")","v":2},{"$f":"IF(ISNA(INDEX(CTS!C:C,MATCH(E472,CTS!$E:$E,0))),\"\",(INDEX(CTS!C:C,MATCH(E472,CTS!$E:$E,0))))","v":44231},"02-058",{"$f":"IF(ISNA(INDEX(CTS!$F:$F,MATCH(E472,CTS!$E:$E,0))),\"\",(INDEX(CTS!$F:$F,MATCH(E472,CTS!$E:$E,0))))","v":"CLIENT"},{"$f":"IF(ISNA(INDEX(CTS!$N:$N,MATCH(E472,CTS!$E:$E,0))),\"\",(INDEX(CTS!$N:$N,MATCH(E472,CTS!$E:$E,0))))","v":504.20168067226894},{"$f":"IF(ISNA(INDEX(CTS!$O:$O,MATCH(E472,CTS!$E:$E,0))),\"\",(INDEX(CTS!$O:$O,MATCH(E472,CTS!$E:$E,0))))","v":0},{"$f":"IF(ISNA(INDEX(CTS!$P:$P,MATCH(E472,CTS!$E:$E,0))),\"\",(INDEX(CTS!$P:$P,MATCH(E472,CTS!$E:$E,0))))","v":0},{"$f":"IF(ISNA(INDEX(CTS!$Q:$Q,MATCH(E472,CTS!$E:$E,0))),\"\",(INDEX(CTS!$Q:$Q,MATCH(E472,CTS!$E:$E,0))))","v":504.20168067226894},{"$f":"IF(ISNA(INDEX(CTS!$S:$S,MATCH(E472,CTS!$E:$E,0))),\"\",(INDEX(CTS!$S:$S,MATCH(E472,CTS!$E:$E,0))))","v":95.798319327731093},{"$f":"IF(ISNA(INDEX(CTS!$T:$T,MATCH(E472,CTS!$E:$E,0))),\"\",(INDEX(CTS!$T:$T,MATCH(E472,CTS!$E:$E,0))))","v":600},{"$f":"IF(ISNA(INDEX(CTS!$U:$U,MATCH(E472,CTS!$E:$E,0))),\"\",(INDEX(CTS!$U:$U,MATCH(E472,CTS!$E:$E,0))))","v":0},{"$f":"IF(ISNA(INDEX(CTS!$V:$V,MATCH(E472,CTS!$E:$E,0))),\"\",(INDEX(CTS!$V:$V,MATCH(E472,CTS!$E:$E,0))))","v":600},{"$f":"IFERROR(INDEX(CTS!$A:$A,MATCH(E472,CTS!$E:$E,0)),\".\")","v":"P"},{"$f":"IFERROR(IFERROR(INDEX(#REF!,MATCH(E472,#REF!,0)),IFERROR(INDEX(#REF!,MATCH(E472,#REF!,0)),INDEX(#REF!,MATCH(E472,#REF!,0)) )),\".\")","v":"."},null,{"$f":"IFERROR(VLOOKUP(E472,#REF!,8,FALSE),IFERROR(VLOOKUP(E472,#REF!,8,FALSE),IFERROR(VLOOKUP(E472,#REF!,8,FALSE),\"\")))","v":""},".-."]
[468,{"$f":"IFERROR(DAY(CTR[[#This Row],[Date]]),\"\")","v":4},{"$f":"IFERROR(MONTH(CTR[[#This Row],[Date]]),\"\")","v":2},{"$f":"IF(ISNA(INDEX(CTS!C:C,MATCH(E473,CTS!$E:$E,0))),\"\",(INDEX(CTS!C:C,MATCH(E473,CTS!$E:$E,0))))","v":44231},"02-059",{"$f":"IF(ISNA(INDEX(CTS!$F:$F,MATCH(E473,CTS!$E:$E,0))),\"\",(INDEX(CTS!$F:$F,MATCH(E473,CTS!$E:$E,0))))","v":"CLIENT"},{"$f":"IF(ISNA(INDEX(CTS!$N:$N,MATCH(E473,CTS!$E:$E,0))),\"\",(INDEX(CTS!$N:$N,MATCH(E473,CTS!$E:$E,0))))","v":126.05042016806723},{"$f":"IF(ISNA(INDEX(CTS!$O:$O,MATCH(E473,CTS!$E:$E,0))),\"\",(INDEX(CTS!$O:$O,MATCH(E473,CTS!$E:$E,0))))","v":0},{"$f":"IF(ISNA(INDEX(CTS!$P:$P,MATCH(E473,CTS!$E:$E,0))),\"\",(INDEX(CTS!$P:$P,MATCH(E473,CTS!$E:$E,0))))","v":0},{"$f":"IF(ISNA(INDEX(CTS!$Q:$Q,MATCH(E473,CTS!$E:$E,0))),\"\",(INDEX(CTS!$Q:$Q,MATCH(E473,CTS!$E:$E,0))))","v":126.05042016806723},{"$f":"IF(ISNA(INDEX(CTS!$S:$S,MATCH(E473,CTS!$E:$E,0))),\"\",(INDEX(CTS!$S:$S,MATCH(E473,CTS!$E:$E,0))))","v":23.949579831932773},{"$f":"IF(ISNA(INDEX(CTS!$T:$T,MATCH(E473,CTS!$E:$E,0))),\"\",(INDEX(CTS!$T:$T,MATCH(E473,CTS!$E:$E,0))))","v":150},{"$f":"IF(ISNA(INDEX(CTS!$U:$U,MATCH(E473,CTS!$E:$E,0))),\"\",(INDEX(CTS!$U:$U,MATCH(E473,CTS!$E:$E,0))))","v":0},{"$f":"IF(ISNA(INDEX(CTS!$V:$V,MATCH(E473,CTS!$E:$E,0))),\"\",(INDEX(CTS!$V:$V,MATCH(E473,CTS!$E:$E,0))))","v":150},{"$f":"IFERROR(INDEX(CTS!$A:$A,MATCH(E473,CTS!$E:$E,0)),\".\")","v":"P"},{"$f":"IFERROR(IFERROR(INDEX(#REF!,MATCH(E473,#REF!,0)),IFERROR(INDEX(#REF!,MATCH(E473,#REF!,0)),INDEX(#REF!,MATCH(E473,#REF!,0)) )),\".\")","v":"."},null,{"$f":"IFERROR(VLOOKUP(E473,#REF!,8,FALSE),IFERROR(VLOOKUP(E473,#REF!,8,FALSE),IFERROR(VLOOKUP(E473,#REF!,8,FALSE),\"\")))","v":""},".-."]
[469,{"$f":"IFERROR(DAY(CTR[[#This Row],[Date]]),\"\")","v":4},{"$f":"IFERROR(MONTH(CTR[[#This Row],[Date]]),\"\")","v":2},{"$f":"IF(ISNA(INDEX(CTS!C:C,MATCH(E474,CTS!$E:$E,0))),\"\",(INDEX(CTS!C:C,MATCH(E474,CTS!$E:$E,0))))","v":44231},"02-060",{"$f":"IF(ISNA(INDEX(CTS!$F:$F,MATCH(E474,CTS!$E:$E,0))),\"\",(INDEX(CTS!$F:$F,MATCH(E474,CTS!$E:$E,0))))","v":"CLIENT"},{"$f":"IF(ISNA(INDEX(CTS!$N:$N,MATCH(E474,CTS!$E:$E,0))),\"\",(INDEX(CTS!$N:$N,MATCH(E474,CTS!$E:$E,0))))","v":1184.873949579832},{"$f":"IF(ISNA(INDEX(CTS!$O:$O,MATCH(E474,CTS!$E:$E,0))),\"\",(INDEX(CTS!$O:$O,MATCH(E474,CTS!$E:$E,0))))","v":0},{"$f":"IF(ISNA(INDEX(CTS!$P:$P,MATCH(E474,CTS!$E:$E,0))),\"\",(INDEX(CTS!$P:$P,MATCH(E474,CTS!$E:$E,0))))","v":0},{"$f":"IF(ISNA(INDEX(CTS!$Q:$Q,MATCH(E474,CTS!$E:$E,0))),\"\",(INDEX(CTS!$Q:$Q,MATCH(E474,CTS!$E:$E,0))))","v":1184.873949579832},{"$f":"IF(ISNA(INDEX(CTS!$S:$S,MATCH(E474,CTS!$E:$E,0))),\"\",(INDEX(CTS!$S:$S,MATCH(E474,CTS!$E:$E,0))))","v":225.1260504201681},{"$f":"IF(ISNA(INDEX(CTS!$T:$T,MATCH(E474,CTS!$E:$E,0))),\"\",(INDEX(CTS!$T:$T,MATCH(E474,CTS!$E:$E,0))))","v":1410},{"$f":"IF(ISNA(INDEX(CTS!$U:$U,MATCH(E474,CTS!$E:$E,0))),\"\",(INDEX(CTS!$U:$U,MATCH(E474,CTS!$E:$E,0))))","v":0},{"$f":"IF(ISNA(INDEX(CTS!$V:$V,MATCH(E474,CTS!$E:$E,0))),\"\",(INDEX(CTS!$V:$V,MATCH(E474,CTS!$E:$E,0))))","v":1410},{"$f":"IFERROR(INDEX(CTS!$A:$A,MATCH(E474,CTS!$E:$E,0)),\".\")","v":"P"},{"$f":"IFERROR(IFERROR(INDEX(#REF!,MATCH(E474,#REF!,0)),IFERROR(INDEX(#REF!,MATCH(E474,#REF!,0)),INDEX(#REF!,MATCH(E474,#REF!,0)) )),\".\")","v":"."},null,{"$f":"IFERROR(VLOOKUP(E474,#REF!,8,FALSE),IFERROR(VLOOKUP(E474,#REF!,8,FALSE),IFERROR(VLOOKUP(E474,#REF!,8,FALSE),\"\")))","v":""},".-."]
[470,{"$f":"IFERROR(DAY(CTR[[#This Row],[Date]]),\"\")","v":4},{"$f":"IFERROR(MONTH(CTR[[#This Row],[Date]]),\"\")","v":2},{"$f":"IF(ISNA(INDEX(CTS!C:C,MATCH(E475,CTS!$E:$E,0))),\"\",(INDEX(CTS!C:C,MATCH(E475,CTS!$E:$E,0))))","v":44231},"02-061",{"$f":"IF(ISNA(INDEX(CTS!$F:$F,MATCH(E475,CTS!$E:$E,0))),\"\",(INDEX(CTS!$F:$F,MATCH(E475,CTS!$E:$E,0))))","v":"CLIENT"},{"$f":"IF(ISNA(INDEX(CTS!$N:$N,MATCH(E475,CTS!$E:$E,0))),\"\",(INDEX(CTS!$N:$N,MATCH(E475,CTS!$E:$E,0))))","v":235.29411764705884},{"$f":"IF(ISNA(INDEX(CTS!$O:$O,MATCH(E475,CTS!$E:$E,0))),\"\",(INDEX(CTS!$O:$O,MATCH(E475,CTS!$E:$E,0))))","v":0},{"$f":"IF(ISNA(INDEX(CTS!$P:$P,MATCH(E475,CTS!$E:$E,0))),\"\",(INDEX(CTS!$P:$P,MATCH(E475,CTS!$E:$E,0))))","v":0},{"$f":"IF(ISNA(INDEX(CTS!$Q:$Q,MATCH(E475,CTS!$E:$E,0))),\"\",(INDEX(CTS!$Q:$Q,MATCH(E475,CTS!$E:$E,0))))","v":235.29411764705884},{"$f":"IF(ISNA(INDEX(CTS!$S:$S,MATCH(E475,CTS!$E:$E,0))),\"\",(INDEX(CTS!$S:$S,MATCH(E475,CTS!$E:$E,0))))","v":44.705882352941181},{"$f":"IF(ISNA(INDEX(CTS!$T:$T,MATCH(E475,CTS!$E:$E,0))),\"\",(INDEX(CTS!$T:$T,MATCH(E475,CTS!$E:$E,0))))","v":280},{"$f":"IF(ISNA(INDEX(CTS!$U:$U,MATCH(E475,CTS!$E:$E,0))),\"\",(INDEX(CTS!$U:$U,MATCH(E475,CTS!$E:$E,0))))","v":0},{"$f":"IF(ISNA(INDEX(CTS!$V:$V,MATCH(E475,CTS!$E:$E,0))),\"\",(INDEX(CTS!$V:$V,MATCH(E475,CTS!$E:$E,0))))","v":280},{"$f":"IFERROR(INDEX(CTS!$A:$A,MATCH(E475,CTS!$E:$E,0)),\".\")","v":"P"},{"$f":"IFERROR(IFERROR(INDEX(#REF!,MATCH(E475,#REF!,0)),IFERROR(INDEX(#REF!,MATCH(E475,#REF!,0)),INDEX(#REF!,MATCH(E475,#REF!,0)) )),\".\")","v":"."},null,{"$f":"IFERROR(VLOOKUP(E475,#REF!,8,FALSE),IFERROR(VLOOKUP(E475,#REF!,8,FALSE),IFERROR(VLOOKUP(E475,#REF!,8,FALSE),\"\")))","v":""},".-."]
[471,{"$f":"IFERROR(DAY(CTR[[#This Row],[Date]]),\"\")","v":4},{"$f":"IFERROR(MONTH(CTR[[#This Row],[Date]]),\"\")","v":2},{"$f":"IF(ISNA(INDEX(CTS!C:C,MATCH(E476,CTS!$E:$E,0))),\"\",(INDEX(CTS!C:C,MATCH(E476,CTS!$E:$E,0))))","v":44231},"02-062",{"$f":"IF(ISNA(INDEX(CTS!$F:$F,MATCH(E476,CTS!$E:$E,0))),\"\",(INDEX(CTS!$F:$F,MATCH(E476,CTS!$E:$E,0))))","v":"CLIENT"},{"$f":"IF(ISNA(INDEX(CTS!$N:$N,MATCH(E476,CTS!$E:$E,0))),\"\",(INDEX(CTS!$N:$N,MATCH(E476,CTS!$E:$E,0))))","v":100.84033613445379},{"$f":"IF(ISNA(INDEX(CTS!$O:$O,MATCH(E476,CTS!$E:$E,0))),\"\",(INDEX(CTS!$O:$O,MATCH(E476,CTS!$E:$E,0))))","v":0},{"$f":"IF(ISNA(INDEX(CTS!$P:$P,MATCH(E476,CTS!$E:$E,0))),\"\",(INDEX(CTS!$P:$P,MATCH(E476,CTS!$E:$E,0))))","v":0},{"$f":"IF(ISNA(INDEX(CTS!$Q:$Q,MATCH(E476,CTS!$E:$E,0))),\"\",(INDEX(CTS!$Q:$Q,MATCH(E476,CTS!$E:$E,0))))","v":100.84033613445379},{"$f":"IF(ISNA(INDEX(CTS!$S:$S,MATCH(E476,CTS!$E:$E,0))),\"\",(INDEX(CTS!$S:$S,MATCH(E476,CTS!$E:$E,0))))","v":19.159663865546221},{"$f":"IF(ISNA(INDEX(CTS!$T:$T,MATCH(E476,CTS!$E:$E,0))),\"\",(INDEX(CTS!$T:$T,MATCH(E476,CTS!$E:$E,0))))","v":120.00000000000001},{"$f":"IF(ISNA(INDEX(CTS!$U:$U,MATCH(E476,CTS!$E:$E,0))),\"\",(INDEX(CTS!$U:$U,MATCH(E476,CTS!$E:$E,0))))","v":0},{"$f":"IF(ISNA(INDEX(CTS!$V:$V,MATCH(E476,CTS!$E:$E,0))),\"\",(INDEX(CTS!$V:$V,MATCH(E476,CTS!$E:$E,0))))","v":120.00000000000001},{"$f":"IFERROR(INDEX(CTS!$A:$A,MATCH(E476,CTS!$E:$E,0)),\".\")","v":"P"},{"$f":"IFERROR(IFERROR(INDEX(#REF!,MATCH(E476,#REF!,0)),IFERROR(INDEX(#REF!,MATCH(E476,#REF!,0)),INDEX(#REF!,MATCH(E476,#REF!,0)) )),\".\")","v":"."},null,{"$f":"IFERROR(VLOOKUP(E476,#REF!,8,FALSE),IFERROR(VLOOKUP(E476,#REF!,8,FALSE),IFERROR(VLOOKUP(E476,#REF!,8,FALSE),\"\")))","v":""},".-."]
[472,{"$f":"IFERROR(DAY(CTR[[#This Row],[Date]]),\"\")","v":4},{"$f":"IFERROR(MONTH(CTR[[#This Row],[Date]]),\"\")","v":2},{"$f":"IF(ISNA(INDEX(CTS!C:C,MATCH(E477,CTS!$E:$E,0))),\"\",(INDEX(CTS!C:C,MATCH(E477,CTS!$E:$E,0))))","v":44231},"02-063",{"$f":"IF(ISNA(INDEX(CTS!$F:$F,MATCH(E477,CTS!$E:$E,0))),\"\",(INDEX(CTS!$F:$F,MATCH(E477,CTS!$E:$E,0))))","v":"CLIENT"},{"$f":"IF(ISNA(INDEX(CTS!$N:$N,MATCH(E477,CTS!$E:$E,0))),\"\",(INDEX(CTS!$N:$N,MATCH(E477,CTS!$E:$E,0))))","v":882.35294117647061},{"$f":"IF(ISNA(INDEX(CTS!$O:$O,MATCH(E477,CTS!$E:$E,0))),\"\",(INDEX(CTS!$O:$O,MATCH(E477,CTS!$E:$E,0))))","v":0},{"$f":"IF(ISNA(INDEX(CTS!$P:$P,MATCH(E477,CTS!$E:$E,0))),\"\",(INDEX(CTS!$P:$P,MATCH(E477,CTS!$E:$E,0))))","v":0},{"$f":"IF(ISNA(INDEX(CTS!$Q:$Q,MATCH(E477,CTS!$E:$E,0))),\"\",(INDEX(CTS!$Q:$Q,MATCH(E477,CTS!$E:$E,0))))","v":882.35294117647061},{"$f":"IF(ISNA(INDEX(CTS!$S:$S,MATCH(E477,CTS!$E:$E,0))),\"\",(INDEX(CTS!$S:$S,MATCH(E477,CTS!$E:$E,0))))","v":167.64705882352939},{"$f":"IF(ISNA(INDEX(CTS!$T:$T,MATCH(E477,CTS!$E:$E,0))),\"\",(INDEX(CTS!$T:$T,MATCH(E477,CTS!$E:$E,0))))","v":1050},{"$f":"IF(ISNA(INDEX(CTS!$U:$U,MATCH(E477,CTS!$E:$E,0))),\"\",(INDEX(CTS!$U:$U,MATCH(E477,CTS!$E:$E,0))))","v":0},{"$f":"IF(ISNA(INDEX(CTS!$V:$V,MATCH(E477,CTS!$E:$E,0))),\"\",(INDEX(CTS!$V:$V,MATCH(E477,CTS!$E:$E,0))))","v":1050},{"$f":"IFERROR(INDEX(CTS!$A:$A,MATCH(E477,CTS!$E:$E,0)),\".\")","v":"P"},{"$f":"IFERROR(IFERROR(INDEX(#REF!,MATCH(E477,#REF!,0)),IFERROR(INDEX(#REF!,MATCH(E477,#REF!,0)),INDEX(#REF!,MATCH(E477,#REF!,0)) )),\".\")","v":"."},null,{"$f":"IFERROR(VLOOKUP(E477,#REF!,8,FALSE),IFERROR(VLOOKUP(E477,#REF!,8,FALSE),IFERROR(VLOOKUP(E477,#REF!,8,FALSE),\"\")))","v":""},".-."]
[473,{"$f":"IFERROR(DAY(CTR[[#This Row],[Date]]),\"\")","v":4},{"$f":"IFERROR(MONTH(CTR[[#This Row],[Date]]),\"\")","v":2},{"$f":"IF(ISNA(INDEX(CTS!C:C,MATCH(E478,CTS!$E:$E,0))),\"\",(INDEX(CTS!C:C,MATCH(E478,CTS!$E:$E,0))))","v":44231},"02-064",{"$f":"IF(ISNA(INDEX(CTS!$F:$F,MATCH(E478,CTS!$E:$E,0))),\"\",(INDEX(CTS!$F:$F,MATCH(E478,CTS!$E:$E,0))))","v":"CLIENT"},{"$f":"IF(ISNA(INDEX(CTS!$N:$N,MATCH(E478,CTS!$E:$E,0))),\"\",(INDEX(CTS!$N:$N,MATCH(E478,CTS!$E:$E,0))))","v":4339.4957983193281},{"$f":"IF(ISNA(INDEX(CTS!$O:$O,MATCH(E478,CTS!$E:$E,0))),\"\",(INDEX(CTS!$O:$O,MATCH(E478,CTS!$E:$E,0))))","v":7.7459333849728886E-4},{"$f":"IF(ISNA(INDEX(CTS!$P:$P,MATCH(E478,CTS!$E:$E,0))),\"\",(INDEX(CTS!$P:$P,MATCH(E478,CTS!$E:$E,0))))","v":3.3613445378151261},{"$f":"IF(ISNA(INDEX(CTS!$Q:$Q,MATCH(E478,CTS!$E:$E,0))),\"\",(INDEX(CTS!$Q:$Q,MATCH(E478,CTS!$E:$E,0))))","v":4336.134453781513},{"$f":"IF(ISNA(INDEX(CTS!$S:$S,MATCH(E478,CTS!$E:$E,0))),\"\",(INDEX(CTS!$S:$S,MATCH(E478,CTS!$E:$E,0))))","v":823.86554621848734},{"$f":"IF(ISNA(INDEX(CTS!$T:$T,MATCH(E478,CTS!$E:$E,0))),\"\",(INDEX(CTS!$T:$T,MATCH(E478,CTS!$E:$E,0))))","v":5160},{"$f":"IF(ISNA(INDEX(CTS!$U:$U,MATCH(E478,CTS!$E:$E,0))),\"\",(INDEX(CTS!$U:$U,MATCH(E478,CTS!$E:$E,0))))","v":0},{"$f":"IF(ISNA(INDEX(CTS!$V:$V,MATCH(E478,CTS!$E:$E,0))),\"\",(INDEX(CTS!$V:$V,MATCH(E478,CTS!$E:$E,0))))","v":5160},{"$f":"IFERROR(INDEX(CTS!$A:$A,MATCH(E478,CTS!$E:$E,0)),\".\")","v":"P"},{"$f":"IFERROR(IFERROR(INDEX(#REF!,MATCH(E478,#REF!,0)),IFERROR(INDEX(#REF!,MATCH(E478,#REF!,0)),INDEX(#REF!,MATCH(E478,#REF!,0)) )),\".\")","v":"."},null,{"$f":"IFERROR(VLOOKUP(E478,#REF!,8,FALSE),IFERROR(VLOOKUP(E478,#REF!,8,FALSE),IFERROR(VLOOKUP(E478,#REF!,8,FALSE),\"\")))","v":""},".-."]
[474,{"$f":"IFERROR(DAY(CTR[[#This Row],[Date]]),\"\")","v":4},{"$f":"IFERROR(MONTH(CTR[[#This Row],[Date]]),\"\")","v":2},{"$f":"IF(ISNA(INDEX(CTS!C:C,MATCH(E479,CTS!$E:$E,0))),\"\",(INDEX(CTS!C:C,MATCH(E479,CTS!$E:$E,0))))","v":44231},"02-065",{"$f":"IF(ISNA(INDEX(CTS!$F:$F,MATCH(E479,CTS!$E:$E,0))),\"\",(INDEX(CTS!$F:$F,MATCH(E479,CTS!$E:$E,0))))","v":"CLIENT"},{"$f":"IF(ISNA(INDEX(CTS!$N:$N,MATCH(E479,CTS!$E:$E,0))),\"\",(INDEX(CTS!$N:$N,MATCH(E479,CTS!$E:$E,0))))","v":2411.7647058823532},{"$f":"IF(ISNA(INDEX(CTS!$O:$O,MATCH(E479,CTS!$E:$E,0))),\"\",(INDEX(CTS!$O:$O,MATCH(E479,CTS!$E:$E,0))))","v":3.4843205574912892E-3},{"$f":"IF(ISNA(INDEX(CTS!$P:$P,MATCH(E479,CTS!$E:$E,0))),\"\",(INDEX(CTS!$P:$P,MATCH(E479,CTS!$E:$E,0))))","v":8.4033613445378155},{"$f":"IF(ISNA(INDEX(CTS!$Q:$Q,MATCH(E479,CTS!$E:$E,0))),\"\",(INDEX(CTS!$Q:$Q,MATCH(E479,CTS!$E:$E,0))))","v":2403.3613445378155},{"$f":"IF(ISNA(INDEX(CTS!$S:$S,MATCH(E479,CTS!$E:$E,0))),\"\",(INDEX(CTS!$S:$S,MATCH(E479,CTS!$E:$E,0))))","v":456.63865546218489},{"$f":"IF(ISNA(INDEX(CTS!$T:$T,MATCH(E479,CTS!$E:$E,0))),\"\",(INDEX(CTS!$T:$T,MATCH(E479,CTS!$E:$E,0))))","v":2860.0000000000005},{"$f":"IF(ISNA(INDEX(CTS!$U:$U,MATCH(E479,CTS!$E:$E,0))),\"\",(INDEX(CTS!$U:$U,MATCH(E479,CTS!$E:$E,0))))","v":0},{"$f":"IF(ISNA(INDEX(CTS!$V:$V,MATCH(E479,CTS!$E:$E,0))),\"\",(INDEX(CTS!$V:$V,MATCH(E479,CTS!$E:$E,0))))","v":2860.0000000000005},{"$f":"IFERROR(INDEX(CTS!$A:$A,MATCH(E479,CTS!$E:$E,0)),\".\")","v":"P"},{"$f":"IFERROR(IFERROR(INDEX(#REF!,MATCH(E479,#REF!,0)),IFERROR(INDEX(#REF!,MATCH(E479,#REF!,0)),INDEX(#REF!,MATCH(E479,#REF!,0)) )),\".\")","v":"."},null,{"$f":"IFERROR(VLOOKUP(E479,#REF!,8,FALSE),IFERROR(VLOOKUP(E479,#REF!,8,FALSE),IFERROR(VLOOKUP(E479,#REF!,8,FALSE),\"\")))","v":""},".-."]
[475,{"$f":"IFERROR(DAY(CTR[[#This Row],[Date]]),\"\")","v":4},{"$f":"IFERROR(MONTH(CTR[[#This Row],[Date]]),\"\")","v":2},{"$f":"IF(ISNA(INDEX(CTS!C:C,MATCH(E480,CTS!$E:$E,0))),\"\",(INDEX(CTS!C:C,MATCH(E480,CTS!$E:$E,0))))","v":44231},"02-066",{"$f":"IF(ISNA(INDEX(CTS!$F:$F,MATCH(E480,CTS!$E:$E,0))),\"\",(INDEX(CTS!$F:$F,MATCH(E480,CTS!$E:$E,0))))","v":"CLIENT"},{"$f":"IF(ISNA(INDEX(CTS!$N:$N,MATCH(E480,CTS!$E:$E,0))),\"\",(INDEX(CTS!$N:$N,MATCH(E480,CTS!$E:$E,0))))","v":268.90756302521015},{"$f":"IF(ISNA(INDEX(CTS!$O:$O,MATCH(E480,CTS!$E:$E,0))),\"\",(INDEX(CTS!$O:$O,MATCH(E480,CTS!$E:$E,0))))","v":0},{"$f":"IF(ISNA(INDEX(CTS!$P:$P,MATCH(E480,CTS!$E:$E,0))),\"\",(INDEX(CTS!$P:$P,MATCH(E480,CTS!$E:$E,0))))","v":0},{"$f":"IF(ISNA(INDEX(CTS!$Q:$Q,MATCH(E480,CTS!$E:$E,0))),\"\",(INDEX(CTS!$Q:$Q,MATCH(E480,CTS!$E:$E,0))))","v":268.90756302521015},{"$f":"IF(ISNA(INDEX(CTS!$S:$S,MATCH(E480,CTS!$E:$E,0))),\"\",(INDEX(CTS!$S:$S,MATCH(E480,CTS!$E:$E,0))))","v":51.092436974789919},{"$f":"IF(ISNA(INDEX(CTS!$T:$T,MATCH(E480,CTS!$E:$E,0))),\"\",(INDEX(CTS!$T:$T,MATCH(E480,CTS!$E:$E,0))))","v":320.00000000000006},{"$f":"IF(ISNA(INDEX(CTS!$U:$U,MATCH(E480,CTS!$E:$E,0))),\"\",(INDEX(CTS!$U:$U,MATCH(E480,CTS!$E:$E,0))))","v":0},{"$f":"IF(ISNA(INDEX(CTS!$V:$V,MATCH(E480,CTS!$E:$E,0))),\"\",(INDEX(CTS!$V:$V,MATCH(E480,CTS!$E:$E,0))))","v":320.00000000000006},{"$f":"IFERROR(INDEX(CTS!$A:$A,MATCH(E480,CTS!$E:$E,0)),\".\")","v":"P"},{"$f":"IFERROR(IFERROR(INDEX(#REF!,MATCH(E480,#REF!,0)),IFERROR(INDEX(#REF!,MATCH(E480,#REF!,0)),INDEX(#REF!,MATCH(E480,#REF!,0)) )),\".\")","v":"."},null,{"$f":"IFERROR(VLOOKUP(E480,#REF!,8,FALSE),IFERROR(VLOOKUP(E480,#REF!,8,FALSE),IFERROR(VLOOKUP(E480,#REF!,8,FALSE),\"\")))","v":""},{"$f":"IFERROR(TEXT(P480,\"mm\") & \"-\" & TEXT(P480,\"aaaa\"),\"\")","v":".-."}]
[{"$f":"A480+1","v":476},{"$f":"IFERROR(DAY(CTR[[#This Row],[Date]]),\"\")","v":4},{"$f":"IFERROR(MONTH(CTR[[#This Row],[Date]]),\"\")","v":2},{"$f":"IF(ISNA(INDEX(CTS!C:C,MATCH(E481,CTS!$E:$E,0))),\"\",(INDEX(CTS!C:C,MATCH(E481,CTS!$E:$E,0))))","v":44231},"02-067",{"$f":"IF(ISNA(INDEX(CTS!$F:$F,MATCH(E481,CTS!$E:$E,0))),\"\",(INDEX(CTS!$F:$F,MATCH(E481,CTS!$E:$E,0))))","v":"CLIENT"},{"$f":"IF(ISNA(INDEX(CTS!$N:$N,MATCH(E481,CTS!$E:$E,0))),\"\",(INDEX(CTS!$N:$N,MATCH(E481,CTS!$E:$E,0))))","v":5021.8487394957983},{"$f":"IF(ISNA(INDEX(CTS!$O:$O,MATCH(E481,CTS!$E:$E,0))),\"\",(INDEX(CTS!$O:$O,MATCH(E481,CTS!$E:$E,0))))","v":1.004016064257028E-3},{"$f":"IF(ISNA(INDEX(CTS!$P:$P,MATCH(E481,CTS!$E:$E,0))),\"\",(INDEX(CTS!$P:$P,MATCH(E481,CTS!$E:$E,0))))","v":5.0420168067226889},{"$f":"IF(ISNA(INDEX(CTS!$Q:$Q,MATCH(E481,CTS!$E:$E,0))),\"\",(INDEX(CTS!$Q:$Q,MATCH(E481,CTS!$E:$E,0))))","v":5016.8067226890753},{"$f":"IF(ISNA(INDEX(CTS!$S:$S,MATCH(E481,CTS!$E:$E,0))),\"\",(INDEX(CTS!$S:$S,MATCH(E481,CTS!$E:$E,0))))","v":953.19327731092449},{"$f":"IF(ISNA(INDEX(CTS!$T:$T,MATCH(E481,CTS!$E:$E,0))),\"\",(INDEX(CTS!$T:$T,MATCH(E481,CTS!$E:$E,0))))","v":5970},{"$f":"IF(ISNA(INDEX(CTS!$U:$U,MATCH(E481,CTS!$E:$E,0))),\"\",(INDEX(CTS!$U:$U,MATCH(E481,CTS!$E:$E,0))))","v":0},{"$f":"IF(ISNA(INDEX(CTS!$V:$V,MATCH(E481,CTS!$E:$E,0))),\"\",(INDEX(CTS!$V:$V,MATCH(E481,CTS!$E:$E,0))))","v":5970},{"$f":"IFERROR(INDEX(CTS!$A:$A,MATCH(E481,CTS!$E:$E,0)),\".\")","v":"P"},{"$f":"IFERROR(IFERROR(INDEX(#REF!,MATCH(E481,#REF!,0)),IFERROR(INDEX(#REF!,MATCH(E481,#REF!,0)),INDEX(#REF!,MATCH(E481,#REF!,0)) )),\".\")","v":"."},null,{"$f":"IFERROR(VLOOKUP(E481,#REF!,8,FALSE),IFERROR(VLOOKUP(E481,#REF!,8,FALSE),IFERROR(VLOOKUP(E481,#REF!,8,FALSE),\"\")))","v":""},".-."]
[477,{"$f":"IFERROR(DAY(CTR[[#This Row],[Date]]),\"\")","v":4},{"$f":"IFERROR(MONTH(CTR[[#This Row],[Date]]),\"\")","v":2},{"$f":"IF(ISNA(INDEX(CTS!C:C,MATCH(E482,CTS!$E:$E,0))),\"\",(INDEX(CTS!C:C,MATCH(E482,CTS!$E:$E,0))))","v":44231},"02-068",{"$f":"IF(ISNA(INDEX(CTS!$F:$F,MATCH(E482,CTS!$E:$E,0))),\"\",(INDEX(CTS!$F:$F,MATCH(E482,CTS!$E:$E,0))))","v":"CLIENT"},{"$f":"IF(ISNA(INDEX(CTS!$N:$N,MATCH(E482,CTS!$E:$E,0))),\"\",(INDEX(CTS!$N:$N,MATCH(E482,CTS!$E:$E,0))))","v":5435.2941176470595},{"$f":"IF(ISNA(INDEX(CTS!$O:$O,MATCH(E482,CTS!$E:$E,0))),\"\",(INDEX(CTS!$O:$O,MATCH(E482,CTS!$E:$E,0))))","v":0},{"$f":"IF(ISNA(INDEX(CTS!$P:$P,MATCH(E482,CTS!$E:$E,0))),\"\",(INDEX(CTS!$P:$P,MATCH(E482,CTS!$E:$E,0))))","v":0},{"$f":"IF(ISNA(INDEX(CTS!$Q:$Q,MATCH(E482,CTS!$E:$E,0))),\"\",(INDEX(CTS!$Q:$Q,MATCH(E482,CTS!$E:$E,0))))","v":5435.2941176470595},{"$f":"IF(ISNA(INDEX(CTS!$S:$S,MATCH(E482,CTS!$E:$E,0))),\"\",(INDEX(CTS!$S:$S,MATCH(E482,CTS!$E:$E,0))))","v":1032.7058823529414},{"$f":"IF(ISNA(INDEX(CTS!$T:$T,MATCH(E482,CTS!$E:$E,0))),\"\",(INDEX(CTS!$T:$T,MATCH(E482,CTS!$E:$E,0))))","v":6468.0000000000009},{"$f":"IF(ISNA(INDEX(CTS!$U:$U,MATCH(E482,CTS!$E:$E,0))),\"\",(INDEX(CTS!$U:$U,MATCH(E482,CTS!$E:$E,0))))","v":0},{"$f":"IF(ISNA(INDEX(CTS!$V:$V,MATCH(E482,CTS!$E:$E,0))),\"\",(INDEX(CTS!$V:$V,MATCH(E482,CTS!$E:$E,0))))","v":6468.0000000000009},{"$f":"IFERROR(INDEX(CTS!$A:$A,MATCH(E482,CTS!$E:$E,0)),\".\")","v":"P"},{"$f":"IFERROR(IFERROR(INDEX(#REF!,MATCH(E482,#REF!,0)),IFERROR(INDEX(#REF!,MATCH(E482,#REF!,0)),INDEX(#REF!,MATCH(E482,#REF!,0)) )),\".\")","v":"."},null,{"$f":"IFERROR(VLOOKUP(E482,#REF!,8,FALSE),IFERROR(VLOOKUP(E482,#REF!,8,FALSE),IFERROR(VLOOKUP(E482,#REF!,8,FALSE),\"\")))","v":""},".-."]
[478,{"$f":"IFERROR(DAY(CTR[[#This Row],[Date]]),\"\")","v":4},{"$f":"IFERROR(MONTH(CTR[[#This Row],[Date]]),\"\")","v":2},{"$f":"IF(ISNA(INDEX(CTS!C:C,MATCH(E483,CTS!$E:$E,0))),\"\",(INDEX(CTS!C:C,MATCH(E483,CTS!$E:$E,0))))","v":44231},"02-069",{"$f":"IF(ISNA(INDEX(CTS!$F:$F,MATCH(E483,CTS!$E:$E,0))),\"\",(INDEX(CTS!$F:$F,MATCH(E483,CTS!$E:$E,0))))","v":"CLIENT"},{"$f":"IF(ISNA(INDEX(CTS!$N:$N,MATCH(E483,CTS!$E:$E,0))),\"\",(INDEX(CTS!$N:$N,MATCH(E483,CTS!$E:$E,0))))","v":5823.5294117647063},{"$f":"IF(ISNA(INDEX(CTS!$O:$O,MATCH(E483,CTS!$E:$E,0))),\"\",(INDEX(CTS!$O:$O,MATCH(E483,CTS!$E:$E,0))))","v":0},{"$f":"IF(ISNA(INDEX(CTS!$P:$P,MATCH(E483,CTS!$E:$E,0))),\"\",(INDEX(CTS!$P:$P,MATCH(E483,CTS!$E:$E,0))))","v":0},{"$f":"IF(ISNA(INDEX(CTS!$Q:$Q,MATCH(E483,CTS!$E:$E,0))),\"\",(INDEX(CTS!$Q:$Q,MATCH(E483,CTS!$E:$E,0))))","v":5823.5294117647063},{"$f":"IF(ISNA(INDEX(CTS!$S:$S,MATCH(E483,CTS!$E:$E,0))),\"\",(INDEX(CTS!$S:$S,MATCH(E483,CTS!$E:$E,0))))","v":1106.4705882352941},{"$f":"IF(ISNA(INDEX(CTS!$T:$T,MATCH(E483,CTS!$E:$E,0))),\"\",(INDEX(CTS!$T:$T,MATCH(E483,CTS!$E:$E,0))))","v":6930},{"$f":"IF(ISNA(INDEX(CTS!$U:$U,MATCH(E483,CTS!$E:$E,0))),\"\",(INDEX(CTS!$U:$U,MATCH(E483,CTS!$E:$E,0))))","v":0},{"$f":"IF(ISNA(INDEX(CTS!$V:$V,MATCH(E483,CTS!$E:$E,0))),\"\",(INDEX(CTS!$V:$V,MATCH(E483,CTS!$E:$E,0))))","v":6930},{"$f":"IFERROR(INDEX(CTS!$A:$A,MATCH(E483,CTS!$E:$E,0)),\".\")","v":"P"},{"$f":"IFERROR(IFERROR(INDEX(#REF!,MATCH(E483,#REF!,0)),IFERROR(INDEX(#REF!,MATCH(E483,#REF!,0)),INDEX(#REF!,MATCH(E483,#REF!,0)) )),\".\")","v":"."},null,{"$f":"IFERROR(VLOOKUP(E483,#REF!,8,FALSE),IFERROR(VLOOKUP(E483,#REF!,8,FALSE),IFERROR(VLOOKUP(E483,#REF!,8,FALSE),\"\")))","v":""},".-."]
[479,{"$f":"IFERROR(DAY(CTR[[#This Row],[Date]]),\"\")","v":4},{"$f":"IFERROR(MONTH(CTR[[#This Row],[Date]]),\"\")","v":2},{"$f":"IF(ISNA(INDEX(CTS!C:C,MATCH(E484,CTS!$E:$E,0))),\"\",(INDEX(CTS!C:C,MATCH(E484,CTS!$E:$E,0))))","v":44231},"02-070",{"$f":"IF(ISNA(INDEX(CTS!$F:$F,MATCH(E484,CTS!$E:$E,0))),\"\",(INDEX(CTS!$F:$F,MATCH(E484,CTS!$E:$E,0))))","v":"CLIENT"},{"$f":"IF(ISNA(INDEX(CTS!$N:$N,MATCH(E484,CTS!$E:$E,0))),\"\",(INDEX(CTS!$N:$N,MATCH(E484,CTS!$E:$E,0))))","v":403.36134453781517},{"$f":"IF(ISNA(INDEX(CTS!$O:$O,MATCH(E484,CTS!$E:$E,0))),\"\",(INDEX(CTS!$O:$O,MATCH(E484,CTS!$E:$E,0))))","v":0},{"$f":"IF(ISNA(INDEX(CTS!$P:$P,MATCH(E484,CTS!$E:$E,0))),\"\",(INDEX(CTS!$P:$P,MATCH(E484,CTS!$E:$E,0))))","v":0},{"$f":"IF(ISNA(INDEX(CTS!$Q:$Q,MATCH(E484,CTS!$E:$E,0))),\"\",(INDEX(CTS!$Q:$Q,MATCH(E484,CTS!$E:$E,0))))","v":403.36134453781517},{"$f":"IF(ISNA(INDEX(CTS!$S:$S,MATCH(E484,CTS!$E:$E,0))),\"\",(INDEX(CTS!$S:$S,MATCH(E484,CTS!$E:$E,0))))","v":76.638655462184886},{"$f":"IF(ISNA(INDEX(CTS!$T:$T,MATCH(E484,CTS!$E:$E,0))),\"\",(INDEX(CTS!$T:$T,MATCH(E484,CTS!$E:$E,0))))","v":480.00000000000006},{"$f":"IF(ISNA(INDEX(CTS!$U:$U,MATCH(E484,CTS!$E:$E,0))),\"\",(INDEX(CTS!$U:$U,MATCH(E484,CTS!$E:$E,0))))","v":0},{"$f":"IF(ISNA(INDEX(CTS!$V:$V,MATCH(E484,CTS!$E:$E,0))),\"\",(INDEX(CTS!$V:$V,MATCH(E484,CTS!$E:$E,0))))","v":480.00000000000006},{"$f":"IFERROR(INDEX(CTS!$A:$A,MATCH(E484,CTS!$E:$E,0)),\".\")","v":"P"},{"$f":"IFERROR(IFERROR(INDEX(#REF!,MATCH(E484,#REF!,0)),IFERROR(INDEX(#REF!,MATCH(E484,#REF!,0)),INDEX(#REF!,MATCH(E484,#REF!,0)) )),\".\")","v":"."},null,{"$f":"IFERROR(VLOOKUP(E484,#REF!,8,FALSE),IFERROR(VLOOKUP(E484,#REF!,8,FALSE),IFERROR(VLOOKUP(E484,#REF!,8,FALSE),\"\")))","v":""},".-."]
[480,{"$f":"IFERROR(DAY(CTR[[#This Row],[Date]]),\"\")","v":4},{"$f":"IFERROR(MONTH(CTR[[#This Row],[Date]]),\"\")","v":2},{"$f":"IF(ISNA(INDEX(CTS!C:C,MATCH(E485,CTS!$E:$E,0))),\"\",(INDEX(CTS!C:C,MATCH(E485,CTS!$E:$E,0))))","v":44231},"02-071",{"$f":"IF(ISNA(INDEX(CTS!$F:$F,MATCH(E485,CTS!$E:$E,0))),\"\",(INDEX(CTS!$F:$F,MATCH(E485,CTS!$E:$E,0))))","v":"CLIENT"},{"$f":"IF(ISNA(INDEX(CTS!$N:$N,MATCH(E485,CTS!$E:$E,0))),\"\",(INDEX(CTS!$N:$N,MATCH(E485,CTS!$E:$E,0))))","v":117.64705882352942},{"$f":"IF(ISNA(INDEX(CTS!$O:$O,MATCH(E485,CTS!$E:$E,0))),\"\",(INDEX(CTS!$O:$O,MATCH(E485,CTS!$E:$E,0))))","v":0},{"$f":"IF(ISNA(INDEX(CTS!$P:$P,MATCH(E485,CTS!$E:$E,0))),\"\",(INDEX(CTS!$P:$P,MATCH(E485,CTS!$E:$E,0))))","v":0},{"$f":"IF(ISNA(INDEX(CTS!$Q:$Q,MATCH(E485,CTS!$E:$E,0))),\"\",(INDEX(CTS!$Q:$Q,MATCH(E485,CTS!$E:$E,0))))","v":117.64705882352942},{"$f":"IF(ISNA(INDEX(CTS!$S:$S,MATCH(E485,CTS!$E:$E,0))),\"\",(INDEX(CTS!$S:$S,MATCH(E485,CTS!$E:$E,0))))","v":22.352941176470591},{"$f":"IF(ISNA(INDEX(CTS!$T:$T,MATCH(E485,CTS!$E:$E,0))),\"\",(INDEX(CTS!$T:$T,MATCH(E485,CTS!$E:$E,0))))","v":140},{"$f":"IF(ISNA(INDEX(CTS!$U:$U,MATCH(E485,CTS!$E:$E,0))),\"\",(INDEX(CTS!$U:$U,MATCH(E485,CTS!$E:$E,0))))","v":0},{"$f":"IF(ISNA(INDEX(CTS!$V:$V,MATCH(E485,CTS!$E:$E,0))),\"\",(INDEX(CTS!$V:$V,MATCH(E485,CTS!$E:$E,0))))","v":140},{"$f":"IFERROR(INDEX(CTS!$A:$A,MATCH(E485,CTS!$E:$E,0)),\".\")","v":"P"},{"$f":"IFERROR(IFERROR(INDEX(#REF!,MATCH(E485,#REF!,0)),IFERROR(INDEX(#REF!,MATCH(E485,#REF!,0)),INDEX(#REF!,MATCH(E485,#REF!,0)) )),\".\")","v":"."},null,{"$f":"IFERROR(VLOOKUP(E485,#REF!,8,FALSE),IFERROR(VLOOKUP(E485,#REF!,8,FALSE),IFERROR(VLOOKUP(E485,#REF!,8,FALSE),\"\")))","v":""},".-."]
[481,{"$f":"IFERROR(DAY(CTR[[#This Row],[Date]]),\"\")","v":7},{"$f":"IFERROR(MONTH(CTR[[#This Row],[Date]]),\"\")","v":2},{"$f":"IF(ISNA(INDEX(CTS!C:C,MATCH(E486,CTS!$E:$E,0))),\"\",(INDEX(CTS!C:C,MATCH(E486,CTS!$E:$E,0))))","v":44234},"02-072",{"$f":"IF(ISNA(INDEX(CTS!$F:$F,MATCH(E486,CTS!$E:$E,0))),\"\",(INDEX(CTS!$F:$F,MATCH(E486,CTS!$E:$E,0))))","v":"CLIENT"},{"$f":"IF(ISNA(INDEX(CTS!$N:$N,MATCH(E486,CTS!$E:$E,0))),\"\",(INDEX(CTS!$N:$N,MATCH(E486,CTS!$E:$E,0))))","v":297.47899159663871},{"$f":"IF(ISNA(INDEX(CTS!$O:$O,MATCH(E486,CTS!$E:$E,0))),\"\",(INDEX(CTS!$O:$O,MATCH(E486,CTS!$E:$E,0))))","v":1.1299435028248586E-2},{"$f":"IF(ISNA(INDEX(CTS!$P:$P,MATCH(E486,CTS!$E:$E,0))),\"\",(INDEX(CTS!$P:$P,MATCH(E486,CTS!$E:$E,0))))","v":3.3613445378151261},{"$f":"IF(ISNA(INDEX(CTS!$Q:$Q,MATCH(E486,CTS!$E:$E,0))),\"\",(INDEX(CTS!$Q:$Q,MATCH(E486,CTS!$E:$E,0))))","v":294.11764705882359},{"$f":"IF(ISNA(INDEX(CTS!$S:$S,MATCH(E486,CTS!$E:$E,0))),\"\",(INDEX(CTS!$S:$S,MATCH(E486,CTS!$E:$E,0))))","v":55.882352941176478},{"$f":"IF(ISNA(INDEX(CTS!$T:$T,MATCH(E486,CTS!$E:$E,0))),\"\",(INDEX(CTS!$T:$T,MATCH(E486,CTS!$E:$E,0))))","v":350.00000000000006},{"$f":"IF(ISNA(INDEX(CTS!$U:$U,MATCH(E486,CTS!$E:$E,0))),\"\",(INDEX(CTS!$U:$U,MATCH(E486,CTS!$E:$E,0))))","v":0},{"$f":"IF(ISNA(INDEX(CTS!$V:$V,MATCH(E486,CTS!$E:$E,0))),\"\",(INDEX(CTS!$V:$V,MATCH(E486,CTS!$E:$E,0))))","v":350.00000000000006},{"$f":"IFERROR(INDEX(CTS!$A:$A,MATCH(E486,CTS!$E:$E,0)),\".\")","v":"P"},{"$f":"IFERROR(IFERROR(INDEX(#REF!,MATCH(E486,#REF!,0)),IFERROR(INDEX(#REF!,MATCH(E486,#REF!,0)),INDEX(#REF!,MATCH(E486,#REF!,0)) )),\".\")","v":"."},null,{"$f":"IFERROR(VLOOKUP(E486,#REF!,8,FALSE),IFERROR(VLOOKUP(E486,#REF!,8,FALSE),IFERROR(VLOOKUP(E486,#REF!,8,FALSE),\"\")))","v":""},".-."]
[482,{"$f":"IFERROR(DAY(CTR[[#This Row],[Date]]),\"\")","v":7},{"$f":"IFERROR(MONTH(CTR[[#This Row],[Date]]),\"\")","v":2},{"$f":"IF(ISNA(INDEX(CTS!C:C,MATCH(E487,CTS!$E:$E,0))),\"\",(INDEX(CTS!C:C,MATCH(E487,CTS!$E:$E,0))))","v":44234},"02-073",{"$f":"IF(ISNA(INDEX(CTS!$F:$F,MATCH(E487,CTS!$E:$E,0))),\"\",(INDEX(CTS!$F:$F,MATCH(E487,CTS!$E:$E,0))))","v":"CLIENT"},{"$f":"IF(ISNA(INDEX(CTS!$N:$N,MATCH(E487,CTS!$E:$E,0))),\"\",(INDEX(CTS!$N:$N,MATCH(E487,CTS!$E:$E,0))))","v":205.0420168067227},{"$f":"IF(ISNA(INDEX(CTS!$O:$O,MATCH(E487,CTS!$E:$E,0))),\"\",(INDEX(CTS!$O:$O,MATCH(E487,CTS!$E:$E,0))))","v":1.6393442622950821E-2},{"$f":"IF(ISNA(INDEX(CTS!$P:$P,MATCH(E487,CTS!$E:$E,0))),\"\",(INDEX(CTS!$P:$P,MATCH(E487,CTS!$E:$E,0))))","v":3.3613445378151261},{"$f":"IF(ISNA(INDEX(CTS!$Q:$Q,MATCH(E487,CTS!$E:$E,0))),\"\",(INDEX(CTS!$Q:$Q,MATCH(E487,CTS!$E:$E,0))))","v":201.68067226890759},{"$f":"IF(ISNA(INDEX(CTS!$S:$S,MATCH(E487,CTS!$E:$E,0))),\"\",(INDEX(CTS!$S:$S,MATCH(E487,CTS!$E:$E,0))))","v":38.319327731092443},{"$f":"IF(ISNA(INDEX(CTS!$T:$T,MATCH(E487,CTS!$E:$E,0))),\"\",(INDEX(CTS!$T:$T,MATCH(E487,CTS!$E:$E,0))))","v":240.00000000000003},{"$f":"IF(ISNA(INDEX(CTS!$U:$U,MATCH(E487,CTS!$E:$E,0))),\"\",(INDEX(CTS!$U:$U,MATCH(E487,CTS!$E:$E,0))))","v":0},{"$f":"IF(ISNA(INDEX(CTS!$V:$V,MATCH(E487,CTS!$E:$E,0))),\"\",(INDEX(CTS!$V:$V,MATCH(E487,CTS!$E:$E,0))))","v":240.00000000000003},{"$f":"IFERROR(INDEX(CTS!$A:$A,MATCH(E487,CTS!$E:$E,0)),\".\")","v":"P"},{"$f":"IFERROR(IFERROR(INDEX(#REF!,MATCH(E487,#REF!,0)),IFERROR(INDEX(#REF!,MATCH(E487,#REF!,0)),INDEX(#REF!,MATCH(E487,#REF!,0)) )),\".\")","v":"."},null,{"$f":"IFERROR(VLOOKUP(E487,#REF!,8,FALSE),IFERROR(VLOOKUP(E487,#REF!,8,FALSE),IFERROR(VLOOKUP(E487,#REF!,8,FALSE),\"\")))","v":""},".-."]
[483,{"$f":"IFERROR(DAY(CTR[[#This Row],[Date]]),\"\")","v":7},{"$f":"IFERROR(MONTH(CTR[[#This Row],[Date]]),\"\")","v":2},{"$f":"IF(ISNA(INDEX(CTS!C:C,MATCH(E488,CTS!$E:$E,0))),\"\",(INDEX(CTS!C:C,MATCH(E488,CTS!$E:$E,0))))","v":44234},"02-074",{"$f":"IF(ISNA(INDEX(CTS!$F:$F,MATCH(E488,CTS!$E:$E,0))),\"\",(INDEX(CTS!$F:$F,MATCH(E488,CTS!$E:$E,0))))","v":"CLIENT"},{"$f":"IF(ISNA(INDEX(CTS!$N:$N,MATCH(E488,CTS!$E:$E,0))),\"\",(INDEX(CTS!$N:$N,MATCH(E488,CTS!$E:$E,0))))","v":2178.1512605042021},{"$f":"IF(ISNA(INDEX(CTS!$O:$O,MATCH(E488,CTS!$E:$E,0))),\"\",(INDEX(CTS!$O:$O,MATCH(E488,CTS!$E:$E,0))))","v":3.5493827160493825E-2},{"$f":"IF(ISNA(INDEX(CTS!$P:$P,MATCH(E488,CTS!$E:$E,0))),\"\",(INDEX(CTS!$P:$P,MATCH(E488,CTS!$E:$E,0))))","v":77.310924369747909},{"$f":"IF(ISNA(INDEX(CTS!$Q:$Q,MATCH(E488,CTS!$E:$E,0))),\"\",(INDEX(CTS!$Q:$Q,MATCH(E488,CTS!$E:$E,0))))","v":2100.8403361344544},{"$f":"IF(ISNA(INDEX(CTS!$S:$S,MATCH(E488,CTS!$E:$E,0))),\"\",(INDEX(CTS!$S:$S,MATCH(E488,CTS!$E:$E,0))))","v":399.15966386554635},{"$f":"IF(ISNA(INDEX(CTS!$T:$T,MATCH(E488,CTS!$E:$E,0))),\"\",(INDEX(CTS!$T:$T,MATCH(E488,CTS!$E:$E,0))))","v":2500.0000000000009},{"$f":"IF(ISNA(INDEX(CTS!$U:$U,MATCH(E488,CTS!$E:$E,0))),\"\",(INDEX(CTS!$U:$U,MATCH(E488,CTS!$E:$E,0))))","v":0},{"$f":"IF(ISNA(INDEX(CTS!$V:$V,MATCH(E488,CTS!$E:$E,0))),\"\",(INDEX(CTS!$V:$V,MATCH(E488,CTS!$E:$E,0))))","v":2500.0000000000009},{"$f":"IFERROR(INDEX(CTS!$A:$A,MATCH(E488,CTS!$E:$E,0)),\".\")","v":"P"},{"$f":"IFERROR(IFERROR(INDEX(#REF!,MATCH(E488,#REF!,0)),IFERROR(INDEX(#REF!,MATCH(E488,#REF!,0)),INDEX(#REF!,MATCH(E488,#REF!,0)) )),\".\")","v":"."},null,{"$f":"IFERROR(VLOOKUP(E488,#REF!,8,FALSE),IFERROR(VLOOKUP(E488,#REF!,8,FALSE),IFERROR(VLOOKUP(E488,#REF!,8,FALSE),\"\")))","v":""},".-."]
[484,{"$f":"IFERROR(DAY(CTR[[#This Row],[Date]]),\"\")","v":7},{"$f":"IFERROR(MONTH(CTR[[#This Row],[Date]]),\"\")","v":2},{"$f":"IF(ISNA(INDEX(CTS!C:C,MATCH(E489,CTS!$E:$E,0))),\"\",(INDEX(CTS!C:C,MATCH(E489,CTS!$E:$E,0))))","v":44234},"02-075",{"$f":"IF(ISNA(INDEX(CTS!$F:$F,MATCH(E489,CTS!$E:$E,0))),\"\",(INDEX(CTS!$F:$F,MATCH(E489,CTS!$E:$E,0))))","v":"CLIENT"},{"$f":"IF(ISNA(INDEX(CTS!$N:$N,MATCH(E489,CTS!$E:$E,0))),\"\",(INDEX(CTS!$N:$N,MATCH(E489,CTS!$E:$E,0))))","v":756.30252100840346},{"$f":"IF(ISNA(INDEX(CTS!$O:$O,MATCH(E489,CTS!$E:$E,0))),\"\",(INDEX(CTS!$O:$O,MATCH(E489,CTS!$E:$E,0))))","v":0},{"$f":"IF(ISNA(INDEX(CTS!$P:$P,MATCH(E489,CTS!$E:$E,0))),\"\",(INDEX(CTS!$P:$P,MATCH(E489,CTS!$E:$E,0))))","v":0},{"$f":"IF(ISNA(INDEX(CTS!$Q:$Q,MATCH(E489,CTS!$E:$E,0))),\"\",(INDEX(CTS!$Q:$Q,MATCH(E489,CTS!$E:$E,0))))","v":756.30252100840346},{"$f":"IF(ISNA(INDEX(CTS!$S:$S,MATCH(E489,CTS!$E:$E,0))),\"\",(INDEX(CTS!$S:$S,MATCH(E489,CTS!$E:$E,0))))","v":143.69747899159665},{"$f":"IF(ISNA(INDEX(CTS!$T:$T,MATCH(E489,CTS!$E:$E,0))),\"\",(INDEX(CTS!$T:$T,MATCH(E489,CTS!$E:$E,0))))","v":900.00000000000011},{"$f":"IF(ISNA(INDEX(CTS!$U:$U,MATCH(E489,CTS!$E:$E,0))),\"\",(INDEX(CTS!$U:$U,MATCH(E489,CTS!$E:$E,0))))","v":0},{"$f":"IF(ISNA(INDEX(CTS!$V:$V,MATCH(E489,CTS!$E:$E,0))),\"\",(INDEX(CTS!$V:$V,MATCH(E489,CTS!$E:$E,0))))","v":900.00000000000011},{"$f":"IFERROR(INDEX(CTS!$A:$A,MATCH(E489,CTS!$E:$E,0)),\".\")","v":"P"},{"$f":"IFERROR(IFERROR(INDEX(#REF!,MATCH(E489,#REF!,0)),IFERROR(INDEX(#REF!,MATCH(E489,#REF!,0)),INDEX(#REF!,MATCH(E489,#REF!,0)) )),\".\")","v":"."},null,{"$f":"IFERROR(VLOOKUP(E489,#REF!,8,FALSE),IFERROR(VLOOKUP(E489,#REF!,8,FALSE),IFERROR(VLOOKUP(E489,#REF!,8,FALSE),\"\")))","v":""},".-."]
[485,{"$f":"IFERROR(DAY(CTR[[#This Row],[Date]]),\"\")","v":7},{"$f":"IFERROR(MONTH(CTR[[#This Row],[Date]]),\"\")","v":2},{"$f":"IF(ISNA(INDEX(CTS!C:C,MATCH(E490,CTS!$E:$E,0))),\"\",(INDEX(CTS!C:C,MATCH(E490,CTS!$E:$E,0))))","v":44234},"02-076",{"$f":"IF(ISNA(INDEX(CTS!$F:$F,MATCH(E490,CTS!$E:$E,0))),\"\",(INDEX(CTS!$F:$F,MATCH(E490,CTS!$E:$E,0))))","v":"CLIENT"},{"$f":"IF(ISNA(INDEX(CTS!$N:$N,MATCH(E490,CTS!$E:$E,0))),\"\",(INDEX(CTS!$N:$N,MATCH(E490,CTS!$E:$E,0))))","v":1379.8319327731092},{"$f":"IF(ISNA(INDEX(CTS!$O:$O,MATCH(E490,CTS!$E:$E,0))),\"\",(INDEX(CTS!$O:$O,MATCH(E490,CTS!$E:$E,0))))","v":1.2180267965895251E-3},{"$f":"IF(ISNA(INDEX(CTS!$P:$P,MATCH(E490,CTS!$E:$E,0))),\"\",(INDEX(CTS!$P:$P,MATCH(E490,CTS!$E:$E,0))))","v":1.680672268907563},{"$f":"IF(ISNA(INDEX(CTS!$Q:$Q,MATCH(E490,CTS!$E:$E,0))),\"\",(INDEX(CTS!$Q:$Q,MATCH(E490,CTS!$E:$E,0))))","v":1378.1512605042017},{"$f":"IF(ISNA(INDEX(CTS!$S:$S,MATCH(E490,CTS!$E:$E,0))),\"\",(INDEX(CTS!$S:$S,MATCH(E490,CTS!$E:$E,0))))","v":261.84873949579833},{"$f":"IF(ISNA(INDEX(CTS!$T:$T,MATCH(E490,CTS!$E:$E,0))),\"\",(INDEX(CTS!$T:$T,MATCH(E490,CTS!$E:$E,0))))","v":1640},{"$f":"IF(ISNA(INDEX(CTS!$U:$U,MATCH(E490,CTS!$E:$E,0))),\"\",(INDEX(CTS!$U:$U,MATCH(E490,CTS!$E:$E,0))))","v":0},{"$f":"IF(ISNA(INDEX(CTS!$V:$V,MATCH(E490,CTS!$E:$E,0))),\"\",(INDEX(CTS!$V:$V,MATCH(E490,CTS!$E:$E,0))))","v":1640},{"$f":"IFERROR(INDEX(CTS!$A:$A,MATCH(E490,CTS!$E:$E,0)),\".\")","v":"P"},{"$f":"IFERROR(IFERROR(INDEX(#REF!,MATCH(E490,#REF!,0)),IFERROR(INDEX(#REF!,MATCH(E490,#REF!,0)),INDEX(#REF!,MATCH(E490,#REF!,0)) )),\".\")","v":"."},null,{"$f":"IFERROR(VLOOKUP(E490,#REF!,8,FALSE),IFERROR(VLOOKUP(E490,#REF!,8,FALSE),IFERROR(VLOOKUP(E490,#REF!,8,FALSE),\"\")))","v":""},".-."]
[486,{"$f":"IFERROR(DAY(CTR[[#This Row],[Date]]),\"\")","v":7},{"$f":"IFERROR(MONTH(CTR[[#This Row],[Date]]),\"\")","v":2},{"$f":"IF(ISNA(INDEX(CTS!C:C,MATCH(E491,CTS!$E:$E,0))),\"\",(INDEX(CTS!C:C,MATCH(E491,CTS!$E:$E,0))))","v":44234},"02-077",{"$f":"IF(ISNA(INDEX(CTS!$F:$F,MATCH(E491,CTS!$E:$E,0))),\"\",(INDEX(CTS!$F:$F,MATCH(E491,CTS!$E:$E,0))))","v":"CLIENT"},{"$f":"IF(ISNA(INDEX(CTS!$N:$N,MATCH(E491,CTS!$E:$E,0))),\"\",(INDEX(CTS!$N:$N,MATCH(E491,CTS!$E:$E,0))))","v":159.66386554621849},{"$f":"IF(ISNA(INDEX(CTS!$O:$O,MATCH(E491,CTS!$E:$E,0))),\"\",(INDEX(CTS!$O:$O,MATCH(E491,CTS!$E:$E,0))))","v":0},{"$f":"IF(ISNA(INDEX(CTS!$P:$P,MATCH(E491,CTS!$E:$E,0))),\"\",(INDEX(CTS!$P:$P,MATCH(E491,CTS!$E:$E,0))))","v":0},{"$f":"IF(ISNA(INDEX(CTS!$Q:$Q,MATCH(E491,CTS!$E:$E,0))),\"\",(INDEX(CTS!$Q:$Q,MATCH(E491,CTS!$E:$E,0))))","v":159.66386554621849},{"$f":"IF(ISNA(INDEX(CTS!$S:$S,MATCH(E491,CTS!$E:$E,0))),\"\",(INDEX(CTS!$S:$S,MATCH(E491,CTS!$E:$E,0))))","v":30.336134453781515},{"$f":"IF(ISNA(INDEX(CTS!$T:$T,MATCH(E491,CTS!$E:$E,0))),\"\",(INDEX(CTS!$T:$T,MATCH(E491,CTS!$E:$E,0))))","v":190},{"$f":"IF(ISNA(INDEX(CTS!$U:$U,MATCH(E491,CTS!$E:$E,0))),\"\",(INDEX(CTS!$U:$U,MATCH(E491,CTS!$E:$E,0))))","v":0},{"$f":"IF(ISNA(INDEX(CTS!$V:$V,MATCH(E491,CTS!$E:$E,0))),\"\",(INDEX(CTS!$V:$V,MATCH(E491,CTS!$E:$E,0))))","v":190},{"$f":"IFERROR(INDEX(CTS!$A:$A,MATCH(E491,CTS!$E:$E,0)),\".\")","v":"P"},{"$f":"IFERROR(IFERROR(INDEX(#REF!,MATCH(E491,#REF!,0)),IFERROR(INDEX(#REF!,MATCH(E491,#REF!,0)),INDEX(#REF!,MATCH(E491,#REF!,0)) )),\".\")","v":"."},null,{"$f":"IFERROR(VLOOKUP(E491,#REF!,8,FALSE),IFERROR(VLOOKUP(E491,#REF!,8,FALSE),IFERROR(VLOOKUP(E491,#REF!,8,FALSE),\"\")))","v":""},".-."]
[487,{"$f":"IFERROR(DAY(CTR[[#This Row],[Date]]),\"\")","v":7},{"$f":"IFERROR(MONTH(CTR[[#This Row],[Date]]),\"\")","v":2},{"$f":"IF(ISNA(INDEX(CTS!C:C,MATCH(E492,CTS!$E:$E,0))),\"\",(INDEX(CTS!C:C,MATCH(E492,CTS!$E:$E,0))))","v":44234},"02-078",{"$f":"IF(ISNA(INDEX(CTS!$F:$F,MATCH(E492,CTS!$E:$E,0))),\"\",(INDEX(CTS!$F:$F,MATCH(E492,CTS!$E:$E,0))))","v":"CLIENT"},{"$f":"IF(ISNA(INDEX(CTS!$N:$N,MATCH(E492,CTS!$E:$E,0))),\"\",(INDEX(CTS!$N:$N,MATCH(E492,CTS!$E:$E,0))))","v":268.9075630252101},{"$f":"IF(ISNA(INDEX(CTS!$O:$O,MATCH(E492,CTS!$E:$E,0))),\"\",(INDEX(CTS!$O:$O,MATCH(E492,CTS!$E:$E,0))))","v":0},{"$f":"IF(ISNA(INDEX(CTS!$P:$P,MATCH(E492,CTS!$E:$E,0))),\"\",(INDEX(CTS!$P:$P,MATCH(E492,CTS!$E:$E,0))))","v":0},{"$f":"IF(ISNA(INDEX(CTS!$Q:$Q,MATCH(E492,CTS!$E:$E,0))),\"\",(INDEX(CTS!$Q:$Q,MATCH(E492,CTS!$E:$E,0))))","v":268.9075630252101},{"$f":"IF(ISNA(INDEX(CTS!$S:$S,MATCH(E492,CTS!$E:$E,0))),\"\",(INDEX(CTS!$S:$S,MATCH(E492,CTS!$E:$E,0))))","v":51.092436974789919},{"$f":"IF(ISNA(INDEX(CTS!$T:$T,MATCH(E492,CTS!$E:$E,0))),\"\",(INDEX(CTS!$T:$T,MATCH(E492,CTS!$E:$E,0))))","v":320},{"$f":"IF(ISNA(INDEX(CTS!$U:$U,MATCH(E492,CTS!$E:$E,0))),\"\",(INDEX(CTS!$U:$U,MATCH(E492,CTS!$E:$E,0))))","v":0},{"$f":"IF(ISNA(INDEX(CTS!$V:$V,MATCH(E492,CTS!$E:$E,0))),\"\",(INDEX(CTS!$V:$V,MATCH(E492,CTS!$E:$E,0))))","v":320},{"$f":"IFERROR(INDEX(CTS!$A:$A,MATCH(E492,CTS!$E:$E,0)),\".\")","v":"P"},{"$f":"IFERROR(IFERROR(INDEX(#REF!,MATCH(E492,#REF!,0)),IFERROR(INDEX(#REF!,MATCH(E492,#REF!,0)),INDEX(#REF!,MATCH(E492,#REF!,0)) )),\".\")","v":"."},null,{"$f":"IFERROR(VLOOKUP(E492,#REF!,8,FALSE),IFERROR(VLOOKUP(E492,#REF!,8,FALSE),IFERROR(VLOOKUP(E492,#REF!,8,FALSE),\"\")))","v":""},".-."]
[488,{"$f":"IFERROR(DAY(CTR[[#This Row],[Date]]),\"\")","v":7},{"$f":"IFERROR(MONTH(CTR[[#This Row],[Date]]),\"\")","v":2},{"$f":"IF(ISNA(INDEX(CTS!C:C,MATCH(E493,CTS!$E:$E,0))),\"\",(INDEX(CTS!C:C,MATCH(E493,CTS!$E:$E,0))))","v":44234},"02-079",{"$f":"IF(ISNA(INDEX(CTS!$F:$F,MATCH(E493,CTS!$E:$E,0))),\"\",(INDEX(CTS!$F:$F,MATCH(E493,CTS!$E:$E,0))))","v":"CLIENT"},{"$f":"IF(ISNA(INDEX(CTS!$N:$N,MATCH(E493,CTS!$E:$E,0))),\"\",(INDEX(CTS!$N:$N,MATCH(E493,CTS!$E:$E,0))))","v":159.66386554621852},{"$f":"IF(ISNA(INDEX(CTS!$O:$O,MATCH(E493,CTS!$E:$E,0))),\"\",(INDEX(CTS!$O:$O,MATCH(E493,CTS!$E:$E,0))))","v":0},{"$f":"IF(ISNA(INDEX(CTS!$P:$P,MATCH(E493,CTS!$E:$E,0))),\"\",(INDEX(CTS!$P:$P,MATCH(E493,CTS!$E:$E,0))))","v":0},{"$f":"IF(ISNA(INDEX(CTS!$Q:$Q,MATCH(E493,CTS!$E:$E,0))),\"\",(INDEX(CTS!$Q:$Q,MATCH(E493,CTS!$E:$E,0))))","v":159.66386554621852},{"$f":"IF(ISNA(INDEX(CTS!$S:$S,MATCH(E493,CTS!$E:$E,0))),\"\",(INDEX(CTS!$S:$S,MATCH(E493,CTS!$E:$E,0))))","v":30.336134453781515},{"$f":"IF(ISNA(INDEX(CTS!$T:$T,MATCH(E493,CTS!$E:$E,0))),\"\",(INDEX(CTS!$T:$T,MATCH(E493,CTS!$E:$E,0))))","v":190.00000000000003},{"$f":"IF(ISNA(INDEX(CTS!$U:$U,MATCH(E493,CTS!$E:$E,0))),\"\",(INDEX(CTS!$U:$U,MATCH(E493,CTS!$E:$E,0))))","v":0},{"$f":"IF(ISNA(INDEX(CTS!$V:$V,MATCH(E493,CTS!$E:$E,0))),\"\",(INDEX(CTS!$V:$V,MATCH(E493,CTS!$E:$E,0))))","v":190.00000000000003},{"$f":"IFERROR(INDEX(CTS!$A:$A,MATCH(E493,CTS!$E:$E,0)),\".\")","v":"P"},{"$f":"IFERROR(IFERROR(INDEX(#REF!,MATCH(E493,#REF!,0)),IFERROR(INDEX(#REF!,MATCH(E493,#REF!,0)),INDEX(#REF!,MATCH(E493,#REF!,0)) )),\".\")","v":"."},null,{"$f":"IFERROR(VLOOKUP(E493,#REF!,8,FALSE),IFERROR(VLOOKUP(E493,#REF!,8,FALSE),IFERROR(VLOOKUP(E493,#REF!,8,FALSE),\"\")))","v":""},".-."]
[489,{"$f":"IFERROR(DAY(CTR[[#This Row],[Date]]),\"\")","v":7},{"$f":"IFERROR(MONTH(CTR[[#This Row],[Date]]),\"\")","v":2},{"$f":"IF(ISNA(INDEX(CTS!C:C,MATCH(E494,CTS!$E:$E,0))),\"\",(INDEX(CTS!C:C,MATCH(E494,CTS!$E:$E,0))))","v":44234},"02-080",{"$f":"IF(ISNA(INDEX(CTS!$F:$F,MATCH(E494,CTS!$E:$E,0))),\"\",(INDEX(CTS!$F:$F,MATCH(E494,CTS!$E:$E,0))))","v":"CLIENT"},{"$f":"IF(ISNA(INDEX(CTS!$N:$N,MATCH(E494,CTS!$E:$E,0))),\"\",(INDEX(CTS!$N:$N,MATCH(E494,CTS!$E:$E,0))))","v":75.630252100840352},{"$f":"IF(ISNA(INDEX(CTS!$O:$O,MATCH(E494,CTS!$E:$E,0))),\"\",(INDEX(CTS!$O:$O,MATCH(E494,CTS!$E:$E,0))))","v":0},{"$f":"IF(ISNA(INDEX(CTS!$P:$P,MATCH(E494,CTS!$E:$E,0))),\"\",(INDEX(CTS!$P:$P,MATCH(E494,CTS!$E:$E,0))))","v":0},{"$f":"IF(ISNA(INDEX(CTS!$Q:$Q,MATCH(E494,CTS!$E:$E,0))),\"\",(INDEX(CTS!$Q:$Q,MATCH(E494,CTS!$E:$E,0))))","v":75.630252100840352},{"$f":"IF(ISNA(INDEX(CTS!$S:$S,MATCH(E494,CTS!$E:$E,0))),\"\",(INDEX(CTS!$S:$S,MATCH(E494,CTS!$E:$E,0))))","v":14.369747899159666},{"$f":"IF(ISNA(INDEX(CTS!$T:$T,MATCH(E494,CTS!$E:$E,0))),\"\",(INDEX(CTS!$T:$T,MATCH(E494,CTS!$E:$E,0))))","v":90.000000000000014},{"$f":"IF(ISNA(INDEX(CTS!$U:$U,MATCH(E494,CTS!$E:$E,0))),\"\",(INDEX(CTS!$U:$U,MATCH(E494,CTS!$E:$E,0))))","v":0},{"$f":"IF(ISNA(INDEX(CTS!$V:$V,MATCH(E494,CTS!$E:$E,0))),\"\",(INDEX(CTS!$V:$V,MATCH(E494,CTS!$E:$E,0))))","v":90.000000000000014},{"$f":"IFERROR(INDEX(CTS!$A:$A,MATCH(E494,CTS!$E:$E,0)),\".\")","v":"P"},{"$f":"IFERROR(IFERROR(INDEX(#REF!,MATCH(E494,#REF!,0)),IFERROR(INDEX(#REF!,MATCH(E494,#REF!,0)),INDEX(#REF!,MATCH(E494,#REF!,0)) )),\".\")","v":"."},null,{"$f":"IFERROR(VLOOKUP(E494,#REF!,8,FALSE),IFERROR(VLOOKUP(E494,#REF!,8,FALSE),IFERROR(VLOOKUP(E494,#REF!,8,FALSE),\"\")))","v":""},".-."]
[490,{"$f":"IFERROR(DAY(CTR[[#This Row],[Date]]),\"\")","v":7},{"$f":"IFERROR(MONTH(CTR[[#This Row],[Date]]),\"\")","v":2},{"$f":"IF(ISNA(INDEX(CTS!C:C,MATCH(E495,CTS!$E:$E,0))),\"\",(INDEX(CTS!C:C,MATCH(E495,CTS!$E:$E,0))))","v":44234},"02-081",{"$f":"IF(ISNA(INDEX(CTS!$F:$F,MATCH(E495,CTS!$E:$E,0))),\"\",(INDEX(CTS!$F:$F,MATCH(E495,CTS!$E:$E,0))))","v":"CLIENT"},{"$f":"IF(ISNA(INDEX(CTS!$N:$N,MATCH(E495,CTS!$E:$E,0))),\"\",(INDEX(CTS!$N:$N,MATCH(E495,CTS!$E:$E,0))))","v":773.10924369747909},{"$f":"IF(ISNA(INDEX(CTS!$O:$O,MATCH(E495,CTS!$E:$E,0))),\"\",(INDEX(CTS!$O:$O,MATCH(E495,CTS!$E:$E,0))))","v":0},{"$f":"IF(ISNA(INDEX(CTS!$P:$P,MATCH(E495,CTS!$E:$E,0))),\"\",(INDEX(CTS!$P:$P,MATCH(E495,CTS!$E:$E,0))))","v":0},{"$f":"IF(ISNA(INDEX(CTS!$Q:$Q,MATCH(E495,CTS!$E:$E,0))),\"\",(INDEX(CTS!$Q:$Q,MATCH(E495,CTS!$E:$E,0))))","v":773.10924369747909},{"$f":"IF(ISNA(INDEX(CTS!$S:$S,MATCH(E495,CTS!$E:$E,0))),\"\",(INDEX(CTS!$S:$S,MATCH(E495,CTS!$E:$E,0))))","v":146.89075630252103},{"$f":"IF(ISNA(INDEX(CTS!$T:$T,MATCH(E495,CTS!$E:$E,0))),\"\",(INDEX(CTS!$T:$T,MATCH(E495,CTS!$E:$E,0))))","v":920.00000000000011},{"$f":"IF(ISNA(INDEX(CTS!$U:$U,MATCH(E495,CTS!$E:$E,0))),\"\",(INDEX(CTS!$U:$U,MATCH(E495,CTS!$E:$E,0))))","v":0},{"$f":"IF(ISNA(INDEX(CTS!$V:$V,MATCH(E495,CTS!$E:$E,0))),\"\",(INDEX(CTS!$V:$V,MATCH(E495,CTS!$E:$E,0))))","v":920.00000000000011},{"$f":"IFERROR(INDEX(CTS!$A:$A,MATCH(E495,CTS!$E:$E,0)),\".\")","v":"P"},{"$f":"IFERROR(IFERROR(INDEX(#REF!,MATCH(E495,#REF!,0)),IFERROR(INDEX(#REF!,MATCH(E495,#REF!,0)),INDEX(#REF!,MATCH(E495,#REF!,0)) )),\".\")","v":"."},null,{"$f":"IFERROR(VLOOKUP(E495,#REF!,8,FALSE),IFERROR(VLOOKUP(E495,#REF!,8,FALSE),IFERROR(VLOOKUP(E495,#REF!,8,FALSE),\"\")))","v":""},".-."]
[491,{"$f":"IFERROR(DAY(CTR[[#This Row],[Date]]),\"\")","v":7},{"$f":"IFERROR(MONTH(CTR[[#This Row],[Date]]),\"\")","v":2},{"$f":"IF(ISNA(INDEX(CTS!C:C,MATCH(E496,CTS!$E:$E,0))),\"\",(INDEX(CTS!C:C,MATCH(E496,CTS!$E:$E,0))))","v":44234},"02-082",{"$f":"IF(ISNA(INDEX(CTS!$F:$F,MATCH(E496,CTS!$E:$E,0))),\"\",(INDEX(CTS!$F:$F,MATCH(E496,CTS!$E:$E,0))))","v":"CLIENT"},{"$f":"IF(ISNA(INDEX(CTS!$N:$N,MATCH(E496,CTS!$E:$E,0))),\"\",(INDEX(CTS!$N:$N,MATCH(E496,CTS!$E:$E,0))))","v":2218.4873949579833},{"$f":"IF(ISNA(INDEX(CTS!$O:$O,MATCH(E496,CTS!$E:$E,0))),\"\",(INDEX(CTS!$O:$O,MATCH(E496,CTS!$E:$E,0))))","v":0},{"$f":"IF(ISNA(INDEX(CTS!$P:$P,MATCH(E496,CTS!$E:$E,0))),\"\",(INDEX(CTS!$P:$P,MATCH(E496,CTS!$E:$E,0))))","v":0},{"$f":"IF(ISNA(INDEX(CTS!$Q:$Q,MATCH(E496,CTS!$E:$E,0))),\"\",(INDEX(CTS!$Q:$Q,MATCH(E496,CTS!$E:$E,0))))","v":2218.4873949579833},{"$f":"IF(ISNA(INDEX(CTS!$S:$S,MATCH(E496,CTS!$E:$E,0))),\"\",(INDEX(CTS!$S:$S,MATCH(E496,CTS!$E:$E,0))))","v":421.51260504201684},{"$f":"IF(ISNA(INDEX(CTS!$T:$T,MATCH(E496,CTS!$E:$E,0))),\"\",(INDEX(CTS!$T:$T,MATCH(E496,CTS!$E:$E,0))))","v":2640},{"$f":"IF(ISNA(INDEX(CTS!$U:$U,MATCH(E496,CTS!$E:$E,0))),\"\",(INDEX(CTS!$U:$U,MATCH(E496,CTS!$E:$E,0))))","v":0},{"$f":"IF(ISNA(INDEX(CTS!$V:$V,MATCH(E496,CTS!$E:$E,0))),\"\",(INDEX(CTS!$V:$V,MATCH(E496,CTS!$E:$E,0))))","v":2640},{"$f":"IFERROR(INDEX(CTS!$A:$A,MATCH(E496,CTS!$E:$E,0)),\".\")","v":"P"},{"$f":"IFERROR(IFERROR(INDEX(#REF!,MATCH(E496,#REF!,0)),IFERROR(INDEX(#REF!,MATCH(E496,#REF!,0)),INDEX(#REF!,MATCH(E496,#REF!,0)) )),\".\")","v":"."},null,{"$f":"IFERROR(VLOOKUP(E496,#REF!,8,FALSE),IFERROR(VLOOKUP(E496,#REF!,8,FALSE),IFERROR(VLOOKUP(E496,#REF!,8,FALSE),\"\")))","v":""},".-."]
[492,{"$f":"IFERROR(DAY(CTR[[#This Row],[Date]]),\"\")","v":7},{"$f":"IFERROR(MONTH(CTR[[#This Row],[Date]]),\"\")","v":2},{"$f":"IF(ISNA(INDEX(CTS!C:C,MATCH(E497,CTS!$E:$E,0))),\"\",(INDEX(CTS!C:C,MATCH(E497,CTS!$E:$E,0))))","v":44234},"02-083",{"$f":"IF(ISNA(INDEX(CTS!$F:$F,MATCH(E497,CTS!$E:$E,0))),\"\",(INDEX(CTS!$F:$F,MATCH(E497,CTS!$E:$E,0))))","v":"CLIENT"},{"$f":"IF(ISNA(INDEX(CTS!$N:$N,MATCH(E497,CTS!$E:$E,0))),\"\",(INDEX(CTS!$N:$N,MATCH(E497,CTS!$E:$E,0))))","v":806.72268907563034},{"$f":"IF(ISNA(INDEX(CTS!$O:$O,MATCH(E497,CTS!$E:$E,0))),\"\",(INDEX(CTS!$O:$O,MATCH(E497,CTS!$E:$E,0))))","v":0},{"$f":"IF(ISNA(INDEX(CTS!$P:$P,MATCH(E497,CTS!$E:$E,0))),\"\",(INDEX(CTS!$P:$P,MATCH(E497,CTS!$E:$E,0))))","v":0},{"$f":"IF(ISNA(INDEX(CTS!$Q:$Q,MATCH(E497,CTS!$E:$E,0))),\"\",(INDEX(CTS!$Q:$Q,MATCH(E497,CTS!$E:$E,0))))","v":806.72268907563034},{"$f":"IF(ISNA(INDEX(CTS!$S:$S,MATCH(E497,CTS!$E:$E,0))),\"\",(INDEX(CTS!$S:$S,MATCH(E497,CTS!$E:$E,0))))","v":153.27731092436977},{"$f":"IF(ISNA(INDEX(CTS!$T:$T,MATCH(E497,CTS!$E:$E,0))),\"\",(INDEX(CTS!$T:$T,MATCH(E497,CTS!$E:$E,0))))","v":960.00000000000011},{"$f":"IF(ISNA(INDEX(CTS!$U:$U,MATCH(E497,CTS!$E:$E,0))),\"\",(INDEX(CTS!$U:$U,MATCH(E497,CTS!$E:$E,0))))","v":0},{"$f":"IF(ISNA(INDEX(CTS!$V:$V,MATCH(E497,CTS!$E:$E,0))),\"\",(INDEX(CTS!$V:$V,MATCH(E497,CTS!$E:$E,0))))","v":960.00000000000011},{"$f":"IFERROR(INDEX(CTS!$A:$A,MATCH(E497,CTS!$E:$E,0)),\".\")","v":"P"},{"$f":"IFERROR(IFERROR(INDEX(#REF!,MATCH(E497,#REF!,0)),IFERROR(INDEX(#REF!,MATCH(E497,#REF!,0)),INDEX(#REF!,MATCH(E497,#REF!,0)) )),\".\")","v":"."},null,{"$f":"IFERROR(VLOOKUP(E497,#REF!,8,FALSE),IFERROR(VLOOKUP(E497,#REF!,8,FALSE),IFERROR(VLOOKUP(E497,#REF!,8,FALSE),\"\")))","v":""},".-."]
[493,{"$f":"IFERROR(DAY(CTR[[#This Row],[Date]]),\"\")","v":7},{"$f":"IFERROR(MONTH(CTR[[#This Row],[Date]]),\"\")","v":2},{"$f":"IF(ISNA(INDEX(CTS!C:C,MATCH(E498,CTS!$E:$E,0))),\"\",(INDEX(CTS!C:C,MATCH(E498,CTS!$E:$E,0))))","v":44234},"02-084",{"$f":"IF(ISNA(INDEX(CTS!$F:$F,MATCH(E498,CTS!$E:$E,0))),\"\",(INDEX(CTS!$F:$F,MATCH(E498,CTS!$E:$E,0))))","v":"CLIENT"},{"$f":"IF(ISNA(INDEX(CTS!$N:$N,MATCH(E498,CTS!$E:$E,0))),\"\",(INDEX(CTS!$N:$N,MATCH(E498,CTS!$E:$E,0))))","v":67.226890756302524},{"$f":"IF(ISNA(INDEX(CTS!$O:$O,MATCH(E498,CTS!$E:$E,0))),\"\",(INDEX(CTS!$O:$O,MATCH(E498,CTS!$E:$E,0))))","v":0},{"$f":"IF(ISNA(INDEX(CTS!$P:$P,MATCH(E498,CTS!$E:$E,0))),\"\",(INDEX(CTS!$P:$P,MATCH(E498,CTS!$E:$E,0))))","v":0},{"$f":"IF(ISNA(INDEX(CTS!$Q:$Q,MATCH(E498,CTS!$E:$E,0))),\"\",(INDEX(CTS!$Q:$Q,MATCH(E498,CTS!$E:$E,0))))","v":67.226890756302524},{"$f":"IF(ISNA(INDEX(CTS!$S:$S,MATCH(E498,CTS!$E:$E,0))),\"\",(INDEX(CTS!$S:$S,MATCH(E498,CTS!$E:$E,0))))","v":12.77310924369748},{"$f":"IF(ISNA(INDEX(CTS!$T:$T,MATCH(E498,CTS!$E:$E,0))),\"\",(INDEX(CTS!$T:$T,MATCH(E498,CTS!$E:$E,0))))","v":80},{"$f":"IF(ISNA(INDEX(CTS!$U:$U,MATCH(E498,CTS!$E:$E,0))),\"\",(INDEX(CTS!$U:$U,MATCH(E498,CTS!$E:$E,0))))","v":0},{"$f":"IF(ISNA(INDEX(CTS!$V:$V,MATCH(E498,CTS!$E:$E,0))),\"\",(INDEX(CTS!$V:$V,MATCH(E498,CTS!$E:$E,0))))","v":80},{"$f":"IFERROR(INDEX(CTS!$A:$A,MATCH(E498,CTS!$E:$E,0)),\".\")","v":"P"},{"$f":"IFERROR(IFERROR(INDEX(#REF!,MATCH(E498,#REF!,0)),IFERROR(INDEX(#REF!,MATCH(E498,#REF!,0)),INDEX(#REF!,MATCH(E498,#REF!,0)) )),\".\")","v":"."},null,{"$f":"IFERROR(VLOOKUP(E498,#REF!,8,FALSE),IFERROR(VLOOKUP(E498,#REF!,8,FALSE),IFERROR(VLOOKUP(E498,#REF!,8,FALSE),\"\")))","v":""},".-."]
[494,{"$f":"IFERROR(DAY(CTR[[#This Row],[Date]]),\"\")","v":7},{"$f":"IFERROR(MONTH(CTR[[#This Row],[Date]]),\"\")","v":2},{"$f":"IF(ISNA(INDEX(CTS!C:C,MATCH(E499,CTS!$E:$E,0))),\"\",(INDEX(CTS!C:C,MATCH(E499,CTS!$E:$E,0))))","v":44234},"02-085",{"$f":"IF(ISNA(INDEX(CTS!$F:$F,MATCH(E499,CTS!$E:$E,0))),\"\",(INDEX(CTS!$F:$F,MATCH(E499,CTS!$E:$E,0))))","v":"CLIENT"},{"$f":"IF(ISNA(INDEX(CTS!$N:$N,MATCH(E499,CTS!$E:$E,0))),\"\",(INDEX(CTS!$N:$N,MATCH(E499,CTS!$E:$E,0))))","v":1168.0672268907563},{"$f":"IF(ISNA(INDEX(CTS!$O:$O,MATCH(E499,CTS!$E:$E,0))),\"\",(INDEX(CTS!$O:$O,MATCH(E499,CTS!$E:$E,0))))","v":3.9568345323741004E-2},{"$f":"IF(ISNA(INDEX(CTS!$P:$P,MATCH(E499,CTS!$E:$E,0))),\"\",(INDEX(CTS!$P:$P,MATCH(E499,CTS!$E:$E,0))))","v":46.218487394957982},{"$f":"IF(ISNA(INDEX(CTS!$Q:$Q,MATCH(E499,CTS!$E:$E,0))),\"\",(INDEX(CTS!$Q:$Q,MATCH(E499,CTS!$E:$E,0))))","v":1121.8487394957983},{"$f":"IF(ISNA(INDEX(CTS!$S:$S,MATCH(E499,CTS!$E:$E,0))),\"\",(INDEX(CTS!$S:$S,MATCH(E499,CTS!$E:$E,0))))","v":213.15126050420167},{"$f":"IF(ISNA(INDEX(CTS!$T:$T,MATCH(E499,CTS!$E:$E,0))),\"\",(INDEX(CTS!$T:$T,MATCH(E499,CTS!$E:$E,0))))","v":1335},{"$f":"IF(ISNA(INDEX(CTS!$U:$U,MATCH(E499,CTS!$E:$E,0))),\"\",(INDEX(CTS!$U:$U,MATCH(E499,CTS!$E:$E,0))))","v":0},{"$f":"IF(ISNA(INDEX(CTS!$V:$V,MATCH(E499,CTS!$E:$E,0))),\"\",(INDEX(CTS!$V:$V,MATCH(E499,CTS!$E:$E,0))))","v":1335},{"$f":"IFERROR(INDEX(CTS!$A:$A,MATCH(E499,CTS!$E:$E,0)),\".\")","v":"P"},{"$f":"IFERROR(IFERROR(INDEX(#REF!,MATCH(E499,#REF!,0)),IFERROR(INDEX(#REF!,MATCH(E499,#REF!,0)),INDEX(#REF!,MATCH(E499,#REF!,0)) )),\".\")","v":"."},null,{"$f":"IFERROR(VLOOKUP(E499,#REF!,8,FALSE),IFERROR(VLOOKUP(E499,#REF!,8,FALSE),IFERROR(VLOOKUP(E499,#REF!,8,FALSE),\"\")))","v":""},".-."]
[495,{"$f":"IFERROR(DAY(CTR[[#This Row],[Date]]),\"\")","v":8},{"$f":"IFERROR(MONTH(CTR[[#This Row],[Date]]),\"\")","v":2},{"$f":"IF(ISNA(INDEX(CTS!C:C,MATCH(E500,CTS!$E:$E,0))),\"\",(INDEX(CTS!C:C,MATCH(E500,CTS!$E:$E,0))))","v":44235},"02-086",{"$f":"IF(ISNA(INDEX(CTS!$F:$F,MATCH(E500,CTS!$E:$E,0))),\"\",(INDEX(CTS!$F:$F,MATCH(E500,CTS!$E:$E,0))))","v":"CLIENT"},{"$f":"IF(ISNA(INDEX(CTS!$N:$N,MATCH(E500,CTS!$E:$E,0))),\"\",(INDEX(CTS!$N:$N,MATCH(E500,CTS!$E:$E,0))))","v":33.613445378151262},{"$f":"IF(ISNA(INDEX(CTS!$O:$O,MATCH(E500,CTS!$E:$E,0))),\"\",(INDEX(CTS!$O:$O,MATCH(E500,CTS!$E:$E,0))))","v":0},{"$f":"IF(ISNA(INDEX(CTS!$P:$P,MATCH(E500,CTS!$E:$E,0))),\"\",(INDEX(CTS!$P:$P,MATCH(E500,CTS!$E:$E,0))))","v":0},{"$f":"IF(ISNA(INDEX(CTS!$Q:$Q,MATCH(E500,CTS!$E:$E,0))),\"\",(INDEX(CTS!$Q:$Q,MATCH(E500,CTS!$E:$E,0))))","v":33.613445378151262},{"$f":"IF(ISNA(INDEX(CTS!$S:$S,MATCH(E500,CTS!$E:$E,0))),\"\",(INDEX(CTS!$S:$S,MATCH(E500,CTS!$E:$E,0))))","v":6.3865546218487399},{"$f":"IF(ISNA(INDEX(CTS!$T:$T,MATCH(E500,CTS!$E:$E,0))),\"\",(INDEX(CTS!$T:$T,MATCH(E500,CTS!$E:$E,0))))","v":40},{"$f":"IF(ISNA(INDEX(CTS!$U:$U,MATCH(E500,CTS!$E:$E,0))),\"\",(INDEX(CTS!$U:$U,MATCH(E500,CTS!$E:$E,0))))","v":0},{"$f":"IF(ISNA(INDEX(CTS!$V:$V,MATCH(E500,CTS!$E:$E,0))),\"\",(INDEX(CTS!$V:$V,MATCH(E500,CTS!$E:$E,0))))","v":40},{"$f":"IFERROR(INDEX(CTS!$A:$A,MATCH(E500,CTS!$E:$E,0)),\".\")","v":"P"},{"$f":"IFERROR(IFERROR(INDEX(#REF!,MATCH(E500,#REF!,0)),IFERROR(INDEX(#REF!,MATCH(E500,#REF!,0)),INDEX(#REF!,MATCH(E500,#REF!,0)) )),\".\")","v":"."},null,{"$f":"IFERROR(VLOOKUP(E500,#REF!,8,FALSE),IFERROR(VLOOKUP(E500,#REF!,8,FALSE),IFERROR(VLOOKUP(E500,#REF!,8,FALSE),\"\")))","v":""},".-."]
[496,{"$f":"IFERROR(DAY(CTR[[#This Row],[Date]]),\"\")","v":8},{"$f":"IFERROR(MONTH(CTR[[#This Row],[Date]]),\"\")","v":2},{"$f":"IF(ISNA(INDEX(CTS!C:C,MATCH(E501,CTS!$E:$E,0))),\"\",(INDEX(CTS!C:C,MATCH(E501,CTS!$E:$E,0))))","v":44235},"02-087",{"$f":"IF(ISNA(INDEX(CTS!$F:$F,MATCH(E501,CTS!$E:$E,0))),\"\",(INDEX(CTS!$F:$F,MATCH(E501,CTS!$E:$E,0))))","v":"CLIENT"},{"$f":"IF(ISNA(INDEX(CTS!$N:$N,MATCH(E501,CTS!$E:$E,0))),\"\",(INDEX(CTS!$N:$N,MATCH(E501,CTS!$E:$E,0))))","v":386.55462184873949},{"$f":"IF(ISNA(INDEX(CTS!$O:$O,MATCH(E501,CTS!$E:$E,0))),\"\",(INDEX(CTS!$O:$O,MATCH(E501,CTS!$E:$E,0))))","v":0},{"$f":"IF(ISNA(INDEX(CTS!$P:$P,MATCH(E501,CTS!$E:$E,0))),\"\",(INDEX(CTS!$P:$P,MATCH(E501,CTS!$E:$E,0))))","v":0},{"$f":"IF(ISNA(INDEX(CTS!$Q:$Q,MATCH(E501,CTS!$E:$E,0))),\"\",(INDEX(CTS!$Q:$Q,MATCH(E501,CTS!$E:$E,0))))","v":386.55462184873949},{"$f":"IF(ISNA(INDEX(CTS!$S:$S,MATCH(E501,CTS!$E:$E,0))),\"\",(INDEX(CTS!$S:$S,MATCH(E501,CTS!$E:$E,0))))","v":73.445378151260513},{"$f":"IF(ISNA(INDEX(CTS!$T:$T,MATCH(E501,CTS!$E:$E,0))),\"\",(INDEX(CTS!$T:$T,MATCH(E501,CTS!$E:$E,0))))","v":460},{"$f":"IF(ISNA(INDEX(CTS!$U:$U,MATCH(E501,CTS!$E:$E,0))),\"\",(INDEX(CTS!$U:$U,MATCH(E501,CTS!$E:$E,0))))","v":0},{"$f":"IF(ISNA(INDEX(CTS!$V:$V,MATCH(E501,CTS!$E:$E,0))),\"\",(INDEX(CTS!$V:$V,MATCH(E501,CTS!$E:$E,0))))","v":460},{"$f":"IFERROR(INDEX(CTS!$A:$A,MATCH(E501,CTS!$E:$E,0)),\".\")","v":"P"},{"$f":"IFERROR(IFERROR(INDEX(#REF!,MATCH(E501,#REF!,0)),IFERROR(INDEX(#REF!,MATCH(E501,#REF!,0)),INDEX(#REF!,MATCH(E501,#REF!,0)) )),\".\")","v":"."},null,{"$f":"IFERROR(VLOOKUP(E501,#REF!,8,FALSE),IFERROR(VLOOKUP(E501,#REF!,8,FALSE),IFERROR(VLOOKUP(E501,#REF!,8,FALSE),\"\")))","v":""},".-."]
[497,{"$f":"IFERROR(DAY(CTR[[#This Row],[Date]]),\"\")","v":8},{"$f":"IFERROR(MONTH(CTR[[#This Row],[Date]]),\"\")","v":2},{"$f":"IF(ISNA(INDEX(CTS!C:C,MATCH(E502,CTS!$E:$E,0))),\"\",(INDEX(CTS!C:C,MATCH(E502,CTS!$E:$E,0))))","v":44235},"02-088",{"$f":"IF(ISNA(INDEX(CTS!$F:$F,MATCH(E502,CTS!$E:$E,0))),\"\",(INDEX(CTS!$F:$F,MATCH(E502,CTS!$E:$E,0))))","v":"CLIENT"},{"$f":"IF(ISNA(INDEX(CTS!$N:$N,MATCH(E502,CTS!$E:$E,0))),\"\",(INDEX(CTS!$N:$N,MATCH(E502,CTS!$E:$E,0))))","v":16.806722689075631},{"$f":"IF(ISNA(INDEX(CTS!$O:$O,MATCH(E502,CTS!$E:$E,0))),\"\",(INDEX(CTS!$O:$O,MATCH(E502,CTS!$E:$E,0))))","v":0},{"$f":"IF(ISNA(INDEX(CTS!$P:$P,MATCH(E502,CTS!$E:$E,0))),\"\",(INDEX(CTS!$P:$P,MATCH(E502,CTS!$E:$E,0))))","v":0},{"$f":"IF(ISNA(INDEX(CTS!$Q:$Q,MATCH(E502,CTS!$E:$E,0))),\"\",(INDEX(CTS!$Q:$Q,MATCH(E502,CTS!$E:$E,0))))","v":16.806722689075631},{"$f":"IF(ISNA(INDEX(CTS!$S:$S,MATCH(E502,CTS!$E:$E,0))),\"\",(INDEX(CTS!$S:$S,MATCH(E502,CTS!$E:$E,0))))","v":3.1932773109243699},{"$f":"IF(ISNA(INDEX(CTS!$T:$T,MATCH(E502,CTS!$E:$E,0))),\"\",(INDEX(CTS!$T:$T,MATCH(E502,CTS!$E:$E,0))))","v":20},{"$f":"IF(ISNA(INDEX(CTS!$U:$U,MATCH(E502,CTS!$E:$E,0))),\"\",(INDEX(CTS!$U:$U,MATCH(E502,CTS!$E:$E,0))))","v":0},{"$f":"IF(ISNA(INDEX(CTS!$V:$V,MATCH(E502,CTS!$E:$E,0))),\"\",(INDEX(CTS!$V:$V,MATCH(E502,CTS!$E:$E,0))))","v":20},{"$f":"IFERROR(INDEX(CTS!$A:$A,MATCH(E502,CTS!$E:$E,0)),\".\")","v":"P"},{"$f":"IFERROR(IFERROR(INDEX(#REF!,MATCH(E502,#REF!,0)),IFERROR(INDEX(#REF!,MATCH(E502,#REF!,0)),INDEX(#REF!,MATCH(E502,#REF!,0)) )),\".\")","v":"."},null,{"$f":"IFERROR(VLOOKUP(E502,#REF!,8,FALSE),IFERROR(VLOOKUP(E502,#REF!,8,FALSE),IFERROR(VLOOKUP(E502,#REF!,8,FALSE),\"\")))","v":""},".-."]
[498,{"$f":"IFERROR(DAY(CTR[[#This Row],[Date]]),\"\")","v":8},{"$f":"IFERROR(MONTH(CTR[[#This Row],[Date]]),\"\")","v":2},{"$f":"IF(ISNA(INDEX(CTS!C:C,MATCH(E503,CTS!$E:$E,0))),\"\",(INDEX(CTS!C:C,MATCH(E503,CTS!$E:$E,0))))","v":44235},"02-089",{"$f":"IF(ISNA(INDEX(CTS!$F:$F,MATCH(E503,CTS!$E:$E,0))),\"\",(INDEX(CTS!$F:$F,MATCH(E503,CTS!$E:$E,0))))","v":"CLIENT"},{"$f":"IF(ISNA(INDEX(CTS!$N:$N,MATCH(E503,CTS!$E:$E,0))),\"\",(INDEX(CTS!$N:$N,MATCH(E503,CTS!$E:$E,0))))","v":16.806722689075631},{"$f":"IF(ISNA(INDEX(CTS!$O:$O,MATCH(E503,CTS!$E:$E,0))),\"\",(INDEX(CTS!$O:$O,MATCH(E503,CTS!$E:$E,0))))","v":0},{"$f":"IF(ISNA(INDEX(CTS!$P:$P,MATCH(E503,CTS!$E:$E,0))),\"\",(INDEX(CTS!$P:$P,MATCH(E503,CTS!$E:$E,0))))","v":0},{"$f":"IF(ISNA(INDEX(CTS!$Q:$Q,MATCH(E503,CTS!$E:$E,0))),\"\",(INDEX(CTS!$Q:$Q,MATCH(E503,CTS!$E:$E,0))))","v":16.806722689075631},{"$f":"IF(ISNA(INDEX(CTS!$S:$S,MATCH(E503,CTS!$E:$E,0))),\"\",(INDEX(CTS!$S:$S,MATCH(E503,CTS!$E:$E,0))))","v":3.1932773109243699},{"$f":"IF(ISNA(INDEX(CTS!$T:$T,MATCH(E503,CTS!$E:$E,0))),\"\",(INDEX(CTS!$T:$T,MATCH(E503,CTS!$E:$E,0))))","v":20},{"$f":"IF(ISNA(INDEX(CTS!$U:$U,MATCH(E503,CTS!$E:$E,0))),\"\",(INDEX(CTS!$U:$U,MATCH(E503,CTS!$E:$E,0))))","v":0},{"$f":"IF(ISNA(INDEX(CTS!$V:$V,MATCH(E503,CTS!$E:$E,0))),\"\",(INDEX(CTS!$V:$V,MATCH(E503,CTS!$E:$E,0))))","v":20},{"$f":"IFERROR(INDEX(CTS!$A:$A,MATCH(E503,CTS!$E:$E,0)),\".\")","v":"P"},{"$f":"IFERROR(IFERROR(INDEX(#REF!,MATCH(E503,#REF!,0)),IFERROR(INDEX(#REF!,MATCH(E503,#REF!,0)),INDEX(#REF!,MATCH(E503,#REF!,0)) )),\".\")","v":"."},null,{"$f":"IFERROR(VLOOKUP(E503,#REF!,8,FALSE),IFERROR(VLOOKUP(E503,#REF!,8,FALSE),IFERROR(VLOOKUP(E503,#REF!,8,FALSE),\"\")))","v":""},".-."]
[499,{"$f":"IFERROR(DAY(CTR[[#This Row],[Date]]),\"\")","v":8},{"$f":"IFERROR(MONTH(CTR[[#This Row],[Date]]),\"\")","v":2},{"$f":"IF(ISNA(INDEX(CTS!C:C,MATCH(E504,CTS!$E:$E,0))),\"\",(INDEX(CTS!C:C,MATCH(E504,CTS!$E:$E,0))))","v":44235},"02-090",{"$f":"IF(ISNA(INDEX(CTS!$F:$F,MATCH(E504,CTS!$E:$E,0))),\"\",(INDEX(CTS!$F:$F,MATCH(E504,CTS!$E:$E,0))))","v":"CLIENT"},{"$f":"IF(ISNA(INDEX(CTS!$N:$N,MATCH(E504,CTS!$E:$E,0))),\"\",(INDEX(CTS!$N:$N,MATCH(E504,CTS!$E:$E,0))))","v":1729.4117647058824},{"$f":"IF(ISNA(INDEX(CTS!$O:$O,MATCH(E504,CTS!$E:$E,0))),\"\",(INDEX(CTS!$O:$O,MATCH(E504,CTS!$E:$E,0))))","v":2.8182701652089408E-2},{"$f":"IF(ISNA(INDEX(CTS!$P:$P,MATCH(E504,CTS!$E:$E,0))),\"\",(INDEX(CTS!$P:$P,MATCH(E504,CTS!$E:$E,0))))","v":48.739495798319332},{"$f":"IF(ISNA(INDEX(CTS!$Q:$Q,MATCH(E504,CTS!$E:$E,0))),\"\",(INDEX(CTS!$Q:$Q,MATCH(E504,CTS!$E:$E,0))))","v":1680.6722689075632},{"$f":"IF(ISNA(INDEX(CTS!$S:$S,MATCH(E504,CTS!$E:$E,0))),\"\",(INDEX(CTS!$S:$S,MATCH(E504,CTS!$E:$E,0))))","v":319.32773109243703},{"$f":"IF(ISNA(INDEX(CTS!$T:$T,MATCH(E504,CTS!$E:$E,0))),\"\",(INDEX(CTS!$T:$T,MATCH(E504,CTS!$E:$E,0))))","v":2000.0000000000002},{"$f":"IF(ISNA(INDEX(CTS!$U:$U,MATCH(E504,CTS!$E:$E,0))),\"\",(INDEX(CTS!$U:$U,MATCH(E504,CTS!$E:$E,0))))","v":0},{"$f":"IF(ISNA(INDEX(CTS!$V:$V,MATCH(E504,CTS!$E:$E,0))),\"\",(INDEX(CTS!$V:$V,MATCH(E504,CTS!$E:$E,0))))","v":2000.0000000000002},{"$f":"IFERROR(INDEX(CTS!$A:$A,MATCH(E504,CTS!$E:$E,0)),\".\")","v":"P"},{"$f":"IFERROR(IFERROR(INDEX(#REF!,MATCH(E504,#REF!,0)),IFERROR(INDEX(#REF!,MATCH(E504,#REF!,0)),INDEX(#REF!,MATCH(E504,#REF!,0)) )),\".\")","v":"."},null,{"$f":"IFERROR(VLOOKUP(E504,#REF!,8,FALSE),IFERROR(VLOOKUP(E504,#REF!,8,FALSE),IFERROR(VLOOKUP(E504,#REF!,8,FALSE),\"\")))","v":""},".-."]
[500,{"$f":"IFERROR(DAY(CTR[[#This Row],[Date]]),\"\")","v":8},{"$f":"IFERROR(MONTH(CTR[[#This Row],[Date]]),\"\")","v":2},{"$f":"IF(ISNA(INDEX(CTS!C:C,MATCH(E505,CTS!$E:$E,0))),\"\",(INDEX(CTS!C:C,MATCH(E505,CTS!$E:$E,0))))","v":44235},"02-091",{"$f":"IF(ISNA(INDEX(CTS!$F:$F,MATCH(E505,CTS!$E:$E,0))),\"\",(INDEX(CTS!$F:$F,MATCH(E505,CTS!$E:$E,0))))","v":"CLIENT"},{"$f":"IF(ISNA(INDEX(CTS!$N:$N,MATCH(E505,CTS!$E:$E,0))),\"\",(INDEX(CTS!$N:$N,MATCH(E505,CTS!$E:$E,0))))","v":90.756302521008422},{"$f":"IF(ISNA(INDEX(CTS!$O:$O,MATCH(E505,CTS!$E:$E,0))),\"\",(INDEX(CTS!$O:$O,MATCH(E505,CTS!$E:$E,0))))","v":0},{"$f":"IF(ISNA(INDEX(CTS!$P:$P,MATCH(E505,CTS!$E:$E,0))),\"\",(INDEX(CTS!$P:$P,MATCH(E505,CTS!$E:$E,0))))","v":0},{"$f":"IF(ISNA(INDEX(CTS!$Q:$Q,MATCH(E505,CTS!$E:$E,0))),\"\",(INDEX(CTS!$Q:$Q,MATCH(E505,CTS!$E:$E,0))))","v":90.756302521008422},{"$f":"IF(ISNA(INDEX(CTS!$S:$S,MATCH(E505,CTS!$E:$E,0))),\"\",(INDEX(CTS!$S:$S,MATCH(E505,CTS!$E:$E,0))))","v":17.243697478991599},{"$f":"IF(ISNA(INDEX(CTS!$T:$T,MATCH(E505,CTS!$E:$E,0))),\"\",(INDEX(CTS!$T:$T,MATCH(E505,CTS!$E:$E,0))))","v":108.00000000000003},{"$f":"IF(ISNA(INDEX(CTS!$U:$U,MATCH(E505,CTS!$E:$E,0))),\"\",(INDEX(CTS!$U:$U,MATCH(E505,CTS!$E:$E,0))))","v":0},{"$f":"IF(ISNA(INDEX(CTS!$V:$V,MATCH(E505,CTS!$E:$E,0))),\"\",(INDEX(CTS!$V:$V,MATCH(E505,CTS!$E:$E,0))))","v":108.00000000000003},{"$f":"IFERROR(INDEX(CTS!$A:$A,MATCH(E505,CTS!$E:$E,0)),\".\")","v":"P"},{"$f":"IFERROR(IFERROR(INDEX(#REF!,MATCH(E505,#REF!,0)),IFERROR(INDEX(#REF!,MATCH(E505,#REF!,0)),INDEX(#REF!,MATCH(E505,#REF!,0)) )),\".\")","v":"."},null,{"$f":"IFERROR(VLOOKUP(E505,#REF!,8,FALSE),IFERROR(VLOOKUP(E505,#REF!,8,FALSE),IFERROR(VLOOKUP(E505,#REF!,8,FALSE),\"\")))","v":""},".-."]
[501,{"$f":"IFERROR(DAY(CTR[[#This Row],[Date]]),\"\")","v":8},{"$f":"IFERROR(MONTH(CTR[[#This Row],[Date]]),\"\")","v":2},{"$f":"IF(ISNA(INDEX(CTS!C:C,MATCH(E506,CTS!$E:$E,0))),\"\",(INDEX(CTS!C:C,MATCH(E506,CTS!$E:$E,0))))","v":44235},"02-092",{"$f":"IF(ISNA(INDEX(CTS!$F:$F,MATCH(E506,CTS!$E:$E,0))),\"\",(INDEX(CTS!$F:$F,MATCH(E506,CTS!$E:$E,0))))","v":"CLIENT"},{"$f":"IF(ISNA(INDEX(CTS!$N:$N,MATCH(E506,CTS!$E:$E,0))),\"\",(INDEX(CTS!$N:$N,MATCH(E506,CTS!$E:$E,0))))","v":90.756302521008422},{"$f":"IF(ISNA(INDEX(CTS!$O:$O,MATCH(E506,CTS!$E:$E,0))),\"\",(INDEX(CTS!$O:$O,MATCH(E506,CTS!$E:$E,0))))","v":0},{"$f":"IF(ISNA(INDEX(CTS!$P:$P,MATCH(E506,CTS!$E:$E,0))),\"\",(INDEX(CTS!$P:$P,MATCH(E506,CTS!$E:$E,0))))","v":0},{"$f":"IF(ISNA(INDEX(CTS!$Q:$Q,MATCH(E506,CTS!$E:$E,0))),\"\",(INDEX(CTS!$Q:$Q,MATCH(E506,CTS!$E:$E,0))))","v":90.756302521008422},{"$f":"IF(ISNA(INDEX(CTS!$S:$S,MATCH(E506,CTS!$E:$E,0))),\"\",(INDEX(CTS!$S:$S,MATCH(E506,CTS!$E:$E,0))))","v":17.243697478991599},{"$f":"IF(ISNA(INDEX(CTS!$T:$T,MATCH(E506,CTS!$E:$E,0))),\"\",(INDEX(CTS!$T:$T,MATCH(E506,CTS!$E:$E,0))))","v":108.00000000000003},{"$f":"IF(ISNA(INDEX(CTS!$U:$U,MATCH(E506,CTS!$E:$E,0))),\"\",(INDEX(CTS!$U:$U,MATCH(E506,CTS!$E:$E,0))))","v":0},{"$f":"IF(ISNA(INDEX(CTS!$V:$V,MATCH(E506,CTS!$E:$E,0))),\"\",(INDEX(CTS!$V:$V,MATCH(E506,CTS!$E:$E,0))))","v":108.00000000000003},{"$f":"IFERROR(INDEX(CTS!$A:$A,MATCH(E506,CTS!$E:$E,0)),\".\")","v":"P"},{"$f":"IFERROR(IFERROR(INDEX(#REF!,MATCH(E506,#REF!,0)),IFERROR(INDEX(#REF!,MATCH(E506,#REF!,0)),INDEX(#REF!,MATCH(E506,#REF!,0)) )),\".\")","v":"."},null,{"$f":"IFERROR(VLOOKUP(E506,#REF!,8,FALSE),IFERROR(VLOOKUP(E506,#REF!,8,FALSE),IFERROR(VLOOKUP(E506,#REF!,8,FALSE),\"\")))","v":""},".-."]
[502,{"$f":"IFERROR(DAY(CTR[[#This Row],[Date]]),\"\")","v":8},{"$f":"IFERROR(MONTH(CTR[[#This Row],[Date]]),\"\")","v":2},{"$f":"IF(ISNA(INDEX(CTS!C:C,MATCH(E507,CTS!$E:$E,0))),\"\",(INDEX(CTS!C:C,MATCH(E507,CTS!$E:$E,0))))","v":44235},"02-093",{"$f":"IF(ISNA(INDEX(CTS!$F:$F,MATCH(E507,CTS!$E:$E,0))),\"\",(INDEX(CTS!$F:$F,MATCH(E507,CTS!$E:$E,0))))","v":"CLIENT"},{"$f":"IF(ISNA(INDEX(CTS!$N:$N,MATCH(E507,CTS!$E:$E,0))),\"\",(INDEX(CTS!$N:$N,MATCH(E507,CTS!$E:$E,0))))","v":1847.0588235294119},{"$f":"IF(ISNA(INDEX(CTS!$O:$O,MATCH(E507,CTS!$E:$E,0))),\"\",(INDEX(CTS!$O:$O,MATCH(E507,CTS!$E:$E,0))))","v":1.5013648771610554E-2},{"$f":"IF(ISNA(INDEX(CTS!$P:$P,MATCH(E507,CTS!$E:$E,0))),\"\",(INDEX(CTS!$P:$P,MATCH(E507,CTS!$E:$E,0))))","v":27.731092436974791},{"$f":"IF(ISNA(INDEX(CTS!$Q:$Q,MATCH(E507,CTS!$E:$E,0))),\"\",(INDEX(CTS!$Q:$Q,MATCH(E507,CTS!$E:$E,0))))","v":1819.3277310924373},{"$f":"IF(ISNA(INDEX(CTS!$S:$S,MATCH(E507,CTS!$E:$E,0))),\"\",(INDEX(CTS!$S:$S,MATCH(E507,CTS!$E:$E,0))))","v":345.67226890756302},{"$f":"IF(ISNA(INDEX(CTS!$T:$T,MATCH(E507,CTS!$E:$E,0))),\"\",(INDEX(CTS!$T:$T,MATCH(E507,CTS!$E:$E,0))))","v":2165.0000000000005},{"$f":"IF(ISNA(INDEX(CTS!$U:$U,MATCH(E507,CTS!$E:$E,0))),\"\",(INDEX(CTS!$U:$U,MATCH(E507,CTS!$E:$E,0))))","v":0},{"$f":"IF(ISNA(INDEX(CTS!$V:$V,MATCH(E507,CTS!$E:$E,0))),\"\",(INDEX(CTS!$V:$V,MATCH(E507,CTS!$E:$E,0))))","v":2165.0000000000005},{"$f":"IFERROR(INDEX(CTS!$A:$A,MATCH(E507,CTS!$E:$E,0)),\".\")","v":"P"},{"$f":"IFERROR(IFERROR(INDEX(#REF!,MATCH(E507,#REF!,0)),IFERROR(INDEX(#REF!,MATCH(E507,#REF!,0)),INDEX(#REF!,MATCH(E507,#REF!,0)) )),\".\")","v":"."},null,{"$f":"IFERROR(VLOOKUP(E507,#REF!,8,FALSE),IFERROR(VLOOKUP(E507,#REF!,8,FALSE),IFERROR(VLOOKUP(E507,#REF!,8,FALSE),\"\")))","v":""},".-."]
[503,{"$f":"IFERROR(DAY(CTR[[#This Row],[Date]]),\"\")","v":8},{"$f":"IFERROR(MONTH(CTR[[#This Row],[Date]]),\"\")","v":2},{"$f":"IF(ISNA(INDEX(CTS!C:C,MATCH(E508,CTS!$E:$E,0))),\"\",(INDEX(CTS!C:C,MATCH(E508,CTS!$E:$E,0))))","v":44235},"02-094",{"$f":"IF(ISNA(INDEX(CTS!$F:$F,MATCH(E508,CTS!$E:$E,0))),\"\",(INDEX(CTS!$F:$F,MATCH(E508,CTS!$E:$E,0))))","v":"CLIENT"},{"$f":"IF(ISNA(INDEX(CTS!$N:$N,MATCH(E508,CTS!$E:$E,0))),\"\",(INDEX(CTS!$N:$N,MATCH(E508,CTS!$E:$E,0))))","v":8.4033613445378155},{"$f":"IF(ISNA(INDEX(CTS!$O:$O,MATCH(E508,CTS!$E:$E,0))),\"\",(INDEX(CTS!$O:$O,MATCH(E508,CTS!$E:$E,0))))","v":0},{"$f":"IF(ISNA(INDEX(CTS!$P:$P,MATCH(E508,CTS!$E:$E,0))),\"\",(INDEX(CTS!$P:$P,MATCH(E508,CTS!$E:$E,0))))","v":0},{"$f":"IF(ISNA(INDEX(CTS!$Q:$Q,MATCH(E508,CTS!$E:$E,0))),\"\",(INDEX(CTS!$Q:$Q,MATCH(E508,CTS!$E:$E,0))))","v":8.4033613445378155},{"$f":"IF(ISNA(INDEX(CTS!$S:$S,MATCH(E508,CTS!$E:$E,0))),\"\",(INDEX(CTS!$S:$S,MATCH(E508,CTS!$E:$E,0))))","v":1.596638655462185},{"$f":"IF(ISNA(INDEX(CTS!$T:$T,MATCH(E508,CTS!$E:$E,0))),\"\",(INDEX(CTS!$T:$T,MATCH(E508,CTS!$E:$E,0))))","v":10},{"$f":"IF(ISNA(INDEX(CTS!$U:$U,MATCH(E508,CTS!$E:$E,0))),\"\",(INDEX(CTS!$U:$U,MATCH(E508,CTS!$E:$E,0))))","v":0},{"$f":"IF(ISNA(INDEX(CTS!$V:$V,MATCH(E508,CTS!$E:$E,0))),\"\",(INDEX(CTS!$V:$V,MATCH(E508,CTS!$E:$E,0))))","v":10},{"$f":"IFERROR(INDEX(CTS!$A:$A,MATCH(E508,CTS!$E:$E,0)),\".\")","v":"P"},{"$f":"IFERROR(IFERROR(INDEX(#REF!,MATCH(E508,#REF!,0)),IFERROR(INDEX(#REF!,MATCH(E508,#REF!,0)),INDEX(#REF!,MATCH(E508,#REF!,0)) )),\".\")","v":"."},null,{"$f":"IFERROR(VLOOKUP(E508,#REF!,8,FALSE),IFERROR(VLOOKUP(E508,#REF!,8,FALSE),IFERROR(VLOOKUP(E508,#REF!,8,FALSE),\"\")))","v":""},".-."]
[504,{"$f":"IFERROR(DAY(CTR[[#This Row],[Date]]),\"\")","v":8},{"$f":"IFERROR(MONTH(CTR[[#This Row],[Date]]),\"\")","v":2},{"$f":"IF(ISNA(INDEX(CTS!C:C,MATCH(E509,CTS!$E:$E,0))),\"\",(INDEX(CTS!C:C,MATCH(E509,CTS!$E:$E,0))))","v":44235},"02-095",{"$f":"IF(ISNA(INDEX(CTS!$F:$F,MATCH(E509,CTS!$E:$E,0))),\"\",(INDEX(CTS!$F:$F,MATCH(E509,CTS!$E:$E,0))))","v":"CLIENT"},{"$f":"IF(ISNA(INDEX(CTS!$N:$N,MATCH(E509,CTS!$E:$E,0))),\"\",(INDEX(CTS!$N:$N,MATCH(E509,CTS!$E:$E,0))))","v":354.62184873949582},{"$f":"IF(ISNA(INDEX(CTS!$O:$O,MATCH(E509,CTS!$E:$E,0))),\"\",(INDEX(CTS!$O:$O,MATCH(E509,CTS!$E:$E,0))))","v":4.7393364928909948E-3},{"$f":"IF(ISNA(INDEX(CTS!$P:$P,MATCH(E509,CTS!$E:$E,0))),\"\",(INDEX(CTS!$P:$P,MATCH(E509,CTS!$E:$E,0))))","v":1.680672268907563},{"$f":"IF(ISNA(INDEX(CTS!$Q:$Q,MATCH(E509,CTS!$E:$E,0))),\"\",(INDEX(CTS!$Q:$Q,MATCH(E509,CTS!$E:$E,0))))","v":352.94117647058823},{"$f":"IF(ISNA(INDEX(CTS!$S:$S,MATCH(E509,CTS!$E:$E,0))),\"\",(INDEX(CTS!$S:$S,MATCH(E509,CTS!$E:$E,0))))","v":67.058823529411768},{"$f":"IF(ISNA(INDEX(CTS!$T:$T,MATCH(E509,CTS!$E:$E,0))),\"\",(INDEX(CTS!$T:$T,MATCH(E509,CTS!$E:$E,0))))","v":420},{"$f":"IF(ISNA(INDEX(CTS!$U:$U,MATCH(E509,CTS!$E:$E,0))),\"\",(INDEX(CTS!$U:$U,MATCH(E509,CTS!$E:$E,0))))","v":0},{"$f":"IF(ISNA(INDEX(CTS!$V:$V,MATCH(E509,CTS!$E:$E,0))),\"\",(INDEX(CTS!$V:$V,MATCH(E509,CTS!$E:$E,0))))","v":420},{"$f":"IFERROR(INDEX(CTS!$A:$A,MATCH(E509,CTS!$E:$E,0)),\".\")","v":"P"},{"$f":"IFERROR(IFERROR(INDEX(#REF!,MATCH(E509,#REF!,0)),IFERROR(INDEX(#REF!,MATCH(E509,#REF!,0)),INDEX(#REF!,MATCH(E509,#REF!,0)) )),\".\")","v":"."},null,{"$f":"IFERROR(VLOOKUP(E509,#REF!,8,FALSE),IFERROR(VLOOKUP(E509,#REF!,8,FALSE),IFERROR(VLOOKUP(E509,#REF!,8,FALSE),\"\")))","v":""},".-."]
[505,{"$f":"IFERROR(DAY(CTR[[#This Row],[Date]]),\"\")","v":8},{"$f":"IFERROR(MONTH(CTR[[#This Row],[Date]]),\"\")","v":2},{"$f":"IF(ISNA(INDEX(CTS!C:C,MATCH(E510,CTS!$E:$E,0))),\"\",(INDEX(CTS!C:C,MATCH(E510,CTS!$E:$E,0))))","v":44235},"02-096",{"$f":"IF(ISNA(INDEX(CTS!$F:$F,MATCH(E510,CTS!$E:$E,0))),\"\",(INDEX(CTS!$F:$F,MATCH(E510,CTS!$E:$E,0))))","v":"CLIENT"},{"$f":"IF(ISNA(INDEX(CTS!$N:$N,MATCH(E510,CTS!$E:$E,0))),\"\",(INDEX(CTS!$N:$N,MATCH(E510,CTS!$E:$E,0))))","v":7583.1932773109256},{"$f":"IF(ISNA(INDEX(CTS!$O:$O,MATCH(E510,CTS!$E:$E,0))),\"\",(INDEX(CTS!$O:$O,MATCH(E510,CTS!$E:$E,0))))","v":0.13563829787234041},{"$f":"IF(ISNA(INDEX(CTS!$P:$P,MATCH(E510,CTS!$E:$E,0))),\"\",(INDEX(CTS!$P:$P,MATCH(E510,CTS!$E:$E,0))))","v":1028.5714285714287},{"$f":"IF(ISNA(INDEX(CTS!$Q:$Q,MATCH(E510,CTS!$E:$E,0))),\"\",(INDEX(CTS!$Q:$Q,MATCH(E510,CTS!$E:$E,0))))","v":6554.6218487394972},{"$f":"IF(ISNA(INDEX(CTS!$S:$S,MATCH(E510,CTS!$E:$E,0))),\"\",(INDEX(CTS!$S:$S,MATCH(E510,CTS!$E:$E,0))))","v":1245.3781512605044},{"$f":"IF(ISNA(INDEX(CTS!$T:$T,MATCH(E510,CTS!$E:$E,0))),\"\",(INDEX(CTS!$T:$T,MATCH(E510,CTS!$E:$E,0))))","v":7800.0000000000018},{"$f":"IF(ISNA(INDEX(CTS!$U:$U,MATCH(E510,CTS!$E:$E,0))),\"\",(INDEX(CTS!$U:$U,MATCH(E510,CTS!$E:$E,0))))","v":0},{"$f":"IF(ISNA(INDEX(CTS!$V:$V,MATCH(E510,CTS!$E:$E,0))),\"\",(INDEX(CTS!$V:$V,MATCH(E510,CTS!$E:$E,0))))","v":7800.0000000000018},{"$f":"IFERROR(INDEX(CTS!$A:$A,MATCH(E510,CTS!$E:$E,0)),\".\")","v":"P"},{"$f":"IFERROR(IFERROR(INDEX(#REF!,MATCH(E510,#REF!,0)),IFERROR(INDEX(#REF!,MATCH(E510,#REF!,0)),INDEX(#REF!,MATCH(E510,#REF!,0)) )),\".\")","v":"."},null,{"$f":"IFERROR(VLOOKUP(E510,#REF!,8,FALSE),IFERROR(VLOOKUP(E510,#REF!,8,FALSE),IFERROR(VLOOKUP(E510,#REF!,8,FALSE),\"\")))","v":""},".-."]
[506,{"$f":"IFERROR(DAY(CTR[[#This Row],[Date]]),\"\")","v":8},{"$f":"IFERROR(MONTH(CTR[[#This Row],[Date]]),\"\")","v":2},{"$f":"IF(ISNA(INDEX(CTS!C:C,MATCH(E511,CTS!$E:$E,0))),\"\",(INDEX(CTS!C:C,MATCH(E511,CTS!$E:$E,0))))","v":44235},"02-097",{"$f":"IF(ISNA(INDEX(CTS!$F:$F,MATCH(E511,CTS!$E:$E,0))),\"\",(INDEX(CTS!$F:$F,MATCH(E511,CTS!$E:$E,0))))","v":"CLIENT"},{"$f":"IF(ISNA(INDEX(CTS!$N:$N,MATCH(E511,CTS!$E:$E,0))),\"\",(INDEX(CTS!$N:$N,MATCH(E511,CTS!$E:$E,0))))","v":4381.5126050420176},{"$f":"IF(ISNA(INDEX(CTS!$O:$O,MATCH(E511,CTS!$E:$E,0))),\"\",(INDEX(CTS!$O:$O,MATCH(E511,CTS!$E:$E,0))))","v":2.6850786344457226E-3},{"$f":"IF(ISNA(INDEX(CTS!$P:$P,MATCH(E511,CTS!$E:$E,0))),\"\",(INDEX(CTS!$P:$P,MATCH(E511,CTS!$E:$E,0))))","v":11.764705882352942},{"$f":"IF(ISNA(INDEX(CTS!$Q:$Q,MATCH(E511,CTS!$E:$E,0))),\"\",(INDEX(CTS!$Q:$Q,MATCH(E511,CTS!$E:$E,0))))","v":4369.7478991596645},{"$f":"IF(ISNA(INDEX(CTS!$S:$S,MATCH(E511,CTS!$E:$E,0))),\"\",(INDEX(CTS!$S:$S,MATCH(E511,CTS!$E:$E,0))))","v":830.25210084033631},{"$f":"IF(ISNA(INDEX(CTS!$T:$T,MATCH(E511,CTS!$E:$E,0))),\"\",(INDEX(CTS!$T:$T,MATCH(E511,CTS!$E:$E,0))))","v":5200.0000000000009},{"$f":"IF(ISNA(INDEX(CTS!$U:$U,MATCH(E511,CTS!$E:$E,0))),\"\",(INDEX(CTS!$U:$U,MATCH(E511,CTS!$E:$E,0))))","v":0},{"$f":"IF(ISNA(INDEX(CTS!$V:$V,MATCH(E511,CTS!$E:$E,0))),\"\",(INDEX(CTS!$V:$V,MATCH(E511,CTS!$E:$E,0))))","v":5200.0000000000009},{"$f":"IFERROR(INDEX(CTS!$A:$A,MATCH(E511,CTS!$E:$E,0)),\".\")","v":"P"},{"$f":"IFERROR(IFERROR(INDEX(#REF!,MATCH(E511,#REF!,0)),IFERROR(INDEX(#REF!,MATCH(E511,#REF!,0)),INDEX(#REF!,MATCH(E511,#REF!,0)) )),\".\")","v":"."},null,{"$f":"IFERROR(VLOOKUP(E511,#REF!,8,FALSE),IFERROR(VLOOKUP(E511,#REF!,8,FALSE),IFERROR(VLOOKUP(E511,#REF!,8,FALSE),\"\")))","v":""},".-."]
[507,{"$f":"IFERROR(DAY(CTR[[#This Row],[Date]]),\"\")","v":8},{"$f":"IFERROR(MONTH(CTR[[#This Row],[Date]]),\"\")","v":2},{"$f":"IF(ISNA(INDEX(CTS!C:C,MATCH(E512,CTS!$E:$E,0))),\"\",(INDEX(CTS!C:C,MATCH(E512,CTS!$E:$E,0))))","v":44235},"02-098",{"$f":"IF(ISNA(INDEX(CTS!$F:$F,MATCH(E512,CTS!$E:$E,0))),\"\",(INDEX(CTS!$F:$F,MATCH(E512,CTS!$E:$E,0))))","v":"CLIENT"},{"$f":"IF(ISNA(INDEX(CTS!$N:$N,MATCH(E512,CTS!$E:$E,0))),\"\",(INDEX(CTS!$N:$N,MATCH(E512,CTS!$E:$E,0))))","v":1714.2857142857144},{"$f":"IF(ISNA(INDEX(CTS!$O:$O,MATCH(E512,CTS!$E:$E,0))),\"\",(INDEX(CTS!$O:$O,MATCH(E512,CTS!$E:$E,0))))","v":0},{"$f":"IF(ISNA(INDEX(CTS!$P:$P,MATCH(E512,CTS!$E:$E,0))),\"\",(INDEX(CTS!$P:$P,MATCH(E512,CTS!$E:$E,0))))","v":0},{"$f":"IF(ISNA(INDEX(CTS!$Q:$Q,MATCH(E512,CTS!$E:$E,0))),\"\",(INDEX(CTS!$Q:$Q,MATCH(E512,CTS!$E:$E,0))))","v":1714.2857142857144},{"$f":"IF(ISNA(INDEX(CTS!$S:$S,MATCH(E512,CTS!$E:$E,0))),\"\",(INDEX(CTS!$S:$S,MATCH(E512,CTS!$E:$E,0))))","v":325.71428571428572},{"$f":"IF(ISNA(INDEX(CTS!$T:$T,MATCH(E512,CTS!$E:$E,0))),\"\",(INDEX(CTS!$T:$T,MATCH(E512,CTS!$E:$E,0))))","v":2040.0000000000002},{"$f":"IF(ISNA(INDEX(CTS!$U:$U,MATCH(E512,CTS!$E:$E,0))),\"\",(INDEX(CTS!$U:$U,MATCH(E512,CTS!$E:$E,0))))","v":0},{"$f":"IF(ISNA(INDEX(CTS!$V:$V,MATCH(E512,CTS!$E:$E,0))),\"\",(INDEX(CTS!$V:$V,MATCH(E512,CTS!$E:$E,0))))","v":2040.0000000000002},{"$f":"IFERROR(INDEX(CTS!$A:$A,MATCH(E512,CTS!$E:$E,0)),\".\")","v":"P"},{"$f":"IFERROR(IFERROR(INDEX(#REF!,MATCH(E512,#REF!,0)),IFERROR(INDEX(#REF!,MATCH(E512,#REF!,0)),INDEX(#REF!,MATCH(E512,#REF!,0)) )),\".\")","v":"."},null,{"$f":"IFERROR(VLOOKUP(E512,#REF!,8,FALSE),IFERROR(VLOOKUP(E512,#REF!,8,FALSE),IFERROR(VLOOKUP(E512,#REF!,8,FALSE),\"\")))","v":""},".-."]
[508,{"$f":"IFERROR(DAY(CTR[[#This Row],[Date]]),\"\")","v":8},{"$f":"IFERROR(MONTH(CTR[[#This Row],[Date]]),\"\")","v":2},{"$f":"IF(ISNA(INDEX(CTS!C:C,MATCH(E513,CTS!$E:$E,0))),\"\",(INDEX(CTS!C:C,MATCH(E513,CTS!$E:$E,0))))","v":44235},"02-099",{"$f":"IF(ISNA(INDEX(CTS!$F:$F,MATCH(E513,CTS!$E:$E,0))),\"\",(INDEX(CTS!$F:$F,MATCH(E513,CTS!$E:$E,0))))","v":"CLIENT"},{"$f":"IF(ISNA(INDEX(CTS!$N:$N,MATCH(E513,CTS!$E:$E,0))),\"\",(INDEX(CTS!$N:$N,MATCH(E513,CTS!$E:$E,0))))","v":16.806722689075631},{"$f":"IF(ISNA(INDEX(CTS!$O:$O,MATCH(E513,CTS!$E:$E,0))),\"\",(INDEX(CTS!$O:$O,MATCH(E513,CTS!$E:$E,0))))","v":0},{"$f":"IF(ISNA(INDEX(CTS!$P:$P,MATCH(E513,CTS!$E:$E,0))),\"\",(INDEX(CTS!$P:$P,MATCH(E513,CTS!$E:$E,0))))","v":0},{"$f":"IF(ISNA(INDEX(CTS!$Q:$Q,MATCH(E513,CTS!$E:$E,0))),\"\",(INDEX(CTS!$Q:$Q,MATCH(E513,CTS!$E:$E,0))))","v":16.806722689075631},{"$f":"IF(ISNA(INDEX(CTS!$S:$S,MATCH(E513,CTS!$E:$E,0))),\"\",(INDEX(CTS!$S:$S,MATCH(E513,CTS!$E:$E,0))))","v":3.1932773109243699},{"$f":"IF(ISNA(INDEX(CTS!$T:$T,MATCH(E513,CTS!$E:$E,0))),\"\",(INDEX(CTS!$T:$T,MATCH(E513,CTS!$E:$E,0))))","v":20},{"$f":"IF(ISNA(INDEX(CTS!$U:$U,MATCH(E513,CTS!$E:$E,0))),\"\",(INDEX(CTS!$U:$U,MATCH(E513,CTS!$E:$E,0))))","v":0},{"$f":"IF(ISNA(INDEX(CTS!$V:$V,MATCH(E513,CTS!$E:$E,0))),\"\",(INDEX(CTS!$V:$V,MATCH(E513,CTS!$E:$E,0))))","v":20},{"$f":"IFERROR(INDEX(CTS!$A:$A,MATCH(E513,CTS!$E:$E,0)),\".\")","v":"P"},{"$f":"IFERROR(IFERROR(INDEX(#REF!,MATCH(E513,#REF!,0)),IFERROR(INDEX(#REF!,MATCH(E513,#REF!,0)),INDEX(#REF!,MATCH(E513,#REF!,0)) )),\".\")","v":"."},null,{"$f":"IFERROR(VLOOKUP(E513,#REF!,8,FALSE),IFERROR(VLOOKUP(E513,#REF!,8,FALSE),IFERROR(VLOOKUP(E513,#REF!,8,FALSE),\"\")))","v":""},{"$f":"IFERROR(TEXT(P513,\"mm\") & \"-\" & TEXT(P513,\"aaaa\"),\"\")","v":".-."}]
[509,{"$f":"IFERROR(DAY(CTR[[#This Row],[Date]]),\"\")","v":8},{"$f":"IFERROR(MONTH(CTR[[#This Row],[Date]]),\"\")","v":2},{"$f":"IF(ISNA(INDEX(CTS!C:C,MATCH(E514,CTS!$E:$E,0))),\"\",(INDEX(CTS!C:C,MATCH(E514,CTS!$E:$E,0))))","v":44235},"02-100",{"$f":"IF(ISNA(INDEX(CTS!$F:$F,MATCH(E514,CTS!$E:$E,0))),\"\",(INDEX(CTS!$F:$F,MATCH(E514,CTS!$E:$E,0))))","v":"CLIENT"},{"$f":"IF(ISNA(INDEX(CTS!$N:$N,MATCH(E514,CTS!$E:$E,0))),\"\",(INDEX(CTS!$N:$N,MATCH(E514,CTS!$E:$E,0))))","v":1327.7310924369749},{"$f":"IF(ISNA(INDEX(CTS!$O:$O,MATCH(E514,CTS!$E:$E,0))),\"\",(INDEX(CTS!$O:$O,MATCH(E514,CTS!$E:$E,0))))","v":0.10759493670886075},{"$f":"IF(ISNA(INDEX(CTS!$P:$P,MATCH(E514,CTS!$E:$E,0))),\"\",(INDEX(CTS!$P:$P,MATCH(E514,CTS!$E:$E,0))))","v":142.85714285714286},{"$f":"IF(ISNA(INDEX(CTS!$Q:$Q,MATCH(E514,CTS!$E:$E,0))),\"\",(INDEX(CTS!$Q:$Q,MATCH(E514,CTS!$E:$E,0))))","v":1184.873949579832},{"$f":"IF(ISNA(INDEX(CTS!$S:$S,MATCH(E514,CTS!$E:$E,0))),\"\",(INDEX(CTS!$S:$S,MATCH(E514,CTS!$E:$E,0))))","v":225.1260504201681},{"$f":"IF(ISNA(INDEX(CTS!$T:$T,MATCH(E514,CTS!$E:$E,0))),\"\",(INDEX(CTS!$T:$T,MATCH(E514,CTS!$E:$E,0))))","v":1410},{"$f":"IF(ISNA(INDEX(CTS!$U:$U,MATCH(E514,CTS!$E:$E,0))),\"\",(INDEX(CTS!$U:$U,MATCH(E514,CTS!$E:$E,0))))","v":0},{"$f":"IF(ISNA(INDEX(CTS!$V:$V,MATCH(E514,CTS!$E:$E,0))),\"\",(INDEX(CTS!$V:$V,MATCH(E514,CTS!$E:$E,0))))","v":1410},{"$f":"IFERROR(INDEX(CTS!$A:$A,MATCH(E514,CTS!$E:$E,0)),\".\")","v":"P"},{"$f":"IFERROR(IFERROR(INDEX(#REF!,MATCH(E514,#REF!,0)),IFERROR(INDEX(#REF!,MATCH(E514,#REF!,0)),INDEX(#REF!,MATCH(E514,#REF!,0)) )),\".\")","v":"."},null,{"$f":"IFERROR(VLOOKUP(E514,#REF!,8,FALSE),IFERROR(VLOOKUP(E514,#REF!,8,FALSE),IFERROR(VLOOKUP(E514,#REF!,8,FALSE),\"\")))","v":""},".-."]
[510,{"$f":"IFERROR(DAY(CTR[[#This Row],[Date]]),\"\")","v":8},{"$f":"IFERROR(MONTH(CTR[[#This Row],[Date]]),\"\")","v":2},{"$f":"IF(ISNA(INDEX(CTS!C:C,MATCH(E515,CTS!$E:$E,0))),\"\",(INDEX(CTS!C:C,MATCH(E515,CTS!$E:$E,0))))","v":44235},"02-101",{"$f":"IF(ISNA(INDEX(CTS!$F:$F,MATCH(E515,CTS!$E:$E,0))),\"\",(INDEX(CTS!$F:$F,MATCH(E515,CTS!$E:$E,0))))","v":"CLIENT"},{"$f":"IF(ISNA(INDEX(CTS!$N:$N,MATCH(E515,CTS!$E:$E,0))),\"\",(INDEX(CTS!$N:$N,MATCH(E515,CTS!$E:$E,0))))","v":1487.3949579831935},{"$f":"IF(ISNA(INDEX(CTS!$O:$O,MATCH(E515,CTS!$E:$E,0))),\"\",(INDEX(CTS!$O:$O,MATCH(E515,CTS!$E:$E,0))))","v":0},{"$f":"IF(ISNA(INDEX(CTS!$P:$P,MATCH(E515,CTS!$E:$E,0))),\"\",(INDEX(CTS!$P:$P,MATCH(E515,CTS!$E:$E,0))))","v":0},{"$f":"IF(ISNA(INDEX(CTS!$Q:$Q,MATCH(E515,CTS!$E:$E,0))),\"\",(INDEX(CTS!$Q:$Q,MATCH(E515,CTS!$E:$E,0))))","v":1487.3949579831935},{"$f":"IF(ISNA(INDEX(CTS!$S:$S,MATCH(E515,CTS!$E:$E,0))),\"\",(INDEX(CTS!$S:$S,MATCH(E515,CTS!$E:$E,0))))","v":282.60504201680675},{"$f":"IF(ISNA(INDEX(CTS!$T:$T,MATCH(E515,CTS!$E:$E,0))),\"\",(INDEX(CTS!$T:$T,MATCH(E515,CTS!$E:$E,0))))","v":1770.0000000000002},{"$f":"IF(ISNA(INDEX(CTS!$U:$U,MATCH(E515,CTS!$E:$E,0))),\"\",(INDEX(CTS!$U:$U,MATCH(E515,CTS!$E:$E,0))))","v":0},{"$f":"IF(ISNA(INDEX(CTS!$V:$V,MATCH(E515,CTS!$E:$E,0))),\"\",(INDEX(CTS!$V:$V,MATCH(E515,CTS!$E:$E,0))))","v":1770.0000000000002},{"$f":"IFERROR(INDEX(CTS!$A:$A,MATCH(E515,CTS!$E:$E,0)),\".\")","v":"P"},{"$f":"IFERROR(IFERROR(INDEX(#REF!,MATCH(E515,#REF!,0)),IFERROR(INDEX(#REF!,MATCH(E515,#REF!,0)),INDEX(#REF!,MATCH(E515,#REF!,0)) )),\".\")","v":"."},null,{"$f":"IFERROR(VLOOKUP(E515,#REF!,8,FALSE),IFERROR(VLOOKUP(E515,#REF!,8,FALSE),IFERROR(VLOOKUP(E515,#REF!,8,FALSE),\"\")))","v":""},".-."]
[511,{"$f":"IFERROR(DAY(CTR[[#This Row],[Date]]),\"\")","v":8},{"$f":"IFERROR(MONTH(CTR[[#This Row],[Date]]),\"\")","v":2},{"$f":"IF(ISNA(INDEX(CTS!C:C,MATCH(E516,CTS!$E:$E,0))),\"\",(INDEX(CTS!C:C,MATCH(E516,CTS!$E:$E,0))))","v":44235},"02-102",{"$f":"IF(ISNA(INDEX(CTS!$F:$F,MATCH(E516,CTS!$E:$E,0))),\"\",(INDEX(CTS!$F:$F,MATCH(E516,CTS!$E:$E,0))))","v":"CLIENT"},{"$f":"IF(ISNA(INDEX(CTS!$N:$N,MATCH(E516,CTS!$E:$E,0))),\"\",(INDEX(CTS!$N:$N,MATCH(E516,CTS!$E:$E,0))))","v":2541.1764705882351},{"$f":"IF(ISNA(INDEX(CTS!$O:$O,MATCH(E516,CTS!$E:$E,0))),\"\",(INDEX(CTS!$O:$O,MATCH(E516,CTS!$E:$E,0))))","v":0},{"$f":"IF(ISNA(INDEX(CTS!$P:$P,MATCH(E516,CTS!$E:$E,0))),\"\",(INDEX(CTS!$P:$P,MATCH(E516,CTS!$E:$E,0))))","v":0},{"$f":"IF(ISNA(INDEX(CTS!$Q:$Q,MATCH(E516,CTS!$E:$E,0))),\"\",(INDEX(CTS!$Q:$Q,MATCH(E516,CTS!$E:$E,0))))","v":2541.1764705882351},{"$f":"IF(ISNA(INDEX(CTS!$S:$S,MATCH(E516,CTS!$E:$E,0))),\"\",(INDEX(CTS!$S:$S,MATCH(E516,CTS!$E:$E,0))))","v":482.82352941176475},{"$f":"IF(ISNA(INDEX(CTS!$T:$T,MATCH(E516,CTS!$E:$E,0))),\"\",(INDEX(CTS!$T:$T,MATCH(E516,CTS!$E:$E,0))))","v":3024},{"$f":"IF(ISNA(INDEX(CTS!$U:$U,MATCH(E516,CTS!$E:$E,0))),\"\",(INDEX(CTS!$U:$U,MATCH(E516,CTS!$E:$E,0))))","v":0},{"$f":"IF(ISNA(INDEX(CTS!$V:$V,MATCH(E516,CTS!$E:$E,0))),\"\",(INDEX(CTS!$V:$V,MATCH(E516,CTS!$E:$E,0))))","v":3024},{"$f":"IFERROR(INDEX(CTS!$A:$A,MATCH(E516,CTS!$E:$E,0)),\".\")","v":"P"},{"$f":"IFERROR(IFERROR(INDEX(#REF!,MATCH(E516,#REF!,0)),IFERROR(INDEX(#REF!,MATCH(E516,#REF!,0)),INDEX(#REF!,MATCH(E516,#REF!,0)) )),\".\")","v":"."},null,{"$f":"IFERROR(VLOOKUP(E516,#REF!,8,FALSE),IFERROR(VLOOKUP(E516,#REF!,8,FALSE),IFERROR(VLOOKUP(E516,#REF!,8,FALSE),\"\")))","v":""},".-."]
[512,{"$f":"IFERROR(DAY(CTR[[#This Row],[Date]]),\"\")","v":8},{"$f":"IFERROR(MONTH(CTR[[#This Row],[Date]]),\"\")","v":2},{"$f":"IF(ISNA(INDEX(CTS!C:C,MATCH(E517,CTS!$E:$E,0))),\"\",(INDEX(CTS!C:C,MATCH(E517,CTS!$E:$E,0))))","v":44235},"02-103",{"$f":"IF(ISNA(INDEX(CTS!$F:$F,MATCH(E517,CTS!$E:$E,0))),\"\",(INDEX(CTS!$F:$F,MATCH(E517,CTS!$E:$E,0))))","v":"CLIENT"},{"$f":"IF(ISNA(INDEX(CTS!$N:$N,MATCH(E517,CTS!$E:$E,0))),\"\",(INDEX(CTS!$N:$N,MATCH(E517,CTS!$E:$E,0))))","v":134.45378151260505},{"$f":"IF(ISNA(INDEX(CTS!$O:$O,MATCH(E517,CTS!$E:$E,0))),\"\",(INDEX(CTS!$O:$O,MATCH(E517,CTS!$E:$E,0))))","v":0},{"$f":"IF(ISNA(INDEX(CTS!$P:$P,MATCH(E517,CTS!$E:$E,0))),\"\",(INDEX(CTS!$P:$P,MATCH(E517,CTS!$E:$E,0))))","v":0},{"$f":"IF(ISNA(INDEX(CTS!$Q:$Q,MATCH(E517,CTS!$E:$E,0))),\"\",(INDEX(CTS!$Q:$Q,MATCH(E517,CTS!$E:$E,0))))","v":134.45378151260505},{"$f":"IF(ISNA(INDEX(CTS!$S:$S,MATCH(E517,CTS!$E:$E,0))),\"\",(INDEX(CTS!$S:$S,MATCH(E517,CTS!$E:$E,0))))","v":25.54621848739496},{"$f":"IF(ISNA(INDEX(CTS!$T:$T,MATCH(E517,CTS!$E:$E,0))),\"\",(INDEX(CTS!$T:$T,MATCH(E517,CTS!$E:$E,0))))","v":160},{"$f":"IF(ISNA(INDEX(CTS!$U:$U,MATCH(E517,CTS!$E:$E,0))),\"\",(INDEX(CTS!$U:$U,MATCH(E517,CTS!$E:$E,0))))","v":0},{"$f":"IF(ISNA(INDEX(CTS!$V:$V,MATCH(E517,CTS!$E:$E,0))),\"\",(INDEX(CTS!$V:$V,MATCH(E517,CTS!$E:$E,0))))","v":160},{"$f":"IFERROR(INDEX(CTS!$A:$A,MATCH(E517,CTS!$E:$E,0)),\".\")","v":"I"},{"$f":"IFERROR(IFERROR(INDEX(#REF!,MATCH(E517,#REF!,0)),IFERROR(INDEX(#REF!,MATCH(E517,#REF!,0)),INDEX(#REF!,MATCH(E517,#REF!,0)) )),\".\")","v":"."},null,{"$f":"IFERROR(VLOOKUP(E517,#REF!,8,FALSE),IFERROR(VLOOKUP(E517,#REF!,8,FALSE),IFERROR(VLOOKUP(E517,#REF!,8,FALSE),\"\")))","v":""},".-."]
[513,{"$f":"IFERROR(DAY(CTR[[#This Row],[Date]]),\"\")","v":8},{"$f":"IFERROR(MONTH(CTR[[#This Row],[Date]]),\"\")","v":2},{"$f":"IF(ISNA(INDEX(CTS!C:C,MATCH(E518,CTS!$E:$E,0))),\"\",(INDEX(CTS!C:C,MATCH(E518,CTS!$E:$E,0))))","v":44235},"02-104",{"$f":"IF(ISNA(INDEX(CTS!$F:$F,MATCH(E518,CTS!$E:$E,0))),\"\",(INDEX(CTS!$F:$F,MATCH(E518,CTS!$E:$E,0))))","v":"CLIENT"},{"$f":"IF(ISNA(INDEX(CTS!$N:$N,MATCH(E518,CTS!$E:$E,0))),\"\",(INDEX(CTS!$N:$N,MATCH(E518,CTS!$E:$E,0))))","v":310.92436974789916},{"$f":"IF(ISNA(INDEX(CTS!$O:$O,MATCH(E518,CTS!$E:$E,0))),\"\",(INDEX(CTS!$O:$O,MATCH(E518,CTS!$E:$E,0))))","v":0},{"$f":"IF(ISNA(INDEX(CTS!$P:$P,MATCH(E518,CTS!$E:$E,0))),\"\",(INDEX(CTS!$P:$P,MATCH(E518,CTS!$E:$E,0))))","v":0},{"$f":"IF(ISNA(INDEX(CTS!$Q:$Q,MATCH(E518,CTS!$E:$E,0))),\"\",(INDEX(CTS!$Q:$Q,MATCH(E518,CTS!$E:$E,0))))","v":310.92436974789916},{"$f":"IF(ISNA(INDEX(CTS!$S:$S,MATCH(E518,CTS!$E:$E,0))),\"\",(INDEX(CTS!$S:$S,MATCH(E518,CTS!$E:$E,0))))","v":59.075630252100844},{"$f":"IF(ISNA(INDEX(CTS!$T:$T,MATCH(E518,CTS!$E:$E,0))),\"\",(INDEX(CTS!$T:$T,MATCH(E518,CTS!$E:$E,0))))","v":370},{"$f":"IF(ISNA(INDEX(CTS!$U:$U,MATCH(E518,CTS!$E:$E,0))),\"\",(INDEX(CTS!$U:$U,MATCH(E518,CTS!$E:$E,0))))","v":0},{"$f":"IF(ISNA(INDEX(CTS!$V:$V,MATCH(E518,CTS!$E:$E,0))),\"\",(INDEX(CTS!$V:$V,MATCH(E518,CTS!$E:$E,0))))","v":370},{"$f":"IFERROR(INDEX(CTS!$A:$A,MATCH(E518,CTS!$E:$E,0)),\".\")","v":"P"},{"$f":"IFERROR(IFERROR(INDEX(#REF!,MATCH(E518,#REF!,0)),IFERROR(INDEX(#REF!,MATCH(E518,#REF!,0)),INDEX(#REF!,MATCH(E518,#REF!,0)) )),\".\")","v":"."},null,{"$f":"IFERROR(VLOOKUP(E518,#REF!,8,FALSE),IFERROR(VLOOKUP(E518,#REF!,8,FALSE),IFERROR(VLOOKUP(E518,#REF!,8,FALSE),\"\")))","v":""},".-."]
[514,{"$f":"IFERROR(DAY(CTR[[#This Row],[Date]]),\"\")","v":8},{"$f":"IFERROR(MONTH(CTR[[#This Row],[Date]]),\"\")","v":2},{"$f":"IF(ISNA(INDEX(CTS!C:C,MATCH(E519,CTS!$E:$E,0))),\"\",(INDEX(CTS!C:C,MATCH(E519,CTS!$E:$E,0))))","v":44235},"02-105",{"$f":"IF(ISNA(INDEX(CTS!$F:$F,MATCH(E519,CTS!$E:$E,0))),\"\",(INDEX(CTS!$F:$F,MATCH(E519,CTS!$E:$E,0))))","v":"CLIENT"},{"$f":"IF(ISNA(INDEX(CTS!$N:$N,MATCH(E519,CTS!$E:$E,0))),\"\",(INDEX(CTS!$N:$N,MATCH(E519,CTS!$E:$E,0))))","v":453.78151260504205},{"$f":"IF(ISNA(INDEX(CTS!$O:$O,MATCH(E519,CTS!$E:$E,0))),\"\",(INDEX(CTS!$O:$O,MATCH(E519,CTS!$E:$E,0))))","v":0},{"$f":"IF(ISNA(INDEX(CTS!$P:$P,MATCH(E519,CTS!$E:$E,0))),\"\",(INDEX(CTS!$P:$P,MATCH(E519,CTS!$E:$E,0))))","v":0},{"$f":"IF(ISNA(INDEX(CTS!$Q:$Q,MATCH(E519,CTS!$E:$E,0))),\"\",(INDEX(CTS!$Q:$Q,MATCH(E519,CTS!$E:$E,0))))","v":453.78151260504205},{"$f":"IF(ISNA(INDEX(CTS!$S:$S,MATCH(E519,CTS!$E:$E,0))),\"\",(INDEX(CTS!$S:$S,MATCH(E519,CTS!$E:$E,0))))","v":86.21848739495799},{"$f":"IF(ISNA(INDEX(CTS!$T:$T,MATCH(E519,CTS!$E:$E,0))),\"\",(INDEX(CTS!$T:$T,MATCH(E519,CTS!$E:$E,0))))","v":540},{"$f":"IF(ISNA(INDEX(CTS!$U:$U,MATCH(E519,CTS!$E:$E,0))),\"\",(INDEX(CTS!$U:$U,MATCH(E519,CTS!$E:$E,0))))","v":0},{"$f":"IF(ISNA(INDEX(CTS!$V:$V,MATCH(E519,CTS!$E:$E,0))),\"\",(INDEX(CTS!$V:$V,MATCH(E519,CTS!$E:$E,0))))","v":540},{"$f":"IFERROR(INDEX(CTS!$A:$A,MATCH(E519,CTS!$E:$E,0)),\".\")","v":"P"},{"$f":"IFERROR(IFERROR(INDEX(#REF!,MATCH(E519,#REF!,0)),IFERROR(INDEX(#REF!,MATCH(E519,#REF!,0)),INDEX(#REF!,MATCH(E519,#REF!,0)) )),\".\")","v":"."},null,{"$f":"IFERROR(VLOOKUP(E519,#REF!,8,FALSE),IFERROR(VLOOKUP(E519,#REF!,8,FALSE),IFERROR(VLOOKUP(E519,#REF!,8,FALSE),\"\")))","v":""},".-."]
[515,{"$f":"IFERROR(DAY(CTR[[#This Row],[Date]]),\"\")","v":9},{"$f":"IFERROR(MONTH(CTR[[#This Row],[Date]]),\"\")","v":2},{"$f":"IF(ISNA(INDEX(CTS!C:C,MATCH(E520,CTS!$E:$E,0))),\"\",(INDEX(CTS!C:C,MATCH(E520,CTS!$E:$E,0))))","v":44236},"02-106",{"$f":"IF(ISNA(INDEX(CTS!$F:$F,MATCH(E520,CTS!$E:$E,0))),\"\",(INDEX(CTS!$F:$F,MATCH(E520,CTS!$E:$E,0))))","v":"CLIENT"},{"$f":"IF(ISNA(INDEX(CTS!$N:$N,MATCH(E520,CTS!$E:$E,0))),\"\",(INDEX(CTS!$N:$N,MATCH(E520,CTS!$E:$E,0))))","v":603.36134453781517},{"$f":"IF(ISNA(INDEX(CTS!$O:$O,MATCH(E520,CTS!$E:$E,0))),\"\",(INDEX(CTS!$O:$O,MATCH(E520,CTS!$E:$E,0))))","v":2.7855153203342618E-2},{"$f":"IF(ISNA(INDEX(CTS!$P:$P,MATCH(E520,CTS!$E:$E,0))),\"\",(INDEX(CTS!$P:$P,MATCH(E520,CTS!$E:$E,0))))","v":16.806722689075631},{"$f":"IF(ISNA(INDEX(CTS!$Q:$Q,MATCH(E520,CTS!$E:$E,0))),\"\",(INDEX(CTS!$Q:$Q,MATCH(E520,CTS!$E:$E,0))))","v":586.55462184873954},{"$f":"IF(ISNA(INDEX(CTS!$S:$S,MATCH(E520,CTS!$E:$E,0))),\"\",(INDEX(CTS!$S:$S,MATCH(E520,CTS!$E:$E,0))))","v":111.44537815126051},{"$f":"IF(ISNA(INDEX(CTS!$T:$T,MATCH(E520,CTS!$E:$E,0))),\"\",(INDEX(CTS!$T:$T,MATCH(E520,CTS!$E:$E,0))))","v":698},{"$f":"IF(ISNA(INDEX(CTS!$U:$U,MATCH(E520,CTS!$E:$E,0))),\"\",(INDEX(CTS!$U:$U,MATCH(E520,CTS!$E:$E,0))))","v":0},{"$f":"IF(ISNA(INDEX(CTS!$V:$V,MATCH(E520,CTS!$E:$E,0))),\"\",(INDEX(CTS!$V:$V,MATCH(E520,CTS!$E:$E,0))))","v":698},{"$f":"IFERROR(INDEX(CTS!$A:$A,MATCH(E520,CTS!$E:$E,0)),\".\")","v":"P"},{"$f":"IFERROR(IFERROR(INDEX(#REF!,MATCH(E520,#REF!,0)),IFERROR(INDEX(#REF!,MATCH(E520,#REF!,0)),INDEX(#REF!,MATCH(E520,#REF!,0)) )),\".\")","v":"."},null,{"$f":"IFERROR(VLOOKUP(E520,#REF!,8,FALSE),IFERROR(VLOOKUP(E520,#REF!,8,FALSE),IFERROR(VLOOKUP(E520,#REF!,8,FALSE),\"\")))","v":""},".-."]
[516,{"$f":"IFERROR(DAY(CTR[[#This Row],[Date]]),\"\")","v":9},{"$f":"IFERROR(MONTH(CTR[[#This Row],[Date]]),\"\")","v":2},{"$f":"IF(ISNA(INDEX(CTS!C:C,MATCH(E521,CTS!$E:$E,0))),\"\",(INDEX(CTS!C:C,MATCH(E521,CTS!$E:$E,0))))","v":44236},"02-107",{"$f":"IF(ISNA(INDEX(CTS!$F:$F,MATCH(E521,CTS!$E:$E,0))),\"\",(INDEX(CTS!$F:$F,MATCH(E521,CTS!$E:$E,0))))","v":"CLIENT"},{"$f":"IF(ISNA(INDEX(CTS!$N:$N,MATCH(E521,CTS!$E:$E,0))),\"\",(INDEX(CTS!$N:$N,MATCH(E521,CTS!$E:$E,0))))","v":50.420168067226896},{"$f":"IF(ISNA(INDEX(CTS!$O:$O,MATCH(E521,CTS!$E:$E,0))),\"\",(INDEX(CTS!$O:$O,MATCH(E521,CTS!$E:$E,0))))","v":0},{"$f":"IF(ISNA(INDEX(CTS!$P:$P,MATCH(E521,CTS!$E:$E,0))),\"\",(INDEX(CTS!$P:$P,MATCH(E521,CTS!$E:$E,0))))","v":0},{"$f":"IF(ISNA(INDEX(CTS!$Q:$Q,MATCH(E521,CTS!$E:$E,0))),\"\",(INDEX(CTS!$Q:$Q,MATCH(E521,CTS!$E:$E,0))))","v":50.420168067226896},{"$f":"IF(ISNA(INDEX(CTS!$S:$S,MATCH(E521,CTS!$E:$E,0))),\"\",(INDEX(CTS!$S:$S,MATCH(E521,CTS!$E:$E,0))))","v":9.5798319327731107},{"$f":"IF(ISNA(INDEX(CTS!$T:$T,MATCH(E521,CTS!$E:$E,0))),\"\",(INDEX(CTS!$T:$T,MATCH(E521,CTS!$E:$E,0))))","v":60.000000000000007},{"$f":"IF(ISNA(INDEX(CTS!$U:$U,MATCH(E521,CTS!$E:$E,0))),\"\",(INDEX(CTS!$U:$U,MATCH(E521,CTS!$E:$E,0))))","v":0},{"$f":"IF(ISNA(INDEX(CTS!$V:$V,MATCH(E521,CTS!$E:$E,0))),\"\",(INDEX(CTS!$V:$V,MATCH(E521,CTS!$E:$E,0))))","v":60.000000000000007},{"$f":"IFERROR(INDEX(CTS!$A:$A,MATCH(E521,CTS!$E:$E,0)),\".\")","v":"P"},{"$f":"IFERROR(IFERROR(INDEX(#REF!,MATCH(E521,#REF!,0)),IFERROR(INDEX(#REF!,MATCH(E521,#REF!,0)),INDEX(#REF!,MATCH(E521,#REF!,0)) )),\".\")","v":"."},null,{"$f":"IFERROR(VLOOKUP(E521,#REF!,8,FALSE),IFERROR(VLOOKUP(E521,#REF!,8,FALSE),IFERROR(VLOOKUP(E521,#REF!,8,FALSE),\"\")))","v":""},".-."]
[517,{"$f":"IFERROR(DAY(CTR[[#This Row],[Date]]),\"\")","v":9},{"$f":"IFERROR(MONTH(CTR[[#This Row],[Date]]),\"\")","v":2},{"$f":"IF(ISNA(INDEX(CTS!C:C,MATCH(E522,CTS!$E:$E,0))),\"\",(INDEX(CTS!C:C,MATCH(E522,CTS!$E:$E,0))))","v":44236},"02-108",{"$f":"IF(ISNA(INDEX(CTS!$F:$F,MATCH(E522,CTS!$E:$E,0))),\"\",(INDEX(CTS!$F:$F,MATCH(E522,CTS!$E:$E,0))))","v":"CLIENT"},{"$f":"IF(ISNA(INDEX(CTS!$N:$N,MATCH(E522,CTS!$E:$E,0))),\"\",(INDEX(CTS!$N:$N,MATCH(E522,CTS!$E:$E,0))))","v":1932.7731092436975},{"$f":"IF(ISNA(INDEX(CTS!$O:$O,MATCH(E522,CTS!$E:$E,0))),\"\",(INDEX(CTS!$O:$O,MATCH(E522,CTS!$E:$E,0))))","v":0},{"$f":"IF(ISNA(INDEX(CTS!$P:$P,MATCH(E522,CTS!$E:$E,0))),\"\",(INDEX(CTS!$P:$P,MATCH(E522,CTS!$E:$E,0))))","v":0},{"$f":"IF(ISNA(INDEX(CTS!$Q:$Q,MATCH(E522,CTS!$E:$E,0))),\"\",(INDEX(CTS!$Q:$Q,MATCH(E522,CTS!$E:$E,0))))","v":1932.7731092436975},{"$f":"IF(ISNA(INDEX(CTS!$S:$S,MATCH(E522,CTS!$E:$E,0))),\"\",(INDEX(CTS!$S:$S,MATCH(E522,CTS!$E:$E,0))))","v":367.22689075630251},{"$f":"IF(ISNA(INDEX(CTS!$T:$T,MATCH(E522,CTS!$E:$E,0))),\"\",(INDEX(CTS!$T:$T,MATCH(E522,CTS!$E:$E,0))))","v":2300},{"$f":"IF(ISNA(INDEX(CTS!$U:$U,MATCH(E522,CTS!$E:$E,0))),\"\",(INDEX(CTS!$U:$U,MATCH(E522,CTS!$E:$E,0))))","v":0},{"$f":"IF(ISNA(INDEX(CTS!$V:$V,MATCH(E522,CTS!$E:$E,0))),\"\",(INDEX(CTS!$V:$V,MATCH(E522,CTS!$E:$E,0))))","v":2300},{"$f":"IFERROR(INDEX(CTS!$A:$A,MATCH(E522,CTS!$E:$E,0)),\".\")","v":"P"},{"$f":"IFERROR(IFERROR(INDEX(#REF!,MATCH(E522,#REF!,0)),IFERROR(INDEX(#REF!,MATCH(E522,#REF!,0)),INDEX(#REF!,MATCH(E522,#REF!,0)) )),\".\")","v":"."},null,{"$f":"IFERROR(VLOOKUP(E522,#REF!,8,FALSE),IFERROR(VLOOKUP(E522,#REF!,8,FALSE),IFERROR(VLOOKUP(E522,#REF!,8,FALSE),\"\")))","v":""},".-."]
[518,{"$f":"IFERROR(DAY(CTR[[#This Row],[Date]]),\"\")","v":9},{"$f":"IFERROR(MONTH(CTR[[#This Row],[Date]]),\"\")","v":2},{"$f":"IF(ISNA(INDEX(CTS!C:C,MATCH(E523,CTS!$E:$E,0))),\"\",(INDEX(CTS!C:C,MATCH(E523,CTS!$E:$E,0))))","v":44236},"02-109",{"$f":"IF(ISNA(INDEX(CTS!$F:$F,MATCH(E523,CTS!$E:$E,0))),\"\",(INDEX(CTS!$F:$F,MATCH(E523,CTS!$E:$E,0))))","v":"CLIENT"},{"$f":"IF(ISNA(INDEX(CTS!$N:$N,MATCH(E523,CTS!$E:$E,0))),\"\",(INDEX(CTS!$N:$N,MATCH(E523,CTS!$E:$E,0))))","v":117.64705882352942},{"$f":"IF(ISNA(INDEX(CTS!$O:$O,MATCH(E523,CTS!$E:$E,0))),\"\",(INDEX(CTS!$O:$O,MATCH(E523,CTS!$E:$E,0))))","v":0},{"$f":"IF(ISNA(INDEX(CTS!$P:$P,MATCH(E523,CTS!$E:$E,0))),\"\",(INDEX(CTS!$P:$P,MATCH(E523,CTS!$E:$E,0))))","v":0},{"$f":"IF(ISNA(INDEX(CTS!$Q:$Q,MATCH(E523,CTS!$E:$E,0))),\"\",(INDEX(CTS!$Q:$Q,MATCH(E523,CTS!$E:$E,0))))","v":117.64705882352942},{"$f":"IF(ISNA(INDEX(CTS!$S:$S,MATCH(E523,CTS!$E:$E,0))),\"\",(INDEX(CTS!$S:$S,MATCH(E523,CTS!$E:$E,0))))","v":22.352941176470591},{"$f":"IF(ISNA(INDEX(CTS!$T:$T,MATCH(E523,CTS!$E:$E,0))),\"\",(INDEX(CTS!$T:$T,MATCH(E523,CTS!$E:$E,0))))","v":140},{"$f":"IF(ISNA(INDEX(CTS!$U:$U,MATCH(E523,CTS!$E:$E,0))),\"\",(INDEX(CTS!$U:$U,MATCH(E523,CTS!$E:$E,0))))","v":0},{"$f":"IF(ISNA(INDEX(CTS!$V:$V,MATCH(E523,CTS!$E:$E,0))),\"\",(INDEX(CTS!$V:$V,MATCH(E523,CTS!$E:$E,0))))","v":140},{"$f":"IFERROR(INDEX(CTS!$A:$A,MATCH(E523,CTS!$E:$E,0)),\".\")","v":"P"},{"$f":"IFERROR(IFERROR(INDEX(#REF!,MATCH(E523,#REF!,0)),IFERROR(INDEX(#REF!,MATCH(E523,#REF!,0)),INDEX(#REF!,MATCH(E523,#REF!,0)) )),\".\")","v":"."},null,{"$f":"IFERROR(VLOOKUP(E523,#REF!,8,FALSE),IFERROR(VLOOKUP(E523,#REF!,8,FALSE),IFERROR(VLOOKUP(E523,#REF!,8,FALSE),\"\")))","v":""},".-."]
[519,{"$f":"IFERROR(DAY(CTR[[#This Row],[Date]]),\"\")","v":9},{"$f":"IFERROR(MONTH(CTR[[#This Row],[Date]]),\"\")","v":2},{"$f":"IF(ISNA(INDEX(CTS!C:C,MATCH(E524,CTS!$E:$E,0))),\"\",(INDEX(CTS!C:C,MATCH(E524,CTS!$E:$E,0))))","v":44236},"02-110",{"$f":"IF(ISNA(INDEX(CTS!$F:$F,MATCH(E524,CTS!$E:$E,0))),\"\",(INDEX(CTS!$F:$F,MATCH(E524,CTS!$E:$E,0))))","v":"CLIENT"},{"$f":"IF(ISNA(INDEX(CTS!$N:$N,MATCH(E524,CTS!$E:$E,0))),\"\",(INDEX(CTS!$N:$N,MATCH(E524,CTS!$E:$E,0))))","v":168.0672268907563},{"$f":"IF(ISNA(INDEX(CTS!$O:$O,MATCH(E524,CTS!$E:$E,0))),\"\",(INDEX(CTS!$O:$O,MATCH(E524,CTS!$E:$E,0))))","v":0},{"$f":"IF(ISNA(INDEX(CTS!$P:$P,MATCH(E524,CTS!$E:$E,0))),\"\",(INDEX(CTS!$P:$P,MATCH(E524,CTS!$E:$E,0))))","v":0},{"$f":"IF(ISNA(INDEX(CTS!$Q:$Q,MATCH(E524,CTS!$E:$E,0))),\"\",(INDEX(CTS!$Q:$Q,MATCH(E524,CTS!$E:$E,0))))","v":168.0672268907563},{"$f":"IF(ISNA(INDEX(CTS!$S:$S,MATCH(E524,CTS!$E:$E,0))),\"\",(INDEX(CTS!$S:$S,MATCH(E524,CTS!$E:$E,0))))","v":31.932773109243698},{"$f":"IF(ISNA(INDEX(CTS!$T:$T,MATCH(E524,CTS!$E:$E,0))),\"\",(INDEX(CTS!$T:$T,MATCH(E524,CTS!$E:$E,0))))","v":200},{"$f":"IF(ISNA(INDEX(CTS!$U:$U,MATCH(E524,CTS!$E:$E,0))),\"\",(INDEX(CTS!$U:$U,MATCH(E524,CTS!$E:$E,0))))","v":0},{"$f":"IF(ISNA(INDEX(CTS!$V:$V,MATCH(E524,CTS!$E:$E,0))),\"\",(INDEX(CTS!$V:$V,MATCH(E524,CTS!$E:$E,0))))","v":200},{"$f":"IFERROR(INDEX(CTS!$A:$A,MATCH(E524,CTS!$E:$E,0)),\".\")","v":"P"},{"$f":"IFERROR(IFERROR(INDEX(#REF!,MATCH(E524,#REF!,0)),IFERROR(INDEX(#REF!,MATCH(E524,#REF!,0)),INDEX(#REF!,MATCH(E524,#REF!,0)) )),\".\")","v":"."},null,{"$f":"IFERROR(VLOOKUP(E524,#REF!,8,FALSE),IFERROR(VLOOKUP(E524,#REF!,8,FALSE),IFERROR(VLOOKUP(E524,#REF!,8,FALSE),\"\")))","v":""},".-."]
[520,{"$f":"IFERROR(DAY(CTR[[#This Row],[Date]]),\"\")","v":9},{"$f":"IFERROR(MONTH(CTR[[#This Row],[Date]]),\"\")","v":2},{"$f":"IF(ISNA(INDEX(CTS!C:C,MATCH(E525,CTS!$E:$E,0))),\"\",(INDEX(CTS!C:C,MATCH(E525,CTS!$E:$E,0))))","v":44236},"02-111",{"$f":"IF(ISNA(INDEX(CTS!$F:$F,MATCH(E525,CTS!$E:$E,0))),\"\",(INDEX(CTS!$F:$F,MATCH(E525,CTS!$E:$E,0))))","v":"CLIENT"},{"$f":"IF(ISNA(INDEX(CTS!$N:$N,MATCH(E525,CTS!$E:$E,0))),\"\",(INDEX(CTS!$N:$N,MATCH(E525,CTS!$E:$E,0))))","v":2033.6134453781513},{"$f":"IF(ISNA(INDEX(CTS!$O:$O,MATCH(E525,CTS!$E:$E,0))),\"\",(INDEX(CTS!$O:$O,MATCH(E525,CTS!$E:$E,0))))","v":0},{"$f":"IF(ISNA(INDEX(CTS!$P:$P,MATCH(E525,CTS!$E:$E,0))),\"\",(INDEX(CTS!$P:$P,MATCH(E525,CTS!$E:$E,0))))","v":0},{"$f":"IF(ISNA(INDEX(CTS!$Q:$Q,MATCH(E525,CTS!$E:$E,0))),\"\",(INDEX(CTS!$Q:$Q,MATCH(E525,CTS!$E:$E,0))))","v":2033.6134453781513},{"$f":"IF(ISNA(INDEX(CTS!$S:$S,MATCH(E525,CTS!$E:$E,0))),\"\",(INDEX(CTS!$S:$S,MATCH(E525,CTS!$E:$E,0))))","v":386.38655462184875},{"$f":"IF(ISNA(INDEX(CTS!$T:$T,MATCH(E525,CTS!$E:$E,0))),\"\",(INDEX(CTS!$T:$T,MATCH(E525,CTS!$E:$E,0))))","v":2420},{"$f":"IF(ISNA(INDEX(CTS!$U:$U,MATCH(E525,CTS!$E:$E,0))),\"\",(INDEX(CTS!$U:$U,MATCH(E525,CTS!$E:$E,0))))","v":0},{"$f":"IF(ISNA(INDEX(CTS!$V:$V,MATCH(E525,CTS!$E:$E,0))),\"\",(INDEX(CTS!$V:$V,MATCH(E525,CTS!$E:$E,0))))","v":2420},{"$f":"IFERROR(INDEX(CTS!$A:$A,MATCH(E525,CTS!$E:$E,0)),\".\")","v":"P"},{"$f":"IFERROR(IFERROR(INDEX(#REF!,MATCH(E525,#REF!,0)),IFERROR(INDEX(#REF!,MATCH(E525,#REF!,0)),INDEX(#REF!,MATCH(E525,#REF!,0)) )),\".\")","v":"."},null,{"$f":"IFERROR(VLOOKUP(E525,#REF!,8,FALSE),IFERROR(VLOOKUP(E525,#REF!,8,FALSE),IFERROR(VLOOKUP(E525,#REF!,8,FALSE),\"\")))","v":""},".-."]
[521,{"$f":"IFERROR(DAY(CTR[[#This Row],[Date]]),\"\")","v":9},{"$f":"IFERROR(MONTH(CTR[[#This Row],[Date]]),\"\")","v":2},{"$f":"IF(ISNA(INDEX(CTS!C:C,MATCH(E526,CTS!$E:$E,0))),\"\",(INDEX(CTS!C:C,MATCH(E526,CTS!$E:$E,0))))","v":44236},"02-112",{"$f":"IF(ISNA(INDEX(CTS!$F:$F,MATCH(E526,CTS!$E:$E,0))),\"\",(INDEX(CTS!$F:$F,MATCH(E526,CTS!$E:$E,0))))","v":"CLIENT"},{"$f":"IF(ISNA(INDEX(CTS!$N:$N,MATCH(E526,CTS!$E:$E,0))),\"\",(INDEX(CTS!$N:$N,MATCH(E526,CTS!$E:$E,0))))","v":332.77310924369749},{"$f":"IF(ISNA(INDEX(CTS!$O:$O,MATCH(E526,CTS!$E:$E,0))),\"\",(INDEX(CTS!$O:$O,MATCH(E526,CTS!$E:$E,0))))","v":0},{"$f":"IF(ISNA(INDEX(CTS!$P:$P,MATCH(E526,CTS!$E:$E,0))),\"\",(INDEX(CTS!$P:$P,MATCH(E526,CTS!$E:$E,0))))","v":0},{"$f":"IF(ISNA(INDEX(CTS!$Q:$Q,MATCH(E526,CTS!$E:$E,0))),\"\",(INDEX(CTS!$Q:$Q,MATCH(E526,CTS!$E:$E,0))))","v":332.77310924369749},{"$f":"IF(ISNA(INDEX(CTS!$S:$S,MATCH(E526,CTS!$E:$E,0))),\"\",(INDEX(CTS!$S:$S,MATCH(E526,CTS!$E:$E,0))))","v":63.226890756302524},{"$f":"IF(ISNA(INDEX(CTS!$T:$T,MATCH(E526,CTS!$E:$E,0))),\"\",(INDEX(CTS!$T:$T,MATCH(E526,CTS!$E:$E,0))))","v":396},{"$f":"IF(ISNA(INDEX(CTS!$U:$U,MATCH(E526,CTS!$E:$E,0))),\"\",(INDEX(CTS!$U:$U,MATCH(E526,CTS!$E:$E,0))))","v":0},{"$f":"IF(ISNA(INDEX(CTS!$V:$V,MATCH(E526,CTS!$E:$E,0))),\"\",(INDEX(CTS!$V:$V,MATCH(E526,CTS!$E:$E,0))))","v":396},{"$f":"IFERROR(INDEX(CTS!$A:$A,MATCH(E526,CTS!$E:$E,0)),\".\")","v":"P"},{"$f":"IFERROR(IFERROR(INDEX(#REF!,MATCH(E526,#REF!,0)),IFERROR(INDEX(#REF!,MATCH(E526,#REF!,0)),INDEX(#REF!,MATCH(E526,#REF!,0)) )),\".\")","v":"."},null,{"$f":"IFERROR(VLOOKUP(E526,#REF!,8,FALSE),IFERROR(VLOOKUP(E526,#REF!,8,FALSE),IFERROR(VLOOKUP(E526,#REF!,8,FALSE),\"\")))","v":""},".-."]
[522,{"$f":"IFERROR(DAY(CTR[[#This Row],[Date]]),\"\")","v":9},{"$f":"IFERROR(MONTH(CTR[[#This Row],[Date]]),\"\")","v":2},{"$f":"IF(ISNA(INDEX(CTS!C:C,MATCH(E527,CTS!$E:$E,0))),\"\",(INDEX(CTS!C:C,MATCH(E527,CTS!$E:$E,0))))","v":44236},"02-113",{"$f":"IF(ISNA(INDEX(CTS!$F:$F,MATCH(E527,CTS!$E:$E,0))),\"\",(INDEX(CTS!$F:$F,MATCH(E527,CTS!$E:$E,0))))","v":"CLIENT"},{"$f":"IF(ISNA(INDEX(CTS!$N:$N,MATCH(E527,CTS!$E:$E,0))),\"\",(INDEX(CTS!$N:$N,MATCH(E527,CTS!$E:$E,0))))","v":50.420168067226896},{"$f":"IF(ISNA(INDEX(CTS!$O:$O,MATCH(E527,CTS!$E:$E,0))),\"\",(INDEX(CTS!$O:$O,MATCH(E527,CTS!$E:$E,0))))","v":0},{"$f":"IF(ISNA(INDEX(CTS!$P:$P,MATCH(E527,CTS!$E:$E,0))),\"\",(INDEX(CTS!$P:$P,MATCH(E527,CTS!$E:$E,0))))","v":0},{"$f":"IF(ISNA(INDEX(CTS!$Q:$Q,MATCH(E527,CTS!$E:$E,0))),\"\",(INDEX(CTS!$Q:$Q,MATCH(E527,CTS!$E:$E,0))))","v":50.420168067226896},{"$f":"IF(ISNA(INDEX(CTS!$S:$S,MATCH(E527,CTS!$E:$E,0))),\"\",(INDEX(CTS!$S:$S,MATCH(E527,CTS!$E:$E,0))))","v":9.5798319327731107},{"$f":"IF(ISNA(INDEX(CTS!$T:$T,MATCH(E527,CTS!$E:$E,0))),\"\",(INDEX(CTS!$T:$T,MATCH(E527,CTS!$E:$E,0))))","v":60.000000000000007},{"$f":"IF(ISNA(INDEX(CTS!$U:$U,MATCH(E527,CTS!$E:$E,0))),\"\",(INDEX(CTS!$U:$U,MATCH(E527,CTS!$E:$E,0))))","v":0},{"$f":"IF(ISNA(INDEX(CTS!$V:$V,MATCH(E527,CTS!$E:$E,0))),\"\",(INDEX(CTS!$V:$V,MATCH(E527,CTS!$E:$E,0))))","v":60.000000000000007},{"$f":"IFERROR(INDEX(CTS!$A:$A,MATCH(E527,CTS!$E:$E,0)),\".\")","v":"P"},{"$f":"IFERROR(IFERROR(INDEX(#REF!,MATCH(E527,#REF!,0)),IFERROR(INDEX(#REF!,MATCH(E527,#REF!,0)),INDEX(#REF!,MATCH(E527,#REF!,0)) )),\".\")","v":"."},null,{"$f":"IFERROR(VLOOKUP(E527,#REF!,8,FALSE),IFERROR(VLOOKUP(E527,#REF!,8,FALSE),IFERROR(VLOOKUP(E527,#REF!,8,FALSE),\"\")))","v":""},".-."]
[523,{"$f":"IFERROR(DAY(CTR[[#This Row],[Date]]),\"\")","v":9},{"$f":"IFERROR(MONTH(CTR[[#This Row],[Date]]),\"\")","v":2},{"$f":"IF(ISNA(INDEX(CTS!C:C,MATCH(E528,CTS!$E:$E,0))),\"\",(INDEX(CTS!C:C,MATCH(E528,CTS!$E:$E,0))))","v":44236},"02-114",{"$f":"IF(ISNA(INDEX(CTS!$F:$F,MATCH(E528,CTS!$E:$E,0))),\"\",(INDEX(CTS!$F:$F,MATCH(E528,CTS!$E:$E,0))))","v":"CLIENT"},{"$f":"IF(ISNA(INDEX(CTS!$N:$N,MATCH(E528,CTS!$E:$E,0))),\"\",(INDEX(CTS!$N:$N,MATCH(E528,CTS!$E:$E,0))))","v":497.47899159663871},{"$f":"IF(ISNA(INDEX(CTS!$O:$O,MATCH(E528,CTS!$E:$E,0))),\"\",(INDEX(CTS!$O:$O,MATCH(E528,CTS!$E:$E,0))))","v":3.3783783783783781E-3},{"$f":"IF(ISNA(INDEX(CTS!$P:$P,MATCH(E528,CTS!$E:$E,0))),\"\",(INDEX(CTS!$P:$P,MATCH(E528,CTS!$E:$E,0))))","v":1.680672268907563},{"$f":"IF(ISNA(INDEX(CTS!$Q:$Q,MATCH(E528,CTS!$E:$E,0))),\"\",(INDEX(CTS!$Q:$Q,MATCH(E528,CTS!$E:$E,0))))","v":495.79831932773112},{"$f":"IF(ISNA(INDEX(CTS!$S:$S,MATCH(E528,CTS!$E:$E,0))),\"\",(INDEX(CTS!$S:$S,MATCH(E528,CTS!$E:$E,0))))","v":94.201680672268907},{"$f":"IF(ISNA(INDEX(CTS!$T:$T,MATCH(E528,CTS!$E:$E,0))),\"\",(INDEX(CTS!$T:$T,MATCH(E528,CTS!$E:$E,0))))","v":590},{"$f":"IF(ISNA(INDEX(CTS!$U:$U,MATCH(E528,CTS!$E:$E,0))),\"\",(INDEX(CTS!$U:$U,MATCH(E528,CTS!$E:$E,0))))","v":0},{"$f":"IF(ISNA(INDEX(CTS!$V:$V,MATCH(E528,CTS!$E:$E,0))),\"\",(INDEX(CTS!$V:$V,MATCH(E528,CTS!$E:$E,0))))","v":590},{"$f":"IFERROR(INDEX(CTS!$A:$A,MATCH(E528,CTS!$E:$E,0)),\".\")","v":"P"},{"$f":"IFERROR(IFERROR(INDEX(#REF!,MATCH(E528,#REF!,0)),IFERROR(INDEX(#REF!,MATCH(E528,#REF!,0)),INDEX(#REF!,MATCH(E528,#REF!,0)) )),\".\")","v":"."},null,{"$f":"IFERROR(VLOOKUP(E528,#REF!,8,FALSE),IFERROR(VLOOKUP(E528,#REF!,8,FALSE),IFERROR(VLOOKUP(E528,#REF!,8,FALSE),\"\")))","v":""},".-."]
[524,{"$f":"IFERROR(DAY(CTR[[#This Row],[Date]]),\"\")","v":9},{"$f":"IFERROR(MONTH(CTR[[#This Row],[Date]]),\"\")","v":2},{"$f":"IF(ISNA(INDEX(CTS!C:C,MATCH(E529,CTS!$E:$E,0))),\"\",(INDEX(CTS!C:C,MATCH(E529,CTS!$E:$E,0))))","v":44236},"02-115",{"$f":"IF(ISNA(INDEX(CTS!$F:$F,MATCH(E529,CTS!$E:$E,0))),\"\",(INDEX(CTS!$F:$F,MATCH(E529,CTS!$E:$E,0))))","v":"LILA"},{"$f":"IF(ISNA(INDEX(CTS!$N:$N,MATCH(E529,CTS!$E:$E,0))),\"\",(INDEX(CTS!$N:$N,MATCH(E529,CTS!$E:$E,0))))","v":12632.773109243697},{"$f":"IF(ISNA(INDEX(CTS!$O:$O,MATCH(E529,CTS!$E:$E,0))),\"\",(INDEX(CTS!$O:$O,MATCH(E529,CTS!$E:$E,0))))","v":0},{"$f":"IF(ISNA(INDEX(CTS!$P:$P,MATCH(E529,CTS!$E:$E,0))),\"\",(INDEX(CTS!$P:$P,MATCH(E529,CTS!$E:$E,0))))","v":0},{"$f":"IF(ISNA(INDEX(CTS!$Q:$Q,MATCH(E529,CTS!$E:$E,0))),\"\",(INDEX(CTS!$Q:$Q,MATCH(E529,CTS!$E:$E,0))))","v":12632.773109243697},{"$f":"IF(ISNA(INDEX(CTS!$S:$S,MATCH(E529,CTS!$E:$E,0))),\"\",(INDEX(CTS!$S:$S,MATCH(E529,CTS!$E:$E,0))))","v":2400.2268907563025},{"$f":"IF(ISNA(INDEX(CTS!$T:$T,MATCH(E529,CTS!$E:$E,0))),\"\",(INDEX(CTS!$T:$T,MATCH(E529,CTS!$E:$E,0))))","v":15033},{"$f":"IF(ISNA(INDEX(CTS!$U:$U,MATCH(E529,CTS!$E:$E,0))),\"\",(INDEX(CTS!$U:$U,MATCH(E529,CTS!$E:$E,0))))","v":33},{"$f":"IF(ISNA(INDEX(CTS!$V:$V,MATCH(E529,CTS!$E:$E,0))),\"\",(INDEX(CTS!$V:$V,MATCH(E529,CTS!$E:$E,0))))","v":15000},{"$f":"IFERROR(INDEX(CTS!$A:$A,MATCH(E529,CTS!$E:$E,0)),\".\")","v":"P"},{"$f":"IFERROR(IFERROR(INDEX(#REF!,MATCH(E529,#REF!,0)),IFERROR(INDEX(#REF!,MATCH(E529,#REF!,0)),INDEX(#REF!,MATCH(E529,#REF!,0)) )),\".\")","v":"."},null,{"$f":"IFERROR(VLOOKUP(E529,#REF!,8,FALSE),IFERROR(VLOOKUP(E529,#REF!,8,FALSE),IFERROR(VLOOKUP(E529,#REF!,8,FALSE),\"\")))","v":""},".-."]
[525,{"$f":"IFERROR(DAY(CTR[[#This Row],[Date]]),\"\")","v":9},{"$f":"IFERROR(MONTH(CTR[[#This Row],[Date]]),\"\")","v":2},{"$f":"IF(ISNA(INDEX(CTS!C:C,MATCH(E530,CTS!$E:$E,0))),\"\",(INDEX(CTS!C:C,MATCH(E530,CTS!$E:$E,0))))","v":44236},"02-116",{"$f":"IF(ISNA(INDEX(CTS!$F:$F,MATCH(E530,CTS!$E:$E,0))),\"\",(INDEX(CTS!$F:$F,MATCH(E530,CTS!$E:$E,0))))","v":"CLIENT"},{"$f":"IF(ISNA(INDEX(CTS!$N:$N,MATCH(E530,CTS!$E:$E,0))),\"\",(INDEX(CTS!$N:$N,MATCH(E530,CTS!$E:$E,0))))","v":268.9075630252101},{"$f":"IF(ISNA(INDEX(CTS!$O:$O,MATCH(E530,CTS!$E:$E,0))),\"\",(INDEX(CTS!$O:$O,MATCH(E530,CTS!$E:$E,0))))","v":0},{"$f":"IF(ISNA(INDEX(CTS!$P:$P,MATCH(E530,CTS!$E:$E,0))),\"\",(INDEX(CTS!$P:$P,MATCH(E530,CTS!$E:$E,0))))","v":0},{"$f":"IF(ISNA(INDEX(CTS!$Q:$Q,MATCH(E530,CTS!$E:$E,0))),\"\",(INDEX(CTS!$Q:$Q,MATCH(E530,CTS!$E:$E,0))))","v":268.9075630252101},{"$f":"IF(ISNA(INDEX(CTS!$S:$S,MATCH(E530,CTS!$E:$E,0))),\"\",(INDEX(CTS!$S:$S,MATCH(E530,CTS!$E:$E,0))))","v":51.092436974789919},{"$f":"IF(ISNA(INDEX(CTS!$T:$T,MATCH(E530,CTS!$E:$E,0))),\"\",(INDEX(CTS!$T:$T,MATCH(E530,CTS!$E:$E,0))))","v":320},{"$f":"IF(ISNA(INDEX(CTS!$U:$U,MATCH(E530,CTS!$E:$E,0))),\"\",(INDEX(CTS!$U:$U,MATCH(E530,CTS!$E:$E,0))))","v":0},{"$f":"IF(ISNA(INDEX(CTS!$V:$V,MATCH(E530,CTS!$E:$E,0))),\"\",(INDEX(CTS!$V:$V,MATCH(E530,CTS!$E:$E,0))))","v":320},{"$f":"IFERROR(INDEX(CTS!$A:$A,MATCH(E530,CTS!$E:$E,0)),\".\")","v":"P"},{"$f":"IFERROR(IFERROR(INDEX(#REF!,MATCH(E530,#REF!,0)),IFERROR(INDEX(#REF!,MATCH(E530,#REF!,0)),INDEX(#REF!,MATCH(E530,#REF!,0)) )),\".\")","v":"."},null,{"$f":"IFERROR(VLOOKUP(E530,#REF!,8,FALSE),IFERROR(VLOOKUP(E530,#REF!,8,FALSE),IFERROR(VLOOKUP(E530,#REF!,8,FALSE),\"\")))","v":""},".-."]
[526,{"$f":"IFERROR(DAY(CTR[[#This Row],[Date]]),\"\")","v":9},{"$f":"IFERROR(MONTH(CTR[[#This Row],[Date]]),\"\")","v":2},{"$f":"IF(ISNA(INDEX(CTS!C:C,MATCH(E531,CTS!$E:$E,0))),\"\",(INDEX(CTS!C:C,MATCH(E531,CTS!$E:$E,0))))","v":44236},"02-117",{"$f":"IF(ISNA(INDEX(CTS!$F:$F,MATCH(E531,CTS!$E:$E,0))),\"\",(INDEX(CTS!$F:$F,MATCH(E531,CTS!$E:$E,0))))","v":"CLIENT"},{"$f":"IF(ISNA(INDEX(CTS!$N:$N,MATCH(E531,CTS!$E:$E,0))),\"\",(INDEX(CTS!$N:$N,MATCH(E531,CTS!$E:$E,0))))","v":100.84033613445379},{"$f":"IF(ISNA(INDEX(CTS!$O:$O,MATCH(E531,CTS!$E:$E,0))),\"\",(INDEX(CTS!$O:$O,MATCH(E531,CTS!$E:$E,0))))","v":0},{"$f":"IF(ISNA(INDEX(CTS!$P:$P,MATCH(E531,CTS!$E:$E,0))),\"\",(INDEX(CTS!$P:$P,MATCH(E531,CTS!$E:$E,0))))","v":0},{"$f":"IF(ISNA(INDEX(CTS!$Q:$Q,MATCH(E531,CTS!$E:$E,0))),\"\",(INDEX(CTS!$Q:$Q,MATCH(E531,CTS!$E:$E,0))))","v":100.84033613445379},{"$f":"IF(ISNA(INDEX(CTS!$S:$S,MATCH(E531,CTS!$E:$E,0))),\"\",(INDEX(CTS!$S:$S,MATCH(E531,CTS!$E:$E,0))))","v":19.159663865546221},{"$f":"IF(ISNA(INDEX(CTS!$T:$T,MATCH(E531,CTS!$E:$E,0))),\"\",(INDEX(CTS!$T:$T,MATCH(E531,CTS!$E:$E,0))))","v":120.00000000000001},{"$f":"IF(ISNA(INDEX(CTS!$U:$U,MATCH(E531,CTS!$E:$E,0))),\"\",(INDEX(CTS!$U:$U,MATCH(E531,CTS!$E:$E,0))))","v":0},{"$f":"IF(ISNA(INDEX(CTS!$V:$V,MATCH(E531,CTS!$E:$E,0))),\"\",(INDEX(CTS!$V:$V,MATCH(E531,CTS!$E:$E,0))))","v":120.00000000000001},{"$f":"IFERROR(INDEX(CTS!$A:$A,MATCH(E531,CTS!$E:$E,0)),\".\")","v":"P"},{"$f":"IFERROR(IFERROR(INDEX(#REF!,MATCH(E531,#REF!,0)),IFERROR(INDEX(#REF!,MATCH(E531,#REF!,0)),INDEX(#REF!,MATCH(E531,#REF!,0)) )),\".\")","v":"."},null,{"$f":"IFERROR(VLOOKUP(E531,#REF!,8,FALSE),IFERROR(VLOOKUP(E531,#REF!,8,FALSE),IFERROR(VLOOKUP(E531,#REF!,8,FALSE),\"\")))","v":""},".-."]
[527,{"$f":"IFERROR(DAY(CTR[[#This Row],[Date]]),\"\")","v":9},{"$f":"IFERROR(MONTH(CTR[[#This Row],[Date]]),\"\")","v":2},{"$f":"IF(ISNA(INDEX(CTS!C:C,MATCH(E532,CTS!$E:$E,0))),\"\",(INDEX(CTS!C:C,MATCH(E532,CTS!$E:$E,0))))","v":44236},"02-118",{"$f":"IF(ISNA(INDEX(CTS!$F:$F,MATCH(E532,CTS!$E:$E,0))),\"\",(INDEX(CTS!$F:$F,MATCH(E532,CTS!$E:$E,0))))","v":"CLIENT"},{"$f":"IF(ISNA(INDEX(CTS!$N:$N,MATCH(E532,CTS!$E:$E,0))),\"\",(INDEX(CTS!$N:$N,MATCH(E532,CTS!$E:$E,0))))","v":882.35294117647061},{"$f":"IF(ISNA(INDEX(CTS!$O:$O,MATCH(E532,CTS!$E:$E,0))),\"\",(INDEX(CTS!$O:$O,MATCH(E532,CTS!$E:$E,0))))","v":0},{"$f":"IF(ISNA(INDEX(CTS!$P:$P,MATCH(E532,CTS!$E:$E,0))),\"\",(INDEX(CTS!$P:$P,MATCH(E532,CTS!$E:$E,0))))","v":0},{"$f":"IF(ISNA(INDEX(CTS!$Q:$Q,MATCH(E532,CTS!$E:$E,0))),\"\",(INDEX(CTS!$Q:$Q,MATCH(E532,CTS!$E:$E,0))))","v":882.35294117647061},{"$f":"IF(ISNA(INDEX(CTS!$S:$S,MATCH(E532,CTS!$E:$E,0))),\"\",(INDEX(CTS!$S:$S,MATCH(E532,CTS!$E:$E,0))))","v":167.64705882352945},{"$f":"IF(ISNA(INDEX(CTS!$T:$T,MATCH(E532,CTS!$E:$E,0))),\"\",(INDEX(CTS!$T:$T,MATCH(E532,CTS!$E:$E,0))))","v":1050},{"$f":"IF(ISNA(INDEX(CTS!$U:$U,MATCH(E532,CTS!$E:$E,0))),\"\",(INDEX(CTS!$U:$U,MATCH(E532,CTS!$E:$E,0))))","v":0},{"$f":"IF(ISNA(INDEX(CTS!$V:$V,MATCH(E532,CTS!$E:$E,0))),\"\",(INDEX(CTS!$V:$V,MATCH(E532,CTS!$E:$E,0))))","v":1050},{"$f":"IFERROR(INDEX(CTS!$A:$A,MATCH(E532,CTS!$E:$E,0)),\".\")","v":"P"},{"$f":"IFERROR(IFERROR(INDEX(#REF!,MATCH(E532,#REF!,0)),IFERROR(INDEX(#REF!,MATCH(E532,#REF!,0)),INDEX(#REF!,MATCH(E532,#REF!,0)) )),\".\")","v":"."},null,{"$f":"IFERROR(VLOOKUP(E532,#REF!,8,FALSE),IFERROR(VLOOKUP(E532,#REF!,8,FALSE),IFERROR(VLOOKUP(E532,#REF!,8,FALSE),\"\")))","v":""},".-."]
[528,{"$f":"IFERROR(DAY(CTR[[#This Row],[Date]]),\"\")","v":9},{"$f":"IFERROR(MONTH(CTR[[#This Row],[Date]]),\"\")","v":2},{"$f":"IF(ISNA(INDEX(CTS!C:C,MATCH(E533,CTS!$E:$E,0))),\"\",(INDEX(CTS!C:C,MATCH(E533,CTS!$E:$E,0))))","v":44236},"02-119",{"$f":"IF(ISNA(INDEX(CTS!$F:$F,MATCH(E533,CTS!$E:$E,0))),\"\",(INDEX(CTS!$F:$F,MATCH(E533,CTS!$E:$E,0))))","v":"CLIENT"},{"$f":"IF(ISNA(INDEX(CTS!$N:$N,MATCH(E533,CTS!$E:$E,0))),\"\",(INDEX(CTS!$N:$N,MATCH(E533,CTS!$E:$E,0))))","v":1092.4369747899161},{"$f":"IF(ISNA(INDEX(CTS!$O:$O,MATCH(E533,CTS!$E:$E,0))),\"\",(INDEX(CTS!$O:$O,MATCH(E533,CTS!$E:$E,0))))","v":0},{"$f":"IF(ISNA(INDEX(CTS!$P:$P,MATCH(E533,CTS!$E:$E,0))),\"\",(INDEX(CTS!$P:$P,MATCH(E533,CTS!$E:$E,0))))","v":0},{"$f":"IF(ISNA(INDEX(CTS!$Q:$Q,MATCH(E533,CTS!$E:$E,0))),\"\",(INDEX(CTS!$Q:$Q,MATCH(E533,CTS!$E:$E,0))))","v":1092.4369747899161},{"$f":"IF(ISNA(INDEX(CTS!$S:$S,MATCH(E533,CTS!$E:$E,0))),\"\",(INDEX(CTS!$S:$S,MATCH(E533,CTS!$E:$E,0))))","v":207.56302521008408},{"$f":"IF(ISNA(INDEX(CTS!$T:$T,MATCH(E533,CTS!$E:$E,0))),\"\",(INDEX(CTS!$T:$T,MATCH(E533,CTS!$E:$E,0))))","v":1300.0000000000002},{"$f":"IF(ISNA(INDEX(CTS!$U:$U,MATCH(E533,CTS!$E:$E,0))),\"\",(INDEX(CTS!$U:$U,MATCH(E533,CTS!$E:$E,0))))","v":0},{"$f":"IF(ISNA(INDEX(CTS!$V:$V,MATCH(E533,CTS!$E:$E,0))),\"\",(INDEX(CTS!$V:$V,MATCH(E533,CTS!$E:$E,0))))","v":1300.0000000000002},{"$f":"IFERROR(INDEX(CTS!$A:$A,MATCH(E533,CTS!$E:$E,0)),\".\")","v":"P"},{"$f":"IFERROR(IFERROR(INDEX(#REF!,MATCH(E533,#REF!,0)),IFERROR(INDEX(#REF!,MATCH(E533,#REF!,0)),INDEX(#REF!,MATCH(E533,#REF!,0)) )),\".\")","v":"."},null,{"$f":"IFERROR(VLOOKUP(E533,#REF!,8,FALSE),IFERROR(VLOOKUP(E533,#REF!,8,FALSE),IFERROR(VLOOKUP(E533,#REF!,8,FALSE),\"\")))","v":""},".-."]
[529,{"$f":"IFERROR(DAY(CTR[[#This Row],[Date]]),\"\")","v":9},{"$f":"IFERROR(MONTH(CTR[[#This Row],[Date]]),\"\")","v":2},{"$f":"IF(ISNA(INDEX(CTS!C:C,MATCH(E534,CTS!$E:$E,0))),\"\",(INDEX(CTS!C:C,MATCH(E534,CTS!$E:$E,0))))","v":44236},"02-120",{"$f":"IF(ISNA(INDEX(CTS!$F:$F,MATCH(E534,CTS!$E:$E,0))),\"\",(INDEX(CTS!$F:$F,MATCH(E534,CTS!$E:$E,0))))","v":"CLIENT"},{"$f":"IF(ISNA(INDEX(CTS!$N:$N,MATCH(E534,CTS!$E:$E,0))),\"\",(INDEX(CTS!$N:$N,MATCH(E534,CTS!$E:$E,0))))","v":484.03361344537819},{"$f":"IF(ISNA(INDEX(CTS!$O:$O,MATCH(E534,CTS!$E:$E,0))),\"\",(INDEX(CTS!$O:$O,MATCH(E534,CTS!$E:$E,0))))","v":0.13194444444444445},{"$f":"IF(ISNA(INDEX(CTS!$P:$P,MATCH(E534,CTS!$E:$E,0))),\"\",(INDEX(CTS!$P:$P,MATCH(E534,CTS!$E:$E,0))))","v":63.865546218487395},{"$f":"IF(ISNA(INDEX(CTS!$Q:$Q,MATCH(E534,CTS!$E:$E,0))),\"\",(INDEX(CTS!$Q:$Q,MATCH(E534,CTS!$E:$E,0))))","v":420.1680672268908},{"$f":"IF(ISNA(INDEX(CTS!$S:$S,MATCH(E534,CTS!$E:$E,0))),\"\",(INDEX(CTS!$S:$S,MATCH(E534,CTS!$E:$E,0))))","v":79.831932773109259},{"$f":"IF(ISNA(INDEX(CTS!$T:$T,MATCH(E534,CTS!$E:$E,0))),\"\",(INDEX(CTS!$T:$T,MATCH(E534,CTS!$E:$E,0))))","v":500.00000000000006},{"$f":"IF(ISNA(INDEX(CTS!$U:$U,MATCH(E534,CTS!$E:$E,0))),\"\",(INDEX(CTS!$U:$U,MATCH(E534,CTS!$E:$E,0))))","v":0},{"$f":"IF(ISNA(INDEX(CTS!$V:$V,MATCH(E534,CTS!$E:$E,0))),\"\",(INDEX(CTS!$V:$V,MATCH(E534,CTS!$E:$E,0))))","v":500.00000000000006},{"$f":"IFERROR(INDEX(CTS!$A:$A,MATCH(E534,CTS!$E:$E,0)),\".\")","v":"P"},{"$f":"IFERROR(IFERROR(INDEX(#REF!,MATCH(E534,#REF!,0)),IFERROR(INDEX(#REF!,MATCH(E534,#REF!,0)),INDEX(#REF!,MATCH(E534,#REF!,0)) )),\".\")","v":"."},null,{"$f":"IFERROR(VLOOKUP(E534,#REF!,8,FALSE),IFERROR(VLOOKUP(E534,#REF!,8,FALSE),IFERROR(VLOOKUP(E534,#REF!,8,FALSE),\"\")))","v":""},".-."]
[530,{"$f":"IFERROR(DAY(CTR[[#This Row],[Date]]),\"\")","v":9},{"$f":"IFERROR(MONTH(CTR[[#This Row],[Date]]),\"\")","v":2},{"$f":"IF(ISNA(INDEX(CTS!C:C,MATCH(E535,CTS!$E:$E,0))),\"\",(INDEX(CTS!C:C,MATCH(E535,CTS!$E:$E,0))))","v":44236},"02-121",{"$f":"IF(ISNA(INDEX(CTS!$F:$F,MATCH(E535,CTS!$E:$E,0))),\"\",(INDEX(CTS!$F:$F,MATCH(E535,CTS!$E:$E,0))))","v":"CLIENT"},{"$f":"IF(ISNA(INDEX(CTS!$N:$N,MATCH(E535,CTS!$E:$E,0))),\"\",(INDEX(CTS!$N:$N,MATCH(E535,CTS!$E:$E,0))))","v":366.38655462184875},{"$f":"IF(ISNA(INDEX(CTS!$O:$O,MATCH(E535,CTS!$E:$E,0))),\"\",(INDEX(CTS!$O:$O,MATCH(E535,CTS!$E:$E,0))))","v":1.3761467889908256E-2},{"$f":"IF(ISNA(INDEX(CTS!$P:$P,MATCH(E535,CTS!$E:$E,0))),\"\",(INDEX(CTS!$P:$P,MATCH(E535,CTS!$E:$E,0))))","v":5.0420168067226889},{"$f":"IF(ISNA(INDEX(CTS!$Q:$Q,MATCH(E535,CTS!$E:$E,0))),\"\",(INDEX(CTS!$Q:$Q,MATCH(E535,CTS!$E:$E,0))))","v":361.34453781512605},{"$f":"IF(ISNA(INDEX(CTS!$S:$S,MATCH(E535,CTS!$E:$E,0))),\"\",(INDEX(CTS!$S:$S,MATCH(E535,CTS!$E:$E,0))))","v":68.655462184873954},{"$f":"IF(ISNA(INDEX(CTS!$T:$T,MATCH(E535,CTS!$E:$E,0))),\"\",(INDEX(CTS!$T:$T,MATCH(E535,CTS!$E:$E,0))))","v":430},{"$f":"IF(ISNA(INDEX(CTS!$U:$U,MATCH(E535,CTS!$E:$E,0))),\"\",(INDEX(CTS!$U:$U,MATCH(E535,CTS!$E:$E,0))))","v":0},{"$f":"IF(ISNA(INDEX(CTS!$V:$V,MATCH(E535,CTS!$E:$E,0))),\"\",(INDEX(CTS!$V:$V,MATCH(E535,CTS!$E:$E,0))))","v":430},{"$f":"IFERROR(INDEX(CTS!$A:$A,MATCH(E535,CTS!$E:$E,0)),\".\")","v":"P"},{"$f":"IFERROR(IFERROR(INDEX(#REF!,MATCH(E535,#REF!,0)),IFERROR(INDEX(#REF!,MATCH(E535,#REF!,0)),INDEX(#REF!,MATCH(E535,#REF!,0)) )),\".\")","v":"."},null,{"$f":"IFERROR(VLOOKUP(E535,#REF!,8,FALSE),IFERROR(VLOOKUP(E535,#REF!,8,FALSE),IFERROR(VLOOKUP(E535,#REF!,8,FALSE),\"\")))","v":""},".-."]
[531,{"$f":"IFERROR(DAY(CTR[[#This Row],[Date]]),\"\")","v":10},{"$f":"IFERROR(MONTH(CTR[[#This Row],[Date]]),\"\")","v":2},{"$f":"IF(ISNA(INDEX(CTS!C:C,MATCH(E536,CTS!$E:$E,0))),\"\",(INDEX(CTS!C:C,MATCH(E536,CTS!$E:$E,0))))","v":44237},"02-122",{"$f":"IF(ISNA(INDEX(CTS!$F:$F,MATCH(E536,CTS!$E:$E,0))),\"\",(INDEX(CTS!$F:$F,MATCH(E536,CTS!$E:$E,0))))","v":"CLIENT"},{"$f":"IF(ISNA(INDEX(CTS!$N:$N,MATCH(E536,CTS!$E:$E,0))),\"\",(INDEX(CTS!$N:$N,MATCH(E536,CTS!$E:$E,0))))","v":537.81512605042019},{"$f":"IF(ISNA(INDEX(CTS!$O:$O,MATCH(E536,CTS!$E:$E,0))),\"\",(INDEX(CTS!$O:$O,MATCH(E536,CTS!$E:$E,0))))","v":0},{"$f":"IF(ISNA(INDEX(CTS!$P:$P,MATCH(E536,CTS!$E:$E,0))),\"\",(INDEX(CTS!$P:$P,MATCH(E536,CTS!$E:$E,0))))","v":0},{"$f":"IF(ISNA(INDEX(CTS!$Q:$Q,MATCH(E536,CTS!$E:$E,0))),\"\",(INDEX(CTS!$Q:$Q,MATCH(E536,CTS!$E:$E,0))))","v":537.81512605042019},{"$f":"IF(ISNA(INDEX(CTS!$S:$S,MATCH(E536,CTS!$E:$E,0))),\"\",(INDEX(CTS!$S:$S,MATCH(E536,CTS!$E:$E,0))))","v":102.18487394957984},{"$f":"IF(ISNA(INDEX(CTS!$T:$T,MATCH(E536,CTS!$E:$E,0))),\"\",(INDEX(CTS!$T:$T,MATCH(E536,CTS!$E:$E,0))))","v":640},{"$f":"IF(ISNA(INDEX(CTS!$U:$U,MATCH(E536,CTS!$E:$E,0))),\"\",(INDEX(CTS!$U:$U,MATCH(E536,CTS!$E:$E,0))))","v":0},{"$f":"IF(ISNA(INDEX(CTS!$V:$V,MATCH(E536,CTS!$E:$E,0))),\"\",(INDEX(CTS!$V:$V,MATCH(E536,CTS!$E:$E,0))))","v":640},{"$f":"IFERROR(INDEX(CTS!$A:$A,MATCH(E536,CTS!$E:$E,0)),\".\")","v":"P"},{"$f":"IFERROR(IFERROR(INDEX(#REF!,MATCH(E536,#REF!,0)),IFERROR(INDEX(#REF!,MATCH(E536,#REF!,0)),INDEX(#REF!,MATCH(E536,#REF!,0)) )),\".\")","v":"."},null,{"$f":"IFERROR(VLOOKUP(E536,#REF!,8,FALSE),IFERROR(VLOOKUP(E536,#REF!,8,FALSE),IFERROR(VLOOKUP(E536,#REF!,8,FALSE),\"\")))","v":""},".-."]
[532,{"$f":"IFERROR(DAY(CTR[[#This Row],[Date]]),\"\")","v":10},{"$f":"IFERROR(MONTH(CTR[[#This Row],[Date]]),\"\")","v":2},{"$f":"IF(ISNA(INDEX(CTS!C:C,MATCH(E537,CTS!$E:$E,0))),\"\",(INDEX(CTS!C:C,MATCH(E537,CTS!$E:$E,0))))","v":44237},"02-123",{"$f":"IF(ISNA(INDEX(CTS!$F:$F,MATCH(E537,CTS!$E:$E,0))),\"\",(INDEX(CTS!$F:$F,MATCH(E537,CTS!$E:$E,0))))","v":"CLIENT"},{"$f":"IF(ISNA(INDEX(CTS!$N:$N,MATCH(E537,CTS!$E:$E,0))),\"\",(INDEX(CTS!$N:$N,MATCH(E537,CTS!$E:$E,0))))","v":504.20168067226894},{"$f":"IF(ISNA(INDEX(CTS!$O:$O,MATCH(E537,CTS!$E:$E,0))),\"\",(INDEX(CTS!$O:$O,MATCH(E537,CTS!$E:$E,0))))","v":0},{"$f":"IF(ISNA(INDEX(CTS!$P:$P,MATCH(E537,CTS!$E:$E,0))),\"\",(INDEX(CTS!$P:$P,MATCH(E537,CTS!$E:$E,0))))","v":0},{"$f":"IF(ISNA(INDEX(CTS!$Q:$Q,MATCH(E537,CTS!$E:$E,0))),\"\",(INDEX(CTS!$Q:$Q,MATCH(E537,CTS!$E:$E,0))))","v":504.20168067226894},{"$f":"IF(ISNA(INDEX(CTS!$S:$S,MATCH(E537,CTS!$E:$E,0))),\"\",(INDEX(CTS!$S:$S,MATCH(E537,CTS!$E:$E,0))))","v":95.798319327731093},{"$f":"IF(ISNA(INDEX(CTS!$T:$T,MATCH(E537,CTS!$E:$E,0))),\"\",(INDEX(CTS!$T:$T,MATCH(E537,CTS!$E:$E,0))))","v":600},{"$f":"IF(ISNA(INDEX(CTS!$U:$U,MATCH(E537,CTS!$E:$E,0))),\"\",(INDEX(CTS!$U:$U,MATCH(E537,CTS!$E:$E,0))))","v":0},{"$f":"IF(ISNA(INDEX(CTS!$V:$V,MATCH(E537,CTS!$E:$E,0))),\"\",(INDEX(CTS!$V:$V,MATCH(E537,CTS!$E:$E,0))))","v":600},{"$f":"IFERROR(INDEX(CTS!$A:$A,MATCH(E537,CTS!$E:$E,0)),\".\")","v":"P"},{"$f":"IFERROR(IFERROR(INDEX(#REF!,MATCH(E537,#REF!,0)),IFERROR(INDEX(#REF!,MATCH(E537,#REF!,0)),INDEX(#REF!,MATCH(E537,#REF!,0)) )),\".\")","v":"."},null,{"$f":"IFERROR(VLOOKUP(E537,#REF!,8,FALSE),IFERROR(VLOOKUP(E537,#REF!,8,FALSE),IFERROR(VLOOKUP(E537,#REF!,8,FALSE),\"\")))","v":""},".-."]
[533,{"$f":"IFERROR(DAY(CTR[[#This Row],[Date]]),\"\")","v":10},{"$f":"IFERROR(MONTH(CTR[[#This Row],[Date]]),\"\")","v":2},{"$f":"IF(ISNA(INDEX(CTS!C:C,MATCH(E538,CTS!$E:$E,0))),\"\",(INDEX(CTS!C:C,MATCH(E538,CTS!$E:$E,0))))","v":44237},"02-124",{"$f":"IF(ISNA(INDEX(CTS!$F:$F,MATCH(E538,CTS!$E:$E,0))),\"\",(INDEX(CTS!$F:$F,MATCH(E538,CTS!$E:$E,0))))","v":"CLIENT"},{"$f":"IF(ISNA(INDEX(CTS!$N:$N,MATCH(E538,CTS!$E:$E,0))),\"\",(INDEX(CTS!$N:$N,MATCH(E538,CTS!$E:$E,0))))","v":302.52100840336141},{"$f":"IF(ISNA(INDEX(CTS!$O:$O,MATCH(E538,CTS!$E:$E,0))),\"\",(INDEX(CTS!$O:$O,MATCH(E538,CTS!$E:$E,0))))","v":8.3333333333333329E-2},{"$f":"IF(ISNA(INDEX(CTS!$P:$P,MATCH(E538,CTS!$E:$E,0))),\"\",(INDEX(CTS!$P:$P,MATCH(E538,CTS!$E:$E,0))))","v":25.210084033613448},{"$f":"IF(ISNA(INDEX(CTS!$Q:$Q,MATCH(E538,CTS!$E:$E,0))),\"\",(INDEX(CTS!$Q:$Q,MATCH(E538,CTS!$E:$E,0))))","v":277.31092436974797},{"$f":"IF(ISNA(INDEX(CTS!$S:$S,MATCH(E538,CTS!$E:$E,0))),\"\",(INDEX(CTS!$S:$S,MATCH(E538,CTS!$E:$E,0))))","v":52.689075630252113},{"$f":"IF(ISNA(INDEX(CTS!$T:$T,MATCH(E538,CTS!$E:$E,0))),\"\",(INDEX(CTS!$T:$T,MATCH(E538,CTS!$E:$E,0))))","v":330.00000000000006},{"$f":"IF(ISNA(INDEX(CTS!$U:$U,MATCH(E538,CTS!$E:$E,0))),\"\",(INDEX(CTS!$U:$U,MATCH(E538,CTS!$E:$E,0))))","v":0},{"$f":"IF(ISNA(INDEX(CTS!$V:$V,MATCH(E538,CTS!$E:$E,0))),\"\",(INDEX(CTS!$V:$V,MATCH(E538,CTS!$E:$E,0))))","v":330.00000000000006},{"$f":"IFERROR(INDEX(CTS!$A:$A,MATCH(E538,CTS!$E:$E,0)),\".\")","v":"P"},{"$f":"IFERROR(IFERROR(INDEX(#REF!,MATCH(E538,#REF!,0)),IFERROR(INDEX(#REF!,MATCH(E538,#REF!,0)),INDEX(#REF!,MATCH(E538,#REF!,0)) )),\".\")","v":"."},null,{"$f":"IFERROR(VLOOKUP(E538,#REF!,8,FALSE),IFERROR(VLOOKUP(E538,#REF!,8,FALSE),IFERROR(VLOOKUP(E538,#REF!,8,FALSE),\"\")))","v":""},".-."]
[534,{"$f":"IFERROR(DAY(CTR[[#This Row],[Date]]),\"\")","v":10},{"$f":"IFERROR(MONTH(CTR[[#This Row],[Date]]),\"\")","v":2},{"$f":"IF(ISNA(INDEX(CTS!C:C,MATCH(E539,CTS!$E:$E,0))),\"\",(INDEX(CTS!C:C,MATCH(E539,CTS!$E:$E,0))))","v":44237},"02-125",{"$f":"IF(ISNA(INDEX(CTS!$F:$F,MATCH(E539,CTS!$E:$E,0))),\"\",(INDEX(CTS!$F:$F,MATCH(E539,CTS!$E:$E,0))))","v":"CLIENT"},{"$f":"IF(ISNA(INDEX(CTS!$N:$N,MATCH(E539,CTS!$E:$E,0))),\"\",(INDEX(CTS!$N:$N,MATCH(E539,CTS!$E:$E,0))))","v":1217.6470588235295},{"$f":"IF(ISNA(INDEX(CTS!$O:$O,MATCH(E539,CTS!$E:$E,0))),\"\",(INDEX(CTS!$O:$O,MATCH(E539,CTS!$E:$E,0))))","v":0},{"$f":"IF(ISNA(INDEX(CTS!$P:$P,MATCH(E539,CTS!$E:$E,0))),\"\",(INDEX(CTS!$P:$P,MATCH(E539,CTS!$E:$E,0))))","v":0},{"$f":"IF(ISNA(INDEX(CTS!$Q:$Q,MATCH(E539,CTS!$E:$E,0))),\"\",(INDEX(CTS!$Q:$Q,MATCH(E539,CTS!$E:$E,0))))","v":1217.6470588235295},{"$f":"IF(ISNA(INDEX(CTS!$S:$S,MATCH(E539,CTS!$E:$E,0))),\"\",(INDEX(CTS!$S:$S,MATCH(E539,CTS!$E:$E,0))))","v":231.35294117647064},{"$f":"IF(ISNA(INDEX(CTS!$T:$T,MATCH(E539,CTS!$E:$E,0))),\"\",(INDEX(CTS!$T:$T,MATCH(E539,CTS!$E:$E,0))))","v":1449.0000000000002},{"$f":"IF(ISNA(INDEX(CTS!$U:$U,MATCH(E539,CTS!$E:$E,0))),\"\",(INDEX(CTS!$U:$U,MATCH(E539,CTS!$E:$E,0))))","v":0},{"$f":"IF(ISNA(INDEX(CTS!$V:$V,MATCH(E539,CTS!$E:$E,0))),\"\",(INDEX(CTS!$V:$V,MATCH(E539,CTS!$E:$E,0))))","v":1449.0000000000002},{"$f":"IFERROR(INDEX(CTS!$A:$A,MATCH(E539,CTS!$E:$E,0)),\".\")","v":"P"},{"$f":"IFERROR(IFERROR(INDEX(#REF!,MATCH(E539,#REF!,0)),IFERROR(INDEX(#REF!,MATCH(E539,#REF!,0)),INDEX(#REF!,MATCH(E539,#REF!,0)) )),\".\")","v":"."},null,{"$f":"IFERROR(VLOOKUP(E539,#REF!,8,FALSE),IFERROR(VLOOKUP(E539,#REF!,8,FALSE),IFERROR(VLOOKUP(E539,#REF!,8,FALSE),\"\")))","v":""},".-."]
[535,{"$f":"IFERROR(DAY(CTR[[#This Row],[Date]]),\"\")","v":10},{"$f":"IFERROR(MONTH(CTR[[#This Row],[Date]]),\"\")","v":2},{"$f":"IF(ISNA(INDEX(CTS!C:C,MATCH(E540,CTS!$E:$E,0))),\"\",(INDEX(CTS!C:C,MATCH(E540,CTS!$E:$E,0))))","v":44237},"02-126",{"$f":"IF(ISNA(INDEX(CTS!$F:$F,MATCH(E540,CTS!$E:$E,0))),\"\",(INDEX(CTS!$F:$F,MATCH(E540,CTS!$E:$E,0))))","v":"CLIENT"},{"$f":"IF(ISNA(INDEX(CTS!$N:$N,MATCH(E540,CTS!$E:$E,0))),\"\",(INDEX(CTS!$N:$N,MATCH(E540,CTS!$E:$E,0))))","v":121.00840336134455},{"$f":"IF(ISNA(INDEX(CTS!$O:$O,MATCH(E540,CTS!$E:$E,0))),\"\",(INDEX(CTS!$O:$O,MATCH(E540,CTS!$E:$E,0))))","v":0},{"$f":"IF(ISNA(INDEX(CTS!$P:$P,MATCH(E540,CTS!$E:$E,0))),\"\",(INDEX(CTS!$P:$P,MATCH(E540,CTS!$E:$E,0))))","v":0},{"$f":"IF(ISNA(INDEX(CTS!$Q:$Q,MATCH(E540,CTS!$E:$E,0))),\"\",(INDEX(CTS!$Q:$Q,MATCH(E540,CTS!$E:$E,0))))","v":121.00840336134455},{"$f":"IF(ISNA(INDEX(CTS!$S:$S,MATCH(E540,CTS!$E:$E,0))),\"\",(INDEX(CTS!$S:$S,MATCH(E540,CTS!$E:$E,0))))","v":22.991596638655466},{"$f":"IF(ISNA(INDEX(CTS!$T:$T,MATCH(E540,CTS!$E:$E,0))),\"\",(INDEX(CTS!$T:$T,MATCH(E540,CTS!$E:$E,0))))","v":144},{"$f":"IF(ISNA(INDEX(CTS!$U:$U,MATCH(E540,CTS!$E:$E,0))),\"\",(INDEX(CTS!$U:$U,MATCH(E540,CTS!$E:$E,0))))","v":0},{"$f":"IF(ISNA(INDEX(CTS!$V:$V,MATCH(E540,CTS!$E:$E,0))),\"\",(INDEX(CTS!$V:$V,MATCH(E540,CTS!$E:$E,0))))","v":144},{"$f":"IFERROR(INDEX(CTS!$A:$A,MATCH(E540,CTS!$E:$E,0)),\".\")","v":"P"},{"$f":"IFERROR(IFERROR(INDEX(#REF!,MATCH(E540,#REF!,0)),IFERROR(INDEX(#REF!,MATCH(E540,#REF!,0)),INDEX(#REF!,MATCH(E540,#REF!,0)) )),\".\")","v":"."},null,{"$f":"IFERROR(VLOOKUP(E540,#REF!,8,FALSE),IFERROR(VLOOKUP(E540,#REF!,8,FALSE),IFERROR(VLOOKUP(E540,#REF!,8,FALSE),\"\")))","v":""},".-."]
[536,{"$f":"IFERROR(DAY(CTR[[#This Row],[Date]]),\"\")","v":10},{"$f":"IFERROR(MONTH(CTR[[#This Row],[Date]]),\"\")","v":2},{"$f":"IF(ISNA(INDEX(CTS!C:C,MATCH(E541,CTS!$E:$E,0))),\"\",(INDEX(CTS!C:C,MATCH(E541,CTS!$E:$E,0))))","v":44237},"02-127",{"$f":"IF(ISNA(INDEX(CTS!$F:$F,MATCH(E541,CTS!$E:$E,0))),\"\",(INDEX(CTS!$F:$F,MATCH(E541,CTS!$E:$E,0))))","v":"HANAFIA Ben Saad "},{"$f":"IF(ISNA(INDEX(CTS!$N:$N,MATCH(E541,CTS!$E:$E,0))),\"\",(INDEX(CTS!$N:$N,MATCH(E541,CTS!$E:$E,0))))","v":1792},{"$f":"IF(ISNA(INDEX(CTS!$O:$O,MATCH(E541,CTS!$E:$E,0))),\"\",(INDEX(CTS!$O:$O,MATCH(E541,CTS!$E:$E,0))))","v":3.0387154861944779E-3},{"$f":"IF(ISNA(INDEX(CTS!$P:$P,MATCH(E541,CTS!$E:$E,0))),\"\",(INDEX(CTS!$P:$P,MATCH(E541,CTS!$E:$E,0))))","v":0},{"$f":"IF(ISNA(INDEX(CTS!$Q:$Q,MATCH(E541,CTS!$E:$E,0))),\"\",(INDEX(CTS!$Q:$Q,MATCH(E541,CTS!$E:$E,0))))","v":1792},{"$f":"IF(ISNA(INDEX(CTS!$S:$S,MATCH(E541,CTS!$E:$E,0))),\"\",(INDEX(CTS!$S:$S,MATCH(E541,CTS!$E:$E,0))))","v":340.48},{"$f":"IF(ISNA(INDEX(CTS!$T:$T,MATCH(E541,CTS!$E:$E,0))),\"\",(INDEX(CTS!$T:$T,MATCH(E541,CTS!$E:$E,0))))","v":2132.48},{"$f":"IF(ISNA(INDEX(CTS!$U:$U,MATCH(E541,CTS!$E:$E,0))),\"\",(INDEX(CTS!$U:$U,MATCH(E541,CTS!$E:$E,0))))","v":0},{"$f":"IF(ISNA(INDEX(CTS!$V:$V,MATCH(E541,CTS!$E:$E,0))),\"\",(INDEX(CTS!$V:$V,MATCH(E541,CTS!$E:$E,0))))","v":0},{"$f":"IFERROR(INDEX(CTS!$A:$A,MATCH(E541,CTS!$E:$E,0)),\".\")","v":"F"},{"$f":"IFERROR(IFERROR(INDEX(#REF!,MATCH(E541,#REF!,0)),IFERROR(INDEX(#REF!,MATCH(E541,#REF!,0)),INDEX(#REF!,MATCH(E541,#REF!,0)) )),\".\")","v":"."},null,{"$f":"IFERROR(VLOOKUP(E541,#REF!,8,FALSE),IFERROR(VLOOKUP(E541,#REF!,8,FALSE),IFERROR(VLOOKUP(E541,#REF!,8,FALSE),\"\")))","v":""},".-."]
[537,{"$f":"IFERROR(DAY(CTR[[#This Row],[Date]]),\"\")","v":10},{"$f":"IFERROR(MONTH(CTR[[#This Row],[Date]]),\"\")","v":2},{"$f":"IF(ISNA(INDEX(CTS!C:C,MATCH(E542,CTS!$E:$E,0))),\"\",(INDEX(CTS!C:C,MATCH(E542,CTS!$E:$E,0))))","v":44237},"02-128",{"$f":"IF(ISNA(INDEX(CTS!$F:$F,MATCH(E542,CTS!$E:$E,0))),\"\",(INDEX(CTS!$F:$F,MATCH(E542,CTS!$E:$E,0))))","v":"CLIENT"},{"$f":"IF(ISNA(INDEX(CTS!$N:$N,MATCH(E542,CTS!$E:$E,0))),\"\",(INDEX(CTS!$N:$N,MATCH(E542,CTS!$E:$E,0))))","v":184.87394957983196},{"$f":"IF(ISNA(INDEX(CTS!$O:$O,MATCH(E542,CTS!$E:$E,0))),\"\",(INDEX(CTS!$O:$O,MATCH(E542,CTS!$E:$E,0))))","v":0},{"$f":"IF(ISNA(INDEX(CTS!$P:$P,MATCH(E542,CTS!$E:$E,0))),\"\",(INDEX(CTS!$P:$P,MATCH(E542,CTS!$E:$E,0))))","v":0},{"$f":"IF(ISNA(INDEX(CTS!$Q:$Q,MATCH(E542,CTS!$E:$E,0))),\"\",(INDEX(CTS!$Q:$Q,MATCH(E542,CTS!$E:$E,0))))","v":184.87394957983196},{"$f":"IF(ISNA(INDEX(CTS!$S:$S,MATCH(E542,CTS!$E:$E,0))),\"\",(INDEX(CTS!$S:$S,MATCH(E542,CTS!$E:$E,0))))","v":35.12605042016807},{"$f":"IF(ISNA(INDEX(CTS!$T:$T,MATCH(E542,CTS!$E:$E,0))),\"\",(INDEX(CTS!$T:$T,MATCH(E542,CTS!$E:$E,0))))","v":220.00000000000003},{"$f":"IF(ISNA(INDEX(CTS!$U:$U,MATCH(E542,CTS!$E:$E,0))),\"\",(INDEX(CTS!$U:$U,MATCH(E542,CTS!$E:$E,0))))","v":0},{"$f":"IF(ISNA(INDEX(CTS!$V:$V,MATCH(E542,CTS!$E:$E,0))),\"\",(INDEX(CTS!$V:$V,MATCH(E542,CTS!$E:$E,0))))","v":220.00000000000003},{"$f":"IFERROR(INDEX(CTS!$A:$A,MATCH(E542,CTS!$E:$E,0)),\".\")","v":"P"},{"$f":"IFERROR(IFERROR(INDEX(#REF!,MATCH(E542,#REF!,0)),IFERROR(INDEX(#REF!,MATCH(E542,#REF!,0)),INDEX(#REF!,MATCH(E542,#REF!,0)) )),\".\")","v":"."},null,{"$f":"IFERROR(VLOOKUP(E542,#REF!,8,FALSE),IFERROR(VLOOKUP(E542,#REF!,8,FALSE),IFERROR(VLOOKUP(E542,#REF!,8,FALSE),\"\")))","v":""},".-."]
[538,{"$f":"IFERROR(DAY(CTR[[#This Row],[Date]]),\"\")","v":10},{"$f":"IFERROR(MONTH(CTR[[#This Row],[Date]]),\"\")","v":2},{"$f":"IF(ISNA(INDEX(CTS!C:C,MATCH(E543,CTS!$E:$E,0))),\"\",(INDEX(CTS!C:C,MATCH(E543,CTS!$E:$E,0))))","v":44237},"02-129",{"$f":"IF(ISNA(INDEX(CTS!$F:$F,MATCH(E543,CTS!$E:$E,0))),\"\",(INDEX(CTS!$F:$F,MATCH(E543,CTS!$E:$E,0))))","v":"CLIENT"},{"$f":"IF(ISNA(INDEX(CTS!$N:$N,MATCH(E543,CTS!$E:$E,0))),\"\",(INDEX(CTS!$N:$N,MATCH(E543,CTS!$E:$E,0))))","v":3655.4621848739498},{"$f":"IF(ISNA(INDEX(CTS!$O:$O,MATCH(E543,CTS!$E:$E,0))),\"\",(INDEX(CTS!$O:$O,MATCH(E543,CTS!$E:$E,0))))","v":0},{"$f":"IF(ISNA(INDEX(CTS!$P:$P,MATCH(E543,CTS!$E:$E,0))),\"\",(INDEX(CTS!$P:$P,MATCH(E543,CTS!$E:$E,0))))","v":0},{"$f":"IF(ISNA(INDEX(CTS!$Q:$Q,MATCH(E543,CTS!$E:$E,0))),\"\",(INDEX(CTS!$Q:$Q,MATCH(E543,CTS!$E:$E,0))))","v":3655.4621848739498},{"$f":"IF(ISNA(INDEX(CTS!$S:$S,MATCH(E543,CTS!$E:$E,0))),\"\",(INDEX(CTS!$S:$S,MATCH(E543,CTS!$E:$E,0))))","v":694.53781512605042},{"$f":"IF(ISNA(INDEX(CTS!$T:$T,MATCH(E543,CTS!$E:$E,0))),\"\",(INDEX(CTS!$T:$T,MATCH(E543,CTS!$E:$E,0))))","v":4350},{"$f":"IF(ISNA(INDEX(CTS!$U:$U,MATCH(E543,CTS!$E:$E,0))),\"\",(INDEX(CTS!$U:$U,MATCH(E543,CTS!$E:$E,0))))","v":0},{"$f":"IF(ISNA(INDEX(CTS!$V:$V,MATCH(E543,CTS!$E:$E,0))),\"\",(INDEX(CTS!$V:$V,MATCH(E543,CTS!$E:$E,0))))","v":4350},{"$f":"IFERROR(INDEX(CTS!$A:$A,MATCH(E543,CTS!$E:$E,0)),\".\")","v":"P"},{"$f":"IFERROR(IFERROR(INDEX(#REF!,MATCH(E543,#REF!,0)),IFERROR(INDEX(#REF!,MATCH(E543,#REF!,0)),INDEX(#REF!,MATCH(E543,#REF!,0)) )),\".\")","v":"."},null,{"$f":"IFERROR(VLOOKUP(E543,#REF!,8,FALSE),IFERROR(VLOOKUP(E543,#REF!,8,FALSE),IFERROR(VLOOKUP(E543,#REF!,8,FALSE),\"\")))","v":""},".-."]
[539,{"$f":"IFERROR(DAY(CTR[[#This Row],[Date]]),\"\")","v":10},{"$f":"IFERROR(MONTH(CTR[[#This Row],[Date]]),\"\")","v":2},{"$f":"IF(ISNA(INDEX(CTS!C:C,MATCH(E544,CTS!$E:$E,0))),\"\",(INDEX(CTS!C:C,MATCH(E544,CTS!$E:$E,0))))","v":44237},"02-130",{"$f":"IF(ISNA(INDEX(CTS!$F:$F,MATCH(E544,CTS!$E:$E,0))),\"\",(INDEX(CTS!$F:$F,MATCH(E544,CTS!$E:$E,0))))","v":"ICARA"},{"$f":"IF(ISNA(INDEX(CTS!$N:$N,MATCH(E544,CTS!$E:$E,0))),\"\",(INDEX(CTS!$N:$N,MATCH(E544,CTS!$E:$E,0))))","v":491.4},{"$f":"IF(ISNA(INDEX(CTS!$O:$O,MATCH(E544,CTS!$E:$E,0))),\"\",(INDEX(CTS!$O:$O,MATCH(E544,CTS!$E:$E,0))))","v":-3.9331972105081351E-4},{"$f":"IF(ISNA(INDEX(CTS!$P:$P,MATCH(E544,CTS!$E:$E,0))),\"\",(INDEX(CTS!$P:$P,MATCH(E544,CTS!$E:$E,0))))","v":-0.19327731092436976},{"$f":"IF(ISNA(INDEX(CTS!$Q:$Q,MATCH(E544,CTS!$E:$E,0))),\"\",(INDEX(CTS!$Q:$Q,MATCH(E544,CTS!$E:$E,0))))","v":491.59327731092435},{"$f":"IF(ISNA(INDEX(CTS!$S:$S,MATCH(E544,CTS!$E:$E,0))),\"\",(INDEX(CTS!$S:$S,MATCH(E544,CTS!$E:$E,0))))","v":93.402722689075631},{"$f":"IF(ISNA(INDEX(CTS!$T:$T,MATCH(E544,CTS!$E:$E,0))),\"\",(INDEX(CTS!$T:$T,MATCH(E544,CTS!$E:$E,0))))","v":584.99599999999998},{"$f":"IF(ISNA(INDEX(CTS!$U:$U,MATCH(E544,CTS!$E:$E,0))),\"\",(INDEX(CTS!$U:$U,MATCH(E544,CTS!$E:$E,0))))","v":0},{"$f":"IF(ISNA(INDEX(CTS!$V:$V,MATCH(E544,CTS!$E:$E,0))),\"\",(INDEX(CTS!$V:$V,MATCH(E544,CTS!$E:$E,0))))","v":584.99599999999998},{"$f":"IFERROR(INDEX(CTS!$A:$A,MATCH(E544,CTS!$E:$E,0)),\".\")","v":"C"},{"$f":"IFERROR(IFERROR(INDEX(#REF!,MATCH(E544,#REF!,0)),IFERROR(INDEX(#REF!,MATCH(E544,#REF!,0)),INDEX(#REF!,MATCH(E544,#REF!,0)) )),\".\")","v":"."},null,{"$f":"IFERROR(VLOOKUP(E544,#REF!,8,FALSE),IFERROR(VLOOKUP(E544,#REF!,8,FALSE),IFERROR(VLOOKUP(E544,#REF!,8,FALSE),\"\")))","v":""},".-."]
[{"$f":"A544+1","v":540},{"$f":"IFERROR(DAY(CTR[[#This Row],[Date]]),\"\")","v":10},{"$f":"IFERROR(MONTH(CTR[[#This Row],[Date]]),\"\")","v":2},{"$f":"IF(ISNA(INDEX(CTS!C:C,MATCH(E545,CTS!$E:$E,0))),\"\",(INDEX(CTS!C:C,MATCH(E545,CTS!$E:$E,0))))","v":44237},"02-131",{"$f":"IF(ISNA(INDEX(CTS!$F:$F,MATCH(E545,CTS!$E:$E,0))),\"\",(INDEX(CTS!$F:$F,MATCH(E545,CTS!$E:$E,0))))","v":"CLIENT"},{"$f":"IF(ISNA(INDEX(CTS!$N:$N,MATCH(E545,CTS!$E:$E,0))),\"\",(INDEX(CTS!$N:$N,MATCH(E545,CTS!$E:$E,0))))","v":3396.6386554621849},{"$f":"IF(ISNA(INDEX(CTS!$O:$O,MATCH(E545,CTS!$E:$E,0))),\"\",(INDEX(CTS!$O:$O,MATCH(E545,CTS!$E:$E,0))))","v":1.0390895596239486E-2},{"$f":"IF(ISNA(INDEX(CTS!$P:$P,MATCH(E545,CTS!$E:$E,0))),\"\",(INDEX(CTS!$P:$P,MATCH(E545,CTS!$E:$E,0))))","v":35.294117647058826},{"$f":"IF(ISNA(INDEX(CTS!$Q:$Q,MATCH(E545,CTS!$E:$E,0))),\"\",(INDEX(CTS!$Q:$Q,MATCH(E545,CTS!$E:$E,0))))","v":3361.3445378151259},{"$f":"IF(ISNA(INDEX(CTS!$S:$S,MATCH(E545,CTS!$E:$E,0))),\"\",(INDEX(CTS!$S:$S,MATCH(E545,CTS!$E:$E,0))))","v":638.65546218487395},{"$f":"IF(ISNA(INDEX(CTS!$T:$T,MATCH(E545,CTS!$E:$E,0))),\"\",(INDEX(CTS!$T:$T,MATCH(E545,CTS!$E:$E,0))))","v":4000},{"$f":"IF(ISNA(INDEX(CTS!$U:$U,MATCH(E545,CTS!$E:$E,0))),\"\",(INDEX(CTS!$U:$U,MATCH(E545,CTS!$E:$E,0))))","v":0},{"$f":"IF(ISNA(INDEX(CTS!$V:$V,MATCH(E545,CTS!$E:$E,0))),\"\",(INDEX(CTS!$V:$V,MATCH(E545,CTS!$E:$E,0))))","v":4000},{"$f":"IFERROR(INDEX(CTS!$A:$A,MATCH(E545,CTS!$E:$E,0)),\".\")","v":"P"},{"$f":"IFERROR(IFERROR(INDEX(#REF!,MATCH(E545,#REF!,0)),IFERROR(INDEX(#REF!,MATCH(E545,#REF!,0)),INDEX(#REF!,MATCH(E545,#REF!,0)) )),\".\")","v":"."},null,{"$f":"IFERROR(VLOOKUP(E545,#REF!,8,FALSE),IFERROR(VLOOKUP(E545,#REF!,8,FALSE),IFERROR(VLOOKUP(E545,#REF!,8,FALSE),\"\")))","v":""},".-."]
[541,{"$f":"IFERROR(DAY(CTR[[#This Row],[Date]]),\"\")","v":10},{"$f":"IFERROR(MONTH(CTR[[#This Row],[Date]]),\"\")","v":2},{"$f":"IF(ISNA(INDEX(CTS!C:C,MATCH(E546,CTS!$E:$E,0))),\"\",(INDEX(CTS!C:C,MATCH(E546,CTS!$E:$E,0))))","v":44237},"02-132",{"$f":"IF(ISNA(INDEX(CTS!$F:$F,MATCH(E546,CTS!$E:$E,0))),\"\",(INDEX(CTS!$F:$F,MATCH(E546,CTS!$E:$E,0))))","v":"CLIENT"},{"$f":"IF(ISNA(INDEX(CTS!$N:$N,MATCH(E546,CTS!$E:$E,0))),\"\",(INDEX(CTS!$N:$N,MATCH(E546,CTS!$E:$E,0))))","v":608.40336134453787},{"$f":"IF(ISNA(INDEX(CTS!$O:$O,MATCH(E546,CTS!$E:$E,0))),\"\",(INDEX(CTS!$O:$O,MATCH(E546,CTS!$E:$E,0))))","v":0},{"$f":"IF(ISNA(INDEX(CTS!$P:$P,MATCH(E546,CTS!$E:$E,0))),\"\",(INDEX(CTS!$P:$P,MATCH(E546,CTS!$E:$E,0))))","v":0},{"$f":"IF(ISNA(INDEX(CTS!$Q:$Q,MATCH(E546,CTS!$E:$E,0))),\"\",(INDEX(CTS!$Q:$Q,MATCH(E546,CTS!$E:$E,0))))","v":608.40336134453787},{"$f":"IF(ISNA(INDEX(CTS!$S:$S,MATCH(E546,CTS!$E:$E,0))),\"\",(INDEX(CTS!$S:$S,MATCH(E546,CTS!$E:$E,0))))","v":115.59663865546219},{"$f":"IF(ISNA(INDEX(CTS!$T:$T,MATCH(E546,CTS!$E:$E,0))),\"\",(INDEX(CTS!$T:$T,MATCH(E546,CTS!$E:$E,0))))","v":724},{"$f":"IF(ISNA(INDEX(CTS!$U:$U,MATCH(E546,CTS!$E:$E,0))),\"\",(INDEX(CTS!$U:$U,MATCH(E546,CTS!$E:$E,0))))","v":0},{"$f":"IF(ISNA(INDEX(CTS!$V:$V,MATCH(E546,CTS!$E:$E,0))),\"\",(INDEX(CTS!$V:$V,MATCH(E546,CTS!$E:$E,0))))","v":724},{"$f":"IFERROR(INDEX(CTS!$A:$A,MATCH(E546,CTS!$E:$E,0)),\".\")","v":"P"},{"$f":"IFERROR(IFERROR(INDEX(#REF!,MATCH(E546,#REF!,0)),IFERROR(INDEX(#REF!,MATCH(E546,#REF!,0)),INDEX(#REF!,MATCH(E546,#REF!,0)) )),\".\")","v":"."},null,{"$f":"IFERROR(VLOOKUP(E546,#REF!,8,FALSE),IFERROR(VLOOKUP(E546,#REF!,8,FALSE),IFERROR(VLOOKUP(E546,#REF!,8,FALSE),\"\")))","v":""},".-."]
[542,{"$f":"IFERROR(DAY(CTR[[#This Row],[Date]]),\"\")","v":10},{"$f":"IFERROR(MONTH(CTR[[#This Row],[Date]]),\"\")","v":2},{"$f":"IF(ISNA(INDEX(CTS!C:C,MATCH(E547,CTS!$E:$E,0))),\"\",(INDEX(CTS!C:C,MATCH(E547,CTS!$E:$E,0))))","v":44237},"02-133",{"$f":"IF(ISNA(INDEX(CTS!$F:$F,MATCH(E547,CTS!$E:$E,0))),\"\",(INDEX(CTS!$F:$F,MATCH(E547,CTS!$E:$E,0))))","v":"CLIENT"},{"$f":"IF(ISNA(INDEX(CTS!$N:$N,MATCH(E547,CTS!$E:$E,0))),\"\",(INDEX(CTS!$N:$N,MATCH(E547,CTS!$E:$E,0))))","v":121.00840336134455},{"$f":"IF(ISNA(INDEX(CTS!$O:$O,MATCH(E547,CTS!$E:$E,0))),\"\",(INDEX(CTS!$O:$O,MATCH(E547,CTS!$E:$E,0))))","v":2.7777777777777776E-2},{"$f":"IF(ISNA(INDEX(CTS!$P:$P,MATCH(E547,CTS!$E:$E,0))),\"\",(INDEX(CTS!$P:$P,MATCH(E547,CTS!$E:$E,0))))","v":3.3613445378151261},{"$f":"IF(ISNA(INDEX(CTS!$Q:$Q,MATCH(E547,CTS!$E:$E,0))),\"\",(INDEX(CTS!$Q:$Q,MATCH(E547,CTS!$E:$E,0))))","v":117.64705882352942},{"$f":"IF(ISNA(INDEX(CTS!$S:$S,MATCH(E547,CTS!$E:$E,0))),\"\",(INDEX(CTS!$S:$S,MATCH(E547,CTS!$E:$E,0))))","v":22.352941176470591},{"$f":"IF(ISNA(INDEX(CTS!$T:$T,MATCH(E547,CTS!$E:$E,0))),\"\",(INDEX(CTS!$T:$T,MATCH(E547,CTS!$E:$E,0))))","v":140},{"$f":"IF(ISNA(INDEX(CTS!$U:$U,MATCH(E547,CTS!$E:$E,0))),\"\",(INDEX(CTS!$U:$U,MATCH(E547,CTS!$E:$E,0))))","v":0},{"$f":"IF(ISNA(INDEX(CTS!$V:$V,MATCH(E547,CTS!$E:$E,0))),\"\",(INDEX(CTS!$V:$V,MATCH(E547,CTS!$E:$E,0))))","v":140},{"$f":"IFERROR(INDEX(CTS!$A:$A,MATCH(E547,CTS!$E:$E,0)),\".\")","v":"P"},{"$f":"IFERROR(IFERROR(INDEX(#REF!,MATCH(E547,#REF!,0)),IFERROR(INDEX(#REF!,MATCH(E547,#REF!,0)),INDEX(#REF!,MATCH(E547,#REF!,0)) )),\".\")","v":"."},null,{"$f":"IFERROR(VLOOKUP(E547,#REF!,8,FALSE),IFERROR(VLOOKUP(E547,#REF!,8,FALSE),IFERROR(VLOOKUP(E547,#REF!,8,FALSE),\"\")))","v":""},".-."]
[543,{"$f":"IFERROR(DAY(CTR[[#This Row],[Date]]),\"\")","v":10},{"$f":"IFERROR(MONTH(CTR[[#This Row],[Date]]),\"\")","v":2},{"$f":"IF(ISNA(INDEX(CTS!C:C,MATCH(E548,CTS!$E:$E,0))),\"\",(INDEX(CTS!C:C,MATCH(E548,CTS!$E:$E,0))))","v":44237},"02-134",{"$f":"IF(ISNA(INDEX(CTS!$F:$F,MATCH(E548,CTS!$E:$E,0))),\"\",(INDEX(CTS!$F:$F,MATCH(E548,CTS!$E:$E,0))))","v":"CLIENT"},{"$f":"IF(ISNA(INDEX(CTS!$N:$N,MATCH(E548,CTS!$E:$E,0))),\"\",(INDEX(CTS!$N:$N,MATCH(E548,CTS!$E:$E,0))))","v":3831.9327731092444},{"$f":"IF(ISNA(INDEX(CTS!$O:$O,MATCH(E548,CTS!$E:$E,0))),\"\",(INDEX(CTS!$O:$O,MATCH(E548,CTS!$E:$E,0))))","v":0},{"$f":"IF(ISNA(INDEX(CTS!$P:$P,MATCH(E548,CTS!$E:$E,0))),\"\",(INDEX(CTS!$P:$P,MATCH(E548,CTS!$E:$E,0))))","v":0},{"$f":"IF(ISNA(INDEX(CTS!$Q:$Q,MATCH(E548,CTS!$E:$E,0))),\"\",(INDEX(CTS!$Q:$Q,MATCH(E548,CTS!$E:$E,0))))","v":3831.9327731092444},{"$f":"IF(ISNA(INDEX(CTS!$S:$S,MATCH(E548,CTS!$E:$E,0))),\"\",(INDEX(CTS!$S:$S,MATCH(E548,CTS!$E:$E,0))))","v":728.06722689075639},{"$f":"IF(ISNA(INDEX(CTS!$T:$T,MATCH(E548,CTS!$E:$E,0))),\"\",(INDEX(CTS!$T:$T,MATCH(E548,CTS!$E:$E,0))))","v":4560.0000000000009},{"$f":"IF(ISNA(INDEX(CTS!$U:$U,MATCH(E548,CTS!$E:$E,0))),\"\",(INDEX(CTS!$U:$U,MATCH(E548,CTS!$E:$E,0))))","v":0},{"$f":"IF(ISNA(INDEX(CTS!$V:$V,MATCH(E548,CTS!$E:$E,0))),\"\",(INDEX(CTS!$V:$V,MATCH(E548,CTS!$E:$E,0))))","v":4560.0000000000009},{"$f":"IFERROR(INDEX(CTS!$A:$A,MATCH(E548,CTS!$E:$E,0)),\".\")","v":"P"},{"$f":"IFERROR(IFERROR(INDEX(#REF!,MATCH(E548,#REF!,0)),IFERROR(INDEX(#REF!,MATCH(E548,#REF!,0)),INDEX(#REF!,MATCH(E548,#REF!,0)) )),\".\")","v":"."},null,{"$f":"IFERROR(VLOOKUP(E548,#REF!,8,FALSE),IFERROR(VLOOKUP(E548,#REF!,8,FALSE),IFERROR(VLOOKUP(E548,#REF!,8,FALSE),\"\")))","v":""},".-."]
[544,{"$f":"IFERROR(DAY(CTR[[#This Row],[Date]]),\"\")","v":10},{"$f":"IFERROR(MONTH(CTR[[#This Row],[Date]]),\"\")","v":2},{"$f":"IF(ISNA(INDEX(CTS!C:C,MATCH(E549,CTS!$E:$E,0))),\"\",(INDEX(CTS!C:C,MATCH(E549,CTS!$E:$E,0))))","v":44237},"02-135",{"$f":"IF(ISNA(INDEX(CTS!$F:$F,MATCH(E549,CTS!$E:$E,0))),\"\",(INDEX(CTS!$F:$F,MATCH(E549,CTS!$E:$E,0))))","v":"CLIENT"},{"$f":"IF(ISNA(INDEX(CTS!$N:$N,MATCH(E549,CTS!$E:$E,0))),\"\",(INDEX(CTS!$N:$N,MATCH(E549,CTS!$E:$E,0))))","v":4487.3949579831933},{"$f":"IF(ISNA(INDEX(CTS!$O:$O,MATCH(E549,CTS!$E:$E,0))),\"\",(INDEX(CTS!$O:$O,MATCH(E549,CTS!$E:$E,0))))","v":0},{"$f":"IF(ISNA(INDEX(CTS!$P:$P,MATCH(E549,CTS!$E:$E,0))),\"\",(INDEX(CTS!$P:$P,MATCH(E549,CTS!$E:$E,0))))","v":0},{"$f":"IF(ISNA(INDEX(CTS!$Q:$Q,MATCH(E549,CTS!$E:$E,0))),\"\",(INDEX(CTS!$Q:$Q,MATCH(E549,CTS!$E:$E,0))))","v":4487.3949579831933},{"$f":"IF(ISNA(INDEX(CTS!$S:$S,MATCH(E549,CTS!$E:$E,0))),\"\",(INDEX(CTS!$S:$S,MATCH(E549,CTS!$E:$E,0))))","v":852.60504201680669},{"$f":"IF(ISNA(INDEX(CTS!$T:$T,MATCH(E549,CTS!$E:$E,0))),\"\",(INDEX(CTS!$T:$T,MATCH(E549,CTS!$E:$E,0))))","v":5340},{"$f":"IF(ISNA(INDEX(CTS!$U:$U,MATCH(E549,CTS!$E:$E,0))),\"\",(INDEX(CTS!$U:$U,MATCH(E549,CTS!$E:$E,0))))","v":0},{"$f":"IF(ISNA(INDEX(CTS!$V:$V,MATCH(E549,CTS!$E:$E,0))),\"\",(INDEX(CTS!$V:$V,MATCH(E549,CTS!$E:$E,0))))","v":5340},{"$f":"IFERROR(INDEX(CTS!$A:$A,MATCH(E549,CTS!$E:$E,0)),\".\")","v":"P"},{"$f":"IFERROR(IFERROR(INDEX(#REF!,MATCH(E549,#REF!,0)),IFERROR(INDEX(#REF!,MATCH(E549,#REF!,0)),INDEX(#REF!,MATCH(E549,#REF!,0)) )),\".\")","v":"."},null,{"$f":"IFERROR(VLOOKUP(E549,#REF!,8,FALSE),IFERROR(VLOOKUP(E549,#REF!,8,FALSE),IFERROR(VLOOKUP(E549,#REF!,8,FALSE),\"\")))","v":""},".-."]
[545,{"$f":"IFERROR(DAY(CTR[[#This Row],[Date]]),\"\")","v":10},{"$f":"IFERROR(MONTH(CTR[[#This Row],[Date]]),\"\")","v":2},{"$f":"IF(ISNA(INDEX(CTS!C:C,MATCH(E550,CTS!$E:$E,0))),\"\",(INDEX(CTS!C:C,MATCH(E550,CTS!$E:$E,0))))","v":44237},"02-136",{"$f":"IF(ISNA(INDEX(CTS!$F:$F,MATCH(E550,CTS!$E:$E,0))),\"\",(INDEX(CTS!$F:$F,MATCH(E550,CTS!$E:$E,0))))","v":"CLIENT"},{"$f":"IF(ISNA(INDEX(CTS!$N:$N,MATCH(E550,CTS!$E:$E,0))),\"\",(INDEX(CTS!$N:$N,MATCH(E550,CTS!$E:$E,0))))","v":100.84033613445379},{"$f":"IF(ISNA(INDEX(CTS!$O:$O,MATCH(E550,CTS!$E:$E,0))),\"\",(INDEX(CTS!$O:$O,MATCH(E550,CTS!$E:$E,0))))","v":0},{"$f":"IF(ISNA(INDEX(CTS!$P:$P,MATCH(E550,CTS!$E:$E,0))),\"\",(INDEX(CTS!$P:$P,MATCH(E550,CTS!$E:$E,0))))","v":0},{"$f":"IF(ISNA(INDEX(CTS!$Q:$Q,MATCH(E550,CTS!$E:$E,0))),\"\",(INDEX(CTS!$Q:$Q,MATCH(E550,CTS!$E:$E,0))))","v":100.84033613445379},{"$f":"IF(ISNA(INDEX(CTS!$S:$S,MATCH(E550,CTS!$E:$E,0))),\"\",(INDEX(CTS!$S:$S,MATCH(E550,CTS!$E:$E,0))))","v":19.159663865546221},{"$f":"IF(ISNA(INDEX(CTS!$T:$T,MATCH(E550,CTS!$E:$E,0))),\"\",(INDEX(CTS!$T:$T,MATCH(E550,CTS!$E:$E,0))))","v":120.00000000000001},{"$f":"IF(ISNA(INDEX(CTS!$U:$U,MATCH(E550,CTS!$E:$E,0))),\"\",(INDEX(CTS!$U:$U,MATCH(E550,CTS!$E:$E,0))))","v":0},{"$f":"IF(ISNA(INDEX(CTS!$V:$V,MATCH(E550,CTS!$E:$E,0))),\"\",(INDEX(CTS!$V:$V,MATCH(E550,CTS!$E:$E,0))))","v":120.00000000000001},{"$f":"IFERROR(INDEX(CTS!$A:$A,MATCH(E550,CTS!$E:$E,0)),\".\")","v":"P"},{"$f":"IFERROR(IFERROR(INDEX(#REF!,MATCH(E550,#REF!,0)),IFERROR(INDEX(#REF!,MATCH(E550,#REF!,0)),INDEX(#REF!,MATCH(E550,#REF!,0)) )),\".\")","v":"."},null,{"$f":"IFERROR(VLOOKUP(E550,#REF!,8,FALSE),IFERROR(VLOOKUP(E550,#REF!,8,FALSE),IFERROR(VLOOKUP(E550,#REF!,8,FALSE),\"\")))","v":""},".-."]
[546,{"$f":"IFERROR(DAY(CTR[[#This Row],[Date]]),\"\")","v":10},{"$f":"IFERROR(MONTH(CTR[[#This Row],[Date]]),\"\")","v":2},{"$f":"IF(ISNA(INDEX(CTS!C:C,MATCH(E551,CTS!$E:$E,0))),\"\",(INDEX(CTS!C:C,MATCH(E551,CTS!$E:$E,0))))","v":44237},"02-137",{"$f":"IF(ISNA(INDEX(CTS!$F:$F,MATCH(E551,CTS!$E:$E,0))),\"\",(INDEX(CTS!$F:$F,MATCH(E551,CTS!$E:$E,0))))","v":"CLIENT"},{"$f":"IF(ISNA(INDEX(CTS!$N:$N,MATCH(E551,CTS!$E:$E,0))),\"\",(INDEX(CTS!$N:$N,MATCH(E551,CTS!$E:$E,0))))","v":352.94117647058823},{"$f":"IF(ISNA(INDEX(CTS!$O:$O,MATCH(E551,CTS!$E:$E,0))),\"\",(INDEX(CTS!$O:$O,MATCH(E551,CTS!$E:$E,0))))","v":0},{"$f":"IF(ISNA(INDEX(CTS!$P:$P,MATCH(E551,CTS!$E:$E,0))),\"\",(INDEX(CTS!$P:$P,MATCH(E551,CTS!$E:$E,0))))","v":0},{"$f":"IF(ISNA(INDEX(CTS!$Q:$Q,MATCH(E551,CTS!$E:$E,0))),\"\",(INDEX(CTS!$Q:$Q,MATCH(E551,CTS!$E:$E,0))))","v":352.94117647058823},{"$f":"IF(ISNA(INDEX(CTS!$S:$S,MATCH(E551,CTS!$E:$E,0))),\"\",(INDEX(CTS!$S:$S,MATCH(E551,CTS!$E:$E,0))))","v":67.058823529411768},{"$f":"IF(ISNA(INDEX(CTS!$T:$T,MATCH(E551,CTS!$E:$E,0))),\"\",(INDEX(CTS!$T:$T,MATCH(E551,CTS!$E:$E,0))))","v":420},{"$f":"IF(ISNA(INDEX(CTS!$U:$U,MATCH(E551,CTS!$E:$E,0))),\"\",(INDEX(CTS!$U:$U,MATCH(E551,CTS!$E:$E,0))))","v":0},{"$f":"IF(ISNA(INDEX(CTS!$V:$V,MATCH(E551,CTS!$E:$E,0))),\"\",(INDEX(CTS!$V:$V,MATCH(E551,CTS!$E:$E,0))))","v":420},{"$f":"IFERROR(INDEX(CTS!$A:$A,MATCH(E551,CTS!$E:$E,0)),\".\")","v":"P"},{"$f":"IFERROR(IFERROR(INDEX(#REF!,MATCH(E551,#REF!,0)),IFERROR(INDEX(#REF!,MATCH(E551,#REF!,0)),INDEX(#REF!,MATCH(E551,#REF!,0)) )),\".\")","v":"."},null,{"$f":"IFERROR(VLOOKUP(E551,#REF!,8,FALSE),IFERROR(VLOOKUP(E551,#REF!,8,FALSE),IFERROR(VLOOKUP(E551,#REF!,8,FALSE),\"\")))","v":""},".-."]
[547,{"$f":"IFERROR(DAY(CTR[[#This Row],[Date]]),\"\")","v":10},{"$f":"IFERROR(MONTH(CTR[[#This Row],[Date]]),\"\")","v":2},{"$f":"IF(ISNA(INDEX(CTS!C:C,MATCH(E552,CTS!$E:$E,0))),\"\",(INDEX(CTS!C:C,MATCH(E552,CTS!$E:$E,0))))","v":44237},"02-138",{"$f":"IF(ISNA(INDEX(CTS!$F:$F,MATCH(E552,CTS!$E:$E,0))),\"\",(INDEX(CTS!$F:$F,MATCH(E552,CTS!$E:$E,0))))","v":"CLIENT"},{"$f":"IF(ISNA(INDEX(CTS!$N:$N,MATCH(E552,CTS!$E:$E,0))),\"\",(INDEX(CTS!$N:$N,MATCH(E552,CTS!$E:$E,0))))","v":90.756302521008422},{"$f":"IF(ISNA(INDEX(CTS!$O:$O,MATCH(E552,CTS!$E:$E,0))),\"\",(INDEX(CTS!$O:$O,MATCH(E552,CTS!$E:$E,0))))","v":7.4074074074074056E-2},{"$f":"IF(ISNA(INDEX(CTS!$P:$P,MATCH(E552,CTS!$E:$E,0))),\"\",(INDEX(CTS!$P:$P,MATCH(E552,CTS!$E:$E,0))))","v":6.7226890756302522},{"$f":"IF(ISNA(INDEX(CTS!$Q:$Q,MATCH(E552,CTS!$E:$E,0))),\"\",(INDEX(CTS!$Q:$Q,MATCH(E552,CTS!$E:$E,0))))","v":84.033613445378165},{"$f":"IF(ISNA(INDEX(CTS!$S:$S,MATCH(E552,CTS!$E:$E,0))),\"\",(INDEX(CTS!$S:$S,MATCH(E552,CTS!$E:$E,0))))","v":15.966386554621852},{"$f":"IF(ISNA(INDEX(CTS!$T:$T,MATCH(E552,CTS!$E:$E,0))),\"\",(INDEX(CTS!$T:$T,MATCH(E552,CTS!$E:$E,0))))","v":100.00000000000001},{"$f":"IF(ISNA(INDEX(CTS!$U:$U,MATCH(E552,CTS!$E:$E,0))),\"\",(INDEX(CTS!$U:$U,MATCH(E552,CTS!$E:$E,0))))","v":0},{"$f":"IF(ISNA(INDEX(CTS!$V:$V,MATCH(E552,CTS!$E:$E,0))),\"\",(INDEX(CTS!$V:$V,MATCH(E552,CTS!$E:$E,0))))","v":100.00000000000001},{"$f":"IFERROR(INDEX(CTS!$A:$A,MATCH(E552,CTS!$E:$E,0)),\".\")","v":"P"},{"$f":"IFERROR(IFERROR(INDEX(#REF!,MATCH(E552,#REF!,0)),IFERROR(INDEX(#REF!,MATCH(E552,#REF!,0)),INDEX(#REF!,MATCH(E552,#REF!,0)) )),\".\")","v":"."},null,{"$f":"IFERROR(VLOOKUP(E552,#REF!,8,FALSE),IFERROR(VLOOKUP(E552,#REF!,8,FALSE),IFERROR(VLOOKUP(E552,#REF!,8,FALSE),\"\")))","v":""},".-."]
[548,{"$f":"IFERROR(DAY(CTR[[#This Row],[Date]]),\"\")","v":10},{"$f":"IFERROR(MONTH(CTR[[#This Row],[Date]]),\"\")","v":2},{"$f":"IF(ISNA(INDEX(CTS!C:C,MATCH(E553,CTS!$E:$E,0))),\"\",(INDEX(CTS!C:C,MATCH(E553,CTS!$E:$E,0))))","v":44237},"02-139",{"$f":"IF(ISNA(INDEX(CTS!$F:$F,MATCH(E553,CTS!$E:$E,0))),\"\",(INDEX(CTS!$F:$F,MATCH(E553,CTS!$E:$E,0))))","v":"CLIENT"},{"$f":"IF(ISNA(INDEX(CTS!$N:$N,MATCH(E553,CTS!$E:$E,0))),\"\",(INDEX(CTS!$N:$N,MATCH(E553,CTS!$E:$E,0))))","v":3415.1260504201687},{"$f":"IF(ISNA(INDEX(CTS!$O:$O,MATCH(E553,CTS!$E:$E,0))),\"\",(INDEX(CTS!$O:$O,MATCH(E553,CTS!$E:$E,0))))","v":0},{"$f":"IF(ISNA(INDEX(CTS!$P:$P,MATCH(E553,CTS!$E:$E,0))),\"\",(INDEX(CTS!$P:$P,MATCH(E553,CTS!$E:$E,0))))","v":0},{"$f":"IF(ISNA(INDEX(CTS!$Q:$Q,MATCH(E553,CTS!$E:$E,0))),\"\",(INDEX(CTS!$Q:$Q,MATCH(E553,CTS!$E:$E,0))))","v":3415.1260504201687},{"$f":"IF(ISNA(INDEX(CTS!$S:$S,MATCH(E553,CTS!$E:$E,0))),\"\",(INDEX(CTS!$S:$S,MATCH(E553,CTS!$E:$E,0))))","v":648.87394957983201},{"$f":"IF(ISNA(INDEX(CTS!$T:$T,MATCH(E553,CTS!$E:$E,0))),\"\",(INDEX(CTS!$T:$T,MATCH(E553,CTS!$E:$E,0))))","v":4064.0000000000009},{"$f":"IF(ISNA(INDEX(CTS!$U:$U,MATCH(E553,CTS!$E:$E,0))),\"\",(INDEX(CTS!$U:$U,MATCH(E553,CTS!$E:$E,0))))","v":0},{"$f":"IF(ISNA(INDEX(CTS!$V:$V,MATCH(E553,CTS!$E:$E,0))),\"\",(INDEX(CTS!$V:$V,MATCH(E553,CTS!$E:$E,0))))","v":4064.0000000000009},{"$f":"IFERROR(INDEX(CTS!$A:$A,MATCH(E553,CTS!$E:$E,0)),\".\")","v":"P"},{"$f":"IFERROR(IFERROR(INDEX(#REF!,MATCH(E553,#REF!,0)),IFERROR(INDEX(#REF!,MATCH(E553,#REF!,0)),INDEX(#REF!,MATCH(E553,#REF!,0)) )),\".\")","v":"."},null,{"$f":"IFERROR(VLOOKUP(E553,#REF!,8,FALSE),IFERROR(VLOOKUP(E553,#REF!,8,FALSE),IFERROR(VLOOKUP(E553,#REF!,8,FALSE),\"\")))","v":""},".-."]
[549,{"$f":"IFERROR(DAY(CTR[[#This Row],[Date]]),\"\")","v":10},{"$f":"IFERROR(MONTH(CTR[[#This Row],[Date]]),\"\")","v":2},{"$f":"IF(ISNA(INDEX(CTS!C:C,MATCH(E554,CTS!$E:$E,0))),\"\",(INDEX(CTS!C:C,MATCH(E554,CTS!$E:$E,0))))","v":44237},"02-140",{"$f":"IF(ISNA(INDEX(CTS!$F:$F,MATCH(E554,CTS!$E:$E,0))),\"\",(INDEX(CTS!$F:$F,MATCH(E554,CTS!$E:$E,0))))","v":"CLIENT"},{"$f":"IF(ISNA(INDEX(CTS!$N:$N,MATCH(E554,CTS!$E:$E,0))),\"\",(INDEX(CTS!$N:$N,MATCH(E554,CTS!$E:$E,0))))","v":131.09243697478993},{"$f":"IF(ISNA(INDEX(CTS!$O:$O,MATCH(E554,CTS!$E:$E,0))),\"\",(INDEX(CTS!$O:$O,MATCH(E554,CTS!$E:$E,0))))","v":0},{"$f":"IF(ISNA(INDEX(CTS!$P:$P,MATCH(E554,CTS!$E:$E,0))),\"\",(INDEX(CTS!$P:$P,MATCH(E554,CTS!$E:$E,0))))","v":0},{"$f":"IF(ISNA(INDEX(CTS!$Q:$Q,MATCH(E554,CTS!$E:$E,0))),\"\",(INDEX(CTS!$Q:$Q,MATCH(E554,CTS!$E:$E,0))))","v":131.09243697478993},{"$f":"IF(ISNA(INDEX(CTS!$S:$S,MATCH(E554,CTS!$E:$E,0))),\"\",(INDEX(CTS!$S:$S,MATCH(E554,CTS!$E:$E,0))))","v":24.907563025210088},{"$f":"IF(ISNA(INDEX(CTS!$T:$T,MATCH(E554,CTS!$E:$E,0))),\"\",(INDEX(CTS!$T:$T,MATCH(E554,CTS!$E:$E,0))))","v":156.00000000000003},{"$f":"IF(ISNA(INDEX(CTS!$U:$U,MATCH(E554,CTS!$E:$E,0))),\"\",(INDEX(CTS!$U:$U,MATCH(E554,CTS!$E:$E,0))))","v":0},{"$f":"IF(ISNA(INDEX(CTS!$V:$V,MATCH(E554,CTS!$E:$E,0))),\"\",(INDEX(CTS!$V:$V,MATCH(E554,CTS!$E:$E,0))))","v":156.00000000000003},{"$f":"IFERROR(INDEX(CTS!$A:$A,MATCH(E554,CTS!$E:$E,0)),\".\")","v":"P"},{"$f":"IFERROR(IFERROR(INDEX(#REF!,MATCH(E554,#REF!,0)),IFERROR(INDEX(#REF!,MATCH(E554,#REF!,0)),INDEX(#REF!,MATCH(E554,#REF!,0)) )),\".\")","v":"."},null,{"$f":"IFERROR(VLOOKUP(E554,#REF!,8,FALSE),IFERROR(VLOOKUP(E554,#REF!,8,FALSE),IFERROR(VLOOKUP(E554,#REF!,8,FALSE),\"\")))","v":""},".-."]
[550,{"$f":"IFERROR(DAY(CTR[[#This Row],[Date]]),\"\")","v":10},{"$f":"IFERROR(MONTH(CTR[[#This Row],[Date]]),\"\")","v":2},{"$f":"IF(ISNA(INDEX(CTS!C:C,MATCH(E555,CTS!$E:$E,0))),\"\",(INDEX(CTS!C:C,MATCH(E555,CTS!$E:$E,0))))","v":44237},"02-141",{"$f":"IF(ISNA(INDEX(CTS!$F:$F,MATCH(E555,CTS!$E:$E,0))),\"\",(INDEX(CTS!$F:$F,MATCH(E555,CTS!$E:$E,0))))","v":"CLIENT"},{"$f":"IF(ISNA(INDEX(CTS!$N:$N,MATCH(E555,CTS!$E:$E,0))),\"\",(INDEX(CTS!$N:$N,MATCH(E555,CTS!$E:$E,0))))","v":302.52100840336141},{"$f":"IF(ISNA(INDEX(CTS!$O:$O,MATCH(E555,CTS!$E:$E,0))),\"\",(INDEX(CTS!$O:$O,MATCH(E555,CTS!$E:$E,0))))","v":0},{"$f":"IF(ISNA(INDEX(CTS!$P:$P,MATCH(E555,CTS!$E:$E,0))),\"\",(INDEX(CTS!$P:$P,MATCH(E555,CTS!$E:$E,0))))","v":0},{"$f":"IF(ISNA(INDEX(CTS!$Q:$Q,MATCH(E555,CTS!$E:$E,0))),\"\",(INDEX(CTS!$Q:$Q,MATCH(E555,CTS!$E:$E,0))))","v":302.52100840336141},{"$f":"IF(ISNA(INDEX(CTS!$S:$S,MATCH(E555,CTS!$E:$E,0))),\"\",(INDEX(CTS!$S:$S,MATCH(E555,CTS!$E:$E,0))))","v":57.478991596638664},{"$f":"IF(ISNA(INDEX(CTS!$T:$T,MATCH(E555,CTS!$E:$E,0))),\"\",(INDEX(CTS!$T:$T,MATCH(E555,CTS!$E:$E,0))))","v":360.00000000000006},{"$f":"IF(ISNA(INDEX(CTS!$U:$U,MATCH(E555,CTS!$E:$E,0))),\"\",(INDEX(CTS!$U:$U,MATCH(E555,CTS!$E:$E,0))))","v":0},{"$f":"IF(ISNA(INDEX(CTS!$V:$V,MATCH(E555,CTS!$E:$E,0))),\"\",(INDEX(CTS!$V:$V,MATCH(E555,CTS!$E:$E,0))))","v":360.00000000000006},{"$f":"IFERROR(INDEX(CTS!$A:$A,MATCH(E555,CTS!$E:$E,0)),\".\")","v":"P"},{"$f":"IFERROR(IFERROR(INDEX(#REF!,MATCH(E555,#REF!,0)),IFERROR(INDEX(#REF!,MATCH(E555,#REF!,0)),INDEX(#REF!,MATCH(E555,#REF!,0)) )),\".\")","v":"."},null,{"$f":"IFERROR(VLOOKUP(E555,#REF!,8,FALSE),IFERROR(VLOOKUP(E555,#REF!,8,FALSE),IFERROR(VLOOKUP(E555,#REF!,8,FALSE),\"\")))","v":""},".-."]
[551,{"$f":"IFERROR(DAY(CTR[[#This Row],[Date]]),\"\")","v":10},{"$f":"IFERROR(MONTH(CTR[[#This Row],[Date]]),\"\")","v":2},{"$f":"IF(ISNA(INDEX(CTS!C:C,MATCH(E556,CTS!$E:$E,0))),\"\",(INDEX(CTS!C:C,MATCH(E556,CTS!$E:$E,0))))","v":44237},"02-142",{"$f":"IF(ISNA(INDEX(CTS!$F:$F,MATCH(E556,CTS!$E:$E,0))),\"\",(INDEX(CTS!$F:$F,MATCH(E556,CTS!$E:$E,0))))","v":"CLIENT"},{"$f":"IF(ISNA(INDEX(CTS!$N:$N,MATCH(E556,CTS!$E:$E,0))),\"\",(INDEX(CTS!$N:$N,MATCH(E556,CTS!$E:$E,0))))","v":33.613445378151262},{"$f":"IF(ISNA(INDEX(CTS!$O:$O,MATCH(E556,CTS!$E:$E,0))),\"\",(INDEX(CTS!$O:$O,MATCH(E556,CTS!$E:$E,0))))","v":0},{"$f":"IF(ISNA(INDEX(CTS!$P:$P,MATCH(E556,CTS!$E:$E,0))),\"\",(INDEX(CTS!$P:$P,MATCH(E556,CTS!$E:$E,0))))","v":0},{"$f":"IF(ISNA(INDEX(CTS!$Q:$Q,MATCH(E556,CTS!$E:$E,0))),\"\",(INDEX(CTS!$Q:$Q,MATCH(E556,CTS!$E:$E,0))))","v":33.613445378151262},{"$f":"IF(ISNA(INDEX(CTS!$S:$S,MATCH(E556,CTS!$E:$E,0))),\"\",(INDEX(CTS!$S:$S,MATCH(E556,CTS!$E:$E,0))))","v":6.3865546218487399},{"$f":"IF(ISNA(INDEX(CTS!$T:$T,MATCH(E556,CTS!$E:$E,0))),\"\",(INDEX(CTS!$T:$T,MATCH(E556,CTS!$E:$E,0))))","v":40},{"$f":"IF(ISNA(INDEX(CTS!$U:$U,MATCH(E556,CTS!$E:$E,0))),\"\",(INDEX(CTS!$U:$U,MATCH(E556,CTS!$E:$E,0))))","v":0},{"$f":"IF(ISNA(INDEX(CTS!$V:$V,MATCH(E556,CTS!$E:$E,0))),\"\",(INDEX(CTS!$V:$V,MATCH(E556,CTS!$E:$E,0))))","v":40},{"$f":"IFERROR(INDEX(CTS!$A:$A,MATCH(E556,CTS!$E:$E,0)),\".\")","v":"P"},{"$f":"IFERROR(IFERROR(INDEX(#REF!,MATCH(E556,#REF!,0)),IFERROR(INDEX(#REF!,MATCH(E556,#REF!,0)),INDEX(#REF!,MATCH(E556,#REF!,0)) )),\".\")","v":"."},null,{"$f":"IFERROR(VLOOKUP(E556,#REF!,8,FALSE),IFERROR(VLOOKUP(E556,#REF!,8,FALSE),IFERROR(VLOOKUP(E556,#REF!,8,FALSE),\"\")))","v":""},".-."]
[552,{"$f":"IFERROR(DAY(CTR[[#This Row],[Date]]),\"\")","v":10},{"$f":"IFERROR(MONTH(CTR[[#This Row],[Date]]),\"\")","v":2},{"$f":"IF(ISNA(INDEX(CTS!C:C,MATCH(E557,CTS!$E:$E,0))),\"\",(INDEX(CTS!C:C,MATCH(E557,CTS!$E:$E,0))))","v":44237},"02-143",{"$f":"IF(ISNA(INDEX(CTS!$F:$F,MATCH(E557,CTS!$E:$E,0))),\"\",(INDEX(CTS!$F:$F,MATCH(E557,CTS!$E:$E,0))))","v":"CLIENT"},{"$f":"IF(ISNA(INDEX(CTS!$N:$N,MATCH(E557,CTS!$E:$E,0))),\"\",(INDEX(CTS!$N:$N,MATCH(E557,CTS!$E:$E,0))))","v":117.64705882352942},{"$f":"IF(ISNA(INDEX(CTS!$O:$O,MATCH(E557,CTS!$E:$E,0))),\"\",(INDEX(CTS!$O:$O,MATCH(E557,CTS!$E:$E,0))))","v":0},{"$f":"IF(ISNA(INDEX(CTS!$P:$P,MATCH(E557,CTS!$E:$E,0))),\"\",(INDEX(CTS!$P:$P,MATCH(E557,CTS!$E:$E,0))))","v":0},{"$f":"IF(ISNA(INDEX(CTS!$Q:$Q,MATCH(E557,CTS!$E:$E,0))),\"\",(INDEX(CTS!$Q:$Q,MATCH(E557,CTS!$E:$E,0))))","v":117.64705882352942},{"$f":"IF(ISNA(INDEX(CTS!$S:$S,MATCH(E557,CTS!$E:$E,0))),\"\",(INDEX(CTS!$S:$S,MATCH(E557,CTS!$E:$E,0))))","v":22.352941176470591},{"$f":"IF(ISNA(INDEX(CTS!$T:$T,MATCH(E557,CTS!$E:$E,0))),\"\",(INDEX(CTS!$T:$T,MATCH(E557,CTS!$E:$E,0))))","v":140},{"$f":"IF(ISNA(INDEX(CTS!$U:$U,MATCH(E557,CTS!$E:$E,0))),\"\",(INDEX(CTS!$U:$U,MATCH(E557,CTS!$E:$E,0))))","v":0},{"$f":"IF(ISNA(INDEX(CTS!$V:$V,MATCH(E557,CTS!$E:$E,0))),\"\",(INDEX(CTS!$V:$V,MATCH(E557,CTS!$E:$E,0))))","v":140},{"$f":"IFERROR(INDEX(CTS!$A:$A,MATCH(E557,CTS!$E:$E,0)),\".\")","v":"P"},{"$f":"IFERROR(IFERROR(INDEX(#REF!,MATCH(E557,#REF!,0)),IFERROR(INDEX(#REF!,MATCH(E557,#REF!,0)),INDEX(#REF!,MATCH(E557,#REF!,0)) )),\".\")","v":"."},null,{"$f":"IFERROR(VLOOKUP(E557,#REF!,8,FALSE),IFERROR(VLOOKUP(E557,#REF!,8,FALSE),IFERROR(VLOOKUP(E557,#REF!,8,FALSE),\"\")))","v":""},".-."]
[553,{"$f":"IFERROR(DAY(CTR[[#This Row],[Date]]),\"\")","v":10},{"$f":"IFERROR(MONTH(CTR[[#This Row],[Date]]),\"\")","v":2},{"$f":"IF(ISNA(INDEX(CTS!C:C,MATCH(E558,CTS!$E:$E,0))),\"\",(INDEX(CTS!C:C,MATCH(E558,CTS!$E:$E,0))))","v":44237},"02-144",{"$f":"IF(ISNA(INDEX(CTS!$F:$F,MATCH(E558,CTS!$E:$E,0))),\"\",(INDEX(CTS!$F:$F,MATCH(E558,CTS!$E:$E,0))))","v":"CLIENT"},{"$f":"IF(ISNA(INDEX(CTS!$N:$N,MATCH(E558,CTS!$E:$E,0))),\"\",(INDEX(CTS!$N:$N,MATCH(E558,CTS!$E:$E,0))))","v":50.420168067226896},{"$f":"IF(ISNA(INDEX(CTS!$O:$O,MATCH(E558,CTS!$E:$E,0))),\"\",(INDEX(CTS!$O:$O,MATCH(E558,CTS!$E:$E,0))))","v":0},{"$f":"IF(ISNA(INDEX(CTS!$P:$P,MATCH(E558,CTS!$E:$E,0))),\"\",(INDEX(CTS!$P:$P,MATCH(E558,CTS!$E:$E,0))))","v":0},{"$f":"IF(ISNA(INDEX(CTS!$Q:$Q,MATCH(E558,CTS!$E:$E,0))),\"\",(INDEX(CTS!$Q:$Q,MATCH(E558,CTS!$E:$E,0))))","v":50.420168067226896},{"$f":"IF(ISNA(INDEX(CTS!$S:$S,MATCH(E558,CTS!$E:$E,0))),\"\",(INDEX(CTS!$S:$S,MATCH(E558,CTS!$E:$E,0))))","v":9.5798319327731107},{"$f":"IF(ISNA(INDEX(CTS!$T:$T,MATCH(E558,CTS!$E:$E,0))),\"\",(INDEX(CTS!$T:$T,MATCH(E558,CTS!$E:$E,0))))","v":60.000000000000007},{"$f":"IF(ISNA(INDEX(CTS!$U:$U,MATCH(E558,CTS!$E:$E,0))),\"\",(INDEX(CTS!$U:$U,MATCH(E558,CTS!$E:$E,0))))","v":0},{"$f":"IF(ISNA(INDEX(CTS!$V:$V,MATCH(E558,CTS!$E:$E,0))),\"\",(INDEX(CTS!$V:$V,MATCH(E558,CTS!$E:$E,0))))","v":60.000000000000007},{"$f":"IFERROR(INDEX(CTS!$A:$A,MATCH(E558,CTS!$E:$E,0)),\".\")","v":"P"},{"$f":"IFERROR(IFERROR(INDEX(#REF!,MATCH(E558,#REF!,0)),IFERROR(INDEX(#REF!,MATCH(E558,#REF!,0)),INDEX(#REF!,MATCH(E558,#REF!,0)) )),\".\")","v":"."},null,{"$f":"IFERROR(VLOOKUP(E558,#REF!,8,FALSE),IFERROR(VLOOKUP(E558,#REF!,8,FALSE),IFERROR(VLOOKUP(E558,#REF!,8,FALSE),\"\")))","v":""},".-."]
[554,{"$f":"IFERROR(DAY(CTR[[#This Row],[Date]]),\"\")","v":11},{"$f":"IFERROR(MONTH(CTR[[#This Row],[Date]]),\"\")","v":2},{"$f":"IF(ISNA(INDEX(CTS!C:C,MATCH(E559,CTS!$E:$E,0))),\"\",(INDEX(CTS!C:C,MATCH(E559,CTS!$E:$E,0))))","v":44238},"02-145",{"$f":"IF(ISNA(INDEX(CTS!$F:$F,MATCH(E559,CTS!$E:$E,0))),\"\",(INDEX(CTS!$F:$F,MATCH(E559,CTS!$E:$E,0))))","v":"CLIENT"},{"$f":"IF(ISNA(INDEX(CTS!$N:$N,MATCH(E559,CTS!$E:$E,0))),\"\",(INDEX(CTS!$N:$N,MATCH(E559,CTS!$E:$E,0))))","v":184.87394957983196},{"$f":"IF(ISNA(INDEX(CTS!$O:$O,MATCH(E559,CTS!$E:$E,0))),\"\",(INDEX(CTS!$O:$O,MATCH(E559,CTS!$E:$E,0))))","v":0},{"$f":"IF(ISNA(INDEX(CTS!$P:$P,MATCH(E559,CTS!$E:$E,0))),\"\",(INDEX(CTS!$P:$P,MATCH(E559,CTS!$E:$E,0))))","v":0},{"$f":"IF(ISNA(INDEX(CTS!$Q:$Q,MATCH(E559,CTS!$E:$E,0))),\"\",(INDEX(CTS!$Q:$Q,MATCH(E559,CTS!$E:$E,0))))","v":184.87394957983196},{"$f":"IF(ISNA(INDEX(CTS!$S:$S,MATCH(E559,CTS!$E:$E,0))),\"\",(INDEX(CTS!$S:$S,MATCH(E559,CTS!$E:$E,0))))","v":35.12605042016807},{"$f":"IF(ISNA(INDEX(CTS!$T:$T,MATCH(E559,CTS!$E:$E,0))),\"\",(INDEX(CTS!$T:$T,MATCH(E559,CTS!$E:$E,0))))","v":220.00000000000003},{"$f":"IF(ISNA(INDEX(CTS!$U:$U,MATCH(E559,CTS!$E:$E,0))),\"\",(INDEX(CTS!$U:$U,MATCH(E559,CTS!$E:$E,0))))","v":0},{"$f":"IF(ISNA(INDEX(CTS!$V:$V,MATCH(E559,CTS!$E:$E,0))),\"\",(INDEX(CTS!$V:$V,MATCH(E559,CTS!$E:$E,0))))","v":220.00000000000003},{"$f":"IFERROR(INDEX(CTS!$A:$A,MATCH(E559,CTS!$E:$E,0)),\".\")","v":"P"},{"$f":"IFERROR(IFERROR(INDEX(#REF!,MATCH(E559,#REF!,0)),IFERROR(INDEX(#REF!,MATCH(E559,#REF!,0)),INDEX(#REF!,MATCH(E559,#REF!,0)) )),\".\")","v":"."},null,{"$f":"IFERROR(VLOOKUP(E559,#REF!,8,FALSE),IFERROR(VLOOKUP(E559,#REF!,8,FALSE),IFERROR(VLOOKUP(E559,#REF!,8,FALSE),\"\")))","v":""},".-."]
[555,{"$f":"IFERROR(DAY(CTR[[#This Row],[Date]]),\"\")","v":11},{"$f":"IFERROR(MONTH(CTR[[#This Row],[Date]]),\"\")","v":2},{"$f":"IF(ISNA(INDEX(CTS!C:C,MATCH(E560,CTS!$E:$E,0))),\"\",(INDEX(CTS!C:C,MATCH(E560,CTS!$E:$E,0))))","v":44238},"02-146",{"$f":"IF(ISNA(INDEX(CTS!$F:$F,MATCH(E560,CTS!$E:$E,0))),\"\",(INDEX(CTS!$F:$F,MATCH(E560,CTS!$E:$E,0))))","v":"CLIENT"},{"$f":"IF(ISNA(INDEX(CTS!$N:$N,MATCH(E560,CTS!$E:$E,0))),\"\",(INDEX(CTS!$N:$N,MATCH(E560,CTS!$E:$E,0))))","v":575.63025210084038},{"$f":"IF(ISNA(INDEX(CTS!$O:$O,MATCH(E560,CTS!$E:$E,0))),\"\",(INDEX(CTS!$O:$O,MATCH(E560,CTS!$E:$E,0))))","v":7.2992700729927005E-3},{"$f":"IF(ISNA(INDEX(CTS!$P:$P,MATCH(E560,CTS!$E:$E,0))),\"\",(INDEX(CTS!$P:$P,MATCH(E560,CTS!$E:$E,0))))","v":4.2016806722689077},{"$f":"IF(ISNA(INDEX(CTS!$Q:$Q,MATCH(E560,CTS!$E:$E,0))),\"\",(INDEX(CTS!$Q:$Q,MATCH(E560,CTS!$E:$E,0))))","v":571.42857142857144},{"$f":"IF(ISNA(INDEX(CTS!$S:$S,MATCH(E560,CTS!$E:$E,0))),\"\",(INDEX(CTS!$S:$S,MATCH(E560,CTS!$E:$E,0))))","v":108.57142857142858},{"$f":"IF(ISNA(INDEX(CTS!$T:$T,MATCH(E560,CTS!$E:$E,0))),\"\",(INDEX(CTS!$T:$T,MATCH(E560,CTS!$E:$E,0))))","v":680},{"$f":"IF(ISNA(INDEX(CTS!$U:$U,MATCH(E560,CTS!$E:$E,0))),\"\",(INDEX(CTS!$U:$U,MATCH(E560,CTS!$E:$E,0))))","v":0},{"$f":"IF(ISNA(INDEX(CTS!$V:$V,MATCH(E560,CTS!$E:$E,0))),\"\",(INDEX(CTS!$V:$V,MATCH(E560,CTS!$E:$E,0))))","v":680},{"$f":"IFERROR(INDEX(CTS!$A:$A,MATCH(E560,CTS!$E:$E,0)),\".\")","v":"P"},{"$f":"IFERROR(IFERROR(INDEX(#REF!,MATCH(E560,#REF!,0)),IFERROR(INDEX(#REF!,MATCH(E560,#REF!,0)),INDEX(#REF!,MATCH(E560,#REF!,0)) )),\".\")","v":"."},null,{"$f":"IFERROR(VLOOKUP(E560,#REF!,8,FALSE),IFERROR(VLOOKUP(E560,#REF!,8,FALSE),IFERROR(VLOOKUP(E560,#REF!,8,FALSE),\"\")))","v":""},".-."]
[556,{"$f":"IFERROR(DAY(CTR[[#This Row],[Date]]),\"\")","v":11},{"$f":"IFERROR(MONTH(CTR[[#This Row],[Date]]),\"\")","v":2},{"$f":"IF(ISNA(INDEX(CTS!C:C,MATCH(E561,CTS!$E:$E,0))),\"\",(INDEX(CTS!C:C,MATCH(E561,CTS!$E:$E,0))))","v":44238},"02-147",{"$f":"IF(ISNA(INDEX(CTS!$F:$F,MATCH(E561,CTS!$E:$E,0))),\"\",(INDEX(CTS!$F:$F,MATCH(E561,CTS!$E:$E,0))))","v":"CLIENT"},{"$f":"IF(ISNA(INDEX(CTS!$N:$N,MATCH(E561,CTS!$E:$E,0))),\"\",(INDEX(CTS!$N:$N,MATCH(E561,CTS!$E:$E,0))))","v":50.420168067226896},{"$f":"IF(ISNA(INDEX(CTS!$O:$O,MATCH(E561,CTS!$E:$E,0))),\"\",(INDEX(CTS!$O:$O,MATCH(E561,CTS!$E:$E,0))))","v":0},{"$f":"IF(ISNA(INDEX(CTS!$P:$P,MATCH(E561,CTS!$E:$E,0))),\"\",(INDEX(CTS!$P:$P,MATCH(E561,CTS!$E:$E,0))))","v":0},{"$f":"IF(ISNA(INDEX(CTS!$Q:$Q,MATCH(E561,CTS!$E:$E,0))),\"\",(INDEX(CTS!$Q:$Q,MATCH(E561,CTS!$E:$E,0))))","v":50.420168067226896},{"$f":"IF(ISNA(INDEX(CTS!$S:$S,MATCH(E561,CTS!$E:$E,0))),\"\",(INDEX(CTS!$S:$S,MATCH(E561,CTS!$E:$E,0))))","v":9.5798319327731107},{"$f":"IF(ISNA(INDEX(CTS!$T:$T,MATCH(E561,CTS!$E:$E,0))),\"\",(INDEX(CTS!$T:$T,MATCH(E561,CTS!$E:$E,0))))","v":60.000000000000007},{"$f":"IF(ISNA(INDEX(CTS!$U:$U,MATCH(E561,CTS!$E:$E,0))),\"\",(INDEX(CTS!$U:$U,MATCH(E561,CTS!$E:$E,0))))","v":0},{"$f":"IF(ISNA(INDEX(CTS!$V:$V,MATCH(E561,CTS!$E:$E,0))),\"\",(INDEX(CTS!$V:$V,MATCH(E561,CTS!$E:$E,0))))","v":60.000000000000007},{"$f":"IFERROR(INDEX(CTS!$A:$A,MATCH(E561,CTS!$E:$E,0)),\".\")","v":"P"},{"$f":"IFERROR(IFERROR(INDEX(#REF!,MATCH(E561,#REF!,0)),IFERROR(INDEX(#REF!,MATCH(E561,#REF!,0)),INDEX(#REF!,MATCH(E561,#REF!,0)) )),\".\")","v":"."},null,{"$f":"IFERROR(VLOOKUP(E561,#REF!,8,FALSE),IFERROR(VLOOKUP(E561,#REF!,8,FALSE),IFERROR(VLOOKUP(E561,#REF!,8,FALSE),\"\")))","v":""},".-."]
[557,{"$f":"IFERROR(DAY(CTR[[#This Row],[Date]]),\"\")","v":11},{"$f":"IFERROR(MONTH(CTR[[#This Row],[Date]]),\"\")","v":2},{"$f":"IF(ISNA(INDEX(CTS!C:C,MATCH(E562,CTS!$E:$E,0))),\"\",(INDEX(CTS!C:C,MATCH(E562,CTS!$E:$E,0))))","v":44238},"02-148",{"$f":"IF(ISNA(INDEX(CTS!$F:$F,MATCH(E562,CTS!$E:$E,0))),\"\",(INDEX(CTS!$F:$F,MATCH(E562,CTS!$E:$E,0))))","v":"CLIENT"},{"$f":"IF(ISNA(INDEX(CTS!$N:$N,MATCH(E562,CTS!$E:$E,0))),\"\",(INDEX(CTS!$N:$N,MATCH(E562,CTS!$E:$E,0))))","v":403.36134453781517},{"$f":"IF(ISNA(INDEX(CTS!$O:$O,MATCH(E562,CTS!$E:$E,0))),\"\",(INDEX(CTS!$O:$O,MATCH(E562,CTS!$E:$E,0))))","v":0},{"$f":"IF(ISNA(INDEX(CTS!$P:$P,MATCH(E562,CTS!$E:$E,0))),\"\",(INDEX(CTS!$P:$P,MATCH(E562,CTS!$E:$E,0))))","v":0},{"$f":"IF(ISNA(INDEX(CTS!$Q:$Q,MATCH(E562,CTS!$E:$E,0))),\"\",(INDEX(CTS!$Q:$Q,MATCH(E562,CTS!$E:$E,0))))","v":403.36134453781517},{"$f":"IF(ISNA(INDEX(CTS!$S:$S,MATCH(E562,CTS!$E:$E,0))),\"\",(INDEX(CTS!$S:$S,MATCH(E562,CTS!$E:$E,0))))","v":76.638655462184886},{"$f":"IF(ISNA(INDEX(CTS!$T:$T,MATCH(E562,CTS!$E:$E,0))),\"\",(INDEX(CTS!$T:$T,MATCH(E562,CTS!$E:$E,0))))","v":480.00000000000006},{"$f":"IF(ISNA(INDEX(CTS!$U:$U,MATCH(E562,CTS!$E:$E,0))),\"\",(INDEX(CTS!$U:$U,MATCH(E562,CTS!$E:$E,0))))","v":0},{"$f":"IF(ISNA(INDEX(CTS!$V:$V,MATCH(E562,CTS!$E:$E,0))),\"\",(INDEX(CTS!$V:$V,MATCH(E562,CTS!$E:$E,0))))","v":480.00000000000006},{"$f":"IFERROR(INDEX(CTS!$A:$A,MATCH(E562,CTS!$E:$E,0)),\".\")","v":"P"},{"$f":"IFERROR(IFERROR(INDEX(#REF!,MATCH(E562,#REF!,0)),IFERROR(INDEX(#REF!,MATCH(E562,#REF!,0)),INDEX(#REF!,MATCH(E562,#REF!,0)) )),\".\")","v":"."},null,{"$f":"IFERROR(VLOOKUP(E562,#REF!,8,FALSE),IFERROR(VLOOKUP(E562,#REF!,8,FALSE),IFERROR(VLOOKUP(E562,#REF!,8,FALSE),\"\")))","v":""},".-."]
[558,{"$f":"IFERROR(DAY(CTR[[#This Row],[Date]]),\"\")","v":11},{"$f":"IFERROR(MONTH(CTR[[#This Row],[Date]]),\"\")","v":2},{"$f":"IF(ISNA(INDEX(CTS!C:C,MATCH(E563,CTS!$E:$E,0))),\"\",(INDEX(CTS!C:C,MATCH(E563,CTS!$E:$E,0))))","v":44238},"02-149",{"$f":"IF(ISNA(INDEX(CTS!$F:$F,MATCH(E563,CTS!$E:$E,0))),\"\",(INDEX(CTS!$F:$F,MATCH(E563,CTS!$E:$E,0))))","v":"CLIENT"},{"$f":"IF(ISNA(INDEX(CTS!$N:$N,MATCH(E563,CTS!$E:$E,0))),\"\",(INDEX(CTS!$N:$N,MATCH(E563,CTS!$E:$E,0))))","v":16.806722689075631},{"$f":"IF(ISNA(INDEX(CTS!$O:$O,MATCH(E563,CTS!$E:$E,0))),\"\",(INDEX(CTS!$O:$O,MATCH(E563,CTS!$E:$E,0))))","v":0},{"$f":"IF(ISNA(INDEX(CTS!$P:$P,MATCH(E563,CTS!$E:$E,0))),\"\",(INDEX(CTS!$P:$P,MATCH(E563,CTS!$E:$E,0))))","v":0},{"$f":"IF(ISNA(INDEX(CTS!$Q:$Q,MATCH(E563,CTS!$E:$E,0))),\"\",(INDEX(CTS!$Q:$Q,MATCH(E563,CTS!$E:$E,0))))","v":16.806722689075631},{"$f":"IF(ISNA(INDEX(CTS!$S:$S,MATCH(E563,CTS!$E:$E,0))),\"\",(INDEX(CTS!$S:$S,MATCH(E563,CTS!$E:$E,0))))","v":3.1932773109243699},{"$f":"IF(ISNA(INDEX(CTS!$T:$T,MATCH(E563,CTS!$E:$E,0))),\"\",(INDEX(CTS!$T:$T,MATCH(E563,CTS!$E:$E,0))))","v":20},{"$f":"IF(ISNA(INDEX(CTS!$U:$U,MATCH(E563,CTS!$E:$E,0))),\"\",(INDEX(CTS!$U:$U,MATCH(E563,CTS!$E:$E,0))))","v":0},{"$f":"IF(ISNA(INDEX(CTS!$V:$V,MATCH(E563,CTS!$E:$E,0))),\"\",(INDEX(CTS!$V:$V,MATCH(E563,CTS!$E:$E,0))))","v":20},{"$f":"IFERROR(INDEX(CTS!$A:$A,MATCH(E563,CTS!$E:$E,0)),\".\")","v":"P"},{"$f":"IFERROR(IFERROR(INDEX(#REF!,MATCH(E563,#REF!,0)),IFERROR(INDEX(#REF!,MATCH(E563,#REF!,0)),INDEX(#REF!,MATCH(E563,#REF!,0)) )),\".\")","v":"."},null,{"$f":"IFERROR(VLOOKUP(E563,#REF!,8,FALSE),IFERROR(VLOOKUP(E563,#REF!,8,FALSE),IFERROR(VLOOKUP(E563,#REF!,8,FALSE),\"\")))","v":""},".-."]
[559,{"$f":"IFERROR(DAY(CTR[[#This Row],[Date]]),\"\")","v":11},{"$f":"IFERROR(MONTH(CTR[[#This Row],[Date]]),\"\")","v":2},{"$f":"IF(ISNA(INDEX(CTS!C:C,MATCH(E564,CTS!$E:$E,0))),\"\",(INDEX(CTS!C:C,MATCH(E564,CTS!$E:$E,0))))","v":44238},"02-150",{"$f":"IF(ISNA(INDEX(CTS!$F:$F,MATCH(E564,CTS!$E:$E,0))),\"\",(INDEX(CTS!$F:$F,MATCH(E564,CTS!$E:$E,0))))","v":"CLIENT"},{"$f":"IF(ISNA(INDEX(CTS!$N:$N,MATCH(E564,CTS!$E:$E,0))),\"\",(INDEX(CTS!$N:$N,MATCH(E564,CTS!$E:$E,0))))","v":131.09243697478993},{"$f":"IF(ISNA(INDEX(CTS!$O:$O,MATCH(E564,CTS!$E:$E,0))),\"\",(INDEX(CTS!$O:$O,MATCH(E564,CTS!$E:$E,0))))","v":0},{"$f":"IF(ISNA(INDEX(CTS!$P:$P,MATCH(E564,CTS!$E:$E,0))),\"\",(INDEX(CTS!$P:$P,MATCH(E564,CTS!$E:$E,0))))","v":0},{"$f":"IF(ISNA(INDEX(CTS!$Q:$Q,MATCH(E564,CTS!$E:$E,0))),\"\",(INDEX(CTS!$Q:$Q,MATCH(E564,CTS!$E:$E,0))))","v":131.09243697478993},{"$f":"IF(ISNA(INDEX(CTS!$S:$S,MATCH(E564,CTS!$E:$E,0))),\"\",(INDEX(CTS!$S:$S,MATCH(E564,CTS!$E:$E,0))))","v":24.907563025210088},{"$f":"IF(ISNA(INDEX(CTS!$T:$T,MATCH(E564,CTS!$E:$E,0))),\"\",(INDEX(CTS!$T:$T,MATCH(E564,CTS!$E:$E,0))))","v":156.00000000000003},{"$f":"IF(ISNA(INDEX(CTS!$U:$U,MATCH(E564,CTS!$E:$E,0))),\"\",(INDEX(CTS!$U:$U,MATCH(E564,CTS!$E:$E,0))))","v":0},{"$f":"IF(ISNA(INDEX(CTS!$V:$V,MATCH(E564,CTS!$E:$E,0))),\"\",(INDEX(CTS!$V:$V,MATCH(E564,CTS!$E:$E,0))))","v":156.00000000000003},{"$f":"IFERROR(INDEX(CTS!$A:$A,MATCH(E564,CTS!$E:$E,0)),\".\")","v":"P"},{"$f":"IFERROR(IFERROR(INDEX(#REF!,MATCH(E564,#REF!,0)),IFERROR(INDEX(#REF!,MATCH(E564,#REF!,0)),INDEX(#REF!,MATCH(E564,#REF!,0)) )),\".\")","v":"."},null,{"$f":"IFERROR(VLOOKUP(E564,#REF!,8,FALSE),IFERROR(VLOOKUP(E564,#REF!,8,FALSE),IFERROR(VLOOKUP(E564,#REF!,8,FALSE),\"\")))","v":""},".-."]
[560,{"$f":"IFERROR(DAY(CTR[[#This Row],[Date]]),\"\")","v":11},{"$f":"IFERROR(MONTH(CTR[[#This Row],[Date]]),\"\")","v":2},{"$f":"IF(ISNA(INDEX(CTS!C:C,MATCH(E565,CTS!$E:$E,0))),\"\",(INDEX(CTS!C:C,MATCH(E565,CTS!$E:$E,0))))","v":44238},"02-151",{"$f":"IF(ISNA(INDEX(CTS!$F:$F,MATCH(E565,CTS!$E:$E,0))),\"\",(INDEX(CTS!$F:$F,MATCH(E565,CTS!$E:$E,0))))","v":"VIRTUS"},{"$f":"IF(ISNA(INDEX(CTS!$N:$N,MATCH(E565,CTS!$E:$E,0))),\"\",(INDEX(CTS!$N:$N,MATCH(E565,CTS!$E:$E,0))))","v":11240.336134454245},{"$f":"IF(ISNA(INDEX(CTS!$O:$O,MATCH(E565,CTS!$E:$E,0))),\"\",(INDEX(CTS!$O:$O,MATCH(E565,CTS!$E:$E,0))))","v":2.8110047846888794E-2},{"$f":"IF(ISNA(INDEX(CTS!$P:$P,MATCH(E565,CTS!$E:$E,0))),\"\",(INDEX(CTS!$P:$P,MATCH(E565,CTS!$E:$E,0))))","v":315.96638655462186},{"$f":"IF(ISNA(INDEX(CTS!$Q:$Q,MATCH(E565,CTS!$E:$E,0))),\"\",(INDEX(CTS!$Q:$Q,MATCH(E565,CTS!$E:$E,0))))","v":10924.369747899622},{"$f":"IF(ISNA(INDEX(CTS!$S:$S,MATCH(E565,CTS!$E:$E,0))),\"\",(INDEX(CTS!$S:$S,MATCH(E565,CTS!$E:$E,0))))","v":2075.6302521009284},{"$f":"IF(ISNA(INDEX(CTS!$T:$T,MATCH(E565,CTS!$E:$E,0))),\"\",(INDEX(CTS!$T:$T,MATCH(E565,CTS!$E:$E,0))))","v":13000.000000000549},{"$f":"IF(ISNA(INDEX(CTS!$U:$U,MATCH(E565,CTS!$E:$E,0))),\"\",(INDEX(CTS!$U:$U,MATCH(E565,CTS!$E:$E,0))))","v":0},{"$f":"IF(ISNA(INDEX(CTS!$V:$V,MATCH(E565,CTS!$E:$E,0))),\"\",(INDEX(CTS!$V:$V,MATCH(E565,CTS!$E:$E,0))))","v":13000.000000000549},{"$f":"IFERROR(INDEX(CTS!$A:$A,MATCH(E565,CTS!$E:$E,0)),\".\")","v":"F"},{"$f":"IFERROR(IFERROR(INDEX(#REF!,MATCH(E565,#REF!,0)),IFERROR(INDEX(#REF!,MATCH(E565,#REF!,0)),INDEX(#REF!,MATCH(E565,#REF!,0)) )),\".\")","v":"."},null,{"$f":"IFERROR(VLOOKUP(E565,#REF!,8,FALSE),IFERROR(VLOOKUP(E565,#REF!,8,FALSE),IFERROR(VLOOKUP(E565,#REF!,8,FALSE),\"\")))","v":""},".-."]
[561,{"$f":"IFERROR(DAY(CTR[[#This Row],[Date]]),\"\")","v":11},{"$f":"IFERROR(MONTH(CTR[[#This Row],[Date]]),\"\")","v":2},{"$f":"IF(ISNA(INDEX(CTS!C:C,MATCH(E566,CTS!$E:$E,0))),\"\",(INDEX(CTS!C:C,MATCH(E566,CTS!$E:$E,0))))","v":44238},"02-152",{"$f":"IF(ISNA(INDEX(CTS!$F:$F,MATCH(E566,CTS!$E:$E,0))),\"\",(INDEX(CTS!$F:$F,MATCH(E566,CTS!$E:$E,0))))","v":"CLIENT"},{"$f":"IF(ISNA(INDEX(CTS!$N:$N,MATCH(E566,CTS!$E:$E,0))),\"\",(INDEX(CTS!$N:$N,MATCH(E566,CTS!$E:$E,0))))","v":1747.8991596638655},{"$f":"IF(ISNA(INDEX(CTS!$O:$O,MATCH(E566,CTS!$E:$E,0))),\"\",(INDEX(CTS!$O:$O,MATCH(E566,CTS!$E:$E,0))))","v":0},{"$f":"IF(ISNA(INDEX(CTS!$P:$P,MATCH(E566,CTS!$E:$E,0))),\"\",(INDEX(CTS!$P:$P,MATCH(E566,CTS!$E:$E,0))))","v":0},{"$f":"IF(ISNA(INDEX(CTS!$Q:$Q,MATCH(E566,CTS!$E:$E,0))),\"\",(INDEX(CTS!$Q:$Q,MATCH(E566,CTS!$E:$E,0))))","v":1747.8991596638655},{"$f":"IF(ISNA(INDEX(CTS!$S:$S,MATCH(E566,CTS!$E:$E,0))),\"\",(INDEX(CTS!$S:$S,MATCH(E566,CTS!$E:$E,0))))","v":332.10084033613447},{"$f":"IF(ISNA(INDEX(CTS!$T:$T,MATCH(E566,CTS!$E:$E,0))),\"\",(INDEX(CTS!$T:$T,MATCH(E566,CTS!$E:$E,0))))","v":2080},{"$f":"IF(ISNA(INDEX(CTS!$U:$U,MATCH(E566,CTS!$E:$E,0))),\"\",(INDEX(CTS!$U:$U,MATCH(E566,CTS!$E:$E,0))))","v":0},{"$f":"IF(ISNA(INDEX(CTS!$V:$V,MATCH(E566,CTS!$E:$E,0))),\"\",(INDEX(CTS!$V:$V,MATCH(E566,CTS!$E:$E,0))))","v":2080},{"$f":"IFERROR(INDEX(CTS!$A:$A,MATCH(E566,CTS!$E:$E,0)),\".\")","v":"P"},{"$f":"IFERROR(IFERROR(INDEX(#REF!,MATCH(E566,#REF!,0)),IFERROR(INDEX(#REF!,MATCH(E566,#REF!,0)),INDEX(#REF!,MATCH(E566,#REF!,0)) )),\".\")","v":"."},null,{"$f":"IFERROR(VLOOKUP(E566,#REF!,8,FALSE),IFERROR(VLOOKUP(E566,#REF!,8,FALSE),IFERROR(VLOOKUP(E566,#REF!,8,FALSE),\"\")))","v":""},".-."]
[562,{"$f":"IFERROR(DAY(CTR[[#This Row],[Date]]),\"\")","v":11},{"$f":"IFERROR(MONTH(CTR[[#This Row],[Date]]),\"\")","v":2},{"$f":"IF(ISNA(INDEX(CTS!C:C,MATCH(E567,CTS!$E:$E,0))),\"\",(INDEX(CTS!C:C,MATCH(E567,CTS!$E:$E,0))))","v":44238},"02-153",{"$f":"IF(ISNA(INDEX(CTS!$F:$F,MATCH(E567,CTS!$E:$E,0))),\"\",(INDEX(CTS!$F:$F,MATCH(E567,CTS!$E:$E,0))))","v":"CLIENT"},{"$f":"IF(ISNA(INDEX(CTS!$N:$N,MATCH(E567,CTS!$E:$E,0))),\"\",(INDEX(CTS!$N:$N,MATCH(E567,CTS!$E:$E,0))))","v":84.033613445378165},{"$f":"IF(ISNA(INDEX(CTS!$O:$O,MATCH(E567,CTS!$E:$E,0))),\"\",(INDEX(CTS!$O:$O,MATCH(E567,CTS!$E:$E,0))))","v":0},{"$f":"IF(ISNA(INDEX(CTS!$P:$P,MATCH(E567,CTS!$E:$E,0))),\"\",(INDEX(CTS!$P:$P,MATCH(E567,CTS!$E:$E,0))))","v":0},{"$f":"IF(ISNA(INDEX(CTS!$Q:$Q,MATCH(E567,CTS!$E:$E,0))),\"\",(INDEX(CTS!$Q:$Q,MATCH(E567,CTS!$E:$E,0))))","v":84.033613445378165},{"$f":"IF(ISNA(INDEX(CTS!$S:$S,MATCH(E567,CTS!$E:$E,0))),\"\",(INDEX(CTS!$S:$S,MATCH(E567,CTS!$E:$E,0))))","v":15.966386554621851},{"$f":"IF(ISNA(INDEX(CTS!$T:$T,MATCH(E567,CTS!$E:$E,0))),\"\",(INDEX(CTS!$T:$T,MATCH(E567,CTS!$E:$E,0))))","v":100.00000000000001},{"$f":"IF(ISNA(INDEX(CTS!$U:$U,MATCH(E567,CTS!$E:$E,0))),\"\",(INDEX(CTS!$U:$U,MATCH(E567,CTS!$E:$E,0))))","v":0},{"$f":"IF(ISNA(INDEX(CTS!$V:$V,MATCH(E567,CTS!$E:$E,0))),\"\",(INDEX(CTS!$V:$V,MATCH(E567,CTS!$E:$E,0))))","v":100.00000000000001},{"$f":"IFERROR(INDEX(CTS!$A:$A,MATCH(E567,CTS!$E:$E,0)),\".\")","v":"P"},{"$f":"IFERROR(IFERROR(INDEX(#REF!,MATCH(E567,#REF!,0)),IFERROR(INDEX(#REF!,MATCH(E567,#REF!,0)),INDEX(#REF!,MATCH(E567,#REF!,0)) )),\".\")","v":"."},null,{"$f":"IFERROR(VLOOKUP(E567,#REF!,8,FALSE),IFERROR(VLOOKUP(E567,#REF!,8,FALSE),IFERROR(VLOOKUP(E567,#REF!,8,FALSE),\"\")))","v":""},".-."]
[563,{"$f":"IFERROR(DAY(CTR[[#This Row],[Date]]),\"\")","v":11},{"$f":"IFERROR(MONTH(CTR[[#This Row],[Date]]),\"\")","v":2},{"$f":"IF(ISNA(INDEX(CTS!C:C,MATCH(E568,CTS!$E:$E,0))),\"\",(INDEX(CTS!C:C,MATCH(E568,CTS!$E:$E,0))))","v":44238},"02-154",{"$f":"IF(ISNA(INDEX(CTS!$F:$F,MATCH(E568,CTS!$E:$E,0))),\"\",(INDEX(CTS!$F:$F,MATCH(E568,CTS!$E:$E,0))))","v":"CLIENT"},{"$f":"IF(ISNA(INDEX(CTS!$N:$N,MATCH(E568,CTS!$E:$E,0))),\"\",(INDEX(CTS!$N:$N,MATCH(E568,CTS!$E:$E,0))))","v":100.84033613445379},{"$f":"IF(ISNA(INDEX(CTS!$O:$O,MATCH(E568,CTS!$E:$E,0))),\"\",(INDEX(CTS!$O:$O,MATCH(E568,CTS!$E:$E,0))))","v":0},{"$f":"IF(ISNA(INDEX(CTS!$P:$P,MATCH(E568,CTS!$E:$E,0))),\"\",(INDEX(CTS!$P:$P,MATCH(E568,CTS!$E:$E,0))))","v":0},{"$f":"IF(ISNA(INDEX(CTS!$Q:$Q,MATCH(E568,CTS!$E:$E,0))),\"\",(INDEX(CTS!$Q:$Q,MATCH(E568,CTS!$E:$E,0))))","v":100.84033613445379},{"$f":"IF(ISNA(INDEX(CTS!$S:$S,MATCH(E568,CTS!$E:$E,0))),\"\",(INDEX(CTS!$S:$S,MATCH(E568,CTS!$E:$E,0))))","v":19.159663865546221},{"$f":"IF(ISNA(INDEX(CTS!$T:$T,MATCH(E568,CTS!$E:$E,0))),\"\",(INDEX(CTS!$T:$T,MATCH(E568,CTS!$E:$E,0))))","v":120.00000000000001},{"$f":"IF(ISNA(INDEX(CTS!$U:$U,MATCH(E568,CTS!$E:$E,0))),\"\",(INDEX(CTS!$U:$U,MATCH(E568,CTS!$E:$E,0))))","v":0},{"$f":"IF(ISNA(INDEX(CTS!$V:$V,MATCH(E568,CTS!$E:$E,0))),\"\",(INDEX(CTS!$V:$V,MATCH(E568,CTS!$E:$E,0))))","v":120.00000000000001},{"$f":"IFERROR(INDEX(CTS!$A:$A,MATCH(E568,CTS!$E:$E,0)),\".\")","v":"P"},{"$f":"IFERROR(IFERROR(INDEX(#REF!,MATCH(E568,#REF!,0)),IFERROR(INDEX(#REF!,MATCH(E568,#REF!,0)),INDEX(#REF!,MATCH(E568,#REF!,0)) )),\".\")","v":"."},null,{"$f":"IFERROR(VLOOKUP(E568,#REF!,8,FALSE),IFERROR(VLOOKUP(E568,#REF!,8,FALSE),IFERROR(VLOOKUP(E568,#REF!,8,FALSE),\"\")))","v":""},".-."]
[564,{"$f":"IFERROR(DAY(CTR[[#This Row],[Date]]),\"\")","v":11},{"$f":"IFERROR(MONTH(CTR[[#This Row],[Date]]),\"\")","v":2},{"$f":"IF(ISNA(INDEX(CTS!C:C,MATCH(E569,CTS!$E:$E,0))),\"\",(INDEX(CTS!C:C,MATCH(E569,CTS!$E:$E,0))))","v":44238},"02-155",{"$f":"IF(ISNA(INDEX(CTS!$F:$F,MATCH(E569,CTS!$E:$E,0))),\"\",(INDEX(CTS!$F:$F,MATCH(E569,CTS!$E:$E,0))))","v":"CLIENT"},{"$f":"IF(ISNA(INDEX(CTS!$N:$N,MATCH(E569,CTS!$E:$E,0))),\"\",(INDEX(CTS!$N:$N,MATCH(E569,CTS!$E:$E,0))))","v":75.630252100840337},{"$f":"IF(ISNA(INDEX(CTS!$O:$O,MATCH(E569,CTS!$E:$E,0))),\"\",(INDEX(CTS!$O:$O,MATCH(E569,CTS!$E:$E,0))))","v":0},{"$f":"IF(ISNA(INDEX(CTS!$P:$P,MATCH(E569,CTS!$E:$E,0))),\"\",(INDEX(CTS!$P:$P,MATCH(E569,CTS!$E:$E,0))))","v":0},{"$f":"IF(ISNA(INDEX(CTS!$Q:$Q,MATCH(E569,CTS!$E:$E,0))),\"\",(INDEX(CTS!$Q:$Q,MATCH(E569,CTS!$E:$E,0))))","v":75.630252100840337},{"$f":"IF(ISNA(INDEX(CTS!$S:$S,MATCH(E569,CTS!$E:$E,0))),\"\",(INDEX(CTS!$S:$S,MATCH(E569,CTS!$E:$E,0))))","v":14.369747899159664},{"$f":"IF(ISNA(INDEX(CTS!$T:$T,MATCH(E569,CTS!$E:$E,0))),\"\",(INDEX(CTS!$T:$T,MATCH(E569,CTS!$E:$E,0))))","v":90},{"$f":"IF(ISNA(INDEX(CTS!$U:$U,MATCH(E569,CTS!$E:$E,0))),\"\",(INDEX(CTS!$U:$U,MATCH(E569,CTS!$E:$E,0))))","v":0},{"$f":"IF(ISNA(INDEX(CTS!$V:$V,MATCH(E569,CTS!$E:$E,0))),\"\",(INDEX(CTS!$V:$V,MATCH(E569,CTS!$E:$E,0))))","v":90},{"$f":"IFERROR(INDEX(CTS!$A:$A,MATCH(E569,CTS!$E:$E,0)),\".\")","v":"P"},{"$f":"IFERROR(IFERROR(INDEX(#REF!,MATCH(E569,#REF!,0)),IFERROR(INDEX(#REF!,MATCH(E569,#REF!,0)),INDEX(#REF!,MATCH(E569,#REF!,0)) )),\".\")","v":"."},null,{"$f":"IFERROR(VLOOKUP(E569,#REF!,8,FALSE),IFERROR(VLOOKUP(E569,#REF!,8,FALSE),IFERROR(VLOOKUP(E569,#REF!,8,FALSE),\"\")))","v":""},".-."]
[565,{"$f":"IFERROR(DAY(CTR[[#This Row],[Date]]),\"\")","v":11},{"$f":"IFERROR(MONTH(CTR[[#This Row],[Date]]),\"\")","v":2},{"$f":"IF(ISNA(INDEX(CTS!C:C,MATCH(E570,CTS!$E:$E,0))),\"\",(INDEX(CTS!C:C,MATCH(E570,CTS!$E:$E,0))))","v":44238},"02-156",{"$f":"IF(ISNA(INDEX(CTS!$F:$F,MATCH(E570,CTS!$E:$E,0))),\"\",(INDEX(CTS!$F:$F,MATCH(E570,CTS!$E:$E,0))))","v":"CLIENT"},{"$f":"IF(ISNA(INDEX(CTS!$N:$N,MATCH(E570,CTS!$E:$E,0))),\"\",(INDEX(CTS!$N:$N,MATCH(E570,CTS!$E:$E,0))))","v":50.420168067226896},{"$f":"IF(ISNA(INDEX(CTS!$O:$O,MATCH(E570,CTS!$E:$E,0))),\"\",(INDEX(CTS!$O:$O,MATCH(E570,CTS!$E:$E,0))))","v":0},{"$f":"IF(ISNA(INDEX(CTS!$P:$P,MATCH(E570,CTS!$E:$E,0))),\"\",(INDEX(CTS!$P:$P,MATCH(E570,CTS!$E:$E,0))))","v":0},{"$f":"IF(ISNA(INDEX(CTS!$Q:$Q,MATCH(E570,CTS!$E:$E,0))),\"\",(INDEX(CTS!$Q:$Q,MATCH(E570,CTS!$E:$E,0))))","v":50.420168067226896},{"$f":"IF(ISNA(INDEX(CTS!$S:$S,MATCH(E570,CTS!$E:$E,0))),\"\",(INDEX(CTS!$S:$S,MATCH(E570,CTS!$E:$E,0))))","v":9.5798319327731107},{"$f":"IF(ISNA(INDEX(CTS!$T:$T,MATCH(E570,CTS!$E:$E,0))),\"\",(INDEX(CTS!$T:$T,MATCH(E570,CTS!$E:$E,0))))","v":60.000000000000007},{"$f":"IF(ISNA(INDEX(CTS!$U:$U,MATCH(E570,CTS!$E:$E,0))),\"\",(INDEX(CTS!$U:$U,MATCH(E570,CTS!$E:$E,0))))","v":0},{"$f":"IF(ISNA(INDEX(CTS!$V:$V,MATCH(E570,CTS!$E:$E,0))),\"\",(INDEX(CTS!$V:$V,MATCH(E570,CTS!$E:$E,0))))","v":60.000000000000007},{"$f":"IFERROR(INDEX(CTS!$A:$A,MATCH(E570,CTS!$E:$E,0)),\".\")","v":"P"},{"$f":"IFERROR(IFERROR(INDEX(#REF!,MATCH(E570,#REF!,0)),IFERROR(INDEX(#REF!,MATCH(E570,#REF!,0)),INDEX(#REF!,MATCH(E570,#REF!,0)) )),\".\")","v":"."},null,{"$f":"IFERROR(VLOOKUP(E570,#REF!,8,FALSE),IFERROR(VLOOKUP(E570,#REF!,8,FALSE),IFERROR(VLOOKUP(E570,#REF!,8,FALSE),\"\")))","v":""},".-."]
[566,{"$f":"IFERROR(DAY(CTR[[#This Row],[Date]]),\"\")","v":11},{"$f":"IFERROR(MONTH(CTR[[#This Row],[Date]]),\"\")","v":2},{"$f":"IF(ISNA(INDEX(CTS!C:C,MATCH(E571,CTS!$E:$E,0))),\"\",(INDEX(CTS!C:C,MATCH(E571,CTS!$E:$E,0))))","v":44238},"02-157",{"$f":"IF(ISNA(INDEX(CTS!$F:$F,MATCH(E571,CTS!$E:$E,0))),\"\",(INDEX(CTS!$F:$F,MATCH(E571,CTS!$E:$E,0))))","v":"SOMENTIC SYSTEMS"},{"$f":"IF(ISNA(INDEX(CTS!$N:$N,MATCH(E571,CTS!$E:$E,0))),\"\",(INDEX(CTS!$N:$N,MATCH(E571,CTS!$E:$E,0))))","v":6629},{"$f":"IF(ISNA(INDEX(CTS!$O:$O,MATCH(E571,CTS!$E:$E,0))),\"\",(INDEX(CTS!$O:$O,MATCH(E571,CTS!$E:$E,0))))","v":0},{"$f":"IF(ISNA(INDEX(CTS!$P:$P,MATCH(E571,CTS!$E:$E,0))),\"\",(INDEX(CTS!$P:$P,MATCH(E571,CTS!$E:$E,0))))","v":0},{"$f":"IF(ISNA(INDEX(CTS!$Q:$Q,MATCH(E571,CTS!$E:$E,0))),\"\",(INDEX(CTS!$Q:$Q,MATCH(E571,CTS!$E:$E,0))))","v":6629},{"$f":"IF(ISNA(INDEX(CTS!$S:$S,MATCH(E571,CTS!$E:$E,0))),\"\",(INDEX(CTS!$S:$S,MATCH(E571,CTS!$E:$E,0))))","v":1259.51},{"$f":"IF(ISNA(INDEX(CTS!$T:$T,MATCH(E571,CTS!$E:$E,0))),\"\",(INDEX(CTS!$T:$T,MATCH(E571,CTS!$E:$E,0))))","v":7888.51},{"$f":"IF(ISNA(INDEX(CTS!$U:$U,MATCH(E571,CTS!$E:$E,0))),\"\",(INDEX(CTS!$U:$U,MATCH(E571,CTS!$E:$E,0))))","v":0},{"$f":"IF(ISNA(INDEX(CTS!$V:$V,MATCH(E571,CTS!$E:$E,0))),\"\",(INDEX(CTS!$V:$V,MATCH(E571,CTS!$E:$E,0))))","v":0},{"$f":"IFERROR(INDEX(CTS!$A:$A,MATCH(E571,CTS!$E:$E,0)),\".\")","v":"F"},{"$f":"IFERROR(IFERROR(INDEX(#REF!,MATCH(E571,#REF!,0)),IFERROR(INDEX(#REF!,MATCH(E571,#REF!,0)),INDEX(#REF!,MATCH(E571,#REF!,0)) )),\".\")","v":"."},null,{"$f":"IFERROR(VLOOKUP(E571,#REF!,8,FALSE),IFERROR(VLOOKUP(E571,#REF!,8,FALSE),IFERROR(VLOOKUP(E571,#REF!,8,FALSE),\"\")))","v":""},".-."]
[567,{"$f":"IFERROR(DAY(CTR[[#This Row],[Date]]),\"\")","v":11},{"$f":"IFERROR(MONTH(CTR[[#This Row],[Date]]),\"\")","v":2},{"$f":"IF(ISNA(INDEX(CTS!C:C,MATCH(E572,CTS!$E:$E,0))),\"\",(INDEX(CTS!C:C,MATCH(E572,CTS!$E:$E,0))))","v":44238},"02-158",{"$f":"IF(ISNA(INDEX(CTS!$F:$F,MATCH(E572,CTS!$E:$E,0))),\"\",(INDEX(CTS!$F:$F,MATCH(E572,CTS!$E:$E,0))))","v":"CLIENT"},{"$f":"IF(ISNA(INDEX(CTS!$N:$N,MATCH(E572,CTS!$E:$E,0))),\"\",(INDEX(CTS!$N:$N,MATCH(E572,CTS!$E:$E,0))))","v":126.05042016806723},{"$f":"IF(ISNA(INDEX(CTS!$O:$O,MATCH(E572,CTS!$E:$E,0))),\"\",(INDEX(CTS!$O:$O,MATCH(E572,CTS!$E:$E,0))))","v":0},{"$f":"IF(ISNA(INDEX(CTS!$P:$P,MATCH(E572,CTS!$E:$E,0))),\"\",(INDEX(CTS!$P:$P,MATCH(E572,CTS!$E:$E,0))))","v":0},{"$f":"IF(ISNA(INDEX(CTS!$Q:$Q,MATCH(E572,CTS!$E:$E,0))),\"\",(INDEX(CTS!$Q:$Q,MATCH(E572,CTS!$E:$E,0))))","v":126.05042016806723},{"$f":"IF(ISNA(INDEX(CTS!$S:$S,MATCH(E572,CTS!$E:$E,0))),\"\",(INDEX(CTS!$S:$S,MATCH(E572,CTS!$E:$E,0))))","v":23.949579831932777},{"$f":"IF(ISNA(INDEX(CTS!$T:$T,MATCH(E572,CTS!$E:$E,0))),\"\",(INDEX(CTS!$T:$T,MATCH(E572,CTS!$E:$E,0))))","v":150},{"$f":"IF(ISNA(INDEX(CTS!$U:$U,MATCH(E572,CTS!$E:$E,0))),\"\",(INDEX(CTS!$U:$U,MATCH(E572,CTS!$E:$E,0))))","v":0},{"$f":"IF(ISNA(INDEX(CTS!$V:$V,MATCH(E572,CTS!$E:$E,0))),\"\",(INDEX(CTS!$V:$V,MATCH(E572,CTS!$E:$E,0))))","v":150},{"$f":"IFERROR(INDEX(CTS!$A:$A,MATCH(E572,CTS!$E:$E,0)),\".\")","v":"P"},{"$f":"IFERROR(IFERROR(INDEX(#REF!,MATCH(E572,#REF!,0)),IFERROR(INDEX(#REF!,MATCH(E572,#REF!,0)),INDEX(#REF!,MATCH(E572,#REF!,0)) )),\".\")","v":"."},null,{"$f":"IFERROR(VLOOKUP(E572,#REF!,8,FALSE),IFERROR(VLOOKUP(E572,#REF!,8,FALSE),IFERROR(VLOOKUP(E572,#REF!,8,FALSE),\"\")))","v":""},".-."]
[568,{"$f":"IFERROR(DAY(CTR[[#This Row],[Date]]),\"\")","v":14},{"$f":"IFERROR(MONTH(CTR[[#This Row],[Date]]),\"\")","v":2},{"$f":"IF(ISNA(INDEX(CTS!C:C,MATCH(E573,CTS!$E:$E,0))),\"\",(INDEX(CTS!C:C,MATCH(E573,CTS!$E:$E,0))))","v":44241},"02-159",{"$f":"IF(ISNA(INDEX(CTS!$F:$F,MATCH(E573,CTS!$E:$E,0))),\"\",(INDEX(CTS!$F:$F,MATCH(E573,CTS!$E:$E,0))))","v":"CLIENT"},{"$f":"IF(ISNA(INDEX(CTS!$N:$N,MATCH(E573,CTS!$E:$E,0))),\"\",(INDEX(CTS!$N:$N,MATCH(E573,CTS!$E:$E,0))))","v":226.89075630252103},{"$f":"IF(ISNA(INDEX(CTS!$O:$O,MATCH(E573,CTS!$E:$E,0))),\"\",(INDEX(CTS!$O:$O,MATCH(E573,CTS!$E:$E,0))))","v":0},{"$f":"IF(ISNA(INDEX(CTS!$P:$P,MATCH(E573,CTS!$E:$E,0))),\"\",(INDEX(CTS!$P:$P,MATCH(E573,CTS!$E:$E,0))))","v":0},{"$f":"IF(ISNA(INDEX(CTS!$Q:$Q,MATCH(E573,CTS!$E:$E,0))),\"\",(INDEX(CTS!$Q:$Q,MATCH(E573,CTS!$E:$E,0))))","v":226.89075630252103},{"$f":"IF(ISNA(INDEX(CTS!$S:$S,MATCH(E573,CTS!$E:$E,0))),\"\",(INDEX(CTS!$S:$S,MATCH(E573,CTS!$E:$E,0))))","v":43.109243697478995},{"$f":"IF(ISNA(INDEX(CTS!$T:$T,MATCH(E573,CTS!$E:$E,0))),\"\",(INDEX(CTS!$T:$T,MATCH(E573,CTS!$E:$E,0))))","v":270},{"$f":"IF(ISNA(INDEX(CTS!$U:$U,MATCH(E573,CTS!$E:$E,0))),\"\",(INDEX(CTS!$U:$U,MATCH(E573,CTS!$E:$E,0))))","v":0},{"$f":"IF(ISNA(INDEX(CTS!$V:$V,MATCH(E573,CTS!$E:$E,0))),\"\",(INDEX(CTS!$V:$V,MATCH(E573,CTS!$E:$E,0))))","v":270},{"$f":"IFERROR(INDEX(CTS!$A:$A,MATCH(E573,CTS!$E:$E,0)),\".\")","v":"P"},{"$f":"IFERROR(IFERROR(INDEX(#REF!,MATCH(E573,#REF!,0)),IFERROR(INDEX(#REF!,MATCH(E573,#REF!,0)),INDEX(#REF!,MATCH(E573,#REF!,0)) )),\".\")","v":"."},null,{"$f":"IFERROR(VLOOKUP(E573,#REF!,8,FALSE),IFERROR(VLOOKUP(E573,#REF!,8,FALSE),IFERROR(VLOOKUP(E573,#REF!,8,FALSE),\"\")))","v":""},".-."]
[569,{"$f":"IFERROR(DAY(CTR[[#This Row],[Date]]),\"\")","v":14},{"$f":"IFERROR(MONTH(CTR[[#This Row],[Date]]),\"\")","v":2},{"$f":"IF(ISNA(INDEX(CTS!C:C,MATCH(E574,CTS!$E:$E,0))),\"\",(INDEX(CTS!C:C,MATCH(E574,CTS!$E:$E,0))))","v":44241},"02-160",{"$f":"IF(ISNA(INDEX(CTS!$F:$F,MATCH(E574,CTS!$E:$E,0))),\"\",(INDEX(CTS!$F:$F,MATCH(E574,CTS!$E:$E,0))))","v":"CLIENT"},{"$f":"IF(ISNA(INDEX(CTS!$N:$N,MATCH(E574,CTS!$E:$E,0))),\"\",(INDEX(CTS!$N:$N,MATCH(E574,CTS!$E:$E,0))))","v":201.68067226890759},{"$f":"IF(ISNA(INDEX(CTS!$O:$O,MATCH(E574,CTS!$E:$E,0))),\"\",(INDEX(CTS!$O:$O,MATCH(E574,CTS!$E:$E,0))))","v":0.17499999999999999},{"$f":"IF(ISNA(INDEX(CTS!$P:$P,MATCH(E574,CTS!$E:$E,0))),\"\",(INDEX(CTS!$P:$P,MATCH(E574,CTS!$E:$E,0))))","v":35.294117647058826},{"$f":"IF(ISNA(INDEX(CTS!$Q:$Q,MATCH(E574,CTS!$E:$E,0))),\"\",(INDEX(CTS!$Q:$Q,MATCH(E574,CTS!$E:$E,0))))","v":166.38655462184875},{"$f":"IF(ISNA(INDEX(CTS!$S:$S,MATCH(E574,CTS!$E:$E,0))),\"\",(INDEX(CTS!$S:$S,MATCH(E574,CTS!$E:$E,0))))","v":31.613445378151262},{"$f":"IF(ISNA(INDEX(CTS!$T:$T,MATCH(E574,CTS!$E:$E,0))),\"\",(INDEX(CTS!$T:$T,MATCH(E574,CTS!$E:$E,0))))","v":198},{"$f":"IF(ISNA(INDEX(CTS!$U:$U,MATCH(E574,CTS!$E:$E,0))),\"\",(INDEX(CTS!$U:$U,MATCH(E574,CTS!$E:$E,0))))","v":0},{"$f":"IF(ISNA(INDEX(CTS!$V:$V,MATCH(E574,CTS!$E:$E,0))),\"\",(INDEX(CTS!$V:$V,MATCH(E574,CTS!$E:$E,0))))","v":198},{"$f":"IFERROR(INDEX(CTS!$A:$A,MATCH(E574,CTS!$E:$E,0)),\".\")","v":"P"},{"$f":"IFERROR(IFERROR(INDEX(#REF!,MATCH(E574,#REF!,0)),IFERROR(INDEX(#REF!,MATCH(E574,#REF!,0)),INDEX(#REF!,MATCH(E574,#REF!,0)) )),\".\")","v":"."},null,{"$f":"IFERROR(VLOOKUP(E574,#REF!,8,FALSE),IFERROR(VLOOKUP(E574,#REF!,8,FALSE),IFERROR(VLOOKUP(E574,#REF!,8,FALSE),\"\")))","v":""},".-."]
[570,{"$f":"IFERROR(DAY(CTR[[#This Row],[Date]]),\"\")","v":14},{"$f":"IFERROR(MONTH(CTR[[#This Row],[Date]]),\"\")","v":2},{"$f":"IF(ISNA(INDEX(CTS!C:C,MATCH(E575,CTS!$E:$E,0))),\"\",(INDEX(CTS!C:C,MATCH(E575,CTS!$E:$E,0))))","v":44241},"02-161",{"$f":"IF(ISNA(INDEX(CTS!$F:$F,MATCH(E575,CTS!$E:$E,0))),\"\",(INDEX(CTS!$F:$F,MATCH(E575,CTS!$E:$E,0))))","v":"CLIENT"},{"$f":"IF(ISNA(INDEX(CTS!$N:$N,MATCH(E575,CTS!$E:$E,0))),\"\",(INDEX(CTS!$N:$N,MATCH(E575,CTS!$E:$E,0))))","v":4235.2941176470586},{"$f":"IF(ISNA(INDEX(CTS!$O:$O,MATCH(E575,CTS!$E:$E,0))),\"\",(INDEX(CTS!$O:$O,MATCH(E575,CTS!$E:$E,0))))","v":7.9365079365079378E-3},{"$f":"IF(ISNA(INDEX(CTS!$P:$P,MATCH(E575,CTS!$E:$E,0))),\"\",(INDEX(CTS!$P:$P,MATCH(E575,CTS!$E:$E,0))))","v":33.613445378151262},{"$f":"IF(ISNA(INDEX(CTS!$Q:$Q,MATCH(E575,CTS!$E:$E,0))),\"\",(INDEX(CTS!$Q:$Q,MATCH(E575,CTS!$E:$E,0))))","v":4201.6806722689071},{"$f":"IF(ISNA(INDEX(CTS!$S:$S,MATCH(E575,CTS!$E:$E,0))),\"\",(INDEX(CTS!$S:$S,MATCH(E575,CTS!$E:$E,0))))","v":798.31932773109247},{"$f":"IF(ISNA(INDEX(CTS!$T:$T,MATCH(E575,CTS!$E:$E,0))),\"\",(INDEX(CTS!$T:$T,MATCH(E575,CTS!$E:$E,0))))","v":5000},{"$f":"IF(ISNA(INDEX(CTS!$U:$U,MATCH(E575,CTS!$E:$E,0))),\"\",(INDEX(CTS!$U:$U,MATCH(E575,CTS!$E:$E,0))))","v":0},{"$f":"IF(ISNA(INDEX(CTS!$V:$V,MATCH(E575,CTS!$E:$E,0))),\"\",(INDEX(CTS!$V:$V,MATCH(E575,CTS!$E:$E,0))))","v":5000},{"$f":"IFERROR(INDEX(CTS!$A:$A,MATCH(E575,CTS!$E:$E,0)),\".\")","v":"P"},{"$f":"IFERROR(IFERROR(INDEX(#REF!,MATCH(E575,#REF!,0)),IFERROR(INDEX(#REF!,MATCH(E575,#REF!,0)),INDEX(#REF!,MATCH(E575,#REF!,0)) )),\".\")","v":"."},null,{"$f":"IFERROR(VLOOKUP(E575,#REF!,8,FALSE),IFERROR(VLOOKUP(E575,#REF!,8,FALSE),IFERROR(VLOOKUP(E575,#REF!,8,FALSE),\"\")))","v":""},".-."]
[571,{"$f":"IFERROR(DAY(CTR[[#This Row],[Date]]),\"\")","v":14},{"$f":"IFERROR(MONTH(CTR[[#This Row],[Date]]),\"\")","v":2},{"$f":"IF(ISNA(INDEX(CTS!C:C,MATCH(E576,CTS!$E:$E,0))),\"\",(INDEX(CTS!C:C,MATCH(E576,CTS!$E:$E,0))))","v":44241},"02-162",{"$f":"IF(ISNA(INDEX(CTS!$F:$F,MATCH(E576,CTS!$E:$E,0))),\"\",(INDEX(CTS!$F:$F,MATCH(E576,CTS!$E:$E,0))))","v":"CLIENT"},{"$f":"IF(ISNA(INDEX(CTS!$N:$N,MATCH(E576,CTS!$E:$E,0))),\"\",(INDEX(CTS!$N:$N,MATCH(E576,CTS!$E:$E,0))))","v":3203.3613445378151},{"$f":"IF(ISNA(INDEX(CTS!$O:$O,MATCH(E576,CTS!$E:$E,0))),\"\",(INDEX(CTS!$O:$O,MATCH(E576,CTS!$E:$E,0))))","v":5.2465897166841559E-3},{"$f":"IF(ISNA(INDEX(CTS!$P:$P,MATCH(E576,CTS!$E:$E,0))),\"\",(INDEX(CTS!$P:$P,MATCH(E576,CTS!$E:$E,0))))","v":16.806722689075631},{"$f":"IF(ISNA(INDEX(CTS!$Q:$Q,MATCH(E576,CTS!$E:$E,0))),\"\",(INDEX(CTS!$Q:$Q,MATCH(E576,CTS!$E:$E,0))))","v":3186.5546218487393},{"$f":"IF(ISNA(INDEX(CTS!$S:$S,MATCH(E576,CTS!$E:$E,0))),\"\",(INDEX(CTS!$S:$S,MATCH(E576,CTS!$E:$E,0))))","v":605.44537815126057},{"$f":"IF(ISNA(INDEX(CTS!$T:$T,MATCH(E576,CTS!$E:$E,0))),\"\",(INDEX(CTS!$T:$T,MATCH(E576,CTS!$E:$E,0))))","v":3792},{"$f":"IF(ISNA(INDEX(CTS!$U:$U,MATCH(E576,CTS!$E:$E,0))),\"\",(INDEX(CTS!$U:$U,MATCH(E576,CTS!$E:$E,0))))","v":0},{"$f":"IF(ISNA(INDEX(CTS!$V:$V,MATCH(E576,CTS!$E:$E,0))),\"\",(INDEX(CTS!$V:$V,MATCH(E576,CTS!$E:$E,0))))","v":3792},{"$f":"IFERROR(INDEX(CTS!$A:$A,MATCH(E576,CTS!$E:$E,0)),\".\")","v":"P"},{"$f":"IFERROR(IFERROR(INDEX(#REF!,MATCH(E576,#REF!,0)),IFERROR(INDEX(#REF!,MATCH(E576,#REF!,0)),INDEX(#REF!,MATCH(E576,#REF!,0)) )),\".\")","v":"."},null,{"$f":"IFERROR(VLOOKUP(E576,#REF!,8,FALSE),IFERROR(VLOOKUP(E576,#REF!,8,FALSE),IFERROR(VLOOKUP(E576,#REF!,8,FALSE),\"\")))","v":""},".-."]
[572,{"$f":"IFERROR(DAY(CTR[[#This Row],[Date]]),\"\")","v":14},{"$f":"IFERROR(MONTH(CTR[[#This Row],[Date]]),\"\")","v":2},{"$f":"IF(ISNA(INDEX(CTS!C:C,MATCH(E577,CTS!$E:$E,0))),\"\",(INDEX(CTS!C:C,MATCH(E577,CTS!$E:$E,0))))","v":44241},"02-163",{"$f":"IF(ISNA(INDEX(CTS!$F:$F,MATCH(E577,CTS!$E:$E,0))),\"\",(INDEX(CTS!$F:$F,MATCH(E577,CTS!$E:$E,0))))","v":"CLIENT"},{"$f":"IF(ISNA(INDEX(CTS!$N:$N,MATCH(E577,CTS!$E:$E,0))),\"\",(INDEX(CTS!$N:$N,MATCH(E577,CTS!$E:$E,0))))","v":823.52941176470586},{"$f":"IF(ISNA(INDEX(CTS!$O:$O,MATCH(E577,CTS!$E:$E,0))),\"\",(INDEX(CTS!$O:$O,MATCH(E577,CTS!$E:$E,0))))","v":0},{"$f":"IF(ISNA(INDEX(CTS!$P:$P,MATCH(E577,CTS!$E:$E,0))),\"\",(INDEX(CTS!$P:$P,MATCH(E577,CTS!$E:$E,0))))","v":0},{"$f":"IF(ISNA(INDEX(CTS!$Q:$Q,MATCH(E577,CTS!$E:$E,0))),\"\",(INDEX(CTS!$Q:$Q,MATCH(E577,CTS!$E:$E,0))))","v":823.52941176470586},{"$f":"IF(ISNA(INDEX(CTS!$S:$S,MATCH(E577,CTS!$E:$E,0))),\"\",(INDEX(CTS!$S:$S,MATCH(E577,CTS!$E:$E,0))))","v":156.47058823529412},{"$f":"IF(ISNA(INDEX(CTS!$T:$T,MATCH(E577,CTS!$E:$E,0))),\"\",(INDEX(CTS!$T:$T,MATCH(E577,CTS!$E:$E,0))))","v":980},{"$f":"IF(ISNA(INDEX(CTS!$U:$U,MATCH(E577,CTS!$E:$E,0))),\"\",(INDEX(CTS!$U:$U,MATCH(E577,CTS!$E:$E,0))))","v":0},{"$f":"IF(ISNA(INDEX(CTS!$V:$V,MATCH(E577,CTS!$E:$E,0))),\"\",(INDEX(CTS!$V:$V,MATCH(E577,CTS!$E:$E,0))))","v":980},{"$f":"IFERROR(INDEX(CTS!$A:$A,MATCH(E577,CTS!$E:$E,0)),\".\")","v":"P"},{"$f":"IFERROR(IFERROR(INDEX(#REF!,MATCH(E577,#REF!,0)),IFERROR(INDEX(#REF!,MATCH(E577,#REF!,0)),INDEX(#REF!,MATCH(E577,#REF!,0)) )),\".\")","v":"."},null,{"$f":"IFERROR(VLOOKUP(E577,#REF!,8,FALSE),IFERROR(VLOOKUP(E577,#REF!,8,FALSE),IFERROR(VLOOKUP(E577,#REF!,8,FALSE),\"\")))","v":""},{"$f":"IFERROR(TEXT(P577,\"mm\") & \"-\" & TEXT(P577,\"aaaa\"),\"\")","v":".-."}]
[573,{"$f":"IFERROR(DAY(CTR[[#This Row],[Date]]),\"\")","v":14},{"$f":"IFERROR(MONTH(CTR[[#This Row],[Date]]),\"\")","v":2},{"$f":"IF(ISNA(INDEX(CTS!C:C,MATCH(E578,CTS!$E:$E,0))),\"\",(INDEX(CTS!C:C,MATCH(E578,CTS!$E:$E,0))))","v":44241},"02-164",{"$f":"IF(ISNA(INDEX(CTS!$F:$F,MATCH(E578,CTS!$E:$E,0))),\"\",(INDEX(CTS!$F:$F,MATCH(E578,CTS!$E:$E,0))))","v":"CLIENT"},{"$f":"IF(ISNA(INDEX(CTS!$N:$N,MATCH(E578,CTS!$E:$E,0))),\"\",(INDEX(CTS!$N:$N,MATCH(E578,CTS!$E:$E,0))))","v":42.016806722689076},{"$f":"IF(ISNA(INDEX(CTS!$O:$O,MATCH(E578,CTS!$E:$E,0))),\"\",(INDEX(CTS!$O:$O,MATCH(E578,CTS!$E:$E,0))))","v":0},{"$f":"IF(ISNA(INDEX(CTS!$P:$P,MATCH(E578,CTS!$E:$E,0))),\"\",(INDEX(CTS!$P:$P,MATCH(E578,CTS!$E:$E,0))))","v":0},{"$f":"IF(ISNA(INDEX(CTS!$Q:$Q,MATCH(E578,CTS!$E:$E,0))),\"\",(INDEX(CTS!$Q:$Q,MATCH(E578,CTS!$E:$E,0))))","v":42.016806722689076},{"$f":"IF(ISNA(INDEX(CTS!$S:$S,MATCH(E578,CTS!$E:$E,0))),\"\",(INDEX(CTS!$S:$S,MATCH(E578,CTS!$E:$E,0))))","v":7.9831932773109244},{"$f":"IF(ISNA(INDEX(CTS!$T:$T,MATCH(E578,CTS!$E:$E,0))),\"\",(INDEX(CTS!$T:$T,MATCH(E578,CTS!$E:$E,0))))","v":50},{"$f":"IF(ISNA(INDEX(CTS!$U:$U,MATCH(E578,CTS!$E:$E,0))),\"\",(INDEX(CTS!$U:$U,MATCH(E578,CTS!$E:$E,0))))","v":0},{"$f":"IF(ISNA(INDEX(CTS!$V:$V,MATCH(E578,CTS!$E:$E,0))),\"\",(INDEX(CTS!$V:$V,MATCH(E578,CTS!$E:$E,0))))","v":50},{"$f":"IFERROR(INDEX(CTS!$A:$A,MATCH(E578,CTS!$E:$E,0)),\".\")","v":"P"},{"$f":"IFERROR(IFERROR(INDEX(#REF!,MATCH(E578,#REF!,0)),IFERROR(INDEX(#REF!,MATCH(E578,#REF!,0)),INDEX(#REF!,MATCH(E578,#REF!,0)) )),\".\")","v":"."},null,{"$f":"IFERROR(VLOOKUP(E578,#REF!,8,FALSE),IFERROR(VLOOKUP(E578,#REF!,8,FALSE),IFERROR(VLOOKUP(E578,#REF!,8,FALSE),\"\")))","v":""},".-."]
[574,{"$f":"IFERROR(DAY(CTR[[#This Row],[Date]]),\"\")","v":14},{"$f":"IFERROR(MONTH(CTR[[#This Row],[Date]]),\"\")","v":2},{"$f":"IF(ISNA(INDEX(CTS!C:C,MATCH(E579,CTS!$E:$E,0))),\"\",(INDEX(CTS!C:C,MATCH(E579,CTS!$E:$E,0))))","v":44241},"02-165",{"$f":"IF(ISNA(INDEX(CTS!$F:$F,MATCH(E579,CTS!$E:$E,0))),\"\",(INDEX(CTS!$F:$F,MATCH(E579,CTS!$E:$E,0))))","v":"CLIENT"},{"$f":"IF(ISNA(INDEX(CTS!$N:$N,MATCH(E579,CTS!$E:$E,0))),\"\",(INDEX(CTS!$N:$N,MATCH(E579,CTS!$E:$E,0))))","v":134.45378151260505},{"$f":"IF(ISNA(INDEX(CTS!$O:$O,MATCH(E579,CTS!$E:$E,0))),\"\",(INDEX(CTS!$O:$O,MATCH(E579,CTS!$E:$E,0))))","v":0},{"$f":"IF(ISNA(INDEX(CTS!$P:$P,MATCH(E579,CTS!$E:$E,0))),\"\",(INDEX(CTS!$P:$P,MATCH(E579,CTS!$E:$E,0))))","v":0},{"$f":"IF(ISNA(INDEX(CTS!$Q:$Q,MATCH(E579,CTS!$E:$E,0))),\"\",(INDEX(CTS!$Q:$Q,MATCH(E579,CTS!$E:$E,0))))","v":134.45378151260505},{"$f":"IF(ISNA(INDEX(CTS!$S:$S,MATCH(E579,CTS!$E:$E,0))),\"\",(INDEX(CTS!$S:$S,MATCH(E579,CTS!$E:$E,0))))","v":25.54621848739496},{"$f":"IF(ISNA(INDEX(CTS!$T:$T,MATCH(E579,CTS!$E:$E,0))),\"\",(INDEX(CTS!$T:$T,MATCH(E579,CTS!$E:$E,0))))","v":160},{"$f":"IF(ISNA(INDEX(CTS!$U:$U,MATCH(E579,CTS!$E:$E,0))),\"\",(INDEX(CTS!$U:$U,MATCH(E579,CTS!$E:$E,0))))","v":0},{"$f":"IF(ISNA(INDEX(CTS!$V:$V,MATCH(E579,CTS!$E:$E,0))),\"\",(INDEX(CTS!$V:$V,MATCH(E579,CTS!$E:$E,0))))","v":160},{"$f":"IFERROR(INDEX(CTS!$A:$A,MATCH(E579,CTS!$E:$E,0)),\".\")","v":"P"},{"$f":"IFERROR(IFERROR(INDEX(#REF!,MATCH(E579,#REF!,0)),IFERROR(INDEX(#REF!,MATCH(E579,#REF!,0)),INDEX(#REF!,MATCH(E579,#REF!,0)) )),\".\")","v":"."},null,{"$f":"IFERROR(VLOOKUP(E579,#REF!,8,FALSE),IFERROR(VLOOKUP(E579,#REF!,8,FALSE),IFERROR(VLOOKUP(E579,#REF!,8,FALSE),\"\")))","v":""},".-."]
[575,{"$f":"IFERROR(DAY(CTR[[#This Row],[Date]]),\"\")","v":14},{"$f":"IFERROR(MONTH(CTR[[#This Row],[Date]]),\"\")","v":2},{"$f":"IF(ISNA(INDEX(CTS!C:C,MATCH(E580,CTS!$E:$E,0))),\"\",(INDEX(CTS!C:C,MATCH(E580,CTS!$E:$E,0))))","v":44241},"02-166",{"$f":"IF(ISNA(INDEX(CTS!$F:$F,MATCH(E580,CTS!$E:$E,0))),\"\",(INDEX(CTS!$F:$F,MATCH(E580,CTS!$E:$E,0))))","v":"CLIENT"},{"$f":"IF(ISNA(INDEX(CTS!$N:$N,MATCH(E580,CTS!$E:$E,0))),\"\",(INDEX(CTS!$N:$N,MATCH(E580,CTS!$E:$E,0))))","v":847.05882352941182},{"$f":"IF(ISNA(INDEX(CTS!$O:$O,MATCH(E580,CTS!$E:$E,0))),\"\",(INDEX(CTS!$O:$O,MATCH(E580,CTS!$E:$E,0))))","v":7.9365079365079361E-3},{"$f":"IF(ISNA(INDEX(CTS!$P:$P,MATCH(E580,CTS!$E:$E,0))),\"\",(INDEX(CTS!$P:$P,MATCH(E580,CTS!$E:$E,0))))","v":6.7226890756302522},{"$f":"IF(ISNA(INDEX(CTS!$Q:$Q,MATCH(E580,CTS!$E:$E,0))),\"\",(INDEX(CTS!$Q:$Q,MATCH(E580,CTS!$E:$E,0))))","v":840.3361344537816},{"$f":"IF(ISNA(INDEX(CTS!$S:$S,MATCH(E580,CTS!$E:$E,0))),\"\",(INDEX(CTS!$S:$S,MATCH(E580,CTS!$E:$E,0))))","v":159.66386554621849},{"$f":"IF(ISNA(INDEX(CTS!$T:$T,MATCH(E580,CTS!$E:$E,0))),\"\",(INDEX(CTS!$T:$T,MATCH(E580,CTS!$E:$E,0))))","v":1000.0000000000001},{"$f":"IF(ISNA(INDEX(CTS!$U:$U,MATCH(E580,CTS!$E:$E,0))),\"\",(INDEX(CTS!$U:$U,MATCH(E580,CTS!$E:$E,0))))","v":0},{"$f":"IF(ISNA(INDEX(CTS!$V:$V,MATCH(E580,CTS!$E:$E,0))),\"\",(INDEX(CTS!$V:$V,MATCH(E580,CTS!$E:$E,0))))","v":1000.0000000000001},{"$f":"IFERROR(INDEX(CTS!$A:$A,MATCH(E580,CTS!$E:$E,0)),\".\")","v":"P"},{"$f":"IFERROR(IFERROR(INDEX(#REF!,MATCH(E580,#REF!,0)),IFERROR(INDEX(#REF!,MATCH(E580,#REF!,0)),INDEX(#REF!,MATCH(E580,#REF!,0)) )),\".\")","v":"."},null,{"$f":"IFERROR(VLOOKUP(E580,#REF!,8,FALSE),IFERROR(VLOOKUP(E580,#REF!,8,FALSE),IFERROR(VLOOKUP(E580,#REF!,8,FALSE),\"\")))","v":""},".-."]
[576,{"$f":"IFERROR(DAY(CTR[[#This Row],[Date]]),\"\")","v":14},{"$f":"IFERROR(MONTH(CTR[[#This Row],[Date]]),\"\")","v":2},{"$f":"IF(ISNA(INDEX(CTS!C:C,MATCH(E581,CTS!$E:$E,0))),\"\",(INDEX(CTS!C:C,MATCH(E581,CTS!$E:$E,0))))","v":44241},"02-167",{"$f":"IF(ISNA(INDEX(CTS!$F:$F,MATCH(E581,CTS!$E:$E,0))),\"\",(INDEX(CTS!$F:$F,MATCH(E581,CTS!$E:$E,0))))","v":"CLIENT"},{"$f":"IF(ISNA(INDEX(CTS!$N:$N,MATCH(E581,CTS!$E:$E,0))),\"\",(INDEX(CTS!$N:$N,MATCH(E581,CTS!$E:$E,0))))","v":100.84033613445379},{"$f":"IF(ISNA(INDEX(CTS!$O:$O,MATCH(E581,CTS!$E:$E,0))),\"\",(INDEX(CTS!$O:$O,MATCH(E581,CTS!$E:$E,0))))","v":0},{"$f":"IF(ISNA(INDEX(CTS!$P:$P,MATCH(E581,CTS!$E:$E,0))),\"\",(INDEX(CTS!$P:$P,MATCH(E581,CTS!$E:$E,0))))","v":0},{"$f":"IF(ISNA(INDEX(CTS!$Q:$Q,MATCH(E581,CTS!$E:$E,0))),\"\",(INDEX(CTS!$Q:$Q,MATCH(E581,CTS!$E:$E,0))))","v":100.84033613445379},{"$f":"IF(ISNA(INDEX(CTS!$S:$S,MATCH(E581,CTS!$E:$E,0))),\"\",(INDEX(CTS!$S:$S,MATCH(E581,CTS!$E:$E,0))))","v":19.159663865546221},{"$f":"IF(ISNA(INDEX(CTS!$T:$T,MATCH(E581,CTS!$E:$E,0))),\"\",(INDEX(CTS!$T:$T,MATCH(E581,CTS!$E:$E,0))))","v":120.00000000000001},{"$f":"IF(ISNA(INDEX(CTS!$U:$U,MATCH(E581,CTS!$E:$E,0))),\"\",(INDEX(CTS!$U:$U,MATCH(E581,CTS!$E:$E,0))))","v":0},{"$f":"IF(ISNA(INDEX(CTS!$V:$V,MATCH(E581,CTS!$E:$E,0))),\"\",(INDEX(CTS!$V:$V,MATCH(E581,CTS!$E:$E,0))))","v":120.00000000000001},{"$f":"IFERROR(INDEX(CTS!$A:$A,MATCH(E581,CTS!$E:$E,0)),\".\")","v":"P"},{"$f":"IFERROR(IFERROR(INDEX(#REF!,MATCH(E581,#REF!,0)),IFERROR(INDEX(#REF!,MATCH(E581,#REF!,0)),INDEX(#REF!,MATCH(E581,#REF!,0)) )),\".\")","v":"."},null,{"$f":"IFERROR(VLOOKUP(E581,#REF!,8,FALSE),IFERROR(VLOOKUP(E581,#REF!,8,FALSE),IFERROR(VLOOKUP(E581,#REF!,8,FALSE),\"\")))","v":""},".-."]
[577,{"$f":"IFERROR(DAY(CTR[[#This Row],[Date]]),\"\")","v":14},{"$f":"IFERROR(MONTH(CTR[[#This Row],[Date]]),\"\")","v":2},{"$f":"IF(ISNA(INDEX(CTS!C:C,MATCH(E582,CTS!$E:$E,0))),\"\",(INDEX(CTS!C:C,MATCH(E582,CTS!$E:$E,0))))","v":44241},"02-168",{"$f":"IF(ISNA(INDEX(CTS!$F:$F,MATCH(E582,CTS!$E:$E,0))),\"\",(INDEX(CTS!$F:$F,MATCH(E582,CTS!$E:$E,0))))","v":"SARL EG"},{"$f":"IF(ISNA(INDEX(CTS!$N:$N,MATCH(E582,CTS!$E:$E,0))),\"\",(INDEX(CTS!$N:$N,MATCH(E582,CTS!$E:$E,0))))","v":12438},{"$f":"IF(ISNA(INDEX(CTS!$O:$O,MATCH(E582,CTS!$E:$E,0))),\"\",(INDEX(CTS!$O:$O,MATCH(E582,CTS!$E:$E,0))))","v":3.0485324858356276E-2},{"$f":"IF(ISNA(INDEX(CTS!$P:$P,MATCH(E582,CTS!$E:$E,0))),\"\",(INDEX(CTS!$P:$P,MATCH(E582,CTS!$E:$E,0))))","v":379.17647058823536},{"$f":"IF(ISNA(INDEX(CTS!$Q:$Q,MATCH(E582,CTS!$E:$E,0))),\"\",(INDEX(CTS!$Q:$Q,MATCH(E582,CTS!$E:$E,0))))","v":12058.823529411764},{"$f":"IF(ISNA(INDEX(CTS!$S:$S,MATCH(E582,CTS!$E:$E,0))),\"\",(INDEX(CTS!$S:$S,MATCH(E582,CTS!$E:$E,0))))","v":2291.1764705882351},{"$f":"IF(ISNA(INDEX(CTS!$T:$T,MATCH(E582,CTS!$E:$E,0))),\"\",(INDEX(CTS!$T:$T,MATCH(E582,CTS!$E:$E,0))))","v":14350},{"$f":"IF(ISNA(INDEX(CTS!$U:$U,MATCH(E582,CTS!$E:$E,0))),\"\",(INDEX(CTS!$U:$U,MATCH(E582,CTS!$E:$E,0))))","v":0},{"$f":"IF(ISNA(INDEX(CTS!$V:$V,MATCH(E582,CTS!$E:$E,0))),\"\",(INDEX(CTS!$V:$V,MATCH(E582,CTS!$E:$E,0))))","v":14350},{"$f":"IFERROR(INDEX(CTS!$A:$A,MATCH(E582,CTS!$E:$E,0)),\".\")","v":"P"},{"$f":"IFERROR(IFERROR(INDEX(#REF!,MATCH(E582,#REF!,0)),IFERROR(INDEX(#REF!,MATCH(E582,#REF!,0)),INDEX(#REF!,MATCH(E582,#REF!,0)) )),\".\")","v":"."},null,{"$f":"IFERROR(VLOOKUP(E582,#REF!,8,FALSE),IFERROR(VLOOKUP(E582,#REF!,8,FALSE),IFERROR(VLOOKUP(E582,#REF!,8,FALSE),\"\")))","v":""},".-."]
[578,{"$f":"IFERROR(DAY(CTR[[#This Row],[Date]]),\"\")","v":14},{"$f":"IFERROR(MONTH(CTR[[#This Row],[Date]]),\"\")","v":2},{"$f":"IF(ISNA(INDEX(CTS!C:C,MATCH(E583,CTS!$E:$E,0))),\"\",(INDEX(CTS!C:C,MATCH(E583,CTS!$E:$E,0))))","v":44241},"02-169",{"$f":"IF(ISNA(INDEX(CTS!$F:$F,MATCH(E583,CTS!$E:$E,0))),\"\",(INDEX(CTS!$F:$F,MATCH(E583,CTS!$E:$E,0))))","v":"CLIENT"},{"$f":"IF(ISNA(INDEX(CTS!$N:$N,MATCH(E583,CTS!$E:$E,0))),\"\",(INDEX(CTS!$N:$N,MATCH(E583,CTS!$E:$E,0))))","v":470.58823529411768},{"$f":"IF(ISNA(INDEX(CTS!$O:$O,MATCH(E583,CTS!$E:$E,0))),\"\",(INDEX(CTS!$O:$O,MATCH(E583,CTS!$E:$E,0))))","v":0},{"$f":"IF(ISNA(INDEX(CTS!$P:$P,MATCH(E583,CTS!$E:$E,0))),\"\",(INDEX(CTS!$P:$P,MATCH(E583,CTS!$E:$E,0))))","v":0},{"$f":"IF(ISNA(INDEX(CTS!$Q:$Q,MATCH(E583,CTS!$E:$E,0))),\"\",(INDEX(CTS!$Q:$Q,MATCH(E583,CTS!$E:$E,0))))","v":470.58823529411768},{"$f":"IF(ISNA(INDEX(CTS!$S:$S,MATCH(E583,CTS!$E:$E,0))),\"\",(INDEX(CTS!$S:$S,MATCH(E583,CTS!$E:$E,0))))","v":89.411764705882348},{"$f":"IF(ISNA(INDEX(CTS!$T:$T,MATCH(E583,CTS!$E:$E,0))),\"\",(INDEX(CTS!$T:$T,MATCH(E583,CTS!$E:$E,0))))","v":560},{"$f":"IF(ISNA(INDEX(CTS!$U:$U,MATCH(E583,CTS!$E:$E,0))),\"\",(INDEX(CTS!$U:$U,MATCH(E583,CTS!$E:$E,0))))","v":0},{"$f":"IF(ISNA(INDEX(CTS!$V:$V,MATCH(E583,CTS!$E:$E,0))),\"\",(INDEX(CTS!$V:$V,MATCH(E583,CTS!$E:$E,0))))","v":560},{"$f":"IFERROR(INDEX(CTS!$A:$A,MATCH(E583,CTS!$E:$E,0)),\".\")","v":"P"},{"$f":"IFERROR(IFERROR(INDEX(#REF!,MATCH(E583,#REF!,0)),IFERROR(INDEX(#REF!,MATCH(E583,#REF!,0)),INDEX(#REF!,MATCH(E583,#REF!,0)) )),\".\")","v":"."},null,{"$f":"IFERROR(VLOOKUP(E583,#REF!,8,FALSE),IFERROR(VLOOKUP(E583,#REF!,8,FALSE),IFERROR(VLOOKUP(E583,#REF!,8,FALSE),\"\")))","v":""},".-."]
[579,{"$f":"IFERROR(DAY(CTR[[#This Row],[Date]]),\"\")","v":14},{"$f":"IFERROR(MONTH(CTR[[#This Row],[Date]]),\"\")","v":2},{"$f":"IF(ISNA(INDEX(CTS!C:C,MATCH(E584,CTS!$E:$E,0))),\"\",(INDEX(CTS!C:C,MATCH(E584,CTS!$E:$E,0))))","v":44241},"02-170",{"$f":"IF(ISNA(INDEX(CTS!$F:$F,MATCH(E584,CTS!$E:$E,0))),\"\",(INDEX(CTS!$F:$F,MATCH(E584,CTS!$E:$E,0))))","v":"CLIENT"},{"$f":"IF(ISNA(INDEX(CTS!$N:$N,MATCH(E584,CTS!$E:$E,0))),\"\",(INDEX(CTS!$N:$N,MATCH(E584,CTS!$E:$E,0))))","v":1210.0840336134454},{"$f":"IF(ISNA(INDEX(CTS!$O:$O,MATCH(E584,CTS!$E:$E,0))),\"\",(INDEX(CTS!$O:$O,MATCH(E584,CTS!$E:$E,0))))","v":0},{"$f":"IF(ISNA(INDEX(CTS!$P:$P,MATCH(E584,CTS!$E:$E,0))),\"\",(INDEX(CTS!$P:$P,MATCH(E584,CTS!$E:$E,0))))","v":0},{"$f":"IF(ISNA(INDEX(CTS!$Q:$Q,MATCH(E584,CTS!$E:$E,0))),\"\",(INDEX(CTS!$Q:$Q,MATCH(E584,CTS!$E:$E,0))))","v":1210.0840336134454},{"$f":"IF(ISNA(INDEX(CTS!$S:$S,MATCH(E584,CTS!$E:$E,0))),\"\",(INDEX(CTS!$S:$S,MATCH(E584,CTS!$E:$E,0))))","v":229.91596638655463},{"$f":"IF(ISNA(INDEX(CTS!$T:$T,MATCH(E584,CTS!$E:$E,0))),\"\",(INDEX(CTS!$T:$T,MATCH(E584,CTS!$E:$E,0))))","v":1440},{"$f":"IF(ISNA(INDEX(CTS!$U:$U,MATCH(E584,CTS!$E:$E,0))),\"\",(INDEX(CTS!$U:$U,MATCH(E584,CTS!$E:$E,0))))","v":0},{"$f":"IF(ISNA(INDEX(CTS!$V:$V,MATCH(E584,CTS!$E:$E,0))),\"\",(INDEX(CTS!$V:$V,MATCH(E584,CTS!$E:$E,0))))","v":1440},{"$f":"IFERROR(INDEX(CTS!$A:$A,MATCH(E584,CTS!$E:$E,0)),\".\")","v":"P"},{"$f":"IFERROR(IFERROR(INDEX(#REF!,MATCH(E584,#REF!,0)),IFERROR(INDEX(#REF!,MATCH(E584,#REF!,0)),INDEX(#REF!,MATCH(E584,#REF!,0)) )),\".\")","v":"."},null,{"$f":"IFERROR(VLOOKUP(E584,#REF!,8,FALSE),IFERROR(VLOOKUP(E584,#REF!,8,FALSE),IFERROR(VLOOKUP(E584,#REF!,8,FALSE),\"\")))","v":""},".-."]
[580,{"$f":"IFERROR(DAY(CTR[[#This Row],[Date]]),\"\")","v":14},{"$f":"IFERROR(MONTH(CTR[[#This Row],[Date]]),\"\")","v":2},{"$f":"IF(ISNA(INDEX(CTS!C:C,MATCH(E585,CTS!$E:$E,0))),\"\",(INDEX(CTS!C:C,MATCH(E585,CTS!$E:$E,0))))","v":44241},"02-171",{"$f":"IF(ISNA(INDEX(CTS!$F:$F,MATCH(E585,CTS!$E:$E,0))),\"\",(INDEX(CTS!$F:$F,MATCH(E585,CTS!$E:$E,0))))","v":"CLIENT"},{"$f":"IF(ISNA(INDEX(CTS!$N:$N,MATCH(E585,CTS!$E:$E,0))),\"\",(INDEX(CTS!$N:$N,MATCH(E585,CTS!$E:$E,0))))","v":100.84033613445379},{"$f":"IF(ISNA(INDEX(CTS!$O:$O,MATCH(E585,CTS!$E:$E,0))),\"\",(INDEX(CTS!$O:$O,MATCH(E585,CTS!$E:$E,0))))","v":0},{"$f":"IF(ISNA(INDEX(CTS!$P:$P,MATCH(E585,CTS!$E:$E,0))),\"\",(INDEX(CTS!$P:$P,MATCH(E585,CTS!$E:$E,0))))","v":0},{"$f":"IF(ISNA(INDEX(CTS!$Q:$Q,MATCH(E585,CTS!$E:$E,0))),\"\",(INDEX(CTS!$Q:$Q,MATCH(E585,CTS!$E:$E,0))))","v":100.84033613445379},{"$f":"IF(ISNA(INDEX(CTS!$S:$S,MATCH(E585,CTS!$E:$E,0))),\"\",(INDEX(CTS!$S:$S,MATCH(E585,CTS!$E:$E,0))))","v":19.159663865546221},{"$f":"IF(ISNA(INDEX(CTS!$T:$T,MATCH(E585,CTS!$E:$E,0))),\"\",(INDEX(CTS!$T:$T,MATCH(E585,CTS!$E:$E,0))))","v":120.00000000000001},{"$f":"IF(ISNA(INDEX(CTS!$U:$U,MATCH(E585,CTS!$E:$E,0))),\"\",(INDEX(CTS!$U:$U,MATCH(E585,CTS!$E:$E,0))))","v":0},{"$f":"IF(ISNA(INDEX(CTS!$V:$V,MATCH(E585,CTS!$E:$E,0))),\"\",(INDEX(CTS!$V:$V,MATCH(E585,CTS!$E:$E,0))))","v":120.00000000000001},{"$f":"IFERROR(INDEX(CTS!$A:$A,MATCH(E585,CTS!$E:$E,0)),\".\")","v":"P"},{"$f":"IFERROR(IFERROR(INDEX(#REF!,MATCH(E585,#REF!,0)),IFERROR(INDEX(#REF!,MATCH(E585,#REF!,0)),INDEX(#REF!,MATCH(E585,#REF!,0)) )),\".\")","v":"."},null,{"$f":"IFERROR(VLOOKUP(E585,#REF!,8,FALSE),IFERROR(VLOOKUP(E585,#REF!,8,FALSE),IFERROR(VLOOKUP(E585,#REF!,8,FALSE),\"\")))","v":""},".-."]
[581,{"$f":"IFERROR(DAY(CTR[[#This Row],[Date]]),\"\")","v":14},{"$f":"IFERROR(MONTH(CTR[[#This Row],[Date]]),\"\")","v":2},{"$f":"IF(ISNA(INDEX(CTS!C:C,MATCH(E586,CTS!$E:$E,0))),\"\",(INDEX(CTS!C:C,MATCH(E586,CTS!$E:$E,0))))","v":44241},"02-172",{"$f":"IF(ISNA(INDEX(CTS!$F:$F,MATCH(E586,CTS!$E:$E,0))),\"\",(INDEX(CTS!$F:$F,MATCH(E586,CTS!$E:$E,0))))","v":"CLIENT"},{"$f":"IF(ISNA(INDEX(CTS!$N:$N,MATCH(E586,CTS!$E:$E,0))),\"\",(INDEX(CTS!$N:$N,MATCH(E586,CTS!$E:$E,0))))","v":2411.7647058823532},{"$f":"IF(ISNA(INDEX(CTS!$O:$O,MATCH(E586,CTS!$E:$E,0))),\"\",(INDEX(CTS!$O:$O,MATCH(E586,CTS!$E:$E,0))))","v":0},{"$f":"IF(ISNA(INDEX(CTS!$P:$P,MATCH(E586,CTS!$E:$E,0))),\"\",(INDEX(CTS!$P:$P,MATCH(E586,CTS!$E:$E,0))))","v":0},{"$f":"IF(ISNA(INDEX(CTS!$Q:$Q,MATCH(E586,CTS!$E:$E,0))),\"\",(INDEX(CTS!$Q:$Q,MATCH(E586,CTS!$E:$E,0))))","v":2411.7647058823532},{"$f":"IF(ISNA(INDEX(CTS!$S:$S,MATCH(E586,CTS!$E:$E,0))),\"\",(INDEX(CTS!$S:$S,MATCH(E586,CTS!$E:$E,0))))","v":458.23529411764707},{"$f":"IF(ISNA(INDEX(CTS!$T:$T,MATCH(E586,CTS!$E:$E,0))),\"\",(INDEX(CTS!$T:$T,MATCH(E586,CTS!$E:$E,0))))","v":2870},{"$f":"IF(ISNA(INDEX(CTS!$U:$U,MATCH(E586,CTS!$E:$E,0))),\"\",(INDEX(CTS!$U:$U,MATCH(E586,CTS!$E:$E,0))))","v":0},{"$f":"IF(ISNA(INDEX(CTS!$V:$V,MATCH(E586,CTS!$E:$E,0))),\"\",(INDEX(CTS!$V:$V,MATCH(E586,CTS!$E:$E,0))))","v":2870},{"$f":"IFERROR(INDEX(CTS!$A:$A,MATCH(E586,CTS!$E:$E,0)),\".\")","v":"P"},{"$f":"IFERROR(IFERROR(INDEX(#REF!,MATCH(E586,#REF!,0)),IFERROR(INDEX(#REF!,MATCH(E586,#REF!,0)),INDEX(#REF!,MATCH(E586,#REF!,0)) )),\".\")","v":"."},null,{"$f":"IFERROR(VLOOKUP(E586,#REF!,8,FALSE),IFERROR(VLOOKUP(E586,#REF!,8,FALSE),IFERROR(VLOOKUP(E586,#REF!,8,FALSE),\"\")))","v":""},".-."]
[582,{"$f":"IFERROR(DAY(CTR[[#This Row],[Date]]),\"\")","v":14},{"$f":"IFERROR(MONTH(CTR[[#This Row],[Date]]),\"\")","v":2},{"$f":"IF(ISNA(INDEX(CTS!C:C,MATCH(E587,CTS!$E:$E,0))),\"\",(INDEX(CTS!C:C,MATCH(E587,CTS!$E:$E,0))))","v":44241},"02-173",{"$f":"IF(ISNA(INDEX(CTS!$F:$F,MATCH(E587,CTS!$E:$E,0))),\"\",(INDEX(CTS!$F:$F,MATCH(E587,CTS!$E:$E,0))))","v":"CLIENT"},{"$f":"IF(ISNA(INDEX(CTS!$N:$N,MATCH(E587,CTS!$E:$E,0))),\"\",(INDEX(CTS!$N:$N,MATCH(E587,CTS!$E:$E,0))))","v":168.0672268907563},{"$f":"IF(ISNA(INDEX(CTS!$O:$O,MATCH(E587,CTS!$E:$E,0))),\"\",(INDEX(CTS!$O:$O,MATCH(E587,CTS!$E:$E,0))))","v":0},{"$f":"IF(ISNA(INDEX(CTS!$P:$P,MATCH(E587,CTS!$E:$E,0))),\"\",(INDEX(CTS!$P:$P,MATCH(E587,CTS!$E:$E,0))))","v":0},{"$f":"IF(ISNA(INDEX(CTS!$Q:$Q,MATCH(E587,CTS!$E:$E,0))),\"\",(INDEX(CTS!$Q:$Q,MATCH(E587,CTS!$E:$E,0))))","v":168.0672268907563},{"$f":"IF(ISNA(INDEX(CTS!$S:$S,MATCH(E587,CTS!$E:$E,0))),\"\",(INDEX(CTS!$S:$S,MATCH(E587,CTS!$E:$E,0))))","v":31.932773109243698},{"$f":"IF(ISNA(INDEX(CTS!$T:$T,MATCH(E587,CTS!$E:$E,0))),\"\",(INDEX(CTS!$T:$T,MATCH(E587,CTS!$E:$E,0))))","v":200},{"$f":"IF(ISNA(INDEX(CTS!$U:$U,MATCH(E587,CTS!$E:$E,0))),\"\",(INDEX(CTS!$U:$U,MATCH(E587,CTS!$E:$E,0))))","v":0},{"$f":"IF(ISNA(INDEX(CTS!$V:$V,MATCH(E587,CTS!$E:$E,0))),\"\",(INDEX(CTS!$V:$V,MATCH(E587,CTS!$E:$E,0))))","v":200},{"$f":"IFERROR(INDEX(CTS!$A:$A,MATCH(E587,CTS!$E:$E,0)),\".\")","v":"P"},{"$f":"IFERROR(IFERROR(INDEX(#REF!,MATCH(E587,#REF!,0)),IFERROR(INDEX(#REF!,MATCH(E587,#REF!,0)),INDEX(#REF!,MATCH(E587,#REF!,0)) )),\".\")","v":"."},null,{"$f":"IFERROR(VLOOKUP(E587,#REF!,8,FALSE),IFERROR(VLOOKUP(E587,#REF!,8,FALSE),IFERROR(VLOOKUP(E587,#REF!,8,FALSE),\"\")))","v":""},".-."]
[583,{"$f":"IFERROR(DAY(CTR[[#This Row],[Date]]),\"\")","v":14},{"$f":"IFERROR(MONTH(CTR[[#This Row],[Date]]),\"\")","v":2},{"$f":"IF(ISNA(INDEX(CTS!C:C,MATCH(E588,CTS!$E:$E,0))),\"\",(INDEX(CTS!C:C,MATCH(E588,CTS!$E:$E,0))))","v":44241},"02-174",{"$f":"IF(ISNA(INDEX(CTS!$F:$F,MATCH(E588,CTS!$E:$E,0))),\"\",(INDEX(CTS!$F:$F,MATCH(E588,CTS!$E:$E,0))))","v":"CLIENT"},{"$f":"IF(ISNA(INDEX(CTS!$N:$N,MATCH(E588,CTS!$E:$E,0))),\"\",(INDEX(CTS!$N:$N,MATCH(E588,CTS!$E:$E,0))))","v":181.51260504201684},{"$f":"IF(ISNA(INDEX(CTS!$O:$O,MATCH(E588,CTS!$E:$E,0))),\"\",(INDEX(CTS!$O:$O,MATCH(E588,CTS!$E:$E,0))))","v":0},{"$f":"IF(ISNA(INDEX(CTS!$P:$P,MATCH(E588,CTS!$E:$E,0))),\"\",(INDEX(CTS!$P:$P,MATCH(E588,CTS!$E:$E,0))))","v":0},{"$f":"IF(ISNA(INDEX(CTS!$Q:$Q,MATCH(E588,CTS!$E:$E,0))),\"\",(INDEX(CTS!$Q:$Q,MATCH(E588,CTS!$E:$E,0))))","v":181.51260504201684},{"$f":"IF(ISNA(INDEX(CTS!$S:$S,MATCH(E588,CTS!$E:$E,0))),\"\",(INDEX(CTS!$S:$S,MATCH(E588,CTS!$E:$E,0))))","v":34.487394957983199},{"$f":"IF(ISNA(INDEX(CTS!$T:$T,MATCH(E588,CTS!$E:$E,0))),\"\",(INDEX(CTS!$T:$T,MATCH(E588,CTS!$E:$E,0))))","v":216.00000000000006},{"$f":"IF(ISNA(INDEX(CTS!$U:$U,MATCH(E588,CTS!$E:$E,0))),\"\",(INDEX(CTS!$U:$U,MATCH(E588,CTS!$E:$E,0))))","v":0},{"$f":"IF(ISNA(INDEX(CTS!$V:$V,MATCH(E588,CTS!$E:$E,0))),\"\",(INDEX(CTS!$V:$V,MATCH(E588,CTS!$E:$E,0))))","v":216.00000000000006},{"$f":"IFERROR(INDEX(CTS!$A:$A,MATCH(E588,CTS!$E:$E,0)),\".\")","v":"P"},{"$f":"IFERROR(IFERROR(INDEX(#REF!,MATCH(E588,#REF!,0)),IFERROR(INDEX(#REF!,MATCH(E588,#REF!,0)),INDEX(#REF!,MATCH(E588,#REF!,0)) )),\".\")","v":"."},null,{"$f":"IFERROR(VLOOKUP(E588,#REF!,8,FALSE),IFERROR(VLOOKUP(E588,#REF!,8,FALSE),IFERROR(VLOOKUP(E588,#REF!,8,FALSE),\"\")))","v":""},".-."]
[584,{"$f":"IFERROR(DAY(CTR[[#This Row],[Date]]),\"\")","v":14},{"$f":"IFERROR(MONTH(CTR[[#This Row],[Date]]),\"\")","v":2},{"$f":"IF(ISNA(INDEX(CTS!C:C,MATCH(E589,CTS!$E:$E,0))),\"\",(INDEX(CTS!C:C,MATCH(E589,CTS!$E:$E,0))))","v":44241},"02-175",{"$f":"IF(ISNA(INDEX(CTS!$F:$F,MATCH(E589,CTS!$E:$E,0))),\"\",(INDEX(CTS!$F:$F,MATCH(E589,CTS!$E:$E,0))))","v":"CLIENT"},{"$f":"IF(ISNA(INDEX(CTS!$N:$N,MATCH(E589,CTS!$E:$E,0))),\"\",(INDEX(CTS!$N:$N,MATCH(E589,CTS!$E:$E,0))))","v":201.68067226890759},{"$f":"IF(ISNA(INDEX(CTS!$O:$O,MATCH(E589,CTS!$E:$E,0))),\"\",(INDEX(CTS!$O:$O,MATCH(E589,CTS!$E:$E,0))))","v":0},{"$f":"IF(ISNA(INDEX(CTS!$P:$P,MATCH(E589,CTS!$E:$E,0))),\"\",(INDEX(CTS!$P:$P,MATCH(E589,CTS!$E:$E,0))))","v":0},{"$f":"IF(ISNA(INDEX(CTS!$Q:$Q,MATCH(E589,CTS!$E:$E,0))),\"\",(INDEX(CTS!$Q:$Q,MATCH(E589,CTS!$E:$E,0))))","v":201.68067226890759},{"$f":"IF(ISNA(INDEX(CTS!$S:$S,MATCH(E589,CTS!$E:$E,0))),\"\",(INDEX(CTS!$S:$S,MATCH(E589,CTS!$E:$E,0))))","v":38.319327731092443},{"$f":"IF(ISNA(INDEX(CTS!$T:$T,MATCH(E589,CTS!$E:$E,0))),\"\",(INDEX(CTS!$T:$T,MATCH(E589,CTS!$E:$E,0))))","v":240.00000000000003},{"$f":"IF(ISNA(INDEX(CTS!$U:$U,MATCH(E589,CTS!$E:$E,0))),\"\",(INDEX(CTS!$U:$U,MATCH(E589,CTS!$E:$E,0))))","v":0},{"$f":"IF(ISNA(INDEX(CTS!$V:$V,MATCH(E589,CTS!$E:$E,0))),\"\",(INDEX(CTS!$V:$V,MATCH(E589,CTS!$E:$E,0))))","v":240.00000000000003},{"$f":"IFERROR(INDEX(CTS!$A:$A,MATCH(E589,CTS!$E:$E,0)),\".\")","v":"P"},{"$f":"IFERROR(IFERROR(INDEX(#REF!,MATCH(E589,#REF!,0)),IFERROR(INDEX(#REF!,MATCH(E589,#REF!,0)),INDEX(#REF!,MATCH(E589,#REF!,0)) )),\".\")","v":"."},null,{"$f":"IFERROR(VLOOKUP(E589,#REF!,8,FALSE),IFERROR(VLOOKUP(E589,#REF!,8,FALSE),IFERROR(VLOOKUP(E589,#REF!,8,FALSE),\"\")))","v":""},".-."]
[585,{"$f":"IFERROR(DAY(CTR[[#This Row],[Date]]),\"\")","v":14},{"$f":"IFERROR(MONTH(CTR[[#This Row],[Date]]),\"\")","v":2},{"$f":"IF(ISNA(INDEX(CTS!C:C,MATCH(E590,CTS!$E:$E,0))),\"\",(INDEX(CTS!C:C,MATCH(E590,CTS!$E:$E,0))))","v":44241},"02-176",{"$f":"IF(ISNA(INDEX(CTS!$F:$F,MATCH(E590,CTS!$E:$E,0))),\"\",(INDEX(CTS!$F:$F,MATCH(E590,CTS!$E:$E,0))))","v":"CLIENT"},{"$f":"IF(ISNA(INDEX(CTS!$N:$N,MATCH(E590,CTS!$E:$E,0))),\"\",(INDEX(CTS!$N:$N,MATCH(E590,CTS!$E:$E,0))))","v":796.63865546218494},{"$f":"IF(ISNA(INDEX(CTS!$O:$O,MATCH(E590,CTS!$E:$E,0))),\"\",(INDEX(CTS!$O:$O,MATCH(E590,CTS!$E:$E,0))))","v":0},{"$f":"IF(ISNA(INDEX(CTS!$P:$P,MATCH(E590,CTS!$E:$E,0))),\"\",(INDEX(CTS!$P:$P,MATCH(E590,CTS!$E:$E,0))))","v":0},{"$f":"IF(ISNA(INDEX(CTS!$Q:$Q,MATCH(E590,CTS!$E:$E,0))),\"\",(INDEX(CTS!$Q:$Q,MATCH(E590,CTS!$E:$E,0))))","v":796.63865546218494},{"$f":"IF(ISNA(INDEX(CTS!$S:$S,MATCH(E590,CTS!$E:$E,0))),\"\",(INDEX(CTS!$S:$S,MATCH(E590,CTS!$E:$E,0))))","v":151.36134453781514},{"$f":"IF(ISNA(INDEX(CTS!$T:$T,MATCH(E590,CTS!$E:$E,0))),\"\",(INDEX(CTS!$T:$T,MATCH(E590,CTS!$E:$E,0))))","v":948.00000000000011},{"$f":"IF(ISNA(INDEX(CTS!$U:$U,MATCH(E590,CTS!$E:$E,0))),\"\",(INDEX(CTS!$U:$U,MATCH(E590,CTS!$E:$E,0))))","v":0},{"$f":"IF(ISNA(INDEX(CTS!$V:$V,MATCH(E590,CTS!$E:$E,0))),\"\",(INDEX(CTS!$V:$V,MATCH(E590,CTS!$E:$E,0))))","v":948.00000000000011},{"$f":"IFERROR(INDEX(CTS!$A:$A,MATCH(E590,CTS!$E:$E,0)),\".\")","v":"P"},{"$f":"IFERROR(IFERROR(INDEX(#REF!,MATCH(E590,#REF!,0)),IFERROR(INDEX(#REF!,MATCH(E590,#REF!,0)),INDEX(#REF!,MATCH(E590,#REF!,0)) )),\".\")","v":"."},null,{"$f":"IFERROR(VLOOKUP(E590,#REF!,8,FALSE),IFERROR(VLOOKUP(E590,#REF!,8,FALSE),IFERROR(VLOOKUP(E590,#REF!,8,FALSE),\"\")))","v":""},".-."]
[586,{"$f":"IFERROR(DAY(CTR[[#This Row],[Date]]),\"\")","v":14},{"$f":"IFERROR(MONTH(CTR[[#This Row],[Date]]),\"\")","v":2},{"$f":"IF(ISNA(INDEX(CTS!C:C,MATCH(E591,CTS!$E:$E,0))),\"\",(INDEX(CTS!C:C,MATCH(E591,CTS!$E:$E,0))))","v":44241},"02-177",{"$f":"IF(ISNA(INDEX(CTS!$F:$F,MATCH(E591,CTS!$E:$E,0))),\"\",(INDEX(CTS!$F:$F,MATCH(E591,CTS!$E:$E,0))))","v":"CLIENT"},{"$f":"IF(ISNA(INDEX(CTS!$N:$N,MATCH(E591,CTS!$E:$E,0))),\"\",(INDEX(CTS!$N:$N,MATCH(E591,CTS!$E:$E,0))))","v":285.71428571428572},{"$f":"IF(ISNA(INDEX(CTS!$O:$O,MATCH(E591,CTS!$E:$E,0))),\"\",(INDEX(CTS!$O:$O,MATCH(E591,CTS!$E:$E,0))))","v":0},{"$f":"IF(ISNA(INDEX(CTS!$P:$P,MATCH(E591,CTS!$E:$E,0))),\"\",(INDEX(CTS!$P:$P,MATCH(E591,CTS!$E:$E,0))))","v":0},{"$f":"IF(ISNA(INDEX(CTS!$Q:$Q,MATCH(E591,CTS!$E:$E,0))),\"\",(INDEX(CTS!$Q:$Q,MATCH(E591,CTS!$E:$E,0))))","v":285.71428571428572},{"$f":"IF(ISNA(INDEX(CTS!$S:$S,MATCH(E591,CTS!$E:$E,0))),\"\",(INDEX(CTS!$S:$S,MATCH(E591,CTS!$E:$E,0))))","v":54.285714285714285},{"$f":"IF(ISNA(INDEX(CTS!$T:$T,MATCH(E591,CTS!$E:$E,0))),\"\",(INDEX(CTS!$T:$T,MATCH(E591,CTS!$E:$E,0))))","v":340},{"$f":"IF(ISNA(INDEX(CTS!$U:$U,MATCH(E591,CTS!$E:$E,0))),\"\",(INDEX(CTS!$U:$U,MATCH(E591,CTS!$E:$E,0))))","v":0},{"$f":"IF(ISNA(INDEX(CTS!$V:$V,MATCH(E591,CTS!$E:$E,0))),\"\",(INDEX(CTS!$V:$V,MATCH(E591,CTS!$E:$E,0))))","v":340},{"$f":"IFERROR(INDEX(CTS!$A:$A,MATCH(E591,CTS!$E:$E,0)),\".\")","v":"P"},{"$f":"IFERROR(IFERROR(INDEX(#REF!,MATCH(E591,#REF!,0)),IFERROR(INDEX(#REF!,MATCH(E591,#REF!,0)),INDEX(#REF!,MATCH(E591,#REF!,0)) )),\".\")","v":"."},null,{"$f":"IFERROR(VLOOKUP(E591,#REF!,8,FALSE),IFERROR(VLOOKUP(E591,#REF!,8,FALSE),IFERROR(VLOOKUP(E591,#REF!,8,FALSE),\"\")))","v":""},".-."]
[587,{"$f":"IFERROR(DAY(CTR[[#This Row],[Date]]),\"\")","v":14},{"$f":"IFERROR(MONTH(CTR[[#This Row],[Date]]),\"\")","v":2},{"$f":"IF(ISNA(INDEX(CTS!C:C,MATCH(E592,CTS!$E:$E,0))),\"\",(INDEX(CTS!C:C,MATCH(E592,CTS!$E:$E,0))))","v":44241},"02-178",{"$f":"IF(ISNA(INDEX(CTS!$F:$F,MATCH(E592,CTS!$E:$E,0))),\"\",(INDEX(CTS!$F:$F,MATCH(E592,CTS!$E:$E,0))))","v":"CLIENT"},{"$f":"IF(ISNA(INDEX(CTS!$N:$N,MATCH(E592,CTS!$E:$E,0))),\"\",(INDEX(CTS!$N:$N,MATCH(E592,CTS!$E:$E,0))))","v":33.613445378151262},{"$f":"IF(ISNA(INDEX(CTS!$O:$O,MATCH(E592,CTS!$E:$E,0))),\"\",(INDEX(CTS!$O:$O,MATCH(E592,CTS!$E:$E,0))))","v":0},{"$f":"IF(ISNA(INDEX(CTS!$P:$P,MATCH(E592,CTS!$E:$E,0))),\"\",(INDEX(CTS!$P:$P,MATCH(E592,CTS!$E:$E,0))))","v":0},{"$f":"IF(ISNA(INDEX(CTS!$Q:$Q,MATCH(E592,CTS!$E:$E,0))),\"\",(INDEX(CTS!$Q:$Q,MATCH(E592,CTS!$E:$E,0))))","v":33.613445378151262},{"$f":"IF(ISNA(INDEX(CTS!$S:$S,MATCH(E592,CTS!$E:$E,0))),\"\",(INDEX(CTS!$S:$S,MATCH(E592,CTS!$E:$E,0))))","v":6.3865546218487399},{"$f":"IF(ISNA(INDEX(CTS!$T:$T,MATCH(E592,CTS!$E:$E,0))),\"\",(INDEX(CTS!$T:$T,MATCH(E592,CTS!$E:$E,0))))","v":40},{"$f":"IF(ISNA(INDEX(CTS!$U:$U,MATCH(E592,CTS!$E:$E,0))),\"\",(INDEX(CTS!$U:$U,MATCH(E592,CTS!$E:$E,0))))","v":0},{"$f":"IF(ISNA(INDEX(CTS!$V:$V,MATCH(E592,CTS!$E:$E,0))),\"\",(INDEX(CTS!$V:$V,MATCH(E592,CTS!$E:$E,0))))","v":40},{"$f":"IFERROR(INDEX(CTS!$A:$A,MATCH(E592,CTS!$E:$E,0)),\".\")","v":"P"},{"$f":"IFERROR(IFERROR(INDEX(#REF!,MATCH(E592,#REF!,0)),IFERROR(INDEX(#REF!,MATCH(E592,#REF!,0)),INDEX(#REF!,MATCH(E592,#REF!,0)) )),\".\")","v":"."},null,{"$f":"IFERROR(VLOOKUP(E592,#REF!,8,FALSE),IFERROR(VLOOKUP(E592,#REF!,8,FALSE),IFERROR(VLOOKUP(E592,#REF!,8,FALSE),\"\")))","v":""},".-."]
[588,{"$f":"IFERROR(DAY(CTR[[#This Row],[Date]]),\"\")","v":14},{"$f":"IFERROR(MONTH(CTR[[#This Row],[Date]]),\"\")","v":2},{"$f":"IF(ISNA(INDEX(CTS!C:C,MATCH(E593,CTS!$E:$E,0))),\"\",(INDEX(CTS!C:C,MATCH(E593,CTS!$E:$E,0))))","v":44241},"02-179",{"$f":"IF(ISNA(INDEX(CTS!$F:$F,MATCH(E593,CTS!$E:$E,0))),\"\",(INDEX(CTS!$F:$F,MATCH(E593,CTS!$E:$E,0))))","v":"CLIENT"},{"$f":"IF(ISNA(INDEX(CTS!$N:$N,MATCH(E593,CTS!$E:$E,0))),\"\",(INDEX(CTS!$N:$N,MATCH(E593,CTS!$E:$E,0))))","v":33.613445378151262},{"$f":"IF(ISNA(INDEX(CTS!$O:$O,MATCH(E593,CTS!$E:$E,0))),\"\",(INDEX(CTS!$O:$O,MATCH(E593,CTS!$E:$E,0))))","v":0},{"$f":"IF(ISNA(INDEX(CTS!$P:$P,MATCH(E593,CTS!$E:$E,0))),\"\",(INDEX(CTS!$P:$P,MATCH(E593,CTS!$E:$E,0))))","v":0},{"$f":"IF(ISNA(INDEX(CTS!$Q:$Q,MATCH(E593,CTS!$E:$E,0))),\"\",(INDEX(CTS!$Q:$Q,MATCH(E593,CTS!$E:$E,0))))","v":33.613445378151262},{"$f":"IF(ISNA(INDEX(CTS!$S:$S,MATCH(E593,CTS!$E:$E,0))),\"\",(INDEX(CTS!$S:$S,MATCH(E593,CTS!$E:$E,0))))","v":6.3865546218487399},{"$f":"IF(ISNA(INDEX(CTS!$T:$T,MATCH(E593,CTS!$E:$E,0))),\"\",(INDEX(CTS!$T:$T,MATCH(E593,CTS!$E:$E,0))))","v":40},{"$f":"IF(ISNA(INDEX(CTS!$U:$U,MATCH(E593,CTS!$E:$E,0))),\"\",(INDEX(CTS!$U:$U,MATCH(E593,CTS!$E:$E,0))))","v":0},{"$f":"IF(ISNA(INDEX(CTS!$V:$V,MATCH(E593,CTS!$E:$E,0))),\"\",(INDEX(CTS!$V:$V,MATCH(E593,CTS!$E:$E,0))))","v":40},{"$f":"IFERROR(INDEX(CTS!$A:$A,MATCH(E593,CTS!$E:$E,0)),\".\")","v":"P"},{"$f":"IFERROR(IFERROR(INDEX(#REF!,MATCH(E593,#REF!,0)),IFERROR(INDEX(#REF!,MATCH(E593,#REF!,0)),INDEX(#REF!,MATCH(E593,#REF!,0)) )),\".\")","v":"."},null,{"$f":"IFERROR(VLOOKUP(E593,#REF!,8,FALSE),IFERROR(VLOOKUP(E593,#REF!,8,FALSE),IFERROR(VLOOKUP(E593,#REF!,8,FALSE),\"\")))","v":""},".-."]
[589,{"$f":"IFERROR(DAY(CTR[[#This Row],[Date]]),\"\")","v":14},{"$f":"IFERROR(MONTH(CTR[[#This Row],[Date]]),\"\")","v":2},{"$f":"IF(ISNA(INDEX(CTS!C:C,MATCH(E594,CTS!$E:$E,0))),\"\",(INDEX(CTS!C:C,MATCH(E594,CTS!$E:$E,0))))","v":44241},"02-180",{"$f":"IF(ISNA(INDEX(CTS!$F:$F,MATCH(E594,CTS!$E:$E,0))),\"\",(INDEX(CTS!$F:$F,MATCH(E594,CTS!$E:$E,0))))","v":"CLIENT"},{"$f":"IF(ISNA(INDEX(CTS!$N:$N,MATCH(E594,CTS!$E:$E,0))),\"\",(INDEX(CTS!$N:$N,MATCH(E594,CTS!$E:$E,0))))","v":100.84033613445379},{"$f":"IF(ISNA(INDEX(CTS!$O:$O,MATCH(E594,CTS!$E:$E,0))),\"\",(INDEX(CTS!$O:$O,MATCH(E594,CTS!$E:$E,0))))","v":0},{"$f":"IF(ISNA(INDEX(CTS!$P:$P,MATCH(E594,CTS!$E:$E,0))),\"\",(INDEX(CTS!$P:$P,MATCH(E594,CTS!$E:$E,0))))","v":0},{"$f":"IF(ISNA(INDEX(CTS!$Q:$Q,MATCH(E594,CTS!$E:$E,0))),\"\",(INDEX(CTS!$Q:$Q,MATCH(E594,CTS!$E:$E,0))))","v":100.84033613445379},{"$f":"IF(ISNA(INDEX(CTS!$S:$S,MATCH(E594,CTS!$E:$E,0))),\"\",(INDEX(CTS!$S:$S,MATCH(E594,CTS!$E:$E,0))))","v":19.159663865546221},{"$f":"IF(ISNA(INDEX(CTS!$T:$T,MATCH(E594,CTS!$E:$E,0))),\"\",(INDEX(CTS!$T:$T,MATCH(E594,CTS!$E:$E,0))))","v":120.00000000000001},{"$f":"IF(ISNA(INDEX(CTS!$U:$U,MATCH(E594,CTS!$E:$E,0))),\"\",(INDEX(CTS!$U:$U,MATCH(E594,CTS!$E:$E,0))))","v":0},{"$f":"IF(ISNA(INDEX(CTS!$V:$V,MATCH(E594,CTS!$E:$E,0))),\"\",(INDEX(CTS!$V:$V,MATCH(E594,CTS!$E:$E,0))))","v":120.00000000000001},{"$f":"IFERROR(INDEX(CTS!$A:$A,MATCH(E594,CTS!$E:$E,0)),\".\")","v":"P"},{"$f":"IFERROR(IFERROR(INDEX(#REF!,MATCH(E594,#REF!,0)),IFERROR(INDEX(#REF!,MATCH(E594,#REF!,0)),INDEX(#REF!,MATCH(E594,#REF!,0)) )),\".\")","v":"."},null,{"$f":"IFERROR(VLOOKUP(E594,#REF!,8,FALSE),IFERROR(VLOOKUP(E594,#REF!,8,FALSE),IFERROR(VLOOKUP(E594,#REF!,8,FALSE),\"\")))","v":""},".-."]
[590,{"$f":"IFERROR(DAY(CTR[[#This Row],[Date]]),\"\")","v":14},{"$f":"IFERROR(MONTH(CTR[[#This Row],[Date]]),\"\")","v":2},{"$f":"IF(ISNA(INDEX(CTS!C:C,MATCH(E595,CTS!$E:$E,0))),\"\",(INDEX(CTS!C:C,MATCH(E595,CTS!$E:$E,0))))","v":44241},"02-181",{"$f":"IF(ISNA(INDEX(CTS!$F:$F,MATCH(E595,CTS!$E:$E,0))),\"\",(INDEX(CTS!$F:$F,MATCH(E595,CTS!$E:$E,0))))","v":"CLIENT"},{"$f":"IF(ISNA(INDEX(CTS!$N:$N,MATCH(E595,CTS!$E:$E,0))),\"\",(INDEX(CTS!$N:$N,MATCH(E595,CTS!$E:$E,0))))","v":3176.4705882352946},{"$f":"IF(ISNA(INDEX(CTS!$O:$O,MATCH(E595,CTS!$E:$E,0))),\"\",(INDEX(CTS!$O:$O,MATCH(E595,CTS!$E:$E,0))))","v":0},{"$f":"IF(ISNA(INDEX(CTS!$P:$P,MATCH(E595,CTS!$E:$E,0))),\"\",(INDEX(CTS!$P:$P,MATCH(E595,CTS!$E:$E,0))))","v":0},{"$f":"IF(ISNA(INDEX(CTS!$Q:$Q,MATCH(E595,CTS!$E:$E,0))),\"\",(INDEX(CTS!$Q:$Q,MATCH(E595,CTS!$E:$E,0))))","v":3176.4705882352946},{"$f":"IF(ISNA(INDEX(CTS!$S:$S,MATCH(E595,CTS!$E:$E,0))),\"\",(INDEX(CTS!$S:$S,MATCH(E595,CTS!$E:$E,0))))","v":603.52941176470597},{"$f":"IF(ISNA(INDEX(CTS!$T:$T,MATCH(E595,CTS!$E:$E,0))),\"\",(INDEX(CTS!$T:$T,MATCH(E595,CTS!$E:$E,0))))","v":3780.0000000000005},{"$f":"IF(ISNA(INDEX(CTS!$U:$U,MATCH(E595,CTS!$E:$E,0))),\"\",(INDEX(CTS!$U:$U,MATCH(E595,CTS!$E:$E,0))))","v":0},{"$f":"IF(ISNA(INDEX(CTS!$V:$V,MATCH(E595,CTS!$E:$E,0))),\"\",(INDEX(CTS!$V:$V,MATCH(E595,CTS!$E:$E,0))))","v":3780.0000000000005},{"$f":"IFERROR(INDEX(CTS!$A:$A,MATCH(E595,CTS!$E:$E,0)),\".\")","v":"P"},{"$f":"IFERROR(IFERROR(INDEX(#REF!,MATCH(E595,#REF!,0)),IFERROR(INDEX(#REF!,MATCH(E595,#REF!,0)),INDEX(#REF!,MATCH(E595,#REF!,0)) )),\".\")","v":"."},null,{"$f":"IFERROR(VLOOKUP(E595,#REF!,8,FALSE),IFERROR(VLOOKUP(E595,#REF!,8,FALSE),IFERROR(VLOOKUP(E595,#REF!,8,FALSE),\"\")))","v":""},".-."]
[591,{"$f":"IFERROR(DAY(CTR[[#This Row],[Date]]),\"\")","v":15},{"$f":"IFERROR(MONTH(CTR[[#This Row],[Date]]),\"\")","v":2},{"$f":"IF(ISNA(INDEX(CTS!C:C,MATCH(E596,CTS!$E:$E,0))),\"\",(INDEX(CTS!C:C,MATCH(E596,CTS!$E:$E,0))))","v":44242},"02-182",{"$f":"IF(ISNA(INDEX(CTS!$F:$F,MATCH(E596,CTS!$E:$E,0))),\"\",(INDEX(CTS!$F:$F,MATCH(E596,CTS!$E:$E,0))))","v":"CLIENT"},{"$f":"IF(ISNA(INDEX(CTS!$N:$N,MATCH(E596,CTS!$E:$E,0))),\"\",(INDEX(CTS!$N:$N,MATCH(E596,CTS!$E:$E,0))))","v":974.7899159663865},{"$f":"IF(ISNA(INDEX(CTS!$O:$O,MATCH(E596,CTS!$E:$E,0))),\"\",(INDEX(CTS!$O:$O,MATCH(E596,CTS!$E:$E,0))))","v":0},{"$f":"IF(ISNA(INDEX(CTS!$P:$P,MATCH(E596,CTS!$E:$E,0))),\"\",(INDEX(CTS!$P:$P,MATCH(E596,CTS!$E:$E,0))))","v":0},{"$f":"IF(ISNA(INDEX(CTS!$Q:$Q,MATCH(E596,CTS!$E:$E,0))),\"\",(INDEX(CTS!$Q:$Q,MATCH(E596,CTS!$E:$E,0))))","v":974.7899159663865},{"$f":"IF(ISNA(INDEX(CTS!$S:$S,MATCH(E596,CTS!$E:$E,0))),\"\",(INDEX(CTS!$S:$S,MATCH(E596,CTS!$E:$E,0))))","v":185.21008403361344},{"$f":"IF(ISNA(INDEX(CTS!$T:$T,MATCH(E596,CTS!$E:$E,0))),\"\",(INDEX(CTS!$T:$T,MATCH(E596,CTS!$E:$E,0))))","v":1160},{"$f":"IF(ISNA(INDEX(CTS!$U:$U,MATCH(E596,CTS!$E:$E,0))),\"\",(INDEX(CTS!$U:$U,MATCH(E596,CTS!$E:$E,0))))","v":0},{"$f":"IF(ISNA(INDEX(CTS!$V:$V,MATCH(E596,CTS!$E:$E,0))),\"\",(INDEX(CTS!$V:$V,MATCH(E596,CTS!$E:$E,0))))","v":1160},{"$f":"IFERROR(INDEX(CTS!$A:$A,MATCH(E596,CTS!$E:$E,0)),\".\")","v":"P"},{"$f":"IFERROR(IFERROR(INDEX(#REF!,MATCH(E596,#REF!,0)),IFERROR(INDEX(#REF!,MATCH(E596,#REF!,0)),INDEX(#REF!,MATCH(E596,#REF!,0)) )),\".\")","v":"."},null,{"$f":"IFERROR(VLOOKUP(E596,#REF!,8,FALSE),IFERROR(VLOOKUP(E596,#REF!,8,FALSE),IFERROR(VLOOKUP(E596,#REF!,8,FALSE),\"\")))","v":""},".-."]
[592,{"$f":"IFERROR(DAY(CTR[[#This Row],[Date]]),\"\")","v":15},{"$f":"IFERROR(MONTH(CTR[[#This Row],[Date]]),\"\")","v":2},{"$f":"IF(ISNA(INDEX(CTS!C:C,MATCH(E597,CTS!$E:$E,0))),\"\",(INDEX(CTS!C:C,MATCH(E597,CTS!$E:$E,0))))","v":44242},"02-183",{"$f":"IF(ISNA(INDEX(CTS!$F:$F,MATCH(E597,CTS!$E:$E,0))),\"\",(INDEX(CTS!$F:$F,MATCH(E597,CTS!$E:$E,0))))","v":"CLIENT"},{"$f":"IF(ISNA(INDEX(CTS!$N:$N,MATCH(E597,CTS!$E:$E,0))),\"\",(INDEX(CTS!$N:$N,MATCH(E597,CTS!$E:$E,0))))","v":504.20168067226894},{"$f":"IF(ISNA(INDEX(CTS!$O:$O,MATCH(E597,CTS!$E:$E,0))),\"\",(INDEX(CTS!$O:$O,MATCH(E597,CTS!$E:$E,0))))","v":0},{"$f":"IF(ISNA(INDEX(CTS!$P:$P,MATCH(E597,CTS!$E:$E,0))),\"\",(INDEX(CTS!$P:$P,MATCH(E597,CTS!$E:$E,0))))","v":0},{"$f":"IF(ISNA(INDEX(CTS!$Q:$Q,MATCH(E597,CTS!$E:$E,0))),\"\",(INDEX(CTS!$Q:$Q,MATCH(E597,CTS!$E:$E,0))))","v":504.20168067226894},{"$f":"IF(ISNA(INDEX(CTS!$S:$S,MATCH(E597,CTS!$E:$E,0))),\"\",(INDEX(CTS!$S:$S,MATCH(E597,CTS!$E:$E,0))))","v":95.798319327731093},{"$f":"IF(ISNA(INDEX(CTS!$T:$T,MATCH(E597,CTS!$E:$E,0))),\"\",(INDEX(CTS!$T:$T,MATCH(E597,CTS!$E:$E,0))))","v":600},{"$f":"IF(ISNA(INDEX(CTS!$U:$U,MATCH(E597,CTS!$E:$E,0))),\"\",(INDEX(CTS!$U:$U,MATCH(E597,CTS!$E:$E,0))))","v":0},{"$f":"IF(ISNA(INDEX(CTS!$V:$V,MATCH(E597,CTS!$E:$E,0))),\"\",(INDEX(CTS!$V:$V,MATCH(E597,CTS!$E:$E,0))))","v":600},{"$f":"IFERROR(INDEX(CTS!$A:$A,MATCH(E597,CTS!$E:$E,0)),\".\")","v":"P"},{"$f":"IFERROR(IFERROR(INDEX(#REF!,MATCH(E597,#REF!,0)),IFERROR(INDEX(#REF!,MATCH(E597,#REF!,0)),INDEX(#REF!,MATCH(E597,#REF!,0)) )),\".\")","v":"."},null,{"$f":"IFERROR(VLOOKUP(E597,#REF!,8,FALSE),IFERROR(VLOOKUP(E597,#REF!,8,FALSE),IFERROR(VLOOKUP(E597,#REF!,8,FALSE),\"\")))","v":""},".-."]
[593,{"$f":"IFERROR(DAY(CTR[[#This Row],[Date]]),\"\")","v":15},{"$f":"IFERROR(MONTH(CTR[[#This Row],[Date]]),\"\")","v":2},{"$f":"IF(ISNA(INDEX(CTS!C:C,MATCH(E598,CTS!$E:$E,0))),\"\",(INDEX(CTS!C:C,MATCH(E598,CTS!$E:$E,0))))","v":44242},"02-184",{"$f":"IF(ISNA(INDEX(CTS!$F:$F,MATCH(E598,CTS!$E:$E,0))),\"\",(INDEX(CTS!$F:$F,MATCH(E598,CTS!$E:$E,0))))","v":"CLIENT"},{"$f":"IF(ISNA(INDEX(CTS!$N:$N,MATCH(E598,CTS!$E:$E,0))),\"\",(INDEX(CTS!$N:$N,MATCH(E598,CTS!$E:$E,0))))","v":168.0672268907563},{"$f":"IF(ISNA(INDEX(CTS!$O:$O,MATCH(E598,CTS!$E:$E,0))),\"\",(INDEX(CTS!$O:$O,MATCH(E598,CTS!$E:$E,0))))","v":0},{"$f":"IF(ISNA(INDEX(CTS!$P:$P,MATCH(E598,CTS!$E:$E,0))),\"\",(INDEX(CTS!$P:$P,MATCH(E598,CTS!$E:$E,0))))","v":0},{"$f":"IF(ISNA(INDEX(CTS!$Q:$Q,MATCH(E598,CTS!$E:$E,0))),\"\",(INDEX(CTS!$Q:$Q,MATCH(E598,CTS!$E:$E,0))))","v":168.0672268907563},{"$f":"IF(ISNA(INDEX(CTS!$S:$S,MATCH(E598,CTS!$E:$E,0))),\"\",(INDEX(CTS!$S:$S,MATCH(E598,CTS!$E:$E,0))))","v":31.932773109243698},{"$f":"IF(ISNA(INDEX(CTS!$T:$T,MATCH(E598,CTS!$E:$E,0))),\"\",(INDEX(CTS!$T:$T,MATCH(E598,CTS!$E:$E,0))))","v":200},{"$f":"IF(ISNA(INDEX(CTS!$U:$U,MATCH(E598,CTS!$E:$E,0))),\"\",(INDEX(CTS!$U:$U,MATCH(E598,CTS!$E:$E,0))))","v":0},{"$f":"IF(ISNA(INDEX(CTS!$V:$V,MATCH(E598,CTS!$E:$E,0))),\"\",(INDEX(CTS!$V:$V,MATCH(E598,CTS!$E:$E,0))))","v":200},{"$f":"IFERROR(INDEX(CTS!$A:$A,MATCH(E598,CTS!$E:$E,0)),\".\")","v":"P"},{"$f":"IFERROR(IFERROR(INDEX(#REF!,MATCH(E598,#REF!,0)),IFERROR(INDEX(#REF!,MATCH(E598,#REF!,0)),INDEX(#REF!,MATCH(E598,#REF!,0)) )),\".\")","v":"."},null,{"$f":"IFERROR(VLOOKUP(E598,#REF!,8,FALSE),IFERROR(VLOOKUP(E598,#REF!,8,FALSE),IFERROR(VLOOKUP(E598,#REF!,8,FALSE),\"\")))","v":""},".-."]
[594,{"$f":"IFERROR(DAY(CTR[[#This Row],[Date]]),\"\")","v":15},{"$f":"IFERROR(MONTH(CTR[[#This Row],[Date]]),\"\")","v":2},{"$f":"IF(ISNA(INDEX(CTS!C:C,MATCH(E599,CTS!$E:$E,0))),\"\",(INDEX(CTS!C:C,MATCH(E599,CTS!$E:$E,0))))","v":44242},"02-185",{"$f":"IF(ISNA(INDEX(CTS!$F:$F,MATCH(E599,CTS!$E:$E,0))),\"\",(INDEX(CTS!$F:$F,MATCH(E599,CTS!$E:$E,0))))","v":"CLIENT"},{"$f":"IF(ISNA(INDEX(CTS!$N:$N,MATCH(E599,CTS!$E:$E,0))),\"\",(INDEX(CTS!$N:$N,MATCH(E599,CTS!$E:$E,0))))","v":2904.2016806722686},{"$f":"IF(ISNA(INDEX(CTS!$O:$O,MATCH(E599,CTS!$E:$E,0))),\"\",(INDEX(CTS!$O:$O,MATCH(E599,CTS!$E:$E,0))))","v":0},{"$f":"IF(ISNA(INDEX(CTS!$P:$P,MATCH(E599,CTS!$E:$E,0))),\"\",(INDEX(CTS!$P:$P,MATCH(E599,CTS!$E:$E,0))))","v":0},{"$f":"IF(ISNA(INDEX(CTS!$Q:$Q,MATCH(E599,CTS!$E:$E,0))),\"\",(INDEX(CTS!$Q:$Q,MATCH(E599,CTS!$E:$E,0))))","v":2904.2016806722686},{"$f":"IF(ISNA(INDEX(CTS!$S:$S,MATCH(E599,CTS!$E:$E,0))),\"\",(INDEX(CTS!$S:$S,MATCH(E599,CTS!$E:$E,0))))","v":551.79831932773106},{"$f":"IF(ISNA(INDEX(CTS!$T:$T,MATCH(E599,CTS!$E:$E,0))),\"\",(INDEX(CTS!$T:$T,MATCH(E599,CTS!$E:$E,0))))","v":3455.9999999999995},{"$f":"IF(ISNA(INDEX(CTS!$U:$U,MATCH(E599,CTS!$E:$E,0))),\"\",(INDEX(CTS!$U:$U,MATCH(E599,CTS!$E:$E,0))))","v":0},{"$f":"IF(ISNA(INDEX(CTS!$V:$V,MATCH(E599,CTS!$E:$E,0))),\"\",(INDEX(CTS!$V:$V,MATCH(E599,CTS!$E:$E,0))))","v":3455.9999999999995},{"$f":"IFERROR(INDEX(CTS!$A:$A,MATCH(E599,CTS!$E:$E,0)),\".\")","v":"P"},{"$f":"IFERROR(IFERROR(INDEX(#REF!,MATCH(E599,#REF!,0)),IFERROR(INDEX(#REF!,MATCH(E599,#REF!,0)),INDEX(#REF!,MATCH(E599,#REF!,0)) )),\".\")","v":"."},null,{"$f":"IFERROR(VLOOKUP(E599,#REF!,8,FALSE),IFERROR(VLOOKUP(E599,#REF!,8,FALSE),IFERROR(VLOOKUP(E599,#REF!,8,FALSE),\"\")))","v":""},".-."]
[595,{"$f":"IFERROR(DAY(CTR[[#This Row],[Date]]),\"\")","v":15},{"$f":"IFERROR(MONTH(CTR[[#This Row],[Date]]),\"\")","v":2},{"$f":"IF(ISNA(INDEX(CTS!C:C,MATCH(E600,CTS!$E:$E,0))),\"\",(INDEX(CTS!C:C,MATCH(E600,CTS!$E:$E,0))))","v":44242},"02-186",{"$f":"IF(ISNA(INDEX(CTS!$F:$F,MATCH(E600,CTS!$E:$E,0))),\"\",(INDEX(CTS!$F:$F,MATCH(E600,CTS!$E:$E,0))))","v":"CLIENT"},{"$f":"IF(ISNA(INDEX(CTS!$N:$N,MATCH(E600,CTS!$E:$E,0))),\"\",(INDEX(CTS!$N:$N,MATCH(E600,CTS!$E:$E,0))))","v":554.62184873949582},{"$f":"IF(ISNA(INDEX(CTS!$O:$O,MATCH(E600,CTS!$E:$E,0))),\"\",(INDEX(CTS!$O:$O,MATCH(E600,CTS!$E:$E,0))))","v":0},{"$f":"IF(ISNA(INDEX(CTS!$P:$P,MATCH(E600,CTS!$E:$E,0))),\"\",(INDEX(CTS!$P:$P,MATCH(E600,CTS!$E:$E,0))))","v":0},{"$f":"IF(ISNA(INDEX(CTS!$Q:$Q,MATCH(E600,CTS!$E:$E,0))),\"\",(INDEX(CTS!$Q:$Q,MATCH(E600,CTS!$E:$E,0))))","v":554.62184873949582},{"$f":"IF(ISNA(INDEX(CTS!$S:$S,MATCH(E600,CTS!$E:$E,0))),\"\",(INDEX(CTS!$S:$S,MATCH(E600,CTS!$E:$E,0))))","v":105.37815126050421},{"$f":"IF(ISNA(INDEX(CTS!$T:$T,MATCH(E600,CTS!$E:$E,0))),\"\",(INDEX(CTS!$T:$T,MATCH(E600,CTS!$E:$E,0))))","v":660},{"$f":"IF(ISNA(INDEX(CTS!$U:$U,MATCH(E600,CTS!$E:$E,0))),\"\",(INDEX(CTS!$U:$U,MATCH(E600,CTS!$E:$E,0))))","v":0},{"$f":"IF(ISNA(INDEX(CTS!$V:$V,MATCH(E600,CTS!$E:$E,0))),\"\",(INDEX(CTS!$V:$V,MATCH(E600,CTS!$E:$E,0))))","v":660},{"$f":"IFERROR(INDEX(CTS!$A:$A,MATCH(E600,CTS!$E:$E,0)),\".\")","v":"P"},{"$f":"IFERROR(IFERROR(INDEX(#REF!,MATCH(E600,#REF!,0)),IFERROR(INDEX(#REF!,MATCH(E600,#REF!,0)),INDEX(#REF!,MATCH(E600,#REF!,0)) )),\".\")","v":"."},null,{"$f":"IFERROR(VLOOKUP(E600,#REF!,8,FALSE),IFERROR(VLOOKUP(E600,#REF!,8,FALSE),IFERROR(VLOOKUP(E600,#REF!,8,FALSE),\"\")))","v":""},".-."]
[596,{"$f":"IFERROR(DAY(CTR[[#This Row],[Date]]),\"\")","v":15},{"$f":"IFERROR(MONTH(CTR[[#This Row],[Date]]),\"\")","v":2},{"$f":"IF(ISNA(INDEX(CTS!C:C,MATCH(E601,CTS!$E:$E,0))),\"\",(INDEX(CTS!C:C,MATCH(E601,CTS!$E:$E,0))))","v":44242},"02-187",{"$f":"IF(ISNA(INDEX(CTS!$F:$F,MATCH(E601,CTS!$E:$E,0))),\"\",(INDEX(CTS!$F:$F,MATCH(E601,CTS!$E:$E,0))))","v":"CLIENT"},{"$f":"IF(ISNA(INDEX(CTS!$N:$N,MATCH(E601,CTS!$E:$E,0))),\"\",(INDEX(CTS!$N:$N,MATCH(E601,CTS!$E:$E,0))))","v":1294.1176470588236},{"$f":"IF(ISNA(INDEX(CTS!$O:$O,MATCH(E601,CTS!$E:$E,0))),\"\",(INDEX(CTS!$O:$O,MATCH(E601,CTS!$E:$E,0))))","v":0},{"$f":"IF(ISNA(INDEX(CTS!$P:$P,MATCH(E601,CTS!$E:$E,0))),\"\",(INDEX(CTS!$P:$P,MATCH(E601,CTS!$E:$E,0))))","v":0},{"$f":"IF(ISNA(INDEX(CTS!$Q:$Q,MATCH(E601,CTS!$E:$E,0))),\"\",(INDEX(CTS!$Q:$Q,MATCH(E601,CTS!$E:$E,0))))","v":1294.1176470588236},{"$f":"IF(ISNA(INDEX(CTS!$S:$S,MATCH(E601,CTS!$E:$E,0))),\"\",(INDEX(CTS!$S:$S,MATCH(E601,CTS!$E:$E,0))))","v":245.88235294117652},{"$f":"IF(ISNA(INDEX(CTS!$T:$T,MATCH(E601,CTS!$E:$E,0))),\"\",(INDEX(CTS!$T:$T,MATCH(E601,CTS!$E:$E,0))))","v":1540.0000000000002},{"$f":"IF(ISNA(INDEX(CTS!$U:$U,MATCH(E601,CTS!$E:$E,0))),\"\",(INDEX(CTS!$U:$U,MATCH(E601,CTS!$E:$E,0))))","v":0},{"$f":"IF(ISNA(INDEX(CTS!$V:$V,MATCH(E601,CTS!$E:$E,0))),\"\",(INDEX(CTS!$V:$V,MATCH(E601,CTS!$E:$E,0))))","v":1540.0000000000002},{"$f":"IFERROR(INDEX(CTS!$A:$A,MATCH(E601,CTS!$E:$E,0)),\".\")","v":"P"},{"$f":"IFERROR(IFERROR(INDEX(#REF!,MATCH(E601,#REF!,0)),IFERROR(INDEX(#REF!,MATCH(E601,#REF!,0)),INDEX(#REF!,MATCH(E601,#REF!,0)) )),\".\")","v":"."},null,{"$f":"IFERROR(VLOOKUP(E601,#REF!,8,FALSE),IFERROR(VLOOKUP(E601,#REF!,8,FALSE),IFERROR(VLOOKUP(E601,#REF!,8,FALSE),\"\")))","v":""},".-."]
[597,{"$f":"IFERROR(DAY(CTR[[#This Row],[Date]]),\"\")","v":15},{"$f":"IFERROR(MONTH(CTR[[#This Row],[Date]]),\"\")","v":2},{"$f":"IF(ISNA(INDEX(CTS!C:C,MATCH(E602,CTS!$E:$E,0))),\"\",(INDEX(CTS!C:C,MATCH(E602,CTS!$E:$E,0))))","v":44242},"02-188",{"$f":"IF(ISNA(INDEX(CTS!$F:$F,MATCH(E602,CTS!$E:$E,0))),\"\",(INDEX(CTS!$F:$F,MATCH(E602,CTS!$E:$E,0))))","v":"CLIENT"},{"$f":"IF(ISNA(INDEX(CTS!$N:$N,MATCH(E602,CTS!$E:$E,0))),\"\",(INDEX(CTS!$N:$N,MATCH(E602,CTS!$E:$E,0))))","v":16568.067226890758},{"$f":"IF(ISNA(INDEX(CTS!$O:$O,MATCH(E602,CTS!$E:$E,0))),\"\",(INDEX(CTS!$O:$O,MATCH(E602,CTS!$E:$E,0))))","v":0.11239602353418543},{"$f":"IF(ISNA(INDEX(CTS!$P:$P,MATCH(E602,CTS!$E:$E,0))),\"\",(INDEX(CTS!$P:$P,MATCH(E602,CTS!$E:$E,0))))","v":1862.1848739495799},{"$f":"IF(ISNA(INDEX(CTS!$Q:$Q,MATCH(E602,CTS!$E:$E,0))),\"\",(INDEX(CTS!$Q:$Q,MATCH(E602,CTS!$E:$E,0))))","v":14705.882352941178},{"$f":"IF(ISNA(INDEX(CTS!$S:$S,MATCH(E602,CTS!$E:$E,0))),\"\",(INDEX(CTS!$S:$S,MATCH(E602,CTS!$E:$E,0))))","v":2794.1176470588243},{"$f":"IF(ISNA(INDEX(CTS!$T:$T,MATCH(E602,CTS!$E:$E,0))),\"\",(INDEX(CTS!$T:$T,MATCH(E602,CTS!$E:$E,0))))","v":17500.000000000004},{"$f":"IF(ISNA(INDEX(CTS!$U:$U,MATCH(E602,CTS!$E:$E,0))),\"\",(INDEX(CTS!$U:$U,MATCH(E602,CTS!$E:$E,0))))","v":0},{"$f":"IF(ISNA(INDEX(CTS!$V:$V,MATCH(E602,CTS!$E:$E,0))),\"\",(INDEX(CTS!$V:$V,MATCH(E602,CTS!$E:$E,0))))","v":17500.000000000004},{"$f":"IFERROR(INDEX(CTS!$A:$A,MATCH(E602,CTS!$E:$E,0)),\".\")","v":"P"},{"$f":"IFERROR(IFERROR(INDEX(#REF!,MATCH(E602,#REF!,0)),IFERROR(INDEX(#REF!,MATCH(E602,#REF!,0)),INDEX(#REF!,MATCH(E602,#REF!,0)) )),\".\")","v":"."},null,{"$f":"IFERROR(VLOOKUP(E602,#REF!,8,FALSE),IFERROR(VLOOKUP(E602,#REF!,8,FALSE),IFERROR(VLOOKUP(E602,#REF!,8,FALSE),\"\")))","v":""},".-."]
[598,{"$f":"IFERROR(DAY(CTR[[#This Row],[Date]]),\"\")","v":15},{"$f":"IFERROR(MONTH(CTR[[#This Row],[Date]]),\"\")","v":2},{"$f":"IF(ISNA(INDEX(CTS!C:C,MATCH(E603,CTS!$E:$E,0))),\"\",(INDEX(CTS!C:C,MATCH(E603,CTS!$E:$E,0))))","v":44242},"02-189",{"$f":"IF(ISNA(INDEX(CTS!$F:$F,MATCH(E603,CTS!$E:$E,0))),\"\",(INDEX(CTS!$F:$F,MATCH(E603,CTS!$E:$E,0))))","v":"CLIENT"},{"$f":"IF(ISNA(INDEX(CTS!$N:$N,MATCH(E603,CTS!$E:$E,0))),\"\",(INDEX(CTS!$N:$N,MATCH(E603,CTS!$E:$E,0))))","v":5974.7899159663875},{"$f":"IF(ISNA(INDEX(CTS!$O:$O,MATCH(E603,CTS!$E:$E,0))),\"\",(INDEX(CTS!$O:$O,MATCH(E603,CTS!$E:$E,0))))","v":0.16666666666666666},{"$f":"IF(ISNA(INDEX(CTS!$P:$P,MATCH(E603,CTS!$E:$E,0))),\"\",(INDEX(CTS!$P:$P,MATCH(E603,CTS!$E:$E,0))))","v":995.79831932773118},{"$f":"IF(ISNA(INDEX(CTS!$Q:$Q,MATCH(E603,CTS!$E:$E,0))),\"\",(INDEX(CTS!$Q:$Q,MATCH(E603,CTS!$E:$E,0))))","v":4978.9915966386561},{"$f":"IF(ISNA(INDEX(CTS!$S:$S,MATCH(E603,CTS!$E:$E,0))),\"\",(INDEX(CTS!$S:$S,MATCH(E603,CTS!$E:$E,0))))","v":946.00840336134468},{"$f":"IF(ISNA(INDEX(CTS!$T:$T,MATCH(E603,CTS!$E:$E,0))),\"\",(INDEX(CTS!$T:$T,MATCH(E603,CTS!$E:$E,0))))","v":5925.0000000000009},{"$f":"IF(ISNA(INDEX(CTS!$U:$U,MATCH(E603,CTS!$E:$E,0))),\"\",(INDEX(CTS!$U:$U,MATCH(E603,CTS!$E:$E,0))))","v":0},{"$f":"IF(ISNA(INDEX(CTS!$V:$V,MATCH(E603,CTS!$E:$E,0))),\"\",(INDEX(CTS!$V:$V,MATCH(E603,CTS!$E:$E,0))))","v":5925.0000000000009},{"$f":"IFERROR(INDEX(CTS!$A:$A,MATCH(E603,CTS!$E:$E,0)),\".\")","v":"P"},{"$f":"IFERROR(IFERROR(INDEX(#REF!,MATCH(E603,#REF!,0)),IFERROR(INDEX(#REF!,MATCH(E603,#REF!,0)),INDEX(#REF!,MATCH(E603,#REF!,0)) )),\".\")","v":"."},null,{"$f":"IFERROR(VLOOKUP(E603,#REF!,8,FALSE),IFERROR(VLOOKUP(E603,#REF!,8,FALSE),IFERROR(VLOOKUP(E603,#REF!,8,FALSE),\"\")))","v":""},".-."]
[599,{"$f":"IFERROR(DAY(CTR[[#This Row],[Date]]),\"\")","v":15},{"$f":"IFERROR(MONTH(CTR[[#This Row],[Date]]),\"\")","v":2},{"$f":"IF(ISNA(INDEX(CTS!C:C,MATCH(E604,CTS!$E:$E,0))),\"\",(INDEX(CTS!C:C,MATCH(E604,CTS!$E:$E,0))))","v":44242},"02-190",{"$f":"IF(ISNA(INDEX(CTS!$F:$F,MATCH(E604,CTS!$E:$E,0))),\"\",(INDEX(CTS!$F:$F,MATCH(E604,CTS!$E:$E,0))))","v":"CLIENT"},{"$f":"IF(ISNA(INDEX(CTS!$N:$N,MATCH(E604,CTS!$E:$E,0))),\"\",(INDEX(CTS!$N:$N,MATCH(E604,CTS!$E:$E,0))))","v":1472.2689075630253},{"$f":"IF(ISNA(INDEX(CTS!$O:$O,MATCH(E604,CTS!$E:$E,0))),\"\",(INDEX(CTS!$O:$O,MATCH(E604,CTS!$E:$E,0))))","v":1.1415525114155251E-3},{"$f":"IF(ISNA(INDEX(CTS!$P:$P,MATCH(E604,CTS!$E:$E,0))),\"\",(INDEX(CTS!$P:$P,MATCH(E604,CTS!$E:$E,0))))","v":1.680672268907563},{"$f":"IF(ISNA(INDEX(CTS!$Q:$Q,MATCH(E604,CTS!$E:$E,0))),\"\",(INDEX(CTS!$Q:$Q,MATCH(E604,CTS!$E:$E,0))))","v":1470.5882352941178},{"$f":"IF(ISNA(INDEX(CTS!$S:$S,MATCH(E604,CTS!$E:$E,0))),\"\",(INDEX(CTS!$S:$S,MATCH(E604,CTS!$E:$E,0))))","v":279.41176470588238},{"$f":"IF(ISNA(INDEX(CTS!$T:$T,MATCH(E604,CTS!$E:$E,0))),\"\",(INDEX(CTS!$T:$T,MATCH(E604,CTS!$E:$E,0))))","v":1750.0000000000002},{"$f":"IF(ISNA(INDEX(CTS!$U:$U,MATCH(E604,CTS!$E:$E,0))),\"\",(INDEX(CTS!$U:$U,MATCH(E604,CTS!$E:$E,0))))","v":0},{"$f":"IF(ISNA(INDEX(CTS!$V:$V,MATCH(E604,CTS!$E:$E,0))),\"\",(INDEX(CTS!$V:$V,MATCH(E604,CTS!$E:$E,0))))","v":1750.0000000000002},{"$f":"IFERROR(INDEX(CTS!$A:$A,MATCH(E604,CTS!$E:$E,0)),\".\")","v":"P"},{"$f":"IFERROR(IFERROR(INDEX(#REF!,MATCH(E604,#REF!,0)),IFERROR(INDEX(#REF!,MATCH(E604,#REF!,0)),INDEX(#REF!,MATCH(E604,#REF!,0)) )),\".\")","v":"."},null,{"$f":"IFERROR(VLOOKUP(E604,#REF!,8,FALSE),IFERROR(VLOOKUP(E604,#REF!,8,FALSE),IFERROR(VLOOKUP(E604,#REF!,8,FALSE),\"\")))","v":""},".-."]
[600,{"$f":"IFERROR(DAY(CTR[[#This Row],[Date]]),\"\")","v":15},{"$f":"IFERROR(MONTH(CTR[[#This Row],[Date]]),\"\")","v":2},{"$f":"IF(ISNA(INDEX(CTS!C:C,MATCH(E605,CTS!$E:$E,0))),\"\",(INDEX(CTS!C:C,MATCH(E605,CTS!$E:$E,0))))","v":44242},"02-191",{"$f":"IF(ISNA(INDEX(CTS!$F:$F,MATCH(E605,CTS!$E:$E,0))),\"\",(INDEX(CTS!$F:$F,MATCH(E605,CTS!$E:$E,0))))","v":"CLIENT"},{"$f":"IF(ISNA(INDEX(CTS!$N:$N,MATCH(E605,CTS!$E:$E,0))),\"\",(INDEX(CTS!$N:$N,MATCH(E605,CTS!$E:$E,0))))","v":1436.9747899159665},{"$f":"IF(ISNA(INDEX(CTS!$O:$O,MATCH(E605,CTS!$E:$E,0))),\"\",(INDEX(CTS!$O:$O,MATCH(E605,CTS!$E:$E,0))))","v":0.16666666666666666},{"$f":"IF(ISNA(INDEX(CTS!$P:$P,MATCH(E605,CTS!$E:$E,0))),\"\",(INDEX(CTS!$P:$P,MATCH(E605,CTS!$E:$E,0))))","v":239.49579831932775},{"$f":"IF(ISNA(INDEX(CTS!$Q:$Q,MATCH(E605,CTS!$E:$E,0))),\"\",(INDEX(CTS!$Q:$Q,MATCH(E605,CTS!$E:$E,0))))","v":1197.4789915966387},{"$f":"IF(ISNA(INDEX(CTS!$S:$S,MATCH(E605,CTS!$E:$E,0))),\"\",(INDEX(CTS!$S:$S,MATCH(E605,CTS!$E:$E,0))))","v":227.52100840336138},{"$f":"IF(ISNA(INDEX(CTS!$T:$T,MATCH(E605,CTS!$E:$E,0))),\"\",(INDEX(CTS!$T:$T,MATCH(E605,CTS!$E:$E,0))))","v":1425},{"$f":"IF(ISNA(INDEX(CTS!$U:$U,MATCH(E605,CTS!$E:$E,0))),\"\",(INDEX(CTS!$U:$U,MATCH(E605,CTS!$E:$E,0))))","v":0},{"$f":"IF(ISNA(INDEX(CTS!$V:$V,MATCH(E605,CTS!$E:$E,0))),\"\",(INDEX(CTS!$V:$V,MATCH(E605,CTS!$E:$E,0))))","v":1425},{"$f":"IFERROR(INDEX(CTS!$A:$A,MATCH(E605,CTS!$E:$E,0)),\".\")","v":"P"},{"$f":"IFERROR(IFERROR(INDEX(#REF!,MATCH(E605,#REF!,0)),IFERROR(INDEX(#REF!,MATCH(E605,#REF!,0)),INDEX(#REF!,MATCH(E605,#REF!,0)) )),\".\")","v":"."},null,{"$f":"IFERROR(VLOOKUP(E605,#REF!,8,FALSE),IFERROR(VLOOKUP(E605,#REF!,8,FALSE),IFERROR(VLOOKUP(E605,#REF!,8,FALSE),\"\")))","v":""},".-."]
[601,{"$f":"IFERROR(DAY(CTR[[#This Row],[Date]]),\"\")","v":15},{"$f":"IFERROR(MONTH(CTR[[#This Row],[Date]]),\"\")","v":2},{"$f":"IF(ISNA(INDEX(CTS!C:C,MATCH(E606,CTS!$E:$E,0))),\"\",(INDEX(CTS!C:C,MATCH(E606,CTS!$E:$E,0))))","v":44242},"02-192",{"$f":"IF(ISNA(INDEX(CTS!$F:$F,MATCH(E606,CTS!$E:$E,0))),\"\",(INDEX(CTS!$F:$F,MATCH(E606,CTS!$E:$E,0))))","v":"CLIENT"},{"$f":"IF(ISNA(INDEX(CTS!$N:$N,MATCH(E606,CTS!$E:$E,0))),\"\",(INDEX(CTS!$N:$N,MATCH(E606,CTS!$E:$E,0))))","v":252.10084033613447},{"$f":"IF(ISNA(INDEX(CTS!$O:$O,MATCH(E606,CTS!$E:$E,0))),\"\",(INDEX(CTS!$O:$O,MATCH(E606,CTS!$E:$E,0))))","v":0},{"$f":"IF(ISNA(INDEX(CTS!$P:$P,MATCH(E606,CTS!$E:$E,0))),\"\",(INDEX(CTS!$P:$P,MATCH(E606,CTS!$E:$E,0))))","v":0},{"$f":"IF(ISNA(INDEX(CTS!$Q:$Q,MATCH(E606,CTS!$E:$E,0))),\"\",(INDEX(CTS!$Q:$Q,MATCH(E606,CTS!$E:$E,0))))","v":252.10084033613447},{"$f":"IF(ISNA(INDEX(CTS!$S:$S,MATCH(E606,CTS!$E:$E,0))),\"\",(INDEX(CTS!$S:$S,MATCH(E606,CTS!$E:$E,0))))","v":47.899159663865554},{"$f":"IF(ISNA(INDEX(CTS!$T:$T,MATCH(E606,CTS!$E:$E,0))),\"\",(INDEX(CTS!$T:$T,MATCH(E606,CTS!$E:$E,0))))","v":300},{"$f":"IF(ISNA(INDEX(CTS!$U:$U,MATCH(E606,CTS!$E:$E,0))),\"\",(INDEX(CTS!$U:$U,MATCH(E606,CTS!$E:$E,0))))","v":0},{"$f":"IF(ISNA(INDEX(CTS!$V:$V,MATCH(E606,CTS!$E:$E,0))),\"\",(INDEX(CTS!$V:$V,MATCH(E606,CTS!$E:$E,0))))","v":300},{"$f":"IFERROR(INDEX(CTS!$A:$A,MATCH(E606,CTS!$E:$E,0)),\".\")","v":"P"},{"$f":"IFERROR(IFERROR(INDEX(#REF!,MATCH(E606,#REF!,0)),IFERROR(INDEX(#REF!,MATCH(E606,#REF!,0)),INDEX(#REF!,MATCH(E606,#REF!,0)) )),\".\")","v":"."},null,{"$f":"IFERROR(VLOOKUP(E606,#REF!,8,FALSE),IFERROR(VLOOKUP(E606,#REF!,8,FALSE),IFERROR(VLOOKUP(E606,#REF!,8,FALSE),\"\")))","v":""},".-."]
[602,{"$f":"IFERROR(DAY(CTR[[#This Row],[Date]]),\"\")","v":15},{"$f":"IFERROR(MONTH(CTR[[#This Row],[Date]]),\"\")","v":2},{"$f":"IF(ISNA(INDEX(CTS!C:C,MATCH(E607,CTS!$E:$E,0))),\"\",(INDEX(CTS!C:C,MATCH(E607,CTS!$E:$E,0))))","v":44242},"02-193",{"$f":"IF(ISNA(INDEX(CTS!$F:$F,MATCH(E607,CTS!$E:$E,0))),\"\",(INDEX(CTS!$F:$F,MATCH(E607,CTS!$E:$E,0))))","v":"CLIENT"},{"$f":"IF(ISNA(INDEX(CTS!$N:$N,MATCH(E607,CTS!$E:$E,0))),\"\",(INDEX(CTS!$N:$N,MATCH(E607,CTS!$E:$E,0))))","v":423.52941176470591},{"$f":"IF(ISNA(INDEX(CTS!$O:$O,MATCH(E607,CTS!$E:$E,0))),\"\",(INDEX(CTS!$O:$O,MATCH(E607,CTS!$E:$E,0))))","v":7.9365079365079361E-3},{"$f":"IF(ISNA(INDEX(CTS!$P:$P,MATCH(E607,CTS!$E:$E,0))),\"\",(INDEX(CTS!$P:$P,MATCH(E607,CTS!$E:$E,0))))","v":3.3613445378151261},{"$f":"IF(ISNA(INDEX(CTS!$Q:$Q,MATCH(E607,CTS!$E:$E,0))),\"\",(INDEX(CTS!$Q:$Q,MATCH(E607,CTS!$E:$E,0))))","v":420.1680672268908},{"$f":"IF(ISNA(INDEX(CTS!$S:$S,MATCH(E607,CTS!$E:$E,0))),\"\",(INDEX(CTS!$S:$S,MATCH(E607,CTS!$E:$E,0))))","v":79.831932773109244},{"$f":"IF(ISNA(INDEX(CTS!$T:$T,MATCH(E607,CTS!$E:$E,0))),\"\",(INDEX(CTS!$T:$T,MATCH(E607,CTS!$E:$E,0))))","v":500.00000000000006},{"$f":"IF(ISNA(INDEX(CTS!$U:$U,MATCH(E607,CTS!$E:$E,0))),\"\",(INDEX(CTS!$U:$U,MATCH(E607,CTS!$E:$E,0))))","v":0},{"$f":"IF(ISNA(INDEX(CTS!$V:$V,MATCH(E607,CTS!$E:$E,0))),\"\",(INDEX(CTS!$V:$V,MATCH(E607,CTS!$E:$E,0))))","v":500.00000000000006},{"$f":"IFERROR(INDEX(CTS!$A:$A,MATCH(E607,CTS!$E:$E,0)),\".\")","v":"P"},{"$f":"IFERROR(IFERROR(INDEX(#REF!,MATCH(E607,#REF!,0)),IFERROR(INDEX(#REF!,MATCH(E607,#REF!,0)),INDEX(#REF!,MATCH(E607,#REF!,0)) )),\".\")","v":"."},null,{"$f":"IFERROR(VLOOKUP(E607,#REF!,8,FALSE),IFERROR(VLOOKUP(E607,#REF!,8,FALSE),IFERROR(VLOOKUP(E607,#REF!,8,FALSE),\"\")))","v":""},".-."]
[603,{"$f":"IFERROR(DAY(CTR[[#This Row],[Date]]),\"\")","v":15},{"$f":"IFERROR(MONTH(CTR[[#This Row],[Date]]),\"\")","v":2},{"$f":"IF(ISNA(INDEX(CTS!C:C,MATCH(E608,CTS!$E:$E,0))),\"\",(INDEX(CTS!C:C,MATCH(E608,CTS!$E:$E,0))))","v":44242},"02-194",{"$f":"IF(ISNA(INDEX(CTS!$F:$F,MATCH(E608,CTS!$E:$E,0))),\"\",(INDEX(CTS!$F:$F,MATCH(E608,CTS!$E:$E,0))))","v":"CLIENT"},{"$f":"IF(ISNA(INDEX(CTS!$N:$N,MATCH(E608,CTS!$E:$E,0))),\"\",(INDEX(CTS!$N:$N,MATCH(E608,CTS!$E:$E,0))))","v":151.26050420168067},{"$f":"IF(ISNA(INDEX(CTS!$O:$O,MATCH(E608,CTS!$E:$E,0))),\"\",(INDEX(CTS!$O:$O,MATCH(E608,CTS!$E:$E,0))))","v":0},{"$f":"IF(ISNA(INDEX(CTS!$P:$P,MATCH(E608,CTS!$E:$E,0))),\"\",(INDEX(CTS!$P:$P,MATCH(E608,CTS!$E:$E,0))))","v":0},{"$f":"IF(ISNA(INDEX(CTS!$Q:$Q,MATCH(E608,CTS!$E:$E,0))),\"\",(INDEX(CTS!$Q:$Q,MATCH(E608,CTS!$E:$E,0))))","v":151.26050420168067},{"$f":"IF(ISNA(INDEX(CTS!$S:$S,MATCH(E608,CTS!$E:$E,0))),\"\",(INDEX(CTS!$S:$S,MATCH(E608,CTS!$E:$E,0))))","v":28.739495798319329},{"$f":"IF(ISNA(INDEX(CTS!$T:$T,MATCH(E608,CTS!$E:$E,0))),\"\",(INDEX(CTS!$T:$T,MATCH(E608,CTS!$E:$E,0))))","v":180},{"$f":"IF(ISNA(INDEX(CTS!$U:$U,MATCH(E608,CTS!$E:$E,0))),\"\",(INDEX(CTS!$U:$U,MATCH(E608,CTS!$E:$E,0))))","v":0},{"$f":"IF(ISNA(INDEX(CTS!$V:$V,MATCH(E608,CTS!$E:$E,0))),\"\",(INDEX(CTS!$V:$V,MATCH(E608,CTS!$E:$E,0))))","v":180},{"$f":"IFERROR(INDEX(CTS!$A:$A,MATCH(E608,CTS!$E:$E,0)),\".\")","v":"P"},{"$f":"IFERROR(IFERROR(INDEX(#REF!,MATCH(E608,#REF!,0)),IFERROR(INDEX(#REF!,MATCH(E608,#REF!,0)),INDEX(#REF!,MATCH(E608,#REF!,0)) )),\".\")","v":"."},null,{"$f":"IFERROR(VLOOKUP(E608,#REF!,8,FALSE),IFERROR(VLOOKUP(E608,#REF!,8,FALSE),IFERROR(VLOOKUP(E608,#REF!,8,FALSE),\"\")))","v":""},".-."]
[{"$f":"A608+1","v":604},{"$f":"IFERROR(DAY(CTR[[#This Row],[Date]]),\"\")","v":15},{"$f":"IFERROR(MONTH(CTR[[#This Row],[Date]]),\"\")","v":2},{"$f":"IF(ISNA(INDEX(CTS!C:C,MATCH(E609,CTS!$E:$E,0))),\"\",(INDEX(CTS!C:C,MATCH(E609,CTS!$E:$E,0))))","v":44242},"02-195",{"$f":"IF(ISNA(INDEX(CTS!$F:$F,MATCH(E609,CTS!$E:$E,0))),\"\",(INDEX(CTS!$F:$F,MATCH(E609,CTS!$E:$E,0))))","v":"CLIENT"},{"$f":"IF(ISNA(INDEX(CTS!$N:$N,MATCH(E609,CTS!$E:$E,0))),\"\",(INDEX(CTS!$N:$N,MATCH(E609,CTS!$E:$E,0))))","v":1731.09243697479},{"$f":"IF(ISNA(INDEX(CTS!$O:$O,MATCH(E609,CTS!$E:$E,0))),\"\",(INDEX(CTS!$O:$O,MATCH(E609,CTS!$E:$E,0))))","v":0},{"$f":"IF(ISNA(INDEX(CTS!$P:$P,MATCH(E609,CTS!$E:$E,0))),\"\",(INDEX(CTS!$P:$P,MATCH(E609,CTS!$E:$E,0))))","v":0},{"$f":"IF(ISNA(INDEX(CTS!$Q:$Q,MATCH(E609,CTS!$E:$E,0))),\"\",(INDEX(CTS!$Q:$Q,MATCH(E609,CTS!$E:$E,0))))","v":1731.09243697479},{"$f":"IF(ISNA(INDEX(CTS!$S:$S,MATCH(E609,CTS!$E:$E,0))),\"\",(INDEX(CTS!$S:$S,MATCH(E609,CTS!$E:$E,0))))","v":328.9075630252101},{"$f":"IF(ISNA(INDEX(CTS!$T:$T,MATCH(E609,CTS!$E:$E,0))),\"\",(INDEX(CTS!$T:$T,MATCH(E609,CTS!$E:$E,0))))","v":2060},{"$f":"IF(ISNA(INDEX(CTS!$U:$U,MATCH(E609,CTS!$E:$E,0))),\"\",(INDEX(CTS!$U:$U,MATCH(E609,CTS!$E:$E,0))))","v":0},{"$f":"IF(ISNA(INDEX(CTS!$V:$V,MATCH(E609,CTS!$E:$E,0))),\"\",(INDEX(CTS!$V:$V,MATCH(E609,CTS!$E:$E,0))))","v":2060},{"$f":"IFERROR(INDEX(CTS!$A:$A,MATCH(E609,CTS!$E:$E,0)),\".\")","v":"P"},{"$f":"IFERROR(IFERROR(INDEX(#REF!,MATCH(E609,#REF!,0)),IFERROR(INDEX(#REF!,MATCH(E609,#REF!,0)),INDEX(#REF!,MATCH(E609,#REF!,0)) )),\".\")","v":"."},null,{"$f":"IFERROR(VLOOKUP(E609,#REF!,8,FALSE),IFERROR(VLOOKUP(E609,#REF!,8,FALSE),IFERROR(VLOOKUP(E609,#REF!,8,FALSE),\"\")))","v":""},".-."]
[605,{"$f":"IFERROR(DAY(CTR[[#This Row],[Date]]),\"\")","v":15},{"$f":"IFERROR(MONTH(CTR[[#This Row],[Date]]),\"\")","v":2},{"$f":"IF(ISNA(INDEX(CTS!C:C,MATCH(E610,CTS!$E:$E,0))),\"\",(INDEX(CTS!C:C,MATCH(E610,CTS!$E:$E,0))))","v":44242},"02-196",{"$f":"IF(ISNA(INDEX(CTS!$F:$F,MATCH(E610,CTS!$E:$E,0))),\"\",(INDEX(CTS!$F:$F,MATCH(E610,CTS!$E:$E,0))))","v":"CLIENT"},{"$f":"IF(ISNA(INDEX(CTS!$N:$N,MATCH(E610,CTS!$E:$E,0))),\"\",(INDEX(CTS!$N:$N,MATCH(E610,CTS!$E:$E,0))))","v":294.11764705928573},{"$f":"IF(ISNA(INDEX(CTS!$O:$O,MATCH(E610,CTS!$E:$E,0))),\"\",(INDEX(CTS!$O:$O,MATCH(E610,CTS!$E:$E,0))))","v":0},{"$f":"IF(ISNA(INDEX(CTS!$P:$P,MATCH(E610,CTS!$E:$E,0))),\"\",(INDEX(CTS!$P:$P,MATCH(E610,CTS!$E:$E,0))))","v":0},{"$f":"IF(ISNA(INDEX(CTS!$Q:$Q,MATCH(E610,CTS!$E:$E,0))),\"\",(INDEX(CTS!$Q:$Q,MATCH(E610,CTS!$E:$E,0))))","v":294.11764705928573},{"$f":"IF(ISNA(INDEX(CTS!$S:$S,MATCH(E610,CTS!$E:$E,0))),\"\",(INDEX(CTS!$S:$S,MATCH(E610,CTS!$E:$E,0))))","v":55.882352941264287},{"$f":"IF(ISNA(INDEX(CTS!$T:$T,MATCH(E610,CTS!$E:$E,0))),\"\",(INDEX(CTS!$T:$T,MATCH(E610,CTS!$E:$E,0))))","v":350.00000000055002},{"$f":"IF(ISNA(INDEX(CTS!$U:$U,MATCH(E610,CTS!$E:$E,0))),\"\",(INDEX(CTS!$U:$U,MATCH(E610,CTS!$E:$E,0))))","v":0},{"$f":"IF(ISNA(INDEX(CTS!$V:$V,MATCH(E610,CTS!$E:$E,0))),\"\",(INDEX(CTS!$V:$V,MATCH(E610,CTS!$E:$E,0))))","v":350.00000000055002},{"$f":"IFERROR(INDEX(CTS!$A:$A,MATCH(E610,CTS!$E:$E,0)),\".\")","v":"P"},{"$f":"IFERROR(IFERROR(INDEX(#REF!,MATCH(E610,#REF!,0)),IFERROR(INDEX(#REF!,MATCH(E610,#REF!,0)),INDEX(#REF!,MATCH(E610,#REF!,0)) )),\".\")","v":"."},null,{"$f":"IFERROR(VLOOKUP(E610,#REF!,8,FALSE),IFERROR(VLOOKUP(E610,#REF!,8,FALSE),IFERROR(VLOOKUP(E610,#REF!,8,FALSE),\"\")))","v":""},".-."]
[606,{"$f":"IFERROR(DAY(CTR[[#This Row],[Date]]),\"\")","v":15},{"$f":"IFERROR(MONTH(CTR[[#This Row],[Date]]),\"\")","v":2},{"$f":"IF(ISNA(INDEX(CTS!C:C,MATCH(E611,CTS!$E:$E,0))),\"\",(INDEX(CTS!C:C,MATCH(E611,CTS!$E:$E,0))))","v":44242},"02-197",{"$f":"IF(ISNA(INDEX(CTS!$F:$F,MATCH(E611,CTS!$E:$E,0))),\"\",(INDEX(CTS!$F:$F,MATCH(E611,CTS!$E:$E,0))))","v":"CLIENT"},{"$f":"IF(ISNA(INDEX(CTS!$N:$N,MATCH(E611,CTS!$E:$E,0))),\"\",(INDEX(CTS!$N:$N,MATCH(E611,CTS!$E:$E,0))))","v":11072.268907563024},{"$f":"IF(ISNA(INDEX(CTS!$O:$O,MATCH(E611,CTS!$E:$E,0))),\"\",(INDEX(CTS!$O:$O,MATCH(E611,CTS!$E:$E,0))))","v":0},{"$f":"IF(ISNA(INDEX(CTS!$P:$P,MATCH(E611,CTS!$E:$E,0))),\"\",(INDEX(CTS!$P:$P,MATCH(E611,CTS!$E:$E,0))))","v":0},{"$f":"IF(ISNA(INDEX(CTS!$Q:$Q,MATCH(E611,CTS!$E:$E,0))),\"\",(INDEX(CTS!$Q:$Q,MATCH(E611,CTS!$E:$E,0))))","v":11072.268907563024},{"$f":"IF(ISNA(INDEX(CTS!$S:$S,MATCH(E611,CTS!$E:$E,0))),\"\",(INDEX(CTS!$S:$S,MATCH(E611,CTS!$E:$E,0))))","v":2103.7310924369749},{"$f":"IF(ISNA(INDEX(CTS!$T:$T,MATCH(E611,CTS!$E:$E,0))),\"\",(INDEX(CTS!$T:$T,MATCH(E611,CTS!$E:$E,0))))","v":13176},{"$f":"IF(ISNA(INDEX(CTS!$U:$U,MATCH(E611,CTS!$E:$E,0))),\"\",(INDEX(CTS!$U:$U,MATCH(E611,CTS!$E:$E,0))))","v":0},{"$f":"IF(ISNA(INDEX(CTS!$V:$V,MATCH(E611,CTS!$E:$E,0))),\"\",(INDEX(CTS!$V:$V,MATCH(E611,CTS!$E:$E,0))))","v":13176},{"$f":"IFERROR(INDEX(CTS!$A:$A,MATCH(E611,CTS!$E:$E,0)),\".\")","v":"P"},{"$f":"IFERROR(IFERROR(INDEX(#REF!,MATCH(E611,#REF!,0)),IFERROR(INDEX(#REF!,MATCH(E611,#REF!,0)),INDEX(#REF!,MATCH(E611,#REF!,0)) )),\".\")","v":"."},null,{"$f":"IFERROR(VLOOKUP(E611,#REF!,8,FALSE),IFERROR(VLOOKUP(E611,#REF!,8,FALSE),IFERROR(VLOOKUP(E611,#REF!,8,FALSE),\"\")))","v":""},".-."]
[607,{"$f":"IFERROR(DAY(CTR[[#This Row],[Date]]),\"\")","v":15},{"$f":"IFERROR(MONTH(CTR[[#This Row],[Date]]),\"\")","v":2},{"$f":"IF(ISNA(INDEX(CTS!C:C,MATCH(E612,CTS!$E:$E,0))),\"\",(INDEX(CTS!C:C,MATCH(E612,CTS!$E:$E,0))))","v":44242},"02-198",{"$f":"IF(ISNA(INDEX(CTS!$F:$F,MATCH(E612,CTS!$E:$E,0))),\"\",(INDEX(CTS!$F:$F,MATCH(E612,CTS!$E:$E,0))))","v":"CLIENT"},{"$f":"IF(ISNA(INDEX(CTS!$N:$N,MATCH(E612,CTS!$E:$E,0))),\"\",(INDEX(CTS!$N:$N,MATCH(E612,CTS!$E:$E,0))))","v":272.26890756302527},{"$f":"IF(ISNA(INDEX(CTS!$O:$O,MATCH(E612,CTS!$E:$E,0))),\"\",(INDEX(CTS!$O:$O,MATCH(E612,CTS!$E:$E,0))))","v":0},{"$f":"IF(ISNA(INDEX(CTS!$P:$P,MATCH(E612,CTS!$E:$E,0))),\"\",(INDEX(CTS!$P:$P,MATCH(E612,CTS!$E:$E,0))))","v":0},{"$f":"IF(ISNA(INDEX(CTS!$Q:$Q,MATCH(E612,CTS!$E:$E,0))),\"\",(INDEX(CTS!$Q:$Q,MATCH(E612,CTS!$E:$E,0))))","v":272.26890756302527},{"$f":"IF(ISNA(INDEX(CTS!$S:$S,MATCH(E612,CTS!$E:$E,0))),\"\",(INDEX(CTS!$S:$S,MATCH(E612,CTS!$E:$E,0))))","v":51.731092436974798},{"$f":"IF(ISNA(INDEX(CTS!$T:$T,MATCH(E612,CTS!$E:$E,0))),\"\",(INDEX(CTS!$T:$T,MATCH(E612,CTS!$E:$E,0))))","v":324.00000000000006},{"$f":"IF(ISNA(INDEX(CTS!$U:$U,MATCH(E612,CTS!$E:$E,0))),\"\",(INDEX(CTS!$U:$U,MATCH(E612,CTS!$E:$E,0))))","v":0},{"$f":"IF(ISNA(INDEX(CTS!$V:$V,MATCH(E612,CTS!$E:$E,0))),\"\",(INDEX(CTS!$V:$V,MATCH(E612,CTS!$E:$E,0))))","v":324.00000000000006},{"$f":"IFERROR(INDEX(CTS!$A:$A,MATCH(E612,CTS!$E:$E,0)),\".\")","v":"P"},{"$f":"IFERROR(IFERROR(INDEX(#REF!,MATCH(E612,#REF!,0)),IFERROR(INDEX(#REF!,MATCH(E612,#REF!,0)),INDEX(#REF!,MATCH(E612,#REF!,0)) )),\".\")","v":"."},null,{"$f":"IFERROR(VLOOKUP(E612,#REF!,8,FALSE),IFERROR(VLOOKUP(E612,#REF!,8,FALSE),IFERROR(VLOOKUP(E612,#REF!,8,FALSE),\"\")))","v":""},".-."]
[608,{"$f":"IFERROR(DAY(CTR[[#This Row],[Date]]),\"\")","v":15},{"$f":"IFERROR(MONTH(CTR[[#This Row],[Date]]),\"\")","v":2},{"$f":"IF(ISNA(INDEX(CTS!C:C,MATCH(E613,CTS!$E:$E,0))),\"\",(INDEX(CTS!C:C,MATCH(E613,CTS!$E:$E,0))))","v":44242},"02-199",{"$f":"IF(ISNA(INDEX(CTS!$F:$F,MATCH(E613,CTS!$E:$E,0))),\"\",(INDEX(CTS!$F:$F,MATCH(E613,CTS!$E:$E,0))))","v":"CLIENT"},{"$f":"IF(ISNA(INDEX(CTS!$N:$N,MATCH(E613,CTS!$E:$E,0))),\"\",(INDEX(CTS!$N:$N,MATCH(E613,CTS!$E:$E,0))))","v":268.9075630252101},{"$f":"IF(ISNA(INDEX(CTS!$O:$O,MATCH(E613,CTS!$E:$E,0))),\"\",(INDEX(CTS!$O:$O,MATCH(E613,CTS!$E:$E,0))))","v":0},{"$f":"IF(ISNA(INDEX(CTS!$P:$P,MATCH(E613,CTS!$E:$E,0))),\"\",(INDEX(CTS!$P:$P,MATCH(E613,CTS!$E:$E,0))))","v":0},{"$f":"IF(ISNA(INDEX(CTS!$Q:$Q,MATCH(E613,CTS!$E:$E,0))),\"\",(INDEX(CTS!$Q:$Q,MATCH(E613,CTS!$E:$E,0))))","v":268.9075630252101},{"$f":"IF(ISNA(INDEX(CTS!$S:$S,MATCH(E613,CTS!$E:$E,0))),\"\",(INDEX(CTS!$S:$S,MATCH(E613,CTS!$E:$E,0))))","v":51.092436974789919},{"$f":"IF(ISNA(INDEX(CTS!$T:$T,MATCH(E613,CTS!$E:$E,0))),\"\",(INDEX(CTS!$T:$T,MATCH(E613,CTS!$E:$E,0))))","v":320},{"$f":"IF(ISNA(INDEX(CTS!$U:$U,MATCH(E613,CTS!$E:$E,0))),\"\",(INDEX(CTS!$U:$U,MATCH(E613,CTS!$E:$E,0))))","v":0},{"$f":"IF(ISNA(INDEX(CTS!$V:$V,MATCH(E613,CTS!$E:$E,0))),\"\",(INDEX(CTS!$V:$V,MATCH(E613,CTS!$E:$E,0))))","v":320},{"$f":"IFERROR(INDEX(CTS!$A:$A,MATCH(E613,CTS!$E:$E,0)),\".\")","v":"P"},{"$f":"IFERROR(IFERROR(INDEX(#REF!,MATCH(E613,#REF!,0)),IFERROR(INDEX(#REF!,MATCH(E613,#REF!,0)),INDEX(#REF!,MATCH(E613,#REF!,0)) )),\".\")","v":"."},null,{"$f":"IFERROR(VLOOKUP(E613,#REF!,8,FALSE),IFERROR(VLOOKUP(E613,#REF!,8,FALSE),IFERROR(VLOOKUP(E613,#REF!,8,FALSE),\"\")))","v":""},".-."]
[609,{"$f":"IFERROR(DAY(CTR[[#This Row],[Date]]),\"\")","v":15},{"$f":"IFERROR(MONTH(CTR[[#This Row],[Date]]),\"\")","v":2},{"$f":"IF(ISNA(INDEX(CTS!C:C,MATCH(E614,CTS!$E:$E,0))),\"\",(INDEX(CTS!C:C,MATCH(E614,CTS!$E:$E,0))))","v":44242},"02-200",{"$f":"IF(ISNA(INDEX(CTS!$F:$F,MATCH(E614,CTS!$E:$E,0))),\"\",(INDEX(CTS!$F:$F,MATCH(E614,CTS!$E:$E,0))))","v":"CLIENT"},{"$f":"IF(ISNA(INDEX(CTS!$N:$N,MATCH(E614,CTS!$E:$E,0))),\"\",(INDEX(CTS!$N:$N,MATCH(E614,CTS!$E:$E,0))))","v":937.81512605042008},{"$f":"IF(ISNA(INDEX(CTS!$O:$O,MATCH(E614,CTS!$E:$E,0))),\"\",(INDEX(CTS!$O:$O,MATCH(E614,CTS!$E:$E,0))))","v":0},{"$f":"IF(ISNA(INDEX(CTS!$P:$P,MATCH(E614,CTS!$E:$E,0))),\"\",(INDEX(CTS!$P:$P,MATCH(E614,CTS!$E:$E,0))))","v":0},{"$f":"IF(ISNA(INDEX(CTS!$Q:$Q,MATCH(E614,CTS!$E:$E,0))),\"\",(INDEX(CTS!$Q:$Q,MATCH(E614,CTS!$E:$E,0))))","v":937.81512605042008},{"$f":"IF(ISNA(INDEX(CTS!$S:$S,MATCH(E614,CTS!$E:$E,0))),\"\",(INDEX(CTS!$S:$S,MATCH(E614,CTS!$E:$E,0))))","v":178.18487394957981},{"$f":"IF(ISNA(INDEX(CTS!$T:$T,MATCH(E614,CTS!$E:$E,0))),\"\",(INDEX(CTS!$T:$T,MATCH(E614,CTS!$E:$E,0))))","v":1116},{"$f":"IF(ISNA(INDEX(CTS!$U:$U,MATCH(E614,CTS!$E:$E,0))),\"\",(INDEX(CTS!$U:$U,MATCH(E614,CTS!$E:$E,0))))","v":0},{"$f":"IF(ISNA(INDEX(CTS!$V:$V,MATCH(E614,CTS!$E:$E,0))),\"\",(INDEX(CTS!$V:$V,MATCH(E614,CTS!$E:$E,0))))","v":1116},{"$f":"IFERROR(INDEX(CTS!$A:$A,MATCH(E614,CTS!$E:$E,0)),\".\")","v":"P"},{"$f":"IFERROR(IFERROR(INDEX(#REF!,MATCH(E614,#REF!,0)),IFERROR(INDEX(#REF!,MATCH(E614,#REF!,0)),INDEX(#REF!,MATCH(E614,#REF!,0)) )),\".\")","v":"."},null,{"$f":"IFERROR(VLOOKUP(E614,#REF!,8,FALSE),IFERROR(VLOOKUP(E614,#REF!,8,FALSE),IFERROR(VLOOKUP(E614,#REF!,8,FALSE),\"\")))","v":""},".-."]
[610,{"$f":"IFERROR(DAY(CTR[[#This Row],[Date]]),\"\")","v":15},{"$f":"IFERROR(MONTH(CTR[[#This Row],[Date]]),\"\")","v":2},{"$f":"IF(ISNA(INDEX(CTS!C:C,MATCH(E615,CTS!$E:$E,0))),\"\",(INDEX(CTS!C:C,MATCH(E615,CTS!$E:$E,0))))","v":44242},"02-201",{"$f":"IF(ISNA(INDEX(CTS!$F:$F,MATCH(E615,CTS!$E:$E,0))),\"\",(INDEX(CTS!$F:$F,MATCH(E615,CTS!$E:$E,0))))","v":"CLIENT"},{"$f":"IF(ISNA(INDEX(CTS!$N:$N,MATCH(E615,CTS!$E:$E,0))),\"\",(INDEX(CTS!$N:$N,MATCH(E615,CTS!$E:$E,0))))","v":75.630252100840337},{"$f":"IF(ISNA(INDEX(CTS!$O:$O,MATCH(E615,CTS!$E:$E,0))),\"\",(INDEX(CTS!$O:$O,MATCH(E615,CTS!$E:$E,0))))","v":0.11111111111111112},{"$f":"IF(ISNA(INDEX(CTS!$P:$P,MATCH(E615,CTS!$E:$E,0))),\"\",(INDEX(CTS!$P:$P,MATCH(E615,CTS!$E:$E,0))))","v":8.4033613445378155},{"$f":"IF(ISNA(INDEX(CTS!$Q:$Q,MATCH(E615,CTS!$E:$E,0))),\"\",(INDEX(CTS!$Q:$Q,MATCH(E615,CTS!$E:$E,0))))","v":67.226890756302524},{"$f":"IF(ISNA(INDEX(CTS!$S:$S,MATCH(E615,CTS!$E:$E,0))),\"\",(INDEX(CTS!$S:$S,MATCH(E615,CTS!$E:$E,0))))","v":12.77310924369748},{"$f":"IF(ISNA(INDEX(CTS!$T:$T,MATCH(E615,CTS!$E:$E,0))),\"\",(INDEX(CTS!$T:$T,MATCH(E615,CTS!$E:$E,0))))","v":80},{"$f":"IF(ISNA(INDEX(CTS!$U:$U,MATCH(E615,CTS!$E:$E,0))),\"\",(INDEX(CTS!$U:$U,MATCH(E615,CTS!$E:$E,0))))","v":0},{"$f":"IF(ISNA(INDEX(CTS!$V:$V,MATCH(E615,CTS!$E:$E,0))),\"\",(INDEX(CTS!$V:$V,MATCH(E615,CTS!$E:$E,0))))","v":80},{"$f":"IFERROR(INDEX(CTS!$A:$A,MATCH(E615,CTS!$E:$E,0)),\".\")","v":"P"},{"$f":"IFERROR(IFERROR(INDEX(#REF!,MATCH(E615,#REF!,0)),IFERROR(INDEX(#REF!,MATCH(E615,#REF!,0)),INDEX(#REF!,MATCH(E615,#REF!,0)) )),\".\")","v":"."},null,{"$f":"IFERROR(VLOOKUP(E615,#REF!,8,FALSE),IFERROR(VLOOKUP(E615,#REF!,8,FALSE),IFERROR(VLOOKUP(E615,#REF!,8,FALSE),\"\")))","v":""},".-."]
[611,{"$f":"IFERROR(DAY(CTR[[#This Row],[Date]]),\"\")","v":15},{"$f":"IFERROR(MONTH(CTR[[#This Row],[Date]]),\"\")","v":2},{"$f":"IF(ISNA(INDEX(CTS!C:C,MATCH(E616,CTS!$E:$E,0))),\"\",(INDEX(CTS!C:C,MATCH(E616,CTS!$E:$E,0))))","v":44242},"02-202",{"$f":"IF(ISNA(INDEX(CTS!$F:$F,MATCH(E616,CTS!$E:$E,0))),\"\",(INDEX(CTS!$F:$F,MATCH(E616,CTS!$E:$E,0))))","v":"CLIENT"},{"$f":"IF(ISNA(INDEX(CTS!$N:$N,MATCH(E616,CTS!$E:$E,0))),\"\",(INDEX(CTS!$N:$N,MATCH(E616,CTS!$E:$E,0))))","v":319.32773109243698},{"$f":"IF(ISNA(INDEX(CTS!$O:$O,MATCH(E616,CTS!$E:$E,0))),\"\",(INDEX(CTS!$O:$O,MATCH(E616,CTS!$E:$E,0))))","v":0},{"$f":"IF(ISNA(INDEX(CTS!$P:$P,MATCH(E616,CTS!$E:$E,0))),\"\",(INDEX(CTS!$P:$P,MATCH(E616,CTS!$E:$E,0))))","v":0},{"$f":"IF(ISNA(INDEX(CTS!$Q:$Q,MATCH(E616,CTS!$E:$E,0))),\"\",(INDEX(CTS!$Q:$Q,MATCH(E616,CTS!$E:$E,0))))","v":319.32773109243698},{"$f":"IF(ISNA(INDEX(CTS!$S:$S,MATCH(E616,CTS!$E:$E,0))),\"\",(INDEX(CTS!$S:$S,MATCH(E616,CTS!$E:$E,0))))","v":60.67226890756303},{"$f":"IF(ISNA(INDEX(CTS!$T:$T,MATCH(E616,CTS!$E:$E,0))),\"\",(INDEX(CTS!$T:$T,MATCH(E616,CTS!$E:$E,0))))","v":380},{"$f":"IF(ISNA(INDEX(CTS!$U:$U,MATCH(E616,CTS!$E:$E,0))),\"\",(INDEX(CTS!$U:$U,MATCH(E616,CTS!$E:$E,0))))","v":0},{"$f":"IF(ISNA(INDEX(CTS!$V:$V,MATCH(E616,CTS!$E:$E,0))),\"\",(INDEX(CTS!$V:$V,MATCH(E616,CTS!$E:$E,0))))","v":380},{"$f":"IFERROR(INDEX(CTS!$A:$A,MATCH(E616,CTS!$E:$E,0)),\".\")","v":"P"},{"$f":"IFERROR(IFERROR(INDEX(#REF!,MATCH(E616,#REF!,0)),IFERROR(INDEX(#REF!,MATCH(E616,#REF!,0)),INDEX(#REF!,MATCH(E616,#REF!,0)) )),\".\")","v":"."},null,{"$f":"IFERROR(VLOOKUP(E616,#REF!,8,FALSE),IFERROR(VLOOKUP(E616,#REF!,8,FALSE),IFERROR(VLOOKUP(E616,#REF!,8,FALSE),\"\")))","v":""},".-."]
[612,{"$f":"IFERROR(DAY(CTR[[#This Row],[Date]]),\"\")","v":15},{"$f":"IFERROR(MONTH(CTR[[#This Row],[Date]]),\"\")","v":2},{"$f":"IF(ISNA(INDEX(CTS!C:C,MATCH(E617,CTS!$E:$E,0))),\"\",(INDEX(CTS!C:C,MATCH(E617,CTS!$E:$E,0))))","v":44242},"02-203",{"$f":"IF(ISNA(INDEX(CTS!$F:$F,MATCH(E617,CTS!$E:$E,0))),\"\",(INDEX(CTS!$F:$F,MATCH(E617,CTS!$E:$E,0))))","v":"CLIENT"},{"$f":"IF(ISNA(INDEX(CTS!$N:$N,MATCH(E617,CTS!$E:$E,0))),\"\",(INDEX(CTS!$N:$N,MATCH(E617,CTS!$E:$E,0))))","v":473.94957983193285},{"$f":"IF(ISNA(INDEX(CTS!$O:$O,MATCH(E617,CTS!$E:$E,0))),\"\",(INDEX(CTS!$O:$O,MATCH(E617,CTS!$E:$E,0))))","v":0},{"$f":"IF(ISNA(INDEX(CTS!$P:$P,MATCH(E617,CTS!$E:$E,0))),\"\",(INDEX(CTS!$P:$P,MATCH(E617,CTS!$E:$E,0))))","v":0},{"$f":"IF(ISNA(INDEX(CTS!$Q:$Q,MATCH(E617,CTS!$E:$E,0))),\"\",(INDEX(CTS!$Q:$Q,MATCH(E617,CTS!$E:$E,0))))","v":473.94957983193285},{"$f":"IF(ISNA(INDEX(CTS!$S:$S,MATCH(E617,CTS!$E:$E,0))),\"\",(INDEX(CTS!$S:$S,MATCH(E617,CTS!$E:$E,0))))","v":90.050420168067248},{"$f":"IF(ISNA(INDEX(CTS!$T:$T,MATCH(E617,CTS!$E:$E,0))),\"\",(INDEX(CTS!$T:$T,MATCH(E617,CTS!$E:$E,0))))","v":564.00000000000011},{"$f":"IF(ISNA(INDEX(CTS!$U:$U,MATCH(E617,CTS!$E:$E,0))),\"\",(INDEX(CTS!$U:$U,MATCH(E617,CTS!$E:$E,0))))","v":0},{"$f":"IF(ISNA(INDEX(CTS!$V:$V,MATCH(E617,CTS!$E:$E,0))),\"\",(INDEX(CTS!$V:$V,MATCH(E617,CTS!$E:$E,0))))","v":564.00000000000011},{"$f":"IFERROR(INDEX(CTS!$A:$A,MATCH(E617,CTS!$E:$E,0)),\".\")","v":"P"},{"$f":"IFERROR(IFERROR(INDEX(#REF!,MATCH(E617,#REF!,0)),IFERROR(INDEX(#REF!,MATCH(E617,#REF!,0)),INDEX(#REF!,MATCH(E617,#REF!,0)) )),\".\")","v":"."},null,{"$f":"IFERROR(VLOOKUP(E617,#REF!,8,FALSE),IFERROR(VLOOKUP(E617,#REF!,8,FALSE),IFERROR(VLOOKUP(E617,#REF!,8,FALSE),\"\")))","v":""},".-."]
[613,{"$f":"IFERROR(DAY(CTR[[#This Row],[Date]]),\"\")","v":15},{"$f":"IFERROR(MONTH(CTR[[#This Row],[Date]]),\"\")","v":2},{"$f":"IF(ISNA(INDEX(CTS!C:C,MATCH(E618,CTS!$E:$E,0))),\"\",(INDEX(CTS!C:C,MATCH(E618,CTS!$E:$E,0))))","v":44242},"02-204",{"$f":"IF(ISNA(INDEX(CTS!$F:$F,MATCH(E618,CTS!$E:$E,0))),\"\",(INDEX(CTS!$F:$F,MATCH(E618,CTS!$E:$E,0))))","v":"CLIENT"},{"$f":"IF(ISNA(INDEX(CTS!$N:$N,MATCH(E618,CTS!$E:$E,0))),\"\",(INDEX(CTS!$N:$N,MATCH(E618,CTS!$E:$E,0))))","v":1512.6050420168067},{"$f":"IF(ISNA(INDEX(CTS!$O:$O,MATCH(E618,CTS!$E:$E,0))),\"\",(INDEX(CTS!$O:$O,MATCH(E618,CTS!$E:$E,0))))","v":0},{"$f":"IF(ISNA(INDEX(CTS!$P:$P,MATCH(E618,CTS!$E:$E,0))),\"\",(INDEX(CTS!$P:$P,MATCH(E618,CTS!$E:$E,0))))","v":0},{"$f":"IF(ISNA(INDEX(CTS!$Q:$Q,MATCH(E618,CTS!$E:$E,0))),\"\",(INDEX(CTS!$Q:$Q,MATCH(E618,CTS!$E:$E,0))))","v":1512.6050420168067},{"$f":"IF(ISNA(INDEX(CTS!$S:$S,MATCH(E618,CTS!$E:$E,0))),\"\",(INDEX(CTS!$S:$S,MATCH(E618,CTS!$E:$E,0))))","v":287.39495798319331},{"$f":"IF(ISNA(INDEX(CTS!$T:$T,MATCH(E618,CTS!$E:$E,0))),\"\",(INDEX(CTS!$T:$T,MATCH(E618,CTS!$E:$E,0))))","v":1800},{"$f":"IF(ISNA(INDEX(CTS!$U:$U,MATCH(E618,CTS!$E:$E,0))),\"\",(INDEX(CTS!$U:$U,MATCH(E618,CTS!$E:$E,0))))","v":0},{"$f":"IF(ISNA(INDEX(CTS!$V:$V,MATCH(E618,CTS!$E:$E,0))),\"\",(INDEX(CTS!$V:$V,MATCH(E618,CTS!$E:$E,0))))","v":1800},{"$f":"IFERROR(INDEX(CTS!$A:$A,MATCH(E618,CTS!$E:$E,0)),\".\")","v":"P"},{"$f":"IFERROR(IFERROR(INDEX(#REF!,MATCH(E618,#REF!,0)),IFERROR(INDEX(#REF!,MATCH(E618,#REF!,0)),INDEX(#REF!,MATCH(E618,#REF!,0)) )),\".\")","v":"."},null,{"$f":"IFERROR(VLOOKUP(E618,#REF!,8,FALSE),IFERROR(VLOOKUP(E618,#REF!,8,FALSE),IFERROR(VLOOKUP(E618,#REF!,8,FALSE),\"\")))","v":""},".-."]
[614,{"$f":"IFERROR(DAY(CTR[[#This Row],[Date]]),\"\")","v":15},{"$f":"IFERROR(MONTH(CTR[[#This Row],[Date]]),\"\")","v":2},{"$f":"IF(ISNA(INDEX(CTS!C:C,MATCH(E619,CTS!$E:$E,0))),\"\",(INDEX(CTS!C:C,MATCH(E619,CTS!$E:$E,0))))","v":44242},"02-205",{"$f":"IF(ISNA(INDEX(CTS!$F:$F,MATCH(E619,CTS!$E:$E,0))),\"\",(INDEX(CTS!$F:$F,MATCH(E619,CTS!$E:$E,0))))","v":"CLIENT"},{"$f":"IF(ISNA(INDEX(CTS!$N:$N,MATCH(E619,CTS!$E:$E,0))),\"\",(INDEX(CTS!$N:$N,MATCH(E619,CTS!$E:$E,0))))","v":1815.1260504201682},{"$f":"IF(ISNA(INDEX(CTS!$O:$O,MATCH(E619,CTS!$E:$E,0))),\"\",(INDEX(CTS!$O:$O,MATCH(E619,CTS!$E:$E,0))))","v":0},{"$f":"IF(ISNA(INDEX(CTS!$P:$P,MATCH(E619,CTS!$E:$E,0))),\"\",(INDEX(CTS!$P:$P,MATCH(E619,CTS!$E:$E,0))))","v":0},{"$f":"IF(ISNA(INDEX(CTS!$Q:$Q,MATCH(E619,CTS!$E:$E,0))),\"\",(INDEX(CTS!$Q:$Q,MATCH(E619,CTS!$E:$E,0))))","v":1815.1260504201682},{"$f":"IF(ISNA(INDEX(CTS!$S:$S,MATCH(E619,CTS!$E:$E,0))),\"\",(INDEX(CTS!$S:$S,MATCH(E619,CTS!$E:$E,0))))","v":344.87394957983196},{"$f":"IF(ISNA(INDEX(CTS!$T:$T,MATCH(E619,CTS!$E:$E,0))),\"\",(INDEX(CTS!$T:$T,MATCH(E619,CTS!$E:$E,0))))","v":2160},{"$f":"IF(ISNA(INDEX(CTS!$U:$U,MATCH(E619,CTS!$E:$E,0))),\"\",(INDEX(CTS!$U:$U,MATCH(E619,CTS!$E:$E,0))))","v":0},{"$f":"IF(ISNA(INDEX(CTS!$V:$V,MATCH(E619,CTS!$E:$E,0))),\"\",(INDEX(CTS!$V:$V,MATCH(E619,CTS!$E:$E,0))))","v":2160},{"$f":"IFERROR(INDEX(CTS!$A:$A,MATCH(E619,CTS!$E:$E,0)),\".\")","v":"P"},{"$f":"IFERROR(IFERROR(INDEX(#REF!,MATCH(E619,#REF!,0)),IFERROR(INDEX(#REF!,MATCH(E619,#REF!,0)),INDEX(#REF!,MATCH(E619,#REF!,0)) )),\".\")","v":"."},null,{"$f":"IFERROR(VLOOKUP(E619,#REF!,8,FALSE),IFERROR(VLOOKUP(E619,#REF!,8,FALSE),IFERROR(VLOOKUP(E619,#REF!,8,FALSE),\"\")))","v":""},".-."]
[615,{"$f":"IFERROR(DAY(CTR[[#This Row],[Date]]),\"\")","v":15},{"$f":"IFERROR(MONTH(CTR[[#This Row],[Date]]),\"\")","v":2},{"$f":"IF(ISNA(INDEX(CTS!C:C,MATCH(E620,CTS!$E:$E,0))),\"\",(INDEX(CTS!C:C,MATCH(E620,CTS!$E:$E,0))))","v":44242},"02-206",{"$f":"IF(ISNA(INDEX(CTS!$F:$F,MATCH(E620,CTS!$E:$E,0))),\"\",(INDEX(CTS!$F:$F,MATCH(E620,CTS!$E:$E,0))))","v":"CLIENT"},{"$f":"IF(ISNA(INDEX(CTS!$N:$N,MATCH(E620,CTS!$E:$E,0))),\"\",(INDEX(CTS!$N:$N,MATCH(E620,CTS!$E:$E,0))))","v":563.02521008403369},{"$f":"IF(ISNA(INDEX(CTS!$O:$O,MATCH(E620,CTS!$E:$E,0))),\"\",(INDEX(CTS!$O:$O,MATCH(E620,CTS!$E:$E,0))))","v":0},{"$f":"IF(ISNA(INDEX(CTS!$P:$P,MATCH(E620,CTS!$E:$E,0))),\"\",(INDEX(CTS!$P:$P,MATCH(E620,CTS!$E:$E,0))))","v":0},{"$f":"IF(ISNA(INDEX(CTS!$Q:$Q,MATCH(E620,CTS!$E:$E,0))),\"\",(INDEX(CTS!$Q:$Q,MATCH(E620,CTS!$E:$E,0))))","v":563.02521008403369},{"$f":"IF(ISNA(INDEX(CTS!$S:$S,MATCH(E620,CTS!$E:$E,0))),\"\",(INDEX(CTS!$S:$S,MATCH(E620,CTS!$E:$E,0))))","v":106.9747899159664},{"$f":"IF(ISNA(INDEX(CTS!$T:$T,MATCH(E620,CTS!$E:$E,0))),\"\",(INDEX(CTS!$T:$T,MATCH(E620,CTS!$E:$E,0))))","v":670.00000000000011},{"$f":"IF(ISNA(INDEX(CTS!$U:$U,MATCH(E620,CTS!$E:$E,0))),\"\",(INDEX(CTS!$U:$U,MATCH(E620,CTS!$E:$E,0))))","v":0},{"$f":"IF(ISNA(INDEX(CTS!$V:$V,MATCH(E620,CTS!$E:$E,0))),\"\",(INDEX(CTS!$V:$V,MATCH(E620,CTS!$E:$E,0))))","v":670.00000000000011},{"$f":"IFERROR(INDEX(CTS!$A:$A,MATCH(E620,CTS!$E:$E,0)),\".\")","v":"P"},{"$f":"IFERROR(IFERROR(INDEX(#REF!,MATCH(E620,#REF!,0)),IFERROR(INDEX(#REF!,MATCH(E620,#REF!,0)),INDEX(#REF!,MATCH(E620,#REF!,0)) )),\".\")","v":"."},null,{"$f":"IFERROR(VLOOKUP(E620,#REF!,8,FALSE),IFERROR(VLOOKUP(E620,#REF!,8,FALSE),IFERROR(VLOOKUP(E620,#REF!,8,FALSE),\"\")))","v":""},".-."]
[616,{"$f":"IFERROR(DAY(CTR[[#This Row],[Date]]),\"\")","v":15},{"$f":"IFERROR(MONTH(CTR[[#This Row],[Date]]),\"\")","v":2},{"$f":"IF(ISNA(INDEX(CTS!C:C,MATCH(E621,CTS!$E:$E,0))),\"\",(INDEX(CTS!C:C,MATCH(E621,CTS!$E:$E,0))))","v":44242},"02-207",{"$f":"IF(ISNA(INDEX(CTS!$F:$F,MATCH(E621,CTS!$E:$E,0))),\"\",(INDEX(CTS!$F:$F,MATCH(E621,CTS!$E:$E,0))))","v":"CLIENT"},{"$f":"IF(ISNA(INDEX(CTS!$N:$N,MATCH(E621,CTS!$E:$E,0))),\"\",(INDEX(CTS!$N:$N,MATCH(E621,CTS!$E:$E,0))))","v":0},{"$f":"IF(ISNA(INDEX(CTS!$O:$O,MATCH(E621,CTS!$E:$E,0))),\"\",(INDEX(CTS!$O:$O,MATCH(E621,CTS!$E:$E,0))))","v":0},{"$f":"IF(ISNA(INDEX(CTS!$P:$P,MATCH(E621,CTS!$E:$E,0))),\"\",(INDEX(CTS!$P:$P,MATCH(E621,CTS!$E:$E,0))))","v":0},{"$f":"IF(ISNA(INDEX(CTS!$Q:$Q,MATCH(E621,CTS!$E:$E,0))),\"\",(INDEX(CTS!$Q:$Q,MATCH(E621,CTS!$E:$E,0))))","v":0},{"$f":"IF(ISNA(INDEX(CTS!$S:$S,MATCH(E621,CTS!$E:$E,0))),\"\",(INDEX(CTS!$S:$S,MATCH(E621,CTS!$E:$E,0))))","v":0},{"$f":"IF(ISNA(INDEX(CTS!$T:$T,MATCH(E621,CTS!$E:$E,0))),\"\",(INDEX(CTS!$T:$T,MATCH(E621,CTS!$E:$E,0))))","v":0},{"$f":"IF(ISNA(INDEX(CTS!$U:$U,MATCH(E621,CTS!$E:$E,0))),\"\",(INDEX(CTS!$U:$U,MATCH(E621,CTS!$E:$E,0))))","v":""},{"$f":"IF(ISNA(INDEX(CTS!$V:$V,MATCH(E621,CTS!$E:$E,0))),\"\",(INDEX(CTS!$V:$V,MATCH(E621,CTS!$E:$E,0))))","v":0},{"$f":"IFERROR(INDEX(CTS!$A:$A,MATCH(E621,CTS!$E:$E,0)),\".\")","v":"I"},{"$f":"IFERROR(IFERROR(INDEX(#REF!,MATCH(E621,#REF!,0)),IFERROR(INDEX(#REF!,MATCH(E621,#REF!,0)),INDEX(#REF!,MATCH(E621,#REF!,0)) )),\".\")","v":"."},null,{"$f":"IFERROR(VLOOKUP(E621,#REF!,8,FALSE),IFERROR(VLOOKUP(E621,#REF!,8,FALSE),IFERROR(VLOOKUP(E621,#REF!,8,FALSE),\"\")))","v":""},".-."]
[617,{"$f":"IFERROR(DAY(CTR[[#This Row],[Date]]),\"\")","v":15},{"$f":"IFERROR(MONTH(CTR[[#This Row],[Date]]),\"\")","v":2},{"$f":"IF(ISNA(INDEX(CTS!C:C,MATCH(E622,CTS!$E:$E,0))),\"\",(INDEX(CTS!C:C,MATCH(E622,CTS!$E:$E,0))))","v":44242},"02-208",{"$f":"IF(ISNA(INDEX(CTS!$F:$F,MATCH(E622,CTS!$E:$E,0))),\"\",(INDEX(CTS!$F:$F,MATCH(E622,CTS!$E:$E,0))))","v":"CLIENT"},{"$f":"IF(ISNA(INDEX(CTS!$N:$N,MATCH(E622,CTS!$E:$E,0))),\"\",(INDEX(CTS!$N:$N,MATCH(E622,CTS!$E:$E,0))))","v":201.68067226890756},{"$f":"IF(ISNA(INDEX(CTS!$O:$O,MATCH(E622,CTS!$E:$E,0))),\"\",(INDEX(CTS!$O:$O,MATCH(E622,CTS!$E:$E,0))))","v":0},{"$f":"IF(ISNA(INDEX(CTS!$P:$P,MATCH(E622,CTS!$E:$E,0))),\"\",(INDEX(CTS!$P:$P,MATCH(E622,CTS!$E:$E,0))))","v":0},{"$f":"IF(ISNA(INDEX(CTS!$Q:$Q,MATCH(E622,CTS!$E:$E,0))),\"\",(INDEX(CTS!$Q:$Q,MATCH(E622,CTS!$E:$E,0))))","v":201.68067226890756},{"$f":"IF(ISNA(INDEX(CTS!$S:$S,MATCH(E622,CTS!$E:$E,0))),\"\",(INDEX(CTS!$S:$S,MATCH(E622,CTS!$E:$E,0))))","v":38.319327731092443},{"$f":"IF(ISNA(INDEX(CTS!$T:$T,MATCH(E622,CTS!$E:$E,0))),\"\",(INDEX(CTS!$T:$T,MATCH(E622,CTS!$E:$E,0))))","v":240},{"$f":"IF(ISNA(INDEX(CTS!$U:$U,MATCH(E622,CTS!$E:$E,0))),\"\",(INDEX(CTS!$U:$U,MATCH(E622,CTS!$E:$E,0))))","v":0},{"$f":"IF(ISNA(INDEX(CTS!$V:$V,MATCH(E622,CTS!$E:$E,0))),\"\",(INDEX(CTS!$V:$V,MATCH(E622,CTS!$E:$E,0))))","v":240},{"$f":"IFERROR(INDEX(CTS!$A:$A,MATCH(E622,CTS!$E:$E,0)),\".\")","v":"P"},{"$f":"IFERROR(IFERROR(INDEX(#REF!,MATCH(E622,#REF!,0)),IFERROR(INDEX(#REF!,MATCH(E622,#REF!,0)),INDEX(#REF!,MATCH(E622,#REF!,0)) )),\".\")","v":"."},null,{"$f":"IFERROR(VLOOKUP(E622,#REF!,8,FALSE),IFERROR(VLOOKUP(E622,#REF!,8,FALSE),IFERROR(VLOOKUP(E622,#REF!,8,FALSE),\"\")))","v":""},".-."]
[618,{"$f":"IFERROR(DAY(CTR[[#This Row],[Date]]),\"\")","v":15},{"$f":"IFERROR(MONTH(CTR[[#This Row],[Date]]),\"\")","v":2},{"$f":"IF(ISNA(INDEX(CTS!C:C,MATCH(E623,CTS!$E:$E,0))),\"\",(INDEX(CTS!C:C,MATCH(E623,CTS!$E:$E,0))))","v":44242},"02-209",{"$f":"IF(ISNA(INDEX(CTS!$F:$F,MATCH(E623,CTS!$E:$E,0))),\"\",(INDEX(CTS!$F:$F,MATCH(E623,CTS!$E:$E,0))))","v":"CLIENT"},{"$f":"IF(ISNA(INDEX(CTS!$N:$N,MATCH(E623,CTS!$E:$E,0))),\"\",(INDEX(CTS!$N:$N,MATCH(E623,CTS!$E:$E,0))))","v":117.64705882352942},{"$f":"IF(ISNA(INDEX(CTS!$O:$O,MATCH(E623,CTS!$E:$E,0))),\"\",(INDEX(CTS!$O:$O,MATCH(E623,CTS!$E:$E,0))))","v":0},{"$f":"IF(ISNA(INDEX(CTS!$P:$P,MATCH(E623,CTS!$E:$E,0))),\"\",(INDEX(CTS!$P:$P,MATCH(E623,CTS!$E:$E,0))))","v":0},{"$f":"IF(ISNA(INDEX(CTS!$Q:$Q,MATCH(E623,CTS!$E:$E,0))),\"\",(INDEX(CTS!$Q:$Q,MATCH(E623,CTS!$E:$E,0))))","v":117.64705882352942},{"$f":"IF(ISNA(INDEX(CTS!$S:$S,MATCH(E623,CTS!$E:$E,0))),\"\",(INDEX(CTS!$S:$S,MATCH(E623,CTS!$E:$E,0))))","v":22.352941176470591},{"$f":"IF(ISNA(INDEX(CTS!$T:$T,MATCH(E623,CTS!$E:$E,0))),\"\",(INDEX(CTS!$T:$T,MATCH(E623,CTS!$E:$E,0))))","v":140},{"$f":"IF(ISNA(INDEX(CTS!$U:$U,MATCH(E623,CTS!$E:$E,0))),\"\",(INDEX(CTS!$U:$U,MATCH(E623,CTS!$E:$E,0))))","v":0},{"$f":"IF(ISNA(INDEX(CTS!$V:$V,MATCH(E623,CTS!$E:$E,0))),\"\",(INDEX(CTS!$V:$V,MATCH(E623,CTS!$E:$E,0))))","v":140},{"$f":"IFERROR(INDEX(CTS!$A:$A,MATCH(E623,CTS!$E:$E,0)),\".\")","v":"P"},{"$f":"IFERROR(IFERROR(INDEX(#REF!,MATCH(E623,#REF!,0)),IFERROR(INDEX(#REF!,MATCH(E623,#REF!,0)),INDEX(#REF!,MATCH(E623,#REF!,0)) )),\".\")","v":"."},null,{"$f":"IFERROR(VLOOKUP(E623,#REF!,8,FALSE),IFERROR(VLOOKUP(E623,#REF!,8,FALSE),IFERROR(VLOOKUP(E623,#REF!,8,FALSE),\"\")))","v":""},".-."]
[619,{"$f":"IFERROR(DAY(CTR[[#This Row],[Date]]),\"\")","v":16},{"$f":"IFERROR(MONTH(CTR[[#This Row],[Date]]),\"\")","v":2},{"$f":"IF(ISNA(INDEX(CTS!C:C,MATCH(E624,CTS!$E:$E,0))),\"\",(INDEX(CTS!C:C,MATCH(E624,CTS!$E:$E,0))))","v":44243},"02-210",{"$f":"IF(ISNA(INDEX(CTS!$F:$F,MATCH(E624,CTS!$E:$E,0))),\"\",(INDEX(CTS!$F:$F,MATCH(E624,CTS!$E:$E,0))))","v":"CLIENT"},{"$f":"IF(ISNA(INDEX(CTS!$N:$N,MATCH(E624,CTS!$E:$E,0))),\"\",(INDEX(CTS!$N:$N,MATCH(E624,CTS!$E:$E,0))))","v":16.806722689075631},{"$f":"IF(ISNA(INDEX(CTS!$O:$O,MATCH(E624,CTS!$E:$E,0))),\"\",(INDEX(CTS!$O:$O,MATCH(E624,CTS!$E:$E,0))))","v":0},{"$f":"IF(ISNA(INDEX(CTS!$P:$P,MATCH(E624,CTS!$E:$E,0))),\"\",(INDEX(CTS!$P:$P,MATCH(E624,CTS!$E:$E,0))))","v":0},{"$f":"IF(ISNA(INDEX(CTS!$Q:$Q,MATCH(E624,CTS!$E:$E,0))),\"\",(INDEX(CTS!$Q:$Q,MATCH(E624,CTS!$E:$E,0))))","v":16.806722689075631},{"$f":"IF(ISNA(INDEX(CTS!$S:$S,MATCH(E624,CTS!$E:$E,0))),\"\",(INDEX(CTS!$S:$S,MATCH(E624,CTS!$E:$E,0))))","v":3.1932773109243699},{"$f":"IF(ISNA(INDEX(CTS!$T:$T,MATCH(E624,CTS!$E:$E,0))),\"\",(INDEX(CTS!$T:$T,MATCH(E624,CTS!$E:$E,0))))","v":20},{"$f":"IF(ISNA(INDEX(CTS!$U:$U,MATCH(E624,CTS!$E:$E,0))),\"\",(INDEX(CTS!$U:$U,MATCH(E624,CTS!$E:$E,0))))","v":0},{"$f":"IF(ISNA(INDEX(CTS!$V:$V,MATCH(E624,CTS!$E:$E,0))),\"\",(INDEX(CTS!$V:$V,MATCH(E624,CTS!$E:$E,0))))","v":20},{"$f":"IFERROR(INDEX(CTS!$A:$A,MATCH(E624,CTS!$E:$E,0)),\".\")","v":"P"},{"$f":"IFERROR(IFERROR(INDEX(#REF!,MATCH(E624,#REF!,0)),IFERROR(INDEX(#REF!,MATCH(E624,#REF!,0)),INDEX(#REF!,MATCH(E624,#REF!,0)) )),\".\")","v":"."},null,{"$f":"IFERROR(VLOOKUP(E624,#REF!,8,FALSE),IFERROR(VLOOKUP(E624,#REF!,8,FALSE),IFERROR(VLOOKUP(E624,#REF!,8,FALSE),\"\")))","v":""},".-."]
[620,{"$f":"IFERROR(DAY(CTR[[#This Row],[Date]]),\"\")","v":16},{"$f":"IFERROR(MONTH(CTR[[#This Row],[Date]]),\"\")","v":2},{"$f":"IF(ISNA(INDEX(CTS!C:C,MATCH(E625,CTS!$E:$E,0))),\"\",(INDEX(CTS!C:C,MATCH(E625,CTS!$E:$E,0))))","v":44243},"02-211",{"$f":"IF(ISNA(INDEX(CTS!$F:$F,MATCH(E625,CTS!$E:$E,0))),\"\",(INDEX(CTS!$F:$F,MATCH(E625,CTS!$E:$E,0))))","v":"CLIENT"},{"$f":"IF(ISNA(INDEX(CTS!$N:$N,MATCH(E625,CTS!$E:$E,0))),\"\",(INDEX(CTS!$N:$N,MATCH(E625,CTS!$E:$E,0))))","v":67.226890756302524},{"$f":"IF(ISNA(INDEX(CTS!$O:$O,MATCH(E625,CTS!$E:$E,0))),\"\",(INDEX(CTS!$O:$O,MATCH(E625,CTS!$E:$E,0))))","v":0},{"$f":"IF(ISNA(INDEX(CTS!$P:$P,MATCH(E625,CTS!$E:$E,0))),\"\",(INDEX(CTS!$P:$P,MATCH(E625,CTS!$E:$E,0))))","v":0},{"$f":"IF(ISNA(INDEX(CTS!$Q:$Q,MATCH(E625,CTS!$E:$E,0))),\"\",(INDEX(CTS!$Q:$Q,MATCH(E625,CTS!$E:$E,0))))","v":67.226890756302524},{"$f":"IF(ISNA(INDEX(CTS!$S:$S,MATCH(E625,CTS!$E:$E,0))),\"\",(INDEX(CTS!$S:$S,MATCH(E625,CTS!$E:$E,0))))","v":12.77310924369748},{"$f":"IF(ISNA(INDEX(CTS!$T:$T,MATCH(E625,CTS!$E:$E,0))),\"\",(INDEX(CTS!$T:$T,MATCH(E625,CTS!$E:$E,0))))","v":80},{"$f":"IF(ISNA(INDEX(CTS!$U:$U,MATCH(E625,CTS!$E:$E,0))),\"\",(INDEX(CTS!$U:$U,MATCH(E625,CTS!$E:$E,0))))","v":0},{"$f":"IF(ISNA(INDEX(CTS!$V:$V,MATCH(E625,CTS!$E:$E,0))),\"\",(INDEX(CTS!$V:$V,MATCH(E625,CTS!$E:$E,0))))","v":80},{"$f":"IFERROR(INDEX(CTS!$A:$A,MATCH(E625,CTS!$E:$E,0)),\".\")","v":"P"},{"$f":"IFERROR(IFERROR(INDEX(#REF!,MATCH(E625,#REF!,0)),IFERROR(INDEX(#REF!,MATCH(E625,#REF!,0)),INDEX(#REF!,MATCH(E625,#REF!,0)) )),\".\")","v":"."},null,{"$f":"IFERROR(VLOOKUP(E625,#REF!,8,FALSE),IFERROR(VLOOKUP(E625,#REF!,8,FALSE),IFERROR(VLOOKUP(E625,#REF!,8,FALSE),\"\")))","v":""},".-."]
[621,{"$f":"IFERROR(DAY(CTR[[#This Row],[Date]]),\"\")","v":16},{"$f":"IFERROR(MONTH(CTR[[#This Row],[Date]]),\"\")","v":2},{"$f":"IF(ISNA(INDEX(CTS!C:C,MATCH(E626,CTS!$E:$E,0))),\"\",(INDEX(CTS!C:C,MATCH(E626,CTS!$E:$E,0))))","v":44243},"02-212",{"$f":"IF(ISNA(INDEX(CTS!$F:$F,MATCH(E626,CTS!$E:$E,0))),\"\",(INDEX(CTS!$F:$F,MATCH(E626,CTS!$E:$E,0))))","v":"CLIENT"},{"$f":"IF(ISNA(INDEX(CTS!$N:$N,MATCH(E626,CTS!$E:$E,0))),\"\",(INDEX(CTS!$N:$N,MATCH(E626,CTS!$E:$E,0))))","v":50.420168067226896},{"$f":"IF(ISNA(INDEX(CTS!$O:$O,MATCH(E626,CTS!$E:$E,0))),\"\",(INDEX(CTS!$O:$O,MATCH(E626,CTS!$E:$E,0))))","v":0},{"$f":"IF(ISNA(INDEX(CTS!$P:$P,MATCH(E626,CTS!$E:$E,0))),\"\",(INDEX(CTS!$P:$P,MATCH(E626,CTS!$E:$E,0))))","v":0},{"$f":"IF(ISNA(INDEX(CTS!$Q:$Q,MATCH(E626,CTS!$E:$E,0))),\"\",(INDEX(CTS!$Q:$Q,MATCH(E626,CTS!$E:$E,0))))","v":50.420168067226896},{"$f":"IF(ISNA(INDEX(CTS!$S:$S,MATCH(E626,CTS!$E:$E,0))),\"\",(INDEX(CTS!$S:$S,MATCH(E626,CTS!$E:$E,0))))","v":9.5798319327731107},{"$f":"IF(ISNA(INDEX(CTS!$T:$T,MATCH(E626,CTS!$E:$E,0))),\"\",(INDEX(CTS!$T:$T,MATCH(E626,CTS!$E:$E,0))))","v":60.000000000000007},{"$f":"IF(ISNA(INDEX(CTS!$U:$U,MATCH(E626,CTS!$E:$E,0))),\"\",(INDEX(CTS!$U:$U,MATCH(E626,CTS!$E:$E,0))))","v":0},{"$f":"IF(ISNA(INDEX(CTS!$V:$V,MATCH(E626,CTS!$E:$E,0))),\"\",(INDEX(CTS!$V:$V,MATCH(E626,CTS!$E:$E,0))))","v":60.000000000000007},{"$f":"IFERROR(INDEX(CTS!$A:$A,MATCH(E626,CTS!$E:$E,0)),\".\")","v":"P"},{"$f":"IFERROR(IFERROR(INDEX(#REF!,MATCH(E626,#REF!,0)),IFERROR(INDEX(#REF!,MATCH(E626,#REF!,0)),INDEX(#REF!,MATCH(E626,#REF!,0)) )),\".\")","v":"."},null,{"$f":"IFERROR(VLOOKUP(E626,#REF!,8,FALSE),IFERROR(VLOOKUP(E626,#REF!,8,FALSE),IFERROR(VLOOKUP(E626,#REF!,8,FALSE),\"\")))","v":""},".-."]
[622,{"$f":"IFERROR(DAY(CTR[[#This Row],[Date]]),\"\")","v":16},{"$f":"IFERROR(MONTH(CTR[[#This Row],[Date]]),\"\")","v":2},{"$f":"IF(ISNA(INDEX(CTS!C:C,MATCH(E627,CTS!$E:$E,0))),\"\",(INDEX(CTS!C:C,MATCH(E627,CTS!$E:$E,0))))","v":44243},"02-213",{"$f":"IF(ISNA(INDEX(CTS!$F:$F,MATCH(E627,CTS!$E:$E,0))),\"\",(INDEX(CTS!$F:$F,MATCH(E627,CTS!$E:$E,0))))","v":"CLIENT"},{"$f":"IF(ISNA(INDEX(CTS!$N:$N,MATCH(E627,CTS!$E:$E,0))),\"\",(INDEX(CTS!$N:$N,MATCH(E627,CTS!$E:$E,0))))","v":721.00840336134468},{"$f":"IF(ISNA(INDEX(CTS!$O:$O,MATCH(E627,CTS!$E:$E,0))),\"\",(INDEX(CTS!$O:$O,MATCH(E627,CTS!$E:$E,0))))","v":0},{"$f":"IF(ISNA(INDEX(CTS!$P:$P,MATCH(E627,CTS!$E:$E,0))),\"\",(INDEX(CTS!$P:$P,MATCH(E627,CTS!$E:$E,0))))","v":0},{"$f":"IF(ISNA(INDEX(CTS!$Q:$Q,MATCH(E627,CTS!$E:$E,0))),\"\",(INDEX(CTS!$Q:$Q,MATCH(E627,CTS!$E:$E,0))))","v":721.00840336134468},{"$f":"IF(ISNA(INDEX(CTS!$S:$S,MATCH(E627,CTS!$E:$E,0))),\"\",(INDEX(CTS!$S:$S,MATCH(E627,CTS!$E:$E,0))))","v":136.99159663865549},{"$f":"IF(ISNA(INDEX(CTS!$T:$T,MATCH(E627,CTS!$E:$E,0))),\"\",(INDEX(CTS!$T:$T,MATCH(E627,CTS!$E:$E,0))))","v":858.00000000000023},{"$f":"IF(ISNA(INDEX(CTS!$U:$U,MATCH(E627,CTS!$E:$E,0))),\"\",(INDEX(CTS!$U:$U,MATCH(E627,CTS!$E:$E,0))))","v":0},{"$f":"IF(ISNA(INDEX(CTS!$V:$V,MATCH(E627,CTS!$E:$E,0))),\"\",(INDEX(CTS!$V:$V,MATCH(E627,CTS!$E:$E,0))))","v":858.00000000000023},{"$f":"IFERROR(INDEX(CTS!$A:$A,MATCH(E627,CTS!$E:$E,0)),\".\")","v":"P"},{"$f":"IFERROR(IFERROR(INDEX(#REF!,MATCH(E627,#REF!,0)),IFERROR(INDEX(#REF!,MATCH(E627,#REF!,0)),INDEX(#REF!,MATCH(E627,#REF!,0)) )),\".\")","v":"."},null,{"$f":"IFERROR(VLOOKUP(E627,#REF!,8,FALSE),IFERROR(VLOOKUP(E627,#REF!,8,FALSE),IFERROR(VLOOKUP(E627,#REF!,8,FALSE),\"\")))","v":""},".-."]
[623,{"$f":"IFERROR(DAY(CTR[[#This Row],[Date]]),\"\")","v":16},{"$f":"IFERROR(MONTH(CTR[[#This Row],[Date]]),\"\")","v":2},{"$f":"IF(ISNA(INDEX(CTS!C:C,MATCH(E628,CTS!$E:$E,0))),\"\",(INDEX(CTS!C:C,MATCH(E628,CTS!$E:$E,0))))","v":44243},"02-214",{"$f":"IF(ISNA(INDEX(CTS!$F:$F,MATCH(E628,CTS!$E:$E,0))),\"\",(INDEX(CTS!$F:$F,MATCH(E628,CTS!$E:$E,0))))","v":"CLIENT"},{"$f":"IF(ISNA(INDEX(CTS!$N:$N,MATCH(E628,CTS!$E:$E,0))),\"\",(INDEX(CTS!$N:$N,MATCH(E628,CTS!$E:$E,0))))","v":184.87394957983196},{"$f":"IF(ISNA(INDEX(CTS!$O:$O,MATCH(E628,CTS!$E:$E,0))),\"\",(INDEX(CTS!$O:$O,MATCH(E628,CTS!$E:$E,0))))","v":9.0909090909090898E-2},{"$f":"IF(ISNA(INDEX(CTS!$P:$P,MATCH(E628,CTS!$E:$E,0))),\"\",(INDEX(CTS!$P:$P,MATCH(E628,CTS!$E:$E,0))))","v":16.806722689075631},{"$f":"IF(ISNA(INDEX(CTS!$Q:$Q,MATCH(E628,CTS!$E:$E,0))),\"\",(INDEX(CTS!$Q:$Q,MATCH(E628,CTS!$E:$E,0))))","v":168.06722689075633},{"$f":"IF(ISNA(INDEX(CTS!$S:$S,MATCH(E628,CTS!$E:$E,0))),\"\",(INDEX(CTS!$S:$S,MATCH(E628,CTS!$E:$E,0))))","v":31.932773109243698},{"$f":"IF(ISNA(INDEX(CTS!$T:$T,MATCH(E628,CTS!$E:$E,0))),\"\",(INDEX(CTS!$T:$T,MATCH(E628,CTS!$E:$E,0))))","v":200.00000000000003},{"$f":"IF(ISNA(INDEX(CTS!$U:$U,MATCH(E628,CTS!$E:$E,0))),\"\",(INDEX(CTS!$U:$U,MATCH(E628,CTS!$E:$E,0))))","v":0},{"$f":"IF(ISNA(INDEX(CTS!$V:$V,MATCH(E628,CTS!$E:$E,0))),\"\",(INDEX(CTS!$V:$V,MATCH(E628,CTS!$E:$E,0))))","v":200.00000000000003},{"$f":"IFERROR(INDEX(CTS!$A:$A,MATCH(E628,CTS!$E:$E,0)),\".\")","v":"P"},{"$f":"IFERROR(IFERROR(INDEX(#REF!,MATCH(E628,#REF!,0)),IFERROR(INDEX(#REF!,MATCH(E628,#REF!,0)),INDEX(#REF!,MATCH(E628,#REF!,0)) )),\".\")","v":"."},null,{"$f":"IFERROR(VLOOKUP(E628,#REF!,8,FALSE),IFERROR(VLOOKUP(E628,#REF!,8,FALSE),IFERROR(VLOOKUP(E628,#REF!,8,FALSE),\"\")))","v":""},".-."]
[624,{"$f":"IFERROR(DAY(CTR[[#This Row],[Date]]),\"\")","v":16},{"$f":"IFERROR(MONTH(CTR[[#This Row],[Date]]),\"\")","v":2},{"$f":"IF(ISNA(INDEX(CTS!C:C,MATCH(E629,CTS!$E:$E,0))),\"\",(INDEX(CTS!C:C,MATCH(E629,CTS!$E:$E,0))))","v":44243},"02-215",{"$f":"IF(ISNA(INDEX(CTS!$F:$F,MATCH(E629,CTS!$E:$E,0))),\"\",(INDEX(CTS!$F:$F,MATCH(E629,CTS!$E:$E,0))))","v":"CLIENT"},{"$f":"IF(ISNA(INDEX(CTS!$N:$N,MATCH(E629,CTS!$E:$E,0))),\"\",(INDEX(CTS!$N:$N,MATCH(E629,CTS!$E:$E,0))))","v":67.226890756302524},{"$f":"IF(ISNA(INDEX(CTS!$O:$O,MATCH(E629,CTS!$E:$E,0))),\"\",(INDEX(CTS!$O:$O,MATCH(E629,CTS!$E:$E,0))))","v":0},{"$f":"IF(ISNA(INDEX(CTS!$P:$P,MATCH(E629,CTS!$E:$E,0))),\"\",(INDEX(CTS!$P:$P,MATCH(E629,CTS!$E:$E,0))))","v":0},{"$f":"IF(ISNA(INDEX(CTS!$Q:$Q,MATCH(E629,CTS!$E:$E,0))),\"\",(INDEX(CTS!$Q:$Q,MATCH(E629,CTS!$E:$E,0))))","v":67.226890756302524},{"$f":"IF(ISNA(INDEX(CTS!$S:$S,MATCH(E629,CTS!$E:$E,0))),\"\",(INDEX(CTS!$S:$S,MATCH(E629,CTS!$E:$E,0))))","v":12.77310924369748},{"$f":"IF(ISNA(INDEX(CTS!$T:$T,MATCH(E629,CTS!$E:$E,0))),\"\",(INDEX(CTS!$T:$T,MATCH(E629,CTS!$E:$E,0))))","v":80},{"$f":"IF(ISNA(INDEX(CTS!$U:$U,MATCH(E629,CTS!$E:$E,0))),\"\",(INDEX(CTS!$U:$U,MATCH(E629,CTS!$E:$E,0))))","v":0},{"$f":"IF(ISNA(INDEX(CTS!$V:$V,MATCH(E629,CTS!$E:$E,0))),\"\",(INDEX(CTS!$V:$V,MATCH(E629,CTS!$E:$E,0))))","v":80},{"$f":"IFERROR(INDEX(CTS!$A:$A,MATCH(E629,CTS!$E:$E,0)),\".\")","v":"P"},{"$f":"IFERROR(IFERROR(INDEX(#REF!,MATCH(E629,#REF!,0)),IFERROR(INDEX(#REF!,MATCH(E629,#REF!,0)),INDEX(#REF!,MATCH(E629,#REF!,0)) )),\".\")","v":"."},null,{"$f":"IFERROR(VLOOKUP(E629,#REF!,8,FALSE),IFERROR(VLOOKUP(E629,#REF!,8,FALSE),IFERROR(VLOOKUP(E629,#REF!,8,FALSE),\"\")))","v":""},".-."]
[625,{"$f":"IFERROR(DAY(CTR[[#This Row],[Date]]),\"\")","v":16},{"$f":"IFERROR(MONTH(CTR[[#This Row],[Date]]),\"\")","v":2},{"$f":"IF(ISNA(INDEX(CTS!C:C,MATCH(E630,CTS!$E:$E,0))),\"\",(INDEX(CTS!C:C,MATCH(E630,CTS!$E:$E,0))))","v":44243},"02-216",{"$f":"IF(ISNA(INDEX(CTS!$F:$F,MATCH(E630,CTS!$E:$E,0))),\"\",(INDEX(CTS!$F:$F,MATCH(E630,CTS!$E:$E,0))))","v":"CLIENT"},{"$f":"IF(ISNA(INDEX(CTS!$N:$N,MATCH(E630,CTS!$E:$E,0))),\"\",(INDEX(CTS!$N:$N,MATCH(E630,CTS!$E:$E,0))))","v":67.226890756302524},{"$f":"IF(ISNA(INDEX(CTS!$O:$O,MATCH(E630,CTS!$E:$E,0))),\"\",(INDEX(CTS!$O:$O,MATCH(E630,CTS!$E:$E,0))))","v":0},{"$f":"IF(ISNA(INDEX(CTS!$P:$P,MATCH(E630,CTS!$E:$E,0))),\"\",(INDEX(CTS!$P:$P,MATCH(E630,CTS!$E:$E,0))))","v":0},{"$f":"IF(ISNA(INDEX(CTS!$Q:$Q,MATCH(E630,CTS!$E:$E,0))),\"\",(INDEX(CTS!$Q:$Q,MATCH(E630,CTS!$E:$E,0))))","v":67.226890756302524},{"$f":"IF(ISNA(INDEX(CTS!$S:$S,MATCH(E630,CTS!$E:$E,0))),\"\",(INDEX(CTS!$S:$S,MATCH(E630,CTS!$E:$E,0))))","v":12.77310924369748},{"$f":"IF(ISNA(INDEX(CTS!$T:$T,MATCH(E630,CTS!$E:$E,0))),\"\",(INDEX(CTS!$T:$T,MATCH(E630,CTS!$E:$E,0))))","v":80},{"$f":"IF(ISNA(INDEX(CTS!$U:$U,MATCH(E630,CTS!$E:$E,0))),\"\",(INDEX(CTS!$U:$U,MATCH(E630,CTS!$E:$E,0))))","v":0},{"$f":"IF(ISNA(INDEX(CTS!$V:$V,MATCH(E630,CTS!$E:$E,0))),\"\",(INDEX(CTS!$V:$V,MATCH(E630,CTS!$E:$E,0))))","v":80},{"$f":"IFERROR(INDEX(CTS!$A:$A,MATCH(E630,CTS!$E:$E,0)),\".\")","v":"P"},{"$f":"IFERROR(IFERROR(INDEX(#REF!,MATCH(E630,#REF!,0)),IFERROR(INDEX(#REF!,MATCH(E630,#REF!,0)),INDEX(#REF!,MATCH(E630,#REF!,0)) )),\".\")","v":"."},null,{"$f":"IFERROR(VLOOKUP(E630,#REF!,8,FALSE),IFERROR(VLOOKUP(E630,#REF!,8,FALSE),IFERROR(VLOOKUP(E630,#REF!,8,FALSE),\"\")))","v":""},".-."]
[626,{"$f":"IFERROR(DAY(CTR[[#This Row],[Date]]),\"\")","v":16},{"$f":"IFERROR(MONTH(CTR[[#This Row],[Date]]),\"\")","v":2},{"$f":"IF(ISNA(INDEX(CTS!C:C,MATCH(E631,CTS!$E:$E,0))),\"\",(INDEX(CTS!C:C,MATCH(E631,CTS!$E:$E,0))))","v":44243},"02-217",{"$f":"IF(ISNA(INDEX(CTS!$F:$F,MATCH(E631,CTS!$E:$E,0))),\"\",(INDEX(CTS!$F:$F,MATCH(E631,CTS!$E:$E,0))))","v":"CLIENT"},{"$f":"IF(ISNA(INDEX(CTS!$N:$N,MATCH(E631,CTS!$E:$E,0))),\"\",(INDEX(CTS!$N:$N,MATCH(E631,CTS!$E:$E,0))))","v":4013.4453781512607},{"$f":"IF(ISNA(INDEX(CTS!$O:$O,MATCH(E631,CTS!$E:$E,0))),\"\",(INDEX(CTS!$O:$O,MATCH(E631,CTS!$E:$E,0))))","v":0.16666666666666669},{"$f":"IF(ISNA(INDEX(CTS!$P:$P,MATCH(E631,CTS!$E:$E,0))),\"\",(INDEX(CTS!$P:$P,MATCH(E631,CTS!$E:$E,0))))","v":668.90756302521015},{"$f":"IF(ISNA(INDEX(CTS!$Q:$Q,MATCH(E631,CTS!$E:$E,0))),\"\",(INDEX(CTS!$Q:$Q,MATCH(E631,CTS!$E:$E,0))))","v":3344.5378151260506},{"$f":"IF(ISNA(INDEX(CTS!$S:$S,MATCH(E631,CTS!$E:$E,0))),\"\",(INDEX(CTS!$S:$S,MATCH(E631,CTS!$E:$E,0))))","v":635.46218487394958},{"$f":"IF(ISNA(INDEX(CTS!$T:$T,MATCH(E631,CTS!$E:$E,0))),\"\",(INDEX(CTS!$T:$T,MATCH(E631,CTS!$E:$E,0))))","v":3980},{"$f":"IF(ISNA(INDEX(CTS!$U:$U,MATCH(E631,CTS!$E:$E,0))),\"\",(INDEX(CTS!$U:$U,MATCH(E631,CTS!$E:$E,0))))","v":0},{"$f":"IF(ISNA(INDEX(CTS!$V:$V,MATCH(E631,CTS!$E:$E,0))),\"\",(INDEX(CTS!$V:$V,MATCH(E631,CTS!$E:$E,0))))","v":3980},{"$f":"IFERROR(INDEX(CTS!$A:$A,MATCH(E631,CTS!$E:$E,0)),\".\")","v":"P"},{"$f":"IFERROR(IFERROR(INDEX(#REF!,MATCH(E631,#REF!,0)),IFERROR(INDEX(#REF!,MATCH(E631,#REF!,0)),INDEX(#REF!,MATCH(E631,#REF!,0)) )),\".\")","v":"."},null,{"$f":"IFERROR(VLOOKUP(E631,#REF!,8,FALSE),IFERROR(VLOOKUP(E631,#REF!,8,FALSE),IFERROR(VLOOKUP(E631,#REF!,8,FALSE),\"\")))","v":""},".-."]
[627,{"$f":"IFERROR(DAY(CTR[[#This Row],[Date]]),\"\")","v":16},{"$f":"IFERROR(MONTH(CTR[[#This Row],[Date]]),\"\")","v":2},{"$f":"IF(ISNA(INDEX(CTS!C:C,MATCH(E632,CTS!$E:$E,0))),\"\",(INDEX(CTS!C:C,MATCH(E632,CTS!$E:$E,0))))","v":44243},"02-218",{"$f":"IF(ISNA(INDEX(CTS!$F:$F,MATCH(E632,CTS!$E:$E,0))),\"\",(INDEX(CTS!$F:$F,MATCH(E632,CTS!$E:$E,0))))","v":"CLIENT"},{"$f":"IF(ISNA(INDEX(CTS!$N:$N,MATCH(E632,CTS!$E:$E,0))),\"\",(INDEX(CTS!$N:$N,MATCH(E632,CTS!$E:$E,0))))","v":5068.0672268907565},{"$f":"IF(ISNA(INDEX(CTS!$O:$O,MATCH(E632,CTS!$E:$E,0))),\"\",(INDEX(CTS!$O:$O,MATCH(E632,CTS!$E:$E,0))))","v":5.1401094345879623E-3},{"$f":"IF(ISNA(INDEX(CTS!$P:$P,MATCH(E632,CTS!$E:$E,0))),\"\",(INDEX(CTS!$P:$P,MATCH(E632,CTS!$E:$E,0))))","v":26.050420168067227},{"$f":"IF(ISNA(INDEX(CTS!$Q:$Q,MATCH(E632,CTS!$E:$E,0))),\"\",(INDEX(CTS!$Q:$Q,MATCH(E632,CTS!$E:$E,0))))","v":5042.0168067226896},{"$f":"IF(ISNA(INDEX(CTS!$S:$S,MATCH(E632,CTS!$E:$E,0))),\"\",(INDEX(CTS!$S:$S,MATCH(E632,CTS!$E:$E,0))))","v":957.98319327731099},{"$f":"IF(ISNA(INDEX(CTS!$T:$T,MATCH(E632,CTS!$E:$E,0))),\"\",(INDEX(CTS!$T:$T,MATCH(E632,CTS!$E:$E,0))))","v":6000.0000000000009},{"$f":"IF(ISNA(INDEX(CTS!$U:$U,MATCH(E632,CTS!$E:$E,0))),\"\",(INDEX(CTS!$U:$U,MATCH(E632,CTS!$E:$E,0))))","v":0},{"$f":"IF(ISNA(INDEX(CTS!$V:$V,MATCH(E632,CTS!$E:$E,0))),\"\",(INDEX(CTS!$V:$V,MATCH(E632,CTS!$E:$E,0))))","v":6000.0000000000009},{"$f":"IFERROR(INDEX(CTS!$A:$A,MATCH(E632,CTS!$E:$E,0)),\".\")","v":"P"},{"$f":"IFERROR(IFERROR(INDEX(#REF!,MATCH(E632,#REF!,0)),IFERROR(INDEX(#REF!,MATCH(E632,#REF!,0)),INDEX(#REF!,MATCH(E632,#REF!,0)) )),\".\")","v":"."},null,{"$f":"IFERROR(VLOOKUP(E632,#REF!,8,FALSE),IFERROR(VLOOKUP(E632,#REF!,8,FALSE),IFERROR(VLOOKUP(E632,#REF!,8,FALSE),\"\")))","v":""},".-."]
[628,{"$f":"IFERROR(DAY(CTR[[#This Row],[Date]]),\"\")","v":16},{"$f":"IFERROR(MONTH(CTR[[#This Row],[Date]]),\"\")","v":2},{"$f":"IF(ISNA(INDEX(CTS!C:C,MATCH(E633,CTS!$E:$E,0))),\"\",(INDEX(CTS!C:C,MATCH(E633,CTS!$E:$E,0))))","v":44243},"02-219",{"$f":"IF(ISNA(INDEX(CTS!$F:$F,MATCH(E633,CTS!$E:$E,0))),\"\",(INDEX(CTS!$F:$F,MATCH(E633,CTS!$E:$E,0))))","v":"YONG"},{"$f":"IF(ISNA(INDEX(CTS!$N:$N,MATCH(E633,CTS!$E:$E,0))),\"\",(INDEX(CTS!$N:$N,MATCH(E633,CTS!$E:$E,0))))","v":55213.445378151264},{"$f":"IF(ISNA(INDEX(CTS!$O:$O,MATCH(E633,CTS!$E:$E,0))),\"\",(INDEX(CTS!$O:$O,MATCH(E633,CTS!$E:$E,0))))","v":0},{"$f":"IF(ISNA(INDEX(CTS!$P:$P,MATCH(E633,CTS!$E:$E,0))),\"\",(INDEX(CTS!$P:$P,MATCH(E633,CTS!$E:$E,0))))","v":4793.277310924369},{"$f":"IF(ISNA(INDEX(CTS!$Q:$Q,MATCH(E633,CTS!$E:$E,0))),\"\",(INDEX(CTS!$Q:$Q,MATCH(E633,CTS!$E:$E,0))))","v":50420.168067226892},{"$f":"IF(ISNA(INDEX(CTS!$S:$S,MATCH(E633,CTS!$E:$E,0))),\"\",(INDEX(CTS!$S:$S,MATCH(E633,CTS!$E:$E,0))))","v":9579.8319327731097},{"$f":"IF(ISNA(INDEX(CTS!$T:$T,MATCH(E633,CTS!$E:$E,0))),\"\",(INDEX(CTS!$T:$T,MATCH(E633,CTS!$E:$E,0))))","v":60000},{"$f":"IF(ISNA(INDEX(CTS!$U:$U,MATCH(E633,CTS!$E:$E,0))),\"\",(INDEX(CTS!$U:$U,MATCH(E633,CTS!$E:$E,0))))","v":0},{"$f":"IF(ISNA(INDEX(CTS!$V:$V,MATCH(E633,CTS!$E:$E,0))),\"\",(INDEX(CTS!$V:$V,MATCH(E633,CTS!$E:$E,0))))","v":60000},{"$f":"IFERROR(INDEX(CTS!$A:$A,MATCH(E633,CTS!$E:$E,0)),\".\")","v":"P"},{"$f":"IFERROR(IFERROR(INDEX(#REF!,MATCH(E633,#REF!,0)),IFERROR(INDEX(#REF!,MATCH(E633,#REF!,0)),INDEX(#REF!,MATCH(E633,#REF!,0)) )),\".\")","v":"."},null,{"$f":"IFERROR(VLOOKUP(E633,#REF!,8,FALSE),IFERROR(VLOOKUP(E633,#REF!,8,FALSE),IFERROR(VLOOKUP(E633,#REF!,8,FALSE),\"\")))","v":""},".-."]
[629,{"$f":"IFERROR(DAY(CTR[[#This Row],[Date]]),\"\")","v":16},{"$f":"IFERROR(MONTH(CTR[[#This Row],[Date]]),\"\")","v":2},{"$f":"IF(ISNA(INDEX(CTS!C:C,MATCH(E634,CTS!$E:$E,0))),\"\",(INDEX(CTS!C:C,MATCH(E634,CTS!$E:$E,0))))","v":44243},"02-220",{"$f":"IF(ISNA(INDEX(CTS!$F:$F,MATCH(E634,CTS!$E:$E,0))),\"\",(INDEX(CTS!$F:$F,MATCH(E634,CTS!$E:$E,0))))","v":"CLIENT"},{"$f":"IF(ISNA(INDEX(CTS!$N:$N,MATCH(E634,CTS!$E:$E,0))),\"\",(INDEX(CTS!$N:$N,MATCH(E634,CTS!$E:$E,0))))","v":504.20168067226894},{"$f":"IF(ISNA(INDEX(CTS!$O:$O,MATCH(E634,CTS!$E:$E,0))),\"\",(INDEX(CTS!$O:$O,MATCH(E634,CTS!$E:$E,0))))","v":0},{"$f":"IF(ISNA(INDEX(CTS!$P:$P,MATCH(E634,CTS!$E:$E,0))),\"\",(INDEX(CTS!$P:$P,MATCH(E634,CTS!$E:$E,0))))","v":0},{"$f":"IF(ISNA(INDEX(CTS!$Q:$Q,MATCH(E634,CTS!$E:$E,0))),\"\",(INDEX(CTS!$Q:$Q,MATCH(E634,CTS!$E:$E,0))))","v":504.20168067226894},{"$f":"IF(ISNA(INDEX(CTS!$S:$S,MATCH(E634,CTS!$E:$E,0))),\"\",(INDEX(CTS!$S:$S,MATCH(E634,CTS!$E:$E,0))))","v":95.798319327731093},{"$f":"IF(ISNA(INDEX(CTS!$T:$T,MATCH(E634,CTS!$E:$E,0))),\"\",(INDEX(CTS!$T:$T,MATCH(E634,CTS!$E:$E,0))))","v":600},{"$f":"IF(ISNA(INDEX(CTS!$U:$U,MATCH(E634,CTS!$E:$E,0))),\"\",(INDEX(CTS!$U:$U,MATCH(E634,CTS!$E:$E,0))))","v":0},{"$f":"IF(ISNA(INDEX(CTS!$V:$V,MATCH(E634,CTS!$E:$E,0))),\"\",(INDEX(CTS!$V:$V,MATCH(E634,CTS!$E:$E,0))))","v":600},{"$f":"IFERROR(INDEX(CTS!$A:$A,MATCH(E634,CTS!$E:$E,0)),\".\")","v":"P"},{"$f":"IFERROR(IFERROR(INDEX(#REF!,MATCH(E634,#REF!,0)),IFERROR(INDEX(#REF!,MATCH(E634,#REF!,0)),INDEX(#REF!,MATCH(E634,#REF!,0)) )),\".\")","v":"."},null,{"$f":"IFERROR(VLOOKUP(E634,#REF!,8,FALSE),IFERROR(VLOOKUP(E634,#REF!,8,FALSE),IFERROR(VLOOKUP(E634,#REF!,8,FALSE),\"\")))","v":""},".-."]
[630,{"$f":"IFERROR(DAY(CTR[[#This Row],[Date]]),\"\")","v":16},{"$f":"IFERROR(MONTH(CTR[[#This Row],[Date]]),\"\")","v":2},{"$f":"IF(ISNA(INDEX(CTS!C:C,MATCH(E635,CTS!$E:$E,0))),\"\",(INDEX(CTS!C:C,MATCH(E635,CTS!$E:$E,0))))","v":44243},"02-221",{"$f":"IF(ISNA(INDEX(CTS!$F:$F,MATCH(E635,CTS!$E:$E,0))),\"\",(INDEX(CTS!$F:$F,MATCH(E635,CTS!$E:$E,0))))","v":"CLIENT"},{"$f":"IF(ISNA(INDEX(CTS!$N:$N,MATCH(E635,CTS!$E:$E,0))),\"\",(INDEX(CTS!$N:$N,MATCH(E635,CTS!$E:$E,0))))","v":67.226890756302524},{"$f":"IF(ISNA(INDEX(CTS!$O:$O,MATCH(E635,CTS!$E:$E,0))),\"\",(INDEX(CTS!$O:$O,MATCH(E635,CTS!$E:$E,0))))","v":0},{"$f":"IF(ISNA(INDEX(CTS!$P:$P,MATCH(E635,CTS!$E:$E,0))),\"\",(INDEX(CTS!$P:$P,MATCH(E635,CTS!$E:$E,0))))","v":0},{"$f":"IF(ISNA(INDEX(CTS!$Q:$Q,MATCH(E635,CTS!$E:$E,0))),\"\",(INDEX(CTS!$Q:$Q,MATCH(E635,CTS!$E:$E,0))))","v":67.226890756302524},{"$f":"IF(ISNA(INDEX(CTS!$S:$S,MATCH(E635,CTS!$E:$E,0))),\"\",(INDEX(CTS!$S:$S,MATCH(E635,CTS!$E:$E,0))))","v":12.77310924369748},{"$f":"IF(ISNA(INDEX(CTS!$T:$T,MATCH(E635,CTS!$E:$E,0))),\"\",(INDEX(CTS!$T:$T,MATCH(E635,CTS!$E:$E,0))))","v":80},{"$f":"IF(ISNA(INDEX(CTS!$U:$U,MATCH(E635,CTS!$E:$E,0))),\"\",(INDEX(CTS!$U:$U,MATCH(E635,CTS!$E:$E,0))))","v":0},{"$f":"IF(ISNA(INDEX(CTS!$V:$V,MATCH(E635,CTS!$E:$E,0))),\"\",(INDEX(CTS!$V:$V,MATCH(E635,CTS!$E:$E,0))))","v":80},{"$f":"IFERROR(INDEX(CTS!$A:$A,MATCH(E635,CTS!$E:$E,0)),\".\")","v":"P"},{"$f":"IFERROR(IFERROR(INDEX(#REF!,MATCH(E635,#REF!,0)),IFERROR(INDEX(#REF!,MATCH(E635,#REF!,0)),INDEX(#REF!,MATCH(E635,#REF!,0)) )),\".\")","v":"."},null,{"$f":"IFERROR(VLOOKUP(E635,#REF!,8,FALSE),IFERROR(VLOOKUP(E635,#REF!,8,FALSE),IFERROR(VLOOKUP(E635,#REF!,8,FALSE),\"\")))","v":""},".-."]
[631,{"$f":"IFERROR(DAY(CTR[[#This Row],[Date]]),\"\")","v":16},{"$f":"IFERROR(MONTH(CTR[[#This Row],[Date]]),\"\")","v":2},{"$f":"IF(ISNA(INDEX(CTS!C:C,MATCH(E636,CTS!$E:$E,0))),\"\",(INDEX(CTS!C:C,MATCH(E636,CTS!$E:$E,0))))","v":44243},"02-222",{"$f":"IF(ISNA(INDEX(CTS!$F:$F,MATCH(E636,CTS!$E:$E,0))),\"\",(INDEX(CTS!$F:$F,MATCH(E636,CTS!$E:$E,0))))","v":"CLIENT"},{"$f":"IF(ISNA(INDEX(CTS!$N:$N,MATCH(E636,CTS!$E:$E,0))),\"\",(INDEX(CTS!$N:$N,MATCH(E636,CTS!$E:$E,0))))","v":50.420168067226896},{"$f":"IF(ISNA(INDEX(CTS!$O:$O,MATCH(E636,CTS!$E:$E,0))),\"\",(INDEX(CTS!$O:$O,MATCH(E636,CTS!$E:$E,0))))","v":0},{"$f":"IF(ISNA(INDEX(CTS!$P:$P,MATCH(E636,CTS!$E:$E,0))),\"\",(INDEX(CTS!$P:$P,MATCH(E636,CTS!$E:$E,0))))","v":0},{"$f":"IF(ISNA(INDEX(CTS!$Q:$Q,MATCH(E636,CTS!$E:$E,0))),\"\",(INDEX(CTS!$Q:$Q,MATCH(E636,CTS!$E:$E,0))))","v":50.420168067226896},{"$f":"IF(ISNA(INDEX(CTS!$S:$S,MATCH(E636,CTS!$E:$E,0))),\"\",(INDEX(CTS!$S:$S,MATCH(E636,CTS!$E:$E,0))))","v":9.5798319327731107},{"$f":"IF(ISNA(INDEX(CTS!$T:$T,MATCH(E636,CTS!$E:$E,0))),\"\",(INDEX(CTS!$T:$T,MATCH(E636,CTS!$E:$E,0))))","v":60.000000000000007},{"$f":"IF(ISNA(INDEX(CTS!$U:$U,MATCH(E636,CTS!$E:$E,0))),\"\",(INDEX(CTS!$U:$U,MATCH(E636,CTS!$E:$E,0))))","v":7.1054273576010019E-15},{"$f":"IF(ISNA(INDEX(CTS!$V:$V,MATCH(E636,CTS!$E:$E,0))),\"\",(INDEX(CTS!$V:$V,MATCH(E636,CTS!$E:$E,0))))","v":60},{"$f":"IFERROR(INDEX(CTS!$A:$A,MATCH(E636,CTS!$E:$E,0)),\".\")","v":"P"},{"$f":"IFERROR(IFERROR(INDEX(#REF!,MATCH(E636,#REF!,0)),IFERROR(INDEX(#REF!,MATCH(E636,#REF!,0)),INDEX(#REF!,MATCH(E636,#REF!,0)) )),\".\")","v":"."},null,{"$f":"IFERROR(VLOOKUP(E636,#REF!,8,FALSE),IFERROR(VLOOKUP(E636,#REF!,8,FALSE),IFERROR(VLOOKUP(E636,#REF!,8,FALSE),\"\")))","v":""},".-."]
[632,{"$f":"IFERROR(DAY(CTR[[#This Row],[Date]]),\"\")","v":16},{"$f":"IFERROR(MONTH(CTR[[#This Row],[Date]]),\"\")","v":2},{"$f":"IF(ISNA(INDEX(CTS!C:C,MATCH(E637,CTS!$E:$E,0))),\"\",(INDEX(CTS!C:C,MATCH(E637,CTS!$E:$E,0))))","v":44243},"02-223",{"$f":"IF(ISNA(INDEX(CTS!$F:$F,MATCH(E637,CTS!$E:$E,0))),\"\",(INDEX(CTS!$F:$F,MATCH(E637,CTS!$E:$E,0))))","v":"CLIENT"},{"$f":"IF(ISNA(INDEX(CTS!$N:$N,MATCH(E637,CTS!$E:$E,0))),\"\",(INDEX(CTS!$N:$N,MATCH(E637,CTS!$E:$E,0))))","v":1630.252100840336},{"$f":"IF(ISNA(INDEX(CTS!$O:$O,MATCH(E637,CTS!$E:$E,0))),\"\",(INDEX(CTS!$O:$O,MATCH(E637,CTS!$E:$E,0))))","v":1.54639175257732E-2},{"$f":"IF(ISNA(INDEX(CTS!$P:$P,MATCH(E637,CTS!$E:$E,0))),\"\",(INDEX(CTS!$P:$P,MATCH(E637,CTS!$E:$E,0))))","v":25.210084033613448},{"$f":"IF(ISNA(INDEX(CTS!$Q:$Q,MATCH(E637,CTS!$E:$E,0))),\"\",(INDEX(CTS!$Q:$Q,MATCH(E637,CTS!$E:$E,0))))","v":1605.0420168067226},{"$f":"IF(ISNA(INDEX(CTS!$S:$S,MATCH(E637,CTS!$E:$E,0))),\"\",(INDEX(CTS!$S:$S,MATCH(E637,CTS!$E:$E,0))))","v":304.9579831932773},{"$f":"IF(ISNA(INDEX(CTS!$T:$T,MATCH(E637,CTS!$E:$E,0))),\"\",(INDEX(CTS!$T:$T,MATCH(E637,CTS!$E:$E,0))))","v":1910},{"$f":"IF(ISNA(INDEX(CTS!$U:$U,MATCH(E637,CTS!$E:$E,0))),\"\",(INDEX(CTS!$U:$U,MATCH(E637,CTS!$E:$E,0))))","v":0},{"$f":"IF(ISNA(INDEX(CTS!$V:$V,MATCH(E637,CTS!$E:$E,0))),\"\",(INDEX(CTS!$V:$V,MATCH(E637,CTS!$E:$E,0))))","v":1910},{"$f":"IFERROR(INDEX(CTS!$A:$A,MATCH(E637,CTS!$E:$E,0)),\".\")","v":"P"},{"$f":"IFERROR(IFERROR(INDEX(#REF!,MATCH(E637,#REF!,0)),IFERROR(INDEX(#REF!,MATCH(E637,#REF!,0)),INDEX(#REF!,MATCH(E637,#REF!,0)) )),\".\")","v":"."},null,{"$f":"IFERROR(VLOOKUP(E637,#REF!,8,FALSE),IFERROR(VLOOKUP(E637,#REF!,8,FALSE),IFERROR(VLOOKUP(E637,#REF!,8,FALSE),\"\")))","v":""},".-."]
[633,{"$f":"IFERROR(DAY(CTR[[#This Row],[Date]]),\"\")","v":16},{"$f":"IFERROR(MONTH(CTR[[#This Row],[Date]]),\"\")","v":2},{"$f":"IF(ISNA(INDEX(CTS!C:C,MATCH(E638,CTS!$E:$E,0))),\"\",(INDEX(CTS!C:C,MATCH(E638,CTS!$E:$E,0))))","v":44243},"02-224",{"$f":"IF(ISNA(INDEX(CTS!$F:$F,MATCH(E638,CTS!$E:$E,0))),\"\",(INDEX(CTS!$F:$F,MATCH(E638,CTS!$E:$E,0))))","v":"CLIENT"},{"$f":"IF(ISNA(INDEX(CTS!$N:$N,MATCH(E638,CTS!$E:$E,0))),\"\",(INDEX(CTS!$N:$N,MATCH(E638,CTS!$E:$E,0))))","v":882.35294117647061},{"$f":"IF(ISNA(INDEX(CTS!$O:$O,MATCH(E638,CTS!$E:$E,0))),\"\",(INDEX(CTS!$O:$O,MATCH(E638,CTS!$E:$E,0))))","v":0},{"$f":"IF(ISNA(INDEX(CTS!$P:$P,MATCH(E638,CTS!$E:$E,0))),\"\",(INDEX(CTS!$P:$P,MATCH(E638,CTS!$E:$E,0))))","v":0},{"$f":"IF(ISNA(INDEX(CTS!$Q:$Q,MATCH(E638,CTS!$E:$E,0))),\"\",(INDEX(CTS!$Q:$Q,MATCH(E638,CTS!$E:$E,0))))","v":882.35294117647061},{"$f":"IF(ISNA(INDEX(CTS!$S:$S,MATCH(E638,CTS!$E:$E,0))),\"\",(INDEX(CTS!$S:$S,MATCH(E638,CTS!$E:$E,0))))","v":167.64705882352942},{"$f":"IF(ISNA(INDEX(CTS!$T:$T,MATCH(E638,CTS!$E:$E,0))),\"\",(INDEX(CTS!$T:$T,MATCH(E638,CTS!$E:$E,0))))","v":1050},{"$f":"IF(ISNA(INDEX(CTS!$U:$U,MATCH(E638,CTS!$E:$E,0))),\"\",(INDEX(CTS!$U:$U,MATCH(E638,CTS!$E:$E,0))))","v":0},{"$f":"IF(ISNA(INDEX(CTS!$V:$V,MATCH(E638,CTS!$E:$E,0))),\"\",(INDEX(CTS!$V:$V,MATCH(E638,CTS!$E:$E,0))))","v":1050},{"$f":"IFERROR(INDEX(CTS!$A:$A,MATCH(E638,CTS!$E:$E,0)),\".\")","v":"P"},{"$f":"IFERROR(IFERROR(INDEX(#REF!,MATCH(E638,#REF!,0)),IFERROR(INDEX(#REF!,MATCH(E638,#REF!,0)),INDEX(#REF!,MATCH(E638,#REF!,0)) )),\".\")","v":"."},null,{"$f":"IFERROR(VLOOKUP(E638,#REF!,8,FALSE),IFERROR(VLOOKUP(E638,#REF!,8,FALSE),IFERROR(VLOOKUP(E638,#REF!,8,FALSE),\"\")))","v":""},".-."]
[634,{"$f":"IFERROR(DAY(CTR[[#This Row],[Date]]),\"\")","v":16},{"$f":"IFERROR(MONTH(CTR[[#This Row],[Date]]),\"\")","v":2},{"$f":"IF(ISNA(INDEX(CTS!C:C,MATCH(E639,CTS!$E:$E,0))),\"\",(INDEX(CTS!C:C,MATCH(E639,CTS!$E:$E,0))))","v":44243},"02-225",{"$f":"IF(ISNA(INDEX(CTS!$F:$F,MATCH(E639,CTS!$E:$E,0))),\"\",(INDEX(CTS!$F:$F,MATCH(E639,CTS!$E:$E,0))))","v":"CLIENT"},{"$f":"IF(ISNA(INDEX(CTS!$N:$N,MATCH(E639,CTS!$E:$E,0))),\"\",(INDEX(CTS!$N:$N,MATCH(E639,CTS!$E:$E,0))))","v":235.29411764705884},{"$f":"IF(ISNA(INDEX(CTS!$O:$O,MATCH(E639,CTS!$E:$E,0))),\"\",(INDEX(CTS!$O:$O,MATCH(E639,CTS!$E:$E,0))))","v":0},{"$f":"IF(ISNA(INDEX(CTS!$P:$P,MATCH(E639,CTS!$E:$E,0))),\"\",(INDEX(CTS!$P:$P,MATCH(E639,CTS!$E:$E,0))))","v":0},{"$f":"IF(ISNA(INDEX(CTS!$Q:$Q,MATCH(E639,CTS!$E:$E,0))),\"\",(INDEX(CTS!$Q:$Q,MATCH(E639,CTS!$E:$E,0))))","v":235.29411764705884},{"$f":"IF(ISNA(INDEX(CTS!$S:$S,MATCH(E639,CTS!$E:$E,0))),\"\",(INDEX(CTS!$S:$S,MATCH(E639,CTS!$E:$E,0))))","v":44.705882352941181},{"$f":"IF(ISNA(INDEX(CTS!$T:$T,MATCH(E639,CTS!$E:$E,0))),\"\",(INDEX(CTS!$T:$T,MATCH(E639,CTS!$E:$E,0))))","v":280},{"$f":"IF(ISNA(INDEX(CTS!$U:$U,MATCH(E639,CTS!$E:$E,0))),\"\",(INDEX(CTS!$U:$U,MATCH(E639,CTS!$E:$E,0))))","v":0},{"$f":"IF(ISNA(INDEX(CTS!$V:$V,MATCH(E639,CTS!$E:$E,0))),\"\",(INDEX(CTS!$V:$V,MATCH(E639,CTS!$E:$E,0))))","v":280},{"$f":"IFERROR(INDEX(CTS!$A:$A,MATCH(E639,CTS!$E:$E,0)),\".\")","v":"P"},{"$f":"IFERROR(IFERROR(INDEX(#REF!,MATCH(E639,#REF!,0)),IFERROR(INDEX(#REF!,MATCH(E639,#REF!,0)),INDEX(#REF!,MATCH(E639,#REF!,0)) )),\".\")","v":"."},null,{"$f":"IFERROR(VLOOKUP(E639,#REF!,8,FALSE),IFERROR(VLOOKUP(E639,#REF!,8,FALSE),IFERROR(VLOOKUP(E639,#REF!,8,FALSE),\"\")))","v":""},".-."]
[635,{"$f":"IFERROR(DAY(CTR[[#This Row],[Date]]),\"\")","v":16},{"$f":"IFERROR(MONTH(CTR[[#This Row],[Date]]),\"\")","v":2},{"$f":"IF(ISNA(INDEX(CTS!C:C,MATCH(E640,CTS!$E:$E,0))),\"\",(INDEX(CTS!C:C,MATCH(E640,CTS!$E:$E,0))))","v":44243},"02-226",{"$f":"IF(ISNA(INDEX(CTS!$F:$F,MATCH(E640,CTS!$E:$E,0))),\"\",(INDEX(CTS!$F:$F,MATCH(E640,CTS!$E:$E,0))))","v":"CLIENT"},{"$f":"IF(ISNA(INDEX(CTS!$N:$N,MATCH(E640,CTS!$E:$E,0))),\"\",(INDEX(CTS!$N:$N,MATCH(E640,CTS!$E:$E,0))))","v":191.59663865546219},{"$f":"IF(ISNA(INDEX(CTS!$O:$O,MATCH(E640,CTS!$E:$E,0))),\"\",(INDEX(CTS!$O:$O,MATCH(E640,CTS!$E:$E,0))))","v":0},{"$f":"IF(ISNA(INDEX(CTS!$P:$P,MATCH(E640,CTS!$E:$E,0))),\"\",(INDEX(CTS!$P:$P,MATCH(E640,CTS!$E:$E,0))))","v":0},{"$f":"IF(ISNA(INDEX(CTS!$Q:$Q,MATCH(E640,CTS!$E:$E,0))),\"\",(INDEX(CTS!$Q:$Q,MATCH(E640,CTS!$E:$E,0))))","v":191.59663865546219},{"$f":"IF(ISNA(INDEX(CTS!$S:$S,MATCH(E640,CTS!$E:$E,0))),\"\",(INDEX(CTS!$S:$S,MATCH(E640,CTS!$E:$E,0))))","v":36.403361344537814},{"$f":"IF(ISNA(INDEX(CTS!$T:$T,MATCH(E640,CTS!$E:$E,0))),\"\",(INDEX(CTS!$T:$T,MATCH(E640,CTS!$E:$E,0))))","v":228},{"$f":"IF(ISNA(INDEX(CTS!$U:$U,MATCH(E640,CTS!$E:$E,0))),\"\",(INDEX(CTS!$U:$U,MATCH(E640,CTS!$E:$E,0))))","v":0},{"$f":"IF(ISNA(INDEX(CTS!$V:$V,MATCH(E640,CTS!$E:$E,0))),\"\",(INDEX(CTS!$V:$V,MATCH(E640,CTS!$E:$E,0))))","v":228},{"$f":"IFERROR(INDEX(CTS!$A:$A,MATCH(E640,CTS!$E:$E,0)),\".\")","v":"P"},{"$f":"IFERROR(IFERROR(INDEX(#REF!,MATCH(E640,#REF!,0)),IFERROR(INDEX(#REF!,MATCH(E640,#REF!,0)),INDEX(#REF!,MATCH(E640,#REF!,0)) )),\".\")","v":"."},null,{"$f":"IFERROR(VLOOKUP(E640,#REF!,8,FALSE),IFERROR(VLOOKUP(E640,#REF!,8,FALSE),IFERROR(VLOOKUP(E640,#REF!,8,FALSE),\"\")))","v":""},".-."]
[636,{"$f":"IFERROR(DAY(CTR[[#This Row],[Date]]),\"\")","v":16},{"$f":"IFERROR(MONTH(CTR[[#This Row],[Date]]),\"\")","v":2},{"$f":"IF(ISNA(INDEX(CTS!C:C,MATCH(E641,CTS!$E:$E,0))),\"\",(INDEX(CTS!C:C,MATCH(E641,CTS!$E:$E,0))))","v":44243},"02-227",{"$f":"IF(ISNA(INDEX(CTS!$F:$F,MATCH(E641,CTS!$E:$E,0))),\"\",(INDEX(CTS!$F:$F,MATCH(E641,CTS!$E:$E,0))))","v":"MELECINTERNATIONAL"},{"$f":"IF(ISNA(INDEX(CTS!$N:$N,MATCH(E641,CTS!$E:$E,0))),\"\",(INDEX(CTS!$N:$N,MATCH(E641,CTS!$E:$E,0))))","v":196},{"$f":"IF(ISNA(INDEX(CTS!$O:$O,MATCH(E641,CTS!$E:$E,0))),\"\",(INDEX(CTS!$O:$O,MATCH(E641,CTS!$E:$E,0))))","v":0},{"$f":"IF(ISNA(INDEX(CTS!$P:$P,MATCH(E641,CTS!$E:$E,0))),\"\",(INDEX(CTS!$P:$P,MATCH(E641,CTS!$E:$E,0))))","v":0},{"$f":"IF(ISNA(INDEX(CTS!$Q:$Q,MATCH(E641,CTS!$E:$E,0))),\"\",(INDEX(CTS!$Q:$Q,MATCH(E641,CTS!$E:$E,0))))","v":196},{"$f":"IF(ISNA(INDEX(CTS!$S:$S,MATCH(E641,CTS!$E:$E,0))),\"\",(INDEX(CTS!$S:$S,MATCH(E641,CTS!$E:$E,0))))","v":37.24},{"$f":"IF(ISNA(INDEX(CTS!$T:$T,MATCH(E641,CTS!$E:$E,0))),\"\",(INDEX(CTS!$T:$T,MATCH(E641,CTS!$E:$E,0))))","v":233.24},{"$f":"IF(ISNA(INDEX(CTS!$U:$U,MATCH(E641,CTS!$E:$E,0))),\"\",(INDEX(CTS!$U:$U,MATCH(E641,CTS!$E:$E,0))))","v":0},{"$f":"IF(ISNA(INDEX(CTS!$V:$V,MATCH(E641,CTS!$E:$E,0))),\"\",(INDEX(CTS!$V:$V,MATCH(E641,CTS!$E:$E,0))))","v":233.24},{"$f":"IFERROR(INDEX(CTS!$A:$A,MATCH(E641,CTS!$E:$E,0)),\".\")","v":"C"},{"$f":"IFERROR(IFERROR(INDEX(#REF!,MATCH(E641,#REF!,0)),IFERROR(INDEX(#REF!,MATCH(E641,#REF!,0)),INDEX(#REF!,MATCH(E641,#REF!,0)) )),\".\")","v":"."},null,{"$f":"IFERROR(VLOOKUP(E641,#REF!,8,FALSE),IFERROR(VLOOKUP(E641,#REF!,8,FALSE),IFERROR(VLOOKUP(E641,#REF!,8,FALSE),\"\")))","v":""},{"$f":"IFERROR(TEXT(P641,\"mm\") & \"-\" & TEXT(P641,\"aaaa\"),\"\")","v":".-."}]
[637,{"$f":"IFERROR(DAY(CTR[[#This Row],[Date]]),\"\")","v":16},{"$f":"IFERROR(MONTH(CTR[[#This Row],[Date]]),\"\")","v":2},{"$f":"IF(ISNA(INDEX(CTS!C:C,MATCH(E642,CTS!$E:$E,0))),\"\",(INDEX(CTS!C:C,MATCH(E642,CTS!$E:$E,0))))","v":44243},"02-228",{"$f":"IF(ISNA(INDEX(CTS!$F:$F,MATCH(E642,CTS!$E:$E,0))),\"\",(INDEX(CTS!$F:$F,MATCH(E642,CTS!$E:$E,0))))","v":"CLIENT"},{"$f":"IF(ISNA(INDEX(CTS!$N:$N,MATCH(E642,CTS!$E:$E,0))),\"\",(INDEX(CTS!$N:$N,MATCH(E642,CTS!$E:$E,0))))","v":1810.0840336134454},{"$f":"IF(ISNA(INDEX(CTS!$O:$O,MATCH(E642,CTS!$E:$E,0))),\"\",(INDEX(CTS!$O:$O,MATCH(E642,CTS!$E:$E,0))))","v":7.1494893221912714E-2},{"$f":"IF(ISNA(INDEX(CTS!$P:$P,MATCH(E642,CTS!$E:$E,0))),\"\",(INDEX(CTS!$P:$P,MATCH(E642,CTS!$E:$E,0))))","v":129.41176470588235},{"$f":"IF(ISNA(INDEX(CTS!$Q:$Q,MATCH(E642,CTS!$E:$E,0))),\"\",(INDEX(CTS!$Q:$Q,MATCH(E642,CTS!$E:$E,0))))","v":1680.672268907563},{"$f":"IF(ISNA(INDEX(CTS!$S:$S,MATCH(E642,CTS!$E:$E,0))),\"\",(INDEX(CTS!$S:$S,MATCH(E642,CTS!$E:$E,0))))","v":319.32773109243698},{"$f":"IF(ISNA(INDEX(CTS!$T:$T,MATCH(E642,CTS!$E:$E,0))),\"\",(INDEX(CTS!$T:$T,MATCH(E642,CTS!$E:$E,0))))","v":2000},{"$f":"IF(ISNA(INDEX(CTS!$U:$U,MATCH(E642,CTS!$E:$E,0))),\"\",(INDEX(CTS!$U:$U,MATCH(E642,CTS!$E:$E,0))))","v":0},{"$f":"IF(ISNA(INDEX(CTS!$V:$V,MATCH(E642,CTS!$E:$E,0))),\"\",(INDEX(CTS!$V:$V,MATCH(E642,CTS!$E:$E,0))))","v":2000},{"$f":"IFERROR(INDEX(CTS!$A:$A,MATCH(E642,CTS!$E:$E,0)),\".\")","v":"P"},{"$f":"IFERROR(IFERROR(INDEX(#REF!,MATCH(E642,#REF!,0)),IFERROR(INDEX(#REF!,MATCH(E642,#REF!,0)),INDEX(#REF!,MATCH(E642,#REF!,0)) )),\".\")","v":"."},null,{"$f":"IFERROR(VLOOKUP(E642,#REF!,8,FALSE),IFERROR(VLOOKUP(E642,#REF!,8,FALSE),IFERROR(VLOOKUP(E642,#REF!,8,FALSE),\"\")))","v":""},".-."]
[638,{"$f":"IFERROR(DAY(CTR[[#This Row],[Date]]),\"\")","v":16},{"$f":"IFERROR(MONTH(CTR[[#This Row],[Date]]),\"\")","v":2},{"$f":"IF(ISNA(INDEX(CTS!C:C,MATCH(E643,CTS!$E:$E,0))),\"\",(INDEX(CTS!C:C,MATCH(E643,CTS!$E:$E,0))))","v":44243},"02-229",{"$f":"IF(ISNA(INDEX(CTS!$F:$F,MATCH(E643,CTS!$E:$E,0))),\"\",(INDEX(CTS!$F:$F,MATCH(E643,CTS!$E:$E,0))))","v":"CLIENT"},{"$f":"IF(ISNA(INDEX(CTS!$N:$N,MATCH(E643,CTS!$E:$E,0))),\"\",(INDEX(CTS!$N:$N,MATCH(E643,CTS!$E:$E,0))))","v":823.52941176470586},{"$f":"IF(ISNA(INDEX(CTS!$O:$O,MATCH(E643,CTS!$E:$E,0))),\"\",(INDEX(CTS!$O:$O,MATCH(E643,CTS!$E:$E,0))))","v":0},{"$f":"IF(ISNA(INDEX(CTS!$P:$P,MATCH(E643,CTS!$E:$E,0))),\"\",(INDEX(CTS!$P:$P,MATCH(E643,CTS!$E:$E,0))))","v":0},{"$f":"IF(ISNA(INDEX(CTS!$Q:$Q,MATCH(E643,CTS!$E:$E,0))),\"\",(INDEX(CTS!$Q:$Q,MATCH(E643,CTS!$E:$E,0))))","v":823.52941176470586},{"$f":"IF(ISNA(INDEX(CTS!$S:$S,MATCH(E643,CTS!$E:$E,0))),\"\",(INDEX(CTS!$S:$S,MATCH(E643,CTS!$E:$E,0))))","v":156.47058823529414},{"$f":"IF(ISNA(INDEX(CTS!$T:$T,MATCH(E643,CTS!$E:$E,0))),\"\",(INDEX(CTS!$T:$T,MATCH(E643,CTS!$E:$E,0))))","v":980},{"$f":"IF(ISNA(INDEX(CTS!$U:$U,MATCH(E643,CTS!$E:$E,0))),\"\",(INDEX(CTS!$U:$U,MATCH(E643,CTS!$E:$E,0))))","v":0},{"$f":"IF(ISNA(INDEX(CTS!$V:$V,MATCH(E643,CTS!$E:$E,0))),\"\",(INDEX(CTS!$V:$V,MATCH(E643,CTS!$E:$E,0))))","v":980},{"$f":"IFERROR(INDEX(CTS!$A:$A,MATCH(E643,CTS!$E:$E,0)),\".\")","v":"P"},{"$f":"IFERROR(IFERROR(INDEX(#REF!,MATCH(E643,#REF!,0)),IFERROR(INDEX(#REF!,MATCH(E643,#REF!,0)),INDEX(#REF!,MATCH(E643,#REF!,0)) )),\".\")","v":"."},null,{"$f":"IFERROR(VLOOKUP(E643,#REF!,8,FALSE),IFERROR(VLOOKUP(E643,#REF!,8,FALSE),IFERROR(VLOOKUP(E643,#REF!,8,FALSE),\"\")))","v":""},".-."]
[639,{"$f":"IFERROR(DAY(CTR[[#This Row],[Date]]),\"\")","v":16},{"$f":"IFERROR(MONTH(CTR[[#This Row],[Date]]),\"\")","v":2},{"$f":"IF(ISNA(INDEX(CTS!C:C,MATCH(E644,CTS!$E:$E,0))),\"\",(INDEX(CTS!C:C,MATCH(E644,CTS!$E:$E,0))))","v":44243},"02-230",{"$f":"IF(ISNA(INDEX(CTS!$F:$F,MATCH(E644,CTS!$E:$E,0))),\"\",(INDEX(CTS!$F:$F,MATCH(E644,CTS!$E:$E,0))))","v":"CLIENT"},{"$f":"IF(ISNA(INDEX(CTS!$N:$N,MATCH(E644,CTS!$E:$E,0))),\"\",(INDEX(CTS!$N:$N,MATCH(E644,CTS!$E:$E,0))))","v":2178.1512605042021},{"$f":"IF(ISNA(INDEX(CTS!$O:$O,MATCH(E644,CTS!$E:$E,0))),\"\",(INDEX(CTS!$O:$O,MATCH(E644,CTS!$E:$E,0))))","v":7.7160493827160479E-4},{"$f":"IF(ISNA(INDEX(CTS!$P:$P,MATCH(E644,CTS!$E:$E,0))),\"\",(INDEX(CTS!$P:$P,MATCH(E644,CTS!$E:$E,0))))","v":1.680672268907563},{"$f":"IF(ISNA(INDEX(CTS!$Q:$Q,MATCH(E644,CTS!$E:$E,0))),\"\",(INDEX(CTS!$Q:$Q,MATCH(E644,CTS!$E:$E,0))))","v":2176.4705882352946},{"$f":"IF(ISNA(INDEX(CTS!$S:$S,MATCH(E644,CTS!$E:$E,0))),\"\",(INDEX(CTS!$S:$S,MATCH(E644,CTS!$E:$E,0))))","v":413.52941176470597},{"$f":"IF(ISNA(INDEX(CTS!$T:$T,MATCH(E644,CTS!$E:$E,0))),\"\",(INDEX(CTS!$T:$T,MATCH(E644,CTS!$E:$E,0))))","v":2590.0000000000005},{"$f":"IF(ISNA(INDEX(CTS!$U:$U,MATCH(E644,CTS!$E:$E,0))),\"\",(INDEX(CTS!$U:$U,MATCH(E644,CTS!$E:$E,0))))","v":0},{"$f":"IF(ISNA(INDEX(CTS!$V:$V,MATCH(E644,CTS!$E:$E,0))),\"\",(INDEX(CTS!$V:$V,MATCH(E644,CTS!$E:$E,0))))","v":2590.0000000000005},{"$f":"IFERROR(INDEX(CTS!$A:$A,MATCH(E644,CTS!$E:$E,0)),\".\")","v":"P"},{"$f":"IFERROR(IFERROR(INDEX(#REF!,MATCH(E644,#REF!,0)),IFERROR(INDEX(#REF!,MATCH(E644,#REF!,0)),INDEX(#REF!,MATCH(E644,#REF!,0)) )),\".\")","v":"."},null,{"$f":"IFERROR(VLOOKUP(E644,#REF!,8,FALSE),IFERROR(VLOOKUP(E644,#REF!,8,FALSE),IFERROR(VLOOKUP(E644,#REF!,8,FALSE),\"\")))","v":""},".-."]
[640,{"$f":"IFERROR(DAY(CTR[[#This Row],[Date]]),\"\")","v":17},{"$f":"IFERROR(MONTH(CTR[[#This Row],[Date]]),\"\")","v":2},{"$f":"IF(ISNA(INDEX(CTS!C:C,MATCH(E645,CTS!$E:$E,0))),\"\",(INDEX(CTS!C:C,MATCH(E645,CTS!$E:$E,0))))","v":44244},"02-231",{"$f":"IF(ISNA(INDEX(CTS!$F:$F,MATCH(E645,CTS!$E:$E,0))),\"\",(INDEX(CTS!$F:$F,MATCH(E645,CTS!$E:$E,0))))","v":"CLIENT"},{"$f":"IF(ISNA(INDEX(CTS!$N:$N,MATCH(E645,CTS!$E:$E,0))),\"\",(INDEX(CTS!$N:$N,MATCH(E645,CTS!$E:$E,0))))","v":786.55462184873954},{"$f":"IF(ISNA(INDEX(CTS!$O:$O,MATCH(E645,CTS!$E:$E,0))),\"\",(INDEX(CTS!$O:$O,MATCH(E645,CTS!$E:$E,0))))","v":0},{"$f":"IF(ISNA(INDEX(CTS!$P:$P,MATCH(E645,CTS!$E:$E,0))),\"\",(INDEX(CTS!$P:$P,MATCH(E645,CTS!$E:$E,0))))","v":0},{"$f":"IF(ISNA(INDEX(CTS!$Q:$Q,MATCH(E645,CTS!$E:$E,0))),\"\",(INDEX(CTS!$Q:$Q,MATCH(E645,CTS!$E:$E,0))))","v":786.55462184873954},{"$f":"IF(ISNA(INDEX(CTS!$S:$S,MATCH(E645,CTS!$E:$E,0))),\"\",(INDEX(CTS!$S:$S,MATCH(E645,CTS!$E:$E,0))))","v":149.44537815126051},{"$f":"IF(ISNA(INDEX(CTS!$T:$T,MATCH(E645,CTS!$E:$E,0))),\"\",(INDEX(CTS!$T:$T,MATCH(E645,CTS!$E:$E,0))))","v":936},{"$f":"IF(ISNA(INDEX(CTS!$U:$U,MATCH(E645,CTS!$E:$E,0))),\"\",(INDEX(CTS!$U:$U,MATCH(E645,CTS!$E:$E,0))))","v":0},{"$f":"IF(ISNA(INDEX(CTS!$V:$V,MATCH(E645,CTS!$E:$E,0))),\"\",(INDEX(CTS!$V:$V,MATCH(E645,CTS!$E:$E,0))))","v":936},{"$f":"IFERROR(INDEX(CTS!$A:$A,MATCH(E645,CTS!$E:$E,0)),\".\")","v":"P"},{"$f":"IFERROR(IFERROR(INDEX(#REF!,MATCH(E645,#REF!,0)),IFERROR(INDEX(#REF!,MATCH(E645,#REF!,0)),INDEX(#REF!,MATCH(E645,#REF!,0)) )),\".\")","v":"."},null,{"$f":"IFERROR(VLOOKUP(E645,#REF!,8,FALSE),IFERROR(VLOOKUP(E645,#REF!,8,FALSE),IFERROR(VLOOKUP(E645,#REF!,8,FALSE),\"\")))","v":""},".-."]
[641,{"$f":"IFERROR(DAY(CTR[[#This Row],[Date]]),\"\")","v":17},{"$f":"IFERROR(MONTH(CTR[[#This Row],[Date]]),\"\")","v":2},{"$f":"IF(ISNA(INDEX(CTS!C:C,MATCH(E646,CTS!$E:$E,0))),\"\",(INDEX(CTS!C:C,MATCH(E646,CTS!$E:$E,0))))","v":44244},"02-232",{"$f":"IF(ISNA(INDEX(CTS!$F:$F,MATCH(E646,CTS!$E:$E,0))),\"\",(INDEX(CTS!$F:$F,MATCH(E646,CTS!$E:$E,0))))","v":"CLIENT"},{"$f":"IF(ISNA(INDEX(CTS!$N:$N,MATCH(E646,CTS!$E:$E,0))),\"\",(INDEX(CTS!$N:$N,MATCH(E646,CTS!$E:$E,0))))","v":226.89075630252103},{"$f":"IF(ISNA(INDEX(CTS!$O:$O,MATCH(E646,CTS!$E:$E,0))),\"\",(INDEX(CTS!$O:$O,MATCH(E646,CTS!$E:$E,0))))","v":0},{"$f":"IF(ISNA(INDEX(CTS!$P:$P,MATCH(E646,CTS!$E:$E,0))),\"\",(INDEX(CTS!$P:$P,MATCH(E646,CTS!$E:$E,0))))","v":0},{"$f":"IF(ISNA(INDEX(CTS!$Q:$Q,MATCH(E646,CTS!$E:$E,0))),\"\",(INDEX(CTS!$Q:$Q,MATCH(E646,CTS!$E:$E,0))))","v":226.89075630252103},{"$f":"IF(ISNA(INDEX(CTS!$S:$S,MATCH(E646,CTS!$E:$E,0))),\"\",(INDEX(CTS!$S:$S,MATCH(E646,CTS!$E:$E,0))))","v":43.109243697478995},{"$f":"IF(ISNA(INDEX(CTS!$T:$T,MATCH(E646,CTS!$E:$E,0))),\"\",(INDEX(CTS!$T:$T,MATCH(E646,CTS!$E:$E,0))))","v":270},{"$f":"IF(ISNA(INDEX(CTS!$U:$U,MATCH(E646,CTS!$E:$E,0))),\"\",(INDEX(CTS!$U:$U,MATCH(E646,CTS!$E:$E,0))))","v":0},{"$f":"IF(ISNA(INDEX(CTS!$V:$V,MATCH(E646,CTS!$E:$E,0))),\"\",(INDEX(CTS!$V:$V,MATCH(E646,CTS!$E:$E,0))))","v":270},{"$f":"IFERROR(INDEX(CTS!$A:$A,MATCH(E646,CTS!$E:$E,0)),\".\")","v":"P"},{"$f":"IFERROR(IFERROR(INDEX(#REF!,MATCH(E646,#REF!,0)),IFERROR(INDEX(#REF!,MATCH(E646,#REF!,0)),INDEX(#REF!,MATCH(E646,#REF!,0)) )),\".\")","v":"."},null,{"$f":"IFERROR(VLOOKUP(E646,#REF!,8,FALSE),IFERROR(VLOOKUP(E646,#REF!,8,FALSE),IFERROR(VLOOKUP(E646,#REF!,8,FALSE),\"\")))","v":""},".-."]
[642,{"$f":"IFERROR(DAY(CTR[[#This Row],[Date]]),\"\")","v":17},{"$f":"IFERROR(MONTH(CTR[[#This Row],[Date]]),\"\")","v":2},{"$f":"IF(ISNA(INDEX(CTS!C:C,MATCH(E647,CTS!$E:$E,0))),\"\",(INDEX(CTS!C:C,MATCH(E647,CTS!$E:$E,0))))","v":44244},"02-233",{"$f":"IF(ISNA(INDEX(CTS!$F:$F,MATCH(E647,CTS!$E:$E,0))),\"\",(INDEX(CTS!$F:$F,MATCH(E647,CTS!$E:$E,0))))","v":"CLIENT"},{"$f":"IF(ISNA(INDEX(CTS!$N:$N,MATCH(E647,CTS!$E:$E,0))),\"\",(INDEX(CTS!$N:$N,MATCH(E647,CTS!$E:$E,0))))","v":2521.0084033613448},{"$f":"IF(ISNA(INDEX(CTS!$O:$O,MATCH(E647,CTS!$E:$E,0))),\"\",(INDEX(CTS!$O:$O,MATCH(E647,CTS!$E:$E,0))))","v":0},{"$f":"IF(ISNA(INDEX(CTS!$P:$P,MATCH(E647,CTS!$E:$E,0))),\"\",(INDEX(CTS!$P:$P,MATCH(E647,CTS!$E:$E,0))))","v":0},{"$f":"IF(ISNA(INDEX(CTS!$Q:$Q,MATCH(E647,CTS!$E:$E,0))),\"\",(INDEX(CTS!$Q:$Q,MATCH(E647,CTS!$E:$E,0))))","v":2521.0084033613448},{"$f":"IF(ISNA(INDEX(CTS!$S:$S,MATCH(E647,CTS!$E:$E,0))),\"\",(INDEX(CTS!$S:$S,MATCH(E647,CTS!$E:$E,0))))","v":478.99159663865549},{"$f":"IF(ISNA(INDEX(CTS!$T:$T,MATCH(E647,CTS!$E:$E,0))),\"\",(INDEX(CTS!$T:$T,MATCH(E647,CTS!$E:$E,0))))","v":3000.0000000000005},{"$f":"IF(ISNA(INDEX(CTS!$U:$U,MATCH(E647,CTS!$E:$E,0))),\"\",(INDEX(CTS!$U:$U,MATCH(E647,CTS!$E:$E,0))))","v":0},{"$f":"IF(ISNA(INDEX(CTS!$V:$V,MATCH(E647,CTS!$E:$E,0))),\"\",(INDEX(CTS!$V:$V,MATCH(E647,CTS!$E:$E,0))))","v":3000.0000000000005},{"$f":"IFERROR(INDEX(CTS!$A:$A,MATCH(E647,CTS!$E:$E,0)),\".\")","v":"P"},{"$f":"IFERROR(IFERROR(INDEX(#REF!,MATCH(E647,#REF!,0)),IFERROR(INDEX(#REF!,MATCH(E647,#REF!,0)),INDEX(#REF!,MATCH(E647,#REF!,0)) )),\".\")","v":"."},null,{"$f":"IFERROR(VLOOKUP(E647,#REF!,8,FALSE),IFERROR(VLOOKUP(E647,#REF!,8,FALSE),IFERROR(VLOOKUP(E647,#REF!,8,FALSE),\"\")))","v":""},".-."]
[643,{"$f":"IFERROR(DAY(CTR[[#This Row],[Date]]),\"\")","v":17},{"$f":"IFERROR(MONTH(CTR[[#This Row],[Date]]),\"\")","v":2},{"$f":"IF(ISNA(INDEX(CTS!C:C,MATCH(E648,CTS!$E:$E,0))),\"\",(INDEX(CTS!C:C,MATCH(E648,CTS!$E:$E,0))))","v":44244},"02-234",{"$f":"IF(ISNA(INDEX(CTS!$F:$F,MATCH(E648,CTS!$E:$E,0))),\"\",(INDEX(CTS!$F:$F,MATCH(E648,CTS!$E:$E,0))))","v":"CLIENT"},{"$f":"IF(ISNA(INDEX(CTS!$N:$N,MATCH(E648,CTS!$E:$E,0))),\"\",(INDEX(CTS!$N:$N,MATCH(E648,CTS!$E:$E,0))))","v":6117.6470588239918},{"$f":"IF(ISNA(INDEX(CTS!$O:$O,MATCH(E648,CTS!$E:$E,0))),\"\",(INDEX(CTS!$O:$O,MATCH(E648,CTS!$E:$E,0))))","v":0.16442307692306449},{"$f":"IF(ISNA(INDEX(CTS!$P:$P,MATCH(E648,CTS!$E:$E,0))),\"\",(INDEX(CTS!$P:$P,MATCH(E648,CTS!$E:$E,0))))","v":1005.8823529411765},{"$f":"IF(ISNA(INDEX(CTS!$Q:$Q,MATCH(E648,CTS!$E:$E,0))),\"\",(INDEX(CTS!$Q:$Q,MATCH(E648,CTS!$E:$E,0))))","v":5111.7647058828152},{"$f":"IF(ISNA(INDEX(CTS!$S:$S,MATCH(E648,CTS!$E:$E,0))),\"\",(INDEX(CTS!$S:$S,MATCH(E648,CTS!$E:$E,0))))","v":971.23529411773507},{"$f":"IF(ISNA(INDEX(CTS!$T:$T,MATCH(E648,CTS!$E:$E,0))),\"\",(INDEX(CTS!$T:$T,MATCH(E648,CTS!$E:$E,0))))","v":6083.0000000005502},{"$f":"IF(ISNA(INDEX(CTS!$U:$U,MATCH(E648,CTS!$E:$E,0))),\"\",(INDEX(CTS!$U:$U,MATCH(E648,CTS!$E:$E,0))))","v":0},{"$f":"IF(ISNA(INDEX(CTS!$V:$V,MATCH(E648,CTS!$E:$E,0))),\"\",(INDEX(CTS!$V:$V,MATCH(E648,CTS!$E:$E,0))))","v":6083.0000000005502},{"$f":"IFERROR(INDEX(CTS!$A:$A,MATCH(E648,CTS!$E:$E,0)),\".\")","v":"P"},{"$f":"IFERROR(IFERROR(INDEX(#REF!,MATCH(E648,#REF!,0)),IFERROR(INDEX(#REF!,MATCH(E648,#REF!,0)),INDEX(#REF!,MATCH(E648,#REF!,0)) )),\".\")","v":"."},null,{"$f":"IFERROR(VLOOKUP(E648,#REF!,8,FALSE),IFERROR(VLOOKUP(E648,#REF!,8,FALSE),IFERROR(VLOOKUP(E648,#REF!,8,FALSE),\"\")))","v":""},".-."]
[644,{"$f":"IFERROR(DAY(CTR[[#This Row],[Date]]),\"\")","v":17},{"$f":"IFERROR(MONTH(CTR[[#This Row],[Date]]),\"\")","v":2},{"$f":"IF(ISNA(INDEX(CTS!C:C,MATCH(E649,CTS!$E:$E,0))),\"\",(INDEX(CTS!C:C,MATCH(E649,CTS!$E:$E,0))))","v":44244},"02-235",{"$f":"IF(ISNA(INDEX(CTS!$F:$F,MATCH(E649,CTS!$E:$E,0))),\"\",(INDEX(CTS!$F:$F,MATCH(E649,CTS!$E:$E,0))))","v":"CLIENT"},{"$f":"IF(ISNA(INDEX(CTS!$N:$N,MATCH(E649,CTS!$E:$E,0))),\"\",(INDEX(CTS!$N:$N,MATCH(E649,CTS!$E:$E,0))))","v":176.47058823529414},{"$f":"IF(ISNA(INDEX(CTS!$O:$O,MATCH(E649,CTS!$E:$E,0))),\"\",(INDEX(CTS!$O:$O,MATCH(E649,CTS!$E:$E,0))))","v":4.7619047619047616E-2},{"$f":"IF(ISNA(INDEX(CTS!$P:$P,MATCH(E649,CTS!$E:$E,0))),\"\",(INDEX(CTS!$P:$P,MATCH(E649,CTS!$E:$E,0))))","v":8.4033613445378155},{"$f":"IF(ISNA(INDEX(CTS!$Q:$Q,MATCH(E649,CTS!$E:$E,0))),\"\",(INDEX(CTS!$Q:$Q,MATCH(E649,CTS!$E:$E,0))))","v":168.06722689075633},{"$f":"IF(ISNA(INDEX(CTS!$S:$S,MATCH(E649,CTS!$E:$E,0))),\"\",(INDEX(CTS!$S:$S,MATCH(E649,CTS!$E:$E,0))))","v":31.932773109243701},{"$f":"IF(ISNA(INDEX(CTS!$T:$T,MATCH(E649,CTS!$E:$E,0))),\"\",(INDEX(CTS!$T:$T,MATCH(E649,CTS!$E:$E,0))))","v":200.00000000000003},{"$f":"IF(ISNA(INDEX(CTS!$U:$U,MATCH(E649,CTS!$E:$E,0))),\"\",(INDEX(CTS!$U:$U,MATCH(E649,CTS!$E:$E,0))))","v":0},{"$f":"IF(ISNA(INDEX(CTS!$V:$V,MATCH(E649,CTS!$E:$E,0))),\"\",(INDEX(CTS!$V:$V,MATCH(E649,CTS!$E:$E,0))))","v":200.00000000000003},{"$f":"IFERROR(INDEX(CTS!$A:$A,MATCH(E649,CTS!$E:$E,0)),\".\")","v":"P"},{"$f":"IFERROR(IFERROR(INDEX(#REF!,MATCH(E649,#REF!,0)),IFERROR(INDEX(#REF!,MATCH(E649,#REF!,0)),INDEX(#REF!,MATCH(E649,#REF!,0)) )),\".\")","v":"."},null,{"$f":"IFERROR(VLOOKUP(E649,#REF!,8,FALSE),IFERROR(VLOOKUP(E649,#REF!,8,FALSE),IFERROR(VLOOKUP(E649,#REF!,8,FALSE),\"\")))","v":""},".-."]
[645,{"$f":"IFERROR(DAY(CTR[[#This Row],[Date]]),\"\")","v":17},{"$f":"IFERROR(MONTH(CTR[[#This Row],[Date]]),\"\")","v":2},{"$f":"IF(ISNA(INDEX(CTS!C:C,MATCH(E650,CTS!$E:$E,0))),\"\",(INDEX(CTS!C:C,MATCH(E650,CTS!$E:$E,0))))","v":44244},"02-236",{"$f":"IF(ISNA(INDEX(CTS!$F:$F,MATCH(E650,CTS!$E:$E,0))),\"\",(INDEX(CTS!$F:$F,MATCH(E650,CTS!$E:$E,0))))","v":"CLIENT"},{"$f":"IF(ISNA(INDEX(CTS!$N:$N,MATCH(E650,CTS!$E:$E,0))),\"\",(INDEX(CTS!$N:$N,MATCH(E650,CTS!$E:$E,0))))","v":292.43697478991601},{"$f":"IF(ISNA(INDEX(CTS!$O:$O,MATCH(E650,CTS!$E:$E,0))),\"\",(INDEX(CTS!$O:$O,MATCH(E650,CTS!$E:$E,0))))","v":0},{"$f":"IF(ISNA(INDEX(CTS!$P:$P,MATCH(E650,CTS!$E:$E,0))),\"\",(INDEX(CTS!$P:$P,MATCH(E650,CTS!$E:$E,0))))","v":0},{"$f":"IF(ISNA(INDEX(CTS!$Q:$Q,MATCH(E650,CTS!$E:$E,0))),\"\",(INDEX(CTS!$Q:$Q,MATCH(E650,CTS!$E:$E,0))))","v":292.43697478991601},{"$f":"IF(ISNA(INDEX(CTS!$S:$S,MATCH(E650,CTS!$E:$E,0))),\"\",(INDEX(CTS!$S:$S,MATCH(E650,CTS!$E:$E,0))))","v":55.563025210084042},{"$f":"IF(ISNA(INDEX(CTS!$T:$T,MATCH(E650,CTS!$E:$E,0))),\"\",(INDEX(CTS!$T:$T,MATCH(E650,CTS!$E:$E,0))))","v":348.00000000000006},{"$f":"IF(ISNA(INDEX(CTS!$U:$U,MATCH(E650,CTS!$E:$E,0))),\"\",(INDEX(CTS!$U:$U,MATCH(E650,CTS!$E:$E,0))))","v":0},{"$f":"IF(ISNA(INDEX(CTS!$V:$V,MATCH(E650,CTS!$E:$E,0))),\"\",(INDEX(CTS!$V:$V,MATCH(E650,CTS!$E:$E,0))))","v":348.00000000000006},{"$f":"IFERROR(INDEX(CTS!$A:$A,MATCH(E650,CTS!$E:$E,0)),\".\")","v":"P"},{"$f":"IFERROR(IFERROR(INDEX(#REF!,MATCH(E650,#REF!,0)),IFERROR(INDEX(#REF!,MATCH(E650,#REF!,0)),INDEX(#REF!,MATCH(E650,#REF!,0)) )),\".\")","v":"."},null,{"$f":"IFERROR(VLOOKUP(E650,#REF!,8,FALSE),IFERROR(VLOOKUP(E650,#REF!,8,FALSE),IFERROR(VLOOKUP(E650,#REF!,8,FALSE),\"\")))","v":""},".-."]
[646,{"$f":"IFERROR(DAY(CTR[[#This Row],[Date]]),\"\")","v":17},{"$f":"IFERROR(MONTH(CTR[[#This Row],[Date]]),\"\")","v":2},{"$f":"IF(ISNA(INDEX(CTS!C:C,MATCH(E651,CTS!$E:$E,0))),\"\",(INDEX(CTS!C:C,MATCH(E651,CTS!$E:$E,0))))","v":44244},"02-237",{"$f":"IF(ISNA(INDEX(CTS!$F:$F,MATCH(E651,CTS!$E:$E,0))),\"\",(INDEX(CTS!$F:$F,MATCH(E651,CTS!$E:$E,0))))","v":"CLIENT"},{"$f":"IF(ISNA(INDEX(CTS!$N:$N,MATCH(E651,CTS!$E:$E,0))),\"\",(INDEX(CTS!$N:$N,MATCH(E651,CTS!$E:$E,0))))","v":1210.0840336134454},{"$f":"IF(ISNA(INDEX(CTS!$O:$O,MATCH(E651,CTS!$E:$E,0))),\"\",(INDEX(CTS!$O:$O,MATCH(E651,CTS!$E:$E,0))))","v":0.16666666666666669},{"$f":"IF(ISNA(INDEX(CTS!$P:$P,MATCH(E651,CTS!$E:$E,0))),\"\",(INDEX(CTS!$P:$P,MATCH(E651,CTS!$E:$E,0))))","v":201.68067226890759},{"$f":"IF(ISNA(INDEX(CTS!$Q:$Q,MATCH(E651,CTS!$E:$E,0))),\"\",(INDEX(CTS!$Q:$Q,MATCH(E651,CTS!$E:$E,0))))","v":1008.4033613445379},{"$f":"IF(ISNA(INDEX(CTS!$S:$S,MATCH(E651,CTS!$E:$E,0))),\"\",(INDEX(CTS!$S:$S,MATCH(E651,CTS!$E:$E,0))))","v":191.59663865546219},{"$f":"IF(ISNA(INDEX(CTS!$T:$T,MATCH(E651,CTS!$E:$E,0))),\"\",(INDEX(CTS!$T:$T,MATCH(E651,CTS!$E:$E,0))))","v":1200},{"$f":"IF(ISNA(INDEX(CTS!$U:$U,MATCH(E651,CTS!$E:$E,0))),\"\",(INDEX(CTS!$U:$U,MATCH(E651,CTS!$E:$E,0))))","v":0},{"$f":"IF(ISNA(INDEX(CTS!$V:$V,MATCH(E651,CTS!$E:$E,0))),\"\",(INDEX(CTS!$V:$V,MATCH(E651,CTS!$E:$E,0))))","v":1200},{"$f":"IFERROR(INDEX(CTS!$A:$A,MATCH(E651,CTS!$E:$E,0)),\".\")","v":"P"},{"$f":"IFERROR(IFERROR(INDEX(#REF!,MATCH(E651,#REF!,0)),IFERROR(INDEX(#REF!,MATCH(E651,#REF!,0)),INDEX(#REF!,MATCH(E651,#REF!,0)) )),\".\")","v":"."},null,{"$f":"IFERROR(VLOOKUP(E651,#REF!,8,FALSE),IFERROR(VLOOKUP(E651,#REF!,8,FALSE),IFERROR(VLOOKUP(E651,#REF!,8,FALSE),\"\")))","v":""},".-."]
[647,{"$f":"IFERROR(DAY(CTR[[#This Row],[Date]]),\"\")","v":17},{"$f":"IFERROR(MONTH(CTR[[#This Row],[Date]]),\"\")","v":2},{"$f":"IF(ISNA(INDEX(CTS!C:C,MATCH(E652,CTS!$E:$E,0))),\"\",(INDEX(CTS!C:C,MATCH(E652,CTS!$E:$E,0))))","v":44244},"02-238",{"$f":"IF(ISNA(INDEX(CTS!$F:$F,MATCH(E652,CTS!$E:$E,0))),\"\",(INDEX(CTS!$F:$F,MATCH(E652,CTS!$E:$E,0))))","v":"CLIENT"},{"$f":"IF(ISNA(INDEX(CTS!$N:$N,MATCH(E652,CTS!$E:$E,0))),\"\",(INDEX(CTS!$N:$N,MATCH(E652,CTS!$E:$E,0))))","v":50.420168067226896},{"$f":"IF(ISNA(INDEX(CTS!$O:$O,MATCH(E652,CTS!$E:$E,0))),\"\",(INDEX(CTS!$O:$O,MATCH(E652,CTS!$E:$E,0))))","v":0},{"$f":"IF(ISNA(INDEX(CTS!$P:$P,MATCH(E652,CTS!$E:$E,0))),\"\",(INDEX(CTS!$P:$P,MATCH(E652,CTS!$E:$E,0))))","v":0},{"$f":"IF(ISNA(INDEX(CTS!$Q:$Q,MATCH(E652,CTS!$E:$E,0))),\"\",(INDEX(CTS!$Q:$Q,MATCH(E652,CTS!$E:$E,0))))","v":50.420168067226896},{"$f":"IF(ISNA(INDEX(CTS!$S:$S,MATCH(E652,CTS!$E:$E,0))),\"\",(INDEX(CTS!$S:$S,MATCH(E652,CTS!$E:$E,0))))","v":9.5798319327731107},{"$f":"IF(ISNA(INDEX(CTS!$T:$T,MATCH(E652,CTS!$E:$E,0))),\"\",(INDEX(CTS!$T:$T,MATCH(E652,CTS!$E:$E,0))))","v":60.000000000000007},{"$f":"IF(ISNA(INDEX(CTS!$U:$U,MATCH(E652,CTS!$E:$E,0))),\"\",(INDEX(CTS!$U:$U,MATCH(E652,CTS!$E:$E,0))))","v":0},{"$f":"IF(ISNA(INDEX(CTS!$V:$V,MATCH(E652,CTS!$E:$E,0))),\"\",(INDEX(CTS!$V:$V,MATCH(E652,CTS!$E:$E,0))))","v":60.000000000000007},{"$f":"IFERROR(INDEX(CTS!$A:$A,MATCH(E652,CTS!$E:$E,0)),\".\")","v":"P"},{"$f":"IFERROR(IFERROR(INDEX(#REF!,MATCH(E652,#REF!,0)),IFERROR(INDEX(#REF!,MATCH(E652,#REF!,0)),INDEX(#REF!,MATCH(E652,#REF!,0)) )),\".\")","v":"."},null,{"$f":"IFERROR(VLOOKUP(E652,#REF!,8,FALSE),IFERROR(VLOOKUP(E652,#REF!,8,FALSE),IFERROR(VLOOKUP(E652,#REF!,8,FALSE),\"\")))","v":""},".-."]
[648,{"$f":"IFERROR(DAY(CTR[[#This Row],[Date]]),\"\")","v":17},{"$f":"IFERROR(MONTH(CTR[[#This Row],[Date]]),\"\")","v":2},{"$f":"IF(ISNA(INDEX(CTS!C:C,MATCH(E653,CTS!$E:$E,0))),\"\",(INDEX(CTS!C:C,MATCH(E653,CTS!$E:$E,0))))","v":44244},"02-239",{"$f":"IF(ISNA(INDEX(CTS!$F:$F,MATCH(E653,CTS!$E:$E,0))),\"\",(INDEX(CTS!$F:$F,MATCH(E653,CTS!$E:$E,0))))","v":"CLIENT"},{"$f":"IF(ISNA(INDEX(CTS!$N:$N,MATCH(E653,CTS!$E:$E,0))),\"\",(INDEX(CTS!$N:$N,MATCH(E653,CTS!$E:$E,0))))","v":900},{"$f":"IF(ISNA(INDEX(CTS!$O:$O,MATCH(E653,CTS!$E:$E,0))),\"\",(INDEX(CTS!$O:$O,MATCH(E653,CTS!$E:$E,0))))","v":0},{"$f":"IF(ISNA(INDEX(CTS!$P:$P,MATCH(E653,CTS!$E:$E,0))),\"\",(INDEX(CTS!$P:$P,MATCH(E653,CTS!$E:$E,0))))","v":0},{"$f":"IF(ISNA(INDEX(CTS!$Q:$Q,MATCH(E653,CTS!$E:$E,0))),\"\",(INDEX(CTS!$Q:$Q,MATCH(E653,CTS!$E:$E,0))))","v":900},{"$f":"IF(ISNA(INDEX(CTS!$S:$S,MATCH(E653,CTS!$E:$E,0))),\"\",(INDEX(CTS!$S:$S,MATCH(E653,CTS!$E:$E,0))))","v":171},{"$f":"IF(ISNA(INDEX(CTS!$T:$T,MATCH(E653,CTS!$E:$E,0))),\"\",(INDEX(CTS!$T:$T,MATCH(E653,CTS!$E:$E,0))))","v":1071},{"$f":"IF(ISNA(INDEX(CTS!$U:$U,MATCH(E653,CTS!$E:$E,0))),\"\",(INDEX(CTS!$U:$U,MATCH(E653,CTS!$E:$E,0))))","v":0},{"$f":"IF(ISNA(INDEX(CTS!$V:$V,MATCH(E653,CTS!$E:$E,0))),\"\",(INDEX(CTS!$V:$V,MATCH(E653,CTS!$E:$E,0))))","v":1071},{"$f":"IFERROR(INDEX(CTS!$A:$A,MATCH(E653,CTS!$E:$E,0)),\".\")","v":"P"},{"$f":"IFERROR(IFERROR(INDEX(#REF!,MATCH(E653,#REF!,0)),IFERROR(INDEX(#REF!,MATCH(E653,#REF!,0)),INDEX(#REF!,MATCH(E653,#REF!,0)) )),\".\")","v":"."},null,{"$f":"IFERROR(VLOOKUP(E653,#REF!,8,FALSE),IFERROR(VLOOKUP(E653,#REF!,8,FALSE),IFERROR(VLOOKUP(E653,#REF!,8,FALSE),\"\")))","v":""},".-."]
[649,{"$f":"IFERROR(DAY(CTR[[#This Row],[Date]]),\"\")","v":17},{"$f":"IFERROR(MONTH(CTR[[#This Row],[Date]]),\"\")","v":2},{"$f":"IF(ISNA(INDEX(CTS!C:C,MATCH(E654,CTS!$E:$E,0))),\"\",(INDEX(CTS!C:C,MATCH(E654,CTS!$E:$E,0))))","v":44244},"02-240",{"$f":"IF(ISNA(INDEX(CTS!$F:$F,MATCH(E654,CTS!$E:$E,0))),\"\",(INDEX(CTS!$F:$F,MATCH(E654,CTS!$E:$E,0))))","v":"CLIENT"},{"$f":"IF(ISNA(INDEX(CTS!$N:$N,MATCH(E654,CTS!$E:$E,0))),\"\",(INDEX(CTS!$N:$N,MATCH(E654,CTS!$E:$E,0))))","v":327.73109243697485},{"$f":"IF(ISNA(INDEX(CTS!$O:$O,MATCH(E654,CTS!$E:$E,0))),\"\",(INDEX(CTS!$O:$O,MATCH(E654,CTS!$E:$E,0))))","v":0},{"$f":"IF(ISNA(INDEX(CTS!$P:$P,MATCH(E654,CTS!$E:$E,0))),\"\",(INDEX(CTS!$P:$P,MATCH(E654,CTS!$E:$E,0))))","v":0},{"$f":"IF(ISNA(INDEX(CTS!$Q:$Q,MATCH(E654,CTS!$E:$E,0))),\"\",(INDEX(CTS!$Q:$Q,MATCH(E654,CTS!$E:$E,0))))","v":327.73109243697485},{"$f":"IF(ISNA(INDEX(CTS!$S:$S,MATCH(E654,CTS!$E:$E,0))),\"\",(INDEX(CTS!$S:$S,MATCH(E654,CTS!$E:$E,0))))","v":62.268907563025223},{"$f":"IF(ISNA(INDEX(CTS!$T:$T,MATCH(E654,CTS!$E:$E,0))),\"\",(INDEX(CTS!$T:$T,MATCH(E654,CTS!$E:$E,0))))","v":390.00000000000006},{"$f":"IF(ISNA(INDEX(CTS!$U:$U,MATCH(E654,CTS!$E:$E,0))),\"\",(INDEX(CTS!$U:$U,MATCH(E654,CTS!$E:$E,0))))","v":0},{"$f":"IF(ISNA(INDEX(CTS!$V:$V,MATCH(E654,CTS!$E:$E,0))),\"\",(INDEX(CTS!$V:$V,MATCH(E654,CTS!$E:$E,0))))","v":390.00000000000006},{"$f":"IFERROR(INDEX(CTS!$A:$A,MATCH(E654,CTS!$E:$E,0)),\".\")","v":"P"},{"$f":"IFERROR(IFERROR(INDEX(#REF!,MATCH(E654,#REF!,0)),IFERROR(INDEX(#REF!,MATCH(E654,#REF!,0)),INDEX(#REF!,MATCH(E654,#REF!,0)) )),\".\")","v":"."},null,{"$f":"IFERROR(VLOOKUP(E654,#REF!,8,FALSE),IFERROR(VLOOKUP(E654,#REF!,8,FALSE),IFERROR(VLOOKUP(E654,#REF!,8,FALSE),\"\")))","v":""},".-."]
[650,{"$f":"IFERROR(DAY(CTR[[#This Row],[Date]]),\"\")","v":17},{"$f":"IFERROR(MONTH(CTR[[#This Row],[Date]]),\"\")","v":2},{"$f":"IF(ISNA(INDEX(CTS!C:C,MATCH(E655,CTS!$E:$E,0))),\"\",(INDEX(CTS!C:C,MATCH(E655,CTS!$E:$E,0))))","v":44244},"02-241",{"$f":"IF(ISNA(INDEX(CTS!$F:$F,MATCH(E655,CTS!$E:$E,0))),\"\",(INDEX(CTS!$F:$F,MATCH(E655,CTS!$E:$E,0))))","v":"CLIENT"},{"$f":"IF(ISNA(INDEX(CTS!$N:$N,MATCH(E655,CTS!$E:$E,0))),\"\",(INDEX(CTS!$N:$N,MATCH(E655,CTS!$E:$E,0))))","v":436.97478991596643},{"$f":"IF(ISNA(INDEX(CTS!$O:$O,MATCH(E655,CTS!$E:$E,0))),\"\",(INDEX(CTS!$O:$O,MATCH(E655,CTS!$E:$E,0))))","v":0},{"$f":"IF(ISNA(INDEX(CTS!$P:$P,MATCH(E655,CTS!$E:$E,0))),\"\",(INDEX(CTS!$P:$P,MATCH(E655,CTS!$E:$E,0))))","v":0},{"$f":"IF(ISNA(INDEX(CTS!$Q:$Q,MATCH(E655,CTS!$E:$E,0))),\"\",(INDEX(CTS!$Q:$Q,MATCH(E655,CTS!$E:$E,0))))","v":436.97478991596643},{"$f":"IF(ISNA(INDEX(CTS!$S:$S,MATCH(E655,CTS!$E:$E,0))),\"\",(INDEX(CTS!$S:$S,MATCH(E655,CTS!$E:$E,0))))","v":83.025210084033617},{"$f":"IF(ISNA(INDEX(CTS!$T:$T,MATCH(E655,CTS!$E:$E,0))),\"\",(INDEX(CTS!$T:$T,MATCH(E655,CTS!$E:$E,0))))","v":520},{"$f":"IF(ISNA(INDEX(CTS!$U:$U,MATCH(E655,CTS!$E:$E,0))),\"\",(INDEX(CTS!$U:$U,MATCH(E655,CTS!$E:$E,0))))","v":0},{"$f":"IF(ISNA(INDEX(CTS!$V:$V,MATCH(E655,CTS!$E:$E,0))),\"\",(INDEX(CTS!$V:$V,MATCH(E655,CTS!$E:$E,0))))","v":520},{"$f":"IFERROR(INDEX(CTS!$A:$A,MATCH(E655,CTS!$E:$E,0)),\".\")","v":"P"},{"$f":"IFERROR(IFERROR(INDEX(#REF!,MATCH(E655,#REF!,0)),IFERROR(INDEX(#REF!,MATCH(E655,#REF!,0)),INDEX(#REF!,MATCH(E655,#REF!,0)) )),\".\")","v":"."},null,{"$f":"IFERROR(VLOOKUP(E655,#REF!,8,FALSE),IFERROR(VLOOKUP(E655,#REF!,8,FALSE),IFERROR(VLOOKUP(E655,#REF!,8,FALSE),\"\")))","v":""},".-."]
[651,{"$f":"IFERROR(DAY(CTR[[#This Row],[Date]]),\"\")","v":17},{"$f":"IFERROR(MONTH(CTR[[#This Row],[Date]]),\"\")","v":2},{"$f":"IF(ISNA(INDEX(CTS!C:C,MATCH(E656,CTS!$E:$E,0))),\"\",(INDEX(CTS!C:C,MATCH(E656,CTS!$E:$E,0))))","v":44244},"02-242",{"$f":"IF(ISNA(INDEX(CTS!$F:$F,MATCH(E656,CTS!$E:$E,0))),\"\",(INDEX(CTS!$F:$F,MATCH(E656,CTS!$E:$E,0))))","v":"CLIENT"},{"$f":"IF(ISNA(INDEX(CTS!$N:$N,MATCH(E656,CTS!$E:$E,0))),\"\",(INDEX(CTS!$N:$N,MATCH(E656,CTS!$E:$E,0))))","v":2168.0672268907565},{"$f":"IF(ISNA(INDEX(CTS!$O:$O,MATCH(E656,CTS!$E:$E,0))),\"\",(INDEX(CTS!$O:$O,MATCH(E656,CTS!$E:$E,0))))","v":0},{"$f":"IF(ISNA(INDEX(CTS!$P:$P,MATCH(E656,CTS!$E:$E,0))),\"\",(INDEX(CTS!$P:$P,MATCH(E656,CTS!$E:$E,0))))","v":0},{"$f":"IF(ISNA(INDEX(CTS!$Q:$Q,MATCH(E656,CTS!$E:$E,0))),\"\",(INDEX(CTS!$Q:$Q,MATCH(E656,CTS!$E:$E,0))))","v":2168.0672268907565},{"$f":"IF(ISNA(INDEX(CTS!$S:$S,MATCH(E656,CTS!$E:$E,0))),\"\",(INDEX(CTS!$S:$S,MATCH(E656,CTS!$E:$E,0))))","v":411.93277310924373},{"$f":"IF(ISNA(INDEX(CTS!$T:$T,MATCH(E656,CTS!$E:$E,0))),\"\",(INDEX(CTS!$T:$T,MATCH(E656,CTS!$E:$E,0))))","v":2580},{"$f":"IF(ISNA(INDEX(CTS!$U:$U,MATCH(E656,CTS!$E:$E,0))),\"\",(INDEX(CTS!$U:$U,MATCH(E656,CTS!$E:$E,0))))","v":0},{"$f":"IF(ISNA(INDEX(CTS!$V:$V,MATCH(E656,CTS!$E:$E,0))),\"\",(INDEX(CTS!$V:$V,MATCH(E656,CTS!$E:$E,0))))","v":2580},{"$f":"IFERROR(INDEX(CTS!$A:$A,MATCH(E656,CTS!$E:$E,0)),\".\")","v":"P"},{"$f":"IFERROR(IFERROR(INDEX(#REF!,MATCH(E656,#REF!,0)),IFERROR(INDEX(#REF!,MATCH(E656,#REF!,0)),INDEX(#REF!,MATCH(E656,#REF!,0)) )),\".\")","v":"."},null,{"$f":"IFERROR(VLOOKUP(E656,#REF!,8,FALSE),IFERROR(VLOOKUP(E656,#REF!,8,FALSE),IFERROR(VLOOKUP(E656,#REF!,8,FALSE),\"\")))","v":""},".-."]
[652,{"$f":"IFERROR(DAY(CTR[[#This Row],[Date]]),\"\")","v":17},{"$f":"IFERROR(MONTH(CTR[[#This Row],[Date]]),\"\")","v":2},{"$f":"IF(ISNA(INDEX(CTS!C:C,MATCH(E657,CTS!$E:$E,0))),\"\",(INDEX(CTS!C:C,MATCH(E657,CTS!$E:$E,0))))","v":44244},"02-243",{"$f":"IF(ISNA(INDEX(CTS!$F:$F,MATCH(E657,CTS!$E:$E,0))),\"\",(INDEX(CTS!$F:$F,MATCH(E657,CTS!$E:$E,0))))","v":"CLIENT"},{"$f":"IF(ISNA(INDEX(CTS!$N:$N,MATCH(E657,CTS!$E:$E,0))),\"\",(INDEX(CTS!$N:$N,MATCH(E657,CTS!$E:$E,0))))","v":1210.0840336134454},{"$f":"IF(ISNA(INDEX(CTS!$O:$O,MATCH(E657,CTS!$E:$E,0))),\"\",(INDEX(CTS!$O:$O,MATCH(E657,CTS!$E:$E,0))))","v":0.2013888888888889},{"$f":"IF(ISNA(INDEX(CTS!$P:$P,MATCH(E657,CTS!$E:$E,0))),\"\",(INDEX(CTS!$P:$P,MATCH(E657,CTS!$E:$E,0))))","v":243.69747899159665},{"$f":"IF(ISNA(INDEX(CTS!$Q:$Q,MATCH(E657,CTS!$E:$E,0))),\"\",(INDEX(CTS!$Q:$Q,MATCH(E657,CTS!$E:$E,0))))","v":966.38655462184875},{"$f":"IF(ISNA(INDEX(CTS!$S:$S,MATCH(E657,CTS!$E:$E,0))),\"\",(INDEX(CTS!$S:$S,MATCH(E657,CTS!$E:$E,0))))","v":183.61344537815125},{"$f":"IF(ISNA(INDEX(CTS!$T:$T,MATCH(E657,CTS!$E:$E,0))),\"\",(INDEX(CTS!$T:$T,MATCH(E657,CTS!$E:$E,0))))","v":1150},{"$f":"IF(ISNA(INDEX(CTS!$U:$U,MATCH(E657,CTS!$E:$E,0))),\"\",(INDEX(CTS!$U:$U,MATCH(E657,CTS!$E:$E,0))))","v":0},{"$f":"IF(ISNA(INDEX(CTS!$V:$V,MATCH(E657,CTS!$E:$E,0))),\"\",(INDEX(CTS!$V:$V,MATCH(E657,CTS!$E:$E,0))))","v":1150},{"$f":"IFERROR(INDEX(CTS!$A:$A,MATCH(E657,CTS!$E:$E,0)),\".\")","v":"P"},{"$f":"IFERROR(IFERROR(INDEX(#REF!,MATCH(E657,#REF!,0)),IFERROR(INDEX(#REF!,MATCH(E657,#REF!,0)),INDEX(#REF!,MATCH(E657,#REF!,0)) )),\".\")","v":"."},null,{"$f":"IFERROR(VLOOKUP(E657,#REF!,8,FALSE),IFERROR(VLOOKUP(E657,#REF!,8,FALSE),IFERROR(VLOOKUP(E657,#REF!,8,FALSE),\"\")))","v":""},".-."]
[653,{"$f":"IFERROR(DAY(CTR[[#This Row],[Date]]),\"\")","v":17},{"$f":"IFERROR(MONTH(CTR[[#This Row],[Date]]),\"\")","v":2},{"$f":"IF(ISNA(INDEX(CTS!C:C,MATCH(E658,CTS!$E:$E,0))),\"\",(INDEX(CTS!C:C,MATCH(E658,CTS!$E:$E,0))))","v":44244},"02-244",{"$f":"IF(ISNA(INDEX(CTS!$F:$F,MATCH(E658,CTS!$E:$E,0))),\"\",(INDEX(CTS!$F:$F,MATCH(E658,CTS!$E:$E,0))))","v":"CLIENT"},{"$f":"IF(ISNA(INDEX(CTS!$N:$N,MATCH(E658,CTS!$E:$E,0))),\"\",(INDEX(CTS!$N:$N,MATCH(E658,CTS!$E:$E,0))))","v":514.28571428571433},{"$f":"IF(ISNA(INDEX(CTS!$O:$O,MATCH(E658,CTS!$E:$E,0))),\"\",(INDEX(CTS!$O:$O,MATCH(E658,CTS!$E:$E,0))))","v":0},{"$f":"IF(ISNA(INDEX(CTS!$P:$P,MATCH(E658,CTS!$E:$E,0))),\"\",(INDEX(CTS!$P:$P,MATCH(E658,CTS!$E:$E,0))))","v":0},{"$f":"IF(ISNA(INDEX(CTS!$Q:$Q,MATCH(E658,CTS!$E:$E,0))),\"\",(INDEX(CTS!$Q:$Q,MATCH(E658,CTS!$E:$E,0))))","v":514.28571428571433},{"$f":"IF(ISNA(INDEX(CTS!$S:$S,MATCH(E658,CTS!$E:$E,0))),\"\",(INDEX(CTS!$S:$S,MATCH(E658,CTS!$E:$E,0))))","v":97.714285714285722},{"$f":"IF(ISNA(INDEX(CTS!$T:$T,MATCH(E658,CTS!$E:$E,0))),\"\",(INDEX(CTS!$T:$T,MATCH(E658,CTS!$E:$E,0))))","v":612},{"$f":"IF(ISNA(INDEX(CTS!$U:$U,MATCH(E658,CTS!$E:$E,0))),\"\",(INDEX(CTS!$U:$U,MATCH(E658,CTS!$E:$E,0))))","v":0},{"$f":"IF(ISNA(INDEX(CTS!$V:$V,MATCH(E658,CTS!$E:$E,0))),\"\",(INDEX(CTS!$V:$V,MATCH(E658,CTS!$E:$E,0))))","v":612},{"$f":"IFERROR(INDEX(CTS!$A:$A,MATCH(E658,CTS!$E:$E,0)),\".\")","v":"P"},{"$f":"IFERROR(IFERROR(INDEX(#REF!,MATCH(E658,#REF!,0)),IFERROR(INDEX(#REF!,MATCH(E658,#REF!,0)),INDEX(#REF!,MATCH(E658,#REF!,0)) )),\".\")","v":"."},null,{"$f":"IFERROR(VLOOKUP(E658,#REF!,8,FALSE),IFERROR(VLOOKUP(E658,#REF!,8,FALSE),IFERROR(VLOOKUP(E658,#REF!,8,FALSE),\"\")))","v":""},".-."]
[654,{"$f":"IFERROR(DAY(CTR[[#This Row],[Date]]),\"\")","v":17},{"$f":"IFERROR(MONTH(CTR[[#This Row],[Date]]),\"\")","v":2},{"$f":"IF(ISNA(INDEX(CTS!C:C,MATCH(E659,CTS!$E:$E,0))),\"\",(INDEX(CTS!C:C,MATCH(E659,CTS!$E:$E,0))))","v":44244},"02-245",{"$f":"IF(ISNA(INDEX(CTS!$F:$F,MATCH(E659,CTS!$E:$E,0))),\"\",(INDEX(CTS!$F:$F,MATCH(E659,CTS!$E:$E,0))))","v":"CLIENT"},{"$f":"IF(ISNA(INDEX(CTS!$N:$N,MATCH(E659,CTS!$E:$E,0))),\"\",(INDEX(CTS!$N:$N,MATCH(E659,CTS!$E:$E,0))))","v":302.52100840336135},{"$f":"IF(ISNA(INDEX(CTS!$O:$O,MATCH(E659,CTS!$E:$E,0))),\"\",(INDEX(CTS!$O:$O,MATCH(E659,CTS!$E:$E,0))))","v":0},{"$f":"IF(ISNA(INDEX(CTS!$P:$P,MATCH(E659,CTS!$E:$E,0))),\"\",(INDEX(CTS!$P:$P,MATCH(E659,CTS!$E:$E,0))))","v":0},{"$f":"IF(ISNA(INDEX(CTS!$Q:$Q,MATCH(E659,CTS!$E:$E,0))),\"\",(INDEX(CTS!$Q:$Q,MATCH(E659,CTS!$E:$E,0))))","v":302.52100840336135},{"$f":"IF(ISNA(INDEX(CTS!$S:$S,MATCH(E659,CTS!$E:$E,0))),\"\",(INDEX(CTS!$S:$S,MATCH(E659,CTS!$E:$E,0))))","v":57.478991596638657},{"$f":"IF(ISNA(INDEX(CTS!$T:$T,MATCH(E659,CTS!$E:$E,0))),\"\",(INDEX(CTS!$T:$T,MATCH(E659,CTS!$E:$E,0))))","v":360},{"$f":"IF(ISNA(INDEX(CTS!$U:$U,MATCH(E659,CTS!$E:$E,0))),\"\",(INDEX(CTS!$U:$U,MATCH(E659,CTS!$E:$E,0))))","v":0},{"$f":"IF(ISNA(INDEX(CTS!$V:$V,MATCH(E659,CTS!$E:$E,0))),\"\",(INDEX(CTS!$V:$V,MATCH(E659,CTS!$E:$E,0))))","v":360},{"$f":"IFERROR(INDEX(CTS!$A:$A,MATCH(E659,CTS!$E:$E,0)),\".\")","v":"P"},{"$f":"IFERROR(IFERROR(INDEX(#REF!,MATCH(E659,#REF!,0)),IFERROR(INDEX(#REF!,MATCH(E659,#REF!,0)),INDEX(#REF!,MATCH(E659,#REF!,0)) )),\".\")","v":"."},null,{"$f":"IFERROR(VLOOKUP(E659,#REF!,8,FALSE),IFERROR(VLOOKUP(E659,#REF!,8,FALSE),IFERROR(VLOOKUP(E659,#REF!,8,FALSE),\"\")))","v":""},".-."]
[655,{"$f":"IFERROR(DAY(CTR[[#This Row],[Date]]),\"\")","v":17},{"$f":"IFERROR(MONTH(CTR[[#This Row],[Date]]),\"\")","v":2},{"$f":"IF(ISNA(INDEX(CTS!C:C,MATCH(E660,CTS!$E:$E,0))),\"\",(INDEX(CTS!C:C,MATCH(E660,CTS!$E:$E,0))))","v":44244},"02-246",{"$f":"IF(ISNA(INDEX(CTS!$F:$F,MATCH(E660,CTS!$E:$E,0))),\"\",(INDEX(CTS!$F:$F,MATCH(E660,CTS!$E:$E,0))))","v":"CLIENT"},{"$f":"IF(ISNA(INDEX(CTS!$N:$N,MATCH(E660,CTS!$E:$E,0))),\"\",(INDEX(CTS!$N:$N,MATCH(E660,CTS!$E:$E,0))))","v":1680.6722689075632},{"$f":"IF(ISNA(INDEX(CTS!$O:$O,MATCH(E660,CTS!$E:$E,0))),\"\",(INDEX(CTS!$O:$O,MATCH(E660,CTS!$E:$E,0))))","v":0},{"$f":"IF(ISNA(INDEX(CTS!$P:$P,MATCH(E660,CTS!$E:$E,0))),\"\",(INDEX(CTS!$P:$P,MATCH(E660,CTS!$E:$E,0))))","v":0},{"$f":"IF(ISNA(INDEX(CTS!$Q:$Q,MATCH(E660,CTS!$E:$E,0))),\"\",(INDEX(CTS!$Q:$Q,MATCH(E660,CTS!$E:$E,0))))","v":1680.6722689075632},{"$f":"IF(ISNA(INDEX(CTS!$S:$S,MATCH(E660,CTS!$E:$E,0))),\"\",(INDEX(CTS!$S:$S,MATCH(E660,CTS!$E:$E,0))))","v":319.32773109243703},{"$f":"IF(ISNA(INDEX(CTS!$T:$T,MATCH(E660,CTS!$E:$E,0))),\"\",(INDEX(CTS!$T:$T,MATCH(E660,CTS!$E:$E,0))))","v":2000.0000000000002},{"$f":"IF(ISNA(INDEX(CTS!$U:$U,MATCH(E660,CTS!$E:$E,0))),\"\",(INDEX(CTS!$U:$U,MATCH(E660,CTS!$E:$E,0))))","v":0},{"$f":"IF(ISNA(INDEX(CTS!$V:$V,MATCH(E660,CTS!$E:$E,0))),\"\",(INDEX(CTS!$V:$V,MATCH(E660,CTS!$E:$E,0))))","v":2000.0000000000002},{"$f":"IFERROR(INDEX(CTS!$A:$A,MATCH(E660,CTS!$E:$E,0)),\".\")","v":"P"},{"$f":"IFERROR(IFERROR(INDEX(#REF!,MATCH(E660,#REF!,0)),IFERROR(INDEX(#REF!,MATCH(E660,#REF!,0)),INDEX(#REF!,MATCH(E660,#REF!,0)) )),\".\")","v":"."},null,{"$f":"IFERROR(VLOOKUP(E660,#REF!,8,FALSE),IFERROR(VLOOKUP(E660,#REF!,8,FALSE),IFERROR(VLOOKUP(E660,#REF!,8,FALSE),\"\")))","v":""},".-."]
[656,{"$f":"IFERROR(DAY(CTR[[#This Row],[Date]]),\"\")","v":17},{"$f":"IFERROR(MONTH(CTR[[#This Row],[Date]]),\"\")","v":2},{"$f":"IF(ISNA(INDEX(CTS!C:C,MATCH(E661,CTS!$E:$E,0))),\"\",(INDEX(CTS!C:C,MATCH(E661,CTS!$E:$E,0))))","v":44244},"02-247",{"$f":"IF(ISNA(INDEX(CTS!$F:$F,MATCH(E661,CTS!$E:$E,0))),\"\",(INDEX(CTS!$F:$F,MATCH(E661,CTS!$E:$E,0))))","v":"CLIENT"},{"$f":"IF(ISNA(INDEX(CTS!$N:$N,MATCH(E661,CTS!$E:$E,0))),\"\",(INDEX(CTS!$N:$N,MATCH(E661,CTS!$E:$E,0))))","v":953.78151260504205},{"$f":"IF(ISNA(INDEX(CTS!$O:$O,MATCH(E661,CTS!$E:$E,0))),\"\",(INDEX(CTS!$O:$O,MATCH(E661,CTS!$E:$E,0))))","v":7.9295154185022018E-2},{"$f":"IF(ISNA(INDEX(CTS!$P:$P,MATCH(E661,CTS!$E:$E,0))),\"\",(INDEX(CTS!$P:$P,MATCH(E661,CTS!$E:$E,0))))","v":75.630252100840337},{"$f":"IF(ISNA(INDEX(CTS!$Q:$Q,MATCH(E661,CTS!$E:$E,0))),\"\",(INDEX(CTS!$Q:$Q,MATCH(E661,CTS!$E:$E,0))))","v":878.15126050420167},{"$f":"IF(ISNA(INDEX(CTS!$S:$S,MATCH(E661,CTS!$E:$E,0))),\"\",(INDEX(CTS!$S:$S,MATCH(E661,CTS!$E:$E,0))))","v":166.84873949579833},{"$f":"IF(ISNA(INDEX(CTS!$T:$T,MATCH(E661,CTS!$E:$E,0))),\"\",(INDEX(CTS!$T:$T,MATCH(E661,CTS!$E:$E,0))))","v":1045},{"$f":"IF(ISNA(INDEX(CTS!$U:$U,MATCH(E661,CTS!$E:$E,0))),\"\",(INDEX(CTS!$U:$U,MATCH(E661,CTS!$E:$E,0))))","v":0},{"$f":"IF(ISNA(INDEX(CTS!$V:$V,MATCH(E661,CTS!$E:$E,0))),\"\",(INDEX(CTS!$V:$V,MATCH(E661,CTS!$E:$E,0))))","v":1045},{"$f":"IFERROR(INDEX(CTS!$A:$A,MATCH(E661,CTS!$E:$E,0)),\".\")","v":"P"},{"$f":"IFERROR(IFERROR(INDEX(#REF!,MATCH(E661,#REF!,0)),IFERROR(INDEX(#REF!,MATCH(E661,#REF!,0)),INDEX(#REF!,MATCH(E661,#REF!,0)) )),\".\")","v":"."},null,{"$f":"IFERROR(VLOOKUP(E661,#REF!,8,FALSE),IFERROR(VLOOKUP(E661,#REF!,8,FALSE),IFERROR(VLOOKUP(E661,#REF!,8,FALSE),\"\")))","v":""},".-."]
[657,{"$f":"IFERROR(DAY(CTR[[#This Row],[Date]]),\"\")","v":17},{"$f":"IFERROR(MONTH(CTR[[#This Row],[Date]]),\"\")","v":2},{"$f":"IF(ISNA(INDEX(CTS!C:C,MATCH(E662,CTS!$E:$E,0))),\"\",(INDEX(CTS!C:C,MATCH(E662,CTS!$E:$E,0))))","v":44244},"02-248",{"$f":"IF(ISNA(INDEX(CTS!$F:$F,MATCH(E662,CTS!$E:$E,0))),\"\",(INDEX(CTS!$F:$F,MATCH(E662,CTS!$E:$E,0))))","v":"CLIENT"},{"$f":"IF(ISNA(INDEX(CTS!$N:$N,MATCH(E662,CTS!$E:$E,0))),\"\",(INDEX(CTS!$N:$N,MATCH(E662,CTS!$E:$E,0))))","v":564.70588235294122},{"$f":"IF(ISNA(INDEX(CTS!$O:$O,MATCH(E662,CTS!$E:$E,0))),\"\",(INDEX(CTS!$O:$O,MATCH(E662,CTS!$E:$E,0))))","v":2.976190476190476E-3},{"$f":"IF(ISNA(INDEX(CTS!$P:$P,MATCH(E662,CTS!$E:$E,0))),\"\",(INDEX(CTS!$P:$P,MATCH(E662,CTS!$E:$E,0))))","v":1.680672268907563},{"$f":"IF(ISNA(INDEX(CTS!$Q:$Q,MATCH(E662,CTS!$E:$E,0))),\"\",(INDEX(CTS!$Q:$Q,MATCH(E662,CTS!$E:$E,0))))","v":563.02521008403369},{"$f":"IF(ISNA(INDEX(CTS!$S:$S,MATCH(E662,CTS!$E:$E,0))),\"\",(INDEX(CTS!$S:$S,MATCH(E662,CTS!$E:$E,0))))","v":106.9747899159664},{"$f":"IF(ISNA(INDEX(CTS!$T:$T,MATCH(E662,CTS!$E:$E,0))),\"\",(INDEX(CTS!$T:$T,MATCH(E662,CTS!$E:$E,0))))","v":670.00000000000011},{"$f":"IF(ISNA(INDEX(CTS!$U:$U,MATCH(E662,CTS!$E:$E,0))),\"\",(INDEX(CTS!$U:$U,MATCH(E662,CTS!$E:$E,0))))","v":0},{"$f":"IF(ISNA(INDEX(CTS!$V:$V,MATCH(E662,CTS!$E:$E,0))),\"\",(INDEX(CTS!$V:$V,MATCH(E662,CTS!$E:$E,0))))","v":670.00000000000011},{"$f":"IFERROR(INDEX(CTS!$A:$A,MATCH(E662,CTS!$E:$E,0)),\".\")","v":"P"},{"$f":"IFERROR(IFERROR(INDEX(#REF!,MATCH(E662,#REF!,0)),IFERROR(INDEX(#REF!,MATCH(E662,#REF!,0)),INDEX(#REF!,MATCH(E662,#REF!,0)) )),\".\")","v":"."},null,{"$f":"IFERROR(VLOOKUP(E662,#REF!,8,FALSE),IFERROR(VLOOKUP(E662,#REF!,8,FALSE),IFERROR(VLOOKUP(E662,#REF!,8,FALSE),\"\")))","v":""},".-."]
[658,{"$f":"IFERROR(DAY(CTR[[#This Row],[Date]]),\"\")","v":17},{"$f":"IFERROR(MONTH(CTR[[#This Row],[Date]]),\"\")","v":2},{"$f":"IF(ISNA(INDEX(CTS!C:C,MATCH(E663,CTS!$E:$E,0))),\"\",(INDEX(CTS!C:C,MATCH(E663,CTS!$E:$E,0))))","v":44244},"02-249",{"$f":"IF(ISNA(INDEX(CTS!$F:$F,MATCH(E663,CTS!$E:$E,0))),\"\",(INDEX(CTS!$F:$F,MATCH(E663,CTS!$E:$E,0))))","v":"CLIENT"},{"$f":"IF(ISNA(INDEX(CTS!$N:$N,MATCH(E663,CTS!$E:$E,0))),\"\",(INDEX(CTS!$N:$N,MATCH(E663,CTS!$E:$E,0))))","v":21.008403361344541},{"$f":"IF(ISNA(INDEX(CTS!$O:$O,MATCH(E663,CTS!$E:$E,0))),\"\",(INDEX(CTS!$O:$O,MATCH(E663,CTS!$E:$E,0))))","v":0},{"$f":"IF(ISNA(INDEX(CTS!$P:$P,MATCH(E663,CTS!$E:$E,0))),\"\",(INDEX(CTS!$P:$P,MATCH(E663,CTS!$E:$E,0))))","v":0},{"$f":"IF(ISNA(INDEX(CTS!$Q:$Q,MATCH(E663,CTS!$E:$E,0))),\"\",(INDEX(CTS!$Q:$Q,MATCH(E663,CTS!$E:$E,0))))","v":21.008403361344541},{"$f":"IF(ISNA(INDEX(CTS!$S:$S,MATCH(E663,CTS!$E:$E,0))),\"\",(INDEX(CTS!$S:$S,MATCH(E663,CTS!$E:$E,0))))","v":3.9915966386554627},{"$f":"IF(ISNA(INDEX(CTS!$T:$T,MATCH(E663,CTS!$E:$E,0))),\"\",(INDEX(CTS!$T:$T,MATCH(E663,CTS!$E:$E,0))))","v":25.000000000000004},{"$f":"IF(ISNA(INDEX(CTS!$U:$U,MATCH(E663,CTS!$E:$E,0))),\"\",(INDEX(CTS!$U:$U,MATCH(E663,CTS!$E:$E,0))))","v":0},{"$f":"IF(ISNA(INDEX(CTS!$V:$V,MATCH(E663,CTS!$E:$E,0))),\"\",(INDEX(CTS!$V:$V,MATCH(E663,CTS!$E:$E,0))))","v":25.000000000000004},{"$f":"IFERROR(INDEX(CTS!$A:$A,MATCH(E663,CTS!$E:$E,0)),\".\")","v":"P"},{"$f":"IFERROR(IFERROR(INDEX(#REF!,MATCH(E663,#REF!,0)),IFERROR(INDEX(#REF!,MATCH(E663,#REF!,0)),INDEX(#REF!,MATCH(E663,#REF!,0)) )),\".\")","v":"."},null,{"$f":"IFERROR(VLOOKUP(E663,#REF!,8,FALSE),IFERROR(VLOOKUP(E663,#REF!,8,FALSE),IFERROR(VLOOKUP(E663,#REF!,8,FALSE),\"\")))","v":""},".-."]
[659,{"$f":"IFERROR(DAY(CTR[[#This Row],[Date]]),\"\")","v":17},{"$f":"IFERROR(MONTH(CTR[[#This Row],[Date]]),\"\")","v":2},{"$f":"IF(ISNA(INDEX(CTS!C:C,MATCH(E664,CTS!$E:$E,0))),\"\",(INDEX(CTS!C:C,MATCH(E664,CTS!$E:$E,0))))","v":44244},"02-250",{"$f":"IF(ISNA(INDEX(CTS!$F:$F,MATCH(E664,CTS!$E:$E,0))),\"\",(INDEX(CTS!$F:$F,MATCH(E664,CTS!$E:$E,0))))","v":"CLIENT"},{"$f":"IF(ISNA(INDEX(CTS!$N:$N,MATCH(E664,CTS!$E:$E,0))),\"\",(INDEX(CTS!$N:$N,MATCH(E664,CTS!$E:$E,0))))","v":739.49579831932783},{"$f":"IF(ISNA(INDEX(CTS!$O:$O,MATCH(E664,CTS!$E:$E,0))),\"\",(INDEX(CTS!$O:$O,MATCH(E664,CTS!$E:$E,0))))","v":0},{"$f":"IF(ISNA(INDEX(CTS!$P:$P,MATCH(E664,CTS!$E:$E,0))),\"\",(INDEX(CTS!$P:$P,MATCH(E664,CTS!$E:$E,0))))","v":0},{"$f":"IF(ISNA(INDEX(CTS!$Q:$Q,MATCH(E664,CTS!$E:$E,0))),\"\",(INDEX(CTS!$Q:$Q,MATCH(E664,CTS!$E:$E,0))))","v":739.49579831932783},{"$f":"IF(ISNA(INDEX(CTS!$S:$S,MATCH(E664,CTS!$E:$E,0))),\"\",(INDEX(CTS!$S:$S,MATCH(E664,CTS!$E:$E,0))))","v":140.50420168067228},{"$f":"IF(ISNA(INDEX(CTS!$T:$T,MATCH(E664,CTS!$E:$E,0))),\"\",(INDEX(CTS!$T:$T,MATCH(E664,CTS!$E:$E,0))))","v":880.00000000000011},{"$f":"IF(ISNA(INDEX(CTS!$U:$U,MATCH(E664,CTS!$E:$E,0))),\"\",(INDEX(CTS!$U:$U,MATCH(E664,CTS!$E:$E,0))))","v":0},{"$f":"IF(ISNA(INDEX(CTS!$V:$V,MATCH(E664,CTS!$E:$E,0))),\"\",(INDEX(CTS!$V:$V,MATCH(E664,CTS!$E:$E,0))))","v":880.00000000000011},{"$f":"IFERROR(INDEX(CTS!$A:$A,MATCH(E664,CTS!$E:$E,0)),\".\")","v":"P"},{"$f":"IFERROR(IFERROR(INDEX(#REF!,MATCH(E664,#REF!,0)),IFERROR(INDEX(#REF!,MATCH(E664,#REF!,0)),INDEX(#REF!,MATCH(E664,#REF!,0)) )),\".\")","v":"."},null,{"$f":"IFERROR(VLOOKUP(E664,#REF!,8,FALSE),IFERROR(VLOOKUP(E664,#REF!,8,FALSE),IFERROR(VLOOKUP(E664,#REF!,8,FALSE),\"\")))","v":""},".-."]
[660,{"$f":"IFERROR(DAY(CTR[[#This Row],[Date]]),\"\")","v":17},{"$f":"IFERROR(MONTH(CTR[[#This Row],[Date]]),\"\")","v":2},{"$f":"IF(ISNA(INDEX(CTS!C:C,MATCH(E665,CTS!$E:$E,0))),\"\",(INDEX(CTS!C:C,MATCH(E665,CTS!$E:$E,0))))","v":44244},"02-251",{"$f":"IF(ISNA(INDEX(CTS!$F:$F,MATCH(E665,CTS!$E:$E,0))),\"\",(INDEX(CTS!$F:$F,MATCH(E665,CTS!$E:$E,0))))","v":"CLIENT"},{"$f":"IF(ISNA(INDEX(CTS!$N:$N,MATCH(E665,CTS!$E:$E,0))),\"\",(INDEX(CTS!$N:$N,MATCH(E665,CTS!$E:$E,0))))","v":50.420168067226896},{"$f":"IF(ISNA(INDEX(CTS!$O:$O,MATCH(E665,CTS!$E:$E,0))),\"\",(INDEX(CTS!$O:$O,MATCH(E665,CTS!$E:$E,0))))","v":0},{"$f":"IF(ISNA(INDEX(CTS!$P:$P,MATCH(E665,CTS!$E:$E,0))),\"\",(INDEX(CTS!$P:$P,MATCH(E665,CTS!$E:$E,0))))","v":0},{"$f":"IF(ISNA(INDEX(CTS!$Q:$Q,MATCH(E665,CTS!$E:$E,0))),\"\",(INDEX(CTS!$Q:$Q,MATCH(E665,CTS!$E:$E,0))))","v":50.420168067226896},{"$f":"IF(ISNA(INDEX(CTS!$S:$S,MATCH(E665,CTS!$E:$E,0))),\"\",(INDEX(CTS!$S:$S,MATCH(E665,CTS!$E:$E,0))))","v":9.5798319327731107},{"$f":"IF(ISNA(INDEX(CTS!$T:$T,MATCH(E665,CTS!$E:$E,0))),\"\",(INDEX(CTS!$T:$T,MATCH(E665,CTS!$E:$E,0))))","v":60.000000000000007},{"$f":"IF(ISNA(INDEX(CTS!$U:$U,MATCH(E665,CTS!$E:$E,0))),\"\",(INDEX(CTS!$U:$U,MATCH(E665,CTS!$E:$E,0))))","v":0},{"$f":"IF(ISNA(INDEX(CTS!$V:$V,MATCH(E665,CTS!$E:$E,0))),\"\",(INDEX(CTS!$V:$V,MATCH(E665,CTS!$E:$E,0))))","v":60.000000000000007},{"$f":"IFERROR(INDEX(CTS!$A:$A,MATCH(E665,CTS!$E:$E,0)),\".\")","v":"P"},{"$f":"IFERROR(IFERROR(INDEX(#REF!,MATCH(E665,#REF!,0)),IFERROR(INDEX(#REF!,MATCH(E665,#REF!,0)),INDEX(#REF!,MATCH(E665,#REF!,0)) )),\".\")","v":"."},null,{"$f":"IFERROR(VLOOKUP(E665,#REF!,8,FALSE),IFERROR(VLOOKUP(E665,#REF!,8,FALSE),IFERROR(VLOOKUP(E665,#REF!,8,FALSE),\"\")))","v":""},".-."]
[661,{"$f":"IFERROR(DAY(CTR[[#This Row],[Date]]),\"\")","v":18},{"$f":"IFERROR(MONTH(CTR[[#This Row],[Date]]),\"\")","v":2},{"$f":"IF(ISNA(INDEX(CTS!C:C,MATCH(E666,CTS!$E:$E,0))),\"\",(INDEX(CTS!C:C,MATCH(E666,CTS!$E:$E,0))))","v":44245},"02-252",{"$f":"IF(ISNA(INDEX(CTS!$F:$F,MATCH(E666,CTS!$E:$E,0))),\"\",(INDEX(CTS!$F:$F,MATCH(E666,CTS!$E:$E,0))))","v":"CLIENT"},{"$f":"IF(ISNA(INDEX(CTS!$N:$N,MATCH(E666,CTS!$E:$E,0))),\"\",(INDEX(CTS!$N:$N,MATCH(E666,CTS!$E:$E,0))))","v":1300.840336134454},{"$f":"IF(ISNA(INDEX(CTS!$O:$O,MATCH(E666,CTS!$E:$E,0))),\"\",(INDEX(CTS!$O:$O,MATCH(E666,CTS!$E:$E,0))))","v":0.1},{"$f":"IF(ISNA(INDEX(CTS!$P:$P,MATCH(E666,CTS!$E:$E,0))),\"\",(INDEX(CTS!$P:$P,MATCH(E666,CTS!$E:$E,0))))","v":130.0840336134454},{"$f":"IF(ISNA(INDEX(CTS!$Q:$Q,MATCH(E666,CTS!$E:$E,0))),\"\",(INDEX(CTS!$Q:$Q,MATCH(E666,CTS!$E:$E,0))))","v":1170.7563025210086},{"$f":"IF(ISNA(INDEX(CTS!$S:$S,MATCH(E666,CTS!$E:$E,0))),\"\",(INDEX(CTS!$S:$S,MATCH(E666,CTS!$E:$E,0))))","v":222.44369747899162},{"$f":"IF(ISNA(INDEX(CTS!$T:$T,MATCH(E666,CTS!$E:$E,0))),\"\",(INDEX(CTS!$T:$T,MATCH(E666,CTS!$E:$E,0))))","v":1393.2000000000003},{"$f":"IF(ISNA(INDEX(CTS!$U:$U,MATCH(E666,CTS!$E:$E,0))),\"\",(INDEX(CTS!$U:$U,MATCH(E666,CTS!$E:$E,0))))","v":0},{"$f":"IF(ISNA(INDEX(CTS!$V:$V,MATCH(E666,CTS!$E:$E,0))),\"\",(INDEX(CTS!$V:$V,MATCH(E666,CTS!$E:$E,0))))","v":1393.2000000000003},{"$f":"IFERROR(INDEX(CTS!$A:$A,MATCH(E666,CTS!$E:$E,0)),\".\")","v":"P"},{"$f":"IFERROR(IFERROR(INDEX(#REF!,MATCH(E666,#REF!,0)),IFERROR(INDEX(#REF!,MATCH(E666,#REF!,0)),INDEX(#REF!,MATCH(E666,#REF!,0)) )),\".\")","v":"."},null,{"$f":"IFERROR(VLOOKUP(E666,#REF!,8,FALSE),IFERROR(VLOOKUP(E666,#REF!,8,FALSE),IFERROR(VLOOKUP(E666,#REF!,8,FALSE),\"\")))","v":""},".-."]
[662,{"$f":"IFERROR(DAY(CTR[[#This Row],[Date]]),\"\")","v":18},{"$f":"IFERROR(MONTH(CTR[[#This Row],[Date]]),\"\")","v":2},{"$f":"IF(ISNA(INDEX(CTS!C:C,MATCH(E667,CTS!$E:$E,0))),\"\",(INDEX(CTS!C:C,MATCH(E667,CTS!$E:$E,0))))","v":44245},"02-253",{"$f":"IF(ISNA(INDEX(CTS!$F:$F,MATCH(E667,CTS!$E:$E,0))),\"\",(INDEX(CTS!$F:$F,MATCH(E667,CTS!$E:$E,0))))","v":"CLIENT"},{"$f":"IF(ISNA(INDEX(CTS!$N:$N,MATCH(E667,CTS!$E:$E,0))),\"\",(INDEX(CTS!$N:$N,MATCH(E667,CTS!$E:$E,0))))","v":873.94957983193274},{"$f":"IF(ISNA(INDEX(CTS!$O:$O,MATCH(E667,CTS!$E:$E,0))),\"\",(INDEX(CTS!$O:$O,MATCH(E667,CTS!$E:$E,0))))","v":2.8846153846153851E-2},{"$f":"IF(ISNA(INDEX(CTS!$P:$P,MATCH(E667,CTS!$E:$E,0))),\"\",(INDEX(CTS!$P:$P,MATCH(E667,CTS!$E:$E,0))))","v":25.210084033613448},{"$f":"IF(ISNA(INDEX(CTS!$Q:$Q,MATCH(E667,CTS!$E:$E,0))),\"\",(INDEX(CTS!$Q:$Q,MATCH(E667,CTS!$E:$E,0))))","v":848.73949579831924},{"$f":"IF(ISNA(INDEX(CTS!$S:$S,MATCH(E667,CTS!$E:$E,0))),\"\",(INDEX(CTS!$S:$S,MATCH(E667,CTS!$E:$E,0))))","v":161.26050420168067},{"$f":"IF(ISNA(INDEX(CTS!